{"text_format":"1","workbook":"xlsx","n_sheets":14,"sheets":["MENU","DADOS","NOVO","BDI","ORÇAMENTO","CÁLCULO","EVENTOS","CRONO","CRONOPLE","PLE","QCI","BM","RRE","OFÍCIO"],"not_rendered":{"charts":0,"images":2,"macros":1,"external_links":0,"defined_names":291,"comments":7,"pivot_tables":0},"unopened":[],"bounds":{"document_bytes":16777216,"sheet_cells":100000,"rows_first":2000,"rows_last":500,"rows_between":2000,"halvings":0,"cell_chars":16384,"cell_head_chars":4096},"cells_cut":0,"cells_raw":0,"read":"whole","date_system":"1900"}

{"sheet":"MENU","index":0,"n_rows":24,"n_cols":15,"rows_kept":24,"cut":false,"hidden":false,"merged":[[19,1,19,7],[7,1,7,7],[1,4,2,6],[15,1,15,7]]}
[null,null,null,null,null,null,null,null,null,"PM"]
[null,null,null,null,{"$f":"CHOOSE(MATCH(Objeto,{\"PM\",\"PO\"}),\"PLANILHA MÚLTIPLA \",\"PLANILHA ORÇAMENTÁRIA \")& Versao","v":"PLANILHA MÚLTIPLA v3.0.6"},null,null,null,null,"v3.0.6"]
[null,null,null,null,null,null,null,null,null,null,null,null,null,null,1]
[null,null,null,null,null,null,null,null,null,null,null,null,null,null,1]
[null,null,null,null,null,null,null,null,null,"Proposto"]
[null,null,null,null,"DADOS DO CONTRATO",null,"NOVIDADES DA VERSÃO",null,null,"Licitado"]
[null,null,null,null,null,null,null,null,null,"PLE"]
[null,{"$f":"IF($O$3<>2,\"DOCUMENTAÇÃO DA PROPOSTA\",\"PROPOSTA: Para visualizar/preencher esta seção, altere o TIPO DE ORÇAMENTO para 'Proposto'\")","v":"DOCUMENTAÇÃO DA PROPOSTA"},null,null,null,null,null,null,null,"BM",null,"LEGENDA:"]
[null,null,null,null,null,null,null,null,null,null,null,"Cores das células:"]
[null,null,{"$f":"IF(TIPOORCAMENTO<>\"Proposto\",\"\",\"                    BDI                    \")","v":"                    BDI                    "},null,{"$f":"IF(TIPOORCAMENTO<>\"Proposto\",\"\",\"             ORÇAMENTO             \")","v":"             ORÇAMENTO             "},null,{"$f":"IF(TIPOORCAMENTO<>\"Proposto\",\"\",\"MEMÓRIA DE CÁLCULO / PLQ\")","v":"MEMÓRIA DE CÁLCULO / PLQ"},null,null,null,null,null,null,"Fundo amarelo: células para preencher"]
[]
[null,null,{"$f":"IF(TIPOORCAMENTO<>\"Proposto\",\"\",\"                    QCI                    \")","v":"                    QCI                    "},null,{"$f":"IF(TIPOORCAMENTO<>\"Proposto\",\"\",\"CRONOGRAMA FÍSICO-FINANCEIRO\")","v":"CRONOGRAMA FÍSICO-FINANCEIRO"},null,null,null,null,null,null,null,null,"Fundo azul: células para seleção de opções"]
[]
[null,null,{"$f":"IF(TIPOORCAMENTO<>\"Proposto\",\"\",\"Obs: Composições e Cotações devem ser preenchidas diretamente no arquivo Referência \"&IF(ISBLANK(Import.DataBase),\"mm-aaaa\",TEXT(Import.DataBase,\"mm-aaaa\"))&\".xlsm.\")","v":"Obs: Composições e Cotações devem ser preenchidas diretamente no arquivo Referência 10-2024.xlsm."}]
[null,null,null,null,null,null,null,null,null,null,null,"Cores dos botões:"]
[null,{"$f":"IF($O$3<>2,\"PÓS-LICITADO: Para visualizar/preencher esta seção, altere o TIPO DE ORÇAMENTO para 'Licitado'\",\"RESULTADO DO PROCESSO LICITATÓRIO\")","v":"PÓS-LICITADO: Para visualizar/preencher esta seção, altere o TIPO DE ORÇAMENTO para 'Licitado'"},null,null,null,null,null,null,null,null,null,null,null,"Fundo azul: navegação entre abas"]
[]
[null,null,{"$f":"IF(TIPOORCAMENTO<>\"Licitado\",\"\",\"             ORÇAMENTO             \")","v":""},null,{"$f":"IF(TIPOORCAMENTO<>\"Licitado\",\"\",\"                    QCI                    \")","v":""},null,{"$f":"IF(TIPOORCAMENTO<>\"Licitado\",\"\",\"CRONOGRAMA FÍSICO-FINANCEIRO\")","v":""},null,null,null,null,null,null,"Fundo laranja: execução de macro"]
[]
[null,{"$f":"IF($O$3<>2,\"ACOMPANHAMENTO: Para visualizar/preencher esta seção, altere o TIPO DE ORÇAMENTO para 'Licitado'\",\"ACOMPANHAMENTO DO EMPREENDIMENTO\")","v":"ACOMPANHAMENTO: Para visualizar/preencher esta seção, altere o TIPO DE ORÇAMENTO para 'Licitado'"}]
[]
[null,null,{"$f":"IF(OR(TIPOORCAMENTO<>\"Licitado\",ACOMPANHAMENTO<>\"PLE\"),\"\",\"PLAN. DE LEVANT. DE EVENTOS - PLE\")","v":""},null,{"$f":"IF(TIPOORCAMENTO<>\"Licitado\",\"\",\"                    RRE                    \")","v":""},null,{"$f":"IF(OR(TIPOORCAMENTO<>\"Licitado\",ACOMPANHAMENTO<>\"BM\"),\"\",\"  BOLETIM DE MEDIÇÃO - BM  \")","v":""}]
[]
[null,null,null,null,{"$f":"IF(TIPOORCAMENTO<>\"Licitado\",\"\",\"OF. DE SOLICITAÇÃO DE DESBLOQUEIO\")","v":""}]

{"sheet":"DADOS","index":1,"n_rows":61,"n_cols":44,"rows_kept":61,"cut":false,"hidden":false,"merged":[[49,4,49,5],[58,4,58,5],[0,11,0,43],[2,4,2,5],[14,4,14,5],[20,4,20,5],[26,4,26,5],[34,4,34,5],[45,4,45,5]]}
[null,null,null,null,"A. DOCUMENTAÇÃO DA PROPOSTA",null,null,null,null,null,null,"Sub-Itens de Investimento"]
[null,null,null,null,null,null,null,null,null,"Itens de Investimento","Unidades habitacionais",{"$f":"COUNTA(K:K)-1","v":3},"Equipamentos comunitários",{"$f":"COUNTA(M:M)-1","v":6},"Pavimentação",{"$f":"COUNTA(O:O)-1","v":6},"Drenagem ",{"$f":"COUNTA(Q:Q)-1","v":6},"Abastecimento de água",{"$f":"COUNTA(S:S)-1","v":11},"Esgotamento sanitário",{"$f":"COUNTA(U:U)-1","v":8},"Energia elétrica e iluminação pública",{"$f":"COUNTA(W:W)-1","v":4},"Coleta e tratamento de resíduos sólidos",{"$f":"COUNTA(Y:Y)-1","v":6},"Contenção e estabilização de encostas ",{"$f":"COUNTA(AA:AA)-1","v":2},"Regularização fundiária",{"$f":"COUNTA(AC:AC)-1","v":2},"Aquisição de terreno",{"$f":"COUNTA(AE:AE)-1","v":2},"Aquisição de equipamentos e insumos",{"$f":"COUNTA(AG:AG)-1","v":1},"Elaboração de estudos e projetos",{"$f":"COUNTA(AI:AI)-1","v":1},"Instrumentos e ações em planejamento e gestão pública",{"$f":"COUNTA(AK:AK)-1","v":1},"Ações complementares às obras",{"$f":"COUNTA(AM:AM)-1","v":3},"Gerenciamento",{"$f":"COUNTA(AO:AO)-1","v":1},"Trabalho social",{"$f":"COUNTA(AQ:AQ)-1","v":4}]
[null,null,null,null,"Dados do Contrato (Inicial)",null,null,null,null,"Unidades habitacionais","Aquisição","un","Convivência comunitária, assistência social e/ou comunitária","m²","Capeamento de vias","m²","Obras de microdrenagem ","m","Captação subterrânea","m³/s","Ligações domiciliares e/ou intradomiciliares","un","Iluminação pública - luminárias","un","Acondicionamento ","un","Estabilização de taludes","m²","Desapropriacões/Indenizações","m²","Aquisição de terreno","m²","Aquisição de equipamentos e insumos","un","Elaboração de estudos e projetos","un","Instrumentos e ações em planejamento e gestão pública","un","Avaliação pós intervenção","un","Gerenciamento","%CT","Projeto de Trabalho Social Preliminar","nº fam"]
[null,null,null,null,"Fonte de recursos:","(SELECIONAR)",null,null,null,"Equipamentos comunitários","Construção","un","Educação e cultura","m²","Recapeamento de vias","m²","Desassoreamento de cursos de água","m","Captação superficial","m³/s","Rede coletora e/ou condominial","m","Ligações domiciliares","un","Aterro sanitário e/ou disposição final","m³","Obras complementares a ações de redução de risco e/ou contenções","m²","Projeto de Regularização Fundiária","m²","Benfeitorias","m²",null,null,null,null,null,null,"Demolições","un",null,null,"Projeto de Trabalho Social","nº fam"]
[null,null,null,null,"Proponente/Tomador:",null,null,null,null,"Pavimentação","Reforma e/ou melhoria","un","Esportes","m²","Obras de artes especiais","m","Canalização de cursos de água","m","Estação de bombeamento de água bruta","m³/s","Coletor tronco e/ou interceptores","m","Linhas de distribuição - baixa tensão ","m","Erradicação de lixões","m³",null,null,null,null,null,null,null,null,null,null,null,null,"Plano de Reassentamento e medidas compensatórias","un",null,null,"Plano de Desenvolvimento Socioterritorial","nº fam"]
[null,null,null,null,"Município/UF:","TENENTE PORTELA",null,null,null,"Drenagem ",null,null,"Lazer e turismo","m²","Pavimentação de calçadas","m²","Recomposição de vegetação ciliar, renaturalização de cursos de água ou restauração de margens","m²","Adução","m","Emissário","m","Linhas de transmissão - alta tensão ","m","Sistema de coleta seletiva tradicional, transporte e/ou equipamentos","un",null,null,null,null,null,null,null,null,null,null,null,null,null,null,null,null,"Plano de Gestão Condominial","nº fam"]
[null,null,null,null,"Nº da Operação (0000000-00):",null,null,null,null,"Abastecimento de água",null,null,"Saúde","m²","Pavimentação de vias","m²","Reservatório de amortecimento de cheias","m³","Estação de Tratamento de Água (ETA)","m³/s","Estação Elevatória","m³/s",null,null,"Tratamento local ","un"]
[null,null,null,null,"Nº do TransfereGOV (000000):",null,null,null,null,"Esgotamento sanitário",null,null,"Segurança pública","m²","Sinalização","m²","Estação de Bombeamento","m³/s","Estação de bombeamento de água tratada","m³/s","Estação de Tratamento de Esgoto (ETE)","m³/s",null,null,"Usinas de reciclagem ","m²"]
[null,null,null,null,{"$f":"IF(F4=\"FGTS\",\"Valor de Financiamento Contratado (R$):\",\"Valor do Repasse Contratado (R$):\")","v":"Valor do Repasse Contratado (R$):"},null,null,null,null,"Energia elétrica e iluminação pública",null,null,null,null,null,null,null,null,"Linha de recalque","m","Sistema simplificado de tratamento","m³/s"]
[null,null,null,null,"Valor de Contrapartida Contratada (R$):",null,null,null,null,"Coleta e tratamento de resíduos sólidos",null,null,null,null,null,null,null,null,"Reservação","m³","Unidades sanitárias","un"]
[null,null,null,null,"% mínimo de Contrapartida:",null,null,null,null,"Contenção e estabilização de encostas ",null,null,null,null,null,null,null,null,"Rede de distribuição","m"]
[null,null,null,null,"R$ mínimo de Contrapartida (se houver):",null,null,null,null,"Regularização fundiária",null,null,null,null,null,null,null,null,"Ligações domiciliares e/ou intradomiciliares","un"]
[null,null,null,null,"% máximo de Contrapartida:",null,null,null,null,"Aquisição de terreno",null,null,null,null,null,null,null,null,"Sistema simplificado de abastecimento","m"]
[null,null,null,null,null,null,null,null,null,"Aquisição de equipamentos e insumos"]
[null,null,null,null,"Dados do Empreendimento e Orçamento",null,null,null,null,"Elaboração de estudos e projetos"]
[null,null,null,null,"Nome/apelido:","CENTRO DIA",null,null,null,"Instrumentos e ações em planejamento e gestão pública"]
[null,null,null,null,"Descrição do Objeto do Lote / CTEF:","CENTRO DIA",null,null,null,"Ações complementares às obras"]
[null,null,null,null,"Regime previdenciário previsto para a obra:","DESONERADO",null,null,null,"Gerenciamento"]
[null,null,null,null,"Data base do Orçamento:","2024-10-01",null,null,null,"Trabalho social"]
[]
[null,null,null,null,"Responsável pelo Orçamento"]
[null,null,null,null,"Nome:","RONEI ROBSON PÖERCH"]
[null,null,null,null,"CREA/CAU:","128652-4"]
[null,null,null,null,"ART/RRT:"]
[null,null,null,null,"Data do preenchimento:",{"$f":"TODAY()","v":"2024-11-15"}]
[]
[null,null,null,null,"Responsável pelo Tomador (Prefeito, no caso de Municípios)"]
[null,null,null,null,"Nome:","ROSEMAR ANTONIO SALA "]
[null,null,null,null,"Cargo:","PREFEITO MUNICIPAL"]
[]
[null,null,null,null,"Arredondamento das frentes:","Tradicional"]
[]
[null,null,null,null,"B. RESULTADO DO PROCESSO LICITATÓRIO"]
[]
[null,null,null,null,"Licitação"]
[null,null,null,null,"Data de emissão dos documentos de licitação:"]
[null,null,null,null,"Nº do CTEF (contrato com empresa):"]
[null,null,null,null,"Nome da empresa:"]
[null,null,null,null,"CNPJ da empresa:"]
[null,null,null,null,"Regime de execução do CTEF:","(SELECIONAR)"]
[null,null,null,null,"Data base do CTEF:"]
[]
[]
[null,null,null,null,"C. ACOMPANHAMENTO DO EMPREENDIMENTO"]
[]
[null,null,null,null,"Dados da obra"]
[null,null,null,null,"Data do Início da Obra:"]
[null,null,null,null,"Data de fechamento do RRE:",{"$f":"TODAY()","v":"2024-11-15"}]
[]
[null,null,null,null,"Responsável pela Fiscalização"]
[null,null,null,null,"Nome:"]
[null,null,null,null,"Profissão:"]
[null,null,null,null,"CREA/CAU (para obras/projetos):"]
[null,null,null,null,"ART/RRT (para obras/projetos):"]
[]
[]
[null,null,null,null,"D. ACOMPANHAMENTO CAIXA"]
[]
[null,null,null,null,"Responsável Gerencial"]
[null,null,null,null,"Nome:"]
[null,null,null,null,"Função:"]

{"sheet":"NOVO","index":2,"n_rows":52,"n_cols":4,"rows_kept":52,"cut":false,"hidden":false,"merged":[]}
[]
[]
[null,"Novidades da Versão"]
[]
[]
["V3.0.0"]
[null,"GERAL"]
[null,null,{"$f":"IF(D8<>\"\",\"▪\",\"\")","v":"▪"},"Lançamento: Adequação à Portaria 424/2016. Acompanhamento por Eventos."]
[null,null,{"$f":"IF(D9<>\"\",\"▪\",\"\")","v":""}]
["V3.0.1"]
[null,"GERAL"]
[null,null,{"$f":"IF(D12<>\"\",\"▪\",\"\")","v":"▪"},"Ajustes de formatações."]
[null,"PO"]
[null,null,{"$f":"IF(D14<>\"\",\"▪\",\"\")","v":"▪"},"Correção da aplicação do BDI não desonerado."]
[null,null,{"$f":"IF(D15<>\"\",\"▪\",\"\")","v":"▪"},"Inclusão de coluna exclusiva \"Preço Unitário Edital\", para o Modo 'Orçamento Licitado'."]
[]
["V3.0.2"]
[null,"GERAL"]
[null,null,{"$f":"IF(D19<>\"\",\"▪\",\"\")","v":"▪"},"Ajustes de formatações."]
[null,null,{"$f":"IF(D20<>\"\",\"▪\",\"\")","v":"▪"},"Correção do Problema de Guias ocultas no BROFFICE."]
[null,"ORÇAMENTO"]
[null,null,{"$f":"IF(D22<>\"\",\"▪\",\"\")","v":"▪"},"Ampliada obtenção de dados da Planilha Referência de 20.000 para 65.536 linhas."]
[null,"CRONOGRAMA"]
[null,null,{"$f":"IF(D24<>\"\",\"▪\",\"\")","v":"▪"},"Correção na formulação do total acumulado por Repasse, CP e Outros"]
[null,"QCI"]
[null,null,{"$f":"IF(D26<>\"\",\"▪\",\"\")","v":"▪"},"Correção na formulação do arredondamento no rateio dos valores do QCI."]
[null,"RRE"]
[null,null,{"$f":"IF(D28<>\"\",\"▪\",\"\")","v":"▪"},"Correção na formulação do total por Repasse, CP e Outros."]
[]
["V3.0.3"]
[null,"GERAL"]
[null,null,{"$f":"IF(D32<>\"\",\"▪\",\"\")","v":"▪"},"Correção do Problema de Guias ocultas no BROFFICE."]
[null,"CÁLCULO"]
[null,null,{"$f":"IF(D34<>\"\",\"▪\",\"\")","v":"▪"},"Corrigida lentidão e travamento ao incluir e excluir frentes."]
[]
[]
["V3.0.4"]
[null,"BDI"]
[null,null,{"$f":"IF(D39<>\"\",\"▪\",\"\")","v":"▪"},"Correção da CPRB que exibia 4,5% mesmo quando não desonerado."]
[null,"CRONOGRAMA"]
[null,null,{"$f":"IF(D41<>\"\",\"▪\",\"\")","v":"▪"},"Correção da distribuição de Repasse, CP e Outros para as metas manuais."]
[null,"QCI"]
[null,null,{"$f":"IF(D43<>\"\",\"▪\",\"\")","v":"▪"},"Adicionado botão para adotar a CP do QCI como CP do contrato (zera saldo a reprogramar de CP)."]
[]
["V3.0.5"]
[null,"GERAL"]
[null,null,{"$f":"IF(D47<>\"\",\"▪\",\"\")","v":"▪"},"Corrigido modo de Cálculo da Planilha para Automático."]
[]
["V3.0.6"]
[null,"GERAL"]
[null,null,{"$f":"IF(D51<>\"\",\"▪\",\"\")","v":"▪"},"Adicionado modo de arredondamento para compatibilidade com o TransfereGOV, altera na aba DADOS"]
[null,null,{"$f":"IF(D52<>\"\",\"▪\",\"\")","v":"▪"},"A planilha passará a ser disponibilizada com o formato .xlsm. Deve ser usado arquivo referência 1.9 ou superior, também no formato .xlsm"]

{"sheet":"BDI","index":3,"n_rows":146,"n_cols":26,"rows_kept":146,"cut":false,"hidden":false,"merged":[[4,9,4,10],[4,11,4,12],[4,13,4,18],[0,17,0,18],[1,17,1,18],[3,9,3,10],[3,11,3,12],[3,13,3,18],[10,9,10,16],[10,17,10,18],[6,9,6,18],[7,9,7,18],[9,9,9,16],[9,17,9,18],[18,23,19,23],[18,24,19,24],[16,9,16,18],[18,25,19,25],[18,20,19,22],[18,9,19,16],[18,17,19,17],[18,18,19,18],[13,9,13,18],[15,9,15,18],[22,9,22,16],[22,20,22,22],[20,9,20,16],[20,20,20,22],[21,9,21,16],[21,20,21,22],[24,9,24,16],[24,20,24,22],[25,9,25,16],[25,20,25,22],[26,9,26,16],[26,20,26,22],[27,9,27,16],[27,20,27,22],[23,9,23,16],[23,20,23,22],[35,13,35,15],[37,9,37,18],[29,9,29,16],[31,10,31,18],[28,9,28,16],[28,20,28,22],[33,9,33,18],[34,12,35,12],[48,9,48,12],[53,9,53,18],[44,9,44,12],[44,15,44,18],[45,9,45,12],[47,9,47,12],[34,13,34,15],[34,16,35,16],[39,9,39,18],[42,9,42,18],[58,24,59,24],[58,25,59,25],[58,9,59,16],[58,17,59,17],[58,18,59,18],[58,20,59,22],[58,23,59,23],[60,9,60,16],[60,20,60,22],[55,9,55,18],[56,9,56,18],[63,9,63,16],[63,20,63,22],[61,9,61,16],[61,20,61,22],[62,9,62,16],[62,20,62,22],[64,9,64,16],[64,20,64,22],[65,9,65,16],[65,20,65,22],[66,20,66,22],[67,9,67,16],[67,20,67,22],[93,9,93,18],[84,9,84,12],[84,15,84,18],[66,9,66,16],[77,9,77,18],[69,9,69,16],[71,10,71,18],[88,9,88,12],[68,20,68,22],[85,9,85,12],[87,9,87,12],[73,9,73,18],[74,12,75,12],[79,9,79,18],[82,9,82,18],[75,13,75,15],[74,13,74,15],[74,16,75,16],[98,24,99,24],[98,25,99,25],[98,9,99,16],[98,17,99,17],[98,18,99,18],[98,23,99,23],[100,9,100,16],[100,20,100,22],[95,9,95,18],[96,9,96,18],[98,20,99,22],[107,20,107,22],[108,9,108,16],[108,20,108,22],[109,9,109,16],[111,10,111,18],[117,9,117,18],[5,8,9,8],[113,9,113,18],[106,9,106,16],[114,12,115,12],[104,9,104,16],[102,9,102,16],[68,9,68,16],[114,13,114,15],[114,16,115,16],[101,9,101,16],[101,20,101,22],[104,20,104,22],[105,9,105,16],[105,20,105,22],[103,9,103,16],[103,20,103,22],[102,20,102,22],[106,20,106,22],[128,9,128,12],[119,9,119,18],[122,9,122,18],[124,9,124,12],[124,15,124,18],[125,9,125,12],[127,9,127,12],[115,13,115,15],[107,9,107,16]]}
[null,null,null,null,"MIN","MED","MAX",null,null,null,null,null,null,null,{"$f":"\"Quadro de Composição do BDI\"","v":"Quadro de Composição do BDI"},null,null,"Grau de Sigilo"]
["Construção e Reforma de Edifícios","AC",{"$f":"CONCATENATE(A2,\"-\",B2)","v":"Construção e Reforma de Edifícios-AC"},null,0.03,0.04,5.5E-2,null,null,null,null,null,null,null,null,null,null,"#PUBLICO"]
[{"$f":"A2","v":"Construção e Reforma de Edifícios"},"SG","Construção e Reforma de Edifícios-SG",null,8.0000000000000002E-3,8.0000000000000002E-3,0.01]
[{"$f":"A3","v":"Construção e Reforma de Edifícios"},"R","Construção e Reforma de Edifícios-R",null,9.7000000000000003E-3,1.2699999999999999E-2,1.2699999999999999E-2,null,null,"Nº OPERAÇÃO",null,"Nº TRANSFEREGOV",null,"PROPONENTE / TOMADOR"]
[{"$f":"A4","v":"Construção e Reforma de Edifícios"},"DF","Construção e Reforma de Edifícios-DF",null,5.8999999999999999E-3,1.23E-2,1.3899999999999999E-2,null,null,{"$f":"Import.CR","v":0},null,{"$f":"Import.TransfereGOV","v":0},null,{"$f":"Import.Proponente","v":0}]
[{"$f":"A5","v":"Construção e Reforma de Edifícios"},"L","Construção e Reforma de Edifícios-L",null,6.1600000000000002E-2,7.400000000000001E-2,8.9600000000000013E-2,null,"FILTRO"]
[{"$f":"A6","v":"Construção e Reforma de Edifícios"},"BDI PAD","Construção e Reforma de Edifícios-BDI PAD",null,0.2034,0.22120000000000001,0.25,null,null,"APELIDO DO EMPREENDIMENTO / DESCRIÇÃO DO LOTE"]
["Construção de Praças Urbanas, Rodovias, Ferrovias e recapeamento e pavimentação de vias urbanas","AC","Construção de Praças Urbanas, Rodovias, Ferrovias e recapeamento e pavimentação de vias urbanas-AC",null,3.7999999999999999E-2,4.0099999999999997E-2,4.6699999999999998E-2,null,null,{"$f":"Import.Apelido&\" / \"&Import.DescLote","v":"CENTRO DIA / CENTRO DIA"}]
["Construção de Praças Urbanas, Rodovias, Ferrovias e recapeamento e pavimentação de vias urbanas","SG","Construção de Praças Urbanas, Rodovias, Ferrovias e recapeamento e pavimentação de vias urbanas-SG",null,3.2000000000000002E-3,4.0000000000000001E-3,7.4000000000000003E-3]
["Construção de Praças Urbanas, Rodovias, Ferrovias e recapeamento e pavimentação de vias urbanas","R","Construção de Praças Urbanas, Rodovias, Ferrovias e recapeamento e pavimentação de vias urbanas-R",null,5.0000000000000001E-3,5.6000000000000008E-3,9.7000000000000003E-3,null,null,"Conforme legislação tributária municipal, definir estimativa de percentual da base de cálculo para o ISS:",null,null,null,null,null,null,null,0.4]
["Construção de Praças Urbanas, Rodovias, Ferrovias e recapeamento e pavimentação de vias urbanas","DF","Construção de Praças Urbanas, Rodovias, Ferrovias e recapeamento e pavimentação de vias urbanas-DF",null,1.0200000000000001E-2,1.11E-2,1.21E-2,null,"↓","Sobre a base de cálculo, definir a respectiva alíquota do ISS (entre 2% e 5%):",null,null,null,null,null,null,null,0.02]
["Construção de Praças Urbanas, Rodovias, Ferrovias e recapeamento e pavimentação de vias urbanas","L","Construção de Praças Urbanas, Rodovias, Ferrovias e recapeamento e pavimentação de vias urbanas-L",null,6.6400000000000001E-2,7.2999999999999995E-2,8.6899999999999991E-2,null,"F"]
["Construção de Praças Urbanas, Rodovias, Ferrovias e recapeamento e pavimentação de vias urbanas","BDI PAD","Construção de Praças Urbanas, Rodovias, Ferrovias e recapeamento e pavimentação de vias urbanas-BDI PAD",null,0.19600000000000001,0.2097,0.24230000000000002,null,"F"]
["Construção de Redes de Abastecimento de Água, Coleta de Esgoto","AC","Construção de Redes de Abastecimento de Água, Coleta de Esgoto-AC",null,3.4300000000000004E-2,4.9299999999999997E-2,6.7099999999999993E-2,null,"F","BDI 1"]
[{"$f":"A14","v":"Construção de Redes de Abastecimento de Água, Coleta de Esgoto"},"SG","Construção de Redes de Abastecimento de Água, Coleta de Esgoto-SG",null,2.8000000000000004E-3,4.8999999999999998E-3,7.4999999999999997E-3,null,"F"]
[{"$f":"A15","v":"Construção de Redes de Abastecimento de Água, Coleta de Esgoto"},"R","Construção de Redes de Abastecimento de Água, Coleta de Esgoto-R",null,0.01,1.3899999999999999E-2,1.7399999999999999E-2,null,"F","TIPO DE OBRA"]
[{"$f":"A16","v":"Construção de Redes de Abastecimento de Água, Coleta de Esgoto"},"DF","Construção de Redes de Abastecimento de Água, Coleta de Esgoto-DF",null,9.3999999999999986E-3,9.8999999999999991E-3,1.1699999999999999E-2,null,"F","Construção e Reforma de Edifícios"]
[{"$f":"A17","v":"Construção de Redes de Abastecimento de Água, Coleta de Esgoto"},"L","Construção de Redes de Abastecimento de Água, Coleta de Esgoto-L",null,6.7400000000000002E-2,8.0399999999999985E-2,9.4E-2,null,"F"]
[{"$f":"A18","v":"Construção de Redes de Abastecimento de Água, Coleta de Esgoto"},"BDI PAD","Construção de Redes de Abastecimento de Água, Coleta de Esgoto-BDI PAD",null,0.20760000000000001,0.24179999999999999,0.26440000000000002,null,"F","Itens",null,null,null,null,null,null,null,"Siglas","% Adotado",null,"Situação",null,null,"1º Quartil","Médio","3º Quartil"]
["Construção e Manutenção de Estações e Redes de Distribuição de Energia Elétrica","AC","Construção e Manutenção de Estações e Redes de Distribuição de Energia Elétrica-AC",null,5.2900000000000003E-2,5.9200000000000003E-2,7.9299999999999995E-2,null,"F"]
[{"$f":"A20","v":"Construção e Manutenção de Estações e Redes de Distribuição de Energia Elétrica"},"SG","Construção e Manutenção de Estações e Redes de Distribuição de Energia Elétrica-SG",null,2.5000000000000001E-3,5.1000000000000004E-3,5.6000000000000008E-3,null,"F",{"$f":"IF($J$17=$A$146,\"Encargos Sociais incidentes sobre a mão de obra\",\"Administração Central\")","v":"Administração Central"},null,null,null,null,null,null,null,{"$f":"IF($J17=$A$146,\"K1\",\"AC\")","v":"AC"},0.04,null,"-",null,null,{"$f":"VLOOKUP(CONCATENATE(J17,\"-\",R21),$C$2:$G$136,3,FALSE)","v":0.03},{"$f":"VLOOKUP(CONCATENATE(J17,\"-\",R21),$C$2:$G$136,4,FALSE)","v":0.04},{"$f":"VLOOKUP(CONCATENATE(J17,\"-\",R21),$C$2:$G$136,5,FALSE)","v":5.5E-2}]
[{"$f":"A21","v":"Construção e Manutenção de Estações e Redes de Distribuição de Energia Elétrica"},"R","Construção e Manutenção de Estações e Redes de Distribuição de Energia Elétrica-R",null,0.01,1.4800000000000001E-2,1.9699999999999999E-2,null,"F",{"$f":"IF($J$17=$A$146,\"Administração Central da empresa ou consultoria - overhead\",\"Seguro e Garantia\")","v":"Seguro e Garantia"},null,null,null,null,null,null,null,{"$f":"IF($J17=$A$146,\"K2\",\"SG\")","v":"SG"},8.5000000000000006E-3,null,"-",null,null,{"$f":"VLOOKUP(CONCATENATE(J17,\"-\",R22),$C$2:$G$136,3,FALSE)","v":8.0000000000000002E-3},{"$f":"VLOOKUP(CONCATENATE(J17,\"-\",R22),$C$2:$G$136,4,FALSE)","v":8.0000000000000002E-3},{"$f":"VLOOKUP(CONCATENATE(J17,\"-\",R22),$C$2:$G$136,5,FALSE)","v":0.01}]
[{"$f":"A22","v":"Construção e Manutenção de Estações e Redes de Distribuição de Energia Elétrica"},"DF","Construção e Manutenção de Estações e Redes de Distribuição de Energia Elétrica-DF",null,1.01E-2,1.0700000000000001E-2,1.11E-2,null,"F",{"$f":"IF($J$17=$A$146,\"\",\"Risco\")","v":"Risco"},null,null,null,null,null,null,null,{"$f":"IF($J17=$A$146,\"\",\"R\")","v":"R"},1.2699999999999999E-2,null,"-",null,null,{"$f":"VLOOKUP(CONCATENATE(J17,\"-\",R23),$C$2:$G$136,3,FALSE)","v":9.7000000000000003E-3},{"$f":"VLOOKUP(CONCATENATE(J17,\"-\",R23),$C$2:$G$136,4,FALSE)","v":1.2699999999999999E-2},{"$f":"VLOOKUP(CONCATENATE(J17,\"-\",R23),$C$2:$G$136,5,FALSE)","v":1.2699999999999999E-2}]
[{"$f":"A23","v":"Construção e Manutenção de Estações e Redes de Distribuição de Energia Elétrica"},"L","Construção e Manutenção de Estações e Redes de Distribuição de Energia Elétrica-L",null,0.08,8.3100000000000007E-2,9.5100000000000004E-2,null,"F",{"$f":"IF($J$17=$A$146,\"\",\"Despesas Financeiras\")","v":"Despesas Financeiras"},null,null,null,null,null,null,null,{"$f":"IF($J17=$A$146,\"\",\"DF\")","v":"DF"},1.2999999999999999E-2,null,"-",null,null,{"$f":"VLOOKUP(CONCATENATE(J17,\"-\",R24),$C$2:$G$136,3,FALSE)","v":5.8999999999999999E-3},{"$f":"VLOOKUP(CONCATENATE(J17,\"-\",R24),$C$2:$G$136,4,FALSE)","v":1.23E-2},{"$f":"VLOOKUP(CONCATENATE(J17,\"-\",R24),$C$2:$G$136,5,FALSE)","v":1.3899999999999999E-2}]
[{"$f":"A24","v":"Construção e Manutenção de Estações e Redes de Distribuição de Energia Elétrica"},"BDI PAD","Construção e Manutenção de Estações e Redes de Distribuição de Energia Elétrica-BDI PAD",null,0.24,0.25840000000000002,0.27860000000000001,null,"F",{"$f":"IF($J$17=$A$146,\"Margem bruta da empresa de consultoria\",\"Lucro\")","v":"Lucro"},null,null,null,null,null,null,null,{"$f":"IF($J17=$A$146,\"K3\",\"L\")","v":"L"},7.0599999999999996E-2,null,"-",null,null,{"$f":"VLOOKUP(CONCATENATE(J17,\"-\",R25),$C$2:$G$136,3,FALSE)","v":6.1600000000000002E-2},{"$f":"VLOOKUP(CONCATENATE(J17,\"-\",R25),$C$2:$G$136,4,FALSE)","v":7.400000000000001E-2},{"$f":"VLOOKUP(CONCATENATE(J17,\"-\",R25),$C$2:$G$136,5,FALSE)","v":8.9600000000000013E-2}]
["Obras Portuárias, Marítimas e Fluviais","AC","Obras Portuárias, Marítimas e Fluviais-AC",null,0.04,5.5199999999999999E-2,7.85E-2,null,"F","Tributos (impostos COFINS 3%, e  PIS 0,65%)",null,null,null,null,null,null,null,"CP",3.6499999999999998E-2,null,"-",null,null,3.6499999999999998E-2,3.6499999999999998E-2,3.6499999999999998E-2]
[{"$f":"A26","v":"Obras Portuárias, Marítimas e Fluviais"},"SG","Obras Portuárias, Marítimas e Fluviais-SG",null,8.1000000000000013E-3,1.2199999999999999E-2,1.9900000000000001E-2,null,"F","Tributos (ISS, variável de acordo com o município)",null,null,null,null,null,null,null,"ISS",{"$f":"IF(AND($J17<>$A$145,COUNTA(OFFSET(S20,1,0,6))>0),$R$11*$R$10,0)","v":8.0000000000000002E-3},null,"-",null,null,0,2.5000000000000001E-2,0.05]
[{"$f":"A27","v":"Obras Portuárias, Marítimas e Fluviais"},"R","Obras Portuárias, Marítimas e Fluviais-R",null,1.46E-2,2.3199999999999998E-2,3.1600000000000003E-2,null,"F","Tributos (Contribuição Previdenciária sobre a Receita Bruta - 0% ou 4,5% - Desoneração)",null,null,null,null,null,null,null,"CPRB",{"$f":"IF(BDI.Opcao<>\"Desonerado\",0,IF(AND($J17<>$A$145,COUNTA(OFFSET(S20,1,0,6))>0),4.5%,0%))","v":4.4999999999999998E-2},null,"-",null,null,0,4.4999999999999998E-2,4.4999999999999998E-2]
[{"$f":"A28","v":"Obras Portuárias, Marítimas e Fluviais"},"DF","Obras Portuárias, Marítimas e Fluviais-DF",null,9.3999999999999986E-3,1.0200000000000001E-2,1.3300000000000001E-2,null,"F","BDI SEM desoneração (Fórmula Acórdão TCU)",null,null,null,null,null,null,null,"BDI PAD",{"$f":"IF($J17=$A$145,0,ROUND((((1+S21+S22+S23)*(1+S24)*(1+S25)/(1-(S26+S27)))-1),4))","v":0.20449999999999999},null,{"$f":"IF(OR($J$17=$A$146,$J$17=$A$145,AND(S29>=X29,S29<=Z29)),\"OK\",\"FORA DO INTERVALO\")","v":"OK"},null,null,{"$f":"IF($J17=$A$145,0,VLOOKUP(CONCATENATE($J17,\"-\",$R29),$C$2:$G$136,3,FALSE))","v":0.2034},{"$f":"IF($J17=$A$145,0,VLOOKUP(CONCATENATE($J17,\"-\",$R29),$C$2:$G$136,4,FALSE))","v":0.22120000000000001},{"$f":"IF($J17=$A$145,0,VLOOKUP(CONCATENATE($J17,\"-\",$R29),$C$2:$G$136,5,FALSE))","v":0.25}]
[{"$f":"A29","v":"Obras Portuárias, Marítimas e Fluviais"},"L","Obras Portuárias, Marítimas e Fluviais-L",null,7.1399999999999991E-2,8.4000000000000005E-2,0.1043,null,"F","BDI COM desoneração",null,null,null,null,null,null,null,"BDI DES",{"$f":"IF($J17=$A$145,0,ROUND((((1+S21+S22+S23)*(1+S24)*(1+S25)/(1-(S26+S27+S28)))-1),4))","v":0.26400000000000001}]
[{"$f":"A30","v":"Obras Portuárias, Marítimas e Fluviais"},"BDI PAD","Obras Portuárias, Marítimas e Fluviais-BDI PAD",null,0.22800000000000001,0.27479999999999999,0.3095,null,"F"]
["Fornecimento de Materiais e Equipamentos (aquisição indireta - em conjunto com licitação de obras)","AC","Fornecimento de Materiais e Equipamentos (aquisição indireta - em conjunto com licitação de obras)-AC",null,1.4999999999999999E-2,3.4500000000000003E-2,4.4900000000000002E-2,null,"F",{"$f":"IF(U29<>\"ok\",\"X\",\"\")","v":""},{"$f":"IF(U29<>\"ok\",\"Anexo: Relatório Técnico Circunstanciado justificando a adoção do percentual de cada parcela do BDI.\",\"\")","v":""}]
[{"$f":"A32","v":"Fornecimento de Materiais e Equipamentos (aquisição indireta - em conjunto com licitação de obras)"},"SG","Fornecimento de Materiais e Equipamentos (aquisição indireta - em conjunto com licitação de obras)-SG",null,3.0000000000000001E-3,4.7999999999999996E-3,8.199999999999999E-3,null,"F"]
[{"$f":"A33","v":"Fornecimento de Materiais e Equipamentos (aquisição indireta - em conjunto com licitação de obras)"},"R","Fornecimento de Materiais e Equipamentos (aquisição indireta - em conjunto com licitação de obras)-R",null,5.6000000000000008E-3,8.5000000000000006E-3,8.8999999999999999E-3,null,"F","Os valores de BDI foram calculados com o emprego da fórmula:"]
[{"$f":"A34","v":"Fornecimento de Materiais e Equipamentos (aquisição indireta - em conjunto com licitação de obras)"},"DF","Fornecimento de Materiais e Equipamentos (aquisição indireta - em conjunto com licitação de obras)-DF",null,8.5000000000000006E-3,8.5000000000000006E-3,1.11E-2,null,"F",null,null,null,"BDI =",{"$f":"IF($J17=$A$146,\"(1+K1+K2)*(1+K3)\",\"(1+AC + S + R + G)*(1 + DF)*(1+L)\")","v":"(1+AC + S + R + G)*(1 + DF)*(1+L)"},null,null," - 1"]
[{"$f":"A35","v":"Fornecimento de Materiais e Equipamentos (aquisição indireta - em conjunto com licitação de obras)"},"L","Fornecimento de Materiais e Equipamentos (aquisição indireta - em conjunto com licitação de obras)-L",null,3.5000000000000003E-2,5.1100000000000007E-2,6.2199999999999998E-2,null,"F",null,null,null,null,"(1-CP-ISS-CRPB)"]
[{"$f":"A36","v":"Fornecimento de Materiais e Equipamentos (aquisição indireta - em conjunto com licitação de obras)"},"BDI PAD","Fornecimento de Materiais e Equipamentos (aquisição indireta - em conjunto com licitação de obras)-BDI PAD",null,0.111,0.14019999999999999,0.16800000000000001,null,"F"]
["Fornecimento de Materiais e Equipamentos (aquisição direta)","AC","Fornecimento de Materiais e Equipamentos (aquisição direta)-AC",null,"-","-","-",null,"F",{"$f":"CONCATENATE(\"Declaro para os devidos fins que, conforme legislação tributária municipal, a base de cálculo deste tipo de obra corresponde à \",$R$10*100,\"%, com a respectiva alíquota de \",$R$11*100,\"%.\")","v":"Declaro para os devidos fins que, conforme legislação tributária municipal, a base de cálculo deste tipo de obra corresponde à 40%, com a respectiva alíquota de 2%."}]
["Fornecimento de Materiais e Equipamentos (aquisição direta)","SG","Fornecimento de Materiais e Equipamentos (aquisição direta)-SG",null,"-","-","-",null,"F"]
["Fornecimento de Materiais e Equipamentos (aquisição direta)","R","Fornecimento de Materiais e Equipamentos (aquisição direta)-R",null,"-","-","-",null,"F",{"$f":"CONCATENATE(\"Declaro para os devidos fins que o regime de Contribuição Previdenciária sobre a Receita Bruta adotado para elaboração do orçamento foi \",IF(DESONERACAO=\"Sim\",\"COM\",\"SEM\"),\" Desoneração, e que esta é a alternativa mais adequada para a Administração Pública.\")","v":"Declaro para os devidos fins que o regime de Contribuição Previdenciária sobre a Receita Bruta adotado para elaboração do orçamento foi COM Desoneração, e que esta é a alternativa mais adequada para a Administração Pública."}]
["Fornecimento de Materiais e Equipamentos (aquisição direta)","DF","Fornecimento de Materiais e Equipamentos (aquisição direta)-DF",null,"-","-","-",null,"F"]
["Fornecimento de Materiais e Equipamentos (aquisição direta)","L","Fornecimento de Materiais e Equipamentos (aquisição direta)-L",null,"-","-","-",null,"F","Observações:"]
["Fornecimento de Materiais e Equipamentos (aquisição direta)","BDI PAD","Fornecimento de Materiais e Equipamentos (aquisição direta)-BDI PAD",null,"-","-","-",null,"F"]
["Estudos e Projetos, Planos e Gerenciamento e outros correlatos","K1","Estudos e Projetos, Planos e Gerenciamento e outros correlatos-K1",null,"-","-","-",null,"F"]
[{"$f":"A44","v":"Estudos e Projetos, Planos e Gerenciamento e outros correlatos"},"K2","Estudos e Projetos, Planos e Gerenciamento e outros correlatos-K2",null,"-",0.2,"-",null,"F",{"$f":"Import.Município","v":"TENENTE PORTELA"},null,null,null,null,null,{"$f":"DADOS!$F$25","v":"2024-11-15"}]
[{"$f":"A45","v":"Estudos e Projetos, Planos e Gerenciamento e outros correlatos"},null,"Estudos e Projetos, Planos e Gerenciamento e outros correlatos-",null,"-","-","-",null,"F","Local",null,null,null,null,null,"Data"]
[{"$f":"A46","v":"Estudos e Projetos, Planos e Gerenciamento e outros correlatos"},null,"Estudos e Projetos, Planos e Gerenciamento e outros correlatos-",null,"-","-","-",null,"F"]
[{"$f":"A47","v":"Estudos e Projetos, Planos e Gerenciamento e outros correlatos"},"K3","Estudos e Projetos, Planos e Gerenciamento e outros correlatos-K3",null,"-",0.12,"-",null,"F"]
[{"$f":"A48","v":"Estudos e Projetos, Planos e Gerenciamento e outros correlatos"},"BDI PAD","Estudos e Projetos, Planos e Gerenciamento e outros correlatos-BDI PAD",null,"-","-","-",null,"F","Responsável Técnico"]
[null,null,null,null,null,null,null,null,"F","Nome:",{"$f":"Import.RespOrçamento","v":"RONEI ROBSON PÖERCH"}]
[null,null,null,null,null,null,null,null,"F","CREA/CAU:","128652-4"]
[null,null,null,null,null,null,null,null,"F","ART/RRT:",0]
[null,null,null,null,null,null,null,null,"F"]
[null,null,null,null,null,null,null,null,{"$f":"IF($S$69=0,\"\",\"F\")","v":"F"},"BDI 2"]
[null,null,null,null,null,null,null,null,{"$f":"IF($S$69=0,\"\",\"F\")","v":"F"}]
[null,null,null,null,null,null,null,null,"F","TIPO DE OBRA"]
[null,null,null,null,null,null,null,null,"F","Fornecimento de Materiais e Equipamentos (aquisição indireta - em conjunto com licitação de obras)"]
[null,null,null,null,null,null,null,null,"F"]
[null,null,null,null,null,null,null,null,"F","Itens",null,null,null,null,null,null,null,"Siglas","% Adotado",null,"Situação",null,null,"1º Quartil","Médio","3º Quartil"]
[null,null,null,null,null,null,null,null,"F"]
[null,null,null,null,null,null,null,null,"F",{"$f":"IF($J$17=$A$146,\"Encargos Sociais incidentes sobre a mão de obra\",\"Administração Central\")","v":"Administração Central"},null,null,null,null,null,null,null,{"$f":"IF($J57=$A$146,\"K1\",\"AC\")","v":"AC"},3.4500000000000003E-2,null,"-",null,null,{"$f":"VLOOKUP(CONCATENATE(J57,\"-\",R61),$C$2:$G$136,3,FALSE)","v":1.4999999999999999E-2},{"$f":"VLOOKUP(CONCATENATE(J57,\"-\",R61),$C$2:$G$136,4,FALSE)","v":3.4500000000000003E-2},{"$f":"VLOOKUP(CONCATENATE(J57,\"-\",R61),$C$2:$G$136,5,FALSE)","v":4.4900000000000002E-2}]
[null,null,null,null,null,null,null,null,"F",{"$f":"IF($J$17=$A$146,\"Administração Central da empresa ou consultoria - overhead\",\"Seguro e Garantia\")","v":"Seguro e Garantia"},null,null,null,null,null,null,null,{"$f":"IF($J57=$A$146,\"K2\",\"SG\")","v":"SG"},4.7999999999999996E-3,null,"-",null,null,{"$f":"VLOOKUP(CONCATENATE(J57,\"-\",R62),$C$2:$G$136,3,FALSE)","v":3.0000000000000001E-3},{"$f":"VLOOKUP(CONCATENATE(J57,\"-\",R62),$C$2:$G$136,4,FALSE)","v":4.7999999999999996E-3},{"$f":"VLOOKUP(CONCATENATE(J57,\"-\",R62),$C$2:$G$136,5,FALSE)","v":8.199999999999999E-3}]
[null,null,null,null,null,null,null,null,"F",{"$f":"IF($J$17=$A$146,\"\",\"Risco\")","v":"Risco"},null,null,null,null,null,null,null,{"$f":"IF($J57=$A$146,\"\",\"R\")","v":"R"},8.5000000000000006E-3,null,"-",null,null,{"$f":"VLOOKUP(CONCATENATE(J57,\"-\",R63),$C$2:$G$136,3,FALSE)","v":5.6000000000000008E-3},{"$f":"VLOOKUP(CONCATENATE(J57,\"-\",R63),$C$2:$G$136,4,FALSE)","v":8.5000000000000006E-3},{"$f":"VLOOKUP(CONCATENATE(J57,\"-\",R63),$C$2:$G$136,5,FALSE)","v":8.8999999999999999E-3}]
[null,null,null,null,null,null,null,null,"F",{"$f":"IF($J$17=$A$146,\"\",\"Despesas Financeiras\")","v":"Despesas Financeiras"},null,null,null,null,null,null,null,{"$f":"IF($J57=$A$146,\"\",\"DF\")","v":"DF"},8.5000000000000006E-3,null,"-",null,null,{"$f":"VLOOKUP(CONCATENATE(J57,\"-\",R64),$C$2:$G$136,3,FALSE)","v":8.5000000000000006E-3},{"$f":"VLOOKUP(CONCATENATE(J57,\"-\",R64),$C$2:$G$136,4,FALSE)","v":8.5000000000000006E-3},{"$f":"VLOOKUP(CONCATENATE(J57,\"-\",R64),$C$2:$G$136,5,FALSE)","v":1.11E-2}]
[null,null,null,null,null,null,null,null,"F",{"$f":"IF($J$17=$A$146,\"Margem bruta da empresa de consultoria\",\"Lucro\")","v":"Lucro"},null,null,null,null,null,null,null,{"$f":"IF($J57=$A$146,\"K3\",\"L\")","v":"L"},5.11E-2,null,"-",null,null,{"$f":"VLOOKUP(CONCATENATE(J57,\"-\",R65),$C$2:$G$136,3,FALSE)","v":3.5000000000000003E-2},{"$f":"VLOOKUP(CONCATENATE(J57,\"-\",R65),$C$2:$G$136,4,FALSE)","v":5.1100000000000007E-2},{"$f":"VLOOKUP(CONCATENATE(J57,\"-\",R65),$C$2:$G$136,5,FALSE)","v":6.2199999999999998E-2}]
[null,null,null,null,null,null,null,null,"F","Tributos (impostos COFINS 3%, e  PIS 0,65%)",null,null,null,null,null,null,null,"CP",3.6499999999999998E-2,null,"-",null,null,3.6499999999999998E-2,3.6499999999999998E-2,3.6499999999999998E-2]
[null,null,null,null,null,null,null,null,"F","Tributos (ISS, variável de acordo com o município)",null,null,null,null,null,null,null,"ISS",{"$f":"IF(AND($J57<>$A$145,COUNTA(OFFSET(S60,1,0,6))>0),$R$11*$R$10,0)","v":8.0000000000000002E-3},null,"-",null,null,0,2.5000000000000001E-2,0.05]
[null,null,null,null,null,null,null,null,"F","Tributos (Contribuição Previdenciária sobre a Receita Bruta - 0% ou 4,5% - Desoneração)",null,null,null,null,null,null,null,"CPRB",{"$f":"IF(BDI.Opcao<>\"Desonerado\",0,IF(AND($J57<>$A$145,COUNTA(OFFSET(S60,1,0,6))>0),4.5%,0%))","v":4.4999999999999998E-2},null,"-",null,null,0,4.4999999999999998E-2,4.4999999999999998E-2]
[null,null,null,null,null,null,null,null,"F","BDI SEM desoneração (Fórmula Acórdão TCU)",null,null,null,null,null,null,null,"BDI PAD",{"$f":"IF($J57=$A$145,0,ROUND((((1+S61+S62+S63)*(1+S64)*(1+S65)/(1-(S66+S67)))-1),4))","v":0.16239999999999999},null,{"$f":"IF(OR($J$17=$A$146,$J$17=$A$145,AND(S69>=X69,S69<=Z69)),\"OK\",\"FORA DO INTERVALO\")","v":"OK"},null,null,{"$f":"IF($J57=$A$145,0,VLOOKUP(CONCATENATE($J57,\"-\",$R69),$C$2:$G$136,3,FALSE))","v":0.111},{"$f":"IF($J57=$A$145,0,VLOOKUP(CONCATENATE($J57,\"-\",$R69),$C$2:$G$136,4,FALSE))","v":0.14019999999999999},{"$f":"IF($J57=$A$145,0,VLOOKUP(CONCATENATE($J57,\"-\",$R69),$C$2:$G$136,5,FALSE))","v":0.16800000000000001}]
[null,null,null,null,null,null,null,null,"F","BDI COM desoneração",null,null,null,null,null,null,null,"BDI DES",{"$f":"IF($J57=$A$145,0,ROUND((((1+S61+S62+S63)*(1+S64)*(1+S65)/(1-(S66+S67+S68)))-1),4))","v":0.21990000000000001}]
[null,null,null,null,null,null,null,null,"F"]
[null,null,null,null,null,null,null,null,"F",{"$f":"IF(U69<>\"ok\",\"X\",\"\")","v":""},{"$f":"IF(U69<>\"ok\",\"Anexo: Relatório Técnico Circunstanciado justificando a adoção do percentual de cada parcela do BDI.\",\"\")","v":""}]
[null,null,null,null,null,null,null,null,"F"]
[null,null,null,null,null,null,null,null,"F","Os valores de BDI foram calculados com o emprego da fórmula:"]
[null,null,null,null,null,null,null,null,"F",null,null,null,"BDI =",{"$f":"IF($J57=$A$146,\"(1+K1+K2)*(1+K3)\",\"(1+AC + S + R + G)*(1 + DF)*(1+L)\")","v":"(1+AC + S + R + G)*(1 + DF)*(1+L)"},null,null," - 1"]
[null,null,null,null,null,null,null,null,"F",null,null,null,null,"(1-CP-ISS-CRPB)"]
[null,null,null,null,null,null,null,null,"F"]
[null,null,null,null,null,null,null,null,"F",{"$f":"CONCATENATE(\"Declaro para os devidos fins que, conforme legislação tributária municipal, a base de cálculo deste tipo de obra corresponde à \",$R$10*100,\"%, com a respectiva alíquota de \",$R$11*100,\"%.\")","v":"Declaro para os devidos fins que, conforme legislação tributária municipal, a base de cálculo deste tipo de obra corresponde à 40%, com a respectiva alíquota de 2%."}]
[null,null,null,null,null,null,null,null,"F"]
[null,null,null,null,null,null,null,null,"F",{"$f":"CONCATENATE(\"Declaro para os devidos fins que o regime de Contribuição Previdenciária sobre a Receita Bruta adotado para elaboração do orçamento foi \",IF(DESONERACAO=\"Sim\",\"COM\",\"SEM\"),\" Desoneração, e que esta é a alternativa mais adequada para a Administração Pública.\")","v":"Declaro para os devidos fins que o regime de Contribuição Previdenciária sobre a Receita Bruta adotado para elaboração do orçamento foi COM Desoneração, e que esta é a alternativa mais adequada para a Administração Pública."}]
[null,null,null,null,null,null,null,null,"F"]
[null,null,null,null,null,null,null,null,"F","Observações:"]
[null,null,null,null,null,null,null,null,"F"]
[null,null,null,null,null,null,null,null,"F"]
[null,null,null,null,null,null,null,null,"F",{"$f":"Import.Município","v":"TENENTE PORTELA"},null,null,null,null,null,{"$f":"DADOS!$F$25","v":"2024-11-15"}]
[null,null,null,null,null,null,null,null,"F","Local",null,null,null,null,null,"Data"]
[null,null,null,null,null,null,null,null,"F"]
[null,null,null,null,null,null,null,null,"F"]
[null,null,null,null,null,null,null,null,"F","Responsável Técnico"]
[null,null,null,null,null,null,null,null,"F","Nome:",{"$f":"Import.RespOrçamento","v":"RONEI ROBSON PÖERCH"}]
[null,null,null,null,null,null,null,null,"F","CREA/CAU:","128652-4"]
[null,null,null,null,null,null,null,null,"F","ART/RRT:",0]
[null,null,null,null,null,null,null,null,"F"]
[null,null,null,null,null,null,null,null,{"$f":"IF($S$109=0,\"\",\"F\")","v":""},"BDI 3"]
[null,null,null,null,null,null,null,null,{"$f":"IF($S$109=0,\"\",\"F\")","v":""}]
[null,null,null,null,null,null,null,null,"","TIPO DE OBRA"]
[null,null,null,null,null,null,null,null,"","(SELECIONAR)"]
[null,null,null,null,null,null,null,null,""]
[null,null,null,null,null,null,null,null,"","Itens",null,null,null,null,null,null,null,"Siglas","% Adotado",null,"Situação",null,null,"1º Quartil","Médio","3º Quartil"]
[null,null,null,null,null,null,null,null,""]
[null,null,null,null,null,null,null,null,"",{"$f":"IF($J$17=$A$146,\"Encargos Sociais incidentes sobre a mão de obra\",\"Administração Central\")","v":"Administração Central"},null,null,null,null,null,null,null,{"$f":"IF($J97=$A$146,\"K1\",\"AC\")","v":"AC"},null,null,"-",null,null,{"$f":"VLOOKUP(CONCATENATE(J97,\"-\",R101),$C$2:$G$136,3,FALSE)","v":{"$error":"#N/A"}},{"$f":"VLOOKUP(CONCATENATE(J97,\"-\",R101),$C$2:$G$136,4,FALSE)","v":{"$error":"#N/A"}},{"$f":"VLOOKUP(CONCATENATE(J97,\"-\",R101),$C$2:$G$136,5,FALSE)","v":{"$error":"#N/A"}}]
[null,null,null,null,null,null,null,null,"",{"$f":"IF($J$17=$A$146,\"Administração Central da empresa ou consultoria - overhead\",\"Seguro e Garantia\")","v":"Seguro e Garantia"},null,null,null,null,null,null,null,{"$f":"IF($J97=$A$146,\"K2\",\"SG\")","v":"SG"},null,null,"-",null,null,{"$f":"VLOOKUP(CONCATENATE(J97,\"-\",R102),$C$2:$G$136,3,FALSE)","v":{"$error":"#N/A"}},{"$f":"VLOOKUP(CONCATENATE(J97,\"-\",R102),$C$2:$G$136,4,FALSE)","v":{"$error":"#N/A"}},{"$f":"VLOOKUP(CONCATENATE(J97,\"-\",R102),$C$2:$G$136,5,FALSE)","v":{"$error":"#N/A"}}]
[null,null,null,null,null,null,null,null,"",{"$f":"IF($J$17=$A$146,\"\",\"Risco\")","v":"Risco"},null,null,null,null,null,null,null,{"$f":"IF($J97=$A$146,\"\",\"R\")","v":"R"},null,null,"-",null,null,{"$f":"VLOOKUP(CONCATENATE(J97,\"-\",R103),$C$2:$G$136,3,FALSE)","v":{"$error":"#N/A"}},{"$f":"VLOOKUP(CONCATENATE(J97,\"-\",R103),$C$2:$G$136,4,FALSE)","v":{"$error":"#N/A"}},{"$f":"VLOOKUP(CONCATENATE(J97,\"-\",R103),$C$2:$G$136,5,FALSE)","v":{"$error":"#N/A"}}]
[null,null,null,null,null,null,null,null,"",{"$f":"IF($J$17=$A$146,\"\",\"Despesas Financeiras\")","v":"Despesas Financeiras"},null,null,null,null,null,null,null,{"$f":"IF($J97=$A$146,\"\",\"DF\")","v":"DF"},null,null,"-",null,null,{"$f":"VLOOKUP(CONCATENATE(J97,\"-\",R104),$C$2:$G$136,3,FALSE)","v":{"$error":"#N/A"}},{"$f":"VLOOKUP(CONCATENATE(J97,\"-\",R104),$C$2:$G$136,4,FALSE)","v":{"$error":"#N/A"}},{"$f":"VLOOKUP(CONCATENATE(J97,\"-\",R104),$C$2:$G$136,5,FALSE)","v":{"$error":"#N/A"}}]
[null,null,null,null,null,null,null,null,"",{"$f":"IF($J$17=$A$146,\"Margem bruta da empresa de consultoria\",\"Lucro\")","v":"Lucro"},null,null,null,null,null,null,null,{"$f":"IF($J97=$A$146,\"K3\",\"L\")","v":"L"},null,null,"-",null,null,{"$f":"VLOOKUP(CONCATENATE(J97,\"-\",R105),$C$2:$G$136,3,FALSE)","v":{"$error":"#N/A"}},{"$f":"VLOOKUP(CONCATENATE(J97,\"-\",R105),$C$2:$G$136,4,FALSE)","v":{"$error":"#N/A"}},{"$f":"VLOOKUP(CONCATENATE(J97,\"-\",R105),$C$2:$G$136,5,FALSE)","v":{"$error":"#N/A"}}]
[null,null,null,null,null,null,null,null,"","Tributos (impostos COFINS 3%, e  PIS 0,65%)",null,null,null,null,null,null,null,"CP",null,null,"-",null,null,3.6499999999999998E-2,3.6499999999999998E-2,3.6499999999999998E-2]
[null,null,null,null,null,null,null,null,"","Tributos (ISS, variável de acordo com o município)",null,null,null,null,null,null,null,"ISS",{"$f":"IF(AND($J97<>$A$145,COUNTA(OFFSET(S100,1,0,6))>0),$R$11*$R$10,0)","v":0},null,"-",null,null,0,2.5000000000000001E-2,0.05]
[null,null,null,null,null,null,null,null,"","Tributos (Contribuição Previdenciária sobre a Receita Bruta - 0% ou 4,5% - Desoneração)",null,null,null,null,null,null,null,"CPRB",{"$f":"IF(BDI.Opcao<>\"Desonerado\",0,IF(AND($J97<>$A$145,COUNTA(OFFSET(S100,1,0,6))>0),4.5%,0%))","v":0},null,"-",null,null,0,4.4999999999999998E-2,4.4999999999999998E-2]
[null,null,null,null,null,null,null,null,"","BDI SEM desoneração (Fórmula Acórdão TCU)",null,null,null,null,null,null,null,"BDI PAD",{"$f":"IF($J97=$A$145,0,ROUND((((1+S101+S102+S103)*(1+S104)*(1+S105)/(1-(S106+S107)))-1),4))","v":0},null,{"$f":"IF(OR($J$17=$A$146,$J$17=$A$145,AND(S109>=X109,S109<=Z109)),\"OK\",\"FORA DO INTERVALO\")","v":{"$error":"#N/A"}},null,null,{"$f":"IF($J97=$A$145,0,VLOOKUP(CONCATENATE($J97,\"-\",$R109),$C$2:$G$136,3,FALSE))","v":{"$error":"#N/A"}},{"$f":"IF($J97=$A$145,0,VLOOKUP(CONCATENATE($J97,\"-\",$R109),$C$2:$G$136,4,FALSE))","v":{"$error":"#N/A"}},{"$f":"IF($J97=$A$145,0,VLOOKUP(CONCATENATE($J97,\"-\",$R109),$C$2:$G$136,5,FALSE))","v":{"$error":"#N/A"}}]
[null,null,null,null,null,null,null,null,"","BDI COM desoneração",null,null,null,null,null,null,null,"BDI DES",{"$f":"IF($J97=$A$145,0,ROUND((((1+S101+S102+S103)*(1+S104)*(1+S105)/(1-(S106+S107+S108)))-1),4))","v":0}]
[null,null,null,null,null,null,null,null,""]
[null,null,null,null,null,null,null,null,"",{"$f":"IF(U109<>\"ok\",\"X\",\"\")","v":{"$error":"#N/A"}},{"$f":"IF(U109<>\"ok\",\"Anexo: Relatório Técnico Circunstanciado justificando a adoção do percentual de cada parcela do BDI.\",\"\")","v":{"$error":"#N/A"}}]
[null,null,null,null,null,null,null,null,""]
[null,null,null,null,null,null,null,null,"","Os valores de BDI foram calculados com o emprego da fórmula:"]
[null,null,null,null,null,null,null,null,"",null,null,null,"BDI =",{"$f":"IF($J97=$A$146,\"(1+K1+K2)*(1+K3)\",\"(1+AC + S + R + G)*(1 + DF)*(1+L)\")","v":"(1+AC + S + R + G)*(1 + DF)*(1+L)"},null,null," - 1"]
[null,null,null,null,null,null,null,null,"",null,null,null,null,"(1-CP-ISS-CRPB)"]
[null,null,null,null,null,null,null,null,""]
[null,null,null,null,null,null,null,null,"",{"$f":"CONCATENATE(\"Declaro para os devidos fins que, conforme legislação tributária municipal, a base de cálculo deste tipo de obra corresponde à \",$R$10*100,\"%, com a respectiva alíquota de \",$R$11*100,\"%.\")","v":"Declaro para os devidos fins que, conforme legislação tributária municipal, a base de cálculo deste tipo de obra corresponde à 40%, com a respectiva alíquota de 2%."}]
[null,null,null,null,null,null,null,null,""]
[null,null,null,null,null,null,null,null,"",{"$f":"CONCATENATE(\"Declaro para os devidos fins que o regime de Contribuição Previdenciária sobre a Receita Bruta adotado para elaboração do orçamento foi \",IF(DESONERACAO=\"Sim\",\"COM\",\"SEM\"),\" Desoneração, e que esta é a alternativa mais adequada para a Administração Pública.\")","v":"Declaro para os devidos fins que o regime de Contribuição Previdenciária sobre a Receita Bruta adotado para elaboração do orçamento foi COM Desoneração, e que esta é a alternativa mais adequada para a Administração Pública."}]
[null,null,null,null,null,null,null,null,""]
[null,null,null,null,null,null,null,null,"","Observações:"]
[null,null,null,null,null,null,null,null,""]
[null,null,null,null,null,null,null,null,""]
[null,null,null,null,null,null,null,null,"",{"$f":"Import.Município","v":"TENENTE PORTELA"},null,null,null,null,null,{"$f":"DADOS!$F$25","v":"2024-11-15"}]
[null,null,null,null,null,null,null,null,"","Local",null,null,null,null,null,"Data"]
[null,null,null,null,null,null,null,null,""]
[null,null,null,null,null,null,null,null,""]
[null,null,null,null,null,null,null,null,"","Responsável Técnico"]
[null,null,null,null,null,null,null,null,"","Nome:",{"$f":"Import.RespOrçamento","v":"RONEI ROBSON PÖERCH"}]
[null,null,null,null,null,null,null,null,"","CREA/CAU:","128652-4"]
[null,null,null,null,null,null,null,null,"","ART/RRT:",0]
[]
[]
[]
[]
[]
["(SELECIONAR)"]
["Construção e Reforma de Edifícios"]
["Construção de Praças Urbanas, Rodovias, Ferrovias e recapeamento e pavimentação de vias urbanas"]
["Construção de Redes de Abastecimento de Água, Coleta de Esgoto"]
["Construção e Manutenção de Estações e Redes de Distribuição de Energia Elétrica"]
["Obras Portuárias, Marítimas e Fluviais"]
["Fornecimento de Materiais e Equipamentos (aquisição indireta - em conjunto com licitação de obras)"]
["Fornecimento de Materiais e Equipamentos (aquisição direta)"]
["Estudos e Projetos, Planos e Gerenciamento e outros correlatos"]

{"sheet":"ORÇAMENTO","index":4,"n_rows":313,"n_cols":40,"rows_kept":313,"cut":false,"hidden":false,"merged":[[311,14,311,16],[14,14,14,17],[298,16,298,23],[301,14,303,23],[305,14,305,23],[308,14,308,16],[306,14,306,23],[3,14,3,15],[3,18,3,23],[4,14,4,15],[4,18,4,23],[7,5,7,10],[7,11,11,11],[7,14,7,15],[7,18,7,20],[8,5,8,10],[4,30,4,31],[6,14,6,15],[6,18,6,20],[6,37,10,37],[7,24,11,24],[7,25,11,25],[11,26,11,27],[6,35,10,35]]}
[null,null,null,null,null,null,null,null,null,null,null,null,null,null,null,null,null,"PO - PLANILHA ORÇAMENTÁRIA",null,null,null,null,null,"Grau de Sigilo"]
[null,null,null,"LOTE","Meta","Nível 2","Nível 3","Nível 4","Serviço",null,null,null,null,null,null,null,null,{"$f":"IF(TIPOORCAMENTO=\"licitado\",\"Orçamento Licitado\",\"Orçamento Base para Licitação\")&\" - \"&import.recurso","v":"Orçamento Base para Licitação - (SELECIONAR)"},null,null,null,null,null,"#PUBLICO"]
[]
["Nmax",null,null,null,null,"BDI 1","BDI 2","BDI 3",0,null,null,null,null,null,"Nº OPERAÇÃO",null,"Nº TransfereGOV","PROPONENTE / TOMADOR","APELIDO DO EMPREENDIMENTO"]
[{"$f":"MAX($C$15:$C$296)","v":3},null,null,null,null,{"$f":"IF(BDI.Opcao=\"DESONERADO\",BDI!$S$30,BDI!$S$29)","v":0.26400000000000001},{"$f":"IF(BDI.Opcao=\"DESONERADO\",BDI!$S$70,BDI!$S$69)","v":0.21990000000000001},{"$f":"IF(BDI.Opcao=\"DESONERADO\",BDI!$S$110,BDI!$S$109)","v":0},null,null,null,null,null,null,{"$f":"Import.CR","v":0},null,{"$f":"Import.TransfereGOV","v":0},{"$f":"Import.Proponente","v":0},{"$f":"Import.Apelido","v":"CENTRO DIA"},null,null,null,null,null,null,null,null,null,null,null,"Arredondamento"]
[]
[null,null,null,null,null,null,null,null,null,null,null,null,null,null,"LOCALIDADE SINAPI",null,"DATA BASE",{"$f":"IF(TIPOORCAMENTO=\"Licitado\",\"NOME DA EMPRESA\",\"DESCRIÇÃO DO LOTE\")","v":"DESCRIÇÃO DO LOTE"},{"$f":"IF(TIPOORCAMENTO=\"Licitado\",\"REGIME DE EXECUÇÃO\",\"MUNICÍPIO / UF\")","v":"MUNICÍPIO / UF"},null,null,{"$f":"IF(TIPOORCAMENTO=\"Licitado\",\"\",\"BDI 1\")","v":"BDI 1"},{"$f":"IF(TIPOORCAMENTO=\"Licitado\",\"\",\"BDI 2\")","v":"BDI 2"},{"$f":"IF(TIPOORCAMENTO=\"Licitado\",\"Nº CTEF\",\"BDI 3\")","v":"BDI 3"},null,null,null,null,null,null,"Quantidade",true,null,null,null,"QUANTIDADES: ACOMP. POR BM",null,"PREÇO UNITÁRIO LICITADO"]
[null,null,null,null,null,{"$f":"IF(LEN(INFO(\"release\"))>5,\"'Referência \"&Excel_BuiltIn_Database&\".xlsm'#Banco.$a5:$a$65536\",\"'[Referência \"&Excel_BuiltIn_Database&\".xlsm]Banco'!$a5:$a$65536\")","v":"'[Referência 10-2024.xlsm]Banco'!$a5:$a$65536"},null,null,null,null,null,"FILTRO",null,null,{"$f":"IF(ISERROR(INDIRECT($F$9)),\"(N/D: 'Referência \"&Excel_BuiltIn_Database&\".xlsm)\",INDIRECT($F$9))","v":"PORTO ALEGRE"},null,{"$f":"TEXT(Import.DataBase,\"mm-aa\")&IF(DESONERACAO=\"Sim\",\" (DES.)\",\" (N DES.)\")","v":"10-24 (DES.)"},{"$f":"IF(TIPOORCAMENTO=\"Licitado\",Import.empresa,Import.DescLote)","v":"CENTRO DIA"},{"$f":"IF(TIPOORCAMENTO=\"Licitado\",Import.RegimeExecução,Import.Município)","v":"TENENTE PORTELA"},null,null,{"$f":"IF(TIPOORCAMENTO=\"Licitado\",\"\",TEXT(F5,\"0,00%\"))","v":"26,40%"},{"$f":"IF(TIPOORCAMENTO=\"Licitado\",\"\",TEXT(G5,\"0,00%\"))","v":"21,99%"},{"$f":"IF(TIPOORCAMENTO=\"Licitado\",Import.CTEF,TEXT(H5,\"0,00%\"))","v":"0,00%"},"RECURSO","SGL RECURSO",null,null,null,null,"Custo Unitáro",true]
[null,null,null,null,null,{"$f":"IF(LEN(INFO(\"release\"))>5,\"'Referência \"&Excel_BuiltIn_Database&\".xlsm'#Banco.$d$3\",\"'[Referência \"&Excel_BuiltIn_Database&\".xlsm]Banco'!$d$3\")","v":"'[Referência 10-2024.xlsm]Banco'!$d$3"},null,null,null,null,null,null,null,null,null,null,null,null,null,null,null,null,null,null,null,null,null,null,null,null,"BDI",true]
[null,null,null,null,null,null,null,null,null,null,null,null,null,null,null,null,null,null,null,null,null,null,null,null,null,null,null,null,"ERRO GERAL",null,"Preço Unitário",true]
[null,null,null,null,null,null,null,null,null,null,null,null,null,null,null,null,null,null,null,null,null,null,null,null,null,null,null,null,{"$f":"IF(COUNTIF($AC$15:OFFSET($AC$296,-1,0),\"DESCRIÇÃO\")+COUNTIF($AC$15:OFFSET($AC$296,-1,0),\"UNIDADE\")+COUNTIF($AC$15:OFFSET($AC$296,-1,0),\"SEM VALOR\")>0,\"NÃO OK\",\"OK\")","v":"OK"},null,"Preço Total",true]
[null,null,null,null,null,null,null,null,null,null,null,null,null,null,null,null,null,null,null,null,null,null,null,null,null,null,"Valores não Arredondados",null,null,null,null,null,null,null,null,"↓",null,"↓"]
["Nível E","Save Nivel","Nível C","Altura","n1","n2","n3","n4","n5","Czero","Cnível","↓","Nível","Nível Corrigido","Item","Fonte","Código","Descrição","Unidade","Quantidade",{"$f":"IF(TIPOORCAMENTO=\"Licitado\",\"\",\"Custo Unitário (sem BDI) (R$)\")","v":"Custo Unitário (sem BDI) (R$)"},{"$f":"IF(TIPOORCAMENTO=\"Licitado\",\"\",\"BDI\n(%)\")","v":"BDI\n(%)"},"Preço Unitário (com BDI) (R$)","Preço Total\n(R$)","↓","↓","Contrapartida (R$)","Outros (R$)","Erro de Dados","Lista Crono","Concatenação Fonte-Código","BancoDesloc","Custo Unitário Referência (R$)",{"$f":"IF(TIPOORCAMENTO=\"LICITADO\",\"Valor BDI Edital\",\"Valor BDI\")","v":"Valor BDI"},null,"Quantidade",null,"Preço Unitário (com BDI) (R$)","Preço Total\nLicit. (R$)","Preço Unitário Edital (R$)"]
[{"$f":"CHOOSE(1+LOG(1+2*(ORÇAMENTO.Nivel=\"Meta\")+4*(ORÇAMENTO.Nivel=\"Nível 2\")+8*(ORÇAMENTO.Nivel=\"Nível 3\")+16*(ORÇAMENTO.Nivel=\"Nível 4\")+32*(ORÇAMENTO.Nivel=\"Serviço\"),2),0,1,2,3,4,\"S\")","v":"S"},{"$f":"IF(OR(C14=\"s\",C14=0),OFFSET(B14,-1,0),C14)","v":"Save Nivel"},{"$f":"IF(OFFSET(C14,-1,0)=\"L\",1,IF(OFFSET(C14,-1,0)=1,2,IF(OR(A14=\"s\",A14=0),\"S\",IF(AND(OFFSET(C14,-1,0)=2,A14=4),3,IF(AND(OR(OFFSET(C14,-1,0)=\"s\",OFFSET(C14,-1,0)=0),A14<>\"s\",A14>OFFSET(B14,-1,0)),OFFSET(B14,-1,0),A14)))))","v":"S"},{"$f":"IF(OR(C14=\"S\",C14=0),0,IF(ISERROR(K14),J14,SMALL(J14:K14,1)))","v":0},{"$f":"IF($C14=1,OFFSET(E14,-1,0)+MAX(1,COUNTIF(QCI!$A$13:$A$24,OFFSET(ORÇAMENTO!E14,-1,0))),OFFSET(E14,-1,0))","v":"n1"},{"$f":"IF($C14=1,0,IF($C14=2,OFFSET(F14,-1,0)+1,OFFSET(F14,-1,0)))","v":"n2"},{"$f":"IF(AND($C14<=2,$C14<>0),0,IF($C14=3,OFFSET(G14,-1,0)+1,OFFSET(G14,-1,0)))","v":"n3"},{"$f":"IF(AND($C14<=3,$C14<>0),0,IF($C14=4,OFFSET(H14,-1,0)+1,OFFSET(H14,-1,0)))","v":"n4"},{"$f":"IF(AND($C14<=4,$C14<>0),0,IF(AND($C14=\"S\",$X14>0),OFFSET(I14,-1,0)+1,OFFSET(I14,-1,0)))","v":"n5"},{"$f":"IF(OR($C14=\"S\",$C14=0),0,MATCH(0,OFFSET($D14,1,$C14,ROW($C$296)-ROW($C14)),0))","v":0},{"$f":"IF(OR($C14=\"S\",$C14=0),0,MATCH(OFFSET($D14,0,$C14)+IF($C14<>1,1,COUNTIF(QCI!$A$13:$A$24,ORÇAMENTO!E14)),OFFSET($D14,1,$C14,ROW($C$296)-ROW($C14)),0))","v":0},{"$f":"IF(OR($X14>0,$C14=1,$C14=2,$C14=3,$C14=4),\"F\",\"\")","v":""},"Serviço",{"$f":"CHOOSE(1+LOG(1+2*(C14=1)+4*(C14=2)+8*(C14=3)+16*(C14=4)+32*(C14=\"S\"),2),\"\",\"Meta\",\"Nível 2\",\"Nível 3\",\"Nível 4\",\"Serviço\")","v":"Serviço"},{"$f":"IF(OR($C14=0,$L14=\"\"),\"-\",CONCATENATE(E14&\".\",IF(AND($A$5>=2,$C14>=2),F14&\".\",\"\"),IF(AND($A$5>=3,$C14>=3),G14&\".\",\"\"),IF(AND($A$5>=4,$C14>=4),H14&\".\",\"\"),IF($C14=\"S\",I14&\".\",\"\")))","v":"-"},"SINAPI",null,{"$f":"IF($C14=\"S\",REFERENCIA.Descricao,\"(digite a descrição aqui)\")","v":"(Sem Código)"},{"$f":"REFERENCIA.Unidade","v":"-"},{"$f":"OFFSET(CÁLCULO!H$15,ROW($T14)-ROW(T$15),0)","v":0},null,"BDI 1",{"$f":"IF($C14=\"S\",ROUND(IF(TIPOORCAMENTO=\"Proposto\",ORÇAMENTO.CustoUnitario*(1+$AH14),ORÇAMENTO.PrecoUnitarioLicitado),15-13*$AF$10),0)","v":0},{"$f":"IF($C14=\"S\",IF(Import.TipoArredondamento<>\"TransfereGOV\",VTOTAL1,SUM(OFFSET(CÁLCULO!$AA$15,ROW($X14)-ROW($X$15),1):OFFSET(CÁLCULO!$AL$15,ROW($X14)-ROW($X$15),-1))),IF($C14=0,0,ROUND(SomaAgrup,15-13*$AF$11)))","v":0},"RA",{"$f":"IF(AND($C14=\"S\",$X14>0),IF(ISBLANK($Y14),\"RA\",LEFT($Y14,2)),\"\")","v":""},{"$f":"IF($C14=\"S\",IF($Z14=\"CP\",$X14,IF($Z14=\"RA\",(($X14)*QCI!$AA$3),0)),SomaAgrup)","v":0},{"$f":"IF($C14=\"S\",IF($Z14=\"OU\",ROUND($X14,2),0),SomaAgrup)","v":0},{"$f":"IF($N14=\"\",\"\",IF(ORÇAMENTO.Descricao=\"\",\"DESCRIÇÃO\",IF(AND($C14=\"S\",ORÇAMENTO.Unidade=\"\"),\"UNIDADE\",IF($X14<0,\"VALOR NEGATIVO\",IF(OR(AND(TIPOORCAMENTO=\"Proposto\",$AG14<>\"\",$AG14>0,ORÇAMENTO.CustoUnitario>$AG14),AND(TIPOORCAMENTO=\"LICITADO\",ORÇAMENTO.PrecoUnitarioLicitado>$AN14)),\"ACIMA REF.\",\"\")))))","v":""},{"$f":"IF(C14<=CRONO.NivelExibicao,MAX($AD$15:OFFSET(AD14,-1,0))+IF($C14<>1,1,MAX(1,COUNTIF(QCI!$A$13:$A$24,OFFSET($E14,-1,0)))),\"\")","v":""},{"$f":"IF(AND($C14=\"S\",ORÇAMENTO.CodBarra<>\"\"),IF(ORÇAMENTO.Fonte=\"\",ORÇAMENTO.CodBarra,CONCATENATE(ORÇAMENTO.Fonte,\" \",ORÇAMENTO.CodBarra)))","v":false},{"$f":"IF(ISERROR(INDIRECT(ORÇAMENTO.BancoRef)),\"(abra o arquivo 'Referência \"&Excel_BuiltIn_Database&\".xlsm)\",IF(OR($C14<>\"S\",ORÇAMENTO.CodBarra=\"\"),\"(Sem Código)\",IF(ISERROR(MATCH($AE14,INDIRECT(ORÇAMENTO.BancoRef),0)),\"(Código não identificado nas referências)\",MATCH($AE14,INDIRECT(ORÇAMENTO.BancoRef),0))))","v":"(Sem Código)"},{"$f":"ROUND(IF(DESONERACAO=\"sim\",REFERENCIA.Desonerado,REFERENCIA.NaoDesonerado),2)","v":0},{"$f":"ROUND(IF(ISNUMBER(ORÇAMENTO.OpcaoBDI),ORÇAMENTO.OpcaoBDI,IF(LEFT(ORÇAMENTO.OpcaoBDI,3)=\"BDI\",HLOOKUP(ORÇAMENTO.OpcaoBDI,$F$4:$H$5,2,FALSE),0)),15-11*$AF$9)","v":0.26400000000000001},null,null,null,null,{"$f":"$X14","v":0},{"$f":"ROUND(ORÇAMENTO.CustoUnitario*(1+$AH14),2)","v":0}]
[0,null,"L",{"$f":"COUNTA(OFFSET(D15,1,0):D$296)","v":280},0,null,null,null,null,null,null,"F",{"$f":"IF(TIPOORCAMENTO=\"LICITADO\",\"CTEF\",\"LOTE\")","v":"LOTE"},{"$f":"IF(TIPOORCAMENTO=\"LICITADO\",\"CTEF\",\"LOTE\")","v":"LOTE"},{"$f":"Import.DescLote","v":"CENTRO DIA"},null,null,null,null,null,null,null,null,{"$f":"SUMIF(OFFSET($C15,1,0,ROW(X296)-ROW(X15)-1),\"S\",OFFSET(X15,1,0,ROW(X296)-ROW(X15)-1))","v":1117774.7000000002},null,{"$f":"IF(AND($C15=\"S\",$X15>0),LEFT($Y15,2),\"\")","v":""},{"$f":"SUMIF(OFFSET($C15,1,0,ROW(AA296)-ROW(AA15)-1),\"S\",OFFSET(AA15,1,0,ROW(AA296)-ROW(AA15)-1))","v":1117774.7000000002},{"$f":"SUMIF(OFFSET($C15,1,0,ROW(AB296)-ROW(AB15)-1),\"S\",OFFSET(AB15,1,0,ROW(AB296)-ROW(AB15)-1))","v":0},null,null,null,null,null,null,null,null,null,null,1117774.7000000002]
[{"$f":"CHOOSE(1+LOG(1+2*(ORÇAMENTO.Nivel=\"Meta\")+4*(ORÇAMENTO.Nivel=\"Nível 2\")+8*(ORÇAMENTO.Nivel=\"Nível 3\")+16*(ORÇAMENTO.Nivel=\"Nível 4\")+32*(ORÇAMENTO.Nivel=\"Serviço\"),2),0,1,2,3,4,\"S\")","v":1},{"$f":"IF(OR(C16=\"s\",C16=0),OFFSET(B16,-1,0),C16)","v":1},{"$f":"IF(OFFSET(C16,-1,0)=\"L\",1,IF(OFFSET(C16,-1,0)=1,2,IF(OR(A16=\"s\",A16=0),\"S\",IF(AND(OFFSET(C16,-1,0)=2,A16=4),3,IF(AND(OR(OFFSET(C16,-1,0)=\"s\",OFFSET(C16,-1,0)=0),A16<>\"s\",A16>OFFSET(B16,-1,0)),OFFSET(B16,-1,0),A16)))))","v":1},{"$f":"IF(OR(C16=\"S\",C16=0),0,IF(ISERROR(K16),J16,SMALL(J16:K16,1)))","v":280},{"$f":"IF($C16=1,OFFSET(E16,-1,0)+MAX(1,COUNTIF(QCI!$A$13:$A$24,OFFSET(ORÇAMENTO!E16,-1,0))),OFFSET(E16,-1,0))","v":1},{"$f":"IF($C16=1,0,IF($C16=2,OFFSET(F16,-1,0)+1,OFFSET(F16,-1,0)))","v":0},{"$f":"IF(AND($C16<=2,$C16<>0),0,IF($C16=3,OFFSET(G16,-1,0)+1,OFFSET(G16,-1,0)))","v":0},{"$f":"IF(AND($C16<=3,$C16<>0),0,IF($C16=4,OFFSET(H16,-1,0)+1,OFFSET(H16,-1,0)))","v":0},{"$f":"IF(AND($C16<=4,$C16<>0),0,IF(AND($C16=\"S\",$X16>0),OFFSET(I16,-1,0)+1,OFFSET(I16,-1,0)))","v":0},{"$f":"IF(OR($C16=\"S\",$C16=0),0,MATCH(0,OFFSET($D16,1,$C16,ROW($C$296)-ROW($C16)),0))","v":280},{"$f":"IF(OR($C16=\"S\",$C16=0),0,MATCH(OFFSET($D16,0,$C16)+IF($C16<>1,1,COUNTIF(QCI!$A$13:$A$24,ORÇAMENTO!E16)),OFFSET($D16,1,$C16,ROW($C$296)-ROW($C16)),0))","v":{"$error":"#N/A"}},{"$f":"IF(OR($X16>0,$C16=1,$C16=2,$C16=3,$C16=4),\"F\",\"\")","v":"F"},"Meta",{"$f":"CHOOSE(1+LOG(1+2*(C16=1)+4*(C16=2)+8*(C16=3)+16*(C16=4)+32*(C16=\"S\"),2),\"\",\"Meta\",\"Nível 2\",\"Nível 3\",\"Nível 4\",\"Serviço\")","v":"Meta"},{"$f":"IF(OR($C16=0,$L16=\"\"),\"-\",CONCATENATE(E16&\".\",IF(AND($A$5>=2,$C16>=2),F16&\".\",\"\"),IF(AND($A$5>=3,$C16>=3),G16&\".\",\"\"),IF(AND($A$5>=4,$C16>=4),H16&\".\",\"\"),IF($C16=\"S\",I16&\".\",\"\")))","v":"1."},"SINAPI",null,"CENTRO DIA",{"$f":"REFERENCIA.Unidade","v":"-"},{"$f":"OFFSET(CÁLCULO!H$15,ROW($T16)-ROW(T$15),0)","v":0},null,"BDI 1",{"$f":"IF($C16=\"S\",ROUND(IF(TIPOORCAMENTO=\"Proposto\",ORÇAMENTO.CustoUnitario*(1+$AH16),ORÇAMENTO.PrecoUnitarioLicitado),15-13*$AF$10),0)","v":0},{"$f":"IF($C16=\"S\",IF(Import.TipoArredondamento<>\"TransfereGOV\",VTOTAL1,SUM(OFFSET(CÁLCULO!$AA$15,ROW($X16)-ROW($X$15),1):OFFSET(CÁLCULO!$AL$15,ROW($X16)-ROW($X$15),-1))),IF($C16=0,0,ROUND(SomaAgrup,15-13*$AF$11)))","v":1117774.7},"RA",{"$f":"IF(AND($C16=\"S\",$X16>0),IF(ISBLANK($Y16),\"RA\",LEFT($Y16,2)),\"\")","v":""},{"$f":"IF($C16=\"S\",IF($Z16=\"CP\",$X16,IF($Z16=\"RA\",(($X16)*QCI!$AA$3),0)),SomaAgrup)","v":1117774.7000000002},{"$f":"IF($C16=\"S\",IF($Z16=\"OU\",ROUND($X16,2),0),SomaAgrup)","v":0},{"$f":"IF($N16=\"\",\"\",IF(ORÇAMENTO.Descricao=\"\",\"DESCRIÇÃO\",IF(AND($C16=\"S\",ORÇAMENTO.Unidade=\"\"),\"UNIDADE\",IF($X16<0,\"VALOR NEGATIVO\",IF(OR(AND(TIPOORCAMENTO=\"Proposto\",$AG16<>\"\",$AG16>0,ORÇAMENTO.CustoUnitario>$AG16),AND(TIPOORCAMENTO=\"LICITADO\",ORÇAMENTO.PrecoUnitarioLicitado>$AN16)),\"ACIMA REF.\",\"\")))))","v":""},{"$f":"IF(C16<=CRONO.NivelExibicao,MAX($AD$15:OFFSET(AD16,-1,0))+IF($C16<>1,1,MAX(1,COUNTIF(QCI!$A$13:$A$24,OFFSET($E16,-1,0)))),\"\")","v":1},{"$f":"IF(AND($C16=\"S\",ORÇAMENTO.CodBarra<>\"\"),IF(ORÇAMENTO.Fonte=\"\",ORÇAMENTO.CodBarra,CONCATENATE(ORÇAMENTO.Fonte,\" \",ORÇAMENTO.CodBarra)))","v":false},{"$f":"IF(ISERROR(INDIRECT(ORÇAMENTO.BancoRef)),\"(abra o arquivo 'Referência \"&Excel_BuiltIn_Database&\".xlsm)\",IF(OR($C16<>\"S\",ORÇAMENTO.CodBarra=\"\"),\"(Sem Código)\",IF(ISERROR(MATCH($AE16,INDIRECT(ORÇAMENTO.BancoRef),0)),\"(Código não identificado nas referências)\",MATCH($AE16,INDIRECT(ORÇAMENTO.BancoRef),0))))","v":"(Sem Código)"},{"$f":"ROUND(IF(DESONERACAO=\"sim\",REFERENCIA.Desonerado,REFERENCIA.NaoDesonerado),2)","v":0},{"$f":"ROUND(IF(ISNUMBER(ORÇAMENTO.OpcaoBDI),ORÇAMENTO.OpcaoBDI,IF(LEFT(ORÇAMENTO.OpcaoBDI,3)=\"BDI\",HLOOKUP(ORÇAMENTO.OpcaoBDI,$F$4:$H$5,2,FALSE),0)),15-11*$AF$9)","v":0.26400000000000001},null,null,null,null,1117774.7,{"$f":"ROUND(ORÇAMENTO.CustoUnitario*(1+$AH16),2)","v":0}]
[{"$f":"CHOOSE(1+LOG(1+2*(ORÇAMENTO.Nivel=\"Meta\")+4*(ORÇAMENTO.Nivel=\"Nível 2\")+8*(ORÇAMENTO.Nivel=\"Nível 3\")+16*(ORÇAMENTO.Nivel=\"Nível 4\")+32*(ORÇAMENTO.Nivel=\"Serviço\"),2),0,1,2,3,4,\"S\")","v":2},{"$f":"IF(OR(C17=\"s\",C17=0),OFFSET(B17,-1,0),C17)","v":2},{"$f":"IF(OFFSET(C17,-1,0)=\"L\",1,IF(OFFSET(C17,-1,0)=1,2,IF(OR(A17=\"s\",A17=0),\"S\",IF(AND(OFFSET(C17,-1,0)=2,A17=4),3,IF(AND(OR(OFFSET(C17,-1,0)=\"s\",OFFSET(C17,-1,0)=0),A17<>\"s\",A17>OFFSET(B17,-1,0)),OFFSET(B17,-1,0),A17)))))","v":2},{"$f":"IF(OR(C17=\"S\",C17=0),0,IF(ISERROR(K17),J17,SMALL(J17:K17,1)))","v":5},{"$f":"IF($C17=1,OFFSET(E17,-1,0)+MAX(1,COUNTIF(QCI!$A$13:$A$24,OFFSET(ORÇAMENTO!E17,-1,0))),OFFSET(E17,-1,0))","v":1},{"$f":"IF($C17=1,0,IF($C17=2,OFFSET(F17,-1,0)+1,OFFSET(F17,-1,0)))","v":1},{"$f":"IF(AND($C17<=2,$C17<>0),0,IF($C17=3,OFFSET(G17,-1,0)+1,OFFSET(G17,-1,0)))","v":0},{"$f":"IF(AND($C17<=3,$C17<>0),0,IF($C17=4,OFFSET(H17,-1,0)+1,OFFSET(H17,-1,0)))","v":0},{"$f":"IF(AND($C17<=4,$C17<>0),0,IF(AND($C17=\"S\",$X17>0),OFFSET(I17,-1,0)+1,OFFSET(I17,-1,0)))","v":0},279,{"$f":"IF(OR($C17=\"S\",$C17=0),0,MATCH(OFFSET($D17,0,$C17)+IF($C17<>1,1,COUNTIF(QCI!$A$13:$A$24,ORÇAMENTO!E17)),OFFSET($D17,1,$C17,ROW($C$296)-ROW($C17)),0))","v":5},{"$f":"IF(OR($X17>0,$C17=1,$C17=2,$C17=3,$C17=4),\"F\",\"\")","v":"F"},"Nível 2",{"$f":"CHOOSE(1+LOG(1+2*(C17=1)+4*(C17=2)+8*(C17=3)+16*(C17=4)+32*(C17=\"S\"),2),\"\",\"Meta\",\"Nível 2\",\"Nível 3\",\"Nível 4\",\"Serviço\")","v":"Nível 2"},{"$f":"IF(OR($C17=0,$L17=\"\"),\"-\",CONCATENATE(E17&\".\",IF(AND($A$5>=2,$C17>=2),F17&\".\",\"\"),IF(AND($A$5>=3,$C17>=3),G17&\".\",\"\"),IF(AND($A$5>=4,$C17>=4),H17&\".\",\"\"),IF($C17=\"S\",I17&\".\",\"\")))","v":"1.1."},"SINAPI",null,"SERVIÇOS PRELIMINARES",{"$f":"REFERENCIA.Unidade","v":"-"},{"$f":"OFFSET(CÁLCULO!H$15,ROW($T17)-ROW(T$15),0)","v":0},null,"BDI 1",{"$f":"IF($C17=\"S\",ROUND(IF(TIPOORCAMENTO=\"Proposto\",ORÇAMENTO.CustoUnitario*(1+$AH17),ORÇAMENTO.PrecoUnitarioLicitado),15-13*$AF$10),0)","v":0},{"$f":"IF($C17=\"S\",IF(Import.TipoArredondamento<>\"TransfereGOV\",VTOTAL1,SUM(OFFSET(CÁLCULO!$AA$15,ROW($X17)-ROW($X$15),1):OFFSET(CÁLCULO!$AL$15,ROW($X17)-ROW($X$15),-1))),IF($C17=0,0,ROUND(SomaAgrup,15-13*$AF$11)))","v":10602.85},"RA",{"$f":"IF(AND($C17=\"S\",$X17>0),IF(ISBLANK($Y17),\"RA\",LEFT($Y17,2)),\"\")","v":""},{"$f":"IF($C17=\"S\",IF($Z17=\"CP\",$X17,IF($Z17=\"RA\",(($X17)*QCI!$AA$3),0)),SomaAgrup)","v":10602.85},{"$f":"IF($C17=\"S\",IF($Z17=\"OU\",ROUND($X17,2),0),SomaAgrup)","v":0},{"$f":"IF($N17=\"\",\"\",IF(ORÇAMENTO.Descricao=\"\",\"DESCRIÇÃO\",IF(AND($C17=\"S\",ORÇAMENTO.Unidade=\"\"),\"UNIDADE\",IF($X17<0,\"VALOR NEGATIVO\",IF(OR(AND(TIPOORCAMENTO=\"Proposto\",$AG17<>\"\",$AG17>0,ORÇAMENTO.CustoUnitario>$AG17),AND(TIPOORCAMENTO=\"LICITADO\",ORÇAMENTO.PrecoUnitarioLicitado>$AN17)),\"ACIMA REF.\",\"\")))))","v":""},{"$f":"IF(C17<=CRONO.NivelExibicao,MAX($AD$15:OFFSET(AD17,-1,0))+IF($C17<>1,1,MAX(1,COUNTIF(QCI!$A$13:$A$24,OFFSET($E17,-1,0)))),\"\")","v":2},{"$f":"IF(AND($C17=\"S\",ORÇAMENTO.CodBarra<>\"\"),IF(ORÇAMENTO.Fonte=\"\",ORÇAMENTO.CodBarra,CONCATENATE(ORÇAMENTO.Fonte,\" \",ORÇAMENTO.CodBarra)))","v":false},{"$f":"IF(ISERROR(INDIRECT(ORÇAMENTO.BancoRef)),\"(abra o arquivo 'Referência \"&Excel_BuiltIn_Database&\".xlsm)\",IF(OR($C17<>\"S\",ORÇAMENTO.CodBarra=\"\"),\"(Sem Código)\",IF(ISERROR(MATCH($AE17,INDIRECT(ORÇAMENTO.BancoRef),0)),\"(Código não identificado nas referências)\",MATCH($AE17,INDIRECT(ORÇAMENTO.BancoRef),0))))","v":"(Sem Código)"},{"$f":"ROUND(IF(DESONERACAO=\"sim\",REFERENCIA.Desonerado,REFERENCIA.NaoDesonerado),2)","v":0},{"$f":"ROUND(IF(ISNUMBER(ORÇAMENTO.OpcaoBDI),ORÇAMENTO.OpcaoBDI,IF(LEFT(ORÇAMENTO.OpcaoBDI,3)=\"BDI\",HLOOKUP(ORÇAMENTO.OpcaoBDI,$F$4:$H$5,2,FALSE),0)),15-11*$AF$9)","v":0.26400000000000001},null,null,null,null,10602.85,{"$f":"ROUND(ORÇAMENTO.CustoUnitario*(1+$AH17),2)","v":0}]
[{"$f":"CHOOSE(1+LOG(1+2*(ORÇAMENTO.Nivel=\"Meta\")+4*(ORÇAMENTO.Nivel=\"Nível 2\")+8*(ORÇAMENTO.Nivel=\"Nível 3\")+16*(ORÇAMENTO.Nivel=\"Nível 4\")+32*(ORÇAMENTO.Nivel=\"Serviço\"),2),0,1,2,3,4,\"S\")","v":"S"},{"$f":"IF(OR(C18=\"s\",C18=0),OFFSET(B18,-1,0),C18)","v":2},{"$f":"IF(OFFSET(C18,-1,0)=\"L\",1,IF(OFFSET(C18,-1,0)=1,2,IF(OR(A18=\"s\",A18=0),\"S\",IF(AND(OFFSET(C18,-1,0)=2,A18=4),3,IF(AND(OR(OFFSET(C18,-1,0)=\"s\",OFFSET(C18,-1,0)=0),A18<>\"s\",A18>OFFSET(B18,-1,0)),OFFSET(B18,-1,0),A18)))))","v":"S"},{"$f":"IF(OR(C18=\"S\",C18=0),0,IF(ISERROR(K18),J18,SMALL(J18:K18,1)))","v":0},{"$f":"IF($C18=1,OFFSET(E18,-1,0)+MAX(1,COUNTIF(QCI!$A$13:$A$24,OFFSET(ORÇAMENTO!E18,-1,0))),OFFSET(E18,-1,0))","v":1},{"$f":"IF($C18=1,0,IF($C18=2,OFFSET(F18,-1,0)+1,OFFSET(F18,-1,0)))","v":1},{"$f":"IF(AND($C18<=2,$C18<>0),0,IF($C18=3,OFFSET(G18,-1,0)+1,OFFSET(G18,-1,0)))","v":0},{"$f":"IF(AND($C18<=3,$C18<>0),0,IF($C18=4,OFFSET(H18,-1,0)+1,OFFSET(H18,-1,0)))","v":0},{"$f":"IF(AND($C18<=4,$C18<>0),0,IF(AND($C18=\"S\",$X18>0),OFFSET(I18,-1,0)+1,OFFSET(I18,-1,0)))","v":1},0,{"$f":"IF(OR($C18=\"S\",$C18=0),0,MATCH(OFFSET($D18,0,$C18)+IF($C18<>1,1,COUNTIF(QCI!$A$13:$A$24,ORÇAMENTO!E18)),OFFSET($D18,1,$C18,ROW($C$296)-ROW($C18)),0))","v":0},{"$f":"IF(OR($X18>0,$C18=1,$C18=2,$C18=3,$C18=4),\"F\",\"\")","v":"F"},"Serviço",{"$f":"CHOOSE(1+LOG(1+2*(C18=1)+4*(C18=2)+8*(C18=3)+16*(C18=4)+32*(C18=\"S\"),2),\"\",\"Meta\",\"Nível 2\",\"Nível 3\",\"Nível 4\",\"Serviço\")","v":"Serviço"},{"$f":"IF(OR($C18=0,$L18=\"\"),\"-\",CONCATENATE(E18&\".\",IF(AND($A$5>=2,$C18>=2),F18&\".\",\"\"),IF(AND($A$5>=3,$C18>=3),G18&\".\",\"\"),IF(AND($A$5>=4,$C18>=4),H18&\".\",\"\"),IF($C18=\"S\",I18&\".\",\"\")))","v":"1.1.0.1."},"Cotação","A",{"$f":"IF($C18=\"S\",REFERENCIA.Descricao,\"(digite a descrição aqui)\")","v":"ENTRADA DE ENERGIA ELÉTRICA, SUBTERRANEA, TRIFÁSICA, C10, CABO DE 35 MM2 E DISJ. 100A (POSTE INCLUSO)"},{"$f":"REFERENCIA.Unidade","v":"UNIDADE"},{"$f":"OFFSET(CÁLCULO!H$15,ROW($T18)-ROW(T$15),0)","v":1},{"$f":"AG18","v":2816.82},"BDI 2",{"$f":"IF($C18=\"S\",ROUND(IF(TIPOORCAMENTO=\"Proposto\",ORÇAMENTO.CustoUnitario*(1+$AH18),ORÇAMENTO.PrecoUnitarioLicitado),15-13*$AF$10),0)","v":3436.24},{"$f":"IF($C18=\"S\",IF(Import.TipoArredondamento<>\"TransfereGOV\",VTOTAL1,SUM(OFFSET(CÁLCULO!$AA$15,ROW($X18)-ROW($X$15),1):OFFSET(CÁLCULO!$AL$15,ROW($X18)-ROW($X$15),-1))),IF($C18=0,0,ROUND(SomaAgrup,15-13*$AF$11)))","v":3436.24},"RA",{"$f":"IF(AND($C18=\"S\",$X18>0),IF(ISBLANK($Y18),\"RA\",LEFT($Y18,2)),\"\")","v":"RA"},{"$f":"IF($C18=\"S\",IF($Z18=\"CP\",$X18,IF($Z18=\"RA\",(($X18)*QCI!$AA$3),0)),SomaAgrup)","v":3436.24},{"$f":"IF($C18=\"S\",IF($Z18=\"OU\",ROUND($X18,2),0),SomaAgrup)","v":0},{"$f":"IF($N18=\"\",\"\",IF(ORÇAMENTO.Descricao=\"\",\"DESCRIÇÃO\",IF(AND($C18=\"S\",ORÇAMENTO.Unidade=\"\"),\"UNIDADE\",IF($X18<0,\"VALOR NEGATIVO\",IF(OR(AND(TIPOORCAMENTO=\"Proposto\",$AG18<>\"\",$AG18>0,ORÇAMENTO.CustoUnitario>$AG18),AND(TIPOORCAMENTO=\"LICITADO\",ORÇAMENTO.PrecoUnitarioLicitado>$AN18)),\"ACIMA REF.\",\"\")))))","v":""},{"$f":"IF(C18<=CRONO.NivelExibicao,MAX($AD$15:OFFSET(AD18,-1,0))+IF($C18<>1,1,MAX(1,COUNTIF(QCI!$A$13:$A$24,OFFSET($E18,-1,0)))),\"\")","v":""},{"$f":"IF(AND($C18=\"S\",ORÇAMENTO.CodBarra<>\"\"),IF(ORÇAMENTO.Fonte=\"\",ORÇAMENTO.CodBarra,CONCATENATE(ORÇAMENTO.Fonte,\" \",ORÇAMENTO.CodBarra)))","v":"Cotação A"},{"$f":"IF(ISERROR(INDIRECT(ORÇAMENTO.BancoRef)),\"(abra o arquivo 'Referência \"&Excel_BuiltIn_Database&\".xlsm)\",IF(OR($C18<>\"S\",ORÇAMENTO.CodBarra=\"\"),\"(Sem Código)\",IF(ISERROR(MATCH($AE18,INDIRECT(ORÇAMENTO.BancoRef),0)),\"(Código não identificado nas referências)\",MATCH($AE18,INDIRECT(ORÇAMENTO.BancoRef),0))))","v":60},{"$f":"ROUND(IF(DESONERACAO=\"sim\",REFERENCIA.Desonerado,REFERENCIA.NaoDesonerado),2)","v":2816.82},{"$f":"ROUND(IF(ISNUMBER(ORÇAMENTO.OpcaoBDI),ORÇAMENTO.OpcaoBDI,IF(LEFT(ORÇAMENTO.OpcaoBDI,3)=\"BDI\",HLOOKUP(ORÇAMENTO.OpcaoBDI,$F$4:$H$5,2,FALSE),0)),15-11*$AF$9)","v":0.21990000000000001},null,1,null,null,3436.24,{"$f":"ROUND(ORÇAMENTO.CustoUnitario*(1+$AH18),2)","v":3436.24}]
["S",2,"S",0,{"$f":"IF($C19=1,OFFSET(E19,-1,0)+MAX(1,COUNTIF(QCI!$A$13:$A$24,OFFSET(ORÇAMENTO!E19,-1,0))),OFFSET(E19,-1,0))","v":1},1,0,0,2,0,{"$f":"IF(OR($C19=\"S\",$C19=0),0,MATCH(OFFSET($D19,0,$C19)+IF($C19<>1,1,COUNTIF(QCI!$A$13:$A$24,ORÇAMENTO!E19)),OFFSET($D19,1,$C19,ROW($C$296)-ROW($C19)),0))","v":0},"F","Serviço","Serviço","1.1.0.2.","SINAPI-I","4813","PLACA DE OBRA (PARA CONSTRUCAO CIVIL) EM CHAPA GALVANIZADA *N. 22*, ADESIVADA                                                                                                                                                                                                                                                                                                                                                                                ",{"$f":"REFERENCIA.Unidade","v":"M2    "},{"$f":"OFFSET(CÁLCULO!H$15,ROW($T19)-ROW(T$15),0)","v":4.5},{"$f":"AG19","v":400},"BDI 1",{"$f":"IF($C19=\"S\",ROUND(IF(TIPOORCAMENTO=\"Proposto\",ORÇAMENTO.CustoUnitario*(1+$AH19),ORÇAMENTO.PrecoUnitarioLicitado),15-13*$AF$10),0)","v":505.6},{"$f":"IF($C19=\"S\",IF(Import.TipoArredondamento<>\"TransfereGOV\",VTOTAL1,SUM(OFFSET(CÁLCULO!$AA$15,ROW($X19)-ROW($X$15),1):OFFSET(CÁLCULO!$AL$15,ROW($X19)-ROW($X$15),-1))),IF($C19=0,0,ROUND(SomaAgrup,15-13*$AF$11)))","v":2275.1999999999998},"RA","RA",{"$f":"IF($C19=\"S\",IF($Z19=\"CP\",$X19,IF($Z19=\"RA\",(($X19)*QCI!$AA$3),0)),SomaAgrup)","v":2275.1999999999998},0,{"$f":"IF($N19=\"\",\"\",IF(ORÇAMENTO.Descricao=\"\",\"DESCRIÇÃO\",IF(AND($C19=\"S\",ORÇAMENTO.Unidade=\"\"),\"UNIDADE\",IF($X19<0,\"VALOR NEGATIVO\",IF(OR(AND(TIPOORCAMENTO=\"Proposto\",$AG19<>\"\",$AG19>0,ORÇAMENTO.CustoUnitario>$AG19),AND(TIPOORCAMENTO=\"LICITADO\",ORÇAMENTO.PrecoUnitarioLicitado>$AN19)),\"ACIMA REF.\",\"\")))))","v":""},{"$f":"IF(C19<=CRONO.NivelExibicao,MAX($AD$15:OFFSET(AD19,-1,0))+IF($C19<>1,1,MAX(1,COUNTIF(QCI!$A$13:$A$24,OFFSET($E19,-1,0)))),\"\")","v":""},{"$f":"IF(AND($C19=\"S\",ORÇAMENTO.CodBarra<>\"\"),IF(ORÇAMENTO.Fonte=\"\",ORÇAMENTO.CodBarra,CONCATENATE(ORÇAMENTO.Fonte,\" \",ORÇAMENTO.CodBarra)))","v":"SINAPI-I 4813"},{"$f":"IF(ISERROR(INDIRECT(ORÇAMENTO.BancoRef)),\"(abra o arquivo 'Referência \"&Excel_BuiltIn_Database&\".xlsm)\",IF(OR($C19<>\"S\",ORÇAMENTO.CodBarra=\"\"),\"(Sem Código)\",IF(ISERROR(MATCH($AE19,INDIRECT(ORÇAMENTO.BancoRef),0)),\"(Código não identificado nas referências)\",MATCH($AE19,INDIRECT(ORÇAMENTO.BancoRef),0))))","v":11162},{"$f":"ROUND(IF(DESONERACAO=\"sim\",REFERENCIA.Desonerado,REFERENCIA.NaoDesonerado),2)","v":400},0.26400000000000001,null,{"$f":"3*1.5","v":4.5},null,null,2275.1999999999998,505.6]
["S",2,"S",0,{"$f":"IF($C20=1,OFFSET(E20,-1,0)+MAX(1,COUNTIF(QCI!$A$13:$A$24,OFFSET(ORÇAMENTO!E20,-1,0))),OFFSET(E20,-1,0))","v":1},1,0,0,3,0,{"$f":"IF(OR($C20=\"S\",$C20=0),0,MATCH(OFFSET($D20,0,$C20)+IF($C20<>1,1,COUNTIF(QCI!$A$13:$A$24,ORÇAMENTO!E20)),OFFSET($D20,1,$C20,ROW($C$296)-ROW($C20)),0))","v":0},"F","Serviço","Serviço","1.1.0.3.","SINAPI","99059",{"$f":"IF($C20=\"S\",REFERENCIA.Descricao,\"(digite a descrição aqui)\")","v":"LOCAÇÃO CONVENCIONAL DE OBRA, UTILIZANDO GABARITO DE TÁBUAS CORRIDAS PONTALETADAS A CADA 2,00M -  2 UTILIZAÇÕES. AF_03/2024"},{"$f":"REFERENCIA.Unidade","v":"M"},{"$f":"OFFSET(CÁLCULO!H$15,ROW($T20)-ROW(T$15),0)","v":45.77},52.92,"BDI 1",{"$f":"IF($C20=\"S\",ROUND(IF(TIPOORCAMENTO=\"Proposto\",ORÇAMENTO.CustoUnitario*(1+$AH20),ORÇAMENTO.PrecoUnitarioLicitado),15-13*$AF$10),0)","v":66.89},{"$f":"IF($C20=\"S\",IF(Import.TipoArredondamento<>\"TransfereGOV\",VTOTAL1,SUM(OFFSET(CÁLCULO!$AA$15,ROW($X20)-ROW($X$15),1):OFFSET(CÁLCULO!$AL$15,ROW($X20)-ROW($X$15),-1))),IF($C20=0,0,ROUND(SomaAgrup,15-13*$AF$11)))","v":3061.56},"RA","RA",{"$f":"IF($C20=\"S\",IF($Z20=\"CP\",$X20,IF($Z20=\"RA\",(($X20)*QCI!$AA$3),0)),SomaAgrup)","v":3061.56},0,{"$f":"IF($N20=\"\",\"\",IF(ORÇAMENTO.Descricao=\"\",\"DESCRIÇÃO\",IF(AND($C20=\"S\",ORÇAMENTO.Unidade=\"\"),\"UNIDADE\",IF($X20<0,\"VALOR NEGATIVO\",IF(OR(AND(TIPOORCAMENTO=\"Proposto\",$AG20<>\"\",$AG20>0,ORÇAMENTO.CustoUnitario>$AG20),AND(TIPOORCAMENTO=\"LICITADO\",ORÇAMENTO.PrecoUnitarioLicitado>$AN20)),\"ACIMA REF.\",\"\")))))","v":""},{"$f":"IF(C20<=CRONO.NivelExibicao,MAX($AD$15:OFFSET(AD20,-1,0))+IF($C20<>1,1,MAX(1,COUNTIF(QCI!$A$13:$A$24,OFFSET($E20,-1,0)))),\"\")","v":""},{"$f":"IF(AND($C20=\"S\",ORÇAMENTO.CodBarra<>\"\"),IF(ORÇAMENTO.Fonte=\"\",ORÇAMENTO.CodBarra,CONCATENATE(ORÇAMENTO.Fonte,\" \",ORÇAMENTO.CodBarra)))","v":"SINAPI 99059"},{"$f":"IF(ISERROR(INDIRECT(ORÇAMENTO.BancoRef)),\"(abra o arquivo 'Referência \"&Excel_BuiltIn_Database&\".xlsm)\",IF(OR($C20<>\"S\",ORÇAMENTO.CodBarra=\"\"),\"(Sem Código)\",IF(ISERROR(MATCH($AE20,INDIRECT(ORÇAMENTO.BancoRef),0)),\"(Código não identificado nas referências)\",MATCH($AE20,INDIRECT(ORÇAMENTO.BancoRef),0))))","v":7221},{"$f":"ROUND(IF(DESONERACAO=\"sim\",REFERENCIA.Desonerado,REFERENCIA.NaoDesonerado),2)","v":52.92},0.26400000000000001,null,{"$f":"(36+1.5)+(20.8+1.5)","v":59.8},null,null,3061.56,66.89]
[{"$f":"CHOOSE(1+LOG(1+2*(ORÇAMENTO.Nivel=\"Meta\")+4*(ORÇAMENTO.Nivel=\"Nível 2\")+8*(ORÇAMENTO.Nivel=\"Nível 3\")+16*(ORÇAMENTO.Nivel=\"Nível 4\")+32*(ORÇAMENTO.Nivel=\"Serviço\"),2),0,1,2,3,4,\"S\")","v":"S"},{"$f":"IF(OR(C21=\"s\",C21=0),OFFSET(B21,-1,0),C21)","v":2},{"$f":"IF(OFFSET(C21,-1,0)=\"L\",1,IF(OFFSET(C21,-1,0)=1,2,IF(OR(A21=\"s\",A21=0),\"S\",IF(AND(OFFSET(C21,-1,0)=2,A21=4),3,IF(AND(OR(OFFSET(C21,-1,0)=\"s\",OFFSET(C21,-1,0)=0),A21<>\"s\",A21>OFFSET(B21,-1,0)),OFFSET(B21,-1,0),A21)))))","v":"S"},{"$f":"IF(OR(C21=\"S\",C21=0),0,IF(ISERROR(K21),J21,SMALL(J21:K21,1)))","v":0},{"$f":"IF($C21=1,OFFSET(E21,-1,0)+MAX(1,COUNTIF(QCI!$A$13:$A$24,OFFSET(ORÇAMENTO!E21,-1,0))),OFFSET(E21,-1,0))","v":1},{"$f":"IF($C21=1,0,IF($C21=2,OFFSET(F21,-1,0)+1,OFFSET(F21,-1,0)))","v":1},{"$f":"IF(AND($C21<=2,$C21<>0),0,IF($C21=3,OFFSET(G21,-1,0)+1,OFFSET(G21,-1,0)))","v":0},{"$f":"IF(AND($C21<=3,$C21<>0),0,IF($C21=4,OFFSET(H21,-1,0)+1,OFFSET(H21,-1,0)))","v":0},{"$f":"IF(AND($C21<=4,$C21<>0),0,IF(AND($C21=\"S\",$X21>0),OFFSET(I21,-1,0)+1,OFFSET(I21,-1,0)))","v":4},0,{"$f":"IF(OR($C21=\"S\",$C21=0),0,MATCH(OFFSET($D21,0,$C21)+IF($C21<>1,1,COUNTIF(QCI!$A$13:$A$24,ORÇAMENTO!E21)),OFFSET($D21,1,$C21,ROW($C$296)-ROW($C21)),0))","v":0},{"$f":"IF(OR($X21>0,$C21=1,$C21=2,$C21=3,$C21=4),\"F\",\"\")","v":"F"},"Serviço",{"$f":"CHOOSE(1+LOG(1+2*(C21=1)+4*(C21=2)+8*(C21=3)+16*(C21=4)+32*(C21=\"S\"),2),\"\",\"Meta\",\"Nível 2\",\"Nível 3\",\"Nível 4\",\"Serviço\")","v":"Serviço"},{"$f":"IF(OR($C21=0,$L21=\"\"),\"-\",CONCATENATE(E21&\".\",IF(AND($A$5>=2,$C21>=2),F21&\".\",\"\"),IF(AND($A$5>=3,$C21>=3),G21&\".\",\"\"),IF(AND($A$5>=4,$C21>=4),H21&\".\",\"\"),IF($C21=\"S\",I21&\".\",\"\")))","v":"1.1.0.4."},"ORSE","13197","LOCAÇÃO DE CAIXA COLETORA DE ENTULHO, CAPACIDADE 5M3","UNIDADE",{"$f":"OFFSET(CÁLCULO!H$15,ROW($T21)-ROW(T$15),0)","v":5},300,"BDI 2",{"$f":"IF($C21=\"S\",ROUND(IF(TIPOORCAMENTO=\"Proposto\",ORÇAMENTO.CustoUnitario*(1+$AH21),ORÇAMENTO.PrecoUnitarioLicitado),15-13*$AF$10),0)","v":365.97},{"$f":"IF($C21=\"S\",IF(Import.TipoArredondamento<>\"TransfereGOV\",VTOTAL1,SUM(OFFSET(CÁLCULO!$AA$15,ROW($X21)-ROW($X$15),1):OFFSET(CÁLCULO!$AL$15,ROW($X21)-ROW($X$15),-1))),IF($C21=0,0,ROUND(SomaAgrup,15-13*$AF$11)))","v":1829.85},"RA",{"$f":"IF(AND($C21=\"S\",$X21>0),IF(ISBLANK($Y21),\"RA\",LEFT($Y21,2)),\"\")","v":"RA"},{"$f":"IF($C21=\"S\",IF($Z21=\"CP\",$X21,IF($Z21=\"RA\",(($X21)*QCI!$AA$3),0)),SomaAgrup)","v":1829.85},{"$f":"IF($C21=\"S\",IF($Z21=\"OU\",ROUND($X21,2),0),SomaAgrup)","v":0},{"$f":"IF($N21=\"\",\"\",IF(ORÇAMENTO.Descricao=\"\",\"DESCRIÇÃO\",IF(AND($C21=\"S\",ORÇAMENTO.Unidade=\"\"),\"UNIDADE\",IF($X21<0,\"VALOR NEGATIVO\",IF(OR(AND(TIPOORCAMENTO=\"Proposto\",$AG21<>\"\",$AG21>0,ORÇAMENTO.CustoUnitario>$AG21),AND(TIPOORCAMENTO=\"LICITADO\",ORÇAMENTO.PrecoUnitarioLicitado>$AN21)),\"ACIMA REF.\",\"\")))))","v":""},{"$f":"IF(C21<=CRONO.NivelExibicao,MAX($AD$15:OFFSET(AD21,-1,0))+IF($C21<>1,1,MAX(1,COUNTIF(QCI!$A$13:$A$24,OFFSET($E21,-1,0)))),\"\")","v":""},{"$f":"IF(AND($C21=\"S\",ORÇAMENTO.CodBarra<>\"\"),IF(ORÇAMENTO.Fonte=\"\",ORÇAMENTO.CodBarra,CONCATENATE(ORÇAMENTO.Fonte,\" \",ORÇAMENTO.CodBarra)))","v":"ORSE 13197"},{"$f":"IF(ISERROR(INDIRECT(ORÇAMENTO.BancoRef)),\"(abra o arquivo 'Referência \"&Excel_BuiltIn_Database&\".xlsm)\",IF(OR($C21<>\"S\",ORÇAMENTO.CodBarra=\"\"),\"(Sem Código)\",IF(ISERROR(MATCH($AE21,INDIRECT(ORÇAMENTO.BancoRef),0)),\"(Código não identificado nas referências)\",MATCH($AE21,INDIRECT(ORÇAMENTO.BancoRef),0))))","v":"(Código não identificado nas referências)"},{"$f":"ROUND(IF(DESONERACAO=\"sim\",REFERENCIA.Desonerado,REFERENCIA.NaoDesonerado),2)","v":0},{"$f":"ROUND(IF(ISNUMBER(ORÇAMENTO.OpcaoBDI),ORÇAMENTO.OpcaoBDI,IF(LEFT(ORÇAMENTO.OpcaoBDI,3)=\"BDI\",HLOOKUP(ORÇAMENTO.OpcaoBDI,$F$4:$H$5,2,FALSE),0)),15-11*$AF$9)","v":0.21990000000000001},null,null,null,null,1829.85,{"$f":"ROUND(ORÇAMENTO.CustoUnitario*(1+$AH21),2)","v":365.97}]
[2,2,2,6,{"$f":"IF($C22=1,OFFSET(E22,-1,0)+MAX(1,COUNTIF(QCI!$A$13:$A$24,OFFSET(ORÇAMENTO!E22,-1,0))),OFFSET(E22,-1,0))","v":1},2,0,0,0,274,{"$f":"IF(OR($C22=\"S\",$C22=0),0,MATCH(OFFSET($D22,0,$C22)+IF($C22<>1,1,COUNTIF(QCI!$A$13:$A$24,ORÇAMENTO!E22)),OFFSET($D22,1,$C22,ROW($C$296)-ROW($C22)),0))","v":6},"F","Nível 2","Nível 2","1.2.","SINAPI",null,"TERRAPLANAGEM ",{"$f":"REFERENCIA.Unidade","v":"-"},{"$f":"OFFSET(CÁLCULO!H$15,ROW($T22)-ROW(T$15),0)","v":0},{"$f":"AG22","v":0},"BDI 1",{"$f":"IF($C22=\"S\",ROUND(IF(TIPOORCAMENTO=\"Proposto\",ORÇAMENTO.CustoUnitario*(1+$AH22),ORÇAMENTO.PrecoUnitarioLicitado),15-13*$AF$10),0)","v":0},{"$f":"IF($C22=\"S\",IF(Import.TipoArredondamento<>\"TransfereGOV\",VTOTAL1,SUM(OFFSET(CÁLCULO!$AA$15,ROW($X22)-ROW($X$15),1):OFFSET(CÁLCULO!$AL$15,ROW($X22)-ROW($X$15),-1))),IF($C22=0,0,ROUND(SomaAgrup,15-13*$AF$11)))","v":15504.29},"RA","",{"$f":"IF($C22=\"S\",IF($Z22=\"CP\",$X22,IF($Z22=\"RA\",(($X22)*QCI!$AA$3),0)),SomaAgrup)","v":15504.29},0,{"$f":"IF($N22=\"\",\"\",IF(ORÇAMENTO.Descricao=\"\",\"DESCRIÇÃO\",IF(AND($C22=\"S\",ORÇAMENTO.Unidade=\"\"),\"UNIDADE\",IF($X22<0,\"VALOR NEGATIVO\",IF(OR(AND(TIPOORCAMENTO=\"Proposto\",$AG22<>\"\",$AG22>0,ORÇAMENTO.CustoUnitario>$AG22),AND(TIPOORCAMENTO=\"LICITADO\",ORÇAMENTO.PrecoUnitarioLicitado>$AN22)),\"ACIMA REF.\",\"\")))))","v":""},{"$f":"IF(C22<=CRONO.NivelExibicao,MAX($AD$15:OFFSET(AD22,-1,0))+IF($C22<>1,1,MAX(1,COUNTIF(QCI!$A$13:$A$24,OFFSET($E22,-1,0)))),\"\")","v":3},{"$f":"IF(AND($C22=\"S\",ORÇAMENTO.CodBarra<>\"\"),IF(ORÇAMENTO.Fonte=\"\",ORÇAMENTO.CodBarra,CONCATENATE(ORÇAMENTO.Fonte,\" \",ORÇAMENTO.CodBarra)))","v":false},{"$f":"IF(ISERROR(INDIRECT(ORÇAMENTO.BancoRef)),\"(abra o arquivo 'Referência \"&Excel_BuiltIn_Database&\".xlsm)\",IF(OR($C22<>\"S\",ORÇAMENTO.CodBarra=\"\"),\"(Sem Código)\",IF(ISERROR(MATCH($AE22,INDIRECT(ORÇAMENTO.BancoRef),0)),\"(Código não identificado nas referências)\",MATCH($AE22,INDIRECT(ORÇAMENTO.BancoRef),0))))","v":"(Sem Código)"},{"$f":"ROUND(IF(DESONERACAO=\"sim\",REFERENCIA.Desonerado,REFERENCIA.NaoDesonerado),2)","v":0},0.26400000000000001,null,null,null,null,15504.29,0]
[{"$f":"CHOOSE(1+LOG(1+2*(ORÇAMENTO.Nivel=\"Meta\")+4*(ORÇAMENTO.Nivel=\"Nível 2\")+8*(ORÇAMENTO.Nivel=\"Nível 3\")+16*(ORÇAMENTO.Nivel=\"Nível 4\")+32*(ORÇAMENTO.Nivel=\"Serviço\"),2),0,1,2,3,4,\"S\")","v":"S"},{"$f":"IF(OR(C23=\"s\",C23=0),OFFSET(B23,-1,0),C23)","v":2},{"$f":"IF(OFFSET(C23,-1,0)=\"L\",1,IF(OFFSET(C23,-1,0)=1,2,IF(OR(A23=\"s\",A23=0),\"S\",IF(AND(OFFSET(C23,-1,0)=2,A23=4),3,IF(AND(OR(OFFSET(C23,-1,0)=\"s\",OFFSET(C23,-1,0)=0),A23<>\"s\",A23>OFFSET(B23,-1,0)),OFFSET(B23,-1,0),A23)))))","v":"S"},{"$f":"IF(OR(C23=\"S\",C23=0),0,IF(ISERROR(K23),J23,SMALL(J23:K23,1)))","v":0},{"$f":"IF($C23=1,OFFSET(E23,-1,0)+MAX(1,COUNTIF(QCI!$A$13:$A$24,OFFSET(ORÇAMENTO!E23,-1,0))),OFFSET(E23,-1,0))","v":1},{"$f":"IF($C23=1,0,IF($C23=2,OFFSET(F23,-1,0)+1,OFFSET(F23,-1,0)))","v":2},{"$f":"IF(AND($C23<=2,$C23<>0),0,IF($C23=3,OFFSET(G23,-1,0)+1,OFFSET(G23,-1,0)))","v":0},{"$f":"IF(AND($C23<=3,$C23<>0),0,IF($C23=4,OFFSET(H23,-1,0)+1,OFFSET(H23,-1,0)))","v":0},{"$f":"IF(AND($C23<=4,$C23<>0),0,IF(AND($C23=\"S\",$X23>0),OFFSET(I23,-1,0)+1,OFFSET(I23,-1,0)))","v":1},0,{"$f":"IF(OR($C23=\"S\",$C23=0),0,MATCH(OFFSET($D23,0,$C23)+IF($C23<>1,1,COUNTIF(QCI!$A$13:$A$24,ORÇAMENTO!E23)),OFFSET($D23,1,$C23,ROW($C$296)-ROW($C23)),0))","v":0},{"$f":"IF(OR($X23>0,$C23=1,$C23=2,$C23=3,$C23=4),\"F\",\"\")","v":"F"},"Serviço",{"$f":"CHOOSE(1+LOG(1+2*(C23=1)+4*(C23=2)+8*(C23=3)+16*(C23=4)+32*(C23=\"S\"),2),\"\",\"Meta\",\"Nível 2\",\"Nível 3\",\"Nível 4\",\"Serviço\")","v":"Serviço"},{"$f":"IF(OR($C23=0,$L23=\"\"),\"-\",CONCATENATE(E23&\".\",IF(AND($A$5>=2,$C23>=2),F23&\".\",\"\"),IF(AND($A$5>=3,$C23>=3),G23&\".\",\"\"),IF(AND($A$5>=4,$C23>=4),H23&\".\",\"\"),IF($C23=\"S\",I23&\".\",\"\")))","v":"1.2.0.1."},"SINAPI","98525",{"$f":"IF($C23=\"S\",REFERENCIA.Descricao,\"(digite a descrição aqui)\")","v":"LIMPEZA MECANIZADA DE CAMADA VEGETAL, VEGETAÇÃO E PEQUENAS ÁRVORES (DIÂMETRO DE TRONCO MENOR QUE 0,20 M), COM TRATOR DE ESTEIRAS. AF_03/2024"},{"$f":"REFERENCIA.Unidade","v":"M2"},{"$f":"OFFSET(CÁLCULO!H$15,ROW($T23)-ROW(T$15),0)","v":1577.11},{"$f":"AG23","v":0.66},"BDI 1",{"$f":"IF($C23=\"S\",ROUND(IF(TIPOORCAMENTO=\"Proposto\",ORÇAMENTO.CustoUnitario*(1+$AH23),ORÇAMENTO.PrecoUnitarioLicitado),15-13*$AF$10),0)","v":0.83},{"$f":"IF($C23=\"S\",IF(Import.TipoArredondamento<>\"TransfereGOV\",VTOTAL1,SUM(OFFSET(CÁLCULO!$AA$15,ROW($X23)-ROW($X$15),1):OFFSET(CÁLCULO!$AL$15,ROW($X23)-ROW($X$15),-1))),IF($C23=0,0,ROUND(SomaAgrup,15-13*$AF$11)))","v":1309},"RA",{"$f":"IF(AND($C23=\"S\",$X23>0),IF(ISBLANK($Y23),\"RA\",LEFT($Y23,2)),\"\")","v":"RA"},{"$f":"IF($C23=\"S\",IF($Z23=\"CP\",$X23,IF($Z23=\"RA\",(($X23)*QCI!$AA$3),0)),SomaAgrup)","v":1309},{"$f":"IF($C23=\"S\",IF($Z23=\"OU\",ROUND($X23,2),0),SomaAgrup)","v":0},{"$f":"IF($N23=\"\",\"\",IF(ORÇAMENTO.Descricao=\"\",\"DESCRIÇÃO\",IF(AND($C23=\"S\",ORÇAMENTO.Unidade=\"\"),\"UNIDADE\",IF($X23<0,\"VALOR NEGATIVO\",IF(OR(AND(TIPOORCAMENTO=\"Proposto\",$AG23<>\"\",$AG23>0,ORÇAMENTO.CustoUnitario>$AG23),AND(TIPOORCAMENTO=\"LICITADO\",ORÇAMENTO.PrecoUnitarioLicitado>$AN23)),\"ACIMA REF.\",\"\")))))","v":""},{"$f":"IF(C23<=CRONO.NivelExibicao,MAX($AD$15:OFFSET(AD23,-1,0))+IF($C23<>1,1,MAX(1,COUNTIF(QCI!$A$13:$A$24,OFFSET($E23,-1,0)))),\"\")","v":""},{"$f":"IF(AND($C23=\"S\",ORÇAMENTO.CodBarra<>\"\"),IF(ORÇAMENTO.Fonte=\"\",ORÇAMENTO.CodBarra,CONCATENATE(ORÇAMENTO.Fonte,\" \",ORÇAMENTO.CodBarra)))","v":"SINAPI 98525"},{"$f":"IF(ISERROR(INDIRECT(ORÇAMENTO.BancoRef)),\"(abra o arquivo 'Referência \"&Excel_BuiltIn_Database&\".xlsm)\",IF(OR($C23<>\"S\",ORÇAMENTO.CodBarra=\"\"),\"(Sem Código)\",IF(ISERROR(MATCH($AE23,INDIRECT(ORÇAMENTO.BancoRef),0)),\"(Código não identificado nas referências)\",MATCH($AE23,INDIRECT(ORÇAMENTO.BancoRef),0))))","v":7427},{"$f":"ROUND(IF(DESONERACAO=\"sim\",REFERENCIA.Desonerado,REFERENCIA.NaoDesonerado),2)","v":0.66},{"$f":"ROUND(IF(ISNUMBER(ORÇAMENTO.OpcaoBDI),ORÇAMENTO.OpcaoBDI,IF(LEFT(ORÇAMENTO.OpcaoBDI,3)=\"BDI\",HLOOKUP(ORÇAMENTO.OpcaoBDI,$F$4:$H$5,2,FALSE),0)),15-11*$AF$9)","v":0.26400000000000001},null,{"$f":"12.73*(36+1.5+1.5)","v":496.47},null,null,1309,{"$f":"ROUND(ORÇAMENTO.CustoUnitario*(1+$AH23),2)","v":0.83}]
[{"$f":"CHOOSE(1+LOG(1+2*(ORÇAMENTO.Nivel=\"Meta\")+4*(ORÇAMENTO.Nivel=\"Nível 2\")+8*(ORÇAMENTO.Nivel=\"Nível 3\")+16*(ORÇAMENTO.Nivel=\"Nível 4\")+32*(ORÇAMENTO.Nivel=\"Serviço\"),2),0,1,2,3,4,\"S\")","v":"S"},{"$f":"IF(OR(C24=\"s\",C24=0),OFFSET(B24,-1,0),C24)","v":2},{"$f":"IF(OFFSET(C24,-1,0)=\"L\",1,IF(OFFSET(C24,-1,0)=1,2,IF(OR(A24=\"s\",A24=0),\"S\",IF(AND(OFFSET(C24,-1,0)=2,A24=4),3,IF(AND(OR(OFFSET(C24,-1,0)=\"s\",OFFSET(C24,-1,0)=0),A24<>\"s\",A24>OFFSET(B24,-1,0)),OFFSET(B24,-1,0),A24)))))","v":"S"},{"$f":"IF(OR(C24=\"S\",C24=0),0,IF(ISERROR(K24),J24,SMALL(J24:K24,1)))","v":0},{"$f":"IF($C24=1,OFFSET(E24,-1,0)+MAX(1,COUNTIF(QCI!$A$13:$A$24,OFFSET(ORÇAMENTO!E24,-1,0))),OFFSET(E24,-1,0))","v":1},{"$f":"IF($C24=1,0,IF($C24=2,OFFSET(F24,-1,0)+1,OFFSET(F24,-1,0)))","v":2},{"$f":"IF(AND($C24<=2,$C24<>0),0,IF($C24=3,OFFSET(G24,-1,0)+1,OFFSET(G24,-1,0)))","v":0},{"$f":"IF(AND($C24<=3,$C24<>0),0,IF($C24=4,OFFSET(H24,-1,0)+1,OFFSET(H24,-1,0)))","v":0},{"$f":"IF(AND($C24<=4,$C24<>0),0,IF(AND($C24=\"S\",$X24>0),OFFSET(I24,-1,0)+1,OFFSET(I24,-1,0)))","v":2},0,{"$f":"IF(OR($C24=\"S\",$C24=0),0,MATCH(OFFSET($D24,0,$C24)+IF($C24<>1,1,COUNTIF(QCI!$A$13:$A$24,ORÇAMENTO!E24)),OFFSET($D24,1,$C24,ROW($C$296)-ROW($C24)),0))","v":0},{"$f":"IF(OR($X24>0,$C24=1,$C24=2,$C24=3,$C24=4),\"F\",\"\")","v":"F"},"Serviço",{"$f":"CHOOSE(1+LOG(1+2*(C24=1)+4*(C24=2)+8*(C24=3)+16*(C24=4)+32*(C24=\"S\"),2),\"\",\"Meta\",\"Nível 2\",\"Nível 3\",\"Nível 4\",\"Serviço\")","v":"Serviço"},{"$f":"IF(OR($C24=0,$L24=\"\"),\"-\",CONCATENATE(E24&\".\",IF(AND($A$5>=2,$C24>=2),F24&\".\",\"\"),IF(AND($A$5>=3,$C24>=3),G24&\".\",\"\"),IF(AND($A$5>=4,$C24>=4),H24&\".\",\"\"),IF($C24=\"S\",I24&\".\",\"\")))","v":"1.2.0.2."},"SINAPI","100980",{"$f":"IF($C24=\"S\",REFERENCIA.Descricao,\"(digite a descrição aqui)\")","v":"CARGA, MANOBRA E DESCARGA DE SOLOS E MATERIAIS GRANULARES EM CAMINHÃO BASCULANTE 18 M³ - CARGA COM ESCAVADEIRA HIDRÁULICA (CAÇAMBA DE 1,20 M³ / 155 HP) E DESCARGA LIVRE (UNIDADE: M3). AF_07/2020"},{"$f":"REFERENCIA.Unidade","v":"M3"},{"$f":"OFFSET(CÁLCULO!H$15,ROW($T24)-ROW(T$15),0)","v":205.02},{"$f":"AG24","v":6.76},"BDI 1",{"$f":"IF($C24=\"S\",ROUND(IF(TIPOORCAMENTO=\"Proposto\",ORÇAMENTO.CustoUnitario*(1+$AH24),ORÇAMENTO.PrecoUnitarioLicitado),15-13*$AF$10),0)","v":8.5399999999999991},{"$f":"IF($C24=\"S\",IF(Import.TipoArredondamento<>\"TransfereGOV\",VTOTAL1,SUM(OFFSET(CÁLCULO!$AA$15,ROW($X24)-ROW($X$15),1):OFFSET(CÁLCULO!$AL$15,ROW($X24)-ROW($X$15),-1))),IF($C24=0,0,ROUND(SomaAgrup,15-13*$AF$11)))","v":1750.87},"RA",{"$f":"IF(AND($C24=\"S\",$X24>0),IF(ISBLANK($Y24),\"RA\",LEFT($Y24,2)),\"\")","v":"RA"},{"$f":"IF($C24=\"S\",IF($Z24=\"CP\",$X24,IF($Z24=\"RA\",(($X24)*QCI!$AA$3),0)),SomaAgrup)","v":1750.87},{"$f":"IF($C24=\"S\",IF($Z24=\"OU\",ROUND($X24,2),0),SomaAgrup)","v":0},{"$f":"IF($N24=\"\",\"\",IF(ORÇAMENTO.Descricao=\"\",\"DESCRIÇÃO\",IF(AND($C24=\"S\",ORÇAMENTO.Unidade=\"\"),\"UNIDADE\",IF($X24<0,\"VALOR NEGATIVO\",IF(OR(AND(TIPOORCAMENTO=\"Proposto\",$AG24<>\"\",$AG24>0,ORÇAMENTO.CustoUnitario>$AG24),AND(TIPOORCAMENTO=\"LICITADO\",ORÇAMENTO.PrecoUnitarioLicitado>$AN24)),\"ACIMA REF.\",\"\")))))","v":""},{"$f":"IF(C24<=CRONO.NivelExibicao,MAX($AD$15:OFFSET(AD24,-1,0))+IF($C24<>1,1,MAX(1,COUNTIF(QCI!$A$13:$A$24,OFFSET($E24,-1,0)))),\"\")","v":""},{"$f":"IF(AND($C24=\"S\",ORÇAMENTO.CodBarra<>\"\"),IF(ORÇAMENTO.Fonte=\"\",ORÇAMENTO.CodBarra,CONCATENATE(ORÇAMENTO.Fonte,\" \",ORÇAMENTO.CodBarra)))","v":"SINAPI 100980"},{"$f":"IF(ISERROR(INDIRECT(ORÇAMENTO.BancoRef)),\"(abra o arquivo 'Referência \"&Excel_BuiltIn_Database&\".xlsm)\",IF(OR($C24<>\"S\",ORÇAMENTO.CodBarra=\"\"),\"(Sem Código)\",IF(ISERROR(MATCH($AE24,INDIRECT(ORÇAMENTO.BancoRef),0)),\"(Código não identificado nas referências)\",MATCH($AE24,INDIRECT(ORÇAMENTO.BancoRef),0))))","v":7303},{"$f":"ROUND(IF(DESONERACAO=\"sim\",REFERENCIA.Desonerado,REFERENCIA.NaoDesonerado),2)","v":6.76},{"$f":"ROUND(IF(ISNUMBER(ORÇAMENTO.OpcaoBDI),ORÇAMENTO.OpcaoBDI,IF(LEFT(ORÇAMENTO.OpcaoBDI,3)=\"BDI\",HLOOKUP(ORÇAMENTO.OpcaoBDI,$F$4:$H$5,2,FALSE),0)),15-11*$AF$9)","v":0.26400000000000001},null,null,null,null,{"$f":"$X24","v":1750.87},{"$f":"ROUND(ORÇAMENTO.CustoUnitario*(1+$AH24),2)","v":8.5399999999999991}]
[{"$f":"CHOOSE(1+LOG(1+2*(ORÇAMENTO.Nivel=\"Meta\")+4*(ORÇAMENTO.Nivel=\"Nível 2\")+8*(ORÇAMENTO.Nivel=\"Nível 3\")+16*(ORÇAMENTO.Nivel=\"Nível 4\")+32*(ORÇAMENTO.Nivel=\"Serviço\"),2),0,1,2,3,4,\"S\")","v":"S"},{"$f":"IF(OR(C25=\"s\",C25=0),OFFSET(B25,-1,0),C25)","v":2},{"$f":"IF(OFFSET(C25,-1,0)=\"L\",1,IF(OFFSET(C25,-1,0)=1,2,IF(OR(A25=\"s\",A25=0),\"S\",IF(AND(OFFSET(C25,-1,0)=2,A25=4),3,IF(AND(OR(OFFSET(C25,-1,0)=\"s\",OFFSET(C25,-1,0)=0),A25<>\"s\",A25>OFFSET(B25,-1,0)),OFFSET(B25,-1,0),A25)))))","v":"S"},{"$f":"IF(OR(C25=\"S\",C25=0),0,IF(ISERROR(K25),J25,SMALL(J25:K25,1)))","v":0},{"$f":"IF($C25=1,OFFSET(E25,-1,0)+MAX(1,COUNTIF(QCI!$A$13:$A$24,OFFSET(ORÇAMENTO!E25,-1,0))),OFFSET(E25,-1,0))","v":1},{"$f":"IF($C25=1,0,IF($C25=2,OFFSET(F25,-1,0)+1,OFFSET(F25,-1,0)))","v":2},{"$f":"IF(AND($C25<=2,$C25<>0),0,IF($C25=3,OFFSET(G25,-1,0)+1,OFFSET(G25,-1,0)))","v":0},{"$f":"IF(AND($C25<=3,$C25<>0),0,IF($C25=4,OFFSET(H25,-1,0)+1,OFFSET(H25,-1,0)))","v":0},{"$f":"IF(AND($C25<=4,$C25<>0),0,IF(AND($C25=\"S\",$X25>0),OFFSET(I25,-1,0)+1,OFFSET(I25,-1,0)))","v":3},0,{"$f":"IF(OR($C25=\"S\",$C25=0),0,MATCH(OFFSET($D25,0,$C25)+IF($C25<>1,1,COUNTIF(QCI!$A$13:$A$24,ORÇAMENTO!E25)),OFFSET($D25,1,$C25,ROW($C$296)-ROW($C25)),0))","v":0},{"$f":"IF(OR($X25>0,$C25=1,$C25=2,$C25=3,$C25=4),\"F\",\"\")","v":"F"},"Serviço",{"$f":"CHOOSE(1+LOG(1+2*(C25=1)+4*(C25=2)+8*(C25=3)+16*(C25=4)+32*(C25=\"S\"),2),\"\",\"Meta\",\"Nível 2\",\"Nível 3\",\"Nível 4\",\"Serviço\")","v":"Serviço"},{"$f":"IF(OR($C25=0,$L25=\"\"),\"-\",CONCATENATE(E25&\".\",IF(AND($A$5>=2,$C25>=2),F25&\".\",\"\"),IF(AND($A$5>=3,$C25>=3),G25&\".\",\"\"),IF(AND($A$5>=4,$C25>=4),H25&\".\",\"\"),IF($C25=\"S\",I25&\".\",\"\")))","v":"1.2.0.3."},"SINAPI","95877",{"$f":"IF($C25=\"S\",REFERENCIA.Descricao,\"(digite a descrição aqui)\")","v":"TRANSPORTE COM CAMINHÃO BASCULANTE DE 18 M³, EM VIA URBANA PAVIMENTADA, DMT ATÉ 30 KM (UNIDADE: M3XKM). AF_07/2020"},{"$f":"REFERENCIA.Unidade","v":"M3XKM"},{"$f":"OFFSET(CÁLCULO!H$15,ROW($T25)-ROW(T$15),0)","v":922.61},1.96,"BDI 1",{"$f":"IF($C25=\"S\",ROUND(IF(TIPOORCAMENTO=\"Proposto\",ORÇAMENTO.CustoUnitario*(1+$AH25),ORÇAMENTO.PrecoUnitarioLicitado),15-13*$AF$10),0)","v":2.48},{"$f":"IF($C25=\"S\",IF(Import.TipoArredondamento<>\"TransfereGOV\",VTOTAL1,SUM(OFFSET(CÁLCULO!$AA$15,ROW($X25)-ROW($X$15),1):OFFSET(CÁLCULO!$AL$15,ROW($X25)-ROW($X$15),-1))),IF($C25=0,0,ROUND(SomaAgrup,15-13*$AF$11)))","v":2288.0700000000002},"RA",{"$f":"IF(AND($C25=\"S\",$X25>0),IF(ISBLANK($Y25),\"RA\",LEFT($Y25,2)),\"\")","v":"RA"},{"$f":"IF($C25=\"S\",IF($Z25=\"CP\",$X25,IF($Z25=\"RA\",(($X25)*QCI!$AA$3),0)),SomaAgrup)","v":2288.0700000000002},{"$f":"IF($C25=\"S\",IF($Z25=\"OU\",ROUND($X25,2),0),SomaAgrup)","v":0},{"$f":"IF($N25=\"\",\"\",IF(ORÇAMENTO.Descricao=\"\",\"DESCRIÇÃO\",IF(AND($C25=\"S\",ORÇAMENTO.Unidade=\"\"),\"UNIDADE\",IF($X25<0,\"VALOR NEGATIVO\",IF(OR(AND(TIPOORCAMENTO=\"Proposto\",$AG25<>\"\",$AG25>0,ORÇAMENTO.CustoUnitario>$AG25),AND(TIPOORCAMENTO=\"LICITADO\",ORÇAMENTO.PrecoUnitarioLicitado>$AN25)),\"ACIMA REF.\",\"\")))))","v":""},{"$f":"IF(C25<=CRONO.NivelExibicao,MAX($AD$15:OFFSET(AD25,-1,0))+IF($C25<>1,1,MAX(1,COUNTIF(QCI!$A$13:$A$24,OFFSET($E25,-1,0)))),\"\")","v":""},{"$f":"IF(AND($C25=\"S\",ORÇAMENTO.CodBarra<>\"\"),IF(ORÇAMENTO.Fonte=\"\",ORÇAMENTO.CodBarra,CONCATENATE(ORÇAMENTO.Fonte,\" \",ORÇAMENTO.CodBarra)))","v":"SINAPI 95877"},{"$f":"IF(ISERROR(INDIRECT(ORÇAMENTO.BancoRef)),\"(abra o arquivo 'Referência \"&Excel_BuiltIn_Database&\".xlsm)\",IF(OR($C25<>\"S\",ORÇAMENTO.CodBarra=\"\"),\"(Sem Código)\",IF(ISERROR(MATCH($AE25,INDIRECT(ORÇAMENTO.BancoRef),0)),\"(Código não identificado nas referências)\",MATCH($AE25,INDIRECT(ORÇAMENTO.BancoRef),0))))","v":7249},{"$f":"ROUND(IF(DESONERACAO=\"sim\",REFERENCIA.Desonerado,REFERENCIA.NaoDesonerado),2)","v":1.96},{"$f":"ROUND(IF(ISNUMBER(ORÇAMENTO.OpcaoBDI),ORÇAMENTO.OpcaoBDI,IF(LEFT(ORÇAMENTO.OpcaoBDI,3)=\"BDI\",HLOOKUP(ORÇAMENTO.OpcaoBDI,$F$4:$H$5,2,FALSE),0)),15-11*$AF$9)","v":0.26400000000000001},null,null,null,null,2288.0700000000002,{"$f":"ROUND(ORÇAMENTO.CustoUnitario*(1+$AH25),2)","v":2.48}]
["S",2,"S",0,{"$f":"IF($C26=1,OFFSET(E26,-1,0)+MAX(1,COUNTIF(QCI!$A$13:$A$24,OFFSET(ORÇAMENTO!E26,-1,0))),OFFSET(E26,-1,0))","v":1},2,0,0,4,0,{"$f":"IF(OR($C26=\"S\",$C26=0),0,MATCH(OFFSET($D26,0,$C26)+IF($C26<>1,1,COUNTIF(QCI!$A$13:$A$24,ORÇAMENTO!E26)),OFFSET($D26,1,$C26,ROW($C$296)-ROW($C26)),0))","v":0},"F","Serviço","Serviço","1.2.0.4.","SINAPI","101134",{"$f":"IF($C26=\"S\",REFERENCIA.Descricao,\"(digite a descrição aqui)\")","v":"ESCAVAÇÃO HORIZONTAL, INCLUINDO CARGA, DESCARGA E TRANSPORTE EM SOLO DE 1A CATEGORIA COM TRATOR DE ESTEIRAS (100HP/LÂMINA: 2,19M3) E CAMINHÃO BASCULANTE DE 10M3, DMT ATÉ 200M. AF_07/2020"},{"$f":"REFERENCIA.Unidade","v":"M3"},{"$f":"OFFSET(CÁLCULO!H$15,ROW($T26)-ROW(T$15),0)","v":131.15},16.190000000000001,"BDI 1",{"$f":"IF($C26=\"S\",ROUND(IF(TIPOORCAMENTO=\"Proposto\",ORÇAMENTO.CustoUnitario*(1+$AH26),ORÇAMENTO.PrecoUnitarioLicitado),15-13*$AF$10),0)","v":20.46},{"$f":"IF($C26=\"S\",IF(Import.TipoArredondamento<>\"TransfereGOV\",VTOTAL1,SUM(OFFSET(CÁLCULO!$AA$15,ROW($X26)-ROW($X$15),1):OFFSET(CÁLCULO!$AL$15,ROW($X26)-ROW($X$15),-1))),IF($C26=0,0,ROUND(SomaAgrup,15-13*$AF$11)))","v":2683.33},"RA","RA",{"$f":"IF($C26=\"S\",IF($Z26=\"CP\",$X26,IF($Z26=\"RA\",(($X26)*QCI!$AA$3),0)),SomaAgrup)","v":2683.33},0,{"$f":"IF($N26=\"\",\"\",IF(ORÇAMENTO.Descricao=\"\",\"DESCRIÇÃO\",IF(AND($C26=\"S\",ORÇAMENTO.Unidade=\"\"),\"UNIDADE\",IF($X26<0,\"VALOR NEGATIVO\",IF(OR(AND(TIPOORCAMENTO=\"Proposto\",$AG26<>\"\",$AG26>0,ORÇAMENTO.CustoUnitario>$AG26),AND(TIPOORCAMENTO=\"LICITADO\",ORÇAMENTO.PrecoUnitarioLicitado>$AN26)),\"ACIMA REF.\",\"\")))))","v":""},{"$f":"IF(C26<=CRONO.NivelExibicao,MAX($AD$15:OFFSET(AD26,-1,0))+IF($C26<>1,1,MAX(1,COUNTIF(QCI!$A$13:$A$24,OFFSET($E26,-1,0)))),\"\")","v":""},{"$f":"IF(AND($C26=\"S\",ORÇAMENTO.CodBarra<>\"\"),IF(ORÇAMENTO.Fonte=\"\",ORÇAMENTO.CodBarra,CONCATENATE(ORÇAMENTO.Fonte,\" \",ORÇAMENTO.CodBarra)))","v":"SINAPI 101134"},{"$f":"IF(ISERROR(INDIRECT(ORÇAMENTO.BancoRef)),\"(abra o arquivo 'Referência \"&Excel_BuiltIn_Database&\".xlsm)\",IF(OR($C26<>\"S\",ORÇAMENTO.CodBarra=\"\"),\"(Sem Código)\",IF(ISERROR(MATCH($AE26,INDIRECT(ORÇAMENTO.BancoRef),0)),\"(Código não identificado nas referências)\",MATCH($AE26,INDIRECT(ORÇAMENTO.BancoRef),0))))","v":5751},{"$f":"ROUND(IF(DESONERACAO=\"sim\",REFERENCIA.Desonerado,REFERENCIA.NaoDesonerado),2)","v":16.190000000000001},0.26400000000000001,null,{"$f":"7.22*(36+1.5+1.5)","v":281.58},null,null,2683.33,20.46]
[{"$f":"CHOOSE(1+LOG(1+2*(ORÇAMENTO.Nivel=\"Meta\")+4*(ORÇAMENTO.Nivel=\"Nível 2\")+8*(ORÇAMENTO.Nivel=\"Nível 3\")+16*(ORÇAMENTO.Nivel=\"Nível 4\")+32*(ORÇAMENTO.Nivel=\"Serviço\"),2),0,1,2,3,4,\"S\")","v":"S"},{"$f":"IF(OR(C27=\"s\",C27=0),OFFSET(B27,-1,0),C27)","v":2},{"$f":"IF(OFFSET(C27,-1,0)=\"L\",1,IF(OFFSET(C27,-1,0)=1,2,IF(OR(A27=\"s\",A27=0),\"S\",IF(AND(OFFSET(C27,-1,0)=2,A27=4),3,IF(AND(OR(OFFSET(C27,-1,0)=\"s\",OFFSET(C27,-1,0)=0),A27<>\"s\",A27>OFFSET(B27,-1,0)),OFFSET(B27,-1,0),A27)))))","v":"S"},{"$f":"IF(OR(C27=\"S\",C27=0),0,IF(ISERROR(K27),J27,SMALL(J27:K27,1)))","v":0},{"$f":"IF($C27=1,OFFSET(E27,-1,0)+MAX(1,COUNTIF(QCI!$A$13:$A$24,OFFSET(ORÇAMENTO!E27,-1,0))),OFFSET(E27,-1,0))","v":1},{"$f":"IF($C27=1,0,IF($C27=2,OFFSET(F27,-1,0)+1,OFFSET(F27,-1,0)))","v":2},{"$f":"IF(AND($C27<=2,$C27<>0),0,IF($C27=3,OFFSET(G27,-1,0)+1,OFFSET(G27,-1,0)))","v":0},{"$f":"IF(AND($C27<=3,$C27<>0),0,IF($C27=4,OFFSET(H27,-1,0)+1,OFFSET(H27,-1,0)))","v":0},{"$f":"IF(AND($C27<=4,$C27<>0),0,IF(AND($C27=\"S\",$X27>0),OFFSET(I27,-1,0)+1,OFFSET(I27,-1,0)))","v":5},0,{"$f":"IF(OR($C27=\"S\",$C27=0),0,MATCH(OFFSET($D27,0,$C27)+IF($C27<>1,1,COUNTIF(QCI!$A$13:$A$24,ORÇAMENTO!E27)),OFFSET($D27,1,$C27,ROW($C$296)-ROW($C27)),0))","v":0},{"$f":"IF(OR($X27>0,$C27=1,$C27=2,$C27=3,$C27=4),\"F\",\"\")","v":"F"},"Serviço",{"$f":"CHOOSE(1+LOG(1+2*(C27=1)+4*(C27=2)+8*(C27=3)+16*(C27=4)+32*(C27=\"S\"),2),\"\",\"Meta\",\"Nível 2\",\"Nível 3\",\"Nível 4\",\"Serviço\")","v":"Serviço"},{"$f":"IF(OR($C27=0,$L27=\"\"),\"-\",CONCATENATE(E27&\".\",IF(AND($A$5>=2,$C27>=2),F27&\".\",\"\"),IF(AND($A$5>=3,$C27>=3),G27&\".\",\"\"),IF(AND($A$5>=4,$C27>=4),H27&\".\",\"\"),IF($C27=\"S\",I27&\".\",\"\")))","v":"1.2.0.5."},"SINAPI","101230",{"$f":"IF($C27=\"S\",REFERENCIA.Descricao,\"(digite a descrição aqui)\")","v":"ESCAVAÇÃO VERTICAL PARA INFRAESTRUTURA, COM CARGA, DESCARGA E TRANSPORTE DE SOLO DE 1ª CATEGORIA, COM ESCAVADEIRA HIDRÁULICA (CAÇAMBA: 0,8 M³ / 111 HP), FROTA DE 3 CAMINHÕES BASCULANTES DE 14 M³, DMT ATÉ 1 KM E VELOCIDADE MÉDIA14 KM/H. AF_05/2020"},{"$f":"REFERENCIA.Unidade","v":"M3"},{"$f":"OFFSET(CÁLCULO!H$15,ROW($T27)-ROW(T$15),0)","v":499.2},11.84,"BDI 1",{"$f":"IF($C27=\"S\",ROUND(IF(TIPOORCAMENTO=\"Proposto\",ORÇAMENTO.CustoUnitario*(1+$AH27),ORÇAMENTO.PrecoUnitarioLicitado),15-13*$AF$10),0)","v":14.97},{"$f":"IF($C27=\"S\",IF(Import.TipoArredondamento<>\"TransfereGOV\",VTOTAL1,SUM(OFFSET(CÁLCULO!$AA$15,ROW($X27)-ROW($X$15),1):OFFSET(CÁLCULO!$AL$15,ROW($X27)-ROW($X$15),-1))),IF($C27=0,0,ROUND(SomaAgrup,15-13*$AF$11)))","v":7473.02},"RA",{"$f":"IF(AND($C27=\"S\",$X27>0),IF(ISBLANK($Y27),\"RA\",LEFT($Y27,2)),\"\")","v":"RA"},{"$f":"IF($C27=\"S\",IF($Z27=\"CP\",$X27,IF($Z27=\"RA\",(($X27)*QCI!$AA$3),0)),SomaAgrup)","v":7473.02},{"$f":"IF($C27=\"S\",IF($Z27=\"OU\",ROUND($X27,2),0),SomaAgrup)","v":0},{"$f":"IF($N27=\"\",\"\",IF(ORÇAMENTO.Descricao=\"\",\"DESCRIÇÃO\",IF(AND($C27=\"S\",ORÇAMENTO.Unidade=\"\"),\"UNIDADE\",IF($X27<0,\"VALOR NEGATIVO\",IF(OR(AND(TIPOORCAMENTO=\"Proposto\",$AG27<>\"\",$AG27>0,ORÇAMENTO.CustoUnitario>$AG27),AND(TIPOORCAMENTO=\"LICITADO\",ORÇAMENTO.PrecoUnitarioLicitado>$AN27)),\"ACIMA REF.\",\"\")))))","v":""},{"$f":"IF(C27<=CRONO.NivelExibicao,MAX($AD$15:OFFSET(AD27,-1,0))+IF($C27<>1,1,MAX(1,COUNTIF(QCI!$A$13:$A$24,OFFSET($E27,-1,0)))),\"\")","v":""},{"$f":"IF(AND($C27=\"S\",ORÇAMENTO.CodBarra<>\"\"),IF(ORÇAMENTO.Fonte=\"\",ORÇAMENTO.CodBarra,CONCATENATE(ORÇAMENTO.Fonte,\" \",ORÇAMENTO.CodBarra)))","v":"SINAPI 101230"},{"$f":"IF(ISERROR(INDIRECT(ORÇAMENTO.BancoRef)),\"(abra o arquivo 'Referência \"&Excel_BuiltIn_Database&\".xlsm)\",IF(OR($C27<>\"S\",ORÇAMENTO.CodBarra=\"\"),\"(Sem Código)\",IF(ISERROR(MATCH($AE27,INDIRECT(ORÇAMENTO.BancoRef),0)),\"(Código não identificado nas referências)\",MATCH($AE27,INDIRECT(ORÇAMENTO.BancoRef),0))))","v":5795},{"$f":"ROUND(IF(DESONERACAO=\"sim\",REFERENCIA.Desonerado,REFERENCIA.NaoDesonerado),2)","v":11.84},{"$f":"ROUND(IF(ISNUMBER(ORÇAMENTO.OpcaoBDI),ORÇAMENTO.OpcaoBDI,IF(LEFT(ORÇAMENTO.OpcaoBDI,3)=\"BDI\",HLOOKUP(ORÇAMENTO.OpcaoBDI,$F$4:$H$5,2,FALSE),0)),15-11*$AF$9)","v":0.26400000000000001},null,null,null,null,7473.02,{"$f":"ROUND(ORÇAMENTO.CustoUnitario*(1+$AH27),2)","v":14.97}]
[2,2,2,4,{"$f":"IF($C28=1,OFFSET(E28,-1,0)+MAX(1,COUNTIF(QCI!$A$13:$A$24,OFFSET(ORÇAMENTO!E28,-1,0))),OFFSET(E28,-1,0))","v":1},3,0,0,0,268,{"$f":"IF(OR($C28=\"S\",$C28=0),0,MATCH(OFFSET($D28,0,$C28)+IF($C28<>1,1,COUNTIF(QCI!$A$13:$A$24,ORÇAMENTO!E28)),OFFSET($D28,1,$C28,ROW($C$296)-ROW($C28)),0))","v":4},"F","Nível 2","Nível 2","1.3.","SINAPI",null,"ESCAVAÇÃO PARA FUNDAÇÕES",{"$f":"REFERENCIA.Unidade","v":"-"},{"$f":"OFFSET(CÁLCULO!H$15,ROW($T28)-ROW(T$15),0)","v":0},0,"BDI 1",{"$f":"IF($C28=\"S\",ROUND(IF(TIPOORCAMENTO=\"Proposto\",ORÇAMENTO.CustoUnitario*(1+$AH28),ORÇAMENTO.PrecoUnitarioLicitado),15-13*$AF$10),0)","v":0},{"$f":"IF($C28=\"S\",IF(Import.TipoArredondamento<>\"TransfereGOV\",VTOTAL1,SUM(OFFSET(CÁLCULO!$AA$15,ROW($X28)-ROW($X$15),1):OFFSET(CÁLCULO!$AL$15,ROW($X28)-ROW($X$15),-1))),IF($C28=0,0,ROUND(SomaAgrup,15-13*$AF$11)))","v":1164.42},"RA","",{"$f":"IF($C28=\"S\",IF($Z28=\"CP\",$X28,IF($Z28=\"RA\",(($X28)*QCI!$AA$3),0)),SomaAgrup)","v":1164.42},0,{"$f":"IF($N28=\"\",\"\",IF(ORÇAMENTO.Descricao=\"\",\"DESCRIÇÃO\",IF(AND($C28=\"S\",ORÇAMENTO.Unidade=\"\"),\"UNIDADE\",IF($X28<0,\"VALOR NEGATIVO\",IF(OR(AND(TIPOORCAMENTO=\"Proposto\",$AG28<>\"\",$AG28>0,ORÇAMENTO.CustoUnitario>$AG28),AND(TIPOORCAMENTO=\"LICITADO\",ORÇAMENTO.PrecoUnitarioLicitado>$AN28)),\"ACIMA REF.\",\"\")))))","v":""},{"$f":"IF(C28<=CRONO.NivelExibicao,MAX($AD$15:OFFSET(AD28,-1,0))+IF($C28<>1,1,MAX(1,COUNTIF(QCI!$A$13:$A$24,OFFSET($E28,-1,0)))),\"\")","v":4},{"$f":"IF(AND($C28=\"S\",ORÇAMENTO.CodBarra<>\"\"),IF(ORÇAMENTO.Fonte=\"\",ORÇAMENTO.CodBarra,CONCATENATE(ORÇAMENTO.Fonte,\" \",ORÇAMENTO.CodBarra)))","v":false},{"$f":"IF(ISERROR(INDIRECT(ORÇAMENTO.BancoRef)),\"(abra o arquivo 'Referência \"&Excel_BuiltIn_Database&\".xlsm)\",IF(OR($C28<>\"S\",ORÇAMENTO.CodBarra=\"\"),\"(Sem Código)\",IF(ISERROR(MATCH($AE28,INDIRECT(ORÇAMENTO.BancoRef),0)),\"(Código não identificado nas referências)\",MATCH($AE28,INDIRECT(ORÇAMENTO.BancoRef),0))))","v":"(Sem Código)"},{"$f":"ROUND(IF(DESONERACAO=\"sim\",REFERENCIA.Desonerado,REFERENCIA.NaoDesonerado),2)","v":0},0.26400000000000001,null,null,null,null,1164.42,0]
["S",2,"S",0,{"$f":"IF($C29=1,OFFSET(E29,-1,0)+MAX(1,COUNTIF(QCI!$A$13:$A$24,OFFSET(ORÇAMENTO!E29,-1,0))),OFFSET(E29,-1,0))","v":1},3,0,0,1,0,{"$f":"IF(OR($C29=\"S\",$C29=0),0,MATCH(OFFSET($D29,0,$C29)+IF($C29<>1,1,COUNTIF(QCI!$A$13:$A$24,ORÇAMENTO!E29)),OFFSET($D29,1,$C29,ROW($C$296)-ROW($C29)),0))","v":0},"F","Serviço","Serviço","1.3.0.1.","SINAPI","96525",{"$f":"IF($C29=\"S\",REFERENCIA.Descricao,\"(digite a descrição aqui)\")","v":"ESCAVAÇÃO MECANIZADA PARA VIGA BALDRAME OU SAPATA CORRIDA COM MINI-ESCAVADEIRA (INCLUINDO ESCAVAÇÃO PARA COLOCAÇÃO DE FÔRMAS). AF_01/2024"},{"$f":"REFERENCIA.Unidade","v":"M3"},{"$f":"OFFSET(CÁLCULO!H$15,ROW($T29)-ROW(T$15),0)","v":8.36},53.04,"BDI 1",{"$f":"IF($C29=\"S\",ROUND(IF(TIPOORCAMENTO=\"Proposto\",ORÇAMENTO.CustoUnitario*(1+$AH29),ORÇAMENTO.PrecoUnitarioLicitado),15-13*$AF$10),0)","v":67.040000000000006},{"$f":"IF($C29=\"S\",IF(Import.TipoArredondamento<>\"TransfereGOV\",VTOTAL1,SUM(OFFSET(CÁLCULO!$AA$15,ROW($X29)-ROW($X$15),1):OFFSET(CÁLCULO!$AL$15,ROW($X29)-ROW($X$15),-1))),IF($C29=0,0,ROUND(SomaAgrup,15-13*$AF$11)))","v":560.45000000000005},"RA","RA",{"$f":"IF($C29=\"S\",IF($Z29=\"CP\",$X29,IF($Z29=\"RA\",(($X29)*QCI!$AA$3),0)),SomaAgrup)","v":560.45000000000005},0,{"$f":"IF($N29=\"\",\"\",IF(ORÇAMENTO.Descricao=\"\",\"DESCRIÇÃO\",IF(AND($C29=\"S\",ORÇAMENTO.Unidade=\"\"),\"UNIDADE\",IF($X29<0,\"VALOR NEGATIVO\",IF(OR(AND(TIPOORCAMENTO=\"Proposto\",$AG29<>\"\",$AG29>0,ORÇAMENTO.CustoUnitario>$AG29),AND(TIPOORCAMENTO=\"LICITADO\",ORÇAMENTO.PrecoUnitarioLicitado>$AN29)),\"ACIMA REF.\",\"\")))))","v":""},{"$f":"IF(C29<=CRONO.NivelExibicao,MAX($AD$15:OFFSET(AD29,-1,0))+IF($C29<>1,1,MAX(1,COUNTIF(QCI!$A$13:$A$24,OFFSET($E29,-1,0)))),\"\")","v":""},{"$f":"IF(AND($C29=\"S\",ORÇAMENTO.CodBarra<>\"\"),IF(ORÇAMENTO.Fonte=\"\",ORÇAMENTO.CodBarra,CONCATENATE(ORÇAMENTO.Fonte,\" \",ORÇAMENTO.CodBarra)))","v":"SINAPI 96525"},{"$f":"IF(ISERROR(INDIRECT(ORÇAMENTO.BancoRef)),\"(abra o arquivo 'Referência \"&Excel_BuiltIn_Database&\".xlsm)\",IF(OR($C29<>\"S\",ORÇAMENTO.CodBarra=\"\"),\"(Sem Código)\",IF(ISERROR(MATCH($AE29,INDIRECT(ORÇAMENTO.BancoRef),0)),\"(Código não identificado nas referências)\",MATCH($AE29,INDIRECT(ORÇAMENTO.BancoRef),0))))","v":5727},{"$f":"ROUND(IF(DESONERACAO=\"sim\",REFERENCIA.Desonerado,REFERENCIA.NaoDesonerado),2)","v":53.04},0.26400000000000001,null,{"$f":"(4.75*12)*0.17*0.2","v":1.9380000000000004},null,null,560.45000000000005,67.040000000000006]
["S",2,"S",0,{"$f":"IF($C30=1,OFFSET(E30,-1,0)+MAX(1,COUNTIF(QCI!$A$13:$A$24,OFFSET(ORÇAMENTO!E30,-1,0))),OFFSET(E30,-1,0))","v":1},3,0,0,2,0,{"$f":"IF(OR($C30=\"S\",$C30=0),0,MATCH(OFFSET($D30,0,$C30)+IF($C30<>1,1,COUNTIF(QCI!$A$13:$A$24,ORÇAMENTO!E30)),OFFSET($D30,1,$C30,ROW($C$296)-ROW($C30)),0))","v":0},"F","Serviço","Serviço","1.3.0.2.","SINAPI","101616",{"$f":"IF($C30=\"S\",REFERENCIA.Descricao,\"(digite a descrição aqui)\")","v":"PREPARO DE FUNDO DE VALA COM LARGURA MENOR QUE 1,5 M (ACERTO DO SOLO NATURAL). AF_08/2020"},{"$f":"REFERENCIA.Unidade","v":"M2"},{"$f":"OFFSET(CÁLCULO!H$15,ROW($T30)-ROW(T$15),0)","v":39.950000000000003},5.96,"BDI 1",{"$f":"IF($C30=\"S\",ROUND(IF(TIPOORCAMENTO=\"Proposto\",ORÇAMENTO.CustoUnitario*(1+$AH30),ORÇAMENTO.PrecoUnitarioLicitado),15-13*$AF$10),0)","v":7.53},{"$f":"IF($C30=\"S\",IF(Import.TipoArredondamento<>\"TransfereGOV\",VTOTAL1,SUM(OFFSET(CÁLCULO!$AA$15,ROW($X30)-ROW($X$15),1):OFFSET(CÁLCULO!$AL$15,ROW($X30)-ROW($X$15),-1))),IF($C30=0,0,ROUND(SomaAgrup,15-13*$AF$11)))","v":300.82},"RA","RA",{"$f":"IF($C30=\"S\",IF($Z30=\"CP\",$X30,IF($Z30=\"RA\",(($X30)*QCI!$AA$3),0)),SomaAgrup)","v":300.82},0,{"$f":"IF($N30=\"\",\"\",IF(ORÇAMENTO.Descricao=\"\",\"DESCRIÇÃO\",IF(AND($C30=\"S\",ORÇAMENTO.Unidade=\"\"),\"UNIDADE\",IF($X30<0,\"VALOR NEGATIVO\",IF(OR(AND(TIPOORCAMENTO=\"Proposto\",$AG30<>\"\",$AG30>0,ORÇAMENTO.CustoUnitario>$AG30),AND(TIPOORCAMENTO=\"LICITADO\",ORÇAMENTO.PrecoUnitarioLicitado>$AN30)),\"ACIMA REF.\",\"\")))))","v":""},{"$f":"IF(C30<=CRONO.NivelExibicao,MAX($AD$15:OFFSET(AD30,-1,0))+IF($C30<>1,1,MAX(1,COUNTIF(QCI!$A$13:$A$24,OFFSET($E30,-1,0)))),\"\")","v":""},{"$f":"IF(AND($C30=\"S\",ORÇAMENTO.CodBarra<>\"\"),IF(ORÇAMENTO.Fonte=\"\",ORÇAMENTO.CodBarra,CONCATENATE(ORÇAMENTO.Fonte,\" \",ORÇAMENTO.CodBarra)))","v":"SINAPI 101616"},{"$f":"IF(ISERROR(INDIRECT(ORÇAMENTO.BancoRef)),\"(abra o arquivo 'Referência \"&Excel_BuiltIn_Database&\".xlsm)\",IF(OR($C30<>\"S\",ORÇAMENTO.CodBarra=\"\"),\"(Sem Código)\",IF(ISERROR(MATCH($AE30,INDIRECT(ORÇAMENTO.BancoRef),0)),\"(Código não identificado nas referências)\",MATCH($AE30,INDIRECT(ORÇAMENTO.BancoRef),0))))","v":5973},{"$f":"ROUND(IF(DESONERACAO=\"sim\",REFERENCIA.Desonerado,REFERENCIA.NaoDesonerado),2)","v":5.96},0.26400000000000001,null,{"$f":"1.65*1.25*14","v":28.875},null,null,300.82,7.53]
[{"$f":"CHOOSE(1+LOG(1+2*(ORÇAMENTO.Nivel=\"Meta\")+4*(ORÇAMENTO.Nivel=\"Nível 2\")+8*(ORÇAMENTO.Nivel=\"Nível 3\")+16*(ORÇAMENTO.Nivel=\"Nível 4\")+32*(ORÇAMENTO.Nivel=\"Serviço\"),2),0,1,2,3,4,\"S\")","v":"S"},{"$f":"IF(OR(C31=\"s\",C31=0),OFFSET(B31,-1,0),C31)","v":2},{"$f":"IF(OFFSET(C31,-1,0)=\"L\",1,IF(OFFSET(C31,-1,0)=1,2,IF(OR(A31=\"s\",A31=0),\"S\",IF(AND(OFFSET(C31,-1,0)=2,A31=4),3,IF(AND(OR(OFFSET(C31,-1,0)=\"s\",OFFSET(C31,-1,0)=0),A31<>\"s\",A31>OFFSET(B31,-1,0)),OFFSET(B31,-1,0),A31)))))","v":"S"},{"$f":"IF(OR(C31=\"S\",C31=0),0,IF(ISERROR(K31),J31,SMALL(J31:K31,1)))","v":0},{"$f":"IF($C31=1,OFFSET(E31,-1,0)+MAX(1,COUNTIF(QCI!$A$13:$A$24,OFFSET(ORÇAMENTO!E31,-1,0))),OFFSET(E31,-1,0))","v":1},{"$f":"IF($C31=1,0,IF($C31=2,OFFSET(F31,-1,0)+1,OFFSET(F31,-1,0)))","v":3},{"$f":"IF(AND($C31<=2,$C31<>0),0,IF($C31=3,OFFSET(G31,-1,0)+1,OFFSET(G31,-1,0)))","v":0},{"$f":"IF(AND($C31<=3,$C31<>0),0,IF($C31=4,OFFSET(H31,-1,0)+1,OFFSET(H31,-1,0)))","v":0},{"$f":"IF(AND($C31<=4,$C31<>0),0,IF(AND($C31=\"S\",$X31>0),OFFSET(I31,-1,0)+1,OFFSET(I31,-1,0)))","v":3},0,{"$f":"IF(OR($C31=\"S\",$C31=0),0,MATCH(OFFSET($D31,0,$C31)+IF($C31<>1,1,COUNTIF(QCI!$A$13:$A$24,ORÇAMENTO!E31)),OFFSET($D31,1,$C31,ROW($C$296)-ROW($C31)),0))","v":0},{"$f":"IF(OR($X31>0,$C31=1,$C31=2,$C31=3,$C31=4),\"F\",\"\")","v":"F"},"Serviço",{"$f":"CHOOSE(1+LOG(1+2*(C31=1)+4*(C31=2)+8*(C31=3)+16*(C31=4)+32*(C31=\"S\"),2),\"\",\"Meta\",\"Nível 2\",\"Nível 3\",\"Nível 4\",\"Serviço\")","v":"Serviço"},{"$f":"IF(OR($C31=0,$L31=\"\"),\"-\",CONCATENATE(E31&\".\",IF(AND($A$5>=2,$C31>=2),F31&\".\",\"\"),IF(AND($A$5>=3,$C31>=3),G31&\".\",\"\"),IF(AND($A$5>=4,$C31>=4),H31&\".\",\"\"),IF($C31=\"S\",I31&\".\",\"\")))","v":"1.3.0.3."},"SINAPI","93382",{"$f":"IF($C31=\"S\",REFERENCIA.Descricao,\"(digite a descrição aqui)\")","v":"REATERRO MANUAL DE VALAS, COM COMPACTADOR DE SOLOS DE PERCUSSÃO. AF_08/2023"},{"$f":"REFERENCIA.Unidade","v":"M3"},{"$f":"OFFSET(CÁLCULO!H$15,ROW($T31)-ROW(T$15),0)","v":9.06},26.47,"BDI 1",{"$f":"IF($C31=\"S\",ROUND(IF(TIPOORCAMENTO=\"Proposto\",ORÇAMENTO.CustoUnitario*(1+$AH31),ORÇAMENTO.PrecoUnitarioLicitado),15-13*$AF$10),0)","v":33.46},{"$f":"IF($C31=\"S\",IF(Import.TipoArredondamento<>\"TransfereGOV\",VTOTAL1,SUM(OFFSET(CÁLCULO!$AA$15,ROW($X31)-ROW($X$15),1):OFFSET(CÁLCULO!$AL$15,ROW($X31)-ROW($X$15),-1))),IF($C31=0,0,ROUND(SomaAgrup,15-13*$AF$11)))","v":303.14999999999998},"RA",{"$f":"IF(AND($C31=\"S\",$X31>0),IF(ISBLANK($Y31),\"RA\",LEFT($Y31,2)),\"\")","v":"RA"},{"$f":"IF($C31=\"S\",IF($Z31=\"CP\",$X31,IF($Z31=\"RA\",(($X31)*QCI!$AA$3),0)),SomaAgrup)","v":303.14999999999998},{"$f":"IF($C31=\"S\",IF($Z31=\"OU\",ROUND($X31,2),0),SomaAgrup)","v":0},{"$f":"IF($N31=\"\",\"\",IF(ORÇAMENTO.Descricao=\"\",\"DESCRIÇÃO\",IF(AND($C31=\"S\",ORÇAMENTO.Unidade=\"\"),\"UNIDADE\",IF($X31<0,\"VALOR NEGATIVO\",IF(OR(AND(TIPOORCAMENTO=\"Proposto\",$AG31<>\"\",$AG31>0,ORÇAMENTO.CustoUnitario>$AG31),AND(TIPOORCAMENTO=\"LICITADO\",ORÇAMENTO.PrecoUnitarioLicitado>$AN31)),\"ACIMA REF.\",\"\")))))","v":""},{"$f":"IF(C31<=CRONO.NivelExibicao,MAX($AD$15:OFFSET(AD31,-1,0))+IF($C31<>1,1,MAX(1,COUNTIF(QCI!$A$13:$A$24,OFFSET($E31,-1,0)))),\"\")","v":""},{"$f":"IF(AND($C31=\"S\",ORÇAMENTO.CodBarra<>\"\"),IF(ORÇAMENTO.Fonte=\"\",ORÇAMENTO.CodBarra,CONCATENATE(ORÇAMENTO.Fonte,\" \",ORÇAMENTO.CodBarra)))","v":"SINAPI 93382"},{"$f":"IF(ISERROR(INDIRECT(ORÇAMENTO.BancoRef)),\"(abra o arquivo 'Referência \"&Excel_BuiltIn_Database&\".xlsm)\",IF(OR($C31<>\"S\",ORÇAMENTO.CodBarra=\"\"),\"(Sem Código)\",IF(ISERROR(MATCH($AE31,INDIRECT(ORÇAMENTO.BancoRef),0)),\"(Código não identificado nas referências)\",MATCH($AE31,INDIRECT(ORÇAMENTO.BancoRef),0))))","v":5953},{"$f":"ROUND(IF(DESONERACAO=\"sim\",REFERENCIA.Desonerado,REFERENCIA.NaoDesonerado),2)","v":26.47},{"$f":"ROUND(IF(ISNUMBER(ORÇAMENTO.OpcaoBDI),ORÇAMENTO.OpcaoBDI,IF(LEFT(ORÇAMENTO.OpcaoBDI,3)=\"BDI\",HLOOKUP(ORÇAMENTO.OpcaoBDI,$F$4:$H$5,2,FALSE),0)),15-11*$AF$9)","v":0.26400000000000001},null,{"$f":"#REF!-(0.4*1.6*1.2)-(0.9*0.74*0.59)-(0.4*0.17*0.25)","v":{"$error":"#REF!"}},null,null,303.14999999999998,{"$f":"ROUND(ORÇAMENTO.CustoUnitario*(1+$AH31),2)","v":33.46}]
[2,2,2,6,{"$f":"IF($C32=1,OFFSET(E32,-1,0)+MAX(1,COUNTIF(QCI!$A$13:$A$24,OFFSET(ORÇAMENTO!E32,-1,0))),OFFSET(E32,-1,0))","v":1},4,0,0,0,264,{"$f":"IF(OR($C32=\"S\",$C32=0),0,MATCH(OFFSET($D32,0,$C32)+IF($C32<>1,1,COUNTIF(QCI!$A$13:$A$24,ORÇAMENTO!E32)),OFFSET($D32,1,$C32,ROW($C$296)-ROW($C32)),0))","v":6},"F","Nível 2","Nível 2","1.4.","SINAPI",null,"FUNDAÇÕES",{"$f":"REFERENCIA.Unidade","v":"-"},{"$f":"OFFSET(CÁLCULO!H$15,ROW($T32)-ROW(T$15),0)","v":0},0,"BDI 1",{"$f":"IF($C32=\"S\",ROUND(IF(TIPOORCAMENTO=\"Proposto\",ORÇAMENTO.CustoUnitario*(1+$AH32),ORÇAMENTO.PrecoUnitarioLicitado),15-13*$AF$10),0)","v":0},{"$f":"IF($C32=\"S\",IF(Import.TipoArredondamento<>\"TransfereGOV\",VTOTAL1,SUM(OFFSET(CÁLCULO!$AA$15,ROW($X32)-ROW($X$15),1):OFFSET(CÁLCULO!$AL$15,ROW($X32)-ROW($X$15),-1))),IF($C32=0,0,ROUND(SomaAgrup,15-13*$AF$11)))","v":78515.94},"RA","",{"$f":"IF($C32=\"S\",IF($Z32=\"CP\",$X32,IF($Z32=\"RA\",(($X32)*QCI!$AA$3),0)),SomaAgrup)","v":78515.94},0,{"$f":"IF($N32=\"\",\"\",IF(ORÇAMENTO.Descricao=\"\",\"DESCRIÇÃO\",IF(AND($C32=\"S\",ORÇAMENTO.Unidade=\"\"),\"UNIDADE\",IF($X32<0,\"VALOR NEGATIVO\",IF(OR(AND(TIPOORCAMENTO=\"Proposto\",$AG32<>\"\",$AG32>0,ORÇAMENTO.CustoUnitario>$AG32),AND(TIPOORCAMENTO=\"LICITADO\",ORÇAMENTO.PrecoUnitarioLicitado>$AN32)),\"ACIMA REF.\",\"\")))))","v":""},{"$f":"IF(C32<=CRONO.NivelExibicao,MAX($AD$15:OFFSET(AD32,-1,0))+IF($C32<>1,1,MAX(1,COUNTIF(QCI!$A$13:$A$24,OFFSET($E32,-1,0)))),\"\")","v":5},{"$f":"IF(AND($C32=\"S\",ORÇAMENTO.CodBarra<>\"\"),IF(ORÇAMENTO.Fonte=\"\",ORÇAMENTO.CodBarra,CONCATENATE(ORÇAMENTO.Fonte,\" \",ORÇAMENTO.CodBarra)))","v":false},{"$f":"IF(ISERROR(INDIRECT(ORÇAMENTO.BancoRef)),\"(abra o arquivo 'Referência \"&Excel_BuiltIn_Database&\".xlsm)\",IF(OR($C32<>\"S\",ORÇAMENTO.CodBarra=\"\"),\"(Sem Código)\",IF(ISERROR(MATCH($AE32,INDIRECT(ORÇAMENTO.BancoRef),0)),\"(Código não identificado nas referências)\",MATCH($AE32,INDIRECT(ORÇAMENTO.BancoRef),0))))","v":"(Sem Código)"},{"$f":"ROUND(IF(DESONERACAO=\"sim\",REFERENCIA.Desonerado,REFERENCIA.NaoDesonerado),2)","v":0},0.26400000000000001,null,null,null,null,78515.94,0]
[{"$f":"CHOOSE(1+LOG(1+2*(ORÇAMENTO.Nivel=\"Meta\")+4*(ORÇAMENTO.Nivel=\"Nível 2\")+8*(ORÇAMENTO.Nivel=\"Nível 3\")+16*(ORÇAMENTO.Nivel=\"Nível 4\")+32*(ORÇAMENTO.Nivel=\"Serviço\"),2),0,1,2,3,4,\"S\")","v":"S"},{"$f":"IF(OR(C33=\"s\",C33=0),OFFSET(B33,-1,0),C33)","v":2},{"$f":"IF(OFFSET(C33,-1,0)=\"L\",1,IF(OFFSET(C33,-1,0)=1,2,IF(OR(A33=\"s\",A33=0),\"S\",IF(AND(OFFSET(C33,-1,0)=2,A33=4),3,IF(AND(OR(OFFSET(C33,-1,0)=\"s\",OFFSET(C33,-1,0)=0),A33<>\"s\",A33>OFFSET(B33,-1,0)),OFFSET(B33,-1,0),A33)))))","v":"S"},{"$f":"IF(OR(C33=\"S\",C33=0),0,IF(ISERROR(K33),J33,SMALL(J33:K33,1)))","v":0},{"$f":"IF($C33=1,OFFSET(E33,-1,0)+MAX(1,COUNTIF(QCI!$A$13:$A$24,OFFSET(ORÇAMENTO!E33,-1,0))),OFFSET(E33,-1,0))","v":1},{"$f":"IF($C33=1,0,IF($C33=2,OFFSET(F33,-1,0)+1,OFFSET(F33,-1,0)))","v":4},{"$f":"IF(AND($C33<=2,$C33<>0),0,IF($C33=3,OFFSET(G33,-1,0)+1,OFFSET(G33,-1,0)))","v":0},{"$f":"IF(AND($C33<=3,$C33<>0),0,IF($C33=4,OFFSET(H33,-1,0)+1,OFFSET(H33,-1,0)))","v":0},{"$f":"IF(AND($C33<=4,$C33<>0),0,IF(AND($C33=\"S\",$X33>0),OFFSET(I33,-1,0)+1,OFFSET(I33,-1,0)))","v":1},0,{"$f":"IF(OR($C33=\"S\",$C33=0),0,MATCH(OFFSET($D33,0,$C33)+IF($C33<>1,1,COUNTIF(QCI!$A$13:$A$24,ORÇAMENTO!E33)),OFFSET($D33,1,$C33,ROW($C$296)-ROW($C33)),0))","v":0},{"$f":"IF(OR($X33>0,$C33=1,$C33=2,$C33=3,$C33=4),\"F\",\"\")","v":"F"},"Serviço",{"$f":"CHOOSE(1+LOG(1+2*(C33=1)+4*(C33=2)+8*(C33=3)+16*(C33=4)+32*(C33=\"S\"),2),\"\",\"Meta\",\"Nível 2\",\"Nível 3\",\"Nível 4\",\"Serviço\")","v":"Serviço"},{"$f":"IF(OR($C33=0,$L33=\"\"),\"-\",CONCATENATE(E33&\".\",IF(AND($A$5>=2,$C33>=2),F33&\".\",\"\"),IF(AND($A$5>=3,$C33>=3),G33&\".\",\"\"),IF(AND($A$5>=4,$C33>=4),H33&\".\",\"\"),IF($C33=\"S\",I33&\".\",\"\")))","v":"1.4.0.1."},"Composição","4",{"$f":"IF($C33=\"S\",REFERENCIA.Descricao,\"(digite a descrição aqui)\")","v":"SAPATA ISOLADA 120X100X35CM, ARMAÇÃO DIAMETRO 8MM, CONCRETO USINADO FCK 30MPA"},{"$f":"REFERENCIA.Unidade","v":"UNIDADE"},{"$f":"OFFSET(CÁLCULO!H$15,ROW($T33)-ROW(T$15),0)","v":31},728.25,"BDI 1",{"$f":"IF($C33=\"S\",ROUND(IF(TIPOORCAMENTO=\"Proposto\",ORÇAMENTO.CustoUnitario*(1+$AH33),ORÇAMENTO.PrecoUnitarioLicitado),15-13*$AF$10),0)","v":920.51},{"$f":"IF($C33=\"S\",IF(Import.TipoArredondamento<>\"TransfereGOV\",VTOTAL1,SUM(OFFSET(CÁLCULO!$AA$15,ROW($X33)-ROW($X$15),1):OFFSET(CÁLCULO!$AL$15,ROW($X33)-ROW($X$15),-1))),IF($C33=0,0,ROUND(SomaAgrup,15-13*$AF$11)))","v":28535.81},"RA",{"$f":"IF(AND($C33=\"S\",$X33>0),IF(ISBLANK($Y33),\"RA\",LEFT($Y33,2)),\"\")","v":"RA"},{"$f":"IF($C33=\"S\",IF($Z33=\"CP\",$X33,IF($Z33=\"RA\",(($X33)*QCI!$AA$3),0)),SomaAgrup)","v":28535.81},{"$f":"IF($C33=\"S\",IF($Z33=\"OU\",ROUND($X33,2),0),SomaAgrup)","v":0},{"$f":"IF($N33=\"\",\"\",IF(ORÇAMENTO.Descricao=\"\",\"DESCRIÇÃO\",IF(AND($C33=\"S\",ORÇAMENTO.Unidade=\"\"),\"UNIDADE\",IF($X33<0,\"VALOR NEGATIVO\",IF(OR(AND(TIPOORCAMENTO=\"Proposto\",$AG33<>\"\",$AG33>0,ORÇAMENTO.CustoUnitario>$AG33),AND(TIPOORCAMENTO=\"LICITADO\",ORÇAMENTO.PrecoUnitarioLicitado>$AN33)),\"ACIMA REF.\",\"\")))))","v":""},{"$f":"IF(C33<=CRONO.NivelExibicao,MAX($AD$15:OFFSET(AD33,-1,0))+IF($C33<>1,1,MAX(1,COUNTIF(QCI!$A$13:$A$24,OFFSET($E33,-1,0)))),\"\")","v":""},{"$f":"IF(AND($C33=\"S\",ORÇAMENTO.CodBarra<>\"\"),IF(ORÇAMENTO.Fonte=\"\",ORÇAMENTO.CodBarra,CONCATENATE(ORÇAMENTO.Fonte,\" \",ORÇAMENTO.CodBarra)))","v":"Composição 4"},{"$f":"IF(ISERROR(INDIRECT(ORÇAMENTO.BancoRef)),\"(abra o arquivo 'Referência \"&Excel_BuiltIn_Database&\".xlsm)\",IF(OR($C33<>\"S\",ORÇAMENTO.CodBarra=\"\"),\"(Sem Código)\",IF(ISERROR(MATCH($AE33,INDIRECT(ORÇAMENTO.BancoRef),0)),\"(Código não identificado nas referências)\",MATCH($AE33,INDIRECT(ORÇAMENTO.BancoRef),0))))","v":6},{"$f":"ROUND(IF(DESONERACAO=\"sim\",REFERENCIA.Desonerado,REFERENCIA.NaoDesonerado),2)","v":728.25},{"$f":"ROUND(IF(ISNUMBER(ORÇAMENTO.OpcaoBDI),ORÇAMENTO.OpcaoBDI,IF(LEFT(ORÇAMENTO.OpcaoBDI,3)=\"BDI\",HLOOKUP(ORÇAMENTO.OpcaoBDI,$F$4:$H$5,2,FALSE),0)),15-11*$AF$9)","v":0.26400000000000001},null,null,null,null,28535.81,{"$f":"ROUND(ORÇAMENTO.CustoUnitario*(1+$AH33),2)","v":920.51}]
["S",2,"S",0,{"$f":"IF($C34=1,OFFSET(E34,-1,0)+MAX(1,COUNTIF(QCI!$A$13:$A$24,OFFSET(ORÇAMENTO!E34,-1,0))),OFFSET(E34,-1,0))","v":1},4,0,0,2,0,{"$f":"IF(OR($C34=\"S\",$C34=0),0,MATCH(OFFSET($D34,0,$C34)+IF($C34<>1,1,COUNTIF(QCI!$A$13:$A$24,ORÇAMENTO!E34)),OFFSET($D34,1,$C34,ROW($C$296)-ROW($C34)),0))","v":0},"F","Serviço","Serviço","1.4.0.2.","Composição","5",{"$f":"IF($C34=\"S\",REFERENCIA.Descricao,\"(digite a descrição aqui)\")","v":"SAPATA ISOLADA 50X50X35CM, ARMAÇÃO DIAMETRO 8MM, CONCRETO USINADO FCK 30MPA"},{"$f":"REFERENCIA.Unidade","v":"UNIDADE"},{"$f":"OFFSET(CÁLCULO!H$15,ROW($T34)-ROW(T$15),0)","v":11},228.4,"BDI 1",{"$f":"IF($C34=\"S\",ROUND(IF(TIPOORCAMENTO=\"Proposto\",ORÇAMENTO.CustoUnitario*(1+$AH34),ORÇAMENTO.PrecoUnitarioLicitado),15-13*$AF$10),0)","v":288.7},{"$f":"IF($C34=\"S\",IF(Import.TipoArredondamento<>\"TransfereGOV\",VTOTAL1,SUM(OFFSET(CÁLCULO!$AA$15,ROW($X34)-ROW($X$15),1):OFFSET(CÁLCULO!$AL$15,ROW($X34)-ROW($X$15),-1))),IF($C34=0,0,ROUND(SomaAgrup,15-13*$AF$11)))","v":3175.7},"RA","RA",{"$f":"IF($C34=\"S\",IF($Z34=\"CP\",$X34,IF($Z34=\"RA\",(($X34)*QCI!$AA$3),0)),SomaAgrup)","v":3175.7},0,{"$f":"IF($N34=\"\",\"\",IF(ORÇAMENTO.Descricao=\"\",\"DESCRIÇÃO\",IF(AND($C34=\"S\",ORÇAMENTO.Unidade=\"\"),\"UNIDADE\",IF($X34<0,\"VALOR NEGATIVO\",IF(OR(AND(TIPOORCAMENTO=\"Proposto\",$AG34<>\"\",$AG34>0,ORÇAMENTO.CustoUnitario>$AG34),AND(TIPOORCAMENTO=\"LICITADO\",ORÇAMENTO.PrecoUnitarioLicitado>$AN34)),\"ACIMA REF.\",\"\")))))","v":""},{"$f":"IF(C34<=CRONO.NivelExibicao,MAX($AD$15:OFFSET(AD34,-1,0))+IF($C34<>1,1,MAX(1,COUNTIF(QCI!$A$13:$A$24,OFFSET($E34,-1,0)))),\"\")","v":""},{"$f":"IF(AND($C34=\"S\",ORÇAMENTO.CodBarra<>\"\"),IF(ORÇAMENTO.Fonte=\"\",ORÇAMENTO.CodBarra,CONCATENATE(ORÇAMENTO.Fonte,\" \",ORÇAMENTO.CodBarra)))","v":"Composição 5"},{"$f":"IF(ISERROR(INDIRECT(ORÇAMENTO.BancoRef)),\"(abra o arquivo 'Referência \"&Excel_BuiltIn_Database&\".xlsm)\",IF(OR($C34<>\"S\",ORÇAMENTO.CodBarra=\"\"),\"(Sem Código)\",IF(ISERROR(MATCH($AE34,INDIRECT(ORÇAMENTO.BancoRef),0)),\"(Código não identificado nas referências)\",MATCH($AE34,INDIRECT(ORÇAMENTO.BancoRef),0))))","v":7},{"$f":"ROUND(IF(DESONERACAO=\"sim\",REFERENCIA.Desonerado,REFERENCIA.NaoDesonerado),2)","v":228.4},0.26400000000000001,null,{"$f":"AJ30*0.05","v":1.4437500000000001},null,null,3175.7,288.7]
[{"$f":"CHOOSE(1+LOG(1+2*(ORÇAMENTO.Nivel=\"Meta\")+4*(ORÇAMENTO.Nivel=\"Nível 2\")+8*(ORÇAMENTO.Nivel=\"Nível 3\")+16*(ORÇAMENTO.Nivel=\"Nível 4\")+32*(ORÇAMENTO.Nivel=\"Serviço\"),2),0,1,2,3,4,\"S\")","v":"S"},{"$f":"IF(OR(C35=\"s\",C35=0),OFFSET(B35,-1,0),C35)","v":2},{"$f":"IF(OFFSET(C35,-1,0)=\"L\",1,IF(OFFSET(C35,-1,0)=1,2,IF(OR(A35=\"s\",A35=0),\"S\",IF(AND(OFFSET(C35,-1,0)=2,A35=4),3,IF(AND(OR(OFFSET(C35,-1,0)=\"s\",OFFSET(C35,-1,0)=0),A35<>\"s\",A35>OFFSET(B35,-1,0)),OFFSET(B35,-1,0),A35)))))","v":"S"},{"$f":"IF(OR(C35=\"S\",C35=0),0,IF(ISERROR(K35),J35,SMALL(J35:K35,1)))","v":0},{"$f":"IF($C35=1,OFFSET(E35,-1,0)+MAX(1,COUNTIF(QCI!$A$13:$A$24,OFFSET(ORÇAMENTO!E35,-1,0))),OFFSET(E35,-1,0))","v":1},{"$f":"IF($C35=1,0,IF($C35=2,OFFSET(F35,-1,0)+1,OFFSET(F35,-1,0)))","v":4},{"$f":"IF(AND($C35<=2,$C35<>0),0,IF($C35=3,OFFSET(G35,-1,0)+1,OFFSET(G35,-1,0)))","v":0},{"$f":"IF(AND($C35<=3,$C35<>0),0,IF($C35=4,OFFSET(H35,-1,0)+1,OFFSET(H35,-1,0)))","v":0},{"$f":"IF(AND($C35<=4,$C35<>0),0,IF(AND($C35=\"S\",$X35>0),OFFSET(I35,-1,0)+1,OFFSET(I35,-1,0)))","v":3},0,{"$f":"IF(OR($C35=\"S\",$C35=0),0,MATCH(OFFSET($D35,0,$C35)+IF($C35<>1,1,COUNTIF(QCI!$A$13:$A$24,ORÇAMENTO!E35)),OFFSET($D35,1,$C35,ROW($C$296)-ROW($C35)),0))","v":0},{"$f":"IF(OR($X35>0,$C35=1,$C35=2,$C35=3,$C35=4),\"F\",\"\")","v":"F"},"Serviço",{"$f":"CHOOSE(1+LOG(1+2*(C35=1)+4*(C35=2)+8*(C35=3)+16*(C35=4)+32*(C35=\"S\"),2),\"\",\"Meta\",\"Nível 2\",\"Nível 3\",\"Nível 4\",\"Serviço\")","v":"Serviço"},{"$f":"IF(OR($C35=0,$L35=\"\"),\"-\",CONCATENATE(E35&\".\",IF(AND($A$5>=2,$C35>=2),F35&\".\",\"\"),IF(AND($A$5>=3,$C35>=3),G35&\".\",\"\"),IF(AND($A$5>=4,$C35>=4),H35&\".\",\"\"),IF($C35=\"S\",I35&\".\",\"\")))","v":"1.4.0.3."},"Composição","9",{"$f":"IF($C35=\"S\",REFERENCIA.Descricao,\"(digite a descrição aqui)\")","v":"PILAR 20X20CM, ARMAÇÃO LONGITUDINAL 4X12,50MM, ESTRIBOS 5MM C/ 12,  CONCRETO USINADO FCK 25MPA"},{"$f":"REFERENCIA.Unidade","v":"M"},{"$f":"OFFSET(CÁLCULO!H$15,ROW($T35)-ROW(T$15),0)","v":5.5},109.07,"BDI 1",{"$f":"IF($C35=\"S\",ROUND(IF(TIPOORCAMENTO=\"Proposto\",ORÇAMENTO.CustoUnitario*(1+$AH35),ORÇAMENTO.PrecoUnitarioLicitado),15-13*$AF$10),0)","v":137.86000000000001},{"$f":"IF($C35=\"S\",IF(Import.TipoArredondamento<>\"TransfereGOV\",VTOTAL1,SUM(OFFSET(CÁLCULO!$AA$15,ROW($X35)-ROW($X$15),1):OFFSET(CÁLCULO!$AL$15,ROW($X35)-ROW($X$15),-1))),IF($C35=0,0,ROUND(SomaAgrup,15-13*$AF$11)))","v":758.23},"RA",{"$f":"IF(AND($C35=\"S\",$X35>0),IF(ISBLANK($Y35),\"RA\",LEFT($Y35,2)),\"\")","v":"RA"},{"$f":"IF($C35=\"S\",IF($Z35=\"CP\",$X35,IF($Z35=\"RA\",(($X35)*QCI!$AA$3),0)),SomaAgrup)","v":758.23},{"$f":"IF($C35=\"S\",IF($Z35=\"OU\",ROUND($X35,2),0),SomaAgrup)","v":0},{"$f":"IF($N35=\"\",\"\",IF(ORÇAMENTO.Descricao=\"\",\"DESCRIÇÃO\",IF(AND($C35=\"S\",ORÇAMENTO.Unidade=\"\"),\"UNIDADE\",IF($X35<0,\"VALOR NEGATIVO\",IF(OR(AND(TIPOORCAMENTO=\"Proposto\",$AG35<>\"\",$AG35>0,ORÇAMENTO.CustoUnitario>$AG35),AND(TIPOORCAMENTO=\"LICITADO\",ORÇAMENTO.PrecoUnitarioLicitado>$AN35)),\"ACIMA REF.\",\"\")))))","v":""},{"$f":"IF(C35<=CRONO.NivelExibicao,MAX($AD$15:OFFSET(AD35,-1,0))+IF($C35<>1,1,MAX(1,COUNTIF(QCI!$A$13:$A$24,OFFSET($E35,-1,0)))),\"\")","v":""},{"$f":"IF(AND($C35=\"S\",ORÇAMENTO.CodBarra<>\"\"),IF(ORÇAMENTO.Fonte=\"\",ORÇAMENTO.CodBarra,CONCATENATE(ORÇAMENTO.Fonte,\" \",ORÇAMENTO.CodBarra)))","v":"Composição 9"},{"$f":"IF(ISERROR(INDIRECT(ORÇAMENTO.BancoRef)),\"(abra o arquivo 'Referência \"&Excel_BuiltIn_Database&\".xlsm)\",IF(OR($C35<>\"S\",ORÇAMENTO.CodBarra=\"\"),\"(Sem Código)\",IF(ISERROR(MATCH($AE35,INDIRECT(ORÇAMENTO.BancoRef),0)),\"(Código não identificado nas referências)\",MATCH($AE35,INDIRECT(ORÇAMENTO.BancoRef),0))))","v":11},{"$f":"ROUND(IF(DESONERACAO=\"sim\",REFERENCIA.Desonerado,REFERENCIA.NaoDesonerado),2)","v":109.07},{"$f":"ROUND(IF(ISNUMBER(ORÇAMENTO.OpcaoBDI),ORÇAMENTO.OpcaoBDI,IF(LEFT(ORÇAMENTO.OpcaoBDI,3)=\"BDI\",HLOOKUP(ORÇAMENTO.OpcaoBDI,$F$4:$H$5,2,FALSE),0)),15-11*$AF$9)","v":0.26400000000000001},null,null,null,null,758.23,{"$f":"ROUND(ORÇAMENTO.CustoUnitario*(1+$AH35),2)","v":137.86000000000001}]
["S",{"$f":"IF(OR(C36=\"s\",C36=0),OFFSET(B36,-1,0),C36)","v":2},{"$f":"IF(OFFSET(C36,-1,0)=\"L\",1,IF(OFFSET(C36,-1,0)=1,2,IF(OR(A36=\"s\",A36=0),\"S\",IF(AND(OFFSET(C36,-1,0)=2,A36=4),3,IF(AND(OR(OFFSET(C36,-1,0)=\"s\",OFFSET(C36,-1,0)=0),A36<>\"s\",A36>OFFSET(B36,-1,0)),OFFSET(B36,-1,0),A36)))))","v":"S"},{"$f":"IF(OR(C36=\"S\",C36=0),0,IF(ISERROR(K36),J36,SMALL(J36:K36,1)))","v":0},{"$f":"IF($C36=1,OFFSET(E36,-1,0)+MAX(1,COUNTIF(QCI!$A$13:$A$24,OFFSET(ORÇAMENTO!E36,-1,0))),OFFSET(E36,-1,0))","v":1},{"$f":"IF($C36=1,0,IF($C36=2,OFFSET(F36,-1,0)+1,OFFSET(F36,-1,0)))","v":4},{"$f":"IF(AND($C36<=2,$C36<>0),0,IF($C36=3,OFFSET(G36,-1,0)+1,OFFSET(G36,-1,0)))","v":0},{"$f":"IF(AND($C36<=3,$C36<>0),0,IF($C36=4,OFFSET(H36,-1,0)+1,OFFSET(H36,-1,0)))","v":0},{"$f":"IF(AND($C36<=4,$C36<>0),0,IF(AND($C36=\"S\",$X36>0),OFFSET(I36,-1,0)+1,OFFSET(I36,-1,0)))","v":4},0,{"$f":"IF(OR($C36=\"S\",$C36=0),0,MATCH(OFFSET($D36,0,$C36)+IF($C36<>1,1,COUNTIF(QCI!$A$13:$A$24,ORÇAMENTO!E36)),OFFSET($D36,1,$C36,ROW($C$296)-ROW($C36)),0))","v":0},{"$f":"IF(OR($X36>0,$C36=1,$C36=2,$C36=3,$C36=4),\"F\",\"\")","v":"F"},"Serviço",{"$f":"CHOOSE(1+LOG(1+2*(C36=1)+4*(C36=2)+8*(C36=3)+16*(C36=4)+32*(C36=\"S\"),2),\"\",\"Meta\",\"Nível 2\",\"Nível 3\",\"Nível 4\",\"Serviço\")","v":"Serviço"},{"$f":"IF(OR($C36=0,$L36=\"\"),\"-\",CONCATENATE(E36&\".\",IF(AND($A$5>=2,$C36>=2),F36&\".\",\"\"),IF(AND($A$5>=3,$C36>=3),G36&\".\",\"\"),IF(AND($A$5>=4,$C36>=4),H36&\".\",\"\"),IF($C36=\"S\",I36&\".\",\"\")))","v":"1.4.0.4."},"Composição","10",{"$f":"IF($C36=\"S\",REFERENCIA.Descricao,\"(digite a descrição aqui)\")","v":"ALVENARIA EM TIJOLO MACIÇO CERÂMICO  5X10X20CM ASSENTADO EM FORMATO 1 VEZ (ESPESSURA 20CM)"},{"$f":"REFERENCIA.Unidade","v":"M2"},{"$f":"OFFSET(CÁLCULO!H$15,ROW($T36)-ROW(T$15),0)","v":10.72},186.55,"BDI 1",{"$f":"IF($C36=\"S\",ROUND(IF(TIPOORCAMENTO=\"Proposto\",ORÇAMENTO.CustoUnitario*(1+$AH36),ORÇAMENTO.PrecoUnitarioLicitado),15-13*$AF$10),0)","v":235.8},{"$f":"IF($C36=\"S\",IF(Import.TipoArredondamento<>\"TransfereGOV\",VTOTAL1,SUM(OFFSET(CÁLCULO!$AA$15,ROW($X36)-ROW($X$15),1):OFFSET(CÁLCULO!$AL$15,ROW($X36)-ROW($X$15),-1))),IF($C36=0,0,ROUND(SomaAgrup,15-13*$AF$11)))","v":2527.7800000000002},"RA",{"$f":"IF(AND($C36=\"S\",$X36>0),IF(ISBLANK($Y36),\"RA\",LEFT($Y36,2)),\"\")","v":"RA"},{"$f":"IF($C36=\"S\",IF($Z36=\"CP\",$X36,IF($Z36=\"RA\",(($X36)*QCI!$AA$3),0)),SomaAgrup)","v":2527.7800000000002},0,{"$f":"IF($N36=\"\",\"\",IF(ORÇAMENTO.Descricao=\"\",\"DESCRIÇÃO\",IF(AND($C36=\"S\",ORÇAMENTO.Unidade=\"\"),\"UNIDADE\",IF($X36<0,\"VALOR NEGATIVO\",IF(OR(AND(TIPOORCAMENTO=\"Proposto\",$AG36<>\"\",$AG36>0,ORÇAMENTO.CustoUnitario>$AG36),AND(TIPOORCAMENTO=\"LICITADO\",ORÇAMENTO.PrecoUnitarioLicitado>$AN36)),\"ACIMA REF.\",\"\")))))","v":""},{"$f":"IF(C36<=CRONO.NivelExibicao,MAX($AD$15:OFFSET(AD36,-1,0))+IF($C36<>1,1,MAX(1,COUNTIF(QCI!$A$13:$A$24,OFFSET($E36,-1,0)))),\"\")","v":""},{"$f":"IF(AND($C36=\"S\",ORÇAMENTO.CodBarra<>\"\"),IF(ORÇAMENTO.Fonte=\"\",ORÇAMENTO.CodBarra,CONCATENATE(ORÇAMENTO.Fonte,\" \",ORÇAMENTO.CodBarra)))","v":"Composição 10"},{"$f":"IF(ISERROR(INDIRECT(ORÇAMENTO.BancoRef)),\"(abra o arquivo 'Referência \"&Excel_BuiltIn_Database&\".xlsm)\",IF(OR($C36<>\"S\",ORÇAMENTO.CodBarra=\"\"),\"(Sem Código)\",IF(ISERROR(MATCH($AE36,INDIRECT(ORÇAMENTO.BancoRef),0)),\"(Código não identificado nas referências)\",MATCH($AE36,INDIRECT(ORÇAMENTO.BancoRef),0))))","v":12},{"$f":"ROUND(IF(DESONERACAO=\"sim\",REFERENCIA.Desonerado,REFERENCIA.NaoDesonerado),2)","v":186.55},0.26400000000000001,null,null,null,null,2527.7800000000002,235.8]
["S",2,"S",0,{"$f":"IF($C37=1,OFFSET(E37,-1,0)+MAX(1,COUNTIF(QCI!$A$13:$A$24,OFFSET(ORÇAMENTO!E37,-1,0))),OFFSET(E37,-1,0))","v":1},4,0,0,5,0,{"$f":"IF(OR($C37=\"S\",$C37=0),0,MATCH(OFFSET($D37,0,$C37)+IF($C37<>1,1,COUNTIF(QCI!$A$13:$A$24,ORÇAMENTO!E37)),OFFSET($D37,1,$C37,ROW($C$296)-ROW($C37)),0))","v":0},"F","Serviço","Serviço","1.4.0.5.","Composição","1",{"$f":"IF($C37=\"S\",REFERENCIA.Descricao,\"(digite a descrição aqui)\")","v":"V3 - VIGA BALDRAME 15X40CM  - FCK 30MPA - USINADO - 4 BARRAS 12,50MM, ESTRIBOS 5MM C/12CM"},{"$f":"REFERENCIA.Unidade","v":"M"},{"$f":"OFFSET(CÁLCULO!H$15,ROW($T37)-ROW(T$15),0)","v":222.84},154.5,"BDI 1",{"$f":"IF($C37=\"S\",ROUND(IF(TIPOORCAMENTO=\"Proposto\",ORÇAMENTO.CustoUnitario*(1+$AH37),ORÇAMENTO.PrecoUnitarioLicitado),15-13*$AF$10),0)","v":195.29},{"$f":"IF($C37=\"S\",IF(Import.TipoArredondamento<>\"TransfereGOV\",VTOTAL1,SUM(OFFSET(CÁLCULO!$AA$15,ROW($X37)-ROW($X$15),1):OFFSET(CÁLCULO!$AL$15,ROW($X37)-ROW($X$15),-1))),IF($C37=0,0,ROUND(SomaAgrup,15-13*$AF$11)))","v":43518.42},"RA","RA",{"$f":"IF($C37=\"S\",IF($Z37=\"CP\",$X37,IF($Z37=\"RA\",(($X37)*QCI!$AA$3),0)),SomaAgrup)","v":43518.42},0,{"$f":"IF($N37=\"\",\"\",IF(ORÇAMENTO.Descricao=\"\",\"DESCRIÇÃO\",IF(AND($C37=\"S\",ORÇAMENTO.Unidade=\"\"),\"UNIDADE\",IF($X37<0,\"VALOR NEGATIVO\",IF(OR(AND(TIPOORCAMENTO=\"Proposto\",$AG37<>\"\",$AG37>0,ORÇAMENTO.CustoUnitario>$AG37),AND(TIPOORCAMENTO=\"LICITADO\",ORÇAMENTO.PrecoUnitarioLicitado>$AN37)),\"ACIMA REF.\",\"\")))))","v":""},{"$f":"IF(C37<=CRONO.NivelExibicao,MAX($AD$15:OFFSET(AD37,-1,0))+IF($C37<>1,1,MAX(1,COUNTIF(QCI!$A$13:$A$24,OFFSET($E37,-1,0)))),\"\")","v":""},{"$f":"IF(AND($C37=\"S\",ORÇAMENTO.CodBarra<>\"\"),IF(ORÇAMENTO.Fonte=\"\",ORÇAMENTO.CodBarra,CONCATENATE(ORÇAMENTO.Fonte,\" \",ORÇAMENTO.CodBarra)))","v":"Composição 1"},{"$f":"IF(ISERROR(INDIRECT(ORÇAMENTO.BancoRef)),\"(abra o arquivo 'Referência \"&Excel_BuiltIn_Database&\".xlsm)\",IF(OR($C37<>\"S\",ORÇAMENTO.CodBarra=\"\"),\"(Sem Código)\",IF(ISERROR(MATCH($AE37,INDIRECT(ORÇAMENTO.BancoRef),0)),\"(Código não identificado nas referências)\",MATCH($AE37,INDIRECT(ORÇAMENTO.BancoRef),0))))","v":3},{"$f":"ROUND(IF(DESONERACAO=\"sim\",REFERENCIA.Desonerado,REFERENCIA.NaoDesonerado),2)","v":154.5},0.26400000000000001,null,null,null,null,43518.42,195.29]
[2,2,2,2,{"$f":"IF($C38=1,OFFSET(E38,-1,0)+MAX(1,COUNTIF(QCI!$A$13:$A$24,OFFSET(ORÇAMENTO!E38,-1,0))),OFFSET(E38,-1,0))","v":1},5,0,0,0,258,{"$f":"IF(OR($C38=\"S\",$C38=0),0,MATCH(OFFSET($D38,0,$C38)+IF($C38<>1,1,COUNTIF(QCI!$A$13:$A$24,ORÇAMENTO!E38)),OFFSET($D38,1,$C38,ROW($C$296)-ROW($C38)),0))","v":2},"F","Nível 2","Nível 2","1.5.","SINAPI",null,"IMPERMEABILIZAÇÕES DAS FUNDAÇÕES",{"$f":"REFERENCIA.Unidade","v":"-"},{"$f":"OFFSET(CÁLCULO!H$15,ROW($T38)-ROW(T$15),0)","v":0},null,"BDI 1",{"$f":"IF($C38=\"S\",ROUND(IF(TIPOORCAMENTO=\"Proposto\",ORÇAMENTO.CustoUnitario*(1+$AH38),ORÇAMENTO.PrecoUnitarioLicitado),15-13*$AF$10),0)","v":0},{"$f":"IF($C38=\"S\",IF(Import.TipoArredondamento<>\"TransfereGOV\",VTOTAL1,SUM(OFFSET(CÁLCULO!$AA$15,ROW($X38)-ROW($X$15),1):OFFSET(CÁLCULO!$AL$15,ROW($X38)-ROW($X$15),-1))),IF($C38=0,0,ROUND(SomaAgrup,15-13*$AF$11)))","v":17026.09},"RA","",{"$f":"IF($C38=\"S\",IF($Z38=\"CP\",$X38,IF($Z38=\"RA\",(($X38)*QCI!$AA$3),0)),SomaAgrup)","v":17026.09},0,{"$f":"IF($N38=\"\",\"\",IF(ORÇAMENTO.Descricao=\"\",\"DESCRIÇÃO\",IF(AND($C38=\"S\",ORÇAMENTO.Unidade=\"\"),\"UNIDADE\",IF($X38<0,\"VALOR NEGATIVO\",IF(OR(AND(TIPOORCAMENTO=\"Proposto\",$AG38<>\"\",$AG38>0,ORÇAMENTO.CustoUnitario>$AG38),AND(TIPOORCAMENTO=\"LICITADO\",ORÇAMENTO.PrecoUnitarioLicitado>$AN38)),\"ACIMA REF.\",\"\")))))","v":""},{"$f":"IF(C38<=CRONO.NivelExibicao,MAX($AD$15:OFFSET(AD38,-1,0))+IF($C38<>1,1,MAX(1,COUNTIF(QCI!$A$13:$A$24,OFFSET($E38,-1,0)))),\"\")","v":6},{"$f":"IF(AND($C38=\"S\",ORÇAMENTO.CodBarra<>\"\"),IF(ORÇAMENTO.Fonte=\"\",ORÇAMENTO.CodBarra,CONCATENATE(ORÇAMENTO.Fonte,\" \",ORÇAMENTO.CodBarra)))","v":false},{"$f":"IF(ISERROR(INDIRECT(ORÇAMENTO.BancoRef)),\"(abra o arquivo 'Referência \"&Excel_BuiltIn_Database&\".xlsm)\",IF(OR($C38<>\"S\",ORÇAMENTO.CodBarra=\"\"),\"(Sem Código)\",IF(ISERROR(MATCH($AE38,INDIRECT(ORÇAMENTO.BancoRef),0)),\"(Código não identificado nas referências)\",MATCH($AE38,INDIRECT(ORÇAMENTO.BancoRef),0))))","v":"(Sem Código)"},{"$f":"ROUND(IF(DESONERACAO=\"sim\",REFERENCIA.Desonerado,REFERENCIA.NaoDesonerado),2)","v":0},0.26400000000000001,null,null,null,null,17026.09,0]
["S",2,"S",0,{"$f":"IF($C39=1,OFFSET(E39,-1,0)+MAX(1,COUNTIF(QCI!$A$13:$A$24,OFFSET(ORÇAMENTO!E39,-1,0))),OFFSET(E39,-1,0))","v":1},5,0,0,1,0,{"$f":"IF(OR($C39=\"S\",$C39=0),0,MATCH(OFFSET($D39,0,$C39)+IF($C39<>1,1,COUNTIF(QCI!$A$13:$A$24,ORÇAMENTO!E39)),OFFSET($D39,1,$C39,ROW($C$296)-ROW($C39)),0))","v":0},"F","Serviço","Serviço","1.5.0.1.","Composição","11",{"$f":"IF($C39=\"S\",REFERENCIA.Descricao,\"(digite a descrição aqui)\")","v":"IMPERMEABILIZAÇÃO DE SUPERFÍCIE COM EMULSÃO ASFALTICA, 3 DEMÃOS (TODA FACE SUPERIOR E TODAS AS LATERAIS)"},{"$f":"REFERENCIA.Unidade","v":"M2"},{"$f":"OFFSET(CÁLCULO!H$15,ROW($T39)-ROW(T$15),0)","v":217.92},{"$f":"AG39","v":61.81},"BDI 1",{"$f":"IF($C39=\"S\",ROUND(IF(TIPOORCAMENTO=\"Proposto\",ORÇAMENTO.CustoUnitario*(1+$AH39),ORÇAMENTO.PrecoUnitarioLicitado),15-13*$AF$10),0)","v":78.13},{"$f":"IF($C39=\"S\",IF(Import.TipoArredondamento<>\"TransfereGOV\",VTOTAL1,SUM(OFFSET(CÁLCULO!$AA$15,ROW($X39)-ROW($X$15),1):OFFSET(CÁLCULO!$AL$15,ROW($X39)-ROW($X$15),-1))),IF($C39=0,0,ROUND(SomaAgrup,15-13*$AF$11)))","v":17026.09},"RA","RA",{"$f":"IF($C39=\"S\",IF($Z39=\"CP\",$X39,IF($Z39=\"RA\",(($X39)*QCI!$AA$3),0)),SomaAgrup)","v":17026.09},0,{"$f":"IF($N39=\"\",\"\",IF(ORÇAMENTO.Descricao=\"\",\"DESCRIÇÃO\",IF(AND($C39=\"S\",ORÇAMENTO.Unidade=\"\"),\"UNIDADE\",IF($X39<0,\"VALOR NEGATIVO\",IF(OR(AND(TIPOORCAMENTO=\"Proposto\",$AG39<>\"\",$AG39>0,ORÇAMENTO.CustoUnitario>$AG39),AND(TIPOORCAMENTO=\"LICITADO\",ORÇAMENTO.PrecoUnitarioLicitado>$AN39)),\"ACIMA REF.\",\"\")))))","v":""},{"$f":"IF(C39<=CRONO.NivelExibicao,MAX($AD$15:OFFSET(AD39,-1,0))+IF($C39<>1,1,MAX(1,COUNTIF(QCI!$A$13:$A$24,OFFSET($E39,-1,0)))),\"\")","v":""},{"$f":"IF(AND($C39=\"S\",ORÇAMENTO.CodBarra<>\"\"),IF(ORÇAMENTO.Fonte=\"\",ORÇAMENTO.CodBarra,CONCATENATE(ORÇAMENTO.Fonte,\" \",ORÇAMENTO.CodBarra)))","v":"Composição 11"},{"$f":"IF(ISERROR(INDIRECT(ORÇAMENTO.BancoRef)),\"(abra o arquivo 'Referência \"&Excel_BuiltIn_Database&\".xlsm)\",IF(OR($C39<>\"S\",ORÇAMENTO.CodBarra=\"\"),\"(Sem Código)\",IF(ISERROR(MATCH($AE39,INDIRECT(ORÇAMENTO.BancoRef),0)),\"(Código não identificado nas referências)\",MATCH($AE39,INDIRECT(ORÇAMENTO.BancoRef),0))))","v":13},{"$f":"ROUND(IF(DESONERACAO=\"sim\",REFERENCIA.Desonerado,REFERENCIA.NaoDesonerado),2)","v":61.81},0.26400000000000001,null,null,null,null,17026.09,78.13]
[2,2,2,7,{"$f":"IF($C40=1,OFFSET(E40,-1,0)+MAX(1,COUNTIF(QCI!$A$13:$A$24,OFFSET(ORÇAMENTO!E40,-1,0))),OFFSET(E40,-1,0))","v":1},6,0,0,0,256,{"$f":"IF(OR($C40=\"S\",$C40=0),0,MATCH(OFFSET($D40,0,$C40)+IF($C40<>1,1,COUNTIF(QCI!$A$13:$A$24,ORÇAMENTO!E40)),OFFSET($D40,1,$C40,ROW($C$296)-ROW($C40)),0))","v":7},"F","Nível 2","Nível 2","1.6.","SINAPI",null,"SUPERESTRUTURA ",{"$f":"REFERENCIA.Unidade","v":"-"},{"$f":"OFFSET(CÁLCULO!H$15,ROW($T40)-ROW(T$15),0)","v":0},0,"BDI 1",{"$f":"IF($C40=\"S\",ROUND(IF(TIPOORCAMENTO=\"Proposto\",ORÇAMENTO.CustoUnitario*(1+$AH40),ORÇAMENTO.PrecoUnitarioLicitado),15-13*$AF$10),0)","v":0},{"$f":"IF($C40=\"S\",IF(Import.TipoArredondamento<>\"TransfereGOV\",VTOTAL1,SUM(OFFSET(CÁLCULO!$AA$15,ROW($X40)-ROW($X$15),1):OFFSET(CÁLCULO!$AL$15,ROW($X40)-ROW($X$15),-1))),IF($C40=0,0,ROUND(SomaAgrup,15-13*$AF$11)))","v":67451.48},"RA","",{"$f":"IF($C40=\"S\",IF($Z40=\"CP\",$X40,IF($Z40=\"RA\",(($X40)*QCI!$AA$3),0)),SomaAgrup)","v":67451.48},0,{"$f":"IF($N40=\"\",\"\",IF(ORÇAMENTO.Descricao=\"\",\"DESCRIÇÃO\",IF(AND($C40=\"S\",ORÇAMENTO.Unidade=\"\"),\"UNIDADE\",IF($X40<0,\"VALOR NEGATIVO\",IF(OR(AND(TIPOORCAMENTO=\"Proposto\",$AG40<>\"\",$AG40>0,ORÇAMENTO.CustoUnitario>$AG40),AND(TIPOORCAMENTO=\"LICITADO\",ORÇAMENTO.PrecoUnitarioLicitado>$AN40)),\"ACIMA REF.\",\"\")))))","v":""},{"$f":"IF(C40<=CRONO.NivelExibicao,MAX($AD$15:OFFSET(AD40,-1,0))+IF($C40<>1,1,MAX(1,COUNTIF(QCI!$A$13:$A$24,OFFSET($E40,-1,0)))),\"\")","v":7},{"$f":"IF(AND($C40=\"S\",ORÇAMENTO.CodBarra<>\"\"),IF(ORÇAMENTO.Fonte=\"\",ORÇAMENTO.CodBarra,CONCATENATE(ORÇAMENTO.Fonte,\" \",ORÇAMENTO.CodBarra)))","v":false},{"$f":"IF(ISERROR(INDIRECT(ORÇAMENTO.BancoRef)),\"(abra o arquivo 'Referência \"&Excel_BuiltIn_Database&\".xlsm)\",IF(OR($C40<>\"S\",ORÇAMENTO.CodBarra=\"\"),\"(Sem Código)\",IF(ISERROR(MATCH($AE40,INDIRECT(ORÇAMENTO.BancoRef),0)),\"(Código não identificado nas referências)\",MATCH($AE40,INDIRECT(ORÇAMENTO.BancoRef),0))))","v":"(Sem Código)"},{"$f":"ROUND(IF(DESONERACAO=\"sim\",REFERENCIA.Desonerado,REFERENCIA.NaoDesonerado),2)","v":0},0.26400000000000001,null,null,null,null,67451.48,0]
["S",2,"S",0,{"$f":"IF($C41=1,OFFSET(E41,-1,0)+MAX(1,COUNTIF(QCI!$A$13:$A$24,OFFSET(ORÇAMENTO!E41,-1,0))),OFFSET(E41,-1,0))","v":1},6,0,0,1,0,{"$f":"IF(OR($C41=\"S\",$C41=0),0,MATCH(OFFSET($D41,0,$C41)+IF($C41<>1,1,COUNTIF(QCI!$A$13:$A$24,ORÇAMENTO!E41)),OFFSET($D41,1,$C41,ROW($C$296)-ROW($C41)),0))","v":0},"F","Serviço","Serviço","1.6.0.1.","Composição","6",{"$f":"IF($C41=\"S\",REFERENCIA.Descricao,\"(digite a descrição aqui)\")","v":"PILAR 35X10CM, ARMAÇÃO LONGITUDINAL 4X10MM, ESTRIBOS 5MM C/ 12, CONCRETO USINADO FCK 25MPA"},{"$f":"REFERENCIA.Unidade","v":"M"},{"$f":"OFFSET(CÁLCULO!H$15,ROW($T41)-ROW(T$15),0)","v":3.4},115.91,"BDI 1",{"$f":"IF($C41=\"S\",ROUND(IF(TIPOORCAMENTO=\"Proposto\",ORÇAMENTO.CustoUnitario*(1+$AH41),ORÇAMENTO.PrecoUnitarioLicitado),15-13*$AF$10),0)","v":146.51},{"$f":"IF($C41=\"S\",IF(Import.TipoArredondamento<>\"TransfereGOV\",VTOTAL1,SUM(OFFSET(CÁLCULO!$AA$15,ROW($X41)-ROW($X$15),1):OFFSET(CÁLCULO!$AL$15,ROW($X41)-ROW($X$15),-1))),IF($C41=0,0,ROUND(SomaAgrup,15-13*$AF$11)))","v":498.13},"RA","RA",{"$f":"IF($C41=\"S\",IF($Z41=\"CP\",$X41,IF($Z41=\"RA\",(($X41)*QCI!$AA$3),0)),SomaAgrup)","v":498.13},0,{"$f":"IF($N41=\"\",\"\",IF(ORÇAMENTO.Descricao=\"\",\"DESCRIÇÃO\",IF(AND($C41=\"S\",ORÇAMENTO.Unidade=\"\"),\"UNIDADE\",IF($X41<0,\"VALOR NEGATIVO\",IF(OR(AND(TIPOORCAMENTO=\"Proposto\",$AG41<>\"\",$AG41>0,ORÇAMENTO.CustoUnitario>$AG41),AND(TIPOORCAMENTO=\"LICITADO\",ORÇAMENTO.PrecoUnitarioLicitado>$AN41)),\"ACIMA REF.\",\"\")))))","v":""},{"$f":"IF(C41<=CRONO.NivelExibicao,MAX($AD$15:OFFSET(AD41,-1,0))+IF($C41<>1,1,MAX(1,COUNTIF(QCI!$A$13:$A$24,OFFSET($E41,-1,0)))),\"\")","v":""},{"$f":"IF(AND($C41=\"S\",ORÇAMENTO.CodBarra<>\"\"),IF(ORÇAMENTO.Fonte=\"\",ORÇAMENTO.CodBarra,CONCATENATE(ORÇAMENTO.Fonte,\" \",ORÇAMENTO.CodBarra)))","v":"Composição 6"},{"$f":"IF(ISERROR(INDIRECT(ORÇAMENTO.BancoRef)),\"(abra o arquivo 'Referência \"&Excel_BuiltIn_Database&\".xlsm)\",IF(OR($C41<>\"S\",ORÇAMENTO.CodBarra=\"\"),\"(Sem Código)\",IF(ISERROR(MATCH($AE41,INDIRECT(ORÇAMENTO.BancoRef),0)),\"(Código não identificado nas referências)\",MATCH($AE41,INDIRECT(ORÇAMENTO.BancoRef),0))))","v":8},{"$f":"ROUND(IF(DESONERACAO=\"sim\",REFERENCIA.Desonerado,REFERENCIA.NaoDesonerado),2)","v":115.91},0.26400000000000001,null,{"$f":"(0.3+0.3+0.7+0.7)*2.5*14","v":69.999999999999986},null,null,498.13,146.51]
["S",2,"S",0,{"$f":"IF($C42=1,OFFSET(E42,-1,0)+MAX(1,COUNTIF(QCI!$A$13:$A$24,OFFSET(ORÇAMENTO!E42,-1,0))),OFFSET(E42,-1,0))","v":1},6,0,0,2,0,{"$f":"IF(OR($C42=\"S\",$C42=0),0,MATCH(OFFSET($D42,0,$C42)+IF($C42<>1,1,COUNTIF(QCI!$A$13:$A$24,ORÇAMENTO!E42)),OFFSET($D42,1,$C42,ROW($C$296)-ROW($C42)),0))","v":0},"F","Serviço","Serviço","1.6.0.2.","Composição","7",{"$f":"IF($C42=\"S\",REFERENCIA.Descricao,\"(digite a descrição aqui)\")","v":"PILAR 30X11,50CM, ARMAÇÃO LONGITUDINAL 6X10MM, ESTRIBOS 5MM C/ 12,  CONCRETO USINADO FCK 25MPA"},{"$f":"REFERENCIA.Unidade","v":"M"},{"$f":"OFFSET(CÁLCULO!H$15,ROW($T42)-ROW(T$15),0)","v":64.28},123.39,"BDI 1",{"$f":"IF($C42=\"S\",ROUND(IF(TIPOORCAMENTO=\"Proposto\",ORÇAMENTO.CustoUnitario*(1+$AH42),ORÇAMENTO.PrecoUnitarioLicitado),15-13*$AF$10),0)","v":155.96},{"$f":"IF($C42=\"S\",IF(Import.TipoArredondamento<>\"TransfereGOV\",VTOTAL1,SUM(OFFSET(CÁLCULO!$AA$15,ROW($X42)-ROW($X$15),1):OFFSET(CÁLCULO!$AL$15,ROW($X42)-ROW($X$15),-1))),IF($C42=0,0,ROUND(SomaAgrup,15-13*$AF$11)))","v":10025.11},"RA","RA",{"$f":"IF($C42=\"S\",IF($Z42=\"CP\",$X42,IF($Z42=\"RA\",(($X42)*QCI!$AA$3),0)),SomaAgrup)","v":10025.11},0,{"$f":"IF($N42=\"\",\"\",IF(ORÇAMENTO.Descricao=\"\",\"DESCRIÇÃO\",IF(AND($C42=\"S\",ORÇAMENTO.Unidade=\"\"),\"UNIDADE\",IF($X42<0,\"VALOR NEGATIVO\",IF(OR(AND(TIPOORCAMENTO=\"Proposto\",$AG42<>\"\",$AG42>0,ORÇAMENTO.CustoUnitario>$AG42),AND(TIPOORCAMENTO=\"LICITADO\",ORÇAMENTO.PrecoUnitarioLicitado>$AN42)),\"ACIMA REF.\",\"\")))))","v":""},{"$f":"IF(C42<=CRONO.NivelExibicao,MAX($AD$15:OFFSET(AD42,-1,0))+IF($C42<>1,1,MAX(1,COUNTIF(QCI!$A$13:$A$24,OFFSET($E42,-1,0)))),\"\")","v":""},{"$f":"IF(AND($C42=\"S\",ORÇAMENTO.CodBarra<>\"\"),IF(ORÇAMENTO.Fonte=\"\",ORÇAMENTO.CodBarra,CONCATENATE(ORÇAMENTO.Fonte,\" \",ORÇAMENTO.CodBarra)))","v":"Composição 7"},{"$f":"IF(ISERROR(INDIRECT(ORÇAMENTO.BancoRef)),\"(abra o arquivo 'Referência \"&Excel_BuiltIn_Database&\".xlsm)\",IF(OR($C42<>\"S\",ORÇAMENTO.CodBarra=\"\"),\"(Sem Código)\",IF(ISERROR(MATCH($AE42,INDIRECT(ORÇAMENTO.BancoRef),0)),\"(Código não identificado nas referências)\",MATCH($AE42,INDIRECT(ORÇAMENTO.BancoRef),0))))","v":9},{"$f":"ROUND(IF(DESONERACAO=\"sim\",REFERENCIA.Desonerado,REFERENCIA.NaoDesonerado),2)","v":123.39},0.26400000000000001,null,{"$f":"0.3*0.7*2.5*14","v":7.3500000000000005},null,null,10025.11,155.96]
["S",2,"S",0,{"$f":"IF($C43=1,OFFSET(E43,-1,0)+MAX(1,COUNTIF(QCI!$A$13:$A$24,OFFSET(ORÇAMENTO!E43,-1,0))),OFFSET(E43,-1,0))","v":1},6,0,0,3,0,{"$f":"IF(OR($C43=\"S\",$C43=0),0,MATCH(OFFSET($D43,0,$C43)+IF($C43<>1,1,COUNTIF(QCI!$A$13:$A$24,ORÇAMENTO!E43)),OFFSET($D43,1,$C43,ROW($C$296)-ROW($C43)),0))","v":0},"F","Serviço","Serviço","1.6.0.3.","Composição","8",{"$f":"IF($C43=\"S\",REFERENCIA.Descricao,\"(digite a descrição aqui)\")","v":"PILAR 40X11,50CM, ARMAÇÃO LONGITUDINAL 6X12,50MM, ESTRIBOS 5MM C/ 12,  CONCRETO USINADO FCK 25MPA"},{"$f":"REFERENCIA.Unidade","v":"M"},{"$f":"OFFSET(CÁLCULO!H$15,ROW($T43)-ROW(T$15),0)","v":47.6},159.26,"BDI 1",{"$f":"IF($C43=\"S\",ROUND(IF(TIPOORCAMENTO=\"Proposto\",ORÇAMENTO.CustoUnitario*(1+$AH43),ORÇAMENTO.PrecoUnitarioLicitado),15-13*$AF$10),0)","v":201.3},{"$f":"IF($C43=\"S\",IF(Import.TipoArredondamento<>\"TransfereGOV\",VTOTAL1,SUM(OFFSET(CÁLCULO!$AA$15,ROW($X43)-ROW($X$15),1):OFFSET(CÁLCULO!$AL$15,ROW($X43)-ROW($X$15),-1))),IF($C43=0,0,ROUND(SomaAgrup,15-13*$AF$11)))","v":9581.8799999999992},"RA","RA",{"$f":"IF($C43=\"S\",IF($Z43=\"CP\",$X43,IF($Z43=\"RA\",(($X43)*QCI!$AA$3),0)),SomaAgrup)","v":9581.8799999999992},0,{"$f":"IF($N43=\"\",\"\",IF(ORÇAMENTO.Descricao=\"\",\"DESCRIÇÃO\",IF(AND($C43=\"S\",ORÇAMENTO.Unidade=\"\"),\"UNIDADE\",IF($X43<0,\"VALOR NEGATIVO\",IF(OR(AND(TIPOORCAMENTO=\"Proposto\",$AG43<>\"\",$AG43>0,ORÇAMENTO.CustoUnitario>$AG43),AND(TIPOORCAMENTO=\"LICITADO\",ORÇAMENTO.PrecoUnitarioLicitado>$AN43)),\"ACIMA REF.\",\"\")))))","v":""},{"$f":"IF(C43<=CRONO.NivelExibicao,MAX($AD$15:OFFSET(AD43,-1,0))+IF($C43<>1,1,MAX(1,COUNTIF(QCI!$A$13:$A$24,OFFSET($E43,-1,0)))),\"\")","v":""},{"$f":"IF(AND($C43=\"S\",ORÇAMENTO.CodBarra<>\"\"),IF(ORÇAMENTO.Fonte=\"\",ORÇAMENTO.CodBarra,CONCATENATE(ORÇAMENTO.Fonte,\" \",ORÇAMENTO.CodBarra)))","v":"Composição 8"},{"$f":"IF(ISERROR(INDIRECT(ORÇAMENTO.BancoRef)),\"(abra o arquivo 'Referência \"&Excel_BuiltIn_Database&\".xlsm)\",IF(OR($C43<>\"S\",ORÇAMENTO.CodBarra=\"\"),\"(Sem Código)\",IF(ISERROR(MATCH($AE43,INDIRECT(ORÇAMENTO.BancoRef),0)),\"(Código não identificado nas referências)\",MATCH($AE43,INDIRECT(ORÇAMENTO.BancoRef),0))))","v":10},{"$f":"ROUND(IF(DESONERACAO=\"sim\",REFERENCIA.Desonerado,REFERENCIA.NaoDesonerado),2)","v":159.26},0.26400000000000001,null,null,null,null,9581.8799999999992,201.3]
["S",2,"S",0,{"$f":"IF($C44=1,OFFSET(E44,-1,0)+MAX(1,COUNTIF(QCI!$A$13:$A$24,OFFSET(ORÇAMENTO!E44,-1,0))),OFFSET(E44,-1,0))","v":1},6,0,0,4,0,{"$f":"IF(OR($C44=\"S\",$C44=0),0,MATCH(OFFSET($D44,0,$C44)+IF($C44<>1,1,COUNTIF(QCI!$A$13:$A$24,ORÇAMENTO!E44)),OFFSET($D44,1,$C44,ROW($C$296)-ROW($C44)),0))","v":0},"F","Serviço","Serviço","1.6.0.4.","Composição","2",{"$f":"IF($C44=\"S\",REFERENCIA.Descricao,\"(digite a descrição aqui)\")","v":"V1 - VIGA AÉREA 11,5X45CM  - FCK 25MPA - USINADO - 6 BARRAS 10MM, ESTRIBOS 5MM C/12CM"},{"$f":"REFERENCIA.Unidade","v":"M"},{"$f":"OFFSET(CÁLCULO!H$15,ROW($T44)-ROW(T$15),0)","v":59.94},174.64,"BDI 1",{"$f":"IF($C44=\"S\",ROUND(IF(TIPOORCAMENTO=\"Proposto\",ORÇAMENTO.CustoUnitario*(1+$AH44),ORÇAMENTO.PrecoUnitarioLicitado),15-13*$AF$10),0)","v":220.74},{"$f":"IF($C44=\"S\",IF(Import.TipoArredondamento<>\"TransfereGOV\",VTOTAL1,SUM(OFFSET(CÁLCULO!$AA$15,ROW($X44)-ROW($X$15),1):OFFSET(CÁLCULO!$AL$15,ROW($X44)-ROW($X$15),-1))),IF($C44=0,0,ROUND(SomaAgrup,15-13*$AF$11)))","v":13231.16},"RA","RA",{"$f":"IF($C44=\"S\",IF($Z44=\"CP\",$X44,IF($Z44=\"RA\",(($X44)*QCI!$AA$3),0)),SomaAgrup)","v":13231.16},0,{"$f":"IF($N44=\"\",\"\",IF(ORÇAMENTO.Descricao=\"\",\"DESCRIÇÃO\",IF(AND($C44=\"S\",ORÇAMENTO.Unidade=\"\"),\"UNIDADE\",IF($X44<0,\"VALOR NEGATIVO\",IF(OR(AND(TIPOORCAMENTO=\"Proposto\",$AG44<>\"\",$AG44>0,ORÇAMENTO.CustoUnitario>$AG44),AND(TIPOORCAMENTO=\"LICITADO\",ORÇAMENTO.PrecoUnitarioLicitado>$AN44)),\"ACIMA REF.\",\"\")))))","v":""},{"$f":"IF(C44<=CRONO.NivelExibicao,MAX($AD$15:OFFSET(AD44,-1,0))+IF($C44<>1,1,MAX(1,COUNTIF(QCI!$A$13:$A$24,OFFSET($E44,-1,0)))),\"\")","v":""},{"$f":"IF(AND($C44=\"S\",ORÇAMENTO.CodBarra<>\"\"),IF(ORÇAMENTO.Fonte=\"\",ORÇAMENTO.CodBarra,CONCATENATE(ORÇAMENTO.Fonte,\" \",ORÇAMENTO.CodBarra)))","v":"Composição 2"},{"$f":"IF(ISERROR(INDIRECT(ORÇAMENTO.BancoRef)),\"(abra o arquivo 'Referência \"&Excel_BuiltIn_Database&\".xlsm)\",IF(OR($C44<>\"S\",ORÇAMENTO.CodBarra=\"\"),\"(Sem Código)\",IF(ISERROR(MATCH($AE44,INDIRECT(ORÇAMENTO.BancoRef),0)),\"(Código não identificado nas referências)\",MATCH($AE44,INDIRECT(ORÇAMENTO.BancoRef),0))))","v":4},{"$f":"ROUND(IF(DESONERACAO=\"sim\",REFERENCIA.Desonerado,REFERENCIA.NaoDesonerado),2)","v":174.64},0.26400000000000001,null,null,null,null,13231.16,220.74]
["S",2,"S",0,{"$f":"IF($C45=1,OFFSET(E45,-1,0)+MAX(1,COUNTIF(QCI!$A$13:$A$24,OFFSET(ORÇAMENTO!E45,-1,0))),OFFSET(E45,-1,0))","v":1},6,0,0,5,0,{"$f":"IF(OR($C45=\"S\",$C45=0),0,MATCH(OFFSET($D45,0,$C45)+IF($C45<>1,1,COUNTIF(QCI!$A$13:$A$24,ORÇAMENTO!E45)),OFFSET($D45,1,$C45,ROW($C$296)-ROW($C45)),0))","v":0},"F","Serviço","Serviço","1.6.0.5.","Composição","3",{"$f":"IF($C45=\"S\",REFERENCIA.Descricao,\"(digite a descrição aqui)\")","v":"V2 - VIGA AÉREA 11,5X45CM  - FCK 25MPA - USINADO - 6 BARRAS, 12,5MM, ESTRIBOS 5MM C/10CM"},{"$f":"REFERENCIA.Unidade","v":"M"},{"$f":"OFFSET(CÁLCULO!H$15,ROW($T45)-ROW(T$15),0)","v":137.44999999999999},192.3,"BDI 1",{"$f":"IF($C45=\"S\",ROUND(IF(TIPOORCAMENTO=\"Proposto\",ORÇAMENTO.CustoUnitario*(1+$AH45),ORÇAMENTO.PrecoUnitarioLicitado),15-13*$AF$10),0)","v":243.07},{"$f":"IF($C45=\"S\",IF(Import.TipoArredondamento<>\"TransfereGOV\",VTOTAL1,SUM(OFFSET(CÁLCULO!$AA$15,ROW($X45)-ROW($X$15),1):OFFSET(CÁLCULO!$AL$15,ROW($X45)-ROW($X$15),-1))),IF($C45=0,0,ROUND(SomaAgrup,15-13*$AF$11)))","v":33409.97},"RA","RA",{"$f":"IF($C45=\"S\",IF($Z45=\"CP\",$X45,IF($Z45=\"RA\",(($X45)*QCI!$AA$3),0)),SomaAgrup)","v":33409.97},0,{"$f":"IF($N45=\"\",\"\",IF(ORÇAMENTO.Descricao=\"\",\"DESCRIÇÃO\",IF(AND($C45=\"S\",ORÇAMENTO.Unidade=\"\"),\"UNIDADE\",IF($X45<0,\"VALOR NEGATIVO\",IF(OR(AND(TIPOORCAMENTO=\"Proposto\",$AG45<>\"\",$AG45>0,ORÇAMENTO.CustoUnitario>$AG45),AND(TIPOORCAMENTO=\"LICITADO\",ORÇAMENTO.PrecoUnitarioLicitado>$AN45)),\"ACIMA REF.\",\"\")))))","v":""},{"$f":"IF(C45<=CRONO.NivelExibicao,MAX($AD$15:OFFSET(AD45,-1,0))+IF($C45<>1,1,MAX(1,COUNTIF(QCI!$A$13:$A$24,OFFSET($E45,-1,0)))),\"\")","v":""},{"$f":"IF(AND($C45=\"S\",ORÇAMENTO.CodBarra<>\"\"),IF(ORÇAMENTO.Fonte=\"\",ORÇAMENTO.CodBarra,CONCATENATE(ORÇAMENTO.Fonte,\" \",ORÇAMENTO.CodBarra)))","v":"Composição 3"},{"$f":"IF(ISERROR(INDIRECT(ORÇAMENTO.BancoRef)),\"(abra o arquivo 'Referência \"&Excel_BuiltIn_Database&\".xlsm)\",IF(OR($C45<>\"S\",ORÇAMENTO.CodBarra=\"\"),\"(Sem Código)\",IF(ISERROR(MATCH($AE45,INDIRECT(ORÇAMENTO.BancoRef),0)),\"(Código não identificado nas referências)\",MATCH($AE45,INDIRECT(ORÇAMENTO.BancoRef),0))))","v":5},{"$f":"ROUND(IF(DESONERACAO=\"sim\",REFERENCIA.Desonerado,REFERENCIA.NaoDesonerado),2)","v":192.3},0.26400000000000001,null,null,null,null,33409.97,243.07]
[{"$f":"CHOOSE(1+LOG(1+2*(ORÇAMENTO.Nivel=\"Meta\")+4*(ORÇAMENTO.Nivel=\"Nível 2\")+8*(ORÇAMENTO.Nivel=\"Nível 3\")+16*(ORÇAMENTO.Nivel=\"Nível 4\")+32*(ORÇAMENTO.Nivel=\"Serviço\"),2),0,1,2,3,4,\"S\")","v":"S"},{"$f":"IF(OR(C46=\"s\",C46=0),OFFSET(B46,-1,0),C46)","v":2},{"$f":"IF(OFFSET(C46,-1,0)=\"L\",1,IF(OFFSET(C46,-1,0)=1,2,IF(OR(A46=\"s\",A46=0),\"S\",IF(AND(OFFSET(C46,-1,0)=2,A46=4),3,IF(AND(OR(OFFSET(C46,-1,0)=\"s\",OFFSET(C46,-1,0)=0),A46<>\"s\",A46>OFFSET(B46,-1,0)),OFFSET(B46,-1,0),A46)))))","v":"S"},{"$f":"IF(OR(C46=\"S\",C46=0),0,IF(ISERROR(K46),J46,SMALL(J46:K46,1)))","v":0},{"$f":"IF($C46=1,OFFSET(E46,-1,0)+MAX(1,COUNTIF(QCI!$A$13:$A$24,OFFSET(ORÇAMENTO!E46,-1,0))),OFFSET(E46,-1,0))","v":1},{"$f":"IF($C46=1,0,IF($C46=2,OFFSET(F46,-1,0)+1,OFFSET(F46,-1,0)))","v":6},{"$f":"IF(AND($C46<=2,$C46<>0),0,IF($C46=3,OFFSET(G46,-1,0)+1,OFFSET(G46,-1,0)))","v":0},{"$f":"IF(AND($C46<=3,$C46<>0),0,IF($C46=4,OFFSET(H46,-1,0)+1,OFFSET(H46,-1,0)))","v":0},{"$f":"IF(AND($C46<=4,$C46<>0),0,IF(AND($C46=\"S\",$X46>0),OFFSET(I46,-1,0)+1,OFFSET(I46,-1,0)))","v":6},0,{"$f":"IF(OR($C46=\"S\",$C46=0),0,MATCH(OFFSET($D46,0,$C46)+IF($C46<>1,1,COUNTIF(QCI!$A$13:$A$24,ORÇAMENTO!E46)),OFFSET($D46,1,$C46,ROW($C$296)-ROW($C46)),0))","v":0},{"$f":"IF(OR($X46>0,$C46=1,$C46=2,$C46=3,$C46=4),\"F\",\"\")","v":"F"},"Serviço",{"$f":"CHOOSE(1+LOG(1+2*(C46=1)+4*(C46=2)+8*(C46=3)+16*(C46=4)+32*(C46=\"S\"),2),\"\",\"Meta\",\"Nível 2\",\"Nível 3\",\"Nível 4\",\"Serviço\")","v":"Serviço"},{"$f":"IF(OR($C46=0,$L46=\"\"),\"-\",CONCATENATE(E46&\".\",IF(AND($A$5>=2,$C46>=2),F46&\".\",\"\"),IF(AND($A$5>=3,$C46>=3),G46&\".\",\"\"),IF(AND($A$5>=4,$C46>=4),H46&\".\",\"\"),IF($C46=\"S\",I46&\".\",\"\")))","v":"1.6.0.6."},"SINAPI","92763",{"$f":"IF($C46=\"S\",REFERENCIA.Descricao,\"(digite a descrição aqui)\")","v":"ARMAÇÃO DE PILAR OU VIGA DE ESTRUTURA CONVENCIONAL DE CONCRETO ARMADO UTILIZANDO AÇO CA-50 DE 12,5 MM - MONTAGEM. AF_06/2022"},{"$f":"REFERENCIA.Unidade","v":"KG"},{"$f":"OFFSET(CÁLCULO!H$15,ROW($T46)-ROW(T$15),0)","v":58.72},9.5,"BDI 1",{"$f":"IF($C46=\"S\",ROUND(IF(TIPOORCAMENTO=\"Proposto\",ORÇAMENTO.CustoUnitario*(1+$AH46),ORÇAMENTO.PrecoUnitarioLicitado),15-13*$AF$10),0)","v":12.01},{"$f":"IF($C46=\"S\",IF(Import.TipoArredondamento<>\"TransfereGOV\",VTOTAL1,SUM(OFFSET(CÁLCULO!$AA$15,ROW($X46)-ROW($X$15),1):OFFSET(CÁLCULO!$AL$15,ROW($X46)-ROW($X$15),-1))),IF($C46=0,0,ROUND(SomaAgrup,15-13*$AF$11)))","v":705.23},"RA",{"$f":"IF(AND($C46=\"S\",$X46>0),IF(ISBLANK($Y46),\"RA\",LEFT($Y46,2)),\"\")","v":"RA"},{"$f":"IF($C46=\"S\",IF($Z46=\"CP\",$X46,IF($Z46=\"RA\",(($X46)*QCI!$AA$3),0)),SomaAgrup)","v":705.23},{"$f":"IF($C46=\"S\",IF($Z46=\"OU\",ROUND($X46,2),0),SomaAgrup)","v":0},{"$f":"IF($N46=\"\",\"\",IF(ORÇAMENTO.Descricao=\"\",\"DESCRIÇÃO\",IF(AND($C46=\"S\",ORÇAMENTO.Unidade=\"\"),\"UNIDADE\",IF($X46<0,\"VALOR NEGATIVO\",IF(OR(AND(TIPOORCAMENTO=\"Proposto\",$AG46<>\"\",$AG46>0,ORÇAMENTO.CustoUnitario>$AG46),AND(TIPOORCAMENTO=\"LICITADO\",ORÇAMENTO.PrecoUnitarioLicitado>$AN46)),\"ACIMA REF.\",\"\")))))","v":""},{"$f":"IF(C46<=CRONO.NivelExibicao,MAX($AD$15:OFFSET(AD46,-1,0))+IF($C46<>1,1,MAX(1,COUNTIF(QCI!$A$13:$A$24,OFFSET($E46,-1,0)))),\"\")","v":""},{"$f":"IF(AND($C46=\"S\",ORÇAMENTO.CodBarra<>\"\"),IF(ORÇAMENTO.Fonte=\"\",ORÇAMENTO.CodBarra,CONCATENATE(ORÇAMENTO.Fonte,\" \",ORÇAMENTO.CodBarra)))","v":"SINAPI 92763"},{"$f":"IF(ISERROR(INDIRECT(ORÇAMENTO.BancoRef)),\"(abra o arquivo 'Referência \"&Excel_BuiltIn_Database&\".xlsm)\",IF(OR($C46<>\"S\",ORÇAMENTO.CodBarra=\"\"),\"(Sem Código)\",IF(ISERROR(MATCH($AE46,INDIRECT(ORÇAMENTO.BancoRef),0)),\"(Código não identificado nas referências)\",MATCH($AE46,INDIRECT(ORÇAMENTO.BancoRef),0))))","v":2649},{"$f":"ROUND(IF(DESONERACAO=\"sim\",REFERENCIA.Desonerado,REFERENCIA.NaoDesonerado),2)","v":9.5},{"$f":"ROUND(IF(ISNUMBER(ORÇAMENTO.OpcaoBDI),ORÇAMENTO.OpcaoBDI,IF(LEFT(ORÇAMENTO.OpcaoBDI,3)=\"BDI\",HLOOKUP(ORÇAMENTO.OpcaoBDI,$F$4:$H$5,2,FALSE),0)),15-11*$AF$9)","v":0.26400000000000001},null,null,null,null,705.23,{"$f":"ROUND(ORÇAMENTO.CustoUnitario*(1+$AH46),2)","v":12.01}]
[2,2,2,4,{"$f":"IF($C47=1,OFFSET(E47,-1,0)+MAX(1,COUNTIF(QCI!$A$13:$A$24,OFFSET(ORÇAMENTO!E47,-1,0))),OFFSET(E47,-1,0))","v":1},7,0,0,0,249,{"$f":"IF(OR($C47=\"S\",$C47=0),0,MATCH(OFFSET($D47,0,$C47)+IF($C47<>1,1,COUNTIF(QCI!$A$13:$A$24,ORÇAMENTO!E47)),OFFSET($D47,1,$C47,ROW($C$296)-ROW($C47)),0))","v":4},"F","Nível 2","Nível 2","1.7.","SINAPI","92514","LAJE",{"$f":"REFERENCIA.Unidade","v":"-"},{"$f":"OFFSET(CÁLCULO!H$15,ROW($T47)-ROW(T$15),0)","v":0},null,"BDI 1",{"$f":"IF($C47=\"S\",ROUND(IF(TIPOORCAMENTO=\"Proposto\",ORÇAMENTO.CustoUnitario*(1+$AH47),ORÇAMENTO.PrecoUnitarioLicitado),15-13*$AF$10),0)","v":0},{"$f":"IF($C47=\"S\",IF(Import.TipoArredondamento<>\"TransfereGOV\",VTOTAL1,SUM(OFFSET(CÁLCULO!$AA$15,ROW($X47)-ROW($X$15),1):OFFSET(CÁLCULO!$AL$15,ROW($X47)-ROW($X$15),-1))),IF($C47=0,0,ROUND(SomaAgrup,15-13*$AF$11)))","v":98661.31},"RA","",{"$f":"IF($C47=\"S\",IF($Z47=\"CP\",$X47,IF($Z47=\"RA\",(($X47)*QCI!$AA$3),0)),SomaAgrup)","v":98661.31},0,{"$f":"IF($N47=\"\",\"\",IF(ORÇAMENTO.Descricao=\"\",\"DESCRIÇÃO\",IF(AND($C47=\"S\",ORÇAMENTO.Unidade=\"\"),\"UNIDADE\",IF($X47<0,\"VALOR NEGATIVO\",IF(OR(AND(TIPOORCAMENTO=\"Proposto\",$AG47<>\"\",$AG47>0,ORÇAMENTO.CustoUnitario>$AG47),AND(TIPOORCAMENTO=\"LICITADO\",ORÇAMENTO.PrecoUnitarioLicitado>$AN47)),\"ACIMA REF.\",\"\")))))","v":""},{"$f":"IF(C47<=CRONO.NivelExibicao,MAX($AD$15:OFFSET(AD47,-1,0))+IF($C47<>1,1,MAX(1,COUNTIF(QCI!$A$13:$A$24,OFFSET($E47,-1,0)))),\"\")","v":8},{"$f":"IF(AND($C47=\"S\",ORÇAMENTO.CodBarra<>\"\"),IF(ORÇAMENTO.Fonte=\"\",ORÇAMENTO.CodBarra,CONCATENATE(ORÇAMENTO.Fonte,\" \",ORÇAMENTO.CodBarra)))","v":false},{"$f":"IF(ISERROR(INDIRECT(ORÇAMENTO.BancoRef)),\"(abra o arquivo 'Referência \"&Excel_BuiltIn_Database&\".xlsm)\",IF(OR($C47<>\"S\",ORÇAMENTO.CodBarra=\"\"),\"(Sem Código)\",IF(ISERROR(MATCH($AE47,INDIRECT(ORÇAMENTO.BancoRef),0)),\"(Código não identificado nas referências)\",MATCH($AE47,INDIRECT(ORÇAMENTO.BancoRef),0))))","v":"(Sem Código)"},{"$f":"ROUND(IF(DESONERACAO=\"sim\",REFERENCIA.Desonerado,REFERENCIA.NaoDesonerado),2)","v":0},0.26400000000000001,null,null,null,null,98661.31,0]
["S",2,"S",0,{"$f":"IF($C48=1,OFFSET(E48,-1,0)+MAX(1,COUNTIF(QCI!$A$13:$A$24,OFFSET(ORÇAMENTO!E48,-1,0))),OFFSET(E48,-1,0))","v":1},7,0,0,1,0,{"$f":"IF(OR($C48=\"S\",$C48=0),0,MATCH(OFFSET($D48,0,$C48)+IF($C48<>1,1,COUNTIF(QCI!$A$13:$A$24,ORÇAMENTO!E48)),OFFSET($D48,1,$C48,ROW($C$296)-ROW($C48)),0))","v":0},"F","Serviço","Serviço","1.7.0.1.","SINAPI","101963","LAJE PRÉ-MOLDADA UNIDIRECIONAL, BIAPOIADA, PARA PISO, ENCHIMENTO EM CERAMICA, VIGOTA CONVENCIONAL, ALTURA TOTAL DA LAJE (ENCHIMENTO+CAPA) = (8+4). AF_11/2020_PA (INCLUI ESCORAMENTO, FORMAS, MALHA 4,2 15X15CM E CONCRETO)",{"$f":"REFERENCIA.Unidade","v":"M2"},{"$f":"OFFSET(CÁLCULO!H$15,ROW($T48)-ROW(T$15),0)","v":216.14},187.29,"BDI 1",{"$f":"IF($C48=\"S\",ROUND(IF(TIPOORCAMENTO=\"Proposto\",ORÇAMENTO.CustoUnitario*(1+$AH48),ORÇAMENTO.PrecoUnitarioLicitado),15-13*$AF$10),0)","v":236.73},{"$f":"IF($C48=\"S\",IF(Import.TipoArredondamento<>\"TransfereGOV\",VTOTAL1,SUM(OFFSET(CÁLCULO!$AA$15,ROW($X48)-ROW($X$15),1):OFFSET(CÁLCULO!$AL$15,ROW($X48)-ROW($X$15),-1))),IF($C48=0,0,ROUND(SomaAgrup,15-13*$AF$11)))","v":51166.82},"RA","RA",{"$f":"IF($C48=\"S\",IF($Z48=\"CP\",$X48,IF($Z48=\"RA\",(($X48)*QCI!$AA$3),0)),SomaAgrup)","v":51166.82},0,{"$f":"IF($N48=\"\",\"\",IF(ORÇAMENTO.Descricao=\"\",\"DESCRIÇÃO\",IF(AND($C48=\"S\",ORÇAMENTO.Unidade=\"\"),\"UNIDADE\",IF($X48<0,\"VALOR NEGATIVO\",IF(OR(AND(TIPOORCAMENTO=\"Proposto\",$AG48<>\"\",$AG48>0,ORÇAMENTO.CustoUnitario>$AG48),AND(TIPOORCAMENTO=\"LICITADO\",ORÇAMENTO.PrecoUnitarioLicitado>$AN48)),\"ACIMA REF.\",\"\")))))","v":""},{"$f":"IF(C48<=CRONO.NivelExibicao,MAX($AD$15:OFFSET(AD48,-1,0))+IF($C48<>1,1,MAX(1,COUNTIF(QCI!$A$13:$A$24,OFFSET($E48,-1,0)))),\"\")","v":""},{"$f":"IF(AND($C48=\"S\",ORÇAMENTO.CodBarra<>\"\"),IF(ORÇAMENTO.Fonte=\"\",ORÇAMENTO.CodBarra,CONCATENATE(ORÇAMENTO.Fonte,\" \",ORÇAMENTO.CodBarra)))","v":"SINAPI 101963"},{"$f":"IF(ISERROR(INDIRECT(ORÇAMENTO.BancoRef)),\"(abra o arquivo 'Referência \"&Excel_BuiltIn_Database&\".xlsm)\",IF(OR($C48<>\"S\",ORÇAMENTO.CodBarra=\"\"),\"(Sem Código)\",IF(ISERROR(MATCH($AE48,INDIRECT(ORÇAMENTO.BancoRef),0)),\"(Código não identificado nas referências)\",MATCH($AE48,INDIRECT(ORÇAMENTO.BancoRef),0))))","v":2816},{"$f":"ROUND(IF(DESONERACAO=\"sim\",REFERENCIA.Desonerado,REFERENCIA.NaoDesonerado),2)","v":187.29},0.26400000000000001,null,null,null,null,51166.82,236.73]
["S",2,"S",0,{"$f":"IF($C49=1,OFFSET(E49,-1,0)+MAX(1,COUNTIF(QCI!$A$13:$A$24,OFFSET(ORÇAMENTO!E49,-1,0))),OFFSET(E49,-1,0))","v":1},7,0,0,2,0,{"$f":"IF(OR($C49=\"S\",$C49=0),0,MATCH(OFFSET($D49,0,$C49)+IF($C49<>1,1,COUNTIF(QCI!$A$13:$A$24,ORÇAMENTO!E49)),OFFSET($D49,1,$C49,ROW($C$296)-ROW($C49)),0))","v":0},"F","Serviço","Serviço","1.7.0.2.","Composição","12",{"$f":"IF($C49=\"S\",REFERENCIA.Descricao,\"(digite a descrição aqui)\")","v":"LAJE PRÉ-MOLDADA UNIDIRECIONAL, BIAPOIADA, PARA PISO, ENCHIMENTO EM CERÂMICA, VIGOTA CONVENCIONAL, ALTURA TOTAL DA LAJE (ENCHIMENTO+CAPA) = (12+4). AF_11/2020_PA"},{"$f":"REFERENCIA.Unidade","v":"M2"},{"$f":"OFFSET(CÁLCULO!H$15,ROW($T49)-ROW(T$15),0)","v":157.66999999999999},234.74,"BDI 1",{"$f":"IF($C49=\"S\",ROUND(IF(TIPOORCAMENTO=\"Proposto\",ORÇAMENTO.CustoUnitario*(1+$AH49),ORÇAMENTO.PrecoUnitarioLicitado),15-13*$AF$10),0)","v":296.70999999999998},{"$f":"IF($C49=\"S\",IF(Import.TipoArredondamento<>\"TransfereGOV\",VTOTAL1,SUM(OFFSET(CÁLCULO!$AA$15,ROW($X49)-ROW($X$15),1):OFFSET(CÁLCULO!$AL$15,ROW($X49)-ROW($X$15),-1))),IF($C49=0,0,ROUND(SomaAgrup,15-13*$AF$11)))","v":46782.27},"RA","RA",{"$f":"IF($C49=\"S\",IF($Z49=\"CP\",$X49,IF($Z49=\"RA\",(($X49)*QCI!$AA$3),0)),SomaAgrup)","v":46782.27},0,{"$f":"IF($N49=\"\",\"\",IF(ORÇAMENTO.Descricao=\"\",\"DESCRIÇÃO\",IF(AND($C49=\"S\",ORÇAMENTO.Unidade=\"\"),\"UNIDADE\",IF($X49<0,\"VALOR NEGATIVO\",IF(OR(AND(TIPOORCAMENTO=\"Proposto\",$AG49<>\"\",$AG49>0,ORÇAMENTO.CustoUnitario>$AG49),AND(TIPOORCAMENTO=\"LICITADO\",ORÇAMENTO.PrecoUnitarioLicitado>$AN49)),\"ACIMA REF.\",\"\")))))","v":""},{"$f":"IF(C49<=CRONO.NivelExibicao,MAX($AD$15:OFFSET(AD49,-1,0))+IF($C49<>1,1,MAX(1,COUNTIF(QCI!$A$13:$A$24,OFFSET($E49,-1,0)))),\"\")","v":""},{"$f":"IF(AND($C49=\"S\",ORÇAMENTO.CodBarra<>\"\"),IF(ORÇAMENTO.Fonte=\"\",ORÇAMENTO.CodBarra,CONCATENATE(ORÇAMENTO.Fonte,\" \",ORÇAMENTO.CodBarra)))","v":"Composição 12"},{"$f":"IF(ISERROR(INDIRECT(ORÇAMENTO.BancoRef)),\"(abra o arquivo 'Referência \"&Excel_BuiltIn_Database&\".xlsm)\",IF(OR($C49<>\"S\",ORÇAMENTO.CodBarra=\"\"),\"(Sem Código)\",IF(ISERROR(MATCH($AE49,INDIRECT(ORÇAMENTO.BancoRef),0)),\"(Código não identificado nas referências)\",MATCH($AE49,INDIRECT(ORÇAMENTO.BancoRef),0))))","v":14},{"$f":"ROUND(IF(DESONERACAO=\"sim\",REFERENCIA.Desonerado,REFERENCIA.NaoDesonerado),2)","v":234.74},0.26400000000000001,null,null,null,null,46782.27,296.70999999999998]
["S",2,"S",0,{"$f":"IF($C50=1,OFFSET(E50,-1,0)+MAX(1,COUNTIF(QCI!$A$13:$A$24,OFFSET(ORÇAMENTO!E50,-1,0))),OFFSET(E50,-1,0))","v":1},7,0,0,3,0,{"$f":"IF(OR($C50=\"S\",$C50=0),0,MATCH(OFFSET($D50,0,$C50)+IF($C50<>1,1,COUNTIF(QCI!$A$13:$A$24,ORÇAMENTO!E50)),OFFSET($D50,1,$C50,ROW($C$296)-ROW($C50)),0))","v":0},"F","Serviço","Serviço","1.7.0.3.","SINAPI","92769",{"$f":"IF($C50=\"S\",REFERENCIA.Descricao,\"(digite a descrição aqui)\")","v":"ARMAÇÃO DE LAJE DE ESTRUTURA CONVENCIONAL DE CONCRETO ARMADO UTILIZANDO AÇO CA-50 DE 6,3 MM - MONTAGEM. AF_06/2022"},{"$f":"REFERENCIA.Unidade","v":"KG"},{"$f":"OFFSET(CÁLCULO!H$15,ROW($T50)-ROW(T$15),0)","v":44.1},12.78,"BDI 1",{"$f":"IF($C50=\"S\",ROUND(IF(TIPOORCAMENTO=\"Proposto\",ORÇAMENTO.CustoUnitario*(1+$AH50),ORÇAMENTO.PrecoUnitarioLicitado),15-13*$AF$10),0)","v":16.149999999999999},{"$f":"IF($C50=\"S\",IF(Import.TipoArredondamento<>\"TransfereGOV\",VTOTAL1,SUM(OFFSET(CÁLCULO!$AA$15,ROW($X50)-ROW($X$15),1):OFFSET(CÁLCULO!$AL$15,ROW($X50)-ROW($X$15),-1))),IF($C50=0,0,ROUND(SomaAgrup,15-13*$AF$11)))","v":712.22},"RA","RA",{"$f":"IF($C50=\"S\",IF($Z50=\"CP\",$X50,IF($Z50=\"RA\",(($X50)*QCI!$AA$3),0)),SomaAgrup)","v":712.22},0,{"$f":"IF($N50=\"\",\"\",IF(ORÇAMENTO.Descricao=\"\",\"DESCRIÇÃO\",IF(AND($C50=\"S\",ORÇAMENTO.Unidade=\"\"),\"UNIDADE\",IF($X50<0,\"VALOR NEGATIVO\",IF(OR(AND(TIPOORCAMENTO=\"Proposto\",$AG50<>\"\",$AG50>0,ORÇAMENTO.CustoUnitario>$AG50),AND(TIPOORCAMENTO=\"LICITADO\",ORÇAMENTO.PrecoUnitarioLicitado>$AN50)),\"ACIMA REF.\",\"\")))))","v":""},{"$f":"IF(C50<=CRONO.NivelExibicao,MAX($AD$15:OFFSET(AD50,-1,0))+IF($C50<>1,1,MAX(1,COUNTIF(QCI!$A$13:$A$24,OFFSET($E50,-1,0)))),\"\")","v":""},{"$f":"IF(AND($C50=\"S\",ORÇAMENTO.CodBarra<>\"\"),IF(ORÇAMENTO.Fonte=\"\",ORÇAMENTO.CodBarra,CONCATENATE(ORÇAMENTO.Fonte,\" \",ORÇAMENTO.CodBarra)))","v":"SINAPI 92769"},{"$f":"IF(ISERROR(INDIRECT(ORÇAMENTO.BancoRef)),\"(abra o arquivo 'Referência \"&Excel_BuiltIn_Database&\".xlsm)\",IF(OR($C50<>\"S\",ORÇAMENTO.CodBarra=\"\"),\"(Sem Código)\",IF(ISERROR(MATCH($AE50,INDIRECT(ORÇAMENTO.BancoRef),0)),\"(Código não identificado nas referências)\",MATCH($AE50,INDIRECT(ORÇAMENTO.BancoRef),0))))","v":2655},{"$f":"ROUND(IF(DESONERACAO=\"sim\",REFERENCIA.Desonerado,REFERENCIA.NaoDesonerado),2)","v":12.78},0.26400000000000001,null,null,null,null,712.22,16.149999999999999]
[2,2,2,15,{"$f":"IF($C51=1,OFFSET(E51,-1,0)+MAX(1,COUNTIF(QCI!$A$13:$A$24,OFFSET(ORÇAMENTO!E51,-1,0))),OFFSET(E51,-1,0))","v":1},8,0,0,0,245,{"$f":"IF(OR($C51=\"S\",$C51=0),0,MATCH(OFFSET($D51,0,$C51)+IF($C51<>1,1,COUNTIF(QCI!$A$13:$A$24,ORÇAMENTO!E51)),OFFSET($D51,1,$C51,ROW($C$296)-ROW($C51)),0))","v":15},"F","Nível 2","Nível 2","1.8.","SINAPI",null,"PAINÉIS E PAREDES",{"$f":"REFERENCIA.Unidade","v":"-"},{"$f":"OFFSET(CÁLCULO!H$15,ROW($T51)-ROW(T$15),0)","v":0},0,"BDI 1",{"$f":"IF($C51=\"S\",ROUND(IF(TIPOORCAMENTO=\"Proposto\",ORÇAMENTO.CustoUnitario*(1+$AH51),ORÇAMENTO.PrecoUnitarioLicitado),15-13*$AF$10),0)","v":0},{"$f":"IF($C51=\"S\",IF(Import.TipoArredondamento<>\"TransfereGOV\",VTOTAL1,SUM(OFFSET(CÁLCULO!$AA$15,ROW($X51)-ROW($X$15),1):OFFSET(CÁLCULO!$AL$15,ROW($X51)-ROW($X$15),-1))),IF($C51=0,0,ROUND(SomaAgrup,15-13*$AF$11)))","v":176855.06},"RA","",{"$f":"IF($C51=\"S\",IF($Z51=\"CP\",$X51,IF($Z51=\"RA\",(($X51)*QCI!$AA$3),0)),SomaAgrup)","v":176855.06},0,{"$f":"IF($N51=\"\",\"\",IF(ORÇAMENTO.Descricao=\"\",\"DESCRIÇÃO\",IF(AND($C51=\"S\",ORÇAMENTO.Unidade=\"\"),\"UNIDADE\",IF($X51<0,\"VALOR NEGATIVO\",IF(OR(AND(TIPOORCAMENTO=\"Proposto\",$AG51<>\"\",$AG51>0,ORÇAMENTO.CustoUnitario>$AG51),AND(TIPOORCAMENTO=\"LICITADO\",ORÇAMENTO.PrecoUnitarioLicitado>$AN51)),\"ACIMA REF.\",\"\")))))","v":""},{"$f":"IF(C51<=CRONO.NivelExibicao,MAX($AD$15:OFFSET(AD51,-1,0))+IF($C51<>1,1,MAX(1,COUNTIF(QCI!$A$13:$A$24,OFFSET($E51,-1,0)))),\"\")","v":9},{"$f":"IF(AND($C51=\"S\",ORÇAMENTO.CodBarra<>\"\"),IF(ORÇAMENTO.Fonte=\"\",ORÇAMENTO.CodBarra,CONCATENATE(ORÇAMENTO.Fonte,\" \",ORÇAMENTO.CodBarra)))","v":false},{"$f":"IF(ISERROR(INDIRECT(ORÇAMENTO.BancoRef)),\"(abra o arquivo 'Referência \"&Excel_BuiltIn_Database&\".xlsm)\",IF(OR($C51<>\"S\",ORÇAMENTO.CodBarra=\"\"),\"(Sem Código)\",IF(ISERROR(MATCH($AE51,INDIRECT(ORÇAMENTO.BancoRef),0)),\"(Código não identificado nas referências)\",MATCH($AE51,INDIRECT(ORÇAMENTO.BancoRef),0))))","v":"(Sem Código)"},{"$f":"ROUND(IF(DESONERACAO=\"sim\",REFERENCIA.Desonerado,REFERENCIA.NaoDesonerado),2)","v":0},0.26400000000000001,null,null,null,null,176855.06,0]
[{"$f":"CHOOSE(1+LOG(1+2*(ORÇAMENTO.Nivel=\"Meta\")+4*(ORÇAMENTO.Nivel=\"Nível 2\")+8*(ORÇAMENTO.Nivel=\"Nível 3\")+16*(ORÇAMENTO.Nivel=\"Nível 4\")+32*(ORÇAMENTO.Nivel=\"Serviço\"),2),0,1,2,3,4,\"S\")","v":3},{"$f":"IF(OR(C52=\"s\",C52=0),OFFSET(B52,-1,0),C52)","v":3},{"$f":"IF(OFFSET(C52,-1,0)=\"L\",1,IF(OFFSET(C52,-1,0)=1,2,IF(OR(A52=\"s\",A52=0),\"S\",IF(AND(OFFSET(C52,-1,0)=2,A52=4),3,IF(AND(OR(OFFSET(C52,-1,0)=\"s\",OFFSET(C52,-1,0)=0),A52<>\"s\",A52>OFFSET(B52,-1,0)),OFFSET(B52,-1,0),A52)))))","v":3},{"$f":"IF(OR(C52=\"S\",C52=0),0,IF(ISERROR(K52),J52,SMALL(J52:K52,1)))","v":5},{"$f":"IF($C52=1,OFFSET(E52,-1,0)+MAX(1,COUNTIF(QCI!$A$13:$A$24,OFFSET(ORÇAMENTO!E52,-1,0))),OFFSET(E52,-1,0))","v":1},{"$f":"IF($C52=1,0,IF($C52=2,OFFSET(F52,-1,0)+1,OFFSET(F52,-1,0)))","v":8},{"$f":"IF(AND($C52<=2,$C52<>0),0,IF($C52=3,OFFSET(G52,-1,0)+1,OFFSET(G52,-1,0)))","v":1},{"$f":"IF(AND($C52<=3,$C52<>0),0,IF($C52=4,OFFSET(H52,-1,0)+1,OFFSET(H52,-1,0)))","v":0},{"$f":"IF(AND($C52<=4,$C52<>0),0,IF(AND($C52=\"S\",$X52>0),OFFSET(I52,-1,0)+1,OFFSET(I52,-1,0)))","v":0},14,{"$f":"IF(OR($C52=\"S\",$C52=0),0,MATCH(OFFSET($D52,0,$C52)+IF($C52<>1,1,COUNTIF(QCI!$A$13:$A$24,ORÇAMENTO!E52)),OFFSET($D52,1,$C52,ROW($C$296)-ROW($C52)),0))","v":5},{"$f":"IF(OR($X52>0,$C52=1,$C52=2,$C52=3,$C52=4),\"F\",\"\")","v":"F"},"Nível 3",{"$f":"CHOOSE(1+LOG(1+2*(C52=1)+4*(C52=2)+8*(C52=3)+16*(C52=4)+32*(C52=\"S\"),2),\"\",\"Meta\",\"Nível 2\",\"Nível 3\",\"Nível 4\",\"Serviço\")","v":"Nível 3"},{"$f":"IF(OR($C52=0,$L52=\"\"),\"-\",CONCATENATE(E52&\".\",IF(AND($A$5>=2,$C52>=2),F52&\".\",\"\"),IF(AND($A$5>=3,$C52>=3),G52&\".\",\"\"),IF(AND($A$5>=4,$C52>=4),H52&\".\",\"\"),IF($C52=\"S\",I52&\".\",\"\")))","v":"1.8.1."},"SINAPI",null,"EXTERNAS",{"$f":"REFERENCIA.Unidade","v":"-"},{"$f":"OFFSET(CÁLCULO!H$15,ROW($T52)-ROW(T$15),0)","v":0},null,"BDI 1",{"$f":"IF($C52=\"S\",ROUND(IF(TIPOORCAMENTO=\"Proposto\",ORÇAMENTO.CustoUnitario*(1+$AH52),ORÇAMENTO.PrecoUnitarioLicitado),15-13*$AF$10),0)","v":0},{"$f":"IF($C52=\"S\",IF(Import.TipoArredondamento<>\"TransfereGOV\",VTOTAL1,SUM(OFFSET(CÁLCULO!$AA$15,ROW($X52)-ROW($X$15),1):OFFSET(CÁLCULO!$AL$15,ROW($X52)-ROW($X$15),-1))),IF($C52=0,0,ROUND(SomaAgrup,15-13*$AF$11)))","v":81689.649999999994},"RA",{"$f":"IF(AND($C52=\"S\",$X52>0),IF(ISBLANK($Y52),\"RA\",LEFT($Y52,2)),\"\")","v":""},{"$f":"IF($C52=\"S\",IF($Z52=\"CP\",$X52,IF($Z52=\"RA\",(($X52)*QCI!$AA$3),0)),SomaAgrup)","v":81689.649999999994},{"$f":"IF($C52=\"S\",IF($Z52=\"OU\",ROUND($X52,2),0),SomaAgrup)","v":0},{"$f":"IF($N52=\"\",\"\",IF(ORÇAMENTO.Descricao=\"\",\"DESCRIÇÃO\",IF(AND($C52=\"S\",ORÇAMENTO.Unidade=\"\"),\"UNIDADE\",IF($X52<0,\"VALOR NEGATIVO\",IF(OR(AND(TIPOORCAMENTO=\"Proposto\",$AG52<>\"\",$AG52>0,ORÇAMENTO.CustoUnitario>$AG52),AND(TIPOORCAMENTO=\"LICITADO\",ORÇAMENTO.PrecoUnitarioLicitado>$AN52)),\"ACIMA REF.\",\"\")))))","v":""},{"$f":"IF(C52<=CRONO.NivelExibicao,MAX($AD$15:OFFSET(AD52,-1,0))+IF($C52<>1,1,MAX(1,COUNTIF(QCI!$A$13:$A$24,OFFSET($E52,-1,0)))),\"\")","v":10},{"$f":"IF(AND($C52=\"S\",ORÇAMENTO.CodBarra<>\"\"),IF(ORÇAMENTO.Fonte=\"\",ORÇAMENTO.CodBarra,CONCATENATE(ORÇAMENTO.Fonte,\" \",ORÇAMENTO.CodBarra)))","v":false},{"$f":"IF(ISERROR(INDIRECT(ORÇAMENTO.BancoRef)),\"(abra o arquivo 'Referência \"&Excel_BuiltIn_Database&\".xlsm)\",IF(OR($C52<>\"S\",ORÇAMENTO.CodBarra=\"\"),\"(Sem Código)\",IF(ISERROR(MATCH($AE52,INDIRECT(ORÇAMENTO.BancoRef),0)),\"(Código não identificado nas referências)\",MATCH($AE52,INDIRECT(ORÇAMENTO.BancoRef),0))))","v":"(Sem Código)"},{"$f":"ROUND(IF(DESONERACAO=\"sim\",REFERENCIA.Desonerado,REFERENCIA.NaoDesonerado),2)","v":0},{"$f":"ROUND(IF(ISNUMBER(ORÇAMENTO.OpcaoBDI),ORÇAMENTO.OpcaoBDI,IF(LEFT(ORÇAMENTO.OpcaoBDI,3)=\"BDI\",HLOOKUP(ORÇAMENTO.OpcaoBDI,$F$4:$H$5,2,FALSE),0)),15-11*$AF$9)","v":0.26400000000000001},null,null,null,null,81689.649999999994,{"$f":"ROUND(ORÇAMENTO.CustoUnitario*(1+$AH52),2)","v":0}]
["S",3,"S",0,{"$f":"IF($C53=1,OFFSET(E53,-1,0)+MAX(1,COUNTIF(QCI!$A$13:$A$24,OFFSET(ORÇAMENTO!E53,-1,0))),OFFSET(E53,-1,0))","v":1},8,1,0,1,0,{"$f":"IF(OR($C53=\"S\",$C53=0),0,MATCH(OFFSET($D53,0,$C53)+IF($C53<>1,1,COUNTIF(QCI!$A$13:$A$24,ORÇAMENTO!E53)),OFFSET($D53,1,$C53,ROW($C$296)-ROW($C53)),0))","v":0},"F","Serviço","Serviço","1.8.1.1.","SINAPI","103330",{"$f":"IF($C53=\"S\",REFERENCIA.Descricao,\"(digite a descrição aqui)\")","v":"ALVENARIA DE VEDAÇÃO DE BLOCOS CERÂMICOS FURADOS NA HORIZONTAL DE 11,5X19X19 CM (ESPESSURA 11,5 CM) E ARGAMASSA DE ASSENTAMENTO COM PREPARO EM BETONEIRA. AF_12/2021"},{"$f":"REFERENCIA.Unidade","v":"M2"},{"$f":"OFFSET(CÁLCULO!H$15,ROW($T53)-ROW(T$15),0)","v":572.15},79.11,"BDI 1",{"$f":"IF($C53=\"S\",ROUND(IF(TIPOORCAMENTO=\"Proposto\",ORÇAMENTO.CustoUnitario*(1+$AH53),ORÇAMENTO.PrecoUnitarioLicitado),15-13*$AF$10),0)","v":100},{"$f":"IF($C53=\"S\",IF(Import.TipoArredondamento<>\"TransfereGOV\",VTOTAL1,SUM(OFFSET(CÁLCULO!$AA$15,ROW($X53)-ROW($X$15),1):OFFSET(CÁLCULO!$AL$15,ROW($X53)-ROW($X$15),-1))),IF($C53=0,0,ROUND(SomaAgrup,15-13*$AF$11)))","v":57215},"RA","RA",{"$f":"IF($C53=\"S\",IF($Z53=\"CP\",$X53,IF($Z53=\"RA\",(($X53)*QCI!$AA$3),0)),SomaAgrup)","v":57215},0,{"$f":"IF($N53=\"\",\"\",IF(ORÇAMENTO.Descricao=\"\",\"DESCRIÇÃO\",IF(AND($C53=\"S\",ORÇAMENTO.Unidade=\"\"),\"UNIDADE\",IF($X53<0,\"VALOR NEGATIVO\",IF(OR(AND(TIPOORCAMENTO=\"Proposto\",$AG53<>\"\",$AG53>0,ORÇAMENTO.CustoUnitario>$AG53),AND(TIPOORCAMENTO=\"LICITADO\",ORÇAMENTO.PrecoUnitarioLicitado>$AN53)),\"ACIMA REF.\",\"\")))))","v":""},{"$f":"IF(C53<=CRONO.NivelExibicao,MAX($AD$15:OFFSET(AD53,-1,0))+IF($C53<>1,1,MAX(1,COUNTIF(QCI!$A$13:$A$24,OFFSET($E53,-1,0)))),\"\")","v":""},{"$f":"IF(AND($C53=\"S\",ORÇAMENTO.CodBarra<>\"\"),IF(ORÇAMENTO.Fonte=\"\",ORÇAMENTO.CodBarra,CONCATENATE(ORÇAMENTO.Fonte,\" \",ORÇAMENTO.CodBarra)))","v":"SINAPI 103330"},{"$f":"IF(ISERROR(INDIRECT(ORÇAMENTO.BancoRef)),\"(abra o arquivo 'Referência \"&Excel_BuiltIn_Database&\".xlsm)\",IF(OR($C53<>\"S\",ORÇAMENTO.CodBarra=\"\"),\"(Sem Código)\",IF(ISERROR(MATCH($AE53,INDIRECT(ORÇAMENTO.BancoRef),0)),\"(Código não identificado nas referências)\",MATCH($AE53,INDIRECT(ORÇAMENTO.BancoRef),0))))","v":5992},{"$f":"ROUND(IF(DESONERACAO=\"sim\",REFERENCIA.Desonerado,REFERENCIA.NaoDesonerado),2)","v":79.11},0.26400000000000001,null,{"$f":"14","v":14},null,null,57215,100]
["S",3,"S",0,{"$f":"IF($C54=1,OFFSET(E54,-1,0)+MAX(1,COUNTIF(QCI!$A$13:$A$24,OFFSET(ORÇAMENTO!E54,-1,0))),OFFSET(E54,-1,0))","v":1},8,1,0,2,0,{"$f":"IF(OR($C54=\"S\",$C54=0),0,MATCH(OFFSET($D54,0,$C54)+IF($C54<>1,1,COUNTIF(QCI!$A$13:$A$24,ORÇAMENTO!E54)),OFFSET($D54,1,$C54,ROW($C$296)-ROW($C54)),0))","v":0},"F","Serviço","Serviço","1.8.1.2.","Composição","43",{"$f":"IF($C54=\"S\",REFERENCIA.Descricao,\"(digite a descrição aqui)\")","v":"CONTRAVERGA PRÉ-MOLDADA, ESPESSURA DE *11,50* CM. AF_03/2024"},{"$f":"REFERENCIA.Unidade","v":"M"},{"$f":"OFFSET(CÁLCULO!H$15,ROW($T54)-ROW(T$15),0)","v":173.37},19.88,"BDI 1",{"$f":"IF($C54=\"S\",ROUND(IF(TIPOORCAMENTO=\"Proposto\",ORÇAMENTO.CustoUnitario*(1+$AH54),ORÇAMENTO.PrecoUnitarioLicitado),15-13*$AF$10),0)","v":25.13},{"$f":"IF($C54=\"S\",IF(Import.TipoArredondamento<>\"TransfereGOV\",VTOTAL1,SUM(OFFSET(CÁLCULO!$AA$15,ROW($X54)-ROW($X$15),1):OFFSET(CÁLCULO!$AL$15,ROW($X54)-ROW($X$15),-1))),IF($C54=0,0,ROUND(SomaAgrup,15-13*$AF$11)))","v":4356.79},"RA","RA",{"$f":"IF($C54=\"S\",IF($Z54=\"CP\",$X54,IF($Z54=\"RA\",(($X54)*QCI!$AA$3),0)),SomaAgrup)","v":4356.79},0,{"$f":"IF($N54=\"\",\"\",IF(ORÇAMENTO.Descricao=\"\",\"DESCRIÇÃO\",IF(AND($C54=\"S\",ORÇAMENTO.Unidade=\"\"),\"UNIDADE\",IF($X54<0,\"VALOR NEGATIVO\",IF(OR(AND(TIPOORCAMENTO=\"Proposto\",$AG54<>\"\",$AG54>0,ORÇAMENTO.CustoUnitario>$AG54),AND(TIPOORCAMENTO=\"LICITADO\",ORÇAMENTO.PrecoUnitarioLicitado>$AN54)),\"ACIMA REF.\",\"\")))))","v":""},{"$f":"IF(C54<=CRONO.NivelExibicao,MAX($AD$15:OFFSET(AD54,-1,0))+IF($C54<>1,1,MAX(1,COUNTIF(QCI!$A$13:$A$24,OFFSET($E54,-1,0)))),\"\")","v":""},{"$f":"IF(AND($C54=\"S\",ORÇAMENTO.CodBarra<>\"\"),IF(ORÇAMENTO.Fonte=\"\",ORÇAMENTO.CodBarra,CONCATENATE(ORÇAMENTO.Fonte,\" \",ORÇAMENTO.CodBarra)))","v":"Composição 43"},{"$f":"IF(ISERROR(INDIRECT(ORÇAMENTO.BancoRef)),\"(abra o arquivo 'Referência \"&Excel_BuiltIn_Database&\".xlsm)\",IF(OR($C54<>\"S\",ORÇAMENTO.CodBarra=\"\"),\"(Sem Código)\",IF(ISERROR(MATCH($AE54,INDIRECT(ORÇAMENTO.BancoRef),0)),\"(Código não identificado nas referências)\",MATCH($AE54,INDIRECT(ORÇAMENTO.BancoRef),0))))","v":45},{"$f":"ROUND(IF(DESONERACAO=\"sim\",REFERENCIA.Desonerado,REFERENCIA.NaoDesonerado),2)","v":19.88},0.26400000000000001,null,14,null,null,4356.79,25.13]
["S",3,"S",0,{"$f":"IF($C55=1,OFFSET(E55,-1,0)+MAX(1,COUNTIF(QCI!$A$13:$A$24,OFFSET(ORÇAMENTO!E55,-1,0))),OFFSET(E55,-1,0))","v":1},8,1,0,3,0,{"$f":"IF(OR($C55=\"S\",$C55=0),0,MATCH(OFFSET($D55,0,$C55)+IF($C55<>1,1,COUNTIF(QCI!$A$13:$A$24,ORÇAMENTO!E55)),OFFSET($D55,1,$C55,ROW($C$296)-ROW($C55)),0))","v":0},"F","Serviço","Serviço","1.8.1.3.","SINAPI","87905",{"$f":"IF($C55=\"S\",REFERENCIA.Descricao,\"(digite a descrição aqui)\")","v":"CHAPISCO APLICADO EM ALVENARIA (COM PRESENÇA DE VÃOS) E ESTRUTURAS DE CONCRETO DE FACHADA, COM COLHER DE PEDREIRO.  ARGAMASSA TRAÇO 1:3 COM PREPARO EM BETONEIRA 400L. AF_10/2022"},{"$f":"REFERENCIA.Unidade","v":"M2"},{"$f":"OFFSET(CÁLCULO!H$15,ROW($T55)-ROW(T$15),0)","v":344.72},7.64,"BDI 1",{"$f":"IF($C55=\"S\",ROUND(IF(TIPOORCAMENTO=\"Proposto\",ORÇAMENTO.CustoUnitario*(1+$AH55),ORÇAMENTO.PrecoUnitarioLicitado),15-13*$AF$10),0)","v":9.66},{"$f":"IF($C55=\"S\",IF(Import.TipoArredondamento<>\"TransfereGOV\",VTOTAL1,SUM(OFFSET(CÁLCULO!$AA$15,ROW($X55)-ROW($X$15),1):OFFSET(CÁLCULO!$AL$15,ROW($X55)-ROW($X$15),-1))),IF($C55=0,0,ROUND(SomaAgrup,15-13*$AF$11)))","v":3330},"RA","RA",{"$f":"IF($C55=\"S\",IF($Z55=\"CP\",$X55,IF($Z55=\"RA\",(($X55)*QCI!$AA$3),0)),SomaAgrup)","v":3330},0,{"$f":"IF($N55=\"\",\"\",IF(ORÇAMENTO.Descricao=\"\",\"DESCRIÇÃO\",IF(AND($C55=\"S\",ORÇAMENTO.Unidade=\"\"),\"UNIDADE\",IF($X55<0,\"VALOR NEGATIVO\",IF(OR(AND(TIPOORCAMENTO=\"Proposto\",$AG55<>\"\",$AG55>0,ORÇAMENTO.CustoUnitario>$AG55),AND(TIPOORCAMENTO=\"LICITADO\",ORÇAMENTO.PrecoUnitarioLicitado>$AN55)),\"ACIMA REF.\",\"\")))))","v":""},{"$f":"IF(C55<=CRONO.NivelExibicao,MAX($AD$15:OFFSET(AD55,-1,0))+IF($C55<>1,1,MAX(1,COUNTIF(QCI!$A$13:$A$24,OFFSET($E55,-1,0)))),\"\")","v":""},{"$f":"IF(AND($C55=\"S\",ORÇAMENTO.CodBarra<>\"\"),IF(ORÇAMENTO.Fonte=\"\",ORÇAMENTO.CodBarra,CONCATENATE(ORÇAMENTO.Fonte,\" \",ORÇAMENTO.CodBarra)))","v":"SINAPI 87905"},{"$f":"IF(ISERROR(INDIRECT(ORÇAMENTO.BancoRef)),\"(abra o arquivo 'Referência \"&Excel_BuiltIn_Database&\".xlsm)\",IF(OR($C55<>\"S\",ORÇAMENTO.CodBarra=\"\"),\"(Sem Código)\",IF(ISERROR(MATCH($AE55,INDIRECT(ORÇAMENTO.BancoRef),0)),\"(Código não identificado nas referências)\",MATCH($AE55,INDIRECT(ORÇAMENTO.BancoRef),0))))","v":6611},{"$f":"ROUND(IF(DESONERACAO=\"sim\",REFERENCIA.Desonerado,REFERENCIA.NaoDesonerado),2)","v":7.64},0.26400000000000001,null,null,null,null,3330,9.66]
["S",3,"S",0,{"$f":"IF($C56=1,OFFSET(E56,-1,0)+MAX(1,COUNTIF(QCI!$A$13:$A$24,OFFSET(ORÇAMENTO!E56,-1,0))),OFFSET(E56,-1,0))","v":1},8,1,0,4,0,{"$f":"IF(OR($C56=\"S\",$C56=0),0,MATCH(OFFSET($D56,0,$C56)+IF($C56<>1,1,COUNTIF(QCI!$A$13:$A$24,ORÇAMENTO!E56)),OFFSET($D56,1,$C56,ROW($C$296)-ROW($C56)),0))","v":0},"F","Serviço","Serviço","1.8.1.4.","SINAPI","87792","EMBOÇO OU MASSA ÚNICA EM ARGAMASSA TRAÇO 1:2:8, PREPARO MECÂNICO COM BETONEIRA 400 L, APLICADA MANUALMENTE EM PANOS CEGOS DE FACHADA, ESPESSURA DE 25 MM. AF_08/2022",{"$f":"REFERENCIA.Unidade","v":"M2"},{"$f":"OFFSET(CÁLCULO!H$15,ROW($T56)-ROW(T$15),0)","v":344.72},38.53,"BDI 1",{"$f":"IF($C56=\"S\",ROUND(IF(TIPOORCAMENTO=\"Proposto\",ORÇAMENTO.CustoUnitario*(1+$AH56),ORÇAMENTO.PrecoUnitarioLicitado),15-13*$AF$10),0)","v":48.7},{"$f":"IF($C56=\"S\",IF(Import.TipoArredondamento<>\"TransfereGOV\",VTOTAL1,SUM(OFFSET(CÁLCULO!$AA$15,ROW($X56)-ROW($X$15),1):OFFSET(CÁLCULO!$AL$15,ROW($X56)-ROW($X$15),-1))),IF($C56=0,0,ROUND(SomaAgrup,15-13*$AF$11)))","v":16787.86},"RA","RA",{"$f":"IF($C56=\"S\",IF($Z56=\"CP\",$X56,IF($Z56=\"RA\",(($X56)*QCI!$AA$3),0)),SomaAgrup)","v":16787.86},0,{"$f":"IF($N56=\"\",\"\",IF(ORÇAMENTO.Descricao=\"\",\"DESCRIÇÃO\",IF(AND($C56=\"S\",ORÇAMENTO.Unidade=\"\"),\"UNIDADE\",IF($X56<0,\"VALOR NEGATIVO\",IF(OR(AND(TIPOORCAMENTO=\"Proposto\",$AG56<>\"\",$AG56>0,ORÇAMENTO.CustoUnitario>$AG56),AND(TIPOORCAMENTO=\"LICITADO\",ORÇAMENTO.PrecoUnitarioLicitado>$AN56)),\"ACIMA REF.\",\"\")))))","v":""},{"$f":"IF(C56<=CRONO.NivelExibicao,MAX($AD$15:OFFSET(AD56,-1,0))+IF($C56<>1,1,MAX(1,COUNTIF(QCI!$A$13:$A$24,OFFSET($E56,-1,0)))),\"\")","v":""},{"$f":"IF(AND($C56=\"S\",ORÇAMENTO.CodBarra<>\"\"),IF(ORÇAMENTO.Fonte=\"\",ORÇAMENTO.CodBarra,CONCATENATE(ORÇAMENTO.Fonte,\" \",ORÇAMENTO.CodBarra)))","v":"SINAPI 87792"},{"$f":"IF(ISERROR(INDIRECT(ORÇAMENTO.BancoRef)),\"(abra o arquivo 'Referência \"&Excel_BuiltIn_Database&\".xlsm)\",IF(OR($C56<>\"S\",ORÇAMENTO.CodBarra=\"\"),\"(Sem Código)\",IF(ISERROR(MATCH($AE56,INDIRECT(ORÇAMENTO.BancoRef),0)),\"(Código não identificado nas referências)\",MATCH($AE56,INDIRECT(ORÇAMENTO.BancoRef),0))))","v":6663},{"$f":"ROUND(IF(DESONERACAO=\"sim\",REFERENCIA.Desonerado,REFERENCIA.NaoDesonerado),2)","v":38.53},0.26400000000000001,null,null,null,null,16787.86,48.7]
[{"$f":"CHOOSE(1+LOG(1+2*(ORÇAMENTO.Nivel=\"Meta\")+4*(ORÇAMENTO.Nivel=\"Nível 2\")+8*(ORÇAMENTO.Nivel=\"Nível 3\")+16*(ORÇAMENTO.Nivel=\"Nível 4\")+32*(ORÇAMENTO.Nivel=\"Serviço\"),2),0,1,2,3,4,\"S\")","v":3},{"$f":"IF(OR(C57=\"s\",C57=0),OFFSET(B57,-1,0),C57)","v":3},{"$f":"IF(OFFSET(C57,-1,0)=\"L\",1,IF(OFFSET(C57,-1,0)=1,2,IF(OR(A57=\"s\",A57=0),\"S\",IF(AND(OFFSET(C57,-1,0)=2,A57=4),3,IF(AND(OR(OFFSET(C57,-1,0)=\"s\",OFFSET(C57,-1,0)=0),A57<>\"s\",A57>OFFSET(B57,-1,0)),OFFSET(B57,-1,0),A57)))))","v":3},{"$f":"IF(OR(C57=\"S\",C57=0),0,IF(ISERROR(K57),J57,SMALL(J57:K57,1)))","v":9},{"$f":"IF($C57=1,OFFSET(E57,-1,0)+MAX(1,COUNTIF(QCI!$A$13:$A$24,OFFSET(ORÇAMENTO!E57,-1,0))),OFFSET(E57,-1,0))","v":1},{"$f":"IF($C57=1,0,IF($C57=2,OFFSET(F57,-1,0)+1,OFFSET(F57,-1,0)))","v":8},{"$f":"IF(AND($C57<=2,$C57<>0),0,IF($C57=3,OFFSET(G57,-1,0)+1,OFFSET(G57,-1,0)))","v":2},{"$f":"IF(AND($C57<=3,$C57<>0),0,IF($C57=4,OFFSET(H57,-1,0)+1,OFFSET(H57,-1,0)))","v":0},{"$f":"IF(AND($C57<=4,$C57<>0),0,IF(AND($C57=\"S\",$X57>0),OFFSET(I57,-1,0)+1,OFFSET(I57,-1,0)))","v":0},9,{"$f":"IF(OR($C57=\"S\",$C57=0),0,MATCH(OFFSET($D57,0,$C57)+IF($C57<>1,1,COUNTIF(QCI!$A$13:$A$24,ORÇAMENTO!E57)),OFFSET($D57,1,$C57,ROW($C$296)-ROW($C57)),0))","v":102},{"$f":"IF(OR($X57>0,$C57=1,$C57=2,$C57=3,$C57=4),\"F\",\"\")","v":"F"},"Nível 3",{"$f":"CHOOSE(1+LOG(1+2*(C57=1)+4*(C57=2)+8*(C57=3)+16*(C57=4)+32*(C57=\"S\"),2),\"\",\"Meta\",\"Nível 2\",\"Nível 3\",\"Nível 4\",\"Serviço\")","v":"Nível 3"},{"$f":"IF(OR($C57=0,$L57=\"\"),\"-\",CONCATENATE(E57&\".\",IF(AND($A$5>=2,$C57>=2),F57&\".\",\"\"),IF(AND($A$5>=3,$C57>=3),G57&\".\",\"\"),IF(AND($A$5>=4,$C57>=4),H57&\".\",\"\"),IF($C57=\"S\",I57&\".\",\"\")))","v":"1.8.2."},"SINAPI",null,"INTERNAS",{"$f":"REFERENCIA.Unidade","v":"-"},{"$f":"OFFSET(CÁLCULO!H$15,ROW($T57)-ROW(T$15),0)","v":0},null,"BDI 1",{"$f":"IF($C57=\"S\",ROUND(IF(TIPOORCAMENTO=\"Proposto\",ORÇAMENTO.CustoUnitario*(1+$AH57),ORÇAMENTO.PrecoUnitarioLicitado),15-13*$AF$10),0)","v":0},{"$f":"IF($C57=\"S\",IF(Import.TipoArredondamento<>\"TransfereGOV\",VTOTAL1,SUM(OFFSET(CÁLCULO!$AA$15,ROW($X57)-ROW($X$15),1):OFFSET(CÁLCULO!$AL$15,ROW($X57)-ROW($X$15),-1))),IF($C57=0,0,ROUND(SomaAgrup,15-13*$AF$11)))","v":95165.41},"RA",{"$f":"IF(AND($C57=\"S\",$X57>0),IF(ISBLANK($Y57),\"RA\",LEFT($Y57,2)),\"\")","v":""},{"$f":"IF($C57=\"S\",IF($Z57=\"CP\",$X57,IF($Z57=\"RA\",(($X57)*QCI!$AA$3),0)),SomaAgrup)","v":95165.41},{"$f":"IF($C57=\"S\",IF($Z57=\"OU\",ROUND($X57,2),0),SomaAgrup)","v":0},{"$f":"IF($N57=\"\",\"\",IF(ORÇAMENTO.Descricao=\"\",\"DESCRIÇÃO\",IF(AND($C57=\"S\",ORÇAMENTO.Unidade=\"\"),\"UNIDADE\",IF($X57<0,\"VALOR NEGATIVO\",IF(OR(AND(TIPOORCAMENTO=\"Proposto\",$AG57<>\"\",$AG57>0,ORÇAMENTO.CustoUnitario>$AG57),AND(TIPOORCAMENTO=\"LICITADO\",ORÇAMENTO.PrecoUnitarioLicitado>$AN57)),\"ACIMA REF.\",\"\")))))","v":""},{"$f":"IF(C57<=CRONO.NivelExibicao,MAX($AD$15:OFFSET(AD57,-1,0))+IF($C57<>1,1,MAX(1,COUNTIF(QCI!$A$13:$A$24,OFFSET($E57,-1,0)))),\"\")","v":11},{"$f":"IF(AND($C57=\"S\",ORÇAMENTO.CodBarra<>\"\"),IF(ORÇAMENTO.Fonte=\"\",ORÇAMENTO.CodBarra,CONCATENATE(ORÇAMENTO.Fonte,\" \",ORÇAMENTO.CodBarra)))","v":false},{"$f":"IF(ISERROR(INDIRECT(ORÇAMENTO.BancoRef)),\"(abra o arquivo 'Referência \"&Excel_BuiltIn_Database&\".xlsm)\",IF(OR($C57<>\"S\",ORÇAMENTO.CodBarra=\"\"),\"(Sem Código)\",IF(ISERROR(MATCH($AE57,INDIRECT(ORÇAMENTO.BancoRef),0)),\"(Código não identificado nas referências)\",MATCH($AE57,INDIRECT(ORÇAMENTO.BancoRef),0))))","v":"(Sem Código)"},{"$f":"ROUND(IF(DESONERACAO=\"sim\",REFERENCIA.Desonerado,REFERENCIA.NaoDesonerado),2)","v":0},{"$f":"ROUND(IF(ISNUMBER(ORÇAMENTO.OpcaoBDI),ORÇAMENTO.OpcaoBDI,IF(LEFT(ORÇAMENTO.OpcaoBDI,3)=\"BDI\",HLOOKUP(ORÇAMENTO.OpcaoBDI,$F$4:$H$5,2,FALSE),0)),15-11*$AF$9)","v":0.26400000000000001},null,null,null,null,95165.41,{"$f":"ROUND(ORÇAMENTO.CustoUnitario*(1+$AH57),2)","v":0}]
["S",3,"S",0,{"$f":"IF($C58=1,OFFSET(E58,-1,0)+MAX(1,COUNTIF(QCI!$A$13:$A$24,OFFSET(ORÇAMENTO!E58,-1,0))),OFFSET(E58,-1,0))","v":1},8,2,0,1,0,{"$f":"IF(OR($C58=\"S\",$C58=0),0,MATCH(OFFSET($D58,0,$C58)+IF($C58<>1,1,COUNTIF(QCI!$A$13:$A$24,ORÇAMENTO!E58)),OFFSET($D58,1,$C58,ROW($C$296)-ROW($C58)),0))","v":0},"F","Serviço","Serviço","1.8.2.1.","SINAPI","87879",{"$f":"IF($C58=\"S\",REFERENCIA.Descricao,\"(digite a descrição aqui)\")","v":"CHAPISCO APLICADO EM ALVENARIAS E ESTRUTURAS DE CONCRETO INTERNAS, COM COLHER DE PEDREIRO.  ARGAMASSA TRAÇO 1:3 COM PREPARO EM BETONEIRA 400L. AF_10/2022"},{"$f":"REFERENCIA.Unidade","v":"M2"},{"$f":"OFFSET(CÁLCULO!H$15,ROW($T58)-ROW(T$15),0)","v":853.87},4.3899999999999997,"BDI 1",{"$f":"IF($C58=\"S\",ROUND(IF(TIPOORCAMENTO=\"Proposto\",ORÇAMENTO.CustoUnitario*(1+$AH58),ORÇAMENTO.PrecoUnitarioLicitado),15-13*$AF$10),0)","v":5.55},{"$f":"IF($C58=\"S\",IF(Import.TipoArredondamento<>\"TransfereGOV\",VTOTAL1,SUM(OFFSET(CÁLCULO!$AA$15,ROW($X58)-ROW($X$15),1):OFFSET(CÁLCULO!$AL$15,ROW($X58)-ROW($X$15),-1))),IF($C58=0,0,ROUND(SomaAgrup,15-13*$AF$11)))","v":4738.9799999999996},"RA","RA",{"$f":"IF($C58=\"S\",IF($Z58=\"CP\",$X58,IF($Z58=\"RA\",(($X58)*QCI!$AA$3),0)),SomaAgrup)","v":4738.9799999999996},0,{"$f":"IF($N58=\"\",\"\",IF(ORÇAMENTO.Descricao=\"\",\"DESCRIÇÃO\",IF(AND($C58=\"S\",ORÇAMENTO.Unidade=\"\"),\"UNIDADE\",IF($X58<0,\"VALOR NEGATIVO\",IF(OR(AND(TIPOORCAMENTO=\"Proposto\",$AG58<>\"\",$AG58>0,ORÇAMENTO.CustoUnitario>$AG58),AND(TIPOORCAMENTO=\"LICITADO\",ORÇAMENTO.PrecoUnitarioLicitado>$AN58)),\"ACIMA REF.\",\"\")))))","v":""},{"$f":"IF(C58<=CRONO.NivelExibicao,MAX($AD$15:OFFSET(AD58,-1,0))+IF($C58<>1,1,MAX(1,COUNTIF(QCI!$A$13:$A$24,OFFSET($E58,-1,0)))),\"\")","v":""},{"$f":"IF(AND($C58=\"S\",ORÇAMENTO.CodBarra<>\"\"),IF(ORÇAMENTO.Fonte=\"\",ORÇAMENTO.CodBarra,CONCATENATE(ORÇAMENTO.Fonte,\" \",ORÇAMENTO.CodBarra)))","v":"SINAPI 87879"},{"$f":"IF(ISERROR(INDIRECT(ORÇAMENTO.BancoRef)),\"(abra o arquivo 'Referência \"&Excel_BuiltIn_Database&\".xlsm)\",IF(OR($C58<>\"S\",ORÇAMENTO.CodBarra=\"\"),\"(Sem Código)\",IF(ISERROR(MATCH($AE58,INDIRECT(ORÇAMENTO.BancoRef),0)),\"(Código não identificado nas referências)\",MATCH($AE58,INDIRECT(ORÇAMENTO.BancoRef),0))))","v":6591},{"$f":"ROUND(IF(DESONERACAO=\"sim\",REFERENCIA.Desonerado,REFERENCIA.NaoDesonerado),2)","v":4.3899999999999997},0.26400000000000001,null,null,null,null,4738.9799999999996,5.55]
["S",3,"S",0,{"$f":"IF($C59=1,OFFSET(E59,-1,0)+MAX(1,COUNTIF(QCI!$A$13:$A$24,OFFSET(ORÇAMENTO!E59,-1,0))),OFFSET(E59,-1,0))","v":1},8,2,0,2,0,{"$f":"IF(OR($C59=\"S\",$C59=0),0,MATCH(OFFSET($D59,0,$C59)+IF($C59<>1,1,COUNTIF(QCI!$A$13:$A$24,ORÇAMENTO!E59)),OFFSET($D59,1,$C59,ROW($C$296)-ROW($C59)),0))","v":0},"F","Serviço","Serviço","1.8.2.2.","SINAPI","87527",{"$f":"IF($C59=\"S\",REFERENCIA.Descricao,\"(digite a descrição aqui)\")","v":"EMBOÇO, EM ARGAMASSA TRAÇO 1:2:8, PREPARO MECÂNICO, APLICADO MANUALMENTE EM PAREDES INTERNAS DE AMBIENTES COM ÁREA MENOR QUE 5M², E =17,5MM, COM TALISCAS. AF_03/2024"},{"$f":"REFERENCIA.Unidade","v":"M2"},{"$f":"OFFSET(CÁLCULO!H$15,ROW($T59)-ROW(T$15),0)","v":89.39},37.19,"BDI 1",{"$f":"IF($C59=\"S\",ROUND(IF(TIPOORCAMENTO=\"Proposto\",ORÇAMENTO.CustoUnitario*(1+$AH59),ORÇAMENTO.PrecoUnitarioLicitado),15-13*$AF$10),0)","v":47.01},{"$f":"IF($C59=\"S\",IF(Import.TipoArredondamento<>\"TransfereGOV\",VTOTAL1,SUM(OFFSET(CÁLCULO!$AA$15,ROW($X59)-ROW($X$15),1):OFFSET(CÁLCULO!$AL$15,ROW($X59)-ROW($X$15),-1))),IF($C59=0,0,ROUND(SomaAgrup,15-13*$AF$11)))","v":4202.22},"RA","RA",{"$f":"IF($C59=\"S\",IF($Z59=\"CP\",$X59,IF($Z59=\"RA\",(($X59)*QCI!$AA$3),0)),SomaAgrup)","v":4202.22},0,{"$f":"IF($N59=\"\",\"\",IF(ORÇAMENTO.Descricao=\"\",\"DESCRIÇÃO\",IF(AND($C59=\"S\",ORÇAMENTO.Unidade=\"\"),\"UNIDADE\",IF($X59<0,\"VALOR NEGATIVO\",IF(OR(AND(TIPOORCAMENTO=\"Proposto\",$AG59<>\"\",$AG59>0,ORÇAMENTO.CustoUnitario>$AG59),AND(TIPOORCAMENTO=\"LICITADO\",ORÇAMENTO.PrecoUnitarioLicitado>$AN59)),\"ACIMA REF.\",\"\")))))","v":""},{"$f":"IF(C59<=CRONO.NivelExibicao,MAX($AD$15:OFFSET(AD59,-1,0))+IF($C59<>1,1,MAX(1,COUNTIF(QCI!$A$13:$A$24,OFFSET($E59,-1,0)))),\"\")","v":""},{"$f":"IF(AND($C59=\"S\",ORÇAMENTO.CodBarra<>\"\"),IF(ORÇAMENTO.Fonte=\"\",ORÇAMENTO.CodBarra,CONCATENATE(ORÇAMENTO.Fonte,\" \",ORÇAMENTO.CodBarra)))","v":"SINAPI 87527"},{"$f":"IF(ISERROR(INDIRECT(ORÇAMENTO.BancoRef)),\"(abra o arquivo 'Referência \"&Excel_BuiltIn_Database&\".xlsm)\",IF(OR($C59<>\"S\",ORÇAMENTO.CodBarra=\"\"),\"(Sem Código)\",IF(ISERROR(MATCH($AE59,INDIRECT(ORÇAMENTO.BancoRef),0)),\"(Código não identificado nas referências)\",MATCH($AE59,INDIRECT(ORÇAMENTO.BancoRef),0))))","v":6632},{"$f":"ROUND(IF(DESONERACAO=\"sim\",REFERENCIA.Desonerado,REFERENCIA.NaoDesonerado),2)","v":37.19},0.26400000000000001,null,null,null,null,4202.22,47.01]
["S",3,"S",0,{"$f":"IF($C60=1,OFFSET(E60,-1,0)+MAX(1,COUNTIF(QCI!$A$13:$A$24,OFFSET(ORÇAMENTO!E60,-1,0))),OFFSET(E60,-1,0))","v":1},8,2,0,3,0,{"$f":"IF(OR($C60=\"S\",$C60=0),0,MATCH(OFFSET($D60,0,$C60)+IF($C60<>1,1,COUNTIF(QCI!$A$13:$A$24,ORÇAMENTO!E60)),OFFSET($D60,1,$C60,ROW($C$296)-ROW($C60)),0))","v":0},"F","Serviço","Serviço","1.8.2.3.","SINAPI","87531",{"$f":"IF($C60=\"S\",REFERENCIA.Descricao,\"(digite a descrição aqui)\")","v":"EMBOÇO, EM ARGAMASSA TRAÇO 1:2:8, PREPARO MECÂNICO, APLICADO MANUALMENTE EM PAREDES INTERNAS DE AMBIENTES COM ÁREA ENTRE 5M² E 10M², E = 17,5MM, COM TALISCAS. AF_03/2024"},{"$f":"REFERENCIA.Unidade","v":"M2"},{"$f":"OFFSET(CÁLCULO!H$15,ROW($T60)-ROW(T$15),0)","v":157.09},33.28,"BDI 1",{"$f":"IF($C60=\"S\",ROUND(IF(TIPOORCAMENTO=\"Proposto\",ORÇAMENTO.CustoUnitario*(1+$AH60),ORÇAMENTO.PrecoUnitarioLicitado),15-13*$AF$10),0)","v":42.07},{"$f":"IF($C60=\"S\",IF(Import.TipoArredondamento<>\"TransfereGOV\",VTOTAL1,SUM(OFFSET(CÁLCULO!$AA$15,ROW($X60)-ROW($X$15),1):OFFSET(CÁLCULO!$AL$15,ROW($X60)-ROW($X$15),-1))),IF($C60=0,0,ROUND(SomaAgrup,15-13*$AF$11)))","v":6608.78},"RA","RA",{"$f":"IF($C60=\"S\",IF($Z60=\"CP\",$X60,IF($Z60=\"RA\",(($X60)*QCI!$AA$3),0)),SomaAgrup)","v":6608.78},0,{"$f":"IF($N60=\"\",\"\",IF(ORÇAMENTO.Descricao=\"\",\"DESCRIÇÃO\",IF(AND($C60=\"S\",ORÇAMENTO.Unidade=\"\"),\"UNIDADE\",IF($X60<0,\"VALOR NEGATIVO\",IF(OR(AND(TIPOORCAMENTO=\"Proposto\",$AG60<>\"\",$AG60>0,ORÇAMENTO.CustoUnitario>$AG60),AND(TIPOORCAMENTO=\"LICITADO\",ORÇAMENTO.PrecoUnitarioLicitado>$AN60)),\"ACIMA REF.\",\"\")))))","v":""},{"$f":"IF(C60<=CRONO.NivelExibicao,MAX($AD$15:OFFSET(AD60,-1,0))+IF($C60<>1,1,MAX(1,COUNTIF(QCI!$A$13:$A$24,OFFSET($E60,-1,0)))),\"\")","v":""},{"$f":"IF(AND($C60=\"S\",ORÇAMENTO.CodBarra<>\"\"),IF(ORÇAMENTO.Fonte=\"\",ORÇAMENTO.CodBarra,CONCATENATE(ORÇAMENTO.Fonte,\" \",ORÇAMENTO.CodBarra)))","v":"SINAPI 87531"},{"$f":"IF(ISERROR(INDIRECT(ORÇAMENTO.BancoRef)),\"(abra o arquivo 'Referência \"&Excel_BuiltIn_Database&\".xlsm)\",IF(OR($C60<>\"S\",ORÇAMENTO.CodBarra=\"\"),\"(Sem Código)\",IF(ISERROR(MATCH($AE60,INDIRECT(ORÇAMENTO.BancoRef),0)),\"(Código não identificado nas referências)\",MATCH($AE60,INDIRECT(ORÇAMENTO.BancoRef),0))))","v":6636},{"$f":"ROUND(IF(DESONERACAO=\"sim\",REFERENCIA.Desonerado,REFERENCIA.NaoDesonerado),2)","v":33.28},0.26400000000000001,null,null,null,null,6608.78,42.07]
["S",3,"S",0,{"$f":"IF($C61=1,OFFSET(E61,-1,0)+MAX(1,COUNTIF(QCI!$A$13:$A$24,OFFSET(ORÇAMENTO!E61,-1,0))),OFFSET(E61,-1,0))","v":1},8,2,0,4,0,{"$f":"IF(OR($C61=\"S\",$C61=0),0,MATCH(OFFSET($D61,0,$C61)+IF($C61<>1,1,COUNTIF(QCI!$A$13:$A$24,ORÇAMENTO!E61)),OFFSET($D61,1,$C61,ROW($C$296)-ROW($C61)),0))","v":0},"F","Serviço","Serviço","1.8.2.4.","SINAPI","87535",{"$f":"IF($C61=\"S\",REFERENCIA.Descricao,\"(digite a descrição aqui)\")","v":"EMBOÇO, EM ARGAMASSA TRAÇO 1:2:8, PREPARO MECÂNICO, APLICADO MANUALMENTE EM PAREDES INTERNAS DE AMBIENTES COM ÁREA MAIOR QUE 10M², E = 17,5MM, COM TALISCAS. AF_03/2024"},{"$f":"REFERENCIA.Unidade","v":"M2"},{"$f":"OFFSET(CÁLCULO!H$15,ROW($T61)-ROW(T$15),0)","v":607.4},30.95,"BDI 1",{"$f":"IF($C61=\"S\",ROUND(IF(TIPOORCAMENTO=\"Proposto\",ORÇAMENTO.CustoUnitario*(1+$AH61),ORÇAMENTO.PrecoUnitarioLicitado),15-13*$AF$10),0)","v":39.119999999999997},{"$f":"IF($C61=\"S\",IF(Import.TipoArredondamento<>\"TransfereGOV\",VTOTAL1,SUM(OFFSET(CÁLCULO!$AA$15,ROW($X61)-ROW($X$15),1):OFFSET(CÁLCULO!$AL$15,ROW($X61)-ROW($X$15),-1))),IF($C61=0,0,ROUND(SomaAgrup,15-13*$AF$11)))","v":23761.49},"RA","RA",{"$f":"IF($C61=\"S\",IF($Z61=\"CP\",$X61,IF($Z61=\"RA\",(($X61)*QCI!$AA$3),0)),SomaAgrup)","v":23761.49},0,{"$f":"IF($N61=\"\",\"\",IF(ORÇAMENTO.Descricao=\"\",\"DESCRIÇÃO\",IF(AND($C61=\"S\",ORÇAMENTO.Unidade=\"\"),\"UNIDADE\",IF($X61<0,\"VALOR NEGATIVO\",IF(OR(AND(TIPOORCAMENTO=\"Proposto\",$AG61<>\"\",$AG61>0,ORÇAMENTO.CustoUnitario>$AG61),AND(TIPOORCAMENTO=\"LICITADO\",ORÇAMENTO.PrecoUnitarioLicitado>$AN61)),\"ACIMA REF.\",\"\")))))","v":""},{"$f":"IF(C61<=CRONO.NivelExibicao,MAX($AD$15:OFFSET(AD61,-1,0))+IF($C61<>1,1,MAX(1,COUNTIF(QCI!$A$13:$A$24,OFFSET($E61,-1,0)))),\"\")","v":""},{"$f":"IF(AND($C61=\"S\",ORÇAMENTO.CodBarra<>\"\"),IF(ORÇAMENTO.Fonte=\"\",ORÇAMENTO.CodBarra,CONCATENATE(ORÇAMENTO.Fonte,\" \",ORÇAMENTO.CodBarra)))","v":"SINAPI 87535"},{"$f":"IF(ISERROR(INDIRECT(ORÇAMENTO.BancoRef)),\"(abra o arquivo 'Referência \"&Excel_BuiltIn_Database&\".xlsm)\",IF(OR($C61<>\"S\",ORÇAMENTO.CodBarra=\"\"),\"(Sem Código)\",IF(ISERROR(MATCH($AE61,INDIRECT(ORÇAMENTO.BancoRef),0)),\"(Código não identificado nas referências)\",MATCH($AE61,INDIRECT(ORÇAMENTO.BancoRef),0))))","v":6638},{"$f":"ROUND(IF(DESONERACAO=\"sim\",REFERENCIA.Desonerado,REFERENCIA.NaoDesonerado),2)","v":30.95},0.26400000000000001,null,null,null,null,23761.49,39.119999999999997]
[{"$f":"CHOOSE(1+LOG(1+2*(ORÇAMENTO.Nivel=\"Meta\")+4*(ORÇAMENTO.Nivel=\"Nível 2\")+8*(ORÇAMENTO.Nivel=\"Nível 3\")+16*(ORÇAMENTO.Nivel=\"Nível 4\")+32*(ORÇAMENTO.Nivel=\"Serviço\"),2),0,1,2,3,4,\"S\")","v":"S"},{"$f":"IF(OR(C62=\"s\",C62=0),OFFSET(B62,-1,0),C62)","v":3},{"$f":"IF(OFFSET(C62,-1,0)=\"L\",1,IF(OFFSET(C62,-1,0)=1,2,IF(OR(A62=\"s\",A62=0),\"S\",IF(AND(OFFSET(C62,-1,0)=2,A62=4),3,IF(AND(OR(OFFSET(C62,-1,0)=\"s\",OFFSET(C62,-1,0)=0),A62<>\"s\",A62>OFFSET(B62,-1,0)),OFFSET(B62,-1,0),A62)))))","v":"S"},{"$f":"IF(OR(C62=\"S\",C62=0),0,IF(ISERROR(K62),J62,SMALL(J62:K62,1)))","v":0},{"$f":"IF($C62=1,OFFSET(E62,-1,0)+MAX(1,COUNTIF(QCI!$A$13:$A$24,OFFSET(ORÇAMENTO!E62,-1,0))),OFFSET(E62,-1,0))","v":1},{"$f":"IF($C62=1,0,IF($C62=2,OFFSET(F62,-1,0)+1,OFFSET(F62,-1,0)))","v":8},{"$f":"IF(AND($C62<=2,$C62<>0),0,IF($C62=3,OFFSET(G62,-1,0)+1,OFFSET(G62,-1,0)))","v":2},{"$f":"IF(AND($C62<=3,$C62<>0),0,IF($C62=4,OFFSET(H62,-1,0)+1,OFFSET(H62,-1,0)))","v":0},{"$f":"IF(AND($C62<=4,$C62<>0),0,IF(AND($C62=\"S\",$X62>0),OFFSET(I62,-1,0)+1,OFFSET(I62,-1,0)))","v":5},0,{"$f":"IF(OR($C62=\"S\",$C62=0),0,MATCH(OFFSET($D62,0,$C62)+IF($C62<>1,1,COUNTIF(QCI!$A$13:$A$24,ORÇAMENTO!E62)),OFFSET($D62,1,$C62,ROW($C$296)-ROW($C62)),0))","v":0},{"$f":"IF(OR($X62>0,$C62=1,$C62=2,$C62=3,$C62=4),\"F\",\"\")","v":"F"},"Serviço",{"$f":"CHOOSE(1+LOG(1+2*(C62=1)+4*(C62=2)+8*(C62=3)+16*(C62=4)+32*(C62=\"S\"),2),\"\",\"Meta\",\"Nível 2\",\"Nível 3\",\"Nível 4\",\"Serviço\")","v":"Serviço"},{"$f":"IF(OR($C62=0,$L62=\"\"),\"-\",CONCATENATE(E62&\".\",IF(AND($A$5>=2,$C62>=2),F62&\".\",\"\"),IF(AND($A$5>=3,$C62>=3),G62&\".\",\"\"),IF(AND($A$5>=4,$C62>=4),H62&\".\",\"\"),IF($C62=\"S\",I62&\".\",\"\")))","v":"1.8.2.5."},"Composição","46",{"$f":"IF($C62=\"S\",REFERENCIA.Descricao,\"(digite a descrição aqui)\")","v":"APLICAÇÃO MANUAL DE FUNDO PREPARADOR EM PAREDES E TETOS"},{"$f":"REFERENCIA.Unidade","v":"M2"},{"$f":"OFFSET(CÁLCULO!H$15,ROW($T62)-ROW(T$15),0)","v":636.36},3.9,"BDI 1",{"$f":"IF($C62=\"S\",ROUND(IF(TIPOORCAMENTO=\"Proposto\",ORÇAMENTO.CustoUnitario*(1+$AH62),ORÇAMENTO.PrecoUnitarioLicitado),15-13*$AF$10),0)","v":4.93},{"$f":"IF($C62=\"S\",IF(Import.TipoArredondamento<>\"TransfereGOV\",VTOTAL1,SUM(OFFSET(CÁLCULO!$AA$15,ROW($X62)-ROW($X$15),1):OFFSET(CÁLCULO!$AL$15,ROW($X62)-ROW($X$15),-1))),IF($C62=0,0,ROUND(SomaAgrup,15-13*$AF$11)))","v":3137.25},"RA",{"$f":"IF(AND($C62=\"S\",$X62>0),IF(ISBLANK($Y62),\"RA\",LEFT($Y62,2)),\"\")","v":"RA"},{"$f":"IF($C62=\"S\",IF($Z62=\"CP\",$X62,IF($Z62=\"RA\",(($X62)*QCI!$AA$3),0)),SomaAgrup)","v":3137.25},{"$f":"IF($C62=\"S\",IF($Z62=\"OU\",ROUND($X62,2),0),SomaAgrup)","v":0},{"$f":"IF($N62=\"\",\"\",IF(ORÇAMENTO.Descricao=\"\",\"DESCRIÇÃO\",IF(AND($C62=\"S\",ORÇAMENTO.Unidade=\"\"),\"UNIDADE\",IF($X62<0,\"VALOR NEGATIVO\",IF(OR(AND(TIPOORCAMENTO=\"Proposto\",$AG62<>\"\",$AG62>0,ORÇAMENTO.CustoUnitario>$AG62),AND(TIPOORCAMENTO=\"LICITADO\",ORÇAMENTO.PrecoUnitarioLicitado>$AN62)),\"ACIMA REF.\",\"\")))))","v":""},{"$f":"IF(C62<=CRONO.NivelExibicao,MAX($AD$15:OFFSET(AD62,-1,0))+IF($C62<>1,1,MAX(1,COUNTIF(QCI!$A$13:$A$24,OFFSET($E62,-1,0)))),\"\")","v":""},{"$f":"IF(AND($C62=\"S\",ORÇAMENTO.CodBarra<>\"\"),IF(ORÇAMENTO.Fonte=\"\",ORÇAMENTO.CodBarra,CONCATENATE(ORÇAMENTO.Fonte,\" \",ORÇAMENTO.CodBarra)))","v":"Composição 46"},{"$f":"IF(ISERROR(INDIRECT(ORÇAMENTO.BancoRef)),\"(abra o arquivo 'Referência \"&Excel_BuiltIn_Database&\".xlsm)\",IF(OR($C62<>\"S\",ORÇAMENTO.CodBarra=\"\"),\"(Sem Código)\",IF(ISERROR(MATCH($AE62,INDIRECT(ORÇAMENTO.BancoRef),0)),\"(Código não identificado nas referências)\",MATCH($AE62,INDIRECT(ORÇAMENTO.BancoRef),0))))","v":48},{"$f":"ROUND(IF(DESONERACAO=\"sim\",REFERENCIA.Desonerado,REFERENCIA.NaoDesonerado),2)","v":3.9},{"$f":"ROUND(IF(ISNUMBER(ORÇAMENTO.OpcaoBDI),ORÇAMENTO.OpcaoBDI,IF(LEFT(ORÇAMENTO.OpcaoBDI,3)=\"BDI\",HLOOKUP(ORÇAMENTO.OpcaoBDI,$F$4:$H$5,2,FALSE),0)),15-11*$AF$9)","v":0.26400000000000001},null,null,null,null,3137.25,{"$f":"ROUND(ORÇAMENTO.CustoUnitario*(1+$AH62),2)","v":4.93}]
["S",3,"S",0,{"$f":"IF($C63=1,OFFSET(E63,-1,0)+MAX(1,COUNTIF(QCI!$A$13:$A$24,OFFSET(ORÇAMENTO!E63,-1,0))),OFFSET(E63,-1,0))","v":1},8,2,0,6,0,{"$f":"IF(OR($C63=\"S\",$C63=0),0,MATCH(OFFSET($D63,0,$C63)+IF($C63<>1,1,COUNTIF(QCI!$A$13:$A$24,ORÇAMENTO!E63)),OFFSET($D63,1,$C63,ROW($C$296)-ROW($C63)),0))","v":0},"F","Serviço","Serviço","1.8.2.6.","SINAPI","88497",{"$f":"IF($C63=\"S\",REFERENCIA.Descricao,\"(digite a descrição aqui)\")","v":"EMASSAMENTO COM MASSA LÁTEX, APLICAÇÃO EM PAREDE, DUAS DEMÃOS, LIXAMENTO MANUAL. AF_04/2023"},{"$f":"REFERENCIA.Unidade","v":"M2"},{"$f":"OFFSET(CÁLCULO!H$15,ROW($T63)-ROW(T$15),0)","v":636.36},17.73,"BDI 1",{"$f":"IF($C63=\"S\",ROUND(IF(TIPOORCAMENTO=\"Proposto\",ORÇAMENTO.CustoUnitario*(1+$AH63),ORÇAMENTO.PrecoUnitarioLicitado),15-13*$AF$10),0)","v":22.41},{"$f":"IF($C63=\"S\",IF(Import.TipoArredondamento<>\"TransfereGOV\",VTOTAL1,SUM(OFFSET(CÁLCULO!$AA$15,ROW($X63)-ROW($X$15),1):OFFSET(CÁLCULO!$AL$15,ROW($X63)-ROW($X$15),-1))),IF($C63=0,0,ROUND(SomaAgrup,15-13*$AF$11)))","v":14260.83},"RA","RA",{"$f":"IF($C63=\"S\",IF($Z63=\"CP\",$X63,IF($Z63=\"RA\",(($X63)*QCI!$AA$3),0)),SomaAgrup)","v":14260.83},0,{"$f":"IF($N63=\"\",\"\",IF(ORÇAMENTO.Descricao=\"\",\"DESCRIÇÃO\",IF(AND($C63=\"S\",ORÇAMENTO.Unidade=\"\"),\"UNIDADE\",IF($X63<0,\"VALOR NEGATIVO\",IF(OR(AND(TIPOORCAMENTO=\"Proposto\",$AG63<>\"\",$AG63>0,ORÇAMENTO.CustoUnitario>$AG63),AND(TIPOORCAMENTO=\"LICITADO\",ORÇAMENTO.PrecoUnitarioLicitado>$AN63)),\"ACIMA REF.\",\"\")))))","v":""},{"$f":"IF(C63<=CRONO.NivelExibicao,MAX($AD$15:OFFSET(AD63,-1,0))+IF($C63<>1,1,MAX(1,COUNTIF(QCI!$A$13:$A$24,OFFSET($E63,-1,0)))),\"\")","v":""},{"$f":"IF(AND($C63=\"S\",ORÇAMENTO.CodBarra<>\"\"),IF(ORÇAMENTO.Fonte=\"\",ORÇAMENTO.CodBarra,CONCATENATE(ORÇAMENTO.Fonte,\" \",ORÇAMENTO.CodBarra)))","v":"SINAPI 88497"},{"$f":"IF(ISERROR(INDIRECT(ORÇAMENTO.BancoRef)),\"(abra o arquivo 'Referência \"&Excel_BuiltIn_Database&\".xlsm)\",IF(OR($C63<>\"S\",ORÇAMENTO.CodBarra=\"\"),\"(Sem Código)\",IF(ISERROR(MATCH($AE63,INDIRECT(ORÇAMENTO.BancoRef),0)),\"(Código não identificado nas referências)\",MATCH($AE63,INDIRECT(ORÇAMENTO.BancoRef),0))))","v":6343},{"$f":"ROUND(IF(DESONERACAO=\"sim\",REFERENCIA.Desonerado,REFERENCIA.NaoDesonerado),2)","v":17.73},0.26400000000000001,null,null,null,null,14260.83,22.41]
["S",3,"S",0,{"$f":"IF($C64=1,OFFSET(E64,-1,0)+MAX(1,COUNTIF(QCI!$A$13:$A$24,OFFSET(ORÇAMENTO!E64,-1,0))),OFFSET(E64,-1,0))","v":1},8,2,0,7,0,{"$f":"IF(OR($C64=\"S\",$C64=0),0,MATCH(OFFSET($D64,0,$C64)+IF($C64<>1,1,COUNTIF(QCI!$A$13:$A$24,ORÇAMENTO!E64)),OFFSET($D64,1,$C64,ROW($C$296)-ROW($C64)),0))","v":0},"F","Serviço","Serviço","1.8.2.7.","Composição","13",{"$f":"IF($C64=\"S\",REFERENCIA.Descricao,\"(digite a descrição aqui)\")","v":"DIVISORIA SANITÁRIA, TIPO CABINE, EM GRANITO CINZA POLIDO, ESP = 2CM, ASSENTADO COM ARGAMASSA COLANTE AC III-E. AF_01/2021"},{"$f":"REFERENCIA.Unidade","v":"m2"},{"$f":"OFFSET(CÁLCULO!H$15,ROW($T64)-ROW(T$15),0)","v":4.1900000000000004},771.25,"BDI 1",{"$f":"IF($C64=\"S\",ROUND(IF(TIPOORCAMENTO=\"Proposto\",ORÇAMENTO.CustoUnitario*(1+$AH64),ORÇAMENTO.PrecoUnitarioLicitado),15-13*$AF$10),0)","v":974.86},{"$f":"IF($C64=\"S\",IF(Import.TipoArredondamento<>\"TransfereGOV\",VTOTAL1,SUM(OFFSET(CÁLCULO!$AA$15,ROW($X64)-ROW($X$15),1):OFFSET(CÁLCULO!$AL$15,ROW($X64)-ROW($X$15),-1))),IF($C64=0,0,ROUND(SomaAgrup,15-13*$AF$11)))","v":4084.66},"RA","RA",{"$f":"IF($C64=\"S\",IF($Z64=\"CP\",$X64,IF($Z64=\"RA\",(($X64)*QCI!$AA$3),0)),SomaAgrup)","v":4084.66},0,{"$f":"IF($N64=\"\",\"\",IF(ORÇAMENTO.Descricao=\"\",\"DESCRIÇÃO\",IF(AND($C64=\"S\",ORÇAMENTO.Unidade=\"\"),\"UNIDADE\",IF($X64<0,\"VALOR NEGATIVO\",IF(OR(AND(TIPOORCAMENTO=\"Proposto\",$AG64<>\"\",$AG64>0,ORÇAMENTO.CustoUnitario>$AG64),AND(TIPOORCAMENTO=\"LICITADO\",ORÇAMENTO.PrecoUnitarioLicitado>$AN64)),\"ACIMA REF.\",\"\")))))","v":""},{"$f":"IF(C64<=CRONO.NivelExibicao,MAX($AD$15:OFFSET(AD64,-1,0))+IF($C64<>1,1,MAX(1,COUNTIF(QCI!$A$13:$A$24,OFFSET($E64,-1,0)))),\"\")","v":""},{"$f":"IF(AND($C64=\"S\",ORÇAMENTO.CodBarra<>\"\"),IF(ORÇAMENTO.Fonte=\"\",ORÇAMENTO.CodBarra,CONCATENATE(ORÇAMENTO.Fonte,\" \",ORÇAMENTO.CodBarra)))","v":"Composição 13"},{"$f":"IF(ISERROR(INDIRECT(ORÇAMENTO.BancoRef)),\"(abra o arquivo 'Referência \"&Excel_BuiltIn_Database&\".xlsm)\",IF(OR($C64<>\"S\",ORÇAMENTO.CodBarra=\"\"),\"(Sem Código)\",IF(ISERROR(MATCH($AE64,INDIRECT(ORÇAMENTO.BancoRef),0)),\"(Código não identificado nas referências)\",MATCH($AE64,INDIRECT(ORÇAMENTO.BancoRef),0))))","v":15},{"$f":"ROUND(IF(DESONERACAO=\"sim\",REFERENCIA.Desonerado,REFERENCIA.NaoDesonerado),2)","v":771.25},0.26400000000000001,null,null,null,null,4084.66,974.86]
["S",3,"S",0,{"$f":"IF($C65=1,OFFSET(E65,-1,0)+MAX(1,COUNTIF(QCI!$A$13:$A$24,OFFSET(ORÇAMENTO!E65,-1,0))),OFFSET(E65,-1,0))","v":1},8,2,0,8,0,{"$f":"IF(OR($C65=\"S\",$C65=0),0,MATCH(OFFSET($D65,0,$C65)+IF($C65<>1,1,COUNTIF(QCI!$A$13:$A$24,ORÇAMENTO!E65)),OFFSET($D65,1,$C65,ROW($C$296)-ROW($C65)),0))","v":0},"F","Serviço","Serviço","1.8.2.8.","SINAPI","104611",{"$f":"IF($C65=\"S\",REFERENCIA.Descricao,\"(digite a descrição aqui)\")","v":"REVESTIMENTO CERÂMICO PARA PAREDES INTERNAS COM PLACAS TIPO ESMALTADA DE DIMENSÕES 60X60 CM APLICADAS NA ALTURA INTEIRA DAS PAREDES. AF_02/2023_PE"},{"$f":"REFERENCIA.Unidade","v":"M2"},{"$f":"OFFSET(CÁLCULO!H$15,ROW($T65)-ROW(T$15),0)","v":263.27999999999997},103.28,"BDI 1",{"$f":"IF($C65=\"S\",ROUND(IF(TIPOORCAMENTO=\"Proposto\",ORÇAMENTO.CustoUnitario*(1+$AH65),ORÇAMENTO.PrecoUnitarioLicitado),15-13*$AF$10),0)","v":130.55000000000001},{"$f":"IF($C65=\"S\",IF(Import.TipoArredondamento<>\"TransfereGOV\",VTOTAL1,SUM(OFFSET(CÁLCULO!$AA$15,ROW($X65)-ROW($X$15),1):OFFSET(CÁLCULO!$AL$15,ROW($X65)-ROW($X$15),-1))),IF($C65=0,0,ROUND(SomaAgrup,15-13*$AF$11)))","v":34371.199999999997},"RA","RA",{"$f":"IF($C65=\"S\",IF($Z65=\"CP\",$X65,IF($Z65=\"RA\",(($X65)*QCI!$AA$3),0)),SomaAgrup)","v":34371.199999999997},0,{"$f":"IF($N65=\"\",\"\",IF(ORÇAMENTO.Descricao=\"\",\"DESCRIÇÃO\",IF(AND($C65=\"S\",ORÇAMENTO.Unidade=\"\"),\"UNIDADE\",IF($X65<0,\"VALOR NEGATIVO\",IF(OR(AND(TIPOORCAMENTO=\"Proposto\",$AG65<>\"\",$AG65>0,ORÇAMENTO.CustoUnitario>$AG65),AND(TIPOORCAMENTO=\"LICITADO\",ORÇAMENTO.PrecoUnitarioLicitado>$AN65)),\"ACIMA REF.\",\"\")))))","v":""},{"$f":"IF(C65<=CRONO.NivelExibicao,MAX($AD$15:OFFSET(AD65,-1,0))+IF($C65<>1,1,MAX(1,COUNTIF(QCI!$A$13:$A$24,OFFSET($E65,-1,0)))),\"\")","v":""},{"$f":"IF(AND($C65=\"S\",ORÇAMENTO.CodBarra<>\"\"),IF(ORÇAMENTO.Fonte=\"\",ORÇAMENTO.CodBarra,CONCATENATE(ORÇAMENTO.Fonte,\" \",ORÇAMENTO.CodBarra)))","v":"SINAPI 104611"},{"$f":"IF(ISERROR(INDIRECT(ORÇAMENTO.BancoRef)),\"(abra o arquivo 'Referência \"&Excel_BuiltIn_Database&\".xlsm)\",IF(OR($C65<>\"S\",ORÇAMENTO.CodBarra=\"\"),\"(Sem Código)\",IF(ISERROR(MATCH($AE65,INDIRECT(ORÇAMENTO.BancoRef),0)),\"(Código não identificado nas referências)\",MATCH($AE65,INDIRECT(ORÇAMENTO.BancoRef),0))))","v":6817},{"$f":"ROUND(IF(DESONERACAO=\"sim\",REFERENCIA.Desonerado,REFERENCIA.NaoDesonerado),2)","v":103.28},0.26400000000000001,null,null,null,null,34371.199999999997,130.55000000000001]
[2,2,2,5,{"$f":"IF($C66=1,OFFSET(E66,-1,0)+MAX(1,COUNTIF(QCI!$A$13:$A$24,OFFSET(ORÇAMENTO!E66,-1,0))),OFFSET(E66,-1,0))","v":1},9,0,0,0,230,{"$f":"IF(OR($C66=\"S\",$C66=0),0,MATCH(OFFSET($D66,0,$C66)+IF($C66<>1,1,COUNTIF(QCI!$A$13:$A$24,ORÇAMENTO!E66)),OFFSET($D66,1,$C66,ROW($C$296)-ROW($C66)),0))","v":5},"F","Nível 2","Nível 2","1.9.","SINAPI",null,"FORRO",{"$f":"REFERENCIA.Unidade","v":"-"},{"$f":"OFFSET(CÁLCULO!H$15,ROW($T66)-ROW(T$15),0)","v":0},0,"BDI 1",{"$f":"IF($C66=\"S\",ROUND(IF(TIPOORCAMENTO=\"Proposto\",ORÇAMENTO.CustoUnitario*(1+$AH66),ORÇAMENTO.PrecoUnitarioLicitado),15-13*$AF$10),0)","v":0},{"$f":"IF($C66=\"S\",IF(Import.TipoArredondamento<>\"TransfereGOV\",VTOTAL1,SUM(OFFSET(CÁLCULO!$AA$15,ROW($X66)-ROW($X$15),1):OFFSET(CÁLCULO!$AL$15,ROW($X66)-ROW($X$15),-1))),IF($C66=0,0,ROUND(SomaAgrup,15-13*$AF$11)))","v":28388.86},"RA","",{"$f":"IF($C66=\"S\",IF($Z66=\"CP\",$X66,IF($Z66=\"RA\",(($X66)*QCI!$AA$3),0)),SomaAgrup)","v":28388.86},0,{"$f":"IF($N66=\"\",\"\",IF(ORÇAMENTO.Descricao=\"\",\"DESCRIÇÃO\",IF(AND($C66=\"S\",ORÇAMENTO.Unidade=\"\"),\"UNIDADE\",IF($X66<0,\"VALOR NEGATIVO\",IF(OR(AND(TIPOORCAMENTO=\"Proposto\",$AG66<>\"\",$AG66>0,ORÇAMENTO.CustoUnitario>$AG66),AND(TIPOORCAMENTO=\"LICITADO\",ORÇAMENTO.PrecoUnitarioLicitado>$AN66)),\"ACIMA REF.\",\"\")))))","v":""},{"$f":"IF(C66<=CRONO.NivelExibicao,MAX($AD$15:OFFSET(AD66,-1,0))+IF($C66<>1,1,MAX(1,COUNTIF(QCI!$A$13:$A$24,OFFSET($E66,-1,0)))),\"\")","v":12},{"$f":"IF(AND($C66=\"S\",ORÇAMENTO.CodBarra<>\"\"),IF(ORÇAMENTO.Fonte=\"\",ORÇAMENTO.CodBarra,CONCATENATE(ORÇAMENTO.Fonte,\" \",ORÇAMENTO.CodBarra)))","v":false},{"$f":"IF(ISERROR(INDIRECT(ORÇAMENTO.BancoRef)),\"(abra o arquivo 'Referência \"&Excel_BuiltIn_Database&\".xlsm)\",IF(OR($C66<>\"S\",ORÇAMENTO.CodBarra=\"\"),\"(Sem Código)\",IF(ISERROR(MATCH($AE66,INDIRECT(ORÇAMENTO.BancoRef),0)),\"(Código não identificado nas referências)\",MATCH($AE66,INDIRECT(ORÇAMENTO.BancoRef),0))))","v":"(Sem Código)"},{"$f":"ROUND(IF(DESONERACAO=\"sim\",REFERENCIA.Desonerado,REFERENCIA.NaoDesonerado),2)","v":0},0.26400000000000001,null,null,null,null,28388.86,0]
["S",2,"S",0,{"$f":"IF($C67=1,OFFSET(E67,-1,0)+MAX(1,COUNTIF(QCI!$A$13:$A$24,OFFSET(ORÇAMENTO!E67,-1,0))),OFFSET(E67,-1,0))","v":1},9,0,0,1,0,{"$f":"IF(OR($C67=\"S\",$C67=0),0,MATCH(OFFSET($D67,0,$C67)+IF($C67<>1,1,COUNTIF(QCI!$A$13:$A$24,ORÇAMENTO!E67)),OFFSET($D67,1,$C67,ROW($C$296)-ROW($C67)),0))","v":0},"F","Serviço","Serviço","1.9.0.1.","SINAPI","87882",{"$f":"IF($C67=\"S\",REFERENCIA.Descricao,\"(digite a descrição aqui)\")","v":"CHAPISCO APLICADO NO TETO OU EM ALVENARIA E ESTRUTURA, COM ROLO PARA TEXTURA ACRÍLICA. ARGAMASSA TRAÇO 1:4 E EMULSÃO POLIMÉRICA (ADESIVO) COM PREPARO EM BETONEIRA 400L. AF_10/2022"},{"$f":"REFERENCIA.Unidade","v":"M2"},{"$f":"OFFSET(CÁLCULO!H$15,ROW($T67)-ROW(T$15),0)","v":316.24},6.65,"BDI 1",{"$f":"IF($C67=\"S\",ROUND(IF(TIPOORCAMENTO=\"Proposto\",ORÇAMENTO.CustoUnitario*(1+$AH67),ORÇAMENTO.PrecoUnitarioLicitado),15-13*$AF$10),0)","v":8.41},{"$f":"IF($C67=\"S\",IF(Import.TipoArredondamento<>\"TransfereGOV\",VTOTAL1,SUM(OFFSET(CÁLCULO!$AA$15,ROW($X67)-ROW($X$15),1):OFFSET(CÁLCULO!$AL$15,ROW($X67)-ROW($X$15),-1))),IF($C67=0,0,ROUND(SomaAgrup,15-13*$AF$11)))","v":2659.58},"RA","RA",{"$f":"IF($C67=\"S\",IF($Z67=\"CP\",$X67,IF($Z67=\"RA\",(($X67)*QCI!$AA$3),0)),SomaAgrup)","v":2659.58},0,{"$f":"IF($N67=\"\",\"\",IF(ORÇAMENTO.Descricao=\"\",\"DESCRIÇÃO\",IF(AND($C67=\"S\",ORÇAMENTO.Unidade=\"\"),\"UNIDADE\",IF($X67<0,\"VALOR NEGATIVO\",IF(OR(AND(TIPOORCAMENTO=\"Proposto\",$AG67<>\"\",$AG67>0,ORÇAMENTO.CustoUnitario>$AG67),AND(TIPOORCAMENTO=\"LICITADO\",ORÇAMENTO.PrecoUnitarioLicitado>$AN67)),\"ACIMA REF.\",\"\")))))","v":""},{"$f":"IF(C67<=CRONO.NivelExibicao,MAX($AD$15:OFFSET(AD67,-1,0))+IF($C67<>1,1,MAX(1,COUNTIF(QCI!$A$13:$A$24,OFFSET($E67,-1,0)))),\"\")","v":""},{"$f":"IF(AND($C67=\"S\",ORÇAMENTO.CodBarra<>\"\"),IF(ORÇAMENTO.Fonte=\"\",ORÇAMENTO.CodBarra,CONCATENATE(ORÇAMENTO.Fonte,\" \",ORÇAMENTO.CodBarra)))","v":"SINAPI 87882"},{"$f":"IF(ISERROR(INDIRECT(ORÇAMENTO.BancoRef)),\"(abra o arquivo 'Referência \"&Excel_BuiltIn_Database&\".xlsm)\",IF(OR($C67<>\"S\",ORÇAMENTO.CodBarra=\"\"),\"(Sem Código)\",IF(ISERROR(MATCH($AE67,INDIRECT(ORÇAMENTO.BancoRef),0)),\"(Código não identificado nas referências)\",MATCH($AE67,INDIRECT(ORÇAMENTO.BancoRef),0))))","v":6593},{"$f":"ROUND(IF(DESONERACAO=\"sim\",REFERENCIA.Desonerado,REFERENCIA.NaoDesonerado),2)","v":6.65},0.26400000000000001,null,null,null,null,2659.58,8.41]
["S",2,"S",0,{"$f":"IF($C68=1,OFFSET(E68,-1,0)+MAX(1,COUNTIF(QCI!$A$13:$A$24,OFFSET(ORÇAMENTO!E68,-1,0))),OFFSET(E68,-1,0))","v":1},9,0,0,2,0,{"$f":"IF(OR($C68=\"S\",$C68=0),0,MATCH(OFFSET($D68,0,$C68)+IF($C68<>1,1,COUNTIF(QCI!$A$13:$A$24,ORÇAMENTO!E68)),OFFSET($D68,1,$C68,ROW($C$296)-ROW($C68)),0))","v":0},"F","Serviço","Serviço","1.9.0.2.","SINAPI","90408",{"$f":"IF($C68=\"S\",REFERENCIA.Descricao,\"(digite a descrição aqui)\")","v":"MASSA ÚNICA, EM ARGAMASSA TRAÇO 1:2:8, PREPARO MECÂNICO, APLICADA MANUALMENTE EM TETO, E = 10MM, COM TALISCAS. AF_03/2024"},{"$f":"REFERENCIA.Unidade","v":"M2"},{"$f":"OFFSET(CÁLCULO!H$15,ROW($T68)-ROW(T$15),0)","v":316.24},30.08,"BDI 1",{"$f":"IF($C68=\"S\",ROUND(IF(TIPOORCAMENTO=\"Proposto\",ORÇAMENTO.CustoUnitario*(1+$AH68),ORÇAMENTO.PrecoUnitarioLicitado),15-13*$AF$10),0)","v":38.020000000000003},{"$f":"IF($C68=\"S\",IF(Import.TipoArredondamento<>\"TransfereGOV\",VTOTAL1,SUM(OFFSET(CÁLCULO!$AA$15,ROW($X68)-ROW($X$15),1):OFFSET(CÁLCULO!$AL$15,ROW($X68)-ROW($X$15),-1))),IF($C68=0,0,ROUND(SomaAgrup,15-13*$AF$11)))","v":12023.44},"RA","RA",{"$f":"IF($C68=\"S\",IF($Z68=\"CP\",$X68,IF($Z68=\"RA\",(($X68)*QCI!$AA$3),0)),SomaAgrup)","v":12023.44},0,{"$f":"IF($N68=\"\",\"\",IF(ORÇAMENTO.Descricao=\"\",\"DESCRIÇÃO\",IF(AND($C68=\"S\",ORÇAMENTO.Unidade=\"\"),\"UNIDADE\",IF($X68<0,\"VALOR NEGATIVO\",IF(OR(AND(TIPOORCAMENTO=\"Proposto\",$AG68<>\"\",$AG68>0,ORÇAMENTO.CustoUnitario>$AG68),AND(TIPOORCAMENTO=\"LICITADO\",ORÇAMENTO.PrecoUnitarioLicitado>$AN68)),\"ACIMA REF.\",\"\")))))","v":""},{"$f":"IF(C68<=CRONO.NivelExibicao,MAX($AD$15:OFFSET(AD68,-1,0))+IF($C68<>1,1,MAX(1,COUNTIF(QCI!$A$13:$A$24,OFFSET($E68,-1,0)))),\"\")","v":""},{"$f":"IF(AND($C68=\"S\",ORÇAMENTO.CodBarra<>\"\"),IF(ORÇAMENTO.Fonte=\"\",ORÇAMENTO.CodBarra,CONCATENATE(ORÇAMENTO.Fonte,\" \",ORÇAMENTO.CodBarra)))","v":"SINAPI 90408"},{"$f":"IF(ISERROR(INDIRECT(ORÇAMENTO.BancoRef)),\"(abra o arquivo 'Referência \"&Excel_BuiltIn_Database&\".xlsm)\",IF(OR($C68<>\"S\",ORÇAMENTO.CodBarra=\"\"),\"(Sem Código)\",IF(ISERROR(MATCH($AE68,INDIRECT(ORÇAMENTO.BancoRef),0)),\"(Código não identificado nas referências)\",MATCH($AE68,INDIRECT(ORÇAMENTO.BancoRef),0))))","v":6702},{"$f":"ROUND(IF(DESONERACAO=\"sim\",REFERENCIA.Desonerado,REFERENCIA.NaoDesonerado),2)","v":30.08},0.26400000000000001,null,null,null,null,12023.44,38.020000000000003]
[{"$f":"CHOOSE(1+LOG(1+2*(ORÇAMENTO.Nivel=\"Meta\")+4*(ORÇAMENTO.Nivel=\"Nível 2\")+8*(ORÇAMENTO.Nivel=\"Nível 3\")+16*(ORÇAMENTO.Nivel=\"Nível 4\")+32*(ORÇAMENTO.Nivel=\"Serviço\"),2),0,1,2,3,4,\"S\")","v":"S"},{"$f":"IF(OR(C69=\"s\",C69=0),OFFSET(B69,-1,0),C69)","v":2},{"$f":"IF(OFFSET(C69,-1,0)=\"L\",1,IF(OFFSET(C69,-1,0)=1,2,IF(OR(A69=\"s\",A69=0),\"S\",IF(AND(OFFSET(C69,-1,0)=2,A69=4),3,IF(AND(OR(OFFSET(C69,-1,0)=\"s\",OFFSET(C69,-1,0)=0),A69<>\"s\",A69>OFFSET(B69,-1,0)),OFFSET(B69,-1,0),A69)))))","v":"S"},{"$f":"IF(OR(C69=\"S\",C69=0),0,IF(ISERROR(K69),J69,SMALL(J69:K69,1)))","v":0},{"$f":"IF($C69=1,OFFSET(E69,-1,0)+MAX(1,COUNTIF(QCI!$A$13:$A$24,OFFSET(ORÇAMENTO!E69,-1,0))),OFFSET(E69,-1,0))","v":1},{"$f":"IF($C69=1,0,IF($C69=2,OFFSET(F69,-1,0)+1,OFFSET(F69,-1,0)))","v":9},{"$f":"IF(AND($C69<=2,$C69<>0),0,IF($C69=3,OFFSET(G69,-1,0)+1,OFFSET(G69,-1,0)))","v":0},{"$f":"IF(AND($C69<=3,$C69<>0),0,IF($C69=4,OFFSET(H69,-1,0)+1,OFFSET(H69,-1,0)))","v":0},{"$f":"IF(AND($C69<=4,$C69<>0),0,IF(AND($C69=\"S\",$X69>0),OFFSET(I69,-1,0)+1,OFFSET(I69,-1,0)))","v":3},0,{"$f":"IF(OR($C69=\"S\",$C69=0),0,MATCH(OFFSET($D69,0,$C69)+IF($C69<>1,1,COUNTIF(QCI!$A$13:$A$24,ORÇAMENTO!E69)),OFFSET($D69,1,$C69,ROW($C$296)-ROW($C69)),0))","v":0},{"$f":"IF(OR($X69>0,$C69=1,$C69=2,$C69=3,$C69=4),\"F\",\"\")","v":"F"},"Serviço",{"$f":"CHOOSE(1+LOG(1+2*(C69=1)+4*(C69=2)+8*(C69=3)+16*(C69=4)+32*(C69=\"S\"),2),\"\",\"Meta\",\"Nível 2\",\"Nível 3\",\"Nível 4\",\"Serviço\")","v":"Serviço"},{"$f":"IF(OR($C69=0,$L69=\"\"),\"-\",CONCATENATE(E69&\".\",IF(AND($A$5>=2,$C69>=2),F69&\".\",\"\"),IF(AND($A$5>=3,$C69>=3),G69&\".\",\"\"),IF(AND($A$5>=4,$C69>=4),H69&\".\",\"\"),IF($C69=\"S\",I69&\".\",\"\")))","v":"1.9.0.3."},"Composição","46",{"$f":"IF($C69=\"S\",REFERENCIA.Descricao,\"(digite a descrição aqui)\")","v":"APLICAÇÃO MANUAL DE FUNDO PREPARADOR EM PAREDES E TETOS"},{"$f":"REFERENCIA.Unidade","v":"M2"},{"$f":"OFFSET(CÁLCULO!H$15,ROW($T69)-ROW(T$15),0)","v":316.24},3.9,"BDI 1",{"$f":"IF($C69=\"S\",ROUND(IF(TIPOORCAMENTO=\"Proposto\",ORÇAMENTO.CustoUnitario*(1+$AH69),ORÇAMENTO.PrecoUnitarioLicitado),15-13*$AF$10),0)","v":4.93},{"$f":"IF($C69=\"S\",IF(Import.TipoArredondamento<>\"TransfereGOV\",VTOTAL1,SUM(OFFSET(CÁLCULO!$AA$15,ROW($X69)-ROW($X$15),1):OFFSET(CÁLCULO!$AL$15,ROW($X69)-ROW($X$15),-1))),IF($C69=0,0,ROUND(SomaAgrup,15-13*$AF$11)))","v":1559.06},"RA",{"$f":"IF(AND($C69=\"S\",$X69>0),IF(ISBLANK($Y69),\"RA\",LEFT($Y69,2)),\"\")","v":"RA"},{"$f":"IF($C69=\"S\",IF($Z69=\"CP\",$X69,IF($Z69=\"RA\",(($X69)*QCI!$AA$3),0)),SomaAgrup)","v":1559.06},{"$f":"IF($C69=\"S\",IF($Z69=\"OU\",ROUND($X69,2),0),SomaAgrup)","v":0},{"$f":"IF($N69=\"\",\"\",IF(ORÇAMENTO.Descricao=\"\",\"DESCRIÇÃO\",IF(AND($C69=\"S\",ORÇAMENTO.Unidade=\"\"),\"UNIDADE\",IF($X69<0,\"VALOR NEGATIVO\",IF(OR(AND(TIPOORCAMENTO=\"Proposto\",$AG69<>\"\",$AG69>0,ORÇAMENTO.CustoUnitario>$AG69),AND(TIPOORCAMENTO=\"LICITADO\",ORÇAMENTO.PrecoUnitarioLicitado>$AN69)),\"ACIMA REF.\",\"\")))))","v":""},{"$f":"IF(C69<=CRONO.NivelExibicao,MAX($AD$15:OFFSET(AD69,-1,0))+IF($C69<>1,1,MAX(1,COUNTIF(QCI!$A$13:$A$24,OFFSET($E69,-1,0)))),\"\")","v":""},{"$f":"IF(AND($C69=\"S\",ORÇAMENTO.CodBarra<>\"\"),IF(ORÇAMENTO.Fonte=\"\",ORÇAMENTO.CodBarra,CONCATENATE(ORÇAMENTO.Fonte,\" \",ORÇAMENTO.CodBarra)))","v":"Composição 46"},{"$f":"IF(ISERROR(INDIRECT(ORÇAMENTO.BancoRef)),\"(abra o arquivo 'Referência \"&Excel_BuiltIn_Database&\".xlsm)\",IF(OR($C69<>\"S\",ORÇAMENTO.CodBarra=\"\"),\"(Sem Código)\",IF(ISERROR(MATCH($AE69,INDIRECT(ORÇAMENTO.BancoRef),0)),\"(Código não identificado nas referências)\",MATCH($AE69,INDIRECT(ORÇAMENTO.BancoRef),0))))","v":48},{"$f":"ROUND(IF(DESONERACAO=\"sim\",REFERENCIA.Desonerado,REFERENCIA.NaoDesonerado),2)","v":3.9},{"$f":"ROUND(IF(ISNUMBER(ORÇAMENTO.OpcaoBDI),ORÇAMENTO.OpcaoBDI,IF(LEFT(ORÇAMENTO.OpcaoBDI,3)=\"BDI\",HLOOKUP(ORÇAMENTO.OpcaoBDI,$F$4:$H$5,2,FALSE),0)),15-11*$AF$9)","v":0.26400000000000001},null,null,null,null,1559.06,{"$f":"ROUND(ORÇAMENTO.CustoUnitario*(1+$AH69),2)","v":4.93}]
["S",2,"S",0,{"$f":"IF($C70=1,OFFSET(E70,-1,0)+MAX(1,COUNTIF(QCI!$A$13:$A$24,OFFSET(ORÇAMENTO!E70,-1,0))),OFFSET(E70,-1,0))","v":1},9,0,0,4,0,{"$f":"IF(OR($C70=\"S\",$C70=0),0,MATCH(OFFSET($D70,0,$C70)+IF($C70<>1,1,COUNTIF(QCI!$A$13:$A$24,ORÇAMENTO!E70)),OFFSET($D70,1,$C70,ROW($C$296)-ROW($C70)),0))","v":0},"F","Serviço","Serviço","1.9.0.4.","SINAPI","88496",{"$f":"IF($C70=\"S\",REFERENCIA.Descricao,\"(digite a descrição aqui)\")","v":"EMASSAMENTO COM MASSA LÁTEX, APLICAÇÃO EM TETO, DUAS DEMÃOS, LIXAMENTO MANUAL. AF_04/2023"},{"$f":"REFERENCIA.Unidade","v":"M2"},{"$f":"OFFSET(CÁLCULO!H$15,ROW($T70)-ROW(T$15),0)","v":316.24},30.39,"BDI 1",{"$f":"IF($C70=\"S\",ROUND(IF(TIPOORCAMENTO=\"Proposto\",ORÇAMENTO.CustoUnitario*(1+$AH70),ORÇAMENTO.PrecoUnitarioLicitado),15-13*$AF$10),0)","v":38.409999999999997},{"$f":"IF($C70=\"S\",IF(Import.TipoArredondamento<>\"TransfereGOV\",VTOTAL1,SUM(OFFSET(CÁLCULO!$AA$15,ROW($X70)-ROW($X$15),1):OFFSET(CÁLCULO!$AL$15,ROW($X70)-ROW($X$15),-1))),IF($C70=0,0,ROUND(SomaAgrup,15-13*$AF$11)))","v":12146.78},"RA","RA",{"$f":"IF($C70=\"S\",IF($Z70=\"CP\",$X70,IF($Z70=\"RA\",(($X70)*QCI!$AA$3),0)),SomaAgrup)","v":12146.78},0,{"$f":"IF($N70=\"\",\"\",IF(ORÇAMENTO.Descricao=\"\",\"DESCRIÇÃO\",IF(AND($C70=\"S\",ORÇAMENTO.Unidade=\"\"),\"UNIDADE\",IF($X70<0,\"VALOR NEGATIVO\",IF(OR(AND(TIPOORCAMENTO=\"Proposto\",$AG70<>\"\",$AG70>0,ORÇAMENTO.CustoUnitario>$AG70),AND(TIPOORCAMENTO=\"LICITADO\",ORÇAMENTO.PrecoUnitarioLicitado>$AN70)),\"ACIMA REF.\",\"\")))))","v":""},{"$f":"IF(C70<=CRONO.NivelExibicao,MAX($AD$15:OFFSET(AD70,-1,0))+IF($C70<>1,1,MAX(1,COUNTIF(QCI!$A$13:$A$24,OFFSET($E70,-1,0)))),\"\")","v":""},{"$f":"IF(AND($C70=\"S\",ORÇAMENTO.CodBarra<>\"\"),IF(ORÇAMENTO.Fonte=\"\",ORÇAMENTO.CodBarra,CONCATENATE(ORÇAMENTO.Fonte,\" \",ORÇAMENTO.CodBarra)))","v":"SINAPI 88496"},{"$f":"IF(ISERROR(INDIRECT(ORÇAMENTO.BancoRef)),\"(abra o arquivo 'Referência \"&Excel_BuiltIn_Database&\".xlsm)\",IF(OR($C70<>\"S\",ORÇAMENTO.CodBarra=\"\"),\"(Sem Código)\",IF(ISERROR(MATCH($AE70,INDIRECT(ORÇAMENTO.BancoRef),0)),\"(Código não identificado nas referências)\",MATCH($AE70,INDIRECT(ORÇAMENTO.BancoRef),0))))","v":6342},{"$f":"ROUND(IF(DESONERACAO=\"sim\",REFERENCIA.Desonerado,REFERENCIA.NaoDesonerado),2)","v":30.39},0.26400000000000001,null,null,null,null,12146.78,38.409999999999997]
[2,2,2,16,{"$f":"IF($C71=1,OFFSET(E71,-1,0)+MAX(1,COUNTIF(QCI!$A$13:$A$24,OFFSET(ORÇAMENTO!E71,-1,0))),OFFSET(E71,-1,0))","v":1},10,0,0,0,225,{"$f":"IF(OR($C71=\"S\",$C71=0),0,MATCH(OFFSET($D71,0,$C71)+IF($C71<>1,1,COUNTIF(QCI!$A$13:$A$24,ORÇAMENTO!E71)),OFFSET($D71,1,$C71,ROW($C$296)-ROW($C71)),0))","v":16},"F","Nível 2","Nível 2","1.10.","SINAPI",null,"COBERTURA",{"$f":"REFERENCIA.Unidade","v":"-"},{"$f":"OFFSET(CÁLCULO!H$15,ROW($T71)-ROW(T$15),0)","v":0},null,"BDI 1",{"$f":"IF($C71=\"S\",ROUND(IF(TIPOORCAMENTO=\"Proposto\",ORÇAMENTO.CustoUnitario*(1+$AH71),ORÇAMENTO.PrecoUnitarioLicitado),15-13*$AF$10),0)","v":0},{"$f":"IF($C71=\"S\",IF(Import.TipoArredondamento<>\"TransfereGOV\",VTOTAL1,SUM(OFFSET(CÁLCULO!$AA$15,ROW($X71)-ROW($X$15),1):OFFSET(CÁLCULO!$AL$15,ROW($X71)-ROW($X$15),-1))),IF($C71=0,0,ROUND(SomaAgrup,15-13*$AF$11)))","v":63342.79},"RA","",{"$f":"IF($C71=\"S\",IF($Z71=\"CP\",$X71,IF($Z71=\"RA\",(($X71)*QCI!$AA$3),0)),SomaAgrup)","v":63342.789999999994},0,{"$f":"IF($N71=\"\",\"\",IF(ORÇAMENTO.Descricao=\"\",\"DESCRIÇÃO\",IF(AND($C71=\"S\",ORÇAMENTO.Unidade=\"\"),\"UNIDADE\",IF($X71<0,\"VALOR NEGATIVO\",IF(OR(AND(TIPOORCAMENTO=\"Proposto\",$AG71<>\"\",$AG71>0,ORÇAMENTO.CustoUnitario>$AG71),AND(TIPOORCAMENTO=\"LICITADO\",ORÇAMENTO.PrecoUnitarioLicitado>$AN71)),\"ACIMA REF.\",\"\")))))","v":""},{"$f":"IF(C71<=CRONO.NivelExibicao,MAX($AD$15:OFFSET(AD71,-1,0))+IF($C71<>1,1,MAX(1,COUNTIF(QCI!$A$13:$A$24,OFFSET($E71,-1,0)))),\"\")","v":13},{"$f":"IF(AND($C71=\"S\",ORÇAMENTO.CodBarra<>\"\"),IF(ORÇAMENTO.Fonte=\"\",ORÇAMENTO.CodBarra,CONCATENATE(ORÇAMENTO.Fonte,\" \",ORÇAMENTO.CodBarra)))","v":false},{"$f":"IF(ISERROR(INDIRECT(ORÇAMENTO.BancoRef)),\"(abra o arquivo 'Referência \"&Excel_BuiltIn_Database&\".xlsm)\",IF(OR($C71<>\"S\",ORÇAMENTO.CodBarra=\"\"),\"(Sem Código)\",IF(ISERROR(MATCH($AE71,INDIRECT(ORÇAMENTO.BancoRef),0)),\"(Código não identificado nas referências)\",MATCH($AE71,INDIRECT(ORÇAMENTO.BancoRef),0))))","v":"(Sem Código)"},{"$f":"ROUND(IF(DESONERACAO=\"sim\",REFERENCIA.Desonerado,REFERENCIA.NaoDesonerado),2)","v":0},0.26400000000000001,null,null,null,null,63342.79,0]
["S",2,"S",0,{"$f":"IF($C72=1,OFFSET(E72,-1,0)+MAX(1,COUNTIF(QCI!$A$13:$A$24,OFFSET(ORÇAMENTO!E72,-1,0))),OFFSET(E72,-1,0))","v":1},10,0,0,1,0,{"$f":"IF(OR($C72=\"S\",$C72=0),0,MATCH(OFFSET($D72,0,$C72)+IF($C72<>1,1,COUNTIF(QCI!$A$13:$A$24,ORÇAMENTO!E72)),OFFSET($D72,1,$C72,ROW($C$296)-ROW($C72)),0))","v":0},"F","Serviço","Serviço","1.10.0.1.","SINAPI","92543",{"$f":"IF($C72=\"S\",REFERENCIA.Descricao,\"(digite a descrição aqui)\")","v":"TRAMA DE MADEIRA COMPOSTA POR TERÇAS PARA TELHADOS DE ATÉ 2 ÁGUAS PARA TELHA ONDULADA DE FIBROCIMENTO, METÁLICA, PLÁSTICA OU TERMOACÚSTICA, INCLUSO TRANSPORTE VERTICAL. AF_07/2019"},{"$f":"REFERENCIA.Unidade","v":"M2"},{"$f":"OFFSET(CÁLCULO!H$15,ROW($T72)-ROW(T$15),0)","v":369.01},15.71,"BDI 1",{"$f":"IF($C72=\"S\",ROUND(IF(TIPOORCAMENTO=\"Proposto\",ORÇAMENTO.CustoUnitario*(1+$AH72),ORÇAMENTO.PrecoUnitarioLicitado),15-13*$AF$10),0)","v":19.86},{"$f":"IF($C72=\"S\",IF(Import.TipoArredondamento<>\"TransfereGOV\",VTOTAL1,SUM(OFFSET(CÁLCULO!$AA$15,ROW($X72)-ROW($X$15),1):OFFSET(CÁLCULO!$AL$15,ROW($X72)-ROW($X$15),-1))),IF($C72=0,0,ROUND(SomaAgrup,15-13*$AF$11)))","v":7328.54},"RA","RA",{"$f":"IF($C72=\"S\",IF($Z72=\"CP\",$X72,IF($Z72=\"RA\",(($X72)*QCI!$AA$3),0)),SomaAgrup)","v":7328.54},0,{"$f":"IF($N72=\"\",\"\",IF(ORÇAMENTO.Descricao=\"\",\"DESCRIÇÃO\",IF(AND($C72=\"S\",ORÇAMENTO.Unidade=\"\"),\"UNIDADE\",IF($X72<0,\"VALOR NEGATIVO\",IF(OR(AND(TIPOORCAMENTO=\"Proposto\",$AG72<>\"\",$AG72>0,ORÇAMENTO.CustoUnitario>$AG72),AND(TIPOORCAMENTO=\"LICITADO\",ORÇAMENTO.PrecoUnitarioLicitado>$AN72)),\"ACIMA REF.\",\"\")))))","v":""},{"$f":"IF(C72<=CRONO.NivelExibicao,MAX($AD$15:OFFSET(AD72,-1,0))+IF($C72<>1,1,MAX(1,COUNTIF(QCI!$A$13:$A$24,OFFSET($E72,-1,0)))),\"\")","v":""},{"$f":"IF(AND($C72=\"S\",ORÇAMENTO.CodBarra<>\"\"),IF(ORÇAMENTO.Fonte=\"\",ORÇAMENTO.CodBarra,CONCATENATE(ORÇAMENTO.Fonte,\" \",ORÇAMENTO.CodBarra)))","v":"SINAPI 92543"},{"$f":"IF(ISERROR(INDIRECT(ORÇAMENTO.BancoRef)),\"(abra o arquivo 'Referência \"&Excel_BuiltIn_Database&\".xlsm)\",IF(OR($C72<>\"S\",ORÇAMENTO.CodBarra=\"\"),\"(Sem Código)\",IF(ISERROR(MATCH($AE72,INDIRECT(ORÇAMENTO.BancoRef),0)),\"(Código não identificado nas referências)\",MATCH($AE72,INDIRECT(ORÇAMENTO.BancoRef),0))))","v":1511},{"$f":"ROUND(IF(DESONERACAO=\"sim\",REFERENCIA.Desonerado,REFERENCIA.NaoDesonerado),2)","v":15.71},0.26400000000000001,null,null,null,null,7328.54,19.86]
["S",2,"S",0,{"$f":"IF($C73=1,OFFSET(E73,-1,0)+MAX(1,COUNTIF(QCI!$A$13:$A$24,OFFSET(ORÇAMENTO!E73,-1,0))),OFFSET(E73,-1,0))","v":1},10,0,0,2,0,{"$f":"IF(OR($C73=\"S\",$C73=0),0,MATCH(OFFSET($D73,0,$C73)+IF($C73<>1,1,COUNTIF(QCI!$A$13:$A$24,ORÇAMENTO!E73)),OFFSET($D73,1,$C73,ROW($C$296)-ROW($C73)),0))","v":0},"F","Serviço","Serviço","1.10.0.2.","SINAPI","100384",{"$f":"IF($C73=\"S\",REFERENCIA.Descricao,\"(digite a descrição aqui)\")","v":"FABRICAÇÃO E INSTALAÇÃO DE PONTALETES DE MADEIRA NÃO APARELHADA PARA TELHADOS COM ATÉ 2 ÁGUAS E COM TELHA ONDULADA DE FIBROCIMENTO, ALUMÍNIO OU PLÁSTICA EM EDIFÍCIO INSTITUCIONAL TÉRREO, INCLUSO TRANSPORTE VERTICAL. AF_07/2019"},{"$f":"REFERENCIA.Unidade","v":"M2"},{"$f":"OFFSET(CÁLCULO!H$15,ROW($T73)-ROW(T$15),0)","v":327.47000000000003},19.07,"BDI 1",{"$f":"IF($C73=\"S\",ROUND(IF(TIPOORCAMENTO=\"Proposto\",ORÇAMENTO.CustoUnitario*(1+$AH73),ORÇAMENTO.PrecoUnitarioLicitado),15-13*$AF$10),0)","v":24.1},{"$f":"IF($C73=\"S\",IF(Import.TipoArredondamento<>\"TransfereGOV\",VTOTAL1,SUM(OFFSET(CÁLCULO!$AA$15,ROW($X73)-ROW($X$15),1):OFFSET(CÁLCULO!$AL$15,ROW($X73)-ROW($X$15),-1))),IF($C73=0,0,ROUND(SomaAgrup,15-13*$AF$11)))","v":7892.03},"RA","RA",{"$f":"IF($C73=\"S\",IF($Z73=\"CP\",$X73,IF($Z73=\"RA\",(($X73)*QCI!$AA$3),0)),SomaAgrup)","v":7892.03},0,{"$f":"IF($N73=\"\",\"\",IF(ORÇAMENTO.Descricao=\"\",\"DESCRIÇÃO\",IF(AND($C73=\"S\",ORÇAMENTO.Unidade=\"\"),\"UNIDADE\",IF($X73<0,\"VALOR NEGATIVO\",IF(OR(AND(TIPOORCAMENTO=\"Proposto\",$AG73<>\"\",$AG73>0,ORÇAMENTO.CustoUnitario>$AG73),AND(TIPOORCAMENTO=\"LICITADO\",ORÇAMENTO.PrecoUnitarioLicitado>$AN73)),\"ACIMA REF.\",\"\")))))","v":""},{"$f":"IF(C73<=CRONO.NivelExibicao,MAX($AD$15:OFFSET(AD73,-1,0))+IF($C73<>1,1,MAX(1,COUNTIF(QCI!$A$13:$A$24,OFFSET($E73,-1,0)))),\"\")","v":""},{"$f":"IF(AND($C73=\"S\",ORÇAMENTO.CodBarra<>\"\"),IF(ORÇAMENTO.Fonte=\"\",ORÇAMENTO.CodBarra,CONCATENATE(ORÇAMENTO.Fonte,\" \",ORÇAMENTO.CodBarra)))","v":"SINAPI 100384"},{"$f":"IF(ISERROR(INDIRECT(ORÇAMENTO.BancoRef)),\"(abra o arquivo 'Referência \"&Excel_BuiltIn_Database&\".xlsm)\",IF(OR($C73<>\"S\",ORÇAMENTO.CodBarra=\"\"),\"(Sem Código)\",IF(ISERROR(MATCH($AE73,INDIRECT(ORÇAMENTO.BancoRef),0)),\"(Código não identificado nas referências)\",MATCH($AE73,INDIRECT(ORÇAMENTO.BancoRef),0))))","v":1537},{"$f":"ROUND(IF(DESONERACAO=\"sim\",REFERENCIA.Desonerado,REFERENCIA.NaoDesonerado),2)","v":19.07},0.26400000000000001,null,null,null,null,7892.03,24.1]
[{"$f":"CHOOSE(1+LOG(1+2*(ORÇAMENTO.Nivel=\"Meta\")+4*(ORÇAMENTO.Nivel=\"Nível 2\")+8*(ORÇAMENTO.Nivel=\"Nível 3\")+16*(ORÇAMENTO.Nivel=\"Nível 4\")+32*(ORÇAMENTO.Nivel=\"Serviço\"),2),0,1,2,3,4,\"S\")","v":"S"},{"$f":"IF(OR(C74=\"s\",C74=0),OFFSET(B74,-1,0),C74)","v":2},{"$f":"IF(OFFSET(C74,-1,0)=\"L\",1,IF(OFFSET(C74,-1,0)=1,2,IF(OR(A74=\"s\",A74=0),\"S\",IF(AND(OFFSET(C74,-1,0)=2,A74=4),3,IF(AND(OR(OFFSET(C74,-1,0)=\"s\",OFFSET(C74,-1,0)=0),A74<>\"s\",A74>OFFSET(B74,-1,0)),OFFSET(B74,-1,0),A74)))))","v":"S"},{"$f":"IF(OR(C74=\"S\",C74=0),0,IF(ISERROR(K74),J74,SMALL(J74:K74,1)))","v":0},{"$f":"IF($C74=1,OFFSET(E74,-1,0)+MAX(1,COUNTIF(QCI!$A$13:$A$24,OFFSET(ORÇAMENTO!E74,-1,0))),OFFSET(E74,-1,0))","v":1},{"$f":"IF($C74=1,0,IF($C74=2,OFFSET(F74,-1,0)+1,OFFSET(F74,-1,0)))","v":10},{"$f":"IF(AND($C74<=2,$C74<>0),0,IF($C74=3,OFFSET(G74,-1,0)+1,OFFSET(G74,-1,0)))","v":0},{"$f":"IF(AND($C74<=3,$C74<>0),0,IF($C74=4,OFFSET(H74,-1,0)+1,OFFSET(H74,-1,0)))","v":0},{"$f":"IF(AND($C74<=4,$C74<>0),0,IF(AND($C74=\"S\",$X74>0),OFFSET(I74,-1,0)+1,OFFSET(I74,-1,0)))","v":3},0,{"$f":"IF(OR($C74=\"S\",$C74=0),0,MATCH(OFFSET($D74,0,$C74)+IF($C74<>1,1,COUNTIF(QCI!$A$13:$A$24,ORÇAMENTO!E74)),OFFSET($D74,1,$C74,ROW($C$296)-ROW($C74)),0))","v":0},{"$f":"IF(OR($X74>0,$C74=1,$C74=2,$C74=3,$C74=4),\"F\",\"\")","v":"F"},"Serviço",{"$f":"CHOOSE(1+LOG(1+2*(C74=1)+4*(C74=2)+8*(C74=3)+16*(C74=4)+32*(C74=\"S\"),2),\"\",\"Meta\",\"Nível 2\",\"Nível 3\",\"Nível 4\",\"Serviço\")","v":"Serviço"},{"$f":"IF(OR($C74=0,$L74=\"\"),\"-\",CONCATENATE(E74&\".\",IF(AND($A$5>=2,$C74>=2),F74&\".\",\"\"),IF(AND($A$5>=3,$C74>=3),G74&\".\",\"\"),IF(AND($A$5>=4,$C74>=4),H74&\".\",\"\"),IF($C74=\"S\",I74&\".\",\"\")))","v":"1.10.0.3."},"Composição","50",{"$f":"IF($C74=\"S\",REFERENCIA.Descricao,\"(digite a descrição aqui)\")","v":"FABRICAÇÃO E INSTALAÇÃO DE PONTALETE DE MADEIRA APARELHADA PARA ABA DE 60CM, 80X6X12CM, EM EUCALIPTO VERMELHO"},{"$f":"REFERENCIA.Unidade","v":"UNIDADE"},{"$f":"OFFSET(CÁLCULO!H$15,ROW($T74)-ROW(T$15),0)","v":84},46.4,"BDI 1",{"$f":"IF($C74=\"S\",ROUND(IF(TIPOORCAMENTO=\"Proposto\",ORÇAMENTO.CustoUnitario*(1+$AH74),ORÇAMENTO.PrecoUnitarioLicitado),15-13*$AF$10),0)","v":58.65},{"$f":"IF($C74=\"S\",IF(Import.TipoArredondamento<>\"TransfereGOV\",VTOTAL1,SUM(OFFSET(CÁLCULO!$AA$15,ROW($X74)-ROW($X$15),1):OFFSET(CÁLCULO!$AL$15,ROW($X74)-ROW($X$15),-1))),IF($C74=0,0,ROUND(SomaAgrup,15-13*$AF$11)))","v":4926.6000000000004},"RA",{"$f":"IF(AND($C74=\"S\",$X74>0),IF(ISBLANK($Y74),\"RA\",LEFT($Y74,2)),\"\")","v":"RA"},{"$f":"IF($C74=\"S\",IF($Z74=\"CP\",$X74,IF($Z74=\"RA\",(($X74)*QCI!$AA$3),0)),SomaAgrup)","v":4926.6000000000004},{"$f":"IF($C74=\"S\",IF($Z74=\"OU\",ROUND($X74,2),0),SomaAgrup)","v":0},{"$f":"IF($N74=\"\",\"\",IF(ORÇAMENTO.Descricao=\"\",\"DESCRIÇÃO\",IF(AND($C74=\"S\",ORÇAMENTO.Unidade=\"\"),\"UNIDADE\",IF($X74<0,\"VALOR NEGATIVO\",IF(OR(AND(TIPOORCAMENTO=\"Proposto\",$AG74<>\"\",$AG74>0,ORÇAMENTO.CustoUnitario>$AG74),AND(TIPOORCAMENTO=\"LICITADO\",ORÇAMENTO.PrecoUnitarioLicitado>$AN74)),\"ACIMA REF.\",\"\")))))","v":""},{"$f":"IF(C74<=CRONO.NivelExibicao,MAX($AD$15:OFFSET(AD74,-1,0))+IF($C74<>1,1,MAX(1,COUNTIF(QCI!$A$13:$A$24,OFFSET($E74,-1,0)))),\"\")","v":""},{"$f":"IF(AND($C74=\"S\",ORÇAMENTO.CodBarra<>\"\"),IF(ORÇAMENTO.Fonte=\"\",ORÇAMENTO.CodBarra,CONCATENATE(ORÇAMENTO.Fonte,\" \",ORÇAMENTO.CodBarra)))","v":"Composição 50"},{"$f":"IF(ISERROR(INDIRECT(ORÇAMENTO.BancoRef)),\"(abra o arquivo 'Referência \"&Excel_BuiltIn_Database&\".xlsm)\",IF(OR($C74<>\"S\",ORÇAMENTO.CodBarra=\"\"),\"(Sem Código)\",IF(ISERROR(MATCH($AE74,INDIRECT(ORÇAMENTO.BancoRef),0)),\"(Código não identificado nas referências)\",MATCH($AE74,INDIRECT(ORÇAMENTO.BancoRef),0))))","v":52},{"$f":"ROUND(IF(DESONERACAO=\"sim\",REFERENCIA.Desonerado,REFERENCIA.NaoDesonerado),2)","v":46.4},{"$f":"ROUND(IF(ISNUMBER(ORÇAMENTO.OpcaoBDI),ORÇAMENTO.OpcaoBDI,IF(LEFT(ORÇAMENTO.OpcaoBDI,3)=\"BDI\",HLOOKUP(ORÇAMENTO.OpcaoBDI,$F$4:$H$5,2,FALSE),0)),15-11*$AF$9)","v":0.26400000000000001},null,null,null,null,4926.6000000000004,{"$f":"ROUND(ORÇAMENTO.CustoUnitario*(1+$AH74),2)","v":58.65}]
[{"$f":"CHOOSE(1+LOG(1+2*(ORÇAMENTO.Nivel=\"Meta\")+4*(ORÇAMENTO.Nivel=\"Nível 2\")+8*(ORÇAMENTO.Nivel=\"Nível 3\")+16*(ORÇAMENTO.Nivel=\"Nível 4\")+32*(ORÇAMENTO.Nivel=\"Serviço\"),2),0,1,2,3,4,\"S\")","v":"S"},{"$f":"IF(OR(C75=\"s\",C75=0),OFFSET(B75,-1,0),C75)","v":2},{"$f":"IF(OFFSET(C75,-1,0)=\"L\",1,IF(OFFSET(C75,-1,0)=1,2,IF(OR(A75=\"s\",A75=0),\"S\",IF(AND(OFFSET(C75,-1,0)=2,A75=4),3,IF(AND(OR(OFFSET(C75,-1,0)=\"s\",OFFSET(C75,-1,0)=0),A75<>\"s\",A75>OFFSET(B75,-1,0)),OFFSET(B75,-1,0),A75)))))","v":"S"},{"$f":"IF(OR(C75=\"S\",C75=0),0,IF(ISERROR(K75),J75,SMALL(J75:K75,1)))","v":0},{"$f":"IF($C75=1,OFFSET(E75,-1,0)+MAX(1,COUNTIF(QCI!$A$13:$A$24,OFFSET(ORÇAMENTO!E75,-1,0))),OFFSET(E75,-1,0))","v":1},{"$f":"IF($C75=1,0,IF($C75=2,OFFSET(F75,-1,0)+1,OFFSET(F75,-1,0)))","v":10},{"$f":"IF(AND($C75<=2,$C75<>0),0,IF($C75=3,OFFSET(G75,-1,0)+1,OFFSET(G75,-1,0)))","v":0},{"$f":"IF(AND($C75<=3,$C75<>0),0,IF($C75=4,OFFSET(H75,-1,0)+1,OFFSET(H75,-1,0)))","v":0},{"$f":"IF(AND($C75<=4,$C75<>0),0,IF(AND($C75=\"S\",$X75>0),OFFSET(I75,-1,0)+1,OFFSET(I75,-1,0)))","v":4},0,{"$f":"IF(OR($C75=\"S\",$C75=0),0,MATCH(OFFSET($D75,0,$C75)+IF($C75<>1,1,COUNTIF(QCI!$A$13:$A$24,ORÇAMENTO!E75)),OFFSET($D75,1,$C75,ROW($C$296)-ROW($C75)),0))","v":0},{"$f":"IF(OR($X75>0,$C75=1,$C75=2,$C75=3,$C75=4),\"F\",\"\")","v":"F"},"Serviço",{"$f":"CHOOSE(1+LOG(1+2*(C75=1)+4*(C75=2)+8*(C75=3)+16*(C75=4)+32*(C75=\"S\"),2),\"\",\"Meta\",\"Nível 2\",\"Nível 3\",\"Nível 4\",\"Serviço\")","v":"Serviço"},{"$f":"IF(OR($C75=0,$L75=\"\"),\"-\",CONCATENATE(E75&\".\",IF(AND($A$5>=2,$C75>=2),F75&\".\",\"\"),IF(AND($A$5>=3,$C75>=3),G75&\".\",\"\"),IF(AND($A$5>=4,$C75>=4),H75&\".\",\"\"),IF($C75=\"S\",I75&\".\",\"\")))","v":"1.10.0.4."},"Composição","49",{"$f":"IF($C75=\"S\",REFERENCIA.Descricao,\"(digite a descrição aqui)\")","v":"TABEIRA DE MADEIRA EM EUCALIPTO VERMELHO, 1A QUALIDADE, 2,5X15CM, PARA BEIRAL (ABA)"},{"$f":"REFERENCIA.Unidade","v":"M"},{"$f":"OFFSET(CÁLCULO!H$15,ROW($T75)-ROW(T$15),0)","v":114.19},36.04,"BDI 1",{"$f":"IF($C75=\"S\",ROUND(IF(TIPOORCAMENTO=\"Proposto\",ORÇAMENTO.CustoUnitario*(1+$AH75),ORÇAMENTO.PrecoUnitarioLicitado),15-13*$AF$10),0)","v":45.55},{"$f":"IF($C75=\"S\",IF(Import.TipoArredondamento<>\"TransfereGOV\",VTOTAL1,SUM(OFFSET(CÁLCULO!$AA$15,ROW($X75)-ROW($X$15),1):OFFSET(CÁLCULO!$AL$15,ROW($X75)-ROW($X$15),-1))),IF($C75=0,0,ROUND(SomaAgrup,15-13*$AF$11)))","v":5201.3500000000004},"RA",{"$f":"IF(AND($C75=\"S\",$X75>0),IF(ISBLANK($Y75),\"RA\",LEFT($Y75,2)),\"\")","v":"RA"},{"$f":"IF($C75=\"S\",IF($Z75=\"CP\",$X75,IF($Z75=\"RA\",(($X75)*QCI!$AA$3),0)),SomaAgrup)","v":5201.3500000000004},{"$f":"IF($C75=\"S\",IF($Z75=\"OU\",ROUND($X75,2),0),SomaAgrup)","v":0},{"$f":"IF($N75=\"\",\"\",IF(ORÇAMENTO.Descricao=\"\",\"DESCRIÇÃO\",IF(AND($C75=\"S\",ORÇAMENTO.Unidade=\"\"),\"UNIDADE\",IF($X75<0,\"VALOR NEGATIVO\",IF(OR(AND(TIPOORCAMENTO=\"Proposto\",$AG75<>\"\",$AG75>0,ORÇAMENTO.CustoUnitario>$AG75),AND(TIPOORCAMENTO=\"LICITADO\",ORÇAMENTO.PrecoUnitarioLicitado>$AN75)),\"ACIMA REF.\",\"\")))))","v":""},{"$f":"IF(C75<=CRONO.NivelExibicao,MAX($AD$15:OFFSET(AD75,-1,0))+IF($C75<>1,1,MAX(1,COUNTIF(QCI!$A$13:$A$24,OFFSET($E75,-1,0)))),\"\")","v":""},{"$f":"IF(AND($C75=\"S\",ORÇAMENTO.CodBarra<>\"\"),IF(ORÇAMENTO.Fonte=\"\",ORÇAMENTO.CodBarra,CONCATENATE(ORÇAMENTO.Fonte,\" \",ORÇAMENTO.CodBarra)))","v":"Composição 49"},{"$f":"IF(ISERROR(INDIRECT(ORÇAMENTO.BancoRef)),\"(abra o arquivo 'Referência \"&Excel_BuiltIn_Database&\".xlsm)\",IF(OR($C75<>\"S\",ORÇAMENTO.CodBarra=\"\"),\"(Sem Código)\",IF(ISERROR(MATCH($AE75,INDIRECT(ORÇAMENTO.BancoRef),0)),\"(Código não identificado nas referências)\",MATCH($AE75,INDIRECT(ORÇAMENTO.BancoRef),0))))","v":51},{"$f":"ROUND(IF(DESONERACAO=\"sim\",REFERENCIA.Desonerado,REFERENCIA.NaoDesonerado),2)","v":36.04},{"$f":"ROUND(IF(ISNUMBER(ORÇAMENTO.OpcaoBDI),ORÇAMENTO.OpcaoBDI,IF(LEFT(ORÇAMENTO.OpcaoBDI,3)=\"BDI\",HLOOKUP(ORÇAMENTO.OpcaoBDI,$F$4:$H$5,2,FALSE),0)),15-11*$AF$9)","v":0.26400000000000001},null,null,null,null,5201.3500000000004,{"$f":"ROUND(ORÇAMENTO.CustoUnitario*(1+$AH75),2)","v":45.55}]
["S",2,"S",0,{"$f":"IF($C76=1,OFFSET(E76,-1,0)+MAX(1,COUNTIF(QCI!$A$13:$A$24,OFFSET(ORÇAMENTO!E76,-1,0))),OFFSET(E76,-1,0))","v":1},10,0,0,5,0,{"$f":"IF(OR($C76=\"S\",$C76=0),0,MATCH(OFFSET($D76,0,$C76)+IF($C76<>1,1,COUNTIF(QCI!$A$13:$A$24,ORÇAMENTO!E76)),OFFSET($D76,1,$C76,ROW($C$296)-ROW($C76)),0))","v":0},"F","Serviço","Serviço","1.10.0.5.","SINAPI","94207",{"$f":"IF($C76=\"S\",REFERENCIA.Descricao,\"(digite a descrição aqui)\")","v":"TELHAMENTO COM TELHA ONDULADA DE FIBROCIMENTO E = 6 MM, COM RECOBRIMENTO LATERAL DE 1/4 DE ONDA PARA TELHADO COM INCLINAÇÃO MAIOR QUE 10°, COM ATÉ 2 ÁGUAS, INCLUSO IÇAMENTO. AF_07/2019"},{"$f":"REFERENCIA.Unidade","v":"M2"},{"$f":"OFFSET(CÁLCULO!H$15,ROW($T76)-ROW(T$15),0)","v":385.88},47.24,"BDI 1",{"$f":"IF($C76=\"S\",ROUND(IF(TIPOORCAMENTO=\"Proposto\",ORÇAMENTO.CustoUnitario*(1+$AH76),ORÇAMENTO.PrecoUnitarioLicitado),15-13*$AF$10),0)","v":59.71},{"$f":"IF($C76=\"S\",IF(Import.TipoArredondamento<>\"TransfereGOV\",VTOTAL1,SUM(OFFSET(CÁLCULO!$AA$15,ROW($X76)-ROW($X$15),1):OFFSET(CÁLCULO!$AL$15,ROW($X76)-ROW($X$15),-1))),IF($C76=0,0,ROUND(SomaAgrup,15-13*$AF$11)))","v":23040.89},"RA","RA",{"$f":"IF($C76=\"S\",IF($Z76=\"CP\",$X76,IF($Z76=\"RA\",(($X76)*QCI!$AA$3),0)),SomaAgrup)","v":23040.89},0,{"$f":"IF($N76=\"\",\"\",IF(ORÇAMENTO.Descricao=\"\",\"DESCRIÇÃO\",IF(AND($C76=\"S\",ORÇAMENTO.Unidade=\"\"),\"UNIDADE\",IF($X76<0,\"VALOR NEGATIVO\",IF(OR(AND(TIPOORCAMENTO=\"Proposto\",$AG76<>\"\",$AG76>0,ORÇAMENTO.CustoUnitario>$AG76),AND(TIPOORCAMENTO=\"LICITADO\",ORÇAMENTO.PrecoUnitarioLicitado>$AN76)),\"ACIMA REF.\",\"\")))))","v":""},{"$f":"IF(C76<=CRONO.NivelExibicao,MAX($AD$15:OFFSET(AD76,-1,0))+IF($C76<>1,1,MAX(1,COUNTIF(QCI!$A$13:$A$24,OFFSET($E76,-1,0)))),\"\")","v":""},{"$f":"IF(AND($C76=\"S\",ORÇAMENTO.CodBarra<>\"\"),IF(ORÇAMENTO.Fonte=\"\",ORÇAMENTO.CodBarra,CONCATENATE(ORÇAMENTO.Fonte,\" \",ORÇAMENTO.CodBarra)))","v":"SINAPI 94207"},{"$f":"IF(ISERROR(INDIRECT(ORÇAMENTO.BancoRef)),\"(abra o arquivo 'Referência \"&Excel_BuiltIn_Database&\".xlsm)\",IF(OR($C76<>\"S\",ORÇAMENTO.CodBarra=\"\"),\"(Sem Código)\",IF(ISERROR(MATCH($AE76,INDIRECT(ORÇAMENTO.BancoRef),0)),\"(Código não identificado nas referências)\",MATCH($AE76,INDIRECT(ORÇAMENTO.BancoRef),0))))","v":1566},{"$f":"ROUND(IF(DESONERACAO=\"sim\",REFERENCIA.Desonerado,REFERENCIA.NaoDesonerado),2)","v":47.24},0.26400000000000001,null,null,null,null,23040.89,59.71]
["S",2,"S",0,{"$f":"IF($C77=1,OFFSET(E77,-1,0)+MAX(1,COUNTIF(QCI!$A$13:$A$24,OFFSET(ORÇAMENTO!E77,-1,0))),OFFSET(E77,-1,0))","v":1},10,0,0,6,0,{"$f":"IF(OR($C77=\"S\",$C77=0),0,MATCH(OFFSET($D77,0,$C77)+IF($C77<>1,1,COUNTIF(QCI!$A$13:$A$24,ORÇAMENTO!E77)),OFFSET($D77,1,$C77,ROW($C$296)-ROW($C77)),0))","v":0},"F","Serviço","Serviço","1.10.0.6.","SINAPI","94223",{"$f":"IF($C77=\"S\",REFERENCIA.Descricao,\"(digite a descrição aqui)\")","v":"CUMEEIRA PARA TELHA DE FIBROCIMENTO ONDULADA E = 6 MM, INCLUSO ACESSÓRIOS DE FIXAÇÃO E IÇAMENTO. AF_07/2019"},{"$f":"REFERENCIA.Unidade","v":"M"},{"$f":"OFFSET(CÁLCULO!H$15,ROW($T77)-ROW(T$15),0)","v":38.82},82.29,"BDI 1",{"$f":"IF($C77=\"S\",ROUND(IF(TIPOORCAMENTO=\"Proposto\",ORÇAMENTO.CustoUnitario*(1+$AH77),ORÇAMENTO.PrecoUnitarioLicitado),15-13*$AF$10),0)","v":104.01},{"$f":"IF($C77=\"S\",IF(Import.TipoArredondamento<>\"TransfereGOV\",VTOTAL1,SUM(OFFSET(CÁLCULO!$AA$15,ROW($X77)-ROW($X$15),1):OFFSET(CÁLCULO!$AL$15,ROW($X77)-ROW($X$15),-1))),IF($C77=0,0,ROUND(SomaAgrup,15-13*$AF$11)))","v":4037.67},"RA","RA",{"$f":"IF($C77=\"S\",IF($Z77=\"CP\",$X77,IF($Z77=\"RA\",(($X77)*QCI!$AA$3),0)),SomaAgrup)","v":4037.67},0,{"$f":"IF($N77=\"\",\"\",IF(ORÇAMENTO.Descricao=\"\",\"DESCRIÇÃO\",IF(AND($C77=\"S\",ORÇAMENTO.Unidade=\"\"),\"UNIDADE\",IF($X77<0,\"VALOR NEGATIVO\",IF(OR(AND(TIPOORCAMENTO=\"Proposto\",$AG77<>\"\",$AG77>0,ORÇAMENTO.CustoUnitario>$AG77),AND(TIPOORCAMENTO=\"LICITADO\",ORÇAMENTO.PrecoUnitarioLicitado>$AN77)),\"ACIMA REF.\",\"\")))))","v":""},{"$f":"IF(C77<=CRONO.NivelExibicao,MAX($AD$15:OFFSET(AD77,-1,0))+IF($C77<>1,1,MAX(1,COUNTIF(QCI!$A$13:$A$24,OFFSET($E77,-1,0)))),\"\")","v":""},{"$f":"IF(AND($C77=\"S\",ORÇAMENTO.CodBarra<>\"\"),IF(ORÇAMENTO.Fonte=\"\",ORÇAMENTO.CodBarra,CONCATENATE(ORÇAMENTO.Fonte,\" \",ORÇAMENTO.CodBarra)))","v":"SINAPI 94223"},{"$f":"IF(ISERROR(INDIRECT(ORÇAMENTO.BancoRef)),\"(abra o arquivo 'Referência \"&Excel_BuiltIn_Database&\".xlsm)\",IF(OR($C77<>\"S\",ORÇAMENTO.CodBarra=\"\"),\"(Sem Código)\",IF(ISERROR(MATCH($AE77,INDIRECT(ORÇAMENTO.BancoRef),0)),\"(Código não identificado nas referências)\",MATCH($AE77,INDIRECT(ORÇAMENTO.BancoRef),0))))","v":1575},{"$f":"ROUND(IF(DESONERACAO=\"sim\",REFERENCIA.Desonerado,REFERENCIA.NaoDesonerado),2)","v":82.29},0.26400000000000001,null,null,null,null,4037.67,104.01]
[{"$f":"CHOOSE(1+LOG(1+2*(ORÇAMENTO.Nivel=\"Meta\")+4*(ORÇAMENTO.Nivel=\"Nível 2\")+8*(ORÇAMENTO.Nivel=\"Nível 3\")+16*(ORÇAMENTO.Nivel=\"Nível 4\")+32*(ORÇAMENTO.Nivel=\"Serviço\"),2),0,1,2,3,4,\"S\")","v":"S"},{"$f":"IF(OR(C78=\"s\",C78=0),OFFSET(B78,-1,0),C78)","v":2},{"$f":"IF(OFFSET(C78,-1,0)=\"L\",1,IF(OFFSET(C78,-1,0)=1,2,IF(OR(A78=\"s\",A78=0),\"S\",IF(AND(OFFSET(C78,-1,0)=2,A78=4),3,IF(AND(OR(OFFSET(C78,-1,0)=\"s\",OFFSET(C78,-1,0)=0),A78<>\"s\",A78>OFFSET(B78,-1,0)),OFFSET(B78,-1,0),A78)))))","v":"S"},{"$f":"IF(OR(C78=\"S\",C78=0),0,IF(ISERROR(K78),J78,SMALL(J78:K78,1)))","v":0},{"$f":"IF($C78=1,OFFSET(E78,-1,0)+MAX(1,COUNTIF(QCI!$A$13:$A$24,OFFSET(ORÇAMENTO!E78,-1,0))),OFFSET(E78,-1,0))","v":1},{"$f":"IF($C78=1,0,IF($C78=2,OFFSET(F78,-1,0)+1,OFFSET(F78,-1,0)))","v":10},{"$f":"IF(AND($C78<=2,$C78<>0),0,IF($C78=3,OFFSET(G78,-1,0)+1,OFFSET(G78,-1,0)))","v":0},{"$f":"IF(AND($C78<=3,$C78<>0),0,IF($C78=4,OFFSET(H78,-1,0)+1,OFFSET(H78,-1,0)))","v":0},{"$f":"IF(AND($C78<=4,$C78<>0),0,IF(AND($C78=\"S\",$X78>0),OFFSET(I78,-1,0)+1,OFFSET(I78,-1,0)))","v":7},0,{"$f":"IF(OR($C78=\"S\",$C78=0),0,MATCH(OFFSET($D78,0,$C78)+IF($C78<>1,1,COUNTIF(QCI!$A$13:$A$24,ORÇAMENTO!E78)),OFFSET($D78,1,$C78,ROW($C$296)-ROW($C78)),0))","v":0},{"$f":"IF(OR($X78>0,$C78=1,$C78=2,$C78=3,$C78=4),\"F\",\"\")","v":"F"},"Serviço",{"$f":"CHOOSE(1+LOG(1+2*(C78=1)+4*(C78=2)+8*(C78=3)+16*(C78=4)+32*(C78=\"S\"),2),\"\",\"Meta\",\"Nível 2\",\"Nível 3\",\"Nível 4\",\"Serviço\")","v":"Serviço"},{"$f":"IF(OR($C78=0,$L78=\"\"),\"-\",CONCATENATE(E78&\".\",IF(AND($A$5>=2,$C78>=2),F78&\".\",\"\"),IF(AND($A$5>=3,$C78>=3),G78&\".\",\"\"),IF(AND($A$5>=4,$C78>=4),H78&\".\",\"\"),IF($C78=\"S\",I78&\".\",\"\")))","v":"1.10.0.7."},"Composição","53",{"$f":"IF($C78=\"S\",REFERENCIA.Descricao,\"(digite a descrição aqui)\")","v":"RUFO EM CHAPA DE AÇO GALVANIZADO NÚMERO 26 (0,5MM), CORTE DE 25 CM, INCLUSO TRANSPORTE VERTICAL. AF_07/2019"},{"$f":"REFERENCIA.Unidade","v":"M"},{"$f":"OFFSET(CÁLCULO!H$15,ROW($T78)-ROW(T$15),0)","v":17.079999999999998},50.71,"BDI 1",{"$f":"IF($C78=\"S\",ROUND(IF(TIPOORCAMENTO=\"Proposto\",ORÇAMENTO.CustoUnitario*(1+$AH78),ORÇAMENTO.PrecoUnitarioLicitado),15-13*$AF$10),0)","v":64.099999999999994},{"$f":"IF($C78=\"S\",IF(Import.TipoArredondamento<>\"TransfereGOV\",VTOTAL1,SUM(OFFSET(CÁLCULO!$AA$15,ROW($X78)-ROW($X$15),1):OFFSET(CÁLCULO!$AL$15,ROW($X78)-ROW($X$15),-1))),IF($C78=0,0,ROUND(SomaAgrup,15-13*$AF$11)))","v":1094.83},"RA",{"$f":"IF(AND($C78=\"S\",$X78>0),IF(ISBLANK($Y78),\"RA\",LEFT($Y78,2)),\"\")","v":"RA"},{"$f":"IF($C78=\"S\",IF($Z78=\"CP\",$X78,IF($Z78=\"RA\",(($X78)*QCI!$AA$3),0)),SomaAgrup)","v":1094.83},{"$f":"IF($C78=\"S\",IF($Z78=\"OU\",ROUND($X78,2),0),SomaAgrup)","v":0},{"$f":"IF($N78=\"\",\"\",IF(ORÇAMENTO.Descricao=\"\",\"DESCRIÇÃO\",IF(AND($C78=\"S\",ORÇAMENTO.Unidade=\"\"),\"UNIDADE\",IF($X78<0,\"VALOR NEGATIVO\",IF(OR(AND(TIPOORCAMENTO=\"Proposto\",$AG78<>\"\",$AG78>0,ORÇAMENTO.CustoUnitario>$AG78),AND(TIPOORCAMENTO=\"LICITADO\",ORÇAMENTO.PrecoUnitarioLicitado>$AN78)),\"ACIMA REF.\",\"\")))))","v":""},{"$f":"IF(C78<=CRONO.NivelExibicao,MAX($AD$15:OFFSET(AD78,-1,0))+IF($C78<>1,1,MAX(1,COUNTIF(QCI!$A$13:$A$24,OFFSET($E78,-1,0)))),\"\")","v":""},{"$f":"IF(AND($C78=\"S\",ORÇAMENTO.CodBarra<>\"\"),IF(ORÇAMENTO.Fonte=\"\",ORÇAMENTO.CodBarra,CONCATENATE(ORÇAMENTO.Fonte,\" \",ORÇAMENTO.CodBarra)))","v":"Composição 53"},{"$f":"IF(ISERROR(INDIRECT(ORÇAMENTO.BancoRef)),\"(abra o arquivo 'Referência \"&Excel_BuiltIn_Database&\".xlsm)\",IF(OR($C78<>\"S\",ORÇAMENTO.CodBarra=\"\"),\"(Sem Código)\",IF(ISERROR(MATCH($AE78,INDIRECT(ORÇAMENTO.BancoRef),0)),\"(Código não identificado nas referências)\",MATCH($AE78,INDIRECT(ORÇAMENTO.BancoRef),0))))","v":55},{"$f":"ROUND(IF(DESONERACAO=\"sim\",REFERENCIA.Desonerado,REFERENCIA.NaoDesonerado),2)","v":50.71},{"$f":"ROUND(IF(ISNUMBER(ORÇAMENTO.OpcaoBDI),ORÇAMENTO.OpcaoBDI,IF(LEFT(ORÇAMENTO.OpcaoBDI,3)=\"BDI\",HLOOKUP(ORÇAMENTO.OpcaoBDI,$F$4:$H$5,2,FALSE),0)),15-11*$AF$9)","v":0.26400000000000001},null,null,null,null,1094.83,{"$f":"ROUND(ORÇAMENTO.CustoUnitario*(1+$AH78),2)","v":64.099999999999994}]
["S",2,"S",0,{"$f":"IF($C79=1,OFFSET(E79,-1,0)+MAX(1,COUNTIF(QCI!$A$13:$A$24,OFFSET(ORÇAMENTO!E79,-1,0))),OFFSET(E79,-1,0))","v":1},10,0,0,8,0,{"$f":"IF(OR($C79=\"S\",$C79=0),0,MATCH(OFFSET($D79,0,$C79)+IF($C79<>1,1,COUNTIF(QCI!$A$13:$A$24,ORÇAMENTO!E79)),OFFSET($D79,1,$C79,ROW($C$296)-ROW($C79)),0))","v":0},"F","Serviço","Serviço","1.10.0.8.","Composição","52",{"$f":"IF($C79=\"S\",REFERENCIA.Descricao,\"(digite a descrição aqui)\")","v":"CALHA EM CHAPA DE AÇO GALVANIZADO NÚMERO 26 (0,5MM), DESENVOLVIMENTO DE 100 CM, INCLUSO TRANSPORTE VERTICAL. AF_07/2019"},{"$f":"REFERENCIA.Unidade","v":"M"},{"$f":"OFFSET(CÁLCULO!H$15,ROW($T79)-ROW(T$15),0)","v":7.95},160.33000000000001,"BDI 1",{"$f":"IF($C79=\"S\",ROUND(IF(TIPOORCAMENTO=\"Proposto\",ORÇAMENTO.CustoUnitario*(1+$AH79),ORÇAMENTO.PrecoUnitarioLicitado),15-13*$AF$10),0)","v":202.66},{"$f":"IF($C79=\"S\",IF(Import.TipoArredondamento<>\"TransfereGOV\",VTOTAL1,SUM(OFFSET(CÁLCULO!$AA$15,ROW($X79)-ROW($X$15),1):OFFSET(CÁLCULO!$AL$15,ROW($X79)-ROW($X$15),-1))),IF($C79=0,0,ROUND(SomaAgrup,15-13*$AF$11)))","v":1611.15},"RA","RA",{"$f":"IF($C79=\"S\",IF($Z79=\"CP\",$X79,IF($Z79=\"RA\",(($X79)*QCI!$AA$3),0)),SomaAgrup)","v":1611.15},0,{"$f":"IF($N79=\"\",\"\",IF(ORÇAMENTO.Descricao=\"\",\"DESCRIÇÃO\",IF(AND($C79=\"S\",ORÇAMENTO.Unidade=\"\"),\"UNIDADE\",IF($X79<0,\"VALOR NEGATIVO\",IF(OR(AND(TIPOORCAMENTO=\"Proposto\",$AG79<>\"\",$AG79>0,ORÇAMENTO.CustoUnitario>$AG79),AND(TIPOORCAMENTO=\"LICITADO\",ORÇAMENTO.PrecoUnitarioLicitado>$AN79)),\"ACIMA REF.\",\"\")))))","v":""},{"$f":"IF(C79<=CRONO.NivelExibicao,MAX($AD$15:OFFSET(AD79,-1,0))+IF($C79<>1,1,MAX(1,COUNTIF(QCI!$A$13:$A$24,OFFSET($E79,-1,0)))),\"\")","v":""},{"$f":"IF(AND($C79=\"S\",ORÇAMENTO.CodBarra<>\"\"),IF(ORÇAMENTO.Fonte=\"\",ORÇAMENTO.CodBarra,CONCATENATE(ORÇAMENTO.Fonte,\" \",ORÇAMENTO.CodBarra)))","v":"Composição 52"},{"$f":"IF(ISERROR(INDIRECT(ORÇAMENTO.BancoRef)),\"(abra o arquivo 'Referência \"&Excel_BuiltIn_Database&\".xlsm)\",IF(OR($C79<>\"S\",ORÇAMENTO.CodBarra=\"\"),\"(Sem Código)\",IF(ISERROR(MATCH($AE79,INDIRECT(ORÇAMENTO.BancoRef),0)),\"(Código não identificado nas referências)\",MATCH($AE79,INDIRECT(ORÇAMENTO.BancoRef),0))))","v":54},{"$f":"ROUND(IF(DESONERACAO=\"sim\",REFERENCIA.Desonerado,REFERENCIA.NaoDesonerado),2)","v":160.33000000000001},0.26400000000000001,null,null,null,null,1611.15,202.66]
["S",2,"S",0,{"$f":"IF($C80=1,OFFSET(E80,-1,0)+MAX(1,COUNTIF(QCI!$A$13:$A$24,OFFSET(ORÇAMENTO!E80,-1,0))),OFFSET(E80,-1,0))","v":1},10,0,0,9,{"$f":"IF(OR($C80=\"S\",$C80=0),0,MATCH(0,OFFSET($D80,1,$C80,ROW($C$296)-ROW($C80)),0))","v":0},{"$f":"IF(OR($C80=\"S\",$C80=0),0,MATCH(OFFSET($D80,0,$C80)+IF($C80<>1,1,COUNTIF(QCI!$A$13:$A$24,ORÇAMENTO!E80)),OFFSET($D80,1,$C80,ROW($C$296)-ROW($C80)),0))","v":0},"F","Serviço","Serviço","1.10.0.9.","Composição","51",{"$f":"IF($C80=\"S\",REFERENCIA.Descricao,\"(digite a descrição aqui)\")","v":"CALHA EM CHAPA DE AÇO GALVANIZADO NÚMERO 26 (0,5MM), DESENVOLVIMENTO DE 33 CM, INCLUSO TRANSPORTE VERTICAL. AF_07/2019"},{"$f":"REFERENCIA.Unidade","v":"M"},{"$f":"OFFSET(CÁLCULO!H$15,ROW($T80)-ROW(T$15),0)","v":29.01},61.78,"BDI 1",{"$f":"IF($C80=\"S\",ROUND(IF(TIPOORCAMENTO=\"Proposto\",ORÇAMENTO.CustoUnitario*(1+$AH80),ORÇAMENTO.PrecoUnitarioLicitado),15-13*$AF$10),0)","v":78.09},{"$f":"IF($C80=\"S\",IF(Import.TipoArredondamento<>\"TransfereGOV\",VTOTAL1,SUM(OFFSET(CÁLCULO!$AA$15,ROW($X80)-ROW($X$15),1):OFFSET(CÁLCULO!$AL$15,ROW($X80)-ROW($X$15),-1))),IF($C80=0,0,ROUND(SomaAgrup,15-13*$AF$11)))","v":2265.39},"RA","RA",{"$f":"IF($C80=\"S\",IF($Z80=\"CP\",$X80,IF($Z80=\"RA\",(($X80)*QCI!$AA$3),0)),SomaAgrup)","v":2265.39},0,{"$f":"IF($N80=\"\",\"\",IF(ORÇAMENTO.Descricao=\"\",\"DESCRIÇÃO\",IF(AND($C80=\"S\",ORÇAMENTO.Unidade=\"\"),\"UNIDADE\",IF($X80<0,\"VALOR NEGATIVO\",IF(OR(AND(TIPOORCAMENTO=\"Proposto\",$AG80<>\"\",$AG80>0,ORÇAMENTO.CustoUnitario>$AG80),AND(TIPOORCAMENTO=\"LICITADO\",ORÇAMENTO.PrecoUnitarioLicitado>$AN80)),\"ACIMA REF.\",\"\")))))","v":""},{"$f":"IF(C80<=CRONO.NivelExibicao,MAX($AD$15:OFFSET(AD80,-1,0))+IF($C80<>1,1,MAX(1,COUNTIF(QCI!$A$13:$A$24,OFFSET($E80,-1,0)))),\"\")","v":""},{"$f":"IF(AND($C80=\"S\",ORÇAMENTO.CodBarra<>\"\"),IF(ORÇAMENTO.Fonte=\"\",ORÇAMENTO.CodBarra,CONCATENATE(ORÇAMENTO.Fonte,\" \",ORÇAMENTO.CodBarra)))","v":"Composição 51"},{"$f":"IF(ISERROR(INDIRECT(ORÇAMENTO.BancoRef)),\"(abra o arquivo 'Referência \"&Excel_BuiltIn_Database&\".xlsm)\",IF(OR($C80<>\"S\",ORÇAMENTO.CodBarra=\"\"),\"(Sem Código)\",IF(ISERROR(MATCH($AE80,INDIRECT(ORÇAMENTO.BancoRef),0)),\"(Código não identificado nas referências)\",MATCH($AE80,INDIRECT(ORÇAMENTO.BancoRef),0))))","v":53},{"$f":"ROUND(IF(DESONERACAO=\"sim\",REFERENCIA.Desonerado,REFERENCIA.NaoDesonerado),2)","v":61.78},0.26400000000000001,null,null,null,null,2265.39,78.09]
["S",2,"S",0,{"$f":"IF($C81=1,OFFSET(E81,-1,0)+MAX(1,COUNTIF(QCI!$A$13:$A$24,OFFSET(ORÇAMENTO!E81,-1,0))),OFFSET(E81,-1,0))","v":1},10,0,0,10,0,{"$f":"IF(OR($C81=\"S\",$C81=0),0,MATCH(OFFSET($D81,0,$C81)+IF($C81<>1,1,COUNTIF(QCI!$A$13:$A$24,ORÇAMENTO!E81)),OFFSET($D81,1,$C81,ROW($C$296)-ROW($C81)),0))","v":0},"F","Serviço","Serviço","1.10.0.10.","SINAPI","89578",{"$f":"IF($C81=\"S\",REFERENCIA.Descricao,\"(digite a descrição aqui)\")","v":"TUBO PVC, SÉRIE R, ÁGUA PLUVIAL, DN 100 MM, FORNECIDO E INSTALADO EM CONDUTORES VERTICAIS DE ÁGUAS PLUVIAIS. AF_06/2022"},{"$f":"REFERENCIA.Unidade","v":"M"},{"$f":"OFFSET(CÁLCULO!H$15,ROW($T81)-ROW(T$15),0)","v":22.14},32.700000000000003,"BDI 1",{"$f":"IF($C81=\"S\",ROUND(IF(TIPOORCAMENTO=\"Proposto\",ORÇAMENTO.CustoUnitario*(1+$AH81),ORÇAMENTO.PrecoUnitarioLicitado),15-13*$AF$10),0)","v":41.33},{"$f":"IF($C81=\"S\",IF(Import.TipoArredondamento<>\"TransfereGOV\",VTOTAL1,SUM(OFFSET(CÁLCULO!$AA$15,ROW($X81)-ROW($X$15),1):OFFSET(CÁLCULO!$AL$15,ROW($X81)-ROW($X$15),-1))),IF($C81=0,0,ROUND(SomaAgrup,15-13*$AF$11)))","v":915.05},"RA","RA",{"$f":"IF($C81=\"S\",IF($Z81=\"CP\",$X81,IF($Z81=\"RA\",(($X81)*QCI!$AA$3),0)),SomaAgrup)","v":915.05},0,{"$f":"IF($N81=\"\",\"\",IF(ORÇAMENTO.Descricao=\"\",\"DESCRIÇÃO\",IF(AND($C81=\"S\",ORÇAMENTO.Unidade=\"\"),\"UNIDADE\",IF($X81<0,\"VALOR NEGATIVO\",IF(OR(AND(TIPOORCAMENTO=\"Proposto\",$AG81<>\"\",$AG81>0,ORÇAMENTO.CustoUnitario>$AG81),AND(TIPOORCAMENTO=\"LICITADO\",ORÇAMENTO.PrecoUnitarioLicitado>$AN81)),\"ACIMA REF.\",\"\")))))","v":""},{"$f":"IF(C81<=CRONO.NivelExibicao,MAX($AD$15:OFFSET(AD81,-1,0))+IF($C81<>1,1,MAX(1,COUNTIF(QCI!$A$13:$A$24,OFFSET($E81,-1,0)))),\"\")","v":""},{"$f":"IF(AND($C81=\"S\",ORÇAMENTO.CodBarra<>\"\"),IF(ORÇAMENTO.Fonte=\"\",ORÇAMENTO.CodBarra,CONCATENATE(ORÇAMENTO.Fonte,\" \",ORÇAMENTO.CodBarra)))","v":"SINAPI 89578"},{"$f":"IF(ISERROR(INDIRECT(ORÇAMENTO.BancoRef)),\"(abra o arquivo 'Referência \"&Excel_BuiltIn_Database&\".xlsm)\",IF(OR($C81<>\"S\",ORÇAMENTO.CodBarra=\"\"),\"(Sem Código)\",IF(ISERROR(MATCH($AE81,INDIRECT(ORÇAMENTO.BancoRef),0)),\"(Código não identificado nas referências)\",MATCH($AE81,INDIRECT(ORÇAMENTO.BancoRef),0))))","v":3653},{"$f":"ROUND(IF(DESONERACAO=\"sim\",REFERENCIA.Desonerado,REFERENCIA.NaoDesonerado),2)","v":32.700000000000003},0.26400000000000001,null,null,null,null,915.05,41.33]
[{"$f":"CHOOSE(1+LOG(1+2*(ORÇAMENTO.Nivel=\"Meta\")+4*(ORÇAMENTO.Nivel=\"Nível 2\")+8*(ORÇAMENTO.Nivel=\"Nível 3\")+16*(ORÇAMENTO.Nivel=\"Nível 4\")+32*(ORÇAMENTO.Nivel=\"Serviço\"),2),0,1,2,3,4,\"S\")","v":"S"},{"$f":"IF(OR(C82=\"s\",C82=0),OFFSET(B82,-1,0),C82)","v":2},{"$f":"IF(OFFSET(C82,-1,0)=\"L\",1,IF(OFFSET(C82,-1,0)=1,2,IF(OR(A82=\"s\",A82=0),\"S\",IF(AND(OFFSET(C82,-1,0)=2,A82=4),3,IF(AND(OR(OFFSET(C82,-1,0)=\"s\",OFFSET(C82,-1,0)=0),A82<>\"s\",A82>OFFSET(B82,-1,0)),OFFSET(B82,-1,0),A82)))))","v":"S"},{"$f":"IF(OR(C82=\"S\",C82=0),0,IF(ISERROR(K82),J82,SMALL(J82:K82,1)))","v":0},{"$f":"IF($C82=1,OFFSET(E82,-1,0)+MAX(1,COUNTIF(QCI!$A$13:$A$24,OFFSET(ORÇAMENTO!E82,-1,0))),OFFSET(E82,-1,0))","v":1},{"$f":"IF($C82=1,0,IF($C82=2,OFFSET(F82,-1,0)+1,OFFSET(F82,-1,0)))","v":10},{"$f":"IF(AND($C82<=2,$C82<>0),0,IF($C82=3,OFFSET(G82,-1,0)+1,OFFSET(G82,-1,0)))","v":0},{"$f":"IF(AND($C82<=3,$C82<>0),0,IF($C82=4,OFFSET(H82,-1,0)+1,OFFSET(H82,-1,0)))","v":0},{"$f":"IF(AND($C82<=4,$C82<>0),0,IF(AND($C82=\"S\",$X82>0),OFFSET(I82,-1,0)+1,OFFSET(I82,-1,0)))","v":11},0,{"$f":"IF(OR($C82=\"S\",$C82=0),0,MATCH(OFFSET($D82,0,$C82)+IF($C82<>1,1,COUNTIF(QCI!$A$13:$A$24,ORÇAMENTO!E82)),OFFSET($D82,1,$C82,ROW($C$296)-ROW($C82)),0))","v":0},{"$f":"IF(OR($X82>0,$C82=1,$C82=2,$C82=3,$C82=4),\"F\",\"\")","v":"F"},"Serviço",{"$f":"CHOOSE(1+LOG(1+2*(C82=1)+4*(C82=2)+8*(C82=3)+16*(C82=4)+32*(C82=\"S\"),2),\"\",\"Meta\",\"Nível 2\",\"Nível 3\",\"Nível 4\",\"Serviço\")","v":"Serviço"},{"$f":"IF(OR($C82=0,$L82=\"\"),\"-\",CONCATENATE(E82&\".\",IF(AND($A$5>=2,$C82>=2),F82&\".\",\"\"),IF(AND($A$5>=3,$C82>=3),G82&\".\",\"\"),IF(AND($A$5>=4,$C82>=4),H82&\".\",\"\"),IF($C82=\"S\",I82&\".\",\"\")))","v":"1.10.0.11."},"SINAPI","89809",{"$f":"IF($C82=\"S\",REFERENCIA.Descricao,\"(digite a descrição aqui)\")","v":"JOELHO 90 GRAUS, PVC, SERIE NORMAL, ESGOTO PREDIAL, DN 100 MM, JUNTA ELÁSTICA, FORNECIDO E INSTALADO EM PRUMADA DE ESGOTO SANITÁRIO OU VENTILAÇÃO. AF_08/2022"},{"$f":"REFERENCIA.Unidade","v":"UN"},{"$f":"OFFSET(CÁLCULO!H$15,ROW($T82)-ROW(T$15),0)","v":12},28.05,"BDI 1",{"$f":"IF($C82=\"S\",ROUND(IF(TIPOORCAMENTO=\"Proposto\",ORÇAMENTO.CustoUnitario*(1+$AH82),ORÇAMENTO.PrecoUnitarioLicitado),15-13*$AF$10),0)","v":35.46},{"$f":"IF($C82=\"S\",IF(Import.TipoArredondamento<>\"TransfereGOV\",VTOTAL1,SUM(OFFSET(CÁLCULO!$AA$15,ROW($X82)-ROW($X$15),1):OFFSET(CÁLCULO!$AL$15,ROW($X82)-ROW($X$15),-1))),IF($C82=0,0,ROUND(SomaAgrup,15-13*$AF$11)))","v":425.52},"RA",{"$f":"IF(AND($C82=\"S\",$X82>0),IF(ISBLANK($Y82),\"RA\",LEFT($Y82,2)),\"\")","v":"RA"},{"$f":"IF($C82=\"S\",IF($Z82=\"CP\",$X82,IF($Z82=\"RA\",(($X82)*QCI!$AA$3),0)),SomaAgrup)","v":425.52},{"$f":"IF($C82=\"S\",IF($Z82=\"OU\",ROUND($X82,2),0),SomaAgrup)","v":0},{"$f":"IF($N82=\"\",\"\",IF(ORÇAMENTO.Descricao=\"\",\"DESCRIÇÃO\",IF(AND($C82=\"S\",ORÇAMENTO.Unidade=\"\"),\"UNIDADE\",IF($X82<0,\"VALOR NEGATIVO\",IF(OR(AND(TIPOORCAMENTO=\"Proposto\",$AG82<>\"\",$AG82>0,ORÇAMENTO.CustoUnitario>$AG82),AND(TIPOORCAMENTO=\"LICITADO\",ORÇAMENTO.PrecoUnitarioLicitado>$AN82)),\"ACIMA REF.\",\"\")))))","v":""},{"$f":"IF(C82<=CRONO.NivelExibicao,MAX($AD$15:OFFSET(AD82,-1,0))+IF($C82<>1,1,MAX(1,COUNTIF(QCI!$A$13:$A$24,OFFSET($E82,-1,0)))),\"\")","v":""},{"$f":"IF(AND($C82=\"S\",ORÇAMENTO.CodBarra<>\"\"),IF(ORÇAMENTO.Fonte=\"\",ORÇAMENTO.CodBarra,CONCATENATE(ORÇAMENTO.Fonte,\" \",ORÇAMENTO.CodBarra)))","v":"SINAPI 89809"},{"$f":"IF(ISERROR(INDIRECT(ORÇAMENTO.BancoRef)),\"(abra o arquivo 'Referência \"&Excel_BuiltIn_Database&\".xlsm)\",IF(OR($C82<>\"S\",ORÇAMENTO.CodBarra=\"\"),\"(Sem Código)\",IF(ISERROR(MATCH($AE82,INDIRECT(ORÇAMENTO.BancoRef),0)),\"(Código não identificado nas referências)\",MATCH($AE82,INDIRECT(ORÇAMENTO.BancoRef),0))))","v":4229},{"$f":"ROUND(IF(DESONERACAO=\"sim\",REFERENCIA.Desonerado,REFERENCIA.NaoDesonerado),2)","v":28.05},{"$f":"ROUND(IF(ISNUMBER(ORÇAMENTO.OpcaoBDI),ORÇAMENTO.OpcaoBDI,IF(LEFT(ORÇAMENTO.OpcaoBDI,3)=\"BDI\",HLOOKUP(ORÇAMENTO.OpcaoBDI,$F$4:$H$5,2,FALSE),0)),15-11*$AF$9)","v":0.26400000000000001},null,null,null,null,425.52,{"$f":"ROUND(ORÇAMENTO.CustoUnitario*(1+$AH82),2)","v":35.46}]
[{"$f":"CHOOSE(1+LOG(1+2*(ORÇAMENTO.Nivel=\"Meta\")+4*(ORÇAMENTO.Nivel=\"Nível 2\")+8*(ORÇAMENTO.Nivel=\"Nível 3\")+16*(ORÇAMENTO.Nivel=\"Nível 4\")+32*(ORÇAMENTO.Nivel=\"Serviço\"),2),0,1,2,3,4,\"S\")","v":"S"},{"$f":"IF(OR(C83=\"s\",C83=0),OFFSET(B83,-1,0),C83)","v":2},{"$f":"IF(OFFSET(C83,-1,0)=\"L\",1,IF(OFFSET(C83,-1,0)=1,2,IF(OR(A83=\"s\",A83=0),\"S\",IF(AND(OFFSET(C83,-1,0)=2,A83=4),3,IF(AND(OR(OFFSET(C83,-1,0)=\"s\",OFFSET(C83,-1,0)=0),A83<>\"s\",A83>OFFSET(B83,-1,0)),OFFSET(B83,-1,0),A83)))))","v":"S"},{"$f":"IF(OR(C83=\"S\",C83=0),0,IF(ISERROR(K83),J83,SMALL(J83:K83,1)))","v":0},{"$f":"IF($C83=1,OFFSET(E83,-1,0)+MAX(1,COUNTIF(QCI!$A$13:$A$24,OFFSET(ORÇAMENTO!E83,-1,0))),OFFSET(E83,-1,0))","v":1},{"$f":"IF($C83=1,0,IF($C83=2,OFFSET(F83,-1,0)+1,OFFSET(F83,-1,0)))","v":10},{"$f":"IF(AND($C83<=2,$C83<>0),0,IF($C83=3,OFFSET(G83,-1,0)+1,OFFSET(G83,-1,0)))","v":0},{"$f":"IF(AND($C83<=3,$C83<>0),0,IF($C83=4,OFFSET(H83,-1,0)+1,OFFSET(H83,-1,0)))","v":0},{"$f":"IF(AND($C83<=4,$C83<>0),0,IF(AND($C83=\"S\",$X83>0),OFFSET(I83,-1,0)+1,OFFSET(I83,-1,0)))","v":12},0,{"$f":"IF(OR($C83=\"S\",$C83=0),0,MATCH(OFFSET($D83,0,$C83)+IF($C83<>1,1,COUNTIF(QCI!$A$13:$A$24,ORÇAMENTO!E83)),OFFSET($D83,1,$C83,ROW($C$296)-ROW($C83)),0))","v":0},{"$f":"IF(OR($X83>0,$C83=1,$C83=2,$C83=3,$C83=4),\"F\",\"\")","v":"F"},"Serviço",{"$f":"CHOOSE(1+LOG(1+2*(C83=1)+4*(C83=2)+8*(C83=3)+16*(C83=4)+32*(C83=\"S\"),2),\"\",\"Meta\",\"Nível 2\",\"Nível 3\",\"Nível 4\",\"Serviço\")","v":"Serviço"},{"$f":"IF(OR($C83=0,$L83=\"\"),\"-\",CONCATENATE(E83&\".\",IF(AND($A$5>=2,$C83>=2),F83&\".\",\"\"),IF(AND($A$5>=3,$C83>=3),G83&\".\",\"\"),IF(AND($A$5>=4,$C83>=4),H83&\".\",\"\"),IF($C83=\"S\",I83&\".\",\"\")))","v":"1.10.0.12."},"SINAPI","89580",{"$f":"IF($C83=\"S\",REFERENCIA.Descricao,\"(digite a descrição aqui)\")","v":"TUBO PVC, SÉRIE R, ÁGUA PLUVIAL, DN 150 MM, FORNECIDO E INSTALADO EM CONDUTORES VERTICAIS DE ÁGUAS PLUVIAIS. AF_06/2022"},{"$f":"REFERENCIA.Unidade","v":"M"},{"$f":"OFFSET(CÁLCULO!H$15,ROW($T83)-ROW(T$15),0)","v":13.25},67.67,"BDI 1",{"$f":"IF($C83=\"S\",ROUND(IF(TIPOORCAMENTO=\"Proposto\",ORÇAMENTO.CustoUnitario*(1+$AH83),ORÇAMENTO.PrecoUnitarioLicitado),15-13*$AF$10),0)","v":85.53},{"$f":"IF($C83=\"S\",IF(Import.TipoArredondamento<>\"TransfereGOV\",VTOTAL1,SUM(OFFSET(CÁLCULO!$AA$15,ROW($X83)-ROW($X$15),1):OFFSET(CÁLCULO!$AL$15,ROW($X83)-ROW($X$15),-1))),IF($C83=0,0,ROUND(SomaAgrup,15-13*$AF$11)))","v":1133.27},"RA",{"$f":"IF(AND($C83=\"S\",$X83>0),IF(ISBLANK($Y83),\"RA\",LEFT($Y83,2)),\"\")","v":"RA"},{"$f":"IF($C83=\"S\",IF($Z83=\"CP\",$X83,IF($Z83=\"RA\",(($X83)*QCI!$AA$3),0)),SomaAgrup)","v":1133.27},{"$f":"IF($C83=\"S\",IF($Z83=\"OU\",ROUND($X83,2),0),SomaAgrup)","v":0},{"$f":"IF($N83=\"\",\"\",IF(ORÇAMENTO.Descricao=\"\",\"DESCRIÇÃO\",IF(AND($C83=\"S\",ORÇAMENTO.Unidade=\"\"),\"UNIDADE\",IF($X83<0,\"VALOR NEGATIVO\",IF(OR(AND(TIPOORCAMENTO=\"Proposto\",$AG83<>\"\",$AG83>0,ORÇAMENTO.CustoUnitario>$AG83),AND(TIPOORCAMENTO=\"LICITADO\",ORÇAMENTO.PrecoUnitarioLicitado>$AN83)),\"ACIMA REF.\",\"\")))))","v":""},{"$f":"IF(C83<=CRONO.NivelExibicao,MAX($AD$15:OFFSET(AD83,-1,0))+IF($C83<>1,1,MAX(1,COUNTIF(QCI!$A$13:$A$24,OFFSET($E83,-1,0)))),\"\")","v":""},{"$f":"IF(AND($C83=\"S\",ORÇAMENTO.CodBarra<>\"\"),IF(ORÇAMENTO.Fonte=\"\",ORÇAMENTO.CodBarra,CONCATENATE(ORÇAMENTO.Fonte,\" \",ORÇAMENTO.CodBarra)))","v":"SINAPI 89580"},{"$f":"IF(ISERROR(INDIRECT(ORÇAMENTO.BancoRef)),\"(abra o arquivo 'Referência \"&Excel_BuiltIn_Database&\".xlsm)\",IF(OR($C83<>\"S\",ORÇAMENTO.CodBarra=\"\"),\"(Sem Código)\",IF(ISERROR(MATCH($AE83,INDIRECT(ORÇAMENTO.BancoRef),0)),\"(Código não identificado nas referências)\",MATCH($AE83,INDIRECT(ORÇAMENTO.BancoRef),0))))","v":3654},{"$f":"ROUND(IF(DESONERACAO=\"sim\",REFERENCIA.Desonerado,REFERENCIA.NaoDesonerado),2)","v":67.67},{"$f":"ROUND(IF(ISNUMBER(ORÇAMENTO.OpcaoBDI),ORÇAMENTO.OpcaoBDI,IF(LEFT(ORÇAMENTO.OpcaoBDI,3)=\"BDI\",HLOOKUP(ORÇAMENTO.OpcaoBDI,$F$4:$H$5,2,FALSE),0)),15-11*$AF$9)","v":0.26400000000000001},null,null,null,null,1133.27,{"$f":"ROUND(ORÇAMENTO.CustoUnitario*(1+$AH83),2)","v":85.53}]
[{"$f":"CHOOSE(1+LOG(1+2*(ORÇAMENTO.Nivel=\"Meta\")+4*(ORÇAMENTO.Nivel=\"Nível 2\")+8*(ORÇAMENTO.Nivel=\"Nível 3\")+16*(ORÇAMENTO.Nivel=\"Nível 4\")+32*(ORÇAMENTO.Nivel=\"Serviço\"),2),0,1,2,3,4,\"S\")","v":"S"},{"$f":"IF(OR(C84=\"s\",C84=0),OFFSET(B84,-1,0),C84)","v":2},{"$f":"IF(OFFSET(C84,-1,0)=\"L\",1,IF(OFFSET(C84,-1,0)=1,2,IF(OR(A84=\"s\",A84=0),\"S\",IF(AND(OFFSET(C84,-1,0)=2,A84=4),3,IF(AND(OR(OFFSET(C84,-1,0)=\"s\",OFFSET(C84,-1,0)=0),A84<>\"s\",A84>OFFSET(B84,-1,0)),OFFSET(B84,-1,0),A84)))))","v":"S"},{"$f":"IF(OR(C84=\"S\",C84=0),0,IF(ISERROR(K84),J84,SMALL(J84:K84,1)))","v":0},{"$f":"IF($C84=1,OFFSET(E84,-1,0)+MAX(1,COUNTIF(QCI!$A$13:$A$24,OFFSET(ORÇAMENTO!E84,-1,0))),OFFSET(E84,-1,0))","v":1},{"$f":"IF($C84=1,0,IF($C84=2,OFFSET(F84,-1,0)+1,OFFSET(F84,-1,0)))","v":10},{"$f":"IF(AND($C84<=2,$C84<>0),0,IF($C84=3,OFFSET(G84,-1,0)+1,OFFSET(G84,-1,0)))","v":0},{"$f":"IF(AND($C84<=3,$C84<>0),0,IF($C84=4,OFFSET(H84,-1,0)+1,OFFSET(H84,-1,0)))","v":0},{"$f":"IF(AND($C84<=4,$C84<>0),0,IF(AND($C84=\"S\",$X84>0),OFFSET(I84,-1,0)+1,OFFSET(I84,-1,0)))","v":13},0,{"$f":"IF(OR($C84=\"S\",$C84=0),0,MATCH(OFFSET($D84,0,$C84)+IF($C84<>1,1,COUNTIF(QCI!$A$13:$A$24,ORÇAMENTO!E84)),OFFSET($D84,1,$C84,ROW($C$296)-ROW($C84)),0))","v":0},{"$f":"IF(OR($X84>0,$C84=1,$C84=2,$C84=3,$C84=4),\"F\",\"\")","v":"F"},"Serviço",{"$f":"CHOOSE(1+LOG(1+2*(C84=1)+4*(C84=2)+8*(C84=3)+16*(C84=4)+32*(C84=\"S\"),2),\"\",\"Meta\",\"Nível 2\",\"Nível 3\",\"Nível 4\",\"Serviço\")","v":"Serviço"},{"$f":"IF(OR($C84=0,$L84=\"\"),\"-\",CONCATENATE(E84&\".\",IF(AND($A$5>=2,$C84>=2),F84&\".\",\"\"),IF(AND($A$5>=3,$C84>=3),G84&\".\",\"\"),IF(AND($A$5>=4,$C84>=4),H84&\".\",\"\"),IF($C84=\"S\",I84&\".\",\"\")))","v":"1.10.0.13."},"SINAPI","89854",{"$f":"IF($C84=\"S\",REFERENCIA.Descricao,\"(digite a descrição aqui)\")","v":"JOELHO 90 GRAUS, PVC, SERIE NORMAL, ESGOTO PREDIAL, DN 150 MM, JUNTA ELÁSTICA, FORNECIDO E INSTALADO EM SUBCOLETOR AÉREO DE ESGOTO SANITÁRIO. AF_08/2022"},{"$f":"REFERENCIA.Unidade","v":"UN"},{"$f":"OFFSET(CÁLCULO!H$15,ROW($T84)-ROW(T$15),0)","v":3},103.81,"BDI 1",{"$f":"IF($C84=\"S\",ROUND(IF(TIPOORCAMENTO=\"Proposto\",ORÇAMENTO.CustoUnitario*(1+$AH84),ORÇAMENTO.PrecoUnitarioLicitado),15-13*$AF$10),0)","v":131.22},{"$f":"IF($C84=\"S\",IF(Import.TipoArredondamento<>\"TransfereGOV\",VTOTAL1,SUM(OFFSET(CÁLCULO!$AA$15,ROW($X84)-ROW($X$15),1):OFFSET(CÁLCULO!$AL$15,ROW($X84)-ROW($X$15),-1))),IF($C84=0,0,ROUND(SomaAgrup,15-13*$AF$11)))","v":393.66},"RA",{"$f":"IF(AND($C84=\"S\",$X84>0),IF(ISBLANK($Y84),\"RA\",LEFT($Y84,2)),\"\")","v":"RA"},{"$f":"IF($C84=\"S\",IF($Z84=\"CP\",$X84,IF($Z84=\"RA\",(($X84)*QCI!$AA$3),0)),SomaAgrup)","v":393.66},{"$f":"IF($C84=\"S\",IF($Z84=\"OU\",ROUND($X84,2),0),SomaAgrup)","v":0},{"$f":"IF($N84=\"\",\"\",IF(ORÇAMENTO.Descricao=\"\",\"DESCRIÇÃO\",IF(AND($C84=\"S\",ORÇAMENTO.Unidade=\"\"),\"UNIDADE\",IF($X84<0,\"VALOR NEGATIVO\",IF(OR(AND(TIPOORCAMENTO=\"Proposto\",$AG84<>\"\",$AG84>0,ORÇAMENTO.CustoUnitario>$AG84),AND(TIPOORCAMENTO=\"LICITADO\",ORÇAMENTO.PrecoUnitarioLicitado>$AN84)),\"ACIMA REF.\",\"\")))))","v":""},{"$f":"IF(C84<=CRONO.NivelExibicao,MAX($AD$15:OFFSET(AD84,-1,0))+IF($C84<>1,1,MAX(1,COUNTIF(QCI!$A$13:$A$24,OFFSET($E84,-1,0)))),\"\")","v":""},{"$f":"IF(AND($C84=\"S\",ORÇAMENTO.CodBarra<>\"\"),IF(ORÇAMENTO.Fonte=\"\",ORÇAMENTO.CodBarra,CONCATENATE(ORÇAMENTO.Fonte,\" \",ORÇAMENTO.CodBarra)))","v":"SINAPI 89854"},{"$f":"IF(ISERROR(INDIRECT(ORÇAMENTO.BancoRef)),\"(abra o arquivo 'Referência \"&Excel_BuiltIn_Database&\".xlsm)\",IF(OR($C84<>\"S\",ORÇAMENTO.CodBarra=\"\"),\"(Sem Código)\",IF(ISERROR(MATCH($AE84,INDIRECT(ORÇAMENTO.BancoRef),0)),\"(Código não identificado nas referências)\",MATCH($AE84,INDIRECT(ORÇAMENTO.BancoRef),0))))","v":4270},{"$f":"ROUND(IF(DESONERACAO=\"sim\",REFERENCIA.Desonerado,REFERENCIA.NaoDesonerado),2)","v":103.81},{"$f":"ROUND(IF(ISNUMBER(ORÇAMENTO.OpcaoBDI),ORÇAMENTO.OpcaoBDI,IF(LEFT(ORÇAMENTO.OpcaoBDI,3)=\"BDI\",HLOOKUP(ORÇAMENTO.OpcaoBDI,$F$4:$H$5,2,FALSE),0)),15-11*$AF$9)","v":0.26400000000000001},null,null,null,null,393.66,{"$f":"ROUND(ORÇAMENTO.CustoUnitario*(1+$AH84),2)","v":131.22}]
[{"$f":"CHOOSE(1+LOG(1+2*(ORÇAMENTO.Nivel=\"Meta\")+4*(ORÇAMENTO.Nivel=\"Nível 2\")+8*(ORÇAMENTO.Nivel=\"Nível 3\")+16*(ORÇAMENTO.Nivel=\"Nível 4\")+32*(ORÇAMENTO.Nivel=\"Serviço\"),2),0,1,2,3,4,\"S\")","v":"S"},{"$f":"IF(OR(C85=\"s\",C85=0),OFFSET(B85,-1,0),C85)","v":2},{"$f":"IF(OFFSET(C85,-1,0)=\"L\",1,IF(OFFSET(C85,-1,0)=1,2,IF(OR(A85=\"s\",A85=0),\"S\",IF(AND(OFFSET(C85,-1,0)=2,A85=4),3,IF(AND(OR(OFFSET(C85,-1,0)=\"s\",OFFSET(C85,-1,0)=0),A85<>\"s\",A85>OFFSET(B85,-1,0)),OFFSET(B85,-1,0),A85)))))","v":"S"},{"$f":"IF(OR(C85=\"S\",C85=0),0,IF(ISERROR(K85),J85,SMALL(J85:K85,1)))","v":0},{"$f":"IF($C85=1,OFFSET(E85,-1,0)+MAX(1,COUNTIF(QCI!$A$13:$A$24,OFFSET(ORÇAMENTO!E85,-1,0))),OFFSET(E85,-1,0))","v":1},{"$f":"IF($C85=1,0,IF($C85=2,OFFSET(F85,-1,0)+1,OFFSET(F85,-1,0)))","v":10},{"$f":"IF(AND($C85<=2,$C85<>0),0,IF($C85=3,OFFSET(G85,-1,0)+1,OFFSET(G85,-1,0)))","v":0},{"$f":"IF(AND($C85<=3,$C85<>0),0,IF($C85=4,OFFSET(H85,-1,0)+1,OFFSET(H85,-1,0)))","v":0},{"$f":"IF(AND($C85<=4,$C85<>0),0,IF(AND($C85=\"S\",$X85>0),OFFSET(I85,-1,0)+1,OFFSET(I85,-1,0)))","v":14},0,{"$f":"IF(OR($C85=\"S\",$C85=0),0,MATCH(OFFSET($D85,0,$C85)+IF($C85<>1,1,COUNTIF(QCI!$A$13:$A$24,ORÇAMENTO!E85)),OFFSET($D85,1,$C85,ROW($C$296)-ROW($C85)),0))","v":0},{"$f":"IF(OR($X85>0,$C85=1,$C85=2,$C85=3,$C85=4),\"F\",\"\")","v":"F"},"Serviço",{"$f":"CHOOSE(1+LOG(1+2*(C85=1)+4*(C85=2)+8*(C85=3)+16*(C85=4)+32*(C85=\"S\"),2),\"\",\"Meta\",\"Nível 2\",\"Nível 3\",\"Nível 4\",\"Serviço\")","v":"Serviço"},{"$f":"IF(OR($C85=0,$L85=\"\"),\"-\",CONCATENATE(E85&\".\",IF(AND($A$5>=2,$C85>=2),F85&\".\",\"\"),IF(AND($A$5>=3,$C85>=3),G85&\".\",\"\"),IF(AND($A$5>=4,$C85>=4),H85&\".\",\"\"),IF($C85=\"S\",I85&\".\",\"\")))","v":"1.10.0.14."},"COMPOSIÇÃO","11",{"$f":"IF($C85=\"S\",REFERENCIA.Descricao,\"(digite a descrição aqui)\")","v":"IMPERMEABILIZAÇÃO DE SUPERFÍCIE COM EMULSÃO ASFALTICA, 3 DEMÃOS (TODA FACE SUPERIOR E TODAS AS LATERAIS)"},{"$f":"REFERENCIA.Unidade","v":"M2"},{"$f":"OFFSET(CÁLCULO!H$15,ROW($T85)-ROW(T$15),0)","v":5.19},61.81,"BDI 1",{"$f":"IF($C85=\"S\",ROUND(IF(TIPOORCAMENTO=\"Proposto\",ORÇAMENTO.CustoUnitario*(1+$AH85),ORÇAMENTO.PrecoUnitarioLicitado),15-13*$AF$10),0)","v":78.13},{"$f":"IF($C85=\"S\",IF(Import.TipoArredondamento<>\"TransfereGOV\",VTOTAL1,SUM(OFFSET(CÁLCULO!$AA$15,ROW($X85)-ROW($X$15),1):OFFSET(CÁLCULO!$AL$15,ROW($X85)-ROW($X$15),-1))),IF($C85=0,0,ROUND(SomaAgrup,15-13*$AF$11)))","v":405.49},"RA",{"$f":"IF(AND($C85=\"S\",$X85>0),IF(ISBLANK($Y85),\"RA\",LEFT($Y85,2)),\"\")","v":"RA"},{"$f":"IF($C85=\"S\",IF($Z85=\"CP\",$X85,IF($Z85=\"RA\",(($X85)*QCI!$AA$3),0)),SomaAgrup)","v":405.49},{"$f":"IF($C85=\"S\",IF($Z85=\"OU\",ROUND($X85,2),0),SomaAgrup)","v":0},{"$f":"IF($N85=\"\",\"\",IF(ORÇAMENTO.Descricao=\"\",\"DESCRIÇÃO\",IF(AND($C85=\"S\",ORÇAMENTO.Unidade=\"\"),\"UNIDADE\",IF($X85<0,\"VALOR NEGATIVO\",IF(OR(AND(TIPOORCAMENTO=\"Proposto\",$AG85<>\"\",$AG85>0,ORÇAMENTO.CustoUnitario>$AG85),AND(TIPOORCAMENTO=\"LICITADO\",ORÇAMENTO.PrecoUnitarioLicitado>$AN85)),\"ACIMA REF.\",\"\")))))","v":""},{"$f":"IF(C85<=CRONO.NivelExibicao,MAX($AD$15:OFFSET(AD85,-1,0))+IF($C85<>1,1,MAX(1,COUNTIF(QCI!$A$13:$A$24,OFFSET($E85,-1,0)))),\"\")","v":""},{"$f":"IF(AND($C85=\"S\",ORÇAMENTO.CodBarra<>\"\"),IF(ORÇAMENTO.Fonte=\"\",ORÇAMENTO.CodBarra,CONCATENATE(ORÇAMENTO.Fonte,\" \",ORÇAMENTO.CodBarra)))","v":"COMPOSIÇÃO 11"},{"$f":"IF(ISERROR(INDIRECT(ORÇAMENTO.BancoRef)),\"(abra o arquivo 'Referência \"&Excel_BuiltIn_Database&\".xlsm)\",IF(OR($C85<>\"S\",ORÇAMENTO.CodBarra=\"\"),\"(Sem Código)\",IF(ISERROR(MATCH($AE85,INDIRECT(ORÇAMENTO.BancoRef),0)),\"(Código não identificado nas referências)\",MATCH($AE85,INDIRECT(ORÇAMENTO.BancoRef),0))))","v":13},{"$f":"ROUND(IF(DESONERACAO=\"sim\",REFERENCIA.Desonerado,REFERENCIA.NaoDesonerado),2)","v":61.81},{"$f":"ROUND(IF(ISNUMBER(ORÇAMENTO.OpcaoBDI),ORÇAMENTO.OpcaoBDI,IF(LEFT(ORÇAMENTO.OpcaoBDI,3)=\"BDI\",HLOOKUP(ORÇAMENTO.OpcaoBDI,$F$4:$H$5,2,FALSE),0)),15-11*$AF$9)","v":0.26400000000000001},null,null,null,null,405.49,{"$f":"ROUND(ORÇAMENTO.CustoUnitario*(1+$AH85),2)","v":78.13}]
[{"$f":"CHOOSE(1+LOG(1+2*(ORÇAMENTO.Nivel=\"Meta\")+4*(ORÇAMENTO.Nivel=\"Nível 2\")+8*(ORÇAMENTO.Nivel=\"Nível 3\")+16*(ORÇAMENTO.Nivel=\"Nível 4\")+32*(ORÇAMENTO.Nivel=\"Serviço\"),2),0,1,2,3,4,\"S\")","v":"S"},{"$f":"IF(OR(C86=\"s\",C86=0),OFFSET(B86,-1,0),C86)","v":2},{"$f":"IF(OFFSET(C86,-1,0)=\"L\",1,IF(OFFSET(C86,-1,0)=1,2,IF(OR(A86=\"s\",A86=0),\"S\",IF(AND(OFFSET(C86,-1,0)=2,A86=4),3,IF(AND(OR(OFFSET(C86,-1,0)=\"s\",OFFSET(C86,-1,0)=0),A86<>\"s\",A86>OFFSET(B86,-1,0)),OFFSET(B86,-1,0),A86)))))","v":"S"},{"$f":"IF(OR(C86=\"S\",C86=0),0,IF(ISERROR(K86),J86,SMALL(J86:K86,1)))","v":0},{"$f":"IF($C86=1,OFFSET(E86,-1,0)+MAX(1,COUNTIF(QCI!$A$13:$A$24,OFFSET(ORÇAMENTO!E86,-1,0))),OFFSET(E86,-1,0))","v":1},{"$f":"IF($C86=1,0,IF($C86=2,OFFSET(F86,-1,0)+1,OFFSET(F86,-1,0)))","v":10},{"$f":"IF(AND($C86<=2,$C86<>0),0,IF($C86=3,OFFSET(G86,-1,0)+1,OFFSET(G86,-1,0)))","v":0},{"$f":"IF(AND($C86<=3,$C86<>0),0,IF($C86=4,OFFSET(H86,-1,0)+1,OFFSET(H86,-1,0)))","v":0},{"$f":"IF(AND($C86<=4,$C86<>0),0,IF(AND($C86=\"S\",$X86>0),OFFSET(I86,-1,0)+1,OFFSET(I86,-1,0)))","v":15},0,{"$f":"IF(OR($C86=\"S\",$C86=0),0,MATCH(OFFSET($D86,0,$C86)+IF($C86<>1,1,COUNTIF(QCI!$A$13:$A$24,ORÇAMENTO!E86)),OFFSET($D86,1,$C86,ROW($C$296)-ROW($C86)),0))","v":0},{"$f":"IF(OR($X86>0,$C86=1,$C86=2,$C86=3,$C86=4),\"F\",\"\")","v":"F"},"Serviço",{"$f":"CHOOSE(1+LOG(1+2*(C86=1)+4*(C86=2)+8*(C86=3)+16*(C86=4)+32*(C86=\"S\"),2),\"\",\"Meta\",\"Nível 2\",\"Nível 3\",\"Nível 4\",\"Serviço\")","v":"Serviço"},{"$f":"IF(OR($C86=0,$L86=\"\"),\"-\",CONCATENATE(E86&\".\",IF(AND($A$5>=2,$C86>=2),F86&\".\",\"\"),IF(AND($A$5>=3,$C86>=3),G86&\".\",\"\"),IF(AND($A$5>=4,$C86>=4),H86&\".\",\"\"),IF($C86=\"S\",I86&\".\",\"\")))","v":"1.10.0.15."},"SINAPI","105030","PILARETES PARA OS OITÕES, ARMADOS COM TRELIÇA SOLDADA",{"$f":"REFERENCIA.Unidade","v":"M"},{"$f":"OFFSET(CÁLCULO!H$15,ROW($T86)-ROW(T$15),0)","v":58.25},36.28,"BDI 1",{"$f":"IF($C86=\"S\",ROUND(IF(TIPOORCAMENTO=\"Proposto\",ORÇAMENTO.CustoUnitario*(1+$AH86),ORÇAMENTO.PrecoUnitarioLicitado),15-13*$AF$10),0)","v":45.86},{"$f":"IF($C86=\"S\",IF(Import.TipoArredondamento<>\"TransfereGOV\",VTOTAL1,SUM(OFFSET(CÁLCULO!$AA$15,ROW($X86)-ROW($X$15),1):OFFSET(CÁLCULO!$AL$15,ROW($X86)-ROW($X$15),-1))),IF($C86=0,0,ROUND(SomaAgrup,15-13*$AF$11)))","v":2671.35},"RA",{"$f":"IF(AND($C86=\"S\",$X86>0),IF(ISBLANK($Y86),\"RA\",LEFT($Y86,2)),\"\")","v":"RA"},{"$f":"IF($C86=\"S\",IF($Z86=\"CP\",$X86,IF($Z86=\"RA\",(($X86)*QCI!$AA$3),0)),SomaAgrup)","v":2671.35},{"$f":"IF($C86=\"S\",IF($Z86=\"OU\",ROUND($X86,2),0),SomaAgrup)","v":0},{"$f":"IF($N86=\"\",\"\",IF(ORÇAMENTO.Descricao=\"\",\"DESCRIÇÃO\",IF(AND($C86=\"S\",ORÇAMENTO.Unidade=\"\"),\"UNIDADE\",IF($X86<0,\"VALOR NEGATIVO\",IF(OR(AND(TIPOORCAMENTO=\"Proposto\",$AG86<>\"\",$AG86>0,ORÇAMENTO.CustoUnitario>$AG86),AND(TIPOORCAMENTO=\"LICITADO\",ORÇAMENTO.PrecoUnitarioLicitado>$AN86)),\"ACIMA REF.\",\"\")))))","v":""},{"$f":"IF(C86<=CRONO.NivelExibicao,MAX($AD$15:OFFSET(AD86,-1,0))+IF($C86<>1,1,MAX(1,COUNTIF(QCI!$A$13:$A$24,OFFSET($E86,-1,0)))),\"\")","v":""},{"$f":"IF(AND($C86=\"S\",ORÇAMENTO.CodBarra<>\"\"),IF(ORÇAMENTO.Fonte=\"\",ORÇAMENTO.CodBarra,CONCATENATE(ORÇAMENTO.Fonte,\" \",ORÇAMENTO.CodBarra)))","v":"SINAPI 105030"},{"$f":"IF(ISERROR(INDIRECT(ORÇAMENTO.BancoRef)),\"(abra o arquivo 'Referência \"&Excel_BuiltIn_Database&\".xlsm)\",IF(OR($C86<>\"S\",ORÇAMENTO.CodBarra=\"\"),\"(Sem Código)\",IF(ISERROR(MATCH($AE86,INDIRECT(ORÇAMENTO.BancoRef),0)),\"(Código não identificado nas referências)\",MATCH($AE86,INDIRECT(ORÇAMENTO.BancoRef),0))))","v":2842},{"$f":"ROUND(IF(DESONERACAO=\"sim\",REFERENCIA.Desonerado,REFERENCIA.NaoDesonerado),2)","v":36.28},{"$f":"ROUND(IF(ISNUMBER(ORÇAMENTO.OpcaoBDI),ORÇAMENTO.OpcaoBDI,IF(LEFT(ORÇAMENTO.OpcaoBDI,3)=\"BDI\",HLOOKUP(ORÇAMENTO.OpcaoBDI,$F$4:$H$5,2,FALSE),0)),15-11*$AF$9)","v":0.26400000000000001},null,null,null,null,2671.35,{"$f":"ROUND(ORÇAMENTO.CustoUnitario*(1+$AH86),2)","v":45.86}]
[2,2,2,14,{"$f":"IF($C87=1,OFFSET(E87,-1,0)+MAX(1,COUNTIF(QCI!$A$13:$A$24,OFFSET(ORÇAMENTO!E87,-1,0))),OFFSET(E87,-1,0))","v":1},11,0,0,0,209,{"$f":"IF(OR($C87=\"S\",$C87=0),0,MATCH(OFFSET($D87,0,$C87)+IF($C87<>1,1,COUNTIF(QCI!$A$13:$A$24,ORÇAMENTO!E87)),OFFSET($D87,1,$C87,ROW($C$296)-ROW($C87)),0))","v":14},"F","Nível 2","Nível 2","1.11.","SINAPI",null,"PISOS",{"$f":"REFERENCIA.Unidade","v":"-"},{"$f":"OFFSET(CÁLCULO!H$15,ROW($T87)-ROW(T$15),0)","v":0},0,"BDI 1",{"$f":"IF($C87=\"S\",ROUND(IF(TIPOORCAMENTO=\"Proposto\",ORÇAMENTO.CustoUnitario*(1+$AH87),ORÇAMENTO.PrecoUnitarioLicitado),15-13*$AF$10),0)","v":0},{"$f":"IF($C87=\"S\",IF(Import.TipoArredondamento<>\"TransfereGOV\",VTOTAL1,SUM(OFFSET(CÁLCULO!$AA$15,ROW($X87)-ROW($X$15),1):OFFSET(CÁLCULO!$AL$15,ROW($X87)-ROW($X$15),-1))),IF($C87=0,0,ROUND(SomaAgrup,15-13*$AF$11)))","v":96860.35},"RA","",{"$f":"IF($C87=\"S\",IF($Z87=\"CP\",$X87,IF($Z87=\"RA\",(($X87)*QCI!$AA$3),0)),SomaAgrup)","v":96860.35},0,{"$f":"IF($N87=\"\",\"\",IF(ORÇAMENTO.Descricao=\"\",\"DESCRIÇÃO\",IF(AND($C87=\"S\",ORÇAMENTO.Unidade=\"\"),\"UNIDADE\",IF($X87<0,\"VALOR NEGATIVO\",IF(OR(AND(TIPOORCAMENTO=\"Proposto\",$AG87<>\"\",$AG87>0,ORÇAMENTO.CustoUnitario>$AG87),AND(TIPOORCAMENTO=\"LICITADO\",ORÇAMENTO.PrecoUnitarioLicitado>$AN87)),\"ACIMA REF.\",\"\")))))","v":""},{"$f":"IF(C87<=CRONO.NivelExibicao,MAX($AD$15:OFFSET(AD87,-1,0))+IF($C87<>1,1,MAX(1,COUNTIF(QCI!$A$13:$A$24,OFFSET($E87,-1,0)))),\"\")","v":14},{"$f":"IF(AND($C87=\"S\",ORÇAMENTO.CodBarra<>\"\"),IF(ORÇAMENTO.Fonte=\"\",ORÇAMENTO.CodBarra,CONCATENATE(ORÇAMENTO.Fonte,\" \",ORÇAMENTO.CodBarra)))","v":false},{"$f":"IF(ISERROR(INDIRECT(ORÇAMENTO.BancoRef)),\"(abra o arquivo 'Referência \"&Excel_BuiltIn_Database&\".xlsm)\",IF(OR($C87<>\"S\",ORÇAMENTO.CodBarra=\"\"),\"(Sem Código)\",IF(ISERROR(MATCH($AE87,INDIRECT(ORÇAMENTO.BancoRef),0)),\"(Código não identificado nas referências)\",MATCH($AE87,INDIRECT(ORÇAMENTO.BancoRef),0))))","v":"(Sem Código)"},{"$f":"ROUND(IF(DESONERACAO=\"sim\",REFERENCIA.Desonerado,REFERENCIA.NaoDesonerado),2)","v":0},0.26400000000000001,null,null,null,null,96860.35,0]
[{"$f":"CHOOSE(1+LOG(1+2*(ORÇAMENTO.Nivel=\"Meta\")+4*(ORÇAMENTO.Nivel=\"Nível 2\")+8*(ORÇAMENTO.Nivel=\"Nível 3\")+16*(ORÇAMENTO.Nivel=\"Nível 4\")+32*(ORÇAMENTO.Nivel=\"Serviço\"),2),0,1,2,3,4,\"S\")","v":"S"},{"$f":"IF(OR(C88=\"s\",C88=0),OFFSET(B88,-1,0),C88)","v":2},{"$f":"IF(OFFSET(C88,-1,0)=\"L\",1,IF(OFFSET(C88,-1,0)=1,2,IF(OR(A88=\"s\",A88=0),\"S\",IF(AND(OFFSET(C88,-1,0)=2,A88=4),3,IF(AND(OR(OFFSET(C88,-1,0)=\"s\",OFFSET(C88,-1,0)=0),A88<>\"s\",A88>OFFSET(B88,-1,0)),OFFSET(B88,-1,0),A88)))))","v":"S"},{"$f":"IF(OR(C88=\"S\",C88=0),0,IF(ISERROR(K88),J88,SMALL(J88:K88,1)))","v":0},{"$f":"IF($C88=1,OFFSET(E88,-1,0)+MAX(1,COUNTIF(QCI!$A$13:$A$24,OFFSET(ORÇAMENTO!E88,-1,0))),OFFSET(E88,-1,0))","v":1},{"$f":"IF($C88=1,0,IF($C88=2,OFFSET(F88,-1,0)+1,OFFSET(F88,-1,0)))","v":11},{"$f":"IF(AND($C88<=2,$C88<>0),0,IF($C88=3,OFFSET(G88,-1,0)+1,OFFSET(G88,-1,0)))","v":0},{"$f":"IF(AND($C88<=3,$C88<>0),0,IF($C88=4,OFFSET(H88,-1,0)+1,OFFSET(H88,-1,0)))","v":0},{"$f":"IF(AND($C88<=4,$C88<>0),0,IF(AND($C88=\"S\",$X88>0),OFFSET(I88,-1,0)+1,OFFSET(I88,-1,0)))","v":1},0,{"$f":"IF(OR($C88=\"S\",$C88=0),0,MATCH(OFFSET($D88,0,$C88)+IF($C88<>1,1,COUNTIF(QCI!$A$13:$A$24,ORÇAMENTO!E88)),OFFSET($D88,1,$C88,ROW($C$296)-ROW($C88)),0))","v":0},{"$f":"IF(OR($X88>0,$C88=1,$C88=2,$C88=3,$C88=4),\"F\",\"\")","v":"F"},"Serviço",{"$f":"CHOOSE(1+LOG(1+2*(C88=1)+4*(C88=2)+8*(C88=3)+16*(C88=4)+32*(C88=\"S\"),2),\"\",\"Meta\",\"Nível 2\",\"Nível 3\",\"Nível 4\",\"Serviço\")","v":"Serviço"},{"$f":"IF(OR($C88=0,$L88=\"\"),\"-\",CONCATENATE(E88&\".\",IF(AND($A$5>=2,$C88>=2),F88&\".\",\"\"),IF(AND($A$5>=3,$C88>=3),G88&\".\",\"\"),IF(AND($A$5>=4,$C88>=4),H88&\".\",\"\"),IF($C88=\"S\",I88&\".\",\"\")))","v":"1.11.0.1."},"SINAPI-I","6081",{"$f":"IF($C88=\"S\",REFERENCIA.Descricao,\"(digite a descrição aqui)\")","v":"ARGILA OU BARRO PARA ATERRO/REATERRO (COM TRANSPORTE ATE 10 KM)                                                                                                                                                                                                                                                                                                                                                                                                                                           "},{"$f":"REFERENCIA.Unidade","v":"M3    "},{"$f":"OFFSET(CÁLCULO!H$15,ROW($T88)-ROW(T$15),0)","v":33.85},52.3,"BDI 1",{"$f":"IF($C88=\"S\",ROUND(IF(TIPOORCAMENTO=\"Proposto\",ORÇAMENTO.CustoUnitario*(1+$AH88),ORÇAMENTO.PrecoUnitarioLicitado),15-13*$AF$10),0)","v":66.11},{"$f":"IF($C88=\"S\",IF(Import.TipoArredondamento<>\"TransfereGOV\",VTOTAL1,SUM(OFFSET(CÁLCULO!$AA$15,ROW($X88)-ROW($X$15),1):OFFSET(CÁLCULO!$AL$15,ROW($X88)-ROW($X$15),-1))),IF($C88=0,0,ROUND(SomaAgrup,15-13*$AF$11)))","v":2237.8200000000002},"RA",{"$f":"IF(AND($C88=\"S\",$X88>0),IF(ISBLANK($Y88),\"RA\",LEFT($Y88,2)),\"\")","v":"RA"},{"$f":"IF($C88=\"S\",IF($Z88=\"CP\",$X88,IF($Z88=\"RA\",(($X88)*QCI!$AA$3),0)),SomaAgrup)","v":2237.8200000000002},{"$f":"IF($C88=\"S\",IF($Z88=\"OU\",ROUND($X88,2),0),SomaAgrup)","v":0},{"$f":"IF($N88=\"\",\"\",IF(ORÇAMENTO.Descricao=\"\",\"DESCRIÇÃO\",IF(AND($C88=\"S\",ORÇAMENTO.Unidade=\"\"),\"UNIDADE\",IF($X88<0,\"VALOR NEGATIVO\",IF(OR(AND(TIPOORCAMENTO=\"Proposto\",$AG88<>\"\",$AG88>0,ORÇAMENTO.CustoUnitario>$AG88),AND(TIPOORCAMENTO=\"LICITADO\",ORÇAMENTO.PrecoUnitarioLicitado>$AN88)),\"ACIMA REF.\",\"\")))))","v":""},{"$f":"IF(C88<=CRONO.NivelExibicao,MAX($AD$15:OFFSET(AD88,-1,0))+IF($C88<>1,1,MAX(1,COUNTIF(QCI!$A$13:$A$24,OFFSET($E88,-1,0)))),\"\")","v":""},{"$f":"IF(AND($C88=\"S\",ORÇAMENTO.CodBarra<>\"\"),IF(ORÇAMENTO.Fonte=\"\",ORÇAMENTO.CodBarra,CONCATENATE(ORÇAMENTO.Fonte,\" \",ORÇAMENTO.CodBarra)))","v":"SINAPI-I 6081"},{"$f":"IF(ISERROR(INDIRECT(ORÇAMENTO.BancoRef)),\"(abra o arquivo 'Referência \"&Excel_BuiltIn_Database&\".xlsm)\",IF(OR($C88<>\"S\",ORÇAMENTO.CodBarra=\"\"),\"(Sem Código)\",IF(ISERROR(MATCH($AE88,INDIRECT(ORÇAMENTO.BancoRef),0)),\"(Código não identificado nas referências)\",MATCH($AE88,INDIRECT(ORÇAMENTO.BancoRef),0))))","v":8133},{"$f":"ROUND(IF(DESONERACAO=\"sim\",REFERENCIA.Desonerado,REFERENCIA.NaoDesonerado),2)","v":52.3},{"$f":"ROUND(IF(ISNUMBER(ORÇAMENTO.OpcaoBDI),ORÇAMENTO.OpcaoBDI,IF(LEFT(ORÇAMENTO.OpcaoBDI,3)=\"BDI\",HLOOKUP(ORÇAMENTO.OpcaoBDI,$F$4:$H$5,2,FALSE),0)),15-11*$AF$9)","v":0.26400000000000001},null,null,null,null,2237.8200000000002,{"$f":"ROUND(ORÇAMENTO.CustoUnitario*(1+$AH88),2)","v":66.11}]
["S",2,"S",0,{"$f":"IF($C89=1,OFFSET(E89,-1,0)+MAX(1,COUNTIF(QCI!$A$13:$A$24,OFFSET(ORÇAMENTO!E89,-1,0))),OFFSET(E89,-1,0))","v":1},11,0,0,2,0,{"$f":"IF(OR($C89=\"S\",$C89=0),0,MATCH(OFFSET($D89,0,$C89)+IF($C89<>1,1,COUNTIF(QCI!$A$13:$A$24,ORÇAMENTO!E89)),OFFSET($D89,1,$C89,ROW($C$296)-ROW($C89)),0))","v":0},"F","Serviço","Serviço","1.11.0.2.","SINAPI","97084",{"$f":"IF($C89=\"S\",REFERENCIA.Descricao,\"(digite a descrição aqui)\")","v":"COMPACTAÇÃO MECÂNICA DE SOLO PARA EXECUÇÃO DE RADIER, PISO DE CONCRETO OU LAJE SOBRE SOLO, COM COMPACTADOR DE SOLOS TIPO PLACA VIBRATÓRIA. AF_09/2021"},{"$f":"REFERENCIA.Unidade","v":"M2"},{"$f":"OFFSET(CÁLCULO!H$15,ROW($T89)-ROW(T$15),0)","v":307.70999999999998},0.66,"BDI 1",{"$f":"IF($C89=\"S\",ROUND(IF(TIPOORCAMENTO=\"Proposto\",ORÇAMENTO.CustoUnitario*(1+$AH89),ORÇAMENTO.PrecoUnitarioLicitado),15-13*$AF$10),0)","v":0.83},{"$f":"IF($C89=\"S\",IF(Import.TipoArredondamento<>\"TransfereGOV\",VTOTAL1,SUM(OFFSET(CÁLCULO!$AA$15,ROW($X89)-ROW($X$15),1):OFFSET(CÁLCULO!$AL$15,ROW($X89)-ROW($X$15),-1))),IF($C89=0,0,ROUND(SomaAgrup,15-13*$AF$11)))","v":255.4},"RA","RA",{"$f":"IF($C89=\"S\",IF($Z89=\"CP\",$X89,IF($Z89=\"RA\",(($X89)*QCI!$AA$3),0)),SomaAgrup)","v":255.4},0,{"$f":"IF($N89=\"\",\"\",IF(ORÇAMENTO.Descricao=\"\",\"DESCRIÇÃO\",IF(AND($C89=\"S\",ORÇAMENTO.Unidade=\"\"),\"UNIDADE\",IF($X89<0,\"VALOR NEGATIVO\",IF(OR(AND(TIPOORCAMENTO=\"Proposto\",$AG89<>\"\",$AG89>0,ORÇAMENTO.CustoUnitario>$AG89),AND(TIPOORCAMENTO=\"LICITADO\",ORÇAMENTO.PrecoUnitarioLicitado>$AN89)),\"ACIMA REF.\",\"\")))))","v":""},{"$f":"IF(C89<=CRONO.NivelExibicao,MAX($AD$15:OFFSET(AD89,-1,0))+IF($C89<>1,1,MAX(1,COUNTIF(QCI!$A$13:$A$24,OFFSET($E89,-1,0)))),\"\")","v":""},{"$f":"IF(AND($C89=\"S\",ORÇAMENTO.CodBarra<>\"\"),IF(ORÇAMENTO.Fonte=\"\",ORÇAMENTO.CodBarra,CONCATENATE(ORÇAMENTO.Fonte,\" \",ORÇAMENTO.CodBarra)))","v":"SINAPI 97084"},{"$f":"IF(ISERROR(INDIRECT(ORÇAMENTO.BancoRef)),\"(abra o arquivo 'Referência \"&Excel_BuiltIn_Database&\".xlsm)\",IF(OR($C89<>\"S\",ORÇAMENTO.CodBarra=\"\"),\"(Sem Código)\",IF(ISERROR(MATCH($AE89,INDIRECT(ORÇAMENTO.BancoRef),0)),\"(Código não identificado nas referências)\",MATCH($AE89,INDIRECT(ORÇAMENTO.BancoRef),0))))","v":2390},{"$f":"ROUND(IF(DESONERACAO=\"sim\",REFERENCIA.Desonerado,REFERENCIA.NaoDesonerado),2)","v":0.66},0.26400000000000001,null,1,null,null,255.4,0.83]
["S",2,"S",0,{"$f":"IF($C90=1,OFFSET(E90,-1,0)+MAX(1,COUNTIF(QCI!$A$13:$A$24,OFFSET(ORÇAMENTO!E90,-1,0))),OFFSET(E90,-1,0))","v":1},11,0,0,3,0,{"$f":"IF(OR($C90=\"S\",$C90=0),0,MATCH(OFFSET($D90,0,$C90)+IF($C90<>1,1,COUNTIF(QCI!$A$13:$A$24,ORÇAMENTO!E90)),OFFSET($D90,1,$C90,ROW($C$296)-ROW($C90)),0))","v":0},"F","Serviço","Serviço","1.11.0.3.","SINAPI","104740",{"$f":"IF($C90=\"S\",REFERENCIA.Descricao,\"(digite a descrição aqui)\")","v":"REATERRO MECANIZADO DE VALA COM MINICARREGADEIRA, COM COMPACTADOR DE SOLOS DE PERCUSSÃO. AF_08/2023"},{"$f":"REFERENCIA.Unidade","v":"M3"},{"$f":"OFFSET(CÁLCULO!H$15,ROW($T90)-ROW(T$15),0)","v":33.85},29.16,"BDI 1",{"$f":"IF($C90=\"S\",ROUND(IF(TIPOORCAMENTO=\"Proposto\",ORÇAMENTO.CustoUnitario*(1+$AH90),ORÇAMENTO.PrecoUnitarioLicitado),15-13*$AF$10),0)","v":36.86},{"$f":"IF($C90=\"S\",IF(Import.TipoArredondamento<>\"TransfereGOV\",VTOTAL1,SUM(OFFSET(CÁLCULO!$AA$15,ROW($X90)-ROW($X$15),1):OFFSET(CÁLCULO!$AL$15,ROW($X90)-ROW($X$15),-1))),IF($C90=0,0,ROUND(SomaAgrup,15-13*$AF$11)))","v":1247.71},"RA","RA",{"$f":"IF($C90=\"S\",IF($Z90=\"CP\",$X90,IF($Z90=\"RA\",(($X90)*QCI!$AA$3),0)),SomaAgrup)","v":1247.71},0,{"$f":"IF($N90=\"\",\"\",IF(ORÇAMENTO.Descricao=\"\",\"DESCRIÇÃO\",IF(AND($C90=\"S\",ORÇAMENTO.Unidade=\"\"),\"UNIDADE\",IF($X90<0,\"VALOR NEGATIVO\",IF(OR(AND(TIPOORCAMENTO=\"Proposto\",$AG90<>\"\",$AG90>0,ORÇAMENTO.CustoUnitario>$AG90),AND(TIPOORCAMENTO=\"LICITADO\",ORÇAMENTO.PrecoUnitarioLicitado>$AN90)),\"ACIMA REF.\",\"\")))))","v":""},{"$f":"IF(C90<=CRONO.NivelExibicao,MAX($AD$15:OFFSET(AD90,-1,0))+IF($C90<>1,1,MAX(1,COUNTIF(QCI!$A$13:$A$24,OFFSET($E90,-1,0)))),\"\")","v":""},{"$f":"IF(AND($C90=\"S\",ORÇAMENTO.CodBarra<>\"\"),IF(ORÇAMENTO.Fonte=\"\",ORÇAMENTO.CodBarra,CONCATENATE(ORÇAMENTO.Fonte,\" \",ORÇAMENTO.CodBarra)))","v":"SINAPI 104740"},{"$f":"IF(ISERROR(INDIRECT(ORÇAMENTO.BancoRef)),\"(abra o arquivo 'Referência \"&Excel_BuiltIn_Database&\".xlsm)\",IF(OR($C90<>\"S\",ORÇAMENTO.CodBarra=\"\"),\"(Sem Código)\",IF(ISERROR(MATCH($AE90,INDIRECT(ORÇAMENTO.BancoRef),0)),\"(Código não identificado nas referências)\",MATCH($AE90,INDIRECT(ORÇAMENTO.BancoRef),0))))","v":5966},{"$f":"ROUND(IF(DESONERACAO=\"sim\",REFERENCIA.Desonerado,REFERENCIA.NaoDesonerado),2)","v":29.16},0.26400000000000001,null,null,null,null,1247.71,36.86]
["S",2,"S",0,{"$f":"IF($C91=1,OFFSET(E91,-1,0)+MAX(1,COUNTIF(QCI!$A$13:$A$24,OFFSET(ORÇAMENTO!E91,-1,0))),OFFSET(E91,-1,0))","v":1},11,0,0,4,0,{"$f":"IF(OR($C91=\"S\",$C91=0),0,MATCH(OFFSET($D91,0,$C91)+IF($C91<>1,1,COUNTIF(QCI!$A$13:$A$24,ORÇAMENTO!E91)),OFFSET($D91,1,$C91,ROW($C$296)-ROW($C91)),0))","v":0},"F","Serviço","Serviço","1.11.0.4.","SINAPI","100322",{"$f":"IF($C91=\"S\",REFERENCIA.Descricao,\"(digite a descrição aqui)\")","v":"LASTRO COM MATERIAL GRANULAR (PEDRA BRITADA N.3), APLICADO EM PISOS OU LAJES SOBRE SOLO, ESPESSURA DE *10 CM*. AF_01/2024"},{"$f":"REFERENCIA.Unidade","v":"M3"},{"$f":"OFFSET(CÁLCULO!H$15,ROW($T91)-ROW(T$15),0)","v":12.65},153.31,"BDI 1",{"$f":"IF($C91=\"S\",ROUND(IF(TIPOORCAMENTO=\"Proposto\",ORÇAMENTO.CustoUnitario*(1+$AH91),ORÇAMENTO.PrecoUnitarioLicitado),15-13*$AF$10),0)","v":193.78},{"$f":"IF($C91=\"S\",IF(Import.TipoArredondamento<>\"TransfereGOV\",VTOTAL1,SUM(OFFSET(CÁLCULO!$AA$15,ROW($X91)-ROW($X$15),1):OFFSET(CÁLCULO!$AL$15,ROW($X91)-ROW($X$15),-1))),IF($C91=0,0,ROUND(SomaAgrup,15-13*$AF$11)))","v":2451.3200000000002},"RA","RA",{"$f":"IF($C91=\"S\",IF($Z91=\"CP\",$X91,IF($Z91=\"RA\",(($X91)*QCI!$AA$3),0)),SomaAgrup)","v":2451.3200000000002},0,{"$f":"IF($N91=\"\",\"\",IF(ORÇAMENTO.Descricao=\"\",\"DESCRIÇÃO\",IF(AND($C91=\"S\",ORÇAMENTO.Unidade=\"\"),\"UNIDADE\",IF($X91<0,\"VALOR NEGATIVO\",IF(OR(AND(TIPOORCAMENTO=\"Proposto\",$AG91<>\"\",$AG91>0,ORÇAMENTO.CustoUnitario>$AG91),AND(TIPOORCAMENTO=\"LICITADO\",ORÇAMENTO.PrecoUnitarioLicitado>$AN91)),\"ACIMA REF.\",\"\")))))","v":""},{"$f":"IF(C91<=CRONO.NivelExibicao,MAX($AD$15:OFFSET(AD91,-1,0))+IF($C91<>1,1,MAX(1,COUNTIF(QCI!$A$13:$A$24,OFFSET($E91,-1,0)))),\"\")","v":""},{"$f":"IF(AND($C91=\"S\",ORÇAMENTO.CodBarra<>\"\"),IF(ORÇAMENTO.Fonte=\"\",ORÇAMENTO.CodBarra,CONCATENATE(ORÇAMENTO.Fonte,\" \",ORÇAMENTO.CodBarra)))","v":"SINAPI 100322"},{"$f":"IF(ISERROR(INDIRECT(ORÇAMENTO.BancoRef)),\"(abra o arquivo 'Referência \"&Excel_BuiltIn_Database&\".xlsm)\",IF(OR($C91<>\"S\",ORÇAMENTO.CodBarra=\"\"),\"(Sem Código)\",IF(ISERROR(MATCH($AE91,INDIRECT(ORÇAMENTO.BancoRef),0)),\"(Código não identificado nas referências)\",MATCH($AE91,INDIRECT(ORÇAMENTO.BancoRef),0))))","v":2404},{"$f":"ROUND(IF(DESONERACAO=\"sim\",REFERENCIA.Desonerado,REFERENCIA.NaoDesonerado),2)","v":153.31},0.26400000000000001,null,null,null,null,2451.3200000000002,193.78]
["S",2,"S",0,{"$f":"IF($C92=1,OFFSET(E92,-1,0)+MAX(1,COUNTIF(QCI!$A$13:$A$24,OFFSET(ORÇAMENTO!E92,-1,0))),OFFSET(E92,-1,0))","v":1},11,0,0,5,0,{"$f":"IF(OR($C92=\"S\",$C92=0),0,MATCH(OFFSET($D92,0,$C92)+IF($C92<>1,1,COUNTIF(QCI!$A$13:$A$24,ORÇAMENTO!E92)),OFFSET($D92,1,$C92,ROW($C$296)-ROW($C92)),0))","v":0},"F","Serviço","Serviço","1.11.0.5.","SINAPI","94991",{"$f":"IF($C92=\"S\",REFERENCIA.Descricao,\"(digite a descrição aqui)\")","v":"EXECUÇÃO DE PASSEIO (CALÇADA) OU PISO DE CONCRETO COM CONCRETO MOLDADO IN LOCO, USINADO C20, ACABAMENTO CONVENCIONAL, NÃO ARMADO. AF_08/2022"},{"$f":"REFERENCIA.Unidade","v":"M3"},{"$f":"OFFSET(CÁLCULO!H$15,ROW($T92)-ROW(T$15),0)","v":18.97},727.93,"BDI 1",{"$f":"IF($C92=\"S\",ROUND(IF(TIPOORCAMENTO=\"Proposto\",ORÇAMENTO.CustoUnitario*(1+$AH92),ORÇAMENTO.PrecoUnitarioLicitado),15-13*$AF$10),0)","v":920.1},{"$f":"IF($C92=\"S\",IF(Import.TipoArredondamento<>\"TransfereGOV\",VTOTAL1,SUM(OFFSET(CÁLCULO!$AA$15,ROW($X92)-ROW($X$15),1):OFFSET(CÁLCULO!$AL$15,ROW($X92)-ROW($X$15),-1))),IF($C92=0,0,ROUND(SomaAgrup,15-13*$AF$11)))","v":17454.3},"RA","RA",{"$f":"IF($C92=\"S\",IF($Z92=\"CP\",$X92,IF($Z92=\"RA\",(($X92)*QCI!$AA$3),0)),SomaAgrup)","v":17454.3},0,{"$f":"IF($N92=\"\",\"\",IF(ORÇAMENTO.Descricao=\"\",\"DESCRIÇÃO\",IF(AND($C92=\"S\",ORÇAMENTO.Unidade=\"\"),\"UNIDADE\",IF($X92<0,\"VALOR NEGATIVO\",IF(OR(AND(TIPOORCAMENTO=\"Proposto\",$AG92<>\"\",$AG92>0,ORÇAMENTO.CustoUnitario>$AG92),AND(TIPOORCAMENTO=\"LICITADO\",ORÇAMENTO.PrecoUnitarioLicitado>$AN92)),\"ACIMA REF.\",\"\")))))","v":""},{"$f":"IF(C92<=CRONO.NivelExibicao,MAX($AD$15:OFFSET(AD92,-1,0))+IF($C92<>1,1,MAX(1,COUNTIF(QCI!$A$13:$A$24,OFFSET($E92,-1,0)))),\"\")","v":""},{"$f":"IF(AND($C92=\"S\",ORÇAMENTO.CodBarra<>\"\"),IF(ORÇAMENTO.Fonte=\"\",ORÇAMENTO.CodBarra,CONCATENATE(ORÇAMENTO.Fonte,\" \",ORÇAMENTO.CodBarra)))","v":"SINAPI 94991"},{"$f":"IF(ISERROR(INDIRECT(ORÇAMENTO.BancoRef)),\"(abra o arquivo 'Referência \"&Excel_BuiltIn_Database&\".xlsm)\",IF(OR($C92<>\"S\",ORÇAMENTO.CodBarra=\"\"),\"(Sem Código)\",IF(ISERROR(MATCH($AE92,INDIRECT(ORÇAMENTO.BancoRef),0)),\"(Código não identificado nas referências)\",MATCH($AE92,INDIRECT(ORÇAMENTO.BancoRef),0))))","v":6522},{"$f":"ROUND(IF(DESONERACAO=\"sim\",REFERENCIA.Desonerado,REFERENCIA.NaoDesonerado),2)","v":727.93},0.26400000000000001,null,null,null,null,17454.3,920.1]
["S",2,"S",0,{"$f":"IF($C93=1,OFFSET(E93,-1,0)+MAX(1,COUNTIF(QCI!$A$13:$A$24,OFFSET(ORÇAMENTO!E93,-1,0))),OFFSET(E93,-1,0))","v":1},11,0,0,6,0,{"$f":"IF(OR($C93=\"S\",$C93=0),0,MATCH(OFFSET($D93,0,$C93)+IF($C93<>1,1,COUNTIF(QCI!$A$13:$A$24,ORÇAMENTO!E93)),OFFSET($D93,1,$C93,ROW($C$296)-ROW($C93)),0))","v":0},"F","Serviço","Serviço","1.11.0.6.","SINAPI","87620",{"$f":"IF($C93=\"S\",REFERENCIA.Descricao,\"(digite a descrição aqui)\")","v":"CONTRAPISO EM ARGAMASSA TRAÇO 1:4 (CIMENTO E AREIA), PREPARO MECÂNICO COM BETONEIRA 400 L, APLICADO EM ÁREAS SECAS SOBRE LAJE, ADERIDO, ACABAMENTO NÃO REFORÇADO, ESPESSURA 2CM. AF_07/2021"},{"$f":"REFERENCIA.Unidade","v":"M2"},{"$f":"OFFSET(CÁLCULO!H$15,ROW($T93)-ROW(T$15),0)","v":307.70999999999998},32.299999999999997,"BDI 1",{"$f":"IF($C93=\"S\",ROUND(IF(TIPOORCAMENTO=\"Proposto\",ORÇAMENTO.CustoUnitario*(1+$AH93),ORÇAMENTO.PrecoUnitarioLicitado),15-13*$AF$10),0)","v":40.83},{"$f":"IF($C93=\"S\",IF(Import.TipoArredondamento<>\"TransfereGOV\",VTOTAL1,SUM(OFFSET(CÁLCULO!$AA$15,ROW($X93)-ROW($X$15),1):OFFSET(CÁLCULO!$AL$15,ROW($X93)-ROW($X$15),-1))),IF($C93=0,0,ROUND(SomaAgrup,15-13*$AF$11)))","v":12563.8},"RA","RA",{"$f":"IF($C93=\"S\",IF($Z93=\"CP\",$X93,IF($Z93=\"RA\",(($X93)*QCI!$AA$3),0)),SomaAgrup)","v":12563.8},0,{"$f":"IF($N93=\"\",\"\",IF(ORÇAMENTO.Descricao=\"\",\"DESCRIÇÃO\",IF(AND($C93=\"S\",ORÇAMENTO.Unidade=\"\"),\"UNIDADE\",IF($X93<0,\"VALOR NEGATIVO\",IF(OR(AND(TIPOORCAMENTO=\"Proposto\",$AG93<>\"\",$AG93>0,ORÇAMENTO.CustoUnitario>$AG93),AND(TIPOORCAMENTO=\"LICITADO\",ORÇAMENTO.PrecoUnitarioLicitado>$AN93)),\"ACIMA REF.\",\"\")))))","v":""},{"$f":"IF(C93<=CRONO.NivelExibicao,MAX($AD$15:OFFSET(AD93,-1,0))+IF($C93<>1,1,MAX(1,COUNTIF(QCI!$A$13:$A$24,OFFSET($E93,-1,0)))),\"\")","v":""},{"$f":"IF(AND($C93=\"S\",ORÇAMENTO.CodBarra<>\"\"),IF(ORÇAMENTO.Fonte=\"\",ORÇAMENTO.CodBarra,CONCATENATE(ORÇAMENTO.Fonte,\" \",ORÇAMENTO.CodBarra)))","v":"SINAPI 87620"},{"$f":"IF(ISERROR(INDIRECT(ORÇAMENTO.BancoRef)),\"(abra o arquivo 'Referência \"&Excel_BuiltIn_Database&\".xlsm)\",IF(OR($C93<>\"S\",ORÇAMENTO.CodBarra=\"\"),\"(Sem Código)\",IF(ISERROR(MATCH($AE93,INDIRECT(ORÇAMENTO.BancoRef),0)),\"(Código não identificado nas referências)\",MATCH($AE93,INDIRECT(ORÇAMENTO.BancoRef),0))))","v":6530},{"$f":"ROUND(IF(DESONERACAO=\"sim\",REFERENCIA.Desonerado,REFERENCIA.NaoDesonerado),2)","v":32.299999999999997},0.26400000000000001,null,null,null,null,12563.8,40.83]
[{"$f":"CHOOSE(1+LOG(1+2*(ORÇAMENTO.Nivel=\"Meta\")+4*(ORÇAMENTO.Nivel=\"Nível 2\")+8*(ORÇAMENTO.Nivel=\"Nível 3\")+16*(ORÇAMENTO.Nivel=\"Nível 4\")+32*(ORÇAMENTO.Nivel=\"Serviço\"),2),0,1,2,3,4,\"S\")","v":"S"},{"$f":"IF(OR(C94=\"s\",C94=0),OFFSET(B94,-1,0),C94)","v":2},{"$f":"IF(OFFSET(C94,-1,0)=\"L\",1,IF(OFFSET(C94,-1,0)=1,2,IF(OR(A94=\"s\",A94=0),\"S\",IF(AND(OFFSET(C94,-1,0)=2,A94=4),3,IF(AND(OR(OFFSET(C94,-1,0)=\"s\",OFFSET(C94,-1,0)=0),A94<>\"s\",A94>OFFSET(B94,-1,0)),OFFSET(B94,-1,0),A94)))))","v":"S"},{"$f":"IF(OR(C94=\"S\",C94=0),0,IF(ISERROR(K94),J94,SMALL(J94:K94,1)))","v":0},{"$f":"IF($C94=1,OFFSET(E94,-1,0)+MAX(1,COUNTIF(QCI!$A$13:$A$24,OFFSET(ORÇAMENTO!E94,-1,0))),OFFSET(E94,-1,0))","v":1},{"$f":"IF($C94=1,0,IF($C94=2,OFFSET(F94,-1,0)+1,OFFSET(F94,-1,0)))","v":11},{"$f":"IF(AND($C94<=2,$C94<>0),0,IF($C94=3,OFFSET(G94,-1,0)+1,OFFSET(G94,-1,0)))","v":0},{"$f":"IF(AND($C94<=3,$C94<>0),0,IF($C94=4,OFFSET(H94,-1,0)+1,OFFSET(H94,-1,0)))","v":0},{"$f":"IF(AND($C94<=4,$C94<>0),0,IF(AND($C94=\"S\",$X94>0),OFFSET(I94,-1,0)+1,OFFSET(I94,-1,0)))","v":7},0,{"$f":"IF(OR($C94=\"S\",$C94=0),0,MATCH(OFFSET($D94,0,$C94)+IF($C94<>1,1,COUNTIF(QCI!$A$13:$A$24,ORÇAMENTO!E94)),OFFSET($D94,1,$C94,ROW($C$296)-ROW($C94)),0))","v":0},{"$f":"IF(OR($X94>0,$C94=1,$C94=2,$C94=3,$C94=4),\"F\",\"\")","v":"F"},"Serviço",{"$f":"CHOOSE(1+LOG(1+2*(C94=1)+4*(C94=2)+8*(C94=3)+16*(C94=4)+32*(C94=\"S\"),2),\"\",\"Meta\",\"Nível 2\",\"Nível 3\",\"Nível 4\",\"Serviço\")","v":"Serviço"},{"$f":"IF(OR($C94=0,$L94=\"\"),\"-\",CONCATENATE(E94&\".\",IF(AND($A$5>=2,$C94>=2),F94&\".\",\"\"),IF(AND($A$5>=3,$C94>=3),G94&\".\",\"\"),IF(AND($A$5>=4,$C94>=4),H94&\".\",\"\"),IF($C94=\"S\",I94&\".\",\"\")))","v":"1.11.0.7."},"SINAPI","87261",{"$f":"IF($C94=\"S\",REFERENCIA.Descricao,\"(digite a descrição aqui)\")","v":"REVESTIMENTO CERÂMICO PARA PISO COM PLACAS TIPO PORCELANATO DE DIMENSÕES 60X60 CM APLICADA EM AMBIENTES DE ÁREA MENOR QUE 5 M². AF_02/2023_PE"},{"$f":"REFERENCIA.Unidade","v":"M2"},{"$f":"OFFSET(CÁLCULO!H$15,ROW($T94)-ROW(T$15),0)","v":10.11},149.66,"BDI 1",{"$f":"IF($C94=\"S\",ROUND(IF(TIPOORCAMENTO=\"Proposto\",ORÇAMENTO.CustoUnitario*(1+$AH94),ORÇAMENTO.PrecoUnitarioLicitado),15-13*$AF$10),0)","v":189.17},{"$f":"IF($C94=\"S\",IF(Import.TipoArredondamento<>\"TransfereGOV\",VTOTAL1,SUM(OFFSET(CÁLCULO!$AA$15,ROW($X94)-ROW($X$15),1):OFFSET(CÁLCULO!$AL$15,ROW($X94)-ROW($X$15),-1))),IF($C94=0,0,ROUND(SomaAgrup,15-13*$AF$11)))","v":1912.51},"RA",{"$f":"IF(AND($C94=\"S\",$X94>0),IF(ISBLANK($Y94),\"RA\",LEFT($Y94,2)),\"\")","v":"RA"},{"$f":"IF($C94=\"S\",IF($Z94=\"CP\",$X94,IF($Z94=\"RA\",(($X94)*QCI!$AA$3),0)),SomaAgrup)","v":1912.51},{"$f":"IF($C94=\"S\",IF($Z94=\"OU\",ROUND($X94,2),0),SomaAgrup)","v":0},{"$f":"IF($N94=\"\",\"\",IF(ORÇAMENTO.Descricao=\"\",\"DESCRIÇÃO\",IF(AND($C94=\"S\",ORÇAMENTO.Unidade=\"\"),\"UNIDADE\",IF($X94<0,\"VALOR NEGATIVO\",IF(OR(AND(TIPOORCAMENTO=\"Proposto\",$AG94<>\"\",$AG94>0,ORÇAMENTO.CustoUnitario>$AG94),AND(TIPOORCAMENTO=\"LICITADO\",ORÇAMENTO.PrecoUnitarioLicitado>$AN94)),\"ACIMA REF.\",\"\")))))","v":""},{"$f":"IF(C94<=CRONO.NivelExibicao,MAX($AD$15:OFFSET(AD94,-1,0))+IF($C94<>1,1,MAX(1,COUNTIF(QCI!$A$13:$A$24,OFFSET($E94,-1,0)))),\"\")","v":""},{"$f":"IF(AND($C94=\"S\",ORÇAMENTO.CodBarra<>\"\"),IF(ORÇAMENTO.Fonte=\"\",ORÇAMENTO.CodBarra,CONCATENATE(ORÇAMENTO.Fonte,\" \",ORÇAMENTO.CodBarra)))","v":"SINAPI 87261"},{"$f":"IF(ISERROR(INDIRECT(ORÇAMENTO.BancoRef)),\"(abra o arquivo 'Referência \"&Excel_BuiltIn_Database&\".xlsm)\",IF(OR($C94<>\"S\",ORÇAMENTO.CodBarra=\"\"),\"(Sem Código)\",IF(ISERROR(MATCH($AE94,INDIRECT(ORÇAMENTO.BancoRef),0)),\"(Código não identificado nas referências)\",MATCH($AE94,INDIRECT(ORÇAMENTO.BancoRef),0))))","v":6469},{"$f":"ROUND(IF(DESONERACAO=\"sim\",REFERENCIA.Desonerado,REFERENCIA.NaoDesonerado),2)","v":149.66},{"$f":"ROUND(IF(ISNUMBER(ORÇAMENTO.OpcaoBDI),ORÇAMENTO.OpcaoBDI,IF(LEFT(ORÇAMENTO.OpcaoBDI,3)=\"BDI\",HLOOKUP(ORÇAMENTO.OpcaoBDI,$F$4:$H$5,2,FALSE),0)),15-11*$AF$9)","v":0.26400000000000001},null,null,null,null,1912.51,{"$f":"ROUND(ORÇAMENTO.CustoUnitario*(1+$AH94),2)","v":189.17}]
["S",2,"S",0,{"$f":"IF($C95=1,OFFSET(E95,-1,0)+MAX(1,COUNTIF(QCI!$A$13:$A$24,OFFSET(ORÇAMENTO!E95,-1,0))),OFFSET(E95,-1,0))","v":1},11,0,0,8,0,{"$f":"IF(OR($C95=\"S\",$C95=0),0,MATCH(OFFSET($D95,0,$C95)+IF($C95<>1,1,COUNTIF(QCI!$A$13:$A$24,ORÇAMENTO!E95)),OFFSET($D95,1,$C95,ROW($C$296)-ROW($C95)),0))","v":0},"F","Serviço","Serviço","1.11.0.8.","SINAPI","87262",{"$f":"IF($C95=\"S\",REFERENCIA.Descricao,\"(digite a descrição aqui)\")","v":"REVESTIMENTO CERÂMICO PARA PISO COM PLACAS TIPO PORCELANATO DE DIMENSÕES 60X60 CM APLICADA EM AMBIENTES DE ÁREA ENTRE 5 M² E 10 M². AF_02/2023_PE"},{"$f":"REFERENCIA.Unidade","v":"M2"},{"$f":"OFFSET(CÁLCULO!H$15,ROW($T95)-ROW(T$15),0)","v":64.930000000000007},137.29,"BDI 1",{"$f":"IF($C95=\"S\",ROUND(IF(TIPOORCAMENTO=\"Proposto\",ORÇAMENTO.CustoUnitario*(1+$AH95),ORÇAMENTO.PrecoUnitarioLicitado),15-13*$AF$10),0)","v":173.53},{"$f":"IF($C95=\"S\",IF(Import.TipoArredondamento<>\"TransfereGOV\",VTOTAL1,SUM(OFFSET(CÁLCULO!$AA$15,ROW($X95)-ROW($X$15),1):OFFSET(CÁLCULO!$AL$15,ROW($X95)-ROW($X$15),-1))),IF($C95=0,0,ROUND(SomaAgrup,15-13*$AF$11)))","v":11267.3},"RA","RA",{"$f":"IF($C95=\"S\",IF($Z95=\"CP\",$X95,IF($Z95=\"RA\",(($X95)*QCI!$AA$3),0)),SomaAgrup)","v":11267.3},0,{"$f":"IF($N95=\"\",\"\",IF(ORÇAMENTO.Descricao=\"\",\"DESCRIÇÃO\",IF(AND($C95=\"S\",ORÇAMENTO.Unidade=\"\"),\"UNIDADE\",IF($X95<0,\"VALOR NEGATIVO\",IF(OR(AND(TIPOORCAMENTO=\"Proposto\",$AG95<>\"\",$AG95>0,ORÇAMENTO.CustoUnitario>$AG95),AND(TIPOORCAMENTO=\"LICITADO\",ORÇAMENTO.PrecoUnitarioLicitado>$AN95)),\"ACIMA REF.\",\"\")))))","v":""},{"$f":"IF(C95<=CRONO.NivelExibicao,MAX($AD$15:OFFSET(AD95,-1,0))+IF($C95<>1,1,MAX(1,COUNTIF(QCI!$A$13:$A$24,OFFSET($E95,-1,0)))),\"\")","v":""},{"$f":"IF(AND($C95=\"S\",ORÇAMENTO.CodBarra<>\"\"),IF(ORÇAMENTO.Fonte=\"\",ORÇAMENTO.CodBarra,CONCATENATE(ORÇAMENTO.Fonte,\" \",ORÇAMENTO.CodBarra)))","v":"SINAPI 87262"},{"$f":"IF(ISERROR(INDIRECT(ORÇAMENTO.BancoRef)),\"(abra o arquivo 'Referência \"&Excel_BuiltIn_Database&\".xlsm)\",IF(OR($C95<>\"S\",ORÇAMENTO.CodBarra=\"\"),\"(Sem Código)\",IF(ISERROR(MATCH($AE95,INDIRECT(ORÇAMENTO.BancoRef),0)),\"(Código não identificado nas referências)\",MATCH($AE95,INDIRECT(ORÇAMENTO.BancoRef),0))))","v":6470},{"$f":"ROUND(IF(DESONERACAO=\"sim\",REFERENCIA.Desonerado,REFERENCIA.NaoDesonerado),2)","v":137.29},0.26400000000000001,null,null,null,null,11267.3,173.53]
[{"$f":"CHOOSE(1+LOG(1+2*(ORÇAMENTO.Nivel=\"Meta\")+4*(ORÇAMENTO.Nivel=\"Nível 2\")+8*(ORÇAMENTO.Nivel=\"Nível 3\")+16*(ORÇAMENTO.Nivel=\"Nível 4\")+32*(ORÇAMENTO.Nivel=\"Serviço\"),2),0,1,2,3,4,\"S\")","v":"S"},{"$f":"IF(OR(C96=\"s\",C96=0),OFFSET(B96,-1,0),C96)","v":2},{"$f":"IF(OFFSET(C96,-1,0)=\"L\",1,IF(OFFSET(C96,-1,0)=1,2,IF(OR(A96=\"s\",A96=0),\"S\",IF(AND(OFFSET(C96,-1,0)=2,A96=4),3,IF(AND(OR(OFFSET(C96,-1,0)=\"s\",OFFSET(C96,-1,0)=0),A96<>\"s\",A96>OFFSET(B96,-1,0)),OFFSET(B96,-1,0),A96)))))","v":"S"},{"$f":"IF(OR(C96=\"S\",C96=0),0,IF(ISERROR(K96),J96,SMALL(J96:K96,1)))","v":0},{"$f":"IF($C96=1,OFFSET(E96,-1,0)+MAX(1,COUNTIF(QCI!$A$13:$A$24,OFFSET(ORÇAMENTO!E96,-1,0))),OFFSET(E96,-1,0))","v":1},{"$f":"IF($C96=1,0,IF($C96=2,OFFSET(F96,-1,0)+1,OFFSET(F96,-1,0)))","v":11},{"$f":"IF(AND($C96<=2,$C96<>0),0,IF($C96=3,OFFSET(G96,-1,0)+1,OFFSET(G96,-1,0)))","v":0},{"$f":"IF(AND($C96<=3,$C96<>0),0,IF($C96=4,OFFSET(H96,-1,0)+1,OFFSET(H96,-1,0)))","v":0},{"$f":"IF(AND($C96<=4,$C96<>0),0,IF(AND($C96=\"S\",$X96>0),OFFSET(I96,-1,0)+1,OFFSET(I96,-1,0)))","v":9},0,{"$f":"IF(OR($C96=\"S\",$C96=0),0,MATCH(OFFSET($D96,0,$C96)+IF($C96<>1,1,COUNTIF(QCI!$A$13:$A$24,ORÇAMENTO!E96)),OFFSET($D96,1,$C96,ROW($C$296)-ROW($C96)),0))","v":0},{"$f":"IF(OR($X96>0,$C96=1,$C96=2,$C96=3,$C96=4),\"F\",\"\")","v":"F"},"Serviço",{"$f":"CHOOSE(1+LOG(1+2*(C96=1)+4*(C96=2)+8*(C96=3)+16*(C96=4)+32*(C96=\"S\"),2),\"\",\"Meta\",\"Nível 2\",\"Nível 3\",\"Nível 4\",\"Serviço\")","v":"Serviço"},{"$f":"IF(OR($C96=0,$L96=\"\"),\"-\",CONCATENATE(E96&\".\",IF(AND($A$5>=2,$C96>=2),F96&\".\",\"\"),IF(AND($A$5>=3,$C96>=3),G96&\".\",\"\"),IF(AND($A$5>=4,$C96>=4),H96&\".\",\"\"),IF($C96=\"S\",I96&\".\",\"\")))","v":"1.11.0.9."},"SINAPI","87263",{"$f":"IF($C96=\"S\",REFERENCIA.Descricao,\"(digite a descrição aqui)\")","v":"REVESTIMENTO CERÂMICO PARA PISO COM PLACAS TIPO PORCELANATO DE DIMENSÕES 60X60 CM APLICADA EM AMBIENTES DE ÁREA MAIOR QUE 10 M². AF_02/2023_PE"},{"$f":"REFERENCIA.Unidade","v":"M2"},{"$f":"OFFSET(CÁLCULO!H$15,ROW($T96)-ROW(T$15),0)","v":225.99},128.04,"BDI 1",{"$f":"IF($C96=\"S\",ROUND(IF(TIPOORCAMENTO=\"Proposto\",ORÇAMENTO.CustoUnitario*(1+$AH96),ORÇAMENTO.PrecoUnitarioLicitado),15-13*$AF$10),0)","v":161.84},{"$f":"IF($C96=\"S\",IF(Import.TipoArredondamento<>\"TransfereGOV\",VTOTAL1,SUM(OFFSET(CÁLCULO!$AA$15,ROW($X96)-ROW($X$15),1):OFFSET(CÁLCULO!$AL$15,ROW($X96)-ROW($X$15),-1))),IF($C96=0,0,ROUND(SomaAgrup,15-13*$AF$11)))","v":36574.22},"RA",{"$f":"IF(AND($C96=\"S\",$X96>0),IF(ISBLANK($Y96),\"RA\",LEFT($Y96,2)),\"\")","v":"RA"},{"$f":"IF($C96=\"S\",IF($Z96=\"CP\",$X96,IF($Z96=\"RA\",(($X96)*QCI!$AA$3),0)),SomaAgrup)","v":36574.22},{"$f":"IF($C96=\"S\",IF($Z96=\"OU\",ROUND($X96,2),0),SomaAgrup)","v":0},{"$f":"IF($N96=\"\",\"\",IF(ORÇAMENTO.Descricao=\"\",\"DESCRIÇÃO\",IF(AND($C96=\"S\",ORÇAMENTO.Unidade=\"\"),\"UNIDADE\",IF($X96<0,\"VALOR NEGATIVO\",IF(OR(AND(TIPOORCAMENTO=\"Proposto\",$AG96<>\"\",$AG96>0,ORÇAMENTO.CustoUnitario>$AG96),AND(TIPOORCAMENTO=\"LICITADO\",ORÇAMENTO.PrecoUnitarioLicitado>$AN96)),\"ACIMA REF.\",\"\")))))","v":""},{"$f":"IF(C96<=CRONO.NivelExibicao,MAX($AD$15:OFFSET(AD96,-1,0))+IF($C96<>1,1,MAX(1,COUNTIF(QCI!$A$13:$A$24,OFFSET($E96,-1,0)))),\"\")","v":""},{"$f":"IF(AND($C96=\"S\",ORÇAMENTO.CodBarra<>\"\"),IF(ORÇAMENTO.Fonte=\"\",ORÇAMENTO.CodBarra,CONCATENATE(ORÇAMENTO.Fonte,\" \",ORÇAMENTO.CodBarra)))","v":"SINAPI 87263"},{"$f":"IF(ISERROR(INDIRECT(ORÇAMENTO.BancoRef)),\"(abra o arquivo 'Referência \"&Excel_BuiltIn_Database&\".xlsm)\",IF(OR($C96<>\"S\",ORÇAMENTO.CodBarra=\"\"),\"(Sem Código)\",IF(ISERROR(MATCH($AE96,INDIRECT(ORÇAMENTO.BancoRef),0)),\"(Código não identificado nas referências)\",MATCH($AE96,INDIRECT(ORÇAMENTO.BancoRef),0))))","v":6471},{"$f":"ROUND(IF(DESONERACAO=\"sim\",REFERENCIA.Desonerado,REFERENCIA.NaoDesonerado),2)","v":128.04},{"$f":"ROUND(IF(ISNUMBER(ORÇAMENTO.OpcaoBDI),ORÇAMENTO.OpcaoBDI,IF(LEFT(ORÇAMENTO.OpcaoBDI,3)=\"BDI\",HLOOKUP(ORÇAMENTO.OpcaoBDI,$F$4:$H$5,2,FALSE),0)),15-11*$AF$9)","v":0.26400000000000001},null,null,null,null,36574.22,{"$f":"ROUND(ORÇAMENTO.CustoUnitario*(1+$AH96),2)","v":161.84}]
["S",2,"S",0,{"$f":"IF($C97=1,OFFSET(E97,-1,0)+MAX(1,COUNTIF(QCI!$A$13:$A$24,OFFSET(ORÇAMENTO!E97,-1,0))),OFFSET(E97,-1,0))","v":1},11,0,0,10,0,{"$f":"IF(OR($C97=\"S\",$C97=0),0,MATCH(OFFSET($D97,0,$C97)+IF($C97<>1,1,COUNTIF(QCI!$A$13:$A$24,ORÇAMENTO!E97)),OFFSET($D97,1,$C97,ROW($C$296)-ROW($C97)),0))","v":0},"F","Serviço","Serviço","1.11.0.10.","SINAPI","87263","REVESTIMENTO CERÂMICO PARA PISO COM PLACAS TIPO PORCELANATO ANTIDERRAPANTE DIMENSÕES 60X60CM (ÁREA ENTRADA E FUNDOS)",{"$f":"REFERENCIA.Unidade","v":"M2"},{"$f":"OFFSET(CÁLCULO!H$15,ROW($T97)-ROW(T$15),0)","v":6.7},128.04,"BDI 1",{"$f":"IF($C97=\"S\",ROUND(IF(TIPOORCAMENTO=\"Proposto\",ORÇAMENTO.CustoUnitario*(1+$AH97),ORÇAMENTO.PrecoUnitarioLicitado),15-13*$AF$10),0)","v":161.84},{"$f":"IF($C97=\"S\",IF(Import.TipoArredondamento<>\"TransfereGOV\",VTOTAL1,SUM(OFFSET(CÁLCULO!$AA$15,ROW($X97)-ROW($X$15),1):OFFSET(CÁLCULO!$AL$15,ROW($X97)-ROW($X$15),-1))),IF($C97=0,0,ROUND(SomaAgrup,15-13*$AF$11)))","v":1084.33},"RA","RA",{"$f":"IF($C97=\"S\",IF($Z97=\"CP\",$X97,IF($Z97=\"RA\",(($X97)*QCI!$AA$3),0)),SomaAgrup)","v":1084.33},0,{"$f":"IF($N97=\"\",\"\",IF(ORÇAMENTO.Descricao=\"\",\"DESCRIÇÃO\",IF(AND($C97=\"S\",ORÇAMENTO.Unidade=\"\"),\"UNIDADE\",IF($X97<0,\"VALOR NEGATIVO\",IF(OR(AND(TIPOORCAMENTO=\"Proposto\",$AG97<>\"\",$AG97>0,ORÇAMENTO.CustoUnitario>$AG97),AND(TIPOORCAMENTO=\"LICITADO\",ORÇAMENTO.PrecoUnitarioLicitado>$AN97)),\"ACIMA REF.\",\"\")))))","v":""},{"$f":"IF(C97<=CRONO.NivelExibicao,MAX($AD$15:OFFSET(AD97,-1,0))+IF($C97<>1,1,MAX(1,COUNTIF(QCI!$A$13:$A$24,OFFSET($E97,-1,0)))),\"\")","v":""},{"$f":"IF(AND($C97=\"S\",ORÇAMENTO.CodBarra<>\"\"),IF(ORÇAMENTO.Fonte=\"\",ORÇAMENTO.CodBarra,CONCATENATE(ORÇAMENTO.Fonte,\" \",ORÇAMENTO.CodBarra)))","v":"SINAPI 87263"},{"$f":"IF(ISERROR(INDIRECT(ORÇAMENTO.BancoRef)),\"(abra o arquivo 'Referência \"&Excel_BuiltIn_Database&\".xlsm)\",IF(OR($C97<>\"S\",ORÇAMENTO.CodBarra=\"\"),\"(Sem Código)\",IF(ISERROR(MATCH($AE97,INDIRECT(ORÇAMENTO.BancoRef),0)),\"(Código não identificado nas referências)\",MATCH($AE97,INDIRECT(ORÇAMENTO.BancoRef),0))))","v":6471},{"$f":"ROUND(IF(DESONERACAO=\"sim\",REFERENCIA.Desonerado,REFERENCIA.NaoDesonerado),2)","v":128.04},0.26400000000000001,null,null,null,null,1084.33,161.84]
["S",2,"S",0,{"$f":"IF($C98=1,OFFSET(E98,-1,0)+MAX(1,COUNTIF(QCI!$A$13:$A$24,OFFSET(ORÇAMENTO!E98,-1,0))),OFFSET(E98,-1,0))","v":1},11,0,0,11,0,{"$f":"IF(OR($C98=\"S\",$C98=0),0,MATCH(OFFSET($D98,0,$C98)+IF($C98<>1,1,COUNTIF(QCI!$A$13:$A$24,ORÇAMENTO!E98)),OFFSET($D98,1,$C98,ROW($C$296)-ROW($C98)),0))","v":0},"F","Serviço","Serviço","1.11.0.11.","Composição","19",{"$f":"IF($C98=\"S\",REFERENCIA.Descricao,\"(digite a descrição aqui)\")","v":"PISO TATIL DE ALERTA OU DIRECIONAL, DE BORRACHA, COLORIDO, 25 X 25 CM, E = 5 MM, PARA COLA                                                                                                                                                                                                                                                                                                                                                                                      "},{"$f":"REFERENCIA.Unidade","v":"M"},{"$f":"OFFSET(CÁLCULO!H$15,ROW($T98)-ROW(T$15),0)","v":27.52},97.73,"BDI 1",{"$f":"IF($C98=\"S\",ROUND(IF(TIPOORCAMENTO=\"Proposto\",ORÇAMENTO.CustoUnitario*(1+$AH98),ORÇAMENTO.PrecoUnitarioLicitado),15-13*$AF$10),0)","v":123.53},{"$f":"IF($C98=\"S\",IF(Import.TipoArredondamento<>\"TransfereGOV\",VTOTAL1,SUM(OFFSET(CÁLCULO!$AA$15,ROW($X98)-ROW($X$15),1):OFFSET(CÁLCULO!$AL$15,ROW($X98)-ROW($X$15),-1))),IF($C98=0,0,ROUND(SomaAgrup,15-13*$AF$11)))","v":3399.55},"RA","RA",{"$f":"IF($C98=\"S\",IF($Z98=\"CP\",$X98,IF($Z98=\"RA\",(($X98)*QCI!$AA$3),0)),SomaAgrup)","v":3399.55},0,{"$f":"IF($N98=\"\",\"\",IF(ORÇAMENTO.Descricao=\"\",\"DESCRIÇÃO\",IF(AND($C98=\"S\",ORÇAMENTO.Unidade=\"\"),\"UNIDADE\",IF($X98<0,\"VALOR NEGATIVO\",IF(OR(AND(TIPOORCAMENTO=\"Proposto\",$AG98<>\"\",$AG98>0,ORÇAMENTO.CustoUnitario>$AG98),AND(TIPOORCAMENTO=\"LICITADO\",ORÇAMENTO.PrecoUnitarioLicitado>$AN98)),\"ACIMA REF.\",\"\")))))","v":""},{"$f":"IF(C98<=CRONO.NivelExibicao,MAX($AD$15:OFFSET(AD98,-1,0))+IF($C98<>1,1,MAX(1,COUNTIF(QCI!$A$13:$A$24,OFFSET($E98,-1,0)))),\"\")","v":""},{"$f":"IF(AND($C98=\"S\",ORÇAMENTO.CodBarra<>\"\"),IF(ORÇAMENTO.Fonte=\"\",ORÇAMENTO.CodBarra,CONCATENATE(ORÇAMENTO.Fonte,\" \",ORÇAMENTO.CodBarra)))","v":"Composição 19"},{"$f":"IF(ISERROR(INDIRECT(ORÇAMENTO.BancoRef)),\"(abra o arquivo 'Referência \"&Excel_BuiltIn_Database&\".xlsm)\",IF(OR($C98<>\"S\",ORÇAMENTO.CodBarra=\"\"),\"(Sem Código)\",IF(ISERROR(MATCH($AE98,INDIRECT(ORÇAMENTO.BancoRef),0)),\"(Código não identificado nas referências)\",MATCH($AE98,INDIRECT(ORÇAMENTO.BancoRef),0))))","v":21},{"$f":"ROUND(IF(DESONERACAO=\"sim\",REFERENCIA.Desonerado,REFERENCIA.NaoDesonerado),2)","v":97.73},0.26400000000000001,null,null,null,null,3399.55,123.53]
["S",2,"S",0,{"$f":"IF($C99=1,OFFSET(E99,-1,0)+MAX(1,COUNTIF(QCI!$A$13:$A$24,OFFSET(ORÇAMENTO!E99,-1,0))),OFFSET(E99,-1,0))","v":1},11,0,0,12,0,{"$f":"IF(OR($C99=\"S\",$C99=0),0,MATCH(OFFSET($D99,0,$C99)+IF($C99<>1,1,COUNTIF(QCI!$A$13:$A$24,ORÇAMENTO!E99)),OFFSET($D99,1,$C99,ROW($C$296)-ROW($C99)),0))","v":0},"F","Serviço","Serviço","1.11.0.12.","SINAPI","98695","SOLEIRA EM GRANITO PRETO SÃO GABRIEL, LARGURA 15 CM, ESPESSURA 2,0 CM. AF_09/2020",{"$f":"REFERENCIA.Unidade","v":"M"},{"$f":"OFFSET(CÁLCULO!H$15,ROW($T99)-ROW(T$15),0)","v":16.25},102.26,"BDI 1",{"$f":"IF($C99=\"S\",ROUND(IF(TIPOORCAMENTO=\"Proposto\",ORÇAMENTO.CustoUnitario*(1+$AH99),ORÇAMENTO.PrecoUnitarioLicitado),15-13*$AF$10),0)","v":129.26},{"$f":"IF($C99=\"S\",IF(Import.TipoArredondamento<>\"TransfereGOV\",VTOTAL1,SUM(OFFSET(CÁLCULO!$AA$15,ROW($X99)-ROW($X$15),1):OFFSET(CÁLCULO!$AL$15,ROW($X99)-ROW($X$15),-1))),IF($C99=0,0,ROUND(SomaAgrup,15-13*$AF$11)))","v":2100.48},"RA","RA",{"$f":"IF($C99=\"S\",IF($Z99=\"CP\",$X99,IF($Z99=\"RA\",(($X99)*QCI!$AA$3),0)),SomaAgrup)","v":2100.48},0,{"$f":"IF($N99=\"\",\"\",IF(ORÇAMENTO.Descricao=\"\",\"DESCRIÇÃO\",IF(AND($C99=\"S\",ORÇAMENTO.Unidade=\"\"),\"UNIDADE\",IF($X99<0,\"VALOR NEGATIVO\",IF(OR(AND(TIPOORCAMENTO=\"Proposto\",$AG99<>\"\",$AG99>0,ORÇAMENTO.CustoUnitario>$AG99),AND(TIPOORCAMENTO=\"LICITADO\",ORÇAMENTO.PrecoUnitarioLicitado>$AN99)),\"ACIMA REF.\",\"\")))))","v":""},{"$f":"IF(C99<=CRONO.NivelExibicao,MAX($AD$15:OFFSET(AD99,-1,0))+IF($C99<>1,1,MAX(1,COUNTIF(QCI!$A$13:$A$24,OFFSET($E99,-1,0)))),\"\")","v":""},{"$f":"IF(AND($C99=\"S\",ORÇAMENTO.CodBarra<>\"\"),IF(ORÇAMENTO.Fonte=\"\",ORÇAMENTO.CodBarra,CONCATENATE(ORÇAMENTO.Fonte,\" \",ORÇAMENTO.CodBarra)))","v":"SINAPI 98695"},{"$f":"IF(ISERROR(INDIRECT(ORÇAMENTO.BancoRef)),\"(abra o arquivo 'Referência \"&Excel_BuiltIn_Database&\".xlsm)\",IF(OR($C99<>\"S\",ORÇAMENTO.CodBarra=\"\"),\"(Sem Código)\",IF(ISERROR(MATCH($AE99,INDIRECT(ORÇAMENTO.BancoRef),0)),\"(Código não identificado nas referências)\",MATCH($AE99,INDIRECT(ORÇAMENTO.BancoRef),0))))","v":6512},{"$f":"ROUND(IF(DESONERACAO=\"sim\",REFERENCIA.Desonerado,REFERENCIA.NaoDesonerado),2)","v":102.26},0.26400000000000001,null,null,null,null,2100.48,129.26]
[{"$f":"CHOOSE(1+LOG(1+2*(ORÇAMENTO.Nivel=\"Meta\")+4*(ORÇAMENTO.Nivel=\"Nível 2\")+8*(ORÇAMENTO.Nivel=\"Nível 3\")+16*(ORÇAMENTO.Nivel=\"Nível 4\")+32*(ORÇAMENTO.Nivel=\"Serviço\"),2),0,1,2,3,4,\"S\")","v":"S"},{"$f":"IF(OR(C100=\"s\",C100=0),OFFSET(B100,-1,0),C100)","v":2},{"$f":"IF(OFFSET(C100,-1,0)=\"L\",1,IF(OFFSET(C100,-1,0)=1,2,IF(OR(A100=\"s\",A100=0),\"S\",IF(AND(OFFSET(C100,-1,0)=2,A100=4),3,IF(AND(OR(OFFSET(C100,-1,0)=\"s\",OFFSET(C100,-1,0)=0),A100<>\"s\",A100>OFFSET(B100,-1,0)),OFFSET(B100,-1,0),A100)))))","v":"S"},{"$f":"IF(OR(C100=\"S\",C100=0),0,IF(ISERROR(K100),J100,SMALL(J100:K100,1)))","v":0},{"$f":"IF($C100=1,OFFSET(E100,-1,0)+MAX(1,COUNTIF(QCI!$A$13:$A$24,OFFSET(ORÇAMENTO!E100,-1,0))),OFFSET(E100,-1,0))","v":1},{"$f":"IF($C100=1,0,IF($C100=2,OFFSET(F100,-1,0)+1,OFFSET(F100,-1,0)))","v":11},{"$f":"IF(AND($C100<=2,$C100<>0),0,IF($C100=3,OFFSET(G100,-1,0)+1,OFFSET(G100,-1,0)))","v":0},{"$f":"IF(AND($C100<=3,$C100<>0),0,IF($C100=4,OFFSET(H100,-1,0)+1,OFFSET(H100,-1,0)))","v":0},{"$f":"IF(AND($C100<=4,$C100<>0),0,IF(AND($C100=\"S\",$X100>0),OFFSET(I100,-1,0)+1,OFFSET(I100,-1,0)))","v":13},0,{"$f":"IF(OR($C100=\"S\",$C100=0),0,MATCH(OFFSET($D100,0,$C100)+IF($C100<>1,1,COUNTIF(QCI!$A$13:$A$24,ORÇAMENTO!E100)),OFFSET($D100,1,$C100,ROW($C$296)-ROW($C100)),0))","v":0},{"$f":"IF(OR($X100>0,$C100=1,$C100=2,$C100=3,$C100=4),\"F\",\"\")","v":"F"},"Serviço",{"$f":"CHOOSE(1+LOG(1+2*(C100=1)+4*(C100=2)+8*(C100=3)+16*(C100=4)+32*(C100=\"S\"),2),\"\",\"Meta\",\"Nível 2\",\"Nível 3\",\"Nível 4\",\"Serviço\")","v":"Serviço"},{"$f":"IF(OR($C100=0,$L100=\"\"),\"-\",CONCATENATE(E100&\".\",IF(AND($A$5>=2,$C100>=2),F100&\".\",\"\"),IF(AND($A$5>=3,$C100>=3),G100&\".\",\"\"),IF(AND($A$5>=4,$C100>=4),H100&\".\",\"\"),IF($C100=\"S\",I100&\".\",\"\")))","v":"1.11.0.13."},"Composição","56",{"$f":"IF($C100=\"S\",REFERENCIA.Descricao,\"(digite a descrição aqui)\")","v":"RODAPÉ H:10CM REALIZADO COM PORCELANATO 60X60CM, RETIFICADO"},{"$f":"REFERENCIA.Unidade","v":"M"},{"$f":"OFFSET(CÁLCULO!H$15,ROW($T100)-ROW(T$15),0)","v":200.54},17.010000000000002,"BDI 1",{"$f":"IF($C100=\"S\",ROUND(IF(TIPOORCAMENTO=\"Proposto\",ORÇAMENTO.CustoUnitario*(1+$AH100),ORÇAMENTO.PrecoUnitarioLicitado),15-13*$AF$10),0)","v":21.5},{"$f":"IF($C100=\"S\",IF(Import.TipoArredondamento<>\"TransfereGOV\",VTOTAL1,SUM(OFFSET(CÁLCULO!$AA$15,ROW($X100)-ROW($X$15),1):OFFSET(CÁLCULO!$AL$15,ROW($X100)-ROW($X$15),-1))),IF($C100=0,0,ROUND(SomaAgrup,15-13*$AF$11)))","v":4311.6099999999997},"RA",{"$f":"IF(AND($C100=\"S\",$X100>0),IF(ISBLANK($Y100),\"RA\",LEFT($Y100,2)),\"\")","v":"RA"},{"$f":"IF($C100=\"S\",IF($Z100=\"CP\",$X100,IF($Z100=\"RA\",(($X100)*QCI!$AA$3),0)),SomaAgrup)","v":4311.6099999999997},{"$f":"IF($C100=\"S\",IF($Z100=\"OU\",ROUND($X100,2),0),SomaAgrup)","v":0},{"$f":"IF($N100=\"\",\"\",IF(ORÇAMENTO.Descricao=\"\",\"DESCRIÇÃO\",IF(AND($C100=\"S\",ORÇAMENTO.Unidade=\"\"),\"UNIDADE\",IF($X100<0,\"VALOR NEGATIVO\",IF(OR(AND(TIPOORCAMENTO=\"Proposto\",$AG100<>\"\",$AG100>0,ORÇAMENTO.CustoUnitario>$AG100),AND(TIPOORCAMENTO=\"LICITADO\",ORÇAMENTO.PrecoUnitarioLicitado>$AN100)),\"ACIMA REF.\",\"\")))))","v":""},{"$f":"IF(C100<=CRONO.NivelExibicao,MAX($AD$15:OFFSET(AD100,-1,0))+IF($C100<>1,1,MAX(1,COUNTIF(QCI!$A$13:$A$24,OFFSET($E100,-1,0)))),\"\")","v":""},{"$f":"IF(AND($C100=\"S\",ORÇAMENTO.CodBarra<>\"\"),IF(ORÇAMENTO.Fonte=\"\",ORÇAMENTO.CodBarra,CONCATENATE(ORÇAMENTO.Fonte,\" \",ORÇAMENTO.CodBarra)))","v":"Composição 56"},{"$f":"IF(ISERROR(INDIRECT(ORÇAMENTO.BancoRef)),\"(abra o arquivo 'Referência \"&Excel_BuiltIn_Database&\".xlsm)\",IF(OR($C100<>\"S\",ORÇAMENTO.CodBarra=\"\"),\"(Sem Código)\",IF(ISERROR(MATCH($AE100,INDIRECT(ORÇAMENTO.BancoRef),0)),\"(Código não identificado nas referências)\",MATCH($AE100,INDIRECT(ORÇAMENTO.BancoRef),0))))","v":58},{"$f":"ROUND(IF(DESONERACAO=\"sim\",REFERENCIA.Desonerado,REFERENCIA.NaoDesonerado),2)","v":17.010000000000002},{"$f":"ROUND(IF(ISNUMBER(ORÇAMENTO.OpcaoBDI),ORÇAMENTO.OpcaoBDI,IF(LEFT(ORÇAMENTO.OpcaoBDI,3)=\"BDI\",HLOOKUP(ORÇAMENTO.OpcaoBDI,$F$4:$H$5,2,FALSE),0)),15-11*$AF$9)","v":0.26400000000000001},null,null,null,null,4311.6099999999997,{"$f":"ROUND(ORÇAMENTO.CustoUnitario*(1+$AH100),2)","v":21.5}]
[2,2,2,25,{"$f":"IF($C101=1,OFFSET(E101,-1,0)+MAX(1,COUNTIF(QCI!$A$13:$A$24,OFFSET(ORÇAMENTO!E101,-1,0))),OFFSET(E101,-1,0))","v":1},12,0,0,0,195,{"$f":"IF(OR($C101=\"S\",$C101=0),0,MATCH(OFFSET($D101,0,$C101)+IF($C101<>1,1,COUNTIF(QCI!$A$13:$A$24,ORÇAMENTO!E101)),OFFSET($D101,1,$C101,ROW($C$296)-ROW($C101)),0))","v":25},"F","Nível 2","Nível 2","1.12.","SINAPI",null,"INSTALAÇÕES HIDROSSANITÁRIAS (ESGOTO CLOACAL)",{"$f":"REFERENCIA.Unidade","v":"-"},{"$f":"OFFSET(CÁLCULO!H$15,ROW($T101)-ROW(T$15),0)","v":0},null,"BDI 1",{"$f":"IF($C101=\"S\",ROUND(IF(TIPOORCAMENTO=\"Proposto\",ORÇAMENTO.CustoUnitario*(1+$AH101),ORÇAMENTO.PrecoUnitarioLicitado),15-13*$AF$10),0)","v":0},{"$f":"IF($C101=\"S\",IF(Import.TipoArredondamento<>\"TransfereGOV\",VTOTAL1,SUM(OFFSET(CÁLCULO!$AA$15,ROW($X101)-ROW($X$15),1):OFFSET(CÁLCULO!$AL$15,ROW($X101)-ROW($X$15),-1))),IF($C101=0,0,ROUND(SomaAgrup,15-13*$AF$11)))","v":19694.38},"RA","",{"$f":"IF($C101=\"S\",IF($Z101=\"CP\",$X101,IF($Z101=\"RA\",(($X101)*QCI!$AA$3),0)),SomaAgrup)","v":19694.38},0,{"$f":"IF($N101=\"\",\"\",IF(ORÇAMENTO.Descricao=\"\",\"DESCRIÇÃO\",IF(AND($C101=\"S\",ORÇAMENTO.Unidade=\"\"),\"UNIDADE\",IF($X101<0,\"VALOR NEGATIVO\",IF(OR(AND(TIPOORCAMENTO=\"Proposto\",$AG101<>\"\",$AG101>0,ORÇAMENTO.CustoUnitario>$AG101),AND(TIPOORCAMENTO=\"LICITADO\",ORÇAMENTO.PrecoUnitarioLicitado>$AN101)),\"ACIMA REF.\",\"\")))))","v":""},{"$f":"IF(C101<=CRONO.NivelExibicao,MAX($AD$15:OFFSET(AD101,-1,0))+IF($C101<>1,1,MAX(1,COUNTIF(QCI!$A$13:$A$24,OFFSET($E101,-1,0)))),\"\")","v":15},{"$f":"IF(AND($C101=\"S\",ORÇAMENTO.CodBarra<>\"\"),IF(ORÇAMENTO.Fonte=\"\",ORÇAMENTO.CodBarra,CONCATENATE(ORÇAMENTO.Fonte,\" \",ORÇAMENTO.CodBarra)))","v":false},{"$f":"IF(ISERROR(INDIRECT(ORÇAMENTO.BancoRef)),\"(abra o arquivo 'Referência \"&Excel_BuiltIn_Database&\".xlsm)\",IF(OR($C101<>\"S\",ORÇAMENTO.CodBarra=\"\"),\"(Sem Código)\",IF(ISERROR(MATCH($AE101,INDIRECT(ORÇAMENTO.BancoRef),0)),\"(Código não identificado nas referências)\",MATCH($AE101,INDIRECT(ORÇAMENTO.BancoRef),0))))","v":"(Sem Código)"},{"$f":"ROUND(IF(DESONERACAO=\"sim\",REFERENCIA.Desonerado,REFERENCIA.NaoDesonerado),2)","v":0},0.26400000000000001,null,null,null,null,19694.38,0]
["S",2,"S",0,{"$f":"IF($C102=1,OFFSET(E102,-1,0)+MAX(1,COUNTIF(QCI!$A$13:$A$24,OFFSET(ORÇAMENTO!E102,-1,0))),OFFSET(E102,-1,0))","v":1},12,0,0,1,0,{"$f":"IF(OR($C102=\"S\",$C102=0),0,MATCH(OFFSET($D102,0,$C102)+IF($C102<>1,1,COUNTIF(QCI!$A$13:$A$24,ORÇAMENTO!E102)),OFFSET($D102,1,$C102,ROW($C$296)-ROW($C102)),0))","v":0},"F","Serviço","Serviço","1.12.0.1.","SINAPI","89714",{"$f":"IF($C102=\"S\",REFERENCIA.Descricao,\"(digite a descrição aqui)\")","v":"TUBO PVC, SERIE NORMAL, ESGOTO PREDIAL, DN 100 MM, FORNECIDO E INSTALADO EM RAMAL DE DESCARGA OU RAMAL DE ESGOTO SANITÁRIO. AF_08/2022"},{"$f":"REFERENCIA.Unidade","v":"M"},{"$f":"OFFSET(CÁLCULO!H$15,ROW($T102)-ROW(T$15),0)","v":61.46},36.630000000000003,"BDI 1",{"$f":"IF($C102=\"S\",ROUND(IF(TIPOORCAMENTO=\"Proposto\",ORÇAMENTO.CustoUnitario*(1+$AH102),ORÇAMENTO.PrecoUnitarioLicitado),15-13*$AF$10),0)","v":46.3},{"$f":"IF($C102=\"S\",IF(Import.TipoArredondamento<>\"TransfereGOV\",VTOTAL1,SUM(OFFSET(CÁLCULO!$AA$15,ROW($X102)-ROW($X$15),1):OFFSET(CÁLCULO!$AL$15,ROW($X102)-ROW($X$15),-1))),IF($C102=0,0,ROUND(SomaAgrup,15-13*$AF$11)))","v":2845.6},"RA","RA",{"$f":"IF($C102=\"S\",IF($Z102=\"CP\",$X102,IF($Z102=\"RA\",(($X102)*QCI!$AA$3),0)),SomaAgrup)","v":2845.6},0,{"$f":"IF($N102=\"\",\"\",IF(ORÇAMENTO.Descricao=\"\",\"DESCRIÇÃO\",IF(AND($C102=\"S\",ORÇAMENTO.Unidade=\"\"),\"UNIDADE\",IF($X102<0,\"VALOR NEGATIVO\",IF(OR(AND(TIPOORCAMENTO=\"Proposto\",$AG102<>\"\",$AG102>0,ORÇAMENTO.CustoUnitario>$AG102),AND(TIPOORCAMENTO=\"LICITADO\",ORÇAMENTO.PrecoUnitarioLicitado>$AN102)),\"ACIMA REF.\",\"\")))))","v":""},{"$f":"IF(C102<=CRONO.NivelExibicao,MAX($AD$15:OFFSET(AD102,-1,0))+IF($C102<>1,1,MAX(1,COUNTIF(QCI!$A$13:$A$24,OFFSET($E102,-1,0)))),\"\")","v":""},{"$f":"IF(AND($C102=\"S\",ORÇAMENTO.CodBarra<>\"\"),IF(ORÇAMENTO.Fonte=\"\",ORÇAMENTO.CodBarra,CONCATENATE(ORÇAMENTO.Fonte,\" \",ORÇAMENTO.CodBarra)))","v":"SINAPI 89714"},{"$f":"IF(ISERROR(INDIRECT(ORÇAMENTO.BancoRef)),\"(abra o arquivo 'Referência \"&Excel_BuiltIn_Database&\".xlsm)\",IF(OR($C102<>\"S\",ORÇAMENTO.CodBarra=\"\"),\"(Sem Código)\",IF(ISERROR(MATCH($AE102,INDIRECT(ORÇAMENTO.BancoRef),0)),\"(Código não identificado nas referências)\",MATCH($AE102,INDIRECT(ORÇAMENTO.BancoRef),0))))","v":3662},{"$f":"ROUND(IF(DESONERACAO=\"sim\",REFERENCIA.Desonerado,REFERENCIA.NaoDesonerado),2)","v":36.630000000000003},0.26400000000000001,null,null,null,null,2845.6,46.3]
[{"$f":"CHOOSE(1+LOG(1+2*(ORÇAMENTO.Nivel=\"Meta\")+4*(ORÇAMENTO.Nivel=\"Nível 2\")+8*(ORÇAMENTO.Nivel=\"Nível 3\")+16*(ORÇAMENTO.Nivel=\"Nível 4\")+32*(ORÇAMENTO.Nivel=\"Serviço\"),2),0,1,2,3,4,\"S\")","v":"S"},{"$f":"IF(OR(C103=\"s\",C103=0),OFFSET(B103,-1,0),C103)","v":2},{"$f":"IF(OFFSET(C103,-1,0)=\"L\",1,IF(OFFSET(C103,-1,0)=1,2,IF(OR(A103=\"s\",A103=0),\"S\",IF(AND(OFFSET(C103,-1,0)=2,A103=4),3,IF(AND(OR(OFFSET(C103,-1,0)=\"s\",OFFSET(C103,-1,0)=0),A103<>\"s\",A103>OFFSET(B103,-1,0)),OFFSET(B103,-1,0),A103)))))","v":"S"},{"$f":"IF(OR(C103=\"S\",C103=0),0,IF(ISERROR(K103),J103,SMALL(J103:K103,1)))","v":0},{"$f":"IF($C103=1,OFFSET(E103,-1,0)+MAX(1,COUNTIF(QCI!$A$13:$A$24,OFFSET(ORÇAMENTO!E103,-1,0))),OFFSET(E103,-1,0))","v":1},{"$f":"IF($C103=1,0,IF($C103=2,OFFSET(F103,-1,0)+1,OFFSET(F103,-1,0)))","v":12},{"$f":"IF(AND($C103<=2,$C103<>0),0,IF($C103=3,OFFSET(G103,-1,0)+1,OFFSET(G103,-1,0)))","v":0},{"$f":"IF(AND($C103<=3,$C103<>0),0,IF($C103=4,OFFSET(H103,-1,0)+1,OFFSET(H103,-1,0)))","v":0},{"$f":"IF(AND($C103<=4,$C103<>0),0,IF(AND($C103=\"S\",$X103>0),OFFSET(I103,-1,0)+1,OFFSET(I103,-1,0)))","v":2},0,{"$f":"IF(OR($C103=\"S\",$C103=0),0,MATCH(OFFSET($D103,0,$C103)+IF($C103<>1,1,COUNTIF(QCI!$A$13:$A$24,ORÇAMENTO!E103)),OFFSET($D103,1,$C103,ROW($C$296)-ROW($C103)),0))","v":0},{"$f":"IF(OR($X103>0,$C103=1,$C103=2,$C103=3,$C103=4),\"F\",\"\")","v":"F"},"Serviço",{"$f":"CHOOSE(1+LOG(1+2*(C103=1)+4*(C103=2)+8*(C103=3)+16*(C103=4)+32*(C103=\"S\"),2),\"\",\"Meta\",\"Nível 2\",\"Nível 3\",\"Nível 4\",\"Serviço\")","v":"Serviço"},{"$f":"IF(OR($C103=0,$L103=\"\"),\"-\",CONCATENATE(E103&\".\",IF(AND($A$5>=2,$C103>=2),F103&\".\",\"\"),IF(AND($A$5>=3,$C103>=3),G103&\".\",\"\"),IF(AND($A$5>=4,$C103>=4),H103&\".\",\"\"),IF($C103=\"S\",I103&\".\",\"\")))","v":"1.12.0.2."},"SINAPI","93358",{"$f":"IF($C103=\"S\",REFERENCIA.Descricao,\"(digite a descrição aqui)\")","v":"ESCAVAÇÃO MANUAL DE VALA. AF_09/2024"},{"$f":"REFERENCIA.Unidade","v":"M3"},{"$f":"OFFSET(CÁLCULO!H$15,ROW($T103)-ROW(T$15),0)","v":4.4400000000000004},81.72,"BDI 1",{"$f":"IF($C103=\"S\",ROUND(IF(TIPOORCAMENTO=\"Proposto\",ORÇAMENTO.CustoUnitario*(1+$AH103),ORÇAMENTO.PrecoUnitarioLicitado),15-13*$AF$10),0)","v":103.29},{"$f":"IF($C103=\"S\",IF(Import.TipoArredondamento<>\"TransfereGOV\",VTOTAL1,SUM(OFFSET(CÁLCULO!$AA$15,ROW($X103)-ROW($X$15),1):OFFSET(CÁLCULO!$AL$15,ROW($X103)-ROW($X$15),-1))),IF($C103=0,0,ROUND(SomaAgrup,15-13*$AF$11)))","v":458.61},"RA",{"$f":"IF(AND($C103=\"S\",$X103>0),IF(ISBLANK($Y103),\"RA\",LEFT($Y103,2)),\"\")","v":"RA"},{"$f":"IF($C103=\"S\",IF($Z103=\"CP\",$X103,IF($Z103=\"RA\",(($X103)*QCI!$AA$3),0)),SomaAgrup)","v":458.61},{"$f":"IF($C103=\"S\",IF($Z103=\"OU\",ROUND($X103,2),0),SomaAgrup)","v":0},{"$f":"IF($N103=\"\",\"\",IF(ORÇAMENTO.Descricao=\"\",\"DESCRIÇÃO\",IF(AND($C103=\"S\",ORÇAMENTO.Unidade=\"\"),\"UNIDADE\",IF($X103<0,\"VALOR NEGATIVO\",IF(OR(AND(TIPOORCAMENTO=\"Proposto\",$AG103<>\"\",$AG103>0,ORÇAMENTO.CustoUnitario>$AG103),AND(TIPOORCAMENTO=\"LICITADO\",ORÇAMENTO.PrecoUnitarioLicitado>$AN103)),\"ACIMA REF.\",\"\")))))","v":""},{"$f":"IF(C103<=CRONO.NivelExibicao,MAX($AD$15:OFFSET(AD103,-1,0))+IF($C103<>1,1,MAX(1,COUNTIF(QCI!$A$13:$A$24,OFFSET($E103,-1,0)))),\"\")","v":""},{"$f":"IF(AND($C103=\"S\",ORÇAMENTO.CodBarra<>\"\"),IF(ORÇAMENTO.Fonte=\"\",ORÇAMENTO.CodBarra,CONCATENATE(ORÇAMENTO.Fonte,\" \",ORÇAMENTO.CodBarra)))","v":"SINAPI 93358"},{"$f":"IF(ISERROR(INDIRECT(ORÇAMENTO.BancoRef)),\"(abra o arquivo 'Referência \"&Excel_BuiltIn_Database&\".xlsm)\",IF(OR($C103<>\"S\",ORÇAMENTO.CodBarra=\"\"),\"(Sem Código)\",IF(ISERROR(MATCH($AE103,INDIRECT(ORÇAMENTO.BancoRef),0)),\"(Código não identificado nas referências)\",MATCH($AE103,INDIRECT(ORÇAMENTO.BancoRef),0))))","v":5865},{"$f":"ROUND(IF(DESONERACAO=\"sim\",REFERENCIA.Desonerado,REFERENCIA.NaoDesonerado),2)","v":81.72},{"$f":"ROUND(IF(ISNUMBER(ORÇAMENTO.OpcaoBDI),ORÇAMENTO.OpcaoBDI,IF(LEFT(ORÇAMENTO.OpcaoBDI,3)=\"BDI\",HLOOKUP(ORÇAMENTO.OpcaoBDI,$F$4:$H$5,2,FALSE),0)),15-11*$AF$9)","v":0.26400000000000001},null,null,null,null,{"$f":"$X103","v":458.61},{"$f":"ROUND(ORÇAMENTO.CustoUnitario*(1+$AH103),2)","v":103.29}]
[{"$f":"CHOOSE(1+LOG(1+2*(ORÇAMENTO.Nivel=\"Meta\")+4*(ORÇAMENTO.Nivel=\"Nível 2\")+8*(ORÇAMENTO.Nivel=\"Nível 3\")+16*(ORÇAMENTO.Nivel=\"Nível 4\")+32*(ORÇAMENTO.Nivel=\"Serviço\"),2),0,1,2,3,4,\"S\")","v":"S"},{"$f":"IF(OR(C104=\"s\",C104=0),OFFSET(B104,-1,0),C104)","v":2},{"$f":"IF(OFFSET(C104,-1,0)=\"L\",1,IF(OFFSET(C104,-1,0)=1,2,IF(OR(A104=\"s\",A104=0),\"S\",IF(AND(OFFSET(C104,-1,0)=2,A104=4),3,IF(AND(OR(OFFSET(C104,-1,0)=\"s\",OFFSET(C104,-1,0)=0),A104<>\"s\",A104>OFFSET(B104,-1,0)),OFFSET(B104,-1,0),A104)))))","v":"S"},{"$f":"IF(OR(C104=\"S\",C104=0),0,IF(ISERROR(K104),J104,SMALL(J104:K104,1)))","v":0},{"$f":"IF($C104=1,OFFSET(E104,-1,0)+MAX(1,COUNTIF(QCI!$A$13:$A$24,OFFSET(ORÇAMENTO!E104,-1,0))),OFFSET(E104,-1,0))","v":1},{"$f":"IF($C104=1,0,IF($C104=2,OFFSET(F104,-1,0)+1,OFFSET(F104,-1,0)))","v":12},{"$f":"IF(AND($C104<=2,$C104<>0),0,IF($C104=3,OFFSET(G104,-1,0)+1,OFFSET(G104,-1,0)))","v":0},{"$f":"IF(AND($C104<=3,$C104<>0),0,IF($C104=4,OFFSET(H104,-1,0)+1,OFFSET(H104,-1,0)))","v":0},{"$f":"IF(AND($C104<=4,$C104<>0),0,IF(AND($C104=\"S\",$X104>0),OFFSET(I104,-1,0)+1,OFFSET(I104,-1,0)))","v":3},0,{"$f":"IF(OR($C104=\"S\",$C104=0),0,MATCH(OFFSET($D104,0,$C104)+IF($C104<>1,1,COUNTIF(QCI!$A$13:$A$24,ORÇAMENTO!E104)),OFFSET($D104,1,$C104,ROW($C$296)-ROW($C104)),0))","v":0},{"$f":"IF(OR($X104>0,$C104=1,$C104=2,$C104=3,$C104=4),\"F\",\"\")","v":"F"},"Serviço",{"$f":"CHOOSE(1+LOG(1+2*(C104=1)+4*(C104=2)+8*(C104=3)+16*(C104=4)+32*(C104=\"S\"),2),\"\",\"Meta\",\"Nível 2\",\"Nível 3\",\"Nível 4\",\"Serviço\")","v":"Serviço"},{"$f":"IF(OR($C104=0,$L104=\"\"),\"-\",CONCATENATE(E104&\".\",IF(AND($A$5>=2,$C104>=2),F104&\".\",\"\"),IF(AND($A$5>=3,$C104>=3),G104&\".\",\"\"),IF(AND($A$5>=4,$C104>=4),H104&\".\",\"\"),IF($C104=\"S\",I104&\".\",\"\")))","v":"1.12.0.3."},"SINAPI","104737",{"$f":"IF($C104=\"S\",REFERENCIA.Descricao,\"(digite a descrição aqui)\")","v":"REATERRO MANUAL DE VALAS, COM PLACA VIBRATÓRIA. AF_08/2023"},{"$f":"REFERENCIA.Unidade","v":"M3"},{"$f":"OFFSET(CÁLCULO!H$15,ROW($T104)-ROW(T$15),0)","v":4},20.9,"BDI 1",{"$f":"IF($C104=\"S\",ROUND(IF(TIPOORCAMENTO=\"Proposto\",ORÇAMENTO.CustoUnitario*(1+$AH104),ORÇAMENTO.PrecoUnitarioLicitado),15-13*$AF$10),0)","v":26.42},{"$f":"IF($C104=\"S\",IF(Import.TipoArredondamento<>\"TransfereGOV\",VTOTAL1,SUM(OFFSET(CÁLCULO!$AA$15,ROW($X104)-ROW($X$15),1):OFFSET(CÁLCULO!$AL$15,ROW($X104)-ROW($X$15),-1))),IF($C104=0,0,ROUND(SomaAgrup,15-13*$AF$11)))","v":105.68},"RA",{"$f":"IF(AND($C104=\"S\",$X104>0),IF(ISBLANK($Y104),\"RA\",LEFT($Y104,2)),\"\")","v":"RA"},{"$f":"IF($C104=\"S\",IF($Z104=\"CP\",$X104,IF($Z104=\"RA\",(($X104)*QCI!$AA$3),0)),SomaAgrup)","v":105.68},{"$f":"IF($C104=\"S\",IF($Z104=\"OU\",ROUND($X104,2),0),SomaAgrup)","v":0},{"$f":"IF($N104=\"\",\"\",IF(ORÇAMENTO.Descricao=\"\",\"DESCRIÇÃO\",IF(AND($C104=\"S\",ORÇAMENTO.Unidade=\"\"),\"UNIDADE\",IF($X104<0,\"VALOR NEGATIVO\",IF(OR(AND(TIPOORCAMENTO=\"Proposto\",$AG104<>\"\",$AG104>0,ORÇAMENTO.CustoUnitario>$AG104),AND(TIPOORCAMENTO=\"LICITADO\",ORÇAMENTO.PrecoUnitarioLicitado>$AN104)),\"ACIMA REF.\",\"\")))))","v":""},{"$f":"IF(C104<=CRONO.NivelExibicao,MAX($AD$15:OFFSET(AD104,-1,0))+IF($C104<>1,1,MAX(1,COUNTIF(QCI!$A$13:$A$24,OFFSET($E104,-1,0)))),\"\")","v":""},{"$f":"IF(AND($C104=\"S\",ORÇAMENTO.CodBarra<>\"\"),IF(ORÇAMENTO.Fonte=\"\",ORÇAMENTO.CodBarra,CONCATENATE(ORÇAMENTO.Fonte,\" \",ORÇAMENTO.CodBarra)))","v":"SINAPI 104737"},{"$f":"IF(ISERROR(INDIRECT(ORÇAMENTO.BancoRef)),\"(abra o arquivo 'Referência \"&Excel_BuiltIn_Database&\".xlsm)\",IF(OR($C104<>\"S\",ORÇAMENTO.CodBarra=\"\"),\"(Sem Código)\",IF(ISERROR(MATCH($AE104,INDIRECT(ORÇAMENTO.BancoRef),0)),\"(Código não identificado nas referências)\",MATCH($AE104,INDIRECT(ORÇAMENTO.BancoRef),0))))","v":5963},{"$f":"ROUND(IF(DESONERACAO=\"sim\",REFERENCIA.Desonerado,REFERENCIA.NaoDesonerado),2)","v":20.9},{"$f":"ROUND(IF(ISNUMBER(ORÇAMENTO.OpcaoBDI),ORÇAMENTO.OpcaoBDI,IF(LEFT(ORÇAMENTO.OpcaoBDI,3)=\"BDI\",HLOOKUP(ORÇAMENTO.OpcaoBDI,$F$4:$H$5,2,FALSE),0)),15-11*$AF$9)","v":0.26400000000000001},null,null,null,null,105.68,{"$f":"ROUND(ORÇAMENTO.CustoUnitario*(1+$AH104),2)","v":26.42}]
["S",2,"S",0,{"$f":"IF($C105=1,OFFSET(E105,-1,0)+MAX(1,COUNTIF(QCI!$A$13:$A$24,OFFSET(ORÇAMENTO!E105,-1,0))),OFFSET(E105,-1,0))","v":1},12,0,0,4,0,{"$f":"IF(OR($C105=\"S\",$C105=0),0,MATCH(OFFSET($D105,0,$C105)+IF($C105<>1,1,COUNTIF(QCI!$A$13:$A$24,ORÇAMENTO!E105)),OFFSET($D105,1,$C105,ROW($C$296)-ROW($C105)),0))","v":0},"F","Serviço","Serviço","1.12.0.4.","SINAPI","89744",{"$f":"IF($C105=\"S\",REFERENCIA.Descricao,\"(digite a descrição aqui)\")","v":"JOELHO 90 GRAUS, PVC, SERIE NORMAL, ESGOTO PREDIAL, DN 100 MM, JUNTA ELÁSTICA, FORNECIDO E INSTALADO EM RAMAL DE DESCARGA OU RAMAL DE ESGOTO SANITÁRIO. AF_08/2022"},{"$f":"REFERENCIA.Unidade","v":"UN"},{"$f":"OFFSET(CÁLCULO!H$15,ROW($T105)-ROW(T$15),0)","v":8},26.9,"BDI 1",{"$f":"IF($C105=\"S\",ROUND(IF(TIPOORCAMENTO=\"Proposto\",ORÇAMENTO.CustoUnitario*(1+$AH105),ORÇAMENTO.PrecoUnitarioLicitado),15-13*$AF$10),0)","v":34},{"$f":"IF($C105=\"S\",IF(Import.TipoArredondamento<>\"TransfereGOV\",VTOTAL1,SUM(OFFSET(CÁLCULO!$AA$15,ROW($X105)-ROW($X$15),1):OFFSET(CÁLCULO!$AL$15,ROW($X105)-ROW($X$15),-1))),IF($C105=0,0,ROUND(SomaAgrup,15-13*$AF$11)))","v":272},"RA","RA",{"$f":"IF($C105=\"S\",IF($Z105=\"CP\",$X105,IF($Z105=\"RA\",(($X105)*QCI!$AA$3),0)),SomaAgrup)","v":272},0,{"$f":"IF($N105=\"\",\"\",IF(ORÇAMENTO.Descricao=\"\",\"DESCRIÇÃO\",IF(AND($C105=\"S\",ORÇAMENTO.Unidade=\"\"),\"UNIDADE\",IF($X105<0,\"VALOR NEGATIVO\",IF(OR(AND(TIPOORCAMENTO=\"Proposto\",$AG105<>\"\",$AG105>0,ORÇAMENTO.CustoUnitario>$AG105),AND(TIPOORCAMENTO=\"LICITADO\",ORÇAMENTO.PrecoUnitarioLicitado>$AN105)),\"ACIMA REF.\",\"\")))))","v":""},{"$f":"IF(C105<=CRONO.NivelExibicao,MAX($AD$15:OFFSET(AD105,-1,0))+IF($C105<>1,1,MAX(1,COUNTIF(QCI!$A$13:$A$24,OFFSET($E105,-1,0)))),\"\")","v":""},{"$f":"IF(AND($C105=\"S\",ORÇAMENTO.CodBarra<>\"\"),IF(ORÇAMENTO.Fonte=\"\",ORÇAMENTO.CodBarra,CONCATENATE(ORÇAMENTO.Fonte,\" \",ORÇAMENTO.CodBarra)))","v":"SINAPI 89744"},{"$f":"IF(ISERROR(INDIRECT(ORÇAMENTO.BancoRef)),\"(abra o arquivo 'Referência \"&Excel_BuiltIn_Database&\".xlsm)\",IF(OR($C105<>\"S\",ORÇAMENTO.CodBarra=\"\"),\"(Sem Código)\",IF(ISERROR(MATCH($AE105,INDIRECT(ORÇAMENTO.BancoRef),0)),\"(Código não identificado nas referências)\",MATCH($AE105,INDIRECT(ORÇAMENTO.BancoRef),0))))","v":4174},{"$f":"ROUND(IF(DESONERACAO=\"sim\",REFERENCIA.Desonerado,REFERENCIA.NaoDesonerado),2)","v":26.9},0.26400000000000001,null,null,null,null,272,34]
["S",2,"S",0,{"$f":"IF($C106=1,OFFSET(E106,-1,0)+MAX(1,COUNTIF(QCI!$A$13:$A$24,OFFSET(ORÇAMENTO!E106,-1,0))),OFFSET(E106,-1,0))","v":1},12,0,0,5,0,{"$f":"IF(OR($C106=\"S\",$C106=0),0,MATCH(OFFSET($D106,0,$C106)+IF($C106<>1,1,COUNTIF(QCI!$A$13:$A$24,ORÇAMENTO!E106)),OFFSET($D106,1,$C106,ROW($C$296)-ROW($C106)),0))","v":0},"F","Serviço","Serviço","1.12.0.5.","SINAPI","89746",{"$f":"IF($C106=\"S\",REFERENCIA.Descricao,\"(digite a descrição aqui)\")","v":"JOELHO 45 GRAUS, PVC, SERIE NORMAL, ESGOTO PREDIAL, DN 100 MM, JUNTA ELÁSTICA, FORNECIDO E INSTALADO EM RAMAL DE DESCARGA OU RAMAL DE ESGOTO SANITÁRIO. AF_08/2022"},{"$f":"REFERENCIA.Unidade","v":"UN"},{"$f":"OFFSET(CÁLCULO!H$15,ROW($T106)-ROW(T$15),0)","v":2},27.73,"BDI 1",{"$f":"IF($C106=\"S\",ROUND(IF(TIPOORCAMENTO=\"Proposto\",ORÇAMENTO.CustoUnitario*(1+$AH106),ORÇAMENTO.PrecoUnitarioLicitado),15-13*$AF$10),0)","v":35.049999999999997},{"$f":"IF($C106=\"S\",IF(Import.TipoArredondamento<>\"TransfereGOV\",VTOTAL1,SUM(OFFSET(CÁLCULO!$AA$15,ROW($X106)-ROW($X$15),1):OFFSET(CÁLCULO!$AL$15,ROW($X106)-ROW($X$15),-1))),IF($C106=0,0,ROUND(SomaAgrup,15-13*$AF$11)))","v":70.099999999999994},"RA","RA",{"$f":"IF($C106=\"S\",IF($Z106=\"CP\",$X106,IF($Z106=\"RA\",(($X106)*QCI!$AA$3),0)),SomaAgrup)","v":70.099999999999994},0,{"$f":"IF($N106=\"\",\"\",IF(ORÇAMENTO.Descricao=\"\",\"DESCRIÇÃO\",IF(AND($C106=\"S\",ORÇAMENTO.Unidade=\"\"),\"UNIDADE\",IF($X106<0,\"VALOR NEGATIVO\",IF(OR(AND(TIPOORCAMENTO=\"Proposto\",$AG106<>\"\",$AG106>0,ORÇAMENTO.CustoUnitario>$AG106),AND(TIPOORCAMENTO=\"LICITADO\",ORÇAMENTO.PrecoUnitarioLicitado>$AN106)),\"ACIMA REF.\",\"\")))))","v":""},{"$f":"IF(C106<=CRONO.NivelExibicao,MAX($AD$15:OFFSET(AD106,-1,0))+IF($C106<>1,1,MAX(1,COUNTIF(QCI!$A$13:$A$24,OFFSET($E106,-1,0)))),\"\")","v":""},{"$f":"IF(AND($C106=\"S\",ORÇAMENTO.CodBarra<>\"\"),IF(ORÇAMENTO.Fonte=\"\",ORÇAMENTO.CodBarra,CONCATENATE(ORÇAMENTO.Fonte,\" \",ORÇAMENTO.CodBarra)))","v":"SINAPI 89746"},{"$f":"IF(ISERROR(INDIRECT(ORÇAMENTO.BancoRef)),\"(abra o arquivo 'Referência \"&Excel_BuiltIn_Database&\".xlsm)\",IF(OR($C106<>\"S\",ORÇAMENTO.CodBarra=\"\"),\"(Sem Código)\",IF(ISERROR(MATCH($AE106,INDIRECT(ORÇAMENTO.BancoRef),0)),\"(Código não identificado nas referências)\",MATCH($AE106,INDIRECT(ORÇAMENTO.BancoRef),0))))","v":4175},{"$f":"ROUND(IF(DESONERACAO=\"sim\",REFERENCIA.Desonerado,REFERENCIA.NaoDesonerado),2)","v":27.73},0.26400000000000001,null,null,null,null,70.099999999999994,35.049999999999997]
["S",2,"S",0,{"$f":"IF($C107=1,OFFSET(E107,-1,0)+MAX(1,COUNTIF(QCI!$A$13:$A$24,OFFSET(ORÇAMENTO!E107,-1,0))),OFFSET(E107,-1,0))","v":1},12,0,0,6,0,{"$f":"IF(OR($C107=\"S\",$C107=0),0,MATCH(OFFSET($D107,0,$C107)+IF($C107<>1,1,COUNTIF(QCI!$A$13:$A$24,ORÇAMENTO!E107)),OFFSET($D107,1,$C107,ROW($C$296)-ROW($C107)),0))","v":0},"F","Serviço","Serviço","1.12.0.6.","SINAPI","89797",{"$f":"IF($C107=\"S\",REFERENCIA.Descricao,\"(digite a descrição aqui)\")","v":"JUNÇÃO SIMPLES, PVC, SERIE NORMAL, ESGOTO PREDIAL, DN 100 X 100 MM, JUNTA ELÁSTICA, FORNECIDO E INSTALADO EM RAMAL DE DESCARGA OU RAMAL DE ESGOTO SANITÁRIO. AF_08/2022"},{"$f":"REFERENCIA.Unidade","v":"UN"},{"$f":"OFFSET(CÁLCULO!H$15,ROW($T107)-ROW(T$15),0)","v":2},50.39,"BDI 1",{"$f":"IF($C107=\"S\",ROUND(IF(TIPOORCAMENTO=\"Proposto\",ORÇAMENTO.CustoUnitario*(1+$AH107),ORÇAMENTO.PrecoUnitarioLicitado),15-13*$AF$10),0)","v":63.69},{"$f":"IF($C107=\"S\",IF(Import.TipoArredondamento<>\"TransfereGOV\",VTOTAL1,SUM(OFFSET(CÁLCULO!$AA$15,ROW($X107)-ROW($X$15),1):OFFSET(CÁLCULO!$AL$15,ROW($X107)-ROW($X$15),-1))),IF($C107=0,0,ROUND(SomaAgrup,15-13*$AF$11)))","v":127.38},"RA","RA",{"$f":"IF($C107=\"S\",IF($Z107=\"CP\",$X107,IF($Z107=\"RA\",(($X107)*QCI!$AA$3),0)),SomaAgrup)","v":127.38},0,{"$f":"IF($N107=\"\",\"\",IF(ORÇAMENTO.Descricao=\"\",\"DESCRIÇÃO\",IF(AND($C107=\"S\",ORÇAMENTO.Unidade=\"\"),\"UNIDADE\",IF($X107<0,\"VALOR NEGATIVO\",IF(OR(AND(TIPOORCAMENTO=\"Proposto\",$AG107<>\"\",$AG107>0,ORÇAMENTO.CustoUnitario>$AG107),AND(TIPOORCAMENTO=\"LICITADO\",ORÇAMENTO.PrecoUnitarioLicitado>$AN107)),\"ACIMA REF.\",\"\")))))","v":""},{"$f":"IF(C107<=CRONO.NivelExibicao,MAX($AD$15:OFFSET(AD107,-1,0))+IF($C107<>1,1,MAX(1,COUNTIF(QCI!$A$13:$A$24,OFFSET($E107,-1,0)))),\"\")","v":""},{"$f":"IF(AND($C107=\"S\",ORÇAMENTO.CodBarra<>\"\"),IF(ORÇAMENTO.Fonte=\"\",ORÇAMENTO.CodBarra,CONCATENATE(ORÇAMENTO.Fonte,\" \",ORÇAMENTO.CodBarra)))","v":"SINAPI 89797"},{"$f":"IF(ISERROR(INDIRECT(ORÇAMENTO.BancoRef)),\"(abra o arquivo 'Referência \"&Excel_BuiltIn_Database&\".xlsm)\",IF(OR($C107<>\"S\",ORÇAMENTO.CodBarra=\"\"),\"(Sem Código)\",IF(ISERROR(MATCH($AE107,INDIRECT(ORÇAMENTO.BancoRef),0)),\"(Código não identificado nas referências)\",MATCH($AE107,INDIRECT(ORÇAMENTO.BancoRef),0))))","v":4220},{"$f":"ROUND(IF(DESONERACAO=\"sim\",REFERENCIA.Desonerado,REFERENCIA.NaoDesonerado),2)","v":50.39},0.26400000000000001,null,null,null,null,{"$f":"$X107","v":127.38},63.69]
["S",2,"S",0,{"$f":"IF($C108=1,OFFSET(E108,-1,0)+MAX(1,COUNTIF(QCI!$A$13:$A$24,OFFSET(ORÇAMENTO!E108,-1,0))),OFFSET(E108,-1,0))","v":1},12,0,0,7,0,{"$f":"IF(OR($C108=\"S\",$C108=0),0,MATCH(OFFSET($D108,0,$C108)+IF($C108<>1,1,COUNTIF(QCI!$A$13:$A$24,ORÇAMENTO!E108)),OFFSET($D108,1,$C108,ROW($C$296)-ROW($C108)),0))","v":0},"F","Serviço","Serviço","1.12.0.7.","SINAPI","104353",{"$f":"IF($C108=\"S\",REFERENCIA.Descricao,\"(digite a descrição aqui)\")","v":"JUNÇÃO DE REDUÇÃO INVERTIDA, PVC, SÉRIE NORMAL, ESGOTO PREDIAL, DN 100 X 50 MM, JUNTA ELÁSTICA, FORNECIDO E INSTALADO EM PRUMADA DE ESGOTO SANITÁRIO OU VENTILAÇÃO. AF_08/2022"},{"$f":"REFERENCIA.Unidade","v":"UN"},{"$f":"OFFSET(CÁLCULO!H$15,ROW($T108)-ROW(T$15),0)","v":6},40.86,"BDI 1",{"$f":"IF($C108=\"S\",ROUND(IF(TIPOORCAMENTO=\"Proposto\",ORÇAMENTO.CustoUnitario*(1+$AH108),ORÇAMENTO.PrecoUnitarioLicitado),15-13*$AF$10),0)","v":51.65},{"$f":"IF($C108=\"S\",IF(Import.TipoArredondamento<>\"TransfereGOV\",VTOTAL1,SUM(OFFSET(CÁLCULO!$AA$15,ROW($X108)-ROW($X$15),1):OFFSET(CÁLCULO!$AL$15,ROW($X108)-ROW($X$15),-1))),IF($C108=0,0,ROUND(SomaAgrup,15-13*$AF$11)))","v":309.89999999999998},"RA","RA",{"$f":"IF($C108=\"S\",IF($Z108=\"CP\",$X108,IF($Z108=\"RA\",(($X108)*QCI!$AA$3),0)),SomaAgrup)","v":309.89999999999998},0,{"$f":"IF($N108=\"\",\"\",IF(ORÇAMENTO.Descricao=\"\",\"DESCRIÇÃO\",IF(AND($C108=\"S\",ORÇAMENTO.Unidade=\"\"),\"UNIDADE\",IF($X108<0,\"VALOR NEGATIVO\",IF(OR(AND(TIPOORCAMENTO=\"Proposto\",$AG108<>\"\",$AG108>0,ORÇAMENTO.CustoUnitario>$AG108),AND(TIPOORCAMENTO=\"LICITADO\",ORÇAMENTO.PrecoUnitarioLicitado>$AN108)),\"ACIMA REF.\",\"\")))))","v":""},{"$f":"IF(C108<=CRONO.NivelExibicao,MAX($AD$15:OFFSET(AD108,-1,0))+IF($C108<>1,1,MAX(1,COUNTIF(QCI!$A$13:$A$24,OFFSET($E108,-1,0)))),\"\")","v":""},{"$f":"IF(AND($C108=\"S\",ORÇAMENTO.CodBarra<>\"\"),IF(ORÇAMENTO.Fonte=\"\",ORÇAMENTO.CodBarra,CONCATENATE(ORÇAMENTO.Fonte,\" \",ORÇAMENTO.CodBarra)))","v":"SINAPI 104353"},{"$f":"IF(ISERROR(INDIRECT(ORÇAMENTO.BancoRef)),\"(abra o arquivo 'Referência \"&Excel_BuiltIn_Database&\".xlsm)\",IF(OR($C108<>\"S\",ORÇAMENTO.CodBarra=\"\"),\"(Sem Código)\",IF(ISERROR(MATCH($AE108,INDIRECT(ORÇAMENTO.BancoRef),0)),\"(Código não identificado nas referências)\",MATCH($AE108,INDIRECT(ORÇAMENTO.BancoRef),0))))","v":5131},{"$f":"ROUND(IF(DESONERACAO=\"sim\",REFERENCIA.Desonerado,REFERENCIA.NaoDesonerado),2)","v":40.86},0.26400000000000001,null,null,null,null,309.89999999999998,51.65]
["S",2,"S",0,{"$f":"IF($C109=1,OFFSET(E109,-1,0)+MAX(1,COUNTIF(QCI!$A$13:$A$24,OFFSET(ORÇAMENTO!E109,-1,0))),OFFSET(E109,-1,0))","v":1},12,0,0,8,0,{"$f":"IF(OR($C109=\"S\",$C109=0),0,MATCH(OFFSET($D109,0,$C109)+IF($C109<>1,1,COUNTIF(QCI!$A$13:$A$24,ORÇAMENTO!E109)),OFFSET($D109,1,$C109,ROW($C$296)-ROW($C109)),0))","v":0},"F","Serviço","Serviço","1.12.0.8.","SINAPI","89712",{"$f":"IF($C109=\"S\",REFERENCIA.Descricao,\"(digite a descrição aqui)\")","v":"TUBO PVC, SERIE NORMAL, ESGOTO PREDIAL, DN 50 MM, FORNECIDO E INSTALADO EM RAMAL DE DESCARGA OU RAMAL DE ESGOTO SANITÁRIO. AF_08/2022"},{"$f":"REFERENCIA.Unidade","v":"M"},{"$f":"OFFSET(CÁLCULO!H$15,ROW($T109)-ROW(T$15),0)","v":12.7},26.32,"BDI 1",{"$f":"IF($C109=\"S\",ROUND(IF(TIPOORCAMENTO=\"Proposto\",ORÇAMENTO.CustoUnitario*(1+$AH109),ORÇAMENTO.PrecoUnitarioLicitado),15-13*$AF$10),0)","v":33.270000000000003},{"$f":"IF($C109=\"S\",IF(Import.TipoArredondamento<>\"TransfereGOV\",VTOTAL1,SUM(OFFSET(CÁLCULO!$AA$15,ROW($X109)-ROW($X$15),1):OFFSET(CÁLCULO!$AL$15,ROW($X109)-ROW($X$15),-1))),IF($C109=0,0,ROUND(SomaAgrup,15-13*$AF$11)))","v":422.53},"RA","RA",{"$f":"IF($C109=\"S\",IF($Z109=\"CP\",$X109,IF($Z109=\"RA\",(($X109)*QCI!$AA$3),0)),SomaAgrup)","v":422.53},0,{"$f":"IF($N109=\"\",\"\",IF(ORÇAMENTO.Descricao=\"\",\"DESCRIÇÃO\",IF(AND($C109=\"S\",ORÇAMENTO.Unidade=\"\"),\"UNIDADE\",IF($X109<0,\"VALOR NEGATIVO\",IF(OR(AND(TIPOORCAMENTO=\"Proposto\",$AG109<>\"\",$AG109>0,ORÇAMENTO.CustoUnitario>$AG109),AND(TIPOORCAMENTO=\"LICITADO\",ORÇAMENTO.PrecoUnitarioLicitado>$AN109)),\"ACIMA REF.\",\"\")))))","v":""},{"$f":"IF(C109<=CRONO.NivelExibicao,MAX($AD$15:OFFSET(AD109,-1,0))+IF($C109<>1,1,MAX(1,COUNTIF(QCI!$A$13:$A$24,OFFSET($E109,-1,0)))),\"\")","v":""},{"$f":"IF(AND($C109=\"S\",ORÇAMENTO.CodBarra<>\"\"),IF(ORÇAMENTO.Fonte=\"\",ORÇAMENTO.CodBarra,CONCATENATE(ORÇAMENTO.Fonte,\" \",ORÇAMENTO.CodBarra)))","v":"SINAPI 89712"},{"$f":"IF(ISERROR(INDIRECT(ORÇAMENTO.BancoRef)),\"(abra o arquivo 'Referência \"&Excel_BuiltIn_Database&\".xlsm)\",IF(OR($C109<>\"S\",ORÇAMENTO.CodBarra=\"\"),\"(Sem Código)\",IF(ISERROR(MATCH($AE109,INDIRECT(ORÇAMENTO.BancoRef),0)),\"(Código não identificado nas referências)\",MATCH($AE109,INDIRECT(ORÇAMENTO.BancoRef),0))))","v":3660},{"$f":"ROUND(IF(DESONERACAO=\"sim\",REFERENCIA.Desonerado,REFERENCIA.NaoDesonerado),2)","v":26.32},0.26400000000000001,null,null,null,null,422.53,33.270000000000003]
["S",2,"S",0,{"$f":"IF($C110=1,OFFSET(E110,-1,0)+MAX(1,COUNTIF(QCI!$A$13:$A$24,OFFSET(ORÇAMENTO!E110,-1,0))),OFFSET(E110,-1,0))","v":1},12,0,0,9,0,{"$f":"IF(OR($C110=\"S\",$C110=0),0,MATCH(OFFSET($D110,0,$C110)+IF($C110<>1,1,COUNTIF(QCI!$A$13:$A$24,ORÇAMENTO!E110)),OFFSET($D110,1,$C110,ROW($C$296)-ROW($C110)),0))","v":0},"F","Serviço","Serviço","1.12.0.9.","SINAPI","89801",{"$f":"IF($C110=\"S\",REFERENCIA.Descricao,\"(digite a descrição aqui)\")","v":"JOELHO 90 GRAUS, PVC, SERIE NORMAL, ESGOTO PREDIAL, DN 50 MM, JUNTA ELÁSTICA, FORNECIDO E INSTALADO EM PRUMADA DE ESGOTO SANITÁRIO OU VENTILAÇÃO. AF_08/2022"},{"$f":"REFERENCIA.Unidade","v":"UN"},{"$f":"OFFSET(CÁLCULO!H$15,ROW($T110)-ROW(T$15),0)","v":2},9.6,"BDI 1",{"$f":"IF($C110=\"S\",ROUND(IF(TIPOORCAMENTO=\"Proposto\",ORÇAMENTO.CustoUnitario*(1+$AH110),ORÇAMENTO.PrecoUnitarioLicitado),15-13*$AF$10),0)","v":12.13},{"$f":"IF($C110=\"S\",IF(Import.TipoArredondamento<>\"TransfereGOV\",VTOTAL1,SUM(OFFSET(CÁLCULO!$AA$15,ROW($X110)-ROW($X$15),1):OFFSET(CÁLCULO!$AL$15,ROW($X110)-ROW($X$15),-1))),IF($C110=0,0,ROUND(SomaAgrup,15-13*$AF$11)))","v":24.26},"RA","RA",{"$f":"IF($C110=\"S\",IF($Z110=\"CP\",$X110,IF($Z110=\"RA\",(($X110)*QCI!$AA$3),0)),SomaAgrup)","v":24.26},0,{"$f":"IF($N110=\"\",\"\",IF(ORÇAMENTO.Descricao=\"\",\"DESCRIÇÃO\",IF(AND($C110=\"S\",ORÇAMENTO.Unidade=\"\"),\"UNIDADE\",IF($X110<0,\"VALOR NEGATIVO\",IF(OR(AND(TIPOORCAMENTO=\"Proposto\",$AG110<>\"\",$AG110>0,ORÇAMENTO.CustoUnitario>$AG110),AND(TIPOORCAMENTO=\"LICITADO\",ORÇAMENTO.PrecoUnitarioLicitado>$AN110)),\"ACIMA REF.\",\"\")))))","v":""},{"$f":"IF(C110<=CRONO.NivelExibicao,MAX($AD$15:OFFSET(AD110,-1,0))+IF($C110<>1,1,MAX(1,COUNTIF(QCI!$A$13:$A$24,OFFSET($E110,-1,0)))),\"\")","v":""},{"$f":"IF(AND($C110=\"S\",ORÇAMENTO.CodBarra<>\"\"),IF(ORÇAMENTO.Fonte=\"\",ORÇAMENTO.CodBarra,CONCATENATE(ORÇAMENTO.Fonte,\" \",ORÇAMENTO.CodBarra)))","v":"SINAPI 89801"},{"$f":"IF(ISERROR(INDIRECT(ORÇAMENTO.BancoRef)),\"(abra o arquivo 'Referência \"&Excel_BuiltIn_Database&\".xlsm)\",IF(OR($C110<>\"S\",ORÇAMENTO.CodBarra=\"\"),\"(Sem Código)\",IF(ISERROR(MATCH($AE110,INDIRECT(ORÇAMENTO.BancoRef),0)),\"(Código não identificado nas referências)\",MATCH($AE110,INDIRECT(ORÇAMENTO.BancoRef),0))))","v":4221},{"$f":"ROUND(IF(DESONERACAO=\"sim\",REFERENCIA.Desonerado,REFERENCIA.NaoDesonerado),2)","v":9.6},0.26400000000000001,null,null,null,null,24.26,12.13]
["S",2,"S",0,{"$f":"IF($C111=1,OFFSET(E111,-1,0)+MAX(1,COUNTIF(QCI!$A$13:$A$24,OFFSET(ORÇAMENTO!E111,-1,0))),OFFSET(E111,-1,0))","v":1},12,0,0,10,0,{"$f":"IF(OR($C111=\"S\",$C111=0),0,MATCH(OFFSET($D111,0,$C111)+IF($C111<>1,1,COUNTIF(QCI!$A$13:$A$24,ORÇAMENTO!E111)),OFFSET($D111,1,$C111,ROW($C$296)-ROW($C111)),0))","v":0},"F","Serviço","Serviço","1.12.0.10.","SINAPI","89802",{"$f":"IF($C111=\"S\",REFERENCIA.Descricao,\"(digite a descrição aqui)\")","v":"JOELHO 45 GRAUS, PVC, SERIE NORMAL, ESGOTO PREDIAL, DN 50 MM, JUNTA ELÁSTICA, FORNECIDO E INSTALADO EM PRUMADA DE ESGOTO SANITÁRIO OU VENTILAÇÃO. AF_08/2022"},{"$f":"REFERENCIA.Unidade","v":"UN"},{"$f":"OFFSET(CÁLCULO!H$15,ROW($T111)-ROW(T$15),0)","v":2},10.33,"BDI 1",{"$f":"IF($C111=\"S\",ROUND(IF(TIPOORCAMENTO=\"Proposto\",ORÇAMENTO.CustoUnitario*(1+$AH111),ORÇAMENTO.PrecoUnitarioLicitado),15-13*$AF$10),0)","v":13.06},{"$f":"IF($C111=\"S\",IF(Import.TipoArredondamento<>\"TransfereGOV\",VTOTAL1,SUM(OFFSET(CÁLCULO!$AA$15,ROW($X111)-ROW($X$15),1):OFFSET(CÁLCULO!$AL$15,ROW($X111)-ROW($X$15),-1))),IF($C111=0,0,ROUND(SomaAgrup,15-13*$AF$11)))","v":26.12},"RA","RA",{"$f":"IF($C111=\"S\",IF($Z111=\"CP\",$X111,IF($Z111=\"RA\",(($X111)*QCI!$AA$3),0)),SomaAgrup)","v":26.12},0,{"$f":"IF($N111=\"\",\"\",IF(ORÇAMENTO.Descricao=\"\",\"DESCRIÇÃO\",IF(AND($C111=\"S\",ORÇAMENTO.Unidade=\"\"),\"UNIDADE\",IF($X111<0,\"VALOR NEGATIVO\",IF(OR(AND(TIPOORCAMENTO=\"Proposto\",$AG111<>\"\",$AG111>0,ORÇAMENTO.CustoUnitario>$AG111),AND(TIPOORCAMENTO=\"LICITADO\",ORÇAMENTO.PrecoUnitarioLicitado>$AN111)),\"ACIMA REF.\",\"\")))))","v":""},{"$f":"IF(C111<=CRONO.NivelExibicao,MAX($AD$15:OFFSET(AD111,-1,0))+IF($C111<>1,1,MAX(1,COUNTIF(QCI!$A$13:$A$24,OFFSET($E111,-1,0)))),\"\")","v":""},{"$f":"IF(AND($C111=\"S\",ORÇAMENTO.CodBarra<>\"\"),IF(ORÇAMENTO.Fonte=\"\",ORÇAMENTO.CodBarra,CONCATENATE(ORÇAMENTO.Fonte,\" \",ORÇAMENTO.CodBarra)))","v":"SINAPI 89802"},{"$f":"IF(ISERROR(INDIRECT(ORÇAMENTO.BancoRef)),\"(abra o arquivo 'Referência \"&Excel_BuiltIn_Database&\".xlsm)\",IF(OR($C111<>\"S\",ORÇAMENTO.CodBarra=\"\"),\"(Sem Código)\",IF(ISERROR(MATCH($AE111,INDIRECT(ORÇAMENTO.BancoRef),0)),\"(Código não identificado nas referências)\",MATCH($AE111,INDIRECT(ORÇAMENTO.BancoRef),0))))","v":4222},{"$f":"ROUND(IF(DESONERACAO=\"sim\",REFERENCIA.Desonerado,REFERENCIA.NaoDesonerado),2)","v":10.33},0.26400000000000001,null,null,null,null,26.12,13.06]
["S",2,"S",0,{"$f":"IF($C112=1,OFFSET(E112,-1,0)+MAX(1,COUNTIF(QCI!$A$13:$A$24,OFFSET(ORÇAMENTO!E112,-1,0))),OFFSET(E112,-1,0))","v":1},12,0,0,11,0,{"$f":"IF(OR($C112=\"S\",$C112=0),0,MATCH(OFFSET($D112,0,$C112)+IF($C112<>1,1,COUNTIF(QCI!$A$13:$A$24,ORÇAMENTO!E112)),OFFSET($D112,1,$C112,ROW($C$296)-ROW($C112)),0))","v":0},"F","Serviço","Serviço","1.12.0.11.","SINAPI","89827",{"$f":"IF($C112=\"S\",REFERENCIA.Descricao,\"(digite a descrição aqui)\")","v":"JUNÇÃO SIMPLES, PVC, SERIE NORMAL, ESGOTO PREDIAL, DN 50 X 50 MM, JUNTA ELÁSTICA, FORNECIDO E INSTALADO EM PRUMADA DE ESGOTO SANITÁRIO OU VENTILAÇÃO. AF_08/2022"},{"$f":"REFERENCIA.Unidade","v":"UN"},{"$f":"OFFSET(CÁLCULO!H$15,ROW($T112)-ROW(T$15),0)","v":4},19.39,"BDI 1",{"$f":"IF($C112=\"S\",ROUND(IF(TIPOORCAMENTO=\"Proposto\",ORÇAMENTO.CustoUnitario*(1+$AH112),ORÇAMENTO.PrecoUnitarioLicitado),15-13*$AF$10),0)","v":24.51},{"$f":"IF($C112=\"S\",IF(Import.TipoArredondamento<>\"TransfereGOV\",VTOTAL1,SUM(OFFSET(CÁLCULO!$AA$15,ROW($X112)-ROW($X$15),1):OFFSET(CÁLCULO!$AL$15,ROW($X112)-ROW($X$15),-1))),IF($C112=0,0,ROUND(SomaAgrup,15-13*$AF$11)))","v":98.04},"RA","RA",{"$f":"IF($C112=\"S\",IF($Z112=\"CP\",$X112,IF($Z112=\"RA\",(($X112)*QCI!$AA$3),0)),SomaAgrup)","v":98.04},0,{"$f":"IF($N112=\"\",\"\",IF(ORÇAMENTO.Descricao=\"\",\"DESCRIÇÃO\",IF(AND($C112=\"S\",ORÇAMENTO.Unidade=\"\"),\"UNIDADE\",IF($X112<0,\"VALOR NEGATIVO\",IF(OR(AND(TIPOORCAMENTO=\"Proposto\",$AG112<>\"\",$AG112>0,ORÇAMENTO.CustoUnitario>$AG112),AND(TIPOORCAMENTO=\"LICITADO\",ORÇAMENTO.PrecoUnitarioLicitado>$AN112)),\"ACIMA REF.\",\"\")))))","v":""},{"$f":"IF(C112<=CRONO.NivelExibicao,MAX($AD$15:OFFSET(AD112,-1,0))+IF($C112<>1,1,MAX(1,COUNTIF(QCI!$A$13:$A$24,OFFSET($E112,-1,0)))),\"\")","v":""},{"$f":"IF(AND($C112=\"S\",ORÇAMENTO.CodBarra<>\"\"),IF(ORÇAMENTO.Fonte=\"\",ORÇAMENTO.CodBarra,CONCATENATE(ORÇAMENTO.Fonte,\" \",ORÇAMENTO.CodBarra)))","v":"SINAPI 89827"},{"$f":"IF(ISERROR(INDIRECT(ORÇAMENTO.BancoRef)),\"(abra o arquivo 'Referência \"&Excel_BuiltIn_Database&\".xlsm)\",IF(OR($C112<>\"S\",ORÇAMENTO.CodBarra=\"\"),\"(Sem Código)\",IF(ISERROR(MATCH($AE112,INDIRECT(ORÇAMENTO.BancoRef),0)),\"(Código não identificado nas referências)\",MATCH($AE112,INDIRECT(ORÇAMENTO.BancoRef),0))))","v":4246},{"$f":"ROUND(IF(DESONERACAO=\"sim\",REFERENCIA.Desonerado,REFERENCIA.NaoDesonerado),2)","v":19.39},0.26400000000000001,null,null,null,null,98.04,24.51]
["S",2,"S",0,{"$f":"IF($C113=1,OFFSET(E113,-1,0)+MAX(1,COUNTIF(QCI!$A$13:$A$24,OFFSET(ORÇAMENTO!E113,-1,0))),OFFSET(E113,-1,0))","v":1},12,0,0,12,0,{"$f":"IF(OR($C113=\"S\",$C113=0),0,MATCH(OFFSET($D113,0,$C113)+IF($C113<>1,1,COUNTIF(QCI!$A$13:$A$24,ORÇAMENTO!E113)),OFFSET($D113,1,$C113,ROW($C$296)-ROW($C113)),0))","v":0},"F","Serviço","Serviço","1.12.0.12.","SINAPI","89825",{"$f":"IF($C113=\"S\",REFERENCIA.Descricao,\"(digite a descrição aqui)\")","v":"TE, PVC, SERIE NORMAL, ESGOTO PREDIAL, DN 50 X 50 MM, JUNTA ELÁSTICA, FORNECIDO E INSTALADO EM PRUMADA DE ESGOTO SANITÁRIO OU VENTILAÇÃO. AF_08/2022"},{"$f":"REFERENCIA.Unidade","v":"UN"},{"$f":"OFFSET(CÁLCULO!H$15,ROW($T113)-ROW(T$15),0)","v":6},17.05,"BDI 1",{"$f":"IF($C113=\"S\",ROUND(IF(TIPOORCAMENTO=\"Proposto\",ORÇAMENTO.CustoUnitario*(1+$AH113),ORÇAMENTO.PrecoUnitarioLicitado),15-13*$AF$10),0)","v":21.55},{"$f":"IF($C113=\"S\",IF(Import.TipoArredondamento<>\"TransfereGOV\",VTOTAL1,SUM(OFFSET(CÁLCULO!$AA$15,ROW($X113)-ROW($X$15),1):OFFSET(CÁLCULO!$AL$15,ROW($X113)-ROW($X$15),-1))),IF($C113=0,0,ROUND(SomaAgrup,15-13*$AF$11)))","v":129.30000000000001},"RA","RA",{"$f":"IF($C113=\"S\",IF($Z113=\"CP\",$X113,IF($Z113=\"RA\",(($X113)*QCI!$AA$3),0)),SomaAgrup)","v":129.30000000000001},0,{"$f":"IF($N113=\"\",\"\",IF(ORÇAMENTO.Descricao=\"\",\"DESCRIÇÃO\",IF(AND($C113=\"S\",ORÇAMENTO.Unidade=\"\"),\"UNIDADE\",IF($X113<0,\"VALOR NEGATIVO\",IF(OR(AND(TIPOORCAMENTO=\"Proposto\",$AG113<>\"\",$AG113>0,ORÇAMENTO.CustoUnitario>$AG113),AND(TIPOORCAMENTO=\"LICITADO\",ORÇAMENTO.PrecoUnitarioLicitado>$AN113)),\"ACIMA REF.\",\"\")))))","v":""},{"$f":"IF(C113<=CRONO.NivelExibicao,MAX($AD$15:OFFSET(AD113,-1,0))+IF($C113<>1,1,MAX(1,COUNTIF(QCI!$A$13:$A$24,OFFSET($E113,-1,0)))),\"\")","v":""},{"$f":"IF(AND($C113=\"S\",ORÇAMENTO.CodBarra<>\"\"),IF(ORÇAMENTO.Fonte=\"\",ORÇAMENTO.CodBarra,CONCATENATE(ORÇAMENTO.Fonte,\" \",ORÇAMENTO.CodBarra)))","v":"SINAPI 89825"},{"$f":"IF(ISERROR(INDIRECT(ORÇAMENTO.BancoRef)),\"(abra o arquivo 'Referência \"&Excel_BuiltIn_Database&\".xlsm)\",IF(OR($C113<>\"S\",ORÇAMENTO.CodBarra=\"\"),\"(Sem Código)\",IF(ISERROR(MATCH($AE113,INDIRECT(ORÇAMENTO.BancoRef),0)),\"(Código não identificado nas referências)\",MATCH($AE113,INDIRECT(ORÇAMENTO.BancoRef),0))))","v":4244},{"$f":"ROUND(IF(DESONERACAO=\"sim\",REFERENCIA.Desonerado,REFERENCIA.NaoDesonerado),2)","v":17.05},0.26400000000000001,null,null,null,null,129.30000000000001,21.55]
["S",2,"S",0,{"$f":"IF($C114=1,OFFSET(E114,-1,0)+MAX(1,COUNTIF(QCI!$A$13:$A$24,OFFSET(ORÇAMENTO!E114,-1,0))),OFFSET(E114,-1,0))","v":1},12,0,0,13,0,{"$f":"IF(OR($C114=\"S\",$C114=0),0,MATCH(OFFSET($D114,0,$C114)+IF($C114<>1,1,COUNTIF(QCI!$A$13:$A$24,ORÇAMENTO!E114)),OFFSET($D114,1,$C114,ROW($C$296)-ROW($C114)),0))","v":0},"F","Serviço","Serviço","1.12.0.13.","SINAPI","104348",{"$f":"IF($C114=\"S\",REFERENCIA.Descricao,\"(digite a descrição aqui)\")","v":"TERMINAL DE VENTILAÇÃO, PVC, SÉRIE NORMAL, ESGOTO PREDIAL, DN 50 MM, JUNTA SOLDÁVEL, FORNECIDO E INSTALADO EM PRUMADA DE ESGOTO SANITÁRIO OU VENTILAÇÃO. AF_08/2022"},{"$f":"REFERENCIA.Unidade","v":"UN"},{"$f":"OFFSET(CÁLCULO!H$15,ROW($T114)-ROW(T$15),0)","v":6},11.07,"BDI 1",{"$f":"IF($C114=\"S\",ROUND(IF(TIPOORCAMENTO=\"Proposto\",ORÇAMENTO.CustoUnitario*(1+$AH114),ORÇAMENTO.PrecoUnitarioLicitado),15-13*$AF$10),0)","v":13.99},{"$f":"IF($C114=\"S\",IF(Import.TipoArredondamento<>\"TransfereGOV\",VTOTAL1,SUM(OFFSET(CÁLCULO!$AA$15,ROW($X114)-ROW($X$15),1):OFFSET(CÁLCULO!$AL$15,ROW($X114)-ROW($X$15),-1))),IF($C114=0,0,ROUND(SomaAgrup,15-13*$AF$11)))","v":83.94},"RA","RA",{"$f":"IF($C114=\"S\",IF($Z114=\"CP\",$X114,IF($Z114=\"RA\",(($X114)*QCI!$AA$3),0)),SomaAgrup)","v":83.94},0,{"$f":"IF($N114=\"\",\"\",IF(ORÇAMENTO.Descricao=\"\",\"DESCRIÇÃO\",IF(AND($C114=\"S\",ORÇAMENTO.Unidade=\"\"),\"UNIDADE\",IF($X114<0,\"VALOR NEGATIVO\",IF(OR(AND(TIPOORCAMENTO=\"Proposto\",$AG114<>\"\",$AG114>0,ORÇAMENTO.CustoUnitario>$AG114),AND(TIPOORCAMENTO=\"LICITADO\",ORÇAMENTO.PrecoUnitarioLicitado>$AN114)),\"ACIMA REF.\",\"\")))))","v":""},{"$f":"IF(C114<=CRONO.NivelExibicao,MAX($AD$15:OFFSET(AD114,-1,0))+IF($C114<>1,1,MAX(1,COUNTIF(QCI!$A$13:$A$24,OFFSET($E114,-1,0)))),\"\")","v":""},{"$f":"IF(AND($C114=\"S\",ORÇAMENTO.CodBarra<>\"\"),IF(ORÇAMENTO.Fonte=\"\",ORÇAMENTO.CodBarra,CONCATENATE(ORÇAMENTO.Fonte,\" \",ORÇAMENTO.CodBarra)))","v":"SINAPI 104348"},{"$f":"IF(ISERROR(INDIRECT(ORÇAMENTO.BancoRef)),\"(abra o arquivo 'Referência \"&Excel_BuiltIn_Database&\".xlsm)\",IF(OR($C114<>\"S\",ORÇAMENTO.CodBarra=\"\"),\"(Sem Código)\",IF(ISERROR(MATCH($AE114,INDIRECT(ORÇAMENTO.BancoRef),0)),\"(Código não identificado nas referências)\",MATCH($AE114,INDIRECT(ORÇAMENTO.BancoRef),0))))","v":5127},{"$f":"ROUND(IF(DESONERACAO=\"sim\",REFERENCIA.Desonerado,REFERENCIA.NaoDesonerado),2)","v":11.07},0.26400000000000001,null,null,null,null,83.94,13.99]
["S",2,"S",0,{"$f":"IF($C115=1,OFFSET(E115,-1,0)+MAX(1,COUNTIF(QCI!$A$13:$A$24,OFFSET(ORÇAMENTO!E115,-1,0))),OFFSET(E115,-1,0))","v":1},12,0,0,14,0,{"$f":"IF(OR($C115=\"S\",$C115=0),0,MATCH(OFFSET($D115,0,$C115)+IF($C115<>1,1,COUNTIF(QCI!$A$13:$A$24,ORÇAMENTO!E115)),OFFSET($D115,1,$C115,ROW($C$296)-ROW($C115)),0))","v":0},"F","Serviço","Serviço","1.12.0.14.","SINAPI","89711",{"$f":"IF($C115=\"S\",REFERENCIA.Descricao,\"(digite a descrição aqui)\")","v":"TUBO PVC, SERIE NORMAL, ESGOTO PREDIAL, DN 40 MM, FORNECIDO E INSTALADO EM RAMAL DE DESCARGA OU RAMAL DE ESGOTO SANITÁRIO. AF_08/2022"},{"$f":"REFERENCIA.Unidade","v":"M"},{"$f":"OFFSET(CÁLCULO!H$15,ROW($T115)-ROW(T$15),0)","v":57.51},20.65,"BDI 1",{"$f":"IF($C115=\"S\",ROUND(IF(TIPOORCAMENTO=\"Proposto\",ORÇAMENTO.CustoUnitario*(1+$AH115),ORÇAMENTO.PrecoUnitarioLicitado),15-13*$AF$10),0)","v":26.1},{"$f":"IF($C115=\"S\",IF(Import.TipoArredondamento<>\"TransfereGOV\",VTOTAL1,SUM(OFFSET(CÁLCULO!$AA$15,ROW($X115)-ROW($X$15),1):OFFSET(CÁLCULO!$AL$15,ROW($X115)-ROW($X$15),-1))),IF($C115=0,0,ROUND(SomaAgrup,15-13*$AF$11)))","v":1501.01},"RA","RA",{"$f":"IF($C115=\"S\",IF($Z115=\"CP\",$X115,IF($Z115=\"RA\",(($X115)*QCI!$AA$3),0)),SomaAgrup)","v":1501.01},0,{"$f":"IF($N115=\"\",\"\",IF(ORÇAMENTO.Descricao=\"\",\"DESCRIÇÃO\",IF(AND($C115=\"S\",ORÇAMENTO.Unidade=\"\"),\"UNIDADE\",IF($X115<0,\"VALOR NEGATIVO\",IF(OR(AND(TIPOORCAMENTO=\"Proposto\",$AG115<>\"\",$AG115>0,ORÇAMENTO.CustoUnitario>$AG115),AND(TIPOORCAMENTO=\"LICITADO\",ORÇAMENTO.PrecoUnitarioLicitado>$AN115)),\"ACIMA REF.\",\"\")))))","v":""},{"$f":"IF(C115<=CRONO.NivelExibicao,MAX($AD$15:OFFSET(AD115,-1,0))+IF($C115<>1,1,MAX(1,COUNTIF(QCI!$A$13:$A$24,OFFSET($E115,-1,0)))),\"\")","v":""},{"$f":"IF(AND($C115=\"S\",ORÇAMENTO.CodBarra<>\"\"),IF(ORÇAMENTO.Fonte=\"\",ORÇAMENTO.CodBarra,CONCATENATE(ORÇAMENTO.Fonte,\" \",ORÇAMENTO.CodBarra)))","v":"SINAPI 89711"},{"$f":"IF(ISERROR(INDIRECT(ORÇAMENTO.BancoRef)),\"(abra o arquivo 'Referência \"&Excel_BuiltIn_Database&\".xlsm)\",IF(OR($C115<>\"S\",ORÇAMENTO.CodBarra=\"\"),\"(Sem Código)\",IF(ISERROR(MATCH($AE115,INDIRECT(ORÇAMENTO.BancoRef),0)),\"(Código não identificado nas referências)\",MATCH($AE115,INDIRECT(ORÇAMENTO.BancoRef),0))))","v":3659},{"$f":"ROUND(IF(DESONERACAO=\"sim\",REFERENCIA.Desonerado,REFERENCIA.NaoDesonerado),2)","v":20.65},0.26400000000000001,null,null,null,null,1501.01,26.1]
["S",2,"S",0,{"$f":"IF($C116=1,OFFSET(E116,-1,0)+MAX(1,COUNTIF(QCI!$A$13:$A$24,OFFSET(ORÇAMENTO!E116,-1,0))),OFFSET(E116,-1,0))","v":1},12,0,0,15,0,{"$f":"IF(OR($C116=\"S\",$C116=0),0,MATCH(OFFSET($D116,0,$C116)+IF($C116<>1,1,COUNTIF(QCI!$A$13:$A$24,ORÇAMENTO!E116)),OFFSET($D116,1,$C116,ROW($C$296)-ROW($C116)),0))","v":0},"F","Serviço","Serviço","1.12.0.15.","SINAPI","89726",{"$f":"IF($C116=\"S\",REFERENCIA.Descricao,\"(digite a descrição aqui)\")","v":"JOELHO 45 GRAUS, PVC, SERIE NORMAL, ESGOTO PREDIAL, DN 40 MM, JUNTA SOLDÁVEL, FORNECIDO E INSTALADO EM RAMAL DE DESCARGA OU RAMAL DE ESGOTO SANITÁRIO. AF_08/2022"},{"$f":"REFERENCIA.Unidade","v":"UN"},{"$f":"OFFSET(CÁLCULO!H$15,ROW($T116)-ROW(T$15),0)","v":19},10.23,"BDI 1",{"$f":"IF($C116=\"S\",ROUND(IF(TIPOORCAMENTO=\"Proposto\",ORÇAMENTO.CustoUnitario*(1+$AH116),ORÇAMENTO.PrecoUnitarioLicitado),15-13*$AF$10),0)","v":12.93},{"$f":"IF($C116=\"S\",IF(Import.TipoArredondamento<>\"TransfereGOV\",VTOTAL1,SUM(OFFSET(CÁLCULO!$AA$15,ROW($X116)-ROW($X$15),1):OFFSET(CÁLCULO!$AL$15,ROW($X116)-ROW($X$15),-1))),IF($C116=0,0,ROUND(SomaAgrup,15-13*$AF$11)))","v":245.67},"RA","RA",{"$f":"IF($C116=\"S\",IF($Z116=\"CP\",$X116,IF($Z116=\"RA\",(($X116)*QCI!$AA$3),0)),SomaAgrup)","v":245.67},0,{"$f":"IF($N116=\"\",\"\",IF(ORÇAMENTO.Descricao=\"\",\"DESCRIÇÃO\",IF(AND($C116=\"S\",ORÇAMENTO.Unidade=\"\"),\"UNIDADE\",IF($X116<0,\"VALOR NEGATIVO\",IF(OR(AND(TIPOORCAMENTO=\"Proposto\",$AG116<>\"\",$AG116>0,ORÇAMENTO.CustoUnitario>$AG116),AND(TIPOORCAMENTO=\"LICITADO\",ORÇAMENTO.PrecoUnitarioLicitado>$AN116)),\"ACIMA REF.\",\"\")))))","v":""},{"$f":"IF(C116<=CRONO.NivelExibicao,MAX($AD$15:OFFSET(AD116,-1,0))+IF($C116<>1,1,MAX(1,COUNTIF(QCI!$A$13:$A$24,OFFSET($E116,-1,0)))),\"\")","v":""},{"$f":"IF(AND($C116=\"S\",ORÇAMENTO.CodBarra<>\"\"),IF(ORÇAMENTO.Fonte=\"\",ORÇAMENTO.CodBarra,CONCATENATE(ORÇAMENTO.Fonte,\" \",ORÇAMENTO.CodBarra)))","v":"SINAPI 89726"},{"$f":"IF(ISERROR(INDIRECT(ORÇAMENTO.BancoRef)),\"(abra o arquivo 'Referência \"&Excel_BuiltIn_Database&\".xlsm)\",IF(OR($C116<>\"S\",ORÇAMENTO.CodBarra=\"\"),\"(Sem Código)\",IF(ISERROR(MATCH($AE116,INDIRECT(ORÇAMENTO.BancoRef),0)),\"(Código não identificado nas referências)\",MATCH($AE116,INDIRECT(ORÇAMENTO.BancoRef),0))))","v":4156},{"$f":"ROUND(IF(DESONERACAO=\"sim\",REFERENCIA.Desonerado,REFERENCIA.NaoDesonerado),2)","v":10.23},0.26400000000000001,null,null,null,null,245.67,12.93]
["S",2,"S",0,{"$f":"IF($C117=1,OFFSET(E117,-1,0)+MAX(1,COUNTIF(QCI!$A$13:$A$24,OFFSET(ORÇAMENTO!E117,-1,0))),OFFSET(E117,-1,0))","v":1},12,0,0,16,0,{"$f":"IF(OR($C117=\"S\",$C117=0),0,MATCH(OFFSET($D117,0,$C117)+IF($C117<>1,1,COUNTIF(QCI!$A$13:$A$24,ORÇAMENTO!E117)),OFFSET($D117,1,$C117,ROW($C$296)-ROW($C117)),0))","v":0},"F","Serviço","Serviço","1.12.0.16.","SINAPI","89724",{"$f":"IF($C117=\"S\",REFERENCIA.Descricao,\"(digite a descrição aqui)\")","v":"JOELHO 90 GRAUS, PVC, SERIE NORMAL, ESGOTO PREDIAL, DN 40 MM, JUNTA SOLDÁVEL, FORNECIDO E INSTALADO EM RAMAL DE DESCARGA OU RAMAL DE ESGOTO SANITÁRIO. AF_08/2022"},{"$f":"REFERENCIA.Unidade","v":"UN"},{"$f":"OFFSET(CÁLCULO!H$15,ROW($T117)-ROW(T$15),0)","v":43},10,"BDI 1",{"$f":"IF($C117=\"S\",ROUND(IF(TIPOORCAMENTO=\"Proposto\",ORÇAMENTO.CustoUnitario*(1+$AH117),ORÇAMENTO.PrecoUnitarioLicitado),15-13*$AF$10),0)","v":12.64},{"$f":"IF($C117=\"S\",IF(Import.TipoArredondamento<>\"TransfereGOV\",VTOTAL1,SUM(OFFSET(CÁLCULO!$AA$15,ROW($X117)-ROW($X$15),1):OFFSET(CÁLCULO!$AL$15,ROW($X117)-ROW($X$15),-1))),IF($C117=0,0,ROUND(SomaAgrup,15-13*$AF$11)))","v":543.52},"RA","RA",{"$f":"IF($C117=\"S\",IF($Z117=\"CP\",$X117,IF($Z117=\"RA\",(($X117)*QCI!$AA$3),0)),SomaAgrup)","v":543.52},0,{"$f":"IF($N117=\"\",\"\",IF(ORÇAMENTO.Descricao=\"\",\"DESCRIÇÃO\",IF(AND($C117=\"S\",ORÇAMENTO.Unidade=\"\"),\"UNIDADE\",IF($X117<0,\"VALOR NEGATIVO\",IF(OR(AND(TIPOORCAMENTO=\"Proposto\",$AG117<>\"\",$AG117>0,ORÇAMENTO.CustoUnitario>$AG117),AND(TIPOORCAMENTO=\"LICITADO\",ORÇAMENTO.PrecoUnitarioLicitado>$AN117)),\"ACIMA REF.\",\"\")))))","v":""},{"$f":"IF(C117<=CRONO.NivelExibicao,MAX($AD$15:OFFSET(AD117,-1,0))+IF($C117<>1,1,MAX(1,COUNTIF(QCI!$A$13:$A$24,OFFSET($E117,-1,0)))),\"\")","v":""},{"$f":"IF(AND($C117=\"S\",ORÇAMENTO.CodBarra<>\"\"),IF(ORÇAMENTO.Fonte=\"\",ORÇAMENTO.CodBarra,CONCATENATE(ORÇAMENTO.Fonte,\" \",ORÇAMENTO.CodBarra)))","v":"SINAPI 89724"},{"$f":"IF(ISERROR(INDIRECT(ORÇAMENTO.BancoRef)),\"(abra o arquivo 'Referência \"&Excel_BuiltIn_Database&\".xlsm)\",IF(OR($C117<>\"S\",ORÇAMENTO.CodBarra=\"\"),\"(Sem Código)\",IF(ISERROR(MATCH($AE117,INDIRECT(ORÇAMENTO.BancoRef),0)),\"(Código não identificado nas referências)\",MATCH($AE117,INDIRECT(ORÇAMENTO.BancoRef),0))))","v":4154},{"$f":"ROUND(IF(DESONERACAO=\"sim\",REFERENCIA.Desonerado,REFERENCIA.NaoDesonerado),2)","v":10},0.26400000000000001,null,null,null,null,543.52,12.64]
["S",2,"S",0,{"$f":"IF($C118=1,OFFSET(E118,-1,0)+MAX(1,COUNTIF(QCI!$A$13:$A$24,OFFSET(ORÇAMENTO!E118,-1,0))),OFFSET(E118,-1,0))","v":1},12,0,0,17,0,{"$f":"IF(OR($C118=\"S\",$C118=0),0,MATCH(OFFSET($D118,0,$C118)+IF($C118<>1,1,COUNTIF(QCI!$A$13:$A$24,ORÇAMENTO!E118)),OFFSET($D118,1,$C118,ROW($C$296)-ROW($C118)),0))","v":0},"F","Serviço","Serviço","1.12.0.17.","SINAPI","89783",{"$f":"IF($C118=\"S\",REFERENCIA.Descricao,\"(digite a descrição aqui)\")","v":"JUNÇÃO SIMPLES, PVC, SERIE NORMAL, ESGOTO PREDIAL, DN 40 MM, JUNTA SOLDÁVEL, FORNECIDO E INSTALADO EM RAMAL DE DESCARGA OU RAMAL DE ESGOTO SANITÁRIO. AF_08/2022"},{"$f":"REFERENCIA.Unidade","v":"UN"},{"$f":"OFFSET(CÁLCULO!H$15,ROW($T118)-ROW(T$15),0)","v":4},14.63,"BDI 1",{"$f":"IF($C118=\"S\",ROUND(IF(TIPOORCAMENTO=\"Proposto\",ORÇAMENTO.CustoUnitario*(1+$AH118),ORÇAMENTO.PrecoUnitarioLicitado),15-13*$AF$10),0)","v":18.489999999999998},{"$f":"IF($C118=\"S\",IF(Import.TipoArredondamento<>\"TransfereGOV\",VTOTAL1,SUM(OFFSET(CÁLCULO!$AA$15,ROW($X118)-ROW($X$15),1):OFFSET(CÁLCULO!$AL$15,ROW($X118)-ROW($X$15),-1))),IF($C118=0,0,ROUND(SomaAgrup,15-13*$AF$11)))","v":73.959999999999994},"RA","RA",{"$f":"IF($C118=\"S\",IF($Z118=\"CP\",$X118,IF($Z118=\"RA\",(($X118)*QCI!$AA$3),0)),SomaAgrup)","v":73.959999999999994},0,{"$f":"IF($N118=\"\",\"\",IF(ORÇAMENTO.Descricao=\"\",\"DESCRIÇÃO\",IF(AND($C118=\"S\",ORÇAMENTO.Unidade=\"\"),\"UNIDADE\",IF($X118<0,\"VALOR NEGATIVO\",IF(OR(AND(TIPOORCAMENTO=\"Proposto\",$AG118<>\"\",$AG118>0,ORÇAMENTO.CustoUnitario>$AG118),AND(TIPOORCAMENTO=\"LICITADO\",ORÇAMENTO.PrecoUnitarioLicitado>$AN118)),\"ACIMA REF.\",\"\")))))","v":""},{"$f":"IF(C118<=CRONO.NivelExibicao,MAX($AD$15:OFFSET(AD118,-1,0))+IF($C118<>1,1,MAX(1,COUNTIF(QCI!$A$13:$A$24,OFFSET($E118,-1,0)))),\"\")","v":""},{"$f":"IF(AND($C118=\"S\",ORÇAMENTO.CodBarra<>\"\"),IF(ORÇAMENTO.Fonte=\"\",ORÇAMENTO.CodBarra,CONCATENATE(ORÇAMENTO.Fonte,\" \",ORÇAMENTO.CodBarra)))","v":"SINAPI 89783"},{"$f":"IF(ISERROR(INDIRECT(ORÇAMENTO.BancoRef)),\"(abra o arquivo 'Referência \"&Excel_BuiltIn_Database&\".xlsm)\",IF(OR($C118<>\"S\",ORÇAMENTO.CodBarra=\"\"),\"(Sem Código)\",IF(ISERROR(MATCH($AE118,INDIRECT(ORÇAMENTO.BancoRef),0)),\"(Código não identificado nas referências)\",MATCH($AE118,INDIRECT(ORÇAMENTO.BancoRef),0))))","v":4206},{"$f":"ROUND(IF(DESONERACAO=\"sim\",REFERENCIA.Desonerado,REFERENCIA.NaoDesonerado),2)","v":14.63},0.26400000000000001,null,null,null,null,73.959999999999994,18.489999999999998]
["S",2,"S",0,{"$f":"IF($C119=1,OFFSET(E119,-1,0)+MAX(1,COUNTIF(QCI!$A$13:$A$24,OFFSET(ORÇAMENTO!E119,-1,0))),OFFSET(E119,-1,0))","v":1},12,0,0,18,0,{"$f":"IF(OR($C119=\"S\",$C119=0),0,MATCH(OFFSET($D119,0,$C119)+IF($C119<>1,1,COUNTIF(QCI!$A$13:$A$24,ORÇAMENTO!E119)),OFFSET($D119,1,$C119,ROW($C$296)-ROW($C119)),0))","v":0},"F","Serviço","Serviço","1.12.0.18.","SINAPI","104341",{"$f":"IF($C119=\"S\",REFERENCIA.Descricao,\"(digite a descrição aqui)\")","v":"BUCHA DE REDUÇÃO LONGA, PVC, SÉRIE NORMAL, ESGOTO PREDIAL, DN 50 X 40 MM, JUNTA SOLDÁVEL E ELÁSTICA, FORNECIDO E INSTALADO EM RAMAL DE DESCARGA OU RAMAL DE ESGOTO SANITÁRIO. AF_08/2022"},{"$f":"REFERENCIA.Unidade","v":"UN"},{"$f":"OFFSET(CÁLCULO!H$15,ROW($T119)-ROW(T$15),0)","v":4},10.65,"BDI 1",{"$f":"IF($C119=\"S\",ROUND(IF(TIPOORCAMENTO=\"Proposto\",ORÇAMENTO.CustoUnitario*(1+$AH119),ORÇAMENTO.PrecoUnitarioLicitado),15-13*$AF$10),0)","v":13.46},{"$f":"IF($C119=\"S\",IF(Import.TipoArredondamento<>\"TransfereGOV\",VTOTAL1,SUM(OFFSET(CÁLCULO!$AA$15,ROW($X119)-ROW($X$15),1):OFFSET(CÁLCULO!$AL$15,ROW($X119)-ROW($X$15),-1))),IF($C119=0,0,ROUND(SomaAgrup,15-13*$AF$11)))","v":53.84},"RA","RA",{"$f":"IF($C119=\"S\",IF($Z119=\"CP\",$X119,IF($Z119=\"RA\",(($X119)*QCI!$AA$3),0)),SomaAgrup)","v":53.84},0,{"$f":"IF($N119=\"\",\"\",IF(ORÇAMENTO.Descricao=\"\",\"DESCRIÇÃO\",IF(AND($C119=\"S\",ORÇAMENTO.Unidade=\"\"),\"UNIDADE\",IF($X119<0,\"VALOR NEGATIVO\",IF(OR(AND(TIPOORCAMENTO=\"Proposto\",$AG119<>\"\",$AG119>0,ORÇAMENTO.CustoUnitario>$AG119),AND(TIPOORCAMENTO=\"LICITADO\",ORÇAMENTO.PrecoUnitarioLicitado>$AN119)),\"ACIMA REF.\",\"\")))))","v":""},{"$f":"IF(C119<=CRONO.NivelExibicao,MAX($AD$15:OFFSET(AD119,-1,0))+IF($C119<>1,1,MAX(1,COUNTIF(QCI!$A$13:$A$24,OFFSET($E119,-1,0)))),\"\")","v":""},{"$f":"IF(AND($C119=\"S\",ORÇAMENTO.CodBarra<>\"\"),IF(ORÇAMENTO.Fonte=\"\",ORÇAMENTO.CodBarra,CONCATENATE(ORÇAMENTO.Fonte,\" \",ORÇAMENTO.CodBarra)))","v":"SINAPI 104341"},{"$f":"IF(ISERROR(INDIRECT(ORÇAMENTO.BancoRef)),\"(abra o arquivo 'Referência \"&Excel_BuiltIn_Database&\".xlsm)\",IF(OR($C119<>\"S\",ORÇAMENTO.CodBarra=\"\"),\"(Sem Código)\",IF(ISERROR(MATCH($AE119,INDIRECT(ORÇAMENTO.BancoRef),0)),\"(Código não identificado nas referências)\",MATCH($AE119,INDIRECT(ORÇAMENTO.BancoRef),0))))","v":5121},{"$f":"ROUND(IF(DESONERACAO=\"sim\",REFERENCIA.Desonerado,REFERENCIA.NaoDesonerado),2)","v":10.65},0.26400000000000001,null,null,null,null,53.84,13.46]
["S",2,"S",0,{"$f":"IF($C120=1,OFFSET(E120,-1,0)+MAX(1,COUNTIF(QCI!$A$13:$A$24,OFFSET(ORÇAMENTO!E120,-1,0))),OFFSET(E120,-1,0))","v":1},12,0,0,19,0,{"$f":"IF(OR($C120=\"S\",$C120=0),0,MATCH(OFFSET($D120,0,$C120)+IF($C120<>1,1,COUNTIF(QCI!$A$13:$A$24,ORÇAMENTO!E120)),OFFSET($D120,1,$C120,ROW($C$296)-ROW($C120)),0))","v":0},"F","Serviço","Serviço","1.12.0.19.","SINAPI","104326",{"$f":"IF($C120=\"S\",REFERENCIA.Descricao,\"(digite a descrição aqui)\")","v":"RALO SECO CÔNICO, PVC, DN 100 X 40 MM, JUNTA SOLDÁVEL, FORNECIDO E INSTALADO EM RAMAL DE DESCARGA OU EM RAMAL DE ESGOTO SANITÁRIO. AF_08/2022"},{"$f":"REFERENCIA.Unidade","v":"UN"},{"$f":"OFFSET(CÁLCULO!H$15,ROW($T120)-ROW(T$15),0)","v":4},19.350000000000001,"BDI 1",{"$f":"IF($C120=\"S\",ROUND(IF(TIPOORCAMENTO=\"Proposto\",ORÇAMENTO.CustoUnitario*(1+$AH120),ORÇAMENTO.PrecoUnitarioLicitado),15-13*$AF$10),0)","v":24.46},{"$f":"IF($C120=\"S\",IF(Import.TipoArredondamento<>\"TransfereGOV\",VTOTAL1,SUM(OFFSET(CÁLCULO!$AA$15,ROW($X120)-ROW($X$15),1):OFFSET(CÁLCULO!$AL$15,ROW($X120)-ROW($X$15),-1))),IF($C120=0,0,ROUND(SomaAgrup,15-13*$AF$11)))","v":97.84},"RA","RA",{"$f":"IF($C120=\"S\",IF($Z120=\"CP\",$X120,IF($Z120=\"RA\",(($X120)*QCI!$AA$3),0)),SomaAgrup)","v":97.84},0,{"$f":"IF($N120=\"\",\"\",IF(ORÇAMENTO.Descricao=\"\",\"DESCRIÇÃO\",IF(AND($C120=\"S\",ORÇAMENTO.Unidade=\"\"),\"UNIDADE\",IF($X120<0,\"VALOR NEGATIVO\",IF(OR(AND(TIPOORCAMENTO=\"Proposto\",$AG120<>\"\",$AG120>0,ORÇAMENTO.CustoUnitario>$AG120),AND(TIPOORCAMENTO=\"LICITADO\",ORÇAMENTO.PrecoUnitarioLicitado>$AN120)),\"ACIMA REF.\",\"\")))))","v":""},{"$f":"IF(C120<=CRONO.NivelExibicao,MAX($AD$15:OFFSET(AD120,-1,0))+IF($C120<>1,1,MAX(1,COUNTIF(QCI!$A$13:$A$24,OFFSET($E120,-1,0)))),\"\")","v":""},{"$f":"IF(AND($C120=\"S\",ORÇAMENTO.CodBarra<>\"\"),IF(ORÇAMENTO.Fonte=\"\",ORÇAMENTO.CodBarra,CONCATENATE(ORÇAMENTO.Fonte,\" \",ORÇAMENTO.CodBarra)))","v":"SINAPI 104326"},{"$f":"IF(ISERROR(INDIRECT(ORÇAMENTO.BancoRef)),\"(abra o arquivo 'Referência \"&Excel_BuiltIn_Database&\".xlsm)\",IF(OR($C120<>\"S\",ORÇAMENTO.CodBarra=\"\"),\"(Sem Código)\",IF(ISERROR(MATCH($AE120,INDIRECT(ORÇAMENTO.BancoRef),0)),\"(Código não identificado nas referências)\",MATCH($AE120,INDIRECT(ORÇAMENTO.BancoRef),0))))","v":5296},{"$f":"ROUND(IF(DESONERACAO=\"sim\",REFERENCIA.Desonerado,REFERENCIA.NaoDesonerado),2)","v":19.350000000000001},0.26400000000000001,null,null,null,null,97.84,24.46]
["S",2,"S",0,{"$f":"IF($C121=1,OFFSET(E121,-1,0)+MAX(1,COUNTIF(QCI!$A$13:$A$24,OFFSET(ORÇAMENTO!E121,-1,0))),OFFSET(E121,-1,0))","v":1},12,0,0,20,0,{"$f":"IF(OR($C121=\"S\",$C121=0),0,MATCH(OFFSET($D121,0,$C121)+IF($C121<>1,1,COUNTIF(QCI!$A$13:$A$24,ORÇAMENTO!E121)),OFFSET($D121,1,$C121,ROW($C$296)-ROW($C121)),0))","v":0},"F","Serviço","Serviço","1.12.0.20.","SINAPI","104328",{"$f":"IF($C121=\"S\",REFERENCIA.Descricao,\"(digite a descrição aqui)\")","v":"CAIXA SIFONADA, COM GRELHA QUADRADA, PVC, DN 150 X 150 X 50 MM, JUNTA SOLDÁVEL, FORNECIDA E INSTALADA EM RAMAL DE DESCARGA OU EM RAMAL DE ESGOTO SANITÁRIO. AF_08/2022"},{"$f":"REFERENCIA.Unidade","v":"UN"},{"$f":"OFFSET(CÁLCULO!H$15,ROW($T121)-ROW(T$15),0)","v":8},68.47,"BDI 1",{"$f":"IF($C121=\"S\",ROUND(IF(TIPOORCAMENTO=\"Proposto\",ORÇAMENTO.CustoUnitario*(1+$AH121),ORÇAMENTO.PrecoUnitarioLicitado),15-13*$AF$10),0)","v":86.55},{"$f":"IF($C121=\"S\",IF(Import.TipoArredondamento<>\"TransfereGOV\",VTOTAL1,SUM(OFFSET(CÁLCULO!$AA$15,ROW($X121)-ROW($X$15),1):OFFSET(CÁLCULO!$AL$15,ROW($X121)-ROW($X$15),-1))),IF($C121=0,0,ROUND(SomaAgrup,15-13*$AF$11)))","v":692.4},"RA","RA",{"$f":"IF($C121=\"S\",IF($Z121=\"CP\",$X121,IF($Z121=\"RA\",(($X121)*QCI!$AA$3),0)),SomaAgrup)","v":692.4},0,{"$f":"IF($N121=\"\",\"\",IF(ORÇAMENTO.Descricao=\"\",\"DESCRIÇÃO\",IF(AND($C121=\"S\",ORÇAMENTO.Unidade=\"\"),\"UNIDADE\",IF($X121<0,\"VALOR NEGATIVO\",IF(OR(AND(TIPOORCAMENTO=\"Proposto\",$AG121<>\"\",$AG121>0,ORÇAMENTO.CustoUnitario>$AG121),AND(TIPOORCAMENTO=\"LICITADO\",ORÇAMENTO.PrecoUnitarioLicitado>$AN121)),\"ACIMA REF.\",\"\")))))","v":""},{"$f":"IF(C121<=CRONO.NivelExibicao,MAX($AD$15:OFFSET(AD121,-1,0))+IF($C121<>1,1,MAX(1,COUNTIF(QCI!$A$13:$A$24,OFFSET($E121,-1,0)))),\"\")","v":""},{"$f":"IF(AND($C121=\"S\",ORÇAMENTO.CodBarra<>\"\"),IF(ORÇAMENTO.Fonte=\"\",ORÇAMENTO.CodBarra,CONCATENATE(ORÇAMENTO.Fonte,\" \",ORÇAMENTO.CodBarra)))","v":"SINAPI 104328"},{"$f":"IF(ISERROR(INDIRECT(ORÇAMENTO.BancoRef)),\"(abra o arquivo 'Referência \"&Excel_BuiltIn_Database&\".xlsm)\",IF(OR($C121<>\"S\",ORÇAMENTO.CodBarra=\"\"),\"(Sem Código)\",IF(ISERROR(MATCH($AE121,INDIRECT(ORÇAMENTO.BancoRef),0)),\"(Código não identificado nas referências)\",MATCH($AE121,INDIRECT(ORÇAMENTO.BancoRef),0))))","v":5298},{"$f":"ROUND(IF(DESONERACAO=\"sim\",REFERENCIA.Desonerado,REFERENCIA.NaoDesonerado),2)","v":68.47},0.26400000000000001,null,null,null,null,692.4,86.55]
[{"$f":"CHOOSE(1+LOG(1+2*(ORÇAMENTO.Nivel=\"Meta\")+4*(ORÇAMENTO.Nivel=\"Nível 2\")+8*(ORÇAMENTO.Nivel=\"Nível 3\")+16*(ORÇAMENTO.Nivel=\"Nível 4\")+32*(ORÇAMENTO.Nivel=\"Serviço\"),2),0,1,2,3,4,\"S\")","v":"S"},{"$f":"IF(OR(C122=\"s\",C122=0),OFFSET(B122,-1,0),C122)","v":2},{"$f":"IF(OFFSET(C122,-1,0)=\"L\",1,IF(OFFSET(C122,-1,0)=1,2,IF(OR(A122=\"s\",A122=0),\"S\",IF(AND(OFFSET(C122,-1,0)=2,A122=4),3,IF(AND(OR(OFFSET(C122,-1,0)=\"s\",OFFSET(C122,-1,0)=0),A122<>\"s\",A122>OFFSET(B122,-1,0)),OFFSET(B122,-1,0),A122)))))","v":"S"},{"$f":"IF(OR(C122=\"S\",C122=0),0,IF(ISERROR(K122),J122,SMALL(J122:K122,1)))","v":0},{"$f":"IF($C122=1,OFFSET(E122,-1,0)+MAX(1,COUNTIF(QCI!$A$13:$A$24,OFFSET(ORÇAMENTO!E122,-1,0))),OFFSET(E122,-1,0))","v":1},{"$f":"IF($C122=1,0,IF($C122=2,OFFSET(F122,-1,0)+1,OFFSET(F122,-1,0)))","v":12},{"$f":"IF(AND($C122<=2,$C122<>0),0,IF($C122=3,OFFSET(G122,-1,0)+1,OFFSET(G122,-1,0)))","v":0},{"$f":"IF(AND($C122<=3,$C122<>0),0,IF($C122=4,OFFSET(H122,-1,0)+1,OFFSET(H122,-1,0)))","v":0},{"$f":"IF(AND($C122<=4,$C122<>0),0,IF(AND($C122=\"S\",$X122>0),OFFSET(I122,-1,0)+1,OFFSET(I122,-1,0)))","v":21},0,{"$f":"IF(OR($C122=\"S\",$C122=0),0,MATCH(OFFSET($D122,0,$C122)+IF($C122<>1,1,COUNTIF(QCI!$A$13:$A$24,ORÇAMENTO!E122)),OFFSET($D122,1,$C122,ROW($C$296)-ROW($C122)),0))","v":0},{"$f":"IF(OR($X122>0,$C122=1,$C122=2,$C122=3,$C122=4),\"F\",\"\")","v":"F"},"Serviço",{"$f":"CHOOSE(1+LOG(1+2*(C122=1)+4*(C122=2)+8*(C122=3)+16*(C122=4)+32*(C122=\"S\"),2),\"\",\"Meta\",\"Nível 2\",\"Nível 3\",\"Nível 4\",\"Serviço\")","v":"Serviço"},{"$f":"IF(OR($C122=0,$L122=\"\"),\"-\",CONCATENATE(E122&\".\",IF(AND($A$5>=2,$C122>=2),F122&\".\",\"\"),IF(AND($A$5>=3,$C122>=3),G122&\".\",\"\"),IF(AND($A$5>=4,$C122>=4),H122&\".\",\"\"),IF($C122=\"S\",I122&\".\",\"\")))","v":"1.12.0.21."},"SINAPI","97900",{"$f":"IF($C122=\"S\",REFERENCIA.Descricao,\"(digite a descrição aqui)\")","v":"CAIXA ENTERRADA HIDRÁULICA RETANGULAR EM ALVENARIA COM TIJOLOS CERÂMICOS MACIÇOS, DIMENSÕES INTERNAS: 0,3X0,3X0,3 M PARA REDE DE ESGOTO. AF_12/2020"},{"$f":"REFERENCIA.Unidade","v":"UN"},{"$f":"OFFSET(CÁLCULO!H$15,ROW($T122)-ROW(T$15),0)","v":10},179.01,"BDI 1",{"$f":"IF($C122=\"S\",ROUND(IF(TIPOORCAMENTO=\"Proposto\",ORÇAMENTO.CustoUnitario*(1+$AH122),ORÇAMENTO.PrecoUnitarioLicitado),15-13*$AF$10),0)","v":226.27},{"$f":"IF($C122=\"S\",IF(Import.TipoArredondamento<>\"TransfereGOV\",VTOTAL1,SUM(OFFSET(CÁLCULO!$AA$15,ROW($X122)-ROW($X$15),1):OFFSET(CÁLCULO!$AL$15,ROW($X122)-ROW($X$15),-1))),IF($C122=0,0,ROUND(SomaAgrup,15-13*$AF$11)))","v":2262.6999999999998},"RA",{"$f":"IF(AND($C122=\"S\",$X122>0),IF(ISBLANK($Y122),\"RA\",LEFT($Y122,2)),\"\")","v":"RA"},{"$f":"IF($C122=\"S\",IF($Z122=\"CP\",$X122,IF($Z122=\"RA\",(($X122)*QCI!$AA$3),0)),SomaAgrup)","v":2262.6999999999998},{"$f":"IF($C122=\"S\",IF($Z122=\"OU\",ROUND($X122,2),0),SomaAgrup)","v":0},{"$f":"IF($N122=\"\",\"\",IF(ORÇAMENTO.Descricao=\"\",\"DESCRIÇÃO\",IF(AND($C122=\"S\",ORÇAMENTO.Unidade=\"\"),\"UNIDADE\",IF($X122<0,\"VALOR NEGATIVO\",IF(OR(AND(TIPOORCAMENTO=\"Proposto\",$AG122<>\"\",$AG122>0,ORÇAMENTO.CustoUnitario>$AG122),AND(TIPOORCAMENTO=\"LICITADO\",ORÇAMENTO.PrecoUnitarioLicitado>$AN122)),\"ACIMA REF.\",\"\")))))","v":""},{"$f":"IF(C122<=CRONO.NivelExibicao,MAX($AD$15:OFFSET(AD122,-1,0))+IF($C122<>1,1,MAX(1,COUNTIF(QCI!$A$13:$A$24,OFFSET($E122,-1,0)))),\"\")","v":""},{"$f":"IF(AND($C122=\"S\",ORÇAMENTO.CodBarra<>\"\"),IF(ORÇAMENTO.Fonte=\"\",ORÇAMENTO.CodBarra,CONCATENATE(ORÇAMENTO.Fonte,\" \",ORÇAMENTO.CodBarra)))","v":"SINAPI 97900"},{"$f":"IF(ISERROR(INDIRECT(ORÇAMENTO.BancoRef)),\"(abra o arquivo 'Referência \"&Excel_BuiltIn_Database&\".xlsm)\",IF(OR($C122<>\"S\",ORÇAMENTO.CodBarra=\"\"),\"(Sem Código)\",IF(ISERROR(MATCH($AE122,INDIRECT(ORÇAMENTO.BancoRef),0)),\"(Código não identificado nas referências)\",MATCH($AE122,INDIRECT(ORÇAMENTO.BancoRef),0))))","v":5228},{"$f":"ROUND(IF(DESONERACAO=\"sim\",REFERENCIA.Desonerado,REFERENCIA.NaoDesonerado),2)","v":179.01},{"$f":"ROUND(IF(ISNUMBER(ORÇAMENTO.OpcaoBDI),ORÇAMENTO.OpcaoBDI,IF(LEFT(ORÇAMENTO.OpcaoBDI,3)=\"BDI\",HLOOKUP(ORÇAMENTO.OpcaoBDI,$F$4:$H$5,2,FALSE),0)),15-11*$AF$9)","v":0.26400000000000001},null,null,null,null,2262.6999999999998,{"$f":"ROUND(ORÇAMENTO.CustoUnitario*(1+$AH122),2)","v":226.27}]
[{"$f":"CHOOSE(1+LOG(1+2*(ORÇAMENTO.Nivel=\"Meta\")+4*(ORÇAMENTO.Nivel=\"Nível 2\")+8*(ORÇAMENTO.Nivel=\"Nível 3\")+16*(ORÇAMENTO.Nivel=\"Nível 4\")+32*(ORÇAMENTO.Nivel=\"Serviço\"),2),0,1,2,3,4,\"S\")","v":"S"},{"$f":"IF(OR(C123=\"s\",C123=0),OFFSET(B123,-1,0),C123)","v":2},{"$f":"IF(OFFSET(C123,-1,0)=\"L\",1,IF(OFFSET(C123,-1,0)=1,2,IF(OR(A123=\"s\",A123=0),\"S\",IF(AND(OFFSET(C123,-1,0)=2,A123=4),3,IF(AND(OR(OFFSET(C123,-1,0)=\"s\",OFFSET(C123,-1,0)=0),A123<>\"s\",A123>OFFSET(B123,-1,0)),OFFSET(B123,-1,0),A123)))))","v":"S"},{"$f":"IF(OR(C123=\"S\",C123=0),0,IF(ISERROR(K123),J123,SMALL(J123:K123,1)))","v":0},{"$f":"IF($C123=1,OFFSET(E123,-1,0)+MAX(1,COUNTIF(QCI!$A$13:$A$24,OFFSET(ORÇAMENTO!E123,-1,0))),OFFSET(E123,-1,0))","v":1},{"$f":"IF($C123=1,0,IF($C123=2,OFFSET(F123,-1,0)+1,OFFSET(F123,-1,0)))","v":12},{"$f":"IF(AND($C123<=2,$C123<>0),0,IF($C123=3,OFFSET(G123,-1,0)+1,OFFSET(G123,-1,0)))","v":0},{"$f":"IF(AND($C123<=3,$C123<>0),0,IF($C123=4,OFFSET(H123,-1,0)+1,OFFSET(H123,-1,0)))","v":0},{"$f":"IF(AND($C123<=4,$C123<>0),0,IF(AND($C123=\"S\",$X123>0),OFFSET(I123,-1,0)+1,OFFSET(I123,-1,0)))","v":22},0,{"$f":"IF(OR($C123=\"S\",$C123=0),0,MATCH(OFFSET($D123,0,$C123)+IF($C123<>1,1,COUNTIF(QCI!$A$13:$A$24,ORÇAMENTO!E123)),OFFSET($D123,1,$C123,ROW($C$296)-ROW($C123)),0))","v":0},{"$f":"IF(OR($X123>0,$C123=1,$C123=2,$C123=3,$C123=4),\"F\",\"\")","v":"F"},"Serviço",{"$f":"CHOOSE(1+LOG(1+2*(C123=1)+4*(C123=2)+8*(C123=3)+16*(C123=4)+32*(C123=\"S\"),2),\"\",\"Meta\",\"Nível 2\",\"Nível 3\",\"Nível 4\",\"Serviço\")","v":"Serviço"},{"$f":"IF(OR($C123=0,$L123=\"\"),\"-\",CONCATENATE(E123&\".\",IF(AND($A$5>=2,$C123>=2),F123&\".\",\"\"),IF(AND($A$5>=3,$C123>=3),G123&\".\",\"\"),IF(AND($A$5>=4,$C123>=4),H123&\".\",\"\"),IF($C123=\"S\",I123&\".\",\"\")))","v":"1.12.0.22."},"SINAPI","98110",{"$f":"IF($C123=\"S\",REFERENCIA.Descricao,\"(digite a descrição aqui)\")","v":"CAIXA DE GORDURA PEQUENA (CAPACIDADE: 19 L), CIRCULAR, EM PVC, DIÂMETRO INTERNO= 0,3 M. AF_12/2020"},{"$f":"REFERENCIA.Unidade","v":"UN"},{"$f":"OFFSET(CÁLCULO!H$15,ROW($T123)-ROW(T$15),0)","v":2},376.92,"BDI 1",{"$f":"IF($C123=\"S\",ROUND(IF(TIPOORCAMENTO=\"Proposto\",ORÇAMENTO.CustoUnitario*(1+$AH123),ORÇAMENTO.PrecoUnitarioLicitado),15-13*$AF$10),0)","v":476.43},{"$f":"IF($C123=\"S\",IF(Import.TipoArredondamento<>\"TransfereGOV\",VTOTAL1,SUM(OFFSET(CÁLCULO!$AA$15,ROW($X123)-ROW($X$15),1):OFFSET(CÁLCULO!$AL$15,ROW($X123)-ROW($X$15),-1))),IF($C123=0,0,ROUND(SomaAgrup,15-13*$AF$11)))","v":952.86},"RA",{"$f":"IF(AND($C123=\"S\",$X123>0),IF(ISBLANK($Y123),\"RA\",LEFT($Y123,2)),\"\")","v":"RA"},{"$f":"IF($C123=\"S\",IF($Z123=\"CP\",$X123,IF($Z123=\"RA\",(($X123)*QCI!$AA$3),0)),SomaAgrup)","v":952.86},{"$f":"IF($C123=\"S\",IF($Z123=\"OU\",ROUND($X123,2),0),SomaAgrup)","v":0},{"$f":"IF($N123=\"\",\"\",IF(ORÇAMENTO.Descricao=\"\",\"DESCRIÇÃO\",IF(AND($C123=\"S\",ORÇAMENTO.Unidade=\"\"),\"UNIDADE\",IF($X123<0,\"VALOR NEGATIVO\",IF(OR(AND(TIPOORCAMENTO=\"Proposto\",$AG123<>\"\",$AG123>0,ORÇAMENTO.CustoUnitario>$AG123),AND(TIPOORCAMENTO=\"LICITADO\",ORÇAMENTO.PrecoUnitarioLicitado>$AN123)),\"ACIMA REF.\",\"\")))))","v":""},{"$f":"IF(C123<=CRONO.NivelExibicao,MAX($AD$15:OFFSET(AD123,-1,0))+IF($C123<>1,1,MAX(1,COUNTIF(QCI!$A$13:$A$24,OFFSET($E123,-1,0)))),\"\")","v":""},{"$f":"IF(AND($C123=\"S\",ORÇAMENTO.CodBarra<>\"\"),IF(ORÇAMENTO.Fonte=\"\",ORÇAMENTO.CodBarra,CONCATENATE(ORÇAMENTO.Fonte,\" \",ORÇAMENTO.CodBarra)))","v":"SINAPI 98110"},{"$f":"IF(ISERROR(INDIRECT(ORÇAMENTO.BancoRef)),\"(abra o arquivo 'Referência \"&Excel_BuiltIn_Database&\".xlsm)\",IF(OR($C123<>\"S\",ORÇAMENTO.CodBarra=\"\"),\"(Sem Código)\",IF(ISERROR(MATCH($AE123,INDIRECT(ORÇAMENTO.BancoRef),0)),\"(Código não identificado nas referências)\",MATCH($AE123,INDIRECT(ORÇAMENTO.BancoRef),0))))","v":5449},{"$f":"ROUND(IF(DESONERACAO=\"sim\",REFERENCIA.Desonerado,REFERENCIA.NaoDesonerado),2)","v":376.92},{"$f":"ROUND(IF(ISNUMBER(ORÇAMENTO.OpcaoBDI),ORÇAMENTO.OpcaoBDI,IF(LEFT(ORÇAMENTO.OpcaoBDI,3)=\"BDI\",HLOOKUP(ORÇAMENTO.OpcaoBDI,$F$4:$H$5,2,FALSE),0)),15-11*$AF$9)","v":0.26400000000000001},null,null,null,null,952.86,{"$f":"ROUND(ORÇAMENTO.CustoUnitario*(1+$AH123),2)","v":476.43}]
[{"$f":"CHOOSE(1+LOG(1+2*(ORÇAMENTO.Nivel=\"Meta\")+4*(ORÇAMENTO.Nivel=\"Nível 2\")+8*(ORÇAMENTO.Nivel=\"Nível 3\")+16*(ORÇAMENTO.Nivel=\"Nível 4\")+32*(ORÇAMENTO.Nivel=\"Serviço\"),2),0,1,2,3,4,\"S\")","v":"S"},2,"S",0,{"$f":"IF($C124=1,OFFSET(E124,-1,0)+MAX(1,COUNTIF(QCI!$A$13:$A$24,OFFSET(ORÇAMENTO!E124,-1,0))),OFFSET(E124,-1,0))","v":1},12,0,0,23,0,{"$f":"IF(OR($C124=\"S\",$C124=0),0,MATCH(OFFSET($D124,0,$C124)+IF($C124<>1,1,COUNTIF(QCI!$A$13:$A$24,ORÇAMENTO!E124)),OFFSET($D124,1,$C124,ROW($C$296)-ROW($C124)),0))","v":0},"F","Serviço","Serviço","1.12.0.23.","Composição","41",{"$f":"IF($C124=\"S\",REFERENCIA.Descricao,\"(digite a descrição aqui)\")","v":"FOSSA SÉPTICA, EM POLIETILENO DE ALTA DENSIDADE (PEAD), CILINDRICA, COM TAMPA, CAPACIDADE APROXIMADAMENTE 3000 LITROS - FORNECIMENTO E INSTALAÇÃO"},{"$f":"REFERENCIA.Unidade","v":"UNIDADE"},{"$f":"OFFSET(CÁLCULO!H$15,ROW($T124)-ROW(T$15),0)","v":1},3497.72,"BDI 1",{"$f":"IF($C124=\"S\",ROUND(IF(TIPOORCAMENTO=\"Proposto\",ORÇAMENTO.CustoUnitario*(1+$AH124),ORÇAMENTO.PrecoUnitarioLicitado),15-13*$AF$10),0)","v":4421.12},{"$f":"IF($C124=\"S\",IF(Import.TipoArredondamento<>\"TransfereGOV\",VTOTAL1,SUM(OFFSET(CÁLCULO!$AA$15,ROW($X124)-ROW($X$15),1):OFFSET(CÁLCULO!$AL$15,ROW($X124)-ROW($X$15),-1))),IF($C124=0,0,ROUND(SomaAgrup,15-13*$AF$11)))","v":4421.12},"RA","RA",{"$f":"IF($C124=\"S\",IF($Z124=\"CP\",$X124,IF($Z124=\"RA\",(($X124)*QCI!$AA$3),0)),SomaAgrup)","v":4421.12},{"$f":"IF($C124=\"S\",IF($Z124=\"OU\",ROUND($X124,2),0),SomaAgrup)","v":0},{"$f":"IF($N124=\"\",\"\",IF(ORÇAMENTO.Descricao=\"\",\"DESCRIÇÃO\",IF(AND($C124=\"S\",ORÇAMENTO.Unidade=\"\"),\"UNIDADE\",IF($X124<0,\"VALOR NEGATIVO\",IF(OR(AND(TIPOORCAMENTO=\"Proposto\",$AG124<>\"\",$AG124>0,ORÇAMENTO.CustoUnitario>$AG124),AND(TIPOORCAMENTO=\"LICITADO\",ORÇAMENTO.PrecoUnitarioLicitado>$AN124)),\"ACIMA REF.\",\"\")))))","v":""},{"$f":"IF(C124<=CRONO.NivelExibicao,MAX($AD$15:OFFSET(AD124,-1,0))+IF($C124<>1,1,MAX(1,COUNTIF(QCI!$A$13:$A$24,OFFSET($E124,-1,0)))),\"\")","v":""},{"$f":"IF(AND($C124=\"S\",ORÇAMENTO.CodBarra<>\"\"),IF(ORÇAMENTO.Fonte=\"\",ORÇAMENTO.CodBarra,CONCATENATE(ORÇAMENTO.Fonte,\" \",ORÇAMENTO.CodBarra)))","v":"Composição 41"},{"$f":"IF(ISERROR(INDIRECT(ORÇAMENTO.BancoRef)),\"(abra o arquivo 'Referência \"&Excel_BuiltIn_Database&\".xlsm)\",IF(OR($C124<>\"S\",ORÇAMENTO.CodBarra=\"\"),\"(Sem Código)\",IF(ISERROR(MATCH($AE124,INDIRECT(ORÇAMENTO.BancoRef),0)),\"(Código não identificado nas referências)\",MATCH($AE124,INDIRECT(ORÇAMENTO.BancoRef),0))))","v":43},{"$f":"ROUND(IF(DESONERACAO=\"sim\",REFERENCIA.Desonerado,REFERENCIA.NaoDesonerado),2)","v":3497.72},{"$f":"ROUND(IF(ISNUMBER(ORÇAMENTO.OpcaoBDI),ORÇAMENTO.OpcaoBDI,IF(LEFT(ORÇAMENTO.OpcaoBDI,3)=\"BDI\",HLOOKUP(ORÇAMENTO.OpcaoBDI,$F$4:$H$5,2,FALSE),0)),15-11*$AF$9)","v":0.26400000000000001},null,null,null,null,4421.12,{"$f":"ROUND(ORÇAMENTO.CustoUnitario*(1+$AH124),2)","v":4421.12}]
[{"$f":"CHOOSE(1+LOG(1+2*(ORÇAMENTO.Nivel=\"Meta\")+4*(ORÇAMENTO.Nivel=\"Nível 2\")+8*(ORÇAMENTO.Nivel=\"Nível 3\")+16*(ORÇAMENTO.Nivel=\"Nível 4\")+32*(ORÇAMENTO.Nivel=\"Serviço\"),2),0,1,2,3,4,\"S\")","v":"S"},2,"S",0,{"$f":"IF($C125=1,OFFSET(E125,-1,0)+MAX(1,COUNTIF(QCI!$A$13:$A$24,OFFSET(ORÇAMENTO!E125,-1,0))),OFFSET(E125,-1,0))","v":1},12,0,0,24,0,{"$f":"IF(OR($C125=\"S\",$C125=0),0,MATCH(OFFSET($D125,0,$C125)+IF($C125<>1,1,COUNTIF(QCI!$A$13:$A$24,ORÇAMENTO!E125)),OFFSET($D125,1,$C125,ROW($C$296)-ROW($C125)),0))","v":0},"F","Serviço","Serviço","1.12.0.24.","Composição","42",{"$f":"IF($C125=\"S\",REFERENCIA.Descricao,\"(digite a descrição aqui)\")","v":"SUMIDOURO COM PEDRA DE MÃO, ESCAVAÇÃO MECANICA, PROFUNDIDADE 3 A 4,50M, COBERTO COM LONA PLASTICA EXTRA FORTE 200MICRA"},{"$f":"REFERENCIA.Unidade","v":"M3"},{"$f":"OFFSET(CÁLCULO!H$15,ROW($T125)-ROW(T$15),0)","v":25},122.66,"BDI 1",{"$f":"IF($C125=\"S\",ROUND(IF(TIPOORCAMENTO=\"Proposto\",ORÇAMENTO.CustoUnitario*(1+$AH125),ORÇAMENTO.PrecoUnitarioLicitado),15-13*$AF$10),0)","v":155.04},{"$f":"IF($C125=\"S\",IF(Import.TipoArredondamento<>\"TransfereGOV\",VTOTAL1,SUM(OFFSET(CÁLCULO!$AA$15,ROW($X125)-ROW($X$15),1):OFFSET(CÁLCULO!$AL$15,ROW($X125)-ROW($X$15),-1))),IF($C125=0,0,ROUND(SomaAgrup,15-13*$AF$11)))","v":3876},"RA","RA",{"$f":"IF($C125=\"S\",IF($Z125=\"CP\",$X125,IF($Z125=\"RA\",(($X125)*QCI!$AA$3),0)),SomaAgrup)","v":3876},{"$f":"IF($C125=\"S\",IF($Z125=\"OU\",ROUND($X125,2),0),SomaAgrup)","v":0},{"$f":"IF($N125=\"\",\"\",IF(ORÇAMENTO.Descricao=\"\",\"DESCRIÇÃO\",IF(AND($C125=\"S\",ORÇAMENTO.Unidade=\"\"),\"UNIDADE\",IF($X125<0,\"VALOR NEGATIVO\",IF(OR(AND(TIPOORCAMENTO=\"Proposto\",$AG125<>\"\",$AG125>0,ORÇAMENTO.CustoUnitario>$AG125),AND(TIPOORCAMENTO=\"LICITADO\",ORÇAMENTO.PrecoUnitarioLicitado>$AN125)),\"ACIMA REF.\",\"\")))))","v":""},{"$f":"IF(C125<=CRONO.NivelExibicao,MAX($AD$15:OFFSET(AD125,-1,0))+IF($C125<>1,1,MAX(1,COUNTIF(QCI!$A$13:$A$24,OFFSET($E125,-1,0)))),\"\")","v":""},{"$f":"IF(AND($C125=\"S\",ORÇAMENTO.CodBarra<>\"\"),IF(ORÇAMENTO.Fonte=\"\",ORÇAMENTO.CodBarra,CONCATENATE(ORÇAMENTO.Fonte,\" \",ORÇAMENTO.CodBarra)))","v":"Composição 42"},{"$f":"IF(ISERROR(INDIRECT(ORÇAMENTO.BancoRef)),\"(abra o arquivo 'Referência \"&Excel_BuiltIn_Database&\".xlsm)\",IF(OR($C125<>\"S\",ORÇAMENTO.CodBarra=\"\"),\"(Sem Código)\",IF(ISERROR(MATCH($AE125,INDIRECT(ORÇAMENTO.BancoRef),0)),\"(Código não identificado nas referências)\",MATCH($AE125,INDIRECT(ORÇAMENTO.BancoRef),0))))","v":44},{"$f":"ROUND(IF(DESONERACAO=\"sim\",REFERENCIA.Desonerado,REFERENCIA.NaoDesonerado),2)","v":122.66},{"$f":"ROUND(IF(ISNUMBER(ORÇAMENTO.OpcaoBDI),ORÇAMENTO.OpcaoBDI,IF(LEFT(ORÇAMENTO.OpcaoBDI,3)=\"BDI\",HLOOKUP(ORÇAMENTO.OpcaoBDI,$F$4:$H$5,2,FALSE),0)),15-11*$AF$9)","v":0.26400000000000001},null,null,null,null,3876,{"$f":"ROUND(ORÇAMENTO.CustoUnitario*(1+$AH125),2)","v":155.04}]
[2,2,2,19,{"$f":"IF($C126=1,OFFSET(E126,-1,0)+MAX(1,COUNTIF(QCI!$A$13:$A$24,OFFSET(ORÇAMENTO!E126,-1,0))),OFFSET(E126,-1,0))","v":1},13,0,0,0,170,{"$f":"IF(OR($C126=\"S\",$C126=0),0,MATCH(OFFSET($D126,0,$C126)+IF($C126<>1,1,COUNTIF(QCI!$A$13:$A$24,ORÇAMENTO!E126)),OFFSET($D126,1,$C126,ROW($C$296)-ROW($C126)),0))","v":19},"F","Nível 2","Nível 2","1.13.","SINAPI",null,"INSTALAÇÕES HIDROSSANITÁRIAS (AGUA FRIA)",{"$f":"REFERENCIA.Unidade","v":"-"},{"$f":"OFFSET(CÁLCULO!H$15,ROW($T126)-ROW(T$15),0)","v":0},0,"BDI 1",{"$f":"IF($C126=\"S\",ROUND(IF(TIPOORCAMENTO=\"Proposto\",ORÇAMENTO.CustoUnitario*(1+$AH126),ORÇAMENTO.PrecoUnitarioLicitado),15-13*$AF$10),0)","v":0},{"$f":"IF($C126=\"S\",IF(Import.TipoArredondamento<>\"TransfereGOV\",VTOTAL1,SUM(OFFSET(CÁLCULO!$AA$15,ROW($X126)-ROW($X$15),1):OFFSET(CÁLCULO!$AL$15,ROW($X126)-ROW($X$15),-1))),IF($C126=0,0,ROUND(SomaAgrup,15-13*$AF$11)))","v":6698.75},"RA","",{"$f":"IF($C126=\"S\",IF($Z126=\"CP\",$X126,IF($Z126=\"RA\",(($X126)*QCI!$AA$3),0)),SomaAgrup)","v":6698.7500000000018},0,{"$f":"IF($N126=\"\",\"\",IF(ORÇAMENTO.Descricao=\"\",\"DESCRIÇÃO\",IF(AND($C126=\"S\",ORÇAMENTO.Unidade=\"\"),\"UNIDADE\",IF($X126<0,\"VALOR NEGATIVO\",IF(OR(AND(TIPOORCAMENTO=\"Proposto\",$AG126<>\"\",$AG126>0,ORÇAMENTO.CustoUnitario>$AG126),AND(TIPOORCAMENTO=\"LICITADO\",ORÇAMENTO.PrecoUnitarioLicitado>$AN126)),\"ACIMA REF.\",\"\")))))","v":""},{"$f":"IF(C126<=CRONO.NivelExibicao,MAX($AD$15:OFFSET(AD126,-1,0))+IF($C126<>1,1,MAX(1,COUNTIF(QCI!$A$13:$A$24,OFFSET($E126,-1,0)))),\"\")","v":16},{"$f":"IF(AND($C126=\"S\",ORÇAMENTO.CodBarra<>\"\"),IF(ORÇAMENTO.Fonte=\"\",ORÇAMENTO.CodBarra,CONCATENATE(ORÇAMENTO.Fonte,\" \",ORÇAMENTO.CodBarra)))","v":false},{"$f":"IF(ISERROR(INDIRECT(ORÇAMENTO.BancoRef)),\"(abra o arquivo 'Referência \"&Excel_BuiltIn_Database&\".xlsm)\",IF(OR($C126<>\"S\",ORÇAMENTO.CodBarra=\"\"),\"(Sem Código)\",IF(ISERROR(MATCH($AE126,INDIRECT(ORÇAMENTO.BancoRef),0)),\"(Código não identificado nas referências)\",MATCH($AE126,INDIRECT(ORÇAMENTO.BancoRef),0))))","v":"(Sem Código)"},{"$f":"ROUND(IF(DESONERACAO=\"sim\",REFERENCIA.Desonerado,REFERENCIA.NaoDesonerado),2)","v":0},0.26400000000000001,null,null,null,null,6698.75,0]
["S",2,"S",0,{"$f":"IF($C127=1,OFFSET(E127,-1,0)+MAX(1,COUNTIF(QCI!$A$13:$A$24,OFFSET(ORÇAMENTO!E127,-1,0))),OFFSET(E127,-1,0))","v":1},13,0,0,1,0,{"$f":"IF(OR($C127=\"S\",$C127=0),0,MATCH(OFFSET($D127,0,$C127)+IF($C127<>1,1,COUNTIF(QCI!$A$13:$A$24,ORÇAMENTO!E127)),OFFSET($D127,1,$C127,ROW($C$296)-ROW($C127)),0))","v":0},"F","Serviço","Serviço","1.13.0.1.","SINAPI","95657",{"$f":"IF($C127=\"S\",REFERENCIA.Descricao,\"(digite a descrição aqui)\")","v":"KIT CAVALETE PARA MEDIÇÃO DE ÁGUA - ENTRADA INDIVIDUALIZADA, EM PPR PN20 DN 25 MM (3/4\") PARA 1 MEDIDOR - FORNECIMENTO E INSTALAÇÃO (EXCLUSIVE HIDRÔMETRO). AF_03/2024"},{"$f":"REFERENCIA.Unidade","v":"UN"},{"$f":"OFFSET(CÁLCULO!H$15,ROW($T127)-ROW(T$15),0)","v":1},{"$f":"AG127","v":304.93},"BDI 1",{"$f":"IF($C127=\"S\",ROUND(IF(TIPOORCAMENTO=\"Proposto\",ORÇAMENTO.CustoUnitario*(1+$AH127),ORÇAMENTO.PrecoUnitarioLicitado),15-13*$AF$10),0)","v":385.43},{"$f":"IF($C127=\"S\",IF(Import.TipoArredondamento<>\"TransfereGOV\",VTOTAL1,SUM(OFFSET(CÁLCULO!$AA$15,ROW($X127)-ROW($X$15),1):OFFSET(CÁLCULO!$AL$15,ROW($X127)-ROW($X$15),-1))),IF($C127=0,0,ROUND(SomaAgrup,15-13*$AF$11)))","v":385.43},"RA","RA",{"$f":"IF($C127=\"S\",IF($Z127=\"CP\",$X127,IF($Z127=\"RA\",(($X127)*QCI!$AA$3),0)),SomaAgrup)","v":385.43},0,{"$f":"IF($N127=\"\",\"\",IF(ORÇAMENTO.Descricao=\"\",\"DESCRIÇÃO\",IF(AND($C127=\"S\",ORÇAMENTO.Unidade=\"\"),\"UNIDADE\",IF($X127<0,\"VALOR NEGATIVO\",IF(OR(AND(TIPOORCAMENTO=\"Proposto\",$AG127<>\"\",$AG127>0,ORÇAMENTO.CustoUnitario>$AG127),AND(TIPOORCAMENTO=\"LICITADO\",ORÇAMENTO.PrecoUnitarioLicitado>$AN127)),\"ACIMA REF.\",\"\")))))","v":""},{"$f":"IF(C127<=CRONO.NivelExibicao,MAX($AD$15:OFFSET(AD127,-1,0))+IF($C127<>1,1,MAX(1,COUNTIF(QCI!$A$13:$A$24,OFFSET($E127,-1,0)))),\"\")","v":""},{"$f":"IF(AND($C127=\"S\",ORÇAMENTO.CodBarra<>\"\"),IF(ORÇAMENTO.Fonte=\"\",ORÇAMENTO.CodBarra,CONCATENATE(ORÇAMENTO.Fonte,\" \",ORÇAMENTO.CodBarra)))","v":"SINAPI 95657"},{"$f":"IF(ISERROR(INDIRECT(ORÇAMENTO.BancoRef)),\"(abra o arquivo 'Referência \"&Excel_BuiltIn_Database&\".xlsm)\",IF(OR($C127<>\"S\",ORÇAMENTO.CodBarra=\"\"),\"(Sem Código)\",IF(ISERROR(MATCH($AE127,INDIRECT(ORÇAMENTO.BancoRef),0)),\"(Código não identificado nas referências)\",MATCH($AE127,INDIRECT(ORÇAMENTO.BancoRef),0))))","v":5559},{"$f":"ROUND(IF(DESONERACAO=\"sim\",REFERENCIA.Desonerado,REFERENCIA.NaoDesonerado),2)","v":304.93},0.26400000000000001,null,748,null,null,385.43,385.43]
[{"$f":"CHOOSE(1+LOG(1+2*(ORÇAMENTO.Nivel=\"Meta\")+4*(ORÇAMENTO.Nivel=\"Nível 2\")+8*(ORÇAMENTO.Nivel=\"Nível 3\")+16*(ORÇAMENTO.Nivel=\"Nível 4\")+32*(ORÇAMENTO.Nivel=\"Serviço\"),2),0,1,2,3,4,\"S\")","v":"S"},{"$f":"IF(OR(C128=\"s\",C128=0),OFFSET(B128,-1,0),C128)","v":2},{"$f":"IF(OFFSET(C128,-1,0)=\"L\",1,IF(OFFSET(C128,-1,0)=1,2,IF(OR(A128=\"s\",A128=0),\"S\",IF(AND(OFFSET(C128,-1,0)=2,A128=4),3,IF(AND(OR(OFFSET(C128,-1,0)=\"s\",OFFSET(C128,-1,0)=0),A128<>\"s\",A128>OFFSET(B128,-1,0)),OFFSET(B128,-1,0),A128)))))","v":"S"},{"$f":"IF(OR(C128=\"S\",C128=0),0,IF(ISERROR(K128),J128,SMALL(J128:K128,1)))","v":0},{"$f":"IF($C128=1,OFFSET(E128,-1,0)+MAX(1,COUNTIF(QCI!$A$13:$A$24,OFFSET(ORÇAMENTO!E128,-1,0))),OFFSET(E128,-1,0))","v":1},{"$f":"IF($C128=1,0,IF($C128=2,OFFSET(F128,-1,0)+1,OFFSET(F128,-1,0)))","v":13},{"$f":"IF(AND($C128<=2,$C128<>0),0,IF($C128=3,OFFSET(G128,-1,0)+1,OFFSET(G128,-1,0)))","v":0},{"$f":"IF(AND($C128<=3,$C128<>0),0,IF($C128=4,OFFSET(H128,-1,0)+1,OFFSET(H128,-1,0)))","v":0},{"$f":"IF(AND($C128<=4,$C128<>0),0,IF(AND($C128=\"S\",$X128>0),OFFSET(I128,-1,0)+1,OFFSET(I128,-1,0)))","v":2},0,{"$f":"IF(OR($C128=\"S\",$C128=0),0,MATCH(OFFSET($D128,0,$C128)+IF($C128<>1,1,COUNTIF(QCI!$A$13:$A$24,ORÇAMENTO!E128)),OFFSET($D128,1,$C128,ROW($C$296)-ROW($C128)),0))","v":0},{"$f":"IF(OR($X128>0,$C128=1,$C128=2,$C128=3,$C128=4),\"F\",\"\")","v":"F"},"Serviço",{"$f":"CHOOSE(1+LOG(1+2*(C128=1)+4*(C128=2)+8*(C128=3)+16*(C128=4)+32*(C128=\"S\"),2),\"\",\"Meta\",\"Nível 2\",\"Nível 3\",\"Nível 4\",\"Serviço\")","v":"Serviço"},{"$f":"IF(OR($C128=0,$L128=\"\"),\"-\",CONCATENATE(E128&\".\",IF(AND($A$5>=2,$C128>=2),F128&\".\",\"\"),IF(AND($A$5>=3,$C128>=3),G128&\".\",\"\"),IF(AND($A$5>=4,$C128>=4),H128&\".\",\"\"),IF($C128=\"S\",I128&\".\",\"\")))","v":"1.13.0.2."},"SINAPI","95676",{"$f":"IF($C128=\"S\",REFERENCIA.Descricao,\"(digite a descrição aqui)\")","v":"CAIXA EM CONCRETO PRÉ-MOLDADO PARA ABRIGO DE HIDRÔMETRO COM DN 20 MM - FORNECIMENTO E INSTALAÇÃO. AF_03/2024"},{"$f":"REFERENCIA.Unidade","v":"UN"},{"$f":"OFFSET(CÁLCULO!H$15,ROW($T128)-ROW(T$15),0)","v":1},130.24,"BDI 1",{"$f":"IF($C128=\"S\",ROUND(IF(TIPOORCAMENTO=\"Proposto\",ORÇAMENTO.CustoUnitario*(1+$AH128),ORÇAMENTO.PrecoUnitarioLicitado),15-13*$AF$10),0)","v":164.62},{"$f":"IF($C128=\"S\",IF(Import.TipoArredondamento<>\"TransfereGOV\",VTOTAL1,SUM(OFFSET(CÁLCULO!$AA$15,ROW($X128)-ROW($X$15),1):OFFSET(CÁLCULO!$AL$15,ROW($X128)-ROW($X$15),-1))),IF($C128=0,0,ROUND(SomaAgrup,15-13*$AF$11)))","v":164.62},"RA",{"$f":"IF(AND($C128=\"S\",$X128>0),IF(ISBLANK($Y128),\"RA\",LEFT($Y128,2)),\"\")","v":"RA"},{"$f":"IF($C128=\"S\",IF($Z128=\"CP\",$X128,IF($Z128=\"RA\",(($X128)*QCI!$AA$3),0)),SomaAgrup)","v":164.62},{"$f":"IF($C128=\"S\",IF($Z128=\"OU\",ROUND($X128,2),0),SomaAgrup)","v":0},{"$f":"IF($N128=\"\",\"\",IF(ORÇAMENTO.Descricao=\"\",\"DESCRIÇÃO\",IF(AND($C128=\"S\",ORÇAMENTO.Unidade=\"\"),\"UNIDADE\",IF($X128<0,\"VALOR NEGATIVO\",IF(OR(AND(TIPOORCAMENTO=\"Proposto\",$AG128<>\"\",$AG128>0,ORÇAMENTO.CustoUnitario>$AG128),AND(TIPOORCAMENTO=\"LICITADO\",ORÇAMENTO.PrecoUnitarioLicitado>$AN128)),\"ACIMA REF.\",\"\")))))","v":""},{"$f":"IF(C128<=CRONO.NivelExibicao,MAX($AD$15:OFFSET(AD128,-1,0))+IF($C128<>1,1,MAX(1,COUNTIF(QCI!$A$13:$A$24,OFFSET($E128,-1,0)))),\"\")","v":""},{"$f":"IF(AND($C128=\"S\",ORÇAMENTO.CodBarra<>\"\"),IF(ORÇAMENTO.Fonte=\"\",ORÇAMENTO.CodBarra,CONCATENATE(ORÇAMENTO.Fonte,\" \",ORÇAMENTO.CodBarra)))","v":"SINAPI 95676"},{"$f":"IF(ISERROR(INDIRECT(ORÇAMENTO.BancoRef)),\"(abra o arquivo 'Referência \"&Excel_BuiltIn_Database&\".xlsm)\",IF(OR($C128<>\"S\",ORÇAMENTO.CodBarra=\"\"),\"(Sem Código)\",IF(ISERROR(MATCH($AE128,INDIRECT(ORÇAMENTO.BancoRef),0)),\"(Código não identificado nas referências)\",MATCH($AE128,INDIRECT(ORÇAMENTO.BancoRef),0))))","v":5578},{"$f":"ROUND(IF(DESONERACAO=\"sim\",REFERENCIA.Desonerado,REFERENCIA.NaoDesonerado),2)","v":130.24},{"$f":"ROUND(IF(ISNUMBER(ORÇAMENTO.OpcaoBDI),ORÇAMENTO.OpcaoBDI,IF(LEFT(ORÇAMENTO.OpcaoBDI,3)=\"BDI\",HLOOKUP(ORÇAMENTO.OpcaoBDI,$F$4:$H$5,2,FALSE),0)),15-11*$AF$9)","v":0.26400000000000001},null,748,null,null,164.62,{"$f":"ROUND(ORÇAMENTO.CustoUnitario*(1+$AH128),2)","v":164.62}]
["S",{"$f":"IF(OR(C129=\"s\",C129=0),OFFSET(B129,-1,0),C129)","v":2},{"$f":"IF(OFFSET(C129,-1,0)=\"L\",1,IF(OFFSET(C129,-1,0)=1,2,IF(OR(A129=\"s\",A129=0),\"S\",IF(AND(OFFSET(C129,-1,0)=2,A129=4),3,IF(AND(OR(OFFSET(C129,-1,0)=\"s\",OFFSET(C129,-1,0)=0),A129<>\"s\",A129>OFFSET(B129,-1,0)),OFFSET(B129,-1,0),A129)))))","v":"S"},{"$f":"IF(OR(C129=\"S\",C129=0),0,IF(ISERROR(K129),J129,SMALL(J129:K129,1)))","v":0},{"$f":"IF($C129=1,OFFSET(E129,-1,0)+MAX(1,COUNTIF(QCI!$A$13:$A$24,OFFSET(ORÇAMENTO!E129,-1,0))),OFFSET(E129,-1,0))","v":1},{"$f":"IF($C129=1,0,IF($C129=2,OFFSET(F129,-1,0)+1,OFFSET(F129,-1,0)))","v":13},{"$f":"IF(AND($C129<=2,$C129<>0),0,IF($C129=3,OFFSET(G129,-1,0)+1,OFFSET(G129,-1,0)))","v":0},{"$f":"IF(AND($C129<=3,$C129<>0),0,IF($C129=4,OFFSET(H129,-1,0)+1,OFFSET(H129,-1,0)))","v":0},{"$f":"IF(AND($C129<=4,$C129<>0),0,IF(AND($C129=\"S\",$X129>0),OFFSET(I129,-1,0)+1,OFFSET(I129,-1,0)))","v":3},0,{"$f":"IF(OR($C129=\"S\",$C129=0),0,MATCH(OFFSET($D129,0,$C129)+IF($C129<>1,1,COUNTIF(QCI!$A$13:$A$24,ORÇAMENTO!E129)),OFFSET($D129,1,$C129,ROW($C$296)-ROW($C129)),0))","v":0},{"$f":"IF(OR($X129>0,$C129=1,$C129=2,$C129=3,$C129=4),\"F\",\"\")","v":"F"},"Serviço",{"$f":"CHOOSE(1+LOG(1+2*(C129=1)+4*(C129=2)+8*(C129=3)+16*(C129=4)+32*(C129=\"S\"),2),\"\",\"Meta\",\"Nível 2\",\"Nível 3\",\"Nível 4\",\"Serviço\")","v":"Serviço"},{"$f":"IF(OR($C129=0,$L129=\"\"),\"-\",CONCATENATE(E129&\".\",IF(AND($A$5>=2,$C129>=2),F129&\".\",\"\"),IF(AND($A$5>=3,$C129>=3),G129&\".\",\"\"),IF(AND($A$5>=4,$C129>=4),H129&\".\",\"\"),IF($C129=\"S\",I129&\".\",\"\")))","v":"1.13.0.3."},"SINAPI","94648",{"$f":"IF($C129=\"S\",REFERENCIA.Descricao,\"(digite a descrição aqui)\")","v":"TUBO, PVC, SOLDÁVEL, DE  25MM, INSTALADO EM RESERVAÇÃO PREDIAL DE ÁGUA - FORNECIMENTO E INSTALAÇÃO. AF_04/2024"},{"$f":"REFERENCIA.Unidade","v":"M"},{"$f":"OFFSET(CÁLCULO!H$15,ROW($T129)-ROW(T$15),0)","v":135.19999999999999},6.71,"BDI 1",{"$f":"IF($C129=\"S\",ROUND(IF(TIPOORCAMENTO=\"Proposto\",ORÇAMENTO.CustoUnitario*(1+$AH129),ORÇAMENTO.PrecoUnitarioLicitado),15-13*$AF$10),0)","v":8.48},{"$f":"IF($C129=\"S\",IF(Import.TipoArredondamento<>\"TransfereGOV\",VTOTAL1,SUM(OFFSET(CÁLCULO!$AA$15,ROW($X129)-ROW($X$15),1):OFFSET(CÁLCULO!$AL$15,ROW($X129)-ROW($X$15),-1))),IF($C129=0,0,ROUND(SomaAgrup,15-13*$AF$11)))","v":1146.5},"RA",{"$f":"IF(AND($C129=\"S\",$X129>0),IF(ISBLANK($Y129),\"RA\",LEFT($Y129,2)),\"\")","v":"RA"},{"$f":"IF($C129=\"S\",IF($Z129=\"CP\",$X129,IF($Z129=\"RA\",(($X129)*QCI!$AA$3),0)),SomaAgrup)","v":1146.5},0,{"$f":"IF($N129=\"\",\"\",IF(ORÇAMENTO.Descricao=\"\",\"DESCRIÇÃO\",IF(AND($C129=\"S\",ORÇAMENTO.Unidade=\"\"),\"UNIDADE\",IF($X129<0,\"VALOR NEGATIVO\",IF(OR(AND(TIPOORCAMENTO=\"Proposto\",$AG129<>\"\",$AG129>0,ORÇAMENTO.CustoUnitario>$AG129),AND(TIPOORCAMENTO=\"LICITADO\",ORÇAMENTO.PrecoUnitarioLicitado>$AN129)),\"ACIMA REF.\",\"\")))))","v":""},{"$f":"IF(C129<=CRONO.NivelExibicao,MAX($AD$15:OFFSET(AD129,-1,0))+IF($C129<>1,1,MAX(1,COUNTIF(QCI!$A$13:$A$24,OFFSET($E129,-1,0)))),\"\")","v":""},{"$f":"IF(AND($C129=\"S\",ORÇAMENTO.CodBarra<>\"\"),IF(ORÇAMENTO.Fonte=\"\",ORÇAMENTO.CodBarra,CONCATENATE(ORÇAMENTO.Fonte,\" \",ORÇAMENTO.CodBarra)))","v":"SINAPI 94648"},{"$f":"IF(ISERROR(INDIRECT(ORÇAMENTO.BancoRef)),\"(abra o arquivo 'Referência \"&Excel_BuiltIn_Database&\".xlsm)\",IF(OR($C129<>\"S\",ORÇAMENTO.CodBarra=\"\"),\"(Sem Código)\",IF(ISERROR(MATCH($AE129,INDIRECT(ORÇAMENTO.BancoRef),0)),\"(Código não identificado nas referências)\",MATCH($AE129,INDIRECT(ORÇAMENTO.BancoRef),0))))","v":3738},{"$f":"ROUND(IF(DESONERACAO=\"sim\",REFERENCIA.Desonerado,REFERENCIA.NaoDesonerado),2)","v":6.71},0.26400000000000001,null,null,null,null,1146.5,8.48]
["S",2,"S",0,{"$f":"IF($C130=1,OFFSET(E130,-1,0)+MAX(1,COUNTIF(QCI!$A$13:$A$24,OFFSET(ORÇAMENTO!E130,-1,0))),OFFSET(E130,-1,0))","v":1},13,0,0,4,0,{"$f":"IF(OR($C130=\"S\",$C130=0),0,MATCH(OFFSET($D130,0,$C130)+IF($C130<>1,1,COUNTIF(QCI!$A$13:$A$24,ORÇAMENTO!E130)),OFFSET($D130,1,$C130,ROW($C$296)-ROW($C130)),0))","v":0},"F","Serviço","Serviço","1.13.0.4.","SINAPI","89481",{"$f":"IF($C130=\"S\",REFERENCIA.Descricao,\"(digite a descrição aqui)\")","v":"JOELHO 90 GRAUS, PVC, SOLDÁVEL, DN 25MM, INSTALADO EM PRUMADA DE ÁGUA - FORNECIMENTO E INSTALAÇÃO. AF_06/2022"},{"$f":"REFERENCIA.Unidade","v":"UN"},{"$f":"OFFSET(CÁLCULO!H$15,ROW($T130)-ROW(T$15),0)","v":40},5.25,"BDI 1",{"$f":"IF($C130=\"S\",ROUND(IF(TIPOORCAMENTO=\"Proposto\",ORÇAMENTO.CustoUnitario*(1+$AH130),ORÇAMENTO.PrecoUnitarioLicitado),15-13*$AF$10),0)","v":6.64},{"$f":"IF($C130=\"S\",IF(Import.TipoArredondamento<>\"TransfereGOV\",VTOTAL1,SUM(OFFSET(CÁLCULO!$AA$15,ROW($X130)-ROW($X$15),1):OFFSET(CÁLCULO!$AL$15,ROW($X130)-ROW($X$15),-1))),IF($C130=0,0,ROUND(SomaAgrup,15-13*$AF$11)))","v":265.60000000000002},"RA","RA",{"$f":"IF($C130=\"S\",IF($Z130=\"CP\",$X130,IF($Z130=\"RA\",(($X130)*QCI!$AA$3),0)),SomaAgrup)","v":265.60000000000002},0,{"$f":"IF($N130=\"\",\"\",IF(ORÇAMENTO.Descricao=\"\",\"DESCRIÇÃO\",IF(AND($C130=\"S\",ORÇAMENTO.Unidade=\"\"),\"UNIDADE\",IF($X130<0,\"VALOR NEGATIVO\",IF(OR(AND(TIPOORCAMENTO=\"Proposto\",$AG130<>\"\",$AG130>0,ORÇAMENTO.CustoUnitario>$AG130),AND(TIPOORCAMENTO=\"LICITADO\",ORÇAMENTO.PrecoUnitarioLicitado>$AN130)),\"ACIMA REF.\",\"\")))))","v":""},{"$f":"IF(C130<=CRONO.NivelExibicao,MAX($AD$15:OFFSET(AD130,-1,0))+IF($C130<>1,1,MAX(1,COUNTIF(QCI!$A$13:$A$24,OFFSET($E130,-1,0)))),\"\")","v":""},{"$f":"IF(AND($C130=\"S\",ORÇAMENTO.CodBarra<>\"\"),IF(ORÇAMENTO.Fonte=\"\",ORÇAMENTO.CodBarra,CONCATENATE(ORÇAMENTO.Fonte,\" \",ORÇAMENTO.CodBarra)))","v":"SINAPI 89481"},{"$f":"IF(ISERROR(INDIRECT(ORÇAMENTO.BancoRef)),\"(abra o arquivo 'Referência \"&Excel_BuiltIn_Database&\".xlsm)\",IF(OR($C130<>\"S\",ORÇAMENTO.CodBarra=\"\"),\"(Sem Código)\",IF(ISERROR(MATCH($AE130,INDIRECT(ORÇAMENTO.BancoRef),0)),\"(Código não identificado nas referências)\",MATCH($AE130,INDIRECT(ORÇAMENTO.BancoRef),0))))","v":3963},{"$f":"ROUND(IF(DESONERACAO=\"sim\",REFERENCIA.Desonerado,REFERENCIA.NaoDesonerado),2)","v":5.25},0.26400000000000001,null,null,null,null,265.60000000000002,6.64]
["S",{"$f":"IF(OR(C131=\"s\",C131=0),OFFSET(B131,-1,0),C131)","v":2},{"$f":"IF(OFFSET(C131,-1,0)=\"L\",1,IF(OFFSET(C131,-1,0)=1,2,IF(OR(A131=\"s\",A131=0),\"S\",IF(AND(OFFSET(C131,-1,0)=2,A131=4),3,IF(AND(OR(OFFSET(C131,-1,0)=\"s\",OFFSET(C131,-1,0)=0),A131<>\"s\",A131>OFFSET(B131,-1,0)),OFFSET(B131,-1,0),A131)))))","v":"S"},{"$f":"IF(OR(C131=\"S\",C131=0),0,IF(ISERROR(K131),J131,SMALL(J131:K131,1)))","v":0},{"$f":"IF($C131=1,OFFSET(E131,-1,0)+MAX(1,COUNTIF(QCI!$A$13:$A$24,OFFSET(ORÇAMENTO!E131,-1,0))),OFFSET(E131,-1,0))","v":1},{"$f":"IF($C131=1,0,IF($C131=2,OFFSET(F131,-1,0)+1,OFFSET(F131,-1,0)))","v":13},{"$f":"IF(AND($C131<=2,$C131<>0),0,IF($C131=3,OFFSET(G131,-1,0)+1,OFFSET(G131,-1,0)))","v":0},{"$f":"IF(AND($C131<=3,$C131<>0),0,IF($C131=4,OFFSET(H131,-1,0)+1,OFFSET(H131,-1,0)))","v":0},{"$f":"IF(AND($C131<=4,$C131<>0),0,IF(AND($C131=\"S\",$X131>0),OFFSET(I131,-1,0)+1,OFFSET(I131,-1,0)))","v":5},0,{"$f":"IF(OR($C131=\"S\",$C131=0),0,MATCH(OFFSET($D131,0,$C131)+IF($C131<>1,1,COUNTIF(QCI!$A$13:$A$24,ORÇAMENTO!E131)),OFFSET($D131,1,$C131,ROW($C$296)-ROW($C131)),0))","v":0},{"$f":"IF(OR($X131>0,$C131=1,$C131=2,$C131=3,$C131=4),\"F\",\"\")","v":"F"},"Serviço",{"$f":"CHOOSE(1+LOG(1+2*(C131=1)+4*(C131=2)+8*(C131=3)+16*(C131=4)+32*(C131=\"S\"),2),\"\",\"Meta\",\"Nível 2\",\"Nível 3\",\"Nível 4\",\"Serviço\")","v":"Serviço"},{"$f":"IF(OR($C131=0,$L131=\"\"),\"-\",CONCATENATE(E131&\".\",IF(AND($A$5>=2,$C131>=2),F131&\".\",\"\"),IF(AND($A$5>=3,$C131>=3),G131&\".\",\"\"),IF(AND($A$5>=4,$C131>=4),H131&\".\",\"\"),IF($C131=\"S\",I131&\".\",\"\")))","v":"1.13.0.5."},"SINAPI","105170",{"$f":"IF($C131=\"S\",REFERENCIA.Descricao,\"(digite a descrição aqui)\")","v":"JOELHO PVC, SOLDÁVEL, 45 GRAUS, DN 25 MM, INSTALADO EM RESERVAÇÃO PREDIAL DE ÁGUA - FORNECIMENTO E INSTALAÇÃO. AF_04/2024"},{"$f":"REFERENCIA.Unidade","v":"UN"},{"$f":"OFFSET(CÁLCULO!H$15,ROW($T131)-ROW(T$15),0)","v":2},5.42,"BDI 1",{"$f":"IF($C131=\"S\",ROUND(IF(TIPOORCAMENTO=\"Proposto\",ORÇAMENTO.CustoUnitario*(1+$AH131),ORÇAMENTO.PrecoUnitarioLicitado),15-13*$AF$10),0)","v":6.85},{"$f":"IF($C131=\"S\",IF(Import.TipoArredondamento<>\"TransfereGOV\",VTOTAL1,SUM(OFFSET(CÁLCULO!$AA$15,ROW($X131)-ROW($X$15),1):OFFSET(CÁLCULO!$AL$15,ROW($X131)-ROW($X$15),-1))),IF($C131=0,0,ROUND(SomaAgrup,15-13*$AF$11)))","v":13.7},"RA",{"$f":"IF(AND($C131=\"S\",$X131>0),IF(ISBLANK($Y131),\"RA\",LEFT($Y131,2)),\"\")","v":"RA"},{"$f":"IF($C131=\"S\",IF($Z131=\"CP\",$X131,IF($Z131=\"RA\",(($X131)*QCI!$AA$3),0)),SomaAgrup)","v":13.7},0,{"$f":"IF($N131=\"\",\"\",IF(ORÇAMENTO.Descricao=\"\",\"DESCRIÇÃO\",IF(AND($C131=\"S\",ORÇAMENTO.Unidade=\"\"),\"UNIDADE\",IF($X131<0,\"VALOR NEGATIVO\",IF(OR(AND(TIPOORCAMENTO=\"Proposto\",$AG131<>\"\",$AG131>0,ORÇAMENTO.CustoUnitario>$AG131),AND(TIPOORCAMENTO=\"LICITADO\",ORÇAMENTO.PrecoUnitarioLicitado>$AN131)),\"ACIMA REF.\",\"\")))))","v":""},{"$f":"IF(C131<=CRONO.NivelExibicao,MAX($AD$15:OFFSET(AD131,-1,0))+IF($C131<>1,1,MAX(1,COUNTIF(QCI!$A$13:$A$24,OFFSET($E131,-1,0)))),\"\")","v":""},{"$f":"IF(AND($C131=\"S\",ORÇAMENTO.CodBarra<>\"\"),IF(ORÇAMENTO.Fonte=\"\",ORÇAMENTO.CodBarra,CONCATENATE(ORÇAMENTO.Fonte,\" \",ORÇAMENTO.CodBarra)))","v":"SINAPI 105170"},{"$f":"IF(ISERROR(INDIRECT(ORÇAMENTO.BancoRef)),\"(abra o arquivo 'Referência \"&Excel_BuiltIn_Database&\".xlsm)\",IF(OR($C131<>\"S\",ORÇAMENTO.CodBarra=\"\"),\"(Sem Código)\",IF(ISERROR(MATCH($AE131,INDIRECT(ORÇAMENTO.BancoRef),0)),\"(Código não identificado nas referências)\",MATCH($AE131,INDIRECT(ORÇAMENTO.BancoRef),0))))","v":5166},{"$f":"ROUND(IF(DESONERACAO=\"sim\",REFERENCIA.Desonerado,REFERENCIA.NaoDesonerado),2)","v":5.42},0.26400000000000001,null,null,null,null,13.7,6.85]
["S",2,"S",0,{"$f":"IF($C132=1,OFFSET(E132,-1,0)+MAX(1,COUNTIF(QCI!$A$13:$A$24,OFFSET(ORÇAMENTO!E132,-1,0))),OFFSET(E132,-1,0))","v":1},13,0,0,6,0,{"$f":"IF(OR($C132=\"S\",$C132=0),0,MATCH(OFFSET($D132,0,$C132)+IF($C132<>1,1,COUNTIF(QCI!$A$13:$A$24,ORÇAMENTO!E132)),OFFSET($D132,1,$C132,ROW($C$296)-ROW($C132)),0))","v":0},"F","Serviço","Serviço","1.13.0.6.","SINAPI","94688",{"$f":"IF($C132=\"S\",REFERENCIA.Descricao,\"(digite a descrição aqui)\")","v":"TÊ, PVC, SOLDÁVEL, DN  25 MM INSTALADO EM RESERVAÇÃO PREDIAL DE ÁGUA - FORNECIMENTO E INSTALAÇÃO. AF_04/2024"},{"$f":"REFERENCIA.Unidade","v":"UN"},{"$f":"OFFSET(CÁLCULO!H$15,ROW($T132)-ROW(T$15),0)","v":17},6.59,"BDI 1",{"$f":"IF($C132=\"S\",ROUND(IF(TIPOORCAMENTO=\"Proposto\",ORÇAMENTO.CustoUnitario*(1+$AH132),ORÇAMENTO.PrecoUnitarioLicitado),15-13*$AF$10),0)","v":8.33},{"$f":"IF($C132=\"S\",IF(Import.TipoArredondamento<>\"TransfereGOV\",VTOTAL1,SUM(OFFSET(CÁLCULO!$AA$15,ROW($X132)-ROW($X$15),1):OFFSET(CÁLCULO!$AL$15,ROW($X132)-ROW($X$15),-1))),IF($C132=0,0,ROUND(SomaAgrup,15-13*$AF$11)))","v":141.61000000000001},"RA","RA",{"$f":"IF($C132=\"S\",IF($Z132=\"CP\",$X132,IF($Z132=\"RA\",(($X132)*QCI!$AA$3),0)),SomaAgrup)","v":141.61000000000001},0,{"$f":"IF($N132=\"\",\"\",IF(ORÇAMENTO.Descricao=\"\",\"DESCRIÇÃO\",IF(AND($C132=\"S\",ORÇAMENTO.Unidade=\"\"),\"UNIDADE\",IF($X132<0,\"VALOR NEGATIVO\",IF(OR(AND(TIPOORCAMENTO=\"Proposto\",$AG132<>\"\",$AG132>0,ORÇAMENTO.CustoUnitario>$AG132),AND(TIPOORCAMENTO=\"LICITADO\",ORÇAMENTO.PrecoUnitarioLicitado>$AN132)),\"ACIMA REF.\",\"\")))))","v":""},{"$f":"IF(C132<=CRONO.NivelExibicao,MAX($AD$15:OFFSET(AD132,-1,0))+IF($C132<>1,1,MAX(1,COUNTIF(QCI!$A$13:$A$24,OFFSET($E132,-1,0)))),\"\")","v":""},{"$f":"IF(AND($C132=\"S\",ORÇAMENTO.CodBarra<>\"\"),IF(ORÇAMENTO.Fonte=\"\",ORÇAMENTO.CodBarra,CONCATENATE(ORÇAMENTO.Fonte,\" \",ORÇAMENTO.CodBarra)))","v":"SINAPI 94688"},{"$f":"IF(ISERROR(INDIRECT(ORÇAMENTO.BancoRef)),\"(abra o arquivo 'Referência \"&Excel_BuiltIn_Database&\".xlsm)\",IF(OR($C132<>\"S\",ORÇAMENTO.CodBarra=\"\"),\"(Sem Código)\",IF(ISERROR(MATCH($AE132,INDIRECT(ORÇAMENTO.BancoRef),0)),\"(Código não identificado nas referências)\",MATCH($AE132,INDIRECT(ORÇAMENTO.BancoRef),0))))","v":4601},{"$f":"ROUND(IF(DESONERACAO=\"sim\",REFERENCIA.Desonerado,REFERENCIA.NaoDesonerado),2)","v":6.59},0.26400000000000001,null,null,null,null,141.61000000000001,8.33]
[{"$f":"CHOOSE(1+LOG(1+2*(ORÇAMENTO.Nivel=\"Meta\")+4*(ORÇAMENTO.Nivel=\"Nível 2\")+8*(ORÇAMENTO.Nivel=\"Nível 3\")+16*(ORÇAMENTO.Nivel=\"Nível 4\")+32*(ORÇAMENTO.Nivel=\"Serviço\"),2),0,1,2,3,4,\"S\")","v":"S"},{"$f":"IF(OR(C133=\"s\",C133=0),OFFSET(B133,-1,0),C133)","v":2},{"$f":"IF(OFFSET(C133,-1,0)=\"L\",1,IF(OFFSET(C133,-1,0)=1,2,IF(OR(A133=\"s\",A133=0),\"S\",IF(AND(OFFSET(C133,-1,0)=2,A133=4),3,IF(AND(OR(OFFSET(C133,-1,0)=\"s\",OFFSET(C133,-1,0)=0),A133<>\"s\",A133>OFFSET(B133,-1,0)),OFFSET(B133,-1,0),A133)))))","v":"S"},{"$f":"IF(OR(C133=\"S\",C133=0),0,IF(ISERROR(K133),J133,SMALL(J133:K133,1)))","v":0},{"$f":"IF($C133=1,OFFSET(E133,-1,0)+MAX(1,COUNTIF(QCI!$A$13:$A$24,OFFSET(ORÇAMENTO!E133,-1,0))),OFFSET(E133,-1,0))","v":1},{"$f":"IF($C133=1,0,IF($C133=2,OFFSET(F133,-1,0)+1,OFFSET(F133,-1,0)))","v":13},{"$f":"IF(AND($C133<=2,$C133<>0),0,IF($C133=3,OFFSET(G133,-1,0)+1,OFFSET(G133,-1,0)))","v":0},{"$f":"IF(AND($C133<=3,$C133<>0),0,IF($C133=4,OFFSET(H133,-1,0)+1,OFFSET(H133,-1,0)))","v":0},{"$f":"IF(AND($C133<=4,$C133<>0),0,IF(AND($C133=\"S\",$X133>0),OFFSET(I133,-1,0)+1,OFFSET(I133,-1,0)))","v":7},0,{"$f":"IF(OR($C133=\"S\",$C133=0),0,MATCH(OFFSET($D133,0,$C133)+IF($C133<>1,1,COUNTIF(QCI!$A$13:$A$24,ORÇAMENTO!E133)),OFFSET($D133,1,$C133,ROW($C$296)-ROW($C133)),0))","v":0},{"$f":"IF(OR($X133>0,$C133=1,$C133=2,$C133=3,$C133=4),\"F\",\"\")","v":"F"},"Serviço",{"$f":"CHOOSE(1+LOG(1+2*(C133=1)+4*(C133=2)+8*(C133=3)+16*(C133=4)+32*(C133=\"S\"),2),\"\",\"Meta\",\"Nível 2\",\"Nível 3\",\"Nível 4\",\"Serviço\")","v":"Serviço"},{"$f":"IF(OR($C133=0,$L133=\"\"),\"-\",CONCATENATE(E133&\".\",IF(AND($A$5>=2,$C133>=2),F133&\".\",\"\"),IF(AND($A$5>=3,$C133>=3),G133&\".\",\"\"),IF(AND($A$5>=4,$C133>=4),H133&\".\",\"\"),IF($C133=\"S\",I133&\".\",\"\")))","v":"1.13.0.7."},"SINAPI","90374",{"$f":"IF($C133=\"S\",REFERENCIA.Descricao,\"(digite a descrição aqui)\")","v":"TÊ COM BUCHA DE LATÃO NA BOLSA CENTRAL, PVC, SOLDÁVEL, DN 25MM X 3/4 , INSTALADO EM RAMAL OU SUB-RAMAL DE ÁGUA - FORNECIMENTO E INSTALAÇÃO. AF_06/2022"},{"$f":"REFERENCIA.Unidade","v":"UN"},{"$f":"OFFSET(CÁLCULO!H$15,ROW($T133)-ROW(T$15),0)","v":8},21.94,"BDI 1",{"$f":"IF($C133=\"S\",ROUND(IF(TIPOORCAMENTO=\"Proposto\",ORÇAMENTO.CustoUnitario*(1+$AH133),ORÇAMENTO.PrecoUnitarioLicitado),15-13*$AF$10),0)","v":27.73},{"$f":"IF($C133=\"S\",IF(Import.TipoArredondamento<>\"TransfereGOV\",VTOTAL1,SUM(OFFSET(CÁLCULO!$AA$15,ROW($X133)-ROW($X$15),1):OFFSET(CÁLCULO!$AL$15,ROW($X133)-ROW($X$15),-1))),IF($C133=0,0,ROUND(SomaAgrup,15-13*$AF$11)))","v":221.84},"RA",{"$f":"IF(AND($C133=\"S\",$X133>0),IF(ISBLANK($Y133),\"RA\",LEFT($Y133,2)),\"\")","v":"RA"},{"$f":"IF($C133=\"S\",IF($Z133=\"CP\",$X133,IF($Z133=\"RA\",(($X133)*QCI!$AA$3),0)),SomaAgrup)","v":221.84},{"$f":"IF($C133=\"S\",IF($Z133=\"OU\",ROUND($X133,2),0),SomaAgrup)","v":0},{"$f":"IF($N133=\"\",\"\",IF(ORÇAMENTO.Descricao=\"\",\"DESCRIÇÃO\",IF(AND($C133=\"S\",ORÇAMENTO.Unidade=\"\"),\"UNIDADE\",IF($X133<0,\"VALOR NEGATIVO\",IF(OR(AND(TIPOORCAMENTO=\"Proposto\",$AG133<>\"\",$AG133>0,ORÇAMENTO.CustoUnitario>$AG133),AND(TIPOORCAMENTO=\"LICITADO\",ORÇAMENTO.PrecoUnitarioLicitado>$AN133)),\"ACIMA REF.\",\"\")))))","v":""},{"$f":"IF(C133<=CRONO.NivelExibicao,MAX($AD$15:OFFSET(AD133,-1,0))+IF($C133<>1,1,MAX(1,COUNTIF(QCI!$A$13:$A$24,OFFSET($E133,-1,0)))),\"\")","v":""},{"$f":"IF(AND($C133=\"S\",ORÇAMENTO.CodBarra<>\"\"),IF(ORÇAMENTO.Fonte=\"\",ORÇAMENTO.CodBarra,CONCATENATE(ORÇAMENTO.Fonte,\" \",ORÇAMENTO.CodBarra)))","v":"SINAPI 90374"},{"$f":"IF(ISERROR(INDIRECT(ORÇAMENTO.BancoRef)),\"(abra o arquivo 'Referência \"&Excel_BuiltIn_Database&\".xlsm)\",IF(OR($C133<>\"S\",ORÇAMENTO.CodBarra=\"\"),\"(Sem Código)\",IF(ISERROR(MATCH($AE133,INDIRECT(ORÇAMENTO.BancoRef),0)),\"(Código não identificado nas referências)\",MATCH($AE133,INDIRECT(ORÇAMENTO.BancoRef),0))))","v":4283},{"$f":"ROUND(IF(DESONERACAO=\"sim\",REFERENCIA.Desonerado,REFERENCIA.NaoDesonerado),2)","v":21.94},{"$f":"ROUND(IF(ISNUMBER(ORÇAMENTO.OpcaoBDI),ORÇAMENTO.OpcaoBDI,IF(LEFT(ORÇAMENTO.OpcaoBDI,3)=\"BDI\",HLOOKUP(ORÇAMENTO.OpcaoBDI,$F$4:$H$5,2,FALSE),0)),15-11*$AF$9)","v":0.26400000000000001},null,null,null,null,221.84,{"$f":"ROUND(ORÇAMENTO.CustoUnitario*(1+$AH133),2)","v":27.73}]
["S",2,"S",0,{"$f":"IF($C134=1,OFFSET(E134,-1,0)+MAX(1,COUNTIF(QCI!$A$13:$A$24,OFFSET(ORÇAMENTO!E134,-1,0))),OFFSET(E134,-1,0))","v":1},13,0,0,8,0,{"$f":"IF(OR($C134=\"S\",$C134=0),0,MATCH(OFFSET($D134,0,$C134)+IF($C134<>1,1,COUNTIF(QCI!$A$13:$A$24,ORÇAMENTO!E134)),OFFSET($D134,1,$C134,ROW($C$296)-ROW($C134)),0))","v":0},"F","Serviço","Serviço","1.13.0.8.","SINAPI","94672",{"$f":"IF($C134=\"S\",REFERENCIA.Descricao,\"(digite a descrição aqui)\")","v":"JOELHO 90 GRAUS COM BUCHA DE LATÃO, PVC, SOLDÁVEL, DN  25 MM X 3/4\", INSTALADO EM RESERVAÇÃO PREDIAL DE ÁGUA - FORNECIMENTO E INSTALAÇÃO. AF_04/2024"},{"$f":"REFERENCIA.Unidade","v":"UN"},{"$f":"OFFSET(CÁLCULO!H$15,ROW($T134)-ROW(T$15),0)","v":34},5.86,"BDI 1",{"$f":"IF($C134=\"S\",ROUND(IF(TIPOORCAMENTO=\"Proposto\",ORÇAMENTO.CustoUnitario*(1+$AH134),ORÇAMENTO.PrecoUnitarioLicitado),15-13*$AF$10),0)","v":7.41},{"$f":"IF($C134=\"S\",IF(Import.TipoArredondamento<>\"TransfereGOV\",VTOTAL1,SUM(OFFSET(CÁLCULO!$AA$15,ROW($X134)-ROW($X$15),1):OFFSET(CÁLCULO!$AL$15,ROW($X134)-ROW($X$15),-1))),IF($C134=0,0,ROUND(SomaAgrup,15-13*$AF$11)))","v":251.94},"RA","RA",{"$f":"IF($C134=\"S\",IF($Z134=\"CP\",$X134,IF($Z134=\"RA\",(($X134)*QCI!$AA$3),0)),SomaAgrup)","v":251.94},0,{"$f":"IF($N134=\"\",\"\",IF(ORÇAMENTO.Descricao=\"\",\"DESCRIÇÃO\",IF(AND($C134=\"S\",ORÇAMENTO.Unidade=\"\"),\"UNIDADE\",IF($X134<0,\"VALOR NEGATIVO\",IF(OR(AND(TIPOORCAMENTO=\"Proposto\",$AG134<>\"\",$AG134>0,ORÇAMENTO.CustoUnitario>$AG134),AND(TIPOORCAMENTO=\"LICITADO\",ORÇAMENTO.PrecoUnitarioLicitado>$AN134)),\"ACIMA REF.\",\"\")))))","v":""},{"$f":"IF(C134<=CRONO.NivelExibicao,MAX($AD$15:OFFSET(AD134,-1,0))+IF($C134<>1,1,MAX(1,COUNTIF(QCI!$A$13:$A$24,OFFSET($E134,-1,0)))),\"\")","v":""},{"$f":"IF(AND($C134=\"S\",ORÇAMENTO.CodBarra<>\"\"),IF(ORÇAMENTO.Fonte=\"\",ORÇAMENTO.CodBarra,CONCATENATE(ORÇAMENTO.Fonte,\" \",ORÇAMENTO.CodBarra)))","v":"SINAPI 94672"},{"$f":"IF(ISERROR(INDIRECT(ORÇAMENTO.BancoRef)),\"(abra o arquivo 'Referência \"&Excel_BuiltIn_Database&\".xlsm)\",IF(OR($C134<>\"S\",ORÇAMENTO.CodBarra=\"\"),\"(Sem Código)\",IF(ISERROR(MATCH($AE134,INDIRECT(ORÇAMENTO.BancoRef),0)),\"(Código não identificado nas referências)\",MATCH($AE134,INDIRECT(ORÇAMENTO.BancoRef),0))))","v":4585},{"$f":"ROUND(IF(DESONERACAO=\"sim\",REFERENCIA.Desonerado,REFERENCIA.NaoDesonerado),2)","v":5.86},0.26400000000000001,null,null,null,null,251.94,7.41]
["S",2,"S",0,{"$f":"IF($C135=1,OFFSET(E135,-1,0)+MAX(1,COUNTIF(QCI!$A$13:$A$24,OFFSET(ORÇAMENTO!E135,-1,0))),OFFSET(E135,-1,0))","v":1},13,0,0,9,0,{"$f":"IF(OR($C135=\"S\",$C135=0),0,MATCH(OFFSET($D135,0,$C135)+IF($C135<>1,1,COUNTIF(QCI!$A$13:$A$24,ORÇAMENTO!E135)),OFFSET($D135,1,$C135,ROW($C$296)-ROW($C135)),0))","v":0},"F","Serviço","Serviço","1.13.0.9.","SINAPI","86916",{"$f":"IF($C135=\"S\",REFERENCIA.Descricao,\"(digite a descrição aqui)\")","v":"TORNEIRA PLÁSTICA 3/4\" PARA TANQUE - FORNECIMENTO E INSTALAÇÃO. AF_01/2020"},{"$f":"REFERENCIA.Unidade","v":"UN"},{"$f":"OFFSET(CÁLCULO!H$15,ROW($T135)-ROW(T$15),0)","v":1},24.48,"BDI 1",{"$f":"IF($C135=\"S\",ROUND(IF(TIPOORCAMENTO=\"Proposto\",ORÇAMENTO.CustoUnitario*(1+$AH135),ORÇAMENTO.PrecoUnitarioLicitado),15-13*$AF$10),0)","v":30.94},{"$f":"IF($C135=\"S\",IF(Import.TipoArredondamento<>\"TransfereGOV\",VTOTAL1,SUM(OFFSET(CÁLCULO!$AA$15,ROW($X135)-ROW($X$15),1):OFFSET(CÁLCULO!$AL$15,ROW($X135)-ROW($X$15),-1))),IF($C135=0,0,ROUND(SomaAgrup,15-13*$AF$11)))","v":30.94},"RA","RA",{"$f":"IF($C135=\"S\",IF($Z135=\"CP\",$X135,IF($Z135=\"RA\",(($X135)*QCI!$AA$3),0)),SomaAgrup)","v":30.94},0,{"$f":"IF($N135=\"\",\"\",IF(ORÇAMENTO.Descricao=\"\",\"DESCRIÇÃO\",IF(AND($C135=\"S\",ORÇAMENTO.Unidade=\"\"),\"UNIDADE\",IF($X135<0,\"VALOR NEGATIVO\",IF(OR(AND(TIPOORCAMENTO=\"Proposto\",$AG135<>\"\",$AG135>0,ORÇAMENTO.CustoUnitario>$AG135),AND(TIPOORCAMENTO=\"LICITADO\",ORÇAMENTO.PrecoUnitarioLicitado>$AN135)),\"ACIMA REF.\",\"\")))))","v":""},{"$f":"IF(C135<=CRONO.NivelExibicao,MAX($AD$15:OFFSET(AD135,-1,0))+IF($C135<>1,1,MAX(1,COUNTIF(QCI!$A$13:$A$24,OFFSET($E135,-1,0)))),\"\")","v":""},{"$f":"IF(AND($C135=\"S\",ORÇAMENTO.CodBarra<>\"\"),IF(ORÇAMENTO.Fonte=\"\",ORÇAMENTO.CodBarra,CONCATENATE(ORÇAMENTO.Fonte,\" \",ORÇAMENTO.CodBarra)))","v":"SINAPI 86916"},{"$f":"IF(ISERROR(INDIRECT(ORÇAMENTO.BancoRef)),\"(abra o arquivo 'Referência \"&Excel_BuiltIn_Database&\".xlsm)\",IF(OR($C135<>\"S\",ORÇAMENTO.CodBarra=\"\"),\"(Sem Código)\",IF(ISERROR(MATCH($AE135,INDIRECT(ORÇAMENTO.BancoRef),0)),\"(Código não identificado nas referências)\",MATCH($AE135,INDIRECT(ORÇAMENTO.BancoRef),0))))","v":5335},{"$f":"ROUND(IF(DESONERACAO=\"sim\",REFERENCIA.Desonerado,REFERENCIA.NaoDesonerado),2)","v":24.48},0.26400000000000001,null,null,null,null,30.94,30.94]
["S",2,"S",0,{"$f":"IF($C136=1,OFFSET(E136,-1,0)+MAX(1,COUNTIF(QCI!$A$13:$A$24,OFFSET(ORÇAMENTO!E136,-1,0))),OFFSET(E136,-1,0))","v":1},13,0,0,10,0,{"$f":"IF(OR($C136=\"S\",$C136=0),0,MATCH(OFFSET($D136,0,$C136)+IF($C136<>1,1,COUNTIF(QCI!$A$13:$A$24,ORÇAMENTO!E136)),OFFSET($D136,1,$C136,ROW($C$296)-ROW($C136)),0))","v":0},"F","Serviço","Serviço","1.13.0.10.","SINAPI","94495",{"$f":"IF($C136=\"S\",REFERENCIA.Descricao,\"(digite a descrição aqui)\")","v":"REGISTRO DE GAVETA BRUTO, LATÃO, ROSCÁVEL, 1\" - FORNECIMENTO E INSTALAÇÃO. AF_08/2021"},{"$f":"REFERENCIA.Unidade","v":"UN"},{"$f":"OFFSET(CÁLCULO!H$15,ROW($T136)-ROW(T$15),0)","v":2},74.58,"BDI 1",{"$f":"IF($C136=\"S\",ROUND(IF(TIPOORCAMENTO=\"Proposto\",ORÇAMENTO.CustoUnitario*(1+$AH136),ORÇAMENTO.PrecoUnitarioLicitado),15-13*$AF$10),0)","v":94.27},{"$f":"IF($C136=\"S\",IF(Import.TipoArredondamento<>\"TransfereGOV\",VTOTAL1,SUM(OFFSET(CÁLCULO!$AA$15,ROW($X136)-ROW($X$15),1):OFFSET(CÁLCULO!$AL$15,ROW($X136)-ROW($X$15),-1))),IF($C136=0,0,ROUND(SomaAgrup,15-13*$AF$11)))","v":188.54},"RA","RA",{"$f":"IF($C136=\"S\",IF($Z136=\"CP\",$X136,IF($Z136=\"RA\",(($X136)*QCI!$AA$3),0)),SomaAgrup)","v":188.54},0,{"$f":"IF($N136=\"\",\"\",IF(ORÇAMENTO.Descricao=\"\",\"DESCRIÇÃO\",IF(AND($C136=\"S\",ORÇAMENTO.Unidade=\"\"),\"UNIDADE\",IF($X136<0,\"VALOR NEGATIVO\",IF(OR(AND(TIPOORCAMENTO=\"Proposto\",$AG136<>\"\",$AG136>0,ORÇAMENTO.CustoUnitario>$AG136),AND(TIPOORCAMENTO=\"LICITADO\",ORÇAMENTO.PrecoUnitarioLicitado>$AN136)),\"ACIMA REF.\",\"\")))))","v":""},{"$f":"IF(C136<=CRONO.NivelExibicao,MAX($AD$15:OFFSET(AD136,-1,0))+IF($C136<>1,1,MAX(1,COUNTIF(QCI!$A$13:$A$24,OFFSET($E136,-1,0)))),\"\")","v":""},{"$f":"IF(AND($C136=\"S\",ORÇAMENTO.CodBarra<>\"\"),IF(ORÇAMENTO.Fonte=\"\",ORÇAMENTO.CodBarra,CONCATENATE(ORÇAMENTO.Fonte,\" \",ORÇAMENTO.CodBarra)))","v":"SINAPI 94495"},{"$f":"IF(ISERROR(INDIRECT(ORÇAMENTO.BancoRef)),\"(abra o arquivo 'Referência \"&Excel_BuiltIn_Database&\".xlsm)\",IF(OR($C136<>\"S\",ORÇAMENTO.CodBarra=\"\"),\"(Sem Código)\",IF(ISERROR(MATCH($AE136,INDIRECT(ORÇAMENTO.BancoRef),0)),\"(Código não identificado nas referências)\",MATCH($AE136,INDIRECT(ORÇAMENTO.BancoRef),0))))","v":5469},{"$f":"ROUND(IF(DESONERACAO=\"sim\",REFERENCIA.Desonerado,REFERENCIA.NaoDesonerado),2)","v":74.58},0.26400000000000001,null,null,null,null,188.54,94.27]
["S",2,"S",0,{"$f":"IF($C137=1,OFFSET(E137,-1,0)+MAX(1,COUNTIF(QCI!$A$13:$A$24,OFFSET(ORÇAMENTO!E137,-1,0))),OFFSET(E137,-1,0))","v":1},13,0,0,11,0,{"$f":"IF(OR($C137=\"S\",$C137=0),0,MATCH(OFFSET($D137,0,$C137)+IF($C137<>1,1,COUNTIF(QCI!$A$13:$A$24,ORÇAMENTO!E137)),OFFSET($D137,1,$C137,ROW($C$296)-ROW($C137)),0))","v":0},"F","Serviço","Serviço","1.13.0.11.","Composição","30",{"$f":"IF($C137=\"S\",REFERENCIA.Descricao,\"(digite a descrição aqui)\")","v":"CAIXA D'ÁGUA EM POLIETILENO, 500 LITROS, (INCLUSOS TUBOS, 2 REGISTRO 25MM, 1 REGISTRO 32MM OUTRAS CONEXÕES E TORNEIRA DE BÓIA) - FORNECIMENTO E INSTALAÇÃO  (BASE 102622)"},{"$f":"REFERENCIA.Unidade","v":"UNIDADE"},{"$f":"OFFSET(CÁLCULO!H$15,ROW($T137)-ROW(T$15),0)","v":2},660.66,"BDI 1",{"$f":"IF($C137=\"S\",ROUND(IF(TIPOORCAMENTO=\"Proposto\",ORÇAMENTO.CustoUnitario*(1+$AH137),ORÇAMENTO.PrecoUnitarioLicitado),15-13*$AF$10),0)","v":835.07},{"$f":"IF($C137=\"S\",IF(Import.TipoArredondamento<>\"TransfereGOV\",VTOTAL1,SUM(OFFSET(CÁLCULO!$AA$15,ROW($X137)-ROW($X$15),1):OFFSET(CÁLCULO!$AL$15,ROW($X137)-ROW($X$15),-1))),IF($C137=0,0,ROUND(SomaAgrup,15-13*$AF$11)))","v":1670.14},"RA","RA",{"$f":"IF($C137=\"S\",IF($Z137=\"CP\",$X137,IF($Z137=\"RA\",(($X137)*QCI!$AA$3),0)),SomaAgrup)","v":1670.14},0,{"$f":"IF($N137=\"\",\"\",IF(ORÇAMENTO.Descricao=\"\",\"DESCRIÇÃO\",IF(AND($C137=\"S\",ORÇAMENTO.Unidade=\"\"),\"UNIDADE\",IF($X137<0,\"VALOR NEGATIVO\",IF(OR(AND(TIPOORCAMENTO=\"Proposto\",$AG137<>\"\",$AG137>0,ORÇAMENTO.CustoUnitario>$AG137),AND(TIPOORCAMENTO=\"LICITADO\",ORÇAMENTO.PrecoUnitarioLicitado>$AN137)),\"ACIMA REF.\",\"\")))))","v":""},{"$f":"IF(C137<=CRONO.NivelExibicao,MAX($AD$15:OFFSET(AD137,-1,0))+IF($C137<>1,1,MAX(1,COUNTIF(QCI!$A$13:$A$24,OFFSET($E137,-1,0)))),\"\")","v":""},{"$f":"IF(AND($C137=\"S\",ORÇAMENTO.CodBarra<>\"\"),IF(ORÇAMENTO.Fonte=\"\",ORÇAMENTO.CodBarra,CONCATENATE(ORÇAMENTO.Fonte,\" \",ORÇAMENTO.CodBarra)))","v":"Composição 30"},{"$f":"IF(ISERROR(INDIRECT(ORÇAMENTO.BancoRef)),\"(abra o arquivo 'Referência \"&Excel_BuiltIn_Database&\".xlsm)\",IF(OR($C137<>\"S\",ORÇAMENTO.CodBarra=\"\"),\"(Sem Código)\",IF(ISERROR(MATCH($AE137,INDIRECT(ORÇAMENTO.BancoRef),0)),\"(Código não identificado nas referências)\",MATCH($AE137,INDIRECT(ORÇAMENTO.BancoRef),0))))","v":32},{"$f":"ROUND(IF(DESONERACAO=\"sim\",REFERENCIA.Desonerado,REFERENCIA.NaoDesonerado),2)","v":660.66},0.26400000000000001,null,null,null,null,1670.14,835.07]
["S",2,"S",0,{"$f":"IF($C138=1,OFFSET(E138,-1,0)+MAX(1,COUNTIF(QCI!$A$13:$A$24,OFFSET(ORÇAMENTO!E138,-1,0))),OFFSET(E138,-1,0))","v":1},13,0,0,12,0,{"$f":"IF(OR($C138=\"S\",$C138=0),0,MATCH(OFFSET($D138,0,$C138)+IF($C138<>1,1,COUNTIF(QCI!$A$13:$A$24,ORÇAMENTO!E138)),OFFSET($D138,1,$C138,ROW($C$296)-ROW($C138)),0))","v":0},"F","Serviço","Serviço","1.13.0.12.","SINAPI","94649",{"$f":"IF($C138=\"S\",REFERENCIA.Descricao,\"(digite a descrição aqui)\")","v":"TUBO, PVC, SOLDÁVEL, DE 32MM, INSTALADO EM RESERVAÇÃO PREDIAL DE ÁGUA - FORNECIMENTO E INSTALAÇÃO. AF_04/2024"},{"$f":"REFERENCIA.Unidade","v":"M"},{"$f":"OFFSET(CÁLCULO!H$15,ROW($T138)-ROW(T$15),0)","v":39.369999999999997},12.65,"BDI 1",{"$f":"IF($C138=\"S\",ROUND(IF(TIPOORCAMENTO=\"Proposto\",ORÇAMENTO.CustoUnitario*(1+$AH138),ORÇAMENTO.PrecoUnitarioLicitado),15-13*$AF$10),0)","v":15.99},{"$f":"IF($C138=\"S\",IF(Import.TipoArredondamento<>\"TransfereGOV\",VTOTAL1,SUM(OFFSET(CÁLCULO!$AA$15,ROW($X138)-ROW($X$15),1):OFFSET(CÁLCULO!$AL$15,ROW($X138)-ROW($X$15),-1))),IF($C138=0,0,ROUND(SomaAgrup,15-13*$AF$11)))","v":629.53},"RA","RA",{"$f":"IF($C138=\"S\",IF($Z138=\"CP\",$X138,IF($Z138=\"RA\",(($X138)*QCI!$AA$3),0)),SomaAgrup)","v":629.53},0,{"$f":"IF($N138=\"\",\"\",IF(ORÇAMENTO.Descricao=\"\",\"DESCRIÇÃO\",IF(AND($C138=\"S\",ORÇAMENTO.Unidade=\"\"),\"UNIDADE\",IF($X138<0,\"VALOR NEGATIVO\",IF(OR(AND(TIPOORCAMENTO=\"Proposto\",$AG138<>\"\",$AG138>0,ORÇAMENTO.CustoUnitario>$AG138),AND(TIPOORCAMENTO=\"LICITADO\",ORÇAMENTO.PrecoUnitarioLicitado>$AN138)),\"ACIMA REF.\",\"\")))))","v":""},{"$f":"IF(C138<=CRONO.NivelExibicao,MAX($AD$15:OFFSET(AD138,-1,0))+IF($C138<>1,1,MAX(1,COUNTIF(QCI!$A$13:$A$24,OFFSET($E138,-1,0)))),\"\")","v":""},{"$f":"IF(AND($C138=\"S\",ORÇAMENTO.CodBarra<>\"\"),IF(ORÇAMENTO.Fonte=\"\",ORÇAMENTO.CodBarra,CONCATENATE(ORÇAMENTO.Fonte,\" \",ORÇAMENTO.CodBarra)))","v":"SINAPI 94649"},{"$f":"IF(ISERROR(INDIRECT(ORÇAMENTO.BancoRef)),\"(abra o arquivo 'Referência \"&Excel_BuiltIn_Database&\".xlsm)\",IF(OR($C138<>\"S\",ORÇAMENTO.CodBarra=\"\"),\"(Sem Código)\",IF(ISERROR(MATCH($AE138,INDIRECT(ORÇAMENTO.BancoRef),0)),\"(Código não identificado nas referências)\",MATCH($AE138,INDIRECT(ORÇAMENTO.BancoRef),0))))","v":3739},{"$f":"ROUND(IF(DESONERACAO=\"sim\",REFERENCIA.Desonerado,REFERENCIA.NaoDesonerado),2)","v":12.65},0.26400000000000001,null,null,null,null,629.53,15.99]
["S",2,"S",0,{"$f":"IF($C139=1,OFFSET(E139,-1,0)+MAX(1,COUNTIF(QCI!$A$13:$A$24,OFFSET(ORÇAMENTO!E139,-1,0))),OFFSET(E139,-1,0))","v":1},13,0,0,13,0,{"$f":"IF(OR($C139=\"S\",$C139=0),0,MATCH(OFFSET($D139,0,$C139)+IF($C139<>1,1,COUNTIF(QCI!$A$13:$A$24,ORÇAMENTO!E139)),OFFSET($D139,1,$C139,ROW($C$296)-ROW($C139)),0))","v":0},"F","Serviço","Serviço","1.13.0.13.","SINAPI","94690",{"$f":"IF($C139=\"S\",REFERENCIA.Descricao,\"(digite a descrição aqui)\")","v":"TÊ, PVC, SOLDÁVEL, DN 32 MM INSTALADO EM RESERVAÇÃO PREDIAL DE ÁGUA - FORNECIMENTO E INSTALAÇÃO. AF_04/2024"},{"$f":"REFERENCIA.Unidade","v":"UN"},{"$f":"OFFSET(CÁLCULO!H$15,ROW($T139)-ROW(T$15),0)","v":6},11.01,"BDI 1",{"$f":"IF($C139=\"S\",ROUND(IF(TIPOORCAMENTO=\"Proposto\",ORÇAMENTO.CustoUnitario*(1+$AH139),ORÇAMENTO.PrecoUnitarioLicitado),15-13*$AF$10),0)","v":13.92},{"$f":"IF($C139=\"S\",IF(Import.TipoArredondamento<>\"TransfereGOV\",VTOTAL1,SUM(OFFSET(CÁLCULO!$AA$15,ROW($X139)-ROW($X$15),1):OFFSET(CÁLCULO!$AL$15,ROW($X139)-ROW($X$15),-1))),IF($C139=0,0,ROUND(SomaAgrup,15-13*$AF$11)))","v":83.52},"RA","RA",{"$f":"IF($C139=\"S\",IF($Z139=\"CP\",$X139,IF($Z139=\"RA\",(($X139)*QCI!$AA$3),0)),SomaAgrup)","v":83.52},0,{"$f":"IF($N139=\"\",\"\",IF(ORÇAMENTO.Descricao=\"\",\"DESCRIÇÃO\",IF(AND($C139=\"S\",ORÇAMENTO.Unidade=\"\"),\"UNIDADE\",IF($X139<0,\"VALOR NEGATIVO\",IF(OR(AND(TIPOORCAMENTO=\"Proposto\",$AG139<>\"\",$AG139>0,ORÇAMENTO.CustoUnitario>$AG139),AND(TIPOORCAMENTO=\"LICITADO\",ORÇAMENTO.PrecoUnitarioLicitado>$AN139)),\"ACIMA REF.\",\"\")))))","v":""},{"$f":"IF(C139<=CRONO.NivelExibicao,MAX($AD$15:OFFSET(AD139,-1,0))+IF($C139<>1,1,MAX(1,COUNTIF(QCI!$A$13:$A$24,OFFSET($E139,-1,0)))),\"\")","v":""},{"$f":"IF(AND($C139=\"S\",ORÇAMENTO.CodBarra<>\"\"),IF(ORÇAMENTO.Fonte=\"\",ORÇAMENTO.CodBarra,CONCATENATE(ORÇAMENTO.Fonte,\" \",ORÇAMENTO.CodBarra)))","v":"SINAPI 94690"},{"$f":"IF(ISERROR(INDIRECT(ORÇAMENTO.BancoRef)),\"(abra o arquivo 'Referência \"&Excel_BuiltIn_Database&\".xlsm)\",IF(OR($C139<>\"S\",ORÇAMENTO.CodBarra=\"\"),\"(Sem Código)\",IF(ISERROR(MATCH($AE139,INDIRECT(ORÇAMENTO.BancoRef),0)),\"(Código não identificado nas referências)\",MATCH($AE139,INDIRECT(ORÇAMENTO.BancoRef),0))))","v":4603},{"$f":"ROUND(IF(DESONERACAO=\"sim\",REFERENCIA.Desonerado,REFERENCIA.NaoDesonerado),2)","v":11.01},0.26400000000000001,null,null,null,null,83.52,13.92]
["S",2,"S",0,{"$f":"IF($C140=1,OFFSET(E140,-1,0)+MAX(1,COUNTIF(QCI!$A$13:$A$24,OFFSET(ORÇAMENTO!E140,-1,0))),OFFSET(E140,-1,0))","v":1},13,0,0,14,0,{"$f":"IF(OR($C140=\"S\",$C140=0),0,MATCH(OFFSET($D140,0,$C140)+IF($C140<>1,1,COUNTIF(QCI!$A$13:$A$24,ORÇAMENTO!E140)),OFFSET($D140,1,$C140,ROW($C$296)-ROW($C140)),0))","v":0},"F","Serviço","Serviço","1.13.0.14.","SINAPI","94674",{"$f":"IF($C140=\"S\",REFERENCIA.Descricao,\"(digite a descrição aqui)\")","v":"JOELHO 90 GRAUS, PVC, SOLDÁVEL, DN 32 MM INSTALADO EM RESERVAÇÃO PREDIAL DE ÁGUA - FORNECIMENTO E INSTALAÇÃO. AF_04/2024"},{"$f":"REFERENCIA.Unidade","v":"UN"},{"$f":"OFFSET(CÁLCULO!H$15,ROW($T140)-ROW(T$15),0)","v":10},7.62,"BDI 1",{"$f":"IF($C140=\"S\",ROUND(IF(TIPOORCAMENTO=\"Proposto\",ORÇAMENTO.CustoUnitario*(1+$AH140),ORÇAMENTO.PrecoUnitarioLicitado),15-13*$AF$10),0)","v":9.6300000000000008},{"$f":"IF($C140=\"S\",IF(Import.TipoArredondamento<>\"TransfereGOV\",VTOTAL1,SUM(OFFSET(CÁLCULO!$AA$15,ROW($X140)-ROW($X$15),1):OFFSET(CÁLCULO!$AL$15,ROW($X140)-ROW($X$15),-1))),IF($C140=0,0,ROUND(SomaAgrup,15-13*$AF$11)))","v":96.3},"RA","RA",{"$f":"IF($C140=\"S\",IF($Z140=\"CP\",$X140,IF($Z140=\"RA\",(($X140)*QCI!$AA$3),0)),SomaAgrup)","v":96.3},0,{"$f":"IF($N140=\"\",\"\",IF(ORÇAMENTO.Descricao=\"\",\"DESCRIÇÃO\",IF(AND($C140=\"S\",ORÇAMENTO.Unidade=\"\"),\"UNIDADE\",IF($X140<0,\"VALOR NEGATIVO\",IF(OR(AND(TIPOORCAMENTO=\"Proposto\",$AG140<>\"\",$AG140>0,ORÇAMENTO.CustoUnitario>$AG140),AND(TIPOORCAMENTO=\"LICITADO\",ORÇAMENTO.PrecoUnitarioLicitado>$AN140)),\"ACIMA REF.\",\"\")))))","v":""},{"$f":"IF(C140<=CRONO.NivelExibicao,MAX($AD$15:OFFSET(AD140,-1,0))+IF($C140<>1,1,MAX(1,COUNTIF(QCI!$A$13:$A$24,OFFSET($E140,-1,0)))),\"\")","v":""},{"$f":"IF(AND($C140=\"S\",ORÇAMENTO.CodBarra<>\"\"),IF(ORÇAMENTO.Fonte=\"\",ORÇAMENTO.CodBarra,CONCATENATE(ORÇAMENTO.Fonte,\" \",ORÇAMENTO.CodBarra)))","v":"SINAPI 94674"},{"$f":"IF(ISERROR(INDIRECT(ORÇAMENTO.BancoRef)),\"(abra o arquivo 'Referência \"&Excel_BuiltIn_Database&\".xlsm)\",IF(OR($C140<>\"S\",ORÇAMENTO.CodBarra=\"\"),\"(Sem Código)\",IF(ISERROR(MATCH($AE140,INDIRECT(ORÇAMENTO.BancoRef),0)),\"(Código não identificado nas referências)\",MATCH($AE140,INDIRECT(ORÇAMENTO.BancoRef),0))))","v":4587},{"$f":"ROUND(IF(DESONERACAO=\"sim\",REFERENCIA.Desonerado,REFERENCIA.NaoDesonerado),2)","v":7.62},0.26400000000000001,null,null,null,null,96.3,9.6300000000000008]
["S",2,"S",0,{"$f":"IF($C141=1,OFFSET(E141,-1,0)+MAX(1,COUNTIF(QCI!$A$13:$A$24,OFFSET(ORÇAMENTO!E141,-1,0))),OFFSET(E141,-1,0))","v":1},13,0,0,15,0,{"$f":"IF(OR($C141=\"S\",$C141=0),0,MATCH(OFFSET($D141,0,$C141)+IF($C141<>1,1,COUNTIF(QCI!$A$13:$A$24,ORÇAMENTO!E141)),OFFSET($D141,1,$C141,ROW($C$296)-ROW($C141)),0))","v":0},"F","Serviço","Serviço","1.13.0.15.","SINAPI","94496",{"$f":"IF($C141=\"S\",REFERENCIA.Descricao,\"(digite a descrição aqui)\")","v":"REGISTRO DE GAVETA BRUTO, LATÃO, ROSCÁVEL, 1 1/4\" - FORNECIMENTO E INSTALAÇÃO. AF_08/2021"},{"$f":"REFERENCIA.Unidade","v":"UN"},{"$f":"OFFSET(CÁLCULO!H$15,ROW($T141)-ROW(T$15),0)","v":4},101.61,"BDI 1",{"$f":"IF($C141=\"S\",ROUND(IF(TIPOORCAMENTO=\"Proposto\",ORÇAMENTO.CustoUnitario*(1+$AH141),ORÇAMENTO.PrecoUnitarioLicitado),15-13*$AF$10),0)","v":128.44},{"$f":"IF($C141=\"S\",IF(Import.TipoArredondamento<>\"TransfereGOV\",VTOTAL1,SUM(OFFSET(CÁLCULO!$AA$15,ROW($X141)-ROW($X$15),1):OFFSET(CÁLCULO!$AL$15,ROW($X141)-ROW($X$15),-1))),IF($C141=0,0,ROUND(SomaAgrup,15-13*$AF$11)))","v":513.76},"RA","RA",{"$f":"IF($C141=\"S\",IF($Z141=\"CP\",$X141,IF($Z141=\"RA\",(($X141)*QCI!$AA$3),0)),SomaAgrup)","v":513.76},0,{"$f":"IF($N141=\"\",\"\",IF(ORÇAMENTO.Descricao=\"\",\"DESCRIÇÃO\",IF(AND($C141=\"S\",ORÇAMENTO.Unidade=\"\"),\"UNIDADE\",IF($X141<0,\"VALOR NEGATIVO\",IF(OR(AND(TIPOORCAMENTO=\"Proposto\",$AG141<>\"\",$AG141>0,ORÇAMENTO.CustoUnitario>$AG141),AND(TIPOORCAMENTO=\"LICITADO\",ORÇAMENTO.PrecoUnitarioLicitado>$AN141)),\"ACIMA REF.\",\"\")))))","v":""},{"$f":"IF(C141<=CRONO.NivelExibicao,MAX($AD$15:OFFSET(AD141,-1,0))+IF($C141<>1,1,MAX(1,COUNTIF(QCI!$A$13:$A$24,OFFSET($E141,-1,0)))),\"\")","v":""},{"$f":"IF(AND($C141=\"S\",ORÇAMENTO.CodBarra<>\"\"),IF(ORÇAMENTO.Fonte=\"\",ORÇAMENTO.CodBarra,CONCATENATE(ORÇAMENTO.Fonte,\" \",ORÇAMENTO.CodBarra)))","v":"SINAPI 94496"},{"$f":"IF(ISERROR(INDIRECT(ORÇAMENTO.BancoRef)),\"(abra o arquivo 'Referência \"&Excel_BuiltIn_Database&\".xlsm)\",IF(OR($C141<>\"S\",ORÇAMENTO.CodBarra=\"\"),\"(Sem Código)\",IF(ISERROR(MATCH($AE141,INDIRECT(ORÇAMENTO.BancoRef),0)),\"(Código não identificado nas referências)\",MATCH($AE141,INDIRECT(ORÇAMENTO.BancoRef),0))))","v":5470},{"$f":"ROUND(IF(DESONERACAO=\"sim\",REFERENCIA.Desonerado,REFERENCIA.NaoDesonerado),2)","v":101.61},0.26400000000000001,null,null,null,null,513.76,128.44]
["S",2,"S",0,{"$f":"IF($C142=1,OFFSET(E142,-1,0)+MAX(1,COUNTIF(QCI!$A$13:$A$24,OFFSET(ORÇAMENTO!E142,-1,0))),OFFSET(E142,-1,0))","v":1},13,0,0,16,0,{"$f":"IF(OR($C142=\"S\",$C142=0),0,MATCH(OFFSET($D142,0,$C142)+IF($C142<>1,1,COUNTIF(QCI!$A$13:$A$24,ORÇAMENTO!E142)),OFFSET($D142,1,$C142,ROW($C$296)-ROW($C142)),0))","v":0},"F","Serviço","Serviço","1.13.0.16.","SINAPI","94691",{"$f":"IF($C142=\"S\",REFERENCIA.Descricao,\"(digite a descrição aqui)\")","v":"TÊ DE REDUÇÃO, PVC, SOLDÁVEL, DN 32 MM X  25 MM, INSTALADO EM RESERVAÇÃO PREDIAL DE ÁGUA - FORNECIMENTO E INSTALAÇÃO. AF_04/2024"},{"$f":"REFERENCIA.Unidade","v":"UN"},{"$f":"OFFSET(CÁLCULO!H$15,ROW($T142)-ROW(T$15),0)","v":4},13.37,"BDI 1",{"$f":"IF($C142=\"S\",ROUND(IF(TIPOORCAMENTO=\"Proposto\",ORÇAMENTO.CustoUnitario*(1+$AH142),ORÇAMENTO.PrecoUnitarioLicitado),15-13*$AF$10),0)","v":16.899999999999999},{"$f":"IF($C142=\"S\",IF(Import.TipoArredondamento<>\"TransfereGOV\",VTOTAL1,SUM(OFFSET(CÁLCULO!$AA$15,ROW($X142)-ROW($X$15),1):OFFSET(CÁLCULO!$AL$15,ROW($X142)-ROW($X$15),-1))),IF($C142=0,0,ROUND(SomaAgrup,15-13*$AF$11)))","v":67.599999999999994},"RA","RA",{"$f":"IF($C142=\"S\",IF($Z142=\"CP\",$X142,IF($Z142=\"RA\",(($X142)*QCI!$AA$3),0)),SomaAgrup)","v":67.599999999999994},0,{"$f":"IF($N142=\"\",\"\",IF(ORÇAMENTO.Descricao=\"\",\"DESCRIÇÃO\",IF(AND($C142=\"S\",ORÇAMENTO.Unidade=\"\"),\"UNIDADE\",IF($X142<0,\"VALOR NEGATIVO\",IF(OR(AND(TIPOORCAMENTO=\"Proposto\",$AG142<>\"\",$AG142>0,ORÇAMENTO.CustoUnitario>$AG142),AND(TIPOORCAMENTO=\"LICITADO\",ORÇAMENTO.PrecoUnitarioLicitado>$AN142)),\"ACIMA REF.\",\"\")))))","v":""},{"$f":"IF(C142<=CRONO.NivelExibicao,MAX($AD$15:OFFSET(AD142,-1,0))+IF($C142<>1,1,MAX(1,COUNTIF(QCI!$A$13:$A$24,OFFSET($E142,-1,0)))),\"\")","v":""},{"$f":"IF(AND($C142=\"S\",ORÇAMENTO.CodBarra<>\"\"),IF(ORÇAMENTO.Fonte=\"\",ORÇAMENTO.CodBarra,CONCATENATE(ORÇAMENTO.Fonte,\" \",ORÇAMENTO.CodBarra)))","v":"SINAPI 94691"},{"$f":"IF(ISERROR(INDIRECT(ORÇAMENTO.BancoRef)),\"(abra o arquivo 'Referência \"&Excel_BuiltIn_Database&\".xlsm)\",IF(OR($C142<>\"S\",ORÇAMENTO.CodBarra=\"\"),\"(Sem Código)\",IF(ISERROR(MATCH($AE142,INDIRECT(ORÇAMENTO.BancoRef),0)),\"(Código não identificado nas referências)\",MATCH($AE142,INDIRECT(ORÇAMENTO.BancoRef),0))))","v":4604},{"$f":"ROUND(IF(DESONERACAO=\"sim\",REFERENCIA.Desonerado,REFERENCIA.NaoDesonerado),2)","v":13.37},0.26400000000000001,null,null,null,null,67.599999999999994,16.899999999999999]
["S",2,"S",0,{"$f":"IF($C143=1,OFFSET(E143,-1,0)+MAX(1,COUNTIF(QCI!$A$13:$A$24,OFFSET(ORÇAMENTO!E143,-1,0))),OFFSET(E143,-1,0))","v":1},13,0,0,17,0,{"$f":"IF(OR($C143=\"S\",$C143=0),0,MATCH(OFFSET($D143,0,$C143)+IF($C143<>1,1,COUNTIF(QCI!$A$13:$A$24,ORÇAMENTO!E143)),OFFSET($D143,1,$C143,ROW($C$296)-ROW($C143)),0))","v":0},"F","Serviço","Serviço","1.13.0.17.","SINAPI","103974",{"$f":"IF($C143=\"S\",REFERENCIA.Descricao,\"(digite a descrição aqui)\")","v":"JOELHO DE REDUÇÃO, 90 GRAUS, PVC, SOLDÁVEL, DN 32 MM X 25 MM, INSTALADO EM PRUMADA DE ÁGUA - FORNECIMENTO E INSTALAÇÃO. AF_06/2022"},{"$f":"REFERENCIA.Unidade","v":"UN"},{"$f":"OFFSET(CÁLCULO!H$15,ROW($T143)-ROW(T$15),0)","v":1},10.43,"BDI 1",{"$f":"IF($C143=\"S\",ROUND(IF(TIPOORCAMENTO=\"Proposto\",ORÇAMENTO.CustoUnitario*(1+$AH143),ORÇAMENTO.PrecoUnitarioLicitado),15-13*$AF$10),0)","v":13.18},{"$f":"IF($C143=\"S\",IF(Import.TipoArredondamento<>\"TransfereGOV\",VTOTAL1,SUM(OFFSET(CÁLCULO!$AA$15,ROW($X143)-ROW($X$15),1):OFFSET(CÁLCULO!$AL$15,ROW($X143)-ROW($X$15),-1))),IF($C143=0,0,ROUND(SomaAgrup,15-13*$AF$11)))","v":13.18},"RA","RA",{"$f":"IF($C143=\"S\",IF($Z143=\"CP\",$X143,IF($Z143=\"RA\",(($X143)*QCI!$AA$3),0)),SomaAgrup)","v":13.18},0,{"$f":"IF($N143=\"\",\"\",IF(ORÇAMENTO.Descricao=\"\",\"DESCRIÇÃO\",IF(AND($C143=\"S\",ORÇAMENTO.Unidade=\"\"),\"UNIDADE\",IF($X143<0,\"VALOR NEGATIVO\",IF(OR(AND(TIPOORCAMENTO=\"Proposto\",$AG143<>\"\",$AG143>0,ORÇAMENTO.CustoUnitario>$AG143),AND(TIPOORCAMENTO=\"LICITADO\",ORÇAMENTO.PrecoUnitarioLicitado>$AN143)),\"ACIMA REF.\",\"\")))))","v":""},{"$f":"IF(C143<=CRONO.NivelExibicao,MAX($AD$15:OFFSET(AD143,-1,0))+IF($C143<>1,1,MAX(1,COUNTIF(QCI!$A$13:$A$24,OFFSET($E143,-1,0)))),\"\")","v":""},{"$f":"IF(AND($C143=\"S\",ORÇAMENTO.CodBarra<>\"\"),IF(ORÇAMENTO.Fonte=\"\",ORÇAMENTO.CodBarra,CONCATENATE(ORÇAMENTO.Fonte,\" \",ORÇAMENTO.CodBarra)))","v":"SINAPI 103974"},{"$f":"IF(ISERROR(INDIRECT(ORÇAMENTO.BancoRef)),\"(abra o arquivo 'Referência \"&Excel_BuiltIn_Database&\".xlsm)\",IF(OR($C143<>\"S\",ORÇAMENTO.CodBarra=\"\"),\"(Sem Código)\",IF(ISERROR(MATCH($AE143,INDIRECT(ORÇAMENTO.BancoRef),0)),\"(Código não identificado nas referências)\",MATCH($AE143,INDIRECT(ORÇAMENTO.BancoRef),0))))","v":5039},{"$f":"ROUND(IF(DESONERACAO=\"sim\",REFERENCIA.Desonerado,REFERENCIA.NaoDesonerado),2)","v":10.43},0.26400000000000001,null,null,null,null,13.18,13.18]
["S",2,"S",0,{"$f":"IF($C144=1,OFFSET(E144,-1,0)+MAX(1,COUNTIF(QCI!$A$13:$A$24,OFFSET(ORÇAMENTO!E144,-1,0))),OFFSET(E144,-1,0))","v":1},13,0,0,18,{"$f":"IF(OR($C144=\"S\",$C144=0),0,MATCH(0,OFFSET($D144,1,$C144,ROW($C$296)-ROW($C144)),0))","v":0},{"$f":"IF(OR($C144=\"S\",$C144=0),0,MATCH(OFFSET($D144,0,$C144)+IF($C144<>1,1,COUNTIF(QCI!$A$13:$A$24,ORÇAMENTO!E144)),OFFSET($D144,1,$C144,ROW($C$296)-ROW($C144)),0))","v":0},"F","Serviço","Serviço","1.13.0.18.","SINAPI","104779",{"$f":"IF($C144=\"S\",REFERENCIA.Descricao,\"(digite a descrição aqui)\")","v":"RASGO LINEAR MECANIZADO EM ALVENARIA, PARA RAMAIS/ DISTRIBUIÇÃO DE INSTALAÇÕES HIDRÁULICAS, DIÂMETROS MENORES OU IGUAIS A 40 MM. AF_09/2023"},{"$f":"REFERENCIA.Unidade","v":"M"},{"$f":"OFFSET(CÁLCULO!H$15,ROW($T144)-ROW(T$15),0)","v":92.5},6.96,"BDI 1",{"$f":"IF($C144=\"S\",ROUND(IF(TIPOORCAMENTO=\"Proposto\",ORÇAMENTO.CustoUnitario*(1+$AH144),ORÇAMENTO.PrecoUnitarioLicitado),15-13*$AF$10),0)","v":8.8000000000000007},{"$f":"IF($C144=\"S\",IF(Import.TipoArredondamento<>\"TransfereGOV\",VTOTAL1,SUM(OFFSET(CÁLCULO!$AA$15,ROW($X144)-ROW($X$15),1):OFFSET(CÁLCULO!$AL$15,ROW($X144)-ROW($X$15),-1))),IF($C144=0,0,ROUND(SomaAgrup,15-13*$AF$11)))","v":814},"RA","RA",{"$f":"IF($C144=\"S\",IF($Z144=\"CP\",$X144,IF($Z144=\"RA\",(($X144)*QCI!$AA$3),0)),SomaAgrup)","v":814},0,{"$f":"IF($N144=\"\",\"\",IF(ORÇAMENTO.Descricao=\"\",\"DESCRIÇÃO\",IF(AND($C144=\"S\",ORÇAMENTO.Unidade=\"\"),\"UNIDADE\",IF($X144<0,\"VALOR NEGATIVO\",IF(OR(AND(TIPOORCAMENTO=\"Proposto\",$AG144<>\"\",$AG144>0,ORÇAMENTO.CustoUnitario>$AG144),AND(TIPOORCAMENTO=\"LICITADO\",ORÇAMENTO.PrecoUnitarioLicitado>$AN144)),\"ACIMA REF.\",\"\")))))","v":""},{"$f":"IF(C144<=CRONO.NivelExibicao,MAX($AD$15:OFFSET(AD144,-1,0))+IF($C144<>1,1,MAX(1,COUNTIF(QCI!$A$13:$A$24,OFFSET($E144,-1,0)))),\"\")","v":""},{"$f":"IF(AND($C144=\"S\",ORÇAMENTO.CodBarra<>\"\"),IF(ORÇAMENTO.Fonte=\"\",ORÇAMENTO.CodBarra,CONCATENATE(ORÇAMENTO.Fonte,\" \",ORÇAMENTO.CodBarra)))","v":"SINAPI 104779"},{"$f":"IF(ISERROR(INDIRECT(ORÇAMENTO.BancoRef)),\"(abra o arquivo 'Referência \"&Excel_BuiltIn_Database&\".xlsm)\",IF(OR($C144<>\"S\",ORÇAMENTO.CodBarra=\"\"),\"(Sem Código)\",IF(ISERROR(MATCH($AE144,INDIRECT(ORÇAMENTO.BancoRef),0)),\"(Código não identificado nas referências)\",MATCH($AE144,INDIRECT(ORÇAMENTO.BancoRef),0))))","v":5676},{"$f":"ROUND(IF(DESONERACAO=\"sim\",REFERENCIA.Desonerado,REFERENCIA.NaoDesonerado),2)","v":6.96},0.26400000000000001,null,null,null,null,814,8.8000000000000007]
[2,2,2,46,{"$f":"IF($C145=1,OFFSET(E145,-1,0)+MAX(1,COUNTIF(QCI!$A$13:$A$24,OFFSET(ORÇAMENTO!E145,-1,0))),OFFSET(E145,-1,0))","v":1},14,0,0,0,151,{"$f":"IF(OR($C145=\"S\",$C145=0),0,MATCH(OFFSET($D145,0,$C145)+IF($C145<>1,1,COUNTIF(QCI!$A$13:$A$24,ORÇAMENTO!E145)),OFFSET($D145,1,$C145,ROW($C$296)-ROW($C145)),0))","v":46},"F","Nível 2","Nível 2","1.14.","SINAPI",null,"INSTALAÇÕES ELÉTRICAS E ILUMINAÇÃO ",{"$f":"REFERENCIA.Unidade","v":"-"},{"$f":"OFFSET(CÁLCULO!H$15,ROW($T145)-ROW(T$15),0)","v":0},0,"BDI 1",{"$f":"IF($C145=\"S\",ROUND(IF(TIPOORCAMENTO=\"Proposto\",ORÇAMENTO.CustoUnitario*(1+$AH145),ORÇAMENTO.PrecoUnitarioLicitado),15-13*$AF$10),0)","v":0},{"$f":"IF($C145=\"S\",IF(Import.TipoArredondamento<>\"TransfereGOV\",VTOTAL1,SUM(OFFSET(CÁLCULO!$AA$15,ROW($X145)-ROW($X$15),1):OFFSET(CÁLCULO!$AL$15,ROW($X145)-ROW($X$15),-1))),IF($C145=0,0,ROUND(SomaAgrup,15-13*$AF$11)))","v":55710.66},"RA","",{"$f":"IF($C145=\"S\",IF($Z145=\"CP\",$X145,IF($Z145=\"RA\",(($X145)*QCI!$AA$3),0)),SomaAgrup)","v":55710.660000000011},0,{"$f":"IF($N145=\"\",\"\",IF(ORÇAMENTO.Descricao=\"\",\"DESCRIÇÃO\",IF(AND($C145=\"S\",ORÇAMENTO.Unidade=\"\"),\"UNIDADE\",IF($X145<0,\"VALOR NEGATIVO\",IF(OR(AND(TIPOORCAMENTO=\"Proposto\",$AG145<>\"\",$AG145>0,ORÇAMENTO.CustoUnitario>$AG145),AND(TIPOORCAMENTO=\"LICITADO\",ORÇAMENTO.PrecoUnitarioLicitado>$AN145)),\"ACIMA REF.\",\"\")))))","v":""},{"$f":"IF(C145<=CRONO.NivelExibicao,MAX($AD$15:OFFSET(AD145,-1,0))+IF($C145<>1,1,MAX(1,COUNTIF(QCI!$A$13:$A$24,OFFSET($E145,-1,0)))),\"\")","v":17},{"$f":"IF(AND($C145=\"S\",ORÇAMENTO.CodBarra<>\"\"),IF(ORÇAMENTO.Fonte=\"\",ORÇAMENTO.CodBarra,CONCATENATE(ORÇAMENTO.Fonte,\" \",ORÇAMENTO.CodBarra)))","v":false},{"$f":"IF(ISERROR(INDIRECT(ORÇAMENTO.BancoRef)),\"(abra o arquivo 'Referência \"&Excel_BuiltIn_Database&\".xlsm)\",IF(OR($C145<>\"S\",ORÇAMENTO.CodBarra=\"\"),\"(Sem Código)\",IF(ISERROR(MATCH($AE145,INDIRECT(ORÇAMENTO.BancoRef),0)),\"(Código não identificado nas referências)\",MATCH($AE145,INDIRECT(ORÇAMENTO.BancoRef),0))))","v":"(Sem Código)"},{"$f":"ROUND(IF(DESONERACAO=\"sim\",REFERENCIA.Desonerado,REFERENCIA.NaoDesonerado),2)","v":0},0.26400000000000001,null,null,null,null,55710.66,0]
[3,3,3,3,{"$f":"IF($C146=1,OFFSET(E146,-1,0)+MAX(1,COUNTIF(QCI!$A$13:$A$24,OFFSET(ORÇAMENTO!E146,-1,0))),OFFSET(E146,-1,0))","v":1},14,1,0,0,45,{"$f":"IF(OR($C146=\"S\",$C146=0),0,MATCH(OFFSET($D146,0,$C146)+IF($C146<>1,1,COUNTIF(QCI!$A$13:$A$24,ORÇAMENTO!E146)),OFFSET($D146,1,$C146,ROW($C$296)-ROW($C146)),0))","v":3},"F","Nível 3","Nível 3","1.14.1.","Composição","32","ACESSÓRIOS",{"$f":"REFERENCIA.Unidade","v":"-"},{"$f":"OFFSET(CÁLCULO!H$15,ROW($T146)-ROW(T$15),0)","v":0},{"$f":"AG146","v":0},"BDI 1",{"$f":"IF($C146=\"S\",ROUND(IF(TIPOORCAMENTO=\"Proposto\",ORÇAMENTO.CustoUnitario*(1+$AH146),ORÇAMENTO.PrecoUnitarioLicitado),15-13*$AF$10),0)","v":0},{"$f":"IF($C146=\"S\",IF(Import.TipoArredondamento<>\"TransfereGOV\",VTOTAL1,SUM(OFFSET(CÁLCULO!$AA$15,ROW($X146)-ROW($X$15),1):OFFSET(CÁLCULO!$AL$15,ROW($X146)-ROW($X$15),-1))),IF($C146=0,0,ROUND(SomaAgrup,15-13*$AF$11)))","v":9935.85},"RA","",{"$f":"IF($C146=\"S\",IF($Z146=\"CP\",$X146,IF($Z146=\"RA\",(($X146)*QCI!$AA$3),0)),SomaAgrup)","v":9935.85},0,{"$f":"IF($N146=\"\",\"\",IF(ORÇAMENTO.Descricao=\"\",\"DESCRIÇÃO\",IF(AND($C146=\"S\",ORÇAMENTO.Unidade=\"\"),\"UNIDADE\",IF($X146<0,\"VALOR NEGATIVO\",IF(OR(AND(TIPOORCAMENTO=\"Proposto\",$AG146<>\"\",$AG146>0,ORÇAMENTO.CustoUnitario>$AG146),AND(TIPOORCAMENTO=\"LICITADO\",ORÇAMENTO.PrecoUnitarioLicitado>$AN146)),\"ACIMA REF.\",\"\")))))","v":""},{"$f":"IF(C146<=CRONO.NivelExibicao,MAX($AD$15:OFFSET(AD146,-1,0))+IF($C146<>1,1,MAX(1,COUNTIF(QCI!$A$13:$A$24,OFFSET($E146,-1,0)))),\"\")","v":18},{"$f":"IF(AND($C146=\"S\",ORÇAMENTO.CodBarra<>\"\"),IF(ORÇAMENTO.Fonte=\"\",ORÇAMENTO.CodBarra,CONCATENATE(ORÇAMENTO.Fonte,\" \",ORÇAMENTO.CodBarra)))","v":false},{"$f":"IF(ISERROR(INDIRECT(ORÇAMENTO.BancoRef)),\"(abra o arquivo 'Referência \"&Excel_BuiltIn_Database&\".xlsm)\",IF(OR($C146<>\"S\",ORÇAMENTO.CodBarra=\"\"),\"(Sem Código)\",IF(ISERROR(MATCH($AE146,INDIRECT(ORÇAMENTO.BancoRef),0)),\"(Código não identificado nas referências)\",MATCH($AE146,INDIRECT(ORÇAMENTO.BancoRef),0))))","v":"(Sem Código)"},{"$f":"ROUND(IF(DESONERACAO=\"sim\",REFERENCIA.Desonerado,REFERENCIA.NaoDesonerado),2)","v":0},0.26400000000000001,null,{"$f":"112*7","v":784},null,null,9935.85,0]
["S",3,"S",0,{"$f":"IF($C147=1,OFFSET(E147,-1,0)+MAX(1,COUNTIF(QCI!$A$13:$A$24,OFFSET(ORÇAMENTO!E147,-1,0))),OFFSET(E147,-1,0))","v":1},14,1,0,1,0,{"$f":"IF(OR($C147=\"S\",$C147=0),0,MATCH(OFFSET($D147,0,$C147)+IF($C147<>1,1,COUNTIF(QCI!$A$13:$A$24,ORÇAMENTO!E147)),OFFSET($D147,1,$C147,ROW($C$296)-ROW($C147)),0))","v":0},"F","Serviço","Serviço","1.14.1.1.","Composição","32",{"$f":"IF($C147=\"S\",REFERENCIA.Descricao,\"(digite a descrição aqui)\")","v":"LUMINARIA DE SOBREPOR TIPO CALHA, EM CHAPA DE ACO PINTADA COR BRANCA,\nPARA 2 LAMPADAS LED DE *18/20* W, BIVOLT, ALETADA, DIMENSÃO 120 CM - FORNECIMENTO E INSTALAÇÃO.                                                                                                                                                                                                                                                                                                                                                              "},{"$f":"REFERENCIA.Unidade","v":"UNIDADE"},{"$f":"OFFSET(CÁLCULO!H$15,ROW($T147)-ROW(T$15),0)","v":50},{"$f":"AG147","v":153.21},"BDI 1",{"$f":"IF($C147=\"S\",ROUND(IF(TIPOORCAMENTO=\"Proposto\",ORÇAMENTO.CustoUnitario*(1+$AH147),ORÇAMENTO.PrecoUnitarioLicitado),15-13*$AF$10),0)","v":193.66},{"$f":"IF($C147=\"S\",IF(Import.TipoArredondamento<>\"TransfereGOV\",VTOTAL1,SUM(OFFSET(CÁLCULO!$AA$15,ROW($X147)-ROW($X$15),1):OFFSET(CÁLCULO!$AL$15,ROW($X147)-ROW($X$15),-1))),IF($C147=0,0,ROUND(SomaAgrup,15-13*$AF$11)))","v":9683},"RA","RA",{"$f":"IF($C147=\"S\",IF($Z147=\"CP\",$X147,IF($Z147=\"RA\",(($X147)*QCI!$AA$3),0)),SomaAgrup)","v":9683},0,{"$f":"IF($N147=\"\",\"\",IF(ORÇAMENTO.Descricao=\"\",\"DESCRIÇÃO\",IF(AND($C147=\"S\",ORÇAMENTO.Unidade=\"\"),\"UNIDADE\",IF($X147<0,\"VALOR NEGATIVO\",IF(OR(AND(TIPOORCAMENTO=\"Proposto\",$AG147<>\"\",$AG147>0,ORÇAMENTO.CustoUnitario>$AG147),AND(TIPOORCAMENTO=\"LICITADO\",ORÇAMENTO.PrecoUnitarioLicitado>$AN147)),\"ACIMA REF.\",\"\")))))","v":""},{"$f":"IF(C147<=CRONO.NivelExibicao,MAX($AD$15:OFFSET(AD147,-1,0))+IF($C147<>1,1,MAX(1,COUNTIF(QCI!$A$13:$A$24,OFFSET($E147,-1,0)))),\"\")","v":""},{"$f":"IF(AND($C147=\"S\",ORÇAMENTO.CodBarra<>\"\"),IF(ORÇAMENTO.Fonte=\"\",ORÇAMENTO.CodBarra,CONCATENATE(ORÇAMENTO.Fonte,\" \",ORÇAMENTO.CodBarra)))","v":"Composição 32"},{"$f":"IF(ISERROR(INDIRECT(ORÇAMENTO.BancoRef)),\"(abra o arquivo 'Referência \"&Excel_BuiltIn_Database&\".xlsm)\",IF(OR($C147<>\"S\",ORÇAMENTO.CodBarra=\"\"),\"(Sem Código)\",IF(ISERROR(MATCH($AE147,INDIRECT(ORÇAMENTO.BancoRef),0)),\"(Código não identificado nas referências)\",MATCH($AE147,INDIRECT(ORÇAMENTO.BancoRef),0))))","v":34},{"$f":"ROUND(IF(DESONERACAO=\"sim\",REFERENCIA.Desonerado,REFERENCIA.NaoDesonerado),2)","v":153.21},0.26400000000000001,null,1,null,null,9683,193.66]
[{"$f":"CHOOSE(1+LOG(1+2*(ORÇAMENTO.Nivel=\"Meta\")+4*(ORÇAMENTO.Nivel=\"Nível 2\")+8*(ORÇAMENTO.Nivel=\"Nível 3\")+16*(ORÇAMENTO.Nivel=\"Nível 4\")+32*(ORÇAMENTO.Nivel=\"Serviço\"),2),0,1,2,3,4,\"S\")","v":"S"},{"$f":"IF(OR(C148=\"s\",C148=0),OFFSET(B148,-1,0),C148)","v":3},{"$f":"IF(OFFSET(C148,-1,0)=\"L\",1,IF(OFFSET(C148,-1,0)=1,2,IF(OR(A148=\"s\",A148=0),\"S\",IF(AND(OFFSET(C148,-1,0)=2,A148=4),3,IF(AND(OR(OFFSET(C148,-1,0)=\"s\",OFFSET(C148,-1,0)=0),A148<>\"s\",A148>OFFSET(B148,-1,0)),OFFSET(B148,-1,0),A148)))))","v":"S"},{"$f":"IF(OR(C148=\"S\",C148=0),0,IF(ISERROR(K148),J148,SMALL(J148:K148,1)))","v":0},{"$f":"IF($C148=1,OFFSET(E148,-1,0)+MAX(1,COUNTIF(QCI!$A$13:$A$24,OFFSET(ORÇAMENTO!E148,-1,0))),OFFSET(E148,-1,0))","v":1},{"$f":"IF($C148=1,0,IF($C148=2,OFFSET(F148,-1,0)+1,OFFSET(F148,-1,0)))","v":14},{"$f":"IF(AND($C148<=2,$C148<>0),0,IF($C148=3,OFFSET(G148,-1,0)+1,OFFSET(G148,-1,0)))","v":1},{"$f":"IF(AND($C148<=3,$C148<>0),0,IF($C148=4,OFFSET(H148,-1,0)+1,OFFSET(H148,-1,0)))","v":0},{"$f":"IF(AND($C148<=4,$C148<>0),0,IF(AND($C148=\"S\",$X148>0),OFFSET(I148,-1,0)+1,OFFSET(I148,-1,0)))","v":2},0,{"$f":"IF(OR($C148=\"S\",$C148=0),0,MATCH(OFFSET($D148,0,$C148)+IF($C148<>1,1,COUNTIF(QCI!$A$13:$A$24,ORÇAMENTO!E148)),OFFSET($D148,1,$C148,ROW($C$296)-ROW($C148)),0))","v":0},{"$f":"IF(OR($X148>0,$C148=1,$C148=2,$C148=3,$C148=4),\"F\",\"\")","v":"F"},"Serviço",{"$f":"CHOOSE(1+LOG(1+2*(C148=1)+4*(C148=2)+8*(C148=3)+16*(C148=4)+32*(C148=\"S\"),2),\"\",\"Meta\",\"Nível 2\",\"Nível 3\",\"Nível 4\",\"Serviço\")","v":"Serviço"},{"$f":"IF(OR($C148=0,$L148=\"\"),\"-\",CONCATENATE(E148&\".\",IF(AND($A$5>=2,$C148>=2),F148&\".\",\"\"),IF(AND($A$5>=3,$C148>=3),G148&\".\",\"\"),IF(AND($A$5>=4,$C148>=4),H148&\".\",\"\"),IF($C148=\"S\",I148&\".\",\"\")))","v":"1.14.1.2."},"SINAPI","97610",{"$f":"IF($C148=\"S\",REFERENCIA.Descricao,\"(digite a descrição aqui)\")","v":"LÂMPADA COMPACTA DE LED 10 W, BASE E27 - FORNECIMENTO E INSTALAÇÃO. AF_09/2024"},{"$f":"REFERENCIA.Unidade","v":"UN"},{"$f":"OFFSET(CÁLCULO!H$15,ROW($T148)-ROW(T$15),0)","v":13},15.39,"BDI 1",{"$f":"IF($C148=\"S\",ROUND(IF(TIPOORCAMENTO=\"Proposto\",ORÇAMENTO.CustoUnitario*(1+$AH148),ORÇAMENTO.PrecoUnitarioLicitado),15-13*$AF$10),0)","v":19.45},{"$f":"IF($C148=\"S\",IF(Import.TipoArredondamento<>\"TransfereGOV\",VTOTAL1,SUM(OFFSET(CÁLCULO!$AA$15,ROW($X148)-ROW($X$15),1):OFFSET(CÁLCULO!$AL$15,ROW($X148)-ROW($X$15),-1))),IF($C148=0,0,ROUND(SomaAgrup,15-13*$AF$11)))","v":252.85},"RA",{"$f":"IF(AND($C148=\"S\",$X148>0),IF(ISBLANK($Y148),\"RA\",LEFT($Y148,2)),\"\")","v":"RA"},{"$f":"IF($C148=\"S\",IF($Z148=\"CP\",$X148,IF($Z148=\"RA\",(($X148)*QCI!$AA$3),0)),SomaAgrup)","v":252.85},{"$f":"IF($C148=\"S\",IF($Z148=\"OU\",ROUND($X148,2),0),SomaAgrup)","v":0},{"$f":"IF($N148=\"\",\"\",IF(ORÇAMENTO.Descricao=\"\",\"DESCRIÇÃO\",IF(AND($C148=\"S\",ORÇAMENTO.Unidade=\"\"),\"UNIDADE\",IF($X148<0,\"VALOR NEGATIVO\",IF(OR(AND(TIPOORCAMENTO=\"Proposto\",$AG148<>\"\",$AG148>0,ORÇAMENTO.CustoUnitario>$AG148),AND(TIPOORCAMENTO=\"LICITADO\",ORÇAMENTO.PrecoUnitarioLicitado>$AN148)),\"ACIMA REF.\",\"\")))))","v":""},{"$f":"IF(C148<=CRONO.NivelExibicao,MAX($AD$15:OFFSET(AD148,-1,0))+IF($C148<>1,1,MAX(1,COUNTIF(QCI!$A$13:$A$24,OFFSET($E148,-1,0)))),\"\")","v":""},{"$f":"IF(AND($C148=\"S\",ORÇAMENTO.CodBarra<>\"\"),IF(ORÇAMENTO.Fonte=\"\",ORÇAMENTO.CodBarra,CONCATENATE(ORÇAMENTO.Fonte,\" \",ORÇAMENTO.CodBarra)))","v":"SINAPI 97610"},{"$f":"IF(ISERROR(INDIRECT(ORÇAMENTO.BancoRef)),\"(abra o arquivo 'Referência \"&Excel_BuiltIn_Database&\".xlsm)\",IF(OR($C148<>\"S\",ORÇAMENTO.CodBarra=\"\"),\"(Sem Código)\",IF(ISERROR(MATCH($AE148,INDIRECT(ORÇAMENTO.BancoRef),0)),\"(Código não identificado nas referências)\",MATCH($AE148,INDIRECT(ORÇAMENTO.BancoRef),0))))","v":3318},{"$f":"ROUND(IF(DESONERACAO=\"sim\",REFERENCIA.Desonerado,REFERENCIA.NaoDesonerado),2)","v":15.39},{"$f":"ROUND(IF(ISNUMBER(ORÇAMENTO.OpcaoBDI),ORÇAMENTO.OpcaoBDI,IF(LEFT(ORÇAMENTO.OpcaoBDI,3)=\"BDI\",HLOOKUP(ORÇAMENTO.OpcaoBDI,$F$4:$H$5,2,FALSE),0)),15-11*$AF$9)","v":0.26400000000000001},null,null,null,null,252.85,{"$f":"ROUND(ORÇAMENTO.CustoUnitario*(1+$AH148),2)","v":19.45}]
[3,3,3,10,{"$f":"IF($C149=1,OFFSET(E149,-1,0)+MAX(1,COUNTIF(QCI!$A$13:$A$24,OFFSET(ORÇAMENTO!E149,-1,0))),OFFSET(E149,-1,0))","v":1},14,2,0,0,42,{"$f":"IF(OR($C149=\"S\",$C149=0),0,MATCH(OFFSET($D149,0,$C149)+IF($C149<>1,1,COUNTIF(QCI!$A$13:$A$24,ORÇAMENTO!E149)),OFFSET($D149,1,$C149,ROW($C$296)-ROW($C149)),0))","v":10},"F","Nível 3","Nível 3","1.14.2.","SINAPI",null,"ENTRADAS E QUADROS DE DISTRIBUIÇÃO",{"$f":"REFERENCIA.Unidade","v":"-"},{"$f":"OFFSET(CÁLCULO!H$15,ROW($T149)-ROW(T$15),0)","v":0},null,"BDI 1",{"$f":"IF($C149=\"S\",ROUND(IF(TIPOORCAMENTO=\"Proposto\",ORÇAMENTO.CustoUnitario*(1+$AH149),ORÇAMENTO.PrecoUnitarioLicitado),15-13*$AF$10),0)","v":0},{"$f":"IF($C149=\"S\",IF(Import.TipoArredondamento<>\"TransfereGOV\",VTOTAL1,SUM(OFFSET(CÁLCULO!$AA$15,ROW($X149)-ROW($X$15),1):OFFSET(CÁLCULO!$AL$15,ROW($X149)-ROW($X$15),-1))),IF($C149=0,0,ROUND(SomaAgrup,15-13*$AF$11)))","v":15415.71},"RA","",{"$f":"IF($C149=\"S\",IF($Z149=\"CP\",$X149,IF($Z149=\"RA\",(($X149)*QCI!$AA$3),0)),SomaAgrup)","v":15415.710000000003},0,{"$f":"IF($N149=\"\",\"\",IF(ORÇAMENTO.Descricao=\"\",\"DESCRIÇÃO\",IF(AND($C149=\"S\",ORÇAMENTO.Unidade=\"\"),\"UNIDADE\",IF($X149<0,\"VALOR NEGATIVO\",IF(OR(AND(TIPOORCAMENTO=\"Proposto\",$AG149<>\"\",$AG149>0,ORÇAMENTO.CustoUnitario>$AG149),AND(TIPOORCAMENTO=\"LICITADO\",ORÇAMENTO.PrecoUnitarioLicitado>$AN149)),\"ACIMA REF.\",\"\")))))","v":""},{"$f":"IF(C149<=CRONO.NivelExibicao,MAX($AD$15:OFFSET(AD149,-1,0))+IF($C149<>1,1,MAX(1,COUNTIF(QCI!$A$13:$A$24,OFFSET($E149,-1,0)))),\"\")","v":19},{"$f":"IF(AND($C149=\"S\",ORÇAMENTO.CodBarra<>\"\"),IF(ORÇAMENTO.Fonte=\"\",ORÇAMENTO.CodBarra,CONCATENATE(ORÇAMENTO.Fonte,\" \",ORÇAMENTO.CodBarra)))","v":false},{"$f":"IF(ISERROR(INDIRECT(ORÇAMENTO.BancoRef)),\"(abra o arquivo 'Referência \"&Excel_BuiltIn_Database&\".xlsm)\",IF(OR($C149<>\"S\",ORÇAMENTO.CodBarra=\"\"),\"(Sem Código)\",IF(ISERROR(MATCH($AE149,INDIRECT(ORÇAMENTO.BancoRef),0)),\"(Código não identificado nas referências)\",MATCH($AE149,INDIRECT(ORÇAMENTO.BancoRef),0))))","v":"(Sem Código)"},{"$f":"ROUND(IF(DESONERACAO=\"sim\",REFERENCIA.Desonerado,REFERENCIA.NaoDesonerado),2)","v":0},0.26400000000000001,null,null,null,null,{"$f":"$X149","v":15415.71},0]
["S",3,"S",0,{"$f":"IF($C150=1,OFFSET(E150,-1,0)+MAX(1,COUNTIF(QCI!$A$13:$A$24,OFFSET(ORÇAMENTO!E150,-1,0))),OFFSET(E150,-1,0))","v":1},14,2,0,1,0,{"$f":"IF(OR($C150=\"S\",$C150=0),0,MATCH(OFFSET($D150,0,$C150)+IF($C150<>1,1,COUNTIF(QCI!$A$13:$A$24,ORÇAMENTO!E150)),OFFSET($D150,1,$C150,ROW($C$296)-ROW($C150)),0))","v":0},"F","Serviço","Serviço","1.14.2.1.","SINAPI","97667",{"$f":"IF($C150=\"S\",REFERENCIA.Descricao,\"(digite a descrição aqui)\")","v":"ELETRODUTO FLEXÍVEL CORRUGADO, PEAD, DN 50 (1 1/2\"), PARA REDE ENTERRADA DE DISTRIBUIÇÃO DE ENERGIA ELÉTRICA - FORNECIMENTO E INSTALAÇÃO. AF_12/2021"},{"$f":"REFERENCIA.Unidade","v":"M"},{"$f":"OFFSET(CÁLCULO!H$15,ROW($T150)-ROW(T$15),0)","v":53.17},10.62,"BDI 1",{"$f":"IF($C150=\"S\",ROUND(IF(TIPOORCAMENTO=\"Proposto\",ORÇAMENTO.CustoUnitario*(1+$AH150),ORÇAMENTO.PrecoUnitarioLicitado),15-13*$AF$10),0)","v":13.42},{"$f":"IF($C150=\"S\",IF(Import.TipoArredondamento<>\"TransfereGOV\",VTOTAL1,SUM(OFFSET(CÁLCULO!$AA$15,ROW($X150)-ROW($X$15),1):OFFSET(CÁLCULO!$AL$15,ROW($X150)-ROW($X$15),-1))),IF($C150=0,0,ROUND(SomaAgrup,15-13*$AF$11)))","v":713.54},"RA","RA",{"$f":"IF($C150=\"S\",IF($Z150=\"CP\",$X150,IF($Z150=\"RA\",(($X150)*QCI!$AA$3),0)),SomaAgrup)","v":713.54},0,{"$f":"IF($N150=\"\",\"\",IF(ORÇAMENTO.Descricao=\"\",\"DESCRIÇÃO\",IF(AND($C150=\"S\",ORÇAMENTO.Unidade=\"\"),\"UNIDADE\",IF($X150<0,\"VALOR NEGATIVO\",IF(OR(AND(TIPOORCAMENTO=\"Proposto\",$AG150<>\"\",$AG150>0,ORÇAMENTO.CustoUnitario>$AG150),AND(TIPOORCAMENTO=\"LICITADO\",ORÇAMENTO.PrecoUnitarioLicitado>$AN150)),\"ACIMA REF.\",\"\")))))","v":""},{"$f":"IF(C150<=CRONO.NivelExibicao,MAX($AD$15:OFFSET(AD150,-1,0))+IF($C150<>1,1,MAX(1,COUNTIF(QCI!$A$13:$A$24,OFFSET($E150,-1,0)))),\"\")","v":""},{"$f":"IF(AND($C150=\"S\",ORÇAMENTO.CodBarra<>\"\"),IF(ORÇAMENTO.Fonte=\"\",ORÇAMENTO.CodBarra,CONCATENATE(ORÇAMENTO.Fonte,\" \",ORÇAMENTO.CodBarra)))","v":"SINAPI 97667"},{"$f":"IF(ISERROR(INDIRECT(ORÇAMENTO.BancoRef)),\"(abra o arquivo 'Referência \"&Excel_BuiltIn_Database&\".xlsm)\",IF(OR($C150<>\"S\",ORÇAMENTO.CodBarra=\"\"),\"(Sem Código)\",IF(ISERROR(MATCH($AE150,INDIRECT(ORÇAMENTO.BancoRef),0)),\"(Código não identificado nas referências)\",MATCH($AE150,INDIRECT(ORÇAMENTO.BancoRef),0))))","v":3014},{"$f":"ROUND(IF(DESONERACAO=\"sim\",REFERENCIA.Desonerado,REFERENCIA.NaoDesonerado),2)","v":10.62},0.26400000000000001,null,null,null,null,713.54,13.42]
["S",3,"S",0,{"$f":"IF($C151=1,OFFSET(E151,-1,0)+MAX(1,COUNTIF(QCI!$A$13:$A$24,OFFSET(ORÇAMENTO!E151,-1,0))),OFFSET(E151,-1,0))","v":1},14,2,0,2,0,{"$f":"IF(OR($C151=\"S\",$C151=0),0,MATCH(OFFSET($D151,0,$C151)+IF($C151<>1,1,COUNTIF(QCI!$A$13:$A$24,ORÇAMENTO!E151)),OFFSET($D151,1,$C151,ROW($C$296)-ROW($C151)),0))","v":0},"F","Serviço","Serviço","1.14.2.2.","SINAPI","92986",{"$f":"IF($C151=\"S\",REFERENCIA.Descricao,\"(digite a descrição aqui)\")","v":"CABO DE COBRE FLEXÍVEL ISOLADO, 35 MM², ANTI-CHAMA 0,6/1,0 KV, PARA REDE ENTERRADA DE DISTRIBUIÇÃO DE ENERGIA ELÉTRICA - FORNECIMENTO E INSTALAÇÃO. AF_12/2021"},{"$f":"REFERENCIA.Unidade","v":"M"},{"$f":"OFFSET(CÁLCULO!H$15,ROW($T151)-ROW(T$15),0)","v":212.68},36.43,"BDI 1",{"$f":"IF($C151=\"S\",ROUND(IF(TIPOORCAMENTO=\"Proposto\",ORÇAMENTO.CustoUnitario*(1+$AH151),ORÇAMENTO.PrecoUnitarioLicitado),15-13*$AF$10),0)","v":46.05},{"$f":"IF($C151=\"S\",IF(Import.TipoArredondamento<>\"TransfereGOV\",VTOTAL1,SUM(OFFSET(CÁLCULO!$AA$15,ROW($X151)-ROW($X$15),1):OFFSET(CÁLCULO!$AL$15,ROW($X151)-ROW($X$15),-1))),IF($C151=0,0,ROUND(SomaAgrup,15-13*$AF$11)))","v":9793.91},"RA","RA",{"$f":"IF($C151=\"S\",IF($Z151=\"CP\",$X151,IF($Z151=\"RA\",(($X151)*QCI!$AA$3),0)),SomaAgrup)","v":9793.91},0,{"$f":"IF($N151=\"\",\"\",IF(ORÇAMENTO.Descricao=\"\",\"DESCRIÇÃO\",IF(AND($C151=\"S\",ORÇAMENTO.Unidade=\"\"),\"UNIDADE\",IF($X151<0,\"VALOR NEGATIVO\",IF(OR(AND(TIPOORCAMENTO=\"Proposto\",$AG151<>\"\",$AG151>0,ORÇAMENTO.CustoUnitario>$AG151),AND(TIPOORCAMENTO=\"LICITADO\",ORÇAMENTO.PrecoUnitarioLicitado>$AN151)),\"ACIMA REF.\",\"\")))))","v":""},{"$f":"IF(C151<=CRONO.NivelExibicao,MAX($AD$15:OFFSET(AD151,-1,0))+IF($C151<>1,1,MAX(1,COUNTIF(QCI!$A$13:$A$24,OFFSET($E151,-1,0)))),\"\")","v":""},{"$f":"IF(AND($C151=\"S\",ORÇAMENTO.CodBarra<>\"\"),IF(ORÇAMENTO.Fonte=\"\",ORÇAMENTO.CodBarra,CONCATENATE(ORÇAMENTO.Fonte,\" \",ORÇAMENTO.CodBarra)))","v":"SINAPI 92986"},{"$f":"IF(ISERROR(INDIRECT(ORÇAMENTO.BancoRef)),\"(abra o arquivo 'Referência \"&Excel_BuiltIn_Database&\".xlsm)\",IF(OR($C151<>\"S\",ORÇAMENTO.CodBarra=\"\"),\"(Sem Código)\",IF(ISERROR(MATCH($AE151,INDIRECT(ORÇAMENTO.BancoRef),0)),\"(Código não identificado nas referências)\",MATCH($AE151,INDIRECT(ORÇAMENTO.BancoRef),0))))","v":3085},{"$f":"ROUND(IF(DESONERACAO=\"sim\",REFERENCIA.Desonerado,REFERENCIA.NaoDesonerado),2)","v":36.43},0.26400000000000001,null,null,null,null,9793.91,46.05]
["S",3,"S",0,{"$f":"IF($C152=1,OFFSET(E152,-1,0)+MAX(1,COUNTIF(QCI!$A$13:$A$24,OFFSET(ORÇAMENTO!E152,-1,0))),OFFSET(E152,-1,0))","v":1},14,2,0,3,0,{"$f":"IF(OR($C152=\"S\",$C152=0),0,MATCH(OFFSET($D152,0,$C152)+IF($C152<>1,1,COUNTIF(QCI!$A$13:$A$24,ORÇAMENTO!E152)),OFFSET($D152,1,$C152,ROW($C$296)-ROW($C152)),0))","v":0},"F","Serviço","Serviço","1.14.2.3.","SINAPI-I","863",{"$f":"IF($C152=\"S\",REFERENCIA.Descricao,\"(digite a descrição aqui)\")","v":"CABO DE COBRE NU 35 MM2 MEIO-DURO                                                                                                                                                                                                                                                                                                                                                                                                                                                                         "},{"$f":"REFERENCIA.Unidade","v":"M     "},{"$f":"OFFSET(CÁLCULO!H$15,ROW($T152)-ROW(T$15),0)","v":14.84},35.51,"BDI 1",{"$f":"IF($C152=\"S\",ROUND(IF(TIPOORCAMENTO=\"Proposto\",ORÇAMENTO.CustoUnitario*(1+$AH152),ORÇAMENTO.PrecoUnitarioLicitado),15-13*$AF$10),0)","v":44.88},{"$f":"IF($C152=\"S\",IF(Import.TipoArredondamento<>\"TransfereGOV\",VTOTAL1,SUM(OFFSET(CÁLCULO!$AA$15,ROW($X152)-ROW($X$15),1):OFFSET(CÁLCULO!$AL$15,ROW($X152)-ROW($X$15),-1))),IF($C152=0,0,ROUND(SomaAgrup,15-13*$AF$11)))","v":666.02},"RA","RA",{"$f":"IF($C152=\"S\",IF($Z152=\"CP\",$X152,IF($Z152=\"RA\",(($X152)*QCI!$AA$3),0)),SomaAgrup)","v":666.02},0,{"$f":"IF($N152=\"\",\"\",IF(ORÇAMENTO.Descricao=\"\",\"DESCRIÇÃO\",IF(AND($C152=\"S\",ORÇAMENTO.Unidade=\"\"),\"UNIDADE\",IF($X152<0,\"VALOR NEGATIVO\",IF(OR(AND(TIPOORCAMENTO=\"Proposto\",$AG152<>\"\",$AG152>0,ORÇAMENTO.CustoUnitario>$AG152),AND(TIPOORCAMENTO=\"LICITADO\",ORÇAMENTO.PrecoUnitarioLicitado>$AN152)),\"ACIMA REF.\",\"\")))))","v":""},{"$f":"IF(C152<=CRONO.NivelExibicao,MAX($AD$15:OFFSET(AD152,-1,0))+IF($C152<>1,1,MAX(1,COUNTIF(QCI!$A$13:$A$24,OFFSET($E152,-1,0)))),\"\")","v":""},{"$f":"IF(AND($C152=\"S\",ORÇAMENTO.CodBarra<>\"\"),IF(ORÇAMENTO.Fonte=\"\",ORÇAMENTO.CodBarra,CONCATENATE(ORÇAMENTO.Fonte,\" \",ORÇAMENTO.CodBarra)))","v":"SINAPI-I 863"},{"$f":"IF(ISERROR(INDIRECT(ORÇAMENTO.BancoRef)),\"(abra o arquivo 'Referência \"&Excel_BuiltIn_Database&\".xlsm)\",IF(OR($C152<>\"S\",ORÇAMENTO.CodBarra=\"\"),\"(Sem Código)\",IF(ISERROR(MATCH($AE152,INDIRECT(ORÇAMENTO.BancoRef),0)),\"(Código não identificado nas referências)\",MATCH($AE152,INDIRECT(ORÇAMENTO.BancoRef),0))))","v":8523},{"$f":"ROUND(IF(DESONERACAO=\"sim\",REFERENCIA.Desonerado,REFERENCIA.NaoDesonerado),2)","v":35.51},0.26400000000000001,null,null,null,null,666.02,44.88]
["S",3,"S",0,{"$f":"IF($C153=1,OFFSET(E153,-1,0)+MAX(1,COUNTIF(QCI!$A$13:$A$24,OFFSET(ORÇAMENTO!E153,-1,0))),OFFSET(E153,-1,0))","v":1},14,2,0,4,0,{"$f":"IF(OR($C153=\"S\",$C153=0),0,MATCH(OFFSET($D153,0,$C153)+IF($C153<>1,1,COUNTIF(QCI!$A$13:$A$24,ORÇAMENTO!E153)),OFFSET($D153,1,$C153,ROW($C$296)-ROW($C153)),0))","v":0},"F","Serviço","Serviço","1.14.2.4.","SINAPI","97895",{"$f":"IF($C153=\"S\",REFERENCIA.Descricao,\"(digite a descrição aqui)\")","v":"CAIXA ENTERRADA HIDRÁULICA RETANGULAR, EM CONCRETO PRÉ-MOLDADO, DIMENSÕES INTERNAS: 0,3X0,3X0,3 M. AF_12/2020"},{"$f":"REFERENCIA.Unidade","v":"UN"},{"$f":"OFFSET(CÁLCULO!H$15,ROW($T153)-ROW(T$15),0)","v":1},183.89,"BDI 1",{"$f":"IF($C153=\"S\",ROUND(IF(TIPOORCAMENTO=\"Proposto\",ORÇAMENTO.CustoUnitario*(1+$AH153),ORÇAMENTO.PrecoUnitarioLicitado),15-13*$AF$10),0)","v":232.44},{"$f":"IF($C153=\"S\",IF(Import.TipoArredondamento<>\"TransfereGOV\",VTOTAL1,SUM(OFFSET(CÁLCULO!$AA$15,ROW($X153)-ROW($X$15),1):OFFSET(CÁLCULO!$AL$15,ROW($X153)-ROW($X$15),-1))),IF($C153=0,0,ROUND(SomaAgrup,15-13*$AF$11)))","v":232.44},"RA","RA",{"$f":"IF($C153=\"S\",IF($Z153=\"CP\",$X153,IF($Z153=\"RA\",(($X153)*QCI!$AA$3),0)),SomaAgrup)","v":232.44},0,{"$f":"IF($N153=\"\",\"\",IF(ORÇAMENTO.Descricao=\"\",\"DESCRIÇÃO\",IF(AND($C153=\"S\",ORÇAMENTO.Unidade=\"\"),\"UNIDADE\",IF($X153<0,\"VALOR NEGATIVO\",IF(OR(AND(TIPOORCAMENTO=\"Proposto\",$AG153<>\"\",$AG153>0,ORÇAMENTO.CustoUnitario>$AG153),AND(TIPOORCAMENTO=\"LICITADO\",ORÇAMENTO.PrecoUnitarioLicitado>$AN153)),\"ACIMA REF.\",\"\")))))","v":""},{"$f":"IF(C153<=CRONO.NivelExibicao,MAX($AD$15:OFFSET(AD153,-1,0))+IF($C153<>1,1,MAX(1,COUNTIF(QCI!$A$13:$A$24,OFFSET($E153,-1,0)))),\"\")","v":""},{"$f":"IF(AND($C153=\"S\",ORÇAMENTO.CodBarra<>\"\"),IF(ORÇAMENTO.Fonte=\"\",ORÇAMENTO.CodBarra,CONCATENATE(ORÇAMENTO.Fonte,\" \",ORÇAMENTO.CodBarra)))","v":"SINAPI 97895"},{"$f":"IF(ISERROR(INDIRECT(ORÇAMENTO.BancoRef)),\"(abra o arquivo 'Referência \"&Excel_BuiltIn_Database&\".xlsm)\",IF(OR($C153<>\"S\",ORÇAMENTO.CodBarra=\"\"),\"(Sem Código)\",IF(ISERROR(MATCH($AE153,INDIRECT(ORÇAMENTO.BancoRef),0)),\"(Código não identificado nas referências)\",MATCH($AE153,INDIRECT(ORÇAMENTO.BancoRef),0))))","v":5224},{"$f":"ROUND(IF(DESONERACAO=\"sim\",REFERENCIA.Desonerado,REFERENCIA.NaoDesonerado),2)","v":183.89},0.26400000000000001,null,null,null,null,232.44,232.44]
["S",3,"S",0,{"$f":"IF($C154=1,OFFSET(E154,-1,0)+MAX(1,COUNTIF(QCI!$A$13:$A$24,OFFSET(ORÇAMENTO!E154,-1,0))),OFFSET(E154,-1,0))","v":1},14,2,0,5,0,{"$f":"IF(OR($C154=\"S\",$C154=0),0,MATCH(OFFSET($D154,0,$C154)+IF($C154<>1,1,COUNTIF(QCI!$A$13:$A$24,ORÇAMENTO!E154)),OFFSET($D154,1,$C154,ROW($C$296)-ROW($C154)),0))","v":0},"F","Serviço","Serviço","1.14.2.5.","Composição","33",{"$f":"IF($C154=\"S\",REFERENCIA.Descricao,\"(digite a descrição aqui)\")","v":"CAIXA DE INSPEÇÃO PARA ATERRAMENTO, CIRCULAR, EM POLIETILENO, DIÂMETRO INTERNO = 0,3 M, COMPOSTA POR HASTE DE ATERRAMENTO DIAMETRO 5/8\", COM 3M DE COMPRIMENTO E GRAMPO METÁLICO TIPO OLHAL PARA FIXAÇÃO DE CABO AF_12/2020"},{"$f":"REFERENCIA.Unidade","v":"UNIDADE"},{"$f":"OFFSET(CÁLCULO!H$15,ROW($T154)-ROW(T$15),0)","v":3},166.97,"BDI 1",{"$f":"IF($C154=\"S\",ROUND(IF(TIPOORCAMENTO=\"Proposto\",ORÇAMENTO.CustoUnitario*(1+$AH154),ORÇAMENTO.PrecoUnitarioLicitado),15-13*$AF$10),0)","v":211.05},{"$f":"IF($C154=\"S\",IF(Import.TipoArredondamento<>\"TransfereGOV\",VTOTAL1,SUM(OFFSET(CÁLCULO!$AA$15,ROW($X154)-ROW($X$15),1):OFFSET(CÁLCULO!$AL$15,ROW($X154)-ROW($X$15),-1))),IF($C154=0,0,ROUND(SomaAgrup,15-13*$AF$11)))","v":633.15},"RA","RA",{"$f":"IF($C154=\"S\",IF($Z154=\"CP\",$X154,IF($Z154=\"RA\",(($X154)*QCI!$AA$3),0)),SomaAgrup)","v":633.15},0,{"$f":"IF($N154=\"\",\"\",IF(ORÇAMENTO.Descricao=\"\",\"DESCRIÇÃO\",IF(AND($C154=\"S\",ORÇAMENTO.Unidade=\"\"),\"UNIDADE\",IF($X154<0,\"VALOR NEGATIVO\",IF(OR(AND(TIPOORCAMENTO=\"Proposto\",$AG154<>\"\",$AG154>0,ORÇAMENTO.CustoUnitario>$AG154),AND(TIPOORCAMENTO=\"LICITADO\",ORÇAMENTO.PrecoUnitarioLicitado>$AN154)),\"ACIMA REF.\",\"\")))))","v":""},{"$f":"IF(C154<=CRONO.NivelExibicao,MAX($AD$15:OFFSET(AD154,-1,0))+IF($C154<>1,1,MAX(1,COUNTIF(QCI!$A$13:$A$24,OFFSET($E154,-1,0)))),\"\")","v":""},{"$f":"IF(AND($C154=\"S\",ORÇAMENTO.CodBarra<>\"\"),IF(ORÇAMENTO.Fonte=\"\",ORÇAMENTO.CodBarra,CONCATENATE(ORÇAMENTO.Fonte,\" \",ORÇAMENTO.CodBarra)))","v":"Composição 33"},{"$f":"IF(ISERROR(INDIRECT(ORÇAMENTO.BancoRef)),\"(abra o arquivo 'Referência \"&Excel_BuiltIn_Database&\".xlsm)\",IF(OR($C154<>\"S\",ORÇAMENTO.CodBarra=\"\"),\"(Sem Código)\",IF(ISERROR(MATCH($AE154,INDIRECT(ORÇAMENTO.BancoRef),0)),\"(Código não identificado nas referências)\",MATCH($AE154,INDIRECT(ORÇAMENTO.BancoRef),0))))","v":35},{"$f":"ROUND(IF(DESONERACAO=\"sim\",REFERENCIA.Desonerado,REFERENCIA.NaoDesonerado),2)","v":166.97},0.26400000000000001,null,null,null,null,633.15,211.05]
[{"$f":"CHOOSE(1+LOG(1+2*(ORÇAMENTO.Nivel=\"Meta\")+4*(ORÇAMENTO.Nivel=\"Nível 2\")+8*(ORÇAMENTO.Nivel=\"Nível 3\")+16*(ORÇAMENTO.Nivel=\"Nível 4\")+32*(ORÇAMENTO.Nivel=\"Serviço\"),2),0,1,2,3,4,\"S\")","v":"S"},{"$f":"IF(OR(C155=\"s\",C155=0),OFFSET(B155,-1,0),C155)","v":3},{"$f":"IF(OFFSET(C155,-1,0)=\"L\",1,IF(OFFSET(C155,-1,0)=1,2,IF(OR(A155=\"s\",A155=0),\"S\",IF(AND(OFFSET(C155,-1,0)=2,A155=4),3,IF(AND(OR(OFFSET(C155,-1,0)=\"s\",OFFSET(C155,-1,0)=0),A155<>\"s\",A155>OFFSET(B155,-1,0)),OFFSET(B155,-1,0),A155)))))","v":"S"},{"$f":"IF(OR(C155=\"S\",C155=0),0,IF(ISERROR(K155),J155,SMALL(J155:K155,1)))","v":0},{"$f":"IF($C155=1,OFFSET(E155,-1,0)+MAX(1,COUNTIF(QCI!$A$13:$A$24,OFFSET(ORÇAMENTO!E155,-1,0))),OFFSET(E155,-1,0))","v":1},{"$f":"IF($C155=1,0,IF($C155=2,OFFSET(F155,-1,0)+1,OFFSET(F155,-1,0)))","v":14},{"$f":"IF(AND($C155<=2,$C155<>0),0,IF($C155=3,OFFSET(G155,-1,0)+1,OFFSET(G155,-1,0)))","v":2},{"$f":"IF(AND($C155<=3,$C155<>0),0,IF($C155=4,OFFSET(H155,-1,0)+1,OFFSET(H155,-1,0)))","v":0},{"$f":"IF(AND($C155<=4,$C155<>0),0,IF(AND($C155=\"S\",$X155>0),OFFSET(I155,-1,0)+1,OFFSET(I155,-1,0)))","v":6},0,{"$f":"IF(OR($C155=\"S\",$C155=0),0,MATCH(OFFSET($D155,0,$C155)+IF($C155<>1,1,COUNTIF(QCI!$A$13:$A$24,ORÇAMENTO!E155)),OFFSET($D155,1,$C155,ROW($C$296)-ROW($C155)),0))","v":0},{"$f":"IF(OR($X155>0,$C155=1,$C155=2,$C155=3,$C155=4),\"F\",\"\")","v":"F"},"Serviço",{"$f":"CHOOSE(1+LOG(1+2*(C155=1)+4*(C155=2)+8*(C155=3)+16*(C155=4)+32*(C155=\"S\"),2),\"\",\"Meta\",\"Nível 2\",\"Nível 3\",\"Nível 4\",\"Serviço\")","v":"Serviço"},{"$f":"IF(OR($C155=0,$L155=\"\"),\"-\",CONCATENATE(E155&\".\",IF(AND($A$5>=2,$C155>=2),F155&\".\",\"\"),IF(AND($A$5>=3,$C155>=3),G155&\".\",\"\"),IF(AND($A$5>=4,$C155>=4),H155&\".\",\"\"),IF($C155=\"S\",I155&\".\",\"\")))","v":"1.14.2.6."},"SINAPI","104752",{"$f":"IF($C155=\"S\",REFERENCIA.Descricao,\"(digite a descrição aqui)\")","v":"CONECTOR SPLIT-BOLT, PARA SPDA, PARA CABOS ATÉ 35 MM2 - FORNECIMENTO E INSTALAÇÃO. AF_08/2023"},{"$f":"REFERENCIA.Unidade","v":"UN"},{"$f":"OFFSET(CÁLCULO!H$15,ROW($T155)-ROW(T$15),0)","v":10},19.989999999999998,"BDI 1",{"$f":"IF($C155=\"S\",ROUND(IF(TIPOORCAMENTO=\"Proposto\",ORÇAMENTO.CustoUnitario*(1+$AH155),ORÇAMENTO.PrecoUnitarioLicitado),15-13*$AF$10),0)","v":25.27},{"$f":"IF($C155=\"S\",IF(Import.TipoArredondamento<>\"TransfereGOV\",VTOTAL1,SUM(OFFSET(CÁLCULO!$AA$15,ROW($X155)-ROW($X$15),1):OFFSET(CÁLCULO!$AL$15,ROW($X155)-ROW($X$15),-1))),IF($C155=0,0,ROUND(SomaAgrup,15-13*$AF$11)))","v":252.7},"RA",{"$f":"IF(AND($C155=\"S\",$X155>0),IF(ISBLANK($Y155),\"RA\",LEFT($Y155,2)),\"\")","v":"RA"},{"$f":"IF($C155=\"S\",IF($Z155=\"CP\",$X155,IF($Z155=\"RA\",(($X155)*QCI!$AA$3),0)),SomaAgrup)","v":252.7},{"$f":"IF($C155=\"S\",IF($Z155=\"OU\",ROUND($X155,2),0),SomaAgrup)","v":0},{"$f":"IF($N155=\"\",\"\",IF(ORÇAMENTO.Descricao=\"\",\"DESCRIÇÃO\",IF(AND($C155=\"S\",ORÇAMENTO.Unidade=\"\"),\"UNIDADE\",IF($X155<0,\"VALOR NEGATIVO\",IF(OR(AND(TIPOORCAMENTO=\"Proposto\",$AG155<>\"\",$AG155>0,ORÇAMENTO.CustoUnitario>$AG155),AND(TIPOORCAMENTO=\"LICITADO\",ORÇAMENTO.PrecoUnitarioLicitado>$AN155)),\"ACIMA REF.\",\"\")))))","v":""},{"$f":"IF(C155<=CRONO.NivelExibicao,MAX($AD$15:OFFSET(AD155,-1,0))+IF($C155<>1,1,MAX(1,COUNTIF(QCI!$A$13:$A$24,OFFSET($E155,-1,0)))),\"\")","v":""},{"$f":"IF(AND($C155=\"S\",ORÇAMENTO.CodBarra<>\"\"),IF(ORÇAMENTO.Fonte=\"\",ORÇAMENTO.CodBarra,CONCATENATE(ORÇAMENTO.Fonte,\" \",ORÇAMENTO.CodBarra)))","v":"SINAPI 104752"},{"$f":"IF(ISERROR(INDIRECT(ORÇAMENTO.BancoRef)),\"(abra o arquivo 'Referência \"&Excel_BuiltIn_Database&\".xlsm)\",IF(OR($C155<>\"S\",ORÇAMENTO.CodBarra=\"\"),\"(Sem Código)\",IF(ISERROR(MATCH($AE155,INDIRECT(ORÇAMENTO.BancoRef),0)),\"(Código não identificado nas referências)\",MATCH($AE155,INDIRECT(ORÇAMENTO.BancoRef),0))))","v":3492},{"$f":"ROUND(IF(DESONERACAO=\"sim\",REFERENCIA.Desonerado,REFERENCIA.NaoDesonerado),2)","v":19.989999999999998},{"$f":"ROUND(IF(ISNUMBER(ORÇAMENTO.OpcaoBDI),ORÇAMENTO.OpcaoBDI,IF(LEFT(ORÇAMENTO.OpcaoBDI,3)=\"BDI\",HLOOKUP(ORÇAMENTO.OpcaoBDI,$F$4:$H$5,2,FALSE),0)),15-11*$AF$9)","v":0.26400000000000001},null,null,null,null,{"$f":"$X155","v":252.7},{"$f":"ROUND(ORÇAMENTO.CustoUnitario*(1+$AH155),2)","v":25.27}]
["S",3,"S",0,{"$f":"IF($C156=1,OFFSET(E156,-1,0)+MAX(1,COUNTIF(QCI!$A$13:$A$24,OFFSET(ORÇAMENTO!E156,-1,0))),OFFSET(E156,-1,0))","v":1},14,2,0,7,0,{"$f":"IF(OR($C156=\"S\",$C156=0),0,MATCH(OFFSET($D156,0,$C156)+IF($C156<>1,1,COUNTIF(QCI!$A$13:$A$24,ORÇAMENTO!E156)),OFFSET($D156,1,$C156,ROW($C$296)-ROW($C156)),0))","v":0},"F","Serviço","Serviço","1.14.2.7.","SINAPI","101880",{"$f":"IF($C156=\"S\",REFERENCIA.Descricao,\"(digite a descrição aqui)\")","v":"QUADRO DE DISTRIBUIÇÃO DE ENERGIA EM CHAPA DE AÇO GALVANIZADO, DE EMBUTIR, COM BARRAMENTO TRIFÁSICO, PARA 30 DISJUNTORES DIN 150A - FORNECIMENTO E INSTALAÇÃO. AF_10/2020"},{"$f":"REFERENCIA.Unidade","v":"UN"},{"$f":"OFFSET(CÁLCULO!H$15,ROW($T156)-ROW(T$15),0)","v":2},678.35,"BDI 1",{"$f":"IF($C156=\"S\",ROUND(IF(TIPOORCAMENTO=\"Proposto\",ORÇAMENTO.CustoUnitario*(1+$AH156),ORÇAMENTO.PrecoUnitarioLicitado),15-13*$AF$10),0)","v":857.43},{"$f":"IF($C156=\"S\",IF(Import.TipoArredondamento<>\"TransfereGOV\",VTOTAL1,SUM(OFFSET(CÁLCULO!$AA$15,ROW($X156)-ROW($X$15),1):OFFSET(CÁLCULO!$AL$15,ROW($X156)-ROW($X$15),-1))),IF($C156=0,0,ROUND(SomaAgrup,15-13*$AF$11)))","v":1714.86},"RA","RA",{"$f":"IF($C156=\"S\",IF($Z156=\"CP\",$X156,IF($Z156=\"RA\",(($X156)*QCI!$AA$3),0)),SomaAgrup)","v":1714.86},0,{"$f":"IF($N156=\"\",\"\",IF(ORÇAMENTO.Descricao=\"\",\"DESCRIÇÃO\",IF(AND($C156=\"S\",ORÇAMENTO.Unidade=\"\"),\"UNIDADE\",IF($X156<0,\"VALOR NEGATIVO\",IF(OR(AND(TIPOORCAMENTO=\"Proposto\",$AG156<>\"\",$AG156>0,ORÇAMENTO.CustoUnitario>$AG156),AND(TIPOORCAMENTO=\"LICITADO\",ORÇAMENTO.PrecoUnitarioLicitado>$AN156)),\"ACIMA REF.\",\"\")))))","v":""},{"$f":"IF(C156<=CRONO.NivelExibicao,MAX($AD$15:OFFSET(AD156,-1,0))+IF($C156<>1,1,MAX(1,COUNTIF(QCI!$A$13:$A$24,OFFSET($E156,-1,0)))),\"\")","v":""},{"$f":"IF(AND($C156=\"S\",ORÇAMENTO.CodBarra<>\"\"),IF(ORÇAMENTO.Fonte=\"\",ORÇAMENTO.CodBarra,CONCATENATE(ORÇAMENTO.Fonte,\" \",ORÇAMENTO.CodBarra)))","v":"SINAPI 101880"},{"$f":"IF(ISERROR(INDIRECT(ORÇAMENTO.BancoRef)),\"(abra o arquivo 'Referência \"&Excel_BuiltIn_Database&\".xlsm)\",IF(OR($C156<>\"S\",ORÇAMENTO.CodBarra=\"\"),\"(Sem Código)\",IF(ISERROR(MATCH($AE156,INDIRECT(ORÇAMENTO.BancoRef),0)),\"(Código não identificado nas referências)\",MATCH($AE156,INDIRECT(ORÇAMENTO.BancoRef),0))))","v":3201},{"$f":"ROUND(IF(DESONERACAO=\"sim\",REFERENCIA.Desonerado,REFERENCIA.NaoDesonerado),2)","v":678.35},0.26400000000000001,null,null,null,null,1714.86,857.43]
["S",3,"S",0,{"$f":"IF($C157=1,OFFSET(E157,-1,0)+MAX(1,COUNTIF(QCI!$A$13:$A$24,OFFSET(ORÇAMENTO!E157,-1,0))),OFFSET(E157,-1,0))","v":1},14,2,0,8,0,{"$f":"IF(OR($C157=\"S\",$C157=0),0,MATCH(OFFSET($D157,0,$C157)+IF($C157<>1,1,COUNTIF(QCI!$A$13:$A$24,ORÇAMENTO!E157)),OFFSET($D157,1,$C157,ROW($C$296)-ROW($C157)),0))","v":0},"F","Serviço","Serviço","1.14.2.8.","Composição","34",{"$f":"IF($C157=\"S\",REFERENCIA.Descricao,\"(digite a descrição aqui)\")","v":"ELETRODUTO FLEXÍVEL CORRUGADO, PEAD, DN 40, PARA REDE ENTERRADA DE DISTRIBUIÇÃO DE ENERGIA ELÉTRICA - FORNECIMENTO E INSTALAÇÃO. AF_12/2021"},{"$f":"REFERENCIA.Unidade","v":"M"},{"$f":"OFFSET(CÁLCULO!H$15,ROW($T157)-ROW(T$15),0)","v":11.77},8.4499999999999993,"BDI 1",{"$f":"IF($C157=\"S\",ROUND(IF(TIPOORCAMENTO=\"Proposto\",ORÇAMENTO.CustoUnitario*(1+$AH157),ORÇAMENTO.PrecoUnitarioLicitado),15-13*$AF$10),0)","v":10.68},{"$f":"IF($C157=\"S\",IF(Import.TipoArredondamento<>\"TransfereGOV\",VTOTAL1,SUM(OFFSET(CÁLCULO!$AA$15,ROW($X157)-ROW($X$15),1):OFFSET(CÁLCULO!$AL$15,ROW($X157)-ROW($X$15),-1))),IF($C157=0,0,ROUND(SomaAgrup,15-13*$AF$11)))","v":125.7},"RA","RA",{"$f":"IF($C157=\"S\",IF($Z157=\"CP\",$X157,IF($Z157=\"RA\",(($X157)*QCI!$AA$3),0)),SomaAgrup)","v":125.7},0,{"$f":"IF($N157=\"\",\"\",IF(ORÇAMENTO.Descricao=\"\",\"DESCRIÇÃO\",IF(AND($C157=\"S\",ORÇAMENTO.Unidade=\"\"),\"UNIDADE\",IF($X157<0,\"VALOR NEGATIVO\",IF(OR(AND(TIPOORCAMENTO=\"Proposto\",$AG157<>\"\",$AG157>0,ORÇAMENTO.CustoUnitario>$AG157),AND(TIPOORCAMENTO=\"LICITADO\",ORÇAMENTO.PrecoUnitarioLicitado>$AN157)),\"ACIMA REF.\",\"\")))))","v":""},{"$f":"IF(C157<=CRONO.NivelExibicao,MAX($AD$15:OFFSET(AD157,-1,0))+IF($C157<>1,1,MAX(1,COUNTIF(QCI!$A$13:$A$24,OFFSET($E157,-1,0)))),\"\")","v":""},{"$f":"IF(AND($C157=\"S\",ORÇAMENTO.CodBarra<>\"\"),IF(ORÇAMENTO.Fonte=\"\",ORÇAMENTO.CodBarra,CONCATENATE(ORÇAMENTO.Fonte,\" \",ORÇAMENTO.CodBarra)))","v":"Composição 34"},{"$f":"IF(ISERROR(INDIRECT(ORÇAMENTO.BancoRef)),\"(abra o arquivo 'Referência \"&Excel_BuiltIn_Database&\".xlsm)\",IF(OR($C157<>\"S\",ORÇAMENTO.CodBarra=\"\"),\"(Sem Código)\",IF(ISERROR(MATCH($AE157,INDIRECT(ORÇAMENTO.BancoRef),0)),\"(Código não identificado nas referências)\",MATCH($AE157,INDIRECT(ORÇAMENTO.BancoRef),0))))","v":36},{"$f":"ROUND(IF(DESONERACAO=\"sim\",REFERENCIA.Desonerado,REFERENCIA.NaoDesonerado),2)","v":8.4499999999999993},0.26400000000000001,null,null,null,null,125.7,10.68]
["S",3,"S",0,{"$f":"IF($C158=1,OFFSET(E158,-1,0)+MAX(1,COUNTIF(QCI!$A$13:$A$24,OFFSET(ORÇAMENTO!E158,-1,0))),OFFSET(E158,-1,0))","v":1},14,2,0,9,0,{"$f":"IF(OR($C158=\"S\",$C158=0),0,MATCH(OFFSET($D158,0,$C158)+IF($C158<>1,1,COUNTIF(QCI!$A$13:$A$24,ORÇAMENTO!E158)),OFFSET($D158,1,$C158,ROW($C$296)-ROW($C158)),0))","v":0},"F","Serviço","Serviço","1.14.2.9.","SINAPI","92982",{"$f":"IF($C158=\"S\",REFERENCIA.Descricao,\"(digite a descrição aqui)\")","v":"CABO DE COBRE FLEXÍVEL ISOLADO, 16 MM², ANTI-CHAMA 0,6/1,0 KV, PARA DISTRIBUIÇÃO - FORNECIMENTO E INSTALAÇÃO. AF_10/2020"},{"$f":"REFERENCIA.Unidade","v":"M"},{"$f":"OFFSET(CÁLCULO!H$15,ROW($T158)-ROW(T$15),0)","v":63.85},15.9,"BDI 1",{"$f":"IF($C158=\"S\",ROUND(IF(TIPOORCAMENTO=\"Proposto\",ORÇAMENTO.CustoUnitario*(1+$AH158),ORÇAMENTO.PrecoUnitarioLicitado),15-13*$AF$10),0)","v":20.100000000000001},{"$f":"IF($C158=\"S\",IF(Import.TipoArredondamento<>\"TransfereGOV\",VTOTAL1,SUM(OFFSET(CÁLCULO!$AA$15,ROW($X158)-ROW($X$15),1):OFFSET(CÁLCULO!$AL$15,ROW($X158)-ROW($X$15),-1))),IF($C158=0,0,ROUND(SomaAgrup,15-13*$AF$11)))","v":1283.3900000000001},"RA","RA",{"$f":"IF($C158=\"S\",IF($Z158=\"CP\",$X158,IF($Z158=\"RA\",(($X158)*QCI!$AA$3),0)),SomaAgrup)","v":1283.3900000000001},0,{"$f":"IF($N158=\"\",\"\",IF(ORÇAMENTO.Descricao=\"\",\"DESCRIÇÃO\",IF(AND($C158=\"S\",ORÇAMENTO.Unidade=\"\"),\"UNIDADE\",IF($X158<0,\"VALOR NEGATIVO\",IF(OR(AND(TIPOORCAMENTO=\"Proposto\",$AG158<>\"\",$AG158>0,ORÇAMENTO.CustoUnitario>$AG158),AND(TIPOORCAMENTO=\"LICITADO\",ORÇAMENTO.PrecoUnitarioLicitado>$AN158)),\"ACIMA REF.\",\"\")))))","v":""},{"$f":"IF(C158<=CRONO.NivelExibicao,MAX($AD$15:OFFSET(AD158,-1,0))+IF($C158<>1,1,MAX(1,COUNTIF(QCI!$A$13:$A$24,OFFSET($E158,-1,0)))),\"\")","v":""},{"$f":"IF(AND($C158=\"S\",ORÇAMENTO.CodBarra<>\"\"),IF(ORÇAMENTO.Fonte=\"\",ORÇAMENTO.CodBarra,CONCATENATE(ORÇAMENTO.Fonte,\" \",ORÇAMENTO.CodBarra)))","v":"SINAPI 92982"},{"$f":"IF(ISERROR(INDIRECT(ORÇAMENTO.BancoRef)),\"(abra o arquivo 'Referência \"&Excel_BuiltIn_Database&\".xlsm)\",IF(OR($C158<>\"S\",ORÇAMENTO.CodBarra=\"\"),\"(Sem Código)\",IF(ISERROR(MATCH($AE158,INDIRECT(ORÇAMENTO.BancoRef),0)),\"(Código não identificado nas referências)\",MATCH($AE158,INDIRECT(ORÇAMENTO.BancoRef),0))))","v":3083},{"$f":"ROUND(IF(DESONERACAO=\"sim\",REFERENCIA.Desonerado,REFERENCIA.NaoDesonerado),2)","v":15.9},0.26400000000000001,null,null,null,null,1283.3900000000001,20.100000000000001]
[3,3,3,32,{"$f":"IF($C159=1,OFFSET(E159,-1,0)+MAX(1,COUNTIF(QCI!$A$13:$A$24,OFFSET(ORÇAMENTO!E159,-1,0))),OFFSET(E159,-1,0))","v":1},14,3,0,0,32,{"$f":"IF(OR($C159=\"S\",$C159=0),0,MATCH(OFFSET($D159,0,$C159)+IF($C159<>1,1,COUNTIF(QCI!$A$13:$A$24,ORÇAMENTO!E159)),OFFSET($D159,1,$C159,ROW($C$296)-ROW($C159)),0))","v":{"$error":"#N/A"}},"F","Nível 3","Nível 3","1.14.3.","SINAPI",null,"CABOS, ELETRODUTOS E OUTROS (APÓS QUADROS)",{"$f":"REFERENCIA.Unidade","v":"-"},{"$f":"OFFSET(CÁLCULO!H$15,ROW($T159)-ROW(T$15),0)","v":0},null,"BDI 1",{"$f":"IF($C159=\"S\",ROUND(IF(TIPOORCAMENTO=\"Proposto\",ORÇAMENTO.CustoUnitario*(1+$AH159),ORÇAMENTO.PrecoUnitarioLicitado),15-13*$AF$10),0)","v":0},{"$f":"IF($C159=\"S\",IF(Import.TipoArredondamento<>\"TransfereGOV\",VTOTAL1,SUM(OFFSET(CÁLCULO!$AA$15,ROW($X159)-ROW($X$15),1):OFFSET(CÁLCULO!$AL$15,ROW($X159)-ROW($X$15),-1))),IF($C159=0,0,ROUND(SomaAgrup,15-13*$AF$11)))","v":30359.1},"RA","",{"$f":"IF($C159=\"S\",IF($Z159=\"CP\",$X159,IF($Z159=\"RA\",(($X159)*QCI!$AA$3),0)),SomaAgrup)","v":30359.1},0,{"$f":"IF($N159=\"\",\"\",IF(ORÇAMENTO.Descricao=\"\",\"DESCRIÇÃO\",IF(AND($C159=\"S\",ORÇAMENTO.Unidade=\"\"),\"UNIDADE\",IF($X159<0,\"VALOR NEGATIVO\",IF(OR(AND(TIPOORCAMENTO=\"Proposto\",$AG159<>\"\",$AG159>0,ORÇAMENTO.CustoUnitario>$AG159),AND(TIPOORCAMENTO=\"LICITADO\",ORÇAMENTO.PrecoUnitarioLicitado>$AN159)),\"ACIMA REF.\",\"\")))))","v":""},{"$f":"IF(C159<=CRONO.NivelExibicao,MAX($AD$15:OFFSET(AD159,-1,0))+IF($C159<>1,1,MAX(1,COUNTIF(QCI!$A$13:$A$24,OFFSET($E159,-1,0)))),\"\")","v":20},{"$f":"IF(AND($C159=\"S\",ORÇAMENTO.CodBarra<>\"\"),IF(ORÇAMENTO.Fonte=\"\",ORÇAMENTO.CodBarra,CONCATENATE(ORÇAMENTO.Fonte,\" \",ORÇAMENTO.CodBarra)))","v":false},{"$f":"IF(ISERROR(INDIRECT(ORÇAMENTO.BancoRef)),\"(abra o arquivo 'Referência \"&Excel_BuiltIn_Database&\".xlsm)\",IF(OR($C159<>\"S\",ORÇAMENTO.CodBarra=\"\"),\"(Sem Código)\",IF(ISERROR(MATCH($AE159,INDIRECT(ORÇAMENTO.BancoRef),0)),\"(Código não identificado nas referências)\",MATCH($AE159,INDIRECT(ORÇAMENTO.BancoRef),0))))","v":"(Sem Código)"},{"$f":"ROUND(IF(DESONERACAO=\"sim\",REFERENCIA.Desonerado,REFERENCIA.NaoDesonerado),2)","v":0},0.26400000000000001,null,null,null,null,{"$f":"$X159","v":30359.1},0]
["S",3,"S",0,{"$f":"IF($C160=1,OFFSET(E160,-1,0)+MAX(1,COUNTIF(QCI!$A$13:$A$24,OFFSET(ORÇAMENTO!E160,-1,0))),OFFSET(E160,-1,0))","v":1},14,3,0,1,0,{"$f":"IF(OR($C160=\"S\",$C160=0),0,MATCH(OFFSET($D160,0,$C160)+IF($C160<>1,1,COUNTIF(QCI!$A$13:$A$24,ORÇAMENTO!E160)),OFFSET($D160,1,$C160,ROW($C$296)-ROW($C160)),0))","v":0},"F","Serviço","Serviço","1.14.3.1.","SINAPI","91926",{"$f":"IF($C160=\"S\",REFERENCIA.Descricao,\"(digite a descrição aqui)\")","v":"CABO DE COBRE FLEXÍVEL ISOLADO, 2,5 MM², ANTI-CHAMA 450/750 V, PARA CIRCUITOS TERMINAIS - FORNECIMENTO E INSTALAÇÃO. AF_03/2023"},{"$f":"REFERENCIA.Unidade","v":"M"},{"$f":"OFFSET(CÁLCULO!H$15,ROW($T160)-ROW(T$15),0)","v":1861.1},4.09,"BDI 1",{"$f":"IF($C160=\"S\",ROUND(IF(TIPOORCAMENTO=\"Proposto\",ORÇAMENTO.CustoUnitario*(1+$AH160),ORÇAMENTO.PrecoUnitarioLicitado),15-13*$AF$10),0)","v":5.17},{"$f":"IF($C160=\"S\",IF(Import.TipoArredondamento<>\"TransfereGOV\",VTOTAL1,SUM(OFFSET(CÁLCULO!$AA$15,ROW($X160)-ROW($X$15),1):OFFSET(CÁLCULO!$AL$15,ROW($X160)-ROW($X$15),-1))),IF($C160=0,0,ROUND(SomaAgrup,15-13*$AF$11)))","v":9621.89},"RA","RA",{"$f":"IF($C160=\"S\",IF($Z160=\"CP\",$X160,IF($Z160=\"RA\",(($X160)*QCI!$AA$3),0)),SomaAgrup)","v":9621.89},0,{"$f":"IF($N160=\"\",\"\",IF(ORÇAMENTO.Descricao=\"\",\"DESCRIÇÃO\",IF(AND($C160=\"S\",ORÇAMENTO.Unidade=\"\"),\"UNIDADE\",IF($X160<0,\"VALOR NEGATIVO\",IF(OR(AND(TIPOORCAMENTO=\"Proposto\",$AG160<>\"\",$AG160>0,ORÇAMENTO.CustoUnitario>$AG160),AND(TIPOORCAMENTO=\"LICITADO\",ORÇAMENTO.PrecoUnitarioLicitado>$AN160)),\"ACIMA REF.\",\"\")))))","v":""},{"$f":"IF(C160<=CRONO.NivelExibicao,MAX($AD$15:OFFSET(AD160,-1,0))+IF($C160<>1,1,MAX(1,COUNTIF(QCI!$A$13:$A$24,OFFSET($E160,-1,0)))),\"\")","v":""},{"$f":"IF(AND($C160=\"S\",ORÇAMENTO.CodBarra<>\"\"),IF(ORÇAMENTO.Fonte=\"\",ORÇAMENTO.CodBarra,CONCATENATE(ORÇAMENTO.Fonte,\" \",ORÇAMENTO.CodBarra)))","v":"SINAPI 91926"},{"$f":"IF(ISERROR(INDIRECT(ORÇAMENTO.BancoRef)),\"(abra o arquivo 'Referência \"&Excel_BuiltIn_Database&\".xlsm)\",IF(OR($C160<>\"S\",ORÇAMENTO.CodBarra=\"\"),\"(Sem Código)\",IF(ISERROR(MATCH($AE160,INDIRECT(ORÇAMENTO.BancoRef),0)),\"(Código não identificado nas referências)\",MATCH($AE160,INDIRECT(ORÇAMENTO.BancoRef),0))))","v":3070},{"$f":"ROUND(IF(DESONERACAO=\"sim\",REFERENCIA.Desonerado,REFERENCIA.NaoDesonerado),2)","v":4.09},0.26400000000000001,null,null,null,null,9621.89,5.17]
["S",3,"S",0,{"$f":"IF($C161=1,OFFSET(E161,-1,0)+MAX(1,COUNTIF(QCI!$A$13:$A$24,OFFSET(ORÇAMENTO!E161,-1,0))),OFFSET(E161,-1,0))","v":1},14,3,0,2,0,{"$f":"IF(OR($C161=\"S\",$C161=0),0,MATCH(OFFSET($D161,0,$C161)+IF($C161<>1,1,COUNTIF(QCI!$A$13:$A$24,ORÇAMENTO!E161)),OFFSET($D161,1,$C161,ROW($C$296)-ROW($C161)),0))","v":0},"F","Serviço","Serviço","1.14.3.2.","SINAPI","91930",{"$f":"IF($C161=\"S\",REFERENCIA.Descricao,\"(digite a descrição aqui)\")","v":"CABO DE COBRE FLEXÍVEL ISOLADO, 6 MM², ANTI-CHAMA 450/750 V, PARA CIRCUITOS TERMINAIS - FORNECIMENTO E INSTALAÇÃO. AF_03/2023"},{"$f":"REFERENCIA.Unidade","v":"M"},{"$f":"OFFSET(CÁLCULO!H$15,ROW($T161)-ROW(T$15),0)","v":327.73},8.86,"BDI 1",{"$f":"IF($C161=\"S\",ROUND(IF(TIPOORCAMENTO=\"Proposto\",ORÇAMENTO.CustoUnitario*(1+$AH161),ORÇAMENTO.PrecoUnitarioLicitado),15-13*$AF$10),0)","v":11.2},{"$f":"IF($C161=\"S\",IF(Import.TipoArredondamento<>\"TransfereGOV\",VTOTAL1,SUM(OFFSET(CÁLCULO!$AA$15,ROW($X161)-ROW($X$15),1):OFFSET(CÁLCULO!$AL$15,ROW($X161)-ROW($X$15),-1))),IF($C161=0,0,ROUND(SomaAgrup,15-13*$AF$11)))","v":3670.58},"RA","RA",{"$f":"IF($C161=\"S\",IF($Z161=\"CP\",$X161,IF($Z161=\"RA\",(($X161)*QCI!$AA$3),0)),SomaAgrup)","v":3670.58},0,{"$f":"IF($N161=\"\",\"\",IF(ORÇAMENTO.Descricao=\"\",\"DESCRIÇÃO\",IF(AND($C161=\"S\",ORÇAMENTO.Unidade=\"\"),\"UNIDADE\",IF($X161<0,\"VALOR NEGATIVO\",IF(OR(AND(TIPOORCAMENTO=\"Proposto\",$AG161<>\"\",$AG161>0,ORÇAMENTO.CustoUnitario>$AG161),AND(TIPOORCAMENTO=\"LICITADO\",ORÇAMENTO.PrecoUnitarioLicitado>$AN161)),\"ACIMA REF.\",\"\")))))","v":""},{"$f":"IF(C161<=CRONO.NivelExibicao,MAX($AD$15:OFFSET(AD161,-1,0))+IF($C161<>1,1,MAX(1,COUNTIF(QCI!$A$13:$A$24,OFFSET($E161,-1,0)))),\"\")","v":""},{"$f":"IF(AND($C161=\"S\",ORÇAMENTO.CodBarra<>\"\"),IF(ORÇAMENTO.Fonte=\"\",ORÇAMENTO.CodBarra,CONCATENATE(ORÇAMENTO.Fonte,\" \",ORÇAMENTO.CodBarra)))","v":"SINAPI 91930"},{"$f":"IF(ISERROR(INDIRECT(ORÇAMENTO.BancoRef)),\"(abra o arquivo 'Referência \"&Excel_BuiltIn_Database&\".xlsm)\",IF(OR($C161<>\"S\",ORÇAMENTO.CodBarra=\"\"),\"(Sem Código)\",IF(ISERROR(MATCH($AE161,INDIRECT(ORÇAMENTO.BancoRef),0)),\"(Código não identificado nas referências)\",MATCH($AE161,INDIRECT(ORÇAMENTO.BancoRef),0))))","v":3074},{"$f":"ROUND(IF(DESONERACAO=\"sim\",REFERENCIA.Desonerado,REFERENCIA.NaoDesonerado),2)","v":8.86},0.26400000000000001,null,null,null,null,3670.58,11.2]
[{"$f":"CHOOSE(1+LOG(1+2*(ORÇAMENTO.Nivel=\"Meta\")+4*(ORÇAMENTO.Nivel=\"Nível 2\")+8*(ORÇAMENTO.Nivel=\"Nível 3\")+16*(ORÇAMENTO.Nivel=\"Nível 4\")+32*(ORÇAMENTO.Nivel=\"Serviço\"),2),0,1,2,3,4,\"S\")","v":"S"},{"$f":"IF(OR(C162=\"s\",C162=0),OFFSET(B162,-1,0),C162)","v":3},{"$f":"IF(OFFSET(C162,-1,0)=\"L\",1,IF(OFFSET(C162,-1,0)=1,2,IF(OR(A162=\"s\",A162=0),\"S\",IF(AND(OFFSET(C162,-1,0)=2,A162=4),3,IF(AND(OR(OFFSET(C162,-1,0)=\"s\",OFFSET(C162,-1,0)=0),A162<>\"s\",A162>OFFSET(B162,-1,0)),OFFSET(B162,-1,0),A162)))))","v":"S"},{"$f":"IF(OR(C162=\"S\",C162=0),0,IF(ISERROR(K162),J162,SMALL(J162:K162,1)))","v":0},{"$f":"IF($C162=1,OFFSET(E162,-1,0)+MAX(1,COUNTIF(QCI!$A$13:$A$24,OFFSET(ORÇAMENTO!E162,-1,0))),OFFSET(E162,-1,0))","v":1},{"$f":"IF($C162=1,0,IF($C162=2,OFFSET(F162,-1,0)+1,OFFSET(F162,-1,0)))","v":14},{"$f":"IF(AND($C162<=2,$C162<>0),0,IF($C162=3,OFFSET(G162,-1,0)+1,OFFSET(G162,-1,0)))","v":3},{"$f":"IF(AND($C162<=3,$C162<>0),0,IF($C162=4,OFFSET(H162,-1,0)+1,OFFSET(H162,-1,0)))","v":0},{"$f":"IF(AND($C162<=4,$C162<>0),0,IF(AND($C162=\"S\",$X162>0),OFFSET(I162,-1,0)+1,OFFSET(I162,-1,0)))","v":3},0,{"$f":"IF(OR($C162=\"S\",$C162=0),0,MATCH(OFFSET($D162,0,$C162)+IF($C162<>1,1,COUNTIF(QCI!$A$13:$A$24,ORÇAMENTO!E162)),OFFSET($D162,1,$C162,ROW($C$296)-ROW($C162)),0))","v":0},{"$f":"IF(OR($X162>0,$C162=1,$C162=2,$C162=3,$C162=4),\"F\",\"\")","v":"F"},"Serviço",{"$f":"CHOOSE(1+LOG(1+2*(C162=1)+4*(C162=2)+8*(C162=3)+16*(C162=4)+32*(C162=\"S\"),2),\"\",\"Meta\",\"Nível 2\",\"Nível 3\",\"Nível 4\",\"Serviço\")","v":"Serviço"},{"$f":"IF(OR($C162=0,$L162=\"\"),\"-\",CONCATENATE(E162&\".\",IF(AND($A$5>=2,$C162>=2),F162&\".\",\"\"),IF(AND($A$5>=3,$C162>=3),G162&\".\",\"\"),IF(AND($A$5>=4,$C162>=4),H162&\".\",\"\"),IF($C162=\"S\",I162&\".\",\"\")))","v":"1.14.3.3."},"SINAPI","93673",{"$f":"IF($C162=\"S\",REFERENCIA.Descricao,\"(digite a descrição aqui)\")","v":"DISJUNTOR TRIPOLAR TIPO DIN, CORRENTE NOMINAL DE 50A - FORNECIMENTO E INSTALAÇÃO. AF_10/2020"},{"$f":"REFERENCIA.Unidade","v":"UN"},{"$f":"OFFSET(CÁLCULO!H$15,ROW($T162)-ROW(T$15),0)","v":1},87.68,"BDI 1",{"$f":"IF($C162=\"S\",ROUND(IF(TIPOORCAMENTO=\"Proposto\",ORÇAMENTO.CustoUnitario*(1+$AH162),ORÇAMENTO.PrecoUnitarioLicitado),15-13*$AF$10),0)","v":110.83},{"$f":"IF($C162=\"S\",IF(Import.TipoArredondamento<>\"TransfereGOV\",VTOTAL1,SUM(OFFSET(CÁLCULO!$AA$15,ROW($X162)-ROW($X$15),1):OFFSET(CÁLCULO!$AL$15,ROW($X162)-ROW($X$15),-1))),IF($C162=0,0,ROUND(SomaAgrup,15-13*$AF$11)))","v":110.83},"RA",{"$f":"IF(AND($C162=\"S\",$X162>0),IF(ISBLANK($Y162),\"RA\",LEFT($Y162,2)),\"\")","v":"RA"},{"$f":"IF($C162=\"S\",IF($Z162=\"CP\",$X162,IF($Z162=\"RA\",(($X162)*QCI!$AA$3),0)),SomaAgrup)","v":110.83},{"$f":"IF($C162=\"S\",IF($Z162=\"OU\",ROUND($X162,2),0),SomaAgrup)","v":0},{"$f":"IF($N162=\"\",\"\",IF(ORÇAMENTO.Descricao=\"\",\"DESCRIÇÃO\",IF(AND($C162=\"S\",ORÇAMENTO.Unidade=\"\"),\"UNIDADE\",IF($X162<0,\"VALOR NEGATIVO\",IF(OR(AND(TIPOORCAMENTO=\"Proposto\",$AG162<>\"\",$AG162>0,ORÇAMENTO.CustoUnitario>$AG162),AND(TIPOORCAMENTO=\"LICITADO\",ORÇAMENTO.PrecoUnitarioLicitado>$AN162)),\"ACIMA REF.\",\"\")))))","v":""},{"$f":"IF(C162<=CRONO.NivelExibicao,MAX($AD$15:OFFSET(AD162,-1,0))+IF($C162<>1,1,MAX(1,COUNTIF(QCI!$A$13:$A$24,OFFSET($E162,-1,0)))),\"\")","v":""},{"$f":"IF(AND($C162=\"S\",ORÇAMENTO.CodBarra<>\"\"),IF(ORÇAMENTO.Fonte=\"\",ORÇAMENTO.CodBarra,CONCATENATE(ORÇAMENTO.Fonte,\" \",ORÇAMENTO.CodBarra)))","v":"SINAPI 93673"},{"$f":"IF(ISERROR(INDIRECT(ORÇAMENTO.BancoRef)),\"(abra o arquivo 'Referência \"&Excel_BuiltIn_Database&\".xlsm)\",IF(OR($C162<>\"S\",ORÇAMENTO.CodBarra=\"\"),\"(Sem Código)\",IF(ISERROR(MATCH($AE162,INDIRECT(ORÇAMENTO.BancoRef),0)),\"(Código não identificado nas referências)\",MATCH($AE162,INDIRECT(ORÇAMENTO.BancoRef),0))))","v":3191},{"$f":"ROUND(IF(DESONERACAO=\"sim\",REFERENCIA.Desonerado,REFERENCIA.NaoDesonerado),2)","v":87.68},{"$f":"ROUND(IF(ISNUMBER(ORÇAMENTO.OpcaoBDI),ORÇAMENTO.OpcaoBDI,IF(LEFT(ORÇAMENTO.OpcaoBDI,3)=\"BDI\",HLOOKUP(ORÇAMENTO.OpcaoBDI,$F$4:$H$5,2,FALSE),0)),15-11*$AF$9)","v":0.26400000000000001},null,null,null,null,110.83,{"$f":"ROUND(ORÇAMENTO.CustoUnitario*(1+$AH162),2)","v":110.83}]
["S",3,"S",0,{"$f":"IF($C163=1,OFFSET(E163,-1,0)+MAX(1,COUNTIF(QCI!$A$13:$A$24,OFFSET(ORÇAMENTO!E163,-1,0))),OFFSET(E163,-1,0))","v":1},14,3,0,4,0,{"$f":"IF(OR($C163=\"S\",$C163=0),0,MATCH(OFFSET($D163,0,$C163)+IF($C163<>1,1,COUNTIF(QCI!$A$13:$A$24,ORÇAMENTO!E163)),OFFSET($D163,1,$C163,ROW($C$296)-ROW($C163)),0))","v":0},"F","Serviço","Serviço","1.14.3.4.","Composição","35",{"$f":"IF($C163=\"S\",REFERENCIA.Descricao,\"(digite a descrição aqui)\")","v":"DISJUNTOR TRIPOLAR TIPO DIN, CORRENTE NOMINAL DE 63A - FORNECIMENTO E INSTALAÇÃO. AF_10/2020"},{"$f":"REFERENCIA.Unidade","v":"UNIDADE"},{"$f":"OFFSET(CÁLCULO!H$15,ROW($T163)-ROW(T$15),0)","v":1},98.1,"BDI 1",{"$f":"IF($C163=\"S\",ROUND(IF(TIPOORCAMENTO=\"Proposto\",ORÇAMENTO.CustoUnitario*(1+$AH163),ORÇAMENTO.PrecoUnitarioLicitado),15-13*$AF$10),0)","v":124},{"$f":"IF($C163=\"S\",IF(Import.TipoArredondamento<>\"TransfereGOV\",VTOTAL1,SUM(OFFSET(CÁLCULO!$AA$15,ROW($X163)-ROW($X$15),1):OFFSET(CÁLCULO!$AL$15,ROW($X163)-ROW($X$15),-1))),IF($C163=0,0,ROUND(SomaAgrup,15-13*$AF$11)))","v":124},"RA","RA",{"$f":"IF($C163=\"S\",IF($Z163=\"CP\",$X163,IF($Z163=\"RA\",(($X163)*QCI!$AA$3),0)),SomaAgrup)","v":124},0,{"$f":"IF($N163=\"\",\"\",IF(ORÇAMENTO.Descricao=\"\",\"DESCRIÇÃO\",IF(AND($C163=\"S\",ORÇAMENTO.Unidade=\"\"),\"UNIDADE\",IF($X163<0,\"VALOR NEGATIVO\",IF(OR(AND(TIPOORCAMENTO=\"Proposto\",$AG163<>\"\",$AG163>0,ORÇAMENTO.CustoUnitario>$AG163),AND(TIPOORCAMENTO=\"LICITADO\",ORÇAMENTO.PrecoUnitarioLicitado>$AN163)),\"ACIMA REF.\",\"\")))))","v":""},{"$f":"IF(C163<=CRONO.NivelExibicao,MAX($AD$15:OFFSET(AD163,-1,0))+IF($C163<>1,1,MAX(1,COUNTIF(QCI!$A$13:$A$24,OFFSET($E163,-1,0)))),\"\")","v":""},{"$f":"IF(AND($C163=\"S\",ORÇAMENTO.CodBarra<>\"\"),IF(ORÇAMENTO.Fonte=\"\",ORÇAMENTO.CodBarra,CONCATENATE(ORÇAMENTO.Fonte,\" \",ORÇAMENTO.CodBarra)))","v":"Composição 35"},{"$f":"IF(ISERROR(INDIRECT(ORÇAMENTO.BancoRef)),\"(abra o arquivo 'Referência \"&Excel_BuiltIn_Database&\".xlsm)\",IF(OR($C163<>\"S\",ORÇAMENTO.CodBarra=\"\"),\"(Sem Código)\",IF(ISERROR(MATCH($AE163,INDIRECT(ORÇAMENTO.BancoRef),0)),\"(Código não identificado nas referências)\",MATCH($AE163,INDIRECT(ORÇAMENTO.BancoRef),0))))","v":37},{"$f":"ROUND(IF(DESONERACAO=\"sim\",REFERENCIA.Desonerado,REFERENCIA.NaoDesonerado),2)","v":98.1},0.26400000000000001,null,null,null,null,124,124]
[{"$f":"CHOOSE(1+LOG(1+2*(ORÇAMENTO.Nivel=\"Meta\")+4*(ORÇAMENTO.Nivel=\"Nível 2\")+8*(ORÇAMENTO.Nivel=\"Nível 3\")+16*(ORÇAMENTO.Nivel=\"Nível 4\")+32*(ORÇAMENTO.Nivel=\"Serviço\"),2),0,1,2,3,4,\"S\")","v":"S"},{"$f":"IF(OR(C164=\"s\",C164=0),OFFSET(B164,-1,0),C164)","v":3},{"$f":"IF(OFFSET(C164,-1,0)=\"L\",1,IF(OFFSET(C164,-1,0)=1,2,IF(OR(A164=\"s\",A164=0),\"S\",IF(AND(OFFSET(C164,-1,0)=2,A164=4),3,IF(AND(OR(OFFSET(C164,-1,0)=\"s\",OFFSET(C164,-1,0)=0),A164<>\"s\",A164>OFFSET(B164,-1,0)),OFFSET(B164,-1,0),A164)))))","v":"S"},{"$f":"IF(OR(C164=\"S\",C164=0),0,IF(ISERROR(K164),J164,SMALL(J164:K164,1)))","v":0},{"$f":"IF($C164=1,OFFSET(E164,-1,0)+MAX(1,COUNTIF(QCI!$A$13:$A$24,OFFSET(ORÇAMENTO!E164,-1,0))),OFFSET(E164,-1,0))","v":1},{"$f":"IF($C164=1,0,IF($C164=2,OFFSET(F164,-1,0)+1,OFFSET(F164,-1,0)))","v":14},{"$f":"IF(AND($C164<=2,$C164<>0),0,IF($C164=3,OFFSET(G164,-1,0)+1,OFFSET(G164,-1,0)))","v":3},{"$f":"IF(AND($C164<=3,$C164<>0),0,IF($C164=4,OFFSET(H164,-1,0)+1,OFFSET(H164,-1,0)))","v":0},{"$f":"IF(AND($C164<=4,$C164<>0),0,IF(AND($C164=\"S\",$X164>0),OFFSET(I164,-1,0)+1,OFFSET(I164,-1,0)))","v":5},0,{"$f":"IF(OR($C164=\"S\",$C164=0),0,MATCH(OFFSET($D164,0,$C164)+IF($C164<>1,1,COUNTIF(QCI!$A$13:$A$24,ORÇAMENTO!E164)),OFFSET($D164,1,$C164,ROW($C$296)-ROW($C164)),0))","v":0},{"$f":"IF(OR($X164>0,$C164=1,$C164=2,$C164=3,$C164=4),\"F\",\"\")","v":"F"},"Serviço",{"$f":"CHOOSE(1+LOG(1+2*(C164=1)+4*(C164=2)+8*(C164=3)+16*(C164=4)+32*(C164=\"S\"),2),\"\",\"Meta\",\"Nível 2\",\"Nível 3\",\"Nível 4\",\"Serviço\")","v":"Serviço"},{"$f":"IF(OR($C164=0,$L164=\"\"),\"-\",CONCATENATE(E164&\".\",IF(AND($A$5>=2,$C164>=2),F164&\".\",\"\"),IF(AND($A$5>=3,$C164>=3),G164&\".\",\"\"),IF(AND($A$5>=4,$C164>=4),H164&\".\",\"\"),IF($C164=\"S\",I164&\".\",\"\")))","v":"1.14.3.5."},"Composição","36",{"$f":"IF($C164=\"S\",REFERENCIA.Descricao,\"(digite a descrição aqui)\")","v":"DISJUNTOR MONOPOLAR TIPO DIN, CORRENTE NOMINAL DE 6A - FORNCEIMENTO E INSTALAÇÃO"},{"$f":"REFERENCIA.Unidade","v":"UNIDADE"},{"$f":"OFFSET(CÁLCULO!H$15,ROW($T164)-ROW(T$15),0)","v":8},10.41,"BDI 1",{"$f":"IF($C164=\"S\",ROUND(IF(TIPOORCAMENTO=\"Proposto\",ORÇAMENTO.CustoUnitario*(1+$AH164),ORÇAMENTO.PrecoUnitarioLicitado),15-13*$AF$10),0)","v":13.16},{"$f":"IF($C164=\"S\",IF(Import.TipoArredondamento<>\"TransfereGOV\",VTOTAL1,SUM(OFFSET(CÁLCULO!$AA$15,ROW($X164)-ROW($X$15),1):OFFSET(CÁLCULO!$AL$15,ROW($X164)-ROW($X$15),-1))),IF($C164=0,0,ROUND(SomaAgrup,15-13*$AF$11)))","v":105.28},"RA",{"$f":"IF(AND($C164=\"S\",$X164>0),IF(ISBLANK($Y164),\"RA\",LEFT($Y164,2)),\"\")","v":"RA"},{"$f":"IF($C164=\"S\",IF($Z164=\"CP\",$X164,IF($Z164=\"RA\",(($X164)*QCI!$AA$3),0)),SomaAgrup)","v":105.28},{"$f":"IF($C164=\"S\",IF($Z164=\"OU\",ROUND($X164,2),0),SomaAgrup)","v":0},{"$f":"IF($N164=\"\",\"\",IF(ORÇAMENTO.Descricao=\"\",\"DESCRIÇÃO\",IF(AND($C164=\"S\",ORÇAMENTO.Unidade=\"\"),\"UNIDADE\",IF($X164<0,\"VALOR NEGATIVO\",IF(OR(AND(TIPOORCAMENTO=\"Proposto\",$AG164<>\"\",$AG164>0,ORÇAMENTO.CustoUnitario>$AG164),AND(TIPOORCAMENTO=\"LICITADO\",ORÇAMENTO.PrecoUnitarioLicitado>$AN164)),\"ACIMA REF.\",\"\")))))","v":""},{"$f":"IF(C164<=CRONO.NivelExibicao,MAX($AD$15:OFFSET(AD164,-1,0))+IF($C164<>1,1,MAX(1,COUNTIF(QCI!$A$13:$A$24,OFFSET($E164,-1,0)))),\"\")","v":""},{"$f":"IF(AND($C164=\"S\",ORÇAMENTO.CodBarra<>\"\"),IF(ORÇAMENTO.Fonte=\"\",ORÇAMENTO.CodBarra,CONCATENATE(ORÇAMENTO.Fonte,\" \",ORÇAMENTO.CodBarra)))","v":"Composição 36"},{"$f":"IF(ISERROR(INDIRECT(ORÇAMENTO.BancoRef)),\"(abra o arquivo 'Referência \"&Excel_BuiltIn_Database&\".xlsm)\",IF(OR($C164<>\"S\",ORÇAMENTO.CodBarra=\"\"),\"(Sem Código)\",IF(ISERROR(MATCH($AE164,INDIRECT(ORÇAMENTO.BancoRef),0)),\"(Código não identificado nas referências)\",MATCH($AE164,INDIRECT(ORÇAMENTO.BancoRef),0))))","v":38},{"$f":"ROUND(IF(DESONERACAO=\"sim\",REFERENCIA.Desonerado,REFERENCIA.NaoDesonerado),2)","v":10.41},{"$f":"ROUND(IF(ISNUMBER(ORÇAMENTO.OpcaoBDI),ORÇAMENTO.OpcaoBDI,IF(LEFT(ORÇAMENTO.OpcaoBDI,3)=\"BDI\",HLOOKUP(ORÇAMENTO.OpcaoBDI,$F$4:$H$5,2,FALSE),0)),15-11*$AF$9)","v":0.26400000000000001},null,null,null,null,105.28,{"$f":"ROUND(ORÇAMENTO.CustoUnitario*(1+$AH164),2)","v":13.16}]
["S",3,"S",0,{"$f":"IF($C165=1,OFFSET(E165,-1,0)+MAX(1,COUNTIF(QCI!$A$13:$A$24,OFFSET(ORÇAMENTO!E165,-1,0))),OFFSET(E165,-1,0))","v":1},14,3,0,6,0,{"$f":"IF(OR($C165=\"S\",$C165=0),0,MATCH(OFFSET($D165,0,$C165)+IF($C165<>1,1,COUNTIF(QCI!$A$13:$A$24,ORÇAMENTO!E165)),OFFSET($D165,1,$C165,ROW($C$296)-ROW($C165)),0))","v":0},"F","Serviço","Serviço","1.14.3.6.","SINAPI","93653",{"$f":"IF($C165=\"S\",REFERENCIA.Descricao,\"(digite a descrição aqui)\")","v":"DISJUNTOR MONOPOLAR TIPO DIN, CORRENTE NOMINAL DE 10A - FORNECIMENTO E INSTALAÇÃO. AF_10/2020"},{"$f":"REFERENCIA.Unidade","v":"UN"},{"$f":"OFFSET(CÁLCULO!H$15,ROW($T165)-ROW(T$15),0)","v":11},10.41,"BDI 1",{"$f":"IF($C165=\"S\",ROUND(IF(TIPOORCAMENTO=\"Proposto\",ORÇAMENTO.CustoUnitario*(1+$AH165),ORÇAMENTO.PrecoUnitarioLicitado),15-13*$AF$10),0)","v":13.16},{"$f":"IF($C165=\"S\",IF(Import.TipoArredondamento<>\"TransfereGOV\",VTOTAL1,SUM(OFFSET(CÁLCULO!$AA$15,ROW($X165)-ROW($X$15),1):OFFSET(CÁLCULO!$AL$15,ROW($X165)-ROW($X$15),-1))),IF($C165=0,0,ROUND(SomaAgrup,15-13*$AF$11)))","v":144.76},"RA","RA",{"$f":"IF($C165=\"S\",IF($Z165=\"CP\",$X165,IF($Z165=\"RA\",(($X165)*QCI!$AA$3),0)),SomaAgrup)","v":144.76},0,{"$f":"IF($N165=\"\",\"\",IF(ORÇAMENTO.Descricao=\"\",\"DESCRIÇÃO\",IF(AND($C165=\"S\",ORÇAMENTO.Unidade=\"\"),\"UNIDADE\",IF($X165<0,\"VALOR NEGATIVO\",IF(OR(AND(TIPOORCAMENTO=\"Proposto\",$AG165<>\"\",$AG165>0,ORÇAMENTO.CustoUnitario>$AG165),AND(TIPOORCAMENTO=\"LICITADO\",ORÇAMENTO.PrecoUnitarioLicitado>$AN165)),\"ACIMA REF.\",\"\")))))","v":""},{"$f":"IF(C165<=CRONO.NivelExibicao,MAX($AD$15:OFFSET(AD165,-1,0))+IF($C165<>1,1,MAX(1,COUNTIF(QCI!$A$13:$A$24,OFFSET($E165,-1,0)))),\"\")","v":""},{"$f":"IF(AND($C165=\"S\",ORÇAMENTO.CodBarra<>\"\"),IF(ORÇAMENTO.Fonte=\"\",ORÇAMENTO.CodBarra,CONCATENATE(ORÇAMENTO.Fonte,\" \",ORÇAMENTO.CodBarra)))","v":"SINAPI 93653"},{"$f":"IF(ISERROR(INDIRECT(ORÇAMENTO.BancoRef)),\"(abra o arquivo 'Referência \"&Excel_BuiltIn_Database&\".xlsm)\",IF(OR($C165<>\"S\",ORÇAMENTO.CodBarra=\"\"),\"(Sem Código)\",IF(ISERROR(MATCH($AE165,INDIRECT(ORÇAMENTO.BancoRef),0)),\"(Código não identificado nas referências)\",MATCH($AE165,INDIRECT(ORÇAMENTO.BancoRef),0))))","v":3171},{"$f":"ROUND(IF(DESONERACAO=\"sim\",REFERENCIA.Desonerado,REFERENCIA.NaoDesonerado),2)","v":10.41},0.26400000000000001,null,null,null,null,144.76,13.16]
["S",3,"S",0,{"$f":"IF($C166=1,OFFSET(E166,-1,0)+MAX(1,COUNTIF(QCI!$A$13:$A$24,OFFSET(ORÇAMENTO!E166,-1,0))),OFFSET(E166,-1,0))","v":1},14,3,0,7,0,{"$f":"IF(OR($C166=\"S\",$C166=0),0,MATCH(OFFSET($D166,0,$C166)+IF($C166<>1,1,COUNTIF(QCI!$A$13:$A$24,ORÇAMENTO!E166)),OFFSET($D166,1,$C166,ROW($C$296)-ROW($C166)),0))","v":0},"F","Serviço","Serviço","1.14.3.7.","SINAPI","93654",{"$f":"IF($C166=\"S\",REFERENCIA.Descricao,\"(digite a descrição aqui)\")","v":"DISJUNTOR MONOPOLAR TIPO DIN, CORRENTE NOMINAL DE 16A - FORNECIMENTO E INSTALAÇÃO. AF_10/2020"},{"$f":"REFERENCIA.Unidade","v":"UN"},{"$f":"OFFSET(CÁLCULO!H$15,ROW($T166)-ROW(T$15),0)","v":15},11.01,"BDI 1",{"$f":"IF($C166=\"S\",ROUND(IF(TIPOORCAMENTO=\"Proposto\",ORÇAMENTO.CustoUnitario*(1+$AH166),ORÇAMENTO.PrecoUnitarioLicitado),15-13*$AF$10),0)","v":13.92},{"$f":"IF($C166=\"S\",IF(Import.TipoArredondamento<>\"TransfereGOV\",VTOTAL1,SUM(OFFSET(CÁLCULO!$AA$15,ROW($X166)-ROW($X$15),1):OFFSET(CÁLCULO!$AL$15,ROW($X166)-ROW($X$15),-1))),IF($C166=0,0,ROUND(SomaAgrup,15-13*$AF$11)))","v":208.8},"RA","RA",{"$f":"IF($C166=\"S\",IF($Z166=\"CP\",$X166,IF($Z166=\"RA\",(($X166)*QCI!$AA$3),0)),SomaAgrup)","v":208.8},0,{"$f":"IF($N166=\"\",\"\",IF(ORÇAMENTO.Descricao=\"\",\"DESCRIÇÃO\",IF(AND($C166=\"S\",ORÇAMENTO.Unidade=\"\"),\"UNIDADE\",IF($X166<0,\"VALOR NEGATIVO\",IF(OR(AND(TIPOORCAMENTO=\"Proposto\",$AG166<>\"\",$AG166>0,ORÇAMENTO.CustoUnitario>$AG166),AND(TIPOORCAMENTO=\"LICITADO\",ORÇAMENTO.PrecoUnitarioLicitado>$AN166)),\"ACIMA REF.\",\"\")))))","v":""},{"$f":"IF(C166<=CRONO.NivelExibicao,MAX($AD$15:OFFSET(AD166,-1,0))+IF($C166<>1,1,MAX(1,COUNTIF(QCI!$A$13:$A$24,OFFSET($E166,-1,0)))),\"\")","v":""},{"$f":"IF(AND($C166=\"S\",ORÇAMENTO.CodBarra<>\"\"),IF(ORÇAMENTO.Fonte=\"\",ORÇAMENTO.CodBarra,CONCATENATE(ORÇAMENTO.Fonte,\" \",ORÇAMENTO.CodBarra)))","v":"SINAPI 93654"},{"$f":"IF(ISERROR(INDIRECT(ORÇAMENTO.BancoRef)),\"(abra o arquivo 'Referência \"&Excel_BuiltIn_Database&\".xlsm)\",IF(OR($C166<>\"S\",ORÇAMENTO.CodBarra=\"\"),\"(Sem Código)\",IF(ISERROR(MATCH($AE166,INDIRECT(ORÇAMENTO.BancoRef),0)),\"(Código não identificado nas referências)\",MATCH($AE166,INDIRECT(ORÇAMENTO.BancoRef),0))))","v":3172},{"$f":"ROUND(IF(DESONERACAO=\"sim\",REFERENCIA.Desonerado,REFERENCIA.NaoDesonerado),2)","v":11.01},0.26400000000000001,null,null,null,null,208.8,13.92]
["S",3,"S",0,{"$f":"IF($C167=1,OFFSET(E167,-1,0)+MAX(1,COUNTIF(QCI!$A$13:$A$24,OFFSET(ORÇAMENTO!E167,-1,0))),OFFSET(E167,-1,0))","v":1},14,3,0,8,0,{"$f":"IF(OR($C167=\"S\",$C167=0),0,MATCH(OFFSET($D167,0,$C167)+IF($C167<>1,1,COUNTIF(QCI!$A$13:$A$24,ORÇAMENTO!E167)),OFFSET($D167,1,$C167,ROW($C$296)-ROW($C167)),0))","v":0},"F","Serviço","Serviço","1.14.3.8.","SINAPI","93656",{"$f":"IF($C167=\"S\",REFERENCIA.Descricao,\"(digite a descrição aqui)\")","v":"DISJUNTOR MONOPOLAR TIPO DIN, CORRENTE NOMINAL DE 25A - FORNECIMENTO E INSTALAÇÃO. AF_10/2020"},{"$f":"REFERENCIA.Unidade","v":"UN"},{"$f":"OFFSET(CÁLCULO!H$15,ROW($T167)-ROW(T$15),0)","v":1},12.25,"BDI 1",{"$f":"IF($C167=\"S\",ROUND(IF(TIPOORCAMENTO=\"Proposto\",ORÇAMENTO.CustoUnitario*(1+$AH167),ORÇAMENTO.PrecoUnitarioLicitado),15-13*$AF$10),0)","v":15.48},{"$f":"IF($C167=\"S\",IF(Import.TipoArredondamento<>\"TransfereGOV\",VTOTAL1,SUM(OFFSET(CÁLCULO!$AA$15,ROW($X167)-ROW($X$15),1):OFFSET(CÁLCULO!$AL$15,ROW($X167)-ROW($X$15),-1))),IF($C167=0,0,ROUND(SomaAgrup,15-13*$AF$11)))","v":15.48},"RA","RA",{"$f":"IF($C167=\"S\",IF($Z167=\"CP\",$X167,IF($Z167=\"RA\",(($X167)*QCI!$AA$3),0)),SomaAgrup)","v":15.48},0,{"$f":"IF($N167=\"\",\"\",IF(ORÇAMENTO.Descricao=\"\",\"DESCRIÇÃO\",IF(AND($C167=\"S\",ORÇAMENTO.Unidade=\"\"),\"UNIDADE\",IF($X167<0,\"VALOR NEGATIVO\",IF(OR(AND(TIPOORCAMENTO=\"Proposto\",$AG167<>\"\",$AG167>0,ORÇAMENTO.CustoUnitario>$AG167),AND(TIPOORCAMENTO=\"LICITADO\",ORÇAMENTO.PrecoUnitarioLicitado>$AN167)),\"ACIMA REF.\",\"\")))))","v":""},{"$f":"IF(C167<=CRONO.NivelExibicao,MAX($AD$15:OFFSET(AD167,-1,0))+IF($C167<>1,1,MAX(1,COUNTIF(QCI!$A$13:$A$24,OFFSET($E167,-1,0)))),\"\")","v":""},{"$f":"IF(AND($C167=\"S\",ORÇAMENTO.CodBarra<>\"\"),IF(ORÇAMENTO.Fonte=\"\",ORÇAMENTO.CodBarra,CONCATENATE(ORÇAMENTO.Fonte,\" \",ORÇAMENTO.CodBarra)))","v":"SINAPI 93656"},{"$f":"IF(ISERROR(INDIRECT(ORÇAMENTO.BancoRef)),\"(abra o arquivo 'Referência \"&Excel_BuiltIn_Database&\".xlsm)\",IF(OR($C167<>\"S\",ORÇAMENTO.CodBarra=\"\"),\"(Sem Código)\",IF(ISERROR(MATCH($AE167,INDIRECT(ORÇAMENTO.BancoRef),0)),\"(Código não identificado nas referências)\",MATCH($AE167,INDIRECT(ORÇAMENTO.BancoRef),0))))","v":3174},{"$f":"ROUND(IF(DESONERACAO=\"sim\",REFERENCIA.Desonerado,REFERENCIA.NaoDesonerado),2)","v":12.25},0.26400000000000001,null,null,null,null,{"$f":"$X167","v":15.48},15.48]
["S",3,"S",0,{"$f":"IF($C168=1,OFFSET(E168,-1,0)+MAX(1,COUNTIF(QCI!$A$13:$A$24,OFFSET(ORÇAMENTO!E168,-1,0))),OFFSET(E168,-1,0))","v":1},14,3,0,9,0,{"$f":"IF(OR($C168=\"S\",$C168=0),0,MATCH(OFFSET($D168,0,$C168)+IF($C168<>1,1,COUNTIF(QCI!$A$13:$A$24,ORÇAMENTO!E168)),OFFSET($D168,1,$C168,ROW($C$296)-ROW($C168)),0))","v":0},"F","Serviço","Serviço","1.14.3.9.","SINAPI","93657",{"$f":"IF($C168=\"S\",REFERENCIA.Descricao,\"(digite a descrição aqui)\")","v":"DISJUNTOR MONOPOLAR TIPO DIN, CORRENTE NOMINAL DE 32A - FORNECIMENTO E INSTALAÇÃO. AF_10/2020"},{"$f":"REFERENCIA.Unidade","v":"UN"},{"$f":"OFFSET(CÁLCULO!H$15,ROW($T168)-ROW(T$15),0)","v":10},13.72,"BDI 1",{"$f":"IF($C168=\"S\",ROUND(IF(TIPOORCAMENTO=\"Proposto\",ORÇAMENTO.CustoUnitario*(1+$AH168),ORÇAMENTO.PrecoUnitarioLicitado),15-13*$AF$10),0)","v":17.34},{"$f":"IF($C168=\"S\",IF(Import.TipoArredondamento<>\"TransfereGOV\",VTOTAL1,SUM(OFFSET(CÁLCULO!$AA$15,ROW($X168)-ROW($X$15),1):OFFSET(CÁLCULO!$AL$15,ROW($X168)-ROW($X$15),-1))),IF($C168=0,0,ROUND(SomaAgrup,15-13*$AF$11)))","v":173.4},"RA","RA",{"$f":"IF($C168=\"S\",IF($Z168=\"CP\",$X168,IF($Z168=\"RA\",(($X168)*QCI!$AA$3),0)),SomaAgrup)","v":173.4},0,{"$f":"IF($N168=\"\",\"\",IF(ORÇAMENTO.Descricao=\"\",\"DESCRIÇÃO\",IF(AND($C168=\"S\",ORÇAMENTO.Unidade=\"\"),\"UNIDADE\",IF($X168<0,\"VALOR NEGATIVO\",IF(OR(AND(TIPOORCAMENTO=\"Proposto\",$AG168<>\"\",$AG168>0,ORÇAMENTO.CustoUnitario>$AG168),AND(TIPOORCAMENTO=\"LICITADO\",ORÇAMENTO.PrecoUnitarioLicitado>$AN168)),\"ACIMA REF.\",\"\")))))","v":""},{"$f":"IF(C168<=CRONO.NivelExibicao,MAX($AD$15:OFFSET(AD168,-1,0))+IF($C168<>1,1,MAX(1,COUNTIF(QCI!$A$13:$A$24,OFFSET($E168,-1,0)))),\"\")","v":""},{"$f":"IF(AND($C168=\"S\",ORÇAMENTO.CodBarra<>\"\"),IF(ORÇAMENTO.Fonte=\"\",ORÇAMENTO.CodBarra,CONCATENATE(ORÇAMENTO.Fonte,\" \",ORÇAMENTO.CodBarra)))","v":"SINAPI 93657"},{"$f":"IF(ISERROR(INDIRECT(ORÇAMENTO.BancoRef)),\"(abra o arquivo 'Referência \"&Excel_BuiltIn_Database&\".xlsm)\",IF(OR($C168<>\"S\",ORÇAMENTO.CodBarra=\"\"),\"(Sem Código)\",IF(ISERROR(MATCH($AE168,INDIRECT(ORÇAMENTO.BancoRef),0)),\"(Código não identificado nas referências)\",MATCH($AE168,INDIRECT(ORÇAMENTO.BancoRef),0))))","v":3175},{"$f":"ROUND(IF(DESONERACAO=\"sim\",REFERENCIA.Desonerado,REFERENCIA.NaoDesonerado),2)","v":13.72},0.26400000000000001,null,null,null,null,173.4,17.34]
["S",3,"S",0,{"$f":"IF($C169=1,OFFSET(E169,-1,0)+MAX(1,COUNTIF(QCI!$A$13:$A$24,OFFSET(ORÇAMENTO!E169,-1,0))),OFFSET(E169,-1,0))","v":1},14,3,0,10,0,{"$f":"IF(OR($C169=\"S\",$C169=0),0,MATCH(OFFSET($D169,0,$C169)+IF($C169<>1,1,COUNTIF(QCI!$A$13:$A$24,ORÇAMENTO!E169)),OFFSET($D169,1,$C169,ROW($C$296)-ROW($C169)),0))","v":0},"F","Serviço","Serviço","1.14.3.10.","Composição","37",{"$f":"IF($C169=\"S\",REFERENCIA.Descricao,\"(digite a descrição aqui)\")","v":"DISPOSITIVO DR, CORRENTE NOMINAL DE 16 A - FORNCEIMENTO E INSTALAÇÃO"},{"$f":"REFERENCIA.Unidade","v":"UNIDADE"},{"$f":"OFFSET(CÁLCULO!H$15,ROW($T169)-ROW(T$15),0)","v":4},85.08,"BDI 1",{"$f":"IF($C169=\"S\",ROUND(IF(TIPOORCAMENTO=\"Proposto\",ORÇAMENTO.CustoUnitario*(1+$AH169),ORÇAMENTO.PrecoUnitarioLicitado),15-13*$AF$10),0)","v":107.54},{"$f":"IF($C169=\"S\",IF(Import.TipoArredondamento<>\"TransfereGOV\",VTOTAL1,SUM(OFFSET(CÁLCULO!$AA$15,ROW($X169)-ROW($X$15),1):OFFSET(CÁLCULO!$AL$15,ROW($X169)-ROW($X$15),-1))),IF($C169=0,0,ROUND(SomaAgrup,15-13*$AF$11)))","v":430.16},"RA","RA",{"$f":"IF($C169=\"S\",IF($Z169=\"CP\",$X169,IF($Z169=\"RA\",(($X169)*QCI!$AA$3),0)),SomaAgrup)","v":430.16},0,{"$f":"IF($N169=\"\",\"\",IF(ORÇAMENTO.Descricao=\"\",\"DESCRIÇÃO\",IF(AND($C169=\"S\",ORÇAMENTO.Unidade=\"\"),\"UNIDADE\",IF($X169<0,\"VALOR NEGATIVO\",IF(OR(AND(TIPOORCAMENTO=\"Proposto\",$AG169<>\"\",$AG169>0,ORÇAMENTO.CustoUnitario>$AG169),AND(TIPOORCAMENTO=\"LICITADO\",ORÇAMENTO.PrecoUnitarioLicitado>$AN169)),\"ACIMA REF.\",\"\")))))","v":""},{"$f":"IF(C169<=CRONO.NivelExibicao,MAX($AD$15:OFFSET(AD169,-1,0))+IF($C169<>1,1,MAX(1,COUNTIF(QCI!$A$13:$A$24,OFFSET($E169,-1,0)))),\"\")","v":""},{"$f":"IF(AND($C169=\"S\",ORÇAMENTO.CodBarra<>\"\"),IF(ORÇAMENTO.Fonte=\"\",ORÇAMENTO.CodBarra,CONCATENATE(ORÇAMENTO.Fonte,\" \",ORÇAMENTO.CodBarra)))","v":"Composição 37"},{"$f":"IF(ISERROR(INDIRECT(ORÇAMENTO.BancoRef)),\"(abra o arquivo 'Referência \"&Excel_BuiltIn_Database&\".xlsm)\",IF(OR($C169<>\"S\",ORÇAMENTO.CodBarra=\"\"),\"(Sem Código)\",IF(ISERROR(MATCH($AE169,INDIRECT(ORÇAMENTO.BancoRef),0)),\"(Código não identificado nas referências)\",MATCH($AE169,INDIRECT(ORÇAMENTO.BancoRef),0))))","v":39},{"$f":"ROUND(IF(DESONERACAO=\"sim\",REFERENCIA.Desonerado,REFERENCIA.NaoDesonerado),2)","v":85.08},0.26400000000000001,null,null,null,null,430.16,107.54]
["S",3,"S",0,{"$f":"IF($C170=1,OFFSET(E170,-1,0)+MAX(1,COUNTIF(QCI!$A$13:$A$24,OFFSET(ORÇAMENTO!E170,-1,0))),OFFSET(E170,-1,0))","v":1},14,3,0,11,0,{"$f":"IF(OR($C170=\"S\",$C170=0),0,MATCH(OFFSET($D170,0,$C170)+IF($C170<>1,1,COUNTIF(QCI!$A$13:$A$24,ORÇAMENTO!E170)),OFFSET($D170,1,$C170,ROW($C$296)-ROW($C170)),0))","v":0},"F","Serviço","Serviço","1.14.3.11.","Composição","38",{"$f":"IF($C170=\"S\",REFERENCIA.Descricao,\"(digite a descrição aqui)\")","v":"DISPOSITIVO DR, CORRENTE NOMINAL DE 25 A - FORNCEIMENTO E INSTALAÇÃO"},{"$f":"REFERENCIA.Unidade","v":"UNIDADE"},{"$f":"OFFSET(CÁLCULO!H$15,ROW($T170)-ROW(T$15),0)","v":1},121.42,"BDI 1",{"$f":"IF($C170=\"S\",ROUND(IF(TIPOORCAMENTO=\"Proposto\",ORÇAMENTO.CustoUnitario*(1+$AH170),ORÇAMENTO.PrecoUnitarioLicitado),15-13*$AF$10),0)","v":153.47},{"$f":"IF($C170=\"S\",IF(Import.TipoArredondamento<>\"TransfereGOV\",VTOTAL1,SUM(OFFSET(CÁLCULO!$AA$15,ROW($X170)-ROW($X$15),1):OFFSET(CÁLCULO!$AL$15,ROW($X170)-ROW($X$15),-1))),IF($C170=0,0,ROUND(SomaAgrup,15-13*$AF$11)))","v":153.47},"RA","RA",{"$f":"IF($C170=\"S\",IF($Z170=\"CP\",$X170,IF($Z170=\"RA\",(($X170)*QCI!$AA$3),0)),SomaAgrup)","v":153.47},0,{"$f":"IF($N170=\"\",\"\",IF(ORÇAMENTO.Descricao=\"\",\"DESCRIÇÃO\",IF(AND($C170=\"S\",ORÇAMENTO.Unidade=\"\"),\"UNIDADE\",IF($X170<0,\"VALOR NEGATIVO\",IF(OR(AND(TIPOORCAMENTO=\"Proposto\",$AG170<>\"\",$AG170>0,ORÇAMENTO.CustoUnitario>$AG170),AND(TIPOORCAMENTO=\"LICITADO\",ORÇAMENTO.PrecoUnitarioLicitado>$AN170)),\"ACIMA REF.\",\"\")))))","v":""},{"$f":"IF(C170<=CRONO.NivelExibicao,MAX($AD$15:OFFSET(AD170,-1,0))+IF($C170<>1,1,MAX(1,COUNTIF(QCI!$A$13:$A$24,OFFSET($E170,-1,0)))),\"\")","v":""},{"$f":"IF(AND($C170=\"S\",ORÇAMENTO.CodBarra<>\"\"),IF(ORÇAMENTO.Fonte=\"\",ORÇAMENTO.CodBarra,CONCATENATE(ORÇAMENTO.Fonte,\" \",ORÇAMENTO.CodBarra)))","v":"Composição 38"},{"$f":"IF(ISERROR(INDIRECT(ORÇAMENTO.BancoRef)),\"(abra o arquivo 'Referência \"&Excel_BuiltIn_Database&\".xlsm)\",IF(OR($C170<>\"S\",ORÇAMENTO.CodBarra=\"\"),\"(Sem Código)\",IF(ISERROR(MATCH($AE170,INDIRECT(ORÇAMENTO.BancoRef),0)),\"(Código não identificado nas referências)\",MATCH($AE170,INDIRECT(ORÇAMENTO.BancoRef),0))))","v":40},{"$f":"ROUND(IF(DESONERACAO=\"sim\",REFERENCIA.Desonerado,REFERENCIA.NaoDesonerado),2)","v":121.42},0.26400000000000001,null,null,null,null,153.47,153.47]
["S",3,"S",0,{"$f":"IF($C171=1,OFFSET(E171,-1,0)+MAX(1,COUNTIF(QCI!$A$13:$A$24,OFFSET(ORÇAMENTO!E171,-1,0))),OFFSET(E171,-1,0))","v":1},14,3,0,12,0,{"$f":"IF(OR($C171=\"S\",$C171=0),0,MATCH(OFFSET($D171,0,$C171)+IF($C171<>1,1,COUNTIF(QCI!$A$13:$A$24,ORÇAMENTO!E171)),OFFSET($D171,1,$C171,ROW($C$296)-ROW($C171)),0))","v":0},"F","Serviço","Serviço","1.14.3.12.","Composição","39",{"$f":"IF($C171=\"S\",REFERENCIA.Descricao,\"(digite a descrição aqui)\")","v":"DISPOSITIVO DR, CORRENTE NOMINAL DE 32 A - FORNCEIMENTO E INSTALAÇÃO"},{"$f":"REFERENCIA.Unidade","v":"UNIDADE"},{"$f":"OFFSET(CÁLCULO!H$15,ROW($T171)-ROW(T$15),0)","v":7},126.23,"BDI 1",{"$f":"IF($C171=\"S\",ROUND(IF(TIPOORCAMENTO=\"Proposto\",ORÇAMENTO.CustoUnitario*(1+$AH171),ORÇAMENTO.PrecoUnitarioLicitado),15-13*$AF$10),0)","v":159.55000000000001},{"$f":"IF($C171=\"S\",IF(Import.TipoArredondamento<>\"TransfereGOV\",VTOTAL1,SUM(OFFSET(CÁLCULO!$AA$15,ROW($X171)-ROW($X$15),1):OFFSET(CÁLCULO!$AL$15,ROW($X171)-ROW($X$15),-1))),IF($C171=0,0,ROUND(SomaAgrup,15-13*$AF$11)))","v":1116.8499999999999},"RA","RA",{"$f":"IF($C171=\"S\",IF($Z171=\"CP\",$X171,IF($Z171=\"RA\",(($X171)*QCI!$AA$3),0)),SomaAgrup)","v":1116.8499999999999},0,{"$f":"IF($N171=\"\",\"\",IF(ORÇAMENTO.Descricao=\"\",\"DESCRIÇÃO\",IF(AND($C171=\"S\",ORÇAMENTO.Unidade=\"\"),\"UNIDADE\",IF($X171<0,\"VALOR NEGATIVO\",IF(OR(AND(TIPOORCAMENTO=\"Proposto\",$AG171<>\"\",$AG171>0,ORÇAMENTO.CustoUnitario>$AG171),AND(TIPOORCAMENTO=\"LICITADO\",ORÇAMENTO.PrecoUnitarioLicitado>$AN171)),\"ACIMA REF.\",\"\")))))","v":""},{"$f":"IF(C171<=CRONO.NivelExibicao,MAX($AD$15:OFFSET(AD171,-1,0))+IF($C171<>1,1,MAX(1,COUNTIF(QCI!$A$13:$A$24,OFFSET($E171,-1,0)))),\"\")","v":""},{"$f":"IF(AND($C171=\"S\",ORÇAMENTO.CodBarra<>\"\"),IF(ORÇAMENTO.Fonte=\"\",ORÇAMENTO.CodBarra,CONCATENATE(ORÇAMENTO.Fonte,\" \",ORÇAMENTO.CodBarra)))","v":"Composição 39"},{"$f":"IF(ISERROR(INDIRECT(ORÇAMENTO.BancoRef)),\"(abra o arquivo 'Referência \"&Excel_BuiltIn_Database&\".xlsm)\",IF(OR($C171<>\"S\",ORÇAMENTO.CodBarra=\"\"),\"(Sem Código)\",IF(ISERROR(MATCH($AE171,INDIRECT(ORÇAMENTO.BancoRef),0)),\"(Código não identificado nas referências)\",MATCH($AE171,INDIRECT(ORÇAMENTO.BancoRef),0))))","v":41},{"$f":"ROUND(IF(DESONERACAO=\"sim\",REFERENCIA.Desonerado,REFERENCIA.NaoDesonerado),2)","v":126.23},0.26400000000000001,null,null,null,null,1116.8499999999999,159.55000000000001]
["S",3,"S",0,{"$f":"IF($C172=1,OFFSET(E172,-1,0)+MAX(1,COUNTIF(QCI!$A$13:$A$24,OFFSET(ORÇAMENTO!E172,-1,0))),OFFSET(E172,-1,0))","v":1},14,3,0,13,0,{"$f":"IF(OR($C172=\"S\",$C172=0),0,MATCH(OFFSET($D172,0,$C172)+IF($C172<>1,1,COUNTIF(QCI!$A$13:$A$24,ORÇAMENTO!E172)),OFFSET($D172,1,$C172,ROW($C$296)-ROW($C172)),0))","v":0},"F","Serviço","Serviço","1.14.3.13.","SINAPI","91845",{"$f":"IF($C172=\"S\",REFERENCIA.Descricao,\"(digite a descrição aqui)\")","v":"ELETRODUTO FLEXÍVEL CORRUGADO REFORÇADO, PVC, DN 25 MM (3/4\"), PARA CIRCUITOS TERMINAIS, INSTALADO EM LAJE - FORNECIMENTO E INSTALAÇÃO. AF_03/2023"},{"$f":"REFERENCIA.Unidade","v":"M"},{"$f":"OFFSET(CÁLCULO!H$15,ROW($T172)-ROW(T$15),0)","v":339.69},8.9600000000000009,"BDI 1",{"$f":"IF($C172=\"S\",ROUND(IF(TIPOORCAMENTO=\"Proposto\",ORÇAMENTO.CustoUnitario*(1+$AH172),ORÇAMENTO.PrecoUnitarioLicitado),15-13*$AF$10),0)","v":11.33},{"$f":"IF($C172=\"S\",IF(Import.TipoArredondamento<>\"TransfereGOV\",VTOTAL1,SUM(OFFSET(CÁLCULO!$AA$15,ROW($X172)-ROW($X$15),1):OFFSET(CÁLCULO!$AL$15,ROW($X172)-ROW($X$15),-1))),IF($C172=0,0,ROUND(SomaAgrup,15-13*$AF$11)))","v":3848.69},"RA","RA",{"$f":"IF($C172=\"S\",IF($Z172=\"CP\",$X172,IF($Z172=\"RA\",(($X172)*QCI!$AA$3),0)),SomaAgrup)","v":3848.69},0,{"$f":"IF($N172=\"\",\"\",IF(ORÇAMENTO.Descricao=\"\",\"DESCRIÇÃO\",IF(AND($C172=\"S\",ORÇAMENTO.Unidade=\"\"),\"UNIDADE\",IF($X172<0,\"VALOR NEGATIVO\",IF(OR(AND(TIPOORCAMENTO=\"Proposto\",$AG172<>\"\",$AG172>0,ORÇAMENTO.CustoUnitario>$AG172),AND(TIPOORCAMENTO=\"LICITADO\",ORÇAMENTO.PrecoUnitarioLicitado>$AN172)),\"ACIMA REF.\",\"\")))))","v":""},{"$f":"IF(C172<=CRONO.NivelExibicao,MAX($AD$15:OFFSET(AD172,-1,0))+IF($C172<>1,1,MAX(1,COUNTIF(QCI!$A$13:$A$24,OFFSET($E172,-1,0)))),\"\")","v":""},{"$f":"IF(AND($C172=\"S\",ORÇAMENTO.CodBarra<>\"\"),IF(ORÇAMENTO.Fonte=\"\",ORÇAMENTO.CodBarra,CONCATENATE(ORÇAMENTO.Fonte,\" \",ORÇAMENTO.CodBarra)))","v":"SINAPI 91845"},{"$f":"IF(ISERROR(INDIRECT(ORÇAMENTO.BancoRef)),\"(abra o arquivo 'Referência \"&Excel_BuiltIn_Database&\".xlsm)\",IF(OR($C172<>\"S\",ORÇAMENTO.CodBarra=\"\"),\"(Sem Código)\",IF(ISERROR(MATCH($AE172,INDIRECT(ORÇAMENTO.BancoRef),0)),\"(Código não identificado nas referências)\",MATCH($AE172,INDIRECT(ORÇAMENTO.BancoRef),0))))","v":2980},{"$f":"ROUND(IF(DESONERACAO=\"sim\",REFERENCIA.Desonerado,REFERENCIA.NaoDesonerado),2)","v":8.9600000000000009},0.26400000000000001,null,null,null,null,3848.69,11.33]
["S",3,"S",0,{"$f":"IF($C173=1,OFFSET(E173,-1,0)+MAX(1,COUNTIF(QCI!$A$13:$A$24,OFFSET(ORÇAMENTO!E173,-1,0))),OFFSET(E173,-1,0))","v":1},14,3,0,14,0,{"$f":"IF(OR($C173=\"S\",$C173=0),0,MATCH(OFFSET($D173,0,$C173)+IF($C173<>1,1,COUNTIF(QCI!$A$13:$A$24,ORÇAMENTO!E173)),OFFSET($D173,1,$C173,ROW($C$296)-ROW($C173)),0))","v":0},"F","Serviço","Serviço","1.14.3.14.","SINAPI","91847",{"$f":"IF($C173=\"S\",REFERENCIA.Descricao,\"(digite a descrição aqui)\")","v":"ELETRODUTO FLEXÍVEL CORRUGADO REFORÇADO, PVC, DN 32 MM (1\"), PARA CIRCUITOS TERMINAIS, INSTALADO EM LAJE - FORNECIMENTO E INSTALAÇÃO. AF_03/2023"},{"$f":"REFERENCIA.Unidade","v":"M"},{"$f":"OFFSET(CÁLCULO!H$15,ROW($T173)-ROW(T$15),0)","v":8.76},14.78,"BDI 1",{"$f":"IF($C173=\"S\",ROUND(IF(TIPOORCAMENTO=\"Proposto\",ORÇAMENTO.CustoUnitario*(1+$AH173),ORÇAMENTO.PrecoUnitarioLicitado),15-13*$AF$10),0)","v":18.68},{"$f":"IF($C173=\"S\",IF(Import.TipoArredondamento<>\"TransfereGOV\",VTOTAL1,SUM(OFFSET(CÁLCULO!$AA$15,ROW($X173)-ROW($X$15),1):OFFSET(CÁLCULO!$AL$15,ROW($X173)-ROW($X$15),-1))),IF($C173=0,0,ROUND(SomaAgrup,15-13*$AF$11)))","v":163.63999999999999},"RA","RA",{"$f":"IF($C173=\"S\",IF($Z173=\"CP\",$X173,IF($Z173=\"RA\",(($X173)*QCI!$AA$3),0)),SomaAgrup)","v":163.63999999999999},0,{"$f":"IF($N173=\"\",\"\",IF(ORÇAMENTO.Descricao=\"\",\"DESCRIÇÃO\",IF(AND($C173=\"S\",ORÇAMENTO.Unidade=\"\"),\"UNIDADE\",IF($X173<0,\"VALOR NEGATIVO\",IF(OR(AND(TIPOORCAMENTO=\"Proposto\",$AG173<>\"\",$AG173>0,ORÇAMENTO.CustoUnitario>$AG173),AND(TIPOORCAMENTO=\"LICITADO\",ORÇAMENTO.PrecoUnitarioLicitado>$AN173)),\"ACIMA REF.\",\"\")))))","v":""},{"$f":"IF(C173<=CRONO.NivelExibicao,MAX($AD$15:OFFSET(AD173,-1,0))+IF($C173<>1,1,MAX(1,COUNTIF(QCI!$A$13:$A$24,OFFSET($E173,-1,0)))),\"\")","v":""},{"$f":"IF(AND($C173=\"S\",ORÇAMENTO.CodBarra<>\"\"),IF(ORÇAMENTO.Fonte=\"\",ORÇAMENTO.CodBarra,CONCATENATE(ORÇAMENTO.Fonte,\" \",ORÇAMENTO.CodBarra)))","v":"SINAPI 91847"},{"$f":"IF(ISERROR(INDIRECT(ORÇAMENTO.BancoRef)),\"(abra o arquivo 'Referência \"&Excel_BuiltIn_Database&\".xlsm)\",IF(OR($C173<>\"S\",ORÇAMENTO.CodBarra=\"\"),\"(Sem Código)\",IF(ISERROR(MATCH($AE173,INDIRECT(ORÇAMENTO.BancoRef),0)),\"(Código não identificado nas referências)\",MATCH($AE173,INDIRECT(ORÇAMENTO.BancoRef),0))))","v":2981},{"$f":"ROUND(IF(DESONERACAO=\"sim\",REFERENCIA.Desonerado,REFERENCIA.NaoDesonerado),2)","v":14.78},0.26400000000000001,null,null,null,null,163.63999999999999,18.68]
["S",3,"S",0,{"$f":"IF($C174=1,OFFSET(E174,-1,0)+MAX(1,COUNTIF(QCI!$A$13:$A$24,OFFSET(ORÇAMENTO!E174,-1,0))),OFFSET(E174,-1,0))","v":1},14,3,0,15,0,{"$f":"IF(OR($C174=\"S\",$C174=0),0,MATCH(OFFSET($D174,0,$C174)+IF($C174<>1,1,COUNTIF(QCI!$A$13:$A$24,ORÇAMENTO!E174)),OFFSET($D174,1,$C174,ROW($C$296)-ROW($C174)),0))","v":0},"F","Serviço","Serviço","1.14.3.15.","SINAPI","91854",{"$f":"IF($C174=\"S\",REFERENCIA.Descricao,\"(digite a descrição aqui)\")","v":"ELETRODUTO FLEXÍVEL CORRUGADO, PVC, DN 25 MM (3/4\"), PARA CIRCUITOS TERMINAIS, INSTALADO EM PAREDE - FORNECIMENTO E INSTALAÇÃO. AF_03/2023"},{"$f":"REFERENCIA.Unidade","v":"M"},{"$f":"OFFSET(CÁLCULO!H$15,ROW($T174)-ROW(T$15),0)","v":189.61},9.84,"BDI 1",{"$f":"IF($C174=\"S\",ROUND(IF(TIPOORCAMENTO=\"Proposto\",ORÇAMENTO.CustoUnitario*(1+$AH174),ORÇAMENTO.PrecoUnitarioLicitado),15-13*$AF$10),0)","v":12.44},{"$f":"IF($C174=\"S\",IF(Import.TipoArredondamento<>\"TransfereGOV\",VTOTAL1,SUM(OFFSET(CÁLCULO!$AA$15,ROW($X174)-ROW($X$15),1):OFFSET(CÁLCULO!$AL$15,ROW($X174)-ROW($X$15),-1))),IF($C174=0,0,ROUND(SomaAgrup,15-13*$AF$11)))","v":2358.75},"RA","RA",{"$f":"IF($C174=\"S\",IF($Z174=\"CP\",$X174,IF($Z174=\"RA\",(($X174)*QCI!$AA$3),0)),SomaAgrup)","v":2358.75},0,{"$f":"IF($N174=\"\",\"\",IF(ORÇAMENTO.Descricao=\"\",\"DESCRIÇÃO\",IF(AND($C174=\"S\",ORÇAMENTO.Unidade=\"\"),\"UNIDADE\",IF($X174<0,\"VALOR NEGATIVO\",IF(OR(AND(TIPOORCAMENTO=\"Proposto\",$AG174<>\"\",$AG174>0,ORÇAMENTO.CustoUnitario>$AG174),AND(TIPOORCAMENTO=\"LICITADO\",ORÇAMENTO.PrecoUnitarioLicitado>$AN174)),\"ACIMA REF.\",\"\")))))","v":""},{"$f":"IF(C174<=CRONO.NivelExibicao,MAX($AD$15:OFFSET(AD174,-1,0))+IF($C174<>1,1,MAX(1,COUNTIF(QCI!$A$13:$A$24,OFFSET($E174,-1,0)))),\"\")","v":""},{"$f":"IF(AND($C174=\"S\",ORÇAMENTO.CodBarra<>\"\"),IF(ORÇAMENTO.Fonte=\"\",ORÇAMENTO.CodBarra,CONCATENATE(ORÇAMENTO.Fonte,\" \",ORÇAMENTO.CodBarra)))","v":"SINAPI 91854"},{"$f":"IF(ISERROR(INDIRECT(ORÇAMENTO.BancoRef)),\"(abra o arquivo 'Referência \"&Excel_BuiltIn_Database&\".xlsm)\",IF(OR($C174<>\"S\",ORÇAMENTO.CodBarra=\"\"),\"(Sem Código)\",IF(ISERROR(MATCH($AE174,INDIRECT(ORÇAMENTO.BancoRef),0)),\"(Código não identificado nas referências)\",MATCH($AE174,INDIRECT(ORÇAMENTO.BancoRef),0))))","v":2987},{"$f":"ROUND(IF(DESONERACAO=\"sim\",REFERENCIA.Desonerado,REFERENCIA.NaoDesonerado),2)","v":9.84},0.26400000000000001,null,null,null,null,2358.75,12.44]
[{"$f":"CHOOSE(1+LOG(1+2*(ORÇAMENTO.Nivel=\"Meta\")+4*(ORÇAMENTO.Nivel=\"Nível 2\")+8*(ORÇAMENTO.Nivel=\"Nível 3\")+16*(ORÇAMENTO.Nivel=\"Nível 4\")+32*(ORÇAMENTO.Nivel=\"Serviço\"),2),0,1,2,3,4,\"S\")","v":"S"},{"$f":"IF(OR(C175=\"s\",C175=0),OFFSET(B175,-1,0),C175)","v":3},{"$f":"IF(OFFSET(C175,-1,0)=\"L\",1,IF(OFFSET(C175,-1,0)=1,2,IF(OR(A175=\"s\",A175=0),\"S\",IF(AND(OFFSET(C175,-1,0)=2,A175=4),3,IF(AND(OR(OFFSET(C175,-1,0)=\"s\",OFFSET(C175,-1,0)=0),A175<>\"s\",A175>OFFSET(B175,-1,0)),OFFSET(B175,-1,0),A175)))))","v":"S"},{"$f":"IF(OR(C175=\"S\",C175=0),0,IF(ISERROR(K175),J175,SMALL(J175:K175,1)))","v":0},{"$f":"IF($C175=1,OFFSET(E175,-1,0)+MAX(1,COUNTIF(QCI!$A$13:$A$24,OFFSET(ORÇAMENTO!E175,-1,0))),OFFSET(E175,-1,0))","v":1},{"$f":"IF($C175=1,0,IF($C175=2,OFFSET(F175,-1,0)+1,OFFSET(F175,-1,0)))","v":14},{"$f":"IF(AND($C175<=2,$C175<>0),0,IF($C175=3,OFFSET(G175,-1,0)+1,OFFSET(G175,-1,0)))","v":3},{"$f":"IF(AND($C175<=3,$C175<>0),0,IF($C175=4,OFFSET(H175,-1,0)+1,OFFSET(H175,-1,0)))","v":0},{"$f":"IF(AND($C175<=4,$C175<>0),0,IF(AND($C175=\"S\",$X175>0),OFFSET(I175,-1,0)+1,OFFSET(I175,-1,0)))","v":16},0,{"$f":"IF(OR($C175=\"S\",$C175=0),0,MATCH(OFFSET($D175,0,$C175)+IF($C175<>1,1,COUNTIF(QCI!$A$13:$A$24,ORÇAMENTO!E175)),OFFSET($D175,1,$C175,ROW($C$296)-ROW($C175)),0))","v":0},{"$f":"IF(OR($X175>0,$C175=1,$C175=2,$C175=3,$C175=4),\"F\",\"\")","v":"F"},"Serviço",{"$f":"CHOOSE(1+LOG(1+2*(C175=1)+4*(C175=2)+8*(C175=3)+16*(C175=4)+32*(C175=\"S\"),2),\"\",\"Meta\",\"Nível 2\",\"Nível 3\",\"Nível 4\",\"Serviço\")","v":"Serviço"},{"$f":"IF(OR($C175=0,$L175=\"\"),\"-\",CONCATENATE(E175&\".\",IF(AND($A$5>=2,$C175>=2),F175&\".\",\"\"),IF(AND($A$5>=3,$C175>=3),G175&\".\",\"\"),IF(AND($A$5>=4,$C175>=4),H175&\".\",\"\"),IF($C175=\"S\",I175&\".\",\"\")))","v":"1.14.3.16."},"SINAPI","91856",{"$f":"IF($C175=\"S\",REFERENCIA.Descricao,\"(digite a descrição aqui)\")","v":"ELETRODUTO FLEXÍVEL CORRUGADO, PVC, DN 32 MM (1\"), PARA CIRCUITOS TERMINAIS, INSTALADO EM PAREDE - FORNECIMENTO E INSTALAÇÃO. AF_03/2023"},{"$f":"REFERENCIA.Unidade","v":"M"},{"$f":"OFFSET(CÁLCULO!H$15,ROW($T175)-ROW(T$15),0)","v":4.8},12.94,"BDI 1",{"$f":"IF($C175=\"S\",ROUND(IF(TIPOORCAMENTO=\"Proposto\",ORÇAMENTO.CustoUnitario*(1+$AH175),ORÇAMENTO.PrecoUnitarioLicitado),15-13*$AF$10),0)","v":16.36},{"$f":"IF($C175=\"S\",IF(Import.TipoArredondamento<>\"TransfereGOV\",VTOTAL1,SUM(OFFSET(CÁLCULO!$AA$15,ROW($X175)-ROW($X$15),1):OFFSET(CÁLCULO!$AL$15,ROW($X175)-ROW($X$15),-1))),IF($C175=0,0,ROUND(SomaAgrup,15-13*$AF$11)))","v":78.53},"RA",{"$f":"IF(AND($C175=\"S\",$X175>0),IF(ISBLANK($Y175),\"RA\",LEFT($Y175,2)),\"\")","v":"RA"},{"$f":"IF($C175=\"S\",IF($Z175=\"CP\",$X175,IF($Z175=\"RA\",(($X175)*QCI!$AA$3),0)),SomaAgrup)","v":78.53},{"$f":"IF($C175=\"S\",IF($Z175=\"OU\",ROUND($X175,2),0),SomaAgrup)","v":0},{"$f":"IF($N175=\"\",\"\",IF(ORÇAMENTO.Descricao=\"\",\"DESCRIÇÃO\",IF(AND($C175=\"S\",ORÇAMENTO.Unidade=\"\"),\"UNIDADE\",IF($X175<0,\"VALOR NEGATIVO\",IF(OR(AND(TIPOORCAMENTO=\"Proposto\",$AG175<>\"\",$AG175>0,ORÇAMENTO.CustoUnitario>$AG175),AND(TIPOORCAMENTO=\"LICITADO\",ORÇAMENTO.PrecoUnitarioLicitado>$AN175)),\"ACIMA REF.\",\"\")))))","v":""},{"$f":"IF(C175<=CRONO.NivelExibicao,MAX($AD$15:OFFSET(AD175,-1,0))+IF($C175<>1,1,MAX(1,COUNTIF(QCI!$A$13:$A$24,OFFSET($E175,-1,0)))),\"\")","v":""},{"$f":"IF(AND($C175=\"S\",ORÇAMENTO.CodBarra<>\"\"),IF(ORÇAMENTO.Fonte=\"\",ORÇAMENTO.CodBarra,CONCATENATE(ORÇAMENTO.Fonte,\" \",ORÇAMENTO.CodBarra)))","v":"SINAPI 91856"},{"$f":"IF(ISERROR(INDIRECT(ORÇAMENTO.BancoRef)),\"(abra o arquivo 'Referência \"&Excel_BuiltIn_Database&\".xlsm)\",IF(OR($C175<>\"S\",ORÇAMENTO.CodBarra=\"\"),\"(Sem Código)\",IF(ISERROR(MATCH($AE175,INDIRECT(ORÇAMENTO.BancoRef),0)),\"(Código não identificado nas referências)\",MATCH($AE175,INDIRECT(ORÇAMENTO.BancoRef),0))))","v":2989},{"$f":"ROUND(IF(DESONERACAO=\"sim\",REFERENCIA.Desonerado,REFERENCIA.NaoDesonerado),2)","v":12.94},{"$f":"ROUND(IF(ISNUMBER(ORÇAMENTO.OpcaoBDI),ORÇAMENTO.OpcaoBDI,IF(LEFT(ORÇAMENTO.OpcaoBDI,3)=\"BDI\",HLOOKUP(ORÇAMENTO.OpcaoBDI,$F$4:$H$5,2,FALSE),0)),15-11*$AF$9)","v":0.26400000000000001},null,null,null,null,78.53,{"$f":"ROUND(ORÇAMENTO.CustoUnitario*(1+$AH175),2)","v":16.36}]
["S",3,"S",0,{"$f":"IF($C176=1,OFFSET(E176,-1,0)+MAX(1,COUNTIF(QCI!$A$13:$A$24,OFFSET(ORÇAMENTO!E176,-1,0))),OFFSET(E176,-1,0))","v":1},14,3,0,17,0,{"$f":"IF(OR($C176=\"S\",$C176=0),0,MATCH(OFFSET($D176,0,$C176)+IF($C176<>1,1,COUNTIF(QCI!$A$13:$A$24,ORÇAMENTO!E176)),OFFSET($D176,1,$C176,ROW($C$296)-ROW($C176)),0))","v":0},"F","Serviço","Serviço","1.14.3.17.","SINAPI","92866",{"$f":"IF($C176=\"S\",REFERENCIA.Descricao,\"(digite a descrição aqui)\")","v":"CAIXA SEXTAVADA 3\" X 3\", METÁLICA, INSTALADA EM LAJE - FORNECIMENTO E INSTALAÇÃO. AF_03/2023"},{"$f":"REFERENCIA.Unidade","v":"UN"},{"$f":"OFFSET(CÁLCULO!H$15,ROW($T176)-ROW(T$15),0)","v":50},12.41,"BDI 1",{"$f":"IF($C176=\"S\",ROUND(IF(TIPOORCAMENTO=\"Proposto\",ORÇAMENTO.CustoUnitario*(1+$AH176),ORÇAMENTO.PrecoUnitarioLicitado),15-13*$AF$10),0)","v":15.69},{"$f":"IF($C176=\"S\",IF(Import.TipoArredondamento<>\"TransfereGOV\",VTOTAL1,SUM(OFFSET(CÁLCULO!$AA$15,ROW($X176)-ROW($X$15),1):OFFSET(CÁLCULO!$AL$15,ROW($X176)-ROW($X$15),-1))),IF($C176=0,0,ROUND(SomaAgrup,15-13*$AF$11)))","v":784.5},"RA","RA",{"$f":"IF($C176=\"S\",IF($Z176=\"CP\",$X176,IF($Z176=\"RA\",(($X176)*QCI!$AA$3),0)),SomaAgrup)","v":784.5},0,{"$f":"IF($N176=\"\",\"\",IF(ORÇAMENTO.Descricao=\"\",\"DESCRIÇÃO\",IF(AND($C176=\"S\",ORÇAMENTO.Unidade=\"\"),\"UNIDADE\",IF($X176<0,\"VALOR NEGATIVO\",IF(OR(AND(TIPOORCAMENTO=\"Proposto\",$AG176<>\"\",$AG176>0,ORÇAMENTO.CustoUnitario>$AG176),AND(TIPOORCAMENTO=\"LICITADO\",ORÇAMENTO.PrecoUnitarioLicitado>$AN176)),\"ACIMA REF.\",\"\")))))","v":""},{"$f":"IF(C176<=CRONO.NivelExibicao,MAX($AD$15:OFFSET(AD176,-1,0))+IF($C176<>1,1,MAX(1,COUNTIF(QCI!$A$13:$A$24,OFFSET($E176,-1,0)))),\"\")","v":""},{"$f":"IF(AND($C176=\"S\",ORÇAMENTO.CodBarra<>\"\"),IF(ORÇAMENTO.Fonte=\"\",ORÇAMENTO.CodBarra,CONCATENATE(ORÇAMENTO.Fonte,\" \",ORÇAMENTO.CodBarra)))","v":"SINAPI 92866"},{"$f":"IF(ISERROR(INDIRECT(ORÇAMENTO.BancoRef)),\"(abra o arquivo 'Referência \"&Excel_BuiltIn_Database&\".xlsm)\",IF(OR($C176<>\"S\",ORÇAMENTO.CodBarra=\"\"),\"(Sem Código)\",IF(ISERROR(MATCH($AE176,INDIRECT(ORÇAMENTO.BancoRef),0)),\"(Código não identificado nas referências)\",MATCH($AE176,INDIRECT(ORÇAMENTO.BancoRef),0))))","v":3109},{"$f":"ROUND(IF(DESONERACAO=\"sim\",REFERENCIA.Desonerado,REFERENCIA.NaoDesonerado),2)","v":12.41},0.26400000000000001,null,null,null,null,784.5,15.69]
["S",3,"S",0,{"$f":"IF($C177=1,OFFSET(E177,-1,0)+MAX(1,COUNTIF(QCI!$A$13:$A$24,OFFSET(ORÇAMENTO!E177,-1,0))),OFFSET(E177,-1,0))","v":1},14,3,0,18,0,{"$f":"IF(OR($C177=\"S\",$C177=0),0,MATCH(OFFSET($D177,0,$C177)+IF($C177<>1,1,COUNTIF(QCI!$A$13:$A$24,ORÇAMENTO!E177)),OFFSET($D177,1,$C177,ROW($C$296)-ROW($C177)),0))","v":0},"F","Serviço","Serviço","1.14.3.18.","SINAPI","92000",{"$f":"IF($C177=\"S\",REFERENCIA.Descricao,\"(digite a descrição aqui)\")","v":"TOMADA BAIXA DE EMBUTIR (1 MÓDULO), 2P+T 10 A, INCLUINDO SUPORTE E PLACA - FORNECIMENTO E INSTALAÇÃO. AF_03/2023"},{"$f":"REFERENCIA.Unidade","v":"UN"},{"$f":"OFFSET(CÁLCULO!H$15,ROW($T177)-ROW(T$15),0)","v":44},32.68,"BDI 1",{"$f":"IF($C177=\"S\",ROUND(IF(TIPOORCAMENTO=\"Proposto\",ORÇAMENTO.CustoUnitario*(1+$AH177),ORÇAMENTO.PrecoUnitarioLicitado),15-13*$AF$10),0)","v":41.31},{"$f":"IF($C177=\"S\",IF(Import.TipoArredondamento<>\"TransfereGOV\",VTOTAL1,SUM(OFFSET(CÁLCULO!$AA$15,ROW($X177)-ROW($X$15),1):OFFSET(CÁLCULO!$AL$15,ROW($X177)-ROW($X$15),-1))),IF($C177=0,0,ROUND(SomaAgrup,15-13*$AF$11)))","v":1817.64},"RA","RA",{"$f":"IF($C177=\"S\",IF($Z177=\"CP\",$X177,IF($Z177=\"RA\",(($X177)*QCI!$AA$3),0)),SomaAgrup)","v":1817.64},0,{"$f":"IF($N177=\"\",\"\",IF(ORÇAMENTO.Descricao=\"\",\"DESCRIÇÃO\",IF(AND($C177=\"S\",ORÇAMENTO.Unidade=\"\"),\"UNIDADE\",IF($X177<0,\"VALOR NEGATIVO\",IF(OR(AND(TIPOORCAMENTO=\"Proposto\",$AG177<>\"\",$AG177>0,ORÇAMENTO.CustoUnitario>$AG177),AND(TIPOORCAMENTO=\"LICITADO\",ORÇAMENTO.PrecoUnitarioLicitado>$AN177)),\"ACIMA REF.\",\"\")))))","v":""},{"$f":"IF(C177<=CRONO.NivelExibicao,MAX($AD$15:OFFSET(AD177,-1,0))+IF($C177<>1,1,MAX(1,COUNTIF(QCI!$A$13:$A$24,OFFSET($E177,-1,0)))),\"\")","v":""},{"$f":"IF(AND($C177=\"S\",ORÇAMENTO.CodBarra<>\"\"),IF(ORÇAMENTO.Fonte=\"\",ORÇAMENTO.CodBarra,CONCATENATE(ORÇAMENTO.Fonte,\" \",ORÇAMENTO.CodBarra)))","v":"SINAPI 92000"},{"$f":"IF(ISERROR(INDIRECT(ORÇAMENTO.BancoRef)),\"(abra o arquivo 'Referência \"&Excel_BuiltIn_Database&\".xlsm)\",IF(OR($C177<>\"S\",ORÇAMENTO.CodBarra=\"\"),\"(Sem Código)\",IF(ISERROR(MATCH($AE177,INDIRECT(ORÇAMENTO.BancoRef),0)),\"(Código não identificado nas referências)\",MATCH($AE177,INDIRECT(ORÇAMENTO.BancoRef),0))))","v":3276},{"$f":"ROUND(IF(DESONERACAO=\"sim\",REFERENCIA.Desonerado,REFERENCIA.NaoDesonerado),2)","v":32.68},0.26400000000000001,null,null,null,null,1817.64,41.31]
["S",3,"S",0,{"$f":"IF($C178=1,OFFSET(E178,-1,0)+MAX(1,COUNTIF(QCI!$A$13:$A$24,OFFSET(ORÇAMENTO!E178,-1,0))),OFFSET(E178,-1,0))","v":1},14,3,0,19,0,{"$f":"IF(OR($C178=\"S\",$C178=0),0,MATCH(OFFSET($D178,0,$C178)+IF($C178<>1,1,COUNTIF(QCI!$A$13:$A$24,ORÇAMENTO!E178)),OFFSET($D178,1,$C178,ROW($C$296)-ROW($C178)),0))","v":0},"F","Serviço","Serviço","1.14.3.19.","SINAPI","92001",{"$f":"IF($C178=\"S\",REFERENCIA.Descricao,\"(digite a descrição aqui)\")","v":"TOMADA BAIXA DE EMBUTIR (1 MÓDULO), 2P+T 20 A, INCLUINDO SUPORTE E PLACA - FORNECIMENTO E INSTALAÇÃO. AF_03/2023"},{"$f":"REFERENCIA.Unidade","v":"UN"},{"$f":"OFFSET(CÁLCULO!H$15,ROW($T178)-ROW(T$15),0)","v":6},35.299999999999997,"BDI 1",{"$f":"IF($C178=\"S\",ROUND(IF(TIPOORCAMENTO=\"Proposto\",ORÇAMENTO.CustoUnitario*(1+$AH178),ORÇAMENTO.PrecoUnitarioLicitado),15-13*$AF$10),0)","v":44.62},{"$f":"IF($C178=\"S\",IF(Import.TipoArredondamento<>\"TransfereGOV\",VTOTAL1,SUM(OFFSET(CÁLCULO!$AA$15,ROW($X178)-ROW($X$15),1):OFFSET(CÁLCULO!$AL$15,ROW($X178)-ROW($X$15),-1))),IF($C178=0,0,ROUND(SomaAgrup,15-13*$AF$11)))","v":267.72000000000003},"RA","RA",{"$f":"IF($C178=\"S\",IF($Z178=\"CP\",$X178,IF($Z178=\"RA\",(($X178)*QCI!$AA$3),0)),SomaAgrup)","v":267.72000000000003},0,{"$f":"IF($N178=\"\",\"\",IF(ORÇAMENTO.Descricao=\"\",\"DESCRIÇÃO\",IF(AND($C178=\"S\",ORÇAMENTO.Unidade=\"\"),\"UNIDADE\",IF($X178<0,\"VALOR NEGATIVO\",IF(OR(AND(TIPOORCAMENTO=\"Proposto\",$AG178<>\"\",$AG178>0,ORÇAMENTO.CustoUnitario>$AG178),AND(TIPOORCAMENTO=\"LICITADO\",ORÇAMENTO.PrecoUnitarioLicitado>$AN178)),\"ACIMA REF.\",\"\")))))","v":""},{"$f":"IF(C178<=CRONO.NivelExibicao,MAX($AD$15:OFFSET(AD178,-1,0))+IF($C178<>1,1,MAX(1,COUNTIF(QCI!$A$13:$A$24,OFFSET($E178,-1,0)))),\"\")","v":""},{"$f":"IF(AND($C178=\"S\",ORÇAMENTO.CodBarra<>\"\"),IF(ORÇAMENTO.Fonte=\"\",ORÇAMENTO.CodBarra,CONCATENATE(ORÇAMENTO.Fonte,\" \",ORÇAMENTO.CodBarra)))","v":"SINAPI 92001"},{"$f":"IF(ISERROR(INDIRECT(ORÇAMENTO.BancoRef)),\"(abra o arquivo 'Referência \"&Excel_BuiltIn_Database&\".xlsm)\",IF(OR($C178<>\"S\",ORÇAMENTO.CodBarra=\"\"),\"(Sem Código)\",IF(ISERROR(MATCH($AE178,INDIRECT(ORÇAMENTO.BancoRef),0)),\"(Código não identificado nas referências)\",MATCH($AE178,INDIRECT(ORÇAMENTO.BancoRef),0))))","v":3277},{"$f":"ROUND(IF(DESONERACAO=\"sim\",REFERENCIA.Desonerado,REFERENCIA.NaoDesonerado),2)","v":35.299999999999997},0.26400000000000001,null,null,null,null,267.72000000000003,44.62]
["S",3,"S",0,{"$f":"IF($C179=1,OFFSET(E179,-1,0)+MAX(1,COUNTIF(QCI!$A$13:$A$24,OFFSET(ORÇAMENTO!E179,-1,0))),OFFSET(E179,-1,0))","v":1},14,3,0,20,0,{"$f":"IF(OR($C179=\"S\",$C179=0),0,MATCH(OFFSET($D179,0,$C179)+IF($C179<>1,1,COUNTIF(QCI!$A$13:$A$24,ORÇAMENTO!E179)),OFFSET($D179,1,$C179,ROW($C$296)-ROW($C179)),0))","v":0},"F","Serviço","Serviço","1.14.3.20.","SINAPI","91996",{"$f":"IF($C179=\"S\",REFERENCIA.Descricao,\"(digite a descrição aqui)\")","v":"TOMADA MÉDIA DE EMBUTIR (1 MÓDULO), 2P+T 10 A, INCLUINDO SUPORTE E PLACA - FORNECIMENTO E INSTALAÇÃO. AF_03/2023"},{"$f":"REFERENCIA.Unidade","v":"UN"},{"$f":"OFFSET(CÁLCULO!H$15,ROW($T179)-ROW(T$15),0)","v":1},36.340000000000003,"BDI 1",{"$f":"IF($C179=\"S\",ROUND(IF(TIPOORCAMENTO=\"Proposto\",ORÇAMENTO.CustoUnitario*(1+$AH179),ORÇAMENTO.PrecoUnitarioLicitado),15-13*$AF$10),0)","v":45.93},{"$f":"IF($C179=\"S\",IF(Import.TipoArredondamento<>\"TransfereGOV\",VTOTAL1,SUM(OFFSET(CÁLCULO!$AA$15,ROW($X179)-ROW($X$15),1):OFFSET(CÁLCULO!$AL$15,ROW($X179)-ROW($X$15),-1))),IF($C179=0,0,ROUND(SomaAgrup,15-13*$AF$11)))","v":45.93},"RA","RA",{"$f":"IF($C179=\"S\",IF($Z179=\"CP\",$X179,IF($Z179=\"RA\",(($X179)*QCI!$AA$3),0)),SomaAgrup)","v":45.93},0,{"$f":"IF($N179=\"\",\"\",IF(ORÇAMENTO.Descricao=\"\",\"DESCRIÇÃO\",IF(AND($C179=\"S\",ORÇAMENTO.Unidade=\"\"),\"UNIDADE\",IF($X179<0,\"VALOR NEGATIVO\",IF(OR(AND(TIPOORCAMENTO=\"Proposto\",$AG179<>\"\",$AG179>0,ORÇAMENTO.CustoUnitario>$AG179),AND(TIPOORCAMENTO=\"LICITADO\",ORÇAMENTO.PrecoUnitarioLicitado>$AN179)),\"ACIMA REF.\",\"\")))))","v":""},{"$f":"IF(C179<=CRONO.NivelExibicao,MAX($AD$15:OFFSET(AD179,-1,0))+IF($C179<>1,1,MAX(1,COUNTIF(QCI!$A$13:$A$24,OFFSET($E179,-1,0)))),\"\")","v":""},{"$f":"IF(AND($C179=\"S\",ORÇAMENTO.CodBarra<>\"\"),IF(ORÇAMENTO.Fonte=\"\",ORÇAMENTO.CodBarra,CONCATENATE(ORÇAMENTO.Fonte,\" \",ORÇAMENTO.CodBarra)))","v":"SINAPI 91996"},{"$f":"IF(ISERROR(INDIRECT(ORÇAMENTO.BancoRef)),\"(abra o arquivo 'Referência \"&Excel_BuiltIn_Database&\".xlsm)\",IF(OR($C179<>\"S\",ORÇAMENTO.CodBarra=\"\"),\"(Sem Código)\",IF(ISERROR(MATCH($AE179,INDIRECT(ORÇAMENTO.BancoRef),0)),\"(Código não identificado nas referências)\",MATCH($AE179,INDIRECT(ORÇAMENTO.BancoRef),0))))","v":3272},{"$f":"ROUND(IF(DESONERACAO=\"sim\",REFERENCIA.Desonerado,REFERENCIA.NaoDesonerado),2)","v":36.340000000000003},0.26400000000000001,null,null,null,null,45.93,45.93]
["S",3,"S",0,{"$f":"IF($C180=1,OFFSET(E180,-1,0)+MAX(1,COUNTIF(QCI!$A$13:$A$24,OFFSET(ORÇAMENTO!E180,-1,0))),OFFSET(E180,-1,0))","v":1},14,3,0,21,0,{"$f":"IF(OR($C180=\"S\",$C180=0),0,MATCH(OFFSET($D180,0,$C180)+IF($C180<>1,1,COUNTIF(QCI!$A$13:$A$24,ORÇAMENTO!E180)),OFFSET($D180,1,$C180,ROW($C$296)-ROW($C180)),0))","v":0},"F","Serviço","Serviço","1.14.3.21.","SINAPI","91997",{"$f":"IF($C180=\"S\",REFERENCIA.Descricao,\"(digite a descrição aqui)\")","v":"TOMADA MÉDIA DE EMBUTIR (1 MÓDULO), 2P+T 20 A, INCLUINDO SUPORTE E PLACA - FORNECIMENTO E INSTALAÇÃO. AF_03/2023"},{"$f":"REFERENCIA.Unidade","v":"UN"},{"$f":"OFFSET(CÁLCULO!H$15,ROW($T180)-ROW(T$15),0)","v":6},38.96,"BDI 1",{"$f":"IF($C180=\"S\",ROUND(IF(TIPOORCAMENTO=\"Proposto\",ORÇAMENTO.CustoUnitario*(1+$AH180),ORÇAMENTO.PrecoUnitarioLicitado),15-13*$AF$10),0)","v":49.25},{"$f":"IF($C180=\"S\",IF(Import.TipoArredondamento<>\"TransfereGOV\",VTOTAL1,SUM(OFFSET(CÁLCULO!$AA$15,ROW($X180)-ROW($X$15),1):OFFSET(CÁLCULO!$AL$15,ROW($X180)-ROW($X$15),-1))),IF($C180=0,0,ROUND(SomaAgrup,15-13*$AF$11)))","v":295.5},"RA","RA",{"$f":"IF($C180=\"S\",IF($Z180=\"CP\",$X180,IF($Z180=\"RA\",(($X180)*QCI!$AA$3),0)),SomaAgrup)","v":295.5},0,{"$f":"IF($N180=\"\",\"\",IF(ORÇAMENTO.Descricao=\"\",\"DESCRIÇÃO\",IF(AND($C180=\"S\",ORÇAMENTO.Unidade=\"\"),\"UNIDADE\",IF($X180<0,\"VALOR NEGATIVO\",IF(OR(AND(TIPOORCAMENTO=\"Proposto\",$AG180<>\"\",$AG180>0,ORÇAMENTO.CustoUnitario>$AG180),AND(TIPOORCAMENTO=\"LICITADO\",ORÇAMENTO.PrecoUnitarioLicitado>$AN180)),\"ACIMA REF.\",\"\")))))","v":""},{"$f":"IF(C180<=CRONO.NivelExibicao,MAX($AD$15:OFFSET(AD180,-1,0))+IF($C180<>1,1,MAX(1,COUNTIF(QCI!$A$13:$A$24,OFFSET($E180,-1,0)))),\"\")","v":""},{"$f":"IF(AND($C180=\"S\",ORÇAMENTO.CodBarra<>\"\"),IF(ORÇAMENTO.Fonte=\"\",ORÇAMENTO.CodBarra,CONCATENATE(ORÇAMENTO.Fonte,\" \",ORÇAMENTO.CodBarra)))","v":"SINAPI 91997"},{"$f":"IF(ISERROR(INDIRECT(ORÇAMENTO.BancoRef)),\"(abra o arquivo 'Referência \"&Excel_BuiltIn_Database&\".xlsm)\",IF(OR($C180<>\"S\",ORÇAMENTO.CodBarra=\"\"),\"(Sem Código)\",IF(ISERROR(MATCH($AE180,INDIRECT(ORÇAMENTO.BancoRef),0)),\"(Código não identificado nas referências)\",MATCH($AE180,INDIRECT(ORÇAMENTO.BancoRef),0))))","v":3273},{"$f":"ROUND(IF(DESONERACAO=\"sim\",REFERENCIA.Desonerado,REFERENCIA.NaoDesonerado),2)","v":38.96},0.26400000000000001,null,null,null,null,295.5,49.25]
[{"$f":"CHOOSE(1+LOG(1+2*(ORÇAMENTO.Nivel=\"Meta\")+4*(ORÇAMENTO.Nivel=\"Nível 2\")+8*(ORÇAMENTO.Nivel=\"Nível 3\")+16*(ORÇAMENTO.Nivel=\"Nível 4\")+32*(ORÇAMENTO.Nivel=\"Serviço\"),2),0,1,2,3,4,\"S\")","v":"S"},{"$f":"IF(OR(C181=\"s\",C181=0),OFFSET(B181,-1,0),C181)","v":3},{"$f":"IF(OFFSET(C181,-1,0)=\"L\",1,IF(OFFSET(C181,-1,0)=1,2,IF(OR(A181=\"s\",A181=0),\"S\",IF(AND(OFFSET(C181,-1,0)=2,A181=4),3,IF(AND(OR(OFFSET(C181,-1,0)=\"s\",OFFSET(C181,-1,0)=0),A181<>\"s\",A181>OFFSET(B181,-1,0)),OFFSET(B181,-1,0),A181)))))","v":"S"},{"$f":"IF(OR(C181=\"S\",C181=0),0,IF(ISERROR(K181),J181,SMALL(J181:K181,1)))","v":0},{"$f":"IF($C181=1,OFFSET(E181,-1,0)+MAX(1,COUNTIF(QCI!$A$13:$A$24,OFFSET(ORÇAMENTO!E181,-1,0))),OFFSET(E181,-1,0))","v":1},{"$f":"IF($C181=1,0,IF($C181=2,OFFSET(F181,-1,0)+1,OFFSET(F181,-1,0)))","v":14},{"$f":"IF(AND($C181<=2,$C181<>0),0,IF($C181=3,OFFSET(G181,-1,0)+1,OFFSET(G181,-1,0)))","v":3},{"$f":"IF(AND($C181<=3,$C181<>0),0,IF($C181=4,OFFSET(H181,-1,0)+1,OFFSET(H181,-1,0)))","v":0},{"$f":"IF(AND($C181<=4,$C181<>0),0,IF(AND($C181=\"S\",$X181>0),OFFSET(I181,-1,0)+1,OFFSET(I181,-1,0)))","v":22},0,{"$f":"IF(OR($C181=\"S\",$C181=0),0,MATCH(OFFSET($D181,0,$C181)+IF($C181<>1,1,COUNTIF(QCI!$A$13:$A$24,ORÇAMENTO!E181)),OFFSET($D181,1,$C181,ROW($C$296)-ROW($C181)),0))","v":0},{"$f":"IF(OR($X181>0,$C181=1,$C181=2,$C181=3,$C181=4),\"F\",\"\")","v":"F"},"Serviço",{"$f":"CHOOSE(1+LOG(1+2*(C181=1)+4*(C181=2)+8*(C181=3)+16*(C181=4)+32*(C181=\"S\"),2),\"\",\"Meta\",\"Nível 2\",\"Nível 3\",\"Nível 4\",\"Serviço\")","v":"Serviço"},{"$f":"IF(OR($C181=0,$L181=\"\"),\"-\",CONCATENATE(E181&\".\",IF(AND($A$5>=2,$C181>=2),F181&\".\",\"\"),IF(AND($A$5>=3,$C181>=3),G181&\".\",\"\"),IF(AND($A$5>=4,$C181>=4),H181&\".\",\"\"),IF($C181=\"S\",I181&\".\",\"\")))","v":"1.14.3.22."},"SINAPI","92005",{"$f":"IF($C181=\"S\",REFERENCIA.Descricao,\"(digite a descrição aqui)\")","v":"TOMADA MÉDIA DE EMBUTIR (2 MÓDULOS), 2P+T 20 A, INCLUINDO SUPORTE E PLACA - FORNECIMENTO E INSTALAÇÃO. AF_03/2023"},{"$f":"REFERENCIA.Unidade","v":"UN"},{"$f":"OFFSET(CÁLCULO!H$15,ROW($T181)-ROW(T$15),0)","v":4},63.38,"BDI 1",{"$f":"IF($C181=\"S\",ROUND(IF(TIPOORCAMENTO=\"Proposto\",ORÇAMENTO.CustoUnitario*(1+$AH181),ORÇAMENTO.PrecoUnitarioLicitado),15-13*$AF$10),0)","v":80.11},{"$f":"IF($C181=\"S\",IF(Import.TipoArredondamento<>\"TransfereGOV\",VTOTAL1,SUM(OFFSET(CÁLCULO!$AA$15,ROW($X181)-ROW($X$15),1):OFFSET(CÁLCULO!$AL$15,ROW($X181)-ROW($X$15),-1))),IF($C181=0,0,ROUND(SomaAgrup,15-13*$AF$11)))","v":320.44},"RA",{"$f":"IF(AND($C181=\"S\",$X181>0),IF(ISBLANK($Y181),\"RA\",LEFT($Y181,2)),\"\")","v":"RA"},{"$f":"IF($C181=\"S\",IF($Z181=\"CP\",$X181,IF($Z181=\"RA\",(($X181)*QCI!$AA$3),0)),SomaAgrup)","v":320.44},{"$f":"IF($C181=\"S\",IF($Z181=\"OU\",ROUND($X181,2),0),SomaAgrup)","v":0},{"$f":"IF($N181=\"\",\"\",IF(ORÇAMENTO.Descricao=\"\",\"DESCRIÇÃO\",IF(AND($C181=\"S\",ORÇAMENTO.Unidade=\"\"),\"UNIDADE\",IF($X181<0,\"VALOR NEGATIVO\",IF(OR(AND(TIPOORCAMENTO=\"Proposto\",$AG181<>\"\",$AG181>0,ORÇAMENTO.CustoUnitario>$AG181),AND(TIPOORCAMENTO=\"LICITADO\",ORÇAMENTO.PrecoUnitarioLicitado>$AN181)),\"ACIMA REF.\",\"\")))))","v":""},{"$f":"IF(C181<=CRONO.NivelExibicao,MAX($AD$15:OFFSET(AD181,-1,0))+IF($C181<>1,1,MAX(1,COUNTIF(QCI!$A$13:$A$24,OFFSET($E181,-1,0)))),\"\")","v":""},{"$f":"IF(AND($C181=\"S\",ORÇAMENTO.CodBarra<>\"\"),IF(ORÇAMENTO.Fonte=\"\",ORÇAMENTO.CodBarra,CONCATENATE(ORÇAMENTO.Fonte,\" \",ORÇAMENTO.CodBarra)))","v":"SINAPI 92005"},{"$f":"IF(ISERROR(INDIRECT(ORÇAMENTO.BancoRef)),\"(abra o arquivo 'Referência \"&Excel_BuiltIn_Database&\".xlsm)\",IF(OR($C181<>\"S\",ORÇAMENTO.CodBarra=\"\"),\"(Sem Código)\",IF(ISERROR(MATCH($AE181,INDIRECT(ORÇAMENTO.BancoRef),0)),\"(Código não identificado nas referências)\",MATCH($AE181,INDIRECT(ORÇAMENTO.BancoRef),0))))","v":3281},{"$f":"ROUND(IF(DESONERACAO=\"sim\",REFERENCIA.Desonerado,REFERENCIA.NaoDesonerado),2)","v":63.38},{"$f":"ROUND(IF(ISNUMBER(ORÇAMENTO.OpcaoBDI),ORÇAMENTO.OpcaoBDI,IF(LEFT(ORÇAMENTO.OpcaoBDI,3)=\"BDI\",HLOOKUP(ORÇAMENTO.OpcaoBDI,$F$4:$H$5,2,FALSE),0)),15-11*$AF$9)","v":0.26400000000000001},null,null,null,null,320.44,{"$f":"ROUND(ORÇAMENTO.CustoUnitario*(1+$AH181),2)","v":80.11}]
["S",3,"S",0,{"$f":"IF($C182=1,OFFSET(E182,-1,0)+MAX(1,COUNTIF(QCI!$A$13:$A$24,OFFSET(ORÇAMENTO!E182,-1,0))),OFFSET(E182,-1,0))","v":1},14,3,0,23,0,{"$f":"IF(OR($C182=\"S\",$C182=0),0,MATCH(OFFSET($D182,0,$C182)+IF($C182<>1,1,COUNTIF(QCI!$A$13:$A$24,ORÇAMENTO!E182)),OFFSET($D182,1,$C182,ROW($C$296)-ROW($C182)),0))","v":0},"F","Serviço","Serviço","1.14.3.23.","SINAPI","91992",{"$f":"IF($C182=\"S\",REFERENCIA.Descricao,\"(digite a descrição aqui)\")","v":"TOMADA ALTA DE EMBUTIR (1 MÓDULO), 2P+T 10 A, INCLUINDO SUPORTE E PLACA - FORNECIMENTO E INSTALAÇÃO. AF_03/2023"},{"$f":"REFERENCIA.Unidade","v":"UN"},{"$f":"OFFSET(CÁLCULO!H$15,ROW($T182)-ROW(T$15),0)","v":16},45.79,"BDI 1",{"$f":"IF($C182=\"S\",ROUND(IF(TIPOORCAMENTO=\"Proposto\",ORÇAMENTO.CustoUnitario*(1+$AH182),ORÇAMENTO.PrecoUnitarioLicitado),15-13*$AF$10),0)","v":57.88},{"$f":"IF($C182=\"S\",IF(Import.TipoArredondamento<>\"TransfereGOV\",VTOTAL1,SUM(OFFSET(CÁLCULO!$AA$15,ROW($X182)-ROW($X$15),1):OFFSET(CÁLCULO!$AL$15,ROW($X182)-ROW($X$15),-1))),IF($C182=0,0,ROUND(SomaAgrup,15-13*$AF$11)))","v":926.08},"RA","RA",{"$f":"IF($C182=\"S\",IF($Z182=\"CP\",$X182,IF($Z182=\"RA\",(($X182)*QCI!$AA$3),0)),SomaAgrup)","v":926.08},0,{"$f":"IF($N182=\"\",\"\",IF(ORÇAMENTO.Descricao=\"\",\"DESCRIÇÃO\",IF(AND($C182=\"S\",ORÇAMENTO.Unidade=\"\"),\"UNIDADE\",IF($X182<0,\"VALOR NEGATIVO\",IF(OR(AND(TIPOORCAMENTO=\"Proposto\",$AG182<>\"\",$AG182>0,ORÇAMENTO.CustoUnitario>$AG182),AND(TIPOORCAMENTO=\"LICITADO\",ORÇAMENTO.PrecoUnitarioLicitado>$AN182)),\"ACIMA REF.\",\"\")))))","v":""},{"$f":"IF(C182<=CRONO.NivelExibicao,MAX($AD$15:OFFSET(AD182,-1,0))+IF($C182<>1,1,MAX(1,COUNTIF(QCI!$A$13:$A$24,OFFSET($E182,-1,0)))),\"\")","v":""},{"$f":"IF(AND($C182=\"S\",ORÇAMENTO.CodBarra<>\"\"),IF(ORÇAMENTO.Fonte=\"\",ORÇAMENTO.CodBarra,CONCATENATE(ORÇAMENTO.Fonte,\" \",ORÇAMENTO.CodBarra)))","v":"SINAPI 91992"},{"$f":"IF(ISERROR(INDIRECT(ORÇAMENTO.BancoRef)),\"(abra o arquivo 'Referência \"&Excel_BuiltIn_Database&\".xlsm)\",IF(OR($C182<>\"S\",ORÇAMENTO.CodBarra=\"\"),\"(Sem Código)\",IF(ISERROR(MATCH($AE182,INDIRECT(ORÇAMENTO.BancoRef),0)),\"(Código não identificado nas referências)\",MATCH($AE182,INDIRECT(ORÇAMENTO.BancoRef),0))))","v":3268},{"$f":"ROUND(IF(DESONERACAO=\"sim\",REFERENCIA.Desonerado,REFERENCIA.NaoDesonerado),2)","v":45.79},0.26400000000000001,null,null,null,null,926.08,57.88]
["S",3,"S",0,{"$f":"IF($C183=1,OFFSET(E183,-1,0)+MAX(1,COUNTIF(QCI!$A$13:$A$24,OFFSET(ORÇAMENTO!E183,-1,0))),OFFSET(E183,-1,0))","v":1},14,3,0,24,0,{"$f":"IF(OR($C183=\"S\",$C183=0),0,MATCH(OFFSET($D183,0,$C183)+IF($C183<>1,1,COUNTIF(QCI!$A$13:$A$24,ORÇAMENTO!E183)),OFFSET($D183,1,$C183,ROW($C$296)-ROW($C183)),0))","v":0},"F","Serviço","Serviço","1.14.3.24.","SINAPI","91993",{"$f":"IF($C183=\"S\",REFERENCIA.Descricao,\"(digite a descrição aqui)\")","v":"TOMADA ALTA DE EMBUTIR (1 MÓDULO), 2P+T 20 A, INCLUINDO SUPORTE E PLACA - FORNECIMENTO E INSTALAÇÃO. AF_03/2023"},{"$f":"REFERENCIA.Unidade","v":"UN"},{"$f":"OFFSET(CÁLCULO!H$15,ROW($T183)-ROW(T$15),0)","v":18},48.41,"BDI 1",{"$f":"IF($C183=\"S\",ROUND(IF(TIPOORCAMENTO=\"Proposto\",ORÇAMENTO.CustoUnitario*(1+$AH183),ORÇAMENTO.PrecoUnitarioLicitado),15-13*$AF$10),0)","v":61.19},{"$f":"IF($C183=\"S\",IF(Import.TipoArredondamento<>\"TransfereGOV\",VTOTAL1,SUM(OFFSET(CÁLCULO!$AA$15,ROW($X183)-ROW($X$15),1):OFFSET(CÁLCULO!$AL$15,ROW($X183)-ROW($X$15),-1))),IF($C183=0,0,ROUND(SomaAgrup,15-13*$AF$11)))","v":1101.42},"RA","RA",{"$f":"IF($C183=\"S\",IF($Z183=\"CP\",$X183,IF($Z183=\"RA\",(($X183)*QCI!$AA$3),0)),SomaAgrup)","v":1101.42},0,{"$f":"IF($N183=\"\",\"\",IF(ORÇAMENTO.Descricao=\"\",\"DESCRIÇÃO\",IF(AND($C183=\"S\",ORÇAMENTO.Unidade=\"\"),\"UNIDADE\",IF($X183<0,\"VALOR NEGATIVO\",IF(OR(AND(TIPOORCAMENTO=\"Proposto\",$AG183<>\"\",$AG183>0,ORÇAMENTO.CustoUnitario>$AG183),AND(TIPOORCAMENTO=\"LICITADO\",ORÇAMENTO.PrecoUnitarioLicitado>$AN183)),\"ACIMA REF.\",\"\")))))","v":""},{"$f":"IF(C183<=CRONO.NivelExibicao,MAX($AD$15:OFFSET(AD183,-1,0))+IF($C183<>1,1,MAX(1,COUNTIF(QCI!$A$13:$A$24,OFFSET($E183,-1,0)))),\"\")","v":""},{"$f":"IF(AND($C183=\"S\",ORÇAMENTO.CodBarra<>\"\"),IF(ORÇAMENTO.Fonte=\"\",ORÇAMENTO.CodBarra,CONCATENATE(ORÇAMENTO.Fonte,\" \",ORÇAMENTO.CodBarra)))","v":"SINAPI 91993"},{"$f":"IF(ISERROR(INDIRECT(ORÇAMENTO.BancoRef)),\"(abra o arquivo 'Referência \"&Excel_BuiltIn_Database&\".xlsm)\",IF(OR($C183<>\"S\",ORÇAMENTO.CodBarra=\"\"),\"(Sem Código)\",IF(ISERROR(MATCH($AE183,INDIRECT(ORÇAMENTO.BancoRef),0)),\"(Código não identificado nas referências)\",MATCH($AE183,INDIRECT(ORÇAMENTO.BancoRef),0))))","v":3269},{"$f":"ROUND(IF(DESONERACAO=\"sim\",REFERENCIA.Desonerado,REFERENCIA.NaoDesonerado),2)","v":48.41},0.26400000000000001,null,null,null,null,1101.42,61.19]
["S",3,"S",0,{"$f":"IF($C184=1,OFFSET(E184,-1,0)+MAX(1,COUNTIF(QCI!$A$13:$A$24,OFFSET(ORÇAMENTO!E184,-1,0))),OFFSET(E184,-1,0))","v":1},14,3,0,25,0,{"$f":"IF(OR($C184=\"S\",$C184=0),0,MATCH(OFFSET($D184,0,$C184)+IF($C184<>1,1,COUNTIF(QCI!$A$13:$A$24,ORÇAMENTO!E184)),OFFSET($D184,1,$C184,ROW($C$296)-ROW($C184)),0))","v":0},"F","Serviço","Serviço","1.14.3.25.","SINAPI","91953",{"$f":"IF($C184=\"S\",REFERENCIA.Descricao,\"(digite a descrição aqui)\")","v":"INTERRUPTOR SIMPLES (1 MÓDULO), 10A/250V, INCLUINDO SUPORTE E PLACA - FORNECIMENTO E INSTALAÇÃO. AF_03/2023"},{"$f":"REFERENCIA.Unidade","v":"UN"},{"$f":"OFFSET(CÁLCULO!H$15,ROW($T184)-ROW(T$15),0)","v":1},31.05,"BDI 1",{"$f":"IF($C184=\"S\",ROUND(IF(TIPOORCAMENTO=\"Proposto\",ORÇAMENTO.CustoUnitario*(1+$AH184),ORÇAMENTO.PrecoUnitarioLicitado),15-13*$AF$10),0)","v":39.25},{"$f":"IF($C184=\"S\",IF(Import.TipoArredondamento<>\"TransfereGOV\",VTOTAL1,SUM(OFFSET(CÁLCULO!$AA$15,ROW($X184)-ROW($X$15),1):OFFSET(CÁLCULO!$AL$15,ROW($X184)-ROW($X$15),-1))),IF($C184=0,0,ROUND(SomaAgrup,15-13*$AF$11)))","v":39.25},"RA","RA",{"$f":"IF($C184=\"S\",IF($Z184=\"CP\",$X184,IF($Z184=\"RA\",(($X184)*QCI!$AA$3),0)),SomaAgrup)","v":39.25},0,{"$f":"IF($N184=\"\",\"\",IF(ORÇAMENTO.Descricao=\"\",\"DESCRIÇÃO\",IF(AND($C184=\"S\",ORÇAMENTO.Unidade=\"\"),\"UNIDADE\",IF($X184<0,\"VALOR NEGATIVO\",IF(OR(AND(TIPOORCAMENTO=\"Proposto\",$AG184<>\"\",$AG184>0,ORÇAMENTO.CustoUnitario>$AG184),AND(TIPOORCAMENTO=\"LICITADO\",ORÇAMENTO.PrecoUnitarioLicitado>$AN184)),\"ACIMA REF.\",\"\")))))","v":""},{"$f":"IF(C184<=CRONO.NivelExibicao,MAX($AD$15:OFFSET(AD184,-1,0))+IF($C184<>1,1,MAX(1,COUNTIF(QCI!$A$13:$A$24,OFFSET($E184,-1,0)))),\"\")","v":""},{"$f":"IF(AND($C184=\"S\",ORÇAMENTO.CodBarra<>\"\"),IF(ORÇAMENTO.Fonte=\"\",ORÇAMENTO.CodBarra,CONCATENATE(ORÇAMENTO.Fonte,\" \",ORÇAMENTO.CodBarra)))","v":"SINAPI 91953"},{"$f":"IF(ISERROR(INDIRECT(ORÇAMENTO.BancoRef)),\"(abra o arquivo 'Referência \"&Excel_BuiltIn_Database&\".xlsm)\",IF(OR($C184<>\"S\",ORÇAMENTO.CodBarra=\"\"),\"(Sem Código)\",IF(ISERROR(MATCH($AE184,INDIRECT(ORÇAMENTO.BancoRef),0)),\"(Código não identificado nas referências)\",MATCH($AE184,INDIRECT(ORÇAMENTO.BancoRef),0))))","v":3229},{"$f":"ROUND(IF(DESONERACAO=\"sim\",REFERENCIA.Desonerado,REFERENCIA.NaoDesonerado),2)","v":31.05},0.26400000000000001,null,null,null,null,39.25,39.25]
["S",3,"S",0,{"$f":"IF($C185=1,OFFSET(E185,-1,0)+MAX(1,COUNTIF(QCI!$A$13:$A$24,OFFSET(ORÇAMENTO!E185,-1,0))),OFFSET(E185,-1,0))","v":1},14,3,0,26,0,{"$f":"IF(OR($C185=\"S\",$C185=0),0,MATCH(OFFSET($D185,0,$C185)+IF($C185<>1,1,COUNTIF(QCI!$A$13:$A$24,ORÇAMENTO!E185)),OFFSET($D185,1,$C185,ROW($C$296)-ROW($C185)),0))","v":0},"F","Serviço","Serviço","1.14.3.26.","SINAPI","91959",{"$f":"IF($C185=\"S\",REFERENCIA.Descricao,\"(digite a descrição aqui)\")","v":"INTERRUPTOR SIMPLES (2 MÓDULOS), 10A/250V, INCLUINDO SUPORTE E PLACA - FORNECIMENTO E INSTALAÇÃO. AF_03/2023"},{"$f":"REFERENCIA.Unidade","v":"UN"},{"$f":"OFFSET(CÁLCULO!H$15,ROW($T185)-ROW(T$15),0)","v":1},47.58,"BDI 1",{"$f":"IF($C185=\"S\",ROUND(IF(TIPOORCAMENTO=\"Proposto\",ORÇAMENTO.CustoUnitario*(1+$AH185),ORÇAMENTO.PrecoUnitarioLicitado),15-13*$AF$10),0)","v":60.14},{"$f":"IF($C185=\"S\",IF(Import.TipoArredondamento<>\"TransfereGOV\",VTOTAL1,SUM(OFFSET(CÁLCULO!$AA$15,ROW($X185)-ROW($X$15),1):OFFSET(CÁLCULO!$AL$15,ROW($X185)-ROW($X$15),-1))),IF($C185=0,0,ROUND(SomaAgrup,15-13*$AF$11)))","v":60.14},"RA","RA",{"$f":"IF($C185=\"S\",IF($Z185=\"CP\",$X185,IF($Z185=\"RA\",(($X185)*QCI!$AA$3),0)),SomaAgrup)","v":60.14},0,{"$f":"IF($N185=\"\",\"\",IF(ORÇAMENTO.Descricao=\"\",\"DESCRIÇÃO\",IF(AND($C185=\"S\",ORÇAMENTO.Unidade=\"\"),\"UNIDADE\",IF($X185<0,\"VALOR NEGATIVO\",IF(OR(AND(TIPOORCAMENTO=\"Proposto\",$AG185<>\"\",$AG185>0,ORÇAMENTO.CustoUnitario>$AG185),AND(TIPOORCAMENTO=\"LICITADO\",ORÇAMENTO.PrecoUnitarioLicitado>$AN185)),\"ACIMA REF.\",\"\")))))","v":""},{"$f":"IF(C185<=CRONO.NivelExibicao,MAX($AD$15:OFFSET(AD185,-1,0))+IF($C185<>1,1,MAX(1,COUNTIF(QCI!$A$13:$A$24,OFFSET($E185,-1,0)))),\"\")","v":""},{"$f":"IF(AND($C185=\"S\",ORÇAMENTO.CodBarra<>\"\"),IF(ORÇAMENTO.Fonte=\"\",ORÇAMENTO.CodBarra,CONCATENATE(ORÇAMENTO.Fonte,\" \",ORÇAMENTO.CodBarra)))","v":"SINAPI 91959"},{"$f":"IF(ISERROR(INDIRECT(ORÇAMENTO.BancoRef)),\"(abra o arquivo 'Referência \"&Excel_BuiltIn_Database&\".xlsm)\",IF(OR($C185<>\"S\",ORÇAMENTO.CodBarra=\"\"),\"(Sem Código)\",IF(ISERROR(MATCH($AE185,INDIRECT(ORÇAMENTO.BancoRef),0)),\"(Código não identificado nas referências)\",MATCH($AE185,INDIRECT(ORÇAMENTO.BancoRef),0))))","v":3235},{"$f":"ROUND(IF(DESONERACAO=\"sim\",REFERENCIA.Desonerado,REFERENCIA.NaoDesonerado),2)","v":47.58},0.26400000000000001,null,null,null,null,60.14,60.14]
["S",3,"S",0,{"$f":"IF($C186=1,OFFSET(E186,-1,0)+MAX(1,COUNTIF(QCI!$A$13:$A$24,OFFSET(ORÇAMENTO!E186,-1,0))),OFFSET(E186,-1,0))","v":1},14,3,0,27,0,{"$f":"IF(OR($C186=\"S\",$C186=0),0,MATCH(OFFSET($D186,0,$C186)+IF($C186<>1,1,COUNTIF(QCI!$A$13:$A$24,ORÇAMENTO!E186)),OFFSET($D186,1,$C186,ROW($C$296)-ROW($C186)),0))","v":0},"F","Serviço","Serviço","1.14.3.27.","SINAPI","91967",{"$f":"IF($C186=\"S\",REFERENCIA.Descricao,\"(digite a descrição aqui)\")","v":"INTERRUPTOR SIMPLES (3 MÓDULOS), 10A/250V, INCLUINDO SUPORTE E PLACA - FORNECIMENTO E INSTALAÇÃO. AF_03/2023"},{"$f":"REFERENCIA.Unidade","v":"UN"},{"$f":"OFFSET(CÁLCULO!H$15,ROW($T186)-ROW(T$15),0)","v":3},64.09,"BDI 1",{"$f":"IF($C186=\"S\",ROUND(IF(TIPOORCAMENTO=\"Proposto\",ORÇAMENTO.CustoUnitario*(1+$AH186),ORÇAMENTO.PrecoUnitarioLicitado),15-13*$AF$10),0)","v":81.010000000000005},{"$f":"IF($C186=\"S\",IF(Import.TipoArredondamento<>\"TransfereGOV\",VTOTAL1,SUM(OFFSET(CÁLCULO!$AA$15,ROW($X186)-ROW($X$15),1):OFFSET(CÁLCULO!$AL$15,ROW($X186)-ROW($X$15),-1))),IF($C186=0,0,ROUND(SomaAgrup,15-13*$AF$11)))","v":243.03},"RA","RA",{"$f":"IF($C186=\"S\",IF($Z186=\"CP\",$X186,IF($Z186=\"RA\",(($X186)*QCI!$AA$3),0)),SomaAgrup)","v":243.03},0,{"$f":"IF($N186=\"\",\"\",IF(ORÇAMENTO.Descricao=\"\",\"DESCRIÇÃO\",IF(AND($C186=\"S\",ORÇAMENTO.Unidade=\"\"),\"UNIDADE\",IF($X186<0,\"VALOR NEGATIVO\",IF(OR(AND(TIPOORCAMENTO=\"Proposto\",$AG186<>\"\",$AG186>0,ORÇAMENTO.CustoUnitario>$AG186),AND(TIPOORCAMENTO=\"LICITADO\",ORÇAMENTO.PrecoUnitarioLicitado>$AN186)),\"ACIMA REF.\",\"\")))))","v":""},{"$f":"IF(C186<=CRONO.NivelExibicao,MAX($AD$15:OFFSET(AD186,-1,0))+IF($C186<>1,1,MAX(1,COUNTIF(QCI!$A$13:$A$24,OFFSET($E186,-1,0)))),\"\")","v":""},{"$f":"IF(AND($C186=\"S\",ORÇAMENTO.CodBarra<>\"\"),IF(ORÇAMENTO.Fonte=\"\",ORÇAMENTO.CodBarra,CONCATENATE(ORÇAMENTO.Fonte,\" \",ORÇAMENTO.CodBarra)))","v":"SINAPI 91967"},{"$f":"IF(ISERROR(INDIRECT(ORÇAMENTO.BancoRef)),\"(abra o arquivo 'Referência \"&Excel_BuiltIn_Database&\".xlsm)\",IF(OR($C186<>\"S\",ORÇAMENTO.CodBarra=\"\"),\"(Sem Código)\",IF(ISERROR(MATCH($AE186,INDIRECT(ORÇAMENTO.BancoRef),0)),\"(Código não identificado nas referências)\",MATCH($AE186,INDIRECT(ORÇAMENTO.BancoRef),0))))","v":3243},{"$f":"ROUND(IF(DESONERACAO=\"sim\",REFERENCIA.Desonerado,REFERENCIA.NaoDesonerado),2)","v":64.09},0.26400000000000001,null,null,null,null,243.03,81.010000000000005]
["S",3,"S",0,{"$f":"IF($C187=1,OFFSET(E187,-1,0)+MAX(1,COUNTIF(QCI!$A$13:$A$24,OFFSET(ORÇAMENTO!E187,-1,0))),OFFSET(E187,-1,0))","v":1},14,3,0,28,0,{"$f":"IF(OR($C187=\"S\",$C187=0),0,MATCH(OFFSET($D187,0,$C187)+IF($C187<>1,1,COUNTIF(QCI!$A$13:$A$24,ORÇAMENTO!E187)),OFFSET($D187,1,$C187,ROW($C$296)-ROW($C187)),0))","v":0},"F","Serviço","Serviço","1.14.3.28.","SINAPI","92023",{"$f":"IF($C187=\"S\",REFERENCIA.Descricao,\"(digite a descrição aqui)\")","v":"INTERRUPTOR SIMPLES (1 MÓDULO) COM 1 TOMADA DE EMBUTIR 2P+T 10 A, INCLUINDO SUPORTE E PLACA - FORNECIMENTO E INSTALAÇÃO. AF_03/2023"},{"$f":"REFERENCIA.Unidade","v":"UN"},{"$f":"OFFSET(CÁLCULO!H$15,ROW($T187)-ROW(T$15),0)","v":14},52.81,"BDI 1",{"$f":"IF($C187=\"S\",ROUND(IF(TIPOORCAMENTO=\"Proposto\",ORÇAMENTO.CustoUnitario*(1+$AH187),ORÇAMENTO.PrecoUnitarioLicitado),15-13*$AF$10),0)","v":66.75},{"$f":"IF($C187=\"S\",IF(Import.TipoArredondamento<>\"TransfereGOV\",VTOTAL1,SUM(OFFSET(CÁLCULO!$AA$15,ROW($X187)-ROW($X$15),1):OFFSET(CÁLCULO!$AL$15,ROW($X187)-ROW($X$15),-1))),IF($C187=0,0,ROUND(SomaAgrup,15-13*$AF$11)))","v":934.5},"RA","RA",{"$f":"IF($C187=\"S\",IF($Z187=\"CP\",$X187,IF($Z187=\"RA\",(($X187)*QCI!$AA$3),0)),SomaAgrup)","v":934.5},0,{"$f":"IF($N187=\"\",\"\",IF(ORÇAMENTO.Descricao=\"\",\"DESCRIÇÃO\",IF(AND($C187=\"S\",ORÇAMENTO.Unidade=\"\"),\"UNIDADE\",IF($X187<0,\"VALOR NEGATIVO\",IF(OR(AND(TIPOORCAMENTO=\"Proposto\",$AG187<>\"\",$AG187>0,ORÇAMENTO.CustoUnitario>$AG187),AND(TIPOORCAMENTO=\"LICITADO\",ORÇAMENTO.PrecoUnitarioLicitado>$AN187)),\"ACIMA REF.\",\"\")))))","v":""},{"$f":"IF(C187<=CRONO.NivelExibicao,MAX($AD$15:OFFSET(AD187,-1,0))+IF($C187<>1,1,MAX(1,COUNTIF(QCI!$A$13:$A$24,OFFSET($E187,-1,0)))),\"\")","v":""},{"$f":"IF(AND($C187=\"S\",ORÇAMENTO.CodBarra<>\"\"),IF(ORÇAMENTO.Fonte=\"\",ORÇAMENTO.CodBarra,CONCATENATE(ORÇAMENTO.Fonte,\" \",ORÇAMENTO.CodBarra)))","v":"SINAPI 92023"},{"$f":"IF(ISERROR(INDIRECT(ORÇAMENTO.BancoRef)),\"(abra o arquivo 'Referência \"&Excel_BuiltIn_Database&\".xlsm)\",IF(OR($C187<>\"S\",ORÇAMENTO.CodBarra=\"\"),\"(Sem Código)\",IF(ISERROR(MATCH($AE187,INDIRECT(ORÇAMENTO.BancoRef),0)),\"(Código não identificado nas referências)\",MATCH($AE187,INDIRECT(ORÇAMENTO.BancoRef),0))))","v":3299},{"$f":"ROUND(IF(DESONERACAO=\"sim\",REFERENCIA.Desonerado,REFERENCIA.NaoDesonerado),2)","v":52.81},0.26400000000000001,null,null,null,null,934.5,66.75]
["S",3,"S",0,{"$f":"IF($C188=1,OFFSET(E188,-1,0)+MAX(1,COUNTIF(QCI!$A$13:$A$24,OFFSET(ORÇAMENTO!E188,-1,0))),OFFSET(E188,-1,0))","v":1},14,3,0,29,0,{"$f":"IF(OR($C188=\"S\",$C188=0),0,MATCH(OFFSET($D188,0,$C188)+IF($C188<>1,1,COUNTIF(QCI!$A$13:$A$24,ORÇAMENTO!E188)),OFFSET($D188,1,$C188,ROW($C$296)-ROW($C188)),0))","v":0},"F","Serviço","Serviço","1.14.3.29.","SINAPI","92027",{"$f":"IF($C188=\"S\",REFERENCIA.Descricao,\"(digite a descrição aqui)\")","v":"INTERRUPTOR SIMPLES (2 MÓDULOS) COM 1 TOMADA DE EMBUTIR 2P+T 10 A, INCLUINDO SUPORTE E PLACA - FORNECIMENTO E INSTALAÇÃO. AF_03/2023"},{"$f":"REFERENCIA.Unidade","v":"UN"},{"$f":"OFFSET(CÁLCULO!H$15,ROW($T188)-ROW(T$15),0)","v":2},69.319999999999993,"BDI 1",{"$f":"IF($C188=\"S\",ROUND(IF(TIPOORCAMENTO=\"Proposto\",ORÇAMENTO.CustoUnitario*(1+$AH188),ORÇAMENTO.PrecoUnitarioLicitado),15-13*$AF$10),0)","v":87.62},{"$f":"IF($C188=\"S\",IF(Import.TipoArredondamento<>\"TransfereGOV\",VTOTAL1,SUM(OFFSET(CÁLCULO!$AA$15,ROW($X188)-ROW($X$15),1):OFFSET(CÁLCULO!$AL$15,ROW($X188)-ROW($X$15),-1))),IF($C188=0,0,ROUND(SomaAgrup,15-13*$AF$11)))","v":175.24},"RA","RA",{"$f":"IF($C188=\"S\",IF($Z188=\"CP\",$X188,IF($Z188=\"RA\",(($X188)*QCI!$AA$3),0)),SomaAgrup)","v":175.24},0,{"$f":"IF($N188=\"\",\"\",IF(ORÇAMENTO.Descricao=\"\",\"DESCRIÇÃO\",IF(AND($C188=\"S\",ORÇAMENTO.Unidade=\"\"),\"UNIDADE\",IF($X188<0,\"VALOR NEGATIVO\",IF(OR(AND(TIPOORCAMENTO=\"Proposto\",$AG188<>\"\",$AG188>0,ORÇAMENTO.CustoUnitario>$AG188),AND(TIPOORCAMENTO=\"LICITADO\",ORÇAMENTO.PrecoUnitarioLicitado>$AN188)),\"ACIMA REF.\",\"\")))))","v":""},{"$f":"IF(C188<=CRONO.NivelExibicao,MAX($AD$15:OFFSET(AD188,-1,0))+IF($C188<>1,1,MAX(1,COUNTIF(QCI!$A$13:$A$24,OFFSET($E188,-1,0)))),\"\")","v":""},{"$f":"IF(AND($C188=\"S\",ORÇAMENTO.CodBarra<>\"\"),IF(ORÇAMENTO.Fonte=\"\",ORÇAMENTO.CodBarra,CONCATENATE(ORÇAMENTO.Fonte,\" \",ORÇAMENTO.CodBarra)))","v":"SINAPI 92027"},{"$f":"IF(ISERROR(INDIRECT(ORÇAMENTO.BancoRef)),\"(abra o arquivo 'Referência \"&Excel_BuiltIn_Database&\".xlsm)\",IF(OR($C188<>\"S\",ORÇAMENTO.CodBarra=\"\"),\"(Sem Código)\",IF(ISERROR(MATCH($AE188,INDIRECT(ORÇAMENTO.BancoRef),0)),\"(Código não identificado nas referências)\",MATCH($AE188,INDIRECT(ORÇAMENTO.BancoRef),0))))","v":3303},{"$f":"ROUND(IF(DESONERACAO=\"sim\",REFERENCIA.Desonerado,REFERENCIA.NaoDesonerado),2)","v":69.319999999999993},0.26400000000000001,null,null,null,null,175.24,87.62]
["S",3,"S",0,{"$f":"IF($C189=1,OFFSET(E189,-1,0)+MAX(1,COUNTIF(QCI!$A$13:$A$24,OFFSET(ORÇAMENTO!E189,-1,0))),OFFSET(E189,-1,0))","v":1},14,3,0,30,0,{"$f":"IF(OR($C189=\"S\",$C189=0),0,MATCH(OFFSET($D189,0,$C189)+IF($C189<>1,1,COUNTIF(QCI!$A$13:$A$24,ORÇAMENTO!E189)),OFFSET($D189,1,$C189,ROW($C$296)-ROW($C189)),0))","v":0},"F","Serviço","Serviço","1.14.3.30.","SINAPI","91987",{"$f":"IF($C189=\"S\",REFERENCIA.Descricao,\"(digite a descrição aqui)\")","v":"CAMPAINHA CIGARRA (1 MÓDULO), 10A/250V, INCLUINDO SUPORTE E PLACA - FORNECIMENTO E INSTALAÇÃO. AF_03/2023"},{"$f":"REFERENCIA.Unidade","v":"UN"},{"$f":"OFFSET(CÁLCULO!H$15,ROW($T189)-ROW(T$15),0)","v":10},51.18,"BDI 1",{"$f":"IF($C189=\"S\",ROUND(IF(TIPOORCAMENTO=\"Proposto\",ORÇAMENTO.CustoUnitario*(1+$AH189),ORÇAMENTO.PrecoUnitarioLicitado),15-13*$AF$10),0)","v":64.69},{"$f":"IF($C189=\"S\",IF(Import.TipoArredondamento<>\"TransfereGOV\",VTOTAL1,SUM(OFFSET(CÁLCULO!$AA$15,ROW($X189)-ROW($X$15),1):OFFSET(CÁLCULO!$AL$15,ROW($X189)-ROW($X$15),-1))),IF($C189=0,0,ROUND(SomaAgrup,15-13*$AF$11)))","v":646.9},"RA","RA",{"$f":"IF($C189=\"S\",IF($Z189=\"CP\",$X189,IF($Z189=\"RA\",(($X189)*QCI!$AA$3),0)),SomaAgrup)","v":646.9},0,{"$f":"IF($N189=\"\",\"\",IF(ORÇAMENTO.Descricao=\"\",\"DESCRIÇÃO\",IF(AND($C189=\"S\",ORÇAMENTO.Unidade=\"\"),\"UNIDADE\",IF($X189<0,\"VALOR NEGATIVO\",IF(OR(AND(TIPOORCAMENTO=\"Proposto\",$AG189<>\"\",$AG189>0,ORÇAMENTO.CustoUnitario>$AG189),AND(TIPOORCAMENTO=\"LICITADO\",ORÇAMENTO.PrecoUnitarioLicitado>$AN189)),\"ACIMA REF.\",\"\")))))","v":""},{"$f":"IF(C189<=CRONO.NivelExibicao,MAX($AD$15:OFFSET(AD189,-1,0))+IF($C189<>1,1,MAX(1,COUNTIF(QCI!$A$13:$A$24,OFFSET($E189,-1,0)))),\"\")","v":""},{"$f":"IF(AND($C189=\"S\",ORÇAMENTO.CodBarra<>\"\"),IF(ORÇAMENTO.Fonte=\"\",ORÇAMENTO.CodBarra,CONCATENATE(ORÇAMENTO.Fonte,\" \",ORÇAMENTO.CodBarra)))","v":"SINAPI 91987"},{"$f":"IF(ISERROR(INDIRECT(ORÇAMENTO.BancoRef)),\"(abra o arquivo 'Referência \"&Excel_BuiltIn_Database&\".xlsm)\",IF(OR($C189<>\"S\",ORÇAMENTO.CodBarra=\"\"),\"(Sem Código)\",IF(ISERROR(MATCH($AE189,INDIRECT(ORÇAMENTO.BancoRef),0)),\"(Código não identificado nas referências)\",MATCH($AE189,INDIRECT(ORÇAMENTO.BancoRef),0))))","v":3263},{"$f":"ROUND(IF(DESONERACAO=\"sim\",REFERENCIA.Desonerado,REFERENCIA.NaoDesonerado),2)","v":51.18},0.26400000000000001,null,null,null,null,646.9,64.69]
["S",3,"S",0,{"$f":"IF($C190=1,OFFSET(E190,-1,0)+MAX(1,COUNTIF(QCI!$A$13:$A$24,OFFSET(ORÇAMENTO!E190,-1,0))),OFFSET(E190,-1,0))","v":1},14,3,0,31,0,{"$f":"IF(OR($C190=\"S\",$C190=0),0,MATCH(OFFSET($D190,0,$C190)+IF($C190<>1,1,COUNTIF(QCI!$A$13:$A$24,ORÇAMENTO!E190)),OFFSET($D190,1,$C190,ROW($C$296)-ROW($C190)),0))","v":0},"F","Serviço","Serviço","1.14.3.31.","SINAPI","91985",{"$f":"IF($C190=\"S\",REFERENCIA.Descricao,\"(digite a descrição aqui)\")","v":"INTERRUPTOR PULSADOR CAMPAINHA (1 MÓDULO), 10A/250V, INCLUINDO SUPORTE E PLACA - FORNECIMENTO E INSTALAÇÃO. AF_03/2023"},{"$f":"REFERENCIA.Unidade","v":"UN"},{"$f":"OFFSET(CÁLCULO!H$15,ROW($T190)-ROW(T$15),0)","v":10},29.72,"BDI 1",{"$f":"IF($C190=\"S\",ROUND(IF(TIPOORCAMENTO=\"Proposto\",ORÇAMENTO.CustoUnitario*(1+$AH190),ORÇAMENTO.PrecoUnitarioLicitado),15-13*$AF$10),0)","v":37.57},{"$f":"IF($C190=\"S\",IF(Import.TipoArredondamento<>\"TransfereGOV\",VTOTAL1,SUM(OFFSET(CÁLCULO!$AA$15,ROW($X190)-ROW($X$15),1):OFFSET(CÁLCULO!$AL$15,ROW($X190)-ROW($X$15),-1))),IF($C190=0,0,ROUND(SomaAgrup,15-13*$AF$11)))","v":375.7},"RA","RA",{"$f":"IF($C190=\"S\",IF($Z190=\"CP\",$X190,IF($Z190=\"RA\",(($X190)*QCI!$AA$3),0)),SomaAgrup)","v":375.7},0,{"$f":"IF($N190=\"\",\"\",IF(ORÇAMENTO.Descricao=\"\",\"DESCRIÇÃO\",IF(AND($C190=\"S\",ORÇAMENTO.Unidade=\"\"),\"UNIDADE\",IF($X190<0,\"VALOR NEGATIVO\",IF(OR(AND(TIPOORCAMENTO=\"Proposto\",$AG190<>\"\",$AG190>0,ORÇAMENTO.CustoUnitario>$AG190),AND(TIPOORCAMENTO=\"LICITADO\",ORÇAMENTO.PrecoUnitarioLicitado>$AN190)),\"ACIMA REF.\",\"\")))))","v":""},{"$f":"IF(C190<=CRONO.NivelExibicao,MAX($AD$15:OFFSET(AD190,-1,0))+IF($C190<>1,1,MAX(1,COUNTIF(QCI!$A$13:$A$24,OFFSET($E190,-1,0)))),\"\")","v":""},{"$f":"IF(AND($C190=\"S\",ORÇAMENTO.CodBarra<>\"\"),IF(ORÇAMENTO.Fonte=\"\",ORÇAMENTO.CodBarra,CONCATENATE(ORÇAMENTO.Fonte,\" \",ORÇAMENTO.CodBarra)))","v":"SINAPI 91985"},{"$f":"IF(ISERROR(INDIRECT(ORÇAMENTO.BancoRef)),\"(abra o arquivo 'Referência \"&Excel_BuiltIn_Database&\".xlsm)\",IF(OR($C190<>\"S\",ORÇAMENTO.CodBarra=\"\"),\"(Sem Código)\",IF(ISERROR(MATCH($AE190,INDIRECT(ORÇAMENTO.BancoRef),0)),\"(Código não identificado nas referências)\",MATCH($AE190,INDIRECT(ORÇAMENTO.BancoRef),0))))","v":3261},{"$f":"ROUND(IF(DESONERACAO=\"sim\",REFERENCIA.Desonerado,REFERENCIA.NaoDesonerado),2)","v":29.72},0.26400000000000001,null,null,null,null,375.7,37.57]
[2,2,2,11,{"$f":"IF($C191=1,OFFSET(E191,-1,0)+MAX(1,COUNTIF(QCI!$A$13:$A$24,OFFSET(ORÇAMENTO!E191,-1,0))),OFFSET(E191,-1,0))","v":1},15,0,0,0,105,{"$f":"IF(OR($C191=\"S\",$C191=0),0,MATCH(OFFSET($D191,0,$C191)+IF($C191<>1,1,COUNTIF(QCI!$A$13:$A$24,ORÇAMENTO!E191)),OFFSET($D191,1,$C191,ROW($C$296)-ROW($C191)),0))","v":11},"F","Nível 2","Nível 2","1.15.","SINAPI",null,"TELEFONE E INTERNET",{"$f":"REFERENCIA.Unidade","v":"-"},{"$f":"OFFSET(CÁLCULO!H$15,ROW($T191)-ROW(T$15),0)","v":0},null,"BDI 1",{"$f":"IF($C191=\"S\",ROUND(IF(TIPOORCAMENTO=\"Proposto\",ORÇAMENTO.CustoUnitario*(1+$AH191),ORÇAMENTO.PrecoUnitarioLicitado),15-13*$AF$10),0)","v":0},{"$f":"IF($C191=\"S\",IF(Import.TipoArredondamento<>\"TransfereGOV\",VTOTAL1,SUM(OFFSET(CÁLCULO!$AA$15,ROW($X191)-ROW($X$15),1):OFFSET(CÁLCULO!$AL$15,ROW($X191)-ROW($X$15),-1))),IF($C191=0,0,ROUND(SomaAgrup,15-13*$AF$11)))","v":5401.82},"RA","",{"$f":"IF($C191=\"S\",IF($Z191=\"CP\",$X191,IF($Z191=\"RA\",(($X191)*QCI!$AA$3),0)),SomaAgrup)","v":5401.82},0,{"$f":"IF($N191=\"\",\"\",IF(ORÇAMENTO.Descricao=\"\",\"DESCRIÇÃO\",IF(AND($C191=\"S\",ORÇAMENTO.Unidade=\"\"),\"UNIDADE\",IF($X191<0,\"VALOR NEGATIVO\",IF(OR(AND(TIPOORCAMENTO=\"Proposto\",$AG191<>\"\",$AG191>0,ORÇAMENTO.CustoUnitario>$AG191),AND(TIPOORCAMENTO=\"LICITADO\",ORÇAMENTO.PrecoUnitarioLicitado>$AN191)),\"ACIMA REF.\",\"\")))))","v":""},{"$f":"IF(C191<=CRONO.NivelExibicao,MAX($AD$15:OFFSET(AD191,-1,0))+IF($C191<>1,1,MAX(1,COUNTIF(QCI!$A$13:$A$24,OFFSET($E191,-1,0)))),\"\")","v":21},{"$f":"IF(AND($C191=\"S\",ORÇAMENTO.CodBarra<>\"\"),IF(ORÇAMENTO.Fonte=\"\",ORÇAMENTO.CodBarra,CONCATENATE(ORÇAMENTO.Fonte,\" \",ORÇAMENTO.CodBarra)))","v":false},{"$f":"IF(ISERROR(INDIRECT(ORÇAMENTO.BancoRef)),\"(abra o arquivo 'Referência \"&Excel_BuiltIn_Database&\".xlsm)\",IF(OR($C191<>\"S\",ORÇAMENTO.CodBarra=\"\"),\"(Sem Código)\",IF(ISERROR(MATCH($AE191,INDIRECT(ORÇAMENTO.BancoRef),0)),\"(Código não identificado nas referências)\",MATCH($AE191,INDIRECT(ORÇAMENTO.BancoRef),0))))","v":"(Sem Código)"},{"$f":"ROUND(IF(DESONERACAO=\"sim\",REFERENCIA.Desonerado,REFERENCIA.NaoDesonerado),2)","v":0},0.26400000000000001,null,null,null,null,5401.82,0]
["S",2,"S",0,{"$f":"IF($C192=1,OFFSET(E192,-1,0)+MAX(1,COUNTIF(QCI!$A$13:$A$24,OFFSET(ORÇAMENTO!E192,-1,0))),OFFSET(E192,-1,0))","v":1},15,0,0,1,0,{"$f":"IF(OR($C192=\"S\",$C192=0),0,MATCH(OFFSET($D192,0,$C192)+IF($C192<>1,1,COUNTIF(QCI!$A$13:$A$24,ORÇAMENTO!E192)),OFFSET($D192,1,$C192,ROW($C$296)-ROW($C192)),0))","v":0},"F","Serviço","Serviço","1.15.0.1.","SINAPI","97895",{"$f":"IF($C192=\"S\",REFERENCIA.Descricao,\"(digite a descrição aqui)\")","v":"CAIXA ENTERRADA HIDRÁULICA RETANGULAR, EM CONCRETO PRÉ-MOLDADO, DIMENSÕES INTERNAS: 0,3X0,3X0,3 M. AF_12/2020"},{"$f":"REFERENCIA.Unidade","v":"UN"},{"$f":"OFFSET(CÁLCULO!H$15,ROW($T192)-ROW(T$15),0)","v":2},183.89,"BDI 1",{"$f":"IF($C192=\"S\",ROUND(IF(TIPOORCAMENTO=\"Proposto\",ORÇAMENTO.CustoUnitario*(1+$AH192),ORÇAMENTO.PrecoUnitarioLicitado),15-13*$AF$10),0)","v":232.44},{"$f":"IF($C192=\"S\",IF(Import.TipoArredondamento<>\"TransfereGOV\",VTOTAL1,SUM(OFFSET(CÁLCULO!$AA$15,ROW($X192)-ROW($X$15),1):OFFSET(CÁLCULO!$AL$15,ROW($X192)-ROW($X$15),-1))),IF($C192=0,0,ROUND(SomaAgrup,15-13*$AF$11)))","v":464.88},"RA","RA",{"$f":"IF($C192=\"S\",IF($Z192=\"CP\",$X192,IF($Z192=\"RA\",(($X192)*QCI!$AA$3),0)),SomaAgrup)","v":464.88},0,{"$f":"IF($N192=\"\",\"\",IF(ORÇAMENTO.Descricao=\"\",\"DESCRIÇÃO\",IF(AND($C192=\"S\",ORÇAMENTO.Unidade=\"\"),\"UNIDADE\",IF($X192<0,\"VALOR NEGATIVO\",IF(OR(AND(TIPOORCAMENTO=\"Proposto\",$AG192<>\"\",$AG192>0,ORÇAMENTO.CustoUnitario>$AG192),AND(TIPOORCAMENTO=\"LICITADO\",ORÇAMENTO.PrecoUnitarioLicitado>$AN192)),\"ACIMA REF.\",\"\")))))","v":""},{"$f":"IF(C192<=CRONO.NivelExibicao,MAX($AD$15:OFFSET(AD192,-1,0))+IF($C192<>1,1,MAX(1,COUNTIF(QCI!$A$13:$A$24,OFFSET($E192,-1,0)))),\"\")","v":""},{"$f":"IF(AND($C192=\"S\",ORÇAMENTO.CodBarra<>\"\"),IF(ORÇAMENTO.Fonte=\"\",ORÇAMENTO.CodBarra,CONCATENATE(ORÇAMENTO.Fonte,\" \",ORÇAMENTO.CodBarra)))","v":"SINAPI 97895"},{"$f":"IF(ISERROR(INDIRECT(ORÇAMENTO.BancoRef)),\"(abra o arquivo 'Referência \"&Excel_BuiltIn_Database&\".xlsm)\",IF(OR($C192<>\"S\",ORÇAMENTO.CodBarra=\"\"),\"(Sem Código)\",IF(ISERROR(MATCH($AE192,INDIRECT(ORÇAMENTO.BancoRef),0)),\"(Código não identificado nas referências)\",MATCH($AE192,INDIRECT(ORÇAMENTO.BancoRef),0))))","v":5224},{"$f":"ROUND(IF(DESONERACAO=\"sim\",REFERENCIA.Desonerado,REFERENCIA.NaoDesonerado),2)","v":183.89},0.26400000000000001,null,null,null,null,464.88,232.44]
["S",2,"S",0,{"$f":"IF($C193=1,OFFSET(E193,-1,0)+MAX(1,COUNTIF(QCI!$A$13:$A$24,OFFSET(ORÇAMENTO!E193,-1,0))),OFFSET(E193,-1,0))","v":1},15,0,0,2,0,{"$f":"IF(OR($C193=\"S\",$C193=0),0,MATCH(OFFSET($D193,0,$C193)+IF($C193<>1,1,COUNTIF(QCI!$A$13:$A$24,ORÇAMENTO!E193)),OFFSET($D193,1,$C193,ROW($C$296)-ROW($C193)),0))","v":0},"F","Serviço","Serviço","1.15.0.2.","COMPOSIÇÃO","34",{"$f":"IF($C193=\"S\",REFERENCIA.Descricao,\"(digite a descrição aqui)\")","v":"ELETRODUTO FLEXÍVEL CORRUGADO, PEAD, DN 40, PARA REDE ENTERRADA DE DISTRIBUIÇÃO DE ENERGIA ELÉTRICA - FORNECIMENTO E INSTALAÇÃO. AF_12/2021"},{"$f":"REFERENCIA.Unidade","v":"M"},{"$f":"OFFSET(CÁLCULO!H$15,ROW($T193)-ROW(T$15),0)","v":53.17},8.4499999999999993,"BDI 1",{"$f":"IF($C193=\"S\",ROUND(IF(TIPOORCAMENTO=\"Proposto\",ORÇAMENTO.CustoUnitario*(1+$AH193),ORÇAMENTO.PrecoUnitarioLicitado),15-13*$AF$10),0)","v":10.68},{"$f":"IF($C193=\"S\",IF(Import.TipoArredondamento<>\"TransfereGOV\",VTOTAL1,SUM(OFFSET(CÁLCULO!$AA$15,ROW($X193)-ROW($X$15),1):OFFSET(CÁLCULO!$AL$15,ROW($X193)-ROW($X$15),-1))),IF($C193=0,0,ROUND(SomaAgrup,15-13*$AF$11)))","v":567.86},"RA","RA",{"$f":"IF($C193=\"S\",IF($Z193=\"CP\",$X193,IF($Z193=\"RA\",(($X193)*QCI!$AA$3),0)),SomaAgrup)","v":567.86},0,{"$f":"IF($N193=\"\",\"\",IF(ORÇAMENTO.Descricao=\"\",\"DESCRIÇÃO\",IF(AND($C193=\"S\",ORÇAMENTO.Unidade=\"\"),\"UNIDADE\",IF($X193<0,\"VALOR NEGATIVO\",IF(OR(AND(TIPOORCAMENTO=\"Proposto\",$AG193<>\"\",$AG193>0,ORÇAMENTO.CustoUnitario>$AG193),AND(TIPOORCAMENTO=\"LICITADO\",ORÇAMENTO.PrecoUnitarioLicitado>$AN193)),\"ACIMA REF.\",\"\")))))","v":""},{"$f":"IF(C193<=CRONO.NivelExibicao,MAX($AD$15:OFFSET(AD193,-1,0))+IF($C193<>1,1,MAX(1,COUNTIF(QCI!$A$13:$A$24,OFFSET($E193,-1,0)))),\"\")","v":""},{"$f":"IF(AND($C193=\"S\",ORÇAMENTO.CodBarra<>\"\"),IF(ORÇAMENTO.Fonte=\"\",ORÇAMENTO.CodBarra,CONCATENATE(ORÇAMENTO.Fonte,\" \",ORÇAMENTO.CodBarra)))","v":"COMPOSIÇÃO 34"},{"$f":"IF(ISERROR(INDIRECT(ORÇAMENTO.BancoRef)),\"(abra o arquivo 'Referência \"&Excel_BuiltIn_Database&\".xlsm)\",IF(OR($C193<>\"S\",ORÇAMENTO.CodBarra=\"\"),\"(Sem Código)\",IF(ISERROR(MATCH($AE193,INDIRECT(ORÇAMENTO.BancoRef),0)),\"(Código não identificado nas referências)\",MATCH($AE193,INDIRECT(ORÇAMENTO.BancoRef),0))))","v":36},{"$f":"ROUND(IF(DESONERACAO=\"sim\",REFERENCIA.Desonerado,REFERENCIA.NaoDesonerado),2)","v":8.4499999999999993},0.26400000000000001,null,null,null,null,567.86,10.68]
["S",2,"S",0,{"$f":"IF($C194=1,OFFSET(E194,-1,0)+MAX(1,COUNTIF(QCI!$A$13:$A$24,OFFSET(ORÇAMENTO!E194,-1,0))),OFFSET(E194,-1,0))","v":1},15,0,0,3,0,{"$f":"IF(OR($C194=\"S\",$C194=0),0,MATCH(OFFSET($D194,0,$C194)+IF($C194<>1,1,COUNTIF(QCI!$A$13:$A$24,ORÇAMENTO!E194)),OFFSET($D194,1,$C194,ROW($C$296)-ROW($C194)),0))","v":0},"F","Serviço","Serviço","1.15.0.3.","COMPOSIÇÃO","18",{"$f":"IF($C194=\"S\",REFERENCIA.Descricao,\"(digite a descrição aqui)\")","v":"ESCAVAÇÃO MANUAL DE VALA 20X70CM, ENVELOPAMENTO COM CONCRETO MAGRO  20X15CM + REATERRO DE VALA COM COMPACATAÇÃO "},{"$f":"REFERENCIA.Unidade","v":"M"},{"$f":"OFFSET(CÁLCULO!H$15,ROW($T194)-ROW(T$15),0)","v":48.41},28.28,"BDI 1",{"$f":"IF($C194=\"S\",ROUND(IF(TIPOORCAMENTO=\"Proposto\",ORÇAMENTO.CustoUnitario*(1+$AH194),ORÇAMENTO.PrecoUnitarioLicitado),15-13*$AF$10),0)","v":35.75},{"$f":"IF($C194=\"S\",IF(Import.TipoArredondamento<>\"TransfereGOV\",VTOTAL1,SUM(OFFSET(CÁLCULO!$AA$15,ROW($X194)-ROW($X$15),1):OFFSET(CÁLCULO!$AL$15,ROW($X194)-ROW($X$15),-1))),IF($C194=0,0,ROUND(SomaAgrup,15-13*$AF$11)))","v":1730.66},"RA","RA",{"$f":"IF($C194=\"S\",IF($Z194=\"CP\",$X194,IF($Z194=\"RA\",(($X194)*QCI!$AA$3),0)),SomaAgrup)","v":1730.66},0,{"$f":"IF($N194=\"\",\"\",IF(ORÇAMENTO.Descricao=\"\",\"DESCRIÇÃO\",IF(AND($C194=\"S\",ORÇAMENTO.Unidade=\"\"),\"UNIDADE\",IF($X194<0,\"VALOR NEGATIVO\",IF(OR(AND(TIPOORCAMENTO=\"Proposto\",$AG194<>\"\",$AG194>0,ORÇAMENTO.CustoUnitario>$AG194),AND(TIPOORCAMENTO=\"LICITADO\",ORÇAMENTO.PrecoUnitarioLicitado>$AN194)),\"ACIMA REF.\",\"\")))))","v":""},{"$f":"IF(C194<=CRONO.NivelExibicao,MAX($AD$15:OFFSET(AD194,-1,0))+IF($C194<>1,1,MAX(1,COUNTIF(QCI!$A$13:$A$24,OFFSET($E194,-1,0)))),\"\")","v":""},{"$f":"IF(AND($C194=\"S\",ORÇAMENTO.CodBarra<>\"\"),IF(ORÇAMENTO.Fonte=\"\",ORÇAMENTO.CodBarra,CONCATENATE(ORÇAMENTO.Fonte,\" \",ORÇAMENTO.CodBarra)))","v":"COMPOSIÇÃO 18"},{"$f":"IF(ISERROR(INDIRECT(ORÇAMENTO.BancoRef)),\"(abra o arquivo 'Referência \"&Excel_BuiltIn_Database&\".xlsm)\",IF(OR($C194<>\"S\",ORÇAMENTO.CodBarra=\"\"),\"(Sem Código)\",IF(ISERROR(MATCH($AE194,INDIRECT(ORÇAMENTO.BancoRef),0)),\"(Código não identificado nas referências)\",MATCH($AE194,INDIRECT(ORÇAMENTO.BancoRef),0))))","v":20},{"$f":"ROUND(IF(DESONERACAO=\"sim\",REFERENCIA.Desonerado,REFERENCIA.NaoDesonerado),2)","v":28.28},0.26400000000000001,null,null,null,null,1730.66,35.75]
["S",2,"S",0,{"$f":"IF($C195=1,OFFSET(E195,-1,0)+MAX(1,COUNTIF(QCI!$A$13:$A$24,OFFSET(ORÇAMENTO!E195,-1,0))),OFFSET(E195,-1,0))","v":1},15,0,0,4,0,{"$f":"IF(OR($C195=\"S\",$C195=0),0,MATCH(OFFSET($D195,0,$C195)+IF($C195<>1,1,COUNTIF(QCI!$A$13:$A$24,ORÇAMENTO!E195)),OFFSET($D195,1,$C195,ROW($C$296)-ROW($C195)),0))","v":0},"F","Serviço","Serviço","1.15.0.4.","SINAPI","91849",{"$f":"IF($C195=\"S\",REFERENCIA.Descricao,\"(digite a descrição aqui)\")","v":"ELETRODUTO FLEXÍVEL LISO, PEAD, DN 32 MM (1\"), PARA CIRCUITOS TERMINAIS, INSTALADO EM LAJE - FORNECIMENTO E INSTALAÇÃO. AF_03/2023"},{"$f":"REFERENCIA.Unidade","v":"M"},{"$f":"OFFSET(CÁLCULO!H$15,ROW($T195)-ROW(T$15),0)","v":21.2},8.4499999999999993,"BDI 1",{"$f":"IF($C195=\"S\",ROUND(IF(TIPOORCAMENTO=\"Proposto\",ORÇAMENTO.CustoUnitario*(1+$AH195),ORÇAMENTO.PrecoUnitarioLicitado),15-13*$AF$10),0)","v":10.68},{"$f":"IF($C195=\"S\",IF(Import.TipoArredondamento<>\"TransfereGOV\",VTOTAL1,SUM(OFFSET(CÁLCULO!$AA$15,ROW($X195)-ROW($X$15),1):OFFSET(CÁLCULO!$AL$15,ROW($X195)-ROW($X$15),-1))),IF($C195=0,0,ROUND(SomaAgrup,15-13*$AF$11)))","v":226.42},"RA","RA",{"$f":"IF($C195=\"S\",IF($Z195=\"CP\",$X195,IF($Z195=\"RA\",(($X195)*QCI!$AA$3),0)),SomaAgrup)","v":226.42},0,{"$f":"IF($N195=\"\",\"\",IF(ORÇAMENTO.Descricao=\"\",\"DESCRIÇÃO\",IF(AND($C195=\"S\",ORÇAMENTO.Unidade=\"\"),\"UNIDADE\",IF($X195<0,\"VALOR NEGATIVO\",IF(OR(AND(TIPOORCAMENTO=\"Proposto\",$AG195<>\"\",$AG195>0,ORÇAMENTO.CustoUnitario>$AG195),AND(TIPOORCAMENTO=\"LICITADO\",ORÇAMENTO.PrecoUnitarioLicitado>$AN195)),\"ACIMA REF.\",\"\")))))","v":""},{"$f":"IF(C195<=CRONO.NivelExibicao,MAX($AD$15:OFFSET(AD195,-1,0))+IF($C195<>1,1,MAX(1,COUNTIF(QCI!$A$13:$A$24,OFFSET($E195,-1,0)))),\"\")","v":""},{"$f":"IF(AND($C195=\"S\",ORÇAMENTO.CodBarra<>\"\"),IF(ORÇAMENTO.Fonte=\"\",ORÇAMENTO.CodBarra,CONCATENATE(ORÇAMENTO.Fonte,\" \",ORÇAMENTO.CodBarra)))","v":"SINAPI 91849"},{"$f":"IF(ISERROR(INDIRECT(ORÇAMENTO.BancoRef)),\"(abra o arquivo 'Referência \"&Excel_BuiltIn_Database&\".xlsm)\",IF(OR($C195<>\"S\",ORÇAMENTO.CodBarra=\"\"),\"(Sem Código)\",IF(ISERROR(MATCH($AE195,INDIRECT(ORÇAMENTO.BancoRef),0)),\"(Código não identificado nas referências)\",MATCH($AE195,INDIRECT(ORÇAMENTO.BancoRef),0))))","v":2982},{"$f":"ROUND(IF(DESONERACAO=\"sim\",REFERENCIA.Desonerado,REFERENCIA.NaoDesonerado),2)","v":8.4499999999999993},0.26400000000000001,null,null,null,null,226.42,10.68]
["S",2,"S",0,{"$f":"IF($C196=1,OFFSET(E196,-1,0)+MAX(1,COUNTIF(QCI!$A$13:$A$24,OFFSET(ORÇAMENTO!E196,-1,0))),OFFSET(E196,-1,0))","v":1},15,0,0,5,0,{"$f":"IF(OR($C196=\"S\",$C196=0),0,MATCH(OFFSET($D196,0,$C196)+IF($C196<>1,1,COUNTIF(QCI!$A$13:$A$24,ORÇAMENTO!E196)),OFFSET($D196,1,$C196,ROW($C$296)-ROW($C196)),0))","v":0},"F","Serviço","Serviço","1.15.0.5.","SINAPI","91856",{"$f":"IF($C196=\"S\",REFERENCIA.Descricao,\"(digite a descrição aqui)\")","v":"ELETRODUTO FLEXÍVEL CORRUGADO, PVC, DN 32 MM (1\"), PARA CIRCUITOS TERMINAIS, INSTALADO EM PAREDE - FORNECIMENTO E INSTALAÇÃO. AF_03/2023"},{"$f":"REFERENCIA.Unidade","v":"M"},{"$f":"OFFSET(CÁLCULO!H$15,ROW($T196)-ROW(T$15),0)","v":6},12.94,"BDI 1",{"$f":"IF($C196=\"S\",ROUND(IF(TIPOORCAMENTO=\"Proposto\",ORÇAMENTO.CustoUnitario*(1+$AH196),ORÇAMENTO.PrecoUnitarioLicitado),15-13*$AF$10),0)","v":16.36},{"$f":"IF($C196=\"S\",IF(Import.TipoArredondamento<>\"TransfereGOV\",VTOTAL1,SUM(OFFSET(CÁLCULO!$AA$15,ROW($X196)-ROW($X$15),1):OFFSET(CÁLCULO!$AL$15,ROW($X196)-ROW($X$15),-1))),IF($C196=0,0,ROUND(SomaAgrup,15-13*$AF$11)))","v":98.16},"RA","RA",{"$f":"IF($C196=\"S\",IF($Z196=\"CP\",$X196,IF($Z196=\"RA\",(($X196)*QCI!$AA$3),0)),SomaAgrup)","v":98.16},0,{"$f":"IF($N196=\"\",\"\",IF(ORÇAMENTO.Descricao=\"\",\"DESCRIÇÃO\",IF(AND($C196=\"S\",ORÇAMENTO.Unidade=\"\"),\"UNIDADE\",IF($X196<0,\"VALOR NEGATIVO\",IF(OR(AND(TIPOORCAMENTO=\"Proposto\",$AG196<>\"\",$AG196>0,ORÇAMENTO.CustoUnitario>$AG196),AND(TIPOORCAMENTO=\"LICITADO\",ORÇAMENTO.PrecoUnitarioLicitado>$AN196)),\"ACIMA REF.\",\"\")))))","v":""},{"$f":"IF(C196<=CRONO.NivelExibicao,MAX($AD$15:OFFSET(AD196,-1,0))+IF($C196<>1,1,MAX(1,COUNTIF(QCI!$A$13:$A$24,OFFSET($E196,-1,0)))),\"\")","v":""},{"$f":"IF(AND($C196=\"S\",ORÇAMENTO.CodBarra<>\"\"),IF(ORÇAMENTO.Fonte=\"\",ORÇAMENTO.CodBarra,CONCATENATE(ORÇAMENTO.Fonte,\" \",ORÇAMENTO.CodBarra)))","v":"SINAPI 91856"},{"$f":"IF(ISERROR(INDIRECT(ORÇAMENTO.BancoRef)),\"(abra o arquivo 'Referência \"&Excel_BuiltIn_Database&\".xlsm)\",IF(OR($C196<>\"S\",ORÇAMENTO.CodBarra=\"\"),\"(Sem Código)\",IF(ISERROR(MATCH($AE196,INDIRECT(ORÇAMENTO.BancoRef),0)),\"(Código não identificado nas referências)\",MATCH($AE196,INDIRECT(ORÇAMENTO.BancoRef),0))))","v":2989},{"$f":"ROUND(IF(DESONERACAO=\"sim\",REFERENCIA.Desonerado,REFERENCIA.NaoDesonerado),2)","v":12.94},0.26400000000000001,null,null,null,null,98.16,16.36]
["S",2,"S",0,{"$f":"IF($C197=1,OFFSET(E197,-1,0)+MAX(1,COUNTIF(QCI!$A$13:$A$24,OFFSET(ORÇAMENTO!E197,-1,0))),OFFSET(E197,-1,0))","v":1},15,0,0,6,0,{"$f":"IF(OR($C197=\"S\",$C197=0),0,MATCH(OFFSET($D197,0,$C197)+IF($C197<>1,1,COUNTIF(QCI!$A$13:$A$24,ORÇAMENTO!E197)),OFFSET($D197,1,$C197,ROW($C$296)-ROW($C197)),0))","v":0},"F","Serviço","Serviço","1.15.0.6.","Composição","40",{"$f":"IF($C197=\"S\",REFERENCIA.Descricao,\"(digite a descrição aqui)\")","v":"CAIXA DE PASSAGEM PARA TELEFONE E INTERNET DE PAREDE PADRÃO TELEBRAS, N3, DE EMBUTIR, EM CHAPA DE AÇO GALVANIZADA E PINTURA ELETROSTÁTICA, COM PORTA E DOBRADIÇA E TRINCO/FECHO, DIMENSÕES 400X400X120MM - FORNECIMENTO E INSTALAÇÃO"},{"$f":"REFERENCIA.Unidade","v":"UNIDADE"},{"$f":"OFFSET(CÁLCULO!H$15,ROW($T197)-ROW(T$15),0)","v":2},160.08000000000001,"BDI 1",{"$f":"IF($C197=\"S\",ROUND(IF(TIPOORCAMENTO=\"Proposto\",ORÇAMENTO.CustoUnitario*(1+$AH197),ORÇAMENTO.PrecoUnitarioLicitado),15-13*$AF$10),0)","v":202.34},{"$f":"IF($C197=\"S\",IF(Import.TipoArredondamento<>\"TransfereGOV\",VTOTAL1,SUM(OFFSET(CÁLCULO!$AA$15,ROW($X197)-ROW($X$15),1):OFFSET(CÁLCULO!$AL$15,ROW($X197)-ROW($X$15),-1))),IF($C197=0,0,ROUND(SomaAgrup,15-13*$AF$11)))","v":404.68},"RA","RA",{"$f":"IF($C197=\"S\",IF($Z197=\"CP\",$X197,IF($Z197=\"RA\",(($X197)*QCI!$AA$3),0)),SomaAgrup)","v":404.68},0,{"$f":"IF($N197=\"\",\"\",IF(ORÇAMENTO.Descricao=\"\",\"DESCRIÇÃO\",IF(AND($C197=\"S\",ORÇAMENTO.Unidade=\"\"),\"UNIDADE\",IF($X197<0,\"VALOR NEGATIVO\",IF(OR(AND(TIPOORCAMENTO=\"Proposto\",$AG197<>\"\",$AG197>0,ORÇAMENTO.CustoUnitario>$AG197),AND(TIPOORCAMENTO=\"LICITADO\",ORÇAMENTO.PrecoUnitarioLicitado>$AN197)),\"ACIMA REF.\",\"\")))))","v":""},{"$f":"IF(C197<=CRONO.NivelExibicao,MAX($AD$15:OFFSET(AD197,-1,0))+IF($C197<>1,1,MAX(1,COUNTIF(QCI!$A$13:$A$24,OFFSET($E197,-1,0)))),\"\")","v":""},{"$f":"IF(AND($C197=\"S\",ORÇAMENTO.CodBarra<>\"\"),IF(ORÇAMENTO.Fonte=\"\",ORÇAMENTO.CodBarra,CONCATENATE(ORÇAMENTO.Fonte,\" \",ORÇAMENTO.CodBarra)))","v":"Composição 40"},{"$f":"IF(ISERROR(INDIRECT(ORÇAMENTO.BancoRef)),\"(abra o arquivo 'Referência \"&Excel_BuiltIn_Database&\".xlsm)\",IF(OR($C197<>\"S\",ORÇAMENTO.CodBarra=\"\"),\"(Sem Código)\",IF(ISERROR(MATCH($AE197,INDIRECT(ORÇAMENTO.BancoRef),0)),\"(Código não identificado nas referências)\",MATCH($AE197,INDIRECT(ORÇAMENTO.BancoRef),0))))","v":42},{"$f":"ROUND(IF(DESONERACAO=\"sim\",REFERENCIA.Desonerado,REFERENCIA.NaoDesonerado),2)","v":160.08000000000001},0.26400000000000001,null,null,null,null,404.68,202.34]
["S",2,"S",0,{"$f":"IF($C198=1,OFFSET(E198,-1,0)+MAX(1,COUNTIF(QCI!$A$13:$A$24,OFFSET(ORÇAMENTO!E198,-1,0))),OFFSET(E198,-1,0))","v":1},15,0,0,7,0,{"$f":"IF(OR($C198=\"S\",$C198=0),0,MATCH(OFFSET($D198,0,$C198)+IF($C198<>1,1,COUNTIF(QCI!$A$13:$A$24,ORÇAMENTO!E198)),OFFSET($D198,1,$C198,ROW($C$296)-ROW($C198)),0))","v":0},"F","Serviço","Serviço","1.15.0.7.","SINAPI","98400",{"$f":"IF($C198=\"S\",REFERENCIA.Descricao,\"(digite a descrição aqui)\")","v":"CABO TELEFÔNICO CTP-APL-50 10 PARES INSTALADO EM ENTRADA DE EDIFICAÇÃO - FORNECIMENTO E INSTALAÇÃO. AF_11/2019"},{"$f":"REFERENCIA.Unidade","v":"M"},{"$f":"OFFSET(CÁLCULO!H$15,ROW($T198)-ROW(T$15),0)","v":53.17},13.95,"BDI 1",{"$f":"IF($C198=\"S\",ROUND(IF(TIPOORCAMENTO=\"Proposto\",ORÇAMENTO.CustoUnitario*(1+$AH198),ORÇAMENTO.PrecoUnitarioLicitado),15-13*$AF$10),0)","v":17.63},{"$f":"IF($C198=\"S\",IF(Import.TipoArredondamento<>\"TransfereGOV\",VTOTAL1,SUM(OFFSET(CÁLCULO!$AA$15,ROW($X198)-ROW($X$15),1):OFFSET(CÁLCULO!$AL$15,ROW($X198)-ROW($X$15),-1))),IF($C198=0,0,ROUND(SomaAgrup,15-13*$AF$11)))","v":937.39},"RA","RA",{"$f":"IF($C198=\"S\",IF($Z198=\"CP\",$X198,IF($Z198=\"RA\",(($X198)*QCI!$AA$3),0)),SomaAgrup)","v":937.39},0,{"$f":"IF($N198=\"\",\"\",IF(ORÇAMENTO.Descricao=\"\",\"DESCRIÇÃO\",IF(AND($C198=\"S\",ORÇAMENTO.Unidade=\"\"),\"UNIDADE\",IF($X198<0,\"VALOR NEGATIVO\",IF(OR(AND(TIPOORCAMENTO=\"Proposto\",$AG198<>\"\",$AG198>0,ORÇAMENTO.CustoUnitario>$AG198),AND(TIPOORCAMENTO=\"LICITADO\",ORÇAMENTO.PrecoUnitarioLicitado>$AN198)),\"ACIMA REF.\",\"\")))))","v":""},{"$f":"IF(C198<=CRONO.NivelExibicao,MAX($AD$15:OFFSET(AD198,-1,0))+IF($C198<>1,1,MAX(1,COUNTIF(QCI!$A$13:$A$24,OFFSET($E198,-1,0)))),\"\")","v":""},{"$f":"IF(AND($C198=\"S\",ORÇAMENTO.CodBarra<>\"\"),IF(ORÇAMENTO.Fonte=\"\",ORÇAMENTO.CodBarra,CONCATENATE(ORÇAMENTO.Fonte,\" \",ORÇAMENTO.CodBarra)))","v":"SINAPI 98400"},{"$f":"IF(ISERROR(INDIRECT(ORÇAMENTO.BancoRef)),\"(abra o arquivo 'Referência \"&Excel_BuiltIn_Database&\".xlsm)\",IF(OR($C198<>\"S\",ORÇAMENTO.CodBarra=\"\"),\"(Sem Código)\",IF(ISERROR(MATCH($AE198,INDIRECT(ORÇAMENTO.BancoRef),0)),\"(Código não identificado nas referências)\",MATCH($AE198,INDIRECT(ORÇAMENTO.BancoRef),0))))","v":3562},{"$f":"ROUND(IF(DESONERACAO=\"sim\",REFERENCIA.Desonerado,REFERENCIA.NaoDesonerado),2)","v":13.95},0.26400000000000001,null,null,null,null,937.39,17.63]
["S",2,"S",0,{"$f":"IF($C199=1,OFFSET(E199,-1,0)+MAX(1,COUNTIF(QCI!$A$13:$A$24,OFFSET(ORÇAMENTO!E199,-1,0))),OFFSET(E199,-1,0))","v":1},15,0,0,8,0,{"$f":"IF(OR($C199=\"S\",$C199=0),0,MATCH(OFFSET($D199,0,$C199)+IF($C199<>1,1,COUNTIF(QCI!$A$13:$A$24,ORÇAMENTO!E199)),OFFSET($D199,1,$C199,ROW($C$296)-ROW($C199)),0))","v":0},"F","Serviço","Serviço","1.15.0.8.","SINAPI","98267",{"$f":"IF($C199=\"S\",REFERENCIA.Descricao,\"(digite a descrição aqui)\")","v":"CABO TELEFÔNICO CI-50 10 PARES INSTALADO EM ENTRADA DE EDIFICAÇÃO - FORNECIMENTO E INSTALAÇÃO. AF_11/2019"},{"$f":"REFERENCIA.Unidade","v":"M"},{"$f":"OFFSET(CÁLCULO!H$15,ROW($T199)-ROW(T$15),0)","v":29.2},11.4,"BDI 1",{"$f":"IF($C199=\"S\",ROUND(IF(TIPOORCAMENTO=\"Proposto\",ORÇAMENTO.CustoUnitario*(1+$AH199),ORÇAMENTO.PrecoUnitarioLicitado),15-13*$AF$10),0)","v":14.41},{"$f":"IF($C199=\"S\",IF(Import.TipoArredondamento<>\"TransfereGOV\",VTOTAL1,SUM(OFFSET(CÁLCULO!$AA$15,ROW($X199)-ROW($X$15),1):OFFSET(CÁLCULO!$AL$15,ROW($X199)-ROW($X$15),-1))),IF($C199=0,0,ROUND(SomaAgrup,15-13*$AF$11)))","v":420.77},"RA","RA",{"$f":"IF($C199=\"S\",IF($Z199=\"CP\",$X199,IF($Z199=\"RA\",(($X199)*QCI!$AA$3),0)),SomaAgrup)","v":420.77},0,{"$f":"IF($N199=\"\",\"\",IF(ORÇAMENTO.Descricao=\"\",\"DESCRIÇÃO\",IF(AND($C199=\"S\",ORÇAMENTO.Unidade=\"\"),\"UNIDADE\",IF($X199<0,\"VALOR NEGATIVO\",IF(OR(AND(TIPOORCAMENTO=\"Proposto\",$AG199<>\"\",$AG199>0,ORÇAMENTO.CustoUnitario>$AG199),AND(TIPOORCAMENTO=\"LICITADO\",ORÇAMENTO.PrecoUnitarioLicitado>$AN199)),\"ACIMA REF.\",\"\")))))","v":""},{"$f":"IF(C199<=CRONO.NivelExibicao,MAX($AD$15:OFFSET(AD199,-1,0))+IF($C199<>1,1,MAX(1,COUNTIF(QCI!$A$13:$A$24,OFFSET($E199,-1,0)))),\"\")","v":""},{"$f":"IF(AND($C199=\"S\",ORÇAMENTO.CodBarra<>\"\"),IF(ORÇAMENTO.Fonte=\"\",ORÇAMENTO.CodBarra,CONCATENATE(ORÇAMENTO.Fonte,\" \",ORÇAMENTO.CodBarra)))","v":"SINAPI 98267"},{"$f":"IF(ISERROR(INDIRECT(ORÇAMENTO.BancoRef)),\"(abra o arquivo 'Referência \"&Excel_BuiltIn_Database&\".xlsm)\",IF(OR($C199<>\"S\",ORÇAMENTO.CodBarra=\"\"),\"(Sem Código)\",IF(ISERROR(MATCH($AE199,INDIRECT(ORÇAMENTO.BancoRef),0)),\"(Código não identificado nas referências)\",MATCH($AE199,INDIRECT(ORÇAMENTO.BancoRef),0))))","v":3535},{"$f":"ROUND(IF(DESONERACAO=\"sim\",REFERENCIA.Desonerado,REFERENCIA.NaoDesonerado),2)","v":11.4},0.26400000000000001,null,null,null,null,420.77,14.41]
["S",2,"S",0,{"$f":"IF($C200=1,OFFSET(E200,-1,0)+MAX(1,COUNTIF(QCI!$A$13:$A$24,OFFSET(ORÇAMENTO!E200,-1,0))),OFFSET(E200,-1,0))","v":1},15,0,0,9,0,{"$f":"IF(OR($C200=\"S\",$C200=0),0,MATCH(OFFSET($D200,0,$C200)+IF($C200<>1,1,COUNTIF(QCI!$A$13:$A$24,ORÇAMENTO!E200)),OFFSET($D200,1,$C200,ROW($C$296)-ROW($C200)),0))","v":0},"F","Serviço","Serviço","1.15.0.9.","SINAPI","98308",{"$f":"IF($C200=\"S\",REFERENCIA.Descricao,\"(digite a descrição aqui)\")","v":"TOMADA PARA TELEFONE RJ11 - FORNECIMENTO E INSTALAÇÃO. AF_11/2019"},{"$f":"REFERENCIA.Unidade","v":"UN"},{"$f":"OFFSET(CÁLCULO!H$15,ROW($T200)-ROW(T$15),0)","v":5},34.31,"BDI 1",{"$f":"IF($C200=\"S\",ROUND(IF(TIPOORCAMENTO=\"Proposto\",ORÇAMENTO.CustoUnitario*(1+$AH200),ORÇAMENTO.PrecoUnitarioLicitado),15-13*$AF$10),0)","v":43.37},{"$f":"IF($C200=\"S\",IF(Import.TipoArredondamento<>\"TransfereGOV\",VTOTAL1,SUM(OFFSET(CÁLCULO!$AA$15,ROW($X200)-ROW($X$15),1):OFFSET(CÁLCULO!$AL$15,ROW($X200)-ROW($X$15),-1))),IF($C200=0,0,ROUND(SomaAgrup,15-13*$AF$11)))","v":216.85},"RA","RA",{"$f":"IF($C200=\"S\",IF($Z200=\"CP\",$X200,IF($Z200=\"RA\",(($X200)*QCI!$AA$3),0)),SomaAgrup)","v":216.85},0,{"$f":"IF($N200=\"\",\"\",IF(ORÇAMENTO.Descricao=\"\",\"DESCRIÇÃO\",IF(AND($C200=\"S\",ORÇAMENTO.Unidade=\"\"),\"UNIDADE\",IF($X200<0,\"VALOR NEGATIVO\",IF(OR(AND(TIPOORCAMENTO=\"Proposto\",$AG200<>\"\",$AG200>0,ORÇAMENTO.CustoUnitario>$AG200),AND(TIPOORCAMENTO=\"LICITADO\",ORÇAMENTO.PrecoUnitarioLicitado>$AN200)),\"ACIMA REF.\",\"\")))))","v":""},{"$f":"IF(C200<=CRONO.NivelExibicao,MAX($AD$15:OFFSET(AD200,-1,0))+IF($C200<>1,1,MAX(1,COUNTIF(QCI!$A$13:$A$24,OFFSET($E200,-1,0)))),\"\")","v":""},{"$f":"IF(AND($C200=\"S\",ORÇAMENTO.CodBarra<>\"\"),IF(ORÇAMENTO.Fonte=\"\",ORÇAMENTO.CodBarra,CONCATENATE(ORÇAMENTO.Fonte,\" \",ORÇAMENTO.CodBarra)))","v":"SINAPI 98308"},{"$f":"IF(ISERROR(INDIRECT(ORÇAMENTO.BancoRef)),\"(abra o arquivo 'Referência \"&Excel_BuiltIn_Database&\".xlsm)\",IF(OR($C200<>\"S\",ORÇAMENTO.CodBarra=\"\"),\"(Sem Código)\",IF(ISERROR(MATCH($AE200,INDIRECT(ORÇAMENTO.BancoRef),0)),\"(Código não identificado nas referências)\",MATCH($AE200,INDIRECT(ORÇAMENTO.BancoRef),0))))","v":3630},{"$f":"ROUND(IF(DESONERACAO=\"sim\",REFERENCIA.Desonerado,REFERENCIA.NaoDesonerado),2)","v":34.31},0.26400000000000001,null,null,null,null,216.85,43.37]
["S",2,"S",0,{"$f":"IF($C201=1,OFFSET(E201,-1,0)+MAX(1,COUNTIF(QCI!$A$13:$A$24,OFFSET(ORÇAMENTO!E201,-1,0))),OFFSET(E201,-1,0))","v":1},15,0,0,10,0,{"$f":"IF(OR($C201=\"S\",$C201=0),0,MATCH(OFFSET($D201,0,$C201)+IF($C201<>1,1,COUNTIF(QCI!$A$13:$A$24,ORÇAMENTO!E201)),OFFSET($D201,1,$C201,ROW($C$296)-ROW($C201)),0))","v":0},"F","Serviço","Serviço","1.15.0.10.","SINAPI","98307",{"$f":"IF($C201=\"S\",REFERENCIA.Descricao,\"(digite a descrição aqui)\")","v":"TOMADA DE REDE RJ45 - FORNECIMENTO E INSTALAÇÃO. AF_11/2019"},{"$f":"REFERENCIA.Unidade","v":"UN"},{"$f":"OFFSET(CÁLCULO!H$15,ROW($T201)-ROW(T$15),0)","v":5},52.87,"BDI 1",{"$f":"IF($C201=\"S\",ROUND(IF(TIPOORCAMENTO=\"Proposto\",ORÇAMENTO.CustoUnitario*(1+$AH201),ORÇAMENTO.PrecoUnitarioLicitado),15-13*$AF$10),0)","v":66.83},{"$f":"IF($C201=\"S\",IF(Import.TipoArredondamento<>\"TransfereGOV\",VTOTAL1,SUM(OFFSET(CÁLCULO!$AA$15,ROW($X201)-ROW($X$15),1):OFFSET(CÁLCULO!$AL$15,ROW($X201)-ROW($X$15),-1))),IF($C201=0,0,ROUND(SomaAgrup,15-13*$AF$11)))","v":334.15},"RA","RA",{"$f":"IF($C201=\"S\",IF($Z201=\"CP\",$X201,IF($Z201=\"RA\",(($X201)*QCI!$AA$3),0)),SomaAgrup)","v":334.15},0,{"$f":"IF($N201=\"\",\"\",IF(ORÇAMENTO.Descricao=\"\",\"DESCRIÇÃO\",IF(AND($C201=\"S\",ORÇAMENTO.Unidade=\"\"),\"UNIDADE\",IF($X201<0,\"VALOR NEGATIVO\",IF(OR(AND(TIPOORCAMENTO=\"Proposto\",$AG201<>\"\",$AG201>0,ORÇAMENTO.CustoUnitario>$AG201),AND(TIPOORCAMENTO=\"LICITADO\",ORÇAMENTO.PrecoUnitarioLicitado>$AN201)),\"ACIMA REF.\",\"\")))))","v":""},{"$f":"IF(C201<=CRONO.NivelExibicao,MAX($AD$15:OFFSET(AD201,-1,0))+IF($C201<>1,1,MAX(1,COUNTIF(QCI!$A$13:$A$24,OFFSET($E201,-1,0)))),\"\")","v":""},{"$f":"IF(AND($C201=\"S\",ORÇAMENTO.CodBarra<>\"\"),IF(ORÇAMENTO.Fonte=\"\",ORÇAMENTO.CodBarra,CONCATENATE(ORÇAMENTO.Fonte,\" \",ORÇAMENTO.CodBarra)))","v":"SINAPI 98307"},{"$f":"IF(ISERROR(INDIRECT(ORÇAMENTO.BancoRef)),\"(abra o arquivo 'Referência \"&Excel_BuiltIn_Database&\".xlsm)\",IF(OR($C201<>\"S\",ORÇAMENTO.CodBarra=\"\"),\"(Sem Código)\",IF(ISERROR(MATCH($AE201,INDIRECT(ORÇAMENTO.BancoRef),0)),\"(Código não identificado nas referências)\",MATCH($AE201,INDIRECT(ORÇAMENTO.BancoRef),0))))","v":3629},{"$f":"ROUND(IF(DESONERACAO=\"sim\",REFERENCIA.Desonerado,REFERENCIA.NaoDesonerado),2)","v":52.87},0.26400000000000001,null,null,null,null,334.15,66.83]
[2,2,2,29,{"$f":"IF($C202=1,OFFSET(E202,-1,0)+MAX(1,COUNTIF(QCI!$A$13:$A$24,OFFSET(ORÇAMENTO!E202,-1,0))),OFFSET(E202,-1,0))","v":1},16,0,0,0,94,{"$f":"IF(OR($C202=\"S\",$C202=0),0,MATCH(OFFSET($D202,0,$C202)+IF($C202<>1,1,COUNTIF(QCI!$A$13:$A$24,ORÇAMENTO!E202)),OFFSET($D202,1,$C202,ROW($C$296)-ROW($C202)),0))","v":29},"F","Nível 2","Nível 2","1.16.","SINAPI",null,"LOUÇAS E METAIS",{"$f":"REFERENCIA.Unidade","v":"-"},{"$f":"OFFSET(CÁLCULO!H$15,ROW($T202)-ROW(T$15),0)","v":0},0,"BDI 1",{"$f":"IF($C202=\"S\",ROUND(IF(TIPOORCAMENTO=\"Proposto\",ORÇAMENTO.CustoUnitario*(1+$AH202),ORÇAMENTO.PrecoUnitarioLicitado),15-13*$AF$10),0)","v":0},{"$f":"IF($C202=\"S\",IF(Import.TipoArredondamento<>\"TransfereGOV\",VTOTAL1,SUM(OFFSET(CÁLCULO!$AA$15,ROW($X202)-ROW($X$15),1):OFFSET(CÁLCULO!$AL$15,ROW($X202)-ROW($X$15),-1))),IF($C202=0,0,ROUND(SomaAgrup,15-13*$AF$11)))","v":55110.49},"RA","",{"$f":"IF($C202=\"S\",IF($Z202=\"CP\",$X202,IF($Z202=\"RA\",(($X202)*QCI!$AA$3),0)),SomaAgrup)","v":55110.490000000005},0,{"$f":"IF($N202=\"\",\"\",IF(ORÇAMENTO.Descricao=\"\",\"DESCRIÇÃO\",IF(AND($C202=\"S\",ORÇAMENTO.Unidade=\"\"),\"UNIDADE\",IF($X202<0,\"VALOR NEGATIVO\",IF(OR(AND(TIPOORCAMENTO=\"Proposto\",$AG202<>\"\",$AG202>0,ORÇAMENTO.CustoUnitario>$AG202),AND(TIPOORCAMENTO=\"LICITADO\",ORÇAMENTO.PrecoUnitarioLicitado>$AN202)),\"ACIMA REF.\",\"\")))))","v":""},{"$f":"IF(C202<=CRONO.NivelExibicao,MAX($AD$15:OFFSET(AD202,-1,0))+IF($C202<>1,1,MAX(1,COUNTIF(QCI!$A$13:$A$24,OFFSET($E202,-1,0)))),\"\")","v":22},{"$f":"IF(AND($C202=\"S\",ORÇAMENTO.CodBarra<>\"\"),IF(ORÇAMENTO.Fonte=\"\",ORÇAMENTO.CodBarra,CONCATENATE(ORÇAMENTO.Fonte,\" \",ORÇAMENTO.CodBarra)))","v":false},{"$f":"IF(ISERROR(INDIRECT(ORÇAMENTO.BancoRef)),\"(abra o arquivo 'Referência \"&Excel_BuiltIn_Database&\".xlsm)\",IF(OR($C202<>\"S\",ORÇAMENTO.CodBarra=\"\"),\"(Sem Código)\",IF(ISERROR(MATCH($AE202,INDIRECT(ORÇAMENTO.BancoRef),0)),\"(Código não identificado nas referências)\",MATCH($AE202,INDIRECT(ORÇAMENTO.BancoRef),0))))","v":"(Sem Código)"},{"$f":"ROUND(IF(DESONERACAO=\"sim\",REFERENCIA.Desonerado,REFERENCIA.NaoDesonerado),2)","v":0},0.26400000000000001,null,null,null,null,55110.49,0]
[3,3,3,28,{"$f":"IF($C203=1,OFFSET(E203,-1,0)+MAX(1,COUNTIF(QCI!$A$13:$A$24,OFFSET(ORÇAMENTO!E203,-1,0))),OFFSET(E203,-1,0))","v":1},16,1,0,0,28,{"$f":"IF(OR($C203=\"S\",$C203=0),0,MATCH(OFFSET($D203,0,$C203)+IF($C203<>1,1,COUNTIF(QCI!$A$13:$A$24,ORÇAMENTO!E203)),OFFSET($D203,1,$C203,ROW($C$296)-ROW($C203)),0))","v":58},"F","Nível 3","Nível 3","1.16.1.","SINAPI",null,"BANHEIROS E OUTROS",{"$f":"REFERENCIA.Unidade","v":"-"},{"$f":"OFFSET(CÁLCULO!H$15,ROW($T203)-ROW(T$15),0)","v":0},0,"BDI 1",{"$f":"IF($C203=\"S\",ROUND(IF(TIPOORCAMENTO=\"Proposto\",ORÇAMENTO.CustoUnitario*(1+$AH203),ORÇAMENTO.PrecoUnitarioLicitado),15-13*$AF$10),0)","v":0},{"$f":"IF($C203=\"S\",IF(Import.TipoArredondamento<>\"TransfereGOV\",VTOTAL1,SUM(OFFSET(CÁLCULO!$AA$15,ROW($X203)-ROW($X$15),1):OFFSET(CÁLCULO!$AL$15,ROW($X203)-ROW($X$15),-1))),IF($C203=0,0,ROUND(SomaAgrup,15-13*$AF$11)))","v":55110.49},"RA","",{"$f":"IF($C203=\"S\",IF($Z203=\"CP\",$X203,IF($Z203=\"RA\",(($X203)*QCI!$AA$3),0)),SomaAgrup)","v":55110.490000000005},0,{"$f":"IF($N203=\"\",\"\",IF(ORÇAMENTO.Descricao=\"\",\"DESCRIÇÃO\",IF(AND($C203=\"S\",ORÇAMENTO.Unidade=\"\"),\"UNIDADE\",IF($X203<0,\"VALOR NEGATIVO\",IF(OR(AND(TIPOORCAMENTO=\"Proposto\",$AG203<>\"\",$AG203>0,ORÇAMENTO.CustoUnitario>$AG203),AND(TIPOORCAMENTO=\"LICITADO\",ORÇAMENTO.PrecoUnitarioLicitado>$AN203)),\"ACIMA REF.\",\"\")))))","v":""},{"$f":"IF(C203<=CRONO.NivelExibicao,MAX($AD$15:OFFSET(AD203,-1,0))+IF($C203<>1,1,MAX(1,COUNTIF(QCI!$A$13:$A$24,OFFSET($E203,-1,0)))),\"\")","v":23},{"$f":"IF(AND($C203=\"S\",ORÇAMENTO.CodBarra<>\"\"),IF(ORÇAMENTO.Fonte=\"\",ORÇAMENTO.CodBarra,CONCATENATE(ORÇAMENTO.Fonte,\" \",ORÇAMENTO.CodBarra)))","v":false},{"$f":"IF(ISERROR(INDIRECT(ORÇAMENTO.BancoRef)),\"(abra o arquivo 'Referência \"&Excel_BuiltIn_Database&\".xlsm)\",IF(OR($C203<>\"S\",ORÇAMENTO.CodBarra=\"\"),\"(Sem Código)\",IF(ISERROR(MATCH($AE203,INDIRECT(ORÇAMENTO.BancoRef),0)),\"(Código não identificado nas referências)\",MATCH($AE203,INDIRECT(ORÇAMENTO.BancoRef),0))))","v":"(Sem Código)"},{"$f":"ROUND(IF(DESONERACAO=\"sim\",REFERENCIA.Desonerado,REFERENCIA.NaoDesonerado),2)","v":0},0.26400000000000001,null,null,null,null,55110.49,0]
["S",3,"S",0,{"$f":"IF($C204=1,OFFSET(E204,-1,0)+MAX(1,COUNTIF(QCI!$A$13:$A$24,OFFSET(ORÇAMENTO!E204,-1,0))),OFFSET(E204,-1,0))","v":1},16,1,0,1,0,{"$f":"IF(OR($C204=\"S\",$C204=0),0,MATCH(OFFSET($D204,0,$C204)+IF($C204<>1,1,COUNTIF(QCI!$A$13:$A$24,ORÇAMENTO!E204)),OFFSET($D204,1,$C204,ROW($C$296)-ROW($C204)),0))","v":0},"F","Serviço","Serviço","1.16.1.1.","SINAPI","95472",{"$f":"IF($C204=\"S\",REFERENCIA.Descricao,\"(digite a descrição aqui)\")","v":"VASO SANITARIO SIFONADO CONVENCIONAL PARA PCD SEM FURO FRONTAL COM LOUÇA BRANCA SEM ASSENTO, INCLUSO CONJUNTO DE LIGAÇÃO PARA BACIA SANITÁRIA AJUSTÁVEL - FORNECIMENTO E INSTALAÇÃO. AF_01/2020"},{"$f":"REFERENCIA.Unidade","v":"UN"},{"$f":"OFFSET(CÁLCULO!H$15,ROW($T204)-ROW(T$15),0)","v":6},761.19,"BDI 1",{"$f":"IF($C204=\"S\",ROUND(IF(TIPOORCAMENTO=\"Proposto\",ORÇAMENTO.CustoUnitario*(1+$AH204),ORÇAMENTO.PrecoUnitarioLicitado),15-13*$AF$10),0)","v":962.14},{"$f":"IF($C204=\"S\",IF(Import.TipoArredondamento<>\"TransfereGOV\",VTOTAL1,SUM(OFFSET(CÁLCULO!$AA$15,ROW($X204)-ROW($X$15),1):OFFSET(CÁLCULO!$AL$15,ROW($X204)-ROW($X$15),-1))),IF($C204=0,0,ROUND(SomaAgrup,15-13*$AF$11)))","v":5772.84},"RA","RA",{"$f":"IF($C204=\"S\",IF($Z204=\"CP\",$X204,IF($Z204=\"RA\",(($X204)*QCI!$AA$3),0)),SomaAgrup)","v":5772.84},0,{"$f":"IF($N204=\"\",\"\",IF(ORÇAMENTO.Descricao=\"\",\"DESCRIÇÃO\",IF(AND($C204=\"S\",ORÇAMENTO.Unidade=\"\"),\"UNIDADE\",IF($X204<0,\"VALOR NEGATIVO\",IF(OR(AND(TIPOORCAMENTO=\"Proposto\",$AG204<>\"\",$AG204>0,ORÇAMENTO.CustoUnitario>$AG204),AND(TIPOORCAMENTO=\"LICITADO\",ORÇAMENTO.PrecoUnitarioLicitado>$AN204)),\"ACIMA REF.\",\"\")))))","v":""},{"$f":"IF(C204<=CRONO.NivelExibicao,MAX($AD$15:OFFSET(AD204,-1,0))+IF($C204<>1,1,MAX(1,COUNTIF(QCI!$A$13:$A$24,OFFSET($E204,-1,0)))),\"\")","v":""},{"$f":"IF(AND($C204=\"S\",ORÇAMENTO.CodBarra<>\"\"),IF(ORÇAMENTO.Fonte=\"\",ORÇAMENTO.CodBarra,CONCATENATE(ORÇAMENTO.Fonte,\" \",ORÇAMENTO.CodBarra)))","v":"SINAPI 95472"},{"$f":"IF(ISERROR(INDIRECT(ORÇAMENTO.BancoRef)),\"(abra o arquivo 'Referência \"&Excel_BuiltIn_Database&\".xlsm)\",IF(OR($C204<>\"S\",ORÇAMENTO.CodBarra=\"\"),\"(Sem Código)\",IF(ISERROR(MATCH($AE204,INDIRECT(ORÇAMENTO.BancoRef),0)),\"(Código não identificado nas referências)\",MATCH($AE204,INDIRECT(ORÇAMENTO.BancoRef),0))))","v":5368},{"$f":"ROUND(IF(DESONERACAO=\"sim\",REFERENCIA.Desonerado,REFERENCIA.NaoDesonerado),2)","v":761.19},0.26400000000000001,null,null,null,null,5772.84,962.14]
["S",3,"S",0,{"$f":"IF($C205=1,OFFSET(E205,-1,0)+MAX(1,COUNTIF(QCI!$A$13:$A$24,OFFSET(ORÇAMENTO!E205,-1,0))),OFFSET(E205,-1,0))","v":1},16,1,0,2,0,{"$f":"IF(OR($C205=\"S\",$C205=0),0,MATCH(OFFSET($D205,0,$C205)+IF($C205<>1,1,COUNTIF(QCI!$A$13:$A$24,ORÇAMENTO!E205)),OFFSET($D205,1,$C205,ROW($C$296)-ROW($C205)),0))","v":0},"F","Serviço","Serviço","1.16.1.2.","SINAPI","100849",{"$f":"IF($C205=\"S\",REFERENCIA.Descricao,\"(digite a descrição aqui)\")","v":"ASSENTO SANITÁRIO CONVENCIONAL - FORNECIMENTO E INSTALACAO. AF_01/2020"},{"$f":"REFERENCIA.Unidade","v":"UN"},{"$f":"OFFSET(CÁLCULO!H$15,ROW($T205)-ROW(T$15),0)","v":6},40.9,"BDI 1",{"$f":"IF($C205=\"S\",ROUND(IF(TIPOORCAMENTO=\"Proposto\",ORÇAMENTO.CustoUnitario*(1+$AH205),ORÇAMENTO.PrecoUnitarioLicitado),15-13*$AF$10),0)","v":51.7},{"$f":"IF($C205=\"S\",IF(Import.TipoArredondamento<>\"TransfereGOV\",VTOTAL1,SUM(OFFSET(CÁLCULO!$AA$15,ROW($X205)-ROW($X$15),1):OFFSET(CÁLCULO!$AL$15,ROW($X205)-ROW($X$15),-1))),IF($C205=0,0,ROUND(SomaAgrup,15-13*$AF$11)))","v":310.2},"RA","RA",{"$f":"IF($C205=\"S\",IF($Z205=\"CP\",$X205,IF($Z205=\"RA\",(($X205)*QCI!$AA$3),0)),SomaAgrup)","v":310.2},0,{"$f":"IF($N205=\"\",\"\",IF(ORÇAMENTO.Descricao=\"\",\"DESCRIÇÃO\",IF(AND($C205=\"S\",ORÇAMENTO.Unidade=\"\"),\"UNIDADE\",IF($X205<0,\"VALOR NEGATIVO\",IF(OR(AND(TIPOORCAMENTO=\"Proposto\",$AG205<>\"\",$AG205>0,ORÇAMENTO.CustoUnitario>$AG205),AND(TIPOORCAMENTO=\"LICITADO\",ORÇAMENTO.PrecoUnitarioLicitado>$AN205)),\"ACIMA REF.\",\"\")))))","v":""},{"$f":"IF(C205<=CRONO.NivelExibicao,MAX($AD$15:OFFSET(AD205,-1,0))+IF($C205<>1,1,MAX(1,COUNTIF(QCI!$A$13:$A$24,OFFSET($E205,-1,0)))),\"\")","v":""},{"$f":"IF(AND($C205=\"S\",ORÇAMENTO.CodBarra<>\"\"),IF(ORÇAMENTO.Fonte=\"\",ORÇAMENTO.CodBarra,CONCATENATE(ORÇAMENTO.Fonte,\" \",ORÇAMENTO.CodBarra)))","v":"SINAPI 100849"},{"$f":"IF(ISERROR(INDIRECT(ORÇAMENTO.BancoRef)),\"(abra o arquivo 'Referência \"&Excel_BuiltIn_Database&\".xlsm)\",IF(OR($C205<>\"S\",ORÇAMENTO.CodBarra=\"\"),\"(Sem Código)\",IF(ISERROR(MATCH($AE205,INDIRECT(ORÇAMENTO.BancoRef),0)),\"(Código não identificado nas referências)\",MATCH($AE205,INDIRECT(ORÇAMENTO.BancoRef),0))))","v":5376},{"$f":"ROUND(IF(DESONERACAO=\"sim\",REFERENCIA.Desonerado,REFERENCIA.NaoDesonerado),2)","v":40.9},0.26400000000000001,null,null,null,null,310.2,51.7]
["S",3,"S",0,{"$f":"IF($C206=1,OFFSET(E206,-1,0)+MAX(1,COUNTIF(QCI!$A$13:$A$24,OFFSET(ORÇAMENTO!E206,-1,0))),OFFSET(E206,-1,0))","v":1},16,1,0,3,0,{"$f":"IF(OR($C206=\"S\",$C206=0),0,MATCH(OFFSET($D206,0,$C206)+IF($C206<>1,1,COUNTIF(QCI!$A$13:$A$24,ORÇAMENTO!E206)),OFFSET($D206,1,$C206,ROW($C$296)-ROW($C206)),0))","v":0},"F","Serviço","Serviço","1.16.1.3.","SINAPI","100870",{"$f":"IF($C206=\"S\",REFERENCIA.Descricao,\"(digite a descrição aqui)\")","v":"BARRA DE APOIO RETA, EM ALUMINIO, COMPRIMENTO 60 CM,  FIXADA NA PAREDE - FORNECIMENTO E INSTALAÇÃO. AF_01/2020"},{"$f":"REFERENCIA.Unidade","v":"UN"},{"$f":"OFFSET(CÁLCULO!H$15,ROW($T206)-ROW(T$15),0)","v":2},288.85000000000002,"BDI 1",{"$f":"IF($C206=\"S\",ROUND(IF(TIPOORCAMENTO=\"Proposto\",ORÇAMENTO.CustoUnitario*(1+$AH206),ORÇAMENTO.PrecoUnitarioLicitado),15-13*$AF$10),0)","v":365.11},{"$f":"IF($C206=\"S\",IF(Import.TipoArredondamento<>\"TransfereGOV\",VTOTAL1,SUM(OFFSET(CÁLCULO!$AA$15,ROW($X206)-ROW($X$15),1):OFFSET(CÁLCULO!$AL$15,ROW($X206)-ROW($X$15),-1))),IF($C206=0,0,ROUND(SomaAgrup,15-13*$AF$11)))","v":730.22},"RA","RA",{"$f":"IF($C206=\"S\",IF($Z206=\"CP\",$X206,IF($Z206=\"RA\",(($X206)*QCI!$AA$3),0)),SomaAgrup)","v":730.22},0,{"$f":"IF($N206=\"\",\"\",IF(ORÇAMENTO.Descricao=\"\",\"DESCRIÇÃO\",IF(AND($C206=\"S\",ORÇAMENTO.Unidade=\"\"),\"UNIDADE\",IF($X206<0,\"VALOR NEGATIVO\",IF(OR(AND(TIPOORCAMENTO=\"Proposto\",$AG206<>\"\",$AG206>0,ORÇAMENTO.CustoUnitario>$AG206),AND(TIPOORCAMENTO=\"LICITADO\",ORÇAMENTO.PrecoUnitarioLicitado>$AN206)),\"ACIMA REF.\",\"\")))))","v":""},{"$f":"IF(C206<=CRONO.NivelExibicao,MAX($AD$15:OFFSET(AD206,-1,0))+IF($C206<>1,1,MAX(1,COUNTIF(QCI!$A$13:$A$24,OFFSET($E206,-1,0)))),\"\")","v":""},{"$f":"IF(AND($C206=\"S\",ORÇAMENTO.CodBarra<>\"\"),IF(ORÇAMENTO.Fonte=\"\",ORÇAMENTO.CodBarra,CONCATENATE(ORÇAMENTO.Fonte,\" \",ORÇAMENTO.CodBarra)))","v":"SINAPI 100870"},{"$f":"IF(ISERROR(INDIRECT(ORÇAMENTO.BancoRef)),\"(abra o arquivo 'Referência \"&Excel_BuiltIn_Database&\".xlsm)\",IF(OR($C206<>\"S\",ORÇAMENTO.CodBarra=\"\"),\"(Sem Código)\",IF(ISERROR(MATCH($AE206,INDIRECT(ORÇAMENTO.BancoRef),0)),\"(Código não identificado nas referências)\",MATCH($AE206,INDIRECT(ORÇAMENTO.BancoRef),0))))","v":5395},{"$f":"ROUND(IF(DESONERACAO=\"sim\",REFERENCIA.Desonerado,REFERENCIA.NaoDesonerado),2)","v":288.85000000000002},0.26400000000000001,null,null,null,null,730.22,365.11]
["S",3,"S",0,{"$f":"IF($C207=1,OFFSET(E207,-1,0)+MAX(1,COUNTIF(QCI!$A$13:$A$24,OFFSET(ORÇAMENTO!E207,-1,0))),OFFSET(E207,-1,0))","v":1},16,1,0,4,0,{"$f":"IF(OR($C207=\"S\",$C207=0),0,MATCH(OFFSET($D207,0,$C207)+IF($C207<>1,1,COUNTIF(QCI!$A$13:$A$24,ORÇAMENTO!E207)),OFFSET($D207,1,$C207,ROW($C$296)-ROW($C207)),0))","v":0},"F","Serviço","Serviço","1.16.1.4.","SINAPI","100871",{"$f":"IF($C207=\"S\",REFERENCIA.Descricao,\"(digite a descrição aqui)\")","v":"BARRA DE APOIO RETA, EM ALUMINIO, COMPRIMENTO 70 CM,  FIXADA NA PAREDE - FORNECIMENTO E INSTALAÇÃO. AF_01/2020"},{"$f":"REFERENCIA.Unidade","v":"UN"},{"$f":"OFFSET(CÁLCULO!H$15,ROW($T207)-ROW(T$15),0)","v":8},311.67,"BDI 1",{"$f":"IF($C207=\"S\",ROUND(IF(TIPOORCAMENTO=\"Proposto\",ORÇAMENTO.CustoUnitario*(1+$AH207),ORÇAMENTO.PrecoUnitarioLicitado),15-13*$AF$10),0)","v":393.95},{"$f":"IF($C207=\"S\",IF(Import.TipoArredondamento<>\"TransfereGOV\",VTOTAL1,SUM(OFFSET(CÁLCULO!$AA$15,ROW($X207)-ROW($X$15),1):OFFSET(CÁLCULO!$AL$15,ROW($X207)-ROW($X$15),-1))),IF($C207=0,0,ROUND(SomaAgrup,15-13*$AF$11)))","v":3151.6},"RA","RA",{"$f":"IF($C207=\"S\",IF($Z207=\"CP\",$X207,IF($Z207=\"RA\",(($X207)*QCI!$AA$3),0)),SomaAgrup)","v":3151.6},0,{"$f":"IF($N207=\"\",\"\",IF(ORÇAMENTO.Descricao=\"\",\"DESCRIÇÃO\",IF(AND($C207=\"S\",ORÇAMENTO.Unidade=\"\"),\"UNIDADE\",IF($X207<0,\"VALOR NEGATIVO\",IF(OR(AND(TIPOORCAMENTO=\"Proposto\",$AG207<>\"\",$AG207>0,ORÇAMENTO.CustoUnitario>$AG207),AND(TIPOORCAMENTO=\"LICITADO\",ORÇAMENTO.PrecoUnitarioLicitado>$AN207)),\"ACIMA REF.\",\"\")))))","v":""},{"$f":"IF(C207<=CRONO.NivelExibicao,MAX($AD$15:OFFSET(AD207,-1,0))+IF($C207<>1,1,MAX(1,COUNTIF(QCI!$A$13:$A$24,OFFSET($E207,-1,0)))),\"\")","v":""},{"$f":"IF(AND($C207=\"S\",ORÇAMENTO.CodBarra<>\"\"),IF(ORÇAMENTO.Fonte=\"\",ORÇAMENTO.CodBarra,CONCATENATE(ORÇAMENTO.Fonte,\" \",ORÇAMENTO.CodBarra)))","v":"SINAPI 100871"},{"$f":"IF(ISERROR(INDIRECT(ORÇAMENTO.BancoRef)),\"(abra o arquivo 'Referência \"&Excel_BuiltIn_Database&\".xlsm)\",IF(OR($C207<>\"S\",ORÇAMENTO.CodBarra=\"\"),\"(Sem Código)\",IF(ISERROR(MATCH($AE207,INDIRECT(ORÇAMENTO.BancoRef),0)),\"(Código não identificado nas referências)\",MATCH($AE207,INDIRECT(ORÇAMENTO.BancoRef),0))))","v":5396},{"$f":"ROUND(IF(DESONERACAO=\"sim\",REFERENCIA.Desonerado,REFERENCIA.NaoDesonerado),2)","v":311.67},0.26400000000000001,null,null,null,null,3151.6,393.95]
["S",3,"S",0,{"$f":"IF($C208=1,OFFSET(E208,-1,0)+MAX(1,COUNTIF(QCI!$A$13:$A$24,OFFSET(ORÇAMENTO!E208,-1,0))),OFFSET(E208,-1,0))","v":1},16,1,0,5,{"$f":"IF(OR($C208=\"S\",$C208=0),0,MATCH(0,OFFSET($D208,1,$C208,ROW($C$296)-ROW($C208)),0))","v":0},{"$f":"IF(OR($C208=\"S\",$C208=0),0,MATCH(OFFSET($D208,0,$C208)+IF($C208<>1,1,COUNTIF(QCI!$A$13:$A$24,ORÇAMENTO!E208)),OFFSET($D208,1,$C208,ROW($C$296)-ROW($C208)),0))","v":0},"F","Serviço","Serviço","1.16.1.5.","SINAPI","100872",{"$f":"IF($C208=\"S\",REFERENCIA.Descricao,\"(digite a descrição aqui)\")","v":"BARRA DE APOIO RETA, EM ALUMINIO, COMPRIMENTO 80 CM,  FIXADA NA PAREDE - FORNECIMENTO E INSTALAÇÃO. AF_01/2020"},{"$f":"REFERENCIA.Unidade","v":"UN"},{"$f":"OFFSET(CÁLCULO!H$15,ROW($T208)-ROW(T$15),0)","v":2},326.24,"BDI 1",{"$f":"IF($C208=\"S\",ROUND(IF(TIPOORCAMENTO=\"Proposto\",ORÇAMENTO.CustoUnitario*(1+$AH208),ORÇAMENTO.PrecoUnitarioLicitado),15-13*$AF$10),0)","v":412.37},{"$f":"IF($C208=\"S\",IF(Import.TipoArredondamento<>\"TransfereGOV\",VTOTAL1,SUM(OFFSET(CÁLCULO!$AA$15,ROW($X208)-ROW($X$15),1):OFFSET(CÁLCULO!$AL$15,ROW($X208)-ROW($X$15),-1))),IF($C208=0,0,ROUND(SomaAgrup,15-13*$AF$11)))","v":824.74},"RA","RA",{"$f":"IF($C208=\"S\",IF($Z208=\"CP\",$X208,IF($Z208=\"RA\",(($X208)*QCI!$AA$3),0)),SomaAgrup)","v":824.74},0,{"$f":"IF($N208=\"\",\"\",IF(ORÇAMENTO.Descricao=\"\",\"DESCRIÇÃO\",IF(AND($C208=\"S\",ORÇAMENTO.Unidade=\"\"),\"UNIDADE\",IF($X208<0,\"VALOR NEGATIVO\",IF(OR(AND(TIPOORCAMENTO=\"Proposto\",$AG208<>\"\",$AG208>0,ORÇAMENTO.CustoUnitario>$AG208),AND(TIPOORCAMENTO=\"LICITADO\",ORÇAMENTO.PrecoUnitarioLicitado>$AN208)),\"ACIMA REF.\",\"\")))))","v":""},{"$f":"IF(C208<=CRONO.NivelExibicao,MAX($AD$15:OFFSET(AD208,-1,0))+IF($C208<>1,1,MAX(1,COUNTIF(QCI!$A$13:$A$24,OFFSET($E208,-1,0)))),\"\")","v":""},{"$f":"IF(AND($C208=\"S\",ORÇAMENTO.CodBarra<>\"\"),IF(ORÇAMENTO.Fonte=\"\",ORÇAMENTO.CodBarra,CONCATENATE(ORÇAMENTO.Fonte,\" \",ORÇAMENTO.CodBarra)))","v":"SINAPI 100872"},{"$f":"IF(ISERROR(INDIRECT(ORÇAMENTO.BancoRef)),\"(abra o arquivo 'Referência \"&Excel_BuiltIn_Database&\".xlsm)\",IF(OR($C208<>\"S\",ORÇAMENTO.CodBarra=\"\"),\"(Sem Código)\",IF(ISERROR(MATCH($AE208,INDIRECT(ORÇAMENTO.BancoRef),0)),\"(Código não identificado nas referências)\",MATCH($AE208,INDIRECT(ORÇAMENTO.BancoRef),0))))","v":5397},{"$f":"ROUND(IF(DESONERACAO=\"sim\",REFERENCIA.Desonerado,REFERENCIA.NaoDesonerado),2)","v":326.24},0.26400000000000001,null,null,null,null,824.74,412.37]
["S",3,"S",0,{"$f":"IF($C209=1,OFFSET(E209,-1,0)+MAX(1,COUNTIF(QCI!$A$13:$A$24,OFFSET(ORÇAMENTO!E209,-1,0))),OFFSET(E209,-1,0))","v":1},16,1,0,6,0,{"$f":"IF(OR($C209=\"S\",$C209=0),0,MATCH(OFFSET($D209,0,$C209)+IF($C209<>1,1,COUNTIF(QCI!$A$13:$A$24,ORÇAMENTO!E209)),OFFSET($D209,1,$C209,ROW($C$296)-ROW($C209)),0))","v":0},"F","Serviço","Serviço","1.16.1.6.","SINAPI","100863",{"$f":"IF($C209=\"S\",REFERENCIA.Descricao,\"(digite a descrição aqui)\")","v":"BARRA DE APOIO EM \"L\", EM ACO INOX POLIDO 70 X 70 CM, FIXADA NA PAREDE - FORNECIMENTO E INSTALACAO. AF_01/2020"},{"$f":"REFERENCIA.Unidade","v":"UN"},{"$f":"OFFSET(CÁLCULO!H$15,ROW($T209)-ROW(T$15),0)","v":10},796.96,"BDI 1",{"$f":"IF($C209=\"S\",ROUND(IF(TIPOORCAMENTO=\"Proposto\",ORÇAMENTO.CustoUnitario*(1+$AH209),ORÇAMENTO.PrecoUnitarioLicitado),15-13*$AF$10),0)","v":1007.36},{"$f":"IF($C209=\"S\",IF(Import.TipoArredondamento<>\"TransfereGOV\",VTOTAL1,SUM(OFFSET(CÁLCULO!$AA$15,ROW($X209)-ROW($X$15),1):OFFSET(CÁLCULO!$AL$15,ROW($X209)-ROW($X$15),-1))),IF($C209=0,0,ROUND(SomaAgrup,15-13*$AF$11)))","v":10073.6},"RA","RA",{"$f":"IF($C209=\"S\",IF($Z209=\"CP\",$X209,IF($Z209=\"RA\",(($X209)*QCI!$AA$3),0)),SomaAgrup)","v":10073.6},0,{"$f":"IF($N209=\"\",\"\",IF(ORÇAMENTO.Descricao=\"\",\"DESCRIÇÃO\",IF(AND($C209=\"S\",ORÇAMENTO.Unidade=\"\"),\"UNIDADE\",IF($X209<0,\"VALOR NEGATIVO\",IF(OR(AND(TIPOORCAMENTO=\"Proposto\",$AG209<>\"\",$AG209>0,ORÇAMENTO.CustoUnitario>$AG209),AND(TIPOORCAMENTO=\"LICITADO\",ORÇAMENTO.PrecoUnitarioLicitado>$AN209)),\"ACIMA REF.\",\"\")))))","v":""},{"$f":"IF(C209<=CRONO.NivelExibicao,MAX($AD$15:OFFSET(AD209,-1,0))+IF($C209<>1,1,MAX(1,COUNTIF(QCI!$A$13:$A$24,OFFSET($E209,-1,0)))),\"\")","v":""},{"$f":"IF(AND($C209=\"S\",ORÇAMENTO.CodBarra<>\"\"),IF(ORÇAMENTO.Fonte=\"\",ORÇAMENTO.CodBarra,CONCATENATE(ORÇAMENTO.Fonte,\" \",ORÇAMENTO.CodBarra)))","v":"SINAPI 100863"},{"$f":"IF(ISERROR(INDIRECT(ORÇAMENTO.BancoRef)),\"(abra o arquivo 'Referência \"&Excel_BuiltIn_Database&\".xlsm)\",IF(OR($C209<>\"S\",ORÇAMENTO.CodBarra=\"\"),\"(Sem Código)\",IF(ISERROR(MATCH($AE209,INDIRECT(ORÇAMENTO.BancoRef),0)),\"(Código não identificado nas referências)\",MATCH($AE209,INDIRECT(ORÇAMENTO.BancoRef),0))))","v":5388},{"$f":"ROUND(IF(DESONERACAO=\"sim\",REFERENCIA.Desonerado,REFERENCIA.NaoDesonerado),2)","v":796.96},0.26400000000000001,null,null,null,null,10073.6,1007.36]
["S",3,"S",0,{"$f":"IF($C210=1,OFFSET(E210,-1,0)+MAX(1,COUNTIF(QCI!$A$13:$A$24,OFFSET(ORÇAMENTO!E210,-1,0))),OFFSET(E210,-1,0))","v":1},16,1,0,7,0,{"$f":"IF(OR($C210=\"S\",$C210=0),0,MATCH(OFFSET($D210,0,$C210)+IF($C210<>1,1,COUNTIF(QCI!$A$13:$A$24,ORÇAMENTO!E210)),OFFSET($D210,1,$C210,ROW($C$296)-ROW($C210)),0))","v":0},"F","Serviço","Serviço","1.16.1.7.","SINAPI","100865",{"$f":"IF($C210=\"S\",REFERENCIA.Descricao,\"(digite a descrição aqui)\")","v":"BARRA DE APOIO LATERAL ARTICULADA, COM TRAVA, EM ACO INOX POLIDO, FIXADA NA PAREDE - FORNECIMENTO E INSTALAÇÃO. AF_01/2020"},{"$f":"REFERENCIA.Unidade","v":"UN"},{"$f":"OFFSET(CÁLCULO!H$15,ROW($T210)-ROW(T$15),0)","v":2},830.23,"BDI 1",{"$f":"IF($C210=\"S\",ROUND(IF(TIPOORCAMENTO=\"Proposto\",ORÇAMENTO.CustoUnitario*(1+$AH210),ORÇAMENTO.PrecoUnitarioLicitado),15-13*$AF$10),0)","v":1049.4100000000001},{"$f":"IF($C210=\"S\",IF(Import.TipoArredondamento<>\"TransfereGOV\",VTOTAL1,SUM(OFFSET(CÁLCULO!$AA$15,ROW($X210)-ROW($X$15),1):OFFSET(CÁLCULO!$AL$15,ROW($X210)-ROW($X$15),-1))),IF($C210=0,0,ROUND(SomaAgrup,15-13*$AF$11)))","v":2098.8200000000002},"RA","RA",{"$f":"IF($C210=\"S\",IF($Z210=\"CP\",$X210,IF($Z210=\"RA\",(($X210)*QCI!$AA$3),0)),SomaAgrup)","v":2098.8200000000002},0,{"$f":"IF($N210=\"\",\"\",IF(ORÇAMENTO.Descricao=\"\",\"DESCRIÇÃO\",IF(AND($C210=\"S\",ORÇAMENTO.Unidade=\"\"),\"UNIDADE\",IF($X210<0,\"VALOR NEGATIVO\",IF(OR(AND(TIPOORCAMENTO=\"Proposto\",$AG210<>\"\",$AG210>0,ORÇAMENTO.CustoUnitario>$AG210),AND(TIPOORCAMENTO=\"LICITADO\",ORÇAMENTO.PrecoUnitarioLicitado>$AN210)),\"ACIMA REF.\",\"\")))))","v":""},{"$f":"IF(C210<=CRONO.NivelExibicao,MAX($AD$15:OFFSET(AD210,-1,0))+IF($C210<>1,1,MAX(1,COUNTIF(QCI!$A$13:$A$24,OFFSET($E210,-1,0)))),\"\")","v":""},{"$f":"IF(AND($C210=\"S\",ORÇAMENTO.CodBarra<>\"\"),IF(ORÇAMENTO.Fonte=\"\",ORÇAMENTO.CodBarra,CONCATENATE(ORÇAMENTO.Fonte,\" \",ORÇAMENTO.CodBarra)))","v":"SINAPI 100865"},{"$f":"IF(ISERROR(INDIRECT(ORÇAMENTO.BancoRef)),\"(abra o arquivo 'Referência \"&Excel_BuiltIn_Database&\".xlsm)\",IF(OR($C210<>\"S\",ORÇAMENTO.CodBarra=\"\"),\"(Sem Código)\",IF(ISERROR(MATCH($AE210,INDIRECT(ORÇAMENTO.BancoRef),0)),\"(Código não identificado nas referências)\",MATCH($AE210,INDIRECT(ORÇAMENTO.BancoRef),0))))","v":5390},{"$f":"ROUND(IF(DESONERACAO=\"sim\",REFERENCIA.Desonerado,REFERENCIA.NaoDesonerado),2)","v":830.23},0.26400000000000001,null,null,null,null,2098.8200000000002,1049.4100000000001]
["S",3,"S",0,{"$f":"IF($C211=1,OFFSET(E211,-1,0)+MAX(1,COUNTIF(QCI!$A$13:$A$24,OFFSET(ORÇAMENTO!E211,-1,0))),OFFSET(E211,-1,0))","v":1},16,1,0,8,0,{"$f":"IF(OR($C211=\"S\",$C211=0),0,MATCH(OFFSET($D211,0,$C211)+IF($C211<>1,1,COUNTIF(QCI!$A$13:$A$24,ORÇAMENTO!E211)),OFFSET($D211,1,$C211,ROW($C$296)-ROW($C211)),0))","v":0},"F","Serviço","Serviço","1.16.1.8.","SINAPI","100875",{"$f":"IF($C211=\"S\",REFERENCIA.Descricao,\"(digite a descrição aqui)\")","v":"BANCO ARTICULADO, EM ACO INOX, PARA PCD, FIXADO NA PAREDE - FORNECIMENTO E INSTALAÇÃO. AF_01/2020"},{"$f":"REFERENCIA.Unidade","v":"UN"},{"$f":"OFFSET(CÁLCULO!H$15,ROW($T211)-ROW(T$15),0)","v":2},1525.69,"BDI 1",{"$f":"IF($C211=\"S\",ROUND(IF(TIPOORCAMENTO=\"Proposto\",ORÇAMENTO.CustoUnitario*(1+$AH211),ORÇAMENTO.PrecoUnitarioLicitado),15-13*$AF$10),0)","v":1928.47},{"$f":"IF($C211=\"S\",IF(Import.TipoArredondamento<>\"TransfereGOV\",VTOTAL1,SUM(OFFSET(CÁLCULO!$AA$15,ROW($X211)-ROW($X$15),1):OFFSET(CÁLCULO!$AL$15,ROW($X211)-ROW($X$15),-1))),IF($C211=0,0,ROUND(SomaAgrup,15-13*$AF$11)))","v":3856.94},"RA","RA",{"$f":"IF($C211=\"S\",IF($Z211=\"CP\",$X211,IF($Z211=\"RA\",(($X211)*QCI!$AA$3),0)),SomaAgrup)","v":3856.94},0,{"$f":"IF($N211=\"\",\"\",IF(ORÇAMENTO.Descricao=\"\",\"DESCRIÇÃO\",IF(AND($C211=\"S\",ORÇAMENTO.Unidade=\"\"),\"UNIDADE\",IF($X211<0,\"VALOR NEGATIVO\",IF(OR(AND(TIPOORCAMENTO=\"Proposto\",$AG211<>\"\",$AG211>0,ORÇAMENTO.CustoUnitario>$AG211),AND(TIPOORCAMENTO=\"LICITADO\",ORÇAMENTO.PrecoUnitarioLicitado>$AN211)),\"ACIMA REF.\",\"\")))))","v":""},{"$f":"IF(C211<=CRONO.NivelExibicao,MAX($AD$15:OFFSET(AD211,-1,0))+IF($C211<>1,1,MAX(1,COUNTIF(QCI!$A$13:$A$24,OFFSET($E211,-1,0)))),\"\")","v":""},{"$f":"IF(AND($C211=\"S\",ORÇAMENTO.CodBarra<>\"\"),IF(ORÇAMENTO.Fonte=\"\",ORÇAMENTO.CodBarra,CONCATENATE(ORÇAMENTO.Fonte,\" \",ORÇAMENTO.CodBarra)))","v":"SINAPI 100875"},{"$f":"IF(ISERROR(INDIRECT(ORÇAMENTO.BancoRef)),\"(abra o arquivo 'Referência \"&Excel_BuiltIn_Database&\".xlsm)\",IF(OR($C211<>\"S\",ORÇAMENTO.CodBarra=\"\"),\"(Sem Código)\",IF(ISERROR(MATCH($AE211,INDIRECT(ORÇAMENTO.BancoRef),0)),\"(Código não identificado nas referências)\",MATCH($AE211,INDIRECT(ORÇAMENTO.BancoRef),0))))","v":5400},{"$f":"ROUND(IF(DESONERACAO=\"sim\",REFERENCIA.Desonerado,REFERENCIA.NaoDesonerado),2)","v":1525.69},0.26400000000000001,null,null,null,null,3856.94,1928.47]
["S",3,"S",0,{"$f":"IF($C212=1,OFFSET(E212,-1,0)+MAX(1,COUNTIF(QCI!$A$13:$A$24,OFFSET(ORÇAMENTO!E212,-1,0))),OFFSET(E212,-1,0))","v":1},16,1,0,9,0,{"$f":"IF(OR($C212=\"S\",$C212=0),0,MATCH(OFFSET($D212,0,$C212)+IF($C212<>1,1,COUNTIF(QCI!$A$13:$A$24,ORÇAMENTO!E212)),OFFSET($D212,1,$C212,ROW($C$296)-ROW($C212)),0))","v":0},"F","Serviço","Serviço","1.16.1.9.","Composição","20",{"$f":"IF($C212=\"S\",REFERENCIA.Descricao,\"(digite a descrição aqui)\")","v":"LAVATÓRIO LOUÇA BRANCA COM COLUNA SUSPENSO, PNE, 45 X 55CM OU EQUIVALENTE, PADRÃO MÉDIO, COM SIFÃO E ENGATE FLEXÍVEL EM PVC - FORNECIMENTO E INSTALAÇÃO. AF_01/2020"},{"$f":"REFERENCIA.Unidade","v":"UNIDADE"},{"$f":"OFFSET(CÁLCULO!H$15,ROW($T212)-ROW(T$15),0)","v":2},379.54,"BDI 1",{"$f":"IF($C212=\"S\",ROUND(IF(TIPOORCAMENTO=\"Proposto\",ORÇAMENTO.CustoUnitario*(1+$AH212),ORÇAMENTO.PrecoUnitarioLicitado),15-13*$AF$10),0)","v":479.74},{"$f":"IF($C212=\"S\",IF(Import.TipoArredondamento<>\"TransfereGOV\",VTOTAL1,SUM(OFFSET(CÁLCULO!$AA$15,ROW($X212)-ROW($X$15),1):OFFSET(CÁLCULO!$AL$15,ROW($X212)-ROW($X$15),-1))),IF($C212=0,0,ROUND(SomaAgrup,15-13*$AF$11)))","v":959.48},"RA","RA",{"$f":"IF($C212=\"S\",IF($Z212=\"CP\",$X212,IF($Z212=\"RA\",(($X212)*QCI!$AA$3),0)),SomaAgrup)","v":959.48},0,{"$f":"IF($N212=\"\",\"\",IF(ORÇAMENTO.Descricao=\"\",\"DESCRIÇÃO\",IF(AND($C212=\"S\",ORÇAMENTO.Unidade=\"\"),\"UNIDADE\",IF($X212<0,\"VALOR NEGATIVO\",IF(OR(AND(TIPOORCAMENTO=\"Proposto\",$AG212<>\"\",$AG212>0,ORÇAMENTO.CustoUnitario>$AG212),AND(TIPOORCAMENTO=\"LICITADO\",ORÇAMENTO.PrecoUnitarioLicitado>$AN212)),\"ACIMA REF.\",\"\")))))","v":""},{"$f":"IF(C212<=CRONO.NivelExibicao,MAX($AD$15:OFFSET(AD212,-1,0))+IF($C212<>1,1,MAX(1,COUNTIF(QCI!$A$13:$A$24,OFFSET($E212,-1,0)))),\"\")","v":""},{"$f":"IF(AND($C212=\"S\",ORÇAMENTO.CodBarra<>\"\"),IF(ORÇAMENTO.Fonte=\"\",ORÇAMENTO.CodBarra,CONCATENATE(ORÇAMENTO.Fonte,\" \",ORÇAMENTO.CodBarra)))","v":"Composição 20"},{"$f":"IF(ISERROR(INDIRECT(ORÇAMENTO.BancoRef)),\"(abra o arquivo 'Referência \"&Excel_BuiltIn_Database&\".xlsm)\",IF(OR($C212<>\"S\",ORÇAMENTO.CodBarra=\"\"),\"(Sem Código)\",IF(ISERROR(MATCH($AE212,INDIRECT(ORÇAMENTO.BancoRef),0)),\"(Código não identificado nas referências)\",MATCH($AE212,INDIRECT(ORÇAMENTO.BancoRef),0))))","v":22},{"$f":"ROUND(IF(DESONERACAO=\"sim\",REFERENCIA.Desonerado,REFERENCIA.NaoDesonerado),2)","v":379.54},0.26400000000000001,null,null,null,null,959.48,479.74]
["S",3,"S",0,{"$f":"IF($C213=1,OFFSET(E213,-1,0)+MAX(1,COUNTIF(QCI!$A$13:$A$24,OFFSET(ORÇAMENTO!E213,-1,0))),OFFSET(E213,-1,0))","v":1},16,1,0,10,0,{"$f":"IF(OR($C213=\"S\",$C213=0),0,MATCH(OFFSET($D213,0,$C213)+IF($C213<>1,1,COUNTIF(QCI!$A$13:$A$24,ORÇAMENTO!E213)),OFFSET($D213,1,$C213,ROW($C$296)-ROW($C213)),0))","v":0},"F","Serviço","Serviço","1.16.1.10.","Composição","24",{"$f":"IF($C213=\"S\",REFERENCIA.Descricao,\"(digite a descrição aqui)\")","v":"FORNECIMENTO E INSTALAÇÃO DE TORNEIRA METÁLICA CROMADA DE MESA, BICA ALTA, PARA LAVATÓRIO, COM AREJADOR E REGISTRO TIPO ALAVANCA  "},{"$f":"REFERENCIA.Unidade","v":"UNIDADE"},{"$f":"OFFSET(CÁLCULO!H$15,ROW($T213)-ROW(T$15),0)","v":2},226.6,"BDI 1",{"$f":"IF($C213=\"S\",ROUND(IF(TIPOORCAMENTO=\"Proposto\",ORÇAMENTO.CustoUnitario*(1+$AH213),ORÇAMENTO.PrecoUnitarioLicitado),15-13*$AF$10),0)","v":286.42},{"$f":"IF($C213=\"S\",IF(Import.TipoArredondamento<>\"TransfereGOV\",VTOTAL1,SUM(OFFSET(CÁLCULO!$AA$15,ROW($X213)-ROW($X$15),1):OFFSET(CÁLCULO!$AL$15,ROW($X213)-ROW($X$15),-1))),IF($C213=0,0,ROUND(SomaAgrup,15-13*$AF$11)))","v":572.84},"RA","RA",{"$f":"IF($C213=\"S\",IF($Z213=\"CP\",$X213,IF($Z213=\"RA\",(($X213)*QCI!$AA$3),0)),SomaAgrup)","v":572.84},0,{"$f":"IF($N213=\"\",\"\",IF(ORÇAMENTO.Descricao=\"\",\"DESCRIÇÃO\",IF(AND($C213=\"S\",ORÇAMENTO.Unidade=\"\"),\"UNIDADE\",IF($X213<0,\"VALOR NEGATIVO\",IF(OR(AND(TIPOORCAMENTO=\"Proposto\",$AG213<>\"\",$AG213>0,ORÇAMENTO.CustoUnitario>$AG213),AND(TIPOORCAMENTO=\"LICITADO\",ORÇAMENTO.PrecoUnitarioLicitado>$AN213)),\"ACIMA REF.\",\"\")))))","v":""},{"$f":"IF(C213<=CRONO.NivelExibicao,MAX($AD$15:OFFSET(AD213,-1,0))+IF($C213<>1,1,MAX(1,COUNTIF(QCI!$A$13:$A$24,OFFSET($E213,-1,0)))),\"\")","v":""},{"$f":"IF(AND($C213=\"S\",ORÇAMENTO.CodBarra<>\"\"),IF(ORÇAMENTO.Fonte=\"\",ORÇAMENTO.CodBarra,CONCATENATE(ORÇAMENTO.Fonte,\" \",ORÇAMENTO.CodBarra)))","v":"Composição 24"},{"$f":"IF(ISERROR(INDIRECT(ORÇAMENTO.BancoRef)),\"(abra o arquivo 'Referência \"&Excel_BuiltIn_Database&\".xlsm)\",IF(OR($C213<>\"S\",ORÇAMENTO.CodBarra=\"\"),\"(Sem Código)\",IF(ISERROR(MATCH($AE213,INDIRECT(ORÇAMENTO.BancoRef),0)),\"(Código não identificado nas referências)\",MATCH($AE213,INDIRECT(ORÇAMENTO.BancoRef),0))))","v":26},{"$f":"ROUND(IF(DESONERACAO=\"sim\",REFERENCIA.Desonerado,REFERENCIA.NaoDesonerado),2)","v":226.6},0.26400000000000001,null,null,null,null,572.84,286.42]
["S",3,"S",0,{"$f":"IF($C214=1,OFFSET(E214,-1,0)+MAX(1,COUNTIF(QCI!$A$13:$A$24,OFFSET(ORÇAMENTO!E214,-1,0))),OFFSET(E214,-1,0))","v":1},16,1,0,11,0,{"$f":"IF(OR($C214=\"S\",$C214=0),0,MATCH(OFFSET($D214,0,$C214)+IF($C214<>1,1,COUNTIF(QCI!$A$13:$A$24,ORÇAMENTO!E214)),OFFSET($D214,1,$C214,ROW($C$296)-ROW($C214)),0))","v":0},"F","Serviço","Serviço","1.16.1.11.","Composição","25",{"$f":"IF($C214=\"S\",REFERENCIA.Descricao,\"(digite a descrição aqui)\")","v":"REGISTRO GAVETA PARA CHUIVEIRO COM ACABAMENTO E CANOPLA CROMADOS, DO TIPO ALAVANCA SIMPLES.                                                                                                                                                                                                                                                                                                                                                                                                         "},{"$f":"REFERENCIA.Unidade","v":"UNIDADE"},{"$f":"OFFSET(CÁLCULO!H$15,ROW($T214)-ROW(T$15),0)","v":6},192.29,"BDI 1",{"$f":"IF($C214=\"S\",ROUND(IF(TIPOORCAMENTO=\"Proposto\",ORÇAMENTO.CustoUnitario*(1+$AH214),ORÇAMENTO.PrecoUnitarioLicitado),15-13*$AF$10),0)","v":243.05},{"$f":"IF($C214=\"S\",IF(Import.TipoArredondamento<>\"TransfereGOV\",VTOTAL1,SUM(OFFSET(CÁLCULO!$AA$15,ROW($X214)-ROW($X$15),1):OFFSET(CÁLCULO!$AL$15,ROW($X214)-ROW($X$15),-1))),IF($C214=0,0,ROUND(SomaAgrup,15-13*$AF$11)))","v":1458.3},"RA","RA",{"$f":"IF($C214=\"S\",IF($Z214=\"CP\",$X214,IF($Z214=\"RA\",(($X214)*QCI!$AA$3),0)),SomaAgrup)","v":1458.3},0,{"$f":"IF($N214=\"\",\"\",IF(ORÇAMENTO.Descricao=\"\",\"DESCRIÇÃO\",IF(AND($C214=\"S\",ORÇAMENTO.Unidade=\"\"),\"UNIDADE\",IF($X214<0,\"VALOR NEGATIVO\",IF(OR(AND(TIPOORCAMENTO=\"Proposto\",$AG214<>\"\",$AG214>0,ORÇAMENTO.CustoUnitario>$AG214),AND(TIPOORCAMENTO=\"LICITADO\",ORÇAMENTO.PrecoUnitarioLicitado>$AN214)),\"ACIMA REF.\",\"\")))))","v":""},{"$f":"IF(C214<=CRONO.NivelExibicao,MAX($AD$15:OFFSET(AD214,-1,0))+IF($C214<>1,1,MAX(1,COUNTIF(QCI!$A$13:$A$24,OFFSET($E214,-1,0)))),\"\")","v":""},{"$f":"IF(AND($C214=\"S\",ORÇAMENTO.CodBarra<>\"\"),IF(ORÇAMENTO.Fonte=\"\",ORÇAMENTO.CodBarra,CONCATENATE(ORÇAMENTO.Fonte,\" \",ORÇAMENTO.CodBarra)))","v":"Composição 25"},{"$f":"IF(ISERROR(INDIRECT(ORÇAMENTO.BancoRef)),\"(abra o arquivo 'Referência \"&Excel_BuiltIn_Database&\".xlsm)\",IF(OR($C214<>\"S\",ORÇAMENTO.CodBarra=\"\"),\"(Sem Código)\",IF(ISERROR(MATCH($AE214,INDIRECT(ORÇAMENTO.BancoRef),0)),\"(Código não identificado nas referências)\",MATCH($AE214,INDIRECT(ORÇAMENTO.BancoRef),0))))","v":27},{"$f":"ROUND(IF(DESONERACAO=\"sim\",REFERENCIA.Desonerado,REFERENCIA.NaoDesonerado),2)","v":192.29},0.26400000000000001,null,null,null,null,1458.3,243.05]
["S",3,"S",0,{"$f":"IF($C215=1,OFFSET(E215,-1,0)+MAX(1,COUNTIF(QCI!$A$13:$A$24,OFFSET(ORÇAMENTO!E215,-1,0))),OFFSET(E215,-1,0))","v":1},16,1,0,12,0,{"$f":"IF(OR($C215=\"S\",$C215=0),0,MATCH(OFFSET($D215,0,$C215)+IF($C215<>1,1,COUNTIF(QCI!$A$13:$A$24,ORÇAMENTO!E215)),OFFSET($D215,1,$C215,ROW($C$296)-ROW($C215)),0))","v":0},"F","Serviço","Serviço","1.16.1.12.","Composição","23",{"$f":"IF($C215=\"S\",REFERENCIA.Descricao,\"(digite a descrição aqui)\")","v":"KIT DE ACESSÓRIOS PARA BANHEIRO EM METAL CROMADO, 5 PEÇAS (SABONETEIRA, PORTA TOALHA DE BANHO, PORTA TOALHA DE ROSTO, PORTA PAPEL HIGIENICO, 1 CABIDE SIMPLES) - INSTALAÇÃO PARAFUSADOS NA PAREDE (BASE 95546)"},{"$f":"REFERENCIA.Unidade","v":"UNIDADE"},{"$f":"OFFSET(CÁLCULO!H$15,ROW($T215)-ROW(T$15),0)","v":6},266.75,"BDI 1",{"$f":"IF($C215=\"S\",ROUND(IF(TIPOORCAMENTO=\"Proposto\",ORÇAMENTO.CustoUnitario*(1+$AH215),ORÇAMENTO.PrecoUnitarioLicitado),15-13*$AF$10),0)","v":337.17},{"$f":"IF($C215=\"S\",IF(Import.TipoArredondamento<>\"TransfereGOV\",VTOTAL1,SUM(OFFSET(CÁLCULO!$AA$15,ROW($X215)-ROW($X$15),1):OFFSET(CÁLCULO!$AL$15,ROW($X215)-ROW($X$15),-1))),IF($C215=0,0,ROUND(SomaAgrup,15-13*$AF$11)))","v":2023.02},"RA","RA",{"$f":"IF($C215=\"S\",IF($Z215=\"CP\",$X215,IF($Z215=\"RA\",(($X215)*QCI!$AA$3),0)),SomaAgrup)","v":2023.02},0,{"$f":"IF($N215=\"\",\"\",IF(ORÇAMENTO.Descricao=\"\",\"DESCRIÇÃO\",IF(AND($C215=\"S\",ORÇAMENTO.Unidade=\"\"),\"UNIDADE\",IF($X215<0,\"VALOR NEGATIVO\",IF(OR(AND(TIPOORCAMENTO=\"Proposto\",$AG215<>\"\",$AG215>0,ORÇAMENTO.CustoUnitario>$AG215),AND(TIPOORCAMENTO=\"LICITADO\",ORÇAMENTO.PrecoUnitarioLicitado>$AN215)),\"ACIMA REF.\",\"\")))))","v":""},{"$f":"IF(C215<=CRONO.NivelExibicao,MAX($AD$15:OFFSET(AD215,-1,0))+IF($C215<>1,1,MAX(1,COUNTIF(QCI!$A$13:$A$24,OFFSET($E215,-1,0)))),\"\")","v":""},{"$f":"IF(AND($C215=\"S\",ORÇAMENTO.CodBarra<>\"\"),IF(ORÇAMENTO.Fonte=\"\",ORÇAMENTO.CodBarra,CONCATENATE(ORÇAMENTO.Fonte,\" \",ORÇAMENTO.CodBarra)))","v":"Composição 23"},{"$f":"IF(ISERROR(INDIRECT(ORÇAMENTO.BancoRef)),\"(abra o arquivo 'Referência \"&Excel_BuiltIn_Database&\".xlsm)\",IF(OR($C215<>\"S\",ORÇAMENTO.CodBarra=\"\"),\"(Sem Código)\",IF(ISERROR(MATCH($AE215,INDIRECT(ORÇAMENTO.BancoRef),0)),\"(Código não identificado nas referências)\",MATCH($AE215,INDIRECT(ORÇAMENTO.BancoRef),0))))","v":25},{"$f":"ROUND(IF(DESONERACAO=\"sim\",REFERENCIA.Desonerado,REFERENCIA.NaoDesonerado),2)","v":266.75},0.26400000000000001,null,null,null,null,2023.02,337.17]
[{"$f":"CHOOSE(1+LOG(1+2*(ORÇAMENTO.Nivel=\"Meta\")+4*(ORÇAMENTO.Nivel=\"Nível 2\")+8*(ORÇAMENTO.Nivel=\"Nível 3\")+16*(ORÇAMENTO.Nivel=\"Nível 4\")+32*(ORÇAMENTO.Nivel=\"Serviço\"),2),0,1,2,3,4,\"S\")","v":"S"},{"$f":"IF(OR(C216=\"s\",C216=0),OFFSET(B216,-1,0),C216)","v":3},{"$f":"IF(OFFSET(C216,-1,0)=\"L\",1,IF(OFFSET(C216,-1,0)=1,2,IF(OR(A216=\"s\",A216=0),\"S\",IF(AND(OFFSET(C216,-1,0)=2,A216=4),3,IF(AND(OR(OFFSET(C216,-1,0)=\"s\",OFFSET(C216,-1,0)=0),A216<>\"s\",A216>OFFSET(B216,-1,0)),OFFSET(B216,-1,0),A216)))))","v":"S"},{"$f":"IF(OR(C216=\"S\",C216=0),0,IF(ISERROR(K216),J216,SMALL(J216:K216,1)))","v":0},{"$f":"IF($C216=1,OFFSET(E216,-1,0)+MAX(1,COUNTIF(QCI!$A$13:$A$24,OFFSET(ORÇAMENTO!E216,-1,0))),OFFSET(E216,-1,0))","v":1},{"$f":"IF($C216=1,0,IF($C216=2,OFFSET(F216,-1,0)+1,OFFSET(F216,-1,0)))","v":16},{"$f":"IF(AND($C216<=2,$C216<>0),0,IF($C216=3,OFFSET(G216,-1,0)+1,OFFSET(G216,-1,0)))","v":1},{"$f":"IF(AND($C216<=3,$C216<>0),0,IF($C216=4,OFFSET(H216,-1,0)+1,OFFSET(H216,-1,0)))","v":0},{"$f":"IF(AND($C216<=4,$C216<>0),0,IF(AND($C216=\"S\",$X216>0),OFFSET(I216,-1,0)+1,OFFSET(I216,-1,0)))","v":13},0,{"$f":"IF(OR($C216=\"S\",$C216=0),0,MATCH(OFFSET($D216,0,$C216)+IF($C216<>1,1,COUNTIF(QCI!$A$13:$A$24,ORÇAMENTO!E216)),OFFSET($D216,1,$C216,ROW($C$296)-ROW($C216)),0))","v":0},{"$f":"IF(OR($X216>0,$C216=1,$C216=2,$C216=3,$C216=4),\"F\",\"\")","v":"F"},"Serviço",{"$f":"CHOOSE(1+LOG(1+2*(C216=1)+4*(C216=2)+8*(C216=3)+16*(C216=4)+32*(C216=\"S\"),2),\"\",\"Meta\",\"Nível 2\",\"Nível 3\",\"Nível 4\",\"Serviço\")","v":"Serviço"},{"$f":"IF(OR($C216=0,$L216=\"\"),\"-\",CONCATENATE(E216&\".\",IF(AND($A$5>=2,$C216>=2),F216&\".\",\"\"),IF(AND($A$5>=3,$C216>=3),G216&\".\",\"\"),IF(AND($A$5>=4,$C216>=4),H216&\".\",\"\"),IF($C216=\"S\",I216&\".\",\"\")))","v":"1.16.1.13."},"SINAPI-I","37400",{"$f":"IF($C216=\"S\",REFERENCIA.Descricao,\"(digite a descrição aqui)\")","v":"PAPELEIRA PLASTICA TIPO DISPENSER PARA PAPEL HIGIENICO ROLAO                                                                                                                                                                                                                                                                                                                                                                                                                                              "},{"$f":"REFERENCIA.Unidade","v":"UN    "},{"$f":"OFFSET(CÁLCULO!H$15,ROW($T216)-ROW(T$15),0)","v":2},46.74,"BDI 1",{"$f":"IF($C216=\"S\",ROUND(IF(TIPOORCAMENTO=\"Proposto\",ORÇAMENTO.CustoUnitario*(1+$AH216),ORÇAMENTO.PrecoUnitarioLicitado),15-13*$AF$10),0)","v":59.08},{"$f":"IF($C216=\"S\",IF(Import.TipoArredondamento<>\"TransfereGOV\",VTOTAL1,SUM(OFFSET(CÁLCULO!$AA$15,ROW($X216)-ROW($X$15),1):OFFSET(CÁLCULO!$AL$15,ROW($X216)-ROW($X$15),-1))),IF($C216=0,0,ROUND(SomaAgrup,15-13*$AF$11)))","v":118.16},"RA",{"$f":"IF(AND($C216=\"S\",$X216>0),IF(ISBLANK($Y216),\"RA\",LEFT($Y216,2)),\"\")","v":"RA"},{"$f":"IF($C216=\"S\",IF($Z216=\"CP\",$X216,IF($Z216=\"RA\",(($X216)*QCI!$AA$3),0)),SomaAgrup)","v":118.16},{"$f":"IF($C216=\"S\",IF($Z216=\"OU\",ROUND($X216,2),0),SomaAgrup)","v":0},{"$f":"IF($N216=\"\",\"\",IF(ORÇAMENTO.Descricao=\"\",\"DESCRIÇÃO\",IF(AND($C216=\"S\",ORÇAMENTO.Unidade=\"\"),\"UNIDADE\",IF($X216<0,\"VALOR NEGATIVO\",IF(OR(AND(TIPOORCAMENTO=\"Proposto\",$AG216<>\"\",$AG216>0,ORÇAMENTO.CustoUnitario>$AG216),AND(TIPOORCAMENTO=\"LICITADO\",ORÇAMENTO.PrecoUnitarioLicitado>$AN216)),\"ACIMA REF.\",\"\")))))","v":""},{"$f":"IF(C216<=CRONO.NivelExibicao,MAX($AD$15:OFFSET(AD216,-1,0))+IF($C216<>1,1,MAX(1,COUNTIF(QCI!$A$13:$A$24,OFFSET($E216,-1,0)))),\"\")","v":""},{"$f":"IF(AND($C216=\"S\",ORÇAMENTO.CodBarra<>\"\"),IF(ORÇAMENTO.Fonte=\"\",ORÇAMENTO.CodBarra,CONCATENATE(ORÇAMENTO.Fonte,\" \",ORÇAMENTO.CodBarra)))","v":"SINAPI-I 37400"},{"$f":"IF(ISERROR(INDIRECT(ORÇAMENTO.BancoRef)),\"(abra o arquivo 'Referência \"&Excel_BuiltIn_Database&\".xlsm)\",IF(OR($C216<>\"S\",ORÇAMENTO.CodBarra=\"\"),\"(Sem Código)\",IF(ISERROR(MATCH($AE216,INDIRECT(ORÇAMENTO.BancoRef),0)),\"(Código não identificado nas referências)\",MATCH($AE216,INDIRECT(ORÇAMENTO.BancoRef),0))))","v":10930},{"$f":"ROUND(IF(DESONERACAO=\"sim\",REFERENCIA.Desonerado,REFERENCIA.NaoDesonerado),2)","v":46.74},{"$f":"ROUND(IF(ISNUMBER(ORÇAMENTO.OpcaoBDI),ORÇAMENTO.OpcaoBDI,IF(LEFT(ORÇAMENTO.OpcaoBDI,3)=\"BDI\",HLOOKUP(ORÇAMENTO.OpcaoBDI,$F$4:$H$5,2,FALSE),0)),15-11*$AF$9)","v":0.26400000000000001},null,null,null,null,118.16,{"$f":"ROUND(ORÇAMENTO.CustoUnitario*(1+$AH216),2)","v":59.08}]
["S",3,"S",0,{"$f":"IF($C217=1,OFFSET(E217,-1,0)+MAX(1,COUNTIF(QCI!$A$13:$A$24,OFFSET(ORÇAMENTO!E217,-1,0))),OFFSET(E217,-1,0))","v":1},16,1,0,14,0,{"$f":"IF(OR($C217=\"S\",$C217=0),0,MATCH(OFFSET($D217,0,$C217)+IF($C217<>1,1,COUNTIF(QCI!$A$13:$A$24,ORÇAMENTO!E217)),OFFSET($D217,1,$C217,ROW($C$296)-ROW($C217)),0))","v":0},"F","Serviço","Serviço","1.16.1.14.","Composição","21",{"$f":"IF($C217=\"S\",REFERENCIA.Descricao,\"(digite a descrição aqui)\")","v":"ESPELHO CRISTAL 4MM 50X60CM , FIXADO EM CHAPA DE MDF 12MM 50X60CM BRANCO LISO, REVESTIDO LATERALMENTE COM FITA BRANCA  DE ACABAMENTO-  INSTALADO NA PAREDE"},{"$f":"REFERENCIA.Unidade","v":"UNIDADE"},{"$f":"OFFSET(CÁLCULO!H$15,ROW($T217)-ROW(T$15),0)","v":4},147.31,"BDI 1",{"$f":"IF($C217=\"S\",ROUND(IF(TIPOORCAMENTO=\"Proposto\",ORÇAMENTO.CustoUnitario*(1+$AH217),ORÇAMENTO.PrecoUnitarioLicitado),15-13*$AF$10),0)","v":186.2},{"$f":"IF($C217=\"S\",IF(Import.TipoArredondamento<>\"TransfereGOV\",VTOTAL1,SUM(OFFSET(CÁLCULO!$AA$15,ROW($X217)-ROW($X$15),1):OFFSET(CÁLCULO!$AL$15,ROW($X217)-ROW($X$15),-1))),IF($C217=0,0,ROUND(SomaAgrup,15-13*$AF$11)))","v":744.8},"RA","RA",{"$f":"IF($C217=\"S\",IF($Z217=\"CP\",$X217,IF($Z217=\"RA\",(($X217)*QCI!$AA$3),0)),SomaAgrup)","v":744.8},0,{"$f":"IF($N217=\"\",\"\",IF(ORÇAMENTO.Descricao=\"\",\"DESCRIÇÃO\",IF(AND($C217=\"S\",ORÇAMENTO.Unidade=\"\"),\"UNIDADE\",IF($X217<0,\"VALOR NEGATIVO\",IF(OR(AND(TIPOORCAMENTO=\"Proposto\",$AG217<>\"\",$AG217>0,ORÇAMENTO.CustoUnitario>$AG217),AND(TIPOORCAMENTO=\"LICITADO\",ORÇAMENTO.PrecoUnitarioLicitado>$AN217)),\"ACIMA REF.\",\"\")))))","v":""},{"$f":"IF(C217<=CRONO.NivelExibicao,MAX($AD$15:OFFSET(AD217,-1,0))+IF($C217<>1,1,MAX(1,COUNTIF(QCI!$A$13:$A$24,OFFSET($E217,-1,0)))),\"\")","v":""},{"$f":"IF(AND($C217=\"S\",ORÇAMENTO.CodBarra<>\"\"),IF(ORÇAMENTO.Fonte=\"\",ORÇAMENTO.CodBarra,CONCATENATE(ORÇAMENTO.Fonte,\" \",ORÇAMENTO.CodBarra)))","v":"Composição 21"},{"$f":"IF(ISERROR(INDIRECT(ORÇAMENTO.BancoRef)),\"(abra o arquivo 'Referência \"&Excel_BuiltIn_Database&\".xlsm)\",IF(OR($C217<>\"S\",ORÇAMENTO.CodBarra=\"\"),\"(Sem Código)\",IF(ISERROR(MATCH($AE217,INDIRECT(ORÇAMENTO.BancoRef),0)),\"(Código não identificado nas referências)\",MATCH($AE217,INDIRECT(ORÇAMENTO.BancoRef),0))))","v":23},{"$f":"ROUND(IF(DESONERACAO=\"sim\",REFERENCIA.Desonerado,REFERENCIA.NaoDesonerado),2)","v":147.31},0.26400000000000001,null,null,null,null,744.8,186.2]
[{"$f":"CHOOSE(1+LOG(1+2*(ORÇAMENTO.Nivel=\"Meta\")+4*(ORÇAMENTO.Nivel=\"Nível 2\")+8*(ORÇAMENTO.Nivel=\"Nível 3\")+16*(ORÇAMENTO.Nivel=\"Nível 4\")+32*(ORÇAMENTO.Nivel=\"Serviço\"),2),0,1,2,3,4,\"S\")","v":"S"},{"$f":"IF(OR(C218=\"s\",C218=0),OFFSET(B218,-1,0),C218)","v":3},{"$f":"IF(OFFSET(C218,-1,0)=\"L\",1,IF(OFFSET(C218,-1,0)=1,2,IF(OR(A218=\"s\",A218=0),\"S\",IF(AND(OFFSET(C218,-1,0)=2,A218=4),3,IF(AND(OR(OFFSET(C218,-1,0)=\"s\",OFFSET(C218,-1,0)=0),A218<>\"s\",A218>OFFSET(B218,-1,0)),OFFSET(B218,-1,0),A218)))))","v":"S"},{"$f":"IF(OR(C218=\"S\",C218=0),0,IF(ISERROR(K218),J218,SMALL(J218:K218,1)))","v":0},{"$f":"IF($C218=1,OFFSET(E218,-1,0)+MAX(1,COUNTIF(QCI!$A$13:$A$24,OFFSET(ORÇAMENTO!E218,-1,0))),OFFSET(E218,-1,0))","v":1},{"$f":"IF($C218=1,0,IF($C218=2,OFFSET(F218,-1,0)+1,OFFSET(F218,-1,0)))","v":16},{"$f":"IF(AND($C218<=2,$C218<>0),0,IF($C218=3,OFFSET(G218,-1,0)+1,OFFSET(G218,-1,0)))","v":1},{"$f":"IF(AND($C218<=3,$C218<>0),0,IF($C218=4,OFFSET(H218,-1,0)+1,OFFSET(H218,-1,0)))","v":0},{"$f":"IF(AND($C218<=4,$C218<>0),0,IF(AND($C218=\"S\",$X218>0),OFFSET(I218,-1,0)+1,OFFSET(I218,-1,0)))","v":15},0,{"$f":"IF(OR($C218=\"S\",$C218=0),0,MATCH(OFFSET($D218,0,$C218)+IF($C218<>1,1,COUNTIF(QCI!$A$13:$A$24,ORÇAMENTO!E218)),OFFSET($D218,1,$C218,ROW($C$296)-ROW($C218)),0))","v":0},{"$f":"IF(OR($X218>0,$C218=1,$C218=2,$C218=3,$C218=4),\"F\",\"\")","v":"F"},"Serviço",{"$f":"CHOOSE(1+LOG(1+2*(C218=1)+4*(C218=2)+8*(C218=3)+16*(C218=4)+32*(C218=\"S\"),2),\"\",\"Meta\",\"Nível 2\",\"Nível 3\",\"Nível 4\",\"Serviço\")","v":"Serviço"},{"$f":"IF(OR($C218=0,$L218=\"\"),\"-\",CONCATENATE(E218&\".\",IF(AND($A$5>=2,$C218>=2),F218&\".\",\"\"),IF(AND($A$5>=3,$C218>=3),G218&\".\",\"\"),IF(AND($A$5>=4,$C218>=4),H218&\".\",\"\"),IF($C218=\"S\",I218&\".\",\"\")))","v":"1.16.1.15."},"Composição","22",{"$f":"IF($C218=\"S\",REFERENCIA.Descricao,\"(digite a descrição aqui)\")","v":"CHUVEIRO ELÉTRICO COMUM CORPO PLÁSTICO BRANCO, COM CANO, 3 TEMPERATURAS, 5500W, INCLUI MANGUEIRA E DUCHA MANUAL COM SUPORTE E PARAFUSOS, TIPO DUCHA - FORNECIMENTO E INSTALAÇÃO. AF_01/2020 (BASE 100860)"},{"$f":"REFERENCIA.Unidade","v":"UNIDADE"},{"$f":"OFFSET(CÁLCULO!H$15,ROW($T218)-ROW(T$15),0)","v":6},97.41,"BDI 1",{"$f":"IF($C218=\"S\",ROUND(IF(TIPOORCAMENTO=\"Proposto\",ORÇAMENTO.CustoUnitario*(1+$AH218),ORÇAMENTO.PrecoUnitarioLicitado),15-13*$AF$10),0)","v":123.13},{"$f":"IF($C218=\"S\",IF(Import.TipoArredondamento<>\"TransfereGOV\",VTOTAL1,SUM(OFFSET(CÁLCULO!$AA$15,ROW($X218)-ROW($X$15),1):OFFSET(CÁLCULO!$AL$15,ROW($X218)-ROW($X$15),-1))),IF($C218=0,0,ROUND(SomaAgrup,15-13*$AF$11)))","v":738.78},"RA",{"$f":"IF(AND($C218=\"S\",$X218>0),IF(ISBLANK($Y218),\"RA\",LEFT($Y218,2)),\"\")","v":"RA"},{"$f":"IF($C218=\"S\",IF($Z218=\"CP\",$X218,IF($Z218=\"RA\",(($X218)*QCI!$AA$3),0)),SomaAgrup)","v":738.78},{"$f":"IF($C218=\"S\",IF($Z218=\"OU\",ROUND($X218,2),0),SomaAgrup)","v":0},{"$f":"IF($N218=\"\",\"\",IF(ORÇAMENTO.Descricao=\"\",\"DESCRIÇÃO\",IF(AND($C218=\"S\",ORÇAMENTO.Unidade=\"\"),\"UNIDADE\",IF($X218<0,\"VALOR NEGATIVO\",IF(OR(AND(TIPOORCAMENTO=\"Proposto\",$AG218<>\"\",$AG218>0,ORÇAMENTO.CustoUnitario>$AG218),AND(TIPOORCAMENTO=\"LICITADO\",ORÇAMENTO.PrecoUnitarioLicitado>$AN218)),\"ACIMA REF.\",\"\")))))","v":""},{"$f":"IF(C218<=CRONO.NivelExibicao,MAX($AD$15:OFFSET(AD218,-1,0))+IF($C218<>1,1,MAX(1,COUNTIF(QCI!$A$13:$A$24,OFFSET($E218,-1,0)))),\"\")","v":""},{"$f":"IF(AND($C218=\"S\",ORÇAMENTO.CodBarra<>\"\"),IF(ORÇAMENTO.Fonte=\"\",ORÇAMENTO.CodBarra,CONCATENATE(ORÇAMENTO.Fonte,\" \",ORÇAMENTO.CodBarra)))","v":"Composição 22"},{"$f":"IF(ISERROR(INDIRECT(ORÇAMENTO.BancoRef)),\"(abra o arquivo 'Referência \"&Excel_BuiltIn_Database&\".xlsm)\",IF(OR($C218<>\"S\",ORÇAMENTO.CodBarra=\"\"),\"(Sem Código)\",IF(ISERROR(MATCH($AE218,INDIRECT(ORÇAMENTO.BancoRef),0)),\"(Código não identificado nas referências)\",MATCH($AE218,INDIRECT(ORÇAMENTO.BancoRef),0))))","v":24},{"$f":"ROUND(IF(DESONERACAO=\"sim\",REFERENCIA.Desonerado,REFERENCIA.NaoDesonerado),2)","v":97.41},{"$f":"ROUND(IF(ISNUMBER(ORÇAMENTO.OpcaoBDI),ORÇAMENTO.OpcaoBDI,IF(LEFT(ORÇAMENTO.OpcaoBDI,3)=\"BDI\",HLOOKUP(ORÇAMENTO.OpcaoBDI,$F$4:$H$5,2,FALSE),0)),15-11*$AF$9)","v":0.26400000000000001},null,null,null,null,738.78,{"$f":"ROUND(ORÇAMENTO.CustoUnitario*(1+$AH218),2)","v":123.13}]
["S",{"$f":"IF(OR(C219=\"s\",C219=0),OFFSET(B219,-1,0),C219)","v":3},{"$f":"IF(OFFSET(C219,-1,0)=\"L\",1,IF(OFFSET(C219,-1,0)=1,2,IF(OR(A219=\"s\",A219=0),\"S\",IF(AND(OFFSET(C219,-1,0)=2,A219=4),3,IF(AND(OR(OFFSET(C219,-1,0)=\"s\",OFFSET(C219,-1,0)=0),A219<>\"s\",A219>OFFSET(B219,-1,0)),OFFSET(B219,-1,0),A219)))))","v":"S"},{"$f":"IF(OR(C219=\"S\",C219=0),0,IF(ISERROR(K219),J219,SMALL(J219:K219,1)))","v":0},{"$f":"IF($C219=1,OFFSET(E219,-1,0)+MAX(1,COUNTIF(QCI!$A$13:$A$24,OFFSET(ORÇAMENTO!E219,-1,0))),OFFSET(E219,-1,0))","v":1},{"$f":"IF($C219=1,0,IF($C219=2,OFFSET(F219,-1,0)+1,OFFSET(F219,-1,0)))","v":16},{"$f":"IF(AND($C219<=2,$C219<>0),0,IF($C219=3,OFFSET(G219,-1,0)+1,OFFSET(G219,-1,0)))","v":1},{"$f":"IF(AND($C219<=3,$C219<>0),0,IF($C219=4,OFFSET(H219,-1,0)+1,OFFSET(H219,-1,0)))","v":0},{"$f":"IF(AND($C219<=4,$C219<>0),0,IF(AND($C219=\"S\",$X219>0),OFFSET(I219,-1,0)+1,OFFSET(I219,-1,0)))","v":16},0,{"$f":"IF(OR($C219=\"S\",$C219=0),0,MATCH(OFFSET($D219,0,$C219)+IF($C219<>1,1,COUNTIF(QCI!$A$13:$A$24,ORÇAMENTO!E219)),OFFSET($D219,1,$C219,ROW($C$296)-ROW($C219)),0))","v":0},{"$f":"IF(OR($X219>0,$C219=1,$C219=2,$C219=3,$C219=4),\"F\",\"\")","v":"F"},"Serviço",{"$f":"CHOOSE(1+LOG(1+2*(C219=1)+4*(C219=2)+8*(C219=3)+16*(C219=4)+32*(C219=\"S\"),2),\"\",\"Meta\",\"Nível 2\",\"Nível 3\",\"Nível 4\",\"Serviço\")","v":"Serviço"},{"$f":"IF(OR($C219=0,$L219=\"\"),\"-\",CONCATENATE(E219&\".\",IF(AND($A$5>=2,$C219>=2),F219&\".\",\"\"),IF(AND($A$5>=3,$C219>=3),G219&\".\",\"\"),IF(AND($A$5>=4,$C219>=4),H219&\".\",\"\"),IF($C219=\"S\",I219&\".\",\"\")))","v":"1.16.1.16."},"SINAPI","89985",{"$f":"IF($C219=\"S\",REFERENCIA.Descricao,\"(digite a descrição aqui)\")","v":"REGISTRO DE PRESSÃO BRUTO, LATÃO, ROSCÁVEL, 3/4\", COM ACABAMENTO E CANOPLA CROMADOS - FORNECIMENTO E INSTALAÇÃO. AF_08/2021"},{"$f":"REFERENCIA.Unidade","v":"UN"},{"$f":"OFFSET(CÁLCULO!H$15,ROW($T219)-ROW(T$15),0)","v":11},108.81,"BDI 1",{"$f":"IF($C219=\"S\",ROUND(IF(TIPOORCAMENTO=\"Proposto\",ORÇAMENTO.CustoUnitario*(1+$AH219),ORÇAMENTO.PrecoUnitarioLicitado),15-13*$AF$10),0)","v":137.54},{"$f":"IF($C219=\"S\",IF(Import.TipoArredondamento<>\"TransfereGOV\",VTOTAL1,SUM(OFFSET(CÁLCULO!$AA$15,ROW($X219)-ROW($X$15),1):OFFSET(CÁLCULO!$AL$15,ROW($X219)-ROW($X$15),-1))),IF($C219=0,0,ROUND(SomaAgrup,15-13*$AF$11)))","v":1512.94},"RA",{"$f":"IF(AND($C219=\"S\",$X219>0),IF(ISBLANK($Y219),\"RA\",LEFT($Y219,2)),\"\")","v":"RA"},{"$f":"IF($C219=\"S\",IF($Z219=\"CP\",$X219,IF($Z219=\"RA\",(($X219)*QCI!$AA$3),0)),SomaAgrup)","v":1512.94},0,{"$f":"IF($N219=\"\",\"\",IF(ORÇAMENTO.Descricao=\"\",\"DESCRIÇÃO\",IF(AND($C219=\"S\",ORÇAMENTO.Unidade=\"\"),\"UNIDADE\",IF($X219<0,\"VALOR NEGATIVO\",IF(OR(AND(TIPOORCAMENTO=\"Proposto\",$AG219<>\"\",$AG219>0,ORÇAMENTO.CustoUnitario>$AG219),AND(TIPOORCAMENTO=\"LICITADO\",ORÇAMENTO.PrecoUnitarioLicitado>$AN219)),\"ACIMA REF.\",\"\")))))","v":""},{"$f":"IF(C219<=CRONO.NivelExibicao,MAX($AD$15:OFFSET(AD219,-1,0))+IF($C219<>1,1,MAX(1,COUNTIF(QCI!$A$13:$A$24,OFFSET($E219,-1,0)))),\"\")","v":""},{"$f":"IF(AND($C219=\"S\",ORÇAMENTO.CodBarra<>\"\"),IF(ORÇAMENTO.Fonte=\"\",ORÇAMENTO.CodBarra,CONCATENATE(ORÇAMENTO.Fonte,\" \",ORÇAMENTO.CodBarra)))","v":"SINAPI 89985"},{"$f":"IF(ISERROR(INDIRECT(ORÇAMENTO.BancoRef)),\"(abra o arquivo 'Referência \"&Excel_BuiltIn_Database&\".xlsm)\",IF(OR($C219<>\"S\",ORÇAMENTO.CodBarra=\"\"),\"(Sem Código)\",IF(ISERROR(MATCH($AE219,INDIRECT(ORÇAMENTO.BancoRef),0)),\"(Código não identificado nas referências)\",MATCH($AE219,INDIRECT(ORÇAMENTO.BancoRef),0))))","v":5460},{"$f":"ROUND(IF(DESONERACAO=\"sim\",REFERENCIA.Desonerado,REFERENCIA.NaoDesonerado),2)","v":108.81},0.26400000000000001,null,null,null,null,1512.94,137.54]
["S",3,"S",0,{"$f":"IF($C220=1,OFFSET(E220,-1,0)+MAX(1,COUNTIF(QCI!$A$13:$A$24,OFFSET(ORÇAMENTO!E220,-1,0))),OFFSET(E220,-1,0))","v":1},16,1,0,17,0,{"$f":"IF(OR($C220=\"S\",$C220=0),0,MATCH(OFFSET($D220,0,$C220)+IF($C220<>1,1,COUNTIF(QCI!$A$13:$A$24,ORÇAMENTO!E220)),OFFSET($D220,1,$C220,ROW($C$296)-ROW($C220)),0))","v":0},"F","Serviço","Serviço","1.16.1.17.","Composição","31",{"$f":"IF($C220=\"S\",REFERENCIA.Descricao,\"(digite a descrição aqui)\")","v":"DUCHA HIGIENICA PLASTICA COM REGISTRO METALICO 1/2\" - FORNECIMENTO E INSTALAÇÃO                                                                                                                                                                                                                                                                                                                                                                                                                                                      "},{"$f":"REFERENCIA.Unidade","v":"UNIDADE"},{"$f":"OFFSET(CÁLCULO!H$15,ROW($T220)-ROW(T$15),0)","v":8},120.18,"BDI 1",{"$f":"IF($C220=\"S\",ROUND(IF(TIPOORCAMENTO=\"Proposto\",ORÇAMENTO.CustoUnitario*(1+$AH220),ORÇAMENTO.PrecoUnitarioLicitado),15-13*$AF$10),0)","v":151.91},{"$f":"IF($C220=\"S\",IF(Import.TipoArredondamento<>\"TransfereGOV\",VTOTAL1,SUM(OFFSET(CÁLCULO!$AA$15,ROW($X220)-ROW($X$15),1):OFFSET(CÁLCULO!$AL$15,ROW($X220)-ROW($X$15),-1))),IF($C220=0,0,ROUND(SomaAgrup,15-13*$AF$11)))","v":1215.28},"RA","RA",{"$f":"IF($C220=\"S\",IF($Z220=\"CP\",$X220,IF($Z220=\"RA\",(($X220)*QCI!$AA$3),0)),SomaAgrup)","v":1215.28},0,{"$f":"IF($N220=\"\",\"\",IF(ORÇAMENTO.Descricao=\"\",\"DESCRIÇÃO\",IF(AND($C220=\"S\",ORÇAMENTO.Unidade=\"\"),\"UNIDADE\",IF($X220<0,\"VALOR NEGATIVO\",IF(OR(AND(TIPOORCAMENTO=\"Proposto\",$AG220<>\"\",$AG220>0,ORÇAMENTO.CustoUnitario>$AG220),AND(TIPOORCAMENTO=\"LICITADO\",ORÇAMENTO.PrecoUnitarioLicitado>$AN220)),\"ACIMA REF.\",\"\")))))","v":""},{"$f":"IF(C220<=CRONO.NivelExibicao,MAX($AD$15:OFFSET(AD220,-1,0))+IF($C220<>1,1,MAX(1,COUNTIF(QCI!$A$13:$A$24,OFFSET($E220,-1,0)))),\"\")","v":""},{"$f":"IF(AND($C220=\"S\",ORÇAMENTO.CodBarra<>\"\"),IF(ORÇAMENTO.Fonte=\"\",ORÇAMENTO.CodBarra,CONCATENATE(ORÇAMENTO.Fonte,\" \",ORÇAMENTO.CodBarra)))","v":"Composição 31"},{"$f":"IF(ISERROR(INDIRECT(ORÇAMENTO.BancoRef)),\"(abra o arquivo 'Referência \"&Excel_BuiltIn_Database&\".xlsm)\",IF(OR($C220<>\"S\",ORÇAMENTO.CodBarra=\"\"),\"(Sem Código)\",IF(ISERROR(MATCH($AE220,INDIRECT(ORÇAMENTO.BancoRef),0)),\"(Código não identificado nas referências)\",MATCH($AE220,INDIRECT(ORÇAMENTO.BancoRef),0))))","v":33},{"$f":"ROUND(IF(DESONERACAO=\"sim\",REFERENCIA.Desonerado,REFERENCIA.NaoDesonerado),2)","v":120.18},0.26400000000000001,null,null,null,null,1215.28,151.91]
[{"$f":"CHOOSE(1+LOG(1+2*(ORÇAMENTO.Nivel=\"Meta\")+4*(ORÇAMENTO.Nivel=\"Nível 2\")+8*(ORÇAMENTO.Nivel=\"Nível 3\")+16*(ORÇAMENTO.Nivel=\"Nível 4\")+32*(ORÇAMENTO.Nivel=\"Serviço\"),2),0,1,2,3,4,\"S\")","v":"S"},{"$f":"IF(OR(C221=\"s\",C221=0),OFFSET(B221,-1,0),C221)","v":3},{"$f":"IF(OFFSET(C221,-1,0)=\"L\",1,IF(OFFSET(C221,-1,0)=1,2,IF(OR(A221=\"s\",A221=0),\"S\",IF(AND(OFFSET(C221,-1,0)=2,A221=4),3,IF(AND(OR(OFFSET(C221,-1,0)=\"s\",OFFSET(C221,-1,0)=0),A221<>\"s\",A221>OFFSET(B221,-1,0)),OFFSET(B221,-1,0),A221)))))","v":"S"},{"$f":"IF(OR(C221=\"S\",C221=0),0,IF(ISERROR(K221),J221,SMALL(J221:K221,1)))","v":0},{"$f":"IF($C221=1,OFFSET(E221,-1,0)+MAX(1,COUNTIF(QCI!$A$13:$A$24,OFFSET(ORÇAMENTO!E221,-1,0))),OFFSET(E221,-1,0))","v":1},{"$f":"IF($C221=1,0,IF($C221=2,OFFSET(F221,-1,0)+1,OFFSET(F221,-1,0)))","v":16},{"$f":"IF(AND($C221<=2,$C221<>0),0,IF($C221=3,OFFSET(G221,-1,0)+1,OFFSET(G221,-1,0)))","v":1},{"$f":"IF(AND($C221<=3,$C221<>0),0,IF($C221=4,OFFSET(H221,-1,0)+1,OFFSET(H221,-1,0)))","v":0},{"$f":"IF(AND($C221<=4,$C221<>0),0,IF(AND($C221=\"S\",$X221>0),OFFSET(I221,-1,0)+1,OFFSET(I221,-1,0)))","v":18},0,{"$f":"IF(OR($C221=\"S\",$C221=0),0,MATCH(OFFSET($D221,0,$C221)+IF($C221<>1,1,COUNTIF(QCI!$A$13:$A$24,ORÇAMENTO!E221)),OFFSET($D221,1,$C221,ROW($C$296)-ROW($C221)),0))","v":0},{"$f":"IF(OR($X221>0,$C221=1,$C221=2,$C221=3,$C221=4),\"F\",\"\")","v":"F"},"Serviço",{"$f":"CHOOSE(1+LOG(1+2*(C221=1)+4*(C221=2)+8*(C221=3)+16*(C221=4)+32*(C221=\"S\"),2),\"\",\"Meta\",\"Nível 2\",\"Nível 3\",\"Nível 4\",\"Serviço\")","v":"Serviço"},{"$f":"IF(OR($C221=0,$L221=\"\"),\"-\",CONCATENATE(E221&\".\",IF(AND($A$5>=2,$C221>=2),F221&\".\",\"\"),IF(AND($A$5>=3,$C221>=3),G221&\".\",\"\"),IF(AND($A$5>=4,$C221>=4),H221&\".\",\"\"),IF($C221=\"S\",I221&\".\",\"\")))","v":"1.16.1.18."},"Composição","26",{"$f":"IF($C221=\"S\",REFERENCIA.Descricao,\"(digite a descrição aqui)\")","v":"ESPELHO CRISTAL 4MM 123X60CM , FIXADO EM CHAPA DE MDF 12MM 50X60CM BRANCO LISO, REVESTIDO LATERALMENTE COM FITA BRANCA  DE ACABAMENTO-  INSTALADO NA PAREDE"},{"$f":"REFERENCIA.Unidade","v":"UNIDADE"},{"$f":"OFFSET(CÁLCULO!H$15,ROW($T221)-ROW(T$15),0)","v":2},364.23,"BDI 1",{"$f":"IF($C221=\"S\",ROUND(IF(TIPOORCAMENTO=\"Proposto\",ORÇAMENTO.CustoUnitario*(1+$AH221),ORÇAMENTO.PrecoUnitarioLicitado),15-13*$AF$10),0)","v":460.39},{"$f":"IF($C221=\"S\",IF(Import.TipoArredondamento<>\"TransfereGOV\",VTOTAL1,SUM(OFFSET(CÁLCULO!$AA$15,ROW($X221)-ROW($X$15),1):OFFSET(CÁLCULO!$AL$15,ROW($X221)-ROW($X$15),-1))),IF($C221=0,0,ROUND(SomaAgrup,15-13*$AF$11)))","v":920.78},"RA",{"$f":"IF(AND($C221=\"S\",$X221>0),IF(ISBLANK($Y221),\"RA\",LEFT($Y221,2)),\"\")","v":"RA"},{"$f":"IF($C221=\"S\",IF($Z221=\"CP\",$X221,IF($Z221=\"RA\",(($X221)*QCI!$AA$3),0)),SomaAgrup)","v":920.78},{"$f":"IF($C221=\"S\",IF($Z221=\"OU\",ROUND($X221,2),0),SomaAgrup)","v":0},{"$f":"IF($N221=\"\",\"\",IF(ORÇAMENTO.Descricao=\"\",\"DESCRIÇÃO\",IF(AND($C221=\"S\",ORÇAMENTO.Unidade=\"\"),\"UNIDADE\",IF($X221<0,\"VALOR NEGATIVO\",IF(OR(AND(TIPOORCAMENTO=\"Proposto\",$AG221<>\"\",$AG221>0,ORÇAMENTO.CustoUnitario>$AG221),AND(TIPOORCAMENTO=\"LICITADO\",ORÇAMENTO.PrecoUnitarioLicitado>$AN221)),\"ACIMA REF.\",\"\")))))","v":""},{"$f":"IF(C221<=CRONO.NivelExibicao,MAX($AD$15:OFFSET(AD221,-1,0))+IF($C221<>1,1,MAX(1,COUNTIF(QCI!$A$13:$A$24,OFFSET($E221,-1,0)))),\"\")","v":""},{"$f":"IF(AND($C221=\"S\",ORÇAMENTO.CodBarra<>\"\"),IF(ORÇAMENTO.Fonte=\"\",ORÇAMENTO.CodBarra,CONCATENATE(ORÇAMENTO.Fonte,\" \",ORÇAMENTO.CodBarra)))","v":"Composição 26"},{"$f":"IF(ISERROR(INDIRECT(ORÇAMENTO.BancoRef)),\"(abra o arquivo 'Referência \"&Excel_BuiltIn_Database&\".xlsm)\",IF(OR($C221<>\"S\",ORÇAMENTO.CodBarra=\"\"),\"(Sem Código)\",IF(ISERROR(MATCH($AE221,INDIRECT(ORÇAMENTO.BancoRef),0)),\"(Código não identificado nas referências)\",MATCH($AE221,INDIRECT(ORÇAMENTO.BancoRef),0))))","v":28},{"$f":"ROUND(IF(DESONERACAO=\"sim\",REFERENCIA.Desonerado,REFERENCIA.NaoDesonerado),2)","v":364.23},{"$f":"ROUND(IF(ISNUMBER(ORÇAMENTO.OpcaoBDI),ORÇAMENTO.OpcaoBDI,IF(LEFT(ORÇAMENTO.OpcaoBDI,3)=\"BDI\",HLOOKUP(ORÇAMENTO.OpcaoBDI,$F$4:$H$5,2,FALSE),0)),15-11*$AF$9)","v":0.26400000000000001},null,null,null,null,920.78,{"$f":"ROUND(ORÇAMENTO.CustoUnitario*(1+$AH221),2)","v":460.39}]
["S",3,"S",0,{"$f":"IF($C222=1,OFFSET(E222,-1,0)+MAX(1,COUNTIF(QCI!$A$13:$A$24,OFFSET(ORÇAMENTO!E222,-1,0))),OFFSET(E222,-1,0))","v":1},16,1,0,19,0,{"$f":"IF(OR($C222=\"S\",$C222=0),0,MATCH(OFFSET($D222,0,$C222)+IF($C222<>1,1,COUNTIF(QCI!$A$13:$A$24,ORÇAMENTO!E222)),OFFSET($D222,1,$C222,ROW($C$296)-ROW($C222)),0))","v":0},"F","Serviço","Serviço","1.16.1.19.","SINAPI","86931",{"$f":"IF($C222=\"S\",REFERENCIA.Descricao,\"(digite a descrição aqui)\")","v":"VASO SANITÁRIO SIFONADO COM CAIXA ACOPLADA LOUÇA BRANCA, INCLUSO ENGATE FLEXÍVEL EM PLÁSTICO BRANCO, 1/2  X 40CM - FORNECIMENTO E INSTALAÇÃO. AF_01/2020"},{"$f":"REFERENCIA.Unidade","v":"UN"},{"$f":"OFFSET(CÁLCULO!H$15,ROW($T222)-ROW(T$15),0)","v":2},490.75,"BDI 1",{"$f":"IF($C222=\"S\",ROUND(IF(TIPOORCAMENTO=\"Proposto\",ORÇAMENTO.CustoUnitario*(1+$AH222),ORÇAMENTO.PrecoUnitarioLicitado),15-13*$AF$10),0)","v":620.30999999999995},{"$f":"IF($C222=\"S\",IF(Import.TipoArredondamento<>\"TransfereGOV\",VTOTAL1,SUM(OFFSET(CÁLCULO!$AA$15,ROW($X222)-ROW($X$15),1):OFFSET(CÁLCULO!$AL$15,ROW($X222)-ROW($X$15),-1))),IF($C222=0,0,ROUND(SomaAgrup,15-13*$AF$11)))","v":1240.6199999999999},"RA","RA",{"$f":"IF($C222=\"S\",IF($Z222=\"CP\",$X222,IF($Z222=\"RA\",(($X222)*QCI!$AA$3),0)),SomaAgrup)","v":1240.6199999999999},0,{"$f":"IF($N222=\"\",\"\",IF(ORÇAMENTO.Descricao=\"\",\"DESCRIÇÃO\",IF(AND($C222=\"S\",ORÇAMENTO.Unidade=\"\"),\"UNIDADE\",IF($X222<0,\"VALOR NEGATIVO\",IF(OR(AND(TIPOORCAMENTO=\"Proposto\",$AG222<>\"\",$AG222>0,ORÇAMENTO.CustoUnitario>$AG222),AND(TIPOORCAMENTO=\"LICITADO\",ORÇAMENTO.PrecoUnitarioLicitado>$AN222)),\"ACIMA REF.\",\"\")))))","v":""},{"$f":"IF(C222<=CRONO.NivelExibicao,MAX($AD$15:OFFSET(AD222,-1,0))+IF($C222<>1,1,MAX(1,COUNTIF(QCI!$A$13:$A$24,OFFSET($E222,-1,0)))),\"\")","v":""},{"$f":"IF(AND($C222=\"S\",ORÇAMENTO.CodBarra<>\"\"),IF(ORÇAMENTO.Fonte=\"\",ORÇAMENTO.CodBarra,CONCATENATE(ORÇAMENTO.Fonte,\" \",ORÇAMENTO.CodBarra)))","v":"SINAPI 86931"},{"$f":"IF(ISERROR(INDIRECT(ORÇAMENTO.BancoRef)),\"(abra o arquivo 'Referência \"&Excel_BuiltIn_Database&\".xlsm)\",IF(OR($C222<>\"S\",ORÇAMENTO.CodBarra=\"\"),\"(Sem Código)\",IF(ISERROR(MATCH($AE222,INDIRECT(ORÇAMENTO.BancoRef),0)),\"(Código não identificado nas referências)\",MATCH($AE222,INDIRECT(ORÇAMENTO.BancoRef),0))))","v":5348},{"$f":"ROUND(IF(DESONERACAO=\"sim\",REFERENCIA.Desonerado,REFERENCIA.NaoDesonerado),2)","v":490.75},0.26400000000000001,null,null,null,null,1240.6199999999999,620.30999999999995]
["S",3,"S",0,{"$f":"IF($C223=1,OFFSET(E223,-1,0)+MAX(1,COUNTIF(QCI!$A$13:$A$24,OFFSET(ORÇAMENTO!E223,-1,0))),OFFSET(E223,-1,0))","v":1},16,1,0,20,0,{"$f":"IF(OR($C223=\"S\",$C223=0),0,MATCH(OFFSET($D223,0,$C223)+IF($C223<>1,1,COUNTIF(QCI!$A$13:$A$24,ORÇAMENTO!E223)),OFFSET($D223,1,$C223,ROW($C$296)-ROW($C223)),0))","v":0},"F","Serviço","Serviço","1.16.1.20.","SINAPI","100849",{"$f":"IF($C223=\"S\",REFERENCIA.Descricao,\"(digite a descrição aqui)\")","v":"ASSENTO SANITÁRIO CONVENCIONAL - FORNECIMENTO E INSTALACAO. AF_01/2020"},{"$f":"REFERENCIA.Unidade","v":"UN"},{"$f":"OFFSET(CÁLCULO!H$15,ROW($T223)-ROW(T$15),0)","v":2},40.9,"BDI 1",{"$f":"IF($C223=\"S\",ROUND(IF(TIPOORCAMENTO=\"Proposto\",ORÇAMENTO.CustoUnitario*(1+$AH223),ORÇAMENTO.PrecoUnitarioLicitado),15-13*$AF$10),0)","v":51.7},{"$f":"IF($C223=\"S\",IF(Import.TipoArredondamento<>\"TransfereGOV\",VTOTAL1,SUM(OFFSET(CÁLCULO!$AA$15,ROW($X223)-ROW($X$15),1):OFFSET(CÁLCULO!$AL$15,ROW($X223)-ROW($X$15),-1))),IF($C223=0,0,ROUND(SomaAgrup,15-13*$AF$11)))","v":103.4},"RA","RA",{"$f":"IF($C223=\"S\",IF($Z223=\"CP\",$X223,IF($Z223=\"RA\",(($X223)*QCI!$AA$3),0)),SomaAgrup)","v":103.4},0,{"$f":"IF($N223=\"\",\"\",IF(ORÇAMENTO.Descricao=\"\",\"DESCRIÇÃO\",IF(AND($C223=\"S\",ORÇAMENTO.Unidade=\"\"),\"UNIDADE\",IF($X223<0,\"VALOR NEGATIVO\",IF(OR(AND(TIPOORCAMENTO=\"Proposto\",$AG223<>\"\",$AG223>0,ORÇAMENTO.CustoUnitario>$AG223),AND(TIPOORCAMENTO=\"LICITADO\",ORÇAMENTO.PrecoUnitarioLicitado>$AN223)),\"ACIMA REF.\",\"\")))))","v":""},{"$f":"IF(C223<=CRONO.NivelExibicao,MAX($AD$15:OFFSET(AD223,-1,0))+IF($C223<>1,1,MAX(1,COUNTIF(QCI!$A$13:$A$24,OFFSET($E223,-1,0)))),\"\")","v":""},{"$f":"IF(AND($C223=\"S\",ORÇAMENTO.CodBarra<>\"\"),IF(ORÇAMENTO.Fonte=\"\",ORÇAMENTO.CodBarra,CONCATENATE(ORÇAMENTO.Fonte,\" \",ORÇAMENTO.CodBarra)))","v":"SINAPI 100849"},{"$f":"IF(ISERROR(INDIRECT(ORÇAMENTO.BancoRef)),\"(abra o arquivo 'Referência \"&Excel_BuiltIn_Database&\".xlsm)\",IF(OR($C223<>\"S\",ORÇAMENTO.CodBarra=\"\"),\"(Sem Código)\",IF(ISERROR(MATCH($AE223,INDIRECT(ORÇAMENTO.BancoRef),0)),\"(Código não identificado nas referências)\",MATCH($AE223,INDIRECT(ORÇAMENTO.BancoRef),0))))","v":5376},{"$f":"ROUND(IF(DESONERACAO=\"sim\",REFERENCIA.Desonerado,REFERENCIA.NaoDesonerado),2)","v":40.9},0.26400000000000001,null,null,null,null,103.4,51.7]
["S",3,"S",0,{"$f":"IF($C224=1,OFFSET(E224,-1,0)+MAX(1,COUNTIF(QCI!$A$13:$A$24,OFFSET(ORÇAMENTO!E224,-1,0))),OFFSET(E224,-1,0))","v":1},16,1,0,21,0,{"$f":"IF(OR($C224=\"S\",$C224=0),0,MATCH(OFFSET($D224,0,$C224)+IF($C224<>1,1,COUNTIF(QCI!$A$13:$A$24,ORÇAMENTO!E224)),OFFSET($D224,1,$C224,ROW($C$296)-ROW($C224)),0))","v":0},"F","Serviço","Serviço","1.16.1.21.","SINAPI","100858",{"$f":"IF($C224=\"S\",REFERENCIA.Descricao,\"(digite a descrição aqui)\")","v":"MICTÓRIO SIFONADO LOUÇA BRANCA - PADRÃO MÉDIO - FORNECIMENTO E INSTALAÇÃO. AF_01/2020"},{"$f":"REFERENCIA.Unidade","v":"UN"},{"$f":"OFFSET(CÁLCULO!H$15,ROW($T224)-ROW(T$15),0)","v":1},734.31,"BDI 1",{"$f":"IF($C224=\"S\",ROUND(IF(TIPOORCAMENTO=\"Proposto\",ORÇAMENTO.CustoUnitario*(1+$AH224),ORÇAMENTO.PrecoUnitarioLicitado),15-13*$AF$10),0)","v":928.17},{"$f":"IF($C224=\"S\",IF(Import.TipoArredondamento<>\"TransfereGOV\",VTOTAL1,SUM(OFFSET(CÁLCULO!$AA$15,ROW($X224)-ROW($X$15),1):OFFSET(CÁLCULO!$AL$15,ROW($X224)-ROW($X$15),-1))),IF($C224=0,0,ROUND(SomaAgrup,15-13*$AF$11)))","v":928.17},"RA","RA",{"$f":"IF($C224=\"S\",IF($Z224=\"CP\",$X224,IF($Z224=\"RA\",(($X224)*QCI!$AA$3),0)),SomaAgrup)","v":928.17},0,{"$f":"IF($N224=\"\",\"\",IF(ORÇAMENTO.Descricao=\"\",\"DESCRIÇÃO\",IF(AND($C224=\"S\",ORÇAMENTO.Unidade=\"\"),\"UNIDADE\",IF($X224<0,\"VALOR NEGATIVO\",IF(OR(AND(TIPOORCAMENTO=\"Proposto\",$AG224<>\"\",$AG224>0,ORÇAMENTO.CustoUnitario>$AG224),AND(TIPOORCAMENTO=\"LICITADO\",ORÇAMENTO.PrecoUnitarioLicitado>$AN224)),\"ACIMA REF.\",\"\")))))","v":""},{"$f":"IF(C224<=CRONO.NivelExibicao,MAX($AD$15:OFFSET(AD224,-1,0))+IF($C224<>1,1,MAX(1,COUNTIF(QCI!$A$13:$A$24,OFFSET($E224,-1,0)))),\"\")","v":""},{"$f":"IF(AND($C224=\"S\",ORÇAMENTO.CodBarra<>\"\"),IF(ORÇAMENTO.Fonte=\"\",ORÇAMENTO.CodBarra,CONCATENATE(ORÇAMENTO.Fonte,\" \",ORÇAMENTO.CodBarra)))","v":"SINAPI 100858"},{"$f":"IF(ISERROR(INDIRECT(ORÇAMENTO.BancoRef)),\"(abra o arquivo 'Referência \"&Excel_BuiltIn_Database&\".xlsm)\",IF(OR($C224<>\"S\",ORÇAMENTO.CodBarra=\"\"),\"(Sem Código)\",IF(ISERROR(MATCH($AE224,INDIRECT(ORÇAMENTO.BancoRef),0)),\"(Código não identificado nas referências)\",MATCH($AE224,INDIRECT(ORÇAMENTO.BancoRef),0))))","v":5383},{"$f":"ROUND(IF(DESONERACAO=\"sim\",REFERENCIA.Desonerado,REFERENCIA.NaoDesonerado),2)","v":734.31},0.26400000000000001,null,null,null,null,928.17,928.17]
["S",3,"S",0,{"$f":"IF($C225=1,OFFSET(E225,-1,0)+MAX(1,COUNTIF(QCI!$A$13:$A$24,OFFSET(ORÇAMENTO!E225,-1,0))),OFFSET(E225,-1,0))","v":1},16,1,0,22,0,{"$f":"IF(OR($C225=\"S\",$C225=0),0,MATCH(OFFSET($D225,0,$C225)+IF($C225<>1,1,COUNTIF(QCI!$A$13:$A$24,ORÇAMENTO!E225)),OFFSET($D225,1,$C225,ROW($C$296)-ROW($C225)),0))","v":0},"F","Serviço","Serviço","1.16.1.22.","Composição","27",{"$f":"IF($C225=\"S\",REFERENCIA.Descricao,\"(digite a descrição aqui)\")","v":"BANCADA EM GRANITO PRETO SÃO GABRIEL 50X60X115X20CM, CORTE 45°, SAIA 20CM, VISTA DE 10CM RENTE A PAREDE, SIFÃO EM METAL CROMADO, TORNEIRA CROMADA DE MESA COM BICA ALTA, COM CUBA DE EMBUTIR OVAL 35X50CM, AÉREA, FIXADA COM MÃO FRANCESA METÁLICA"},{"$f":"REFERENCIA.Unidade","v":"UNIDADE"},{"$f":"OFFSET(CÁLCULO!H$15,ROW($T225)-ROW(T$15),0)","v":2},1733.53,"BDI 1",{"$f":"IF($C225=\"S\",ROUND(IF(TIPOORCAMENTO=\"Proposto\",ORÇAMENTO.CustoUnitario*(1+$AH225),ORÇAMENTO.PrecoUnitarioLicitado),15-13*$AF$10),0)","v":2191.1799999999998},{"$f":"IF($C225=\"S\",IF(Import.TipoArredondamento<>\"TransfereGOV\",VTOTAL1,SUM(OFFSET(CÁLCULO!$AA$15,ROW($X225)-ROW($X$15),1):OFFSET(CÁLCULO!$AL$15,ROW($X225)-ROW($X$15),-1))),IF($C225=0,0,ROUND(SomaAgrup,15-13*$AF$11)))","v":4382.3599999999997},"RA","RA",{"$f":"IF($C225=\"S\",IF($Z225=\"CP\",$X225,IF($Z225=\"RA\",(($X225)*QCI!$AA$3),0)),SomaAgrup)","v":4382.3599999999997},0,{"$f":"IF($N225=\"\",\"\",IF(ORÇAMENTO.Descricao=\"\",\"DESCRIÇÃO\",IF(AND($C225=\"S\",ORÇAMENTO.Unidade=\"\"),\"UNIDADE\",IF($X225<0,\"VALOR NEGATIVO\",IF(OR(AND(TIPOORCAMENTO=\"Proposto\",$AG225<>\"\",$AG225>0,ORÇAMENTO.CustoUnitario>$AG225),AND(TIPOORCAMENTO=\"LICITADO\",ORÇAMENTO.PrecoUnitarioLicitado>$AN225)),\"ACIMA REF.\",\"\")))))","v":""},{"$f":"IF(C225<=CRONO.NivelExibicao,MAX($AD$15:OFFSET(AD225,-1,0))+IF($C225<>1,1,MAX(1,COUNTIF(QCI!$A$13:$A$24,OFFSET($E225,-1,0)))),\"\")","v":""},{"$f":"IF(AND($C225=\"S\",ORÇAMENTO.CodBarra<>\"\"),IF(ORÇAMENTO.Fonte=\"\",ORÇAMENTO.CodBarra,CONCATENATE(ORÇAMENTO.Fonte,\" \",ORÇAMENTO.CodBarra)))","v":"Composição 27"},{"$f":"IF(ISERROR(INDIRECT(ORÇAMENTO.BancoRef)),\"(abra o arquivo 'Referência \"&Excel_BuiltIn_Database&\".xlsm)\",IF(OR($C225<>\"S\",ORÇAMENTO.CodBarra=\"\"),\"(Sem Código)\",IF(ISERROR(MATCH($AE225,INDIRECT(ORÇAMENTO.BancoRef),0)),\"(Código não identificado nas referências)\",MATCH($AE225,INDIRECT(ORÇAMENTO.BancoRef),0))))","v":29},{"$f":"ROUND(IF(DESONERACAO=\"sim\",REFERENCIA.Desonerado,REFERENCIA.NaoDesonerado),2)","v":1733.53},0.26400000000000001,null,null,null,null,4382.3599999999997,2191.1799999999998]
["S",3,"S",0,{"$f":"IF($C226=1,OFFSET(E226,-1,0)+MAX(1,COUNTIF(QCI!$A$13:$A$24,OFFSET(ORÇAMENTO!E226,-1,0))),OFFSET(E226,-1,0))","v":1},16,1,0,23,0,{"$f":"IF(OR($C226=\"S\",$C226=0),0,MATCH(OFFSET($D226,0,$C226)+IF($C226<>1,1,COUNTIF(QCI!$A$13:$A$24,ORÇAMENTO!E226)),OFFSET($D226,1,$C226,ROW($C$296)-ROW($C226)),0))","v":0},"F","Serviço","Serviço","1.16.1.23.","Composição","28",{"$f":"IF($C226=\"S\",REFERENCIA.Descricao,\"(digite a descrição aqui)\")","v":"BANCADA EM GRANITO PRETO SÃO GABRIEL 1,23X0,50CM, CORTE 45°, SAIA 20CM, VISTA DE 10CM RENTE A PAREDE, SIFÃO EM METAL CROMADO, TORNEIRA CROMADA DE MESA COM BICA ALTA, COM CUBA DE EMBUTIR OVAL 35X50CM, AÉREA, FIXADA COM MÃO FRANCESA METÁLICA"},{"$f":"REFERENCIA.Unidade","v":"UNIDADE"},{"$f":"OFFSET(CÁLCULO!H$15,ROW($T226)-ROW(T$15),0)","v":2},2517.94,"BDI 1",{"$f":"IF($C226=\"S\",ROUND(IF(TIPOORCAMENTO=\"Proposto\",ORÇAMENTO.CustoUnitario*(1+$AH226),ORÇAMENTO.PrecoUnitarioLicitado),15-13*$AF$10),0)","v":3182.68},{"$f":"IF($C226=\"S\",IF(Import.TipoArredondamento<>\"TransfereGOV\",VTOTAL1,SUM(OFFSET(CÁLCULO!$AA$15,ROW($X226)-ROW($X$15),1):OFFSET(CÁLCULO!$AL$15,ROW($X226)-ROW($X$15),-1))),IF($C226=0,0,ROUND(SomaAgrup,15-13*$AF$11)))","v":6365.36},"RA","RA",{"$f":"IF($C226=\"S\",IF($Z226=\"CP\",$X226,IF($Z226=\"RA\",(($X226)*QCI!$AA$3),0)),SomaAgrup)","v":6365.36},0,{"$f":"IF($N226=\"\",\"\",IF(ORÇAMENTO.Descricao=\"\",\"DESCRIÇÃO\",IF(AND($C226=\"S\",ORÇAMENTO.Unidade=\"\"),\"UNIDADE\",IF($X226<0,\"VALOR NEGATIVO\",IF(OR(AND(TIPOORCAMENTO=\"Proposto\",$AG226<>\"\",$AG226>0,ORÇAMENTO.CustoUnitario>$AG226),AND(TIPOORCAMENTO=\"LICITADO\",ORÇAMENTO.PrecoUnitarioLicitado>$AN226)),\"ACIMA REF.\",\"\")))))","v":""},{"$f":"IF(C226<=CRONO.NivelExibicao,MAX($AD$15:OFFSET(AD226,-1,0))+IF($C226<>1,1,MAX(1,COUNTIF(QCI!$A$13:$A$24,OFFSET($E226,-1,0)))),\"\")","v":""},{"$f":"IF(AND($C226=\"S\",ORÇAMENTO.CodBarra<>\"\"),IF(ORÇAMENTO.Fonte=\"\",ORÇAMENTO.CodBarra,CONCATENATE(ORÇAMENTO.Fonte,\" \",ORÇAMENTO.CodBarra)))","v":"Composição 28"},{"$f":"IF(ISERROR(INDIRECT(ORÇAMENTO.BancoRef)),\"(abra o arquivo 'Referência \"&Excel_BuiltIn_Database&\".xlsm)\",IF(OR($C226<>\"S\",ORÇAMENTO.CodBarra=\"\"),\"(Sem Código)\",IF(ISERROR(MATCH($AE226,INDIRECT(ORÇAMENTO.BancoRef),0)),\"(Código não identificado nas referências)\",MATCH($AE226,INDIRECT(ORÇAMENTO.BancoRef),0))))","v":30},{"$f":"ROUND(IF(DESONERACAO=\"sim\",REFERENCIA.Desonerado,REFERENCIA.NaoDesonerado),2)","v":2517.94},0.26400000000000001,null,null,null,null,6365.36,3182.68]
[{"$f":"CHOOSE(1+LOG(1+2*(ORÇAMENTO.Nivel=\"Meta\")+4*(ORÇAMENTO.Nivel=\"Nível 2\")+8*(ORÇAMENTO.Nivel=\"Nível 3\")+16*(ORÇAMENTO.Nivel=\"Nível 4\")+32*(ORÇAMENTO.Nivel=\"Serviço\"),2),0,1,2,3,4,\"S\")","v":"S"},{"$f":"IF(OR(C227=\"s\",C227=0),OFFSET(B227,-1,0),C227)","v":3},{"$f":"IF(OFFSET(C227,-1,0)=\"L\",1,IF(OFFSET(C227,-1,0)=1,2,IF(OR(A227=\"s\",A227=0),\"S\",IF(AND(OFFSET(C227,-1,0)=2,A227=4),3,IF(AND(OR(OFFSET(C227,-1,0)=\"s\",OFFSET(C227,-1,0)=0),A227<>\"s\",A227>OFFSET(B227,-1,0)),OFFSET(B227,-1,0),A227)))))","v":"S"},{"$f":"IF(OR(C227=\"S\",C227=0),0,IF(ISERROR(K227),J227,SMALL(J227:K227,1)))","v":0},{"$f":"IF($C227=1,OFFSET(E227,-1,0)+MAX(1,COUNTIF(QCI!$A$13:$A$24,OFFSET(ORÇAMENTO!E227,-1,0))),OFFSET(E227,-1,0))","v":1},{"$f":"IF($C227=1,0,IF($C227=2,OFFSET(F227,-1,0)+1,OFFSET(F227,-1,0)))","v":16},{"$f":"IF(AND($C227<=2,$C227<>0),0,IF($C227=3,OFFSET(G227,-1,0)+1,OFFSET(G227,-1,0)))","v":1},{"$f":"IF(AND($C227<=3,$C227<>0),0,IF($C227=4,OFFSET(H227,-1,0)+1,OFFSET(H227,-1,0)))","v":0},{"$f":"IF(AND($C227<=4,$C227<>0),0,IF(AND($C227=\"S\",$X227>0),OFFSET(I227,-1,0)+1,OFFSET(I227,-1,0)))","v":24},0,{"$f":"IF(OR($C227=\"S\",$C227=0),0,MATCH(OFFSET($D227,0,$C227)+IF($C227<>1,1,COUNTIF(QCI!$A$13:$A$24,ORÇAMENTO!E227)),OFFSET($D227,1,$C227,ROW($C$296)-ROW($C227)),0))","v":0},{"$f":"IF(OR($X227>0,$C227=1,$C227=2,$C227=3,$C227=4),\"F\",\"\")","v":"F"},"Serviço",{"$f":"CHOOSE(1+LOG(1+2*(C227=1)+4*(C227=2)+8*(C227=3)+16*(C227=4)+32*(C227=\"S\"),2),\"\",\"Meta\",\"Nível 2\",\"Nível 3\",\"Nível 4\",\"Serviço\")","v":"Serviço"},{"$f":"IF(OR($C227=0,$L227=\"\"),\"-\",CONCATENATE(E227&\".\",IF(AND($A$5>=2,$C227>=2),F227&\".\",\"\"),IF(AND($A$5>=3,$C227>=3),G227&\".\",\"\"),IF(AND($A$5>=4,$C227>=4),H227&\".\",\"\"),IF($C227=\"S\",I227&\".\",\"\")))","v":"1.16.1.24."},"ORSE","13231","BOX PARA BANHEIRO EM VIDRO TEMPERADO 8MM, LISO, INCOLOR, DE CORRER, EM ALUMÍNIO BRANCO, INCLUSIVE FERRAGENS - FORNECIMENTO E INSTALAÇÃO","M2",{"$f":"OFFSET(CÁLCULO!H$15,ROW($T227)-ROW(T$15),0)","v":6.4},350,"BDI 1",{"$f":"IF($C227=\"S\",ROUND(IF(TIPOORCAMENTO=\"Proposto\",ORÇAMENTO.CustoUnitario*(1+$AH227),ORÇAMENTO.PrecoUnitarioLicitado),15-13*$AF$10),0)","v":442.4},{"$f":"IF($C227=\"S\",IF(Import.TipoArredondamento<>\"TransfereGOV\",VTOTAL1,SUM(OFFSET(CÁLCULO!$AA$15,ROW($X227)-ROW($X$15),1):OFFSET(CÁLCULO!$AL$15,ROW($X227)-ROW($X$15),-1))),IF($C227=0,0,ROUND(SomaAgrup,15-13*$AF$11)))","v":2831.36},"RA",{"$f":"IF(AND($C227=\"S\",$X227>0),IF(ISBLANK($Y227),\"RA\",LEFT($Y227,2)),\"\")","v":"RA"},{"$f":"IF($C227=\"S\",IF($Z227=\"CP\",$X227,IF($Z227=\"RA\",(($X227)*QCI!$AA$3),0)),SomaAgrup)","v":2831.36},{"$f":"IF($C227=\"S\",IF($Z227=\"OU\",ROUND($X227,2),0),SomaAgrup)","v":0},{"$f":"IF($N227=\"\",\"\",IF(ORÇAMENTO.Descricao=\"\",\"DESCRIÇÃO\",IF(AND($C227=\"S\",ORÇAMENTO.Unidade=\"\"),\"UNIDADE\",IF($X227<0,\"VALOR NEGATIVO\",IF(OR(AND(TIPOORCAMENTO=\"Proposto\",$AG227<>\"\",$AG227>0,ORÇAMENTO.CustoUnitario>$AG227),AND(TIPOORCAMENTO=\"LICITADO\",ORÇAMENTO.PrecoUnitarioLicitado>$AN227)),\"ACIMA REF.\",\"\")))))","v":""},{"$f":"IF(C227<=CRONO.NivelExibicao,MAX($AD$15:OFFSET(AD227,-1,0))+IF($C227<>1,1,MAX(1,COUNTIF(QCI!$A$13:$A$24,OFFSET($E227,-1,0)))),\"\")","v":""},{"$f":"IF(AND($C227=\"S\",ORÇAMENTO.CodBarra<>\"\"),IF(ORÇAMENTO.Fonte=\"\",ORÇAMENTO.CodBarra,CONCATENATE(ORÇAMENTO.Fonte,\" \",ORÇAMENTO.CodBarra)))","v":"ORSE 13231"},{"$f":"IF(ISERROR(INDIRECT(ORÇAMENTO.BancoRef)),\"(abra o arquivo 'Referência \"&Excel_BuiltIn_Database&\".xlsm)\",IF(OR($C227<>\"S\",ORÇAMENTO.CodBarra=\"\"),\"(Sem Código)\",IF(ISERROR(MATCH($AE227,INDIRECT(ORÇAMENTO.BancoRef),0)),\"(Código não identificado nas referências)\",MATCH($AE227,INDIRECT(ORÇAMENTO.BancoRef),0))))","v":"(Código não identificado nas referências)"},{"$f":"ROUND(IF(DESONERACAO=\"sim\",REFERENCIA.Desonerado,REFERENCIA.NaoDesonerado),2)","v":0},{"$f":"ROUND(IF(ISNUMBER(ORÇAMENTO.OpcaoBDI),ORÇAMENTO.OpcaoBDI,IF(LEFT(ORÇAMENTO.OpcaoBDI,3)=\"BDI\",HLOOKUP(ORÇAMENTO.OpcaoBDI,$F$4:$H$5,2,FALSE),0)),15-11*$AF$9)","v":0.26400000000000001},null,null,null,null,2831.36,{"$f":"ROUND(ORÇAMENTO.CustoUnitario*(1+$AH227),2)","v":442.4}]
["S",{"$f":"IF(OR(C228=\"s\",C228=0),OFFSET(B228,-1,0),C228)","v":3},{"$f":"IF(OFFSET(C228,-1,0)=\"L\",1,IF(OFFSET(C228,-1,0)=1,2,IF(OR(A228=\"s\",A228=0),\"S\",IF(AND(OFFSET(C228,-1,0)=2,A228=4),3,IF(AND(OR(OFFSET(C228,-1,0)=\"s\",OFFSET(C228,-1,0)=0),A228<>\"s\",A228>OFFSET(B228,-1,0)),OFFSET(B228,-1,0),A228)))))","v":"S"},{"$f":"IF(OR(C228=\"S\",C228=0),0,IF(ISERROR(K228),J228,SMALL(J228:K228,1)))","v":0},{"$f":"IF($C228=1,OFFSET(E228,-1,0)+MAX(1,COUNTIF(QCI!$A$13:$A$24,OFFSET(ORÇAMENTO!E228,-1,0))),OFFSET(E228,-1,0))","v":1},{"$f":"IF($C228=1,0,IF($C228=2,OFFSET(F228,-1,0)+1,OFFSET(F228,-1,0)))","v":16},{"$f":"IF(AND($C228<=2,$C228<>0),0,IF($C228=3,OFFSET(G228,-1,0)+1,OFFSET(G228,-1,0)))","v":1},{"$f":"IF(AND($C228<=3,$C228<>0),0,IF($C228=4,OFFSET(H228,-1,0)+1,OFFSET(H228,-1,0)))","v":0},{"$f":"IF(AND($C228<=4,$C228<>0),0,IF(AND($C228=\"S\",$X228>0),OFFSET(I228,-1,0)+1,OFFSET(I228,-1,0)))","v":25},0,{"$f":"IF(OR($C228=\"S\",$C228=0),0,MATCH(OFFSET($D228,0,$C228)+IF($C228<>1,1,COUNTIF(QCI!$A$13:$A$24,ORÇAMENTO!E228)),OFFSET($D228,1,$C228,ROW($C$296)-ROW($C228)),0))","v":0},{"$f":"IF(OR($X228>0,$C228=1,$C228=2,$C228=3,$C228=4),\"F\",\"\")","v":"F"},"Serviço",{"$f":"CHOOSE(1+LOG(1+2*(C228=1)+4*(C228=2)+8*(C228=3)+16*(C228=4)+32*(C228=\"S\"),2),\"\",\"Meta\",\"Nível 2\",\"Nível 3\",\"Nível 4\",\"Serviço\")","v":"Serviço"},{"$f":"IF(OR($C228=0,$L228=\"\"),\"-\",CONCATENATE(E228&\".\",IF(AND($A$5>=2,$C228>=2),F228&\".\",\"\"),IF(AND($A$5>=3,$C228>=3),G228&\".\",\"\"),IF(AND($A$5>=4,$C228>=4),H228&\".\",\"\"),IF($C228=\"S\",I228&\".\",\"\")))","v":"1.16.1.25."},"SINAPI","86921",{"$f":"IF($C228=\"S\",REFERENCIA.Descricao,\"(digite a descrição aqui)\")","v":"TANQUE DE LOUÇA BRANCA COM COLUNA, 30L OU EQUIVALENTE, INCLUSO SIFÃO FLEXÍVEL EM PVC, VÁLVULA PLÁSTICA E TORNEIRA DE PLÁSTICO - FORNECIMENTO E INSTALAÇÃO. AF_01/2020"},{"$f":"REFERENCIA.Unidade","v":"UN"},{"$f":"OFFSET(CÁLCULO!H$15,ROW($T228)-ROW(T$15),0)","v":1},751.93,"BDI 1",{"$f":"IF($C228=\"S\",ROUND(IF(TIPOORCAMENTO=\"Proposto\",ORÇAMENTO.CustoUnitario*(1+$AH228),ORÇAMENTO.PrecoUnitarioLicitado),15-13*$AF$10),0)","v":950.44},{"$f":"IF($C228=\"S\",IF(Import.TipoArredondamento<>\"TransfereGOV\",VTOTAL1,SUM(OFFSET(CÁLCULO!$AA$15,ROW($X228)-ROW($X$15),1):OFFSET(CÁLCULO!$AL$15,ROW($X228)-ROW($X$15),-1))),IF($C228=0,0,ROUND(SomaAgrup,15-13*$AF$11)))","v":950.44},"RA",{"$f":"IF(AND($C228=\"S\",$X228>0),IF(ISBLANK($Y228),\"RA\",LEFT($Y228,2)),\"\")","v":"RA"},{"$f":"IF($C228=\"S\",IF($Z228=\"CP\",$X228,IF($Z228=\"RA\",(($X228)*QCI!$AA$3),0)),SomaAgrup)","v":950.44},0,{"$f":"IF($N228=\"\",\"\",IF(ORÇAMENTO.Descricao=\"\",\"DESCRIÇÃO\",IF(AND($C228=\"S\",ORÇAMENTO.Unidade=\"\"),\"UNIDADE\",IF($X228<0,\"VALOR NEGATIVO\",IF(OR(AND(TIPOORCAMENTO=\"Proposto\",$AG228<>\"\",$AG228>0,ORÇAMENTO.CustoUnitario>$AG228),AND(TIPOORCAMENTO=\"LICITADO\",ORÇAMENTO.PrecoUnitarioLicitado>$AN228)),\"ACIMA REF.\",\"\")))))","v":""},{"$f":"IF(C228<=CRONO.NivelExibicao,MAX($AD$15:OFFSET(AD228,-1,0))+IF($C228<>1,1,MAX(1,COUNTIF(QCI!$A$13:$A$24,OFFSET($E228,-1,0)))),\"\")","v":""},{"$f":"IF(AND($C228=\"S\",ORÇAMENTO.CodBarra<>\"\"),IF(ORÇAMENTO.Fonte=\"\",ORÇAMENTO.CodBarra,CONCATENATE(ORÇAMENTO.Fonte,\" \",ORÇAMENTO.CodBarra)))","v":"SINAPI 86921"},{"$f":"IF(ISERROR(INDIRECT(ORÇAMENTO.BancoRef)),\"(abra o arquivo 'Referência \"&Excel_BuiltIn_Database&\".xlsm)\",IF(OR($C228<>\"S\",ORÇAMENTO.CodBarra=\"\"),\"(Sem Código)\",IF(ISERROR(MATCH($AE228,INDIRECT(ORÇAMENTO.BancoRef),0)),\"(Código não identificado nas referências)\",MATCH($AE228,INDIRECT(ORÇAMENTO.BancoRef),0))))","v":5338},{"$f":"ROUND(IF(DESONERACAO=\"sim\",REFERENCIA.Desonerado,REFERENCIA.NaoDesonerado),2)","v":751.93},0.26400000000000001,null,null,null,null,950.44,950.44]
[{"$f":"CHOOSE(1+LOG(1+2*(ORÇAMENTO.Nivel=\"Meta\")+4*(ORÇAMENTO.Nivel=\"Nível 2\")+8*(ORÇAMENTO.Nivel=\"Nível 3\")+16*(ORÇAMENTO.Nivel=\"Nível 4\")+32*(ORÇAMENTO.Nivel=\"Serviço\"),2),0,1,2,3,4,\"S\")","v":"S"},{"$f":"IF(OR(C229=\"s\",C229=0),OFFSET(B229,-1,0),C229)","v":3},{"$f":"IF(OFFSET(C229,-1,0)=\"L\",1,IF(OFFSET(C229,-1,0)=1,2,IF(OR(A229=\"s\",A229=0),\"S\",IF(AND(OFFSET(C229,-1,0)=2,A229=4),3,IF(AND(OR(OFFSET(C229,-1,0)=\"s\",OFFSET(C229,-1,0)=0),A229<>\"s\",A229>OFFSET(B229,-1,0)),OFFSET(B229,-1,0),A229)))))","v":"S"},{"$f":"IF(OR(C229=\"S\",C229=0),0,IF(ISERROR(K229),J229,SMALL(J229:K229,1)))","v":0},{"$f":"IF($C229=1,OFFSET(E229,-1,0)+MAX(1,COUNTIF(QCI!$A$13:$A$24,OFFSET(ORÇAMENTO!E229,-1,0))),OFFSET(E229,-1,0))","v":1},{"$f":"IF($C229=1,0,IF($C229=2,OFFSET(F229,-1,0)+1,OFFSET(F229,-1,0)))","v":16},{"$f":"IF(AND($C229<=2,$C229<>0),0,IF($C229=3,OFFSET(G229,-1,0)+1,OFFSET(G229,-1,0)))","v":1},{"$f":"IF(AND($C229<=3,$C229<>0),0,IF($C229=4,OFFSET(H229,-1,0)+1,OFFSET(H229,-1,0)))","v":0},{"$f":"IF(AND($C229<=4,$C229<>0),0,IF(AND($C229=\"S\",$X229>0),OFFSET(I229,-1,0)+1,OFFSET(I229,-1,0)))","v":26},0,{"$f":"IF(OR($C229=\"S\",$C229=0),0,MATCH(OFFSET($D229,0,$C229)+IF($C229<>1,1,COUNTIF(QCI!$A$13:$A$24,ORÇAMENTO!E229)),OFFSET($D229,1,$C229,ROW($C$296)-ROW($C229)),0))","v":0},{"$f":"IF(OR($X229>0,$C229=1,$C229=2,$C229=3,$C229=4),\"F\",\"\")","v":"F"},"Serviço",{"$f":"CHOOSE(1+LOG(1+2*(C229=1)+4*(C229=2)+8*(C229=3)+16*(C229=4)+32*(C229=\"S\"),2),\"\",\"Meta\",\"Nível 2\",\"Nível 3\",\"Nível 4\",\"Serviço\")","v":"Serviço"},{"$f":"IF(OR($C229=0,$L229=\"\"),\"-\",CONCATENATE(E229&\".\",IF(AND($A$5>=2,$C229>=2),F229&\".\",\"\"),IF(AND($A$5>=3,$C229>=3),G229&\".\",\"\"),IF(AND($A$5>=4,$C229>=4),H229&\".\",\"\"),IF($C229=\"S\",I229&\".\",\"\")))","v":"1.16.1.26."},"SINAPI","86939",{"$f":"IF($C229=\"S\",REFERENCIA.Descricao,\"(digite a descrição aqui)\")","v":"LAVATÓRIO LOUÇA BRANCA COM COLUNA, *44 X 35,5* CM, PADRÃO POPULAR, INCLUSO SIFÃO FLEXÍVEL EM PVC, VÁLVULA E ENGATE FLEXÍVEL 30CM EM PLÁSTICO E COM TORNEIRA CROMADA PADRÃO POPULAR - FORNECIMENTO E INSTALAÇÃO. AF_01/2020"},{"$f":"REFERENCIA.Unidade","v":"UN"},{"$f":"OFFSET(CÁLCULO!H$15,ROW($T229)-ROW(T$15),0)","v":1},456.98,"BDI 1",{"$f":"IF($C229=\"S\",ROUND(IF(TIPOORCAMENTO=\"Proposto\",ORÇAMENTO.CustoUnitario*(1+$AH229),ORÇAMENTO.PrecoUnitarioLicitado),15-13*$AF$10),0)","v":577.62},{"$f":"IF($C229=\"S\",IF(Import.TipoArredondamento<>\"TransfereGOV\",VTOTAL1,SUM(OFFSET(CÁLCULO!$AA$15,ROW($X229)-ROW($X$15),1):OFFSET(CÁLCULO!$AL$15,ROW($X229)-ROW($X$15),-1))),IF($C229=0,0,ROUND(SomaAgrup,15-13*$AF$11)))","v":577.62},"RA",{"$f":"IF(AND($C229=\"S\",$X229>0),IF(ISBLANK($Y229),\"RA\",LEFT($Y229,2)),\"\")","v":"RA"},{"$f":"IF($C229=\"S\",IF($Z229=\"CP\",$X229,IF($Z229=\"RA\",(($X229)*QCI!$AA$3),0)),SomaAgrup)","v":577.62},{"$f":"IF($C229=\"S\",IF($Z229=\"OU\",ROUND($X229,2),0),SomaAgrup)","v":0},{"$f":"IF($N229=\"\",\"\",IF(ORÇAMENTO.Descricao=\"\",\"DESCRIÇÃO\",IF(AND($C229=\"S\",ORÇAMENTO.Unidade=\"\"),\"UNIDADE\",IF($X229<0,\"VALOR NEGATIVO\",IF(OR(AND(TIPOORCAMENTO=\"Proposto\",$AG229<>\"\",$AG229>0,ORÇAMENTO.CustoUnitario>$AG229),AND(TIPOORCAMENTO=\"LICITADO\",ORÇAMENTO.PrecoUnitarioLicitado>$AN229)),\"ACIMA REF.\",\"\")))))","v":""},{"$f":"IF(C229<=CRONO.NivelExibicao,MAX($AD$15:OFFSET(AD229,-1,0))+IF($C229<>1,1,MAX(1,COUNTIF(QCI!$A$13:$A$24,OFFSET($E229,-1,0)))),\"\")","v":""},{"$f":"IF(AND($C229=\"S\",ORÇAMENTO.CodBarra<>\"\"),IF(ORÇAMENTO.Fonte=\"\",ORÇAMENTO.CodBarra,CONCATENATE(ORÇAMENTO.Fonte,\" \",ORÇAMENTO.CodBarra)))","v":"SINAPI 86939"},{"$f":"IF(ISERROR(INDIRECT(ORÇAMENTO.BancoRef)),\"(abra o arquivo 'Referência \"&Excel_BuiltIn_Database&\".xlsm)\",IF(OR($C229<>\"S\",ORÇAMENTO.CodBarra=\"\"),\"(Sem Código)\",IF(ISERROR(MATCH($AE229,INDIRECT(ORÇAMENTO.BancoRef),0)),\"(Código não identificado nas referências)\",MATCH($AE229,INDIRECT(ORÇAMENTO.BancoRef),0))))","v":5356},{"$f":"ROUND(IF(DESONERACAO=\"sim\",REFERENCIA.Desonerado,REFERENCIA.NaoDesonerado),2)","v":456.98},{"$f":"ROUND(IF(ISNUMBER(ORÇAMENTO.OpcaoBDI),ORÇAMENTO.OpcaoBDI,IF(LEFT(ORÇAMENTO.OpcaoBDI,3)=\"BDI\",HLOOKUP(ORÇAMENTO.OpcaoBDI,$F$4:$H$5,2,FALSE),0)),15-11*$AF$9)","v":0.26400000000000001},null,null,null,null,577.62,{"$f":"ROUND(ORÇAMENTO.CustoUnitario*(1+$AH229),2)","v":577.62}]
[{"$f":"CHOOSE(1+LOG(1+2*(ORÇAMENTO.Nivel=\"Meta\")+4*(ORÇAMENTO.Nivel=\"Nível 2\")+8*(ORÇAMENTO.Nivel=\"Nível 3\")+16*(ORÇAMENTO.Nivel=\"Nível 4\")+32*(ORÇAMENTO.Nivel=\"Serviço\"),2),0,1,2,3,4,\"S\")","v":"S"},{"$f":"IF(OR(C230=\"s\",C230=0),OFFSET(B230,-1,0),C230)","v":3},{"$f":"IF(OFFSET(C230,-1,0)=\"L\",1,IF(OFFSET(C230,-1,0)=1,2,IF(OR(A230=\"s\",A230=0),\"S\",IF(AND(OFFSET(C230,-1,0)=2,A230=4),3,IF(AND(OR(OFFSET(C230,-1,0)=\"s\",OFFSET(C230,-1,0)=0),A230<>\"s\",A230>OFFSET(B230,-1,0)),OFFSET(B230,-1,0),A230)))))","v":"S"},{"$f":"IF(OR(C230=\"S\",C230=0),0,IF(ISERROR(K230),J230,SMALL(J230:K230,1)))","v":0},{"$f":"IF($C230=1,OFFSET(E230,-1,0)+MAX(1,COUNTIF(QCI!$A$13:$A$24,OFFSET(ORÇAMENTO!E230,-1,0))),OFFSET(E230,-1,0))","v":1},{"$f":"IF($C230=1,0,IF($C230=2,OFFSET(F230,-1,0)+1,OFFSET(F230,-1,0)))","v":16},{"$f":"IF(AND($C230<=2,$C230<>0),0,IF($C230=3,OFFSET(G230,-1,0)+1,OFFSET(G230,-1,0)))","v":1},{"$f":"IF(AND($C230<=3,$C230<>0),0,IF($C230=4,OFFSET(H230,-1,0)+1,OFFSET(H230,-1,0)))","v":0},{"$f":"IF(AND($C230<=4,$C230<>0),0,IF(AND($C230=\"S\",$X230>0),OFFSET(I230,-1,0)+1,OFFSET(I230,-1,0)))","v":27},0,{"$f":"IF(OR($C230=\"S\",$C230=0),0,MATCH(OFFSET($D230,0,$C230)+IF($C230<>1,1,COUNTIF(QCI!$A$13:$A$24,ORÇAMENTO!E230)),OFFSET($D230,1,$C230,ROW($C$296)-ROW($C230)),0))","v":0},{"$f":"IF(OR($X230>0,$C230=1,$C230=2,$C230=3,$C230=4),\"F\",\"\")","v":"F"},"Serviço",{"$f":"CHOOSE(1+LOG(1+2*(C230=1)+4*(C230=2)+8*(C230=3)+16*(C230=4)+32*(C230=\"S\"),2),\"\",\"Meta\",\"Nível 2\",\"Nível 3\",\"Nível 4\",\"Serviço\")","v":"Serviço"},{"$f":"IF(OR($C230=0,$L230=\"\"),\"-\",CONCATENATE(E230&\".\",IF(AND($A$5>=2,$C230>=2),F230&\".\",\"\"),IF(AND($A$5>=3,$C230>=3),G230&\".\",\"\"),IF(AND($A$5>=4,$C230>=4),H230&\".\",\"\"),IF($C230=\"S\",I230&\".\",\"\")))","v":"1.16.1.27."},"Composição","54",{"$f":"IF($C230=\"S\",REFERENCIA.Descricao,\"(digite a descrição aqui)\")","v":"TOALHEIRO PLASTICO TIPO DISPENSER PARA PAPEL TOALHA INTERFOLHADO - FORNECIMENTO E INSTALAÇÃO                                                                                                                                                                                                                                                                                                                                                                                                                                 "},{"$f":"REFERENCIA.Unidade","v":"UNIDADE"},{"$f":"OFFSET(CÁLCULO!H$15,ROW($T230)-ROW(T$15),0)","v":9},56.95,"BDI 1",{"$f":"IF($C230=\"S\",ROUND(IF(TIPOORCAMENTO=\"Proposto\",ORÇAMENTO.CustoUnitario*(1+$AH230),ORÇAMENTO.PrecoUnitarioLicitado),15-13*$AF$10),0)","v":71.98},{"$f":"IF($C230=\"S\",IF(Import.TipoArredondamento<>\"TransfereGOV\",VTOTAL1,SUM(OFFSET(CÁLCULO!$AA$15,ROW($X230)-ROW($X$15),1):OFFSET(CÁLCULO!$AL$15,ROW($X230)-ROW($X$15),-1))),IF($C230=0,0,ROUND(SomaAgrup,15-13*$AF$11)))","v":647.82000000000005},"RA",{"$f":"IF(AND($C230=\"S\",$X230>0),IF(ISBLANK($Y230),\"RA\",LEFT($Y230,2)),\"\")","v":"RA"},{"$f":"IF($C230=\"S\",IF($Z230=\"CP\",$X230,IF($Z230=\"RA\",(($X230)*QCI!$AA$3),0)),SomaAgrup)","v":647.82000000000005},{"$f":"IF($C230=\"S\",IF($Z230=\"OU\",ROUND($X230,2),0),SomaAgrup)","v":0},{"$f":"IF($N230=\"\",\"\",IF(ORÇAMENTO.Descricao=\"\",\"DESCRIÇÃO\",IF(AND($C230=\"S\",ORÇAMENTO.Unidade=\"\"),\"UNIDADE\",IF($X230<0,\"VALOR NEGATIVO\",IF(OR(AND(TIPOORCAMENTO=\"Proposto\",$AG230<>\"\",$AG230>0,ORÇAMENTO.CustoUnitario>$AG230),AND(TIPOORCAMENTO=\"LICITADO\",ORÇAMENTO.PrecoUnitarioLicitado>$AN230)),\"ACIMA REF.\",\"\")))))","v":""},{"$f":"IF(C230<=CRONO.NivelExibicao,MAX($AD$15:OFFSET(AD230,-1,0))+IF($C230<>1,1,MAX(1,COUNTIF(QCI!$A$13:$A$24,OFFSET($E230,-1,0)))),\"\")","v":""},{"$f":"IF(AND($C230=\"S\",ORÇAMENTO.CodBarra<>\"\"),IF(ORÇAMENTO.Fonte=\"\",ORÇAMENTO.CodBarra,CONCATENATE(ORÇAMENTO.Fonte,\" \",ORÇAMENTO.CodBarra)))","v":"Composição 54"},{"$f":"IF(ISERROR(INDIRECT(ORÇAMENTO.BancoRef)),\"(abra o arquivo 'Referência \"&Excel_BuiltIn_Database&\".xlsm)\",IF(OR($C230<>\"S\",ORÇAMENTO.CodBarra=\"\"),\"(Sem Código)\",IF(ISERROR(MATCH($AE230,INDIRECT(ORÇAMENTO.BancoRef),0)),\"(Código não identificado nas referências)\",MATCH($AE230,INDIRECT(ORÇAMENTO.BancoRef),0))))","v":56},{"$f":"ROUND(IF(DESONERACAO=\"sim\",REFERENCIA.Desonerado,REFERENCIA.NaoDesonerado),2)","v":56.95},{"$f":"ROUND(IF(ISNUMBER(ORÇAMENTO.OpcaoBDI),ORÇAMENTO.OpcaoBDI,IF(LEFT(ORÇAMENTO.OpcaoBDI,3)=\"BDI\",HLOOKUP(ORÇAMENTO.OpcaoBDI,$F$4:$H$5,2,FALSE),0)),15-11*$AF$9)","v":0.26400000000000001},null,null,null,null,647.82000000000005,{"$f":"ROUND(ORÇAMENTO.CustoUnitario*(1+$AH230),2)","v":71.98}]
[2,2,2,4,{"$f":"IF($C231=1,OFFSET(E231,-1,0)+MAX(1,COUNTIF(QCI!$A$13:$A$24,OFFSET(ORÇAMENTO!E231,-1,0))),OFFSET(E231,-1,0))","v":1},17,0,0,0,65,{"$f":"IF(OR($C231=\"S\",$C231=0),0,MATCH(OFFSET($D231,0,$C231)+IF($C231<>1,1,COUNTIF(QCI!$A$13:$A$24,ORÇAMENTO!E231)),OFFSET($D231,1,$C231,ROW($C$296)-ROW($C231)),0))","v":4},"F","Nível 2","Nível 2","1.17.","SINAPI",null,"COZINHA/DESPENSA",{"$f":"REFERENCIA.Unidade","v":"-"},{"$f":"OFFSET(CÁLCULO!H$15,ROW($T231)-ROW(T$15),0)","v":0},null,"BDI 1",{"$f":"IF($C231=\"S\",ROUND(IF(TIPOORCAMENTO=\"Proposto\",ORÇAMENTO.CustoUnitario*(1+$AH231),ORÇAMENTO.PrecoUnitarioLicitado),15-13*$AF$10),0)","v":0},{"$f":"IF($C231=\"S\",IF(Import.TipoArredondamento<>\"TransfereGOV\",VTOTAL1,SUM(OFFSET(CÁLCULO!$AA$15,ROW($X231)-ROW($X$15),1):OFFSET(CÁLCULO!$AL$15,ROW($X231)-ROW($X$15),-1))),IF($C231=0,0,ROUND(SomaAgrup,15-13*$AF$11)))","v":19311.05},"RA","",{"$f":"IF($C231=\"S\",IF($Z231=\"CP\",$X231,IF($Z231=\"RA\",(($X231)*QCI!$AA$3),0)),SomaAgrup)","v":19311.05},0,{"$f":"IF($N231=\"\",\"\",IF(ORÇAMENTO.Descricao=\"\",\"DESCRIÇÃO\",IF(AND($C231=\"S\",ORÇAMENTO.Unidade=\"\"),\"UNIDADE\",IF($X231<0,\"VALOR NEGATIVO\",IF(OR(AND(TIPOORCAMENTO=\"Proposto\",$AG231<>\"\",$AG231>0,ORÇAMENTO.CustoUnitario>$AG231),AND(TIPOORCAMENTO=\"LICITADO\",ORÇAMENTO.PrecoUnitarioLicitado>$AN231)),\"ACIMA REF.\",\"\")))))","v":""},{"$f":"IF(C231<=CRONO.NivelExibicao,MAX($AD$15:OFFSET(AD231,-1,0))+IF($C231<>1,1,MAX(1,COUNTIF(QCI!$A$13:$A$24,OFFSET($E231,-1,0)))),\"\")","v":24},{"$f":"IF(AND($C231=\"S\",ORÇAMENTO.CodBarra<>\"\"),IF(ORÇAMENTO.Fonte=\"\",ORÇAMENTO.CodBarra,CONCATENATE(ORÇAMENTO.Fonte,\" \",ORÇAMENTO.CodBarra)))","v":false},{"$f":"IF(ISERROR(INDIRECT(ORÇAMENTO.BancoRef)),\"(abra o arquivo 'Referência \"&Excel_BuiltIn_Database&\".xlsm)\",IF(OR($C231<>\"S\",ORÇAMENTO.CodBarra=\"\"),\"(Sem Código)\",IF(ISERROR(MATCH($AE231,INDIRECT(ORÇAMENTO.BancoRef),0)),\"(Código não identificado nas referências)\",MATCH($AE231,INDIRECT(ORÇAMENTO.BancoRef),0))))","v":"(Sem Código)"},{"$f":"ROUND(IF(DESONERACAO=\"sim\",REFERENCIA.Desonerado,REFERENCIA.NaoDesonerado),2)","v":0},0.26400000000000001,null,null,null,null,19311.05,0]
["S",2,"S",0,{"$f":"IF($C232=1,OFFSET(E232,-1,0)+MAX(1,COUNTIF(QCI!$A$13:$A$24,OFFSET(ORÇAMENTO!E232,-1,0))),OFFSET(E232,-1,0))","v":1},17,0,0,1,0,{"$f":"IF(OR($C232=\"S\",$C232=0),0,MATCH(OFFSET($D232,0,$C232)+IF($C232<>1,1,COUNTIF(QCI!$A$13:$A$24,ORÇAMENTO!E232)),OFFSET($D232,1,$C232,ROW($C$296)-ROW($C232)),0))","v":0},"F","Serviço","Serviço","1.17.0.1.","Composição","29",{"$f":"IF($C232=\"S\",REFERENCIA.Descricao,\"(digite a descrição aqui)\")","v":"BANCADA EM GRANITO PRETO SÃO GABRIEL 217X60CM, COM ÁREA MOLHADA DE 115X40CM, SAIA DE 20CM E ESPELHO DE 10CM, FIXADA COM MÃO FRANCESA METÁLICA, COM DUAS CUBAS DE EMBUTIR DE AÇO INOX DIMENSÕES 56X33X12CM , VÁLVULAS AMERICANAS E SIFÃO TIPO GARRAFA EM METAL , ENGATE FLEXÍVEL 30 CM, TORNEIRA ELÉTRICA 5500W, DE MESA, PARA PIA COZINHA, PADRÃO ALTO - FORNEC. E INSTALAÇÃO. AF_01/2020"},{"$f":"REFERENCIA.Unidade","v":"UNIDADE"},{"$f":"OFFSET(CÁLCULO!H$15,ROW($T232)-ROW(T$15),0)","v":1},{"$f":"AG232","v":4041.48},"BDI 1",{"$f":"IF($C232=\"S\",ROUND(IF(TIPOORCAMENTO=\"Proposto\",ORÇAMENTO.CustoUnitario*(1+$AH232),ORÇAMENTO.PrecoUnitarioLicitado),15-13*$AF$10),0)","v":5108.43},{"$f":"IF($C232=\"S\",IF(Import.TipoArredondamento<>\"TransfereGOV\",VTOTAL1,SUM(OFFSET(CÁLCULO!$AA$15,ROW($X232)-ROW($X$15),1):OFFSET(CÁLCULO!$AL$15,ROW($X232)-ROW($X$15),-1))),IF($C232=0,0,ROUND(SomaAgrup,15-13*$AF$11)))","v":5108.43},"RA","RA",{"$f":"IF($C232=\"S\",IF($Z232=\"CP\",$X232,IF($Z232=\"RA\",(($X232)*QCI!$AA$3),0)),SomaAgrup)","v":5108.43},0,{"$f":"IF($N232=\"\",\"\",IF(ORÇAMENTO.Descricao=\"\",\"DESCRIÇÃO\",IF(AND($C232=\"S\",ORÇAMENTO.Unidade=\"\"),\"UNIDADE\",IF($X232<0,\"VALOR NEGATIVO\",IF(OR(AND(TIPOORCAMENTO=\"Proposto\",$AG232<>\"\",$AG232>0,ORÇAMENTO.CustoUnitario>$AG232),AND(TIPOORCAMENTO=\"LICITADO\",ORÇAMENTO.PrecoUnitarioLicitado>$AN232)),\"ACIMA REF.\",\"\")))))","v":""},{"$f":"IF(C232<=CRONO.NivelExibicao,MAX($AD$15:OFFSET(AD232,-1,0))+IF($C232<>1,1,MAX(1,COUNTIF(QCI!$A$13:$A$24,OFFSET($E232,-1,0)))),\"\")","v":""},{"$f":"IF(AND($C232=\"S\",ORÇAMENTO.CodBarra<>\"\"),IF(ORÇAMENTO.Fonte=\"\",ORÇAMENTO.CodBarra,CONCATENATE(ORÇAMENTO.Fonte,\" \",ORÇAMENTO.CodBarra)))","v":"Composição 29"},{"$f":"IF(ISERROR(INDIRECT(ORÇAMENTO.BancoRef)),\"(abra o arquivo 'Referência \"&Excel_BuiltIn_Database&\".xlsm)\",IF(OR($C232<>\"S\",ORÇAMENTO.CodBarra=\"\"),\"(Sem Código)\",IF(ISERROR(MATCH($AE232,INDIRECT(ORÇAMENTO.BancoRef),0)),\"(Código não identificado nas referências)\",MATCH($AE232,INDIRECT(ORÇAMENTO.BancoRef),0))))","v":31},{"$f":"ROUND(IF(DESONERACAO=\"sim\",REFERENCIA.Desonerado,REFERENCIA.NaoDesonerado),2)","v":4041.48},0.26400000000000001,null,null,null,null,5108.43,5108.43]
["S",2,"S",0,{"$f":"IF($C233=1,OFFSET(E233,-1,0)+MAX(1,COUNTIF(QCI!$A$13:$A$24,OFFSET(ORÇAMENTO!E233,-1,0))),OFFSET(E233,-1,0))","v":1},17,0,0,2,0,{"$f":"IF(OR($C233=\"S\",$C233=0),0,MATCH(OFFSET($D233,0,$C233)+IF($C233<>1,1,COUNTIF(QCI!$A$13:$A$24,ORÇAMENTO!E233)),OFFSET($D233,1,$C233,ROW($C$296)-ROW($C233)),0))","v":0},"F","Serviço","Serviço","1.17.0.2.","Composição","14",{"$f":"IF($C233=\"S\",REFERENCIA.Descricao,\"(digite a descrição aqui)\")","v":"BANCADA EM GRANITO, LARGURA 30 CM, ESPESSURA 2,0 CM. AF_09/2020"},{"$f":"REFERENCIA.Unidade","v":"M"},{"$f":"OFFSET(CÁLCULO!H$15,ROW($T233)-ROW(T$15),0)","v":1.3},265.51,"BDI 1",{"$f":"IF($C233=\"S\",ROUND(IF(TIPOORCAMENTO=\"Proposto\",ORÇAMENTO.CustoUnitario*(1+$AH233),ORÇAMENTO.PrecoUnitarioLicitado),15-13*$AF$10),0)","v":335.6},{"$f":"IF($C233=\"S\",IF(Import.TipoArredondamento<>\"TransfereGOV\",VTOTAL1,SUM(OFFSET(CÁLCULO!$AA$15,ROW($X233)-ROW($X$15),1):OFFSET(CÁLCULO!$AL$15,ROW($X233)-ROW($X$15),-1))),IF($C233=0,0,ROUND(SomaAgrup,15-13*$AF$11)))","v":436.28},"RA","RA",{"$f":"IF($C233=\"S\",IF($Z233=\"CP\",$X233,IF($Z233=\"RA\",(($X233)*QCI!$AA$3),0)),SomaAgrup)","v":436.28},0,{"$f":"IF($N233=\"\",\"\",IF(ORÇAMENTO.Descricao=\"\",\"DESCRIÇÃO\",IF(AND($C233=\"S\",ORÇAMENTO.Unidade=\"\"),\"UNIDADE\",IF($X233<0,\"VALOR NEGATIVO\",IF(OR(AND(TIPOORCAMENTO=\"Proposto\",$AG233<>\"\",$AG233>0,ORÇAMENTO.CustoUnitario>$AG233),AND(TIPOORCAMENTO=\"LICITADO\",ORÇAMENTO.PrecoUnitarioLicitado>$AN233)),\"ACIMA REF.\",\"\")))))","v":""},{"$f":"IF(C233<=CRONO.NivelExibicao,MAX($AD$15:OFFSET(AD233,-1,0))+IF($C233<>1,1,MAX(1,COUNTIF(QCI!$A$13:$A$24,OFFSET($E233,-1,0)))),\"\")","v":""},{"$f":"IF(AND($C233=\"S\",ORÇAMENTO.CodBarra<>\"\"),IF(ORÇAMENTO.Fonte=\"\",ORÇAMENTO.CodBarra,CONCATENATE(ORÇAMENTO.Fonte,\" \",ORÇAMENTO.CodBarra)))","v":"Composição 14"},{"$f":"IF(ISERROR(INDIRECT(ORÇAMENTO.BancoRef)),\"(abra o arquivo 'Referência \"&Excel_BuiltIn_Database&\".xlsm)\",IF(OR($C233<>\"S\",ORÇAMENTO.CodBarra=\"\"),\"(Sem Código)\",IF(ISERROR(MATCH($AE233,INDIRECT(ORÇAMENTO.BancoRef),0)),\"(Código não identificado nas referências)\",MATCH($AE233,INDIRECT(ORÇAMENTO.BancoRef),0))))","v":16},{"$f":"ROUND(IF(DESONERACAO=\"sim\",REFERENCIA.Desonerado,REFERENCIA.NaoDesonerado),2)","v":265.51},0.26400000000000001,null,null,null,null,436.28,335.6]
[{"$f":"CHOOSE(1+LOG(1+2*(ORÇAMENTO.Nivel=\"Meta\")+4*(ORÇAMENTO.Nivel=\"Nível 2\")+8*(ORÇAMENTO.Nivel=\"Nível 3\")+16*(ORÇAMENTO.Nivel=\"Nível 4\")+32*(ORÇAMENTO.Nivel=\"Serviço\"),2),0,1,2,3,4,\"S\")","v":"S"},{"$f":"IF(OR(C234=\"s\",C234=0),OFFSET(B234,-1,0),C234)","v":2},{"$f":"IF(OFFSET(C234,-1,0)=\"L\",1,IF(OFFSET(C234,-1,0)=1,2,IF(OR(A234=\"s\",A234=0),\"S\",IF(AND(OFFSET(C234,-1,0)=2,A234=4),3,IF(AND(OR(OFFSET(C234,-1,0)=\"s\",OFFSET(C234,-1,0)=0),A234<>\"s\",A234>OFFSET(B234,-1,0)),OFFSET(B234,-1,0),A234)))))","v":"S"},{"$f":"IF(OR(C234=\"S\",C234=0),0,IF(ISERROR(K234),J234,SMALL(J234:K234,1)))","v":0},{"$f":"IF($C234=1,OFFSET(E234,-1,0)+MAX(1,COUNTIF(QCI!$A$13:$A$24,OFFSET(ORÇAMENTO!E234,-1,0))),OFFSET(E234,-1,0))","v":1},{"$f":"IF($C234=1,0,IF($C234=2,OFFSET(F234,-1,0)+1,OFFSET(F234,-1,0)))","v":17},{"$f":"IF(AND($C234<=2,$C234<>0),0,IF($C234=3,OFFSET(G234,-1,0)+1,OFFSET(G234,-1,0)))","v":0},{"$f":"IF(AND($C234<=3,$C234<>0),0,IF($C234=4,OFFSET(H234,-1,0)+1,OFFSET(H234,-1,0)))","v":0},{"$f":"IF(AND($C234<=4,$C234<>0),0,IF(AND($C234=\"S\",$X234>0),OFFSET(I234,-1,0)+1,OFFSET(I234,-1,0)))","v":3},0,{"$f":"IF(OR($C234=\"S\",$C234=0),0,MATCH(OFFSET($D234,0,$C234)+IF($C234<>1,1,COUNTIF(QCI!$A$13:$A$24,ORÇAMENTO!E234)),OFFSET($D234,1,$C234,ROW($C$296)-ROW($C234)),0))","v":0},{"$f":"IF(OR($X234>0,$C234=1,$C234=2,$C234=3,$C234=4),\"F\",\"\")","v":"F"},"Serviço",{"$f":"CHOOSE(1+LOG(1+2*(C234=1)+4*(C234=2)+8*(C234=3)+16*(C234=4)+32*(C234=\"S\"),2),\"\",\"Meta\",\"Nível 2\",\"Nível 3\",\"Nível 4\",\"Serviço\")","v":"Serviço"},{"$f":"IF(OR($C234=0,$L234=\"\"),\"-\",CONCATENATE(E234&\".\",IF(AND($A$5>=2,$C234>=2),F234&\".\",\"\"),IF(AND($A$5>=3,$C234>=3),G234&\".\",\"\"),IF(AND($A$5>=4,$C234>=4),H234&\".\",\"\"),IF($C234=\"S\",I234&\".\",\"\")))","v":"1.17.0.3."},"Composição","55",{"$f":"IF($C234=\"S\",REFERENCIA.Descricao,\"(digite a descrição aqui)\")","v":"PRATELEIRA EM GRANITO DUAS FACES POLIDAS, CONFORME PROJETOS"},{"$f":"REFERENCIA.Unidade","v":"UNIDADE"},{"$f":"OFFSET(CÁLCULO!H$15,ROW($T234)-ROW(T$15),0)","v":1},10891.09,"BDI 1",{"$f":"IF($C234=\"S\",ROUND(IF(TIPOORCAMENTO=\"Proposto\",ORÇAMENTO.CustoUnitario*(1+$AH234),ORÇAMENTO.PrecoUnitarioLicitado),15-13*$AF$10),0)","v":13766.34},{"$f":"IF($C234=\"S\",IF(Import.TipoArredondamento<>\"TransfereGOV\",VTOTAL1,SUM(OFFSET(CÁLCULO!$AA$15,ROW($X234)-ROW($X$15),1):OFFSET(CÁLCULO!$AL$15,ROW($X234)-ROW($X$15),-1))),IF($C234=0,0,ROUND(SomaAgrup,15-13*$AF$11)))","v":13766.34},"RA",{"$f":"IF(AND($C234=\"S\",$X234>0),IF(ISBLANK($Y234),\"RA\",LEFT($Y234,2)),\"\")","v":"RA"},{"$f":"IF($C234=\"S\",IF($Z234=\"CP\",$X234,IF($Z234=\"RA\",(($X234)*QCI!$AA$3),0)),SomaAgrup)","v":13766.34},{"$f":"IF($C234=\"S\",IF($Z234=\"OU\",ROUND($X234,2),0),SomaAgrup)","v":0},{"$f":"IF($N234=\"\",\"\",IF(ORÇAMENTO.Descricao=\"\",\"DESCRIÇÃO\",IF(AND($C234=\"S\",ORÇAMENTO.Unidade=\"\"),\"UNIDADE\",IF($X234<0,\"VALOR NEGATIVO\",IF(OR(AND(TIPOORCAMENTO=\"Proposto\",$AG234<>\"\",$AG234>0,ORÇAMENTO.CustoUnitario>$AG234),AND(TIPOORCAMENTO=\"LICITADO\",ORÇAMENTO.PrecoUnitarioLicitado>$AN234)),\"ACIMA REF.\",\"\")))))","v":""},{"$f":"IF(C234<=CRONO.NivelExibicao,MAX($AD$15:OFFSET(AD234,-1,0))+IF($C234<>1,1,MAX(1,COUNTIF(QCI!$A$13:$A$24,OFFSET($E234,-1,0)))),\"\")","v":""},{"$f":"IF(AND($C234=\"S\",ORÇAMENTO.CodBarra<>\"\"),IF(ORÇAMENTO.Fonte=\"\",ORÇAMENTO.CodBarra,CONCATENATE(ORÇAMENTO.Fonte,\" \",ORÇAMENTO.CodBarra)))","v":"Composição 55"},{"$f":"IF(ISERROR(INDIRECT(ORÇAMENTO.BancoRef)),\"(abra o arquivo 'Referência \"&Excel_BuiltIn_Database&\".xlsm)\",IF(OR($C234<>\"S\",ORÇAMENTO.CodBarra=\"\"),\"(Sem Código)\",IF(ISERROR(MATCH($AE234,INDIRECT(ORÇAMENTO.BancoRef),0)),\"(Código não identificado nas referências)\",MATCH($AE234,INDIRECT(ORÇAMENTO.BancoRef),0))))","v":57},{"$f":"ROUND(IF(DESONERACAO=\"sim\",REFERENCIA.Desonerado,REFERENCIA.NaoDesonerado),2)","v":10891.09},{"$f":"ROUND(IF(ISNUMBER(ORÇAMENTO.OpcaoBDI),ORÇAMENTO.OpcaoBDI,IF(LEFT(ORÇAMENTO.OpcaoBDI,3)=\"BDI\",HLOOKUP(ORÇAMENTO.OpcaoBDI,$F$4:$H$5,2,FALSE),0)),15-11*$AF$9)","v":0.26400000000000001},null,null,null,null,13766.34,{"$f":"ROUND(ORÇAMENTO.CustoUnitario*(1+$AH234),2)","v":13766.34}]
[2,2,2,18,{"$f":"IF($C235=1,OFFSET(E235,-1,0)+MAX(1,COUNTIF(QCI!$A$13:$A$24,OFFSET(ORÇAMENTO!E235,-1,0))),OFFSET(E235,-1,0))","v":1},18,0,0,0,61,{"$f":"IF(OR($C235=\"S\",$C235=0),0,MATCH(OFFSET($D235,0,$C235)+IF($C235<>1,1,COUNTIF(QCI!$A$13:$A$24,ORÇAMENTO!E235)),OFFSET($D235,1,$C235,ROW($C$296)-ROW($C235)),0))","v":18},"F","Nível 2","Nível 2","1.18.","SINAPI",null,"ESQUADRIAS ",{"$f":"REFERENCIA.Unidade","v":"-"},{"$f":"OFFSET(CÁLCULO!H$15,ROW($T235)-ROW(T$15),0)","v":0},null,"BDI 1",{"$f":"IF($C235=\"S\",ROUND(IF(TIPOORCAMENTO=\"Proposto\",ORÇAMENTO.CustoUnitario*(1+$AH235),ORÇAMENTO.PrecoUnitarioLicitado),15-13*$AF$10),0)","v":0},{"$f":"IF($C235=\"S\",IF(Import.TipoArredondamento<>\"TransfereGOV\",VTOTAL1,SUM(OFFSET(CÁLCULO!$AA$15,ROW($X235)-ROW($X$15),1):OFFSET(CÁLCULO!$AL$15,ROW($X235)-ROW($X$15),-1))),IF($C235=0,0,ROUND(SomaAgrup,15-13*$AF$11)))","v":117658.61},"RA","",{"$f":"IF($C235=\"S\",IF($Z235=\"CP\",$X235,IF($Z235=\"RA\",(($X235)*QCI!$AA$3),0)),SomaAgrup)","v":117658.60999999999},0,{"$f":"IF($N235=\"\",\"\",IF(ORÇAMENTO.Descricao=\"\",\"DESCRIÇÃO\",IF(AND($C235=\"S\",ORÇAMENTO.Unidade=\"\"),\"UNIDADE\",IF($X235<0,\"VALOR NEGATIVO\",IF(OR(AND(TIPOORCAMENTO=\"Proposto\",$AG235<>\"\",$AG235>0,ORÇAMENTO.CustoUnitario>$AG235),AND(TIPOORCAMENTO=\"LICITADO\",ORÇAMENTO.PrecoUnitarioLicitado>$AN235)),\"ACIMA REF.\",\"\")))))","v":""},{"$f":"IF(C235<=CRONO.NivelExibicao,MAX($AD$15:OFFSET(AD235,-1,0))+IF($C235<>1,1,MAX(1,COUNTIF(QCI!$A$13:$A$24,OFFSET($E235,-1,0)))),\"\")","v":25},{"$f":"IF(AND($C235=\"S\",ORÇAMENTO.CodBarra<>\"\"),IF(ORÇAMENTO.Fonte=\"\",ORÇAMENTO.CodBarra,CONCATENATE(ORÇAMENTO.Fonte,\" \",ORÇAMENTO.CodBarra)))","v":false},{"$f":"IF(ISERROR(INDIRECT(ORÇAMENTO.BancoRef)),\"(abra o arquivo 'Referência \"&Excel_BuiltIn_Database&\".xlsm)\",IF(OR($C235<>\"S\",ORÇAMENTO.CodBarra=\"\"),\"(Sem Código)\",IF(ISERROR(MATCH($AE235,INDIRECT(ORÇAMENTO.BancoRef),0)),\"(Código não identificado nas referências)\",MATCH($AE235,INDIRECT(ORÇAMENTO.BancoRef),0))))","v":"(Sem Código)"},{"$f":"ROUND(IF(DESONERACAO=\"sim\",REFERENCIA.Desonerado,REFERENCIA.NaoDesonerado),2)","v":0},0.26400000000000001,null,null,null,null,117658.61,0]
["S",2,"S",0,{"$f":"IF($C236=1,OFFSET(E236,-1,0)+MAX(1,COUNTIF(QCI!$A$13:$A$24,OFFSET(ORÇAMENTO!E236,-1,0))),OFFSET(E236,-1,0))","v":1},18,0,0,1,0,{"$f":"IF(OR($C236=\"S\",$C236=0),0,MATCH(OFFSET($D236,0,$C236)+IF($C236<>1,1,COUNTIF(QCI!$A$13:$A$24,ORÇAMENTO!E236)),OFFSET($D236,1,$C236,ROW($C$296)-ROW($C236)),0))","v":0},"F","Serviço","Serviço","1.18.0.1.","SINAPI","98695",{"$f":"IF($C236=\"S\",REFERENCIA.Descricao,\"(digite a descrição aqui)\")","v":"SOLEIRA EM MÁRMORE, LARGURA 15 CM, ESPESSURA 2,0 CM. AF_09/2020"},{"$f":"REFERENCIA.Unidade","v":"M"},{"$f":"OFFSET(CÁLCULO!H$15,ROW($T236)-ROW(T$15),0)","v":44.36},102.26,"BDI 1",{"$f":"IF($C236=\"S\",ROUND(IF(TIPOORCAMENTO=\"Proposto\",ORÇAMENTO.CustoUnitario*(1+$AH236),ORÇAMENTO.PrecoUnitarioLicitado),15-13*$AF$10),0)","v":129.26},{"$f":"IF($C236=\"S\",IF(Import.TipoArredondamento<>\"TransfereGOV\",VTOTAL1,SUM(OFFSET(CÁLCULO!$AA$15,ROW($X236)-ROW($X$15),1):OFFSET(CÁLCULO!$AL$15,ROW($X236)-ROW($X$15),-1))),IF($C236=0,0,ROUND(SomaAgrup,15-13*$AF$11)))","v":5733.97},"RA","RA",{"$f":"IF($C236=\"S\",IF($Z236=\"CP\",$X236,IF($Z236=\"RA\",(($X236)*QCI!$AA$3),0)),SomaAgrup)","v":5733.97},0,{"$f":"IF($N236=\"\",\"\",IF(ORÇAMENTO.Descricao=\"\",\"DESCRIÇÃO\",IF(AND($C236=\"S\",ORÇAMENTO.Unidade=\"\"),\"UNIDADE\",IF($X236<0,\"VALOR NEGATIVO\",IF(OR(AND(TIPOORCAMENTO=\"Proposto\",$AG236<>\"\",$AG236>0,ORÇAMENTO.CustoUnitario>$AG236),AND(TIPOORCAMENTO=\"LICITADO\",ORÇAMENTO.PrecoUnitarioLicitado>$AN236)),\"ACIMA REF.\",\"\")))))","v":""},{"$f":"IF(C236<=CRONO.NivelExibicao,MAX($AD$15:OFFSET(AD236,-1,0))+IF($C236<>1,1,MAX(1,COUNTIF(QCI!$A$13:$A$24,OFFSET($E236,-1,0)))),\"\")","v":""},{"$f":"IF(AND($C236=\"S\",ORÇAMENTO.CodBarra<>\"\"),IF(ORÇAMENTO.Fonte=\"\",ORÇAMENTO.CodBarra,CONCATENATE(ORÇAMENTO.Fonte,\" \",ORÇAMENTO.CodBarra)))","v":"SINAPI 98695"},{"$f":"IF(ISERROR(INDIRECT(ORÇAMENTO.BancoRef)),\"(abra o arquivo 'Referência \"&Excel_BuiltIn_Database&\".xlsm)\",IF(OR($C236<>\"S\",ORÇAMENTO.CodBarra=\"\"),\"(Sem Código)\",IF(ISERROR(MATCH($AE236,INDIRECT(ORÇAMENTO.BancoRef),0)),\"(Código não identificado nas referências)\",MATCH($AE236,INDIRECT(ORÇAMENTO.BancoRef),0))))","v":6512},{"$f":"ROUND(IF(DESONERACAO=\"sim\",REFERENCIA.Desonerado,REFERENCIA.NaoDesonerado),2)","v":102.26},0.26400000000000001,null,null,null,null,5733.97,129.26]
["S",2,"S",0,{"$f":"IF($C237=1,OFFSET(E237,-1,0)+MAX(1,COUNTIF(QCI!$A$13:$A$24,OFFSET(ORÇAMENTO!E237,-1,0))),OFFSET(E237,-1,0))","v":1},18,0,0,2,0,{"$f":"IF(OR($C237=\"S\",$C237=0),0,MATCH(OFFSET($D237,0,$C237)+IF($C237<>1,1,COUNTIF(QCI!$A$13:$A$24,ORÇAMENTO!E237)),OFFSET($D237,1,$C237,ROW($C$296)-ROW($C237)),0))","v":0},"F","Serviço","Serviço","1.18.0.2.","Composição","15",{"$f":"IF($C237=\"S\",REFERENCIA.Descricao,\"(digite a descrição aqui)\")","v":"PORTA DE ABRIR COM MOLA HIDRÁULICA, EM VIDRO TEMPERADO, 2 FOLHAS DE 80X210 CM, ESPESSURA DD 10MM, INCLUSIVE ACESSÓRIOS E PUXADOR DUPLO NAS DUAS FOLHAS, COMPRIMENTO 40CM DIAMETRO 25MM EM ALUMÍNIO CROMADO. AF_01/2021"},{"$f":"REFERENCIA.Unidade","v":"UNIDADE"},{"$f":"OFFSET(CÁLCULO!H$15,ROW($T237)-ROW(T$15),0)","v":1},4110.26,"BDI 1",{"$f":"IF($C237=\"S\",ROUND(IF(TIPOORCAMENTO=\"Proposto\",ORÇAMENTO.CustoUnitario*(1+$AH237),ORÇAMENTO.PrecoUnitarioLicitado),15-13*$AF$10),0)","v":5195.37},{"$f":"IF($C237=\"S\",IF(Import.TipoArredondamento<>\"TransfereGOV\",VTOTAL1,SUM(OFFSET(CÁLCULO!$AA$15,ROW($X237)-ROW($X$15),1):OFFSET(CÁLCULO!$AL$15,ROW($X237)-ROW($X$15),-1))),IF($C237=0,0,ROUND(SomaAgrup,15-13*$AF$11)))","v":5195.37},"RA","RA",{"$f":"IF($C237=\"S\",IF($Z237=\"CP\",$X237,IF($Z237=\"RA\",(($X237)*QCI!$AA$3),0)),SomaAgrup)","v":5195.37},0,{"$f":"IF($N237=\"\",\"\",IF(ORÇAMENTO.Descricao=\"\",\"DESCRIÇÃO\",IF(AND($C237=\"S\",ORÇAMENTO.Unidade=\"\"),\"UNIDADE\",IF($X237<0,\"VALOR NEGATIVO\",IF(OR(AND(TIPOORCAMENTO=\"Proposto\",$AG237<>\"\",$AG237>0,ORÇAMENTO.CustoUnitario>$AG237),AND(TIPOORCAMENTO=\"LICITADO\",ORÇAMENTO.PrecoUnitarioLicitado>$AN237)),\"ACIMA REF.\",\"\")))))","v":""},{"$f":"IF(C237<=CRONO.NivelExibicao,MAX($AD$15:OFFSET(AD237,-1,0))+IF($C237<>1,1,MAX(1,COUNTIF(QCI!$A$13:$A$24,OFFSET($E237,-1,0)))),\"\")","v":""},{"$f":"IF(AND($C237=\"S\",ORÇAMENTO.CodBarra<>\"\"),IF(ORÇAMENTO.Fonte=\"\",ORÇAMENTO.CodBarra,CONCATENATE(ORÇAMENTO.Fonte,\" \",ORÇAMENTO.CodBarra)))","v":"Composição 15"},{"$f":"IF(ISERROR(INDIRECT(ORÇAMENTO.BancoRef)),\"(abra o arquivo 'Referência \"&Excel_BuiltIn_Database&\".xlsm)\",IF(OR($C237<>\"S\",ORÇAMENTO.CodBarra=\"\"),\"(Sem Código)\",IF(ISERROR(MATCH($AE237,INDIRECT(ORÇAMENTO.BancoRef),0)),\"(Código não identificado nas referências)\",MATCH($AE237,INDIRECT(ORÇAMENTO.BancoRef),0))))","v":17},{"$f":"ROUND(IF(DESONERACAO=\"sim\",REFERENCIA.Desonerado,REFERENCIA.NaoDesonerado),2)","v":4110.26},0.26400000000000001,null,null,null,null,5195.37,5195.37]
[{"$f":"CHOOSE(1+LOG(1+2*(ORÇAMENTO.Nivel=\"Meta\")+4*(ORÇAMENTO.Nivel=\"Nível 2\")+8*(ORÇAMENTO.Nivel=\"Nível 3\")+16*(ORÇAMENTO.Nivel=\"Nível 4\")+32*(ORÇAMENTO.Nivel=\"Serviço\"),2),0,1,2,3,4,\"S\")","v":"S"},{"$f":"IF(OR(C238=\"s\",C238=0),OFFSET(B238,-1,0),C238)","v":2},{"$f":"IF(OFFSET(C238,-1,0)=\"L\",1,IF(OFFSET(C238,-1,0)=1,2,IF(OR(A238=\"s\",A238=0),\"S\",IF(AND(OFFSET(C238,-1,0)=2,A238=4),3,IF(AND(OR(OFFSET(C238,-1,0)=\"s\",OFFSET(C238,-1,0)=0),A238<>\"s\",A238>OFFSET(B238,-1,0)),OFFSET(B238,-1,0),A238)))))","v":"S"},{"$f":"IF(OR(C238=\"S\",C238=0),0,IF(ISERROR(K238),J238,SMALL(J238:K238,1)))","v":0},{"$f":"IF($C238=1,OFFSET(E238,-1,0)+MAX(1,COUNTIF(QCI!$A$13:$A$24,OFFSET(ORÇAMENTO!E238,-1,0))),OFFSET(E238,-1,0))","v":1},{"$f":"IF($C238=1,0,IF($C238=2,OFFSET(F238,-1,0)+1,OFFSET(F238,-1,0)))","v":18},{"$f":"IF(AND($C238<=2,$C238<>0),0,IF($C238=3,OFFSET(G238,-1,0)+1,OFFSET(G238,-1,0)))","v":0},{"$f":"IF(AND($C238<=3,$C238<>0),0,IF($C238=4,OFFSET(H238,-1,0)+1,OFFSET(H238,-1,0)))","v":0},{"$f":"IF(AND($C238<=4,$C238<>0),0,IF(AND($C238=\"S\",$X238>0),OFFSET(I238,-1,0)+1,OFFSET(I238,-1,0)))","v":3},0,{"$f":"IF(OR($C238=\"S\",$C238=0),0,MATCH(OFFSET($D238,0,$C238)+IF($C238<>1,1,COUNTIF(QCI!$A$13:$A$24,ORÇAMENTO!E238)),OFFSET($D238,1,$C238,ROW($C$296)-ROW($C238)),0))","v":0},{"$f":"IF(OR($X238>0,$C238=1,$C238=2,$C238=3,$C238=4),\"F\",\"\")","v":"F"},"Serviço",{"$f":"CHOOSE(1+LOG(1+2*(C238=1)+4*(C238=2)+8*(C238=3)+16*(C238=4)+32*(C238=\"S\"),2),\"\",\"Meta\",\"Nível 2\",\"Nível 3\",\"Nível 4\",\"Serviço\")","v":"Serviço"},{"$f":"IF(OR($C238=0,$L238=\"\"),\"-\",CONCATENATE(E238&\".\",IF(AND($A$5>=2,$C238>=2),F238&\".\",\"\"),IF(AND($A$5>=3,$C238>=3),G238&\".\",\"\"),IF(AND($A$5>=4,$C238>=4),H238&\".\",\"\"),IF($C238=\"S\",I238&\".\",\"\")))","v":"1.18.0.3."},"Composição","44",{"$f":"IF($C238=\"S\",REFERENCIA.Descricao,\"(digite a descrição aqui)\")","v":"PORTA DE ABRIR COM MOLA HIDRÁULICA, EM VIDRO TEMPERADO, 2 FOLHAS DE 70X210 CM, ESPESSURA DD 10MM, INCLUSIVE ACESSÓRIOS E PUXADOR DUPLO NAS DUAS FOLHAS, COMPRIMENTO 40CM DIAMETRO 25MM EM ALUMÍNIO CROMADO AF_01/2021"},{"$f":"REFERENCIA.Unidade","v":"UNIDADE"},{"$f":"OFFSET(CÁLCULO!H$15,ROW($T238)-ROW(T$15),0)","v":1},3975.86,"BDI 1",{"$f":"IF($C238=\"S\",ROUND(IF(TIPOORCAMENTO=\"Proposto\",ORÇAMENTO.CustoUnitario*(1+$AH238),ORÇAMENTO.PrecoUnitarioLicitado),15-13*$AF$10),0)","v":5025.49},{"$f":"IF($C238=\"S\",IF(Import.TipoArredondamento<>\"TransfereGOV\",VTOTAL1,SUM(OFFSET(CÁLCULO!$AA$15,ROW($X238)-ROW($X$15),1):OFFSET(CÁLCULO!$AL$15,ROW($X238)-ROW($X$15),-1))),IF($C238=0,0,ROUND(SomaAgrup,15-13*$AF$11)))","v":5025.49},"RA",{"$f":"IF(AND($C238=\"S\",$X238>0),IF(ISBLANK($Y238),\"RA\",LEFT($Y238,2)),\"\")","v":"RA"},{"$f":"IF($C238=\"S\",IF($Z238=\"CP\",$X238,IF($Z238=\"RA\",(($X238)*QCI!$AA$3),0)),SomaAgrup)","v":5025.49},{"$f":"IF($C238=\"S\",IF($Z238=\"OU\",ROUND($X238,2),0),SomaAgrup)","v":0},{"$f":"IF($N238=\"\",\"\",IF(ORÇAMENTO.Descricao=\"\",\"DESCRIÇÃO\",IF(AND($C238=\"S\",ORÇAMENTO.Unidade=\"\"),\"UNIDADE\",IF($X238<0,\"VALOR NEGATIVO\",IF(OR(AND(TIPOORCAMENTO=\"Proposto\",$AG238<>\"\",$AG238>0,ORÇAMENTO.CustoUnitario>$AG238),AND(TIPOORCAMENTO=\"LICITADO\",ORÇAMENTO.PrecoUnitarioLicitado>$AN238)),\"ACIMA REF.\",\"\")))))","v":""},{"$f":"IF(C238<=CRONO.NivelExibicao,MAX($AD$15:OFFSET(AD238,-1,0))+IF($C238<>1,1,MAX(1,COUNTIF(QCI!$A$13:$A$24,OFFSET($E238,-1,0)))),\"\")","v":""},{"$f":"IF(AND($C238=\"S\",ORÇAMENTO.CodBarra<>\"\"),IF(ORÇAMENTO.Fonte=\"\",ORÇAMENTO.CodBarra,CONCATENATE(ORÇAMENTO.Fonte,\" \",ORÇAMENTO.CodBarra)))","v":"Composição 44"},{"$f":"IF(ISERROR(INDIRECT(ORÇAMENTO.BancoRef)),\"(abra o arquivo 'Referência \"&Excel_BuiltIn_Database&\".xlsm)\",IF(OR($C238<>\"S\",ORÇAMENTO.CodBarra=\"\"),\"(Sem Código)\",IF(ISERROR(MATCH($AE238,INDIRECT(ORÇAMENTO.BancoRef),0)),\"(Código não identificado nas referências)\",MATCH($AE238,INDIRECT(ORÇAMENTO.BancoRef),0))))","v":46},{"$f":"ROUND(IF(DESONERACAO=\"sim\",REFERENCIA.Desonerado,REFERENCIA.NaoDesonerado),2)","v":3975.86},{"$f":"ROUND(IF(ISNUMBER(ORÇAMENTO.OpcaoBDI),ORÇAMENTO.OpcaoBDI,IF(LEFT(ORÇAMENTO.OpcaoBDI,3)=\"BDI\",HLOOKUP(ORÇAMENTO.OpcaoBDI,$F$4:$H$5,2,FALSE),0)),15-11*$AF$9)","v":0.26400000000000001},null,null,null,null,5025.49,{"$f":"ROUND(ORÇAMENTO.CustoUnitario*(1+$AH238),2)","v":5025.49}]
["S",2,"S",0,{"$f":"IF($C239=1,OFFSET(E239,-1,0)+MAX(1,COUNTIF(QCI!$A$13:$A$24,OFFSET(ORÇAMENTO!E239,-1,0))),OFFSET(E239,-1,0))","v":1},18,0,0,4,0,{"$f":"IF(OR($C239=\"S\",$C239=0),0,MATCH(OFFSET($D239,0,$C239)+IF($C239<>1,1,COUNTIF(QCI!$A$13:$A$24,ORÇAMENTO!E239)),OFFSET($D239,1,$C239,ROW($C$296)-ROW($C239)),0))","v":0},"F","Serviço","Serviço","1.18.0.4.","SINAPI","90790",{"$f":"IF($C239=\"S\",REFERENCIA.Descricao,\"(digite a descrição aqui)\")","v":"KIT DE PORTA-PRONTA DE MADEIRA EM ACABAMENTO MELAMÍNICO BRANCO, FOLHA LEVE OU MÉDIA, 80X210CM, EXCLUSIVE FECHADURA, FIXAÇÃO COM PREENCHIMENTO PARCIAL DE ESPUMA EXPANSIVA - FORNECIMENTO E INSTALAÇÃO. AF_12/2019"},{"$f":"REFERENCIA.Unidade","v":"UN"},{"$f":"OFFSET(CÁLCULO!H$15,ROW($T239)-ROW(T$15),0)","v":15},1168.21,"BDI 1",{"$f":"IF($C239=\"S\",ROUND(IF(TIPOORCAMENTO=\"Proposto\",ORÇAMENTO.CustoUnitario*(1+$AH239),ORÇAMENTO.PrecoUnitarioLicitado),15-13*$AF$10),0)","v":1476.62},{"$f":"IF($C239=\"S\",IF(Import.TipoArredondamento<>\"TransfereGOV\",VTOTAL1,SUM(OFFSET(CÁLCULO!$AA$15,ROW($X239)-ROW($X$15),1):OFFSET(CÁLCULO!$AL$15,ROW($X239)-ROW($X$15),-1))),IF($C239=0,0,ROUND(SomaAgrup,15-13*$AF$11)))","v":22149.3},"RA","RA",{"$f":"IF($C239=\"S\",IF($Z239=\"CP\",$X239,IF($Z239=\"RA\",(($X239)*QCI!$AA$3),0)),SomaAgrup)","v":22149.3},0,{"$f":"IF($N239=\"\",\"\",IF(ORÇAMENTO.Descricao=\"\",\"DESCRIÇÃO\",IF(AND($C239=\"S\",ORÇAMENTO.Unidade=\"\"),\"UNIDADE\",IF($X239<0,\"VALOR NEGATIVO\",IF(OR(AND(TIPOORCAMENTO=\"Proposto\",$AG239<>\"\",$AG239>0,ORÇAMENTO.CustoUnitario>$AG239),AND(TIPOORCAMENTO=\"LICITADO\",ORÇAMENTO.PrecoUnitarioLicitado>$AN239)),\"ACIMA REF.\",\"\")))))","v":""},{"$f":"IF(C239<=CRONO.NivelExibicao,MAX($AD$15:OFFSET(AD239,-1,0))+IF($C239<>1,1,MAX(1,COUNTIF(QCI!$A$13:$A$24,OFFSET($E239,-1,0)))),\"\")","v":""},{"$f":"IF(AND($C239=\"S\",ORÇAMENTO.CodBarra<>\"\"),IF(ORÇAMENTO.Fonte=\"\",ORÇAMENTO.CodBarra,CONCATENATE(ORÇAMENTO.Fonte,\" \",ORÇAMENTO.CodBarra)))","v":"SINAPI 90790"},{"$f":"IF(ISERROR(INDIRECT(ORÇAMENTO.BancoRef)),\"(abra o arquivo 'Referência \"&Excel_BuiltIn_Database&\".xlsm)\",IF(OR($C239<>\"S\",ORÇAMENTO.CodBarra=\"\"),\"(Sem Código)\",IF(ISERROR(MATCH($AE239,INDIRECT(ORÇAMENTO.BancoRef),0)),\"(Código não identificado nas referências)\",MATCH($AE239,INDIRECT(ORÇAMENTO.BancoRef),0))))","v":2143},{"$f":"ROUND(IF(DESONERACAO=\"sim\",REFERENCIA.Desonerado,REFERENCIA.NaoDesonerado),2)","v":1168.21},0.26400000000000001,null,null,null,null,22149.3,1476.62]
["S",2,"S",0,{"$f":"IF($C240=1,OFFSET(E240,-1,0)+MAX(1,COUNTIF(QCI!$A$13:$A$24,OFFSET(ORÇAMENTO!E240,-1,0))),OFFSET(E240,-1,0))","v":1},18,0,0,5,0,{"$f":"IF(OR($C240=\"S\",$C240=0),0,MATCH(OFFSET($D240,0,$C240)+IF($C240<>1,1,COUNTIF(QCI!$A$13:$A$24,ORÇAMENTO!E240)),OFFSET($D240,1,$C240,ROW($C$296)-ROW($C240)),0))","v":0},"F","Serviço","Serviço","1.18.0.5.","SINAPI","90788",{"$f":"IF($C240=\"S\",REFERENCIA.Descricao,\"(digite a descrição aqui)\")","v":"KIT DE PORTA-PRONTA DE MADEIRA EM ACABAMENTO MELAMÍNICO BRANCO, FOLHA LEVE OU MÉDIA, 60X210CM, EXCLUSIVE FECHADURA, FIXAÇÃO COM PREENCHIMENTO PARCIAL DE ESPUMA EXPANSIVA - FORNECIMENTO E INSTALAÇÃO. AF_12/2019"},{"$f":"REFERENCIA.Unidade","v":"UN"},{"$f":"OFFSET(CÁLCULO!H$15,ROW($T240)-ROW(T$15),0)","v":1},1131.3900000000001,"BDI 1",{"$f":"IF($C240=\"S\",ROUND(IF(TIPOORCAMENTO=\"Proposto\",ORÇAMENTO.CustoUnitario*(1+$AH240),ORÇAMENTO.PrecoUnitarioLicitado),15-13*$AF$10),0)","v":1430.08},{"$f":"IF($C240=\"S\",IF(Import.TipoArredondamento<>\"TransfereGOV\",VTOTAL1,SUM(OFFSET(CÁLCULO!$AA$15,ROW($X240)-ROW($X$15),1):OFFSET(CÁLCULO!$AL$15,ROW($X240)-ROW($X$15),-1))),IF($C240=0,0,ROUND(SomaAgrup,15-13*$AF$11)))","v":1430.08},"RA","RA",{"$f":"IF($C240=\"S\",IF($Z240=\"CP\",$X240,IF($Z240=\"RA\",(($X240)*QCI!$AA$3),0)),SomaAgrup)","v":1430.08},0,{"$f":"IF($N240=\"\",\"\",IF(ORÇAMENTO.Descricao=\"\",\"DESCRIÇÃO\",IF(AND($C240=\"S\",ORÇAMENTO.Unidade=\"\"),\"UNIDADE\",IF($X240<0,\"VALOR NEGATIVO\",IF(OR(AND(TIPOORCAMENTO=\"Proposto\",$AG240<>\"\",$AG240>0,ORÇAMENTO.CustoUnitario>$AG240),AND(TIPOORCAMENTO=\"LICITADO\",ORÇAMENTO.PrecoUnitarioLicitado>$AN240)),\"ACIMA REF.\",\"\")))))","v":""},{"$f":"IF(C240<=CRONO.NivelExibicao,MAX($AD$15:OFFSET(AD240,-1,0))+IF($C240<>1,1,MAX(1,COUNTIF(QCI!$A$13:$A$24,OFFSET($E240,-1,0)))),\"\")","v":""},{"$f":"IF(AND($C240=\"S\",ORÇAMENTO.CodBarra<>\"\"),IF(ORÇAMENTO.Fonte=\"\",ORÇAMENTO.CodBarra,CONCATENATE(ORÇAMENTO.Fonte,\" \",ORÇAMENTO.CodBarra)))","v":"SINAPI 90788"},{"$f":"IF(ISERROR(INDIRECT(ORÇAMENTO.BancoRef)),\"(abra o arquivo 'Referência \"&Excel_BuiltIn_Database&\".xlsm)\",IF(OR($C240<>\"S\",ORÇAMENTO.CodBarra=\"\"),\"(Sem Código)\",IF(ISERROR(MATCH($AE240,INDIRECT(ORÇAMENTO.BancoRef),0)),\"(Código não identificado nas referências)\",MATCH($AE240,INDIRECT(ORÇAMENTO.BancoRef),0))))","v":2141},{"$f":"ROUND(IF(DESONERACAO=\"sim\",REFERENCIA.Desonerado,REFERENCIA.NaoDesonerado),2)","v":1131.3900000000001},0.26400000000000001,null,null,null,null,1430.08,1430.08]
[{"$f":"CHOOSE(1+LOG(1+2*(ORÇAMENTO.Nivel=\"Meta\")+4*(ORÇAMENTO.Nivel=\"Nível 2\")+8*(ORÇAMENTO.Nivel=\"Nível 3\")+16*(ORÇAMENTO.Nivel=\"Nível 4\")+32*(ORÇAMENTO.Nivel=\"Serviço\"),2),0,1,2,3,4,\"S\")","v":"S"},{"$f":"IF(OR(C241=\"s\",C241=0),OFFSET(B241,-1,0),C241)","v":2},{"$f":"IF(OFFSET(C241,-1,0)=\"L\",1,IF(OFFSET(C241,-1,0)=1,2,IF(OR(A241=\"s\",A241=0),\"S\",IF(AND(OFFSET(C241,-1,0)=2,A241=4),3,IF(AND(OR(OFFSET(C241,-1,0)=\"s\",OFFSET(C241,-1,0)=0),A241<>\"s\",A241>OFFSET(B241,-1,0)),OFFSET(B241,-1,0),A241)))))","v":"S"},{"$f":"IF(OR(C241=\"S\",C241=0),0,IF(ISERROR(K241),J241,SMALL(J241:K241,1)))","v":0},{"$f":"IF($C241=1,OFFSET(E241,-1,0)+MAX(1,COUNTIF(QCI!$A$13:$A$24,OFFSET(ORÇAMENTO!E241,-1,0))),OFFSET(E241,-1,0))","v":1},{"$f":"IF($C241=1,0,IF($C241=2,OFFSET(F241,-1,0)+1,OFFSET(F241,-1,0)))","v":18},{"$f":"IF(AND($C241<=2,$C241<>0),0,IF($C241=3,OFFSET(G241,-1,0)+1,OFFSET(G241,-1,0)))","v":0},{"$f":"IF(AND($C241<=3,$C241<>0),0,IF($C241=4,OFFSET(H241,-1,0)+1,OFFSET(H241,-1,0)))","v":0},{"$f":"IF(AND($C241<=4,$C241<>0),0,IF(AND($C241=\"S\",$X241>0),OFFSET(I241,-1,0)+1,OFFSET(I241,-1,0)))","v":6},0,{"$f":"IF(OR($C241=\"S\",$C241=0),0,MATCH(OFFSET($D241,0,$C241)+IF($C241<>1,1,COUNTIF(QCI!$A$13:$A$24,ORÇAMENTO!E241)),OFFSET($D241,1,$C241,ROW($C$296)-ROW($C241)),0))","v":0},{"$f":"IF(OR($X241>0,$C241=1,$C241=2,$C241=3,$C241=4),\"F\",\"\")","v":"F"},"Serviço",{"$f":"CHOOSE(1+LOG(1+2*(C241=1)+4*(C241=2)+8*(C241=3)+16*(C241=4)+32*(C241=\"S\"),2),\"\",\"Meta\",\"Nível 2\",\"Nível 3\",\"Nível 4\",\"Serviço\")","v":"Serviço"},{"$f":"IF(OR($C241=0,$L241=\"\"),\"-\",CONCATENATE(E241&\".\",IF(AND($A$5>=2,$C241>=2),F241&\".\",\"\"),IF(AND($A$5>=3,$C241>=3),G241&\".\",\"\"),IF(AND($A$5>=4,$C241>=4),H241&\".\",\"\"),IF($C241=\"S\",I241&\".\",\"\")))","v":"1.18.0.6."},"SINAPI","90831",{"$f":"IF($C241=\"S\",REFERENCIA.Descricao,\"(digite a descrição aqui)\")","v":"FECHADURA DE EMBUTIR PARA PORTA DE BANHEIRO, COMPLETA, ACABAMENTO PADRÃO MÉDIO, INCLUSO EXECUÇÃO DE FURO - FORNECIMENTO E INSTALAÇÃO. AF_12/2019"},{"$f":"REFERENCIA.Unidade","v":"UN"},{"$f":"OFFSET(CÁLCULO!H$15,ROW($T241)-ROW(T$15),0)","v":4},174.74,"BDI 1",{"$f":"IF($C241=\"S\",ROUND(IF(TIPOORCAMENTO=\"Proposto\",ORÇAMENTO.CustoUnitario*(1+$AH241),ORÇAMENTO.PrecoUnitarioLicitado),15-13*$AF$10),0)","v":220.87},{"$f":"IF($C241=\"S\",IF(Import.TipoArredondamento<>\"TransfereGOV\",VTOTAL1,SUM(OFFSET(CÁLCULO!$AA$15,ROW($X241)-ROW($X$15),1):OFFSET(CÁLCULO!$AL$15,ROW($X241)-ROW($X$15),-1))),IF($C241=0,0,ROUND(SomaAgrup,15-13*$AF$11)))","v":883.48},"RA",{"$f":"IF(AND($C241=\"S\",$X241>0),IF(ISBLANK($Y241),\"RA\",LEFT($Y241,2)),\"\")","v":"RA"},{"$f":"IF($C241=\"S\",IF($Z241=\"CP\",$X241,IF($Z241=\"RA\",(($X241)*QCI!$AA$3),0)),SomaAgrup)","v":883.48},{"$f":"IF($C241=\"S\",IF($Z241=\"OU\",ROUND($X241,2),0),SomaAgrup)","v":0},{"$f":"IF($N241=\"\",\"\",IF(ORÇAMENTO.Descricao=\"\",\"DESCRIÇÃO\",IF(AND($C241=\"S\",ORÇAMENTO.Unidade=\"\"),\"UNIDADE\",IF($X241<0,\"VALOR NEGATIVO\",IF(OR(AND(TIPOORCAMENTO=\"Proposto\",$AG241<>\"\",$AG241>0,ORÇAMENTO.CustoUnitario>$AG241),AND(TIPOORCAMENTO=\"LICITADO\",ORÇAMENTO.PrecoUnitarioLicitado>$AN241)),\"ACIMA REF.\",\"\")))))","v":""},{"$f":"IF(C241<=CRONO.NivelExibicao,MAX($AD$15:OFFSET(AD241,-1,0))+IF($C241<>1,1,MAX(1,COUNTIF(QCI!$A$13:$A$24,OFFSET($E241,-1,0)))),\"\")","v":""},{"$f":"IF(AND($C241=\"S\",ORÇAMENTO.CodBarra<>\"\"),IF(ORÇAMENTO.Fonte=\"\",ORÇAMENTO.CodBarra,CONCATENATE(ORÇAMENTO.Fonte,\" \",ORÇAMENTO.CodBarra)))","v":"SINAPI 90831"},{"$f":"IF(ISERROR(INDIRECT(ORÇAMENTO.BancoRef)),\"(abra o arquivo 'Referência \"&Excel_BuiltIn_Database&\".xlsm)\",IF(OR($C241<>\"S\",ORÇAMENTO.CodBarra=\"\"),\"(Sem Código)\",IF(ISERROR(MATCH($AE241,INDIRECT(ORÇAMENTO.BancoRef),0)),\"(Código não identificado nas referências)\",MATCH($AE241,INDIRECT(ORÇAMENTO.BancoRef),0))))","v":2161},{"$f":"ROUND(IF(DESONERACAO=\"sim\",REFERENCIA.Desonerado,REFERENCIA.NaoDesonerado),2)","v":174.74},{"$f":"ROUND(IF(ISNUMBER(ORÇAMENTO.OpcaoBDI),ORÇAMENTO.OpcaoBDI,IF(LEFT(ORÇAMENTO.OpcaoBDI,3)=\"BDI\",HLOOKUP(ORÇAMENTO.OpcaoBDI,$F$4:$H$5,2,FALSE),0)),15-11*$AF$9)","v":0.26400000000000001},null,null,null,null,883.48,{"$f":"ROUND(ORÇAMENTO.CustoUnitario*(1+$AH241),2)","v":220.87}]
[{"$f":"CHOOSE(1+LOG(1+2*(ORÇAMENTO.Nivel=\"Meta\")+4*(ORÇAMENTO.Nivel=\"Nível 2\")+8*(ORÇAMENTO.Nivel=\"Nível 3\")+16*(ORÇAMENTO.Nivel=\"Nível 4\")+32*(ORÇAMENTO.Nivel=\"Serviço\"),2),0,1,2,3,4,\"S\")","v":"S"},{"$f":"IF(OR(C242=\"s\",C242=0),OFFSET(B242,-1,0),C242)","v":2},{"$f":"IF(OFFSET(C242,-1,0)=\"L\",1,IF(OFFSET(C242,-1,0)=1,2,IF(OR(A242=\"s\",A242=0),\"S\",IF(AND(OFFSET(C242,-1,0)=2,A242=4),3,IF(AND(OR(OFFSET(C242,-1,0)=\"s\",OFFSET(C242,-1,0)=0),A242<>\"s\",A242>OFFSET(B242,-1,0)),OFFSET(B242,-1,0),A242)))))","v":"S"},{"$f":"IF(OR(C242=\"S\",C242=0),0,IF(ISERROR(K242),J242,SMALL(J242:K242,1)))","v":0},{"$f":"IF($C242=1,OFFSET(E242,-1,0)+MAX(1,COUNTIF(QCI!$A$13:$A$24,OFFSET(ORÇAMENTO!E242,-1,0))),OFFSET(E242,-1,0))","v":1},{"$f":"IF($C242=1,0,IF($C242=2,OFFSET(F242,-1,0)+1,OFFSET(F242,-1,0)))","v":18},{"$f":"IF(AND($C242<=2,$C242<>0),0,IF($C242=3,OFFSET(G242,-1,0)+1,OFFSET(G242,-1,0)))","v":0},{"$f":"IF(AND($C242<=3,$C242<>0),0,IF($C242=4,OFFSET(H242,-1,0)+1,OFFSET(H242,-1,0)))","v":0},{"$f":"IF(AND($C242<=4,$C242<>0),0,IF(AND($C242=\"S\",$X242>0),OFFSET(I242,-1,0)+1,OFFSET(I242,-1,0)))","v":7},0,{"$f":"IF(OR($C242=\"S\",$C242=0),0,MATCH(OFFSET($D242,0,$C242)+IF($C242<>1,1,COUNTIF(QCI!$A$13:$A$24,ORÇAMENTO!E242)),OFFSET($D242,1,$C242,ROW($C$296)-ROW($C242)),0))","v":0},{"$f":"IF(OR($X242>0,$C242=1,$C242=2,$C242=3,$C242=4),\"F\",\"\")","v":"F"},"Serviço",{"$f":"CHOOSE(1+LOG(1+2*(C242=1)+4*(C242=2)+8*(C242=3)+16*(C242=4)+32*(C242=\"S\"),2),\"\",\"Meta\",\"Nível 2\",\"Nível 3\",\"Nível 4\",\"Serviço\")","v":"Serviço"},{"$f":"IF(OR($C242=0,$L242=\"\"),\"-\",CONCATENATE(E242&\".\",IF(AND($A$5>=2,$C242>=2),F242&\".\",\"\"),IF(AND($A$5>=3,$C242>=3),G242&\".\",\"\"),IF(AND($A$5>=4,$C242>=4),H242&\".\",\"\"),IF($C242=\"S\",I242&\".\",\"\")))","v":"1.18.0.7."},"Composição","57",{"$f":"IF($C242=\"S\",REFERENCIA.Descricao,\"(digite a descrição aqui)\")","v":"FECHADURA ROSETA REDONDA DE EMBUTIR PARA PORTAS DE MADEIRA, EM AÇO INOX E ZAMAC, COMPLETA, MAQUINA DE 55MM, ACABAMENTO PADRÃO MÉDIO, COM EXECUÇÃO DE FURO, INCLUINDO CHAVE TIPO CILINDRO - FORNECIMENTO E INSTALAÇÃO. AF_12/2019"},{"$f":"REFERENCIA.Unidade","v":"UNIDADE"},{"$f":"OFFSET(CÁLCULO!H$15,ROW($T242)-ROW(T$15),0)","v":12},199.96,"BDI 1",{"$f":"IF($C242=\"S\",ROUND(IF(TIPOORCAMENTO=\"Proposto\",ORÇAMENTO.CustoUnitario*(1+$AH242),ORÇAMENTO.PrecoUnitarioLicitado),15-13*$AF$10),0)","v":252.75},{"$f":"IF($C242=\"S\",IF(Import.TipoArredondamento<>\"TransfereGOV\",VTOTAL1,SUM(OFFSET(CÁLCULO!$AA$15,ROW($X242)-ROW($X$15),1):OFFSET(CÁLCULO!$AL$15,ROW($X242)-ROW($X$15),-1))),IF($C242=0,0,ROUND(SomaAgrup,15-13*$AF$11)))","v":3033},"RA",{"$f":"IF(AND($C242=\"S\",$X242>0),IF(ISBLANK($Y242),\"RA\",LEFT($Y242,2)),\"\")","v":"RA"},{"$f":"IF($C242=\"S\",IF($Z242=\"CP\",$X242,IF($Z242=\"RA\",(($X242)*QCI!$AA$3),0)),SomaAgrup)","v":3033},{"$f":"IF($C242=\"S\",IF($Z242=\"OU\",ROUND($X242,2),0),SomaAgrup)","v":0},{"$f":"IF($N242=\"\",\"\",IF(ORÇAMENTO.Descricao=\"\",\"DESCRIÇÃO\",IF(AND($C242=\"S\",ORÇAMENTO.Unidade=\"\"),\"UNIDADE\",IF($X242<0,\"VALOR NEGATIVO\",IF(OR(AND(TIPOORCAMENTO=\"Proposto\",$AG242<>\"\",$AG242>0,ORÇAMENTO.CustoUnitario>$AG242),AND(TIPOORCAMENTO=\"LICITADO\",ORÇAMENTO.PrecoUnitarioLicitado>$AN242)),\"ACIMA REF.\",\"\")))))","v":""},{"$f":"IF(C242<=CRONO.NivelExibicao,MAX($AD$15:OFFSET(AD242,-1,0))+IF($C242<>1,1,MAX(1,COUNTIF(QCI!$A$13:$A$24,OFFSET($E242,-1,0)))),\"\")","v":""},{"$f":"IF(AND($C242=\"S\",ORÇAMENTO.CodBarra<>\"\"),IF(ORÇAMENTO.Fonte=\"\",ORÇAMENTO.CodBarra,CONCATENATE(ORÇAMENTO.Fonte,\" \",ORÇAMENTO.CodBarra)))","v":"Composição 57"},{"$f":"IF(ISERROR(INDIRECT(ORÇAMENTO.BancoRef)),\"(abra o arquivo 'Referência \"&Excel_BuiltIn_Database&\".xlsm)\",IF(OR($C242<>\"S\",ORÇAMENTO.CodBarra=\"\"),\"(Sem Código)\",IF(ISERROR(MATCH($AE242,INDIRECT(ORÇAMENTO.BancoRef),0)),\"(Código não identificado nas referências)\",MATCH($AE242,INDIRECT(ORÇAMENTO.BancoRef),0))))","v":59},{"$f":"ROUND(IF(DESONERACAO=\"sim\",REFERENCIA.Desonerado,REFERENCIA.NaoDesonerado),2)","v":199.96},{"$f":"ROUND(IF(ISNUMBER(ORÇAMENTO.OpcaoBDI),ORÇAMENTO.OpcaoBDI,IF(LEFT(ORÇAMENTO.OpcaoBDI,3)=\"BDI\",HLOOKUP(ORÇAMENTO.OpcaoBDI,$F$4:$H$5,2,FALSE),0)),15-11*$AF$9)","v":0.26400000000000001},null,null,null,null,3033,{"$f":"ROUND(ORÇAMENTO.CustoUnitario*(1+$AH242),2)","v":252.75}]
[{"$f":"CHOOSE(1+LOG(1+2*(ORÇAMENTO.Nivel=\"Meta\")+4*(ORÇAMENTO.Nivel=\"Nível 2\")+8*(ORÇAMENTO.Nivel=\"Nível 3\")+16*(ORÇAMENTO.Nivel=\"Nível 4\")+32*(ORÇAMENTO.Nivel=\"Serviço\"),2),0,1,2,3,4,\"S\")","v":"S"},{"$f":"IF(OR(C243=\"s\",C243=0),OFFSET(B243,-1,0),C243)","v":2},{"$f":"IF(OFFSET(C243,-1,0)=\"L\",1,IF(OFFSET(C243,-1,0)=1,2,IF(OR(A243=\"s\",A243=0),\"S\",IF(AND(OFFSET(C243,-1,0)=2,A243=4),3,IF(AND(OR(OFFSET(C243,-1,0)=\"s\",OFFSET(C243,-1,0)=0),A243<>\"s\",A243>OFFSET(B243,-1,0)),OFFSET(B243,-1,0),A243)))))","v":"S"},{"$f":"IF(OR(C243=\"S\",C243=0),0,IF(ISERROR(K243),J243,SMALL(J243:K243,1)))","v":0},{"$f":"IF($C243=1,OFFSET(E243,-1,0)+MAX(1,COUNTIF(QCI!$A$13:$A$24,OFFSET(ORÇAMENTO!E243,-1,0))),OFFSET(E243,-1,0))","v":1},{"$f":"IF($C243=1,0,IF($C243=2,OFFSET(F243,-1,0)+1,OFFSET(F243,-1,0)))","v":18},{"$f":"IF(AND($C243<=2,$C243<>0),0,IF($C243=3,OFFSET(G243,-1,0)+1,OFFSET(G243,-1,0)))","v":0},{"$f":"IF(AND($C243<=3,$C243<>0),0,IF($C243=4,OFFSET(H243,-1,0)+1,OFFSET(H243,-1,0)))","v":0},{"$f":"IF(AND($C243<=4,$C243<>0),0,IF(AND($C243=\"S\",$X243>0),OFFSET(I243,-1,0)+1,OFFSET(I243,-1,0)))","v":8},0,{"$f":"IF(OR($C243=\"S\",$C243=0),0,MATCH(OFFSET($D243,0,$C243)+IF($C243<>1,1,COUNTIF(QCI!$A$13:$A$24,ORÇAMENTO!E243)),OFFSET($D243,1,$C243,ROW($C$296)-ROW($C243)),0))","v":0},{"$f":"IF(OR($X243>0,$C243=1,$C243=2,$C243=3,$C243=4),\"F\",\"\")","v":"F"},"Serviço",{"$f":"CHOOSE(1+LOG(1+2*(C243=1)+4*(C243=2)+8*(C243=3)+16*(C243=4)+32*(C243=\"S\"),2),\"\",\"Meta\",\"Nível 2\",\"Nível 3\",\"Nível 4\",\"Serviço\")","v":"Serviço"},{"$f":"IF(OR($C243=0,$L243=\"\"),\"-\",CONCATENATE(E243&\".\",IF(AND($A$5>=2,$C243>=2),F243&\".\",\"\"),IF(AND($A$5>=3,$C243>=3),G243&\".\",\"\"),IF(AND($A$5>=4,$C243>=4),H243&\".\",\"\"),IF($C243=\"S\",I243&\".\",\"\")))","v":"1.18.0.8."},"SINAPI","94580",{"$f":"IF($C243=\"S\",REFERENCIA.Descricao,\"(digite a descrição aqui)\")","v":"JANELA DE ALUMÍNIO DE CORRER COM 6 FOLHAS (2 VENEZIANAS FIXAS, 2 VENEZIANAS DE CORRER E 2 PARA VIDRO), COM VIDROS, BATENTE, ACABAMENTO COM ACETATO OU BRILHANTE E FERRAGENS. EXCLUSIVE ALIZAR E CONTRAMARCO. FORNECIMENTO E INSTALAÇÃO. AF_12/2019"},{"$f":"REFERENCIA.Unidade","v":"M2"},{"$f":"OFFSET(CÁLCULO!H$15,ROW($T243)-ROW(T$15),0)","v":21.6},746.2,"BDI 1",{"$f":"IF($C243=\"S\",ROUND(IF(TIPOORCAMENTO=\"Proposto\",ORÇAMENTO.CustoUnitario*(1+$AH243),ORÇAMENTO.PrecoUnitarioLicitado),15-13*$AF$10),0)","v":943.2},{"$f":"IF($C243=\"S\",IF(Import.TipoArredondamento<>\"TransfereGOV\",VTOTAL1,SUM(OFFSET(CÁLCULO!$AA$15,ROW($X243)-ROW($X$15),1):OFFSET(CÁLCULO!$AL$15,ROW($X243)-ROW($X$15),-1))),IF($C243=0,0,ROUND(SomaAgrup,15-13*$AF$11)))","v":20373.12},"RA",{"$f":"IF(AND($C243=\"S\",$X243>0),IF(ISBLANK($Y243),\"RA\",LEFT($Y243,2)),\"\")","v":"RA"},{"$f":"IF($C243=\"S\",IF($Z243=\"CP\",$X243,IF($Z243=\"RA\",(($X243)*QCI!$AA$3),0)),SomaAgrup)","v":20373.12},{"$f":"IF($C243=\"S\",IF($Z243=\"OU\",ROUND($X243,2),0),SomaAgrup)","v":0},{"$f":"IF($N243=\"\",\"\",IF(ORÇAMENTO.Descricao=\"\",\"DESCRIÇÃO\",IF(AND($C243=\"S\",ORÇAMENTO.Unidade=\"\"),\"UNIDADE\",IF($X243<0,\"VALOR NEGATIVO\",IF(OR(AND(TIPOORCAMENTO=\"Proposto\",$AG243<>\"\",$AG243>0,ORÇAMENTO.CustoUnitario>$AG243),AND(TIPOORCAMENTO=\"LICITADO\",ORÇAMENTO.PrecoUnitarioLicitado>$AN243)),\"ACIMA REF.\",\"\")))))","v":""},{"$f":"IF(C243<=CRONO.NivelExibicao,MAX($AD$15:OFFSET(AD243,-1,0))+IF($C243<>1,1,MAX(1,COUNTIF(QCI!$A$13:$A$24,OFFSET($E243,-1,0)))),\"\")","v":""},{"$f":"IF(AND($C243=\"S\",ORÇAMENTO.CodBarra<>\"\"),IF(ORÇAMENTO.Fonte=\"\",ORÇAMENTO.CodBarra,CONCATENATE(ORÇAMENTO.Fonte,\" \",ORÇAMENTO.CodBarra)))","v":"SINAPI 94580"},{"$f":"IF(ISERROR(INDIRECT(ORÇAMENTO.BancoRef)),\"(abra o arquivo 'Referência \"&Excel_BuiltIn_Database&\".xlsm)\",IF(OR($C243<>\"S\",ORÇAMENTO.CodBarra=\"\"),\"(Sem Código)\",IF(ISERROR(MATCH($AE243,INDIRECT(ORÇAMENTO.BancoRef),0)),\"(Código não identificado nas referências)\",MATCH($AE243,INDIRECT(ORÇAMENTO.BancoRef),0))))","v":2323},{"$f":"ROUND(IF(DESONERACAO=\"sim\",REFERENCIA.Desonerado,REFERENCIA.NaoDesonerado),2)","v":746.2},{"$f":"ROUND(IF(ISNUMBER(ORÇAMENTO.OpcaoBDI),ORÇAMENTO.OpcaoBDI,IF(LEFT(ORÇAMENTO.OpcaoBDI,3)=\"BDI\",HLOOKUP(ORÇAMENTO.OpcaoBDI,$F$4:$H$5,2,FALSE),0)),15-11*$AF$9)","v":0.26400000000000001},null,null,null,null,20373.12,{"$f":"ROUND(ORÇAMENTO.CustoUnitario*(1+$AH243),2)","v":943.2}]
["S",2,"S",0,{"$f":"IF($C244=1,OFFSET(E244,-1,0)+MAX(1,COUNTIF(QCI!$A$13:$A$24,OFFSET(ORÇAMENTO!E244,-1,0))),OFFSET(E244,-1,0))","v":1},18,0,0,9,0,{"$f":"IF(OR($C244=\"S\",$C244=0),0,MATCH(OFFSET($D244,0,$C244)+IF($C244<>1,1,COUNTIF(QCI!$A$13:$A$24,ORÇAMENTO!E244)),OFFSET($D244,1,$C244,ROW($C$296)-ROW($C244)),0))","v":0},"F","Serviço","Serviço","1.18.0.9.","SINAPI","94570",{"$f":"IF($C244=\"S\",REFERENCIA.Descricao,\"(digite a descrição aqui)\")","v":"JANELA DE ALUMÍNIO DE CORRER COM 2 FOLHAS PARA VIDROS, COM VIDROS, BATENTE, ACABAMENTO COM ACETATO OU BRILHANTE E FERRAGENS. EXCLUSIVE ALIZAR E CONTRAMARCO. FORNECIMENTO E INSTALAÇÃO. AF_12/2019"},{"$f":"REFERENCIA.Unidade","v":"M2"},{"$f":"OFFSET(CÁLCULO!H$15,ROW($T244)-ROW(T$15),0)","v":19.989999999999998},469.6,"BDI 1",{"$f":"IF($C244=\"S\",ROUND(IF(TIPOORCAMENTO=\"Proposto\",ORÇAMENTO.CustoUnitario*(1+$AH244),ORÇAMENTO.PrecoUnitarioLicitado),15-13*$AF$10),0)","v":593.57000000000005},{"$f":"IF($C244=\"S\",IF(Import.TipoArredondamento<>\"TransfereGOV\",VTOTAL1,SUM(OFFSET(CÁLCULO!$AA$15,ROW($X244)-ROW($X$15),1):OFFSET(CÁLCULO!$AL$15,ROW($X244)-ROW($X$15),-1))),IF($C244=0,0,ROUND(SomaAgrup,15-13*$AF$11)))","v":11865.46},"RA","RA",{"$f":"IF($C244=\"S\",IF($Z244=\"CP\",$X244,IF($Z244=\"RA\",(($X244)*QCI!$AA$3),0)),SomaAgrup)","v":11865.46},0,{"$f":"IF($N244=\"\",\"\",IF(ORÇAMENTO.Descricao=\"\",\"DESCRIÇÃO\",IF(AND($C244=\"S\",ORÇAMENTO.Unidade=\"\"),\"UNIDADE\",IF($X244<0,\"VALOR NEGATIVO\",IF(OR(AND(TIPOORCAMENTO=\"Proposto\",$AG244<>\"\",$AG244>0,ORÇAMENTO.CustoUnitario>$AG244),AND(TIPOORCAMENTO=\"LICITADO\",ORÇAMENTO.PrecoUnitarioLicitado>$AN244)),\"ACIMA REF.\",\"\")))))","v":""},{"$f":"IF(C244<=CRONO.NivelExibicao,MAX($AD$15:OFFSET(AD244,-1,0))+IF($C244<>1,1,MAX(1,COUNTIF(QCI!$A$13:$A$24,OFFSET($E244,-1,0)))),\"\")","v":""},{"$f":"IF(AND($C244=\"S\",ORÇAMENTO.CodBarra<>\"\"),IF(ORÇAMENTO.Fonte=\"\",ORÇAMENTO.CodBarra,CONCATENATE(ORÇAMENTO.Fonte,\" \",ORÇAMENTO.CodBarra)))","v":"SINAPI 94570"},{"$f":"IF(ISERROR(INDIRECT(ORÇAMENTO.BancoRef)),\"(abra o arquivo 'Referência \"&Excel_BuiltIn_Database&\".xlsm)\",IF(OR($C244<>\"S\",ORÇAMENTO.CodBarra=\"\"),\"(Sem Código)\",IF(ISERROR(MATCH($AE244,INDIRECT(ORÇAMENTO.BancoRef),0)),\"(Código não identificado nas referências)\",MATCH($AE244,INDIRECT(ORÇAMENTO.BancoRef),0))))","v":2320},{"$f":"ROUND(IF(DESONERACAO=\"sim\",REFERENCIA.Desonerado,REFERENCIA.NaoDesonerado),2)","v":469.6},0.26400000000000001,null,null,null,null,11865.46,593.57000000000005]
["S",2,"S",0,{"$f":"IF($C245=1,OFFSET(E245,-1,0)+MAX(1,COUNTIF(QCI!$A$13:$A$24,OFFSET(ORÇAMENTO!E245,-1,0))),OFFSET(E245,-1,0))","v":1},18,0,0,10,0,{"$f":"IF(OR($C245=\"S\",$C245=0),0,MATCH(OFFSET($D245,0,$C245)+IF($C245<>1,1,COUNTIF(QCI!$A$13:$A$24,ORÇAMENTO!E245)),OFFSET($D245,1,$C245,ROW($C$296)-ROW($C245)),0))","v":0},"F","Serviço","Serviço","1.18.0.10.","SINAPI","94573",{"$f":"IF($C245=\"S\",REFERENCIA.Descricao,\"(digite a descrição aqui)\")","v":"JANELA DE ALUMÍNIO DE CORRER COM 4 FOLHAS PARA VIDROS, COM VIDROS, BATENTE, ACABAMENTO COM ACETATO OU BRILHANTE E FERRAGENS. EXCLUSIVE ALIZAR E CONTRAMARCO. FORNECIMENTO E INSTALAÇÃO. AF_12/2019"},{"$f":"REFERENCIA.Unidade","v":"M2"},{"$f":"OFFSET(CÁLCULO!H$15,ROW($T245)-ROW(T$15),0)","v":1.92},539.82000000000005,"BDI 1",{"$f":"IF($C245=\"S\",ROUND(IF(TIPOORCAMENTO=\"Proposto\",ORÇAMENTO.CustoUnitario*(1+$AH245),ORÇAMENTO.PrecoUnitarioLicitado),15-13*$AF$10),0)","v":682.33},{"$f":"IF($C245=\"S\",IF(Import.TipoArredondamento<>\"TransfereGOV\",VTOTAL1,SUM(OFFSET(CÁLCULO!$AA$15,ROW($X245)-ROW($X$15),1):OFFSET(CÁLCULO!$AL$15,ROW($X245)-ROW($X$15),-1))),IF($C245=0,0,ROUND(SomaAgrup,15-13*$AF$11)))","v":1310.07},"RA","RA",{"$f":"IF($C245=\"S\",IF($Z245=\"CP\",$X245,IF($Z245=\"RA\",(($X245)*QCI!$AA$3),0)),SomaAgrup)","v":1310.07},0,{"$f":"IF($N245=\"\",\"\",IF(ORÇAMENTO.Descricao=\"\",\"DESCRIÇÃO\",IF(AND($C245=\"S\",ORÇAMENTO.Unidade=\"\"),\"UNIDADE\",IF($X245<0,\"VALOR NEGATIVO\",IF(OR(AND(TIPOORCAMENTO=\"Proposto\",$AG245<>\"\",$AG245>0,ORÇAMENTO.CustoUnitario>$AG245),AND(TIPOORCAMENTO=\"LICITADO\",ORÇAMENTO.PrecoUnitarioLicitado>$AN245)),\"ACIMA REF.\",\"\")))))","v":""},{"$f":"IF(C245<=CRONO.NivelExibicao,MAX($AD$15:OFFSET(AD245,-1,0))+IF($C245<>1,1,MAX(1,COUNTIF(QCI!$A$13:$A$24,OFFSET($E245,-1,0)))),\"\")","v":""},{"$f":"IF(AND($C245=\"S\",ORÇAMENTO.CodBarra<>\"\"),IF(ORÇAMENTO.Fonte=\"\",ORÇAMENTO.CodBarra,CONCATENATE(ORÇAMENTO.Fonte,\" \",ORÇAMENTO.CodBarra)))","v":"SINAPI 94573"},{"$f":"IF(ISERROR(INDIRECT(ORÇAMENTO.BancoRef)),\"(abra o arquivo 'Referência \"&Excel_BuiltIn_Database&\".xlsm)\",IF(OR($C245<>\"S\",ORÇAMENTO.CodBarra=\"\"),\"(Sem Código)\",IF(ISERROR(MATCH($AE245,INDIRECT(ORÇAMENTO.BancoRef),0)),\"(Código não identificado nas referências)\",MATCH($AE245,INDIRECT(ORÇAMENTO.BancoRef),0))))","v":2322},{"$f":"ROUND(IF(DESONERACAO=\"sim\",REFERENCIA.Desonerado,REFERENCIA.NaoDesonerado),2)","v":539.82000000000005},0.26400000000000001,null,null,null,null,1310.07,682.33]
["S",2,"S",0,{"$f":"IF($C246=1,OFFSET(E246,-1,0)+MAX(1,COUNTIF(QCI!$A$13:$A$24,OFFSET(ORÇAMENTO!E246,-1,0))),OFFSET(E246,-1,0))","v":1},18,0,0,11,0,{"$f":"IF(OR($C246=\"S\",$C246=0),0,MATCH(OFFSET($D246,0,$C246)+IF($C246<>1,1,COUNTIF(QCI!$A$13:$A$24,ORÇAMENTO!E246)),OFFSET($D246,1,$C246,ROW($C$296)-ROW($C246)),0))","v":0},"F","Serviço","Serviço","1.18.0.11.","SINAPI","91338","PORTA DE ALUMÍNIO DE ABRIR COM LAMBRI, COM GUARNIÇÃO, FIXAÇÃO COM PARAFUSOS - FORNECIMENTO E INSTALAÇÃO. AF_12/2019 (ACESSO AO FORRO)",{"$f":"REFERENCIA.Unidade","v":"M2"},{"$f":"OFFSET(CÁLCULO!H$15,ROW($T246)-ROW(T$15),0)","v":0.49},1110.71,"BDI 1",{"$f":"IF($C246=\"S\",ROUND(IF(TIPOORCAMENTO=\"Proposto\",ORÇAMENTO.CustoUnitario*(1+$AH246),ORÇAMENTO.PrecoUnitarioLicitado),15-13*$AF$10),0)","v":1403.94},{"$f":"IF($C246=\"S\",IF(Import.TipoArredondamento<>\"TransfereGOV\",VTOTAL1,SUM(OFFSET(CÁLCULO!$AA$15,ROW($X246)-ROW($X$15),1):OFFSET(CÁLCULO!$AL$15,ROW($X246)-ROW($X$15),-1))),IF($C246=0,0,ROUND(SomaAgrup,15-13*$AF$11)))","v":687.93},"RA","RA",{"$f":"IF($C246=\"S\",IF($Z246=\"CP\",$X246,IF($Z246=\"RA\",(($X246)*QCI!$AA$3),0)),SomaAgrup)","v":687.93},0,{"$f":"IF($N246=\"\",\"\",IF(ORÇAMENTO.Descricao=\"\",\"DESCRIÇÃO\",IF(AND($C246=\"S\",ORÇAMENTO.Unidade=\"\"),\"UNIDADE\",IF($X246<0,\"VALOR NEGATIVO\",IF(OR(AND(TIPOORCAMENTO=\"Proposto\",$AG246<>\"\",$AG246>0,ORÇAMENTO.CustoUnitario>$AG246),AND(TIPOORCAMENTO=\"LICITADO\",ORÇAMENTO.PrecoUnitarioLicitado>$AN246)),\"ACIMA REF.\",\"\")))))","v":""},{"$f":"IF(C246<=CRONO.NivelExibicao,MAX($AD$15:OFFSET(AD246,-1,0))+IF($C246<>1,1,MAX(1,COUNTIF(QCI!$A$13:$A$24,OFFSET($E246,-1,0)))),\"\")","v":""},{"$f":"IF(AND($C246=\"S\",ORÇAMENTO.CodBarra<>\"\"),IF(ORÇAMENTO.Fonte=\"\",ORÇAMENTO.CodBarra,CONCATENATE(ORÇAMENTO.Fonte,\" \",ORÇAMENTO.CodBarra)))","v":"SINAPI 91338"},{"$f":"IF(ISERROR(INDIRECT(ORÇAMENTO.BancoRef)),\"(abra o arquivo 'Referência \"&Excel_BuiltIn_Database&\".xlsm)\",IF(OR($C246<>\"S\",ORÇAMENTO.CodBarra=\"\"),\"(Sem Código)\",IF(ISERROR(MATCH($AE246,INDIRECT(ORÇAMENTO.BancoRef),0)),\"(Código não identificado nas referências)\",MATCH($AE246,INDIRECT(ORÇAMENTO.BancoRef),0))))","v":2268},{"$f":"ROUND(IF(DESONERACAO=\"sim\",REFERENCIA.Desonerado,REFERENCIA.NaoDesonerado),2)","v":1110.71},0.26400000000000001,null,null,null,null,687.93,1403.94]
["S",2,"S",0,{"$f":"IF($C247=1,OFFSET(E247,-1,0)+MAX(1,COUNTIF(QCI!$A$13:$A$24,OFFSET(ORÇAMENTO!E247,-1,0))),OFFSET(E247,-1,0))","v":1},18,0,0,12,0,{"$f":"IF(OR($C247=\"S\",$C247=0),0,MATCH(OFFSET($D247,0,$C247)+IF($C247<>1,1,COUNTIF(QCI!$A$13:$A$24,ORÇAMENTO!E247)),OFFSET($D247,1,$C247,ROW($C$296)-ROW($C247)),0))","v":0},"F","Serviço","Serviço","1.18.0.12.","Composição","16",{"$f":"IF($C247=\"S\",REFERENCIA.Descricao,\"(digite a descrição aqui)\")","v":"GRADIL EM FERRO FIXADO EM VÃOS DE JANELAS, FORMADO POR BARRAS CHATAS DE 19,05X3,17 MM E CANTONEIRA 1\"X1/8\". AF_04/2019"},{"$f":"REFERENCIA.Unidade","v":"M2"},{"$f":"OFFSET(CÁLCULO!H$15,ROW($T247)-ROW(T$15),0)","v":43.51},411.3,"BDI 1",{"$f":"IF($C247=\"S\",ROUND(IF(TIPOORCAMENTO=\"Proposto\",ORÇAMENTO.CustoUnitario*(1+$AH247),ORÇAMENTO.PrecoUnitarioLicitado),15-13*$AF$10),0)","v":519.88},{"$f":"IF($C247=\"S\",IF(Import.TipoArredondamento<>\"TransfereGOV\",VTOTAL1,SUM(OFFSET(CÁLCULO!$AA$15,ROW($X247)-ROW($X$15),1):OFFSET(CÁLCULO!$AL$15,ROW($X247)-ROW($X$15),-1))),IF($C247=0,0,ROUND(SomaAgrup,15-13*$AF$11)))","v":22619.98},"RA","RA",{"$f":"IF($C247=\"S\",IF($Z247=\"CP\",$X247,IF($Z247=\"RA\",(($X247)*QCI!$AA$3),0)),SomaAgrup)","v":22619.98},0,{"$f":"IF($N247=\"\",\"\",IF(ORÇAMENTO.Descricao=\"\",\"DESCRIÇÃO\",IF(AND($C247=\"S\",ORÇAMENTO.Unidade=\"\"),\"UNIDADE\",IF($X247<0,\"VALOR NEGATIVO\",IF(OR(AND(TIPOORCAMENTO=\"Proposto\",$AG247<>\"\",$AG247>0,ORÇAMENTO.CustoUnitario>$AG247),AND(TIPOORCAMENTO=\"LICITADO\",ORÇAMENTO.PrecoUnitarioLicitado>$AN247)),\"ACIMA REF.\",\"\")))))","v":""},{"$f":"IF(C247<=CRONO.NivelExibicao,MAX($AD$15:OFFSET(AD247,-1,0))+IF($C247<>1,1,MAX(1,COUNTIF(QCI!$A$13:$A$24,OFFSET($E247,-1,0)))),\"\")","v":""},{"$f":"IF(AND($C247=\"S\",ORÇAMENTO.CodBarra<>\"\"),IF(ORÇAMENTO.Fonte=\"\",ORÇAMENTO.CodBarra,CONCATENATE(ORÇAMENTO.Fonte,\" \",ORÇAMENTO.CodBarra)))","v":"Composição 16"},{"$f":"IF(ISERROR(INDIRECT(ORÇAMENTO.BancoRef)),\"(abra o arquivo 'Referência \"&Excel_BuiltIn_Database&\".xlsm)\",IF(OR($C247<>\"S\",ORÇAMENTO.CodBarra=\"\"),\"(Sem Código)\",IF(ISERROR(MATCH($AE247,INDIRECT(ORÇAMENTO.BancoRef),0)),\"(Código não identificado nas referências)\",MATCH($AE247,INDIRECT(ORÇAMENTO.BancoRef),0))))","v":18},{"$f":"ROUND(IF(DESONERACAO=\"sim\",REFERENCIA.Desonerado,REFERENCIA.NaoDesonerado),2)","v":411.3},0.26400000000000001,null,null,null,null,22619.98,519.88]
["S",2,"S",0,{"$f":"IF($C248=1,OFFSET(E248,-1,0)+MAX(1,COUNTIF(QCI!$A$13:$A$24,OFFSET(ORÇAMENTO!E248,-1,0))),OFFSET(E248,-1,0))","v":1},18,0,0,13,0,{"$f":"IF(OR($C248=\"S\",$C248=0),0,MATCH(OFFSET($D248,0,$C248)+IF($C248<>1,1,COUNTIF(QCI!$A$13:$A$24,ORÇAMENTO!E248)),OFFSET($D248,1,$C248,ROW($C$296)-ROW($C248)),0))","v":0},"F","Serviço","Serviço","1.18.0.13.","SINAPI","91341",{"$f":"IF($C248=\"S\",REFERENCIA.Descricao,\"(digite a descrição aqui)\")","v":"PORTA EM ALUMÍNIO DE ABRIR TIPO VENEZIANA COM GUARNIÇÃO, FIXAÇÃO COM PARAFUSOS - FORNECIMENTO E INSTALAÇÃO. AF_12/2019"},{"$f":"REFERENCIA.Unidade","v":"M2"},{"$f":"OFFSET(CÁLCULO!H$15,ROW($T248)-ROW(T$15),0)","v":7.92},866.16,"BDI 1",{"$f":"IF($C248=\"S\",ROUND(IF(TIPOORCAMENTO=\"Proposto\",ORÇAMENTO.CustoUnitario*(1+$AH248),ORÇAMENTO.PrecoUnitarioLicitado),15-13*$AF$10),0)","v":1094.83},{"$f":"IF($C248=\"S\",IF(Import.TipoArredondamento<>\"TransfereGOV\",VTOTAL1,SUM(OFFSET(CÁLCULO!$AA$15,ROW($X248)-ROW($X$15),1):OFFSET(CÁLCULO!$AL$15,ROW($X248)-ROW($X$15),-1))),IF($C248=0,0,ROUND(SomaAgrup,15-13*$AF$11)))","v":8671.0499999999993},"RA","RA",{"$f":"IF($C248=\"S\",IF($Z248=\"CP\",$X248,IF($Z248=\"RA\",(($X248)*QCI!$AA$3),0)),SomaAgrup)","v":8671.0499999999993},0,{"$f":"IF($N248=\"\",\"\",IF(ORÇAMENTO.Descricao=\"\",\"DESCRIÇÃO\",IF(AND($C248=\"S\",ORÇAMENTO.Unidade=\"\"),\"UNIDADE\",IF($X248<0,\"VALOR NEGATIVO\",IF(OR(AND(TIPOORCAMENTO=\"Proposto\",$AG248<>\"\",$AG248>0,ORÇAMENTO.CustoUnitario>$AG248),AND(TIPOORCAMENTO=\"LICITADO\",ORÇAMENTO.PrecoUnitarioLicitado>$AN248)),\"ACIMA REF.\",\"\")))))","v":""},{"$f":"IF(C248<=CRONO.NivelExibicao,MAX($AD$15:OFFSET(AD248,-1,0))+IF($C248<>1,1,MAX(1,COUNTIF(QCI!$A$13:$A$24,OFFSET($E248,-1,0)))),\"\")","v":""},{"$f":"IF(AND($C248=\"S\",ORÇAMENTO.CodBarra<>\"\"),IF(ORÇAMENTO.Fonte=\"\",ORÇAMENTO.CodBarra,CONCATENATE(ORÇAMENTO.Fonte,\" \",ORÇAMENTO.CodBarra)))","v":"SINAPI 91341"},{"$f":"IF(ISERROR(INDIRECT(ORÇAMENTO.BancoRef)),\"(abra o arquivo 'Referência \"&Excel_BuiltIn_Database&\".xlsm)\",IF(OR($C248<>\"S\",ORÇAMENTO.CodBarra=\"\"),\"(Sem Código)\",IF(ISERROR(MATCH($AE248,INDIRECT(ORÇAMENTO.BancoRef),0)),\"(Código não identificado nas referências)\",MATCH($AE248,INDIRECT(ORÇAMENTO.BancoRef),0))))","v":2269},{"$f":"ROUND(IF(DESONERACAO=\"sim\",REFERENCIA.Desonerado,REFERENCIA.NaoDesonerado),2)","v":866.16},0.26400000000000001,null,null,null,null,8671.0499999999993,1094.83]
["S",2,"S",0,{"$f":"IF($C249=1,OFFSET(E249,-1,0)+MAX(1,COUNTIF(QCI!$A$13:$A$24,OFFSET(ORÇAMENTO!E249,-1,0))),OFFSET(E249,-1,0))","v":1},18,0,0,14,0,{"$f":"IF(OR($C249=\"S\",$C249=0),0,MATCH(OFFSET($D249,0,$C249)+IF($C249<>1,1,COUNTIF(QCI!$A$13:$A$24,ORÇAMENTO!E249)),OFFSET($D249,1,$C249,ROW($C$296)-ROW($C249)),0))","v":0},"F","Serviço","Serviço","1.18.0.14.","SINAPI","91338",{"$f":"IF($C249=\"S\",REFERENCIA.Descricao,\"(digite a descrição aqui)\")","v":"PORTA DE ALUMÍNIO DE ABRIR COM LAMBRI, COM GUARNIÇÃO, FIXAÇÃO COM PARAFUSOS - FORNECIMENTO E INSTALAÇÃO. AF_12/2019"},{"$f":"REFERENCIA.Unidade","v":"M2"},{"$f":"OFFSET(CÁLCULO!H$15,ROW($T249)-ROW(T$15),0)","v":1.68},{"$f":"AG249","v":1110.71},"BDI 1",{"$f":"IF($C249=\"S\",ROUND(IF(TIPOORCAMENTO=\"Proposto\",ORÇAMENTO.CustoUnitario*(1+$AH249),ORÇAMENTO.PrecoUnitarioLicitado),15-13*$AF$10),0)","v":1403.94},{"$f":"IF($C249=\"S\",IF(Import.TipoArredondamento<>\"TransfereGOV\",VTOTAL1,SUM(OFFSET(CÁLCULO!$AA$15,ROW($X249)-ROW($X$15),1):OFFSET(CÁLCULO!$AL$15,ROW($X249)-ROW($X$15),-1))),IF($C249=0,0,ROUND(SomaAgrup,15-13*$AF$11)))","v":2358.62},"RA","RA",{"$f":"IF($C249=\"S\",IF($Z249=\"CP\",$X249,IF($Z249=\"RA\",(($X249)*QCI!$AA$3),0)),SomaAgrup)","v":2358.62},0,{"$f":"IF($N249=\"\",\"\",IF(ORÇAMENTO.Descricao=\"\",\"DESCRIÇÃO\",IF(AND($C249=\"S\",ORÇAMENTO.Unidade=\"\"),\"UNIDADE\",IF($X249<0,\"VALOR NEGATIVO\",IF(OR(AND(TIPOORCAMENTO=\"Proposto\",$AG249<>\"\",$AG249>0,ORÇAMENTO.CustoUnitario>$AG249),AND(TIPOORCAMENTO=\"LICITADO\",ORÇAMENTO.PrecoUnitarioLicitado>$AN249)),\"ACIMA REF.\",\"\")))))","v":""},{"$f":"IF(C249<=CRONO.NivelExibicao,MAX($AD$15:OFFSET(AD249,-1,0))+IF($C249<>1,1,MAX(1,COUNTIF(QCI!$A$13:$A$24,OFFSET($E249,-1,0)))),\"\")","v":""},{"$f":"IF(AND($C249=\"S\",ORÇAMENTO.CodBarra<>\"\"),IF(ORÇAMENTO.Fonte=\"\",ORÇAMENTO.CodBarra,CONCATENATE(ORÇAMENTO.Fonte,\" \",ORÇAMENTO.CodBarra)))","v":"SINAPI 91338"},{"$f":"IF(ISERROR(INDIRECT(ORÇAMENTO.BancoRef)),\"(abra o arquivo 'Referência \"&Excel_BuiltIn_Database&\".xlsm)\",IF(OR($C249<>\"S\",ORÇAMENTO.CodBarra=\"\"),\"(Sem Código)\",IF(ISERROR(MATCH($AE249,INDIRECT(ORÇAMENTO.BancoRef),0)),\"(Código não identificado nas referências)\",MATCH($AE249,INDIRECT(ORÇAMENTO.BancoRef),0))))","v":2268},{"$f":"ROUND(IF(DESONERACAO=\"sim\",REFERENCIA.Desonerado,REFERENCIA.NaoDesonerado),2)","v":1110.71},0.26400000000000001,null,null,null,null,2358.62,1403.94]
["S",2,"S",0,{"$f":"IF($C250=1,OFFSET(E250,-1,0)+MAX(1,COUNTIF(QCI!$A$13:$A$24,OFFSET(ORÇAMENTO!E250,-1,0))),OFFSET(E250,-1,0))","v":1},18,0,0,15,0,{"$f":"IF(OR($C250=\"S\",$C250=0),0,MATCH(OFFSET($D250,0,$C250)+IF($C250<>1,1,COUNTIF(QCI!$A$13:$A$24,ORÇAMENTO!E250)),OFFSET($D250,1,$C250,ROW($C$296)-ROW($C250)),0))","v":0},"F","Serviço","Serviço","1.18.0.15.","SINAPI-I","4930","PORTA DE ABRIR / GIRO, EM GRADIL FERRO, COM BARRA CHATA 3 CM X 1/4\", COM REQUADRO E GUARNIÇÃO - COMPLETO - ACABAMENTO NATURAL (GRADE ENTRADA)",{"$f":"REFERENCIA.Unidade","v":"M2    "},{"$f":"OFFSET(CÁLCULO!H$15,ROW($T250)-ROW(T$15),0)","v":2.63},546,"BDI 1",{"$f":"IF($C250=\"S\",ROUND(IF(TIPOORCAMENTO=\"Proposto\",ORÇAMENTO.CustoUnitario*(1+$AH250),ORÇAMENTO.PrecoUnitarioLicitado),15-13*$AF$10),0)","v":690.14},{"$f":"IF($C250=\"S\",IF(Import.TipoArredondamento<>\"TransfereGOV\",VTOTAL1,SUM(OFFSET(CÁLCULO!$AA$15,ROW($X250)-ROW($X$15),1):OFFSET(CÁLCULO!$AL$15,ROW($X250)-ROW($X$15),-1))),IF($C250=0,0,ROUND(SomaAgrup,15-13*$AF$11)))","v":1815.07},"RA","RA",{"$f":"IF($C250=\"S\",IF($Z250=\"CP\",$X250,IF($Z250=\"RA\",(($X250)*QCI!$AA$3),0)),SomaAgrup)","v":1815.07},0,{"$f":"IF($N250=\"\",\"\",IF(ORÇAMENTO.Descricao=\"\",\"DESCRIÇÃO\",IF(AND($C250=\"S\",ORÇAMENTO.Unidade=\"\"),\"UNIDADE\",IF($X250<0,\"VALOR NEGATIVO\",IF(OR(AND(TIPOORCAMENTO=\"Proposto\",$AG250<>\"\",$AG250>0,ORÇAMENTO.CustoUnitario>$AG250),AND(TIPOORCAMENTO=\"LICITADO\",ORÇAMENTO.PrecoUnitarioLicitado>$AN250)),\"ACIMA REF.\",\"\")))))","v":""},{"$f":"IF(C250<=CRONO.NivelExibicao,MAX($AD$15:OFFSET(AD250,-1,0))+IF($C250<>1,1,MAX(1,COUNTIF(QCI!$A$13:$A$24,OFFSET($E250,-1,0)))),\"\")","v":""},{"$f":"IF(AND($C250=\"S\",ORÇAMENTO.CodBarra<>\"\"),IF(ORÇAMENTO.Fonte=\"\",ORÇAMENTO.CodBarra,CONCATENATE(ORÇAMENTO.Fonte,\" \",ORÇAMENTO.CodBarra)))","v":"SINAPI-I 4930"},{"$f":"IF(ISERROR(INDIRECT(ORÇAMENTO.BancoRef)),\"(abra o arquivo 'Referência \"&Excel_BuiltIn_Database&\".xlsm)\",IF(OR($C250<>\"S\",ORÇAMENTO.CodBarra=\"\"),\"(Sem Código)\",IF(ISERROR(MATCH($AE250,INDIRECT(ORÇAMENTO.BancoRef),0)),\"(Código não identificado nas referências)\",MATCH($AE250,INDIRECT(ORÇAMENTO.BancoRef),0))))","v":11224},{"$f":"ROUND(IF(DESONERACAO=\"sim\",REFERENCIA.Desonerado,REFERENCIA.NaoDesonerado),2)","v":546},0.26400000000000001,null,null,null,null,1815.07,690.14]
["S",2,"S",0,{"$f":"IF($C251=1,OFFSET(E251,-1,0)+MAX(1,COUNTIF(QCI!$A$13:$A$24,OFFSET(ORÇAMENTO!E251,-1,0))),OFFSET(E251,-1,0))","v":1},18,0,0,16,0,{"$f":"IF(OR($C251=\"S\",$C251=0),0,MATCH(OFFSET($D251,0,$C251)+IF($C251<>1,1,COUNTIF(QCI!$A$13:$A$24,ORÇAMENTO!E251)),OFFSET($D251,1,$C251,ROW($C$296)-ROW($C251)),0))","v":0},"F","Serviço","Serviço","1.18.0.16.","SINAPI-I","4930","PORTA DE ABRIR / GIRO, EM GRADIL FERRO, COM BARRA CHATA 3 CM X 1/4\", COM REQUADRO E GUARNIÇÃO - COMPLETO - ACABAMENTO NATURAL (GRADE FUNDOS COZINHA)",{"$f":"REFERENCIA.Unidade","v":"M2    "},{"$f":"OFFSET(CÁLCULO!H$15,ROW($T251)-ROW(T$15),0)","v":1.68},546,"BDI 1",{"$f":"IF($C251=\"S\",ROUND(IF(TIPOORCAMENTO=\"Proposto\",ORÇAMENTO.CustoUnitario*(1+$AH251),ORÇAMENTO.PrecoUnitarioLicitado),15-13*$AF$10),0)","v":690.14},{"$f":"IF($C251=\"S\",IF(Import.TipoArredondamento<>\"TransfereGOV\",VTOTAL1,SUM(OFFSET(CÁLCULO!$AA$15,ROW($X251)-ROW($X$15),1):OFFSET(CÁLCULO!$AL$15,ROW($X251)-ROW($X$15),-1))),IF($C251=0,0,ROUND(SomaAgrup,15-13*$AF$11)))","v":1159.44},"RA","RA",{"$f":"IF($C251=\"S\",IF($Z251=\"CP\",$X251,IF($Z251=\"RA\",(($X251)*QCI!$AA$3),0)),SomaAgrup)","v":1159.44},0,{"$f":"IF($N251=\"\",\"\",IF(ORÇAMENTO.Descricao=\"\",\"DESCRIÇÃO\",IF(AND($C251=\"S\",ORÇAMENTO.Unidade=\"\"),\"UNIDADE\",IF($X251<0,\"VALOR NEGATIVO\",IF(OR(AND(TIPOORCAMENTO=\"Proposto\",$AG251<>\"\",$AG251>0,ORÇAMENTO.CustoUnitario>$AG251),AND(TIPOORCAMENTO=\"LICITADO\",ORÇAMENTO.PrecoUnitarioLicitado>$AN251)),\"ACIMA REF.\",\"\")))))","v":""},{"$f":"IF(C251<=CRONO.NivelExibicao,MAX($AD$15:OFFSET(AD251,-1,0))+IF($C251<>1,1,MAX(1,COUNTIF(QCI!$A$13:$A$24,OFFSET($E251,-1,0)))),\"\")","v":""},{"$f":"IF(AND($C251=\"S\",ORÇAMENTO.CodBarra<>\"\"),IF(ORÇAMENTO.Fonte=\"\",ORÇAMENTO.CodBarra,CONCATENATE(ORÇAMENTO.Fonte,\" \",ORÇAMENTO.CodBarra)))","v":"SINAPI-I 4930"},{"$f":"IF(ISERROR(INDIRECT(ORÇAMENTO.BancoRef)),\"(abra o arquivo 'Referência \"&Excel_BuiltIn_Database&\".xlsm)\",IF(OR($C251<>\"S\",ORÇAMENTO.CodBarra=\"\"),\"(Sem Código)\",IF(ISERROR(MATCH($AE251,INDIRECT(ORÇAMENTO.BancoRef),0)),\"(Código não identificado nas referências)\",MATCH($AE251,INDIRECT(ORÇAMENTO.BancoRef),0))))","v":11224},{"$f":"ROUND(IF(DESONERACAO=\"sim\",REFERENCIA.Desonerado,REFERENCIA.NaoDesonerado),2)","v":546},0.26400000000000001,null,null,null,null,1159.44,690.14]
["S",2,"S",0,{"$f":"IF($C252=1,OFFSET(E252,-1,0)+MAX(1,COUNTIF(QCI!$A$13:$A$24,OFFSET(ORÇAMENTO!E252,-1,0))),OFFSET(E252,-1,0))","v":1},18,0,0,17,0,{"$f":"IF(OR($C252=\"S\",$C252=0),0,MATCH(OFFSET($D252,0,$C252)+IF($C252<>1,1,COUNTIF(QCI!$A$13:$A$24,ORÇAMENTO!E252)),OFFSET($D252,1,$C252,ROW($C$296)-ROW($C252)),0))","v":0},"F","Serviço","Serviço","1.18.0.17.","SINAPI-I","4930","PORTA DE ABRIR / GIRO, EM GRADIL FERRO, COM BARRA CHATA 3 CM X 1/4\", COM REQUADRO E GUARNIÇÃO - COMPLETO - ACABAMENTO NATURAL (GRADE CENTRAL)",{"$f":"REFERENCIA.Unidade","v":"M2    "},{"$f":"OFFSET(CÁLCULO!H$15,ROW($T252)-ROW(T$15),0)","v":4.8499999999999996},546,"BDI 1",{"$f":"IF($C252=\"S\",ROUND(IF(TIPOORCAMENTO=\"Proposto\",ORÇAMENTO.CustoUnitario*(1+$AH252),ORÇAMENTO.PrecoUnitarioLicitado),15-13*$AF$10),0)","v":690.14},{"$f":"IF($C252=\"S\",IF(Import.TipoArredondamento<>\"TransfereGOV\",VTOTAL1,SUM(OFFSET(CÁLCULO!$AA$15,ROW($X252)-ROW($X$15),1):OFFSET(CÁLCULO!$AL$15,ROW($X252)-ROW($X$15),-1))),IF($C252=0,0,ROUND(SomaAgrup,15-13*$AF$11)))","v":3347.18},"RA","RA",{"$f":"IF($C252=\"S\",IF($Z252=\"CP\",$X252,IF($Z252=\"RA\",(($X252)*QCI!$AA$3),0)),SomaAgrup)","v":3347.18},0,{"$f":"IF($N252=\"\",\"\",IF(ORÇAMENTO.Descricao=\"\",\"DESCRIÇÃO\",IF(AND($C252=\"S\",ORÇAMENTO.Unidade=\"\"),\"UNIDADE\",IF($X252<0,\"VALOR NEGATIVO\",IF(OR(AND(TIPOORCAMENTO=\"Proposto\",$AG252<>\"\",$AG252>0,ORÇAMENTO.CustoUnitario>$AG252),AND(TIPOORCAMENTO=\"LICITADO\",ORÇAMENTO.PrecoUnitarioLicitado>$AN252)),\"ACIMA REF.\",\"\")))))","v":""},{"$f":"IF(C252<=CRONO.NivelExibicao,MAX($AD$15:OFFSET(AD252,-1,0))+IF($C252<>1,1,MAX(1,COUNTIF(QCI!$A$13:$A$24,OFFSET($E252,-1,0)))),\"\")","v":""},{"$f":"IF(AND($C252=\"S\",ORÇAMENTO.CodBarra<>\"\"),IF(ORÇAMENTO.Fonte=\"\",ORÇAMENTO.CodBarra,CONCATENATE(ORÇAMENTO.Fonte,\" \",ORÇAMENTO.CodBarra)))","v":"SINAPI-I 4930"},{"$f":"IF(ISERROR(INDIRECT(ORÇAMENTO.BancoRef)),\"(abra o arquivo 'Referência \"&Excel_BuiltIn_Database&\".xlsm)\",IF(OR($C252<>\"S\",ORÇAMENTO.CodBarra=\"\"),\"(Sem Código)\",IF(ISERROR(MATCH($AE252,INDIRECT(ORÇAMENTO.BancoRef),0)),\"(Código não identificado nas referências)\",MATCH($AE252,INDIRECT(ORÇAMENTO.BancoRef),0))))","v":11224},{"$f":"ROUND(IF(DESONERACAO=\"sim\",REFERENCIA.Desonerado,REFERENCIA.NaoDesonerado),2)","v":546},0.26400000000000001,null,null,null,null,3347.18,690.14]
[2,2,2,15,{"$f":"IF($C253=1,OFFSET(E253,-1,0)+MAX(1,COUNTIF(QCI!$A$13:$A$24,OFFSET(ORÇAMENTO!E253,-1,0))),OFFSET(E253,-1,0))","v":1},19,0,0,0,43,{"$f":"IF(OR($C253=\"S\",$C253=0),0,MATCH(OFFSET($D253,0,$C253)+IF($C253<>1,1,COUNTIF(QCI!$A$13:$A$24,ORÇAMENTO!E253)),OFFSET($D253,1,$C253,ROW($C$296)-ROW($C253)),0))","v":15},"F","Nível 2","Nível 2","1.19.","SINAPI",null,"SISTEMA DE GÁS",{"$f":"REFERENCIA.Unidade","v":"-"},{"$f":"OFFSET(CÁLCULO!H$15,ROW($T253)-ROW(T$15),0)","v":0},null,"BDI 1",{"$f":"IF($C253=\"S\",ROUND(IF(TIPOORCAMENTO=\"Proposto\",ORÇAMENTO.CustoUnitario*(1+$AH253),ORÇAMENTO.PrecoUnitarioLicitado),15-13*$AF$10),0)","v":0},{"$f":"IF($C253=\"S\",IF(Import.TipoArredondamento<>\"TransfereGOV\",VTOTAL1,SUM(OFFSET(CÁLCULO!$AA$15,ROW($X253)-ROW($X$15),1):OFFSET(CÁLCULO!$AL$15,ROW($X253)-ROW($X$15),-1))),IF($C253=0,0,ROUND(SomaAgrup,15-13*$AF$11)))","v":3820.21},"RA","",{"$f":"IF($C253=\"S\",IF($Z253=\"CP\",$X253,IF($Z253=\"RA\",(($X253)*QCI!$AA$3),0)),SomaAgrup)","v":3820.21},0,{"$f":"IF($N253=\"\",\"\",IF(ORÇAMENTO.Descricao=\"\",\"DESCRIÇÃO\",IF(AND($C253=\"S\",ORÇAMENTO.Unidade=\"\"),\"UNIDADE\",IF($X253<0,\"VALOR NEGATIVO\",IF(OR(AND(TIPOORCAMENTO=\"Proposto\",$AG253<>\"\",$AG253>0,ORÇAMENTO.CustoUnitario>$AG253),AND(TIPOORCAMENTO=\"LICITADO\",ORÇAMENTO.PrecoUnitarioLicitado>$AN253)),\"ACIMA REF.\",\"\")))))","v":""},{"$f":"IF(C253<=CRONO.NivelExibicao,MAX($AD$15:OFFSET(AD253,-1,0))+IF($C253<>1,1,MAX(1,COUNTIF(QCI!$A$13:$A$24,OFFSET($E253,-1,0)))),\"\")","v":26},{"$f":"IF(AND($C253=\"S\",ORÇAMENTO.CodBarra<>\"\"),IF(ORÇAMENTO.Fonte=\"\",ORÇAMENTO.CodBarra,CONCATENATE(ORÇAMENTO.Fonte,\" \",ORÇAMENTO.CodBarra)))","v":false},{"$f":"IF(ISERROR(INDIRECT(ORÇAMENTO.BancoRef)),\"(abra o arquivo 'Referência \"&Excel_BuiltIn_Database&\".xlsm)\",IF(OR($C253<>\"S\",ORÇAMENTO.CodBarra=\"\"),\"(Sem Código)\",IF(ISERROR(MATCH($AE253,INDIRECT(ORÇAMENTO.BancoRef),0)),\"(Código não identificado nas referências)\",MATCH($AE253,INDIRECT(ORÇAMENTO.BancoRef),0))))","v":"(Sem Código)"},{"$f":"ROUND(IF(DESONERACAO=\"sim\",REFERENCIA.Desonerado,REFERENCIA.NaoDesonerado),2)","v":0},0.26400000000000001,null,null,null,null,3820.21,0]
[{"$f":"CHOOSE(1+LOG(1+2*(ORÇAMENTO.Nivel=\"Meta\")+4*(ORÇAMENTO.Nivel=\"Nível 2\")+8*(ORÇAMENTO.Nivel=\"Nível 3\")+16*(ORÇAMENTO.Nivel=\"Nível 4\")+32*(ORÇAMENTO.Nivel=\"Serviço\"),2),0,1,2,3,4,\"S\")","v":3},{"$f":"IF(OR(C254=\"s\",C254=0),OFFSET(B254,-1,0),C254)","v":3},{"$f":"IF(OFFSET(C254,-1,0)=\"L\",1,IF(OFFSET(C254,-1,0)=1,2,IF(OR(A254=\"s\",A254=0),\"S\",IF(AND(OFFSET(C254,-1,0)=2,A254=4),3,IF(AND(OR(OFFSET(C254,-1,0)=\"s\",OFFSET(C254,-1,0)=0),A254<>\"s\",A254>OFFSET(B254,-1,0)),OFFSET(B254,-1,0),A254)))))","v":3},{"$f":"IF(OR(C254=\"S\",C254=0),0,IF(ISERROR(K254),J254,SMALL(J254:K254,1)))","v":7},{"$f":"IF($C254=1,OFFSET(E254,-1,0)+MAX(1,COUNTIF(QCI!$A$13:$A$24,OFFSET(ORÇAMENTO!E254,-1,0))),OFFSET(E254,-1,0))","v":1},{"$f":"IF($C254=1,0,IF($C254=2,OFFSET(F254,-1,0)+1,OFFSET(F254,-1,0)))","v":19},{"$f":"IF(AND($C254<=2,$C254<>0),0,IF($C254=3,OFFSET(G254,-1,0)+1,OFFSET(G254,-1,0)))","v":1},{"$f":"IF(AND($C254<=3,$C254<>0),0,IF($C254=4,OFFSET(H254,-1,0)+1,OFFSET(H254,-1,0)))","v":0},{"$f":"IF(AND($C254<=4,$C254<>0),0,IF(AND($C254=\"S\",$X254>0),OFFSET(I254,-1,0)+1,OFFSET(I254,-1,0)))","v":0},14,{"$f":"IF(OR($C254=\"S\",$C254=0),0,MATCH(OFFSET($D254,0,$C254)+IF($C254<>1,1,COUNTIF(QCI!$A$13:$A$24,ORÇAMENTO!E254)),OFFSET($D254,1,$C254,ROW($C$296)-ROW($C254)),0))","v":7},{"$f":"IF(OR($X254>0,$C254=1,$C254=2,$C254=3,$C254=4),\"F\",\"\")","v":"F"},"Nível 3",{"$f":"CHOOSE(1+LOG(1+2*(C254=1)+4*(C254=2)+8*(C254=3)+16*(C254=4)+32*(C254=\"S\"),2),\"\",\"Meta\",\"Nível 2\",\"Nível 3\",\"Nível 4\",\"Serviço\")","v":"Nível 3"},{"$f":"IF(OR($C254=0,$L254=\"\"),\"-\",CONCATENATE(E254&\".\",IF(AND($A$5>=2,$C254>=2),F254&\".\",\"\"),IF(AND($A$5>=3,$C254>=3),G254&\".\",\"\"),IF(AND($A$5>=4,$C254>=4),H254&\".\",\"\"),IF($C254=\"S\",I254&\".\",\"\")))","v":"1.19.1."},"SINAPI",null,"ABRIGO DE GÁS",{"$f":"REFERENCIA.Unidade","v":"-"},{"$f":"OFFSET(CÁLCULO!H$15,ROW($T254)-ROW(T$15),0)","v":0},null,"BDI 1",{"$f":"IF($C254=\"S\",ROUND(IF(TIPOORCAMENTO=\"Proposto\",ORÇAMENTO.CustoUnitario*(1+$AH254),ORÇAMENTO.PrecoUnitarioLicitado),15-13*$AF$10),0)","v":0},{"$f":"IF($C254=\"S\",IF(Import.TipoArredondamento<>\"TransfereGOV\",VTOTAL1,SUM(OFFSET(CÁLCULO!$AA$15,ROW($X254)-ROW($X$15),1):OFFSET(CÁLCULO!$AL$15,ROW($X254)-ROW($X$15),-1))),IF($C254=0,0,ROUND(SomaAgrup,15-13*$AF$11)))","v":1713.16},"RA",{"$f":"IF(AND($C254=\"S\",$X254>0),IF(ISBLANK($Y254),\"RA\",LEFT($Y254,2)),\"\")","v":""},{"$f":"IF($C254=\"S\",IF($Z254=\"CP\",$X254,IF($Z254=\"RA\",(($X254)*QCI!$AA$3),0)),SomaAgrup)","v":1713.16},{"$f":"IF($C254=\"S\",IF($Z254=\"OU\",ROUND($X254,2),0),SomaAgrup)","v":0},{"$f":"IF($N254=\"\",\"\",IF(ORÇAMENTO.Descricao=\"\",\"DESCRIÇÃO\",IF(AND($C254=\"S\",ORÇAMENTO.Unidade=\"\"),\"UNIDADE\",IF($X254<0,\"VALOR NEGATIVO\",IF(OR(AND(TIPOORCAMENTO=\"Proposto\",$AG254<>\"\",$AG254>0,ORÇAMENTO.CustoUnitario>$AG254),AND(TIPOORCAMENTO=\"LICITADO\",ORÇAMENTO.PrecoUnitarioLicitado>$AN254)),\"ACIMA REF.\",\"\")))))","v":""},{"$f":"IF(C254<=CRONO.NivelExibicao,MAX($AD$15:OFFSET(AD254,-1,0))+IF($C254<>1,1,MAX(1,COUNTIF(QCI!$A$13:$A$24,OFFSET($E254,-1,0)))),\"\")","v":27},{"$f":"IF(AND($C254=\"S\",ORÇAMENTO.CodBarra<>\"\"),IF(ORÇAMENTO.Fonte=\"\",ORÇAMENTO.CodBarra,CONCATENATE(ORÇAMENTO.Fonte,\" \",ORÇAMENTO.CodBarra)))","v":false},{"$f":"IF(ISERROR(INDIRECT(ORÇAMENTO.BancoRef)),\"(abra o arquivo 'Referência \"&Excel_BuiltIn_Database&\".xlsm)\",IF(OR($C254<>\"S\",ORÇAMENTO.CodBarra=\"\"),\"(Sem Código)\",IF(ISERROR(MATCH($AE254,INDIRECT(ORÇAMENTO.BancoRef),0)),\"(Código não identificado nas referências)\",MATCH($AE254,INDIRECT(ORÇAMENTO.BancoRef),0))))","v":"(Sem Código)"},{"$f":"ROUND(IF(DESONERACAO=\"sim\",REFERENCIA.Desonerado,REFERENCIA.NaoDesonerado),2)","v":0},{"$f":"ROUND(IF(ISNUMBER(ORÇAMENTO.OpcaoBDI),ORÇAMENTO.OpcaoBDI,IF(LEFT(ORÇAMENTO.OpcaoBDI,3)=\"BDI\",HLOOKUP(ORÇAMENTO.OpcaoBDI,$F$4:$H$5,2,FALSE),0)),15-11*$AF$9)","v":0.26400000000000001},null,null,null,null,1713.16,{"$f":"ROUND(ORÇAMENTO.CustoUnitario*(1+$AH254),2)","v":0}]
["S",3,"S",0,{"$f":"IF($C255=1,OFFSET(E255,-1,0)+MAX(1,COUNTIF(QCI!$A$13:$A$24,OFFSET(ORÇAMENTO!E255,-1,0))),OFFSET(E255,-1,0))","v":1},19,1,0,1,0,{"$f":"IF(OR($C255=\"S\",$C255=0),0,MATCH(OFFSET($D255,0,$C255)+IF($C255<>1,1,COUNTIF(QCI!$A$13:$A$24,ORÇAMENTO!E255)),OFFSET($D255,1,$C255,ROW($C$296)-ROW($C255)),0))","v":0},"F","Serviço","Serviço","1.19.1.1.","SINAPI","94995",{"$f":"IF($C255=\"S\",REFERENCIA.Descricao,\"(digite a descrição aqui)\")","v":"EXECUÇÃO DE PASSEIO (CALÇADA) OU PISO DE CONCRETO COM CONCRETO MOLDADO IN LOCO, USINADO, ACABAMENTO CONVENCIONAL, ESPESSURA 8 CM, ARMADO. AF_08/2022"},{"$f":"REFERENCIA.Unidade","v":"M2"},{"$f":"OFFSET(CÁLCULO!H$15,ROW($T255)-ROW(T$15),0)","v":1.44},90.95,"BDI 1",{"$f":"IF($C255=\"S\",ROUND(IF(TIPOORCAMENTO=\"Proposto\",ORÇAMENTO.CustoUnitario*(1+$AH255),ORÇAMENTO.PrecoUnitarioLicitado),15-13*$AF$10),0)","v":114.96},{"$f":"IF($C255=\"S\",IF(Import.TipoArredondamento<>\"TransfereGOV\",VTOTAL1,SUM(OFFSET(CÁLCULO!$AA$15,ROW($X255)-ROW($X$15),1):OFFSET(CÁLCULO!$AL$15,ROW($X255)-ROW($X$15),-1))),IF($C255=0,0,ROUND(SomaAgrup,15-13*$AF$11)))","v":165.54},"RA","RA",{"$f":"IF($C255=\"S\",IF($Z255=\"CP\",$X255,IF($Z255=\"RA\",(($X255)*QCI!$AA$3),0)),SomaAgrup)","v":165.54},0,{"$f":"IF($N255=\"\",\"\",IF(ORÇAMENTO.Descricao=\"\",\"DESCRIÇÃO\",IF(AND($C255=\"S\",ORÇAMENTO.Unidade=\"\"),\"UNIDADE\",IF($X255<0,\"VALOR NEGATIVO\",IF(OR(AND(TIPOORCAMENTO=\"Proposto\",$AG255<>\"\",$AG255>0,ORÇAMENTO.CustoUnitario>$AG255),AND(TIPOORCAMENTO=\"LICITADO\",ORÇAMENTO.PrecoUnitarioLicitado>$AN255)),\"ACIMA REF.\",\"\")))))","v":""},{"$f":"IF(C255<=CRONO.NivelExibicao,MAX($AD$15:OFFSET(AD255,-1,0))+IF($C255<>1,1,MAX(1,COUNTIF(QCI!$A$13:$A$24,OFFSET($E255,-1,0)))),\"\")","v":""},{"$f":"IF(AND($C255=\"S\",ORÇAMENTO.CodBarra<>\"\"),IF(ORÇAMENTO.Fonte=\"\",ORÇAMENTO.CodBarra,CONCATENATE(ORÇAMENTO.Fonte,\" \",ORÇAMENTO.CodBarra)))","v":"SINAPI 94995"},{"$f":"IF(ISERROR(INDIRECT(ORÇAMENTO.BancoRef)),\"(abra o arquivo 'Referência \"&Excel_BuiltIn_Database&\".xlsm)\",IF(OR($C255<>\"S\",ORÇAMENTO.CodBarra=\"\"),\"(Sem Código)\",IF(ISERROR(MATCH($AE255,INDIRECT(ORÇAMENTO.BancoRef),0)),\"(Código não identificado nas referências)\",MATCH($AE255,INDIRECT(ORÇAMENTO.BancoRef),0))))","v":6526},{"$f":"ROUND(IF(DESONERACAO=\"sim\",REFERENCIA.Desonerado,REFERENCIA.NaoDesonerado),2)","v":90.95},0.26400000000000001,null,null,null,null,165.54,114.96]
["S",3,"S",0,{"$f":"IF($C256=1,OFFSET(E256,-1,0)+MAX(1,COUNTIF(QCI!$A$13:$A$24,OFFSET(ORÇAMENTO!E256,-1,0))),OFFSET(E256,-1,0))","v":1},19,1,0,2,0,{"$f":"IF(OR($C256=\"S\",$C256=0),0,MATCH(OFFSET($D256,0,$C256)+IF($C256<>1,1,COUNTIF(QCI!$A$13:$A$24,ORÇAMENTO!E256)),OFFSET($D256,1,$C256,ROW($C$296)-ROW($C256)),0))","v":0},"F","Serviço","Serviço","1.19.1.2.","Composição","17",{"$f":"IF($C256=\"S\",REFERENCIA.Descricao,\"(digite a descrição aqui)\")","v":"ALVENARIA DE BLOCOS DE CONCRETO ESTRUTURAL 14X19X39 CM (ESPESSURA 14 CM), FBK = 4,5 MPA, UTILIZANDO PALHETA, PREENCHIDO TOTALMENTE EM CONCRETO FCK 25MPA. AF_10/2022"},{"$f":"REFERENCIA.Unidade","v":"M2"},{"$f":"OFFSET(CÁLCULO!H$15,ROW($T256)-ROW(T$15),0)","v":2.56},104.65,"BDI 1",{"$f":"IF($C256=\"S\",ROUND(IF(TIPOORCAMENTO=\"Proposto\",ORÇAMENTO.CustoUnitario*(1+$AH256),ORÇAMENTO.PrecoUnitarioLicitado),15-13*$AF$10),0)","v":132.28},{"$f":"IF($C256=\"S\",IF(Import.TipoArredondamento<>\"TransfereGOV\",VTOTAL1,SUM(OFFSET(CÁLCULO!$AA$15,ROW($X256)-ROW($X$15),1):OFFSET(CÁLCULO!$AL$15,ROW($X256)-ROW($X$15),-1))),IF($C256=0,0,ROUND(SomaAgrup,15-13*$AF$11)))","v":338.64},"RA","RA",{"$f":"IF($C256=\"S\",IF($Z256=\"CP\",$X256,IF($Z256=\"RA\",(($X256)*QCI!$AA$3),0)),SomaAgrup)","v":338.64},0,{"$f":"IF($N256=\"\",\"\",IF(ORÇAMENTO.Descricao=\"\",\"DESCRIÇÃO\",IF(AND($C256=\"S\",ORÇAMENTO.Unidade=\"\"),\"UNIDADE\",IF($X256<0,\"VALOR NEGATIVO\",IF(OR(AND(TIPOORCAMENTO=\"Proposto\",$AG256<>\"\",$AG256>0,ORÇAMENTO.CustoUnitario>$AG256),AND(TIPOORCAMENTO=\"LICITADO\",ORÇAMENTO.PrecoUnitarioLicitado>$AN256)),\"ACIMA REF.\",\"\")))))","v":""},{"$f":"IF(C256<=CRONO.NivelExibicao,MAX($AD$15:OFFSET(AD256,-1,0))+IF($C256<>1,1,MAX(1,COUNTIF(QCI!$A$13:$A$24,OFFSET($E256,-1,0)))),\"\")","v":""},{"$f":"IF(AND($C256=\"S\",ORÇAMENTO.CodBarra<>\"\"),IF(ORÇAMENTO.Fonte=\"\",ORÇAMENTO.CodBarra,CONCATENATE(ORÇAMENTO.Fonte,\" \",ORÇAMENTO.CodBarra)))","v":"Composição 17"},{"$f":"IF(ISERROR(INDIRECT(ORÇAMENTO.BancoRef)),\"(abra o arquivo 'Referência \"&Excel_BuiltIn_Database&\".xlsm)\",IF(OR($C256<>\"S\",ORÇAMENTO.CodBarra=\"\"),\"(Sem Código)\",IF(ISERROR(MATCH($AE256,INDIRECT(ORÇAMENTO.BancoRef),0)),\"(Código não identificado nas referências)\",MATCH($AE256,INDIRECT(ORÇAMENTO.BancoRef),0))))","v":19},{"$f":"ROUND(IF(DESONERACAO=\"sim\",REFERENCIA.Desonerado,REFERENCIA.NaoDesonerado),2)","v":104.65},0.26400000000000001,null,null,null,null,338.64,132.28]
["S",3,"S",0,{"$f":"IF($C257=1,OFFSET(E257,-1,0)+MAX(1,COUNTIF(QCI!$A$13:$A$24,OFFSET(ORÇAMENTO!E257,-1,0))),OFFSET(E257,-1,0))","v":1},19,1,0,3,0,{"$f":"IF(OR($C257=\"S\",$C257=0),0,MATCH(OFFSET($D257,0,$C257)+IF($C257<>1,1,COUNTIF(QCI!$A$13:$A$24,ORÇAMENTO!E257)),OFFSET($D257,1,$C257,ROW($C$296)-ROW($C257)),0))","v":0},"F","Serviço","Serviço","1.19.1.3.","SINAPI","101963",{"$f":"IF($C257=\"S\",REFERENCIA.Descricao,\"(digite a descrição aqui)\")","v":"LAJE PRÉ-MOLDADA UNIDIRECIONAL, BIAPOIADA, PARA PISO, ENCHIMENTO EM CERÂMICA, VIGOTA CONVENCIONAL, ALTURA TOTAL DA LAJE (ENCHIMENTO+CAPA) = (8+4). AF_11/2020_PA"},{"$f":"REFERENCIA.Unidade","v":"M2"},{"$f":"OFFSET(CÁLCULO!H$15,ROW($T257)-ROW(T$15),0)","v":1.44},187.29,"BDI 1",{"$f":"IF($C257=\"S\",ROUND(IF(TIPOORCAMENTO=\"Proposto\",ORÇAMENTO.CustoUnitario*(1+$AH257),ORÇAMENTO.PrecoUnitarioLicitado),15-13*$AF$10),0)","v":236.73},{"$f":"IF($C257=\"S\",IF(Import.TipoArredondamento<>\"TransfereGOV\",VTOTAL1,SUM(OFFSET(CÁLCULO!$AA$15,ROW($X257)-ROW($X$15),1):OFFSET(CÁLCULO!$AL$15,ROW($X257)-ROW($X$15),-1))),IF($C257=0,0,ROUND(SomaAgrup,15-13*$AF$11)))","v":340.89},"RA","RA",{"$f":"IF($C257=\"S\",IF($Z257=\"CP\",$X257,IF($Z257=\"RA\",(($X257)*QCI!$AA$3),0)),SomaAgrup)","v":340.89},0,{"$f":"IF($N257=\"\",\"\",IF(ORÇAMENTO.Descricao=\"\",\"DESCRIÇÃO\",IF(AND($C257=\"S\",ORÇAMENTO.Unidade=\"\"),\"UNIDADE\",IF($X257<0,\"VALOR NEGATIVO\",IF(OR(AND(TIPOORCAMENTO=\"Proposto\",$AG257<>\"\",$AG257>0,ORÇAMENTO.CustoUnitario>$AG257),AND(TIPOORCAMENTO=\"LICITADO\",ORÇAMENTO.PrecoUnitarioLicitado>$AN257)),\"ACIMA REF.\",\"\")))))","v":""},{"$f":"IF(C257<=CRONO.NivelExibicao,MAX($AD$15:OFFSET(AD257,-1,0))+IF($C257<>1,1,MAX(1,COUNTIF(QCI!$A$13:$A$24,OFFSET($E257,-1,0)))),\"\")","v":""},{"$f":"IF(AND($C257=\"S\",ORÇAMENTO.CodBarra<>\"\"),IF(ORÇAMENTO.Fonte=\"\",ORÇAMENTO.CodBarra,CONCATENATE(ORÇAMENTO.Fonte,\" \",ORÇAMENTO.CodBarra)))","v":"SINAPI 101963"},{"$f":"IF(ISERROR(INDIRECT(ORÇAMENTO.BancoRef)),\"(abra o arquivo 'Referência \"&Excel_BuiltIn_Database&\".xlsm)\",IF(OR($C257<>\"S\",ORÇAMENTO.CodBarra=\"\"),\"(Sem Código)\",IF(ISERROR(MATCH($AE257,INDIRECT(ORÇAMENTO.BancoRef),0)),\"(Código não identificado nas referências)\",MATCH($AE257,INDIRECT(ORÇAMENTO.BancoRef),0))))","v":2816},{"$f":"ROUND(IF(DESONERACAO=\"sim\",REFERENCIA.Desonerado,REFERENCIA.NaoDesonerado),2)","v":187.29},0.26400000000000001,null,null,null,null,340.89,236.73]
["S",3,"S",0,{"$f":"IF($C258=1,OFFSET(E258,-1,0)+MAX(1,COUNTIF(QCI!$A$13:$A$24,OFFSET(ORÇAMENTO!E258,-1,0))),OFFSET(E258,-1,0))","v":1},19,1,0,4,0,{"$f":"IF(OR($C258=\"S\",$C258=0),0,MATCH(OFFSET($D258,0,$C258)+IF($C258<>1,1,COUNTIF(QCI!$A$13:$A$24,ORÇAMENTO!E258)),OFFSET($D258,1,$C258,ROW($C$296)-ROW($C258)),0))","v":0},"F","Serviço","Serviço","1.19.1.4.","SINAPI","87246",{"$f":"IF($C258=\"S\",REFERENCIA.Descricao,\"(digite a descrição aqui)\")","v":"REVESTIMENTO CERÂMICO PARA PISO COM PLACAS TIPO ESMALTADA DE DIMENSÕES 35X35 CM APLICADA EM AMBIENTES DE ÁREA MENOR QUE 5 M2. AF_02/2023_PE"},{"$f":"REFERENCIA.Unidade","v":"M2"},{"$f":"OFFSET(CÁLCULO!H$15,ROW($T258)-ROW(T$15),0)","v":1.44},72.58,"BDI 1",{"$f":"IF($C258=\"S\",ROUND(IF(TIPOORCAMENTO=\"Proposto\",ORÇAMENTO.CustoUnitario*(1+$AH258),ORÇAMENTO.PrecoUnitarioLicitado),15-13*$AF$10),0)","v":91.74},{"$f":"IF($C258=\"S\",IF(Import.TipoArredondamento<>\"TransfereGOV\",VTOTAL1,SUM(OFFSET(CÁLCULO!$AA$15,ROW($X258)-ROW($X$15),1):OFFSET(CÁLCULO!$AL$15,ROW($X258)-ROW($X$15),-1))),IF($C258=0,0,ROUND(SomaAgrup,15-13*$AF$11)))","v":132.11000000000001},"RA","RA",{"$f":"IF($C258=\"S\",IF($Z258=\"CP\",$X258,IF($Z258=\"RA\",(($X258)*QCI!$AA$3),0)),SomaAgrup)","v":132.11000000000001},0,{"$f":"IF($N258=\"\",\"\",IF(ORÇAMENTO.Descricao=\"\",\"DESCRIÇÃO\",IF(AND($C258=\"S\",ORÇAMENTO.Unidade=\"\"),\"UNIDADE\",IF($X258<0,\"VALOR NEGATIVO\",IF(OR(AND(TIPOORCAMENTO=\"Proposto\",$AG258<>\"\",$AG258>0,ORÇAMENTO.CustoUnitario>$AG258),AND(TIPOORCAMENTO=\"LICITADO\",ORÇAMENTO.PrecoUnitarioLicitado>$AN258)),\"ACIMA REF.\",\"\")))))","v":""},{"$f":"IF(C258<=CRONO.NivelExibicao,MAX($AD$15:OFFSET(AD258,-1,0))+IF($C258<>1,1,MAX(1,COUNTIF(QCI!$A$13:$A$24,OFFSET($E258,-1,0)))),\"\")","v":""},{"$f":"IF(AND($C258=\"S\",ORÇAMENTO.CodBarra<>\"\"),IF(ORÇAMENTO.Fonte=\"\",ORÇAMENTO.CodBarra,CONCATENATE(ORÇAMENTO.Fonte,\" \",ORÇAMENTO.CodBarra)))","v":"SINAPI 87246"},{"$f":"IF(ISERROR(INDIRECT(ORÇAMENTO.BancoRef)),\"(abra o arquivo 'Referência \"&Excel_BuiltIn_Database&\".xlsm)\",IF(OR($C258<>\"S\",ORÇAMENTO.CodBarra=\"\"),\"(Sem Código)\",IF(ISERROR(MATCH($AE258,INDIRECT(ORÇAMENTO.BancoRef),0)),\"(Código não identificado nas referências)\",MATCH($AE258,INDIRECT(ORÇAMENTO.BancoRef),0))))","v":6460},{"$f":"ROUND(IF(DESONERACAO=\"sim\",REFERENCIA.Desonerado,REFERENCIA.NaoDesonerado),2)","v":72.58},0.26400000000000001,null,null,null,null,132.11000000000001,91.74]
["S",3,"S",0,{"$f":"IF($C259=1,OFFSET(E259,-1,0)+MAX(1,COUNTIF(QCI!$A$13:$A$24,OFFSET(ORÇAMENTO!E259,-1,0))),OFFSET(E259,-1,0))","v":1},19,1,0,5,0,{"$f":"IF(OR($C259=\"S\",$C259=0),0,MATCH(OFFSET($D259,0,$C259)+IF($C259<>1,1,COUNTIF(QCI!$A$13:$A$24,ORÇAMENTO!E259)),OFFSET($D259,1,$C259,ROW($C$296)-ROW($C259)),0))","v":0},"F","Serviço","Serviço","1.19.1.5.","COMPOSIÇÃO","11",{"$f":"IF($C259=\"S\",REFERENCIA.Descricao,\"(digite a descrição aqui)\")","v":"IMPERMEABILIZAÇÃO DE SUPERFÍCIE COM EMULSÃO ASFALTICA, 3 DEMÃOS (TODA FACE SUPERIOR E TODAS AS LATERAIS)"},{"$f":"REFERENCIA.Unidade","v":"M2"},{"$f":"OFFSET(CÁLCULO!H$15,ROW($T259)-ROW(T$15),0)","v":2},61.81,"BDI 1",{"$f":"IF($C259=\"S\",ROUND(IF(TIPOORCAMENTO=\"Proposto\",ORÇAMENTO.CustoUnitario*(1+$AH259),ORÇAMENTO.PrecoUnitarioLicitado),15-13*$AF$10),0)","v":78.13},{"$f":"IF($C259=\"S\",IF(Import.TipoArredondamento<>\"TransfereGOV\",VTOTAL1,SUM(OFFSET(CÁLCULO!$AA$15,ROW($X259)-ROW($X$15),1):OFFSET(CÁLCULO!$AL$15,ROW($X259)-ROW($X$15),-1))),IF($C259=0,0,ROUND(SomaAgrup,15-13*$AF$11)))","v":156.26},"RA","RA",{"$f":"IF($C259=\"S\",IF($Z259=\"CP\",$X259,IF($Z259=\"RA\",(($X259)*QCI!$AA$3),0)),SomaAgrup)","v":156.26},0,{"$f":"IF($N259=\"\",\"\",IF(ORÇAMENTO.Descricao=\"\",\"DESCRIÇÃO\",IF(AND($C259=\"S\",ORÇAMENTO.Unidade=\"\"),\"UNIDADE\",IF($X259<0,\"VALOR NEGATIVO\",IF(OR(AND(TIPOORCAMENTO=\"Proposto\",$AG259<>\"\",$AG259>0,ORÇAMENTO.CustoUnitario>$AG259),AND(TIPOORCAMENTO=\"LICITADO\",ORÇAMENTO.PrecoUnitarioLicitado>$AN259)),\"ACIMA REF.\",\"\")))))","v":""},{"$f":"IF(C259<=CRONO.NivelExibicao,MAX($AD$15:OFFSET(AD259,-1,0))+IF($C259<>1,1,MAX(1,COUNTIF(QCI!$A$13:$A$24,OFFSET($E259,-1,0)))),\"\")","v":""},{"$f":"IF(AND($C259=\"S\",ORÇAMENTO.CodBarra<>\"\"),IF(ORÇAMENTO.Fonte=\"\",ORÇAMENTO.CodBarra,CONCATENATE(ORÇAMENTO.Fonte,\" \",ORÇAMENTO.CodBarra)))","v":"COMPOSIÇÃO 11"},{"$f":"IF(ISERROR(INDIRECT(ORÇAMENTO.BancoRef)),\"(abra o arquivo 'Referência \"&Excel_BuiltIn_Database&\".xlsm)\",IF(OR($C259<>\"S\",ORÇAMENTO.CodBarra=\"\"),\"(Sem Código)\",IF(ISERROR(MATCH($AE259,INDIRECT(ORÇAMENTO.BancoRef),0)),\"(Código não identificado nas referências)\",MATCH($AE259,INDIRECT(ORÇAMENTO.BancoRef),0))))","v":13},{"$f":"ROUND(IF(DESONERACAO=\"sim\",REFERENCIA.Desonerado,REFERENCIA.NaoDesonerado),2)","v":61.81},0.26400000000000001,null,null,null,null,156.26,78.13]
[{"$f":"CHOOSE(1+LOG(1+2*(ORÇAMENTO.Nivel=\"Meta\")+4*(ORÇAMENTO.Nivel=\"Nível 2\")+8*(ORÇAMENTO.Nivel=\"Nível 3\")+16*(ORÇAMENTO.Nivel=\"Nível 4\")+32*(ORÇAMENTO.Nivel=\"Serviço\"),2),0,1,2,3,4,\"S\")","v":"S"},{"$f":"IF(OR(C260=\"s\",C260=0),OFFSET(B260,-1,0),C260)","v":3},{"$f":"IF(OFFSET(C260,-1,0)=\"L\",1,IF(OFFSET(C260,-1,0)=1,2,IF(OR(A260=\"s\",A260=0),\"S\",IF(AND(OFFSET(C260,-1,0)=2,A260=4),3,IF(AND(OR(OFFSET(C260,-1,0)=\"s\",OFFSET(C260,-1,0)=0),A260<>\"s\",A260>OFFSET(B260,-1,0)),OFFSET(B260,-1,0),A260)))))","v":"S"},{"$f":"IF(OR(C260=\"S\",C260=0),0,IF(ISERROR(K260),J260,SMALL(J260:K260,1)))","v":0},{"$f":"IF($C260=1,OFFSET(E260,-1,0)+MAX(1,COUNTIF(QCI!$A$13:$A$24,OFFSET(ORÇAMENTO!E260,-1,0))),OFFSET(E260,-1,0))","v":1},{"$f":"IF($C260=1,0,IF($C260=2,OFFSET(F260,-1,0)+1,OFFSET(F260,-1,0)))","v":19},{"$f":"IF(AND($C260<=2,$C260<>0),0,IF($C260=3,OFFSET(G260,-1,0)+1,OFFSET(G260,-1,0)))","v":1},{"$f":"IF(AND($C260<=3,$C260<>0),0,IF($C260=4,OFFSET(H260,-1,0)+1,OFFSET(H260,-1,0)))","v":0},{"$f":"IF(AND($C260<=4,$C260<>0),0,IF(AND($C260=\"S\",$X260>0),OFFSET(I260,-1,0)+1,OFFSET(I260,-1,0)))","v":6},0,{"$f":"IF(OR($C260=\"S\",$C260=0),0,MATCH(OFFSET($D260,0,$C260)+IF($C260<>1,1,COUNTIF(QCI!$A$13:$A$24,ORÇAMENTO!E260)),OFFSET($D260,1,$C260,ROW($C$296)-ROW($C260)),0))","v":0},{"$f":"IF(OR($X260>0,$C260=1,$C260=2,$C260=3,$C260=4),\"F\",\"\")","v":"F"},"Serviço",{"$f":"CHOOSE(1+LOG(1+2*(C260=1)+4*(C260=2)+8*(C260=3)+16*(C260=4)+32*(C260=\"S\"),2),\"\",\"Meta\",\"Nível 2\",\"Nível 3\",\"Nível 4\",\"Serviço\")","v":"Serviço"},{"$f":"IF(OR($C260=0,$L260=\"\"),\"-\",CONCATENATE(E260&\".\",IF(AND($A$5>=2,$C260>=2),F260&\".\",\"\"),IF(AND($A$5>=3,$C260>=3),G260&\".\",\"\"),IF(AND($A$5>=4,$C260>=4),H260&\".\",\"\"),IF($C260=\"S\",I260&\".\",\"\")))","v":"1.19.1.6."},"SINAPI-I","4930","PORTA DE ABRIR / GIRO, EM GRADIL FERRO, COM BARRA CHATA 3 CM X 1/4\", COM REQUADRO E GUARNICAO - COMPLETO - ACABAMENTO NATURAL                                                                                                                                                                                                                                                                                                                                                                             (ABRIGO DE GÁS)",{"$f":"REFERENCIA.Unidade","v":"M2    "},{"$f":"OFFSET(CÁLCULO!H$15,ROW($T260)-ROW(T$15),0)","v":0.84},546,"BDI 1",{"$f":"IF($C260=\"S\",ROUND(IF(TIPOORCAMENTO=\"Proposto\",ORÇAMENTO.CustoUnitario*(1+$AH260),ORÇAMENTO.PrecoUnitarioLicitado),15-13*$AF$10),0)","v":690.14},{"$f":"IF($C260=\"S\",IF(Import.TipoArredondamento<>\"TransfereGOV\",VTOTAL1,SUM(OFFSET(CÁLCULO!$AA$15,ROW($X260)-ROW($X$15),1):OFFSET(CÁLCULO!$AL$15,ROW($X260)-ROW($X$15),-1))),IF($C260=0,0,ROUND(SomaAgrup,15-13*$AF$11)))","v":579.72},"RA",{"$f":"IF(AND($C260=\"S\",$X260>0),IF(ISBLANK($Y260),\"RA\",LEFT($Y260,2)),\"\")","v":"RA"},{"$f":"IF($C260=\"S\",IF($Z260=\"CP\",$X260,IF($Z260=\"RA\",(($X260)*QCI!$AA$3),0)),SomaAgrup)","v":579.72},{"$f":"IF($C260=\"S\",IF($Z260=\"OU\",ROUND($X260,2),0),SomaAgrup)","v":0},{"$f":"IF($N260=\"\",\"\",IF(ORÇAMENTO.Descricao=\"\",\"DESCRIÇÃO\",IF(AND($C260=\"S\",ORÇAMENTO.Unidade=\"\"),\"UNIDADE\",IF($X260<0,\"VALOR NEGATIVO\",IF(OR(AND(TIPOORCAMENTO=\"Proposto\",$AG260<>\"\",$AG260>0,ORÇAMENTO.CustoUnitario>$AG260),AND(TIPOORCAMENTO=\"LICITADO\",ORÇAMENTO.PrecoUnitarioLicitado>$AN260)),\"ACIMA REF.\",\"\")))))","v":""},{"$f":"IF(C260<=CRONO.NivelExibicao,MAX($AD$15:OFFSET(AD260,-1,0))+IF($C260<>1,1,MAX(1,COUNTIF(QCI!$A$13:$A$24,OFFSET($E260,-1,0)))),\"\")","v":""},{"$f":"IF(AND($C260=\"S\",ORÇAMENTO.CodBarra<>\"\"),IF(ORÇAMENTO.Fonte=\"\",ORÇAMENTO.CodBarra,CONCATENATE(ORÇAMENTO.Fonte,\" \",ORÇAMENTO.CodBarra)))","v":"SINAPI-I 4930"},{"$f":"IF(ISERROR(INDIRECT(ORÇAMENTO.BancoRef)),\"(abra o arquivo 'Referência \"&Excel_BuiltIn_Database&\".xlsm)\",IF(OR($C260<>\"S\",ORÇAMENTO.CodBarra=\"\"),\"(Sem Código)\",IF(ISERROR(MATCH($AE260,INDIRECT(ORÇAMENTO.BancoRef),0)),\"(Código não identificado nas referências)\",MATCH($AE260,INDIRECT(ORÇAMENTO.BancoRef),0))))","v":11224},{"$f":"ROUND(IF(DESONERACAO=\"sim\",REFERENCIA.Desonerado,REFERENCIA.NaoDesonerado),2)","v":546},{"$f":"ROUND(IF(ISNUMBER(ORÇAMENTO.OpcaoBDI),ORÇAMENTO.OpcaoBDI,IF(LEFT(ORÇAMENTO.OpcaoBDI,3)=\"BDI\",HLOOKUP(ORÇAMENTO.OpcaoBDI,$F$4:$H$5,2,FALSE),0)),15-11*$AF$9)","v":0.26400000000000001},null,null,null,null,579.72,{"$f":"ROUND(ORÇAMENTO.CustoUnitario*(1+$AH260),2)","v":690.14}]
[3,{"$f":"IF(OR(C261=\"s\",C261=0),OFFSET(B261,-1,0),C261)","v":3},{"$f":"IF(OFFSET(C261,-1,0)=\"L\",1,IF(OFFSET(C261,-1,0)=1,2,IF(OR(A261=\"s\",A261=0),\"S\",IF(AND(OFFSET(C261,-1,0)=2,A261=4),3,IF(AND(OR(OFFSET(C261,-1,0)=\"s\",OFFSET(C261,-1,0)=0),A261<>\"s\",A261>OFFSET(B261,-1,0)),OFFSET(B261,-1,0),A261)))))","v":3},{"$f":"IF(OR(C261=\"S\",C261=0),0,IF(ISERROR(K261),J261,SMALL(J261:K261,1)))","v":7},{"$f":"IF($C261=1,OFFSET(E261,-1,0)+MAX(1,COUNTIF(QCI!$A$13:$A$24,OFFSET(ORÇAMENTO!E261,-1,0))),OFFSET(E261,-1,0))","v":1},{"$f":"IF($C261=1,0,IF($C261=2,OFFSET(F261,-1,0)+1,OFFSET(F261,-1,0)))","v":19},{"$f":"IF(AND($C261<=2,$C261<>0),0,IF($C261=3,OFFSET(G261,-1,0)+1,OFFSET(G261,-1,0)))","v":2},{"$f":"IF(AND($C261<=3,$C261<>0),0,IF($C261=4,OFFSET(H261,-1,0)+1,OFFSET(H261,-1,0)))","v":0},{"$f":"IF(AND($C261<=4,$C261<>0),0,IF(AND($C261=\"S\",$X261>0),OFFSET(I261,-1,0)+1,OFFSET(I261,-1,0)))","v":0},7,{"$f":"IF(OR($C261=\"S\",$C261=0),0,MATCH(OFFSET($D261,0,$C261)+IF($C261<>1,1,COUNTIF(QCI!$A$13:$A$24,ORÇAMENTO!E261)),OFFSET($D261,1,$C261,ROW($C$296)-ROW($C261)),0))","v":{"$error":"#N/A"}},{"$f":"IF(OR($X261>0,$C261=1,$C261=2,$C261=3,$C261=4),\"F\",\"\")","v":"F"},"Nível 3",{"$f":"CHOOSE(1+LOG(1+2*(C261=1)+4*(C261=2)+8*(C261=3)+16*(C261=4)+32*(C261=\"S\"),2),\"\",\"Meta\",\"Nível 2\",\"Nível 3\",\"Nível 4\",\"Serviço\")","v":"Nível 3"},{"$f":"IF(OR($C261=0,$L261=\"\"),\"-\",CONCATENATE(E261&\".\",IF(AND($A$5>=2,$C261>=2),F261&\".\",\"\"),IF(AND($A$5>=3,$C261>=3),G261&\".\",\"\"),IF(AND($A$5>=4,$C261>=4),H261&\".\",\"\"),IF($C261=\"S\",I261&\".\",\"\")))","v":"1.19.2."},"SINAPI",null,"GÁS",{"$f":"REFERENCIA.Unidade","v":"-"},{"$f":"OFFSET(CÁLCULO!H$15,ROW($T261)-ROW(T$15),0)","v":0},null,"BDI 1",{"$f":"IF($C261=\"S\",ROUND(IF(TIPOORCAMENTO=\"Proposto\",ORÇAMENTO.CustoUnitario*(1+$AH261),ORÇAMENTO.PrecoUnitarioLicitado),15-13*$AF$10),0)","v":0},{"$f":"IF($C261=\"S\",IF(Import.TipoArredondamento<>\"TransfereGOV\",VTOTAL1,SUM(OFFSET(CÁLCULO!$AA$15,ROW($X261)-ROW($X$15),1):OFFSET(CÁLCULO!$AL$15,ROW($X261)-ROW($X$15),-1))),IF($C261=0,0,ROUND(SomaAgrup,15-13*$AF$11)))","v":2107.0500000000002},"RA",{"$f":"IF(AND($C261=\"S\",$X261>0),IF(ISBLANK($Y261),\"RA\",LEFT($Y261,2)),\"\")","v":""},{"$f":"IF($C261=\"S\",IF($Z261=\"CP\",$X261,IF($Z261=\"RA\",(($X261)*QCI!$AA$3),0)),SomaAgrup)","v":2107.0500000000002},0,{"$f":"IF($N261=\"\",\"\",IF(ORÇAMENTO.Descricao=\"\",\"DESCRIÇÃO\",IF(AND($C261=\"S\",ORÇAMENTO.Unidade=\"\"),\"UNIDADE\",IF($X261<0,\"VALOR NEGATIVO\",IF(OR(AND(TIPOORCAMENTO=\"Proposto\",$AG261<>\"\",$AG261>0,ORÇAMENTO.CustoUnitario>$AG261),AND(TIPOORCAMENTO=\"LICITADO\",ORÇAMENTO.PrecoUnitarioLicitado>$AN261)),\"ACIMA REF.\",\"\")))))","v":""},{"$f":"IF(C261<=CRONO.NivelExibicao,MAX($AD$15:OFFSET(AD261,-1,0))+IF($C261<>1,1,MAX(1,COUNTIF(QCI!$A$13:$A$24,OFFSET($E261,-1,0)))),\"\")","v":28},{"$f":"IF(AND($C261=\"S\",ORÇAMENTO.CodBarra<>\"\"),IF(ORÇAMENTO.Fonte=\"\",ORÇAMENTO.CodBarra,CONCATENATE(ORÇAMENTO.Fonte,\" \",ORÇAMENTO.CodBarra)))","v":false},{"$f":"IF(ISERROR(INDIRECT(ORÇAMENTO.BancoRef)),\"(abra o arquivo 'Referência \"&Excel_BuiltIn_Database&\".xlsm)\",IF(OR($C261<>\"S\",ORÇAMENTO.CodBarra=\"\"),\"(Sem Código)\",IF(ISERROR(MATCH($AE261,INDIRECT(ORÇAMENTO.BancoRef),0)),\"(Código não identificado nas referências)\",MATCH($AE261,INDIRECT(ORÇAMENTO.BancoRef),0))))","v":"(Sem Código)"},{"$f":"ROUND(IF(DESONERACAO=\"sim\",REFERENCIA.Desonerado,REFERENCIA.NaoDesonerado),2)","v":0},0.26400000000000001,null,null,null,null,2107.0500000000002,0]
["S",3,"S",0,{"$f":"IF($C262=1,OFFSET(E262,-1,0)+MAX(1,COUNTIF(QCI!$A$13:$A$24,OFFSET(ORÇAMENTO!E262,-1,0))),OFFSET(E262,-1,0))","v":1},19,2,0,1,0,{"$f":"IF(OR($C262=\"S\",$C262=0),0,MATCH(OFFSET($D262,0,$C262)+IF($C262<>1,1,COUNTIF(QCI!$A$13:$A$24,ORÇAMENTO!E262)),OFFSET($D262,1,$C262,ROW($C$296)-ROW($C262)),0))","v":0},"F","Serviço","Serviço","1.19.2.1.","SINAPI","92688",{"$f":"IF($C262=\"S\",REFERENCIA.Descricao,\"(digite a descrição aqui)\")","v":"TUBO DE AÇO GALVANIZADO COM COSTURA, CLASSE MÉDIA, CONEXÃO ROSQUEADA, DN 20 (3/4\"), INSTALADO EM RAMAIS E SUB-RAMAIS DE GÁS - FORNECIMENTO E INSTALAÇÃO. AF_10/2020"},{"$f":"REFERENCIA.Unidade","v":"M"},{"$f":"OFFSET(CÁLCULO!H$15,ROW($T262)-ROW(T$15),0)","v":21.29},36.76,"BDI 1",{"$f":"IF($C262=\"S\",ROUND(IF(TIPOORCAMENTO=\"Proposto\",ORÇAMENTO.CustoUnitario*(1+$AH262),ORÇAMENTO.PrecoUnitarioLicitado),15-13*$AF$10),0)","v":46.46},{"$f":"IF($C262=\"S\",IF(Import.TipoArredondamento<>\"TransfereGOV\",VTOTAL1,SUM(OFFSET(CÁLCULO!$AA$15,ROW($X262)-ROW($X$15),1):OFFSET(CÁLCULO!$AL$15,ROW($X262)-ROW($X$15),-1))),IF($C262=0,0,ROUND(SomaAgrup,15-13*$AF$11)))","v":989.13},"RA","RA",{"$f":"IF($C262=\"S\",IF($Z262=\"CP\",$X262,IF($Z262=\"RA\",(($X262)*QCI!$AA$3),0)),SomaAgrup)","v":989.13},0,{"$f":"IF($N262=\"\",\"\",IF(ORÇAMENTO.Descricao=\"\",\"DESCRIÇÃO\",IF(AND($C262=\"S\",ORÇAMENTO.Unidade=\"\"),\"UNIDADE\",IF($X262<0,\"VALOR NEGATIVO\",IF(OR(AND(TIPOORCAMENTO=\"Proposto\",$AG262<>\"\",$AG262>0,ORÇAMENTO.CustoUnitario>$AG262),AND(TIPOORCAMENTO=\"LICITADO\",ORÇAMENTO.PrecoUnitarioLicitado>$AN262)),\"ACIMA REF.\",\"\")))))","v":""},{"$f":"IF(C262<=CRONO.NivelExibicao,MAX($AD$15:OFFSET(AD262,-1,0))+IF($C262<>1,1,MAX(1,COUNTIF(QCI!$A$13:$A$24,OFFSET($E262,-1,0)))),\"\")","v":""},{"$f":"IF(AND($C262=\"S\",ORÇAMENTO.CodBarra<>\"\"),IF(ORÇAMENTO.Fonte=\"\",ORÇAMENTO.CodBarra,CONCATENATE(ORÇAMENTO.Fonte,\" \",ORÇAMENTO.CodBarra)))","v":"SINAPI 92688"},{"$f":"IF(ISERROR(INDIRECT(ORÇAMENTO.BancoRef)),\"(abra o arquivo 'Referência \"&Excel_BuiltIn_Database&\".xlsm)\",IF(OR($C262<>\"S\",ORÇAMENTO.CodBarra=\"\"),\"(Sem Código)\",IF(ISERROR(MATCH($AE262,INDIRECT(ORÇAMENTO.BancoRef),0)),\"(Código não identificado nas referências)\",MATCH($AE262,INDIRECT(ORÇAMENTO.BancoRef),0))))","v":3727},{"$f":"ROUND(IF(DESONERACAO=\"sim\",REFERENCIA.Desonerado,REFERENCIA.NaoDesonerado),2)","v":36.76},0.26400000000000001,null,null,null,null,989.13,46.46]
["S",3,"S",0,{"$f":"IF($C263=1,OFFSET(E263,-1,0)+MAX(1,COUNTIF(QCI!$A$13:$A$24,OFFSET(ORÇAMENTO!E263,-1,0))),OFFSET(E263,-1,0))","v":1},19,2,0,2,0,{"$f":"IF(OR($C263=\"S\",$C263=0),0,MATCH(OFFSET($D263,0,$C263)+IF($C263<>1,1,COUNTIF(QCI!$A$13:$A$24,ORÇAMENTO!E263)),OFFSET($D263,1,$C263,ROW($C$296)-ROW($C263)),0))","v":0},"F","Serviço","Serviço","1.19.2.2.","Composição","18",{"$f":"IF($C263=\"S\",REFERENCIA.Descricao,\"(digite a descrição aqui)\")","v":"ESCAVAÇÃO MANUAL DE VALA 20X70CM, ENVELOPAMENTO COM CONCRETO MAGRO  20X15CM + REATERRO DE VALA COM COMPACATAÇÃO "},{"$f":"REFERENCIA.Unidade","v":"M"},{"$f":"OFFSET(CÁLCULO!H$15,ROW($T263)-ROW(T$15),0)","v":18.39},28.28,"BDI 1",{"$f":"IF($C263=\"S\",ROUND(IF(TIPOORCAMENTO=\"Proposto\",ORÇAMENTO.CustoUnitario*(1+$AH263),ORÇAMENTO.PrecoUnitarioLicitado),15-13*$AF$10),0)","v":35.75},{"$f":"IF($C263=\"S\",IF(Import.TipoArredondamento<>\"TransfereGOV\",VTOTAL1,SUM(OFFSET(CÁLCULO!$AA$15,ROW($X263)-ROW($X$15),1):OFFSET(CÁLCULO!$AL$15,ROW($X263)-ROW($X$15),-1))),IF($C263=0,0,ROUND(SomaAgrup,15-13*$AF$11)))","v":657.44},"RA","RA",{"$f":"IF($C263=\"S\",IF($Z263=\"CP\",$X263,IF($Z263=\"RA\",(($X263)*QCI!$AA$3),0)),SomaAgrup)","v":657.44},0,{"$f":"IF($N263=\"\",\"\",IF(ORÇAMENTO.Descricao=\"\",\"DESCRIÇÃO\",IF(AND($C263=\"S\",ORÇAMENTO.Unidade=\"\"),\"UNIDADE\",IF($X263<0,\"VALOR NEGATIVO\",IF(OR(AND(TIPOORCAMENTO=\"Proposto\",$AG263<>\"\",$AG263>0,ORÇAMENTO.CustoUnitario>$AG263),AND(TIPOORCAMENTO=\"LICITADO\",ORÇAMENTO.PrecoUnitarioLicitado>$AN263)),\"ACIMA REF.\",\"\")))))","v":""},{"$f":"IF(C263<=CRONO.NivelExibicao,MAX($AD$15:OFFSET(AD263,-1,0))+IF($C263<>1,1,MAX(1,COUNTIF(QCI!$A$13:$A$24,OFFSET($E263,-1,0)))),\"\")","v":""},{"$f":"IF(AND($C263=\"S\",ORÇAMENTO.CodBarra<>\"\"),IF(ORÇAMENTO.Fonte=\"\",ORÇAMENTO.CodBarra,CONCATENATE(ORÇAMENTO.Fonte,\" \",ORÇAMENTO.CodBarra)))","v":"Composição 18"},{"$f":"IF(ISERROR(INDIRECT(ORÇAMENTO.BancoRef)),\"(abra o arquivo 'Referência \"&Excel_BuiltIn_Database&\".xlsm)\",IF(OR($C263<>\"S\",ORÇAMENTO.CodBarra=\"\"),\"(Sem Código)\",IF(ISERROR(MATCH($AE263,INDIRECT(ORÇAMENTO.BancoRef),0)),\"(Código não identificado nas referências)\",MATCH($AE263,INDIRECT(ORÇAMENTO.BancoRef),0))))","v":20},{"$f":"ROUND(IF(DESONERACAO=\"sim\",REFERENCIA.Desonerado,REFERENCIA.NaoDesonerado),2)","v":28.28},0.26400000000000001,null,null,null,null,657.44,35.75]
["S",3,"S",0,{"$f":"IF($C264=1,OFFSET(E264,-1,0)+MAX(1,COUNTIF(QCI!$A$13:$A$24,OFFSET(ORÇAMENTO!E264,-1,0))),OFFSET(E264,-1,0))","v":1},19,2,0,3,0,{"$f":"IF(OR($C264=\"S\",$C264=0),0,MATCH(OFFSET($D264,0,$C264)+IF($C264<>1,1,COUNTIF(QCI!$A$13:$A$24,ORÇAMENTO!E264)),OFFSET($D264,1,$C264,ROW($C$296)-ROW($C264)),0))","v":0},"F","Serviço","Serviço","1.19.2.3.","SINAPI","92701",{"$f":"IF($C264=\"S\",REFERENCIA.Descricao,\"(digite a descrição aqui)\")","v":"JOELHO 90 GRAUS, EM FERRO GALVANIZADO, CONEXÃO ROSQUEADA, DN 20 (3/4\"), INSTALADO EM RAMAIS E SUB-RAMAIS DE GÁS - FORNECIMENTO E INSTALAÇÃO. AF_10/2020"},{"$f":"REFERENCIA.Unidade","v":"UN"},{"$f":"OFFSET(CÁLCULO!H$15,ROW($T264)-ROW(T$15),0)","v":6},30.75,"BDI 1",{"$f":"IF($C264=\"S\",ROUND(IF(TIPOORCAMENTO=\"Proposto\",ORÇAMENTO.CustoUnitario*(1+$AH264),ORÇAMENTO.PrecoUnitarioLicitado),15-13*$AF$10),0)","v":38.869999999999997},{"$f":"IF($C264=\"S\",IF(Import.TipoArredondamento<>\"TransfereGOV\",VTOTAL1,SUM(OFFSET(CÁLCULO!$AA$15,ROW($X264)-ROW($X$15),1):OFFSET(CÁLCULO!$AL$15,ROW($X264)-ROW($X$15),-1))),IF($C264=0,0,ROUND(SomaAgrup,15-13*$AF$11)))","v":233.22},"RA","RA",{"$f":"IF($C264=\"S\",IF($Z264=\"CP\",$X264,IF($Z264=\"RA\",(($X264)*QCI!$AA$3),0)),SomaAgrup)","v":233.22},0,{"$f":"IF($N264=\"\",\"\",IF(ORÇAMENTO.Descricao=\"\",\"DESCRIÇÃO\",IF(AND($C264=\"S\",ORÇAMENTO.Unidade=\"\"),\"UNIDADE\",IF($X264<0,\"VALOR NEGATIVO\",IF(OR(AND(TIPOORCAMENTO=\"Proposto\",$AG264<>\"\",$AG264>0,ORÇAMENTO.CustoUnitario>$AG264),AND(TIPOORCAMENTO=\"LICITADO\",ORÇAMENTO.PrecoUnitarioLicitado>$AN264)),\"ACIMA REF.\",\"\")))))","v":""},{"$f":"IF(C264<=CRONO.NivelExibicao,MAX($AD$15:OFFSET(AD264,-1,0))+IF($C264<>1,1,MAX(1,COUNTIF(QCI!$A$13:$A$24,OFFSET($E264,-1,0)))),\"\")","v":""},{"$f":"IF(AND($C264=\"S\",ORÇAMENTO.CodBarra<>\"\"),IF(ORÇAMENTO.Fonte=\"\",ORÇAMENTO.CodBarra,CONCATENATE(ORÇAMENTO.Fonte,\" \",ORÇAMENTO.CodBarra)))","v":"SINAPI 92701"},{"$f":"IF(ISERROR(INDIRECT(ORÇAMENTO.BancoRef)),\"(abra o arquivo 'Referência \"&Excel_BuiltIn_Database&\".xlsm)\",IF(OR($C264<>\"S\",ORÇAMENTO.CodBarra=\"\"),\"(Sem Código)\",IF(ISERROR(MATCH($AE264,INDIRECT(ORÇAMENTO.BancoRef),0)),\"(Código não identificado nas referências)\",MATCH($AE264,INDIRECT(ORÇAMENTO.BancoRef),0))))","v":4404},{"$f":"ROUND(IF(DESONERACAO=\"sim\",REFERENCIA.Desonerado,REFERENCIA.NaoDesonerado),2)","v":30.75},0.26400000000000001,null,null,null,null,233.22,38.869999999999997]
["S",3,"S",0,{"$f":"IF($C265=1,OFFSET(E265,-1,0)+MAX(1,COUNTIF(QCI!$A$13:$A$24,OFFSET(ORÇAMENTO!E265,-1,0))),OFFSET(E265,-1,0))","v":1},19,2,0,4,0,{"$f":"IF(OR($C265=\"S\",$C265=0),0,MATCH(OFFSET($D265,0,$C265)+IF($C265<>1,1,COUNTIF(QCI!$A$13:$A$24,ORÇAMENTO!E265)),OFFSET($D265,1,$C265,ROW($C$296)-ROW($C265)),0))","v":0},"F","Serviço","Serviço","1.19.2.4.","SINAPI","92705",{"$f":"IF($C265=\"S\",REFERENCIA.Descricao,\"(digite a descrição aqui)\")","v":"TÊ, EM FERRO GALVANIZADO, CONEXÃO ROSQUEADA, DN 20 (3/4\"), INSTALADO EM RAMAIS E SUB-RAMAIS DE GÁS - FORNECIMENTO E INSTALAÇÃO. AF_10/2020"},{"$f":"REFERENCIA.Unidade","v":"UN"},{"$f":"OFFSET(CÁLCULO!H$15,ROW($T265)-ROW(T$15),0)","v":1},40.630000000000003,"BDI 1",{"$f":"IF($C265=\"S\",ROUND(IF(TIPOORCAMENTO=\"Proposto\",ORÇAMENTO.CustoUnitario*(1+$AH265),ORÇAMENTO.PrecoUnitarioLicitado),15-13*$AF$10),0)","v":51.36},{"$f":"IF($C265=\"S\",IF(Import.TipoArredondamento<>\"TransfereGOV\",VTOTAL1,SUM(OFFSET(CÁLCULO!$AA$15,ROW($X265)-ROW($X$15),1):OFFSET(CÁLCULO!$AL$15,ROW($X265)-ROW($X$15),-1))),IF($C265=0,0,ROUND(SomaAgrup,15-13*$AF$11)))","v":51.36},"RA","RA",{"$f":"IF($C265=\"S\",IF($Z265=\"CP\",$X265,IF($Z265=\"RA\",(($X265)*QCI!$AA$3),0)),SomaAgrup)","v":51.36},0,{"$f":"IF($N265=\"\",\"\",IF(ORÇAMENTO.Descricao=\"\",\"DESCRIÇÃO\",IF(AND($C265=\"S\",ORÇAMENTO.Unidade=\"\"),\"UNIDADE\",IF($X265<0,\"VALOR NEGATIVO\",IF(OR(AND(TIPOORCAMENTO=\"Proposto\",$AG265<>\"\",$AG265>0,ORÇAMENTO.CustoUnitario>$AG265),AND(TIPOORCAMENTO=\"LICITADO\",ORÇAMENTO.PrecoUnitarioLicitado>$AN265)),\"ACIMA REF.\",\"\")))))","v":""},{"$f":"IF(C265<=CRONO.NivelExibicao,MAX($AD$15:OFFSET(AD265,-1,0))+IF($C265<>1,1,MAX(1,COUNTIF(QCI!$A$13:$A$24,OFFSET($E265,-1,0)))),\"\")","v":""},{"$f":"IF(AND($C265=\"S\",ORÇAMENTO.CodBarra<>\"\"),IF(ORÇAMENTO.Fonte=\"\",ORÇAMENTO.CodBarra,CONCATENATE(ORÇAMENTO.Fonte,\" \",ORÇAMENTO.CodBarra)))","v":"SINAPI 92705"},{"$f":"IF(ISERROR(INDIRECT(ORÇAMENTO.BancoRef)),\"(abra o arquivo 'Referência \"&Excel_BuiltIn_Database&\".xlsm)\",IF(OR($C265<>\"S\",ORÇAMENTO.CodBarra=\"\"),\"(Sem Código)\",IF(ISERROR(MATCH($AE265,INDIRECT(ORÇAMENTO.BancoRef),0)),\"(Código não identificado nas referências)\",MATCH($AE265,INDIRECT(ORÇAMENTO.BancoRef),0))))","v":4408},{"$f":"ROUND(IF(DESONERACAO=\"sim\",REFERENCIA.Desonerado,REFERENCIA.NaoDesonerado),2)","v":40.630000000000003},0.26400000000000001,null,null,null,null,51.36,51.36]
["S",3,"S",0,{"$f":"IF($C266=1,OFFSET(E266,-1,0)+MAX(1,COUNTIF(QCI!$A$13:$A$24,OFFSET(ORÇAMENTO!E266,-1,0))),OFFSET(E266,-1,0))","v":1},19,2,0,5,0,{"$f":"IF(OR($C266=\"S\",$C266=0),0,MATCH(OFFSET($D266,0,$C266)+IF($C266<>1,1,COUNTIF(QCI!$A$13:$A$24,ORÇAMENTO!E266)),OFFSET($D266,1,$C266,ROW($C$296)-ROW($C266)),0))","v":0},"F","Serviço","Serviço","1.19.2.5.","SINAPI","103029",{"$f":"IF($C266=\"S\",REFERENCIA.Descricao,\"(digite a descrição aqui)\")","v":"REGISTRO OU REGULADOR DE GÁS DE COZINHA - FORNECIMENTO E INSTALAÇÃO. AF_08/2021"},{"$f":"REFERENCIA.Unidade","v":"UN"},{"$f":"OFFSET(CÁLCULO!H$15,ROW($T266)-ROW(T$15),0)","v":2},55.08,"BDI 1",{"$f":"IF($C266=\"S\",ROUND(IF(TIPOORCAMENTO=\"Proposto\",ORÇAMENTO.CustoUnitario*(1+$AH266),ORÇAMENTO.PrecoUnitarioLicitado),15-13*$AF$10),0)","v":69.62},{"$f":"IF($C266=\"S\",IF(Import.TipoArredondamento<>\"TransfereGOV\",VTOTAL1,SUM(OFFSET(CÁLCULO!$AA$15,ROW($X266)-ROW($X$15),1):OFFSET(CÁLCULO!$AL$15,ROW($X266)-ROW($X$15),-1))),IF($C266=0,0,ROUND(SomaAgrup,15-13*$AF$11)))","v":139.24},"RA","RA",{"$f":"IF($C266=\"S\",IF($Z266=\"CP\",$X266,IF($Z266=\"RA\",(($X266)*QCI!$AA$3),0)),SomaAgrup)","v":139.24},0,{"$f":"IF($N266=\"\",\"\",IF(ORÇAMENTO.Descricao=\"\",\"DESCRIÇÃO\",IF(AND($C266=\"S\",ORÇAMENTO.Unidade=\"\"),\"UNIDADE\",IF($X266<0,\"VALOR NEGATIVO\",IF(OR(AND(TIPOORCAMENTO=\"Proposto\",$AG266<>\"\",$AG266>0,ORÇAMENTO.CustoUnitario>$AG266),AND(TIPOORCAMENTO=\"LICITADO\",ORÇAMENTO.PrecoUnitarioLicitado>$AN266)),\"ACIMA REF.\",\"\")))))","v":""},{"$f":"IF(C266<=CRONO.NivelExibicao,MAX($AD$15:OFFSET(AD266,-1,0))+IF($C266<>1,1,MAX(1,COUNTIF(QCI!$A$13:$A$24,OFFSET($E266,-1,0)))),\"\")","v":""},{"$f":"IF(AND($C266=\"S\",ORÇAMENTO.CodBarra<>\"\"),IF(ORÇAMENTO.Fonte=\"\",ORÇAMENTO.CodBarra,CONCATENATE(ORÇAMENTO.Fonte,\" \",ORÇAMENTO.CodBarra)))","v":"SINAPI 103029"},{"$f":"IF(ISERROR(INDIRECT(ORÇAMENTO.BancoRef)),\"(abra o arquivo 'Referência \"&Excel_BuiltIn_Database&\".xlsm)\",IF(OR($C266<>\"S\",ORÇAMENTO.CodBarra=\"\"),\"(Sem Código)\",IF(ISERROR(MATCH($AE266,INDIRECT(ORÇAMENTO.BancoRef),0)),\"(Código não identificado nas referências)\",MATCH($AE266,INDIRECT(ORÇAMENTO.BancoRef),0))))","v":5520},{"$f":"ROUND(IF(DESONERACAO=\"sim\",REFERENCIA.Desonerado,REFERENCIA.NaoDesonerado),2)","v":55.08},0.26400000000000001,null,null,null,null,139.24,69.62]
["S",3,"S",0,{"$f":"IF($C267=1,OFFSET(E267,-1,0)+MAX(1,COUNTIF(QCI!$A$13:$A$24,OFFSET(ORÇAMENTO!E267,-1,0))),OFFSET(E267,-1,0))","v":1},19,2,0,6,0,{"$f":"IF(OR($C267=\"S\",$C267=0),0,MATCH(OFFSET($D267,0,$C267)+IF($C267<>1,1,COUNTIF(QCI!$A$13:$A$24,ORÇAMENTO!E267)),OFFSET($D267,1,$C267,ROW($C$296)-ROW($C267)),0))","v":0},"F","Serviço","Serviço","1.19.2.6.","SINAPI-I","20260",{"$f":"IF($C267=\"S\",REFERENCIA.Descricao,\"(digite a descrição aqui)\")","v":"MANGUEIRA PARA GAS - GLP, PVC, TRANCADA, DIAMETRO DE 3/8\", COMPRIMENTO DE 1M (NORMATIZADA)                                                                                                                                                                                                                                                                                                                                                                                                                "},{"$f":"REFERENCIA.Unidade","v":"UN    "},{"$f":"OFFSET(CÁLCULO!H$15,ROW($T267)-ROW(T$15),0)","v":2},14.5,"BDI 1",{"$f":"IF($C267=\"S\",ROUND(IF(TIPOORCAMENTO=\"Proposto\",ORÇAMENTO.CustoUnitario*(1+$AH267),ORÇAMENTO.PrecoUnitarioLicitado),15-13*$AF$10),0)","v":18.329999999999998},{"$f":"IF($C267=\"S\",IF(Import.TipoArredondamento<>\"TransfereGOV\",VTOTAL1,SUM(OFFSET(CÁLCULO!$AA$15,ROW($X267)-ROW($X$15),1):OFFSET(CÁLCULO!$AL$15,ROW($X267)-ROW($X$15),-1))),IF($C267=0,0,ROUND(SomaAgrup,15-13*$AF$11)))","v":36.659999999999997},"RA","RA",{"$f":"IF($C267=\"S\",IF($Z267=\"CP\",$X267,IF($Z267=\"RA\",(($X267)*QCI!$AA$3),0)),SomaAgrup)","v":36.659999999999997},0,{"$f":"IF($N267=\"\",\"\",IF(ORÇAMENTO.Descricao=\"\",\"DESCRIÇÃO\",IF(AND($C267=\"S\",ORÇAMENTO.Unidade=\"\"),\"UNIDADE\",IF($X267<0,\"VALOR NEGATIVO\",IF(OR(AND(TIPOORCAMENTO=\"Proposto\",$AG267<>\"\",$AG267>0,ORÇAMENTO.CustoUnitario>$AG267),AND(TIPOORCAMENTO=\"LICITADO\",ORÇAMENTO.PrecoUnitarioLicitado>$AN267)),\"ACIMA REF.\",\"\")))))","v":""},{"$f":"IF(C267<=CRONO.NivelExibicao,MAX($AD$15:OFFSET(AD267,-1,0))+IF($C267<>1,1,MAX(1,COUNTIF(QCI!$A$13:$A$24,OFFSET($E267,-1,0)))),\"\")","v":""},{"$f":"IF(AND($C267=\"S\",ORÇAMENTO.CodBarra<>\"\"),IF(ORÇAMENTO.Fonte=\"\",ORÇAMENTO.CodBarra,CONCATENATE(ORÇAMENTO.Fonte,\" \",ORÇAMENTO.CodBarra)))","v":"SINAPI-I 20260"},{"$f":"IF(ISERROR(INDIRECT(ORÇAMENTO.BancoRef)),\"(abra o arquivo 'Referência \"&Excel_BuiltIn_Database&\".xlsm)\",IF(OR($C267<>\"S\",ORÇAMENTO.CodBarra=\"\"),\"(Sem Código)\",IF(ISERROR(MATCH($AE267,INDIRECT(ORÇAMENTO.BancoRef),0)),\"(Código não identificado nas referências)\",MATCH($AE267,INDIRECT(ORÇAMENTO.BancoRef),0))))","v":10636},{"$f":"ROUND(IF(DESONERACAO=\"sim\",REFERENCIA.Desonerado,REFERENCIA.NaoDesonerado),2)","v":14.5},0.26400000000000001,null,null,null,null,36.659999999999997,18.329999999999998]
[2,{"$f":"IF(OR(C268=\"s\",C268=0),OFFSET(B268,-1,0),C268)","v":2},{"$f":"IF(OFFSET(C268,-1,0)=\"L\",1,IF(OFFSET(C268,-1,0)=1,2,IF(OR(A268=\"s\",A268=0),\"S\",IF(AND(OFFSET(C268,-1,0)=2,A268=4),3,IF(AND(OR(OFFSET(C268,-1,0)=\"s\",OFFSET(C268,-1,0)=0),A268<>\"s\",A268>OFFSET(B268,-1,0)),OFFSET(B268,-1,0),A268)))))","v":2},{"$f":"IF(OR(C268=\"S\",C268=0),0,IF(ISERROR(K268),J268,SMALL(J268:K268,1)))","v":4},{"$f":"IF($C268=1,OFFSET(E268,-1,0)+MAX(1,COUNTIF(QCI!$A$13:$A$24,OFFSET(ORÇAMENTO!E268,-1,0))),OFFSET(E268,-1,0))","v":1},{"$f":"IF($C268=1,0,IF($C268=2,OFFSET(F268,-1,0)+1,OFFSET(F268,-1,0)))","v":20},{"$f":"IF(AND($C268<=2,$C268<>0),0,IF($C268=3,OFFSET(G268,-1,0)+1,OFFSET(G268,-1,0)))","v":0},{"$f":"IF(AND($C268<=3,$C268<>0),0,IF($C268=4,OFFSET(H268,-1,0)+1,OFFSET(H268,-1,0)))","v":0},{"$f":"IF(AND($C268<=4,$C268<>0),0,IF(AND($C268=\"S\",$X268>0),OFFSET(I268,-1,0)+1,OFFSET(I268,-1,0)))","v":0},28,{"$f":"IF(OR($C268=\"S\",$C268=0),0,MATCH(OFFSET($D268,0,$C268)+IF($C268<>1,1,COUNTIF(QCI!$A$13:$A$24,ORÇAMENTO!E268)),OFFSET($D268,1,$C268,ROW($C$296)-ROW($C268)),0))","v":4},{"$f":"IF(OR($X268>0,$C268=1,$C268=2,$C268=3,$C268=4),\"F\",\"\")","v":"F"},"Nível 2",{"$f":"CHOOSE(1+LOG(1+2*(C268=1)+4*(C268=2)+8*(C268=3)+16*(C268=4)+32*(C268=\"S\"),2),\"\",\"Meta\",\"Nível 2\",\"Nível 3\",\"Nível 4\",\"Serviço\")","v":"Nível 2"},{"$f":"IF(OR($C268=0,$L268=\"\"),\"-\",CONCATENATE(E268&\".\",IF(AND($A$5>=2,$C268>=2),F268&\".\",\"\"),IF(AND($A$5>=3,$C268>=3),G268&\".\",\"\"),IF(AND($A$5>=4,$C268>=4),H268&\".\",\"\"),IF($C268=\"S\",I268&\".\",\"\")))","v":"1.20."},"SINAPI",null,"PPCI",{"$f":"REFERENCIA.Unidade","v":"-"},{"$f":"OFFSET(CÁLCULO!H$15,ROW($T268)-ROW(T$15),0)","v":0},null,"BDI 1",{"$f":"IF($C268=\"S\",ROUND(IF(TIPOORCAMENTO=\"Proposto\",ORÇAMENTO.CustoUnitario*(1+$AH268),ORÇAMENTO.PrecoUnitarioLicitado),15-13*$AF$10),0)","v":0},{"$f":"IF($C268=\"S\",IF(Import.TipoArredondamento<>\"TransfereGOV\",VTOTAL1,SUM(OFFSET(CÁLCULO!$AA$15,ROW($X268)-ROW($X$15),1):OFFSET(CÁLCULO!$AL$15,ROW($X268)-ROW($X$15),-1))),IF($C268=0,0,ROUND(SomaAgrup,15-13*$AF$11)))","v":3514.27},"RA",{"$f":"IF(AND($C268=\"S\",$X268>0),IF(ISBLANK($Y268),\"RA\",LEFT($Y268,2)),\"\")","v":""},{"$f":"IF($C268=\"S\",IF($Z268=\"CP\",$X268,IF($Z268=\"RA\",(($X268)*QCI!$AA$3),0)),SomaAgrup)","v":3514.2700000000004},0,{"$f":"IF($N268=\"\",\"\",IF(ORÇAMENTO.Descricao=\"\",\"DESCRIÇÃO\",IF(AND($C268=\"S\",ORÇAMENTO.Unidade=\"\"),\"UNIDADE\",IF($X268<0,\"VALOR NEGATIVO\",IF(OR(AND(TIPOORCAMENTO=\"Proposto\",$AG268<>\"\",$AG268>0,ORÇAMENTO.CustoUnitario>$AG268),AND(TIPOORCAMENTO=\"LICITADO\",ORÇAMENTO.PrecoUnitarioLicitado>$AN268)),\"ACIMA REF.\",\"\")))))","v":""},{"$f":"IF(C268<=CRONO.NivelExibicao,MAX($AD$15:OFFSET(AD268,-1,0))+IF($C268<>1,1,MAX(1,COUNTIF(QCI!$A$13:$A$24,OFFSET($E268,-1,0)))),\"\")","v":29},{"$f":"IF(AND($C268=\"S\",ORÇAMENTO.CodBarra<>\"\"),IF(ORÇAMENTO.Fonte=\"\",ORÇAMENTO.CodBarra,CONCATENATE(ORÇAMENTO.Fonte,\" \",ORÇAMENTO.CodBarra)))","v":false},{"$f":"IF(ISERROR(INDIRECT(ORÇAMENTO.BancoRef)),\"(abra o arquivo 'Referência \"&Excel_BuiltIn_Database&\".xlsm)\",IF(OR($C268<>\"S\",ORÇAMENTO.CodBarra=\"\"),\"(Sem Código)\",IF(ISERROR(MATCH($AE268,INDIRECT(ORÇAMENTO.BancoRef),0)),\"(Código não identificado nas referências)\",MATCH($AE268,INDIRECT(ORÇAMENTO.BancoRef),0))))","v":"(Sem Código)"},{"$f":"ROUND(IF(DESONERACAO=\"sim\",REFERENCIA.Desonerado,REFERENCIA.NaoDesonerado),2)","v":0},0.26400000000000001,null,null,null,null,3514.27,0]
["S",2,"S",0,{"$f":"IF($C269=1,OFFSET(E269,-1,0)+MAX(1,COUNTIF(QCI!$A$13:$A$24,OFFSET(ORÇAMENTO!E269,-1,0))),OFFSET(E269,-1,0))","v":1},20,0,0,1,0,{"$f":"IF(OR($C269=\"S\",$C269=0),0,MATCH(OFFSET($D269,0,$C269)+IF($C269<>1,1,COUNTIF(QCI!$A$13:$A$24,ORÇAMENTO!E269)),OFFSET($D269,1,$C269,ROW($C$296)-ROW($C269)),0))","v":0},"F","Serviço","Serviço","1.20.0.1.","SINAPI","101908",{"$f":"IF($C269=\"S\",REFERENCIA.Descricao,\"(digite a descrição aqui)\")","v":"EXTINTOR DE INCÊNDIO PORTÁTIL COM CARGA DE PQS DE 4 KG, CLASSE BC - FORNECIMENTO E INSTALAÇÃO. AF_10/2020_PE"},{"$f":"REFERENCIA.Unidade","v":"UN"},{"$f":"OFFSET(CÁLCULO!H$15,ROW($T269)-ROW(T$15),0)","v":9},222.1,"BDI 1",{"$f":"IF($C269=\"S\",ROUND(IF(TIPOORCAMENTO=\"Proposto\",ORÇAMENTO.CustoUnitario*(1+$AH269),ORÇAMENTO.PrecoUnitarioLicitado),15-13*$AF$10),0)","v":280.73},{"$f":"IF($C269=\"S\",IF(Import.TipoArredondamento<>\"TransfereGOV\",VTOTAL1,SUM(OFFSET(CÁLCULO!$AA$15,ROW($X269)-ROW($X$15),1):OFFSET(CÁLCULO!$AL$15,ROW($X269)-ROW($X$15),-1))),IF($C269=0,0,ROUND(SomaAgrup,15-13*$AF$11)))","v":2526.5700000000002},"RA","RA",{"$f":"IF($C269=\"S\",IF($Z269=\"CP\",$X269,IF($Z269=\"RA\",(($X269)*QCI!$AA$3),0)),SomaAgrup)","v":2526.5700000000002},0,{"$f":"IF($N269=\"\",\"\",IF(ORÇAMENTO.Descricao=\"\",\"DESCRIÇÃO\",IF(AND($C269=\"S\",ORÇAMENTO.Unidade=\"\"),\"UNIDADE\",IF($X269<0,\"VALOR NEGATIVO\",IF(OR(AND(TIPOORCAMENTO=\"Proposto\",$AG269<>\"\",$AG269>0,ORÇAMENTO.CustoUnitario>$AG269),AND(TIPOORCAMENTO=\"LICITADO\",ORÇAMENTO.PrecoUnitarioLicitado>$AN269)),\"ACIMA REF.\",\"\")))))","v":""},{"$f":"IF(C269<=CRONO.NivelExibicao,MAX($AD$15:OFFSET(AD269,-1,0))+IF($C269<>1,1,MAX(1,COUNTIF(QCI!$A$13:$A$24,OFFSET($E269,-1,0)))),\"\")","v":""},{"$f":"IF(AND($C269=\"S\",ORÇAMENTO.CodBarra<>\"\"),IF(ORÇAMENTO.Fonte=\"\",ORÇAMENTO.CodBarra,CONCATENATE(ORÇAMENTO.Fonte,\" \",ORÇAMENTO.CodBarra)))","v":"SINAPI 101908"},{"$f":"IF(ISERROR(INDIRECT(ORÇAMENTO.BancoRef)),\"(abra o arquivo 'Referência \"&Excel_BuiltIn_Database&\".xlsm)\",IF(OR($C269<>\"S\",ORÇAMENTO.CodBarra=\"\"),\"(Sem Código)\",IF(ISERROR(MATCH($AE269,INDIRECT(ORÇAMENTO.BancoRef),0)),\"(Código não identificado nas referências)\",MATCH($AE269,INDIRECT(ORÇAMENTO.BancoRef),0))))","v":3519},{"$f":"ROUND(IF(DESONERACAO=\"sim\",REFERENCIA.Desonerado,REFERENCIA.NaoDesonerado),2)","v":222.1},0.26400000000000001,null,null,null,null,2526.5700000000002,280.73]
["S",2,"S",0,{"$f":"IF($C270=1,OFFSET(E270,-1,0)+MAX(1,COUNTIF(QCI!$A$13:$A$24,OFFSET(ORÇAMENTO!E270,-1,0))),OFFSET(E270,-1,0))","v":1},20,0,0,2,0,{"$f":"IF(OR($C270=\"S\",$C270=0),0,MATCH(OFFSET($D270,0,$C270)+IF($C270<>1,1,COUNTIF(QCI!$A$13:$A$24,ORÇAMENTO!E270)),OFFSET($D270,1,$C270,ROW($C$296)-ROW($C270)),0))","v":0},"F","Serviço","Serviço","1.20.0.2.","SINAPI","97599",{"$f":"IF($C270=\"S\",REFERENCIA.Descricao,\"(digite a descrição aqui)\")","v":"LUMINÁRIA DE EMERGÊNCIA, COM 30 LÂMPADAS LED DE 2 W, SEM REATOR - FORNECIMENTO E INSTALAÇÃO. AF_09/2024"},{"$f":"REFERENCIA.Unidade","v":"UN"},{"$f":"OFFSET(CÁLCULO!H$15,ROW($T270)-ROW(T$15),0)","v":16},18.21,"BDI 1",{"$f":"IF($C270=\"S\",ROUND(IF(TIPOORCAMENTO=\"Proposto\",ORÇAMENTO.CustoUnitario*(1+$AH270),ORÇAMENTO.PrecoUnitarioLicitado),15-13*$AF$10),0)","v":23.02},{"$f":"IF($C270=\"S\",IF(Import.TipoArredondamento<>\"TransfereGOV\",VTOTAL1,SUM(OFFSET(CÁLCULO!$AA$15,ROW($X270)-ROW($X$15),1):OFFSET(CÁLCULO!$AL$15,ROW($X270)-ROW($X$15),-1))),IF($C270=0,0,ROUND(SomaAgrup,15-13*$AF$11)))","v":368.32},"RA","RA",{"$f":"IF($C270=\"S\",IF($Z270=\"CP\",$X270,IF($Z270=\"RA\",(($X270)*QCI!$AA$3),0)),SomaAgrup)","v":368.32},0,{"$f":"IF($N270=\"\",\"\",IF(ORÇAMENTO.Descricao=\"\",\"DESCRIÇÃO\",IF(AND($C270=\"S\",ORÇAMENTO.Unidade=\"\"),\"UNIDADE\",IF($X270<0,\"VALOR NEGATIVO\",IF(OR(AND(TIPOORCAMENTO=\"Proposto\",$AG270<>\"\",$AG270>0,ORÇAMENTO.CustoUnitario>$AG270),AND(TIPOORCAMENTO=\"LICITADO\",ORÇAMENTO.PrecoUnitarioLicitado>$AN270)),\"ACIMA REF.\",\"\")))))","v":""},{"$f":"IF(C270<=CRONO.NivelExibicao,MAX($AD$15:OFFSET(AD270,-1,0))+IF($C270<>1,1,MAX(1,COUNTIF(QCI!$A$13:$A$24,OFFSET($E270,-1,0)))),\"\")","v":""},{"$f":"IF(AND($C270=\"S\",ORÇAMENTO.CodBarra<>\"\"),IF(ORÇAMENTO.Fonte=\"\",ORÇAMENTO.CodBarra,CONCATENATE(ORÇAMENTO.Fonte,\" \",ORÇAMENTO.CodBarra)))","v":"SINAPI 97599"},{"$f":"IF(ISERROR(INDIRECT(ORÇAMENTO.BancoRef)),\"(abra o arquivo 'Referência \"&Excel_BuiltIn_Database&\".xlsm)\",IF(OR($C270<>\"S\",ORÇAMENTO.CodBarra=\"\"),\"(Sem Código)\",IF(ISERROR(MATCH($AE270,INDIRECT(ORÇAMENTO.BancoRef),0)),\"(Código não identificado nas referências)\",MATCH($AE270,INDIRECT(ORÇAMENTO.BancoRef),0))))","v":3316},{"$f":"ROUND(IF(DESONERACAO=\"sim\",REFERENCIA.Desonerado,REFERENCIA.NaoDesonerado),2)","v":18.21},0.26400000000000001,null,null,null,null,368.32,23.02]
["S",2,"S",0,{"$f":"IF($C271=1,OFFSET(E271,-1,0)+MAX(1,COUNTIF(QCI!$A$13:$A$24,OFFSET(ORÇAMENTO!E271,-1,0))),OFFSET(E271,-1,0))","v":1},20,0,0,3,0,{"$f":"IF(OR($C271=\"S\",$C271=0),0,MATCH(OFFSET($D271,0,$C271)+IF($C271<>1,1,COUNTIF(QCI!$A$13:$A$24,ORÇAMENTO!E271)),OFFSET($D271,1,$C271,ROW($C$296)-ROW($C271)),0))","v":0},"F","Serviço","Serviço","1.20.0.3.","SINAPI-I","37558",{"$f":"IF($C271=\"S\",REFERENCIA.Descricao,\"(digite a descrição aqui)\")","v":"PLACA DE SINALIZACAO DE SEGURANCA CONTRA INCENDIO, FOTOLUMINESCENTE, RETANGULAR, *20 X 40* CM, EM PVC *2* MM ANTI-CHAMAS (SIMBOLOS, CORES E PICTOGRAMAS CONFORME NBR 16820)                                                                                                                                                                                                                                                                                                                               "},{"$f":"REFERENCIA.Unidade","v":"UN    "},{"$f":"OFFSET(CÁLCULO!H$15,ROW($T271)-ROW(T$15),0)","v":18},27.22,"BDI 1",{"$f":"IF($C271=\"S\",ROUND(IF(TIPOORCAMENTO=\"Proposto\",ORÇAMENTO.CustoUnitario*(1+$AH271),ORÇAMENTO.PrecoUnitarioLicitado),15-13*$AF$10),0)","v":34.409999999999997},{"$f":"IF($C271=\"S\",IF(Import.TipoArredondamento<>\"TransfereGOV\",VTOTAL1,SUM(OFFSET(CÁLCULO!$AA$15,ROW($X271)-ROW($X$15),1):OFFSET(CÁLCULO!$AL$15,ROW($X271)-ROW($X$15),-1))),IF($C271=0,0,ROUND(SomaAgrup,15-13*$AF$11)))","v":619.38},"RA","RA",{"$f":"IF($C271=\"S\",IF($Z271=\"CP\",$X271,IF($Z271=\"RA\",(($X271)*QCI!$AA$3),0)),SomaAgrup)","v":619.38},0,{"$f":"IF($N271=\"\",\"\",IF(ORÇAMENTO.Descricao=\"\",\"DESCRIÇÃO\",IF(AND($C271=\"S\",ORÇAMENTO.Unidade=\"\"),\"UNIDADE\",IF($X271<0,\"VALOR NEGATIVO\",IF(OR(AND(TIPOORCAMENTO=\"Proposto\",$AG271<>\"\",$AG271>0,ORÇAMENTO.CustoUnitario>$AG271),AND(TIPOORCAMENTO=\"LICITADO\",ORÇAMENTO.PrecoUnitarioLicitado>$AN271)),\"ACIMA REF.\",\"\")))))","v":""},{"$f":"IF(C271<=CRONO.NivelExibicao,MAX($AD$15:OFFSET(AD271,-1,0))+IF($C271<>1,1,MAX(1,COUNTIF(QCI!$A$13:$A$24,OFFSET($E271,-1,0)))),\"\")","v":""},{"$f":"IF(AND($C271=\"S\",ORÇAMENTO.CodBarra<>\"\"),IF(ORÇAMENTO.Fonte=\"\",ORÇAMENTO.CodBarra,CONCATENATE(ORÇAMENTO.Fonte,\" \",ORÇAMENTO.CodBarra)))","v":"SINAPI-I 37558"},{"$f":"IF(ISERROR(INDIRECT(ORÇAMENTO.BancoRef)),\"(abra o arquivo 'Referência \"&Excel_BuiltIn_Database&\".xlsm)\",IF(OR($C271<>\"S\",ORÇAMENTO.CodBarra=\"\"),\"(Sem Código)\",IF(ISERROR(MATCH($AE271,INDIRECT(ORÇAMENTO.BancoRef),0)),\"(Código não identificado nas referências)\",MATCH($AE271,INDIRECT(ORÇAMENTO.BancoRef),0))))","v":11168},{"$f":"ROUND(IF(DESONERACAO=\"sim\",REFERENCIA.Desonerado,REFERENCIA.NaoDesonerado),2)","v":27.22},0.26400000000000001,null,null,null,null,619.38,34.409999999999997]
[2,2,2,12,{"$f":"IF($C272=1,OFFSET(E272,-1,0)+MAX(1,COUNTIF(QCI!$A$13:$A$24,OFFSET(ORÇAMENTO!E272,-1,0))),OFFSET(E272,-1,0))","v":1},21,0,0,0,{"$f":"IF(OR($C272=\"S\",$C272=0),0,MATCH(0,OFFSET($D272,1,$C272,ROW($C$296)-ROW($C272)),0))","v":24},{"$f":"IF(OR($C272=\"S\",$C272=0),0,MATCH(OFFSET($D272,0,$C272)+IF($C272<>1,1,COUNTIF(QCI!$A$13:$A$24,ORÇAMENTO!E272)),OFFSET($D272,1,$C272,ROW($C$296)-ROW($C272)),0))","v":12},"F","Nível 2","Nível 2","1.21.","SINAPI",null,"CALÇADAS E ESTACIONAMENTO EXTERNO",{"$f":"REFERENCIA.Unidade","v":"-"},{"$f":"OFFSET(CÁLCULO!H$15,ROW($T272)-ROW(T$15),0)","v":0},null,"BDI 1",{"$f":"IF($C272=\"S\",ROUND(IF(TIPOORCAMENTO=\"Proposto\",ORÇAMENTO.CustoUnitario*(1+$AH272),ORÇAMENTO.PrecoUnitarioLicitado),15-13*$AF$10),0)","v":0},{"$f":"IF($C272=\"S\",IF(Import.TipoArredondamento<>\"TransfereGOV\",VTOTAL1,SUM(OFFSET(CÁLCULO!$AA$15,ROW($X272)-ROW($X$15),1):OFFSET(CÁLCULO!$AL$15,ROW($X272)-ROW($X$15),-1))),IF($C272=0,0,ROUND(SomaAgrup,15-13*$AF$11)))","v":103003.06},"RA","",{"$f":"IF($C272=\"S\",IF($Z272=\"CP\",$X272,IF($Z272=\"RA\",(($X272)*QCI!$AA$3),0)),SomaAgrup)","v":103003.05999999998},0,{"$f":"IF($N272=\"\",\"\",IF(ORÇAMENTO.Descricao=\"\",\"DESCRIÇÃO\",IF(AND($C272=\"S\",ORÇAMENTO.Unidade=\"\"),\"UNIDADE\",IF($X272<0,\"VALOR NEGATIVO\",IF(OR(AND(TIPOORCAMENTO=\"Proposto\",$AG272<>\"\",$AG272>0,ORÇAMENTO.CustoUnitario>$AG272),AND(TIPOORCAMENTO=\"LICITADO\",ORÇAMENTO.PrecoUnitarioLicitado>$AN272)),\"ACIMA REF.\",\"\")))))","v":""},{"$f":"IF(C272<=CRONO.NivelExibicao,MAX($AD$15:OFFSET(AD272,-1,0))+IF($C272<>1,1,MAX(1,COUNTIF(QCI!$A$13:$A$24,OFFSET($E272,-1,0)))),\"\")","v":30},{"$f":"IF(AND($C272=\"S\",ORÇAMENTO.CodBarra<>\"\"),IF(ORÇAMENTO.Fonte=\"\",ORÇAMENTO.CodBarra,CONCATENATE(ORÇAMENTO.Fonte,\" \",ORÇAMENTO.CodBarra)))","v":false},{"$f":"IF(ISERROR(INDIRECT(ORÇAMENTO.BancoRef)),\"(abra o arquivo 'Referência \"&Excel_BuiltIn_Database&\".xlsm)\",IF(OR($C272<>\"S\",ORÇAMENTO.CodBarra=\"\"),\"(Sem Código)\",IF(ISERROR(MATCH($AE272,INDIRECT(ORÇAMENTO.BancoRef),0)),\"(Código não identificado nas referências)\",MATCH($AE272,INDIRECT(ORÇAMENTO.BancoRef),0))))","v":"(Sem Código)"},{"$f":"ROUND(IF(DESONERACAO=\"sim\",REFERENCIA.Desonerado,REFERENCIA.NaoDesonerado),2)","v":0},0.26400000000000001,null,null,null,null,103003.06,0]
["S",2,"S",0,{"$f":"IF($C273=1,OFFSET(E273,-1,0)+MAX(1,COUNTIF(QCI!$A$13:$A$24,OFFSET(ORÇAMENTO!E273,-1,0))),OFFSET(E273,-1,0))","v":1},21,0,0,1,0,{"$f":"IF(OR($C273=\"S\",$C273=0),0,MATCH(OFFSET($D273,0,$C273)+IF($C273<>1,1,COUNTIF(QCI!$A$13:$A$24,ORÇAMENTO!E273)),OFFSET($D273,1,$C273,ROW($C$296)-ROW($C273)),0))","v":0},"F","Serviço","Serviço","1.21.0.1.","SINAPI","104790",{"$f":"IF($C273=\"S\",REFERENCIA.Descricao,\"(digite a descrição aqui)\")","v":"DEMOLIÇÃO DE PISO DE CONCRETO SIMPLES, DE FORMA MECANIZADA COM MARTELETE, SEM REAPROVEITAMENTO. AF_09/2023"},{"$f":"REFERENCIA.Unidade","v":"M3"},{"$f":"OFFSET(CÁLCULO!H$15,ROW($T273)-ROW(T$15),0)","v":8.67},{"$f":"AG273","v":122.06},"BDI 1",{"$f":"IF($C273=\"S\",ROUND(IF(TIPOORCAMENTO=\"Proposto\",ORÇAMENTO.CustoUnitario*(1+$AH273),ORÇAMENTO.PrecoUnitarioLicitado),15-13*$AF$10),0)","v":154.28},{"$f":"IF($C273=\"S\",IF(Import.TipoArredondamento<>\"TransfereGOV\",VTOTAL1,SUM(OFFSET(CÁLCULO!$AA$15,ROW($X273)-ROW($X$15),1):OFFSET(CÁLCULO!$AL$15,ROW($X273)-ROW($X$15),-1))),IF($C273=0,0,ROUND(SomaAgrup,15-13*$AF$11)))","v":1337.61},"RA","RA",{"$f":"IF($C273=\"S\",IF($Z273=\"CP\",$X273,IF($Z273=\"RA\",(($X273)*QCI!$AA$3),0)),SomaAgrup)","v":1337.61},0,{"$f":"IF($N273=\"\",\"\",IF(ORÇAMENTO.Descricao=\"\",\"DESCRIÇÃO\",IF(AND($C273=\"S\",ORÇAMENTO.Unidade=\"\"),\"UNIDADE\",IF($X273<0,\"VALOR NEGATIVO\",IF(OR(AND(TIPOORCAMENTO=\"Proposto\",$AG273<>\"\",$AG273>0,ORÇAMENTO.CustoUnitario>$AG273),AND(TIPOORCAMENTO=\"LICITADO\",ORÇAMENTO.PrecoUnitarioLicitado>$AN273)),\"ACIMA REF.\",\"\")))))","v":""},{"$f":"IF(C273<=CRONO.NivelExibicao,MAX($AD$15:OFFSET(AD273,-1,0))+IF($C273<>1,1,MAX(1,COUNTIF(QCI!$A$13:$A$24,OFFSET($E273,-1,0)))),\"\")","v":""},{"$f":"IF(AND($C273=\"S\",ORÇAMENTO.CodBarra<>\"\"),IF(ORÇAMENTO.Fonte=\"\",ORÇAMENTO.CodBarra,CONCATENATE(ORÇAMENTO.Fonte,\" \",ORÇAMENTO.CodBarra)))","v":"SINAPI 104790"},{"$f":"IF(ISERROR(INDIRECT(ORÇAMENTO.BancoRef)),\"(abra o arquivo 'Referência \"&Excel_BuiltIn_Database&\".xlsm)\",IF(OR($C273<>\"S\",ORÇAMENTO.CodBarra=\"\"),\"(Sem Código)\",IF(ISERROR(MATCH($AE273,INDIRECT(ORÇAMENTO.BancoRef),0)),\"(Código não identificado nas referências)\",MATCH($AE273,INDIRECT(ORÇAMENTO.BancoRef),0))))","v":7206},{"$f":"ROUND(IF(DESONERACAO=\"sim\",REFERENCIA.Desonerado,REFERENCIA.NaoDesonerado),2)","v":122.06},0.26400000000000001,null,null,null,null,1337.61,154.28]
["S",2,"S",0,{"$f":"IF($C274=1,OFFSET(E274,-1,0)+MAX(1,COUNTIF(QCI!$A$13:$A$24,OFFSET(ORÇAMENTO!E274,-1,0))),OFFSET(E274,-1,0))","v":1},21,0,0,2,0,{"$f":"IF(OR($C274=\"S\",$C274=0),0,MATCH(OFFSET($D274,0,$C274)+IF($C274<>1,1,COUNTIF(QCI!$A$13:$A$24,ORÇAMENTO!E274)),OFFSET($D274,1,$C274,ROW($C$296)-ROW($C274)),0))","v":0},"F","Serviço","Serviço","1.21.0.2.","SINAPI","100981",{"$f":"IF($C274=\"S\",REFERENCIA.Descricao,\"(digite a descrição aqui)\")","v":"CARGA, MANOBRA E DESCARGA DE ENTULHO EM CAMINHÃO BASCULANTE 6 M³ - CARGA COM ESCAVADEIRA HIDRÁULICA  (CAÇAMBA DE 0,80 M³ / 111 HP) E DESCARGA LIVRE (UNIDADE: M3). AF_07/2020"},{"$f":"REFERENCIA.Unidade","v":"M3"},{"$f":"OFFSET(CÁLCULO!H$15,ROW($T274)-ROW(T$15),0)","v":8.67},9.7799999999999994,"BDI 1",{"$f":"IF($C274=\"S\",ROUND(IF(TIPOORCAMENTO=\"Proposto\",ORÇAMENTO.CustoUnitario*(1+$AH274),ORÇAMENTO.PrecoUnitarioLicitado),15-13*$AF$10),0)","v":12.36},{"$f":"IF($C274=\"S\",IF(Import.TipoArredondamento<>\"TransfereGOV\",VTOTAL1,SUM(OFFSET(CÁLCULO!$AA$15,ROW($X274)-ROW($X$15),1):OFFSET(CÁLCULO!$AL$15,ROW($X274)-ROW($X$15),-1))),IF($C274=0,0,ROUND(SomaAgrup,15-13*$AF$11)))","v":107.16},"RA","RA",{"$f":"IF($C274=\"S\",IF($Z274=\"CP\",$X274,IF($Z274=\"RA\",(($X274)*QCI!$AA$3),0)),SomaAgrup)","v":107.16},0,{"$f":"IF($N274=\"\",\"\",IF(ORÇAMENTO.Descricao=\"\",\"DESCRIÇÃO\",IF(AND($C274=\"S\",ORÇAMENTO.Unidade=\"\"),\"UNIDADE\",IF($X274<0,\"VALOR NEGATIVO\",IF(OR(AND(TIPOORCAMENTO=\"Proposto\",$AG274<>\"\",$AG274>0,ORÇAMENTO.CustoUnitario>$AG274),AND(TIPOORCAMENTO=\"LICITADO\",ORÇAMENTO.PrecoUnitarioLicitado>$AN274)),\"ACIMA REF.\",\"\")))))","v":""},{"$f":"IF(C274<=CRONO.NivelExibicao,MAX($AD$15:OFFSET(AD274,-1,0))+IF($C274<>1,1,MAX(1,COUNTIF(QCI!$A$13:$A$24,OFFSET($E274,-1,0)))),\"\")","v":""},{"$f":"IF(AND($C274=\"S\",ORÇAMENTO.CodBarra<>\"\"),IF(ORÇAMENTO.Fonte=\"\",ORÇAMENTO.CodBarra,CONCATENATE(ORÇAMENTO.Fonte,\" \",ORÇAMENTO.CodBarra)))","v":"SINAPI 100981"},{"$f":"IF(ISERROR(INDIRECT(ORÇAMENTO.BancoRef)),\"(abra o arquivo 'Referência \"&Excel_BuiltIn_Database&\".xlsm)\",IF(OR($C274<>\"S\",ORÇAMENTO.CodBarra=\"\"),\"(Sem Código)\",IF(ISERROR(MATCH($AE274,INDIRECT(ORÇAMENTO.BancoRef),0)),\"(Código não identificado nas referências)\",MATCH($AE274,INDIRECT(ORÇAMENTO.BancoRef),0))))","v":7304},{"$f":"ROUND(IF(DESONERACAO=\"sim\",REFERENCIA.Desonerado,REFERENCIA.NaoDesonerado),2)","v":9.7799999999999994},0.26400000000000001,null,null,null,null,107.16,12.36]
["S",2,"S",0,{"$f":"IF($C275=1,OFFSET(E275,-1,0)+MAX(1,COUNTIF(QCI!$A$13:$A$24,OFFSET(ORÇAMENTO!E275,-1,0))),OFFSET(E275,-1,0))","v":1},21,0,0,3,0,{"$f":"IF(OR($C275=\"S\",$C275=0),0,MATCH(OFFSET($D275,0,$C275)+IF($C275<>1,1,COUNTIF(QCI!$A$13:$A$24,ORÇAMENTO!E275)),OFFSET($D275,1,$C275,ROW($C$296)-ROW($C275)),0))","v":0},"F","Serviço","Serviço","1.21.0.3.","SINAPI","94993",{"$f":"IF($C275=\"S\",REFERENCIA.Descricao,\"(digite a descrição aqui)\")","v":"EXECUÇÃO DE PASSEIO (CALÇADA) OU PISO DE CONCRETO COM CONCRETO MOLDADO IN LOCO, USINADO, ACABAMENTO CONVENCIONAL, ESPESSURA 6 CM, ARMADO. AF_08/2022"},{"$f":"REFERENCIA.Unidade","v":"M2"},{"$f":"OFFSET(CÁLCULO!H$15,ROW($T275)-ROW(T$15),0)","v":168.68},76.05,"BDI 1",{"$f":"IF($C275=\"S\",ROUND(IF(TIPOORCAMENTO=\"Proposto\",ORÇAMENTO.CustoUnitario*(1+$AH275),ORÇAMENTO.PrecoUnitarioLicitado),15-13*$AF$10),0)","v":96.13},{"$f":"IF($C275=\"S\",IF(Import.TipoArredondamento<>\"TransfereGOV\",VTOTAL1,SUM(OFFSET(CÁLCULO!$AA$15,ROW($X275)-ROW($X$15),1):OFFSET(CÁLCULO!$AL$15,ROW($X275)-ROW($X$15),-1))),IF($C275=0,0,ROUND(SomaAgrup,15-13*$AF$11)))","v":16215.21},"RA","RA",{"$f":"IF($C275=\"S\",IF($Z275=\"CP\",$X275,IF($Z275=\"RA\",(($X275)*QCI!$AA$3),0)),SomaAgrup)","v":16215.21},0,{"$f":"IF($N275=\"\",\"\",IF(ORÇAMENTO.Descricao=\"\",\"DESCRIÇÃO\",IF(AND($C275=\"S\",ORÇAMENTO.Unidade=\"\"),\"UNIDADE\",IF($X275<0,\"VALOR NEGATIVO\",IF(OR(AND(TIPOORCAMENTO=\"Proposto\",$AG275<>\"\",$AG275>0,ORÇAMENTO.CustoUnitario>$AG275),AND(TIPOORCAMENTO=\"LICITADO\",ORÇAMENTO.PrecoUnitarioLicitado>$AN275)),\"ACIMA REF.\",\"\")))))","v":""},{"$f":"IF(C275<=CRONO.NivelExibicao,MAX($AD$15:OFFSET(AD275,-1,0))+IF($C275<>1,1,MAX(1,COUNTIF(QCI!$A$13:$A$24,OFFSET($E275,-1,0)))),\"\")","v":""},{"$f":"IF(AND($C275=\"S\",ORÇAMENTO.CodBarra<>\"\"),IF(ORÇAMENTO.Fonte=\"\",ORÇAMENTO.CodBarra,CONCATENATE(ORÇAMENTO.Fonte,\" \",ORÇAMENTO.CodBarra)))","v":"SINAPI 94993"},{"$f":"IF(ISERROR(INDIRECT(ORÇAMENTO.BancoRef)),\"(abra o arquivo 'Referência \"&Excel_BuiltIn_Database&\".xlsm)\",IF(OR($C275<>\"S\",ORÇAMENTO.CodBarra=\"\"),\"(Sem Código)\",IF(ISERROR(MATCH($AE275,INDIRECT(ORÇAMENTO.BancoRef),0)),\"(Código não identificado nas referências)\",MATCH($AE275,INDIRECT(ORÇAMENTO.BancoRef),0))))","v":6524},{"$f":"ROUND(IF(DESONERACAO=\"sim\",REFERENCIA.Desonerado,REFERENCIA.NaoDesonerado),2)","v":76.05},0.26400000000000001,null,null,null,null,16215.21,96.13]
["S",2,"S",0,{"$f":"IF($C276=1,OFFSET(E276,-1,0)+MAX(1,COUNTIF(QCI!$A$13:$A$24,OFFSET(ORÇAMENTO!E276,-1,0))),OFFSET(E276,-1,0))","v":1},21,0,0,4,0,{"$f":"IF(OR($C276=\"S\",$C276=0),0,MATCH(OFFSET($D276,0,$C276)+IF($C276<>1,1,COUNTIF(QCI!$A$13:$A$24,ORÇAMENTO!E276)),OFFSET($D276,1,$C276,ROW($C$296)-ROW($C276)),0))","v":0},"F","Serviço","Serviço","1.21.0.4.","SINAPI","92396",{"$f":"IF($C276=\"S\",REFERENCIA.Descricao,\"(digite a descrição aqui)\")","v":"EXECUÇÃO DE PASSEIO EM PISO INTERTRAVADO, COM BLOCO RETANGULAR COR NATURAL DE 20 X 10 CM, ESPESSURA 6 CM. AF_10/2022"},{"$f":"REFERENCIA.Unidade","v":"M2"},{"$f":"OFFSET(CÁLCULO!H$15,ROW($T276)-ROW(T$15),0)","v":336.84},74.39,"BDI 1",{"$f":"IF($C276=\"S\",ROUND(IF(TIPOORCAMENTO=\"Proposto\",ORÇAMENTO.CustoUnitario*(1+$AH276),ORÇAMENTO.PrecoUnitarioLicitado),15-13*$AF$10),0)","v":94.03},{"$f":"IF($C276=\"S\",IF(Import.TipoArredondamento<>\"TransfereGOV\",VTOTAL1,SUM(OFFSET(CÁLCULO!$AA$15,ROW($X276)-ROW($X$15),1):OFFSET(CÁLCULO!$AL$15,ROW($X276)-ROW($X$15),-1))),IF($C276=0,0,ROUND(SomaAgrup,15-13*$AF$11)))","v":31673.07},"RA","RA",{"$f":"IF($C276=\"S\",IF($Z276=\"CP\",$X276,IF($Z276=\"RA\",(($X276)*QCI!$AA$3),0)),SomaAgrup)","v":31673.07},0,{"$f":"IF($N276=\"\",\"\",IF(ORÇAMENTO.Descricao=\"\",\"DESCRIÇÃO\",IF(AND($C276=\"S\",ORÇAMENTO.Unidade=\"\"),\"UNIDADE\",IF($X276<0,\"VALOR NEGATIVO\",IF(OR(AND(TIPOORCAMENTO=\"Proposto\",$AG276<>\"\",$AG276>0,ORÇAMENTO.CustoUnitario>$AG276),AND(TIPOORCAMENTO=\"LICITADO\",ORÇAMENTO.PrecoUnitarioLicitado>$AN276)),\"ACIMA REF.\",\"\")))))","v":""},{"$f":"IF(C276<=CRONO.NivelExibicao,MAX($AD$15:OFFSET(AD276,-1,0))+IF($C276<>1,1,MAX(1,COUNTIF(QCI!$A$13:$A$24,OFFSET($E276,-1,0)))),\"\")","v":""},{"$f":"IF(AND($C276=\"S\",ORÇAMENTO.CodBarra<>\"\"),IF(ORÇAMENTO.Fonte=\"\",ORÇAMENTO.CodBarra,CONCATENATE(ORÇAMENTO.Fonte,\" \",ORÇAMENTO.CodBarra)))","v":"SINAPI 92396"},{"$f":"IF(ISERROR(INDIRECT(ORÇAMENTO.BancoRef)),\"(abra o arquivo 'Referência \"&Excel_BuiltIn_Database&\".xlsm)\",IF(OR($C276<>\"S\",ORÇAMENTO.CodBarra=\"\"),\"(Sem Código)\",IF(ISERROR(MATCH($AE276,INDIRECT(ORÇAMENTO.BancoRef),0)),\"(Código não identificado nas referências)\",MATCH($AE276,INDIRECT(ORÇAMENTO.BancoRef),0))))","v":6262},{"$f":"ROUND(IF(DESONERACAO=\"sim\",REFERENCIA.Desonerado,REFERENCIA.NaoDesonerado),2)","v":74.39},0.26400000000000001,null,null,null,null,{"$f":"$X276","v":31673.07},94.03]
["S",2,"S",0,{"$f":"IF($C277=1,OFFSET(E277,-1,0)+MAX(1,COUNTIF(QCI!$A$13:$A$24,OFFSET(ORÇAMENTO!E277,-1,0))),OFFSET(E277,-1,0))","v":1},21,0,0,5,0,{"$f":"IF(OR($C277=\"S\",$C277=0),0,MATCH(OFFSET($D277,0,$C277)+IF($C277<>1,1,COUNTIF(QCI!$A$13:$A$24,ORÇAMENTO!E277)),OFFSET($D277,1,$C277,ROW($C$296)-ROW($C277)),0))","v":0},"F","Serviço","Serviço","1.21.0.5.","SINAPI","94275",{"$f":"IF($C277=\"S\",REFERENCIA.Descricao,\"(digite a descrição aqui)\")","v":"ASSENTAMENTO DE GUIA (MEIO-FIO) EM TRECHO RETO, CONFECCIONADA EM CONCRETO PRÉ-FABRICADO, DIMENSÕES 100X15X13X20 CM (COMPRIMENTO X BASE INFERIOR X BASE SUPERIOR X ALTURA). AF_01/2024"},{"$f":"REFERENCIA.Unidade","v":"M"},{"$f":"OFFSET(CÁLCULO!H$15,ROW($T277)-ROW(T$15),0)","v":103.37},44.32,"BDI 1",{"$f":"IF($C277=\"S\",ROUND(IF(TIPOORCAMENTO=\"Proposto\",ORÇAMENTO.CustoUnitario*(1+$AH277),ORÇAMENTO.PrecoUnitarioLicitado),15-13*$AF$10),0)","v":56.02},{"$f":"IF($C277=\"S\",IF(Import.TipoArredondamento<>\"TransfereGOV\",VTOTAL1,SUM(OFFSET(CÁLCULO!$AA$15,ROW($X277)-ROW($X$15),1):OFFSET(CÁLCULO!$AL$15,ROW($X277)-ROW($X$15),-1))),IF($C277=0,0,ROUND(SomaAgrup,15-13*$AF$11)))","v":5790.79},"RA","RA",{"$f":"IF($C277=\"S\",IF($Z277=\"CP\",$X277,IF($Z277=\"RA\",(($X277)*QCI!$AA$3),0)),SomaAgrup)","v":5790.79},0,{"$f":"IF($N277=\"\",\"\",IF(ORÇAMENTO.Descricao=\"\",\"DESCRIÇÃO\",IF(AND($C277=\"S\",ORÇAMENTO.Unidade=\"\"),\"UNIDADE\",IF($X277<0,\"VALOR NEGATIVO\",IF(OR(AND(TIPOORCAMENTO=\"Proposto\",$AG277<>\"\",$AG277>0,ORÇAMENTO.CustoUnitario>$AG277),AND(TIPOORCAMENTO=\"LICITADO\",ORÇAMENTO.PrecoUnitarioLicitado>$AN277)),\"ACIMA REF.\",\"\")))))","v":""},{"$f":"IF(C277<=CRONO.NivelExibicao,MAX($AD$15:OFFSET(AD277,-1,0))+IF($C277<>1,1,MAX(1,COUNTIF(QCI!$A$13:$A$24,OFFSET($E277,-1,0)))),\"\")","v":""},{"$f":"IF(AND($C277=\"S\",ORÇAMENTO.CodBarra<>\"\"),IF(ORÇAMENTO.Fonte=\"\",ORÇAMENTO.CodBarra,CONCATENATE(ORÇAMENTO.Fonte,\" \",ORÇAMENTO.CodBarra)))","v":"SINAPI 94275"},{"$f":"IF(ISERROR(INDIRECT(ORÇAMENTO.BancoRef)),\"(abra o arquivo 'Referência \"&Excel_BuiltIn_Database&\".xlsm)\",IF(OR($C277<>\"S\",ORÇAMENTO.CodBarra=\"\"),\"(Sem Código)\",IF(ISERROR(MATCH($AE277,INDIRECT(ORÇAMENTO.BancoRef),0)),\"(Código não identificado nas referências)\",MATCH($AE277,INDIRECT(ORÇAMENTO.BancoRef),0))))","v":2010},{"$f":"ROUND(IF(DESONERACAO=\"sim\",REFERENCIA.Desonerado,REFERENCIA.NaoDesonerado),2)","v":44.32},0.26400000000000001,null,null,null,null,5790.79,56.02]
["S",2,"S",0,{"$f":"IF($C278=1,OFFSET(E278,-1,0)+MAX(1,COUNTIF(QCI!$A$13:$A$24,OFFSET(ORÇAMENTO!E278,-1,0))),OFFSET(E278,-1,0))","v":1},21,0,0,6,0,{"$f":"IF(OR($C278=\"S\",$C278=0),0,MATCH(OFFSET($D278,0,$C278)+IF($C278<>1,1,COUNTIF(QCI!$A$13:$A$24,ORÇAMENTO!E278)),OFFSET($D278,1,$C278,ROW($C$296)-ROW($C278)),0))","v":0},"F","Serviço","Serviço","1.21.0.6.","SINAPI","103946",{"$f":"IF($C278=\"S\",REFERENCIA.Descricao,\"(digite a descrição aqui)\")","v":"PLANTIO DE GRAMA ESMERALDA OU SÃO CARLOS OU CURITIBANA, EM PLACAS. AF_07/2024"},{"$f":"REFERENCIA.Unidade","v":"M2"},{"$f":"OFFSET(CÁLCULO!H$15,ROW($T278)-ROW(T$15),0)","v":1027.6400000000001},29.4,"BDI 1",{"$f":"IF($C278=\"S\",ROUND(IF(TIPOORCAMENTO=\"Proposto\",ORÇAMENTO.CustoUnitario*(1+$AH278),ORÇAMENTO.PrecoUnitarioLicitado),15-13*$AF$10),0)","v":37.159999999999997},{"$f":"IF($C278=\"S\",IF(Import.TipoArredondamento<>\"TransfereGOV\",VTOTAL1,SUM(OFFSET(CÁLCULO!$AA$15,ROW($X278)-ROW($X$15),1):OFFSET(CÁLCULO!$AL$15,ROW($X278)-ROW($X$15),-1))),IF($C278=0,0,ROUND(SomaAgrup,15-13*$AF$11)))","v":38187.1},"RA","RA",{"$f":"IF($C278=\"S\",IF($Z278=\"CP\",$X278,IF($Z278=\"RA\",(($X278)*QCI!$AA$3),0)),SomaAgrup)","v":38187.1},0,{"$f":"IF($N278=\"\",\"\",IF(ORÇAMENTO.Descricao=\"\",\"DESCRIÇÃO\",IF(AND($C278=\"S\",ORÇAMENTO.Unidade=\"\"),\"UNIDADE\",IF($X278<0,\"VALOR NEGATIVO\",IF(OR(AND(TIPOORCAMENTO=\"Proposto\",$AG278<>\"\",$AG278>0,ORÇAMENTO.CustoUnitario>$AG278),AND(TIPOORCAMENTO=\"LICITADO\",ORÇAMENTO.PrecoUnitarioLicitado>$AN278)),\"ACIMA REF.\",\"\")))))","v":""},{"$f":"IF(C278<=CRONO.NivelExibicao,MAX($AD$15:OFFSET(AD278,-1,0))+IF($C278<>1,1,MAX(1,COUNTIF(QCI!$A$13:$A$24,OFFSET($E278,-1,0)))),\"\")","v":""},{"$f":"IF(AND($C278=\"S\",ORÇAMENTO.CodBarra<>\"\"),IF(ORÇAMENTO.Fonte=\"\",ORÇAMENTO.CodBarra,CONCATENATE(ORÇAMENTO.Fonte,\" \",ORÇAMENTO.CodBarra)))","v":"SINAPI 103946"},{"$f":"IF(ISERROR(INDIRECT(ORÇAMENTO.BancoRef)),\"(abra o arquivo 'Referência \"&Excel_BuiltIn_Database&\".xlsm)\",IF(OR($C278<>\"S\",ORÇAMENTO.CodBarra=\"\"),\"(Sem Código)\",IF(ISERROR(MATCH($AE278,INDIRECT(ORÇAMENTO.BancoRef),0)),\"(Código não identificado nas referências)\",MATCH($AE278,INDIRECT(ORÇAMENTO.BancoRef),0))))","v":7397},{"$f":"ROUND(IF(DESONERACAO=\"sim\",REFERENCIA.Desonerado,REFERENCIA.NaoDesonerado),2)","v":29.4},0.26400000000000001,null,null,null,null,38187.1,37.159999999999997]
["S",2,"S",0,{"$f":"IF($C279=1,OFFSET(E279,-1,0)+MAX(1,COUNTIF(QCI!$A$13:$A$24,OFFSET(ORÇAMENTO!E279,-1,0))),OFFSET(E279,-1,0))","v":1},21,0,0,7,0,{"$f":"IF(OR($C279=\"S\",$C279=0),0,MATCH(OFFSET($D279,0,$C279)+IF($C279<>1,1,COUNTIF(QCI!$A$13:$A$24,ORÇAMENTO!E279)),OFFSET($D279,1,$C279,ROW($C$296)-ROW($C279)),0))","v":0},"F","Serviço","Serviço","1.21.0.7.","SINAPI","102506",{"$f":"IF($C279=\"S\",REFERENCIA.Descricao,\"(digite a descrição aqui)\")","v":"PINTURA DE DEMARCAÇÃO DE QUADRA POLIESPORTIVA COM TINTA EPÓXI, E = 5 CM, APLICAÇÃO MANUAL. AF_05/2021"},{"$f":"REFERENCIA.Unidade","v":"M"},{"$f":"OFFSET(CÁLCULO!H$15,ROW($T279)-ROW(T$15),0)","v":99.76},10.29,"BDI 1",{"$f":"IF($C279=\"S\",ROUND(IF(TIPOORCAMENTO=\"Proposto\",ORÇAMENTO.CustoUnitario*(1+$AH279),ORÇAMENTO.PrecoUnitarioLicitado),15-13*$AF$10),0)","v":13.01},{"$f":"IF($C279=\"S\",IF(Import.TipoArredondamento<>\"TransfereGOV\",VTOTAL1,SUM(OFFSET(CÁLCULO!$AA$15,ROW($X279)-ROW($X$15),1):OFFSET(CÁLCULO!$AL$15,ROW($X279)-ROW($X$15),-1))),IF($C279=0,0,ROUND(SomaAgrup,15-13*$AF$11)))","v":1297.8800000000001},"RA","RA",{"$f":"IF($C279=\"S\",IF($Z279=\"CP\",$X279,IF($Z279=\"RA\",(($X279)*QCI!$AA$3),0)),SomaAgrup)","v":1297.8800000000001},0,{"$f":"IF($N279=\"\",\"\",IF(ORÇAMENTO.Descricao=\"\",\"DESCRIÇÃO\",IF(AND($C279=\"S\",ORÇAMENTO.Unidade=\"\"),\"UNIDADE\",IF($X279<0,\"VALOR NEGATIVO\",IF(OR(AND(TIPOORCAMENTO=\"Proposto\",$AG279<>\"\",$AG279>0,ORÇAMENTO.CustoUnitario>$AG279),AND(TIPOORCAMENTO=\"LICITADO\",ORÇAMENTO.PrecoUnitarioLicitado>$AN279)),\"ACIMA REF.\",\"\")))))","v":""},{"$f":"IF(C279<=CRONO.NivelExibicao,MAX($AD$15:OFFSET(AD279,-1,0))+IF($C279<>1,1,MAX(1,COUNTIF(QCI!$A$13:$A$24,OFFSET($E279,-1,0)))),\"\")","v":""},{"$f":"IF(AND($C279=\"S\",ORÇAMENTO.CodBarra<>\"\"),IF(ORÇAMENTO.Fonte=\"\",ORÇAMENTO.CodBarra,CONCATENATE(ORÇAMENTO.Fonte,\" \",ORÇAMENTO.CodBarra)))","v":"SINAPI 102506"},{"$f":"IF(ISERROR(INDIRECT(ORÇAMENTO.BancoRef)),\"(abra o arquivo 'Referência \"&Excel_BuiltIn_Database&\".xlsm)\",IF(OR($C279<>\"S\",ORÇAMENTO.CodBarra=\"\"),\"(Sem Código)\",IF(ISERROR(MATCH($AE279,INDIRECT(ORÇAMENTO.BancoRef),0)),\"(Código não identificado nas referências)\",MATCH($AE279,INDIRECT(ORÇAMENTO.BancoRef),0))))","v":6448},{"$f":"ROUND(IF(DESONERACAO=\"sim\",REFERENCIA.Desonerado,REFERENCIA.NaoDesonerado),2)","v":10.29},0.26400000000000001,null,null,null,null,1297.8800000000001,13.01]
["S",2,"S",0,{"$f":"IF($C280=1,OFFSET(E280,-1,0)+MAX(1,COUNTIF(QCI!$A$13:$A$24,OFFSET(ORÇAMENTO!E280,-1,0))),OFFSET(E280,-1,0))","v":1},21,0,0,8,0,{"$f":"IF(OR($C280=\"S\",$C280=0),0,MATCH(OFFSET($D280,0,$C280)+IF($C280<>1,1,COUNTIF(QCI!$A$13:$A$24,ORÇAMENTO!E280)),OFFSET($D280,1,$C280,ROW($C$296)-ROW($C280)),0))","v":0},"F","Serviço","Serviço","1.21.0.8.","SINAPI","102494",{"$f":"IF($C280=\"S\",REFERENCIA.Descricao,\"(digite a descrição aqui)\")","v":"PINTURA DE PISO COM TINTA EPÓXI, APLICAÇÃO MANUAL, 2 DEMÃOS, INCLUSO PRIMER EPÓXI. AF_05/2021"},{"$f":"REFERENCIA.Unidade","v":"M2"},{"$f":"OFFSET(CÁLCULO!H$15,ROW($T280)-ROW(T$15),0)","v":0.64},66.98,"BDI 1",{"$f":"IF($C280=\"S\",ROUND(IF(TIPOORCAMENTO=\"Proposto\",ORÇAMENTO.CustoUnitario*(1+$AH280),ORÇAMENTO.PrecoUnitarioLicitado),15-13*$AF$10),0)","v":84.66},{"$f":"IF($C280=\"S\",IF(Import.TipoArredondamento<>\"TransfereGOV\",VTOTAL1,SUM(OFFSET(CÁLCULO!$AA$15,ROW($X280)-ROW($X$15),1):OFFSET(CÁLCULO!$AL$15,ROW($X280)-ROW($X$15),-1))),IF($C280=0,0,ROUND(SomaAgrup,15-13*$AF$11)))","v":54.18},"RA","RA",{"$f":"IF($C280=\"S\",IF($Z280=\"CP\",$X280,IF($Z280=\"RA\",(($X280)*QCI!$AA$3),0)),SomaAgrup)","v":54.18},0,{"$f":"IF($N280=\"\",\"\",IF(ORÇAMENTO.Descricao=\"\",\"DESCRIÇÃO\",IF(AND($C280=\"S\",ORÇAMENTO.Unidade=\"\"),\"UNIDADE\",IF($X280<0,\"VALOR NEGATIVO\",IF(OR(AND(TIPOORCAMENTO=\"Proposto\",$AG280<>\"\",$AG280>0,ORÇAMENTO.CustoUnitario>$AG280),AND(TIPOORCAMENTO=\"LICITADO\",ORÇAMENTO.PrecoUnitarioLicitado>$AN280)),\"ACIMA REF.\",\"\")))))","v":""},{"$f":"IF(C280<=CRONO.NivelExibicao,MAX($AD$15:OFFSET(AD280,-1,0))+IF($C280<>1,1,MAX(1,COUNTIF(QCI!$A$13:$A$24,OFFSET($E280,-1,0)))),\"\")","v":""},{"$f":"IF(AND($C280=\"S\",ORÇAMENTO.CodBarra<>\"\"),IF(ORÇAMENTO.Fonte=\"\",ORÇAMENTO.CodBarra,CONCATENATE(ORÇAMENTO.Fonte,\" \",ORÇAMENTO.CodBarra)))","v":"SINAPI 102494"},{"$f":"IF(ISERROR(INDIRECT(ORÇAMENTO.BancoRef)),\"(abra o arquivo 'Referência \"&Excel_BuiltIn_Database&\".xlsm)\",IF(OR($C280<>\"S\",ORÇAMENTO.CodBarra=\"\"),\"(Sem Código)\",IF(ISERROR(MATCH($AE280,INDIRECT(ORÇAMENTO.BancoRef),0)),\"(Código não identificado nas referências)\",MATCH($AE280,INDIRECT(ORÇAMENTO.BancoRef),0))))","v":6439},{"$f":"ROUND(IF(DESONERACAO=\"sim\",REFERENCIA.Desonerado,REFERENCIA.NaoDesonerado),2)","v":66.98},0.26400000000000001,null,null,null,null,54.18,84.66]
["S",2,"S",0,{"$f":"IF($C281=1,OFFSET(E281,-1,0)+MAX(1,COUNTIF(QCI!$A$13:$A$24,OFFSET(ORÇAMENTO!E281,-1,0))),OFFSET(E281,-1,0))","v":1},21,0,0,9,0,{"$f":"IF(OR($C281=\"S\",$C281=0),0,MATCH(OFFSET($D281,0,$C281)+IF($C281<>1,1,COUNTIF(QCI!$A$13:$A$24,ORÇAMENTO!E281)),OFFSET($D281,1,$C281,ROW($C$296)-ROW($C281)),0))","v":0},"F","Serviço","Serviço","1.21.0.9.","Composição","19",{"$f":"IF($C281=\"S\",REFERENCIA.Descricao,\"(digite a descrição aqui)\")","v":"PISO TATIL DE ALERTA OU DIRECIONAL, DE BORRACHA, COLORIDO, 25 X 25 CM, E = 5 MM, PARA COLA                                                                                                                                                                                                                                                                                                                                                                                      "},{"$f":"REFERENCIA.Unidade","v":"M"},{"$f":"OFFSET(CÁLCULO!H$15,ROW($T281)-ROW(T$15),0)","v":45.57},97.73,"BDI 1",{"$f":"IF($C281=\"S\",ROUND(IF(TIPOORCAMENTO=\"Proposto\",ORÇAMENTO.CustoUnitario*(1+$AH281),ORÇAMENTO.PrecoUnitarioLicitado),15-13*$AF$10),0)","v":123.53},{"$f":"IF($C281=\"S\",IF(Import.TipoArredondamento<>\"TransfereGOV\",VTOTAL1,SUM(OFFSET(CÁLCULO!$AA$15,ROW($X281)-ROW($X$15),1):OFFSET(CÁLCULO!$AL$15,ROW($X281)-ROW($X$15),-1))),IF($C281=0,0,ROUND(SomaAgrup,15-13*$AF$11)))","v":5629.26},"RA","RA",{"$f":"IF($C281=\"S\",IF($Z281=\"CP\",$X281,IF($Z281=\"RA\",(($X281)*QCI!$AA$3),0)),SomaAgrup)","v":5629.26},0,{"$f":"IF($N281=\"\",\"\",IF(ORÇAMENTO.Descricao=\"\",\"DESCRIÇÃO\",IF(AND($C281=\"S\",ORÇAMENTO.Unidade=\"\"),\"UNIDADE\",IF($X281<0,\"VALOR NEGATIVO\",IF(OR(AND(TIPOORCAMENTO=\"Proposto\",$AG281<>\"\",$AG281>0,ORÇAMENTO.CustoUnitario>$AG281),AND(TIPOORCAMENTO=\"LICITADO\",ORÇAMENTO.PrecoUnitarioLicitado>$AN281)),\"ACIMA REF.\",\"\")))))","v":""},{"$f":"IF(C281<=CRONO.NivelExibicao,MAX($AD$15:OFFSET(AD281,-1,0))+IF($C281<>1,1,MAX(1,COUNTIF(QCI!$A$13:$A$24,OFFSET($E281,-1,0)))),\"\")","v":""},{"$f":"IF(AND($C281=\"S\",ORÇAMENTO.CodBarra<>\"\"),IF(ORÇAMENTO.Fonte=\"\",ORÇAMENTO.CodBarra,CONCATENATE(ORÇAMENTO.Fonte,\" \",ORÇAMENTO.CodBarra)))","v":"Composição 19"},{"$f":"IF(ISERROR(INDIRECT(ORÇAMENTO.BancoRef)),\"(abra o arquivo 'Referência \"&Excel_BuiltIn_Database&\".xlsm)\",IF(OR($C281<>\"S\",ORÇAMENTO.CodBarra=\"\"),\"(Sem Código)\",IF(ISERROR(MATCH($AE281,INDIRECT(ORÇAMENTO.BancoRef),0)),\"(Código não identificado nas referências)\",MATCH($AE281,INDIRECT(ORÇAMENTO.BancoRef),0))))","v":21},{"$f":"ROUND(IF(DESONERACAO=\"sim\",REFERENCIA.Desonerado,REFERENCIA.NaoDesonerado),2)","v":97.73},0.26400000000000001,null,null,null,null,5629.26,123.53]
["S",2,"S",0,{"$f":"IF($C282=1,OFFSET(E282,-1,0)+MAX(1,COUNTIF(QCI!$A$13:$A$24,OFFSET(ORÇAMENTO!E282,-1,0))),OFFSET(E282,-1,0))","v":1},21,0,0,10,0,{"$f":"IF(OR($C282=\"S\",$C282=0),0,MATCH(OFFSET($D282,0,$C282)+IF($C282<>1,1,COUNTIF(QCI!$A$13:$A$24,ORÇAMENTO!E282)),OFFSET($D282,1,$C282,ROW($C$296)-ROW($C282)),0))","v":0},"F","Serviço","Serviço","1.21.0.10.","SINAPI","105004",{"$f":"IF($C282=\"S\",REFERENCIA.Descricao,\"(digite a descrição aqui)\")","v":"RAMPA DE ACESSIBILIDADE EM CONCRETO MOLDADO IN LOCO, EM CALÇADA NOVA COM LARGURA MENOR À 3,00 M, FCK 25MPA, COM PISO PODOTÁTIL. AF_03/2024"},{"$f":"REFERENCIA.Unidade","v":"M2"},{"$f":"OFFSET(CÁLCULO!H$15,ROW($T282)-ROW(T$15),0)","v":5.63},117.66,"BDI 1",{"$f":"IF($C282=\"S\",ROUND(IF(TIPOORCAMENTO=\"Proposto\",ORÇAMENTO.CustoUnitario*(1+$AH282),ORÇAMENTO.PrecoUnitarioLicitado),15-13*$AF$10),0)","v":148.72},{"$f":"IF($C282=\"S\",IF(Import.TipoArredondamento<>\"TransfereGOV\",VTOTAL1,SUM(OFFSET(CÁLCULO!$AA$15,ROW($X282)-ROW($X$15),1):OFFSET(CÁLCULO!$AL$15,ROW($X282)-ROW($X$15),-1))),IF($C282=0,0,ROUND(SomaAgrup,15-13*$AF$11)))","v":837.29},"RA","RA",{"$f":"IF($C282=\"S\",IF($Z282=\"CP\",$X282,IF($Z282=\"RA\",(($X282)*QCI!$AA$3),0)),SomaAgrup)","v":837.29},0,{"$f":"IF($N282=\"\",\"\",IF(ORÇAMENTO.Descricao=\"\",\"DESCRIÇÃO\",IF(AND($C282=\"S\",ORÇAMENTO.Unidade=\"\"),\"UNIDADE\",IF($X282<0,\"VALOR NEGATIVO\",IF(OR(AND(TIPOORCAMENTO=\"Proposto\",$AG282<>\"\",$AG282>0,ORÇAMENTO.CustoUnitario>$AG282),AND(TIPOORCAMENTO=\"LICITADO\",ORÇAMENTO.PrecoUnitarioLicitado>$AN282)),\"ACIMA REF.\",\"\")))))","v":""},{"$f":"IF(C282<=CRONO.NivelExibicao,MAX($AD$15:OFFSET(AD282,-1,0))+IF($C282<>1,1,MAX(1,COUNTIF(QCI!$A$13:$A$24,OFFSET($E282,-1,0)))),\"\")","v":""},{"$f":"IF(AND($C282=\"S\",ORÇAMENTO.CodBarra<>\"\"),IF(ORÇAMENTO.Fonte=\"\",ORÇAMENTO.CodBarra,CONCATENATE(ORÇAMENTO.Fonte,\" \",ORÇAMENTO.CodBarra)))","v":"SINAPI 105004"},{"$f":"IF(ISERROR(INDIRECT(ORÇAMENTO.BancoRef)),\"(abra o arquivo 'Referência \"&Excel_BuiltIn_Database&\".xlsm)\",IF(OR($C282<>\"S\",ORÇAMENTO.CodBarra=\"\"),\"(Sem Código)\",IF(ISERROR(MATCH($AE282,INDIRECT(ORÇAMENTO.BancoRef),0)),\"(Código não identificado nas referências)\",MATCH($AE282,INDIRECT(ORÇAMENTO.BancoRef),0))))","v":7402},{"$f":"ROUND(IF(DESONERACAO=\"sim\",REFERENCIA.Desonerado,REFERENCIA.NaoDesonerado),2)","v":117.66},0.26400000000000001,null,null,null,null,837.29,148.72]
["S",2,"S",0,{"$f":"IF($C283=1,OFFSET(E283,-1,0)+MAX(1,COUNTIF(QCI!$A$13:$A$24,OFFSET(ORÇAMENTO!E283,-1,0))),OFFSET(E283,-1,0))","v":1},21,0,0,11,0,{"$f":"IF(OR($C283=\"S\",$C283=0),0,MATCH(OFFSET($D283,0,$C283)+IF($C283<>1,1,COUNTIF(QCI!$A$13:$A$24,ORÇAMENTO!E283)),OFFSET($D283,1,$C283,ROW($C$296)-ROW($C283)),0))","v":0},"F","Serviço","Serviço","1.21.0.11.","Composição","45",{"$f":"IF($C283=\"S\",REFERENCIA.Descricao,\"(digite a descrição aqui)\")","v":"PISO TATIL/PODOTATIL, LADRÍLHO HIDRAULICO  25X25CM E:2,5CM, PADRAO TATIL OU ALERTA, COR VERMELHA OU AMAREAL"},{"$f":"REFERENCIA.Unidade","v":"M2"},{"$f":"OFFSET(CÁLCULO!H$15,ROW($T283)-ROW(T$15),0)","v":8.93},165.98,"BDI 1",{"$f":"IF($C283=\"S\",ROUND(IF(TIPOORCAMENTO=\"Proposto\",ORÇAMENTO.CustoUnitario*(1+$AH283),ORÇAMENTO.PrecoUnitarioLicitado),15-13*$AF$10),0)","v":209.8},{"$f":"IF($C283=\"S\",IF(Import.TipoArredondamento<>\"TransfereGOV\",VTOTAL1,SUM(OFFSET(CÁLCULO!$AA$15,ROW($X283)-ROW($X$15),1):OFFSET(CÁLCULO!$AL$15,ROW($X283)-ROW($X$15),-1))),IF($C283=0,0,ROUND(SomaAgrup,15-13*$AF$11)))","v":1873.51},"RA","RA",{"$f":"IF($C283=\"S\",IF($Z283=\"CP\",$X283,IF($Z283=\"RA\",(($X283)*QCI!$AA$3),0)),SomaAgrup)","v":1873.51},0,{"$f":"IF($N283=\"\",\"\",IF(ORÇAMENTO.Descricao=\"\",\"DESCRIÇÃO\",IF(AND($C283=\"S\",ORÇAMENTO.Unidade=\"\"),\"UNIDADE\",IF($X283<0,\"VALOR NEGATIVO\",IF(OR(AND(TIPOORCAMENTO=\"Proposto\",$AG283<>\"\",$AG283>0,ORÇAMENTO.CustoUnitario>$AG283),AND(TIPOORCAMENTO=\"LICITADO\",ORÇAMENTO.PrecoUnitarioLicitado>$AN283)),\"ACIMA REF.\",\"\")))))","v":""},{"$f":"IF(C283<=CRONO.NivelExibicao,MAX($AD$15:OFFSET(AD283,-1,0))+IF($C283<>1,1,MAX(1,COUNTIF(QCI!$A$13:$A$24,OFFSET($E283,-1,0)))),\"\")","v":""},{"$f":"IF(AND($C283=\"S\",ORÇAMENTO.CodBarra<>\"\"),IF(ORÇAMENTO.Fonte=\"\",ORÇAMENTO.CodBarra,CONCATENATE(ORÇAMENTO.Fonte,\" \",ORÇAMENTO.CodBarra)))","v":"Composição 45"},{"$f":"IF(ISERROR(INDIRECT(ORÇAMENTO.BancoRef)),\"(abra o arquivo 'Referência \"&Excel_BuiltIn_Database&\".xlsm)\",IF(OR($C283<>\"S\",ORÇAMENTO.CodBarra=\"\"),\"(Sem Código)\",IF(ISERROR(MATCH($AE283,INDIRECT(ORÇAMENTO.BancoRef),0)),\"(Código não identificado nas referências)\",MATCH($AE283,INDIRECT(ORÇAMENTO.BancoRef),0))))","v":47},{"$f":"ROUND(IF(DESONERACAO=\"sim\",REFERENCIA.Desonerado,REFERENCIA.NaoDesonerado),2)","v":165.98},0.26400000000000001,null,null,null,null,1873.51,209.8]
[2,2,2,5,{"$f":"IF($C284=1,OFFSET(E284,-1,0)+MAX(1,COUNTIF(QCI!$A$13:$A$24,OFFSET(ORÇAMENTO!E284,-1,0))),OFFSET(E284,-1,0))","v":1},22,0,0,0,12,{"$f":"IF(OR($C284=\"S\",$C284=0),0,MATCH(OFFSET($D284,0,$C284)+IF($C284<>1,1,COUNTIF(QCI!$A$13:$A$24,ORÇAMENTO!E284)),OFFSET($D284,1,$C284,ROW($C$296)-ROW($C284)),0))","v":5},"F","Nível 2","Nível 2","1.22.","SINAPI",null,"PINTURA",{"$f":"REFERENCIA.Unidade","v":"-"},{"$f":"OFFSET(CÁLCULO!H$15,ROW($T284)-ROW(T$15),0)","v":0},null,"BDI 1",{"$f":"IF($C284=\"S\",ROUND(IF(TIPOORCAMENTO=\"Proposto\",ORÇAMENTO.CustoUnitario*(1+$AH284),ORÇAMENTO.PrecoUnitarioLicitado),15-13*$AF$10),0)","v":0},{"$f":"IF($C284=\"S\",IF(Import.TipoArredondamento<>\"TransfereGOV\",VTOTAL1,SUM(OFFSET(CÁLCULO!$AA$15,ROW($X284)-ROW($X$15),1):OFFSET(CÁLCULO!$AL$15,ROW($X284)-ROW($X$15),-1))),IF($C284=0,0,ROUND(SomaAgrup,15-13*$AF$11)))","v":48401.54},"RA","",{"$f":"IF($C284=\"S\",IF($Z284=\"CP\",$X284,IF($Z284=\"RA\",(($X284)*QCI!$AA$3),0)),SomaAgrup)","v":48401.54},0,{"$f":"IF($N284=\"\",\"\",IF(ORÇAMENTO.Descricao=\"\",\"DESCRIÇÃO\",IF(AND($C284=\"S\",ORÇAMENTO.Unidade=\"\"),\"UNIDADE\",IF($X284<0,\"VALOR NEGATIVO\",IF(OR(AND(TIPOORCAMENTO=\"Proposto\",$AG284<>\"\",$AG284>0,ORÇAMENTO.CustoUnitario>$AG284),AND(TIPOORCAMENTO=\"LICITADO\",ORÇAMENTO.PrecoUnitarioLicitado>$AN284)),\"ACIMA REF.\",\"\")))))","v":""},{"$f":"IF(C284<=CRONO.NivelExibicao,MAX($AD$15:OFFSET(AD284,-1,0))+IF($C284<>1,1,MAX(1,COUNTIF(QCI!$A$13:$A$24,OFFSET($E284,-1,0)))),\"\")","v":31},{"$f":"IF(AND($C284=\"S\",ORÇAMENTO.CodBarra<>\"\"),IF(ORÇAMENTO.Fonte=\"\",ORÇAMENTO.CodBarra,CONCATENATE(ORÇAMENTO.Fonte,\" \",ORÇAMENTO.CodBarra)))","v":false},{"$f":"IF(ISERROR(INDIRECT(ORÇAMENTO.BancoRef)),\"(abra o arquivo 'Referência \"&Excel_BuiltIn_Database&\".xlsm)\",IF(OR($C284<>\"S\",ORÇAMENTO.CodBarra=\"\"),\"(Sem Código)\",IF(ISERROR(MATCH($AE284,INDIRECT(ORÇAMENTO.BancoRef),0)),\"(Código não identificado nas referências)\",MATCH($AE284,INDIRECT(ORÇAMENTO.BancoRef),0))))","v":"(Sem Código)"},{"$f":"ROUND(IF(DESONERACAO=\"sim\",REFERENCIA.Desonerado,REFERENCIA.NaoDesonerado),2)","v":0},0.26400000000000001,null,null,null,null,48401.54,0]
["S",2,"S",0,{"$f":"IF($C285=1,OFFSET(E285,-1,0)+MAX(1,COUNTIF(QCI!$A$13:$A$24,OFFSET(ORÇAMENTO!E285,-1,0))),OFFSET(E285,-1,0))","v":1},22,0,0,1,0,{"$f":"IF(OR($C285=\"S\",$C285=0),0,MATCH(OFFSET($D285,0,$C285)+IF($C285<>1,1,COUNTIF(QCI!$A$13:$A$24,ORÇAMENTO!E285)),OFFSET($D285,1,$C285,ROW($C$296)-ROW($C285)),0))","v":0},"F","Serviço","Serviço","1.22.0.1.","Composição","46",{"$f":"IF($C285=\"S\",REFERENCIA.Descricao,\"(digite a descrição aqui)\")","v":"APLICAÇÃO MANUAL DE FUNDO PREPARADOR EM PAREDES E TETOS"},{"$f":"REFERENCIA.Unidade","v":"M2"},{"$f":"OFFSET(CÁLCULO!H$15,ROW($T285)-ROW(T$15),0)","v":1514.83},{"$f":"AG285","v":3.9},"BDI 1",{"$f":"IF($C285=\"S\",ROUND(IF(TIPOORCAMENTO=\"Proposto\",ORÇAMENTO.CustoUnitario*(1+$AH285),ORÇAMENTO.PrecoUnitarioLicitado),15-13*$AF$10),0)","v":4.93},{"$f":"IF($C285=\"S\",IF(Import.TipoArredondamento<>\"TransfereGOV\",VTOTAL1,SUM(OFFSET(CÁLCULO!$AA$15,ROW($X285)-ROW($X$15),1):OFFSET(CÁLCULO!$AL$15,ROW($X285)-ROW($X$15),-1))),IF($C285=0,0,ROUND(SomaAgrup,15-13*$AF$11)))","v":7468.11},"RA","RA",{"$f":"IF($C285=\"S\",IF($Z285=\"CP\",$X285,IF($Z285=\"RA\",(($X285)*QCI!$AA$3),0)),SomaAgrup)","v":7468.11},0,{"$f":"IF($N285=\"\",\"\",IF(ORÇAMENTO.Descricao=\"\",\"DESCRIÇÃO\",IF(AND($C285=\"S\",ORÇAMENTO.Unidade=\"\"),\"UNIDADE\",IF($X285<0,\"VALOR NEGATIVO\",IF(OR(AND(TIPOORCAMENTO=\"Proposto\",$AG285<>\"\",$AG285>0,ORÇAMENTO.CustoUnitario>$AG285),AND(TIPOORCAMENTO=\"LICITADO\",ORÇAMENTO.PrecoUnitarioLicitado>$AN285)),\"ACIMA REF.\",\"\")))))","v":""},{"$f":"IF(C285<=CRONO.NivelExibicao,MAX($AD$15:OFFSET(AD285,-1,0))+IF($C285<>1,1,MAX(1,COUNTIF(QCI!$A$13:$A$24,OFFSET($E285,-1,0)))),\"\")","v":""},{"$f":"IF(AND($C285=\"S\",ORÇAMENTO.CodBarra<>\"\"),IF(ORÇAMENTO.Fonte=\"\",ORÇAMENTO.CodBarra,CONCATENATE(ORÇAMENTO.Fonte,\" \",ORÇAMENTO.CodBarra)))","v":"Composição 46"},{"$f":"IF(ISERROR(INDIRECT(ORÇAMENTO.BancoRef)),\"(abra o arquivo 'Referência \"&Excel_BuiltIn_Database&\".xlsm)\",IF(OR($C285<>\"S\",ORÇAMENTO.CodBarra=\"\"),\"(Sem Código)\",IF(ISERROR(MATCH($AE285,INDIRECT(ORÇAMENTO.BancoRef),0)),\"(Código não identificado nas referências)\",MATCH($AE285,INDIRECT(ORÇAMENTO.BancoRef),0))))","v":48},{"$f":"ROUND(IF(DESONERACAO=\"sim\",REFERENCIA.Desonerado,REFERENCIA.NaoDesonerado),2)","v":3.9},0.26400000000000001,null,null,null,null,7468.11,4.93]
["S",2,"S",0,{"$f":"IF($C286=1,OFFSET(E286,-1,0)+MAX(1,COUNTIF(QCI!$A$13:$A$24,OFFSET(ORÇAMENTO!E286,-1,0))),OFFSET(E286,-1,0))","v":1},22,0,0,2,0,{"$f":"IF(OR($C286=\"S\",$C286=0),0,MATCH(OFFSET($D286,0,$C286)+IF($C286<>1,1,COUNTIF(QCI!$A$13:$A$24,ORÇAMENTO!E286)),OFFSET($D286,1,$C286,ROW($C$296)-ROW($C286)),0))","v":0},"F","Serviço","Serviço","1.22.0.2.","Composição","47",{"$f":"IF($C286=\"S\",REFERENCIA.Descricao,\"(digite a descrição aqui)\")","v":"PINTURA LATEX ACRÍLICA PREMIUM, APLICAÇÃO MANUAL EM PAREDES, TRÊS DEMÃOS, AF_04/2023"},{"$f":"REFERENCIA.Unidade","v":"M2"},{"$f":"OFFSET(CÁLCULO!H$15,ROW($T286)-ROW(T$15),0)","v":1198.5899999999999},17.28,"BDI 1",{"$f":"IF($C286=\"S\",ROUND(IF(TIPOORCAMENTO=\"Proposto\",ORÇAMENTO.CustoUnitario*(1+$AH286),ORÇAMENTO.PrecoUnitarioLicitado),15-13*$AF$10),0)","v":21.84},{"$f":"IF($C286=\"S\",IF(Import.TipoArredondamento<>\"TransfereGOV\",VTOTAL1,SUM(OFFSET(CÁLCULO!$AA$15,ROW($X286)-ROW($X$15),1):OFFSET(CÁLCULO!$AL$15,ROW($X286)-ROW($X$15),-1))),IF($C286=0,0,ROUND(SomaAgrup,15-13*$AF$11)))","v":26177.21},"RA","RA",{"$f":"IF($C286=\"S\",IF($Z286=\"CP\",$X286,IF($Z286=\"RA\",(($X286)*QCI!$AA$3),0)),SomaAgrup)","v":26177.21},0,{"$f":"IF($N286=\"\",\"\",IF(ORÇAMENTO.Descricao=\"\",\"DESCRIÇÃO\",IF(AND($C286=\"S\",ORÇAMENTO.Unidade=\"\"),\"UNIDADE\",IF($X286<0,\"VALOR NEGATIVO\",IF(OR(AND(TIPOORCAMENTO=\"Proposto\",$AG286<>\"\",$AG286>0,ORÇAMENTO.CustoUnitario>$AG286),AND(TIPOORCAMENTO=\"LICITADO\",ORÇAMENTO.PrecoUnitarioLicitado>$AN286)),\"ACIMA REF.\",\"\")))))","v":""},{"$f":"IF(C286<=CRONO.NivelExibicao,MAX($AD$15:OFFSET(AD286,-1,0))+IF($C286<>1,1,MAX(1,COUNTIF(QCI!$A$13:$A$24,OFFSET($E286,-1,0)))),\"\")","v":""},{"$f":"IF(AND($C286=\"S\",ORÇAMENTO.CodBarra<>\"\"),IF(ORÇAMENTO.Fonte=\"\",ORÇAMENTO.CodBarra,CONCATENATE(ORÇAMENTO.Fonte,\" \",ORÇAMENTO.CodBarra)))","v":"Composição 47"},{"$f":"IF(ISERROR(INDIRECT(ORÇAMENTO.BancoRef)),\"(abra o arquivo 'Referência \"&Excel_BuiltIn_Database&\".xlsm)\",IF(OR($C286<>\"S\",ORÇAMENTO.CodBarra=\"\"),\"(Sem Código)\",IF(ISERROR(MATCH($AE286,INDIRECT(ORÇAMENTO.BancoRef),0)),\"(Código não identificado nas referências)\",MATCH($AE286,INDIRECT(ORÇAMENTO.BancoRef),0))))","v":49},{"$f":"ROUND(IF(DESONERACAO=\"sim\",REFERENCIA.Desonerado,REFERENCIA.NaoDesonerado),2)","v":17.28},0.26400000000000001,null,null,null,null,26177.21,21.84]
["S",2,"S",0,{"$f":"IF($C287=1,OFFSET(E287,-1,0)+MAX(1,COUNTIF(QCI!$A$13:$A$24,OFFSET(ORÇAMENTO!E287,-1,0))),OFFSET(E287,-1,0))","v":1},22,0,0,3,0,{"$f":"IF(OR($C287=\"S\",$C287=0),0,MATCH(OFFSET($D287,0,$C287)+IF($C287<>1,1,COUNTIF(QCI!$A$13:$A$24,ORÇAMENTO!E287)),OFFSET($D287,1,$C287,ROW($C$296)-ROW($C287)),0))","v":0},"F","Serviço","Serviço","1.22.0.3.","Composição","48",{"$f":"IF($C287=\"S\",REFERENCIA.Descricao,\"(digite a descrição aqui)\")","v":"PINTURA LATEX ACRÍLICA PREMIUM, APLICAÇÃO MANUAL EM TETO, TRÊS DEMÃOS, AF_04/2023"},{"$f":"REFERENCIA.Unidade","v":"M2"},{"$f":"OFFSET(CÁLCULO!H$15,ROW($T287)-ROW(T$15),0)","v":316.24},19.93,"BDI 1",{"$f":"IF($C287=\"S\",ROUND(IF(TIPOORCAMENTO=\"Proposto\",ORÇAMENTO.CustoUnitario*(1+$AH287),ORÇAMENTO.PrecoUnitarioLicitado),15-13*$AF$10),0)","v":25.19},{"$f":"IF($C287=\"S\",IF(Import.TipoArredondamento<>\"TransfereGOV\",VTOTAL1,SUM(OFFSET(CÁLCULO!$AA$15,ROW($X287)-ROW($X$15),1):OFFSET(CÁLCULO!$AL$15,ROW($X287)-ROW($X$15),-1))),IF($C287=0,0,ROUND(SomaAgrup,15-13*$AF$11)))","v":7966.09},"RA","RA",{"$f":"IF($C287=\"S\",IF($Z287=\"CP\",$X287,IF($Z287=\"RA\",(($X287)*QCI!$AA$3),0)),SomaAgrup)","v":7966.09},0,{"$f":"IF($N287=\"\",\"\",IF(ORÇAMENTO.Descricao=\"\",\"DESCRIÇÃO\",IF(AND($C287=\"S\",ORÇAMENTO.Unidade=\"\"),\"UNIDADE\",IF($X287<0,\"VALOR NEGATIVO\",IF(OR(AND(TIPOORCAMENTO=\"Proposto\",$AG287<>\"\",$AG287>0,ORÇAMENTO.CustoUnitario>$AG287),AND(TIPOORCAMENTO=\"LICITADO\",ORÇAMENTO.PrecoUnitarioLicitado>$AN287)),\"ACIMA REF.\",\"\")))))","v":""},{"$f":"IF(C287<=CRONO.NivelExibicao,MAX($AD$15:OFFSET(AD287,-1,0))+IF($C287<>1,1,MAX(1,COUNTIF(QCI!$A$13:$A$24,OFFSET($E287,-1,0)))),\"\")","v":""},{"$f":"IF(AND($C287=\"S\",ORÇAMENTO.CodBarra<>\"\"),IF(ORÇAMENTO.Fonte=\"\",ORÇAMENTO.CodBarra,CONCATENATE(ORÇAMENTO.Fonte,\" \",ORÇAMENTO.CodBarra)))","v":"Composição 48"},{"$f":"IF(ISERROR(INDIRECT(ORÇAMENTO.BancoRef)),\"(abra o arquivo 'Referência \"&Excel_BuiltIn_Database&\".xlsm)\",IF(OR($C287<>\"S\",ORÇAMENTO.CodBarra=\"\"),\"(Sem Código)\",IF(ISERROR(MATCH($AE287,INDIRECT(ORÇAMENTO.BancoRef),0)),\"(Código não identificado nas referências)\",MATCH($AE287,INDIRECT(ORÇAMENTO.BancoRef),0))))","v":50},{"$f":"ROUND(IF(DESONERACAO=\"sim\",REFERENCIA.Desonerado,REFERENCIA.NaoDesonerado),2)","v":19.93},0.26400000000000001,null,null,null,null,7966.09,25.19]
[{"$f":"CHOOSE(1+LOG(1+2*(ORÇAMENTO.Nivel=\"Meta\")+4*(ORÇAMENTO.Nivel=\"Nível 2\")+8*(ORÇAMENTO.Nivel=\"Nível 3\")+16*(ORÇAMENTO.Nivel=\"Nível 4\")+32*(ORÇAMENTO.Nivel=\"Serviço\"),2),0,1,2,3,4,\"S\")","v":"S"},{"$f":"IF(OR(C288=\"s\",C288=0),OFFSET(B288,-1,0),C288)","v":2},{"$f":"IF(OFFSET(C288,-1,0)=\"L\",1,IF(OFFSET(C288,-1,0)=1,2,IF(OR(A288=\"s\",A288=0),\"S\",IF(AND(OFFSET(C288,-1,0)=2,A288=4),3,IF(AND(OR(OFFSET(C288,-1,0)=\"s\",OFFSET(C288,-1,0)=0),A288<>\"s\",A288>OFFSET(B288,-1,0)),OFFSET(B288,-1,0),A288)))))","v":"S"},{"$f":"IF(OR(C288=\"S\",C288=0),0,IF(ISERROR(K288),J288,SMALL(J288:K288,1)))","v":0},{"$f":"IF($C288=1,OFFSET(E288,-1,0)+MAX(1,COUNTIF(QCI!$A$13:$A$24,OFFSET(ORÇAMENTO!E288,-1,0))),OFFSET(E288,-1,0))","v":1},{"$f":"IF($C288=1,0,IF($C288=2,OFFSET(F288,-1,0)+1,OFFSET(F288,-1,0)))","v":22},{"$f":"IF(AND($C288<=2,$C288<>0),0,IF($C288=3,OFFSET(G288,-1,0)+1,OFFSET(G288,-1,0)))","v":0},{"$f":"IF(AND($C288<=3,$C288<>0),0,IF($C288=4,OFFSET(H288,-1,0)+1,OFFSET(H288,-1,0)))","v":0},{"$f":"IF(AND($C288<=4,$C288<>0),0,IF(AND($C288=\"S\",$X288>0),OFFSET(I288,-1,0)+1,OFFSET(I288,-1,0)))","v":4},0,{"$f":"IF(OR($C288=\"S\",$C288=0),0,MATCH(OFFSET($D288,0,$C288)+IF($C288<>1,1,COUNTIF(QCI!$A$13:$A$24,ORÇAMENTO!E288)),OFFSET($D288,1,$C288,ROW($C$296)-ROW($C288)),0))","v":0},{"$f":"IF(OR($X288>0,$C288=1,$C288=2,$C288=3,$C288=4),\"F\",\"\")","v":"F"},"Serviço",{"$f":"CHOOSE(1+LOG(1+2*(C288=1)+4*(C288=2)+8*(C288=3)+16*(C288=4)+32*(C288=\"S\"),2),\"\",\"Meta\",\"Nível 2\",\"Nível 3\",\"Nível 4\",\"Serviço\")","v":"Serviço"},{"$f":"IF(OR($C288=0,$L288=\"\"),\"-\",CONCATENATE(E288&\".\",IF(AND($A$5>=2,$C288>=2),F288&\".\",\"\"),IF(AND($A$5>=3,$C288>=3),G288&\".\",\"\"),IF(AND($A$5>=4,$C288>=4),H288&\".\",\"\"),IF($C288=\"S\",I288&\".\",\"\")))","v":"1.22.0.4."},"SINAPI","104639",{"$f":"IF($C288=\"S\",REFERENCIA.Descricao,\"(digite a descrição aqui)\")","v":"PINTURA LÁTEX ACRÍLICA ECONÔMICA, APLICAÇÃO MANUAL EM TETO, DUAS DEMÃOS. AF_04/2023"},{"$f":"REFERENCIA.Unidade","v":"M2"},{"$f":"OFFSET(CÁLCULO!H$15,ROW($T288)-ROW(T$15),0)","v":473.84},11.34,"BDI 1",{"$f":"IF($C288=\"S\",ROUND(IF(TIPOORCAMENTO=\"Proposto\",ORÇAMENTO.CustoUnitario*(1+$AH288),ORÇAMENTO.PrecoUnitarioLicitado),15-13*$AF$10),0)","v":14.33},{"$f":"IF($C288=\"S\",IF(Import.TipoArredondamento<>\"TransfereGOV\",VTOTAL1,SUM(OFFSET(CÁLCULO!$AA$15,ROW($X288)-ROW($X$15),1):OFFSET(CÁLCULO!$AL$15,ROW($X288)-ROW($X$15),-1))),IF($C288=0,0,ROUND(SomaAgrup,15-13*$AF$11)))","v":6790.13},"RA",{"$f":"IF(AND($C288=\"S\",$X288>0),IF(ISBLANK($Y288),\"RA\",LEFT($Y288,2)),\"\")","v":"RA"},{"$f":"IF($C288=\"S\",IF($Z288=\"CP\",$X288,IF($Z288=\"RA\",(($X288)*QCI!$AA$3),0)),SomaAgrup)","v":6790.13},{"$f":"IF($C288=\"S\",IF($Z288=\"OU\",ROUND($X288,2),0),SomaAgrup)","v":0},{"$f":"IF($N288=\"\",\"\",IF(ORÇAMENTO.Descricao=\"\",\"DESCRIÇÃO\",IF(AND($C288=\"S\",ORÇAMENTO.Unidade=\"\"),\"UNIDADE\",IF($X288<0,\"VALOR NEGATIVO\",IF(OR(AND(TIPOORCAMENTO=\"Proposto\",$AG288<>\"\",$AG288>0,ORÇAMENTO.CustoUnitario>$AG288),AND(TIPOORCAMENTO=\"LICITADO\",ORÇAMENTO.PrecoUnitarioLicitado>$AN288)),\"ACIMA REF.\",\"\")))))","v":""},{"$f":"IF(C288<=CRONO.NivelExibicao,MAX($AD$15:OFFSET(AD288,-1,0))+IF($C288<>1,1,MAX(1,COUNTIF(QCI!$A$13:$A$24,OFFSET($E288,-1,0)))),\"\")","v":""},{"$f":"IF(AND($C288=\"S\",ORÇAMENTO.CodBarra<>\"\"),IF(ORÇAMENTO.Fonte=\"\",ORÇAMENTO.CodBarra,CONCATENATE(ORÇAMENTO.Fonte,\" \",ORÇAMENTO.CodBarra)))","v":"SINAPI 104639"},{"$f":"IF(ISERROR(INDIRECT(ORÇAMENTO.BancoRef)),\"(abra o arquivo 'Referência \"&Excel_BuiltIn_Database&\".xlsm)\",IF(OR($C288<>\"S\",ORÇAMENTO.CodBarra=\"\"),\"(Sem Código)\",IF(ISERROR(MATCH($AE288,INDIRECT(ORÇAMENTO.BancoRef),0)),\"(Código não identificado nas referências)\",MATCH($AE288,INDIRECT(ORÇAMENTO.BancoRef),0))))","v":6361},{"$f":"ROUND(IF(DESONERACAO=\"sim\",REFERENCIA.Desonerado,REFERENCIA.NaoDesonerado),2)","v":11.34},{"$f":"ROUND(IF(ISNUMBER(ORÇAMENTO.OpcaoBDI),ORÇAMENTO.OpcaoBDI,IF(LEFT(ORÇAMENTO.OpcaoBDI,3)=\"BDI\",HLOOKUP(ORÇAMENTO.OpcaoBDI,$F$4:$H$5,2,FALSE),0)),15-11*$AF$9)","v":0.26400000000000001},null,null,null,null,6790.13,{"$f":"ROUND(ORÇAMENTO.CustoUnitario*(1+$AH288),2)","v":14.33}]
[2,{"$f":"IF(OR(C289=\"s\",C289=0),OFFSET(B289,-1,0),C289)","v":2},{"$f":"IF(OFFSET(C289,-1,0)=\"L\",1,IF(OFFSET(C289,-1,0)=1,2,IF(OR(A289=\"s\",A289=0),\"S\",IF(AND(OFFSET(C289,-1,0)=2,A289=4),3,IF(AND(OR(OFFSET(C289,-1,0)=\"s\",OFFSET(C289,-1,0)=0),A289<>\"s\",A289>OFFSET(B289,-1,0)),OFFSET(B289,-1,0),A289)))))","v":2},{"$f":"IF(OR(C289=\"S\",C289=0),0,IF(ISERROR(K289),J289,SMALL(J289:K289,1)))","v":7},{"$f":"IF($C289=1,OFFSET(E289,-1,0)+MAX(1,COUNTIF(QCI!$A$13:$A$24,OFFSET(ORÇAMENTO!E289,-1,0))),OFFSET(E289,-1,0))","v":1},{"$f":"IF($C289=1,0,IF($C289=2,OFFSET(F289,-1,0)+1,OFFSET(F289,-1,0)))","v":23},{"$f":"IF(AND($C289<=2,$C289<>0),0,IF($C289=3,OFFSET(G289,-1,0)+1,OFFSET(G289,-1,0)))","v":0},{"$f":"IF(AND($C289<=3,$C289<>0),0,IF($C289=4,OFFSET(H289,-1,0)+1,OFFSET(H289,-1,0)))","v":0},{"$f":"IF(AND($C289<=4,$C289<>0),0,IF(AND($C289=\"S\",$X289>0),OFFSET(I289,-1,0)+1,OFFSET(I289,-1,0)))","v":0},7,{"$f":"IF(OR($C289=\"S\",$C289=0),0,MATCH(OFFSET($D289,0,$C289)+IF($C289<>1,1,COUNTIF(QCI!$A$13:$A$24,ORÇAMENTO!E289)),OFFSET($D289,1,$C289,ROW($C$296)-ROW($C289)),0))","v":{"$error":"#N/A"}},{"$f":"IF(OR($X289>0,$C289=1,$C289=2,$C289=3,$C289=4),\"F\",\"\")","v":"F"},"Nível 2",{"$f":"CHOOSE(1+LOG(1+2*(C289=1)+4*(C289=2)+8*(C289=3)+16*(C289=4)+32*(C289=\"S\"),2),\"\",\"Meta\",\"Nível 2\",\"Nível 3\",\"Nível 4\",\"Serviço\")","v":"Nível 2"},{"$f":"IF(OR($C289=0,$L289=\"\"),\"-\",CONCATENATE(E289&\".\",IF(AND($A$5>=2,$C289>=2),F289&\".\",\"\"),IF(AND($A$5>=3,$C289>=3),G289&\".\",\"\"),IF(AND($A$5>=4,$C289>=4),H289&\".\",\"\"),IF($C289=\"S\",I289&\".\",\"\")))","v":"1.23."},"SINAPI",null,"AR-CONDICIONADO",{"$f":"REFERENCIA.Unidade","v":"-"},{"$f":"OFFSET(CÁLCULO!H$15,ROW($T289)-ROW(T$15),0)","v":0},null,"BDI 1",{"$f":"IF($C289=\"S\",ROUND(IF(TIPOORCAMENTO=\"Proposto\",ORÇAMENTO.CustoUnitario*(1+$AH289),ORÇAMENTO.PrecoUnitarioLicitado),15-13*$AF$10),0)","v":0},{"$f":"IF($C289=\"S\",IF(Import.TipoArredondamento<>\"TransfereGOV\",VTOTAL1,SUM(OFFSET(CÁLCULO!$AA$15,ROW($X289)-ROW($X$15),1):OFFSET(CÁLCULO!$AL$15,ROW($X289)-ROW($X$15),-1))),IF($C289=0,0,ROUND(SomaAgrup,15-13*$AF$11)))","v":25076.42},"RA",{"$f":"IF(AND($C289=\"S\",$X289>0),IF(ISBLANK($Y289),\"RA\",LEFT($Y289,2)),\"\")","v":""},{"$f":"IF($C289=\"S\",IF($Z289=\"CP\",$X289,IF($Z289=\"RA\",(($X289)*QCI!$AA$3),0)),SomaAgrup)","v":25076.420000000002},0,{"$f":"IF($N289=\"\",\"\",IF(ORÇAMENTO.Descricao=\"\",\"DESCRIÇÃO\",IF(AND($C289=\"S\",ORÇAMENTO.Unidade=\"\"),\"UNIDADE\",IF($X289<0,\"VALOR NEGATIVO\",IF(OR(AND(TIPOORCAMENTO=\"Proposto\",$AG289<>\"\",$AG289>0,ORÇAMENTO.CustoUnitario>$AG289),AND(TIPOORCAMENTO=\"LICITADO\",ORÇAMENTO.PrecoUnitarioLicitado>$AN289)),\"ACIMA REF.\",\"\")))))","v":""},{"$f":"IF(C289<=CRONO.NivelExibicao,MAX($AD$15:OFFSET(AD289,-1,0))+IF($C289<>1,1,MAX(1,COUNTIF(QCI!$A$13:$A$24,OFFSET($E289,-1,0)))),\"\")","v":32},{"$f":"IF(AND($C289=\"S\",ORÇAMENTO.CodBarra<>\"\"),IF(ORÇAMENTO.Fonte=\"\",ORÇAMENTO.CodBarra,CONCATENATE(ORÇAMENTO.Fonte,\" \",ORÇAMENTO.CodBarra)))","v":false},{"$f":"IF(ISERROR(INDIRECT(ORÇAMENTO.BancoRef)),\"(abra o arquivo 'Referência \"&Excel_BuiltIn_Database&\".xlsm)\",IF(OR($C289<>\"S\",ORÇAMENTO.CodBarra=\"\"),\"(Sem Código)\",IF(ISERROR(MATCH($AE289,INDIRECT(ORÇAMENTO.BancoRef),0)),\"(Código não identificado nas referências)\",MATCH($AE289,INDIRECT(ORÇAMENTO.BancoRef),0))))","v":"(Sem Código)"},{"$f":"ROUND(IF(DESONERACAO=\"sim\",REFERENCIA.Desonerado,REFERENCIA.NaoDesonerado),2)","v":0},0.26400000000000001,null,null,null,null,25076.42,0]
["S",2,"S",0,{"$f":"IF($C290=1,OFFSET(E290,-1,0)+MAX(1,COUNTIF(QCI!$A$13:$A$24,OFFSET(ORÇAMENTO!E290,-1,0))),OFFSET(E290,-1,0))","v":1},23,0,0,1,0,{"$f":"IF(OR($C290=\"S\",$C290=0),0,MATCH(OFFSET($D290,0,$C290)+IF($C290<>1,1,COUNTIF(QCI!$A$13:$A$24,ORÇAMENTO!E290)),OFFSET($D290,1,$C290,ROW($C$296)-ROW($C290)),0))","v":0},"F","Serviço","Serviço","1.23.0.1.","SINAPI","103246",{"$f":"IF($C290=\"S\",REFERENCIA.Descricao,\"(digite a descrição aqui)\")","v":"AR CONDICIONADO SPLIT ON/OFF, HI-WALL (PAREDE), 9000 BTUS/H, CICLO QUENTE/FRIO - FORNECIMENTO E INSTALAÇÃO. AF_11/2021_PE"},{"$f":"REFERENCIA.Unidade","v":"UN"},{"$f":"OFFSET(CÁLCULO!H$15,ROW($T290)-ROW(T$15),0)","v":3},2200.94,"BDI 2",{"$f":"IF($C290=\"S\",ROUND(IF(TIPOORCAMENTO=\"Proposto\",ORÇAMENTO.CustoUnitario*(1+$AH290),ORÇAMENTO.PrecoUnitarioLicitado),15-13*$AF$10),0)","v":2684.93},{"$f":"IF($C290=\"S\",IF(Import.TipoArredondamento<>\"TransfereGOV\",VTOTAL1,SUM(OFFSET(CÁLCULO!$AA$15,ROW($X290)-ROW($X$15),1):OFFSET(CÁLCULO!$AL$15,ROW($X290)-ROW($X$15),-1))),IF($C290=0,0,ROUND(SomaAgrup,15-13*$AF$11)))","v":8054.79},"RA","RA",{"$f":"IF($C290=\"S\",IF($Z290=\"CP\",$X290,IF($Z290=\"RA\",(($X290)*QCI!$AA$3),0)),SomaAgrup)","v":8054.79},0,{"$f":"IF($N290=\"\",\"\",IF(ORÇAMENTO.Descricao=\"\",\"DESCRIÇÃO\",IF(AND($C290=\"S\",ORÇAMENTO.Unidade=\"\"),\"UNIDADE\",IF($X290<0,\"VALOR NEGATIVO\",IF(OR(AND(TIPOORCAMENTO=\"Proposto\",$AG290<>\"\",$AG290>0,ORÇAMENTO.CustoUnitario>$AG290),AND(TIPOORCAMENTO=\"LICITADO\",ORÇAMENTO.PrecoUnitarioLicitado>$AN290)),\"ACIMA REF.\",\"\")))))","v":""},{"$f":"IF(C290<=CRONO.NivelExibicao,MAX($AD$15:OFFSET(AD290,-1,0))+IF($C290<>1,1,MAX(1,COUNTIF(QCI!$A$13:$A$24,OFFSET($E290,-1,0)))),\"\")","v":""},{"$f":"IF(AND($C290=\"S\",ORÇAMENTO.CodBarra<>\"\"),IF(ORÇAMENTO.Fonte=\"\",ORÇAMENTO.CodBarra,CONCATENATE(ORÇAMENTO.Fonte,\" \",ORÇAMENTO.CodBarra)))","v":"SINAPI 103246"},{"$f":"IF(ISERROR(INDIRECT(ORÇAMENTO.BancoRef)),\"(abra o arquivo 'Referência \"&Excel_BuiltIn_Database&\".xlsm)\",IF(OR($C290<>\"S\",ORÇAMENTO.CodBarra=\"\"),\"(Sem Código)\",IF(ISERROR(MATCH($AE290,INDIRECT(ORÇAMENTO.BancoRef),0)),\"(Código não identificado nas referências)\",MATCH($AE290,INDIRECT(ORÇAMENTO.BancoRef),0))))","v":3577},{"$f":"ROUND(IF(DESONERACAO=\"sim\",REFERENCIA.Desonerado,REFERENCIA.NaoDesonerado),2)","v":2200.94},0.21990000000000001,null,null,null,null,8054.79,2684.93]
["S",2,"S",0,{"$f":"IF($C291=1,OFFSET(E291,-1,0)+MAX(1,COUNTIF(QCI!$A$13:$A$24,OFFSET(ORÇAMENTO!E291,-1,0))),OFFSET(E291,-1,0))","v":1},23,0,0,2,0,{"$f":"IF(OR($C291=\"S\",$C291=0),0,MATCH(OFFSET($D291,0,$C291)+IF($C291<>1,1,COUNTIF(QCI!$A$13:$A$24,ORÇAMENTO!E291)),OFFSET($D291,1,$C291,ROW($C$296)-ROW($C291)),0))","v":0},"F","Serviço","Serviço","1.23.0.2.","SINAPI","103249",{"$f":"IF($C291=\"S\",REFERENCIA.Descricao,\"(digite a descrição aqui)\")","v":"AR CONDICIONADO SPLIT ON/OFF, HI-WALL (PAREDE), 12000 BTUS/H, CICLO QUENTE/FRIO - FORNECIMENTO E INSTALAÇÃO. AF_11/2021_PE"},{"$f":"REFERENCIA.Unidade","v":"UN"},{"$f":"OFFSET(CÁLCULO!H$15,ROW($T291)-ROW(T$15),0)","v":1},2494.1,"BDI 2",{"$f":"IF($C291=\"S\",ROUND(IF(TIPOORCAMENTO=\"Proposto\",ORÇAMENTO.CustoUnitario*(1+$AH291),ORÇAMENTO.PrecoUnitarioLicitado),15-13*$AF$10),0)","v":3042.55},{"$f":"IF($C291=\"S\",IF(Import.TipoArredondamento<>\"TransfereGOV\",VTOTAL1,SUM(OFFSET(CÁLCULO!$AA$15,ROW($X291)-ROW($X$15),1):OFFSET(CÁLCULO!$AL$15,ROW($X291)-ROW($X$15),-1))),IF($C291=0,0,ROUND(SomaAgrup,15-13*$AF$11)))","v":3042.55},"RA","RA",{"$f":"IF($C291=\"S\",IF($Z291=\"CP\",$X291,IF($Z291=\"RA\",(($X291)*QCI!$AA$3),0)),SomaAgrup)","v":3042.55},0,{"$f":"IF($N291=\"\",\"\",IF(ORÇAMENTO.Descricao=\"\",\"DESCRIÇÃO\",IF(AND($C291=\"S\",ORÇAMENTO.Unidade=\"\"),\"UNIDADE\",IF($X291<0,\"VALOR NEGATIVO\",IF(OR(AND(TIPOORCAMENTO=\"Proposto\",$AG291<>\"\",$AG291>0,ORÇAMENTO.CustoUnitario>$AG291),AND(TIPOORCAMENTO=\"LICITADO\",ORÇAMENTO.PrecoUnitarioLicitado>$AN291)),\"ACIMA REF.\",\"\")))))","v":""},{"$f":"IF(C291<=CRONO.NivelExibicao,MAX($AD$15:OFFSET(AD291,-1,0))+IF($C291<>1,1,MAX(1,COUNTIF(QCI!$A$13:$A$24,OFFSET($E291,-1,0)))),\"\")","v":""},{"$f":"IF(AND($C291=\"S\",ORÇAMENTO.CodBarra<>\"\"),IF(ORÇAMENTO.Fonte=\"\",ORÇAMENTO.CodBarra,CONCATENATE(ORÇAMENTO.Fonte,\" \",ORÇAMENTO.CodBarra)))","v":"SINAPI 103249"},{"$f":"IF(ISERROR(INDIRECT(ORÇAMENTO.BancoRef)),\"(abra o arquivo 'Referência \"&Excel_BuiltIn_Database&\".xlsm)\",IF(OR($C291<>\"S\",ORÇAMENTO.CodBarra=\"\"),\"(Sem Código)\",IF(ISERROR(MATCH($AE291,INDIRECT(ORÇAMENTO.BancoRef),0)),\"(Código não identificado nas referências)\",MATCH($AE291,INDIRECT(ORÇAMENTO.BancoRef),0))))","v":3580},{"$f":"ROUND(IF(DESONERACAO=\"sim\",REFERENCIA.Desonerado,REFERENCIA.NaoDesonerado),2)","v":2494.1},0.21990000000000001,null,null,null,null,3042.55,3042.55]
["S",{"$f":"IF(OR(C292=\"s\",C292=0),OFFSET(B292,-1,0),C292)","v":2},{"$f":"IF(OFFSET(C292,-1,0)=\"L\",1,IF(OFFSET(C292,-1,0)=1,2,IF(OR(A292=\"s\",A292=0),\"S\",IF(AND(OFFSET(C292,-1,0)=2,A292=4),3,IF(AND(OR(OFFSET(C292,-1,0)=\"s\",OFFSET(C292,-1,0)=0),A292<>\"s\",A292>OFFSET(B292,-1,0)),OFFSET(B292,-1,0),A292)))))","v":"S"},{"$f":"IF(OR(C292=\"S\",C292=0),0,IF(ISERROR(K292),J292,SMALL(J292:K292,1)))","v":0},{"$f":"IF($C292=1,OFFSET(E292,-1,0)+MAX(1,COUNTIF(QCI!$A$13:$A$24,OFFSET(ORÇAMENTO!E292,-1,0))),OFFSET(E292,-1,0))","v":1},{"$f":"IF($C292=1,0,IF($C292=2,OFFSET(F292,-1,0)+1,OFFSET(F292,-1,0)))","v":23},{"$f":"IF(AND($C292<=2,$C292<>0),0,IF($C292=3,OFFSET(G292,-1,0)+1,OFFSET(G292,-1,0)))","v":0},{"$f":"IF(AND($C292<=3,$C292<>0),0,IF($C292=4,OFFSET(H292,-1,0)+1,OFFSET(H292,-1,0)))","v":0},{"$f":"IF(AND($C292<=4,$C292<>0),0,IF(AND($C292=\"S\",$X292>0),OFFSET(I292,-1,0)+1,OFFSET(I292,-1,0)))","v":3},0,{"$f":"IF(OR($C292=\"S\",$C292=0),0,MATCH(OFFSET($D292,0,$C292)+IF($C292<>1,1,COUNTIF(QCI!$A$13:$A$24,ORÇAMENTO!E292)),OFFSET($D292,1,$C292,ROW($C$296)-ROW($C292)),0))","v":0},{"$f":"IF(OR($X292>0,$C292=1,$C292=2,$C292=3,$C292=4),\"F\",\"\")","v":"F"},"Serviço",{"$f":"CHOOSE(1+LOG(1+2*(C292=1)+4*(C292=2)+8*(C292=3)+16*(C292=4)+32*(C292=\"S\"),2),\"\",\"Meta\",\"Nível 2\",\"Nível 3\",\"Nível 4\",\"Serviço\")","v":"Serviço"},{"$f":"IF(OR($C292=0,$L292=\"\"),\"-\",CONCATENATE(E292&\".\",IF(AND($A$5>=2,$C292>=2),F292&\".\",\"\"),IF(AND($A$5>=3,$C292>=3),G292&\".\",\"\"),IF(AND($A$5>=4,$C292>=4),H292&\".\",\"\"),IF($C292=\"S\",I292&\".\",\"\")))","v":"1.23.0.3."},"SINAPI","103252",{"$f":"IF($C292=\"S\",REFERENCIA.Descricao,\"(digite a descrição aqui)\")","v":"AR CONDICIONADO SPLIT ON/OFF, HI-WALL (PAREDE), 18000 BTUS/H, CICLO QUENTE/FRIO - FORNECIMENTO E INSTALAÇÃO. AF_11/2021_PE"},{"$f":"REFERENCIA.Unidade","v":"UN"},{"$f":"OFFSET(CÁLCULO!H$15,ROW($T292)-ROW(T$15),0)","v":3},3610.35,"BDI 2",{"$f":"IF($C292=\"S\",ROUND(IF(TIPOORCAMENTO=\"Proposto\",ORÇAMENTO.CustoUnitario*(1+$AH292),ORÇAMENTO.PrecoUnitarioLicitado),15-13*$AF$10),0)","v":4404.2700000000004},{"$f":"IF($C292=\"S\",IF(Import.TipoArredondamento<>\"TransfereGOV\",VTOTAL1,SUM(OFFSET(CÁLCULO!$AA$15,ROW($X292)-ROW($X$15),1):OFFSET(CÁLCULO!$AL$15,ROW($X292)-ROW($X$15),-1))),IF($C292=0,0,ROUND(SomaAgrup,15-13*$AF$11)))","v":13212.81},"RA",{"$f":"IF(AND($C292=\"S\",$X292>0),IF(ISBLANK($Y292),\"RA\",LEFT($Y292,2)),\"\")","v":"RA"},{"$f":"IF($C292=\"S\",IF($Z292=\"CP\",$X292,IF($Z292=\"RA\",(($X292)*QCI!$AA$3),0)),SomaAgrup)","v":13212.81},0,{"$f":"IF($N292=\"\",\"\",IF(ORÇAMENTO.Descricao=\"\",\"DESCRIÇÃO\",IF(AND($C292=\"S\",ORÇAMENTO.Unidade=\"\"),\"UNIDADE\",IF($X292<0,\"VALOR NEGATIVO\",IF(OR(AND(TIPOORCAMENTO=\"Proposto\",$AG292<>\"\",$AG292>0,ORÇAMENTO.CustoUnitario>$AG292),AND(TIPOORCAMENTO=\"LICITADO\",ORÇAMENTO.PrecoUnitarioLicitado>$AN292)),\"ACIMA REF.\",\"\")))))","v":""},{"$f":"IF(C292<=CRONO.NivelExibicao,MAX($AD$15:OFFSET(AD292,-1,0))+IF($C292<>1,1,MAX(1,COUNTIF(QCI!$A$13:$A$24,OFFSET($E292,-1,0)))),\"\")","v":""},{"$f":"IF(AND($C292=\"S\",ORÇAMENTO.CodBarra<>\"\"),IF(ORÇAMENTO.Fonte=\"\",ORÇAMENTO.CodBarra,CONCATENATE(ORÇAMENTO.Fonte,\" \",ORÇAMENTO.CodBarra)))","v":"SINAPI 103252"},{"$f":"IF(ISERROR(INDIRECT(ORÇAMENTO.BancoRef)),\"(abra o arquivo 'Referência \"&Excel_BuiltIn_Database&\".xlsm)\",IF(OR($C292<>\"S\",ORÇAMENTO.CodBarra=\"\"),\"(Sem Código)\",IF(ISERROR(MATCH($AE292,INDIRECT(ORÇAMENTO.BancoRef),0)),\"(Código não identificado nas referências)\",MATCH($AE292,INDIRECT(ORÇAMENTO.BancoRef),0))))","v":3583},{"$f":"ROUND(IF(DESONERACAO=\"sim\",REFERENCIA.Desonerado,REFERENCIA.NaoDesonerado),2)","v":3610.35},0.21990000000000001,null,null,null,null,13212.81,4404.2700000000004]
["S",{"$f":"IF(OR(C293=\"s\",C293=0),OFFSET(B293,-1,0),C293)","v":2},{"$f":"IF(OFFSET(C293,-1,0)=\"L\",1,IF(OFFSET(C293,-1,0)=1,2,IF(OR(A293=\"s\",A293=0),\"S\",IF(AND(OFFSET(C293,-1,0)=2,A293=4),3,IF(AND(OR(OFFSET(C293,-1,0)=\"s\",OFFSET(C293,-1,0)=0),A293<>\"s\",A293>OFFSET(B293,-1,0)),OFFSET(B293,-1,0),A293)))))","v":"S"},{"$f":"IF(OR(C293=\"S\",C293=0),0,IF(ISERROR(K293),J293,SMALL(J293:K293,1)))","v":0},{"$f":"IF($C293=1,OFFSET(E293,-1,0)+MAX(1,COUNTIF(QCI!$A$13:$A$24,OFFSET(ORÇAMENTO!E293,-1,0))),OFFSET(E293,-1,0))","v":1},{"$f":"IF($C293=1,0,IF($C293=2,OFFSET(F293,-1,0)+1,OFFSET(F293,-1,0)))","v":23},{"$f":"IF(AND($C293<=2,$C293<>0),0,IF($C293=3,OFFSET(G293,-1,0)+1,OFFSET(G293,-1,0)))","v":0},{"$f":"IF(AND($C293<=3,$C293<>0),0,IF($C293=4,OFFSET(H293,-1,0)+1,OFFSET(H293,-1,0)))","v":0},{"$f":"IF(AND($C293<=4,$C293<>0),0,IF(AND($C293=\"S\",$X293>0),OFFSET(I293,-1,0)+1,OFFSET(I293,-1,0)))","v":4},0,{"$f":"IF(OR($C293=\"S\",$C293=0),0,MATCH(OFFSET($D293,0,$C293)+IF($C293<>1,1,COUNTIF(QCI!$A$13:$A$24,ORÇAMENTO!E293)),OFFSET($D293,1,$C293,ROW($C$296)-ROW($C293)),0))","v":0},{"$f":"IF(OR($X293>0,$C293=1,$C293=2,$C293=3,$C293=4),\"F\",\"\")","v":"F"},"Serviço",{"$f":"CHOOSE(1+LOG(1+2*(C293=1)+4*(C293=2)+8*(C293=3)+16*(C293=4)+32*(C293=\"S\"),2),\"\",\"Meta\",\"Nível 2\",\"Nível 3\",\"Nível 4\",\"Serviço\")","v":"Serviço"},{"$f":"IF(OR($C293=0,$L293=\"\"),\"-\",CONCATENATE(E293&\".\",IF(AND($A$5>=2,$C293>=2),F293&\".\",\"\"),IF(AND($A$5>=3,$C293>=3),G293&\".\",\"\"),IF(AND($A$5>=4,$C293>=4),H293&\".\",\"\"),IF($C293=\"S\",I293&\".\",\"\")))","v":"1.23.0.4."},"SINAPI","89866",{"$f":"IF($C293=\"S\",REFERENCIA.Descricao,\"(digite a descrição aqui)\")","v":"JOELHO 90 GRAUS, PVC, SOLDÁVEL, DN 25MM, INSTALADO EM DRENO DE AR-CONDICIONADO - FORNECIMENTO E INSTALAÇÃO. AF_08/2022"},{"$f":"REFERENCIA.Unidade","v":"UN"},{"$f":"OFFSET(CÁLCULO!H$15,ROW($T293)-ROW(T$15),0)","v":38.15},7.12,"BDI 1",{"$f":"IF($C293=\"S\",ROUND(IF(TIPOORCAMENTO=\"Proposto\",ORÇAMENTO.CustoUnitario*(1+$AH293),ORÇAMENTO.PrecoUnitarioLicitado),15-13*$AF$10),0)","v":9},{"$f":"IF($C293=\"S\",IF(Import.TipoArredondamento<>\"TransfereGOV\",VTOTAL1,SUM(OFFSET(CÁLCULO!$AA$15,ROW($X293)-ROW($X$15),1):OFFSET(CÁLCULO!$AL$15,ROW($X293)-ROW($X$15),-1))),IF($C293=0,0,ROUND(SomaAgrup,15-13*$AF$11)))","v":343.35},"RA",{"$f":"IF(AND($C293=\"S\",$X293>0),IF(ISBLANK($Y293),\"RA\",LEFT($Y293,2)),\"\")","v":"RA"},{"$f":"IF($C293=\"S\",IF($Z293=\"CP\",$X293,IF($Z293=\"RA\",(($X293)*QCI!$AA$3),0)),SomaAgrup)","v":343.35},0,{"$f":"IF($N293=\"\",\"\",IF(ORÇAMENTO.Descricao=\"\",\"DESCRIÇÃO\",IF(AND($C293=\"S\",ORÇAMENTO.Unidade=\"\"),\"UNIDADE\",IF($X293<0,\"VALOR NEGATIVO\",IF(OR(AND(TIPOORCAMENTO=\"Proposto\",$AG293<>\"\",$AG293>0,ORÇAMENTO.CustoUnitario>$AG293),AND(TIPOORCAMENTO=\"LICITADO\",ORÇAMENTO.PrecoUnitarioLicitado>$AN293)),\"ACIMA REF.\",\"\")))))","v":""},{"$f":"IF(C293<=CRONO.NivelExibicao,MAX($AD$15:OFFSET(AD293,-1,0))+IF($C293<>1,1,MAX(1,COUNTIF(QCI!$A$13:$A$24,OFFSET($E293,-1,0)))),\"\")","v":""},{"$f":"IF(AND($C293=\"S\",ORÇAMENTO.CodBarra<>\"\"),IF(ORÇAMENTO.Fonte=\"\",ORÇAMENTO.CodBarra,CONCATENATE(ORÇAMENTO.Fonte,\" \",ORÇAMENTO.CodBarra)))","v":"SINAPI 89866"},{"$f":"IF(ISERROR(INDIRECT(ORÇAMENTO.BancoRef)),\"(abra o arquivo 'Referência \"&Excel_BuiltIn_Database&\".xlsm)\",IF(OR($C293<>\"S\",ORÇAMENTO.CodBarra=\"\"),\"(Sem Código)\",IF(ISERROR(MATCH($AE293,INDIRECT(ORÇAMENTO.BancoRef),0)),\"(Código não identificado nas referências)\",MATCH($AE293,INDIRECT(ORÇAMENTO.BancoRef),0))))","v":4276},{"$f":"ROUND(IF(DESONERACAO=\"sim\",REFERENCIA.Desonerado,REFERENCIA.NaoDesonerado),2)","v":7.12},0.26400000000000001,null,null,null,null,343.35,9]
["S",2,"S",0,{"$f":"IF($C294=1,OFFSET(E294,-1,0)+MAX(1,COUNTIF(QCI!$A$13:$A$24,OFFSET(ORÇAMENTO!E294,-1,0))),OFFSET(E294,-1,0))","v":1},23,0,0,5,0,{"$f":"IF(OR($C294=\"S\",$C294=0),0,MATCH(OFFSET($D294,0,$C294)+IF($C294<>1,1,COUNTIF(QCI!$A$13:$A$24,ORÇAMENTO!E294)),OFFSET($D294,1,$C294,ROW($C$296)-ROW($C294)),0))","v":0},"F","Serviço","Serviço","1.23.0.5.","SINAPI","89865",{"$f":"IF($C294=\"S\",REFERENCIA.Descricao,\"(digite a descrição aqui)\")","v":"TUBO, PVC, SOLDÁVEL, DE 25MM, INSTALADO EM DRENO DE AR-CONDICIONADO - FORNECIMENTO E INSTALAÇÃO. AF_08/2022"},{"$f":"REFERENCIA.Unidade","v":"M"},{"$f":"OFFSET(CÁLCULO!H$15,ROW($T294)-ROW(T$15),0)","v":19},16.57,"BDI 1",{"$f":"IF($C294=\"S\",ROUND(IF(TIPOORCAMENTO=\"Proposto\",ORÇAMENTO.CustoUnitario*(1+$AH294),ORÇAMENTO.PrecoUnitarioLicitado),15-13*$AF$10),0)","v":20.94},{"$f":"IF($C294=\"S\",IF(Import.TipoArredondamento<>\"TransfereGOV\",VTOTAL1,SUM(OFFSET(CÁLCULO!$AA$15,ROW($X294)-ROW($X$15),1):OFFSET(CÁLCULO!$AL$15,ROW($X294)-ROW($X$15),-1))),IF($C294=0,0,ROUND(SomaAgrup,15-13*$AF$11)))","v":397.86},"RA","RA",{"$f":"IF($C294=\"S\",IF($Z294=\"CP\",$X294,IF($Z294=\"RA\",(($X294)*QCI!$AA$3),0)),SomaAgrup)","v":397.86},0,{"$f":"IF($N294=\"\",\"\",IF(ORÇAMENTO.Descricao=\"\",\"DESCRIÇÃO\",IF(AND($C294=\"S\",ORÇAMENTO.Unidade=\"\"),\"UNIDADE\",IF($X294<0,\"VALOR NEGATIVO\",IF(OR(AND(TIPOORCAMENTO=\"Proposto\",$AG294<>\"\",$AG294>0,ORÇAMENTO.CustoUnitario>$AG294),AND(TIPOORCAMENTO=\"LICITADO\",ORÇAMENTO.PrecoUnitarioLicitado>$AN294)),\"ACIMA REF.\",\"\")))))","v":""},{"$f":"IF(C294<=CRONO.NivelExibicao,MAX($AD$15:OFFSET(AD294,-1,0))+IF($C294<>1,1,MAX(1,COUNTIF(QCI!$A$13:$A$24,OFFSET($E294,-1,0)))),\"\")","v":""},{"$f":"IF(AND($C294=\"S\",ORÇAMENTO.CodBarra<>\"\"),IF(ORÇAMENTO.Fonte=\"\",ORÇAMENTO.CodBarra,CONCATENATE(ORÇAMENTO.Fonte,\" \",ORÇAMENTO.CodBarra)))","v":"SINAPI 89865"},{"$f":"IF(ISERROR(INDIRECT(ORÇAMENTO.BancoRef)),\"(abra o arquivo 'Referência \"&Excel_BuiltIn_Database&\".xlsm)\",IF(OR($C294<>\"S\",ORÇAMENTO.CodBarra=\"\"),\"(Sem Código)\",IF(ISERROR(MATCH($AE294,INDIRECT(ORÇAMENTO.BancoRef),0)),\"(Código não identificado nas referências)\",MATCH($AE294,INDIRECT(ORÇAMENTO.BancoRef),0))))","v":3674},{"$f":"ROUND(IF(DESONERACAO=\"sim\",REFERENCIA.Desonerado,REFERENCIA.NaoDesonerado),2)","v":16.57},0.26400000000000001,null,null,null,null,397.86,20.94]
[{"$f":"CHOOSE(1+LOG(1+2*(ORÇAMENTO.Nivel=\"Meta\")+4*(ORÇAMENTO.Nivel=\"Nível 2\")+8*(ORÇAMENTO.Nivel=\"Nível 3\")+16*(ORÇAMENTO.Nivel=\"Nível 4\")+32*(ORÇAMENTO.Nivel=\"Serviço\"),2),0,1,2,3,4,\"S\")","v":"S"},{"$f":"IF(OR(C295=\"s\",C295=0),OFFSET(B295,-1,0),C295)","v":2},{"$f":"IF(OFFSET(C295,-1,0)=\"L\",1,IF(OFFSET(C295,-1,0)=1,2,IF(OR(A295=\"s\",A295=0),\"S\",IF(AND(OFFSET(C295,-1,0)=2,A295=4),3,IF(AND(OR(OFFSET(C295,-1,0)=\"s\",OFFSET(C295,-1,0)=0),A295<>\"s\",A295>OFFSET(B295,-1,0)),OFFSET(B295,-1,0),A295)))))","v":"S"},{"$f":"IF(OR(C295=\"S\",C295=0),0,IF(ISERROR(K295),J295,SMALL(J295:K295,1)))","v":0},{"$f":"IF($C295=1,OFFSET(E295,-1,0)+MAX(1,COUNTIF(QCI!$A$13:$A$24,OFFSET(ORÇAMENTO!E295,-1,0))),OFFSET(E295,-1,0))","v":1},{"$f":"IF($C295=1,0,IF($C295=2,OFFSET(F295,-1,0)+1,OFFSET(F295,-1,0)))","v":23},{"$f":"IF(AND($C295<=2,$C295<>0),0,IF($C295=3,OFFSET(G295,-1,0)+1,OFFSET(G295,-1,0)))","v":0},{"$f":"IF(AND($C295<=3,$C295<>0),0,IF($C295=4,OFFSET(H295,-1,0)+1,OFFSET(H295,-1,0)))","v":0},{"$f":"IF(AND($C295<=4,$C295<>0),0,IF(AND($C295=\"S\",$X295>0),OFFSET(I295,-1,0)+1,OFFSET(I295,-1,0)))","v":6},0,{"$f":"IF(OR($C295=\"S\",$C295=0),0,MATCH(OFFSET($D295,0,$C295)+IF($C295<>1,1,COUNTIF(QCI!$A$13:$A$24,ORÇAMENTO!E295)),OFFSET($D295,1,$C295,ROW($C$296)-ROW($C295)),0))","v":0},{"$f":"IF(OR($X295>0,$C295=1,$C295=2,$C295=3,$C295=4),\"F\",\"\")","v":"F"},"Serviço",{"$f":"CHOOSE(1+LOG(1+2*(C295=1)+4*(C295=2)+8*(C295=3)+16*(C295=4)+32*(C295=\"S\"),2),\"\",\"Meta\",\"Nível 2\",\"Nível 3\",\"Nível 4\",\"Serviço\")","v":"Serviço"},{"$f":"IF(OR($C295=0,$L295=\"\"),\"-\",CONCATENATE(E295&\".\",IF(AND($A$5>=2,$C295>=2),F295&\".\",\"\"),IF(AND($A$5>=3,$C295>=3),G295&\".\",\"\"),IF(AND($A$5>=4,$C295>=4),H295&\".\",\"\"),IF($C295=\"S\",I295&\".\",\"\")))","v":"1.23.0.6."},"SINAPI","89869",{"$f":"IF($C295=\"S\",REFERENCIA.Descricao,\"(digite a descrição aqui)\")","v":"TE, PVC, SOLDÁVEL, DN 25MM, INSTALADO EM DRENO DE AR-CONDICIONADO - FORNECIMENTO E INSTALAÇÃO. AF_08/2022"},{"$f":"REFERENCIA.Unidade","v":"UN"},{"$f":"OFFSET(CÁLCULO!H$15,ROW($T295)-ROW(T$15),0)","v":2},9.91,"BDI 1",{"$f":"IF($C295=\"S\",ROUND(IF(TIPOORCAMENTO=\"Proposto\",ORÇAMENTO.CustoUnitario*(1+$AH295),ORÇAMENTO.PrecoUnitarioLicitado),15-13*$AF$10),0)","v":12.53},{"$f":"IF($C295=\"S\",IF(Import.TipoArredondamento<>\"TransfereGOV\",VTOTAL1,SUM(OFFSET(CÁLCULO!$AA$15,ROW($X295)-ROW($X$15),1):OFFSET(CÁLCULO!$AL$15,ROW($X295)-ROW($X$15),-1))),IF($C295=0,0,ROUND(SomaAgrup,15-13*$AF$11)))","v":25.06},"RA",{"$f":"IF(AND($C295=\"S\",$X295>0),IF(ISBLANK($Y295),\"RA\",LEFT($Y295,2)),\"\")","v":"RA"},{"$f":"IF($C295=\"S\",IF($Z295=\"CP\",$X295,IF($Z295=\"RA\",(($X295)*QCI!$AA$3),0)),SomaAgrup)","v":25.06},{"$f":"IF($C295=\"S\",IF($Z295=\"OU\",ROUND($X295,2),0),SomaAgrup)","v":0},{"$f":"IF($N295=\"\",\"\",IF(ORÇAMENTO.Descricao=\"\",\"DESCRIÇÃO\",IF(AND($C295=\"S\",ORÇAMENTO.Unidade=\"\"),\"UNIDADE\",IF($X295<0,\"VALOR NEGATIVO\",IF(OR(AND(TIPOORCAMENTO=\"Proposto\",$AG295<>\"\",$AG295>0,ORÇAMENTO.CustoUnitario>$AG295),AND(TIPOORCAMENTO=\"LICITADO\",ORÇAMENTO.PrecoUnitarioLicitado>$AN295)),\"ACIMA REF.\",\"\")))))","v":""},{"$f":"IF(C295<=CRONO.NivelExibicao,MAX($AD$15:OFFSET(AD295,-1,0))+IF($C295<>1,1,MAX(1,COUNTIF(QCI!$A$13:$A$24,OFFSET($E295,-1,0)))),\"\")","v":""},{"$f":"IF(AND($C295=\"S\",ORÇAMENTO.CodBarra<>\"\"),IF(ORÇAMENTO.Fonte=\"\",ORÇAMENTO.CodBarra,CONCATENATE(ORÇAMENTO.Fonte,\" \",ORÇAMENTO.CodBarra)))","v":"SINAPI 89869"},{"$f":"IF(ISERROR(INDIRECT(ORÇAMENTO.BancoRef)),\"(abra o arquivo 'Referência \"&Excel_BuiltIn_Database&\".xlsm)\",IF(OR($C295<>\"S\",ORÇAMENTO.CodBarra=\"\"),\"(Sem Código)\",IF(ISERROR(MATCH($AE295,INDIRECT(ORÇAMENTO.BancoRef),0)),\"(Código não identificado nas referências)\",MATCH($AE295,INDIRECT(ORÇAMENTO.BancoRef),0))))","v":4279},{"$f":"ROUND(IF(DESONERACAO=\"sim\",REFERENCIA.Desonerado,REFERENCIA.NaoDesonerado),2)","v":9.91},{"$f":"ROUND(IF(ISNUMBER(ORÇAMENTO.OpcaoBDI),ORÇAMENTO.OpcaoBDI,IF(LEFT(ORÇAMENTO.OpcaoBDI,3)=\"BDI\",HLOOKUP(ORÇAMENTO.OpcaoBDI,$F$4:$H$5,2,FALSE),0)),15-11*$AF$9)","v":0.26400000000000001},null,null,null,null,25.06,{"$f":"ROUND(ORÇAMENTO.CustoUnitario*(1+$AH295),2)","v":12.53}]
[-1,null,-1,null,0,0,0,0,0,null,null,"F"]
[]
[]
[null,null,null,null,null,null,null,null,null,null,null,null,null,null,"Encargos sociais:",null,"Para elaboração deste orçamento, foram utilizados os encargos sociais do SINAPI para a Unidade da Federação indicada."]
[]
[null,null,null,null,null,null,null,null,null,null,null,null,null,null,"Observações:"]
[]
[]
[]
[]
[null,null,null,null,null,null,null,null,null,null,null,null,null,null,{"$f":"IF(AND($AF$7=FALSE,$AF$8=FALSE,$AF$9=FALSE,$AF$10=FALSE,$AF$11=FALSE),\"Não foi considerado arredondamento nos valores da planilha.\",CONCATENATE(\"Foi considerado arredondamento de duas casas decimais para \",IF($AF$7=TRUE,\"Quantidade; \",\"\"),IF($AF$8=TRUE,\"Custo Unitário; \",\"\"),IF($AF$9=TRUE,\"BDI; \",\"\"),IF($AF$10=TRUE,\"Preço Unitário; \",\"\"),IF($AF$11=TRUE,\"Preço Total.\",\"\")))","v":"Foi considerado arredondamento de duas casas decimais para Quantidade; Custo Unitário; BDI; Preço Unitário; Preço Total."}]
[null,null,null,null,null,null,null,null,null,null,null,null,null,null,"Siglas da Composição do Investimento: RA - Rateio proporcional entre Repasse e Contrapartida; RP - 100% Repasse; CP - 100% Contrapartida; OU - 100% Outros."]
[]
[null,null,null,null,null,null,null,null,null,null,null,null,null,null,{"$f":"Import.Município","v":"TENENTE PORTELA"}]
[null,null,null,null,null,null,null,null,null,null,null,null,null,null,"Local",null,null,null,"Responsável Técnico"]
[null,null,null,null,null,null,null,null,null,null,null,null,null,null,null,null,null,null,"Nome:",{"$f":"Import.RespOrçamento","v":"RONEI ROBSON PÖERCH"}]
[null,null,null,null,null,null,null,null,null,null,null,null,null,null,{"$f":"DADOS!$F$25","v":"2024-11-15"},null,null,null,"CREA/CAU:","128652-4"]
[null,null,null,null,null,null,null,null,null,null,null,null,null,null,"Data",null,null,null,"ART/RRT:",0]

{"sheet":"CÁLCULO","index":5,"n_rows":304,"n_cols":59,"rows_kept":304,"cut":false,"hidden":false,"merged":[[0,5,0,7],[0,16,0,17],[0,24,0,25],[1,5,1,7],[1,16,1,17],[1,24,1,25],[14,4,14,7],[3,4,3,5],[3,6,3,7],[3,18,3,19],[3,20,3,25],[4,4,4,5],[4,6,4,7],[4,18,4,19],[4,20,4,25]]}
[null,null,null,null,null,{"$f":"IF(ACOMPANHAMENTO=\"BM\",\"MEMÓRIA DE CÁLCULO\",\"PLQ - PLANILHA DE LEVANTAMENTO DE QUANTIDADES\")","v":"PLQ - PLANILHA DE LEVANTAMENTO DE QUANTIDADES"},null,null,null,null,null,null,null,null,null,null,"Grau de Sigilo",null,null,null,null,null,null,null,"Grau de Sigilo"]
[null,null,null,null,null,{"$f":"IF(ACOMPANHAMENTO=\"BM\",\"\",\"Memória de Cálculo\")&\" - \"&import.recurso","v":"Memória de Cálculo - (SELECIONAR)"},null,null,null,null,null,null,null,null,null,null,"#PUBLICO",null,null,null,null,null,null,null,"#PUBLICO"]
[null,null,null,null,null,null,null,null,null,null,null,null,null,null,null,null,null,null,null,null,null,null,null,null,null,null,null,{"$f":"ROUND(ROUND(OFFSET(#REF!,0,AB$13),15-13*ORÇAMENTO!$AF$7)*OFFSET(ORÇAMENTO!$W$15,ROW(#REF!)-ROW(AB$15),0),15-13*ORÇAMENTO!$AF$11)","v":{"$error":"#REF!"}},{"$f":"ROUND(ROUND(OFFSET(#REF!,0,AC$13),15-13*ORÇAMENTO!$AF$7)*OFFSET(ORÇAMENTO!$W$15,ROW(#REF!)-ROW(AC$15),0),15-13*ORÇAMENTO!$AF$11)","v":{"$error":"#REF!"}},{"$f":"ROUND(ROUND(OFFSET(#REF!,0,AD$13),15-13*ORÇAMENTO!$AF$7)*OFFSET(ORÇAMENTO!$W$15,ROW(#REF!)-ROW(AD$15),0),15-13*ORÇAMENTO!$AF$11)","v":{"$error":"#REF!"}},{"$f":"SUM(AB3:AD3)-SUM(#REF!)","v":{"$error":"#REF!"}}]
[null,null,null,null,"APELIDO DO EMPREENDIMENTO",null,"Nº TransfereGOV",null,"Nº OPERAÇÃO",null,"PROPONENTE / TOMADOR",null,null,null,null,null,null,null,"Nº OPERAÇÃO",null,"PROPONENTE / TOMADOR"]
[null,null,null,null,{"$f":"Import.Apelido","v":"CENTRO DIA"},null,{"$f":"Import.TransfereGOV","v":0},null,{"$f":"Import.CR","v":0},null,{"$f":"Import.Proponente","v":0},null,null,null,null,null,null,null,{"$f":"Import.CR","v":0},null,{"$f":"Import.Proponente","v":0}]
[null,null,null,null,null,null,null,null,null,null,null,null,null,null,null,null,null,null,null,{"$f":"AE3","v":{"$error":"#REF!"}},null,null,null,null,null,null,null,"Preços dos serviços por frente",null,null,null,null,null,null,null,null,null,null,"Mês do cronograma",null,null,null,null,null,null,null,null,null,null,"Número da Medição"]
[]
[]
[]
[]
[]
[{"$f":"IF(OFFSET(EVENTOS!$C$5,1,0)=\"Automática, conforme os agrupadores Nível 4 do Orçamento\",4,IF(OFFSET(EVENTOS!$C$5,1,0)=\"Automática, conforme os agrupadores Nível 3 do Orçamento\",3,IF(OFFSET(EVENTOS!$C$5,1,0)=\"Definir Manualmente\",\"Manual\",2)))","v":2},"Empty",null,null,null,null,null,null,null,".","Nº AGRUPADOR DE EVENTOS",".",{"$f":"IF(ACOMPANHAMENTO=\"BM\",0,COUNTIF(M15:M296,0))","v":0},"FRENTES DE OBRA:",null,".",1,null,null,null,null,null,null,null,null,null,".",{"$f":"OFFSET($P$12,0,AB$13)","v":1},{"$f":"OFFSET($P$12,0,AC$13)","v":0},0,0,0,0,0,0,0,0,null,{"$f":"OFFSET($P$12,0,AM$13)","v":1},{"$f":"OFFSET($P$12,0,AN$13)","v":0},0,0,0,0,0,0,0,0,null,{"$f":"OFFSET($P$12,0,AX$13)","v":1},{"$f":"OFFSET($P$12,0,AY$13)","v":0},0,0,0,0,0,0,0,0]
["AUTOEVENTO","Empty",null,"Nível","Item","Descrição","Unidade","Quantidade","Memória de Cálculo",null,"Nº",null,"# Evento","Agrupador de Eventos",{"$f":"OFFSET(O13,0,-1)+1","v":{"$error":"#VALUE!"}},null,{"$f":"OFFSET(Q13,0,-1)+1","v":1},2,3,4,5,6,7,8,9,10,null,{"$f":"OFFSET(AB13,0,-1)+1","v":1},2,3,4,5,6,7,8,9,10,null,1,2,3,4,5,6,7,8,9,10,null,1,2,3,4,5,6,7,8,9,10]
[{"$f":"IF(AUTOEVENTO=\"Manual\",IF(K14<>\"\",MIN(VALUE(LEFT(K14,FIND(\".\",K14)-1)),COUNTA(EVENTOS.Lista)),0),IF(OR($B14>AUTOEVENTO,$B14=\"S\",$B14=0),SUBSTITUTE(OFFSET($A14,-1,0),IF($D14=\"Serviço\",\".\",\"\"),\"\"),ROW(A14)-ROW($A$15)&\".\"))","v":"AUTOEVENTO"},{"$f":"OFFSET(ORÇAMENTO!C$15,ROW(B14)-ROW(B$15),0)","v":"S"},{"$f":"OFFSET(ORÇAMENTO!L$15,ROW(C14)-ROW(C$15),0)","v":""},{"$f":"OFFSET(ORÇAMENTO!N$15,ROW(D14)-ROW(D$15),0)","v":"Serviço"},{"$f":"OFFSET(ORÇAMENTO!O$15,ROW(E14)-ROW(E$15),0)","v":"-"},{"$f":"OFFSET(ORÇAMENTO!R$15,ROW(F14)-ROW(F$15),0)","v":"(Sem Código)"},{"$f":"IF($D14<>\"Serviço\",\"\",OFFSET(ORÇAMENTO!S$15,ROW(G14)-ROW(G$15),0))","v":"-"},{"$f":"IF($D14<>\"Serviço\",0,IF(ACOMPANHAMENTO=\"BM\",ROUND(OFFSET(ORÇAMENTO!AJ$15,ROW(H14)-ROW(H$15),0),15-13*ORÇAMENTO!$AF$7),SUMPRODUCT(($Q$12:$AA$12<>\"\")*ROUND($Q14:$AA14,15-13*ORÇAMENTO!$AF$7))))","v":0},null,null,null,".",{"$f":"IF($D14<>\"Serviço\",\"\",IF(AUTOEVENTO=\"manual\",$A14,IF(ISERROR(MATCH($A14,$A$15:OFFSET($A14,-1,0),0)),MAX($M$15:OFFSET(M14,-1,0))+1,INDEX($M$15:OFFSET(M14,-1,0),MATCH($A14,$A$15:OFFSET($A14,-1,0),0)))))","v":"# Evento"},{"$f":"IF($D14<>\"Serviço\",\"\",IF(AUTOEVENTO=\"Manual\",IF($A14=0,\"<-- defina o número do agrupador\",OFFSET(EVENTOS!$D$14,$A14,0)),OFFSET($F$15,$A14,0)))","v":{"$error":"#VALUE!"}},null,null,null,null,null,null,null,null,null,null,null,null,null,{"$f":"IF(AND($D14=\"Serviço\",AB$12<>0,$H14>0,OR(AUTOEVENTO<>\"manual\",$M14<>1)),\nIF(Import.TipoArredondamento<>\"TransfereGOV\",\nROUND(OFFSET($P14,0,AB$13),15-13*ORÇAMENTO!$AF$7)/$H14*OFFSET(ORÇAMENTO!$X$15,ROW(AB14)-ROW(AB$15),0),\nROUND(ROUND(OFFSET($P14,0,AB$13),15-13*ORÇAMENTO!$AF$7)*OFFSET(ORÇAMENTO!$W$15,ROW(AB14)-ROW(AB$15),0),15-13*ORÇAMENTO!$AF$11)),0)","v":0},{"$f":"IF(AND($D14=\"Serviço\",AC$12<>0,$H14>0,OR(AUTOEVENTO<>\"manual\",$M14<>1)),\nIF(Import.TipoArredondamento<>\"TransfereGOV\",\nROUND(OFFSET($P14,0,AC$13),15-13*ORÇAMENTO!$AF$7)/$H14*OFFSET(ORÇAMENTO!$X$15,ROW(AC14)-ROW(AC$15),0),\nROUND(ROUND(OFFSET($P14,0,AC$13),15-13*ORÇAMENTO!$AF$7)*OFFSET(ORÇAMENTO!$W$15,ROW(AC14)-ROW(AC$15),0),15-13*ORÇAMENTO!$AF$11)),0)","v":0},{"$f":"IF(AND($D14=\"Serviço\",AD$12<>0,$H14>0,OR(AUTOEVENTO<>\"manual\",$M14<>1)),\nIF(Import.TipoArredondamento<>\"TransfereGOV\",\nROUND(OFFSET($P14,0,AD$13),15-13*ORÇAMENTO!$AF$7)/$H14*OFFSET(ORÇAMENTO!$X$15,ROW(AD14)-ROW(AD$15),0),\nROUND(ROUND(OFFSET($P14,0,AD$13),15-13*ORÇAMENTO!$AF$7)*OFFSET(ORÇAMENTO!$W$15,ROW(AD14)-ROW(AD$15),0),15-13*ORÇAMENTO!$AF$11)),0)","v":0},{"$f":"IF(AND($D14=\"Serviço\",AE$12<>0,$H14>0,OR(AUTOEVENTO<>\"manual\",$M14<>1)),\nIF(Import.TipoArredondamento<>\"TransfereGOV\",\nROUND(OFFSET($P14,0,AE$13),15-13*ORÇAMENTO!$AF$7)/$H14*OFFSET(ORÇAMENTO!$X$15,ROW(AE14)-ROW(AE$15),0),\nROUND(ROUND(OFFSET($P14,0,AE$13),15-13*ORÇAMENTO!$AF$7)*OFFSET(ORÇAMENTO!$W$15,ROW(AE14)-ROW(AE$15),0),15-13*ORÇAMENTO!$AF$11)),0)","v":0},{"$f":"IF(AND($D14=\"Serviço\",AF$12<>0,$H14>0,OR(AUTOEVENTO<>\"manual\",$M14<>1)),\nIF(Import.TipoArredondamento<>\"TransfereGOV\",\nROUND(OFFSET($P14,0,AF$13),15-13*ORÇAMENTO!$AF$7)/$H14*OFFSET(ORÇAMENTO!$X$15,ROW(AF14)-ROW(AF$15),0),\nROUND(ROUND(OFFSET($P14,0,AF$13),15-13*ORÇAMENTO!$AF$7)*OFFSET(ORÇAMENTO!$W$15,ROW(AF14)-ROW(AF$15),0),15-13*ORÇAMENTO!$AF$11)),0)","v":0},{"$f":"IF(AND($D14=\"Serviço\",AG$12<>0,$H14>0,OR(AUTOEVENTO<>\"manual\",$M14<>1)),\nIF(Import.TipoArredondamento<>\"TransfereGOV\",\nROUND(OFFSET($P14,0,AG$13),15-13*ORÇAMENTO!$AF$7)/$H14*OFFSET(ORÇAMENTO!$X$15,ROW(AG14)-ROW(AG$15),0),\nROUND(ROUND(OFFSET($P14,0,AG$13),15-13*ORÇAMENTO!$AF$7)*OFFSET(ORÇAMENTO!$W$15,ROW(AG14)-ROW(AG$15),0),15-13*ORÇAMENTO!$AF$11)),0)","v":0},{"$f":"IF(AND($D14=\"Serviço\",AH$12<>0,$H14>0,OR(AUTOEVENTO<>\"manual\",$M14<>1)),\nIF(Import.TipoArredondamento<>\"TransfereGOV\",\nROUND(OFFSET($P14,0,AH$13),15-13*ORÇAMENTO!$AF$7)/$H14*OFFSET(ORÇAMENTO!$X$15,ROW(AH14)-ROW(AH$15),0),\nROUND(ROUND(OFFSET($P14,0,AH$13),15-13*ORÇAMENTO!$AF$7)*OFFSET(ORÇAMENTO!$W$15,ROW(AH14)-ROW(AH$15),0),15-13*ORÇAMENTO!$AF$11)),0)","v":0},{"$f":"IF(AND($D14=\"Serviço\",AI$12<>0,$H14>0,OR(AUTOEVENTO<>\"manual\",$M14<>1)),\nIF(Import.TipoArredondamento<>\"TransfereGOV\",\nROUND(OFFSET($P14,0,AI$13),15-13*ORÇAMENTO!$AF$7)/$H14*OFFSET(ORÇAMENTO!$X$15,ROW(AI14)-ROW(AI$15),0),\nROUND(ROUND(OFFSET($P14,0,AI$13),15-13*ORÇAMENTO!$AF$7)*OFFSET(ORÇAMENTO!$W$15,ROW(AI14)-ROW(AI$15),0),15-13*ORÇAMENTO!$AF$11)),0)","v":0},{"$f":"IF(AND($D14=\"Serviço\",AJ$12<>0,$H14>0,OR(AUTOEVENTO<>\"manual\",$M14<>1)),\nIF(Import.TipoArredondamento<>\"TransfereGOV\",\nROUND(OFFSET($P14,0,AJ$13),15-13*ORÇAMENTO!$AF$7)/$H14*OFFSET(ORÇAMENTO!$X$15,ROW(AJ14)-ROW(AJ$15),0),\nROUND(ROUND(OFFSET($P14,0,AJ$13),15-13*ORÇAMENTO!$AF$7)*OFFSET(ORÇAMENTO!$W$15,ROW(AJ14)-ROW(AJ$15),0),15-13*ORÇAMENTO!$AF$11)),0)","v":0},{"$f":"IF(AND($D14=\"Serviço\",AK$12<>0,$H14>0,OR(AUTOEVENTO<>\"manual\",$M14<>1)),\nIF(Import.TipoArredondamento<>\"TransfereGOV\",\nROUND(OFFSET($P14,0,AK$13),15-13*ORÇAMENTO!$AF$7)/$H14*OFFSET(ORÇAMENTO!$X$15,ROW(AK14)-ROW(AK$15),0),\nROUND(ROUND(OFFSET($P14,0,AK$13),15-13*ORÇAMENTO!$AF$7)*OFFSET(ORÇAMENTO!$W$15,ROW(AK14)-ROW(AK$15),0),15-13*ORÇAMENTO!$AF$11)),0)","v":0},null,{"$f":"IF($D14<>\"Serviço\",0,IF(AND(AUTOEVENTO=\"Manual\",$M14=1),0,IF(OFFSET(CRONOPLE!$F$14,$M14,AM$13)=\"\",10^12,OFFSET(CRONOPLE!$F$14,$M14,AM$13))))","v":{"$error":"#VALUE!"}},{"$f":"IF($D14<>\"Serviço\",0,IF(AND(AUTOEVENTO=\"Manual\",$M14=1),0,IF(OFFSET(CRONOPLE!$F$14,$M14,AN$13)=\"\",10^12,OFFSET(CRONOPLE!$F$14,$M14,AN$13))))","v":{"$error":"#VALUE!"}},{"$f":"IF($D14<>\"Serviço\",0,IF(AND(AUTOEVENTO=\"Manual\",$M14=1),0,IF(OFFSET(CRONOPLE!$F$14,$M14,AO$13)=\"\",10^12,OFFSET(CRONOPLE!$F$14,$M14,AO$13))))","v":{"$error":"#VALUE!"}},{"$f":"IF($D14<>\"Serviço\",0,IF(AND(AUTOEVENTO=\"Manual\",$M14=1),0,IF(OFFSET(CRONOPLE!$F$14,$M14,AP$13)=\"\",10^12,OFFSET(CRONOPLE!$F$14,$M14,AP$13))))","v":{"$error":"#VALUE!"}},{"$f":"IF($D14<>\"Serviço\",0,IF(AND(AUTOEVENTO=\"Manual\",$M14=1),0,IF(OFFSET(CRONOPLE!$F$14,$M14,AQ$13)=\"\",10^12,OFFSET(CRONOPLE!$F$14,$M14,AQ$13))))","v":{"$error":"#VALUE!"}},{"$f":"IF($D14<>\"Serviço\",0,IF(AND(AUTOEVENTO=\"Manual\",$M14=1),0,IF(OFFSET(CRONOPLE!$F$14,$M14,AR$13)=\"\",10^12,OFFSET(CRONOPLE!$F$14,$M14,AR$13))))","v":{"$error":"#VALUE!"}},{"$f":"IF($D14<>\"Serviço\",0,IF(AND(AUTOEVENTO=\"Manual\",$M14=1),0,IF(OFFSET(CRONOPLE!$F$14,$M14,AS$13)=\"\",10^12,OFFSET(CRONOPLE!$F$14,$M14,AS$13))))","v":{"$error":"#VALUE!"}},{"$f":"IF($D14<>\"Serviço\",0,IF(AND(AUTOEVENTO=\"Manual\",$M14=1),0,IF(OFFSET(CRONOPLE!$F$14,$M14,AT$13)=\"\",10^12,OFFSET(CRONOPLE!$F$14,$M14,AT$13))))","v":{"$error":"#VALUE!"}},{"$f":"IF($D14<>\"Serviço\",0,IF(AND(AUTOEVENTO=\"Manual\",$M14=1),0,IF(OFFSET(CRONOPLE!$F$14,$M14,AU$13)=\"\",10^12,OFFSET(CRONOPLE!$F$14,$M14,AU$13))))","v":{"$error":"#VALUE!"}},{"$f":"IF($D14<>\"Serviço\",0,IF(AND(AUTOEVENTO=\"Manual\",$M14=1),0,IF(OFFSET(CRONOPLE!$F$14,$M14,AV$13)=\"\",10^12,OFFSET(CRONOPLE!$F$14,$M14,AV$13))))","v":{"$error":"#VALUE!"}},null,{"$f":"IF($D14<>\"Serviço\",0,IF(OR(AND(AUTOEVENTO=\"Manual\",$M14=1),$M14>(ROW(PLE.lastrow)-ROW(PLE.firstrow))),0,IF(OFFSET(PLE!$G$14,$M14,AX$13)=\"\",10^12,OFFSET(PLE!$G$14,$M14,AX$13))))","v":0},{"$f":"IF($D14<>\"Serviço\",0,IF(OR(AND(AUTOEVENTO=\"Manual\",$M14=1),$M14>(ROW(PLE.lastrow)-ROW(PLE.firstrow))),0,IF(OFFSET(PLE!$G$14,$M14,AY$13)=\"\",10^12,OFFSET(PLE!$G$14,$M14,AY$13))))","v":0},{"$f":"IF($D14<>\"Serviço\",0,IF(OR(AND(AUTOEVENTO=\"Manual\",$M14=1),$M14>(ROW(PLE.lastrow)-ROW(PLE.firstrow))),0,IF(OFFSET(PLE!$G$14,$M14,AZ$13)=\"\",10^12,OFFSET(PLE!$G$14,$M14,AZ$13))))","v":0},{"$f":"IF($D14<>\"Serviço\",0,IF(OR(AND(AUTOEVENTO=\"Manual\",$M14=1),$M14>(ROW(PLE.lastrow)-ROW(PLE.firstrow))),0,IF(OFFSET(PLE!$G$14,$M14,BA$13)=\"\",10^12,OFFSET(PLE!$G$14,$M14,BA$13))))","v":0},{"$f":"IF($D14<>\"Serviço\",0,IF(OR(AND(AUTOEVENTO=\"Manual\",$M14=1),$M14>(ROW(PLE.lastrow)-ROW(PLE.firstrow))),0,IF(OFFSET(PLE!$G$14,$M14,BB$13)=\"\",10^12,OFFSET(PLE!$G$14,$M14,BB$13))))","v":0},{"$f":"IF($D14<>\"Serviço\",0,IF(OR(AND(AUTOEVENTO=\"Manual\",$M14=1),$M14>(ROW(PLE.lastrow)-ROW(PLE.firstrow))),0,IF(OFFSET(PLE!$G$14,$M14,BC$13)=\"\",10^12,OFFSET(PLE!$G$14,$M14,BC$13))))","v":0},{"$f":"IF($D14<>\"Serviço\",0,IF(OR(AND(AUTOEVENTO=\"Manual\",$M14=1),$M14>(ROW(PLE.lastrow)-ROW(PLE.firstrow))),0,IF(OFFSET(PLE!$G$14,$M14,BD$13)=\"\",10^12,OFFSET(PLE!$G$14,$M14,BD$13))))","v":0},{"$f":"IF($D14<>\"Serviço\",0,IF(OR(AND(AUTOEVENTO=\"Manual\",$M14=1),$M14>(ROW(PLE.lastrow)-ROW(PLE.firstrow))),0,IF(OFFSET(PLE!$G$14,$M14,BE$13)=\"\",10^12,OFFSET(PLE!$G$14,$M14,BE$13))))","v":0},{"$f":"IF($D14<>\"Serviço\",0,IF(OR(AND(AUTOEVENTO=\"Manual\",$M14=1),$M14>(ROW(PLE.lastrow)-ROW(PLE.firstrow))),0,IF(OFFSET(PLE!$G$14,$M14,BF$13)=\"\",10^12,OFFSET(PLE!$G$14,$M14,BF$13))))","v":0},{"$f":"IF($D14<>\"Serviço\",0,IF(OR(AND(AUTOEVENTO=\"Manual\",$M14=1),$M14>(ROW(PLE.lastrow)-ROW(PLE.firstrow))),0,IF(OFFSET(PLE!$G$14,$M14,BG$13)=\"\",10^12,OFFSET(PLE!$G$14,$M14,BG$13))))","v":0}]
[null,{"$f":"OFFSET(ORÇAMENTO!C$15,ROW(B15)-ROW(B$15),0)","v":"L"},{"$f":"OFFSET(ORÇAMENTO!L$15,ROW(C15)-ROW(C$15),0)","v":"F"},{"$f":"IF(TIPOORCAMENTO=\"LICITADO\",\"CTEF\",\"LOTE\")","v":"LOTE"},{"$f":"Import.DescLote","v":"CENTRO DIA"},null,null,null,null,null,null,".",{"$f":"IF(AUTOEVENTO=\"MANUAL\",0,1)","v":1},"TOTAL FINANC. POR FRENTE (R$):",{"$f":"OFFSET($AA$15,0,O$13)","v":{"$error":"#VALUE!"}},null,{"$f":"OFFSET($AA$15,0,Q$13)","v":1117774.7},0,0,0,0,0,0,0,0,0,null,{"$f":"ROUND(SUM(OFFSET(AB$15,1,0):AB$296),2)","v":1117774.7},{"$f":"SUM(OFFSET(AC$15,1,0):AC$296)","v":0},{"$f":"SUM(OFFSET(AD$15,1,0):AD$296)","v":0},{"$f":"SUM(OFFSET(AE$15,1,0):AE$296)","v":0},{"$f":"SUM(OFFSET(AF$15,1,0):AF$296)","v":0},{"$f":"SUM(OFFSET(AG$15,1,0):AG$296)","v":0},{"$f":"SUM(OFFSET(AH$15,1,0):AH$296)","v":0},{"$f":"SUM(OFFSET(AI$15,1,0):AI$296)","v":0},{"$f":"SUM(OFFSET(AJ$15,1,0):AJ$296)","v":0},{"$f":"SUM(OFFSET(AK$15,1,0):AK$296)","v":0},null,{"$f":"10^12","v":1000000000000},{"$f":"10^12","v":1000000000000},1000000000000,1000000000000,1000000000000,1000000000000,1000000000000,1000000000000,1000000000000,1000000000000,null,{"$f":"10^12","v":1000000000000},1000000000000,1000000000000,1000000000000,1000000000000,1000000000000,1000000000000,1000000000000,1000000000000,1000000000000]
[{"$f":"IF(AUTOEVENTO=\"Manual\",IF(K16<>\"\",MIN(VALUE(LEFT(K16,FIND(\".\",K16)-1)),COUNTA(EVENTOS.Lista)),0),IF(OR($B16>AUTOEVENTO,$B16=\"S\",$B16=0),SUBSTITUTE(OFFSET($A16,-1,0),IF($D16=\"Serviço\",\".\",\"\"),\"\"),ROW(A16)-ROW($A$15)&\".\"))","v":"1."},{"$f":"OFFSET(ORÇAMENTO!C$15,ROW(B16)-ROW(B$15),0)","v":1},{"$f":"OFFSET(ORÇAMENTO!L$15,ROW(C16)-ROW(C$15),0)","v":"F"},{"$f":"OFFSET(ORÇAMENTO!N$15,ROW(D16)-ROW(D$15),0)","v":"Meta"},{"$f":"OFFSET(ORÇAMENTO!O$15,ROW(E16)-ROW(E$15),0)","v":"1."},{"$f":"OFFSET(ORÇAMENTO!R$15,ROW(F16)-ROW(F$15),0)","v":"CENTRO DIA"},{"$f":"IF($D16<>\"Serviço\",\"\",OFFSET(ORÇAMENTO!S$15,ROW(G16)-ROW(G$15),0))","v":""},{"$f":"IF($D16<>\"Serviço\",0,IF(ACOMPANHAMENTO=\"BM\",ROUND(OFFSET(ORÇAMENTO!AJ$15,ROW(H16)-ROW(H$15),0),15-13*ORÇAMENTO!$AF$7),SUMPRODUCT(($Q$12:$AA$12<>\"\")*ROUND($Q16:$AA16,15-13*ORÇAMENTO!$AF$7))))","v":0},null,null,null,".",{"$f":"IF($D16<>\"Serviço\",\"\",IF(AUTOEVENTO=\"manual\",$A16,IF(ISERROR(MATCH($A16,$A$15:OFFSET($A16,-1,0),0)),MAX($M$15:OFFSET(M16,-1,0))+1,INDEX($M$15:OFFSET(M16,-1,0),MATCH($A16,$A$15:OFFSET($A16,-1,0),0)))))","v":""},{"$f":"IF($D16<>\"Serviço\",\"\",IF(AUTOEVENTO=\"Manual\",IF($A16=0,\"<-- defina o número do agrupador\",OFFSET(EVENTOS!$D$14,$A16,0)),OFFSET($F$15,$A16,0)))","v":""},null,null,null,null,null,null,null,null,null,null,null,null,null,{"$f":"IF(AND($D16=\"Serviço\",AB$12<>0,$H16>0,OR(AUTOEVENTO<>\"manual\",$M16<>1)),\nIF(Import.TipoArredondamento<>\"TransfereGOV\",\nROUND(OFFSET($P16,0,AB$13),15-13*ORÇAMENTO!$AF$7)/$H16*OFFSET(ORÇAMENTO!$X$15,ROW(AB16)-ROW(AB$15),0),\nROUND(ROUND(OFFSET($P16,0,AB$13),15-13*ORÇAMENTO!$AF$7)*OFFSET(ORÇAMENTO!$W$15,ROW(AB16)-ROW(AB$15),0),15-13*ORÇAMENTO!$AF$11)),0)","v":0},{"$f":"IF(AND($D16=\"Serviço\",AC$12<>0,$H16>0,OR(AUTOEVENTO<>\"manual\",$M16<>1)),\nIF(Import.TipoArredondamento<>\"TransfereGOV\",\nROUND(OFFSET($P16,0,AC$13),15-13*ORÇAMENTO!$AF$7)/$H16*OFFSET(ORÇAMENTO!$X$15,ROW(AC16)-ROW(AC$15),0),\nROUND(ROUND(OFFSET($P16,0,AC$13),15-13*ORÇAMENTO!$AF$7)*OFFSET(ORÇAMENTO!$W$15,ROW(AC16)-ROW(AC$15),0),15-13*ORÇAMENTO!$AF$11)),0)","v":0},{"$f":"IF(AND($D16=\"Serviço\",AD$12<>0,$H16>0,OR(AUTOEVENTO<>\"manual\",$M16<>1)),\nIF(Import.TipoArredondamento<>\"TransfereGOV\",\nROUND(OFFSET($P16,0,AD$13),15-13*ORÇAMENTO!$AF$7)/$H16*OFFSET(ORÇAMENTO!$X$15,ROW(AD16)-ROW(AD$15),0),\nROUND(ROUND(OFFSET($P16,0,AD$13),15-13*ORÇAMENTO!$AF$7)*OFFSET(ORÇAMENTO!$W$15,ROW(AD16)-ROW(AD$15),0),15-13*ORÇAMENTO!$AF$11)),0)","v":0},{"$f":"IF(AND($D16=\"Serviço\",AE$12<>0,$H16>0,OR(AUTOEVENTO<>\"manual\",$M16<>1)),\nIF(Import.TipoArredondamento<>\"TransfereGOV\",\nROUND(OFFSET($P16,0,AE$13),15-13*ORÇAMENTO!$AF$7)/$H16*OFFSET(ORÇAMENTO!$X$15,ROW(AE16)-ROW(AE$15),0),\nROUND(ROUND(OFFSET($P16,0,AE$13),15-13*ORÇAMENTO!$AF$7)*OFFSET(ORÇAMENTO!$W$15,ROW(AE16)-ROW(AE$15),0),15-13*ORÇAMENTO!$AF$11)),0)","v":0},{"$f":"IF(AND($D16=\"Serviço\",AF$12<>0,$H16>0,OR(AUTOEVENTO<>\"manual\",$M16<>1)),\nIF(Import.TipoArredondamento<>\"TransfereGOV\",\nROUND(OFFSET($P16,0,AF$13),15-13*ORÇAMENTO!$AF$7)/$H16*OFFSET(ORÇAMENTO!$X$15,ROW(AF16)-ROW(AF$15),0),\nROUND(ROUND(OFFSET($P16,0,AF$13),15-13*ORÇAMENTO!$AF$7)*OFFSET(ORÇAMENTO!$W$15,ROW(AF16)-ROW(AF$15),0),15-13*ORÇAMENTO!$AF$11)),0)","v":0},{"$f":"IF(AND($D16=\"Serviço\",AG$12<>0,$H16>0,OR(AUTOEVENTO<>\"manual\",$M16<>1)),\nIF(Import.TipoArredondamento<>\"TransfereGOV\",\nROUND(OFFSET($P16,0,AG$13),15-13*ORÇAMENTO!$AF$7)/$H16*OFFSET(ORÇAMENTO!$X$15,ROW(AG16)-ROW(AG$15),0),\nROUND(ROUND(OFFSET($P16,0,AG$13),15-13*ORÇAMENTO!$AF$7)*OFFSET(ORÇAMENTO!$W$15,ROW(AG16)-ROW(AG$15),0),15-13*ORÇAMENTO!$AF$11)),0)","v":0},{"$f":"IF(AND($D16=\"Serviço\",AH$12<>0,$H16>0,OR(AUTOEVENTO<>\"manual\",$M16<>1)),\nIF(Import.TipoArredondamento<>\"TransfereGOV\",\nROUND(OFFSET($P16,0,AH$13),15-13*ORÇAMENTO!$AF$7)/$H16*OFFSET(ORÇAMENTO!$X$15,ROW(AH16)-ROW(AH$15),0),\nROUND(ROUND(OFFSET($P16,0,AH$13),15-13*ORÇAMENTO!$AF$7)*OFFSET(ORÇAMENTO!$W$15,ROW(AH16)-ROW(AH$15),0),15-13*ORÇAMENTO!$AF$11)),0)","v":0},{"$f":"IF(AND($D16=\"Serviço\",AI$12<>0,$H16>0,OR(AUTOEVENTO<>\"manual\",$M16<>1)),\nIF(Import.TipoArredondamento<>\"TransfereGOV\",\nROUND(OFFSET($P16,0,AI$13),15-13*ORÇAMENTO!$AF$7)/$H16*OFFSET(ORÇAMENTO!$X$15,ROW(AI16)-ROW(AI$15),0),\nROUND(ROUND(OFFSET($P16,0,AI$13),15-13*ORÇAMENTO!$AF$7)*OFFSET(ORÇAMENTO!$W$15,ROW(AI16)-ROW(AI$15),0),15-13*ORÇAMENTO!$AF$11)),0)","v":0},{"$f":"IF(AND($D16=\"Serviço\",AJ$12<>0,$H16>0,OR(AUTOEVENTO<>\"manual\",$M16<>1)),\nIF(Import.TipoArredondamento<>\"TransfereGOV\",\nROUND(OFFSET($P16,0,AJ$13),15-13*ORÇAMENTO!$AF$7)/$H16*OFFSET(ORÇAMENTO!$X$15,ROW(AJ16)-ROW(AJ$15),0),\nROUND(ROUND(OFFSET($P16,0,AJ$13),15-13*ORÇAMENTO!$AF$7)*OFFSET(ORÇAMENTO!$W$15,ROW(AJ16)-ROW(AJ$15),0),15-13*ORÇAMENTO!$AF$11)),0)","v":0},{"$f":"IF(AND($D16=\"Serviço\",AK$12<>0,$H16>0,OR(AUTOEVENTO<>\"manual\",$M16<>1)),\nIF(Import.TipoArredondamento<>\"TransfereGOV\",\nROUND(OFFSET($P16,0,AK$13),15-13*ORÇAMENTO!$AF$7)/$H16*OFFSET(ORÇAMENTO!$X$15,ROW(AK16)-ROW(AK$15),0),\nROUND(ROUND(OFFSET($P16,0,AK$13),15-13*ORÇAMENTO!$AF$7)*OFFSET(ORÇAMENTO!$W$15,ROW(AK16)-ROW(AK$15),0),15-13*ORÇAMENTO!$AF$11)),0)","v":0},null,{"$f":"IF($D16<>\"Serviço\",0,IF(AND(AUTOEVENTO=\"Manual\",$M16=1),0,IF(OFFSET(CRONOPLE!$F$14,$M16,AM$13)=\"\",10^12,OFFSET(CRONOPLE!$F$14,$M16,AM$13))))","v":0},{"$f":"IF($D16<>\"Serviço\",0,IF(AND(AUTOEVENTO=\"Manual\",$M16=1),0,IF(OFFSET(CRONOPLE!$F$14,$M16,AN$13)=\"\",10^12,OFFSET(CRONOPLE!$F$14,$M16,AN$13))))","v":0},{"$f":"IF($D16<>\"Serviço\",0,IF(AND(AUTOEVENTO=\"Manual\",$M16=1),0,IF(OFFSET(CRONOPLE!$F$14,$M16,AO$13)=\"\",10^12,OFFSET(CRONOPLE!$F$14,$M16,AO$13))))","v":0},{"$f":"IF($D16<>\"Serviço\",0,IF(AND(AUTOEVENTO=\"Manual\",$M16=1),0,IF(OFFSET(CRONOPLE!$F$14,$M16,AP$13)=\"\",10^12,OFFSET(CRONOPLE!$F$14,$M16,AP$13))))","v":0},{"$f":"IF($D16<>\"Serviço\",0,IF(AND(AUTOEVENTO=\"Manual\",$M16=1),0,IF(OFFSET(CRONOPLE!$F$14,$M16,AQ$13)=\"\",10^12,OFFSET(CRONOPLE!$F$14,$M16,AQ$13))))","v":0},{"$f":"IF($D16<>\"Serviço\",0,IF(AND(AUTOEVENTO=\"Manual\",$M16=1),0,IF(OFFSET(CRONOPLE!$F$14,$M16,AR$13)=\"\",10^12,OFFSET(CRONOPLE!$F$14,$M16,AR$13))))","v":0},{"$f":"IF($D16<>\"Serviço\",0,IF(AND(AUTOEVENTO=\"Manual\",$M16=1),0,IF(OFFSET(CRONOPLE!$F$14,$M16,AS$13)=\"\",10^12,OFFSET(CRONOPLE!$F$14,$M16,AS$13))))","v":0},{"$f":"IF($D16<>\"Serviço\",0,IF(AND(AUTOEVENTO=\"Manual\",$M16=1),0,IF(OFFSET(CRONOPLE!$F$14,$M16,AT$13)=\"\",10^12,OFFSET(CRONOPLE!$F$14,$M16,AT$13))))","v":0},{"$f":"IF($D16<>\"Serviço\",0,IF(AND(AUTOEVENTO=\"Manual\",$M16=1),0,IF(OFFSET(CRONOPLE!$F$14,$M16,AU$13)=\"\",10^12,OFFSET(CRONOPLE!$F$14,$M16,AU$13))))","v":0},{"$f":"IF($D16<>\"Serviço\",0,IF(AND(AUTOEVENTO=\"Manual\",$M16=1),0,IF(OFFSET(CRONOPLE!$F$14,$M16,AV$13)=\"\",10^12,OFFSET(CRONOPLE!$F$14,$M16,AV$13))))","v":0},null,{"$f":"IF($D16<>\"Serviço\",0,IF(OR(AND(AUTOEVENTO=\"Manual\",$M16=1),$M16>(ROW(PLE.lastrow)-ROW(PLE.firstrow))),0,IF(OFFSET(PLE!$G$14,$M16,AX$13)=\"\",10^12,OFFSET(PLE!$G$14,$M16,AX$13))))","v":0},{"$f":"IF($D16<>\"Serviço\",0,IF(OR(AND(AUTOEVENTO=\"Manual\",$M16=1),$M16>(ROW(PLE.lastrow)-ROW(PLE.firstrow))),0,IF(OFFSET(PLE!$G$14,$M16,AY$13)=\"\",10^12,OFFSET(PLE!$G$14,$M16,AY$13))))","v":0},{"$f":"IF($D16<>\"Serviço\",0,IF(OR(AND(AUTOEVENTO=\"Manual\",$M16=1),$M16>(ROW(PLE.lastrow)-ROW(PLE.firstrow))),0,IF(OFFSET(PLE!$G$14,$M16,AZ$13)=\"\",10^12,OFFSET(PLE!$G$14,$M16,AZ$13))))","v":0},{"$f":"IF($D16<>\"Serviço\",0,IF(OR(AND(AUTOEVENTO=\"Manual\",$M16=1),$M16>(ROW(PLE.lastrow)-ROW(PLE.firstrow))),0,IF(OFFSET(PLE!$G$14,$M16,BA$13)=\"\",10^12,OFFSET(PLE!$G$14,$M16,BA$13))))","v":0},{"$f":"IF($D16<>\"Serviço\",0,IF(OR(AND(AUTOEVENTO=\"Manual\",$M16=1),$M16>(ROW(PLE.lastrow)-ROW(PLE.firstrow))),0,IF(OFFSET(PLE!$G$14,$M16,BB$13)=\"\",10^12,OFFSET(PLE!$G$14,$M16,BB$13))))","v":0},{"$f":"IF($D16<>\"Serviço\",0,IF(OR(AND(AUTOEVENTO=\"Manual\",$M16=1),$M16>(ROW(PLE.lastrow)-ROW(PLE.firstrow))),0,IF(OFFSET(PLE!$G$14,$M16,BC$13)=\"\",10^12,OFFSET(PLE!$G$14,$M16,BC$13))))","v":0},{"$f":"IF($D16<>\"Serviço\",0,IF(OR(AND(AUTOEVENTO=\"Manual\",$M16=1),$M16>(ROW(PLE.lastrow)-ROW(PLE.firstrow))),0,IF(OFFSET(PLE!$G$14,$M16,BD$13)=\"\",10^12,OFFSET(PLE!$G$14,$M16,BD$13))))","v":0},{"$f":"IF($D16<>\"Serviço\",0,IF(OR(AND(AUTOEVENTO=\"Manual\",$M16=1),$M16>(ROW(PLE.lastrow)-ROW(PLE.firstrow))),0,IF(OFFSET(PLE!$G$14,$M16,BE$13)=\"\",10^12,OFFSET(PLE!$G$14,$M16,BE$13))))","v":0},{"$f":"IF($D16<>\"Serviço\",0,IF(OR(AND(AUTOEVENTO=\"Manual\",$M16=1),$M16>(ROW(PLE.lastrow)-ROW(PLE.firstrow))),0,IF(OFFSET(PLE!$G$14,$M16,BF$13)=\"\",10^12,OFFSET(PLE!$G$14,$M16,BF$13))))","v":0},{"$f":"IF($D16<>\"Serviço\",0,IF(OR(AND(AUTOEVENTO=\"Manual\",$M16=1),$M16>(ROW(PLE.lastrow)-ROW(PLE.firstrow))),0,IF(OFFSET(PLE!$G$14,$M16,BG$13)=\"\",10^12,OFFSET(PLE!$G$14,$M16,BG$13))))","v":0}]
[{"$f":"IF(AUTOEVENTO=\"Manual\",IF(K17<>\"\",MIN(VALUE(LEFT(K17,FIND(\".\",K17)-1)),COUNTA(EVENTOS.Lista)),0),IF(OR($B17>AUTOEVENTO,$B17=\"S\",$B17=0),SUBSTITUTE(OFFSET($A17,-1,0),IF($D17=\"Serviço\",\".\",\"\"),\"\"),ROW(A17)-ROW($A$15)&\".\"))","v":"2."},{"$f":"OFFSET(ORÇAMENTO!C$15,ROW(B17)-ROW(B$15),0)","v":2},{"$f":"OFFSET(ORÇAMENTO!L$15,ROW(C17)-ROW(C$15),0)","v":"F"},{"$f":"OFFSET(ORÇAMENTO!N$15,ROW(D17)-ROW(D$15),0)","v":"Nível 2"},{"$f":"OFFSET(ORÇAMENTO!O$15,ROW(E17)-ROW(E$15),0)","v":"1.1."},{"$f":"OFFSET(ORÇAMENTO!R$15,ROW(F17)-ROW(F$15),0)","v":"SERVIÇOS PRELIMINARES"},{"$f":"IF($D17<>\"Serviço\",\"\",OFFSET(ORÇAMENTO!S$15,ROW(G17)-ROW(G$15),0))","v":""},{"$f":"IF($D17<>\"Serviço\",0,IF(ACOMPANHAMENTO=\"BM\",ROUND(OFFSET(ORÇAMENTO!AJ$15,ROW(H17)-ROW(H$15),0),15-13*ORÇAMENTO!$AF$7),SUMPRODUCT(($Q$12:$AA$12<>\"\")*ROUND($Q17:$AA17,15-13*ORÇAMENTO!$AF$7))))","v":0},null,null,null,".",{"$f":"IF($D17<>\"Serviço\",\"\",IF(AUTOEVENTO=\"manual\",$A17,IF(ISERROR(MATCH($A17,$A$15:OFFSET($A17,-1,0),0)),MAX($M$15:OFFSET(M17,-1,0))+1,INDEX($M$15:OFFSET(M17,-1,0),MATCH($A17,$A$15:OFFSET($A17,-1,0),0)))))","v":""},{"$f":"IF($D17<>\"Serviço\",\"\",IF(AUTOEVENTO=\"Manual\",IF($A17=0,\"<-- defina o número do agrupador\",OFFSET(EVENTOS!$D$14,$A17,0)),OFFSET($F$15,$A17,0)))","v":""},null,null,null,null,null,null,null,null,null,null,null,null,null,{"$f":"IF(AND($D17=\"Serviço\",AB$12<>0,$H17>0,OR(AUTOEVENTO<>\"manual\",$M17<>1)),\nIF(Import.TipoArredondamento<>\"TransfereGOV\",\nROUND(OFFSET($P17,0,AB$13),15-13*ORÇAMENTO!$AF$7)/$H17*OFFSET(ORÇAMENTO!$X$15,ROW(AB17)-ROW(AB$15),0),\nROUND(ROUND(OFFSET($P17,0,AB$13),15-13*ORÇAMENTO!$AF$7)*OFFSET(ORÇAMENTO!$W$15,ROW(AB17)-ROW(AB$15),0),15-13*ORÇAMENTO!$AF$11)),0)","v":0},{"$f":"IF(AND($D17=\"Serviço\",AC$12<>0,$H17>0,OR(AUTOEVENTO<>\"manual\",$M17<>1)),\nIF(Import.TipoArredondamento<>\"TransfereGOV\",\nROUND(OFFSET($P17,0,AC$13),15-13*ORÇAMENTO!$AF$7)/$H17*OFFSET(ORÇAMENTO!$X$15,ROW(AC17)-ROW(AC$15),0),\nROUND(ROUND(OFFSET($P17,0,AC$13),15-13*ORÇAMENTO!$AF$7)*OFFSET(ORÇAMENTO!$W$15,ROW(AC17)-ROW(AC$15),0),15-13*ORÇAMENTO!$AF$11)),0)","v":0},{"$f":"IF(AND($D17=\"Serviço\",AD$12<>0,$H17>0,OR(AUTOEVENTO<>\"manual\",$M17<>1)),\nIF(Import.TipoArredondamento<>\"TransfereGOV\",\nROUND(OFFSET($P17,0,AD$13),15-13*ORÇAMENTO!$AF$7)/$H17*OFFSET(ORÇAMENTO!$X$15,ROW(AD17)-ROW(AD$15),0),\nROUND(ROUND(OFFSET($P17,0,AD$13),15-13*ORÇAMENTO!$AF$7)*OFFSET(ORÇAMENTO!$W$15,ROW(AD17)-ROW(AD$15),0),15-13*ORÇAMENTO!$AF$11)),0)","v":0},{"$f":"IF(AND($D17=\"Serviço\",AE$12<>0,$H17>0,OR(AUTOEVENTO<>\"manual\",$M17<>1)),\nIF(Import.TipoArredondamento<>\"TransfereGOV\",\nROUND(OFFSET($P17,0,AE$13),15-13*ORÇAMENTO!$AF$7)/$H17*OFFSET(ORÇAMENTO!$X$15,ROW(AE17)-ROW(AE$15),0),\nROUND(ROUND(OFFSET($P17,0,AE$13),15-13*ORÇAMENTO!$AF$7)*OFFSET(ORÇAMENTO!$W$15,ROW(AE17)-ROW(AE$15),0),15-13*ORÇAMENTO!$AF$11)),0)","v":0},{"$f":"IF(AND($D17=\"Serviço\",AF$12<>0,$H17>0,OR(AUTOEVENTO<>\"manual\",$M17<>1)),\nIF(Import.TipoArredondamento<>\"TransfereGOV\",\nROUND(OFFSET($P17,0,AF$13),15-13*ORÇAMENTO!$AF$7)/$H17*OFFSET(ORÇAMENTO!$X$15,ROW(AF17)-ROW(AF$15),0),\nROUND(ROUND(OFFSET($P17,0,AF$13),15-13*ORÇAMENTO!$AF$7)*OFFSET(ORÇAMENTO!$W$15,ROW(AF17)-ROW(AF$15),0),15-13*ORÇAMENTO!$AF$11)),0)","v":0},{"$f":"IF(AND($D17=\"Serviço\",AG$12<>0,$H17>0,OR(AUTOEVENTO<>\"manual\",$M17<>1)),\nIF(Import.TipoArredondamento<>\"TransfereGOV\",\nROUND(OFFSET($P17,0,AG$13),15-13*ORÇAMENTO!$AF$7)/$H17*OFFSET(ORÇAMENTO!$X$15,ROW(AG17)-ROW(AG$15),0),\nROUND(ROUND(OFFSET($P17,0,AG$13),15-13*ORÇAMENTO!$AF$7)*OFFSET(ORÇAMENTO!$W$15,ROW(AG17)-ROW(AG$15),0),15-13*ORÇAMENTO!$AF$11)),0)","v":0},{"$f":"IF(AND($D17=\"Serviço\",AH$12<>0,$H17>0,OR(AUTOEVENTO<>\"manual\",$M17<>1)),\nIF(Import.TipoArredondamento<>\"TransfereGOV\",\nROUND(OFFSET($P17,0,AH$13),15-13*ORÇAMENTO!$AF$7)/$H17*OFFSET(ORÇAMENTO!$X$15,ROW(AH17)-ROW(AH$15),0),\nROUND(ROUND(OFFSET($P17,0,AH$13),15-13*ORÇAMENTO!$AF$7)*OFFSET(ORÇAMENTO!$W$15,ROW(AH17)-ROW(AH$15),0),15-13*ORÇAMENTO!$AF$11)),0)","v":0},{"$f":"IF(AND($D17=\"Serviço\",AI$12<>0,$H17>0,OR(AUTOEVENTO<>\"manual\",$M17<>1)),\nIF(Import.TipoArredondamento<>\"TransfereGOV\",\nROUND(OFFSET($P17,0,AI$13),15-13*ORÇAMENTO!$AF$7)/$H17*OFFSET(ORÇAMENTO!$X$15,ROW(AI17)-ROW(AI$15),0),\nROUND(ROUND(OFFSET($P17,0,AI$13),15-13*ORÇAMENTO!$AF$7)*OFFSET(ORÇAMENTO!$W$15,ROW(AI17)-ROW(AI$15),0),15-13*ORÇAMENTO!$AF$11)),0)","v":0},{"$f":"IF(AND($D17=\"Serviço\",AJ$12<>0,$H17>0,OR(AUTOEVENTO<>\"manual\",$M17<>1)),\nIF(Import.TipoArredondamento<>\"TransfereGOV\",\nROUND(OFFSET($P17,0,AJ$13),15-13*ORÇAMENTO!$AF$7)/$H17*OFFSET(ORÇAMENTO!$X$15,ROW(AJ17)-ROW(AJ$15),0),\nROUND(ROUND(OFFSET($P17,0,AJ$13),15-13*ORÇAMENTO!$AF$7)*OFFSET(ORÇAMENTO!$W$15,ROW(AJ17)-ROW(AJ$15),0),15-13*ORÇAMENTO!$AF$11)),0)","v":0},{"$f":"IF(AND($D17=\"Serviço\",AK$12<>0,$H17>0,OR(AUTOEVENTO<>\"manual\",$M17<>1)),\nIF(Import.TipoArredondamento<>\"TransfereGOV\",\nROUND(OFFSET($P17,0,AK$13),15-13*ORÇAMENTO!$AF$7)/$H17*OFFSET(ORÇAMENTO!$X$15,ROW(AK17)-ROW(AK$15),0),\nROUND(ROUND(OFFSET($P17,0,AK$13),15-13*ORÇAMENTO!$AF$7)*OFFSET(ORÇAMENTO!$W$15,ROW(AK17)-ROW(AK$15),0),15-13*ORÇAMENTO!$AF$11)),0)","v":0},null,{"$f":"IF($D17<>\"Serviço\",0,IF(AND(AUTOEVENTO=\"Manual\",$M17=1),0,IF(OFFSET(CRONOPLE!$F$14,$M17,AM$13)=\"\",10^12,OFFSET(CRONOPLE!$F$14,$M17,AM$13))))","v":0},{"$f":"IF($D17<>\"Serviço\",0,IF(AND(AUTOEVENTO=\"Manual\",$M17=1),0,IF(OFFSET(CRONOPLE!$F$14,$M17,AN$13)=\"\",10^12,OFFSET(CRONOPLE!$F$14,$M17,AN$13))))","v":0},{"$f":"IF($D17<>\"Serviço\",0,IF(AND(AUTOEVENTO=\"Manual\",$M17=1),0,IF(OFFSET(CRONOPLE!$F$14,$M17,AO$13)=\"\",10^12,OFFSET(CRONOPLE!$F$14,$M17,AO$13))))","v":0},{"$f":"IF($D17<>\"Serviço\",0,IF(AND(AUTOEVENTO=\"Manual\",$M17=1),0,IF(OFFSET(CRONOPLE!$F$14,$M17,AP$13)=\"\",10^12,OFFSET(CRONOPLE!$F$14,$M17,AP$13))))","v":0},{"$f":"IF($D17<>\"Serviço\",0,IF(AND(AUTOEVENTO=\"Manual\",$M17=1),0,IF(OFFSET(CRONOPLE!$F$14,$M17,AQ$13)=\"\",10^12,OFFSET(CRONOPLE!$F$14,$M17,AQ$13))))","v":0},{"$f":"IF($D17<>\"Serviço\",0,IF(AND(AUTOEVENTO=\"Manual\",$M17=1),0,IF(OFFSET(CRONOPLE!$F$14,$M17,AR$13)=\"\",10^12,OFFSET(CRONOPLE!$F$14,$M17,AR$13))))","v":0},{"$f":"IF($D17<>\"Serviço\",0,IF(AND(AUTOEVENTO=\"Manual\",$M17=1),0,IF(OFFSET(CRONOPLE!$F$14,$M17,AS$13)=\"\",10^12,OFFSET(CRONOPLE!$F$14,$M17,AS$13))))","v":0},{"$f":"IF($D17<>\"Serviço\",0,IF(AND(AUTOEVENTO=\"Manual\",$M17=1),0,IF(OFFSET(CRONOPLE!$F$14,$M17,AT$13)=\"\",10^12,OFFSET(CRONOPLE!$F$14,$M17,AT$13))))","v":0},{"$f":"IF($D17<>\"Serviço\",0,IF(AND(AUTOEVENTO=\"Manual\",$M17=1),0,IF(OFFSET(CRONOPLE!$F$14,$M17,AU$13)=\"\",10^12,OFFSET(CRONOPLE!$F$14,$M17,AU$13))))","v":0},{"$f":"IF($D17<>\"Serviço\",0,IF(AND(AUTOEVENTO=\"Manual\",$M17=1),0,IF(OFFSET(CRONOPLE!$F$14,$M17,AV$13)=\"\",10^12,OFFSET(CRONOPLE!$F$14,$M17,AV$13))))","v":0},null,{"$f":"IF($D17<>\"Serviço\",0,IF(OR(AND(AUTOEVENTO=\"Manual\",$M17=1),$M17>(ROW(PLE.lastrow)-ROW(PLE.firstrow))),0,IF(OFFSET(PLE!$G$14,$M17,AX$13)=\"\",10^12,OFFSET(PLE!$G$14,$M17,AX$13))))","v":0},{"$f":"IF($D17<>\"Serviço\",0,IF(OR(AND(AUTOEVENTO=\"Manual\",$M17=1),$M17>(ROW(PLE.lastrow)-ROW(PLE.firstrow))),0,IF(OFFSET(PLE!$G$14,$M17,AY$13)=\"\",10^12,OFFSET(PLE!$G$14,$M17,AY$13))))","v":0},{"$f":"IF($D17<>\"Serviço\",0,IF(OR(AND(AUTOEVENTO=\"Manual\",$M17=1),$M17>(ROW(PLE.lastrow)-ROW(PLE.firstrow))),0,IF(OFFSET(PLE!$G$14,$M17,AZ$13)=\"\",10^12,OFFSET(PLE!$G$14,$M17,AZ$13))))","v":0},{"$f":"IF($D17<>\"Serviço\",0,IF(OR(AND(AUTOEVENTO=\"Manual\",$M17=1),$M17>(ROW(PLE.lastrow)-ROW(PLE.firstrow))),0,IF(OFFSET(PLE!$G$14,$M17,BA$13)=\"\",10^12,OFFSET(PLE!$G$14,$M17,BA$13))))","v":0},{"$f":"IF($D17<>\"Serviço\",0,IF(OR(AND(AUTOEVENTO=\"Manual\",$M17=1),$M17>(ROW(PLE.lastrow)-ROW(PLE.firstrow))),0,IF(OFFSET(PLE!$G$14,$M17,BB$13)=\"\",10^12,OFFSET(PLE!$G$14,$M17,BB$13))))","v":0},{"$f":"IF($D17<>\"Serviço\",0,IF(OR(AND(AUTOEVENTO=\"Manual\",$M17=1),$M17>(ROW(PLE.lastrow)-ROW(PLE.firstrow))),0,IF(OFFSET(PLE!$G$14,$M17,BC$13)=\"\",10^12,OFFSET(PLE!$G$14,$M17,BC$13))))","v":0},{"$f":"IF($D17<>\"Serviço\",0,IF(OR(AND(AUTOEVENTO=\"Manual\",$M17=1),$M17>(ROW(PLE.lastrow)-ROW(PLE.firstrow))),0,IF(OFFSET(PLE!$G$14,$M17,BD$13)=\"\",10^12,OFFSET(PLE!$G$14,$M17,BD$13))))","v":0},{"$f":"IF($D17<>\"Serviço\",0,IF(OR(AND(AUTOEVENTO=\"Manual\",$M17=1),$M17>(ROW(PLE.lastrow)-ROW(PLE.firstrow))),0,IF(OFFSET(PLE!$G$14,$M17,BE$13)=\"\",10^12,OFFSET(PLE!$G$14,$M17,BE$13))))","v":0},{"$f":"IF($D17<>\"Serviço\",0,IF(OR(AND(AUTOEVENTO=\"Manual\",$M17=1),$M17>(ROW(PLE.lastrow)-ROW(PLE.firstrow))),0,IF(OFFSET(PLE!$G$14,$M17,BF$13)=\"\",10^12,OFFSET(PLE!$G$14,$M17,BF$13))))","v":0},{"$f":"IF($D17<>\"Serviço\",0,IF(OR(AND(AUTOEVENTO=\"Manual\",$M17=1),$M17>(ROW(PLE.lastrow)-ROW(PLE.firstrow))),0,IF(OFFSET(PLE!$G$14,$M17,BG$13)=\"\",10^12,OFFSET(PLE!$G$14,$M17,BG$13))))","v":0}]
[{"$f":"IF(AUTOEVENTO=\"Manual\",IF(K18<>\"\",MIN(VALUE(LEFT(K18,FIND(\".\",K18)-1)),COUNTA(EVENTOS.Lista)),0),IF(OR($B18>AUTOEVENTO,$B18=\"S\",$B18=0),SUBSTITUTE(OFFSET($A18,-1,0),IF($D18=\"Serviço\",\".\",\"\"),\"\"),ROW(A18)-ROW($A$15)&\".\"))","v":"2"},{"$f":"OFFSET(ORÇAMENTO!C$15,ROW(B18)-ROW(B$15),0)","v":"S"},{"$f":"OFFSET(ORÇAMENTO!L$15,ROW(C18)-ROW(C$15),0)","v":"F"},{"$f":"OFFSET(ORÇAMENTO!N$15,ROW(D18)-ROW(D$15),0)","v":"Serviço"},{"$f":"OFFSET(ORÇAMENTO!O$15,ROW(E18)-ROW(E$15),0)","v":"1.1.0.1."},{"$f":"OFFSET(ORÇAMENTO!R$15,ROW(F18)-ROW(F$15),0)","v":"ENTRADA DE ENERGIA ELÉTRICA, SUBTERRANEA, TRIFÁSICA, C10, CABO DE 35 MM2 E DISJ. 100A (POSTE INCLUSO)"},{"$f":"IF($D18<>\"Serviço\",\"\",OFFSET(ORÇAMENTO!S$15,ROW(G18)-ROW(G$15),0))","v":"UNIDADE"},{"$f":"IF($D18<>\"Serviço\",0,IF(ACOMPANHAMENTO=\"BM\",ROUND(OFFSET(ORÇAMENTO!AJ$15,ROW(H18)-ROW(H$15),0),15-13*ORÇAMENTO!$AF$7),SUMPRODUCT(($Q$12:$AA$12<>\"\")*ROUND($Q18:$AA18,15-13*ORÇAMENTO!$AF$7))))","v":1},null,null,null,".",{"$f":"IF($D18<>\"Serviço\",\"\",IF(AUTOEVENTO=\"manual\",$A18,IF(ISERROR(MATCH($A18,$A$15:OFFSET($A18,-1,0),0)),MAX($M$15:OFFSET(M18,-1,0))+1,INDEX($M$15:OFFSET(M18,-1,0),MATCH($A18,$A$15:OFFSET($A18,-1,0),0)))))","v":2},{"$f":"IF($D18<>\"Serviço\",\"\",IF(AUTOEVENTO=\"Manual\",IF($A18=0,\"<-- defina o número do agrupador\",OFFSET(EVENTOS!$D$14,$A18,0)),OFFSET($F$15,$A18,0)))","v":"SERVIÇOS PRELIMINARES"},null,null,1,null,null,null,null,null,null,null,null,null,null,{"$f":"IF(AND($D18=\"Serviço\",AB$12<>0,$H18>0,OR(AUTOEVENTO<>\"manual\",$M18<>1)),\nIF(Import.TipoArredondamento<>\"TransfereGOV\",\nROUND(OFFSET($P18,0,AB$13),15-13*ORÇAMENTO!$AF$7)/$H18*OFFSET(ORÇAMENTO!$X$15,ROW(AB18)-ROW(AB$15),0),\nROUND(ROUND(OFFSET($P18,0,AB$13),15-13*ORÇAMENTO!$AF$7)*OFFSET(ORÇAMENTO!$W$15,ROW(AB18)-ROW(AB$15),0),15-13*ORÇAMENTO!$AF$11)),0)","v":3436.24},{"$f":"IF(AND($D18=\"Serviço\",AC$12<>0,$H18>0,OR(AUTOEVENTO<>\"manual\",$M18<>1)),\nIF(Import.TipoArredondamento<>\"TransfereGOV\",\nROUND(OFFSET($P18,0,AC$13),15-13*ORÇAMENTO!$AF$7)/$H18*OFFSET(ORÇAMENTO!$X$15,ROW(AC18)-ROW(AC$15),0),\nROUND(ROUND(OFFSET($P18,0,AC$13),15-13*ORÇAMENTO!$AF$7)*OFFSET(ORÇAMENTO!$W$15,ROW(AC18)-ROW(AC$15),0),15-13*ORÇAMENTO!$AF$11)),0)","v":0},{"$f":"IF(AND($D18=\"Serviço\",AD$12<>0,$H18>0,OR(AUTOEVENTO<>\"manual\",$M18<>1)),\nIF(Import.TipoArredondamento<>\"TransfereGOV\",\nROUND(OFFSET($P18,0,AD$13),15-13*ORÇAMENTO!$AF$7)/$H18*OFFSET(ORÇAMENTO!$X$15,ROW(AD18)-ROW(AD$15),0),\nROUND(ROUND(OFFSET($P18,0,AD$13),15-13*ORÇAMENTO!$AF$7)*OFFSET(ORÇAMENTO!$W$15,ROW(AD18)-ROW(AD$15),0),15-13*ORÇAMENTO!$AF$11)),0)","v":0},{"$f":"IF(AND($D18=\"Serviço\",AE$12<>0,$H18>0,OR(AUTOEVENTO<>\"manual\",$M18<>1)),\nIF(Import.TipoArredondamento<>\"TransfereGOV\",\nROUND(OFFSET($P18,0,AE$13),15-13*ORÇAMENTO!$AF$7)/$H18*OFFSET(ORÇAMENTO!$X$15,ROW(AE18)-ROW(AE$15),0),\nROUND(ROUND(OFFSET($P18,0,AE$13),15-13*ORÇAMENTO!$AF$7)*OFFSET(ORÇAMENTO!$W$15,ROW(AE18)-ROW(AE$15),0),15-13*ORÇAMENTO!$AF$11)),0)","v":0},{"$f":"IF(AND($D18=\"Serviço\",AF$12<>0,$H18>0,OR(AUTOEVENTO<>\"manual\",$M18<>1)),\nIF(Import.TipoArredondamento<>\"TransfereGOV\",\nROUND(OFFSET($P18,0,AF$13),15-13*ORÇAMENTO!$AF$7)/$H18*OFFSET(ORÇAMENTO!$X$15,ROW(AF18)-ROW(AF$15),0),\nROUND(ROUND(OFFSET($P18,0,AF$13),15-13*ORÇAMENTO!$AF$7)*OFFSET(ORÇAMENTO!$W$15,ROW(AF18)-ROW(AF$15),0),15-13*ORÇAMENTO!$AF$11)),0)","v":0},{"$f":"IF(AND($D18=\"Serviço\",AG$12<>0,$H18>0,OR(AUTOEVENTO<>\"manual\",$M18<>1)),\nIF(Import.TipoArredondamento<>\"TransfereGOV\",\nROUND(OFFSET($P18,0,AG$13),15-13*ORÇAMENTO!$AF$7)/$H18*OFFSET(ORÇAMENTO!$X$15,ROW(AG18)-ROW(AG$15),0),\nROUND(ROUND(OFFSET($P18,0,AG$13),15-13*ORÇAMENTO!$AF$7)*OFFSET(ORÇAMENTO!$W$15,ROW(AG18)-ROW(AG$15),0),15-13*ORÇAMENTO!$AF$11)),0)","v":0},{"$f":"IF(AND($D18=\"Serviço\",AH$12<>0,$H18>0,OR(AUTOEVENTO<>\"manual\",$M18<>1)),\nIF(Import.TipoArredondamento<>\"TransfereGOV\",\nROUND(OFFSET($P18,0,AH$13),15-13*ORÇAMENTO!$AF$7)/$H18*OFFSET(ORÇAMENTO!$X$15,ROW(AH18)-ROW(AH$15),0),\nROUND(ROUND(OFFSET($P18,0,AH$13),15-13*ORÇAMENTO!$AF$7)*OFFSET(ORÇAMENTO!$W$15,ROW(AH18)-ROW(AH$15),0),15-13*ORÇAMENTO!$AF$11)),0)","v":0},{"$f":"IF(AND($D18=\"Serviço\",AI$12<>0,$H18>0,OR(AUTOEVENTO<>\"manual\",$M18<>1)),\nIF(Import.TipoArredondamento<>\"TransfereGOV\",\nROUND(OFFSET($P18,0,AI$13),15-13*ORÇAMENTO!$AF$7)/$H18*OFFSET(ORÇAMENTO!$X$15,ROW(AI18)-ROW(AI$15),0),\nROUND(ROUND(OFFSET($P18,0,AI$13),15-13*ORÇAMENTO!$AF$7)*OFFSET(ORÇAMENTO!$W$15,ROW(AI18)-ROW(AI$15),0),15-13*ORÇAMENTO!$AF$11)),0)","v":0},{"$f":"IF(AND($D18=\"Serviço\",AJ$12<>0,$H18>0,OR(AUTOEVENTO<>\"manual\",$M18<>1)),\nIF(Import.TipoArredondamento<>\"TransfereGOV\",\nROUND(OFFSET($P18,0,AJ$13),15-13*ORÇAMENTO!$AF$7)/$H18*OFFSET(ORÇAMENTO!$X$15,ROW(AJ18)-ROW(AJ$15),0),\nROUND(ROUND(OFFSET($P18,0,AJ$13),15-13*ORÇAMENTO!$AF$7)*OFFSET(ORÇAMENTO!$W$15,ROW(AJ18)-ROW(AJ$15),0),15-13*ORÇAMENTO!$AF$11)),0)","v":0},{"$f":"IF(AND($D18=\"Serviço\",AK$12<>0,$H18>0,OR(AUTOEVENTO<>\"manual\",$M18<>1)),\nIF(Import.TipoArredondamento<>\"TransfereGOV\",\nROUND(OFFSET($P18,0,AK$13),15-13*ORÇAMENTO!$AF$7)/$H18*OFFSET(ORÇAMENTO!$X$15,ROW(AK18)-ROW(AK$15),0),\nROUND(ROUND(OFFSET($P18,0,AK$13),15-13*ORÇAMENTO!$AF$7)*OFFSET(ORÇAMENTO!$W$15,ROW(AK18)-ROW(AK$15),0),15-13*ORÇAMENTO!$AF$11)),0)","v":0},null,{"$f":"IF($D18<>\"Serviço\",0,IF(AND(AUTOEVENTO=\"Manual\",$M18=1),0,IF(OFFSET(CRONOPLE!$F$14,$M18,AM$13)=\"\",10^12,OFFSET(CRONOPLE!$F$14,$M18,AM$13))))","v":1000000000000},{"$f":"IF($D18<>\"Serviço\",0,IF(AND(AUTOEVENTO=\"Manual\",$M18=1),0,IF(OFFSET(CRONOPLE!$F$14,$M18,AN$13)=\"\",10^12,OFFSET(CRONOPLE!$F$14,$M18,AN$13))))","v":1000000000000},{"$f":"IF($D18<>\"Serviço\",0,IF(AND(AUTOEVENTO=\"Manual\",$M18=1),0,IF(OFFSET(CRONOPLE!$F$14,$M18,AO$13)=\"\",10^12,OFFSET(CRONOPLE!$F$14,$M18,AO$13))))","v":1000000000000},{"$f":"IF($D18<>\"Serviço\",0,IF(AND(AUTOEVENTO=\"Manual\",$M18=1),0,IF(OFFSET(CRONOPLE!$F$14,$M18,AP$13)=\"\",10^12,OFFSET(CRONOPLE!$F$14,$M18,AP$13))))","v":1000000000000},{"$f":"IF($D18<>\"Serviço\",0,IF(AND(AUTOEVENTO=\"Manual\",$M18=1),0,IF(OFFSET(CRONOPLE!$F$14,$M18,AQ$13)=\"\",10^12,OFFSET(CRONOPLE!$F$14,$M18,AQ$13))))","v":1000000000000},{"$f":"IF($D18<>\"Serviço\",0,IF(AND(AUTOEVENTO=\"Manual\",$M18=1),0,IF(OFFSET(CRONOPLE!$F$14,$M18,AR$13)=\"\",10^12,OFFSET(CRONOPLE!$F$14,$M18,AR$13))))","v":1000000000000},{"$f":"IF($D18<>\"Serviço\",0,IF(AND(AUTOEVENTO=\"Manual\",$M18=1),0,IF(OFFSET(CRONOPLE!$F$14,$M18,AS$13)=\"\",10^12,OFFSET(CRONOPLE!$F$14,$M18,AS$13))))","v":1000000000000},{"$f":"IF($D18<>\"Serviço\",0,IF(AND(AUTOEVENTO=\"Manual\",$M18=1),0,IF(OFFSET(CRONOPLE!$F$14,$M18,AT$13)=\"\",10^12,OFFSET(CRONOPLE!$F$14,$M18,AT$13))))","v":1000000000000},{"$f":"IF($D18<>\"Serviço\",0,IF(AND(AUTOEVENTO=\"Manual\",$M18=1),0,IF(OFFSET(CRONOPLE!$F$14,$M18,AU$13)=\"\",10^12,OFFSET(CRONOPLE!$F$14,$M18,AU$13))))","v":1000000000000},{"$f":"IF($D18<>\"Serviço\",0,IF(AND(AUTOEVENTO=\"Manual\",$M18=1),0,IF(OFFSET(CRONOPLE!$F$14,$M18,AV$13)=\"\",10^12,OFFSET(CRONOPLE!$F$14,$M18,AV$13))))","v":1000000000000},null,{"$f":"IF($D18<>\"Serviço\",0,IF(OR(AND(AUTOEVENTO=\"Manual\",$M18=1),$M18>(ROW(PLE.lastrow)-ROW(PLE.firstrow))),0,IF(OFFSET(PLE!$G$14,$M18,AX$13)=\"\",10^12,OFFSET(PLE!$G$14,$M18,AX$13))))","v":1000000000000},{"$f":"IF($D18<>\"Serviço\",0,IF(OR(AND(AUTOEVENTO=\"Manual\",$M18=1),$M18>(ROW(PLE.lastrow)-ROW(PLE.firstrow))),0,IF(OFFSET(PLE!$G$14,$M18,AY$13)=\"\",10^12,OFFSET(PLE!$G$14,$M18,AY$13))))","v":1000000000000},{"$f":"IF($D18<>\"Serviço\",0,IF(OR(AND(AUTOEVENTO=\"Manual\",$M18=1),$M18>(ROW(PLE.lastrow)-ROW(PLE.firstrow))),0,IF(OFFSET(PLE!$G$14,$M18,AZ$13)=\"\",10^12,OFFSET(PLE!$G$14,$M18,AZ$13))))","v":1000000000000},{"$f":"IF($D18<>\"Serviço\",0,IF(OR(AND(AUTOEVENTO=\"Manual\",$M18=1),$M18>(ROW(PLE.lastrow)-ROW(PLE.firstrow))),0,IF(OFFSET(PLE!$G$14,$M18,BA$13)=\"\",10^12,OFFSET(PLE!$G$14,$M18,BA$13))))","v":1000000000000},{"$f":"IF($D18<>\"Serviço\",0,IF(OR(AND(AUTOEVENTO=\"Manual\",$M18=1),$M18>(ROW(PLE.lastrow)-ROW(PLE.firstrow))),0,IF(OFFSET(PLE!$G$14,$M18,BB$13)=\"\",10^12,OFFSET(PLE!$G$14,$M18,BB$13))))","v":1000000000000},{"$f":"IF($D18<>\"Serviço\",0,IF(OR(AND(AUTOEVENTO=\"Manual\",$M18=1),$M18>(ROW(PLE.lastrow)-ROW(PLE.firstrow))),0,IF(OFFSET(PLE!$G$14,$M18,BC$13)=\"\",10^12,OFFSET(PLE!$G$14,$M18,BC$13))))","v":1000000000000},{"$f":"IF($D18<>\"Serviço\",0,IF(OR(AND(AUTOEVENTO=\"Manual\",$M18=1),$M18>(ROW(PLE.lastrow)-ROW(PLE.firstrow))),0,IF(OFFSET(PLE!$G$14,$M18,BD$13)=\"\",10^12,OFFSET(PLE!$G$14,$M18,BD$13))))","v":1000000000000},{"$f":"IF($D18<>\"Serviço\",0,IF(OR(AND(AUTOEVENTO=\"Manual\",$M18=1),$M18>(ROW(PLE.lastrow)-ROW(PLE.firstrow))),0,IF(OFFSET(PLE!$G$14,$M18,BE$13)=\"\",10^12,OFFSET(PLE!$G$14,$M18,BE$13))))","v":1000000000000},{"$f":"IF($D18<>\"Serviço\",0,IF(OR(AND(AUTOEVENTO=\"Manual\",$M18=1),$M18>(ROW(PLE.lastrow)-ROW(PLE.firstrow))),0,IF(OFFSET(PLE!$G$14,$M18,BF$13)=\"\",10^12,OFFSET(PLE!$G$14,$M18,BF$13))))","v":1000000000000},{"$f":"IF($D18<>\"Serviço\",0,IF(OR(AND(AUTOEVENTO=\"Manual\",$M18=1),$M18>(ROW(PLE.lastrow)-ROW(PLE.firstrow))),0,IF(OFFSET(PLE!$G$14,$M18,BG$13)=\"\",10^12,OFFSET(PLE!$G$14,$M18,BG$13))))","v":1000000000000}]
["2",{"$f":"OFFSET(ORÇAMENTO!C$15,ROW(B19)-ROW(B$15),0)","v":"S"},{"$f":"OFFSET(ORÇAMENTO!L$15,ROW(C19)-ROW(C$15),0)","v":"F"},{"$f":"OFFSET(ORÇAMENTO!N$15,ROW(D19)-ROW(D$15),0)","v":"Serviço"},{"$f":"OFFSET(ORÇAMENTO!O$15,ROW(E19)-ROW(E$15),0)","v":"1.1.0.2."},{"$f":"OFFSET(ORÇAMENTO!R$15,ROW(F19)-ROW(F$15),0)","v":"PLACA DE OBRA (PARA CONSTRUCAO CIVIL) EM CHAPA GALVANIZADA *N. 22*, ADESIVADA                                                                                                                                                                                                                                                                                                                                                                                "},{"$f":"IF($D19<>\"Serviço\",\"\",OFFSET(ORÇAMENTO!S$15,ROW(G19)-ROW(G$15),0))","v":"M2    "},{"$f":"IF($D19<>\"Serviço\",0,IF(ACOMPANHAMENTO=\"BM\",ROUND(OFFSET(ORÇAMENTO!AJ$15,ROW(H19)-ROW(H$15),0),15-13*ORÇAMENTO!$AF$7),SUMPRODUCT(($Q$12:$AA$12<>\"\")*ROUND($Q19:$AA19,15-13*ORÇAMENTO!$AF$7))))","v":4.5},"TAMANHO 3X1,5",null,null,".",{"$f":"IF($D19<>\"Serviço\",\"\",IF(AUTOEVENTO=\"manual\",$A19,IF(ISERROR(MATCH($A19,$A$15:OFFSET($A19,-1,0),0)),MAX($M$15:OFFSET(M19,-1,0))+1,INDEX($M$15:OFFSET(M19,-1,0),MATCH($A19,$A$15:OFFSET($A19,-1,0),0)))))","v":2},{"$f":"IF($D19<>\"Serviço\",\"\",IF(AUTOEVENTO=\"Manual\",IF($A19=0,\"<-- defina o número do agrupador\",OFFSET(EVENTOS!$D$14,$A19,0)),OFFSET($F$15,$A19,0)))","v":"SERVIÇOS PRELIMINARES"},null,null,{"$f":"3*1.5","v":4.5},null,null,null,null,null,null,null,null,null,null,{"$f":"IF(AND($D19=\"Serviço\",AB$12<>0,$H19>0,OR(AUTOEVENTO<>\"manual\",$M19<>1)),\nIF(Import.TipoArredondamento<>\"TransfereGOV\",\nROUND(OFFSET($P19,0,AB$13),15-13*ORÇAMENTO!$AF$7)/$H19*OFFSET(ORÇAMENTO!$X$15,ROW(AB19)-ROW(AB$15),0),\nROUND(ROUND(OFFSET($P19,0,AB$13),15-13*ORÇAMENTO!$AF$7)*OFFSET(ORÇAMENTO!$W$15,ROW(AB19)-ROW(AB$15),0),15-13*ORÇAMENTO!$AF$11)),0)","v":2275.1999999999998},{"$f":"IF(AND($D19=\"Serviço\",AC$12<>0,$H19>0,OR(AUTOEVENTO<>\"manual\",$M19<>1)),\nIF(Import.TipoArredondamento<>\"TransfereGOV\",\nROUND(OFFSET($P19,0,AC$13),15-13*ORÇAMENTO!$AF$7)/$H19*OFFSET(ORÇAMENTO!$X$15,ROW(AC19)-ROW(AC$15),0),\nROUND(ROUND(OFFSET($P19,0,AC$13),15-13*ORÇAMENTO!$AF$7)*OFFSET(ORÇAMENTO!$W$15,ROW(AC19)-ROW(AC$15),0),15-13*ORÇAMENTO!$AF$11)),0)","v":0},{"$f":"IF(AND($D19=\"Serviço\",AD$12<>0,$H19>0,OR(AUTOEVENTO<>\"manual\",$M19<>1)),\nIF(Import.TipoArredondamento<>\"TransfereGOV\",\nROUND(OFFSET($P19,0,AD$13),15-13*ORÇAMENTO!$AF$7)/$H19*OFFSET(ORÇAMENTO!$X$15,ROW(AD19)-ROW(AD$15),0),\nROUND(ROUND(OFFSET($P19,0,AD$13),15-13*ORÇAMENTO!$AF$7)*OFFSET(ORÇAMENTO!$W$15,ROW(AD19)-ROW(AD$15),0),15-13*ORÇAMENTO!$AF$11)),0)","v":0},{"$f":"IF(AND($D19=\"Serviço\",AE$12<>0,$H19>0,OR(AUTOEVENTO<>\"manual\",$M19<>1)),\nIF(Import.TipoArredondamento<>\"TransfereGOV\",\nROUND(OFFSET($P19,0,AE$13),15-13*ORÇAMENTO!$AF$7)/$H19*OFFSET(ORÇAMENTO!$X$15,ROW(AE19)-ROW(AE$15),0),\nROUND(ROUND(OFFSET($P19,0,AE$13),15-13*ORÇAMENTO!$AF$7)*OFFSET(ORÇAMENTO!$W$15,ROW(AE19)-ROW(AE$15),0),15-13*ORÇAMENTO!$AF$11)),0)","v":0},{"$f":"IF(AND($D19=\"Serviço\",AF$12<>0,$H19>0,OR(AUTOEVENTO<>\"manual\",$M19<>1)),\nIF(Import.TipoArredondamento<>\"TransfereGOV\",\nROUND(OFFSET($P19,0,AF$13),15-13*ORÇAMENTO!$AF$7)/$H19*OFFSET(ORÇAMENTO!$X$15,ROW(AF19)-ROW(AF$15),0),\nROUND(ROUND(OFFSET($P19,0,AF$13),15-13*ORÇAMENTO!$AF$7)*OFFSET(ORÇAMENTO!$W$15,ROW(AF19)-ROW(AF$15),0),15-13*ORÇAMENTO!$AF$11)),0)","v":0},{"$f":"IF(AND($D19=\"Serviço\",AG$12<>0,$H19>0,OR(AUTOEVENTO<>\"manual\",$M19<>1)),\nIF(Import.TipoArredondamento<>\"TransfereGOV\",\nROUND(OFFSET($P19,0,AG$13),15-13*ORÇAMENTO!$AF$7)/$H19*OFFSET(ORÇAMENTO!$X$15,ROW(AG19)-ROW(AG$15),0),\nROUND(ROUND(OFFSET($P19,0,AG$13),15-13*ORÇAMENTO!$AF$7)*OFFSET(ORÇAMENTO!$W$15,ROW(AG19)-ROW(AG$15),0),15-13*ORÇAMENTO!$AF$11)),0)","v":0},{"$f":"IF(AND($D19=\"Serviço\",AH$12<>0,$H19>0,OR(AUTOEVENTO<>\"manual\",$M19<>1)),\nIF(Import.TipoArredondamento<>\"TransfereGOV\",\nROUND(OFFSET($P19,0,AH$13),15-13*ORÇAMENTO!$AF$7)/$H19*OFFSET(ORÇAMENTO!$X$15,ROW(AH19)-ROW(AH$15),0),\nROUND(ROUND(OFFSET($P19,0,AH$13),15-13*ORÇAMENTO!$AF$7)*OFFSET(ORÇAMENTO!$W$15,ROW(AH19)-ROW(AH$15),0),15-13*ORÇAMENTO!$AF$11)),0)","v":0},{"$f":"IF(AND($D19=\"Serviço\",AI$12<>0,$H19>0,OR(AUTOEVENTO<>\"manual\",$M19<>1)),\nIF(Import.TipoArredondamento<>\"TransfereGOV\",\nROUND(OFFSET($P19,0,AI$13),15-13*ORÇAMENTO!$AF$7)/$H19*OFFSET(ORÇAMENTO!$X$15,ROW(AI19)-ROW(AI$15),0),\nROUND(ROUND(OFFSET($P19,0,AI$13),15-13*ORÇAMENTO!$AF$7)*OFFSET(ORÇAMENTO!$W$15,ROW(AI19)-ROW(AI$15),0),15-13*ORÇAMENTO!$AF$11)),0)","v":0},{"$f":"IF(AND($D19=\"Serviço\",AJ$12<>0,$H19>0,OR(AUTOEVENTO<>\"manual\",$M19<>1)),\nIF(Import.TipoArredondamento<>\"TransfereGOV\",\nROUND(OFFSET($P19,0,AJ$13),15-13*ORÇAMENTO!$AF$7)/$H19*OFFSET(ORÇAMENTO!$X$15,ROW(AJ19)-ROW(AJ$15),0),\nROUND(ROUND(OFFSET($P19,0,AJ$13),15-13*ORÇAMENTO!$AF$7)*OFFSET(ORÇAMENTO!$W$15,ROW(AJ19)-ROW(AJ$15),0),15-13*ORÇAMENTO!$AF$11)),0)","v":0},{"$f":"IF(AND($D19=\"Serviço\",AK$12<>0,$H19>0,OR(AUTOEVENTO<>\"manual\",$M19<>1)),\nIF(Import.TipoArredondamento<>\"TransfereGOV\",\nROUND(OFFSET($P19,0,AK$13),15-13*ORÇAMENTO!$AF$7)/$H19*OFFSET(ORÇAMENTO!$X$15,ROW(AK19)-ROW(AK$15),0),\nROUND(ROUND(OFFSET($P19,0,AK$13),15-13*ORÇAMENTO!$AF$7)*OFFSET(ORÇAMENTO!$W$15,ROW(AK19)-ROW(AK$15),0),15-13*ORÇAMENTO!$AF$11)),0)","v":0},null,{"$f":"IF($D19<>\"Serviço\",0,IF(AND(AUTOEVENTO=\"Manual\",$M19=1),0,IF(OFFSET(CRONOPLE!$F$14,$M19,AM$13)=\"\",10^12,OFFSET(CRONOPLE!$F$14,$M19,AM$13))))","v":1000000000000},{"$f":"IF($D19<>\"Serviço\",0,IF(AND(AUTOEVENTO=\"Manual\",$M19=1),0,IF(OFFSET(CRONOPLE!$F$14,$M19,AN$13)=\"\",10^12,OFFSET(CRONOPLE!$F$14,$M19,AN$13))))","v":1000000000000},{"$f":"IF($D19<>\"Serviço\",0,IF(AND(AUTOEVENTO=\"Manual\",$M19=1),0,IF(OFFSET(CRONOPLE!$F$14,$M19,AO$13)=\"\",10^12,OFFSET(CRONOPLE!$F$14,$M19,AO$13))))","v":1000000000000},{"$f":"IF($D19<>\"Serviço\",0,IF(AND(AUTOEVENTO=\"Manual\",$M19=1),0,IF(OFFSET(CRONOPLE!$F$14,$M19,AP$13)=\"\",10^12,OFFSET(CRONOPLE!$F$14,$M19,AP$13))))","v":1000000000000},{"$f":"IF($D19<>\"Serviço\",0,IF(AND(AUTOEVENTO=\"Manual\",$M19=1),0,IF(OFFSET(CRONOPLE!$F$14,$M19,AQ$13)=\"\",10^12,OFFSET(CRONOPLE!$F$14,$M19,AQ$13))))","v":1000000000000},{"$f":"IF($D19<>\"Serviço\",0,IF(AND(AUTOEVENTO=\"Manual\",$M19=1),0,IF(OFFSET(CRONOPLE!$F$14,$M19,AR$13)=\"\",10^12,OFFSET(CRONOPLE!$F$14,$M19,AR$13))))","v":1000000000000},{"$f":"IF($D19<>\"Serviço\",0,IF(AND(AUTOEVENTO=\"Manual\",$M19=1),0,IF(OFFSET(CRONOPLE!$F$14,$M19,AS$13)=\"\",10^12,OFFSET(CRONOPLE!$F$14,$M19,AS$13))))","v":1000000000000},{"$f":"IF($D19<>\"Serviço\",0,IF(AND(AUTOEVENTO=\"Manual\",$M19=1),0,IF(OFFSET(CRONOPLE!$F$14,$M19,AT$13)=\"\",10^12,OFFSET(CRONOPLE!$F$14,$M19,AT$13))))","v":1000000000000},{"$f":"IF($D19<>\"Serviço\",0,IF(AND(AUTOEVENTO=\"Manual\",$M19=1),0,IF(OFFSET(CRONOPLE!$F$14,$M19,AU$13)=\"\",10^12,OFFSET(CRONOPLE!$F$14,$M19,AU$13))))","v":1000000000000},{"$f":"IF($D19<>\"Serviço\",0,IF(AND(AUTOEVENTO=\"Manual\",$M19=1),0,IF(OFFSET(CRONOPLE!$F$14,$M19,AV$13)=\"\",10^12,OFFSET(CRONOPLE!$F$14,$M19,AV$13))))","v":1000000000000},null,{"$f":"IF($D19<>\"Serviço\",0,IF(OR(AND(AUTOEVENTO=\"Manual\",$M19=1),$M19>(ROW(PLE.lastrow)-ROW(PLE.firstrow))),0,IF(OFFSET(PLE!$G$14,$M19,AX$13)=\"\",10^12,OFFSET(PLE!$G$14,$M19,AX$13))))","v":1000000000000},{"$f":"IF($D19<>\"Serviço\",0,IF(OR(AND(AUTOEVENTO=\"Manual\",$M19=1),$M19>(ROW(PLE.lastrow)-ROW(PLE.firstrow))),0,IF(OFFSET(PLE!$G$14,$M19,AY$13)=\"\",10^12,OFFSET(PLE!$G$14,$M19,AY$13))))","v":1000000000000},{"$f":"IF($D19<>\"Serviço\",0,IF(OR(AND(AUTOEVENTO=\"Manual\",$M19=1),$M19>(ROW(PLE.lastrow)-ROW(PLE.firstrow))),0,IF(OFFSET(PLE!$G$14,$M19,AZ$13)=\"\",10^12,OFFSET(PLE!$G$14,$M19,AZ$13))))","v":1000000000000},{"$f":"IF($D19<>\"Serviço\",0,IF(OR(AND(AUTOEVENTO=\"Manual\",$M19=1),$M19>(ROW(PLE.lastrow)-ROW(PLE.firstrow))),0,IF(OFFSET(PLE!$G$14,$M19,BA$13)=\"\",10^12,OFFSET(PLE!$G$14,$M19,BA$13))))","v":1000000000000},{"$f":"IF($D19<>\"Serviço\",0,IF(OR(AND(AUTOEVENTO=\"Manual\",$M19=1),$M19>(ROW(PLE.lastrow)-ROW(PLE.firstrow))),0,IF(OFFSET(PLE!$G$14,$M19,BB$13)=\"\",10^12,OFFSET(PLE!$G$14,$M19,BB$13))))","v":1000000000000},{"$f":"IF($D19<>\"Serviço\",0,IF(OR(AND(AUTOEVENTO=\"Manual\",$M19=1),$M19>(ROW(PLE.lastrow)-ROW(PLE.firstrow))),0,IF(OFFSET(PLE!$G$14,$M19,BC$13)=\"\",10^12,OFFSET(PLE!$G$14,$M19,BC$13))))","v":1000000000000},{"$f":"IF($D19<>\"Serviço\",0,IF(OR(AND(AUTOEVENTO=\"Manual\",$M19=1),$M19>(ROW(PLE.lastrow)-ROW(PLE.firstrow))),0,IF(OFFSET(PLE!$G$14,$M19,BD$13)=\"\",10^12,OFFSET(PLE!$G$14,$M19,BD$13))))","v":1000000000000},{"$f":"IF($D19<>\"Serviço\",0,IF(OR(AND(AUTOEVENTO=\"Manual\",$M19=1),$M19>(ROW(PLE.lastrow)-ROW(PLE.firstrow))),0,IF(OFFSET(PLE!$G$14,$M19,BE$13)=\"\",10^12,OFFSET(PLE!$G$14,$M19,BE$13))))","v":1000000000000},{"$f":"IF($D19<>\"Serviço\",0,IF(OR(AND(AUTOEVENTO=\"Manual\",$M19=1),$M19>(ROW(PLE.lastrow)-ROW(PLE.firstrow))),0,IF(OFFSET(PLE!$G$14,$M19,BF$13)=\"\",10^12,OFFSET(PLE!$G$14,$M19,BF$13))))","v":1000000000000},{"$f":"IF($D19<>\"Serviço\",0,IF(OR(AND(AUTOEVENTO=\"Manual\",$M19=1),$M19>(ROW(PLE.lastrow)-ROW(PLE.firstrow))),0,IF(OFFSET(PLE!$G$14,$M19,BG$13)=\"\",10^12,OFFSET(PLE!$G$14,$M19,BG$13))))","v":1000000000000}]
["2",{"$f":"OFFSET(ORÇAMENTO!C$15,ROW(B20)-ROW(B$15),0)","v":"S"},{"$f":"OFFSET(ORÇAMENTO!L$15,ROW(C20)-ROW(C$15),0)","v":"F"},{"$f":"OFFSET(ORÇAMENTO!N$15,ROW(D20)-ROW(D$15),0)","v":"Serviço"},{"$f":"OFFSET(ORÇAMENTO!O$15,ROW(E20)-ROW(E$15),0)","v":"1.1.0.3."},{"$f":"OFFSET(ORÇAMENTO!R$15,ROW(F20)-ROW(F$15),0)","v":"LOCAÇÃO CONVENCIONAL DE OBRA, UTILIZANDO GABARITO DE TÁBUAS CORRIDAS PONTALETADAS A CADA 2,00M -  2 UTILIZAÇÕES. AF_03/2024"},{"$f":"IF($D20<>\"Serviço\",\"\",OFFSET(ORÇAMENTO!S$15,ROW(G20)-ROW(G$15),0))","v":"M"},{"$f":"IF($D20<>\"Serviço\",0,IF(ACOMPANHAMENTO=\"BM\",ROUND(OFFSET(ORÇAMENTO!AJ$15,ROW(H20)-ROW(H$15),0),15-13*ORÇAMENTO!$AF$7),SUMPRODUCT(($Q$12:$AA$12<>\"\")*ROUND($Q20:$AA20,15-13*ORÇAMENTO!$AF$7))))","v":45.77},"CONSIDERADO MAIOR ESPAÇAMENTO E 1,5M PARA CADA LADO DE AFASTAMENTO DAS FUNDAÇÕES",null,null,".",{"$f":"IF($D20<>\"Serviço\",\"\",IF(AUTOEVENTO=\"manual\",$A20,IF(ISERROR(MATCH($A20,$A$15:OFFSET($A20,-1,0),0)),MAX($M$15:OFFSET(M20,-1,0))+1,INDEX($M$15:OFFSET(M20,-1,0),MATCH($A20,$A$15:OFFSET($A20,-1,0),0)))))","v":2},{"$f":"IF($D20<>\"Serviço\",\"\",IF(AUTOEVENTO=\"Manual\",IF($A20=0,\"<-- defina o número do agrupador\",OFFSET(EVENTOS!$D$14,$A20,0)),OFFSET($F$15,$A20,0)))","v":"SERVIÇOS PRELIMINARES"},null,null,{"$f":"21.95+1.5+1.5+17.82+1.5+1.5","v":45.769999999999996},null,null,null,null,null,null,null,null,null,null,{"$f":"IF(AND($D20=\"Serviço\",AB$12<>0,$H20>0,OR(AUTOEVENTO<>\"manual\",$M20<>1)),\nIF(Import.TipoArredondamento<>\"TransfereGOV\",\nROUND(OFFSET($P20,0,AB$13),15-13*ORÇAMENTO!$AF$7)/$H20*OFFSET(ORÇAMENTO!$X$15,ROW(AB20)-ROW(AB$15),0),\nROUND(ROUND(OFFSET($P20,0,AB$13),15-13*ORÇAMENTO!$AF$7)*OFFSET(ORÇAMENTO!$W$15,ROW(AB20)-ROW(AB$15),0),15-13*ORÇAMENTO!$AF$11)),0)","v":3061.56},{"$f":"IF(AND($D20=\"Serviço\",AC$12<>0,$H20>0,OR(AUTOEVENTO<>\"manual\",$M20<>1)),\nIF(Import.TipoArredondamento<>\"TransfereGOV\",\nROUND(OFFSET($P20,0,AC$13),15-13*ORÇAMENTO!$AF$7)/$H20*OFFSET(ORÇAMENTO!$X$15,ROW(AC20)-ROW(AC$15),0),\nROUND(ROUND(OFFSET($P20,0,AC$13),15-13*ORÇAMENTO!$AF$7)*OFFSET(ORÇAMENTO!$W$15,ROW(AC20)-ROW(AC$15),0),15-13*ORÇAMENTO!$AF$11)),0)","v":0},{"$f":"IF(AND($D20=\"Serviço\",AD$12<>0,$H20>0,OR(AUTOEVENTO<>\"manual\",$M20<>1)),\nIF(Import.TipoArredondamento<>\"TransfereGOV\",\nROUND(OFFSET($P20,0,AD$13),15-13*ORÇAMENTO!$AF$7)/$H20*OFFSET(ORÇAMENTO!$X$15,ROW(AD20)-ROW(AD$15),0),\nROUND(ROUND(OFFSET($P20,0,AD$13),15-13*ORÇAMENTO!$AF$7)*OFFSET(ORÇAMENTO!$W$15,ROW(AD20)-ROW(AD$15),0),15-13*ORÇAMENTO!$AF$11)),0)","v":0},{"$f":"IF(AND($D20=\"Serviço\",AE$12<>0,$H20>0,OR(AUTOEVENTO<>\"manual\",$M20<>1)),\nIF(Import.TipoArredondamento<>\"TransfereGOV\",\nROUND(OFFSET($P20,0,AE$13),15-13*ORÇAMENTO!$AF$7)/$H20*OFFSET(ORÇAMENTO!$X$15,ROW(AE20)-ROW(AE$15),0),\nROUND(ROUND(OFFSET($P20,0,AE$13),15-13*ORÇAMENTO!$AF$7)*OFFSET(ORÇAMENTO!$W$15,ROW(AE20)-ROW(AE$15),0),15-13*ORÇAMENTO!$AF$11)),0)","v":0},{"$f":"IF(AND($D20=\"Serviço\",AF$12<>0,$H20>0,OR(AUTOEVENTO<>\"manual\",$M20<>1)),\nIF(Import.TipoArredondamento<>\"TransfereGOV\",\nROUND(OFFSET($P20,0,AF$13),15-13*ORÇAMENTO!$AF$7)/$H20*OFFSET(ORÇAMENTO!$X$15,ROW(AF20)-ROW(AF$15),0),\nROUND(ROUND(OFFSET($P20,0,AF$13),15-13*ORÇAMENTO!$AF$7)*OFFSET(ORÇAMENTO!$W$15,ROW(AF20)-ROW(AF$15),0),15-13*ORÇAMENTO!$AF$11)),0)","v":0},{"$f":"IF(AND($D20=\"Serviço\",AG$12<>0,$H20>0,OR(AUTOEVENTO<>\"manual\",$M20<>1)),\nIF(Import.TipoArredondamento<>\"TransfereGOV\",\nROUND(OFFSET($P20,0,AG$13),15-13*ORÇAMENTO!$AF$7)/$H20*OFFSET(ORÇAMENTO!$X$15,ROW(AG20)-ROW(AG$15),0),\nROUND(ROUND(OFFSET($P20,0,AG$13),15-13*ORÇAMENTO!$AF$7)*OFFSET(ORÇAMENTO!$W$15,ROW(AG20)-ROW(AG$15),0),15-13*ORÇAMENTO!$AF$11)),0)","v":0},{"$f":"IF(AND($D20=\"Serviço\",AH$12<>0,$H20>0,OR(AUTOEVENTO<>\"manual\",$M20<>1)),\nIF(Import.TipoArredondamento<>\"TransfereGOV\",\nROUND(OFFSET($P20,0,AH$13),15-13*ORÇAMENTO!$AF$7)/$H20*OFFSET(ORÇAMENTO!$X$15,ROW(AH20)-ROW(AH$15),0),\nROUND(ROUND(OFFSET($P20,0,AH$13),15-13*ORÇAMENTO!$AF$7)*OFFSET(ORÇAMENTO!$W$15,ROW(AH20)-ROW(AH$15),0),15-13*ORÇAMENTO!$AF$11)),0)","v":0},{"$f":"IF(AND($D20=\"Serviço\",AI$12<>0,$H20>0,OR(AUTOEVENTO<>\"manual\",$M20<>1)),\nIF(Import.TipoArredondamento<>\"TransfereGOV\",\nROUND(OFFSET($P20,0,AI$13),15-13*ORÇAMENTO!$AF$7)/$H20*OFFSET(ORÇAMENTO!$X$15,ROW(AI20)-ROW(AI$15),0),\nROUND(ROUND(OFFSET($P20,0,AI$13),15-13*ORÇAMENTO!$AF$7)*OFFSET(ORÇAMENTO!$W$15,ROW(AI20)-ROW(AI$15),0),15-13*ORÇAMENTO!$AF$11)),0)","v":0},{"$f":"IF(AND($D20=\"Serviço\",AJ$12<>0,$H20>0,OR(AUTOEVENTO<>\"manual\",$M20<>1)),\nIF(Import.TipoArredondamento<>\"TransfereGOV\",\nROUND(OFFSET($P20,0,AJ$13),15-13*ORÇAMENTO!$AF$7)/$H20*OFFSET(ORÇAMENTO!$X$15,ROW(AJ20)-ROW(AJ$15),0),\nROUND(ROUND(OFFSET($P20,0,AJ$13),15-13*ORÇAMENTO!$AF$7)*OFFSET(ORÇAMENTO!$W$15,ROW(AJ20)-ROW(AJ$15),0),15-13*ORÇAMENTO!$AF$11)),0)","v":0},{"$f":"IF(AND($D20=\"Serviço\",AK$12<>0,$H20>0,OR(AUTOEVENTO<>\"manual\",$M20<>1)),\nIF(Import.TipoArredondamento<>\"TransfereGOV\",\nROUND(OFFSET($P20,0,AK$13),15-13*ORÇAMENTO!$AF$7)/$H20*OFFSET(ORÇAMENTO!$X$15,ROW(AK20)-ROW(AK$15),0),\nROUND(ROUND(OFFSET($P20,0,AK$13),15-13*ORÇAMENTO!$AF$7)*OFFSET(ORÇAMENTO!$W$15,ROW(AK20)-ROW(AK$15),0),15-13*ORÇAMENTO!$AF$11)),0)","v":0},null,{"$f":"IF($D20<>\"Serviço\",0,IF(AND(AUTOEVENTO=\"Manual\",$M20=1),0,IF(OFFSET(CRONOPLE!$F$14,$M20,AM$13)=\"\",10^12,OFFSET(CRONOPLE!$F$14,$M20,AM$13))))","v":1000000000000},{"$f":"IF($D20<>\"Serviço\",0,IF(AND(AUTOEVENTO=\"Manual\",$M20=1),0,IF(OFFSET(CRONOPLE!$F$14,$M20,AN$13)=\"\",10^12,OFFSET(CRONOPLE!$F$14,$M20,AN$13))))","v":1000000000000},{"$f":"IF($D20<>\"Serviço\",0,IF(AND(AUTOEVENTO=\"Manual\",$M20=1),0,IF(OFFSET(CRONOPLE!$F$14,$M20,AO$13)=\"\",10^12,OFFSET(CRONOPLE!$F$14,$M20,AO$13))))","v":1000000000000},{"$f":"IF($D20<>\"Serviço\",0,IF(AND(AUTOEVENTO=\"Manual\",$M20=1),0,IF(OFFSET(CRONOPLE!$F$14,$M20,AP$13)=\"\",10^12,OFFSET(CRONOPLE!$F$14,$M20,AP$13))))","v":1000000000000},{"$f":"IF($D20<>\"Serviço\",0,IF(AND(AUTOEVENTO=\"Manual\",$M20=1),0,IF(OFFSET(CRONOPLE!$F$14,$M20,AQ$13)=\"\",10^12,OFFSET(CRONOPLE!$F$14,$M20,AQ$13))))","v":1000000000000},{"$f":"IF($D20<>\"Serviço\",0,IF(AND(AUTOEVENTO=\"Manual\",$M20=1),0,IF(OFFSET(CRONOPLE!$F$14,$M20,AR$13)=\"\",10^12,OFFSET(CRONOPLE!$F$14,$M20,AR$13))))","v":1000000000000},{"$f":"IF($D20<>\"Serviço\",0,IF(AND(AUTOEVENTO=\"Manual\",$M20=1),0,IF(OFFSET(CRONOPLE!$F$14,$M20,AS$13)=\"\",10^12,OFFSET(CRONOPLE!$F$14,$M20,AS$13))))","v":1000000000000},{"$f":"IF($D20<>\"Serviço\",0,IF(AND(AUTOEVENTO=\"Manual\",$M20=1),0,IF(OFFSET(CRONOPLE!$F$14,$M20,AT$13)=\"\",10^12,OFFSET(CRONOPLE!$F$14,$M20,AT$13))))","v":1000000000000},{"$f":"IF($D20<>\"Serviço\",0,IF(AND(AUTOEVENTO=\"Manual\",$M20=1),0,IF(OFFSET(CRONOPLE!$F$14,$M20,AU$13)=\"\",10^12,OFFSET(CRONOPLE!$F$14,$M20,AU$13))))","v":1000000000000},{"$f":"IF($D20<>\"Serviço\",0,IF(AND(AUTOEVENTO=\"Manual\",$M20=1),0,IF(OFFSET(CRONOPLE!$F$14,$M20,AV$13)=\"\",10^12,OFFSET(CRONOPLE!$F$14,$M20,AV$13))))","v":1000000000000},null,{"$f":"IF($D20<>\"Serviço\",0,IF(OR(AND(AUTOEVENTO=\"Manual\",$M20=1),$M20>(ROW(PLE.lastrow)-ROW(PLE.firstrow))),0,IF(OFFSET(PLE!$G$14,$M20,AX$13)=\"\",10^12,OFFSET(PLE!$G$14,$M20,AX$13))))","v":1000000000000},{"$f":"IF($D20<>\"Serviço\",0,IF(OR(AND(AUTOEVENTO=\"Manual\",$M20=1),$M20>(ROW(PLE.lastrow)-ROW(PLE.firstrow))),0,IF(OFFSET(PLE!$G$14,$M20,AY$13)=\"\",10^12,OFFSET(PLE!$G$14,$M20,AY$13))))","v":1000000000000},{"$f":"IF($D20<>\"Serviço\",0,IF(OR(AND(AUTOEVENTO=\"Manual\",$M20=1),$M20>(ROW(PLE.lastrow)-ROW(PLE.firstrow))),0,IF(OFFSET(PLE!$G$14,$M20,AZ$13)=\"\",10^12,OFFSET(PLE!$G$14,$M20,AZ$13))))","v":1000000000000},{"$f":"IF($D20<>\"Serviço\",0,IF(OR(AND(AUTOEVENTO=\"Manual\",$M20=1),$M20>(ROW(PLE.lastrow)-ROW(PLE.firstrow))),0,IF(OFFSET(PLE!$G$14,$M20,BA$13)=\"\",10^12,OFFSET(PLE!$G$14,$M20,BA$13))))","v":1000000000000},{"$f":"IF($D20<>\"Serviço\",0,IF(OR(AND(AUTOEVENTO=\"Manual\",$M20=1),$M20>(ROW(PLE.lastrow)-ROW(PLE.firstrow))),0,IF(OFFSET(PLE!$G$14,$M20,BB$13)=\"\",10^12,OFFSET(PLE!$G$14,$M20,BB$13))))","v":1000000000000},{"$f":"IF($D20<>\"Serviço\",0,IF(OR(AND(AUTOEVENTO=\"Manual\",$M20=1),$M20>(ROW(PLE.lastrow)-ROW(PLE.firstrow))),0,IF(OFFSET(PLE!$G$14,$M20,BC$13)=\"\",10^12,OFFSET(PLE!$G$14,$M20,BC$13))))","v":1000000000000},{"$f":"IF($D20<>\"Serviço\",0,IF(OR(AND(AUTOEVENTO=\"Manual\",$M20=1),$M20>(ROW(PLE.lastrow)-ROW(PLE.firstrow))),0,IF(OFFSET(PLE!$G$14,$M20,BD$13)=\"\",10^12,OFFSET(PLE!$G$14,$M20,BD$13))))","v":1000000000000},{"$f":"IF($D20<>\"Serviço\",0,IF(OR(AND(AUTOEVENTO=\"Manual\",$M20=1),$M20>(ROW(PLE.lastrow)-ROW(PLE.firstrow))),0,IF(OFFSET(PLE!$G$14,$M20,BE$13)=\"\",10^12,OFFSET(PLE!$G$14,$M20,BE$13))))","v":1000000000000},{"$f":"IF($D20<>\"Serviço\",0,IF(OR(AND(AUTOEVENTO=\"Manual\",$M20=1),$M20>(ROW(PLE.lastrow)-ROW(PLE.firstrow))),0,IF(OFFSET(PLE!$G$14,$M20,BF$13)=\"\",10^12,OFFSET(PLE!$G$14,$M20,BF$13))))","v":1000000000000},{"$f":"IF($D20<>\"Serviço\",0,IF(OR(AND(AUTOEVENTO=\"Manual\",$M20=1),$M20>(ROW(PLE.lastrow)-ROW(PLE.firstrow))),0,IF(OFFSET(PLE!$G$14,$M20,BG$13)=\"\",10^12,OFFSET(PLE!$G$14,$M20,BG$13))))","v":1000000000000}]
[{"$f":"IF(AUTOEVENTO=\"Manual\",IF(K21<>\"\",MIN(VALUE(LEFT(K21,FIND(\".\",K21)-1)),COUNTA(EVENTOS.Lista)),0),IF(OR($B21>AUTOEVENTO,$B21=\"S\",$B21=0),SUBSTITUTE(OFFSET($A21,-1,0),IF($D21=\"Serviço\",\".\",\"\"),\"\"),ROW(A21)-ROW($A$15)&\".\"))","v":"2"},{"$f":"OFFSET(ORÇAMENTO!C$15,ROW(B21)-ROW(B$15),0)","v":"S"},{"$f":"OFFSET(ORÇAMENTO!L$15,ROW(C21)-ROW(C$15),0)","v":"F"},{"$f":"OFFSET(ORÇAMENTO!N$15,ROW(D21)-ROW(D$15),0)","v":"Serviço"},{"$f":"OFFSET(ORÇAMENTO!O$15,ROW(E21)-ROW(E$15),0)","v":"1.1.0.4."},{"$f":"OFFSET(ORÇAMENTO!R$15,ROW(F21)-ROW(F$15),0)","v":"LOCAÇÃO DE CAIXA COLETORA DE ENTULHO, CAPACIDADE 5M3"},{"$f":"IF($D21<>\"Serviço\",\"\",OFFSET(ORÇAMENTO!S$15,ROW(G21)-ROW(G$15),0))","v":"UNIDADE"},{"$f":"IF($D21<>\"Serviço\",0,IF(ACOMPANHAMENTO=\"BM\",ROUND(OFFSET(ORÇAMENTO!AJ$15,ROW(H21)-ROW(H$15),0),15-13*ORÇAMENTO!$AF$7),SUMPRODUCT(($Q$12:$AA$12<>\"\")*ROUND($Q21:$AA21,15-13*ORÇAMENTO!$AF$7))))","v":5},"GERAÇÃO DE 96KG/M² CONSTRUÍDO, PESO ESPECÍFICO 1,3TON/M³, CAPACIDADE DA CAÇAMBA = 5M3 (FONTE CONGRESSO BRASILEIRO DE GESTÃO AMBIENTAL E TESSARO 2015 E SÁ E SCREMIN 2011 (ARTIGO)",null,null,".",{"$f":"IF($D21<>\"Serviço\",\"\",IF(AUTOEVENTO=\"manual\",$A21,IF(ISERROR(MATCH($A21,$A$15:OFFSET($A21,-1,0),0)),MAX($M$15:OFFSET(M21,-1,0))+1,INDEX($M$15:OFFSET(M21,-1,0),MATCH($A21,$A$15:OFFSET($A21,-1,0),0)))))","v":2},{"$f":"IF($D21<>\"Serviço\",\"\",IF(AUTOEVENTO=\"Manual\",IF($A21=0,\"<-- defina o número do agrupador\",OFFSET(EVENTOS!$D$14,$A21,0)),OFFSET($F$15,$A21,0)))","v":"SERVIÇOS PRELIMINARES"},null,null,{"$f":"ROUND((((338.95*96)/1000)/1.3)/5,0)","v":5},null,null,null,null,null,null,null,null,null,null,{"$f":"IF(AND($D21=\"Serviço\",AB$12<>0,$H21>0,OR(AUTOEVENTO<>\"manual\",$M21<>1)),\nIF(Import.TipoArredondamento<>\"TransfereGOV\",\nROUND(OFFSET($P21,0,AB$13),15-13*ORÇAMENTO!$AF$7)/$H21*OFFSET(ORÇAMENTO!$X$15,ROW(AB21)-ROW(AB$15),0),\nROUND(ROUND(OFFSET($P21,0,AB$13),15-13*ORÇAMENTO!$AF$7)*OFFSET(ORÇAMENTO!$W$15,ROW(AB21)-ROW(AB$15),0),15-13*ORÇAMENTO!$AF$11)),0)","v":1829.85},{"$f":"IF(AND($D21=\"Serviço\",AC$12<>0,$H21>0,OR(AUTOEVENTO<>\"manual\",$M21<>1)),\nIF(Import.TipoArredondamento<>\"TransfereGOV\",\nROUND(OFFSET($P21,0,AC$13),15-13*ORÇAMENTO!$AF$7)/$H21*OFFSET(ORÇAMENTO!$X$15,ROW(AC21)-ROW(AC$15),0),\nROUND(ROUND(OFFSET($P21,0,AC$13),15-13*ORÇAMENTO!$AF$7)*OFFSET(ORÇAMENTO!$W$15,ROW(AC21)-ROW(AC$15),0),15-13*ORÇAMENTO!$AF$11)),0)","v":0},{"$f":"IF(AND($D21=\"Serviço\",AD$12<>0,$H21>0,OR(AUTOEVENTO<>\"manual\",$M21<>1)),\nIF(Import.TipoArredondamento<>\"TransfereGOV\",\nROUND(OFFSET($P21,0,AD$13),15-13*ORÇAMENTO!$AF$7)/$H21*OFFSET(ORÇAMENTO!$X$15,ROW(AD21)-ROW(AD$15),0),\nROUND(ROUND(OFFSET($P21,0,AD$13),15-13*ORÇAMENTO!$AF$7)*OFFSET(ORÇAMENTO!$W$15,ROW(AD21)-ROW(AD$15),0),15-13*ORÇAMENTO!$AF$11)),0)","v":0},{"$f":"IF(AND($D21=\"Serviço\",AE$12<>0,$H21>0,OR(AUTOEVENTO<>\"manual\",$M21<>1)),\nIF(Import.TipoArredondamento<>\"TransfereGOV\",\nROUND(OFFSET($P21,0,AE$13),15-13*ORÇAMENTO!$AF$7)/$H21*OFFSET(ORÇAMENTO!$X$15,ROW(AE21)-ROW(AE$15),0),\nROUND(ROUND(OFFSET($P21,0,AE$13),15-13*ORÇAMENTO!$AF$7)*OFFSET(ORÇAMENTO!$W$15,ROW(AE21)-ROW(AE$15),0),15-13*ORÇAMENTO!$AF$11)),0)","v":0},{"$f":"IF(AND($D21=\"Serviço\",AF$12<>0,$H21>0,OR(AUTOEVENTO<>\"manual\",$M21<>1)),\nIF(Import.TipoArredondamento<>\"TransfereGOV\",\nROUND(OFFSET($P21,0,AF$13),15-13*ORÇAMENTO!$AF$7)/$H21*OFFSET(ORÇAMENTO!$X$15,ROW(AF21)-ROW(AF$15),0),\nROUND(ROUND(OFFSET($P21,0,AF$13),15-13*ORÇAMENTO!$AF$7)*OFFSET(ORÇAMENTO!$W$15,ROW(AF21)-ROW(AF$15),0),15-13*ORÇAMENTO!$AF$11)),0)","v":0},{"$f":"IF(AND($D21=\"Serviço\",AG$12<>0,$H21>0,OR(AUTOEVENTO<>\"manual\",$M21<>1)),\nIF(Import.TipoArredondamento<>\"TransfereGOV\",\nROUND(OFFSET($P21,0,AG$13),15-13*ORÇAMENTO!$AF$7)/$H21*OFFSET(ORÇAMENTO!$X$15,ROW(AG21)-ROW(AG$15),0),\nROUND(ROUND(OFFSET($P21,0,AG$13),15-13*ORÇAMENTO!$AF$7)*OFFSET(ORÇAMENTO!$W$15,ROW(AG21)-ROW(AG$15),0),15-13*ORÇAMENTO!$AF$11)),0)","v":0},{"$f":"IF(AND($D21=\"Serviço\",AH$12<>0,$H21>0,OR(AUTOEVENTO<>\"manual\",$M21<>1)),\nIF(Import.TipoArredondamento<>\"TransfereGOV\",\nROUND(OFFSET($P21,0,AH$13),15-13*ORÇAMENTO!$AF$7)/$H21*OFFSET(ORÇAMENTO!$X$15,ROW(AH21)-ROW(AH$15),0),\nROUND(ROUND(OFFSET($P21,0,AH$13),15-13*ORÇAMENTO!$AF$7)*OFFSET(ORÇAMENTO!$W$15,ROW(AH21)-ROW(AH$15),0),15-13*ORÇAMENTO!$AF$11)),0)","v":0},{"$f":"IF(AND($D21=\"Serviço\",AI$12<>0,$H21>0,OR(AUTOEVENTO<>\"manual\",$M21<>1)),\nIF(Import.TipoArredondamento<>\"TransfereGOV\",\nROUND(OFFSET($P21,0,AI$13),15-13*ORÇAMENTO!$AF$7)/$H21*OFFSET(ORÇAMENTO!$X$15,ROW(AI21)-ROW(AI$15),0),\nROUND(ROUND(OFFSET($P21,0,AI$13),15-13*ORÇAMENTO!$AF$7)*OFFSET(ORÇAMENTO!$W$15,ROW(AI21)-ROW(AI$15),0),15-13*ORÇAMENTO!$AF$11)),0)","v":0},{"$f":"IF(AND($D21=\"Serviço\",AJ$12<>0,$H21>0,OR(AUTOEVENTO<>\"manual\",$M21<>1)),\nIF(Import.TipoArredondamento<>\"TransfereGOV\",\nROUND(OFFSET($P21,0,AJ$13),15-13*ORÇAMENTO!$AF$7)/$H21*OFFSET(ORÇAMENTO!$X$15,ROW(AJ21)-ROW(AJ$15),0),\nROUND(ROUND(OFFSET($P21,0,AJ$13),15-13*ORÇAMENTO!$AF$7)*OFFSET(ORÇAMENTO!$W$15,ROW(AJ21)-ROW(AJ$15),0),15-13*ORÇAMENTO!$AF$11)),0)","v":0},{"$f":"IF(AND($D21=\"Serviço\",AK$12<>0,$H21>0,OR(AUTOEVENTO<>\"manual\",$M21<>1)),\nIF(Import.TipoArredondamento<>\"TransfereGOV\",\nROUND(OFFSET($P21,0,AK$13),15-13*ORÇAMENTO!$AF$7)/$H21*OFFSET(ORÇAMENTO!$X$15,ROW(AK21)-ROW(AK$15),0),\nROUND(ROUND(OFFSET($P21,0,AK$13),15-13*ORÇAMENTO!$AF$7)*OFFSET(ORÇAMENTO!$W$15,ROW(AK21)-ROW(AK$15),0),15-13*ORÇAMENTO!$AF$11)),0)","v":0},null,{"$f":"IF($D21<>\"Serviço\",0,IF(AND(AUTOEVENTO=\"Manual\",$M21=1),0,IF(OFFSET(CRONOPLE!$F$14,$M21,AM$13)=\"\",10^12,OFFSET(CRONOPLE!$F$14,$M21,AM$13))))","v":1000000000000},{"$f":"IF($D21<>\"Serviço\",0,IF(AND(AUTOEVENTO=\"Manual\",$M21=1),0,IF(OFFSET(CRONOPLE!$F$14,$M21,AN$13)=\"\",10^12,OFFSET(CRONOPLE!$F$14,$M21,AN$13))))","v":1000000000000},{"$f":"IF($D21<>\"Serviço\",0,IF(AND(AUTOEVENTO=\"Manual\",$M21=1),0,IF(OFFSET(CRONOPLE!$F$14,$M21,AO$13)=\"\",10^12,OFFSET(CRONOPLE!$F$14,$M21,AO$13))))","v":1000000000000},{"$f":"IF($D21<>\"Serviço\",0,IF(AND(AUTOEVENTO=\"Manual\",$M21=1),0,IF(OFFSET(CRONOPLE!$F$14,$M21,AP$13)=\"\",10^12,OFFSET(CRONOPLE!$F$14,$M21,AP$13))))","v":1000000000000},{"$f":"IF($D21<>\"Serviço\",0,IF(AND(AUTOEVENTO=\"Manual\",$M21=1),0,IF(OFFSET(CRONOPLE!$F$14,$M21,AQ$13)=\"\",10^12,OFFSET(CRONOPLE!$F$14,$M21,AQ$13))))","v":1000000000000},{"$f":"IF($D21<>\"Serviço\",0,IF(AND(AUTOEVENTO=\"Manual\",$M21=1),0,IF(OFFSET(CRONOPLE!$F$14,$M21,AR$13)=\"\",10^12,OFFSET(CRONOPLE!$F$14,$M21,AR$13))))","v":1000000000000},{"$f":"IF($D21<>\"Serviço\",0,IF(AND(AUTOEVENTO=\"Manual\",$M21=1),0,IF(OFFSET(CRONOPLE!$F$14,$M21,AS$13)=\"\",10^12,OFFSET(CRONOPLE!$F$14,$M21,AS$13))))","v":1000000000000},{"$f":"IF($D21<>\"Serviço\",0,IF(AND(AUTOEVENTO=\"Manual\",$M21=1),0,IF(OFFSET(CRONOPLE!$F$14,$M21,AT$13)=\"\",10^12,OFFSET(CRONOPLE!$F$14,$M21,AT$13))))","v":1000000000000},{"$f":"IF($D21<>\"Serviço\",0,IF(AND(AUTOEVENTO=\"Manual\",$M21=1),0,IF(OFFSET(CRONOPLE!$F$14,$M21,AU$13)=\"\",10^12,OFFSET(CRONOPLE!$F$14,$M21,AU$13))))","v":1000000000000},{"$f":"IF($D21<>\"Serviço\",0,IF(AND(AUTOEVENTO=\"Manual\",$M21=1),0,IF(OFFSET(CRONOPLE!$F$14,$M21,AV$13)=\"\",10^12,OFFSET(CRONOPLE!$F$14,$M21,AV$13))))","v":1000000000000},null,{"$f":"IF($D21<>\"Serviço\",0,IF(OR(AND(AUTOEVENTO=\"Manual\",$M21=1),$M21>(ROW(PLE.lastrow)-ROW(PLE.firstrow))),0,IF(OFFSET(PLE!$G$14,$M21,AX$13)=\"\",10^12,OFFSET(PLE!$G$14,$M21,AX$13))))","v":1000000000000},{"$f":"IF($D21<>\"Serviço\",0,IF(OR(AND(AUTOEVENTO=\"Manual\",$M21=1),$M21>(ROW(PLE.lastrow)-ROW(PLE.firstrow))),0,IF(OFFSET(PLE!$G$14,$M21,AY$13)=\"\",10^12,OFFSET(PLE!$G$14,$M21,AY$13))))","v":1000000000000},{"$f":"IF($D21<>\"Serviço\",0,IF(OR(AND(AUTOEVENTO=\"Manual\",$M21=1),$M21>(ROW(PLE.lastrow)-ROW(PLE.firstrow))),0,IF(OFFSET(PLE!$G$14,$M21,AZ$13)=\"\",10^12,OFFSET(PLE!$G$14,$M21,AZ$13))))","v":1000000000000},{"$f":"IF($D21<>\"Serviço\",0,IF(OR(AND(AUTOEVENTO=\"Manual\",$M21=1),$M21>(ROW(PLE.lastrow)-ROW(PLE.firstrow))),0,IF(OFFSET(PLE!$G$14,$M21,BA$13)=\"\",10^12,OFFSET(PLE!$G$14,$M21,BA$13))))","v":1000000000000},{"$f":"IF($D21<>\"Serviço\",0,IF(OR(AND(AUTOEVENTO=\"Manual\",$M21=1),$M21>(ROW(PLE.lastrow)-ROW(PLE.firstrow))),0,IF(OFFSET(PLE!$G$14,$M21,BB$13)=\"\",10^12,OFFSET(PLE!$G$14,$M21,BB$13))))","v":1000000000000},{"$f":"IF($D21<>\"Serviço\",0,IF(OR(AND(AUTOEVENTO=\"Manual\",$M21=1),$M21>(ROW(PLE.lastrow)-ROW(PLE.firstrow))),0,IF(OFFSET(PLE!$G$14,$M21,BC$13)=\"\",10^12,OFFSET(PLE!$G$14,$M21,BC$13))))","v":1000000000000},{"$f":"IF($D21<>\"Serviço\",0,IF(OR(AND(AUTOEVENTO=\"Manual\",$M21=1),$M21>(ROW(PLE.lastrow)-ROW(PLE.firstrow))),0,IF(OFFSET(PLE!$G$14,$M21,BD$13)=\"\",10^12,OFFSET(PLE!$G$14,$M21,BD$13))))","v":1000000000000},{"$f":"IF($D21<>\"Serviço\",0,IF(OR(AND(AUTOEVENTO=\"Manual\",$M21=1),$M21>(ROW(PLE.lastrow)-ROW(PLE.firstrow))),0,IF(OFFSET(PLE!$G$14,$M21,BE$13)=\"\",10^12,OFFSET(PLE!$G$14,$M21,BE$13))))","v":1000000000000},{"$f":"IF($D21<>\"Serviço\",0,IF(OR(AND(AUTOEVENTO=\"Manual\",$M21=1),$M21>(ROW(PLE.lastrow)-ROW(PLE.firstrow))),0,IF(OFFSET(PLE!$G$14,$M21,BF$13)=\"\",10^12,OFFSET(PLE!$G$14,$M21,BF$13))))","v":1000000000000},{"$f":"IF($D21<>\"Serviço\",0,IF(OR(AND(AUTOEVENTO=\"Manual\",$M21=1),$M21>(ROW(PLE.lastrow)-ROW(PLE.firstrow))),0,IF(OFFSET(PLE!$G$14,$M21,BG$13)=\"\",10^12,OFFSET(PLE!$G$14,$M21,BG$13))))","v":1000000000000}]
["7.",{"$f":"OFFSET(ORÇAMENTO!C$15,ROW(B22)-ROW(B$15),0)","v":2},{"$f":"OFFSET(ORÇAMENTO!L$15,ROW(C22)-ROW(C$15),0)","v":"F"},{"$f":"OFFSET(ORÇAMENTO!N$15,ROW(D22)-ROW(D$15),0)","v":"Nível 2"},{"$f":"OFFSET(ORÇAMENTO!O$15,ROW(E22)-ROW(E$15),0)","v":"1.2."},{"$f":"OFFSET(ORÇAMENTO!R$15,ROW(F22)-ROW(F$15),0)","v":"TERRAPLANAGEM "},{"$f":"IF($D22<>\"Serviço\",\"\",OFFSET(ORÇAMENTO!S$15,ROW(G22)-ROW(G$15),0))","v":""},{"$f":"IF($D22<>\"Serviço\",0,IF(ACOMPANHAMENTO=\"BM\",ROUND(OFFSET(ORÇAMENTO!AJ$15,ROW(H22)-ROW(H$15),0),15-13*ORÇAMENTO!$AF$7),SUMPRODUCT(($Q$12:$AA$12<>\"\")*ROUND($Q22:$AA22,15-13*ORÇAMENTO!$AF$7))))","v":0},null,null,null,".",{"$f":"IF($D22<>\"Serviço\",\"\",IF(AUTOEVENTO=\"manual\",$A22,IF(ISERROR(MATCH($A22,$A$15:OFFSET($A22,-1,0),0)),MAX($M$15:OFFSET(M22,-1,0))+1,INDEX($M$15:OFFSET(M22,-1,0),MATCH($A22,$A$15:OFFSET($A22,-1,0),0)))))","v":""},{"$f":"IF($D22<>\"Serviço\",\"\",IF(AUTOEVENTO=\"Manual\",IF($A22=0,\"<-- defina o número do agrupador\",OFFSET(EVENTOS!$D$14,$A22,0)),OFFSET($F$15,$A22,0)))","v":""},null,null,null,null,null,null,null,null,null,null,null,null,null,{"$f":"IF(AND($D22=\"Serviço\",AB$12<>0,$H22>0,OR(AUTOEVENTO<>\"manual\",$M22<>1)),\nIF(Import.TipoArredondamento<>\"TransfereGOV\",\nROUND(OFFSET($P22,0,AB$13),15-13*ORÇAMENTO!$AF$7)/$H22*OFFSET(ORÇAMENTO!$X$15,ROW(AB22)-ROW(AB$15),0),\nROUND(ROUND(OFFSET($P22,0,AB$13),15-13*ORÇAMENTO!$AF$7)*OFFSET(ORÇAMENTO!$W$15,ROW(AB22)-ROW(AB$15),0),15-13*ORÇAMENTO!$AF$11)),0)","v":0},{"$f":"IF(AND($D22=\"Serviço\",AC$12<>0,$H22>0,OR(AUTOEVENTO<>\"manual\",$M22<>1)),\nIF(Import.TipoArredondamento<>\"TransfereGOV\",\nROUND(OFFSET($P22,0,AC$13),15-13*ORÇAMENTO!$AF$7)/$H22*OFFSET(ORÇAMENTO!$X$15,ROW(AC22)-ROW(AC$15),0),\nROUND(ROUND(OFFSET($P22,0,AC$13),15-13*ORÇAMENTO!$AF$7)*OFFSET(ORÇAMENTO!$W$15,ROW(AC22)-ROW(AC$15),0),15-13*ORÇAMENTO!$AF$11)),0)","v":0},{"$f":"IF(AND($D22=\"Serviço\",AD$12<>0,$H22>0,OR(AUTOEVENTO<>\"manual\",$M22<>1)),\nIF(Import.TipoArredondamento<>\"TransfereGOV\",\nROUND(OFFSET($P22,0,AD$13),15-13*ORÇAMENTO!$AF$7)/$H22*OFFSET(ORÇAMENTO!$X$15,ROW(AD22)-ROW(AD$15),0),\nROUND(ROUND(OFFSET($P22,0,AD$13),15-13*ORÇAMENTO!$AF$7)*OFFSET(ORÇAMENTO!$W$15,ROW(AD22)-ROW(AD$15),0),15-13*ORÇAMENTO!$AF$11)),0)","v":0},{"$f":"IF(AND($D22=\"Serviço\",AE$12<>0,$H22>0,OR(AUTOEVENTO<>\"manual\",$M22<>1)),\nIF(Import.TipoArredondamento<>\"TransfereGOV\",\nROUND(OFFSET($P22,0,AE$13),15-13*ORÇAMENTO!$AF$7)/$H22*OFFSET(ORÇAMENTO!$X$15,ROW(AE22)-ROW(AE$15),0),\nROUND(ROUND(OFFSET($P22,0,AE$13),15-13*ORÇAMENTO!$AF$7)*OFFSET(ORÇAMENTO!$W$15,ROW(AE22)-ROW(AE$15),0),15-13*ORÇAMENTO!$AF$11)),0)","v":0},{"$f":"IF(AND($D22=\"Serviço\",AF$12<>0,$H22>0,OR(AUTOEVENTO<>\"manual\",$M22<>1)),\nIF(Import.TipoArredondamento<>\"TransfereGOV\",\nROUND(OFFSET($P22,0,AF$13),15-13*ORÇAMENTO!$AF$7)/$H22*OFFSET(ORÇAMENTO!$X$15,ROW(AF22)-ROW(AF$15),0),\nROUND(ROUND(OFFSET($P22,0,AF$13),15-13*ORÇAMENTO!$AF$7)*OFFSET(ORÇAMENTO!$W$15,ROW(AF22)-ROW(AF$15),0),15-13*ORÇAMENTO!$AF$11)),0)","v":0},{"$f":"IF(AND($D22=\"Serviço\",AG$12<>0,$H22>0,OR(AUTOEVENTO<>\"manual\",$M22<>1)),\nIF(Import.TipoArredondamento<>\"TransfereGOV\",\nROUND(OFFSET($P22,0,AG$13),15-13*ORÇAMENTO!$AF$7)/$H22*OFFSET(ORÇAMENTO!$X$15,ROW(AG22)-ROW(AG$15),0),\nROUND(ROUND(OFFSET($P22,0,AG$13),15-13*ORÇAMENTO!$AF$7)*OFFSET(ORÇAMENTO!$W$15,ROW(AG22)-ROW(AG$15),0),15-13*ORÇAMENTO!$AF$11)),0)","v":0},{"$f":"IF(AND($D22=\"Serviço\",AH$12<>0,$H22>0,OR(AUTOEVENTO<>\"manual\",$M22<>1)),\nIF(Import.TipoArredondamento<>\"TransfereGOV\",\nROUND(OFFSET($P22,0,AH$13),15-13*ORÇAMENTO!$AF$7)/$H22*OFFSET(ORÇAMENTO!$X$15,ROW(AH22)-ROW(AH$15),0),\nROUND(ROUND(OFFSET($P22,0,AH$13),15-13*ORÇAMENTO!$AF$7)*OFFSET(ORÇAMENTO!$W$15,ROW(AH22)-ROW(AH$15),0),15-13*ORÇAMENTO!$AF$11)),0)","v":0},{"$f":"IF(AND($D22=\"Serviço\",AI$12<>0,$H22>0,OR(AUTOEVENTO<>\"manual\",$M22<>1)),\nIF(Import.TipoArredondamento<>\"TransfereGOV\",\nROUND(OFFSET($P22,0,AI$13),15-13*ORÇAMENTO!$AF$7)/$H22*OFFSET(ORÇAMENTO!$X$15,ROW(AI22)-ROW(AI$15),0),\nROUND(ROUND(OFFSET($P22,0,AI$13),15-13*ORÇAMENTO!$AF$7)*OFFSET(ORÇAMENTO!$W$15,ROW(AI22)-ROW(AI$15),0),15-13*ORÇAMENTO!$AF$11)),0)","v":0},{"$f":"IF(AND($D22=\"Serviço\",AJ$12<>0,$H22>0,OR(AUTOEVENTO<>\"manual\",$M22<>1)),\nIF(Import.TipoArredondamento<>\"TransfereGOV\",\nROUND(OFFSET($P22,0,AJ$13),15-13*ORÇAMENTO!$AF$7)/$H22*OFFSET(ORÇAMENTO!$X$15,ROW(AJ22)-ROW(AJ$15),0),\nROUND(ROUND(OFFSET($P22,0,AJ$13),15-13*ORÇAMENTO!$AF$7)*OFFSET(ORÇAMENTO!$W$15,ROW(AJ22)-ROW(AJ$15),0),15-13*ORÇAMENTO!$AF$11)),0)","v":0},{"$f":"IF(AND($D22=\"Serviço\",AK$12<>0,$H22>0,OR(AUTOEVENTO<>\"manual\",$M22<>1)),\nIF(Import.TipoArredondamento<>\"TransfereGOV\",\nROUND(OFFSET($P22,0,AK$13),15-13*ORÇAMENTO!$AF$7)/$H22*OFFSET(ORÇAMENTO!$X$15,ROW(AK22)-ROW(AK$15),0),\nROUND(ROUND(OFFSET($P22,0,AK$13),15-13*ORÇAMENTO!$AF$7)*OFFSET(ORÇAMENTO!$W$15,ROW(AK22)-ROW(AK$15),0),15-13*ORÇAMENTO!$AF$11)),0)","v":0},null,{"$f":"IF($D22<>\"Serviço\",0,IF(AND(AUTOEVENTO=\"Manual\",$M22=1),0,IF(OFFSET(CRONOPLE!$F$14,$M22,AM$13)=\"\",10^12,OFFSET(CRONOPLE!$F$14,$M22,AM$13))))","v":0},{"$f":"IF($D22<>\"Serviço\",0,IF(AND(AUTOEVENTO=\"Manual\",$M22=1),0,IF(OFFSET(CRONOPLE!$F$14,$M22,AN$13)=\"\",10^12,OFFSET(CRONOPLE!$F$14,$M22,AN$13))))","v":0},{"$f":"IF($D22<>\"Serviço\",0,IF(AND(AUTOEVENTO=\"Manual\",$M22=1),0,IF(OFFSET(CRONOPLE!$F$14,$M22,AO$13)=\"\",10^12,OFFSET(CRONOPLE!$F$14,$M22,AO$13))))","v":0},{"$f":"IF($D22<>\"Serviço\",0,IF(AND(AUTOEVENTO=\"Manual\",$M22=1),0,IF(OFFSET(CRONOPLE!$F$14,$M22,AP$13)=\"\",10^12,OFFSET(CRONOPLE!$F$14,$M22,AP$13))))","v":0},{"$f":"IF($D22<>\"Serviço\",0,IF(AND(AUTOEVENTO=\"Manual\",$M22=1),0,IF(OFFSET(CRONOPLE!$F$14,$M22,AQ$13)=\"\",10^12,OFFSET(CRONOPLE!$F$14,$M22,AQ$13))))","v":0},{"$f":"IF($D22<>\"Serviço\",0,IF(AND(AUTOEVENTO=\"Manual\",$M22=1),0,IF(OFFSET(CRONOPLE!$F$14,$M22,AR$13)=\"\",10^12,OFFSET(CRONOPLE!$F$14,$M22,AR$13))))","v":0},{"$f":"IF($D22<>\"Serviço\",0,IF(AND(AUTOEVENTO=\"Manual\",$M22=1),0,IF(OFFSET(CRONOPLE!$F$14,$M22,AS$13)=\"\",10^12,OFFSET(CRONOPLE!$F$14,$M22,AS$13))))","v":0},{"$f":"IF($D22<>\"Serviço\",0,IF(AND(AUTOEVENTO=\"Manual\",$M22=1),0,IF(OFFSET(CRONOPLE!$F$14,$M22,AT$13)=\"\",10^12,OFFSET(CRONOPLE!$F$14,$M22,AT$13))))","v":0},{"$f":"IF($D22<>\"Serviço\",0,IF(AND(AUTOEVENTO=\"Manual\",$M22=1),0,IF(OFFSET(CRONOPLE!$F$14,$M22,AU$13)=\"\",10^12,OFFSET(CRONOPLE!$F$14,$M22,AU$13))))","v":0},{"$f":"IF($D22<>\"Serviço\",0,IF(AND(AUTOEVENTO=\"Manual\",$M22=1),0,IF(OFFSET(CRONOPLE!$F$14,$M22,AV$13)=\"\",10^12,OFFSET(CRONOPLE!$F$14,$M22,AV$13))))","v":0},null,{"$f":"IF($D22<>\"Serviço\",0,IF(OR(AND(AUTOEVENTO=\"Manual\",$M22=1),$M22>(ROW(PLE.lastrow)-ROW(PLE.firstrow))),0,IF(OFFSET(PLE!$G$14,$M22,AX$13)=\"\",10^12,OFFSET(PLE!$G$14,$M22,AX$13))))","v":0},{"$f":"IF($D22<>\"Serviço\",0,IF(OR(AND(AUTOEVENTO=\"Manual\",$M22=1),$M22>(ROW(PLE.lastrow)-ROW(PLE.firstrow))),0,IF(OFFSET(PLE!$G$14,$M22,AY$13)=\"\",10^12,OFFSET(PLE!$G$14,$M22,AY$13))))","v":0},{"$f":"IF($D22<>\"Serviço\",0,IF(OR(AND(AUTOEVENTO=\"Manual\",$M22=1),$M22>(ROW(PLE.lastrow)-ROW(PLE.firstrow))),0,IF(OFFSET(PLE!$G$14,$M22,AZ$13)=\"\",10^12,OFFSET(PLE!$G$14,$M22,AZ$13))))","v":0},{"$f":"IF($D22<>\"Serviço\",0,IF(OR(AND(AUTOEVENTO=\"Manual\",$M22=1),$M22>(ROW(PLE.lastrow)-ROW(PLE.firstrow))),0,IF(OFFSET(PLE!$G$14,$M22,BA$13)=\"\",10^12,OFFSET(PLE!$G$14,$M22,BA$13))))","v":0},{"$f":"IF($D22<>\"Serviço\",0,IF(OR(AND(AUTOEVENTO=\"Manual\",$M22=1),$M22>(ROW(PLE.lastrow)-ROW(PLE.firstrow))),0,IF(OFFSET(PLE!$G$14,$M22,BB$13)=\"\",10^12,OFFSET(PLE!$G$14,$M22,BB$13))))","v":0},{"$f":"IF($D22<>\"Serviço\",0,IF(OR(AND(AUTOEVENTO=\"Manual\",$M22=1),$M22>(ROW(PLE.lastrow)-ROW(PLE.firstrow))),0,IF(OFFSET(PLE!$G$14,$M22,BC$13)=\"\",10^12,OFFSET(PLE!$G$14,$M22,BC$13))))","v":0},{"$f":"IF($D22<>\"Serviço\",0,IF(OR(AND(AUTOEVENTO=\"Manual\",$M22=1),$M22>(ROW(PLE.lastrow)-ROW(PLE.firstrow))),0,IF(OFFSET(PLE!$G$14,$M22,BD$13)=\"\",10^12,OFFSET(PLE!$G$14,$M22,BD$13))))","v":0},{"$f":"IF($D22<>\"Serviço\",0,IF(OR(AND(AUTOEVENTO=\"Manual\",$M22=1),$M22>(ROW(PLE.lastrow)-ROW(PLE.firstrow))),0,IF(OFFSET(PLE!$G$14,$M22,BE$13)=\"\",10^12,OFFSET(PLE!$G$14,$M22,BE$13))))","v":0},{"$f":"IF($D22<>\"Serviço\",0,IF(OR(AND(AUTOEVENTO=\"Manual\",$M22=1),$M22>(ROW(PLE.lastrow)-ROW(PLE.firstrow))),0,IF(OFFSET(PLE!$G$14,$M22,BF$13)=\"\",10^12,OFFSET(PLE!$G$14,$M22,BF$13))))","v":0},{"$f":"IF($D22<>\"Serviço\",0,IF(OR(AND(AUTOEVENTO=\"Manual\",$M22=1),$M22>(ROW(PLE.lastrow)-ROW(PLE.firstrow))),0,IF(OFFSET(PLE!$G$14,$M22,BG$13)=\"\",10^12,OFFSET(PLE!$G$14,$M22,BG$13))))","v":0}]
[{"$f":"IF(AUTOEVENTO=\"Manual\",IF(K23<>\"\",MIN(VALUE(LEFT(K23,FIND(\".\",K23)-1)),COUNTA(EVENTOS.Lista)),0),IF(OR($B23>AUTOEVENTO,$B23=\"S\",$B23=0),SUBSTITUTE(OFFSET($A23,-1,0),IF($D23=\"Serviço\",\".\",\"\"),\"\"),ROW(A23)-ROW($A$15)&\".\"))","v":"7"},{"$f":"OFFSET(ORÇAMENTO!C$15,ROW(B23)-ROW(B$15),0)","v":"S"},{"$f":"OFFSET(ORÇAMENTO!L$15,ROW(C23)-ROW(C$15),0)","v":"F"},{"$f":"OFFSET(ORÇAMENTO!N$15,ROW(D23)-ROW(D$15),0)","v":"Serviço"},{"$f":"OFFSET(ORÇAMENTO!O$15,ROW(E23)-ROW(E$15),0)","v":"1.2.0.1."},{"$f":"OFFSET(ORÇAMENTO!R$15,ROW(F23)-ROW(F$15),0)","v":"LIMPEZA MECANIZADA DE CAMADA VEGETAL, VEGETAÇÃO E PEQUENAS ÁRVORES (DIÂMETRO DE TRONCO MENOR QUE 0,20 M), COM TRATOR DE ESTEIRAS. AF_03/2024"},{"$f":"IF($D23<>\"Serviço\",\"\",OFFSET(ORÇAMENTO!S$15,ROW(G23)-ROW(G$15),0))","v":"M2"},{"$f":"IF($D23<>\"Serviço\",0,IF(ACOMPANHAMENTO=\"BM\",ROUND(OFFSET(ORÇAMENTO!AJ$15,ROW(H23)-ROW(H$15),0),15-13*ORÇAMENTO!$AF$7),SUMPRODUCT(($Q$12:$AA$12<>\"\")*ROUND($Q23:$AA23,15-13*ORÇAMENTO!$AF$7))))","v":1577.11},"CONSIDERADO A ÁREA DO PAVER E CALÇADAS TAMBEM",null,null,".",{"$f":"IF($D23<>\"Serviço\",\"\",IF(AUTOEVENTO=\"manual\",$A23,IF(ISERROR(MATCH($A23,$A$15:OFFSET($A23,-1,0),0)),MAX($M$15:OFFSET(M23,-1,0))+1,INDEX($M$15:OFFSET(M23,-1,0),MATCH($A23,$A$15:OFFSET($A23,-1,0),0)))))","v":3},{"$f":"IF($D23<>\"Serviço\",\"\",IF(AUTOEVENTO=\"Manual\",IF($A23=0,\"<-- defina o número do agrupador\",OFFSET(EVENTOS!$D$14,$A23,0)),OFFSET($F$15,$A23,0)))","v":"TERRAPLANAGEM "},null,null,1577.11,null,null,null,null,null,null,null,null,null,null,{"$f":"IF(AND($D23=\"Serviço\",AB$12<>0,$H23>0,OR(AUTOEVENTO<>\"manual\",$M23<>1)),\nIF(Import.TipoArredondamento<>\"TransfereGOV\",\nROUND(OFFSET($P23,0,AB$13),15-13*ORÇAMENTO!$AF$7)/$H23*OFFSET(ORÇAMENTO!$X$15,ROW(AB23)-ROW(AB$15),0),\nROUND(ROUND(OFFSET($P23,0,AB$13),15-13*ORÇAMENTO!$AF$7)*OFFSET(ORÇAMENTO!$W$15,ROW(AB23)-ROW(AB$15),0),15-13*ORÇAMENTO!$AF$11)),0)","v":1309},{"$f":"IF(AND($D23=\"Serviço\",AC$12<>0,$H23>0,OR(AUTOEVENTO<>\"manual\",$M23<>1)),\nIF(Import.TipoArredondamento<>\"TransfereGOV\",\nROUND(OFFSET($P23,0,AC$13),15-13*ORÇAMENTO!$AF$7)/$H23*OFFSET(ORÇAMENTO!$X$15,ROW(AC23)-ROW(AC$15),0),\nROUND(ROUND(OFFSET($P23,0,AC$13),15-13*ORÇAMENTO!$AF$7)*OFFSET(ORÇAMENTO!$W$15,ROW(AC23)-ROW(AC$15),0),15-13*ORÇAMENTO!$AF$11)),0)","v":0},{"$f":"IF(AND($D23=\"Serviço\",AD$12<>0,$H23>0,OR(AUTOEVENTO<>\"manual\",$M23<>1)),\nIF(Import.TipoArredondamento<>\"TransfereGOV\",\nROUND(OFFSET($P23,0,AD$13),15-13*ORÇAMENTO!$AF$7)/$H23*OFFSET(ORÇAMENTO!$X$15,ROW(AD23)-ROW(AD$15),0),\nROUND(ROUND(OFFSET($P23,0,AD$13),15-13*ORÇAMENTO!$AF$7)*OFFSET(ORÇAMENTO!$W$15,ROW(AD23)-ROW(AD$15),0),15-13*ORÇAMENTO!$AF$11)),0)","v":0},{"$f":"IF(AND($D23=\"Serviço\",AE$12<>0,$H23>0,OR(AUTOEVENTO<>\"manual\",$M23<>1)),\nIF(Import.TipoArredondamento<>\"TransfereGOV\",\nROUND(OFFSET($P23,0,AE$13),15-13*ORÇAMENTO!$AF$7)/$H23*OFFSET(ORÇAMENTO!$X$15,ROW(AE23)-ROW(AE$15),0),\nROUND(ROUND(OFFSET($P23,0,AE$13),15-13*ORÇAMENTO!$AF$7)*OFFSET(ORÇAMENTO!$W$15,ROW(AE23)-ROW(AE$15),0),15-13*ORÇAMENTO!$AF$11)),0)","v":0},{"$f":"IF(AND($D23=\"Serviço\",AF$12<>0,$H23>0,OR(AUTOEVENTO<>\"manual\",$M23<>1)),\nIF(Import.TipoArredondamento<>\"TransfereGOV\",\nROUND(OFFSET($P23,0,AF$13),15-13*ORÇAMENTO!$AF$7)/$H23*OFFSET(ORÇAMENTO!$X$15,ROW(AF23)-ROW(AF$15),0),\nROUND(ROUND(OFFSET($P23,0,AF$13),15-13*ORÇAMENTO!$AF$7)*OFFSET(ORÇAMENTO!$W$15,ROW(AF23)-ROW(AF$15),0),15-13*ORÇAMENTO!$AF$11)),0)","v":0},{"$f":"IF(AND($D23=\"Serviço\",AG$12<>0,$H23>0,OR(AUTOEVENTO<>\"manual\",$M23<>1)),\nIF(Import.TipoArredondamento<>\"TransfereGOV\",\nROUND(OFFSET($P23,0,AG$13),15-13*ORÇAMENTO!$AF$7)/$H23*OFFSET(ORÇAMENTO!$X$15,ROW(AG23)-ROW(AG$15),0),\nROUND(ROUND(OFFSET($P23,0,AG$13),15-13*ORÇAMENTO!$AF$7)*OFFSET(ORÇAMENTO!$W$15,ROW(AG23)-ROW(AG$15),0),15-13*ORÇAMENTO!$AF$11)),0)","v":0},{"$f":"IF(AND($D23=\"Serviço\",AH$12<>0,$H23>0,OR(AUTOEVENTO<>\"manual\",$M23<>1)),\nIF(Import.TipoArredondamento<>\"TransfereGOV\",\nROUND(OFFSET($P23,0,AH$13),15-13*ORÇAMENTO!$AF$7)/$H23*OFFSET(ORÇAMENTO!$X$15,ROW(AH23)-ROW(AH$15),0),\nROUND(ROUND(OFFSET($P23,0,AH$13),15-13*ORÇAMENTO!$AF$7)*OFFSET(ORÇAMENTO!$W$15,ROW(AH23)-ROW(AH$15),0),15-13*ORÇAMENTO!$AF$11)),0)","v":0},{"$f":"IF(AND($D23=\"Serviço\",AI$12<>0,$H23>0,OR(AUTOEVENTO<>\"manual\",$M23<>1)),\nIF(Import.TipoArredondamento<>\"TransfereGOV\",\nROUND(OFFSET($P23,0,AI$13),15-13*ORÇAMENTO!$AF$7)/$H23*OFFSET(ORÇAMENTO!$X$15,ROW(AI23)-ROW(AI$15),0),\nROUND(ROUND(OFFSET($P23,0,AI$13),15-13*ORÇAMENTO!$AF$7)*OFFSET(ORÇAMENTO!$W$15,ROW(AI23)-ROW(AI$15),0),15-13*ORÇAMENTO!$AF$11)),0)","v":0},{"$f":"IF(AND($D23=\"Serviço\",AJ$12<>0,$H23>0,OR(AUTOEVENTO<>\"manual\",$M23<>1)),\nIF(Import.TipoArredondamento<>\"TransfereGOV\",\nROUND(OFFSET($P23,0,AJ$13),15-13*ORÇAMENTO!$AF$7)/$H23*OFFSET(ORÇAMENTO!$X$15,ROW(AJ23)-ROW(AJ$15),0),\nROUND(ROUND(OFFSET($P23,0,AJ$13),15-13*ORÇAMENTO!$AF$7)*OFFSET(ORÇAMENTO!$W$15,ROW(AJ23)-ROW(AJ$15),0),15-13*ORÇAMENTO!$AF$11)),0)","v":0},{"$f":"IF(AND($D23=\"Serviço\",AK$12<>0,$H23>0,OR(AUTOEVENTO<>\"manual\",$M23<>1)),\nIF(Import.TipoArredondamento<>\"TransfereGOV\",\nROUND(OFFSET($P23,0,AK$13),15-13*ORÇAMENTO!$AF$7)/$H23*OFFSET(ORÇAMENTO!$X$15,ROW(AK23)-ROW(AK$15),0),\nROUND(ROUND(OFFSET($P23,0,AK$13),15-13*ORÇAMENTO!$AF$7)*OFFSET(ORÇAMENTO!$W$15,ROW(AK23)-ROW(AK$15),0),15-13*ORÇAMENTO!$AF$11)),0)","v":0},null,{"$f":"IF($D23<>\"Serviço\",0,IF(AND(AUTOEVENTO=\"Manual\",$M23=1),0,IF(OFFSET(CRONOPLE!$F$14,$M23,AM$13)=\"\",10^12,OFFSET(CRONOPLE!$F$14,$M23,AM$13))))","v":1000000000000},{"$f":"IF($D23<>\"Serviço\",0,IF(AND(AUTOEVENTO=\"Manual\",$M23=1),0,IF(OFFSET(CRONOPLE!$F$14,$M23,AN$13)=\"\",10^12,OFFSET(CRONOPLE!$F$14,$M23,AN$13))))","v":1000000000000},{"$f":"IF($D23<>\"Serviço\",0,IF(AND(AUTOEVENTO=\"Manual\",$M23=1),0,IF(OFFSET(CRONOPLE!$F$14,$M23,AO$13)=\"\",10^12,OFFSET(CRONOPLE!$F$14,$M23,AO$13))))","v":1000000000000},{"$f":"IF($D23<>\"Serviço\",0,IF(AND(AUTOEVENTO=\"Manual\",$M23=1),0,IF(OFFSET(CRONOPLE!$F$14,$M23,AP$13)=\"\",10^12,OFFSET(CRONOPLE!$F$14,$M23,AP$13))))","v":1000000000000},{"$f":"IF($D23<>\"Serviço\",0,IF(AND(AUTOEVENTO=\"Manual\",$M23=1),0,IF(OFFSET(CRONOPLE!$F$14,$M23,AQ$13)=\"\",10^12,OFFSET(CRONOPLE!$F$14,$M23,AQ$13))))","v":1000000000000},{"$f":"IF($D23<>\"Serviço\",0,IF(AND(AUTOEVENTO=\"Manual\",$M23=1),0,IF(OFFSET(CRONOPLE!$F$14,$M23,AR$13)=\"\",10^12,OFFSET(CRONOPLE!$F$14,$M23,AR$13))))","v":1000000000000},{"$f":"IF($D23<>\"Serviço\",0,IF(AND(AUTOEVENTO=\"Manual\",$M23=1),0,IF(OFFSET(CRONOPLE!$F$14,$M23,AS$13)=\"\",10^12,OFFSET(CRONOPLE!$F$14,$M23,AS$13))))","v":1000000000000},{"$f":"IF($D23<>\"Serviço\",0,IF(AND(AUTOEVENTO=\"Manual\",$M23=1),0,IF(OFFSET(CRONOPLE!$F$14,$M23,AT$13)=\"\",10^12,OFFSET(CRONOPLE!$F$14,$M23,AT$13))))","v":1000000000000},{"$f":"IF($D23<>\"Serviço\",0,IF(AND(AUTOEVENTO=\"Manual\",$M23=1),0,IF(OFFSET(CRONOPLE!$F$14,$M23,AU$13)=\"\",10^12,OFFSET(CRONOPLE!$F$14,$M23,AU$13))))","v":1000000000000},{"$f":"IF($D23<>\"Serviço\",0,IF(AND(AUTOEVENTO=\"Manual\",$M23=1),0,IF(OFFSET(CRONOPLE!$F$14,$M23,AV$13)=\"\",10^12,OFFSET(CRONOPLE!$F$14,$M23,AV$13))))","v":1000000000000},null,{"$f":"IF($D23<>\"Serviço\",0,IF(OR(AND(AUTOEVENTO=\"Manual\",$M23=1),$M23>(ROW(PLE.lastrow)-ROW(PLE.firstrow))),0,IF(OFFSET(PLE!$G$14,$M23,AX$13)=\"\",10^12,OFFSET(PLE!$G$14,$M23,AX$13))))","v":1000000000000},{"$f":"IF($D23<>\"Serviço\",0,IF(OR(AND(AUTOEVENTO=\"Manual\",$M23=1),$M23>(ROW(PLE.lastrow)-ROW(PLE.firstrow))),0,IF(OFFSET(PLE!$G$14,$M23,AY$13)=\"\",10^12,OFFSET(PLE!$G$14,$M23,AY$13))))","v":1000000000000},{"$f":"IF($D23<>\"Serviço\",0,IF(OR(AND(AUTOEVENTO=\"Manual\",$M23=1),$M23>(ROW(PLE.lastrow)-ROW(PLE.firstrow))),0,IF(OFFSET(PLE!$G$14,$M23,AZ$13)=\"\",10^12,OFFSET(PLE!$G$14,$M23,AZ$13))))","v":1000000000000},{"$f":"IF($D23<>\"Serviço\",0,IF(OR(AND(AUTOEVENTO=\"Manual\",$M23=1),$M23>(ROW(PLE.lastrow)-ROW(PLE.firstrow))),0,IF(OFFSET(PLE!$G$14,$M23,BA$13)=\"\",10^12,OFFSET(PLE!$G$14,$M23,BA$13))))","v":1000000000000},{"$f":"IF($D23<>\"Serviço\",0,IF(OR(AND(AUTOEVENTO=\"Manual\",$M23=1),$M23>(ROW(PLE.lastrow)-ROW(PLE.firstrow))),0,IF(OFFSET(PLE!$G$14,$M23,BB$13)=\"\",10^12,OFFSET(PLE!$G$14,$M23,BB$13))))","v":1000000000000},{"$f":"IF($D23<>\"Serviço\",0,IF(OR(AND(AUTOEVENTO=\"Manual\",$M23=1),$M23>(ROW(PLE.lastrow)-ROW(PLE.firstrow))),0,IF(OFFSET(PLE!$G$14,$M23,BC$13)=\"\",10^12,OFFSET(PLE!$G$14,$M23,BC$13))))","v":1000000000000},{"$f":"IF($D23<>\"Serviço\",0,IF(OR(AND(AUTOEVENTO=\"Manual\",$M23=1),$M23>(ROW(PLE.lastrow)-ROW(PLE.firstrow))),0,IF(OFFSET(PLE!$G$14,$M23,BD$13)=\"\",10^12,OFFSET(PLE!$G$14,$M23,BD$13))))","v":1000000000000},{"$f":"IF($D23<>\"Serviço\",0,IF(OR(AND(AUTOEVENTO=\"Manual\",$M23=1),$M23>(ROW(PLE.lastrow)-ROW(PLE.firstrow))),0,IF(OFFSET(PLE!$G$14,$M23,BE$13)=\"\",10^12,OFFSET(PLE!$G$14,$M23,BE$13))))","v":1000000000000},{"$f":"IF($D23<>\"Serviço\",0,IF(OR(AND(AUTOEVENTO=\"Manual\",$M23=1),$M23>(ROW(PLE.lastrow)-ROW(PLE.firstrow))),0,IF(OFFSET(PLE!$G$14,$M23,BF$13)=\"\",10^12,OFFSET(PLE!$G$14,$M23,BF$13))))","v":1000000000000},{"$f":"IF($D23<>\"Serviço\",0,IF(OR(AND(AUTOEVENTO=\"Manual\",$M23=1),$M23>(ROW(PLE.lastrow)-ROW(PLE.firstrow))),0,IF(OFFSET(PLE!$G$14,$M23,BG$13)=\"\",10^12,OFFSET(PLE!$G$14,$M23,BG$13))))","v":1000000000000}]
[{"$f":"IF(AUTOEVENTO=\"Manual\",IF(K24<>\"\",MIN(VALUE(LEFT(K24,FIND(\".\",K24)-1)),COUNTA(EVENTOS.Lista)),0),IF(OR($B24>AUTOEVENTO,$B24=\"S\",$B24=0),SUBSTITUTE(OFFSET($A24,-1,0),IF($D24=\"Serviço\",\".\",\"\"),\"\"),ROW(A24)-ROW($A$15)&\".\"))","v":"7"},{"$f":"OFFSET(ORÇAMENTO!C$15,ROW(B24)-ROW(B$15),0)","v":"S"},{"$f":"OFFSET(ORÇAMENTO!L$15,ROW(C24)-ROW(C$15),0)","v":"F"},{"$f":"OFFSET(ORÇAMENTO!N$15,ROW(D24)-ROW(D$15),0)","v":"Serviço"},{"$f":"OFFSET(ORÇAMENTO!O$15,ROW(E24)-ROW(E$15),0)","v":"1.2.0.2."},{"$f":"OFFSET(ORÇAMENTO!R$15,ROW(F24)-ROW(F$15),0)","v":"CARGA, MANOBRA E DESCARGA DE SOLOS E MATERIAIS GRANULARES EM CAMINHÃO BASCULANTE 18 M³ - CARGA COM ESCAVADEIRA HIDRÁULICA (CAÇAMBA DE 1,20 M³ / 155 HP) E DESCARGA LIVRE (UNIDADE: M3). AF_07/2020"},{"$f":"IF($D24<>\"Serviço\",\"\",OFFSET(ORÇAMENTO!S$15,ROW(G24)-ROW(G$15),0))","v":"M3"},{"$f":"IF($D24<>\"Serviço\",0,IF(ACOMPANHAMENTO=\"BM\",ROUND(OFFSET(ORÇAMENTO!AJ$15,ROW(H24)-ROW(H$15),0),15-13*ORÇAMENTO!$AF$7),SUMPRODUCT(($Q$12:$AA$12<>\"\")*ROUND($Q24:$AA24,15-13*ORÇAMENTO!$AF$7))))","v":205.02},"CONSIDERADO RASPAGEM DE 10CM, AUMENTO DE VOLUME EM 30%",null,null,".",{"$f":"IF($D24<>\"Serviço\",\"\",IF(AUTOEVENTO=\"manual\",$A24,IF(ISERROR(MATCH($A24,$A$15:OFFSET($A24,-1,0),0)),MAX($M$15:OFFSET(M24,-1,0))+1,INDEX($M$15:OFFSET(M24,-1,0),MATCH($A24,$A$15:OFFSET($A24,-1,0),0)))))","v":3},{"$f":"IF($D24<>\"Serviço\",\"\",IF(AUTOEVENTO=\"Manual\",IF($A24=0,\"<-- defina o número do agrupador\",OFFSET(EVENTOS!$D$14,$A24,0)),OFFSET($F$15,$A24,0)))","v":"TERRAPLANAGEM "},null,null,{"$f":"Q23*0.1*1.3","v":205.02430000000001},null,null,null,null,null,null,null,null,null,null,{"$f":"IF(AND($D24=\"Serviço\",AB$12<>0,$H24>0,OR(AUTOEVENTO<>\"manual\",$M24<>1)),\nIF(Import.TipoArredondamento<>\"TransfereGOV\",\nROUND(OFFSET($P24,0,AB$13),15-13*ORÇAMENTO!$AF$7)/$H24*OFFSET(ORÇAMENTO!$X$15,ROW(AB24)-ROW(AB$15),0),\nROUND(ROUND(OFFSET($P24,0,AB$13),15-13*ORÇAMENTO!$AF$7)*OFFSET(ORÇAMENTO!$W$15,ROW(AB24)-ROW(AB$15),0),15-13*ORÇAMENTO!$AF$11)),0)","v":1750.87},{"$f":"IF(AND($D24=\"Serviço\",AC$12<>0,$H24>0,OR(AUTOEVENTO<>\"manual\",$M24<>1)),\nIF(Import.TipoArredondamento<>\"TransfereGOV\",\nROUND(OFFSET($P24,0,AC$13),15-13*ORÇAMENTO!$AF$7)/$H24*OFFSET(ORÇAMENTO!$X$15,ROW(AC24)-ROW(AC$15),0),\nROUND(ROUND(OFFSET($P24,0,AC$13),15-13*ORÇAMENTO!$AF$7)*OFFSET(ORÇAMENTO!$W$15,ROW(AC24)-ROW(AC$15),0),15-13*ORÇAMENTO!$AF$11)),0)","v":0},{"$f":"IF(AND($D24=\"Serviço\",AD$12<>0,$H24>0,OR(AUTOEVENTO<>\"manual\",$M24<>1)),\nIF(Import.TipoArredondamento<>\"TransfereGOV\",\nROUND(OFFSET($P24,0,AD$13),15-13*ORÇAMENTO!$AF$7)/$H24*OFFSET(ORÇAMENTO!$X$15,ROW(AD24)-ROW(AD$15),0),\nROUND(ROUND(OFFSET($P24,0,AD$13),15-13*ORÇAMENTO!$AF$7)*OFFSET(ORÇAMENTO!$W$15,ROW(AD24)-ROW(AD$15),0),15-13*ORÇAMENTO!$AF$11)),0)","v":0},{"$f":"IF(AND($D24=\"Serviço\",AE$12<>0,$H24>0,OR(AUTOEVENTO<>\"manual\",$M24<>1)),\nIF(Import.TipoArredondamento<>\"TransfereGOV\",\nROUND(OFFSET($P24,0,AE$13),15-13*ORÇAMENTO!$AF$7)/$H24*OFFSET(ORÇAMENTO!$X$15,ROW(AE24)-ROW(AE$15),0),\nROUND(ROUND(OFFSET($P24,0,AE$13),15-13*ORÇAMENTO!$AF$7)*OFFSET(ORÇAMENTO!$W$15,ROW(AE24)-ROW(AE$15),0),15-13*ORÇAMENTO!$AF$11)),0)","v":0},{"$f":"IF(AND($D24=\"Serviço\",AF$12<>0,$H24>0,OR(AUTOEVENTO<>\"manual\",$M24<>1)),\nIF(Import.TipoArredondamento<>\"TransfereGOV\",\nROUND(OFFSET($P24,0,AF$13),15-13*ORÇAMENTO!$AF$7)/$H24*OFFSET(ORÇAMENTO!$X$15,ROW(AF24)-ROW(AF$15),0),\nROUND(ROUND(OFFSET($P24,0,AF$13),15-13*ORÇAMENTO!$AF$7)*OFFSET(ORÇAMENTO!$W$15,ROW(AF24)-ROW(AF$15),0),15-13*ORÇAMENTO!$AF$11)),0)","v":0},{"$f":"IF(AND($D24=\"Serviço\",AG$12<>0,$H24>0,OR(AUTOEVENTO<>\"manual\",$M24<>1)),\nIF(Import.TipoArredondamento<>\"TransfereGOV\",\nROUND(OFFSET($P24,0,AG$13),15-13*ORÇAMENTO!$AF$7)/$H24*OFFSET(ORÇAMENTO!$X$15,ROW(AG24)-ROW(AG$15),0),\nROUND(ROUND(OFFSET($P24,0,AG$13),15-13*ORÇAMENTO!$AF$7)*OFFSET(ORÇAMENTO!$W$15,ROW(AG24)-ROW(AG$15),0),15-13*ORÇAMENTO!$AF$11)),0)","v":0},{"$f":"IF(AND($D24=\"Serviço\",AH$12<>0,$H24>0,OR(AUTOEVENTO<>\"manual\",$M24<>1)),\nIF(Import.TipoArredondamento<>\"TransfereGOV\",\nROUND(OFFSET($P24,0,AH$13),15-13*ORÇAMENTO!$AF$7)/$H24*OFFSET(ORÇAMENTO!$X$15,ROW(AH24)-ROW(AH$15),0),\nROUND(ROUND(OFFSET($P24,0,AH$13),15-13*ORÇAMENTO!$AF$7)*OFFSET(ORÇAMENTO!$W$15,ROW(AH24)-ROW(AH$15),0),15-13*ORÇAMENTO!$AF$11)),0)","v":0},{"$f":"IF(AND($D24=\"Serviço\",AI$12<>0,$H24>0,OR(AUTOEVENTO<>\"manual\",$M24<>1)),\nIF(Import.TipoArredondamento<>\"TransfereGOV\",\nROUND(OFFSET($P24,0,AI$13),15-13*ORÇAMENTO!$AF$7)/$H24*OFFSET(ORÇAMENTO!$X$15,ROW(AI24)-ROW(AI$15),0),\nROUND(ROUND(OFFSET($P24,0,AI$13),15-13*ORÇAMENTO!$AF$7)*OFFSET(ORÇAMENTO!$W$15,ROW(AI24)-ROW(AI$15),0),15-13*ORÇAMENTO!$AF$11)),0)","v":0},{"$f":"IF(AND($D24=\"Serviço\",AJ$12<>0,$H24>0,OR(AUTOEVENTO<>\"manual\",$M24<>1)),\nIF(Import.TipoArredondamento<>\"TransfereGOV\",\nROUND(OFFSET($P24,0,AJ$13),15-13*ORÇAMENTO!$AF$7)/$H24*OFFSET(ORÇAMENTO!$X$15,ROW(AJ24)-ROW(AJ$15),0),\nROUND(ROUND(OFFSET($P24,0,AJ$13),15-13*ORÇAMENTO!$AF$7)*OFFSET(ORÇAMENTO!$W$15,ROW(AJ24)-ROW(AJ$15),0),15-13*ORÇAMENTO!$AF$11)),0)","v":0},{"$f":"IF(AND($D24=\"Serviço\",AK$12<>0,$H24>0,OR(AUTOEVENTO<>\"manual\",$M24<>1)),\nIF(Import.TipoArredondamento<>\"TransfereGOV\",\nROUND(OFFSET($P24,0,AK$13),15-13*ORÇAMENTO!$AF$7)/$H24*OFFSET(ORÇAMENTO!$X$15,ROW(AK24)-ROW(AK$15),0),\nROUND(ROUND(OFFSET($P24,0,AK$13),15-13*ORÇAMENTO!$AF$7)*OFFSET(ORÇAMENTO!$W$15,ROW(AK24)-ROW(AK$15),0),15-13*ORÇAMENTO!$AF$11)),0)","v":0},null,{"$f":"IF($D24<>\"Serviço\",0,IF(AND(AUTOEVENTO=\"Manual\",$M24=1),0,IF(OFFSET(CRONOPLE!$F$14,$M24,AM$13)=\"\",10^12,OFFSET(CRONOPLE!$F$14,$M24,AM$13))))","v":1000000000000},{"$f":"IF($D24<>\"Serviço\",0,IF(AND(AUTOEVENTO=\"Manual\",$M24=1),0,IF(OFFSET(CRONOPLE!$F$14,$M24,AN$13)=\"\",10^12,OFFSET(CRONOPLE!$F$14,$M24,AN$13))))","v":1000000000000},{"$f":"IF($D24<>\"Serviço\",0,IF(AND(AUTOEVENTO=\"Manual\",$M24=1),0,IF(OFFSET(CRONOPLE!$F$14,$M24,AO$13)=\"\",10^12,OFFSET(CRONOPLE!$F$14,$M24,AO$13))))","v":1000000000000},{"$f":"IF($D24<>\"Serviço\",0,IF(AND(AUTOEVENTO=\"Manual\",$M24=1),0,IF(OFFSET(CRONOPLE!$F$14,$M24,AP$13)=\"\",10^12,OFFSET(CRONOPLE!$F$14,$M24,AP$13))))","v":1000000000000},{"$f":"IF($D24<>\"Serviço\",0,IF(AND(AUTOEVENTO=\"Manual\",$M24=1),0,IF(OFFSET(CRONOPLE!$F$14,$M24,AQ$13)=\"\",10^12,OFFSET(CRONOPLE!$F$14,$M24,AQ$13))))","v":1000000000000},{"$f":"IF($D24<>\"Serviço\",0,IF(AND(AUTOEVENTO=\"Manual\",$M24=1),0,IF(OFFSET(CRONOPLE!$F$14,$M24,AR$13)=\"\",10^12,OFFSET(CRONOPLE!$F$14,$M24,AR$13))))","v":1000000000000},{"$f":"IF($D24<>\"Serviço\",0,IF(AND(AUTOEVENTO=\"Manual\",$M24=1),0,IF(OFFSET(CRONOPLE!$F$14,$M24,AS$13)=\"\",10^12,OFFSET(CRONOPLE!$F$14,$M24,AS$13))))","v":1000000000000},{"$f":"IF($D24<>\"Serviço\",0,IF(AND(AUTOEVENTO=\"Manual\",$M24=1),0,IF(OFFSET(CRONOPLE!$F$14,$M24,AT$13)=\"\",10^12,OFFSET(CRONOPLE!$F$14,$M24,AT$13))))","v":1000000000000},{"$f":"IF($D24<>\"Serviço\",0,IF(AND(AUTOEVENTO=\"Manual\",$M24=1),0,IF(OFFSET(CRONOPLE!$F$14,$M24,AU$13)=\"\",10^12,OFFSET(CRONOPLE!$F$14,$M24,AU$13))))","v":1000000000000},{"$f":"IF($D24<>\"Serviço\",0,IF(AND(AUTOEVENTO=\"Manual\",$M24=1),0,IF(OFFSET(CRONOPLE!$F$14,$M24,AV$13)=\"\",10^12,OFFSET(CRONOPLE!$F$14,$M24,AV$13))))","v":1000000000000},null,{"$f":"IF($D24<>\"Serviço\",0,IF(OR(AND(AUTOEVENTO=\"Manual\",$M24=1),$M24>(ROW(PLE.lastrow)-ROW(PLE.firstrow))),0,IF(OFFSET(PLE!$G$14,$M24,AX$13)=\"\",10^12,OFFSET(PLE!$G$14,$M24,AX$13))))","v":1000000000000},{"$f":"IF($D24<>\"Serviço\",0,IF(OR(AND(AUTOEVENTO=\"Manual\",$M24=1),$M24>(ROW(PLE.lastrow)-ROW(PLE.firstrow))),0,IF(OFFSET(PLE!$G$14,$M24,AY$13)=\"\",10^12,OFFSET(PLE!$G$14,$M24,AY$13))))","v":1000000000000},{"$f":"IF($D24<>\"Serviço\",0,IF(OR(AND(AUTOEVENTO=\"Manual\",$M24=1),$M24>(ROW(PLE.lastrow)-ROW(PLE.firstrow))),0,IF(OFFSET(PLE!$G$14,$M24,AZ$13)=\"\",10^12,OFFSET(PLE!$G$14,$M24,AZ$13))))","v":1000000000000},{"$f":"IF($D24<>\"Serviço\",0,IF(OR(AND(AUTOEVENTO=\"Manual\",$M24=1),$M24>(ROW(PLE.lastrow)-ROW(PLE.firstrow))),0,IF(OFFSET(PLE!$G$14,$M24,BA$13)=\"\",10^12,OFFSET(PLE!$G$14,$M24,BA$13))))","v":1000000000000},{"$f":"IF($D24<>\"Serviço\",0,IF(OR(AND(AUTOEVENTO=\"Manual\",$M24=1),$M24>(ROW(PLE.lastrow)-ROW(PLE.firstrow))),0,IF(OFFSET(PLE!$G$14,$M24,BB$13)=\"\",10^12,OFFSET(PLE!$G$14,$M24,BB$13))))","v":1000000000000},{"$f":"IF($D24<>\"Serviço\",0,IF(OR(AND(AUTOEVENTO=\"Manual\",$M24=1),$M24>(ROW(PLE.lastrow)-ROW(PLE.firstrow))),0,IF(OFFSET(PLE!$G$14,$M24,BC$13)=\"\",10^12,OFFSET(PLE!$G$14,$M24,BC$13))))","v":1000000000000},{"$f":"IF($D24<>\"Serviço\",0,IF(OR(AND(AUTOEVENTO=\"Manual\",$M24=1),$M24>(ROW(PLE.lastrow)-ROW(PLE.firstrow))),0,IF(OFFSET(PLE!$G$14,$M24,BD$13)=\"\",10^12,OFFSET(PLE!$G$14,$M24,BD$13))))","v":1000000000000},{"$f":"IF($D24<>\"Serviço\",0,IF(OR(AND(AUTOEVENTO=\"Manual\",$M24=1),$M24>(ROW(PLE.lastrow)-ROW(PLE.firstrow))),0,IF(OFFSET(PLE!$G$14,$M24,BE$13)=\"\",10^12,OFFSET(PLE!$G$14,$M24,BE$13))))","v":1000000000000},{"$f":"IF($D24<>\"Serviço\",0,IF(OR(AND(AUTOEVENTO=\"Manual\",$M24=1),$M24>(ROW(PLE.lastrow)-ROW(PLE.firstrow))),0,IF(OFFSET(PLE!$G$14,$M24,BF$13)=\"\",10^12,OFFSET(PLE!$G$14,$M24,BF$13))))","v":1000000000000},{"$f":"IF($D24<>\"Serviço\",0,IF(OR(AND(AUTOEVENTO=\"Manual\",$M24=1),$M24>(ROW(PLE.lastrow)-ROW(PLE.firstrow))),0,IF(OFFSET(PLE!$G$14,$M24,BG$13)=\"\",10^12,OFFSET(PLE!$G$14,$M24,BG$13))))","v":1000000000000}]
[{"$f":"IF(AUTOEVENTO=\"Manual\",IF(K25<>\"\",MIN(VALUE(LEFT(K25,FIND(\".\",K25)-1)),COUNTA(EVENTOS.Lista)),0),IF(OR($B25>AUTOEVENTO,$B25=\"S\",$B25=0),SUBSTITUTE(OFFSET($A25,-1,0),IF($D25=\"Serviço\",\".\",\"\"),\"\"),ROW(A25)-ROW($A$15)&\".\"))","v":"7"},{"$f":"OFFSET(ORÇAMENTO!C$15,ROW(B25)-ROW(B$15),0)","v":"S"},{"$f":"OFFSET(ORÇAMENTO!L$15,ROW(C25)-ROW(C$15),0)","v":"F"},{"$f":"OFFSET(ORÇAMENTO!N$15,ROW(D25)-ROW(D$15),0)","v":"Serviço"},{"$f":"OFFSET(ORÇAMENTO!O$15,ROW(E25)-ROW(E$15),0)","v":"1.2.0.3."},{"$f":"OFFSET(ORÇAMENTO!R$15,ROW(F25)-ROW(F$15),0)","v":"TRANSPORTE COM CAMINHÃO BASCULANTE DE 18 M³, EM VIA URBANA PAVIMENTADA, DMT ATÉ 30 KM (UNIDADE: M3XKM). AF_07/2020"},{"$f":"IF($D25<>\"Serviço\",\"\",OFFSET(ORÇAMENTO!S$15,ROW(G25)-ROW(G$15),0))","v":"M3XKM"},{"$f":"IF($D25<>\"Serviço\",0,IF(ACOMPANHAMENTO=\"BM\",ROUND(OFFSET(ORÇAMENTO!AJ$15,ROW(H25)-ROW(H$15),0),15-13*ORÇAMENTO!$AF$7),SUMPRODUCT(($Q$12:$AA$12<>\"\")*ROUND($Q25:$AA25,15-13*ORÇAMENTO!$AF$7))))","v":922.61},"CONSIDERADO DESCARTE EM RAIO DE 4,5KM",null,null,".",{"$f":"IF($D25<>\"Serviço\",\"\",IF(AUTOEVENTO=\"manual\",$A25,IF(ISERROR(MATCH($A25,$A$15:OFFSET($A25,-1,0),0)),MAX($M$15:OFFSET(M25,-1,0))+1,INDEX($M$15:OFFSET(M25,-1,0),MATCH($A25,$A$15:OFFSET($A25,-1,0),0)))))","v":3},{"$f":"IF($D25<>\"Serviço\",\"\",IF(AUTOEVENTO=\"Manual\",IF($A25=0,\"<-- defina o número do agrupador\",OFFSET(EVENTOS!$D$14,$A25,0)),OFFSET($F$15,$A25,0)))","v":"TERRAPLANAGEM "},null,null,{"$f":"Q24*4.5","v":922.60935000000006},null,null,null,null,null,null,null,null,null,null,{"$f":"IF(AND($D25=\"Serviço\",AB$12<>0,$H25>0,OR(AUTOEVENTO<>\"manual\",$M25<>1)),\nIF(Import.TipoArredondamento<>\"TransfereGOV\",\nROUND(OFFSET($P25,0,AB$13),15-13*ORÇAMENTO!$AF$7)/$H25*OFFSET(ORÇAMENTO!$X$15,ROW(AB25)-ROW(AB$15),0),\nROUND(ROUND(OFFSET($P25,0,AB$13),15-13*ORÇAMENTO!$AF$7)*OFFSET(ORÇAMENTO!$W$15,ROW(AB25)-ROW(AB$15),0),15-13*ORÇAMENTO!$AF$11)),0)","v":2288.0700000000002},{"$f":"IF(AND($D25=\"Serviço\",AC$12<>0,$H25>0,OR(AUTOEVENTO<>\"manual\",$M25<>1)),\nIF(Import.TipoArredondamento<>\"TransfereGOV\",\nROUND(OFFSET($P25,0,AC$13),15-13*ORÇAMENTO!$AF$7)/$H25*OFFSET(ORÇAMENTO!$X$15,ROW(AC25)-ROW(AC$15),0),\nROUND(ROUND(OFFSET($P25,0,AC$13),15-13*ORÇAMENTO!$AF$7)*OFFSET(ORÇAMENTO!$W$15,ROW(AC25)-ROW(AC$15),0),15-13*ORÇAMENTO!$AF$11)),0)","v":0},{"$f":"IF(AND($D25=\"Serviço\",AD$12<>0,$H25>0,OR(AUTOEVENTO<>\"manual\",$M25<>1)),\nIF(Import.TipoArredondamento<>\"TransfereGOV\",\nROUND(OFFSET($P25,0,AD$13),15-13*ORÇAMENTO!$AF$7)/$H25*OFFSET(ORÇAMENTO!$X$15,ROW(AD25)-ROW(AD$15),0),\nROUND(ROUND(OFFSET($P25,0,AD$13),15-13*ORÇAMENTO!$AF$7)*OFFSET(ORÇAMENTO!$W$15,ROW(AD25)-ROW(AD$15),0),15-13*ORÇAMENTO!$AF$11)),0)","v":0},{"$f":"IF(AND($D25=\"Serviço\",AE$12<>0,$H25>0,OR(AUTOEVENTO<>\"manual\",$M25<>1)),\nIF(Import.TipoArredondamento<>\"TransfereGOV\",\nROUND(OFFSET($P25,0,AE$13),15-13*ORÇAMENTO!$AF$7)/$H25*OFFSET(ORÇAMENTO!$X$15,ROW(AE25)-ROW(AE$15),0),\nROUND(ROUND(OFFSET($P25,0,AE$13),15-13*ORÇAMENTO!$AF$7)*OFFSET(ORÇAMENTO!$W$15,ROW(AE25)-ROW(AE$15),0),15-13*ORÇAMENTO!$AF$11)),0)","v":0},{"$f":"IF(AND($D25=\"Serviço\",AF$12<>0,$H25>0,OR(AUTOEVENTO<>\"manual\",$M25<>1)),\nIF(Import.TipoArredondamento<>\"TransfereGOV\",\nROUND(OFFSET($P25,0,AF$13),15-13*ORÇAMENTO!$AF$7)/$H25*OFFSET(ORÇAMENTO!$X$15,ROW(AF25)-ROW(AF$15),0),\nROUND(ROUND(OFFSET($P25,0,AF$13),15-13*ORÇAMENTO!$AF$7)*OFFSET(ORÇAMENTO!$W$15,ROW(AF25)-ROW(AF$15),0),15-13*ORÇAMENTO!$AF$11)),0)","v":0},{"$f":"IF(AND($D25=\"Serviço\",AG$12<>0,$H25>0,OR(AUTOEVENTO<>\"manual\",$M25<>1)),\nIF(Import.TipoArredondamento<>\"TransfereGOV\",\nROUND(OFFSET($P25,0,AG$13),15-13*ORÇAMENTO!$AF$7)/$H25*OFFSET(ORÇAMENTO!$X$15,ROW(AG25)-ROW(AG$15),0),\nROUND(ROUND(OFFSET($P25,0,AG$13),15-13*ORÇAMENTO!$AF$7)*OFFSET(ORÇAMENTO!$W$15,ROW(AG25)-ROW(AG$15),0),15-13*ORÇAMENTO!$AF$11)),0)","v":0},{"$f":"IF(AND($D25=\"Serviço\",AH$12<>0,$H25>0,OR(AUTOEVENTO<>\"manual\",$M25<>1)),\nIF(Import.TipoArredondamento<>\"TransfereGOV\",\nROUND(OFFSET($P25,0,AH$13),15-13*ORÇAMENTO!$AF$7)/$H25*OFFSET(ORÇAMENTO!$X$15,ROW(AH25)-ROW(AH$15),0),\nROUND(ROUND(OFFSET($P25,0,AH$13),15-13*ORÇAMENTO!$AF$7)*OFFSET(ORÇAMENTO!$W$15,ROW(AH25)-ROW(AH$15),0),15-13*ORÇAMENTO!$AF$11)),0)","v":0},{"$f":"IF(AND($D25=\"Serviço\",AI$12<>0,$H25>0,OR(AUTOEVENTO<>\"manual\",$M25<>1)),\nIF(Import.TipoArredondamento<>\"TransfereGOV\",\nROUND(OFFSET($P25,0,AI$13),15-13*ORÇAMENTO!$AF$7)/$H25*OFFSET(ORÇAMENTO!$X$15,ROW(AI25)-ROW(AI$15),0),\nROUND(ROUND(OFFSET($P25,0,AI$13),15-13*ORÇAMENTO!$AF$7)*OFFSET(ORÇAMENTO!$W$15,ROW(AI25)-ROW(AI$15),0),15-13*ORÇAMENTO!$AF$11)),0)","v":0},{"$f":"IF(AND($D25=\"Serviço\",AJ$12<>0,$H25>0,OR(AUTOEVENTO<>\"manual\",$M25<>1)),\nIF(Import.TipoArredondamento<>\"TransfereGOV\",\nROUND(OFFSET($P25,0,AJ$13),15-13*ORÇAMENTO!$AF$7)/$H25*OFFSET(ORÇAMENTO!$X$15,ROW(AJ25)-ROW(AJ$15),0),\nROUND(ROUND(OFFSET($P25,0,AJ$13),15-13*ORÇAMENTO!$AF$7)*OFFSET(ORÇAMENTO!$W$15,ROW(AJ25)-ROW(AJ$15),0),15-13*ORÇAMENTO!$AF$11)),0)","v":0},{"$f":"IF(AND($D25=\"Serviço\",AK$12<>0,$H25>0,OR(AUTOEVENTO<>\"manual\",$M25<>1)),\nIF(Import.TipoArredondamento<>\"TransfereGOV\",\nROUND(OFFSET($P25,0,AK$13),15-13*ORÇAMENTO!$AF$7)/$H25*OFFSET(ORÇAMENTO!$X$15,ROW(AK25)-ROW(AK$15),0),\nROUND(ROUND(OFFSET($P25,0,AK$13),15-13*ORÇAMENTO!$AF$7)*OFFSET(ORÇAMENTO!$W$15,ROW(AK25)-ROW(AK$15),0),15-13*ORÇAMENTO!$AF$11)),0)","v":0},null,{"$f":"IF($D25<>\"Serviço\",0,IF(AND(AUTOEVENTO=\"Manual\",$M25=1),0,IF(OFFSET(CRONOPLE!$F$14,$M25,AM$13)=\"\",10^12,OFFSET(CRONOPLE!$F$14,$M25,AM$13))))","v":1000000000000},{"$f":"IF($D25<>\"Serviço\",0,IF(AND(AUTOEVENTO=\"Manual\",$M25=1),0,IF(OFFSET(CRONOPLE!$F$14,$M25,AN$13)=\"\",10^12,OFFSET(CRONOPLE!$F$14,$M25,AN$13))))","v":1000000000000},{"$f":"IF($D25<>\"Serviço\",0,IF(AND(AUTOEVENTO=\"Manual\",$M25=1),0,IF(OFFSET(CRONOPLE!$F$14,$M25,AO$13)=\"\",10^12,OFFSET(CRONOPLE!$F$14,$M25,AO$13))))","v":1000000000000},{"$f":"IF($D25<>\"Serviço\",0,IF(AND(AUTOEVENTO=\"Manual\",$M25=1),0,IF(OFFSET(CRONOPLE!$F$14,$M25,AP$13)=\"\",10^12,OFFSET(CRONOPLE!$F$14,$M25,AP$13))))","v":1000000000000},{"$f":"IF($D25<>\"Serviço\",0,IF(AND(AUTOEVENTO=\"Manual\",$M25=1),0,IF(OFFSET(CRONOPLE!$F$14,$M25,AQ$13)=\"\",10^12,OFFSET(CRONOPLE!$F$14,$M25,AQ$13))))","v":1000000000000},{"$f":"IF($D25<>\"Serviço\",0,IF(AND(AUTOEVENTO=\"Manual\",$M25=1),0,IF(OFFSET(CRONOPLE!$F$14,$M25,AR$13)=\"\",10^12,OFFSET(CRONOPLE!$F$14,$M25,AR$13))))","v":1000000000000},{"$f":"IF($D25<>\"Serviço\",0,IF(AND(AUTOEVENTO=\"Manual\",$M25=1),0,IF(OFFSET(CRONOPLE!$F$14,$M25,AS$13)=\"\",10^12,OFFSET(CRONOPLE!$F$14,$M25,AS$13))))","v":1000000000000},{"$f":"IF($D25<>\"Serviço\",0,IF(AND(AUTOEVENTO=\"Manual\",$M25=1),0,IF(OFFSET(CRONOPLE!$F$14,$M25,AT$13)=\"\",10^12,OFFSET(CRONOPLE!$F$14,$M25,AT$13))))","v":1000000000000},{"$f":"IF($D25<>\"Serviço\",0,IF(AND(AUTOEVENTO=\"Manual\",$M25=1),0,IF(OFFSET(CRONOPLE!$F$14,$M25,AU$13)=\"\",10^12,OFFSET(CRONOPLE!$F$14,$M25,AU$13))))","v":1000000000000},{"$f":"IF($D25<>\"Serviço\",0,IF(AND(AUTOEVENTO=\"Manual\",$M25=1),0,IF(OFFSET(CRONOPLE!$F$14,$M25,AV$13)=\"\",10^12,OFFSET(CRONOPLE!$F$14,$M25,AV$13))))","v":1000000000000},null,{"$f":"IF($D25<>\"Serviço\",0,IF(OR(AND(AUTOEVENTO=\"Manual\",$M25=1),$M25>(ROW(PLE.lastrow)-ROW(PLE.firstrow))),0,IF(OFFSET(PLE!$G$14,$M25,AX$13)=\"\",10^12,OFFSET(PLE!$G$14,$M25,AX$13))))","v":1000000000000},{"$f":"IF($D25<>\"Serviço\",0,IF(OR(AND(AUTOEVENTO=\"Manual\",$M25=1),$M25>(ROW(PLE.lastrow)-ROW(PLE.firstrow))),0,IF(OFFSET(PLE!$G$14,$M25,AY$13)=\"\",10^12,OFFSET(PLE!$G$14,$M25,AY$13))))","v":1000000000000},{"$f":"IF($D25<>\"Serviço\",0,IF(OR(AND(AUTOEVENTO=\"Manual\",$M25=1),$M25>(ROW(PLE.lastrow)-ROW(PLE.firstrow))),0,IF(OFFSET(PLE!$G$14,$M25,AZ$13)=\"\",10^12,OFFSET(PLE!$G$14,$M25,AZ$13))))","v":1000000000000},{"$f":"IF($D25<>\"Serviço\",0,IF(OR(AND(AUTOEVENTO=\"Manual\",$M25=1),$M25>(ROW(PLE.lastrow)-ROW(PLE.firstrow))),0,IF(OFFSET(PLE!$G$14,$M25,BA$13)=\"\",10^12,OFFSET(PLE!$G$14,$M25,BA$13))))","v":1000000000000},{"$f":"IF($D25<>\"Serviço\",0,IF(OR(AND(AUTOEVENTO=\"Manual\",$M25=1),$M25>(ROW(PLE.lastrow)-ROW(PLE.firstrow))),0,IF(OFFSET(PLE!$G$14,$M25,BB$13)=\"\",10^12,OFFSET(PLE!$G$14,$M25,BB$13))))","v":1000000000000},{"$f":"IF($D25<>\"Serviço\",0,IF(OR(AND(AUTOEVENTO=\"Manual\",$M25=1),$M25>(ROW(PLE.lastrow)-ROW(PLE.firstrow))),0,IF(OFFSET(PLE!$G$14,$M25,BC$13)=\"\",10^12,OFFSET(PLE!$G$14,$M25,BC$13))))","v":1000000000000},{"$f":"IF($D25<>\"Serviço\",0,IF(OR(AND(AUTOEVENTO=\"Manual\",$M25=1),$M25>(ROW(PLE.lastrow)-ROW(PLE.firstrow))),0,IF(OFFSET(PLE!$G$14,$M25,BD$13)=\"\",10^12,OFFSET(PLE!$G$14,$M25,BD$13))))","v":1000000000000},{"$f":"IF($D25<>\"Serviço\",0,IF(OR(AND(AUTOEVENTO=\"Manual\",$M25=1),$M25>(ROW(PLE.lastrow)-ROW(PLE.firstrow))),0,IF(OFFSET(PLE!$G$14,$M25,BE$13)=\"\",10^12,OFFSET(PLE!$G$14,$M25,BE$13))))","v":1000000000000},{"$f":"IF($D25<>\"Serviço\",0,IF(OR(AND(AUTOEVENTO=\"Manual\",$M25=1),$M25>(ROW(PLE.lastrow)-ROW(PLE.firstrow))),0,IF(OFFSET(PLE!$G$14,$M25,BF$13)=\"\",10^12,OFFSET(PLE!$G$14,$M25,BF$13))))","v":1000000000000},{"$f":"IF($D25<>\"Serviço\",0,IF(OR(AND(AUTOEVENTO=\"Manual\",$M25=1),$M25>(ROW(PLE.lastrow)-ROW(PLE.firstrow))),0,IF(OFFSET(PLE!$G$14,$M25,BG$13)=\"\",10^12,OFFSET(PLE!$G$14,$M25,BG$13))))","v":1000000000000}]
["7",{"$f":"OFFSET(ORÇAMENTO!C$15,ROW(B26)-ROW(B$15),0)","v":"S"},{"$f":"OFFSET(ORÇAMENTO!L$15,ROW(C26)-ROW(C$15),0)","v":"F"},{"$f":"OFFSET(ORÇAMENTO!N$15,ROW(D26)-ROW(D$15),0)","v":"Serviço"},{"$f":"OFFSET(ORÇAMENTO!O$15,ROW(E26)-ROW(E$15),0)","v":"1.2.0.4."},{"$f":"OFFSET(ORÇAMENTO!R$15,ROW(F26)-ROW(F$15),0)","v":"ESCAVAÇÃO HORIZONTAL, INCLUINDO CARGA, DESCARGA E TRANSPORTE EM SOLO DE 1A CATEGORIA COM TRATOR DE ESTEIRAS (100HP/LÂMINA: 2,19M3) E CAMINHÃO BASCULANTE DE 10M3, DMT ATÉ 200M. AF_07/2020"},{"$f":"IF($D26<>\"Serviço\",\"\",OFFSET(ORÇAMENTO!S$15,ROW(G26)-ROW(G$15),0))","v":"M3"},{"$f":"IF($D26<>\"Serviço\",0,IF(ACOMPANHAMENTO=\"BM\",ROUND(OFFSET(ORÇAMENTO!AJ$15,ROW(H26)-ROW(H$15),0),15-13*ORÇAMENTO!$AF$7),SUMPRODUCT(($Q$12:$AA$12<>\"\")*ROUND($Q26:$AA26,15-13*ORÇAMENTO!$AF$7))))","v":131.15},"VOLUME NECESSÁRIO PARA NÍVELAMENTO DO TERRENO",null,null,".",{"$f":"IF($D26<>\"Serviço\",\"\",IF(AUTOEVENTO=\"manual\",$A26,IF(ISERROR(MATCH($A26,$A$15:OFFSET($A26,-1,0),0)),MAX($M$15:OFFSET(M26,-1,0))+1,INDEX($M$15:OFFSET(M26,-1,0),MATCH($A26,$A$15:OFFSET($A26,-1,0),0)))))","v":3},{"$f":"IF($D26<>\"Serviço\",\"\",IF(AUTOEVENTO=\"Manual\",IF($A26=0,\"<-- defina o número do agrupador\",OFFSET(EVENTOS!$D$14,$A26,0)),OFFSET($F$15,$A26,0)))","v":"TERRAPLANAGEM "},null,null,{"$f":"874.32*0.15","v":131.148},null,null,null,null,null,null,null,null,null,null,{"$f":"IF(AND($D26=\"Serviço\",AB$12<>0,$H26>0,OR(AUTOEVENTO<>\"manual\",$M26<>1)),\nIF(Import.TipoArredondamento<>\"TransfereGOV\",\nROUND(OFFSET($P26,0,AB$13),15-13*ORÇAMENTO!$AF$7)/$H26*OFFSET(ORÇAMENTO!$X$15,ROW(AB26)-ROW(AB$15),0),\nROUND(ROUND(OFFSET($P26,0,AB$13),15-13*ORÇAMENTO!$AF$7)*OFFSET(ORÇAMENTO!$W$15,ROW(AB26)-ROW(AB$15),0),15-13*ORÇAMENTO!$AF$11)),0)","v":2683.33},{"$f":"IF(AND($D26=\"Serviço\",AC$12<>0,$H26>0,OR(AUTOEVENTO<>\"manual\",$M26<>1)),\nIF(Import.TipoArredondamento<>\"TransfereGOV\",\nROUND(OFFSET($P26,0,AC$13),15-13*ORÇAMENTO!$AF$7)/$H26*OFFSET(ORÇAMENTO!$X$15,ROW(AC26)-ROW(AC$15),0),\nROUND(ROUND(OFFSET($P26,0,AC$13),15-13*ORÇAMENTO!$AF$7)*OFFSET(ORÇAMENTO!$W$15,ROW(AC26)-ROW(AC$15),0),15-13*ORÇAMENTO!$AF$11)),0)","v":0},{"$f":"IF(AND($D26=\"Serviço\",AD$12<>0,$H26>0,OR(AUTOEVENTO<>\"manual\",$M26<>1)),\nIF(Import.TipoArredondamento<>\"TransfereGOV\",\nROUND(OFFSET($P26,0,AD$13),15-13*ORÇAMENTO!$AF$7)/$H26*OFFSET(ORÇAMENTO!$X$15,ROW(AD26)-ROW(AD$15),0),\nROUND(ROUND(OFFSET($P26,0,AD$13),15-13*ORÇAMENTO!$AF$7)*OFFSET(ORÇAMENTO!$W$15,ROW(AD26)-ROW(AD$15),0),15-13*ORÇAMENTO!$AF$11)),0)","v":0},{"$f":"IF(AND($D26=\"Serviço\",AE$12<>0,$H26>0,OR(AUTOEVENTO<>\"manual\",$M26<>1)),\nIF(Import.TipoArredondamento<>\"TransfereGOV\",\nROUND(OFFSET($P26,0,AE$13),15-13*ORÇAMENTO!$AF$7)/$H26*OFFSET(ORÇAMENTO!$X$15,ROW(AE26)-ROW(AE$15),0),\nROUND(ROUND(OFFSET($P26,0,AE$13),15-13*ORÇAMENTO!$AF$7)*OFFSET(ORÇAMENTO!$W$15,ROW(AE26)-ROW(AE$15),0),15-13*ORÇAMENTO!$AF$11)),0)","v":0},{"$f":"IF(AND($D26=\"Serviço\",AF$12<>0,$H26>0,OR(AUTOEVENTO<>\"manual\",$M26<>1)),\nIF(Import.TipoArredondamento<>\"TransfereGOV\",\nROUND(OFFSET($P26,0,AF$13),15-13*ORÇAMENTO!$AF$7)/$H26*OFFSET(ORÇAMENTO!$X$15,ROW(AF26)-ROW(AF$15),0),\nROUND(ROUND(OFFSET($P26,0,AF$13),15-13*ORÇAMENTO!$AF$7)*OFFSET(ORÇAMENTO!$W$15,ROW(AF26)-ROW(AF$15),0),15-13*ORÇAMENTO!$AF$11)),0)","v":0},{"$f":"IF(AND($D26=\"Serviço\",AG$12<>0,$H26>0,OR(AUTOEVENTO<>\"manual\",$M26<>1)),\nIF(Import.TipoArredondamento<>\"TransfereGOV\",\nROUND(OFFSET($P26,0,AG$13),15-13*ORÇAMENTO!$AF$7)/$H26*OFFSET(ORÇAMENTO!$X$15,ROW(AG26)-ROW(AG$15),0),\nROUND(ROUND(OFFSET($P26,0,AG$13),15-13*ORÇAMENTO!$AF$7)*OFFSET(ORÇAMENTO!$W$15,ROW(AG26)-ROW(AG$15),0),15-13*ORÇAMENTO!$AF$11)),0)","v":0},{"$f":"IF(AND($D26=\"Serviço\",AH$12<>0,$H26>0,OR(AUTOEVENTO<>\"manual\",$M26<>1)),\nIF(Import.TipoArredondamento<>\"TransfereGOV\",\nROUND(OFFSET($P26,0,AH$13),15-13*ORÇAMENTO!$AF$7)/$H26*OFFSET(ORÇAMENTO!$X$15,ROW(AH26)-ROW(AH$15),0),\nROUND(ROUND(OFFSET($P26,0,AH$13),15-13*ORÇAMENTO!$AF$7)*OFFSET(ORÇAMENTO!$W$15,ROW(AH26)-ROW(AH$15),0),15-13*ORÇAMENTO!$AF$11)),0)","v":0},{"$f":"IF(AND($D26=\"Serviço\",AI$12<>0,$H26>0,OR(AUTOEVENTO<>\"manual\",$M26<>1)),\nIF(Import.TipoArredondamento<>\"TransfereGOV\",\nROUND(OFFSET($P26,0,AI$13),15-13*ORÇAMENTO!$AF$7)/$H26*OFFSET(ORÇAMENTO!$X$15,ROW(AI26)-ROW(AI$15),0),\nROUND(ROUND(OFFSET($P26,0,AI$13),15-13*ORÇAMENTO!$AF$7)*OFFSET(ORÇAMENTO!$W$15,ROW(AI26)-ROW(AI$15),0),15-13*ORÇAMENTO!$AF$11)),0)","v":0},{"$f":"IF(AND($D26=\"Serviço\",AJ$12<>0,$H26>0,OR(AUTOEVENTO<>\"manual\",$M26<>1)),\nIF(Import.TipoArredondamento<>\"TransfereGOV\",\nROUND(OFFSET($P26,0,AJ$13),15-13*ORÇAMENTO!$AF$7)/$H26*OFFSET(ORÇAMENTO!$X$15,ROW(AJ26)-ROW(AJ$15),0),\nROUND(ROUND(OFFSET($P26,0,AJ$13),15-13*ORÇAMENTO!$AF$7)*OFFSET(ORÇAMENTO!$W$15,ROW(AJ26)-ROW(AJ$15),0),15-13*ORÇAMENTO!$AF$11)),0)","v":0},{"$f":"IF(AND($D26=\"Serviço\",AK$12<>0,$H26>0,OR(AUTOEVENTO<>\"manual\",$M26<>1)),\nIF(Import.TipoArredondamento<>\"TransfereGOV\",\nROUND(OFFSET($P26,0,AK$13),15-13*ORÇAMENTO!$AF$7)/$H26*OFFSET(ORÇAMENTO!$X$15,ROW(AK26)-ROW(AK$15),0),\nROUND(ROUND(OFFSET($P26,0,AK$13),15-13*ORÇAMENTO!$AF$7)*OFFSET(ORÇAMENTO!$W$15,ROW(AK26)-ROW(AK$15),0),15-13*ORÇAMENTO!$AF$11)),0)","v":0},null,{"$f":"IF($D26<>\"Serviço\",0,IF(AND(AUTOEVENTO=\"Manual\",$M26=1),0,IF(OFFSET(CRONOPLE!$F$14,$M26,AM$13)=\"\",10^12,OFFSET(CRONOPLE!$F$14,$M26,AM$13))))","v":1000000000000},{"$f":"IF($D26<>\"Serviço\",0,IF(AND(AUTOEVENTO=\"Manual\",$M26=1),0,IF(OFFSET(CRONOPLE!$F$14,$M26,AN$13)=\"\",10^12,OFFSET(CRONOPLE!$F$14,$M26,AN$13))))","v":1000000000000},{"$f":"IF($D26<>\"Serviço\",0,IF(AND(AUTOEVENTO=\"Manual\",$M26=1),0,IF(OFFSET(CRONOPLE!$F$14,$M26,AO$13)=\"\",10^12,OFFSET(CRONOPLE!$F$14,$M26,AO$13))))","v":1000000000000},{"$f":"IF($D26<>\"Serviço\",0,IF(AND(AUTOEVENTO=\"Manual\",$M26=1),0,IF(OFFSET(CRONOPLE!$F$14,$M26,AP$13)=\"\",10^12,OFFSET(CRONOPLE!$F$14,$M26,AP$13))))","v":1000000000000},{"$f":"IF($D26<>\"Serviço\",0,IF(AND(AUTOEVENTO=\"Manual\",$M26=1),0,IF(OFFSET(CRONOPLE!$F$14,$M26,AQ$13)=\"\",10^12,OFFSET(CRONOPLE!$F$14,$M26,AQ$13))))","v":1000000000000},{"$f":"IF($D26<>\"Serviço\",0,IF(AND(AUTOEVENTO=\"Manual\",$M26=1),0,IF(OFFSET(CRONOPLE!$F$14,$M26,AR$13)=\"\",10^12,OFFSET(CRONOPLE!$F$14,$M26,AR$13))))","v":1000000000000},{"$f":"IF($D26<>\"Serviço\",0,IF(AND(AUTOEVENTO=\"Manual\",$M26=1),0,IF(OFFSET(CRONOPLE!$F$14,$M26,AS$13)=\"\",10^12,OFFSET(CRONOPLE!$F$14,$M26,AS$13))))","v":1000000000000},{"$f":"IF($D26<>\"Serviço\",0,IF(AND(AUTOEVENTO=\"Manual\",$M26=1),0,IF(OFFSET(CRONOPLE!$F$14,$M26,AT$13)=\"\",10^12,OFFSET(CRONOPLE!$F$14,$M26,AT$13))))","v":1000000000000},{"$f":"IF($D26<>\"Serviço\",0,IF(AND(AUTOEVENTO=\"Manual\",$M26=1),0,IF(OFFSET(CRONOPLE!$F$14,$M26,AU$13)=\"\",10^12,OFFSET(CRONOPLE!$F$14,$M26,AU$13))))","v":1000000000000},{"$f":"IF($D26<>\"Serviço\",0,IF(AND(AUTOEVENTO=\"Manual\",$M26=1),0,IF(OFFSET(CRONOPLE!$F$14,$M26,AV$13)=\"\",10^12,OFFSET(CRONOPLE!$F$14,$M26,AV$13))))","v":1000000000000},null,{"$f":"IF($D26<>\"Serviço\",0,IF(OR(AND(AUTOEVENTO=\"Manual\",$M26=1),$M26>(ROW(PLE.lastrow)-ROW(PLE.firstrow))),0,IF(OFFSET(PLE!$G$14,$M26,AX$13)=\"\",10^12,OFFSET(PLE!$G$14,$M26,AX$13))))","v":1000000000000},{"$f":"IF($D26<>\"Serviço\",0,IF(OR(AND(AUTOEVENTO=\"Manual\",$M26=1),$M26>(ROW(PLE.lastrow)-ROW(PLE.firstrow))),0,IF(OFFSET(PLE!$G$14,$M26,AY$13)=\"\",10^12,OFFSET(PLE!$G$14,$M26,AY$13))))","v":1000000000000},{"$f":"IF($D26<>\"Serviço\",0,IF(OR(AND(AUTOEVENTO=\"Manual\",$M26=1),$M26>(ROW(PLE.lastrow)-ROW(PLE.firstrow))),0,IF(OFFSET(PLE!$G$14,$M26,AZ$13)=\"\",10^12,OFFSET(PLE!$G$14,$M26,AZ$13))))","v":1000000000000},{"$f":"IF($D26<>\"Serviço\",0,IF(OR(AND(AUTOEVENTO=\"Manual\",$M26=1),$M26>(ROW(PLE.lastrow)-ROW(PLE.firstrow))),0,IF(OFFSET(PLE!$G$14,$M26,BA$13)=\"\",10^12,OFFSET(PLE!$G$14,$M26,BA$13))))","v":1000000000000},{"$f":"IF($D26<>\"Serviço\",0,IF(OR(AND(AUTOEVENTO=\"Manual\",$M26=1),$M26>(ROW(PLE.lastrow)-ROW(PLE.firstrow))),0,IF(OFFSET(PLE!$G$14,$M26,BB$13)=\"\",10^12,OFFSET(PLE!$G$14,$M26,BB$13))))","v":1000000000000},{"$f":"IF($D26<>\"Serviço\",0,IF(OR(AND(AUTOEVENTO=\"Manual\",$M26=1),$M26>(ROW(PLE.lastrow)-ROW(PLE.firstrow))),0,IF(OFFSET(PLE!$G$14,$M26,BC$13)=\"\",10^12,OFFSET(PLE!$G$14,$M26,BC$13))))","v":1000000000000},{"$f":"IF($D26<>\"Serviço\",0,IF(OR(AND(AUTOEVENTO=\"Manual\",$M26=1),$M26>(ROW(PLE.lastrow)-ROW(PLE.firstrow))),0,IF(OFFSET(PLE!$G$14,$M26,BD$13)=\"\",10^12,OFFSET(PLE!$G$14,$M26,BD$13))))","v":1000000000000},{"$f":"IF($D26<>\"Serviço\",0,IF(OR(AND(AUTOEVENTO=\"Manual\",$M26=1),$M26>(ROW(PLE.lastrow)-ROW(PLE.firstrow))),0,IF(OFFSET(PLE!$G$14,$M26,BE$13)=\"\",10^12,OFFSET(PLE!$G$14,$M26,BE$13))))","v":1000000000000},{"$f":"IF($D26<>\"Serviço\",0,IF(OR(AND(AUTOEVENTO=\"Manual\",$M26=1),$M26>(ROW(PLE.lastrow)-ROW(PLE.firstrow))),0,IF(OFFSET(PLE!$G$14,$M26,BF$13)=\"\",10^12,OFFSET(PLE!$G$14,$M26,BF$13))))","v":1000000000000},{"$f":"IF($D26<>\"Serviço\",0,IF(OR(AND(AUTOEVENTO=\"Manual\",$M26=1),$M26>(ROW(PLE.lastrow)-ROW(PLE.firstrow))),0,IF(OFFSET(PLE!$G$14,$M26,BG$13)=\"\",10^12,OFFSET(PLE!$G$14,$M26,BG$13))))","v":1000000000000}]
[{"$f":"IF(AUTOEVENTO=\"Manual\",IF(K27<>\"\",MIN(VALUE(LEFT(K27,FIND(\".\",K27)-1)),COUNTA(EVENTOS.Lista)),0),IF(OR($B27>AUTOEVENTO,$B27=\"S\",$B27=0),SUBSTITUTE(OFFSET($A27,-1,0),IF($D27=\"Serviço\",\".\",\"\"),\"\"),ROW(A27)-ROW($A$15)&\".\"))","v":"7"},{"$f":"OFFSET(ORÇAMENTO!C$15,ROW(B27)-ROW(B$15),0)","v":"S"},{"$f":"OFFSET(ORÇAMENTO!L$15,ROW(C27)-ROW(C$15),0)","v":"F"},{"$f":"OFFSET(ORÇAMENTO!N$15,ROW(D27)-ROW(D$15),0)","v":"Serviço"},{"$f":"OFFSET(ORÇAMENTO!O$15,ROW(E27)-ROW(E$15),0)","v":"1.2.0.5."},{"$f":"OFFSET(ORÇAMENTO!R$15,ROW(F27)-ROW(F$15),0)","v":"ESCAVAÇÃO VERTICAL PARA INFRAESTRUTURA, COM CARGA, DESCARGA E TRANSPORTE DE SOLO DE 1ª CATEGORIA, COM ESCAVADEIRA HIDRÁULICA (CAÇAMBA: 0,8 M³ / 111 HP), FROTA DE 3 CAMINHÕES BASCULANTES DE 14 M³, DMT ATÉ 1 KM E VELOCIDADE MÉDIA14 KM/H. AF_05/2020"},{"$f":"IF($D27<>\"Serviço\",\"\",OFFSET(ORÇAMENTO!S$15,ROW(G27)-ROW(G$15),0))","v":"M3"},{"$f":"IF($D27<>\"Serviço\",0,IF(ACOMPANHAMENTO=\"BM\",ROUND(OFFSET(ORÇAMENTO!AJ$15,ROW(H27)-ROW(H$15),0),15-13*ORÇAMENTO!$AF$7),SUMPRODUCT(($Q$12:$AA$12<>\"\")*ROUND($Q27:$AA27,15-13*ORÇAMENTO!$AF$7))))","v":499.2},"CONSIDERADO PARA ARRUMAR TODO TALUDE LATERAL ",null,null,".",{"$f":"IF($D27<>\"Serviço\",\"\",IF(AUTOEVENTO=\"manual\",$A27,IF(ISERROR(MATCH($A27,$A$15:OFFSET($A27,-1,0),0)),MAX($M$15:OFFSET(M27,-1,0))+1,INDEX($M$15:OFFSET(M27,-1,0),MATCH($A27,$A$15:OFFSET($A27,-1,0),0)))))","v":3},{"$f":"IF($D27<>\"Serviço\",\"\",IF(AUTOEVENTO=\"Manual\",IF($A27=0,\"<-- defina o número do agrupador\",OFFSET(EVENTOS!$D$14,$A27,0)),OFFSET($F$15,$A27,0)))","v":"TERRAPLANAGEM "},null,null,{"$f":"(312*3.2)/2","v":499.20000000000005},null,null,null,null,null,null,null,null,null,null,{"$f":"IF(AND($D27=\"Serviço\",AB$12<>0,$H27>0,OR(AUTOEVENTO<>\"manual\",$M27<>1)),\nIF(Import.TipoArredondamento<>\"TransfereGOV\",\nROUND(OFFSET($P27,0,AB$13),15-13*ORÇAMENTO!$AF$7)/$H27*OFFSET(ORÇAMENTO!$X$15,ROW(AB27)-ROW(AB$15),0),\nROUND(ROUND(OFFSET($P27,0,AB$13),15-13*ORÇAMENTO!$AF$7)*OFFSET(ORÇAMENTO!$W$15,ROW(AB27)-ROW(AB$15),0),15-13*ORÇAMENTO!$AF$11)),0)","v":7473.02},{"$f":"IF(AND($D27=\"Serviço\",AC$12<>0,$H27>0,OR(AUTOEVENTO<>\"manual\",$M27<>1)),\nIF(Import.TipoArredondamento<>\"TransfereGOV\",\nROUND(OFFSET($P27,0,AC$13),15-13*ORÇAMENTO!$AF$7)/$H27*OFFSET(ORÇAMENTO!$X$15,ROW(AC27)-ROW(AC$15),0),\nROUND(ROUND(OFFSET($P27,0,AC$13),15-13*ORÇAMENTO!$AF$7)*OFFSET(ORÇAMENTO!$W$15,ROW(AC27)-ROW(AC$15),0),15-13*ORÇAMENTO!$AF$11)),0)","v":0},{"$f":"IF(AND($D27=\"Serviço\",AD$12<>0,$H27>0,OR(AUTOEVENTO<>\"manual\",$M27<>1)),\nIF(Import.TipoArredondamento<>\"TransfereGOV\",\nROUND(OFFSET($P27,0,AD$13),15-13*ORÇAMENTO!$AF$7)/$H27*OFFSET(ORÇAMENTO!$X$15,ROW(AD27)-ROW(AD$15),0),\nROUND(ROUND(OFFSET($P27,0,AD$13),15-13*ORÇAMENTO!$AF$7)*OFFSET(ORÇAMENTO!$W$15,ROW(AD27)-ROW(AD$15),0),15-13*ORÇAMENTO!$AF$11)),0)","v":0},{"$f":"IF(AND($D27=\"Serviço\",AE$12<>0,$H27>0,OR(AUTOEVENTO<>\"manual\",$M27<>1)),\nIF(Import.TipoArredondamento<>\"TransfereGOV\",\nROUND(OFFSET($P27,0,AE$13),15-13*ORÇAMENTO!$AF$7)/$H27*OFFSET(ORÇAMENTO!$X$15,ROW(AE27)-ROW(AE$15),0),\nROUND(ROUND(OFFSET($P27,0,AE$13),15-13*ORÇAMENTO!$AF$7)*OFFSET(ORÇAMENTO!$W$15,ROW(AE27)-ROW(AE$15),0),15-13*ORÇAMENTO!$AF$11)),0)","v":0},{"$f":"IF(AND($D27=\"Serviço\",AF$12<>0,$H27>0,OR(AUTOEVENTO<>\"manual\",$M27<>1)),\nIF(Import.TipoArredondamento<>\"TransfereGOV\",\nROUND(OFFSET($P27,0,AF$13),15-13*ORÇAMENTO!$AF$7)/$H27*OFFSET(ORÇAMENTO!$X$15,ROW(AF27)-ROW(AF$15),0),\nROUND(ROUND(OFFSET($P27,0,AF$13),15-13*ORÇAMENTO!$AF$7)*OFFSET(ORÇAMENTO!$W$15,ROW(AF27)-ROW(AF$15),0),15-13*ORÇAMENTO!$AF$11)),0)","v":0},{"$f":"IF(AND($D27=\"Serviço\",AG$12<>0,$H27>0,OR(AUTOEVENTO<>\"manual\",$M27<>1)),\nIF(Import.TipoArredondamento<>\"TransfereGOV\",\nROUND(OFFSET($P27,0,AG$13),15-13*ORÇAMENTO!$AF$7)/$H27*OFFSET(ORÇAMENTO!$X$15,ROW(AG27)-ROW(AG$15),0),\nROUND(ROUND(OFFSET($P27,0,AG$13),15-13*ORÇAMENTO!$AF$7)*OFFSET(ORÇAMENTO!$W$15,ROW(AG27)-ROW(AG$15),0),15-13*ORÇAMENTO!$AF$11)),0)","v":0},{"$f":"IF(AND($D27=\"Serviço\",AH$12<>0,$H27>0,OR(AUTOEVENTO<>\"manual\",$M27<>1)),\nIF(Import.TipoArredondamento<>\"TransfereGOV\",\nROUND(OFFSET($P27,0,AH$13),15-13*ORÇAMENTO!$AF$7)/$H27*OFFSET(ORÇAMENTO!$X$15,ROW(AH27)-ROW(AH$15),0),\nROUND(ROUND(OFFSET($P27,0,AH$13),15-13*ORÇAMENTO!$AF$7)*OFFSET(ORÇAMENTO!$W$15,ROW(AH27)-ROW(AH$15),0),15-13*ORÇAMENTO!$AF$11)),0)","v":0},{"$f":"IF(AND($D27=\"Serviço\",AI$12<>0,$H27>0,OR(AUTOEVENTO<>\"manual\",$M27<>1)),\nIF(Import.TipoArredondamento<>\"TransfereGOV\",\nROUND(OFFSET($P27,0,AI$13),15-13*ORÇAMENTO!$AF$7)/$H27*OFFSET(ORÇAMENTO!$X$15,ROW(AI27)-ROW(AI$15),0),\nROUND(ROUND(OFFSET($P27,0,AI$13),15-13*ORÇAMENTO!$AF$7)*OFFSET(ORÇAMENTO!$W$15,ROW(AI27)-ROW(AI$15),0),15-13*ORÇAMENTO!$AF$11)),0)","v":0},{"$f":"IF(AND($D27=\"Serviço\",AJ$12<>0,$H27>0,OR(AUTOEVENTO<>\"manual\",$M27<>1)),\nIF(Import.TipoArredondamento<>\"TransfereGOV\",\nROUND(OFFSET($P27,0,AJ$13),15-13*ORÇAMENTO!$AF$7)/$H27*OFFSET(ORÇAMENTO!$X$15,ROW(AJ27)-ROW(AJ$15),0),\nROUND(ROUND(OFFSET($P27,0,AJ$13),15-13*ORÇAMENTO!$AF$7)*OFFSET(ORÇAMENTO!$W$15,ROW(AJ27)-ROW(AJ$15),0),15-13*ORÇAMENTO!$AF$11)),0)","v":0},{"$f":"IF(AND($D27=\"Serviço\",AK$12<>0,$H27>0,OR(AUTOEVENTO<>\"manual\",$M27<>1)),\nIF(Import.TipoArredondamento<>\"TransfereGOV\",\nROUND(OFFSET($P27,0,AK$13),15-13*ORÇAMENTO!$AF$7)/$H27*OFFSET(ORÇAMENTO!$X$15,ROW(AK27)-ROW(AK$15),0),\nROUND(ROUND(OFFSET($P27,0,AK$13),15-13*ORÇAMENTO!$AF$7)*OFFSET(ORÇAMENTO!$W$15,ROW(AK27)-ROW(AK$15),0),15-13*ORÇAMENTO!$AF$11)),0)","v":0},null,{"$f":"IF($D27<>\"Serviço\",0,IF(AND(AUTOEVENTO=\"Manual\",$M27=1),0,IF(OFFSET(CRONOPLE!$F$14,$M27,AM$13)=\"\",10^12,OFFSET(CRONOPLE!$F$14,$M27,AM$13))))","v":1000000000000},{"$f":"IF($D27<>\"Serviço\",0,IF(AND(AUTOEVENTO=\"Manual\",$M27=1),0,IF(OFFSET(CRONOPLE!$F$14,$M27,AN$13)=\"\",10^12,OFFSET(CRONOPLE!$F$14,$M27,AN$13))))","v":1000000000000},{"$f":"IF($D27<>\"Serviço\",0,IF(AND(AUTOEVENTO=\"Manual\",$M27=1),0,IF(OFFSET(CRONOPLE!$F$14,$M27,AO$13)=\"\",10^12,OFFSET(CRONOPLE!$F$14,$M27,AO$13))))","v":1000000000000},{"$f":"IF($D27<>\"Serviço\",0,IF(AND(AUTOEVENTO=\"Manual\",$M27=1),0,IF(OFFSET(CRONOPLE!$F$14,$M27,AP$13)=\"\",10^12,OFFSET(CRONOPLE!$F$14,$M27,AP$13))))","v":1000000000000},{"$f":"IF($D27<>\"Serviço\",0,IF(AND(AUTOEVENTO=\"Manual\",$M27=1),0,IF(OFFSET(CRONOPLE!$F$14,$M27,AQ$13)=\"\",10^12,OFFSET(CRONOPLE!$F$14,$M27,AQ$13))))","v":1000000000000},{"$f":"IF($D27<>\"Serviço\",0,IF(AND(AUTOEVENTO=\"Manual\",$M27=1),0,IF(OFFSET(CRONOPLE!$F$14,$M27,AR$13)=\"\",10^12,OFFSET(CRONOPLE!$F$14,$M27,AR$13))))","v":1000000000000},{"$f":"IF($D27<>\"Serviço\",0,IF(AND(AUTOEVENTO=\"Manual\",$M27=1),0,IF(OFFSET(CRONOPLE!$F$14,$M27,AS$13)=\"\",10^12,OFFSET(CRONOPLE!$F$14,$M27,AS$13))))","v":1000000000000},{"$f":"IF($D27<>\"Serviço\",0,IF(AND(AUTOEVENTO=\"Manual\",$M27=1),0,IF(OFFSET(CRONOPLE!$F$14,$M27,AT$13)=\"\",10^12,OFFSET(CRONOPLE!$F$14,$M27,AT$13))))","v":1000000000000},{"$f":"IF($D27<>\"Serviço\",0,IF(AND(AUTOEVENTO=\"Manual\",$M27=1),0,IF(OFFSET(CRONOPLE!$F$14,$M27,AU$13)=\"\",10^12,OFFSET(CRONOPLE!$F$14,$M27,AU$13))))","v":1000000000000},{"$f":"IF($D27<>\"Serviço\",0,IF(AND(AUTOEVENTO=\"Manual\",$M27=1),0,IF(OFFSET(CRONOPLE!$F$14,$M27,AV$13)=\"\",10^12,OFFSET(CRONOPLE!$F$14,$M27,AV$13))))","v":1000000000000},null,{"$f":"IF($D27<>\"Serviço\",0,IF(OR(AND(AUTOEVENTO=\"Manual\",$M27=1),$M27>(ROW(PLE.lastrow)-ROW(PLE.firstrow))),0,IF(OFFSET(PLE!$G$14,$M27,AX$13)=\"\",10^12,OFFSET(PLE!$G$14,$M27,AX$13))))","v":1000000000000},{"$f":"IF($D27<>\"Serviço\",0,IF(OR(AND(AUTOEVENTO=\"Manual\",$M27=1),$M27>(ROW(PLE.lastrow)-ROW(PLE.firstrow))),0,IF(OFFSET(PLE!$G$14,$M27,AY$13)=\"\",10^12,OFFSET(PLE!$G$14,$M27,AY$13))))","v":1000000000000},{"$f":"IF($D27<>\"Serviço\",0,IF(OR(AND(AUTOEVENTO=\"Manual\",$M27=1),$M27>(ROW(PLE.lastrow)-ROW(PLE.firstrow))),0,IF(OFFSET(PLE!$G$14,$M27,AZ$13)=\"\",10^12,OFFSET(PLE!$G$14,$M27,AZ$13))))","v":1000000000000},{"$f":"IF($D27<>\"Serviço\",0,IF(OR(AND(AUTOEVENTO=\"Manual\",$M27=1),$M27>(ROW(PLE.lastrow)-ROW(PLE.firstrow))),0,IF(OFFSET(PLE!$G$14,$M27,BA$13)=\"\",10^12,OFFSET(PLE!$G$14,$M27,BA$13))))","v":1000000000000},{"$f":"IF($D27<>\"Serviço\",0,IF(OR(AND(AUTOEVENTO=\"Manual\",$M27=1),$M27>(ROW(PLE.lastrow)-ROW(PLE.firstrow))),0,IF(OFFSET(PLE!$G$14,$M27,BB$13)=\"\",10^12,OFFSET(PLE!$G$14,$M27,BB$13))))","v":1000000000000},{"$f":"IF($D27<>\"Serviço\",0,IF(OR(AND(AUTOEVENTO=\"Manual\",$M27=1),$M27>(ROW(PLE.lastrow)-ROW(PLE.firstrow))),0,IF(OFFSET(PLE!$G$14,$M27,BC$13)=\"\",10^12,OFFSET(PLE!$G$14,$M27,BC$13))))","v":1000000000000},{"$f":"IF($D27<>\"Serviço\",0,IF(OR(AND(AUTOEVENTO=\"Manual\",$M27=1),$M27>(ROW(PLE.lastrow)-ROW(PLE.firstrow))),0,IF(OFFSET(PLE!$G$14,$M27,BD$13)=\"\",10^12,OFFSET(PLE!$G$14,$M27,BD$13))))","v":1000000000000},{"$f":"IF($D27<>\"Serviço\",0,IF(OR(AND(AUTOEVENTO=\"Manual\",$M27=1),$M27>(ROW(PLE.lastrow)-ROW(PLE.firstrow))),0,IF(OFFSET(PLE!$G$14,$M27,BE$13)=\"\",10^12,OFFSET(PLE!$G$14,$M27,BE$13))))","v":1000000000000},{"$f":"IF($D27<>\"Serviço\",0,IF(OR(AND(AUTOEVENTO=\"Manual\",$M27=1),$M27>(ROW(PLE.lastrow)-ROW(PLE.firstrow))),0,IF(OFFSET(PLE!$G$14,$M27,BF$13)=\"\",10^12,OFFSET(PLE!$G$14,$M27,BF$13))))","v":1000000000000},{"$f":"IF($D27<>\"Serviço\",0,IF(OR(AND(AUTOEVENTO=\"Manual\",$M27=1),$M27>(ROW(PLE.lastrow)-ROW(PLE.firstrow))),0,IF(OFFSET(PLE!$G$14,$M27,BG$13)=\"\",10^12,OFFSET(PLE!$G$14,$M27,BG$13))))","v":1000000000000}]
["13.",{"$f":"OFFSET(ORÇAMENTO!C$15,ROW(B28)-ROW(B$15),0)","v":2},{"$f":"OFFSET(ORÇAMENTO!L$15,ROW(C28)-ROW(C$15),0)","v":"F"},{"$f":"OFFSET(ORÇAMENTO!N$15,ROW(D28)-ROW(D$15),0)","v":"Nível 2"},{"$f":"OFFSET(ORÇAMENTO!O$15,ROW(E28)-ROW(E$15),0)","v":"1.3."},{"$f":"OFFSET(ORÇAMENTO!R$15,ROW(F28)-ROW(F$15),0)","v":"ESCAVAÇÃO PARA FUNDAÇÕES"},{"$f":"IF($D28<>\"Serviço\",\"\",OFFSET(ORÇAMENTO!S$15,ROW(G28)-ROW(G$15),0))","v":""},{"$f":"IF($D28<>\"Serviço\",0,IF(ACOMPANHAMENTO=\"BM\",ROUND(OFFSET(ORÇAMENTO!AJ$15,ROW(H28)-ROW(H$15),0),15-13*ORÇAMENTO!$AF$7),SUMPRODUCT(($Q$12:$AA$12<>\"\")*ROUND($Q28:$AA28,15-13*ORÇAMENTO!$AF$7))))","v":0},null,null,null,".",{"$f":"IF($D28<>\"Serviço\",\"\",IF(AUTOEVENTO=\"manual\",$A28,IF(ISERROR(MATCH($A28,$A$15:OFFSET($A28,-1,0),0)),MAX($M$15:OFFSET(M28,-1,0))+1,INDEX($M$15:OFFSET(M28,-1,0),MATCH($A28,$A$15:OFFSET($A28,-1,0),0)))))","v":""},{"$f":"IF($D28<>\"Serviço\",\"\",IF(AUTOEVENTO=\"Manual\",IF($A28=0,\"<-- defina o número do agrupador\",OFFSET(EVENTOS!$D$14,$A28,0)),OFFSET($F$15,$A28,0)))","v":""},null,null,null,null,null,null,null,null,null,null,null,null,null,{"$f":"IF(AND($D28=\"Serviço\",AB$12<>0,$H28>0,OR(AUTOEVENTO<>\"manual\",$M28<>1)),\nIF(Import.TipoArredondamento<>\"TransfereGOV\",\nROUND(OFFSET($P28,0,AB$13),15-13*ORÇAMENTO!$AF$7)/$H28*OFFSET(ORÇAMENTO!$X$15,ROW(AB28)-ROW(AB$15),0),\nROUND(ROUND(OFFSET($P28,0,AB$13),15-13*ORÇAMENTO!$AF$7)*OFFSET(ORÇAMENTO!$W$15,ROW(AB28)-ROW(AB$15),0),15-13*ORÇAMENTO!$AF$11)),0)","v":0},{"$f":"IF(AND($D28=\"Serviço\",AC$12<>0,$H28>0,OR(AUTOEVENTO<>\"manual\",$M28<>1)),\nIF(Import.TipoArredondamento<>\"TransfereGOV\",\nROUND(OFFSET($P28,0,AC$13),15-13*ORÇAMENTO!$AF$7)/$H28*OFFSET(ORÇAMENTO!$X$15,ROW(AC28)-ROW(AC$15),0),\nROUND(ROUND(OFFSET($P28,0,AC$13),15-13*ORÇAMENTO!$AF$7)*OFFSET(ORÇAMENTO!$W$15,ROW(AC28)-ROW(AC$15),0),15-13*ORÇAMENTO!$AF$11)),0)","v":0},{"$f":"IF(AND($D28=\"Serviço\",AD$12<>0,$H28>0,OR(AUTOEVENTO<>\"manual\",$M28<>1)),\nIF(Import.TipoArredondamento<>\"TransfereGOV\",\nROUND(OFFSET($P28,0,AD$13),15-13*ORÇAMENTO!$AF$7)/$H28*OFFSET(ORÇAMENTO!$X$15,ROW(AD28)-ROW(AD$15),0),\nROUND(ROUND(OFFSET($P28,0,AD$13),15-13*ORÇAMENTO!$AF$7)*OFFSET(ORÇAMENTO!$W$15,ROW(AD28)-ROW(AD$15),0),15-13*ORÇAMENTO!$AF$11)),0)","v":0},{"$f":"IF(AND($D28=\"Serviço\",AE$12<>0,$H28>0,OR(AUTOEVENTO<>\"manual\",$M28<>1)),\nIF(Import.TipoArredondamento<>\"TransfereGOV\",\nROUND(OFFSET($P28,0,AE$13),15-13*ORÇAMENTO!$AF$7)/$H28*OFFSET(ORÇAMENTO!$X$15,ROW(AE28)-ROW(AE$15),0),\nROUND(ROUND(OFFSET($P28,0,AE$13),15-13*ORÇAMENTO!$AF$7)*OFFSET(ORÇAMENTO!$W$15,ROW(AE28)-ROW(AE$15),0),15-13*ORÇAMENTO!$AF$11)),0)","v":0},{"$f":"IF(AND($D28=\"Serviço\",AF$12<>0,$H28>0,OR(AUTOEVENTO<>\"manual\",$M28<>1)),\nIF(Import.TipoArredondamento<>\"TransfereGOV\",\nROUND(OFFSET($P28,0,AF$13),15-13*ORÇAMENTO!$AF$7)/$H28*OFFSET(ORÇAMENTO!$X$15,ROW(AF28)-ROW(AF$15),0),\nROUND(ROUND(OFFSET($P28,0,AF$13),15-13*ORÇAMENTO!$AF$7)*OFFSET(ORÇAMENTO!$W$15,ROW(AF28)-ROW(AF$15),0),15-13*ORÇAMENTO!$AF$11)),0)","v":0},{"$f":"IF(AND($D28=\"Serviço\",AG$12<>0,$H28>0,OR(AUTOEVENTO<>\"manual\",$M28<>1)),\nIF(Import.TipoArredondamento<>\"TransfereGOV\",\nROUND(OFFSET($P28,0,AG$13),15-13*ORÇAMENTO!$AF$7)/$H28*OFFSET(ORÇAMENTO!$X$15,ROW(AG28)-ROW(AG$15),0),\nROUND(ROUND(OFFSET($P28,0,AG$13),15-13*ORÇAMENTO!$AF$7)*OFFSET(ORÇAMENTO!$W$15,ROW(AG28)-ROW(AG$15),0),15-13*ORÇAMENTO!$AF$11)),0)","v":0},{"$f":"IF(AND($D28=\"Serviço\",AH$12<>0,$H28>0,OR(AUTOEVENTO<>\"manual\",$M28<>1)),\nIF(Import.TipoArredondamento<>\"TransfereGOV\",\nROUND(OFFSET($P28,0,AH$13),15-13*ORÇAMENTO!$AF$7)/$H28*OFFSET(ORÇAMENTO!$X$15,ROW(AH28)-ROW(AH$15),0),\nROUND(ROUND(OFFSET($P28,0,AH$13),15-13*ORÇAMENTO!$AF$7)*OFFSET(ORÇAMENTO!$W$15,ROW(AH28)-ROW(AH$15),0),15-13*ORÇAMENTO!$AF$11)),0)","v":0},{"$f":"IF(AND($D28=\"Serviço\",AI$12<>0,$H28>0,OR(AUTOEVENTO<>\"manual\",$M28<>1)),\nIF(Import.TipoArredondamento<>\"TransfereGOV\",\nROUND(OFFSET($P28,0,AI$13),15-13*ORÇAMENTO!$AF$7)/$H28*OFFSET(ORÇAMENTO!$X$15,ROW(AI28)-ROW(AI$15),0),\nROUND(ROUND(OFFSET($P28,0,AI$13),15-13*ORÇAMENTO!$AF$7)*OFFSET(ORÇAMENTO!$W$15,ROW(AI28)-ROW(AI$15),0),15-13*ORÇAMENTO!$AF$11)),0)","v":0},{"$f":"IF(AND($D28=\"Serviço\",AJ$12<>0,$H28>0,OR(AUTOEVENTO<>\"manual\",$M28<>1)),\nIF(Import.TipoArredondamento<>\"TransfereGOV\",\nROUND(OFFSET($P28,0,AJ$13),15-13*ORÇAMENTO!$AF$7)/$H28*OFFSET(ORÇAMENTO!$X$15,ROW(AJ28)-ROW(AJ$15),0),\nROUND(ROUND(OFFSET($P28,0,AJ$13),15-13*ORÇAMENTO!$AF$7)*OFFSET(ORÇAMENTO!$W$15,ROW(AJ28)-ROW(AJ$15),0),15-13*ORÇAMENTO!$AF$11)),0)","v":0},{"$f":"IF(AND($D28=\"Serviço\",AK$12<>0,$H28>0,OR(AUTOEVENTO<>\"manual\",$M28<>1)),\nIF(Import.TipoArredondamento<>\"TransfereGOV\",\nROUND(OFFSET($P28,0,AK$13),15-13*ORÇAMENTO!$AF$7)/$H28*OFFSET(ORÇAMENTO!$X$15,ROW(AK28)-ROW(AK$15),0),\nROUND(ROUND(OFFSET($P28,0,AK$13),15-13*ORÇAMENTO!$AF$7)*OFFSET(ORÇAMENTO!$W$15,ROW(AK28)-ROW(AK$15),0),15-13*ORÇAMENTO!$AF$11)),0)","v":0},null,{"$f":"IF($D28<>\"Serviço\",0,IF(AND(AUTOEVENTO=\"Manual\",$M28=1),0,IF(OFFSET(CRONOPLE!$F$14,$M28,AM$13)=\"\",10^12,OFFSET(CRONOPLE!$F$14,$M28,AM$13))))","v":0},{"$f":"IF($D28<>\"Serviço\",0,IF(AND(AUTOEVENTO=\"Manual\",$M28=1),0,IF(OFFSET(CRONOPLE!$F$14,$M28,AN$13)=\"\",10^12,OFFSET(CRONOPLE!$F$14,$M28,AN$13))))","v":0},{"$f":"IF($D28<>\"Serviço\",0,IF(AND(AUTOEVENTO=\"Manual\",$M28=1),0,IF(OFFSET(CRONOPLE!$F$14,$M28,AO$13)=\"\",10^12,OFFSET(CRONOPLE!$F$14,$M28,AO$13))))","v":0},{"$f":"IF($D28<>\"Serviço\",0,IF(AND(AUTOEVENTO=\"Manual\",$M28=1),0,IF(OFFSET(CRONOPLE!$F$14,$M28,AP$13)=\"\",10^12,OFFSET(CRONOPLE!$F$14,$M28,AP$13))))","v":0},{"$f":"IF($D28<>\"Serviço\",0,IF(AND(AUTOEVENTO=\"Manual\",$M28=1),0,IF(OFFSET(CRONOPLE!$F$14,$M28,AQ$13)=\"\",10^12,OFFSET(CRONOPLE!$F$14,$M28,AQ$13))))","v":0},{"$f":"IF($D28<>\"Serviço\",0,IF(AND(AUTOEVENTO=\"Manual\",$M28=1),0,IF(OFFSET(CRONOPLE!$F$14,$M28,AR$13)=\"\",10^12,OFFSET(CRONOPLE!$F$14,$M28,AR$13))))","v":0},{"$f":"IF($D28<>\"Serviço\",0,IF(AND(AUTOEVENTO=\"Manual\",$M28=1),0,IF(OFFSET(CRONOPLE!$F$14,$M28,AS$13)=\"\",10^12,OFFSET(CRONOPLE!$F$14,$M28,AS$13))))","v":0},{"$f":"IF($D28<>\"Serviço\",0,IF(AND(AUTOEVENTO=\"Manual\",$M28=1),0,IF(OFFSET(CRONOPLE!$F$14,$M28,AT$13)=\"\",10^12,OFFSET(CRONOPLE!$F$14,$M28,AT$13))))","v":0},{"$f":"IF($D28<>\"Serviço\",0,IF(AND(AUTOEVENTO=\"Manual\",$M28=1),0,IF(OFFSET(CRONOPLE!$F$14,$M28,AU$13)=\"\",10^12,OFFSET(CRONOPLE!$F$14,$M28,AU$13))))","v":0},{"$f":"IF($D28<>\"Serviço\",0,IF(AND(AUTOEVENTO=\"Manual\",$M28=1),0,IF(OFFSET(CRONOPLE!$F$14,$M28,AV$13)=\"\",10^12,OFFSET(CRONOPLE!$F$14,$M28,AV$13))))","v":0},null,{"$f":"IF($D28<>\"Serviço\",0,IF(OR(AND(AUTOEVENTO=\"Manual\",$M28=1),$M28>(ROW(PLE.lastrow)-ROW(PLE.firstrow))),0,IF(OFFSET(PLE!$G$14,$M28,AX$13)=\"\",10^12,OFFSET(PLE!$G$14,$M28,AX$13))))","v":0},{"$f":"IF($D28<>\"Serviço\",0,IF(OR(AND(AUTOEVENTO=\"Manual\",$M28=1),$M28>(ROW(PLE.lastrow)-ROW(PLE.firstrow))),0,IF(OFFSET(PLE!$G$14,$M28,AY$13)=\"\",10^12,OFFSET(PLE!$G$14,$M28,AY$13))))","v":0},{"$f":"IF($D28<>\"Serviço\",0,IF(OR(AND(AUTOEVENTO=\"Manual\",$M28=1),$M28>(ROW(PLE.lastrow)-ROW(PLE.firstrow))),0,IF(OFFSET(PLE!$G$14,$M28,AZ$13)=\"\",10^12,OFFSET(PLE!$G$14,$M28,AZ$13))))","v":0},{"$f":"IF($D28<>\"Serviço\",0,IF(OR(AND(AUTOEVENTO=\"Manual\",$M28=1),$M28>(ROW(PLE.lastrow)-ROW(PLE.firstrow))),0,IF(OFFSET(PLE!$G$14,$M28,BA$13)=\"\",10^12,OFFSET(PLE!$G$14,$M28,BA$13))))","v":0},{"$f":"IF($D28<>\"Serviço\",0,IF(OR(AND(AUTOEVENTO=\"Manual\",$M28=1),$M28>(ROW(PLE.lastrow)-ROW(PLE.firstrow))),0,IF(OFFSET(PLE!$G$14,$M28,BB$13)=\"\",10^12,OFFSET(PLE!$G$14,$M28,BB$13))))","v":0},{"$f":"IF($D28<>\"Serviço\",0,IF(OR(AND(AUTOEVENTO=\"Manual\",$M28=1),$M28>(ROW(PLE.lastrow)-ROW(PLE.firstrow))),0,IF(OFFSET(PLE!$G$14,$M28,BC$13)=\"\",10^12,OFFSET(PLE!$G$14,$M28,BC$13))))","v":0},{"$f":"IF($D28<>\"Serviço\",0,IF(OR(AND(AUTOEVENTO=\"Manual\",$M28=1),$M28>(ROW(PLE.lastrow)-ROW(PLE.firstrow))),0,IF(OFFSET(PLE!$G$14,$M28,BD$13)=\"\",10^12,OFFSET(PLE!$G$14,$M28,BD$13))))","v":0},{"$f":"IF($D28<>\"Serviço\",0,IF(OR(AND(AUTOEVENTO=\"Manual\",$M28=1),$M28>(ROW(PLE.lastrow)-ROW(PLE.firstrow))),0,IF(OFFSET(PLE!$G$14,$M28,BE$13)=\"\",10^12,OFFSET(PLE!$G$14,$M28,BE$13))))","v":0},{"$f":"IF($D28<>\"Serviço\",0,IF(OR(AND(AUTOEVENTO=\"Manual\",$M28=1),$M28>(ROW(PLE.lastrow)-ROW(PLE.firstrow))),0,IF(OFFSET(PLE!$G$14,$M28,BF$13)=\"\",10^12,OFFSET(PLE!$G$14,$M28,BF$13))))","v":0},{"$f":"IF($D28<>\"Serviço\",0,IF(OR(AND(AUTOEVENTO=\"Manual\",$M28=1),$M28>(ROW(PLE.lastrow)-ROW(PLE.firstrow))),0,IF(OFFSET(PLE!$G$14,$M28,BG$13)=\"\",10^12,OFFSET(PLE!$G$14,$M28,BG$13))))","v":0}]
["13",{"$f":"OFFSET(ORÇAMENTO!C$15,ROW(B29)-ROW(B$15),0)","v":"S"},{"$f":"OFFSET(ORÇAMENTO!L$15,ROW(C29)-ROW(C$15),0)","v":"F"},{"$f":"OFFSET(ORÇAMENTO!N$15,ROW(D29)-ROW(D$15),0)","v":"Serviço"},{"$f":"OFFSET(ORÇAMENTO!O$15,ROW(E29)-ROW(E$15),0)","v":"1.3.0.1."},{"$f":"OFFSET(ORÇAMENTO!R$15,ROW(F29)-ROW(F$15),0)","v":"ESCAVAÇÃO MECANIZADA PARA VIGA BALDRAME OU SAPATA CORRIDA COM MINI-ESCAVADEIRA (INCLUINDO ESCAVAÇÃO PARA COLOCAÇÃO DE FÔRMAS). AF_01/2024"},{"$f":"IF($D29<>\"Serviço\",\"\",OFFSET(ORÇAMENTO!S$15,ROW(G29)-ROW(G$15),0))","v":"M3"},{"$f":"IF($D29<>\"Serviço\",0,IF(ACOMPANHAMENTO=\"BM\",ROUND(OFFSET(ORÇAMENTO!AJ$15,ROW(H29)-ROW(H$15),0),15-13*ORÇAMENTO!$AF$7),SUMPRODUCT(($Q$12:$AA$12<>\"\")*ROUND($Q29:$AA29,15-13*ORÇAMENTO!$AF$7))))","v":8.36},"CONSIDERANDO A VIGA 20CM PRA FORA DA TERRA",null,null,".",{"$f":"IF($D29<>\"Serviço\",\"\",IF(AUTOEVENTO=\"manual\",$A29,IF(ISERROR(MATCH($A29,$A$15:OFFSET($A29,-1,0),0)),MAX($M$15:OFFSET(M29,-1,0))+1,INDEX($M$15:OFFSET(M29,-1,0),MATCH($A29,$A$15:OFFSET($A29,-1,0),0)))))","v":4},{"$f":"IF($D29<>\"Serviço\",\"\",IF(AUTOEVENTO=\"Manual\",IF($A29=0,\"<-- defina o número do agrupador\",OFFSET(EVENTOS!$D$14,$A29,0)),OFFSET($F$15,$A29,0)))","v":"ESCAVAÇÃO PARA FUNDAÇÕES"},null,null,{"$f":"(Q37*0.15*0.25)","v":8.3565000000000005},null,null,null,null,null,null,null,null,null,null,{"$f":"IF(AND($D29=\"Serviço\",AB$12<>0,$H29>0,OR(AUTOEVENTO<>\"manual\",$M29<>1)),\nIF(Import.TipoArredondamento<>\"TransfereGOV\",\nROUND(OFFSET($P29,0,AB$13),15-13*ORÇAMENTO!$AF$7)/$H29*OFFSET(ORÇAMENTO!$X$15,ROW(AB29)-ROW(AB$15),0),\nROUND(ROUND(OFFSET($P29,0,AB$13),15-13*ORÇAMENTO!$AF$7)*OFFSET(ORÇAMENTO!$W$15,ROW(AB29)-ROW(AB$15),0),15-13*ORÇAMENTO!$AF$11)),0)","v":560.45000000000005},{"$f":"IF(AND($D29=\"Serviço\",AC$12<>0,$H29>0,OR(AUTOEVENTO<>\"manual\",$M29<>1)),\nIF(Import.TipoArredondamento<>\"TransfereGOV\",\nROUND(OFFSET($P29,0,AC$13),15-13*ORÇAMENTO!$AF$7)/$H29*OFFSET(ORÇAMENTO!$X$15,ROW(AC29)-ROW(AC$15),0),\nROUND(ROUND(OFFSET($P29,0,AC$13),15-13*ORÇAMENTO!$AF$7)*OFFSET(ORÇAMENTO!$W$15,ROW(AC29)-ROW(AC$15),0),15-13*ORÇAMENTO!$AF$11)),0)","v":0},{"$f":"IF(AND($D29=\"Serviço\",AD$12<>0,$H29>0,OR(AUTOEVENTO<>\"manual\",$M29<>1)),\nIF(Import.TipoArredondamento<>\"TransfereGOV\",\nROUND(OFFSET($P29,0,AD$13),15-13*ORÇAMENTO!$AF$7)/$H29*OFFSET(ORÇAMENTO!$X$15,ROW(AD29)-ROW(AD$15),0),\nROUND(ROUND(OFFSET($P29,0,AD$13),15-13*ORÇAMENTO!$AF$7)*OFFSET(ORÇAMENTO!$W$15,ROW(AD29)-ROW(AD$15),0),15-13*ORÇAMENTO!$AF$11)),0)","v":0},{"$f":"IF(AND($D29=\"Serviço\",AE$12<>0,$H29>0,OR(AUTOEVENTO<>\"manual\",$M29<>1)),\nIF(Import.TipoArredondamento<>\"TransfereGOV\",\nROUND(OFFSET($P29,0,AE$13),15-13*ORÇAMENTO!$AF$7)/$H29*OFFSET(ORÇAMENTO!$X$15,ROW(AE29)-ROW(AE$15),0),\nROUND(ROUND(OFFSET($P29,0,AE$13),15-13*ORÇAMENTO!$AF$7)*OFFSET(ORÇAMENTO!$W$15,ROW(AE29)-ROW(AE$15),0),15-13*ORÇAMENTO!$AF$11)),0)","v":0},{"$f":"IF(AND($D29=\"Serviço\",AF$12<>0,$H29>0,OR(AUTOEVENTO<>\"manual\",$M29<>1)),\nIF(Import.TipoArredondamento<>\"TransfereGOV\",\nROUND(OFFSET($P29,0,AF$13),15-13*ORÇAMENTO!$AF$7)/$H29*OFFSET(ORÇAMENTO!$X$15,ROW(AF29)-ROW(AF$15),0),\nROUND(ROUND(OFFSET($P29,0,AF$13),15-13*ORÇAMENTO!$AF$7)*OFFSET(ORÇAMENTO!$W$15,ROW(AF29)-ROW(AF$15),0),15-13*ORÇAMENTO!$AF$11)),0)","v":0},{"$f":"IF(AND($D29=\"Serviço\",AG$12<>0,$H29>0,OR(AUTOEVENTO<>\"manual\",$M29<>1)),\nIF(Import.TipoArredondamento<>\"TransfereGOV\",\nROUND(OFFSET($P29,0,AG$13),15-13*ORÇAMENTO!$AF$7)/$H29*OFFSET(ORÇAMENTO!$X$15,ROW(AG29)-ROW(AG$15),0),\nROUND(ROUND(OFFSET($P29,0,AG$13),15-13*ORÇAMENTO!$AF$7)*OFFSET(ORÇAMENTO!$W$15,ROW(AG29)-ROW(AG$15),0),15-13*ORÇAMENTO!$AF$11)),0)","v":0},{"$f":"IF(AND($D29=\"Serviço\",AH$12<>0,$H29>0,OR(AUTOEVENTO<>\"manual\",$M29<>1)),\nIF(Import.TipoArredondamento<>\"TransfereGOV\",\nROUND(OFFSET($P29,0,AH$13),15-13*ORÇAMENTO!$AF$7)/$H29*OFFSET(ORÇAMENTO!$X$15,ROW(AH29)-ROW(AH$15),0),\nROUND(ROUND(OFFSET($P29,0,AH$13),15-13*ORÇAMENTO!$AF$7)*OFFSET(ORÇAMENTO!$W$15,ROW(AH29)-ROW(AH$15),0),15-13*ORÇAMENTO!$AF$11)),0)","v":0},{"$f":"IF(AND($D29=\"Serviço\",AI$12<>0,$H29>0,OR(AUTOEVENTO<>\"manual\",$M29<>1)),\nIF(Import.TipoArredondamento<>\"TransfereGOV\",\nROUND(OFFSET($P29,0,AI$13),15-13*ORÇAMENTO!$AF$7)/$H29*OFFSET(ORÇAMENTO!$X$15,ROW(AI29)-ROW(AI$15),0),\nROUND(ROUND(OFFSET($P29,0,AI$13),15-13*ORÇAMENTO!$AF$7)*OFFSET(ORÇAMENTO!$W$15,ROW(AI29)-ROW(AI$15),0),15-13*ORÇAMENTO!$AF$11)),0)","v":0},{"$f":"IF(AND($D29=\"Serviço\",AJ$12<>0,$H29>0,OR(AUTOEVENTO<>\"manual\",$M29<>1)),\nIF(Import.TipoArredondamento<>\"TransfereGOV\",\nROUND(OFFSET($P29,0,AJ$13),15-13*ORÇAMENTO!$AF$7)/$H29*OFFSET(ORÇAMENTO!$X$15,ROW(AJ29)-ROW(AJ$15),0),\nROUND(ROUND(OFFSET($P29,0,AJ$13),15-13*ORÇAMENTO!$AF$7)*OFFSET(ORÇAMENTO!$W$15,ROW(AJ29)-ROW(AJ$15),0),15-13*ORÇAMENTO!$AF$11)),0)","v":0},{"$f":"IF(AND($D29=\"Serviço\",AK$12<>0,$H29>0,OR(AUTOEVENTO<>\"manual\",$M29<>1)),\nIF(Import.TipoArredondamento<>\"TransfereGOV\",\nROUND(OFFSET($P29,0,AK$13),15-13*ORÇAMENTO!$AF$7)/$H29*OFFSET(ORÇAMENTO!$X$15,ROW(AK29)-ROW(AK$15),0),\nROUND(ROUND(OFFSET($P29,0,AK$13),15-13*ORÇAMENTO!$AF$7)*OFFSET(ORÇAMENTO!$W$15,ROW(AK29)-ROW(AK$15),0),15-13*ORÇAMENTO!$AF$11)),0)","v":0},null,{"$f":"IF($D29<>\"Serviço\",0,IF(AND(AUTOEVENTO=\"Manual\",$M29=1),0,IF(OFFSET(CRONOPLE!$F$14,$M29,AM$13)=\"\",10^12,OFFSET(CRONOPLE!$F$14,$M29,AM$13))))","v":1000000000000},{"$f":"IF($D29<>\"Serviço\",0,IF(AND(AUTOEVENTO=\"Manual\",$M29=1),0,IF(OFFSET(CRONOPLE!$F$14,$M29,AN$13)=\"\",10^12,OFFSET(CRONOPLE!$F$14,$M29,AN$13))))","v":1000000000000},{"$f":"IF($D29<>\"Serviço\",0,IF(AND(AUTOEVENTO=\"Manual\",$M29=1),0,IF(OFFSET(CRONOPLE!$F$14,$M29,AO$13)=\"\",10^12,OFFSET(CRONOPLE!$F$14,$M29,AO$13))))","v":1000000000000},{"$f":"IF($D29<>\"Serviço\",0,IF(AND(AUTOEVENTO=\"Manual\",$M29=1),0,IF(OFFSET(CRONOPLE!$F$14,$M29,AP$13)=\"\",10^12,OFFSET(CRONOPLE!$F$14,$M29,AP$13))))","v":1000000000000},{"$f":"IF($D29<>\"Serviço\",0,IF(AND(AUTOEVENTO=\"Manual\",$M29=1),0,IF(OFFSET(CRONOPLE!$F$14,$M29,AQ$13)=\"\",10^12,OFFSET(CRONOPLE!$F$14,$M29,AQ$13))))","v":1000000000000},{"$f":"IF($D29<>\"Serviço\",0,IF(AND(AUTOEVENTO=\"Manual\",$M29=1),0,IF(OFFSET(CRONOPLE!$F$14,$M29,AR$13)=\"\",10^12,OFFSET(CRONOPLE!$F$14,$M29,AR$13))))","v":1000000000000},{"$f":"IF($D29<>\"Serviço\",0,IF(AND(AUTOEVENTO=\"Manual\",$M29=1),0,IF(OFFSET(CRONOPLE!$F$14,$M29,AS$13)=\"\",10^12,OFFSET(CRONOPLE!$F$14,$M29,AS$13))))","v":1000000000000},{"$f":"IF($D29<>\"Serviço\",0,IF(AND(AUTOEVENTO=\"Manual\",$M29=1),0,IF(OFFSET(CRONOPLE!$F$14,$M29,AT$13)=\"\",10^12,OFFSET(CRONOPLE!$F$14,$M29,AT$13))))","v":1000000000000},{"$f":"IF($D29<>\"Serviço\",0,IF(AND(AUTOEVENTO=\"Manual\",$M29=1),0,IF(OFFSET(CRONOPLE!$F$14,$M29,AU$13)=\"\",10^12,OFFSET(CRONOPLE!$F$14,$M29,AU$13))))","v":1000000000000},{"$f":"IF($D29<>\"Serviço\",0,IF(AND(AUTOEVENTO=\"Manual\",$M29=1),0,IF(OFFSET(CRONOPLE!$F$14,$M29,AV$13)=\"\",10^12,OFFSET(CRONOPLE!$F$14,$M29,AV$13))))","v":1000000000000},null,{"$f":"IF($D29<>\"Serviço\",0,IF(OR(AND(AUTOEVENTO=\"Manual\",$M29=1),$M29>(ROW(PLE.lastrow)-ROW(PLE.firstrow))),0,IF(OFFSET(PLE!$G$14,$M29,AX$13)=\"\",10^12,OFFSET(PLE!$G$14,$M29,AX$13))))","v":1000000000000},{"$f":"IF($D29<>\"Serviço\",0,IF(OR(AND(AUTOEVENTO=\"Manual\",$M29=1),$M29>(ROW(PLE.lastrow)-ROW(PLE.firstrow))),0,IF(OFFSET(PLE!$G$14,$M29,AY$13)=\"\",10^12,OFFSET(PLE!$G$14,$M29,AY$13))))","v":1000000000000},{"$f":"IF($D29<>\"Serviço\",0,IF(OR(AND(AUTOEVENTO=\"Manual\",$M29=1),$M29>(ROW(PLE.lastrow)-ROW(PLE.firstrow))),0,IF(OFFSET(PLE!$G$14,$M29,AZ$13)=\"\",10^12,OFFSET(PLE!$G$14,$M29,AZ$13))))","v":1000000000000},{"$f":"IF($D29<>\"Serviço\",0,IF(OR(AND(AUTOEVENTO=\"Manual\",$M29=1),$M29>(ROW(PLE.lastrow)-ROW(PLE.firstrow))),0,IF(OFFSET(PLE!$G$14,$M29,BA$13)=\"\",10^12,OFFSET(PLE!$G$14,$M29,BA$13))))","v":1000000000000},{"$f":"IF($D29<>\"Serviço\",0,IF(OR(AND(AUTOEVENTO=\"Manual\",$M29=1),$M29>(ROW(PLE.lastrow)-ROW(PLE.firstrow))),0,IF(OFFSET(PLE!$G$14,$M29,BB$13)=\"\",10^12,OFFSET(PLE!$G$14,$M29,BB$13))))","v":1000000000000},{"$f":"IF($D29<>\"Serviço\",0,IF(OR(AND(AUTOEVENTO=\"Manual\",$M29=1),$M29>(ROW(PLE.lastrow)-ROW(PLE.firstrow))),0,IF(OFFSET(PLE!$G$14,$M29,BC$13)=\"\",10^12,OFFSET(PLE!$G$14,$M29,BC$13))))","v":1000000000000},{"$f":"IF($D29<>\"Serviço\",0,IF(OR(AND(AUTOEVENTO=\"Manual\",$M29=1),$M29>(ROW(PLE.lastrow)-ROW(PLE.firstrow))),0,IF(OFFSET(PLE!$G$14,$M29,BD$13)=\"\",10^12,OFFSET(PLE!$G$14,$M29,BD$13))))","v":1000000000000},{"$f":"IF($D29<>\"Serviço\",0,IF(OR(AND(AUTOEVENTO=\"Manual\",$M29=1),$M29>(ROW(PLE.lastrow)-ROW(PLE.firstrow))),0,IF(OFFSET(PLE!$G$14,$M29,BE$13)=\"\",10^12,OFFSET(PLE!$G$14,$M29,BE$13))))","v":1000000000000},{"$f":"IF($D29<>\"Serviço\",0,IF(OR(AND(AUTOEVENTO=\"Manual\",$M29=1),$M29>(ROW(PLE.lastrow)-ROW(PLE.firstrow))),0,IF(OFFSET(PLE!$G$14,$M29,BF$13)=\"\",10^12,OFFSET(PLE!$G$14,$M29,BF$13))))","v":1000000000000},{"$f":"IF($D29<>\"Serviço\",0,IF(OR(AND(AUTOEVENTO=\"Manual\",$M29=1),$M29>(ROW(PLE.lastrow)-ROW(PLE.firstrow))),0,IF(OFFSET(PLE!$G$14,$M29,BG$13)=\"\",10^12,OFFSET(PLE!$G$14,$M29,BG$13))))","v":1000000000000}]
["13",{"$f":"OFFSET(ORÇAMENTO!C$15,ROW(B30)-ROW(B$15),0)","v":"S"},{"$f":"OFFSET(ORÇAMENTO!L$15,ROW(C30)-ROW(C$15),0)","v":"F"},{"$f":"OFFSET(ORÇAMENTO!N$15,ROW(D30)-ROW(D$15),0)","v":"Serviço"},{"$f":"OFFSET(ORÇAMENTO!O$15,ROW(E30)-ROW(E$15),0)","v":"1.3.0.2."},{"$f":"OFFSET(ORÇAMENTO!R$15,ROW(F30)-ROW(F$15),0)","v":"PREPARO DE FUNDO DE VALA COM LARGURA MENOR QUE 1,5 M (ACERTO DO SOLO NATURAL). AF_08/2020"},{"$f":"IF($D30<>\"Serviço\",\"\",OFFSET(ORÇAMENTO!S$15,ROW(G30)-ROW(G$15),0))","v":"M2"},{"$f":"IF($D30<>\"Serviço\",0,IF(ACOMPANHAMENTO=\"BM\",ROUND(OFFSET(ORÇAMENTO!AJ$15,ROW(H30)-ROW(H$15),0),15-13*ORÇAMENTO!$AF$7),SUMPRODUCT(($Q$12:$AA$12<>\"\")*ROUND($Q30:$AA30,15-13*ORÇAMENTO!$AF$7))))","v":39.950000000000003},"ÁREA DO FUNDO DA SAPATA",null,null,".",{"$f":"IF($D30<>\"Serviço\",\"\",IF(AUTOEVENTO=\"manual\",$A30,IF(ISERROR(MATCH($A30,$A$15:OFFSET($A30,-1,0),0)),MAX($M$15:OFFSET(M30,-1,0))+1,INDEX($M$15:OFFSET(M30,-1,0),MATCH($A30,$A$15:OFFSET($A30,-1,0),0)))))","v":4},{"$f":"IF($D30<>\"Serviço\",\"\",IF(AUTOEVENTO=\"Manual\",IF($A30=0,\"<-- defina o número do agrupador\",OFFSET(EVENTOS!$D$14,$A30,0)),OFFSET($F$15,$A30,0)))","v":"ESCAVAÇÃO PARA FUNDAÇÕES"},null,null,{"$f":"(11*0.5*0.5)+(31*1*1.2)","v":39.949999999999996},null,null,null,null,null,null,null,null,null,null,{"$f":"IF(AND($D30=\"Serviço\",AB$12<>0,$H30>0,OR(AUTOEVENTO<>\"manual\",$M30<>1)),\nIF(Import.TipoArredondamento<>\"TransfereGOV\",\nROUND(OFFSET($P30,0,AB$13),15-13*ORÇAMENTO!$AF$7)/$H30*OFFSET(ORÇAMENTO!$X$15,ROW(AB30)-ROW(AB$15),0),\nROUND(ROUND(OFFSET($P30,0,AB$13),15-13*ORÇAMENTO!$AF$7)*OFFSET(ORÇAMENTO!$W$15,ROW(AB30)-ROW(AB$15),0),15-13*ORÇAMENTO!$AF$11)),0)","v":300.82},{"$f":"IF(AND($D30=\"Serviço\",AC$12<>0,$H30>0,OR(AUTOEVENTO<>\"manual\",$M30<>1)),\nIF(Import.TipoArredondamento<>\"TransfereGOV\",\nROUND(OFFSET($P30,0,AC$13),15-13*ORÇAMENTO!$AF$7)/$H30*OFFSET(ORÇAMENTO!$X$15,ROW(AC30)-ROW(AC$15),0),\nROUND(ROUND(OFFSET($P30,0,AC$13),15-13*ORÇAMENTO!$AF$7)*OFFSET(ORÇAMENTO!$W$15,ROW(AC30)-ROW(AC$15),0),15-13*ORÇAMENTO!$AF$11)),0)","v":0},{"$f":"IF(AND($D30=\"Serviço\",AD$12<>0,$H30>0,OR(AUTOEVENTO<>\"manual\",$M30<>1)),\nIF(Import.TipoArredondamento<>\"TransfereGOV\",\nROUND(OFFSET($P30,0,AD$13),15-13*ORÇAMENTO!$AF$7)/$H30*OFFSET(ORÇAMENTO!$X$15,ROW(AD30)-ROW(AD$15),0),\nROUND(ROUND(OFFSET($P30,0,AD$13),15-13*ORÇAMENTO!$AF$7)*OFFSET(ORÇAMENTO!$W$15,ROW(AD30)-ROW(AD$15),0),15-13*ORÇAMENTO!$AF$11)),0)","v":0},{"$f":"IF(AND($D30=\"Serviço\",AE$12<>0,$H30>0,OR(AUTOEVENTO<>\"manual\",$M30<>1)),\nIF(Import.TipoArredondamento<>\"TransfereGOV\",\nROUND(OFFSET($P30,0,AE$13),15-13*ORÇAMENTO!$AF$7)/$H30*OFFSET(ORÇAMENTO!$X$15,ROW(AE30)-ROW(AE$15),0),\nROUND(ROUND(OFFSET($P30,0,AE$13),15-13*ORÇAMENTO!$AF$7)*OFFSET(ORÇAMENTO!$W$15,ROW(AE30)-ROW(AE$15),0),15-13*ORÇAMENTO!$AF$11)),0)","v":0},{"$f":"IF(AND($D30=\"Serviço\",AF$12<>0,$H30>0,OR(AUTOEVENTO<>\"manual\",$M30<>1)),\nIF(Import.TipoArredondamento<>\"TransfereGOV\",\nROUND(OFFSET($P30,0,AF$13),15-13*ORÇAMENTO!$AF$7)/$H30*OFFSET(ORÇAMENTO!$X$15,ROW(AF30)-ROW(AF$15),0),\nROUND(ROUND(OFFSET($P30,0,AF$13),15-13*ORÇAMENTO!$AF$7)*OFFSET(ORÇAMENTO!$W$15,ROW(AF30)-ROW(AF$15),0),15-13*ORÇAMENTO!$AF$11)),0)","v":0},{"$f":"IF(AND($D30=\"Serviço\",AG$12<>0,$H30>0,OR(AUTOEVENTO<>\"manual\",$M30<>1)),\nIF(Import.TipoArredondamento<>\"TransfereGOV\",\nROUND(OFFSET($P30,0,AG$13),15-13*ORÇAMENTO!$AF$7)/$H30*OFFSET(ORÇAMENTO!$X$15,ROW(AG30)-ROW(AG$15),0),\nROUND(ROUND(OFFSET($P30,0,AG$13),15-13*ORÇAMENTO!$AF$7)*OFFSET(ORÇAMENTO!$W$15,ROW(AG30)-ROW(AG$15),0),15-13*ORÇAMENTO!$AF$11)),0)","v":0},{"$f":"IF(AND($D30=\"Serviço\",AH$12<>0,$H30>0,OR(AUTOEVENTO<>\"manual\",$M30<>1)),\nIF(Import.TipoArredondamento<>\"TransfereGOV\",\nROUND(OFFSET($P30,0,AH$13),15-13*ORÇAMENTO!$AF$7)/$H30*OFFSET(ORÇAMENTO!$X$15,ROW(AH30)-ROW(AH$15),0),\nROUND(ROUND(OFFSET($P30,0,AH$13),15-13*ORÇAMENTO!$AF$7)*OFFSET(ORÇAMENTO!$W$15,ROW(AH30)-ROW(AH$15),0),15-13*ORÇAMENTO!$AF$11)),0)","v":0},{"$f":"IF(AND($D30=\"Serviço\",AI$12<>0,$H30>0,OR(AUTOEVENTO<>\"manual\",$M30<>1)),\nIF(Import.TipoArredondamento<>\"TransfereGOV\",\nROUND(OFFSET($P30,0,AI$13),15-13*ORÇAMENTO!$AF$7)/$H30*OFFSET(ORÇAMENTO!$X$15,ROW(AI30)-ROW(AI$15),0),\nROUND(ROUND(OFFSET($P30,0,AI$13),15-13*ORÇAMENTO!$AF$7)*OFFSET(ORÇAMENTO!$W$15,ROW(AI30)-ROW(AI$15),0),15-13*ORÇAMENTO!$AF$11)),0)","v":0},{"$f":"IF(AND($D30=\"Serviço\",AJ$12<>0,$H30>0,OR(AUTOEVENTO<>\"manual\",$M30<>1)),\nIF(Import.TipoArredondamento<>\"TransfereGOV\",\nROUND(OFFSET($P30,0,AJ$13),15-13*ORÇAMENTO!$AF$7)/$H30*OFFSET(ORÇAMENTO!$X$15,ROW(AJ30)-ROW(AJ$15),0),\nROUND(ROUND(OFFSET($P30,0,AJ$13),15-13*ORÇAMENTO!$AF$7)*OFFSET(ORÇAMENTO!$W$15,ROW(AJ30)-ROW(AJ$15),0),15-13*ORÇAMENTO!$AF$11)),0)","v":0},{"$f":"IF(AND($D30=\"Serviço\",AK$12<>0,$H30>0,OR(AUTOEVENTO<>\"manual\",$M30<>1)),\nIF(Import.TipoArredondamento<>\"TransfereGOV\",\nROUND(OFFSET($P30,0,AK$13),15-13*ORÇAMENTO!$AF$7)/$H30*OFFSET(ORÇAMENTO!$X$15,ROW(AK30)-ROW(AK$15),0),\nROUND(ROUND(OFFSET($P30,0,AK$13),15-13*ORÇAMENTO!$AF$7)*OFFSET(ORÇAMENTO!$W$15,ROW(AK30)-ROW(AK$15),0),15-13*ORÇAMENTO!$AF$11)),0)","v":0},null,{"$f":"IF($D30<>\"Serviço\",0,IF(AND(AUTOEVENTO=\"Manual\",$M30=1),0,IF(OFFSET(CRONOPLE!$F$14,$M30,AM$13)=\"\",10^12,OFFSET(CRONOPLE!$F$14,$M30,AM$13))))","v":1000000000000},{"$f":"IF($D30<>\"Serviço\",0,IF(AND(AUTOEVENTO=\"Manual\",$M30=1),0,IF(OFFSET(CRONOPLE!$F$14,$M30,AN$13)=\"\",10^12,OFFSET(CRONOPLE!$F$14,$M30,AN$13))))","v":1000000000000},{"$f":"IF($D30<>\"Serviço\",0,IF(AND(AUTOEVENTO=\"Manual\",$M30=1),0,IF(OFFSET(CRONOPLE!$F$14,$M30,AO$13)=\"\",10^12,OFFSET(CRONOPLE!$F$14,$M30,AO$13))))","v":1000000000000},{"$f":"IF($D30<>\"Serviço\",0,IF(AND(AUTOEVENTO=\"Manual\",$M30=1),0,IF(OFFSET(CRONOPLE!$F$14,$M30,AP$13)=\"\",10^12,OFFSET(CRONOPLE!$F$14,$M30,AP$13))))","v":1000000000000},{"$f":"IF($D30<>\"Serviço\",0,IF(AND(AUTOEVENTO=\"Manual\",$M30=1),0,IF(OFFSET(CRONOPLE!$F$14,$M30,AQ$13)=\"\",10^12,OFFSET(CRONOPLE!$F$14,$M30,AQ$13))))","v":1000000000000},{"$f":"IF($D30<>\"Serviço\",0,IF(AND(AUTOEVENTO=\"Manual\",$M30=1),0,IF(OFFSET(CRONOPLE!$F$14,$M30,AR$13)=\"\",10^12,OFFSET(CRONOPLE!$F$14,$M30,AR$13))))","v":1000000000000},{"$f":"IF($D30<>\"Serviço\",0,IF(AND(AUTOEVENTO=\"Manual\",$M30=1),0,IF(OFFSET(CRONOPLE!$F$14,$M30,AS$13)=\"\",10^12,OFFSET(CRONOPLE!$F$14,$M30,AS$13))))","v":1000000000000},{"$f":"IF($D30<>\"Serviço\",0,IF(AND(AUTOEVENTO=\"Manual\",$M30=1),0,IF(OFFSET(CRONOPLE!$F$14,$M30,AT$13)=\"\",10^12,OFFSET(CRONOPLE!$F$14,$M30,AT$13))))","v":1000000000000},{"$f":"IF($D30<>\"Serviço\",0,IF(AND(AUTOEVENTO=\"Manual\",$M30=1),0,IF(OFFSET(CRONOPLE!$F$14,$M30,AU$13)=\"\",10^12,OFFSET(CRONOPLE!$F$14,$M30,AU$13))))","v":1000000000000},{"$f":"IF($D30<>\"Serviço\",0,IF(AND(AUTOEVENTO=\"Manual\",$M30=1),0,IF(OFFSET(CRONOPLE!$F$14,$M30,AV$13)=\"\",10^12,OFFSET(CRONOPLE!$F$14,$M30,AV$13))))","v":1000000000000},null,{"$f":"IF($D30<>\"Serviço\",0,IF(OR(AND(AUTOEVENTO=\"Manual\",$M30=1),$M30>(ROW(PLE.lastrow)-ROW(PLE.firstrow))),0,IF(OFFSET(PLE!$G$14,$M30,AX$13)=\"\",10^12,OFFSET(PLE!$G$14,$M30,AX$13))))","v":1000000000000},{"$f":"IF($D30<>\"Serviço\",0,IF(OR(AND(AUTOEVENTO=\"Manual\",$M30=1),$M30>(ROW(PLE.lastrow)-ROW(PLE.firstrow))),0,IF(OFFSET(PLE!$G$14,$M30,AY$13)=\"\",10^12,OFFSET(PLE!$G$14,$M30,AY$13))))","v":1000000000000},{"$f":"IF($D30<>\"Serviço\",0,IF(OR(AND(AUTOEVENTO=\"Manual\",$M30=1),$M30>(ROW(PLE.lastrow)-ROW(PLE.firstrow))),0,IF(OFFSET(PLE!$G$14,$M30,AZ$13)=\"\",10^12,OFFSET(PLE!$G$14,$M30,AZ$13))))","v":1000000000000},{"$f":"IF($D30<>\"Serviço\",0,IF(OR(AND(AUTOEVENTO=\"Manual\",$M30=1),$M30>(ROW(PLE.lastrow)-ROW(PLE.firstrow))),0,IF(OFFSET(PLE!$G$14,$M30,BA$13)=\"\",10^12,OFFSET(PLE!$G$14,$M30,BA$13))))","v":1000000000000},{"$f":"IF($D30<>\"Serviço\",0,IF(OR(AND(AUTOEVENTO=\"Manual\",$M30=1),$M30>(ROW(PLE.lastrow)-ROW(PLE.firstrow))),0,IF(OFFSET(PLE!$G$14,$M30,BB$13)=\"\",10^12,OFFSET(PLE!$G$14,$M30,BB$13))))","v":1000000000000},{"$f":"IF($D30<>\"Serviço\",0,IF(OR(AND(AUTOEVENTO=\"Manual\",$M30=1),$M30>(ROW(PLE.lastrow)-ROW(PLE.firstrow))),0,IF(OFFSET(PLE!$G$14,$M30,BC$13)=\"\",10^12,OFFSET(PLE!$G$14,$M30,BC$13))))","v":1000000000000},{"$f":"IF($D30<>\"Serviço\",0,IF(OR(AND(AUTOEVENTO=\"Manual\",$M30=1),$M30>(ROW(PLE.lastrow)-ROW(PLE.firstrow))),0,IF(OFFSET(PLE!$G$14,$M30,BD$13)=\"\",10^12,OFFSET(PLE!$G$14,$M30,BD$13))))","v":1000000000000},{"$f":"IF($D30<>\"Serviço\",0,IF(OR(AND(AUTOEVENTO=\"Manual\",$M30=1),$M30>(ROW(PLE.lastrow)-ROW(PLE.firstrow))),0,IF(OFFSET(PLE!$G$14,$M30,BE$13)=\"\",10^12,OFFSET(PLE!$G$14,$M30,BE$13))))","v":1000000000000},{"$f":"IF($D30<>\"Serviço\",0,IF(OR(AND(AUTOEVENTO=\"Manual\",$M30=1),$M30>(ROW(PLE.lastrow)-ROW(PLE.firstrow))),0,IF(OFFSET(PLE!$G$14,$M30,BF$13)=\"\",10^12,OFFSET(PLE!$G$14,$M30,BF$13))))","v":1000000000000},{"$f":"IF($D30<>\"Serviço\",0,IF(OR(AND(AUTOEVENTO=\"Manual\",$M30=1),$M30>(ROW(PLE.lastrow)-ROW(PLE.firstrow))),0,IF(OFFSET(PLE!$G$14,$M30,BG$13)=\"\",10^12,OFFSET(PLE!$G$14,$M30,BG$13))))","v":1000000000000}]
[{"$f":"IF(AUTOEVENTO=\"Manual\",IF(K31<>\"\",MIN(VALUE(LEFT(K31,FIND(\".\",K31)-1)),COUNTA(EVENTOS.Lista)),0),IF(OR($B31>AUTOEVENTO,$B31=\"S\",$B31=0),SUBSTITUTE(OFFSET($A31,-1,0),IF($D31=\"Serviço\",\".\",\"\"),\"\"),ROW(A31)-ROW($A$15)&\".\"))","v":"13"},{"$f":"OFFSET(ORÇAMENTO!C$15,ROW(B31)-ROW(B$15),0)","v":"S"},{"$f":"OFFSET(ORÇAMENTO!L$15,ROW(C31)-ROW(C$15),0)","v":"F"},{"$f":"OFFSET(ORÇAMENTO!N$15,ROW(D31)-ROW(D$15),0)","v":"Serviço"},{"$f":"OFFSET(ORÇAMENTO!O$15,ROW(E31)-ROW(E$15),0)","v":"1.3.0.3."},{"$f":"OFFSET(ORÇAMENTO!R$15,ROW(F31)-ROW(F$15),0)","v":"REATERRO MANUAL DE VALAS, COM COMPACTADOR DE SOLOS DE PERCUSSÃO. AF_08/2023"},{"$f":"IF($D31<>\"Serviço\",\"\",OFFSET(ORÇAMENTO!S$15,ROW(G31)-ROW(G$15),0))","v":"M3"},{"$f":"IF($D31<>\"Serviço\",0,IF(ACOMPANHAMENTO=\"BM\",ROUND(OFFSET(ORÇAMENTO!AJ$15,ROW(H31)-ROW(H$15),0),15-13*ORÇAMENTO!$AF$7),SUMPRODUCT(($Q$12:$AA$12<>\"\")*ROUND($Q31:$AA31,15-13*ORÇAMENTO!$AF$7))))","v":9.06},"ÁREA TOTAL ESCAVADA PARA SAPATA, MENOS O VOLUME QUE ELA OCUPA E MENOS O VOLUME DO PILAR ",null,null,".",{"$f":"IF($D31<>\"Serviço\",\"\",IF(AUTOEVENTO=\"manual\",$A31,IF(ISERROR(MATCH($A31,$A$15:OFFSET($A31,-1,0),0)),MAX($M$15:OFFSET(M31,-1,0))+1,INDEX($M$15:OFFSET(M31,-1,0),MATCH($A31,$A$15:OFFSET($A31,-1,0),0)))))","v":4},{"$f":"IF($D31<>\"Serviço\",\"\",IF(AUTOEVENTO=\"Manual\",IF($A31=0,\"<-- defina o número do agrupador\",OFFSET(EVENTOS!$D$14,$A31,0)),OFFSET($F$15,$A31,0)))","v":"ESCAVAÇÃO PARA FUNDAÇÕES"},null,null,{"$f":"+(0.25*1.2*0.9*31)+(0.25*0.5*0.5*11)","v":9.057500000000001},null,null,null,null,null,null,null,null,null,null,{"$f":"IF(AND($D31=\"Serviço\",AB$12<>0,$H31>0,OR(AUTOEVENTO<>\"manual\",$M31<>1)),\nIF(Import.TipoArredondamento<>\"TransfereGOV\",\nROUND(OFFSET($P31,0,AB$13),15-13*ORÇAMENTO!$AF$7)/$H31*OFFSET(ORÇAMENTO!$X$15,ROW(AB31)-ROW(AB$15),0),\nROUND(ROUND(OFFSET($P31,0,AB$13),15-13*ORÇAMENTO!$AF$7)*OFFSET(ORÇAMENTO!$W$15,ROW(AB31)-ROW(AB$15),0),15-13*ORÇAMENTO!$AF$11)),0)","v":303.14999999999998},{"$f":"IF(AND($D31=\"Serviço\",AC$12<>0,$H31>0,OR(AUTOEVENTO<>\"manual\",$M31<>1)),\nIF(Import.TipoArredondamento<>\"TransfereGOV\",\nROUND(OFFSET($P31,0,AC$13),15-13*ORÇAMENTO!$AF$7)/$H31*OFFSET(ORÇAMENTO!$X$15,ROW(AC31)-ROW(AC$15),0),\nROUND(ROUND(OFFSET($P31,0,AC$13),15-13*ORÇAMENTO!$AF$7)*OFFSET(ORÇAMENTO!$W$15,ROW(AC31)-ROW(AC$15),0),15-13*ORÇAMENTO!$AF$11)),0)","v":0},{"$f":"IF(AND($D31=\"Serviço\",AD$12<>0,$H31>0,OR(AUTOEVENTO<>\"manual\",$M31<>1)),\nIF(Import.TipoArredondamento<>\"TransfereGOV\",\nROUND(OFFSET($P31,0,AD$13),15-13*ORÇAMENTO!$AF$7)/$H31*OFFSET(ORÇAMENTO!$X$15,ROW(AD31)-ROW(AD$15),0),\nROUND(ROUND(OFFSET($P31,0,AD$13),15-13*ORÇAMENTO!$AF$7)*OFFSET(ORÇAMENTO!$W$15,ROW(AD31)-ROW(AD$15),0),15-13*ORÇAMENTO!$AF$11)),0)","v":0},{"$f":"IF(AND($D31=\"Serviço\",AE$12<>0,$H31>0,OR(AUTOEVENTO<>\"manual\",$M31<>1)),\nIF(Import.TipoArredondamento<>\"TransfereGOV\",\nROUND(OFFSET($P31,0,AE$13),15-13*ORÇAMENTO!$AF$7)/$H31*OFFSET(ORÇAMENTO!$X$15,ROW(AE31)-ROW(AE$15),0),\nROUND(ROUND(OFFSET($P31,0,AE$13),15-13*ORÇAMENTO!$AF$7)*OFFSET(ORÇAMENTO!$W$15,ROW(AE31)-ROW(AE$15),0),15-13*ORÇAMENTO!$AF$11)),0)","v":0},{"$f":"IF(AND($D31=\"Serviço\",AF$12<>0,$H31>0,OR(AUTOEVENTO<>\"manual\",$M31<>1)),\nIF(Import.TipoArredondamento<>\"TransfereGOV\",\nROUND(OFFSET($P31,0,AF$13),15-13*ORÇAMENTO!$AF$7)/$H31*OFFSET(ORÇAMENTO!$X$15,ROW(AF31)-ROW(AF$15),0),\nROUND(ROUND(OFFSET($P31,0,AF$13),15-13*ORÇAMENTO!$AF$7)*OFFSET(ORÇAMENTO!$W$15,ROW(AF31)-ROW(AF$15),0),15-13*ORÇAMENTO!$AF$11)),0)","v":0},{"$f":"IF(AND($D31=\"Serviço\",AG$12<>0,$H31>0,OR(AUTOEVENTO<>\"manual\",$M31<>1)),\nIF(Import.TipoArredondamento<>\"TransfereGOV\",\nROUND(OFFSET($P31,0,AG$13),15-13*ORÇAMENTO!$AF$7)/$H31*OFFSET(ORÇAMENTO!$X$15,ROW(AG31)-ROW(AG$15),0),\nROUND(ROUND(OFFSET($P31,0,AG$13),15-13*ORÇAMENTO!$AF$7)*OFFSET(ORÇAMENTO!$W$15,ROW(AG31)-ROW(AG$15),0),15-13*ORÇAMENTO!$AF$11)),0)","v":0},{"$f":"IF(AND($D31=\"Serviço\",AH$12<>0,$H31>0,OR(AUTOEVENTO<>\"manual\",$M31<>1)),\nIF(Import.TipoArredondamento<>\"TransfereGOV\",\nROUND(OFFSET($P31,0,AH$13),15-13*ORÇAMENTO!$AF$7)/$H31*OFFSET(ORÇAMENTO!$X$15,ROW(AH31)-ROW(AH$15),0),\nROUND(ROUND(OFFSET($P31,0,AH$13),15-13*ORÇAMENTO!$AF$7)*OFFSET(ORÇAMENTO!$W$15,ROW(AH31)-ROW(AH$15),0),15-13*ORÇAMENTO!$AF$11)),0)","v":0},{"$f":"IF(AND($D31=\"Serviço\",AI$12<>0,$H31>0,OR(AUTOEVENTO<>\"manual\",$M31<>1)),\nIF(Import.TipoArredondamento<>\"TransfereGOV\",\nROUND(OFFSET($P31,0,AI$13),15-13*ORÇAMENTO!$AF$7)/$H31*OFFSET(ORÇAMENTO!$X$15,ROW(AI31)-ROW(AI$15),0),\nROUND(ROUND(OFFSET($P31,0,AI$13),15-13*ORÇAMENTO!$AF$7)*OFFSET(ORÇAMENTO!$W$15,ROW(AI31)-ROW(AI$15),0),15-13*ORÇAMENTO!$AF$11)),0)","v":0},{"$f":"IF(AND($D31=\"Serviço\",AJ$12<>0,$H31>0,OR(AUTOEVENTO<>\"manual\",$M31<>1)),\nIF(Import.TipoArredondamento<>\"TransfereGOV\",\nROUND(OFFSET($P31,0,AJ$13),15-13*ORÇAMENTO!$AF$7)/$H31*OFFSET(ORÇAMENTO!$X$15,ROW(AJ31)-ROW(AJ$15),0),\nROUND(ROUND(OFFSET($P31,0,AJ$13),15-13*ORÇAMENTO!$AF$7)*OFFSET(ORÇAMENTO!$W$15,ROW(AJ31)-ROW(AJ$15),0),15-13*ORÇAMENTO!$AF$11)),0)","v":0},{"$f":"IF(AND($D31=\"Serviço\",AK$12<>0,$H31>0,OR(AUTOEVENTO<>\"manual\",$M31<>1)),\nIF(Import.TipoArredondamento<>\"TransfereGOV\",\nROUND(OFFSET($P31,0,AK$13),15-13*ORÇAMENTO!$AF$7)/$H31*OFFSET(ORÇAMENTO!$X$15,ROW(AK31)-ROW(AK$15),0),\nROUND(ROUND(OFFSET($P31,0,AK$13),15-13*ORÇAMENTO!$AF$7)*OFFSET(ORÇAMENTO!$W$15,ROW(AK31)-ROW(AK$15),0),15-13*ORÇAMENTO!$AF$11)),0)","v":0},null,{"$f":"IF($D31<>\"Serviço\",0,IF(AND(AUTOEVENTO=\"Manual\",$M31=1),0,IF(OFFSET(CRONOPLE!$F$14,$M31,AM$13)=\"\",10^12,OFFSET(CRONOPLE!$F$14,$M31,AM$13))))","v":1000000000000},{"$f":"IF($D31<>\"Serviço\",0,IF(AND(AUTOEVENTO=\"Manual\",$M31=1),0,IF(OFFSET(CRONOPLE!$F$14,$M31,AN$13)=\"\",10^12,OFFSET(CRONOPLE!$F$14,$M31,AN$13))))","v":1000000000000},{"$f":"IF($D31<>\"Serviço\",0,IF(AND(AUTOEVENTO=\"Manual\",$M31=1),0,IF(OFFSET(CRONOPLE!$F$14,$M31,AO$13)=\"\",10^12,OFFSET(CRONOPLE!$F$14,$M31,AO$13))))","v":1000000000000},{"$f":"IF($D31<>\"Serviço\",0,IF(AND(AUTOEVENTO=\"Manual\",$M31=1),0,IF(OFFSET(CRONOPLE!$F$14,$M31,AP$13)=\"\",10^12,OFFSET(CRONOPLE!$F$14,$M31,AP$13))))","v":1000000000000},{"$f":"IF($D31<>\"Serviço\",0,IF(AND(AUTOEVENTO=\"Manual\",$M31=1),0,IF(OFFSET(CRONOPLE!$F$14,$M31,AQ$13)=\"\",10^12,OFFSET(CRONOPLE!$F$14,$M31,AQ$13))))","v":1000000000000},{"$f":"IF($D31<>\"Serviço\",0,IF(AND(AUTOEVENTO=\"Manual\",$M31=1),0,IF(OFFSET(CRONOPLE!$F$14,$M31,AR$13)=\"\",10^12,OFFSET(CRONOPLE!$F$14,$M31,AR$13))))","v":1000000000000},{"$f":"IF($D31<>\"Serviço\",0,IF(AND(AUTOEVENTO=\"Manual\",$M31=1),0,IF(OFFSET(CRONOPLE!$F$14,$M31,AS$13)=\"\",10^12,OFFSET(CRONOPLE!$F$14,$M31,AS$13))))","v":1000000000000},{"$f":"IF($D31<>\"Serviço\",0,IF(AND(AUTOEVENTO=\"Manual\",$M31=1),0,IF(OFFSET(CRONOPLE!$F$14,$M31,AT$13)=\"\",10^12,OFFSET(CRONOPLE!$F$14,$M31,AT$13))))","v":1000000000000},{"$f":"IF($D31<>\"Serviço\",0,IF(AND(AUTOEVENTO=\"Manual\",$M31=1),0,IF(OFFSET(CRONOPLE!$F$14,$M31,AU$13)=\"\",10^12,OFFSET(CRONOPLE!$F$14,$M31,AU$13))))","v":1000000000000},{"$f":"IF($D31<>\"Serviço\",0,IF(AND(AUTOEVENTO=\"Manual\",$M31=1),0,IF(OFFSET(CRONOPLE!$F$14,$M31,AV$13)=\"\",10^12,OFFSET(CRONOPLE!$F$14,$M31,AV$13))))","v":1000000000000},null,{"$f":"IF($D31<>\"Serviço\",0,IF(OR(AND(AUTOEVENTO=\"Manual\",$M31=1),$M31>(ROW(PLE.lastrow)-ROW(PLE.firstrow))),0,IF(OFFSET(PLE!$G$14,$M31,AX$13)=\"\",10^12,OFFSET(PLE!$G$14,$M31,AX$13))))","v":1000000000000},{"$f":"IF($D31<>\"Serviço\",0,IF(OR(AND(AUTOEVENTO=\"Manual\",$M31=1),$M31>(ROW(PLE.lastrow)-ROW(PLE.firstrow))),0,IF(OFFSET(PLE!$G$14,$M31,AY$13)=\"\",10^12,OFFSET(PLE!$G$14,$M31,AY$13))))","v":1000000000000},{"$f":"IF($D31<>\"Serviço\",0,IF(OR(AND(AUTOEVENTO=\"Manual\",$M31=1),$M31>(ROW(PLE.lastrow)-ROW(PLE.firstrow))),0,IF(OFFSET(PLE!$G$14,$M31,AZ$13)=\"\",10^12,OFFSET(PLE!$G$14,$M31,AZ$13))))","v":1000000000000},{"$f":"IF($D31<>\"Serviço\",0,IF(OR(AND(AUTOEVENTO=\"Manual\",$M31=1),$M31>(ROW(PLE.lastrow)-ROW(PLE.firstrow))),0,IF(OFFSET(PLE!$G$14,$M31,BA$13)=\"\",10^12,OFFSET(PLE!$G$14,$M31,BA$13))))","v":1000000000000},{"$f":"IF($D31<>\"Serviço\",0,IF(OR(AND(AUTOEVENTO=\"Manual\",$M31=1),$M31>(ROW(PLE.lastrow)-ROW(PLE.firstrow))),0,IF(OFFSET(PLE!$G$14,$M31,BB$13)=\"\",10^12,OFFSET(PLE!$G$14,$M31,BB$13))))","v":1000000000000},{"$f":"IF($D31<>\"Serviço\",0,IF(OR(AND(AUTOEVENTO=\"Manual\",$M31=1),$M31>(ROW(PLE.lastrow)-ROW(PLE.firstrow))),0,IF(OFFSET(PLE!$G$14,$M31,BC$13)=\"\",10^12,OFFSET(PLE!$G$14,$M31,BC$13))))","v":1000000000000},{"$f":"IF($D31<>\"Serviço\",0,IF(OR(AND(AUTOEVENTO=\"Manual\",$M31=1),$M31>(ROW(PLE.lastrow)-ROW(PLE.firstrow))),0,IF(OFFSET(PLE!$G$14,$M31,BD$13)=\"\",10^12,OFFSET(PLE!$G$14,$M31,BD$13))))","v":1000000000000},{"$f":"IF($D31<>\"Serviço\",0,IF(OR(AND(AUTOEVENTO=\"Manual\",$M31=1),$M31>(ROW(PLE.lastrow)-ROW(PLE.firstrow))),0,IF(OFFSET(PLE!$G$14,$M31,BE$13)=\"\",10^12,OFFSET(PLE!$G$14,$M31,BE$13))))","v":1000000000000},{"$f":"IF($D31<>\"Serviço\",0,IF(OR(AND(AUTOEVENTO=\"Manual\",$M31=1),$M31>(ROW(PLE.lastrow)-ROW(PLE.firstrow))),0,IF(OFFSET(PLE!$G$14,$M31,BF$13)=\"\",10^12,OFFSET(PLE!$G$14,$M31,BF$13))))","v":1000000000000},{"$f":"IF($D31<>\"Serviço\",0,IF(OR(AND(AUTOEVENTO=\"Manual\",$M31=1),$M31>(ROW(PLE.lastrow)-ROW(PLE.firstrow))),0,IF(OFFSET(PLE!$G$14,$M31,BG$13)=\"\",10^12,OFFSET(PLE!$G$14,$M31,BG$13))))","v":1000000000000}]
["17.",{"$f":"OFFSET(ORÇAMENTO!C$15,ROW(B32)-ROW(B$15),0)","v":2},{"$f":"OFFSET(ORÇAMENTO!L$15,ROW(C32)-ROW(C$15),0)","v":"F"},{"$f":"OFFSET(ORÇAMENTO!N$15,ROW(D32)-ROW(D$15),0)","v":"Nível 2"},{"$f":"OFFSET(ORÇAMENTO!O$15,ROW(E32)-ROW(E$15),0)","v":"1.4."},{"$f":"OFFSET(ORÇAMENTO!R$15,ROW(F32)-ROW(F$15),0)","v":"FUNDAÇÕES"},{"$f":"IF($D32<>\"Serviço\",\"\",OFFSET(ORÇAMENTO!S$15,ROW(G32)-ROW(G$15),0))","v":""},{"$f":"IF($D32<>\"Serviço\",0,IF(ACOMPANHAMENTO=\"BM\",ROUND(OFFSET(ORÇAMENTO!AJ$15,ROW(H32)-ROW(H$15),0),15-13*ORÇAMENTO!$AF$7),SUMPRODUCT(($Q$12:$AA$12<>\"\")*ROUND($Q32:$AA32,15-13*ORÇAMENTO!$AF$7))))","v":0},null,null,null,".",{"$f":"IF($D32<>\"Serviço\",\"\",IF(AUTOEVENTO=\"manual\",$A32,IF(ISERROR(MATCH($A32,$A$15:OFFSET($A32,-1,0),0)),MAX($M$15:OFFSET(M32,-1,0))+1,INDEX($M$15:OFFSET(M32,-1,0),MATCH($A32,$A$15:OFFSET($A32,-1,0),0)))))","v":""},{"$f":"IF($D32<>\"Serviço\",\"\",IF(AUTOEVENTO=\"Manual\",IF($A32=0,\"<-- defina o número do agrupador\",OFFSET(EVENTOS!$D$14,$A32,0)),OFFSET($F$15,$A32,0)))","v":""},null,null,null,null,null,null,null,null,null,null,null,null,null,{"$f":"IF(AND($D32=\"Serviço\",AB$12<>0,$H32>0,OR(AUTOEVENTO<>\"manual\",$M32<>1)),\nIF(Import.TipoArredondamento<>\"TransfereGOV\",\nROUND(OFFSET($P32,0,AB$13),15-13*ORÇAMENTO!$AF$7)/$H32*OFFSET(ORÇAMENTO!$X$15,ROW(AB32)-ROW(AB$15),0),\nROUND(ROUND(OFFSET($P32,0,AB$13),15-13*ORÇAMENTO!$AF$7)*OFFSET(ORÇAMENTO!$W$15,ROW(AB32)-ROW(AB$15),0),15-13*ORÇAMENTO!$AF$11)),0)","v":0},{"$f":"IF(AND($D32=\"Serviço\",AC$12<>0,$H32>0,OR(AUTOEVENTO<>\"manual\",$M32<>1)),\nIF(Import.TipoArredondamento<>\"TransfereGOV\",\nROUND(OFFSET($P32,0,AC$13),15-13*ORÇAMENTO!$AF$7)/$H32*OFFSET(ORÇAMENTO!$X$15,ROW(AC32)-ROW(AC$15),0),\nROUND(ROUND(OFFSET($P32,0,AC$13),15-13*ORÇAMENTO!$AF$7)*OFFSET(ORÇAMENTO!$W$15,ROW(AC32)-ROW(AC$15),0),15-13*ORÇAMENTO!$AF$11)),0)","v":0},{"$f":"IF(AND($D32=\"Serviço\",AD$12<>0,$H32>0,OR(AUTOEVENTO<>\"manual\",$M32<>1)),\nIF(Import.TipoArredondamento<>\"TransfereGOV\",\nROUND(OFFSET($P32,0,AD$13),15-13*ORÇAMENTO!$AF$7)/$H32*OFFSET(ORÇAMENTO!$X$15,ROW(AD32)-ROW(AD$15),0),\nROUND(ROUND(OFFSET($P32,0,AD$13),15-13*ORÇAMENTO!$AF$7)*OFFSET(ORÇAMENTO!$W$15,ROW(AD32)-ROW(AD$15),0),15-13*ORÇAMENTO!$AF$11)),0)","v":0},{"$f":"IF(AND($D32=\"Serviço\",AE$12<>0,$H32>0,OR(AUTOEVENTO<>\"manual\",$M32<>1)),\nIF(Import.TipoArredondamento<>\"TransfereGOV\",\nROUND(OFFSET($P32,0,AE$13),15-13*ORÇAMENTO!$AF$7)/$H32*OFFSET(ORÇAMENTO!$X$15,ROW(AE32)-ROW(AE$15),0),\nROUND(ROUND(OFFSET($P32,0,AE$13),15-13*ORÇAMENTO!$AF$7)*OFFSET(ORÇAMENTO!$W$15,ROW(AE32)-ROW(AE$15),0),15-13*ORÇAMENTO!$AF$11)),0)","v":0},{"$f":"IF(AND($D32=\"Serviço\",AF$12<>0,$H32>0,OR(AUTOEVENTO<>\"manual\",$M32<>1)),\nIF(Import.TipoArredondamento<>\"TransfereGOV\",\nROUND(OFFSET($P32,0,AF$13),15-13*ORÇAMENTO!$AF$7)/$H32*OFFSET(ORÇAMENTO!$X$15,ROW(AF32)-ROW(AF$15),0),\nROUND(ROUND(OFFSET($P32,0,AF$13),15-13*ORÇAMENTO!$AF$7)*OFFSET(ORÇAMENTO!$W$15,ROW(AF32)-ROW(AF$15),0),15-13*ORÇAMENTO!$AF$11)),0)","v":0},{"$f":"IF(AND($D32=\"Serviço\",AG$12<>0,$H32>0,OR(AUTOEVENTO<>\"manual\",$M32<>1)),\nIF(Import.TipoArredondamento<>\"TransfereGOV\",\nROUND(OFFSET($P32,0,AG$13),15-13*ORÇAMENTO!$AF$7)/$H32*OFFSET(ORÇAMENTO!$X$15,ROW(AG32)-ROW(AG$15),0),\nROUND(ROUND(OFFSET($P32,0,AG$13),15-13*ORÇAMENTO!$AF$7)*OFFSET(ORÇAMENTO!$W$15,ROW(AG32)-ROW(AG$15),0),15-13*ORÇAMENTO!$AF$11)),0)","v":0},{"$f":"IF(AND($D32=\"Serviço\",AH$12<>0,$H32>0,OR(AUTOEVENTO<>\"manual\",$M32<>1)),\nIF(Import.TipoArredondamento<>\"TransfereGOV\",\nROUND(OFFSET($P32,0,AH$13),15-13*ORÇAMENTO!$AF$7)/$H32*OFFSET(ORÇAMENTO!$X$15,ROW(AH32)-ROW(AH$15),0),\nROUND(ROUND(OFFSET($P32,0,AH$13),15-13*ORÇAMENTO!$AF$7)*OFFSET(ORÇAMENTO!$W$15,ROW(AH32)-ROW(AH$15),0),15-13*ORÇAMENTO!$AF$11)),0)","v":0},{"$f":"IF(AND($D32=\"Serviço\",AI$12<>0,$H32>0,OR(AUTOEVENTO<>\"manual\",$M32<>1)),\nIF(Import.TipoArredondamento<>\"TransfereGOV\",\nROUND(OFFSET($P32,0,AI$13),15-13*ORÇAMENTO!$AF$7)/$H32*OFFSET(ORÇAMENTO!$X$15,ROW(AI32)-ROW(AI$15),0),\nROUND(ROUND(OFFSET($P32,0,AI$13),15-13*ORÇAMENTO!$AF$7)*OFFSET(ORÇAMENTO!$W$15,ROW(AI32)-ROW(AI$15),0),15-13*ORÇAMENTO!$AF$11)),0)","v":0},{"$f":"IF(AND($D32=\"Serviço\",AJ$12<>0,$H32>0,OR(AUTOEVENTO<>\"manual\",$M32<>1)),\nIF(Import.TipoArredondamento<>\"TransfereGOV\",\nROUND(OFFSET($P32,0,AJ$13),15-13*ORÇAMENTO!$AF$7)/$H32*OFFSET(ORÇAMENTO!$X$15,ROW(AJ32)-ROW(AJ$15),0),\nROUND(ROUND(OFFSET($P32,0,AJ$13),15-13*ORÇAMENTO!$AF$7)*OFFSET(ORÇAMENTO!$W$15,ROW(AJ32)-ROW(AJ$15),0),15-13*ORÇAMENTO!$AF$11)),0)","v":0},{"$f":"IF(AND($D32=\"Serviço\",AK$12<>0,$H32>0,OR(AUTOEVENTO<>\"manual\",$M32<>1)),\nIF(Import.TipoArredondamento<>\"TransfereGOV\",\nROUND(OFFSET($P32,0,AK$13),15-13*ORÇAMENTO!$AF$7)/$H32*OFFSET(ORÇAMENTO!$X$15,ROW(AK32)-ROW(AK$15),0),\nROUND(ROUND(OFFSET($P32,0,AK$13),15-13*ORÇAMENTO!$AF$7)*OFFSET(ORÇAMENTO!$W$15,ROW(AK32)-ROW(AK$15),0),15-13*ORÇAMENTO!$AF$11)),0)","v":0},null,{"$f":"IF($D32<>\"Serviço\",0,IF(AND(AUTOEVENTO=\"Manual\",$M32=1),0,IF(OFFSET(CRONOPLE!$F$14,$M32,AM$13)=\"\",10^12,OFFSET(CRONOPLE!$F$14,$M32,AM$13))))","v":0},{"$f":"IF($D32<>\"Serviço\",0,IF(AND(AUTOEVENTO=\"Manual\",$M32=1),0,IF(OFFSET(CRONOPLE!$F$14,$M32,AN$13)=\"\",10^12,OFFSET(CRONOPLE!$F$14,$M32,AN$13))))","v":0},{"$f":"IF($D32<>\"Serviço\",0,IF(AND(AUTOEVENTO=\"Manual\",$M32=1),0,IF(OFFSET(CRONOPLE!$F$14,$M32,AO$13)=\"\",10^12,OFFSET(CRONOPLE!$F$14,$M32,AO$13))))","v":0},{"$f":"IF($D32<>\"Serviço\",0,IF(AND(AUTOEVENTO=\"Manual\",$M32=1),0,IF(OFFSET(CRONOPLE!$F$14,$M32,AP$13)=\"\",10^12,OFFSET(CRONOPLE!$F$14,$M32,AP$13))))","v":0},{"$f":"IF($D32<>\"Serviço\",0,IF(AND(AUTOEVENTO=\"Manual\",$M32=1),0,IF(OFFSET(CRONOPLE!$F$14,$M32,AQ$13)=\"\",10^12,OFFSET(CRONOPLE!$F$14,$M32,AQ$13))))","v":0},{"$f":"IF($D32<>\"Serviço\",0,IF(AND(AUTOEVENTO=\"Manual\",$M32=1),0,IF(OFFSET(CRONOPLE!$F$14,$M32,AR$13)=\"\",10^12,OFFSET(CRONOPLE!$F$14,$M32,AR$13))))","v":0},{"$f":"IF($D32<>\"Serviço\",0,IF(AND(AUTOEVENTO=\"Manual\",$M32=1),0,IF(OFFSET(CRONOPLE!$F$14,$M32,AS$13)=\"\",10^12,OFFSET(CRONOPLE!$F$14,$M32,AS$13))))","v":0},{"$f":"IF($D32<>\"Serviço\",0,IF(AND(AUTOEVENTO=\"Manual\",$M32=1),0,IF(OFFSET(CRONOPLE!$F$14,$M32,AT$13)=\"\",10^12,OFFSET(CRONOPLE!$F$14,$M32,AT$13))))","v":0},{"$f":"IF($D32<>\"Serviço\",0,IF(AND(AUTOEVENTO=\"Manual\",$M32=1),0,IF(OFFSET(CRONOPLE!$F$14,$M32,AU$13)=\"\",10^12,OFFSET(CRONOPLE!$F$14,$M32,AU$13))))","v":0},{"$f":"IF($D32<>\"Serviço\",0,IF(AND(AUTOEVENTO=\"Manual\",$M32=1),0,IF(OFFSET(CRONOPLE!$F$14,$M32,AV$13)=\"\",10^12,OFFSET(CRONOPLE!$F$14,$M32,AV$13))))","v":0},null,{"$f":"IF($D32<>\"Serviço\",0,IF(OR(AND(AUTOEVENTO=\"Manual\",$M32=1),$M32>(ROW(PLE.lastrow)-ROW(PLE.firstrow))),0,IF(OFFSET(PLE!$G$14,$M32,AX$13)=\"\",10^12,OFFSET(PLE!$G$14,$M32,AX$13))))","v":0},{"$f":"IF($D32<>\"Serviço\",0,IF(OR(AND(AUTOEVENTO=\"Manual\",$M32=1),$M32>(ROW(PLE.lastrow)-ROW(PLE.firstrow))),0,IF(OFFSET(PLE!$G$14,$M32,AY$13)=\"\",10^12,OFFSET(PLE!$G$14,$M32,AY$13))))","v":0},{"$f":"IF($D32<>\"Serviço\",0,IF(OR(AND(AUTOEVENTO=\"Manual\",$M32=1),$M32>(ROW(PLE.lastrow)-ROW(PLE.firstrow))),0,IF(OFFSET(PLE!$G$14,$M32,AZ$13)=\"\",10^12,OFFSET(PLE!$G$14,$M32,AZ$13))))","v":0},{"$f":"IF($D32<>\"Serviço\",0,IF(OR(AND(AUTOEVENTO=\"Manual\",$M32=1),$M32>(ROW(PLE.lastrow)-ROW(PLE.firstrow))),0,IF(OFFSET(PLE!$G$14,$M32,BA$13)=\"\",10^12,OFFSET(PLE!$G$14,$M32,BA$13))))","v":0},{"$f":"IF($D32<>\"Serviço\",0,IF(OR(AND(AUTOEVENTO=\"Manual\",$M32=1),$M32>(ROW(PLE.lastrow)-ROW(PLE.firstrow))),0,IF(OFFSET(PLE!$G$14,$M32,BB$13)=\"\",10^12,OFFSET(PLE!$G$14,$M32,BB$13))))","v":0},{"$f":"IF($D32<>\"Serviço\",0,IF(OR(AND(AUTOEVENTO=\"Manual\",$M32=1),$M32>(ROW(PLE.lastrow)-ROW(PLE.firstrow))),0,IF(OFFSET(PLE!$G$14,$M32,BC$13)=\"\",10^12,OFFSET(PLE!$G$14,$M32,BC$13))))","v":0},{"$f":"IF($D32<>\"Serviço\",0,IF(OR(AND(AUTOEVENTO=\"Manual\",$M32=1),$M32>(ROW(PLE.lastrow)-ROW(PLE.firstrow))),0,IF(OFFSET(PLE!$G$14,$M32,BD$13)=\"\",10^12,OFFSET(PLE!$G$14,$M32,BD$13))))","v":0},{"$f":"IF($D32<>\"Serviço\",0,IF(OR(AND(AUTOEVENTO=\"Manual\",$M32=1),$M32>(ROW(PLE.lastrow)-ROW(PLE.firstrow))),0,IF(OFFSET(PLE!$G$14,$M32,BE$13)=\"\",10^12,OFFSET(PLE!$G$14,$M32,BE$13))))","v":0},{"$f":"IF($D32<>\"Serviço\",0,IF(OR(AND(AUTOEVENTO=\"Manual\",$M32=1),$M32>(ROW(PLE.lastrow)-ROW(PLE.firstrow))),0,IF(OFFSET(PLE!$G$14,$M32,BF$13)=\"\",10^12,OFFSET(PLE!$G$14,$M32,BF$13))))","v":0},{"$f":"IF($D32<>\"Serviço\",0,IF(OR(AND(AUTOEVENTO=\"Manual\",$M32=1),$M32>(ROW(PLE.lastrow)-ROW(PLE.firstrow))),0,IF(OFFSET(PLE!$G$14,$M32,BG$13)=\"\",10^12,OFFSET(PLE!$G$14,$M32,BG$13))))","v":0}]
[{"$f":"IF(AUTOEVENTO=\"Manual\",IF(K33<>\"\",MIN(VALUE(LEFT(K33,FIND(\".\",K33)-1)),COUNTA(EVENTOS.Lista)),0),IF(OR($B33>AUTOEVENTO,$B33=\"S\",$B33=0),SUBSTITUTE(OFFSET($A33,-1,0),IF($D33=\"Serviço\",\".\",\"\"),\"\"),ROW(A33)-ROW($A$15)&\".\"))","v":"17"},{"$f":"OFFSET(ORÇAMENTO!C$15,ROW(B33)-ROW(B$15),0)","v":"S"},{"$f":"OFFSET(ORÇAMENTO!L$15,ROW(C33)-ROW(C$15),0)","v":"F"},{"$f":"OFFSET(ORÇAMENTO!N$15,ROW(D33)-ROW(D$15),0)","v":"Serviço"},{"$f":"OFFSET(ORÇAMENTO!O$15,ROW(E33)-ROW(E$15),0)","v":"1.4.0.1."},{"$f":"OFFSET(ORÇAMENTO!R$15,ROW(F33)-ROW(F$15),0)","v":"SAPATA ISOLADA 120X100X35CM, ARMAÇÃO DIAMETRO 8MM, CONCRETO USINADO FCK 30MPA"},{"$f":"IF($D33<>\"Serviço\",\"\",OFFSET(ORÇAMENTO!S$15,ROW(G33)-ROW(G$15),0))","v":"UNIDADE"},{"$f":"IF($D33<>\"Serviço\",0,IF(ACOMPANHAMENTO=\"BM\",ROUND(OFFSET(ORÇAMENTO!AJ$15,ROW(H33)-ROW(H$15),0),15-13*ORÇAMENTO!$AF$7),SUMPRODUCT(($Q$12:$AA$12<>\"\")*ROUND($Q33:$AA33,15-13*ORÇAMENTO!$AF$7))))","v":31},null,null,null,".",{"$f":"IF($D33<>\"Serviço\",\"\",IF(AUTOEVENTO=\"manual\",$A33,IF(ISERROR(MATCH($A33,$A$15:OFFSET($A33,-1,0),0)),MAX($M$15:OFFSET(M33,-1,0))+1,INDEX($M$15:OFFSET(M33,-1,0),MATCH($A33,$A$15:OFFSET($A33,-1,0),0)))))","v":5},{"$f":"IF($D33<>\"Serviço\",\"\",IF(AUTOEVENTO=\"Manual\",IF($A33=0,\"<-- defina o número do agrupador\",OFFSET(EVENTOS!$D$14,$A33,0)),OFFSET($F$15,$A33,0)))","v":"FUNDAÇÕES"},null,null,31,null,null,null,null,null,null,null,null,null,null,{"$f":"IF(AND($D33=\"Serviço\",AB$12<>0,$H33>0,OR(AUTOEVENTO<>\"manual\",$M33<>1)),\nIF(Import.TipoArredondamento<>\"TransfereGOV\",\nROUND(OFFSET($P33,0,AB$13),15-13*ORÇAMENTO!$AF$7)/$H33*OFFSET(ORÇAMENTO!$X$15,ROW(AB33)-ROW(AB$15),0),\nROUND(ROUND(OFFSET($P33,0,AB$13),15-13*ORÇAMENTO!$AF$7)*OFFSET(ORÇAMENTO!$W$15,ROW(AB33)-ROW(AB$15),0),15-13*ORÇAMENTO!$AF$11)),0)","v":28535.81},{"$f":"IF(AND($D33=\"Serviço\",AC$12<>0,$H33>0,OR(AUTOEVENTO<>\"manual\",$M33<>1)),\nIF(Import.TipoArredondamento<>\"TransfereGOV\",\nROUND(OFFSET($P33,0,AC$13),15-13*ORÇAMENTO!$AF$7)/$H33*OFFSET(ORÇAMENTO!$X$15,ROW(AC33)-ROW(AC$15),0),\nROUND(ROUND(OFFSET($P33,0,AC$13),15-13*ORÇAMENTO!$AF$7)*OFFSET(ORÇAMENTO!$W$15,ROW(AC33)-ROW(AC$15),0),15-13*ORÇAMENTO!$AF$11)),0)","v":0},{"$f":"IF(AND($D33=\"Serviço\",AD$12<>0,$H33>0,OR(AUTOEVENTO<>\"manual\",$M33<>1)),\nIF(Import.TipoArredondamento<>\"TransfereGOV\",\nROUND(OFFSET($P33,0,AD$13),15-13*ORÇAMENTO!$AF$7)/$H33*OFFSET(ORÇAMENTO!$X$15,ROW(AD33)-ROW(AD$15),0),\nROUND(ROUND(OFFSET($P33,0,AD$13),15-13*ORÇAMENTO!$AF$7)*OFFSET(ORÇAMENTO!$W$15,ROW(AD33)-ROW(AD$15),0),15-13*ORÇAMENTO!$AF$11)),0)","v":0},{"$f":"IF(AND($D33=\"Serviço\",AE$12<>0,$H33>0,OR(AUTOEVENTO<>\"manual\",$M33<>1)),\nIF(Import.TipoArredondamento<>\"TransfereGOV\",\nROUND(OFFSET($P33,0,AE$13),15-13*ORÇAMENTO!$AF$7)/$H33*OFFSET(ORÇAMENTO!$X$15,ROW(AE33)-ROW(AE$15),0),\nROUND(ROUND(OFFSET($P33,0,AE$13),15-13*ORÇAMENTO!$AF$7)*OFFSET(ORÇAMENTO!$W$15,ROW(AE33)-ROW(AE$15),0),15-13*ORÇAMENTO!$AF$11)),0)","v":0},{"$f":"IF(AND($D33=\"Serviço\",AF$12<>0,$H33>0,OR(AUTOEVENTO<>\"manual\",$M33<>1)),\nIF(Import.TipoArredondamento<>\"TransfereGOV\",\nROUND(OFFSET($P33,0,AF$13),15-13*ORÇAMENTO!$AF$7)/$H33*OFFSET(ORÇAMENTO!$X$15,ROW(AF33)-ROW(AF$15),0),\nROUND(ROUND(OFFSET($P33,0,AF$13),15-13*ORÇAMENTO!$AF$7)*OFFSET(ORÇAMENTO!$W$15,ROW(AF33)-ROW(AF$15),0),15-13*ORÇAMENTO!$AF$11)),0)","v":0},{"$f":"IF(AND($D33=\"Serviço\",AG$12<>0,$H33>0,OR(AUTOEVENTO<>\"manual\",$M33<>1)),\nIF(Import.TipoArredondamento<>\"TransfereGOV\",\nROUND(OFFSET($P33,0,AG$13),15-13*ORÇAMENTO!$AF$7)/$H33*OFFSET(ORÇAMENTO!$X$15,ROW(AG33)-ROW(AG$15),0),\nROUND(ROUND(OFFSET($P33,0,AG$13),15-13*ORÇAMENTO!$AF$7)*OFFSET(ORÇAMENTO!$W$15,ROW(AG33)-ROW(AG$15),0),15-13*ORÇAMENTO!$AF$11)),0)","v":0},{"$f":"IF(AND($D33=\"Serviço\",AH$12<>0,$H33>0,OR(AUTOEVENTO<>\"manual\",$M33<>1)),\nIF(Import.TipoArredondamento<>\"TransfereGOV\",\nROUND(OFFSET($P33,0,AH$13),15-13*ORÇAMENTO!$AF$7)/$H33*OFFSET(ORÇAMENTO!$X$15,ROW(AH33)-ROW(AH$15),0),\nROUND(ROUND(OFFSET($P33,0,AH$13),15-13*ORÇAMENTO!$AF$7)*OFFSET(ORÇAMENTO!$W$15,ROW(AH33)-ROW(AH$15),0),15-13*ORÇAMENTO!$AF$11)),0)","v":0},{"$f":"IF(AND($D33=\"Serviço\",AI$12<>0,$H33>0,OR(AUTOEVENTO<>\"manual\",$M33<>1)),\nIF(Import.TipoArredondamento<>\"TransfereGOV\",\nROUND(OFFSET($P33,0,AI$13),15-13*ORÇAMENTO!$AF$7)/$H33*OFFSET(ORÇAMENTO!$X$15,ROW(AI33)-ROW(AI$15),0),\nROUND(ROUND(OFFSET($P33,0,AI$13),15-13*ORÇAMENTO!$AF$7)*OFFSET(ORÇAMENTO!$W$15,ROW(AI33)-ROW(AI$15),0),15-13*ORÇAMENTO!$AF$11)),0)","v":0},{"$f":"IF(AND($D33=\"Serviço\",AJ$12<>0,$H33>0,OR(AUTOEVENTO<>\"manual\",$M33<>1)),\nIF(Import.TipoArredondamento<>\"TransfereGOV\",\nROUND(OFFSET($P33,0,AJ$13),15-13*ORÇAMENTO!$AF$7)/$H33*OFFSET(ORÇAMENTO!$X$15,ROW(AJ33)-ROW(AJ$15),0),\nROUND(ROUND(OFFSET($P33,0,AJ$13),15-13*ORÇAMENTO!$AF$7)*OFFSET(ORÇAMENTO!$W$15,ROW(AJ33)-ROW(AJ$15),0),15-13*ORÇAMENTO!$AF$11)),0)","v":0},{"$f":"IF(AND($D33=\"Serviço\",AK$12<>0,$H33>0,OR(AUTOEVENTO<>\"manual\",$M33<>1)),\nIF(Import.TipoArredondamento<>\"TransfereGOV\",\nROUND(OFFSET($P33,0,AK$13),15-13*ORÇAMENTO!$AF$7)/$H33*OFFSET(ORÇAMENTO!$X$15,ROW(AK33)-ROW(AK$15),0),\nROUND(ROUND(OFFSET($P33,0,AK$13),15-13*ORÇAMENTO!$AF$7)*OFFSET(ORÇAMENTO!$W$15,ROW(AK33)-ROW(AK$15),0),15-13*ORÇAMENTO!$AF$11)),0)","v":0},null,{"$f":"IF($D33<>\"Serviço\",0,IF(AND(AUTOEVENTO=\"Manual\",$M33=1),0,IF(OFFSET(CRONOPLE!$F$14,$M33,AM$13)=\"\",10^12,OFFSET(CRONOPLE!$F$14,$M33,AM$13))))","v":1000000000000},{"$f":"IF($D33<>\"Serviço\",0,IF(AND(AUTOEVENTO=\"Manual\",$M33=1),0,IF(OFFSET(CRONOPLE!$F$14,$M33,AN$13)=\"\",10^12,OFFSET(CRONOPLE!$F$14,$M33,AN$13))))","v":1000000000000},{"$f":"IF($D33<>\"Serviço\",0,IF(AND(AUTOEVENTO=\"Manual\",$M33=1),0,IF(OFFSET(CRONOPLE!$F$14,$M33,AO$13)=\"\",10^12,OFFSET(CRONOPLE!$F$14,$M33,AO$13))))","v":1000000000000},{"$f":"IF($D33<>\"Serviço\",0,IF(AND(AUTOEVENTO=\"Manual\",$M33=1),0,IF(OFFSET(CRONOPLE!$F$14,$M33,AP$13)=\"\",10^12,OFFSET(CRONOPLE!$F$14,$M33,AP$13))))","v":1000000000000},{"$f":"IF($D33<>\"Serviço\",0,IF(AND(AUTOEVENTO=\"Manual\",$M33=1),0,IF(OFFSET(CRONOPLE!$F$14,$M33,AQ$13)=\"\",10^12,OFFSET(CRONOPLE!$F$14,$M33,AQ$13))))","v":1000000000000},{"$f":"IF($D33<>\"Serviço\",0,IF(AND(AUTOEVENTO=\"Manual\",$M33=1),0,IF(OFFSET(CRONOPLE!$F$14,$M33,AR$13)=\"\",10^12,OFFSET(CRONOPLE!$F$14,$M33,AR$13))))","v":1000000000000},{"$f":"IF($D33<>\"Serviço\",0,IF(AND(AUTOEVENTO=\"Manual\",$M33=1),0,IF(OFFSET(CRONOPLE!$F$14,$M33,AS$13)=\"\",10^12,OFFSET(CRONOPLE!$F$14,$M33,AS$13))))","v":1000000000000},{"$f":"IF($D33<>\"Serviço\",0,IF(AND(AUTOEVENTO=\"Manual\",$M33=1),0,IF(OFFSET(CRONOPLE!$F$14,$M33,AT$13)=\"\",10^12,OFFSET(CRONOPLE!$F$14,$M33,AT$13))))","v":1000000000000},{"$f":"IF($D33<>\"Serviço\",0,IF(AND(AUTOEVENTO=\"Manual\",$M33=1),0,IF(OFFSET(CRONOPLE!$F$14,$M33,AU$13)=\"\",10^12,OFFSET(CRONOPLE!$F$14,$M33,AU$13))))","v":1000000000000},{"$f":"IF($D33<>\"Serviço\",0,IF(AND(AUTOEVENTO=\"Manual\",$M33=1),0,IF(OFFSET(CRONOPLE!$F$14,$M33,AV$13)=\"\",10^12,OFFSET(CRONOPLE!$F$14,$M33,AV$13))))","v":1000000000000},null,{"$f":"IF($D33<>\"Serviço\",0,IF(OR(AND(AUTOEVENTO=\"Manual\",$M33=1),$M33>(ROW(PLE.lastrow)-ROW(PLE.firstrow))),0,IF(OFFSET(PLE!$G$14,$M33,AX$13)=\"\",10^12,OFFSET(PLE!$G$14,$M33,AX$13))))","v":1000000000000},{"$f":"IF($D33<>\"Serviço\",0,IF(OR(AND(AUTOEVENTO=\"Manual\",$M33=1),$M33>(ROW(PLE.lastrow)-ROW(PLE.firstrow))),0,IF(OFFSET(PLE!$G$14,$M33,AY$13)=\"\",10^12,OFFSET(PLE!$G$14,$M33,AY$13))))","v":1000000000000},{"$f":"IF($D33<>\"Serviço\",0,IF(OR(AND(AUTOEVENTO=\"Manual\",$M33=1),$M33>(ROW(PLE.lastrow)-ROW(PLE.firstrow))),0,IF(OFFSET(PLE!$G$14,$M33,AZ$13)=\"\",10^12,OFFSET(PLE!$G$14,$M33,AZ$13))))","v":1000000000000},{"$f":"IF($D33<>\"Serviço\",0,IF(OR(AND(AUTOEVENTO=\"Manual\",$M33=1),$M33>(ROW(PLE.lastrow)-ROW(PLE.firstrow))),0,IF(OFFSET(PLE!$G$14,$M33,BA$13)=\"\",10^12,OFFSET(PLE!$G$14,$M33,BA$13))))","v":1000000000000},{"$f":"IF($D33<>\"Serviço\",0,IF(OR(AND(AUTOEVENTO=\"Manual\",$M33=1),$M33>(ROW(PLE.lastrow)-ROW(PLE.firstrow))),0,IF(OFFSET(PLE!$G$14,$M33,BB$13)=\"\",10^12,OFFSET(PLE!$G$14,$M33,BB$13))))","v":1000000000000},{"$f":"IF($D33<>\"Serviço\",0,IF(OR(AND(AUTOEVENTO=\"Manual\",$M33=1),$M33>(ROW(PLE.lastrow)-ROW(PLE.firstrow))),0,IF(OFFSET(PLE!$G$14,$M33,BC$13)=\"\",10^12,OFFSET(PLE!$G$14,$M33,BC$13))))","v":1000000000000},{"$f":"IF($D33<>\"Serviço\",0,IF(OR(AND(AUTOEVENTO=\"Manual\",$M33=1),$M33>(ROW(PLE.lastrow)-ROW(PLE.firstrow))),0,IF(OFFSET(PLE!$G$14,$M33,BD$13)=\"\",10^12,OFFSET(PLE!$G$14,$M33,BD$13))))","v":1000000000000},{"$f":"IF($D33<>\"Serviço\",0,IF(OR(AND(AUTOEVENTO=\"Manual\",$M33=1),$M33>(ROW(PLE.lastrow)-ROW(PLE.firstrow))),0,IF(OFFSET(PLE!$G$14,$M33,BE$13)=\"\",10^12,OFFSET(PLE!$G$14,$M33,BE$13))))","v":1000000000000},{"$f":"IF($D33<>\"Serviço\",0,IF(OR(AND(AUTOEVENTO=\"Manual\",$M33=1),$M33>(ROW(PLE.lastrow)-ROW(PLE.firstrow))),0,IF(OFFSET(PLE!$G$14,$M33,BF$13)=\"\",10^12,OFFSET(PLE!$G$14,$M33,BF$13))))","v":1000000000000},{"$f":"IF($D33<>\"Serviço\",0,IF(OR(AND(AUTOEVENTO=\"Manual\",$M33=1),$M33>(ROW(PLE.lastrow)-ROW(PLE.firstrow))),0,IF(OFFSET(PLE!$G$14,$M33,BG$13)=\"\",10^12,OFFSET(PLE!$G$14,$M33,BG$13))))","v":1000000000000}]
["17",{"$f":"OFFSET(ORÇAMENTO!C$15,ROW(B34)-ROW(B$15),0)","v":"S"},{"$f":"OFFSET(ORÇAMENTO!L$15,ROW(C34)-ROW(C$15),0)","v":"F"},{"$f":"OFFSET(ORÇAMENTO!N$15,ROW(D34)-ROW(D$15),0)","v":"Serviço"},{"$f":"OFFSET(ORÇAMENTO!O$15,ROW(E34)-ROW(E$15),0)","v":"1.4.0.2."},{"$f":"OFFSET(ORÇAMENTO!R$15,ROW(F34)-ROW(F$15),0)","v":"SAPATA ISOLADA 50X50X35CM, ARMAÇÃO DIAMETRO 8MM, CONCRETO USINADO FCK 30MPA"},{"$f":"IF($D34<>\"Serviço\",\"\",OFFSET(ORÇAMENTO!S$15,ROW(G34)-ROW(G$15),0))","v":"UNIDADE"},{"$f":"IF($D34<>\"Serviço\",0,IF(ACOMPANHAMENTO=\"BM\",ROUND(OFFSET(ORÇAMENTO!AJ$15,ROW(H34)-ROW(H$15),0),15-13*ORÇAMENTO!$AF$7),SUMPRODUCT(($Q$12:$AA$12<>\"\")*ROUND($Q34:$AA34,15-13*ORÇAMENTO!$AF$7))))","v":11},null,null,null,".",{"$f":"IF($D34<>\"Serviço\",\"\",IF(AUTOEVENTO=\"manual\",$A34,IF(ISERROR(MATCH($A34,$A$15:OFFSET($A34,-1,0),0)),MAX($M$15:OFFSET(M34,-1,0))+1,INDEX($M$15:OFFSET(M34,-1,0),MATCH($A34,$A$15:OFFSET($A34,-1,0),0)))))","v":5},{"$f":"IF($D34<>\"Serviço\",\"\",IF(AUTOEVENTO=\"Manual\",IF($A34=0,\"<-- defina o número do agrupador\",OFFSET(EVENTOS!$D$14,$A34,0)),OFFSET($F$15,$A34,0)))","v":"FUNDAÇÕES"},null,null,11,null,null,null,null,null,null,null,null,null,null,{"$f":"IF(AND($D34=\"Serviço\",AB$12<>0,$H34>0,OR(AUTOEVENTO<>\"manual\",$M34<>1)),\nIF(Import.TipoArredondamento<>\"TransfereGOV\",\nROUND(OFFSET($P34,0,AB$13),15-13*ORÇAMENTO!$AF$7)/$H34*OFFSET(ORÇAMENTO!$X$15,ROW(AB34)-ROW(AB$15),0),\nROUND(ROUND(OFFSET($P34,0,AB$13),15-13*ORÇAMENTO!$AF$7)*OFFSET(ORÇAMENTO!$W$15,ROW(AB34)-ROW(AB$15),0),15-13*ORÇAMENTO!$AF$11)),0)","v":3175.7},{"$f":"IF(AND($D34=\"Serviço\",AC$12<>0,$H34>0,OR(AUTOEVENTO<>\"manual\",$M34<>1)),\nIF(Import.TipoArredondamento<>\"TransfereGOV\",\nROUND(OFFSET($P34,0,AC$13),15-13*ORÇAMENTO!$AF$7)/$H34*OFFSET(ORÇAMENTO!$X$15,ROW(AC34)-ROW(AC$15),0),\nROUND(ROUND(OFFSET($P34,0,AC$13),15-13*ORÇAMENTO!$AF$7)*OFFSET(ORÇAMENTO!$W$15,ROW(AC34)-ROW(AC$15),0),15-13*ORÇAMENTO!$AF$11)),0)","v":0},{"$f":"IF(AND($D34=\"Serviço\",AD$12<>0,$H34>0,OR(AUTOEVENTO<>\"manual\",$M34<>1)),\nIF(Import.TipoArredondamento<>\"TransfereGOV\",\nROUND(OFFSET($P34,0,AD$13),15-13*ORÇAMENTO!$AF$7)/$H34*OFFSET(ORÇAMENTO!$X$15,ROW(AD34)-ROW(AD$15),0),\nROUND(ROUND(OFFSET($P34,0,AD$13),15-13*ORÇAMENTO!$AF$7)*OFFSET(ORÇAMENTO!$W$15,ROW(AD34)-ROW(AD$15),0),15-13*ORÇAMENTO!$AF$11)),0)","v":0},{"$f":"IF(AND($D34=\"Serviço\",AE$12<>0,$H34>0,OR(AUTOEVENTO<>\"manual\",$M34<>1)),\nIF(Import.TipoArredondamento<>\"TransfereGOV\",\nROUND(OFFSET($P34,0,AE$13),15-13*ORÇAMENTO!$AF$7)/$H34*OFFSET(ORÇAMENTO!$X$15,ROW(AE34)-ROW(AE$15),0),\nROUND(ROUND(OFFSET($P34,0,AE$13),15-13*ORÇAMENTO!$AF$7)*OFFSET(ORÇAMENTO!$W$15,ROW(AE34)-ROW(AE$15),0),15-13*ORÇAMENTO!$AF$11)),0)","v":0},{"$f":"IF(AND($D34=\"Serviço\",AF$12<>0,$H34>0,OR(AUTOEVENTO<>\"manual\",$M34<>1)),\nIF(Import.TipoArredondamento<>\"TransfereGOV\",\nROUND(OFFSET($P34,0,AF$13),15-13*ORÇAMENTO!$AF$7)/$H34*OFFSET(ORÇAMENTO!$X$15,ROW(AF34)-ROW(AF$15),0),\nROUND(ROUND(OFFSET($P34,0,AF$13),15-13*ORÇAMENTO!$AF$7)*OFFSET(ORÇAMENTO!$W$15,ROW(AF34)-ROW(AF$15),0),15-13*ORÇAMENTO!$AF$11)),0)","v":0},{"$f":"IF(AND($D34=\"Serviço\",AG$12<>0,$H34>0,OR(AUTOEVENTO<>\"manual\",$M34<>1)),\nIF(Import.TipoArredondamento<>\"TransfereGOV\",\nROUND(OFFSET($P34,0,AG$13),15-13*ORÇAMENTO!$AF$7)/$H34*OFFSET(ORÇAMENTO!$X$15,ROW(AG34)-ROW(AG$15),0),\nROUND(ROUND(OFFSET($P34,0,AG$13),15-13*ORÇAMENTO!$AF$7)*OFFSET(ORÇAMENTO!$W$15,ROW(AG34)-ROW(AG$15),0),15-13*ORÇAMENTO!$AF$11)),0)","v":0},{"$f":"IF(AND($D34=\"Serviço\",AH$12<>0,$H34>0,OR(AUTOEVENTO<>\"manual\",$M34<>1)),\nIF(Import.TipoArredondamento<>\"TransfereGOV\",\nROUND(OFFSET($P34,0,AH$13),15-13*ORÇAMENTO!$AF$7)/$H34*OFFSET(ORÇAMENTO!$X$15,ROW(AH34)-ROW(AH$15),0),\nROUND(ROUND(OFFSET($P34,0,AH$13),15-13*ORÇAMENTO!$AF$7)*OFFSET(ORÇAMENTO!$W$15,ROW(AH34)-ROW(AH$15),0),15-13*ORÇAMENTO!$AF$11)),0)","v":0},{"$f":"IF(AND($D34=\"Serviço\",AI$12<>0,$H34>0,OR(AUTOEVENTO<>\"manual\",$M34<>1)),\nIF(Import.TipoArredondamento<>\"TransfereGOV\",\nROUND(OFFSET($P34,0,AI$13),15-13*ORÇAMENTO!$AF$7)/$H34*OFFSET(ORÇAMENTO!$X$15,ROW(AI34)-ROW(AI$15),0),\nROUND(ROUND(OFFSET($P34,0,AI$13),15-13*ORÇAMENTO!$AF$7)*OFFSET(ORÇAMENTO!$W$15,ROW(AI34)-ROW(AI$15),0),15-13*ORÇAMENTO!$AF$11)),0)","v":0},{"$f":"IF(AND($D34=\"Serviço\",AJ$12<>0,$H34>0,OR(AUTOEVENTO<>\"manual\",$M34<>1)),\nIF(Import.TipoArredondamento<>\"TransfereGOV\",\nROUND(OFFSET($P34,0,AJ$13),15-13*ORÇAMENTO!$AF$7)/$H34*OFFSET(ORÇAMENTO!$X$15,ROW(AJ34)-ROW(AJ$15),0),\nROUND(ROUND(OFFSET($P34,0,AJ$13),15-13*ORÇAMENTO!$AF$7)*OFFSET(ORÇAMENTO!$W$15,ROW(AJ34)-ROW(AJ$15),0),15-13*ORÇAMENTO!$AF$11)),0)","v":0},{"$f":"IF(AND($D34=\"Serviço\",AK$12<>0,$H34>0,OR(AUTOEVENTO<>\"manual\",$M34<>1)),\nIF(Import.TipoArredondamento<>\"TransfereGOV\",\nROUND(OFFSET($P34,0,AK$13),15-13*ORÇAMENTO!$AF$7)/$H34*OFFSET(ORÇAMENTO!$X$15,ROW(AK34)-ROW(AK$15),0),\nROUND(ROUND(OFFSET($P34,0,AK$13),15-13*ORÇAMENTO!$AF$7)*OFFSET(ORÇAMENTO!$W$15,ROW(AK34)-ROW(AK$15),0),15-13*ORÇAMENTO!$AF$11)),0)","v":0},null,{"$f":"IF($D34<>\"Serviço\",0,IF(AND(AUTOEVENTO=\"Manual\",$M34=1),0,IF(OFFSET(CRONOPLE!$F$14,$M34,AM$13)=\"\",10^12,OFFSET(CRONOPLE!$F$14,$M34,AM$13))))","v":1000000000000},{"$f":"IF($D34<>\"Serviço\",0,IF(AND(AUTOEVENTO=\"Manual\",$M34=1),0,IF(OFFSET(CRONOPLE!$F$14,$M34,AN$13)=\"\",10^12,OFFSET(CRONOPLE!$F$14,$M34,AN$13))))","v":1000000000000},{"$f":"IF($D34<>\"Serviço\",0,IF(AND(AUTOEVENTO=\"Manual\",$M34=1),0,IF(OFFSET(CRONOPLE!$F$14,$M34,AO$13)=\"\",10^12,OFFSET(CRONOPLE!$F$14,$M34,AO$13))))","v":1000000000000},{"$f":"IF($D34<>\"Serviço\",0,IF(AND(AUTOEVENTO=\"Manual\",$M34=1),0,IF(OFFSET(CRONOPLE!$F$14,$M34,AP$13)=\"\",10^12,OFFSET(CRONOPLE!$F$14,$M34,AP$13))))","v":1000000000000},{"$f":"IF($D34<>\"Serviço\",0,IF(AND(AUTOEVENTO=\"Manual\",$M34=1),0,IF(OFFSET(CRONOPLE!$F$14,$M34,AQ$13)=\"\",10^12,OFFSET(CRONOPLE!$F$14,$M34,AQ$13))))","v":1000000000000},{"$f":"IF($D34<>\"Serviço\",0,IF(AND(AUTOEVENTO=\"Manual\",$M34=1),0,IF(OFFSET(CRONOPLE!$F$14,$M34,AR$13)=\"\",10^12,OFFSET(CRONOPLE!$F$14,$M34,AR$13))))","v":1000000000000},{"$f":"IF($D34<>\"Serviço\",0,IF(AND(AUTOEVENTO=\"Manual\",$M34=1),0,IF(OFFSET(CRONOPLE!$F$14,$M34,AS$13)=\"\",10^12,OFFSET(CRONOPLE!$F$14,$M34,AS$13))))","v":1000000000000},{"$f":"IF($D34<>\"Serviço\",0,IF(AND(AUTOEVENTO=\"Manual\",$M34=1),0,IF(OFFSET(CRONOPLE!$F$14,$M34,AT$13)=\"\",10^12,OFFSET(CRONOPLE!$F$14,$M34,AT$13))))","v":1000000000000},{"$f":"IF($D34<>\"Serviço\",0,IF(AND(AUTOEVENTO=\"Manual\",$M34=1),0,IF(OFFSET(CRONOPLE!$F$14,$M34,AU$13)=\"\",10^12,OFFSET(CRONOPLE!$F$14,$M34,AU$13))))","v":1000000000000},{"$f":"IF($D34<>\"Serviço\",0,IF(AND(AUTOEVENTO=\"Manual\",$M34=1),0,IF(OFFSET(CRONOPLE!$F$14,$M34,AV$13)=\"\",10^12,OFFSET(CRONOPLE!$F$14,$M34,AV$13))))","v":1000000000000},null,{"$f":"IF($D34<>\"Serviço\",0,IF(OR(AND(AUTOEVENTO=\"Manual\",$M34=1),$M34>(ROW(PLE.lastrow)-ROW(PLE.firstrow))),0,IF(OFFSET(PLE!$G$14,$M34,AX$13)=\"\",10^12,OFFSET(PLE!$G$14,$M34,AX$13))))","v":1000000000000},{"$f":"IF($D34<>\"Serviço\",0,IF(OR(AND(AUTOEVENTO=\"Manual\",$M34=1),$M34>(ROW(PLE.lastrow)-ROW(PLE.firstrow))),0,IF(OFFSET(PLE!$G$14,$M34,AY$13)=\"\",10^12,OFFSET(PLE!$G$14,$M34,AY$13))))","v":1000000000000},{"$f":"IF($D34<>\"Serviço\",0,IF(OR(AND(AUTOEVENTO=\"Manual\",$M34=1),$M34>(ROW(PLE.lastrow)-ROW(PLE.firstrow))),0,IF(OFFSET(PLE!$G$14,$M34,AZ$13)=\"\",10^12,OFFSET(PLE!$G$14,$M34,AZ$13))))","v":1000000000000},{"$f":"IF($D34<>\"Serviço\",0,IF(OR(AND(AUTOEVENTO=\"Manual\",$M34=1),$M34>(ROW(PLE.lastrow)-ROW(PLE.firstrow))),0,IF(OFFSET(PLE!$G$14,$M34,BA$13)=\"\",10^12,OFFSET(PLE!$G$14,$M34,BA$13))))","v":1000000000000},{"$f":"IF($D34<>\"Serviço\",0,IF(OR(AND(AUTOEVENTO=\"Manual\",$M34=1),$M34>(ROW(PLE.lastrow)-ROW(PLE.firstrow))),0,IF(OFFSET(PLE!$G$14,$M34,BB$13)=\"\",10^12,OFFSET(PLE!$G$14,$M34,BB$13))))","v":1000000000000},{"$f":"IF($D34<>\"Serviço\",0,IF(OR(AND(AUTOEVENTO=\"Manual\",$M34=1),$M34>(ROW(PLE.lastrow)-ROW(PLE.firstrow))),0,IF(OFFSET(PLE!$G$14,$M34,BC$13)=\"\",10^12,OFFSET(PLE!$G$14,$M34,BC$13))))","v":1000000000000},{"$f":"IF($D34<>\"Serviço\",0,IF(OR(AND(AUTOEVENTO=\"Manual\",$M34=1),$M34>(ROW(PLE.lastrow)-ROW(PLE.firstrow))),0,IF(OFFSET(PLE!$G$14,$M34,BD$13)=\"\",10^12,OFFSET(PLE!$G$14,$M34,BD$13))))","v":1000000000000},{"$f":"IF($D34<>\"Serviço\",0,IF(OR(AND(AUTOEVENTO=\"Manual\",$M34=1),$M34>(ROW(PLE.lastrow)-ROW(PLE.firstrow))),0,IF(OFFSET(PLE!$G$14,$M34,BE$13)=\"\",10^12,OFFSET(PLE!$G$14,$M34,BE$13))))","v":1000000000000},{"$f":"IF($D34<>\"Serviço\",0,IF(OR(AND(AUTOEVENTO=\"Manual\",$M34=1),$M34>(ROW(PLE.lastrow)-ROW(PLE.firstrow))),0,IF(OFFSET(PLE!$G$14,$M34,BF$13)=\"\",10^12,OFFSET(PLE!$G$14,$M34,BF$13))))","v":1000000000000},{"$f":"IF($D34<>\"Serviço\",0,IF(OR(AND(AUTOEVENTO=\"Manual\",$M34=1),$M34>(ROW(PLE.lastrow)-ROW(PLE.firstrow))),0,IF(OFFSET(PLE!$G$14,$M34,BG$13)=\"\",10^12,OFFSET(PLE!$G$14,$M34,BG$13))))","v":1000000000000}]
[{"$f":"IF(AUTOEVENTO=\"Manual\",IF(K35<>\"\",MIN(VALUE(LEFT(K35,FIND(\".\",K35)-1)),COUNTA(EVENTOS.Lista)),0),IF(OR($B35>AUTOEVENTO,$B35=\"S\",$B35=0),SUBSTITUTE(OFFSET($A35,-1,0),IF($D35=\"Serviço\",\".\",\"\"),\"\"),ROW(A35)-ROW($A$15)&\".\"))","v":"17"},{"$f":"OFFSET(ORÇAMENTO!C$15,ROW(B35)-ROW(B$15),0)","v":"S"},{"$f":"OFFSET(ORÇAMENTO!L$15,ROW(C35)-ROW(C$15),0)","v":"F"},{"$f":"OFFSET(ORÇAMENTO!N$15,ROW(D35)-ROW(D$15),0)","v":"Serviço"},{"$f":"OFFSET(ORÇAMENTO!O$15,ROW(E35)-ROW(E$15),0)","v":"1.4.0.3."},{"$f":"OFFSET(ORÇAMENTO!R$15,ROW(F35)-ROW(F$15),0)","v":"PILAR 20X20CM, ARMAÇÃO LONGITUDINAL 4X12,50MM, ESTRIBOS 5MM C/ 12,  CONCRETO USINADO FCK 25MPA"},{"$f":"IF($D35<>\"Serviço\",\"\",OFFSET(ORÇAMENTO!S$15,ROW(G35)-ROW(G$15),0))","v":"M"},{"$f":"IF($D35<>\"Serviço\",0,IF(ACOMPANHAMENTO=\"BM\",ROUND(OFFSET(ORÇAMENTO!AJ$15,ROW(H35)-ROW(H$15),0),15-13*ORÇAMENTO!$AF$7),SUMPRODUCT(($Q$12:$AA$12<>\"\")*ROUND($Q35:$AA35,15-13*ORÇAMENTO!$AF$7))))","v":5.5},null,null,null,".",{"$f":"IF($D35<>\"Serviço\",\"\",IF(AUTOEVENTO=\"manual\",$A35,IF(ISERROR(MATCH($A35,$A$15:OFFSET($A35,-1,0),0)),MAX($M$15:OFFSET(M35,-1,0))+1,INDEX($M$15:OFFSET(M35,-1,0),MATCH($A35,$A$15:OFFSET($A35,-1,0),0)))))","v":5},{"$f":"IF($D35<>\"Serviço\",\"\",IF(AUTOEVENTO=\"Manual\",IF($A35=0,\"<-- defina o número do agrupador\",OFFSET(EVENTOS!$D$14,$A35,0)),OFFSET($F$15,$A35,0)))","v":"FUNDAÇÕES"},null,null,{"$f":"11*0.5","v":5.5},null,null,null,null,null,null,null,null,null,null,{"$f":"IF(AND($D35=\"Serviço\",AB$12<>0,$H35>0,OR(AUTOEVENTO<>\"manual\",$M35<>1)),\nIF(Import.TipoArredondamento<>\"TransfereGOV\",\nROUND(OFFSET($P35,0,AB$13),15-13*ORÇAMENTO!$AF$7)/$H35*OFFSET(ORÇAMENTO!$X$15,ROW(AB35)-ROW(AB$15),0),\nROUND(ROUND(OFFSET($P35,0,AB$13),15-13*ORÇAMENTO!$AF$7)*OFFSET(ORÇAMENTO!$W$15,ROW(AB35)-ROW(AB$15),0),15-13*ORÇAMENTO!$AF$11)),0)","v":758.23},{"$f":"IF(AND($D35=\"Serviço\",AC$12<>0,$H35>0,OR(AUTOEVENTO<>\"manual\",$M35<>1)),\nIF(Import.TipoArredondamento<>\"TransfereGOV\",\nROUND(OFFSET($P35,0,AC$13),15-13*ORÇAMENTO!$AF$7)/$H35*OFFSET(ORÇAMENTO!$X$15,ROW(AC35)-ROW(AC$15),0),\nROUND(ROUND(OFFSET($P35,0,AC$13),15-13*ORÇAMENTO!$AF$7)*OFFSET(ORÇAMENTO!$W$15,ROW(AC35)-ROW(AC$15),0),15-13*ORÇAMENTO!$AF$11)),0)","v":0},{"$f":"IF(AND($D35=\"Serviço\",AD$12<>0,$H35>0,OR(AUTOEVENTO<>\"manual\",$M35<>1)),\nIF(Import.TipoArredondamento<>\"TransfereGOV\",\nROUND(OFFSET($P35,0,AD$13),15-13*ORÇAMENTO!$AF$7)/$H35*OFFSET(ORÇAMENTO!$X$15,ROW(AD35)-ROW(AD$15),0),\nROUND(ROUND(OFFSET($P35,0,AD$13),15-13*ORÇAMENTO!$AF$7)*OFFSET(ORÇAMENTO!$W$15,ROW(AD35)-ROW(AD$15),0),15-13*ORÇAMENTO!$AF$11)),0)","v":0},{"$f":"IF(AND($D35=\"Serviço\",AE$12<>0,$H35>0,OR(AUTOEVENTO<>\"manual\",$M35<>1)),\nIF(Import.TipoArredondamento<>\"TransfereGOV\",\nROUND(OFFSET($P35,0,AE$13),15-13*ORÇAMENTO!$AF$7)/$H35*OFFSET(ORÇAMENTO!$X$15,ROW(AE35)-ROW(AE$15),0),\nROUND(ROUND(OFFSET($P35,0,AE$13),15-13*ORÇAMENTO!$AF$7)*OFFSET(ORÇAMENTO!$W$15,ROW(AE35)-ROW(AE$15),0),15-13*ORÇAMENTO!$AF$11)),0)","v":0},{"$f":"IF(AND($D35=\"Serviço\",AF$12<>0,$H35>0,OR(AUTOEVENTO<>\"manual\",$M35<>1)),\nIF(Import.TipoArredondamento<>\"TransfereGOV\",\nROUND(OFFSET($P35,0,AF$13),15-13*ORÇAMENTO!$AF$7)/$H35*OFFSET(ORÇAMENTO!$X$15,ROW(AF35)-ROW(AF$15),0),\nROUND(ROUND(OFFSET($P35,0,AF$13),15-13*ORÇAMENTO!$AF$7)*OFFSET(ORÇAMENTO!$W$15,ROW(AF35)-ROW(AF$15),0),15-13*ORÇAMENTO!$AF$11)),0)","v":0},{"$f":"IF(AND($D35=\"Serviço\",AG$12<>0,$H35>0,OR(AUTOEVENTO<>\"manual\",$M35<>1)),\nIF(Import.TipoArredondamento<>\"TransfereGOV\",\nROUND(OFFSET($P35,0,AG$13),15-13*ORÇAMENTO!$AF$7)/$H35*OFFSET(ORÇAMENTO!$X$15,ROW(AG35)-ROW(AG$15),0),\nROUND(ROUND(OFFSET($P35,0,AG$13),15-13*ORÇAMENTO!$AF$7)*OFFSET(ORÇAMENTO!$W$15,ROW(AG35)-ROW(AG$15),0),15-13*ORÇAMENTO!$AF$11)),0)","v":0},{"$f":"IF(AND($D35=\"Serviço\",AH$12<>0,$H35>0,OR(AUTOEVENTO<>\"manual\",$M35<>1)),\nIF(Import.TipoArredondamento<>\"TransfereGOV\",\nROUND(OFFSET($P35,0,AH$13),15-13*ORÇAMENTO!$AF$7)/$H35*OFFSET(ORÇAMENTO!$X$15,ROW(AH35)-ROW(AH$15),0),\nROUND(ROUND(OFFSET($P35,0,AH$13),15-13*ORÇAMENTO!$AF$7)*OFFSET(ORÇAMENTO!$W$15,ROW(AH35)-ROW(AH$15),0),15-13*ORÇAMENTO!$AF$11)),0)","v":0},{"$f":"IF(AND($D35=\"Serviço\",AI$12<>0,$H35>0,OR(AUTOEVENTO<>\"manual\",$M35<>1)),\nIF(Import.TipoArredondamento<>\"TransfereGOV\",\nROUND(OFFSET($P35,0,AI$13),15-13*ORÇAMENTO!$AF$7)/$H35*OFFSET(ORÇAMENTO!$X$15,ROW(AI35)-ROW(AI$15),0),\nROUND(ROUND(OFFSET($P35,0,AI$13),15-13*ORÇAMENTO!$AF$7)*OFFSET(ORÇAMENTO!$W$15,ROW(AI35)-ROW(AI$15),0),15-13*ORÇAMENTO!$AF$11)),0)","v":0},{"$f":"IF(AND($D35=\"Serviço\",AJ$12<>0,$H35>0,OR(AUTOEVENTO<>\"manual\",$M35<>1)),\nIF(Import.TipoArredondamento<>\"TransfereGOV\",\nROUND(OFFSET($P35,0,AJ$13),15-13*ORÇAMENTO!$AF$7)/$H35*OFFSET(ORÇAMENTO!$X$15,ROW(AJ35)-ROW(AJ$15),0),\nROUND(ROUND(OFFSET($P35,0,AJ$13),15-13*ORÇAMENTO!$AF$7)*OFFSET(ORÇAMENTO!$W$15,ROW(AJ35)-ROW(AJ$15),0),15-13*ORÇAMENTO!$AF$11)),0)","v":0},{"$f":"IF(AND($D35=\"Serviço\",AK$12<>0,$H35>0,OR(AUTOEVENTO<>\"manual\",$M35<>1)),\nIF(Import.TipoArredondamento<>\"TransfereGOV\",\nROUND(OFFSET($P35,0,AK$13),15-13*ORÇAMENTO!$AF$7)/$H35*OFFSET(ORÇAMENTO!$X$15,ROW(AK35)-ROW(AK$15),0),\nROUND(ROUND(OFFSET($P35,0,AK$13),15-13*ORÇAMENTO!$AF$7)*OFFSET(ORÇAMENTO!$W$15,ROW(AK35)-ROW(AK$15),0),15-13*ORÇAMENTO!$AF$11)),0)","v":0},null,{"$f":"IF($D35<>\"Serviço\",0,IF(AND(AUTOEVENTO=\"Manual\",$M35=1),0,IF(OFFSET(CRONOPLE!$F$14,$M35,AM$13)=\"\",10^12,OFFSET(CRONOPLE!$F$14,$M35,AM$13))))","v":1000000000000},{"$f":"IF($D35<>\"Serviço\",0,IF(AND(AUTOEVENTO=\"Manual\",$M35=1),0,IF(OFFSET(CRONOPLE!$F$14,$M35,AN$13)=\"\",10^12,OFFSET(CRONOPLE!$F$14,$M35,AN$13))))","v":1000000000000},{"$f":"IF($D35<>\"Serviço\",0,IF(AND(AUTOEVENTO=\"Manual\",$M35=1),0,IF(OFFSET(CRONOPLE!$F$14,$M35,AO$13)=\"\",10^12,OFFSET(CRONOPLE!$F$14,$M35,AO$13))))","v":1000000000000},{"$f":"IF($D35<>\"Serviço\",0,IF(AND(AUTOEVENTO=\"Manual\",$M35=1),0,IF(OFFSET(CRONOPLE!$F$14,$M35,AP$13)=\"\",10^12,OFFSET(CRONOPLE!$F$14,$M35,AP$13))))","v":1000000000000},{"$f":"IF($D35<>\"Serviço\",0,IF(AND(AUTOEVENTO=\"Manual\",$M35=1),0,IF(OFFSET(CRONOPLE!$F$14,$M35,AQ$13)=\"\",10^12,OFFSET(CRONOPLE!$F$14,$M35,AQ$13))))","v":1000000000000},{"$f":"IF($D35<>\"Serviço\",0,IF(AND(AUTOEVENTO=\"Manual\",$M35=1),0,IF(OFFSET(CRONOPLE!$F$14,$M35,AR$13)=\"\",10^12,OFFSET(CRONOPLE!$F$14,$M35,AR$13))))","v":1000000000000},{"$f":"IF($D35<>\"Serviço\",0,IF(AND(AUTOEVENTO=\"Manual\",$M35=1),0,IF(OFFSET(CRONOPLE!$F$14,$M35,AS$13)=\"\",10^12,OFFSET(CRONOPLE!$F$14,$M35,AS$13))))","v":1000000000000},{"$f":"IF($D35<>\"Serviço\",0,IF(AND(AUTOEVENTO=\"Manual\",$M35=1),0,IF(OFFSET(CRONOPLE!$F$14,$M35,AT$13)=\"\",10^12,OFFSET(CRONOPLE!$F$14,$M35,AT$13))))","v":1000000000000},{"$f":"IF($D35<>\"Serviço\",0,IF(AND(AUTOEVENTO=\"Manual\",$M35=1),0,IF(OFFSET(CRONOPLE!$F$14,$M35,AU$13)=\"\",10^12,OFFSET(CRONOPLE!$F$14,$M35,AU$13))))","v":1000000000000},{"$f":"IF($D35<>\"Serviço\",0,IF(AND(AUTOEVENTO=\"Manual\",$M35=1),0,IF(OFFSET(CRONOPLE!$F$14,$M35,AV$13)=\"\",10^12,OFFSET(CRONOPLE!$F$14,$M35,AV$13))))","v":1000000000000},null,{"$f":"IF($D35<>\"Serviço\",0,IF(OR(AND(AUTOEVENTO=\"Manual\",$M35=1),$M35>(ROW(PLE.lastrow)-ROW(PLE.firstrow))),0,IF(OFFSET(PLE!$G$14,$M35,AX$13)=\"\",10^12,OFFSET(PLE!$G$14,$M35,AX$13))))","v":1000000000000},{"$f":"IF($D35<>\"Serviço\",0,IF(OR(AND(AUTOEVENTO=\"Manual\",$M35=1),$M35>(ROW(PLE.lastrow)-ROW(PLE.firstrow))),0,IF(OFFSET(PLE!$G$14,$M35,AY$13)=\"\",10^12,OFFSET(PLE!$G$14,$M35,AY$13))))","v":1000000000000},{"$f":"IF($D35<>\"Serviço\",0,IF(OR(AND(AUTOEVENTO=\"Manual\",$M35=1),$M35>(ROW(PLE.lastrow)-ROW(PLE.firstrow))),0,IF(OFFSET(PLE!$G$14,$M35,AZ$13)=\"\",10^12,OFFSET(PLE!$G$14,$M35,AZ$13))))","v":1000000000000},{"$f":"IF($D35<>\"Serviço\",0,IF(OR(AND(AUTOEVENTO=\"Manual\",$M35=1),$M35>(ROW(PLE.lastrow)-ROW(PLE.firstrow))),0,IF(OFFSET(PLE!$G$14,$M35,BA$13)=\"\",10^12,OFFSET(PLE!$G$14,$M35,BA$13))))","v":1000000000000},{"$f":"IF($D35<>\"Serviço\",0,IF(OR(AND(AUTOEVENTO=\"Manual\",$M35=1),$M35>(ROW(PLE.lastrow)-ROW(PLE.firstrow))),0,IF(OFFSET(PLE!$G$14,$M35,BB$13)=\"\",10^12,OFFSET(PLE!$G$14,$M35,BB$13))))","v":1000000000000},{"$f":"IF($D35<>\"Serviço\",0,IF(OR(AND(AUTOEVENTO=\"Manual\",$M35=1),$M35>(ROW(PLE.lastrow)-ROW(PLE.firstrow))),0,IF(OFFSET(PLE!$G$14,$M35,BC$13)=\"\",10^12,OFFSET(PLE!$G$14,$M35,BC$13))))","v":1000000000000},{"$f":"IF($D35<>\"Serviço\",0,IF(OR(AND(AUTOEVENTO=\"Manual\",$M35=1),$M35>(ROW(PLE.lastrow)-ROW(PLE.firstrow))),0,IF(OFFSET(PLE!$G$14,$M35,BD$13)=\"\",10^12,OFFSET(PLE!$G$14,$M35,BD$13))))","v":1000000000000},{"$f":"IF($D35<>\"Serviço\",0,IF(OR(AND(AUTOEVENTO=\"Manual\",$M35=1),$M35>(ROW(PLE.lastrow)-ROW(PLE.firstrow))),0,IF(OFFSET(PLE!$G$14,$M35,BE$13)=\"\",10^12,OFFSET(PLE!$G$14,$M35,BE$13))))","v":1000000000000},{"$f":"IF($D35<>\"Serviço\",0,IF(OR(AND(AUTOEVENTO=\"Manual\",$M35=1),$M35>(ROW(PLE.lastrow)-ROW(PLE.firstrow))),0,IF(OFFSET(PLE!$G$14,$M35,BF$13)=\"\",10^12,OFFSET(PLE!$G$14,$M35,BF$13))))","v":1000000000000},{"$f":"IF($D35<>\"Serviço\",0,IF(OR(AND(AUTOEVENTO=\"Manual\",$M35=1),$M35>(ROW(PLE.lastrow)-ROW(PLE.firstrow))),0,IF(OFFSET(PLE!$G$14,$M35,BG$13)=\"\",10^12,OFFSET(PLE!$G$14,$M35,BG$13))))","v":1000000000000}]
["17",{"$f":"OFFSET(ORÇAMENTO!C$15,ROW(B36)-ROW(B$15),0)","v":"S"},{"$f":"OFFSET(ORÇAMENTO!L$15,ROW(C36)-ROW(C$15),0)","v":"F"},{"$f":"OFFSET(ORÇAMENTO!N$15,ROW(D36)-ROW(D$15),0)","v":"Serviço"},{"$f":"OFFSET(ORÇAMENTO!O$15,ROW(E36)-ROW(E$15),0)","v":"1.4.0.4."},{"$f":"OFFSET(ORÇAMENTO!R$15,ROW(F36)-ROW(F$15),0)","v":"ALVENARIA EM TIJOLO MACIÇO CERÂMICO  5X10X20CM ASSENTADO EM FORMATO 1 VEZ (ESPESSURA 20CM)"},{"$f":"IF($D36<>\"Serviço\",\"\",OFFSET(ORÇAMENTO!S$15,ROW(G36)-ROW(G$15),0))","v":"M2"},{"$f":"IF($D36<>\"Serviço\",0,IF(ACOMPANHAMENTO=\"BM\",ROUND(OFFSET(ORÇAMENTO!AJ$15,ROW(H36)-ROW(H$15),0),15-13*ORÇAMENTO!$AF$7),SUMPRODUCT(($Q$12:$AA$12<>\"\")*ROUND($Q36:$AA36,15-13*ORÇAMENTO!$AF$7))))","v":10.72},null,null,null,".",{"$f":"IF($D36<>\"Serviço\",\"\",IF(AUTOEVENTO=\"manual\",$A36,IF(ISERROR(MATCH($A36,$A$15:OFFSET($A36,-1,0),0)),MAX($M$15:OFFSET(M36,-1,0))+1,INDEX($M$15:OFFSET(M36,-1,0),MATCH($A36,$A$15:OFFSET($A36,-1,0),0)))))","v":5},{"$f":"IF($D36<>\"Serviço\",\"\",IF(AUTOEVENTO=\"Manual\",IF($A36=0,\"<-- defina o número do agrupador\",OFFSET(EVENTOS!$D$14,$A36,0)),OFFSET($F$15,$A36,0)))","v":"FUNDAÇÕES"},null,null,{"$f":"107.16*0.1","v":10.716000000000001},null,null,null,null,null,null,null,null,null,null,{"$f":"IF(AND($D36=\"Serviço\",AB$12<>0,$H36>0,OR(AUTOEVENTO<>\"manual\",$M36<>1)),\nIF(Import.TipoArredondamento<>\"TransfereGOV\",\nROUND(OFFSET($P36,0,AB$13),15-13*ORÇAMENTO!$AF$7)/$H36*OFFSET(ORÇAMENTO!$X$15,ROW(AB36)-ROW(AB$15),0),\nROUND(ROUND(OFFSET($P36,0,AB$13),15-13*ORÇAMENTO!$AF$7)*OFFSET(ORÇAMENTO!$W$15,ROW(AB36)-ROW(AB$15),0),15-13*ORÇAMENTO!$AF$11)),0)","v":2527.7800000000002},{"$f":"IF(AND($D36=\"Serviço\",AC$12<>0,$H36>0,OR(AUTOEVENTO<>\"manual\",$M36<>1)),\nIF(Import.TipoArredondamento<>\"TransfereGOV\",\nROUND(OFFSET($P36,0,AC$13),15-13*ORÇAMENTO!$AF$7)/$H36*OFFSET(ORÇAMENTO!$X$15,ROW(AC36)-ROW(AC$15),0),\nROUND(ROUND(OFFSET($P36,0,AC$13),15-13*ORÇAMENTO!$AF$7)*OFFSET(ORÇAMENTO!$W$15,ROW(AC36)-ROW(AC$15),0),15-13*ORÇAMENTO!$AF$11)),0)","v":0},{"$f":"IF(AND($D36=\"Serviço\",AD$12<>0,$H36>0,OR(AUTOEVENTO<>\"manual\",$M36<>1)),\nIF(Import.TipoArredondamento<>\"TransfereGOV\",\nROUND(OFFSET($P36,0,AD$13),15-13*ORÇAMENTO!$AF$7)/$H36*OFFSET(ORÇAMENTO!$X$15,ROW(AD36)-ROW(AD$15),0),\nROUND(ROUND(OFFSET($P36,0,AD$13),15-13*ORÇAMENTO!$AF$7)*OFFSET(ORÇAMENTO!$W$15,ROW(AD36)-ROW(AD$15),0),15-13*ORÇAMENTO!$AF$11)),0)","v":0},{"$f":"IF(AND($D36=\"Serviço\",AE$12<>0,$H36>0,OR(AUTOEVENTO<>\"manual\",$M36<>1)),\nIF(Import.TipoArredondamento<>\"TransfereGOV\",\nROUND(OFFSET($P36,0,AE$13),15-13*ORÇAMENTO!$AF$7)/$H36*OFFSET(ORÇAMENTO!$X$15,ROW(AE36)-ROW(AE$15),0),\nROUND(ROUND(OFFSET($P36,0,AE$13),15-13*ORÇAMENTO!$AF$7)*OFFSET(ORÇAMENTO!$W$15,ROW(AE36)-ROW(AE$15),0),15-13*ORÇAMENTO!$AF$11)),0)","v":0},{"$f":"IF(AND($D36=\"Serviço\",AF$12<>0,$H36>0,OR(AUTOEVENTO<>\"manual\",$M36<>1)),\nIF(Import.TipoArredondamento<>\"TransfereGOV\",\nROUND(OFFSET($P36,0,AF$13),15-13*ORÇAMENTO!$AF$7)/$H36*OFFSET(ORÇAMENTO!$X$15,ROW(AF36)-ROW(AF$15),0),\nROUND(ROUND(OFFSET($P36,0,AF$13),15-13*ORÇAMENTO!$AF$7)*OFFSET(ORÇAMENTO!$W$15,ROW(AF36)-ROW(AF$15),0),15-13*ORÇAMENTO!$AF$11)),0)","v":0},{"$f":"IF(AND($D36=\"Serviço\",AG$12<>0,$H36>0,OR(AUTOEVENTO<>\"manual\",$M36<>1)),\nIF(Import.TipoArredondamento<>\"TransfereGOV\",\nROUND(OFFSET($P36,0,AG$13),15-13*ORÇAMENTO!$AF$7)/$H36*OFFSET(ORÇAMENTO!$X$15,ROW(AG36)-ROW(AG$15),0),\nROUND(ROUND(OFFSET($P36,0,AG$13),15-13*ORÇAMENTO!$AF$7)*OFFSET(ORÇAMENTO!$W$15,ROW(AG36)-ROW(AG$15),0),15-13*ORÇAMENTO!$AF$11)),0)","v":0},{"$f":"IF(AND($D36=\"Serviço\",AH$12<>0,$H36>0,OR(AUTOEVENTO<>\"manual\",$M36<>1)),\nIF(Import.TipoArredondamento<>\"TransfereGOV\",\nROUND(OFFSET($P36,0,AH$13),15-13*ORÇAMENTO!$AF$7)/$H36*OFFSET(ORÇAMENTO!$X$15,ROW(AH36)-ROW(AH$15),0),\nROUND(ROUND(OFFSET($P36,0,AH$13),15-13*ORÇAMENTO!$AF$7)*OFFSET(ORÇAMENTO!$W$15,ROW(AH36)-ROW(AH$15),0),15-13*ORÇAMENTO!$AF$11)),0)","v":0},{"$f":"IF(AND($D36=\"Serviço\",AI$12<>0,$H36>0,OR(AUTOEVENTO<>\"manual\",$M36<>1)),\nIF(Import.TipoArredondamento<>\"TransfereGOV\",\nROUND(OFFSET($P36,0,AI$13),15-13*ORÇAMENTO!$AF$7)/$H36*OFFSET(ORÇAMENTO!$X$15,ROW(AI36)-ROW(AI$15),0),\nROUND(ROUND(OFFSET($P36,0,AI$13),15-13*ORÇAMENTO!$AF$7)*OFFSET(ORÇAMENTO!$W$15,ROW(AI36)-ROW(AI$15),0),15-13*ORÇAMENTO!$AF$11)),0)","v":0},{"$f":"IF(AND($D36=\"Serviço\",AJ$12<>0,$H36>0,OR(AUTOEVENTO<>\"manual\",$M36<>1)),\nIF(Import.TipoArredondamento<>\"TransfereGOV\",\nROUND(OFFSET($P36,0,AJ$13),15-13*ORÇAMENTO!$AF$7)/$H36*OFFSET(ORÇAMENTO!$X$15,ROW(AJ36)-ROW(AJ$15),0),\nROUND(ROUND(OFFSET($P36,0,AJ$13),15-13*ORÇAMENTO!$AF$7)*OFFSET(ORÇAMENTO!$W$15,ROW(AJ36)-ROW(AJ$15),0),15-13*ORÇAMENTO!$AF$11)),0)","v":0},{"$f":"IF(AND($D36=\"Serviço\",AK$12<>0,$H36>0,OR(AUTOEVENTO<>\"manual\",$M36<>1)),\nIF(Import.TipoArredondamento<>\"TransfereGOV\",\nROUND(OFFSET($P36,0,AK$13),15-13*ORÇAMENTO!$AF$7)/$H36*OFFSET(ORÇAMENTO!$X$15,ROW(AK36)-ROW(AK$15),0),\nROUND(ROUND(OFFSET($P36,0,AK$13),15-13*ORÇAMENTO!$AF$7)*OFFSET(ORÇAMENTO!$W$15,ROW(AK36)-ROW(AK$15),0),15-13*ORÇAMENTO!$AF$11)),0)","v":0},null,{"$f":"IF($D36<>\"Serviço\",0,IF(AND(AUTOEVENTO=\"Manual\",$M36=1),0,IF(OFFSET(CRONOPLE!$F$14,$M36,AM$13)=\"\",10^12,OFFSET(CRONOPLE!$F$14,$M36,AM$13))))","v":1000000000000},{"$f":"IF($D36<>\"Serviço\",0,IF(AND(AUTOEVENTO=\"Manual\",$M36=1),0,IF(OFFSET(CRONOPLE!$F$14,$M36,AN$13)=\"\",10^12,OFFSET(CRONOPLE!$F$14,$M36,AN$13))))","v":1000000000000},{"$f":"IF($D36<>\"Serviço\",0,IF(AND(AUTOEVENTO=\"Manual\",$M36=1),0,IF(OFFSET(CRONOPLE!$F$14,$M36,AO$13)=\"\",10^12,OFFSET(CRONOPLE!$F$14,$M36,AO$13))))","v":1000000000000},{"$f":"IF($D36<>\"Serviço\",0,IF(AND(AUTOEVENTO=\"Manual\",$M36=1),0,IF(OFFSET(CRONOPLE!$F$14,$M36,AP$13)=\"\",10^12,OFFSET(CRONOPLE!$F$14,$M36,AP$13))))","v":1000000000000},{"$f":"IF($D36<>\"Serviço\",0,IF(AND(AUTOEVENTO=\"Manual\",$M36=1),0,IF(OFFSET(CRONOPLE!$F$14,$M36,AQ$13)=\"\",10^12,OFFSET(CRONOPLE!$F$14,$M36,AQ$13))))","v":1000000000000},{"$f":"IF($D36<>\"Serviço\",0,IF(AND(AUTOEVENTO=\"Manual\",$M36=1),0,IF(OFFSET(CRONOPLE!$F$14,$M36,AR$13)=\"\",10^12,OFFSET(CRONOPLE!$F$14,$M36,AR$13))))","v":1000000000000},{"$f":"IF($D36<>\"Serviço\",0,IF(AND(AUTOEVENTO=\"Manual\",$M36=1),0,IF(OFFSET(CRONOPLE!$F$14,$M36,AS$13)=\"\",10^12,OFFSET(CRONOPLE!$F$14,$M36,AS$13))))","v":1000000000000},{"$f":"IF($D36<>\"Serviço\",0,IF(AND(AUTOEVENTO=\"Manual\",$M36=1),0,IF(OFFSET(CRONOPLE!$F$14,$M36,AT$13)=\"\",10^12,OFFSET(CRONOPLE!$F$14,$M36,AT$13))))","v":1000000000000},{"$f":"IF($D36<>\"Serviço\",0,IF(AND(AUTOEVENTO=\"Manual\",$M36=1),0,IF(OFFSET(CRONOPLE!$F$14,$M36,AU$13)=\"\",10^12,OFFSET(CRONOPLE!$F$14,$M36,AU$13))))","v":1000000000000},{"$f":"IF($D36<>\"Serviço\",0,IF(AND(AUTOEVENTO=\"Manual\",$M36=1),0,IF(OFFSET(CRONOPLE!$F$14,$M36,AV$13)=\"\",10^12,OFFSET(CRONOPLE!$F$14,$M36,AV$13))))","v":1000000000000},null,{"$f":"IF($D36<>\"Serviço\",0,IF(OR(AND(AUTOEVENTO=\"Manual\",$M36=1),$M36>(ROW(PLE.lastrow)-ROW(PLE.firstrow))),0,IF(OFFSET(PLE!$G$14,$M36,AX$13)=\"\",10^12,OFFSET(PLE!$G$14,$M36,AX$13))))","v":1000000000000},{"$f":"IF($D36<>\"Serviço\",0,IF(OR(AND(AUTOEVENTO=\"Manual\",$M36=1),$M36>(ROW(PLE.lastrow)-ROW(PLE.firstrow))),0,IF(OFFSET(PLE!$G$14,$M36,AY$13)=\"\",10^12,OFFSET(PLE!$G$14,$M36,AY$13))))","v":1000000000000},{"$f":"IF($D36<>\"Serviço\",0,IF(OR(AND(AUTOEVENTO=\"Manual\",$M36=1),$M36>(ROW(PLE.lastrow)-ROW(PLE.firstrow))),0,IF(OFFSET(PLE!$G$14,$M36,AZ$13)=\"\",10^12,OFFSET(PLE!$G$14,$M36,AZ$13))))","v":1000000000000},{"$f":"IF($D36<>\"Serviço\",0,IF(OR(AND(AUTOEVENTO=\"Manual\",$M36=1),$M36>(ROW(PLE.lastrow)-ROW(PLE.firstrow))),0,IF(OFFSET(PLE!$G$14,$M36,BA$13)=\"\",10^12,OFFSET(PLE!$G$14,$M36,BA$13))))","v":1000000000000},{"$f":"IF($D36<>\"Serviço\",0,IF(OR(AND(AUTOEVENTO=\"Manual\",$M36=1),$M36>(ROW(PLE.lastrow)-ROW(PLE.firstrow))),0,IF(OFFSET(PLE!$G$14,$M36,BB$13)=\"\",10^12,OFFSET(PLE!$G$14,$M36,BB$13))))","v":1000000000000},{"$f":"IF($D36<>\"Serviço\",0,IF(OR(AND(AUTOEVENTO=\"Manual\",$M36=1),$M36>(ROW(PLE.lastrow)-ROW(PLE.firstrow))),0,IF(OFFSET(PLE!$G$14,$M36,BC$13)=\"\",10^12,OFFSET(PLE!$G$14,$M36,BC$13))))","v":1000000000000},{"$f":"IF($D36<>\"Serviço\",0,IF(OR(AND(AUTOEVENTO=\"Manual\",$M36=1),$M36>(ROW(PLE.lastrow)-ROW(PLE.firstrow))),0,IF(OFFSET(PLE!$G$14,$M36,BD$13)=\"\",10^12,OFFSET(PLE!$G$14,$M36,BD$13))))","v":1000000000000},{"$f":"IF($D36<>\"Serviço\",0,IF(OR(AND(AUTOEVENTO=\"Manual\",$M36=1),$M36>(ROW(PLE.lastrow)-ROW(PLE.firstrow))),0,IF(OFFSET(PLE!$G$14,$M36,BE$13)=\"\",10^12,OFFSET(PLE!$G$14,$M36,BE$13))))","v":1000000000000},{"$f":"IF($D36<>\"Serviço\",0,IF(OR(AND(AUTOEVENTO=\"Manual\",$M36=1),$M36>(ROW(PLE.lastrow)-ROW(PLE.firstrow))),0,IF(OFFSET(PLE!$G$14,$M36,BF$13)=\"\",10^12,OFFSET(PLE!$G$14,$M36,BF$13))))","v":1000000000000},{"$f":"IF($D36<>\"Serviço\",0,IF(OR(AND(AUTOEVENTO=\"Manual\",$M36=1),$M36>(ROW(PLE.lastrow)-ROW(PLE.firstrow))),0,IF(OFFSET(PLE!$G$14,$M36,BG$13)=\"\",10^12,OFFSET(PLE!$G$14,$M36,BG$13))))","v":1000000000000}]
["17",{"$f":"OFFSET(ORÇAMENTO!C$15,ROW(B37)-ROW(B$15),0)","v":"S"},{"$f":"OFFSET(ORÇAMENTO!L$15,ROW(C37)-ROW(C$15),0)","v":"F"},{"$f":"OFFSET(ORÇAMENTO!N$15,ROW(D37)-ROW(D$15),0)","v":"Serviço"},{"$f":"OFFSET(ORÇAMENTO!O$15,ROW(E37)-ROW(E$15),0)","v":"1.4.0.5."},{"$f":"OFFSET(ORÇAMENTO!R$15,ROW(F37)-ROW(F$15),0)","v":"V3 - VIGA BALDRAME 15X40CM  - FCK 30MPA - USINADO - 4 BARRAS 12,50MM, ESTRIBOS 5MM C/12CM"},{"$f":"IF($D37<>\"Serviço\",\"\",OFFSET(ORÇAMENTO!S$15,ROW(G37)-ROW(G$15),0))","v":"M"},{"$f":"IF($D37<>\"Serviço\",0,IF(ACOMPANHAMENTO=\"BM\",ROUND(OFFSET(ORÇAMENTO!AJ$15,ROW(H37)-ROW(H$15),0),15-13*ORÇAMENTO!$AF$7),SUMPRODUCT(($Q$12:$AA$12<>\"\")*ROUND($Q37:$AA37,15-13*ORÇAMENTO!$AF$7))))","v":222.84},"COMPRIMENTO DAS VIGAS, DESCONTADO 50% DA LARGURA DO PILAR",null,null,".",{"$f":"IF($D37<>\"Serviço\",\"\",IF(AUTOEVENTO=\"manual\",$A37,IF(ISERROR(MATCH($A37,$A$15:OFFSET($A37,-1,0),0)),MAX($M$15:OFFSET(M37,-1,0))+1,INDEX($M$15:OFFSET(M37,-1,0),MATCH($A37,$A$15:OFFSET($A37,-1,0),0)))))","v":5},{"$f":"IF($D37<>\"Serviço\",\"\",IF(AUTOEVENTO=\"Manual\",IF($A37=0,\"<-- defina o número do agrupador\",OFFSET(EVENTOS!$D$14,$A37,0)),OFFSET($F$15,$A37,0)))","v":"FUNDAÇÕES"},null,null,{"$f":"(18.09+10.97+8.95+10.68+4+4+8+1.88+5.42+5.42+14.15+1.5+9.35+4.9+21.8+4.75+3.45+4.75+1.5+5.66+8.7+6.18+4.59+3.03+3.03+10.95+8.84+8.84+1.25+3.24+3.24+3.24+1.29+1.29+1.29+1.29+1.73+3.1+5.05)-(15*0.15)-(16*0.2)-(11*0.1)","v":222.84},null,null,null,null,null,null,null,null,null,null,{"$f":"IF(AND($D37=\"Serviço\",AB$12<>0,$H37>0,OR(AUTOEVENTO<>\"manual\",$M37<>1)),\nIF(Import.TipoArredondamento<>\"TransfereGOV\",\nROUND(OFFSET($P37,0,AB$13),15-13*ORÇAMENTO!$AF$7)/$H37*OFFSET(ORÇAMENTO!$X$15,ROW(AB37)-ROW(AB$15),0),\nROUND(ROUND(OFFSET($P37,0,AB$13),15-13*ORÇAMENTO!$AF$7)*OFFSET(ORÇAMENTO!$W$15,ROW(AB37)-ROW(AB$15),0),15-13*ORÇAMENTO!$AF$11)),0)","v":43518.42},{"$f":"IF(AND($D37=\"Serviço\",AC$12<>0,$H37>0,OR(AUTOEVENTO<>\"manual\",$M37<>1)),\nIF(Import.TipoArredondamento<>\"TransfereGOV\",\nROUND(OFFSET($P37,0,AC$13),15-13*ORÇAMENTO!$AF$7)/$H37*OFFSET(ORÇAMENTO!$X$15,ROW(AC37)-ROW(AC$15),0),\nROUND(ROUND(OFFSET($P37,0,AC$13),15-13*ORÇAMENTO!$AF$7)*OFFSET(ORÇAMENTO!$W$15,ROW(AC37)-ROW(AC$15),0),15-13*ORÇAMENTO!$AF$11)),0)","v":0},{"$f":"IF(AND($D37=\"Serviço\",AD$12<>0,$H37>0,OR(AUTOEVENTO<>\"manual\",$M37<>1)),\nIF(Import.TipoArredondamento<>\"TransfereGOV\",\nROUND(OFFSET($P37,0,AD$13),15-13*ORÇAMENTO!$AF$7)/$H37*OFFSET(ORÇAMENTO!$X$15,ROW(AD37)-ROW(AD$15),0),\nROUND(ROUND(OFFSET($P37,0,AD$13),15-13*ORÇAMENTO!$AF$7)*OFFSET(ORÇAMENTO!$W$15,ROW(AD37)-ROW(AD$15),0),15-13*ORÇAMENTO!$AF$11)),0)","v":0},{"$f":"IF(AND($D37=\"Serviço\",AE$12<>0,$H37>0,OR(AUTOEVENTO<>\"manual\",$M37<>1)),\nIF(Import.TipoArredondamento<>\"TransfereGOV\",\nROUND(OFFSET($P37,0,AE$13),15-13*ORÇAMENTO!$AF$7)/$H37*OFFSET(ORÇAMENTO!$X$15,ROW(AE37)-ROW(AE$15),0),\nROUND(ROUND(OFFSET($P37,0,AE$13),15-13*ORÇAMENTO!$AF$7)*OFFSET(ORÇAMENTO!$W$15,ROW(AE37)-ROW(AE$15),0),15-13*ORÇAMENTO!$AF$11)),0)","v":0},{"$f":"IF(AND($D37=\"Serviço\",AF$12<>0,$H37>0,OR(AUTOEVENTO<>\"manual\",$M37<>1)),\nIF(Import.TipoArredondamento<>\"TransfereGOV\",\nROUND(OFFSET($P37,0,AF$13),15-13*ORÇAMENTO!$AF$7)/$H37*OFFSET(ORÇAMENTO!$X$15,ROW(AF37)-ROW(AF$15),0),\nROUND(ROUND(OFFSET($P37,0,AF$13),15-13*ORÇAMENTO!$AF$7)*OFFSET(ORÇAMENTO!$W$15,ROW(AF37)-ROW(AF$15),0),15-13*ORÇAMENTO!$AF$11)),0)","v":0},{"$f":"IF(AND($D37=\"Serviço\",AG$12<>0,$H37>0,OR(AUTOEVENTO<>\"manual\",$M37<>1)),\nIF(Import.TipoArredondamento<>\"TransfereGOV\",\nROUND(OFFSET($P37,0,AG$13),15-13*ORÇAMENTO!$AF$7)/$H37*OFFSET(ORÇAMENTO!$X$15,ROW(AG37)-ROW(AG$15),0),\nROUND(ROUND(OFFSET($P37,0,AG$13),15-13*ORÇAMENTO!$AF$7)*OFFSET(ORÇAMENTO!$W$15,ROW(AG37)-ROW(AG$15),0),15-13*ORÇAMENTO!$AF$11)),0)","v":0},{"$f":"IF(AND($D37=\"Serviço\",AH$12<>0,$H37>0,OR(AUTOEVENTO<>\"manual\",$M37<>1)),\nIF(Import.TipoArredondamento<>\"TransfereGOV\",\nROUND(OFFSET($P37,0,AH$13),15-13*ORÇAMENTO!$AF$7)/$H37*OFFSET(ORÇAMENTO!$X$15,ROW(AH37)-ROW(AH$15),0),\nROUND(ROUND(OFFSET($P37,0,AH$13),15-13*ORÇAMENTO!$AF$7)*OFFSET(ORÇAMENTO!$W$15,ROW(AH37)-ROW(AH$15),0),15-13*ORÇAMENTO!$AF$11)),0)","v":0},{"$f":"IF(AND($D37=\"Serviço\",AI$12<>0,$H37>0,OR(AUTOEVENTO<>\"manual\",$M37<>1)),\nIF(Import.TipoArredondamento<>\"TransfereGOV\",\nROUND(OFFSET($P37,0,AI$13),15-13*ORÇAMENTO!$AF$7)/$H37*OFFSET(ORÇAMENTO!$X$15,ROW(AI37)-ROW(AI$15),0),\nROUND(ROUND(OFFSET($P37,0,AI$13),15-13*ORÇAMENTO!$AF$7)*OFFSET(ORÇAMENTO!$W$15,ROW(AI37)-ROW(AI$15),0),15-13*ORÇAMENTO!$AF$11)),0)","v":0},{"$f":"IF(AND($D37=\"Serviço\",AJ$12<>0,$H37>0,OR(AUTOEVENTO<>\"manual\",$M37<>1)),\nIF(Import.TipoArredondamento<>\"TransfereGOV\",\nROUND(OFFSET($P37,0,AJ$13),15-13*ORÇAMENTO!$AF$7)/$H37*OFFSET(ORÇAMENTO!$X$15,ROW(AJ37)-ROW(AJ$15),0),\nROUND(ROUND(OFFSET($P37,0,AJ$13),15-13*ORÇAMENTO!$AF$7)*OFFSET(ORÇAMENTO!$W$15,ROW(AJ37)-ROW(AJ$15),0),15-13*ORÇAMENTO!$AF$11)),0)","v":0},{"$f":"IF(AND($D37=\"Serviço\",AK$12<>0,$H37>0,OR(AUTOEVENTO<>\"manual\",$M37<>1)),\nIF(Import.TipoArredondamento<>\"TransfereGOV\",\nROUND(OFFSET($P37,0,AK$13),15-13*ORÇAMENTO!$AF$7)/$H37*OFFSET(ORÇAMENTO!$X$15,ROW(AK37)-ROW(AK$15),0),\nROUND(ROUND(OFFSET($P37,0,AK$13),15-13*ORÇAMENTO!$AF$7)*OFFSET(ORÇAMENTO!$W$15,ROW(AK37)-ROW(AK$15),0),15-13*ORÇAMENTO!$AF$11)),0)","v":0},null,{"$f":"IF($D37<>\"Serviço\",0,IF(AND(AUTOEVENTO=\"Manual\",$M37=1),0,IF(OFFSET(CRONOPLE!$F$14,$M37,AM$13)=\"\",10^12,OFFSET(CRONOPLE!$F$14,$M37,AM$13))))","v":1000000000000},{"$f":"IF($D37<>\"Serviço\",0,IF(AND(AUTOEVENTO=\"Manual\",$M37=1),0,IF(OFFSET(CRONOPLE!$F$14,$M37,AN$13)=\"\",10^12,OFFSET(CRONOPLE!$F$14,$M37,AN$13))))","v":1000000000000},{"$f":"IF($D37<>\"Serviço\",0,IF(AND(AUTOEVENTO=\"Manual\",$M37=1),0,IF(OFFSET(CRONOPLE!$F$14,$M37,AO$13)=\"\",10^12,OFFSET(CRONOPLE!$F$14,$M37,AO$13))))","v":1000000000000},{"$f":"IF($D37<>\"Serviço\",0,IF(AND(AUTOEVENTO=\"Manual\",$M37=1),0,IF(OFFSET(CRONOPLE!$F$14,$M37,AP$13)=\"\",10^12,OFFSET(CRONOPLE!$F$14,$M37,AP$13))))","v":1000000000000},{"$f":"IF($D37<>\"Serviço\",0,IF(AND(AUTOEVENTO=\"Manual\",$M37=1),0,IF(OFFSET(CRONOPLE!$F$14,$M37,AQ$13)=\"\",10^12,OFFSET(CRONOPLE!$F$14,$M37,AQ$13))))","v":1000000000000},{"$f":"IF($D37<>\"Serviço\",0,IF(AND(AUTOEVENTO=\"Manual\",$M37=1),0,IF(OFFSET(CRONOPLE!$F$14,$M37,AR$13)=\"\",10^12,OFFSET(CRONOPLE!$F$14,$M37,AR$13))))","v":1000000000000},{"$f":"IF($D37<>\"Serviço\",0,IF(AND(AUTOEVENTO=\"Manual\",$M37=1),0,IF(OFFSET(CRONOPLE!$F$14,$M37,AS$13)=\"\",10^12,OFFSET(CRONOPLE!$F$14,$M37,AS$13))))","v":1000000000000},{"$f":"IF($D37<>\"Serviço\",0,IF(AND(AUTOEVENTO=\"Manual\",$M37=1),0,IF(OFFSET(CRONOPLE!$F$14,$M37,AT$13)=\"\",10^12,OFFSET(CRONOPLE!$F$14,$M37,AT$13))))","v":1000000000000},{"$f":"IF($D37<>\"Serviço\",0,IF(AND(AUTOEVENTO=\"Manual\",$M37=1),0,IF(OFFSET(CRONOPLE!$F$14,$M37,AU$13)=\"\",10^12,OFFSET(CRONOPLE!$F$14,$M37,AU$13))))","v":1000000000000},{"$f":"IF($D37<>\"Serviço\",0,IF(AND(AUTOEVENTO=\"Manual\",$M37=1),0,IF(OFFSET(CRONOPLE!$F$14,$M37,AV$13)=\"\",10^12,OFFSET(CRONOPLE!$F$14,$M37,AV$13))))","v":1000000000000},null,{"$f":"IF($D37<>\"Serviço\",0,IF(OR(AND(AUTOEVENTO=\"Manual\",$M37=1),$M37>(ROW(PLE.lastrow)-ROW(PLE.firstrow))),0,IF(OFFSET(PLE!$G$14,$M37,AX$13)=\"\",10^12,OFFSET(PLE!$G$14,$M37,AX$13))))","v":1000000000000},{"$f":"IF($D37<>\"Serviço\",0,IF(OR(AND(AUTOEVENTO=\"Manual\",$M37=1),$M37>(ROW(PLE.lastrow)-ROW(PLE.firstrow))),0,IF(OFFSET(PLE!$G$14,$M37,AY$13)=\"\",10^12,OFFSET(PLE!$G$14,$M37,AY$13))))","v":1000000000000},{"$f":"IF($D37<>\"Serviço\",0,IF(OR(AND(AUTOEVENTO=\"Manual\",$M37=1),$M37>(ROW(PLE.lastrow)-ROW(PLE.firstrow))),0,IF(OFFSET(PLE!$G$14,$M37,AZ$13)=\"\",10^12,OFFSET(PLE!$G$14,$M37,AZ$13))))","v":1000000000000},{"$f":"IF($D37<>\"Serviço\",0,IF(OR(AND(AUTOEVENTO=\"Manual\",$M37=1),$M37>(ROW(PLE.lastrow)-ROW(PLE.firstrow))),0,IF(OFFSET(PLE!$G$14,$M37,BA$13)=\"\",10^12,OFFSET(PLE!$G$14,$M37,BA$13))))","v":1000000000000},{"$f":"IF($D37<>\"Serviço\",0,IF(OR(AND(AUTOEVENTO=\"Manual\",$M37=1),$M37>(ROW(PLE.lastrow)-ROW(PLE.firstrow))),0,IF(OFFSET(PLE!$G$14,$M37,BB$13)=\"\",10^12,OFFSET(PLE!$G$14,$M37,BB$13))))","v":1000000000000},{"$f":"IF($D37<>\"Serviço\",0,IF(OR(AND(AUTOEVENTO=\"Manual\",$M37=1),$M37>(ROW(PLE.lastrow)-ROW(PLE.firstrow))),0,IF(OFFSET(PLE!$G$14,$M37,BC$13)=\"\",10^12,OFFSET(PLE!$G$14,$M37,BC$13))))","v":1000000000000},{"$f":"IF($D37<>\"Serviço\",0,IF(OR(AND(AUTOEVENTO=\"Manual\",$M37=1),$M37>(ROW(PLE.lastrow)-ROW(PLE.firstrow))),0,IF(OFFSET(PLE!$G$14,$M37,BD$13)=\"\",10^12,OFFSET(PLE!$G$14,$M37,BD$13))))","v":1000000000000},{"$f":"IF($D37<>\"Serviço\",0,IF(OR(AND(AUTOEVENTO=\"Manual\",$M37=1),$M37>(ROW(PLE.lastrow)-ROW(PLE.firstrow))),0,IF(OFFSET(PLE!$G$14,$M37,BE$13)=\"\",10^12,OFFSET(PLE!$G$14,$M37,BE$13))))","v":1000000000000},{"$f":"IF($D37<>\"Serviço\",0,IF(OR(AND(AUTOEVENTO=\"Manual\",$M37=1),$M37>(ROW(PLE.lastrow)-ROW(PLE.firstrow))),0,IF(OFFSET(PLE!$G$14,$M37,BF$13)=\"\",10^12,OFFSET(PLE!$G$14,$M37,BF$13))))","v":1000000000000},{"$f":"IF($D37<>\"Serviço\",0,IF(OR(AND(AUTOEVENTO=\"Manual\",$M37=1),$M37>(ROW(PLE.lastrow)-ROW(PLE.firstrow))),0,IF(OFFSET(PLE!$G$14,$M37,BG$13)=\"\",10^12,OFFSET(PLE!$G$14,$M37,BG$13))))","v":1000000000000}]
["23.",{"$f":"OFFSET(ORÇAMENTO!C$15,ROW(B38)-ROW(B$15),0)","v":2},{"$f":"OFFSET(ORÇAMENTO!L$15,ROW(C38)-ROW(C$15),0)","v":"F"},{"$f":"OFFSET(ORÇAMENTO!N$15,ROW(D38)-ROW(D$15),0)","v":"Nível 2"},{"$f":"OFFSET(ORÇAMENTO!O$15,ROW(E38)-ROW(E$15),0)","v":"1.5."},{"$f":"OFFSET(ORÇAMENTO!R$15,ROW(F38)-ROW(F$15),0)","v":"IMPERMEABILIZAÇÕES DAS FUNDAÇÕES"},{"$f":"IF($D38<>\"Serviço\",\"\",OFFSET(ORÇAMENTO!S$15,ROW(G38)-ROW(G$15),0))","v":""},{"$f":"IF($D38<>\"Serviço\",0,IF(ACOMPANHAMENTO=\"BM\",ROUND(OFFSET(ORÇAMENTO!AJ$15,ROW(H38)-ROW(H$15),0),15-13*ORÇAMENTO!$AF$7),SUMPRODUCT(($Q$12:$AA$12<>\"\")*ROUND($Q38:$AA38,15-13*ORÇAMENTO!$AF$7))))","v":0},null,null,null,".",{"$f":"IF($D38<>\"Serviço\",\"\",IF(AUTOEVENTO=\"manual\",$A38,IF(ISERROR(MATCH($A38,$A$15:OFFSET($A38,-1,0),0)),MAX($M$15:OFFSET(M38,-1,0))+1,INDEX($M$15:OFFSET(M38,-1,0),MATCH($A38,$A$15:OFFSET($A38,-1,0),0)))))","v":""},{"$f":"IF($D38<>\"Serviço\",\"\",IF(AUTOEVENTO=\"Manual\",IF($A38=0,\"<-- defina o número do agrupador\",OFFSET(EVENTOS!$D$14,$A38,0)),OFFSET($F$15,$A38,0)))","v":""},null,null,null,null,null,null,null,null,null,null,null,null,null,{"$f":"IF(AND($D38=\"Serviço\",AB$12<>0,$H38>0,OR(AUTOEVENTO<>\"manual\",$M38<>1)),\nIF(Import.TipoArredondamento<>\"TransfereGOV\",\nROUND(OFFSET($P38,0,AB$13),15-13*ORÇAMENTO!$AF$7)/$H38*OFFSET(ORÇAMENTO!$X$15,ROW(AB38)-ROW(AB$15),0),\nROUND(ROUND(OFFSET($P38,0,AB$13),15-13*ORÇAMENTO!$AF$7)*OFFSET(ORÇAMENTO!$W$15,ROW(AB38)-ROW(AB$15),0),15-13*ORÇAMENTO!$AF$11)),0)","v":0},{"$f":"IF(AND($D38=\"Serviço\",AC$12<>0,$H38>0,OR(AUTOEVENTO<>\"manual\",$M38<>1)),\nIF(Import.TipoArredondamento<>\"TransfereGOV\",\nROUND(OFFSET($P38,0,AC$13),15-13*ORÇAMENTO!$AF$7)/$H38*OFFSET(ORÇAMENTO!$X$15,ROW(AC38)-ROW(AC$15),0),\nROUND(ROUND(OFFSET($P38,0,AC$13),15-13*ORÇAMENTO!$AF$7)*OFFSET(ORÇAMENTO!$W$15,ROW(AC38)-ROW(AC$15),0),15-13*ORÇAMENTO!$AF$11)),0)","v":0},{"$f":"IF(AND($D38=\"Serviço\",AD$12<>0,$H38>0,OR(AUTOEVENTO<>\"manual\",$M38<>1)),\nIF(Import.TipoArredondamento<>\"TransfereGOV\",\nROUND(OFFSET($P38,0,AD$13),15-13*ORÇAMENTO!$AF$7)/$H38*OFFSET(ORÇAMENTO!$X$15,ROW(AD38)-ROW(AD$15),0),\nROUND(ROUND(OFFSET($P38,0,AD$13),15-13*ORÇAMENTO!$AF$7)*OFFSET(ORÇAMENTO!$W$15,ROW(AD38)-ROW(AD$15),0),15-13*ORÇAMENTO!$AF$11)),0)","v":0},{"$f":"IF(AND($D38=\"Serviço\",AE$12<>0,$H38>0,OR(AUTOEVENTO<>\"manual\",$M38<>1)),\nIF(Import.TipoArredondamento<>\"TransfereGOV\",\nROUND(OFFSET($P38,0,AE$13),15-13*ORÇAMENTO!$AF$7)/$H38*OFFSET(ORÇAMENTO!$X$15,ROW(AE38)-ROW(AE$15),0),\nROUND(ROUND(OFFSET($P38,0,AE$13),15-13*ORÇAMENTO!$AF$7)*OFFSET(ORÇAMENTO!$W$15,ROW(AE38)-ROW(AE$15),0),15-13*ORÇAMENTO!$AF$11)),0)","v":0},{"$f":"IF(AND($D38=\"Serviço\",AF$12<>0,$H38>0,OR(AUTOEVENTO<>\"manual\",$M38<>1)),\nIF(Import.TipoArredondamento<>\"TransfereGOV\",\nROUND(OFFSET($P38,0,AF$13),15-13*ORÇAMENTO!$AF$7)/$H38*OFFSET(ORÇAMENTO!$X$15,ROW(AF38)-ROW(AF$15),0),\nROUND(ROUND(OFFSET($P38,0,AF$13),15-13*ORÇAMENTO!$AF$7)*OFFSET(ORÇAMENTO!$W$15,ROW(AF38)-ROW(AF$15),0),15-13*ORÇAMENTO!$AF$11)),0)","v":0},{"$f":"IF(AND($D38=\"Serviço\",AG$12<>0,$H38>0,OR(AUTOEVENTO<>\"manual\",$M38<>1)),\nIF(Import.TipoArredondamento<>\"TransfereGOV\",\nROUND(OFFSET($P38,0,AG$13),15-13*ORÇAMENTO!$AF$7)/$H38*OFFSET(ORÇAMENTO!$X$15,ROW(AG38)-ROW(AG$15),0),\nROUND(ROUND(OFFSET($P38,0,AG$13),15-13*ORÇAMENTO!$AF$7)*OFFSET(ORÇAMENTO!$W$15,ROW(AG38)-ROW(AG$15),0),15-13*ORÇAMENTO!$AF$11)),0)","v":0},{"$f":"IF(AND($D38=\"Serviço\",AH$12<>0,$H38>0,OR(AUTOEVENTO<>\"manual\",$M38<>1)),\nIF(Import.TipoArredondamento<>\"TransfereGOV\",\nROUND(OFFSET($P38,0,AH$13),15-13*ORÇAMENTO!$AF$7)/$H38*OFFSET(ORÇAMENTO!$X$15,ROW(AH38)-ROW(AH$15),0),\nROUND(ROUND(OFFSET($P38,0,AH$13),15-13*ORÇAMENTO!$AF$7)*OFFSET(ORÇAMENTO!$W$15,ROW(AH38)-ROW(AH$15),0),15-13*ORÇAMENTO!$AF$11)),0)","v":0},{"$f":"IF(AND($D38=\"Serviço\",AI$12<>0,$H38>0,OR(AUTOEVENTO<>\"manual\",$M38<>1)),\nIF(Import.TipoArredondamento<>\"TransfereGOV\",\nROUND(OFFSET($P38,0,AI$13),15-13*ORÇAMENTO!$AF$7)/$H38*OFFSET(ORÇAMENTO!$X$15,ROW(AI38)-ROW(AI$15),0),\nROUND(ROUND(OFFSET($P38,0,AI$13),15-13*ORÇAMENTO!$AF$7)*OFFSET(ORÇAMENTO!$W$15,ROW(AI38)-ROW(AI$15),0),15-13*ORÇAMENTO!$AF$11)),0)","v":0},{"$f":"IF(AND($D38=\"Serviço\",AJ$12<>0,$H38>0,OR(AUTOEVENTO<>\"manual\",$M38<>1)),\nIF(Import.TipoArredondamento<>\"TransfereGOV\",\nROUND(OFFSET($P38,0,AJ$13),15-13*ORÇAMENTO!$AF$7)/$H38*OFFSET(ORÇAMENTO!$X$15,ROW(AJ38)-ROW(AJ$15),0),\nROUND(ROUND(OFFSET($P38,0,AJ$13),15-13*ORÇAMENTO!$AF$7)*OFFSET(ORÇAMENTO!$W$15,ROW(AJ38)-ROW(AJ$15),0),15-13*ORÇAMENTO!$AF$11)),0)","v":0},{"$f":"IF(AND($D38=\"Serviço\",AK$12<>0,$H38>0,OR(AUTOEVENTO<>\"manual\",$M38<>1)),\nIF(Import.TipoArredondamento<>\"TransfereGOV\",\nROUND(OFFSET($P38,0,AK$13),15-13*ORÇAMENTO!$AF$7)/$H38*OFFSET(ORÇAMENTO!$X$15,ROW(AK38)-ROW(AK$15),0),\nROUND(ROUND(OFFSET($P38,0,AK$13),15-13*ORÇAMENTO!$AF$7)*OFFSET(ORÇAMENTO!$W$15,ROW(AK38)-ROW(AK$15),0),15-13*ORÇAMENTO!$AF$11)),0)","v":0},null,{"$f":"IF($D38<>\"Serviço\",0,IF(AND(AUTOEVENTO=\"Manual\",$M38=1),0,IF(OFFSET(CRONOPLE!$F$14,$M38,AM$13)=\"\",10^12,OFFSET(CRONOPLE!$F$14,$M38,AM$13))))","v":0},{"$f":"IF($D38<>\"Serviço\",0,IF(AND(AUTOEVENTO=\"Manual\",$M38=1),0,IF(OFFSET(CRONOPLE!$F$14,$M38,AN$13)=\"\",10^12,OFFSET(CRONOPLE!$F$14,$M38,AN$13))))","v":0},{"$f":"IF($D38<>\"Serviço\",0,IF(AND(AUTOEVENTO=\"Manual\",$M38=1),0,IF(OFFSET(CRONOPLE!$F$14,$M38,AO$13)=\"\",10^12,OFFSET(CRONOPLE!$F$14,$M38,AO$13))))","v":0},{"$f":"IF($D38<>\"Serviço\",0,IF(AND(AUTOEVENTO=\"Manual\",$M38=1),0,IF(OFFSET(CRONOPLE!$F$14,$M38,AP$13)=\"\",10^12,OFFSET(CRONOPLE!$F$14,$M38,AP$13))))","v":0},{"$f":"IF($D38<>\"Serviço\",0,IF(AND(AUTOEVENTO=\"Manual\",$M38=1),0,IF(OFFSET(CRONOPLE!$F$14,$M38,AQ$13)=\"\",10^12,OFFSET(CRONOPLE!$F$14,$M38,AQ$13))))","v":0},{"$f":"IF($D38<>\"Serviço\",0,IF(AND(AUTOEVENTO=\"Manual\",$M38=1),0,IF(OFFSET(CRONOPLE!$F$14,$M38,AR$13)=\"\",10^12,OFFSET(CRONOPLE!$F$14,$M38,AR$13))))","v":0},{"$f":"IF($D38<>\"Serviço\",0,IF(AND(AUTOEVENTO=\"Manual\",$M38=1),0,IF(OFFSET(CRONOPLE!$F$14,$M38,AS$13)=\"\",10^12,OFFSET(CRONOPLE!$F$14,$M38,AS$13))))","v":0},{"$f":"IF($D38<>\"Serviço\",0,IF(AND(AUTOEVENTO=\"Manual\",$M38=1),0,IF(OFFSET(CRONOPLE!$F$14,$M38,AT$13)=\"\",10^12,OFFSET(CRONOPLE!$F$14,$M38,AT$13))))","v":0},{"$f":"IF($D38<>\"Serviço\",0,IF(AND(AUTOEVENTO=\"Manual\",$M38=1),0,IF(OFFSET(CRONOPLE!$F$14,$M38,AU$13)=\"\",10^12,OFFSET(CRONOPLE!$F$14,$M38,AU$13))))","v":0},{"$f":"IF($D38<>\"Serviço\",0,IF(AND(AUTOEVENTO=\"Manual\",$M38=1),0,IF(OFFSET(CRONOPLE!$F$14,$M38,AV$13)=\"\",10^12,OFFSET(CRONOPLE!$F$14,$M38,AV$13))))","v":0},null,{"$f":"IF($D38<>\"Serviço\",0,IF(OR(AND(AUTOEVENTO=\"Manual\",$M38=1),$M38>(ROW(PLE.lastrow)-ROW(PLE.firstrow))),0,IF(OFFSET(PLE!$G$14,$M38,AX$13)=\"\",10^12,OFFSET(PLE!$G$14,$M38,AX$13))))","v":0},{"$f":"IF($D38<>\"Serviço\",0,IF(OR(AND(AUTOEVENTO=\"Manual\",$M38=1),$M38>(ROW(PLE.lastrow)-ROW(PLE.firstrow))),0,IF(OFFSET(PLE!$G$14,$M38,AY$13)=\"\",10^12,OFFSET(PLE!$G$14,$M38,AY$13))))","v":0},{"$f":"IF($D38<>\"Serviço\",0,IF(OR(AND(AUTOEVENTO=\"Manual\",$M38=1),$M38>(ROW(PLE.lastrow)-ROW(PLE.firstrow))),0,IF(OFFSET(PLE!$G$14,$M38,AZ$13)=\"\",10^12,OFFSET(PLE!$G$14,$M38,AZ$13))))","v":0},{"$f":"IF($D38<>\"Serviço\",0,IF(OR(AND(AUTOEVENTO=\"Manual\",$M38=1),$M38>(ROW(PLE.lastrow)-ROW(PLE.firstrow))),0,IF(OFFSET(PLE!$G$14,$M38,BA$13)=\"\",10^12,OFFSET(PLE!$G$14,$M38,BA$13))))","v":0},{"$f":"IF($D38<>\"Serviço\",0,IF(OR(AND(AUTOEVENTO=\"Manual\",$M38=1),$M38>(ROW(PLE.lastrow)-ROW(PLE.firstrow))),0,IF(OFFSET(PLE!$G$14,$M38,BB$13)=\"\",10^12,OFFSET(PLE!$G$14,$M38,BB$13))))","v":0},{"$f":"IF($D38<>\"Serviço\",0,IF(OR(AND(AUTOEVENTO=\"Manual\",$M38=1),$M38>(ROW(PLE.lastrow)-ROW(PLE.firstrow))),0,IF(OFFSET(PLE!$G$14,$M38,BC$13)=\"\",10^12,OFFSET(PLE!$G$14,$M38,BC$13))))","v":0},{"$f":"IF($D38<>\"Serviço\",0,IF(OR(AND(AUTOEVENTO=\"Manual\",$M38=1),$M38>(ROW(PLE.lastrow)-ROW(PLE.firstrow))),0,IF(OFFSET(PLE!$G$14,$M38,BD$13)=\"\",10^12,OFFSET(PLE!$G$14,$M38,BD$13))))","v":0},{"$f":"IF($D38<>\"Serviço\",0,IF(OR(AND(AUTOEVENTO=\"Manual\",$M38=1),$M38>(ROW(PLE.lastrow)-ROW(PLE.firstrow))),0,IF(OFFSET(PLE!$G$14,$M38,BE$13)=\"\",10^12,OFFSET(PLE!$G$14,$M38,BE$13))))","v":0},{"$f":"IF($D38<>\"Serviço\",0,IF(OR(AND(AUTOEVENTO=\"Manual\",$M38=1),$M38>(ROW(PLE.lastrow)-ROW(PLE.firstrow))),0,IF(OFFSET(PLE!$G$14,$M38,BF$13)=\"\",10^12,OFFSET(PLE!$G$14,$M38,BF$13))))","v":0},{"$f":"IF($D38<>\"Serviço\",0,IF(OR(AND(AUTOEVENTO=\"Manual\",$M38=1),$M38>(ROW(PLE.lastrow)-ROW(PLE.firstrow))),0,IF(OFFSET(PLE!$G$14,$M38,BG$13)=\"\",10^12,OFFSET(PLE!$G$14,$M38,BG$13))))","v":0}]
["23",{"$f":"OFFSET(ORÇAMENTO!C$15,ROW(B39)-ROW(B$15),0)","v":"S"},{"$f":"OFFSET(ORÇAMENTO!L$15,ROW(C39)-ROW(C$15),0)","v":"F"},{"$f":"OFFSET(ORÇAMENTO!N$15,ROW(D39)-ROW(D$15),0)","v":"Serviço"},{"$f":"OFFSET(ORÇAMENTO!O$15,ROW(E39)-ROW(E$15),0)","v":"1.5.0.1."},{"$f":"OFFSET(ORÇAMENTO!R$15,ROW(F39)-ROW(F$15),0)","v":"IMPERMEABILIZAÇÃO DE SUPERFÍCIE COM EMULSÃO ASFALTICA, 3 DEMÃOS (TODA FACE SUPERIOR E TODAS AS LATERAIS)"},{"$f":"IF($D39<>\"Serviço\",\"\",OFFSET(ORÇAMENTO!S$15,ROW(G39)-ROW(G$15),0))","v":"M2"},{"$f":"IF($D39<>\"Serviço\",0,IF(ACOMPANHAMENTO=\"BM\",ROUND(OFFSET(ORÇAMENTO!AJ$15,ROW(H39)-ROW(H$15),0),15-13*ORÇAMENTO!$AF$7),SUMPRODUCT(($Q$12:$AA$12<>\"\")*ROUND($Q39:$AA39,15-13*ORÇAMENTO!$AF$7))))","v":217.92},"TODO COMPRIMENTO DAS VIGAS, PARTE SUPERIOR E LATERAIS",null,null,".",{"$f":"IF($D39<>\"Serviço\",\"\",IF(AUTOEVENTO=\"manual\",$A39,IF(ISERROR(MATCH($A39,$A$15:OFFSET($A39,-1,0),0)),MAX($M$15:OFFSET(M39,-1,0))+1,INDEX($M$15:OFFSET(M39,-1,0),MATCH($A39,$A$15:OFFSET($A39,-1,0),0)))))","v":6},{"$f":"IF($D39<>\"Serviço\",\"\",IF(AUTOEVENTO=\"Manual\",IF($A39=0,\"<-- defina o número do agrupador\",OFFSET(EVENTOS!$D$14,$A39,0)),OFFSET($F$15,$A39,0)))","v":"IMPERMEABILIZAÇÕES DAS FUNDAÇÕES"},null,null,{"$f":"(18.09+10.97+8.95+10.68+4+4+8+1.88+5.42+5.42+14.15+1.5+9.35+4.9+21.8+4.75+3.45+4.75+1.5+5.66+8.7+6.18+4.59+3.03+3.03+10.95+8.84+8.84+1.25+3.24+3.24+3.24+1.29+1.29+1.29+1.29+1.73+3.1+5.05)*(0.4+0.4+0.15)","v":217.9205},null,null,null,null,null,null,null,null,null,null,{"$f":"IF(AND($D39=\"Serviço\",AB$12<>0,$H39>0,OR(AUTOEVENTO<>\"manual\",$M39<>1)),\nIF(Import.TipoArredondamento<>\"TransfereGOV\",\nROUND(OFFSET($P39,0,AB$13),15-13*ORÇAMENTO!$AF$7)/$H39*OFFSET(ORÇAMENTO!$X$15,ROW(AB39)-ROW(AB$15),0),\nROUND(ROUND(OFFSET($P39,0,AB$13),15-13*ORÇAMENTO!$AF$7)*OFFSET(ORÇAMENTO!$W$15,ROW(AB39)-ROW(AB$15),0),15-13*ORÇAMENTO!$AF$11)),0)","v":17026.09},{"$f":"IF(AND($D39=\"Serviço\",AC$12<>0,$H39>0,OR(AUTOEVENTO<>\"manual\",$M39<>1)),\nIF(Import.TipoArredondamento<>\"TransfereGOV\",\nROUND(OFFSET($P39,0,AC$13),15-13*ORÇAMENTO!$AF$7)/$H39*OFFSET(ORÇAMENTO!$X$15,ROW(AC39)-ROW(AC$15),0),\nROUND(ROUND(OFFSET($P39,0,AC$13),15-13*ORÇAMENTO!$AF$7)*OFFSET(ORÇAMENTO!$W$15,ROW(AC39)-ROW(AC$15),0),15-13*ORÇAMENTO!$AF$11)),0)","v":0},{"$f":"IF(AND($D39=\"Serviço\",AD$12<>0,$H39>0,OR(AUTOEVENTO<>\"manual\",$M39<>1)),\nIF(Import.TipoArredondamento<>\"TransfereGOV\",\nROUND(OFFSET($P39,0,AD$13),15-13*ORÇAMENTO!$AF$7)/$H39*OFFSET(ORÇAMENTO!$X$15,ROW(AD39)-ROW(AD$15),0),\nROUND(ROUND(OFFSET($P39,0,AD$13),15-13*ORÇAMENTO!$AF$7)*OFFSET(ORÇAMENTO!$W$15,ROW(AD39)-ROW(AD$15),0),15-13*ORÇAMENTO!$AF$11)),0)","v":0},{"$f":"IF(AND($D39=\"Serviço\",AE$12<>0,$H39>0,OR(AUTOEVENTO<>\"manual\",$M39<>1)),\nIF(Import.TipoArredondamento<>\"TransfereGOV\",\nROUND(OFFSET($P39,0,AE$13),15-13*ORÇAMENTO!$AF$7)/$H39*OFFSET(ORÇAMENTO!$X$15,ROW(AE39)-ROW(AE$15),0),\nROUND(ROUND(OFFSET($P39,0,AE$13),15-13*ORÇAMENTO!$AF$7)*OFFSET(ORÇAMENTO!$W$15,ROW(AE39)-ROW(AE$15),0),15-13*ORÇAMENTO!$AF$11)),0)","v":0},{"$f":"IF(AND($D39=\"Serviço\",AF$12<>0,$H39>0,OR(AUTOEVENTO<>\"manual\",$M39<>1)),\nIF(Import.TipoArredondamento<>\"TransfereGOV\",\nROUND(OFFSET($P39,0,AF$13),15-13*ORÇAMENTO!$AF$7)/$H39*OFFSET(ORÇAMENTO!$X$15,ROW(AF39)-ROW(AF$15),0),\nROUND(ROUND(OFFSET($P39,0,AF$13),15-13*ORÇAMENTO!$AF$7)*OFFSET(ORÇAMENTO!$W$15,ROW(AF39)-ROW(AF$15),0),15-13*ORÇAMENTO!$AF$11)),0)","v":0},{"$f":"IF(AND($D39=\"Serviço\",AG$12<>0,$H39>0,OR(AUTOEVENTO<>\"manual\",$M39<>1)),\nIF(Import.TipoArredondamento<>\"TransfereGOV\",\nROUND(OFFSET($P39,0,AG$13),15-13*ORÇAMENTO!$AF$7)/$H39*OFFSET(ORÇAMENTO!$X$15,ROW(AG39)-ROW(AG$15),0),\nROUND(ROUND(OFFSET($P39,0,AG$13),15-13*ORÇAMENTO!$AF$7)*OFFSET(ORÇAMENTO!$W$15,ROW(AG39)-ROW(AG$15),0),15-13*ORÇAMENTO!$AF$11)),0)","v":0},{"$f":"IF(AND($D39=\"Serviço\",AH$12<>0,$H39>0,OR(AUTOEVENTO<>\"manual\",$M39<>1)),\nIF(Import.TipoArredondamento<>\"TransfereGOV\",\nROUND(OFFSET($P39,0,AH$13),15-13*ORÇAMENTO!$AF$7)/$H39*OFFSET(ORÇAMENTO!$X$15,ROW(AH39)-ROW(AH$15),0),\nROUND(ROUND(OFFSET($P39,0,AH$13),15-13*ORÇAMENTO!$AF$7)*OFFSET(ORÇAMENTO!$W$15,ROW(AH39)-ROW(AH$15),0),15-13*ORÇAMENTO!$AF$11)),0)","v":0},{"$f":"IF(AND($D39=\"Serviço\",AI$12<>0,$H39>0,OR(AUTOEVENTO<>\"manual\",$M39<>1)),\nIF(Import.TipoArredondamento<>\"TransfereGOV\",\nROUND(OFFSET($P39,0,AI$13),15-13*ORÇAMENTO!$AF$7)/$H39*OFFSET(ORÇAMENTO!$X$15,ROW(AI39)-ROW(AI$15),0),\nROUND(ROUND(OFFSET($P39,0,AI$13),15-13*ORÇAMENTO!$AF$7)*OFFSET(ORÇAMENTO!$W$15,ROW(AI39)-ROW(AI$15),0),15-13*ORÇAMENTO!$AF$11)),0)","v":0},{"$f":"IF(AND($D39=\"Serviço\",AJ$12<>0,$H39>0,OR(AUTOEVENTO<>\"manual\",$M39<>1)),\nIF(Import.TipoArredondamento<>\"TransfereGOV\",\nROUND(OFFSET($P39,0,AJ$13),15-13*ORÇAMENTO!$AF$7)/$H39*OFFSET(ORÇAMENTO!$X$15,ROW(AJ39)-ROW(AJ$15),0),\nROUND(ROUND(OFFSET($P39,0,AJ$13),15-13*ORÇAMENTO!$AF$7)*OFFSET(ORÇAMENTO!$W$15,ROW(AJ39)-ROW(AJ$15),0),15-13*ORÇAMENTO!$AF$11)),0)","v":0},{"$f":"IF(AND($D39=\"Serviço\",AK$12<>0,$H39>0,OR(AUTOEVENTO<>\"manual\",$M39<>1)),\nIF(Import.TipoArredondamento<>\"TransfereGOV\",\nROUND(OFFSET($P39,0,AK$13),15-13*ORÇAMENTO!$AF$7)/$H39*OFFSET(ORÇAMENTO!$X$15,ROW(AK39)-ROW(AK$15),0),\nROUND(ROUND(OFFSET($P39,0,AK$13),15-13*ORÇAMENTO!$AF$7)*OFFSET(ORÇAMENTO!$W$15,ROW(AK39)-ROW(AK$15),0),15-13*ORÇAMENTO!$AF$11)),0)","v":0},null,{"$f":"IF($D39<>\"Serviço\",0,IF(AND(AUTOEVENTO=\"Manual\",$M39=1),0,IF(OFFSET(CRONOPLE!$F$14,$M39,AM$13)=\"\",10^12,OFFSET(CRONOPLE!$F$14,$M39,AM$13))))","v":1000000000000},{"$f":"IF($D39<>\"Serviço\",0,IF(AND(AUTOEVENTO=\"Manual\",$M39=1),0,IF(OFFSET(CRONOPLE!$F$14,$M39,AN$13)=\"\",10^12,OFFSET(CRONOPLE!$F$14,$M39,AN$13))))","v":1000000000000},{"$f":"IF($D39<>\"Serviço\",0,IF(AND(AUTOEVENTO=\"Manual\",$M39=1),0,IF(OFFSET(CRONOPLE!$F$14,$M39,AO$13)=\"\",10^12,OFFSET(CRONOPLE!$F$14,$M39,AO$13))))","v":1000000000000},{"$f":"IF($D39<>\"Serviço\",0,IF(AND(AUTOEVENTO=\"Manual\",$M39=1),0,IF(OFFSET(CRONOPLE!$F$14,$M39,AP$13)=\"\",10^12,OFFSET(CRONOPLE!$F$14,$M39,AP$13))))","v":1000000000000},{"$f":"IF($D39<>\"Serviço\",0,IF(AND(AUTOEVENTO=\"Manual\",$M39=1),0,IF(OFFSET(CRONOPLE!$F$14,$M39,AQ$13)=\"\",10^12,OFFSET(CRONOPLE!$F$14,$M39,AQ$13))))","v":1000000000000},{"$f":"IF($D39<>\"Serviço\",0,IF(AND(AUTOEVENTO=\"Manual\",$M39=1),0,IF(OFFSET(CRONOPLE!$F$14,$M39,AR$13)=\"\",10^12,OFFSET(CRONOPLE!$F$14,$M39,AR$13))))","v":1000000000000},{"$f":"IF($D39<>\"Serviço\",0,IF(AND(AUTOEVENTO=\"Manual\",$M39=1),0,IF(OFFSET(CRONOPLE!$F$14,$M39,AS$13)=\"\",10^12,OFFSET(CRONOPLE!$F$14,$M39,AS$13))))","v":1000000000000},{"$f":"IF($D39<>\"Serviço\",0,IF(AND(AUTOEVENTO=\"Manual\",$M39=1),0,IF(OFFSET(CRONOPLE!$F$14,$M39,AT$13)=\"\",10^12,OFFSET(CRONOPLE!$F$14,$M39,AT$13))))","v":1000000000000},{"$f":"IF($D39<>\"Serviço\",0,IF(AND(AUTOEVENTO=\"Manual\",$M39=1),0,IF(OFFSET(CRONOPLE!$F$14,$M39,AU$13)=\"\",10^12,OFFSET(CRONOPLE!$F$14,$M39,AU$13))))","v":1000000000000},{"$f":"IF($D39<>\"Serviço\",0,IF(AND(AUTOEVENTO=\"Manual\",$M39=1),0,IF(OFFSET(CRONOPLE!$F$14,$M39,AV$13)=\"\",10^12,OFFSET(CRONOPLE!$F$14,$M39,AV$13))))","v":1000000000000},null,{"$f":"IF($D39<>\"Serviço\",0,IF(OR(AND(AUTOEVENTO=\"Manual\",$M39=1),$M39>(ROW(PLE.lastrow)-ROW(PLE.firstrow))),0,IF(OFFSET(PLE!$G$14,$M39,AX$13)=\"\",10^12,OFFSET(PLE!$G$14,$M39,AX$13))))","v":1000000000000},{"$f":"IF($D39<>\"Serviço\",0,IF(OR(AND(AUTOEVENTO=\"Manual\",$M39=1),$M39>(ROW(PLE.lastrow)-ROW(PLE.firstrow))),0,IF(OFFSET(PLE!$G$14,$M39,AY$13)=\"\",10^12,OFFSET(PLE!$G$14,$M39,AY$13))))","v":1000000000000},{"$f":"IF($D39<>\"Serviço\",0,IF(OR(AND(AUTOEVENTO=\"Manual\",$M39=1),$M39>(ROW(PLE.lastrow)-ROW(PLE.firstrow))),0,IF(OFFSET(PLE!$G$14,$M39,AZ$13)=\"\",10^12,OFFSET(PLE!$G$14,$M39,AZ$13))))","v":1000000000000},{"$f":"IF($D39<>\"Serviço\",0,IF(OR(AND(AUTOEVENTO=\"Manual\",$M39=1),$M39>(ROW(PLE.lastrow)-ROW(PLE.firstrow))),0,IF(OFFSET(PLE!$G$14,$M39,BA$13)=\"\",10^12,OFFSET(PLE!$G$14,$M39,BA$13))))","v":1000000000000},{"$f":"IF($D39<>\"Serviço\",0,IF(OR(AND(AUTOEVENTO=\"Manual\",$M39=1),$M39>(ROW(PLE.lastrow)-ROW(PLE.firstrow))),0,IF(OFFSET(PLE!$G$14,$M39,BB$13)=\"\",10^12,OFFSET(PLE!$G$14,$M39,BB$13))))","v":1000000000000},{"$f":"IF($D39<>\"Serviço\",0,IF(OR(AND(AUTOEVENTO=\"Manual\",$M39=1),$M39>(ROW(PLE.lastrow)-ROW(PLE.firstrow))),0,IF(OFFSET(PLE!$G$14,$M39,BC$13)=\"\",10^12,OFFSET(PLE!$G$14,$M39,BC$13))))","v":1000000000000},{"$f":"IF($D39<>\"Serviço\",0,IF(OR(AND(AUTOEVENTO=\"Manual\",$M39=1),$M39>(ROW(PLE.lastrow)-ROW(PLE.firstrow))),0,IF(OFFSET(PLE!$G$14,$M39,BD$13)=\"\",10^12,OFFSET(PLE!$G$14,$M39,BD$13))))","v":1000000000000},{"$f":"IF($D39<>\"Serviço\",0,IF(OR(AND(AUTOEVENTO=\"Manual\",$M39=1),$M39>(ROW(PLE.lastrow)-ROW(PLE.firstrow))),0,IF(OFFSET(PLE!$G$14,$M39,BE$13)=\"\",10^12,OFFSET(PLE!$G$14,$M39,BE$13))))","v":1000000000000},{"$f":"IF($D39<>\"Serviço\",0,IF(OR(AND(AUTOEVENTO=\"Manual\",$M39=1),$M39>(ROW(PLE.lastrow)-ROW(PLE.firstrow))),0,IF(OFFSET(PLE!$G$14,$M39,BF$13)=\"\",10^12,OFFSET(PLE!$G$14,$M39,BF$13))))","v":1000000000000},{"$f":"IF($D39<>\"Serviço\",0,IF(OR(AND(AUTOEVENTO=\"Manual\",$M39=1),$M39>(ROW(PLE.lastrow)-ROW(PLE.firstrow))),0,IF(OFFSET(PLE!$G$14,$M39,BG$13)=\"\",10^12,OFFSET(PLE!$G$14,$M39,BG$13))))","v":1000000000000}]
["25.",{"$f":"OFFSET(ORÇAMENTO!C$15,ROW(B40)-ROW(B$15),0)","v":2},{"$f":"OFFSET(ORÇAMENTO!L$15,ROW(C40)-ROW(C$15),0)","v":"F"},{"$f":"OFFSET(ORÇAMENTO!N$15,ROW(D40)-ROW(D$15),0)","v":"Nível 2"},{"$f":"OFFSET(ORÇAMENTO!O$15,ROW(E40)-ROW(E$15),0)","v":"1.6."},{"$f":"OFFSET(ORÇAMENTO!R$15,ROW(F40)-ROW(F$15),0)","v":"SUPERESTRUTURA "},{"$f":"IF($D40<>\"Serviço\",\"\",OFFSET(ORÇAMENTO!S$15,ROW(G40)-ROW(G$15),0))","v":""},{"$f":"IF($D40<>\"Serviço\",0,IF(ACOMPANHAMENTO=\"BM\",ROUND(OFFSET(ORÇAMENTO!AJ$15,ROW(H40)-ROW(H$15),0),15-13*ORÇAMENTO!$AF$7),SUMPRODUCT(($Q$12:$AA$12<>\"\")*ROUND($Q40:$AA40,15-13*ORÇAMENTO!$AF$7))))","v":0},null,null,null,".",{"$f":"IF($D40<>\"Serviço\",\"\",IF(AUTOEVENTO=\"manual\",$A40,IF(ISERROR(MATCH($A40,$A$15:OFFSET($A40,-1,0),0)),MAX($M$15:OFFSET(M40,-1,0))+1,INDEX($M$15:OFFSET(M40,-1,0),MATCH($A40,$A$15:OFFSET($A40,-1,0),0)))))","v":""},{"$f":"IF($D40<>\"Serviço\",\"\",IF(AUTOEVENTO=\"Manual\",IF($A40=0,\"<-- defina o número do agrupador\",OFFSET(EVENTOS!$D$14,$A40,0)),OFFSET($F$15,$A40,0)))","v":""},null,null,null,null,null,null,null,null,null,null,null,null,null,{"$f":"IF(AND($D40=\"Serviço\",AB$12<>0,$H40>0,OR(AUTOEVENTO<>\"manual\",$M40<>1)),\nIF(Import.TipoArredondamento<>\"TransfereGOV\",\nROUND(OFFSET($P40,0,AB$13),15-13*ORÇAMENTO!$AF$7)/$H40*OFFSET(ORÇAMENTO!$X$15,ROW(AB40)-ROW(AB$15),0),\nROUND(ROUND(OFFSET($P40,0,AB$13),15-13*ORÇAMENTO!$AF$7)*OFFSET(ORÇAMENTO!$W$15,ROW(AB40)-ROW(AB$15),0),15-13*ORÇAMENTO!$AF$11)),0)","v":0},{"$f":"IF(AND($D40=\"Serviço\",AC$12<>0,$H40>0,OR(AUTOEVENTO<>\"manual\",$M40<>1)),\nIF(Import.TipoArredondamento<>\"TransfereGOV\",\nROUND(OFFSET($P40,0,AC$13),15-13*ORÇAMENTO!$AF$7)/$H40*OFFSET(ORÇAMENTO!$X$15,ROW(AC40)-ROW(AC$15),0),\nROUND(ROUND(OFFSET($P40,0,AC$13),15-13*ORÇAMENTO!$AF$7)*OFFSET(ORÇAMENTO!$W$15,ROW(AC40)-ROW(AC$15),0),15-13*ORÇAMENTO!$AF$11)),0)","v":0},{"$f":"IF(AND($D40=\"Serviço\",AD$12<>0,$H40>0,OR(AUTOEVENTO<>\"manual\",$M40<>1)),\nIF(Import.TipoArredondamento<>\"TransfereGOV\",\nROUND(OFFSET($P40,0,AD$13),15-13*ORÇAMENTO!$AF$7)/$H40*OFFSET(ORÇAMENTO!$X$15,ROW(AD40)-ROW(AD$15),0),\nROUND(ROUND(OFFSET($P40,0,AD$13),15-13*ORÇAMENTO!$AF$7)*OFFSET(ORÇAMENTO!$W$15,ROW(AD40)-ROW(AD$15),0),15-13*ORÇAMENTO!$AF$11)),0)","v":0},{"$f":"IF(AND($D40=\"Serviço\",AE$12<>0,$H40>0,OR(AUTOEVENTO<>\"manual\",$M40<>1)),\nIF(Import.TipoArredondamento<>\"TransfereGOV\",\nROUND(OFFSET($P40,0,AE$13),15-13*ORÇAMENTO!$AF$7)/$H40*OFFSET(ORÇAMENTO!$X$15,ROW(AE40)-ROW(AE$15),0),\nROUND(ROUND(OFFSET($P40,0,AE$13),15-13*ORÇAMENTO!$AF$7)*OFFSET(ORÇAMENTO!$W$15,ROW(AE40)-ROW(AE$15),0),15-13*ORÇAMENTO!$AF$11)),0)","v":0},{"$f":"IF(AND($D40=\"Serviço\",AF$12<>0,$H40>0,OR(AUTOEVENTO<>\"manual\",$M40<>1)),\nIF(Import.TipoArredondamento<>\"TransfereGOV\",\nROUND(OFFSET($P40,0,AF$13),15-13*ORÇAMENTO!$AF$7)/$H40*OFFSET(ORÇAMENTO!$X$15,ROW(AF40)-ROW(AF$15),0),\nROUND(ROUND(OFFSET($P40,0,AF$13),15-13*ORÇAMENTO!$AF$7)*OFFSET(ORÇAMENTO!$W$15,ROW(AF40)-ROW(AF$15),0),15-13*ORÇAMENTO!$AF$11)),0)","v":0},{"$f":"IF(AND($D40=\"Serviço\",AG$12<>0,$H40>0,OR(AUTOEVENTO<>\"manual\",$M40<>1)),\nIF(Import.TipoArredondamento<>\"TransfereGOV\",\nROUND(OFFSET($P40,0,AG$13),15-13*ORÇAMENTO!$AF$7)/$H40*OFFSET(ORÇAMENTO!$X$15,ROW(AG40)-ROW(AG$15),0),\nROUND(ROUND(OFFSET($P40,0,AG$13),15-13*ORÇAMENTO!$AF$7)*OFFSET(ORÇAMENTO!$W$15,ROW(AG40)-ROW(AG$15),0),15-13*ORÇAMENTO!$AF$11)),0)","v":0},{"$f":"IF(AND($D40=\"Serviço\",AH$12<>0,$H40>0,OR(AUTOEVENTO<>\"manual\",$M40<>1)),\nIF(Import.TipoArredondamento<>\"TransfereGOV\",\nROUND(OFFSET($P40,0,AH$13),15-13*ORÇAMENTO!$AF$7)/$H40*OFFSET(ORÇAMENTO!$X$15,ROW(AH40)-ROW(AH$15),0),\nROUND(ROUND(OFFSET($P40,0,AH$13),15-13*ORÇAMENTO!$AF$7)*OFFSET(ORÇAMENTO!$W$15,ROW(AH40)-ROW(AH$15),0),15-13*ORÇAMENTO!$AF$11)),0)","v":0},{"$f":"IF(AND($D40=\"Serviço\",AI$12<>0,$H40>0,OR(AUTOEVENTO<>\"manual\",$M40<>1)),\nIF(Import.TipoArredondamento<>\"TransfereGOV\",\nROUND(OFFSET($P40,0,AI$13),15-13*ORÇAMENTO!$AF$7)/$H40*OFFSET(ORÇAMENTO!$X$15,ROW(AI40)-ROW(AI$15),0),\nROUND(ROUND(OFFSET($P40,0,AI$13),15-13*ORÇAMENTO!$AF$7)*OFFSET(ORÇAMENTO!$W$15,ROW(AI40)-ROW(AI$15),0),15-13*ORÇAMENTO!$AF$11)),0)","v":0},{"$f":"IF(AND($D40=\"Serviço\",AJ$12<>0,$H40>0,OR(AUTOEVENTO<>\"manual\",$M40<>1)),\nIF(Import.TipoArredondamento<>\"TransfereGOV\",\nROUND(OFFSET($P40,0,AJ$13),15-13*ORÇAMENTO!$AF$7)/$H40*OFFSET(ORÇAMENTO!$X$15,ROW(AJ40)-ROW(AJ$15),0),\nROUND(ROUND(OFFSET($P40,0,AJ$13),15-13*ORÇAMENTO!$AF$7)*OFFSET(ORÇAMENTO!$W$15,ROW(AJ40)-ROW(AJ$15),0),15-13*ORÇAMENTO!$AF$11)),0)","v":0},{"$f":"IF(AND($D40=\"Serviço\",AK$12<>0,$H40>0,OR(AUTOEVENTO<>\"manual\",$M40<>1)),\nIF(Import.TipoArredondamento<>\"TransfereGOV\",\nROUND(OFFSET($P40,0,AK$13),15-13*ORÇAMENTO!$AF$7)/$H40*OFFSET(ORÇAMENTO!$X$15,ROW(AK40)-ROW(AK$15),0),\nROUND(ROUND(OFFSET($P40,0,AK$13),15-13*ORÇAMENTO!$AF$7)*OFFSET(ORÇAMENTO!$W$15,ROW(AK40)-ROW(AK$15),0),15-13*ORÇAMENTO!$AF$11)),0)","v":0},null,{"$f":"IF($D40<>\"Serviço\",0,IF(AND(AUTOEVENTO=\"Manual\",$M40=1),0,IF(OFFSET(CRONOPLE!$F$14,$M40,AM$13)=\"\",10^12,OFFSET(CRONOPLE!$F$14,$M40,AM$13))))","v":0},{"$f":"IF($D40<>\"Serviço\",0,IF(AND(AUTOEVENTO=\"Manual\",$M40=1),0,IF(OFFSET(CRONOPLE!$F$14,$M40,AN$13)=\"\",10^12,OFFSET(CRONOPLE!$F$14,$M40,AN$13))))","v":0},{"$f":"IF($D40<>\"Serviço\",0,IF(AND(AUTOEVENTO=\"Manual\",$M40=1),0,IF(OFFSET(CRONOPLE!$F$14,$M40,AO$13)=\"\",10^12,OFFSET(CRONOPLE!$F$14,$M40,AO$13))))","v":0},{"$f":"IF($D40<>\"Serviço\",0,IF(AND(AUTOEVENTO=\"Manual\",$M40=1),0,IF(OFFSET(CRONOPLE!$F$14,$M40,AP$13)=\"\",10^12,OFFSET(CRONOPLE!$F$14,$M40,AP$13))))","v":0},{"$f":"IF($D40<>\"Serviço\",0,IF(AND(AUTOEVENTO=\"Manual\",$M40=1),0,IF(OFFSET(CRONOPLE!$F$14,$M40,AQ$13)=\"\",10^12,OFFSET(CRONOPLE!$F$14,$M40,AQ$13))))","v":0},{"$f":"IF($D40<>\"Serviço\",0,IF(AND(AUTOEVENTO=\"Manual\",$M40=1),0,IF(OFFSET(CRONOPLE!$F$14,$M40,AR$13)=\"\",10^12,OFFSET(CRONOPLE!$F$14,$M40,AR$13))))","v":0},{"$f":"IF($D40<>\"Serviço\",0,IF(AND(AUTOEVENTO=\"Manual\",$M40=1),0,IF(OFFSET(CRONOPLE!$F$14,$M40,AS$13)=\"\",10^12,OFFSET(CRONOPLE!$F$14,$M40,AS$13))))","v":0},{"$f":"IF($D40<>\"Serviço\",0,IF(AND(AUTOEVENTO=\"Manual\",$M40=1),0,IF(OFFSET(CRONOPLE!$F$14,$M40,AT$13)=\"\",10^12,OFFSET(CRONOPLE!$F$14,$M40,AT$13))))","v":0},{"$f":"IF($D40<>\"Serviço\",0,IF(AND(AUTOEVENTO=\"Manual\",$M40=1),0,IF(OFFSET(CRONOPLE!$F$14,$M40,AU$13)=\"\",10^12,OFFSET(CRONOPLE!$F$14,$M40,AU$13))))","v":0},{"$f":"IF($D40<>\"Serviço\",0,IF(AND(AUTOEVENTO=\"Manual\",$M40=1),0,IF(OFFSET(CRONOPLE!$F$14,$M40,AV$13)=\"\",10^12,OFFSET(CRONOPLE!$F$14,$M40,AV$13))))","v":0},null,{"$f":"IF($D40<>\"Serviço\",0,IF(OR(AND(AUTOEVENTO=\"Manual\",$M40=1),$M40>(ROW(PLE.lastrow)-ROW(PLE.firstrow))),0,IF(OFFSET(PLE!$G$14,$M40,AX$13)=\"\",10^12,OFFSET(PLE!$G$14,$M40,AX$13))))","v":0},{"$f":"IF($D40<>\"Serviço\",0,IF(OR(AND(AUTOEVENTO=\"Manual\",$M40=1),$M40>(ROW(PLE.lastrow)-ROW(PLE.firstrow))),0,IF(OFFSET(PLE!$G$14,$M40,AY$13)=\"\",10^12,OFFSET(PLE!$G$14,$M40,AY$13))))","v":0},{"$f":"IF($D40<>\"Serviço\",0,IF(OR(AND(AUTOEVENTO=\"Manual\",$M40=1),$M40>(ROW(PLE.lastrow)-ROW(PLE.firstrow))),0,IF(OFFSET(PLE!$G$14,$M40,AZ$13)=\"\",10^12,OFFSET(PLE!$G$14,$M40,AZ$13))))","v":0},{"$f":"IF($D40<>\"Serviço\",0,IF(OR(AND(AUTOEVENTO=\"Manual\",$M40=1),$M40>(ROW(PLE.lastrow)-ROW(PLE.firstrow))),0,IF(OFFSET(PLE!$G$14,$M40,BA$13)=\"\",10^12,OFFSET(PLE!$G$14,$M40,BA$13))))","v":0},{"$f":"IF($D40<>\"Serviço\",0,IF(OR(AND(AUTOEVENTO=\"Manual\",$M40=1),$M40>(ROW(PLE.lastrow)-ROW(PLE.firstrow))),0,IF(OFFSET(PLE!$G$14,$M40,BB$13)=\"\",10^12,OFFSET(PLE!$G$14,$M40,BB$13))))","v":0},{"$f":"IF($D40<>\"Serviço\",0,IF(OR(AND(AUTOEVENTO=\"Manual\",$M40=1),$M40>(ROW(PLE.lastrow)-ROW(PLE.firstrow))),0,IF(OFFSET(PLE!$G$14,$M40,BC$13)=\"\",10^12,OFFSET(PLE!$G$14,$M40,BC$13))))","v":0},{"$f":"IF($D40<>\"Serviço\",0,IF(OR(AND(AUTOEVENTO=\"Manual\",$M40=1),$M40>(ROW(PLE.lastrow)-ROW(PLE.firstrow))),0,IF(OFFSET(PLE!$G$14,$M40,BD$13)=\"\",10^12,OFFSET(PLE!$G$14,$M40,BD$13))))","v":0},{"$f":"IF($D40<>\"Serviço\",0,IF(OR(AND(AUTOEVENTO=\"Manual\",$M40=1),$M40>(ROW(PLE.lastrow)-ROW(PLE.firstrow))),0,IF(OFFSET(PLE!$G$14,$M40,BE$13)=\"\",10^12,OFFSET(PLE!$G$14,$M40,BE$13))))","v":0},{"$f":"IF($D40<>\"Serviço\",0,IF(OR(AND(AUTOEVENTO=\"Manual\",$M40=1),$M40>(ROW(PLE.lastrow)-ROW(PLE.firstrow))),0,IF(OFFSET(PLE!$G$14,$M40,BF$13)=\"\",10^12,OFFSET(PLE!$G$14,$M40,BF$13))))","v":0},{"$f":"IF($D40<>\"Serviço\",0,IF(OR(AND(AUTOEVENTO=\"Manual\",$M40=1),$M40>(ROW(PLE.lastrow)-ROW(PLE.firstrow))),0,IF(OFFSET(PLE!$G$14,$M40,BG$13)=\"\",10^12,OFFSET(PLE!$G$14,$M40,BG$13))))","v":0}]
["25",{"$f":"OFFSET(ORÇAMENTO!C$15,ROW(B41)-ROW(B$15),0)","v":"S"},{"$f":"OFFSET(ORÇAMENTO!L$15,ROW(C41)-ROW(C$15),0)","v":"F"},{"$f":"OFFSET(ORÇAMENTO!N$15,ROW(D41)-ROW(D$15),0)","v":"Serviço"},{"$f":"OFFSET(ORÇAMENTO!O$15,ROW(E41)-ROW(E$15),0)","v":"1.6.0.1."},{"$f":"OFFSET(ORÇAMENTO!R$15,ROW(F41)-ROW(F$15),0)","v":"PILAR 35X10CM, ARMAÇÃO LONGITUDINAL 4X10MM, ESTRIBOS 5MM C/ 12, CONCRETO USINADO FCK 25MPA"},{"$f":"IF($D41<>\"Serviço\",\"\",OFFSET(ORÇAMENTO!S$15,ROW(G41)-ROW(G$15),0))","v":"M"},{"$f":"IF($D41<>\"Serviço\",0,IF(ACOMPANHAMENTO=\"BM\",ROUND(OFFSET(ORÇAMENTO!AJ$15,ROW(H41)-ROW(H$15),0),15-13*ORÇAMENTO!$AF$7),SUMPRODUCT(($Q$12:$AA$12<>\"\")*ROUND($Q41:$AA41,15-13*ORÇAMENTO!$AF$7))))","v":3.4},"DA PARTE INFERIOR DA LAJE ATÉ FUNDO DA VIGA BALDRAME, CONSIDERANDO SAPATA ENCONSTADA NA VIGA",null,null,".",{"$f":"IF($D41<>\"Serviço\",\"\",IF(AUTOEVENTO=\"manual\",$A41,IF(ISERROR(MATCH($A41,$A$15:OFFSET($A41,-1,0),0)),MAX($M$15:OFFSET(M41,-1,0))+1,INDEX($M$15:OFFSET(M41,-1,0),MATCH($A41,$A$15:OFFSET($A41,-1,0),0)))))","v":7},{"$f":"IF($D41<>\"Serviço\",\"\",IF(AUTOEVENTO=\"Manual\",IF($A41=0,\"<-- defina o número do agrupador\",OFFSET(EVENTOS!$D$14,$A41,0)),OFFSET($F$15,$A41,0)))","v":"SUPERESTRUTURA "},null,null,3.4,null,null,null,null,null,null,null,null,null,null,{"$f":"IF(AND($D41=\"Serviço\",AB$12<>0,$H41>0,OR(AUTOEVENTO<>\"manual\",$M41<>1)),\nIF(Import.TipoArredondamento<>\"TransfereGOV\",\nROUND(OFFSET($P41,0,AB$13),15-13*ORÇAMENTO!$AF$7)/$H41*OFFSET(ORÇAMENTO!$X$15,ROW(AB41)-ROW(AB$15),0),\nROUND(ROUND(OFFSET($P41,0,AB$13),15-13*ORÇAMENTO!$AF$7)*OFFSET(ORÇAMENTO!$W$15,ROW(AB41)-ROW(AB$15),0),15-13*ORÇAMENTO!$AF$11)),0)","v":498.13},{"$f":"IF(AND($D41=\"Serviço\",AC$12<>0,$H41>0,OR(AUTOEVENTO<>\"manual\",$M41<>1)),\nIF(Import.TipoArredondamento<>\"TransfereGOV\",\nROUND(OFFSET($P41,0,AC$13),15-13*ORÇAMENTO!$AF$7)/$H41*OFFSET(ORÇAMENTO!$X$15,ROW(AC41)-ROW(AC$15),0),\nROUND(ROUND(OFFSET($P41,0,AC$13),15-13*ORÇAMENTO!$AF$7)*OFFSET(ORÇAMENTO!$W$15,ROW(AC41)-ROW(AC$15),0),15-13*ORÇAMENTO!$AF$11)),0)","v":0},{"$f":"IF(AND($D41=\"Serviço\",AD$12<>0,$H41>0,OR(AUTOEVENTO<>\"manual\",$M41<>1)),\nIF(Import.TipoArredondamento<>\"TransfereGOV\",\nROUND(OFFSET($P41,0,AD$13),15-13*ORÇAMENTO!$AF$7)/$H41*OFFSET(ORÇAMENTO!$X$15,ROW(AD41)-ROW(AD$15),0),\nROUND(ROUND(OFFSET($P41,0,AD$13),15-13*ORÇAMENTO!$AF$7)*OFFSET(ORÇAMENTO!$W$15,ROW(AD41)-ROW(AD$15),0),15-13*ORÇAMENTO!$AF$11)),0)","v":0},{"$f":"IF(AND($D41=\"Serviço\",AE$12<>0,$H41>0,OR(AUTOEVENTO<>\"manual\",$M41<>1)),\nIF(Import.TipoArredondamento<>\"TransfereGOV\",\nROUND(OFFSET($P41,0,AE$13),15-13*ORÇAMENTO!$AF$7)/$H41*OFFSET(ORÇAMENTO!$X$15,ROW(AE41)-ROW(AE$15),0),\nROUND(ROUND(OFFSET($P41,0,AE$13),15-13*ORÇAMENTO!$AF$7)*OFFSET(ORÇAMENTO!$W$15,ROW(AE41)-ROW(AE$15),0),15-13*ORÇAMENTO!$AF$11)),0)","v":0},{"$f":"IF(AND($D41=\"Serviço\",AF$12<>0,$H41>0,OR(AUTOEVENTO<>\"manual\",$M41<>1)),\nIF(Import.TipoArredondamento<>\"TransfereGOV\",\nROUND(OFFSET($P41,0,AF$13),15-13*ORÇAMENTO!$AF$7)/$H41*OFFSET(ORÇAMENTO!$X$15,ROW(AF41)-ROW(AF$15),0),\nROUND(ROUND(OFFSET($P41,0,AF$13),15-13*ORÇAMENTO!$AF$7)*OFFSET(ORÇAMENTO!$W$15,ROW(AF41)-ROW(AF$15),0),15-13*ORÇAMENTO!$AF$11)),0)","v":0},{"$f":"IF(AND($D41=\"Serviço\",AG$12<>0,$H41>0,OR(AUTOEVENTO<>\"manual\",$M41<>1)),\nIF(Import.TipoArredondamento<>\"TransfereGOV\",\nROUND(OFFSET($P41,0,AG$13),15-13*ORÇAMENTO!$AF$7)/$H41*OFFSET(ORÇAMENTO!$X$15,ROW(AG41)-ROW(AG$15),0),\nROUND(ROUND(OFFSET($P41,0,AG$13),15-13*ORÇAMENTO!$AF$7)*OFFSET(ORÇAMENTO!$W$15,ROW(AG41)-ROW(AG$15),0),15-13*ORÇAMENTO!$AF$11)),0)","v":0},{"$f":"IF(AND($D41=\"Serviço\",AH$12<>0,$H41>0,OR(AUTOEVENTO<>\"manual\",$M41<>1)),\nIF(Import.TipoArredondamento<>\"TransfereGOV\",\nROUND(OFFSET($P41,0,AH$13),15-13*ORÇAMENTO!$AF$7)/$H41*OFFSET(ORÇAMENTO!$X$15,ROW(AH41)-ROW(AH$15),0),\nROUND(ROUND(OFFSET($P41,0,AH$13),15-13*ORÇAMENTO!$AF$7)*OFFSET(ORÇAMENTO!$W$15,ROW(AH41)-ROW(AH$15),0),15-13*ORÇAMENTO!$AF$11)),0)","v":0},{"$f":"IF(AND($D41=\"Serviço\",AI$12<>0,$H41>0,OR(AUTOEVENTO<>\"manual\",$M41<>1)),\nIF(Import.TipoArredondamento<>\"TransfereGOV\",\nROUND(OFFSET($P41,0,AI$13),15-13*ORÇAMENTO!$AF$7)/$H41*OFFSET(ORÇAMENTO!$X$15,ROW(AI41)-ROW(AI$15),0),\nROUND(ROUND(OFFSET($P41,0,AI$13),15-13*ORÇAMENTO!$AF$7)*OFFSET(ORÇAMENTO!$W$15,ROW(AI41)-ROW(AI$15),0),15-13*ORÇAMENTO!$AF$11)),0)","v":0},{"$f":"IF(AND($D41=\"Serviço\",AJ$12<>0,$H41>0,OR(AUTOEVENTO<>\"manual\",$M41<>1)),\nIF(Import.TipoArredondamento<>\"TransfereGOV\",\nROUND(OFFSET($P41,0,AJ$13),15-13*ORÇAMENTO!$AF$7)/$H41*OFFSET(ORÇAMENTO!$X$15,ROW(AJ41)-ROW(AJ$15),0),\nROUND(ROUND(OFFSET($P41,0,AJ$13),15-13*ORÇAMENTO!$AF$7)*OFFSET(ORÇAMENTO!$W$15,ROW(AJ41)-ROW(AJ$15),0),15-13*ORÇAMENTO!$AF$11)),0)","v":0},{"$f":"IF(AND($D41=\"Serviço\",AK$12<>0,$H41>0,OR(AUTOEVENTO<>\"manual\",$M41<>1)),\nIF(Import.TipoArredondamento<>\"TransfereGOV\",\nROUND(OFFSET($P41,0,AK$13),15-13*ORÇAMENTO!$AF$7)/$H41*OFFSET(ORÇAMENTO!$X$15,ROW(AK41)-ROW(AK$15),0),\nROUND(ROUND(OFFSET($P41,0,AK$13),15-13*ORÇAMENTO!$AF$7)*OFFSET(ORÇAMENTO!$W$15,ROW(AK41)-ROW(AK$15),0),15-13*ORÇAMENTO!$AF$11)),0)","v":0},null,{"$f":"IF($D41<>\"Serviço\",0,IF(AND(AUTOEVENTO=\"Manual\",$M41=1),0,IF(OFFSET(CRONOPLE!$F$14,$M41,AM$13)=\"\",10^12,OFFSET(CRONOPLE!$F$14,$M41,AM$13))))","v":1000000000000},{"$f":"IF($D41<>\"Serviço\",0,IF(AND(AUTOEVENTO=\"Manual\",$M41=1),0,IF(OFFSET(CRONOPLE!$F$14,$M41,AN$13)=\"\",10^12,OFFSET(CRONOPLE!$F$14,$M41,AN$13))))","v":1000000000000},{"$f":"IF($D41<>\"Serviço\",0,IF(AND(AUTOEVENTO=\"Manual\",$M41=1),0,IF(OFFSET(CRONOPLE!$F$14,$M41,AO$13)=\"\",10^12,OFFSET(CRONOPLE!$F$14,$M41,AO$13))))","v":1000000000000},{"$f":"IF($D41<>\"Serviço\",0,IF(AND(AUTOEVENTO=\"Manual\",$M41=1),0,IF(OFFSET(CRONOPLE!$F$14,$M41,AP$13)=\"\",10^12,OFFSET(CRONOPLE!$F$14,$M41,AP$13))))","v":1000000000000},{"$f":"IF($D41<>\"Serviço\",0,IF(AND(AUTOEVENTO=\"Manual\",$M41=1),0,IF(OFFSET(CRONOPLE!$F$14,$M41,AQ$13)=\"\",10^12,OFFSET(CRONOPLE!$F$14,$M41,AQ$13))))","v":1000000000000},{"$f":"IF($D41<>\"Serviço\",0,IF(AND(AUTOEVENTO=\"Manual\",$M41=1),0,IF(OFFSET(CRONOPLE!$F$14,$M41,AR$13)=\"\",10^12,OFFSET(CRONOPLE!$F$14,$M41,AR$13))))","v":1000000000000},{"$f":"IF($D41<>\"Serviço\",0,IF(AND(AUTOEVENTO=\"Manual\",$M41=1),0,IF(OFFSET(CRONOPLE!$F$14,$M41,AS$13)=\"\",10^12,OFFSET(CRONOPLE!$F$14,$M41,AS$13))))","v":1000000000000},{"$f":"IF($D41<>\"Serviço\",0,IF(AND(AUTOEVENTO=\"Manual\",$M41=1),0,IF(OFFSET(CRONOPLE!$F$14,$M41,AT$13)=\"\",10^12,OFFSET(CRONOPLE!$F$14,$M41,AT$13))))","v":1000000000000},{"$f":"IF($D41<>\"Serviço\",0,IF(AND(AUTOEVENTO=\"Manual\",$M41=1),0,IF(OFFSET(CRONOPLE!$F$14,$M41,AU$13)=\"\",10^12,OFFSET(CRONOPLE!$F$14,$M41,AU$13))))","v":1000000000000},{"$f":"IF($D41<>\"Serviço\",0,IF(AND(AUTOEVENTO=\"Manual\",$M41=1),0,IF(OFFSET(CRONOPLE!$F$14,$M41,AV$13)=\"\",10^12,OFFSET(CRONOPLE!$F$14,$M41,AV$13))))","v":1000000000000},null,{"$f":"IF($D41<>\"Serviço\",0,IF(OR(AND(AUTOEVENTO=\"Manual\",$M41=1),$M41>(ROW(PLE.lastrow)-ROW(PLE.firstrow))),0,IF(OFFSET(PLE!$G$14,$M41,AX$13)=\"\",10^12,OFFSET(PLE!$G$14,$M41,AX$13))))","v":1000000000000},{"$f":"IF($D41<>\"Serviço\",0,IF(OR(AND(AUTOEVENTO=\"Manual\",$M41=1),$M41>(ROW(PLE.lastrow)-ROW(PLE.firstrow))),0,IF(OFFSET(PLE!$G$14,$M41,AY$13)=\"\",10^12,OFFSET(PLE!$G$14,$M41,AY$13))))","v":1000000000000},{"$f":"IF($D41<>\"Serviço\",0,IF(OR(AND(AUTOEVENTO=\"Manual\",$M41=1),$M41>(ROW(PLE.lastrow)-ROW(PLE.firstrow))),0,IF(OFFSET(PLE!$G$14,$M41,AZ$13)=\"\",10^12,OFFSET(PLE!$G$14,$M41,AZ$13))))","v":1000000000000},{"$f":"IF($D41<>\"Serviço\",0,IF(OR(AND(AUTOEVENTO=\"Manual\",$M41=1),$M41>(ROW(PLE.lastrow)-ROW(PLE.firstrow))),0,IF(OFFSET(PLE!$G$14,$M41,BA$13)=\"\",10^12,OFFSET(PLE!$G$14,$M41,BA$13))))","v":1000000000000},{"$f":"IF($D41<>\"Serviço\",0,IF(OR(AND(AUTOEVENTO=\"Manual\",$M41=1),$M41>(ROW(PLE.lastrow)-ROW(PLE.firstrow))),0,IF(OFFSET(PLE!$G$14,$M41,BB$13)=\"\",10^12,OFFSET(PLE!$G$14,$M41,BB$13))))","v":1000000000000},{"$f":"IF($D41<>\"Serviço\",0,IF(OR(AND(AUTOEVENTO=\"Manual\",$M41=1),$M41>(ROW(PLE.lastrow)-ROW(PLE.firstrow))),0,IF(OFFSET(PLE!$G$14,$M41,BC$13)=\"\",10^12,OFFSET(PLE!$G$14,$M41,BC$13))))","v":1000000000000},{"$f":"IF($D41<>\"Serviço\",0,IF(OR(AND(AUTOEVENTO=\"Manual\",$M41=1),$M41>(ROW(PLE.lastrow)-ROW(PLE.firstrow))),0,IF(OFFSET(PLE!$G$14,$M41,BD$13)=\"\",10^12,OFFSET(PLE!$G$14,$M41,BD$13))))","v":1000000000000},{"$f":"IF($D41<>\"Serviço\",0,IF(OR(AND(AUTOEVENTO=\"Manual\",$M41=1),$M41>(ROW(PLE.lastrow)-ROW(PLE.firstrow))),0,IF(OFFSET(PLE!$G$14,$M41,BE$13)=\"\",10^12,OFFSET(PLE!$G$14,$M41,BE$13))))","v":1000000000000},{"$f":"IF($D41<>\"Serviço\",0,IF(OR(AND(AUTOEVENTO=\"Manual\",$M41=1),$M41>(ROW(PLE.lastrow)-ROW(PLE.firstrow))),0,IF(OFFSET(PLE!$G$14,$M41,BF$13)=\"\",10^12,OFFSET(PLE!$G$14,$M41,BF$13))))","v":1000000000000},{"$f":"IF($D41<>\"Serviço\",0,IF(OR(AND(AUTOEVENTO=\"Manual\",$M41=1),$M41>(ROW(PLE.lastrow)-ROW(PLE.firstrow))),0,IF(OFFSET(PLE!$G$14,$M41,BG$13)=\"\",10^12,OFFSET(PLE!$G$14,$M41,BG$13))))","v":1000000000000}]
["25",{"$f":"OFFSET(ORÇAMENTO!C$15,ROW(B42)-ROW(B$15),0)","v":"S"},{"$f":"OFFSET(ORÇAMENTO!L$15,ROW(C42)-ROW(C$15),0)","v":"F"},{"$f":"OFFSET(ORÇAMENTO!N$15,ROW(D42)-ROW(D$15),0)","v":"Serviço"},{"$f":"OFFSET(ORÇAMENTO!O$15,ROW(E42)-ROW(E$15),0)","v":"1.6.0.2."},{"$f":"OFFSET(ORÇAMENTO!R$15,ROW(F42)-ROW(F$15),0)","v":"PILAR 30X11,50CM, ARMAÇÃO LONGITUDINAL 6X10MM, ESTRIBOS 5MM C/ 12,  CONCRETO USINADO FCK 25MPA"},{"$f":"IF($D42<>\"Serviço\",\"\",OFFSET(ORÇAMENTO!S$15,ROW(G42)-ROW(G$15),0))","v":"M"},{"$f":"IF($D42<>\"Serviço\",0,IF(ACOMPANHAMENTO=\"BM\",ROUND(OFFSET(ORÇAMENTO!AJ$15,ROW(H42)-ROW(H$15),0),15-13*ORÇAMENTO!$AF$7),SUMPRODUCT(($Q$12:$AA$12<>\"\")*ROUND($Q42:$AA42,15-13*ORÇAMENTO!$AF$7))))","v":64.28},"DA PARTE INFERIOR DA LAJE ATÉ FUNDO DA VIGA BALDRAME, CONSIDERANDO SAPATA ENCONSTADA NA VIGA, + OS PILARES DO BARRILETE",null,null,".",{"$f":"IF($D42<>\"Serviço\",\"\",IF(AUTOEVENTO=\"manual\",$A42,IF(ISERROR(MATCH($A42,$A$15:OFFSET($A42,-1,0),0)),MAX($M$15:OFFSET(M42,-1,0))+1,INDEX($M$15:OFFSET(M42,-1,0),MATCH($A42,$A$15:OFFSET($A42,-1,0),0)))))","v":7},{"$f":"IF($D42<>\"Serviço\",\"\",IF(AUTOEVENTO=\"Manual\",IF($A42=0,\"<-- defina o número do agrupador\",OFFSET(EVENTOS!$D$14,$A42,0)),OFFSET($F$15,$A42,0)))","v":"SUPERESTRUTURA "},null,null,{"$f":"(3.4*16)+(4*2.47)","v":64.28},null,null,null,null,null,null,null,null,null,null,{"$f":"IF(AND($D42=\"Serviço\",AB$12<>0,$H42>0,OR(AUTOEVENTO<>\"manual\",$M42<>1)),\nIF(Import.TipoArredondamento<>\"TransfereGOV\",\nROUND(OFFSET($P42,0,AB$13),15-13*ORÇAMENTO!$AF$7)/$H42*OFFSET(ORÇAMENTO!$X$15,ROW(AB42)-ROW(AB$15),0),\nROUND(ROUND(OFFSET($P42,0,AB$13),15-13*ORÇAMENTO!$AF$7)*OFFSET(ORÇAMENTO!$W$15,ROW(AB42)-ROW(AB$15),0),15-13*ORÇAMENTO!$AF$11)),0)","v":10025.11},{"$f":"IF(AND($D42=\"Serviço\",AC$12<>0,$H42>0,OR(AUTOEVENTO<>\"manual\",$M42<>1)),\nIF(Import.TipoArredondamento<>\"TransfereGOV\",\nROUND(OFFSET($P42,0,AC$13),15-13*ORÇAMENTO!$AF$7)/$H42*OFFSET(ORÇAMENTO!$X$15,ROW(AC42)-ROW(AC$15),0),\nROUND(ROUND(OFFSET($P42,0,AC$13),15-13*ORÇAMENTO!$AF$7)*OFFSET(ORÇAMENTO!$W$15,ROW(AC42)-ROW(AC$15),0),15-13*ORÇAMENTO!$AF$11)),0)","v":0},{"$f":"IF(AND($D42=\"Serviço\",AD$12<>0,$H42>0,OR(AUTOEVENTO<>\"manual\",$M42<>1)),\nIF(Import.TipoArredondamento<>\"TransfereGOV\",\nROUND(OFFSET($P42,0,AD$13),15-13*ORÇAMENTO!$AF$7)/$H42*OFFSET(ORÇAMENTO!$X$15,ROW(AD42)-ROW(AD$15),0),\nROUND(ROUND(OFFSET($P42,0,AD$13),15-13*ORÇAMENTO!$AF$7)*OFFSET(ORÇAMENTO!$W$15,ROW(AD42)-ROW(AD$15),0),15-13*ORÇAMENTO!$AF$11)),0)","v":0},{"$f":"IF(AND($D42=\"Serviço\",AE$12<>0,$H42>0,OR(AUTOEVENTO<>\"manual\",$M42<>1)),\nIF(Import.TipoArredondamento<>\"TransfereGOV\",\nROUND(OFFSET($P42,0,AE$13),15-13*ORÇAMENTO!$AF$7)/$H42*OFFSET(ORÇAMENTO!$X$15,ROW(AE42)-ROW(AE$15),0),\nROUND(ROUND(OFFSET($P42,0,AE$13),15-13*ORÇAMENTO!$AF$7)*OFFSET(ORÇAMENTO!$W$15,ROW(AE42)-ROW(AE$15),0),15-13*ORÇAMENTO!$AF$11)),0)","v":0},{"$f":"IF(AND($D42=\"Serviço\",AF$12<>0,$H42>0,OR(AUTOEVENTO<>\"manual\",$M42<>1)),\nIF(Import.TipoArredondamento<>\"TransfereGOV\",\nROUND(OFFSET($P42,0,AF$13),15-13*ORÇAMENTO!$AF$7)/$H42*OFFSET(ORÇAMENTO!$X$15,ROW(AF42)-ROW(AF$15),0),\nROUND(ROUND(OFFSET($P42,0,AF$13),15-13*ORÇAMENTO!$AF$7)*OFFSET(ORÇAMENTO!$W$15,ROW(AF42)-ROW(AF$15),0),15-13*ORÇAMENTO!$AF$11)),0)","v":0},{"$f":"IF(AND($D42=\"Serviço\",AG$12<>0,$H42>0,OR(AUTOEVENTO<>\"manual\",$M42<>1)),\nIF(Import.TipoArredondamento<>\"TransfereGOV\",\nROUND(OFFSET($P42,0,AG$13),15-13*ORÇAMENTO!$AF$7)/$H42*OFFSET(ORÇAMENTO!$X$15,ROW(AG42)-ROW(AG$15),0),\nROUND(ROUND(OFFSET($P42,0,AG$13),15-13*ORÇAMENTO!$AF$7)*OFFSET(ORÇAMENTO!$W$15,ROW(AG42)-ROW(AG$15),0),15-13*ORÇAMENTO!$AF$11)),0)","v":0},{"$f":"IF(AND($D42=\"Serviço\",AH$12<>0,$H42>0,OR(AUTOEVENTO<>\"manual\",$M42<>1)),\nIF(Import.TipoArredondamento<>\"TransfereGOV\",\nROUND(OFFSET($P42,0,AH$13),15-13*ORÇAMENTO!$AF$7)/$H42*OFFSET(ORÇAMENTO!$X$15,ROW(AH42)-ROW(AH$15),0),\nROUND(ROUND(OFFSET($P42,0,AH$13),15-13*ORÇAMENTO!$AF$7)*OFFSET(ORÇAMENTO!$W$15,ROW(AH42)-ROW(AH$15),0),15-13*ORÇAMENTO!$AF$11)),0)","v":0},{"$f":"IF(AND($D42=\"Serviço\",AI$12<>0,$H42>0,OR(AUTOEVENTO<>\"manual\",$M42<>1)),\nIF(Import.TipoArredondamento<>\"TransfereGOV\",\nROUND(OFFSET($P42,0,AI$13),15-13*ORÇAMENTO!$AF$7)/$H42*OFFSET(ORÇAMENTO!$X$15,ROW(AI42)-ROW(AI$15),0),\nROUND(ROUND(OFFSET($P42,0,AI$13),15-13*ORÇAMENTO!$AF$7)*OFFSET(ORÇAMENTO!$W$15,ROW(AI42)-ROW(AI$15),0),15-13*ORÇAMENTO!$AF$11)),0)","v":0},{"$f":"IF(AND($D42=\"Serviço\",AJ$12<>0,$H42>0,OR(AUTOEVENTO<>\"manual\",$M42<>1)),\nIF(Import.TipoArredondamento<>\"TransfereGOV\",\nROUND(OFFSET($P42,0,AJ$13),15-13*ORÇAMENTO!$AF$7)/$H42*OFFSET(ORÇAMENTO!$X$15,ROW(AJ42)-ROW(AJ$15),0),\nROUND(ROUND(OFFSET($P42,0,AJ$13),15-13*ORÇAMENTO!$AF$7)*OFFSET(ORÇAMENTO!$W$15,ROW(AJ42)-ROW(AJ$15),0),15-13*ORÇAMENTO!$AF$11)),0)","v":0},{"$f":"IF(AND($D42=\"Serviço\",AK$12<>0,$H42>0,OR(AUTOEVENTO<>\"manual\",$M42<>1)),\nIF(Import.TipoArredondamento<>\"TransfereGOV\",\nROUND(OFFSET($P42,0,AK$13),15-13*ORÇAMENTO!$AF$7)/$H42*OFFSET(ORÇAMENTO!$X$15,ROW(AK42)-ROW(AK$15),0),\nROUND(ROUND(OFFSET($P42,0,AK$13),15-13*ORÇAMENTO!$AF$7)*OFFSET(ORÇAMENTO!$W$15,ROW(AK42)-ROW(AK$15),0),15-13*ORÇAMENTO!$AF$11)),0)","v":0},null,{"$f":"IF($D42<>\"Serviço\",0,IF(AND(AUTOEVENTO=\"Manual\",$M42=1),0,IF(OFFSET(CRONOPLE!$F$14,$M42,AM$13)=\"\",10^12,OFFSET(CRONOPLE!$F$14,$M42,AM$13))))","v":1000000000000},{"$f":"IF($D42<>\"Serviço\",0,IF(AND(AUTOEVENTO=\"Manual\",$M42=1),0,IF(OFFSET(CRONOPLE!$F$14,$M42,AN$13)=\"\",10^12,OFFSET(CRONOPLE!$F$14,$M42,AN$13))))","v":1000000000000},{"$f":"IF($D42<>\"Serviço\",0,IF(AND(AUTOEVENTO=\"Manual\",$M42=1),0,IF(OFFSET(CRONOPLE!$F$14,$M42,AO$13)=\"\",10^12,OFFSET(CRONOPLE!$F$14,$M42,AO$13))))","v":1000000000000},{"$f":"IF($D42<>\"Serviço\",0,IF(AND(AUTOEVENTO=\"Manual\",$M42=1),0,IF(OFFSET(CRONOPLE!$F$14,$M42,AP$13)=\"\",10^12,OFFSET(CRONOPLE!$F$14,$M42,AP$13))))","v":1000000000000},{"$f":"IF($D42<>\"Serviço\",0,IF(AND(AUTOEVENTO=\"Manual\",$M42=1),0,IF(OFFSET(CRONOPLE!$F$14,$M42,AQ$13)=\"\",10^12,OFFSET(CRONOPLE!$F$14,$M42,AQ$13))))","v":1000000000000},{"$f":"IF($D42<>\"Serviço\",0,IF(AND(AUTOEVENTO=\"Manual\",$M42=1),0,IF(OFFSET(CRONOPLE!$F$14,$M42,AR$13)=\"\",10^12,OFFSET(CRONOPLE!$F$14,$M42,AR$13))))","v":1000000000000},{"$f":"IF($D42<>\"Serviço\",0,IF(AND(AUTOEVENTO=\"Manual\",$M42=1),0,IF(OFFSET(CRONOPLE!$F$14,$M42,AS$13)=\"\",10^12,OFFSET(CRONOPLE!$F$14,$M42,AS$13))))","v":1000000000000},{"$f":"IF($D42<>\"Serviço\",0,IF(AND(AUTOEVENTO=\"Manual\",$M42=1),0,IF(OFFSET(CRONOPLE!$F$14,$M42,AT$13)=\"\",10^12,OFFSET(CRONOPLE!$F$14,$M42,AT$13))))","v":1000000000000},{"$f":"IF($D42<>\"Serviço\",0,IF(AND(AUTOEVENTO=\"Manual\",$M42=1),0,IF(OFFSET(CRONOPLE!$F$14,$M42,AU$13)=\"\",10^12,OFFSET(CRONOPLE!$F$14,$M42,AU$13))))","v":1000000000000},{"$f":"IF($D42<>\"Serviço\",0,IF(AND(AUTOEVENTO=\"Manual\",$M42=1),0,IF(OFFSET(CRONOPLE!$F$14,$M42,AV$13)=\"\",10^12,OFFSET(CRONOPLE!$F$14,$M42,AV$13))))","v":1000000000000},null,{"$f":"IF($D42<>\"Serviço\",0,IF(OR(AND(AUTOEVENTO=\"Manual\",$M42=1),$M42>(ROW(PLE.lastrow)-ROW(PLE.firstrow))),0,IF(OFFSET(PLE!$G$14,$M42,AX$13)=\"\",10^12,OFFSET(PLE!$G$14,$M42,AX$13))))","v":1000000000000},{"$f":"IF($D42<>\"Serviço\",0,IF(OR(AND(AUTOEVENTO=\"Manual\",$M42=1),$M42>(ROW(PLE.lastrow)-ROW(PLE.firstrow))),0,IF(OFFSET(PLE!$G$14,$M42,AY$13)=\"\",10^12,OFFSET(PLE!$G$14,$M42,AY$13))))","v":1000000000000},{"$f":"IF($D42<>\"Serviço\",0,IF(OR(AND(AUTOEVENTO=\"Manual\",$M42=1),$M42>(ROW(PLE.lastrow)-ROW(PLE.firstrow))),0,IF(OFFSET(PLE!$G$14,$M42,AZ$13)=\"\",10^12,OFFSET(PLE!$G$14,$M42,AZ$13))))","v":1000000000000},{"$f":"IF($D42<>\"Serviço\",0,IF(OR(AND(AUTOEVENTO=\"Manual\",$M42=1),$M42>(ROW(PLE.lastrow)-ROW(PLE.firstrow))),0,IF(OFFSET(PLE!$G$14,$M42,BA$13)=\"\",10^12,OFFSET(PLE!$G$14,$M42,BA$13))))","v":1000000000000},{"$f":"IF($D42<>\"Serviço\",0,IF(OR(AND(AUTOEVENTO=\"Manual\",$M42=1),$M42>(ROW(PLE.lastrow)-ROW(PLE.firstrow))),0,IF(OFFSET(PLE!$G$14,$M42,BB$13)=\"\",10^12,OFFSET(PLE!$G$14,$M42,BB$13))))","v":1000000000000},{"$f":"IF($D42<>\"Serviço\",0,IF(OR(AND(AUTOEVENTO=\"Manual\",$M42=1),$M42>(ROW(PLE.lastrow)-ROW(PLE.firstrow))),0,IF(OFFSET(PLE!$G$14,$M42,BC$13)=\"\",10^12,OFFSET(PLE!$G$14,$M42,BC$13))))","v":1000000000000},{"$f":"IF($D42<>\"Serviço\",0,IF(OR(AND(AUTOEVENTO=\"Manual\",$M42=1),$M42>(ROW(PLE.lastrow)-ROW(PLE.firstrow))),0,IF(OFFSET(PLE!$G$14,$M42,BD$13)=\"\",10^12,OFFSET(PLE!$G$14,$M42,BD$13))))","v":1000000000000},{"$f":"IF($D42<>\"Serviço\",0,IF(OR(AND(AUTOEVENTO=\"Manual\",$M42=1),$M42>(ROW(PLE.lastrow)-ROW(PLE.firstrow))),0,IF(OFFSET(PLE!$G$14,$M42,BE$13)=\"\",10^12,OFFSET(PLE!$G$14,$M42,BE$13))))","v":1000000000000},{"$f":"IF($D42<>\"Serviço\",0,IF(OR(AND(AUTOEVENTO=\"Manual\",$M42=1),$M42>(ROW(PLE.lastrow)-ROW(PLE.firstrow))),0,IF(OFFSET(PLE!$G$14,$M42,BF$13)=\"\",10^12,OFFSET(PLE!$G$14,$M42,BF$13))))","v":1000000000000},{"$f":"IF($D42<>\"Serviço\",0,IF(OR(AND(AUTOEVENTO=\"Manual\",$M42=1),$M42>(ROW(PLE.lastrow)-ROW(PLE.firstrow))),0,IF(OFFSET(PLE!$G$14,$M42,BG$13)=\"\",10^12,OFFSET(PLE!$G$14,$M42,BG$13))))","v":1000000000000}]
["25",{"$f":"OFFSET(ORÇAMENTO!C$15,ROW(B43)-ROW(B$15),0)","v":"S"},{"$f":"OFFSET(ORÇAMENTO!L$15,ROW(C43)-ROW(C$15),0)","v":"F"},{"$f":"OFFSET(ORÇAMENTO!N$15,ROW(D43)-ROW(D$15),0)","v":"Serviço"},{"$f":"OFFSET(ORÇAMENTO!O$15,ROW(E43)-ROW(E$15),0)","v":"1.6.0.3."},{"$f":"OFFSET(ORÇAMENTO!R$15,ROW(F43)-ROW(F$15),0)","v":"PILAR 40X11,50CM, ARMAÇÃO LONGITUDINAL 6X12,50MM, ESTRIBOS 5MM C/ 12,  CONCRETO USINADO FCK 25MPA"},{"$f":"IF($D43<>\"Serviço\",\"\",OFFSET(ORÇAMENTO!S$15,ROW(G43)-ROW(G$15),0))","v":"M"},{"$f":"IF($D43<>\"Serviço\",0,IF(ACOMPANHAMENTO=\"BM\",ROUND(OFFSET(ORÇAMENTO!AJ$15,ROW(H43)-ROW(H$15),0),15-13*ORÇAMENTO!$AF$7),SUMPRODUCT(($Q$12:$AA$12<>\"\")*ROUND($Q43:$AA43,15-13*ORÇAMENTO!$AF$7))))","v":47.6},"DA PARTE INFERIOR DA LAJE ATÉ FUNDO DA VIGA BALDRAME, CONSIDERANDO SAPATA ENCONSTADA NA VIGA",null,null,".",{"$f":"IF($D43<>\"Serviço\",\"\",IF(AUTOEVENTO=\"manual\",$A43,IF(ISERROR(MATCH($A43,$A$15:OFFSET($A43,-1,0),0)),MAX($M$15:OFFSET(M43,-1,0))+1,INDEX($M$15:OFFSET(M43,-1,0),MATCH($A43,$A$15:OFFSET($A43,-1,0),0)))))","v":7},{"$f":"IF($D43<>\"Serviço\",\"\",IF(AUTOEVENTO=\"Manual\",IF($A43=0,\"<-- defina o número do agrupador\",OFFSET(EVENTOS!$D$14,$A43,0)),OFFSET($F$15,$A43,0)))","v":"SUPERESTRUTURA "},null,null,{"$f":"14*3.4","v":47.6},null,null,null,null,null,null,null,null,null,null,{"$f":"IF(AND($D43=\"Serviço\",AB$12<>0,$H43>0,OR(AUTOEVENTO<>\"manual\",$M43<>1)),\nIF(Import.TipoArredondamento<>\"TransfereGOV\",\nROUND(OFFSET($P43,0,AB$13),15-13*ORÇAMENTO!$AF$7)/$H43*OFFSET(ORÇAMENTO!$X$15,ROW(AB43)-ROW(AB$15),0),\nROUND(ROUND(OFFSET($P43,0,AB$13),15-13*ORÇAMENTO!$AF$7)*OFFSET(ORÇAMENTO!$W$15,ROW(AB43)-ROW(AB$15),0),15-13*ORÇAMENTO!$AF$11)),0)","v":9581.8799999999992},{"$f":"IF(AND($D43=\"Serviço\",AC$12<>0,$H43>0,OR(AUTOEVENTO<>\"manual\",$M43<>1)),\nIF(Import.TipoArredondamento<>\"TransfereGOV\",\nROUND(OFFSET($P43,0,AC$13),15-13*ORÇAMENTO!$AF$7)/$H43*OFFSET(ORÇAMENTO!$X$15,ROW(AC43)-ROW(AC$15),0),\nROUND(ROUND(OFFSET($P43,0,AC$13),15-13*ORÇAMENTO!$AF$7)*OFFSET(ORÇAMENTO!$W$15,ROW(AC43)-ROW(AC$15),0),15-13*ORÇAMENTO!$AF$11)),0)","v":0},{"$f":"IF(AND($D43=\"Serviço\",AD$12<>0,$H43>0,OR(AUTOEVENTO<>\"manual\",$M43<>1)),\nIF(Import.TipoArredondamento<>\"TransfereGOV\",\nROUND(OFFSET($P43,0,AD$13),15-13*ORÇAMENTO!$AF$7)/$H43*OFFSET(ORÇAMENTO!$X$15,ROW(AD43)-ROW(AD$15),0),\nROUND(ROUND(OFFSET($P43,0,AD$13),15-13*ORÇAMENTO!$AF$7)*OFFSET(ORÇAMENTO!$W$15,ROW(AD43)-ROW(AD$15),0),15-13*ORÇAMENTO!$AF$11)),0)","v":0},{"$f":"IF(AND($D43=\"Serviço\",AE$12<>0,$H43>0,OR(AUTOEVENTO<>\"manual\",$M43<>1)),\nIF(Import.TipoArredondamento<>\"TransfereGOV\",\nROUND(OFFSET($P43,0,AE$13),15-13*ORÇAMENTO!$AF$7)/$H43*OFFSET(ORÇAMENTO!$X$15,ROW(AE43)-ROW(AE$15),0),\nROUND(ROUND(OFFSET($P43,0,AE$13),15-13*ORÇAMENTO!$AF$7)*OFFSET(ORÇAMENTO!$W$15,ROW(AE43)-ROW(AE$15),0),15-13*ORÇAMENTO!$AF$11)),0)","v":0},{"$f":"IF(AND($D43=\"Serviço\",AF$12<>0,$H43>0,OR(AUTOEVENTO<>\"manual\",$M43<>1)),\nIF(Import.TipoArredondamento<>\"TransfereGOV\",\nROUND(OFFSET($P43,0,AF$13),15-13*ORÇAMENTO!$AF$7)/$H43*OFFSET(ORÇAMENTO!$X$15,ROW(AF43)-ROW(AF$15),0),\nROUND(ROUND(OFFSET($P43,0,AF$13),15-13*ORÇAMENTO!$AF$7)*OFFSET(ORÇAMENTO!$W$15,ROW(AF43)-ROW(AF$15),0),15-13*ORÇAMENTO!$AF$11)),0)","v":0},{"$f":"IF(AND($D43=\"Serviço\",AG$12<>0,$H43>0,OR(AUTOEVENTO<>\"manual\",$M43<>1)),\nIF(Import.TipoArredondamento<>\"TransfereGOV\",\nROUND(OFFSET($P43,0,AG$13),15-13*ORÇAMENTO!$AF$7)/$H43*OFFSET(ORÇAMENTO!$X$15,ROW(AG43)-ROW(AG$15),0),\nROUND(ROUND(OFFSET($P43,0,AG$13),15-13*ORÇAMENTO!$AF$7)*OFFSET(ORÇAMENTO!$W$15,ROW(AG43)-ROW(AG$15),0),15-13*ORÇAMENTO!$AF$11)),0)","v":0},{"$f":"IF(AND($D43=\"Serviço\",AH$12<>0,$H43>0,OR(AUTOEVENTO<>\"manual\",$M43<>1)),\nIF(Import.TipoArredondamento<>\"TransfereGOV\",\nROUND(OFFSET($P43,0,AH$13),15-13*ORÇAMENTO!$AF$7)/$H43*OFFSET(ORÇAMENTO!$X$15,ROW(AH43)-ROW(AH$15),0),\nROUND(ROUND(OFFSET($P43,0,AH$13),15-13*ORÇAMENTO!$AF$7)*OFFSET(ORÇAMENTO!$W$15,ROW(AH43)-ROW(AH$15),0),15-13*ORÇAMENTO!$AF$11)),0)","v":0},{"$f":"IF(AND($D43=\"Serviço\",AI$12<>0,$H43>0,OR(AUTOEVENTO<>\"manual\",$M43<>1)),\nIF(Import.TipoArredondamento<>\"TransfereGOV\",\nROUND(OFFSET($P43,0,AI$13),15-13*ORÇAMENTO!$AF$7)/$H43*OFFSET(ORÇAMENTO!$X$15,ROW(AI43)-ROW(AI$15),0),\nROUND(ROUND(OFFSET($P43,0,AI$13),15-13*ORÇAMENTO!$AF$7)*OFFSET(ORÇAMENTO!$W$15,ROW(AI43)-ROW(AI$15),0),15-13*ORÇAMENTO!$AF$11)),0)","v":0},{"$f":"IF(AND($D43=\"Serviço\",AJ$12<>0,$H43>0,OR(AUTOEVENTO<>\"manual\",$M43<>1)),\nIF(Import.TipoArredondamento<>\"TransfereGOV\",\nROUND(OFFSET($P43,0,AJ$13),15-13*ORÇAMENTO!$AF$7)/$H43*OFFSET(ORÇAMENTO!$X$15,ROW(AJ43)-ROW(AJ$15),0),\nROUND(ROUND(OFFSET($P43,0,AJ$13),15-13*ORÇAMENTO!$AF$7)*OFFSET(ORÇAMENTO!$W$15,ROW(AJ43)-ROW(AJ$15),0),15-13*ORÇAMENTO!$AF$11)),0)","v":0},{"$f":"IF(AND($D43=\"Serviço\",AK$12<>0,$H43>0,OR(AUTOEVENTO<>\"manual\",$M43<>1)),\nIF(Import.TipoArredondamento<>\"TransfereGOV\",\nROUND(OFFSET($P43,0,AK$13),15-13*ORÇAMENTO!$AF$7)/$H43*OFFSET(ORÇAMENTO!$X$15,ROW(AK43)-ROW(AK$15),0),\nROUND(ROUND(OFFSET($P43,0,AK$13),15-13*ORÇAMENTO!$AF$7)*OFFSET(ORÇAMENTO!$W$15,ROW(AK43)-ROW(AK$15),0),15-13*ORÇAMENTO!$AF$11)),0)","v":0},null,{"$f":"IF($D43<>\"Serviço\",0,IF(AND(AUTOEVENTO=\"Manual\",$M43=1),0,IF(OFFSET(CRONOPLE!$F$14,$M43,AM$13)=\"\",10^12,OFFSET(CRONOPLE!$F$14,$M43,AM$13))))","v":1000000000000},{"$f":"IF($D43<>\"Serviço\",0,IF(AND(AUTOEVENTO=\"Manual\",$M43=1),0,IF(OFFSET(CRONOPLE!$F$14,$M43,AN$13)=\"\",10^12,OFFSET(CRONOPLE!$F$14,$M43,AN$13))))","v":1000000000000},{"$f":"IF($D43<>\"Serviço\",0,IF(AND(AUTOEVENTO=\"Manual\",$M43=1),0,IF(OFFSET(CRONOPLE!$F$14,$M43,AO$13)=\"\",10^12,OFFSET(CRONOPLE!$F$14,$M43,AO$13))))","v":1000000000000},{"$f":"IF($D43<>\"Serviço\",0,IF(AND(AUTOEVENTO=\"Manual\",$M43=1),0,IF(OFFSET(CRONOPLE!$F$14,$M43,AP$13)=\"\",10^12,OFFSET(CRONOPLE!$F$14,$M43,AP$13))))","v":1000000000000},{"$f":"IF($D43<>\"Serviço\",0,IF(AND(AUTOEVENTO=\"Manual\",$M43=1),0,IF(OFFSET(CRONOPLE!$F$14,$M43,AQ$13)=\"\",10^12,OFFSET(CRONOPLE!$F$14,$M43,AQ$13))))","v":1000000000000},{"$f":"IF($D43<>\"Serviço\",0,IF(AND(AUTOEVENTO=\"Manual\",$M43=1),0,IF(OFFSET(CRONOPLE!$F$14,$M43,AR$13)=\"\",10^12,OFFSET(CRONOPLE!$F$14,$M43,AR$13))))","v":1000000000000},{"$f":"IF($D43<>\"Serviço\",0,IF(AND(AUTOEVENTO=\"Manual\",$M43=1),0,IF(OFFSET(CRONOPLE!$F$14,$M43,AS$13)=\"\",10^12,OFFSET(CRONOPLE!$F$14,$M43,AS$13))))","v":1000000000000},{"$f":"IF($D43<>\"Serviço\",0,IF(AND(AUTOEVENTO=\"Manual\",$M43=1),0,IF(OFFSET(CRONOPLE!$F$14,$M43,AT$13)=\"\",10^12,OFFSET(CRONOPLE!$F$14,$M43,AT$13))))","v":1000000000000},{"$f":"IF($D43<>\"Serviço\",0,IF(AND(AUTOEVENTO=\"Manual\",$M43=1),0,IF(OFFSET(CRONOPLE!$F$14,$M43,AU$13)=\"\",10^12,OFFSET(CRONOPLE!$F$14,$M43,AU$13))))","v":1000000000000},{"$f":"IF($D43<>\"Serviço\",0,IF(AND(AUTOEVENTO=\"Manual\",$M43=1),0,IF(OFFSET(CRONOPLE!$F$14,$M43,AV$13)=\"\",10^12,OFFSET(CRONOPLE!$F$14,$M43,AV$13))))","v":1000000000000},null,{"$f":"IF($D43<>\"Serviço\",0,IF(OR(AND(AUTOEVENTO=\"Manual\",$M43=1),$M43>(ROW(PLE.lastrow)-ROW(PLE.firstrow))),0,IF(OFFSET(PLE!$G$14,$M43,AX$13)=\"\",10^12,OFFSET(PLE!$G$14,$M43,AX$13))))","v":1000000000000},{"$f":"IF($D43<>\"Serviço\",0,IF(OR(AND(AUTOEVENTO=\"Manual\",$M43=1),$M43>(ROW(PLE.lastrow)-ROW(PLE.firstrow))),0,IF(OFFSET(PLE!$G$14,$M43,AY$13)=\"\",10^12,OFFSET(PLE!$G$14,$M43,AY$13))))","v":1000000000000},{"$f":"IF($D43<>\"Serviço\",0,IF(OR(AND(AUTOEVENTO=\"Manual\",$M43=1),$M43>(ROW(PLE.lastrow)-ROW(PLE.firstrow))),0,IF(OFFSET(PLE!$G$14,$M43,AZ$13)=\"\",10^12,OFFSET(PLE!$G$14,$M43,AZ$13))))","v":1000000000000},{"$f":"IF($D43<>\"Serviço\",0,IF(OR(AND(AUTOEVENTO=\"Manual\",$M43=1),$M43>(ROW(PLE.lastrow)-ROW(PLE.firstrow))),0,IF(OFFSET(PLE!$G$14,$M43,BA$13)=\"\",10^12,OFFSET(PLE!$G$14,$M43,BA$13))))","v":1000000000000},{"$f":"IF($D43<>\"Serviço\",0,IF(OR(AND(AUTOEVENTO=\"Manual\",$M43=1),$M43>(ROW(PLE.lastrow)-ROW(PLE.firstrow))),0,IF(OFFSET(PLE!$G$14,$M43,BB$13)=\"\",10^12,OFFSET(PLE!$G$14,$M43,BB$13))))","v":1000000000000},{"$f":"IF($D43<>\"Serviço\",0,IF(OR(AND(AUTOEVENTO=\"Manual\",$M43=1),$M43>(ROW(PLE.lastrow)-ROW(PLE.firstrow))),0,IF(OFFSET(PLE!$G$14,$M43,BC$13)=\"\",10^12,OFFSET(PLE!$G$14,$M43,BC$13))))","v":1000000000000},{"$f":"IF($D43<>\"Serviço\",0,IF(OR(AND(AUTOEVENTO=\"Manual\",$M43=1),$M43>(ROW(PLE.lastrow)-ROW(PLE.firstrow))),0,IF(OFFSET(PLE!$G$14,$M43,BD$13)=\"\",10^12,OFFSET(PLE!$G$14,$M43,BD$13))))","v":1000000000000},{"$f":"IF($D43<>\"Serviço\",0,IF(OR(AND(AUTOEVENTO=\"Manual\",$M43=1),$M43>(ROW(PLE.lastrow)-ROW(PLE.firstrow))),0,IF(OFFSET(PLE!$G$14,$M43,BE$13)=\"\",10^12,OFFSET(PLE!$G$14,$M43,BE$13))))","v":1000000000000},{"$f":"IF($D43<>\"Serviço\",0,IF(OR(AND(AUTOEVENTO=\"Manual\",$M43=1),$M43>(ROW(PLE.lastrow)-ROW(PLE.firstrow))),0,IF(OFFSET(PLE!$G$14,$M43,BF$13)=\"\",10^12,OFFSET(PLE!$G$14,$M43,BF$13))))","v":1000000000000},{"$f":"IF($D43<>\"Serviço\",0,IF(OR(AND(AUTOEVENTO=\"Manual\",$M43=1),$M43>(ROW(PLE.lastrow)-ROW(PLE.firstrow))),0,IF(OFFSET(PLE!$G$14,$M43,BG$13)=\"\",10^12,OFFSET(PLE!$G$14,$M43,BG$13))))","v":1000000000000}]
["25",{"$f":"OFFSET(ORÇAMENTO!C$15,ROW(B44)-ROW(B$15),0)","v":"S"},{"$f":"OFFSET(ORÇAMENTO!L$15,ROW(C44)-ROW(C$15),0)","v":"F"},{"$f":"OFFSET(ORÇAMENTO!N$15,ROW(D44)-ROW(D$15),0)","v":"Serviço"},{"$f":"OFFSET(ORÇAMENTO!O$15,ROW(E44)-ROW(E$15),0)","v":"1.6.0.4."},{"$f":"OFFSET(ORÇAMENTO!R$15,ROW(F44)-ROW(F$15),0)","v":"V1 - VIGA AÉREA 11,5X45CM  - FCK 25MPA - USINADO - 6 BARRAS 10MM, ESTRIBOS 5MM C/12CM"},{"$f":"IF($D44<>\"Serviço\",\"\",OFFSET(ORÇAMENTO!S$15,ROW(G44)-ROW(G$15),0))","v":"M"},{"$f":"IF($D44<>\"Serviço\",0,IF(ACOMPANHAMENTO=\"BM\",ROUND(OFFSET(ORÇAMENTO!AJ$15,ROW(H44)-ROW(H$15),0),15-13*ORÇAMENTO!$AF$7),SUMPRODUCT(($Q$12:$AA$12<>\"\")*ROUND($Q44:$AA44,15-13*ORÇAMENTO!$AF$7))))","v":59.94},"COMPRIMENTO DAS VIGAS, DESCONTADO 50% DA LARGURA DO PILAR, ACRESCENTADO AS VIGAS DO BARRILETE TMBM",null,null,".",{"$f":"IF($D44<>\"Serviço\",\"\",IF(AUTOEVENTO=\"manual\",$A44,IF(ISERROR(MATCH($A44,$A$15:OFFSET($A44,-1,0),0)),MAX($M$15:OFFSET(M44,-1,0))+1,INDEX($M$15:OFFSET(M44,-1,0),MATCH($A44,$A$15:OFFSET($A44,-1,0),0)))))","v":7},{"$f":"IF($D44<>\"Serviço\",\"\",IF(AUTOEVENTO=\"Manual\",IF($A44=0,\"<-- defina o número do agrupador\",OFFSET(EVENTOS!$D$14,$A44,0)),OFFSET($F$15,$A44,0)))","v":"SUPERESTRUTURA "},null,null,{"$f":"1.73+4.13+1.5+1.5+5.05+5.05+11.27-0.95+4.74+3.3+4.59+3.15+4.59+3.3+4.59+3.6-(0.15*8)","v":59.939999999999991},null,null,null,null,null,null,null,null,null,null,{"$f":"IF(AND($D44=\"Serviço\",AB$12<>0,$H44>0,OR(AUTOEVENTO<>\"manual\",$M44<>1)),\nIF(Import.TipoArredondamento<>\"TransfereGOV\",\nROUND(OFFSET($P44,0,AB$13),15-13*ORÇAMENTO!$AF$7)/$H44*OFFSET(ORÇAMENTO!$X$15,ROW(AB44)-ROW(AB$15),0),\nROUND(ROUND(OFFSET($P44,0,AB$13),15-13*ORÇAMENTO!$AF$7)*OFFSET(ORÇAMENTO!$W$15,ROW(AB44)-ROW(AB$15),0),15-13*ORÇAMENTO!$AF$11)),0)","v":13231.16},{"$f":"IF(AND($D44=\"Serviço\",AC$12<>0,$H44>0,OR(AUTOEVENTO<>\"manual\",$M44<>1)),\nIF(Import.TipoArredondamento<>\"TransfereGOV\",\nROUND(OFFSET($P44,0,AC$13),15-13*ORÇAMENTO!$AF$7)/$H44*OFFSET(ORÇAMENTO!$X$15,ROW(AC44)-ROW(AC$15),0),\nROUND(ROUND(OFFSET($P44,0,AC$13),15-13*ORÇAMENTO!$AF$7)*OFFSET(ORÇAMENTO!$W$15,ROW(AC44)-ROW(AC$15),0),15-13*ORÇAMENTO!$AF$11)),0)","v":0},{"$f":"IF(AND($D44=\"Serviço\",AD$12<>0,$H44>0,OR(AUTOEVENTO<>\"manual\",$M44<>1)),\nIF(Import.TipoArredondamento<>\"TransfereGOV\",\nROUND(OFFSET($P44,0,AD$13),15-13*ORÇAMENTO!$AF$7)/$H44*OFFSET(ORÇAMENTO!$X$15,ROW(AD44)-ROW(AD$15),0),\nROUND(ROUND(OFFSET($P44,0,AD$13),15-13*ORÇAMENTO!$AF$7)*OFFSET(ORÇAMENTO!$W$15,ROW(AD44)-ROW(AD$15),0),15-13*ORÇAMENTO!$AF$11)),0)","v":0},{"$f":"IF(AND($D44=\"Serviço\",AE$12<>0,$H44>0,OR(AUTOEVENTO<>\"manual\",$M44<>1)),\nIF(Import.TipoArredondamento<>\"TransfereGOV\",\nROUND(OFFSET($P44,0,AE$13),15-13*ORÇAMENTO!$AF$7)/$H44*OFFSET(ORÇAMENTO!$X$15,ROW(AE44)-ROW(AE$15),0),\nROUND(ROUND(OFFSET($P44,0,AE$13),15-13*ORÇAMENTO!$AF$7)*OFFSET(ORÇAMENTO!$W$15,ROW(AE44)-ROW(AE$15),0),15-13*ORÇAMENTO!$AF$11)),0)","v":0},{"$f":"IF(AND($D44=\"Serviço\",AF$12<>0,$H44>0,OR(AUTOEVENTO<>\"manual\",$M44<>1)),\nIF(Import.TipoArredondamento<>\"TransfereGOV\",\nROUND(OFFSET($P44,0,AF$13),15-13*ORÇAMENTO!$AF$7)/$H44*OFFSET(ORÇAMENTO!$X$15,ROW(AF44)-ROW(AF$15),0),\nROUND(ROUND(OFFSET($P44,0,AF$13),15-13*ORÇAMENTO!$AF$7)*OFFSET(ORÇAMENTO!$W$15,ROW(AF44)-ROW(AF$15),0),15-13*ORÇAMENTO!$AF$11)),0)","v":0},{"$f":"IF(AND($D44=\"Serviço\",AG$12<>0,$H44>0,OR(AUTOEVENTO<>\"manual\",$M44<>1)),\nIF(Import.TipoArredondamento<>\"TransfereGOV\",\nROUND(OFFSET($P44,0,AG$13),15-13*ORÇAMENTO!$AF$7)/$H44*OFFSET(ORÇAMENTO!$X$15,ROW(AG44)-ROW(AG$15),0),\nROUND(ROUND(OFFSET($P44,0,AG$13),15-13*ORÇAMENTO!$AF$7)*OFFSET(ORÇAMENTO!$W$15,ROW(AG44)-ROW(AG$15),0),15-13*ORÇAMENTO!$AF$11)),0)","v":0},{"$f":"IF(AND($D44=\"Serviço\",AH$12<>0,$H44>0,OR(AUTOEVENTO<>\"manual\",$M44<>1)),\nIF(Import.TipoArredondamento<>\"TransfereGOV\",\nROUND(OFFSET($P44,0,AH$13),15-13*ORÇAMENTO!$AF$7)/$H44*OFFSET(ORÇAMENTO!$X$15,ROW(AH44)-ROW(AH$15),0),\nROUND(ROUND(OFFSET($P44,0,AH$13),15-13*ORÇAMENTO!$AF$7)*OFFSET(ORÇAMENTO!$W$15,ROW(AH44)-ROW(AH$15),0),15-13*ORÇAMENTO!$AF$11)),0)","v":0},{"$f":"IF(AND($D44=\"Serviço\",AI$12<>0,$H44>0,OR(AUTOEVENTO<>\"manual\",$M44<>1)),\nIF(Import.TipoArredondamento<>\"TransfereGOV\",\nROUND(OFFSET($P44,0,AI$13),15-13*ORÇAMENTO!$AF$7)/$H44*OFFSET(ORÇAMENTO!$X$15,ROW(AI44)-ROW(AI$15),0),\nROUND(ROUND(OFFSET($P44,0,AI$13),15-13*ORÇAMENTO!$AF$7)*OFFSET(ORÇAMENTO!$W$15,ROW(AI44)-ROW(AI$15),0),15-13*ORÇAMENTO!$AF$11)),0)","v":0},{"$f":"IF(AND($D44=\"Serviço\",AJ$12<>0,$H44>0,OR(AUTOEVENTO<>\"manual\",$M44<>1)),\nIF(Import.TipoArredondamento<>\"TransfereGOV\",\nROUND(OFFSET($P44,0,AJ$13),15-13*ORÇAMENTO!$AF$7)/$H44*OFFSET(ORÇAMENTO!$X$15,ROW(AJ44)-ROW(AJ$15),0),\nROUND(ROUND(OFFSET($P44,0,AJ$13),15-13*ORÇAMENTO!$AF$7)*OFFSET(ORÇAMENTO!$W$15,ROW(AJ44)-ROW(AJ$15),0),15-13*ORÇAMENTO!$AF$11)),0)","v":0},{"$f":"IF(AND($D44=\"Serviço\",AK$12<>0,$H44>0,OR(AUTOEVENTO<>\"manual\",$M44<>1)),\nIF(Import.TipoArredondamento<>\"TransfereGOV\",\nROUND(OFFSET($P44,0,AK$13),15-13*ORÇAMENTO!$AF$7)/$H44*OFFSET(ORÇAMENTO!$X$15,ROW(AK44)-ROW(AK$15),0),\nROUND(ROUND(OFFSET($P44,0,AK$13),15-13*ORÇAMENTO!$AF$7)*OFFSET(ORÇAMENTO!$W$15,ROW(AK44)-ROW(AK$15),0),15-13*ORÇAMENTO!$AF$11)),0)","v":0},null,{"$f":"IF($D44<>\"Serviço\",0,IF(AND(AUTOEVENTO=\"Manual\",$M44=1),0,IF(OFFSET(CRONOPLE!$F$14,$M44,AM$13)=\"\",10^12,OFFSET(CRONOPLE!$F$14,$M44,AM$13))))","v":1000000000000},{"$f":"IF($D44<>\"Serviço\",0,IF(AND(AUTOEVENTO=\"Manual\",$M44=1),0,IF(OFFSET(CRONOPLE!$F$14,$M44,AN$13)=\"\",10^12,OFFSET(CRONOPLE!$F$14,$M44,AN$13))))","v":1000000000000},{"$f":"IF($D44<>\"Serviço\",0,IF(AND(AUTOEVENTO=\"Manual\",$M44=1),0,IF(OFFSET(CRONOPLE!$F$14,$M44,AO$13)=\"\",10^12,OFFSET(CRONOPLE!$F$14,$M44,AO$13))))","v":1000000000000},{"$f":"IF($D44<>\"Serviço\",0,IF(AND(AUTOEVENTO=\"Manual\",$M44=1),0,IF(OFFSET(CRONOPLE!$F$14,$M44,AP$13)=\"\",10^12,OFFSET(CRONOPLE!$F$14,$M44,AP$13))))","v":1000000000000},{"$f":"IF($D44<>\"Serviço\",0,IF(AND(AUTOEVENTO=\"Manual\",$M44=1),0,IF(OFFSET(CRONOPLE!$F$14,$M44,AQ$13)=\"\",10^12,OFFSET(CRONOPLE!$F$14,$M44,AQ$13))))","v":1000000000000},{"$f":"IF($D44<>\"Serviço\",0,IF(AND(AUTOEVENTO=\"Manual\",$M44=1),0,IF(OFFSET(CRONOPLE!$F$14,$M44,AR$13)=\"\",10^12,OFFSET(CRONOPLE!$F$14,$M44,AR$13))))","v":1000000000000},{"$f":"IF($D44<>\"Serviço\",0,IF(AND(AUTOEVENTO=\"Manual\",$M44=1),0,IF(OFFSET(CRONOPLE!$F$14,$M44,AS$13)=\"\",10^12,OFFSET(CRONOPLE!$F$14,$M44,AS$13))))","v":1000000000000},{"$f":"IF($D44<>\"Serviço\",0,IF(AND(AUTOEVENTO=\"Manual\",$M44=1),0,IF(OFFSET(CRONOPLE!$F$14,$M44,AT$13)=\"\",10^12,OFFSET(CRONOPLE!$F$14,$M44,AT$13))))","v":1000000000000},{"$f":"IF($D44<>\"Serviço\",0,IF(AND(AUTOEVENTO=\"Manual\",$M44=1),0,IF(OFFSET(CRONOPLE!$F$14,$M44,AU$13)=\"\",10^12,OFFSET(CRONOPLE!$F$14,$M44,AU$13))))","v":1000000000000},{"$f":"IF($D44<>\"Serviço\",0,IF(AND(AUTOEVENTO=\"Manual\",$M44=1),0,IF(OFFSET(CRONOPLE!$F$14,$M44,AV$13)=\"\",10^12,OFFSET(CRONOPLE!$F$14,$M44,AV$13))))","v":1000000000000},null,{"$f":"IF($D44<>\"Serviço\",0,IF(OR(AND(AUTOEVENTO=\"Manual\",$M44=1),$M44>(ROW(PLE.lastrow)-ROW(PLE.firstrow))),0,IF(OFFSET(PLE!$G$14,$M44,AX$13)=\"\",10^12,OFFSET(PLE!$G$14,$M44,AX$13))))","v":1000000000000},{"$f":"IF($D44<>\"Serviço\",0,IF(OR(AND(AUTOEVENTO=\"Manual\",$M44=1),$M44>(ROW(PLE.lastrow)-ROW(PLE.firstrow))),0,IF(OFFSET(PLE!$G$14,$M44,AY$13)=\"\",10^12,OFFSET(PLE!$G$14,$M44,AY$13))))","v":1000000000000},{"$f":"IF($D44<>\"Serviço\",0,IF(OR(AND(AUTOEVENTO=\"Manual\",$M44=1),$M44>(ROW(PLE.lastrow)-ROW(PLE.firstrow))),0,IF(OFFSET(PLE!$G$14,$M44,AZ$13)=\"\",10^12,OFFSET(PLE!$G$14,$M44,AZ$13))))","v":1000000000000},{"$f":"IF($D44<>\"Serviço\",0,IF(OR(AND(AUTOEVENTO=\"Manual\",$M44=1),$M44>(ROW(PLE.lastrow)-ROW(PLE.firstrow))),0,IF(OFFSET(PLE!$G$14,$M44,BA$13)=\"\",10^12,OFFSET(PLE!$G$14,$M44,BA$13))))","v":1000000000000},{"$f":"IF($D44<>\"Serviço\",0,IF(OR(AND(AUTOEVENTO=\"Manual\",$M44=1),$M44>(ROW(PLE.lastrow)-ROW(PLE.firstrow))),0,IF(OFFSET(PLE!$G$14,$M44,BB$13)=\"\",10^12,OFFSET(PLE!$G$14,$M44,BB$13))))","v":1000000000000},{"$f":"IF($D44<>\"Serviço\",0,IF(OR(AND(AUTOEVENTO=\"Manual\",$M44=1),$M44>(ROW(PLE.lastrow)-ROW(PLE.firstrow))),0,IF(OFFSET(PLE!$G$14,$M44,BC$13)=\"\",10^12,OFFSET(PLE!$G$14,$M44,BC$13))))","v":1000000000000},{"$f":"IF($D44<>\"Serviço\",0,IF(OR(AND(AUTOEVENTO=\"Manual\",$M44=1),$M44>(ROW(PLE.lastrow)-ROW(PLE.firstrow))),0,IF(OFFSET(PLE!$G$14,$M44,BD$13)=\"\",10^12,OFFSET(PLE!$G$14,$M44,BD$13))))","v":1000000000000},{"$f":"IF($D44<>\"Serviço\",0,IF(OR(AND(AUTOEVENTO=\"Manual\",$M44=1),$M44>(ROW(PLE.lastrow)-ROW(PLE.firstrow))),0,IF(OFFSET(PLE!$G$14,$M44,BE$13)=\"\",10^12,OFFSET(PLE!$G$14,$M44,BE$13))))","v":1000000000000},{"$f":"IF($D44<>\"Serviço\",0,IF(OR(AND(AUTOEVENTO=\"Manual\",$M44=1),$M44>(ROW(PLE.lastrow)-ROW(PLE.firstrow))),0,IF(OFFSET(PLE!$G$14,$M44,BF$13)=\"\",10^12,OFFSET(PLE!$G$14,$M44,BF$13))))","v":1000000000000},{"$f":"IF($D44<>\"Serviço\",0,IF(OR(AND(AUTOEVENTO=\"Manual\",$M44=1),$M44>(ROW(PLE.lastrow)-ROW(PLE.firstrow))),0,IF(OFFSET(PLE!$G$14,$M44,BG$13)=\"\",10^12,OFFSET(PLE!$G$14,$M44,BG$13))))","v":1000000000000}]
["25",{"$f":"OFFSET(ORÇAMENTO!C$15,ROW(B45)-ROW(B$15),0)","v":"S"},{"$f":"OFFSET(ORÇAMENTO!L$15,ROW(C45)-ROW(C$15),0)","v":"F"},{"$f":"OFFSET(ORÇAMENTO!N$15,ROW(D45)-ROW(D$15),0)","v":"Serviço"},{"$f":"OFFSET(ORÇAMENTO!O$15,ROW(E45)-ROW(E$15),0)","v":"1.6.0.5."},{"$f":"OFFSET(ORÇAMENTO!R$15,ROW(F45)-ROW(F$15),0)","v":"V2 - VIGA AÉREA 11,5X45CM  - FCK 25MPA - USINADO - 6 BARRAS, 12,5MM, ESTRIBOS 5MM C/10CM"},{"$f":"IF($D45<>\"Serviço\",\"\",OFFSET(ORÇAMENTO!S$15,ROW(G45)-ROW(G$15),0))","v":"M"},{"$f":"IF($D45<>\"Serviço\",0,IF(ACOMPANHAMENTO=\"BM\",ROUND(OFFSET(ORÇAMENTO!AJ$15,ROW(H45)-ROW(H$15),0),15-13*ORÇAMENTO!$AF$7),SUMPRODUCT(($Q$12:$AA$12<>\"\")*ROUND($Q45:$AA45,15-13*ORÇAMENTO!$AF$7))))","v":137.44999999999999},"COMPRIMENTO DAS VIGAS, DESCONTADO 50% DA LARGURA DO PILAR",null,null,".",{"$f":"IF($D45<>\"Serviço\",\"\",IF(AUTOEVENTO=\"manual\",$A45,IF(ISERROR(MATCH($A45,$A$15:OFFSET($A45,-1,0),0)),MAX($M$15:OFFSET(M45,-1,0))+1,INDEX($M$15:OFFSET(M45,-1,0),MATCH($A45,$A$15:OFFSET($A45,-1,0),0)))))","v":7},{"$f":"IF($D45<>\"Serviço\",\"\",IF(AUTOEVENTO=\"Manual\",IF($A45=0,\"<-- defina o número do agrupador\",OFFSET(EVENTOS!$D$14,$A45,0)),OFFSET($F$15,$A45,0)))","v":"SUPERESTRUTURA "},null,null,{"$f":"3.84+5.42+17.77+10.68+10.97+8.84+6.18+4.59+19.81+9.2+4.9+3.45+5.05+8.7+21.65-3.6","v":137.45000000000002},null,null,null,null,null,null,null,null,null,null,{"$f":"IF(AND($D45=\"Serviço\",AB$12<>0,$H45>0,OR(AUTOEVENTO<>\"manual\",$M45<>1)),\nIF(Import.TipoArredondamento<>\"TransfereGOV\",\nROUND(OFFSET($P45,0,AB$13),15-13*ORÇAMENTO!$AF$7)/$H45*OFFSET(ORÇAMENTO!$X$15,ROW(AB45)-ROW(AB$15),0),\nROUND(ROUND(OFFSET($P45,0,AB$13),15-13*ORÇAMENTO!$AF$7)*OFFSET(ORÇAMENTO!$W$15,ROW(AB45)-ROW(AB$15),0),15-13*ORÇAMENTO!$AF$11)),0)","v":33409.97},{"$f":"IF(AND($D45=\"Serviço\",AC$12<>0,$H45>0,OR(AUTOEVENTO<>\"manual\",$M45<>1)),\nIF(Import.TipoArredondamento<>\"TransfereGOV\",\nROUND(OFFSET($P45,0,AC$13),15-13*ORÇAMENTO!$AF$7)/$H45*OFFSET(ORÇAMENTO!$X$15,ROW(AC45)-ROW(AC$15),0),\nROUND(ROUND(OFFSET($P45,0,AC$13),15-13*ORÇAMENTO!$AF$7)*OFFSET(ORÇAMENTO!$W$15,ROW(AC45)-ROW(AC$15),0),15-13*ORÇAMENTO!$AF$11)),0)","v":0},{"$f":"IF(AND($D45=\"Serviço\",AD$12<>0,$H45>0,OR(AUTOEVENTO<>\"manual\",$M45<>1)),\nIF(Import.TipoArredondamento<>\"TransfereGOV\",\nROUND(OFFSET($P45,0,AD$13),15-13*ORÇAMENTO!$AF$7)/$H45*OFFSET(ORÇAMENTO!$X$15,ROW(AD45)-ROW(AD$15),0),\nROUND(ROUND(OFFSET($P45,0,AD$13),15-13*ORÇAMENTO!$AF$7)*OFFSET(ORÇAMENTO!$W$15,ROW(AD45)-ROW(AD$15),0),15-13*ORÇAMENTO!$AF$11)),0)","v":0},{"$f":"IF(AND($D45=\"Serviço\",AE$12<>0,$H45>0,OR(AUTOEVENTO<>\"manual\",$M45<>1)),\nIF(Import.TipoArredondamento<>\"TransfereGOV\",\nROUND(OFFSET($P45,0,AE$13),15-13*ORÇAMENTO!$AF$7)/$H45*OFFSET(ORÇAMENTO!$X$15,ROW(AE45)-ROW(AE$15),0),\nROUND(ROUND(OFFSET($P45,0,AE$13),15-13*ORÇAMENTO!$AF$7)*OFFSET(ORÇAMENTO!$W$15,ROW(AE45)-ROW(AE$15),0),15-13*ORÇAMENTO!$AF$11)),0)","v":0},{"$f":"IF(AND($D45=\"Serviço\",AF$12<>0,$H45>0,OR(AUTOEVENTO<>\"manual\",$M45<>1)),\nIF(Import.TipoArredondamento<>\"TransfereGOV\",\nROUND(OFFSET($P45,0,AF$13),15-13*ORÇAMENTO!$AF$7)/$H45*OFFSET(ORÇAMENTO!$X$15,ROW(AF45)-ROW(AF$15),0),\nROUND(ROUND(OFFSET($P45,0,AF$13),15-13*ORÇAMENTO!$AF$7)*OFFSET(ORÇAMENTO!$W$15,ROW(AF45)-ROW(AF$15),0),15-13*ORÇAMENTO!$AF$11)),0)","v":0},{"$f":"IF(AND($D45=\"Serviço\",AG$12<>0,$H45>0,OR(AUTOEVENTO<>\"manual\",$M45<>1)),\nIF(Import.TipoArredondamento<>\"TransfereGOV\",\nROUND(OFFSET($P45,0,AG$13),15-13*ORÇAMENTO!$AF$7)/$H45*OFFSET(ORÇAMENTO!$X$15,ROW(AG45)-ROW(AG$15),0),\nROUND(ROUND(OFFSET($P45,0,AG$13),15-13*ORÇAMENTO!$AF$7)*OFFSET(ORÇAMENTO!$W$15,ROW(AG45)-ROW(AG$15),0),15-13*ORÇAMENTO!$AF$11)),0)","v":0},{"$f":"IF(AND($D45=\"Serviço\",AH$12<>0,$H45>0,OR(AUTOEVENTO<>\"manual\",$M45<>1)),\nIF(Import.TipoArredondamento<>\"TransfereGOV\",\nROUND(OFFSET($P45,0,AH$13),15-13*ORÇAMENTO!$AF$7)/$H45*OFFSET(ORÇAMENTO!$X$15,ROW(AH45)-ROW(AH$15),0),\nROUND(ROUND(OFFSET($P45,0,AH$13),15-13*ORÇAMENTO!$AF$7)*OFFSET(ORÇAMENTO!$W$15,ROW(AH45)-ROW(AH$15),0),15-13*ORÇAMENTO!$AF$11)),0)","v":0},{"$f":"IF(AND($D45=\"Serviço\",AI$12<>0,$H45>0,OR(AUTOEVENTO<>\"manual\",$M45<>1)),\nIF(Import.TipoArredondamento<>\"TransfereGOV\",\nROUND(OFFSET($P45,0,AI$13),15-13*ORÇAMENTO!$AF$7)/$H45*OFFSET(ORÇAMENTO!$X$15,ROW(AI45)-ROW(AI$15),0),\nROUND(ROUND(OFFSET($P45,0,AI$13),15-13*ORÇAMENTO!$AF$7)*OFFSET(ORÇAMENTO!$W$15,ROW(AI45)-ROW(AI$15),0),15-13*ORÇAMENTO!$AF$11)),0)","v":0},{"$f":"IF(AND($D45=\"Serviço\",AJ$12<>0,$H45>0,OR(AUTOEVENTO<>\"manual\",$M45<>1)),\nIF(Import.TipoArredondamento<>\"TransfereGOV\",\nROUND(OFFSET($P45,0,AJ$13),15-13*ORÇAMENTO!$AF$7)/$H45*OFFSET(ORÇAMENTO!$X$15,ROW(AJ45)-ROW(AJ$15),0),\nROUND(ROUND(OFFSET($P45,0,AJ$13),15-13*ORÇAMENTO!$AF$7)*OFFSET(ORÇAMENTO!$W$15,ROW(AJ45)-ROW(AJ$15),0),15-13*ORÇAMENTO!$AF$11)),0)","v":0},{"$f":"IF(AND($D45=\"Serviço\",AK$12<>0,$H45>0,OR(AUTOEVENTO<>\"manual\",$M45<>1)),\nIF(Import.TipoArredondamento<>\"TransfereGOV\",\nROUND(OFFSET($P45,0,AK$13),15-13*ORÇAMENTO!$AF$7)/$H45*OFFSET(ORÇAMENTO!$X$15,ROW(AK45)-ROW(AK$15),0),\nROUND(ROUND(OFFSET($P45,0,AK$13),15-13*ORÇAMENTO!$AF$7)*OFFSET(ORÇAMENTO!$W$15,ROW(AK45)-ROW(AK$15),0),15-13*ORÇAMENTO!$AF$11)),0)","v":0},null,{"$f":"IF($D45<>\"Serviço\",0,IF(AND(AUTOEVENTO=\"Manual\",$M45=1),0,IF(OFFSET(CRONOPLE!$F$14,$M45,AM$13)=\"\",10^12,OFFSET(CRONOPLE!$F$14,$M45,AM$13))))","v":1000000000000},{"$f":"IF($D45<>\"Serviço\",0,IF(AND(AUTOEVENTO=\"Manual\",$M45=1),0,IF(OFFSET(CRONOPLE!$F$14,$M45,AN$13)=\"\",10^12,OFFSET(CRONOPLE!$F$14,$M45,AN$13))))","v":1000000000000},{"$f":"IF($D45<>\"Serviço\",0,IF(AND(AUTOEVENTO=\"Manual\",$M45=1),0,IF(OFFSET(CRONOPLE!$F$14,$M45,AO$13)=\"\",10^12,OFFSET(CRONOPLE!$F$14,$M45,AO$13))))","v":1000000000000},{"$f":"IF($D45<>\"Serviço\",0,IF(AND(AUTOEVENTO=\"Manual\",$M45=1),0,IF(OFFSET(CRONOPLE!$F$14,$M45,AP$13)=\"\",10^12,OFFSET(CRONOPLE!$F$14,$M45,AP$13))))","v":1000000000000},{"$f":"IF($D45<>\"Serviço\",0,IF(AND(AUTOEVENTO=\"Manual\",$M45=1),0,IF(OFFSET(CRONOPLE!$F$14,$M45,AQ$13)=\"\",10^12,OFFSET(CRONOPLE!$F$14,$M45,AQ$13))))","v":1000000000000},{"$f":"IF($D45<>\"Serviço\",0,IF(AND(AUTOEVENTO=\"Manual\",$M45=1),0,IF(OFFSET(CRONOPLE!$F$14,$M45,AR$13)=\"\",10^12,OFFSET(CRONOPLE!$F$14,$M45,AR$13))))","v":1000000000000},{"$f":"IF($D45<>\"Serviço\",0,IF(AND(AUTOEVENTO=\"Manual\",$M45=1),0,IF(OFFSET(CRONOPLE!$F$14,$M45,AS$13)=\"\",10^12,OFFSET(CRONOPLE!$F$14,$M45,AS$13))))","v":1000000000000},{"$f":"IF($D45<>\"Serviço\",0,IF(AND(AUTOEVENTO=\"Manual\",$M45=1),0,IF(OFFSET(CRONOPLE!$F$14,$M45,AT$13)=\"\",10^12,OFFSET(CRONOPLE!$F$14,$M45,AT$13))))","v":1000000000000},{"$f":"IF($D45<>\"Serviço\",0,IF(AND(AUTOEVENTO=\"Manual\",$M45=1),0,IF(OFFSET(CRONOPLE!$F$14,$M45,AU$13)=\"\",10^12,OFFSET(CRONOPLE!$F$14,$M45,AU$13))))","v":1000000000000},{"$f":"IF($D45<>\"Serviço\",0,IF(AND(AUTOEVENTO=\"Manual\",$M45=1),0,IF(OFFSET(CRONOPLE!$F$14,$M45,AV$13)=\"\",10^12,OFFSET(CRONOPLE!$F$14,$M45,AV$13))))","v":1000000000000},null,{"$f":"IF($D45<>\"Serviço\",0,IF(OR(AND(AUTOEVENTO=\"Manual\",$M45=1),$M45>(ROW(PLE.lastrow)-ROW(PLE.firstrow))),0,IF(OFFSET(PLE!$G$14,$M45,AX$13)=\"\",10^12,OFFSET(PLE!$G$14,$M45,AX$13))))","v":1000000000000},{"$f":"IF($D45<>\"Serviço\",0,IF(OR(AND(AUTOEVENTO=\"Manual\",$M45=1),$M45>(ROW(PLE.lastrow)-ROW(PLE.firstrow))),0,IF(OFFSET(PLE!$G$14,$M45,AY$13)=\"\",10^12,OFFSET(PLE!$G$14,$M45,AY$13))))","v":1000000000000},{"$f":"IF($D45<>\"Serviço\",0,IF(OR(AND(AUTOEVENTO=\"Manual\",$M45=1),$M45>(ROW(PLE.lastrow)-ROW(PLE.firstrow))),0,IF(OFFSET(PLE!$G$14,$M45,AZ$13)=\"\",10^12,OFFSET(PLE!$G$14,$M45,AZ$13))))","v":1000000000000},{"$f":"IF($D45<>\"Serviço\",0,IF(OR(AND(AUTOEVENTO=\"Manual\",$M45=1),$M45>(ROW(PLE.lastrow)-ROW(PLE.firstrow))),0,IF(OFFSET(PLE!$G$14,$M45,BA$13)=\"\",10^12,OFFSET(PLE!$G$14,$M45,BA$13))))","v":1000000000000},{"$f":"IF($D45<>\"Serviço\",0,IF(OR(AND(AUTOEVENTO=\"Manual\",$M45=1),$M45>(ROW(PLE.lastrow)-ROW(PLE.firstrow))),0,IF(OFFSET(PLE!$G$14,$M45,BB$13)=\"\",10^12,OFFSET(PLE!$G$14,$M45,BB$13))))","v":1000000000000},{"$f":"IF($D45<>\"Serviço\",0,IF(OR(AND(AUTOEVENTO=\"Manual\",$M45=1),$M45>(ROW(PLE.lastrow)-ROW(PLE.firstrow))),0,IF(OFFSET(PLE!$G$14,$M45,BC$13)=\"\",10^12,OFFSET(PLE!$G$14,$M45,BC$13))))","v":1000000000000},{"$f":"IF($D45<>\"Serviço\",0,IF(OR(AND(AUTOEVENTO=\"Manual\",$M45=1),$M45>(ROW(PLE.lastrow)-ROW(PLE.firstrow))),0,IF(OFFSET(PLE!$G$14,$M45,BD$13)=\"\",10^12,OFFSET(PLE!$G$14,$M45,BD$13))))","v":1000000000000},{"$f":"IF($D45<>\"Serviço\",0,IF(OR(AND(AUTOEVENTO=\"Manual\",$M45=1),$M45>(ROW(PLE.lastrow)-ROW(PLE.firstrow))),0,IF(OFFSET(PLE!$G$14,$M45,BE$13)=\"\",10^12,OFFSET(PLE!$G$14,$M45,BE$13))))","v":1000000000000},{"$f":"IF($D45<>\"Serviço\",0,IF(OR(AND(AUTOEVENTO=\"Manual\",$M45=1),$M45>(ROW(PLE.lastrow)-ROW(PLE.firstrow))),0,IF(OFFSET(PLE!$G$14,$M45,BF$13)=\"\",10^12,OFFSET(PLE!$G$14,$M45,BF$13))))","v":1000000000000},{"$f":"IF($D45<>\"Serviço\",0,IF(OR(AND(AUTOEVENTO=\"Manual\",$M45=1),$M45>(ROW(PLE.lastrow)-ROW(PLE.firstrow))),0,IF(OFFSET(PLE!$G$14,$M45,BG$13)=\"\",10^12,OFFSET(PLE!$G$14,$M45,BG$13))))","v":1000000000000}]
[{"$f":"IF(AUTOEVENTO=\"Manual\",IF(K46<>\"\",MIN(VALUE(LEFT(K46,FIND(\".\",K46)-1)),COUNTA(EVENTOS.Lista)),0),IF(OR($B46>AUTOEVENTO,$B46=\"S\",$B46=0),SUBSTITUTE(OFFSET($A46,-1,0),IF($D46=\"Serviço\",\".\",\"\"),\"\"),ROW(A46)-ROW($A$15)&\".\"))","v":"25"},{"$f":"OFFSET(ORÇAMENTO!C$15,ROW(B46)-ROW(B$15),0)","v":"S"},{"$f":"OFFSET(ORÇAMENTO!L$15,ROW(C46)-ROW(C$15),0)","v":"F"},{"$f":"OFFSET(ORÇAMENTO!N$15,ROW(D46)-ROW(D$15),0)","v":"Serviço"},{"$f":"OFFSET(ORÇAMENTO!O$15,ROW(E46)-ROW(E$15),0)","v":"1.6.0.6."},{"$f":"OFFSET(ORÇAMENTO!R$15,ROW(F46)-ROW(F$15),0)","v":"ARMAÇÃO DE PILAR OU VIGA DE ESTRUTURA CONVENCIONAL DE CONCRETO ARMADO UTILIZANDO AÇO CA-50 DE 12,5 MM - MONTAGEM. AF_06/2022"},{"$f":"IF($D46<>\"Serviço\",\"\",OFFSET(ORÇAMENTO!S$15,ROW(G46)-ROW(G$15),0))","v":"KG"},{"$f":"IF($D46<>\"Serviço\",0,IF(ACOMPANHAMENTO=\"BM\",ROUND(OFFSET(ORÇAMENTO!AJ$15,ROW(H46)-ROW(H$15),0),15-13*ORÇAMENTO!$AF$7),SUMPRODUCT(($Q$12:$AA$12<>\"\")*ROUND($Q46:$AA46,15-13*ORÇAMENTO!$AF$7))))","v":58.72},"COMPRIMENTO DAS VIGAS COM REFORÇO X 2 BARRAS X PESO DA BARRA",null,null,".",{"$f":"IF($D46<>\"Serviço\",\"\",IF(AUTOEVENTO=\"manual\",$A46,IF(ISERROR(MATCH($A46,$A$15:OFFSET($A46,-1,0),0)),MAX($M$15:OFFSET(M46,-1,0))+1,INDEX($M$15:OFFSET(M46,-1,0),MATCH($A46,$A$15:OFFSET($A46,-1,0),0)))))","v":7},{"$f":"IF($D46<>\"Serviço\",\"\",IF(AUTOEVENTO=\"Manual\",IF($A46=0,\"<-- defina o número do agrupador\",OFFSET(EVENTOS!$D$14,$A46,0)),OFFSET($F$15,$A46,0)))","v":"SUPERESTRUTURA "},null,null,{"$f":"((10.68+10.97+8.84)*2*0.963)","v":58.723739999999992},null,null,null,null,null,null,null,null,null,null,{"$f":"IF(AND($D46=\"Serviço\",AB$12<>0,$H46>0,OR(AUTOEVENTO<>\"manual\",$M46<>1)),\nIF(Import.TipoArredondamento<>\"TransfereGOV\",\nROUND(OFFSET($P46,0,AB$13),15-13*ORÇAMENTO!$AF$7)/$H46*OFFSET(ORÇAMENTO!$X$15,ROW(AB46)-ROW(AB$15),0),\nROUND(ROUND(OFFSET($P46,0,AB$13),15-13*ORÇAMENTO!$AF$7)*OFFSET(ORÇAMENTO!$W$15,ROW(AB46)-ROW(AB$15),0),15-13*ORÇAMENTO!$AF$11)),0)","v":705.23},{"$f":"IF(AND($D46=\"Serviço\",AC$12<>0,$H46>0,OR(AUTOEVENTO<>\"manual\",$M46<>1)),\nIF(Import.TipoArredondamento<>\"TransfereGOV\",\nROUND(OFFSET($P46,0,AC$13),15-13*ORÇAMENTO!$AF$7)/$H46*OFFSET(ORÇAMENTO!$X$15,ROW(AC46)-ROW(AC$15),0),\nROUND(ROUND(OFFSET($P46,0,AC$13),15-13*ORÇAMENTO!$AF$7)*OFFSET(ORÇAMENTO!$W$15,ROW(AC46)-ROW(AC$15),0),15-13*ORÇAMENTO!$AF$11)),0)","v":0},{"$f":"IF(AND($D46=\"Serviço\",AD$12<>0,$H46>0,OR(AUTOEVENTO<>\"manual\",$M46<>1)),\nIF(Import.TipoArredondamento<>\"TransfereGOV\",\nROUND(OFFSET($P46,0,AD$13),15-13*ORÇAMENTO!$AF$7)/$H46*OFFSET(ORÇAMENTO!$X$15,ROW(AD46)-ROW(AD$15),0),\nROUND(ROUND(OFFSET($P46,0,AD$13),15-13*ORÇAMENTO!$AF$7)*OFFSET(ORÇAMENTO!$W$15,ROW(AD46)-ROW(AD$15),0),15-13*ORÇAMENTO!$AF$11)),0)","v":0},{"$f":"IF(AND($D46=\"Serviço\",AE$12<>0,$H46>0,OR(AUTOEVENTO<>\"manual\",$M46<>1)),\nIF(Import.TipoArredondamento<>\"TransfereGOV\",\nROUND(OFFSET($P46,0,AE$13),15-13*ORÇAMENTO!$AF$7)/$H46*OFFSET(ORÇAMENTO!$X$15,ROW(AE46)-ROW(AE$15),0),\nROUND(ROUND(OFFSET($P46,0,AE$13),15-13*ORÇAMENTO!$AF$7)*OFFSET(ORÇAMENTO!$W$15,ROW(AE46)-ROW(AE$15),0),15-13*ORÇAMENTO!$AF$11)),0)","v":0},{"$f":"IF(AND($D46=\"Serviço\",AF$12<>0,$H46>0,OR(AUTOEVENTO<>\"manual\",$M46<>1)),\nIF(Import.TipoArredondamento<>\"TransfereGOV\",\nROUND(OFFSET($P46,0,AF$13),15-13*ORÇAMENTO!$AF$7)/$H46*OFFSET(ORÇAMENTO!$X$15,ROW(AF46)-ROW(AF$15),0),\nROUND(ROUND(OFFSET($P46,0,AF$13),15-13*ORÇAMENTO!$AF$7)*OFFSET(ORÇAMENTO!$W$15,ROW(AF46)-ROW(AF$15),0),15-13*ORÇAMENTO!$AF$11)),0)","v":0},{"$f":"IF(AND($D46=\"Serviço\",AG$12<>0,$H46>0,OR(AUTOEVENTO<>\"manual\",$M46<>1)),\nIF(Import.TipoArredondamento<>\"TransfereGOV\",\nROUND(OFFSET($P46,0,AG$13),15-13*ORÇAMENTO!$AF$7)/$H46*OFFSET(ORÇAMENTO!$X$15,ROW(AG46)-ROW(AG$15),0),\nROUND(ROUND(OFFSET($P46,0,AG$13),15-13*ORÇAMENTO!$AF$7)*OFFSET(ORÇAMENTO!$W$15,ROW(AG46)-ROW(AG$15),0),15-13*ORÇAMENTO!$AF$11)),0)","v":0},{"$f":"IF(AND($D46=\"Serviço\",AH$12<>0,$H46>0,OR(AUTOEVENTO<>\"manual\",$M46<>1)),\nIF(Import.TipoArredondamento<>\"TransfereGOV\",\nROUND(OFFSET($P46,0,AH$13),15-13*ORÇAMENTO!$AF$7)/$H46*OFFSET(ORÇAMENTO!$X$15,ROW(AH46)-ROW(AH$15),0),\nROUND(ROUND(OFFSET($P46,0,AH$13),15-13*ORÇAMENTO!$AF$7)*OFFSET(ORÇAMENTO!$W$15,ROW(AH46)-ROW(AH$15),0),15-13*ORÇAMENTO!$AF$11)),0)","v":0},{"$f":"IF(AND($D46=\"Serviço\",AI$12<>0,$H46>0,OR(AUTOEVENTO<>\"manual\",$M46<>1)),\nIF(Import.TipoArredondamento<>\"TransfereGOV\",\nROUND(OFFSET($P46,0,AI$13),15-13*ORÇAMENTO!$AF$7)/$H46*OFFSET(ORÇAMENTO!$X$15,ROW(AI46)-ROW(AI$15),0),\nROUND(ROUND(OFFSET($P46,0,AI$13),15-13*ORÇAMENTO!$AF$7)*OFFSET(ORÇAMENTO!$W$15,ROW(AI46)-ROW(AI$15),0),15-13*ORÇAMENTO!$AF$11)),0)","v":0},{"$f":"IF(AND($D46=\"Serviço\",AJ$12<>0,$H46>0,OR(AUTOEVENTO<>\"manual\",$M46<>1)),\nIF(Import.TipoArredondamento<>\"TransfereGOV\",\nROUND(OFFSET($P46,0,AJ$13),15-13*ORÇAMENTO!$AF$7)/$H46*OFFSET(ORÇAMENTO!$X$15,ROW(AJ46)-ROW(AJ$15),0),\nROUND(ROUND(OFFSET($P46,0,AJ$13),15-13*ORÇAMENTO!$AF$7)*OFFSET(ORÇAMENTO!$W$15,ROW(AJ46)-ROW(AJ$15),0),15-13*ORÇAMENTO!$AF$11)),0)","v":0},{"$f":"IF(AND($D46=\"Serviço\",AK$12<>0,$H46>0,OR(AUTOEVENTO<>\"manual\",$M46<>1)),\nIF(Import.TipoArredondamento<>\"TransfereGOV\",\nROUND(OFFSET($P46,0,AK$13),15-13*ORÇAMENTO!$AF$7)/$H46*OFFSET(ORÇAMENTO!$X$15,ROW(AK46)-ROW(AK$15),0),\nROUND(ROUND(OFFSET($P46,0,AK$13),15-13*ORÇAMENTO!$AF$7)*OFFSET(ORÇAMENTO!$W$15,ROW(AK46)-ROW(AK$15),0),15-13*ORÇAMENTO!$AF$11)),0)","v":0},null,{"$f":"IF($D46<>\"Serviço\",0,IF(AND(AUTOEVENTO=\"Manual\",$M46=1),0,IF(OFFSET(CRONOPLE!$F$14,$M46,AM$13)=\"\",10^12,OFFSET(CRONOPLE!$F$14,$M46,AM$13))))","v":1000000000000},{"$f":"IF($D46<>\"Serviço\",0,IF(AND(AUTOEVENTO=\"Manual\",$M46=1),0,IF(OFFSET(CRONOPLE!$F$14,$M46,AN$13)=\"\",10^12,OFFSET(CRONOPLE!$F$14,$M46,AN$13))))","v":1000000000000},{"$f":"IF($D46<>\"Serviço\",0,IF(AND(AUTOEVENTO=\"Manual\",$M46=1),0,IF(OFFSET(CRONOPLE!$F$14,$M46,AO$13)=\"\",10^12,OFFSET(CRONOPLE!$F$14,$M46,AO$13))))","v":1000000000000},{"$f":"IF($D46<>\"Serviço\",0,IF(AND(AUTOEVENTO=\"Manual\",$M46=1),0,IF(OFFSET(CRONOPLE!$F$14,$M46,AP$13)=\"\",10^12,OFFSET(CRONOPLE!$F$14,$M46,AP$13))))","v":1000000000000},{"$f":"IF($D46<>\"Serviço\",0,IF(AND(AUTOEVENTO=\"Manual\",$M46=1),0,IF(OFFSET(CRONOPLE!$F$14,$M46,AQ$13)=\"\",10^12,OFFSET(CRONOPLE!$F$14,$M46,AQ$13))))","v":1000000000000},{"$f":"IF($D46<>\"Serviço\",0,IF(AND(AUTOEVENTO=\"Manual\",$M46=1),0,IF(OFFSET(CRONOPLE!$F$14,$M46,AR$13)=\"\",10^12,OFFSET(CRONOPLE!$F$14,$M46,AR$13))))","v":1000000000000},{"$f":"IF($D46<>\"Serviço\",0,IF(AND(AUTOEVENTO=\"Manual\",$M46=1),0,IF(OFFSET(CRONOPLE!$F$14,$M46,AS$13)=\"\",10^12,OFFSET(CRONOPLE!$F$14,$M46,AS$13))))","v":1000000000000},{"$f":"IF($D46<>\"Serviço\",0,IF(AND(AUTOEVENTO=\"Manual\",$M46=1),0,IF(OFFSET(CRONOPLE!$F$14,$M46,AT$13)=\"\",10^12,OFFSET(CRONOPLE!$F$14,$M46,AT$13))))","v":1000000000000},{"$f":"IF($D46<>\"Serviço\",0,IF(AND(AUTOEVENTO=\"Manual\",$M46=1),0,IF(OFFSET(CRONOPLE!$F$14,$M46,AU$13)=\"\",10^12,OFFSET(CRONOPLE!$F$14,$M46,AU$13))))","v":1000000000000},{"$f":"IF($D46<>\"Serviço\",0,IF(AND(AUTOEVENTO=\"Manual\",$M46=1),0,IF(OFFSET(CRONOPLE!$F$14,$M46,AV$13)=\"\",10^12,OFFSET(CRONOPLE!$F$14,$M46,AV$13))))","v":1000000000000},null,{"$f":"IF($D46<>\"Serviço\",0,IF(OR(AND(AUTOEVENTO=\"Manual\",$M46=1),$M46>(ROW(PLE.lastrow)-ROW(PLE.firstrow))),0,IF(OFFSET(PLE!$G$14,$M46,AX$13)=\"\",10^12,OFFSET(PLE!$G$14,$M46,AX$13))))","v":1000000000000},{"$f":"IF($D46<>\"Serviço\",0,IF(OR(AND(AUTOEVENTO=\"Manual\",$M46=1),$M46>(ROW(PLE.lastrow)-ROW(PLE.firstrow))),0,IF(OFFSET(PLE!$G$14,$M46,AY$13)=\"\",10^12,OFFSET(PLE!$G$14,$M46,AY$13))))","v":1000000000000},{"$f":"IF($D46<>\"Serviço\",0,IF(OR(AND(AUTOEVENTO=\"Manual\",$M46=1),$M46>(ROW(PLE.lastrow)-ROW(PLE.firstrow))),0,IF(OFFSET(PLE!$G$14,$M46,AZ$13)=\"\",10^12,OFFSET(PLE!$G$14,$M46,AZ$13))))","v":1000000000000},{"$f":"IF($D46<>\"Serviço\",0,IF(OR(AND(AUTOEVENTO=\"Manual\",$M46=1),$M46>(ROW(PLE.lastrow)-ROW(PLE.firstrow))),0,IF(OFFSET(PLE!$G$14,$M46,BA$13)=\"\",10^12,OFFSET(PLE!$G$14,$M46,BA$13))))","v":1000000000000},{"$f":"IF($D46<>\"Serviço\",0,IF(OR(AND(AUTOEVENTO=\"Manual\",$M46=1),$M46>(ROW(PLE.lastrow)-ROW(PLE.firstrow))),0,IF(OFFSET(PLE!$G$14,$M46,BB$13)=\"\",10^12,OFFSET(PLE!$G$14,$M46,BB$13))))","v":1000000000000},{"$f":"IF($D46<>\"Serviço\",0,IF(OR(AND(AUTOEVENTO=\"Manual\",$M46=1),$M46>(ROW(PLE.lastrow)-ROW(PLE.firstrow))),0,IF(OFFSET(PLE!$G$14,$M46,BC$13)=\"\",10^12,OFFSET(PLE!$G$14,$M46,BC$13))))","v":1000000000000},{"$f":"IF($D46<>\"Serviço\",0,IF(OR(AND(AUTOEVENTO=\"Manual\",$M46=1),$M46>(ROW(PLE.lastrow)-ROW(PLE.firstrow))),0,IF(OFFSET(PLE!$G$14,$M46,BD$13)=\"\",10^12,OFFSET(PLE!$G$14,$M46,BD$13))))","v":1000000000000},{"$f":"IF($D46<>\"Serviço\",0,IF(OR(AND(AUTOEVENTO=\"Manual\",$M46=1),$M46>(ROW(PLE.lastrow)-ROW(PLE.firstrow))),0,IF(OFFSET(PLE!$G$14,$M46,BE$13)=\"\",10^12,OFFSET(PLE!$G$14,$M46,BE$13))))","v":1000000000000},{"$f":"IF($D46<>\"Serviço\",0,IF(OR(AND(AUTOEVENTO=\"Manual\",$M46=1),$M46>(ROW(PLE.lastrow)-ROW(PLE.firstrow))),0,IF(OFFSET(PLE!$G$14,$M46,BF$13)=\"\",10^12,OFFSET(PLE!$G$14,$M46,BF$13))))","v":1000000000000},{"$f":"IF($D46<>\"Serviço\",0,IF(OR(AND(AUTOEVENTO=\"Manual\",$M46=1),$M46>(ROW(PLE.lastrow)-ROW(PLE.firstrow))),0,IF(OFFSET(PLE!$G$14,$M46,BG$13)=\"\",10^12,OFFSET(PLE!$G$14,$M46,BG$13))))","v":1000000000000}]
["32.",{"$f":"OFFSET(ORÇAMENTO!C$15,ROW(B47)-ROW(B$15),0)","v":2},{"$f":"OFFSET(ORÇAMENTO!L$15,ROW(C47)-ROW(C$15),0)","v":"F"},{"$f":"OFFSET(ORÇAMENTO!N$15,ROW(D47)-ROW(D$15),0)","v":"Nível 2"},{"$f":"OFFSET(ORÇAMENTO!O$15,ROW(E47)-ROW(E$15),0)","v":"1.7."},{"$f":"OFFSET(ORÇAMENTO!R$15,ROW(F47)-ROW(F$15),0)","v":"LAJE"},{"$f":"IF($D47<>\"Serviço\",\"\",OFFSET(ORÇAMENTO!S$15,ROW(G47)-ROW(G$15),0))","v":""},{"$f":"IF($D47<>\"Serviço\",0,IF(ACOMPANHAMENTO=\"BM\",ROUND(OFFSET(ORÇAMENTO!AJ$15,ROW(H47)-ROW(H$15),0),15-13*ORÇAMENTO!$AF$7),SUMPRODUCT(($Q$12:$AA$12<>\"\")*ROUND($Q47:$AA47,15-13*ORÇAMENTO!$AF$7))))","v":0},null,null,null,".",{"$f":"IF($D47<>\"Serviço\",\"\",IF(AUTOEVENTO=\"manual\",$A47,IF(ISERROR(MATCH($A47,$A$15:OFFSET($A47,-1,0),0)),MAX($M$15:OFFSET(M47,-1,0))+1,INDEX($M$15:OFFSET(M47,-1,0),MATCH($A47,$A$15:OFFSET($A47,-1,0),0)))))","v":""},{"$f":"IF($D47<>\"Serviço\",\"\",IF(AUTOEVENTO=\"Manual\",IF($A47=0,\"<-- defina o número do agrupador\",OFFSET(EVENTOS!$D$14,$A47,0)),OFFSET($F$15,$A47,0)))","v":""},null,null,null,null,null,null,null,null,null,null,null,null,null,{"$f":"IF(AND($D47=\"Serviço\",AB$12<>0,$H47>0,OR(AUTOEVENTO<>\"manual\",$M47<>1)),\nIF(Import.TipoArredondamento<>\"TransfereGOV\",\nROUND(OFFSET($P47,0,AB$13),15-13*ORÇAMENTO!$AF$7)/$H47*OFFSET(ORÇAMENTO!$X$15,ROW(AB47)-ROW(AB$15),0),\nROUND(ROUND(OFFSET($P47,0,AB$13),15-13*ORÇAMENTO!$AF$7)*OFFSET(ORÇAMENTO!$W$15,ROW(AB47)-ROW(AB$15),0),15-13*ORÇAMENTO!$AF$11)),0)","v":0},{"$f":"IF(AND($D47=\"Serviço\",AC$12<>0,$H47>0,OR(AUTOEVENTO<>\"manual\",$M47<>1)),\nIF(Import.TipoArredondamento<>\"TransfereGOV\",\nROUND(OFFSET($P47,0,AC$13),15-13*ORÇAMENTO!$AF$7)/$H47*OFFSET(ORÇAMENTO!$X$15,ROW(AC47)-ROW(AC$15),0),\nROUND(ROUND(OFFSET($P47,0,AC$13),15-13*ORÇAMENTO!$AF$7)*OFFSET(ORÇAMENTO!$W$15,ROW(AC47)-ROW(AC$15),0),15-13*ORÇAMENTO!$AF$11)),0)","v":0},{"$f":"IF(AND($D47=\"Serviço\",AD$12<>0,$H47>0,OR(AUTOEVENTO<>\"manual\",$M47<>1)),\nIF(Import.TipoArredondamento<>\"TransfereGOV\",\nROUND(OFFSET($P47,0,AD$13),15-13*ORÇAMENTO!$AF$7)/$H47*OFFSET(ORÇAMENTO!$X$15,ROW(AD47)-ROW(AD$15),0),\nROUND(ROUND(OFFSET($P47,0,AD$13),15-13*ORÇAMENTO!$AF$7)*OFFSET(ORÇAMENTO!$W$15,ROW(AD47)-ROW(AD$15),0),15-13*ORÇAMENTO!$AF$11)),0)","v":0},{"$f":"IF(AND($D47=\"Serviço\",AE$12<>0,$H47>0,OR(AUTOEVENTO<>\"manual\",$M47<>1)),\nIF(Import.TipoArredondamento<>\"TransfereGOV\",\nROUND(OFFSET($P47,0,AE$13),15-13*ORÇAMENTO!$AF$7)/$H47*OFFSET(ORÇAMENTO!$X$15,ROW(AE47)-ROW(AE$15),0),\nROUND(ROUND(OFFSET($P47,0,AE$13),15-13*ORÇAMENTO!$AF$7)*OFFSET(ORÇAMENTO!$W$15,ROW(AE47)-ROW(AE$15),0),15-13*ORÇAMENTO!$AF$11)),0)","v":0},{"$f":"IF(AND($D47=\"Serviço\",AF$12<>0,$H47>0,OR(AUTOEVENTO<>\"manual\",$M47<>1)),\nIF(Import.TipoArredondamento<>\"TransfereGOV\",\nROUND(OFFSET($P47,0,AF$13),15-13*ORÇAMENTO!$AF$7)/$H47*OFFSET(ORÇAMENTO!$X$15,ROW(AF47)-ROW(AF$15),0),\nROUND(ROUND(OFFSET($P47,0,AF$13),15-13*ORÇAMENTO!$AF$7)*OFFSET(ORÇAMENTO!$W$15,ROW(AF47)-ROW(AF$15),0),15-13*ORÇAMENTO!$AF$11)),0)","v":0},{"$f":"IF(AND($D47=\"Serviço\",AG$12<>0,$H47>0,OR(AUTOEVENTO<>\"manual\",$M47<>1)),\nIF(Import.TipoArredondamento<>\"TransfereGOV\",\nROUND(OFFSET($P47,0,AG$13),15-13*ORÇAMENTO!$AF$7)/$H47*OFFSET(ORÇAMENTO!$X$15,ROW(AG47)-ROW(AG$15),0),\nROUND(ROUND(OFFSET($P47,0,AG$13),15-13*ORÇAMENTO!$AF$7)*OFFSET(ORÇAMENTO!$W$15,ROW(AG47)-ROW(AG$15),0),15-13*ORÇAMENTO!$AF$11)),0)","v":0},{"$f":"IF(AND($D47=\"Serviço\",AH$12<>0,$H47>0,OR(AUTOEVENTO<>\"manual\",$M47<>1)),\nIF(Import.TipoArredondamento<>\"TransfereGOV\",\nROUND(OFFSET($P47,0,AH$13),15-13*ORÇAMENTO!$AF$7)/$H47*OFFSET(ORÇAMENTO!$X$15,ROW(AH47)-ROW(AH$15),0),\nROUND(ROUND(OFFSET($P47,0,AH$13),15-13*ORÇAMENTO!$AF$7)*OFFSET(ORÇAMENTO!$W$15,ROW(AH47)-ROW(AH$15),0),15-13*ORÇAMENTO!$AF$11)),0)","v":0},{"$f":"IF(AND($D47=\"Serviço\",AI$12<>0,$H47>0,OR(AUTOEVENTO<>\"manual\",$M47<>1)),\nIF(Import.TipoArredondamento<>\"TransfereGOV\",\nROUND(OFFSET($P47,0,AI$13),15-13*ORÇAMENTO!$AF$7)/$H47*OFFSET(ORÇAMENTO!$X$15,ROW(AI47)-ROW(AI$15),0),\nROUND(ROUND(OFFSET($P47,0,AI$13),15-13*ORÇAMENTO!$AF$7)*OFFSET(ORÇAMENTO!$W$15,ROW(AI47)-ROW(AI$15),0),15-13*ORÇAMENTO!$AF$11)),0)","v":0},{"$f":"IF(AND($D47=\"Serviço\",AJ$12<>0,$H47>0,OR(AUTOEVENTO<>\"manual\",$M47<>1)),\nIF(Import.TipoArredondamento<>\"TransfereGOV\",\nROUND(OFFSET($P47,0,AJ$13),15-13*ORÇAMENTO!$AF$7)/$H47*OFFSET(ORÇAMENTO!$X$15,ROW(AJ47)-ROW(AJ$15),0),\nROUND(ROUND(OFFSET($P47,0,AJ$13),15-13*ORÇAMENTO!$AF$7)*OFFSET(ORÇAMENTO!$W$15,ROW(AJ47)-ROW(AJ$15),0),15-13*ORÇAMENTO!$AF$11)),0)","v":0},{"$f":"IF(AND($D47=\"Serviço\",AK$12<>0,$H47>0,OR(AUTOEVENTO<>\"manual\",$M47<>1)),\nIF(Import.TipoArredondamento<>\"TransfereGOV\",\nROUND(OFFSET($P47,0,AK$13),15-13*ORÇAMENTO!$AF$7)/$H47*OFFSET(ORÇAMENTO!$X$15,ROW(AK47)-ROW(AK$15),0),\nROUND(ROUND(OFFSET($P47,0,AK$13),15-13*ORÇAMENTO!$AF$7)*OFFSET(ORÇAMENTO!$W$15,ROW(AK47)-ROW(AK$15),0),15-13*ORÇAMENTO!$AF$11)),0)","v":0},null,{"$f":"IF($D47<>\"Serviço\",0,IF(AND(AUTOEVENTO=\"Manual\",$M47=1),0,IF(OFFSET(CRONOPLE!$F$14,$M47,AM$13)=\"\",10^12,OFFSET(CRONOPLE!$F$14,$M47,AM$13))))","v":0},{"$f":"IF($D47<>\"Serviço\",0,IF(AND(AUTOEVENTO=\"Manual\",$M47=1),0,IF(OFFSET(CRONOPLE!$F$14,$M47,AN$13)=\"\",10^12,OFFSET(CRONOPLE!$F$14,$M47,AN$13))))","v":0},{"$f":"IF($D47<>\"Serviço\",0,IF(AND(AUTOEVENTO=\"Manual\",$M47=1),0,IF(OFFSET(CRONOPLE!$F$14,$M47,AO$13)=\"\",10^12,OFFSET(CRONOPLE!$F$14,$M47,AO$13))))","v":0},{"$f":"IF($D47<>\"Serviço\",0,IF(AND(AUTOEVENTO=\"Manual\",$M47=1),0,IF(OFFSET(CRONOPLE!$F$14,$M47,AP$13)=\"\",10^12,OFFSET(CRONOPLE!$F$14,$M47,AP$13))))","v":0},{"$f":"IF($D47<>\"Serviço\",0,IF(AND(AUTOEVENTO=\"Manual\",$M47=1),0,IF(OFFSET(CRONOPLE!$F$14,$M47,AQ$13)=\"\",10^12,OFFSET(CRONOPLE!$F$14,$M47,AQ$13))))","v":0},{"$f":"IF($D47<>\"Serviço\",0,IF(AND(AUTOEVENTO=\"Manual\",$M47=1),0,IF(OFFSET(CRONOPLE!$F$14,$M47,AR$13)=\"\",10^12,OFFSET(CRONOPLE!$F$14,$M47,AR$13))))","v":0},{"$f":"IF($D47<>\"Serviço\",0,IF(AND(AUTOEVENTO=\"Manual\",$M47=1),0,IF(OFFSET(CRONOPLE!$F$14,$M47,AS$13)=\"\",10^12,OFFSET(CRONOPLE!$F$14,$M47,AS$13))))","v":0},{"$f":"IF($D47<>\"Serviço\",0,IF(AND(AUTOEVENTO=\"Manual\",$M47=1),0,IF(OFFSET(CRONOPLE!$F$14,$M47,AT$13)=\"\",10^12,OFFSET(CRONOPLE!$F$14,$M47,AT$13))))","v":0},{"$f":"IF($D47<>\"Serviço\",0,IF(AND(AUTOEVENTO=\"Manual\",$M47=1),0,IF(OFFSET(CRONOPLE!$F$14,$M47,AU$13)=\"\",10^12,OFFSET(CRONOPLE!$F$14,$M47,AU$13))))","v":0},{"$f":"IF($D47<>\"Serviço\",0,IF(AND(AUTOEVENTO=\"Manual\",$M47=1),0,IF(OFFSET(CRONOPLE!$F$14,$M47,AV$13)=\"\",10^12,OFFSET(CRONOPLE!$F$14,$M47,AV$13))))","v":0},null,{"$f":"IF($D47<>\"Serviço\",0,IF(OR(AND(AUTOEVENTO=\"Manual\",$M47=1),$M47>(ROW(PLE.lastrow)-ROW(PLE.firstrow))),0,IF(OFFSET(PLE!$G$14,$M47,AX$13)=\"\",10^12,OFFSET(PLE!$G$14,$M47,AX$13))))","v":0},{"$f":"IF($D47<>\"Serviço\",0,IF(OR(AND(AUTOEVENTO=\"Manual\",$M47=1),$M47>(ROW(PLE.lastrow)-ROW(PLE.firstrow))),0,IF(OFFSET(PLE!$G$14,$M47,AY$13)=\"\",10^12,OFFSET(PLE!$G$14,$M47,AY$13))))","v":0},{"$f":"IF($D47<>\"Serviço\",0,IF(OR(AND(AUTOEVENTO=\"Manual\",$M47=1),$M47>(ROW(PLE.lastrow)-ROW(PLE.firstrow))),0,IF(OFFSET(PLE!$G$14,$M47,AZ$13)=\"\",10^12,OFFSET(PLE!$G$14,$M47,AZ$13))))","v":0},{"$f":"IF($D47<>\"Serviço\",0,IF(OR(AND(AUTOEVENTO=\"Manual\",$M47=1),$M47>(ROW(PLE.lastrow)-ROW(PLE.firstrow))),0,IF(OFFSET(PLE!$G$14,$M47,BA$13)=\"\",10^12,OFFSET(PLE!$G$14,$M47,BA$13))))","v":0},{"$f":"IF($D47<>\"Serviço\",0,IF(OR(AND(AUTOEVENTO=\"Manual\",$M47=1),$M47>(ROW(PLE.lastrow)-ROW(PLE.firstrow))),0,IF(OFFSET(PLE!$G$14,$M47,BB$13)=\"\",10^12,OFFSET(PLE!$G$14,$M47,BB$13))))","v":0},{"$f":"IF($D47<>\"Serviço\",0,IF(OR(AND(AUTOEVENTO=\"Manual\",$M47=1),$M47>(ROW(PLE.lastrow)-ROW(PLE.firstrow))),0,IF(OFFSET(PLE!$G$14,$M47,BC$13)=\"\",10^12,OFFSET(PLE!$G$14,$M47,BC$13))))","v":0},{"$f":"IF($D47<>\"Serviço\",0,IF(OR(AND(AUTOEVENTO=\"Manual\",$M47=1),$M47>(ROW(PLE.lastrow)-ROW(PLE.firstrow))),0,IF(OFFSET(PLE!$G$14,$M47,BD$13)=\"\",10^12,OFFSET(PLE!$G$14,$M47,BD$13))))","v":0},{"$f":"IF($D47<>\"Serviço\",0,IF(OR(AND(AUTOEVENTO=\"Manual\",$M47=1),$M47>(ROW(PLE.lastrow)-ROW(PLE.firstrow))),0,IF(OFFSET(PLE!$G$14,$M47,BE$13)=\"\",10^12,OFFSET(PLE!$G$14,$M47,BE$13))))","v":0},{"$f":"IF($D47<>\"Serviço\",0,IF(OR(AND(AUTOEVENTO=\"Manual\",$M47=1),$M47>(ROW(PLE.lastrow)-ROW(PLE.firstrow))),0,IF(OFFSET(PLE!$G$14,$M47,BF$13)=\"\",10^12,OFFSET(PLE!$G$14,$M47,BF$13))))","v":0},{"$f":"IF($D47<>\"Serviço\",0,IF(OR(AND(AUTOEVENTO=\"Manual\",$M47=1),$M47>(ROW(PLE.lastrow)-ROW(PLE.firstrow))),0,IF(OFFSET(PLE!$G$14,$M47,BG$13)=\"\",10^12,OFFSET(PLE!$G$14,$M47,BG$13))))","v":0}]
["32",{"$f":"OFFSET(ORÇAMENTO!C$15,ROW(B48)-ROW(B$15),0)","v":"S"},{"$f":"OFFSET(ORÇAMENTO!L$15,ROW(C48)-ROW(C$15),0)","v":"F"},{"$f":"OFFSET(ORÇAMENTO!N$15,ROW(D48)-ROW(D$15),0)","v":"Serviço"},{"$f":"OFFSET(ORÇAMENTO!O$15,ROW(E48)-ROW(E$15),0)","v":"1.7.0.1."},{"$f":"OFFSET(ORÇAMENTO!R$15,ROW(F48)-ROW(F$15),0)","v":"LAJE PRÉ-MOLDADA UNIDIRECIONAL, BIAPOIADA, PARA PISO, ENCHIMENTO EM CERAMICA, VIGOTA CONVENCIONAL, ALTURA TOTAL DA LAJE (ENCHIMENTO+CAPA) = (8+4). AF_11/2020_PA (INCLUI ESCORAMENTO, FORMAS, MALHA 4,2 15X15CM E CONCRETO)"},{"$f":"IF($D48<>\"Serviço\",\"\",OFFSET(ORÇAMENTO!S$15,ROW(G48)-ROW(G$15),0))","v":"M2"},{"$f":"IF($D48<>\"Serviço\",0,IF(ACOMPANHAMENTO=\"BM\",ROUND(OFFSET(ORÇAMENTO!AJ$15,ROW(H48)-ROW(H$15),0),15-13*ORÇAMENTO!$AF$7),SUMPRODUCT(($Q$12:$AA$12<>\"\")*ROUND($Q48:$AA48,15-13*ORÇAMENTO!$AF$7))))","v":216.14},"ÁREA DA LAJE + AREA BARRILETE (LAJE H12CM)",null,null,".",{"$f":"IF($D48<>\"Serviço\",\"\",IF(AUTOEVENTO=\"manual\",$A48,IF(ISERROR(MATCH($A48,$A$15:OFFSET($A48,-1,0),0)),MAX($M$15:OFFSET(M48,-1,0))+1,INDEX($M$15:OFFSET(M48,-1,0),MATCH($A48,$A$15:OFFSET($A48,-1,0),0)))))","v":8},{"$f":"IF($D48<>\"Serviço\",\"\",IF(AUTOEVENTO=\"Manual\",IF($A48=0,\"<-- defina o número do agrupador\",OFFSET(EVENTOS!$D$14,$A48,0)),OFFSET($F$15,$A48,0)))","v":"LAJE"},null,null,{"$f":"338.95+16.16+18.7-157.67","v":216.14000000000001},null,null,null,null,null,null,null,null,null,null,{"$f":"IF(AND($D48=\"Serviço\",AB$12<>0,$H48>0,OR(AUTOEVENTO<>\"manual\",$M48<>1)),\nIF(Import.TipoArredondamento<>\"TransfereGOV\",\nROUND(OFFSET($P48,0,AB$13),15-13*ORÇAMENTO!$AF$7)/$H48*OFFSET(ORÇAMENTO!$X$15,ROW(AB48)-ROW(AB$15),0),\nROUND(ROUND(OFFSET($P48,0,AB$13),15-13*ORÇAMENTO!$AF$7)*OFFSET(ORÇAMENTO!$W$15,ROW(AB48)-ROW(AB$15),0),15-13*ORÇAMENTO!$AF$11)),0)","v":51166.82},{"$f":"IF(AND($D48=\"Serviço\",AC$12<>0,$H48>0,OR(AUTOEVENTO<>\"manual\",$M48<>1)),\nIF(Import.TipoArredondamento<>\"TransfereGOV\",\nROUND(OFFSET($P48,0,AC$13),15-13*ORÇAMENTO!$AF$7)/$H48*OFFSET(ORÇAMENTO!$X$15,ROW(AC48)-ROW(AC$15),0),\nROUND(ROUND(OFFSET($P48,0,AC$13),15-13*ORÇAMENTO!$AF$7)*OFFSET(ORÇAMENTO!$W$15,ROW(AC48)-ROW(AC$15),0),15-13*ORÇAMENTO!$AF$11)),0)","v":0},{"$f":"IF(AND($D48=\"Serviço\",AD$12<>0,$H48>0,OR(AUTOEVENTO<>\"manual\",$M48<>1)),\nIF(Import.TipoArredondamento<>\"TransfereGOV\",\nROUND(OFFSET($P48,0,AD$13),15-13*ORÇAMENTO!$AF$7)/$H48*OFFSET(ORÇAMENTO!$X$15,ROW(AD48)-ROW(AD$15),0),\nROUND(ROUND(OFFSET($P48,0,AD$13),15-13*ORÇAMENTO!$AF$7)*OFFSET(ORÇAMENTO!$W$15,ROW(AD48)-ROW(AD$15),0),15-13*ORÇAMENTO!$AF$11)),0)","v":0},{"$f":"IF(AND($D48=\"Serviço\",AE$12<>0,$H48>0,OR(AUTOEVENTO<>\"manual\",$M48<>1)),\nIF(Import.TipoArredondamento<>\"TransfereGOV\",\nROUND(OFFSET($P48,0,AE$13),15-13*ORÇAMENTO!$AF$7)/$H48*OFFSET(ORÇAMENTO!$X$15,ROW(AE48)-ROW(AE$15),0),\nROUND(ROUND(OFFSET($P48,0,AE$13),15-13*ORÇAMENTO!$AF$7)*OFFSET(ORÇAMENTO!$W$15,ROW(AE48)-ROW(AE$15),0),15-13*ORÇAMENTO!$AF$11)),0)","v":0},{"$f":"IF(AND($D48=\"Serviço\",AF$12<>0,$H48>0,OR(AUTOEVENTO<>\"manual\",$M48<>1)),\nIF(Import.TipoArredondamento<>\"TransfereGOV\",\nROUND(OFFSET($P48,0,AF$13),15-13*ORÇAMENTO!$AF$7)/$H48*OFFSET(ORÇAMENTO!$X$15,ROW(AF48)-ROW(AF$15),0),\nROUND(ROUND(OFFSET($P48,0,AF$13),15-13*ORÇAMENTO!$AF$7)*OFFSET(ORÇAMENTO!$W$15,ROW(AF48)-ROW(AF$15),0),15-13*ORÇAMENTO!$AF$11)),0)","v":0},{"$f":"IF(AND($D48=\"Serviço\",AG$12<>0,$H48>0,OR(AUTOEVENTO<>\"manual\",$M48<>1)),\nIF(Import.TipoArredondamento<>\"TransfereGOV\",\nROUND(OFFSET($P48,0,AG$13),15-13*ORÇAMENTO!$AF$7)/$H48*OFFSET(ORÇAMENTO!$X$15,ROW(AG48)-ROW(AG$15),0),\nROUND(ROUND(OFFSET($P48,0,AG$13),15-13*ORÇAMENTO!$AF$7)*OFFSET(ORÇAMENTO!$W$15,ROW(AG48)-ROW(AG$15),0),15-13*ORÇAMENTO!$AF$11)),0)","v":0},{"$f":"IF(AND($D48=\"Serviço\",AH$12<>0,$H48>0,OR(AUTOEVENTO<>\"manual\",$M48<>1)),\nIF(Import.TipoArredondamento<>\"TransfereGOV\",\nROUND(OFFSET($P48,0,AH$13),15-13*ORÇAMENTO!$AF$7)/$H48*OFFSET(ORÇAMENTO!$X$15,ROW(AH48)-ROW(AH$15),0),\nROUND(ROUND(OFFSET($P48,0,AH$13),15-13*ORÇAMENTO!$AF$7)*OFFSET(ORÇAMENTO!$W$15,ROW(AH48)-ROW(AH$15),0),15-13*ORÇAMENTO!$AF$11)),0)","v":0},{"$f":"IF(AND($D48=\"Serviço\",AI$12<>0,$H48>0,OR(AUTOEVENTO<>\"manual\",$M48<>1)),\nIF(Import.TipoArredondamento<>\"TransfereGOV\",\nROUND(OFFSET($P48,0,AI$13),15-13*ORÇAMENTO!$AF$7)/$H48*OFFSET(ORÇAMENTO!$X$15,ROW(AI48)-ROW(AI$15),0),\nROUND(ROUND(OFFSET($P48,0,AI$13),15-13*ORÇAMENTO!$AF$7)*OFFSET(ORÇAMENTO!$W$15,ROW(AI48)-ROW(AI$15),0),15-13*ORÇAMENTO!$AF$11)),0)","v":0},{"$f":"IF(AND($D48=\"Serviço\",AJ$12<>0,$H48>0,OR(AUTOEVENTO<>\"manual\",$M48<>1)),\nIF(Import.TipoArredondamento<>\"TransfereGOV\",\nROUND(OFFSET($P48,0,AJ$13),15-13*ORÇAMENTO!$AF$7)/$H48*OFFSET(ORÇAMENTO!$X$15,ROW(AJ48)-ROW(AJ$15),0),\nROUND(ROUND(OFFSET($P48,0,AJ$13),15-13*ORÇAMENTO!$AF$7)*OFFSET(ORÇAMENTO!$W$15,ROW(AJ48)-ROW(AJ$15),0),15-13*ORÇAMENTO!$AF$11)),0)","v":0},{"$f":"IF(AND($D48=\"Serviço\",AK$12<>0,$H48>0,OR(AUTOEVENTO<>\"manual\",$M48<>1)),\nIF(Import.TipoArredondamento<>\"TransfereGOV\",\nROUND(OFFSET($P48,0,AK$13),15-13*ORÇAMENTO!$AF$7)/$H48*OFFSET(ORÇAMENTO!$X$15,ROW(AK48)-ROW(AK$15),0),\nROUND(ROUND(OFFSET($P48,0,AK$13),15-13*ORÇAMENTO!$AF$7)*OFFSET(ORÇAMENTO!$W$15,ROW(AK48)-ROW(AK$15),0),15-13*ORÇAMENTO!$AF$11)),0)","v":0},null,{"$f":"IF($D48<>\"Serviço\",0,IF(AND(AUTOEVENTO=\"Manual\",$M48=1),0,IF(OFFSET(CRONOPLE!$F$14,$M48,AM$13)=\"\",10^12,OFFSET(CRONOPLE!$F$14,$M48,AM$13))))","v":1000000000000},{"$f":"IF($D48<>\"Serviço\",0,IF(AND(AUTOEVENTO=\"Manual\",$M48=1),0,IF(OFFSET(CRONOPLE!$F$14,$M48,AN$13)=\"\",10^12,OFFSET(CRONOPLE!$F$14,$M48,AN$13))))","v":1000000000000},{"$f":"IF($D48<>\"Serviço\",0,IF(AND(AUTOEVENTO=\"Manual\",$M48=1),0,IF(OFFSET(CRONOPLE!$F$14,$M48,AO$13)=\"\",10^12,OFFSET(CRONOPLE!$F$14,$M48,AO$13))))","v":1000000000000},{"$f":"IF($D48<>\"Serviço\",0,IF(AND(AUTOEVENTO=\"Manual\",$M48=1),0,IF(OFFSET(CRONOPLE!$F$14,$M48,AP$13)=\"\",10^12,OFFSET(CRONOPLE!$F$14,$M48,AP$13))))","v":1000000000000},{"$f":"IF($D48<>\"Serviço\",0,IF(AND(AUTOEVENTO=\"Manual\",$M48=1),0,IF(OFFSET(CRONOPLE!$F$14,$M48,AQ$13)=\"\",10^12,OFFSET(CRONOPLE!$F$14,$M48,AQ$13))))","v":1000000000000},{"$f":"IF($D48<>\"Serviço\",0,IF(AND(AUTOEVENTO=\"Manual\",$M48=1),0,IF(OFFSET(CRONOPLE!$F$14,$M48,AR$13)=\"\",10^12,OFFSET(CRONOPLE!$F$14,$M48,AR$13))))","v":1000000000000},{"$f":"IF($D48<>\"Serviço\",0,IF(AND(AUTOEVENTO=\"Manual\",$M48=1),0,IF(OFFSET(CRONOPLE!$F$14,$M48,AS$13)=\"\",10^12,OFFSET(CRONOPLE!$F$14,$M48,AS$13))))","v":1000000000000},{"$f":"IF($D48<>\"Serviço\",0,IF(AND(AUTOEVENTO=\"Manual\",$M48=1),0,IF(OFFSET(CRONOPLE!$F$14,$M48,AT$13)=\"\",10^12,OFFSET(CRONOPLE!$F$14,$M48,AT$13))))","v":1000000000000},{"$f":"IF($D48<>\"Serviço\",0,IF(AND(AUTOEVENTO=\"Manual\",$M48=1),0,IF(OFFSET(CRONOPLE!$F$14,$M48,AU$13)=\"\",10^12,OFFSET(CRONOPLE!$F$14,$M48,AU$13))))","v":1000000000000},{"$f":"IF($D48<>\"Serviço\",0,IF(AND(AUTOEVENTO=\"Manual\",$M48=1),0,IF(OFFSET(CRONOPLE!$F$14,$M48,AV$13)=\"\",10^12,OFFSET(CRONOPLE!$F$14,$M48,AV$13))))","v":1000000000000},null,{"$f":"IF($D48<>\"Serviço\",0,IF(OR(AND(AUTOEVENTO=\"Manual\",$M48=1),$M48>(ROW(PLE.lastrow)-ROW(PLE.firstrow))),0,IF(OFFSET(PLE!$G$14,$M48,AX$13)=\"\",10^12,OFFSET(PLE!$G$14,$M48,AX$13))))","v":1000000000000},{"$f":"IF($D48<>\"Serviço\",0,IF(OR(AND(AUTOEVENTO=\"Manual\",$M48=1),$M48>(ROW(PLE.lastrow)-ROW(PLE.firstrow))),0,IF(OFFSET(PLE!$G$14,$M48,AY$13)=\"\",10^12,OFFSET(PLE!$G$14,$M48,AY$13))))","v":1000000000000},{"$f":"IF($D48<>\"Serviço\",0,IF(OR(AND(AUTOEVENTO=\"Manual\",$M48=1),$M48>(ROW(PLE.lastrow)-ROW(PLE.firstrow))),0,IF(OFFSET(PLE!$G$14,$M48,AZ$13)=\"\",10^12,OFFSET(PLE!$G$14,$M48,AZ$13))))","v":1000000000000},{"$f":"IF($D48<>\"Serviço\",0,IF(OR(AND(AUTOEVENTO=\"Manual\",$M48=1),$M48>(ROW(PLE.lastrow)-ROW(PLE.firstrow))),0,IF(OFFSET(PLE!$G$14,$M48,BA$13)=\"\",10^12,OFFSET(PLE!$G$14,$M48,BA$13))))","v":1000000000000},{"$f":"IF($D48<>\"Serviço\",0,IF(OR(AND(AUTOEVENTO=\"Manual\",$M48=1),$M48>(ROW(PLE.lastrow)-ROW(PLE.firstrow))),0,IF(OFFSET(PLE!$G$14,$M48,BB$13)=\"\",10^12,OFFSET(PLE!$G$14,$M48,BB$13))))","v":1000000000000},{"$f":"IF($D48<>\"Serviço\",0,IF(OR(AND(AUTOEVENTO=\"Manual\",$M48=1),$M48>(ROW(PLE.lastrow)-ROW(PLE.firstrow))),0,IF(OFFSET(PLE!$G$14,$M48,BC$13)=\"\",10^12,OFFSET(PLE!$G$14,$M48,BC$13))))","v":1000000000000},{"$f":"IF($D48<>\"Serviço\",0,IF(OR(AND(AUTOEVENTO=\"Manual\",$M48=1),$M48>(ROW(PLE.lastrow)-ROW(PLE.firstrow))),0,IF(OFFSET(PLE!$G$14,$M48,BD$13)=\"\",10^12,OFFSET(PLE!$G$14,$M48,BD$13))))","v":1000000000000},{"$f":"IF($D48<>\"Serviço\",0,IF(OR(AND(AUTOEVENTO=\"Manual\",$M48=1),$M48>(ROW(PLE.lastrow)-ROW(PLE.firstrow))),0,IF(OFFSET(PLE!$G$14,$M48,BE$13)=\"\",10^12,OFFSET(PLE!$G$14,$M48,BE$13))))","v":1000000000000},{"$f":"IF($D48<>\"Serviço\",0,IF(OR(AND(AUTOEVENTO=\"Manual\",$M48=1),$M48>(ROW(PLE.lastrow)-ROW(PLE.firstrow))),0,IF(OFFSET(PLE!$G$14,$M48,BF$13)=\"\",10^12,OFFSET(PLE!$G$14,$M48,BF$13))))","v":1000000000000},{"$f":"IF($D48<>\"Serviço\",0,IF(OR(AND(AUTOEVENTO=\"Manual\",$M48=1),$M48>(ROW(PLE.lastrow)-ROW(PLE.firstrow))),0,IF(OFFSET(PLE!$G$14,$M48,BG$13)=\"\",10^12,OFFSET(PLE!$G$14,$M48,BG$13))))","v":1000000000000}]
["32",{"$f":"OFFSET(ORÇAMENTO!C$15,ROW(B49)-ROW(B$15),0)","v":"S"},{"$f":"OFFSET(ORÇAMENTO!L$15,ROW(C49)-ROW(C$15),0)","v":"F"},{"$f":"OFFSET(ORÇAMENTO!N$15,ROW(D49)-ROW(D$15),0)","v":"Serviço"},{"$f":"OFFSET(ORÇAMENTO!O$15,ROW(E49)-ROW(E$15),0)","v":"1.7.0.2."},{"$f":"OFFSET(ORÇAMENTO!R$15,ROW(F49)-ROW(F$15),0)","v":"LAJE PRÉ-MOLDADA UNIDIRECIONAL, BIAPOIADA, PARA PISO, ENCHIMENTO EM CERÂMICA, VIGOTA CONVENCIONAL, ALTURA TOTAL DA LAJE (ENCHIMENTO+CAPA) = (12+4). AF_11/2020_PA"},{"$f":"IF($D49<>\"Serviço\",\"\",OFFSET(ORÇAMENTO!S$15,ROW(G49)-ROW(G$15),0))","v":"M2"},{"$f":"IF($D49<>\"Serviço\",0,IF(ACOMPANHAMENTO=\"BM\",ROUND(OFFSET(ORÇAMENTO!AJ$15,ROW(H49)-ROW(H$15),0),15-13*ORÇAMENTO!$AF$7),SUMPRODUCT(($Q$12:$AA$12<>\"\")*ROUND($Q49:$AA49,15-13*ORÇAMENTO!$AF$7))))","v":157.66999999999999},"ÁREA DA LAJE H16CM",null,null,".",{"$f":"IF($D49<>\"Serviço\",\"\",IF(AUTOEVENTO=\"manual\",$A49,IF(ISERROR(MATCH($A49,$A$15:OFFSET($A49,-1,0),0)),MAX($M$15:OFFSET(M49,-1,0))+1,INDEX($M$15:OFFSET(M49,-1,0),MATCH($A49,$A$15:OFFSET($A49,-1,0),0)))))","v":8},{"$f":"IF($D49<>\"Serviço\",\"\",IF(AUTOEVENTO=\"Manual\",IF($A49=0,\"<-- defina o número do agrupador\",OFFSET(EVENTOS!$D$14,$A49,0)),OFFSET($F$15,$A49,0)))","v":"LAJE"},null,null,157.66999999999999,null,null,null,null,null,null,null,null,null,null,{"$f":"IF(AND($D49=\"Serviço\",AB$12<>0,$H49>0,OR(AUTOEVENTO<>\"manual\",$M49<>1)),\nIF(Import.TipoArredondamento<>\"TransfereGOV\",\nROUND(OFFSET($P49,0,AB$13),15-13*ORÇAMENTO!$AF$7)/$H49*OFFSET(ORÇAMENTO!$X$15,ROW(AB49)-ROW(AB$15),0),\nROUND(ROUND(OFFSET($P49,0,AB$13),15-13*ORÇAMENTO!$AF$7)*OFFSET(ORÇAMENTO!$W$15,ROW(AB49)-ROW(AB$15),0),15-13*ORÇAMENTO!$AF$11)),0)","v":46782.27},{"$f":"IF(AND($D49=\"Serviço\",AC$12<>0,$H49>0,OR(AUTOEVENTO<>\"manual\",$M49<>1)),\nIF(Import.TipoArredondamento<>\"TransfereGOV\",\nROUND(OFFSET($P49,0,AC$13),15-13*ORÇAMENTO!$AF$7)/$H49*OFFSET(ORÇAMENTO!$X$15,ROW(AC49)-ROW(AC$15),0),\nROUND(ROUND(OFFSET($P49,0,AC$13),15-13*ORÇAMENTO!$AF$7)*OFFSET(ORÇAMENTO!$W$15,ROW(AC49)-ROW(AC$15),0),15-13*ORÇAMENTO!$AF$11)),0)","v":0},{"$f":"IF(AND($D49=\"Serviço\",AD$12<>0,$H49>0,OR(AUTOEVENTO<>\"manual\",$M49<>1)),\nIF(Import.TipoArredondamento<>\"TransfereGOV\",\nROUND(OFFSET($P49,0,AD$13),15-13*ORÇAMENTO!$AF$7)/$H49*OFFSET(ORÇAMENTO!$X$15,ROW(AD49)-ROW(AD$15),0),\nROUND(ROUND(OFFSET($P49,0,AD$13),15-13*ORÇAMENTO!$AF$7)*OFFSET(ORÇAMENTO!$W$15,ROW(AD49)-ROW(AD$15),0),15-13*ORÇAMENTO!$AF$11)),0)","v":0},{"$f":"IF(AND($D49=\"Serviço\",AE$12<>0,$H49>0,OR(AUTOEVENTO<>\"manual\",$M49<>1)),\nIF(Import.TipoArredondamento<>\"TransfereGOV\",\nROUND(OFFSET($P49,0,AE$13),15-13*ORÇAMENTO!$AF$7)/$H49*OFFSET(ORÇAMENTO!$X$15,ROW(AE49)-ROW(AE$15),0),\nROUND(ROUND(OFFSET($P49,0,AE$13),15-13*ORÇAMENTO!$AF$7)*OFFSET(ORÇAMENTO!$W$15,ROW(AE49)-ROW(AE$15),0),15-13*ORÇAMENTO!$AF$11)),0)","v":0},{"$f":"IF(AND($D49=\"Serviço\",AF$12<>0,$H49>0,OR(AUTOEVENTO<>\"manual\",$M49<>1)),\nIF(Import.TipoArredondamento<>\"TransfereGOV\",\nROUND(OFFSET($P49,0,AF$13),15-13*ORÇAMENTO!$AF$7)/$H49*OFFSET(ORÇAMENTO!$X$15,ROW(AF49)-ROW(AF$15),0),\nROUND(ROUND(OFFSET($P49,0,AF$13),15-13*ORÇAMENTO!$AF$7)*OFFSET(ORÇAMENTO!$W$15,ROW(AF49)-ROW(AF$15),0),15-13*ORÇAMENTO!$AF$11)),0)","v":0},{"$f":"IF(AND($D49=\"Serviço\",AG$12<>0,$H49>0,OR(AUTOEVENTO<>\"manual\",$M49<>1)),\nIF(Import.TipoArredondamento<>\"TransfereGOV\",\nROUND(OFFSET($P49,0,AG$13),15-13*ORÇAMENTO!$AF$7)/$H49*OFFSET(ORÇAMENTO!$X$15,ROW(AG49)-ROW(AG$15),0),\nROUND(ROUND(OFFSET($P49,0,AG$13),15-13*ORÇAMENTO!$AF$7)*OFFSET(ORÇAMENTO!$W$15,ROW(AG49)-ROW(AG$15),0),15-13*ORÇAMENTO!$AF$11)),0)","v":0},{"$f":"IF(AND($D49=\"Serviço\",AH$12<>0,$H49>0,OR(AUTOEVENTO<>\"manual\",$M49<>1)),\nIF(Import.TipoArredondamento<>\"TransfereGOV\",\nROUND(OFFSET($P49,0,AH$13),15-13*ORÇAMENTO!$AF$7)/$H49*OFFSET(ORÇAMENTO!$X$15,ROW(AH49)-ROW(AH$15),0),\nROUND(ROUND(OFFSET($P49,0,AH$13),15-13*ORÇAMENTO!$AF$7)*OFFSET(ORÇAMENTO!$W$15,ROW(AH49)-ROW(AH$15),0),15-13*ORÇAMENTO!$AF$11)),0)","v":0},{"$f":"IF(AND($D49=\"Serviço\",AI$12<>0,$H49>0,OR(AUTOEVENTO<>\"manual\",$M49<>1)),\nIF(Import.TipoArredondamento<>\"TransfereGOV\",\nROUND(OFFSET($P49,0,AI$13),15-13*ORÇAMENTO!$AF$7)/$H49*OFFSET(ORÇAMENTO!$X$15,ROW(AI49)-ROW(AI$15),0),\nROUND(ROUND(OFFSET($P49,0,AI$13),15-13*ORÇAMENTO!$AF$7)*OFFSET(ORÇAMENTO!$W$15,ROW(AI49)-ROW(AI$15),0),15-13*ORÇAMENTO!$AF$11)),0)","v":0},{"$f":"IF(AND($D49=\"Serviço\",AJ$12<>0,$H49>0,OR(AUTOEVENTO<>\"manual\",$M49<>1)),\nIF(Import.TipoArredondamento<>\"TransfereGOV\",\nROUND(OFFSET($P49,0,AJ$13),15-13*ORÇAMENTO!$AF$7)/$H49*OFFSET(ORÇAMENTO!$X$15,ROW(AJ49)-ROW(AJ$15),0),\nROUND(ROUND(OFFSET($P49,0,AJ$13),15-13*ORÇAMENTO!$AF$7)*OFFSET(ORÇAMENTO!$W$15,ROW(AJ49)-ROW(AJ$15),0),15-13*ORÇAMENTO!$AF$11)),0)","v":0},{"$f":"IF(AND($D49=\"Serviço\",AK$12<>0,$H49>0,OR(AUTOEVENTO<>\"manual\",$M49<>1)),\nIF(Import.TipoArredondamento<>\"TransfereGOV\",\nROUND(OFFSET($P49,0,AK$13),15-13*ORÇAMENTO!$AF$7)/$H49*OFFSET(ORÇAMENTO!$X$15,ROW(AK49)-ROW(AK$15),0),\nROUND(ROUND(OFFSET($P49,0,AK$13),15-13*ORÇAMENTO!$AF$7)*OFFSET(ORÇAMENTO!$W$15,ROW(AK49)-ROW(AK$15),0),15-13*ORÇAMENTO!$AF$11)),0)","v":0},null,{"$f":"IF($D49<>\"Serviço\",0,IF(AND(AUTOEVENTO=\"Manual\",$M49=1),0,IF(OFFSET(CRONOPLE!$F$14,$M49,AM$13)=\"\",10^12,OFFSET(CRONOPLE!$F$14,$M49,AM$13))))","v":1000000000000},{"$f":"IF($D49<>\"Serviço\",0,IF(AND(AUTOEVENTO=\"Manual\",$M49=1),0,IF(OFFSET(CRONOPLE!$F$14,$M49,AN$13)=\"\",10^12,OFFSET(CRONOPLE!$F$14,$M49,AN$13))))","v":1000000000000},{"$f":"IF($D49<>\"Serviço\",0,IF(AND(AUTOEVENTO=\"Manual\",$M49=1),0,IF(OFFSET(CRONOPLE!$F$14,$M49,AO$13)=\"\",10^12,OFFSET(CRONOPLE!$F$14,$M49,AO$13))))","v":1000000000000},{"$f":"IF($D49<>\"Serviço\",0,IF(AND(AUTOEVENTO=\"Manual\",$M49=1),0,IF(OFFSET(CRONOPLE!$F$14,$M49,AP$13)=\"\",10^12,OFFSET(CRONOPLE!$F$14,$M49,AP$13))))","v":1000000000000},{"$f":"IF($D49<>\"Serviço\",0,IF(AND(AUTOEVENTO=\"Manual\",$M49=1),0,IF(OFFSET(CRONOPLE!$F$14,$M49,AQ$13)=\"\",10^12,OFFSET(CRONOPLE!$F$14,$M49,AQ$13))))","v":1000000000000},{"$f":"IF($D49<>\"Serviço\",0,IF(AND(AUTOEVENTO=\"Manual\",$M49=1),0,IF(OFFSET(CRONOPLE!$F$14,$M49,AR$13)=\"\",10^12,OFFSET(CRONOPLE!$F$14,$M49,AR$13))))","v":1000000000000},{"$f":"IF($D49<>\"Serviço\",0,IF(AND(AUTOEVENTO=\"Manual\",$M49=1),0,IF(OFFSET(CRONOPLE!$F$14,$M49,AS$13)=\"\",10^12,OFFSET(CRONOPLE!$F$14,$M49,AS$13))))","v":1000000000000},{"$f":"IF($D49<>\"Serviço\",0,IF(AND(AUTOEVENTO=\"Manual\",$M49=1),0,IF(OFFSET(CRONOPLE!$F$14,$M49,AT$13)=\"\",10^12,OFFSET(CRONOPLE!$F$14,$M49,AT$13))))","v":1000000000000},{"$f":"IF($D49<>\"Serviço\",0,IF(AND(AUTOEVENTO=\"Manual\",$M49=1),0,IF(OFFSET(CRONOPLE!$F$14,$M49,AU$13)=\"\",10^12,OFFSET(CRONOPLE!$F$14,$M49,AU$13))))","v":1000000000000},{"$f":"IF($D49<>\"Serviço\",0,IF(AND(AUTOEVENTO=\"Manual\",$M49=1),0,IF(OFFSET(CRONOPLE!$F$14,$M49,AV$13)=\"\",10^12,OFFSET(CRONOPLE!$F$14,$M49,AV$13))))","v":1000000000000},null,{"$f":"IF($D49<>\"Serviço\",0,IF(OR(AND(AUTOEVENTO=\"Manual\",$M49=1),$M49>(ROW(PLE.lastrow)-ROW(PLE.firstrow))),0,IF(OFFSET(PLE!$G$14,$M49,AX$13)=\"\",10^12,OFFSET(PLE!$G$14,$M49,AX$13))))","v":1000000000000},{"$f":"IF($D49<>\"Serviço\",0,IF(OR(AND(AUTOEVENTO=\"Manual\",$M49=1),$M49>(ROW(PLE.lastrow)-ROW(PLE.firstrow))),0,IF(OFFSET(PLE!$G$14,$M49,AY$13)=\"\",10^12,OFFSET(PLE!$G$14,$M49,AY$13))))","v":1000000000000},{"$f":"IF($D49<>\"Serviço\",0,IF(OR(AND(AUTOEVENTO=\"Manual\",$M49=1),$M49>(ROW(PLE.lastrow)-ROW(PLE.firstrow))),0,IF(OFFSET(PLE!$G$14,$M49,AZ$13)=\"\",10^12,OFFSET(PLE!$G$14,$M49,AZ$13))))","v":1000000000000},{"$f":"IF($D49<>\"Serviço\",0,IF(OR(AND(AUTOEVENTO=\"Manual\",$M49=1),$M49>(ROW(PLE.lastrow)-ROW(PLE.firstrow))),0,IF(OFFSET(PLE!$G$14,$M49,BA$13)=\"\",10^12,OFFSET(PLE!$G$14,$M49,BA$13))))","v":1000000000000},{"$f":"IF($D49<>\"Serviço\",0,IF(OR(AND(AUTOEVENTO=\"Manual\",$M49=1),$M49>(ROW(PLE.lastrow)-ROW(PLE.firstrow))),0,IF(OFFSET(PLE!$G$14,$M49,BB$13)=\"\",10^12,OFFSET(PLE!$G$14,$M49,BB$13))))","v":1000000000000},{"$f":"IF($D49<>\"Serviço\",0,IF(OR(AND(AUTOEVENTO=\"Manual\",$M49=1),$M49>(ROW(PLE.lastrow)-ROW(PLE.firstrow))),0,IF(OFFSET(PLE!$G$14,$M49,BC$13)=\"\",10^12,OFFSET(PLE!$G$14,$M49,BC$13))))","v":1000000000000},{"$f":"IF($D49<>\"Serviço\",0,IF(OR(AND(AUTOEVENTO=\"Manual\",$M49=1),$M49>(ROW(PLE.lastrow)-ROW(PLE.firstrow))),0,IF(OFFSET(PLE!$G$14,$M49,BD$13)=\"\",10^12,OFFSET(PLE!$G$14,$M49,BD$13))))","v":1000000000000},{"$f":"IF($D49<>\"Serviço\",0,IF(OR(AND(AUTOEVENTO=\"Manual\",$M49=1),$M49>(ROW(PLE.lastrow)-ROW(PLE.firstrow))),0,IF(OFFSET(PLE!$G$14,$M49,BE$13)=\"\",10^12,OFFSET(PLE!$G$14,$M49,BE$13))))","v":1000000000000},{"$f":"IF($D49<>\"Serviço\",0,IF(OR(AND(AUTOEVENTO=\"Manual\",$M49=1),$M49>(ROW(PLE.lastrow)-ROW(PLE.firstrow))),0,IF(OFFSET(PLE!$G$14,$M49,BF$13)=\"\",10^12,OFFSET(PLE!$G$14,$M49,BF$13))))","v":1000000000000},{"$f":"IF($D49<>\"Serviço\",0,IF(OR(AND(AUTOEVENTO=\"Manual\",$M49=1),$M49>(ROW(PLE.lastrow)-ROW(PLE.firstrow))),0,IF(OFFSET(PLE!$G$14,$M49,BG$13)=\"\",10^12,OFFSET(PLE!$G$14,$M49,BG$13))))","v":1000000000000}]
["32",{"$f":"OFFSET(ORÇAMENTO!C$15,ROW(B50)-ROW(B$15),0)","v":"S"},{"$f":"OFFSET(ORÇAMENTO!L$15,ROW(C50)-ROW(C$15),0)","v":"F"},{"$f":"OFFSET(ORÇAMENTO!N$15,ROW(D50)-ROW(D$15),0)","v":"Serviço"},{"$f":"OFFSET(ORÇAMENTO!O$15,ROW(E50)-ROW(E$15),0)","v":"1.7.0.3."},{"$f":"OFFSET(ORÇAMENTO!R$15,ROW(F50)-ROW(F$15),0)","v":"ARMAÇÃO DE LAJE DE ESTRUTURA CONVENCIONAL DE CONCRETO ARMADO UTILIZANDO AÇO CA-50 DE 6,3 MM - MONTAGEM. AF_06/2022"},{"$f":"IF($D50<>\"Serviço\",\"\",OFFSET(ORÇAMENTO!S$15,ROW(G50)-ROW(G$15),0))","v":"KG"},{"$f":"IF($D50<>\"Serviço\",0,IF(ACOMPANHAMENTO=\"BM\",ROUND(OFFSET(ORÇAMENTO!AJ$15,ROW(H50)-ROW(H$15),0),15-13*ORÇAMENTO!$AF$7),SUMPRODUCT(($Q$12:$AA$12<>\"\")*ROUND($Q50:$AA50,15-13*ORÇAMENTO!$AF$7))))","v":44.1},"90 BARRAS COMPRIMENTO 2M",null,null,".",{"$f":"IF($D50<>\"Serviço\",\"\",IF(AUTOEVENTO=\"manual\",$A50,IF(ISERROR(MATCH($A50,$A$15:OFFSET($A50,-1,0),0)),MAX($M$15:OFFSET(M50,-1,0))+1,INDEX($M$15:OFFSET(M50,-1,0),MATCH($A50,$A$15:OFFSET($A50,-1,0),0)))))","v":8},{"$f":"IF($D50<>\"Serviço\",\"\",IF(AUTOEVENTO=\"Manual\",IF($A50=0,\"<-- defina o número do agrupador\",OFFSET(EVENTOS!$D$14,$A50,0)),OFFSET($F$15,$A50,0)))","v":"LAJE"},null,null,{"$f":"90*2*0.245","v":44.1},null,null,null,null,null,null,null,null,null,null,{"$f":"IF(AND($D50=\"Serviço\",AB$12<>0,$H50>0,OR(AUTOEVENTO<>\"manual\",$M50<>1)),\nIF(Import.TipoArredondamento<>\"TransfereGOV\",\nROUND(OFFSET($P50,0,AB$13),15-13*ORÇAMENTO!$AF$7)/$H50*OFFSET(ORÇAMENTO!$X$15,ROW(AB50)-ROW(AB$15),0),\nROUND(ROUND(OFFSET($P50,0,AB$13),15-13*ORÇAMENTO!$AF$7)*OFFSET(ORÇAMENTO!$W$15,ROW(AB50)-ROW(AB$15),0),15-13*ORÇAMENTO!$AF$11)),0)","v":712.22},{"$f":"IF(AND($D50=\"Serviço\",AC$12<>0,$H50>0,OR(AUTOEVENTO<>\"manual\",$M50<>1)),\nIF(Import.TipoArredondamento<>\"TransfereGOV\",\nROUND(OFFSET($P50,0,AC$13),15-13*ORÇAMENTO!$AF$7)/$H50*OFFSET(ORÇAMENTO!$X$15,ROW(AC50)-ROW(AC$15),0),\nROUND(ROUND(OFFSET($P50,0,AC$13),15-13*ORÇAMENTO!$AF$7)*OFFSET(ORÇAMENTO!$W$15,ROW(AC50)-ROW(AC$15),0),15-13*ORÇAMENTO!$AF$11)),0)","v":0},{"$f":"IF(AND($D50=\"Serviço\",AD$12<>0,$H50>0,OR(AUTOEVENTO<>\"manual\",$M50<>1)),\nIF(Import.TipoArredondamento<>\"TransfereGOV\",\nROUND(OFFSET($P50,0,AD$13),15-13*ORÇAMENTO!$AF$7)/$H50*OFFSET(ORÇAMENTO!$X$15,ROW(AD50)-ROW(AD$15),0),\nROUND(ROUND(OFFSET($P50,0,AD$13),15-13*ORÇAMENTO!$AF$7)*OFFSET(ORÇAMENTO!$W$15,ROW(AD50)-ROW(AD$15),0),15-13*ORÇAMENTO!$AF$11)),0)","v":0},{"$f":"IF(AND($D50=\"Serviço\",AE$12<>0,$H50>0,OR(AUTOEVENTO<>\"manual\",$M50<>1)),\nIF(Import.TipoArredondamento<>\"TransfereGOV\",\nROUND(OFFSET($P50,0,AE$13),15-13*ORÇAMENTO!$AF$7)/$H50*OFFSET(ORÇAMENTO!$X$15,ROW(AE50)-ROW(AE$15),0),\nROUND(ROUND(OFFSET($P50,0,AE$13),15-13*ORÇAMENTO!$AF$7)*OFFSET(ORÇAMENTO!$W$15,ROW(AE50)-ROW(AE$15),0),15-13*ORÇAMENTO!$AF$11)),0)","v":0},{"$f":"IF(AND($D50=\"Serviço\",AF$12<>0,$H50>0,OR(AUTOEVENTO<>\"manual\",$M50<>1)),\nIF(Import.TipoArredondamento<>\"TransfereGOV\",\nROUND(OFFSET($P50,0,AF$13),15-13*ORÇAMENTO!$AF$7)/$H50*OFFSET(ORÇAMENTO!$X$15,ROW(AF50)-ROW(AF$15),0),\nROUND(ROUND(OFFSET($P50,0,AF$13),15-13*ORÇAMENTO!$AF$7)*OFFSET(ORÇAMENTO!$W$15,ROW(AF50)-ROW(AF$15),0),15-13*ORÇAMENTO!$AF$11)),0)","v":0},{"$f":"IF(AND($D50=\"Serviço\",AG$12<>0,$H50>0,OR(AUTOEVENTO<>\"manual\",$M50<>1)),\nIF(Import.TipoArredondamento<>\"TransfereGOV\",\nROUND(OFFSET($P50,0,AG$13),15-13*ORÇAMENTO!$AF$7)/$H50*OFFSET(ORÇAMENTO!$X$15,ROW(AG50)-ROW(AG$15),0),\nROUND(ROUND(OFFSET($P50,0,AG$13),15-13*ORÇAMENTO!$AF$7)*OFFSET(ORÇAMENTO!$W$15,ROW(AG50)-ROW(AG$15),0),15-13*ORÇAMENTO!$AF$11)),0)","v":0},{"$f":"IF(AND($D50=\"Serviço\",AH$12<>0,$H50>0,OR(AUTOEVENTO<>\"manual\",$M50<>1)),\nIF(Import.TipoArredondamento<>\"TransfereGOV\",\nROUND(OFFSET($P50,0,AH$13),15-13*ORÇAMENTO!$AF$7)/$H50*OFFSET(ORÇAMENTO!$X$15,ROW(AH50)-ROW(AH$15),0),\nROUND(ROUND(OFFSET($P50,0,AH$13),15-13*ORÇAMENTO!$AF$7)*OFFSET(ORÇAMENTO!$W$15,ROW(AH50)-ROW(AH$15),0),15-13*ORÇAMENTO!$AF$11)),0)","v":0},{"$f":"IF(AND($D50=\"Serviço\",AI$12<>0,$H50>0,OR(AUTOEVENTO<>\"manual\",$M50<>1)),\nIF(Import.TipoArredondamento<>\"TransfereGOV\",\nROUND(OFFSET($P50,0,AI$13),15-13*ORÇAMENTO!$AF$7)/$H50*OFFSET(ORÇAMENTO!$X$15,ROW(AI50)-ROW(AI$15),0),\nROUND(ROUND(OFFSET($P50,0,AI$13),15-13*ORÇAMENTO!$AF$7)*OFFSET(ORÇAMENTO!$W$15,ROW(AI50)-ROW(AI$15),0),15-13*ORÇAMENTO!$AF$11)),0)","v":0},{"$f":"IF(AND($D50=\"Serviço\",AJ$12<>0,$H50>0,OR(AUTOEVENTO<>\"manual\",$M50<>1)),\nIF(Import.TipoArredondamento<>\"TransfereGOV\",\nROUND(OFFSET($P50,0,AJ$13),15-13*ORÇAMENTO!$AF$7)/$H50*OFFSET(ORÇAMENTO!$X$15,ROW(AJ50)-ROW(AJ$15),0),\nROUND(ROUND(OFFSET($P50,0,AJ$13),15-13*ORÇAMENTO!$AF$7)*OFFSET(ORÇAMENTO!$W$15,ROW(AJ50)-ROW(AJ$15),0),15-13*ORÇAMENTO!$AF$11)),0)","v":0},{"$f":"IF(AND($D50=\"Serviço\",AK$12<>0,$H50>0,OR(AUTOEVENTO<>\"manual\",$M50<>1)),\nIF(Import.TipoArredondamento<>\"TransfereGOV\",\nROUND(OFFSET($P50,0,AK$13),15-13*ORÇAMENTO!$AF$7)/$H50*OFFSET(ORÇAMENTO!$X$15,ROW(AK50)-ROW(AK$15),0),\nROUND(ROUND(OFFSET($P50,0,AK$13),15-13*ORÇAMENTO!$AF$7)*OFFSET(ORÇAMENTO!$W$15,ROW(AK50)-ROW(AK$15),0),15-13*ORÇAMENTO!$AF$11)),0)","v":0},null,{"$f":"IF($D50<>\"Serviço\",0,IF(AND(AUTOEVENTO=\"Manual\",$M50=1),0,IF(OFFSET(CRONOPLE!$F$14,$M50,AM$13)=\"\",10^12,OFFSET(CRONOPLE!$F$14,$M50,AM$13))))","v":1000000000000},{"$f":"IF($D50<>\"Serviço\",0,IF(AND(AUTOEVENTO=\"Manual\",$M50=1),0,IF(OFFSET(CRONOPLE!$F$14,$M50,AN$13)=\"\",10^12,OFFSET(CRONOPLE!$F$14,$M50,AN$13))))","v":1000000000000},{"$f":"IF($D50<>\"Serviço\",0,IF(AND(AUTOEVENTO=\"Manual\",$M50=1),0,IF(OFFSET(CRONOPLE!$F$14,$M50,AO$13)=\"\",10^12,OFFSET(CRONOPLE!$F$14,$M50,AO$13))))","v":1000000000000},{"$f":"IF($D50<>\"Serviço\",0,IF(AND(AUTOEVENTO=\"Manual\",$M50=1),0,IF(OFFSET(CRONOPLE!$F$14,$M50,AP$13)=\"\",10^12,OFFSET(CRONOPLE!$F$14,$M50,AP$13))))","v":1000000000000},{"$f":"IF($D50<>\"Serviço\",0,IF(AND(AUTOEVENTO=\"Manual\",$M50=1),0,IF(OFFSET(CRONOPLE!$F$14,$M50,AQ$13)=\"\",10^12,OFFSET(CRONOPLE!$F$14,$M50,AQ$13))))","v":1000000000000},{"$f":"IF($D50<>\"Serviço\",0,IF(AND(AUTOEVENTO=\"Manual\",$M50=1),0,IF(OFFSET(CRONOPLE!$F$14,$M50,AR$13)=\"\",10^12,OFFSET(CRONOPLE!$F$14,$M50,AR$13))))","v":1000000000000},{"$f":"IF($D50<>\"Serviço\",0,IF(AND(AUTOEVENTO=\"Manual\",$M50=1),0,IF(OFFSET(CRONOPLE!$F$14,$M50,AS$13)=\"\",10^12,OFFSET(CRONOPLE!$F$14,$M50,AS$13))))","v":1000000000000},{"$f":"IF($D50<>\"Serviço\",0,IF(AND(AUTOEVENTO=\"Manual\",$M50=1),0,IF(OFFSET(CRONOPLE!$F$14,$M50,AT$13)=\"\",10^12,OFFSET(CRONOPLE!$F$14,$M50,AT$13))))","v":1000000000000},{"$f":"IF($D50<>\"Serviço\",0,IF(AND(AUTOEVENTO=\"Manual\",$M50=1),0,IF(OFFSET(CRONOPLE!$F$14,$M50,AU$13)=\"\",10^12,OFFSET(CRONOPLE!$F$14,$M50,AU$13))))","v":1000000000000},{"$f":"IF($D50<>\"Serviço\",0,IF(AND(AUTOEVENTO=\"Manual\",$M50=1),0,IF(OFFSET(CRONOPLE!$F$14,$M50,AV$13)=\"\",10^12,OFFSET(CRONOPLE!$F$14,$M50,AV$13))))","v":1000000000000},null,{"$f":"IF($D50<>\"Serviço\",0,IF(OR(AND(AUTOEVENTO=\"Manual\",$M50=1),$M50>(ROW(PLE.lastrow)-ROW(PLE.firstrow))),0,IF(OFFSET(PLE!$G$14,$M50,AX$13)=\"\",10^12,OFFSET(PLE!$G$14,$M50,AX$13))))","v":1000000000000},{"$f":"IF($D50<>\"Serviço\",0,IF(OR(AND(AUTOEVENTO=\"Manual\",$M50=1),$M50>(ROW(PLE.lastrow)-ROW(PLE.firstrow))),0,IF(OFFSET(PLE!$G$14,$M50,AY$13)=\"\",10^12,OFFSET(PLE!$G$14,$M50,AY$13))))","v":1000000000000},{"$f":"IF($D50<>\"Serviço\",0,IF(OR(AND(AUTOEVENTO=\"Manual\",$M50=1),$M50>(ROW(PLE.lastrow)-ROW(PLE.firstrow))),0,IF(OFFSET(PLE!$G$14,$M50,AZ$13)=\"\",10^12,OFFSET(PLE!$G$14,$M50,AZ$13))))","v":1000000000000},{"$f":"IF($D50<>\"Serviço\",0,IF(OR(AND(AUTOEVENTO=\"Manual\",$M50=1),$M50>(ROW(PLE.lastrow)-ROW(PLE.firstrow))),0,IF(OFFSET(PLE!$G$14,$M50,BA$13)=\"\",10^12,OFFSET(PLE!$G$14,$M50,BA$13))))","v":1000000000000},{"$f":"IF($D50<>\"Serviço\",0,IF(OR(AND(AUTOEVENTO=\"Manual\",$M50=1),$M50>(ROW(PLE.lastrow)-ROW(PLE.firstrow))),0,IF(OFFSET(PLE!$G$14,$M50,BB$13)=\"\",10^12,OFFSET(PLE!$G$14,$M50,BB$13))))","v":1000000000000},{"$f":"IF($D50<>\"Serviço\",0,IF(OR(AND(AUTOEVENTO=\"Manual\",$M50=1),$M50>(ROW(PLE.lastrow)-ROW(PLE.firstrow))),0,IF(OFFSET(PLE!$G$14,$M50,BC$13)=\"\",10^12,OFFSET(PLE!$G$14,$M50,BC$13))))","v":1000000000000},{"$f":"IF($D50<>\"Serviço\",0,IF(OR(AND(AUTOEVENTO=\"Manual\",$M50=1),$M50>(ROW(PLE.lastrow)-ROW(PLE.firstrow))),0,IF(OFFSET(PLE!$G$14,$M50,BD$13)=\"\",10^12,OFFSET(PLE!$G$14,$M50,BD$13))))","v":1000000000000},{"$f":"IF($D50<>\"Serviço\",0,IF(OR(AND(AUTOEVENTO=\"Manual\",$M50=1),$M50>(ROW(PLE.lastrow)-ROW(PLE.firstrow))),0,IF(OFFSET(PLE!$G$14,$M50,BE$13)=\"\",10^12,OFFSET(PLE!$G$14,$M50,BE$13))))","v":1000000000000},{"$f":"IF($D50<>\"Serviço\",0,IF(OR(AND(AUTOEVENTO=\"Manual\",$M50=1),$M50>(ROW(PLE.lastrow)-ROW(PLE.firstrow))),0,IF(OFFSET(PLE!$G$14,$M50,BF$13)=\"\",10^12,OFFSET(PLE!$G$14,$M50,BF$13))))","v":1000000000000},{"$f":"IF($D50<>\"Serviço\",0,IF(OR(AND(AUTOEVENTO=\"Manual\",$M50=1),$M50>(ROW(PLE.lastrow)-ROW(PLE.firstrow))),0,IF(OFFSET(PLE!$G$14,$M50,BG$13)=\"\",10^12,OFFSET(PLE!$G$14,$M50,BG$13))))","v":1000000000000}]
["36.",{"$f":"OFFSET(ORÇAMENTO!C$15,ROW(B51)-ROW(B$15),0)","v":2},{"$f":"OFFSET(ORÇAMENTO!L$15,ROW(C51)-ROW(C$15),0)","v":"F"},{"$f":"OFFSET(ORÇAMENTO!N$15,ROW(D51)-ROW(D$15),0)","v":"Nível 2"},{"$f":"OFFSET(ORÇAMENTO!O$15,ROW(E51)-ROW(E$15),0)","v":"1.8."},{"$f":"OFFSET(ORÇAMENTO!R$15,ROW(F51)-ROW(F$15),0)","v":"PAINÉIS E PAREDES"},{"$f":"IF($D51<>\"Serviço\",\"\",OFFSET(ORÇAMENTO!S$15,ROW(G51)-ROW(G$15),0))","v":""},{"$f":"IF($D51<>\"Serviço\",0,IF(ACOMPANHAMENTO=\"BM\",ROUND(OFFSET(ORÇAMENTO!AJ$15,ROW(H51)-ROW(H$15),0),15-13*ORÇAMENTO!$AF$7),SUMPRODUCT(($Q$12:$AA$12<>\"\")*ROUND($Q51:$AA51,15-13*ORÇAMENTO!$AF$7))))","v":0},null,null,null,".",{"$f":"IF($D51<>\"Serviço\",\"\",IF(AUTOEVENTO=\"manual\",$A51,IF(ISERROR(MATCH($A51,$A$15:OFFSET($A51,-1,0),0)),MAX($M$15:OFFSET(M51,-1,0))+1,INDEX($M$15:OFFSET(M51,-1,0),MATCH($A51,$A$15:OFFSET($A51,-1,0),0)))))","v":""},{"$f":"IF($D51<>\"Serviço\",\"\",IF(AUTOEVENTO=\"Manual\",IF($A51=0,\"<-- defina o número do agrupador\",OFFSET(EVENTOS!$D$14,$A51,0)),OFFSET($F$15,$A51,0)))","v":""},null,null,null,null,null,null,null,null,null,null,null,null,null,{"$f":"IF(AND($D51=\"Serviço\",AB$12<>0,$H51>0,OR(AUTOEVENTO<>\"manual\",$M51<>1)),\nIF(Import.TipoArredondamento<>\"TransfereGOV\",\nROUND(OFFSET($P51,0,AB$13),15-13*ORÇAMENTO!$AF$7)/$H51*OFFSET(ORÇAMENTO!$X$15,ROW(AB51)-ROW(AB$15),0),\nROUND(ROUND(OFFSET($P51,0,AB$13),15-13*ORÇAMENTO!$AF$7)*OFFSET(ORÇAMENTO!$W$15,ROW(AB51)-ROW(AB$15),0),15-13*ORÇAMENTO!$AF$11)),0)","v":0},{"$f":"IF(AND($D51=\"Serviço\",AC$12<>0,$H51>0,OR(AUTOEVENTO<>\"manual\",$M51<>1)),\nIF(Import.TipoArredondamento<>\"TransfereGOV\",\nROUND(OFFSET($P51,0,AC$13),15-13*ORÇAMENTO!$AF$7)/$H51*OFFSET(ORÇAMENTO!$X$15,ROW(AC51)-ROW(AC$15),0),\nROUND(ROUND(OFFSET($P51,0,AC$13),15-13*ORÇAMENTO!$AF$7)*OFFSET(ORÇAMENTO!$W$15,ROW(AC51)-ROW(AC$15),0),15-13*ORÇAMENTO!$AF$11)),0)","v":0},{"$f":"IF(AND($D51=\"Serviço\",AD$12<>0,$H51>0,OR(AUTOEVENTO<>\"manual\",$M51<>1)),\nIF(Import.TipoArredondamento<>\"TransfereGOV\",\nROUND(OFFSET($P51,0,AD$13),15-13*ORÇAMENTO!$AF$7)/$H51*OFFSET(ORÇAMENTO!$X$15,ROW(AD51)-ROW(AD$15),0),\nROUND(ROUND(OFFSET($P51,0,AD$13),15-13*ORÇAMENTO!$AF$7)*OFFSET(ORÇAMENTO!$W$15,ROW(AD51)-ROW(AD$15),0),15-13*ORÇAMENTO!$AF$11)),0)","v":0},{"$f":"IF(AND($D51=\"Serviço\",AE$12<>0,$H51>0,OR(AUTOEVENTO<>\"manual\",$M51<>1)),\nIF(Import.TipoArredondamento<>\"TransfereGOV\",\nROUND(OFFSET($P51,0,AE$13),15-13*ORÇAMENTO!$AF$7)/$H51*OFFSET(ORÇAMENTO!$X$15,ROW(AE51)-ROW(AE$15),0),\nROUND(ROUND(OFFSET($P51,0,AE$13),15-13*ORÇAMENTO!$AF$7)*OFFSET(ORÇAMENTO!$W$15,ROW(AE51)-ROW(AE$15),0),15-13*ORÇAMENTO!$AF$11)),0)","v":0},{"$f":"IF(AND($D51=\"Serviço\",AF$12<>0,$H51>0,OR(AUTOEVENTO<>\"manual\",$M51<>1)),\nIF(Import.TipoArredondamento<>\"TransfereGOV\",\nROUND(OFFSET($P51,0,AF$13),15-13*ORÇAMENTO!$AF$7)/$H51*OFFSET(ORÇAMENTO!$X$15,ROW(AF51)-ROW(AF$15),0),\nROUND(ROUND(OFFSET($P51,0,AF$13),15-13*ORÇAMENTO!$AF$7)*OFFSET(ORÇAMENTO!$W$15,ROW(AF51)-ROW(AF$15),0),15-13*ORÇAMENTO!$AF$11)),0)","v":0},{"$f":"IF(AND($D51=\"Serviço\",AG$12<>0,$H51>0,OR(AUTOEVENTO<>\"manual\",$M51<>1)),\nIF(Import.TipoArredondamento<>\"TransfereGOV\",\nROUND(OFFSET($P51,0,AG$13),15-13*ORÇAMENTO!$AF$7)/$H51*OFFSET(ORÇAMENTO!$X$15,ROW(AG51)-ROW(AG$15),0),\nROUND(ROUND(OFFSET($P51,0,AG$13),15-13*ORÇAMENTO!$AF$7)*OFFSET(ORÇAMENTO!$W$15,ROW(AG51)-ROW(AG$15),0),15-13*ORÇAMENTO!$AF$11)),0)","v":0},{"$f":"IF(AND($D51=\"Serviço\",AH$12<>0,$H51>0,OR(AUTOEVENTO<>\"manual\",$M51<>1)),\nIF(Import.TipoArredondamento<>\"TransfereGOV\",\nROUND(OFFSET($P51,0,AH$13),15-13*ORÇAMENTO!$AF$7)/$H51*OFFSET(ORÇAMENTO!$X$15,ROW(AH51)-ROW(AH$15),0),\nROUND(ROUND(OFFSET($P51,0,AH$13),15-13*ORÇAMENTO!$AF$7)*OFFSET(ORÇAMENTO!$W$15,ROW(AH51)-ROW(AH$15),0),15-13*ORÇAMENTO!$AF$11)),0)","v":0},{"$f":"IF(AND($D51=\"Serviço\",AI$12<>0,$H51>0,OR(AUTOEVENTO<>\"manual\",$M51<>1)),\nIF(Import.TipoArredondamento<>\"TransfereGOV\",\nROUND(OFFSET($P51,0,AI$13),15-13*ORÇAMENTO!$AF$7)/$H51*OFFSET(ORÇAMENTO!$X$15,ROW(AI51)-ROW(AI$15),0),\nROUND(ROUND(OFFSET($P51,0,AI$13),15-13*ORÇAMENTO!$AF$7)*OFFSET(ORÇAMENTO!$W$15,ROW(AI51)-ROW(AI$15),0),15-13*ORÇAMENTO!$AF$11)),0)","v":0},{"$f":"IF(AND($D51=\"Serviço\",AJ$12<>0,$H51>0,OR(AUTOEVENTO<>\"manual\",$M51<>1)),\nIF(Import.TipoArredondamento<>\"TransfereGOV\",\nROUND(OFFSET($P51,0,AJ$13),15-13*ORÇAMENTO!$AF$7)/$H51*OFFSET(ORÇAMENTO!$X$15,ROW(AJ51)-ROW(AJ$15),0),\nROUND(ROUND(OFFSET($P51,0,AJ$13),15-13*ORÇAMENTO!$AF$7)*OFFSET(ORÇAMENTO!$W$15,ROW(AJ51)-ROW(AJ$15),0),15-13*ORÇAMENTO!$AF$11)),0)","v":0},{"$f":"IF(AND($D51=\"Serviço\",AK$12<>0,$H51>0,OR(AUTOEVENTO<>\"manual\",$M51<>1)),\nIF(Import.TipoArredondamento<>\"TransfereGOV\",\nROUND(OFFSET($P51,0,AK$13),15-13*ORÇAMENTO!$AF$7)/$H51*OFFSET(ORÇAMENTO!$X$15,ROW(AK51)-ROW(AK$15),0),\nROUND(ROUND(OFFSET($P51,0,AK$13),15-13*ORÇAMENTO!$AF$7)*OFFSET(ORÇAMENTO!$W$15,ROW(AK51)-ROW(AK$15),0),15-13*ORÇAMENTO!$AF$11)),0)","v":0},null,{"$f":"IF($D51<>\"Serviço\",0,IF(AND(AUTOEVENTO=\"Manual\",$M51=1),0,IF(OFFSET(CRONOPLE!$F$14,$M51,AM$13)=\"\",10^12,OFFSET(CRONOPLE!$F$14,$M51,AM$13))))","v":0},{"$f":"IF($D51<>\"Serviço\",0,IF(AND(AUTOEVENTO=\"Manual\",$M51=1),0,IF(OFFSET(CRONOPLE!$F$14,$M51,AN$13)=\"\",10^12,OFFSET(CRONOPLE!$F$14,$M51,AN$13))))","v":0},{"$f":"IF($D51<>\"Serviço\",0,IF(AND(AUTOEVENTO=\"Manual\",$M51=1),0,IF(OFFSET(CRONOPLE!$F$14,$M51,AO$13)=\"\",10^12,OFFSET(CRONOPLE!$F$14,$M51,AO$13))))","v":0},{"$f":"IF($D51<>\"Serviço\",0,IF(AND(AUTOEVENTO=\"Manual\",$M51=1),0,IF(OFFSET(CRONOPLE!$F$14,$M51,AP$13)=\"\",10^12,OFFSET(CRONOPLE!$F$14,$M51,AP$13))))","v":0},{"$f":"IF($D51<>\"Serviço\",0,IF(AND(AUTOEVENTO=\"Manual\",$M51=1),0,IF(OFFSET(CRONOPLE!$F$14,$M51,AQ$13)=\"\",10^12,OFFSET(CRONOPLE!$F$14,$M51,AQ$13))))","v":0},{"$f":"IF($D51<>\"Serviço\",0,IF(AND(AUTOEVENTO=\"Manual\",$M51=1),0,IF(OFFSET(CRONOPLE!$F$14,$M51,AR$13)=\"\",10^12,OFFSET(CRONOPLE!$F$14,$M51,AR$13))))","v":0},{"$f":"IF($D51<>\"Serviço\",0,IF(AND(AUTOEVENTO=\"Manual\",$M51=1),0,IF(OFFSET(CRONOPLE!$F$14,$M51,AS$13)=\"\",10^12,OFFSET(CRONOPLE!$F$14,$M51,AS$13))))","v":0},{"$f":"IF($D51<>\"Serviço\",0,IF(AND(AUTOEVENTO=\"Manual\",$M51=1),0,IF(OFFSET(CRONOPLE!$F$14,$M51,AT$13)=\"\",10^12,OFFSET(CRONOPLE!$F$14,$M51,AT$13))))","v":0},{"$f":"IF($D51<>\"Serviço\",0,IF(AND(AUTOEVENTO=\"Manual\",$M51=1),0,IF(OFFSET(CRONOPLE!$F$14,$M51,AU$13)=\"\",10^12,OFFSET(CRONOPLE!$F$14,$M51,AU$13))))","v":0},{"$f":"IF($D51<>\"Serviço\",0,IF(AND(AUTOEVENTO=\"Manual\",$M51=1),0,IF(OFFSET(CRONOPLE!$F$14,$M51,AV$13)=\"\",10^12,OFFSET(CRONOPLE!$F$14,$M51,AV$13))))","v":0},null,{"$f":"IF($D51<>\"Serviço\",0,IF(OR(AND(AUTOEVENTO=\"Manual\",$M51=1),$M51>(ROW(PLE.lastrow)-ROW(PLE.firstrow))),0,IF(OFFSET(PLE!$G$14,$M51,AX$13)=\"\",10^12,OFFSET(PLE!$G$14,$M51,AX$13))))","v":0},{"$f":"IF($D51<>\"Serviço\",0,IF(OR(AND(AUTOEVENTO=\"Manual\",$M51=1),$M51>(ROW(PLE.lastrow)-ROW(PLE.firstrow))),0,IF(OFFSET(PLE!$G$14,$M51,AY$13)=\"\",10^12,OFFSET(PLE!$G$14,$M51,AY$13))))","v":0},{"$f":"IF($D51<>\"Serviço\",0,IF(OR(AND(AUTOEVENTO=\"Manual\",$M51=1),$M51>(ROW(PLE.lastrow)-ROW(PLE.firstrow))),0,IF(OFFSET(PLE!$G$14,$M51,AZ$13)=\"\",10^12,OFFSET(PLE!$G$14,$M51,AZ$13))))","v":0},{"$f":"IF($D51<>\"Serviço\",0,IF(OR(AND(AUTOEVENTO=\"Manual\",$M51=1),$M51>(ROW(PLE.lastrow)-ROW(PLE.firstrow))),0,IF(OFFSET(PLE!$G$14,$M51,BA$13)=\"\",10^12,OFFSET(PLE!$G$14,$M51,BA$13))))","v":0},{"$f":"IF($D51<>\"Serviço\",0,IF(OR(AND(AUTOEVENTO=\"Manual\",$M51=1),$M51>(ROW(PLE.lastrow)-ROW(PLE.firstrow))),0,IF(OFFSET(PLE!$G$14,$M51,BB$13)=\"\",10^12,OFFSET(PLE!$G$14,$M51,BB$13))))","v":0},{"$f":"IF($D51<>\"Serviço\",0,IF(OR(AND(AUTOEVENTO=\"Manual\",$M51=1),$M51>(ROW(PLE.lastrow)-ROW(PLE.firstrow))),0,IF(OFFSET(PLE!$G$14,$M51,BC$13)=\"\",10^12,OFFSET(PLE!$G$14,$M51,BC$13))))","v":0},{"$f":"IF($D51<>\"Serviço\",0,IF(OR(AND(AUTOEVENTO=\"Manual\",$M51=1),$M51>(ROW(PLE.lastrow)-ROW(PLE.firstrow))),0,IF(OFFSET(PLE!$G$14,$M51,BD$13)=\"\",10^12,OFFSET(PLE!$G$14,$M51,BD$13))))","v":0},{"$f":"IF($D51<>\"Serviço\",0,IF(OR(AND(AUTOEVENTO=\"Manual\",$M51=1),$M51>(ROW(PLE.lastrow)-ROW(PLE.firstrow))),0,IF(OFFSET(PLE!$G$14,$M51,BE$13)=\"\",10^12,OFFSET(PLE!$G$14,$M51,BE$13))))","v":0},{"$f":"IF($D51<>\"Serviço\",0,IF(OR(AND(AUTOEVENTO=\"Manual\",$M51=1),$M51>(ROW(PLE.lastrow)-ROW(PLE.firstrow))),0,IF(OFFSET(PLE!$G$14,$M51,BF$13)=\"\",10^12,OFFSET(PLE!$G$14,$M51,BF$13))))","v":0},{"$f":"IF($D51<>\"Serviço\",0,IF(OR(AND(AUTOEVENTO=\"Manual\",$M51=1),$M51>(ROW(PLE.lastrow)-ROW(PLE.firstrow))),0,IF(OFFSET(PLE!$G$14,$M51,BG$13)=\"\",10^12,OFFSET(PLE!$G$14,$M51,BG$13))))","v":0}]
[{"$f":"IF(AUTOEVENTO=\"Manual\",IF(K52<>\"\",MIN(VALUE(LEFT(K52,FIND(\".\",K52)-1)),COUNTA(EVENTOS.Lista)),0),IF(OR($B52>AUTOEVENTO,$B52=\"S\",$B52=0),SUBSTITUTE(OFFSET($A52,-1,0),IF($D52=\"Serviço\",\".\",\"\"),\"\"),ROW(A52)-ROW($A$15)&\".\"))","v":"36."},{"$f":"OFFSET(ORÇAMENTO!C$15,ROW(B52)-ROW(B$15),0)","v":3},{"$f":"OFFSET(ORÇAMENTO!L$15,ROW(C52)-ROW(C$15),0)","v":"F"},{"$f":"OFFSET(ORÇAMENTO!N$15,ROW(D52)-ROW(D$15),0)","v":"Nível 3"},{"$f":"OFFSET(ORÇAMENTO!O$15,ROW(E52)-ROW(E$15),0)","v":"1.8.1."},{"$f":"OFFSET(ORÇAMENTO!R$15,ROW(F52)-ROW(F$15),0)","v":"EXTERNAS"},{"$f":"IF($D52<>\"Serviço\",\"\",OFFSET(ORÇAMENTO!S$15,ROW(G52)-ROW(G$15),0))","v":""},{"$f":"IF($D52<>\"Serviço\",0,IF(ACOMPANHAMENTO=\"BM\",ROUND(OFFSET(ORÇAMENTO!AJ$15,ROW(H52)-ROW(H$15),0),15-13*ORÇAMENTO!$AF$7),SUMPRODUCT(($Q$12:$AA$12<>\"\")*ROUND($Q52:$AA52,15-13*ORÇAMENTO!$AF$7))))","v":0},null,null,null,".",{"$f":"IF($D52<>\"Serviço\",\"\",IF(AUTOEVENTO=\"manual\",$A52,IF(ISERROR(MATCH($A52,$A$15:OFFSET($A52,-1,0),0)),MAX($M$15:OFFSET(M52,-1,0))+1,INDEX($M$15:OFFSET(M52,-1,0),MATCH($A52,$A$15:OFFSET($A52,-1,0),0)))))","v":""},{"$f":"IF($D52<>\"Serviço\",\"\",IF(AUTOEVENTO=\"Manual\",IF($A52=0,\"<-- defina o número do agrupador\",OFFSET(EVENTOS!$D$14,$A52,0)),OFFSET($F$15,$A52,0)))","v":""},null,null,null,null,null,null,null,null,null,null,null,null,null,{"$f":"IF(AND($D52=\"Serviço\",AB$12<>0,$H52>0,OR(AUTOEVENTO<>\"manual\",$M52<>1)),\nIF(Import.TipoArredondamento<>\"TransfereGOV\",\nROUND(OFFSET($P52,0,AB$13),15-13*ORÇAMENTO!$AF$7)/$H52*OFFSET(ORÇAMENTO!$X$15,ROW(AB52)-ROW(AB$15),0),\nROUND(ROUND(OFFSET($P52,0,AB$13),15-13*ORÇAMENTO!$AF$7)*OFFSET(ORÇAMENTO!$W$15,ROW(AB52)-ROW(AB$15),0),15-13*ORÇAMENTO!$AF$11)),0)","v":0},{"$f":"IF(AND($D52=\"Serviço\",AC$12<>0,$H52>0,OR(AUTOEVENTO<>\"manual\",$M52<>1)),\nIF(Import.TipoArredondamento<>\"TransfereGOV\",\nROUND(OFFSET($P52,0,AC$13),15-13*ORÇAMENTO!$AF$7)/$H52*OFFSET(ORÇAMENTO!$X$15,ROW(AC52)-ROW(AC$15),0),\nROUND(ROUND(OFFSET($P52,0,AC$13),15-13*ORÇAMENTO!$AF$7)*OFFSET(ORÇAMENTO!$W$15,ROW(AC52)-ROW(AC$15),0),15-13*ORÇAMENTO!$AF$11)),0)","v":0},{"$f":"IF(AND($D52=\"Serviço\",AD$12<>0,$H52>0,OR(AUTOEVENTO<>\"manual\",$M52<>1)),\nIF(Import.TipoArredondamento<>\"TransfereGOV\",\nROUND(OFFSET($P52,0,AD$13),15-13*ORÇAMENTO!$AF$7)/$H52*OFFSET(ORÇAMENTO!$X$15,ROW(AD52)-ROW(AD$15),0),\nROUND(ROUND(OFFSET($P52,0,AD$13),15-13*ORÇAMENTO!$AF$7)*OFFSET(ORÇAMENTO!$W$15,ROW(AD52)-ROW(AD$15),0),15-13*ORÇAMENTO!$AF$11)),0)","v":0},{"$f":"IF(AND($D52=\"Serviço\",AE$12<>0,$H52>0,OR(AUTOEVENTO<>\"manual\",$M52<>1)),\nIF(Import.TipoArredondamento<>\"TransfereGOV\",\nROUND(OFFSET($P52,0,AE$13),15-13*ORÇAMENTO!$AF$7)/$H52*OFFSET(ORÇAMENTO!$X$15,ROW(AE52)-ROW(AE$15),0),\nROUND(ROUND(OFFSET($P52,0,AE$13),15-13*ORÇAMENTO!$AF$7)*OFFSET(ORÇAMENTO!$W$15,ROW(AE52)-ROW(AE$15),0),15-13*ORÇAMENTO!$AF$11)),0)","v":0},{"$f":"IF(AND($D52=\"Serviço\",AF$12<>0,$H52>0,OR(AUTOEVENTO<>\"manual\",$M52<>1)),\nIF(Import.TipoArredondamento<>\"TransfereGOV\",\nROUND(OFFSET($P52,0,AF$13),15-13*ORÇAMENTO!$AF$7)/$H52*OFFSET(ORÇAMENTO!$X$15,ROW(AF52)-ROW(AF$15),0),\nROUND(ROUND(OFFSET($P52,0,AF$13),15-13*ORÇAMENTO!$AF$7)*OFFSET(ORÇAMENTO!$W$15,ROW(AF52)-ROW(AF$15),0),15-13*ORÇAMENTO!$AF$11)),0)","v":0},{"$f":"IF(AND($D52=\"Serviço\",AG$12<>0,$H52>0,OR(AUTOEVENTO<>\"manual\",$M52<>1)),\nIF(Import.TipoArredondamento<>\"TransfereGOV\",\nROUND(OFFSET($P52,0,AG$13),15-13*ORÇAMENTO!$AF$7)/$H52*OFFSET(ORÇAMENTO!$X$15,ROW(AG52)-ROW(AG$15),0),\nROUND(ROUND(OFFSET($P52,0,AG$13),15-13*ORÇAMENTO!$AF$7)*OFFSET(ORÇAMENTO!$W$15,ROW(AG52)-ROW(AG$15),0),15-13*ORÇAMENTO!$AF$11)),0)","v":0},{"$f":"IF(AND($D52=\"Serviço\",AH$12<>0,$H52>0,OR(AUTOEVENTO<>\"manual\",$M52<>1)),\nIF(Import.TipoArredondamento<>\"TransfereGOV\",\nROUND(OFFSET($P52,0,AH$13),15-13*ORÇAMENTO!$AF$7)/$H52*OFFSET(ORÇAMENTO!$X$15,ROW(AH52)-ROW(AH$15),0),\nROUND(ROUND(OFFSET($P52,0,AH$13),15-13*ORÇAMENTO!$AF$7)*OFFSET(ORÇAMENTO!$W$15,ROW(AH52)-ROW(AH$15),0),15-13*ORÇAMENTO!$AF$11)),0)","v":0},{"$f":"IF(AND($D52=\"Serviço\",AI$12<>0,$H52>0,OR(AUTOEVENTO<>\"manual\",$M52<>1)),\nIF(Import.TipoArredondamento<>\"TransfereGOV\",\nROUND(OFFSET($P52,0,AI$13),15-13*ORÇAMENTO!$AF$7)/$H52*OFFSET(ORÇAMENTO!$X$15,ROW(AI52)-ROW(AI$15),0),\nROUND(ROUND(OFFSET($P52,0,AI$13),15-13*ORÇAMENTO!$AF$7)*OFFSET(ORÇAMENTO!$W$15,ROW(AI52)-ROW(AI$15),0),15-13*ORÇAMENTO!$AF$11)),0)","v":0},{"$f":"IF(AND($D52=\"Serviço\",AJ$12<>0,$H52>0,OR(AUTOEVENTO<>\"manual\",$M52<>1)),\nIF(Import.TipoArredondamento<>\"TransfereGOV\",\nROUND(OFFSET($P52,0,AJ$13),15-13*ORÇAMENTO!$AF$7)/$H52*OFFSET(ORÇAMENTO!$X$15,ROW(AJ52)-ROW(AJ$15),0),\nROUND(ROUND(OFFSET($P52,0,AJ$13),15-13*ORÇAMENTO!$AF$7)*OFFSET(ORÇAMENTO!$W$15,ROW(AJ52)-ROW(AJ$15),0),15-13*ORÇAMENTO!$AF$11)),0)","v":0},{"$f":"IF(AND($D52=\"Serviço\",AK$12<>0,$H52>0,OR(AUTOEVENTO<>\"manual\",$M52<>1)),\nIF(Import.TipoArredondamento<>\"TransfereGOV\",\nROUND(OFFSET($P52,0,AK$13),15-13*ORÇAMENTO!$AF$7)/$H52*OFFSET(ORÇAMENTO!$X$15,ROW(AK52)-ROW(AK$15),0),\nROUND(ROUND(OFFSET($P52,0,AK$13),15-13*ORÇAMENTO!$AF$7)*OFFSET(ORÇAMENTO!$W$15,ROW(AK52)-ROW(AK$15),0),15-13*ORÇAMENTO!$AF$11)),0)","v":0},null,{"$f":"IF($D52<>\"Serviço\",0,IF(AND(AUTOEVENTO=\"Manual\",$M52=1),0,IF(OFFSET(CRONOPLE!$F$14,$M52,AM$13)=\"\",10^12,OFFSET(CRONOPLE!$F$14,$M52,AM$13))))","v":0},{"$f":"IF($D52<>\"Serviço\",0,IF(AND(AUTOEVENTO=\"Manual\",$M52=1),0,IF(OFFSET(CRONOPLE!$F$14,$M52,AN$13)=\"\",10^12,OFFSET(CRONOPLE!$F$14,$M52,AN$13))))","v":0},{"$f":"IF($D52<>\"Serviço\",0,IF(AND(AUTOEVENTO=\"Manual\",$M52=1),0,IF(OFFSET(CRONOPLE!$F$14,$M52,AO$13)=\"\",10^12,OFFSET(CRONOPLE!$F$14,$M52,AO$13))))","v":0},{"$f":"IF($D52<>\"Serviço\",0,IF(AND(AUTOEVENTO=\"Manual\",$M52=1),0,IF(OFFSET(CRONOPLE!$F$14,$M52,AP$13)=\"\",10^12,OFFSET(CRONOPLE!$F$14,$M52,AP$13))))","v":0},{"$f":"IF($D52<>\"Serviço\",0,IF(AND(AUTOEVENTO=\"Manual\",$M52=1),0,IF(OFFSET(CRONOPLE!$F$14,$M52,AQ$13)=\"\",10^12,OFFSET(CRONOPLE!$F$14,$M52,AQ$13))))","v":0},{"$f":"IF($D52<>\"Serviço\",0,IF(AND(AUTOEVENTO=\"Manual\",$M52=1),0,IF(OFFSET(CRONOPLE!$F$14,$M52,AR$13)=\"\",10^12,OFFSET(CRONOPLE!$F$14,$M52,AR$13))))","v":0},{"$f":"IF($D52<>\"Serviço\",0,IF(AND(AUTOEVENTO=\"Manual\",$M52=1),0,IF(OFFSET(CRONOPLE!$F$14,$M52,AS$13)=\"\",10^12,OFFSET(CRONOPLE!$F$14,$M52,AS$13))))","v":0},{"$f":"IF($D52<>\"Serviço\",0,IF(AND(AUTOEVENTO=\"Manual\",$M52=1),0,IF(OFFSET(CRONOPLE!$F$14,$M52,AT$13)=\"\",10^12,OFFSET(CRONOPLE!$F$14,$M52,AT$13))))","v":0},{"$f":"IF($D52<>\"Serviço\",0,IF(AND(AUTOEVENTO=\"Manual\",$M52=1),0,IF(OFFSET(CRONOPLE!$F$14,$M52,AU$13)=\"\",10^12,OFFSET(CRONOPLE!$F$14,$M52,AU$13))))","v":0},{"$f":"IF($D52<>\"Serviço\",0,IF(AND(AUTOEVENTO=\"Manual\",$M52=1),0,IF(OFFSET(CRONOPLE!$F$14,$M52,AV$13)=\"\",10^12,OFFSET(CRONOPLE!$F$14,$M52,AV$13))))","v":0},null,{"$f":"IF($D52<>\"Serviço\",0,IF(OR(AND(AUTOEVENTO=\"Manual\",$M52=1),$M52>(ROW(PLE.lastrow)-ROW(PLE.firstrow))),0,IF(OFFSET(PLE!$G$14,$M52,AX$13)=\"\",10^12,OFFSET(PLE!$G$14,$M52,AX$13))))","v":0},{"$f":"IF($D52<>\"Serviço\",0,IF(OR(AND(AUTOEVENTO=\"Manual\",$M52=1),$M52>(ROW(PLE.lastrow)-ROW(PLE.firstrow))),0,IF(OFFSET(PLE!$G$14,$M52,AY$13)=\"\",10^12,OFFSET(PLE!$G$14,$M52,AY$13))))","v":0},{"$f":"IF($D52<>\"Serviço\",0,IF(OR(AND(AUTOEVENTO=\"Manual\",$M52=1),$M52>(ROW(PLE.lastrow)-ROW(PLE.firstrow))),0,IF(OFFSET(PLE!$G$14,$M52,AZ$13)=\"\",10^12,OFFSET(PLE!$G$14,$M52,AZ$13))))","v":0},{"$f":"IF($D52<>\"Serviço\",0,IF(OR(AND(AUTOEVENTO=\"Manual\",$M52=1),$M52>(ROW(PLE.lastrow)-ROW(PLE.firstrow))),0,IF(OFFSET(PLE!$G$14,$M52,BA$13)=\"\",10^12,OFFSET(PLE!$G$14,$M52,BA$13))))","v":0},{"$f":"IF($D52<>\"Serviço\",0,IF(OR(AND(AUTOEVENTO=\"Manual\",$M52=1),$M52>(ROW(PLE.lastrow)-ROW(PLE.firstrow))),0,IF(OFFSET(PLE!$G$14,$M52,BB$13)=\"\",10^12,OFFSET(PLE!$G$14,$M52,BB$13))))","v":0},{"$f":"IF($D52<>\"Serviço\",0,IF(OR(AND(AUTOEVENTO=\"Manual\",$M52=1),$M52>(ROW(PLE.lastrow)-ROW(PLE.firstrow))),0,IF(OFFSET(PLE!$G$14,$M52,BC$13)=\"\",10^12,OFFSET(PLE!$G$14,$M52,BC$13))))","v":0},{"$f":"IF($D52<>\"Serviço\",0,IF(OR(AND(AUTOEVENTO=\"Manual\",$M52=1),$M52>(ROW(PLE.lastrow)-ROW(PLE.firstrow))),0,IF(OFFSET(PLE!$G$14,$M52,BD$13)=\"\",10^12,OFFSET(PLE!$G$14,$M52,BD$13))))","v":0},{"$f":"IF($D52<>\"Serviço\",0,IF(OR(AND(AUTOEVENTO=\"Manual\",$M52=1),$M52>(ROW(PLE.lastrow)-ROW(PLE.firstrow))),0,IF(OFFSET(PLE!$G$14,$M52,BE$13)=\"\",10^12,OFFSET(PLE!$G$14,$M52,BE$13))))","v":0},{"$f":"IF($D52<>\"Serviço\",0,IF(OR(AND(AUTOEVENTO=\"Manual\",$M52=1),$M52>(ROW(PLE.lastrow)-ROW(PLE.firstrow))),0,IF(OFFSET(PLE!$G$14,$M52,BF$13)=\"\",10^12,OFFSET(PLE!$G$14,$M52,BF$13))))","v":0},{"$f":"IF($D52<>\"Serviço\",0,IF(OR(AND(AUTOEVENTO=\"Manual\",$M52=1),$M52>(ROW(PLE.lastrow)-ROW(PLE.firstrow))),0,IF(OFFSET(PLE!$G$14,$M52,BG$13)=\"\",10^12,OFFSET(PLE!$G$14,$M52,BG$13))))","v":0}]
["36",{"$f":"OFFSET(ORÇAMENTO!C$15,ROW(B53)-ROW(B$15),0)","v":"S"},{"$f":"OFFSET(ORÇAMENTO!L$15,ROW(C53)-ROW(C$15),0)","v":"F"},{"$f":"OFFSET(ORÇAMENTO!N$15,ROW(D53)-ROW(D$15),0)","v":"Serviço"},{"$f":"OFFSET(ORÇAMENTO!O$15,ROW(E53)-ROW(E$15),0)","v":"1.8.1.1."},{"$f":"OFFSET(ORÇAMENTO!R$15,ROW(F53)-ROW(F$15),0)","v":"ALVENARIA DE VEDAÇÃO DE BLOCOS CERÂMICOS FURADOS NA HORIZONTAL DE 11,5X19X19 CM (ESPESSURA 11,5 CM) E ARGAMASSA DE ASSENTAMENTO COM PREPARO EM BETONEIRA. AF_12/2021"},{"$f":"IF($D53<>\"Serviço\",\"\",OFFSET(ORÇAMENTO!S$15,ROW(G53)-ROW(G$15),0))","v":"M2"},{"$f":"IF($D53<>\"Serviço\",0,IF(ACOMPANHAMENTO=\"BM\",ROUND(OFFSET(ORÇAMENTO!AJ$15,ROW(H53)-ROW(H$15),0),15-13*ORÇAMENTO!$AF$7),SUMPRODUCT(($Q$12:$AA$12<>\"\")*ROUND($Q53:$AA53,15-13*ORÇAMENTO!$AF$7))))","v":572.15},"ÁREA DE PAREDE, ÁREA NO BARRILETE, ÁREA NO BEIRAL ENTRE TELHADO E LAJE, AREA OITÕES, DESCONTADO ÁREA TODAS AS ÁREAS DE VÃOS E JANELAS",null,null,".",{"$f":"IF($D53<>\"Serviço\",\"\",IF(AUTOEVENTO=\"manual\",$A53,IF(ISERROR(MATCH($A53,$A$15:OFFSET($A53,-1,0),0)),MAX($M$15:OFFSET(M53,-1,0))+1,INDEX($M$15:OFFSET(M53,-1,0),MATCH($A53,$A$15:OFFSET($A53,-1,0),0)))))","v":9},{"$f":"IF($D53<>\"Serviço\",\"\",IF(AUTOEVENTO=\"Manual\",IF($A53=0,\"<-- defina o número do agrupador\",OFFSET(EVENTOS!$D$14,$A53,0)),OFFSET($F$15,$A53,0)))","v":"PAINÉIS E PAREDES"},null,null,{"$f":"(((5.42*2)+8.95+8.84+6.33+4.54+8.09+3.03+19.81+1.5+1.5+(4*3)+10.83+(3.24*3)+8.84+1.25+1.25+18.09+5.42+1.88+6.5+(4.75*4)+3.1+3.45+21.95+9.5+9)*2.72)+(1.29*4*1.8)+((4.59+4.59+3.3+3.3)*(0.57+1.03))+((21.95)*0.5)+((19.09+19.96+21.95)*0.23)+6.07+4.67+0.5+2.73+2.73+0.5+1.6+3.16-((15*0.8*2.1)+(0.6*2.1)+(1.6*2.1)+(20*1.5*1.2)+(1.5*0.9)+(1.6*0.4*3)+(0.8*0.4*5)+(1.1*1.2*2)+(1.25*2.1)+(0.8*2.1))-(2.05*2.1)-(1.25*2.1)-(0.6*2.1)-(1.2*1)-((1.1+1.73)*2.72)","v":572.14960000000008},null,null,null,null,null,null,null,null,null,null,{"$f":"IF(AND($D53=\"Serviço\",AB$12<>0,$H53>0,OR(AUTOEVENTO<>\"manual\",$M53<>1)),\nIF(Import.TipoArredondamento<>\"TransfereGOV\",\nROUND(OFFSET($P53,0,AB$13),15-13*ORÇAMENTO!$AF$7)/$H53*OFFSET(ORÇAMENTO!$X$15,ROW(AB53)-ROW(AB$15),0),\nROUND(ROUND(OFFSET($P53,0,AB$13),15-13*ORÇAMENTO!$AF$7)*OFFSET(ORÇAMENTO!$W$15,ROW(AB53)-ROW(AB$15),0),15-13*ORÇAMENTO!$AF$11)),0)","v":57215},{"$f":"IF(AND($D53=\"Serviço\",AC$12<>0,$H53>0,OR(AUTOEVENTO<>\"manual\",$M53<>1)),\nIF(Import.TipoArredondamento<>\"TransfereGOV\",\nROUND(OFFSET($P53,0,AC$13),15-13*ORÇAMENTO!$AF$7)/$H53*OFFSET(ORÇAMENTO!$X$15,ROW(AC53)-ROW(AC$15),0),\nROUND(ROUND(OFFSET($P53,0,AC$13),15-13*ORÇAMENTO!$AF$7)*OFFSET(ORÇAMENTO!$W$15,ROW(AC53)-ROW(AC$15),0),15-13*ORÇAMENTO!$AF$11)),0)","v":0},{"$f":"IF(AND($D53=\"Serviço\",AD$12<>0,$H53>0,OR(AUTOEVENTO<>\"manual\",$M53<>1)),\nIF(Import.TipoArredondamento<>\"TransfereGOV\",\nROUND(OFFSET($P53,0,AD$13),15-13*ORÇAMENTO!$AF$7)/$H53*OFFSET(ORÇAMENTO!$X$15,ROW(AD53)-ROW(AD$15),0),\nROUND(ROUND(OFFSET($P53,0,AD$13),15-13*ORÇAMENTO!$AF$7)*OFFSET(ORÇAMENTO!$W$15,ROW(AD53)-ROW(AD$15),0),15-13*ORÇAMENTO!$AF$11)),0)","v":0},{"$f":"IF(AND($D53=\"Serviço\",AE$12<>0,$H53>0,OR(AUTOEVENTO<>\"manual\",$M53<>1)),\nIF(Import.TipoArredondamento<>\"TransfereGOV\",\nROUND(OFFSET($P53,0,AE$13),15-13*ORÇAMENTO!$AF$7)/$H53*OFFSET(ORÇAMENTO!$X$15,ROW(AE53)-ROW(AE$15),0),\nROUND(ROUND(OFFSET($P53,0,AE$13),15-13*ORÇAMENTO!$AF$7)*OFFSET(ORÇAMENTO!$W$15,ROW(AE53)-ROW(AE$15),0),15-13*ORÇAMENTO!$AF$11)),0)","v":0},{"$f":"IF(AND($D53=\"Serviço\",AF$12<>0,$H53>0,OR(AUTOEVENTO<>\"manual\",$M53<>1)),\nIF(Import.TipoArredondamento<>\"TransfereGOV\",\nROUND(OFFSET($P53,0,AF$13),15-13*ORÇAMENTO!$AF$7)/$H53*OFFSET(ORÇAMENTO!$X$15,ROW(AF53)-ROW(AF$15),0),\nROUND(ROUND(OFFSET($P53,0,AF$13),15-13*ORÇAMENTO!$AF$7)*OFFSET(ORÇAMENTO!$W$15,ROW(AF53)-ROW(AF$15),0),15-13*ORÇAMENTO!$AF$11)),0)","v":0},{"$f":"IF(AND($D53=\"Serviço\",AG$12<>0,$H53>0,OR(AUTOEVENTO<>\"manual\",$M53<>1)),\nIF(Import.TipoArredondamento<>\"TransfereGOV\",\nROUND(OFFSET($P53,0,AG$13),15-13*ORÇAMENTO!$AF$7)/$H53*OFFSET(ORÇAMENTO!$X$15,ROW(AG53)-ROW(AG$15),0),\nROUND(ROUND(OFFSET($P53,0,AG$13),15-13*ORÇAMENTO!$AF$7)*OFFSET(ORÇAMENTO!$W$15,ROW(AG53)-ROW(AG$15),0),15-13*ORÇAMENTO!$AF$11)),0)","v":0},{"$f":"IF(AND($D53=\"Serviço\",AH$12<>0,$H53>0,OR(AUTOEVENTO<>\"manual\",$M53<>1)),\nIF(Import.TipoArredondamento<>\"TransfereGOV\",\nROUND(OFFSET($P53,0,AH$13),15-13*ORÇAMENTO!$AF$7)/$H53*OFFSET(ORÇAMENTO!$X$15,ROW(AH53)-ROW(AH$15),0),\nROUND(ROUND(OFFSET($P53,0,AH$13),15-13*ORÇAMENTO!$AF$7)*OFFSET(ORÇAMENTO!$W$15,ROW(AH53)-ROW(AH$15),0),15-13*ORÇAMENTO!$AF$11)),0)","v":0},{"$f":"IF(AND($D53=\"Serviço\",AI$12<>0,$H53>0,OR(AUTOEVENTO<>\"manual\",$M53<>1)),\nIF(Import.TipoArredondamento<>\"TransfereGOV\",\nROUND(OFFSET($P53,0,AI$13),15-13*ORÇAMENTO!$AF$7)/$H53*OFFSET(ORÇAMENTO!$X$15,ROW(AI53)-ROW(AI$15),0),\nROUND(ROUND(OFFSET($P53,0,AI$13),15-13*ORÇAMENTO!$AF$7)*OFFSET(ORÇAMENTO!$W$15,ROW(AI53)-ROW(AI$15),0),15-13*ORÇAMENTO!$AF$11)),0)","v":0},{"$f":"IF(AND($D53=\"Serviço\",AJ$12<>0,$H53>0,OR(AUTOEVENTO<>\"manual\",$M53<>1)),\nIF(Import.TipoArredondamento<>\"TransfereGOV\",\nROUND(OFFSET($P53,0,AJ$13),15-13*ORÇAMENTO!$AF$7)/$H53*OFFSET(ORÇAMENTO!$X$15,ROW(AJ53)-ROW(AJ$15),0),\nROUND(ROUND(OFFSET($P53,0,AJ$13),15-13*ORÇAMENTO!$AF$7)*OFFSET(ORÇAMENTO!$W$15,ROW(AJ53)-ROW(AJ$15),0),15-13*ORÇAMENTO!$AF$11)),0)","v":0},{"$f":"IF(AND($D53=\"Serviço\",AK$12<>0,$H53>0,OR(AUTOEVENTO<>\"manual\",$M53<>1)),\nIF(Import.TipoArredondamento<>\"TransfereGOV\",\nROUND(OFFSET($P53,0,AK$13),15-13*ORÇAMENTO!$AF$7)/$H53*OFFSET(ORÇAMENTO!$X$15,ROW(AK53)-ROW(AK$15),0),\nROUND(ROUND(OFFSET($P53,0,AK$13),15-13*ORÇAMENTO!$AF$7)*OFFSET(ORÇAMENTO!$W$15,ROW(AK53)-ROW(AK$15),0),15-13*ORÇAMENTO!$AF$11)),0)","v":0},null,{"$f":"IF($D53<>\"Serviço\",0,IF(AND(AUTOEVENTO=\"Manual\",$M53=1),0,IF(OFFSET(CRONOPLE!$F$14,$M53,AM$13)=\"\",10^12,OFFSET(CRONOPLE!$F$14,$M53,AM$13))))","v":1000000000000},{"$f":"IF($D53<>\"Serviço\",0,IF(AND(AUTOEVENTO=\"Manual\",$M53=1),0,IF(OFFSET(CRONOPLE!$F$14,$M53,AN$13)=\"\",10^12,OFFSET(CRONOPLE!$F$14,$M53,AN$13))))","v":1000000000000},{"$f":"IF($D53<>\"Serviço\",0,IF(AND(AUTOEVENTO=\"Manual\",$M53=1),0,IF(OFFSET(CRONOPLE!$F$14,$M53,AO$13)=\"\",10^12,OFFSET(CRONOPLE!$F$14,$M53,AO$13))))","v":1000000000000},{"$f":"IF($D53<>\"Serviço\",0,IF(AND(AUTOEVENTO=\"Manual\",$M53=1),0,IF(OFFSET(CRONOPLE!$F$14,$M53,AP$13)=\"\",10^12,OFFSET(CRONOPLE!$F$14,$M53,AP$13))))","v":1000000000000},{"$f":"IF($D53<>\"Serviço\",0,IF(AND(AUTOEVENTO=\"Manual\",$M53=1),0,IF(OFFSET(CRONOPLE!$F$14,$M53,AQ$13)=\"\",10^12,OFFSET(CRONOPLE!$F$14,$M53,AQ$13))))","v":1000000000000},{"$f":"IF($D53<>\"Serviço\",0,IF(AND(AUTOEVENTO=\"Manual\",$M53=1),0,IF(OFFSET(CRONOPLE!$F$14,$M53,AR$13)=\"\",10^12,OFFSET(CRONOPLE!$F$14,$M53,AR$13))))","v":1000000000000},{"$f":"IF($D53<>\"Serviço\",0,IF(AND(AUTOEVENTO=\"Manual\",$M53=1),0,IF(OFFSET(CRONOPLE!$F$14,$M53,AS$13)=\"\",10^12,OFFSET(CRONOPLE!$F$14,$M53,AS$13))))","v":1000000000000},{"$f":"IF($D53<>\"Serviço\",0,IF(AND(AUTOEVENTO=\"Manual\",$M53=1),0,IF(OFFSET(CRONOPLE!$F$14,$M53,AT$13)=\"\",10^12,OFFSET(CRONOPLE!$F$14,$M53,AT$13))))","v":1000000000000},{"$f":"IF($D53<>\"Serviço\",0,IF(AND(AUTOEVENTO=\"Manual\",$M53=1),0,IF(OFFSET(CRONOPLE!$F$14,$M53,AU$13)=\"\",10^12,OFFSET(CRONOPLE!$F$14,$M53,AU$13))))","v":1000000000000},{"$f":"IF($D53<>\"Serviço\",0,IF(AND(AUTOEVENTO=\"Manual\",$M53=1),0,IF(OFFSET(CRONOPLE!$F$14,$M53,AV$13)=\"\",10^12,OFFSET(CRONOPLE!$F$14,$M53,AV$13))))","v":1000000000000},null,{"$f":"IF($D53<>\"Serviço\",0,IF(OR(AND(AUTOEVENTO=\"Manual\",$M53=1),$M53>(ROW(PLE.lastrow)-ROW(PLE.firstrow))),0,IF(OFFSET(PLE!$G$14,$M53,AX$13)=\"\",10^12,OFFSET(PLE!$G$14,$M53,AX$13))))","v":1000000000000},{"$f":"IF($D53<>\"Serviço\",0,IF(OR(AND(AUTOEVENTO=\"Manual\",$M53=1),$M53>(ROW(PLE.lastrow)-ROW(PLE.firstrow))),0,IF(OFFSET(PLE!$G$14,$M53,AY$13)=\"\",10^12,OFFSET(PLE!$G$14,$M53,AY$13))))","v":1000000000000},{"$f":"IF($D53<>\"Serviço\",0,IF(OR(AND(AUTOEVENTO=\"Manual\",$M53=1),$M53>(ROW(PLE.lastrow)-ROW(PLE.firstrow))),0,IF(OFFSET(PLE!$G$14,$M53,AZ$13)=\"\",10^12,OFFSET(PLE!$G$14,$M53,AZ$13))))","v":1000000000000},{"$f":"IF($D53<>\"Serviço\",0,IF(OR(AND(AUTOEVENTO=\"Manual\",$M53=1),$M53>(ROW(PLE.lastrow)-ROW(PLE.firstrow))),0,IF(OFFSET(PLE!$G$14,$M53,BA$13)=\"\",10^12,OFFSET(PLE!$G$14,$M53,BA$13))))","v":1000000000000},{"$f":"IF($D53<>\"Serviço\",0,IF(OR(AND(AUTOEVENTO=\"Manual\",$M53=1),$M53>(ROW(PLE.lastrow)-ROW(PLE.firstrow))),0,IF(OFFSET(PLE!$G$14,$M53,BB$13)=\"\",10^12,OFFSET(PLE!$G$14,$M53,BB$13))))","v":1000000000000},{"$f":"IF($D53<>\"Serviço\",0,IF(OR(AND(AUTOEVENTO=\"Manual\",$M53=1),$M53>(ROW(PLE.lastrow)-ROW(PLE.firstrow))),0,IF(OFFSET(PLE!$G$14,$M53,BC$13)=\"\",10^12,OFFSET(PLE!$G$14,$M53,BC$13))))","v":1000000000000},{"$f":"IF($D53<>\"Serviço\",0,IF(OR(AND(AUTOEVENTO=\"Manual\",$M53=1),$M53>(ROW(PLE.lastrow)-ROW(PLE.firstrow))),0,IF(OFFSET(PLE!$G$14,$M53,BD$13)=\"\",10^12,OFFSET(PLE!$G$14,$M53,BD$13))))","v":1000000000000},{"$f":"IF($D53<>\"Serviço\",0,IF(OR(AND(AUTOEVENTO=\"Manual\",$M53=1),$M53>(ROW(PLE.lastrow)-ROW(PLE.firstrow))),0,IF(OFFSET(PLE!$G$14,$M53,BE$13)=\"\",10^12,OFFSET(PLE!$G$14,$M53,BE$13))))","v":1000000000000},{"$f":"IF($D53<>\"Serviço\",0,IF(OR(AND(AUTOEVENTO=\"Manual\",$M53=1),$M53>(ROW(PLE.lastrow)-ROW(PLE.firstrow))),0,IF(OFFSET(PLE!$G$14,$M53,BF$13)=\"\",10^12,OFFSET(PLE!$G$14,$M53,BF$13))))","v":1000000000000},{"$f":"IF($D53<>\"Serviço\",0,IF(OR(AND(AUTOEVENTO=\"Manual\",$M53=1),$M53>(ROW(PLE.lastrow)-ROW(PLE.firstrow))),0,IF(OFFSET(PLE!$G$14,$M53,BG$13)=\"\",10^12,OFFSET(PLE!$G$14,$M53,BG$13))))","v":1000000000000}]
["36",{"$f":"OFFSET(ORÇAMENTO!C$15,ROW(B54)-ROW(B$15),0)","v":"S"},{"$f":"OFFSET(ORÇAMENTO!L$15,ROW(C54)-ROW(C$15),0)","v":"F"},{"$f":"OFFSET(ORÇAMENTO!N$15,ROW(D54)-ROW(D$15),0)","v":"Serviço"},{"$f":"OFFSET(ORÇAMENTO!O$15,ROW(E54)-ROW(E$15),0)","v":"1.8.1.2."},{"$f":"OFFSET(ORÇAMENTO!R$15,ROW(F54)-ROW(F$15),0)","v":"CONTRAVERGA PRÉ-MOLDADA, ESPESSURA DE *11,50* CM. AF_03/2024"},{"$f":"IF($D54<>\"Serviço\",\"\",OFFSET(ORÇAMENTO!S$15,ROW(G54)-ROW(G$15),0))","v":"M"},{"$f":"IF($D54<>\"Serviço\",0,IF(ACOMPANHAMENTO=\"BM\",ROUND(OFFSET(ORÇAMENTO!AJ$15,ROW(H54)-ROW(H$15),0),15-13*ORÇAMENTO!$AF$7),SUMPRODUCT(($Q$12:$AA$12<>\"\")*ROUND($Q54:$AA54,15-13*ORÇAMENTO!$AF$7))))","v":173.37},"CONSIDERADO 40CM DO VÃO PARA CADA LADO EM PORTAS E 30CM EM VÃOS DE 80CM OU MENORES, CONTABILIZADO TAMBEM VÃO SOBRE E EM BAIXO DA BANCADA COZINHA, VÃOS SEM PORTA",null,null,".",{"$f":"IF($D54<>\"Serviço\",\"\",IF(AUTOEVENTO=\"manual\",$A54,IF(ISERROR(MATCH($A54,$A$15:OFFSET($A54,-1,0),0)),MAX($M$15:OFFSET(M54,-1,0))+1,INDEX($M$15:OFFSET(M54,-1,0),MATCH($A54,$A$15:OFFSET($A54,-1,0),0)))))","v":9},{"$f":"IF($D54<>\"Serviço\",\"\",IF(AUTOEVENTO=\"Manual\",IF($A54=0,\"<-- defina o número do agrupador\",OFFSET(EVENTOS!$D$14,$A54,0)),OFFSET($F$15,$A54,0)))","v":"PAINÉIS E PAREDES"},null,null,{"$f":"((1.5+1.5+0.8+0.8)*20)+((1.1+1.1+0.8+0.8)*2)+((1.6+1.6+0.8+0.8)*3)+((0.8+0.8+0.3+0.3+0.3+0.3)*5)+(1.5+1.5+0.8+0.8)+(1.66+0.15+0.2)+((0.8+0.8)*15)+(0.8+0.2+0.4)+(0.6+0.3+0.3)+(1.2+1.2+0.8+0.8)+(1.25+0.6+1.31+0.8+0.8+0.8)+0.8+(1.4+0.2+0.2)","v":173.37},null,null,null,null,null,null,null,null,null,null,{"$f":"IF(AND($D54=\"Serviço\",AB$12<>0,$H54>0,OR(AUTOEVENTO<>\"manual\",$M54<>1)),\nIF(Import.TipoArredondamento<>\"TransfereGOV\",\nROUND(OFFSET($P54,0,AB$13),15-13*ORÇAMENTO!$AF$7)/$H54*OFFSET(ORÇAMENTO!$X$15,ROW(AB54)-ROW(AB$15),0),\nROUND(ROUND(OFFSET($P54,0,AB$13),15-13*ORÇAMENTO!$AF$7)*OFFSET(ORÇAMENTO!$W$15,ROW(AB54)-ROW(AB$15),0),15-13*ORÇAMENTO!$AF$11)),0)","v":4356.79},{"$f":"IF(AND($D54=\"Serviço\",AC$12<>0,$H54>0,OR(AUTOEVENTO<>\"manual\",$M54<>1)),\nIF(Import.TipoArredondamento<>\"TransfereGOV\",\nROUND(OFFSET($P54,0,AC$13),15-13*ORÇAMENTO!$AF$7)/$H54*OFFSET(ORÇAMENTO!$X$15,ROW(AC54)-ROW(AC$15),0),\nROUND(ROUND(OFFSET($P54,0,AC$13),15-13*ORÇAMENTO!$AF$7)*OFFSET(ORÇAMENTO!$W$15,ROW(AC54)-ROW(AC$15),0),15-13*ORÇAMENTO!$AF$11)),0)","v":0},{"$f":"IF(AND($D54=\"Serviço\",AD$12<>0,$H54>0,OR(AUTOEVENTO<>\"manual\",$M54<>1)),\nIF(Import.TipoArredondamento<>\"TransfereGOV\",\nROUND(OFFSET($P54,0,AD$13),15-13*ORÇAMENTO!$AF$7)/$H54*OFFSET(ORÇAMENTO!$X$15,ROW(AD54)-ROW(AD$15),0),\nROUND(ROUND(OFFSET($P54,0,AD$13),15-13*ORÇAMENTO!$AF$7)*OFFSET(ORÇAMENTO!$W$15,ROW(AD54)-ROW(AD$15),0),15-13*ORÇAMENTO!$AF$11)),0)","v":0},{"$f":"IF(AND($D54=\"Serviço\",AE$12<>0,$H54>0,OR(AUTOEVENTO<>\"manual\",$M54<>1)),\nIF(Import.TipoArredondamento<>\"TransfereGOV\",\nROUND(OFFSET($P54,0,AE$13),15-13*ORÇAMENTO!$AF$7)/$H54*OFFSET(ORÇAMENTO!$X$15,ROW(AE54)-ROW(AE$15),0),\nROUND(ROUND(OFFSET($P54,0,AE$13),15-13*ORÇAMENTO!$AF$7)*OFFSET(ORÇAMENTO!$W$15,ROW(AE54)-ROW(AE$15),0),15-13*ORÇAMENTO!$AF$11)),0)","v":0},{"$f":"IF(AND($D54=\"Serviço\",AF$12<>0,$H54>0,OR(AUTOEVENTO<>\"manual\",$M54<>1)),\nIF(Import.TipoArredondamento<>\"TransfereGOV\",\nROUND(OFFSET($P54,0,AF$13),15-13*ORÇAMENTO!$AF$7)/$H54*OFFSET(ORÇAMENTO!$X$15,ROW(AF54)-ROW(AF$15),0),\nROUND(ROUND(OFFSET($P54,0,AF$13),15-13*ORÇAMENTO!$AF$7)*OFFSET(ORÇAMENTO!$W$15,ROW(AF54)-ROW(AF$15),0),15-13*ORÇAMENTO!$AF$11)),0)","v":0},{"$f":"IF(AND($D54=\"Serviço\",AG$12<>0,$H54>0,OR(AUTOEVENTO<>\"manual\",$M54<>1)),\nIF(Import.TipoArredondamento<>\"TransfereGOV\",\nROUND(OFFSET($P54,0,AG$13),15-13*ORÇAMENTO!$AF$7)/$H54*OFFSET(ORÇAMENTO!$X$15,ROW(AG54)-ROW(AG$15),0),\nROUND(ROUND(OFFSET($P54,0,AG$13),15-13*ORÇAMENTO!$AF$7)*OFFSET(ORÇAMENTO!$W$15,ROW(AG54)-ROW(AG$15),0),15-13*ORÇAMENTO!$AF$11)),0)","v":0},{"$f":"IF(AND($D54=\"Serviço\",AH$12<>0,$H54>0,OR(AUTOEVENTO<>\"manual\",$M54<>1)),\nIF(Import.TipoArredondamento<>\"TransfereGOV\",\nROUND(OFFSET($P54,0,AH$13),15-13*ORÇAMENTO!$AF$7)/$H54*OFFSET(ORÇAMENTO!$X$15,ROW(AH54)-ROW(AH$15),0),\nROUND(ROUND(OFFSET($P54,0,AH$13),15-13*ORÇAMENTO!$AF$7)*OFFSET(ORÇAMENTO!$W$15,ROW(AH54)-ROW(AH$15),0),15-13*ORÇAMENTO!$AF$11)),0)","v":0},{"$f":"IF(AND($D54=\"Serviço\",AI$12<>0,$H54>0,OR(AUTOEVENTO<>\"manual\",$M54<>1)),\nIF(Import.TipoArredondamento<>\"TransfereGOV\",\nROUND(OFFSET($P54,0,AI$13),15-13*ORÇAMENTO!$AF$7)/$H54*OFFSET(ORÇAMENTO!$X$15,ROW(AI54)-ROW(AI$15),0),\nROUND(ROUND(OFFSET($P54,0,AI$13),15-13*ORÇAMENTO!$AF$7)*OFFSET(ORÇAMENTO!$W$15,ROW(AI54)-ROW(AI$15),0),15-13*ORÇAMENTO!$AF$11)),0)","v":0},{"$f":"IF(AND($D54=\"Serviço\",AJ$12<>0,$H54>0,OR(AUTOEVENTO<>\"manual\",$M54<>1)),\nIF(Import.TipoArredondamento<>\"TransfereGOV\",\nROUND(OFFSET($P54,0,AJ$13),15-13*ORÇAMENTO!$AF$7)/$H54*OFFSET(ORÇAMENTO!$X$15,ROW(AJ54)-ROW(AJ$15),0),\nROUND(ROUND(OFFSET($P54,0,AJ$13),15-13*ORÇAMENTO!$AF$7)*OFFSET(ORÇAMENTO!$W$15,ROW(AJ54)-ROW(AJ$15),0),15-13*ORÇAMENTO!$AF$11)),0)","v":0},{"$f":"IF(AND($D54=\"Serviço\",AK$12<>0,$H54>0,OR(AUTOEVENTO<>\"manual\",$M54<>1)),\nIF(Import.TipoArredondamento<>\"TransfereGOV\",\nROUND(OFFSET($P54,0,AK$13),15-13*ORÇAMENTO!$AF$7)/$H54*OFFSET(ORÇAMENTO!$X$15,ROW(AK54)-ROW(AK$15),0),\nROUND(ROUND(OFFSET($P54,0,AK$13),15-13*ORÇAMENTO!$AF$7)*OFFSET(ORÇAMENTO!$W$15,ROW(AK54)-ROW(AK$15),0),15-13*ORÇAMENTO!$AF$11)),0)","v":0},null,{"$f":"IF($D54<>\"Serviço\",0,IF(AND(AUTOEVENTO=\"Manual\",$M54=1),0,IF(OFFSET(CRONOPLE!$F$14,$M54,AM$13)=\"\",10^12,OFFSET(CRONOPLE!$F$14,$M54,AM$13))))","v":1000000000000},{"$f":"IF($D54<>\"Serviço\",0,IF(AND(AUTOEVENTO=\"Manual\",$M54=1),0,IF(OFFSET(CRONOPLE!$F$14,$M54,AN$13)=\"\",10^12,OFFSET(CRONOPLE!$F$14,$M54,AN$13))))","v":1000000000000},{"$f":"IF($D54<>\"Serviço\",0,IF(AND(AUTOEVENTO=\"Manual\",$M54=1),0,IF(OFFSET(CRONOPLE!$F$14,$M54,AO$13)=\"\",10^12,OFFSET(CRONOPLE!$F$14,$M54,AO$13))))","v":1000000000000},{"$f":"IF($D54<>\"Serviço\",0,IF(AND(AUTOEVENTO=\"Manual\",$M54=1),0,IF(OFFSET(CRONOPLE!$F$14,$M54,AP$13)=\"\",10^12,OFFSET(CRONOPLE!$F$14,$M54,AP$13))))","v":1000000000000},{"$f":"IF($D54<>\"Serviço\",0,IF(AND(AUTOEVENTO=\"Manual\",$M54=1),0,IF(OFFSET(CRONOPLE!$F$14,$M54,AQ$13)=\"\",10^12,OFFSET(CRONOPLE!$F$14,$M54,AQ$13))))","v":1000000000000},{"$f":"IF($D54<>\"Serviço\",0,IF(AND(AUTOEVENTO=\"Manual\",$M54=1),0,IF(OFFSET(CRONOPLE!$F$14,$M54,AR$13)=\"\",10^12,OFFSET(CRONOPLE!$F$14,$M54,AR$13))))","v":1000000000000},{"$f":"IF($D54<>\"Serviço\",0,IF(AND(AUTOEVENTO=\"Manual\",$M54=1),0,IF(OFFSET(CRONOPLE!$F$14,$M54,AS$13)=\"\",10^12,OFFSET(CRONOPLE!$F$14,$M54,AS$13))))","v":1000000000000},{"$f":"IF($D54<>\"Serviço\",0,IF(AND(AUTOEVENTO=\"Manual\",$M54=1),0,IF(OFFSET(CRONOPLE!$F$14,$M54,AT$13)=\"\",10^12,OFFSET(CRONOPLE!$F$14,$M54,AT$13))))","v":1000000000000},{"$f":"IF($D54<>\"Serviço\",0,IF(AND(AUTOEVENTO=\"Manual\",$M54=1),0,IF(OFFSET(CRONOPLE!$F$14,$M54,AU$13)=\"\",10^12,OFFSET(CRONOPLE!$F$14,$M54,AU$13))))","v":1000000000000},{"$f":"IF($D54<>\"Serviço\",0,IF(AND(AUTOEVENTO=\"Manual\",$M54=1),0,IF(OFFSET(CRONOPLE!$F$14,$M54,AV$13)=\"\",10^12,OFFSET(CRONOPLE!$F$14,$M54,AV$13))))","v":1000000000000},null,{"$f":"IF($D54<>\"Serviço\",0,IF(OR(AND(AUTOEVENTO=\"Manual\",$M54=1),$M54>(ROW(PLE.lastrow)-ROW(PLE.firstrow))),0,IF(OFFSET(PLE!$G$14,$M54,AX$13)=\"\",10^12,OFFSET(PLE!$G$14,$M54,AX$13))))","v":1000000000000},{"$f":"IF($D54<>\"Serviço\",0,IF(OR(AND(AUTOEVENTO=\"Manual\",$M54=1),$M54>(ROW(PLE.lastrow)-ROW(PLE.firstrow))),0,IF(OFFSET(PLE!$G$14,$M54,AY$13)=\"\",10^12,OFFSET(PLE!$G$14,$M54,AY$13))))","v":1000000000000},{"$f":"IF($D54<>\"Serviço\",0,IF(OR(AND(AUTOEVENTO=\"Manual\",$M54=1),$M54>(ROW(PLE.lastrow)-ROW(PLE.firstrow))),0,IF(OFFSET(PLE!$G$14,$M54,AZ$13)=\"\",10^12,OFFSET(PLE!$G$14,$M54,AZ$13))))","v":1000000000000},{"$f":"IF($D54<>\"Serviço\",0,IF(OR(AND(AUTOEVENTO=\"Manual\",$M54=1),$M54>(ROW(PLE.lastrow)-ROW(PLE.firstrow))),0,IF(OFFSET(PLE!$G$14,$M54,BA$13)=\"\",10^12,OFFSET(PLE!$G$14,$M54,BA$13))))","v":1000000000000},{"$f":"IF($D54<>\"Serviço\",0,IF(OR(AND(AUTOEVENTO=\"Manual\",$M54=1),$M54>(ROW(PLE.lastrow)-ROW(PLE.firstrow))),0,IF(OFFSET(PLE!$G$14,$M54,BB$13)=\"\",10^12,OFFSET(PLE!$G$14,$M54,BB$13))))","v":1000000000000},{"$f":"IF($D54<>\"Serviço\",0,IF(OR(AND(AUTOEVENTO=\"Manual\",$M54=1),$M54>(ROW(PLE.lastrow)-ROW(PLE.firstrow))),0,IF(OFFSET(PLE!$G$14,$M54,BC$13)=\"\",10^12,OFFSET(PLE!$G$14,$M54,BC$13))))","v":1000000000000},{"$f":"IF($D54<>\"Serviço\",0,IF(OR(AND(AUTOEVENTO=\"Manual\",$M54=1),$M54>(ROW(PLE.lastrow)-ROW(PLE.firstrow))),0,IF(OFFSET(PLE!$G$14,$M54,BD$13)=\"\",10^12,OFFSET(PLE!$G$14,$M54,BD$13))))","v":1000000000000},{"$f":"IF($D54<>\"Serviço\",0,IF(OR(AND(AUTOEVENTO=\"Manual\",$M54=1),$M54>(ROW(PLE.lastrow)-ROW(PLE.firstrow))),0,IF(OFFSET(PLE!$G$14,$M54,BE$13)=\"\",10^12,OFFSET(PLE!$G$14,$M54,BE$13))))","v":1000000000000},{"$f":"IF($D54<>\"Serviço\",0,IF(OR(AND(AUTOEVENTO=\"Manual\",$M54=1),$M54>(ROW(PLE.lastrow)-ROW(PLE.firstrow))),0,IF(OFFSET(PLE!$G$14,$M54,BF$13)=\"\",10^12,OFFSET(PLE!$G$14,$M54,BF$13))))","v":1000000000000},{"$f":"IF($D54<>\"Serviço\",0,IF(OR(AND(AUTOEVENTO=\"Manual\",$M54=1),$M54>(ROW(PLE.lastrow)-ROW(PLE.firstrow))),0,IF(OFFSET(PLE!$G$14,$M54,BG$13)=\"\",10^12,OFFSET(PLE!$G$14,$M54,BG$13))))","v":1000000000000}]
["36",{"$f":"OFFSET(ORÇAMENTO!C$15,ROW(B55)-ROW(B$15),0)","v":"S"},{"$f":"OFFSET(ORÇAMENTO!L$15,ROW(C55)-ROW(C$15),0)","v":"F"},{"$f":"OFFSET(ORÇAMENTO!N$15,ROW(D55)-ROW(D$15),0)","v":"Serviço"},{"$f":"OFFSET(ORÇAMENTO!O$15,ROW(E55)-ROW(E$15),0)","v":"1.8.1.3."},{"$f":"OFFSET(ORÇAMENTO!R$15,ROW(F55)-ROW(F$15),0)","v":"CHAPISCO APLICADO EM ALVENARIA (COM PRESENÇA DE VÃOS) E ESTRUTURAS DE CONCRETO DE FACHADA, COM COLHER DE PEDREIRO.  ARGAMASSA TRAÇO 1:3 COM PREPARO EM BETONEIRA 400L. AF_10/2022"},{"$f":"IF($D55<>\"Serviço\",\"\",OFFSET(ORÇAMENTO!S$15,ROW(G55)-ROW(G$15),0))","v":"M2"},{"$f":"IF($D55<>\"Serviço\",0,IF(ACOMPANHAMENTO=\"BM\",ROUND(OFFSET(ORÇAMENTO!AJ$15,ROW(H55)-ROW(H$15),0),15-13*ORÇAMENTO!$AF$7),SUMPRODUCT(($Q$12:$AA$12<>\"\")*ROUND($Q55:$AA55,15-13*ORÇAMENTO!$AF$7))))","v":344.72},"ÁREA EXTERNA DESCONTADO TODOS OS VÃOS",null,null,".",{"$f":"IF($D55<>\"Serviço\",\"\",IF(AUTOEVENTO=\"manual\",$A55,IF(ISERROR(MATCH($A55,$A$15:OFFSET($A55,-1,0),0)),MAX($M$15:OFFSET(M55,-1,0))+1,INDEX($M$15:OFFSET(M55,-1,0),MATCH($A55,$A$15:OFFSET($A55,-1,0),0)))))","v":9},{"$f":"IF($D55<>\"Serviço\",\"\",IF(AUTOEVENTO=\"Manual\",IF($A55=0,\"<-- defina o número do agrupador\",OFFSET(EVENTOS!$D$14,$A55,0)),OFFSET($F$15,$A55,0)))","v":"PAINÉIS E PAREDES"},null,null,{"$f":"(107.1677*3.14+((8.15+7.65)*0.45)+((5.66+8.15+18.09+1.87)*0.23)+3.67+4.67+0.5+2.73+2.73+0.5+1.6+3.16+8.3+(1.84*(13.09)))-(1.1*2.7)-(2.7*1.72)-(18*(1.5*1.2))-(1.5*0.9)-(3*(1.6*0.4))-(5*(0.8*0.4))-(2*1.1*1.2)-2.94-8.15","v":344.71527800000013},null,null,null,null,null,null,null,null,null,null,{"$f":"IF(AND($D55=\"Serviço\",AB$12<>0,$H55>0,OR(AUTOEVENTO<>\"manual\",$M55<>1)),\nIF(Import.TipoArredondamento<>\"TransfereGOV\",\nROUND(OFFSET($P55,0,AB$13),15-13*ORÇAMENTO!$AF$7)/$H55*OFFSET(ORÇAMENTO!$X$15,ROW(AB55)-ROW(AB$15),0),\nROUND(ROUND(OFFSET($P55,0,AB$13),15-13*ORÇAMENTO!$AF$7)*OFFSET(ORÇAMENTO!$W$15,ROW(AB55)-ROW(AB$15),0),15-13*ORÇAMENTO!$AF$11)),0)","v":3330},{"$f":"IF(AND($D55=\"Serviço\",AC$12<>0,$H55>0,OR(AUTOEVENTO<>\"manual\",$M55<>1)),\nIF(Import.TipoArredondamento<>\"TransfereGOV\",\nROUND(OFFSET($P55,0,AC$13),15-13*ORÇAMENTO!$AF$7)/$H55*OFFSET(ORÇAMENTO!$X$15,ROW(AC55)-ROW(AC$15),0),\nROUND(ROUND(OFFSET($P55,0,AC$13),15-13*ORÇAMENTO!$AF$7)*OFFSET(ORÇAMENTO!$W$15,ROW(AC55)-ROW(AC$15),0),15-13*ORÇAMENTO!$AF$11)),0)","v":0},{"$f":"IF(AND($D55=\"Serviço\",AD$12<>0,$H55>0,OR(AUTOEVENTO<>\"manual\",$M55<>1)),\nIF(Import.TipoArredondamento<>\"TransfereGOV\",\nROUND(OFFSET($P55,0,AD$13),15-13*ORÇAMENTO!$AF$7)/$H55*OFFSET(ORÇAMENTO!$X$15,ROW(AD55)-ROW(AD$15),0),\nROUND(ROUND(OFFSET($P55,0,AD$13),15-13*ORÇAMENTO!$AF$7)*OFFSET(ORÇAMENTO!$W$15,ROW(AD55)-ROW(AD$15),0),15-13*ORÇAMENTO!$AF$11)),0)","v":0},{"$f":"IF(AND($D55=\"Serviço\",AE$12<>0,$H55>0,OR(AUTOEVENTO<>\"manual\",$M55<>1)),\nIF(Import.TipoArredondamento<>\"TransfereGOV\",\nROUND(OFFSET($P55,0,AE$13),15-13*ORÇAMENTO!$AF$7)/$H55*OFFSET(ORÇAMENTO!$X$15,ROW(AE55)-ROW(AE$15),0),\nROUND(ROUND(OFFSET($P55,0,AE$13),15-13*ORÇAMENTO!$AF$7)*OFFSET(ORÇAMENTO!$W$15,ROW(AE55)-ROW(AE$15),0),15-13*ORÇAMENTO!$AF$11)),0)","v":0},{"$f":"IF(AND($D55=\"Serviço\",AF$12<>0,$H55>0,OR(AUTOEVENTO<>\"manual\",$M55<>1)),\nIF(Import.TipoArredondamento<>\"TransfereGOV\",\nROUND(OFFSET($P55,0,AF$13),15-13*ORÇAMENTO!$AF$7)/$H55*OFFSET(ORÇAMENTO!$X$15,ROW(AF55)-ROW(AF$15),0),\nROUND(ROUND(OFFSET($P55,0,AF$13),15-13*ORÇAMENTO!$AF$7)*OFFSET(ORÇAMENTO!$W$15,ROW(AF55)-ROW(AF$15),0),15-13*ORÇAMENTO!$AF$11)),0)","v":0},{"$f":"IF(AND($D55=\"Serviço\",AG$12<>0,$H55>0,OR(AUTOEVENTO<>\"manual\",$M55<>1)),\nIF(Import.TipoArredondamento<>\"TransfereGOV\",\nROUND(OFFSET($P55,0,AG$13),15-13*ORÇAMENTO!$AF$7)/$H55*OFFSET(ORÇAMENTO!$X$15,ROW(AG55)-ROW(AG$15),0),\nROUND(ROUND(OFFSET($P55,0,AG$13),15-13*ORÇAMENTO!$AF$7)*OFFSET(ORÇAMENTO!$W$15,ROW(AG55)-ROW(AG$15),0),15-13*ORÇAMENTO!$AF$11)),0)","v":0},{"$f":"IF(AND($D55=\"Serviço\",AH$12<>0,$H55>0,OR(AUTOEVENTO<>\"manual\",$M55<>1)),\nIF(Import.TipoArredondamento<>\"TransfereGOV\",\nROUND(OFFSET($P55,0,AH$13),15-13*ORÇAMENTO!$AF$7)/$H55*OFFSET(ORÇAMENTO!$X$15,ROW(AH55)-ROW(AH$15),0),\nROUND(ROUND(OFFSET($P55,0,AH$13),15-13*ORÇAMENTO!$AF$7)*OFFSET(ORÇAMENTO!$W$15,ROW(AH55)-ROW(AH$15),0),15-13*ORÇAMENTO!$AF$11)),0)","v":0},{"$f":"IF(AND($D55=\"Serviço\",AI$12<>0,$H55>0,OR(AUTOEVENTO<>\"manual\",$M55<>1)),\nIF(Import.TipoArredondamento<>\"TransfereGOV\",\nROUND(OFFSET($P55,0,AI$13),15-13*ORÇAMENTO!$AF$7)/$H55*OFFSET(ORÇAMENTO!$X$15,ROW(AI55)-ROW(AI$15),0),\nROUND(ROUND(OFFSET($P55,0,AI$13),15-13*ORÇAMENTO!$AF$7)*OFFSET(ORÇAMENTO!$W$15,ROW(AI55)-ROW(AI$15),0),15-13*ORÇAMENTO!$AF$11)),0)","v":0},{"$f":"IF(AND($D55=\"Serviço\",AJ$12<>0,$H55>0,OR(AUTOEVENTO<>\"manual\",$M55<>1)),\nIF(Import.TipoArredondamento<>\"TransfereGOV\",\nROUND(OFFSET($P55,0,AJ$13),15-13*ORÇAMENTO!$AF$7)/$H55*OFFSET(ORÇAMENTO!$X$15,ROW(AJ55)-ROW(AJ$15),0),\nROUND(ROUND(OFFSET($P55,0,AJ$13),15-13*ORÇAMENTO!$AF$7)*OFFSET(ORÇAMENTO!$W$15,ROW(AJ55)-ROW(AJ$15),0),15-13*ORÇAMENTO!$AF$11)),0)","v":0},{"$f":"IF(AND($D55=\"Serviço\",AK$12<>0,$H55>0,OR(AUTOEVENTO<>\"manual\",$M55<>1)),\nIF(Import.TipoArredondamento<>\"TransfereGOV\",\nROUND(OFFSET($P55,0,AK$13),15-13*ORÇAMENTO!$AF$7)/$H55*OFFSET(ORÇAMENTO!$X$15,ROW(AK55)-ROW(AK$15),0),\nROUND(ROUND(OFFSET($P55,0,AK$13),15-13*ORÇAMENTO!$AF$7)*OFFSET(ORÇAMENTO!$W$15,ROW(AK55)-ROW(AK$15),0),15-13*ORÇAMENTO!$AF$11)),0)","v":0},null,{"$f":"IF($D55<>\"Serviço\",0,IF(AND(AUTOEVENTO=\"Manual\",$M55=1),0,IF(OFFSET(CRONOPLE!$F$14,$M55,AM$13)=\"\",10^12,OFFSET(CRONOPLE!$F$14,$M55,AM$13))))","v":1000000000000},{"$f":"IF($D55<>\"Serviço\",0,IF(AND(AUTOEVENTO=\"Manual\",$M55=1),0,IF(OFFSET(CRONOPLE!$F$14,$M55,AN$13)=\"\",10^12,OFFSET(CRONOPLE!$F$14,$M55,AN$13))))","v":1000000000000},{"$f":"IF($D55<>\"Serviço\",0,IF(AND(AUTOEVENTO=\"Manual\",$M55=1),0,IF(OFFSET(CRONOPLE!$F$14,$M55,AO$13)=\"\",10^12,OFFSET(CRONOPLE!$F$14,$M55,AO$13))))","v":1000000000000},{"$f":"IF($D55<>\"Serviço\",0,IF(AND(AUTOEVENTO=\"Manual\",$M55=1),0,IF(OFFSET(CRONOPLE!$F$14,$M55,AP$13)=\"\",10^12,OFFSET(CRONOPLE!$F$14,$M55,AP$13))))","v":1000000000000},{"$f":"IF($D55<>\"Serviço\",0,IF(AND(AUTOEVENTO=\"Manual\",$M55=1),0,IF(OFFSET(CRONOPLE!$F$14,$M55,AQ$13)=\"\",10^12,OFFSET(CRONOPLE!$F$14,$M55,AQ$13))))","v":1000000000000},{"$f":"IF($D55<>\"Serviço\",0,IF(AND(AUTOEVENTO=\"Manual\",$M55=1),0,IF(OFFSET(CRONOPLE!$F$14,$M55,AR$13)=\"\",10^12,OFFSET(CRONOPLE!$F$14,$M55,AR$13))))","v":1000000000000},{"$f":"IF($D55<>\"Serviço\",0,IF(AND(AUTOEVENTO=\"Manual\",$M55=1),0,IF(OFFSET(CRONOPLE!$F$14,$M55,AS$13)=\"\",10^12,OFFSET(CRONOPLE!$F$14,$M55,AS$13))))","v":1000000000000},{"$f":"IF($D55<>\"Serviço\",0,IF(AND(AUTOEVENTO=\"Manual\",$M55=1),0,IF(OFFSET(CRONOPLE!$F$14,$M55,AT$13)=\"\",10^12,OFFSET(CRONOPLE!$F$14,$M55,AT$13))))","v":1000000000000},{"$f":"IF($D55<>\"Serviço\",0,IF(AND(AUTOEVENTO=\"Manual\",$M55=1),0,IF(OFFSET(CRONOPLE!$F$14,$M55,AU$13)=\"\",10^12,OFFSET(CRONOPLE!$F$14,$M55,AU$13))))","v":1000000000000},{"$f":"IF($D55<>\"Serviço\",0,IF(AND(AUTOEVENTO=\"Manual\",$M55=1),0,IF(OFFSET(CRONOPLE!$F$14,$M55,AV$13)=\"\",10^12,OFFSET(CRONOPLE!$F$14,$M55,AV$13))))","v":1000000000000},null,{"$f":"IF($D55<>\"Serviço\",0,IF(OR(AND(AUTOEVENTO=\"Manual\",$M55=1),$M55>(ROW(PLE.lastrow)-ROW(PLE.firstrow))),0,IF(OFFSET(PLE!$G$14,$M55,AX$13)=\"\",10^12,OFFSET(PLE!$G$14,$M55,AX$13))))","v":1000000000000},{"$f":"IF($D55<>\"Serviço\",0,IF(OR(AND(AUTOEVENTO=\"Manual\",$M55=1),$M55>(ROW(PLE.lastrow)-ROW(PLE.firstrow))),0,IF(OFFSET(PLE!$G$14,$M55,AY$13)=\"\",10^12,OFFSET(PLE!$G$14,$M55,AY$13))))","v":1000000000000},{"$f":"IF($D55<>\"Serviço\",0,IF(OR(AND(AUTOEVENTO=\"Manual\",$M55=1),$M55>(ROW(PLE.lastrow)-ROW(PLE.firstrow))),0,IF(OFFSET(PLE!$G$14,$M55,AZ$13)=\"\",10^12,OFFSET(PLE!$G$14,$M55,AZ$13))))","v":1000000000000},{"$f":"IF($D55<>\"Serviço\",0,IF(OR(AND(AUTOEVENTO=\"Manual\",$M55=1),$M55>(ROW(PLE.lastrow)-ROW(PLE.firstrow))),0,IF(OFFSET(PLE!$G$14,$M55,BA$13)=\"\",10^12,OFFSET(PLE!$G$14,$M55,BA$13))))","v":1000000000000},{"$f":"IF($D55<>\"Serviço\",0,IF(OR(AND(AUTOEVENTO=\"Manual\",$M55=1),$M55>(ROW(PLE.lastrow)-ROW(PLE.firstrow))),0,IF(OFFSET(PLE!$G$14,$M55,BB$13)=\"\",10^12,OFFSET(PLE!$G$14,$M55,BB$13))))","v":1000000000000},{"$f":"IF($D55<>\"Serviço\",0,IF(OR(AND(AUTOEVENTO=\"Manual\",$M55=1),$M55>(ROW(PLE.lastrow)-ROW(PLE.firstrow))),0,IF(OFFSET(PLE!$G$14,$M55,BC$13)=\"\",10^12,OFFSET(PLE!$G$14,$M55,BC$13))))","v":1000000000000},{"$f":"IF($D55<>\"Serviço\",0,IF(OR(AND(AUTOEVENTO=\"Manual\",$M55=1),$M55>(ROW(PLE.lastrow)-ROW(PLE.firstrow))),0,IF(OFFSET(PLE!$G$14,$M55,BD$13)=\"\",10^12,OFFSET(PLE!$G$14,$M55,BD$13))))","v":1000000000000},{"$f":"IF($D55<>\"Serviço\",0,IF(OR(AND(AUTOEVENTO=\"Manual\",$M55=1),$M55>(ROW(PLE.lastrow)-ROW(PLE.firstrow))),0,IF(OFFSET(PLE!$G$14,$M55,BE$13)=\"\",10^12,OFFSET(PLE!$G$14,$M55,BE$13))))","v":1000000000000},{"$f":"IF($D55<>\"Serviço\",0,IF(OR(AND(AUTOEVENTO=\"Manual\",$M55=1),$M55>(ROW(PLE.lastrow)-ROW(PLE.firstrow))),0,IF(OFFSET(PLE!$G$14,$M55,BF$13)=\"\",10^12,OFFSET(PLE!$G$14,$M55,BF$13))))","v":1000000000000},{"$f":"IF($D55<>\"Serviço\",0,IF(OR(AND(AUTOEVENTO=\"Manual\",$M55=1),$M55>(ROW(PLE.lastrow)-ROW(PLE.firstrow))),0,IF(OFFSET(PLE!$G$14,$M55,BG$13)=\"\",10^12,OFFSET(PLE!$G$14,$M55,BG$13))))","v":1000000000000}]
["36",{"$f":"OFFSET(ORÇAMENTO!C$15,ROW(B56)-ROW(B$15),0)","v":"S"},{"$f":"OFFSET(ORÇAMENTO!L$15,ROW(C56)-ROW(C$15),0)","v":"F"},{"$f":"OFFSET(ORÇAMENTO!N$15,ROW(D56)-ROW(D$15),0)","v":"Serviço"},{"$f":"OFFSET(ORÇAMENTO!O$15,ROW(E56)-ROW(E$15),0)","v":"1.8.1.4."},{"$f":"OFFSET(ORÇAMENTO!R$15,ROW(F56)-ROW(F$15),0)","v":"EMBOÇO OU MASSA ÚNICA EM ARGAMASSA TRAÇO 1:2:8, PREPARO MECÂNICO COM BETONEIRA 400 L, APLICADA MANUALMENTE EM PANOS CEGOS DE FACHADA, ESPESSURA DE 25 MM. AF_08/2022"},{"$f":"IF($D56<>\"Serviço\",\"\",OFFSET(ORÇAMENTO!S$15,ROW(G56)-ROW(G$15),0))","v":"M2"},{"$f":"IF($D56<>\"Serviço\",0,IF(ACOMPANHAMENTO=\"BM\",ROUND(OFFSET(ORÇAMENTO!AJ$15,ROW(H56)-ROW(H$15),0),15-13*ORÇAMENTO!$AF$7),SUMPRODUCT(($Q$12:$AA$12<>\"\")*ROUND($Q56:$AA56,15-13*ORÇAMENTO!$AF$7))))","v":344.72},"ÁREA EXTERNA DESCONTADO ÁREAS DE ABERTURAS",null,null,".",{"$f":"IF($D56<>\"Serviço\",\"\",IF(AUTOEVENTO=\"manual\",$A56,IF(ISERROR(MATCH($A56,$A$15:OFFSET($A56,-1,0),0)),MAX($M$15:OFFSET(M56,-1,0))+1,INDEX($M$15:OFFSET(M56,-1,0),MATCH($A56,$A$15:OFFSET($A56,-1,0),0)))))","v":9},{"$f":"IF($D56<>\"Serviço\",\"\",IF(AUTOEVENTO=\"Manual\",IF($A56=0,\"<-- defina o número do agrupador\",OFFSET(EVENTOS!$D$14,$A56,0)),OFFSET($F$15,$A56,0)))","v":"PAINÉIS E PAREDES"},null,null,{"$f":"(107.1677*3.14+((8.15+7.65)*0.45)+((5.66+8.15+18.09+1.87)*0.23)+3.67+4.67+0.5+2.73+2.73+0.5+1.6+3.16+8.3+(1.84*(13.09)))-(1.1*2.7)-(2.7*1.72)-(18*(1.5*1.2))-(1.5*0.9)-(3*(1.6*0.4))-(5*(0.8*0.4))-(2*1.1*1.2)-2.94-8.15","v":344.71527800000013},null,null,null,null,null,null,null,null,null,null,{"$f":"IF(AND($D56=\"Serviço\",AB$12<>0,$H56>0,OR(AUTOEVENTO<>\"manual\",$M56<>1)),\nIF(Import.TipoArredondamento<>\"TransfereGOV\",\nROUND(OFFSET($P56,0,AB$13),15-13*ORÇAMENTO!$AF$7)/$H56*OFFSET(ORÇAMENTO!$X$15,ROW(AB56)-ROW(AB$15),0),\nROUND(ROUND(OFFSET($P56,0,AB$13),15-13*ORÇAMENTO!$AF$7)*OFFSET(ORÇAMENTO!$W$15,ROW(AB56)-ROW(AB$15),0),15-13*ORÇAMENTO!$AF$11)),0)","v":16787.86},{"$f":"IF(AND($D56=\"Serviço\",AC$12<>0,$H56>0,OR(AUTOEVENTO<>\"manual\",$M56<>1)),\nIF(Import.TipoArredondamento<>\"TransfereGOV\",\nROUND(OFFSET($P56,0,AC$13),15-13*ORÇAMENTO!$AF$7)/$H56*OFFSET(ORÇAMENTO!$X$15,ROW(AC56)-ROW(AC$15),0),\nROUND(ROUND(OFFSET($P56,0,AC$13),15-13*ORÇAMENTO!$AF$7)*OFFSET(ORÇAMENTO!$W$15,ROW(AC56)-ROW(AC$15),0),15-13*ORÇAMENTO!$AF$11)),0)","v":0},{"$f":"IF(AND($D56=\"Serviço\",AD$12<>0,$H56>0,OR(AUTOEVENTO<>\"manual\",$M56<>1)),\nIF(Import.TipoArredondamento<>\"TransfereGOV\",\nROUND(OFFSET($P56,0,AD$13),15-13*ORÇAMENTO!$AF$7)/$H56*OFFSET(ORÇAMENTO!$X$15,ROW(AD56)-ROW(AD$15),0),\nROUND(ROUND(OFFSET($P56,0,AD$13),15-13*ORÇAMENTO!$AF$7)*OFFSET(ORÇAMENTO!$W$15,ROW(AD56)-ROW(AD$15),0),15-13*ORÇAMENTO!$AF$11)),0)","v":0},{"$f":"IF(AND($D56=\"Serviço\",AE$12<>0,$H56>0,OR(AUTOEVENTO<>\"manual\",$M56<>1)),\nIF(Import.TipoArredondamento<>\"TransfereGOV\",\nROUND(OFFSET($P56,0,AE$13),15-13*ORÇAMENTO!$AF$7)/$H56*OFFSET(ORÇAMENTO!$X$15,ROW(AE56)-ROW(AE$15),0),\nROUND(ROUND(OFFSET($P56,0,AE$13),15-13*ORÇAMENTO!$AF$7)*OFFSET(ORÇAMENTO!$W$15,ROW(AE56)-ROW(AE$15),0),15-13*ORÇAMENTO!$AF$11)),0)","v":0},{"$f":"IF(AND($D56=\"Serviço\",AF$12<>0,$H56>0,OR(AUTOEVENTO<>\"manual\",$M56<>1)),\nIF(Import.TipoArredondamento<>\"TransfereGOV\",\nROUND(OFFSET($P56,0,AF$13),15-13*ORÇAMENTO!$AF$7)/$H56*OFFSET(ORÇAMENTO!$X$15,ROW(AF56)-ROW(AF$15),0),\nROUND(ROUND(OFFSET($P56,0,AF$13),15-13*ORÇAMENTO!$AF$7)*OFFSET(ORÇAMENTO!$W$15,ROW(AF56)-ROW(AF$15),0),15-13*ORÇAMENTO!$AF$11)),0)","v":0},{"$f":"IF(AND($D56=\"Serviço\",AG$12<>0,$H56>0,OR(AUTOEVENTO<>\"manual\",$M56<>1)),\nIF(Import.TipoArredondamento<>\"TransfereGOV\",\nROUND(OFFSET($P56,0,AG$13),15-13*ORÇAMENTO!$AF$7)/$H56*OFFSET(ORÇAMENTO!$X$15,ROW(AG56)-ROW(AG$15),0),\nROUND(ROUND(OFFSET($P56,0,AG$13),15-13*ORÇAMENTO!$AF$7)*OFFSET(ORÇAMENTO!$W$15,ROW(AG56)-ROW(AG$15),0),15-13*ORÇAMENTO!$AF$11)),0)","v":0},{"$f":"IF(AND($D56=\"Serviço\",AH$12<>0,$H56>0,OR(AUTOEVENTO<>\"manual\",$M56<>1)),\nIF(Import.TipoArredondamento<>\"TransfereGOV\",\nROUND(OFFSET($P56,0,AH$13),15-13*ORÇAMENTO!$AF$7)/$H56*OFFSET(ORÇAMENTO!$X$15,ROW(AH56)-ROW(AH$15),0),\nROUND(ROUND(OFFSET($P56,0,AH$13),15-13*ORÇAMENTO!$AF$7)*OFFSET(ORÇAMENTO!$W$15,ROW(AH56)-ROW(AH$15),0),15-13*ORÇAMENTO!$AF$11)),0)","v":0},{"$f":"IF(AND($D56=\"Serviço\",AI$12<>0,$H56>0,OR(AUTOEVENTO<>\"manual\",$M56<>1)),\nIF(Import.TipoArredondamento<>\"TransfereGOV\",\nROUND(OFFSET($P56,0,AI$13),15-13*ORÇAMENTO!$AF$7)/$H56*OFFSET(ORÇAMENTO!$X$15,ROW(AI56)-ROW(AI$15),0),\nROUND(ROUND(OFFSET($P56,0,AI$13),15-13*ORÇAMENTO!$AF$7)*OFFSET(ORÇAMENTO!$W$15,ROW(AI56)-ROW(AI$15),0),15-13*ORÇAMENTO!$AF$11)),0)","v":0},{"$f":"IF(AND($D56=\"Serviço\",AJ$12<>0,$H56>0,OR(AUTOEVENTO<>\"manual\",$M56<>1)),\nIF(Import.TipoArredondamento<>\"TransfereGOV\",\nROUND(OFFSET($P56,0,AJ$13),15-13*ORÇAMENTO!$AF$7)/$H56*OFFSET(ORÇAMENTO!$X$15,ROW(AJ56)-ROW(AJ$15),0),\nROUND(ROUND(OFFSET($P56,0,AJ$13),15-13*ORÇAMENTO!$AF$7)*OFFSET(ORÇAMENTO!$W$15,ROW(AJ56)-ROW(AJ$15),0),15-13*ORÇAMENTO!$AF$11)),0)","v":0},{"$f":"IF(AND($D56=\"Serviço\",AK$12<>0,$H56>0,OR(AUTOEVENTO<>\"manual\",$M56<>1)),\nIF(Import.TipoArredondamento<>\"TransfereGOV\",\nROUND(OFFSET($P56,0,AK$13),15-13*ORÇAMENTO!$AF$7)/$H56*OFFSET(ORÇAMENTO!$X$15,ROW(AK56)-ROW(AK$15),0),\nROUND(ROUND(OFFSET($P56,0,AK$13),15-13*ORÇAMENTO!$AF$7)*OFFSET(ORÇAMENTO!$W$15,ROW(AK56)-ROW(AK$15),0),15-13*ORÇAMENTO!$AF$11)),0)","v":0},null,{"$f":"IF($D56<>\"Serviço\",0,IF(AND(AUTOEVENTO=\"Manual\",$M56=1),0,IF(OFFSET(CRONOPLE!$F$14,$M56,AM$13)=\"\",10^12,OFFSET(CRONOPLE!$F$14,$M56,AM$13))))","v":1000000000000},{"$f":"IF($D56<>\"Serviço\",0,IF(AND(AUTOEVENTO=\"Manual\",$M56=1),0,IF(OFFSET(CRONOPLE!$F$14,$M56,AN$13)=\"\",10^12,OFFSET(CRONOPLE!$F$14,$M56,AN$13))))","v":1000000000000},{"$f":"IF($D56<>\"Serviço\",0,IF(AND(AUTOEVENTO=\"Manual\",$M56=1),0,IF(OFFSET(CRONOPLE!$F$14,$M56,AO$13)=\"\",10^12,OFFSET(CRONOPLE!$F$14,$M56,AO$13))))","v":1000000000000},{"$f":"IF($D56<>\"Serviço\",0,IF(AND(AUTOEVENTO=\"Manual\",$M56=1),0,IF(OFFSET(CRONOPLE!$F$14,$M56,AP$13)=\"\",10^12,OFFSET(CRONOPLE!$F$14,$M56,AP$13))))","v":1000000000000},{"$f":"IF($D56<>\"Serviço\",0,IF(AND(AUTOEVENTO=\"Manual\",$M56=1),0,IF(OFFSET(CRONOPLE!$F$14,$M56,AQ$13)=\"\",10^12,OFFSET(CRONOPLE!$F$14,$M56,AQ$13))))","v":1000000000000},{"$f":"IF($D56<>\"Serviço\",0,IF(AND(AUTOEVENTO=\"Manual\",$M56=1),0,IF(OFFSET(CRONOPLE!$F$14,$M56,AR$13)=\"\",10^12,OFFSET(CRONOPLE!$F$14,$M56,AR$13))))","v":1000000000000},{"$f":"IF($D56<>\"Serviço\",0,IF(AND(AUTOEVENTO=\"Manual\",$M56=1),0,IF(OFFSET(CRONOPLE!$F$14,$M56,AS$13)=\"\",10^12,OFFSET(CRONOPLE!$F$14,$M56,AS$13))))","v":1000000000000},{"$f":"IF($D56<>\"Serviço\",0,IF(AND(AUTOEVENTO=\"Manual\",$M56=1),0,IF(OFFSET(CRONOPLE!$F$14,$M56,AT$13)=\"\",10^12,OFFSET(CRONOPLE!$F$14,$M56,AT$13))))","v":1000000000000},{"$f":"IF($D56<>\"Serviço\",0,IF(AND(AUTOEVENTO=\"Manual\",$M56=1),0,IF(OFFSET(CRONOPLE!$F$14,$M56,AU$13)=\"\",10^12,OFFSET(CRONOPLE!$F$14,$M56,AU$13))))","v":1000000000000},{"$f":"IF($D56<>\"Serviço\",0,IF(AND(AUTOEVENTO=\"Manual\",$M56=1),0,IF(OFFSET(CRONOPLE!$F$14,$M56,AV$13)=\"\",10^12,OFFSET(CRONOPLE!$F$14,$M56,AV$13))))","v":1000000000000},null,{"$f":"IF($D56<>\"Serviço\",0,IF(OR(AND(AUTOEVENTO=\"Manual\",$M56=1),$M56>(ROW(PLE.lastrow)-ROW(PLE.firstrow))),0,IF(OFFSET(PLE!$G$14,$M56,AX$13)=\"\",10^12,OFFSET(PLE!$G$14,$M56,AX$13))))","v":1000000000000},{"$f":"IF($D56<>\"Serviço\",0,IF(OR(AND(AUTOEVENTO=\"Manual\",$M56=1),$M56>(ROW(PLE.lastrow)-ROW(PLE.firstrow))),0,IF(OFFSET(PLE!$G$14,$M56,AY$13)=\"\",10^12,OFFSET(PLE!$G$14,$M56,AY$13))))","v":1000000000000},{"$f":"IF($D56<>\"Serviço\",0,IF(OR(AND(AUTOEVENTO=\"Manual\",$M56=1),$M56>(ROW(PLE.lastrow)-ROW(PLE.firstrow))),0,IF(OFFSET(PLE!$G$14,$M56,AZ$13)=\"\",10^12,OFFSET(PLE!$G$14,$M56,AZ$13))))","v":1000000000000},{"$f":"IF($D56<>\"Serviço\",0,IF(OR(AND(AUTOEVENTO=\"Manual\",$M56=1),$M56>(ROW(PLE.lastrow)-ROW(PLE.firstrow))),0,IF(OFFSET(PLE!$G$14,$M56,BA$13)=\"\",10^12,OFFSET(PLE!$G$14,$M56,BA$13))))","v":1000000000000},{"$f":"IF($D56<>\"Serviço\",0,IF(OR(AND(AUTOEVENTO=\"Manual\",$M56=1),$M56>(ROW(PLE.lastrow)-ROW(PLE.firstrow))),0,IF(OFFSET(PLE!$G$14,$M56,BB$13)=\"\",10^12,OFFSET(PLE!$G$14,$M56,BB$13))))","v":1000000000000},{"$f":"IF($D56<>\"Serviço\",0,IF(OR(AND(AUTOEVENTO=\"Manual\",$M56=1),$M56>(ROW(PLE.lastrow)-ROW(PLE.firstrow))),0,IF(OFFSET(PLE!$G$14,$M56,BC$13)=\"\",10^12,OFFSET(PLE!$G$14,$M56,BC$13))))","v":1000000000000},{"$f":"IF($D56<>\"Serviço\",0,IF(OR(AND(AUTOEVENTO=\"Manual\",$M56=1),$M56>(ROW(PLE.lastrow)-ROW(PLE.firstrow))),0,IF(OFFSET(PLE!$G$14,$M56,BD$13)=\"\",10^12,OFFSET(PLE!$G$14,$M56,BD$13))))","v":1000000000000},{"$f":"IF($D56<>\"Serviço\",0,IF(OR(AND(AUTOEVENTO=\"Manual\",$M56=1),$M56>(ROW(PLE.lastrow)-ROW(PLE.firstrow))),0,IF(OFFSET(PLE!$G$14,$M56,BE$13)=\"\",10^12,OFFSET(PLE!$G$14,$M56,BE$13))))","v":1000000000000},{"$f":"IF($D56<>\"Serviço\",0,IF(OR(AND(AUTOEVENTO=\"Manual\",$M56=1),$M56>(ROW(PLE.lastrow)-ROW(PLE.firstrow))),0,IF(OFFSET(PLE!$G$14,$M56,BF$13)=\"\",10^12,OFFSET(PLE!$G$14,$M56,BF$13))))","v":1000000000000},{"$f":"IF($D56<>\"Serviço\",0,IF(OR(AND(AUTOEVENTO=\"Manual\",$M56=1),$M56>(ROW(PLE.lastrow)-ROW(PLE.firstrow))),0,IF(OFFSET(PLE!$G$14,$M56,BG$13)=\"\",10^12,OFFSET(PLE!$G$14,$M56,BG$13))))","v":1000000000000}]
[{"$f":"IF(AUTOEVENTO=\"Manual\",IF(K57<>\"\",MIN(VALUE(LEFT(K57,FIND(\".\",K57)-1)),COUNTA(EVENTOS.Lista)),0),IF(OR($B57>AUTOEVENTO,$B57=\"S\",$B57=0),SUBSTITUTE(OFFSET($A57,-1,0),IF($D57=\"Serviço\",\".\",\"\"),\"\"),ROW(A57)-ROW($A$15)&\".\"))","v":"36"},{"$f":"OFFSET(ORÇAMENTO!C$15,ROW(B57)-ROW(B$15),0)","v":3},{"$f":"OFFSET(ORÇAMENTO!L$15,ROW(C57)-ROW(C$15),0)","v":"F"},{"$f":"OFFSET(ORÇAMENTO!N$15,ROW(D57)-ROW(D$15),0)","v":"Nível 3"},{"$f":"OFFSET(ORÇAMENTO!O$15,ROW(E57)-ROW(E$15),0)","v":"1.8.2."},{"$f":"OFFSET(ORÇAMENTO!R$15,ROW(F57)-ROW(F$15),0)","v":"INTERNAS"},{"$f":"IF($D57<>\"Serviço\",\"\",OFFSET(ORÇAMENTO!S$15,ROW(G57)-ROW(G$15),0))","v":""},{"$f":"IF($D57<>\"Serviço\",0,IF(ACOMPANHAMENTO=\"BM\",ROUND(OFFSET(ORÇAMENTO!AJ$15,ROW(H57)-ROW(H$15),0),15-13*ORÇAMENTO!$AF$7),SUMPRODUCT(($Q$12:$AA$12<>\"\")*ROUND($Q57:$AA57,15-13*ORÇAMENTO!$AF$7))))","v":0},null,null,null,".",{"$f":"IF($D57<>\"Serviço\",\"\",IF(AUTOEVENTO=\"manual\",$A57,IF(ISERROR(MATCH($A57,$A$15:OFFSET($A57,-1,0),0)),MAX($M$15:OFFSET(M57,-1,0))+1,INDEX($M$15:OFFSET(M57,-1,0),MATCH($A57,$A$15:OFFSET($A57,-1,0),0)))))","v":""},{"$f":"IF($D57<>\"Serviço\",\"\",IF(AUTOEVENTO=\"Manual\",IF($A57=0,\"<-- defina o número do agrupador\",OFFSET(EVENTOS!$D$14,$A57,0)),OFFSET($F$15,$A57,0)))","v":""},null,null,null,null,null,null,null,null,null,null,null,null,null,{"$f":"IF(AND($D57=\"Serviço\",AB$12<>0,$H57>0,OR(AUTOEVENTO<>\"manual\",$M57<>1)),\nIF(Import.TipoArredondamento<>\"TransfereGOV\",\nROUND(OFFSET($P57,0,AB$13),15-13*ORÇAMENTO!$AF$7)/$H57*OFFSET(ORÇAMENTO!$X$15,ROW(AB57)-ROW(AB$15),0),\nROUND(ROUND(OFFSET($P57,0,AB$13),15-13*ORÇAMENTO!$AF$7)*OFFSET(ORÇAMENTO!$W$15,ROW(AB57)-ROW(AB$15),0),15-13*ORÇAMENTO!$AF$11)),0)","v":0},{"$f":"IF(AND($D57=\"Serviço\",AC$12<>0,$H57>0,OR(AUTOEVENTO<>\"manual\",$M57<>1)),\nIF(Import.TipoArredondamento<>\"TransfereGOV\",\nROUND(OFFSET($P57,0,AC$13),15-13*ORÇAMENTO!$AF$7)/$H57*OFFSET(ORÇAMENTO!$X$15,ROW(AC57)-ROW(AC$15),0),\nROUND(ROUND(OFFSET($P57,0,AC$13),15-13*ORÇAMENTO!$AF$7)*OFFSET(ORÇAMENTO!$W$15,ROW(AC57)-ROW(AC$15),0),15-13*ORÇAMENTO!$AF$11)),0)","v":0},{"$f":"IF(AND($D57=\"Serviço\",AD$12<>0,$H57>0,OR(AUTOEVENTO<>\"manual\",$M57<>1)),\nIF(Import.TipoArredondamento<>\"TransfereGOV\",\nROUND(OFFSET($P57,0,AD$13),15-13*ORÇAMENTO!$AF$7)/$H57*OFFSET(ORÇAMENTO!$X$15,ROW(AD57)-ROW(AD$15),0),\nROUND(ROUND(OFFSET($P57,0,AD$13),15-13*ORÇAMENTO!$AF$7)*OFFSET(ORÇAMENTO!$W$15,ROW(AD57)-ROW(AD$15),0),15-13*ORÇAMENTO!$AF$11)),0)","v":0},{"$f":"IF(AND($D57=\"Serviço\",AE$12<>0,$H57>0,OR(AUTOEVENTO<>\"manual\",$M57<>1)),\nIF(Import.TipoArredondamento<>\"TransfereGOV\",\nROUND(OFFSET($P57,0,AE$13),15-13*ORÇAMENTO!$AF$7)/$H57*OFFSET(ORÇAMENTO!$X$15,ROW(AE57)-ROW(AE$15),0),\nROUND(ROUND(OFFSET($P57,0,AE$13),15-13*ORÇAMENTO!$AF$7)*OFFSET(ORÇAMENTO!$W$15,ROW(AE57)-ROW(AE$15),0),15-13*ORÇAMENTO!$AF$11)),0)","v":0},{"$f":"IF(AND($D57=\"Serviço\",AF$12<>0,$H57>0,OR(AUTOEVENTO<>\"manual\",$M57<>1)),\nIF(Import.TipoArredondamento<>\"TransfereGOV\",\nROUND(OFFSET($P57,0,AF$13),15-13*ORÇAMENTO!$AF$7)/$H57*OFFSET(ORÇAMENTO!$X$15,ROW(AF57)-ROW(AF$15),0),\nROUND(ROUND(OFFSET($P57,0,AF$13),15-13*ORÇAMENTO!$AF$7)*OFFSET(ORÇAMENTO!$W$15,ROW(AF57)-ROW(AF$15),0),15-13*ORÇAMENTO!$AF$11)),0)","v":0},{"$f":"IF(AND($D57=\"Serviço\",AG$12<>0,$H57>0,OR(AUTOEVENTO<>\"manual\",$M57<>1)),\nIF(Import.TipoArredondamento<>\"TransfereGOV\",\nROUND(OFFSET($P57,0,AG$13),15-13*ORÇAMENTO!$AF$7)/$H57*OFFSET(ORÇAMENTO!$X$15,ROW(AG57)-ROW(AG$15),0),\nROUND(ROUND(OFFSET($P57,0,AG$13),15-13*ORÇAMENTO!$AF$7)*OFFSET(ORÇAMENTO!$W$15,ROW(AG57)-ROW(AG$15),0),15-13*ORÇAMENTO!$AF$11)),0)","v":0},{"$f":"IF(AND($D57=\"Serviço\",AH$12<>0,$H57>0,OR(AUTOEVENTO<>\"manual\",$M57<>1)),\nIF(Import.TipoArredondamento<>\"TransfereGOV\",\nROUND(OFFSET($P57,0,AH$13),15-13*ORÇAMENTO!$AF$7)/$H57*OFFSET(ORÇAMENTO!$X$15,ROW(AH57)-ROW(AH$15),0),\nROUND(ROUND(OFFSET($P57,0,AH$13),15-13*ORÇAMENTO!$AF$7)*OFFSET(ORÇAMENTO!$W$15,ROW(AH57)-ROW(AH$15),0),15-13*ORÇAMENTO!$AF$11)),0)","v":0},{"$f":"IF(AND($D57=\"Serviço\",AI$12<>0,$H57>0,OR(AUTOEVENTO<>\"manual\",$M57<>1)),\nIF(Import.TipoArredondamento<>\"TransfereGOV\",\nROUND(OFFSET($P57,0,AI$13),15-13*ORÇAMENTO!$AF$7)/$H57*OFFSET(ORÇAMENTO!$X$15,ROW(AI57)-ROW(AI$15),0),\nROUND(ROUND(OFFSET($P57,0,AI$13),15-13*ORÇAMENTO!$AF$7)*OFFSET(ORÇAMENTO!$W$15,ROW(AI57)-ROW(AI$15),0),15-13*ORÇAMENTO!$AF$11)),0)","v":0},{"$f":"IF(AND($D57=\"Serviço\",AJ$12<>0,$H57>0,OR(AUTOEVENTO<>\"manual\",$M57<>1)),\nIF(Import.TipoArredondamento<>\"TransfereGOV\",\nROUND(OFFSET($P57,0,AJ$13),15-13*ORÇAMENTO!$AF$7)/$H57*OFFSET(ORÇAMENTO!$X$15,ROW(AJ57)-ROW(AJ$15),0),\nROUND(ROUND(OFFSET($P57,0,AJ$13),15-13*ORÇAMENTO!$AF$7)*OFFSET(ORÇAMENTO!$W$15,ROW(AJ57)-ROW(AJ$15),0),15-13*ORÇAMENTO!$AF$11)),0)","v":0},{"$f":"IF(AND($D57=\"Serviço\",AK$12<>0,$H57>0,OR(AUTOEVENTO<>\"manual\",$M57<>1)),\nIF(Import.TipoArredondamento<>\"TransfereGOV\",\nROUND(OFFSET($P57,0,AK$13),15-13*ORÇAMENTO!$AF$7)/$H57*OFFSET(ORÇAMENTO!$X$15,ROW(AK57)-ROW(AK$15),0),\nROUND(ROUND(OFFSET($P57,0,AK$13),15-13*ORÇAMENTO!$AF$7)*OFFSET(ORÇAMENTO!$W$15,ROW(AK57)-ROW(AK$15),0),15-13*ORÇAMENTO!$AF$11)),0)","v":0},null,{"$f":"IF($D57<>\"Serviço\",0,IF(AND(AUTOEVENTO=\"Manual\",$M57=1),0,IF(OFFSET(CRONOPLE!$F$14,$M57,AM$13)=\"\",10^12,OFFSET(CRONOPLE!$F$14,$M57,AM$13))))","v":0},{"$f":"IF($D57<>\"Serviço\",0,IF(AND(AUTOEVENTO=\"Manual\",$M57=1),0,IF(OFFSET(CRONOPLE!$F$14,$M57,AN$13)=\"\",10^12,OFFSET(CRONOPLE!$F$14,$M57,AN$13))))","v":0},{"$f":"IF($D57<>\"Serviço\",0,IF(AND(AUTOEVENTO=\"Manual\",$M57=1),0,IF(OFFSET(CRONOPLE!$F$14,$M57,AO$13)=\"\",10^12,OFFSET(CRONOPLE!$F$14,$M57,AO$13))))","v":0},{"$f":"IF($D57<>\"Serviço\",0,IF(AND(AUTOEVENTO=\"Manual\",$M57=1),0,IF(OFFSET(CRONOPLE!$F$14,$M57,AP$13)=\"\",10^12,OFFSET(CRONOPLE!$F$14,$M57,AP$13))))","v":0},{"$f":"IF($D57<>\"Serviço\",0,IF(AND(AUTOEVENTO=\"Manual\",$M57=1),0,IF(OFFSET(CRONOPLE!$F$14,$M57,AQ$13)=\"\",10^12,OFFSET(CRONOPLE!$F$14,$M57,AQ$13))))","v":0},{"$f":"IF($D57<>\"Serviço\",0,IF(AND(AUTOEVENTO=\"Manual\",$M57=1),0,IF(OFFSET(CRONOPLE!$F$14,$M57,AR$13)=\"\",10^12,OFFSET(CRONOPLE!$F$14,$M57,AR$13))))","v":0},{"$f":"IF($D57<>\"Serviço\",0,IF(AND(AUTOEVENTO=\"Manual\",$M57=1),0,IF(OFFSET(CRONOPLE!$F$14,$M57,AS$13)=\"\",10^12,OFFSET(CRONOPLE!$F$14,$M57,AS$13))))","v":0},{"$f":"IF($D57<>\"Serviço\",0,IF(AND(AUTOEVENTO=\"Manual\",$M57=1),0,IF(OFFSET(CRONOPLE!$F$14,$M57,AT$13)=\"\",10^12,OFFSET(CRONOPLE!$F$14,$M57,AT$13))))","v":0},{"$f":"IF($D57<>\"Serviço\",0,IF(AND(AUTOEVENTO=\"Manual\",$M57=1),0,IF(OFFSET(CRONOPLE!$F$14,$M57,AU$13)=\"\",10^12,OFFSET(CRONOPLE!$F$14,$M57,AU$13))))","v":0},{"$f":"IF($D57<>\"Serviço\",0,IF(AND(AUTOEVENTO=\"Manual\",$M57=1),0,IF(OFFSET(CRONOPLE!$F$14,$M57,AV$13)=\"\",10^12,OFFSET(CRONOPLE!$F$14,$M57,AV$13))))","v":0},null,{"$f":"IF($D57<>\"Serviço\",0,IF(OR(AND(AUTOEVENTO=\"Manual\",$M57=1),$M57>(ROW(PLE.lastrow)-ROW(PLE.firstrow))),0,IF(OFFSET(PLE!$G$14,$M57,AX$13)=\"\",10^12,OFFSET(PLE!$G$14,$M57,AX$13))))","v":0},{"$f":"IF($D57<>\"Serviço\",0,IF(OR(AND(AUTOEVENTO=\"Manual\",$M57=1),$M57>(ROW(PLE.lastrow)-ROW(PLE.firstrow))),0,IF(OFFSET(PLE!$G$14,$M57,AY$13)=\"\",10^12,OFFSET(PLE!$G$14,$M57,AY$13))))","v":0},{"$f":"IF($D57<>\"Serviço\",0,IF(OR(AND(AUTOEVENTO=\"Manual\",$M57=1),$M57>(ROW(PLE.lastrow)-ROW(PLE.firstrow))),0,IF(OFFSET(PLE!$G$14,$M57,AZ$13)=\"\",10^12,OFFSET(PLE!$G$14,$M57,AZ$13))))","v":0},{"$f":"IF($D57<>\"Serviço\",0,IF(OR(AND(AUTOEVENTO=\"Manual\",$M57=1),$M57>(ROW(PLE.lastrow)-ROW(PLE.firstrow))),0,IF(OFFSET(PLE!$G$14,$M57,BA$13)=\"\",10^12,OFFSET(PLE!$G$14,$M57,BA$13))))","v":0},{"$f":"IF($D57<>\"Serviço\",0,IF(OR(AND(AUTOEVENTO=\"Manual\",$M57=1),$M57>(ROW(PLE.lastrow)-ROW(PLE.firstrow))),0,IF(OFFSET(PLE!$G$14,$M57,BB$13)=\"\",10^12,OFFSET(PLE!$G$14,$M57,BB$13))))","v":0},{"$f":"IF($D57<>\"Serviço\",0,IF(OR(AND(AUTOEVENTO=\"Manual\",$M57=1),$M57>(ROW(PLE.lastrow)-ROW(PLE.firstrow))),0,IF(OFFSET(PLE!$G$14,$M57,BC$13)=\"\",10^12,OFFSET(PLE!$G$14,$M57,BC$13))))","v":0},{"$f":"IF($D57<>\"Serviço\",0,IF(OR(AND(AUTOEVENTO=\"Manual\",$M57=1),$M57>(ROW(PLE.lastrow)-ROW(PLE.firstrow))),0,IF(OFFSET(PLE!$G$14,$M57,BD$13)=\"\",10^12,OFFSET(PLE!$G$14,$M57,BD$13))))","v":0},{"$f":"IF($D57<>\"Serviço\",0,IF(OR(AND(AUTOEVENTO=\"Manual\",$M57=1),$M57>(ROW(PLE.lastrow)-ROW(PLE.firstrow))),0,IF(OFFSET(PLE!$G$14,$M57,BE$13)=\"\",10^12,OFFSET(PLE!$G$14,$M57,BE$13))))","v":0},{"$f":"IF($D57<>\"Serviço\",0,IF(OR(AND(AUTOEVENTO=\"Manual\",$M57=1),$M57>(ROW(PLE.lastrow)-ROW(PLE.firstrow))),0,IF(OFFSET(PLE!$G$14,$M57,BF$13)=\"\",10^12,OFFSET(PLE!$G$14,$M57,BF$13))))","v":0},{"$f":"IF($D57<>\"Serviço\",0,IF(OR(AND(AUTOEVENTO=\"Manual\",$M57=1),$M57>(ROW(PLE.lastrow)-ROW(PLE.firstrow))),0,IF(OFFSET(PLE!$G$14,$M57,BG$13)=\"\",10^12,OFFSET(PLE!$G$14,$M57,BG$13))))","v":0}]
["36",{"$f":"OFFSET(ORÇAMENTO!C$15,ROW(B58)-ROW(B$15),0)","v":"S"},{"$f":"OFFSET(ORÇAMENTO!L$15,ROW(C58)-ROW(C$15),0)","v":"F"},{"$f":"OFFSET(ORÇAMENTO!N$15,ROW(D58)-ROW(D$15),0)","v":"Serviço"},{"$f":"OFFSET(ORÇAMENTO!O$15,ROW(E58)-ROW(E$15),0)","v":"1.8.2.1."},{"$f":"OFFSET(ORÇAMENTO!R$15,ROW(F58)-ROW(F$15),0)","v":"CHAPISCO APLICADO EM ALVENARIAS E ESTRUTURAS DE CONCRETO INTERNAS, COM COLHER DE PEDREIRO.  ARGAMASSA TRAÇO 1:3 COM PREPARO EM BETONEIRA 400L. AF_10/2022"},{"$f":"IF($D58<>\"Serviço\",\"\",OFFSET(ORÇAMENTO!S$15,ROW(G58)-ROW(G$15),0))","v":"M2"},{"$f":"IF($D58<>\"Serviço\",0,IF(ACOMPANHAMENTO=\"BM\",ROUND(OFFSET(ORÇAMENTO!AJ$15,ROW(H58)-ROW(H$15),0),15-13*ORÇAMENTO!$AF$7),SUMPRODUCT(($Q$12:$AA$12<>\"\")*ROUND($Q58:$AA58,15-13*ORÇAMENTO!$AF$7))))","v":853.87},"ÁREA DO CHAPISCO INTERNO DESCONTANDO TODOS OS VÃOS",null,null,".",{"$f":"IF($D58<>\"Serviço\",\"\",IF(AUTOEVENTO=\"manual\",$A58,IF(ISERROR(MATCH($A58,$A$15:OFFSET($A58,-1,0),0)),MAX($M$15:OFFSET(M58,-1,0))+1,INDEX($M$15:OFFSET(M58,-1,0),MATCH($A58,$A$15:OFFSET($A58,-1,0),0)))))","v":9},{"$f":"IF($D58<>\"Serviço\",\"\",IF(AUTOEVENTO=\"Manual\",IF($A58=0,\"<-- defina o número do agrupador\",OFFSET(EVENTOS!$D$14,$A58,0)),OFFSET($F$15,$A58,0)))","v":"PAINÉIS E PAREDES"},null,null,{"$f":"(6.165*3)-(1.1*2.72)-(0.34*1.2)-(1.73*2.72)-(1.6*2.1)+(25.44*3)-(1.6*2.1)-(0.8*2.1*4)-(1.25*2.1)-(1.1*1.2)+(16.84*3)-(1.5*1.2*2)-(0.8*2.1)+(22.14*3)-(1.5*1.2*2)-(0.8*2.1)+(20.5*3)-(0.8*2.1)-(1.5*1.2*3)+(12.25*3)-(0.8*2.1)-(1.1*1.2)+(12*3)-(0.8*2.1)-(1.5*1.2)+(12.472*3)-(1.6*0.4)-(0.8*2.1)+(2.7*2.8*4)+(8.88*3*2)-(0.8*2.1*2)-(0.8*0.4*2)+(12.47*3)-(1.6*0.4)-(0.8*2.1)+(27.9*3)-(1.5*1.2*6)-(0.8*2.1)+(26.9*3)-(0.8*2.1)-(1.5*1.2*6)+(9.5*3*2)-(0.8*2.1*2)-(0.8*0.4*2)+(18.03*3)-(0.8*2.1*4)-(1.5*1.2)-(2.05*2.1)-(2.1*1.4)+(20.547*3)-(0.8*2.1*4)-(2.05*2.1)-(1.2*1)-(1.25*2.1)-(0.6*2.1)-(1.25*2.1)+(16.14*3)-(1.25*2.1)-(0.8*2.1*4)-(0.6*2.1)+(6.23*3)-(0.6*2.1)-(0.8*0.4)+(15.192*3)-(0.8*2.1*2)-(1.5*0.9)-(1.2*1)-(0.6*2.1)+(12.64*3)-(0.8*2.1)-(1.6*0.4)+(8.63*3)-(0.8*2.1)-(3.03*2.72)-10.8","v":853.87080000000026},null,null,null,null,null,null,null,null,null,null,{"$f":"IF(AND($D58=\"Serviço\",AB$12<>0,$H58>0,OR(AUTOEVENTO<>\"manual\",$M58<>1)),\nIF(Import.TipoArredondamento<>\"TransfereGOV\",\nROUND(OFFSET($P58,0,AB$13),15-13*ORÇAMENTO!$AF$7)/$H58*OFFSET(ORÇAMENTO!$X$15,ROW(AB58)-ROW(AB$15),0),\nROUND(ROUND(OFFSET($P58,0,AB$13),15-13*ORÇAMENTO!$AF$7)*OFFSET(ORÇAMENTO!$W$15,ROW(AB58)-ROW(AB$15),0),15-13*ORÇAMENTO!$AF$11)),0)","v":4738.9799999999996},{"$f":"IF(AND($D58=\"Serviço\",AC$12<>0,$H58>0,OR(AUTOEVENTO<>\"manual\",$M58<>1)),\nIF(Import.TipoArredondamento<>\"TransfereGOV\",\nROUND(OFFSET($P58,0,AC$13),15-13*ORÇAMENTO!$AF$7)/$H58*OFFSET(ORÇAMENTO!$X$15,ROW(AC58)-ROW(AC$15),0),\nROUND(ROUND(OFFSET($P58,0,AC$13),15-13*ORÇAMENTO!$AF$7)*OFFSET(ORÇAMENTO!$W$15,ROW(AC58)-ROW(AC$15),0),15-13*ORÇAMENTO!$AF$11)),0)","v":0},{"$f":"IF(AND($D58=\"Serviço\",AD$12<>0,$H58>0,OR(AUTOEVENTO<>\"manual\",$M58<>1)),\nIF(Import.TipoArredondamento<>\"TransfereGOV\",\nROUND(OFFSET($P58,0,AD$13),15-13*ORÇAMENTO!$AF$7)/$H58*OFFSET(ORÇAMENTO!$X$15,ROW(AD58)-ROW(AD$15),0),\nROUND(ROUND(OFFSET($P58,0,AD$13),15-13*ORÇAMENTO!$AF$7)*OFFSET(ORÇAMENTO!$W$15,ROW(AD58)-ROW(AD$15),0),15-13*ORÇAMENTO!$AF$11)),0)","v":0},{"$f":"IF(AND($D58=\"Serviço\",AE$12<>0,$H58>0,OR(AUTOEVENTO<>\"manual\",$M58<>1)),\nIF(Import.TipoArredondamento<>\"TransfereGOV\",\nROUND(OFFSET($P58,0,AE$13),15-13*ORÇAMENTO!$AF$7)/$H58*OFFSET(ORÇAMENTO!$X$15,ROW(AE58)-ROW(AE$15),0),\nROUND(ROUND(OFFSET($P58,0,AE$13),15-13*ORÇAMENTO!$AF$7)*OFFSET(ORÇAMENTO!$W$15,ROW(AE58)-ROW(AE$15),0),15-13*ORÇAMENTO!$AF$11)),0)","v":0},{"$f":"IF(AND($D58=\"Serviço\",AF$12<>0,$H58>0,OR(AUTOEVENTO<>\"manual\",$M58<>1)),\nIF(Import.TipoArredondamento<>\"TransfereGOV\",\nROUND(OFFSET($P58,0,AF$13),15-13*ORÇAMENTO!$AF$7)/$H58*OFFSET(ORÇAMENTO!$X$15,ROW(AF58)-ROW(AF$15),0),\nROUND(ROUND(OFFSET($P58,0,AF$13),15-13*ORÇAMENTO!$AF$7)*OFFSET(ORÇAMENTO!$W$15,ROW(AF58)-ROW(AF$15),0),15-13*ORÇAMENTO!$AF$11)),0)","v":0},{"$f":"IF(AND($D58=\"Serviço\",AG$12<>0,$H58>0,OR(AUTOEVENTO<>\"manual\",$M58<>1)),\nIF(Import.TipoArredondamento<>\"TransfereGOV\",\nROUND(OFFSET($P58,0,AG$13),15-13*ORÇAMENTO!$AF$7)/$H58*OFFSET(ORÇAMENTO!$X$15,ROW(AG58)-ROW(AG$15),0),\nROUND(ROUND(OFFSET($P58,0,AG$13),15-13*ORÇAMENTO!$AF$7)*OFFSET(ORÇAMENTO!$W$15,ROW(AG58)-ROW(AG$15),0),15-13*ORÇAMENTO!$AF$11)),0)","v":0},{"$f":"IF(AND($D58=\"Serviço\",AH$12<>0,$H58>0,OR(AUTOEVENTO<>\"manual\",$M58<>1)),\nIF(Import.TipoArredondamento<>\"TransfereGOV\",\nROUND(OFFSET($P58,0,AH$13),15-13*ORÇAMENTO!$AF$7)/$H58*OFFSET(ORÇAMENTO!$X$15,ROW(AH58)-ROW(AH$15),0),\nROUND(ROUND(OFFSET($P58,0,AH$13),15-13*ORÇAMENTO!$AF$7)*OFFSET(ORÇAMENTO!$W$15,ROW(AH58)-ROW(AH$15),0),15-13*ORÇAMENTO!$AF$11)),0)","v":0},{"$f":"IF(AND($D58=\"Serviço\",AI$12<>0,$H58>0,OR(AUTOEVENTO<>\"manual\",$M58<>1)),\nIF(Import.TipoArredondamento<>\"TransfereGOV\",\nROUND(OFFSET($P58,0,AI$13),15-13*ORÇAMENTO!$AF$7)/$H58*OFFSET(ORÇAMENTO!$X$15,ROW(AI58)-ROW(AI$15),0),\nROUND(ROUND(OFFSET($P58,0,AI$13),15-13*ORÇAMENTO!$AF$7)*OFFSET(ORÇAMENTO!$W$15,ROW(AI58)-ROW(AI$15),0),15-13*ORÇAMENTO!$AF$11)),0)","v":0},{"$f":"IF(AND($D58=\"Serviço\",AJ$12<>0,$H58>0,OR(AUTOEVENTO<>\"manual\",$M58<>1)),\nIF(Import.TipoArredondamento<>\"TransfereGOV\",\nROUND(OFFSET($P58,0,AJ$13),15-13*ORÇAMENTO!$AF$7)/$H58*OFFSET(ORÇAMENTO!$X$15,ROW(AJ58)-ROW(AJ$15),0),\nROUND(ROUND(OFFSET($P58,0,AJ$13),15-13*ORÇAMENTO!$AF$7)*OFFSET(ORÇAMENTO!$W$15,ROW(AJ58)-ROW(AJ$15),0),15-13*ORÇAMENTO!$AF$11)),0)","v":0},{"$f":"IF(AND($D58=\"Serviço\",AK$12<>0,$H58>0,OR(AUTOEVENTO<>\"manual\",$M58<>1)),\nIF(Import.TipoArredondamento<>\"TransfereGOV\",\nROUND(OFFSET($P58,0,AK$13),15-13*ORÇAMENTO!$AF$7)/$H58*OFFSET(ORÇAMENTO!$X$15,ROW(AK58)-ROW(AK$15),0),\nROUND(ROUND(OFFSET($P58,0,AK$13),15-13*ORÇAMENTO!$AF$7)*OFFSET(ORÇAMENTO!$W$15,ROW(AK58)-ROW(AK$15),0),15-13*ORÇAMENTO!$AF$11)),0)","v":0},null,{"$f":"IF($D58<>\"Serviço\",0,IF(AND(AUTOEVENTO=\"Manual\",$M58=1),0,IF(OFFSET(CRONOPLE!$F$14,$M58,AM$13)=\"\",10^12,OFFSET(CRONOPLE!$F$14,$M58,AM$13))))","v":1000000000000},{"$f":"IF($D58<>\"Serviço\",0,IF(AND(AUTOEVENTO=\"Manual\",$M58=1),0,IF(OFFSET(CRONOPLE!$F$14,$M58,AN$13)=\"\",10^12,OFFSET(CRONOPLE!$F$14,$M58,AN$13))))","v":1000000000000},{"$f":"IF($D58<>\"Serviço\",0,IF(AND(AUTOEVENTO=\"Manual\",$M58=1),0,IF(OFFSET(CRONOPLE!$F$14,$M58,AO$13)=\"\",10^12,OFFSET(CRONOPLE!$F$14,$M58,AO$13))))","v":1000000000000},{"$f":"IF($D58<>\"Serviço\",0,IF(AND(AUTOEVENTO=\"Manual\",$M58=1),0,IF(OFFSET(CRONOPLE!$F$14,$M58,AP$13)=\"\",10^12,OFFSET(CRONOPLE!$F$14,$M58,AP$13))))","v":1000000000000},{"$f":"IF($D58<>\"Serviço\",0,IF(AND(AUTOEVENTO=\"Manual\",$M58=1),0,IF(OFFSET(CRONOPLE!$F$14,$M58,AQ$13)=\"\",10^12,OFFSET(CRONOPLE!$F$14,$M58,AQ$13))))","v":1000000000000},{"$f":"IF($D58<>\"Serviço\",0,IF(AND(AUTOEVENTO=\"Manual\",$M58=1),0,IF(OFFSET(CRONOPLE!$F$14,$M58,AR$13)=\"\",10^12,OFFSET(CRONOPLE!$F$14,$M58,AR$13))))","v":1000000000000},{"$f":"IF($D58<>\"Serviço\",0,IF(AND(AUTOEVENTO=\"Manual\",$M58=1),0,IF(OFFSET(CRONOPLE!$F$14,$M58,AS$13)=\"\",10^12,OFFSET(CRONOPLE!$F$14,$M58,AS$13))))","v":1000000000000},{"$f":"IF($D58<>\"Serviço\",0,IF(AND(AUTOEVENTO=\"Manual\",$M58=1),0,IF(OFFSET(CRONOPLE!$F$14,$M58,AT$13)=\"\",10^12,OFFSET(CRONOPLE!$F$14,$M58,AT$13))))","v":1000000000000},{"$f":"IF($D58<>\"Serviço\",0,IF(AND(AUTOEVENTO=\"Manual\",$M58=1),0,IF(OFFSET(CRONOPLE!$F$14,$M58,AU$13)=\"\",10^12,OFFSET(CRONOPLE!$F$14,$M58,AU$13))))","v":1000000000000},{"$f":"IF($D58<>\"Serviço\",0,IF(AND(AUTOEVENTO=\"Manual\",$M58=1),0,IF(OFFSET(CRONOPLE!$F$14,$M58,AV$13)=\"\",10^12,OFFSET(CRONOPLE!$F$14,$M58,AV$13))))","v":1000000000000},null,{"$f":"IF($D58<>\"Serviço\",0,IF(OR(AND(AUTOEVENTO=\"Manual\",$M58=1),$M58>(ROW(PLE.lastrow)-ROW(PLE.firstrow))),0,IF(OFFSET(PLE!$G$14,$M58,AX$13)=\"\",10^12,OFFSET(PLE!$G$14,$M58,AX$13))))","v":1000000000000},{"$f":"IF($D58<>\"Serviço\",0,IF(OR(AND(AUTOEVENTO=\"Manual\",$M58=1),$M58>(ROW(PLE.lastrow)-ROW(PLE.firstrow))),0,IF(OFFSET(PLE!$G$14,$M58,AY$13)=\"\",10^12,OFFSET(PLE!$G$14,$M58,AY$13))))","v":1000000000000},{"$f":"IF($D58<>\"Serviço\",0,IF(OR(AND(AUTOEVENTO=\"Manual\",$M58=1),$M58>(ROW(PLE.lastrow)-ROW(PLE.firstrow))),0,IF(OFFSET(PLE!$G$14,$M58,AZ$13)=\"\",10^12,OFFSET(PLE!$G$14,$M58,AZ$13))))","v":1000000000000},{"$f":"IF($D58<>\"Serviço\",0,IF(OR(AND(AUTOEVENTO=\"Manual\",$M58=1),$M58>(ROW(PLE.lastrow)-ROW(PLE.firstrow))),0,IF(OFFSET(PLE!$G$14,$M58,BA$13)=\"\",10^12,OFFSET(PLE!$G$14,$M58,BA$13))))","v":1000000000000},{"$f":"IF($D58<>\"Serviço\",0,IF(OR(AND(AUTOEVENTO=\"Manual\",$M58=1),$M58>(ROW(PLE.lastrow)-ROW(PLE.firstrow))),0,IF(OFFSET(PLE!$G$14,$M58,BB$13)=\"\",10^12,OFFSET(PLE!$G$14,$M58,BB$13))))","v":1000000000000},{"$f":"IF($D58<>\"Serviço\",0,IF(OR(AND(AUTOEVENTO=\"Manual\",$M58=1),$M58>(ROW(PLE.lastrow)-ROW(PLE.firstrow))),0,IF(OFFSET(PLE!$G$14,$M58,BC$13)=\"\",10^12,OFFSET(PLE!$G$14,$M58,BC$13))))","v":1000000000000},{"$f":"IF($D58<>\"Serviço\",0,IF(OR(AND(AUTOEVENTO=\"Manual\",$M58=1),$M58>(ROW(PLE.lastrow)-ROW(PLE.firstrow))),0,IF(OFFSET(PLE!$G$14,$M58,BD$13)=\"\",10^12,OFFSET(PLE!$G$14,$M58,BD$13))))","v":1000000000000},{"$f":"IF($D58<>\"Serviço\",0,IF(OR(AND(AUTOEVENTO=\"Manual\",$M58=1),$M58>(ROW(PLE.lastrow)-ROW(PLE.firstrow))),0,IF(OFFSET(PLE!$G$14,$M58,BE$13)=\"\",10^12,OFFSET(PLE!$G$14,$M58,BE$13))))","v":1000000000000},{"$f":"IF($D58<>\"Serviço\",0,IF(OR(AND(AUTOEVENTO=\"Manual\",$M58=1),$M58>(ROW(PLE.lastrow)-ROW(PLE.firstrow))),0,IF(OFFSET(PLE!$G$14,$M58,BF$13)=\"\",10^12,OFFSET(PLE!$G$14,$M58,BF$13))))","v":1000000000000},{"$f":"IF($D58<>\"Serviço\",0,IF(OR(AND(AUTOEVENTO=\"Manual\",$M58=1),$M58>(ROW(PLE.lastrow)-ROW(PLE.firstrow))),0,IF(OFFSET(PLE!$G$14,$M58,BG$13)=\"\",10^12,OFFSET(PLE!$G$14,$M58,BG$13))))","v":1000000000000}]
["36",{"$f":"OFFSET(ORÇAMENTO!C$15,ROW(B59)-ROW(B$15),0)","v":"S"},{"$f":"OFFSET(ORÇAMENTO!L$15,ROW(C59)-ROW(C$15),0)","v":"F"},{"$f":"OFFSET(ORÇAMENTO!N$15,ROW(D59)-ROW(D$15),0)","v":"Serviço"},{"$f":"OFFSET(ORÇAMENTO!O$15,ROW(E59)-ROW(E$15),0)","v":"1.8.2.2."},{"$f":"OFFSET(ORÇAMENTO!R$15,ROW(F59)-ROW(F$15),0)","v":"EMBOÇO, EM ARGAMASSA TRAÇO 1:2:8, PREPARO MECÂNICO, APLICADO MANUALMENTE EM PAREDES INTERNAS DE AMBIENTES COM ÁREA MENOR QUE 5M², E =17,5MM, COM TALISCAS. AF_03/2024"},{"$f":"IF($D59<>\"Serviço\",\"\",OFFSET(ORÇAMENTO!S$15,ROW(G59)-ROW(G$15),0))","v":"M2"},{"$f":"IF($D59<>\"Serviço\",0,IF(ACOMPANHAMENTO=\"BM\",ROUND(OFFSET(ORÇAMENTO!AJ$15,ROW(H59)-ROW(H$15),0),15-13*ORÇAMENTO!$AF$7),SUMPRODUCT(($Q$12:$AA$12<>\"\")*ROUND($Q59:$AA59,15-13*ORÇAMENTO!$AF$7))))","v":89.39},"ÁREA DO EMBOÇO INTERNO DESCONTANDO TODOS OS VÃOS",null,null,".",{"$f":"IF($D59<>\"Serviço\",\"\",IF(AUTOEVENTO=\"manual\",$A59,IF(ISERROR(MATCH($A59,$A$15:OFFSET($A59,-1,0),0)),MAX($M$15:OFFSET(M59,-1,0))+1,INDEX($M$15:OFFSET(M59,-1,0),MATCH($A59,$A$15:OFFSET($A59,-1,0),0)))))","v":9},{"$f":"IF($D59<>\"Serviço\",\"\",IF(AUTOEVENTO=\"Manual\",IF($A59=0,\"<-- defina o número do agrupador\",OFFSET(EVENTOS!$D$14,$A59,0)),OFFSET($F$15,$A59,0)))","v":"PAINÉIS E PAREDES"},null,null,{"$f":"(6.165*3)-(1.1*2.72)-(0.34*1.2)-(1.73*2.72)-(1.6*2.1)+(8.88*3*2)-(0.8*2.1*2)-(0.8*0.4*2)+(6.23*3)-(0.6*2.1)-(0.8*0.4)+(8.63*3)-(0.8*2.1)-(3.03*2.72)","v":89.387799999999999},null,null,null,null,null,null,null,null,null,null,{"$f":"IF(AND($D59=\"Serviço\",AB$12<>0,$H59>0,OR(AUTOEVENTO<>\"manual\",$M59<>1)),\nIF(Import.TipoArredondamento<>\"TransfereGOV\",\nROUND(OFFSET($P59,0,AB$13),15-13*ORÇAMENTO!$AF$7)/$H59*OFFSET(ORÇAMENTO!$X$15,ROW(AB59)-ROW(AB$15),0),\nROUND(ROUND(OFFSET($P59,0,AB$13),15-13*ORÇAMENTO!$AF$7)*OFFSET(ORÇAMENTO!$W$15,ROW(AB59)-ROW(AB$15),0),15-13*ORÇAMENTO!$AF$11)),0)","v":4202.22},{"$f":"IF(AND($D59=\"Serviço\",AC$12<>0,$H59>0,OR(AUTOEVENTO<>\"manual\",$M59<>1)),\nIF(Import.TipoArredondamento<>\"TransfereGOV\",\nROUND(OFFSET($P59,0,AC$13),15-13*ORÇAMENTO!$AF$7)/$H59*OFFSET(ORÇAMENTO!$X$15,ROW(AC59)-ROW(AC$15),0),\nROUND(ROUND(OFFSET($P59,0,AC$13),15-13*ORÇAMENTO!$AF$7)*OFFSET(ORÇAMENTO!$W$15,ROW(AC59)-ROW(AC$15),0),15-13*ORÇAMENTO!$AF$11)),0)","v":0},{"$f":"IF(AND($D59=\"Serviço\",AD$12<>0,$H59>0,OR(AUTOEVENTO<>\"manual\",$M59<>1)),\nIF(Import.TipoArredondamento<>\"TransfereGOV\",\nROUND(OFFSET($P59,0,AD$13),15-13*ORÇAMENTO!$AF$7)/$H59*OFFSET(ORÇAMENTO!$X$15,ROW(AD59)-ROW(AD$15),0),\nROUND(ROUND(OFFSET($P59,0,AD$13),15-13*ORÇAMENTO!$AF$7)*OFFSET(ORÇAMENTO!$W$15,ROW(AD59)-ROW(AD$15),0),15-13*ORÇAMENTO!$AF$11)),0)","v":0},{"$f":"IF(AND($D59=\"Serviço\",AE$12<>0,$H59>0,OR(AUTOEVENTO<>\"manual\",$M59<>1)),\nIF(Import.TipoArredondamento<>\"TransfereGOV\",\nROUND(OFFSET($P59,0,AE$13),15-13*ORÇAMENTO!$AF$7)/$H59*OFFSET(ORÇAMENTO!$X$15,ROW(AE59)-ROW(AE$15),0),\nROUND(ROUND(OFFSET($P59,0,AE$13),15-13*ORÇAMENTO!$AF$7)*OFFSET(ORÇAMENTO!$W$15,ROW(AE59)-ROW(AE$15),0),15-13*ORÇAMENTO!$AF$11)),0)","v":0},{"$f":"IF(AND($D59=\"Serviço\",AF$12<>0,$H59>0,OR(AUTOEVENTO<>\"manual\",$M59<>1)),\nIF(Import.TipoArredondamento<>\"TransfereGOV\",\nROUND(OFFSET($P59,0,AF$13),15-13*ORÇAMENTO!$AF$7)/$H59*OFFSET(ORÇAMENTO!$X$15,ROW(AF59)-ROW(AF$15),0),\nROUND(ROUND(OFFSET($P59,0,AF$13),15-13*ORÇAMENTO!$AF$7)*OFFSET(ORÇAMENTO!$W$15,ROW(AF59)-ROW(AF$15),0),15-13*ORÇAMENTO!$AF$11)),0)","v":0},{"$f":"IF(AND($D59=\"Serviço\",AG$12<>0,$H59>0,OR(AUTOEVENTO<>\"manual\",$M59<>1)),\nIF(Import.TipoArredondamento<>\"TransfereGOV\",\nROUND(OFFSET($P59,0,AG$13),15-13*ORÇAMENTO!$AF$7)/$H59*OFFSET(ORÇAMENTO!$X$15,ROW(AG59)-ROW(AG$15),0),\nROUND(ROUND(OFFSET($P59,0,AG$13),15-13*ORÇAMENTO!$AF$7)*OFFSET(ORÇAMENTO!$W$15,ROW(AG59)-ROW(AG$15),0),15-13*ORÇAMENTO!$AF$11)),0)","v":0},{"$f":"IF(AND($D59=\"Serviço\",AH$12<>0,$H59>0,OR(AUTOEVENTO<>\"manual\",$M59<>1)),\nIF(Import.TipoArredondamento<>\"TransfereGOV\",\nROUND(OFFSET($P59,0,AH$13),15-13*ORÇAMENTO!$AF$7)/$H59*OFFSET(ORÇAMENTO!$X$15,ROW(AH59)-ROW(AH$15),0),\nROUND(ROUND(OFFSET($P59,0,AH$13),15-13*ORÇAMENTO!$AF$7)*OFFSET(ORÇAMENTO!$W$15,ROW(AH59)-ROW(AH$15),0),15-13*ORÇAMENTO!$AF$11)),0)","v":0},{"$f":"IF(AND($D59=\"Serviço\",AI$12<>0,$H59>0,OR(AUTOEVENTO<>\"manual\",$M59<>1)),\nIF(Import.TipoArredondamento<>\"TransfereGOV\",\nROUND(OFFSET($P59,0,AI$13),15-13*ORÇAMENTO!$AF$7)/$H59*OFFSET(ORÇAMENTO!$X$15,ROW(AI59)-ROW(AI$15),0),\nROUND(ROUND(OFFSET($P59,0,AI$13),15-13*ORÇAMENTO!$AF$7)*OFFSET(ORÇAMENTO!$W$15,ROW(AI59)-ROW(AI$15),0),15-13*ORÇAMENTO!$AF$11)),0)","v":0},{"$f":"IF(AND($D59=\"Serviço\",AJ$12<>0,$H59>0,OR(AUTOEVENTO<>\"manual\",$M59<>1)),\nIF(Import.TipoArredondamento<>\"TransfereGOV\",\nROUND(OFFSET($P59,0,AJ$13),15-13*ORÇAMENTO!$AF$7)/$H59*OFFSET(ORÇAMENTO!$X$15,ROW(AJ59)-ROW(AJ$15),0),\nROUND(ROUND(OFFSET($P59,0,AJ$13),15-13*ORÇAMENTO!$AF$7)*OFFSET(ORÇAMENTO!$W$15,ROW(AJ59)-ROW(AJ$15),0),15-13*ORÇAMENTO!$AF$11)),0)","v":0},{"$f":"IF(AND($D59=\"Serviço\",AK$12<>0,$H59>0,OR(AUTOEVENTO<>\"manual\",$M59<>1)),\nIF(Import.TipoArredondamento<>\"TransfereGOV\",\nROUND(OFFSET($P59,0,AK$13),15-13*ORÇAMENTO!$AF$7)/$H59*OFFSET(ORÇAMENTO!$X$15,ROW(AK59)-ROW(AK$15),0),\nROUND(ROUND(OFFSET($P59,0,AK$13),15-13*ORÇAMENTO!$AF$7)*OFFSET(ORÇAMENTO!$W$15,ROW(AK59)-ROW(AK$15),0),15-13*ORÇAMENTO!$AF$11)),0)","v":0},null,{"$f":"IF($D59<>\"Serviço\",0,IF(AND(AUTOEVENTO=\"Manual\",$M59=1),0,IF(OFFSET(CRONOPLE!$F$14,$M59,AM$13)=\"\",10^12,OFFSET(CRONOPLE!$F$14,$M59,AM$13))))","v":1000000000000},{"$f":"IF($D59<>\"Serviço\",0,IF(AND(AUTOEVENTO=\"Manual\",$M59=1),0,IF(OFFSET(CRONOPLE!$F$14,$M59,AN$13)=\"\",10^12,OFFSET(CRONOPLE!$F$14,$M59,AN$13))))","v":1000000000000},{"$f":"IF($D59<>\"Serviço\",0,IF(AND(AUTOEVENTO=\"Manual\",$M59=1),0,IF(OFFSET(CRONOPLE!$F$14,$M59,AO$13)=\"\",10^12,OFFSET(CRONOPLE!$F$14,$M59,AO$13))))","v":1000000000000},{"$f":"IF($D59<>\"Serviço\",0,IF(AND(AUTOEVENTO=\"Manual\",$M59=1),0,IF(OFFSET(CRONOPLE!$F$14,$M59,AP$13)=\"\",10^12,OFFSET(CRONOPLE!$F$14,$M59,AP$13))))","v":1000000000000},{"$f":"IF($D59<>\"Serviço\",0,IF(AND(AUTOEVENTO=\"Manual\",$M59=1),0,IF(OFFSET(CRONOPLE!$F$14,$M59,AQ$13)=\"\",10^12,OFFSET(CRONOPLE!$F$14,$M59,AQ$13))))","v":1000000000000},{"$f":"IF($D59<>\"Serviço\",0,IF(AND(AUTOEVENTO=\"Manual\",$M59=1),0,IF(OFFSET(CRONOPLE!$F$14,$M59,AR$13)=\"\",10^12,OFFSET(CRONOPLE!$F$14,$M59,AR$13))))","v":1000000000000},{"$f":"IF($D59<>\"Serviço\",0,IF(AND(AUTOEVENTO=\"Manual\",$M59=1),0,IF(OFFSET(CRONOPLE!$F$14,$M59,AS$13)=\"\",10^12,OFFSET(CRONOPLE!$F$14,$M59,AS$13))))","v":1000000000000},{"$f":"IF($D59<>\"Serviço\",0,IF(AND(AUTOEVENTO=\"Manual\",$M59=1),0,IF(OFFSET(CRONOPLE!$F$14,$M59,AT$13)=\"\",10^12,OFFSET(CRONOPLE!$F$14,$M59,AT$13))))","v":1000000000000},{"$f":"IF($D59<>\"Serviço\",0,IF(AND(AUTOEVENTO=\"Manual\",$M59=1),0,IF(OFFSET(CRONOPLE!$F$14,$M59,AU$13)=\"\",10^12,OFFSET(CRONOPLE!$F$14,$M59,AU$13))))","v":1000000000000},{"$f":"IF($D59<>\"Serviço\",0,IF(AND(AUTOEVENTO=\"Manual\",$M59=1),0,IF(OFFSET(CRONOPLE!$F$14,$M59,AV$13)=\"\",10^12,OFFSET(CRONOPLE!$F$14,$M59,AV$13))))","v":1000000000000},null,{"$f":"IF($D59<>\"Serviço\",0,IF(OR(AND(AUTOEVENTO=\"Manual\",$M59=1),$M59>(ROW(PLE.lastrow)-ROW(PLE.firstrow))),0,IF(OFFSET(PLE!$G$14,$M59,AX$13)=\"\",10^12,OFFSET(PLE!$G$14,$M59,AX$13))))","v":1000000000000},{"$f":"IF($D59<>\"Serviço\",0,IF(OR(AND(AUTOEVENTO=\"Manual\",$M59=1),$M59>(ROW(PLE.lastrow)-ROW(PLE.firstrow))),0,IF(OFFSET(PLE!$G$14,$M59,AY$13)=\"\",10^12,OFFSET(PLE!$G$14,$M59,AY$13))))","v":1000000000000},{"$f":"IF($D59<>\"Serviço\",0,IF(OR(AND(AUTOEVENTO=\"Manual\",$M59=1),$M59>(ROW(PLE.lastrow)-ROW(PLE.firstrow))),0,IF(OFFSET(PLE!$G$14,$M59,AZ$13)=\"\",10^12,OFFSET(PLE!$G$14,$M59,AZ$13))))","v":1000000000000},{"$f":"IF($D59<>\"Serviço\",0,IF(OR(AND(AUTOEVENTO=\"Manual\",$M59=1),$M59>(ROW(PLE.lastrow)-ROW(PLE.firstrow))),0,IF(OFFSET(PLE!$G$14,$M59,BA$13)=\"\",10^12,OFFSET(PLE!$G$14,$M59,BA$13))))","v":1000000000000},{"$f":"IF($D59<>\"Serviço\",0,IF(OR(AND(AUTOEVENTO=\"Manual\",$M59=1),$M59>(ROW(PLE.lastrow)-ROW(PLE.firstrow))),0,IF(OFFSET(PLE!$G$14,$M59,BB$13)=\"\",10^12,OFFSET(PLE!$G$14,$M59,BB$13))))","v":1000000000000},{"$f":"IF($D59<>\"Serviço\",0,IF(OR(AND(AUTOEVENTO=\"Manual\",$M59=1),$M59>(ROW(PLE.lastrow)-ROW(PLE.firstrow))),0,IF(OFFSET(PLE!$G$14,$M59,BC$13)=\"\",10^12,OFFSET(PLE!$G$14,$M59,BC$13))))","v":1000000000000},{"$f":"IF($D59<>\"Serviço\",0,IF(OR(AND(AUTOEVENTO=\"Manual\",$M59=1),$M59>(ROW(PLE.lastrow)-ROW(PLE.firstrow))),0,IF(OFFSET(PLE!$G$14,$M59,BD$13)=\"\",10^12,OFFSET(PLE!$G$14,$M59,BD$13))))","v":1000000000000},{"$f":"IF($D59<>\"Serviço\",0,IF(OR(AND(AUTOEVENTO=\"Manual\",$M59=1),$M59>(ROW(PLE.lastrow)-ROW(PLE.firstrow))),0,IF(OFFSET(PLE!$G$14,$M59,BE$13)=\"\",10^12,OFFSET(PLE!$G$14,$M59,BE$13))))","v":1000000000000},{"$f":"IF($D59<>\"Serviço\",0,IF(OR(AND(AUTOEVENTO=\"Manual\",$M59=1),$M59>(ROW(PLE.lastrow)-ROW(PLE.firstrow))),0,IF(OFFSET(PLE!$G$14,$M59,BF$13)=\"\",10^12,OFFSET(PLE!$G$14,$M59,BF$13))))","v":1000000000000},{"$f":"IF($D59<>\"Serviço\",0,IF(OR(AND(AUTOEVENTO=\"Manual\",$M59=1),$M59>(ROW(PLE.lastrow)-ROW(PLE.firstrow))),0,IF(OFFSET(PLE!$G$14,$M59,BG$13)=\"\",10^12,OFFSET(PLE!$G$14,$M59,BG$13))))","v":1000000000000}]
["36",{"$f":"OFFSET(ORÇAMENTO!C$15,ROW(B60)-ROW(B$15),0)","v":"S"},{"$f":"OFFSET(ORÇAMENTO!L$15,ROW(C60)-ROW(C$15),0)","v":"F"},{"$f":"OFFSET(ORÇAMENTO!N$15,ROW(D60)-ROW(D$15),0)","v":"Serviço"},{"$f":"OFFSET(ORÇAMENTO!O$15,ROW(E60)-ROW(E$15),0)","v":"1.8.2.3."},{"$f":"OFFSET(ORÇAMENTO!R$15,ROW(F60)-ROW(F$15),0)","v":"EMBOÇO, EM ARGAMASSA TRAÇO 1:2:8, PREPARO MECÂNICO, APLICADO MANUALMENTE EM PAREDES INTERNAS DE AMBIENTES COM ÁREA ENTRE 5M² E 10M², E = 17,5MM, COM TALISCAS. AF_03/2024"},{"$f":"IF($D60<>\"Serviço\",\"\",OFFSET(ORÇAMENTO!S$15,ROW(G60)-ROW(G$15),0))","v":"M2"},{"$f":"IF($D60<>\"Serviço\",0,IF(ACOMPANHAMENTO=\"BM\",ROUND(OFFSET(ORÇAMENTO!AJ$15,ROW(H60)-ROW(H$15),0),15-13*ORÇAMENTO!$AF$7),SUMPRODUCT(($Q$12:$AA$12<>\"\")*ROUND($Q60:$AA60,15-13*ORÇAMENTO!$AF$7))))","v":157.09},"ÁREA DO EMBOÇO INTERNO DESCONTANDO TODOS OS VÃOS",null,null,".",{"$f":"IF($D60<>\"Serviço\",\"\",IF(AUTOEVENTO=\"manual\",$A60,IF(ISERROR(MATCH($A60,$A$15:OFFSET($A60,-1,0),0)),MAX($M$15:OFFSET(M60,-1,0))+1,INDEX($M$15:OFFSET(M60,-1,0),MATCH($A60,$A$15:OFFSET($A60,-1,0),0)))))","v":9},{"$f":"IF($D60<>\"Serviço\",\"\",IF(AUTOEVENTO=\"Manual\",IF($A60=0,\"<-- defina o número do agrupador\",OFFSET(EVENTOS!$D$14,$A60,0)),OFFSET($F$15,$A60,0)))","v":"PAINÉIS E PAREDES"},null,null,{"$f":"(16.14*3)-(1.25*2.1)-(0.8*2.1*4)-(0.6*2.1)+(12.25*3)-(0.8*2.1)-(1.1*1.2)+(12*3)-(0.8*2.1)-(1.5*1.2)+(9.5*3*2)-(0.8*2.1*2)-(0.8*0.4*2)","v":157.08499999999998},null,null,null,null,null,null,null,null,null,null,{"$f":"IF(AND($D60=\"Serviço\",AB$12<>0,$H60>0,OR(AUTOEVENTO<>\"manual\",$M60<>1)),\nIF(Import.TipoArredondamento<>\"TransfereGOV\",\nROUND(OFFSET($P60,0,AB$13),15-13*ORÇAMENTO!$AF$7)/$H60*OFFSET(ORÇAMENTO!$X$15,ROW(AB60)-ROW(AB$15),0),\nROUND(ROUND(OFFSET($P60,0,AB$13),15-13*ORÇAMENTO!$AF$7)*OFFSET(ORÇAMENTO!$W$15,ROW(AB60)-ROW(AB$15),0),15-13*ORÇAMENTO!$AF$11)),0)","v":6608.78},{"$f":"IF(AND($D60=\"Serviço\",AC$12<>0,$H60>0,OR(AUTOEVENTO<>\"manual\",$M60<>1)),\nIF(Import.TipoArredondamento<>\"TransfereGOV\",\nROUND(OFFSET($P60,0,AC$13),15-13*ORÇAMENTO!$AF$7)/$H60*OFFSET(ORÇAMENTO!$X$15,ROW(AC60)-ROW(AC$15),0),\nROUND(ROUND(OFFSET($P60,0,AC$13),15-13*ORÇAMENTO!$AF$7)*OFFSET(ORÇAMENTO!$W$15,ROW(AC60)-ROW(AC$15),0),15-13*ORÇAMENTO!$AF$11)),0)","v":0},{"$f":"IF(AND($D60=\"Serviço\",AD$12<>0,$H60>0,OR(AUTOEVENTO<>\"manual\",$M60<>1)),\nIF(Import.TipoArredondamento<>\"TransfereGOV\",\nROUND(OFFSET($P60,0,AD$13),15-13*ORÇAMENTO!$AF$7)/$H60*OFFSET(ORÇAMENTO!$X$15,ROW(AD60)-ROW(AD$15),0),\nROUND(ROUND(OFFSET($P60,0,AD$13),15-13*ORÇAMENTO!$AF$7)*OFFSET(ORÇAMENTO!$W$15,ROW(AD60)-ROW(AD$15),0),15-13*ORÇAMENTO!$AF$11)),0)","v":0},{"$f":"IF(AND($D60=\"Serviço\",AE$12<>0,$H60>0,OR(AUTOEVENTO<>\"manual\",$M60<>1)),\nIF(Import.TipoArredondamento<>\"TransfereGOV\",\nROUND(OFFSET($P60,0,AE$13),15-13*ORÇAMENTO!$AF$7)/$H60*OFFSET(ORÇAMENTO!$X$15,ROW(AE60)-ROW(AE$15),0),\nROUND(ROUND(OFFSET($P60,0,AE$13),15-13*ORÇAMENTO!$AF$7)*OFFSET(ORÇAMENTO!$W$15,ROW(AE60)-ROW(AE$15),0),15-13*ORÇAMENTO!$AF$11)),0)","v":0},{"$f":"IF(AND($D60=\"Serviço\",AF$12<>0,$H60>0,OR(AUTOEVENTO<>\"manual\",$M60<>1)),\nIF(Import.TipoArredondamento<>\"TransfereGOV\",\nROUND(OFFSET($P60,0,AF$13),15-13*ORÇAMENTO!$AF$7)/$H60*OFFSET(ORÇAMENTO!$X$15,ROW(AF60)-ROW(AF$15),0),\nROUND(ROUND(OFFSET($P60,0,AF$13),15-13*ORÇAMENTO!$AF$7)*OFFSET(ORÇAMENTO!$W$15,ROW(AF60)-ROW(AF$15),0),15-13*ORÇAMENTO!$AF$11)),0)","v":0},{"$f":"IF(AND($D60=\"Serviço\",AG$12<>0,$H60>0,OR(AUTOEVENTO<>\"manual\",$M60<>1)),\nIF(Import.TipoArredondamento<>\"TransfereGOV\",\nROUND(OFFSET($P60,0,AG$13),15-13*ORÇAMENTO!$AF$7)/$H60*OFFSET(ORÇAMENTO!$X$15,ROW(AG60)-ROW(AG$15),0),\nROUND(ROUND(OFFSET($P60,0,AG$13),15-13*ORÇAMENTO!$AF$7)*OFFSET(ORÇAMENTO!$W$15,ROW(AG60)-ROW(AG$15),0),15-13*ORÇAMENTO!$AF$11)),0)","v":0},{"$f":"IF(AND($D60=\"Serviço\",AH$12<>0,$H60>0,OR(AUTOEVENTO<>\"manual\",$M60<>1)),\nIF(Import.TipoArredondamento<>\"TransfereGOV\",\nROUND(OFFSET($P60,0,AH$13),15-13*ORÇAMENTO!$AF$7)/$H60*OFFSET(ORÇAMENTO!$X$15,ROW(AH60)-ROW(AH$15),0),\nROUND(ROUND(OFFSET($P60,0,AH$13),15-13*ORÇAMENTO!$AF$7)*OFFSET(ORÇAMENTO!$W$15,ROW(AH60)-ROW(AH$15),0),15-13*ORÇAMENTO!$AF$11)),0)","v":0},{"$f":"IF(AND($D60=\"Serviço\",AI$12<>0,$H60>0,OR(AUTOEVENTO<>\"manual\",$M60<>1)),\nIF(Import.TipoArredondamento<>\"TransfereGOV\",\nROUND(OFFSET($P60,0,AI$13),15-13*ORÇAMENTO!$AF$7)/$H60*OFFSET(ORÇAMENTO!$X$15,ROW(AI60)-ROW(AI$15),0),\nROUND(ROUND(OFFSET($P60,0,AI$13),15-13*ORÇAMENTO!$AF$7)*OFFSET(ORÇAMENTO!$W$15,ROW(AI60)-ROW(AI$15),0),15-13*ORÇAMENTO!$AF$11)),0)","v":0},{"$f":"IF(AND($D60=\"Serviço\",AJ$12<>0,$H60>0,OR(AUTOEVENTO<>\"manual\",$M60<>1)),\nIF(Import.TipoArredondamento<>\"TransfereGOV\",\nROUND(OFFSET($P60,0,AJ$13),15-13*ORÇAMENTO!$AF$7)/$H60*OFFSET(ORÇAMENTO!$X$15,ROW(AJ60)-ROW(AJ$15),0),\nROUND(ROUND(OFFSET($P60,0,AJ$13),15-13*ORÇAMENTO!$AF$7)*OFFSET(ORÇAMENTO!$W$15,ROW(AJ60)-ROW(AJ$15),0),15-13*ORÇAMENTO!$AF$11)),0)","v":0},{"$f":"IF(AND($D60=\"Serviço\",AK$12<>0,$H60>0,OR(AUTOEVENTO<>\"manual\",$M60<>1)),\nIF(Import.TipoArredondamento<>\"TransfereGOV\",\nROUND(OFFSET($P60,0,AK$13),15-13*ORÇAMENTO!$AF$7)/$H60*OFFSET(ORÇAMENTO!$X$15,ROW(AK60)-ROW(AK$15),0),\nROUND(ROUND(OFFSET($P60,0,AK$13),15-13*ORÇAMENTO!$AF$7)*OFFSET(ORÇAMENTO!$W$15,ROW(AK60)-ROW(AK$15),0),15-13*ORÇAMENTO!$AF$11)),0)","v":0},null,{"$f":"IF($D60<>\"Serviço\",0,IF(AND(AUTOEVENTO=\"Manual\",$M60=1),0,IF(OFFSET(CRONOPLE!$F$14,$M60,AM$13)=\"\",10^12,OFFSET(CRONOPLE!$F$14,$M60,AM$13))))","v":1000000000000},{"$f":"IF($D60<>\"Serviço\",0,IF(AND(AUTOEVENTO=\"Manual\",$M60=1),0,IF(OFFSET(CRONOPLE!$F$14,$M60,AN$13)=\"\",10^12,OFFSET(CRONOPLE!$F$14,$M60,AN$13))))","v":1000000000000},{"$f":"IF($D60<>\"Serviço\",0,IF(AND(AUTOEVENTO=\"Manual\",$M60=1),0,IF(OFFSET(CRONOPLE!$F$14,$M60,AO$13)=\"\",10^12,OFFSET(CRONOPLE!$F$14,$M60,AO$13))))","v":1000000000000},{"$f":"IF($D60<>\"Serviço\",0,IF(AND(AUTOEVENTO=\"Manual\",$M60=1),0,IF(OFFSET(CRONOPLE!$F$14,$M60,AP$13)=\"\",10^12,OFFSET(CRONOPLE!$F$14,$M60,AP$13))))","v":1000000000000},{"$f":"IF($D60<>\"Serviço\",0,IF(AND(AUTOEVENTO=\"Manual\",$M60=1),0,IF(OFFSET(CRONOPLE!$F$14,$M60,AQ$13)=\"\",10^12,OFFSET(CRONOPLE!$F$14,$M60,AQ$13))))","v":1000000000000},{"$f":"IF($D60<>\"Serviço\",0,IF(AND(AUTOEVENTO=\"Manual\",$M60=1),0,IF(OFFSET(CRONOPLE!$F$14,$M60,AR$13)=\"\",10^12,OFFSET(CRONOPLE!$F$14,$M60,AR$13))))","v":1000000000000},{"$f":"IF($D60<>\"Serviço\",0,IF(AND(AUTOEVENTO=\"Manual\",$M60=1),0,IF(OFFSET(CRONOPLE!$F$14,$M60,AS$13)=\"\",10^12,OFFSET(CRONOPLE!$F$14,$M60,AS$13))))","v":1000000000000},{"$f":"IF($D60<>\"Serviço\",0,IF(AND(AUTOEVENTO=\"Manual\",$M60=1),0,IF(OFFSET(CRONOPLE!$F$14,$M60,AT$13)=\"\",10^12,OFFSET(CRONOPLE!$F$14,$M60,AT$13))))","v":1000000000000},{"$f":"IF($D60<>\"Serviço\",0,IF(AND(AUTOEVENTO=\"Manual\",$M60=1),0,IF(OFFSET(CRONOPLE!$F$14,$M60,AU$13)=\"\",10^12,OFFSET(CRONOPLE!$F$14,$M60,AU$13))))","v":1000000000000},{"$f":"IF($D60<>\"Serviço\",0,IF(AND(AUTOEVENTO=\"Manual\",$M60=1),0,IF(OFFSET(CRONOPLE!$F$14,$M60,AV$13)=\"\",10^12,OFFSET(CRONOPLE!$F$14,$M60,AV$13))))","v":1000000000000},null,{"$f":"IF($D60<>\"Serviço\",0,IF(OR(AND(AUTOEVENTO=\"Manual\",$M60=1),$M60>(ROW(PLE.lastrow)-ROW(PLE.firstrow))),0,IF(OFFSET(PLE!$G$14,$M60,AX$13)=\"\",10^12,OFFSET(PLE!$G$14,$M60,AX$13))))","v":1000000000000},{"$f":"IF($D60<>\"Serviço\",0,IF(OR(AND(AUTOEVENTO=\"Manual\",$M60=1),$M60>(ROW(PLE.lastrow)-ROW(PLE.firstrow))),0,IF(OFFSET(PLE!$G$14,$M60,AY$13)=\"\",10^12,OFFSET(PLE!$G$14,$M60,AY$13))))","v":1000000000000},{"$f":"IF($D60<>\"Serviço\",0,IF(OR(AND(AUTOEVENTO=\"Manual\",$M60=1),$M60>(ROW(PLE.lastrow)-ROW(PLE.firstrow))),0,IF(OFFSET(PLE!$G$14,$M60,AZ$13)=\"\",10^12,OFFSET(PLE!$G$14,$M60,AZ$13))))","v":1000000000000},{"$f":"IF($D60<>\"Serviço\",0,IF(OR(AND(AUTOEVENTO=\"Manual\",$M60=1),$M60>(ROW(PLE.lastrow)-ROW(PLE.firstrow))),0,IF(OFFSET(PLE!$G$14,$M60,BA$13)=\"\",10^12,OFFSET(PLE!$G$14,$M60,BA$13))))","v":1000000000000},{"$f":"IF($D60<>\"Serviço\",0,IF(OR(AND(AUTOEVENTO=\"Manual\",$M60=1),$M60>(ROW(PLE.lastrow)-ROW(PLE.firstrow))),0,IF(OFFSET(PLE!$G$14,$M60,BB$13)=\"\",10^12,OFFSET(PLE!$G$14,$M60,BB$13))))","v":1000000000000},{"$f":"IF($D60<>\"Serviço\",0,IF(OR(AND(AUTOEVENTO=\"Manual\",$M60=1),$M60>(ROW(PLE.lastrow)-ROW(PLE.firstrow))),0,IF(OFFSET(PLE!$G$14,$M60,BC$13)=\"\",10^12,OFFSET(PLE!$G$14,$M60,BC$13))))","v":1000000000000},{"$f":"IF($D60<>\"Serviço\",0,IF(OR(AND(AUTOEVENTO=\"Manual\",$M60=1),$M60>(ROW(PLE.lastrow)-ROW(PLE.firstrow))),0,IF(OFFSET(PLE!$G$14,$M60,BD$13)=\"\",10^12,OFFSET(PLE!$G$14,$M60,BD$13))))","v":1000000000000},{"$f":"IF($D60<>\"Serviço\",0,IF(OR(AND(AUTOEVENTO=\"Manual\",$M60=1),$M60>(ROW(PLE.lastrow)-ROW(PLE.firstrow))),0,IF(OFFSET(PLE!$G$14,$M60,BE$13)=\"\",10^12,OFFSET(PLE!$G$14,$M60,BE$13))))","v":1000000000000},{"$f":"IF($D60<>\"Serviço\",0,IF(OR(AND(AUTOEVENTO=\"Manual\",$M60=1),$M60>(ROW(PLE.lastrow)-ROW(PLE.firstrow))),0,IF(OFFSET(PLE!$G$14,$M60,BF$13)=\"\",10^12,OFFSET(PLE!$G$14,$M60,BF$13))))","v":1000000000000},{"$f":"IF($D60<>\"Serviço\",0,IF(OR(AND(AUTOEVENTO=\"Manual\",$M60=1),$M60>(ROW(PLE.lastrow)-ROW(PLE.firstrow))),0,IF(OFFSET(PLE!$G$14,$M60,BG$13)=\"\",10^12,OFFSET(PLE!$G$14,$M60,BG$13))))","v":1000000000000}]
["36",{"$f":"OFFSET(ORÇAMENTO!C$15,ROW(B61)-ROW(B$15),0)","v":"S"},{"$f":"OFFSET(ORÇAMENTO!L$15,ROW(C61)-ROW(C$15),0)","v":"F"},{"$f":"OFFSET(ORÇAMENTO!N$15,ROW(D61)-ROW(D$15),0)","v":"Serviço"},{"$f":"OFFSET(ORÇAMENTO!O$15,ROW(E61)-ROW(E$15),0)","v":"1.8.2.4."},{"$f":"OFFSET(ORÇAMENTO!R$15,ROW(F61)-ROW(F$15),0)","v":"EMBOÇO, EM ARGAMASSA TRAÇO 1:2:8, PREPARO MECÂNICO, APLICADO MANUALMENTE EM PAREDES INTERNAS DE AMBIENTES COM ÁREA MAIOR QUE 10M², E = 17,5MM, COM TALISCAS. AF_03/2024"},{"$f":"IF($D61<>\"Serviço\",\"\",OFFSET(ORÇAMENTO!S$15,ROW(G61)-ROW(G$15),0))","v":"M2"},{"$f":"IF($D61<>\"Serviço\",0,IF(ACOMPANHAMENTO=\"BM\",ROUND(OFFSET(ORÇAMENTO!AJ$15,ROW(H61)-ROW(H$15),0),15-13*ORÇAMENTO!$AF$7),SUMPRODUCT(($Q$12:$AA$12<>\"\")*ROUND($Q61:$AA61,15-13*ORÇAMENTO!$AF$7))))","v":607.4},"ÁREA DO EMBOÇO INTERNO DESCONTANDO TODOS OS VÃOS",null,null,".",{"$f":"IF($D61<>\"Serviço\",\"\",IF(AUTOEVENTO=\"manual\",$A61,IF(ISERROR(MATCH($A61,$A$15:OFFSET($A61,-1,0),0)),MAX($M$15:OFFSET(M61,-1,0))+1,INDEX($M$15:OFFSET(M61,-1,0),MATCH($A61,$A$15:OFFSET($A61,-1,0),0)))))","v":9},{"$f":"IF($D61<>\"Serviço\",\"\",IF(AUTOEVENTO=\"Manual\",IF($A61=0,\"<-- defina o número do agrupador\",OFFSET(EVENTOS!$D$14,$A61,0)),OFFSET($F$15,$A61,0)))","v":"PAINÉIS E PAREDES"},null,null,{"$f":"(25.44*3)-(1.6*2.1)-(0.8*2.1*4)-(1.25*2.1)-(1.1*1.2)+(16.84*3)-(1.5*1.2*2)-(0.8*2.1)+(22.14*3)-(1.5*1.2*2)-(0.8*2.1)+(20.5*3)-(0.8*2.1)-(1.5*1.2*3)+(12.472*3)-(1.6*0.4)-(0.8*2.1)+(2.7*1.8*4)+(12.47*3)-(1.6*0.4)-(0.8*2.1)+(27.9*3)-(1.5*1.2*6)-(0.8*2.1)+(26.9*3)-(0.8*2.1)-(1.5*1.2*6)+(18.03*3)-(0.8*2.1*4)-(1.5*1.2)-(2.05*2.1)-(2.1*1.4)+(20.547*3)-(0.8*2.1*4)-(2.05*2.1)-(1.2*1)-(1.25*2.1)-(0.6*2.1)-(1.25*2.1)+(15.192*3)-(0.8*2.1*2)-(1.5*0.9)-(1.2*1)-(0.6*2.1)+(12.64*3)-(0.8*2.1)-(1.6*0.4)","v":607.39799999999991},null,null,null,null,null,null,null,null,null,null,{"$f":"IF(AND($D61=\"Serviço\",AB$12<>0,$H61>0,OR(AUTOEVENTO<>\"manual\",$M61<>1)),\nIF(Import.TipoArredondamento<>\"TransfereGOV\",\nROUND(OFFSET($P61,0,AB$13),15-13*ORÇAMENTO!$AF$7)/$H61*OFFSET(ORÇAMENTO!$X$15,ROW(AB61)-ROW(AB$15),0),\nROUND(ROUND(OFFSET($P61,0,AB$13),15-13*ORÇAMENTO!$AF$7)*OFFSET(ORÇAMENTO!$W$15,ROW(AB61)-ROW(AB$15),0),15-13*ORÇAMENTO!$AF$11)),0)","v":23761.49},{"$f":"IF(AND($D61=\"Serviço\",AC$12<>0,$H61>0,OR(AUTOEVENTO<>\"manual\",$M61<>1)),\nIF(Import.TipoArredondamento<>\"TransfereGOV\",\nROUND(OFFSET($P61,0,AC$13),15-13*ORÇAMENTO!$AF$7)/$H61*OFFSET(ORÇAMENTO!$X$15,ROW(AC61)-ROW(AC$15),0),\nROUND(ROUND(OFFSET($P61,0,AC$13),15-13*ORÇAMENTO!$AF$7)*OFFSET(ORÇAMENTO!$W$15,ROW(AC61)-ROW(AC$15),0),15-13*ORÇAMENTO!$AF$11)),0)","v":0},{"$f":"IF(AND($D61=\"Serviço\",AD$12<>0,$H61>0,OR(AUTOEVENTO<>\"manual\",$M61<>1)),\nIF(Import.TipoArredondamento<>\"TransfereGOV\",\nROUND(OFFSET($P61,0,AD$13),15-13*ORÇAMENTO!$AF$7)/$H61*OFFSET(ORÇAMENTO!$X$15,ROW(AD61)-ROW(AD$15),0),\nROUND(ROUND(OFFSET($P61,0,AD$13),15-13*ORÇAMENTO!$AF$7)*OFFSET(ORÇAMENTO!$W$15,ROW(AD61)-ROW(AD$15),0),15-13*ORÇAMENTO!$AF$11)),0)","v":0},{"$f":"IF(AND($D61=\"Serviço\",AE$12<>0,$H61>0,OR(AUTOEVENTO<>\"manual\",$M61<>1)),\nIF(Import.TipoArredondamento<>\"TransfereGOV\",\nROUND(OFFSET($P61,0,AE$13),15-13*ORÇAMENTO!$AF$7)/$H61*OFFSET(ORÇAMENTO!$X$15,ROW(AE61)-ROW(AE$15),0),\nROUND(ROUND(OFFSET($P61,0,AE$13),15-13*ORÇAMENTO!$AF$7)*OFFSET(ORÇAMENTO!$W$15,ROW(AE61)-ROW(AE$15),0),15-13*ORÇAMENTO!$AF$11)),0)","v":0},{"$f":"IF(AND($D61=\"Serviço\",AF$12<>0,$H61>0,OR(AUTOEVENTO<>\"manual\",$M61<>1)),\nIF(Import.TipoArredondamento<>\"TransfereGOV\",\nROUND(OFFSET($P61,0,AF$13),15-13*ORÇAMENTO!$AF$7)/$H61*OFFSET(ORÇAMENTO!$X$15,ROW(AF61)-ROW(AF$15),0),\nROUND(ROUND(OFFSET($P61,0,AF$13),15-13*ORÇAMENTO!$AF$7)*OFFSET(ORÇAMENTO!$W$15,ROW(AF61)-ROW(AF$15),0),15-13*ORÇAMENTO!$AF$11)),0)","v":0},{"$f":"IF(AND($D61=\"Serviço\",AG$12<>0,$H61>0,OR(AUTOEVENTO<>\"manual\",$M61<>1)),\nIF(Import.TipoArredondamento<>\"TransfereGOV\",\nROUND(OFFSET($P61,0,AG$13),15-13*ORÇAMENTO!$AF$7)/$H61*OFFSET(ORÇAMENTO!$X$15,ROW(AG61)-ROW(AG$15),0),\nROUND(ROUND(OFFSET($P61,0,AG$13),15-13*ORÇAMENTO!$AF$7)*OFFSET(ORÇAMENTO!$W$15,ROW(AG61)-ROW(AG$15),0),15-13*ORÇAMENTO!$AF$11)),0)","v":0},{"$f":"IF(AND($D61=\"Serviço\",AH$12<>0,$H61>0,OR(AUTOEVENTO<>\"manual\",$M61<>1)),\nIF(Import.TipoArredondamento<>\"TransfereGOV\",\nROUND(OFFSET($P61,0,AH$13),15-13*ORÇAMENTO!$AF$7)/$H61*OFFSET(ORÇAMENTO!$X$15,ROW(AH61)-ROW(AH$15),0),\nROUND(ROUND(OFFSET($P61,0,AH$13),15-13*ORÇAMENTO!$AF$7)*OFFSET(ORÇAMENTO!$W$15,ROW(AH61)-ROW(AH$15),0),15-13*ORÇAMENTO!$AF$11)),0)","v":0},{"$f":"IF(AND($D61=\"Serviço\",AI$12<>0,$H61>0,OR(AUTOEVENTO<>\"manual\",$M61<>1)),\nIF(Import.TipoArredondamento<>\"TransfereGOV\",\nROUND(OFFSET($P61,0,AI$13),15-13*ORÇAMENTO!$AF$7)/$H61*OFFSET(ORÇAMENTO!$X$15,ROW(AI61)-ROW(AI$15),0),\nROUND(ROUND(OFFSET($P61,0,AI$13),15-13*ORÇAMENTO!$AF$7)*OFFSET(ORÇAMENTO!$W$15,ROW(AI61)-ROW(AI$15),0),15-13*ORÇAMENTO!$AF$11)),0)","v":0},{"$f":"IF(AND($D61=\"Serviço\",AJ$12<>0,$H61>0,OR(AUTOEVENTO<>\"manual\",$M61<>1)),\nIF(Import.TipoArredondamento<>\"TransfereGOV\",\nROUND(OFFSET($P61,0,AJ$13),15-13*ORÇAMENTO!$AF$7)/$H61*OFFSET(ORÇAMENTO!$X$15,ROW(AJ61)-ROW(AJ$15),0),\nROUND(ROUND(OFFSET($P61,0,AJ$13),15-13*ORÇAMENTO!$AF$7)*OFFSET(ORÇAMENTO!$W$15,ROW(AJ61)-ROW(AJ$15),0),15-13*ORÇAMENTO!$AF$11)),0)","v":0},{"$f":"IF(AND($D61=\"Serviço\",AK$12<>0,$H61>0,OR(AUTOEVENTO<>\"manual\",$M61<>1)),\nIF(Import.TipoArredondamento<>\"TransfereGOV\",\nROUND(OFFSET($P61,0,AK$13),15-13*ORÇAMENTO!$AF$7)/$H61*OFFSET(ORÇAMENTO!$X$15,ROW(AK61)-ROW(AK$15),0),\nROUND(ROUND(OFFSET($P61,0,AK$13),15-13*ORÇAMENTO!$AF$7)*OFFSET(ORÇAMENTO!$W$15,ROW(AK61)-ROW(AK$15),0),15-13*ORÇAMENTO!$AF$11)),0)","v":0},null,{"$f":"IF($D61<>\"Serviço\",0,IF(AND(AUTOEVENTO=\"Manual\",$M61=1),0,IF(OFFSET(CRONOPLE!$F$14,$M61,AM$13)=\"\",10^12,OFFSET(CRONOPLE!$F$14,$M61,AM$13))))","v":1000000000000},{"$f":"IF($D61<>\"Serviço\",0,IF(AND(AUTOEVENTO=\"Manual\",$M61=1),0,IF(OFFSET(CRONOPLE!$F$14,$M61,AN$13)=\"\",10^12,OFFSET(CRONOPLE!$F$14,$M61,AN$13))))","v":1000000000000},{"$f":"IF($D61<>\"Serviço\",0,IF(AND(AUTOEVENTO=\"Manual\",$M61=1),0,IF(OFFSET(CRONOPLE!$F$14,$M61,AO$13)=\"\",10^12,OFFSET(CRONOPLE!$F$14,$M61,AO$13))))","v":1000000000000},{"$f":"IF($D61<>\"Serviço\",0,IF(AND(AUTOEVENTO=\"Manual\",$M61=1),0,IF(OFFSET(CRONOPLE!$F$14,$M61,AP$13)=\"\",10^12,OFFSET(CRONOPLE!$F$14,$M61,AP$13))))","v":1000000000000},{"$f":"IF($D61<>\"Serviço\",0,IF(AND(AUTOEVENTO=\"Manual\",$M61=1),0,IF(OFFSET(CRONOPLE!$F$14,$M61,AQ$13)=\"\",10^12,OFFSET(CRONOPLE!$F$14,$M61,AQ$13))))","v":1000000000000},{"$f":"IF($D61<>\"Serviço\",0,IF(AND(AUTOEVENTO=\"Manual\",$M61=1),0,IF(OFFSET(CRONOPLE!$F$14,$M61,AR$13)=\"\",10^12,OFFSET(CRONOPLE!$F$14,$M61,AR$13))))","v":1000000000000},{"$f":"IF($D61<>\"Serviço\",0,IF(AND(AUTOEVENTO=\"Manual\",$M61=1),0,IF(OFFSET(CRONOPLE!$F$14,$M61,AS$13)=\"\",10^12,OFFSET(CRONOPLE!$F$14,$M61,AS$13))))","v":1000000000000},{"$f":"IF($D61<>\"Serviço\",0,IF(AND(AUTOEVENTO=\"Manual\",$M61=1),0,IF(OFFSET(CRONOPLE!$F$14,$M61,AT$13)=\"\",10^12,OFFSET(CRONOPLE!$F$14,$M61,AT$13))))","v":1000000000000},{"$f":"IF($D61<>\"Serviço\",0,IF(AND(AUTOEVENTO=\"Manual\",$M61=1),0,IF(OFFSET(CRONOPLE!$F$14,$M61,AU$13)=\"\",10^12,OFFSET(CRONOPLE!$F$14,$M61,AU$13))))","v":1000000000000},{"$f":"IF($D61<>\"Serviço\",0,IF(AND(AUTOEVENTO=\"Manual\",$M61=1),0,IF(OFFSET(CRONOPLE!$F$14,$M61,AV$13)=\"\",10^12,OFFSET(CRONOPLE!$F$14,$M61,AV$13))))","v":1000000000000},null,{"$f":"IF($D61<>\"Serviço\",0,IF(OR(AND(AUTOEVENTO=\"Manual\",$M61=1),$M61>(ROW(PLE.lastrow)-ROW(PLE.firstrow))),0,IF(OFFSET(PLE!$G$14,$M61,AX$13)=\"\",10^12,OFFSET(PLE!$G$14,$M61,AX$13))))","v":1000000000000},{"$f":"IF($D61<>\"Serviço\",0,IF(OR(AND(AUTOEVENTO=\"Manual\",$M61=1),$M61>(ROW(PLE.lastrow)-ROW(PLE.firstrow))),0,IF(OFFSET(PLE!$G$14,$M61,AY$13)=\"\",10^12,OFFSET(PLE!$G$14,$M61,AY$13))))","v":1000000000000},{"$f":"IF($D61<>\"Serviço\",0,IF(OR(AND(AUTOEVENTO=\"Manual\",$M61=1),$M61>(ROW(PLE.lastrow)-ROW(PLE.firstrow))),0,IF(OFFSET(PLE!$G$14,$M61,AZ$13)=\"\",10^12,OFFSET(PLE!$G$14,$M61,AZ$13))))","v":1000000000000},{"$f":"IF($D61<>\"Serviço\",0,IF(OR(AND(AUTOEVENTO=\"Manual\",$M61=1),$M61>(ROW(PLE.lastrow)-ROW(PLE.firstrow))),0,IF(OFFSET(PLE!$G$14,$M61,BA$13)=\"\",10^12,OFFSET(PLE!$G$14,$M61,BA$13))))","v":1000000000000},{"$f":"IF($D61<>\"Serviço\",0,IF(OR(AND(AUTOEVENTO=\"Manual\",$M61=1),$M61>(ROW(PLE.lastrow)-ROW(PLE.firstrow))),0,IF(OFFSET(PLE!$G$14,$M61,BB$13)=\"\",10^12,OFFSET(PLE!$G$14,$M61,BB$13))))","v":1000000000000},{"$f":"IF($D61<>\"Serviço\",0,IF(OR(AND(AUTOEVENTO=\"Manual\",$M61=1),$M61>(ROW(PLE.lastrow)-ROW(PLE.firstrow))),0,IF(OFFSET(PLE!$G$14,$M61,BC$13)=\"\",10^12,OFFSET(PLE!$G$14,$M61,BC$13))))","v":1000000000000},{"$f":"IF($D61<>\"Serviço\",0,IF(OR(AND(AUTOEVENTO=\"Manual\",$M61=1),$M61>(ROW(PLE.lastrow)-ROW(PLE.firstrow))),0,IF(OFFSET(PLE!$G$14,$M61,BD$13)=\"\",10^12,OFFSET(PLE!$G$14,$M61,BD$13))))","v":1000000000000},{"$f":"IF($D61<>\"Serviço\",0,IF(OR(AND(AUTOEVENTO=\"Manual\",$M61=1),$M61>(ROW(PLE.lastrow)-ROW(PLE.firstrow))),0,IF(OFFSET(PLE!$G$14,$M61,BE$13)=\"\",10^12,OFFSET(PLE!$G$14,$M61,BE$13))))","v":1000000000000},{"$f":"IF($D61<>\"Serviço\",0,IF(OR(AND(AUTOEVENTO=\"Manual\",$M61=1),$M61>(ROW(PLE.lastrow)-ROW(PLE.firstrow))),0,IF(OFFSET(PLE!$G$14,$M61,BF$13)=\"\",10^12,OFFSET(PLE!$G$14,$M61,BF$13))))","v":1000000000000},{"$f":"IF($D61<>\"Serviço\",0,IF(OR(AND(AUTOEVENTO=\"Manual\",$M61=1),$M61>(ROW(PLE.lastrow)-ROW(PLE.firstrow))),0,IF(OFFSET(PLE!$G$14,$M61,BG$13)=\"\",10^12,OFFSET(PLE!$G$14,$M61,BG$13))))","v":1000000000000}]
[{"$f":"IF(AUTOEVENTO=\"Manual\",IF(K62<>\"\",MIN(VALUE(LEFT(K62,FIND(\".\",K62)-1)),COUNTA(EVENTOS.Lista)),0),IF(OR($B62>AUTOEVENTO,$B62=\"S\",$B62=0),SUBSTITUTE(OFFSET($A62,-1,0),IF($D62=\"Serviço\",\".\",\"\"),\"\"),ROW(A62)-ROW($A$15)&\".\"))","v":"36"},{"$f":"OFFSET(ORÇAMENTO!C$15,ROW(B62)-ROW(B$15),0)","v":"S"},{"$f":"OFFSET(ORÇAMENTO!L$15,ROW(C62)-ROW(C$15),0)","v":"F"},{"$f":"OFFSET(ORÇAMENTO!N$15,ROW(D62)-ROW(D$15),0)","v":"Serviço"},{"$f":"OFFSET(ORÇAMENTO!O$15,ROW(E62)-ROW(E$15),0)","v":"1.8.2.5."},{"$f":"OFFSET(ORÇAMENTO!R$15,ROW(F62)-ROW(F$15),0)","v":"APLICAÇÃO MANUAL DE FUNDO PREPARADOR EM PAREDES E TETOS"},{"$f":"IF($D62<>\"Serviço\",\"\",OFFSET(ORÇAMENTO!S$15,ROW(G62)-ROW(G$15),0))","v":"M2"},{"$f":"IF($D62<>\"Serviço\",0,IF(ACOMPANHAMENTO=\"BM\",ROUND(OFFSET(ORÇAMENTO!AJ$15,ROW(H62)-ROW(H$15),0),15-13*ORÇAMENTO!$AF$7),SUMPRODUCT(($Q$12:$AA$12<>\"\")*ROUND($Q62:$AA62,15-13*ORÇAMENTO!$AF$7))))","v":636.36},"APLICAÇÃO ANTES DO EMASSAMENTO ",null,null,".",{"$f":"IF($D62<>\"Serviço\",\"\",IF(AUTOEVENTO=\"manual\",$A62,IF(ISERROR(MATCH($A62,$A$15:OFFSET($A62,-1,0),0)),MAX($M$15:OFFSET(M62,-1,0))+1,INDEX($M$15:OFFSET(M62,-1,0),MATCH($A62,$A$15:OFFSET($A62,-1,0),0)))))","v":9},{"$f":"IF($D62<>\"Serviço\",\"\",IF(AUTOEVENTO=\"Manual\",IF($A62=0,\"<-- defina o número do agrupador\",OFFSET(EVENTOS!$D$14,$A62,0)),OFFSET($F$15,$A62,0)))","v":"PAINÉIS E PAREDES"},null,null,{"$f":"Q63","v":636.35879999999997},null,null,null,null,null,null,null,null,null,null,{"$f":"IF(AND($D62=\"Serviço\",AB$12<>0,$H62>0,OR(AUTOEVENTO<>\"manual\",$M62<>1)),\nIF(Import.TipoArredondamento<>\"TransfereGOV\",\nROUND(OFFSET($P62,0,AB$13),15-13*ORÇAMENTO!$AF$7)/$H62*OFFSET(ORÇAMENTO!$X$15,ROW(AB62)-ROW(AB$15),0),\nROUND(ROUND(OFFSET($P62,0,AB$13),15-13*ORÇAMENTO!$AF$7)*OFFSET(ORÇAMENTO!$W$15,ROW(AB62)-ROW(AB$15),0),15-13*ORÇAMENTO!$AF$11)),0)","v":3137.25},{"$f":"IF(AND($D62=\"Serviço\",AC$12<>0,$H62>0,OR(AUTOEVENTO<>\"manual\",$M62<>1)),\nIF(Import.TipoArredondamento<>\"TransfereGOV\",\nROUND(OFFSET($P62,0,AC$13),15-13*ORÇAMENTO!$AF$7)/$H62*OFFSET(ORÇAMENTO!$X$15,ROW(AC62)-ROW(AC$15),0),\nROUND(ROUND(OFFSET($P62,0,AC$13),15-13*ORÇAMENTO!$AF$7)*OFFSET(ORÇAMENTO!$W$15,ROW(AC62)-ROW(AC$15),0),15-13*ORÇAMENTO!$AF$11)),0)","v":0},{"$f":"IF(AND($D62=\"Serviço\",AD$12<>0,$H62>0,OR(AUTOEVENTO<>\"manual\",$M62<>1)),\nIF(Import.TipoArredondamento<>\"TransfereGOV\",\nROUND(OFFSET($P62,0,AD$13),15-13*ORÇAMENTO!$AF$7)/$H62*OFFSET(ORÇAMENTO!$X$15,ROW(AD62)-ROW(AD$15),0),\nROUND(ROUND(OFFSET($P62,0,AD$13),15-13*ORÇAMENTO!$AF$7)*OFFSET(ORÇAMENTO!$W$15,ROW(AD62)-ROW(AD$15),0),15-13*ORÇAMENTO!$AF$11)),0)","v":0},{"$f":"IF(AND($D62=\"Serviço\",AE$12<>0,$H62>0,OR(AUTOEVENTO<>\"manual\",$M62<>1)),\nIF(Import.TipoArredondamento<>\"TransfereGOV\",\nROUND(OFFSET($P62,0,AE$13),15-13*ORÇAMENTO!$AF$7)/$H62*OFFSET(ORÇAMENTO!$X$15,ROW(AE62)-ROW(AE$15),0),\nROUND(ROUND(OFFSET($P62,0,AE$13),15-13*ORÇAMENTO!$AF$7)*OFFSET(ORÇAMENTO!$W$15,ROW(AE62)-ROW(AE$15),0),15-13*ORÇAMENTO!$AF$11)),0)","v":0},{"$f":"IF(AND($D62=\"Serviço\",AF$12<>0,$H62>0,OR(AUTOEVENTO<>\"manual\",$M62<>1)),\nIF(Import.TipoArredondamento<>\"TransfereGOV\",\nROUND(OFFSET($P62,0,AF$13),15-13*ORÇAMENTO!$AF$7)/$H62*OFFSET(ORÇAMENTO!$X$15,ROW(AF62)-ROW(AF$15),0),\nROUND(ROUND(OFFSET($P62,0,AF$13),15-13*ORÇAMENTO!$AF$7)*OFFSET(ORÇAMENTO!$W$15,ROW(AF62)-ROW(AF$15),0),15-13*ORÇAMENTO!$AF$11)),0)","v":0},{"$f":"IF(AND($D62=\"Serviço\",AG$12<>0,$H62>0,OR(AUTOEVENTO<>\"manual\",$M62<>1)),\nIF(Import.TipoArredondamento<>\"TransfereGOV\",\nROUND(OFFSET($P62,0,AG$13),15-13*ORÇAMENTO!$AF$7)/$H62*OFFSET(ORÇAMENTO!$X$15,ROW(AG62)-ROW(AG$15),0),\nROUND(ROUND(OFFSET($P62,0,AG$13),15-13*ORÇAMENTO!$AF$7)*OFFSET(ORÇAMENTO!$W$15,ROW(AG62)-ROW(AG$15),0),15-13*ORÇAMENTO!$AF$11)),0)","v":0},{"$f":"IF(AND($D62=\"Serviço\",AH$12<>0,$H62>0,OR(AUTOEVENTO<>\"manual\",$M62<>1)),\nIF(Import.TipoArredondamento<>\"TransfereGOV\",\nROUND(OFFSET($P62,0,AH$13),15-13*ORÇAMENTO!$AF$7)/$H62*OFFSET(ORÇAMENTO!$X$15,ROW(AH62)-ROW(AH$15),0),\nROUND(ROUND(OFFSET($P62,0,AH$13),15-13*ORÇAMENTO!$AF$7)*OFFSET(ORÇAMENTO!$W$15,ROW(AH62)-ROW(AH$15),0),15-13*ORÇAMENTO!$AF$11)),0)","v":0},{"$f":"IF(AND($D62=\"Serviço\",AI$12<>0,$H62>0,OR(AUTOEVENTO<>\"manual\",$M62<>1)),\nIF(Import.TipoArredondamento<>\"TransfereGOV\",\nROUND(OFFSET($P62,0,AI$13),15-13*ORÇAMENTO!$AF$7)/$H62*OFFSET(ORÇAMENTO!$X$15,ROW(AI62)-ROW(AI$15),0),\nROUND(ROUND(OFFSET($P62,0,AI$13),15-13*ORÇAMENTO!$AF$7)*OFFSET(ORÇAMENTO!$W$15,ROW(AI62)-ROW(AI$15),0),15-13*ORÇAMENTO!$AF$11)),0)","v":0},{"$f":"IF(AND($D62=\"Serviço\",AJ$12<>0,$H62>0,OR(AUTOEVENTO<>\"manual\",$M62<>1)),\nIF(Import.TipoArredondamento<>\"TransfereGOV\",\nROUND(OFFSET($P62,0,AJ$13),15-13*ORÇAMENTO!$AF$7)/$H62*OFFSET(ORÇAMENTO!$X$15,ROW(AJ62)-ROW(AJ$15),0),\nROUND(ROUND(OFFSET($P62,0,AJ$13),15-13*ORÇAMENTO!$AF$7)*OFFSET(ORÇAMENTO!$W$15,ROW(AJ62)-ROW(AJ$15),0),15-13*ORÇAMENTO!$AF$11)),0)","v":0},{"$f":"IF(AND($D62=\"Serviço\",AK$12<>0,$H62>0,OR(AUTOEVENTO<>\"manual\",$M62<>1)),\nIF(Import.TipoArredondamento<>\"TransfereGOV\",\nROUND(OFFSET($P62,0,AK$13),15-13*ORÇAMENTO!$AF$7)/$H62*OFFSET(ORÇAMENTO!$X$15,ROW(AK62)-ROW(AK$15),0),\nROUND(ROUND(OFFSET($P62,0,AK$13),15-13*ORÇAMENTO!$AF$7)*OFFSET(ORÇAMENTO!$W$15,ROW(AK62)-ROW(AK$15),0),15-13*ORÇAMENTO!$AF$11)),0)","v":0},null,{"$f":"IF($D62<>\"Serviço\",0,IF(AND(AUTOEVENTO=\"Manual\",$M62=1),0,IF(OFFSET(CRONOPLE!$F$14,$M62,AM$13)=\"\",10^12,OFFSET(CRONOPLE!$F$14,$M62,AM$13))))","v":1000000000000},{"$f":"IF($D62<>\"Serviço\",0,IF(AND(AUTOEVENTO=\"Manual\",$M62=1),0,IF(OFFSET(CRONOPLE!$F$14,$M62,AN$13)=\"\",10^12,OFFSET(CRONOPLE!$F$14,$M62,AN$13))))","v":1000000000000},{"$f":"IF($D62<>\"Serviço\",0,IF(AND(AUTOEVENTO=\"Manual\",$M62=1),0,IF(OFFSET(CRONOPLE!$F$14,$M62,AO$13)=\"\",10^12,OFFSET(CRONOPLE!$F$14,$M62,AO$13))))","v":1000000000000},{"$f":"IF($D62<>\"Serviço\",0,IF(AND(AUTOEVENTO=\"Manual\",$M62=1),0,IF(OFFSET(CRONOPLE!$F$14,$M62,AP$13)=\"\",10^12,OFFSET(CRONOPLE!$F$14,$M62,AP$13))))","v":1000000000000},{"$f":"IF($D62<>\"Serviço\",0,IF(AND(AUTOEVENTO=\"Manual\",$M62=1),0,IF(OFFSET(CRONOPLE!$F$14,$M62,AQ$13)=\"\",10^12,OFFSET(CRONOPLE!$F$14,$M62,AQ$13))))","v":1000000000000},{"$f":"IF($D62<>\"Serviço\",0,IF(AND(AUTOEVENTO=\"Manual\",$M62=1),0,IF(OFFSET(CRONOPLE!$F$14,$M62,AR$13)=\"\",10^12,OFFSET(CRONOPLE!$F$14,$M62,AR$13))))","v":1000000000000},{"$f":"IF($D62<>\"Serviço\",0,IF(AND(AUTOEVENTO=\"Manual\",$M62=1),0,IF(OFFSET(CRONOPLE!$F$14,$M62,AS$13)=\"\",10^12,OFFSET(CRONOPLE!$F$14,$M62,AS$13))))","v":1000000000000},{"$f":"IF($D62<>\"Serviço\",0,IF(AND(AUTOEVENTO=\"Manual\",$M62=1),0,IF(OFFSET(CRONOPLE!$F$14,$M62,AT$13)=\"\",10^12,OFFSET(CRONOPLE!$F$14,$M62,AT$13))))","v":1000000000000},{"$f":"IF($D62<>\"Serviço\",0,IF(AND(AUTOEVENTO=\"Manual\",$M62=1),0,IF(OFFSET(CRONOPLE!$F$14,$M62,AU$13)=\"\",10^12,OFFSET(CRONOPLE!$F$14,$M62,AU$13))))","v":1000000000000},{"$f":"IF($D62<>\"Serviço\",0,IF(AND(AUTOEVENTO=\"Manual\",$M62=1),0,IF(OFFSET(CRONOPLE!$F$14,$M62,AV$13)=\"\",10^12,OFFSET(CRONOPLE!$F$14,$M62,AV$13))))","v":1000000000000},null,{"$f":"IF($D62<>\"Serviço\",0,IF(OR(AND(AUTOEVENTO=\"Manual\",$M62=1),$M62>(ROW(PLE.lastrow)-ROW(PLE.firstrow))),0,IF(OFFSET(PLE!$G$14,$M62,AX$13)=\"\",10^12,OFFSET(PLE!$G$14,$M62,AX$13))))","v":1000000000000},{"$f":"IF($D62<>\"Serviço\",0,IF(OR(AND(AUTOEVENTO=\"Manual\",$M62=1),$M62>(ROW(PLE.lastrow)-ROW(PLE.firstrow))),0,IF(OFFSET(PLE!$G$14,$M62,AY$13)=\"\",10^12,OFFSET(PLE!$G$14,$M62,AY$13))))","v":1000000000000},{"$f":"IF($D62<>\"Serviço\",0,IF(OR(AND(AUTOEVENTO=\"Manual\",$M62=1),$M62>(ROW(PLE.lastrow)-ROW(PLE.firstrow))),0,IF(OFFSET(PLE!$G$14,$M62,AZ$13)=\"\",10^12,OFFSET(PLE!$G$14,$M62,AZ$13))))","v":1000000000000},{"$f":"IF($D62<>\"Serviço\",0,IF(OR(AND(AUTOEVENTO=\"Manual\",$M62=1),$M62>(ROW(PLE.lastrow)-ROW(PLE.firstrow))),0,IF(OFFSET(PLE!$G$14,$M62,BA$13)=\"\",10^12,OFFSET(PLE!$G$14,$M62,BA$13))))","v":1000000000000},{"$f":"IF($D62<>\"Serviço\",0,IF(OR(AND(AUTOEVENTO=\"Manual\",$M62=1),$M62>(ROW(PLE.lastrow)-ROW(PLE.firstrow))),0,IF(OFFSET(PLE!$G$14,$M62,BB$13)=\"\",10^12,OFFSET(PLE!$G$14,$M62,BB$13))))","v":1000000000000},{"$f":"IF($D62<>\"Serviço\",0,IF(OR(AND(AUTOEVENTO=\"Manual\",$M62=1),$M62>(ROW(PLE.lastrow)-ROW(PLE.firstrow))),0,IF(OFFSET(PLE!$G$14,$M62,BC$13)=\"\",10^12,OFFSET(PLE!$G$14,$M62,BC$13))))","v":1000000000000},{"$f":"IF($D62<>\"Serviço\",0,IF(OR(AND(AUTOEVENTO=\"Manual\",$M62=1),$M62>(ROW(PLE.lastrow)-ROW(PLE.firstrow))),0,IF(OFFSET(PLE!$G$14,$M62,BD$13)=\"\",10^12,OFFSET(PLE!$G$14,$M62,BD$13))))","v":1000000000000},{"$f":"IF($D62<>\"Serviço\",0,IF(OR(AND(AUTOEVENTO=\"Manual\",$M62=1),$M62>(ROW(PLE.lastrow)-ROW(PLE.firstrow))),0,IF(OFFSET(PLE!$G$14,$M62,BE$13)=\"\",10^12,OFFSET(PLE!$G$14,$M62,BE$13))))","v":1000000000000},{"$f":"IF($D62<>\"Serviço\",0,IF(OR(AND(AUTOEVENTO=\"Manual\",$M62=1),$M62>(ROW(PLE.lastrow)-ROW(PLE.firstrow))),0,IF(OFFSET(PLE!$G$14,$M62,BF$13)=\"\",10^12,OFFSET(PLE!$G$14,$M62,BF$13))))","v":1000000000000},{"$f":"IF($D62<>\"Serviço\",0,IF(OR(AND(AUTOEVENTO=\"Manual\",$M62=1),$M62>(ROW(PLE.lastrow)-ROW(PLE.firstrow))),0,IF(OFFSET(PLE!$G$14,$M62,BG$13)=\"\",10^12,OFFSET(PLE!$G$14,$M62,BG$13))))","v":1000000000000}]
["36",{"$f":"OFFSET(ORÇAMENTO!C$15,ROW(B63)-ROW(B$15),0)","v":"S"},{"$f":"OFFSET(ORÇAMENTO!L$15,ROW(C63)-ROW(C$15),0)","v":"F"},{"$f":"OFFSET(ORÇAMENTO!N$15,ROW(D63)-ROW(D$15),0)","v":"Serviço"},{"$f":"OFFSET(ORÇAMENTO!O$15,ROW(E63)-ROW(E$15),0)","v":"1.8.2.6."},{"$f":"OFFSET(ORÇAMENTO!R$15,ROW(F63)-ROW(F$15),0)","v":"EMASSAMENTO COM MASSA LÁTEX, APLICAÇÃO EM PAREDE, DUAS DEMÃOS, LIXAMENTO MANUAL. AF_04/2023"},{"$f":"IF($D63<>\"Serviço\",\"\",OFFSET(ORÇAMENTO!S$15,ROW(G63)-ROW(G$15),0))","v":"M2"},{"$f":"IF($D63<>\"Serviço\",0,IF(ACOMPANHAMENTO=\"BM\",ROUND(OFFSET(ORÇAMENTO!AJ$15,ROW(H63)-ROW(H$15),0),15-13*ORÇAMENTO!$AF$7),SUMPRODUCT(($Q$12:$AA$12<>\"\")*ROUND($Q63:$AA63,15-13*ORÇAMENTO!$AF$7))))","v":636.36},"ÁREA DO EMASSAMENTO INTERNO DESCONTANDO TODOS OS VÃOS - NÃO FOI CONSIDERADA A ÁREA DA FRENTE, ÁREA DOS FUNDOS, ÁREA COZINHA, ÁREA BANHEIROS E DESPENSA",null,null,".",{"$f":"IF($D63<>\"Serviço\",\"\",IF(AUTOEVENTO=\"manual\",$A63,IF(ISERROR(MATCH($A63,$A$15:OFFSET($A63,-1,0),0)),MAX($M$15:OFFSET(M63,-1,0))+1,INDEX($M$15:OFFSET(M63,-1,0),MATCH($A63,$A$15:OFFSET($A63,-1,0),0)))))","v":9},{"$f":"IF($D63<>\"Serviço\",\"\",IF(AUTOEVENTO=\"Manual\",IF($A63=0,\"<-- defina o número do agrupador\",OFFSET(EVENTOS!$D$14,$A63,0)),OFFSET($F$15,$A63,0)))","v":"PAINÉIS E PAREDES"},null,null,{"$f":"Q61+Q60+Q59-7.03-15.97-38.41-17.11-49.28-35.1-35.1-(2.71*1.8*4)","v":636.35879999999997},null,null,null,null,null,null,null,null,null,null,{"$f":"IF(AND($D63=\"Serviço\",AB$12<>0,$H63>0,OR(AUTOEVENTO<>\"manual\",$M63<>1)),\nIF(Import.TipoArredondamento<>\"TransfereGOV\",\nROUND(OFFSET($P63,0,AB$13),15-13*ORÇAMENTO!$AF$7)/$H63*OFFSET(ORÇAMENTO!$X$15,ROW(AB63)-ROW(AB$15),0),\nROUND(ROUND(OFFSET($P63,0,AB$13),15-13*ORÇAMENTO!$AF$7)*OFFSET(ORÇAMENTO!$W$15,ROW(AB63)-ROW(AB$15),0),15-13*ORÇAMENTO!$AF$11)),0)","v":14260.83},{"$f":"IF(AND($D63=\"Serviço\",AC$12<>0,$H63>0,OR(AUTOEVENTO<>\"manual\",$M63<>1)),\nIF(Import.TipoArredondamento<>\"TransfereGOV\",\nROUND(OFFSET($P63,0,AC$13),15-13*ORÇAMENTO!$AF$7)/$H63*OFFSET(ORÇAMENTO!$X$15,ROW(AC63)-ROW(AC$15),0),\nROUND(ROUND(OFFSET($P63,0,AC$13),15-13*ORÇAMENTO!$AF$7)*OFFSET(ORÇAMENTO!$W$15,ROW(AC63)-ROW(AC$15),0),15-13*ORÇAMENTO!$AF$11)),0)","v":0},{"$f":"IF(AND($D63=\"Serviço\",AD$12<>0,$H63>0,OR(AUTOEVENTO<>\"manual\",$M63<>1)),\nIF(Import.TipoArredondamento<>\"TransfereGOV\",\nROUND(OFFSET($P63,0,AD$13),15-13*ORÇAMENTO!$AF$7)/$H63*OFFSET(ORÇAMENTO!$X$15,ROW(AD63)-ROW(AD$15),0),\nROUND(ROUND(OFFSET($P63,0,AD$13),15-13*ORÇAMENTO!$AF$7)*OFFSET(ORÇAMENTO!$W$15,ROW(AD63)-ROW(AD$15),0),15-13*ORÇAMENTO!$AF$11)),0)","v":0},{"$f":"IF(AND($D63=\"Serviço\",AE$12<>0,$H63>0,OR(AUTOEVENTO<>\"manual\",$M63<>1)),\nIF(Import.TipoArredondamento<>\"TransfereGOV\",\nROUND(OFFSET($P63,0,AE$13),15-13*ORÇAMENTO!$AF$7)/$H63*OFFSET(ORÇAMENTO!$X$15,ROW(AE63)-ROW(AE$15),0),\nROUND(ROUND(OFFSET($P63,0,AE$13),15-13*ORÇAMENTO!$AF$7)*OFFSET(ORÇAMENTO!$W$15,ROW(AE63)-ROW(AE$15),0),15-13*ORÇAMENTO!$AF$11)),0)","v":0},{"$f":"IF(AND($D63=\"Serviço\",AF$12<>0,$H63>0,OR(AUTOEVENTO<>\"manual\",$M63<>1)),\nIF(Import.TipoArredondamento<>\"TransfereGOV\",\nROUND(OFFSET($P63,0,AF$13),15-13*ORÇAMENTO!$AF$7)/$H63*OFFSET(ORÇAMENTO!$X$15,ROW(AF63)-ROW(AF$15),0),\nROUND(ROUND(OFFSET($P63,0,AF$13),15-13*ORÇAMENTO!$AF$7)*OFFSET(ORÇAMENTO!$W$15,ROW(AF63)-ROW(AF$15),0),15-13*ORÇAMENTO!$AF$11)),0)","v":0},{"$f":"IF(AND($D63=\"Serviço\",AG$12<>0,$H63>0,OR(AUTOEVENTO<>\"manual\",$M63<>1)),\nIF(Import.TipoArredondamento<>\"TransfereGOV\",\nROUND(OFFSET($P63,0,AG$13),15-13*ORÇAMENTO!$AF$7)/$H63*OFFSET(ORÇAMENTO!$X$15,ROW(AG63)-ROW(AG$15),0),\nROUND(ROUND(OFFSET($P63,0,AG$13),15-13*ORÇAMENTO!$AF$7)*OFFSET(ORÇAMENTO!$W$15,ROW(AG63)-ROW(AG$15),0),15-13*ORÇAMENTO!$AF$11)),0)","v":0},{"$f":"IF(AND($D63=\"Serviço\",AH$12<>0,$H63>0,OR(AUTOEVENTO<>\"manual\",$M63<>1)),\nIF(Import.TipoArredondamento<>\"TransfereGOV\",\nROUND(OFFSET($P63,0,AH$13),15-13*ORÇAMENTO!$AF$7)/$H63*OFFSET(ORÇAMENTO!$X$15,ROW(AH63)-ROW(AH$15),0),\nROUND(ROUND(OFFSET($P63,0,AH$13),15-13*ORÇAMENTO!$AF$7)*OFFSET(ORÇAMENTO!$W$15,ROW(AH63)-ROW(AH$15),0),15-13*ORÇAMENTO!$AF$11)),0)","v":0},{"$f":"IF(AND($D63=\"Serviço\",AI$12<>0,$H63>0,OR(AUTOEVENTO<>\"manual\",$M63<>1)),\nIF(Import.TipoArredondamento<>\"TransfereGOV\",\nROUND(OFFSET($P63,0,AI$13),15-13*ORÇAMENTO!$AF$7)/$H63*OFFSET(ORÇAMENTO!$X$15,ROW(AI63)-ROW(AI$15),0),\nROUND(ROUND(OFFSET($P63,0,AI$13),15-13*ORÇAMENTO!$AF$7)*OFFSET(ORÇAMENTO!$W$15,ROW(AI63)-ROW(AI$15),0),15-13*ORÇAMENTO!$AF$11)),0)","v":0},{"$f":"IF(AND($D63=\"Serviço\",AJ$12<>0,$H63>0,OR(AUTOEVENTO<>\"manual\",$M63<>1)),\nIF(Import.TipoArredondamento<>\"TransfereGOV\",\nROUND(OFFSET($P63,0,AJ$13),15-13*ORÇAMENTO!$AF$7)/$H63*OFFSET(ORÇAMENTO!$X$15,ROW(AJ63)-ROW(AJ$15),0),\nROUND(ROUND(OFFSET($P63,0,AJ$13),15-13*ORÇAMENTO!$AF$7)*OFFSET(ORÇAMENTO!$W$15,ROW(AJ63)-ROW(AJ$15),0),15-13*ORÇAMENTO!$AF$11)),0)","v":0},{"$f":"IF(AND($D63=\"Serviço\",AK$12<>0,$H63>0,OR(AUTOEVENTO<>\"manual\",$M63<>1)),\nIF(Import.TipoArredondamento<>\"TransfereGOV\",\nROUND(OFFSET($P63,0,AK$13),15-13*ORÇAMENTO!$AF$7)/$H63*OFFSET(ORÇAMENTO!$X$15,ROW(AK63)-ROW(AK$15),0),\nROUND(ROUND(OFFSET($P63,0,AK$13),15-13*ORÇAMENTO!$AF$7)*OFFSET(ORÇAMENTO!$W$15,ROW(AK63)-ROW(AK$15),0),15-13*ORÇAMENTO!$AF$11)),0)","v":0},null,{"$f":"IF($D63<>\"Serviço\",0,IF(AND(AUTOEVENTO=\"Manual\",$M63=1),0,IF(OFFSET(CRONOPLE!$F$14,$M63,AM$13)=\"\",10^12,OFFSET(CRONOPLE!$F$14,$M63,AM$13))))","v":1000000000000},{"$f":"IF($D63<>\"Serviço\",0,IF(AND(AUTOEVENTO=\"Manual\",$M63=1),0,IF(OFFSET(CRONOPLE!$F$14,$M63,AN$13)=\"\",10^12,OFFSET(CRONOPLE!$F$14,$M63,AN$13))))","v":1000000000000},{"$f":"IF($D63<>\"Serviço\",0,IF(AND(AUTOEVENTO=\"Manual\",$M63=1),0,IF(OFFSET(CRONOPLE!$F$14,$M63,AO$13)=\"\",10^12,OFFSET(CRONOPLE!$F$14,$M63,AO$13))))","v":1000000000000},{"$f":"IF($D63<>\"Serviço\",0,IF(AND(AUTOEVENTO=\"Manual\",$M63=1),0,IF(OFFSET(CRONOPLE!$F$14,$M63,AP$13)=\"\",10^12,OFFSET(CRONOPLE!$F$14,$M63,AP$13))))","v":1000000000000},{"$f":"IF($D63<>\"Serviço\",0,IF(AND(AUTOEVENTO=\"Manual\",$M63=1),0,IF(OFFSET(CRONOPLE!$F$14,$M63,AQ$13)=\"\",10^12,OFFSET(CRONOPLE!$F$14,$M63,AQ$13))))","v":1000000000000},{"$f":"IF($D63<>\"Serviço\",0,IF(AND(AUTOEVENTO=\"Manual\",$M63=1),0,IF(OFFSET(CRONOPLE!$F$14,$M63,AR$13)=\"\",10^12,OFFSET(CRONOPLE!$F$14,$M63,AR$13))))","v":1000000000000},{"$f":"IF($D63<>\"Serviço\",0,IF(AND(AUTOEVENTO=\"Manual\",$M63=1),0,IF(OFFSET(CRONOPLE!$F$14,$M63,AS$13)=\"\",10^12,OFFSET(CRONOPLE!$F$14,$M63,AS$13))))","v":1000000000000},{"$f":"IF($D63<>\"Serviço\",0,IF(AND(AUTOEVENTO=\"Manual\",$M63=1),0,IF(OFFSET(CRONOPLE!$F$14,$M63,AT$13)=\"\",10^12,OFFSET(CRONOPLE!$F$14,$M63,AT$13))))","v":1000000000000},{"$f":"IF($D63<>\"Serviço\",0,IF(AND(AUTOEVENTO=\"Manual\",$M63=1),0,IF(OFFSET(CRONOPLE!$F$14,$M63,AU$13)=\"\",10^12,OFFSET(CRONOPLE!$F$14,$M63,AU$13))))","v":1000000000000},{"$f":"IF($D63<>\"Serviço\",0,IF(AND(AUTOEVENTO=\"Manual\",$M63=1),0,IF(OFFSET(CRONOPLE!$F$14,$M63,AV$13)=\"\",10^12,OFFSET(CRONOPLE!$F$14,$M63,AV$13))))","v":1000000000000},null,{"$f":"IF($D63<>\"Serviço\",0,IF(OR(AND(AUTOEVENTO=\"Manual\",$M63=1),$M63>(ROW(PLE.lastrow)-ROW(PLE.firstrow))),0,IF(OFFSET(PLE!$G$14,$M63,AX$13)=\"\",10^12,OFFSET(PLE!$G$14,$M63,AX$13))))","v":1000000000000},{"$f":"IF($D63<>\"Serviço\",0,IF(OR(AND(AUTOEVENTO=\"Manual\",$M63=1),$M63>(ROW(PLE.lastrow)-ROW(PLE.firstrow))),0,IF(OFFSET(PLE!$G$14,$M63,AY$13)=\"\",10^12,OFFSET(PLE!$G$14,$M63,AY$13))))","v":1000000000000},{"$f":"IF($D63<>\"Serviço\",0,IF(OR(AND(AUTOEVENTO=\"Manual\",$M63=1),$M63>(ROW(PLE.lastrow)-ROW(PLE.firstrow))),0,IF(OFFSET(PLE!$G$14,$M63,AZ$13)=\"\",10^12,OFFSET(PLE!$G$14,$M63,AZ$13))))","v":1000000000000},{"$f":"IF($D63<>\"Serviço\",0,IF(OR(AND(AUTOEVENTO=\"Manual\",$M63=1),$M63>(ROW(PLE.lastrow)-ROW(PLE.firstrow))),0,IF(OFFSET(PLE!$G$14,$M63,BA$13)=\"\",10^12,OFFSET(PLE!$G$14,$M63,BA$13))))","v":1000000000000},{"$f":"IF($D63<>\"Serviço\",0,IF(OR(AND(AUTOEVENTO=\"Manual\",$M63=1),$M63>(ROW(PLE.lastrow)-ROW(PLE.firstrow))),0,IF(OFFSET(PLE!$G$14,$M63,BB$13)=\"\",10^12,OFFSET(PLE!$G$14,$M63,BB$13))))","v":1000000000000},{"$f":"IF($D63<>\"Serviço\",0,IF(OR(AND(AUTOEVENTO=\"Manual\",$M63=1),$M63>(ROW(PLE.lastrow)-ROW(PLE.firstrow))),0,IF(OFFSET(PLE!$G$14,$M63,BC$13)=\"\",10^12,OFFSET(PLE!$G$14,$M63,BC$13))))","v":1000000000000},{"$f":"IF($D63<>\"Serviço\",0,IF(OR(AND(AUTOEVENTO=\"Manual\",$M63=1),$M63>(ROW(PLE.lastrow)-ROW(PLE.firstrow))),0,IF(OFFSET(PLE!$G$14,$M63,BD$13)=\"\",10^12,OFFSET(PLE!$G$14,$M63,BD$13))))","v":1000000000000},{"$f":"IF($D63<>\"Serviço\",0,IF(OR(AND(AUTOEVENTO=\"Manual\",$M63=1),$M63>(ROW(PLE.lastrow)-ROW(PLE.firstrow))),0,IF(OFFSET(PLE!$G$14,$M63,BE$13)=\"\",10^12,OFFSET(PLE!$G$14,$M63,BE$13))))","v":1000000000000},{"$f":"IF($D63<>\"Serviço\",0,IF(OR(AND(AUTOEVENTO=\"Manual\",$M63=1),$M63>(ROW(PLE.lastrow)-ROW(PLE.firstrow))),0,IF(OFFSET(PLE!$G$14,$M63,BF$13)=\"\",10^12,OFFSET(PLE!$G$14,$M63,BF$13))))","v":1000000000000},{"$f":"IF($D63<>\"Serviço\",0,IF(OR(AND(AUTOEVENTO=\"Manual\",$M63=1),$M63>(ROW(PLE.lastrow)-ROW(PLE.firstrow))),0,IF(OFFSET(PLE!$G$14,$M63,BG$13)=\"\",10^12,OFFSET(PLE!$G$14,$M63,BG$13))))","v":1000000000000}]
["36",{"$f":"OFFSET(ORÇAMENTO!C$15,ROW(B64)-ROW(B$15),0)","v":"S"},{"$f":"OFFSET(ORÇAMENTO!L$15,ROW(C64)-ROW(C$15),0)","v":"F"},{"$f":"OFFSET(ORÇAMENTO!N$15,ROW(D64)-ROW(D$15),0)","v":"Serviço"},{"$f":"OFFSET(ORÇAMENTO!O$15,ROW(E64)-ROW(E$15),0)","v":"1.8.2.7."},{"$f":"OFFSET(ORÇAMENTO!R$15,ROW(F64)-ROW(F$15),0)","v":"DIVISORIA SANITÁRIA, TIPO CABINE, EM GRANITO CINZA POLIDO, ESP = 2CM, ASSENTADO COM ARGAMASSA COLANTE AC III-E. AF_01/2021"},{"$f":"IF($D64<>\"Serviço\",\"\",OFFSET(ORÇAMENTO!S$15,ROW(G64)-ROW(G$15),0))","v":"m2"},{"$f":"IF($D64<>\"Serviço\",0,IF(ACOMPANHAMENTO=\"BM\",ROUND(OFFSET(ORÇAMENTO!AJ$15,ROW(H64)-ROW(H$15),0),15-13*ORÇAMENTO!$AF$7),SUMPRODUCT(($Q$12:$AA$12<>\"\")*ROUND($Q64:$AA64,15-13*ORÇAMENTO!$AF$7))))","v":4.1900000000000004},null,null,null,".",{"$f":"IF($D64<>\"Serviço\",\"\",IF(AUTOEVENTO=\"manual\",$A64,IF(ISERROR(MATCH($A64,$A$15:OFFSET($A64,-1,0),0)),MAX($M$15:OFFSET(M64,-1,0))+1,INDEX($M$15:OFFSET(M64,-1,0),MATCH($A64,$A$15:OFFSET($A64,-1,0),0)))))","v":9},{"$f":"IF($D64<>\"Serviço\",\"\",IF(AUTOEVENTO=\"Manual\",IF($A64=0,\"<-- defina o número do agrupador\",OFFSET(EVENTOS!$D$14,$A64,0)),OFFSET($F$15,$A64,0)))","v":"PAINÉIS E PAREDES"},null,null,{"$f":"(1.8*3.24*2)-(0.8*1.8*3*2)+(0.65*1.8)","v":4.1940000000000008},null,null,null,null,null,null,null,null,null,null,{"$f":"IF(AND($D64=\"Serviço\",AB$12<>0,$H64>0,OR(AUTOEVENTO<>\"manual\",$M64<>1)),\nIF(Import.TipoArredondamento<>\"TransfereGOV\",\nROUND(OFFSET($P64,0,AB$13),15-13*ORÇAMENTO!$AF$7)/$H64*OFFSET(ORÇAMENTO!$X$15,ROW(AB64)-ROW(AB$15),0),\nROUND(ROUND(OFFSET($P64,0,AB$13),15-13*ORÇAMENTO!$AF$7)*OFFSET(ORÇAMENTO!$W$15,ROW(AB64)-ROW(AB$15),0),15-13*ORÇAMENTO!$AF$11)),0)","v":4084.66},{"$f":"IF(AND($D64=\"Serviço\",AC$12<>0,$H64>0,OR(AUTOEVENTO<>\"manual\",$M64<>1)),\nIF(Import.TipoArredondamento<>\"TransfereGOV\",\nROUND(OFFSET($P64,0,AC$13),15-13*ORÇAMENTO!$AF$7)/$H64*OFFSET(ORÇAMENTO!$X$15,ROW(AC64)-ROW(AC$15),0),\nROUND(ROUND(OFFSET($P64,0,AC$13),15-13*ORÇAMENTO!$AF$7)*OFFSET(ORÇAMENTO!$W$15,ROW(AC64)-ROW(AC$15),0),15-13*ORÇAMENTO!$AF$11)),0)","v":0},{"$f":"IF(AND($D64=\"Serviço\",AD$12<>0,$H64>0,OR(AUTOEVENTO<>\"manual\",$M64<>1)),\nIF(Import.TipoArredondamento<>\"TransfereGOV\",\nROUND(OFFSET($P64,0,AD$13),15-13*ORÇAMENTO!$AF$7)/$H64*OFFSET(ORÇAMENTO!$X$15,ROW(AD64)-ROW(AD$15),0),\nROUND(ROUND(OFFSET($P64,0,AD$13),15-13*ORÇAMENTO!$AF$7)*OFFSET(ORÇAMENTO!$W$15,ROW(AD64)-ROW(AD$15),0),15-13*ORÇAMENTO!$AF$11)),0)","v":0},{"$f":"IF(AND($D64=\"Serviço\",AE$12<>0,$H64>0,OR(AUTOEVENTO<>\"manual\",$M64<>1)),\nIF(Import.TipoArredondamento<>\"TransfereGOV\",\nROUND(OFFSET($P64,0,AE$13),15-13*ORÇAMENTO!$AF$7)/$H64*OFFSET(ORÇAMENTO!$X$15,ROW(AE64)-ROW(AE$15),0),\nROUND(ROUND(OFFSET($P64,0,AE$13),15-13*ORÇAMENTO!$AF$7)*OFFSET(ORÇAMENTO!$W$15,ROW(AE64)-ROW(AE$15),0),15-13*ORÇAMENTO!$AF$11)),0)","v":0},{"$f":"IF(AND($D64=\"Serviço\",AF$12<>0,$H64>0,OR(AUTOEVENTO<>\"manual\",$M64<>1)),\nIF(Import.TipoArredondamento<>\"TransfereGOV\",\nROUND(OFFSET($P64,0,AF$13),15-13*ORÇAMENTO!$AF$7)/$H64*OFFSET(ORÇAMENTO!$X$15,ROW(AF64)-ROW(AF$15),0),\nROUND(ROUND(OFFSET($P64,0,AF$13),15-13*ORÇAMENTO!$AF$7)*OFFSET(ORÇAMENTO!$W$15,ROW(AF64)-ROW(AF$15),0),15-13*ORÇAMENTO!$AF$11)),0)","v":0},{"$f":"IF(AND($D64=\"Serviço\",AG$12<>0,$H64>0,OR(AUTOEVENTO<>\"manual\",$M64<>1)),\nIF(Import.TipoArredondamento<>\"TransfereGOV\",\nROUND(OFFSET($P64,0,AG$13),15-13*ORÇAMENTO!$AF$7)/$H64*OFFSET(ORÇAMENTO!$X$15,ROW(AG64)-ROW(AG$15),0),\nROUND(ROUND(OFFSET($P64,0,AG$13),15-13*ORÇAMENTO!$AF$7)*OFFSET(ORÇAMENTO!$W$15,ROW(AG64)-ROW(AG$15),0),15-13*ORÇAMENTO!$AF$11)),0)","v":0},{"$f":"IF(AND($D64=\"Serviço\",AH$12<>0,$H64>0,OR(AUTOEVENTO<>\"manual\",$M64<>1)),\nIF(Import.TipoArredondamento<>\"TransfereGOV\",\nROUND(OFFSET($P64,0,AH$13),15-13*ORÇAMENTO!$AF$7)/$H64*OFFSET(ORÇAMENTO!$X$15,ROW(AH64)-ROW(AH$15),0),\nROUND(ROUND(OFFSET($P64,0,AH$13),15-13*ORÇAMENTO!$AF$7)*OFFSET(ORÇAMENTO!$W$15,ROW(AH64)-ROW(AH$15),0),15-13*ORÇAMENTO!$AF$11)),0)","v":0},{"$f":"IF(AND($D64=\"Serviço\",AI$12<>0,$H64>0,OR(AUTOEVENTO<>\"manual\",$M64<>1)),\nIF(Import.TipoArredondamento<>\"TransfereGOV\",\nROUND(OFFSET($P64,0,AI$13),15-13*ORÇAMENTO!$AF$7)/$H64*OFFSET(ORÇAMENTO!$X$15,ROW(AI64)-ROW(AI$15),0),\nROUND(ROUND(OFFSET($P64,0,AI$13),15-13*ORÇAMENTO!$AF$7)*OFFSET(ORÇAMENTO!$W$15,ROW(AI64)-ROW(AI$15),0),15-13*ORÇAMENTO!$AF$11)),0)","v":0},{"$f":"IF(AND($D64=\"Serviço\",AJ$12<>0,$H64>0,OR(AUTOEVENTO<>\"manual\",$M64<>1)),\nIF(Import.TipoArredondamento<>\"TransfereGOV\",\nROUND(OFFSET($P64,0,AJ$13),15-13*ORÇAMENTO!$AF$7)/$H64*OFFSET(ORÇAMENTO!$X$15,ROW(AJ64)-ROW(AJ$15),0),\nROUND(ROUND(OFFSET($P64,0,AJ$13),15-13*ORÇAMENTO!$AF$7)*OFFSET(ORÇAMENTO!$W$15,ROW(AJ64)-ROW(AJ$15),0),15-13*ORÇAMENTO!$AF$11)),0)","v":0},{"$f":"IF(AND($D64=\"Serviço\",AK$12<>0,$H64>0,OR(AUTOEVENTO<>\"manual\",$M64<>1)),\nIF(Import.TipoArredondamento<>\"TransfereGOV\",\nROUND(OFFSET($P64,0,AK$13),15-13*ORÇAMENTO!$AF$7)/$H64*OFFSET(ORÇAMENTO!$X$15,ROW(AK64)-ROW(AK$15),0),\nROUND(ROUND(OFFSET($P64,0,AK$13),15-13*ORÇAMENTO!$AF$7)*OFFSET(ORÇAMENTO!$W$15,ROW(AK64)-ROW(AK$15),0),15-13*ORÇAMENTO!$AF$11)),0)","v":0},null,{"$f":"IF($D64<>\"Serviço\",0,IF(AND(AUTOEVENTO=\"Manual\",$M64=1),0,IF(OFFSET(CRONOPLE!$F$14,$M64,AM$13)=\"\",10^12,OFFSET(CRONOPLE!$F$14,$M64,AM$13))))","v":1000000000000},{"$f":"IF($D64<>\"Serviço\",0,IF(AND(AUTOEVENTO=\"Manual\",$M64=1),0,IF(OFFSET(CRONOPLE!$F$14,$M64,AN$13)=\"\",10^12,OFFSET(CRONOPLE!$F$14,$M64,AN$13))))","v":1000000000000},{"$f":"IF($D64<>\"Serviço\",0,IF(AND(AUTOEVENTO=\"Manual\",$M64=1),0,IF(OFFSET(CRONOPLE!$F$14,$M64,AO$13)=\"\",10^12,OFFSET(CRONOPLE!$F$14,$M64,AO$13))))","v":1000000000000},{"$f":"IF($D64<>\"Serviço\",0,IF(AND(AUTOEVENTO=\"Manual\",$M64=1),0,IF(OFFSET(CRONOPLE!$F$14,$M64,AP$13)=\"\",10^12,OFFSET(CRONOPLE!$F$14,$M64,AP$13))))","v":1000000000000},{"$f":"IF($D64<>\"Serviço\",0,IF(AND(AUTOEVENTO=\"Manual\",$M64=1),0,IF(OFFSET(CRONOPLE!$F$14,$M64,AQ$13)=\"\",10^12,OFFSET(CRONOPLE!$F$14,$M64,AQ$13))))","v":1000000000000},{"$f":"IF($D64<>\"Serviço\",0,IF(AND(AUTOEVENTO=\"Manual\",$M64=1),0,IF(OFFSET(CRONOPLE!$F$14,$M64,AR$13)=\"\",10^12,OFFSET(CRONOPLE!$F$14,$M64,AR$13))))","v":1000000000000},{"$f":"IF($D64<>\"Serviço\",0,IF(AND(AUTOEVENTO=\"Manual\",$M64=1),0,IF(OFFSET(CRONOPLE!$F$14,$M64,AS$13)=\"\",10^12,OFFSET(CRONOPLE!$F$14,$M64,AS$13))))","v":1000000000000},{"$f":"IF($D64<>\"Serviço\",0,IF(AND(AUTOEVENTO=\"Manual\",$M64=1),0,IF(OFFSET(CRONOPLE!$F$14,$M64,AT$13)=\"\",10^12,OFFSET(CRONOPLE!$F$14,$M64,AT$13))))","v":1000000000000},{"$f":"IF($D64<>\"Serviço\",0,IF(AND(AUTOEVENTO=\"Manual\",$M64=1),0,IF(OFFSET(CRONOPLE!$F$14,$M64,AU$13)=\"\",10^12,OFFSET(CRONOPLE!$F$14,$M64,AU$13))))","v":1000000000000},{"$f":"IF($D64<>\"Serviço\",0,IF(AND(AUTOEVENTO=\"Manual\",$M64=1),0,IF(OFFSET(CRONOPLE!$F$14,$M64,AV$13)=\"\",10^12,OFFSET(CRONOPLE!$F$14,$M64,AV$13))))","v":1000000000000},null,{"$f":"IF($D64<>\"Serviço\",0,IF(OR(AND(AUTOEVENTO=\"Manual\",$M64=1),$M64>(ROW(PLE.lastrow)-ROW(PLE.firstrow))),0,IF(OFFSET(PLE!$G$14,$M64,AX$13)=\"\",10^12,OFFSET(PLE!$G$14,$M64,AX$13))))","v":1000000000000},{"$f":"IF($D64<>\"Serviço\",0,IF(OR(AND(AUTOEVENTO=\"Manual\",$M64=1),$M64>(ROW(PLE.lastrow)-ROW(PLE.firstrow))),0,IF(OFFSET(PLE!$G$14,$M64,AY$13)=\"\",10^12,OFFSET(PLE!$G$14,$M64,AY$13))))","v":1000000000000},{"$f":"IF($D64<>\"Serviço\",0,IF(OR(AND(AUTOEVENTO=\"Manual\",$M64=1),$M64>(ROW(PLE.lastrow)-ROW(PLE.firstrow))),0,IF(OFFSET(PLE!$G$14,$M64,AZ$13)=\"\",10^12,OFFSET(PLE!$G$14,$M64,AZ$13))))","v":1000000000000},{"$f":"IF($D64<>\"Serviço\",0,IF(OR(AND(AUTOEVENTO=\"Manual\",$M64=1),$M64>(ROW(PLE.lastrow)-ROW(PLE.firstrow))),0,IF(OFFSET(PLE!$G$14,$M64,BA$13)=\"\",10^12,OFFSET(PLE!$G$14,$M64,BA$13))))","v":1000000000000},{"$f":"IF($D64<>\"Serviço\",0,IF(OR(AND(AUTOEVENTO=\"Manual\",$M64=1),$M64>(ROW(PLE.lastrow)-ROW(PLE.firstrow))),0,IF(OFFSET(PLE!$G$14,$M64,BB$13)=\"\",10^12,OFFSET(PLE!$G$14,$M64,BB$13))))","v":1000000000000},{"$f":"IF($D64<>\"Serviço\",0,IF(OR(AND(AUTOEVENTO=\"Manual\",$M64=1),$M64>(ROW(PLE.lastrow)-ROW(PLE.firstrow))),0,IF(OFFSET(PLE!$G$14,$M64,BC$13)=\"\",10^12,OFFSET(PLE!$G$14,$M64,BC$13))))","v":1000000000000},{"$f":"IF($D64<>\"Serviço\",0,IF(OR(AND(AUTOEVENTO=\"Manual\",$M64=1),$M64>(ROW(PLE.lastrow)-ROW(PLE.firstrow))),0,IF(OFFSET(PLE!$G$14,$M64,BD$13)=\"\",10^12,OFFSET(PLE!$G$14,$M64,BD$13))))","v":1000000000000},{"$f":"IF($D64<>\"Serviço\",0,IF(OR(AND(AUTOEVENTO=\"Manual\",$M64=1),$M64>(ROW(PLE.lastrow)-ROW(PLE.firstrow))),0,IF(OFFSET(PLE!$G$14,$M64,BE$13)=\"\",10^12,OFFSET(PLE!$G$14,$M64,BE$13))))","v":1000000000000},{"$f":"IF($D64<>\"Serviço\",0,IF(OR(AND(AUTOEVENTO=\"Manual\",$M64=1),$M64>(ROW(PLE.lastrow)-ROW(PLE.firstrow))),0,IF(OFFSET(PLE!$G$14,$M64,BF$13)=\"\",10^12,OFFSET(PLE!$G$14,$M64,BF$13))))","v":1000000000000},{"$f":"IF($D64<>\"Serviço\",0,IF(OR(AND(AUTOEVENTO=\"Manual\",$M64=1),$M64>(ROW(PLE.lastrow)-ROW(PLE.firstrow))),0,IF(OFFSET(PLE!$G$14,$M64,BG$13)=\"\",10^12,OFFSET(PLE!$G$14,$M64,BG$13))))","v":1000000000000}]
["36",{"$f":"OFFSET(ORÇAMENTO!C$15,ROW(B65)-ROW(B$15),0)","v":"S"},{"$f":"OFFSET(ORÇAMENTO!L$15,ROW(C65)-ROW(C$15),0)","v":"F"},{"$f":"OFFSET(ORÇAMENTO!N$15,ROW(D65)-ROW(D$15),0)","v":"Serviço"},{"$f":"OFFSET(ORÇAMENTO!O$15,ROW(E65)-ROW(E$15),0)","v":"1.8.2.8."},{"$f":"OFFSET(ORÇAMENTO!R$15,ROW(F65)-ROW(F$15),0)","v":"REVESTIMENTO CERÂMICO PARA PAREDES INTERNAS COM PLACAS TIPO ESMALTADA DE DIMENSÕES 60X60 CM APLICADAS NA ALTURA INTEIRA DAS PAREDES. AF_02/2023_PE"},{"$f":"IF($D65<>\"Serviço\",\"\",OFFSET(ORÇAMENTO!S$15,ROW(G65)-ROW(G$15),0))","v":"M2"},{"$f":"IF($D65<>\"Serviço\",0,IF(ACOMPANHAMENTO=\"BM\",ROUND(OFFSET(ORÇAMENTO!AJ$15,ROW(H65)-ROW(H$15),0),15-13*ORÇAMENTO!$AF$7),SUMPRODUCT(($Q$12:$AA$12<>\"\")*ROUND($Q65:$AA65,15-13*ORÇAMENTO!$AF$7))))","v":263.27999999999997},"ATÉ O TETO, NOS COMODOS COZINHA, BANHEIROS, ÁREA DE SERVIÇO E DESPENSA",null,null,".",{"$f":"IF($D65<>\"Serviço\",\"\",IF(AUTOEVENTO=\"manual\",$A65,IF(ISERROR(MATCH($A65,$A$15:OFFSET($A65,-1,0),0)),MAX($M$15:OFFSET(M65,-1,0))+1,INDEX($M$15:OFFSET(M65,-1,0),MATCH($A65,$A$15:OFFSET($A65,-1,0),0)))))","v":9},{"$f":"IF($D65<>\"Serviço\",\"\",IF(AUTOEVENTO=\"Manual\",IF($A65=0,\"<-- defina o número do agrupador\",OFFSET(EVENTOS!$D$14,$A65,0)),OFFSET($F$15,$A65,0)))","v":"PAINÉIS E PAREDES"},null,null,{"$f":"(12.47*3)-(1.6*0.4)-(0.8*2.1)-(0.15*1.8*2)+(8.88*3*2)-(0.4*0.8*2)-(0.8*2.1*2)+(2.55*1.8*4)+(12.44*3)-(1.6*0.4)-(0.8*2.1)-(1.8*0.15*2)+(6.23*3)-(0.6*2.1)-(0.8*0.4)+(15.19*3)-(1.2*1)-(2.1*0.8)-(0.8*2.1)-(1.5*0.9)+(9.5*3*2)-(2.1*0.8*2)-(0.8*0.4*2)+5.62*3","v":263.28000000000003},null,null,null,null,null,null,null,null,null,null,{"$f":"IF(AND($D65=\"Serviço\",AB$12<>0,$H65>0,OR(AUTOEVENTO<>\"manual\",$M65<>1)),\nIF(Import.TipoArredondamento<>\"TransfereGOV\",\nROUND(OFFSET($P65,0,AB$13),15-13*ORÇAMENTO!$AF$7)/$H65*OFFSET(ORÇAMENTO!$X$15,ROW(AB65)-ROW(AB$15),0),\nROUND(ROUND(OFFSET($P65,0,AB$13),15-13*ORÇAMENTO!$AF$7)*OFFSET(ORÇAMENTO!$W$15,ROW(AB65)-ROW(AB$15),0),15-13*ORÇAMENTO!$AF$11)),0)","v":34371.199999999997},{"$f":"IF(AND($D65=\"Serviço\",AC$12<>0,$H65>0,OR(AUTOEVENTO<>\"manual\",$M65<>1)),\nIF(Import.TipoArredondamento<>\"TransfereGOV\",\nROUND(OFFSET($P65,0,AC$13),15-13*ORÇAMENTO!$AF$7)/$H65*OFFSET(ORÇAMENTO!$X$15,ROW(AC65)-ROW(AC$15),0),\nROUND(ROUND(OFFSET($P65,0,AC$13),15-13*ORÇAMENTO!$AF$7)*OFFSET(ORÇAMENTO!$W$15,ROW(AC65)-ROW(AC$15),0),15-13*ORÇAMENTO!$AF$11)),0)","v":0},{"$f":"IF(AND($D65=\"Serviço\",AD$12<>0,$H65>0,OR(AUTOEVENTO<>\"manual\",$M65<>1)),\nIF(Import.TipoArredondamento<>\"TransfereGOV\",\nROUND(OFFSET($P65,0,AD$13),15-13*ORÇAMENTO!$AF$7)/$H65*OFFSET(ORÇAMENTO!$X$15,ROW(AD65)-ROW(AD$15),0),\nROUND(ROUND(OFFSET($P65,0,AD$13),15-13*ORÇAMENTO!$AF$7)*OFFSET(ORÇAMENTO!$W$15,ROW(AD65)-ROW(AD$15),0),15-13*ORÇAMENTO!$AF$11)),0)","v":0},{"$f":"IF(AND($D65=\"Serviço\",AE$12<>0,$H65>0,OR(AUTOEVENTO<>\"manual\",$M65<>1)),\nIF(Import.TipoArredondamento<>\"TransfereGOV\",\nROUND(OFFSET($P65,0,AE$13),15-13*ORÇAMENTO!$AF$7)/$H65*OFFSET(ORÇAMENTO!$X$15,ROW(AE65)-ROW(AE$15),0),\nROUND(ROUND(OFFSET($P65,0,AE$13),15-13*ORÇAMENTO!$AF$7)*OFFSET(ORÇAMENTO!$W$15,ROW(AE65)-ROW(AE$15),0),15-13*ORÇAMENTO!$AF$11)),0)","v":0},{"$f":"IF(AND($D65=\"Serviço\",AF$12<>0,$H65>0,OR(AUTOEVENTO<>\"manual\",$M65<>1)),\nIF(Import.TipoArredondamento<>\"TransfereGOV\",\nROUND(OFFSET($P65,0,AF$13),15-13*ORÇAMENTO!$AF$7)/$H65*OFFSET(ORÇAMENTO!$X$15,ROW(AF65)-ROW(AF$15),0),\nROUND(ROUND(OFFSET($P65,0,AF$13),15-13*ORÇAMENTO!$AF$7)*OFFSET(ORÇAMENTO!$W$15,ROW(AF65)-ROW(AF$15),0),15-13*ORÇAMENTO!$AF$11)),0)","v":0},{"$f":"IF(AND($D65=\"Serviço\",AG$12<>0,$H65>0,OR(AUTOEVENTO<>\"manual\",$M65<>1)),\nIF(Import.TipoArredondamento<>\"TransfereGOV\",\nROUND(OFFSET($P65,0,AG$13),15-13*ORÇAMENTO!$AF$7)/$H65*OFFSET(ORÇAMENTO!$X$15,ROW(AG65)-ROW(AG$15),0),\nROUND(ROUND(OFFSET($P65,0,AG$13),15-13*ORÇAMENTO!$AF$7)*OFFSET(ORÇAMENTO!$W$15,ROW(AG65)-ROW(AG$15),0),15-13*ORÇAMENTO!$AF$11)),0)","v":0},{"$f":"IF(AND($D65=\"Serviço\",AH$12<>0,$H65>0,OR(AUTOEVENTO<>\"manual\",$M65<>1)),\nIF(Import.TipoArredondamento<>\"TransfereGOV\",\nROUND(OFFSET($P65,0,AH$13),15-13*ORÇAMENTO!$AF$7)/$H65*OFFSET(ORÇAMENTO!$X$15,ROW(AH65)-ROW(AH$15),0),\nROUND(ROUND(OFFSET($P65,0,AH$13),15-13*ORÇAMENTO!$AF$7)*OFFSET(ORÇAMENTO!$W$15,ROW(AH65)-ROW(AH$15),0),15-13*ORÇAMENTO!$AF$11)),0)","v":0},{"$f":"IF(AND($D65=\"Serviço\",AI$12<>0,$H65>0,OR(AUTOEVENTO<>\"manual\",$M65<>1)),\nIF(Import.TipoArredondamento<>\"TransfereGOV\",\nROUND(OFFSET($P65,0,AI$13),15-13*ORÇAMENTO!$AF$7)/$H65*OFFSET(ORÇAMENTO!$X$15,ROW(AI65)-ROW(AI$15),0),\nROUND(ROUND(OFFSET($P65,0,AI$13),15-13*ORÇAMENTO!$AF$7)*OFFSET(ORÇAMENTO!$W$15,ROW(AI65)-ROW(AI$15),0),15-13*ORÇAMENTO!$AF$11)),0)","v":0},{"$f":"IF(AND($D65=\"Serviço\",AJ$12<>0,$H65>0,OR(AUTOEVENTO<>\"manual\",$M65<>1)),\nIF(Import.TipoArredondamento<>\"TransfereGOV\",\nROUND(OFFSET($P65,0,AJ$13),15-13*ORÇAMENTO!$AF$7)/$H65*OFFSET(ORÇAMENTO!$X$15,ROW(AJ65)-ROW(AJ$15),0),\nROUND(ROUND(OFFSET($P65,0,AJ$13),15-13*ORÇAMENTO!$AF$7)*OFFSET(ORÇAMENTO!$W$15,ROW(AJ65)-ROW(AJ$15),0),15-13*ORÇAMENTO!$AF$11)),0)","v":0},{"$f":"IF(AND($D65=\"Serviço\",AK$12<>0,$H65>0,OR(AUTOEVENTO<>\"manual\",$M65<>1)),\nIF(Import.TipoArredondamento<>\"TransfereGOV\",\nROUND(OFFSET($P65,0,AK$13),15-13*ORÇAMENTO!$AF$7)/$H65*OFFSET(ORÇAMENTO!$X$15,ROW(AK65)-ROW(AK$15),0),\nROUND(ROUND(OFFSET($P65,0,AK$13),15-13*ORÇAMENTO!$AF$7)*OFFSET(ORÇAMENTO!$W$15,ROW(AK65)-ROW(AK$15),0),15-13*ORÇAMENTO!$AF$11)),0)","v":0},null,{"$f":"IF($D65<>\"Serviço\",0,IF(AND(AUTOEVENTO=\"Manual\",$M65=1),0,IF(OFFSET(CRONOPLE!$F$14,$M65,AM$13)=\"\",10^12,OFFSET(CRONOPLE!$F$14,$M65,AM$13))))","v":1000000000000},{"$f":"IF($D65<>\"Serviço\",0,IF(AND(AUTOEVENTO=\"Manual\",$M65=1),0,IF(OFFSET(CRONOPLE!$F$14,$M65,AN$13)=\"\",10^12,OFFSET(CRONOPLE!$F$14,$M65,AN$13))))","v":1000000000000},{"$f":"IF($D65<>\"Serviço\",0,IF(AND(AUTOEVENTO=\"Manual\",$M65=1),0,IF(OFFSET(CRONOPLE!$F$14,$M65,AO$13)=\"\",10^12,OFFSET(CRONOPLE!$F$14,$M65,AO$13))))","v":1000000000000},{"$f":"IF($D65<>\"Serviço\",0,IF(AND(AUTOEVENTO=\"Manual\",$M65=1),0,IF(OFFSET(CRONOPLE!$F$14,$M65,AP$13)=\"\",10^12,OFFSET(CRONOPLE!$F$14,$M65,AP$13))))","v":1000000000000},{"$f":"IF($D65<>\"Serviço\",0,IF(AND(AUTOEVENTO=\"Manual\",$M65=1),0,IF(OFFSET(CRONOPLE!$F$14,$M65,AQ$13)=\"\",10^12,OFFSET(CRONOPLE!$F$14,$M65,AQ$13))))","v":1000000000000},{"$f":"IF($D65<>\"Serviço\",0,IF(AND(AUTOEVENTO=\"Manual\",$M65=1),0,IF(OFFSET(CRONOPLE!$F$14,$M65,AR$13)=\"\",10^12,OFFSET(CRONOPLE!$F$14,$M65,AR$13))))","v":1000000000000},{"$f":"IF($D65<>\"Serviço\",0,IF(AND(AUTOEVENTO=\"Manual\",$M65=1),0,IF(OFFSET(CRONOPLE!$F$14,$M65,AS$13)=\"\",10^12,OFFSET(CRONOPLE!$F$14,$M65,AS$13))))","v":1000000000000},{"$f":"IF($D65<>\"Serviço\",0,IF(AND(AUTOEVENTO=\"Manual\",$M65=1),0,IF(OFFSET(CRONOPLE!$F$14,$M65,AT$13)=\"\",10^12,OFFSET(CRONOPLE!$F$14,$M65,AT$13))))","v":1000000000000},{"$f":"IF($D65<>\"Serviço\",0,IF(AND(AUTOEVENTO=\"Manual\",$M65=1),0,IF(OFFSET(CRONOPLE!$F$14,$M65,AU$13)=\"\",10^12,OFFSET(CRONOPLE!$F$14,$M65,AU$13))))","v":1000000000000},{"$f":"IF($D65<>\"Serviço\",0,IF(AND(AUTOEVENTO=\"Manual\",$M65=1),0,IF(OFFSET(CRONOPLE!$F$14,$M65,AV$13)=\"\",10^12,OFFSET(CRONOPLE!$F$14,$M65,AV$13))))","v":1000000000000},null,{"$f":"IF($D65<>\"Serviço\",0,IF(OR(AND(AUTOEVENTO=\"Manual\",$M65=1),$M65>(ROW(PLE.lastrow)-ROW(PLE.firstrow))),0,IF(OFFSET(PLE!$G$14,$M65,AX$13)=\"\",10^12,OFFSET(PLE!$G$14,$M65,AX$13))))","v":1000000000000},{"$f":"IF($D65<>\"Serviço\",0,IF(OR(AND(AUTOEVENTO=\"Manual\",$M65=1),$M65>(ROW(PLE.lastrow)-ROW(PLE.firstrow))),0,IF(OFFSET(PLE!$G$14,$M65,AY$13)=\"\",10^12,OFFSET(PLE!$G$14,$M65,AY$13))))","v":1000000000000},{"$f":"IF($D65<>\"Serviço\",0,IF(OR(AND(AUTOEVENTO=\"Manual\",$M65=1),$M65>(ROW(PLE.lastrow)-ROW(PLE.firstrow))),0,IF(OFFSET(PLE!$G$14,$M65,AZ$13)=\"\",10^12,OFFSET(PLE!$G$14,$M65,AZ$13))))","v":1000000000000},{"$f":"IF($D65<>\"Serviço\",0,IF(OR(AND(AUTOEVENTO=\"Manual\",$M65=1),$M65>(ROW(PLE.lastrow)-ROW(PLE.firstrow))),0,IF(OFFSET(PLE!$G$14,$M65,BA$13)=\"\",10^12,OFFSET(PLE!$G$14,$M65,BA$13))))","v":1000000000000},{"$f":"IF($D65<>\"Serviço\",0,IF(OR(AND(AUTOEVENTO=\"Manual\",$M65=1),$M65>(ROW(PLE.lastrow)-ROW(PLE.firstrow))),0,IF(OFFSET(PLE!$G$14,$M65,BB$13)=\"\",10^12,OFFSET(PLE!$G$14,$M65,BB$13))))","v":1000000000000},{"$f":"IF($D65<>\"Serviço\",0,IF(OR(AND(AUTOEVENTO=\"Manual\",$M65=1),$M65>(ROW(PLE.lastrow)-ROW(PLE.firstrow))),0,IF(OFFSET(PLE!$G$14,$M65,BC$13)=\"\",10^12,OFFSET(PLE!$G$14,$M65,BC$13))))","v":1000000000000},{"$f":"IF($D65<>\"Serviço\",0,IF(OR(AND(AUTOEVENTO=\"Manual\",$M65=1),$M65>(ROW(PLE.lastrow)-ROW(PLE.firstrow))),0,IF(OFFSET(PLE!$G$14,$M65,BD$13)=\"\",10^12,OFFSET(PLE!$G$14,$M65,BD$13))))","v":1000000000000},{"$f":"IF($D65<>\"Serviço\",0,IF(OR(AND(AUTOEVENTO=\"Manual\",$M65=1),$M65>(ROW(PLE.lastrow)-ROW(PLE.firstrow))),0,IF(OFFSET(PLE!$G$14,$M65,BE$13)=\"\",10^12,OFFSET(PLE!$G$14,$M65,BE$13))))","v":1000000000000},{"$f":"IF($D65<>\"Serviço\",0,IF(OR(AND(AUTOEVENTO=\"Manual\",$M65=1),$M65>(ROW(PLE.lastrow)-ROW(PLE.firstrow))),0,IF(OFFSET(PLE!$G$14,$M65,BF$13)=\"\",10^12,OFFSET(PLE!$G$14,$M65,BF$13))))","v":1000000000000},{"$f":"IF($D65<>\"Serviço\",0,IF(OR(AND(AUTOEVENTO=\"Manual\",$M65=1),$M65>(ROW(PLE.lastrow)-ROW(PLE.firstrow))),0,IF(OFFSET(PLE!$G$14,$M65,BG$13)=\"\",10^12,OFFSET(PLE!$G$14,$M65,BG$13))))","v":1000000000000}]
["51.",{"$f":"OFFSET(ORÇAMENTO!C$15,ROW(B66)-ROW(B$15),0)","v":2},{"$f":"OFFSET(ORÇAMENTO!L$15,ROW(C66)-ROW(C$15),0)","v":"F"},{"$f":"OFFSET(ORÇAMENTO!N$15,ROW(D66)-ROW(D$15),0)","v":"Nível 2"},{"$f":"OFFSET(ORÇAMENTO!O$15,ROW(E66)-ROW(E$15),0)","v":"1.9."},{"$f":"OFFSET(ORÇAMENTO!R$15,ROW(F66)-ROW(F$15),0)","v":"FORRO"},{"$f":"IF($D66<>\"Serviço\",\"\",OFFSET(ORÇAMENTO!S$15,ROW(G66)-ROW(G$15),0))","v":""},{"$f":"IF($D66<>\"Serviço\",0,IF(ACOMPANHAMENTO=\"BM\",ROUND(OFFSET(ORÇAMENTO!AJ$15,ROW(H66)-ROW(H$15),0),15-13*ORÇAMENTO!$AF$7),SUMPRODUCT(($Q$12:$AA$12<>\"\")*ROUND($Q66:$AA66,15-13*ORÇAMENTO!$AF$7))))","v":0},null,null,null,".",{"$f":"IF($D66<>\"Serviço\",\"\",IF(AUTOEVENTO=\"manual\",$A66,IF(ISERROR(MATCH($A66,$A$15:OFFSET($A66,-1,0),0)),MAX($M$15:OFFSET(M66,-1,0))+1,INDEX($M$15:OFFSET(M66,-1,0),MATCH($A66,$A$15:OFFSET($A66,-1,0),0)))))","v":""},{"$f":"IF($D66<>\"Serviço\",\"\",IF(AUTOEVENTO=\"Manual\",IF($A66=0,\"<-- defina o número do agrupador\",OFFSET(EVENTOS!$D$14,$A66,0)),OFFSET($F$15,$A66,0)))","v":""},null,null,null,null,null,null,null,null,null,null,null,null,null,{"$f":"IF(AND($D66=\"Serviço\",AB$12<>0,$H66>0,OR(AUTOEVENTO<>\"manual\",$M66<>1)),\nIF(Import.TipoArredondamento<>\"TransfereGOV\",\nROUND(OFFSET($P66,0,AB$13),15-13*ORÇAMENTO!$AF$7)/$H66*OFFSET(ORÇAMENTO!$X$15,ROW(AB66)-ROW(AB$15),0),\nROUND(ROUND(OFFSET($P66,0,AB$13),15-13*ORÇAMENTO!$AF$7)*OFFSET(ORÇAMENTO!$W$15,ROW(AB66)-ROW(AB$15),0),15-13*ORÇAMENTO!$AF$11)),0)","v":0},{"$f":"IF(AND($D66=\"Serviço\",AC$12<>0,$H66>0,OR(AUTOEVENTO<>\"manual\",$M66<>1)),\nIF(Import.TipoArredondamento<>\"TransfereGOV\",\nROUND(OFFSET($P66,0,AC$13),15-13*ORÇAMENTO!$AF$7)/$H66*OFFSET(ORÇAMENTO!$X$15,ROW(AC66)-ROW(AC$15),0),\nROUND(ROUND(OFFSET($P66,0,AC$13),15-13*ORÇAMENTO!$AF$7)*OFFSET(ORÇAMENTO!$W$15,ROW(AC66)-ROW(AC$15),0),15-13*ORÇAMENTO!$AF$11)),0)","v":0},{"$f":"IF(AND($D66=\"Serviço\",AD$12<>0,$H66>0,OR(AUTOEVENTO<>\"manual\",$M66<>1)),\nIF(Import.TipoArredondamento<>\"TransfereGOV\",\nROUND(OFFSET($P66,0,AD$13),15-13*ORÇAMENTO!$AF$7)/$H66*OFFSET(ORÇAMENTO!$X$15,ROW(AD66)-ROW(AD$15),0),\nROUND(ROUND(OFFSET($P66,0,AD$13),15-13*ORÇAMENTO!$AF$7)*OFFSET(ORÇAMENTO!$W$15,ROW(AD66)-ROW(AD$15),0),15-13*ORÇAMENTO!$AF$11)),0)","v":0},{"$f":"IF(AND($D66=\"Serviço\",AE$12<>0,$H66>0,OR(AUTOEVENTO<>\"manual\",$M66<>1)),\nIF(Import.TipoArredondamento<>\"TransfereGOV\",\nROUND(OFFSET($P66,0,AE$13),15-13*ORÇAMENTO!$AF$7)/$H66*OFFSET(ORÇAMENTO!$X$15,ROW(AE66)-ROW(AE$15),0),\nROUND(ROUND(OFFSET($P66,0,AE$13),15-13*ORÇAMENTO!$AF$7)*OFFSET(ORÇAMENTO!$W$15,ROW(AE66)-ROW(AE$15),0),15-13*ORÇAMENTO!$AF$11)),0)","v":0},{"$f":"IF(AND($D66=\"Serviço\",AF$12<>0,$H66>0,OR(AUTOEVENTO<>\"manual\",$M66<>1)),\nIF(Import.TipoArredondamento<>\"TransfereGOV\",\nROUND(OFFSET($P66,0,AF$13),15-13*ORÇAMENTO!$AF$7)/$H66*OFFSET(ORÇAMENTO!$X$15,ROW(AF66)-ROW(AF$15),0),\nROUND(ROUND(OFFSET($P66,0,AF$13),15-13*ORÇAMENTO!$AF$7)*OFFSET(ORÇAMENTO!$W$15,ROW(AF66)-ROW(AF$15),0),15-13*ORÇAMENTO!$AF$11)),0)","v":0},{"$f":"IF(AND($D66=\"Serviço\",AG$12<>0,$H66>0,OR(AUTOEVENTO<>\"manual\",$M66<>1)),\nIF(Import.TipoArredondamento<>\"TransfereGOV\",\nROUND(OFFSET($P66,0,AG$13),15-13*ORÇAMENTO!$AF$7)/$H66*OFFSET(ORÇAMENTO!$X$15,ROW(AG66)-ROW(AG$15),0),\nROUND(ROUND(OFFSET($P66,0,AG$13),15-13*ORÇAMENTO!$AF$7)*OFFSET(ORÇAMENTO!$W$15,ROW(AG66)-ROW(AG$15),0),15-13*ORÇAMENTO!$AF$11)),0)","v":0},{"$f":"IF(AND($D66=\"Serviço\",AH$12<>0,$H66>0,OR(AUTOEVENTO<>\"manual\",$M66<>1)),\nIF(Import.TipoArredondamento<>\"TransfereGOV\",\nROUND(OFFSET($P66,0,AH$13),15-13*ORÇAMENTO!$AF$7)/$H66*OFFSET(ORÇAMENTO!$X$15,ROW(AH66)-ROW(AH$15),0),\nROUND(ROUND(OFFSET($P66,0,AH$13),15-13*ORÇAMENTO!$AF$7)*OFFSET(ORÇAMENTO!$W$15,ROW(AH66)-ROW(AH$15),0),15-13*ORÇAMENTO!$AF$11)),0)","v":0},{"$f":"IF(AND($D66=\"Serviço\",AI$12<>0,$H66>0,OR(AUTOEVENTO<>\"manual\",$M66<>1)),\nIF(Import.TipoArredondamento<>\"TransfereGOV\",\nROUND(OFFSET($P66,0,AI$13),15-13*ORÇAMENTO!$AF$7)/$H66*OFFSET(ORÇAMENTO!$X$15,ROW(AI66)-ROW(AI$15),0),\nROUND(ROUND(OFFSET($P66,0,AI$13),15-13*ORÇAMENTO!$AF$7)*OFFSET(ORÇAMENTO!$W$15,ROW(AI66)-ROW(AI$15),0),15-13*ORÇAMENTO!$AF$11)),0)","v":0},{"$f":"IF(AND($D66=\"Serviço\",AJ$12<>0,$H66>0,OR(AUTOEVENTO<>\"manual\",$M66<>1)),\nIF(Import.TipoArredondamento<>\"TransfereGOV\",\nROUND(OFFSET($P66,0,AJ$13),15-13*ORÇAMENTO!$AF$7)/$H66*OFFSET(ORÇAMENTO!$X$15,ROW(AJ66)-ROW(AJ$15),0),\nROUND(ROUND(OFFSET($P66,0,AJ$13),15-13*ORÇAMENTO!$AF$7)*OFFSET(ORÇAMENTO!$W$15,ROW(AJ66)-ROW(AJ$15),0),15-13*ORÇAMENTO!$AF$11)),0)","v":0},{"$f":"IF(AND($D66=\"Serviço\",AK$12<>0,$H66>0,OR(AUTOEVENTO<>\"manual\",$M66<>1)),\nIF(Import.TipoArredondamento<>\"TransfereGOV\",\nROUND(OFFSET($P66,0,AK$13),15-13*ORÇAMENTO!$AF$7)/$H66*OFFSET(ORÇAMENTO!$X$15,ROW(AK66)-ROW(AK$15),0),\nROUND(ROUND(OFFSET($P66,0,AK$13),15-13*ORÇAMENTO!$AF$7)*OFFSET(ORÇAMENTO!$W$15,ROW(AK66)-ROW(AK$15),0),15-13*ORÇAMENTO!$AF$11)),0)","v":0},null,{"$f":"IF($D66<>\"Serviço\",0,IF(AND(AUTOEVENTO=\"Manual\",$M66=1),0,IF(OFFSET(CRONOPLE!$F$14,$M66,AM$13)=\"\",10^12,OFFSET(CRONOPLE!$F$14,$M66,AM$13))))","v":0},{"$f":"IF($D66<>\"Serviço\",0,IF(AND(AUTOEVENTO=\"Manual\",$M66=1),0,IF(OFFSET(CRONOPLE!$F$14,$M66,AN$13)=\"\",10^12,OFFSET(CRONOPLE!$F$14,$M66,AN$13))))","v":0},{"$f":"IF($D66<>\"Serviço\",0,IF(AND(AUTOEVENTO=\"Manual\",$M66=1),0,IF(OFFSET(CRONOPLE!$F$14,$M66,AO$13)=\"\",10^12,OFFSET(CRONOPLE!$F$14,$M66,AO$13))))","v":0},{"$f":"IF($D66<>\"Serviço\",0,IF(AND(AUTOEVENTO=\"Manual\",$M66=1),0,IF(OFFSET(CRONOPLE!$F$14,$M66,AP$13)=\"\",10^12,OFFSET(CRONOPLE!$F$14,$M66,AP$13))))","v":0},{"$f":"IF($D66<>\"Serviço\",0,IF(AND(AUTOEVENTO=\"Manual\",$M66=1),0,IF(OFFSET(CRONOPLE!$F$14,$M66,AQ$13)=\"\",10^12,OFFSET(CRONOPLE!$F$14,$M66,AQ$13))))","v":0},{"$f":"IF($D66<>\"Serviço\",0,IF(AND(AUTOEVENTO=\"Manual\",$M66=1),0,IF(OFFSET(CRONOPLE!$F$14,$M66,AR$13)=\"\",10^12,OFFSET(CRONOPLE!$F$14,$M66,AR$13))))","v":0},{"$f":"IF($D66<>\"Serviço\",0,IF(AND(AUTOEVENTO=\"Manual\",$M66=1),0,IF(OFFSET(CRONOPLE!$F$14,$M66,AS$13)=\"\",10^12,OFFSET(CRONOPLE!$F$14,$M66,AS$13))))","v":0},{"$f":"IF($D66<>\"Serviço\",0,IF(AND(AUTOEVENTO=\"Manual\",$M66=1),0,IF(OFFSET(CRONOPLE!$F$14,$M66,AT$13)=\"\",10^12,OFFSET(CRONOPLE!$F$14,$M66,AT$13))))","v":0},{"$f":"IF($D66<>\"Serviço\",0,IF(AND(AUTOEVENTO=\"Manual\",$M66=1),0,IF(OFFSET(CRONOPLE!$F$14,$M66,AU$13)=\"\",10^12,OFFSET(CRONOPLE!$F$14,$M66,AU$13))))","v":0},{"$f":"IF($D66<>\"Serviço\",0,IF(AND(AUTOEVENTO=\"Manual\",$M66=1),0,IF(OFFSET(CRONOPLE!$F$14,$M66,AV$13)=\"\",10^12,OFFSET(CRONOPLE!$F$14,$M66,AV$13))))","v":0},null,{"$f":"IF($D66<>\"Serviço\",0,IF(OR(AND(AUTOEVENTO=\"Manual\",$M66=1),$M66>(ROW(PLE.lastrow)-ROW(PLE.firstrow))),0,IF(OFFSET(PLE!$G$14,$M66,AX$13)=\"\",10^12,OFFSET(PLE!$G$14,$M66,AX$13))))","v":0},{"$f":"IF($D66<>\"Serviço\",0,IF(OR(AND(AUTOEVENTO=\"Manual\",$M66=1),$M66>(ROW(PLE.lastrow)-ROW(PLE.firstrow))),0,IF(OFFSET(PLE!$G$14,$M66,AY$13)=\"\",10^12,OFFSET(PLE!$G$14,$M66,AY$13))))","v":0},{"$f":"IF($D66<>\"Serviço\",0,IF(OR(AND(AUTOEVENTO=\"Manual\",$M66=1),$M66>(ROW(PLE.lastrow)-ROW(PLE.firstrow))),0,IF(OFFSET(PLE!$G$14,$M66,AZ$13)=\"\",10^12,OFFSET(PLE!$G$14,$M66,AZ$13))))","v":0},{"$f":"IF($D66<>\"Serviço\",0,IF(OR(AND(AUTOEVENTO=\"Manual\",$M66=1),$M66>(ROW(PLE.lastrow)-ROW(PLE.firstrow))),0,IF(OFFSET(PLE!$G$14,$M66,BA$13)=\"\",10^12,OFFSET(PLE!$G$14,$M66,BA$13))))","v":0},{"$f":"IF($D66<>\"Serviço\",0,IF(OR(AND(AUTOEVENTO=\"Manual\",$M66=1),$M66>(ROW(PLE.lastrow)-ROW(PLE.firstrow))),0,IF(OFFSET(PLE!$G$14,$M66,BB$13)=\"\",10^12,OFFSET(PLE!$G$14,$M66,BB$13))))","v":0},{"$f":"IF($D66<>\"Serviço\",0,IF(OR(AND(AUTOEVENTO=\"Manual\",$M66=1),$M66>(ROW(PLE.lastrow)-ROW(PLE.firstrow))),0,IF(OFFSET(PLE!$G$14,$M66,BC$13)=\"\",10^12,OFFSET(PLE!$G$14,$M66,BC$13))))","v":0},{"$f":"IF($D66<>\"Serviço\",0,IF(OR(AND(AUTOEVENTO=\"Manual\",$M66=1),$M66>(ROW(PLE.lastrow)-ROW(PLE.firstrow))),0,IF(OFFSET(PLE!$G$14,$M66,BD$13)=\"\",10^12,OFFSET(PLE!$G$14,$M66,BD$13))))","v":0},{"$f":"IF($D66<>\"Serviço\",0,IF(OR(AND(AUTOEVENTO=\"Manual\",$M66=1),$M66>(ROW(PLE.lastrow)-ROW(PLE.firstrow))),0,IF(OFFSET(PLE!$G$14,$M66,BE$13)=\"\",10^12,OFFSET(PLE!$G$14,$M66,BE$13))))","v":0},{"$f":"IF($D66<>\"Serviço\",0,IF(OR(AND(AUTOEVENTO=\"Manual\",$M66=1),$M66>(ROW(PLE.lastrow)-ROW(PLE.firstrow))),0,IF(OFFSET(PLE!$G$14,$M66,BF$13)=\"\",10^12,OFFSET(PLE!$G$14,$M66,BF$13))))","v":0},{"$f":"IF($D66<>\"Serviço\",0,IF(OR(AND(AUTOEVENTO=\"Manual\",$M66=1),$M66>(ROW(PLE.lastrow)-ROW(PLE.firstrow))),0,IF(OFFSET(PLE!$G$14,$M66,BG$13)=\"\",10^12,OFFSET(PLE!$G$14,$M66,BG$13))))","v":0}]
["51",{"$f":"OFFSET(ORÇAMENTO!C$15,ROW(B67)-ROW(B$15),0)","v":"S"},{"$f":"OFFSET(ORÇAMENTO!L$15,ROW(C67)-ROW(C$15),0)","v":"F"},{"$f":"OFFSET(ORÇAMENTO!N$15,ROW(D67)-ROW(D$15),0)","v":"Serviço"},{"$f":"OFFSET(ORÇAMENTO!O$15,ROW(E67)-ROW(E$15),0)","v":"1.9.0.1."},{"$f":"OFFSET(ORÇAMENTO!R$15,ROW(F67)-ROW(F$15),0)","v":"CHAPISCO APLICADO NO TETO OU EM ALVENARIA E ESTRUTURA, COM ROLO PARA TEXTURA ACRÍLICA. ARGAMASSA TRAÇO 1:4 E EMULSÃO POLIMÉRICA (ADESIVO) COM PREPARO EM BETONEIRA 400L. AF_10/2022"},{"$f":"IF($D67<>\"Serviço\",\"\",OFFSET(ORÇAMENTO!S$15,ROW(G67)-ROW(G$15),0))","v":"M2"},{"$f":"IF($D67<>\"Serviço\",0,IF(ACOMPANHAMENTO=\"BM\",ROUND(OFFSET(ORÇAMENTO!AJ$15,ROW(H67)-ROW(H$15),0),15-13*ORÇAMENTO!$AF$7),SUMPRODUCT(($Q$12:$AA$12<>\"\")*ROUND($Q67:$AA67,15-13*ORÇAMENTO!$AF$7))))","v":316.24},"área do forro ",null,null,".",{"$f":"IF($D67<>\"Serviço\",\"\",IF(AUTOEVENTO=\"manual\",$A67,IF(ISERROR(MATCH($A67,$A$15:OFFSET($A67,-1,0),0)),MAX($M$15:OFFSET(M67,-1,0))+1,INDEX($M$15:OFFSET(M67,-1,0),MATCH($A67,$A$15:OFFSET($A67,-1,0),0)))))","v":10},{"$f":"IF($D67<>\"Serviço\",\"\",IF(AUTOEVENTO=\"Manual\",IF($A67=0,\"<-- defina o número do agrupador\",OFFSET(EVENTOS!$D$14,$A67,0)),OFFSET($F$15,$A67,0)))","v":"FORRO"},null,null,{"$f":"(16.26+30.62+9.71+8.89+8.89+9.71+8.53+2.33+13.78+25.3+9.97+3.93+14.73+2.35+25+8.5+8+14.47+43.71+41.34+5.11+5.11)","v":316.24},null,null,null,null,null,null,null,null,null,null,{"$f":"IF(AND($D67=\"Serviço\",AB$12<>0,$H67>0,OR(AUTOEVENTO<>\"manual\",$M67<>1)),\nIF(Import.TipoArredondamento<>\"TransfereGOV\",\nROUND(OFFSET($P67,0,AB$13),15-13*ORÇAMENTO!$AF$7)/$H67*OFFSET(ORÇAMENTO!$X$15,ROW(AB67)-ROW(AB$15),0),\nROUND(ROUND(OFFSET($P67,0,AB$13),15-13*ORÇAMENTO!$AF$7)*OFFSET(ORÇAMENTO!$W$15,ROW(AB67)-ROW(AB$15),0),15-13*ORÇAMENTO!$AF$11)),0)","v":2659.58},{"$f":"IF(AND($D67=\"Serviço\",AC$12<>0,$H67>0,OR(AUTOEVENTO<>\"manual\",$M67<>1)),\nIF(Import.TipoArredondamento<>\"TransfereGOV\",\nROUND(OFFSET($P67,0,AC$13),15-13*ORÇAMENTO!$AF$7)/$H67*OFFSET(ORÇAMENTO!$X$15,ROW(AC67)-ROW(AC$15),0),\nROUND(ROUND(OFFSET($P67,0,AC$13),15-13*ORÇAMENTO!$AF$7)*OFFSET(ORÇAMENTO!$W$15,ROW(AC67)-ROW(AC$15),0),15-13*ORÇAMENTO!$AF$11)),0)","v":0},{"$f":"IF(AND($D67=\"Serviço\",AD$12<>0,$H67>0,OR(AUTOEVENTO<>\"manual\",$M67<>1)),\nIF(Import.TipoArredondamento<>\"TransfereGOV\",\nROUND(OFFSET($P67,0,AD$13),15-13*ORÇAMENTO!$AF$7)/$H67*OFFSET(ORÇAMENTO!$X$15,ROW(AD67)-ROW(AD$15),0),\nROUND(ROUND(OFFSET($P67,0,AD$13),15-13*ORÇAMENTO!$AF$7)*OFFSET(ORÇAMENTO!$W$15,ROW(AD67)-ROW(AD$15),0),15-13*ORÇAMENTO!$AF$11)),0)","v":0},{"$f":"IF(AND($D67=\"Serviço\",AE$12<>0,$H67>0,OR(AUTOEVENTO<>\"manual\",$M67<>1)),\nIF(Import.TipoArredondamento<>\"TransfereGOV\",\nROUND(OFFSET($P67,0,AE$13),15-13*ORÇAMENTO!$AF$7)/$H67*OFFSET(ORÇAMENTO!$X$15,ROW(AE67)-ROW(AE$15),0),\nROUND(ROUND(OFFSET($P67,0,AE$13),15-13*ORÇAMENTO!$AF$7)*OFFSET(ORÇAMENTO!$W$15,ROW(AE67)-ROW(AE$15),0),15-13*ORÇAMENTO!$AF$11)),0)","v":0},{"$f":"IF(AND($D67=\"Serviço\",AF$12<>0,$H67>0,OR(AUTOEVENTO<>\"manual\",$M67<>1)),\nIF(Import.TipoArredondamento<>\"TransfereGOV\",\nROUND(OFFSET($P67,0,AF$13),15-13*ORÇAMENTO!$AF$7)/$H67*OFFSET(ORÇAMENTO!$X$15,ROW(AF67)-ROW(AF$15),0),\nROUND(ROUND(OFFSET($P67,0,AF$13),15-13*ORÇAMENTO!$AF$7)*OFFSET(ORÇAMENTO!$W$15,ROW(AF67)-ROW(AF$15),0),15-13*ORÇAMENTO!$AF$11)),0)","v":0},{"$f":"IF(AND($D67=\"Serviço\",AG$12<>0,$H67>0,OR(AUTOEVENTO<>\"manual\",$M67<>1)),\nIF(Import.TipoArredondamento<>\"TransfereGOV\",\nROUND(OFFSET($P67,0,AG$13),15-13*ORÇAMENTO!$AF$7)/$H67*OFFSET(ORÇAMENTO!$X$15,ROW(AG67)-ROW(AG$15),0),\nROUND(ROUND(OFFSET($P67,0,AG$13),15-13*ORÇAMENTO!$AF$7)*OFFSET(ORÇAMENTO!$W$15,ROW(AG67)-ROW(AG$15),0),15-13*ORÇAMENTO!$AF$11)),0)","v":0},{"$f":"IF(AND($D67=\"Serviço\",AH$12<>0,$H67>0,OR(AUTOEVENTO<>\"manual\",$M67<>1)),\nIF(Import.TipoArredondamento<>\"TransfereGOV\",\nROUND(OFFSET($P67,0,AH$13),15-13*ORÇAMENTO!$AF$7)/$H67*OFFSET(ORÇAMENTO!$X$15,ROW(AH67)-ROW(AH$15),0),\nROUND(ROUND(OFFSET($P67,0,AH$13),15-13*ORÇAMENTO!$AF$7)*OFFSET(ORÇAMENTO!$W$15,ROW(AH67)-ROW(AH$15),0),15-13*ORÇAMENTO!$AF$11)),0)","v":0},{"$f":"IF(AND($D67=\"Serviço\",AI$12<>0,$H67>0,OR(AUTOEVENTO<>\"manual\",$M67<>1)),\nIF(Import.TipoArredondamento<>\"TransfereGOV\",\nROUND(OFFSET($P67,0,AI$13),15-13*ORÇAMENTO!$AF$7)/$H67*OFFSET(ORÇAMENTO!$X$15,ROW(AI67)-ROW(AI$15),0),\nROUND(ROUND(OFFSET($P67,0,AI$13),15-13*ORÇAMENTO!$AF$7)*OFFSET(ORÇAMENTO!$W$15,ROW(AI67)-ROW(AI$15),0),15-13*ORÇAMENTO!$AF$11)),0)","v":0},{"$f":"IF(AND($D67=\"Serviço\",AJ$12<>0,$H67>0,OR(AUTOEVENTO<>\"manual\",$M67<>1)),\nIF(Import.TipoArredondamento<>\"TransfereGOV\",\nROUND(OFFSET($P67,0,AJ$13),15-13*ORÇAMENTO!$AF$7)/$H67*OFFSET(ORÇAMENTO!$X$15,ROW(AJ67)-ROW(AJ$15),0),\nROUND(ROUND(OFFSET($P67,0,AJ$13),15-13*ORÇAMENTO!$AF$7)*OFFSET(ORÇAMENTO!$W$15,ROW(AJ67)-ROW(AJ$15),0),15-13*ORÇAMENTO!$AF$11)),0)","v":0},{"$f":"IF(AND($D67=\"Serviço\",AK$12<>0,$H67>0,OR(AUTOEVENTO<>\"manual\",$M67<>1)),\nIF(Import.TipoArredondamento<>\"TransfereGOV\",\nROUND(OFFSET($P67,0,AK$13),15-13*ORÇAMENTO!$AF$7)/$H67*OFFSET(ORÇAMENTO!$X$15,ROW(AK67)-ROW(AK$15),0),\nROUND(ROUND(OFFSET($P67,0,AK$13),15-13*ORÇAMENTO!$AF$7)*OFFSET(ORÇAMENTO!$W$15,ROW(AK67)-ROW(AK$15),0),15-13*ORÇAMENTO!$AF$11)),0)","v":0},null,{"$f":"IF($D67<>\"Serviço\",0,IF(AND(AUTOEVENTO=\"Manual\",$M67=1),0,IF(OFFSET(CRONOPLE!$F$14,$M67,AM$13)=\"\",10^12,OFFSET(CRONOPLE!$F$14,$M67,AM$13))))","v":1000000000000},{"$f":"IF($D67<>\"Serviço\",0,IF(AND(AUTOEVENTO=\"Manual\",$M67=1),0,IF(OFFSET(CRONOPLE!$F$14,$M67,AN$13)=\"\",10^12,OFFSET(CRONOPLE!$F$14,$M67,AN$13))))","v":1000000000000},{"$f":"IF($D67<>\"Serviço\",0,IF(AND(AUTOEVENTO=\"Manual\",$M67=1),0,IF(OFFSET(CRONOPLE!$F$14,$M67,AO$13)=\"\",10^12,OFFSET(CRONOPLE!$F$14,$M67,AO$13))))","v":1000000000000},{"$f":"IF($D67<>\"Serviço\",0,IF(AND(AUTOEVENTO=\"Manual\",$M67=1),0,IF(OFFSET(CRONOPLE!$F$14,$M67,AP$13)=\"\",10^12,OFFSET(CRONOPLE!$F$14,$M67,AP$13))))","v":1000000000000},{"$f":"IF($D67<>\"Serviço\",0,IF(AND(AUTOEVENTO=\"Manual\",$M67=1),0,IF(OFFSET(CRONOPLE!$F$14,$M67,AQ$13)=\"\",10^12,OFFSET(CRONOPLE!$F$14,$M67,AQ$13))))","v":1000000000000},{"$f":"IF($D67<>\"Serviço\",0,IF(AND(AUTOEVENTO=\"Manual\",$M67=1),0,IF(OFFSET(CRONOPLE!$F$14,$M67,AR$13)=\"\",10^12,OFFSET(CRONOPLE!$F$14,$M67,AR$13))))","v":1000000000000},{"$f":"IF($D67<>\"Serviço\",0,IF(AND(AUTOEVENTO=\"Manual\",$M67=1),0,IF(OFFSET(CRONOPLE!$F$14,$M67,AS$13)=\"\",10^12,OFFSET(CRONOPLE!$F$14,$M67,AS$13))))","v":1000000000000},{"$f":"IF($D67<>\"Serviço\",0,IF(AND(AUTOEVENTO=\"Manual\",$M67=1),0,IF(OFFSET(CRONOPLE!$F$14,$M67,AT$13)=\"\",10^12,OFFSET(CRONOPLE!$F$14,$M67,AT$13))))","v":1000000000000},{"$f":"IF($D67<>\"Serviço\",0,IF(AND(AUTOEVENTO=\"Manual\",$M67=1),0,IF(OFFSET(CRONOPLE!$F$14,$M67,AU$13)=\"\",10^12,OFFSET(CRONOPLE!$F$14,$M67,AU$13))))","v":1000000000000},{"$f":"IF($D67<>\"Serviço\",0,IF(AND(AUTOEVENTO=\"Manual\",$M67=1),0,IF(OFFSET(CRONOPLE!$F$14,$M67,AV$13)=\"\",10^12,OFFSET(CRONOPLE!$F$14,$M67,AV$13))))","v":1000000000000},null,{"$f":"IF($D67<>\"Serviço\",0,IF(OR(AND(AUTOEVENTO=\"Manual\",$M67=1),$M67>(ROW(PLE.lastrow)-ROW(PLE.firstrow))),0,IF(OFFSET(PLE!$G$14,$M67,AX$13)=\"\",10^12,OFFSET(PLE!$G$14,$M67,AX$13))))","v":1000000000000},{"$f":"IF($D67<>\"Serviço\",0,IF(OR(AND(AUTOEVENTO=\"Manual\",$M67=1),$M67>(ROW(PLE.lastrow)-ROW(PLE.firstrow))),0,IF(OFFSET(PLE!$G$14,$M67,AY$13)=\"\",10^12,OFFSET(PLE!$G$14,$M67,AY$13))))","v":1000000000000},{"$f":"IF($D67<>\"Serviço\",0,IF(OR(AND(AUTOEVENTO=\"Manual\",$M67=1),$M67>(ROW(PLE.lastrow)-ROW(PLE.firstrow))),0,IF(OFFSET(PLE!$G$14,$M67,AZ$13)=\"\",10^12,OFFSET(PLE!$G$14,$M67,AZ$13))))","v":1000000000000},{"$f":"IF($D67<>\"Serviço\",0,IF(OR(AND(AUTOEVENTO=\"Manual\",$M67=1),$M67>(ROW(PLE.lastrow)-ROW(PLE.firstrow))),0,IF(OFFSET(PLE!$G$14,$M67,BA$13)=\"\",10^12,OFFSET(PLE!$G$14,$M67,BA$13))))","v":1000000000000},{"$f":"IF($D67<>\"Serviço\",0,IF(OR(AND(AUTOEVENTO=\"Manual\",$M67=1),$M67>(ROW(PLE.lastrow)-ROW(PLE.firstrow))),0,IF(OFFSET(PLE!$G$14,$M67,BB$13)=\"\",10^12,OFFSET(PLE!$G$14,$M67,BB$13))))","v":1000000000000},{"$f":"IF($D67<>\"Serviço\",0,IF(OR(AND(AUTOEVENTO=\"Manual\",$M67=1),$M67>(ROW(PLE.lastrow)-ROW(PLE.firstrow))),0,IF(OFFSET(PLE!$G$14,$M67,BC$13)=\"\",10^12,OFFSET(PLE!$G$14,$M67,BC$13))))","v":1000000000000},{"$f":"IF($D67<>\"Serviço\",0,IF(OR(AND(AUTOEVENTO=\"Manual\",$M67=1),$M67>(ROW(PLE.lastrow)-ROW(PLE.firstrow))),0,IF(OFFSET(PLE!$G$14,$M67,BD$13)=\"\",10^12,OFFSET(PLE!$G$14,$M67,BD$13))))","v":1000000000000},{"$f":"IF($D67<>\"Serviço\",0,IF(OR(AND(AUTOEVENTO=\"Manual\",$M67=1),$M67>(ROW(PLE.lastrow)-ROW(PLE.firstrow))),0,IF(OFFSET(PLE!$G$14,$M67,BE$13)=\"\",10^12,OFFSET(PLE!$G$14,$M67,BE$13))))","v":1000000000000},{"$f":"IF($D67<>\"Serviço\",0,IF(OR(AND(AUTOEVENTO=\"Manual\",$M67=1),$M67>(ROW(PLE.lastrow)-ROW(PLE.firstrow))),0,IF(OFFSET(PLE!$G$14,$M67,BF$13)=\"\",10^12,OFFSET(PLE!$G$14,$M67,BF$13))))","v":1000000000000},{"$f":"IF($D67<>\"Serviço\",0,IF(OR(AND(AUTOEVENTO=\"Manual\",$M67=1),$M67>(ROW(PLE.lastrow)-ROW(PLE.firstrow))),0,IF(OFFSET(PLE!$G$14,$M67,BG$13)=\"\",10^12,OFFSET(PLE!$G$14,$M67,BG$13))))","v":1000000000000}]
["51",{"$f":"OFFSET(ORÇAMENTO!C$15,ROW(B68)-ROW(B$15),0)","v":"S"},{"$f":"OFFSET(ORÇAMENTO!L$15,ROW(C68)-ROW(C$15),0)","v":"F"},{"$f":"OFFSET(ORÇAMENTO!N$15,ROW(D68)-ROW(D$15),0)","v":"Serviço"},{"$f":"OFFSET(ORÇAMENTO!O$15,ROW(E68)-ROW(E$15),0)","v":"1.9.0.2."},{"$f":"OFFSET(ORÇAMENTO!R$15,ROW(F68)-ROW(F$15),0)","v":"MASSA ÚNICA, EM ARGAMASSA TRAÇO 1:2:8, PREPARO MECÂNICO, APLICADA MANUALMENTE EM TETO, E = 10MM, COM TALISCAS. AF_03/2024"},{"$f":"IF($D68<>\"Serviço\",\"\",OFFSET(ORÇAMENTO!S$15,ROW(G68)-ROW(G$15),0))","v":"M2"},{"$f":"IF($D68<>\"Serviço\",0,IF(ACOMPANHAMENTO=\"BM\",ROUND(OFFSET(ORÇAMENTO!AJ$15,ROW(H68)-ROW(H$15),0),15-13*ORÇAMENTO!$AF$7),SUMPRODUCT(($Q$12:$AA$12<>\"\")*ROUND($Q68:$AA68,15-13*ORÇAMENTO!$AF$7))))","v":316.24},"área do forro ",null,null,".",{"$f":"IF($D68<>\"Serviço\",\"\",IF(AUTOEVENTO=\"manual\",$A68,IF(ISERROR(MATCH($A68,$A$15:OFFSET($A68,-1,0),0)),MAX($M$15:OFFSET(M68,-1,0))+1,INDEX($M$15:OFFSET(M68,-1,0),MATCH($A68,$A$15:OFFSET($A68,-1,0),0)))))","v":10},{"$f":"IF($D68<>\"Serviço\",\"\",IF(AUTOEVENTO=\"Manual\",IF($A68=0,\"<-- defina o número do agrupador\",OFFSET(EVENTOS!$D$14,$A68,0)),OFFSET($F$15,$A68,0)))","v":"FORRO"},null,null,{"$f":"Q67","v":316.24},null,null,null,null,null,null,null,null,null,null,{"$f":"IF(AND($D68=\"Serviço\",AB$12<>0,$H68>0,OR(AUTOEVENTO<>\"manual\",$M68<>1)),\nIF(Import.TipoArredondamento<>\"TransfereGOV\",\nROUND(OFFSET($P68,0,AB$13),15-13*ORÇAMENTO!$AF$7)/$H68*OFFSET(ORÇAMENTO!$X$15,ROW(AB68)-ROW(AB$15),0),\nROUND(ROUND(OFFSET($P68,0,AB$13),15-13*ORÇAMENTO!$AF$7)*OFFSET(ORÇAMENTO!$W$15,ROW(AB68)-ROW(AB$15),0),15-13*ORÇAMENTO!$AF$11)),0)","v":12023.44},{"$f":"IF(AND($D68=\"Serviço\",AC$12<>0,$H68>0,OR(AUTOEVENTO<>\"manual\",$M68<>1)),\nIF(Import.TipoArredondamento<>\"TransfereGOV\",\nROUND(OFFSET($P68,0,AC$13),15-13*ORÇAMENTO!$AF$7)/$H68*OFFSET(ORÇAMENTO!$X$15,ROW(AC68)-ROW(AC$15),0),\nROUND(ROUND(OFFSET($P68,0,AC$13),15-13*ORÇAMENTO!$AF$7)*OFFSET(ORÇAMENTO!$W$15,ROW(AC68)-ROW(AC$15),0),15-13*ORÇAMENTO!$AF$11)),0)","v":0},{"$f":"IF(AND($D68=\"Serviço\",AD$12<>0,$H68>0,OR(AUTOEVENTO<>\"manual\",$M68<>1)),\nIF(Import.TipoArredondamento<>\"TransfereGOV\",\nROUND(OFFSET($P68,0,AD$13),15-13*ORÇAMENTO!$AF$7)/$H68*OFFSET(ORÇAMENTO!$X$15,ROW(AD68)-ROW(AD$15),0),\nROUND(ROUND(OFFSET($P68,0,AD$13),15-13*ORÇAMENTO!$AF$7)*OFFSET(ORÇAMENTO!$W$15,ROW(AD68)-ROW(AD$15),0),15-13*ORÇAMENTO!$AF$11)),0)","v":0},{"$f":"IF(AND($D68=\"Serviço\",AE$12<>0,$H68>0,OR(AUTOEVENTO<>\"manual\",$M68<>1)),\nIF(Import.TipoArredondamento<>\"TransfereGOV\",\nROUND(OFFSET($P68,0,AE$13),15-13*ORÇAMENTO!$AF$7)/$H68*OFFSET(ORÇAMENTO!$X$15,ROW(AE68)-ROW(AE$15),0),\nROUND(ROUND(OFFSET($P68,0,AE$13),15-13*ORÇAMENTO!$AF$7)*OFFSET(ORÇAMENTO!$W$15,ROW(AE68)-ROW(AE$15),0),15-13*ORÇAMENTO!$AF$11)),0)","v":0},{"$f":"IF(AND($D68=\"Serviço\",AF$12<>0,$H68>0,OR(AUTOEVENTO<>\"manual\",$M68<>1)),\nIF(Import.TipoArredondamento<>\"TransfereGOV\",\nROUND(OFFSET($P68,0,AF$13),15-13*ORÇAMENTO!$AF$7)/$H68*OFFSET(ORÇAMENTO!$X$15,ROW(AF68)-ROW(AF$15),0),\nROUND(ROUND(OFFSET($P68,0,AF$13),15-13*ORÇAMENTO!$AF$7)*OFFSET(ORÇAMENTO!$W$15,ROW(AF68)-ROW(AF$15),0),15-13*ORÇAMENTO!$AF$11)),0)","v":0},{"$f":"IF(AND($D68=\"Serviço\",AG$12<>0,$H68>0,OR(AUTOEVENTO<>\"manual\",$M68<>1)),\nIF(Import.TipoArredondamento<>\"TransfereGOV\",\nROUND(OFFSET($P68,0,AG$13),15-13*ORÇAMENTO!$AF$7)/$H68*OFFSET(ORÇAMENTO!$X$15,ROW(AG68)-ROW(AG$15),0),\nROUND(ROUND(OFFSET($P68,0,AG$13),15-13*ORÇAMENTO!$AF$7)*OFFSET(ORÇAMENTO!$W$15,ROW(AG68)-ROW(AG$15),0),15-13*ORÇAMENTO!$AF$11)),0)","v":0},{"$f":"IF(AND($D68=\"Serviço\",AH$12<>0,$H68>0,OR(AUTOEVENTO<>\"manual\",$M68<>1)),\nIF(Import.TipoArredondamento<>\"TransfereGOV\",\nROUND(OFFSET($P68,0,AH$13),15-13*ORÇAMENTO!$AF$7)/$H68*OFFSET(ORÇAMENTO!$X$15,ROW(AH68)-ROW(AH$15),0),\nROUND(ROUND(OFFSET($P68,0,AH$13),15-13*ORÇAMENTO!$AF$7)*OFFSET(ORÇAMENTO!$W$15,ROW(AH68)-ROW(AH$15),0),15-13*ORÇAMENTO!$AF$11)),0)","v":0},{"$f":"IF(AND($D68=\"Serviço\",AI$12<>0,$H68>0,OR(AUTOEVENTO<>\"manual\",$M68<>1)),\nIF(Import.TipoArredondamento<>\"TransfereGOV\",\nROUND(OFFSET($P68,0,AI$13),15-13*ORÇAMENTO!$AF$7)/$H68*OFFSET(ORÇAMENTO!$X$15,ROW(AI68)-ROW(AI$15),0),\nROUND(ROUND(OFFSET($P68,0,AI$13),15-13*ORÇAMENTO!$AF$7)*OFFSET(ORÇAMENTO!$W$15,ROW(AI68)-ROW(AI$15),0),15-13*ORÇAMENTO!$AF$11)),0)","v":0},{"$f":"IF(AND($D68=\"Serviço\",AJ$12<>0,$H68>0,OR(AUTOEVENTO<>\"manual\",$M68<>1)),\nIF(Import.TipoArredondamento<>\"TransfereGOV\",\nROUND(OFFSET($P68,0,AJ$13),15-13*ORÇAMENTO!$AF$7)/$H68*OFFSET(ORÇAMENTO!$X$15,ROW(AJ68)-ROW(AJ$15),0),\nROUND(ROUND(OFFSET($P68,0,AJ$13),15-13*ORÇAMENTO!$AF$7)*OFFSET(ORÇAMENTO!$W$15,ROW(AJ68)-ROW(AJ$15),0),15-13*ORÇAMENTO!$AF$11)),0)","v":0},{"$f":"IF(AND($D68=\"Serviço\",AK$12<>0,$H68>0,OR(AUTOEVENTO<>\"manual\",$M68<>1)),\nIF(Import.TipoArredondamento<>\"TransfereGOV\",\nROUND(OFFSET($P68,0,AK$13),15-13*ORÇAMENTO!$AF$7)/$H68*OFFSET(ORÇAMENTO!$X$15,ROW(AK68)-ROW(AK$15),0),\nROUND(ROUND(OFFSET($P68,0,AK$13),15-13*ORÇAMENTO!$AF$7)*OFFSET(ORÇAMENTO!$W$15,ROW(AK68)-ROW(AK$15),0),15-13*ORÇAMENTO!$AF$11)),0)","v":0},null,{"$f":"IF($D68<>\"Serviço\",0,IF(AND(AUTOEVENTO=\"Manual\",$M68=1),0,IF(OFFSET(CRONOPLE!$F$14,$M68,AM$13)=\"\",10^12,OFFSET(CRONOPLE!$F$14,$M68,AM$13))))","v":1000000000000},{"$f":"IF($D68<>\"Serviço\",0,IF(AND(AUTOEVENTO=\"Manual\",$M68=1),0,IF(OFFSET(CRONOPLE!$F$14,$M68,AN$13)=\"\",10^12,OFFSET(CRONOPLE!$F$14,$M68,AN$13))))","v":1000000000000},{"$f":"IF($D68<>\"Serviço\",0,IF(AND(AUTOEVENTO=\"Manual\",$M68=1),0,IF(OFFSET(CRONOPLE!$F$14,$M68,AO$13)=\"\",10^12,OFFSET(CRONOPLE!$F$14,$M68,AO$13))))","v":1000000000000},{"$f":"IF($D68<>\"Serviço\",0,IF(AND(AUTOEVENTO=\"Manual\",$M68=1),0,IF(OFFSET(CRONOPLE!$F$14,$M68,AP$13)=\"\",10^12,OFFSET(CRONOPLE!$F$14,$M68,AP$13))))","v":1000000000000},{"$f":"IF($D68<>\"Serviço\",0,IF(AND(AUTOEVENTO=\"Manual\",$M68=1),0,IF(OFFSET(CRONOPLE!$F$14,$M68,AQ$13)=\"\",10^12,OFFSET(CRONOPLE!$F$14,$M68,AQ$13))))","v":1000000000000},{"$f":"IF($D68<>\"Serviço\",0,IF(AND(AUTOEVENTO=\"Manual\",$M68=1),0,IF(OFFSET(CRONOPLE!$F$14,$M68,AR$13)=\"\",10^12,OFFSET(CRONOPLE!$F$14,$M68,AR$13))))","v":1000000000000},{"$f":"IF($D68<>\"Serviço\",0,IF(AND(AUTOEVENTO=\"Manual\",$M68=1),0,IF(OFFSET(CRONOPLE!$F$14,$M68,AS$13)=\"\",10^12,OFFSET(CRONOPLE!$F$14,$M68,AS$13))))","v":1000000000000},{"$f":"IF($D68<>\"Serviço\",0,IF(AND(AUTOEVENTO=\"Manual\",$M68=1),0,IF(OFFSET(CRONOPLE!$F$14,$M68,AT$13)=\"\",10^12,OFFSET(CRONOPLE!$F$14,$M68,AT$13))))","v":1000000000000},{"$f":"IF($D68<>\"Serviço\",0,IF(AND(AUTOEVENTO=\"Manual\",$M68=1),0,IF(OFFSET(CRONOPLE!$F$14,$M68,AU$13)=\"\",10^12,OFFSET(CRONOPLE!$F$14,$M68,AU$13))))","v":1000000000000},{"$f":"IF($D68<>\"Serviço\",0,IF(AND(AUTOEVENTO=\"Manual\",$M68=1),0,IF(OFFSET(CRONOPLE!$F$14,$M68,AV$13)=\"\",10^12,OFFSET(CRONOPLE!$F$14,$M68,AV$13))))","v":1000000000000},null,{"$f":"IF($D68<>\"Serviço\",0,IF(OR(AND(AUTOEVENTO=\"Manual\",$M68=1),$M68>(ROW(PLE.lastrow)-ROW(PLE.firstrow))),0,IF(OFFSET(PLE!$G$14,$M68,AX$13)=\"\",10^12,OFFSET(PLE!$G$14,$M68,AX$13))))","v":1000000000000},{"$f":"IF($D68<>\"Serviço\",0,IF(OR(AND(AUTOEVENTO=\"Manual\",$M68=1),$M68>(ROW(PLE.lastrow)-ROW(PLE.firstrow))),0,IF(OFFSET(PLE!$G$14,$M68,AY$13)=\"\",10^12,OFFSET(PLE!$G$14,$M68,AY$13))))","v":1000000000000},{"$f":"IF($D68<>\"Serviço\",0,IF(OR(AND(AUTOEVENTO=\"Manual\",$M68=1),$M68>(ROW(PLE.lastrow)-ROW(PLE.firstrow))),0,IF(OFFSET(PLE!$G$14,$M68,AZ$13)=\"\",10^12,OFFSET(PLE!$G$14,$M68,AZ$13))))","v":1000000000000},{"$f":"IF($D68<>\"Serviço\",0,IF(OR(AND(AUTOEVENTO=\"Manual\",$M68=1),$M68>(ROW(PLE.lastrow)-ROW(PLE.firstrow))),0,IF(OFFSET(PLE!$G$14,$M68,BA$13)=\"\",10^12,OFFSET(PLE!$G$14,$M68,BA$13))))","v":1000000000000},{"$f":"IF($D68<>\"Serviço\",0,IF(OR(AND(AUTOEVENTO=\"Manual\",$M68=1),$M68>(ROW(PLE.lastrow)-ROW(PLE.firstrow))),0,IF(OFFSET(PLE!$G$14,$M68,BB$13)=\"\",10^12,OFFSET(PLE!$G$14,$M68,BB$13))))","v":1000000000000},{"$f":"IF($D68<>\"Serviço\",0,IF(OR(AND(AUTOEVENTO=\"Manual\",$M68=1),$M68>(ROW(PLE.lastrow)-ROW(PLE.firstrow))),0,IF(OFFSET(PLE!$G$14,$M68,BC$13)=\"\",10^12,OFFSET(PLE!$G$14,$M68,BC$13))))","v":1000000000000},{"$f":"IF($D68<>\"Serviço\",0,IF(OR(AND(AUTOEVENTO=\"Manual\",$M68=1),$M68>(ROW(PLE.lastrow)-ROW(PLE.firstrow))),0,IF(OFFSET(PLE!$G$14,$M68,BD$13)=\"\",10^12,OFFSET(PLE!$G$14,$M68,BD$13))))","v":1000000000000},{"$f":"IF($D68<>\"Serviço\",0,IF(OR(AND(AUTOEVENTO=\"Manual\",$M68=1),$M68>(ROW(PLE.lastrow)-ROW(PLE.firstrow))),0,IF(OFFSET(PLE!$G$14,$M68,BE$13)=\"\",10^12,OFFSET(PLE!$G$14,$M68,BE$13))))","v":1000000000000},{"$f":"IF($D68<>\"Serviço\",0,IF(OR(AND(AUTOEVENTO=\"Manual\",$M68=1),$M68>(ROW(PLE.lastrow)-ROW(PLE.firstrow))),0,IF(OFFSET(PLE!$G$14,$M68,BF$13)=\"\",10^12,OFFSET(PLE!$G$14,$M68,BF$13))))","v":1000000000000},{"$f":"IF($D68<>\"Serviço\",0,IF(OR(AND(AUTOEVENTO=\"Manual\",$M68=1),$M68>(ROW(PLE.lastrow)-ROW(PLE.firstrow))),0,IF(OFFSET(PLE!$G$14,$M68,BG$13)=\"\",10^12,OFFSET(PLE!$G$14,$M68,BG$13))))","v":1000000000000}]
[{"$f":"IF(AUTOEVENTO=\"Manual\",IF(K69<>\"\",MIN(VALUE(LEFT(K69,FIND(\".\",K69)-1)),COUNTA(EVENTOS.Lista)),0),IF(OR($B69>AUTOEVENTO,$B69=\"S\",$B69=0),SUBSTITUTE(OFFSET($A69,-1,0),IF($D69=\"Serviço\",\".\",\"\"),\"\"),ROW(A69)-ROW($A$15)&\".\"))","v":"51"},{"$f":"OFFSET(ORÇAMENTO!C$15,ROW(B69)-ROW(B$15),0)","v":"S"},{"$f":"OFFSET(ORÇAMENTO!L$15,ROW(C69)-ROW(C$15),0)","v":"F"},{"$f":"OFFSET(ORÇAMENTO!N$15,ROW(D69)-ROW(D$15),0)","v":"Serviço"},{"$f":"OFFSET(ORÇAMENTO!O$15,ROW(E69)-ROW(E$15),0)","v":"1.9.0.3."},{"$f":"OFFSET(ORÇAMENTO!R$15,ROW(F69)-ROW(F$15),0)","v":"APLICAÇÃO MANUAL DE FUNDO PREPARADOR EM PAREDES E TETOS"},{"$f":"IF($D69<>\"Serviço\",\"\",OFFSET(ORÇAMENTO!S$15,ROW(G69)-ROW(G$15),0))","v":"M2"},{"$f":"IF($D69<>\"Serviço\",0,IF(ACOMPANHAMENTO=\"BM\",ROUND(OFFSET(ORÇAMENTO!AJ$15,ROW(H69)-ROW(H$15),0),15-13*ORÇAMENTO!$AF$7),SUMPRODUCT(($Q$12:$AA$12<>\"\")*ROUND($Q69:$AA69,15-13*ORÇAMENTO!$AF$7))))","v":316.24},"área do forro ",null,null,".",{"$f":"IF($D69<>\"Serviço\",\"\",IF(AUTOEVENTO=\"manual\",$A69,IF(ISERROR(MATCH($A69,$A$15:OFFSET($A69,-1,0),0)),MAX($M$15:OFFSET(M69,-1,0))+1,INDEX($M$15:OFFSET(M69,-1,0),MATCH($A69,$A$15:OFFSET($A69,-1,0),0)))))","v":10},{"$f":"IF($D69<>\"Serviço\",\"\",IF(AUTOEVENTO=\"Manual\",IF($A69=0,\"<-- defina o número do agrupador\",OFFSET(EVENTOS!$D$14,$A69,0)),OFFSET($F$15,$A69,0)))","v":"FORRO"},null,null,{"$f":"Q68","v":316.24},null,null,null,null,null,null,null,null,null,null,{"$f":"IF(AND($D69=\"Serviço\",AB$12<>0,$H69>0,OR(AUTOEVENTO<>\"manual\",$M69<>1)),\nIF(Import.TipoArredondamento<>\"TransfereGOV\",\nROUND(OFFSET($P69,0,AB$13),15-13*ORÇAMENTO!$AF$7)/$H69*OFFSET(ORÇAMENTO!$X$15,ROW(AB69)-ROW(AB$15),0),\nROUND(ROUND(OFFSET($P69,0,AB$13),15-13*ORÇAMENTO!$AF$7)*OFFSET(ORÇAMENTO!$W$15,ROW(AB69)-ROW(AB$15),0),15-13*ORÇAMENTO!$AF$11)),0)","v":1559.06},{"$f":"IF(AND($D69=\"Serviço\",AC$12<>0,$H69>0,OR(AUTOEVENTO<>\"manual\",$M69<>1)),\nIF(Import.TipoArredondamento<>\"TransfereGOV\",\nROUND(OFFSET($P69,0,AC$13),15-13*ORÇAMENTO!$AF$7)/$H69*OFFSET(ORÇAMENTO!$X$15,ROW(AC69)-ROW(AC$15),0),\nROUND(ROUND(OFFSET($P69,0,AC$13),15-13*ORÇAMENTO!$AF$7)*OFFSET(ORÇAMENTO!$W$15,ROW(AC69)-ROW(AC$15),0),15-13*ORÇAMENTO!$AF$11)),0)","v":0},{"$f":"IF(AND($D69=\"Serviço\",AD$12<>0,$H69>0,OR(AUTOEVENTO<>\"manual\",$M69<>1)),\nIF(Import.TipoArredondamento<>\"TransfereGOV\",\nROUND(OFFSET($P69,0,AD$13),15-13*ORÇAMENTO!$AF$7)/$H69*OFFSET(ORÇAMENTO!$X$15,ROW(AD69)-ROW(AD$15),0),\nROUND(ROUND(OFFSET($P69,0,AD$13),15-13*ORÇAMENTO!$AF$7)*OFFSET(ORÇAMENTO!$W$15,ROW(AD69)-ROW(AD$15),0),15-13*ORÇAMENTO!$AF$11)),0)","v":0},{"$f":"IF(AND($D69=\"Serviço\",AE$12<>0,$H69>0,OR(AUTOEVENTO<>\"manual\",$M69<>1)),\nIF(Import.TipoArredondamento<>\"TransfereGOV\",\nROUND(OFFSET($P69,0,AE$13),15-13*ORÇAMENTO!$AF$7)/$H69*OFFSET(ORÇAMENTO!$X$15,ROW(AE69)-ROW(AE$15),0),\nROUND(ROUND(OFFSET($P69,0,AE$13),15-13*ORÇAMENTO!$AF$7)*OFFSET(ORÇAMENTO!$W$15,ROW(AE69)-ROW(AE$15),0),15-13*ORÇAMENTO!$AF$11)),0)","v":0},{"$f":"IF(AND($D69=\"Serviço\",AF$12<>0,$H69>0,OR(AUTOEVENTO<>\"manual\",$M69<>1)),\nIF(Import.TipoArredondamento<>\"TransfereGOV\",\nROUND(OFFSET($P69,0,AF$13),15-13*ORÇAMENTO!$AF$7)/$H69*OFFSET(ORÇAMENTO!$X$15,ROW(AF69)-ROW(AF$15),0),\nROUND(ROUND(OFFSET($P69,0,AF$13),15-13*ORÇAMENTO!$AF$7)*OFFSET(ORÇAMENTO!$W$15,ROW(AF69)-ROW(AF$15),0),15-13*ORÇAMENTO!$AF$11)),0)","v":0},{"$f":"IF(AND($D69=\"Serviço\",AG$12<>0,$H69>0,OR(AUTOEVENTO<>\"manual\",$M69<>1)),\nIF(Import.TipoArredondamento<>\"TransfereGOV\",\nROUND(OFFSET($P69,0,AG$13),15-13*ORÇAMENTO!$AF$7)/$H69*OFFSET(ORÇAMENTO!$X$15,ROW(AG69)-ROW(AG$15),0),\nROUND(ROUND(OFFSET($P69,0,AG$13),15-13*ORÇAMENTO!$AF$7)*OFFSET(ORÇAMENTO!$W$15,ROW(AG69)-ROW(AG$15),0),15-13*ORÇAMENTO!$AF$11)),0)","v":0},{"$f":"IF(AND($D69=\"Serviço\",AH$12<>0,$H69>0,OR(AUTOEVENTO<>\"manual\",$M69<>1)),\nIF(Import.TipoArredondamento<>\"TransfereGOV\",\nROUND(OFFSET($P69,0,AH$13),15-13*ORÇAMENTO!$AF$7)/$H69*OFFSET(ORÇAMENTO!$X$15,ROW(AH69)-ROW(AH$15),0),\nROUND(ROUND(OFFSET($P69,0,AH$13),15-13*ORÇAMENTO!$AF$7)*OFFSET(ORÇAMENTO!$W$15,ROW(AH69)-ROW(AH$15),0),15-13*ORÇAMENTO!$AF$11)),0)","v":0},{"$f":"IF(AND($D69=\"Serviço\",AI$12<>0,$H69>0,OR(AUTOEVENTO<>\"manual\",$M69<>1)),\nIF(Import.TipoArredondamento<>\"TransfereGOV\",\nROUND(OFFSET($P69,0,AI$13),15-13*ORÇAMENTO!$AF$7)/$H69*OFFSET(ORÇAMENTO!$X$15,ROW(AI69)-ROW(AI$15),0),\nROUND(ROUND(OFFSET($P69,0,AI$13),15-13*ORÇAMENTO!$AF$7)*OFFSET(ORÇAMENTO!$W$15,ROW(AI69)-ROW(AI$15),0),15-13*ORÇAMENTO!$AF$11)),0)","v":0},{"$f":"IF(AND($D69=\"Serviço\",AJ$12<>0,$H69>0,OR(AUTOEVENTO<>\"manual\",$M69<>1)),\nIF(Import.TipoArredondamento<>\"TransfereGOV\",\nROUND(OFFSET($P69,0,AJ$13),15-13*ORÇAMENTO!$AF$7)/$H69*OFFSET(ORÇAMENTO!$X$15,ROW(AJ69)-ROW(AJ$15),0),\nROUND(ROUND(OFFSET($P69,0,AJ$13),15-13*ORÇAMENTO!$AF$7)*OFFSET(ORÇAMENTO!$W$15,ROW(AJ69)-ROW(AJ$15),0),15-13*ORÇAMENTO!$AF$11)),0)","v":0},{"$f":"IF(AND($D69=\"Serviço\",AK$12<>0,$H69>0,OR(AUTOEVENTO<>\"manual\",$M69<>1)),\nIF(Import.TipoArredondamento<>\"TransfereGOV\",\nROUND(OFFSET($P69,0,AK$13),15-13*ORÇAMENTO!$AF$7)/$H69*OFFSET(ORÇAMENTO!$X$15,ROW(AK69)-ROW(AK$15),0),\nROUND(ROUND(OFFSET($P69,0,AK$13),15-13*ORÇAMENTO!$AF$7)*OFFSET(ORÇAMENTO!$W$15,ROW(AK69)-ROW(AK$15),0),15-13*ORÇAMENTO!$AF$11)),0)","v":0},null,{"$f":"IF($D69<>\"Serviço\",0,IF(AND(AUTOEVENTO=\"Manual\",$M69=1),0,IF(OFFSET(CRONOPLE!$F$14,$M69,AM$13)=\"\",10^12,OFFSET(CRONOPLE!$F$14,$M69,AM$13))))","v":1000000000000},{"$f":"IF($D69<>\"Serviço\",0,IF(AND(AUTOEVENTO=\"Manual\",$M69=1),0,IF(OFFSET(CRONOPLE!$F$14,$M69,AN$13)=\"\",10^12,OFFSET(CRONOPLE!$F$14,$M69,AN$13))))","v":1000000000000},{"$f":"IF($D69<>\"Serviço\",0,IF(AND(AUTOEVENTO=\"Manual\",$M69=1),0,IF(OFFSET(CRONOPLE!$F$14,$M69,AO$13)=\"\",10^12,OFFSET(CRONOPLE!$F$14,$M69,AO$13))))","v":1000000000000},{"$f":"IF($D69<>\"Serviço\",0,IF(AND(AUTOEVENTO=\"Manual\",$M69=1),0,IF(OFFSET(CRONOPLE!$F$14,$M69,AP$13)=\"\",10^12,OFFSET(CRONOPLE!$F$14,$M69,AP$13))))","v":1000000000000},{"$f":"IF($D69<>\"Serviço\",0,IF(AND(AUTOEVENTO=\"Manual\",$M69=1),0,IF(OFFSET(CRONOPLE!$F$14,$M69,AQ$13)=\"\",10^12,OFFSET(CRONOPLE!$F$14,$M69,AQ$13))))","v":1000000000000},{"$f":"IF($D69<>\"Serviço\",0,IF(AND(AUTOEVENTO=\"Manual\",$M69=1),0,IF(OFFSET(CRONOPLE!$F$14,$M69,AR$13)=\"\",10^12,OFFSET(CRONOPLE!$F$14,$M69,AR$13))))","v":1000000000000},{"$f":"IF($D69<>\"Serviço\",0,IF(AND(AUTOEVENTO=\"Manual\",$M69=1),0,IF(OFFSET(CRONOPLE!$F$14,$M69,AS$13)=\"\",10^12,OFFSET(CRONOPLE!$F$14,$M69,AS$13))))","v":1000000000000},{"$f":"IF($D69<>\"Serviço\",0,IF(AND(AUTOEVENTO=\"Manual\",$M69=1),0,IF(OFFSET(CRONOPLE!$F$14,$M69,AT$13)=\"\",10^12,OFFSET(CRONOPLE!$F$14,$M69,AT$13))))","v":1000000000000},{"$f":"IF($D69<>\"Serviço\",0,IF(AND(AUTOEVENTO=\"Manual\",$M69=1),0,IF(OFFSET(CRONOPLE!$F$14,$M69,AU$13)=\"\",10^12,OFFSET(CRONOPLE!$F$14,$M69,AU$13))))","v":1000000000000},{"$f":"IF($D69<>\"Serviço\",0,IF(AND(AUTOEVENTO=\"Manual\",$M69=1),0,IF(OFFSET(CRONOPLE!$F$14,$M69,AV$13)=\"\",10^12,OFFSET(CRONOPLE!$F$14,$M69,AV$13))))","v":1000000000000},null,{"$f":"IF($D69<>\"Serviço\",0,IF(OR(AND(AUTOEVENTO=\"Manual\",$M69=1),$M69>(ROW(PLE.lastrow)-ROW(PLE.firstrow))),0,IF(OFFSET(PLE!$G$14,$M69,AX$13)=\"\",10^12,OFFSET(PLE!$G$14,$M69,AX$13))))","v":1000000000000},{"$f":"IF($D69<>\"Serviço\",0,IF(OR(AND(AUTOEVENTO=\"Manual\",$M69=1),$M69>(ROW(PLE.lastrow)-ROW(PLE.firstrow))),0,IF(OFFSET(PLE!$G$14,$M69,AY$13)=\"\",10^12,OFFSET(PLE!$G$14,$M69,AY$13))))","v":1000000000000},{"$f":"IF($D69<>\"Serviço\",0,IF(OR(AND(AUTOEVENTO=\"Manual\",$M69=1),$M69>(ROW(PLE.lastrow)-ROW(PLE.firstrow))),0,IF(OFFSET(PLE!$G$14,$M69,AZ$13)=\"\",10^12,OFFSET(PLE!$G$14,$M69,AZ$13))))","v":1000000000000},{"$f":"IF($D69<>\"Serviço\",0,IF(OR(AND(AUTOEVENTO=\"Manual\",$M69=1),$M69>(ROW(PLE.lastrow)-ROW(PLE.firstrow))),0,IF(OFFSET(PLE!$G$14,$M69,BA$13)=\"\",10^12,OFFSET(PLE!$G$14,$M69,BA$13))))","v":1000000000000},{"$f":"IF($D69<>\"Serviço\",0,IF(OR(AND(AUTOEVENTO=\"Manual\",$M69=1),$M69>(ROW(PLE.lastrow)-ROW(PLE.firstrow))),0,IF(OFFSET(PLE!$G$14,$M69,BB$13)=\"\",10^12,OFFSET(PLE!$G$14,$M69,BB$13))))","v":1000000000000},{"$f":"IF($D69<>\"Serviço\",0,IF(OR(AND(AUTOEVENTO=\"Manual\",$M69=1),$M69>(ROW(PLE.lastrow)-ROW(PLE.firstrow))),0,IF(OFFSET(PLE!$G$14,$M69,BC$13)=\"\",10^12,OFFSET(PLE!$G$14,$M69,BC$13))))","v":1000000000000},{"$f":"IF($D69<>\"Serviço\",0,IF(OR(AND(AUTOEVENTO=\"Manual\",$M69=1),$M69>(ROW(PLE.lastrow)-ROW(PLE.firstrow))),0,IF(OFFSET(PLE!$G$14,$M69,BD$13)=\"\",10^12,OFFSET(PLE!$G$14,$M69,BD$13))))","v":1000000000000},{"$f":"IF($D69<>\"Serviço\",0,IF(OR(AND(AUTOEVENTO=\"Manual\",$M69=1),$M69>(ROW(PLE.lastrow)-ROW(PLE.firstrow))),0,IF(OFFSET(PLE!$G$14,$M69,BE$13)=\"\",10^12,OFFSET(PLE!$G$14,$M69,BE$13))))","v":1000000000000},{"$f":"IF($D69<>\"Serviço\",0,IF(OR(AND(AUTOEVENTO=\"Manual\",$M69=1),$M69>(ROW(PLE.lastrow)-ROW(PLE.firstrow))),0,IF(OFFSET(PLE!$G$14,$M69,BF$13)=\"\",10^12,OFFSET(PLE!$G$14,$M69,BF$13))))","v":1000000000000},{"$f":"IF($D69<>\"Serviço\",0,IF(OR(AND(AUTOEVENTO=\"Manual\",$M69=1),$M69>(ROW(PLE.lastrow)-ROW(PLE.firstrow))),0,IF(OFFSET(PLE!$G$14,$M69,BG$13)=\"\",10^12,OFFSET(PLE!$G$14,$M69,BG$13))))","v":1000000000000}]
["51",{"$f":"OFFSET(ORÇAMENTO!C$15,ROW(B70)-ROW(B$15),0)","v":"S"},{"$f":"OFFSET(ORÇAMENTO!L$15,ROW(C70)-ROW(C$15),0)","v":"F"},{"$f":"OFFSET(ORÇAMENTO!N$15,ROW(D70)-ROW(D$15),0)","v":"Serviço"},{"$f":"OFFSET(ORÇAMENTO!O$15,ROW(E70)-ROW(E$15),0)","v":"1.9.0.4."},{"$f":"OFFSET(ORÇAMENTO!R$15,ROW(F70)-ROW(F$15),0)","v":"EMASSAMENTO COM MASSA LÁTEX, APLICAÇÃO EM TETO, DUAS DEMÃOS, LIXAMENTO MANUAL. AF_04/2023"},{"$f":"IF($D70<>\"Serviço\",\"\",OFFSET(ORÇAMENTO!S$15,ROW(G70)-ROW(G$15),0))","v":"M2"},{"$f":"IF($D70<>\"Serviço\",0,IF(ACOMPANHAMENTO=\"BM\",ROUND(OFFSET(ORÇAMENTO!AJ$15,ROW(H70)-ROW(H$15),0),15-13*ORÇAMENTO!$AF$7),SUMPRODUCT(($Q$12:$AA$12<>\"\")*ROUND($Q70:$AA70,15-13*ORÇAMENTO!$AF$7))))","v":316.24},"área do forro ",null,null,".",{"$f":"IF($D70<>\"Serviço\",\"\",IF(AUTOEVENTO=\"manual\",$A70,IF(ISERROR(MATCH($A70,$A$15:OFFSET($A70,-1,0),0)),MAX($M$15:OFFSET(M70,-1,0))+1,INDEX($M$15:OFFSET(M70,-1,0),MATCH($A70,$A$15:OFFSET($A70,-1,0),0)))))","v":10},{"$f":"IF($D70<>\"Serviço\",\"\",IF(AUTOEVENTO=\"Manual\",IF($A70=0,\"<-- defina o número do agrupador\",OFFSET(EVENTOS!$D$14,$A70,0)),OFFSET($F$15,$A70,0)))","v":"FORRO"},null,null,{"$f":"Q68","v":316.24},null,null,null,null,null,null,null,null,null,null,{"$f":"IF(AND($D70=\"Serviço\",AB$12<>0,$H70>0,OR(AUTOEVENTO<>\"manual\",$M70<>1)),\nIF(Import.TipoArredondamento<>\"TransfereGOV\",\nROUND(OFFSET($P70,0,AB$13),15-13*ORÇAMENTO!$AF$7)/$H70*OFFSET(ORÇAMENTO!$X$15,ROW(AB70)-ROW(AB$15),0),\nROUND(ROUND(OFFSET($P70,0,AB$13),15-13*ORÇAMENTO!$AF$7)*OFFSET(ORÇAMENTO!$W$15,ROW(AB70)-ROW(AB$15),0),15-13*ORÇAMENTO!$AF$11)),0)","v":12146.78},{"$f":"IF(AND($D70=\"Serviço\",AC$12<>0,$H70>0,OR(AUTOEVENTO<>\"manual\",$M70<>1)),\nIF(Import.TipoArredondamento<>\"TransfereGOV\",\nROUND(OFFSET($P70,0,AC$13),15-13*ORÇAMENTO!$AF$7)/$H70*OFFSET(ORÇAMENTO!$X$15,ROW(AC70)-ROW(AC$15),0),\nROUND(ROUND(OFFSET($P70,0,AC$13),15-13*ORÇAMENTO!$AF$7)*OFFSET(ORÇAMENTO!$W$15,ROW(AC70)-ROW(AC$15),0),15-13*ORÇAMENTO!$AF$11)),0)","v":0},{"$f":"IF(AND($D70=\"Serviço\",AD$12<>0,$H70>0,OR(AUTOEVENTO<>\"manual\",$M70<>1)),\nIF(Import.TipoArredondamento<>\"TransfereGOV\",\nROUND(OFFSET($P70,0,AD$13),15-13*ORÇAMENTO!$AF$7)/$H70*OFFSET(ORÇAMENTO!$X$15,ROW(AD70)-ROW(AD$15),0),\nROUND(ROUND(OFFSET($P70,0,AD$13),15-13*ORÇAMENTO!$AF$7)*OFFSET(ORÇAMENTO!$W$15,ROW(AD70)-ROW(AD$15),0),15-13*ORÇAMENTO!$AF$11)),0)","v":0},{"$f":"IF(AND($D70=\"Serviço\",AE$12<>0,$H70>0,OR(AUTOEVENTO<>\"manual\",$M70<>1)),\nIF(Import.TipoArredondamento<>\"TransfereGOV\",\nROUND(OFFSET($P70,0,AE$13),15-13*ORÇAMENTO!$AF$7)/$H70*OFFSET(ORÇAMENTO!$X$15,ROW(AE70)-ROW(AE$15),0),\nROUND(ROUND(OFFSET($P70,0,AE$13),15-13*ORÇAMENTO!$AF$7)*OFFSET(ORÇAMENTO!$W$15,ROW(AE70)-ROW(AE$15),0),15-13*ORÇAMENTO!$AF$11)),0)","v":0},{"$f":"IF(AND($D70=\"Serviço\",AF$12<>0,$H70>0,OR(AUTOEVENTO<>\"manual\",$M70<>1)),\nIF(Import.TipoArredondamento<>\"TransfereGOV\",\nROUND(OFFSET($P70,0,AF$13),15-13*ORÇAMENTO!$AF$7)/$H70*OFFSET(ORÇAMENTO!$X$15,ROW(AF70)-ROW(AF$15),0),\nROUND(ROUND(OFFSET($P70,0,AF$13),15-13*ORÇAMENTO!$AF$7)*OFFSET(ORÇAMENTO!$W$15,ROW(AF70)-ROW(AF$15),0),15-13*ORÇAMENTO!$AF$11)),0)","v":0},{"$f":"IF(AND($D70=\"Serviço\",AG$12<>0,$H70>0,OR(AUTOEVENTO<>\"manual\",$M70<>1)),\nIF(Import.TipoArredondamento<>\"TransfereGOV\",\nROUND(OFFSET($P70,0,AG$13),15-13*ORÇAMENTO!$AF$7)/$H70*OFFSET(ORÇAMENTO!$X$15,ROW(AG70)-ROW(AG$15),0),\nROUND(ROUND(OFFSET($P70,0,AG$13),15-13*ORÇAMENTO!$AF$7)*OFFSET(ORÇAMENTO!$W$15,ROW(AG70)-ROW(AG$15),0),15-13*ORÇAMENTO!$AF$11)),0)","v":0},{"$f":"IF(AND($D70=\"Serviço\",AH$12<>0,$H70>0,OR(AUTOEVENTO<>\"manual\",$M70<>1)),\nIF(Import.TipoArredondamento<>\"TransfereGOV\",\nROUND(OFFSET($P70,0,AH$13),15-13*ORÇAMENTO!$AF$7)/$H70*OFFSET(ORÇAMENTO!$X$15,ROW(AH70)-ROW(AH$15),0),\nROUND(ROUND(OFFSET($P70,0,AH$13),15-13*ORÇAMENTO!$AF$7)*OFFSET(ORÇAMENTO!$W$15,ROW(AH70)-ROW(AH$15),0),15-13*ORÇAMENTO!$AF$11)),0)","v":0},{"$f":"IF(AND($D70=\"Serviço\",AI$12<>0,$H70>0,OR(AUTOEVENTO<>\"manual\",$M70<>1)),\nIF(Import.TipoArredondamento<>\"TransfereGOV\",\nROUND(OFFSET($P70,0,AI$13),15-13*ORÇAMENTO!$AF$7)/$H70*OFFSET(ORÇAMENTO!$X$15,ROW(AI70)-ROW(AI$15),0),\nROUND(ROUND(OFFSET($P70,0,AI$13),15-13*ORÇAMENTO!$AF$7)*OFFSET(ORÇAMENTO!$W$15,ROW(AI70)-ROW(AI$15),0),15-13*ORÇAMENTO!$AF$11)),0)","v":0},{"$f":"IF(AND($D70=\"Serviço\",AJ$12<>0,$H70>0,OR(AUTOEVENTO<>\"manual\",$M70<>1)),\nIF(Import.TipoArredondamento<>\"TransfereGOV\",\nROUND(OFFSET($P70,0,AJ$13),15-13*ORÇAMENTO!$AF$7)/$H70*OFFSET(ORÇAMENTO!$X$15,ROW(AJ70)-ROW(AJ$15),0),\nROUND(ROUND(OFFSET($P70,0,AJ$13),15-13*ORÇAMENTO!$AF$7)*OFFSET(ORÇAMENTO!$W$15,ROW(AJ70)-ROW(AJ$15),0),15-13*ORÇAMENTO!$AF$11)),0)","v":0},{"$f":"IF(AND($D70=\"Serviço\",AK$12<>0,$H70>0,OR(AUTOEVENTO<>\"manual\",$M70<>1)),\nIF(Import.TipoArredondamento<>\"TransfereGOV\",\nROUND(OFFSET($P70,0,AK$13),15-13*ORÇAMENTO!$AF$7)/$H70*OFFSET(ORÇAMENTO!$X$15,ROW(AK70)-ROW(AK$15),0),\nROUND(ROUND(OFFSET($P70,0,AK$13),15-13*ORÇAMENTO!$AF$7)*OFFSET(ORÇAMENTO!$W$15,ROW(AK70)-ROW(AK$15),0),15-13*ORÇAMENTO!$AF$11)),0)","v":0},null,{"$f":"IF($D70<>\"Serviço\",0,IF(AND(AUTOEVENTO=\"Manual\",$M70=1),0,IF(OFFSET(CRONOPLE!$F$14,$M70,AM$13)=\"\",10^12,OFFSET(CRONOPLE!$F$14,$M70,AM$13))))","v":1000000000000},{"$f":"IF($D70<>\"Serviço\",0,IF(AND(AUTOEVENTO=\"Manual\",$M70=1),0,IF(OFFSET(CRONOPLE!$F$14,$M70,AN$13)=\"\",10^12,OFFSET(CRONOPLE!$F$14,$M70,AN$13))))","v":1000000000000},{"$f":"IF($D70<>\"Serviço\",0,IF(AND(AUTOEVENTO=\"Manual\",$M70=1),0,IF(OFFSET(CRONOPLE!$F$14,$M70,AO$13)=\"\",10^12,OFFSET(CRONOPLE!$F$14,$M70,AO$13))))","v":1000000000000},{"$f":"IF($D70<>\"Serviço\",0,IF(AND(AUTOEVENTO=\"Manual\",$M70=1),0,IF(OFFSET(CRONOPLE!$F$14,$M70,AP$13)=\"\",10^12,OFFSET(CRONOPLE!$F$14,$M70,AP$13))))","v":1000000000000},{"$f":"IF($D70<>\"Serviço\",0,IF(AND(AUTOEVENTO=\"Manual\",$M70=1),0,IF(OFFSET(CRONOPLE!$F$14,$M70,AQ$13)=\"\",10^12,OFFSET(CRONOPLE!$F$14,$M70,AQ$13))))","v":1000000000000},{"$f":"IF($D70<>\"Serviço\",0,IF(AND(AUTOEVENTO=\"Manual\",$M70=1),0,IF(OFFSET(CRONOPLE!$F$14,$M70,AR$13)=\"\",10^12,OFFSET(CRONOPLE!$F$14,$M70,AR$13))))","v":1000000000000},{"$f":"IF($D70<>\"Serviço\",0,IF(AND(AUTOEVENTO=\"Manual\",$M70=1),0,IF(OFFSET(CRONOPLE!$F$14,$M70,AS$13)=\"\",10^12,OFFSET(CRONOPLE!$F$14,$M70,AS$13))))","v":1000000000000},{"$f":"IF($D70<>\"Serviço\",0,IF(AND(AUTOEVENTO=\"Manual\",$M70=1),0,IF(OFFSET(CRONOPLE!$F$14,$M70,AT$13)=\"\",10^12,OFFSET(CRONOPLE!$F$14,$M70,AT$13))))","v":1000000000000},{"$f":"IF($D70<>\"Serviço\",0,IF(AND(AUTOEVENTO=\"Manual\",$M70=1),0,IF(OFFSET(CRONOPLE!$F$14,$M70,AU$13)=\"\",10^12,OFFSET(CRONOPLE!$F$14,$M70,AU$13))))","v":1000000000000},{"$f":"IF($D70<>\"Serviço\",0,IF(AND(AUTOEVENTO=\"Manual\",$M70=1),0,IF(OFFSET(CRONOPLE!$F$14,$M70,AV$13)=\"\",10^12,OFFSET(CRONOPLE!$F$14,$M70,AV$13))))","v":1000000000000},null,{"$f":"IF($D70<>\"Serviço\",0,IF(OR(AND(AUTOEVENTO=\"Manual\",$M70=1),$M70>(ROW(PLE.lastrow)-ROW(PLE.firstrow))),0,IF(OFFSET(PLE!$G$14,$M70,AX$13)=\"\",10^12,OFFSET(PLE!$G$14,$M70,AX$13))))","v":1000000000000},{"$f":"IF($D70<>\"Serviço\",0,IF(OR(AND(AUTOEVENTO=\"Manual\",$M70=1),$M70>(ROW(PLE.lastrow)-ROW(PLE.firstrow))),0,IF(OFFSET(PLE!$G$14,$M70,AY$13)=\"\",10^12,OFFSET(PLE!$G$14,$M70,AY$13))))","v":1000000000000},{"$f":"IF($D70<>\"Serviço\",0,IF(OR(AND(AUTOEVENTO=\"Manual\",$M70=1),$M70>(ROW(PLE.lastrow)-ROW(PLE.firstrow))),0,IF(OFFSET(PLE!$G$14,$M70,AZ$13)=\"\",10^12,OFFSET(PLE!$G$14,$M70,AZ$13))))","v":1000000000000},{"$f":"IF($D70<>\"Serviço\",0,IF(OR(AND(AUTOEVENTO=\"Manual\",$M70=1),$M70>(ROW(PLE.lastrow)-ROW(PLE.firstrow))),0,IF(OFFSET(PLE!$G$14,$M70,BA$13)=\"\",10^12,OFFSET(PLE!$G$14,$M70,BA$13))))","v":1000000000000},{"$f":"IF($D70<>\"Serviço\",0,IF(OR(AND(AUTOEVENTO=\"Manual\",$M70=1),$M70>(ROW(PLE.lastrow)-ROW(PLE.firstrow))),0,IF(OFFSET(PLE!$G$14,$M70,BB$13)=\"\",10^12,OFFSET(PLE!$G$14,$M70,BB$13))))","v":1000000000000},{"$f":"IF($D70<>\"Serviço\",0,IF(OR(AND(AUTOEVENTO=\"Manual\",$M70=1),$M70>(ROW(PLE.lastrow)-ROW(PLE.firstrow))),0,IF(OFFSET(PLE!$G$14,$M70,BC$13)=\"\",10^12,OFFSET(PLE!$G$14,$M70,BC$13))))","v":1000000000000},{"$f":"IF($D70<>\"Serviço\",0,IF(OR(AND(AUTOEVENTO=\"Manual\",$M70=1),$M70>(ROW(PLE.lastrow)-ROW(PLE.firstrow))),0,IF(OFFSET(PLE!$G$14,$M70,BD$13)=\"\",10^12,OFFSET(PLE!$G$14,$M70,BD$13))))","v":1000000000000},{"$f":"IF($D70<>\"Serviço\",0,IF(OR(AND(AUTOEVENTO=\"Manual\",$M70=1),$M70>(ROW(PLE.lastrow)-ROW(PLE.firstrow))),0,IF(OFFSET(PLE!$G$14,$M70,BE$13)=\"\",10^12,OFFSET(PLE!$G$14,$M70,BE$13))))","v":1000000000000},{"$f":"IF($D70<>\"Serviço\",0,IF(OR(AND(AUTOEVENTO=\"Manual\",$M70=1),$M70>(ROW(PLE.lastrow)-ROW(PLE.firstrow))),0,IF(OFFSET(PLE!$G$14,$M70,BF$13)=\"\",10^12,OFFSET(PLE!$G$14,$M70,BF$13))))","v":1000000000000},{"$f":"IF($D70<>\"Serviço\",0,IF(OR(AND(AUTOEVENTO=\"Manual\",$M70=1),$M70>(ROW(PLE.lastrow)-ROW(PLE.firstrow))),0,IF(OFFSET(PLE!$G$14,$M70,BG$13)=\"\",10^12,OFFSET(PLE!$G$14,$M70,BG$13))))","v":1000000000000}]
["56.",{"$f":"OFFSET(ORÇAMENTO!C$15,ROW(B71)-ROW(B$15),0)","v":2},{"$f":"OFFSET(ORÇAMENTO!L$15,ROW(C71)-ROW(C$15),0)","v":"F"},{"$f":"OFFSET(ORÇAMENTO!N$15,ROW(D71)-ROW(D$15),0)","v":"Nível 2"},{"$f":"OFFSET(ORÇAMENTO!O$15,ROW(E71)-ROW(E$15),0)","v":"1.10."},{"$f":"OFFSET(ORÇAMENTO!R$15,ROW(F71)-ROW(F$15),0)","v":"COBERTURA"},{"$f":"IF($D71<>\"Serviço\",\"\",OFFSET(ORÇAMENTO!S$15,ROW(G71)-ROW(G$15),0))","v":""},{"$f":"IF($D71<>\"Serviço\",0,IF(ACOMPANHAMENTO=\"BM\",ROUND(OFFSET(ORÇAMENTO!AJ$15,ROW(H71)-ROW(H$15),0),15-13*ORÇAMENTO!$AF$7),SUMPRODUCT(($Q$12:$AA$12<>\"\")*ROUND($Q71:$AA71,15-13*ORÇAMENTO!$AF$7))))","v":0},null,null,null,".",{"$f":"IF($D71<>\"Serviço\",\"\",IF(AUTOEVENTO=\"manual\",$A71,IF(ISERROR(MATCH($A71,$A$15:OFFSET($A71,-1,0),0)),MAX($M$15:OFFSET(M71,-1,0))+1,INDEX($M$15:OFFSET(M71,-1,0),MATCH($A71,$A$15:OFFSET($A71,-1,0),0)))))","v":""},{"$f":"IF($D71<>\"Serviço\",\"\",IF(AUTOEVENTO=\"Manual\",IF($A71=0,\"<-- defina o número do agrupador\",OFFSET(EVENTOS!$D$14,$A71,0)),OFFSET($F$15,$A71,0)))","v":""},null,null,null,null,null,null,null,null,null,null,null,null,null,{"$f":"IF(AND($D71=\"Serviço\",AB$12<>0,$H71>0,OR(AUTOEVENTO<>\"manual\",$M71<>1)),\nIF(Import.TipoArredondamento<>\"TransfereGOV\",\nROUND(OFFSET($P71,0,AB$13),15-13*ORÇAMENTO!$AF$7)/$H71*OFFSET(ORÇAMENTO!$X$15,ROW(AB71)-ROW(AB$15),0),\nROUND(ROUND(OFFSET($P71,0,AB$13),15-13*ORÇAMENTO!$AF$7)*OFFSET(ORÇAMENTO!$W$15,ROW(AB71)-ROW(AB$15),0),15-13*ORÇAMENTO!$AF$11)),0)","v":0},{"$f":"IF(AND($D71=\"Serviço\",AC$12<>0,$H71>0,OR(AUTOEVENTO<>\"manual\",$M71<>1)),\nIF(Import.TipoArredondamento<>\"TransfereGOV\",\nROUND(OFFSET($P71,0,AC$13),15-13*ORÇAMENTO!$AF$7)/$H71*OFFSET(ORÇAMENTO!$X$15,ROW(AC71)-ROW(AC$15),0),\nROUND(ROUND(OFFSET($P71,0,AC$13),15-13*ORÇAMENTO!$AF$7)*OFFSET(ORÇAMENTO!$W$15,ROW(AC71)-ROW(AC$15),0),15-13*ORÇAMENTO!$AF$11)),0)","v":0},{"$f":"IF(AND($D71=\"Serviço\",AD$12<>0,$H71>0,OR(AUTOEVENTO<>\"manual\",$M71<>1)),\nIF(Import.TipoArredondamento<>\"TransfereGOV\",\nROUND(OFFSET($P71,0,AD$13),15-13*ORÇAMENTO!$AF$7)/$H71*OFFSET(ORÇAMENTO!$X$15,ROW(AD71)-ROW(AD$15),0),\nROUND(ROUND(OFFSET($P71,0,AD$13),15-13*ORÇAMENTO!$AF$7)*OFFSET(ORÇAMENTO!$W$15,ROW(AD71)-ROW(AD$15),0),15-13*ORÇAMENTO!$AF$11)),0)","v":0},{"$f":"IF(AND($D71=\"Serviço\",AE$12<>0,$H71>0,OR(AUTOEVENTO<>\"manual\",$M71<>1)),\nIF(Import.TipoArredondamento<>\"TransfereGOV\",\nROUND(OFFSET($P71,0,AE$13),15-13*ORÇAMENTO!$AF$7)/$H71*OFFSET(ORÇAMENTO!$X$15,ROW(AE71)-ROW(AE$15),0),\nROUND(ROUND(OFFSET($P71,0,AE$13),15-13*ORÇAMENTO!$AF$7)*OFFSET(ORÇAMENTO!$W$15,ROW(AE71)-ROW(AE$15),0),15-13*ORÇAMENTO!$AF$11)),0)","v":0},{"$f":"IF(AND($D71=\"Serviço\",AF$12<>0,$H71>0,OR(AUTOEVENTO<>\"manual\",$M71<>1)),\nIF(Import.TipoArredondamento<>\"TransfereGOV\",\nROUND(OFFSET($P71,0,AF$13),15-13*ORÇAMENTO!$AF$7)/$H71*OFFSET(ORÇAMENTO!$X$15,ROW(AF71)-ROW(AF$15),0),\nROUND(ROUND(OFFSET($P71,0,AF$13),15-13*ORÇAMENTO!$AF$7)*OFFSET(ORÇAMENTO!$W$15,ROW(AF71)-ROW(AF$15),0),15-13*ORÇAMENTO!$AF$11)),0)","v":0},{"$f":"IF(AND($D71=\"Serviço\",AG$12<>0,$H71>0,OR(AUTOEVENTO<>\"manual\",$M71<>1)),\nIF(Import.TipoArredondamento<>\"TransfereGOV\",\nROUND(OFFSET($P71,0,AG$13),15-13*ORÇAMENTO!$AF$7)/$H71*OFFSET(ORÇAMENTO!$X$15,ROW(AG71)-ROW(AG$15),0),\nROUND(ROUND(OFFSET($P71,0,AG$13),15-13*ORÇAMENTO!$AF$7)*OFFSET(ORÇAMENTO!$W$15,ROW(AG71)-ROW(AG$15),0),15-13*ORÇAMENTO!$AF$11)),0)","v":0},{"$f":"IF(AND($D71=\"Serviço\",AH$12<>0,$H71>0,OR(AUTOEVENTO<>\"manual\",$M71<>1)),\nIF(Import.TipoArredondamento<>\"TransfereGOV\",\nROUND(OFFSET($P71,0,AH$13),15-13*ORÇAMENTO!$AF$7)/$H71*OFFSET(ORÇAMENTO!$X$15,ROW(AH71)-ROW(AH$15),0),\nROUND(ROUND(OFFSET($P71,0,AH$13),15-13*ORÇAMENTO!$AF$7)*OFFSET(ORÇAMENTO!$W$15,ROW(AH71)-ROW(AH$15),0),15-13*ORÇAMENTO!$AF$11)),0)","v":0},{"$f":"IF(AND($D71=\"Serviço\",AI$12<>0,$H71>0,OR(AUTOEVENTO<>\"manual\",$M71<>1)),\nIF(Import.TipoArredondamento<>\"TransfereGOV\",\nROUND(OFFSET($P71,0,AI$13),15-13*ORÇAMENTO!$AF$7)/$H71*OFFSET(ORÇAMENTO!$X$15,ROW(AI71)-ROW(AI$15),0),\nROUND(ROUND(OFFSET($P71,0,AI$13),15-13*ORÇAMENTO!$AF$7)*OFFSET(ORÇAMENTO!$W$15,ROW(AI71)-ROW(AI$15),0),15-13*ORÇAMENTO!$AF$11)),0)","v":0},{"$f":"IF(AND($D71=\"Serviço\",AJ$12<>0,$H71>0,OR(AUTOEVENTO<>\"manual\",$M71<>1)),\nIF(Import.TipoArredondamento<>\"TransfereGOV\",\nROUND(OFFSET($P71,0,AJ$13),15-13*ORÇAMENTO!$AF$7)/$H71*OFFSET(ORÇAMENTO!$X$15,ROW(AJ71)-ROW(AJ$15),0),\nROUND(ROUND(OFFSET($P71,0,AJ$13),15-13*ORÇAMENTO!$AF$7)*OFFSET(ORÇAMENTO!$W$15,ROW(AJ71)-ROW(AJ$15),0),15-13*ORÇAMENTO!$AF$11)),0)","v":0},{"$f":"IF(AND($D71=\"Serviço\",AK$12<>0,$H71>0,OR(AUTOEVENTO<>\"manual\",$M71<>1)),\nIF(Import.TipoArredondamento<>\"TransfereGOV\",\nROUND(OFFSET($P71,0,AK$13),15-13*ORÇAMENTO!$AF$7)/$H71*OFFSET(ORÇAMENTO!$X$15,ROW(AK71)-ROW(AK$15),0),\nROUND(ROUND(OFFSET($P71,0,AK$13),15-13*ORÇAMENTO!$AF$7)*OFFSET(ORÇAMENTO!$W$15,ROW(AK71)-ROW(AK$15),0),15-13*ORÇAMENTO!$AF$11)),0)","v":0},null,{"$f":"IF($D71<>\"Serviço\",0,IF(AND(AUTOEVENTO=\"Manual\",$M71=1),0,IF(OFFSET(CRONOPLE!$F$14,$M71,AM$13)=\"\",10^12,OFFSET(CRONOPLE!$F$14,$M71,AM$13))))","v":0},{"$f":"IF($D71<>\"Serviço\",0,IF(AND(AUTOEVENTO=\"Manual\",$M71=1),0,IF(OFFSET(CRONOPLE!$F$14,$M71,AN$13)=\"\",10^12,OFFSET(CRONOPLE!$F$14,$M71,AN$13))))","v":0},{"$f":"IF($D71<>\"Serviço\",0,IF(AND(AUTOEVENTO=\"Manual\",$M71=1),0,IF(OFFSET(CRONOPLE!$F$14,$M71,AO$13)=\"\",10^12,OFFSET(CRONOPLE!$F$14,$M71,AO$13))))","v":0},{"$f":"IF($D71<>\"Serviço\",0,IF(AND(AUTOEVENTO=\"Manual\",$M71=1),0,IF(OFFSET(CRONOPLE!$F$14,$M71,AP$13)=\"\",10^12,OFFSET(CRONOPLE!$F$14,$M71,AP$13))))","v":0},{"$f":"IF($D71<>\"Serviço\",0,IF(AND(AUTOEVENTO=\"Manual\",$M71=1),0,IF(OFFSET(CRONOPLE!$F$14,$M71,AQ$13)=\"\",10^12,OFFSET(CRONOPLE!$F$14,$M71,AQ$13))))","v":0},{"$f":"IF($D71<>\"Serviço\",0,IF(AND(AUTOEVENTO=\"Manual\",$M71=1),0,IF(OFFSET(CRONOPLE!$F$14,$M71,AR$13)=\"\",10^12,OFFSET(CRONOPLE!$F$14,$M71,AR$13))))","v":0},{"$f":"IF($D71<>\"Serviço\",0,IF(AND(AUTOEVENTO=\"Manual\",$M71=1),0,IF(OFFSET(CRONOPLE!$F$14,$M71,AS$13)=\"\",10^12,OFFSET(CRONOPLE!$F$14,$M71,AS$13))))","v":0},{"$f":"IF($D71<>\"Serviço\",0,IF(AND(AUTOEVENTO=\"Manual\",$M71=1),0,IF(OFFSET(CRONOPLE!$F$14,$M71,AT$13)=\"\",10^12,OFFSET(CRONOPLE!$F$14,$M71,AT$13))))","v":0},{"$f":"IF($D71<>\"Serviço\",0,IF(AND(AUTOEVENTO=\"Manual\",$M71=1),0,IF(OFFSET(CRONOPLE!$F$14,$M71,AU$13)=\"\",10^12,OFFSET(CRONOPLE!$F$14,$M71,AU$13))))","v":0},{"$f":"IF($D71<>\"Serviço\",0,IF(AND(AUTOEVENTO=\"Manual\",$M71=1),0,IF(OFFSET(CRONOPLE!$F$14,$M71,AV$13)=\"\",10^12,OFFSET(CRONOPLE!$F$14,$M71,AV$13))))","v":0},null,{"$f":"IF($D71<>\"Serviço\",0,IF(OR(AND(AUTOEVENTO=\"Manual\",$M71=1),$M71>(ROW(PLE.lastrow)-ROW(PLE.firstrow))),0,IF(OFFSET(PLE!$G$14,$M71,AX$13)=\"\",10^12,OFFSET(PLE!$G$14,$M71,AX$13))))","v":0},{"$f":"IF($D71<>\"Serviço\",0,IF(OR(AND(AUTOEVENTO=\"Manual\",$M71=1),$M71>(ROW(PLE.lastrow)-ROW(PLE.firstrow))),0,IF(OFFSET(PLE!$G$14,$M71,AY$13)=\"\",10^12,OFFSET(PLE!$G$14,$M71,AY$13))))","v":0},{"$f":"IF($D71<>\"Serviço\",0,IF(OR(AND(AUTOEVENTO=\"Manual\",$M71=1),$M71>(ROW(PLE.lastrow)-ROW(PLE.firstrow))),0,IF(OFFSET(PLE!$G$14,$M71,AZ$13)=\"\",10^12,OFFSET(PLE!$G$14,$M71,AZ$13))))","v":0},{"$f":"IF($D71<>\"Serviço\",0,IF(OR(AND(AUTOEVENTO=\"Manual\",$M71=1),$M71>(ROW(PLE.lastrow)-ROW(PLE.firstrow))),0,IF(OFFSET(PLE!$G$14,$M71,BA$13)=\"\",10^12,OFFSET(PLE!$G$14,$M71,BA$13))))","v":0},{"$f":"IF($D71<>\"Serviço\",0,IF(OR(AND(AUTOEVENTO=\"Manual\",$M71=1),$M71>(ROW(PLE.lastrow)-ROW(PLE.firstrow))),0,IF(OFFSET(PLE!$G$14,$M71,BB$13)=\"\",10^12,OFFSET(PLE!$G$14,$M71,BB$13))))","v":0},{"$f":"IF($D71<>\"Serviço\",0,IF(OR(AND(AUTOEVENTO=\"Manual\",$M71=1),$M71>(ROW(PLE.lastrow)-ROW(PLE.firstrow))),0,IF(OFFSET(PLE!$G$14,$M71,BC$13)=\"\",10^12,OFFSET(PLE!$G$14,$M71,BC$13))))","v":0},{"$f":"IF($D71<>\"Serviço\",0,IF(OR(AND(AUTOEVENTO=\"Manual\",$M71=1),$M71>(ROW(PLE.lastrow)-ROW(PLE.firstrow))),0,IF(OFFSET(PLE!$G$14,$M71,BD$13)=\"\",10^12,OFFSET(PLE!$G$14,$M71,BD$13))))","v":0},{"$f":"IF($D71<>\"Serviço\",0,IF(OR(AND(AUTOEVENTO=\"Manual\",$M71=1),$M71>(ROW(PLE.lastrow)-ROW(PLE.firstrow))),0,IF(OFFSET(PLE!$G$14,$M71,BE$13)=\"\",10^12,OFFSET(PLE!$G$14,$M71,BE$13))))","v":0},{"$f":"IF($D71<>\"Serviço\",0,IF(OR(AND(AUTOEVENTO=\"Manual\",$M71=1),$M71>(ROW(PLE.lastrow)-ROW(PLE.firstrow))),0,IF(OFFSET(PLE!$G$14,$M71,BF$13)=\"\",10^12,OFFSET(PLE!$G$14,$M71,BF$13))))","v":0},{"$f":"IF($D71<>\"Serviço\",0,IF(OR(AND(AUTOEVENTO=\"Manual\",$M71=1),$M71>(ROW(PLE.lastrow)-ROW(PLE.firstrow))),0,IF(OFFSET(PLE!$G$14,$M71,BG$13)=\"\",10^12,OFFSET(PLE!$G$14,$M71,BG$13))))","v":0}]
["56",{"$f":"OFFSET(ORÇAMENTO!C$15,ROW(B72)-ROW(B$15),0)","v":"S"},{"$f":"OFFSET(ORÇAMENTO!L$15,ROW(C72)-ROW(C$15),0)","v":"F"},{"$f":"OFFSET(ORÇAMENTO!N$15,ROW(D72)-ROW(D$15),0)","v":"Serviço"},{"$f":"OFFSET(ORÇAMENTO!O$15,ROW(E72)-ROW(E$15),0)","v":"1.10.0.1."},{"$f":"OFFSET(ORÇAMENTO!R$15,ROW(F72)-ROW(F$15),0)","v":"TRAMA DE MADEIRA COMPOSTA POR TERÇAS PARA TELHADOS DE ATÉ 2 ÁGUAS PARA TELHA ONDULADA DE FIBROCIMENTO, METÁLICA, PLÁSTICA OU TERMOACÚSTICA, INCLUSO TRANSPORTE VERTICAL. AF_07/2019"},{"$f":"IF($D72<>\"Serviço\",\"\",OFFSET(ORÇAMENTO!S$15,ROW(G72)-ROW(G$15),0))","v":"M2"},{"$f":"IF($D72<>\"Serviço\",0,IF(ACOMPANHAMENTO=\"BM\",ROUND(OFFSET(ORÇAMENTO!AJ$15,ROW(H72)-ROW(H$15),0),15-13*ORÇAMENTO!$AF$7),SUMPRODUCT(($Q$12:$AA$12<>\"\")*ROUND($Q72:$AA72,15-13*ORÇAMENTO!$AF$7))))","v":369.01},"CONSIDERADO SEM A PARTE DAS ABAS QUE NÃO VAI TERÇA (DE FRENTE PROS OITOES)",null,null,".",{"$f":"IF($D72<>\"Serviço\",\"\",IF(AUTOEVENTO=\"manual\",$A72,IF(ISERROR(MATCH($A72,$A$15:OFFSET($A72,-1,0),0)),MAX($M$15:OFFSET(M72,-1,0))+1,INDEX($M$15:OFFSET(M72,-1,0),MATCH($A72,$A$15:OFFSET($A72,-1,0),0)))))","v":11},{"$f":"IF($D72<>\"Serviço\",\"\",IF(AUTOEVENTO=\"Manual\",IF($A72=0,\"<-- defina o número do agrupador\",OFFSET(EVENTOS!$D$14,$A72,0)),OFFSET($F$15,$A72,0)))","v":"COBERTURA"},null,null,{"$f":"201.09+7.5+118.88+10.85+13.17+5.31+5.01+2.85+4.35","v":369.0100000000001},null,null,null,null,null,null,null,null,null,null,{"$f":"IF(AND($D72=\"Serviço\",AB$12<>0,$H72>0,OR(AUTOEVENTO<>\"manual\",$M72<>1)),\nIF(Import.TipoArredondamento<>\"TransfereGOV\",\nROUND(OFFSET($P72,0,AB$13),15-13*ORÇAMENTO!$AF$7)/$H72*OFFSET(ORÇAMENTO!$X$15,ROW(AB72)-ROW(AB$15),0),\nROUND(ROUND(OFFSET($P72,0,AB$13),15-13*ORÇAMENTO!$AF$7)*OFFSET(ORÇAMENTO!$W$15,ROW(AB72)-ROW(AB$15),0),15-13*ORÇAMENTO!$AF$11)),0)","v":7328.54},{"$f":"IF(AND($D72=\"Serviço\",AC$12<>0,$H72>0,OR(AUTOEVENTO<>\"manual\",$M72<>1)),\nIF(Import.TipoArredondamento<>\"TransfereGOV\",\nROUND(OFFSET($P72,0,AC$13),15-13*ORÇAMENTO!$AF$7)/$H72*OFFSET(ORÇAMENTO!$X$15,ROW(AC72)-ROW(AC$15),0),\nROUND(ROUND(OFFSET($P72,0,AC$13),15-13*ORÇAMENTO!$AF$7)*OFFSET(ORÇAMENTO!$W$15,ROW(AC72)-ROW(AC$15),0),15-13*ORÇAMENTO!$AF$11)),0)","v":0},{"$f":"IF(AND($D72=\"Serviço\",AD$12<>0,$H72>0,OR(AUTOEVENTO<>\"manual\",$M72<>1)),\nIF(Import.TipoArredondamento<>\"TransfereGOV\",\nROUND(OFFSET($P72,0,AD$13),15-13*ORÇAMENTO!$AF$7)/$H72*OFFSET(ORÇAMENTO!$X$15,ROW(AD72)-ROW(AD$15),0),\nROUND(ROUND(OFFSET($P72,0,AD$13),15-13*ORÇAMENTO!$AF$7)*OFFSET(ORÇAMENTO!$W$15,ROW(AD72)-ROW(AD$15),0),15-13*ORÇAMENTO!$AF$11)),0)","v":0},{"$f":"IF(AND($D72=\"Serviço\",AE$12<>0,$H72>0,OR(AUTOEVENTO<>\"manual\",$M72<>1)),\nIF(Import.TipoArredondamento<>\"TransfereGOV\",\nROUND(OFFSET($P72,0,AE$13),15-13*ORÇAMENTO!$AF$7)/$H72*OFFSET(ORÇAMENTO!$X$15,ROW(AE72)-ROW(AE$15),0),\nROUND(ROUND(OFFSET($P72,0,AE$13),15-13*ORÇAMENTO!$AF$7)*OFFSET(ORÇAMENTO!$W$15,ROW(AE72)-ROW(AE$15),0),15-13*ORÇAMENTO!$AF$11)),0)","v":0},{"$f":"IF(AND($D72=\"Serviço\",AF$12<>0,$H72>0,OR(AUTOEVENTO<>\"manual\",$M72<>1)),\nIF(Import.TipoArredondamento<>\"TransfereGOV\",\nROUND(OFFSET($P72,0,AF$13),15-13*ORÇAMENTO!$AF$7)/$H72*OFFSET(ORÇAMENTO!$X$15,ROW(AF72)-ROW(AF$15),0),\nROUND(ROUND(OFFSET($P72,0,AF$13),15-13*ORÇAMENTO!$AF$7)*OFFSET(ORÇAMENTO!$W$15,ROW(AF72)-ROW(AF$15),0),15-13*ORÇAMENTO!$AF$11)),0)","v":0},{"$f":"IF(AND($D72=\"Serviço\",AG$12<>0,$H72>0,OR(AUTOEVENTO<>\"manual\",$M72<>1)),\nIF(Import.TipoArredondamento<>\"TransfereGOV\",\nROUND(OFFSET($P72,0,AG$13),15-13*ORÇAMENTO!$AF$7)/$H72*OFFSET(ORÇAMENTO!$X$15,ROW(AG72)-ROW(AG$15),0),\nROUND(ROUND(OFFSET($P72,0,AG$13),15-13*ORÇAMENTO!$AF$7)*OFFSET(ORÇAMENTO!$W$15,ROW(AG72)-ROW(AG$15),0),15-13*ORÇAMENTO!$AF$11)),0)","v":0},{"$f":"IF(AND($D72=\"Serviço\",AH$12<>0,$H72>0,OR(AUTOEVENTO<>\"manual\",$M72<>1)),\nIF(Import.TipoArredondamento<>\"TransfereGOV\",\nROUND(OFFSET($P72,0,AH$13),15-13*ORÇAMENTO!$AF$7)/$H72*OFFSET(ORÇAMENTO!$X$15,ROW(AH72)-ROW(AH$15),0),\nROUND(ROUND(OFFSET($P72,0,AH$13),15-13*ORÇAMENTO!$AF$7)*OFFSET(ORÇAMENTO!$W$15,ROW(AH72)-ROW(AH$15),0),15-13*ORÇAMENTO!$AF$11)),0)","v":0},{"$f":"IF(AND($D72=\"Serviço\",AI$12<>0,$H72>0,OR(AUTOEVENTO<>\"manual\",$M72<>1)),\nIF(Import.TipoArredondamento<>\"TransfereGOV\",\nROUND(OFFSET($P72,0,AI$13),15-13*ORÇAMENTO!$AF$7)/$H72*OFFSET(ORÇAMENTO!$X$15,ROW(AI72)-ROW(AI$15),0),\nROUND(ROUND(OFFSET($P72,0,AI$13),15-13*ORÇAMENTO!$AF$7)*OFFSET(ORÇAMENTO!$W$15,ROW(AI72)-ROW(AI$15),0),15-13*ORÇAMENTO!$AF$11)),0)","v":0},{"$f":"IF(AND($D72=\"Serviço\",AJ$12<>0,$H72>0,OR(AUTOEVENTO<>\"manual\",$M72<>1)),\nIF(Import.TipoArredondamento<>\"TransfereGOV\",\nROUND(OFFSET($P72,0,AJ$13),15-13*ORÇAMENTO!$AF$7)/$H72*OFFSET(ORÇAMENTO!$X$15,ROW(AJ72)-ROW(AJ$15),0),\nROUND(ROUND(OFFSET($P72,0,AJ$13),15-13*ORÇAMENTO!$AF$7)*OFFSET(ORÇAMENTO!$W$15,ROW(AJ72)-ROW(AJ$15),0),15-13*ORÇAMENTO!$AF$11)),0)","v":0},{"$f":"IF(AND($D72=\"Serviço\",AK$12<>0,$H72>0,OR(AUTOEVENTO<>\"manual\",$M72<>1)),\nIF(Import.TipoArredondamento<>\"TransfereGOV\",\nROUND(OFFSET($P72,0,AK$13),15-13*ORÇAMENTO!$AF$7)/$H72*OFFSET(ORÇAMENTO!$X$15,ROW(AK72)-ROW(AK$15),0),\nROUND(ROUND(OFFSET($P72,0,AK$13),15-13*ORÇAMENTO!$AF$7)*OFFSET(ORÇAMENTO!$W$15,ROW(AK72)-ROW(AK$15),0),15-13*ORÇAMENTO!$AF$11)),0)","v":0},null,{"$f":"IF($D72<>\"Serviço\",0,IF(AND(AUTOEVENTO=\"Manual\",$M72=1),0,IF(OFFSET(CRONOPLE!$F$14,$M72,AM$13)=\"\",10^12,OFFSET(CRONOPLE!$F$14,$M72,AM$13))))","v":1000000000000},{"$f":"IF($D72<>\"Serviço\",0,IF(AND(AUTOEVENTO=\"Manual\",$M72=1),0,IF(OFFSET(CRONOPLE!$F$14,$M72,AN$13)=\"\",10^12,OFFSET(CRONOPLE!$F$14,$M72,AN$13))))","v":1000000000000},{"$f":"IF($D72<>\"Serviço\",0,IF(AND(AUTOEVENTO=\"Manual\",$M72=1),0,IF(OFFSET(CRONOPLE!$F$14,$M72,AO$13)=\"\",10^12,OFFSET(CRONOPLE!$F$14,$M72,AO$13))))","v":1000000000000},{"$f":"IF($D72<>\"Serviço\",0,IF(AND(AUTOEVENTO=\"Manual\",$M72=1),0,IF(OFFSET(CRONOPLE!$F$14,$M72,AP$13)=\"\",10^12,OFFSET(CRONOPLE!$F$14,$M72,AP$13))))","v":1000000000000},{"$f":"IF($D72<>\"Serviço\",0,IF(AND(AUTOEVENTO=\"Manual\",$M72=1),0,IF(OFFSET(CRONOPLE!$F$14,$M72,AQ$13)=\"\",10^12,OFFSET(CRONOPLE!$F$14,$M72,AQ$13))))","v":1000000000000},{"$f":"IF($D72<>\"Serviço\",0,IF(AND(AUTOEVENTO=\"Manual\",$M72=1),0,IF(OFFSET(CRONOPLE!$F$14,$M72,AR$13)=\"\",10^12,OFFSET(CRONOPLE!$F$14,$M72,AR$13))))","v":1000000000000},{"$f":"IF($D72<>\"Serviço\",0,IF(AND(AUTOEVENTO=\"Manual\",$M72=1),0,IF(OFFSET(CRONOPLE!$F$14,$M72,AS$13)=\"\",10^12,OFFSET(CRONOPLE!$F$14,$M72,AS$13))))","v":1000000000000},{"$f":"IF($D72<>\"Serviço\",0,IF(AND(AUTOEVENTO=\"Manual\",$M72=1),0,IF(OFFSET(CRONOPLE!$F$14,$M72,AT$13)=\"\",10^12,OFFSET(CRONOPLE!$F$14,$M72,AT$13))))","v":1000000000000},{"$f":"IF($D72<>\"Serviço\",0,IF(AND(AUTOEVENTO=\"Manual\",$M72=1),0,IF(OFFSET(CRONOPLE!$F$14,$M72,AU$13)=\"\",10^12,OFFSET(CRONOPLE!$F$14,$M72,AU$13))))","v":1000000000000},{"$f":"IF($D72<>\"Serviço\",0,IF(AND(AUTOEVENTO=\"Manual\",$M72=1),0,IF(OFFSET(CRONOPLE!$F$14,$M72,AV$13)=\"\",10^12,OFFSET(CRONOPLE!$F$14,$M72,AV$13))))","v":1000000000000},null,{"$f":"IF($D72<>\"Serviço\",0,IF(OR(AND(AUTOEVENTO=\"Manual\",$M72=1),$M72>(ROW(PLE.lastrow)-ROW(PLE.firstrow))),0,IF(OFFSET(PLE!$G$14,$M72,AX$13)=\"\",10^12,OFFSET(PLE!$G$14,$M72,AX$13))))","v":1000000000000},{"$f":"IF($D72<>\"Serviço\",0,IF(OR(AND(AUTOEVENTO=\"Manual\",$M72=1),$M72>(ROW(PLE.lastrow)-ROW(PLE.firstrow))),0,IF(OFFSET(PLE!$G$14,$M72,AY$13)=\"\",10^12,OFFSET(PLE!$G$14,$M72,AY$13))))","v":1000000000000},{"$f":"IF($D72<>\"Serviço\",0,IF(OR(AND(AUTOEVENTO=\"Manual\",$M72=1),$M72>(ROW(PLE.lastrow)-ROW(PLE.firstrow))),0,IF(OFFSET(PLE!$G$14,$M72,AZ$13)=\"\",10^12,OFFSET(PLE!$G$14,$M72,AZ$13))))","v":1000000000000},{"$f":"IF($D72<>\"Serviço\",0,IF(OR(AND(AUTOEVENTO=\"Manual\",$M72=1),$M72>(ROW(PLE.lastrow)-ROW(PLE.firstrow))),0,IF(OFFSET(PLE!$G$14,$M72,BA$13)=\"\",10^12,OFFSET(PLE!$G$14,$M72,BA$13))))","v":1000000000000},{"$f":"IF($D72<>\"Serviço\",0,IF(OR(AND(AUTOEVENTO=\"Manual\",$M72=1),$M72>(ROW(PLE.lastrow)-ROW(PLE.firstrow))),0,IF(OFFSET(PLE!$G$14,$M72,BB$13)=\"\",10^12,OFFSET(PLE!$G$14,$M72,BB$13))))","v":1000000000000},{"$f":"IF($D72<>\"Serviço\",0,IF(OR(AND(AUTOEVENTO=\"Manual\",$M72=1),$M72>(ROW(PLE.lastrow)-ROW(PLE.firstrow))),0,IF(OFFSET(PLE!$G$14,$M72,BC$13)=\"\",10^12,OFFSET(PLE!$G$14,$M72,BC$13))))","v":1000000000000},{"$f":"IF($D72<>\"Serviço\",0,IF(OR(AND(AUTOEVENTO=\"Manual\",$M72=1),$M72>(ROW(PLE.lastrow)-ROW(PLE.firstrow))),0,IF(OFFSET(PLE!$G$14,$M72,BD$13)=\"\",10^12,OFFSET(PLE!$G$14,$M72,BD$13))))","v":1000000000000},{"$f":"IF($D72<>\"Serviço\",0,IF(OR(AND(AUTOEVENTO=\"Manual\",$M72=1),$M72>(ROW(PLE.lastrow)-ROW(PLE.firstrow))),0,IF(OFFSET(PLE!$G$14,$M72,BE$13)=\"\",10^12,OFFSET(PLE!$G$14,$M72,BE$13))))","v":1000000000000},{"$f":"IF($D72<>\"Serviço\",0,IF(OR(AND(AUTOEVENTO=\"Manual\",$M72=1),$M72>(ROW(PLE.lastrow)-ROW(PLE.firstrow))),0,IF(OFFSET(PLE!$G$14,$M72,BF$13)=\"\",10^12,OFFSET(PLE!$G$14,$M72,BF$13))))","v":1000000000000},{"$f":"IF($D72<>\"Serviço\",0,IF(OR(AND(AUTOEVENTO=\"Manual\",$M72=1),$M72>(ROW(PLE.lastrow)-ROW(PLE.firstrow))),0,IF(OFFSET(PLE!$G$14,$M72,BG$13)=\"\",10^12,OFFSET(PLE!$G$14,$M72,BG$13))))","v":1000000000000}]
["56",{"$f":"OFFSET(ORÇAMENTO!C$15,ROW(B73)-ROW(B$15),0)","v":"S"},{"$f":"OFFSET(ORÇAMENTO!L$15,ROW(C73)-ROW(C$15),0)","v":"F"},{"$f":"OFFSET(ORÇAMENTO!N$15,ROW(D73)-ROW(D$15),0)","v":"Serviço"},{"$f":"OFFSET(ORÇAMENTO!O$15,ROW(E73)-ROW(E$15),0)","v":"1.10.0.2."},{"$f":"OFFSET(ORÇAMENTO!R$15,ROW(F73)-ROW(F$15),0)","v":"FABRICAÇÃO E INSTALAÇÃO DE PONTALETES DE MADEIRA NÃO APARELHADA PARA TELHADOS COM ATÉ 2 ÁGUAS E COM TELHA ONDULADA DE FIBROCIMENTO, ALUMÍNIO OU PLÁSTICA EM EDIFÍCIO INSTITUCIONAL TÉRREO, INCLUSO TRANSPORTE VERTICAL. AF_07/2019"},{"$f":"IF($D73<>\"Serviço\",\"\",OFFSET(ORÇAMENTO!S$15,ROW(G73)-ROW(G$15),0))","v":"M2"},{"$f":"IF($D73<>\"Serviço\",0,IF(ACOMPANHAMENTO=\"BM\",ROUND(OFFSET(ORÇAMENTO!AJ$15,ROW(H73)-ROW(H$15),0),15-13*ORÇAMENTO!$AF$7),SUMPRODUCT(($Q$12:$AA$12<>\"\")*ROUND($Q73:$AA73,15-13*ORÇAMENTO!$AF$7))))","v":327.47000000000003},"sem as abas",null,null,".",{"$f":"IF($D73<>\"Serviço\",\"\",IF(AUTOEVENTO=\"manual\",$A73,IF(ISERROR(MATCH($A73,$A$15:OFFSET($A73,-1,0),0)),MAX($M$15:OFFSET(M73,-1,0))+1,INDEX($M$15:OFFSET(M73,-1,0),MATCH($A73,$A$15:OFFSET($A73,-1,0),0)))))","v":11},{"$f":"IF($D73<>\"Serviço\",\"\",IF(AUTOEVENTO=\"Manual\",IF($A73=0,\"<-- defina o número do agrupador\",OFFSET(EVENTOS!$D$14,$A73,0)),OFFSET($F$15,$A73,0)))","v":"COBERTURA"},null,null,{"$f":"201.09+7.5+118.88","v":327.47000000000003},null,null,null,null,null,null,null,null,null,null,{"$f":"IF(AND($D73=\"Serviço\",AB$12<>0,$H73>0,OR(AUTOEVENTO<>\"manual\",$M73<>1)),\nIF(Import.TipoArredondamento<>\"TransfereGOV\",\nROUND(OFFSET($P73,0,AB$13),15-13*ORÇAMENTO!$AF$7)/$H73*OFFSET(ORÇAMENTO!$X$15,ROW(AB73)-ROW(AB$15),0),\nROUND(ROUND(OFFSET($P73,0,AB$13),15-13*ORÇAMENTO!$AF$7)*OFFSET(ORÇAMENTO!$W$15,ROW(AB73)-ROW(AB$15),0),15-13*ORÇAMENTO!$AF$11)),0)","v":7892.03},{"$f":"IF(AND($D73=\"Serviço\",AC$12<>0,$H73>0,OR(AUTOEVENTO<>\"manual\",$M73<>1)),\nIF(Import.TipoArredondamento<>\"TransfereGOV\",\nROUND(OFFSET($P73,0,AC$13),15-13*ORÇAMENTO!$AF$7)/$H73*OFFSET(ORÇAMENTO!$X$15,ROW(AC73)-ROW(AC$15),0),\nROUND(ROUND(OFFSET($P73,0,AC$13),15-13*ORÇAMENTO!$AF$7)*OFFSET(ORÇAMENTO!$W$15,ROW(AC73)-ROW(AC$15),0),15-13*ORÇAMENTO!$AF$11)),0)","v":0},{"$f":"IF(AND($D73=\"Serviço\",AD$12<>0,$H73>0,OR(AUTOEVENTO<>\"manual\",$M73<>1)),\nIF(Import.TipoArredondamento<>\"TransfereGOV\",\nROUND(OFFSET($P73,0,AD$13),15-13*ORÇAMENTO!$AF$7)/$H73*OFFSET(ORÇAMENTO!$X$15,ROW(AD73)-ROW(AD$15),0),\nROUND(ROUND(OFFSET($P73,0,AD$13),15-13*ORÇAMENTO!$AF$7)*OFFSET(ORÇAMENTO!$W$15,ROW(AD73)-ROW(AD$15),0),15-13*ORÇAMENTO!$AF$11)),0)","v":0},{"$f":"IF(AND($D73=\"Serviço\",AE$12<>0,$H73>0,OR(AUTOEVENTO<>\"manual\",$M73<>1)),\nIF(Import.TipoArredondamento<>\"TransfereGOV\",\nROUND(OFFSET($P73,0,AE$13),15-13*ORÇAMENTO!$AF$7)/$H73*OFFSET(ORÇAMENTO!$X$15,ROW(AE73)-ROW(AE$15),0),\nROUND(ROUND(OFFSET($P73,0,AE$13),15-13*ORÇAMENTO!$AF$7)*OFFSET(ORÇAMENTO!$W$15,ROW(AE73)-ROW(AE$15),0),15-13*ORÇAMENTO!$AF$11)),0)","v":0},{"$f":"IF(AND($D73=\"Serviço\",AF$12<>0,$H73>0,OR(AUTOEVENTO<>\"manual\",$M73<>1)),\nIF(Import.TipoArredondamento<>\"TransfereGOV\",\nROUND(OFFSET($P73,0,AF$13),15-13*ORÇAMENTO!$AF$7)/$H73*OFFSET(ORÇAMENTO!$X$15,ROW(AF73)-ROW(AF$15),0),\nROUND(ROUND(OFFSET($P73,0,AF$13),15-13*ORÇAMENTO!$AF$7)*OFFSET(ORÇAMENTO!$W$15,ROW(AF73)-ROW(AF$15),0),15-13*ORÇAMENTO!$AF$11)),0)","v":0},{"$f":"IF(AND($D73=\"Serviço\",AG$12<>0,$H73>0,OR(AUTOEVENTO<>\"manual\",$M73<>1)),\nIF(Import.TipoArredondamento<>\"TransfereGOV\",\nROUND(OFFSET($P73,0,AG$13),15-13*ORÇAMENTO!$AF$7)/$H73*OFFSET(ORÇAMENTO!$X$15,ROW(AG73)-ROW(AG$15),0),\nROUND(ROUND(OFFSET($P73,0,AG$13),15-13*ORÇAMENTO!$AF$7)*OFFSET(ORÇAMENTO!$W$15,ROW(AG73)-ROW(AG$15),0),15-13*ORÇAMENTO!$AF$11)),0)","v":0},{"$f":"IF(AND($D73=\"Serviço\",AH$12<>0,$H73>0,OR(AUTOEVENTO<>\"manual\",$M73<>1)),\nIF(Import.TipoArredondamento<>\"TransfereGOV\",\nROUND(OFFSET($P73,0,AH$13),15-13*ORÇAMENTO!$AF$7)/$H73*OFFSET(ORÇAMENTO!$X$15,ROW(AH73)-ROW(AH$15),0),\nROUND(ROUND(OFFSET($P73,0,AH$13),15-13*ORÇAMENTO!$AF$7)*OFFSET(ORÇAMENTO!$W$15,ROW(AH73)-ROW(AH$15),0),15-13*ORÇAMENTO!$AF$11)),0)","v":0},{"$f":"IF(AND($D73=\"Serviço\",AI$12<>0,$H73>0,OR(AUTOEVENTO<>\"manual\",$M73<>1)),\nIF(Import.TipoArredondamento<>\"TransfereGOV\",\nROUND(OFFSET($P73,0,AI$13),15-13*ORÇAMENTO!$AF$7)/$H73*OFFSET(ORÇAMENTO!$X$15,ROW(AI73)-ROW(AI$15),0),\nROUND(ROUND(OFFSET($P73,0,AI$13),15-13*ORÇAMENTO!$AF$7)*OFFSET(ORÇAMENTO!$W$15,ROW(AI73)-ROW(AI$15),0),15-13*ORÇAMENTO!$AF$11)),0)","v":0},{"$f":"IF(AND($D73=\"Serviço\",AJ$12<>0,$H73>0,OR(AUTOEVENTO<>\"manual\",$M73<>1)),\nIF(Import.TipoArredondamento<>\"TransfereGOV\",\nROUND(OFFSET($P73,0,AJ$13),15-13*ORÇAMENTO!$AF$7)/$H73*OFFSET(ORÇAMENTO!$X$15,ROW(AJ73)-ROW(AJ$15),0),\nROUND(ROUND(OFFSET($P73,0,AJ$13),15-13*ORÇAMENTO!$AF$7)*OFFSET(ORÇAMENTO!$W$15,ROW(AJ73)-ROW(AJ$15),0),15-13*ORÇAMENTO!$AF$11)),0)","v":0},{"$f":"IF(AND($D73=\"Serviço\",AK$12<>0,$H73>0,OR(AUTOEVENTO<>\"manual\",$M73<>1)),\nIF(Import.TipoArredondamento<>\"TransfereGOV\",\nROUND(OFFSET($P73,0,AK$13),15-13*ORÇAMENTO!$AF$7)/$H73*OFFSET(ORÇAMENTO!$X$15,ROW(AK73)-ROW(AK$15),0),\nROUND(ROUND(OFFSET($P73,0,AK$13),15-13*ORÇAMENTO!$AF$7)*OFFSET(ORÇAMENTO!$W$15,ROW(AK73)-ROW(AK$15),0),15-13*ORÇAMENTO!$AF$11)),0)","v":0},null,{"$f":"IF($D73<>\"Serviço\",0,IF(AND(AUTOEVENTO=\"Manual\",$M73=1),0,IF(OFFSET(CRONOPLE!$F$14,$M73,AM$13)=\"\",10^12,OFFSET(CRONOPLE!$F$14,$M73,AM$13))))","v":1000000000000},{"$f":"IF($D73<>\"Serviço\",0,IF(AND(AUTOEVENTO=\"Manual\",$M73=1),0,IF(OFFSET(CRONOPLE!$F$14,$M73,AN$13)=\"\",10^12,OFFSET(CRONOPLE!$F$14,$M73,AN$13))))","v":1000000000000},{"$f":"IF($D73<>\"Serviço\",0,IF(AND(AUTOEVENTO=\"Manual\",$M73=1),0,IF(OFFSET(CRONOPLE!$F$14,$M73,AO$13)=\"\",10^12,OFFSET(CRONOPLE!$F$14,$M73,AO$13))))","v":1000000000000},{"$f":"IF($D73<>\"Serviço\",0,IF(AND(AUTOEVENTO=\"Manual\",$M73=1),0,IF(OFFSET(CRONOPLE!$F$14,$M73,AP$13)=\"\",10^12,OFFSET(CRONOPLE!$F$14,$M73,AP$13))))","v":1000000000000},{"$f":"IF($D73<>\"Serviço\",0,IF(AND(AUTOEVENTO=\"Manual\",$M73=1),0,IF(OFFSET(CRONOPLE!$F$14,$M73,AQ$13)=\"\",10^12,OFFSET(CRONOPLE!$F$14,$M73,AQ$13))))","v":1000000000000},{"$f":"IF($D73<>\"Serviço\",0,IF(AND(AUTOEVENTO=\"Manual\",$M73=1),0,IF(OFFSET(CRONOPLE!$F$14,$M73,AR$13)=\"\",10^12,OFFSET(CRONOPLE!$F$14,$M73,AR$13))))","v":1000000000000},{"$f":"IF($D73<>\"Serviço\",0,IF(AND(AUTOEVENTO=\"Manual\",$M73=1),0,IF(OFFSET(CRONOPLE!$F$14,$M73,AS$13)=\"\",10^12,OFFSET(CRONOPLE!$F$14,$M73,AS$13))))","v":1000000000000},{"$f":"IF($D73<>\"Serviço\",0,IF(AND(AUTOEVENTO=\"Manual\",$M73=1),0,IF(OFFSET(CRONOPLE!$F$14,$M73,AT$13)=\"\",10^12,OFFSET(CRONOPLE!$F$14,$M73,AT$13))))","v":1000000000000},{"$f":"IF($D73<>\"Serviço\",0,IF(AND(AUTOEVENTO=\"Manual\",$M73=1),0,IF(OFFSET(CRONOPLE!$F$14,$M73,AU$13)=\"\",10^12,OFFSET(CRONOPLE!$F$14,$M73,AU$13))))","v":1000000000000},{"$f":"IF($D73<>\"Serviço\",0,IF(AND(AUTOEVENTO=\"Manual\",$M73=1),0,IF(OFFSET(CRONOPLE!$F$14,$M73,AV$13)=\"\",10^12,OFFSET(CRONOPLE!$F$14,$M73,AV$13))))","v":1000000000000},null,{"$f":"IF($D73<>\"Serviço\",0,IF(OR(AND(AUTOEVENTO=\"Manual\",$M73=1),$M73>(ROW(PLE.lastrow)-ROW(PLE.firstrow))),0,IF(OFFSET(PLE!$G$14,$M73,AX$13)=\"\",10^12,OFFSET(PLE!$G$14,$M73,AX$13))))","v":1000000000000},{"$f":"IF($D73<>\"Serviço\",0,IF(OR(AND(AUTOEVENTO=\"Manual\",$M73=1),$M73>(ROW(PLE.lastrow)-ROW(PLE.firstrow))),0,IF(OFFSET(PLE!$G$14,$M73,AY$13)=\"\",10^12,OFFSET(PLE!$G$14,$M73,AY$13))))","v":1000000000000},{"$f":"IF($D73<>\"Serviço\",0,IF(OR(AND(AUTOEVENTO=\"Manual\",$M73=1),$M73>(ROW(PLE.lastrow)-ROW(PLE.firstrow))),0,IF(OFFSET(PLE!$G$14,$M73,AZ$13)=\"\",10^12,OFFSET(PLE!$G$14,$M73,AZ$13))))","v":1000000000000},{"$f":"IF($D73<>\"Serviço\",0,IF(OR(AND(AUTOEVENTO=\"Manual\",$M73=1),$M73>(ROW(PLE.lastrow)-ROW(PLE.firstrow))),0,IF(OFFSET(PLE!$G$14,$M73,BA$13)=\"\",10^12,OFFSET(PLE!$G$14,$M73,BA$13))))","v":1000000000000},{"$f":"IF($D73<>\"Serviço\",0,IF(OR(AND(AUTOEVENTO=\"Manual\",$M73=1),$M73>(ROW(PLE.lastrow)-ROW(PLE.firstrow))),0,IF(OFFSET(PLE!$G$14,$M73,BB$13)=\"\",10^12,OFFSET(PLE!$G$14,$M73,BB$13))))","v":1000000000000},{"$f":"IF($D73<>\"Serviço\",0,IF(OR(AND(AUTOEVENTO=\"Manual\",$M73=1),$M73>(ROW(PLE.lastrow)-ROW(PLE.firstrow))),0,IF(OFFSET(PLE!$G$14,$M73,BC$13)=\"\",10^12,OFFSET(PLE!$G$14,$M73,BC$13))))","v":1000000000000},{"$f":"IF($D73<>\"Serviço\",0,IF(OR(AND(AUTOEVENTO=\"Manual\",$M73=1),$M73>(ROW(PLE.lastrow)-ROW(PLE.firstrow))),0,IF(OFFSET(PLE!$G$14,$M73,BD$13)=\"\",10^12,OFFSET(PLE!$G$14,$M73,BD$13))))","v":1000000000000},{"$f":"IF($D73<>\"Serviço\",0,IF(OR(AND(AUTOEVENTO=\"Manual\",$M73=1),$M73>(ROW(PLE.lastrow)-ROW(PLE.firstrow))),0,IF(OFFSET(PLE!$G$14,$M73,BE$13)=\"\",10^12,OFFSET(PLE!$G$14,$M73,BE$13))))","v":1000000000000},{"$f":"IF($D73<>\"Serviço\",0,IF(OR(AND(AUTOEVENTO=\"Manual\",$M73=1),$M73>(ROW(PLE.lastrow)-ROW(PLE.firstrow))),0,IF(OFFSET(PLE!$G$14,$M73,BF$13)=\"\",10^12,OFFSET(PLE!$G$14,$M73,BF$13))))","v":1000000000000},{"$f":"IF($D73<>\"Serviço\",0,IF(OR(AND(AUTOEVENTO=\"Manual\",$M73=1),$M73>(ROW(PLE.lastrow)-ROW(PLE.firstrow))),0,IF(OFFSET(PLE!$G$14,$M73,BG$13)=\"\",10^12,OFFSET(PLE!$G$14,$M73,BG$13))))","v":1000000000000}]
[{"$f":"IF(AUTOEVENTO=\"Manual\",IF(K74<>\"\",MIN(VALUE(LEFT(K74,FIND(\".\",K74)-1)),COUNTA(EVENTOS.Lista)),0),IF(OR($B74>AUTOEVENTO,$B74=\"S\",$B74=0),SUBSTITUTE(OFFSET($A74,-1,0),IF($D74=\"Serviço\",\".\",\"\"),\"\"),ROW(A74)-ROW($A$15)&\".\"))","v":"56"},{"$f":"OFFSET(ORÇAMENTO!C$15,ROW(B74)-ROW(B$15),0)","v":"S"},{"$f":"OFFSET(ORÇAMENTO!L$15,ROW(C74)-ROW(C$15),0)","v":"F"},{"$f":"OFFSET(ORÇAMENTO!N$15,ROW(D74)-ROW(D$15),0)","v":"Serviço"},{"$f":"OFFSET(ORÇAMENTO!O$15,ROW(E74)-ROW(E$15),0)","v":"1.10.0.3."},{"$f":"OFFSET(ORÇAMENTO!R$15,ROW(F74)-ROW(F$15),0)","v":"FABRICAÇÃO E INSTALAÇÃO DE PONTALETE DE MADEIRA APARELHADA PARA ABA DE 60CM, 80X6X12CM, EM EUCALIPTO VERMELHO"},{"$f":"IF($D74<>\"Serviço\",\"\",OFFSET(ORÇAMENTO!S$15,ROW(G74)-ROW(G$15),0))","v":"UNIDADE"},{"$f":"IF($D74<>\"Serviço\",0,IF(ACOMPANHAMENTO=\"BM\",ROUND(OFFSET(ORÇAMENTO!AJ$15,ROW(H74)-ROW(H$15),0),15-13*ORÇAMENTO!$AF$7),SUMPRODUCT(($Q$12:$AA$12<>\"\")*ROUND($Q74:$AA74,15-13*ORÇAMENTO!$AF$7))))","v":84},null,null,null,".",{"$f":"IF($D74<>\"Serviço\",\"\",IF(AUTOEVENTO=\"manual\",$A74,IF(ISERROR(MATCH($A74,$A$15:OFFSET($A74,-1,0),0)),MAX($M$15:OFFSET(M74,-1,0))+1,INDEX($M$15:OFFSET(M74,-1,0),MATCH($A74,$A$15:OFFSET($A74,-1,0),0)))))","v":11},{"$f":"IF($D74<>\"Serviço\",\"\",IF(AUTOEVENTO=\"Manual\",IF($A74=0,\"<-- defina o número do agrupador\",OFFSET(EVENTOS!$D$14,$A74,0)),OFFSET($F$15,$A74,0)))","v":"COBERTURA"},null,null,{"$f":"37+47","v":84},null,null,null,null,null,null,null,null,null,null,{"$f":"IF(AND($D74=\"Serviço\",AB$12<>0,$H74>0,OR(AUTOEVENTO<>\"manual\",$M74<>1)),\nIF(Import.TipoArredondamento<>\"TransfereGOV\",\nROUND(OFFSET($P74,0,AB$13),15-13*ORÇAMENTO!$AF$7)/$H74*OFFSET(ORÇAMENTO!$X$15,ROW(AB74)-ROW(AB$15),0),\nROUND(ROUND(OFFSET($P74,0,AB$13),15-13*ORÇAMENTO!$AF$7)*OFFSET(ORÇAMENTO!$W$15,ROW(AB74)-ROW(AB$15),0),15-13*ORÇAMENTO!$AF$11)),0)","v":4926.6000000000004},{"$f":"IF(AND($D74=\"Serviço\",AC$12<>0,$H74>0,OR(AUTOEVENTO<>\"manual\",$M74<>1)),\nIF(Import.TipoArredondamento<>\"TransfereGOV\",\nROUND(OFFSET($P74,0,AC$13),15-13*ORÇAMENTO!$AF$7)/$H74*OFFSET(ORÇAMENTO!$X$15,ROW(AC74)-ROW(AC$15),0),\nROUND(ROUND(OFFSET($P74,0,AC$13),15-13*ORÇAMENTO!$AF$7)*OFFSET(ORÇAMENTO!$W$15,ROW(AC74)-ROW(AC$15),0),15-13*ORÇAMENTO!$AF$11)),0)","v":0},{"$f":"IF(AND($D74=\"Serviço\",AD$12<>0,$H74>0,OR(AUTOEVENTO<>\"manual\",$M74<>1)),\nIF(Import.TipoArredondamento<>\"TransfereGOV\",\nROUND(OFFSET($P74,0,AD$13),15-13*ORÇAMENTO!$AF$7)/$H74*OFFSET(ORÇAMENTO!$X$15,ROW(AD74)-ROW(AD$15),0),\nROUND(ROUND(OFFSET($P74,0,AD$13),15-13*ORÇAMENTO!$AF$7)*OFFSET(ORÇAMENTO!$W$15,ROW(AD74)-ROW(AD$15),0),15-13*ORÇAMENTO!$AF$11)),0)","v":0},{"$f":"IF(AND($D74=\"Serviço\",AE$12<>0,$H74>0,OR(AUTOEVENTO<>\"manual\",$M74<>1)),\nIF(Import.TipoArredondamento<>\"TransfereGOV\",\nROUND(OFFSET($P74,0,AE$13),15-13*ORÇAMENTO!$AF$7)/$H74*OFFSET(ORÇAMENTO!$X$15,ROW(AE74)-ROW(AE$15),0),\nROUND(ROUND(OFFSET($P74,0,AE$13),15-13*ORÇAMENTO!$AF$7)*OFFSET(ORÇAMENTO!$W$15,ROW(AE74)-ROW(AE$15),0),15-13*ORÇAMENTO!$AF$11)),0)","v":0},{"$f":"IF(AND($D74=\"Serviço\",AF$12<>0,$H74>0,OR(AUTOEVENTO<>\"manual\",$M74<>1)),\nIF(Import.TipoArredondamento<>\"TransfereGOV\",\nROUND(OFFSET($P74,0,AF$13),15-13*ORÇAMENTO!$AF$7)/$H74*OFFSET(ORÇAMENTO!$X$15,ROW(AF74)-ROW(AF$15),0),\nROUND(ROUND(OFFSET($P74,0,AF$13),15-13*ORÇAMENTO!$AF$7)*OFFSET(ORÇAMENTO!$W$15,ROW(AF74)-ROW(AF$15),0),15-13*ORÇAMENTO!$AF$11)),0)","v":0},{"$f":"IF(AND($D74=\"Serviço\",AG$12<>0,$H74>0,OR(AUTOEVENTO<>\"manual\",$M74<>1)),\nIF(Import.TipoArredondamento<>\"TransfereGOV\",\nROUND(OFFSET($P74,0,AG$13),15-13*ORÇAMENTO!$AF$7)/$H74*OFFSET(ORÇAMENTO!$X$15,ROW(AG74)-ROW(AG$15),0),\nROUND(ROUND(OFFSET($P74,0,AG$13),15-13*ORÇAMENTO!$AF$7)*OFFSET(ORÇAMENTO!$W$15,ROW(AG74)-ROW(AG$15),0),15-13*ORÇAMENTO!$AF$11)),0)","v":0},{"$f":"IF(AND($D74=\"Serviço\",AH$12<>0,$H74>0,OR(AUTOEVENTO<>\"manual\",$M74<>1)),\nIF(Import.TipoArredondamento<>\"TransfereGOV\",\nROUND(OFFSET($P74,0,AH$13),15-13*ORÇAMENTO!$AF$7)/$H74*OFFSET(ORÇAMENTO!$X$15,ROW(AH74)-ROW(AH$15),0),\nROUND(ROUND(OFFSET($P74,0,AH$13),15-13*ORÇAMENTO!$AF$7)*OFFSET(ORÇAMENTO!$W$15,ROW(AH74)-ROW(AH$15),0),15-13*ORÇAMENTO!$AF$11)),0)","v":0},{"$f":"IF(AND($D74=\"Serviço\",AI$12<>0,$H74>0,OR(AUTOEVENTO<>\"manual\",$M74<>1)),\nIF(Import.TipoArredondamento<>\"TransfereGOV\",\nROUND(OFFSET($P74,0,AI$13),15-13*ORÇAMENTO!$AF$7)/$H74*OFFSET(ORÇAMENTO!$X$15,ROW(AI74)-ROW(AI$15),0),\nROUND(ROUND(OFFSET($P74,0,AI$13),15-13*ORÇAMENTO!$AF$7)*OFFSET(ORÇAMENTO!$W$15,ROW(AI74)-ROW(AI$15),0),15-13*ORÇAMENTO!$AF$11)),0)","v":0},{"$f":"IF(AND($D74=\"Serviço\",AJ$12<>0,$H74>0,OR(AUTOEVENTO<>\"manual\",$M74<>1)),\nIF(Import.TipoArredondamento<>\"TransfereGOV\",\nROUND(OFFSET($P74,0,AJ$13),15-13*ORÇAMENTO!$AF$7)/$H74*OFFSET(ORÇAMENTO!$X$15,ROW(AJ74)-ROW(AJ$15),0),\nROUND(ROUND(OFFSET($P74,0,AJ$13),15-13*ORÇAMENTO!$AF$7)*OFFSET(ORÇAMENTO!$W$15,ROW(AJ74)-ROW(AJ$15),0),15-13*ORÇAMENTO!$AF$11)),0)","v":0},{"$f":"IF(AND($D74=\"Serviço\",AK$12<>0,$H74>0,OR(AUTOEVENTO<>\"manual\",$M74<>1)),\nIF(Import.TipoArredondamento<>\"TransfereGOV\",\nROUND(OFFSET($P74,0,AK$13),15-13*ORÇAMENTO!$AF$7)/$H74*OFFSET(ORÇAMENTO!$X$15,ROW(AK74)-ROW(AK$15),0),\nROUND(ROUND(OFFSET($P74,0,AK$13),15-13*ORÇAMENTO!$AF$7)*OFFSET(ORÇAMENTO!$W$15,ROW(AK74)-ROW(AK$15),0),15-13*ORÇAMENTO!$AF$11)),0)","v":0},null,{"$f":"IF($D74<>\"Serviço\",0,IF(AND(AUTOEVENTO=\"Manual\",$M74=1),0,IF(OFFSET(CRONOPLE!$F$14,$M74,AM$13)=\"\",10^12,OFFSET(CRONOPLE!$F$14,$M74,AM$13))))","v":1000000000000},{"$f":"IF($D74<>\"Serviço\",0,IF(AND(AUTOEVENTO=\"Manual\",$M74=1),0,IF(OFFSET(CRONOPLE!$F$14,$M74,AN$13)=\"\",10^12,OFFSET(CRONOPLE!$F$14,$M74,AN$13))))","v":1000000000000},{"$f":"IF($D74<>\"Serviço\",0,IF(AND(AUTOEVENTO=\"Manual\",$M74=1),0,IF(OFFSET(CRONOPLE!$F$14,$M74,AO$13)=\"\",10^12,OFFSET(CRONOPLE!$F$14,$M74,AO$13))))","v":1000000000000},{"$f":"IF($D74<>\"Serviço\",0,IF(AND(AUTOEVENTO=\"Manual\",$M74=1),0,IF(OFFSET(CRONOPLE!$F$14,$M74,AP$13)=\"\",10^12,OFFSET(CRONOPLE!$F$14,$M74,AP$13))))","v":1000000000000},{"$f":"IF($D74<>\"Serviço\",0,IF(AND(AUTOEVENTO=\"Manual\",$M74=1),0,IF(OFFSET(CRONOPLE!$F$14,$M74,AQ$13)=\"\",10^12,OFFSET(CRONOPLE!$F$14,$M74,AQ$13))))","v":1000000000000},{"$f":"IF($D74<>\"Serviço\",0,IF(AND(AUTOEVENTO=\"Manual\",$M74=1),0,IF(OFFSET(CRONOPLE!$F$14,$M74,AR$13)=\"\",10^12,OFFSET(CRONOPLE!$F$14,$M74,AR$13))))","v":1000000000000},{"$f":"IF($D74<>\"Serviço\",0,IF(AND(AUTOEVENTO=\"Manual\",$M74=1),0,IF(OFFSET(CRONOPLE!$F$14,$M74,AS$13)=\"\",10^12,OFFSET(CRONOPLE!$F$14,$M74,AS$13))))","v":1000000000000},{"$f":"IF($D74<>\"Serviço\",0,IF(AND(AUTOEVENTO=\"Manual\",$M74=1),0,IF(OFFSET(CRONOPLE!$F$14,$M74,AT$13)=\"\",10^12,OFFSET(CRONOPLE!$F$14,$M74,AT$13))))","v":1000000000000},{"$f":"IF($D74<>\"Serviço\",0,IF(AND(AUTOEVENTO=\"Manual\",$M74=1),0,IF(OFFSET(CRONOPLE!$F$14,$M74,AU$13)=\"\",10^12,OFFSET(CRONOPLE!$F$14,$M74,AU$13))))","v":1000000000000},{"$f":"IF($D74<>\"Serviço\",0,IF(AND(AUTOEVENTO=\"Manual\",$M74=1),0,IF(OFFSET(CRONOPLE!$F$14,$M74,AV$13)=\"\",10^12,OFFSET(CRONOPLE!$F$14,$M74,AV$13))))","v":1000000000000},null,{"$f":"IF($D74<>\"Serviço\",0,IF(OR(AND(AUTOEVENTO=\"Manual\",$M74=1),$M74>(ROW(PLE.lastrow)-ROW(PLE.firstrow))),0,IF(OFFSET(PLE!$G$14,$M74,AX$13)=\"\",10^12,OFFSET(PLE!$G$14,$M74,AX$13))))","v":1000000000000},{"$f":"IF($D74<>\"Serviço\",0,IF(OR(AND(AUTOEVENTO=\"Manual\",$M74=1),$M74>(ROW(PLE.lastrow)-ROW(PLE.firstrow))),0,IF(OFFSET(PLE!$G$14,$M74,AY$13)=\"\",10^12,OFFSET(PLE!$G$14,$M74,AY$13))))","v":1000000000000},{"$f":"IF($D74<>\"Serviço\",0,IF(OR(AND(AUTOEVENTO=\"Manual\",$M74=1),$M74>(ROW(PLE.lastrow)-ROW(PLE.firstrow))),0,IF(OFFSET(PLE!$G$14,$M74,AZ$13)=\"\",10^12,OFFSET(PLE!$G$14,$M74,AZ$13))))","v":1000000000000},{"$f":"IF($D74<>\"Serviço\",0,IF(OR(AND(AUTOEVENTO=\"Manual\",$M74=1),$M74>(ROW(PLE.lastrow)-ROW(PLE.firstrow))),0,IF(OFFSET(PLE!$G$14,$M74,BA$13)=\"\",10^12,OFFSET(PLE!$G$14,$M74,BA$13))))","v":1000000000000},{"$f":"IF($D74<>\"Serviço\",0,IF(OR(AND(AUTOEVENTO=\"Manual\",$M74=1),$M74>(ROW(PLE.lastrow)-ROW(PLE.firstrow))),0,IF(OFFSET(PLE!$G$14,$M74,BB$13)=\"\",10^12,OFFSET(PLE!$G$14,$M74,BB$13))))","v":1000000000000},{"$f":"IF($D74<>\"Serviço\",0,IF(OR(AND(AUTOEVENTO=\"Manual\",$M74=1),$M74>(ROW(PLE.lastrow)-ROW(PLE.firstrow))),0,IF(OFFSET(PLE!$G$14,$M74,BC$13)=\"\",10^12,OFFSET(PLE!$G$14,$M74,BC$13))))","v":1000000000000},{"$f":"IF($D74<>\"Serviço\",0,IF(OR(AND(AUTOEVENTO=\"Manual\",$M74=1),$M74>(ROW(PLE.lastrow)-ROW(PLE.firstrow))),0,IF(OFFSET(PLE!$G$14,$M74,BD$13)=\"\",10^12,OFFSET(PLE!$G$14,$M74,BD$13))))","v":1000000000000},{"$f":"IF($D74<>\"Serviço\",0,IF(OR(AND(AUTOEVENTO=\"Manual\",$M74=1),$M74>(ROW(PLE.lastrow)-ROW(PLE.firstrow))),0,IF(OFFSET(PLE!$G$14,$M74,BE$13)=\"\",10^12,OFFSET(PLE!$G$14,$M74,BE$13))))","v":1000000000000},{"$f":"IF($D74<>\"Serviço\",0,IF(OR(AND(AUTOEVENTO=\"Manual\",$M74=1),$M74>(ROW(PLE.lastrow)-ROW(PLE.firstrow))),0,IF(OFFSET(PLE!$G$14,$M74,BF$13)=\"\",10^12,OFFSET(PLE!$G$14,$M74,BF$13))))","v":1000000000000},{"$f":"IF($D74<>\"Serviço\",0,IF(OR(AND(AUTOEVENTO=\"Manual\",$M74=1),$M74>(ROW(PLE.lastrow)-ROW(PLE.firstrow))),0,IF(OFFSET(PLE!$G$14,$M74,BG$13)=\"\",10^12,OFFSET(PLE!$G$14,$M74,BG$13))))","v":1000000000000}]
[{"$f":"IF(AUTOEVENTO=\"Manual\",IF(K75<>\"\",MIN(VALUE(LEFT(K75,FIND(\".\",K75)-1)),COUNTA(EVENTOS.Lista)),0),IF(OR($B75>AUTOEVENTO,$B75=\"S\",$B75=0),SUBSTITUTE(OFFSET($A75,-1,0),IF($D75=\"Serviço\",\".\",\"\"),\"\"),ROW(A75)-ROW($A$15)&\".\"))","v":"56"},{"$f":"OFFSET(ORÇAMENTO!C$15,ROW(B75)-ROW(B$15),0)","v":"S"},{"$f":"OFFSET(ORÇAMENTO!L$15,ROW(C75)-ROW(C$15),0)","v":"F"},{"$f":"OFFSET(ORÇAMENTO!N$15,ROW(D75)-ROW(D$15),0)","v":"Serviço"},{"$f":"OFFSET(ORÇAMENTO!O$15,ROW(E75)-ROW(E$15),0)","v":"1.10.0.4."},{"$f":"OFFSET(ORÇAMENTO!R$15,ROW(F75)-ROW(F$15),0)","v":"TABEIRA DE MADEIRA EM EUCALIPTO VERMELHO, 1A QUALIDADE, 2,5X15CM, PARA BEIRAL (ABA)"},{"$f":"IF($D75<>\"Serviço\",\"\",OFFSET(ORÇAMENTO!S$15,ROW(G75)-ROW(G$15),0))","v":"M"},{"$f":"IF($D75<>\"Serviço\",0,IF(ACOMPANHAMENTO=\"BM\",ROUND(OFFSET(ORÇAMENTO!AJ$15,ROW(H75)-ROW(H$15),0),15-13*ORÇAMENTO!$AF$7),SUMPRODUCT(($Q$12:$AA$12<>\"\")*ROUND($Q75:$AA75,15-13*ORÇAMENTO!$AF$7))))","v":114.19},null,null,null,".",{"$f":"IF($D75<>\"Serviço\",\"\",IF(AUTOEVENTO=\"manual\",$A75,IF(ISERROR(MATCH($A75,$A$15:OFFSET($A75,-1,0),0)),MAX($M$15:OFFSET(M75,-1,0))+1,INDEX($M$15:OFFSET(M75,-1,0),MATCH($A75,$A$15:OFFSET($A75,-1,0),0)))))","v":11},{"$f":"IF($D75<>\"Serviço\",\"\",IF(AUTOEVENTO=\"Manual\",IF($A75=0,\"<-- defina o número do agrupador\",OFFSET(EVENTOS!$D$14,$A75,0)),OFFSET($F$15,$A75,0)))","v":"COBERTURA"},null,null,{"$f":"46.87-1.88+0.6+0.6+9.13+0.2+51.45+0.15+4.6+2.47","v":114.19},null,null,null,null,null,null,null,null,null,null,{"$f":"IF(AND($D75=\"Serviço\",AB$12<>0,$H75>0,OR(AUTOEVENTO<>\"manual\",$M75<>1)),\nIF(Import.TipoArredondamento<>\"TransfereGOV\",\nROUND(OFFSET($P75,0,AB$13),15-13*ORÇAMENTO!$AF$7)/$H75*OFFSET(ORÇAMENTO!$X$15,ROW(AB75)-ROW(AB$15),0),\nROUND(ROUND(OFFSET($P75,0,AB$13),15-13*ORÇAMENTO!$AF$7)*OFFSET(ORÇAMENTO!$W$15,ROW(AB75)-ROW(AB$15),0),15-13*ORÇAMENTO!$AF$11)),0)","v":5201.3500000000004},{"$f":"IF(AND($D75=\"Serviço\",AC$12<>0,$H75>0,OR(AUTOEVENTO<>\"manual\",$M75<>1)),\nIF(Import.TipoArredondamento<>\"TransfereGOV\",\nROUND(OFFSET($P75,0,AC$13),15-13*ORÇAMENTO!$AF$7)/$H75*OFFSET(ORÇAMENTO!$X$15,ROW(AC75)-ROW(AC$15),0),\nROUND(ROUND(OFFSET($P75,0,AC$13),15-13*ORÇAMENTO!$AF$7)*OFFSET(ORÇAMENTO!$W$15,ROW(AC75)-ROW(AC$15),0),15-13*ORÇAMENTO!$AF$11)),0)","v":0},{"$f":"IF(AND($D75=\"Serviço\",AD$12<>0,$H75>0,OR(AUTOEVENTO<>\"manual\",$M75<>1)),\nIF(Import.TipoArredondamento<>\"TransfereGOV\",\nROUND(OFFSET($P75,0,AD$13),15-13*ORÇAMENTO!$AF$7)/$H75*OFFSET(ORÇAMENTO!$X$15,ROW(AD75)-ROW(AD$15),0),\nROUND(ROUND(OFFSET($P75,0,AD$13),15-13*ORÇAMENTO!$AF$7)*OFFSET(ORÇAMENTO!$W$15,ROW(AD75)-ROW(AD$15),0),15-13*ORÇAMENTO!$AF$11)),0)","v":0},{"$f":"IF(AND($D75=\"Serviço\",AE$12<>0,$H75>0,OR(AUTOEVENTO<>\"manual\",$M75<>1)),\nIF(Import.TipoArredondamento<>\"TransfereGOV\",\nROUND(OFFSET($P75,0,AE$13),15-13*ORÇAMENTO!$AF$7)/$H75*OFFSET(ORÇAMENTO!$X$15,ROW(AE75)-ROW(AE$15),0),\nROUND(ROUND(OFFSET($P75,0,AE$13),15-13*ORÇAMENTO!$AF$7)*OFFSET(ORÇAMENTO!$W$15,ROW(AE75)-ROW(AE$15),0),15-13*ORÇAMENTO!$AF$11)),0)","v":0},{"$f":"IF(AND($D75=\"Serviço\",AF$12<>0,$H75>0,OR(AUTOEVENTO<>\"manual\",$M75<>1)),\nIF(Import.TipoArredondamento<>\"TransfereGOV\",\nROUND(OFFSET($P75,0,AF$13),15-13*ORÇAMENTO!$AF$7)/$H75*OFFSET(ORÇAMENTO!$X$15,ROW(AF75)-ROW(AF$15),0),\nROUND(ROUND(OFFSET($P75,0,AF$13),15-13*ORÇAMENTO!$AF$7)*OFFSET(ORÇAMENTO!$W$15,ROW(AF75)-ROW(AF$15),0),15-13*ORÇAMENTO!$AF$11)),0)","v":0},{"$f":"IF(AND($D75=\"Serviço\",AG$12<>0,$H75>0,OR(AUTOEVENTO<>\"manual\",$M75<>1)),\nIF(Import.TipoArredondamento<>\"TransfereGOV\",\nROUND(OFFSET($P75,0,AG$13),15-13*ORÇAMENTO!$AF$7)/$H75*OFFSET(ORÇAMENTO!$X$15,ROW(AG75)-ROW(AG$15),0),\nROUND(ROUND(OFFSET($P75,0,AG$13),15-13*ORÇAMENTO!$AF$7)*OFFSET(ORÇAMENTO!$W$15,ROW(AG75)-ROW(AG$15),0),15-13*ORÇAMENTO!$AF$11)),0)","v":0},{"$f":"IF(AND($D75=\"Serviço\",AH$12<>0,$H75>0,OR(AUTOEVENTO<>\"manual\",$M75<>1)),\nIF(Import.TipoArredondamento<>\"TransfereGOV\",\nROUND(OFFSET($P75,0,AH$13),15-13*ORÇAMENTO!$AF$7)/$H75*OFFSET(ORÇAMENTO!$X$15,ROW(AH75)-ROW(AH$15),0),\nROUND(ROUND(OFFSET($P75,0,AH$13),15-13*ORÇAMENTO!$AF$7)*OFFSET(ORÇAMENTO!$W$15,ROW(AH75)-ROW(AH$15),0),15-13*ORÇAMENTO!$AF$11)),0)","v":0},{"$f":"IF(AND($D75=\"Serviço\",AI$12<>0,$H75>0,OR(AUTOEVENTO<>\"manual\",$M75<>1)),\nIF(Import.TipoArredondamento<>\"TransfereGOV\",\nROUND(OFFSET($P75,0,AI$13),15-13*ORÇAMENTO!$AF$7)/$H75*OFFSET(ORÇAMENTO!$X$15,ROW(AI75)-ROW(AI$15),0),\nROUND(ROUND(OFFSET($P75,0,AI$13),15-13*ORÇAMENTO!$AF$7)*OFFSET(ORÇAMENTO!$W$15,ROW(AI75)-ROW(AI$15),0),15-13*ORÇAMENTO!$AF$11)),0)","v":0},{"$f":"IF(AND($D75=\"Serviço\",AJ$12<>0,$H75>0,OR(AUTOEVENTO<>\"manual\",$M75<>1)),\nIF(Import.TipoArredondamento<>\"TransfereGOV\",\nROUND(OFFSET($P75,0,AJ$13),15-13*ORÇAMENTO!$AF$7)/$H75*OFFSET(ORÇAMENTO!$X$15,ROW(AJ75)-ROW(AJ$15),0),\nROUND(ROUND(OFFSET($P75,0,AJ$13),15-13*ORÇAMENTO!$AF$7)*OFFSET(ORÇAMENTO!$W$15,ROW(AJ75)-ROW(AJ$15),0),15-13*ORÇAMENTO!$AF$11)),0)","v":0},{"$f":"IF(AND($D75=\"Serviço\",AK$12<>0,$H75>0,OR(AUTOEVENTO<>\"manual\",$M75<>1)),\nIF(Import.TipoArredondamento<>\"TransfereGOV\",\nROUND(OFFSET($P75,0,AK$13),15-13*ORÇAMENTO!$AF$7)/$H75*OFFSET(ORÇAMENTO!$X$15,ROW(AK75)-ROW(AK$15),0),\nROUND(ROUND(OFFSET($P75,0,AK$13),15-13*ORÇAMENTO!$AF$7)*OFFSET(ORÇAMENTO!$W$15,ROW(AK75)-ROW(AK$15),0),15-13*ORÇAMENTO!$AF$11)),0)","v":0},null,{"$f":"IF($D75<>\"Serviço\",0,IF(AND(AUTOEVENTO=\"Manual\",$M75=1),0,IF(OFFSET(CRONOPLE!$F$14,$M75,AM$13)=\"\",10^12,OFFSET(CRONOPLE!$F$14,$M75,AM$13))))","v":1000000000000},{"$f":"IF($D75<>\"Serviço\",0,IF(AND(AUTOEVENTO=\"Manual\",$M75=1),0,IF(OFFSET(CRONOPLE!$F$14,$M75,AN$13)=\"\",10^12,OFFSET(CRONOPLE!$F$14,$M75,AN$13))))","v":1000000000000},{"$f":"IF($D75<>\"Serviço\",0,IF(AND(AUTOEVENTO=\"Manual\",$M75=1),0,IF(OFFSET(CRONOPLE!$F$14,$M75,AO$13)=\"\",10^12,OFFSET(CRONOPLE!$F$14,$M75,AO$13))))","v":1000000000000},{"$f":"IF($D75<>\"Serviço\",0,IF(AND(AUTOEVENTO=\"Manual\",$M75=1),0,IF(OFFSET(CRONOPLE!$F$14,$M75,AP$13)=\"\",10^12,OFFSET(CRONOPLE!$F$14,$M75,AP$13))))","v":1000000000000},{"$f":"IF($D75<>\"Serviço\",0,IF(AND(AUTOEVENTO=\"Manual\",$M75=1),0,IF(OFFSET(CRONOPLE!$F$14,$M75,AQ$13)=\"\",10^12,OFFSET(CRONOPLE!$F$14,$M75,AQ$13))))","v":1000000000000},{"$f":"IF($D75<>\"Serviço\",0,IF(AND(AUTOEVENTO=\"Manual\",$M75=1),0,IF(OFFSET(CRONOPLE!$F$14,$M75,AR$13)=\"\",10^12,OFFSET(CRONOPLE!$F$14,$M75,AR$13))))","v":1000000000000},{"$f":"IF($D75<>\"Serviço\",0,IF(AND(AUTOEVENTO=\"Manual\",$M75=1),0,IF(OFFSET(CRONOPLE!$F$14,$M75,AS$13)=\"\",10^12,OFFSET(CRONOPLE!$F$14,$M75,AS$13))))","v":1000000000000},{"$f":"IF($D75<>\"Serviço\",0,IF(AND(AUTOEVENTO=\"Manual\",$M75=1),0,IF(OFFSET(CRONOPLE!$F$14,$M75,AT$13)=\"\",10^12,OFFSET(CRONOPLE!$F$14,$M75,AT$13))))","v":1000000000000},{"$f":"IF($D75<>\"Serviço\",0,IF(AND(AUTOEVENTO=\"Manual\",$M75=1),0,IF(OFFSET(CRONOPLE!$F$14,$M75,AU$13)=\"\",10^12,OFFSET(CRONOPLE!$F$14,$M75,AU$13))))","v":1000000000000},{"$f":"IF($D75<>\"Serviço\",0,IF(AND(AUTOEVENTO=\"Manual\",$M75=1),0,IF(OFFSET(CRONOPLE!$F$14,$M75,AV$13)=\"\",10^12,OFFSET(CRONOPLE!$F$14,$M75,AV$13))))","v":1000000000000},null,{"$f":"IF($D75<>\"Serviço\",0,IF(OR(AND(AUTOEVENTO=\"Manual\",$M75=1),$M75>(ROW(PLE.lastrow)-ROW(PLE.firstrow))),0,IF(OFFSET(PLE!$G$14,$M75,AX$13)=\"\",10^12,OFFSET(PLE!$G$14,$M75,AX$13))))","v":1000000000000},{"$f":"IF($D75<>\"Serviço\",0,IF(OR(AND(AUTOEVENTO=\"Manual\",$M75=1),$M75>(ROW(PLE.lastrow)-ROW(PLE.firstrow))),0,IF(OFFSET(PLE!$G$14,$M75,AY$13)=\"\",10^12,OFFSET(PLE!$G$14,$M75,AY$13))))","v":1000000000000},{"$f":"IF($D75<>\"Serviço\",0,IF(OR(AND(AUTOEVENTO=\"Manual\",$M75=1),$M75>(ROW(PLE.lastrow)-ROW(PLE.firstrow))),0,IF(OFFSET(PLE!$G$14,$M75,AZ$13)=\"\",10^12,OFFSET(PLE!$G$14,$M75,AZ$13))))","v":1000000000000},{"$f":"IF($D75<>\"Serviço\",0,IF(OR(AND(AUTOEVENTO=\"Manual\",$M75=1),$M75>(ROW(PLE.lastrow)-ROW(PLE.firstrow))),0,IF(OFFSET(PLE!$G$14,$M75,BA$13)=\"\",10^12,OFFSET(PLE!$G$14,$M75,BA$13))))","v":1000000000000},{"$f":"IF($D75<>\"Serviço\",0,IF(OR(AND(AUTOEVENTO=\"Manual\",$M75=1),$M75>(ROW(PLE.lastrow)-ROW(PLE.firstrow))),0,IF(OFFSET(PLE!$G$14,$M75,BB$13)=\"\",10^12,OFFSET(PLE!$G$14,$M75,BB$13))))","v":1000000000000},{"$f":"IF($D75<>\"Serviço\",0,IF(OR(AND(AUTOEVENTO=\"Manual\",$M75=1),$M75>(ROW(PLE.lastrow)-ROW(PLE.firstrow))),0,IF(OFFSET(PLE!$G$14,$M75,BC$13)=\"\",10^12,OFFSET(PLE!$G$14,$M75,BC$13))))","v":1000000000000},{"$f":"IF($D75<>\"Serviço\",0,IF(OR(AND(AUTOEVENTO=\"Manual\",$M75=1),$M75>(ROW(PLE.lastrow)-ROW(PLE.firstrow))),0,IF(OFFSET(PLE!$G$14,$M75,BD$13)=\"\",10^12,OFFSET(PLE!$G$14,$M75,BD$13))))","v":1000000000000},{"$f":"IF($D75<>\"Serviço\",0,IF(OR(AND(AUTOEVENTO=\"Manual\",$M75=1),$M75>(ROW(PLE.lastrow)-ROW(PLE.firstrow))),0,IF(OFFSET(PLE!$G$14,$M75,BE$13)=\"\",10^12,OFFSET(PLE!$G$14,$M75,BE$13))))","v":1000000000000},{"$f":"IF($D75<>\"Serviço\",0,IF(OR(AND(AUTOEVENTO=\"Manual\",$M75=1),$M75>(ROW(PLE.lastrow)-ROW(PLE.firstrow))),0,IF(OFFSET(PLE!$G$14,$M75,BF$13)=\"\",10^12,OFFSET(PLE!$G$14,$M75,BF$13))))","v":1000000000000},{"$f":"IF($D75<>\"Serviço\",0,IF(OR(AND(AUTOEVENTO=\"Manual\",$M75=1),$M75>(ROW(PLE.lastrow)-ROW(PLE.firstrow))),0,IF(OFFSET(PLE!$G$14,$M75,BG$13)=\"\",10^12,OFFSET(PLE!$G$14,$M75,BG$13))))","v":1000000000000}]
["56",{"$f":"OFFSET(ORÇAMENTO!C$15,ROW(B76)-ROW(B$15),0)","v":"S"},{"$f":"OFFSET(ORÇAMENTO!L$15,ROW(C76)-ROW(C$15),0)","v":"F"},{"$f":"OFFSET(ORÇAMENTO!N$15,ROW(D76)-ROW(D$15),0)","v":"Serviço"},{"$f":"OFFSET(ORÇAMENTO!O$15,ROW(E76)-ROW(E$15),0)","v":"1.10.0.5."},{"$f":"OFFSET(ORÇAMENTO!R$15,ROW(F76)-ROW(F$15),0)","v":"TELHAMENTO COM TELHA ONDULADA DE FIBROCIMENTO E = 6 MM, COM RECOBRIMENTO LATERAL DE 1/4 DE ONDA PARA TELHADO COM INCLINAÇÃO MAIOR QUE 10°, COM ATÉ 2 ÁGUAS, INCLUSO IÇAMENTO. AF_07/2019"},{"$f":"IF($D76<>\"Serviço\",\"\",OFFSET(ORÇAMENTO!S$15,ROW(G76)-ROW(G$15),0))","v":"M2"},{"$f":"IF($D76<>\"Serviço\",0,IF(ACOMPANHAMENTO=\"BM\",ROUND(OFFSET(ORÇAMENTO!AJ$15,ROW(H76)-ROW(H$15),0),15-13*ORÇAMENTO!$AF$7),SUMPRODUCT(($Q$12:$AA$12<>\"\")*ROUND($Q76:$AA76,15-13*ORÇAMENTO!$AF$7))))","v":385.88},null,null,null,".",{"$f":"IF($D76<>\"Serviço\",\"\",IF(AUTOEVENTO=\"manual\",$A76,IF(ISERROR(MATCH($A76,$A$15:OFFSET($A76,-1,0),0)),MAX($M$15:OFFSET(M76,-1,0))+1,INDEX($M$15:OFFSET(M76,-1,0),MATCH($A76,$A$15:OFFSET($A76,-1,0),0)))))","v":11},{"$f":"IF($D76<>\"Serviço\",\"\",IF(AUTOEVENTO=\"Manual\",IF($A76=0,\"<-- defina o número do agrupador\",OFFSET(EVENTOS!$D$14,$A76,0)),OFFSET($F$15,$A76,0)))","v":"COBERTURA"},null,null,{"$f":"11.38+224.63+149.87","v":385.88},null,null,null,null,null,null,null,null,null,null,{"$f":"IF(AND($D76=\"Serviço\",AB$12<>0,$H76>0,OR(AUTOEVENTO<>\"manual\",$M76<>1)),\nIF(Import.TipoArredondamento<>\"TransfereGOV\",\nROUND(OFFSET($P76,0,AB$13),15-13*ORÇAMENTO!$AF$7)/$H76*OFFSET(ORÇAMENTO!$X$15,ROW(AB76)-ROW(AB$15),0),\nROUND(ROUND(OFFSET($P76,0,AB$13),15-13*ORÇAMENTO!$AF$7)*OFFSET(ORÇAMENTO!$W$15,ROW(AB76)-ROW(AB$15),0),15-13*ORÇAMENTO!$AF$11)),0)","v":23040.89},{"$f":"IF(AND($D76=\"Serviço\",AC$12<>0,$H76>0,OR(AUTOEVENTO<>\"manual\",$M76<>1)),\nIF(Import.TipoArredondamento<>\"TransfereGOV\",\nROUND(OFFSET($P76,0,AC$13),15-13*ORÇAMENTO!$AF$7)/$H76*OFFSET(ORÇAMENTO!$X$15,ROW(AC76)-ROW(AC$15),0),\nROUND(ROUND(OFFSET($P76,0,AC$13),15-13*ORÇAMENTO!$AF$7)*OFFSET(ORÇAMENTO!$W$15,ROW(AC76)-ROW(AC$15),0),15-13*ORÇAMENTO!$AF$11)),0)","v":0},{"$f":"IF(AND($D76=\"Serviço\",AD$12<>0,$H76>0,OR(AUTOEVENTO<>\"manual\",$M76<>1)),\nIF(Import.TipoArredondamento<>\"TransfereGOV\",\nROUND(OFFSET($P76,0,AD$13),15-13*ORÇAMENTO!$AF$7)/$H76*OFFSET(ORÇAMENTO!$X$15,ROW(AD76)-ROW(AD$15),0),\nROUND(ROUND(OFFSET($P76,0,AD$13),15-13*ORÇAMENTO!$AF$7)*OFFSET(ORÇAMENTO!$W$15,ROW(AD76)-ROW(AD$15),0),15-13*ORÇAMENTO!$AF$11)),0)","v":0},{"$f":"IF(AND($D76=\"Serviço\",AE$12<>0,$H76>0,OR(AUTOEVENTO<>\"manual\",$M76<>1)),\nIF(Import.TipoArredondamento<>\"TransfereGOV\",\nROUND(OFFSET($P76,0,AE$13),15-13*ORÇAMENTO!$AF$7)/$H76*OFFSET(ORÇAMENTO!$X$15,ROW(AE76)-ROW(AE$15),0),\nROUND(ROUND(OFFSET($P76,0,AE$13),15-13*ORÇAMENTO!$AF$7)*OFFSET(ORÇAMENTO!$W$15,ROW(AE76)-ROW(AE$15),0),15-13*ORÇAMENTO!$AF$11)),0)","v":0},{"$f":"IF(AND($D76=\"Serviço\",AF$12<>0,$H76>0,OR(AUTOEVENTO<>\"manual\",$M76<>1)),\nIF(Import.TipoArredondamento<>\"TransfereGOV\",\nROUND(OFFSET($P76,0,AF$13),15-13*ORÇAMENTO!$AF$7)/$H76*OFFSET(ORÇAMENTO!$X$15,ROW(AF76)-ROW(AF$15),0),\nROUND(ROUND(OFFSET($P76,0,AF$13),15-13*ORÇAMENTO!$AF$7)*OFFSET(ORÇAMENTO!$W$15,ROW(AF76)-ROW(AF$15),0),15-13*ORÇAMENTO!$AF$11)),0)","v":0},{"$f":"IF(AND($D76=\"Serviço\",AG$12<>0,$H76>0,OR(AUTOEVENTO<>\"manual\",$M76<>1)),\nIF(Import.TipoArredondamento<>\"TransfereGOV\",\nROUND(OFFSET($P76,0,AG$13),15-13*ORÇAMENTO!$AF$7)/$H76*OFFSET(ORÇAMENTO!$X$15,ROW(AG76)-ROW(AG$15),0),\nROUND(ROUND(OFFSET($P76,0,AG$13),15-13*ORÇAMENTO!$AF$7)*OFFSET(ORÇAMENTO!$W$15,ROW(AG76)-ROW(AG$15),0),15-13*ORÇAMENTO!$AF$11)),0)","v":0},{"$f":"IF(AND($D76=\"Serviço\",AH$12<>0,$H76>0,OR(AUTOEVENTO<>\"manual\",$M76<>1)),\nIF(Import.TipoArredondamento<>\"TransfereGOV\",\nROUND(OFFSET($P76,0,AH$13),15-13*ORÇAMENTO!$AF$7)/$H76*OFFSET(ORÇAMENTO!$X$15,ROW(AH76)-ROW(AH$15),0),\nROUND(ROUND(OFFSET($P76,0,AH$13),15-13*ORÇAMENTO!$AF$7)*OFFSET(ORÇAMENTO!$W$15,ROW(AH76)-ROW(AH$15),0),15-13*ORÇAMENTO!$AF$11)),0)","v":0},{"$f":"IF(AND($D76=\"Serviço\",AI$12<>0,$H76>0,OR(AUTOEVENTO<>\"manual\",$M76<>1)),\nIF(Import.TipoArredondamento<>\"TransfereGOV\",\nROUND(OFFSET($P76,0,AI$13),15-13*ORÇAMENTO!$AF$7)/$H76*OFFSET(ORÇAMENTO!$X$15,ROW(AI76)-ROW(AI$15),0),\nROUND(ROUND(OFFSET($P76,0,AI$13),15-13*ORÇAMENTO!$AF$7)*OFFSET(ORÇAMENTO!$W$15,ROW(AI76)-ROW(AI$15),0),15-13*ORÇAMENTO!$AF$11)),0)","v":0},{"$f":"IF(AND($D76=\"Serviço\",AJ$12<>0,$H76>0,OR(AUTOEVENTO<>\"manual\",$M76<>1)),\nIF(Import.TipoArredondamento<>\"TransfereGOV\",\nROUND(OFFSET($P76,0,AJ$13),15-13*ORÇAMENTO!$AF$7)/$H76*OFFSET(ORÇAMENTO!$X$15,ROW(AJ76)-ROW(AJ$15),0),\nROUND(ROUND(OFFSET($P76,0,AJ$13),15-13*ORÇAMENTO!$AF$7)*OFFSET(ORÇAMENTO!$W$15,ROW(AJ76)-ROW(AJ$15),0),15-13*ORÇAMENTO!$AF$11)),0)","v":0},{"$f":"IF(AND($D76=\"Serviço\",AK$12<>0,$H76>0,OR(AUTOEVENTO<>\"manual\",$M76<>1)),\nIF(Import.TipoArredondamento<>\"TransfereGOV\",\nROUND(OFFSET($P76,0,AK$13),15-13*ORÇAMENTO!$AF$7)/$H76*OFFSET(ORÇAMENTO!$X$15,ROW(AK76)-ROW(AK$15),0),\nROUND(ROUND(OFFSET($P76,0,AK$13),15-13*ORÇAMENTO!$AF$7)*OFFSET(ORÇAMENTO!$W$15,ROW(AK76)-ROW(AK$15),0),15-13*ORÇAMENTO!$AF$11)),0)","v":0},null,{"$f":"IF($D76<>\"Serviço\",0,IF(AND(AUTOEVENTO=\"Manual\",$M76=1),0,IF(OFFSET(CRONOPLE!$F$14,$M76,AM$13)=\"\",10^12,OFFSET(CRONOPLE!$F$14,$M76,AM$13))))","v":1000000000000},{"$f":"IF($D76<>\"Serviço\",0,IF(AND(AUTOEVENTO=\"Manual\",$M76=1),0,IF(OFFSET(CRONOPLE!$F$14,$M76,AN$13)=\"\",10^12,OFFSET(CRONOPLE!$F$14,$M76,AN$13))))","v":1000000000000},{"$f":"IF($D76<>\"Serviço\",0,IF(AND(AUTOEVENTO=\"Manual\",$M76=1),0,IF(OFFSET(CRONOPLE!$F$14,$M76,AO$13)=\"\",10^12,OFFSET(CRONOPLE!$F$14,$M76,AO$13))))","v":1000000000000},{"$f":"IF($D76<>\"Serviço\",0,IF(AND(AUTOEVENTO=\"Manual\",$M76=1),0,IF(OFFSET(CRONOPLE!$F$14,$M76,AP$13)=\"\",10^12,OFFSET(CRONOPLE!$F$14,$M76,AP$13))))","v":1000000000000},{"$f":"IF($D76<>\"Serviço\",0,IF(AND(AUTOEVENTO=\"Manual\",$M76=1),0,IF(OFFSET(CRONOPLE!$F$14,$M76,AQ$13)=\"\",10^12,OFFSET(CRONOPLE!$F$14,$M76,AQ$13))))","v":1000000000000},{"$f":"IF($D76<>\"Serviço\",0,IF(AND(AUTOEVENTO=\"Manual\",$M76=1),0,IF(OFFSET(CRONOPLE!$F$14,$M76,AR$13)=\"\",10^12,OFFSET(CRONOPLE!$F$14,$M76,AR$13))))","v":1000000000000},{"$f":"IF($D76<>\"Serviço\",0,IF(AND(AUTOEVENTO=\"Manual\",$M76=1),0,IF(OFFSET(CRONOPLE!$F$14,$M76,AS$13)=\"\",10^12,OFFSET(CRONOPLE!$F$14,$M76,AS$13))))","v":1000000000000},{"$f":"IF($D76<>\"Serviço\",0,IF(AND(AUTOEVENTO=\"Manual\",$M76=1),0,IF(OFFSET(CRONOPLE!$F$14,$M76,AT$13)=\"\",10^12,OFFSET(CRONOPLE!$F$14,$M76,AT$13))))","v":1000000000000},{"$f":"IF($D76<>\"Serviço\",0,IF(AND(AUTOEVENTO=\"Manual\",$M76=1),0,IF(OFFSET(CRONOPLE!$F$14,$M76,AU$13)=\"\",10^12,OFFSET(CRONOPLE!$F$14,$M76,AU$13))))","v":1000000000000},{"$f":"IF($D76<>\"Serviço\",0,IF(AND(AUTOEVENTO=\"Manual\",$M76=1),0,IF(OFFSET(CRONOPLE!$F$14,$M76,AV$13)=\"\",10^12,OFFSET(CRONOPLE!$F$14,$M76,AV$13))))","v":1000000000000},null,{"$f":"IF($D76<>\"Serviço\",0,IF(OR(AND(AUTOEVENTO=\"Manual\",$M76=1),$M76>(ROW(PLE.lastrow)-ROW(PLE.firstrow))),0,IF(OFFSET(PLE!$G$14,$M76,AX$13)=\"\",10^12,OFFSET(PLE!$G$14,$M76,AX$13))))","v":1000000000000},{"$f":"IF($D76<>\"Serviço\",0,IF(OR(AND(AUTOEVENTO=\"Manual\",$M76=1),$M76>(ROW(PLE.lastrow)-ROW(PLE.firstrow))),0,IF(OFFSET(PLE!$G$14,$M76,AY$13)=\"\",10^12,OFFSET(PLE!$G$14,$M76,AY$13))))","v":1000000000000},{"$f":"IF($D76<>\"Serviço\",0,IF(OR(AND(AUTOEVENTO=\"Manual\",$M76=1),$M76>(ROW(PLE.lastrow)-ROW(PLE.firstrow))),0,IF(OFFSET(PLE!$G$14,$M76,AZ$13)=\"\",10^12,OFFSET(PLE!$G$14,$M76,AZ$13))))","v":1000000000000},{"$f":"IF($D76<>\"Serviço\",0,IF(OR(AND(AUTOEVENTO=\"Manual\",$M76=1),$M76>(ROW(PLE.lastrow)-ROW(PLE.firstrow))),0,IF(OFFSET(PLE!$G$14,$M76,BA$13)=\"\",10^12,OFFSET(PLE!$G$14,$M76,BA$13))))","v":1000000000000},{"$f":"IF($D76<>\"Serviço\",0,IF(OR(AND(AUTOEVENTO=\"Manual\",$M76=1),$M76>(ROW(PLE.lastrow)-ROW(PLE.firstrow))),0,IF(OFFSET(PLE!$G$14,$M76,BB$13)=\"\",10^12,OFFSET(PLE!$G$14,$M76,BB$13))))","v":1000000000000},{"$f":"IF($D76<>\"Serviço\",0,IF(OR(AND(AUTOEVENTO=\"Manual\",$M76=1),$M76>(ROW(PLE.lastrow)-ROW(PLE.firstrow))),0,IF(OFFSET(PLE!$G$14,$M76,BC$13)=\"\",10^12,OFFSET(PLE!$G$14,$M76,BC$13))))","v":1000000000000},{"$f":"IF($D76<>\"Serviço\",0,IF(OR(AND(AUTOEVENTO=\"Manual\",$M76=1),$M76>(ROW(PLE.lastrow)-ROW(PLE.firstrow))),0,IF(OFFSET(PLE!$G$14,$M76,BD$13)=\"\",10^12,OFFSET(PLE!$G$14,$M76,BD$13))))","v":1000000000000},{"$f":"IF($D76<>\"Serviço\",0,IF(OR(AND(AUTOEVENTO=\"Manual\",$M76=1),$M76>(ROW(PLE.lastrow)-ROW(PLE.firstrow))),0,IF(OFFSET(PLE!$G$14,$M76,BE$13)=\"\",10^12,OFFSET(PLE!$G$14,$M76,BE$13))))","v":1000000000000},{"$f":"IF($D76<>\"Serviço\",0,IF(OR(AND(AUTOEVENTO=\"Manual\",$M76=1),$M76>(ROW(PLE.lastrow)-ROW(PLE.firstrow))),0,IF(OFFSET(PLE!$G$14,$M76,BF$13)=\"\",10^12,OFFSET(PLE!$G$14,$M76,BF$13))))","v":1000000000000},{"$f":"IF($D76<>\"Serviço\",0,IF(OR(AND(AUTOEVENTO=\"Manual\",$M76=1),$M76>(ROW(PLE.lastrow)-ROW(PLE.firstrow))),0,IF(OFFSET(PLE!$G$14,$M76,BG$13)=\"\",10^12,OFFSET(PLE!$G$14,$M76,BG$13))))","v":1000000000000}]
["56",{"$f":"OFFSET(ORÇAMENTO!C$15,ROW(B77)-ROW(B$15),0)","v":"S"},{"$f":"OFFSET(ORÇAMENTO!L$15,ROW(C77)-ROW(C$15),0)","v":"F"},{"$f":"OFFSET(ORÇAMENTO!N$15,ROW(D77)-ROW(D$15),0)","v":"Serviço"},{"$f":"OFFSET(ORÇAMENTO!O$15,ROW(E77)-ROW(E$15),0)","v":"1.10.0.6."},{"$f":"OFFSET(ORÇAMENTO!R$15,ROW(F77)-ROW(F$15),0)","v":"CUMEEIRA PARA TELHA DE FIBROCIMENTO ONDULADA E = 6 MM, INCLUSO ACESSÓRIOS DE FIXAÇÃO E IÇAMENTO. AF_07/2019"},{"$f":"IF($D77<>\"Serviço\",\"\",OFFSET(ORÇAMENTO!S$15,ROW(G77)-ROW(G$15),0))","v":"M"},{"$f":"IF($D77<>\"Serviço\",0,IF(ACOMPANHAMENTO=\"BM\",ROUND(OFFSET(ORÇAMENTO!AJ$15,ROW(H77)-ROW(H$15),0),15-13*ORÇAMENTO!$AF$7),SUMPRODUCT(($Q$12:$AA$12<>\"\")*ROUND($Q77:$AA77,15-13*ORÇAMENTO!$AF$7))))","v":38.82},null,null,null,".",{"$f":"IF($D77<>\"Serviço\",\"\",IF(AUTOEVENTO=\"manual\",$A77,IF(ISERROR(MATCH($A77,$A$15:OFFSET($A77,-1,0),0)),MAX($M$15:OFFSET(M77,-1,0))+1,INDEX($M$15:OFFSET(M77,-1,0),MATCH($A77,$A$15:OFFSET($A77,-1,0),0)))))","v":11},{"$f":"IF($D77<>\"Serviço\",\"\",IF(AUTOEVENTO=\"Manual\",IF($A77=0,\"<-- defina o número do agrupador\",OFFSET(EVENTOS!$D$14,$A77,0)),OFFSET($F$15,$A77,0)))","v":"COBERTURA"},null,null,{"$f":"1.88+13.79+23.15","v":38.819999999999993},null,null,null,null,null,null,null,null,null,null,{"$f":"IF(AND($D77=\"Serviço\",AB$12<>0,$H77>0,OR(AUTOEVENTO<>\"manual\",$M77<>1)),\nIF(Import.TipoArredondamento<>\"TransfereGOV\",\nROUND(OFFSET($P77,0,AB$13),15-13*ORÇAMENTO!$AF$7)/$H77*OFFSET(ORÇAMENTO!$X$15,ROW(AB77)-ROW(AB$15),0),\nROUND(ROUND(OFFSET($P77,0,AB$13),15-13*ORÇAMENTO!$AF$7)*OFFSET(ORÇAMENTO!$W$15,ROW(AB77)-ROW(AB$15),0),15-13*ORÇAMENTO!$AF$11)),0)","v":4037.67},{"$f":"IF(AND($D77=\"Serviço\",AC$12<>0,$H77>0,OR(AUTOEVENTO<>\"manual\",$M77<>1)),\nIF(Import.TipoArredondamento<>\"TransfereGOV\",\nROUND(OFFSET($P77,0,AC$13),15-13*ORÇAMENTO!$AF$7)/$H77*OFFSET(ORÇAMENTO!$X$15,ROW(AC77)-ROW(AC$15),0),\nROUND(ROUND(OFFSET($P77,0,AC$13),15-13*ORÇAMENTO!$AF$7)*OFFSET(ORÇAMENTO!$W$15,ROW(AC77)-ROW(AC$15),0),15-13*ORÇAMENTO!$AF$11)),0)","v":0},{"$f":"IF(AND($D77=\"Serviço\",AD$12<>0,$H77>0,OR(AUTOEVENTO<>\"manual\",$M77<>1)),\nIF(Import.TipoArredondamento<>\"TransfereGOV\",\nROUND(OFFSET($P77,0,AD$13),15-13*ORÇAMENTO!$AF$7)/$H77*OFFSET(ORÇAMENTO!$X$15,ROW(AD77)-ROW(AD$15),0),\nROUND(ROUND(OFFSET($P77,0,AD$13),15-13*ORÇAMENTO!$AF$7)*OFFSET(ORÇAMENTO!$W$15,ROW(AD77)-ROW(AD$15),0),15-13*ORÇAMENTO!$AF$11)),0)","v":0},{"$f":"IF(AND($D77=\"Serviço\",AE$12<>0,$H77>0,OR(AUTOEVENTO<>\"manual\",$M77<>1)),\nIF(Import.TipoArredondamento<>\"TransfereGOV\",\nROUND(OFFSET($P77,0,AE$13),15-13*ORÇAMENTO!$AF$7)/$H77*OFFSET(ORÇAMENTO!$X$15,ROW(AE77)-ROW(AE$15),0),\nROUND(ROUND(OFFSET($P77,0,AE$13),15-13*ORÇAMENTO!$AF$7)*OFFSET(ORÇAMENTO!$W$15,ROW(AE77)-ROW(AE$15),0),15-13*ORÇAMENTO!$AF$11)),0)","v":0},{"$f":"IF(AND($D77=\"Serviço\",AF$12<>0,$H77>0,OR(AUTOEVENTO<>\"manual\",$M77<>1)),\nIF(Import.TipoArredondamento<>\"TransfereGOV\",\nROUND(OFFSET($P77,0,AF$13),15-13*ORÇAMENTO!$AF$7)/$H77*OFFSET(ORÇAMENTO!$X$15,ROW(AF77)-ROW(AF$15),0),\nROUND(ROUND(OFFSET($P77,0,AF$13),15-13*ORÇAMENTO!$AF$7)*OFFSET(ORÇAMENTO!$W$15,ROW(AF77)-ROW(AF$15),0),15-13*ORÇAMENTO!$AF$11)),0)","v":0},{"$f":"IF(AND($D77=\"Serviço\",AG$12<>0,$H77>0,OR(AUTOEVENTO<>\"manual\",$M77<>1)),\nIF(Import.TipoArredondamento<>\"TransfereGOV\",\nROUND(OFFSET($P77,0,AG$13),15-13*ORÇAMENTO!$AF$7)/$H77*OFFSET(ORÇAMENTO!$X$15,ROW(AG77)-ROW(AG$15),0),\nROUND(ROUND(OFFSET($P77,0,AG$13),15-13*ORÇAMENTO!$AF$7)*OFFSET(ORÇAMENTO!$W$15,ROW(AG77)-ROW(AG$15),0),15-13*ORÇAMENTO!$AF$11)),0)","v":0},{"$f":"IF(AND($D77=\"Serviço\",AH$12<>0,$H77>0,OR(AUTOEVENTO<>\"manual\",$M77<>1)),\nIF(Import.TipoArredondamento<>\"TransfereGOV\",\nROUND(OFFSET($P77,0,AH$13),15-13*ORÇAMENTO!$AF$7)/$H77*OFFSET(ORÇAMENTO!$X$15,ROW(AH77)-ROW(AH$15),0),\nROUND(ROUND(OFFSET($P77,0,AH$13),15-13*ORÇAMENTO!$AF$7)*OFFSET(ORÇAMENTO!$W$15,ROW(AH77)-ROW(AH$15),0),15-13*ORÇAMENTO!$AF$11)),0)","v":0},{"$f":"IF(AND($D77=\"Serviço\",AI$12<>0,$H77>0,OR(AUTOEVENTO<>\"manual\",$M77<>1)),\nIF(Import.TipoArredondamento<>\"TransfereGOV\",\nROUND(OFFSET($P77,0,AI$13),15-13*ORÇAMENTO!$AF$7)/$H77*OFFSET(ORÇAMENTO!$X$15,ROW(AI77)-ROW(AI$15),0),\nROUND(ROUND(OFFSET($P77,0,AI$13),15-13*ORÇAMENTO!$AF$7)*OFFSET(ORÇAMENTO!$W$15,ROW(AI77)-ROW(AI$15),0),15-13*ORÇAMENTO!$AF$11)),0)","v":0},{"$f":"IF(AND($D77=\"Serviço\",AJ$12<>0,$H77>0,OR(AUTOEVENTO<>\"manual\",$M77<>1)),\nIF(Import.TipoArredondamento<>\"TransfereGOV\",\nROUND(OFFSET($P77,0,AJ$13),15-13*ORÇAMENTO!$AF$7)/$H77*OFFSET(ORÇAMENTO!$X$15,ROW(AJ77)-ROW(AJ$15),0),\nROUND(ROUND(OFFSET($P77,0,AJ$13),15-13*ORÇAMENTO!$AF$7)*OFFSET(ORÇAMENTO!$W$15,ROW(AJ77)-ROW(AJ$15),0),15-13*ORÇAMENTO!$AF$11)),0)","v":0},{"$f":"IF(AND($D77=\"Serviço\",AK$12<>0,$H77>0,OR(AUTOEVENTO<>\"manual\",$M77<>1)),\nIF(Import.TipoArredondamento<>\"TransfereGOV\",\nROUND(OFFSET($P77,0,AK$13),15-13*ORÇAMENTO!$AF$7)/$H77*OFFSET(ORÇAMENTO!$X$15,ROW(AK77)-ROW(AK$15),0),\nROUND(ROUND(OFFSET($P77,0,AK$13),15-13*ORÇAMENTO!$AF$7)*OFFSET(ORÇAMENTO!$W$15,ROW(AK77)-ROW(AK$15),0),15-13*ORÇAMENTO!$AF$11)),0)","v":0},null,{"$f":"IF($D77<>\"Serviço\",0,IF(AND(AUTOEVENTO=\"Manual\",$M77=1),0,IF(OFFSET(CRONOPLE!$F$14,$M77,AM$13)=\"\",10^12,OFFSET(CRONOPLE!$F$14,$M77,AM$13))))","v":1000000000000},{"$f":"IF($D77<>\"Serviço\",0,IF(AND(AUTOEVENTO=\"Manual\",$M77=1),0,IF(OFFSET(CRONOPLE!$F$14,$M77,AN$13)=\"\",10^12,OFFSET(CRONOPLE!$F$14,$M77,AN$13))))","v":1000000000000},{"$f":"IF($D77<>\"Serviço\",0,IF(AND(AUTOEVENTO=\"Manual\",$M77=1),0,IF(OFFSET(CRONOPLE!$F$14,$M77,AO$13)=\"\",10^12,OFFSET(CRONOPLE!$F$14,$M77,AO$13))))","v":1000000000000},{"$f":"IF($D77<>\"Serviço\",0,IF(AND(AUTOEVENTO=\"Manual\",$M77=1),0,IF(OFFSET(CRONOPLE!$F$14,$M77,AP$13)=\"\",10^12,OFFSET(CRONOPLE!$F$14,$M77,AP$13))))","v":1000000000000},{"$f":"IF($D77<>\"Serviço\",0,IF(AND(AUTOEVENTO=\"Manual\",$M77=1),0,IF(OFFSET(CRONOPLE!$F$14,$M77,AQ$13)=\"\",10^12,OFFSET(CRONOPLE!$F$14,$M77,AQ$13))))","v":1000000000000},{"$f":"IF($D77<>\"Serviço\",0,IF(AND(AUTOEVENTO=\"Manual\",$M77=1),0,IF(OFFSET(CRONOPLE!$F$14,$M77,AR$13)=\"\",10^12,OFFSET(CRONOPLE!$F$14,$M77,AR$13))))","v":1000000000000},{"$f":"IF($D77<>\"Serviço\",0,IF(AND(AUTOEVENTO=\"Manual\",$M77=1),0,IF(OFFSET(CRONOPLE!$F$14,$M77,AS$13)=\"\",10^12,OFFSET(CRONOPLE!$F$14,$M77,AS$13))))","v":1000000000000},{"$f":"IF($D77<>\"Serviço\",0,IF(AND(AUTOEVENTO=\"Manual\",$M77=1),0,IF(OFFSET(CRONOPLE!$F$14,$M77,AT$13)=\"\",10^12,OFFSET(CRONOPLE!$F$14,$M77,AT$13))))","v":1000000000000},{"$f":"IF($D77<>\"Serviço\",0,IF(AND(AUTOEVENTO=\"Manual\",$M77=1),0,IF(OFFSET(CRONOPLE!$F$14,$M77,AU$13)=\"\",10^12,OFFSET(CRONOPLE!$F$14,$M77,AU$13))))","v":1000000000000},{"$f":"IF($D77<>\"Serviço\",0,IF(AND(AUTOEVENTO=\"Manual\",$M77=1),0,IF(OFFSET(CRONOPLE!$F$14,$M77,AV$13)=\"\",10^12,OFFSET(CRONOPLE!$F$14,$M77,AV$13))))","v":1000000000000},null,{"$f":"IF($D77<>\"Serviço\",0,IF(OR(AND(AUTOEVENTO=\"Manual\",$M77=1),$M77>(ROW(PLE.lastrow)-ROW(PLE.firstrow))),0,IF(OFFSET(PLE!$G$14,$M77,AX$13)=\"\",10^12,OFFSET(PLE!$G$14,$M77,AX$13))))","v":1000000000000},{"$f":"IF($D77<>\"Serviço\",0,IF(OR(AND(AUTOEVENTO=\"Manual\",$M77=1),$M77>(ROW(PLE.lastrow)-ROW(PLE.firstrow))),0,IF(OFFSET(PLE!$G$14,$M77,AY$13)=\"\",10^12,OFFSET(PLE!$G$14,$M77,AY$13))))","v":1000000000000},{"$f":"IF($D77<>\"Serviço\",0,IF(OR(AND(AUTOEVENTO=\"Manual\",$M77=1),$M77>(ROW(PLE.lastrow)-ROW(PLE.firstrow))),0,IF(OFFSET(PLE!$G$14,$M77,AZ$13)=\"\",10^12,OFFSET(PLE!$G$14,$M77,AZ$13))))","v":1000000000000},{"$f":"IF($D77<>\"Serviço\",0,IF(OR(AND(AUTOEVENTO=\"Manual\",$M77=1),$M77>(ROW(PLE.lastrow)-ROW(PLE.firstrow))),0,IF(OFFSET(PLE!$G$14,$M77,BA$13)=\"\",10^12,OFFSET(PLE!$G$14,$M77,BA$13))))","v":1000000000000},{"$f":"IF($D77<>\"Serviço\",0,IF(OR(AND(AUTOEVENTO=\"Manual\",$M77=1),$M77>(ROW(PLE.lastrow)-ROW(PLE.firstrow))),0,IF(OFFSET(PLE!$G$14,$M77,BB$13)=\"\",10^12,OFFSET(PLE!$G$14,$M77,BB$13))))","v":1000000000000},{"$f":"IF($D77<>\"Serviço\",0,IF(OR(AND(AUTOEVENTO=\"Manual\",$M77=1),$M77>(ROW(PLE.lastrow)-ROW(PLE.firstrow))),0,IF(OFFSET(PLE!$G$14,$M77,BC$13)=\"\",10^12,OFFSET(PLE!$G$14,$M77,BC$13))))","v":1000000000000},{"$f":"IF($D77<>\"Serviço\",0,IF(OR(AND(AUTOEVENTO=\"Manual\",$M77=1),$M77>(ROW(PLE.lastrow)-ROW(PLE.firstrow))),0,IF(OFFSET(PLE!$G$14,$M77,BD$13)=\"\",10^12,OFFSET(PLE!$G$14,$M77,BD$13))))","v":1000000000000},{"$f":"IF($D77<>\"Serviço\",0,IF(OR(AND(AUTOEVENTO=\"Manual\",$M77=1),$M77>(ROW(PLE.lastrow)-ROW(PLE.firstrow))),0,IF(OFFSET(PLE!$G$14,$M77,BE$13)=\"\",10^12,OFFSET(PLE!$G$14,$M77,BE$13))))","v":1000000000000},{"$f":"IF($D77<>\"Serviço\",0,IF(OR(AND(AUTOEVENTO=\"Manual\",$M77=1),$M77>(ROW(PLE.lastrow)-ROW(PLE.firstrow))),0,IF(OFFSET(PLE!$G$14,$M77,BF$13)=\"\",10^12,OFFSET(PLE!$G$14,$M77,BF$13))))","v":1000000000000},{"$f":"IF($D77<>\"Serviço\",0,IF(OR(AND(AUTOEVENTO=\"Manual\",$M77=1),$M77>(ROW(PLE.lastrow)-ROW(PLE.firstrow))),0,IF(OFFSET(PLE!$G$14,$M77,BG$13)=\"\",10^12,OFFSET(PLE!$G$14,$M77,BG$13))))","v":1000000000000}]
[{"$f":"IF(AUTOEVENTO=\"Manual\",IF(K78<>\"\",MIN(VALUE(LEFT(K78,FIND(\".\",K78)-1)),COUNTA(EVENTOS.Lista)),0),IF(OR($B78>AUTOEVENTO,$B78=\"S\",$B78=0),SUBSTITUTE(OFFSET($A78,-1,0),IF($D78=\"Serviço\",\".\",\"\"),\"\"),ROW(A78)-ROW($A$15)&\".\"))","v":"56"},{"$f":"OFFSET(ORÇAMENTO!C$15,ROW(B78)-ROW(B$15),0)","v":"S"},{"$f":"OFFSET(ORÇAMENTO!L$15,ROW(C78)-ROW(C$15),0)","v":"F"},{"$f":"OFFSET(ORÇAMENTO!N$15,ROW(D78)-ROW(D$15),0)","v":"Serviço"},{"$f":"OFFSET(ORÇAMENTO!O$15,ROW(E78)-ROW(E$15),0)","v":"1.10.0.7."},{"$f":"OFFSET(ORÇAMENTO!R$15,ROW(F78)-ROW(F$15),0)","v":"RUFO EM CHAPA DE AÇO GALVANIZADO NÚMERO 26 (0,5MM), CORTE DE 25 CM, INCLUSO TRANSPORTE VERTICAL. AF_07/2019"},{"$f":"IF($D78<>\"Serviço\",\"\",OFFSET(ORÇAMENTO!S$15,ROW(G78)-ROW(G$15),0))","v":"M"},{"$f":"IF($D78<>\"Serviço\",0,IF(ACOMPANHAMENTO=\"BM\",ROUND(OFFSET(ORÇAMENTO!AJ$15,ROW(H78)-ROW(H$15),0),15-13*ORÇAMENTO!$AF$7),SUMPRODUCT(($Q$12:$AA$12<>\"\")*ROUND($Q78:$AA78,15-13*ORÇAMENTO!$AF$7))))","v":17.079999999999998},"considerado no entorno do reservatório e contra a parede na entrada ",null,null,".",{"$f":"IF($D78<>\"Serviço\",\"\",IF(AUTOEVENTO=\"manual\",$A78,IF(ISERROR(MATCH($A78,$A$15:OFFSET($A78,-1,0),0)),MAX($M$15:OFFSET(M78,-1,0))+1,INDEX($M$15:OFFSET(M78,-1,0),MATCH($A78,$A$15:OFFSET($A78,-1,0),0)))))","v":11},{"$f":"IF($D78<>\"Serviço\",\"\",IF(AUTOEVENTO=\"Manual\",IF($A78=0,\"<-- defina o número do agrupador\",OFFSET(EVENTOS!$D$14,$A78,0)),OFFSET($F$15,$A78,0)))","v":"COBERTURA"},null,null,{"$f":"4.89+4.89+3.3+4","v":17.079999999999998},null,null,null,null,null,null,null,null,null,null,{"$f":"IF(AND($D78=\"Serviço\",AB$12<>0,$H78>0,OR(AUTOEVENTO<>\"manual\",$M78<>1)),\nIF(Import.TipoArredondamento<>\"TransfereGOV\",\nROUND(OFFSET($P78,0,AB$13),15-13*ORÇAMENTO!$AF$7)/$H78*OFFSET(ORÇAMENTO!$X$15,ROW(AB78)-ROW(AB$15),0),\nROUND(ROUND(OFFSET($P78,0,AB$13),15-13*ORÇAMENTO!$AF$7)*OFFSET(ORÇAMENTO!$W$15,ROW(AB78)-ROW(AB$15),0),15-13*ORÇAMENTO!$AF$11)),0)","v":1094.83},{"$f":"IF(AND($D78=\"Serviço\",AC$12<>0,$H78>0,OR(AUTOEVENTO<>\"manual\",$M78<>1)),\nIF(Import.TipoArredondamento<>\"TransfereGOV\",\nROUND(OFFSET($P78,0,AC$13),15-13*ORÇAMENTO!$AF$7)/$H78*OFFSET(ORÇAMENTO!$X$15,ROW(AC78)-ROW(AC$15),0),\nROUND(ROUND(OFFSET($P78,0,AC$13),15-13*ORÇAMENTO!$AF$7)*OFFSET(ORÇAMENTO!$W$15,ROW(AC78)-ROW(AC$15),0),15-13*ORÇAMENTO!$AF$11)),0)","v":0},{"$f":"IF(AND($D78=\"Serviço\",AD$12<>0,$H78>0,OR(AUTOEVENTO<>\"manual\",$M78<>1)),\nIF(Import.TipoArredondamento<>\"TransfereGOV\",\nROUND(OFFSET($P78,0,AD$13),15-13*ORÇAMENTO!$AF$7)/$H78*OFFSET(ORÇAMENTO!$X$15,ROW(AD78)-ROW(AD$15),0),\nROUND(ROUND(OFFSET($P78,0,AD$13),15-13*ORÇAMENTO!$AF$7)*OFFSET(ORÇAMENTO!$W$15,ROW(AD78)-ROW(AD$15),0),15-13*ORÇAMENTO!$AF$11)),0)","v":0},{"$f":"IF(AND($D78=\"Serviço\",AE$12<>0,$H78>0,OR(AUTOEVENTO<>\"manual\",$M78<>1)),\nIF(Import.TipoArredondamento<>\"TransfereGOV\",\nROUND(OFFSET($P78,0,AE$13),15-13*ORÇAMENTO!$AF$7)/$H78*OFFSET(ORÇAMENTO!$X$15,ROW(AE78)-ROW(AE$15),0),\nROUND(ROUND(OFFSET($P78,0,AE$13),15-13*ORÇAMENTO!$AF$7)*OFFSET(ORÇAMENTO!$W$15,ROW(AE78)-ROW(AE$15),0),15-13*ORÇAMENTO!$AF$11)),0)","v":0},{"$f":"IF(AND($D78=\"Serviço\",AF$12<>0,$H78>0,OR(AUTOEVENTO<>\"manual\",$M78<>1)),\nIF(Import.TipoArredondamento<>\"TransfereGOV\",\nROUND(OFFSET($P78,0,AF$13),15-13*ORÇAMENTO!$AF$7)/$H78*OFFSET(ORÇAMENTO!$X$15,ROW(AF78)-ROW(AF$15),0),\nROUND(ROUND(OFFSET($P78,0,AF$13),15-13*ORÇAMENTO!$AF$7)*OFFSET(ORÇAMENTO!$W$15,ROW(AF78)-ROW(AF$15),0),15-13*ORÇAMENTO!$AF$11)),0)","v":0},{"$f":"IF(AND($D78=\"Serviço\",AG$12<>0,$H78>0,OR(AUTOEVENTO<>\"manual\",$M78<>1)),\nIF(Import.TipoArredondamento<>\"TransfereGOV\",\nROUND(OFFSET($P78,0,AG$13),15-13*ORÇAMENTO!$AF$7)/$H78*OFFSET(ORÇAMENTO!$X$15,ROW(AG78)-ROW(AG$15),0),\nROUND(ROUND(OFFSET($P78,0,AG$13),15-13*ORÇAMENTO!$AF$7)*OFFSET(ORÇAMENTO!$W$15,ROW(AG78)-ROW(AG$15),0),15-13*ORÇAMENTO!$AF$11)),0)","v":0},{"$f":"IF(AND($D78=\"Serviço\",AH$12<>0,$H78>0,OR(AUTOEVENTO<>\"manual\",$M78<>1)),\nIF(Import.TipoArredondamento<>\"TransfereGOV\",\nROUND(OFFSET($P78,0,AH$13),15-13*ORÇAMENTO!$AF$7)/$H78*OFFSET(ORÇAMENTO!$X$15,ROW(AH78)-ROW(AH$15),0),\nROUND(ROUND(OFFSET($P78,0,AH$13),15-13*ORÇAMENTO!$AF$7)*OFFSET(ORÇAMENTO!$W$15,ROW(AH78)-ROW(AH$15),0),15-13*ORÇAMENTO!$AF$11)),0)","v":0},{"$f":"IF(AND($D78=\"Serviço\",AI$12<>0,$H78>0,OR(AUTOEVENTO<>\"manual\",$M78<>1)),\nIF(Import.TipoArredondamento<>\"TransfereGOV\",\nROUND(OFFSET($P78,0,AI$13),15-13*ORÇAMENTO!$AF$7)/$H78*OFFSET(ORÇAMENTO!$X$15,ROW(AI78)-ROW(AI$15),0),\nROUND(ROUND(OFFSET($P78,0,AI$13),15-13*ORÇAMENTO!$AF$7)*OFFSET(ORÇAMENTO!$W$15,ROW(AI78)-ROW(AI$15),0),15-13*ORÇAMENTO!$AF$11)),0)","v":0},{"$f":"IF(AND($D78=\"Serviço\",AJ$12<>0,$H78>0,OR(AUTOEVENTO<>\"manual\",$M78<>1)),\nIF(Import.TipoArredondamento<>\"TransfereGOV\",\nROUND(OFFSET($P78,0,AJ$13),15-13*ORÇAMENTO!$AF$7)/$H78*OFFSET(ORÇAMENTO!$X$15,ROW(AJ78)-ROW(AJ$15),0),\nROUND(ROUND(OFFSET($P78,0,AJ$13),15-13*ORÇAMENTO!$AF$7)*OFFSET(ORÇAMENTO!$W$15,ROW(AJ78)-ROW(AJ$15),0),15-13*ORÇAMENTO!$AF$11)),0)","v":0},{"$f":"IF(AND($D78=\"Serviço\",AK$12<>0,$H78>0,OR(AUTOEVENTO<>\"manual\",$M78<>1)),\nIF(Import.TipoArredondamento<>\"TransfereGOV\",\nROUND(OFFSET($P78,0,AK$13),15-13*ORÇAMENTO!$AF$7)/$H78*OFFSET(ORÇAMENTO!$X$15,ROW(AK78)-ROW(AK$15),0),\nROUND(ROUND(OFFSET($P78,0,AK$13),15-13*ORÇAMENTO!$AF$7)*OFFSET(ORÇAMENTO!$W$15,ROW(AK78)-ROW(AK$15),0),15-13*ORÇAMENTO!$AF$11)),0)","v":0},null,{"$f":"IF($D78<>\"Serviço\",0,IF(AND(AUTOEVENTO=\"Manual\",$M78=1),0,IF(OFFSET(CRONOPLE!$F$14,$M78,AM$13)=\"\",10^12,OFFSET(CRONOPLE!$F$14,$M78,AM$13))))","v":1000000000000},{"$f":"IF($D78<>\"Serviço\",0,IF(AND(AUTOEVENTO=\"Manual\",$M78=1),0,IF(OFFSET(CRONOPLE!$F$14,$M78,AN$13)=\"\",10^12,OFFSET(CRONOPLE!$F$14,$M78,AN$13))))","v":1000000000000},{"$f":"IF($D78<>\"Serviço\",0,IF(AND(AUTOEVENTO=\"Manual\",$M78=1),0,IF(OFFSET(CRONOPLE!$F$14,$M78,AO$13)=\"\",10^12,OFFSET(CRONOPLE!$F$14,$M78,AO$13))))","v":1000000000000},{"$f":"IF($D78<>\"Serviço\",0,IF(AND(AUTOEVENTO=\"Manual\",$M78=1),0,IF(OFFSET(CRONOPLE!$F$14,$M78,AP$13)=\"\",10^12,OFFSET(CRONOPLE!$F$14,$M78,AP$13))))","v":1000000000000},{"$f":"IF($D78<>\"Serviço\",0,IF(AND(AUTOEVENTO=\"Manual\",$M78=1),0,IF(OFFSET(CRONOPLE!$F$14,$M78,AQ$13)=\"\",10^12,OFFSET(CRONOPLE!$F$14,$M78,AQ$13))))","v":1000000000000},{"$f":"IF($D78<>\"Serviço\",0,IF(AND(AUTOEVENTO=\"Manual\",$M78=1),0,IF(OFFSET(CRONOPLE!$F$14,$M78,AR$13)=\"\",10^12,OFFSET(CRONOPLE!$F$14,$M78,AR$13))))","v":1000000000000},{"$f":"IF($D78<>\"Serviço\",0,IF(AND(AUTOEVENTO=\"Manual\",$M78=1),0,IF(OFFSET(CRONOPLE!$F$14,$M78,AS$13)=\"\",10^12,OFFSET(CRONOPLE!$F$14,$M78,AS$13))))","v":1000000000000},{"$f":"IF($D78<>\"Serviço\",0,IF(AND(AUTOEVENTO=\"Manual\",$M78=1),0,IF(OFFSET(CRONOPLE!$F$14,$M78,AT$13)=\"\",10^12,OFFSET(CRONOPLE!$F$14,$M78,AT$13))))","v":1000000000000},{"$f":"IF($D78<>\"Serviço\",0,IF(AND(AUTOEVENTO=\"Manual\",$M78=1),0,IF(OFFSET(CRONOPLE!$F$14,$M78,AU$13)=\"\",10^12,OFFSET(CRONOPLE!$F$14,$M78,AU$13))))","v":1000000000000},{"$f":"IF($D78<>\"Serviço\",0,IF(AND(AUTOEVENTO=\"Manual\",$M78=1),0,IF(OFFSET(CRONOPLE!$F$14,$M78,AV$13)=\"\",10^12,OFFSET(CRONOPLE!$F$14,$M78,AV$13))))","v":1000000000000},null,{"$f":"IF($D78<>\"Serviço\",0,IF(OR(AND(AUTOEVENTO=\"Manual\",$M78=1),$M78>(ROW(PLE.lastrow)-ROW(PLE.firstrow))),0,IF(OFFSET(PLE!$G$14,$M78,AX$13)=\"\",10^12,OFFSET(PLE!$G$14,$M78,AX$13))))","v":1000000000000},{"$f":"IF($D78<>\"Serviço\",0,IF(OR(AND(AUTOEVENTO=\"Manual\",$M78=1),$M78>(ROW(PLE.lastrow)-ROW(PLE.firstrow))),0,IF(OFFSET(PLE!$G$14,$M78,AY$13)=\"\",10^12,OFFSET(PLE!$G$14,$M78,AY$13))))","v":1000000000000},{"$f":"IF($D78<>\"Serviço\",0,IF(OR(AND(AUTOEVENTO=\"Manual\",$M78=1),$M78>(ROW(PLE.lastrow)-ROW(PLE.firstrow))),0,IF(OFFSET(PLE!$G$14,$M78,AZ$13)=\"\",10^12,OFFSET(PLE!$G$14,$M78,AZ$13))))","v":1000000000000},{"$f":"IF($D78<>\"Serviço\",0,IF(OR(AND(AUTOEVENTO=\"Manual\",$M78=1),$M78>(ROW(PLE.lastrow)-ROW(PLE.firstrow))),0,IF(OFFSET(PLE!$G$14,$M78,BA$13)=\"\",10^12,OFFSET(PLE!$G$14,$M78,BA$13))))","v":1000000000000},{"$f":"IF($D78<>\"Serviço\",0,IF(OR(AND(AUTOEVENTO=\"Manual\",$M78=1),$M78>(ROW(PLE.lastrow)-ROW(PLE.firstrow))),0,IF(OFFSET(PLE!$G$14,$M78,BB$13)=\"\",10^12,OFFSET(PLE!$G$14,$M78,BB$13))))","v":1000000000000},{"$f":"IF($D78<>\"Serviço\",0,IF(OR(AND(AUTOEVENTO=\"Manual\",$M78=1),$M78>(ROW(PLE.lastrow)-ROW(PLE.firstrow))),0,IF(OFFSET(PLE!$G$14,$M78,BC$13)=\"\",10^12,OFFSET(PLE!$G$14,$M78,BC$13))))","v":1000000000000},{"$f":"IF($D78<>\"Serviço\",0,IF(OR(AND(AUTOEVENTO=\"Manual\",$M78=1),$M78>(ROW(PLE.lastrow)-ROW(PLE.firstrow))),0,IF(OFFSET(PLE!$G$14,$M78,BD$13)=\"\",10^12,OFFSET(PLE!$G$14,$M78,BD$13))))","v":1000000000000},{"$f":"IF($D78<>\"Serviço\",0,IF(OR(AND(AUTOEVENTO=\"Manual\",$M78=1),$M78>(ROW(PLE.lastrow)-ROW(PLE.firstrow))),0,IF(OFFSET(PLE!$G$14,$M78,BE$13)=\"\",10^12,OFFSET(PLE!$G$14,$M78,BE$13))))","v":1000000000000},{"$f":"IF($D78<>\"Serviço\",0,IF(OR(AND(AUTOEVENTO=\"Manual\",$M78=1),$M78>(ROW(PLE.lastrow)-ROW(PLE.firstrow))),0,IF(OFFSET(PLE!$G$14,$M78,BF$13)=\"\",10^12,OFFSET(PLE!$G$14,$M78,BF$13))))","v":1000000000000},{"$f":"IF($D78<>\"Serviço\",0,IF(OR(AND(AUTOEVENTO=\"Manual\",$M78=1),$M78>(ROW(PLE.lastrow)-ROW(PLE.firstrow))),0,IF(OFFSET(PLE!$G$14,$M78,BG$13)=\"\",10^12,OFFSET(PLE!$G$14,$M78,BG$13))))","v":1000000000000}]
["56",{"$f":"OFFSET(ORÇAMENTO!C$15,ROW(B79)-ROW(B$15),0)","v":"S"},{"$f":"OFFSET(ORÇAMENTO!L$15,ROW(C79)-ROW(C$15),0)","v":"F"},{"$f":"OFFSET(ORÇAMENTO!N$15,ROW(D79)-ROW(D$15),0)","v":"Serviço"},{"$f":"OFFSET(ORÇAMENTO!O$15,ROW(E79)-ROW(E$15),0)","v":"1.10.0.8."},{"$f":"OFFSET(ORÇAMENTO!R$15,ROW(F79)-ROW(F$15),0)","v":"CALHA EM CHAPA DE AÇO GALVANIZADO NÚMERO 26 (0,5MM), DESENVOLVIMENTO DE 100 CM, INCLUSO TRANSPORTE VERTICAL. AF_07/2019"},{"$f":"IF($D79<>\"Serviço\",\"\",OFFSET(ORÇAMENTO!S$15,ROW(G79)-ROW(G$15),0))","v":"M"},{"$f":"IF($D79<>\"Serviço\",0,IF(ACOMPANHAMENTO=\"BM\",ROUND(OFFSET(ORÇAMENTO!AJ$15,ROW(H79)-ROW(H$15),0),15-13*ORÇAMENTO!$AF$7),SUMPRODUCT(($Q$12:$AA$12<>\"\")*ROUND($Q79:$AA79,15-13*ORÇAMENTO!$AF$7))))","v":7.95},null,null,null,".",{"$f":"IF($D79<>\"Serviço\",\"\",IF(AUTOEVENTO=\"manual\",$A79,IF(ISERROR(MATCH($A79,$A$15:OFFSET($A79,-1,0),0)),MAX($M$15:OFFSET(M79,-1,0))+1,INDEX($M$15:OFFSET(M79,-1,0),MATCH($A79,$A$15:OFFSET($A79,-1,0),0)))))","v":11},{"$f":"IF($D79<>\"Serviço\",\"\",IF(AUTOEVENTO=\"Manual\",IF($A79=0,\"<-- defina o número do agrupador\",OFFSET(EVENTOS!$D$14,$A79,0)),OFFSET($F$15,$A79,0)))","v":"COBERTURA"},null,null,7.95,null,null,null,null,null,null,null,null,null,null,{"$f":"IF(AND($D79=\"Serviço\",AB$12<>0,$H79>0,OR(AUTOEVENTO<>\"manual\",$M79<>1)),\nIF(Import.TipoArredondamento<>\"TransfereGOV\",\nROUND(OFFSET($P79,0,AB$13),15-13*ORÇAMENTO!$AF$7)/$H79*OFFSET(ORÇAMENTO!$X$15,ROW(AB79)-ROW(AB$15),0),\nROUND(ROUND(OFFSET($P79,0,AB$13),15-13*ORÇAMENTO!$AF$7)*OFFSET(ORÇAMENTO!$W$15,ROW(AB79)-ROW(AB$15),0),15-13*ORÇAMENTO!$AF$11)),0)","v":1611.15},{"$f":"IF(AND($D79=\"Serviço\",AC$12<>0,$H79>0,OR(AUTOEVENTO<>\"manual\",$M79<>1)),\nIF(Import.TipoArredondamento<>\"TransfereGOV\",\nROUND(OFFSET($P79,0,AC$13),15-13*ORÇAMENTO!$AF$7)/$H79*OFFSET(ORÇAMENTO!$X$15,ROW(AC79)-ROW(AC$15),0),\nROUND(ROUND(OFFSET($P79,0,AC$13),15-13*ORÇAMENTO!$AF$7)*OFFSET(ORÇAMENTO!$W$15,ROW(AC79)-ROW(AC$15),0),15-13*ORÇAMENTO!$AF$11)),0)","v":0},{"$f":"IF(AND($D79=\"Serviço\",AD$12<>0,$H79>0,OR(AUTOEVENTO<>\"manual\",$M79<>1)),\nIF(Import.TipoArredondamento<>\"TransfereGOV\",\nROUND(OFFSET($P79,0,AD$13),15-13*ORÇAMENTO!$AF$7)/$H79*OFFSET(ORÇAMENTO!$X$15,ROW(AD79)-ROW(AD$15),0),\nROUND(ROUND(OFFSET($P79,0,AD$13),15-13*ORÇAMENTO!$AF$7)*OFFSET(ORÇAMENTO!$W$15,ROW(AD79)-ROW(AD$15),0),15-13*ORÇAMENTO!$AF$11)),0)","v":0},{"$f":"IF(AND($D79=\"Serviço\",AE$12<>0,$H79>0,OR(AUTOEVENTO<>\"manual\",$M79<>1)),\nIF(Import.TipoArredondamento<>\"TransfereGOV\",\nROUND(OFFSET($P79,0,AE$13),15-13*ORÇAMENTO!$AF$7)/$H79*OFFSET(ORÇAMENTO!$X$15,ROW(AE79)-ROW(AE$15),0),\nROUND(ROUND(OFFSET($P79,0,AE$13),15-13*ORÇAMENTO!$AF$7)*OFFSET(ORÇAMENTO!$W$15,ROW(AE79)-ROW(AE$15),0),15-13*ORÇAMENTO!$AF$11)),0)","v":0},{"$f":"IF(AND($D79=\"Serviço\",AF$12<>0,$H79>0,OR(AUTOEVENTO<>\"manual\",$M79<>1)),\nIF(Import.TipoArredondamento<>\"TransfereGOV\",\nROUND(OFFSET($P79,0,AF$13),15-13*ORÇAMENTO!$AF$7)/$H79*OFFSET(ORÇAMENTO!$X$15,ROW(AF79)-ROW(AF$15),0),\nROUND(ROUND(OFFSET($P79,0,AF$13),15-13*ORÇAMENTO!$AF$7)*OFFSET(ORÇAMENTO!$W$15,ROW(AF79)-ROW(AF$15),0),15-13*ORÇAMENTO!$AF$11)),0)","v":0},{"$f":"IF(AND($D79=\"Serviço\",AG$12<>0,$H79>0,OR(AUTOEVENTO<>\"manual\",$M79<>1)),\nIF(Import.TipoArredondamento<>\"TransfereGOV\",\nROUND(OFFSET($P79,0,AG$13),15-13*ORÇAMENTO!$AF$7)/$H79*OFFSET(ORÇAMENTO!$X$15,ROW(AG79)-ROW(AG$15),0),\nROUND(ROUND(OFFSET($P79,0,AG$13),15-13*ORÇAMENTO!$AF$7)*OFFSET(ORÇAMENTO!$W$15,ROW(AG79)-ROW(AG$15),0),15-13*ORÇAMENTO!$AF$11)),0)","v":0},{"$f":"IF(AND($D79=\"Serviço\",AH$12<>0,$H79>0,OR(AUTOEVENTO<>\"manual\",$M79<>1)),\nIF(Import.TipoArredondamento<>\"TransfereGOV\",\nROUND(OFFSET($P79,0,AH$13),15-13*ORÇAMENTO!$AF$7)/$H79*OFFSET(ORÇAMENTO!$X$15,ROW(AH79)-ROW(AH$15),0),\nROUND(ROUND(OFFSET($P79,0,AH$13),15-13*ORÇAMENTO!$AF$7)*OFFSET(ORÇAMENTO!$W$15,ROW(AH79)-ROW(AH$15),0),15-13*ORÇAMENTO!$AF$11)),0)","v":0},{"$f":"IF(AND($D79=\"Serviço\",AI$12<>0,$H79>0,OR(AUTOEVENTO<>\"manual\",$M79<>1)),\nIF(Import.TipoArredondamento<>\"TransfereGOV\",\nROUND(OFFSET($P79,0,AI$13),15-13*ORÇAMENTO!$AF$7)/$H79*OFFSET(ORÇAMENTO!$X$15,ROW(AI79)-ROW(AI$15),0),\nROUND(ROUND(OFFSET($P79,0,AI$13),15-13*ORÇAMENTO!$AF$7)*OFFSET(ORÇAMENTO!$W$15,ROW(AI79)-ROW(AI$15),0),15-13*ORÇAMENTO!$AF$11)),0)","v":0},{"$f":"IF(AND($D79=\"Serviço\",AJ$12<>0,$H79>0,OR(AUTOEVENTO<>\"manual\",$M79<>1)),\nIF(Import.TipoArredondamento<>\"TransfereGOV\",\nROUND(OFFSET($P79,0,AJ$13),15-13*ORÇAMENTO!$AF$7)/$H79*OFFSET(ORÇAMENTO!$X$15,ROW(AJ79)-ROW(AJ$15),0),\nROUND(ROUND(OFFSET($P79,0,AJ$13),15-13*ORÇAMENTO!$AF$7)*OFFSET(ORÇAMENTO!$W$15,ROW(AJ79)-ROW(AJ$15),0),15-13*ORÇAMENTO!$AF$11)),0)","v":0},{"$f":"IF(AND($D79=\"Serviço\",AK$12<>0,$H79>0,OR(AUTOEVENTO<>\"manual\",$M79<>1)),\nIF(Import.TipoArredondamento<>\"TransfereGOV\",\nROUND(OFFSET($P79,0,AK$13),15-13*ORÇAMENTO!$AF$7)/$H79*OFFSET(ORÇAMENTO!$X$15,ROW(AK79)-ROW(AK$15),0),\nROUND(ROUND(OFFSET($P79,0,AK$13),15-13*ORÇAMENTO!$AF$7)*OFFSET(ORÇAMENTO!$W$15,ROW(AK79)-ROW(AK$15),0),15-13*ORÇAMENTO!$AF$11)),0)","v":0},null,{"$f":"IF($D79<>\"Serviço\",0,IF(AND(AUTOEVENTO=\"Manual\",$M79=1),0,IF(OFFSET(CRONOPLE!$F$14,$M79,AM$13)=\"\",10^12,OFFSET(CRONOPLE!$F$14,$M79,AM$13))))","v":1000000000000},{"$f":"IF($D79<>\"Serviço\",0,IF(AND(AUTOEVENTO=\"Manual\",$M79=1),0,IF(OFFSET(CRONOPLE!$F$14,$M79,AN$13)=\"\",10^12,OFFSET(CRONOPLE!$F$14,$M79,AN$13))))","v":1000000000000},{"$f":"IF($D79<>\"Serviço\",0,IF(AND(AUTOEVENTO=\"Manual\",$M79=1),0,IF(OFFSET(CRONOPLE!$F$14,$M79,AO$13)=\"\",10^12,OFFSET(CRONOPLE!$F$14,$M79,AO$13))))","v":1000000000000},{"$f":"IF($D79<>\"Serviço\",0,IF(AND(AUTOEVENTO=\"Manual\",$M79=1),0,IF(OFFSET(CRONOPLE!$F$14,$M79,AP$13)=\"\",10^12,OFFSET(CRONOPLE!$F$14,$M79,AP$13))))","v":1000000000000},{"$f":"IF($D79<>\"Serviço\",0,IF(AND(AUTOEVENTO=\"Manual\",$M79=1),0,IF(OFFSET(CRONOPLE!$F$14,$M79,AQ$13)=\"\",10^12,OFFSET(CRONOPLE!$F$14,$M79,AQ$13))))","v":1000000000000},{"$f":"IF($D79<>\"Serviço\",0,IF(AND(AUTOEVENTO=\"Manual\",$M79=1),0,IF(OFFSET(CRONOPLE!$F$14,$M79,AR$13)=\"\",10^12,OFFSET(CRONOPLE!$F$14,$M79,AR$13))))","v":1000000000000},{"$f":"IF($D79<>\"Serviço\",0,IF(AND(AUTOEVENTO=\"Manual\",$M79=1),0,IF(OFFSET(CRONOPLE!$F$14,$M79,AS$13)=\"\",10^12,OFFSET(CRONOPLE!$F$14,$M79,AS$13))))","v":1000000000000},{"$f":"IF($D79<>\"Serviço\",0,IF(AND(AUTOEVENTO=\"Manual\",$M79=1),0,IF(OFFSET(CRONOPLE!$F$14,$M79,AT$13)=\"\",10^12,OFFSET(CRONOPLE!$F$14,$M79,AT$13))))","v":1000000000000},{"$f":"IF($D79<>\"Serviço\",0,IF(AND(AUTOEVENTO=\"Manual\",$M79=1),0,IF(OFFSET(CRONOPLE!$F$14,$M79,AU$13)=\"\",10^12,OFFSET(CRONOPLE!$F$14,$M79,AU$13))))","v":1000000000000},{"$f":"IF($D79<>\"Serviço\",0,IF(AND(AUTOEVENTO=\"Manual\",$M79=1),0,IF(OFFSET(CRONOPLE!$F$14,$M79,AV$13)=\"\",10^12,OFFSET(CRONOPLE!$F$14,$M79,AV$13))))","v":1000000000000},null,{"$f":"IF($D79<>\"Serviço\",0,IF(OR(AND(AUTOEVENTO=\"Manual\",$M79=1),$M79>(ROW(PLE.lastrow)-ROW(PLE.firstrow))),0,IF(OFFSET(PLE!$G$14,$M79,AX$13)=\"\",10^12,OFFSET(PLE!$G$14,$M79,AX$13))))","v":1000000000000},{"$f":"IF($D79<>\"Serviço\",0,IF(OR(AND(AUTOEVENTO=\"Manual\",$M79=1),$M79>(ROW(PLE.lastrow)-ROW(PLE.firstrow))),0,IF(OFFSET(PLE!$G$14,$M79,AY$13)=\"\",10^12,OFFSET(PLE!$G$14,$M79,AY$13))))","v":1000000000000},{"$f":"IF($D79<>\"Serviço\",0,IF(OR(AND(AUTOEVENTO=\"Manual\",$M79=1),$M79>(ROW(PLE.lastrow)-ROW(PLE.firstrow))),0,IF(OFFSET(PLE!$G$14,$M79,AZ$13)=\"\",10^12,OFFSET(PLE!$G$14,$M79,AZ$13))))","v":1000000000000},{"$f":"IF($D79<>\"Serviço\",0,IF(OR(AND(AUTOEVENTO=\"Manual\",$M79=1),$M79>(ROW(PLE.lastrow)-ROW(PLE.firstrow))),0,IF(OFFSET(PLE!$G$14,$M79,BA$13)=\"\",10^12,OFFSET(PLE!$G$14,$M79,BA$13))))","v":1000000000000},{"$f":"IF($D79<>\"Serviço\",0,IF(OR(AND(AUTOEVENTO=\"Manual\",$M79=1),$M79>(ROW(PLE.lastrow)-ROW(PLE.firstrow))),0,IF(OFFSET(PLE!$G$14,$M79,BB$13)=\"\",10^12,OFFSET(PLE!$G$14,$M79,BB$13))))","v":1000000000000},{"$f":"IF($D79<>\"Serviço\",0,IF(OR(AND(AUTOEVENTO=\"Manual\",$M79=1),$M79>(ROW(PLE.lastrow)-ROW(PLE.firstrow))),0,IF(OFFSET(PLE!$G$14,$M79,BC$13)=\"\",10^12,OFFSET(PLE!$G$14,$M79,BC$13))))","v":1000000000000},{"$f":"IF($D79<>\"Serviço\",0,IF(OR(AND(AUTOEVENTO=\"Manual\",$M79=1),$M79>(ROW(PLE.lastrow)-ROW(PLE.firstrow))),0,IF(OFFSET(PLE!$G$14,$M79,BD$13)=\"\",10^12,OFFSET(PLE!$G$14,$M79,BD$13))))","v":1000000000000},{"$f":"IF($D79<>\"Serviço\",0,IF(OR(AND(AUTOEVENTO=\"Manual\",$M79=1),$M79>(ROW(PLE.lastrow)-ROW(PLE.firstrow))),0,IF(OFFSET(PLE!$G$14,$M79,BE$13)=\"\",10^12,OFFSET(PLE!$G$14,$M79,BE$13))))","v":1000000000000},{"$f":"IF($D79<>\"Serviço\",0,IF(OR(AND(AUTOEVENTO=\"Manual\",$M79=1),$M79>(ROW(PLE.lastrow)-ROW(PLE.firstrow))),0,IF(OFFSET(PLE!$G$14,$M79,BF$13)=\"\",10^12,OFFSET(PLE!$G$14,$M79,BF$13))))","v":1000000000000},{"$f":"IF($D79<>\"Serviço\",0,IF(OR(AND(AUTOEVENTO=\"Manual\",$M79=1),$M79>(ROW(PLE.lastrow)-ROW(PLE.firstrow))),0,IF(OFFSET(PLE!$G$14,$M79,BG$13)=\"\",10^12,OFFSET(PLE!$G$14,$M79,BG$13))))","v":1000000000000}]
["56",{"$f":"OFFSET(ORÇAMENTO!C$15,ROW(B80)-ROW(B$15),0)","v":"S"},{"$f":"OFFSET(ORÇAMENTO!L$15,ROW(C80)-ROW(C$15),0)","v":"F"},{"$f":"OFFSET(ORÇAMENTO!N$15,ROW(D80)-ROW(D$15),0)","v":"Serviço"},{"$f":"OFFSET(ORÇAMENTO!O$15,ROW(E80)-ROW(E$15),0)","v":"1.10.0.9."},{"$f":"OFFSET(ORÇAMENTO!R$15,ROW(F80)-ROW(F$15),0)","v":"CALHA EM CHAPA DE AÇO GALVANIZADO NÚMERO 26 (0,5MM), DESENVOLVIMENTO DE 33 CM, INCLUSO TRANSPORTE VERTICAL. AF_07/2019"},{"$f":"IF($D80<>\"Serviço\",\"\",OFFSET(ORÇAMENTO!S$15,ROW(G80)-ROW(G$15),0))","v":"M"},{"$f":"IF($D80<>\"Serviço\",0,IF(ACOMPANHAMENTO=\"BM\",ROUND(OFFSET(ORÇAMENTO!AJ$15,ROW(H80)-ROW(H$15),0),15-13*ORÇAMENTO!$AF$7),SUMPRODUCT(($Q$12:$AA$12<>\"\")*ROUND($Q80:$AA80,15-13*ORÇAMENTO!$AF$7))))","v":29.01},null,null,null,".",{"$f":"IF($D80<>\"Serviço\",\"\",IF(AUTOEVENTO=\"manual\",$A80,IF(ISERROR(MATCH($A80,$A$15:OFFSET($A80,-1,0),0)),MAX($M$15:OFFSET(M80,-1,0))+1,INDEX($M$15:OFFSET(M80,-1,0),MATCH($A80,$A$15:OFFSET($A80,-1,0),0)))))","v":11},{"$f":"IF($D80<>\"Serviço\",\"\",IF(AUTOEVENTO=\"Manual\",IF($A80=0,\"<-- defina o número do agrupador\",OFFSET(EVENTOS!$D$14,$A80,0)),OFFSET($F$15,$A80,0)))","v":"COBERTURA"},null,null,{"$f":"7.85+8.15+7.65+5.36","v":29.009999999999998},null,null,null,null,null,null,null,null,null,null,{"$f":"IF(AND($D80=\"Serviço\",AB$12<>0,$H80>0,OR(AUTOEVENTO<>\"manual\",$M80<>1)),\nIF(Import.TipoArredondamento<>\"TransfereGOV\",\nROUND(OFFSET($P80,0,AB$13),15-13*ORÇAMENTO!$AF$7)/$H80*OFFSET(ORÇAMENTO!$X$15,ROW(AB80)-ROW(AB$15),0),\nROUND(ROUND(OFFSET($P80,0,AB$13),15-13*ORÇAMENTO!$AF$7)*OFFSET(ORÇAMENTO!$W$15,ROW(AB80)-ROW(AB$15),0),15-13*ORÇAMENTO!$AF$11)),0)","v":2265.39},{"$f":"IF(AND($D80=\"Serviço\",AC$12<>0,$H80>0,OR(AUTOEVENTO<>\"manual\",$M80<>1)),\nIF(Import.TipoArredondamento<>\"TransfereGOV\",\nROUND(OFFSET($P80,0,AC$13),15-13*ORÇAMENTO!$AF$7)/$H80*OFFSET(ORÇAMENTO!$X$15,ROW(AC80)-ROW(AC$15),0),\nROUND(ROUND(OFFSET($P80,0,AC$13),15-13*ORÇAMENTO!$AF$7)*OFFSET(ORÇAMENTO!$W$15,ROW(AC80)-ROW(AC$15),0),15-13*ORÇAMENTO!$AF$11)),0)","v":0},{"$f":"IF(AND($D80=\"Serviço\",AD$12<>0,$H80>0,OR(AUTOEVENTO<>\"manual\",$M80<>1)),\nIF(Import.TipoArredondamento<>\"TransfereGOV\",\nROUND(OFFSET($P80,0,AD$13),15-13*ORÇAMENTO!$AF$7)/$H80*OFFSET(ORÇAMENTO!$X$15,ROW(AD80)-ROW(AD$15),0),\nROUND(ROUND(OFFSET($P80,0,AD$13),15-13*ORÇAMENTO!$AF$7)*OFFSET(ORÇAMENTO!$W$15,ROW(AD80)-ROW(AD$15),0),15-13*ORÇAMENTO!$AF$11)),0)","v":0},{"$f":"IF(AND($D80=\"Serviço\",AE$12<>0,$H80>0,OR(AUTOEVENTO<>\"manual\",$M80<>1)),\nIF(Import.TipoArredondamento<>\"TransfereGOV\",\nROUND(OFFSET($P80,0,AE$13),15-13*ORÇAMENTO!$AF$7)/$H80*OFFSET(ORÇAMENTO!$X$15,ROW(AE80)-ROW(AE$15),0),\nROUND(ROUND(OFFSET($P80,0,AE$13),15-13*ORÇAMENTO!$AF$7)*OFFSET(ORÇAMENTO!$W$15,ROW(AE80)-ROW(AE$15),0),15-13*ORÇAMENTO!$AF$11)),0)","v":0},{"$f":"IF(AND($D80=\"Serviço\",AF$12<>0,$H80>0,OR(AUTOEVENTO<>\"manual\",$M80<>1)),\nIF(Import.TipoArredondamento<>\"TransfereGOV\",\nROUND(OFFSET($P80,0,AF$13),15-13*ORÇAMENTO!$AF$7)/$H80*OFFSET(ORÇAMENTO!$X$15,ROW(AF80)-ROW(AF$15),0),\nROUND(ROUND(OFFSET($P80,0,AF$13),15-13*ORÇAMENTO!$AF$7)*OFFSET(ORÇAMENTO!$W$15,ROW(AF80)-ROW(AF$15),0),15-13*ORÇAMENTO!$AF$11)),0)","v":0},{"$f":"IF(AND($D80=\"Serviço\",AG$12<>0,$H80>0,OR(AUTOEVENTO<>\"manual\",$M80<>1)),\nIF(Import.TipoArredondamento<>\"TransfereGOV\",\nROUND(OFFSET($P80,0,AG$13),15-13*ORÇAMENTO!$AF$7)/$H80*OFFSET(ORÇAMENTO!$X$15,ROW(AG80)-ROW(AG$15),0),\nROUND(ROUND(OFFSET($P80,0,AG$13),15-13*ORÇAMENTO!$AF$7)*OFFSET(ORÇAMENTO!$W$15,ROW(AG80)-ROW(AG$15),0),15-13*ORÇAMENTO!$AF$11)),0)","v":0},{"$f":"IF(AND($D80=\"Serviço\",AH$12<>0,$H80>0,OR(AUTOEVENTO<>\"manual\",$M80<>1)),\nIF(Import.TipoArredondamento<>\"TransfereGOV\",\nROUND(OFFSET($P80,0,AH$13),15-13*ORÇAMENTO!$AF$7)/$H80*OFFSET(ORÇAMENTO!$X$15,ROW(AH80)-ROW(AH$15),0),\nROUND(ROUND(OFFSET($P80,0,AH$13),15-13*ORÇAMENTO!$AF$7)*OFFSET(ORÇAMENTO!$W$15,ROW(AH80)-ROW(AH$15),0),15-13*ORÇAMENTO!$AF$11)),0)","v":0},{"$f":"IF(AND($D80=\"Serviço\",AI$12<>0,$H80>0,OR(AUTOEVENTO<>\"manual\",$M80<>1)),\nIF(Import.TipoArredondamento<>\"TransfereGOV\",\nROUND(OFFSET($P80,0,AI$13),15-13*ORÇAMENTO!$AF$7)/$H80*OFFSET(ORÇAMENTO!$X$15,ROW(AI80)-ROW(AI$15),0),\nROUND(ROUND(OFFSET($P80,0,AI$13),15-13*ORÇAMENTO!$AF$7)*OFFSET(ORÇAMENTO!$W$15,ROW(AI80)-ROW(AI$15),0),15-13*ORÇAMENTO!$AF$11)),0)","v":0},{"$f":"IF(AND($D80=\"Serviço\",AJ$12<>0,$H80>0,OR(AUTOEVENTO<>\"manual\",$M80<>1)),\nIF(Import.TipoArredondamento<>\"TransfereGOV\",\nROUND(OFFSET($P80,0,AJ$13),15-13*ORÇAMENTO!$AF$7)/$H80*OFFSET(ORÇAMENTO!$X$15,ROW(AJ80)-ROW(AJ$15),0),\nROUND(ROUND(OFFSET($P80,0,AJ$13),15-13*ORÇAMENTO!$AF$7)*OFFSET(ORÇAMENTO!$W$15,ROW(AJ80)-ROW(AJ$15),0),15-13*ORÇAMENTO!$AF$11)),0)","v":0},{"$f":"IF(AND($D80=\"Serviço\",AK$12<>0,$H80>0,OR(AUTOEVENTO<>\"manual\",$M80<>1)),\nIF(Import.TipoArredondamento<>\"TransfereGOV\",\nROUND(OFFSET($P80,0,AK$13),15-13*ORÇAMENTO!$AF$7)/$H80*OFFSET(ORÇAMENTO!$X$15,ROW(AK80)-ROW(AK$15),0),\nROUND(ROUND(OFFSET($P80,0,AK$13),15-13*ORÇAMENTO!$AF$7)*OFFSET(ORÇAMENTO!$W$15,ROW(AK80)-ROW(AK$15),0),15-13*ORÇAMENTO!$AF$11)),0)","v":0},null,{"$f":"IF($D80<>\"Serviço\",0,IF(AND(AUTOEVENTO=\"Manual\",$M80=1),0,IF(OFFSET(CRONOPLE!$F$14,$M80,AM$13)=\"\",10^12,OFFSET(CRONOPLE!$F$14,$M80,AM$13))))","v":1000000000000},{"$f":"IF($D80<>\"Serviço\",0,IF(AND(AUTOEVENTO=\"Manual\",$M80=1),0,IF(OFFSET(CRONOPLE!$F$14,$M80,AN$13)=\"\",10^12,OFFSET(CRONOPLE!$F$14,$M80,AN$13))))","v":1000000000000},{"$f":"IF($D80<>\"Serviço\",0,IF(AND(AUTOEVENTO=\"Manual\",$M80=1),0,IF(OFFSET(CRONOPLE!$F$14,$M80,AO$13)=\"\",10^12,OFFSET(CRONOPLE!$F$14,$M80,AO$13))))","v":1000000000000},{"$f":"IF($D80<>\"Serviço\",0,IF(AND(AUTOEVENTO=\"Manual\",$M80=1),0,IF(OFFSET(CRONOPLE!$F$14,$M80,AP$13)=\"\",10^12,OFFSET(CRONOPLE!$F$14,$M80,AP$13))))","v":1000000000000},{"$f":"IF($D80<>\"Serviço\",0,IF(AND(AUTOEVENTO=\"Manual\",$M80=1),0,IF(OFFSET(CRONOPLE!$F$14,$M80,AQ$13)=\"\",10^12,OFFSET(CRONOPLE!$F$14,$M80,AQ$13))))","v":1000000000000},{"$f":"IF($D80<>\"Serviço\",0,IF(AND(AUTOEVENTO=\"Manual\",$M80=1),0,IF(OFFSET(CRONOPLE!$F$14,$M80,AR$13)=\"\",10^12,OFFSET(CRONOPLE!$F$14,$M80,AR$13))))","v":1000000000000},{"$f":"IF($D80<>\"Serviço\",0,IF(AND(AUTOEVENTO=\"Manual\",$M80=1),0,IF(OFFSET(CRONOPLE!$F$14,$M80,AS$13)=\"\",10^12,OFFSET(CRONOPLE!$F$14,$M80,AS$13))))","v":1000000000000},{"$f":"IF($D80<>\"Serviço\",0,IF(AND(AUTOEVENTO=\"Manual\",$M80=1),0,IF(OFFSET(CRONOPLE!$F$14,$M80,AT$13)=\"\",10^12,OFFSET(CRONOPLE!$F$14,$M80,AT$13))))","v":1000000000000},{"$f":"IF($D80<>\"Serviço\",0,IF(AND(AUTOEVENTO=\"Manual\",$M80=1),0,IF(OFFSET(CRONOPLE!$F$14,$M80,AU$13)=\"\",10^12,OFFSET(CRONOPLE!$F$14,$M80,AU$13))))","v":1000000000000},{"$f":"IF($D80<>\"Serviço\",0,IF(AND(AUTOEVENTO=\"Manual\",$M80=1),0,IF(OFFSET(CRONOPLE!$F$14,$M80,AV$13)=\"\",10^12,OFFSET(CRONOPLE!$F$14,$M80,AV$13))))","v":1000000000000},null,{"$f":"IF($D80<>\"Serviço\",0,IF(OR(AND(AUTOEVENTO=\"Manual\",$M80=1),$M80>(ROW(PLE.lastrow)-ROW(PLE.firstrow))),0,IF(OFFSET(PLE!$G$14,$M80,AX$13)=\"\",10^12,OFFSET(PLE!$G$14,$M80,AX$13))))","v":1000000000000},{"$f":"IF($D80<>\"Serviço\",0,IF(OR(AND(AUTOEVENTO=\"Manual\",$M80=1),$M80>(ROW(PLE.lastrow)-ROW(PLE.firstrow))),0,IF(OFFSET(PLE!$G$14,$M80,AY$13)=\"\",10^12,OFFSET(PLE!$G$14,$M80,AY$13))))","v":1000000000000},{"$f":"IF($D80<>\"Serviço\",0,IF(OR(AND(AUTOEVENTO=\"Manual\",$M80=1),$M80>(ROW(PLE.lastrow)-ROW(PLE.firstrow))),0,IF(OFFSET(PLE!$G$14,$M80,AZ$13)=\"\",10^12,OFFSET(PLE!$G$14,$M80,AZ$13))))","v":1000000000000},{"$f":"IF($D80<>\"Serviço\",0,IF(OR(AND(AUTOEVENTO=\"Manual\",$M80=1),$M80>(ROW(PLE.lastrow)-ROW(PLE.firstrow))),0,IF(OFFSET(PLE!$G$14,$M80,BA$13)=\"\",10^12,OFFSET(PLE!$G$14,$M80,BA$13))))","v":1000000000000},{"$f":"IF($D80<>\"Serviço\",0,IF(OR(AND(AUTOEVENTO=\"Manual\",$M80=1),$M80>(ROW(PLE.lastrow)-ROW(PLE.firstrow))),0,IF(OFFSET(PLE!$G$14,$M80,BB$13)=\"\",10^12,OFFSET(PLE!$G$14,$M80,BB$13))))","v":1000000000000},{"$f":"IF($D80<>\"Serviço\",0,IF(OR(AND(AUTOEVENTO=\"Manual\",$M80=1),$M80>(ROW(PLE.lastrow)-ROW(PLE.firstrow))),0,IF(OFFSET(PLE!$G$14,$M80,BC$13)=\"\",10^12,OFFSET(PLE!$G$14,$M80,BC$13))))","v":1000000000000},{"$f":"IF($D80<>\"Serviço\",0,IF(OR(AND(AUTOEVENTO=\"Manual\",$M80=1),$M80>(ROW(PLE.lastrow)-ROW(PLE.firstrow))),0,IF(OFFSET(PLE!$G$14,$M80,BD$13)=\"\",10^12,OFFSET(PLE!$G$14,$M80,BD$13))))","v":1000000000000},{"$f":"IF($D80<>\"Serviço\",0,IF(OR(AND(AUTOEVENTO=\"Manual\",$M80=1),$M80>(ROW(PLE.lastrow)-ROW(PLE.firstrow))),0,IF(OFFSET(PLE!$G$14,$M80,BE$13)=\"\",10^12,OFFSET(PLE!$G$14,$M80,BE$13))))","v":1000000000000},{"$f":"IF($D80<>\"Serviço\",0,IF(OR(AND(AUTOEVENTO=\"Manual\",$M80=1),$M80>(ROW(PLE.lastrow)-ROW(PLE.firstrow))),0,IF(OFFSET(PLE!$G$14,$M80,BF$13)=\"\",10^12,OFFSET(PLE!$G$14,$M80,BF$13))))","v":1000000000000},{"$f":"IF($D80<>\"Serviço\",0,IF(OR(AND(AUTOEVENTO=\"Manual\",$M80=1),$M80>(ROW(PLE.lastrow)-ROW(PLE.firstrow))),0,IF(OFFSET(PLE!$G$14,$M80,BG$13)=\"\",10^12,OFFSET(PLE!$G$14,$M80,BG$13))))","v":1000000000000}]
["56",{"$f":"OFFSET(ORÇAMENTO!C$15,ROW(B81)-ROW(B$15),0)","v":"S"},{"$f":"OFFSET(ORÇAMENTO!L$15,ROW(C81)-ROW(C$15),0)","v":"F"},{"$f":"OFFSET(ORÇAMENTO!N$15,ROW(D81)-ROW(D$15),0)","v":"Serviço"},{"$f":"OFFSET(ORÇAMENTO!O$15,ROW(E81)-ROW(E$15),0)","v":"1.10.0.10."},{"$f":"OFFSET(ORÇAMENTO!R$15,ROW(F81)-ROW(F$15),0)","v":"TUBO PVC, SÉRIE R, ÁGUA PLUVIAL, DN 100 MM, FORNECIDO E INSTALADO EM CONDUTORES VERTICAIS DE ÁGUAS PLUVIAIS. AF_06/2022"},{"$f":"IF($D81<>\"Serviço\",\"\",OFFSET(ORÇAMENTO!S$15,ROW(G81)-ROW(G$15),0))","v":"M"},{"$f":"IF($D81<>\"Serviço\",0,IF(ACOMPANHAMENTO=\"BM\",ROUND(OFFSET(ORÇAMENTO!AJ$15,ROW(H81)-ROW(H$15),0),15-13*ORÇAMENTO!$AF$7),SUMPRODUCT(($Q$12:$AA$12<>\"\")*ROUND($Q81:$AA81,15-13*ORÇAMENTO!$AF$7))))","v":22.14},null,null,null,".",{"$f":"IF($D81<>\"Serviço\",\"\",IF(AUTOEVENTO=\"manual\",$A81,IF(ISERROR(MATCH($A81,$A$15:OFFSET($A81,-1,0),0)),MAX($M$15:OFFSET(M81,-1,0))+1,INDEX($M$15:OFFSET(M81,-1,0),MATCH($A81,$A$15:OFFSET($A81,-1,0),0)))))","v":11},{"$f":"IF($D81<>\"Serviço\",\"\",IF(AUTOEVENTO=\"Manual\",IF($A81=0,\"<-- defina o número do agrupador\",OFFSET(EVENTOS!$D$14,$A81,0)),OFFSET($F$15,$A81,0)))","v":"COBERTURA"},null,null,{"$f":"0.81+0.81+1.5+1.5+3.2+3.4+3.2+3.4+0.81+0.81+1.2+1.5","v":22.139999999999997},null,null,null,null,null,null,null,null,null,null,{"$f":"IF(AND($D81=\"Serviço\",AB$12<>0,$H81>0,OR(AUTOEVENTO<>\"manual\",$M81<>1)),\nIF(Import.TipoArredondamento<>\"TransfereGOV\",\nROUND(OFFSET($P81,0,AB$13),15-13*ORÇAMENTO!$AF$7)/$H81*OFFSET(ORÇAMENTO!$X$15,ROW(AB81)-ROW(AB$15),0),\nROUND(ROUND(OFFSET($P81,0,AB$13),15-13*ORÇAMENTO!$AF$7)*OFFSET(ORÇAMENTO!$W$15,ROW(AB81)-ROW(AB$15),0),15-13*ORÇAMENTO!$AF$11)),0)","v":915.05},{"$f":"IF(AND($D81=\"Serviço\",AC$12<>0,$H81>0,OR(AUTOEVENTO<>\"manual\",$M81<>1)),\nIF(Import.TipoArredondamento<>\"TransfereGOV\",\nROUND(OFFSET($P81,0,AC$13),15-13*ORÇAMENTO!$AF$7)/$H81*OFFSET(ORÇAMENTO!$X$15,ROW(AC81)-ROW(AC$15),0),\nROUND(ROUND(OFFSET($P81,0,AC$13),15-13*ORÇAMENTO!$AF$7)*OFFSET(ORÇAMENTO!$W$15,ROW(AC81)-ROW(AC$15),0),15-13*ORÇAMENTO!$AF$11)),0)","v":0},{"$f":"IF(AND($D81=\"Serviço\",AD$12<>0,$H81>0,OR(AUTOEVENTO<>\"manual\",$M81<>1)),\nIF(Import.TipoArredondamento<>\"TransfereGOV\",\nROUND(OFFSET($P81,0,AD$13),15-13*ORÇAMENTO!$AF$7)/$H81*OFFSET(ORÇAMENTO!$X$15,ROW(AD81)-ROW(AD$15),0),\nROUND(ROUND(OFFSET($P81,0,AD$13),15-13*ORÇAMENTO!$AF$7)*OFFSET(ORÇAMENTO!$W$15,ROW(AD81)-ROW(AD$15),0),15-13*ORÇAMENTO!$AF$11)),0)","v":0},{"$f":"IF(AND($D81=\"Serviço\",AE$12<>0,$H81>0,OR(AUTOEVENTO<>\"manual\",$M81<>1)),\nIF(Import.TipoArredondamento<>\"TransfereGOV\",\nROUND(OFFSET($P81,0,AE$13),15-13*ORÇAMENTO!$AF$7)/$H81*OFFSET(ORÇAMENTO!$X$15,ROW(AE81)-ROW(AE$15),0),\nROUND(ROUND(OFFSET($P81,0,AE$13),15-13*ORÇAMENTO!$AF$7)*OFFSET(ORÇAMENTO!$W$15,ROW(AE81)-ROW(AE$15),0),15-13*ORÇAMENTO!$AF$11)),0)","v":0},{"$f":"IF(AND($D81=\"Serviço\",AF$12<>0,$H81>0,OR(AUTOEVENTO<>\"manual\",$M81<>1)),\nIF(Import.TipoArredondamento<>\"TransfereGOV\",\nROUND(OFFSET($P81,0,AF$13),15-13*ORÇAMENTO!$AF$7)/$H81*OFFSET(ORÇAMENTO!$X$15,ROW(AF81)-ROW(AF$15),0),\nROUND(ROUND(OFFSET($P81,0,AF$13),15-13*ORÇAMENTO!$AF$7)*OFFSET(ORÇAMENTO!$W$15,ROW(AF81)-ROW(AF$15),0),15-13*ORÇAMENTO!$AF$11)),0)","v":0},{"$f":"IF(AND($D81=\"Serviço\",AG$12<>0,$H81>0,OR(AUTOEVENTO<>\"manual\",$M81<>1)),\nIF(Import.TipoArredondamento<>\"TransfereGOV\",\nROUND(OFFSET($P81,0,AG$13),15-13*ORÇAMENTO!$AF$7)/$H81*OFFSET(ORÇAMENTO!$X$15,ROW(AG81)-ROW(AG$15),0),\nROUND(ROUND(OFFSET($P81,0,AG$13),15-13*ORÇAMENTO!$AF$7)*OFFSET(ORÇAMENTO!$W$15,ROW(AG81)-ROW(AG$15),0),15-13*ORÇAMENTO!$AF$11)),0)","v":0},{"$f":"IF(AND($D81=\"Serviço\",AH$12<>0,$H81>0,OR(AUTOEVENTO<>\"manual\",$M81<>1)),\nIF(Import.TipoArredondamento<>\"TransfereGOV\",\nROUND(OFFSET($P81,0,AH$13),15-13*ORÇAMENTO!$AF$7)/$H81*OFFSET(ORÇAMENTO!$X$15,ROW(AH81)-ROW(AH$15),0),\nROUND(ROUND(OFFSET($P81,0,AH$13),15-13*ORÇAMENTO!$AF$7)*OFFSET(ORÇAMENTO!$W$15,ROW(AH81)-ROW(AH$15),0),15-13*ORÇAMENTO!$AF$11)),0)","v":0},{"$f":"IF(AND($D81=\"Serviço\",AI$12<>0,$H81>0,OR(AUTOEVENTO<>\"manual\",$M81<>1)),\nIF(Import.TipoArredondamento<>\"TransfereGOV\",\nROUND(OFFSET($P81,0,AI$13),15-13*ORÇAMENTO!$AF$7)/$H81*OFFSET(ORÇAMENTO!$X$15,ROW(AI81)-ROW(AI$15),0),\nROUND(ROUND(OFFSET($P81,0,AI$13),15-13*ORÇAMENTO!$AF$7)*OFFSET(ORÇAMENTO!$W$15,ROW(AI81)-ROW(AI$15),0),15-13*ORÇAMENTO!$AF$11)),0)","v":0},{"$f":"IF(AND($D81=\"Serviço\",AJ$12<>0,$H81>0,OR(AUTOEVENTO<>\"manual\",$M81<>1)),\nIF(Import.TipoArredondamento<>\"TransfereGOV\",\nROUND(OFFSET($P81,0,AJ$13),15-13*ORÇAMENTO!$AF$7)/$H81*OFFSET(ORÇAMENTO!$X$15,ROW(AJ81)-ROW(AJ$15),0),\nROUND(ROUND(OFFSET($P81,0,AJ$13),15-13*ORÇAMENTO!$AF$7)*OFFSET(ORÇAMENTO!$W$15,ROW(AJ81)-ROW(AJ$15),0),15-13*ORÇAMENTO!$AF$11)),0)","v":0},{"$f":"IF(AND($D81=\"Serviço\",AK$12<>0,$H81>0,OR(AUTOEVENTO<>\"manual\",$M81<>1)),\nIF(Import.TipoArredondamento<>\"TransfereGOV\",\nROUND(OFFSET($P81,0,AK$13),15-13*ORÇAMENTO!$AF$7)/$H81*OFFSET(ORÇAMENTO!$X$15,ROW(AK81)-ROW(AK$15),0),\nROUND(ROUND(OFFSET($P81,0,AK$13),15-13*ORÇAMENTO!$AF$7)*OFFSET(ORÇAMENTO!$W$15,ROW(AK81)-ROW(AK$15),0),15-13*ORÇAMENTO!$AF$11)),0)","v":0},null,{"$f":"IF($D81<>\"Serviço\",0,IF(AND(AUTOEVENTO=\"Manual\",$M81=1),0,IF(OFFSET(CRONOPLE!$F$14,$M81,AM$13)=\"\",10^12,OFFSET(CRONOPLE!$F$14,$M81,AM$13))))","v":1000000000000},{"$f":"IF($D81<>\"Serviço\",0,IF(AND(AUTOEVENTO=\"Manual\",$M81=1),0,IF(OFFSET(CRONOPLE!$F$14,$M81,AN$13)=\"\",10^12,OFFSET(CRONOPLE!$F$14,$M81,AN$13))))","v":1000000000000},{"$f":"IF($D81<>\"Serviço\",0,IF(AND(AUTOEVENTO=\"Manual\",$M81=1),0,IF(OFFSET(CRONOPLE!$F$14,$M81,AO$13)=\"\",10^12,OFFSET(CRONOPLE!$F$14,$M81,AO$13))))","v":1000000000000},{"$f":"IF($D81<>\"Serviço\",0,IF(AND(AUTOEVENTO=\"Manual\",$M81=1),0,IF(OFFSET(CRONOPLE!$F$14,$M81,AP$13)=\"\",10^12,OFFSET(CRONOPLE!$F$14,$M81,AP$13))))","v":1000000000000},{"$f":"IF($D81<>\"Serviço\",0,IF(AND(AUTOEVENTO=\"Manual\",$M81=1),0,IF(OFFSET(CRONOPLE!$F$14,$M81,AQ$13)=\"\",10^12,OFFSET(CRONOPLE!$F$14,$M81,AQ$13))))","v":1000000000000},{"$f":"IF($D81<>\"Serviço\",0,IF(AND(AUTOEVENTO=\"Manual\",$M81=1),0,IF(OFFSET(CRONOPLE!$F$14,$M81,AR$13)=\"\",10^12,OFFSET(CRONOPLE!$F$14,$M81,AR$13))))","v":1000000000000},{"$f":"IF($D81<>\"Serviço\",0,IF(AND(AUTOEVENTO=\"Manual\",$M81=1),0,IF(OFFSET(CRONOPLE!$F$14,$M81,AS$13)=\"\",10^12,OFFSET(CRONOPLE!$F$14,$M81,AS$13))))","v":1000000000000},{"$f":"IF($D81<>\"Serviço\",0,IF(AND(AUTOEVENTO=\"Manual\",$M81=1),0,IF(OFFSET(CRONOPLE!$F$14,$M81,AT$13)=\"\",10^12,OFFSET(CRONOPLE!$F$14,$M81,AT$13))))","v":1000000000000},{"$f":"IF($D81<>\"Serviço\",0,IF(AND(AUTOEVENTO=\"Manual\",$M81=1),0,IF(OFFSET(CRONOPLE!$F$14,$M81,AU$13)=\"\",10^12,OFFSET(CRONOPLE!$F$14,$M81,AU$13))))","v":1000000000000},{"$f":"IF($D81<>\"Serviço\",0,IF(AND(AUTOEVENTO=\"Manual\",$M81=1),0,IF(OFFSET(CRONOPLE!$F$14,$M81,AV$13)=\"\",10^12,OFFSET(CRONOPLE!$F$14,$M81,AV$13))))","v":1000000000000},null,{"$f":"IF($D81<>\"Serviço\",0,IF(OR(AND(AUTOEVENTO=\"Manual\",$M81=1),$M81>(ROW(PLE.lastrow)-ROW(PLE.firstrow))),0,IF(OFFSET(PLE!$G$14,$M81,AX$13)=\"\",10^12,OFFSET(PLE!$G$14,$M81,AX$13))))","v":1000000000000},{"$f":"IF($D81<>\"Serviço\",0,IF(OR(AND(AUTOEVENTO=\"Manual\",$M81=1),$M81>(ROW(PLE.lastrow)-ROW(PLE.firstrow))),0,IF(OFFSET(PLE!$G$14,$M81,AY$13)=\"\",10^12,OFFSET(PLE!$G$14,$M81,AY$13))))","v":1000000000000},{"$f":"IF($D81<>\"Serviço\",0,IF(OR(AND(AUTOEVENTO=\"Manual\",$M81=1),$M81>(ROW(PLE.lastrow)-ROW(PLE.firstrow))),0,IF(OFFSET(PLE!$G$14,$M81,AZ$13)=\"\",10^12,OFFSET(PLE!$G$14,$M81,AZ$13))))","v":1000000000000},{"$f":"IF($D81<>\"Serviço\",0,IF(OR(AND(AUTOEVENTO=\"Manual\",$M81=1),$M81>(ROW(PLE.lastrow)-ROW(PLE.firstrow))),0,IF(OFFSET(PLE!$G$14,$M81,BA$13)=\"\",10^12,OFFSET(PLE!$G$14,$M81,BA$13))))","v":1000000000000},{"$f":"IF($D81<>\"Serviço\",0,IF(OR(AND(AUTOEVENTO=\"Manual\",$M81=1),$M81>(ROW(PLE.lastrow)-ROW(PLE.firstrow))),0,IF(OFFSET(PLE!$G$14,$M81,BB$13)=\"\",10^12,OFFSET(PLE!$G$14,$M81,BB$13))))","v":1000000000000},{"$f":"IF($D81<>\"Serviço\",0,IF(OR(AND(AUTOEVENTO=\"Manual\",$M81=1),$M81>(ROW(PLE.lastrow)-ROW(PLE.firstrow))),0,IF(OFFSET(PLE!$G$14,$M81,BC$13)=\"\",10^12,OFFSET(PLE!$G$14,$M81,BC$13))))","v":1000000000000},{"$f":"IF($D81<>\"Serviço\",0,IF(OR(AND(AUTOEVENTO=\"Manual\",$M81=1),$M81>(ROW(PLE.lastrow)-ROW(PLE.firstrow))),0,IF(OFFSET(PLE!$G$14,$M81,BD$13)=\"\",10^12,OFFSET(PLE!$G$14,$M81,BD$13))))","v":1000000000000},{"$f":"IF($D81<>\"Serviço\",0,IF(OR(AND(AUTOEVENTO=\"Manual\",$M81=1),$M81>(ROW(PLE.lastrow)-ROW(PLE.firstrow))),0,IF(OFFSET(PLE!$G$14,$M81,BE$13)=\"\",10^12,OFFSET(PLE!$G$14,$M81,BE$13))))","v":1000000000000},{"$f":"IF($D81<>\"Serviço\",0,IF(OR(AND(AUTOEVENTO=\"Manual\",$M81=1),$M81>(ROW(PLE.lastrow)-ROW(PLE.firstrow))),0,IF(OFFSET(PLE!$G$14,$M81,BF$13)=\"\",10^12,OFFSET(PLE!$G$14,$M81,BF$13))))","v":1000000000000},{"$f":"IF($D81<>\"Serviço\",0,IF(OR(AND(AUTOEVENTO=\"Manual\",$M81=1),$M81>(ROW(PLE.lastrow)-ROW(PLE.firstrow))),0,IF(OFFSET(PLE!$G$14,$M81,BG$13)=\"\",10^12,OFFSET(PLE!$G$14,$M81,BG$13))))","v":1000000000000}]
[{"$f":"IF(AUTOEVENTO=\"Manual\",IF(K82<>\"\",MIN(VALUE(LEFT(K82,FIND(\".\",K82)-1)),COUNTA(EVENTOS.Lista)),0),IF(OR($B82>AUTOEVENTO,$B82=\"S\",$B82=0),SUBSTITUTE(OFFSET($A82,-1,0),IF($D82=\"Serviço\",\".\",\"\"),\"\"),ROW(A82)-ROW($A$15)&\".\"))","v":"56"},{"$f":"OFFSET(ORÇAMENTO!C$15,ROW(B82)-ROW(B$15),0)","v":"S"},{"$f":"OFFSET(ORÇAMENTO!L$15,ROW(C82)-ROW(C$15),0)","v":"F"},{"$f":"OFFSET(ORÇAMENTO!N$15,ROW(D82)-ROW(D$15),0)","v":"Serviço"},{"$f":"OFFSET(ORÇAMENTO!O$15,ROW(E82)-ROW(E$15),0)","v":"1.10.0.11."},{"$f":"OFFSET(ORÇAMENTO!R$15,ROW(F82)-ROW(F$15),0)","v":"JOELHO 90 GRAUS, PVC, SERIE NORMAL, ESGOTO PREDIAL, DN 100 MM, JUNTA ELÁSTICA, FORNECIDO E INSTALADO EM PRUMADA DE ESGOTO SANITÁRIO OU VENTILAÇÃO. AF_08/2022"},{"$f":"IF($D82<>\"Serviço\",\"\",OFFSET(ORÇAMENTO!S$15,ROW(G82)-ROW(G$15),0))","v":"UN"},{"$f":"IF($D82<>\"Serviço\",0,IF(ACOMPANHAMENTO=\"BM\",ROUND(OFFSET(ORÇAMENTO!AJ$15,ROW(H82)-ROW(H$15),0),15-13*ORÇAMENTO!$AF$7),SUMPRODUCT(($Q$12:$AA$12<>\"\")*ROUND($Q82:$AA82,15-13*ORÇAMENTO!$AF$7))))","v":12},null,null,null,".",{"$f":"IF($D82<>\"Serviço\",\"\",IF(AUTOEVENTO=\"manual\",$A82,IF(ISERROR(MATCH($A82,$A$15:OFFSET($A82,-1,0),0)),MAX($M$15:OFFSET(M82,-1,0))+1,INDEX($M$15:OFFSET(M82,-1,0),MATCH($A82,$A$15:OFFSET($A82,-1,0),0)))))","v":11},{"$f":"IF($D82<>\"Serviço\",\"\",IF(AUTOEVENTO=\"Manual\",IF($A82=0,\"<-- defina o número do agrupador\",OFFSET(EVENTOS!$D$14,$A82,0)),OFFSET($F$15,$A82,0)))","v":"COBERTURA"},null,null,{"$f":"3+3+3+3","v":12},null,null,null,null,null,null,null,null,null,null,{"$f":"IF(AND($D82=\"Serviço\",AB$12<>0,$H82>0,OR(AUTOEVENTO<>\"manual\",$M82<>1)),\nIF(Import.TipoArredondamento<>\"TransfereGOV\",\nROUND(OFFSET($P82,0,AB$13),15-13*ORÇAMENTO!$AF$7)/$H82*OFFSET(ORÇAMENTO!$X$15,ROW(AB82)-ROW(AB$15),0),\nROUND(ROUND(OFFSET($P82,0,AB$13),15-13*ORÇAMENTO!$AF$7)*OFFSET(ORÇAMENTO!$W$15,ROW(AB82)-ROW(AB$15),0),15-13*ORÇAMENTO!$AF$11)),0)","v":425.52},{"$f":"IF(AND($D82=\"Serviço\",AC$12<>0,$H82>0,OR(AUTOEVENTO<>\"manual\",$M82<>1)),\nIF(Import.TipoArredondamento<>\"TransfereGOV\",\nROUND(OFFSET($P82,0,AC$13),15-13*ORÇAMENTO!$AF$7)/$H82*OFFSET(ORÇAMENTO!$X$15,ROW(AC82)-ROW(AC$15),0),\nROUND(ROUND(OFFSET($P82,0,AC$13),15-13*ORÇAMENTO!$AF$7)*OFFSET(ORÇAMENTO!$W$15,ROW(AC82)-ROW(AC$15),0),15-13*ORÇAMENTO!$AF$11)),0)","v":0},{"$f":"IF(AND($D82=\"Serviço\",AD$12<>0,$H82>0,OR(AUTOEVENTO<>\"manual\",$M82<>1)),\nIF(Import.TipoArredondamento<>\"TransfereGOV\",\nROUND(OFFSET($P82,0,AD$13),15-13*ORÇAMENTO!$AF$7)/$H82*OFFSET(ORÇAMENTO!$X$15,ROW(AD82)-ROW(AD$15),0),\nROUND(ROUND(OFFSET($P82,0,AD$13),15-13*ORÇAMENTO!$AF$7)*OFFSET(ORÇAMENTO!$W$15,ROW(AD82)-ROW(AD$15),0),15-13*ORÇAMENTO!$AF$11)),0)","v":0},{"$f":"IF(AND($D82=\"Serviço\",AE$12<>0,$H82>0,OR(AUTOEVENTO<>\"manual\",$M82<>1)),\nIF(Import.TipoArredondamento<>\"TransfereGOV\",\nROUND(OFFSET($P82,0,AE$13),15-13*ORÇAMENTO!$AF$7)/$H82*OFFSET(ORÇAMENTO!$X$15,ROW(AE82)-ROW(AE$15),0),\nROUND(ROUND(OFFSET($P82,0,AE$13),15-13*ORÇAMENTO!$AF$7)*OFFSET(ORÇAMENTO!$W$15,ROW(AE82)-ROW(AE$15),0),15-13*ORÇAMENTO!$AF$11)),0)","v":0},{"$f":"IF(AND($D82=\"Serviço\",AF$12<>0,$H82>0,OR(AUTOEVENTO<>\"manual\",$M82<>1)),\nIF(Import.TipoArredondamento<>\"TransfereGOV\",\nROUND(OFFSET($P82,0,AF$13),15-13*ORÇAMENTO!$AF$7)/$H82*OFFSET(ORÇAMENTO!$X$15,ROW(AF82)-ROW(AF$15),0),\nROUND(ROUND(OFFSET($P82,0,AF$13),15-13*ORÇAMENTO!$AF$7)*OFFSET(ORÇAMENTO!$W$15,ROW(AF82)-ROW(AF$15),0),15-13*ORÇAMENTO!$AF$11)),0)","v":0},{"$f":"IF(AND($D82=\"Serviço\",AG$12<>0,$H82>0,OR(AUTOEVENTO<>\"manual\",$M82<>1)),\nIF(Import.TipoArredondamento<>\"TransfereGOV\",\nROUND(OFFSET($P82,0,AG$13),15-13*ORÇAMENTO!$AF$7)/$H82*OFFSET(ORÇAMENTO!$X$15,ROW(AG82)-ROW(AG$15),0),\nROUND(ROUND(OFFSET($P82,0,AG$13),15-13*ORÇAMENTO!$AF$7)*OFFSET(ORÇAMENTO!$W$15,ROW(AG82)-ROW(AG$15),0),15-13*ORÇAMENTO!$AF$11)),0)","v":0},{"$f":"IF(AND($D82=\"Serviço\",AH$12<>0,$H82>0,OR(AUTOEVENTO<>\"manual\",$M82<>1)),\nIF(Import.TipoArredondamento<>\"TransfereGOV\",\nROUND(OFFSET($P82,0,AH$13),15-13*ORÇAMENTO!$AF$7)/$H82*OFFSET(ORÇAMENTO!$X$15,ROW(AH82)-ROW(AH$15),0),\nROUND(ROUND(OFFSET($P82,0,AH$13),15-13*ORÇAMENTO!$AF$7)*OFFSET(ORÇAMENTO!$W$15,ROW(AH82)-ROW(AH$15),0),15-13*ORÇAMENTO!$AF$11)),0)","v":0},{"$f":"IF(AND($D82=\"Serviço\",AI$12<>0,$H82>0,OR(AUTOEVENTO<>\"manual\",$M82<>1)),\nIF(Import.TipoArredondamento<>\"TransfereGOV\",\nROUND(OFFSET($P82,0,AI$13),15-13*ORÇAMENTO!$AF$7)/$H82*OFFSET(ORÇAMENTO!$X$15,ROW(AI82)-ROW(AI$15),0),\nROUND(ROUND(OFFSET($P82,0,AI$13),15-13*ORÇAMENTO!$AF$7)*OFFSET(ORÇAMENTO!$W$15,ROW(AI82)-ROW(AI$15),0),15-13*ORÇAMENTO!$AF$11)),0)","v":0},{"$f":"IF(AND($D82=\"Serviço\",AJ$12<>0,$H82>0,OR(AUTOEVENTO<>\"manual\",$M82<>1)),\nIF(Import.TipoArredondamento<>\"TransfereGOV\",\nROUND(OFFSET($P82,0,AJ$13),15-13*ORÇAMENTO!$AF$7)/$H82*OFFSET(ORÇAMENTO!$X$15,ROW(AJ82)-ROW(AJ$15),0),\nROUND(ROUND(OFFSET($P82,0,AJ$13),15-13*ORÇAMENTO!$AF$7)*OFFSET(ORÇAMENTO!$W$15,ROW(AJ82)-ROW(AJ$15),0),15-13*ORÇAMENTO!$AF$11)),0)","v":0},{"$f":"IF(AND($D82=\"Serviço\",AK$12<>0,$H82>0,OR(AUTOEVENTO<>\"manual\",$M82<>1)),\nIF(Import.TipoArredondamento<>\"TransfereGOV\",\nROUND(OFFSET($P82,0,AK$13),15-13*ORÇAMENTO!$AF$7)/$H82*OFFSET(ORÇAMENTO!$X$15,ROW(AK82)-ROW(AK$15),0),\nROUND(ROUND(OFFSET($P82,0,AK$13),15-13*ORÇAMENTO!$AF$7)*OFFSET(ORÇAMENTO!$W$15,ROW(AK82)-ROW(AK$15),0),15-13*ORÇAMENTO!$AF$11)),0)","v":0},null,{"$f":"IF($D82<>\"Serviço\",0,IF(AND(AUTOEVENTO=\"Manual\",$M82=1),0,IF(OFFSET(CRONOPLE!$F$14,$M82,AM$13)=\"\",10^12,OFFSET(CRONOPLE!$F$14,$M82,AM$13))))","v":1000000000000},{"$f":"IF($D82<>\"Serviço\",0,IF(AND(AUTOEVENTO=\"Manual\",$M82=1),0,IF(OFFSET(CRONOPLE!$F$14,$M82,AN$13)=\"\",10^12,OFFSET(CRONOPLE!$F$14,$M82,AN$13))))","v":1000000000000},{"$f":"IF($D82<>\"Serviço\",0,IF(AND(AUTOEVENTO=\"Manual\",$M82=1),0,IF(OFFSET(CRONOPLE!$F$14,$M82,AO$13)=\"\",10^12,OFFSET(CRONOPLE!$F$14,$M82,AO$13))))","v":1000000000000},{"$f":"IF($D82<>\"Serviço\",0,IF(AND(AUTOEVENTO=\"Manual\",$M82=1),0,IF(OFFSET(CRONOPLE!$F$14,$M82,AP$13)=\"\",10^12,OFFSET(CRONOPLE!$F$14,$M82,AP$13))))","v":1000000000000},{"$f":"IF($D82<>\"Serviço\",0,IF(AND(AUTOEVENTO=\"Manual\",$M82=1),0,IF(OFFSET(CRONOPLE!$F$14,$M82,AQ$13)=\"\",10^12,OFFSET(CRONOPLE!$F$14,$M82,AQ$13))))","v":1000000000000},{"$f":"IF($D82<>\"Serviço\",0,IF(AND(AUTOEVENTO=\"Manual\",$M82=1),0,IF(OFFSET(CRONOPLE!$F$14,$M82,AR$13)=\"\",10^12,OFFSET(CRONOPLE!$F$14,$M82,AR$13))))","v":1000000000000},{"$f":"IF($D82<>\"Serviço\",0,IF(AND(AUTOEVENTO=\"Manual\",$M82=1),0,IF(OFFSET(CRONOPLE!$F$14,$M82,AS$13)=\"\",10^12,OFFSET(CRONOPLE!$F$14,$M82,AS$13))))","v":1000000000000},{"$f":"IF($D82<>\"Serviço\",0,IF(AND(AUTOEVENTO=\"Manual\",$M82=1),0,IF(OFFSET(CRONOPLE!$F$14,$M82,AT$13)=\"\",10^12,OFFSET(CRONOPLE!$F$14,$M82,AT$13))))","v":1000000000000},{"$f":"IF($D82<>\"Serviço\",0,IF(AND(AUTOEVENTO=\"Manual\",$M82=1),0,IF(OFFSET(CRONOPLE!$F$14,$M82,AU$13)=\"\",10^12,OFFSET(CRONOPLE!$F$14,$M82,AU$13))))","v":1000000000000},{"$f":"IF($D82<>\"Serviço\",0,IF(AND(AUTOEVENTO=\"Manual\",$M82=1),0,IF(OFFSET(CRONOPLE!$F$14,$M82,AV$13)=\"\",10^12,OFFSET(CRONOPLE!$F$14,$M82,AV$13))))","v":1000000000000},null,{"$f":"IF($D82<>\"Serviço\",0,IF(OR(AND(AUTOEVENTO=\"Manual\",$M82=1),$M82>(ROW(PLE.lastrow)-ROW(PLE.firstrow))),0,IF(OFFSET(PLE!$G$14,$M82,AX$13)=\"\",10^12,OFFSET(PLE!$G$14,$M82,AX$13))))","v":1000000000000},{"$f":"IF($D82<>\"Serviço\",0,IF(OR(AND(AUTOEVENTO=\"Manual\",$M82=1),$M82>(ROW(PLE.lastrow)-ROW(PLE.firstrow))),0,IF(OFFSET(PLE!$G$14,$M82,AY$13)=\"\",10^12,OFFSET(PLE!$G$14,$M82,AY$13))))","v":1000000000000},{"$f":"IF($D82<>\"Serviço\",0,IF(OR(AND(AUTOEVENTO=\"Manual\",$M82=1),$M82>(ROW(PLE.lastrow)-ROW(PLE.firstrow))),0,IF(OFFSET(PLE!$G$14,$M82,AZ$13)=\"\",10^12,OFFSET(PLE!$G$14,$M82,AZ$13))))","v":1000000000000},{"$f":"IF($D82<>\"Serviço\",0,IF(OR(AND(AUTOEVENTO=\"Manual\",$M82=1),$M82>(ROW(PLE.lastrow)-ROW(PLE.firstrow))),0,IF(OFFSET(PLE!$G$14,$M82,BA$13)=\"\",10^12,OFFSET(PLE!$G$14,$M82,BA$13))))","v":1000000000000},{"$f":"IF($D82<>\"Serviço\",0,IF(OR(AND(AUTOEVENTO=\"Manual\",$M82=1),$M82>(ROW(PLE.lastrow)-ROW(PLE.firstrow))),0,IF(OFFSET(PLE!$G$14,$M82,BB$13)=\"\",10^12,OFFSET(PLE!$G$14,$M82,BB$13))))","v":1000000000000},{"$f":"IF($D82<>\"Serviço\",0,IF(OR(AND(AUTOEVENTO=\"Manual\",$M82=1),$M82>(ROW(PLE.lastrow)-ROW(PLE.firstrow))),0,IF(OFFSET(PLE!$G$14,$M82,BC$13)=\"\",10^12,OFFSET(PLE!$G$14,$M82,BC$13))))","v":1000000000000},{"$f":"IF($D82<>\"Serviço\",0,IF(OR(AND(AUTOEVENTO=\"Manual\",$M82=1),$M82>(ROW(PLE.lastrow)-ROW(PLE.firstrow))),0,IF(OFFSET(PLE!$G$14,$M82,BD$13)=\"\",10^12,OFFSET(PLE!$G$14,$M82,BD$13))))","v":1000000000000},{"$f":"IF($D82<>\"Serviço\",0,IF(OR(AND(AUTOEVENTO=\"Manual\",$M82=1),$M82>(ROW(PLE.lastrow)-ROW(PLE.firstrow))),0,IF(OFFSET(PLE!$G$14,$M82,BE$13)=\"\",10^12,OFFSET(PLE!$G$14,$M82,BE$13))))","v":1000000000000},{"$f":"IF($D82<>\"Serviço\",0,IF(OR(AND(AUTOEVENTO=\"Manual\",$M82=1),$M82>(ROW(PLE.lastrow)-ROW(PLE.firstrow))),0,IF(OFFSET(PLE!$G$14,$M82,BF$13)=\"\",10^12,OFFSET(PLE!$G$14,$M82,BF$13))))","v":1000000000000},{"$f":"IF($D82<>\"Serviço\",0,IF(OR(AND(AUTOEVENTO=\"Manual\",$M82=1),$M82>(ROW(PLE.lastrow)-ROW(PLE.firstrow))),0,IF(OFFSET(PLE!$G$14,$M82,BG$13)=\"\",10^12,OFFSET(PLE!$G$14,$M82,BG$13))))","v":1000000000000}]
[{"$f":"IF(AUTOEVENTO=\"Manual\",IF(K83<>\"\",MIN(VALUE(LEFT(K83,FIND(\".\",K83)-1)),COUNTA(EVENTOS.Lista)),0),IF(OR($B83>AUTOEVENTO,$B83=\"S\",$B83=0),SUBSTITUTE(OFFSET($A83,-1,0),IF($D83=\"Serviço\",\".\",\"\"),\"\"),ROW(A83)-ROW($A$15)&\".\"))","v":"56"},{"$f":"OFFSET(ORÇAMENTO!C$15,ROW(B83)-ROW(B$15),0)","v":"S"},{"$f":"OFFSET(ORÇAMENTO!L$15,ROW(C83)-ROW(C$15),0)","v":"F"},{"$f":"OFFSET(ORÇAMENTO!N$15,ROW(D83)-ROW(D$15),0)","v":"Serviço"},{"$f":"OFFSET(ORÇAMENTO!O$15,ROW(E83)-ROW(E$15),0)","v":"1.10.0.12."},{"$f":"OFFSET(ORÇAMENTO!R$15,ROW(F83)-ROW(F$15),0)","v":"TUBO PVC, SÉRIE R, ÁGUA PLUVIAL, DN 150 MM, FORNECIDO E INSTALADO EM CONDUTORES VERTICAIS DE ÁGUAS PLUVIAIS. AF_06/2022"},{"$f":"IF($D83<>\"Serviço\",\"\",OFFSET(ORÇAMENTO!S$15,ROW(G83)-ROW(G$15),0))","v":"M"},{"$f":"IF($D83<>\"Serviço\",0,IF(ACOMPANHAMENTO=\"BM\",ROUND(OFFSET(ORÇAMENTO!AJ$15,ROW(H83)-ROW(H$15),0),15-13*ORÇAMENTO!$AF$7),SUMPRODUCT(($Q$12:$AA$12<>\"\")*ROUND($Q83:$AA83,15-13*ORÇAMENTO!$AF$7))))","v":13.25},null,null,null,".",{"$f":"IF($D83<>\"Serviço\",\"\",IF(AUTOEVENTO=\"manual\",$A83,IF(ISERROR(MATCH($A83,$A$15:OFFSET($A83,-1,0),0)),MAX($M$15:OFFSET(M83,-1,0))+1,INDEX($M$15:OFFSET(M83,-1,0),MATCH($A83,$A$15:OFFSET($A83,-1,0),0)))))","v":11},{"$f":"IF($D83<>\"Serviço\",\"\",IF(AUTOEVENTO=\"Manual\",IF($A83=0,\"<-- defina o número do agrupador\",OFFSET(EVENTOS!$D$14,$A83,0)),OFFSET($F$15,$A83,0)))","v":"COBERTURA"},null,null,{"$f":"9.3+0.7+3.25","v":13.25},null,null,null,null,null,null,null,null,null,null,{"$f":"IF(AND($D83=\"Serviço\",AB$12<>0,$H83>0,OR(AUTOEVENTO<>\"manual\",$M83<>1)),\nIF(Import.TipoArredondamento<>\"TransfereGOV\",\nROUND(OFFSET($P83,0,AB$13),15-13*ORÇAMENTO!$AF$7)/$H83*OFFSET(ORÇAMENTO!$X$15,ROW(AB83)-ROW(AB$15),0),\nROUND(ROUND(OFFSET($P83,0,AB$13),15-13*ORÇAMENTO!$AF$7)*OFFSET(ORÇAMENTO!$W$15,ROW(AB83)-ROW(AB$15),0),15-13*ORÇAMENTO!$AF$11)),0)","v":1133.27},{"$f":"IF(AND($D83=\"Serviço\",AC$12<>0,$H83>0,OR(AUTOEVENTO<>\"manual\",$M83<>1)),\nIF(Import.TipoArredondamento<>\"TransfereGOV\",\nROUND(OFFSET($P83,0,AC$13),15-13*ORÇAMENTO!$AF$7)/$H83*OFFSET(ORÇAMENTO!$X$15,ROW(AC83)-ROW(AC$15),0),\nROUND(ROUND(OFFSET($P83,0,AC$13),15-13*ORÇAMENTO!$AF$7)*OFFSET(ORÇAMENTO!$W$15,ROW(AC83)-ROW(AC$15),0),15-13*ORÇAMENTO!$AF$11)),0)","v":0},{"$f":"IF(AND($D83=\"Serviço\",AD$12<>0,$H83>0,OR(AUTOEVENTO<>\"manual\",$M83<>1)),\nIF(Import.TipoArredondamento<>\"TransfereGOV\",\nROUND(OFFSET($P83,0,AD$13),15-13*ORÇAMENTO!$AF$7)/$H83*OFFSET(ORÇAMENTO!$X$15,ROW(AD83)-ROW(AD$15),0),\nROUND(ROUND(OFFSET($P83,0,AD$13),15-13*ORÇAMENTO!$AF$7)*OFFSET(ORÇAMENTO!$W$15,ROW(AD83)-ROW(AD$15),0),15-13*ORÇAMENTO!$AF$11)),0)","v":0},{"$f":"IF(AND($D83=\"Serviço\",AE$12<>0,$H83>0,OR(AUTOEVENTO<>\"manual\",$M83<>1)),\nIF(Import.TipoArredondamento<>\"TransfereGOV\",\nROUND(OFFSET($P83,0,AE$13),15-13*ORÇAMENTO!$AF$7)/$H83*OFFSET(ORÇAMENTO!$X$15,ROW(AE83)-ROW(AE$15),0),\nROUND(ROUND(OFFSET($P83,0,AE$13),15-13*ORÇAMENTO!$AF$7)*OFFSET(ORÇAMENTO!$W$15,ROW(AE83)-ROW(AE$15),0),15-13*ORÇAMENTO!$AF$11)),0)","v":0},{"$f":"IF(AND($D83=\"Serviço\",AF$12<>0,$H83>0,OR(AUTOEVENTO<>\"manual\",$M83<>1)),\nIF(Import.TipoArredondamento<>\"TransfereGOV\",\nROUND(OFFSET($P83,0,AF$13),15-13*ORÇAMENTO!$AF$7)/$H83*OFFSET(ORÇAMENTO!$X$15,ROW(AF83)-ROW(AF$15),0),\nROUND(ROUND(OFFSET($P83,0,AF$13),15-13*ORÇAMENTO!$AF$7)*OFFSET(ORÇAMENTO!$W$15,ROW(AF83)-ROW(AF$15),0),15-13*ORÇAMENTO!$AF$11)),0)","v":0},{"$f":"IF(AND($D83=\"Serviço\",AG$12<>0,$H83>0,OR(AUTOEVENTO<>\"manual\",$M83<>1)),\nIF(Import.TipoArredondamento<>\"TransfereGOV\",\nROUND(OFFSET($P83,0,AG$13),15-13*ORÇAMENTO!$AF$7)/$H83*OFFSET(ORÇAMENTO!$X$15,ROW(AG83)-ROW(AG$15),0),\nROUND(ROUND(OFFSET($P83,0,AG$13),15-13*ORÇAMENTO!$AF$7)*OFFSET(ORÇAMENTO!$W$15,ROW(AG83)-ROW(AG$15),0),15-13*ORÇAMENTO!$AF$11)),0)","v":0},{"$f":"IF(AND($D83=\"Serviço\",AH$12<>0,$H83>0,OR(AUTOEVENTO<>\"manual\",$M83<>1)),\nIF(Import.TipoArredondamento<>\"TransfereGOV\",\nROUND(OFFSET($P83,0,AH$13),15-13*ORÇAMENTO!$AF$7)/$H83*OFFSET(ORÇAMENTO!$X$15,ROW(AH83)-ROW(AH$15),0),\nROUND(ROUND(OFFSET($P83,0,AH$13),15-13*ORÇAMENTO!$AF$7)*OFFSET(ORÇAMENTO!$W$15,ROW(AH83)-ROW(AH$15),0),15-13*ORÇAMENTO!$AF$11)),0)","v":0},{"$f":"IF(AND($D83=\"Serviço\",AI$12<>0,$H83>0,OR(AUTOEVENTO<>\"manual\",$M83<>1)),\nIF(Import.TipoArredondamento<>\"TransfereGOV\",\nROUND(OFFSET($P83,0,AI$13),15-13*ORÇAMENTO!$AF$7)/$H83*OFFSET(ORÇAMENTO!$X$15,ROW(AI83)-ROW(AI$15),0),\nROUND(ROUND(OFFSET($P83,0,AI$13),15-13*ORÇAMENTO!$AF$7)*OFFSET(ORÇAMENTO!$W$15,ROW(AI83)-ROW(AI$15),0),15-13*ORÇAMENTO!$AF$11)),0)","v":0},{"$f":"IF(AND($D83=\"Serviço\",AJ$12<>0,$H83>0,OR(AUTOEVENTO<>\"manual\",$M83<>1)),\nIF(Import.TipoArredondamento<>\"TransfereGOV\",\nROUND(OFFSET($P83,0,AJ$13),15-13*ORÇAMENTO!$AF$7)/$H83*OFFSET(ORÇAMENTO!$X$15,ROW(AJ83)-ROW(AJ$15),0),\nROUND(ROUND(OFFSET($P83,0,AJ$13),15-13*ORÇAMENTO!$AF$7)*OFFSET(ORÇAMENTO!$W$15,ROW(AJ83)-ROW(AJ$15),0),15-13*ORÇAMENTO!$AF$11)),0)","v":0},{"$f":"IF(AND($D83=\"Serviço\",AK$12<>0,$H83>0,OR(AUTOEVENTO<>\"manual\",$M83<>1)),\nIF(Import.TipoArredondamento<>\"TransfereGOV\",\nROUND(OFFSET($P83,0,AK$13),15-13*ORÇAMENTO!$AF$7)/$H83*OFFSET(ORÇAMENTO!$X$15,ROW(AK83)-ROW(AK$15),0),\nROUND(ROUND(OFFSET($P83,0,AK$13),15-13*ORÇAMENTO!$AF$7)*OFFSET(ORÇAMENTO!$W$15,ROW(AK83)-ROW(AK$15),0),15-13*ORÇAMENTO!$AF$11)),0)","v":0},null,{"$f":"IF($D83<>\"Serviço\",0,IF(AND(AUTOEVENTO=\"Manual\",$M83=1),0,IF(OFFSET(CRONOPLE!$F$14,$M83,AM$13)=\"\",10^12,OFFSET(CRONOPLE!$F$14,$M83,AM$13))))","v":1000000000000},{"$f":"IF($D83<>\"Serviço\",0,IF(AND(AUTOEVENTO=\"Manual\",$M83=1),0,IF(OFFSET(CRONOPLE!$F$14,$M83,AN$13)=\"\",10^12,OFFSET(CRONOPLE!$F$14,$M83,AN$13))))","v":1000000000000},{"$f":"IF($D83<>\"Serviço\",0,IF(AND(AUTOEVENTO=\"Manual\",$M83=1),0,IF(OFFSET(CRONOPLE!$F$14,$M83,AO$13)=\"\",10^12,OFFSET(CRONOPLE!$F$14,$M83,AO$13))))","v":1000000000000},{"$f":"IF($D83<>\"Serviço\",0,IF(AND(AUTOEVENTO=\"Manual\",$M83=1),0,IF(OFFSET(CRONOPLE!$F$14,$M83,AP$13)=\"\",10^12,OFFSET(CRONOPLE!$F$14,$M83,AP$13))))","v":1000000000000},{"$f":"IF($D83<>\"Serviço\",0,IF(AND(AUTOEVENTO=\"Manual\",$M83=1),0,IF(OFFSET(CRONOPLE!$F$14,$M83,AQ$13)=\"\",10^12,OFFSET(CRONOPLE!$F$14,$M83,AQ$13))))","v":1000000000000},{"$f":"IF($D83<>\"Serviço\",0,IF(AND(AUTOEVENTO=\"Manual\",$M83=1),0,IF(OFFSET(CRONOPLE!$F$14,$M83,AR$13)=\"\",10^12,OFFSET(CRONOPLE!$F$14,$M83,AR$13))))","v":1000000000000},{"$f":"IF($D83<>\"Serviço\",0,IF(AND(AUTOEVENTO=\"Manual\",$M83=1),0,IF(OFFSET(CRONOPLE!$F$14,$M83,AS$13)=\"\",10^12,OFFSET(CRONOPLE!$F$14,$M83,AS$13))))","v":1000000000000},{"$f":"IF($D83<>\"Serviço\",0,IF(AND(AUTOEVENTO=\"Manual\",$M83=1),0,IF(OFFSET(CRONOPLE!$F$14,$M83,AT$13)=\"\",10^12,OFFSET(CRONOPLE!$F$14,$M83,AT$13))))","v":1000000000000},{"$f":"IF($D83<>\"Serviço\",0,IF(AND(AUTOEVENTO=\"Manual\",$M83=1),0,IF(OFFSET(CRONOPLE!$F$14,$M83,AU$13)=\"\",10^12,OFFSET(CRONOPLE!$F$14,$M83,AU$13))))","v":1000000000000},{"$f":"IF($D83<>\"Serviço\",0,IF(AND(AUTOEVENTO=\"Manual\",$M83=1),0,IF(OFFSET(CRONOPLE!$F$14,$M83,AV$13)=\"\",10^12,OFFSET(CRONOPLE!$F$14,$M83,AV$13))))","v":1000000000000},null,{"$f":"IF($D83<>\"Serviço\",0,IF(OR(AND(AUTOEVENTO=\"Manual\",$M83=1),$M83>(ROW(PLE.lastrow)-ROW(PLE.firstrow))),0,IF(OFFSET(PLE!$G$14,$M83,AX$13)=\"\",10^12,OFFSET(PLE!$G$14,$M83,AX$13))))","v":1000000000000},{"$f":"IF($D83<>\"Serviço\",0,IF(OR(AND(AUTOEVENTO=\"Manual\",$M83=1),$M83>(ROW(PLE.lastrow)-ROW(PLE.firstrow))),0,IF(OFFSET(PLE!$G$14,$M83,AY$13)=\"\",10^12,OFFSET(PLE!$G$14,$M83,AY$13))))","v":1000000000000},{"$f":"IF($D83<>\"Serviço\",0,IF(OR(AND(AUTOEVENTO=\"Manual\",$M83=1),$M83>(ROW(PLE.lastrow)-ROW(PLE.firstrow))),0,IF(OFFSET(PLE!$G$14,$M83,AZ$13)=\"\",10^12,OFFSET(PLE!$G$14,$M83,AZ$13))))","v":1000000000000},{"$f":"IF($D83<>\"Serviço\",0,IF(OR(AND(AUTOEVENTO=\"Manual\",$M83=1),$M83>(ROW(PLE.lastrow)-ROW(PLE.firstrow))),0,IF(OFFSET(PLE!$G$14,$M83,BA$13)=\"\",10^12,OFFSET(PLE!$G$14,$M83,BA$13))))","v":1000000000000},{"$f":"IF($D83<>\"Serviço\",0,IF(OR(AND(AUTOEVENTO=\"Manual\",$M83=1),$M83>(ROW(PLE.lastrow)-ROW(PLE.firstrow))),0,IF(OFFSET(PLE!$G$14,$M83,BB$13)=\"\",10^12,OFFSET(PLE!$G$14,$M83,BB$13))))","v":1000000000000},{"$f":"IF($D83<>\"Serviço\",0,IF(OR(AND(AUTOEVENTO=\"Manual\",$M83=1),$M83>(ROW(PLE.lastrow)-ROW(PLE.firstrow))),0,IF(OFFSET(PLE!$G$14,$M83,BC$13)=\"\",10^12,OFFSET(PLE!$G$14,$M83,BC$13))))","v":1000000000000},{"$f":"IF($D83<>\"Serviço\",0,IF(OR(AND(AUTOEVENTO=\"Manual\",$M83=1),$M83>(ROW(PLE.lastrow)-ROW(PLE.firstrow))),0,IF(OFFSET(PLE!$G$14,$M83,BD$13)=\"\",10^12,OFFSET(PLE!$G$14,$M83,BD$13))))","v":1000000000000},{"$f":"IF($D83<>\"Serviço\",0,IF(OR(AND(AUTOEVENTO=\"Manual\",$M83=1),$M83>(ROW(PLE.lastrow)-ROW(PLE.firstrow))),0,IF(OFFSET(PLE!$G$14,$M83,BE$13)=\"\",10^12,OFFSET(PLE!$G$14,$M83,BE$13))))","v":1000000000000},{"$f":"IF($D83<>\"Serviço\",0,IF(OR(AND(AUTOEVENTO=\"Manual\",$M83=1),$M83>(ROW(PLE.lastrow)-ROW(PLE.firstrow))),0,IF(OFFSET(PLE!$G$14,$M83,BF$13)=\"\",10^12,OFFSET(PLE!$G$14,$M83,BF$13))))","v":1000000000000},{"$f":"IF($D83<>\"Serviço\",0,IF(OR(AND(AUTOEVENTO=\"Manual\",$M83=1),$M83>(ROW(PLE.lastrow)-ROW(PLE.firstrow))),0,IF(OFFSET(PLE!$G$14,$M83,BG$13)=\"\",10^12,OFFSET(PLE!$G$14,$M83,BG$13))))","v":1000000000000}]
[{"$f":"IF(AUTOEVENTO=\"Manual\",IF(K84<>\"\",MIN(VALUE(LEFT(K84,FIND(\".\",K84)-1)),COUNTA(EVENTOS.Lista)),0),IF(OR($B84>AUTOEVENTO,$B84=\"S\",$B84=0),SUBSTITUTE(OFFSET($A84,-1,0),IF($D84=\"Serviço\",\".\",\"\"),\"\"),ROW(A84)-ROW($A$15)&\".\"))","v":"56"},{"$f":"OFFSET(ORÇAMENTO!C$15,ROW(B84)-ROW(B$15),0)","v":"S"},{"$f":"OFFSET(ORÇAMENTO!L$15,ROW(C84)-ROW(C$15),0)","v":"F"},{"$f":"OFFSET(ORÇAMENTO!N$15,ROW(D84)-ROW(D$15),0)","v":"Serviço"},{"$f":"OFFSET(ORÇAMENTO!O$15,ROW(E84)-ROW(E$15),0)","v":"1.10.0.13."},{"$f":"OFFSET(ORÇAMENTO!R$15,ROW(F84)-ROW(F$15),0)","v":"JOELHO 90 GRAUS, PVC, SERIE NORMAL, ESGOTO PREDIAL, DN 150 MM, JUNTA ELÁSTICA, FORNECIDO E INSTALADO EM SUBCOLETOR AÉREO DE ESGOTO SANITÁRIO. AF_08/2022"},{"$f":"IF($D84<>\"Serviço\",\"\",OFFSET(ORÇAMENTO!S$15,ROW(G84)-ROW(G$15),0))","v":"UN"},{"$f":"IF($D84<>\"Serviço\",0,IF(ACOMPANHAMENTO=\"BM\",ROUND(OFFSET(ORÇAMENTO!AJ$15,ROW(H84)-ROW(H$15),0),15-13*ORÇAMENTO!$AF$7),SUMPRODUCT(($Q$12:$AA$12<>\"\")*ROUND($Q84:$AA84,15-13*ORÇAMENTO!$AF$7))))","v":3},null,null,null,".",{"$f":"IF($D84<>\"Serviço\",\"\",IF(AUTOEVENTO=\"manual\",$A84,IF(ISERROR(MATCH($A84,$A$15:OFFSET($A84,-1,0),0)),MAX($M$15:OFFSET(M84,-1,0))+1,INDEX($M$15:OFFSET(M84,-1,0),MATCH($A84,$A$15:OFFSET($A84,-1,0),0)))))","v":11},{"$f":"IF($D84<>\"Serviço\",\"\",IF(AUTOEVENTO=\"Manual\",IF($A84=0,\"<-- defina o número do agrupador\",OFFSET(EVENTOS!$D$14,$A84,0)),OFFSET($F$15,$A84,0)))","v":"COBERTURA"},null,null,3,null,null,null,null,null,null,null,null,null,null,{"$f":"IF(AND($D84=\"Serviço\",AB$12<>0,$H84>0,OR(AUTOEVENTO<>\"manual\",$M84<>1)),\nIF(Import.TipoArredondamento<>\"TransfereGOV\",\nROUND(OFFSET($P84,0,AB$13),15-13*ORÇAMENTO!$AF$7)/$H84*OFFSET(ORÇAMENTO!$X$15,ROW(AB84)-ROW(AB$15),0),\nROUND(ROUND(OFFSET($P84,0,AB$13),15-13*ORÇAMENTO!$AF$7)*OFFSET(ORÇAMENTO!$W$15,ROW(AB84)-ROW(AB$15),0),15-13*ORÇAMENTO!$AF$11)),0)","v":393.66},{"$f":"IF(AND($D84=\"Serviço\",AC$12<>0,$H84>0,OR(AUTOEVENTO<>\"manual\",$M84<>1)),\nIF(Import.TipoArredondamento<>\"TransfereGOV\",\nROUND(OFFSET($P84,0,AC$13),15-13*ORÇAMENTO!$AF$7)/$H84*OFFSET(ORÇAMENTO!$X$15,ROW(AC84)-ROW(AC$15),0),\nROUND(ROUND(OFFSET($P84,0,AC$13),15-13*ORÇAMENTO!$AF$7)*OFFSET(ORÇAMENTO!$W$15,ROW(AC84)-ROW(AC$15),0),15-13*ORÇAMENTO!$AF$11)),0)","v":0},{"$f":"IF(AND($D84=\"Serviço\",AD$12<>0,$H84>0,OR(AUTOEVENTO<>\"manual\",$M84<>1)),\nIF(Import.TipoArredondamento<>\"TransfereGOV\",\nROUND(OFFSET($P84,0,AD$13),15-13*ORÇAMENTO!$AF$7)/$H84*OFFSET(ORÇAMENTO!$X$15,ROW(AD84)-ROW(AD$15),0),\nROUND(ROUND(OFFSET($P84,0,AD$13),15-13*ORÇAMENTO!$AF$7)*OFFSET(ORÇAMENTO!$W$15,ROW(AD84)-ROW(AD$15),0),15-13*ORÇAMENTO!$AF$11)),0)","v":0},{"$f":"IF(AND($D84=\"Serviço\",AE$12<>0,$H84>0,OR(AUTOEVENTO<>\"manual\",$M84<>1)),\nIF(Import.TipoArredondamento<>\"TransfereGOV\",\nROUND(OFFSET($P84,0,AE$13),15-13*ORÇAMENTO!$AF$7)/$H84*OFFSET(ORÇAMENTO!$X$15,ROW(AE84)-ROW(AE$15),0),\nROUND(ROUND(OFFSET($P84,0,AE$13),15-13*ORÇAMENTO!$AF$7)*OFFSET(ORÇAMENTO!$W$15,ROW(AE84)-ROW(AE$15),0),15-13*ORÇAMENTO!$AF$11)),0)","v":0},{"$f":"IF(AND($D84=\"Serviço\",AF$12<>0,$H84>0,OR(AUTOEVENTO<>\"manual\",$M84<>1)),\nIF(Import.TipoArredondamento<>\"TransfereGOV\",\nROUND(OFFSET($P84,0,AF$13),15-13*ORÇAMENTO!$AF$7)/$H84*OFFSET(ORÇAMENTO!$X$15,ROW(AF84)-ROW(AF$15),0),\nROUND(ROUND(OFFSET($P84,0,AF$13),15-13*ORÇAMENTO!$AF$7)*OFFSET(ORÇAMENTO!$W$15,ROW(AF84)-ROW(AF$15),0),15-13*ORÇAMENTO!$AF$11)),0)","v":0},{"$f":"IF(AND($D84=\"Serviço\",AG$12<>0,$H84>0,OR(AUTOEVENTO<>\"manual\",$M84<>1)),\nIF(Import.TipoArredondamento<>\"TransfereGOV\",\nROUND(OFFSET($P84,0,AG$13),15-13*ORÇAMENTO!$AF$7)/$H84*OFFSET(ORÇAMENTO!$X$15,ROW(AG84)-ROW(AG$15),0),\nROUND(ROUND(OFFSET($P84,0,AG$13),15-13*ORÇAMENTO!$AF$7)*OFFSET(ORÇAMENTO!$W$15,ROW(AG84)-ROW(AG$15),0),15-13*ORÇAMENTO!$AF$11)),0)","v":0},{"$f":"IF(AND($D84=\"Serviço\",AH$12<>0,$H84>0,OR(AUTOEVENTO<>\"manual\",$M84<>1)),\nIF(Import.TipoArredondamento<>\"TransfereGOV\",\nROUND(OFFSET($P84,0,AH$13),15-13*ORÇAMENTO!$AF$7)/$H84*OFFSET(ORÇAMENTO!$X$15,ROW(AH84)-ROW(AH$15),0),\nROUND(ROUND(OFFSET($P84,0,AH$13),15-13*ORÇAMENTO!$AF$7)*OFFSET(ORÇAMENTO!$W$15,ROW(AH84)-ROW(AH$15),0),15-13*ORÇAMENTO!$AF$11)),0)","v":0},{"$f":"IF(AND($D84=\"Serviço\",AI$12<>0,$H84>0,OR(AUTOEVENTO<>\"manual\",$M84<>1)),\nIF(Import.TipoArredondamento<>\"TransfereGOV\",\nROUND(OFFSET($P84,0,AI$13),15-13*ORÇAMENTO!$AF$7)/$H84*OFFSET(ORÇAMENTO!$X$15,ROW(AI84)-ROW(AI$15),0),\nROUND(ROUND(OFFSET($P84,0,AI$13),15-13*ORÇAMENTO!$AF$7)*OFFSET(ORÇAMENTO!$W$15,ROW(AI84)-ROW(AI$15),0),15-13*ORÇAMENTO!$AF$11)),0)","v":0},{"$f":"IF(AND($D84=\"Serviço\",AJ$12<>0,$H84>0,OR(AUTOEVENTO<>\"manual\",$M84<>1)),\nIF(Import.TipoArredondamento<>\"TransfereGOV\",\nROUND(OFFSET($P84,0,AJ$13),15-13*ORÇAMENTO!$AF$7)/$H84*OFFSET(ORÇAMENTO!$X$15,ROW(AJ84)-ROW(AJ$15),0),\nROUND(ROUND(OFFSET($P84,0,AJ$13),15-13*ORÇAMENTO!$AF$7)*OFFSET(ORÇAMENTO!$W$15,ROW(AJ84)-ROW(AJ$15),0),15-13*ORÇAMENTO!$AF$11)),0)","v":0},{"$f":"IF(AND($D84=\"Serviço\",AK$12<>0,$H84>0,OR(AUTOEVENTO<>\"manual\",$M84<>1)),\nIF(Import.TipoArredondamento<>\"TransfereGOV\",\nROUND(OFFSET($P84,0,AK$13),15-13*ORÇAMENTO!$AF$7)/$H84*OFFSET(ORÇAMENTO!$X$15,ROW(AK84)-ROW(AK$15),0),\nROUND(ROUND(OFFSET($P84,0,AK$13),15-13*ORÇAMENTO!$AF$7)*OFFSET(ORÇAMENTO!$W$15,ROW(AK84)-ROW(AK$15),0),15-13*ORÇAMENTO!$AF$11)),0)","v":0},null,{"$f":"IF($D84<>\"Serviço\",0,IF(AND(AUTOEVENTO=\"Manual\",$M84=1),0,IF(OFFSET(CRONOPLE!$F$14,$M84,AM$13)=\"\",10^12,OFFSET(CRONOPLE!$F$14,$M84,AM$13))))","v":1000000000000},{"$f":"IF($D84<>\"Serviço\",0,IF(AND(AUTOEVENTO=\"Manual\",$M84=1),0,IF(OFFSET(CRONOPLE!$F$14,$M84,AN$13)=\"\",10^12,OFFSET(CRONOPLE!$F$14,$M84,AN$13))))","v":1000000000000},{"$f":"IF($D84<>\"Serviço\",0,IF(AND(AUTOEVENTO=\"Manual\",$M84=1),0,IF(OFFSET(CRONOPLE!$F$14,$M84,AO$13)=\"\",10^12,OFFSET(CRONOPLE!$F$14,$M84,AO$13))))","v":1000000000000},{"$f":"IF($D84<>\"Serviço\",0,IF(AND(AUTOEVENTO=\"Manual\",$M84=1),0,IF(OFFSET(CRONOPLE!$F$14,$M84,AP$13)=\"\",10^12,OFFSET(CRONOPLE!$F$14,$M84,AP$13))))","v":1000000000000},{"$f":"IF($D84<>\"Serviço\",0,IF(AND(AUTOEVENTO=\"Manual\",$M84=1),0,IF(OFFSET(CRONOPLE!$F$14,$M84,AQ$13)=\"\",10^12,OFFSET(CRONOPLE!$F$14,$M84,AQ$13))))","v":1000000000000},{"$f":"IF($D84<>\"Serviço\",0,IF(AND(AUTOEVENTO=\"Manual\",$M84=1),0,IF(OFFSET(CRONOPLE!$F$14,$M84,AR$13)=\"\",10^12,OFFSET(CRONOPLE!$F$14,$M84,AR$13))))","v":1000000000000},{"$f":"IF($D84<>\"Serviço\",0,IF(AND(AUTOEVENTO=\"Manual\",$M84=1),0,IF(OFFSET(CRONOPLE!$F$14,$M84,AS$13)=\"\",10^12,OFFSET(CRONOPLE!$F$14,$M84,AS$13))))","v":1000000000000},{"$f":"IF($D84<>\"Serviço\",0,IF(AND(AUTOEVENTO=\"Manual\",$M84=1),0,IF(OFFSET(CRONOPLE!$F$14,$M84,AT$13)=\"\",10^12,OFFSET(CRONOPLE!$F$14,$M84,AT$13))))","v":1000000000000},{"$f":"IF($D84<>\"Serviço\",0,IF(AND(AUTOEVENTO=\"Manual\",$M84=1),0,IF(OFFSET(CRONOPLE!$F$14,$M84,AU$13)=\"\",10^12,OFFSET(CRONOPLE!$F$14,$M84,AU$13))))","v":1000000000000},{"$f":"IF($D84<>\"Serviço\",0,IF(AND(AUTOEVENTO=\"Manual\",$M84=1),0,IF(OFFSET(CRONOPLE!$F$14,$M84,AV$13)=\"\",10^12,OFFSET(CRONOPLE!$F$14,$M84,AV$13))))","v":1000000000000},null,{"$f":"IF($D84<>\"Serviço\",0,IF(OR(AND(AUTOEVENTO=\"Manual\",$M84=1),$M84>(ROW(PLE.lastrow)-ROW(PLE.firstrow))),0,IF(OFFSET(PLE!$G$14,$M84,AX$13)=\"\",10^12,OFFSET(PLE!$G$14,$M84,AX$13))))","v":1000000000000},{"$f":"IF($D84<>\"Serviço\",0,IF(OR(AND(AUTOEVENTO=\"Manual\",$M84=1),$M84>(ROW(PLE.lastrow)-ROW(PLE.firstrow))),0,IF(OFFSET(PLE!$G$14,$M84,AY$13)=\"\",10^12,OFFSET(PLE!$G$14,$M84,AY$13))))","v":1000000000000},{"$f":"IF($D84<>\"Serviço\",0,IF(OR(AND(AUTOEVENTO=\"Manual\",$M84=1),$M84>(ROW(PLE.lastrow)-ROW(PLE.firstrow))),0,IF(OFFSET(PLE!$G$14,$M84,AZ$13)=\"\",10^12,OFFSET(PLE!$G$14,$M84,AZ$13))))","v":1000000000000},{"$f":"IF($D84<>\"Serviço\",0,IF(OR(AND(AUTOEVENTO=\"Manual\",$M84=1),$M84>(ROW(PLE.lastrow)-ROW(PLE.firstrow))),0,IF(OFFSET(PLE!$G$14,$M84,BA$13)=\"\",10^12,OFFSET(PLE!$G$14,$M84,BA$13))))","v":1000000000000},{"$f":"IF($D84<>\"Serviço\",0,IF(OR(AND(AUTOEVENTO=\"Manual\",$M84=1),$M84>(ROW(PLE.lastrow)-ROW(PLE.firstrow))),0,IF(OFFSET(PLE!$G$14,$M84,BB$13)=\"\",10^12,OFFSET(PLE!$G$14,$M84,BB$13))))","v":1000000000000},{"$f":"IF($D84<>\"Serviço\",0,IF(OR(AND(AUTOEVENTO=\"Manual\",$M84=1),$M84>(ROW(PLE.lastrow)-ROW(PLE.firstrow))),0,IF(OFFSET(PLE!$G$14,$M84,BC$13)=\"\",10^12,OFFSET(PLE!$G$14,$M84,BC$13))))","v":1000000000000},{"$f":"IF($D84<>\"Serviço\",0,IF(OR(AND(AUTOEVENTO=\"Manual\",$M84=1),$M84>(ROW(PLE.lastrow)-ROW(PLE.firstrow))),0,IF(OFFSET(PLE!$G$14,$M84,BD$13)=\"\",10^12,OFFSET(PLE!$G$14,$M84,BD$13))))","v":1000000000000},{"$f":"IF($D84<>\"Serviço\",0,IF(OR(AND(AUTOEVENTO=\"Manual\",$M84=1),$M84>(ROW(PLE.lastrow)-ROW(PLE.firstrow))),0,IF(OFFSET(PLE!$G$14,$M84,BE$13)=\"\",10^12,OFFSET(PLE!$G$14,$M84,BE$13))))","v":1000000000000},{"$f":"IF($D84<>\"Serviço\",0,IF(OR(AND(AUTOEVENTO=\"Manual\",$M84=1),$M84>(ROW(PLE.lastrow)-ROW(PLE.firstrow))),0,IF(OFFSET(PLE!$G$14,$M84,BF$13)=\"\",10^12,OFFSET(PLE!$G$14,$M84,BF$13))))","v":1000000000000},{"$f":"IF($D84<>\"Serviço\",0,IF(OR(AND(AUTOEVENTO=\"Manual\",$M84=1),$M84>(ROW(PLE.lastrow)-ROW(PLE.firstrow))),0,IF(OFFSET(PLE!$G$14,$M84,BG$13)=\"\",10^12,OFFSET(PLE!$G$14,$M84,BG$13))))","v":1000000000000}]
[{"$f":"IF(AUTOEVENTO=\"Manual\",IF(K85<>\"\",MIN(VALUE(LEFT(K85,FIND(\".\",K85)-1)),COUNTA(EVENTOS.Lista)),0),IF(OR($B85>AUTOEVENTO,$B85=\"S\",$B85=0),SUBSTITUTE(OFFSET($A85,-1,0),IF($D85=\"Serviço\",\".\",\"\"),\"\"),ROW(A85)-ROW($A$15)&\".\"))","v":"56"},{"$f":"OFFSET(ORÇAMENTO!C$15,ROW(B85)-ROW(B$15),0)","v":"S"},{"$f":"OFFSET(ORÇAMENTO!L$15,ROW(C85)-ROW(C$15),0)","v":"F"},{"$f":"OFFSET(ORÇAMENTO!N$15,ROW(D85)-ROW(D$15),0)","v":"Serviço"},{"$f":"OFFSET(ORÇAMENTO!O$15,ROW(E85)-ROW(E$15),0)","v":"1.10.0.14."},{"$f":"OFFSET(ORÇAMENTO!R$15,ROW(F85)-ROW(F$15),0)","v":"IMPERMEABILIZAÇÃO DE SUPERFÍCIE COM EMULSÃO ASFALTICA, 3 DEMÃOS (TODA FACE SUPERIOR E TODAS AS LATERAIS)"},{"$f":"IF($D85<>\"Serviço\",\"\",OFFSET(ORÇAMENTO!S$15,ROW(G85)-ROW(G$15),0))","v":"M2"},{"$f":"IF($D85<>\"Serviço\",0,IF(ACOMPANHAMENTO=\"BM\",ROUND(OFFSET(ORÇAMENTO!AJ$15,ROW(H85)-ROW(H$15),0),15-13*ORÇAMENTO!$AF$7),SUMPRODUCT(($Q$12:$AA$12<>\"\")*ROUND($Q85:$AA85,15-13*ORÇAMENTO!$AF$7))))","v":5.19},"sobre a laje do resertório",null,null,".",{"$f":"IF($D85<>\"Serviço\",\"\",IF(AUTOEVENTO=\"manual\",$A85,IF(ISERROR(MATCH($A85,$A$15:OFFSET($A85,-1,0),0)),MAX($M$15:OFFSET(M85,-1,0))+1,INDEX($M$15:OFFSET(M85,-1,0),MATCH($A85,$A$15:OFFSET($A85,-1,0),0)))))","v":11},{"$f":"IF($D85<>\"Serviço\",\"\",IF(AUTOEVENTO=\"Manual\",IF($A85=0,\"<-- defina o número do agrupador\",OFFSET(EVENTOS!$D$14,$A85,0)),OFFSET($F$15,$A85,0)))","v":"COBERTURA"},null,null,5.19,null,null,null,null,null,null,null,null,null,null,{"$f":"IF(AND($D85=\"Serviço\",AB$12<>0,$H85>0,OR(AUTOEVENTO<>\"manual\",$M85<>1)),\nIF(Import.TipoArredondamento<>\"TransfereGOV\",\nROUND(OFFSET($P85,0,AB$13),15-13*ORÇAMENTO!$AF$7)/$H85*OFFSET(ORÇAMENTO!$X$15,ROW(AB85)-ROW(AB$15),0),\nROUND(ROUND(OFFSET($P85,0,AB$13),15-13*ORÇAMENTO!$AF$7)*OFFSET(ORÇAMENTO!$W$15,ROW(AB85)-ROW(AB$15),0),15-13*ORÇAMENTO!$AF$11)),0)","v":405.49},{"$f":"IF(AND($D85=\"Serviço\",AC$12<>0,$H85>0,OR(AUTOEVENTO<>\"manual\",$M85<>1)),\nIF(Import.TipoArredondamento<>\"TransfereGOV\",\nROUND(OFFSET($P85,0,AC$13),15-13*ORÇAMENTO!$AF$7)/$H85*OFFSET(ORÇAMENTO!$X$15,ROW(AC85)-ROW(AC$15),0),\nROUND(ROUND(OFFSET($P85,0,AC$13),15-13*ORÇAMENTO!$AF$7)*OFFSET(ORÇAMENTO!$W$15,ROW(AC85)-ROW(AC$15),0),15-13*ORÇAMENTO!$AF$11)),0)","v":0},{"$f":"IF(AND($D85=\"Serviço\",AD$12<>0,$H85>0,OR(AUTOEVENTO<>\"manual\",$M85<>1)),\nIF(Import.TipoArredondamento<>\"TransfereGOV\",\nROUND(OFFSET($P85,0,AD$13),15-13*ORÇAMENTO!$AF$7)/$H85*OFFSET(ORÇAMENTO!$X$15,ROW(AD85)-ROW(AD$15),0),\nROUND(ROUND(OFFSET($P85,0,AD$13),15-13*ORÇAMENTO!$AF$7)*OFFSET(ORÇAMENTO!$W$15,ROW(AD85)-ROW(AD$15),0),15-13*ORÇAMENTO!$AF$11)),0)","v":0},{"$f":"IF(AND($D85=\"Serviço\",AE$12<>0,$H85>0,OR(AUTOEVENTO<>\"manual\",$M85<>1)),\nIF(Import.TipoArredondamento<>\"TransfereGOV\",\nROUND(OFFSET($P85,0,AE$13),15-13*ORÇAMENTO!$AF$7)/$H85*OFFSET(ORÇAMENTO!$X$15,ROW(AE85)-ROW(AE$15),0),\nROUND(ROUND(OFFSET($P85,0,AE$13),15-13*ORÇAMENTO!$AF$7)*OFFSET(ORÇAMENTO!$W$15,ROW(AE85)-ROW(AE$15),0),15-13*ORÇAMENTO!$AF$11)),0)","v":0},{"$f":"IF(AND($D85=\"Serviço\",AF$12<>0,$H85>0,OR(AUTOEVENTO<>\"manual\",$M85<>1)),\nIF(Import.TipoArredondamento<>\"TransfereGOV\",\nROUND(OFFSET($P85,0,AF$13),15-13*ORÇAMENTO!$AF$7)/$H85*OFFSET(ORÇAMENTO!$X$15,ROW(AF85)-ROW(AF$15),0),\nROUND(ROUND(OFFSET($P85,0,AF$13),15-13*ORÇAMENTO!$AF$7)*OFFSET(ORÇAMENTO!$W$15,ROW(AF85)-ROW(AF$15),0),15-13*ORÇAMENTO!$AF$11)),0)","v":0},{"$f":"IF(AND($D85=\"Serviço\",AG$12<>0,$H85>0,OR(AUTOEVENTO<>\"manual\",$M85<>1)),\nIF(Import.TipoArredondamento<>\"TransfereGOV\",\nROUND(OFFSET($P85,0,AG$13),15-13*ORÇAMENTO!$AF$7)/$H85*OFFSET(ORÇAMENTO!$X$15,ROW(AG85)-ROW(AG$15),0),\nROUND(ROUND(OFFSET($P85,0,AG$13),15-13*ORÇAMENTO!$AF$7)*OFFSET(ORÇAMENTO!$W$15,ROW(AG85)-ROW(AG$15),0),15-13*ORÇAMENTO!$AF$11)),0)","v":0},{"$f":"IF(AND($D85=\"Serviço\",AH$12<>0,$H85>0,OR(AUTOEVENTO<>\"manual\",$M85<>1)),\nIF(Import.TipoArredondamento<>\"TransfereGOV\",\nROUND(OFFSET($P85,0,AH$13),15-13*ORÇAMENTO!$AF$7)/$H85*OFFSET(ORÇAMENTO!$X$15,ROW(AH85)-ROW(AH$15),0),\nROUND(ROUND(OFFSET($P85,0,AH$13),15-13*ORÇAMENTO!$AF$7)*OFFSET(ORÇAMENTO!$W$15,ROW(AH85)-ROW(AH$15),0),15-13*ORÇAMENTO!$AF$11)),0)","v":0},{"$f":"IF(AND($D85=\"Serviço\",AI$12<>0,$H85>0,OR(AUTOEVENTO<>\"manual\",$M85<>1)),\nIF(Import.TipoArredondamento<>\"TransfereGOV\",\nROUND(OFFSET($P85,0,AI$13),15-13*ORÇAMENTO!$AF$7)/$H85*OFFSET(ORÇAMENTO!$X$15,ROW(AI85)-ROW(AI$15),0),\nROUND(ROUND(OFFSET($P85,0,AI$13),15-13*ORÇAMENTO!$AF$7)*OFFSET(ORÇAMENTO!$W$15,ROW(AI85)-ROW(AI$15),0),15-13*ORÇAMENTO!$AF$11)),0)","v":0},{"$f":"IF(AND($D85=\"Serviço\",AJ$12<>0,$H85>0,OR(AUTOEVENTO<>\"manual\",$M85<>1)),\nIF(Import.TipoArredondamento<>\"TransfereGOV\",\nROUND(OFFSET($P85,0,AJ$13),15-13*ORÇAMENTO!$AF$7)/$H85*OFFSET(ORÇAMENTO!$X$15,ROW(AJ85)-ROW(AJ$15),0),\nROUND(ROUND(OFFSET($P85,0,AJ$13),15-13*ORÇAMENTO!$AF$7)*OFFSET(ORÇAMENTO!$W$15,ROW(AJ85)-ROW(AJ$15),0),15-13*ORÇAMENTO!$AF$11)),0)","v":0},{"$f":"IF(AND($D85=\"Serviço\",AK$12<>0,$H85>0,OR(AUTOEVENTO<>\"manual\",$M85<>1)),\nIF(Import.TipoArredondamento<>\"TransfereGOV\",\nROUND(OFFSET($P85,0,AK$13),15-13*ORÇAMENTO!$AF$7)/$H85*OFFSET(ORÇAMENTO!$X$15,ROW(AK85)-ROW(AK$15),0),\nROUND(ROUND(OFFSET($P85,0,AK$13),15-13*ORÇAMENTO!$AF$7)*OFFSET(ORÇAMENTO!$W$15,ROW(AK85)-ROW(AK$15),0),15-13*ORÇAMENTO!$AF$11)),0)","v":0},null,{"$f":"IF($D85<>\"Serviço\",0,IF(AND(AUTOEVENTO=\"Manual\",$M85=1),0,IF(OFFSET(CRONOPLE!$F$14,$M85,AM$13)=\"\",10^12,OFFSET(CRONOPLE!$F$14,$M85,AM$13))))","v":1000000000000},{"$f":"IF($D85<>\"Serviço\",0,IF(AND(AUTOEVENTO=\"Manual\",$M85=1),0,IF(OFFSET(CRONOPLE!$F$14,$M85,AN$13)=\"\",10^12,OFFSET(CRONOPLE!$F$14,$M85,AN$13))))","v":1000000000000},{"$f":"IF($D85<>\"Serviço\",0,IF(AND(AUTOEVENTO=\"Manual\",$M85=1),0,IF(OFFSET(CRONOPLE!$F$14,$M85,AO$13)=\"\",10^12,OFFSET(CRONOPLE!$F$14,$M85,AO$13))))","v":1000000000000},{"$f":"IF($D85<>\"Serviço\",0,IF(AND(AUTOEVENTO=\"Manual\",$M85=1),0,IF(OFFSET(CRONOPLE!$F$14,$M85,AP$13)=\"\",10^12,OFFSET(CRONOPLE!$F$14,$M85,AP$13))))","v":1000000000000},{"$f":"IF($D85<>\"Serviço\",0,IF(AND(AUTOEVENTO=\"Manual\",$M85=1),0,IF(OFFSET(CRONOPLE!$F$14,$M85,AQ$13)=\"\",10^12,OFFSET(CRONOPLE!$F$14,$M85,AQ$13))))","v":1000000000000},{"$f":"IF($D85<>\"Serviço\",0,IF(AND(AUTOEVENTO=\"Manual\",$M85=1),0,IF(OFFSET(CRONOPLE!$F$14,$M85,AR$13)=\"\",10^12,OFFSET(CRONOPLE!$F$14,$M85,AR$13))))","v":1000000000000},{"$f":"IF($D85<>\"Serviço\",0,IF(AND(AUTOEVENTO=\"Manual\",$M85=1),0,IF(OFFSET(CRONOPLE!$F$14,$M85,AS$13)=\"\",10^12,OFFSET(CRONOPLE!$F$14,$M85,AS$13))))","v":1000000000000},{"$f":"IF($D85<>\"Serviço\",0,IF(AND(AUTOEVENTO=\"Manual\",$M85=1),0,IF(OFFSET(CRONOPLE!$F$14,$M85,AT$13)=\"\",10^12,OFFSET(CRONOPLE!$F$14,$M85,AT$13))))","v":1000000000000},{"$f":"IF($D85<>\"Serviço\",0,IF(AND(AUTOEVENTO=\"Manual\",$M85=1),0,IF(OFFSET(CRONOPLE!$F$14,$M85,AU$13)=\"\",10^12,OFFSET(CRONOPLE!$F$14,$M85,AU$13))))","v":1000000000000},{"$f":"IF($D85<>\"Serviço\",0,IF(AND(AUTOEVENTO=\"Manual\",$M85=1),0,IF(OFFSET(CRONOPLE!$F$14,$M85,AV$13)=\"\",10^12,OFFSET(CRONOPLE!$F$14,$M85,AV$13))))","v":1000000000000},null,{"$f":"IF($D85<>\"Serviço\",0,IF(OR(AND(AUTOEVENTO=\"Manual\",$M85=1),$M85>(ROW(PLE.lastrow)-ROW(PLE.firstrow))),0,IF(OFFSET(PLE!$G$14,$M85,AX$13)=\"\",10^12,OFFSET(PLE!$G$14,$M85,AX$13))))","v":1000000000000},{"$f":"IF($D85<>\"Serviço\",0,IF(OR(AND(AUTOEVENTO=\"Manual\",$M85=1),$M85>(ROW(PLE.lastrow)-ROW(PLE.firstrow))),0,IF(OFFSET(PLE!$G$14,$M85,AY$13)=\"\",10^12,OFFSET(PLE!$G$14,$M85,AY$13))))","v":1000000000000},{"$f":"IF($D85<>\"Serviço\",0,IF(OR(AND(AUTOEVENTO=\"Manual\",$M85=1),$M85>(ROW(PLE.lastrow)-ROW(PLE.firstrow))),0,IF(OFFSET(PLE!$G$14,$M85,AZ$13)=\"\",10^12,OFFSET(PLE!$G$14,$M85,AZ$13))))","v":1000000000000},{"$f":"IF($D85<>\"Serviço\",0,IF(OR(AND(AUTOEVENTO=\"Manual\",$M85=1),$M85>(ROW(PLE.lastrow)-ROW(PLE.firstrow))),0,IF(OFFSET(PLE!$G$14,$M85,BA$13)=\"\",10^12,OFFSET(PLE!$G$14,$M85,BA$13))))","v":1000000000000},{"$f":"IF($D85<>\"Serviço\",0,IF(OR(AND(AUTOEVENTO=\"Manual\",$M85=1),$M85>(ROW(PLE.lastrow)-ROW(PLE.firstrow))),0,IF(OFFSET(PLE!$G$14,$M85,BB$13)=\"\",10^12,OFFSET(PLE!$G$14,$M85,BB$13))))","v":1000000000000},{"$f":"IF($D85<>\"Serviço\",0,IF(OR(AND(AUTOEVENTO=\"Manual\",$M85=1),$M85>(ROW(PLE.lastrow)-ROW(PLE.firstrow))),0,IF(OFFSET(PLE!$G$14,$M85,BC$13)=\"\",10^12,OFFSET(PLE!$G$14,$M85,BC$13))))","v":1000000000000},{"$f":"IF($D85<>\"Serviço\",0,IF(OR(AND(AUTOEVENTO=\"Manual\",$M85=1),$M85>(ROW(PLE.lastrow)-ROW(PLE.firstrow))),0,IF(OFFSET(PLE!$G$14,$M85,BD$13)=\"\",10^12,OFFSET(PLE!$G$14,$M85,BD$13))))","v":1000000000000},{"$f":"IF($D85<>\"Serviço\",0,IF(OR(AND(AUTOEVENTO=\"Manual\",$M85=1),$M85>(ROW(PLE.lastrow)-ROW(PLE.firstrow))),0,IF(OFFSET(PLE!$G$14,$M85,BE$13)=\"\",10^12,OFFSET(PLE!$G$14,$M85,BE$13))))","v":1000000000000},{"$f":"IF($D85<>\"Serviço\",0,IF(OR(AND(AUTOEVENTO=\"Manual\",$M85=1),$M85>(ROW(PLE.lastrow)-ROW(PLE.firstrow))),0,IF(OFFSET(PLE!$G$14,$M85,BF$13)=\"\",10^12,OFFSET(PLE!$G$14,$M85,BF$13))))","v":1000000000000},{"$f":"IF($D85<>\"Serviço\",0,IF(OR(AND(AUTOEVENTO=\"Manual\",$M85=1),$M85>(ROW(PLE.lastrow)-ROW(PLE.firstrow))),0,IF(OFFSET(PLE!$G$14,$M85,BG$13)=\"\",10^12,OFFSET(PLE!$G$14,$M85,BG$13))))","v":1000000000000}]
[{"$f":"IF(AUTOEVENTO=\"Manual\",IF(K86<>\"\",MIN(VALUE(LEFT(K86,FIND(\".\",K86)-1)),COUNTA(EVENTOS.Lista)),0),IF(OR($B86>AUTOEVENTO,$B86=\"S\",$B86=0),SUBSTITUTE(OFFSET($A86,-1,0),IF($D86=\"Serviço\",\".\",\"\"),\"\"),ROW(A86)-ROW($A$15)&\".\"))","v":"56"},{"$f":"OFFSET(ORÇAMENTO!C$15,ROW(B86)-ROW(B$15),0)","v":"S"},{"$f":"OFFSET(ORÇAMENTO!L$15,ROW(C86)-ROW(C$15),0)","v":"F"},{"$f":"OFFSET(ORÇAMENTO!N$15,ROW(D86)-ROW(D$15),0)","v":"Serviço"},{"$f":"OFFSET(ORÇAMENTO!O$15,ROW(E86)-ROW(E$15),0)","v":"1.10.0.15."},{"$f":"OFFSET(ORÇAMENTO!R$15,ROW(F86)-ROW(F$15),0)","v":"PILARETES PARA OS OITÕES, ARMADOS COM TRELIÇA SOLDADA"},{"$f":"IF($D86<>\"Serviço\",\"\",OFFSET(ORÇAMENTO!S$15,ROW(G86)-ROW(G$15),0))","v":"M"},{"$f":"IF($D86<>\"Serviço\",0,IF(ACOMPANHAMENTO=\"BM\",ROUND(OFFSET(ORÇAMENTO!AJ$15,ROW(H86)-ROW(H$15),0),15-13*ORÇAMENTO!$AF$7),SUMPRODUCT(($Q$12:$AA$12<>\"\")*ROUND($Q86:$AA86,15-13*ORÇAMENTO!$AF$7))))","v":58.25},null,null,null,".",{"$f":"IF($D86<>\"Serviço\",\"\",IF(AUTOEVENTO=\"manual\",$A86,IF(ISERROR(MATCH($A86,$A$15:OFFSET($A86,-1,0),0)),MAX($M$15:OFFSET(M86,-1,0))+1,INDEX($M$15:OFFSET(M86,-1,0),MATCH($A86,$A$15:OFFSET($A86,-1,0),0)))))","v":11},{"$f":"IF($D86<>\"Serviço\",\"\",IF(AUTOEVENTO=\"Manual\",IF($A86=0,\"<-- defina o número do agrupador\",OFFSET(EVENTOS!$D$14,$A86,0)),OFFSET($F$15,$A86,0)))","v":"COBERTURA"},null,null,{"$f":"0.44+0.78+0.58+0.79+0.61+51+0.97+0.6+1.28+1.2","v":58.250000000000007},null,null,null,null,null,null,null,null,null,null,{"$f":"IF(AND($D86=\"Serviço\",AB$12<>0,$H86>0,OR(AUTOEVENTO<>\"manual\",$M86<>1)),\nIF(Import.TipoArredondamento<>\"TransfereGOV\",\nROUND(OFFSET($P86,0,AB$13),15-13*ORÇAMENTO!$AF$7)/$H86*OFFSET(ORÇAMENTO!$X$15,ROW(AB86)-ROW(AB$15),0),\nROUND(ROUND(OFFSET($P86,0,AB$13),15-13*ORÇAMENTO!$AF$7)*OFFSET(ORÇAMENTO!$W$15,ROW(AB86)-ROW(AB$15),0),15-13*ORÇAMENTO!$AF$11)),0)","v":2671.35},{"$f":"IF(AND($D86=\"Serviço\",AC$12<>0,$H86>0,OR(AUTOEVENTO<>\"manual\",$M86<>1)),\nIF(Import.TipoArredondamento<>\"TransfereGOV\",\nROUND(OFFSET($P86,0,AC$13),15-13*ORÇAMENTO!$AF$7)/$H86*OFFSET(ORÇAMENTO!$X$15,ROW(AC86)-ROW(AC$15),0),\nROUND(ROUND(OFFSET($P86,0,AC$13),15-13*ORÇAMENTO!$AF$7)*OFFSET(ORÇAMENTO!$W$15,ROW(AC86)-ROW(AC$15),0),15-13*ORÇAMENTO!$AF$11)),0)","v":0},{"$f":"IF(AND($D86=\"Serviço\",AD$12<>0,$H86>0,OR(AUTOEVENTO<>\"manual\",$M86<>1)),\nIF(Import.TipoArredondamento<>\"TransfereGOV\",\nROUND(OFFSET($P86,0,AD$13),15-13*ORÇAMENTO!$AF$7)/$H86*OFFSET(ORÇAMENTO!$X$15,ROW(AD86)-ROW(AD$15),0),\nROUND(ROUND(OFFSET($P86,0,AD$13),15-13*ORÇAMENTO!$AF$7)*OFFSET(ORÇAMENTO!$W$15,ROW(AD86)-ROW(AD$15),0),15-13*ORÇAMENTO!$AF$11)),0)","v":0},{"$f":"IF(AND($D86=\"Serviço\",AE$12<>0,$H86>0,OR(AUTOEVENTO<>\"manual\",$M86<>1)),\nIF(Import.TipoArredondamento<>\"TransfereGOV\",\nROUND(OFFSET($P86,0,AE$13),15-13*ORÇAMENTO!$AF$7)/$H86*OFFSET(ORÇAMENTO!$X$15,ROW(AE86)-ROW(AE$15),0),\nROUND(ROUND(OFFSET($P86,0,AE$13),15-13*ORÇAMENTO!$AF$7)*OFFSET(ORÇAMENTO!$W$15,ROW(AE86)-ROW(AE$15),0),15-13*ORÇAMENTO!$AF$11)),0)","v":0},{"$f":"IF(AND($D86=\"Serviço\",AF$12<>0,$H86>0,OR(AUTOEVENTO<>\"manual\",$M86<>1)),\nIF(Import.TipoArredondamento<>\"TransfereGOV\",\nROUND(OFFSET($P86,0,AF$13),15-13*ORÇAMENTO!$AF$7)/$H86*OFFSET(ORÇAMENTO!$X$15,ROW(AF86)-ROW(AF$15),0),\nROUND(ROUND(OFFSET($P86,0,AF$13),15-13*ORÇAMENTO!$AF$7)*OFFSET(ORÇAMENTO!$W$15,ROW(AF86)-ROW(AF$15),0),15-13*ORÇAMENTO!$AF$11)),0)","v":0},{"$f":"IF(AND($D86=\"Serviço\",AG$12<>0,$H86>0,OR(AUTOEVENTO<>\"manual\",$M86<>1)),\nIF(Import.TipoArredondamento<>\"TransfereGOV\",\nROUND(OFFSET($P86,0,AG$13),15-13*ORÇAMENTO!$AF$7)/$H86*OFFSET(ORÇAMENTO!$X$15,ROW(AG86)-ROW(AG$15),0),\nROUND(ROUND(OFFSET($P86,0,AG$13),15-13*ORÇAMENTO!$AF$7)*OFFSET(ORÇAMENTO!$W$15,ROW(AG86)-ROW(AG$15),0),15-13*ORÇAMENTO!$AF$11)),0)","v":0},{"$f":"IF(AND($D86=\"Serviço\",AH$12<>0,$H86>0,OR(AUTOEVENTO<>\"manual\",$M86<>1)),\nIF(Import.TipoArredondamento<>\"TransfereGOV\",\nROUND(OFFSET($P86,0,AH$13),15-13*ORÇAMENTO!$AF$7)/$H86*OFFSET(ORÇAMENTO!$X$15,ROW(AH86)-ROW(AH$15),0),\nROUND(ROUND(OFFSET($P86,0,AH$13),15-13*ORÇAMENTO!$AF$7)*OFFSET(ORÇAMENTO!$W$15,ROW(AH86)-ROW(AH$15),0),15-13*ORÇAMENTO!$AF$11)),0)","v":0},{"$f":"IF(AND($D86=\"Serviço\",AI$12<>0,$H86>0,OR(AUTOEVENTO<>\"manual\",$M86<>1)),\nIF(Import.TipoArredondamento<>\"TransfereGOV\",\nROUND(OFFSET($P86,0,AI$13),15-13*ORÇAMENTO!$AF$7)/$H86*OFFSET(ORÇAMENTO!$X$15,ROW(AI86)-ROW(AI$15),0),\nROUND(ROUND(OFFSET($P86,0,AI$13),15-13*ORÇAMENTO!$AF$7)*OFFSET(ORÇAMENTO!$W$15,ROW(AI86)-ROW(AI$15),0),15-13*ORÇAMENTO!$AF$11)),0)","v":0},{"$f":"IF(AND($D86=\"Serviço\",AJ$12<>0,$H86>0,OR(AUTOEVENTO<>\"manual\",$M86<>1)),\nIF(Import.TipoArredondamento<>\"TransfereGOV\",\nROUND(OFFSET($P86,0,AJ$13),15-13*ORÇAMENTO!$AF$7)/$H86*OFFSET(ORÇAMENTO!$X$15,ROW(AJ86)-ROW(AJ$15),0),\nROUND(ROUND(OFFSET($P86,0,AJ$13),15-13*ORÇAMENTO!$AF$7)*OFFSET(ORÇAMENTO!$W$15,ROW(AJ86)-ROW(AJ$15),0),15-13*ORÇAMENTO!$AF$11)),0)","v":0},{"$f":"IF(AND($D86=\"Serviço\",AK$12<>0,$H86>0,OR(AUTOEVENTO<>\"manual\",$M86<>1)),\nIF(Import.TipoArredondamento<>\"TransfereGOV\",\nROUND(OFFSET($P86,0,AK$13),15-13*ORÇAMENTO!$AF$7)/$H86*OFFSET(ORÇAMENTO!$X$15,ROW(AK86)-ROW(AK$15),0),\nROUND(ROUND(OFFSET($P86,0,AK$13),15-13*ORÇAMENTO!$AF$7)*OFFSET(ORÇAMENTO!$W$15,ROW(AK86)-ROW(AK$15),0),15-13*ORÇAMENTO!$AF$11)),0)","v":0},null,{"$f":"IF($D86<>\"Serviço\",0,IF(AND(AUTOEVENTO=\"Manual\",$M86=1),0,IF(OFFSET(CRONOPLE!$F$14,$M86,AM$13)=\"\",10^12,OFFSET(CRONOPLE!$F$14,$M86,AM$13))))","v":1000000000000},{"$f":"IF($D86<>\"Serviço\",0,IF(AND(AUTOEVENTO=\"Manual\",$M86=1),0,IF(OFFSET(CRONOPLE!$F$14,$M86,AN$13)=\"\",10^12,OFFSET(CRONOPLE!$F$14,$M86,AN$13))))","v":1000000000000},{"$f":"IF($D86<>\"Serviço\",0,IF(AND(AUTOEVENTO=\"Manual\",$M86=1),0,IF(OFFSET(CRONOPLE!$F$14,$M86,AO$13)=\"\",10^12,OFFSET(CRONOPLE!$F$14,$M86,AO$13))))","v":1000000000000},{"$f":"IF($D86<>\"Serviço\",0,IF(AND(AUTOEVENTO=\"Manual\",$M86=1),0,IF(OFFSET(CRONOPLE!$F$14,$M86,AP$13)=\"\",10^12,OFFSET(CRONOPLE!$F$14,$M86,AP$13))))","v":1000000000000},{"$f":"IF($D86<>\"Serviço\",0,IF(AND(AUTOEVENTO=\"Manual\",$M86=1),0,IF(OFFSET(CRONOPLE!$F$14,$M86,AQ$13)=\"\",10^12,OFFSET(CRONOPLE!$F$14,$M86,AQ$13))))","v":1000000000000},{"$f":"IF($D86<>\"Serviço\",0,IF(AND(AUTOEVENTO=\"Manual\",$M86=1),0,IF(OFFSET(CRONOPLE!$F$14,$M86,AR$13)=\"\",10^12,OFFSET(CRONOPLE!$F$14,$M86,AR$13))))","v":1000000000000},{"$f":"IF($D86<>\"Serviço\",0,IF(AND(AUTOEVENTO=\"Manual\",$M86=1),0,IF(OFFSET(CRONOPLE!$F$14,$M86,AS$13)=\"\",10^12,OFFSET(CRONOPLE!$F$14,$M86,AS$13))))","v":1000000000000},{"$f":"IF($D86<>\"Serviço\",0,IF(AND(AUTOEVENTO=\"Manual\",$M86=1),0,IF(OFFSET(CRONOPLE!$F$14,$M86,AT$13)=\"\",10^12,OFFSET(CRONOPLE!$F$14,$M86,AT$13))))","v":1000000000000},{"$f":"IF($D86<>\"Serviço\",0,IF(AND(AUTOEVENTO=\"Manual\",$M86=1),0,IF(OFFSET(CRONOPLE!$F$14,$M86,AU$13)=\"\",10^12,OFFSET(CRONOPLE!$F$14,$M86,AU$13))))","v":1000000000000},{"$f":"IF($D86<>\"Serviço\",0,IF(AND(AUTOEVENTO=\"Manual\",$M86=1),0,IF(OFFSET(CRONOPLE!$F$14,$M86,AV$13)=\"\",10^12,OFFSET(CRONOPLE!$F$14,$M86,AV$13))))","v":1000000000000},null,{"$f":"IF($D86<>\"Serviço\",0,IF(OR(AND(AUTOEVENTO=\"Manual\",$M86=1),$M86>(ROW(PLE.lastrow)-ROW(PLE.firstrow))),0,IF(OFFSET(PLE!$G$14,$M86,AX$13)=\"\",10^12,OFFSET(PLE!$G$14,$M86,AX$13))))","v":1000000000000},{"$f":"IF($D86<>\"Serviço\",0,IF(OR(AND(AUTOEVENTO=\"Manual\",$M86=1),$M86>(ROW(PLE.lastrow)-ROW(PLE.firstrow))),0,IF(OFFSET(PLE!$G$14,$M86,AY$13)=\"\",10^12,OFFSET(PLE!$G$14,$M86,AY$13))))","v":1000000000000},{"$f":"IF($D86<>\"Serviço\",0,IF(OR(AND(AUTOEVENTO=\"Manual\",$M86=1),$M86>(ROW(PLE.lastrow)-ROW(PLE.firstrow))),0,IF(OFFSET(PLE!$G$14,$M86,AZ$13)=\"\",10^12,OFFSET(PLE!$G$14,$M86,AZ$13))))","v":1000000000000},{"$f":"IF($D86<>\"Serviço\",0,IF(OR(AND(AUTOEVENTO=\"Manual\",$M86=1),$M86>(ROW(PLE.lastrow)-ROW(PLE.firstrow))),0,IF(OFFSET(PLE!$G$14,$M86,BA$13)=\"\",10^12,OFFSET(PLE!$G$14,$M86,BA$13))))","v":1000000000000},{"$f":"IF($D86<>\"Serviço\",0,IF(OR(AND(AUTOEVENTO=\"Manual\",$M86=1),$M86>(ROW(PLE.lastrow)-ROW(PLE.firstrow))),0,IF(OFFSET(PLE!$G$14,$M86,BB$13)=\"\",10^12,OFFSET(PLE!$G$14,$M86,BB$13))))","v":1000000000000},{"$f":"IF($D86<>\"Serviço\",0,IF(OR(AND(AUTOEVENTO=\"Manual\",$M86=1),$M86>(ROW(PLE.lastrow)-ROW(PLE.firstrow))),0,IF(OFFSET(PLE!$G$14,$M86,BC$13)=\"\",10^12,OFFSET(PLE!$G$14,$M86,BC$13))))","v":1000000000000},{"$f":"IF($D86<>\"Serviço\",0,IF(OR(AND(AUTOEVENTO=\"Manual\",$M86=1),$M86>(ROW(PLE.lastrow)-ROW(PLE.firstrow))),0,IF(OFFSET(PLE!$G$14,$M86,BD$13)=\"\",10^12,OFFSET(PLE!$G$14,$M86,BD$13))))","v":1000000000000},{"$f":"IF($D86<>\"Serviço\",0,IF(OR(AND(AUTOEVENTO=\"Manual\",$M86=1),$M86>(ROW(PLE.lastrow)-ROW(PLE.firstrow))),0,IF(OFFSET(PLE!$G$14,$M86,BE$13)=\"\",10^12,OFFSET(PLE!$G$14,$M86,BE$13))))","v":1000000000000},{"$f":"IF($D86<>\"Serviço\",0,IF(OR(AND(AUTOEVENTO=\"Manual\",$M86=1),$M86>(ROW(PLE.lastrow)-ROW(PLE.firstrow))),0,IF(OFFSET(PLE!$G$14,$M86,BF$13)=\"\",10^12,OFFSET(PLE!$G$14,$M86,BF$13))))","v":1000000000000},{"$f":"IF($D86<>\"Serviço\",0,IF(OR(AND(AUTOEVENTO=\"Manual\",$M86=1),$M86>(ROW(PLE.lastrow)-ROW(PLE.firstrow))),0,IF(OFFSET(PLE!$G$14,$M86,BG$13)=\"\",10^12,OFFSET(PLE!$G$14,$M86,BG$13))))","v":1000000000000}]
["72.",{"$f":"OFFSET(ORÇAMENTO!C$15,ROW(B87)-ROW(B$15),0)","v":2},{"$f":"OFFSET(ORÇAMENTO!L$15,ROW(C87)-ROW(C$15),0)","v":"F"},{"$f":"OFFSET(ORÇAMENTO!N$15,ROW(D87)-ROW(D$15),0)","v":"Nível 2"},{"$f":"OFFSET(ORÇAMENTO!O$15,ROW(E87)-ROW(E$15),0)","v":"1.11."},{"$f":"OFFSET(ORÇAMENTO!R$15,ROW(F87)-ROW(F$15),0)","v":"PISOS"},{"$f":"IF($D87<>\"Serviço\",\"\",OFFSET(ORÇAMENTO!S$15,ROW(G87)-ROW(G$15),0))","v":""},{"$f":"IF($D87<>\"Serviço\",0,IF(ACOMPANHAMENTO=\"BM\",ROUND(OFFSET(ORÇAMENTO!AJ$15,ROW(H87)-ROW(H$15),0),15-13*ORÇAMENTO!$AF$7),SUMPRODUCT(($Q$12:$AA$12<>\"\")*ROUND($Q87:$AA87,15-13*ORÇAMENTO!$AF$7))))","v":0},null,null,null,".",{"$f":"IF($D87<>\"Serviço\",\"\",IF(AUTOEVENTO=\"manual\",$A87,IF(ISERROR(MATCH($A87,$A$15:OFFSET($A87,-1,0),0)),MAX($M$15:OFFSET(M87,-1,0))+1,INDEX($M$15:OFFSET(M87,-1,0),MATCH($A87,$A$15:OFFSET($A87,-1,0),0)))))","v":""},{"$f":"IF($D87<>\"Serviço\",\"\",IF(AUTOEVENTO=\"Manual\",IF($A87=0,\"<-- defina o número do agrupador\",OFFSET(EVENTOS!$D$14,$A87,0)),OFFSET($F$15,$A87,0)))","v":""},null,null,null,null,null,null,null,null,null,null,null,null,null,{"$f":"IF(AND($D87=\"Serviço\",AB$12<>0,$H87>0,OR(AUTOEVENTO<>\"manual\",$M87<>1)),\nIF(Import.TipoArredondamento<>\"TransfereGOV\",\nROUND(OFFSET($P87,0,AB$13),15-13*ORÇAMENTO!$AF$7)/$H87*OFFSET(ORÇAMENTO!$X$15,ROW(AB87)-ROW(AB$15),0),\nROUND(ROUND(OFFSET($P87,0,AB$13),15-13*ORÇAMENTO!$AF$7)*OFFSET(ORÇAMENTO!$W$15,ROW(AB87)-ROW(AB$15),0),15-13*ORÇAMENTO!$AF$11)),0)","v":0},{"$f":"IF(AND($D87=\"Serviço\",AC$12<>0,$H87>0,OR(AUTOEVENTO<>\"manual\",$M87<>1)),\nIF(Import.TipoArredondamento<>\"TransfereGOV\",\nROUND(OFFSET($P87,0,AC$13),15-13*ORÇAMENTO!$AF$7)/$H87*OFFSET(ORÇAMENTO!$X$15,ROW(AC87)-ROW(AC$15),0),\nROUND(ROUND(OFFSET($P87,0,AC$13),15-13*ORÇAMENTO!$AF$7)*OFFSET(ORÇAMENTO!$W$15,ROW(AC87)-ROW(AC$15),0),15-13*ORÇAMENTO!$AF$11)),0)","v":0},{"$f":"IF(AND($D87=\"Serviço\",AD$12<>0,$H87>0,OR(AUTOEVENTO<>\"manual\",$M87<>1)),\nIF(Import.TipoArredondamento<>\"TransfereGOV\",\nROUND(OFFSET($P87,0,AD$13),15-13*ORÇAMENTO!$AF$7)/$H87*OFFSET(ORÇAMENTO!$X$15,ROW(AD87)-ROW(AD$15),0),\nROUND(ROUND(OFFSET($P87,0,AD$13),15-13*ORÇAMENTO!$AF$7)*OFFSET(ORÇAMENTO!$W$15,ROW(AD87)-ROW(AD$15),0),15-13*ORÇAMENTO!$AF$11)),0)","v":0},{"$f":"IF(AND($D87=\"Serviço\",AE$12<>0,$H87>0,OR(AUTOEVENTO<>\"manual\",$M87<>1)),\nIF(Import.TipoArredondamento<>\"TransfereGOV\",\nROUND(OFFSET($P87,0,AE$13),15-13*ORÇAMENTO!$AF$7)/$H87*OFFSET(ORÇAMENTO!$X$15,ROW(AE87)-ROW(AE$15),0),\nROUND(ROUND(OFFSET($P87,0,AE$13),15-13*ORÇAMENTO!$AF$7)*OFFSET(ORÇAMENTO!$W$15,ROW(AE87)-ROW(AE$15),0),15-13*ORÇAMENTO!$AF$11)),0)","v":0},{"$f":"IF(AND($D87=\"Serviço\",AF$12<>0,$H87>0,OR(AUTOEVENTO<>\"manual\",$M87<>1)),\nIF(Import.TipoArredondamento<>\"TransfereGOV\",\nROUND(OFFSET($P87,0,AF$13),15-13*ORÇAMENTO!$AF$7)/$H87*OFFSET(ORÇAMENTO!$X$15,ROW(AF87)-ROW(AF$15),0),\nROUND(ROUND(OFFSET($P87,0,AF$13),15-13*ORÇAMENTO!$AF$7)*OFFSET(ORÇAMENTO!$W$15,ROW(AF87)-ROW(AF$15),0),15-13*ORÇAMENTO!$AF$11)),0)","v":0},{"$f":"IF(AND($D87=\"Serviço\",AG$12<>0,$H87>0,OR(AUTOEVENTO<>\"manual\",$M87<>1)),\nIF(Import.TipoArredondamento<>\"TransfereGOV\",\nROUND(OFFSET($P87,0,AG$13),15-13*ORÇAMENTO!$AF$7)/$H87*OFFSET(ORÇAMENTO!$X$15,ROW(AG87)-ROW(AG$15),0),\nROUND(ROUND(OFFSET($P87,0,AG$13),15-13*ORÇAMENTO!$AF$7)*OFFSET(ORÇAMENTO!$W$15,ROW(AG87)-ROW(AG$15),0),15-13*ORÇAMENTO!$AF$11)),0)","v":0},{"$f":"IF(AND($D87=\"Serviço\",AH$12<>0,$H87>0,OR(AUTOEVENTO<>\"manual\",$M87<>1)),\nIF(Import.TipoArredondamento<>\"TransfereGOV\",\nROUND(OFFSET($P87,0,AH$13),15-13*ORÇAMENTO!$AF$7)/$H87*OFFSET(ORÇAMENTO!$X$15,ROW(AH87)-ROW(AH$15),0),\nROUND(ROUND(OFFSET($P87,0,AH$13),15-13*ORÇAMENTO!$AF$7)*OFFSET(ORÇAMENTO!$W$15,ROW(AH87)-ROW(AH$15),0),15-13*ORÇAMENTO!$AF$11)),0)","v":0},{"$f":"IF(AND($D87=\"Serviço\",AI$12<>0,$H87>0,OR(AUTOEVENTO<>\"manual\",$M87<>1)),\nIF(Import.TipoArredondamento<>\"TransfereGOV\",\nROUND(OFFSET($P87,0,AI$13),15-13*ORÇAMENTO!$AF$7)/$H87*OFFSET(ORÇAMENTO!$X$15,ROW(AI87)-ROW(AI$15),0),\nROUND(ROUND(OFFSET($P87,0,AI$13),15-13*ORÇAMENTO!$AF$7)*OFFSET(ORÇAMENTO!$W$15,ROW(AI87)-ROW(AI$15),0),15-13*ORÇAMENTO!$AF$11)),0)","v":0},{"$f":"IF(AND($D87=\"Serviço\",AJ$12<>0,$H87>0,OR(AUTOEVENTO<>\"manual\",$M87<>1)),\nIF(Import.TipoArredondamento<>\"TransfereGOV\",\nROUND(OFFSET($P87,0,AJ$13),15-13*ORÇAMENTO!$AF$7)/$H87*OFFSET(ORÇAMENTO!$X$15,ROW(AJ87)-ROW(AJ$15),0),\nROUND(ROUND(OFFSET($P87,0,AJ$13),15-13*ORÇAMENTO!$AF$7)*OFFSET(ORÇAMENTO!$W$15,ROW(AJ87)-ROW(AJ$15),0),15-13*ORÇAMENTO!$AF$11)),0)","v":0},{"$f":"IF(AND($D87=\"Serviço\",AK$12<>0,$H87>0,OR(AUTOEVENTO<>\"manual\",$M87<>1)),\nIF(Import.TipoArredondamento<>\"TransfereGOV\",\nROUND(OFFSET($P87,0,AK$13),15-13*ORÇAMENTO!$AF$7)/$H87*OFFSET(ORÇAMENTO!$X$15,ROW(AK87)-ROW(AK$15),0),\nROUND(ROUND(OFFSET($P87,0,AK$13),15-13*ORÇAMENTO!$AF$7)*OFFSET(ORÇAMENTO!$W$15,ROW(AK87)-ROW(AK$15),0),15-13*ORÇAMENTO!$AF$11)),0)","v":0},null,{"$f":"IF($D87<>\"Serviço\",0,IF(AND(AUTOEVENTO=\"Manual\",$M87=1),0,IF(OFFSET(CRONOPLE!$F$14,$M87,AM$13)=\"\",10^12,OFFSET(CRONOPLE!$F$14,$M87,AM$13))))","v":0},{"$f":"IF($D87<>\"Serviço\",0,IF(AND(AUTOEVENTO=\"Manual\",$M87=1),0,IF(OFFSET(CRONOPLE!$F$14,$M87,AN$13)=\"\",10^12,OFFSET(CRONOPLE!$F$14,$M87,AN$13))))","v":0},{"$f":"IF($D87<>\"Serviço\",0,IF(AND(AUTOEVENTO=\"Manual\",$M87=1),0,IF(OFFSET(CRONOPLE!$F$14,$M87,AO$13)=\"\",10^12,OFFSET(CRONOPLE!$F$14,$M87,AO$13))))","v":0},{"$f":"IF($D87<>\"Serviço\",0,IF(AND(AUTOEVENTO=\"Manual\",$M87=1),0,IF(OFFSET(CRONOPLE!$F$14,$M87,AP$13)=\"\",10^12,OFFSET(CRONOPLE!$F$14,$M87,AP$13))))","v":0},{"$f":"IF($D87<>\"Serviço\",0,IF(AND(AUTOEVENTO=\"Manual\",$M87=1),0,IF(OFFSET(CRONOPLE!$F$14,$M87,AQ$13)=\"\",10^12,OFFSET(CRONOPLE!$F$14,$M87,AQ$13))))","v":0},{"$f":"IF($D87<>\"Serviço\",0,IF(AND(AUTOEVENTO=\"Manual\",$M87=1),0,IF(OFFSET(CRONOPLE!$F$14,$M87,AR$13)=\"\",10^12,OFFSET(CRONOPLE!$F$14,$M87,AR$13))))","v":0},{"$f":"IF($D87<>\"Serviço\",0,IF(AND(AUTOEVENTO=\"Manual\",$M87=1),0,IF(OFFSET(CRONOPLE!$F$14,$M87,AS$13)=\"\",10^12,OFFSET(CRONOPLE!$F$14,$M87,AS$13))))","v":0},{"$f":"IF($D87<>\"Serviço\",0,IF(AND(AUTOEVENTO=\"Manual\",$M87=1),0,IF(OFFSET(CRONOPLE!$F$14,$M87,AT$13)=\"\",10^12,OFFSET(CRONOPLE!$F$14,$M87,AT$13))))","v":0},{"$f":"IF($D87<>\"Serviço\",0,IF(AND(AUTOEVENTO=\"Manual\",$M87=1),0,IF(OFFSET(CRONOPLE!$F$14,$M87,AU$13)=\"\",10^12,OFFSET(CRONOPLE!$F$14,$M87,AU$13))))","v":0},{"$f":"IF($D87<>\"Serviço\",0,IF(AND(AUTOEVENTO=\"Manual\",$M87=1),0,IF(OFFSET(CRONOPLE!$F$14,$M87,AV$13)=\"\",10^12,OFFSET(CRONOPLE!$F$14,$M87,AV$13))))","v":0},null,{"$f":"IF($D87<>\"Serviço\",0,IF(OR(AND(AUTOEVENTO=\"Manual\",$M87=1),$M87>(ROW(PLE.lastrow)-ROW(PLE.firstrow))),0,IF(OFFSET(PLE!$G$14,$M87,AX$13)=\"\",10^12,OFFSET(PLE!$G$14,$M87,AX$13))))","v":0},{"$f":"IF($D87<>\"Serviço\",0,IF(OR(AND(AUTOEVENTO=\"Manual\",$M87=1),$M87>(ROW(PLE.lastrow)-ROW(PLE.firstrow))),0,IF(OFFSET(PLE!$G$14,$M87,AY$13)=\"\",10^12,OFFSET(PLE!$G$14,$M87,AY$13))))","v":0},{"$f":"IF($D87<>\"Serviço\",0,IF(OR(AND(AUTOEVENTO=\"Manual\",$M87=1),$M87>(ROW(PLE.lastrow)-ROW(PLE.firstrow))),0,IF(OFFSET(PLE!$G$14,$M87,AZ$13)=\"\",10^12,OFFSET(PLE!$G$14,$M87,AZ$13))))","v":0},{"$f":"IF($D87<>\"Serviço\",0,IF(OR(AND(AUTOEVENTO=\"Manual\",$M87=1),$M87>(ROW(PLE.lastrow)-ROW(PLE.firstrow))),0,IF(OFFSET(PLE!$G$14,$M87,BA$13)=\"\",10^12,OFFSET(PLE!$G$14,$M87,BA$13))))","v":0},{"$f":"IF($D87<>\"Serviço\",0,IF(OR(AND(AUTOEVENTO=\"Manual\",$M87=1),$M87>(ROW(PLE.lastrow)-ROW(PLE.firstrow))),0,IF(OFFSET(PLE!$G$14,$M87,BB$13)=\"\",10^12,OFFSET(PLE!$G$14,$M87,BB$13))))","v":0},{"$f":"IF($D87<>\"Serviço\",0,IF(OR(AND(AUTOEVENTO=\"Manual\",$M87=1),$M87>(ROW(PLE.lastrow)-ROW(PLE.firstrow))),0,IF(OFFSET(PLE!$G$14,$M87,BC$13)=\"\",10^12,OFFSET(PLE!$G$14,$M87,BC$13))))","v":0},{"$f":"IF($D87<>\"Serviço\",0,IF(OR(AND(AUTOEVENTO=\"Manual\",$M87=1),$M87>(ROW(PLE.lastrow)-ROW(PLE.firstrow))),0,IF(OFFSET(PLE!$G$14,$M87,BD$13)=\"\",10^12,OFFSET(PLE!$G$14,$M87,BD$13))))","v":0},{"$f":"IF($D87<>\"Serviço\",0,IF(OR(AND(AUTOEVENTO=\"Manual\",$M87=1),$M87>(ROW(PLE.lastrow)-ROW(PLE.firstrow))),0,IF(OFFSET(PLE!$G$14,$M87,BE$13)=\"\",10^12,OFFSET(PLE!$G$14,$M87,BE$13))))","v":0},{"$f":"IF($D87<>\"Serviço\",0,IF(OR(AND(AUTOEVENTO=\"Manual\",$M87=1),$M87>(ROW(PLE.lastrow)-ROW(PLE.firstrow))),0,IF(OFFSET(PLE!$G$14,$M87,BF$13)=\"\",10^12,OFFSET(PLE!$G$14,$M87,BF$13))))","v":0},{"$f":"IF($D87<>\"Serviço\",0,IF(OR(AND(AUTOEVENTO=\"Manual\",$M87=1),$M87>(ROW(PLE.lastrow)-ROW(PLE.firstrow))),0,IF(OFFSET(PLE!$G$14,$M87,BG$13)=\"\",10^12,OFFSET(PLE!$G$14,$M87,BG$13))))","v":0}]
[{"$f":"IF(AUTOEVENTO=\"Manual\",IF(K88<>\"\",MIN(VALUE(LEFT(K88,FIND(\".\",K88)-1)),COUNTA(EVENTOS.Lista)),0),IF(OR($B88>AUTOEVENTO,$B88=\"S\",$B88=0),SUBSTITUTE(OFFSET($A88,-1,0),IF($D88=\"Serviço\",\".\",\"\"),\"\"),ROW(A88)-ROW($A$15)&\".\"))","v":"72"},{"$f":"OFFSET(ORÇAMENTO!C$15,ROW(B88)-ROW(B$15),0)","v":"S"},{"$f":"OFFSET(ORÇAMENTO!L$15,ROW(C88)-ROW(C$15),0)","v":"F"},{"$f":"OFFSET(ORÇAMENTO!N$15,ROW(D88)-ROW(D$15),0)","v":"Serviço"},{"$f":"OFFSET(ORÇAMENTO!O$15,ROW(E88)-ROW(E$15),0)","v":"1.11.0.1."},{"$f":"OFFSET(ORÇAMENTO!R$15,ROW(F88)-ROW(F$15),0)","v":"ARGILA OU BARRO PARA ATERRO/REATERRO (COM TRANSPORTE ATE 10 KM)                                                                                                                                                                                                                                                                                                                                                                                                                                           "},{"$f":"IF($D88<>\"Serviço\",\"\",OFFSET(ORÇAMENTO!S$15,ROW(G88)-ROW(G$15),0))","v":"M3    "},{"$f":"IF($D88<>\"Serviço\",0,IF(ACOMPANHAMENTO=\"BM\",ROUND(OFFSET(ORÇAMENTO!AJ$15,ROW(H88)-ROW(H$15),0),15-13*ORÇAMENTO!$AF$7),SUMPRODUCT(($Q$12:$AA$12<>\"\")*ROUND($Q88:$AA88,15-13*ORÇAMENTO!$AF$7))))","v":33.85},"TERRA SOB PISOS",null,null,".",{"$f":"IF($D88<>\"Serviço\",\"\",IF(AUTOEVENTO=\"manual\",$A88,IF(ISERROR(MATCH($A88,$A$15:OFFSET($A88,-1,0),0)),MAX($M$15:OFFSET(M88,-1,0))+1,INDEX($M$15:OFFSET(M88,-1,0),MATCH($A88,$A$15:OFFSET($A88,-1,0),0)))))","v":12},{"$f":"IF($D88<>\"Serviço\",\"\",IF(AUTOEVENTO=\"Manual\",IF($A88=0,\"<-- defina o número do agrupador\",OFFSET(EVENTOS!$D$14,$A88,0)),OFFSET($F$15,$A88,0)))","v":"PISOS"},null,null,{"$f":"Q90","v":33.848099999999995},null,null,null,null,null,null,null,null,null,null,{"$f":"IF(AND($D88=\"Serviço\",AB$12<>0,$H88>0,OR(AUTOEVENTO<>\"manual\",$M88<>1)),\nIF(Import.TipoArredondamento<>\"TransfereGOV\",\nROUND(OFFSET($P88,0,AB$13),15-13*ORÇAMENTO!$AF$7)/$H88*OFFSET(ORÇAMENTO!$X$15,ROW(AB88)-ROW(AB$15),0),\nROUND(ROUND(OFFSET($P88,0,AB$13),15-13*ORÇAMENTO!$AF$7)*OFFSET(ORÇAMENTO!$W$15,ROW(AB88)-ROW(AB$15),0),15-13*ORÇAMENTO!$AF$11)),0)","v":2237.8200000000002},{"$f":"IF(AND($D88=\"Serviço\",AC$12<>0,$H88>0,OR(AUTOEVENTO<>\"manual\",$M88<>1)),\nIF(Import.TipoArredondamento<>\"TransfereGOV\",\nROUND(OFFSET($P88,0,AC$13),15-13*ORÇAMENTO!$AF$7)/$H88*OFFSET(ORÇAMENTO!$X$15,ROW(AC88)-ROW(AC$15),0),\nROUND(ROUND(OFFSET($P88,0,AC$13),15-13*ORÇAMENTO!$AF$7)*OFFSET(ORÇAMENTO!$W$15,ROW(AC88)-ROW(AC$15),0),15-13*ORÇAMENTO!$AF$11)),0)","v":0},{"$f":"IF(AND($D88=\"Serviço\",AD$12<>0,$H88>0,OR(AUTOEVENTO<>\"manual\",$M88<>1)),\nIF(Import.TipoArredondamento<>\"TransfereGOV\",\nROUND(OFFSET($P88,0,AD$13),15-13*ORÇAMENTO!$AF$7)/$H88*OFFSET(ORÇAMENTO!$X$15,ROW(AD88)-ROW(AD$15),0),\nROUND(ROUND(OFFSET($P88,0,AD$13),15-13*ORÇAMENTO!$AF$7)*OFFSET(ORÇAMENTO!$W$15,ROW(AD88)-ROW(AD$15),0),15-13*ORÇAMENTO!$AF$11)),0)","v":0},{"$f":"IF(AND($D88=\"Serviço\",AE$12<>0,$H88>0,OR(AUTOEVENTO<>\"manual\",$M88<>1)),\nIF(Import.TipoArredondamento<>\"TransfereGOV\",\nROUND(OFFSET($P88,0,AE$13),15-13*ORÇAMENTO!$AF$7)/$H88*OFFSET(ORÇAMENTO!$X$15,ROW(AE88)-ROW(AE$15),0),\nROUND(ROUND(OFFSET($P88,0,AE$13),15-13*ORÇAMENTO!$AF$7)*OFFSET(ORÇAMENTO!$W$15,ROW(AE88)-ROW(AE$15),0),15-13*ORÇAMENTO!$AF$11)),0)","v":0},{"$f":"IF(AND($D88=\"Serviço\",AF$12<>0,$H88>0,OR(AUTOEVENTO<>\"manual\",$M88<>1)),\nIF(Import.TipoArredondamento<>\"TransfereGOV\",\nROUND(OFFSET($P88,0,AF$13),15-13*ORÇAMENTO!$AF$7)/$H88*OFFSET(ORÇAMENTO!$X$15,ROW(AF88)-ROW(AF$15),0),\nROUND(ROUND(OFFSET($P88,0,AF$13),15-13*ORÇAMENTO!$AF$7)*OFFSET(ORÇAMENTO!$W$15,ROW(AF88)-ROW(AF$15),0),15-13*ORÇAMENTO!$AF$11)),0)","v":0},{"$f":"IF(AND($D88=\"Serviço\",AG$12<>0,$H88>0,OR(AUTOEVENTO<>\"manual\",$M88<>1)),\nIF(Import.TipoArredondamento<>\"TransfereGOV\",\nROUND(OFFSET($P88,0,AG$13),15-13*ORÇAMENTO!$AF$7)/$H88*OFFSET(ORÇAMENTO!$X$15,ROW(AG88)-ROW(AG$15),0),\nROUND(ROUND(OFFSET($P88,0,AG$13),15-13*ORÇAMENTO!$AF$7)*OFFSET(ORÇAMENTO!$W$15,ROW(AG88)-ROW(AG$15),0),15-13*ORÇAMENTO!$AF$11)),0)","v":0},{"$f":"IF(AND($D88=\"Serviço\",AH$12<>0,$H88>0,OR(AUTOEVENTO<>\"manual\",$M88<>1)),\nIF(Import.TipoArredondamento<>\"TransfereGOV\",\nROUND(OFFSET($P88,0,AH$13),15-13*ORÇAMENTO!$AF$7)/$H88*OFFSET(ORÇAMENTO!$X$15,ROW(AH88)-ROW(AH$15),0),\nROUND(ROUND(OFFSET($P88,0,AH$13),15-13*ORÇAMENTO!$AF$7)*OFFSET(ORÇAMENTO!$W$15,ROW(AH88)-ROW(AH$15),0),15-13*ORÇAMENTO!$AF$11)),0)","v":0},{"$f":"IF(AND($D88=\"Serviço\",AI$12<>0,$H88>0,OR(AUTOEVENTO<>\"manual\",$M88<>1)),\nIF(Import.TipoArredondamento<>\"TransfereGOV\",\nROUND(OFFSET($P88,0,AI$13),15-13*ORÇAMENTO!$AF$7)/$H88*OFFSET(ORÇAMENTO!$X$15,ROW(AI88)-ROW(AI$15),0),\nROUND(ROUND(OFFSET($P88,0,AI$13),15-13*ORÇAMENTO!$AF$7)*OFFSET(ORÇAMENTO!$W$15,ROW(AI88)-ROW(AI$15),0),15-13*ORÇAMENTO!$AF$11)),0)","v":0},{"$f":"IF(AND($D88=\"Serviço\",AJ$12<>0,$H88>0,OR(AUTOEVENTO<>\"manual\",$M88<>1)),\nIF(Import.TipoArredondamento<>\"TransfereGOV\",\nROUND(OFFSET($P88,0,AJ$13),15-13*ORÇAMENTO!$AF$7)/$H88*OFFSET(ORÇAMENTO!$X$15,ROW(AJ88)-ROW(AJ$15),0),\nROUND(ROUND(OFFSET($P88,0,AJ$13),15-13*ORÇAMENTO!$AF$7)*OFFSET(ORÇAMENTO!$W$15,ROW(AJ88)-ROW(AJ$15),0),15-13*ORÇAMENTO!$AF$11)),0)","v":0},{"$f":"IF(AND($D88=\"Serviço\",AK$12<>0,$H88>0,OR(AUTOEVENTO<>\"manual\",$M88<>1)),\nIF(Import.TipoArredondamento<>\"TransfereGOV\",\nROUND(OFFSET($P88,0,AK$13),15-13*ORÇAMENTO!$AF$7)/$H88*OFFSET(ORÇAMENTO!$X$15,ROW(AK88)-ROW(AK$15),0),\nROUND(ROUND(OFFSET($P88,0,AK$13),15-13*ORÇAMENTO!$AF$7)*OFFSET(ORÇAMENTO!$W$15,ROW(AK88)-ROW(AK$15),0),15-13*ORÇAMENTO!$AF$11)),0)","v":0},null,{"$f":"IF($D88<>\"Serviço\",0,IF(AND(AUTOEVENTO=\"Manual\",$M88=1),0,IF(OFFSET(CRONOPLE!$F$14,$M88,AM$13)=\"\",10^12,OFFSET(CRONOPLE!$F$14,$M88,AM$13))))","v":1000000000000},{"$f":"IF($D88<>\"Serviço\",0,IF(AND(AUTOEVENTO=\"Manual\",$M88=1),0,IF(OFFSET(CRONOPLE!$F$14,$M88,AN$13)=\"\",10^12,OFFSET(CRONOPLE!$F$14,$M88,AN$13))))","v":1000000000000},{"$f":"IF($D88<>\"Serviço\",0,IF(AND(AUTOEVENTO=\"Manual\",$M88=1),0,IF(OFFSET(CRONOPLE!$F$14,$M88,AO$13)=\"\",10^12,OFFSET(CRONOPLE!$F$14,$M88,AO$13))))","v":1000000000000},{"$f":"IF($D88<>\"Serviço\",0,IF(AND(AUTOEVENTO=\"Manual\",$M88=1),0,IF(OFFSET(CRONOPLE!$F$14,$M88,AP$13)=\"\",10^12,OFFSET(CRONOPLE!$F$14,$M88,AP$13))))","v":1000000000000},{"$f":"IF($D88<>\"Serviço\",0,IF(AND(AUTOEVENTO=\"Manual\",$M88=1),0,IF(OFFSET(CRONOPLE!$F$14,$M88,AQ$13)=\"\",10^12,OFFSET(CRONOPLE!$F$14,$M88,AQ$13))))","v":1000000000000},{"$f":"IF($D88<>\"Serviço\",0,IF(AND(AUTOEVENTO=\"Manual\",$M88=1),0,IF(OFFSET(CRONOPLE!$F$14,$M88,AR$13)=\"\",10^12,OFFSET(CRONOPLE!$F$14,$M88,AR$13))))","v":1000000000000},{"$f":"IF($D88<>\"Serviço\",0,IF(AND(AUTOEVENTO=\"Manual\",$M88=1),0,IF(OFFSET(CRONOPLE!$F$14,$M88,AS$13)=\"\",10^12,OFFSET(CRONOPLE!$F$14,$M88,AS$13))))","v":1000000000000},{"$f":"IF($D88<>\"Serviço\",0,IF(AND(AUTOEVENTO=\"Manual\",$M88=1),0,IF(OFFSET(CRONOPLE!$F$14,$M88,AT$13)=\"\",10^12,OFFSET(CRONOPLE!$F$14,$M88,AT$13))))","v":1000000000000},{"$f":"IF($D88<>\"Serviço\",0,IF(AND(AUTOEVENTO=\"Manual\",$M88=1),0,IF(OFFSET(CRONOPLE!$F$14,$M88,AU$13)=\"\",10^12,OFFSET(CRONOPLE!$F$14,$M88,AU$13))))","v":1000000000000},{"$f":"IF($D88<>\"Serviço\",0,IF(AND(AUTOEVENTO=\"Manual\",$M88=1),0,IF(OFFSET(CRONOPLE!$F$14,$M88,AV$13)=\"\",10^12,OFFSET(CRONOPLE!$F$14,$M88,AV$13))))","v":1000000000000},null,{"$f":"IF($D88<>\"Serviço\",0,IF(OR(AND(AUTOEVENTO=\"Manual\",$M88=1),$M88>(ROW(PLE.lastrow)-ROW(PLE.firstrow))),0,IF(OFFSET(PLE!$G$14,$M88,AX$13)=\"\",10^12,OFFSET(PLE!$G$14,$M88,AX$13))))","v":1000000000000},{"$f":"IF($D88<>\"Serviço\",0,IF(OR(AND(AUTOEVENTO=\"Manual\",$M88=1),$M88>(ROW(PLE.lastrow)-ROW(PLE.firstrow))),0,IF(OFFSET(PLE!$G$14,$M88,AY$13)=\"\",10^12,OFFSET(PLE!$G$14,$M88,AY$13))))","v":1000000000000},{"$f":"IF($D88<>\"Serviço\",0,IF(OR(AND(AUTOEVENTO=\"Manual\",$M88=1),$M88>(ROW(PLE.lastrow)-ROW(PLE.firstrow))),0,IF(OFFSET(PLE!$G$14,$M88,AZ$13)=\"\",10^12,OFFSET(PLE!$G$14,$M88,AZ$13))))","v":1000000000000},{"$f":"IF($D88<>\"Serviço\",0,IF(OR(AND(AUTOEVENTO=\"Manual\",$M88=1),$M88>(ROW(PLE.lastrow)-ROW(PLE.firstrow))),0,IF(OFFSET(PLE!$G$14,$M88,BA$13)=\"\",10^12,OFFSET(PLE!$G$14,$M88,BA$13))))","v":1000000000000},{"$f":"IF($D88<>\"Serviço\",0,IF(OR(AND(AUTOEVENTO=\"Manual\",$M88=1),$M88>(ROW(PLE.lastrow)-ROW(PLE.firstrow))),0,IF(OFFSET(PLE!$G$14,$M88,BB$13)=\"\",10^12,OFFSET(PLE!$G$14,$M88,BB$13))))","v":1000000000000},{"$f":"IF($D88<>\"Serviço\",0,IF(OR(AND(AUTOEVENTO=\"Manual\",$M88=1),$M88>(ROW(PLE.lastrow)-ROW(PLE.firstrow))),0,IF(OFFSET(PLE!$G$14,$M88,BC$13)=\"\",10^12,OFFSET(PLE!$G$14,$M88,BC$13))))","v":1000000000000},{"$f":"IF($D88<>\"Serviço\",0,IF(OR(AND(AUTOEVENTO=\"Manual\",$M88=1),$M88>(ROW(PLE.lastrow)-ROW(PLE.firstrow))),0,IF(OFFSET(PLE!$G$14,$M88,BD$13)=\"\",10^12,OFFSET(PLE!$G$14,$M88,BD$13))))","v":1000000000000},{"$f":"IF($D88<>\"Serviço\",0,IF(OR(AND(AUTOEVENTO=\"Manual\",$M88=1),$M88>(ROW(PLE.lastrow)-ROW(PLE.firstrow))),0,IF(OFFSET(PLE!$G$14,$M88,BE$13)=\"\",10^12,OFFSET(PLE!$G$14,$M88,BE$13))))","v":1000000000000},{"$f":"IF($D88<>\"Serviço\",0,IF(OR(AND(AUTOEVENTO=\"Manual\",$M88=1),$M88>(ROW(PLE.lastrow)-ROW(PLE.firstrow))),0,IF(OFFSET(PLE!$G$14,$M88,BF$13)=\"\",10^12,OFFSET(PLE!$G$14,$M88,BF$13))))","v":1000000000000},{"$f":"IF($D88<>\"Serviço\",0,IF(OR(AND(AUTOEVENTO=\"Manual\",$M88=1),$M88>(ROW(PLE.lastrow)-ROW(PLE.firstrow))),0,IF(OFFSET(PLE!$G$14,$M88,BG$13)=\"\",10^12,OFFSET(PLE!$G$14,$M88,BG$13))))","v":1000000000000}]
["72",{"$f":"OFFSET(ORÇAMENTO!C$15,ROW(B89)-ROW(B$15),0)","v":"S"},{"$f":"OFFSET(ORÇAMENTO!L$15,ROW(C89)-ROW(C$15),0)","v":"F"},{"$f":"OFFSET(ORÇAMENTO!N$15,ROW(D89)-ROW(D$15),0)","v":"Serviço"},{"$f":"OFFSET(ORÇAMENTO!O$15,ROW(E89)-ROW(E$15),0)","v":"1.11.0.2."},{"$f":"OFFSET(ORÇAMENTO!R$15,ROW(F89)-ROW(F$15),0)","v":"COMPACTAÇÃO MECÂNICA DE SOLO PARA EXECUÇÃO DE RADIER, PISO DE CONCRETO OU LAJE SOBRE SOLO, COM COMPACTADOR DE SOLOS TIPO PLACA VIBRATÓRIA. AF_09/2021"},{"$f":"IF($D89<>\"Serviço\",\"\",OFFSET(ORÇAMENTO!S$15,ROW(G89)-ROW(G$15),0))","v":"M2"},{"$f":"IF($D89<>\"Serviço\",0,IF(ACOMPANHAMENTO=\"BM\",ROUND(OFFSET(ORÇAMENTO!AJ$15,ROW(H89)-ROW(H$15),0),15-13*ORÇAMENTO!$AF$7),SUMPRODUCT(($Q$12:$AA$12<>\"\")*ROUND($Q89:$AA89,15-13*ORÇAMENTO!$AF$7))))","v":307.70999999999998},null,null,null,".",{"$f":"IF($D89<>\"Serviço\",\"\",IF(AUTOEVENTO=\"manual\",$A89,IF(ISERROR(MATCH($A89,$A$15:OFFSET($A89,-1,0),0)),MAX($M$15:OFFSET(M89,-1,0))+1,INDEX($M$15:OFFSET(M89,-1,0),MATCH($A89,$A$15:OFFSET($A89,-1,0),0)))))","v":12},{"$f":"IF($D89<>\"Serviço\",\"\",IF(AUTOEVENTO=\"Manual\",IF($A89=0,\"<-- defina o número do agrupador\",OFFSET(EVENTOS!$D$14,$A89,0)),OFFSET($F$15,$A89,0)))","v":"PISOS"},null,null,{"$f":"Q93","v":307.70999999999998},null,null,null,null,null,null,null,null,null,null,{"$f":"IF(AND($D89=\"Serviço\",AB$12<>0,$H89>0,OR(AUTOEVENTO<>\"manual\",$M89<>1)),\nIF(Import.TipoArredondamento<>\"TransfereGOV\",\nROUND(OFFSET($P89,0,AB$13),15-13*ORÇAMENTO!$AF$7)/$H89*OFFSET(ORÇAMENTO!$X$15,ROW(AB89)-ROW(AB$15),0),\nROUND(ROUND(OFFSET($P89,0,AB$13),15-13*ORÇAMENTO!$AF$7)*OFFSET(ORÇAMENTO!$W$15,ROW(AB89)-ROW(AB$15),0),15-13*ORÇAMENTO!$AF$11)),0)","v":255.4},{"$f":"IF(AND($D89=\"Serviço\",AC$12<>0,$H89>0,OR(AUTOEVENTO<>\"manual\",$M89<>1)),\nIF(Import.TipoArredondamento<>\"TransfereGOV\",\nROUND(OFFSET($P89,0,AC$13),15-13*ORÇAMENTO!$AF$7)/$H89*OFFSET(ORÇAMENTO!$X$15,ROW(AC89)-ROW(AC$15),0),\nROUND(ROUND(OFFSET($P89,0,AC$13),15-13*ORÇAMENTO!$AF$7)*OFFSET(ORÇAMENTO!$W$15,ROW(AC89)-ROW(AC$15),0),15-13*ORÇAMENTO!$AF$11)),0)","v":0},{"$f":"IF(AND($D89=\"Serviço\",AD$12<>0,$H89>0,OR(AUTOEVENTO<>\"manual\",$M89<>1)),\nIF(Import.TipoArredondamento<>\"TransfereGOV\",\nROUND(OFFSET($P89,0,AD$13),15-13*ORÇAMENTO!$AF$7)/$H89*OFFSET(ORÇAMENTO!$X$15,ROW(AD89)-ROW(AD$15),0),\nROUND(ROUND(OFFSET($P89,0,AD$13),15-13*ORÇAMENTO!$AF$7)*OFFSET(ORÇAMENTO!$W$15,ROW(AD89)-ROW(AD$15),0),15-13*ORÇAMENTO!$AF$11)),0)","v":0},{"$f":"IF(AND($D89=\"Serviço\",AE$12<>0,$H89>0,OR(AUTOEVENTO<>\"manual\",$M89<>1)),\nIF(Import.TipoArredondamento<>\"TransfereGOV\",\nROUND(OFFSET($P89,0,AE$13),15-13*ORÇAMENTO!$AF$7)/$H89*OFFSET(ORÇAMENTO!$X$15,ROW(AE89)-ROW(AE$15),0),\nROUND(ROUND(OFFSET($P89,0,AE$13),15-13*ORÇAMENTO!$AF$7)*OFFSET(ORÇAMENTO!$W$15,ROW(AE89)-ROW(AE$15),0),15-13*ORÇAMENTO!$AF$11)),0)","v":0},{"$f":"IF(AND($D89=\"Serviço\",AF$12<>0,$H89>0,OR(AUTOEVENTO<>\"manual\",$M89<>1)),\nIF(Import.TipoArredondamento<>\"TransfereGOV\",\nROUND(OFFSET($P89,0,AF$13),15-13*ORÇAMENTO!$AF$7)/$H89*OFFSET(ORÇAMENTO!$X$15,ROW(AF89)-ROW(AF$15),0),\nROUND(ROUND(OFFSET($P89,0,AF$13),15-13*ORÇAMENTO!$AF$7)*OFFSET(ORÇAMENTO!$W$15,ROW(AF89)-ROW(AF$15),0),15-13*ORÇAMENTO!$AF$11)),0)","v":0},{"$f":"IF(AND($D89=\"Serviço\",AG$12<>0,$H89>0,OR(AUTOEVENTO<>\"manual\",$M89<>1)),\nIF(Import.TipoArredondamento<>\"TransfereGOV\",\nROUND(OFFSET($P89,0,AG$13),15-13*ORÇAMENTO!$AF$7)/$H89*OFFSET(ORÇAMENTO!$X$15,ROW(AG89)-ROW(AG$15),0),\nROUND(ROUND(OFFSET($P89,0,AG$13),15-13*ORÇAMENTO!$AF$7)*OFFSET(ORÇAMENTO!$W$15,ROW(AG89)-ROW(AG$15),0),15-13*ORÇAMENTO!$AF$11)),0)","v":0},{"$f":"IF(AND($D89=\"Serviço\",AH$12<>0,$H89>0,OR(AUTOEVENTO<>\"manual\",$M89<>1)),\nIF(Import.TipoArredondamento<>\"TransfereGOV\",\nROUND(OFFSET($P89,0,AH$13),15-13*ORÇAMENTO!$AF$7)/$H89*OFFSET(ORÇAMENTO!$X$15,ROW(AH89)-ROW(AH$15),0),\nROUND(ROUND(OFFSET($P89,0,AH$13),15-13*ORÇAMENTO!$AF$7)*OFFSET(ORÇAMENTO!$W$15,ROW(AH89)-ROW(AH$15),0),15-13*ORÇAMENTO!$AF$11)),0)","v":0},{"$f":"IF(AND($D89=\"Serviço\",AI$12<>0,$H89>0,OR(AUTOEVENTO<>\"manual\",$M89<>1)),\nIF(Import.TipoArredondamento<>\"TransfereGOV\",\nROUND(OFFSET($P89,0,AI$13),15-13*ORÇAMENTO!$AF$7)/$H89*OFFSET(ORÇAMENTO!$X$15,ROW(AI89)-ROW(AI$15),0),\nROUND(ROUND(OFFSET($P89,0,AI$13),15-13*ORÇAMENTO!$AF$7)*OFFSET(ORÇAMENTO!$W$15,ROW(AI89)-ROW(AI$15),0),15-13*ORÇAMENTO!$AF$11)),0)","v":0},{"$f":"IF(AND($D89=\"Serviço\",AJ$12<>0,$H89>0,OR(AUTOEVENTO<>\"manual\",$M89<>1)),\nIF(Import.TipoArredondamento<>\"TransfereGOV\",\nROUND(OFFSET($P89,0,AJ$13),15-13*ORÇAMENTO!$AF$7)/$H89*OFFSET(ORÇAMENTO!$X$15,ROW(AJ89)-ROW(AJ$15),0),\nROUND(ROUND(OFFSET($P89,0,AJ$13),15-13*ORÇAMENTO!$AF$7)*OFFSET(ORÇAMENTO!$W$15,ROW(AJ89)-ROW(AJ$15),0),15-13*ORÇAMENTO!$AF$11)),0)","v":0},{"$f":"IF(AND($D89=\"Serviço\",AK$12<>0,$H89>0,OR(AUTOEVENTO<>\"manual\",$M89<>1)),\nIF(Import.TipoArredondamento<>\"TransfereGOV\",\nROUND(OFFSET($P89,0,AK$13),15-13*ORÇAMENTO!$AF$7)/$H89*OFFSET(ORÇAMENTO!$X$15,ROW(AK89)-ROW(AK$15),0),\nROUND(ROUND(OFFSET($P89,0,AK$13),15-13*ORÇAMENTO!$AF$7)*OFFSET(ORÇAMENTO!$W$15,ROW(AK89)-ROW(AK$15),0),15-13*ORÇAMENTO!$AF$11)),0)","v":0},null,{"$f":"IF($D89<>\"Serviço\",0,IF(AND(AUTOEVENTO=\"Manual\",$M89=1),0,IF(OFFSET(CRONOPLE!$F$14,$M89,AM$13)=\"\",10^12,OFFSET(CRONOPLE!$F$14,$M89,AM$13))))","v":1000000000000},{"$f":"IF($D89<>\"Serviço\",0,IF(AND(AUTOEVENTO=\"Manual\",$M89=1),0,IF(OFFSET(CRONOPLE!$F$14,$M89,AN$13)=\"\",10^12,OFFSET(CRONOPLE!$F$14,$M89,AN$13))))","v":1000000000000},{"$f":"IF($D89<>\"Serviço\",0,IF(AND(AUTOEVENTO=\"Manual\",$M89=1),0,IF(OFFSET(CRONOPLE!$F$14,$M89,AO$13)=\"\",10^12,OFFSET(CRONOPLE!$F$14,$M89,AO$13))))","v":1000000000000},{"$f":"IF($D89<>\"Serviço\",0,IF(AND(AUTOEVENTO=\"Manual\",$M89=1),0,IF(OFFSET(CRONOPLE!$F$14,$M89,AP$13)=\"\",10^12,OFFSET(CRONOPLE!$F$14,$M89,AP$13))))","v":1000000000000},{"$f":"IF($D89<>\"Serviço\",0,IF(AND(AUTOEVENTO=\"Manual\",$M89=1),0,IF(OFFSET(CRONOPLE!$F$14,$M89,AQ$13)=\"\",10^12,OFFSET(CRONOPLE!$F$14,$M89,AQ$13))))","v":1000000000000},{"$f":"IF($D89<>\"Serviço\",0,IF(AND(AUTOEVENTO=\"Manual\",$M89=1),0,IF(OFFSET(CRONOPLE!$F$14,$M89,AR$13)=\"\",10^12,OFFSET(CRONOPLE!$F$14,$M89,AR$13))))","v":1000000000000},{"$f":"IF($D89<>\"Serviço\",0,IF(AND(AUTOEVENTO=\"Manual\",$M89=1),0,IF(OFFSET(CRONOPLE!$F$14,$M89,AS$13)=\"\",10^12,OFFSET(CRONOPLE!$F$14,$M89,AS$13))))","v":1000000000000},{"$f":"IF($D89<>\"Serviço\",0,IF(AND(AUTOEVENTO=\"Manual\",$M89=1),0,IF(OFFSET(CRONOPLE!$F$14,$M89,AT$13)=\"\",10^12,OFFSET(CRONOPLE!$F$14,$M89,AT$13))))","v":1000000000000},{"$f":"IF($D89<>\"Serviço\",0,IF(AND(AUTOEVENTO=\"Manual\",$M89=1),0,IF(OFFSET(CRONOPLE!$F$14,$M89,AU$13)=\"\",10^12,OFFSET(CRONOPLE!$F$14,$M89,AU$13))))","v":1000000000000},{"$f":"IF($D89<>\"Serviço\",0,IF(AND(AUTOEVENTO=\"Manual\",$M89=1),0,IF(OFFSET(CRONOPLE!$F$14,$M89,AV$13)=\"\",10^12,OFFSET(CRONOPLE!$F$14,$M89,AV$13))))","v":1000000000000},null,{"$f":"IF($D89<>\"Serviço\",0,IF(OR(AND(AUTOEVENTO=\"Manual\",$M89=1),$M89>(ROW(PLE.lastrow)-ROW(PLE.firstrow))),0,IF(OFFSET(PLE!$G$14,$M89,AX$13)=\"\",10^12,OFFSET(PLE!$G$14,$M89,AX$13))))","v":1000000000000},{"$f":"IF($D89<>\"Serviço\",0,IF(OR(AND(AUTOEVENTO=\"Manual\",$M89=1),$M89>(ROW(PLE.lastrow)-ROW(PLE.firstrow))),0,IF(OFFSET(PLE!$G$14,$M89,AY$13)=\"\",10^12,OFFSET(PLE!$G$14,$M89,AY$13))))","v":1000000000000},{"$f":"IF($D89<>\"Serviço\",0,IF(OR(AND(AUTOEVENTO=\"Manual\",$M89=1),$M89>(ROW(PLE.lastrow)-ROW(PLE.firstrow))),0,IF(OFFSET(PLE!$G$14,$M89,AZ$13)=\"\",10^12,OFFSET(PLE!$G$14,$M89,AZ$13))))","v":1000000000000},{"$f":"IF($D89<>\"Serviço\",0,IF(OR(AND(AUTOEVENTO=\"Manual\",$M89=1),$M89>(ROW(PLE.lastrow)-ROW(PLE.firstrow))),0,IF(OFFSET(PLE!$G$14,$M89,BA$13)=\"\",10^12,OFFSET(PLE!$G$14,$M89,BA$13))))","v":1000000000000},{"$f":"IF($D89<>\"Serviço\",0,IF(OR(AND(AUTOEVENTO=\"Manual\",$M89=1),$M89>(ROW(PLE.lastrow)-ROW(PLE.firstrow))),0,IF(OFFSET(PLE!$G$14,$M89,BB$13)=\"\",10^12,OFFSET(PLE!$G$14,$M89,BB$13))))","v":1000000000000},{"$f":"IF($D89<>\"Serviço\",0,IF(OR(AND(AUTOEVENTO=\"Manual\",$M89=1),$M89>(ROW(PLE.lastrow)-ROW(PLE.firstrow))),0,IF(OFFSET(PLE!$G$14,$M89,BC$13)=\"\",10^12,OFFSET(PLE!$G$14,$M89,BC$13))))","v":1000000000000},{"$f":"IF($D89<>\"Serviço\",0,IF(OR(AND(AUTOEVENTO=\"Manual\",$M89=1),$M89>(ROW(PLE.lastrow)-ROW(PLE.firstrow))),0,IF(OFFSET(PLE!$G$14,$M89,BD$13)=\"\",10^12,OFFSET(PLE!$G$14,$M89,BD$13))))","v":1000000000000},{"$f":"IF($D89<>\"Serviço\",0,IF(OR(AND(AUTOEVENTO=\"Manual\",$M89=1),$M89>(ROW(PLE.lastrow)-ROW(PLE.firstrow))),0,IF(OFFSET(PLE!$G$14,$M89,BE$13)=\"\",10^12,OFFSET(PLE!$G$14,$M89,BE$13))))","v":1000000000000},{"$f":"IF($D89<>\"Serviço\",0,IF(OR(AND(AUTOEVENTO=\"Manual\",$M89=1),$M89>(ROW(PLE.lastrow)-ROW(PLE.firstrow))),0,IF(OFFSET(PLE!$G$14,$M89,BF$13)=\"\",10^12,OFFSET(PLE!$G$14,$M89,BF$13))))","v":1000000000000},{"$f":"IF($D89<>\"Serviço\",0,IF(OR(AND(AUTOEVENTO=\"Manual\",$M89=1),$M89>(ROW(PLE.lastrow)-ROW(PLE.firstrow))),0,IF(OFFSET(PLE!$G$14,$M89,BG$13)=\"\",10^12,OFFSET(PLE!$G$14,$M89,BG$13))))","v":1000000000000}]
["72",{"$f":"OFFSET(ORÇAMENTO!C$15,ROW(B90)-ROW(B$15),0)","v":"S"},{"$f":"OFFSET(ORÇAMENTO!L$15,ROW(C90)-ROW(C$15),0)","v":"F"},{"$f":"OFFSET(ORÇAMENTO!N$15,ROW(D90)-ROW(D$15),0)","v":"Serviço"},{"$f":"OFFSET(ORÇAMENTO!O$15,ROW(E90)-ROW(E$15),0)","v":"1.11.0.3."},{"$f":"OFFSET(ORÇAMENTO!R$15,ROW(F90)-ROW(F$15),0)","v":"REATERRO MECANIZADO DE VALA COM MINICARREGADEIRA, COM COMPACTADOR DE SOLOS DE PERCUSSÃO. AF_08/2023"},{"$f":"IF($D90<>\"Serviço\",\"\",OFFSET(ORÇAMENTO!S$15,ROW(G90)-ROW(G$15),0))","v":"M3"},{"$f":"IF($D90<>\"Serviço\",0,IF(ACOMPANHAMENTO=\"BM\",ROUND(OFFSET(ORÇAMENTO!AJ$15,ROW(H90)-ROW(H$15),0),15-13*ORÇAMENTO!$AF$7),SUMPRODUCT(($Q$12:$AA$12<>\"\")*ROUND($Q90:$AA90,15-13*ORÇAMENTO!$AF$7))))","v":33.85},null,null,null,".",{"$f":"IF($D90<>\"Serviço\",\"\",IF(AUTOEVENTO=\"manual\",$A90,IF(ISERROR(MATCH($A90,$A$15:OFFSET($A90,-1,0),0)),MAX($M$15:OFFSET(M90,-1,0))+1,INDEX($M$15:OFFSET(M90,-1,0),MATCH($A90,$A$15:OFFSET($A90,-1,0),0)))))","v":12},{"$f":"IF($D90<>\"Serviço\",\"\",IF(AUTOEVENTO=\"Manual\",IF($A90=0,\"<-- defina o número do agrupador\",OFFSET(EVENTOS!$D$14,$A90,0)),OFFSET($F$15,$A90,0)))","v":"PISOS"},null,null,{"$f":"(307.71*0.11)","v":33.848099999999995},null,null,null,null,null,null,null,null,null,null,{"$f":"IF(AND($D90=\"Serviço\",AB$12<>0,$H90>0,OR(AUTOEVENTO<>\"manual\",$M90<>1)),\nIF(Import.TipoArredondamento<>\"TransfereGOV\",\nROUND(OFFSET($P90,0,AB$13),15-13*ORÇAMENTO!$AF$7)/$H90*OFFSET(ORÇAMENTO!$X$15,ROW(AB90)-ROW(AB$15),0),\nROUND(ROUND(OFFSET($P90,0,AB$13),15-13*ORÇAMENTO!$AF$7)*OFFSET(ORÇAMENTO!$W$15,ROW(AB90)-ROW(AB$15),0),15-13*ORÇAMENTO!$AF$11)),0)","v":1247.71},{"$f":"IF(AND($D90=\"Serviço\",AC$12<>0,$H90>0,OR(AUTOEVENTO<>\"manual\",$M90<>1)),\nIF(Import.TipoArredondamento<>\"TransfereGOV\",\nROUND(OFFSET($P90,0,AC$13),15-13*ORÇAMENTO!$AF$7)/$H90*OFFSET(ORÇAMENTO!$X$15,ROW(AC90)-ROW(AC$15),0),\nROUND(ROUND(OFFSET($P90,0,AC$13),15-13*ORÇAMENTO!$AF$7)*OFFSET(ORÇAMENTO!$W$15,ROW(AC90)-ROW(AC$15),0),15-13*ORÇAMENTO!$AF$11)),0)","v":0},{"$f":"IF(AND($D90=\"Serviço\",AD$12<>0,$H90>0,OR(AUTOEVENTO<>\"manual\",$M90<>1)),\nIF(Import.TipoArredondamento<>\"TransfereGOV\",\nROUND(OFFSET($P90,0,AD$13),15-13*ORÇAMENTO!$AF$7)/$H90*OFFSET(ORÇAMENTO!$X$15,ROW(AD90)-ROW(AD$15),0),\nROUND(ROUND(OFFSET($P90,0,AD$13),15-13*ORÇAMENTO!$AF$7)*OFFSET(ORÇAMENTO!$W$15,ROW(AD90)-ROW(AD$15),0),15-13*ORÇAMENTO!$AF$11)),0)","v":0},{"$f":"IF(AND($D90=\"Serviço\",AE$12<>0,$H90>0,OR(AUTOEVENTO<>\"manual\",$M90<>1)),\nIF(Import.TipoArredondamento<>\"TransfereGOV\",\nROUND(OFFSET($P90,0,AE$13),15-13*ORÇAMENTO!$AF$7)/$H90*OFFSET(ORÇAMENTO!$X$15,ROW(AE90)-ROW(AE$15),0),\nROUND(ROUND(OFFSET($P90,0,AE$13),15-13*ORÇAMENTO!$AF$7)*OFFSET(ORÇAMENTO!$W$15,ROW(AE90)-ROW(AE$15),0),15-13*ORÇAMENTO!$AF$11)),0)","v":0},{"$f":"IF(AND($D90=\"Serviço\",AF$12<>0,$H90>0,OR(AUTOEVENTO<>\"manual\",$M90<>1)),\nIF(Import.TipoArredondamento<>\"TransfereGOV\",\nROUND(OFFSET($P90,0,AF$13),15-13*ORÇAMENTO!$AF$7)/$H90*OFFSET(ORÇAMENTO!$X$15,ROW(AF90)-ROW(AF$15),0),\nROUND(ROUND(OFFSET($P90,0,AF$13),15-13*ORÇAMENTO!$AF$7)*OFFSET(ORÇAMENTO!$W$15,ROW(AF90)-ROW(AF$15),0),15-13*ORÇAMENTO!$AF$11)),0)","v":0},{"$f":"IF(AND($D90=\"Serviço\",AG$12<>0,$H90>0,OR(AUTOEVENTO<>\"manual\",$M90<>1)),\nIF(Import.TipoArredondamento<>\"TransfereGOV\",\nROUND(OFFSET($P90,0,AG$13),15-13*ORÇAMENTO!$AF$7)/$H90*OFFSET(ORÇAMENTO!$X$15,ROW(AG90)-ROW(AG$15),0),\nROUND(ROUND(OFFSET($P90,0,AG$13),15-13*ORÇAMENTO!$AF$7)*OFFSET(ORÇAMENTO!$W$15,ROW(AG90)-ROW(AG$15),0),15-13*ORÇAMENTO!$AF$11)),0)","v":0},{"$f":"IF(AND($D90=\"Serviço\",AH$12<>0,$H90>0,OR(AUTOEVENTO<>\"manual\",$M90<>1)),\nIF(Import.TipoArredondamento<>\"TransfereGOV\",\nROUND(OFFSET($P90,0,AH$13),15-13*ORÇAMENTO!$AF$7)/$H90*OFFSET(ORÇAMENTO!$X$15,ROW(AH90)-ROW(AH$15),0),\nROUND(ROUND(OFFSET($P90,0,AH$13),15-13*ORÇAMENTO!$AF$7)*OFFSET(ORÇAMENTO!$W$15,ROW(AH90)-ROW(AH$15),0),15-13*ORÇAMENTO!$AF$11)),0)","v":0},{"$f":"IF(AND($D90=\"Serviço\",AI$12<>0,$H90>0,OR(AUTOEVENTO<>\"manual\",$M90<>1)),\nIF(Import.TipoArredondamento<>\"TransfereGOV\",\nROUND(OFFSET($P90,0,AI$13),15-13*ORÇAMENTO!$AF$7)/$H90*OFFSET(ORÇAMENTO!$X$15,ROW(AI90)-ROW(AI$15),0),\nROUND(ROUND(OFFSET($P90,0,AI$13),15-13*ORÇAMENTO!$AF$7)*OFFSET(ORÇAMENTO!$W$15,ROW(AI90)-ROW(AI$15),0),15-13*ORÇAMENTO!$AF$11)),0)","v":0},{"$f":"IF(AND($D90=\"Serviço\",AJ$12<>0,$H90>0,OR(AUTOEVENTO<>\"manual\",$M90<>1)),\nIF(Import.TipoArredondamento<>\"TransfereGOV\",\nROUND(OFFSET($P90,0,AJ$13),15-13*ORÇAMENTO!$AF$7)/$H90*OFFSET(ORÇAMENTO!$X$15,ROW(AJ90)-ROW(AJ$15),0),\nROUND(ROUND(OFFSET($P90,0,AJ$13),15-13*ORÇAMENTO!$AF$7)*OFFSET(ORÇAMENTO!$W$15,ROW(AJ90)-ROW(AJ$15),0),15-13*ORÇAMENTO!$AF$11)),0)","v":0},{"$f":"IF(AND($D90=\"Serviço\",AK$12<>0,$H90>0,OR(AUTOEVENTO<>\"manual\",$M90<>1)),\nIF(Import.TipoArredondamento<>\"TransfereGOV\",\nROUND(OFFSET($P90,0,AK$13),15-13*ORÇAMENTO!$AF$7)/$H90*OFFSET(ORÇAMENTO!$X$15,ROW(AK90)-ROW(AK$15),0),\nROUND(ROUND(OFFSET($P90,0,AK$13),15-13*ORÇAMENTO!$AF$7)*OFFSET(ORÇAMENTO!$W$15,ROW(AK90)-ROW(AK$15),0),15-13*ORÇAMENTO!$AF$11)),0)","v":0},null,{"$f":"IF($D90<>\"Serviço\",0,IF(AND(AUTOEVENTO=\"Manual\",$M90=1),0,IF(OFFSET(CRONOPLE!$F$14,$M90,AM$13)=\"\",10^12,OFFSET(CRONOPLE!$F$14,$M90,AM$13))))","v":1000000000000},{"$f":"IF($D90<>\"Serviço\",0,IF(AND(AUTOEVENTO=\"Manual\",$M90=1),0,IF(OFFSET(CRONOPLE!$F$14,$M90,AN$13)=\"\",10^12,OFFSET(CRONOPLE!$F$14,$M90,AN$13))))","v":1000000000000},{"$f":"IF($D90<>\"Serviço\",0,IF(AND(AUTOEVENTO=\"Manual\",$M90=1),0,IF(OFFSET(CRONOPLE!$F$14,$M90,AO$13)=\"\",10^12,OFFSET(CRONOPLE!$F$14,$M90,AO$13))))","v":1000000000000},{"$f":"IF($D90<>\"Serviço\",0,IF(AND(AUTOEVENTO=\"Manual\",$M90=1),0,IF(OFFSET(CRONOPLE!$F$14,$M90,AP$13)=\"\",10^12,OFFSET(CRONOPLE!$F$14,$M90,AP$13))))","v":1000000000000},{"$f":"IF($D90<>\"Serviço\",0,IF(AND(AUTOEVENTO=\"Manual\",$M90=1),0,IF(OFFSET(CRONOPLE!$F$14,$M90,AQ$13)=\"\",10^12,OFFSET(CRONOPLE!$F$14,$M90,AQ$13))))","v":1000000000000},{"$f":"IF($D90<>\"Serviço\",0,IF(AND(AUTOEVENTO=\"Manual\",$M90=1),0,IF(OFFSET(CRONOPLE!$F$14,$M90,AR$13)=\"\",10^12,OFFSET(CRONOPLE!$F$14,$M90,AR$13))))","v":1000000000000},{"$f":"IF($D90<>\"Serviço\",0,IF(AND(AUTOEVENTO=\"Manual\",$M90=1),0,IF(OFFSET(CRONOPLE!$F$14,$M90,AS$13)=\"\",10^12,OFFSET(CRONOPLE!$F$14,$M90,AS$13))))","v":1000000000000},{"$f":"IF($D90<>\"Serviço\",0,IF(AND(AUTOEVENTO=\"Manual\",$M90=1),0,IF(OFFSET(CRONOPLE!$F$14,$M90,AT$13)=\"\",10^12,OFFSET(CRONOPLE!$F$14,$M90,AT$13))))","v":1000000000000},{"$f":"IF($D90<>\"Serviço\",0,IF(AND(AUTOEVENTO=\"Manual\",$M90=1),0,IF(OFFSET(CRONOPLE!$F$14,$M90,AU$13)=\"\",10^12,OFFSET(CRONOPLE!$F$14,$M90,AU$13))))","v":1000000000000},{"$f":"IF($D90<>\"Serviço\",0,IF(AND(AUTOEVENTO=\"Manual\",$M90=1),0,IF(OFFSET(CRONOPLE!$F$14,$M90,AV$13)=\"\",10^12,OFFSET(CRONOPLE!$F$14,$M90,AV$13))))","v":1000000000000},null,{"$f":"IF($D90<>\"Serviço\",0,IF(OR(AND(AUTOEVENTO=\"Manual\",$M90=1),$M90>(ROW(PLE.lastrow)-ROW(PLE.firstrow))),0,IF(OFFSET(PLE!$G$14,$M90,AX$13)=\"\",10^12,OFFSET(PLE!$G$14,$M90,AX$13))))","v":1000000000000},{"$f":"IF($D90<>\"Serviço\",0,IF(OR(AND(AUTOEVENTO=\"Manual\",$M90=1),$M90>(ROW(PLE.lastrow)-ROW(PLE.firstrow))),0,IF(OFFSET(PLE!$G$14,$M90,AY$13)=\"\",10^12,OFFSET(PLE!$G$14,$M90,AY$13))))","v":1000000000000},{"$f":"IF($D90<>\"Serviço\",0,IF(OR(AND(AUTOEVENTO=\"Manual\",$M90=1),$M90>(ROW(PLE.lastrow)-ROW(PLE.firstrow))),0,IF(OFFSET(PLE!$G$14,$M90,AZ$13)=\"\",10^12,OFFSET(PLE!$G$14,$M90,AZ$13))))","v":1000000000000},{"$f":"IF($D90<>\"Serviço\",0,IF(OR(AND(AUTOEVENTO=\"Manual\",$M90=1),$M90>(ROW(PLE.lastrow)-ROW(PLE.firstrow))),0,IF(OFFSET(PLE!$G$14,$M90,BA$13)=\"\",10^12,OFFSET(PLE!$G$14,$M90,BA$13))))","v":1000000000000},{"$f":"IF($D90<>\"Serviço\",0,IF(OR(AND(AUTOEVENTO=\"Manual\",$M90=1),$M90>(ROW(PLE.lastrow)-ROW(PLE.firstrow))),0,IF(OFFSET(PLE!$G$14,$M90,BB$13)=\"\",10^12,OFFSET(PLE!$G$14,$M90,BB$13))))","v":1000000000000},{"$f":"IF($D90<>\"Serviço\",0,IF(OR(AND(AUTOEVENTO=\"Manual\",$M90=1),$M90>(ROW(PLE.lastrow)-ROW(PLE.firstrow))),0,IF(OFFSET(PLE!$G$14,$M90,BC$13)=\"\",10^12,OFFSET(PLE!$G$14,$M90,BC$13))))","v":1000000000000},{"$f":"IF($D90<>\"Serviço\",0,IF(OR(AND(AUTOEVENTO=\"Manual\",$M90=1),$M90>(ROW(PLE.lastrow)-ROW(PLE.firstrow))),0,IF(OFFSET(PLE!$G$14,$M90,BD$13)=\"\",10^12,OFFSET(PLE!$G$14,$M90,BD$13))))","v":1000000000000},{"$f":"IF($D90<>\"Serviço\",0,IF(OR(AND(AUTOEVENTO=\"Manual\",$M90=1),$M90>(ROW(PLE.lastrow)-ROW(PLE.firstrow))),0,IF(OFFSET(PLE!$G$14,$M90,BE$13)=\"\",10^12,OFFSET(PLE!$G$14,$M90,BE$13))))","v":1000000000000},{"$f":"IF($D90<>\"Serviço\",0,IF(OR(AND(AUTOEVENTO=\"Manual\",$M90=1),$M90>(ROW(PLE.lastrow)-ROW(PLE.firstrow))),0,IF(OFFSET(PLE!$G$14,$M90,BF$13)=\"\",10^12,OFFSET(PLE!$G$14,$M90,BF$13))))","v":1000000000000},{"$f":"IF($D90<>\"Serviço\",0,IF(OR(AND(AUTOEVENTO=\"Manual\",$M90=1),$M90>(ROW(PLE.lastrow)-ROW(PLE.firstrow))),0,IF(OFFSET(PLE!$G$14,$M90,BG$13)=\"\",10^12,OFFSET(PLE!$G$14,$M90,BG$13))))","v":1000000000000}]
["72",{"$f":"OFFSET(ORÇAMENTO!C$15,ROW(B91)-ROW(B$15),0)","v":"S"},{"$f":"OFFSET(ORÇAMENTO!L$15,ROW(C91)-ROW(C$15),0)","v":"F"},{"$f":"OFFSET(ORÇAMENTO!N$15,ROW(D91)-ROW(D$15),0)","v":"Serviço"},{"$f":"OFFSET(ORÇAMENTO!O$15,ROW(E91)-ROW(E$15),0)","v":"1.11.0.4."},{"$f":"OFFSET(ORÇAMENTO!R$15,ROW(F91)-ROW(F$15),0)","v":"LASTRO COM MATERIAL GRANULAR (PEDRA BRITADA N.3), APLICADO EM PISOS OU LAJES SOBRE SOLO, ESPESSURA DE *10 CM*. AF_01/2024"},{"$f":"IF($D91<>\"Serviço\",\"\",OFFSET(ORÇAMENTO!S$15,ROW(G91)-ROW(G$15),0))","v":"M3"},{"$f":"IF($D91<>\"Serviço\",0,IF(ACOMPANHAMENTO=\"BM\",ROUND(OFFSET(ORÇAMENTO!AJ$15,ROW(H91)-ROW(H$15),0),15-13*ORÇAMENTO!$AF$7),SUMPRODUCT(($Q$12:$AA$12<>\"\")*ROUND($Q91:$AA91,15-13*ORÇAMENTO!$AF$7))))","v":12.65},"CONSIDERADO ESPESSURA DE 4CM BRITA",null,null,".",{"$f":"IF($D91<>\"Serviço\",\"\",IF(AUTOEVENTO=\"manual\",$A91,IF(ISERROR(MATCH($A91,$A$15:OFFSET($A91,-1,0),0)),MAX($M$15:OFFSET(M91,-1,0))+1,INDEX($M$15:OFFSET(M91,-1,0),MATCH($A91,$A$15:OFFSET($A91,-1,0),0)))))","v":12},{"$f":"IF($D91<>\"Serviço\",\"\",IF(AUTOEVENTO=\"Manual\",IF($A91=0,\"<-- defina o número do agrupador\",OFFSET(EVENTOS!$D$14,$A91,0)),OFFSET($F$15,$A91,0)))","v":"PISOS"},null,null,{"$f":"316.24*0.04","v":12.649600000000001},null,null,null,null,null,null,null,null,null,null,{"$f":"IF(AND($D91=\"Serviço\",AB$12<>0,$H91>0,OR(AUTOEVENTO<>\"manual\",$M91<>1)),\nIF(Import.TipoArredondamento<>\"TransfereGOV\",\nROUND(OFFSET($P91,0,AB$13),15-13*ORÇAMENTO!$AF$7)/$H91*OFFSET(ORÇAMENTO!$X$15,ROW(AB91)-ROW(AB$15),0),\nROUND(ROUND(OFFSET($P91,0,AB$13),15-13*ORÇAMENTO!$AF$7)*OFFSET(ORÇAMENTO!$W$15,ROW(AB91)-ROW(AB$15),0),15-13*ORÇAMENTO!$AF$11)),0)","v":2451.3200000000002},{"$f":"IF(AND($D91=\"Serviço\",AC$12<>0,$H91>0,OR(AUTOEVENTO<>\"manual\",$M91<>1)),\nIF(Import.TipoArredondamento<>\"TransfereGOV\",\nROUND(OFFSET($P91,0,AC$13),15-13*ORÇAMENTO!$AF$7)/$H91*OFFSET(ORÇAMENTO!$X$15,ROW(AC91)-ROW(AC$15),0),\nROUND(ROUND(OFFSET($P91,0,AC$13),15-13*ORÇAMENTO!$AF$7)*OFFSET(ORÇAMENTO!$W$15,ROW(AC91)-ROW(AC$15),0),15-13*ORÇAMENTO!$AF$11)),0)","v":0},{"$f":"IF(AND($D91=\"Serviço\",AD$12<>0,$H91>0,OR(AUTOEVENTO<>\"manual\",$M91<>1)),\nIF(Import.TipoArredondamento<>\"TransfereGOV\",\nROUND(OFFSET($P91,0,AD$13),15-13*ORÇAMENTO!$AF$7)/$H91*OFFSET(ORÇAMENTO!$X$15,ROW(AD91)-ROW(AD$15),0),\nROUND(ROUND(OFFSET($P91,0,AD$13),15-13*ORÇAMENTO!$AF$7)*OFFSET(ORÇAMENTO!$W$15,ROW(AD91)-ROW(AD$15),0),15-13*ORÇAMENTO!$AF$11)),0)","v":0},{"$f":"IF(AND($D91=\"Serviço\",AE$12<>0,$H91>0,OR(AUTOEVENTO<>\"manual\",$M91<>1)),\nIF(Import.TipoArredondamento<>\"TransfereGOV\",\nROUND(OFFSET($P91,0,AE$13),15-13*ORÇAMENTO!$AF$7)/$H91*OFFSET(ORÇAMENTO!$X$15,ROW(AE91)-ROW(AE$15),0),\nROUND(ROUND(OFFSET($P91,0,AE$13),15-13*ORÇAMENTO!$AF$7)*OFFSET(ORÇAMENTO!$W$15,ROW(AE91)-ROW(AE$15),0),15-13*ORÇAMENTO!$AF$11)),0)","v":0},{"$f":"IF(AND($D91=\"Serviço\",AF$12<>0,$H91>0,OR(AUTOEVENTO<>\"manual\",$M91<>1)),\nIF(Import.TipoArredondamento<>\"TransfereGOV\",\nROUND(OFFSET($P91,0,AF$13),15-13*ORÇAMENTO!$AF$7)/$H91*OFFSET(ORÇAMENTO!$X$15,ROW(AF91)-ROW(AF$15),0),\nROUND(ROUND(OFFSET($P91,0,AF$13),15-13*ORÇAMENTO!$AF$7)*OFFSET(ORÇAMENTO!$W$15,ROW(AF91)-ROW(AF$15),0),15-13*ORÇAMENTO!$AF$11)),0)","v":0},{"$f":"IF(AND($D91=\"Serviço\",AG$12<>0,$H91>0,OR(AUTOEVENTO<>\"manual\",$M91<>1)),\nIF(Import.TipoArredondamento<>\"TransfereGOV\",\nROUND(OFFSET($P91,0,AG$13),15-13*ORÇAMENTO!$AF$7)/$H91*OFFSET(ORÇAMENTO!$X$15,ROW(AG91)-ROW(AG$15),0),\nROUND(ROUND(OFFSET($P91,0,AG$13),15-13*ORÇAMENTO!$AF$7)*OFFSET(ORÇAMENTO!$W$15,ROW(AG91)-ROW(AG$15),0),15-13*ORÇAMENTO!$AF$11)),0)","v":0},{"$f":"IF(AND($D91=\"Serviço\",AH$12<>0,$H91>0,OR(AUTOEVENTO<>\"manual\",$M91<>1)),\nIF(Import.TipoArredondamento<>\"TransfereGOV\",\nROUND(OFFSET($P91,0,AH$13),15-13*ORÇAMENTO!$AF$7)/$H91*OFFSET(ORÇAMENTO!$X$15,ROW(AH91)-ROW(AH$15),0),\nROUND(ROUND(OFFSET($P91,0,AH$13),15-13*ORÇAMENTO!$AF$7)*OFFSET(ORÇAMENTO!$W$15,ROW(AH91)-ROW(AH$15),0),15-13*ORÇAMENTO!$AF$11)),0)","v":0},{"$f":"IF(AND($D91=\"Serviço\",AI$12<>0,$H91>0,OR(AUTOEVENTO<>\"manual\",$M91<>1)),\nIF(Import.TipoArredondamento<>\"TransfereGOV\",\nROUND(OFFSET($P91,0,AI$13),15-13*ORÇAMENTO!$AF$7)/$H91*OFFSET(ORÇAMENTO!$X$15,ROW(AI91)-ROW(AI$15),0),\nROUND(ROUND(OFFSET($P91,0,AI$13),15-13*ORÇAMENTO!$AF$7)*OFFSET(ORÇAMENTO!$W$15,ROW(AI91)-ROW(AI$15),0),15-13*ORÇAMENTO!$AF$11)),0)","v":0},{"$f":"IF(AND($D91=\"Serviço\",AJ$12<>0,$H91>0,OR(AUTOEVENTO<>\"manual\",$M91<>1)),\nIF(Import.TipoArredondamento<>\"TransfereGOV\",\nROUND(OFFSET($P91,0,AJ$13),15-13*ORÇAMENTO!$AF$7)/$H91*OFFSET(ORÇAMENTO!$X$15,ROW(AJ91)-ROW(AJ$15),0),\nROUND(ROUND(OFFSET($P91,0,AJ$13),15-13*ORÇAMENTO!$AF$7)*OFFSET(ORÇAMENTO!$W$15,ROW(AJ91)-ROW(AJ$15),0),15-13*ORÇAMENTO!$AF$11)),0)","v":0},{"$f":"IF(AND($D91=\"Serviço\",AK$12<>0,$H91>0,OR(AUTOEVENTO<>\"manual\",$M91<>1)),\nIF(Import.TipoArredondamento<>\"TransfereGOV\",\nROUND(OFFSET($P91,0,AK$13),15-13*ORÇAMENTO!$AF$7)/$H91*OFFSET(ORÇAMENTO!$X$15,ROW(AK91)-ROW(AK$15),0),\nROUND(ROUND(OFFSET($P91,0,AK$13),15-13*ORÇAMENTO!$AF$7)*OFFSET(ORÇAMENTO!$W$15,ROW(AK91)-ROW(AK$15),0),15-13*ORÇAMENTO!$AF$11)),0)","v":0},null,{"$f":"IF($D91<>\"Serviço\",0,IF(AND(AUTOEVENTO=\"Manual\",$M91=1),0,IF(OFFSET(CRONOPLE!$F$14,$M91,AM$13)=\"\",10^12,OFFSET(CRONOPLE!$F$14,$M91,AM$13))))","v":1000000000000},{"$f":"IF($D91<>\"Serviço\",0,IF(AND(AUTOEVENTO=\"Manual\",$M91=1),0,IF(OFFSET(CRONOPLE!$F$14,$M91,AN$13)=\"\",10^12,OFFSET(CRONOPLE!$F$14,$M91,AN$13))))","v":1000000000000},{"$f":"IF($D91<>\"Serviço\",0,IF(AND(AUTOEVENTO=\"Manual\",$M91=1),0,IF(OFFSET(CRONOPLE!$F$14,$M91,AO$13)=\"\",10^12,OFFSET(CRONOPLE!$F$14,$M91,AO$13))))","v":1000000000000},{"$f":"IF($D91<>\"Serviço\",0,IF(AND(AUTOEVENTO=\"Manual\",$M91=1),0,IF(OFFSET(CRONOPLE!$F$14,$M91,AP$13)=\"\",10^12,OFFSET(CRONOPLE!$F$14,$M91,AP$13))))","v":1000000000000},{"$f":"IF($D91<>\"Serviço\",0,IF(AND(AUTOEVENTO=\"Manual\",$M91=1),0,IF(OFFSET(CRONOPLE!$F$14,$M91,AQ$13)=\"\",10^12,OFFSET(CRONOPLE!$F$14,$M91,AQ$13))))","v":1000000000000},{"$f":"IF($D91<>\"Serviço\",0,IF(AND(AUTOEVENTO=\"Manual\",$M91=1),0,IF(OFFSET(CRONOPLE!$F$14,$M91,AR$13)=\"\",10^12,OFFSET(CRONOPLE!$F$14,$M91,AR$13))))","v":1000000000000},{"$f":"IF($D91<>\"Serviço\",0,IF(AND(AUTOEVENTO=\"Manual\",$M91=1),0,IF(OFFSET(CRONOPLE!$F$14,$M91,AS$13)=\"\",10^12,OFFSET(CRONOPLE!$F$14,$M91,AS$13))))","v":1000000000000},{"$f":"IF($D91<>\"Serviço\",0,IF(AND(AUTOEVENTO=\"Manual\",$M91=1),0,IF(OFFSET(CRONOPLE!$F$14,$M91,AT$13)=\"\",10^12,OFFSET(CRONOPLE!$F$14,$M91,AT$13))))","v":1000000000000},{"$f":"IF($D91<>\"Serviço\",0,IF(AND(AUTOEVENTO=\"Manual\",$M91=1),0,IF(OFFSET(CRONOPLE!$F$14,$M91,AU$13)=\"\",10^12,OFFSET(CRONOPLE!$F$14,$M91,AU$13))))","v":1000000000000},{"$f":"IF($D91<>\"Serviço\",0,IF(AND(AUTOEVENTO=\"Manual\",$M91=1),0,IF(OFFSET(CRONOPLE!$F$14,$M91,AV$13)=\"\",10^12,OFFSET(CRONOPLE!$F$14,$M91,AV$13))))","v":1000000000000},null,{"$f":"IF($D91<>\"Serviço\",0,IF(OR(AND(AUTOEVENTO=\"Manual\",$M91=1),$M91>(ROW(PLE.lastrow)-ROW(PLE.firstrow))),0,IF(OFFSET(PLE!$G$14,$M91,AX$13)=\"\",10^12,OFFSET(PLE!$G$14,$M91,AX$13))))","v":1000000000000},{"$f":"IF($D91<>\"Serviço\",0,IF(OR(AND(AUTOEVENTO=\"Manual\",$M91=1),$M91>(ROW(PLE.lastrow)-ROW(PLE.firstrow))),0,IF(OFFSET(PLE!$G$14,$M91,AY$13)=\"\",10^12,OFFSET(PLE!$G$14,$M91,AY$13))))","v":1000000000000},{"$f":"IF($D91<>\"Serviço\",0,IF(OR(AND(AUTOEVENTO=\"Manual\",$M91=1),$M91>(ROW(PLE.lastrow)-ROW(PLE.firstrow))),0,IF(OFFSET(PLE!$G$14,$M91,AZ$13)=\"\",10^12,OFFSET(PLE!$G$14,$M91,AZ$13))))","v":1000000000000},{"$f":"IF($D91<>\"Serviço\",0,IF(OR(AND(AUTOEVENTO=\"Manual\",$M91=1),$M91>(ROW(PLE.lastrow)-ROW(PLE.firstrow))),0,IF(OFFSET(PLE!$G$14,$M91,BA$13)=\"\",10^12,OFFSET(PLE!$G$14,$M91,BA$13))))","v":1000000000000},{"$f":"IF($D91<>\"Serviço\",0,IF(OR(AND(AUTOEVENTO=\"Manual\",$M91=1),$M91>(ROW(PLE.lastrow)-ROW(PLE.firstrow))),0,IF(OFFSET(PLE!$G$14,$M91,BB$13)=\"\",10^12,OFFSET(PLE!$G$14,$M91,BB$13))))","v":1000000000000},{"$f":"IF($D91<>\"Serviço\",0,IF(OR(AND(AUTOEVENTO=\"Manual\",$M91=1),$M91>(ROW(PLE.lastrow)-ROW(PLE.firstrow))),0,IF(OFFSET(PLE!$G$14,$M91,BC$13)=\"\",10^12,OFFSET(PLE!$G$14,$M91,BC$13))))","v":1000000000000},{"$f":"IF($D91<>\"Serviço\",0,IF(OR(AND(AUTOEVENTO=\"Manual\",$M91=1),$M91>(ROW(PLE.lastrow)-ROW(PLE.firstrow))),0,IF(OFFSET(PLE!$G$14,$M91,BD$13)=\"\",10^12,OFFSET(PLE!$G$14,$M91,BD$13))))","v":1000000000000},{"$f":"IF($D91<>\"Serviço\",0,IF(OR(AND(AUTOEVENTO=\"Manual\",$M91=1),$M91>(ROW(PLE.lastrow)-ROW(PLE.firstrow))),0,IF(OFFSET(PLE!$G$14,$M91,BE$13)=\"\",10^12,OFFSET(PLE!$G$14,$M91,BE$13))))","v":1000000000000},{"$f":"IF($D91<>\"Serviço\",0,IF(OR(AND(AUTOEVENTO=\"Manual\",$M91=1),$M91>(ROW(PLE.lastrow)-ROW(PLE.firstrow))),0,IF(OFFSET(PLE!$G$14,$M91,BF$13)=\"\",10^12,OFFSET(PLE!$G$14,$M91,BF$13))))","v":1000000000000},{"$f":"IF($D91<>\"Serviço\",0,IF(OR(AND(AUTOEVENTO=\"Manual\",$M91=1),$M91>(ROW(PLE.lastrow)-ROW(PLE.firstrow))),0,IF(OFFSET(PLE!$G$14,$M91,BG$13)=\"\",10^12,OFFSET(PLE!$G$14,$M91,BG$13))))","v":1000000000000}]
["72",{"$f":"OFFSET(ORÇAMENTO!C$15,ROW(B92)-ROW(B$15),0)","v":"S"},{"$f":"OFFSET(ORÇAMENTO!L$15,ROW(C92)-ROW(C$15),0)","v":"F"},{"$f":"OFFSET(ORÇAMENTO!N$15,ROW(D92)-ROW(D$15),0)","v":"Serviço"},{"$f":"OFFSET(ORÇAMENTO!O$15,ROW(E92)-ROW(E$15),0)","v":"1.11.0.5."},{"$f":"OFFSET(ORÇAMENTO!R$15,ROW(F92)-ROW(F$15),0)","v":"EXECUÇÃO DE PASSEIO (CALÇADA) OU PISO DE CONCRETO COM CONCRETO MOLDADO IN LOCO, USINADO C20, ACABAMENTO CONVENCIONAL, NÃO ARMADO. AF_08/2022"},{"$f":"IF($D92<>\"Serviço\",\"\",OFFSET(ORÇAMENTO!S$15,ROW(G92)-ROW(G$15),0))","v":"M3"},{"$f":"IF($D92<>\"Serviço\",0,IF(ACOMPANHAMENTO=\"BM\",ROUND(OFFSET(ORÇAMENTO!AJ$15,ROW(H92)-ROW(H$15),0),15-13*ORÇAMENTO!$AF$7),SUMPRODUCT(($Q$12:$AA$12<>\"\")*ROUND($Q92:$AA92,15-13*ORÇAMENTO!$AF$7))))","v":18.97},"ESPESSURA DE 6CM",null,null,".",{"$f":"IF($D92<>\"Serviço\",\"\",IF(AUTOEVENTO=\"manual\",$A92,IF(ISERROR(MATCH($A92,$A$15:OFFSET($A92,-1,0),0)),MAX($M$15:OFFSET(M92,-1,0))+1,INDEX($M$15:OFFSET(M92,-1,0),MATCH($A92,$A$15:OFFSET($A92,-1,0),0)))))","v":12},{"$f":"IF($D92<>\"Serviço\",\"\",IF(AUTOEVENTO=\"Manual\",IF($A92=0,\"<-- defina o número do agrupador\",OFFSET(EVENTOS!$D$14,$A92,0)),OFFSET($F$15,$A92,0)))","v":"PISOS"},null,null,{"$f":"316.24*0.06","v":18.974399999999999},null,null,null,null,null,null,null,null,null,null,{"$f":"IF(AND($D92=\"Serviço\",AB$12<>0,$H92>0,OR(AUTOEVENTO<>\"manual\",$M92<>1)),\nIF(Import.TipoArredondamento<>\"TransfereGOV\",\nROUND(OFFSET($P92,0,AB$13),15-13*ORÇAMENTO!$AF$7)/$H92*OFFSET(ORÇAMENTO!$X$15,ROW(AB92)-ROW(AB$15),0),\nROUND(ROUND(OFFSET($P92,0,AB$13),15-13*ORÇAMENTO!$AF$7)*OFFSET(ORÇAMENTO!$W$15,ROW(AB92)-ROW(AB$15),0),15-13*ORÇAMENTO!$AF$11)),0)","v":17454.3},{"$f":"IF(AND($D92=\"Serviço\",AC$12<>0,$H92>0,OR(AUTOEVENTO<>\"manual\",$M92<>1)),\nIF(Import.TipoArredondamento<>\"TransfereGOV\",\nROUND(OFFSET($P92,0,AC$13),15-13*ORÇAMENTO!$AF$7)/$H92*OFFSET(ORÇAMENTO!$X$15,ROW(AC92)-ROW(AC$15),0),\nROUND(ROUND(OFFSET($P92,0,AC$13),15-13*ORÇAMENTO!$AF$7)*OFFSET(ORÇAMENTO!$W$15,ROW(AC92)-ROW(AC$15),0),15-13*ORÇAMENTO!$AF$11)),0)","v":0},{"$f":"IF(AND($D92=\"Serviço\",AD$12<>0,$H92>0,OR(AUTOEVENTO<>\"manual\",$M92<>1)),\nIF(Import.TipoArredondamento<>\"TransfereGOV\",\nROUND(OFFSET($P92,0,AD$13),15-13*ORÇAMENTO!$AF$7)/$H92*OFFSET(ORÇAMENTO!$X$15,ROW(AD92)-ROW(AD$15),0),\nROUND(ROUND(OFFSET($P92,0,AD$13),15-13*ORÇAMENTO!$AF$7)*OFFSET(ORÇAMENTO!$W$15,ROW(AD92)-ROW(AD$15),0),15-13*ORÇAMENTO!$AF$11)),0)","v":0},{"$f":"IF(AND($D92=\"Serviço\",AE$12<>0,$H92>0,OR(AUTOEVENTO<>\"manual\",$M92<>1)),\nIF(Import.TipoArredondamento<>\"TransfereGOV\",\nROUND(OFFSET($P92,0,AE$13),15-13*ORÇAMENTO!$AF$7)/$H92*OFFSET(ORÇAMENTO!$X$15,ROW(AE92)-ROW(AE$15),0),\nROUND(ROUND(OFFSET($P92,0,AE$13),15-13*ORÇAMENTO!$AF$7)*OFFSET(ORÇAMENTO!$W$15,ROW(AE92)-ROW(AE$15),0),15-13*ORÇAMENTO!$AF$11)),0)","v":0},{"$f":"IF(AND($D92=\"Serviço\",AF$12<>0,$H92>0,OR(AUTOEVENTO<>\"manual\",$M92<>1)),\nIF(Import.TipoArredondamento<>\"TransfereGOV\",\nROUND(OFFSET($P92,0,AF$13),15-13*ORÇAMENTO!$AF$7)/$H92*OFFSET(ORÇAMENTO!$X$15,ROW(AF92)-ROW(AF$15),0),\nROUND(ROUND(OFFSET($P92,0,AF$13),15-13*ORÇAMENTO!$AF$7)*OFFSET(ORÇAMENTO!$W$15,ROW(AF92)-ROW(AF$15),0),15-13*ORÇAMENTO!$AF$11)),0)","v":0},{"$f":"IF(AND($D92=\"Serviço\",AG$12<>0,$H92>0,OR(AUTOEVENTO<>\"manual\",$M92<>1)),\nIF(Import.TipoArredondamento<>\"TransfereGOV\",\nROUND(OFFSET($P92,0,AG$13),15-13*ORÇAMENTO!$AF$7)/$H92*OFFSET(ORÇAMENTO!$X$15,ROW(AG92)-ROW(AG$15),0),\nROUND(ROUND(OFFSET($P92,0,AG$13),15-13*ORÇAMENTO!$AF$7)*OFFSET(ORÇAMENTO!$W$15,ROW(AG92)-ROW(AG$15),0),15-13*ORÇAMENTO!$AF$11)),0)","v":0},{"$f":"IF(AND($D92=\"Serviço\",AH$12<>0,$H92>0,OR(AUTOEVENTO<>\"manual\",$M92<>1)),\nIF(Import.TipoArredondamento<>\"TransfereGOV\",\nROUND(OFFSET($P92,0,AH$13),15-13*ORÇAMENTO!$AF$7)/$H92*OFFSET(ORÇAMENTO!$X$15,ROW(AH92)-ROW(AH$15),0),\nROUND(ROUND(OFFSET($P92,0,AH$13),15-13*ORÇAMENTO!$AF$7)*OFFSET(ORÇAMENTO!$W$15,ROW(AH92)-ROW(AH$15),0),15-13*ORÇAMENTO!$AF$11)),0)","v":0},{"$f":"IF(AND($D92=\"Serviço\",AI$12<>0,$H92>0,OR(AUTOEVENTO<>\"manual\",$M92<>1)),\nIF(Import.TipoArredondamento<>\"TransfereGOV\",\nROUND(OFFSET($P92,0,AI$13),15-13*ORÇAMENTO!$AF$7)/$H92*OFFSET(ORÇAMENTO!$X$15,ROW(AI92)-ROW(AI$15),0),\nROUND(ROUND(OFFSET($P92,0,AI$13),15-13*ORÇAMENTO!$AF$7)*OFFSET(ORÇAMENTO!$W$15,ROW(AI92)-ROW(AI$15),0),15-13*ORÇAMENTO!$AF$11)),0)","v":0},{"$f":"IF(AND($D92=\"Serviço\",AJ$12<>0,$H92>0,OR(AUTOEVENTO<>\"manual\",$M92<>1)),\nIF(Import.TipoArredondamento<>\"TransfereGOV\",\nROUND(OFFSET($P92,0,AJ$13),15-13*ORÇAMENTO!$AF$7)/$H92*OFFSET(ORÇAMENTO!$X$15,ROW(AJ92)-ROW(AJ$15),0),\nROUND(ROUND(OFFSET($P92,0,AJ$13),15-13*ORÇAMENTO!$AF$7)*OFFSET(ORÇAMENTO!$W$15,ROW(AJ92)-ROW(AJ$15),0),15-13*ORÇAMENTO!$AF$11)),0)","v":0},{"$f":"IF(AND($D92=\"Serviço\",AK$12<>0,$H92>0,OR(AUTOEVENTO<>\"manual\",$M92<>1)),\nIF(Import.TipoArredondamento<>\"TransfereGOV\",\nROUND(OFFSET($P92,0,AK$13),15-13*ORÇAMENTO!$AF$7)/$H92*OFFSET(ORÇAMENTO!$X$15,ROW(AK92)-ROW(AK$15),0),\nROUND(ROUND(OFFSET($P92,0,AK$13),15-13*ORÇAMENTO!$AF$7)*OFFSET(ORÇAMENTO!$W$15,ROW(AK92)-ROW(AK$15),0),15-13*ORÇAMENTO!$AF$11)),0)","v":0},null,{"$f":"IF($D92<>\"Serviço\",0,IF(AND(AUTOEVENTO=\"Manual\",$M92=1),0,IF(OFFSET(CRONOPLE!$F$14,$M92,AM$13)=\"\",10^12,OFFSET(CRONOPLE!$F$14,$M92,AM$13))))","v":1000000000000},{"$f":"IF($D92<>\"Serviço\",0,IF(AND(AUTOEVENTO=\"Manual\",$M92=1),0,IF(OFFSET(CRONOPLE!$F$14,$M92,AN$13)=\"\",10^12,OFFSET(CRONOPLE!$F$14,$M92,AN$13))))","v":1000000000000},{"$f":"IF($D92<>\"Serviço\",0,IF(AND(AUTOEVENTO=\"Manual\",$M92=1),0,IF(OFFSET(CRONOPLE!$F$14,$M92,AO$13)=\"\",10^12,OFFSET(CRONOPLE!$F$14,$M92,AO$13))))","v":1000000000000},{"$f":"IF($D92<>\"Serviço\",0,IF(AND(AUTOEVENTO=\"Manual\",$M92=1),0,IF(OFFSET(CRONOPLE!$F$14,$M92,AP$13)=\"\",10^12,OFFSET(CRONOPLE!$F$14,$M92,AP$13))))","v":1000000000000},{"$f":"IF($D92<>\"Serviço\",0,IF(AND(AUTOEVENTO=\"Manual\",$M92=1),0,IF(OFFSET(CRONOPLE!$F$14,$M92,AQ$13)=\"\",10^12,OFFSET(CRONOPLE!$F$14,$M92,AQ$13))))","v":1000000000000},{"$f":"IF($D92<>\"Serviço\",0,IF(AND(AUTOEVENTO=\"Manual\",$M92=1),0,IF(OFFSET(CRONOPLE!$F$14,$M92,AR$13)=\"\",10^12,OFFSET(CRONOPLE!$F$14,$M92,AR$13))))","v":1000000000000},{"$f":"IF($D92<>\"Serviço\",0,IF(AND(AUTOEVENTO=\"Manual\",$M92=1),0,IF(OFFSET(CRONOPLE!$F$14,$M92,AS$13)=\"\",10^12,OFFSET(CRONOPLE!$F$14,$M92,AS$13))))","v":1000000000000},{"$f":"IF($D92<>\"Serviço\",0,IF(AND(AUTOEVENTO=\"Manual\",$M92=1),0,IF(OFFSET(CRONOPLE!$F$14,$M92,AT$13)=\"\",10^12,OFFSET(CRONOPLE!$F$14,$M92,AT$13))))","v":1000000000000},{"$f":"IF($D92<>\"Serviço\",0,IF(AND(AUTOEVENTO=\"Manual\",$M92=1),0,IF(OFFSET(CRONOPLE!$F$14,$M92,AU$13)=\"\",10^12,OFFSET(CRONOPLE!$F$14,$M92,AU$13))))","v":1000000000000},{"$f":"IF($D92<>\"Serviço\",0,IF(AND(AUTOEVENTO=\"Manual\",$M92=1),0,IF(OFFSET(CRONOPLE!$F$14,$M92,AV$13)=\"\",10^12,OFFSET(CRONOPLE!$F$14,$M92,AV$13))))","v":1000000000000},null,{"$f":"IF($D92<>\"Serviço\",0,IF(OR(AND(AUTOEVENTO=\"Manual\",$M92=1),$M92>(ROW(PLE.lastrow)-ROW(PLE.firstrow))),0,IF(OFFSET(PLE!$G$14,$M92,AX$13)=\"\",10^12,OFFSET(PLE!$G$14,$M92,AX$13))))","v":1000000000000},{"$f":"IF($D92<>\"Serviço\",0,IF(OR(AND(AUTOEVENTO=\"Manual\",$M92=1),$M92>(ROW(PLE.lastrow)-ROW(PLE.firstrow))),0,IF(OFFSET(PLE!$G$14,$M92,AY$13)=\"\",10^12,OFFSET(PLE!$G$14,$M92,AY$13))))","v":1000000000000},{"$f":"IF($D92<>\"Serviço\",0,IF(OR(AND(AUTOEVENTO=\"Manual\",$M92=1),$M92>(ROW(PLE.lastrow)-ROW(PLE.firstrow))),0,IF(OFFSET(PLE!$G$14,$M92,AZ$13)=\"\",10^12,OFFSET(PLE!$G$14,$M92,AZ$13))))","v":1000000000000},{"$f":"IF($D92<>\"Serviço\",0,IF(OR(AND(AUTOEVENTO=\"Manual\",$M92=1),$M92>(ROW(PLE.lastrow)-ROW(PLE.firstrow))),0,IF(OFFSET(PLE!$G$14,$M92,BA$13)=\"\",10^12,OFFSET(PLE!$G$14,$M92,BA$13))))","v":1000000000000},{"$f":"IF($D92<>\"Serviço\",0,IF(OR(AND(AUTOEVENTO=\"Manual\",$M92=1),$M92>(ROW(PLE.lastrow)-ROW(PLE.firstrow))),0,IF(OFFSET(PLE!$G$14,$M92,BB$13)=\"\",10^12,OFFSET(PLE!$G$14,$M92,BB$13))))","v":1000000000000},{"$f":"IF($D92<>\"Serviço\",0,IF(OR(AND(AUTOEVENTO=\"Manual\",$M92=1),$M92>(ROW(PLE.lastrow)-ROW(PLE.firstrow))),0,IF(OFFSET(PLE!$G$14,$M92,BC$13)=\"\",10^12,OFFSET(PLE!$G$14,$M92,BC$13))))","v":1000000000000},{"$f":"IF($D92<>\"Serviço\",0,IF(OR(AND(AUTOEVENTO=\"Manual\",$M92=1),$M92>(ROW(PLE.lastrow)-ROW(PLE.firstrow))),0,IF(OFFSET(PLE!$G$14,$M92,BD$13)=\"\",10^12,OFFSET(PLE!$G$14,$M92,BD$13))))","v":1000000000000},{"$f":"IF($D92<>\"Serviço\",0,IF(OR(AND(AUTOEVENTO=\"Manual\",$M92=1),$M92>(ROW(PLE.lastrow)-ROW(PLE.firstrow))),0,IF(OFFSET(PLE!$G$14,$M92,BE$13)=\"\",10^12,OFFSET(PLE!$G$14,$M92,BE$13))))","v":1000000000000},{"$f":"IF($D92<>\"Serviço\",0,IF(OR(AND(AUTOEVENTO=\"Manual\",$M92=1),$M92>(ROW(PLE.lastrow)-ROW(PLE.firstrow))),0,IF(OFFSET(PLE!$G$14,$M92,BF$13)=\"\",10^12,OFFSET(PLE!$G$14,$M92,BF$13))))","v":1000000000000},{"$f":"IF($D92<>\"Serviço\",0,IF(OR(AND(AUTOEVENTO=\"Manual\",$M92=1),$M92>(ROW(PLE.lastrow)-ROW(PLE.firstrow))),0,IF(OFFSET(PLE!$G$14,$M92,BG$13)=\"\",10^12,OFFSET(PLE!$G$14,$M92,BG$13))))","v":1000000000000}]
["72",{"$f":"OFFSET(ORÇAMENTO!C$15,ROW(B93)-ROW(B$15),0)","v":"S"},{"$f":"OFFSET(ORÇAMENTO!L$15,ROW(C93)-ROW(C$15),0)","v":"F"},{"$f":"OFFSET(ORÇAMENTO!N$15,ROW(D93)-ROW(D$15),0)","v":"Serviço"},{"$f":"OFFSET(ORÇAMENTO!O$15,ROW(E93)-ROW(E$15),0)","v":"1.11.0.6."},{"$f":"OFFSET(ORÇAMENTO!R$15,ROW(F93)-ROW(F$15),0)","v":"CONTRAPISO EM ARGAMASSA TRAÇO 1:4 (CIMENTO E AREIA), PREPARO MECÂNICO COM BETONEIRA 400 L, APLICADO EM ÁREAS SECAS SOBRE LAJE, ADERIDO, ACABAMENTO NÃO REFORÇADO, ESPESSURA 2CM. AF_07/2021"},{"$f":"IF($D93<>\"Serviço\",\"\",OFFSET(ORÇAMENTO!S$15,ROW(G93)-ROW(G$15),0))","v":"M2"},{"$f":"IF($D93<>\"Serviço\",0,IF(ACOMPANHAMENTO=\"BM\",ROUND(OFFSET(ORÇAMENTO!AJ$15,ROW(H93)-ROW(H$15),0),15-13*ORÇAMENTO!$AF$7),SUMPRODUCT(($Q$12:$AA$12<>\"\")*ROUND($Q93:$AA93,15-13*ORÇAMENTO!$AF$7))))","v":307.70999999999998},null,null,null,".",{"$f":"IF($D93<>\"Serviço\",\"\",IF(AUTOEVENTO=\"manual\",$A93,IF(ISERROR(MATCH($A93,$A$15:OFFSET($A93,-1,0),0)),MAX($M$15:OFFSET(M93,-1,0))+1,INDEX($M$15:OFFSET(M93,-1,0),MATCH($A93,$A$15:OFFSET($A93,-1,0),0)))))","v":12},{"$f":"IF($D93<>\"Serviço\",\"\",IF(AUTOEVENTO=\"Manual\",IF($A93=0,\"<-- defina o número do agrupador\",OFFSET(EVENTOS!$D$14,$A93,0)),OFFSET($F$15,$A93,0)))","v":"PISOS"},null,null,307.70999999999998,null,null,null,null,null,null,null,null,null,null,{"$f":"IF(AND($D93=\"Serviço\",AB$12<>0,$H93>0,OR(AUTOEVENTO<>\"manual\",$M93<>1)),\nIF(Import.TipoArredondamento<>\"TransfereGOV\",\nROUND(OFFSET($P93,0,AB$13),15-13*ORÇAMENTO!$AF$7)/$H93*OFFSET(ORÇAMENTO!$X$15,ROW(AB93)-ROW(AB$15),0),\nROUND(ROUND(OFFSET($P93,0,AB$13),15-13*ORÇAMENTO!$AF$7)*OFFSET(ORÇAMENTO!$W$15,ROW(AB93)-ROW(AB$15),0),15-13*ORÇAMENTO!$AF$11)),0)","v":12563.8},{"$f":"IF(AND($D93=\"Serviço\",AC$12<>0,$H93>0,OR(AUTOEVENTO<>\"manual\",$M93<>1)),\nIF(Import.TipoArredondamento<>\"TransfereGOV\",\nROUND(OFFSET($P93,0,AC$13),15-13*ORÇAMENTO!$AF$7)/$H93*OFFSET(ORÇAMENTO!$X$15,ROW(AC93)-ROW(AC$15),0),\nROUND(ROUND(OFFSET($P93,0,AC$13),15-13*ORÇAMENTO!$AF$7)*OFFSET(ORÇAMENTO!$W$15,ROW(AC93)-ROW(AC$15),0),15-13*ORÇAMENTO!$AF$11)),0)","v":0},{"$f":"IF(AND($D93=\"Serviço\",AD$12<>0,$H93>0,OR(AUTOEVENTO<>\"manual\",$M93<>1)),\nIF(Import.TipoArredondamento<>\"TransfereGOV\",\nROUND(OFFSET($P93,0,AD$13),15-13*ORÇAMENTO!$AF$7)/$H93*OFFSET(ORÇAMENTO!$X$15,ROW(AD93)-ROW(AD$15),0),\nROUND(ROUND(OFFSET($P93,0,AD$13),15-13*ORÇAMENTO!$AF$7)*OFFSET(ORÇAMENTO!$W$15,ROW(AD93)-ROW(AD$15),0),15-13*ORÇAMENTO!$AF$11)),0)","v":0},{"$f":"IF(AND($D93=\"Serviço\",AE$12<>0,$H93>0,OR(AUTOEVENTO<>\"manual\",$M93<>1)),\nIF(Import.TipoArredondamento<>\"TransfereGOV\",\nROUND(OFFSET($P93,0,AE$13),15-13*ORÇAMENTO!$AF$7)/$H93*OFFSET(ORÇAMENTO!$X$15,ROW(AE93)-ROW(AE$15),0),\nROUND(ROUND(OFFSET($P93,0,AE$13),15-13*ORÇAMENTO!$AF$7)*OFFSET(ORÇAMENTO!$W$15,ROW(AE93)-ROW(AE$15),0),15-13*ORÇAMENTO!$AF$11)),0)","v":0},{"$f":"IF(AND($D93=\"Serviço\",AF$12<>0,$H93>0,OR(AUTOEVENTO<>\"manual\",$M93<>1)),\nIF(Import.TipoArredondamento<>\"TransfereGOV\",\nROUND(OFFSET($P93,0,AF$13),15-13*ORÇAMENTO!$AF$7)/$H93*OFFSET(ORÇAMENTO!$X$15,ROW(AF93)-ROW(AF$15),0),\nROUND(ROUND(OFFSET($P93,0,AF$13),15-13*ORÇAMENTO!$AF$7)*OFFSET(ORÇAMENTO!$W$15,ROW(AF93)-ROW(AF$15),0),15-13*ORÇAMENTO!$AF$11)),0)","v":0},{"$f":"IF(AND($D93=\"Serviço\",AG$12<>0,$H93>0,OR(AUTOEVENTO<>\"manual\",$M93<>1)),\nIF(Import.TipoArredondamento<>\"TransfereGOV\",\nROUND(OFFSET($P93,0,AG$13),15-13*ORÇAMENTO!$AF$7)/$H93*OFFSET(ORÇAMENTO!$X$15,ROW(AG93)-ROW(AG$15),0),\nROUND(ROUND(OFFSET($P93,0,AG$13),15-13*ORÇAMENTO!$AF$7)*OFFSET(ORÇAMENTO!$W$15,ROW(AG93)-ROW(AG$15),0),15-13*ORÇAMENTO!$AF$11)),0)","v":0},{"$f":"IF(AND($D93=\"Serviço\",AH$12<>0,$H93>0,OR(AUTOEVENTO<>\"manual\",$M93<>1)),\nIF(Import.TipoArredondamento<>\"TransfereGOV\",\nROUND(OFFSET($P93,0,AH$13),15-13*ORÇAMENTO!$AF$7)/$H93*OFFSET(ORÇAMENTO!$X$15,ROW(AH93)-ROW(AH$15),0),\nROUND(ROUND(OFFSET($P93,0,AH$13),15-13*ORÇAMENTO!$AF$7)*OFFSET(ORÇAMENTO!$W$15,ROW(AH93)-ROW(AH$15),0),15-13*ORÇAMENTO!$AF$11)),0)","v":0},{"$f":"IF(AND($D93=\"Serviço\",AI$12<>0,$H93>0,OR(AUTOEVENTO<>\"manual\",$M93<>1)),\nIF(Import.TipoArredondamento<>\"TransfereGOV\",\nROUND(OFFSET($P93,0,AI$13),15-13*ORÇAMENTO!$AF$7)/$H93*OFFSET(ORÇAMENTO!$X$15,ROW(AI93)-ROW(AI$15),0),\nROUND(ROUND(OFFSET($P93,0,AI$13),15-13*ORÇAMENTO!$AF$7)*OFFSET(ORÇAMENTO!$W$15,ROW(AI93)-ROW(AI$15),0),15-13*ORÇAMENTO!$AF$11)),0)","v":0},{"$f":"IF(AND($D93=\"Serviço\",AJ$12<>0,$H93>0,OR(AUTOEVENTO<>\"manual\",$M93<>1)),\nIF(Import.TipoArredondamento<>\"TransfereGOV\",\nROUND(OFFSET($P93,0,AJ$13),15-13*ORÇAMENTO!$AF$7)/$H93*OFFSET(ORÇAMENTO!$X$15,ROW(AJ93)-ROW(AJ$15),0),\nROUND(ROUND(OFFSET($P93,0,AJ$13),15-13*ORÇAMENTO!$AF$7)*OFFSET(ORÇAMENTO!$W$15,ROW(AJ93)-ROW(AJ$15),0),15-13*ORÇAMENTO!$AF$11)),0)","v":0},{"$f":"IF(AND($D93=\"Serviço\",AK$12<>0,$H93>0,OR(AUTOEVENTO<>\"manual\",$M93<>1)),\nIF(Import.TipoArredondamento<>\"TransfereGOV\",\nROUND(OFFSET($P93,0,AK$13),15-13*ORÇAMENTO!$AF$7)/$H93*OFFSET(ORÇAMENTO!$X$15,ROW(AK93)-ROW(AK$15),0),\nROUND(ROUND(OFFSET($P93,0,AK$13),15-13*ORÇAMENTO!$AF$7)*OFFSET(ORÇAMENTO!$W$15,ROW(AK93)-ROW(AK$15),0),15-13*ORÇAMENTO!$AF$11)),0)","v":0},null,{"$f":"IF($D93<>\"Serviço\",0,IF(AND(AUTOEVENTO=\"Manual\",$M93=1),0,IF(OFFSET(CRONOPLE!$F$14,$M93,AM$13)=\"\",10^12,OFFSET(CRONOPLE!$F$14,$M93,AM$13))))","v":1000000000000},{"$f":"IF($D93<>\"Serviço\",0,IF(AND(AUTOEVENTO=\"Manual\",$M93=1),0,IF(OFFSET(CRONOPLE!$F$14,$M93,AN$13)=\"\",10^12,OFFSET(CRONOPLE!$F$14,$M93,AN$13))))","v":1000000000000},{"$f":"IF($D93<>\"Serviço\",0,IF(AND(AUTOEVENTO=\"Manual\",$M93=1),0,IF(OFFSET(CRONOPLE!$F$14,$M93,AO$13)=\"\",10^12,OFFSET(CRONOPLE!$F$14,$M93,AO$13))))","v":1000000000000},{"$f":"IF($D93<>\"Serviço\",0,IF(AND(AUTOEVENTO=\"Manual\",$M93=1),0,IF(OFFSET(CRONOPLE!$F$14,$M93,AP$13)=\"\",10^12,OFFSET(CRONOPLE!$F$14,$M93,AP$13))))","v":1000000000000},{"$f":"IF($D93<>\"Serviço\",0,IF(AND(AUTOEVENTO=\"Manual\",$M93=1),0,IF(OFFSET(CRONOPLE!$F$14,$M93,AQ$13)=\"\",10^12,OFFSET(CRONOPLE!$F$14,$M93,AQ$13))))","v":1000000000000},{"$f":"IF($D93<>\"Serviço\",0,IF(AND(AUTOEVENTO=\"Manual\",$M93=1),0,IF(OFFSET(CRONOPLE!$F$14,$M93,AR$13)=\"\",10^12,OFFSET(CRONOPLE!$F$14,$M93,AR$13))))","v":1000000000000},{"$f":"IF($D93<>\"Serviço\",0,IF(AND(AUTOEVENTO=\"Manual\",$M93=1),0,IF(OFFSET(CRONOPLE!$F$14,$M93,AS$13)=\"\",10^12,OFFSET(CRONOPLE!$F$14,$M93,AS$13))))","v":1000000000000},{"$f":"IF($D93<>\"Serviço\",0,IF(AND(AUTOEVENTO=\"Manual\",$M93=1),0,IF(OFFSET(CRONOPLE!$F$14,$M93,AT$13)=\"\",10^12,OFFSET(CRONOPLE!$F$14,$M93,AT$13))))","v":1000000000000},{"$f":"IF($D93<>\"Serviço\",0,IF(AND(AUTOEVENTO=\"Manual\",$M93=1),0,IF(OFFSET(CRONOPLE!$F$14,$M93,AU$13)=\"\",10^12,OFFSET(CRONOPLE!$F$14,$M93,AU$13))))","v":1000000000000},{"$f":"IF($D93<>\"Serviço\",0,IF(AND(AUTOEVENTO=\"Manual\",$M93=1),0,IF(OFFSET(CRONOPLE!$F$14,$M93,AV$13)=\"\",10^12,OFFSET(CRONOPLE!$F$14,$M93,AV$13))))","v":1000000000000},null,{"$f":"IF($D93<>\"Serviço\",0,IF(OR(AND(AUTOEVENTO=\"Manual\",$M93=1),$M93>(ROW(PLE.lastrow)-ROW(PLE.firstrow))),0,IF(OFFSET(PLE!$G$14,$M93,AX$13)=\"\",10^12,OFFSET(PLE!$G$14,$M93,AX$13))))","v":1000000000000},{"$f":"IF($D93<>\"Serviço\",0,IF(OR(AND(AUTOEVENTO=\"Manual\",$M93=1),$M93>(ROW(PLE.lastrow)-ROW(PLE.firstrow))),0,IF(OFFSET(PLE!$G$14,$M93,AY$13)=\"\",10^12,OFFSET(PLE!$G$14,$M93,AY$13))))","v":1000000000000},{"$f":"IF($D93<>\"Serviço\",0,IF(OR(AND(AUTOEVENTO=\"Manual\",$M93=1),$M93>(ROW(PLE.lastrow)-ROW(PLE.firstrow))),0,IF(OFFSET(PLE!$G$14,$M93,AZ$13)=\"\",10^12,OFFSET(PLE!$G$14,$M93,AZ$13))))","v":1000000000000},{"$f":"IF($D93<>\"Serviço\",0,IF(OR(AND(AUTOEVENTO=\"Manual\",$M93=1),$M93>(ROW(PLE.lastrow)-ROW(PLE.firstrow))),0,IF(OFFSET(PLE!$G$14,$M93,BA$13)=\"\",10^12,OFFSET(PLE!$G$14,$M93,BA$13))))","v":1000000000000},{"$f":"IF($D93<>\"Serviço\",0,IF(OR(AND(AUTOEVENTO=\"Manual\",$M93=1),$M93>(ROW(PLE.lastrow)-ROW(PLE.firstrow))),0,IF(OFFSET(PLE!$G$14,$M93,BB$13)=\"\",10^12,OFFSET(PLE!$G$14,$M93,BB$13))))","v":1000000000000},{"$f":"IF($D93<>\"Serviço\",0,IF(OR(AND(AUTOEVENTO=\"Manual\",$M93=1),$M93>(ROW(PLE.lastrow)-ROW(PLE.firstrow))),0,IF(OFFSET(PLE!$G$14,$M93,BC$13)=\"\",10^12,OFFSET(PLE!$G$14,$M93,BC$13))))","v":1000000000000},{"$f":"IF($D93<>\"Serviço\",0,IF(OR(AND(AUTOEVENTO=\"Manual\",$M93=1),$M93>(ROW(PLE.lastrow)-ROW(PLE.firstrow))),0,IF(OFFSET(PLE!$G$14,$M93,BD$13)=\"\",10^12,OFFSET(PLE!$G$14,$M93,BD$13))))","v":1000000000000},{"$f":"IF($D93<>\"Serviço\",0,IF(OR(AND(AUTOEVENTO=\"Manual\",$M93=1),$M93>(ROW(PLE.lastrow)-ROW(PLE.firstrow))),0,IF(OFFSET(PLE!$G$14,$M93,BE$13)=\"\",10^12,OFFSET(PLE!$G$14,$M93,BE$13))))","v":1000000000000},{"$f":"IF($D93<>\"Serviço\",0,IF(OR(AND(AUTOEVENTO=\"Manual\",$M93=1),$M93>(ROW(PLE.lastrow)-ROW(PLE.firstrow))),0,IF(OFFSET(PLE!$G$14,$M93,BF$13)=\"\",10^12,OFFSET(PLE!$G$14,$M93,BF$13))))","v":1000000000000},{"$f":"IF($D93<>\"Serviço\",0,IF(OR(AND(AUTOEVENTO=\"Manual\",$M93=1),$M93>(ROW(PLE.lastrow)-ROW(PLE.firstrow))),0,IF(OFFSET(PLE!$G$14,$M93,BG$13)=\"\",10^12,OFFSET(PLE!$G$14,$M93,BG$13))))","v":1000000000000}]
[{"$f":"IF(AUTOEVENTO=\"Manual\",IF(K94<>\"\",MIN(VALUE(LEFT(K94,FIND(\".\",K94)-1)),COUNTA(EVENTOS.Lista)),0),IF(OR($B94>AUTOEVENTO,$B94=\"S\",$B94=0),SUBSTITUTE(OFFSET($A94,-1,0),IF($D94=\"Serviço\",\".\",\"\"),\"\"),ROW(A94)-ROW($A$15)&\".\"))","v":"72"},{"$f":"OFFSET(ORÇAMENTO!C$15,ROW(B94)-ROW(B$15),0)","v":"S"},{"$f":"OFFSET(ORÇAMENTO!L$15,ROW(C94)-ROW(C$15),0)","v":"F"},{"$f":"OFFSET(ORÇAMENTO!N$15,ROW(D94)-ROW(D$15),0)","v":"Serviço"},{"$f":"OFFSET(ORÇAMENTO!O$15,ROW(E94)-ROW(E$15),0)","v":"1.11.0.7."},{"$f":"OFFSET(ORÇAMENTO!R$15,ROW(F94)-ROW(F$15),0)","v":"REVESTIMENTO CERÂMICO PARA PISO COM PLACAS TIPO PORCELANATO DE DIMENSÕES 60X60 CM APLICADA EM AMBIENTES DE ÁREA MENOR QUE 5 M². AF_02/2023_PE"},{"$f":"IF($D94<>\"Serviço\",\"\",OFFSET(ORÇAMENTO!S$15,ROW(G94)-ROW(G$15),0))","v":"M2"},{"$f":"IF($D94<>\"Serviço\",0,IF(ACOMPANHAMENTO=\"BM\",ROUND(OFFSET(ORÇAMENTO!AJ$15,ROW(H94)-ROW(H$15),0),15-13*ORÇAMENTO!$AF$7),SUMPRODUCT(($Q$12:$AA$12<>\"\")*ROUND($Q94:$AA94,15-13*ORÇAMENTO!$AF$7))))","v":10.11},null,null,null,".",{"$f":"IF($D94<>\"Serviço\",\"\",IF(AUTOEVENTO=\"manual\",$A94,IF(ISERROR(MATCH($A94,$A$15:OFFSET($A94,-1,0),0)),MAX($M$15:OFFSET(M94,-1,0))+1,INDEX($M$15:OFFSET(M94,-1,0),MATCH($A94,$A$15:OFFSET($A94,-1,0),0)))))","v":12},{"$f":"IF($D94<>\"Serviço\",\"\",IF(AUTOEVENTO=\"Manual\",IF($A94=0,\"<-- defina o número do agrupador\",OFFSET(EVENTOS!$D$14,$A94,0)),OFFSET($F$15,$A94,0)))","v":"PISOS"},null,null,{"$f":"3.89+3.89+2.33","v":10.11},null,null,null,null,null,null,null,null,null,null,{"$f":"IF(AND($D94=\"Serviço\",AB$12<>0,$H94>0,OR(AUTOEVENTO<>\"manual\",$M94<>1)),\nIF(Import.TipoArredondamento<>\"TransfereGOV\",\nROUND(OFFSET($P94,0,AB$13),15-13*ORÇAMENTO!$AF$7)/$H94*OFFSET(ORÇAMENTO!$X$15,ROW(AB94)-ROW(AB$15),0),\nROUND(ROUND(OFFSET($P94,0,AB$13),15-13*ORÇAMENTO!$AF$7)*OFFSET(ORÇAMENTO!$W$15,ROW(AB94)-ROW(AB$15),0),15-13*ORÇAMENTO!$AF$11)),0)","v":1912.51},{"$f":"IF(AND($D94=\"Serviço\",AC$12<>0,$H94>0,OR(AUTOEVENTO<>\"manual\",$M94<>1)),\nIF(Import.TipoArredondamento<>\"TransfereGOV\",\nROUND(OFFSET($P94,0,AC$13),15-13*ORÇAMENTO!$AF$7)/$H94*OFFSET(ORÇAMENTO!$X$15,ROW(AC94)-ROW(AC$15),0),\nROUND(ROUND(OFFSET($P94,0,AC$13),15-13*ORÇAMENTO!$AF$7)*OFFSET(ORÇAMENTO!$W$15,ROW(AC94)-ROW(AC$15),0),15-13*ORÇAMENTO!$AF$11)),0)","v":0},{"$f":"IF(AND($D94=\"Serviço\",AD$12<>0,$H94>0,OR(AUTOEVENTO<>\"manual\",$M94<>1)),\nIF(Import.TipoArredondamento<>\"TransfereGOV\",\nROUND(OFFSET($P94,0,AD$13),15-13*ORÇAMENTO!$AF$7)/$H94*OFFSET(ORÇAMENTO!$X$15,ROW(AD94)-ROW(AD$15),0),\nROUND(ROUND(OFFSET($P94,0,AD$13),15-13*ORÇAMENTO!$AF$7)*OFFSET(ORÇAMENTO!$W$15,ROW(AD94)-ROW(AD$15),0),15-13*ORÇAMENTO!$AF$11)),0)","v":0},{"$f":"IF(AND($D94=\"Serviço\",AE$12<>0,$H94>0,OR(AUTOEVENTO<>\"manual\",$M94<>1)),\nIF(Import.TipoArredondamento<>\"TransfereGOV\",\nROUND(OFFSET($P94,0,AE$13),15-13*ORÇAMENTO!$AF$7)/$H94*OFFSET(ORÇAMENTO!$X$15,ROW(AE94)-ROW(AE$15),0),\nROUND(ROUND(OFFSET($P94,0,AE$13),15-13*ORÇAMENTO!$AF$7)*OFFSET(ORÇAMENTO!$W$15,ROW(AE94)-ROW(AE$15),0),15-13*ORÇAMENTO!$AF$11)),0)","v":0},{"$f":"IF(AND($D94=\"Serviço\",AF$12<>0,$H94>0,OR(AUTOEVENTO<>\"manual\",$M94<>1)),\nIF(Import.TipoArredondamento<>\"TransfereGOV\",\nROUND(OFFSET($P94,0,AF$13),15-13*ORÇAMENTO!$AF$7)/$H94*OFFSET(ORÇAMENTO!$X$15,ROW(AF94)-ROW(AF$15),0),\nROUND(ROUND(OFFSET($P94,0,AF$13),15-13*ORÇAMENTO!$AF$7)*OFFSET(ORÇAMENTO!$W$15,ROW(AF94)-ROW(AF$15),0),15-13*ORÇAMENTO!$AF$11)),0)","v":0},{"$f":"IF(AND($D94=\"Serviço\",AG$12<>0,$H94>0,OR(AUTOEVENTO<>\"manual\",$M94<>1)),\nIF(Import.TipoArredondamento<>\"TransfereGOV\",\nROUND(OFFSET($P94,0,AG$13),15-13*ORÇAMENTO!$AF$7)/$H94*OFFSET(ORÇAMENTO!$X$15,ROW(AG94)-ROW(AG$15),0),\nROUND(ROUND(OFFSET($P94,0,AG$13),15-13*ORÇAMENTO!$AF$7)*OFFSET(ORÇAMENTO!$W$15,ROW(AG94)-ROW(AG$15),0),15-13*ORÇAMENTO!$AF$11)),0)","v":0},{"$f":"IF(AND($D94=\"Serviço\",AH$12<>0,$H94>0,OR(AUTOEVENTO<>\"manual\",$M94<>1)),\nIF(Import.TipoArredondamento<>\"TransfereGOV\",\nROUND(OFFSET($P94,0,AH$13),15-13*ORÇAMENTO!$AF$7)/$H94*OFFSET(ORÇAMENTO!$X$15,ROW(AH94)-ROW(AH$15),0),\nROUND(ROUND(OFFSET($P94,0,AH$13),15-13*ORÇAMENTO!$AF$7)*OFFSET(ORÇAMENTO!$W$15,ROW(AH94)-ROW(AH$15),0),15-13*ORÇAMENTO!$AF$11)),0)","v":0},{"$f":"IF(AND($D94=\"Serviço\",AI$12<>0,$H94>0,OR(AUTOEVENTO<>\"manual\",$M94<>1)),\nIF(Import.TipoArredondamento<>\"TransfereGOV\",\nROUND(OFFSET($P94,0,AI$13),15-13*ORÇAMENTO!$AF$7)/$H94*OFFSET(ORÇAMENTO!$X$15,ROW(AI94)-ROW(AI$15),0),\nROUND(ROUND(OFFSET($P94,0,AI$13),15-13*ORÇAMENTO!$AF$7)*OFFSET(ORÇAMENTO!$W$15,ROW(AI94)-ROW(AI$15),0),15-13*ORÇAMENTO!$AF$11)),0)","v":0},{"$f":"IF(AND($D94=\"Serviço\",AJ$12<>0,$H94>0,OR(AUTOEVENTO<>\"manual\",$M94<>1)),\nIF(Import.TipoArredondamento<>\"TransfereGOV\",\nROUND(OFFSET($P94,0,AJ$13),15-13*ORÇAMENTO!$AF$7)/$H94*OFFSET(ORÇAMENTO!$X$15,ROW(AJ94)-ROW(AJ$15),0),\nROUND(ROUND(OFFSET($P94,0,AJ$13),15-13*ORÇAMENTO!$AF$7)*OFFSET(ORÇAMENTO!$W$15,ROW(AJ94)-ROW(AJ$15),0),15-13*ORÇAMENTO!$AF$11)),0)","v":0},{"$f":"IF(AND($D94=\"Serviço\",AK$12<>0,$H94>0,OR(AUTOEVENTO<>\"manual\",$M94<>1)),\nIF(Import.TipoArredondamento<>\"TransfereGOV\",\nROUND(OFFSET($P94,0,AK$13),15-13*ORÇAMENTO!$AF$7)/$H94*OFFSET(ORÇAMENTO!$X$15,ROW(AK94)-ROW(AK$15),0),\nROUND(ROUND(OFFSET($P94,0,AK$13),15-13*ORÇAMENTO!$AF$7)*OFFSET(ORÇAMENTO!$W$15,ROW(AK94)-ROW(AK$15),0),15-13*ORÇAMENTO!$AF$11)),0)","v":0},null,{"$f":"IF($D94<>\"Serviço\",0,IF(AND(AUTOEVENTO=\"Manual\",$M94=1),0,IF(OFFSET(CRONOPLE!$F$14,$M94,AM$13)=\"\",10^12,OFFSET(CRONOPLE!$F$14,$M94,AM$13))))","v":1000000000000},{"$f":"IF($D94<>\"Serviço\",0,IF(AND(AUTOEVENTO=\"Manual\",$M94=1),0,IF(OFFSET(CRONOPLE!$F$14,$M94,AN$13)=\"\",10^12,OFFSET(CRONOPLE!$F$14,$M94,AN$13))))","v":1000000000000},{"$f":"IF($D94<>\"Serviço\",0,IF(AND(AUTOEVENTO=\"Manual\",$M94=1),0,IF(OFFSET(CRONOPLE!$F$14,$M94,AO$13)=\"\",10^12,OFFSET(CRONOPLE!$F$14,$M94,AO$13))))","v":1000000000000},{"$f":"IF($D94<>\"Serviço\",0,IF(AND(AUTOEVENTO=\"Manual\",$M94=1),0,IF(OFFSET(CRONOPLE!$F$14,$M94,AP$13)=\"\",10^12,OFFSET(CRONOPLE!$F$14,$M94,AP$13))))","v":1000000000000},{"$f":"IF($D94<>\"Serviço\",0,IF(AND(AUTOEVENTO=\"Manual\",$M94=1),0,IF(OFFSET(CRONOPLE!$F$14,$M94,AQ$13)=\"\",10^12,OFFSET(CRONOPLE!$F$14,$M94,AQ$13))))","v":1000000000000},{"$f":"IF($D94<>\"Serviço\",0,IF(AND(AUTOEVENTO=\"Manual\",$M94=1),0,IF(OFFSET(CRONOPLE!$F$14,$M94,AR$13)=\"\",10^12,OFFSET(CRONOPLE!$F$14,$M94,AR$13))))","v":1000000000000},{"$f":"IF($D94<>\"Serviço\",0,IF(AND(AUTOEVENTO=\"Manual\",$M94=1),0,IF(OFFSET(CRONOPLE!$F$14,$M94,AS$13)=\"\",10^12,OFFSET(CRONOPLE!$F$14,$M94,AS$13))))","v":1000000000000},{"$f":"IF($D94<>\"Serviço\",0,IF(AND(AUTOEVENTO=\"Manual\",$M94=1),0,IF(OFFSET(CRONOPLE!$F$14,$M94,AT$13)=\"\",10^12,OFFSET(CRONOPLE!$F$14,$M94,AT$13))))","v":1000000000000},{"$f":"IF($D94<>\"Serviço\",0,IF(AND(AUTOEVENTO=\"Manual\",$M94=1),0,IF(OFFSET(CRONOPLE!$F$14,$M94,AU$13)=\"\",10^12,OFFSET(CRONOPLE!$F$14,$M94,AU$13))))","v":1000000000000},{"$f":"IF($D94<>\"Serviço\",0,IF(AND(AUTOEVENTO=\"Manual\",$M94=1),0,IF(OFFSET(CRONOPLE!$F$14,$M94,AV$13)=\"\",10^12,OFFSET(CRONOPLE!$F$14,$M94,AV$13))))","v":1000000000000},null,{"$f":"IF($D94<>\"Serviço\",0,IF(OR(AND(AUTOEVENTO=\"Manual\",$M94=1),$M94>(ROW(PLE.lastrow)-ROW(PLE.firstrow))),0,IF(OFFSET(PLE!$G$14,$M94,AX$13)=\"\",10^12,OFFSET(PLE!$G$14,$M94,AX$13))))","v":1000000000000},{"$f":"IF($D94<>\"Serviço\",0,IF(OR(AND(AUTOEVENTO=\"Manual\",$M94=1),$M94>(ROW(PLE.lastrow)-ROW(PLE.firstrow))),0,IF(OFFSET(PLE!$G$14,$M94,AY$13)=\"\",10^12,OFFSET(PLE!$G$14,$M94,AY$13))))","v":1000000000000},{"$f":"IF($D94<>\"Serviço\",0,IF(OR(AND(AUTOEVENTO=\"Manual\",$M94=1),$M94>(ROW(PLE.lastrow)-ROW(PLE.firstrow))),0,IF(OFFSET(PLE!$G$14,$M94,AZ$13)=\"\",10^12,OFFSET(PLE!$G$14,$M94,AZ$13))))","v":1000000000000},{"$f":"IF($D94<>\"Serviço\",0,IF(OR(AND(AUTOEVENTO=\"Manual\",$M94=1),$M94>(ROW(PLE.lastrow)-ROW(PLE.firstrow))),0,IF(OFFSET(PLE!$G$14,$M94,BA$13)=\"\",10^12,OFFSET(PLE!$G$14,$M94,BA$13))))","v":1000000000000},{"$f":"IF($D94<>\"Serviço\",0,IF(OR(AND(AUTOEVENTO=\"Manual\",$M94=1),$M94>(ROW(PLE.lastrow)-ROW(PLE.firstrow))),0,IF(OFFSET(PLE!$G$14,$M94,BB$13)=\"\",10^12,OFFSET(PLE!$G$14,$M94,BB$13))))","v":1000000000000},{"$f":"IF($D94<>\"Serviço\",0,IF(OR(AND(AUTOEVENTO=\"Manual\",$M94=1),$M94>(ROW(PLE.lastrow)-ROW(PLE.firstrow))),0,IF(OFFSET(PLE!$G$14,$M94,BC$13)=\"\",10^12,OFFSET(PLE!$G$14,$M94,BC$13))))","v":1000000000000},{"$f":"IF($D94<>\"Serviço\",0,IF(OR(AND(AUTOEVENTO=\"Manual\",$M94=1),$M94>(ROW(PLE.lastrow)-ROW(PLE.firstrow))),0,IF(OFFSET(PLE!$G$14,$M94,BD$13)=\"\",10^12,OFFSET(PLE!$G$14,$M94,BD$13))))","v":1000000000000},{"$f":"IF($D94<>\"Serviço\",0,IF(OR(AND(AUTOEVENTO=\"Manual\",$M94=1),$M94>(ROW(PLE.lastrow)-ROW(PLE.firstrow))),0,IF(OFFSET(PLE!$G$14,$M94,BE$13)=\"\",10^12,OFFSET(PLE!$G$14,$M94,BE$13))))","v":1000000000000},{"$f":"IF($D94<>\"Serviço\",0,IF(OR(AND(AUTOEVENTO=\"Manual\",$M94=1),$M94>(ROW(PLE.lastrow)-ROW(PLE.firstrow))),0,IF(OFFSET(PLE!$G$14,$M94,BF$13)=\"\",10^12,OFFSET(PLE!$G$14,$M94,BF$13))))","v":1000000000000},{"$f":"IF($D94<>\"Serviço\",0,IF(OR(AND(AUTOEVENTO=\"Manual\",$M94=1),$M94>(ROW(PLE.lastrow)-ROW(PLE.firstrow))),0,IF(OFFSET(PLE!$G$14,$M94,BG$13)=\"\",10^12,OFFSET(PLE!$G$14,$M94,BG$13))))","v":1000000000000}]
["72",{"$f":"OFFSET(ORÇAMENTO!C$15,ROW(B95)-ROW(B$15),0)","v":"S"},{"$f":"OFFSET(ORÇAMENTO!L$15,ROW(C95)-ROW(C$15),0)","v":"F"},{"$f":"OFFSET(ORÇAMENTO!N$15,ROW(D95)-ROW(D$15),0)","v":"Serviço"},{"$f":"OFFSET(ORÇAMENTO!O$15,ROW(E95)-ROW(E$15),0)","v":"1.11.0.8."},{"$f":"OFFSET(ORÇAMENTO!R$15,ROW(F95)-ROW(F$15),0)","v":"REVESTIMENTO CERÂMICO PARA PISO COM PLACAS TIPO PORCELANATO DE DIMENSÕES 60X60 CM APLICADA EM AMBIENTES DE ÁREA ENTRE 5 M² E 10 M². AF_02/2023_PE"},{"$f":"IF($D95<>\"Serviço\",\"\",OFFSET(ORÇAMENTO!S$15,ROW(G95)-ROW(G$15),0))","v":"M2"},{"$f":"IF($D95<>\"Serviço\",0,IF(ACOMPANHAMENTO=\"BM\",ROUND(OFFSET(ORÇAMENTO!AJ$15,ROW(H95)-ROW(H$15),0),15-13*ORÇAMENTO!$AF$7),SUMPRODUCT(($Q$12:$AA$12<>\"\")*ROUND($Q95:$AA95,15-13*ORÇAMENTO!$AF$7))))","v":64.930000000000007},null,null,null,".",{"$f":"IF($D95<>\"Serviço\",\"\",IF(AUTOEVENTO=\"manual\",$A95,IF(ISERROR(MATCH($A95,$A$15:OFFSET($A95,-1,0),0)),MAX($M$15:OFFSET(M95,-1,0))+1,INDEX($M$15:OFFSET(M95,-1,0),MATCH($A95,$A$15:OFFSET($A95,-1,0),0)))))","v":12},{"$f":"IF($D95<>\"Serviço\",\"\",IF(AUTOEVENTO=\"Manual\",IF($A95=0,\"<-- defina o número do agrupador\",OFFSET(EVENTOS!$D$14,$A95,0)),OFFSET($F$15,$A95,0)))","v":"PISOS"},null,null,{"$f":"8.5+8+9.71+9.71+8.82+9.97+5.11+5.11","v":64.930000000000007},null,null,null,null,null,null,null,null,null,null,{"$f":"IF(AND($D95=\"Serviço\",AB$12<>0,$H95>0,OR(AUTOEVENTO<>\"manual\",$M95<>1)),\nIF(Import.TipoArredondamento<>\"TransfereGOV\",\nROUND(OFFSET($P95,0,AB$13),15-13*ORÇAMENTO!$AF$7)/$H95*OFFSET(ORÇAMENTO!$X$15,ROW(AB95)-ROW(AB$15),0),\nROUND(ROUND(OFFSET($P95,0,AB$13),15-13*ORÇAMENTO!$AF$7)*OFFSET(ORÇAMENTO!$W$15,ROW(AB95)-ROW(AB$15),0),15-13*ORÇAMENTO!$AF$11)),0)","v":11267.3},{"$f":"IF(AND($D95=\"Serviço\",AC$12<>0,$H95>0,OR(AUTOEVENTO<>\"manual\",$M95<>1)),\nIF(Import.TipoArredondamento<>\"TransfereGOV\",\nROUND(OFFSET($P95,0,AC$13),15-13*ORÇAMENTO!$AF$7)/$H95*OFFSET(ORÇAMENTO!$X$15,ROW(AC95)-ROW(AC$15),0),\nROUND(ROUND(OFFSET($P95,0,AC$13),15-13*ORÇAMENTO!$AF$7)*OFFSET(ORÇAMENTO!$W$15,ROW(AC95)-ROW(AC$15),0),15-13*ORÇAMENTO!$AF$11)),0)","v":0},{"$f":"IF(AND($D95=\"Serviço\",AD$12<>0,$H95>0,OR(AUTOEVENTO<>\"manual\",$M95<>1)),\nIF(Import.TipoArredondamento<>\"TransfereGOV\",\nROUND(OFFSET($P95,0,AD$13),15-13*ORÇAMENTO!$AF$7)/$H95*OFFSET(ORÇAMENTO!$X$15,ROW(AD95)-ROW(AD$15),0),\nROUND(ROUND(OFFSET($P95,0,AD$13),15-13*ORÇAMENTO!$AF$7)*OFFSET(ORÇAMENTO!$W$15,ROW(AD95)-ROW(AD$15),0),15-13*ORÇAMENTO!$AF$11)),0)","v":0},{"$f":"IF(AND($D95=\"Serviço\",AE$12<>0,$H95>0,OR(AUTOEVENTO<>\"manual\",$M95<>1)),\nIF(Import.TipoArredondamento<>\"TransfereGOV\",\nROUND(OFFSET($P95,0,AE$13),15-13*ORÇAMENTO!$AF$7)/$H95*OFFSET(ORÇAMENTO!$X$15,ROW(AE95)-ROW(AE$15),0),\nROUND(ROUND(OFFSET($P95,0,AE$13),15-13*ORÇAMENTO!$AF$7)*OFFSET(ORÇAMENTO!$W$15,ROW(AE95)-ROW(AE$15),0),15-13*ORÇAMENTO!$AF$11)),0)","v":0},{"$f":"IF(AND($D95=\"Serviço\",AF$12<>0,$H95>0,OR(AUTOEVENTO<>\"manual\",$M95<>1)),\nIF(Import.TipoArredondamento<>\"TransfereGOV\",\nROUND(OFFSET($P95,0,AF$13),15-13*ORÇAMENTO!$AF$7)/$H95*OFFSET(ORÇAMENTO!$X$15,ROW(AF95)-ROW(AF$15),0),\nROUND(ROUND(OFFSET($P95,0,AF$13),15-13*ORÇAMENTO!$AF$7)*OFFSET(ORÇAMENTO!$W$15,ROW(AF95)-ROW(AF$15),0),15-13*ORÇAMENTO!$AF$11)),0)","v":0},{"$f":"IF(AND($D95=\"Serviço\",AG$12<>0,$H95>0,OR(AUTOEVENTO<>\"manual\",$M95<>1)),\nIF(Import.TipoArredondamento<>\"TransfereGOV\",\nROUND(OFFSET($P95,0,AG$13),15-13*ORÇAMENTO!$AF$7)/$H95*OFFSET(ORÇAMENTO!$X$15,ROW(AG95)-ROW(AG$15),0),\nROUND(ROUND(OFFSET($P95,0,AG$13),15-13*ORÇAMENTO!$AF$7)*OFFSET(ORÇAMENTO!$W$15,ROW(AG95)-ROW(AG$15),0),15-13*ORÇAMENTO!$AF$11)),0)","v":0},{"$f":"IF(AND($D95=\"Serviço\",AH$12<>0,$H95>0,OR(AUTOEVENTO<>\"manual\",$M95<>1)),\nIF(Import.TipoArredondamento<>\"TransfereGOV\",\nROUND(OFFSET($P95,0,AH$13),15-13*ORÇAMENTO!$AF$7)/$H95*OFFSET(ORÇAMENTO!$X$15,ROW(AH95)-ROW(AH$15),0),\nROUND(ROUND(OFFSET($P95,0,AH$13),15-13*ORÇAMENTO!$AF$7)*OFFSET(ORÇAMENTO!$W$15,ROW(AH95)-ROW(AH$15),0),15-13*ORÇAMENTO!$AF$11)),0)","v":0},{"$f":"IF(AND($D95=\"Serviço\",AI$12<>0,$H95>0,OR(AUTOEVENTO<>\"manual\",$M95<>1)),\nIF(Import.TipoArredondamento<>\"TransfereGOV\",\nROUND(OFFSET($P95,0,AI$13),15-13*ORÇAMENTO!$AF$7)/$H95*OFFSET(ORÇAMENTO!$X$15,ROW(AI95)-ROW(AI$15),0),\nROUND(ROUND(OFFSET($P95,0,AI$13),15-13*ORÇAMENTO!$AF$7)*OFFSET(ORÇAMENTO!$W$15,ROW(AI95)-ROW(AI$15),0),15-13*ORÇAMENTO!$AF$11)),0)","v":0},{"$f":"IF(AND($D95=\"Serviço\",AJ$12<>0,$H95>0,OR(AUTOEVENTO<>\"manual\",$M95<>1)),\nIF(Import.TipoArredondamento<>\"TransfereGOV\",\nROUND(OFFSET($P95,0,AJ$13),15-13*ORÇAMENTO!$AF$7)/$H95*OFFSET(ORÇAMENTO!$X$15,ROW(AJ95)-ROW(AJ$15),0),\nROUND(ROUND(OFFSET($P95,0,AJ$13),15-13*ORÇAMENTO!$AF$7)*OFFSET(ORÇAMENTO!$W$15,ROW(AJ95)-ROW(AJ$15),0),15-13*ORÇAMENTO!$AF$11)),0)","v":0},{"$f":"IF(AND($D95=\"Serviço\",AK$12<>0,$H95>0,OR(AUTOEVENTO<>\"manual\",$M95<>1)),\nIF(Import.TipoArredondamento<>\"TransfereGOV\",\nROUND(OFFSET($P95,0,AK$13),15-13*ORÇAMENTO!$AF$7)/$H95*OFFSET(ORÇAMENTO!$X$15,ROW(AK95)-ROW(AK$15),0),\nROUND(ROUND(OFFSET($P95,0,AK$13),15-13*ORÇAMENTO!$AF$7)*OFFSET(ORÇAMENTO!$W$15,ROW(AK95)-ROW(AK$15),0),15-13*ORÇAMENTO!$AF$11)),0)","v":0},null,{"$f":"IF($D95<>\"Serviço\",0,IF(AND(AUTOEVENTO=\"Manual\",$M95=1),0,IF(OFFSET(CRONOPLE!$F$14,$M95,AM$13)=\"\",10^12,OFFSET(CRONOPLE!$F$14,$M95,AM$13))))","v":1000000000000},{"$f":"IF($D95<>\"Serviço\",0,IF(AND(AUTOEVENTO=\"Manual\",$M95=1),0,IF(OFFSET(CRONOPLE!$F$14,$M95,AN$13)=\"\",10^12,OFFSET(CRONOPLE!$F$14,$M95,AN$13))))","v":1000000000000},{"$f":"IF($D95<>\"Serviço\",0,IF(AND(AUTOEVENTO=\"Manual\",$M95=1),0,IF(OFFSET(CRONOPLE!$F$14,$M95,AO$13)=\"\",10^12,OFFSET(CRONOPLE!$F$14,$M95,AO$13))))","v":1000000000000},{"$f":"IF($D95<>\"Serviço\",0,IF(AND(AUTOEVENTO=\"Manual\",$M95=1),0,IF(OFFSET(CRONOPLE!$F$14,$M95,AP$13)=\"\",10^12,OFFSET(CRONOPLE!$F$14,$M95,AP$13))))","v":1000000000000},{"$f":"IF($D95<>\"Serviço\",0,IF(AND(AUTOEVENTO=\"Manual\",$M95=1),0,IF(OFFSET(CRONOPLE!$F$14,$M95,AQ$13)=\"\",10^12,OFFSET(CRONOPLE!$F$14,$M95,AQ$13))))","v":1000000000000},{"$f":"IF($D95<>\"Serviço\",0,IF(AND(AUTOEVENTO=\"Manual\",$M95=1),0,IF(OFFSET(CRONOPLE!$F$14,$M95,AR$13)=\"\",10^12,OFFSET(CRONOPLE!$F$14,$M95,AR$13))))","v":1000000000000},{"$f":"IF($D95<>\"Serviço\",0,IF(AND(AUTOEVENTO=\"Manual\",$M95=1),0,IF(OFFSET(CRONOPLE!$F$14,$M95,AS$13)=\"\",10^12,OFFSET(CRONOPLE!$F$14,$M95,AS$13))))","v":1000000000000},{"$f":"IF($D95<>\"Serviço\",0,IF(AND(AUTOEVENTO=\"Manual\",$M95=1),0,IF(OFFSET(CRONOPLE!$F$14,$M95,AT$13)=\"\",10^12,OFFSET(CRONOPLE!$F$14,$M95,AT$13))))","v":1000000000000},{"$f":"IF($D95<>\"Serviço\",0,IF(AND(AUTOEVENTO=\"Manual\",$M95=1),0,IF(OFFSET(CRONOPLE!$F$14,$M95,AU$13)=\"\",10^12,OFFSET(CRONOPLE!$F$14,$M95,AU$13))))","v":1000000000000},{"$f":"IF($D95<>\"Serviço\",0,IF(AND(AUTOEVENTO=\"Manual\",$M95=1),0,IF(OFFSET(CRONOPLE!$F$14,$M95,AV$13)=\"\",10^12,OFFSET(CRONOPLE!$F$14,$M95,AV$13))))","v":1000000000000},null,{"$f":"IF($D95<>\"Serviço\",0,IF(OR(AND(AUTOEVENTO=\"Manual\",$M95=1),$M95>(ROW(PLE.lastrow)-ROW(PLE.firstrow))),0,IF(OFFSET(PLE!$G$14,$M95,AX$13)=\"\",10^12,OFFSET(PLE!$G$14,$M95,AX$13))))","v":1000000000000},{"$f":"IF($D95<>\"Serviço\",0,IF(OR(AND(AUTOEVENTO=\"Manual\",$M95=1),$M95>(ROW(PLE.lastrow)-ROW(PLE.firstrow))),0,IF(OFFSET(PLE!$G$14,$M95,AY$13)=\"\",10^12,OFFSET(PLE!$G$14,$M95,AY$13))))","v":1000000000000},{"$f":"IF($D95<>\"Serviço\",0,IF(OR(AND(AUTOEVENTO=\"Manual\",$M95=1),$M95>(ROW(PLE.lastrow)-ROW(PLE.firstrow))),0,IF(OFFSET(PLE!$G$14,$M95,AZ$13)=\"\",10^12,OFFSET(PLE!$G$14,$M95,AZ$13))))","v":1000000000000},{"$f":"IF($D95<>\"Serviço\",0,IF(OR(AND(AUTOEVENTO=\"Manual\",$M95=1),$M95>(ROW(PLE.lastrow)-ROW(PLE.firstrow))),0,IF(OFFSET(PLE!$G$14,$M95,BA$13)=\"\",10^12,OFFSET(PLE!$G$14,$M95,BA$13))))","v":1000000000000},{"$f":"IF($D95<>\"Serviço\",0,IF(OR(AND(AUTOEVENTO=\"Manual\",$M95=1),$M95>(ROW(PLE.lastrow)-ROW(PLE.firstrow))),0,IF(OFFSET(PLE!$G$14,$M95,BB$13)=\"\",10^12,OFFSET(PLE!$G$14,$M95,BB$13))))","v":1000000000000},{"$f":"IF($D95<>\"Serviço\",0,IF(OR(AND(AUTOEVENTO=\"Manual\",$M95=1),$M95>(ROW(PLE.lastrow)-ROW(PLE.firstrow))),0,IF(OFFSET(PLE!$G$14,$M95,BC$13)=\"\",10^12,OFFSET(PLE!$G$14,$M95,BC$13))))","v":1000000000000},{"$f":"IF($D95<>\"Serviço\",0,IF(OR(AND(AUTOEVENTO=\"Manual\",$M95=1),$M95>(ROW(PLE.lastrow)-ROW(PLE.firstrow))),0,IF(OFFSET(PLE!$G$14,$M95,BD$13)=\"\",10^12,OFFSET(PLE!$G$14,$M95,BD$13))))","v":1000000000000},{"$f":"IF($D95<>\"Serviço\",0,IF(OR(AND(AUTOEVENTO=\"Manual\",$M95=1),$M95>(ROW(PLE.lastrow)-ROW(PLE.firstrow))),0,IF(OFFSET(PLE!$G$14,$M95,BE$13)=\"\",10^12,OFFSET(PLE!$G$14,$M95,BE$13))))","v":1000000000000},{"$f":"IF($D95<>\"Serviço\",0,IF(OR(AND(AUTOEVENTO=\"Manual\",$M95=1),$M95>(ROW(PLE.lastrow)-ROW(PLE.firstrow))),0,IF(OFFSET(PLE!$G$14,$M95,BF$13)=\"\",10^12,OFFSET(PLE!$G$14,$M95,BF$13))))","v":1000000000000},{"$f":"IF($D95<>\"Serviço\",0,IF(OR(AND(AUTOEVENTO=\"Manual\",$M95=1),$M95>(ROW(PLE.lastrow)-ROW(PLE.firstrow))),0,IF(OFFSET(PLE!$G$14,$M95,BG$13)=\"\",10^12,OFFSET(PLE!$G$14,$M95,BG$13))))","v":1000000000000}]
[{"$f":"IF(AUTOEVENTO=\"Manual\",IF(K96<>\"\",MIN(VALUE(LEFT(K96,FIND(\".\",K96)-1)),COUNTA(EVENTOS.Lista)),0),IF(OR($B96>AUTOEVENTO,$B96=\"S\",$B96=0),SUBSTITUTE(OFFSET($A96,-1,0),IF($D96=\"Serviço\",\".\",\"\"),\"\"),ROW(A96)-ROW($A$15)&\".\"))","v":"72"},{"$f":"OFFSET(ORÇAMENTO!C$15,ROW(B96)-ROW(B$15),0)","v":"S"},{"$f":"OFFSET(ORÇAMENTO!L$15,ROW(C96)-ROW(C$15),0)","v":"F"},{"$f":"OFFSET(ORÇAMENTO!N$15,ROW(D96)-ROW(D$15),0)","v":"Serviço"},{"$f":"OFFSET(ORÇAMENTO!O$15,ROW(E96)-ROW(E$15),0)","v":"1.11.0.9."},{"$f":"OFFSET(ORÇAMENTO!R$15,ROW(F96)-ROW(F$15),0)","v":"REVESTIMENTO CERÂMICO PARA PISO COM PLACAS TIPO PORCELANATO DE DIMENSÕES 60X60 CM APLICADA EM AMBIENTES DE ÁREA MAIOR QUE 10 M². AF_02/2023_PE"},{"$f":"IF($D96<>\"Serviço\",\"\",OFFSET(ORÇAMENTO!S$15,ROW(G96)-ROW(G$15),0))","v":"M2"},{"$f":"IF($D96<>\"Serviço\",0,IF(ACOMPANHAMENTO=\"BM\",ROUND(OFFSET(ORÇAMENTO!AJ$15,ROW(H96)-ROW(H$15),0),15-13*ORÇAMENTO!$AF$7),SUMPRODUCT(($Q$12:$AA$12<>\"\")*ROUND($Q96:$AA96,15-13*ORÇAMENTO!$AF$7))))","v":225.99},null,null,null,".",{"$f":"IF($D96<>\"Serviço\",\"\",IF(AUTOEVENTO=\"manual\",$A96,IF(ISERROR(MATCH($A96,$A$15:OFFSET($A96,-1,0),0)),MAX($M$15:OFFSET(M96,-1,0))+1,INDEX($M$15:OFFSET(M96,-1,0),MATCH($A96,$A$15:OFFSET($A96,-1,0),0)))))","v":12},{"$f":"IF($D96<>\"Serviço\",\"\",IF(AUTOEVENTO=\"Manual\",IF($A96=0,\"<-- defina o número do agrupador\",OFFSET(EVENTOS!$D$14,$A96,0)),OFFSET($F$15,$A96,0)))","v":"PISOS"},null,null,{"$f":"43.72+14.47+41.34+25.3+25+14.91+16.26+30.62+13.78+(2.05*0.15)+(1.25*0.15)+(0.6*0.15)","v":225.98499999999999},null,null,null,null,null,null,null,null,null,null,{"$f":"IF(AND($D96=\"Serviço\",AB$12<>0,$H96>0,OR(AUTOEVENTO<>\"manual\",$M96<>1)),\nIF(Import.TipoArredondamento<>\"TransfereGOV\",\nROUND(OFFSET($P96,0,AB$13),15-13*ORÇAMENTO!$AF$7)/$H96*OFFSET(ORÇAMENTO!$X$15,ROW(AB96)-ROW(AB$15),0),\nROUND(ROUND(OFFSET($P96,0,AB$13),15-13*ORÇAMENTO!$AF$7)*OFFSET(ORÇAMENTO!$W$15,ROW(AB96)-ROW(AB$15),0),15-13*ORÇAMENTO!$AF$11)),0)","v":36574.22},{"$f":"IF(AND($D96=\"Serviço\",AC$12<>0,$H96>0,OR(AUTOEVENTO<>\"manual\",$M96<>1)),\nIF(Import.TipoArredondamento<>\"TransfereGOV\",\nROUND(OFFSET($P96,0,AC$13),15-13*ORÇAMENTO!$AF$7)/$H96*OFFSET(ORÇAMENTO!$X$15,ROW(AC96)-ROW(AC$15),0),\nROUND(ROUND(OFFSET($P96,0,AC$13),15-13*ORÇAMENTO!$AF$7)*OFFSET(ORÇAMENTO!$W$15,ROW(AC96)-ROW(AC$15),0),15-13*ORÇAMENTO!$AF$11)),0)","v":0},{"$f":"IF(AND($D96=\"Serviço\",AD$12<>0,$H96>0,OR(AUTOEVENTO<>\"manual\",$M96<>1)),\nIF(Import.TipoArredondamento<>\"TransfereGOV\",\nROUND(OFFSET($P96,0,AD$13),15-13*ORÇAMENTO!$AF$7)/$H96*OFFSET(ORÇAMENTO!$X$15,ROW(AD96)-ROW(AD$15),0),\nROUND(ROUND(OFFSET($P96,0,AD$13),15-13*ORÇAMENTO!$AF$7)*OFFSET(ORÇAMENTO!$W$15,ROW(AD96)-ROW(AD$15),0),15-13*ORÇAMENTO!$AF$11)),0)","v":0},{"$f":"IF(AND($D96=\"Serviço\",AE$12<>0,$H96>0,OR(AUTOEVENTO<>\"manual\",$M96<>1)),\nIF(Import.TipoArredondamento<>\"TransfereGOV\",\nROUND(OFFSET($P96,0,AE$13),15-13*ORÇAMENTO!$AF$7)/$H96*OFFSET(ORÇAMENTO!$X$15,ROW(AE96)-ROW(AE$15),0),\nROUND(ROUND(OFFSET($P96,0,AE$13),15-13*ORÇAMENTO!$AF$7)*OFFSET(ORÇAMENTO!$W$15,ROW(AE96)-ROW(AE$15),0),15-13*ORÇAMENTO!$AF$11)),0)","v":0},{"$f":"IF(AND($D96=\"Serviço\",AF$12<>0,$H96>0,OR(AUTOEVENTO<>\"manual\",$M96<>1)),\nIF(Import.TipoArredondamento<>\"TransfereGOV\",\nROUND(OFFSET($P96,0,AF$13),15-13*ORÇAMENTO!$AF$7)/$H96*OFFSET(ORÇAMENTO!$X$15,ROW(AF96)-ROW(AF$15),0),\nROUND(ROUND(OFFSET($P96,0,AF$13),15-13*ORÇAMENTO!$AF$7)*OFFSET(ORÇAMENTO!$W$15,ROW(AF96)-ROW(AF$15),0),15-13*ORÇAMENTO!$AF$11)),0)","v":0},{"$f":"IF(AND($D96=\"Serviço\",AG$12<>0,$H96>0,OR(AUTOEVENTO<>\"manual\",$M96<>1)),\nIF(Import.TipoArredondamento<>\"TransfereGOV\",\nROUND(OFFSET($P96,0,AG$13),15-13*ORÇAMENTO!$AF$7)/$H96*OFFSET(ORÇAMENTO!$X$15,ROW(AG96)-ROW(AG$15),0),\nROUND(ROUND(OFFSET($P96,0,AG$13),15-13*ORÇAMENTO!$AF$7)*OFFSET(ORÇAMENTO!$W$15,ROW(AG96)-ROW(AG$15),0),15-13*ORÇAMENTO!$AF$11)),0)","v":0},{"$f":"IF(AND($D96=\"Serviço\",AH$12<>0,$H96>0,OR(AUTOEVENTO<>\"manual\",$M96<>1)),\nIF(Import.TipoArredondamento<>\"TransfereGOV\",\nROUND(OFFSET($P96,0,AH$13),15-13*ORÇAMENTO!$AF$7)/$H96*OFFSET(ORÇAMENTO!$X$15,ROW(AH96)-ROW(AH$15),0),\nROUND(ROUND(OFFSET($P96,0,AH$13),15-13*ORÇAMENTO!$AF$7)*OFFSET(ORÇAMENTO!$W$15,ROW(AH96)-ROW(AH$15),0),15-13*ORÇAMENTO!$AF$11)),0)","v":0},{"$f":"IF(AND($D96=\"Serviço\",AI$12<>0,$H96>0,OR(AUTOEVENTO<>\"manual\",$M96<>1)),\nIF(Import.TipoArredondamento<>\"TransfereGOV\",\nROUND(OFFSET($P96,0,AI$13),15-13*ORÇAMENTO!$AF$7)/$H96*OFFSET(ORÇAMENTO!$X$15,ROW(AI96)-ROW(AI$15),0),\nROUND(ROUND(OFFSET($P96,0,AI$13),15-13*ORÇAMENTO!$AF$7)*OFFSET(ORÇAMENTO!$W$15,ROW(AI96)-ROW(AI$15),0),15-13*ORÇAMENTO!$AF$11)),0)","v":0},{"$f":"IF(AND($D96=\"Serviço\",AJ$12<>0,$H96>0,OR(AUTOEVENTO<>\"manual\",$M96<>1)),\nIF(Import.TipoArredondamento<>\"TransfereGOV\",\nROUND(OFFSET($P96,0,AJ$13),15-13*ORÇAMENTO!$AF$7)/$H96*OFFSET(ORÇAMENTO!$X$15,ROW(AJ96)-ROW(AJ$15),0),\nROUND(ROUND(OFFSET($P96,0,AJ$13),15-13*ORÇAMENTO!$AF$7)*OFFSET(ORÇAMENTO!$W$15,ROW(AJ96)-ROW(AJ$15),0),15-13*ORÇAMENTO!$AF$11)),0)","v":0},{"$f":"IF(AND($D96=\"Serviço\",AK$12<>0,$H96>0,OR(AUTOEVENTO<>\"manual\",$M96<>1)),\nIF(Import.TipoArredondamento<>\"TransfereGOV\",\nROUND(OFFSET($P96,0,AK$13),15-13*ORÇAMENTO!$AF$7)/$H96*OFFSET(ORÇAMENTO!$X$15,ROW(AK96)-ROW(AK$15),0),\nROUND(ROUND(OFFSET($P96,0,AK$13),15-13*ORÇAMENTO!$AF$7)*OFFSET(ORÇAMENTO!$W$15,ROW(AK96)-ROW(AK$15),0),15-13*ORÇAMENTO!$AF$11)),0)","v":0},null,{"$f":"IF($D96<>\"Serviço\",0,IF(AND(AUTOEVENTO=\"Manual\",$M96=1),0,IF(OFFSET(CRONOPLE!$F$14,$M96,AM$13)=\"\",10^12,OFFSET(CRONOPLE!$F$14,$M96,AM$13))))","v":1000000000000},{"$f":"IF($D96<>\"Serviço\",0,IF(AND(AUTOEVENTO=\"Manual\",$M96=1),0,IF(OFFSET(CRONOPLE!$F$14,$M96,AN$13)=\"\",10^12,OFFSET(CRONOPLE!$F$14,$M96,AN$13))))","v":1000000000000},{"$f":"IF($D96<>\"Serviço\",0,IF(AND(AUTOEVENTO=\"Manual\",$M96=1),0,IF(OFFSET(CRONOPLE!$F$14,$M96,AO$13)=\"\",10^12,OFFSET(CRONOPLE!$F$14,$M96,AO$13))))","v":1000000000000},{"$f":"IF($D96<>\"Serviço\",0,IF(AND(AUTOEVENTO=\"Manual\",$M96=1),0,IF(OFFSET(CRONOPLE!$F$14,$M96,AP$13)=\"\",10^12,OFFSET(CRONOPLE!$F$14,$M96,AP$13))))","v":1000000000000},{"$f":"IF($D96<>\"Serviço\",0,IF(AND(AUTOEVENTO=\"Manual\",$M96=1),0,IF(OFFSET(CRONOPLE!$F$14,$M96,AQ$13)=\"\",10^12,OFFSET(CRONOPLE!$F$14,$M96,AQ$13))))","v":1000000000000},{"$f":"IF($D96<>\"Serviço\",0,IF(AND(AUTOEVENTO=\"Manual\",$M96=1),0,IF(OFFSET(CRONOPLE!$F$14,$M96,AR$13)=\"\",10^12,OFFSET(CRONOPLE!$F$14,$M96,AR$13))))","v":1000000000000},{"$f":"IF($D96<>\"Serviço\",0,IF(AND(AUTOEVENTO=\"Manual\",$M96=1),0,IF(OFFSET(CRONOPLE!$F$14,$M96,AS$13)=\"\",10^12,OFFSET(CRONOPLE!$F$14,$M96,AS$13))))","v":1000000000000},{"$f":"IF($D96<>\"Serviço\",0,IF(AND(AUTOEVENTO=\"Manual\",$M96=1),0,IF(OFFSET(CRONOPLE!$F$14,$M96,AT$13)=\"\",10^12,OFFSET(CRONOPLE!$F$14,$M96,AT$13))))","v":1000000000000},{"$f":"IF($D96<>\"Serviço\",0,IF(AND(AUTOEVENTO=\"Manual\",$M96=1),0,IF(OFFSET(CRONOPLE!$F$14,$M96,AU$13)=\"\",10^12,OFFSET(CRONOPLE!$F$14,$M96,AU$13))))","v":1000000000000},{"$f":"IF($D96<>\"Serviço\",0,IF(AND(AUTOEVENTO=\"Manual\",$M96=1),0,IF(OFFSET(CRONOPLE!$F$14,$M96,AV$13)=\"\",10^12,OFFSET(CRONOPLE!$F$14,$M96,AV$13))))","v":1000000000000},null,{"$f":"IF($D96<>\"Serviço\",0,IF(OR(AND(AUTOEVENTO=\"Manual\",$M96=1),$M96>(ROW(PLE.lastrow)-ROW(PLE.firstrow))),0,IF(OFFSET(PLE!$G$14,$M96,AX$13)=\"\",10^12,OFFSET(PLE!$G$14,$M96,AX$13))))","v":1000000000000},{"$f":"IF($D96<>\"Serviço\",0,IF(OR(AND(AUTOEVENTO=\"Manual\",$M96=1),$M96>(ROW(PLE.lastrow)-ROW(PLE.firstrow))),0,IF(OFFSET(PLE!$G$14,$M96,AY$13)=\"\",10^12,OFFSET(PLE!$G$14,$M96,AY$13))))","v":1000000000000},{"$f":"IF($D96<>\"Serviço\",0,IF(OR(AND(AUTOEVENTO=\"Manual\",$M96=1),$M96>(ROW(PLE.lastrow)-ROW(PLE.firstrow))),0,IF(OFFSET(PLE!$G$14,$M96,AZ$13)=\"\",10^12,OFFSET(PLE!$G$14,$M96,AZ$13))))","v":1000000000000},{"$f":"IF($D96<>\"Serviço\",0,IF(OR(AND(AUTOEVENTO=\"Manual\",$M96=1),$M96>(ROW(PLE.lastrow)-ROW(PLE.firstrow))),0,IF(OFFSET(PLE!$G$14,$M96,BA$13)=\"\",10^12,OFFSET(PLE!$G$14,$M96,BA$13))))","v":1000000000000},{"$f":"IF($D96<>\"Serviço\",0,IF(OR(AND(AUTOEVENTO=\"Manual\",$M96=1),$M96>(ROW(PLE.lastrow)-ROW(PLE.firstrow))),0,IF(OFFSET(PLE!$G$14,$M96,BB$13)=\"\",10^12,OFFSET(PLE!$G$14,$M96,BB$13))))","v":1000000000000},{"$f":"IF($D96<>\"Serviço\",0,IF(OR(AND(AUTOEVENTO=\"Manual\",$M96=1),$M96>(ROW(PLE.lastrow)-ROW(PLE.firstrow))),0,IF(OFFSET(PLE!$G$14,$M96,BC$13)=\"\",10^12,OFFSET(PLE!$G$14,$M96,BC$13))))","v":1000000000000},{"$f":"IF($D96<>\"Serviço\",0,IF(OR(AND(AUTOEVENTO=\"Manual\",$M96=1),$M96>(ROW(PLE.lastrow)-ROW(PLE.firstrow))),0,IF(OFFSET(PLE!$G$14,$M96,BD$13)=\"\",10^12,OFFSET(PLE!$G$14,$M96,BD$13))))","v":1000000000000},{"$f":"IF($D96<>\"Serviço\",0,IF(OR(AND(AUTOEVENTO=\"Manual\",$M96=1),$M96>(ROW(PLE.lastrow)-ROW(PLE.firstrow))),0,IF(OFFSET(PLE!$G$14,$M96,BE$13)=\"\",10^12,OFFSET(PLE!$G$14,$M96,BE$13))))","v":1000000000000},{"$f":"IF($D96<>\"Serviço\",0,IF(OR(AND(AUTOEVENTO=\"Manual\",$M96=1),$M96>(ROW(PLE.lastrow)-ROW(PLE.firstrow))),0,IF(OFFSET(PLE!$G$14,$M96,BF$13)=\"\",10^12,OFFSET(PLE!$G$14,$M96,BF$13))))","v":1000000000000},{"$f":"IF($D96<>\"Serviço\",0,IF(OR(AND(AUTOEVENTO=\"Manual\",$M96=1),$M96>(ROW(PLE.lastrow)-ROW(PLE.firstrow))),0,IF(OFFSET(PLE!$G$14,$M96,BG$13)=\"\",10^12,OFFSET(PLE!$G$14,$M96,BG$13))))","v":1000000000000}]
["72",{"$f":"OFFSET(ORÇAMENTO!C$15,ROW(B97)-ROW(B$15),0)","v":"S"},{"$f":"OFFSET(ORÇAMENTO!L$15,ROW(C97)-ROW(C$15),0)","v":"F"},{"$f":"OFFSET(ORÇAMENTO!N$15,ROW(D97)-ROW(D$15),0)","v":"Serviço"},{"$f":"OFFSET(ORÇAMENTO!O$15,ROW(E97)-ROW(E$15),0)","v":"1.11.0.10."},{"$f":"OFFSET(ORÇAMENTO!R$15,ROW(F97)-ROW(F$15),0)","v":"REVESTIMENTO CERÂMICO PARA PISO COM PLACAS TIPO PORCELANATO ANTIDERRAPANTE DIMENSÕES 60X60CM (ÁREA ENTRADA E FUNDOS)"},{"$f":"IF($D97<>\"Serviço\",\"\",OFFSET(ORÇAMENTO!S$15,ROW(G97)-ROW(G$15),0))","v":"M2"},{"$f":"IF($D97<>\"Serviço\",0,IF(ACOMPANHAMENTO=\"BM\",ROUND(OFFSET(ORÇAMENTO!AJ$15,ROW(H97)-ROW(H$15),0),15-13*ORÇAMENTO!$AF$7),SUMPRODUCT(($Q$12:$AA$12<>\"\")*ROUND($Q97:$AA97,15-13*ORÇAMENTO!$AF$7))))","v":6.7},null,null,null,".",{"$f":"IF($D97<>\"Serviço\",\"\",IF(AUTOEVENTO=\"manual\",$A97,IF(ISERROR(MATCH($A97,$A$15:OFFSET($A97,-1,0),0)),MAX($M$15:OFFSET(M97,-1,0))+1,INDEX($M$15:OFFSET(M97,-1,0),MATCH($A97,$A$15:OFFSET($A97,-1,0),0)))))","v":12},{"$f":"IF($D97<>\"Serviço\",\"\",IF(AUTOEVENTO=\"Manual\",IF($A97=0,\"<-- defina o número do agrupador\",OFFSET(EVENTOS!$D$14,$A97,0)),OFFSET($F$15,$A97,0)))","v":"PISOS"},null,null,{"$f":"2.75+3.95","v":6.7},null,null,null,null,null,null,null,null,null,null,{"$f":"IF(AND($D97=\"Serviço\",AB$12<>0,$H97>0,OR(AUTOEVENTO<>\"manual\",$M97<>1)),\nIF(Import.TipoArredondamento<>\"TransfereGOV\",\nROUND(OFFSET($P97,0,AB$13),15-13*ORÇAMENTO!$AF$7)/$H97*OFFSET(ORÇAMENTO!$X$15,ROW(AB97)-ROW(AB$15),0),\nROUND(ROUND(OFFSET($P97,0,AB$13),15-13*ORÇAMENTO!$AF$7)*OFFSET(ORÇAMENTO!$W$15,ROW(AB97)-ROW(AB$15),0),15-13*ORÇAMENTO!$AF$11)),0)","v":1084.33},{"$f":"IF(AND($D97=\"Serviço\",AC$12<>0,$H97>0,OR(AUTOEVENTO<>\"manual\",$M97<>1)),\nIF(Import.TipoArredondamento<>\"TransfereGOV\",\nROUND(OFFSET($P97,0,AC$13),15-13*ORÇAMENTO!$AF$7)/$H97*OFFSET(ORÇAMENTO!$X$15,ROW(AC97)-ROW(AC$15),0),\nROUND(ROUND(OFFSET($P97,0,AC$13),15-13*ORÇAMENTO!$AF$7)*OFFSET(ORÇAMENTO!$W$15,ROW(AC97)-ROW(AC$15),0),15-13*ORÇAMENTO!$AF$11)),0)","v":0},{"$f":"IF(AND($D97=\"Serviço\",AD$12<>0,$H97>0,OR(AUTOEVENTO<>\"manual\",$M97<>1)),\nIF(Import.TipoArredondamento<>\"TransfereGOV\",\nROUND(OFFSET($P97,0,AD$13),15-13*ORÇAMENTO!$AF$7)/$H97*OFFSET(ORÇAMENTO!$X$15,ROW(AD97)-ROW(AD$15),0),\nROUND(ROUND(OFFSET($P97,0,AD$13),15-13*ORÇAMENTO!$AF$7)*OFFSET(ORÇAMENTO!$W$15,ROW(AD97)-ROW(AD$15),0),15-13*ORÇAMENTO!$AF$11)),0)","v":0},{"$f":"IF(AND($D97=\"Serviço\",AE$12<>0,$H97>0,OR(AUTOEVENTO<>\"manual\",$M97<>1)),\nIF(Import.TipoArredondamento<>\"TransfereGOV\",\nROUND(OFFSET($P97,0,AE$13),15-13*ORÇAMENTO!$AF$7)/$H97*OFFSET(ORÇAMENTO!$X$15,ROW(AE97)-ROW(AE$15),0),\nROUND(ROUND(OFFSET($P97,0,AE$13),15-13*ORÇAMENTO!$AF$7)*OFFSET(ORÇAMENTO!$W$15,ROW(AE97)-ROW(AE$15),0),15-13*ORÇAMENTO!$AF$11)),0)","v":0},{"$f":"IF(AND($D97=\"Serviço\",AF$12<>0,$H97>0,OR(AUTOEVENTO<>\"manual\",$M97<>1)),\nIF(Import.TipoArredondamento<>\"TransfereGOV\",\nROUND(OFFSET($P97,0,AF$13),15-13*ORÇAMENTO!$AF$7)/$H97*OFFSET(ORÇAMENTO!$X$15,ROW(AF97)-ROW(AF$15),0),\nROUND(ROUND(OFFSET($P97,0,AF$13),15-13*ORÇAMENTO!$AF$7)*OFFSET(ORÇAMENTO!$W$15,ROW(AF97)-ROW(AF$15),0),15-13*ORÇAMENTO!$AF$11)),0)","v":0},{"$f":"IF(AND($D97=\"Serviço\",AG$12<>0,$H97>0,OR(AUTOEVENTO<>\"manual\",$M97<>1)),\nIF(Import.TipoArredondamento<>\"TransfereGOV\",\nROUND(OFFSET($P97,0,AG$13),15-13*ORÇAMENTO!$AF$7)/$H97*OFFSET(ORÇAMENTO!$X$15,ROW(AG97)-ROW(AG$15),0),\nROUND(ROUND(OFFSET($P97,0,AG$13),15-13*ORÇAMENTO!$AF$7)*OFFSET(ORÇAMENTO!$W$15,ROW(AG97)-ROW(AG$15),0),15-13*ORÇAMENTO!$AF$11)),0)","v":0},{"$f":"IF(AND($D97=\"Serviço\",AH$12<>0,$H97>0,OR(AUTOEVENTO<>\"manual\",$M97<>1)),\nIF(Import.TipoArredondamento<>\"TransfereGOV\",\nROUND(OFFSET($P97,0,AH$13),15-13*ORÇAMENTO!$AF$7)/$H97*OFFSET(ORÇAMENTO!$X$15,ROW(AH97)-ROW(AH$15),0),\nROUND(ROUND(OFFSET($P97,0,AH$13),15-13*ORÇAMENTO!$AF$7)*OFFSET(ORÇAMENTO!$W$15,ROW(AH97)-ROW(AH$15),0),15-13*ORÇAMENTO!$AF$11)),0)","v":0},{"$f":"IF(AND($D97=\"Serviço\",AI$12<>0,$H97>0,OR(AUTOEVENTO<>\"manual\",$M97<>1)),\nIF(Import.TipoArredondamento<>\"TransfereGOV\",\nROUND(OFFSET($P97,0,AI$13),15-13*ORÇAMENTO!$AF$7)/$H97*OFFSET(ORÇAMENTO!$X$15,ROW(AI97)-ROW(AI$15),0),\nROUND(ROUND(OFFSET($P97,0,AI$13),15-13*ORÇAMENTO!$AF$7)*OFFSET(ORÇAMENTO!$W$15,ROW(AI97)-ROW(AI$15),0),15-13*ORÇAMENTO!$AF$11)),0)","v":0},{"$f":"IF(AND($D97=\"Serviço\",AJ$12<>0,$H97>0,OR(AUTOEVENTO<>\"manual\",$M97<>1)),\nIF(Import.TipoArredondamento<>\"TransfereGOV\",\nROUND(OFFSET($P97,0,AJ$13),15-13*ORÇAMENTO!$AF$7)/$H97*OFFSET(ORÇAMENTO!$X$15,ROW(AJ97)-ROW(AJ$15),0),\nROUND(ROUND(OFFSET($P97,0,AJ$13),15-13*ORÇAMENTO!$AF$7)*OFFSET(ORÇAMENTO!$W$15,ROW(AJ97)-ROW(AJ$15),0),15-13*ORÇAMENTO!$AF$11)),0)","v":0},{"$f":"IF(AND($D97=\"Serviço\",AK$12<>0,$H97>0,OR(AUTOEVENTO<>\"manual\",$M97<>1)),\nIF(Import.TipoArredondamento<>\"TransfereGOV\",\nROUND(OFFSET($P97,0,AK$13),15-13*ORÇAMENTO!$AF$7)/$H97*OFFSET(ORÇAMENTO!$X$15,ROW(AK97)-ROW(AK$15),0),\nROUND(ROUND(OFFSET($P97,0,AK$13),15-13*ORÇAMENTO!$AF$7)*OFFSET(ORÇAMENTO!$W$15,ROW(AK97)-ROW(AK$15),0),15-13*ORÇAMENTO!$AF$11)),0)","v":0},null,{"$f":"IF($D97<>\"Serviço\",0,IF(AND(AUTOEVENTO=\"Manual\",$M97=1),0,IF(OFFSET(CRONOPLE!$F$14,$M97,AM$13)=\"\",10^12,OFFSET(CRONOPLE!$F$14,$M97,AM$13))))","v":1000000000000},{"$f":"IF($D97<>\"Serviço\",0,IF(AND(AUTOEVENTO=\"Manual\",$M97=1),0,IF(OFFSET(CRONOPLE!$F$14,$M97,AN$13)=\"\",10^12,OFFSET(CRONOPLE!$F$14,$M97,AN$13))))","v":1000000000000},{"$f":"IF($D97<>\"Serviço\",0,IF(AND(AUTOEVENTO=\"Manual\",$M97=1),0,IF(OFFSET(CRONOPLE!$F$14,$M97,AO$13)=\"\",10^12,OFFSET(CRONOPLE!$F$14,$M97,AO$13))))","v":1000000000000},{"$f":"IF($D97<>\"Serviço\",0,IF(AND(AUTOEVENTO=\"Manual\",$M97=1),0,IF(OFFSET(CRONOPLE!$F$14,$M97,AP$13)=\"\",10^12,OFFSET(CRONOPLE!$F$14,$M97,AP$13))))","v":1000000000000},{"$f":"IF($D97<>\"Serviço\",0,IF(AND(AUTOEVENTO=\"Manual\",$M97=1),0,IF(OFFSET(CRONOPLE!$F$14,$M97,AQ$13)=\"\",10^12,OFFSET(CRONOPLE!$F$14,$M97,AQ$13))))","v":1000000000000},{"$f":"IF($D97<>\"Serviço\",0,IF(AND(AUTOEVENTO=\"Manual\",$M97=1),0,IF(OFFSET(CRONOPLE!$F$14,$M97,AR$13)=\"\",10^12,OFFSET(CRONOPLE!$F$14,$M97,AR$13))))","v":1000000000000},{"$f":"IF($D97<>\"Serviço\",0,IF(AND(AUTOEVENTO=\"Manual\",$M97=1),0,IF(OFFSET(CRONOPLE!$F$14,$M97,AS$13)=\"\",10^12,OFFSET(CRONOPLE!$F$14,$M97,AS$13))))","v":1000000000000},{"$f":"IF($D97<>\"Serviço\",0,IF(AND(AUTOEVENTO=\"Manual\",$M97=1),0,IF(OFFSET(CRONOPLE!$F$14,$M97,AT$13)=\"\",10^12,OFFSET(CRONOPLE!$F$14,$M97,AT$13))))","v":1000000000000},{"$f":"IF($D97<>\"Serviço\",0,IF(AND(AUTOEVENTO=\"Manual\",$M97=1),0,IF(OFFSET(CRONOPLE!$F$14,$M97,AU$13)=\"\",10^12,OFFSET(CRONOPLE!$F$14,$M97,AU$13))))","v":1000000000000},{"$f":"IF($D97<>\"Serviço\",0,IF(AND(AUTOEVENTO=\"Manual\",$M97=1),0,IF(OFFSET(CRONOPLE!$F$14,$M97,AV$13)=\"\",10^12,OFFSET(CRONOPLE!$F$14,$M97,AV$13))))","v":1000000000000},null,{"$f":"IF($D97<>\"Serviço\",0,IF(OR(AND(AUTOEVENTO=\"Manual\",$M97=1),$M97>(ROW(PLE.lastrow)-ROW(PLE.firstrow))),0,IF(OFFSET(PLE!$G$14,$M97,AX$13)=\"\",10^12,OFFSET(PLE!$G$14,$M97,AX$13))))","v":1000000000000},{"$f":"IF($D97<>\"Serviço\",0,IF(OR(AND(AUTOEVENTO=\"Manual\",$M97=1),$M97>(ROW(PLE.lastrow)-ROW(PLE.firstrow))),0,IF(OFFSET(PLE!$G$14,$M97,AY$13)=\"\",10^12,OFFSET(PLE!$G$14,$M97,AY$13))))","v":1000000000000},{"$f":"IF($D97<>\"Serviço\",0,IF(OR(AND(AUTOEVENTO=\"Manual\",$M97=1),$M97>(ROW(PLE.lastrow)-ROW(PLE.firstrow))),0,IF(OFFSET(PLE!$G$14,$M97,AZ$13)=\"\",10^12,OFFSET(PLE!$G$14,$M97,AZ$13))))","v":1000000000000},{"$f":"IF($D97<>\"Serviço\",0,IF(OR(AND(AUTOEVENTO=\"Manual\",$M97=1),$M97>(ROW(PLE.lastrow)-ROW(PLE.firstrow))),0,IF(OFFSET(PLE!$G$14,$M97,BA$13)=\"\",10^12,OFFSET(PLE!$G$14,$M97,BA$13))))","v":1000000000000},{"$f":"IF($D97<>\"Serviço\",0,IF(OR(AND(AUTOEVENTO=\"Manual\",$M97=1),$M97>(ROW(PLE.lastrow)-ROW(PLE.firstrow))),0,IF(OFFSET(PLE!$G$14,$M97,BB$13)=\"\",10^12,OFFSET(PLE!$G$14,$M97,BB$13))))","v":1000000000000},{"$f":"IF($D97<>\"Serviço\",0,IF(OR(AND(AUTOEVENTO=\"Manual\",$M97=1),$M97>(ROW(PLE.lastrow)-ROW(PLE.firstrow))),0,IF(OFFSET(PLE!$G$14,$M97,BC$13)=\"\",10^12,OFFSET(PLE!$G$14,$M97,BC$13))))","v":1000000000000},{"$f":"IF($D97<>\"Serviço\",0,IF(OR(AND(AUTOEVENTO=\"Manual\",$M97=1),$M97>(ROW(PLE.lastrow)-ROW(PLE.firstrow))),0,IF(OFFSET(PLE!$G$14,$M97,BD$13)=\"\",10^12,OFFSET(PLE!$G$14,$M97,BD$13))))","v":1000000000000},{"$f":"IF($D97<>\"Serviço\",0,IF(OR(AND(AUTOEVENTO=\"Manual\",$M97=1),$M97>(ROW(PLE.lastrow)-ROW(PLE.firstrow))),0,IF(OFFSET(PLE!$G$14,$M97,BE$13)=\"\",10^12,OFFSET(PLE!$G$14,$M97,BE$13))))","v":1000000000000},{"$f":"IF($D97<>\"Serviço\",0,IF(OR(AND(AUTOEVENTO=\"Manual\",$M97=1),$M97>(ROW(PLE.lastrow)-ROW(PLE.firstrow))),0,IF(OFFSET(PLE!$G$14,$M97,BF$13)=\"\",10^12,OFFSET(PLE!$G$14,$M97,BF$13))))","v":1000000000000},{"$f":"IF($D97<>\"Serviço\",0,IF(OR(AND(AUTOEVENTO=\"Manual\",$M97=1),$M97>(ROW(PLE.lastrow)-ROW(PLE.firstrow))),0,IF(OFFSET(PLE!$G$14,$M97,BG$13)=\"\",10^12,OFFSET(PLE!$G$14,$M97,BG$13))))","v":1000000000000}]
["72",{"$f":"OFFSET(ORÇAMENTO!C$15,ROW(B98)-ROW(B$15),0)","v":"S"},{"$f":"OFFSET(ORÇAMENTO!L$15,ROW(C98)-ROW(C$15),0)","v":"F"},{"$f":"OFFSET(ORÇAMENTO!N$15,ROW(D98)-ROW(D$15),0)","v":"Serviço"},{"$f":"OFFSET(ORÇAMENTO!O$15,ROW(E98)-ROW(E$15),0)","v":"1.11.0.11."},{"$f":"OFFSET(ORÇAMENTO!R$15,ROW(F98)-ROW(F$15),0)","v":"PISO TATIL DE ALERTA OU DIRECIONAL, DE BORRACHA, COLORIDO, 25 X 25 CM, E = 5 MM, PARA COLA                                                                                                                                                                                                                                                                                                                                                                                      "},{"$f":"IF($D98<>\"Serviço\",\"\",OFFSET(ORÇAMENTO!S$15,ROW(G98)-ROW(G$15),0))","v":"M"},{"$f":"IF($D98<>\"Serviço\",0,IF(ACOMPANHAMENTO=\"BM\",ROUND(OFFSET(ORÇAMENTO!AJ$15,ROW(H98)-ROW(H$15),0),15-13*ORÇAMENTO!$AF$7),SUMPRODUCT(($Q$12:$AA$12<>\"\")*ROUND($Q98:$AA98,15-13*ORÇAMENTO!$AF$7))))","v":27.52},"TODA PARTE INTERNA DA CASA",null,null,".",{"$f":"IF($D98<>\"Serviço\",\"\",IF(AUTOEVENTO=\"manual\",$A98,IF(ISERROR(MATCH($A98,$A$15:OFFSET($A98,-1,0),0)),MAX($M$15:OFFSET(M98,-1,0))+1,INDEX($M$15:OFFSET(M98,-1,0),MATCH($A98,$A$15:OFFSET($A98,-1,0),0)))))","v":12},{"$f":"IF($D98<>\"Serviço\",\"\",IF(AUTOEVENTO=\"Manual\",IF($A98=0,\"<-- defina o número do agrupador\",OFFSET(EVENTOS!$D$14,$A98,0)),OFFSET($F$15,$A98,0)))","v":"PISOS"},null,null,{"$f":"0.75+0.13+0.5+0.5+9.75+0.75+0.75+0.35+0.5+0.5+2.25+0.5+0.5+0.5+0.75+0.75+5.09+1.95+0.75","v":27.519999999999996},null,null,null,null,null,null,null,null,null,null,{"$f":"IF(AND($D98=\"Serviço\",AB$12<>0,$H98>0,OR(AUTOEVENTO<>\"manual\",$M98<>1)),\nIF(Import.TipoArredondamento<>\"TransfereGOV\",\nROUND(OFFSET($P98,0,AB$13),15-13*ORÇAMENTO!$AF$7)/$H98*OFFSET(ORÇAMENTO!$X$15,ROW(AB98)-ROW(AB$15),0),\nROUND(ROUND(OFFSET($P98,0,AB$13),15-13*ORÇAMENTO!$AF$7)*OFFSET(ORÇAMENTO!$W$15,ROW(AB98)-ROW(AB$15),0),15-13*ORÇAMENTO!$AF$11)),0)","v":3399.55},{"$f":"IF(AND($D98=\"Serviço\",AC$12<>0,$H98>0,OR(AUTOEVENTO<>\"manual\",$M98<>1)),\nIF(Import.TipoArredondamento<>\"TransfereGOV\",\nROUND(OFFSET($P98,0,AC$13),15-13*ORÇAMENTO!$AF$7)/$H98*OFFSET(ORÇAMENTO!$X$15,ROW(AC98)-ROW(AC$15),0),\nROUND(ROUND(OFFSET($P98,0,AC$13),15-13*ORÇAMENTO!$AF$7)*OFFSET(ORÇAMENTO!$W$15,ROW(AC98)-ROW(AC$15),0),15-13*ORÇAMENTO!$AF$11)),0)","v":0},{"$f":"IF(AND($D98=\"Serviço\",AD$12<>0,$H98>0,OR(AUTOEVENTO<>\"manual\",$M98<>1)),\nIF(Import.TipoArredondamento<>\"TransfereGOV\",\nROUND(OFFSET($P98,0,AD$13),15-13*ORÇAMENTO!$AF$7)/$H98*OFFSET(ORÇAMENTO!$X$15,ROW(AD98)-ROW(AD$15),0),\nROUND(ROUND(OFFSET($P98,0,AD$13),15-13*ORÇAMENTO!$AF$7)*OFFSET(ORÇAMENTO!$W$15,ROW(AD98)-ROW(AD$15),0),15-13*ORÇAMENTO!$AF$11)),0)","v":0},{"$f":"IF(AND($D98=\"Serviço\",AE$12<>0,$H98>0,OR(AUTOEVENTO<>\"manual\",$M98<>1)),\nIF(Import.TipoArredondamento<>\"TransfereGOV\",\nROUND(OFFSET($P98,0,AE$13),15-13*ORÇAMENTO!$AF$7)/$H98*OFFSET(ORÇAMENTO!$X$15,ROW(AE98)-ROW(AE$15),0),\nROUND(ROUND(OFFSET($P98,0,AE$13),15-13*ORÇAMENTO!$AF$7)*OFFSET(ORÇAMENTO!$W$15,ROW(AE98)-ROW(AE$15),0),15-13*ORÇAMENTO!$AF$11)),0)","v":0},{"$f":"IF(AND($D98=\"Serviço\",AF$12<>0,$H98>0,OR(AUTOEVENTO<>\"manual\",$M98<>1)),\nIF(Import.TipoArredondamento<>\"TransfereGOV\",\nROUND(OFFSET($P98,0,AF$13),15-13*ORÇAMENTO!$AF$7)/$H98*OFFSET(ORÇAMENTO!$X$15,ROW(AF98)-ROW(AF$15),0),\nROUND(ROUND(OFFSET($P98,0,AF$13),15-13*ORÇAMENTO!$AF$7)*OFFSET(ORÇAMENTO!$W$15,ROW(AF98)-ROW(AF$15),0),15-13*ORÇAMENTO!$AF$11)),0)","v":0},{"$f":"IF(AND($D98=\"Serviço\",AG$12<>0,$H98>0,OR(AUTOEVENTO<>\"manual\",$M98<>1)),\nIF(Import.TipoArredondamento<>\"TransfereGOV\",\nROUND(OFFSET($P98,0,AG$13),15-13*ORÇAMENTO!$AF$7)/$H98*OFFSET(ORÇAMENTO!$X$15,ROW(AG98)-ROW(AG$15),0),\nROUND(ROUND(OFFSET($P98,0,AG$13),15-13*ORÇAMENTO!$AF$7)*OFFSET(ORÇAMENTO!$W$15,ROW(AG98)-ROW(AG$15),0),15-13*ORÇAMENTO!$AF$11)),0)","v":0},{"$f":"IF(AND($D98=\"Serviço\",AH$12<>0,$H98>0,OR(AUTOEVENTO<>\"manual\",$M98<>1)),\nIF(Import.TipoArredondamento<>\"TransfereGOV\",\nROUND(OFFSET($P98,0,AH$13),15-13*ORÇAMENTO!$AF$7)/$H98*OFFSET(ORÇAMENTO!$X$15,ROW(AH98)-ROW(AH$15),0),\nROUND(ROUND(OFFSET($P98,0,AH$13),15-13*ORÇAMENTO!$AF$7)*OFFSET(ORÇAMENTO!$W$15,ROW(AH98)-ROW(AH$15),0),15-13*ORÇAMENTO!$AF$11)),0)","v":0},{"$f":"IF(AND($D98=\"Serviço\",AI$12<>0,$H98>0,OR(AUTOEVENTO<>\"manual\",$M98<>1)),\nIF(Import.TipoArredondamento<>\"TransfereGOV\",\nROUND(OFFSET($P98,0,AI$13),15-13*ORÇAMENTO!$AF$7)/$H98*OFFSET(ORÇAMENTO!$X$15,ROW(AI98)-ROW(AI$15),0),\nROUND(ROUND(OFFSET($P98,0,AI$13),15-13*ORÇAMENTO!$AF$7)*OFFSET(ORÇAMENTO!$W$15,ROW(AI98)-ROW(AI$15),0),15-13*ORÇAMENTO!$AF$11)),0)","v":0},{"$f":"IF(AND($D98=\"Serviço\",AJ$12<>0,$H98>0,OR(AUTOEVENTO<>\"manual\",$M98<>1)),\nIF(Import.TipoArredondamento<>\"TransfereGOV\",\nROUND(OFFSET($P98,0,AJ$13),15-13*ORÇAMENTO!$AF$7)/$H98*OFFSET(ORÇAMENTO!$X$15,ROW(AJ98)-ROW(AJ$15),0),\nROUND(ROUND(OFFSET($P98,0,AJ$13),15-13*ORÇAMENTO!$AF$7)*OFFSET(ORÇAMENTO!$W$15,ROW(AJ98)-ROW(AJ$15),0),15-13*ORÇAMENTO!$AF$11)),0)","v":0},{"$f":"IF(AND($D98=\"Serviço\",AK$12<>0,$H98>0,OR(AUTOEVENTO<>\"manual\",$M98<>1)),\nIF(Import.TipoArredondamento<>\"TransfereGOV\",\nROUND(OFFSET($P98,0,AK$13),15-13*ORÇAMENTO!$AF$7)/$H98*OFFSET(ORÇAMENTO!$X$15,ROW(AK98)-ROW(AK$15),0),\nROUND(ROUND(OFFSET($P98,0,AK$13),15-13*ORÇAMENTO!$AF$7)*OFFSET(ORÇAMENTO!$W$15,ROW(AK98)-ROW(AK$15),0),15-13*ORÇAMENTO!$AF$11)),0)","v":0},null,{"$f":"IF($D98<>\"Serviço\",0,IF(AND(AUTOEVENTO=\"Manual\",$M98=1),0,IF(OFFSET(CRONOPLE!$F$14,$M98,AM$13)=\"\",10^12,OFFSET(CRONOPLE!$F$14,$M98,AM$13))))","v":1000000000000},{"$f":"IF($D98<>\"Serviço\",0,IF(AND(AUTOEVENTO=\"Manual\",$M98=1),0,IF(OFFSET(CRONOPLE!$F$14,$M98,AN$13)=\"\",10^12,OFFSET(CRONOPLE!$F$14,$M98,AN$13))))","v":1000000000000},{"$f":"IF($D98<>\"Serviço\",0,IF(AND(AUTOEVENTO=\"Manual\",$M98=1),0,IF(OFFSET(CRONOPLE!$F$14,$M98,AO$13)=\"\",10^12,OFFSET(CRONOPLE!$F$14,$M98,AO$13))))","v":1000000000000},{"$f":"IF($D98<>\"Serviço\",0,IF(AND(AUTOEVENTO=\"Manual\",$M98=1),0,IF(OFFSET(CRONOPLE!$F$14,$M98,AP$13)=\"\",10^12,OFFSET(CRONOPLE!$F$14,$M98,AP$13))))","v":1000000000000},{"$f":"IF($D98<>\"Serviço\",0,IF(AND(AUTOEVENTO=\"Manual\",$M98=1),0,IF(OFFSET(CRONOPLE!$F$14,$M98,AQ$13)=\"\",10^12,OFFSET(CRONOPLE!$F$14,$M98,AQ$13))))","v":1000000000000},{"$f":"IF($D98<>\"Serviço\",0,IF(AND(AUTOEVENTO=\"Manual\",$M98=1),0,IF(OFFSET(CRONOPLE!$F$14,$M98,AR$13)=\"\",10^12,OFFSET(CRONOPLE!$F$14,$M98,AR$13))))","v":1000000000000},{"$f":"IF($D98<>\"Serviço\",0,IF(AND(AUTOEVENTO=\"Manual\",$M98=1),0,IF(OFFSET(CRONOPLE!$F$14,$M98,AS$13)=\"\",10^12,OFFSET(CRONOPLE!$F$14,$M98,AS$13))))","v":1000000000000},{"$f":"IF($D98<>\"Serviço\",0,IF(AND(AUTOEVENTO=\"Manual\",$M98=1),0,IF(OFFSET(CRONOPLE!$F$14,$M98,AT$13)=\"\",10^12,OFFSET(CRONOPLE!$F$14,$M98,AT$13))))","v":1000000000000},{"$f":"IF($D98<>\"Serviço\",0,IF(AND(AUTOEVENTO=\"Manual\",$M98=1),0,IF(OFFSET(CRONOPLE!$F$14,$M98,AU$13)=\"\",10^12,OFFSET(CRONOPLE!$F$14,$M98,AU$13))))","v":1000000000000},{"$f":"IF($D98<>\"Serviço\",0,IF(AND(AUTOEVENTO=\"Manual\",$M98=1),0,IF(OFFSET(CRONOPLE!$F$14,$M98,AV$13)=\"\",10^12,OFFSET(CRONOPLE!$F$14,$M98,AV$13))))","v":1000000000000},null,{"$f":"IF($D98<>\"Serviço\",0,IF(OR(AND(AUTOEVENTO=\"Manual\",$M98=1),$M98>(ROW(PLE.lastrow)-ROW(PLE.firstrow))),0,IF(OFFSET(PLE!$G$14,$M98,AX$13)=\"\",10^12,OFFSET(PLE!$G$14,$M98,AX$13))))","v":1000000000000},{"$f":"IF($D98<>\"Serviço\",0,IF(OR(AND(AUTOEVENTO=\"Manual\",$M98=1),$M98>(ROW(PLE.lastrow)-ROW(PLE.firstrow))),0,IF(OFFSET(PLE!$G$14,$M98,AY$13)=\"\",10^12,OFFSET(PLE!$G$14,$M98,AY$13))))","v":1000000000000},{"$f":"IF($D98<>\"Serviço\",0,IF(OR(AND(AUTOEVENTO=\"Manual\",$M98=1),$M98>(ROW(PLE.lastrow)-ROW(PLE.firstrow))),0,IF(OFFSET(PLE!$G$14,$M98,AZ$13)=\"\",10^12,OFFSET(PLE!$G$14,$M98,AZ$13))))","v":1000000000000},{"$f":"IF($D98<>\"Serviço\",0,IF(OR(AND(AUTOEVENTO=\"Manual\",$M98=1),$M98>(ROW(PLE.lastrow)-ROW(PLE.firstrow))),0,IF(OFFSET(PLE!$G$14,$M98,BA$13)=\"\",10^12,OFFSET(PLE!$G$14,$M98,BA$13))))","v":1000000000000},{"$f":"IF($D98<>\"Serviço\",0,IF(OR(AND(AUTOEVENTO=\"Manual\",$M98=1),$M98>(ROW(PLE.lastrow)-ROW(PLE.firstrow))),0,IF(OFFSET(PLE!$G$14,$M98,BB$13)=\"\",10^12,OFFSET(PLE!$G$14,$M98,BB$13))))","v":1000000000000},{"$f":"IF($D98<>\"Serviço\",0,IF(OR(AND(AUTOEVENTO=\"Manual\",$M98=1),$M98>(ROW(PLE.lastrow)-ROW(PLE.firstrow))),0,IF(OFFSET(PLE!$G$14,$M98,BC$13)=\"\",10^12,OFFSET(PLE!$G$14,$M98,BC$13))))","v":1000000000000},{"$f":"IF($D98<>\"Serviço\",0,IF(OR(AND(AUTOEVENTO=\"Manual\",$M98=1),$M98>(ROW(PLE.lastrow)-ROW(PLE.firstrow))),0,IF(OFFSET(PLE!$G$14,$M98,BD$13)=\"\",10^12,OFFSET(PLE!$G$14,$M98,BD$13))))","v":1000000000000},{"$f":"IF($D98<>\"Serviço\",0,IF(OR(AND(AUTOEVENTO=\"Manual\",$M98=1),$M98>(ROW(PLE.lastrow)-ROW(PLE.firstrow))),0,IF(OFFSET(PLE!$G$14,$M98,BE$13)=\"\",10^12,OFFSET(PLE!$G$14,$M98,BE$13))))","v":1000000000000},{"$f":"IF($D98<>\"Serviço\",0,IF(OR(AND(AUTOEVENTO=\"Manual\",$M98=1),$M98>(ROW(PLE.lastrow)-ROW(PLE.firstrow))),0,IF(OFFSET(PLE!$G$14,$M98,BF$13)=\"\",10^12,OFFSET(PLE!$G$14,$M98,BF$13))))","v":1000000000000},{"$f":"IF($D98<>\"Serviço\",0,IF(OR(AND(AUTOEVENTO=\"Manual\",$M98=1),$M98>(ROW(PLE.lastrow)-ROW(PLE.firstrow))),0,IF(OFFSET(PLE!$G$14,$M98,BG$13)=\"\",10^12,OFFSET(PLE!$G$14,$M98,BG$13))))","v":1000000000000}]
["72",{"$f":"OFFSET(ORÇAMENTO!C$15,ROW(B99)-ROW(B$15),0)","v":"S"},{"$f":"OFFSET(ORÇAMENTO!L$15,ROW(C99)-ROW(C$15),0)","v":"F"},{"$f":"OFFSET(ORÇAMENTO!N$15,ROW(D99)-ROW(D$15),0)","v":"Serviço"},{"$f":"OFFSET(ORÇAMENTO!O$15,ROW(E99)-ROW(E$15),0)","v":"1.11.0.12."},{"$f":"OFFSET(ORÇAMENTO!R$15,ROW(F99)-ROW(F$15),0)","v":"SOLEIRA EM GRANITO PRETO SÃO GABRIEL, LARGURA 15 CM, ESPESSURA 2,0 CM. AF_09/2020"},{"$f":"IF($D99<>\"Serviço\",\"\",OFFSET(ORÇAMENTO!S$15,ROW(G99)-ROW(G$15),0))","v":"M"},{"$f":"IF($D99<>\"Serviço\",0,IF(ACOMPANHAMENTO=\"BM\",ROUND(OFFSET(ORÇAMENTO!AJ$15,ROW(H99)-ROW(H$15),0),15-13*ORÇAMENTO!$AF$7),SUMPRODUCT(($Q$12:$AA$12<>\"\")*ROUND($Q99:$AA99,15-13*ORÇAMENTO!$AF$7))))","v":16.25},"CONSIDERADO EM TODAS AS PORTAS INTERNAS E NO FIM DO CORREDOR LARGURA 1,25",null,null,".",{"$f":"IF($D99<>\"Serviço\",\"\",IF(AUTOEVENTO=\"manual\",$A99,IF(ISERROR(MATCH($A99,$A$15:OFFSET($A99,-1,0),0)),MAX($M$15:OFFSET(M99,-1,0))+1,INDEX($M$15:OFFSET(M99,-1,0),MATCH($A99,$A$15:OFFSET($A99,-1,0),0)))))","v":12},{"$f":"IF($D99<>\"Serviço\",\"\",IF(AUTOEVENTO=\"Manual\",IF($A99=0,\"<-- defina o número do agrupador\",OFFSET(EVENTOS!$D$14,$A99,0)),OFFSET($F$15,$A99,0)))","v":"PISOS"},null,null,{"$f":"1.6+(0.8*15)+0.6+0.8+1.25","v":16.25},null,null,null,null,null,null,null,null,null,null,{"$f":"IF(AND($D99=\"Serviço\",AB$12<>0,$H99>0,OR(AUTOEVENTO<>\"manual\",$M99<>1)),\nIF(Import.TipoArredondamento<>\"TransfereGOV\",\nROUND(OFFSET($P99,0,AB$13),15-13*ORÇAMENTO!$AF$7)/$H99*OFFSET(ORÇAMENTO!$X$15,ROW(AB99)-ROW(AB$15),0),\nROUND(ROUND(OFFSET($P99,0,AB$13),15-13*ORÇAMENTO!$AF$7)*OFFSET(ORÇAMENTO!$W$15,ROW(AB99)-ROW(AB$15),0),15-13*ORÇAMENTO!$AF$11)),0)","v":2100.48},{"$f":"IF(AND($D99=\"Serviço\",AC$12<>0,$H99>0,OR(AUTOEVENTO<>\"manual\",$M99<>1)),\nIF(Import.TipoArredondamento<>\"TransfereGOV\",\nROUND(OFFSET($P99,0,AC$13),15-13*ORÇAMENTO!$AF$7)/$H99*OFFSET(ORÇAMENTO!$X$15,ROW(AC99)-ROW(AC$15),0),\nROUND(ROUND(OFFSET($P99,0,AC$13),15-13*ORÇAMENTO!$AF$7)*OFFSET(ORÇAMENTO!$W$15,ROW(AC99)-ROW(AC$15),0),15-13*ORÇAMENTO!$AF$11)),0)","v":0},{"$f":"IF(AND($D99=\"Serviço\",AD$12<>0,$H99>0,OR(AUTOEVENTO<>\"manual\",$M99<>1)),\nIF(Import.TipoArredondamento<>\"TransfereGOV\",\nROUND(OFFSET($P99,0,AD$13),15-13*ORÇAMENTO!$AF$7)/$H99*OFFSET(ORÇAMENTO!$X$15,ROW(AD99)-ROW(AD$15),0),\nROUND(ROUND(OFFSET($P99,0,AD$13),15-13*ORÇAMENTO!$AF$7)*OFFSET(ORÇAMENTO!$W$15,ROW(AD99)-ROW(AD$15),0),15-13*ORÇAMENTO!$AF$11)),0)","v":0},{"$f":"IF(AND($D99=\"Serviço\",AE$12<>0,$H99>0,OR(AUTOEVENTO<>\"manual\",$M99<>1)),\nIF(Import.TipoArredondamento<>\"TransfereGOV\",\nROUND(OFFSET($P99,0,AE$13),15-13*ORÇAMENTO!$AF$7)/$H99*OFFSET(ORÇAMENTO!$X$15,ROW(AE99)-ROW(AE$15),0),\nROUND(ROUND(OFFSET($P99,0,AE$13),15-13*ORÇAMENTO!$AF$7)*OFFSET(ORÇAMENTO!$W$15,ROW(AE99)-ROW(AE$15),0),15-13*ORÇAMENTO!$AF$11)),0)","v":0},{"$f":"IF(AND($D99=\"Serviço\",AF$12<>0,$H99>0,OR(AUTOEVENTO<>\"manual\",$M99<>1)),\nIF(Import.TipoArredondamento<>\"TransfereGOV\",\nROUND(OFFSET($P99,0,AF$13),15-13*ORÇAMENTO!$AF$7)/$H99*OFFSET(ORÇAMENTO!$X$15,ROW(AF99)-ROW(AF$15),0),\nROUND(ROUND(OFFSET($P99,0,AF$13),15-13*ORÇAMENTO!$AF$7)*OFFSET(ORÇAMENTO!$W$15,ROW(AF99)-ROW(AF$15),0),15-13*ORÇAMENTO!$AF$11)),0)","v":0},{"$f":"IF(AND($D99=\"Serviço\",AG$12<>0,$H99>0,OR(AUTOEVENTO<>\"manual\",$M99<>1)),\nIF(Import.TipoArredondamento<>\"TransfereGOV\",\nROUND(OFFSET($P99,0,AG$13),15-13*ORÇAMENTO!$AF$7)/$H99*OFFSET(ORÇAMENTO!$X$15,ROW(AG99)-ROW(AG$15),0),\nROUND(ROUND(OFFSET($P99,0,AG$13),15-13*ORÇAMENTO!$AF$7)*OFFSET(ORÇAMENTO!$W$15,ROW(AG99)-ROW(AG$15),0),15-13*ORÇAMENTO!$AF$11)),0)","v":0},{"$f":"IF(AND($D99=\"Serviço\",AH$12<>0,$H99>0,OR(AUTOEVENTO<>\"manual\",$M99<>1)),\nIF(Import.TipoArredondamento<>\"TransfereGOV\",\nROUND(OFFSET($P99,0,AH$13),15-13*ORÇAMENTO!$AF$7)/$H99*OFFSET(ORÇAMENTO!$X$15,ROW(AH99)-ROW(AH$15),0),\nROUND(ROUND(OFFSET($P99,0,AH$13),15-13*ORÇAMENTO!$AF$7)*OFFSET(ORÇAMENTO!$W$15,ROW(AH99)-ROW(AH$15),0),15-13*ORÇAMENTO!$AF$11)),0)","v":0},{"$f":"IF(AND($D99=\"Serviço\",AI$12<>0,$H99>0,OR(AUTOEVENTO<>\"manual\",$M99<>1)),\nIF(Import.TipoArredondamento<>\"TransfereGOV\",\nROUND(OFFSET($P99,0,AI$13),15-13*ORÇAMENTO!$AF$7)/$H99*OFFSET(ORÇAMENTO!$X$15,ROW(AI99)-ROW(AI$15),0),\nROUND(ROUND(OFFSET($P99,0,AI$13),15-13*ORÇAMENTO!$AF$7)*OFFSET(ORÇAMENTO!$W$15,ROW(AI99)-ROW(AI$15),0),15-13*ORÇAMENTO!$AF$11)),0)","v":0},{"$f":"IF(AND($D99=\"Serviço\",AJ$12<>0,$H99>0,OR(AUTOEVENTO<>\"manual\",$M99<>1)),\nIF(Import.TipoArredondamento<>\"TransfereGOV\",\nROUND(OFFSET($P99,0,AJ$13),15-13*ORÇAMENTO!$AF$7)/$H99*OFFSET(ORÇAMENTO!$X$15,ROW(AJ99)-ROW(AJ$15),0),\nROUND(ROUND(OFFSET($P99,0,AJ$13),15-13*ORÇAMENTO!$AF$7)*OFFSET(ORÇAMENTO!$W$15,ROW(AJ99)-ROW(AJ$15),0),15-13*ORÇAMENTO!$AF$11)),0)","v":0},{"$f":"IF(AND($D99=\"Serviço\",AK$12<>0,$H99>0,OR(AUTOEVENTO<>\"manual\",$M99<>1)),\nIF(Import.TipoArredondamento<>\"TransfereGOV\",\nROUND(OFFSET($P99,0,AK$13),15-13*ORÇAMENTO!$AF$7)/$H99*OFFSET(ORÇAMENTO!$X$15,ROW(AK99)-ROW(AK$15),0),\nROUND(ROUND(OFFSET($P99,0,AK$13),15-13*ORÇAMENTO!$AF$7)*OFFSET(ORÇAMENTO!$W$15,ROW(AK99)-ROW(AK$15),0),15-13*ORÇAMENTO!$AF$11)),0)","v":0},null,{"$f":"IF($D99<>\"Serviço\",0,IF(AND(AUTOEVENTO=\"Manual\",$M99=1),0,IF(OFFSET(CRONOPLE!$F$14,$M99,AM$13)=\"\",10^12,OFFSET(CRONOPLE!$F$14,$M99,AM$13))))","v":1000000000000},{"$f":"IF($D99<>\"Serviço\",0,IF(AND(AUTOEVENTO=\"Manual\",$M99=1),0,IF(OFFSET(CRONOPLE!$F$14,$M99,AN$13)=\"\",10^12,OFFSET(CRONOPLE!$F$14,$M99,AN$13))))","v":1000000000000},{"$f":"IF($D99<>\"Serviço\",0,IF(AND(AUTOEVENTO=\"Manual\",$M99=1),0,IF(OFFSET(CRONOPLE!$F$14,$M99,AO$13)=\"\",10^12,OFFSET(CRONOPLE!$F$14,$M99,AO$13))))","v":1000000000000},{"$f":"IF($D99<>\"Serviço\",0,IF(AND(AUTOEVENTO=\"Manual\",$M99=1),0,IF(OFFSET(CRONOPLE!$F$14,$M99,AP$13)=\"\",10^12,OFFSET(CRONOPLE!$F$14,$M99,AP$13))))","v":1000000000000},{"$f":"IF($D99<>\"Serviço\",0,IF(AND(AUTOEVENTO=\"Manual\",$M99=1),0,IF(OFFSET(CRONOPLE!$F$14,$M99,AQ$13)=\"\",10^12,OFFSET(CRONOPLE!$F$14,$M99,AQ$13))))","v":1000000000000},{"$f":"IF($D99<>\"Serviço\",0,IF(AND(AUTOEVENTO=\"Manual\",$M99=1),0,IF(OFFSET(CRONOPLE!$F$14,$M99,AR$13)=\"\",10^12,OFFSET(CRONOPLE!$F$14,$M99,AR$13))))","v":1000000000000},{"$f":"IF($D99<>\"Serviço\",0,IF(AND(AUTOEVENTO=\"Manual\",$M99=1),0,IF(OFFSET(CRONOPLE!$F$14,$M99,AS$13)=\"\",10^12,OFFSET(CRONOPLE!$F$14,$M99,AS$13))))","v":1000000000000},{"$f":"IF($D99<>\"Serviço\",0,IF(AND(AUTOEVENTO=\"Manual\",$M99=1),0,IF(OFFSET(CRONOPLE!$F$14,$M99,AT$13)=\"\",10^12,OFFSET(CRONOPLE!$F$14,$M99,AT$13))))","v":1000000000000},{"$f":"IF($D99<>\"Serviço\",0,IF(AND(AUTOEVENTO=\"Manual\",$M99=1),0,IF(OFFSET(CRONOPLE!$F$14,$M99,AU$13)=\"\",10^12,OFFSET(CRONOPLE!$F$14,$M99,AU$13))))","v":1000000000000},{"$f":"IF($D99<>\"Serviço\",0,IF(AND(AUTOEVENTO=\"Manual\",$M99=1),0,IF(OFFSET(CRONOPLE!$F$14,$M99,AV$13)=\"\",10^12,OFFSET(CRONOPLE!$F$14,$M99,AV$13))))","v":1000000000000},null,{"$f":"IF($D99<>\"Serviço\",0,IF(OR(AND(AUTOEVENTO=\"Manual\",$M99=1),$M99>(ROW(PLE.lastrow)-ROW(PLE.firstrow))),0,IF(OFFSET(PLE!$G$14,$M99,AX$13)=\"\",10^12,OFFSET(PLE!$G$14,$M99,AX$13))))","v":1000000000000},{"$f":"IF($D99<>\"Serviço\",0,IF(OR(AND(AUTOEVENTO=\"Manual\",$M99=1),$M99>(ROW(PLE.lastrow)-ROW(PLE.firstrow))),0,IF(OFFSET(PLE!$G$14,$M99,AY$13)=\"\",10^12,OFFSET(PLE!$G$14,$M99,AY$13))))","v":1000000000000},{"$f":"IF($D99<>\"Serviço\",0,IF(OR(AND(AUTOEVENTO=\"Manual\",$M99=1),$M99>(ROW(PLE.lastrow)-ROW(PLE.firstrow))),0,IF(OFFSET(PLE!$G$14,$M99,AZ$13)=\"\",10^12,OFFSET(PLE!$G$14,$M99,AZ$13))))","v":1000000000000},{"$f":"IF($D99<>\"Serviço\",0,IF(OR(AND(AUTOEVENTO=\"Manual\",$M99=1),$M99>(ROW(PLE.lastrow)-ROW(PLE.firstrow))),0,IF(OFFSET(PLE!$G$14,$M99,BA$13)=\"\",10^12,OFFSET(PLE!$G$14,$M99,BA$13))))","v":1000000000000},{"$f":"IF($D99<>\"Serviço\",0,IF(OR(AND(AUTOEVENTO=\"Manual\",$M99=1),$M99>(ROW(PLE.lastrow)-ROW(PLE.firstrow))),0,IF(OFFSET(PLE!$G$14,$M99,BB$13)=\"\",10^12,OFFSET(PLE!$G$14,$M99,BB$13))))","v":1000000000000},{"$f":"IF($D99<>\"Serviço\",0,IF(OR(AND(AUTOEVENTO=\"Manual\",$M99=1),$M99>(ROW(PLE.lastrow)-ROW(PLE.firstrow))),0,IF(OFFSET(PLE!$G$14,$M99,BC$13)=\"\",10^12,OFFSET(PLE!$G$14,$M99,BC$13))))","v":1000000000000},{"$f":"IF($D99<>\"Serviço\",0,IF(OR(AND(AUTOEVENTO=\"Manual\",$M99=1),$M99>(ROW(PLE.lastrow)-ROW(PLE.firstrow))),0,IF(OFFSET(PLE!$G$14,$M99,BD$13)=\"\",10^12,OFFSET(PLE!$G$14,$M99,BD$13))))","v":1000000000000},{"$f":"IF($D99<>\"Serviço\",0,IF(OR(AND(AUTOEVENTO=\"Manual\",$M99=1),$M99>(ROW(PLE.lastrow)-ROW(PLE.firstrow))),0,IF(OFFSET(PLE!$G$14,$M99,BE$13)=\"\",10^12,OFFSET(PLE!$G$14,$M99,BE$13))))","v":1000000000000},{"$f":"IF($D99<>\"Serviço\",0,IF(OR(AND(AUTOEVENTO=\"Manual\",$M99=1),$M99>(ROW(PLE.lastrow)-ROW(PLE.firstrow))),0,IF(OFFSET(PLE!$G$14,$M99,BF$13)=\"\",10^12,OFFSET(PLE!$G$14,$M99,BF$13))))","v":1000000000000},{"$f":"IF($D99<>\"Serviço\",0,IF(OR(AND(AUTOEVENTO=\"Manual\",$M99=1),$M99>(ROW(PLE.lastrow)-ROW(PLE.firstrow))),0,IF(OFFSET(PLE!$G$14,$M99,BG$13)=\"\",10^12,OFFSET(PLE!$G$14,$M99,BG$13))))","v":1000000000000}]
[{"$f":"IF(AUTOEVENTO=\"Manual\",IF(K100<>\"\",MIN(VALUE(LEFT(K100,FIND(\".\",K100)-1)),COUNTA(EVENTOS.Lista)),0),IF(OR($B100>AUTOEVENTO,$B100=\"S\",$B100=0),SUBSTITUTE(OFFSET($A100,-1,0),IF($D100=\"Serviço\",\".\",\"\"),\"\"),ROW(A100)-ROW($A$15)&\".\"))","v":"72"},{"$f":"OFFSET(ORÇAMENTO!C$15,ROW(B100)-ROW(B$15),0)","v":"S"},{"$f":"OFFSET(ORÇAMENTO!L$15,ROW(C100)-ROW(C$15),0)","v":"F"},{"$f":"OFFSET(ORÇAMENTO!N$15,ROW(D100)-ROW(D$15),0)","v":"Serviço"},{"$f":"OFFSET(ORÇAMENTO!O$15,ROW(E100)-ROW(E$15),0)","v":"1.11.0.13."},{"$f":"OFFSET(ORÇAMENTO!R$15,ROW(F100)-ROW(F$15),0)","v":"RODAPÉ H:10CM REALIZADO COM PORCELANATO 60X60CM, RETIFICADO"},{"$f":"IF($D100<>\"Serviço\",\"\",OFFSET(ORÇAMENTO!S$15,ROW(G100)-ROW(G$15),0))","v":"M"},{"$f":"IF($D100<>\"Serviço\",0,IF(ACOMPANHAMENTO=\"BM\",ROUND(OFFSET(ORÇAMENTO!AJ$15,ROW(H100)-ROW(H$15),0),15-13*ORÇAMENTO!$AF$7),SUMPRODUCT(($Q$12:$AA$12<>\"\")*ROUND($Q100:$AA100,15-13*ORÇAMENTO!$AF$7))))","v":200.54},"TODOS OS AMBIENTES, MENOS NOS LOCAIS DE PORCELANATO NA PAREDE",null,null,".",{"$f":"IF($D100<>\"Serviço\",\"\",IF(AUTOEVENTO=\"manual\",$A100,IF(ISERROR(MATCH($A100,$A$15:OFFSET($A100,-1,0),0)),MAX($M$15:OFFSET(M100,-1,0))+1,INDEX($M$15:OFFSET(M100,-1,0),MATCH($A100,$A$15:OFFSET($A100,-1,0),0)))))","v":12},{"$f":"IF($D100<>\"Serviço\",\"\",IF(AUTOEVENTO=\"Manual\",IF($A100=0,\"<-- defina o número do agrupador\",OFFSET(EVENTOS!$D$14,$A100,0)),OFFSET($F$15,$A100,0)))","v":"PISOS"},null,null,{"$f":"16.84-0.8+22.14-0.8+52.05-(0.8*11)-1.6-2.05+4.79+12.64-0.8+12-0.8+12.25-0.8+20.5-0.8+18.03-2.05-0.8-0.8-0.8-0.8-1.4+26.9-0.8+27.9-0.8","v":200.53999999999996},null,null,null,null,null,null,null,null,null,null,{"$f":"IF(AND($D100=\"Serviço\",AB$12<>0,$H100>0,OR(AUTOEVENTO<>\"manual\",$M100<>1)),\nIF(Import.TipoArredondamento<>\"TransfereGOV\",\nROUND(OFFSET($P100,0,AB$13),15-13*ORÇAMENTO!$AF$7)/$H100*OFFSET(ORÇAMENTO!$X$15,ROW(AB100)-ROW(AB$15),0),\nROUND(ROUND(OFFSET($P100,0,AB$13),15-13*ORÇAMENTO!$AF$7)*OFFSET(ORÇAMENTO!$W$15,ROW(AB100)-ROW(AB$15),0),15-13*ORÇAMENTO!$AF$11)),0)","v":4311.6099999999997},{"$f":"IF(AND($D100=\"Serviço\",AC$12<>0,$H100>0,OR(AUTOEVENTO<>\"manual\",$M100<>1)),\nIF(Import.TipoArredondamento<>\"TransfereGOV\",\nROUND(OFFSET($P100,0,AC$13),15-13*ORÇAMENTO!$AF$7)/$H100*OFFSET(ORÇAMENTO!$X$15,ROW(AC100)-ROW(AC$15),0),\nROUND(ROUND(OFFSET($P100,0,AC$13),15-13*ORÇAMENTO!$AF$7)*OFFSET(ORÇAMENTO!$W$15,ROW(AC100)-ROW(AC$15),0),15-13*ORÇAMENTO!$AF$11)),0)","v":0},{"$f":"IF(AND($D100=\"Serviço\",AD$12<>0,$H100>0,OR(AUTOEVENTO<>\"manual\",$M100<>1)),\nIF(Import.TipoArredondamento<>\"TransfereGOV\",\nROUND(OFFSET($P100,0,AD$13),15-13*ORÇAMENTO!$AF$7)/$H100*OFFSET(ORÇAMENTO!$X$15,ROW(AD100)-ROW(AD$15),0),\nROUND(ROUND(OFFSET($P100,0,AD$13),15-13*ORÇAMENTO!$AF$7)*OFFSET(ORÇAMENTO!$W$15,ROW(AD100)-ROW(AD$15),0),15-13*ORÇAMENTO!$AF$11)),0)","v":0},{"$f":"IF(AND($D100=\"Serviço\",AE$12<>0,$H100>0,OR(AUTOEVENTO<>\"manual\",$M100<>1)),\nIF(Import.TipoArredondamento<>\"TransfereGOV\",\nROUND(OFFSET($P100,0,AE$13),15-13*ORÇAMENTO!$AF$7)/$H100*OFFSET(ORÇAMENTO!$X$15,ROW(AE100)-ROW(AE$15),0),\nROUND(ROUND(OFFSET($P100,0,AE$13),15-13*ORÇAMENTO!$AF$7)*OFFSET(ORÇAMENTO!$W$15,ROW(AE100)-ROW(AE$15),0),15-13*ORÇAMENTO!$AF$11)),0)","v":0},{"$f":"IF(AND($D100=\"Serviço\",AF$12<>0,$H100>0,OR(AUTOEVENTO<>\"manual\",$M100<>1)),\nIF(Import.TipoArredondamento<>\"TransfereGOV\",\nROUND(OFFSET($P100,0,AF$13),15-13*ORÇAMENTO!$AF$7)/$H100*OFFSET(ORÇAMENTO!$X$15,ROW(AF100)-ROW(AF$15),0),\nROUND(ROUND(OFFSET($P100,0,AF$13),15-13*ORÇAMENTO!$AF$7)*OFFSET(ORÇAMENTO!$W$15,ROW(AF100)-ROW(AF$15),0),15-13*ORÇAMENTO!$AF$11)),0)","v":0},{"$f":"IF(AND($D100=\"Serviço\",AG$12<>0,$H100>0,OR(AUTOEVENTO<>\"manual\",$M100<>1)),\nIF(Import.TipoArredondamento<>\"TransfereGOV\",\nROUND(OFFSET($P100,0,AG$13),15-13*ORÇAMENTO!$AF$7)/$H100*OFFSET(ORÇAMENTO!$X$15,ROW(AG100)-ROW(AG$15),0),\nROUND(ROUND(OFFSET($P100,0,AG$13),15-13*ORÇAMENTO!$AF$7)*OFFSET(ORÇAMENTO!$W$15,ROW(AG100)-ROW(AG$15),0),15-13*ORÇAMENTO!$AF$11)),0)","v":0},{"$f":"IF(AND($D100=\"Serviço\",AH$12<>0,$H100>0,OR(AUTOEVENTO<>\"manual\",$M100<>1)),\nIF(Import.TipoArredondamento<>\"TransfereGOV\",\nROUND(OFFSET($P100,0,AH$13),15-13*ORÇAMENTO!$AF$7)/$H100*OFFSET(ORÇAMENTO!$X$15,ROW(AH100)-ROW(AH$15),0),\nROUND(ROUND(OFFSET($P100,0,AH$13),15-13*ORÇAMENTO!$AF$7)*OFFSET(ORÇAMENTO!$W$15,ROW(AH100)-ROW(AH$15),0),15-13*ORÇAMENTO!$AF$11)),0)","v":0},{"$f":"IF(AND($D100=\"Serviço\",AI$12<>0,$H100>0,OR(AUTOEVENTO<>\"manual\",$M100<>1)),\nIF(Import.TipoArredondamento<>\"TransfereGOV\",\nROUND(OFFSET($P100,0,AI$13),15-13*ORÇAMENTO!$AF$7)/$H100*OFFSET(ORÇAMENTO!$X$15,ROW(AI100)-ROW(AI$15),0),\nROUND(ROUND(OFFSET($P100,0,AI$13),15-13*ORÇAMENTO!$AF$7)*OFFSET(ORÇAMENTO!$W$15,ROW(AI100)-ROW(AI$15),0),15-13*ORÇAMENTO!$AF$11)),0)","v":0},{"$f":"IF(AND($D100=\"Serviço\",AJ$12<>0,$H100>0,OR(AUTOEVENTO<>\"manual\",$M100<>1)),\nIF(Import.TipoArredondamento<>\"TransfereGOV\",\nROUND(OFFSET($P100,0,AJ$13),15-13*ORÇAMENTO!$AF$7)/$H100*OFFSET(ORÇAMENTO!$X$15,ROW(AJ100)-ROW(AJ$15),0),\nROUND(ROUND(OFFSET($P100,0,AJ$13),15-13*ORÇAMENTO!$AF$7)*OFFSET(ORÇAMENTO!$W$15,ROW(AJ100)-ROW(AJ$15),0),15-13*ORÇAMENTO!$AF$11)),0)","v":0},{"$f":"IF(AND($D100=\"Serviço\",AK$12<>0,$H100>0,OR(AUTOEVENTO<>\"manual\",$M100<>1)),\nIF(Import.TipoArredondamento<>\"TransfereGOV\",\nROUND(OFFSET($P100,0,AK$13),15-13*ORÇAMENTO!$AF$7)/$H100*OFFSET(ORÇAMENTO!$X$15,ROW(AK100)-ROW(AK$15),0),\nROUND(ROUND(OFFSET($P100,0,AK$13),15-13*ORÇAMENTO!$AF$7)*OFFSET(ORÇAMENTO!$W$15,ROW(AK100)-ROW(AK$15),0),15-13*ORÇAMENTO!$AF$11)),0)","v":0},null,{"$f":"IF($D100<>\"Serviço\",0,IF(AND(AUTOEVENTO=\"Manual\",$M100=1),0,IF(OFFSET(CRONOPLE!$F$14,$M100,AM$13)=\"\",10^12,OFFSET(CRONOPLE!$F$14,$M100,AM$13))))","v":1000000000000},{"$f":"IF($D100<>\"Serviço\",0,IF(AND(AUTOEVENTO=\"Manual\",$M100=1),0,IF(OFFSET(CRONOPLE!$F$14,$M100,AN$13)=\"\",10^12,OFFSET(CRONOPLE!$F$14,$M100,AN$13))))","v":1000000000000},{"$f":"IF($D100<>\"Serviço\",0,IF(AND(AUTOEVENTO=\"Manual\",$M100=1),0,IF(OFFSET(CRONOPLE!$F$14,$M100,AO$13)=\"\",10^12,OFFSET(CRONOPLE!$F$14,$M100,AO$13))))","v":1000000000000},{"$f":"IF($D100<>\"Serviço\",0,IF(AND(AUTOEVENTO=\"Manual\",$M100=1),0,IF(OFFSET(CRONOPLE!$F$14,$M100,AP$13)=\"\",10^12,OFFSET(CRONOPLE!$F$14,$M100,AP$13))))","v":1000000000000},{"$f":"IF($D100<>\"Serviço\",0,IF(AND(AUTOEVENTO=\"Manual\",$M100=1),0,IF(OFFSET(CRONOPLE!$F$14,$M100,AQ$13)=\"\",10^12,OFFSET(CRONOPLE!$F$14,$M100,AQ$13))))","v":1000000000000},{"$f":"IF($D100<>\"Serviço\",0,IF(AND(AUTOEVENTO=\"Manual\",$M100=1),0,IF(OFFSET(CRONOPLE!$F$14,$M100,AR$13)=\"\",10^12,OFFSET(CRONOPLE!$F$14,$M100,AR$13))))","v":1000000000000},{"$f":"IF($D100<>\"Serviço\",0,IF(AND(AUTOEVENTO=\"Manual\",$M100=1),0,IF(OFFSET(CRONOPLE!$F$14,$M100,AS$13)=\"\",10^12,OFFSET(CRONOPLE!$F$14,$M100,AS$13))))","v":1000000000000},{"$f":"IF($D100<>\"Serviço\",0,IF(AND(AUTOEVENTO=\"Manual\",$M100=1),0,IF(OFFSET(CRONOPLE!$F$14,$M100,AT$13)=\"\",10^12,OFFSET(CRONOPLE!$F$14,$M100,AT$13))))","v":1000000000000},{"$f":"IF($D100<>\"Serviço\",0,IF(AND(AUTOEVENTO=\"Manual\",$M100=1),0,IF(OFFSET(CRONOPLE!$F$14,$M100,AU$13)=\"\",10^12,OFFSET(CRONOPLE!$F$14,$M100,AU$13))))","v":1000000000000},{"$f":"IF($D100<>\"Serviço\",0,IF(AND(AUTOEVENTO=\"Manual\",$M100=1),0,IF(OFFSET(CRONOPLE!$F$14,$M100,AV$13)=\"\",10^12,OFFSET(CRONOPLE!$F$14,$M100,AV$13))))","v":1000000000000},null,{"$f":"IF($D100<>\"Serviço\",0,IF(OR(AND(AUTOEVENTO=\"Manual\",$M100=1),$M100>(ROW(PLE.lastrow)-ROW(PLE.firstrow))),0,IF(OFFSET(PLE!$G$14,$M100,AX$13)=\"\",10^12,OFFSET(PLE!$G$14,$M100,AX$13))))","v":1000000000000},{"$f":"IF($D100<>\"Serviço\",0,IF(OR(AND(AUTOEVENTO=\"Manual\",$M100=1),$M100>(ROW(PLE.lastrow)-ROW(PLE.firstrow))),0,IF(OFFSET(PLE!$G$14,$M100,AY$13)=\"\",10^12,OFFSET(PLE!$G$14,$M100,AY$13))))","v":1000000000000},{"$f":"IF($D100<>\"Serviço\",0,IF(OR(AND(AUTOEVENTO=\"Manual\",$M100=1),$M100>(ROW(PLE.lastrow)-ROW(PLE.firstrow))),0,IF(OFFSET(PLE!$G$14,$M100,AZ$13)=\"\",10^12,OFFSET(PLE!$G$14,$M100,AZ$13))))","v":1000000000000},{"$f":"IF($D100<>\"Serviço\",0,IF(OR(AND(AUTOEVENTO=\"Manual\",$M100=1),$M100>(ROW(PLE.lastrow)-ROW(PLE.firstrow))),0,IF(OFFSET(PLE!$G$14,$M100,BA$13)=\"\",10^12,OFFSET(PLE!$G$14,$M100,BA$13))))","v":1000000000000},{"$f":"IF($D100<>\"Serviço\",0,IF(OR(AND(AUTOEVENTO=\"Manual\",$M100=1),$M100>(ROW(PLE.lastrow)-ROW(PLE.firstrow))),0,IF(OFFSET(PLE!$G$14,$M100,BB$13)=\"\",10^12,OFFSET(PLE!$G$14,$M100,BB$13))))","v":1000000000000},{"$f":"IF($D100<>\"Serviço\",0,IF(OR(AND(AUTOEVENTO=\"Manual\",$M100=1),$M100>(ROW(PLE.lastrow)-ROW(PLE.firstrow))),0,IF(OFFSET(PLE!$G$14,$M100,BC$13)=\"\",10^12,OFFSET(PLE!$G$14,$M100,BC$13))))","v":1000000000000},{"$f":"IF($D100<>\"Serviço\",0,IF(OR(AND(AUTOEVENTO=\"Manual\",$M100=1),$M100>(ROW(PLE.lastrow)-ROW(PLE.firstrow))),0,IF(OFFSET(PLE!$G$14,$M100,BD$13)=\"\",10^12,OFFSET(PLE!$G$14,$M100,BD$13))))","v":1000000000000},{"$f":"IF($D100<>\"Serviço\",0,IF(OR(AND(AUTOEVENTO=\"Manual\",$M100=1),$M100>(ROW(PLE.lastrow)-ROW(PLE.firstrow))),0,IF(OFFSET(PLE!$G$14,$M100,BE$13)=\"\",10^12,OFFSET(PLE!$G$14,$M100,BE$13))))","v":1000000000000},{"$f":"IF($D100<>\"Serviço\",0,IF(OR(AND(AUTOEVENTO=\"Manual\",$M100=1),$M100>(ROW(PLE.lastrow)-ROW(PLE.firstrow))),0,IF(OFFSET(PLE!$G$14,$M100,BF$13)=\"\",10^12,OFFSET(PLE!$G$14,$M100,BF$13))))","v":1000000000000},{"$f":"IF($D100<>\"Serviço\",0,IF(OR(AND(AUTOEVENTO=\"Manual\",$M100=1),$M100>(ROW(PLE.lastrow)-ROW(PLE.firstrow))),0,IF(OFFSET(PLE!$G$14,$M100,BG$13)=\"\",10^12,OFFSET(PLE!$G$14,$M100,BG$13))))","v":1000000000000}]
["86.",{"$f":"OFFSET(ORÇAMENTO!C$15,ROW(B101)-ROW(B$15),0)","v":2},{"$f":"OFFSET(ORÇAMENTO!L$15,ROW(C101)-ROW(C$15),0)","v":"F"},{"$f":"OFFSET(ORÇAMENTO!N$15,ROW(D101)-ROW(D$15),0)","v":"Nível 2"},{"$f":"OFFSET(ORÇAMENTO!O$15,ROW(E101)-ROW(E$15),0)","v":"1.12."},{"$f":"OFFSET(ORÇAMENTO!R$15,ROW(F101)-ROW(F$15),0)","v":"INSTALAÇÕES HIDROSSANITÁRIAS (ESGOTO CLOACAL)"},{"$f":"IF($D101<>\"Serviço\",\"\",OFFSET(ORÇAMENTO!S$15,ROW(G101)-ROW(G$15),0))","v":""},{"$f":"IF($D101<>\"Serviço\",0,IF(ACOMPANHAMENTO=\"BM\",ROUND(OFFSET(ORÇAMENTO!AJ$15,ROW(H101)-ROW(H$15),0),15-13*ORÇAMENTO!$AF$7),SUMPRODUCT(($Q$12:$AA$12<>\"\")*ROUND($Q101:$AA101,15-13*ORÇAMENTO!$AF$7))))","v":0},null,null,null,".",{"$f":"IF($D101<>\"Serviço\",\"\",IF(AUTOEVENTO=\"manual\",$A101,IF(ISERROR(MATCH($A101,$A$15:OFFSET($A101,-1,0),0)),MAX($M$15:OFFSET(M101,-1,0))+1,INDEX($M$15:OFFSET(M101,-1,0),MATCH($A101,$A$15:OFFSET($A101,-1,0),0)))))","v":""},{"$f":"IF($D101<>\"Serviço\",\"\",IF(AUTOEVENTO=\"Manual\",IF($A101=0,\"<-- defina o número do agrupador\",OFFSET(EVENTOS!$D$14,$A101,0)),OFFSET($F$15,$A101,0)))","v":""},null,null,null,null,null,null,null,null,null,null,null,null,null,{"$f":"IF(AND($D101=\"Serviço\",AB$12<>0,$H101>0,OR(AUTOEVENTO<>\"manual\",$M101<>1)),\nIF(Import.TipoArredondamento<>\"TransfereGOV\",\nROUND(OFFSET($P101,0,AB$13),15-13*ORÇAMENTO!$AF$7)/$H101*OFFSET(ORÇAMENTO!$X$15,ROW(AB101)-ROW(AB$15),0),\nROUND(ROUND(OFFSET($P101,0,AB$13),15-13*ORÇAMENTO!$AF$7)*OFFSET(ORÇAMENTO!$W$15,ROW(AB101)-ROW(AB$15),0),15-13*ORÇAMENTO!$AF$11)),0)","v":0},{"$f":"IF(AND($D101=\"Serviço\",AC$12<>0,$H101>0,OR(AUTOEVENTO<>\"manual\",$M101<>1)),\nIF(Import.TipoArredondamento<>\"TransfereGOV\",\nROUND(OFFSET($P101,0,AC$13),15-13*ORÇAMENTO!$AF$7)/$H101*OFFSET(ORÇAMENTO!$X$15,ROW(AC101)-ROW(AC$15),0),\nROUND(ROUND(OFFSET($P101,0,AC$13),15-13*ORÇAMENTO!$AF$7)*OFFSET(ORÇAMENTO!$W$15,ROW(AC101)-ROW(AC$15),0),15-13*ORÇAMENTO!$AF$11)),0)","v":0},{"$f":"IF(AND($D101=\"Serviço\",AD$12<>0,$H101>0,OR(AUTOEVENTO<>\"manual\",$M101<>1)),\nIF(Import.TipoArredondamento<>\"TransfereGOV\",\nROUND(OFFSET($P101,0,AD$13),15-13*ORÇAMENTO!$AF$7)/$H101*OFFSET(ORÇAMENTO!$X$15,ROW(AD101)-ROW(AD$15),0),\nROUND(ROUND(OFFSET($P101,0,AD$13),15-13*ORÇAMENTO!$AF$7)*OFFSET(ORÇAMENTO!$W$15,ROW(AD101)-ROW(AD$15),0),15-13*ORÇAMENTO!$AF$11)),0)","v":0},{"$f":"IF(AND($D101=\"Serviço\",AE$12<>0,$H101>0,OR(AUTOEVENTO<>\"manual\",$M101<>1)),\nIF(Import.TipoArredondamento<>\"TransfereGOV\",\nROUND(OFFSET($P101,0,AE$13),15-13*ORÇAMENTO!$AF$7)/$H101*OFFSET(ORÇAMENTO!$X$15,ROW(AE101)-ROW(AE$15),0),\nROUND(ROUND(OFFSET($P101,0,AE$13),15-13*ORÇAMENTO!$AF$7)*OFFSET(ORÇAMENTO!$W$15,ROW(AE101)-ROW(AE$15),0),15-13*ORÇAMENTO!$AF$11)),0)","v":0},{"$f":"IF(AND($D101=\"Serviço\",AF$12<>0,$H101>0,OR(AUTOEVENTO<>\"manual\",$M101<>1)),\nIF(Import.TipoArredondamento<>\"TransfereGOV\",\nROUND(OFFSET($P101,0,AF$13),15-13*ORÇAMENTO!$AF$7)/$H101*OFFSET(ORÇAMENTO!$X$15,ROW(AF101)-ROW(AF$15),0),\nROUND(ROUND(OFFSET($P101,0,AF$13),15-13*ORÇAMENTO!$AF$7)*OFFSET(ORÇAMENTO!$W$15,ROW(AF101)-ROW(AF$15),0),15-13*ORÇAMENTO!$AF$11)),0)","v":0},{"$f":"IF(AND($D101=\"Serviço\",AG$12<>0,$H101>0,OR(AUTOEVENTO<>\"manual\",$M101<>1)),\nIF(Import.TipoArredondamento<>\"TransfereGOV\",\nROUND(OFFSET($P101,0,AG$13),15-13*ORÇAMENTO!$AF$7)/$H101*OFFSET(ORÇAMENTO!$X$15,ROW(AG101)-ROW(AG$15),0),\nROUND(ROUND(OFFSET($P101,0,AG$13),15-13*ORÇAMENTO!$AF$7)*OFFSET(ORÇAMENTO!$W$15,ROW(AG101)-ROW(AG$15),0),15-13*ORÇAMENTO!$AF$11)),0)","v":0},{"$f":"IF(AND($D101=\"Serviço\",AH$12<>0,$H101>0,OR(AUTOEVENTO<>\"manual\",$M101<>1)),\nIF(Import.TipoArredondamento<>\"TransfereGOV\",\nROUND(OFFSET($P101,0,AH$13),15-13*ORÇAMENTO!$AF$7)/$H101*OFFSET(ORÇAMENTO!$X$15,ROW(AH101)-ROW(AH$15),0),\nROUND(ROUND(OFFSET($P101,0,AH$13),15-13*ORÇAMENTO!$AF$7)*OFFSET(ORÇAMENTO!$W$15,ROW(AH101)-ROW(AH$15),0),15-13*ORÇAMENTO!$AF$11)),0)","v":0},{"$f":"IF(AND($D101=\"Serviço\",AI$12<>0,$H101>0,OR(AUTOEVENTO<>\"manual\",$M101<>1)),\nIF(Import.TipoArredondamento<>\"TransfereGOV\",\nROUND(OFFSET($P101,0,AI$13),15-13*ORÇAMENTO!$AF$7)/$H101*OFFSET(ORÇAMENTO!$X$15,ROW(AI101)-ROW(AI$15),0),\nROUND(ROUND(OFFSET($P101,0,AI$13),15-13*ORÇAMENTO!$AF$7)*OFFSET(ORÇAMENTO!$W$15,ROW(AI101)-ROW(AI$15),0),15-13*ORÇAMENTO!$AF$11)),0)","v":0},{"$f":"IF(AND($D101=\"Serviço\",AJ$12<>0,$H101>0,OR(AUTOEVENTO<>\"manual\",$M101<>1)),\nIF(Import.TipoArredondamento<>\"TransfereGOV\",\nROUND(OFFSET($P101,0,AJ$13),15-13*ORÇAMENTO!$AF$7)/$H101*OFFSET(ORÇAMENTO!$X$15,ROW(AJ101)-ROW(AJ$15),0),\nROUND(ROUND(OFFSET($P101,0,AJ$13),15-13*ORÇAMENTO!$AF$7)*OFFSET(ORÇAMENTO!$W$15,ROW(AJ101)-ROW(AJ$15),0),15-13*ORÇAMENTO!$AF$11)),0)","v":0},{"$f":"IF(AND($D101=\"Serviço\",AK$12<>0,$H101>0,OR(AUTOEVENTO<>\"manual\",$M101<>1)),\nIF(Import.TipoArredondamento<>\"TransfereGOV\",\nROUND(OFFSET($P101,0,AK$13),15-13*ORÇAMENTO!$AF$7)/$H101*OFFSET(ORÇAMENTO!$X$15,ROW(AK101)-ROW(AK$15),0),\nROUND(ROUND(OFFSET($P101,0,AK$13),15-13*ORÇAMENTO!$AF$7)*OFFSET(ORÇAMENTO!$W$15,ROW(AK101)-ROW(AK$15),0),15-13*ORÇAMENTO!$AF$11)),0)","v":0},null,{"$f":"IF($D101<>\"Serviço\",0,IF(AND(AUTOEVENTO=\"Manual\",$M101=1),0,IF(OFFSET(CRONOPLE!$F$14,$M101,AM$13)=\"\",10^12,OFFSET(CRONOPLE!$F$14,$M101,AM$13))))","v":0},{"$f":"IF($D101<>\"Serviço\",0,IF(AND(AUTOEVENTO=\"Manual\",$M101=1),0,IF(OFFSET(CRONOPLE!$F$14,$M101,AN$13)=\"\",10^12,OFFSET(CRONOPLE!$F$14,$M101,AN$13))))","v":0},{"$f":"IF($D101<>\"Serviço\",0,IF(AND(AUTOEVENTO=\"Manual\",$M101=1),0,IF(OFFSET(CRONOPLE!$F$14,$M101,AO$13)=\"\",10^12,OFFSET(CRONOPLE!$F$14,$M101,AO$13))))","v":0},{"$f":"IF($D101<>\"Serviço\",0,IF(AND(AUTOEVENTO=\"Manual\",$M101=1),0,IF(OFFSET(CRONOPLE!$F$14,$M101,AP$13)=\"\",10^12,OFFSET(CRONOPLE!$F$14,$M101,AP$13))))","v":0},{"$f":"IF($D101<>\"Serviço\",0,IF(AND(AUTOEVENTO=\"Manual\",$M101=1),0,IF(OFFSET(CRONOPLE!$F$14,$M101,AQ$13)=\"\",10^12,OFFSET(CRONOPLE!$F$14,$M101,AQ$13))))","v":0},{"$f":"IF($D101<>\"Serviço\",0,IF(AND(AUTOEVENTO=\"Manual\",$M101=1),0,IF(OFFSET(CRONOPLE!$F$14,$M101,AR$13)=\"\",10^12,OFFSET(CRONOPLE!$F$14,$M101,AR$13))))","v":0},{"$f":"IF($D101<>\"Serviço\",0,IF(AND(AUTOEVENTO=\"Manual\",$M101=1),0,IF(OFFSET(CRONOPLE!$F$14,$M101,AS$13)=\"\",10^12,OFFSET(CRONOPLE!$F$14,$M101,AS$13))))","v":0},{"$f":"IF($D101<>\"Serviço\",0,IF(AND(AUTOEVENTO=\"Manual\",$M101=1),0,IF(OFFSET(CRONOPLE!$F$14,$M101,AT$13)=\"\",10^12,OFFSET(CRONOPLE!$F$14,$M101,AT$13))))","v":0},{"$f":"IF($D101<>\"Serviço\",0,IF(AND(AUTOEVENTO=\"Manual\",$M101=1),0,IF(OFFSET(CRONOPLE!$F$14,$M101,AU$13)=\"\",10^12,OFFSET(CRONOPLE!$F$14,$M101,AU$13))))","v":0},{"$f":"IF($D101<>\"Serviço\",0,IF(AND(AUTOEVENTO=\"Manual\",$M101=1),0,IF(OFFSET(CRONOPLE!$F$14,$M101,AV$13)=\"\",10^12,OFFSET(CRONOPLE!$F$14,$M101,AV$13))))","v":0},null,{"$f":"IF($D101<>\"Serviço\",0,IF(OR(AND(AUTOEVENTO=\"Manual\",$M101=1),$M101>(ROW(PLE.lastrow)-ROW(PLE.firstrow))),0,IF(OFFSET(PLE!$G$14,$M101,AX$13)=\"\",10^12,OFFSET(PLE!$G$14,$M101,AX$13))))","v":0},{"$f":"IF($D101<>\"Serviço\",0,IF(OR(AND(AUTOEVENTO=\"Manual\",$M101=1),$M101>(ROW(PLE.lastrow)-ROW(PLE.firstrow))),0,IF(OFFSET(PLE!$G$14,$M101,AY$13)=\"\",10^12,OFFSET(PLE!$G$14,$M101,AY$13))))","v":0},{"$f":"IF($D101<>\"Serviço\",0,IF(OR(AND(AUTOEVENTO=\"Manual\",$M101=1),$M101>(ROW(PLE.lastrow)-ROW(PLE.firstrow))),0,IF(OFFSET(PLE!$G$14,$M101,AZ$13)=\"\",10^12,OFFSET(PLE!$G$14,$M101,AZ$13))))","v":0},{"$f":"IF($D101<>\"Serviço\",0,IF(OR(AND(AUTOEVENTO=\"Manual\",$M101=1),$M101>(ROW(PLE.lastrow)-ROW(PLE.firstrow))),0,IF(OFFSET(PLE!$G$14,$M101,BA$13)=\"\",10^12,OFFSET(PLE!$G$14,$M101,BA$13))))","v":0},{"$f":"IF($D101<>\"Serviço\",0,IF(OR(AND(AUTOEVENTO=\"Manual\",$M101=1),$M101>(ROW(PLE.lastrow)-ROW(PLE.firstrow))),0,IF(OFFSET(PLE!$G$14,$M101,BB$13)=\"\",10^12,OFFSET(PLE!$G$14,$M101,BB$13))))","v":0},{"$f":"IF($D101<>\"Serviço\",0,IF(OR(AND(AUTOEVENTO=\"Manual\",$M101=1),$M101>(ROW(PLE.lastrow)-ROW(PLE.firstrow))),0,IF(OFFSET(PLE!$G$14,$M101,BC$13)=\"\",10^12,OFFSET(PLE!$G$14,$M101,BC$13))))","v":0},{"$f":"IF($D101<>\"Serviço\",0,IF(OR(AND(AUTOEVENTO=\"Manual\",$M101=1),$M101>(ROW(PLE.lastrow)-ROW(PLE.firstrow))),0,IF(OFFSET(PLE!$G$14,$M101,BD$13)=\"\",10^12,OFFSET(PLE!$G$14,$M101,BD$13))))","v":0},{"$f":"IF($D101<>\"Serviço\",0,IF(OR(AND(AUTOEVENTO=\"Manual\",$M101=1),$M101>(ROW(PLE.lastrow)-ROW(PLE.firstrow))),0,IF(OFFSET(PLE!$G$14,$M101,BE$13)=\"\",10^12,OFFSET(PLE!$G$14,$M101,BE$13))))","v":0},{"$f":"IF($D101<>\"Serviço\",0,IF(OR(AND(AUTOEVENTO=\"Manual\",$M101=1),$M101>(ROW(PLE.lastrow)-ROW(PLE.firstrow))),0,IF(OFFSET(PLE!$G$14,$M101,BF$13)=\"\",10^12,OFFSET(PLE!$G$14,$M101,BF$13))))","v":0},{"$f":"IF($D101<>\"Serviço\",0,IF(OR(AND(AUTOEVENTO=\"Manual\",$M101=1),$M101>(ROW(PLE.lastrow)-ROW(PLE.firstrow))),0,IF(OFFSET(PLE!$G$14,$M101,BG$13)=\"\",10^12,OFFSET(PLE!$G$14,$M101,BG$13))))","v":0}]
["86",{"$f":"OFFSET(ORÇAMENTO!C$15,ROW(B102)-ROW(B$15),0)","v":"S"},{"$f":"OFFSET(ORÇAMENTO!L$15,ROW(C102)-ROW(C$15),0)","v":"F"},{"$f":"OFFSET(ORÇAMENTO!N$15,ROW(D102)-ROW(D$15),0)","v":"Serviço"},{"$f":"OFFSET(ORÇAMENTO!O$15,ROW(E102)-ROW(E$15),0)","v":"1.12.0.1."},{"$f":"OFFSET(ORÇAMENTO!R$15,ROW(F102)-ROW(F$15),0)","v":"TUBO PVC, SERIE NORMAL, ESGOTO PREDIAL, DN 100 MM, FORNECIDO E INSTALADO EM RAMAL DE DESCARGA OU RAMAL DE ESGOTO SANITÁRIO. AF_08/2022"},{"$f":"IF($D102<>\"Serviço\",\"\",OFFSET(ORÇAMENTO!S$15,ROW(G102)-ROW(G$15),0))","v":"M"},{"$f":"IF($D102<>\"Serviço\",0,IF(ACOMPANHAMENTO=\"BM\",ROUND(OFFSET(ORÇAMENTO!AJ$15,ROW(H102)-ROW(H$15),0),15-13*ORÇAMENTO!$AF$7),SUMPRODUCT(($Q$12:$AA$12<>\"\")*ROUND($Q102:$AA102,15-13*ORÇAMENTO!$AF$7))))","v":61.46},null,null,null,".",{"$f":"IF($D102<>\"Serviço\",\"\",IF(AUTOEVENTO=\"manual\",$A102,IF(ISERROR(MATCH($A102,$A$15:OFFSET($A102,-1,0),0)),MAX($M$15:OFFSET(M102,-1,0))+1,INDEX($M$15:OFFSET(M102,-1,0),MATCH($A102,$A$15:OFFSET($A102,-1,0),0)))))","v":13},{"$f":"IF($D102<>\"Serviço\",\"\",IF(AUTOEVENTO=\"Manual\",IF($A102=0,\"<-- defina o número do agrupador\",OFFSET(EVENTOS!$D$14,$A102,0)),OFFSET($F$15,$A102,0)))","v":"INSTALAÇÕES HIDROSSANITÁRIAS (ESGOTO CLOACAL)"},null,null,{"$f":"2.93+0.96+2.45+3.51+6.29+2.42+9.76+1.21+1.19+0.82+0.19+2.57+2.57+1.2+1.15+0.85+0.2+10.99+0.49+2.36+2.36+3+1.59+0.2+0.2","v":61.460000000000022},null,null,null,null,null,null,null,null,null,null,{"$f":"IF(AND($D102=\"Serviço\",AB$12<>0,$H102>0,OR(AUTOEVENTO<>\"manual\",$M102<>1)),\nIF(Import.TipoArredondamento<>\"TransfereGOV\",\nROUND(OFFSET($P102,0,AB$13),15-13*ORÇAMENTO!$AF$7)/$H102*OFFSET(ORÇAMENTO!$X$15,ROW(AB102)-ROW(AB$15),0),\nROUND(ROUND(OFFSET($P102,0,AB$13),15-13*ORÇAMENTO!$AF$7)*OFFSET(ORÇAMENTO!$W$15,ROW(AB102)-ROW(AB$15),0),15-13*ORÇAMENTO!$AF$11)),0)","v":2845.6},{"$f":"IF(AND($D102=\"Serviço\",AC$12<>0,$H102>0,OR(AUTOEVENTO<>\"manual\",$M102<>1)),\nIF(Import.TipoArredondamento<>\"TransfereGOV\",\nROUND(OFFSET($P102,0,AC$13),15-13*ORÇAMENTO!$AF$7)/$H102*OFFSET(ORÇAMENTO!$X$15,ROW(AC102)-ROW(AC$15),0),\nROUND(ROUND(OFFSET($P102,0,AC$13),15-13*ORÇAMENTO!$AF$7)*OFFSET(ORÇAMENTO!$W$15,ROW(AC102)-ROW(AC$15),0),15-13*ORÇAMENTO!$AF$11)),0)","v":0},{"$f":"IF(AND($D102=\"Serviço\",AD$12<>0,$H102>0,OR(AUTOEVENTO<>\"manual\",$M102<>1)),\nIF(Import.TipoArredondamento<>\"TransfereGOV\",\nROUND(OFFSET($P102,0,AD$13),15-13*ORÇAMENTO!$AF$7)/$H102*OFFSET(ORÇAMENTO!$X$15,ROW(AD102)-ROW(AD$15),0),\nROUND(ROUND(OFFSET($P102,0,AD$13),15-13*ORÇAMENTO!$AF$7)*OFFSET(ORÇAMENTO!$W$15,ROW(AD102)-ROW(AD$15),0),15-13*ORÇAMENTO!$AF$11)),0)","v":0},{"$f":"IF(AND($D102=\"Serviço\",AE$12<>0,$H102>0,OR(AUTOEVENTO<>\"manual\",$M102<>1)),\nIF(Import.TipoArredondamento<>\"TransfereGOV\",\nROUND(OFFSET($P102,0,AE$13),15-13*ORÇAMENTO!$AF$7)/$H102*OFFSET(ORÇAMENTO!$X$15,ROW(AE102)-ROW(AE$15),0),\nROUND(ROUND(OFFSET($P102,0,AE$13),15-13*ORÇAMENTO!$AF$7)*OFFSET(ORÇAMENTO!$W$15,ROW(AE102)-ROW(AE$15),0),15-13*ORÇAMENTO!$AF$11)),0)","v":0},{"$f":"IF(AND($D102=\"Serviço\",AF$12<>0,$H102>0,OR(AUTOEVENTO<>\"manual\",$M102<>1)),\nIF(Import.TipoArredondamento<>\"TransfereGOV\",\nROUND(OFFSET($P102,0,AF$13),15-13*ORÇAMENTO!$AF$7)/$H102*OFFSET(ORÇAMENTO!$X$15,ROW(AF102)-ROW(AF$15),0),\nROUND(ROUND(OFFSET($P102,0,AF$13),15-13*ORÇAMENTO!$AF$7)*OFFSET(ORÇAMENTO!$W$15,ROW(AF102)-ROW(AF$15),0),15-13*ORÇAMENTO!$AF$11)),0)","v":0},{"$f":"IF(AND($D102=\"Serviço\",AG$12<>0,$H102>0,OR(AUTOEVENTO<>\"manual\",$M102<>1)),\nIF(Import.TipoArredondamento<>\"TransfereGOV\",\nROUND(OFFSET($P102,0,AG$13),15-13*ORÇAMENTO!$AF$7)/$H102*OFFSET(ORÇAMENTO!$X$15,ROW(AG102)-ROW(AG$15),0),\nROUND(ROUND(OFFSET($P102,0,AG$13),15-13*ORÇAMENTO!$AF$7)*OFFSET(ORÇAMENTO!$W$15,ROW(AG102)-ROW(AG$15),0),15-13*ORÇAMENTO!$AF$11)),0)","v":0},{"$f":"IF(AND($D102=\"Serviço\",AH$12<>0,$H102>0,OR(AUTOEVENTO<>\"manual\",$M102<>1)),\nIF(Import.TipoArredondamento<>\"TransfereGOV\",\nROUND(OFFSET($P102,0,AH$13),15-13*ORÇAMENTO!$AF$7)/$H102*OFFSET(ORÇAMENTO!$X$15,ROW(AH102)-ROW(AH$15),0),\nROUND(ROUND(OFFSET($P102,0,AH$13),15-13*ORÇAMENTO!$AF$7)*OFFSET(ORÇAMENTO!$W$15,ROW(AH102)-ROW(AH$15),0),15-13*ORÇAMENTO!$AF$11)),0)","v":0},{"$f":"IF(AND($D102=\"Serviço\",AI$12<>0,$H102>0,OR(AUTOEVENTO<>\"manual\",$M102<>1)),\nIF(Import.TipoArredondamento<>\"TransfereGOV\",\nROUND(OFFSET($P102,0,AI$13),15-13*ORÇAMENTO!$AF$7)/$H102*OFFSET(ORÇAMENTO!$X$15,ROW(AI102)-ROW(AI$15),0),\nROUND(ROUND(OFFSET($P102,0,AI$13),15-13*ORÇAMENTO!$AF$7)*OFFSET(ORÇAMENTO!$W$15,ROW(AI102)-ROW(AI$15),0),15-13*ORÇAMENTO!$AF$11)),0)","v":0},{"$f":"IF(AND($D102=\"Serviço\",AJ$12<>0,$H102>0,OR(AUTOEVENTO<>\"manual\",$M102<>1)),\nIF(Import.TipoArredondamento<>\"TransfereGOV\",\nROUND(OFFSET($P102,0,AJ$13),15-13*ORÇAMENTO!$AF$7)/$H102*OFFSET(ORÇAMENTO!$X$15,ROW(AJ102)-ROW(AJ$15),0),\nROUND(ROUND(OFFSET($P102,0,AJ$13),15-13*ORÇAMENTO!$AF$7)*OFFSET(ORÇAMENTO!$W$15,ROW(AJ102)-ROW(AJ$15),0),15-13*ORÇAMENTO!$AF$11)),0)","v":0},{"$f":"IF(AND($D102=\"Serviço\",AK$12<>0,$H102>0,OR(AUTOEVENTO<>\"manual\",$M102<>1)),\nIF(Import.TipoArredondamento<>\"TransfereGOV\",\nROUND(OFFSET($P102,0,AK$13),15-13*ORÇAMENTO!$AF$7)/$H102*OFFSET(ORÇAMENTO!$X$15,ROW(AK102)-ROW(AK$15),0),\nROUND(ROUND(OFFSET($P102,0,AK$13),15-13*ORÇAMENTO!$AF$7)*OFFSET(ORÇAMENTO!$W$15,ROW(AK102)-ROW(AK$15),0),15-13*ORÇAMENTO!$AF$11)),0)","v":0},null,{"$f":"IF($D102<>\"Serviço\",0,IF(AND(AUTOEVENTO=\"Manual\",$M102=1),0,IF(OFFSET(CRONOPLE!$F$14,$M102,AM$13)=\"\",10^12,OFFSET(CRONOPLE!$F$14,$M102,AM$13))))","v":1000000000000},{"$f":"IF($D102<>\"Serviço\",0,IF(AND(AUTOEVENTO=\"Manual\",$M102=1),0,IF(OFFSET(CRONOPLE!$F$14,$M102,AN$13)=\"\",10^12,OFFSET(CRONOPLE!$F$14,$M102,AN$13))))","v":1000000000000},{"$f":"IF($D102<>\"Serviço\",0,IF(AND(AUTOEVENTO=\"Manual\",$M102=1),0,IF(OFFSET(CRONOPLE!$F$14,$M102,AO$13)=\"\",10^12,OFFSET(CRONOPLE!$F$14,$M102,AO$13))))","v":1000000000000},{"$f":"IF($D102<>\"Serviço\",0,IF(AND(AUTOEVENTO=\"Manual\",$M102=1),0,IF(OFFSET(CRONOPLE!$F$14,$M102,AP$13)=\"\",10^12,OFFSET(CRONOPLE!$F$14,$M102,AP$13))))","v":1000000000000},{"$f":"IF($D102<>\"Serviço\",0,IF(AND(AUTOEVENTO=\"Manual\",$M102=1),0,IF(OFFSET(CRONOPLE!$F$14,$M102,AQ$13)=\"\",10^12,OFFSET(CRONOPLE!$F$14,$M102,AQ$13))))","v":1000000000000},{"$f":"IF($D102<>\"Serviço\",0,IF(AND(AUTOEVENTO=\"Manual\",$M102=1),0,IF(OFFSET(CRONOPLE!$F$14,$M102,AR$13)=\"\",10^12,OFFSET(CRONOPLE!$F$14,$M102,AR$13))))","v":1000000000000},{"$f":"IF($D102<>\"Serviço\",0,IF(AND(AUTOEVENTO=\"Manual\",$M102=1),0,IF(OFFSET(CRONOPLE!$F$14,$M102,AS$13)=\"\",10^12,OFFSET(CRONOPLE!$F$14,$M102,AS$13))))","v":1000000000000},{"$f":"IF($D102<>\"Serviço\",0,IF(AND(AUTOEVENTO=\"Manual\",$M102=1),0,IF(OFFSET(CRONOPLE!$F$14,$M102,AT$13)=\"\",10^12,OFFSET(CRONOPLE!$F$14,$M102,AT$13))))","v":1000000000000},{"$f":"IF($D102<>\"Serviço\",0,IF(AND(AUTOEVENTO=\"Manual\",$M102=1),0,IF(OFFSET(CRONOPLE!$F$14,$M102,AU$13)=\"\",10^12,OFFSET(CRONOPLE!$F$14,$M102,AU$13))))","v":1000000000000},{"$f":"IF($D102<>\"Serviço\",0,IF(AND(AUTOEVENTO=\"Manual\",$M102=1),0,IF(OFFSET(CRONOPLE!$F$14,$M102,AV$13)=\"\",10^12,OFFSET(CRONOPLE!$F$14,$M102,AV$13))))","v":1000000000000},null,{"$f":"IF($D102<>\"Serviço\",0,IF(OR(AND(AUTOEVENTO=\"Manual\",$M102=1),$M102>(ROW(PLE.lastrow)-ROW(PLE.firstrow))),0,IF(OFFSET(PLE!$G$14,$M102,AX$13)=\"\",10^12,OFFSET(PLE!$G$14,$M102,AX$13))))","v":1000000000000},{"$f":"IF($D102<>\"Serviço\",0,IF(OR(AND(AUTOEVENTO=\"Manual\",$M102=1),$M102>(ROW(PLE.lastrow)-ROW(PLE.firstrow))),0,IF(OFFSET(PLE!$G$14,$M102,AY$13)=\"\",10^12,OFFSET(PLE!$G$14,$M102,AY$13))))","v":1000000000000},{"$f":"IF($D102<>\"Serviço\",0,IF(OR(AND(AUTOEVENTO=\"Manual\",$M102=1),$M102>(ROW(PLE.lastrow)-ROW(PLE.firstrow))),0,IF(OFFSET(PLE!$G$14,$M102,AZ$13)=\"\",10^12,OFFSET(PLE!$G$14,$M102,AZ$13))))","v":1000000000000},{"$f":"IF($D102<>\"Serviço\",0,IF(OR(AND(AUTOEVENTO=\"Manual\",$M102=1),$M102>(ROW(PLE.lastrow)-ROW(PLE.firstrow))),0,IF(OFFSET(PLE!$G$14,$M102,BA$13)=\"\",10^12,OFFSET(PLE!$G$14,$M102,BA$13))))","v":1000000000000},{"$f":"IF($D102<>\"Serviço\",0,IF(OR(AND(AUTOEVENTO=\"Manual\",$M102=1),$M102>(ROW(PLE.lastrow)-ROW(PLE.firstrow))),0,IF(OFFSET(PLE!$G$14,$M102,BB$13)=\"\",10^12,OFFSET(PLE!$G$14,$M102,BB$13))))","v":1000000000000},{"$f":"IF($D102<>\"Serviço\",0,IF(OR(AND(AUTOEVENTO=\"Manual\",$M102=1),$M102>(ROW(PLE.lastrow)-ROW(PLE.firstrow))),0,IF(OFFSET(PLE!$G$14,$M102,BC$13)=\"\",10^12,OFFSET(PLE!$G$14,$M102,BC$13))))","v":1000000000000},{"$f":"IF($D102<>\"Serviço\",0,IF(OR(AND(AUTOEVENTO=\"Manual\",$M102=1),$M102>(ROW(PLE.lastrow)-ROW(PLE.firstrow))),0,IF(OFFSET(PLE!$G$14,$M102,BD$13)=\"\",10^12,OFFSET(PLE!$G$14,$M102,BD$13))))","v":1000000000000},{"$f":"IF($D102<>\"Serviço\",0,IF(OR(AND(AUTOEVENTO=\"Manual\",$M102=1),$M102>(ROW(PLE.lastrow)-ROW(PLE.firstrow))),0,IF(OFFSET(PLE!$G$14,$M102,BE$13)=\"\",10^12,OFFSET(PLE!$G$14,$M102,BE$13))))","v":1000000000000},{"$f":"IF($D102<>\"Serviço\",0,IF(OR(AND(AUTOEVENTO=\"Manual\",$M102=1),$M102>(ROW(PLE.lastrow)-ROW(PLE.firstrow))),0,IF(OFFSET(PLE!$G$14,$M102,BF$13)=\"\",10^12,OFFSET(PLE!$G$14,$M102,BF$13))))","v":1000000000000},{"$f":"IF($D102<>\"Serviço\",0,IF(OR(AND(AUTOEVENTO=\"Manual\",$M102=1),$M102>(ROW(PLE.lastrow)-ROW(PLE.firstrow))),0,IF(OFFSET(PLE!$G$14,$M102,BG$13)=\"\",10^12,OFFSET(PLE!$G$14,$M102,BG$13))))","v":1000000000000}]
[{"$f":"IF(AUTOEVENTO=\"Manual\",IF(K103<>\"\",MIN(VALUE(LEFT(K103,FIND(\".\",K103)-1)),COUNTA(EVENTOS.Lista)),0),IF(OR($B103>AUTOEVENTO,$B103=\"S\",$B103=0),SUBSTITUTE(OFFSET($A103,-1,0),IF($D103=\"Serviço\",\".\",\"\"),\"\"),ROW(A103)-ROW($A$15)&\".\"))","v":"86"},{"$f":"OFFSET(ORÇAMENTO!C$15,ROW(B103)-ROW(B$15),0)","v":"S"},{"$f":"OFFSET(ORÇAMENTO!L$15,ROW(C103)-ROW(C$15),0)","v":"F"},{"$f":"OFFSET(ORÇAMENTO!N$15,ROW(D103)-ROW(D$15),0)","v":"Serviço"},{"$f":"OFFSET(ORÇAMENTO!O$15,ROW(E103)-ROW(E$15),0)","v":"1.12.0.2."},{"$f":"OFFSET(ORÇAMENTO!R$15,ROW(F103)-ROW(F$15),0)","v":"ESCAVAÇÃO MANUAL DE VALA. AF_09/2024"},{"$f":"IF($D103<>\"Serviço\",\"\",OFFSET(ORÇAMENTO!S$15,ROW(G103)-ROW(G$15),0))","v":"M3"},{"$f":"IF($D103<>\"Serviço\",0,IF(ACOMPANHAMENTO=\"BM\",ROUND(OFFSET(ORÇAMENTO!AJ$15,ROW(H103)-ROW(H$15),0),15-13*ORÇAMENTO!$AF$7),SUMPRODUCT(($Q$12:$AA$12<>\"\")*ROUND($Q103:$AA103,15-13*ORÇAMENTO!$AF$7))))","v":4.4400000000000004},null,null,null,".",{"$f":"IF($D103<>\"Serviço\",\"\",IF(AUTOEVENTO=\"manual\",$A103,IF(ISERROR(MATCH($A103,$A$15:OFFSET($A103,-1,0),0)),MAX($M$15:OFFSET(M103,-1,0))+1,INDEX($M$15:OFFSET(M103,-1,0),MATCH($A103,$A$15:OFFSET($A103,-1,0),0)))))","v":13},{"$f":"IF($D103<>\"Serviço\",\"\",IF(AUTOEVENTO=\"Manual\",IF($A103=0,\"<-- defina o número do agrupador\",OFFSET(EVENTOS!$D$14,$A103,0)),OFFSET($F$15,$A103,0)))","v":"INSTALAÇÕES HIDROSSANITÁRIAS (ESGOTO CLOACAL)"},null,null,{"$f":"(1.2+2.93+0.96+1.2+1.2+2.45+1.2+3.51+6.29+2.42+2.4+3.11+9.76+3+1.59+10.99+0.49+0.4+0.4)*0.2*0.4","v":4.4400000000000004},null,null,null,null,null,null,null,null,null,null,{"$f":"IF(AND($D103=\"Serviço\",AB$12<>0,$H103>0,OR(AUTOEVENTO<>\"manual\",$M103<>1)),\nIF(Import.TipoArredondamento<>\"TransfereGOV\",\nROUND(OFFSET($P103,0,AB$13),15-13*ORÇAMENTO!$AF$7)/$H103*OFFSET(ORÇAMENTO!$X$15,ROW(AB103)-ROW(AB$15),0),\nROUND(ROUND(OFFSET($P103,0,AB$13),15-13*ORÇAMENTO!$AF$7)*OFFSET(ORÇAMENTO!$W$15,ROW(AB103)-ROW(AB$15),0),15-13*ORÇAMENTO!$AF$11)),0)","v":458.61},{"$f":"IF(AND($D103=\"Serviço\",AC$12<>0,$H103>0,OR(AUTOEVENTO<>\"manual\",$M103<>1)),\nIF(Import.TipoArredondamento<>\"TransfereGOV\",\nROUND(OFFSET($P103,0,AC$13),15-13*ORÇAMENTO!$AF$7)/$H103*OFFSET(ORÇAMENTO!$X$15,ROW(AC103)-ROW(AC$15),0),\nROUND(ROUND(OFFSET($P103,0,AC$13),15-13*ORÇAMENTO!$AF$7)*OFFSET(ORÇAMENTO!$W$15,ROW(AC103)-ROW(AC$15),0),15-13*ORÇAMENTO!$AF$11)),0)","v":0},{"$f":"IF(AND($D103=\"Serviço\",AD$12<>0,$H103>0,OR(AUTOEVENTO<>\"manual\",$M103<>1)),\nIF(Import.TipoArredondamento<>\"TransfereGOV\",\nROUND(OFFSET($P103,0,AD$13),15-13*ORÇAMENTO!$AF$7)/$H103*OFFSET(ORÇAMENTO!$X$15,ROW(AD103)-ROW(AD$15),0),\nROUND(ROUND(OFFSET($P103,0,AD$13),15-13*ORÇAMENTO!$AF$7)*OFFSET(ORÇAMENTO!$W$15,ROW(AD103)-ROW(AD$15),0),15-13*ORÇAMENTO!$AF$11)),0)","v":0},{"$f":"IF(AND($D103=\"Serviço\",AE$12<>0,$H103>0,OR(AUTOEVENTO<>\"manual\",$M103<>1)),\nIF(Import.TipoArredondamento<>\"TransfereGOV\",\nROUND(OFFSET($P103,0,AE$13),15-13*ORÇAMENTO!$AF$7)/$H103*OFFSET(ORÇAMENTO!$X$15,ROW(AE103)-ROW(AE$15),0),\nROUND(ROUND(OFFSET($P103,0,AE$13),15-13*ORÇAMENTO!$AF$7)*OFFSET(ORÇAMENTO!$W$15,ROW(AE103)-ROW(AE$15),0),15-13*ORÇAMENTO!$AF$11)),0)","v":0},{"$f":"IF(AND($D103=\"Serviço\",AF$12<>0,$H103>0,OR(AUTOEVENTO<>\"manual\",$M103<>1)),\nIF(Import.TipoArredondamento<>\"TransfereGOV\",\nROUND(OFFSET($P103,0,AF$13),15-13*ORÇAMENTO!$AF$7)/$H103*OFFSET(ORÇAMENTO!$X$15,ROW(AF103)-ROW(AF$15),0),\nROUND(ROUND(OFFSET($P103,0,AF$13),15-13*ORÇAMENTO!$AF$7)*OFFSET(ORÇAMENTO!$W$15,ROW(AF103)-ROW(AF$15),0),15-13*ORÇAMENTO!$AF$11)),0)","v":0},{"$f":"IF(AND($D103=\"Serviço\",AG$12<>0,$H103>0,OR(AUTOEVENTO<>\"manual\",$M103<>1)),\nIF(Import.TipoArredondamento<>\"TransfereGOV\",\nROUND(OFFSET($P103,0,AG$13),15-13*ORÇAMENTO!$AF$7)/$H103*OFFSET(ORÇAMENTO!$X$15,ROW(AG103)-ROW(AG$15),0),\nROUND(ROUND(OFFSET($P103,0,AG$13),15-13*ORÇAMENTO!$AF$7)*OFFSET(ORÇAMENTO!$W$15,ROW(AG103)-ROW(AG$15),0),15-13*ORÇAMENTO!$AF$11)),0)","v":0},{"$f":"IF(AND($D103=\"Serviço\",AH$12<>0,$H103>0,OR(AUTOEVENTO<>\"manual\",$M103<>1)),\nIF(Import.TipoArredondamento<>\"TransfereGOV\",\nROUND(OFFSET($P103,0,AH$13),15-13*ORÇAMENTO!$AF$7)/$H103*OFFSET(ORÇAMENTO!$X$15,ROW(AH103)-ROW(AH$15),0),\nROUND(ROUND(OFFSET($P103,0,AH$13),15-13*ORÇAMENTO!$AF$7)*OFFSET(ORÇAMENTO!$W$15,ROW(AH103)-ROW(AH$15),0),15-13*ORÇAMENTO!$AF$11)),0)","v":0},{"$f":"IF(AND($D103=\"Serviço\",AI$12<>0,$H103>0,OR(AUTOEVENTO<>\"manual\",$M103<>1)),\nIF(Import.TipoArredondamento<>\"TransfereGOV\",\nROUND(OFFSET($P103,0,AI$13),15-13*ORÇAMENTO!$AF$7)/$H103*OFFSET(ORÇAMENTO!$X$15,ROW(AI103)-ROW(AI$15),0),\nROUND(ROUND(OFFSET($P103,0,AI$13),15-13*ORÇAMENTO!$AF$7)*OFFSET(ORÇAMENTO!$W$15,ROW(AI103)-ROW(AI$15),0),15-13*ORÇAMENTO!$AF$11)),0)","v":0},{"$f":"IF(AND($D103=\"Serviço\",AJ$12<>0,$H103>0,OR(AUTOEVENTO<>\"manual\",$M103<>1)),\nIF(Import.TipoArredondamento<>\"TransfereGOV\",\nROUND(OFFSET($P103,0,AJ$13),15-13*ORÇAMENTO!$AF$7)/$H103*OFFSET(ORÇAMENTO!$X$15,ROW(AJ103)-ROW(AJ$15),0),\nROUND(ROUND(OFFSET($P103,0,AJ$13),15-13*ORÇAMENTO!$AF$7)*OFFSET(ORÇAMENTO!$W$15,ROW(AJ103)-ROW(AJ$15),0),15-13*ORÇAMENTO!$AF$11)),0)","v":0},{"$f":"IF(AND($D103=\"Serviço\",AK$12<>0,$H103>0,OR(AUTOEVENTO<>\"manual\",$M103<>1)),\nIF(Import.TipoArredondamento<>\"TransfereGOV\",\nROUND(OFFSET($P103,0,AK$13),15-13*ORÇAMENTO!$AF$7)/$H103*OFFSET(ORÇAMENTO!$X$15,ROW(AK103)-ROW(AK$15),0),\nROUND(ROUND(OFFSET($P103,0,AK$13),15-13*ORÇAMENTO!$AF$7)*OFFSET(ORÇAMENTO!$W$15,ROW(AK103)-ROW(AK$15),0),15-13*ORÇAMENTO!$AF$11)),0)","v":0},null,{"$f":"IF($D103<>\"Serviço\",0,IF(AND(AUTOEVENTO=\"Manual\",$M103=1),0,IF(OFFSET(CRONOPLE!$F$14,$M103,AM$13)=\"\",10^12,OFFSET(CRONOPLE!$F$14,$M103,AM$13))))","v":1000000000000},{"$f":"IF($D103<>\"Serviço\",0,IF(AND(AUTOEVENTO=\"Manual\",$M103=1),0,IF(OFFSET(CRONOPLE!$F$14,$M103,AN$13)=\"\",10^12,OFFSET(CRONOPLE!$F$14,$M103,AN$13))))","v":1000000000000},{"$f":"IF($D103<>\"Serviço\",0,IF(AND(AUTOEVENTO=\"Manual\",$M103=1),0,IF(OFFSET(CRONOPLE!$F$14,$M103,AO$13)=\"\",10^12,OFFSET(CRONOPLE!$F$14,$M103,AO$13))))","v":1000000000000},{"$f":"IF($D103<>\"Serviço\",0,IF(AND(AUTOEVENTO=\"Manual\",$M103=1),0,IF(OFFSET(CRONOPLE!$F$14,$M103,AP$13)=\"\",10^12,OFFSET(CRONOPLE!$F$14,$M103,AP$13))))","v":1000000000000},{"$f":"IF($D103<>\"Serviço\",0,IF(AND(AUTOEVENTO=\"Manual\",$M103=1),0,IF(OFFSET(CRONOPLE!$F$14,$M103,AQ$13)=\"\",10^12,OFFSET(CRONOPLE!$F$14,$M103,AQ$13))))","v":1000000000000},{"$f":"IF($D103<>\"Serviço\",0,IF(AND(AUTOEVENTO=\"Manual\",$M103=1),0,IF(OFFSET(CRONOPLE!$F$14,$M103,AR$13)=\"\",10^12,OFFSET(CRONOPLE!$F$14,$M103,AR$13))))","v":1000000000000},{"$f":"IF($D103<>\"Serviço\",0,IF(AND(AUTOEVENTO=\"Manual\",$M103=1),0,IF(OFFSET(CRONOPLE!$F$14,$M103,AS$13)=\"\",10^12,OFFSET(CRONOPLE!$F$14,$M103,AS$13))))","v":1000000000000},{"$f":"IF($D103<>\"Serviço\",0,IF(AND(AUTOEVENTO=\"Manual\",$M103=1),0,IF(OFFSET(CRONOPLE!$F$14,$M103,AT$13)=\"\",10^12,OFFSET(CRONOPLE!$F$14,$M103,AT$13))))","v":1000000000000},{"$f":"IF($D103<>\"Serviço\",0,IF(AND(AUTOEVENTO=\"Manual\",$M103=1),0,IF(OFFSET(CRONOPLE!$F$14,$M103,AU$13)=\"\",10^12,OFFSET(CRONOPLE!$F$14,$M103,AU$13))))","v":1000000000000},{"$f":"IF($D103<>\"Serviço\",0,IF(AND(AUTOEVENTO=\"Manual\",$M103=1),0,IF(OFFSET(CRONOPLE!$F$14,$M103,AV$13)=\"\",10^12,OFFSET(CRONOPLE!$F$14,$M103,AV$13))))","v":1000000000000},null,{"$f":"IF($D103<>\"Serviço\",0,IF(OR(AND(AUTOEVENTO=\"Manual\",$M103=1),$M103>(ROW(PLE.lastrow)-ROW(PLE.firstrow))),0,IF(OFFSET(PLE!$G$14,$M103,AX$13)=\"\",10^12,OFFSET(PLE!$G$14,$M103,AX$13))))","v":1000000000000},{"$f":"IF($D103<>\"Serviço\",0,IF(OR(AND(AUTOEVENTO=\"Manual\",$M103=1),$M103>(ROW(PLE.lastrow)-ROW(PLE.firstrow))),0,IF(OFFSET(PLE!$G$14,$M103,AY$13)=\"\",10^12,OFFSET(PLE!$G$14,$M103,AY$13))))","v":1000000000000},{"$f":"IF($D103<>\"Serviço\",0,IF(OR(AND(AUTOEVENTO=\"Manual\",$M103=1),$M103>(ROW(PLE.lastrow)-ROW(PLE.firstrow))),0,IF(OFFSET(PLE!$G$14,$M103,AZ$13)=\"\",10^12,OFFSET(PLE!$G$14,$M103,AZ$13))))","v":1000000000000},{"$f":"IF($D103<>\"Serviço\",0,IF(OR(AND(AUTOEVENTO=\"Manual\",$M103=1),$M103>(ROW(PLE.lastrow)-ROW(PLE.firstrow))),0,IF(OFFSET(PLE!$G$14,$M103,BA$13)=\"\",10^12,OFFSET(PLE!$G$14,$M103,BA$13))))","v":1000000000000},{"$f":"IF($D103<>\"Serviço\",0,IF(OR(AND(AUTOEVENTO=\"Manual\",$M103=1),$M103>(ROW(PLE.lastrow)-ROW(PLE.firstrow))),0,IF(OFFSET(PLE!$G$14,$M103,BB$13)=\"\",10^12,OFFSET(PLE!$G$14,$M103,BB$13))))","v":1000000000000},{"$f":"IF($D103<>\"Serviço\",0,IF(OR(AND(AUTOEVENTO=\"Manual\",$M103=1),$M103>(ROW(PLE.lastrow)-ROW(PLE.firstrow))),0,IF(OFFSET(PLE!$G$14,$M103,BC$13)=\"\",10^12,OFFSET(PLE!$G$14,$M103,BC$13))))","v":1000000000000},{"$f":"IF($D103<>\"Serviço\",0,IF(OR(AND(AUTOEVENTO=\"Manual\",$M103=1),$M103>(ROW(PLE.lastrow)-ROW(PLE.firstrow))),0,IF(OFFSET(PLE!$G$14,$M103,BD$13)=\"\",10^12,OFFSET(PLE!$G$14,$M103,BD$13))))","v":1000000000000},{"$f":"IF($D103<>\"Serviço\",0,IF(OR(AND(AUTOEVENTO=\"Manual\",$M103=1),$M103>(ROW(PLE.lastrow)-ROW(PLE.firstrow))),0,IF(OFFSET(PLE!$G$14,$M103,BE$13)=\"\",10^12,OFFSET(PLE!$G$14,$M103,BE$13))))","v":1000000000000},{"$f":"IF($D103<>\"Serviço\",0,IF(OR(AND(AUTOEVENTO=\"Manual\",$M103=1),$M103>(ROW(PLE.lastrow)-ROW(PLE.firstrow))),0,IF(OFFSET(PLE!$G$14,$M103,BF$13)=\"\",10^12,OFFSET(PLE!$G$14,$M103,BF$13))))","v":1000000000000},{"$f":"IF($D103<>\"Serviço\",0,IF(OR(AND(AUTOEVENTO=\"Manual\",$M103=1),$M103>(ROW(PLE.lastrow)-ROW(PLE.firstrow))),0,IF(OFFSET(PLE!$G$14,$M103,BG$13)=\"\",10^12,OFFSET(PLE!$G$14,$M103,BG$13))))","v":1000000000000}]
[{"$f":"IF(AUTOEVENTO=\"Manual\",IF(K104<>\"\",MIN(VALUE(LEFT(K104,FIND(\".\",K104)-1)),COUNTA(EVENTOS.Lista)),0),IF(OR($B104>AUTOEVENTO,$B104=\"S\",$B104=0),SUBSTITUTE(OFFSET($A104,-1,0),IF($D104=\"Serviço\",\".\",\"\"),\"\"),ROW(A104)-ROW($A$15)&\".\"))","v":"86"},{"$f":"OFFSET(ORÇAMENTO!C$15,ROW(B104)-ROW(B$15),0)","v":"S"},{"$f":"OFFSET(ORÇAMENTO!L$15,ROW(C104)-ROW(C$15),0)","v":"F"},{"$f":"OFFSET(ORÇAMENTO!N$15,ROW(D104)-ROW(D$15),0)","v":"Serviço"},{"$f":"OFFSET(ORÇAMENTO!O$15,ROW(E104)-ROW(E$15),0)","v":"1.12.0.3."},{"$f":"OFFSET(ORÇAMENTO!R$15,ROW(F104)-ROW(F$15),0)","v":"REATERRO MANUAL DE VALAS, COM PLACA VIBRATÓRIA. AF_08/2023"},{"$f":"IF($D104<>\"Serviço\",\"\",OFFSET(ORÇAMENTO!S$15,ROW(G104)-ROW(G$15),0))","v":"M3"},{"$f":"IF($D104<>\"Serviço\",0,IF(ACOMPANHAMENTO=\"BM\",ROUND(OFFSET(ORÇAMENTO!AJ$15,ROW(H104)-ROW(H$15),0),15-13*ORÇAMENTO!$AF$7),SUMPRODUCT(($Q$12:$AA$12<>\"\")*ROUND($Q104:$AA104,15-13*ORÇAMENTO!$AF$7))))","v":4},null,null,null,".",{"$f":"IF($D104<>\"Serviço\",\"\",IF(AUTOEVENTO=\"manual\",$A104,IF(ISERROR(MATCH($A104,$A$15:OFFSET($A104,-1,0),0)),MAX($M$15:OFFSET(M104,-1,0))+1,INDEX($M$15:OFFSET(M104,-1,0),MATCH($A104,$A$15:OFFSET($A104,-1,0),0)))))","v":13},{"$f":"IF($D104<>\"Serviço\",\"\",IF(AUTOEVENTO=\"Manual\",IF($A104=0,\"<-- defina o número do agrupador\",OFFSET(EVENTOS!$D$14,$A104,0)),OFFSET($F$15,$A104,0)))","v":"INSTALAÇÕES HIDROSSANITÁRIAS (ESGOTO CLOACAL)"},null,null,{"$f":"Q103-((1.2+2.93+0.96+1.2+1.2+2.45+1.2+3.51+6.29+2.42+2.4+3.11+9.76+3+1.59+10.99+0.49+0.4+0.4)*3.1415*0.05^2)","v":4.0041168750000002},null,null,null,null,null,null,null,null,null,null,{"$f":"IF(AND($D104=\"Serviço\",AB$12<>0,$H104>0,OR(AUTOEVENTO<>\"manual\",$M104<>1)),\nIF(Import.TipoArredondamento<>\"TransfereGOV\",\nROUND(OFFSET($P104,0,AB$13),15-13*ORÇAMENTO!$AF$7)/$H104*OFFSET(ORÇAMENTO!$X$15,ROW(AB104)-ROW(AB$15),0),\nROUND(ROUND(OFFSET($P104,0,AB$13),15-13*ORÇAMENTO!$AF$7)*OFFSET(ORÇAMENTO!$W$15,ROW(AB104)-ROW(AB$15),0),15-13*ORÇAMENTO!$AF$11)),0)","v":105.68},{"$f":"IF(AND($D104=\"Serviço\",AC$12<>0,$H104>0,OR(AUTOEVENTO<>\"manual\",$M104<>1)),\nIF(Import.TipoArredondamento<>\"TransfereGOV\",\nROUND(OFFSET($P104,0,AC$13),15-13*ORÇAMENTO!$AF$7)/$H104*OFFSET(ORÇAMENTO!$X$15,ROW(AC104)-ROW(AC$15),0),\nROUND(ROUND(OFFSET($P104,0,AC$13),15-13*ORÇAMENTO!$AF$7)*OFFSET(ORÇAMENTO!$W$15,ROW(AC104)-ROW(AC$15),0),15-13*ORÇAMENTO!$AF$11)),0)","v":0},{"$f":"IF(AND($D104=\"Serviço\",AD$12<>0,$H104>0,OR(AUTOEVENTO<>\"manual\",$M104<>1)),\nIF(Import.TipoArredondamento<>\"TransfereGOV\",\nROUND(OFFSET($P104,0,AD$13),15-13*ORÇAMENTO!$AF$7)/$H104*OFFSET(ORÇAMENTO!$X$15,ROW(AD104)-ROW(AD$15),0),\nROUND(ROUND(OFFSET($P104,0,AD$13),15-13*ORÇAMENTO!$AF$7)*OFFSET(ORÇAMENTO!$W$15,ROW(AD104)-ROW(AD$15),0),15-13*ORÇAMENTO!$AF$11)),0)","v":0},{"$f":"IF(AND($D104=\"Serviço\",AE$12<>0,$H104>0,OR(AUTOEVENTO<>\"manual\",$M104<>1)),\nIF(Import.TipoArredondamento<>\"TransfereGOV\",\nROUND(OFFSET($P104,0,AE$13),15-13*ORÇAMENTO!$AF$7)/$H104*OFFSET(ORÇAMENTO!$X$15,ROW(AE104)-ROW(AE$15),0),\nROUND(ROUND(OFFSET($P104,0,AE$13),15-13*ORÇAMENTO!$AF$7)*OFFSET(ORÇAMENTO!$W$15,ROW(AE104)-ROW(AE$15),0),15-13*ORÇAMENTO!$AF$11)),0)","v":0},{"$f":"IF(AND($D104=\"Serviço\",AF$12<>0,$H104>0,OR(AUTOEVENTO<>\"manual\",$M104<>1)),\nIF(Import.TipoArredondamento<>\"TransfereGOV\",\nROUND(OFFSET($P104,0,AF$13),15-13*ORÇAMENTO!$AF$7)/$H104*OFFSET(ORÇAMENTO!$X$15,ROW(AF104)-ROW(AF$15),0),\nROUND(ROUND(OFFSET($P104,0,AF$13),15-13*ORÇAMENTO!$AF$7)*OFFSET(ORÇAMENTO!$W$15,ROW(AF104)-ROW(AF$15),0),15-13*ORÇAMENTO!$AF$11)),0)","v":0},{"$f":"IF(AND($D104=\"Serviço\",AG$12<>0,$H104>0,OR(AUTOEVENTO<>\"manual\",$M104<>1)),\nIF(Import.TipoArredondamento<>\"TransfereGOV\",\nROUND(OFFSET($P104,0,AG$13),15-13*ORÇAMENTO!$AF$7)/$H104*OFFSET(ORÇAMENTO!$X$15,ROW(AG104)-ROW(AG$15),0),\nROUND(ROUND(OFFSET($P104,0,AG$13),15-13*ORÇAMENTO!$AF$7)*OFFSET(ORÇAMENTO!$W$15,ROW(AG104)-ROW(AG$15),0),15-13*ORÇAMENTO!$AF$11)),0)","v":0},{"$f":"IF(AND($D104=\"Serviço\",AH$12<>0,$H104>0,OR(AUTOEVENTO<>\"manual\",$M104<>1)),\nIF(Import.TipoArredondamento<>\"TransfereGOV\",\nROUND(OFFSET($P104,0,AH$13),15-13*ORÇAMENTO!$AF$7)/$H104*OFFSET(ORÇAMENTO!$X$15,ROW(AH104)-ROW(AH$15),0),\nROUND(ROUND(OFFSET($P104,0,AH$13),15-13*ORÇAMENTO!$AF$7)*OFFSET(ORÇAMENTO!$W$15,ROW(AH104)-ROW(AH$15),0),15-13*ORÇAMENTO!$AF$11)),0)","v":0},{"$f":"IF(AND($D104=\"Serviço\",AI$12<>0,$H104>0,OR(AUTOEVENTO<>\"manual\",$M104<>1)),\nIF(Import.TipoArredondamento<>\"TransfereGOV\",\nROUND(OFFSET($P104,0,AI$13),15-13*ORÇAMENTO!$AF$7)/$H104*OFFSET(ORÇAMENTO!$X$15,ROW(AI104)-ROW(AI$15),0),\nROUND(ROUND(OFFSET($P104,0,AI$13),15-13*ORÇAMENTO!$AF$7)*OFFSET(ORÇAMENTO!$W$15,ROW(AI104)-ROW(AI$15),0),15-13*ORÇAMENTO!$AF$11)),0)","v":0},{"$f":"IF(AND($D104=\"Serviço\",AJ$12<>0,$H104>0,OR(AUTOEVENTO<>\"manual\",$M104<>1)),\nIF(Import.TipoArredondamento<>\"TransfereGOV\",\nROUND(OFFSET($P104,0,AJ$13),15-13*ORÇAMENTO!$AF$7)/$H104*OFFSET(ORÇAMENTO!$X$15,ROW(AJ104)-ROW(AJ$15),0),\nROUND(ROUND(OFFSET($P104,0,AJ$13),15-13*ORÇAMENTO!$AF$7)*OFFSET(ORÇAMENTO!$W$15,ROW(AJ104)-ROW(AJ$15),0),15-13*ORÇAMENTO!$AF$11)),0)","v":0},{"$f":"IF(AND($D104=\"Serviço\",AK$12<>0,$H104>0,OR(AUTOEVENTO<>\"manual\",$M104<>1)),\nIF(Import.TipoArredondamento<>\"TransfereGOV\",\nROUND(OFFSET($P104,0,AK$13),15-13*ORÇAMENTO!$AF$7)/$H104*OFFSET(ORÇAMENTO!$X$15,ROW(AK104)-ROW(AK$15),0),\nROUND(ROUND(OFFSET($P104,0,AK$13),15-13*ORÇAMENTO!$AF$7)*OFFSET(ORÇAMENTO!$W$15,ROW(AK104)-ROW(AK$15),0),15-13*ORÇAMENTO!$AF$11)),0)","v":0},null,{"$f":"IF($D104<>\"Serviço\",0,IF(AND(AUTOEVENTO=\"Manual\",$M104=1),0,IF(OFFSET(CRONOPLE!$F$14,$M104,AM$13)=\"\",10^12,OFFSET(CRONOPLE!$F$14,$M104,AM$13))))","v":1000000000000},{"$f":"IF($D104<>\"Serviço\",0,IF(AND(AUTOEVENTO=\"Manual\",$M104=1),0,IF(OFFSET(CRONOPLE!$F$14,$M104,AN$13)=\"\",10^12,OFFSET(CRONOPLE!$F$14,$M104,AN$13))))","v":1000000000000},{"$f":"IF($D104<>\"Serviço\",0,IF(AND(AUTOEVENTO=\"Manual\",$M104=1),0,IF(OFFSET(CRONOPLE!$F$14,$M104,AO$13)=\"\",10^12,OFFSET(CRONOPLE!$F$14,$M104,AO$13))))","v":1000000000000},{"$f":"IF($D104<>\"Serviço\",0,IF(AND(AUTOEVENTO=\"Manual\",$M104=1),0,IF(OFFSET(CRONOPLE!$F$14,$M104,AP$13)=\"\",10^12,OFFSET(CRONOPLE!$F$14,$M104,AP$13))))","v":1000000000000},{"$f":"IF($D104<>\"Serviço\",0,IF(AND(AUTOEVENTO=\"Manual\",$M104=1),0,IF(OFFSET(CRONOPLE!$F$14,$M104,AQ$13)=\"\",10^12,OFFSET(CRONOPLE!$F$14,$M104,AQ$13))))","v":1000000000000},{"$f":"IF($D104<>\"Serviço\",0,IF(AND(AUTOEVENTO=\"Manual\",$M104=1),0,IF(OFFSET(CRONOPLE!$F$14,$M104,AR$13)=\"\",10^12,OFFSET(CRONOPLE!$F$14,$M104,AR$13))))","v":1000000000000},{"$f":"IF($D104<>\"Serviço\",0,IF(AND(AUTOEVENTO=\"Manual\",$M104=1),0,IF(OFFSET(CRONOPLE!$F$14,$M104,AS$13)=\"\",10^12,OFFSET(CRONOPLE!$F$14,$M104,AS$13))))","v":1000000000000},{"$f":"IF($D104<>\"Serviço\",0,IF(AND(AUTOEVENTO=\"Manual\",$M104=1),0,IF(OFFSET(CRONOPLE!$F$14,$M104,AT$13)=\"\",10^12,OFFSET(CRONOPLE!$F$14,$M104,AT$13))))","v":1000000000000},{"$f":"IF($D104<>\"Serviço\",0,IF(AND(AUTOEVENTO=\"Manual\",$M104=1),0,IF(OFFSET(CRONOPLE!$F$14,$M104,AU$13)=\"\",10^12,OFFSET(CRONOPLE!$F$14,$M104,AU$13))))","v":1000000000000},{"$f":"IF($D104<>\"Serviço\",0,IF(AND(AUTOEVENTO=\"Manual\",$M104=1),0,IF(OFFSET(CRONOPLE!$F$14,$M104,AV$13)=\"\",10^12,OFFSET(CRONOPLE!$F$14,$M104,AV$13))))","v":1000000000000},null,{"$f":"IF($D104<>\"Serviço\",0,IF(OR(AND(AUTOEVENTO=\"Manual\",$M104=1),$M104>(ROW(PLE.lastrow)-ROW(PLE.firstrow))),0,IF(OFFSET(PLE!$G$14,$M104,AX$13)=\"\",10^12,OFFSET(PLE!$G$14,$M104,AX$13))))","v":1000000000000},{"$f":"IF($D104<>\"Serviço\",0,IF(OR(AND(AUTOEVENTO=\"Manual\",$M104=1),$M104>(ROW(PLE.lastrow)-ROW(PLE.firstrow))),0,IF(OFFSET(PLE!$G$14,$M104,AY$13)=\"\",10^12,OFFSET(PLE!$G$14,$M104,AY$13))))","v":1000000000000},{"$f":"IF($D104<>\"Serviço\",0,IF(OR(AND(AUTOEVENTO=\"Manual\",$M104=1),$M104>(ROW(PLE.lastrow)-ROW(PLE.firstrow))),0,IF(OFFSET(PLE!$G$14,$M104,AZ$13)=\"\",10^12,OFFSET(PLE!$G$14,$M104,AZ$13))))","v":1000000000000},{"$f":"IF($D104<>\"Serviço\",0,IF(OR(AND(AUTOEVENTO=\"Manual\",$M104=1),$M104>(ROW(PLE.lastrow)-ROW(PLE.firstrow))),0,IF(OFFSET(PLE!$G$14,$M104,BA$13)=\"\",10^12,OFFSET(PLE!$G$14,$M104,BA$13))))","v":1000000000000},{"$f":"IF($D104<>\"Serviço\",0,IF(OR(AND(AUTOEVENTO=\"Manual\",$M104=1),$M104>(ROW(PLE.lastrow)-ROW(PLE.firstrow))),0,IF(OFFSET(PLE!$G$14,$M104,BB$13)=\"\",10^12,OFFSET(PLE!$G$14,$M104,BB$13))))","v":1000000000000},{"$f":"IF($D104<>\"Serviço\",0,IF(OR(AND(AUTOEVENTO=\"Manual\",$M104=1),$M104>(ROW(PLE.lastrow)-ROW(PLE.firstrow))),0,IF(OFFSET(PLE!$G$14,$M104,BC$13)=\"\",10^12,OFFSET(PLE!$G$14,$M104,BC$13))))","v":1000000000000},{"$f":"IF($D104<>\"Serviço\",0,IF(OR(AND(AUTOEVENTO=\"Manual\",$M104=1),$M104>(ROW(PLE.lastrow)-ROW(PLE.firstrow))),0,IF(OFFSET(PLE!$G$14,$M104,BD$13)=\"\",10^12,OFFSET(PLE!$G$14,$M104,BD$13))))","v":1000000000000},{"$f":"IF($D104<>\"Serviço\",0,IF(OR(AND(AUTOEVENTO=\"Manual\",$M104=1),$M104>(ROW(PLE.lastrow)-ROW(PLE.firstrow))),0,IF(OFFSET(PLE!$G$14,$M104,BE$13)=\"\",10^12,OFFSET(PLE!$G$14,$M104,BE$13))))","v":1000000000000},{"$f":"IF($D104<>\"Serviço\",0,IF(OR(AND(AUTOEVENTO=\"Manual\",$M104=1),$M104>(ROW(PLE.lastrow)-ROW(PLE.firstrow))),0,IF(OFFSET(PLE!$G$14,$M104,BF$13)=\"\",10^12,OFFSET(PLE!$G$14,$M104,BF$13))))","v":1000000000000},{"$f":"IF($D104<>\"Serviço\",0,IF(OR(AND(AUTOEVENTO=\"Manual\",$M104=1),$M104>(ROW(PLE.lastrow)-ROW(PLE.firstrow))),0,IF(OFFSET(PLE!$G$14,$M104,BG$13)=\"\",10^12,OFFSET(PLE!$G$14,$M104,BG$13))))","v":1000000000000}]
["86",{"$f":"OFFSET(ORÇAMENTO!C$15,ROW(B105)-ROW(B$15),0)","v":"S"},{"$f":"OFFSET(ORÇAMENTO!L$15,ROW(C105)-ROW(C$15),0)","v":"F"},{"$f":"OFFSET(ORÇAMENTO!N$15,ROW(D105)-ROW(D$15),0)","v":"Serviço"},{"$f":"OFFSET(ORÇAMENTO!O$15,ROW(E105)-ROW(E$15),0)","v":"1.12.0.4."},{"$f":"OFFSET(ORÇAMENTO!R$15,ROW(F105)-ROW(F$15),0)","v":"JOELHO 90 GRAUS, PVC, SERIE NORMAL, ESGOTO PREDIAL, DN 100 MM, JUNTA ELÁSTICA, FORNECIDO E INSTALADO EM RAMAL DE DESCARGA OU RAMAL DE ESGOTO SANITÁRIO. AF_08/2022"},{"$f":"IF($D105<>\"Serviço\",\"\",OFFSET(ORÇAMENTO!S$15,ROW(G105)-ROW(G$15),0))","v":"UN"},{"$f":"IF($D105<>\"Serviço\",0,IF(ACOMPANHAMENTO=\"BM\",ROUND(OFFSET(ORÇAMENTO!AJ$15,ROW(H105)-ROW(H$15),0),15-13*ORÇAMENTO!$AF$7),SUMPRODUCT(($Q$12:$AA$12<>\"\")*ROUND($Q105:$AA105,15-13*ORÇAMENTO!$AF$7))))","v":8},null,null,null,".",{"$f":"IF($D105<>\"Serviço\",\"\",IF(AUTOEVENTO=\"manual\",$A105,IF(ISERROR(MATCH($A105,$A$15:OFFSET($A105,-1,0),0)),MAX($M$15:OFFSET(M105,-1,0))+1,INDEX($M$15:OFFSET(M105,-1,0),MATCH($A105,$A$15:OFFSET($A105,-1,0),0)))))","v":13},{"$f":"IF($D105<>\"Serviço\",\"\",IF(AUTOEVENTO=\"Manual\",IF($A105=0,\"<-- defina o número do agrupador\",OFFSET(EVENTOS!$D$14,$A105,0)),OFFSET($F$15,$A105,0)))","v":"INSTALAÇÕES HIDROSSANITÁRIAS (ESGOTO CLOACAL)"},null,null,{"$f":"6+2","v":8},null,null,null,null,null,null,null,null,null,null,{"$f":"IF(AND($D105=\"Serviço\",AB$12<>0,$H105>0,OR(AUTOEVENTO<>\"manual\",$M105<>1)),\nIF(Import.TipoArredondamento<>\"TransfereGOV\",\nROUND(OFFSET($P105,0,AB$13),15-13*ORÇAMENTO!$AF$7)/$H105*OFFSET(ORÇAMENTO!$X$15,ROW(AB105)-ROW(AB$15),0),\nROUND(ROUND(OFFSET($P105,0,AB$13),15-13*ORÇAMENTO!$AF$7)*OFFSET(ORÇAMENTO!$W$15,ROW(AB105)-ROW(AB$15),0),15-13*ORÇAMENTO!$AF$11)),0)","v":272},{"$f":"IF(AND($D105=\"Serviço\",AC$12<>0,$H105>0,OR(AUTOEVENTO<>\"manual\",$M105<>1)),\nIF(Import.TipoArredondamento<>\"TransfereGOV\",\nROUND(OFFSET($P105,0,AC$13),15-13*ORÇAMENTO!$AF$7)/$H105*OFFSET(ORÇAMENTO!$X$15,ROW(AC105)-ROW(AC$15),0),\nROUND(ROUND(OFFSET($P105,0,AC$13),15-13*ORÇAMENTO!$AF$7)*OFFSET(ORÇAMENTO!$W$15,ROW(AC105)-ROW(AC$15),0),15-13*ORÇAMENTO!$AF$11)),0)","v":0},{"$f":"IF(AND($D105=\"Serviço\",AD$12<>0,$H105>0,OR(AUTOEVENTO<>\"manual\",$M105<>1)),\nIF(Import.TipoArredondamento<>\"TransfereGOV\",\nROUND(OFFSET($P105,0,AD$13),15-13*ORÇAMENTO!$AF$7)/$H105*OFFSET(ORÇAMENTO!$X$15,ROW(AD105)-ROW(AD$15),0),\nROUND(ROUND(OFFSET($P105,0,AD$13),15-13*ORÇAMENTO!$AF$7)*OFFSET(ORÇAMENTO!$W$15,ROW(AD105)-ROW(AD$15),0),15-13*ORÇAMENTO!$AF$11)),0)","v":0},{"$f":"IF(AND($D105=\"Serviço\",AE$12<>0,$H105>0,OR(AUTOEVENTO<>\"manual\",$M105<>1)),\nIF(Import.TipoArredondamento<>\"TransfereGOV\",\nROUND(OFFSET($P105,0,AE$13),15-13*ORÇAMENTO!$AF$7)/$H105*OFFSET(ORÇAMENTO!$X$15,ROW(AE105)-ROW(AE$15),0),\nROUND(ROUND(OFFSET($P105,0,AE$13),15-13*ORÇAMENTO!$AF$7)*OFFSET(ORÇAMENTO!$W$15,ROW(AE105)-ROW(AE$15),0),15-13*ORÇAMENTO!$AF$11)),0)","v":0},{"$f":"IF(AND($D105=\"Serviço\",AF$12<>0,$H105>0,OR(AUTOEVENTO<>\"manual\",$M105<>1)),\nIF(Import.TipoArredondamento<>\"TransfereGOV\",\nROUND(OFFSET($P105,0,AF$13),15-13*ORÇAMENTO!$AF$7)/$H105*OFFSET(ORÇAMENTO!$X$15,ROW(AF105)-ROW(AF$15),0),\nROUND(ROUND(OFFSET($P105,0,AF$13),15-13*ORÇAMENTO!$AF$7)*OFFSET(ORÇAMENTO!$W$15,ROW(AF105)-ROW(AF$15),0),15-13*ORÇAMENTO!$AF$11)),0)","v":0},{"$f":"IF(AND($D105=\"Serviço\",AG$12<>0,$H105>0,OR(AUTOEVENTO<>\"manual\",$M105<>1)),\nIF(Import.TipoArredondamento<>\"TransfereGOV\",\nROUND(OFFSET($P105,0,AG$13),15-13*ORÇAMENTO!$AF$7)/$H105*OFFSET(ORÇAMENTO!$X$15,ROW(AG105)-ROW(AG$15),0),\nROUND(ROUND(OFFSET($P105,0,AG$13),15-13*ORÇAMENTO!$AF$7)*OFFSET(ORÇAMENTO!$W$15,ROW(AG105)-ROW(AG$15),0),15-13*ORÇAMENTO!$AF$11)),0)","v":0},{"$f":"IF(AND($D105=\"Serviço\",AH$12<>0,$H105>0,OR(AUTOEVENTO<>\"manual\",$M105<>1)),\nIF(Import.TipoArredondamento<>\"TransfereGOV\",\nROUND(OFFSET($P105,0,AH$13),15-13*ORÇAMENTO!$AF$7)/$H105*OFFSET(ORÇAMENTO!$X$15,ROW(AH105)-ROW(AH$15),0),\nROUND(ROUND(OFFSET($P105,0,AH$13),15-13*ORÇAMENTO!$AF$7)*OFFSET(ORÇAMENTO!$W$15,ROW(AH105)-ROW(AH$15),0),15-13*ORÇAMENTO!$AF$11)),0)","v":0},{"$f":"IF(AND($D105=\"Serviço\",AI$12<>0,$H105>0,OR(AUTOEVENTO<>\"manual\",$M105<>1)),\nIF(Import.TipoArredondamento<>\"TransfereGOV\",\nROUND(OFFSET($P105,0,AI$13),15-13*ORÇAMENTO!$AF$7)/$H105*OFFSET(ORÇAMENTO!$X$15,ROW(AI105)-ROW(AI$15),0),\nROUND(ROUND(OFFSET($P105,0,AI$13),15-13*ORÇAMENTO!$AF$7)*OFFSET(ORÇAMENTO!$W$15,ROW(AI105)-ROW(AI$15),0),15-13*ORÇAMENTO!$AF$11)),0)","v":0},{"$f":"IF(AND($D105=\"Serviço\",AJ$12<>0,$H105>0,OR(AUTOEVENTO<>\"manual\",$M105<>1)),\nIF(Import.TipoArredondamento<>\"TransfereGOV\",\nROUND(OFFSET($P105,0,AJ$13),15-13*ORÇAMENTO!$AF$7)/$H105*OFFSET(ORÇAMENTO!$X$15,ROW(AJ105)-ROW(AJ$15),0),\nROUND(ROUND(OFFSET($P105,0,AJ$13),15-13*ORÇAMENTO!$AF$7)*OFFSET(ORÇAMENTO!$W$15,ROW(AJ105)-ROW(AJ$15),0),15-13*ORÇAMENTO!$AF$11)),0)","v":0},{"$f":"IF(AND($D105=\"Serviço\",AK$12<>0,$H105>0,OR(AUTOEVENTO<>\"manual\",$M105<>1)),\nIF(Import.TipoArredondamento<>\"TransfereGOV\",\nROUND(OFFSET($P105,0,AK$13),15-13*ORÇAMENTO!$AF$7)/$H105*OFFSET(ORÇAMENTO!$X$15,ROW(AK105)-ROW(AK$15),0),\nROUND(ROUND(OFFSET($P105,0,AK$13),15-13*ORÇAMENTO!$AF$7)*OFFSET(ORÇAMENTO!$W$15,ROW(AK105)-ROW(AK$15),0),15-13*ORÇAMENTO!$AF$11)),0)","v":0},null,{"$f":"IF($D105<>\"Serviço\",0,IF(AND(AUTOEVENTO=\"Manual\",$M105=1),0,IF(OFFSET(CRONOPLE!$F$14,$M105,AM$13)=\"\",10^12,OFFSET(CRONOPLE!$F$14,$M105,AM$13))))","v":1000000000000},{"$f":"IF($D105<>\"Serviço\",0,IF(AND(AUTOEVENTO=\"Manual\",$M105=1),0,IF(OFFSET(CRONOPLE!$F$14,$M105,AN$13)=\"\",10^12,OFFSET(CRONOPLE!$F$14,$M105,AN$13))))","v":1000000000000},{"$f":"IF($D105<>\"Serviço\",0,IF(AND(AUTOEVENTO=\"Manual\",$M105=1),0,IF(OFFSET(CRONOPLE!$F$14,$M105,AO$13)=\"\",10^12,OFFSET(CRONOPLE!$F$14,$M105,AO$13))))","v":1000000000000},{"$f":"IF($D105<>\"Serviço\",0,IF(AND(AUTOEVENTO=\"Manual\",$M105=1),0,IF(OFFSET(CRONOPLE!$F$14,$M105,AP$13)=\"\",10^12,OFFSET(CRONOPLE!$F$14,$M105,AP$13))))","v":1000000000000},{"$f":"IF($D105<>\"Serviço\",0,IF(AND(AUTOEVENTO=\"Manual\",$M105=1),0,IF(OFFSET(CRONOPLE!$F$14,$M105,AQ$13)=\"\",10^12,OFFSET(CRONOPLE!$F$14,$M105,AQ$13))))","v":1000000000000},{"$f":"IF($D105<>\"Serviço\",0,IF(AND(AUTOEVENTO=\"Manual\",$M105=1),0,IF(OFFSET(CRONOPLE!$F$14,$M105,AR$13)=\"\",10^12,OFFSET(CRONOPLE!$F$14,$M105,AR$13))))","v":1000000000000},{"$f":"IF($D105<>\"Serviço\",0,IF(AND(AUTOEVENTO=\"Manual\",$M105=1),0,IF(OFFSET(CRONOPLE!$F$14,$M105,AS$13)=\"\",10^12,OFFSET(CRONOPLE!$F$14,$M105,AS$13))))","v":1000000000000},{"$f":"IF($D105<>\"Serviço\",0,IF(AND(AUTOEVENTO=\"Manual\",$M105=1),0,IF(OFFSET(CRONOPLE!$F$14,$M105,AT$13)=\"\",10^12,OFFSET(CRONOPLE!$F$14,$M105,AT$13))))","v":1000000000000},{"$f":"IF($D105<>\"Serviço\",0,IF(AND(AUTOEVENTO=\"Manual\",$M105=1),0,IF(OFFSET(CRONOPLE!$F$14,$M105,AU$13)=\"\",10^12,OFFSET(CRONOPLE!$F$14,$M105,AU$13))))","v":1000000000000},{"$f":"IF($D105<>\"Serviço\",0,IF(AND(AUTOEVENTO=\"Manual\",$M105=1),0,IF(OFFSET(CRONOPLE!$F$14,$M105,AV$13)=\"\",10^12,OFFSET(CRONOPLE!$F$14,$M105,AV$13))))","v":1000000000000},null,{"$f":"IF($D105<>\"Serviço\",0,IF(OR(AND(AUTOEVENTO=\"Manual\",$M105=1),$M105>(ROW(PLE.lastrow)-ROW(PLE.firstrow))),0,IF(OFFSET(PLE!$G$14,$M105,AX$13)=\"\",10^12,OFFSET(PLE!$G$14,$M105,AX$13))))","v":1000000000000},{"$f":"IF($D105<>\"Serviço\",0,IF(OR(AND(AUTOEVENTO=\"Manual\",$M105=1),$M105>(ROW(PLE.lastrow)-ROW(PLE.firstrow))),0,IF(OFFSET(PLE!$G$14,$M105,AY$13)=\"\",10^12,OFFSET(PLE!$G$14,$M105,AY$13))))","v":1000000000000},{"$f":"IF($D105<>\"Serviço\",0,IF(OR(AND(AUTOEVENTO=\"Manual\",$M105=1),$M105>(ROW(PLE.lastrow)-ROW(PLE.firstrow))),0,IF(OFFSET(PLE!$G$14,$M105,AZ$13)=\"\",10^12,OFFSET(PLE!$G$14,$M105,AZ$13))))","v":1000000000000},{"$f":"IF($D105<>\"Serviço\",0,IF(OR(AND(AUTOEVENTO=\"Manual\",$M105=1),$M105>(ROW(PLE.lastrow)-ROW(PLE.firstrow))),0,IF(OFFSET(PLE!$G$14,$M105,BA$13)=\"\",10^12,OFFSET(PLE!$G$14,$M105,BA$13))))","v":1000000000000},{"$f":"IF($D105<>\"Serviço\",0,IF(OR(AND(AUTOEVENTO=\"Manual\",$M105=1),$M105>(ROW(PLE.lastrow)-ROW(PLE.firstrow))),0,IF(OFFSET(PLE!$G$14,$M105,BB$13)=\"\",10^12,OFFSET(PLE!$G$14,$M105,BB$13))))","v":1000000000000},{"$f":"IF($D105<>\"Serviço\",0,IF(OR(AND(AUTOEVENTO=\"Manual\",$M105=1),$M105>(ROW(PLE.lastrow)-ROW(PLE.firstrow))),0,IF(OFFSET(PLE!$G$14,$M105,BC$13)=\"\",10^12,OFFSET(PLE!$G$14,$M105,BC$13))))","v":1000000000000},{"$f":"IF($D105<>\"Serviço\",0,IF(OR(AND(AUTOEVENTO=\"Manual\",$M105=1),$M105>(ROW(PLE.lastrow)-ROW(PLE.firstrow))),0,IF(OFFSET(PLE!$G$14,$M105,BD$13)=\"\",10^12,OFFSET(PLE!$G$14,$M105,BD$13))))","v":1000000000000},{"$f":"IF($D105<>\"Serviço\",0,IF(OR(AND(AUTOEVENTO=\"Manual\",$M105=1),$M105>(ROW(PLE.lastrow)-ROW(PLE.firstrow))),0,IF(OFFSET(PLE!$G$14,$M105,BE$13)=\"\",10^12,OFFSET(PLE!$G$14,$M105,BE$13))))","v":1000000000000},{"$f":"IF($D105<>\"Serviço\",0,IF(OR(AND(AUTOEVENTO=\"Manual\",$M105=1),$M105>(ROW(PLE.lastrow)-ROW(PLE.firstrow))),0,IF(OFFSET(PLE!$G$14,$M105,BF$13)=\"\",10^12,OFFSET(PLE!$G$14,$M105,BF$13))))","v":1000000000000},{"$f":"IF($D105<>\"Serviço\",0,IF(OR(AND(AUTOEVENTO=\"Manual\",$M105=1),$M105>(ROW(PLE.lastrow)-ROW(PLE.firstrow))),0,IF(OFFSET(PLE!$G$14,$M105,BG$13)=\"\",10^12,OFFSET(PLE!$G$14,$M105,BG$13))))","v":1000000000000}]
["86",{"$f":"OFFSET(ORÇAMENTO!C$15,ROW(B106)-ROW(B$15),0)","v":"S"},{"$f":"OFFSET(ORÇAMENTO!L$15,ROW(C106)-ROW(C$15),0)","v":"F"},{"$f":"OFFSET(ORÇAMENTO!N$15,ROW(D106)-ROW(D$15),0)","v":"Serviço"},{"$f":"OFFSET(ORÇAMENTO!O$15,ROW(E106)-ROW(E$15),0)","v":"1.12.0.5."},{"$f":"OFFSET(ORÇAMENTO!R$15,ROW(F106)-ROW(F$15),0)","v":"JOELHO 45 GRAUS, PVC, SERIE NORMAL, ESGOTO PREDIAL, DN 100 MM, JUNTA ELÁSTICA, FORNECIDO E INSTALADO EM RAMAL DE DESCARGA OU RAMAL DE ESGOTO SANITÁRIO. AF_08/2022"},{"$f":"IF($D106<>\"Serviço\",\"\",OFFSET(ORÇAMENTO!S$15,ROW(G106)-ROW(G$15),0))","v":"UN"},{"$f":"IF($D106<>\"Serviço\",0,IF(ACOMPANHAMENTO=\"BM\",ROUND(OFFSET(ORÇAMENTO!AJ$15,ROW(H106)-ROW(H$15),0),15-13*ORÇAMENTO!$AF$7),SUMPRODUCT(($Q$12:$AA$12<>\"\")*ROUND($Q106:$AA106,15-13*ORÇAMENTO!$AF$7))))","v":2},null,null,null,".",{"$f":"IF($D106<>\"Serviço\",\"\",IF(AUTOEVENTO=\"manual\",$A106,IF(ISERROR(MATCH($A106,$A$15:OFFSET($A106,-1,0),0)),MAX($M$15:OFFSET(M106,-1,0))+1,INDEX($M$15:OFFSET(M106,-1,0),MATCH($A106,$A$15:OFFSET($A106,-1,0),0)))))","v":13},{"$f":"IF($D106<>\"Serviço\",\"\",IF(AUTOEVENTO=\"Manual\",IF($A106=0,\"<-- defina o número do agrupador\",OFFSET(EVENTOS!$D$14,$A106,0)),OFFSET($F$15,$A106,0)))","v":"INSTALAÇÕES HIDROSSANITÁRIAS (ESGOTO CLOACAL)"},null,null,2,null,null,null,null,null,null,null,null,null,null,{"$f":"IF(AND($D106=\"Serviço\",AB$12<>0,$H106>0,OR(AUTOEVENTO<>\"manual\",$M106<>1)),\nIF(Import.TipoArredondamento<>\"TransfereGOV\",\nROUND(OFFSET($P106,0,AB$13),15-13*ORÇAMENTO!$AF$7)/$H106*OFFSET(ORÇAMENTO!$X$15,ROW(AB106)-ROW(AB$15),0),\nROUND(ROUND(OFFSET($P106,0,AB$13),15-13*ORÇAMENTO!$AF$7)*OFFSET(ORÇAMENTO!$W$15,ROW(AB106)-ROW(AB$15),0),15-13*ORÇAMENTO!$AF$11)),0)","v":70.099999999999994},{"$f":"IF(AND($D106=\"Serviço\",AC$12<>0,$H106>0,OR(AUTOEVENTO<>\"manual\",$M106<>1)),\nIF(Import.TipoArredondamento<>\"TransfereGOV\",\nROUND(OFFSET($P106,0,AC$13),15-13*ORÇAMENTO!$AF$7)/$H106*OFFSET(ORÇAMENTO!$X$15,ROW(AC106)-ROW(AC$15),0),\nROUND(ROUND(OFFSET($P106,0,AC$13),15-13*ORÇAMENTO!$AF$7)*OFFSET(ORÇAMENTO!$W$15,ROW(AC106)-ROW(AC$15),0),15-13*ORÇAMENTO!$AF$11)),0)","v":0},{"$f":"IF(AND($D106=\"Serviço\",AD$12<>0,$H106>0,OR(AUTOEVENTO<>\"manual\",$M106<>1)),\nIF(Import.TipoArredondamento<>\"TransfereGOV\",\nROUND(OFFSET($P106,0,AD$13),15-13*ORÇAMENTO!$AF$7)/$H106*OFFSET(ORÇAMENTO!$X$15,ROW(AD106)-ROW(AD$15),0),\nROUND(ROUND(OFFSET($P106,0,AD$13),15-13*ORÇAMENTO!$AF$7)*OFFSET(ORÇAMENTO!$W$15,ROW(AD106)-ROW(AD$15),0),15-13*ORÇAMENTO!$AF$11)),0)","v":0},{"$f":"IF(AND($D106=\"Serviço\",AE$12<>0,$H106>0,OR(AUTOEVENTO<>\"manual\",$M106<>1)),\nIF(Import.TipoArredondamento<>\"TransfereGOV\",\nROUND(OFFSET($P106,0,AE$13),15-13*ORÇAMENTO!$AF$7)/$H106*OFFSET(ORÇAMENTO!$X$15,ROW(AE106)-ROW(AE$15),0),\nROUND(ROUND(OFFSET($P106,0,AE$13),15-13*ORÇAMENTO!$AF$7)*OFFSET(ORÇAMENTO!$W$15,ROW(AE106)-ROW(AE$15),0),15-13*ORÇAMENTO!$AF$11)),0)","v":0},{"$f":"IF(AND($D106=\"Serviço\",AF$12<>0,$H106>0,OR(AUTOEVENTO<>\"manual\",$M106<>1)),\nIF(Import.TipoArredondamento<>\"TransfereGOV\",\nROUND(OFFSET($P106,0,AF$13),15-13*ORÇAMENTO!$AF$7)/$H106*OFFSET(ORÇAMENTO!$X$15,ROW(AF106)-ROW(AF$15),0),\nROUND(ROUND(OFFSET($P106,0,AF$13),15-13*ORÇAMENTO!$AF$7)*OFFSET(ORÇAMENTO!$W$15,ROW(AF106)-ROW(AF$15),0),15-13*ORÇAMENTO!$AF$11)),0)","v":0},{"$f":"IF(AND($D106=\"Serviço\",AG$12<>0,$H106>0,OR(AUTOEVENTO<>\"manual\",$M106<>1)),\nIF(Import.TipoArredondamento<>\"TransfereGOV\",\nROUND(OFFSET($P106,0,AG$13),15-13*ORÇAMENTO!$AF$7)/$H106*OFFSET(ORÇAMENTO!$X$15,ROW(AG106)-ROW(AG$15),0),\nROUND(ROUND(OFFSET($P106,0,AG$13),15-13*ORÇAMENTO!$AF$7)*OFFSET(ORÇAMENTO!$W$15,ROW(AG106)-ROW(AG$15),0),15-13*ORÇAMENTO!$AF$11)),0)","v":0},{"$f":"IF(AND($D106=\"Serviço\",AH$12<>0,$H106>0,OR(AUTOEVENTO<>\"manual\",$M106<>1)),\nIF(Import.TipoArredondamento<>\"TransfereGOV\",\nROUND(OFFSET($P106,0,AH$13),15-13*ORÇAMENTO!$AF$7)/$H106*OFFSET(ORÇAMENTO!$X$15,ROW(AH106)-ROW(AH$15),0),\nROUND(ROUND(OFFSET($P106,0,AH$13),15-13*ORÇAMENTO!$AF$7)*OFFSET(ORÇAMENTO!$W$15,ROW(AH106)-ROW(AH$15),0),15-13*ORÇAMENTO!$AF$11)),0)","v":0},{"$f":"IF(AND($D106=\"Serviço\",AI$12<>0,$H106>0,OR(AUTOEVENTO<>\"manual\",$M106<>1)),\nIF(Import.TipoArredondamento<>\"TransfereGOV\",\nROUND(OFFSET($P106,0,AI$13),15-13*ORÇAMENTO!$AF$7)/$H106*OFFSET(ORÇAMENTO!$X$15,ROW(AI106)-ROW(AI$15),0),\nROUND(ROUND(OFFSET($P106,0,AI$13),15-13*ORÇAMENTO!$AF$7)*OFFSET(ORÇAMENTO!$W$15,ROW(AI106)-ROW(AI$15),0),15-13*ORÇAMENTO!$AF$11)),0)","v":0},{"$f":"IF(AND($D106=\"Serviço\",AJ$12<>0,$H106>0,OR(AUTOEVENTO<>\"manual\",$M106<>1)),\nIF(Import.TipoArredondamento<>\"TransfereGOV\",\nROUND(OFFSET($P106,0,AJ$13),15-13*ORÇAMENTO!$AF$7)/$H106*OFFSET(ORÇAMENTO!$X$15,ROW(AJ106)-ROW(AJ$15),0),\nROUND(ROUND(OFFSET($P106,0,AJ$13),15-13*ORÇAMENTO!$AF$7)*OFFSET(ORÇAMENTO!$W$15,ROW(AJ106)-ROW(AJ$15),0),15-13*ORÇAMENTO!$AF$11)),0)","v":0},{"$f":"IF(AND($D106=\"Serviço\",AK$12<>0,$H106>0,OR(AUTOEVENTO<>\"manual\",$M106<>1)),\nIF(Import.TipoArredondamento<>\"TransfereGOV\",\nROUND(OFFSET($P106,0,AK$13),15-13*ORÇAMENTO!$AF$7)/$H106*OFFSET(ORÇAMENTO!$X$15,ROW(AK106)-ROW(AK$15),0),\nROUND(ROUND(OFFSET($P106,0,AK$13),15-13*ORÇAMENTO!$AF$7)*OFFSET(ORÇAMENTO!$W$15,ROW(AK106)-ROW(AK$15),0),15-13*ORÇAMENTO!$AF$11)),0)","v":0},null,{"$f":"IF($D106<>\"Serviço\",0,IF(AND(AUTOEVENTO=\"Manual\",$M106=1),0,IF(OFFSET(CRONOPLE!$F$14,$M106,AM$13)=\"\",10^12,OFFSET(CRONOPLE!$F$14,$M106,AM$13))))","v":1000000000000},{"$f":"IF($D106<>\"Serviço\",0,IF(AND(AUTOEVENTO=\"Manual\",$M106=1),0,IF(OFFSET(CRONOPLE!$F$14,$M106,AN$13)=\"\",10^12,OFFSET(CRONOPLE!$F$14,$M106,AN$13))))","v":1000000000000},{"$f":"IF($D106<>\"Serviço\",0,IF(AND(AUTOEVENTO=\"Manual\",$M106=1),0,IF(OFFSET(CRONOPLE!$F$14,$M106,AO$13)=\"\",10^12,OFFSET(CRONOPLE!$F$14,$M106,AO$13))))","v":1000000000000},{"$f":"IF($D106<>\"Serviço\",0,IF(AND(AUTOEVENTO=\"Manual\",$M106=1),0,IF(OFFSET(CRONOPLE!$F$14,$M106,AP$13)=\"\",10^12,OFFSET(CRONOPLE!$F$14,$M106,AP$13))))","v":1000000000000},{"$f":"IF($D106<>\"Serviço\",0,IF(AND(AUTOEVENTO=\"Manual\",$M106=1),0,IF(OFFSET(CRONOPLE!$F$14,$M106,AQ$13)=\"\",10^12,OFFSET(CRONOPLE!$F$14,$M106,AQ$13))))","v":1000000000000},{"$f":"IF($D106<>\"Serviço\",0,IF(AND(AUTOEVENTO=\"Manual\",$M106=1),0,IF(OFFSET(CRONOPLE!$F$14,$M106,AR$13)=\"\",10^12,OFFSET(CRONOPLE!$F$14,$M106,AR$13))))","v":1000000000000},{"$f":"IF($D106<>\"Serviço\",0,IF(AND(AUTOEVENTO=\"Manual\",$M106=1),0,IF(OFFSET(CRONOPLE!$F$14,$M106,AS$13)=\"\",10^12,OFFSET(CRONOPLE!$F$14,$M106,AS$13))))","v":1000000000000},{"$f":"IF($D106<>\"Serviço\",0,IF(AND(AUTOEVENTO=\"Manual\",$M106=1),0,IF(OFFSET(CRONOPLE!$F$14,$M106,AT$13)=\"\",10^12,OFFSET(CRONOPLE!$F$14,$M106,AT$13))))","v":1000000000000},{"$f":"IF($D106<>\"Serviço\",0,IF(AND(AUTOEVENTO=\"Manual\",$M106=1),0,IF(OFFSET(CRONOPLE!$F$14,$M106,AU$13)=\"\",10^12,OFFSET(CRONOPLE!$F$14,$M106,AU$13))))","v":1000000000000},{"$f":"IF($D106<>\"Serviço\",0,IF(AND(AUTOEVENTO=\"Manual\",$M106=1),0,IF(OFFSET(CRONOPLE!$F$14,$M106,AV$13)=\"\",10^12,OFFSET(CRONOPLE!$F$14,$M106,AV$13))))","v":1000000000000},null,{"$f":"IF($D106<>\"Serviço\",0,IF(OR(AND(AUTOEVENTO=\"Manual\",$M106=1),$M106>(ROW(PLE.lastrow)-ROW(PLE.firstrow))),0,IF(OFFSET(PLE!$G$14,$M106,AX$13)=\"\",10^12,OFFSET(PLE!$G$14,$M106,AX$13))))","v":1000000000000},{"$f":"IF($D106<>\"Serviço\",0,IF(OR(AND(AUTOEVENTO=\"Manual\",$M106=1),$M106>(ROW(PLE.lastrow)-ROW(PLE.firstrow))),0,IF(OFFSET(PLE!$G$14,$M106,AY$13)=\"\",10^12,OFFSET(PLE!$G$14,$M106,AY$13))))","v":1000000000000},{"$f":"IF($D106<>\"Serviço\",0,IF(OR(AND(AUTOEVENTO=\"Manual\",$M106=1),$M106>(ROW(PLE.lastrow)-ROW(PLE.firstrow))),0,IF(OFFSET(PLE!$G$14,$M106,AZ$13)=\"\",10^12,OFFSET(PLE!$G$14,$M106,AZ$13))))","v":1000000000000},{"$f":"IF($D106<>\"Serviço\",0,IF(OR(AND(AUTOEVENTO=\"Manual\",$M106=1),$M106>(ROW(PLE.lastrow)-ROW(PLE.firstrow))),0,IF(OFFSET(PLE!$G$14,$M106,BA$13)=\"\",10^12,OFFSET(PLE!$G$14,$M106,BA$13))))","v":1000000000000},{"$f":"IF($D106<>\"Serviço\",0,IF(OR(AND(AUTOEVENTO=\"Manual\",$M106=1),$M106>(ROW(PLE.lastrow)-ROW(PLE.firstrow))),0,IF(OFFSET(PLE!$G$14,$M106,BB$13)=\"\",10^12,OFFSET(PLE!$G$14,$M106,BB$13))))","v":1000000000000},{"$f":"IF($D106<>\"Serviço\",0,IF(OR(AND(AUTOEVENTO=\"Manual\",$M106=1),$M106>(ROW(PLE.lastrow)-ROW(PLE.firstrow))),0,IF(OFFSET(PLE!$G$14,$M106,BC$13)=\"\",10^12,OFFSET(PLE!$G$14,$M106,BC$13))))","v":1000000000000},{"$f":"IF($D106<>\"Serviço\",0,IF(OR(AND(AUTOEVENTO=\"Manual\",$M106=1),$M106>(ROW(PLE.lastrow)-ROW(PLE.firstrow))),0,IF(OFFSET(PLE!$G$14,$M106,BD$13)=\"\",10^12,OFFSET(PLE!$G$14,$M106,BD$13))))","v":1000000000000},{"$f":"IF($D106<>\"Serviço\",0,IF(OR(AND(AUTOEVENTO=\"Manual\",$M106=1),$M106>(ROW(PLE.lastrow)-ROW(PLE.firstrow))),0,IF(OFFSET(PLE!$G$14,$M106,BE$13)=\"\",10^12,OFFSET(PLE!$G$14,$M106,BE$13))))","v":1000000000000},{"$f":"IF($D106<>\"Serviço\",0,IF(OR(AND(AUTOEVENTO=\"Manual\",$M106=1),$M106>(ROW(PLE.lastrow)-ROW(PLE.firstrow))),0,IF(OFFSET(PLE!$G$14,$M106,BF$13)=\"\",10^12,OFFSET(PLE!$G$14,$M106,BF$13))))","v":1000000000000},{"$f":"IF($D106<>\"Serviço\",0,IF(OR(AND(AUTOEVENTO=\"Manual\",$M106=1),$M106>(ROW(PLE.lastrow)-ROW(PLE.firstrow))),0,IF(OFFSET(PLE!$G$14,$M106,BG$13)=\"\",10^12,OFFSET(PLE!$G$14,$M106,BG$13))))","v":1000000000000}]
["86",{"$f":"OFFSET(ORÇAMENTO!C$15,ROW(B107)-ROW(B$15),0)","v":"S"},{"$f":"OFFSET(ORÇAMENTO!L$15,ROW(C107)-ROW(C$15),0)","v":"F"},{"$f":"OFFSET(ORÇAMENTO!N$15,ROW(D107)-ROW(D$15),0)","v":"Serviço"},{"$f":"OFFSET(ORÇAMENTO!O$15,ROW(E107)-ROW(E$15),0)","v":"1.12.0.6."},{"$f":"OFFSET(ORÇAMENTO!R$15,ROW(F107)-ROW(F$15),0)","v":"JUNÇÃO SIMPLES, PVC, SERIE NORMAL, ESGOTO PREDIAL, DN 100 X 100 MM, JUNTA ELÁSTICA, FORNECIDO E INSTALADO EM RAMAL DE DESCARGA OU RAMAL DE ESGOTO SANITÁRIO. AF_08/2022"},{"$f":"IF($D107<>\"Serviço\",\"\",OFFSET(ORÇAMENTO!S$15,ROW(G107)-ROW(G$15),0))","v":"UN"},{"$f":"IF($D107<>\"Serviço\",0,IF(ACOMPANHAMENTO=\"BM\",ROUND(OFFSET(ORÇAMENTO!AJ$15,ROW(H107)-ROW(H$15),0),15-13*ORÇAMENTO!$AF$7),SUMPRODUCT(($Q$12:$AA$12<>\"\")*ROUND($Q107:$AA107,15-13*ORÇAMENTO!$AF$7))))","v":2},null,null,null,".",{"$f":"IF($D107<>\"Serviço\",\"\",IF(AUTOEVENTO=\"manual\",$A107,IF(ISERROR(MATCH($A107,$A$15:OFFSET($A107,-1,0),0)),MAX($M$15:OFFSET(M107,-1,0))+1,INDEX($M$15:OFFSET(M107,-1,0),MATCH($A107,$A$15:OFFSET($A107,-1,0),0)))))","v":13},{"$f":"IF($D107<>\"Serviço\",\"\",IF(AUTOEVENTO=\"Manual\",IF($A107=0,\"<-- defina o número do agrupador\",OFFSET(EVENTOS!$D$14,$A107,0)),OFFSET($F$15,$A107,0)))","v":"INSTALAÇÕES HIDROSSANITÁRIAS (ESGOTO CLOACAL)"},null,null,2,null,null,null,null,null,null,null,null,null,null,{"$f":"IF(AND($D107=\"Serviço\",AB$12<>0,$H107>0,OR(AUTOEVENTO<>\"manual\",$M107<>1)),\nIF(Import.TipoArredondamento<>\"TransfereGOV\",\nROUND(OFFSET($P107,0,AB$13),15-13*ORÇAMENTO!$AF$7)/$H107*OFFSET(ORÇAMENTO!$X$15,ROW(AB107)-ROW(AB$15),0),\nROUND(ROUND(OFFSET($P107,0,AB$13),15-13*ORÇAMENTO!$AF$7)*OFFSET(ORÇAMENTO!$W$15,ROW(AB107)-ROW(AB$15),0),15-13*ORÇAMENTO!$AF$11)),0)","v":127.38},{"$f":"IF(AND($D107=\"Serviço\",AC$12<>0,$H107>0,OR(AUTOEVENTO<>\"manual\",$M107<>1)),\nIF(Import.TipoArredondamento<>\"TransfereGOV\",\nROUND(OFFSET($P107,0,AC$13),15-13*ORÇAMENTO!$AF$7)/$H107*OFFSET(ORÇAMENTO!$X$15,ROW(AC107)-ROW(AC$15),0),\nROUND(ROUND(OFFSET($P107,0,AC$13),15-13*ORÇAMENTO!$AF$7)*OFFSET(ORÇAMENTO!$W$15,ROW(AC107)-ROW(AC$15),0),15-13*ORÇAMENTO!$AF$11)),0)","v":0},{"$f":"IF(AND($D107=\"Serviço\",AD$12<>0,$H107>0,OR(AUTOEVENTO<>\"manual\",$M107<>1)),\nIF(Import.TipoArredondamento<>\"TransfereGOV\",\nROUND(OFFSET($P107,0,AD$13),15-13*ORÇAMENTO!$AF$7)/$H107*OFFSET(ORÇAMENTO!$X$15,ROW(AD107)-ROW(AD$15),0),\nROUND(ROUND(OFFSET($P107,0,AD$13),15-13*ORÇAMENTO!$AF$7)*OFFSET(ORÇAMENTO!$W$15,ROW(AD107)-ROW(AD$15),0),15-13*ORÇAMENTO!$AF$11)),0)","v":0},{"$f":"IF(AND($D107=\"Serviço\",AE$12<>0,$H107>0,OR(AUTOEVENTO<>\"manual\",$M107<>1)),\nIF(Import.TipoArredondamento<>\"TransfereGOV\",\nROUND(OFFSET($P107,0,AE$13),15-13*ORÇAMENTO!$AF$7)/$H107*OFFSET(ORÇAMENTO!$X$15,ROW(AE107)-ROW(AE$15),0),\nROUND(ROUND(OFFSET($P107,0,AE$13),15-13*ORÇAMENTO!$AF$7)*OFFSET(ORÇAMENTO!$W$15,ROW(AE107)-ROW(AE$15),0),15-13*ORÇAMENTO!$AF$11)),0)","v":0},{"$f":"IF(AND($D107=\"Serviço\",AF$12<>0,$H107>0,OR(AUTOEVENTO<>\"manual\",$M107<>1)),\nIF(Import.TipoArredondamento<>\"TransfereGOV\",\nROUND(OFFSET($P107,0,AF$13),15-13*ORÇAMENTO!$AF$7)/$H107*OFFSET(ORÇAMENTO!$X$15,ROW(AF107)-ROW(AF$15),0),\nROUND(ROUND(OFFSET($P107,0,AF$13),15-13*ORÇAMENTO!$AF$7)*OFFSET(ORÇAMENTO!$W$15,ROW(AF107)-ROW(AF$15),0),15-13*ORÇAMENTO!$AF$11)),0)","v":0},{"$f":"IF(AND($D107=\"Serviço\",AG$12<>0,$H107>0,OR(AUTOEVENTO<>\"manual\",$M107<>1)),\nIF(Import.TipoArredondamento<>\"TransfereGOV\",\nROUND(OFFSET($P107,0,AG$13),15-13*ORÇAMENTO!$AF$7)/$H107*OFFSET(ORÇAMENTO!$X$15,ROW(AG107)-ROW(AG$15),0),\nROUND(ROUND(OFFSET($P107,0,AG$13),15-13*ORÇAMENTO!$AF$7)*OFFSET(ORÇAMENTO!$W$15,ROW(AG107)-ROW(AG$15),0),15-13*ORÇAMENTO!$AF$11)),0)","v":0},{"$f":"IF(AND($D107=\"Serviço\",AH$12<>0,$H107>0,OR(AUTOEVENTO<>\"manual\",$M107<>1)),\nIF(Import.TipoArredondamento<>\"TransfereGOV\",\nROUND(OFFSET($P107,0,AH$13),15-13*ORÇAMENTO!$AF$7)/$H107*OFFSET(ORÇAMENTO!$X$15,ROW(AH107)-ROW(AH$15),0),\nROUND(ROUND(OFFSET($P107,0,AH$13),15-13*ORÇAMENTO!$AF$7)*OFFSET(ORÇAMENTO!$W$15,ROW(AH107)-ROW(AH$15),0),15-13*ORÇAMENTO!$AF$11)),0)","v":0},{"$f":"IF(AND($D107=\"Serviço\",AI$12<>0,$H107>0,OR(AUTOEVENTO<>\"manual\",$M107<>1)),\nIF(Import.TipoArredondamento<>\"TransfereGOV\",\nROUND(OFFSET($P107,0,AI$13),15-13*ORÇAMENTO!$AF$7)/$H107*OFFSET(ORÇAMENTO!$X$15,ROW(AI107)-ROW(AI$15),0),\nROUND(ROUND(OFFSET($P107,0,AI$13),15-13*ORÇAMENTO!$AF$7)*OFFSET(ORÇAMENTO!$W$15,ROW(AI107)-ROW(AI$15),0),15-13*ORÇAMENTO!$AF$11)),0)","v":0},{"$f":"IF(AND($D107=\"Serviço\",AJ$12<>0,$H107>0,OR(AUTOEVENTO<>\"manual\",$M107<>1)),\nIF(Import.TipoArredondamento<>\"TransfereGOV\",\nROUND(OFFSET($P107,0,AJ$13),15-13*ORÇAMENTO!$AF$7)/$H107*OFFSET(ORÇAMENTO!$X$15,ROW(AJ107)-ROW(AJ$15),0),\nROUND(ROUND(OFFSET($P107,0,AJ$13),15-13*ORÇAMENTO!$AF$7)*OFFSET(ORÇAMENTO!$W$15,ROW(AJ107)-ROW(AJ$15),0),15-13*ORÇAMENTO!$AF$11)),0)","v":0},{"$f":"IF(AND($D107=\"Serviço\",AK$12<>0,$H107>0,OR(AUTOEVENTO<>\"manual\",$M107<>1)),\nIF(Import.TipoArredondamento<>\"TransfereGOV\",\nROUND(OFFSET($P107,0,AK$13),15-13*ORÇAMENTO!$AF$7)/$H107*OFFSET(ORÇAMENTO!$X$15,ROW(AK107)-ROW(AK$15),0),\nROUND(ROUND(OFFSET($P107,0,AK$13),15-13*ORÇAMENTO!$AF$7)*OFFSET(ORÇAMENTO!$W$15,ROW(AK107)-ROW(AK$15),0),15-13*ORÇAMENTO!$AF$11)),0)","v":0},null,{"$f":"IF($D107<>\"Serviço\",0,IF(AND(AUTOEVENTO=\"Manual\",$M107=1),0,IF(OFFSET(CRONOPLE!$F$14,$M107,AM$13)=\"\",10^12,OFFSET(CRONOPLE!$F$14,$M107,AM$13))))","v":1000000000000},{"$f":"IF($D107<>\"Serviço\",0,IF(AND(AUTOEVENTO=\"Manual\",$M107=1),0,IF(OFFSET(CRONOPLE!$F$14,$M107,AN$13)=\"\",10^12,OFFSET(CRONOPLE!$F$14,$M107,AN$13))))","v":1000000000000},{"$f":"IF($D107<>\"Serviço\",0,IF(AND(AUTOEVENTO=\"Manual\",$M107=1),0,IF(OFFSET(CRONOPLE!$F$14,$M107,AO$13)=\"\",10^12,OFFSET(CRONOPLE!$F$14,$M107,AO$13))))","v":1000000000000},{"$f":"IF($D107<>\"Serviço\",0,IF(AND(AUTOEVENTO=\"Manual\",$M107=1),0,IF(OFFSET(CRONOPLE!$F$14,$M107,AP$13)=\"\",10^12,OFFSET(CRONOPLE!$F$14,$M107,AP$13))))","v":1000000000000},{"$f":"IF($D107<>\"Serviço\",0,IF(AND(AUTOEVENTO=\"Manual\",$M107=1),0,IF(OFFSET(CRONOPLE!$F$14,$M107,AQ$13)=\"\",10^12,OFFSET(CRONOPLE!$F$14,$M107,AQ$13))))","v":1000000000000},{"$f":"IF($D107<>\"Serviço\",0,IF(AND(AUTOEVENTO=\"Manual\",$M107=1),0,IF(OFFSET(CRONOPLE!$F$14,$M107,AR$13)=\"\",10^12,OFFSET(CRONOPLE!$F$14,$M107,AR$13))))","v":1000000000000},{"$f":"IF($D107<>\"Serviço\",0,IF(AND(AUTOEVENTO=\"Manual\",$M107=1),0,IF(OFFSET(CRONOPLE!$F$14,$M107,AS$13)=\"\",10^12,OFFSET(CRONOPLE!$F$14,$M107,AS$13))))","v":1000000000000},{"$f":"IF($D107<>\"Serviço\",0,IF(AND(AUTOEVENTO=\"Manual\",$M107=1),0,IF(OFFSET(CRONOPLE!$F$14,$M107,AT$13)=\"\",10^12,OFFSET(CRONOPLE!$F$14,$M107,AT$13))))","v":1000000000000},{"$f":"IF($D107<>\"Serviço\",0,IF(AND(AUTOEVENTO=\"Manual\",$M107=1),0,IF(OFFSET(CRONOPLE!$F$14,$M107,AU$13)=\"\",10^12,OFFSET(CRONOPLE!$F$14,$M107,AU$13))))","v":1000000000000},{"$f":"IF($D107<>\"Serviço\",0,IF(AND(AUTOEVENTO=\"Manual\",$M107=1),0,IF(OFFSET(CRONOPLE!$F$14,$M107,AV$13)=\"\",10^12,OFFSET(CRONOPLE!$F$14,$M107,AV$13))))","v":1000000000000},null,{"$f":"IF($D107<>\"Serviço\",0,IF(OR(AND(AUTOEVENTO=\"Manual\",$M107=1),$M107>(ROW(PLE.lastrow)-ROW(PLE.firstrow))),0,IF(OFFSET(PLE!$G$14,$M107,AX$13)=\"\",10^12,OFFSET(PLE!$G$14,$M107,AX$13))))","v":1000000000000},{"$f":"IF($D107<>\"Serviço\",0,IF(OR(AND(AUTOEVENTO=\"Manual\",$M107=1),$M107>(ROW(PLE.lastrow)-ROW(PLE.firstrow))),0,IF(OFFSET(PLE!$G$14,$M107,AY$13)=\"\",10^12,OFFSET(PLE!$G$14,$M107,AY$13))))","v":1000000000000},{"$f":"IF($D107<>\"Serviço\",0,IF(OR(AND(AUTOEVENTO=\"Manual\",$M107=1),$M107>(ROW(PLE.lastrow)-ROW(PLE.firstrow))),0,IF(OFFSET(PLE!$G$14,$M107,AZ$13)=\"\",10^12,OFFSET(PLE!$G$14,$M107,AZ$13))))","v":1000000000000},{"$f":"IF($D107<>\"Serviço\",0,IF(OR(AND(AUTOEVENTO=\"Manual\",$M107=1),$M107>(ROW(PLE.lastrow)-ROW(PLE.firstrow))),0,IF(OFFSET(PLE!$G$14,$M107,BA$13)=\"\",10^12,OFFSET(PLE!$G$14,$M107,BA$13))))","v":1000000000000},{"$f":"IF($D107<>\"Serviço\",0,IF(OR(AND(AUTOEVENTO=\"Manual\",$M107=1),$M107>(ROW(PLE.lastrow)-ROW(PLE.firstrow))),0,IF(OFFSET(PLE!$G$14,$M107,BB$13)=\"\",10^12,OFFSET(PLE!$G$14,$M107,BB$13))))","v":1000000000000},{"$f":"IF($D107<>\"Serviço\",0,IF(OR(AND(AUTOEVENTO=\"Manual\",$M107=1),$M107>(ROW(PLE.lastrow)-ROW(PLE.firstrow))),0,IF(OFFSET(PLE!$G$14,$M107,BC$13)=\"\",10^12,OFFSET(PLE!$G$14,$M107,BC$13))))","v":1000000000000},{"$f":"IF($D107<>\"Serviço\",0,IF(OR(AND(AUTOEVENTO=\"Manual\",$M107=1),$M107>(ROW(PLE.lastrow)-ROW(PLE.firstrow))),0,IF(OFFSET(PLE!$G$14,$M107,BD$13)=\"\",10^12,OFFSET(PLE!$G$14,$M107,BD$13))))","v":1000000000000},{"$f":"IF($D107<>\"Serviço\",0,IF(OR(AND(AUTOEVENTO=\"Manual\",$M107=1),$M107>(ROW(PLE.lastrow)-ROW(PLE.firstrow))),0,IF(OFFSET(PLE!$G$14,$M107,BE$13)=\"\",10^12,OFFSET(PLE!$G$14,$M107,BE$13))))","v":1000000000000},{"$f":"IF($D107<>\"Serviço\",0,IF(OR(AND(AUTOEVENTO=\"Manual\",$M107=1),$M107>(ROW(PLE.lastrow)-ROW(PLE.firstrow))),0,IF(OFFSET(PLE!$G$14,$M107,BF$13)=\"\",10^12,OFFSET(PLE!$G$14,$M107,BF$13))))","v":1000000000000},{"$f":"IF($D107<>\"Serviço\",0,IF(OR(AND(AUTOEVENTO=\"Manual\",$M107=1),$M107>(ROW(PLE.lastrow)-ROW(PLE.firstrow))),0,IF(OFFSET(PLE!$G$14,$M107,BG$13)=\"\",10^12,OFFSET(PLE!$G$14,$M107,BG$13))))","v":1000000000000}]
["86",{"$f":"OFFSET(ORÇAMENTO!C$15,ROW(B108)-ROW(B$15),0)","v":"S"},{"$f":"OFFSET(ORÇAMENTO!L$15,ROW(C108)-ROW(C$15),0)","v":"F"},{"$f":"OFFSET(ORÇAMENTO!N$15,ROW(D108)-ROW(D$15),0)","v":"Serviço"},{"$f":"OFFSET(ORÇAMENTO!O$15,ROW(E108)-ROW(E$15),0)","v":"1.12.0.7."},{"$f":"OFFSET(ORÇAMENTO!R$15,ROW(F108)-ROW(F$15),0)","v":"JUNÇÃO DE REDUÇÃO INVERTIDA, PVC, SÉRIE NORMAL, ESGOTO PREDIAL, DN 100 X 50 MM, JUNTA ELÁSTICA, FORNECIDO E INSTALADO EM PRUMADA DE ESGOTO SANITÁRIO OU VENTILAÇÃO. AF_08/2022"},{"$f":"IF($D108<>\"Serviço\",\"\",OFFSET(ORÇAMENTO!S$15,ROW(G108)-ROW(G$15),0))","v":"UN"},{"$f":"IF($D108<>\"Serviço\",0,IF(ACOMPANHAMENTO=\"BM\",ROUND(OFFSET(ORÇAMENTO!AJ$15,ROW(H108)-ROW(H$15),0),15-13*ORÇAMENTO!$AF$7),SUMPRODUCT(($Q$12:$AA$12<>\"\")*ROUND($Q108:$AA108,15-13*ORÇAMENTO!$AF$7))))","v":6},null,null,null,".",{"$f":"IF($D108<>\"Serviço\",\"\",IF(AUTOEVENTO=\"manual\",$A108,IF(ISERROR(MATCH($A108,$A$15:OFFSET($A108,-1,0),0)),MAX($M$15:OFFSET(M108,-1,0))+1,INDEX($M$15:OFFSET(M108,-1,0),MATCH($A108,$A$15:OFFSET($A108,-1,0),0)))))","v":13},{"$f":"IF($D108<>\"Serviço\",\"\",IF(AUTOEVENTO=\"Manual\",IF($A108=0,\"<-- defina o número do agrupador\",OFFSET(EVENTOS!$D$14,$A108,0)),OFFSET($F$15,$A108,0)))","v":"INSTALAÇÕES HIDROSSANITÁRIAS (ESGOTO CLOACAL)"},null,null,6,null,null,null,null,null,null,null,null,null,null,{"$f":"IF(AND($D108=\"Serviço\",AB$12<>0,$H108>0,OR(AUTOEVENTO<>\"manual\",$M108<>1)),\nIF(Import.TipoArredondamento<>\"TransfereGOV\",\nROUND(OFFSET($P108,0,AB$13),15-13*ORÇAMENTO!$AF$7)/$H108*OFFSET(ORÇAMENTO!$X$15,ROW(AB108)-ROW(AB$15),0),\nROUND(ROUND(OFFSET($P108,0,AB$13),15-13*ORÇAMENTO!$AF$7)*OFFSET(ORÇAMENTO!$W$15,ROW(AB108)-ROW(AB$15),0),15-13*ORÇAMENTO!$AF$11)),0)","v":309.89999999999998},{"$f":"IF(AND($D108=\"Serviço\",AC$12<>0,$H108>0,OR(AUTOEVENTO<>\"manual\",$M108<>1)),\nIF(Import.TipoArredondamento<>\"TransfereGOV\",\nROUND(OFFSET($P108,0,AC$13),15-13*ORÇAMENTO!$AF$7)/$H108*OFFSET(ORÇAMENTO!$X$15,ROW(AC108)-ROW(AC$15),0),\nROUND(ROUND(OFFSET($P108,0,AC$13),15-13*ORÇAMENTO!$AF$7)*OFFSET(ORÇAMENTO!$W$15,ROW(AC108)-ROW(AC$15),0),15-13*ORÇAMENTO!$AF$11)),0)","v":0},{"$f":"IF(AND($D108=\"Serviço\",AD$12<>0,$H108>0,OR(AUTOEVENTO<>\"manual\",$M108<>1)),\nIF(Import.TipoArredondamento<>\"TransfereGOV\",\nROUND(OFFSET($P108,0,AD$13),15-13*ORÇAMENTO!$AF$7)/$H108*OFFSET(ORÇAMENTO!$X$15,ROW(AD108)-ROW(AD$15),0),\nROUND(ROUND(OFFSET($P108,0,AD$13),15-13*ORÇAMENTO!$AF$7)*OFFSET(ORÇAMENTO!$W$15,ROW(AD108)-ROW(AD$15),0),15-13*ORÇAMENTO!$AF$11)),0)","v":0},{"$f":"IF(AND($D108=\"Serviço\",AE$12<>0,$H108>0,OR(AUTOEVENTO<>\"manual\",$M108<>1)),\nIF(Import.TipoArredondamento<>\"TransfereGOV\",\nROUND(OFFSET($P108,0,AE$13),15-13*ORÇAMENTO!$AF$7)/$H108*OFFSET(ORÇAMENTO!$X$15,ROW(AE108)-ROW(AE$15),0),\nROUND(ROUND(OFFSET($P108,0,AE$13),15-13*ORÇAMENTO!$AF$7)*OFFSET(ORÇAMENTO!$W$15,ROW(AE108)-ROW(AE$15),0),15-13*ORÇAMENTO!$AF$11)),0)","v":0},{"$f":"IF(AND($D108=\"Serviço\",AF$12<>0,$H108>0,OR(AUTOEVENTO<>\"manual\",$M108<>1)),\nIF(Import.TipoArredondamento<>\"TransfereGOV\",\nROUND(OFFSET($P108,0,AF$13),15-13*ORÇAMENTO!$AF$7)/$H108*OFFSET(ORÇAMENTO!$X$15,ROW(AF108)-ROW(AF$15),0),\nROUND(ROUND(OFFSET($P108,0,AF$13),15-13*ORÇAMENTO!$AF$7)*OFFSET(ORÇAMENTO!$W$15,ROW(AF108)-ROW(AF$15),0),15-13*ORÇAMENTO!$AF$11)),0)","v":0},{"$f":"IF(AND($D108=\"Serviço\",AG$12<>0,$H108>0,OR(AUTOEVENTO<>\"manual\",$M108<>1)),\nIF(Import.TipoArredondamento<>\"TransfereGOV\",\nROUND(OFFSET($P108,0,AG$13),15-13*ORÇAMENTO!$AF$7)/$H108*OFFSET(ORÇAMENTO!$X$15,ROW(AG108)-ROW(AG$15),0),\nROUND(ROUND(OFFSET($P108,0,AG$13),15-13*ORÇAMENTO!$AF$7)*OFFSET(ORÇAMENTO!$W$15,ROW(AG108)-ROW(AG$15),0),15-13*ORÇAMENTO!$AF$11)),0)","v":0},{"$f":"IF(AND($D108=\"Serviço\",AH$12<>0,$H108>0,OR(AUTOEVENTO<>\"manual\",$M108<>1)),\nIF(Import.TipoArredondamento<>\"TransfereGOV\",\nROUND(OFFSET($P108,0,AH$13),15-13*ORÇAMENTO!$AF$7)/$H108*OFFSET(ORÇAMENTO!$X$15,ROW(AH108)-ROW(AH$15),0),\nROUND(ROUND(OFFSET($P108,0,AH$13),15-13*ORÇAMENTO!$AF$7)*OFFSET(ORÇAMENTO!$W$15,ROW(AH108)-ROW(AH$15),0),15-13*ORÇAMENTO!$AF$11)),0)","v":0},{"$f":"IF(AND($D108=\"Serviço\",AI$12<>0,$H108>0,OR(AUTOEVENTO<>\"manual\",$M108<>1)),\nIF(Import.TipoArredondamento<>\"TransfereGOV\",\nROUND(OFFSET($P108,0,AI$13),15-13*ORÇAMENTO!$AF$7)/$H108*OFFSET(ORÇAMENTO!$X$15,ROW(AI108)-ROW(AI$15),0),\nROUND(ROUND(OFFSET($P108,0,AI$13),15-13*ORÇAMENTO!$AF$7)*OFFSET(ORÇAMENTO!$W$15,ROW(AI108)-ROW(AI$15),0),15-13*ORÇAMENTO!$AF$11)),0)","v":0},{"$f":"IF(AND($D108=\"Serviço\",AJ$12<>0,$H108>0,OR(AUTOEVENTO<>\"manual\",$M108<>1)),\nIF(Import.TipoArredondamento<>\"TransfereGOV\",\nROUND(OFFSET($P108,0,AJ$13),15-13*ORÇAMENTO!$AF$7)/$H108*OFFSET(ORÇAMENTO!$X$15,ROW(AJ108)-ROW(AJ$15),0),\nROUND(ROUND(OFFSET($P108,0,AJ$13),15-13*ORÇAMENTO!$AF$7)*OFFSET(ORÇAMENTO!$W$15,ROW(AJ108)-ROW(AJ$15),0),15-13*ORÇAMENTO!$AF$11)),0)","v":0},{"$f":"IF(AND($D108=\"Serviço\",AK$12<>0,$H108>0,OR(AUTOEVENTO<>\"manual\",$M108<>1)),\nIF(Import.TipoArredondamento<>\"TransfereGOV\",\nROUND(OFFSET($P108,0,AK$13),15-13*ORÇAMENTO!$AF$7)/$H108*OFFSET(ORÇAMENTO!$X$15,ROW(AK108)-ROW(AK$15),0),\nROUND(ROUND(OFFSET($P108,0,AK$13),15-13*ORÇAMENTO!$AF$7)*OFFSET(ORÇAMENTO!$W$15,ROW(AK108)-ROW(AK$15),0),15-13*ORÇAMENTO!$AF$11)),0)","v":0},null,{"$f":"IF($D108<>\"Serviço\",0,IF(AND(AUTOEVENTO=\"Manual\",$M108=1),0,IF(OFFSET(CRONOPLE!$F$14,$M108,AM$13)=\"\",10^12,OFFSET(CRONOPLE!$F$14,$M108,AM$13))))","v":1000000000000},{"$f":"IF($D108<>\"Serviço\",0,IF(AND(AUTOEVENTO=\"Manual\",$M108=1),0,IF(OFFSET(CRONOPLE!$F$14,$M108,AN$13)=\"\",10^12,OFFSET(CRONOPLE!$F$14,$M108,AN$13))))","v":1000000000000},{"$f":"IF($D108<>\"Serviço\",0,IF(AND(AUTOEVENTO=\"Manual\",$M108=1),0,IF(OFFSET(CRONOPLE!$F$14,$M108,AO$13)=\"\",10^12,OFFSET(CRONOPLE!$F$14,$M108,AO$13))))","v":1000000000000},{"$f":"IF($D108<>\"Serviço\",0,IF(AND(AUTOEVENTO=\"Manual\",$M108=1),0,IF(OFFSET(CRONOPLE!$F$14,$M108,AP$13)=\"\",10^12,OFFSET(CRONOPLE!$F$14,$M108,AP$13))))","v":1000000000000},{"$f":"IF($D108<>\"Serviço\",0,IF(AND(AUTOEVENTO=\"Manual\",$M108=1),0,IF(OFFSET(CRONOPLE!$F$14,$M108,AQ$13)=\"\",10^12,OFFSET(CRONOPLE!$F$14,$M108,AQ$13))))","v":1000000000000},{"$f":"IF($D108<>\"Serviço\",0,IF(AND(AUTOEVENTO=\"Manual\",$M108=1),0,IF(OFFSET(CRONOPLE!$F$14,$M108,AR$13)=\"\",10^12,OFFSET(CRONOPLE!$F$14,$M108,AR$13))))","v":1000000000000},{"$f":"IF($D108<>\"Serviço\",0,IF(AND(AUTOEVENTO=\"Manual\",$M108=1),0,IF(OFFSET(CRONOPLE!$F$14,$M108,AS$13)=\"\",10^12,OFFSET(CRONOPLE!$F$14,$M108,AS$13))))","v":1000000000000},{"$f":"IF($D108<>\"Serviço\",0,IF(AND(AUTOEVENTO=\"Manual\",$M108=1),0,IF(OFFSET(CRONOPLE!$F$14,$M108,AT$13)=\"\",10^12,OFFSET(CRONOPLE!$F$14,$M108,AT$13))))","v":1000000000000},{"$f":"IF($D108<>\"Serviço\",0,IF(AND(AUTOEVENTO=\"Manual\",$M108=1),0,IF(OFFSET(CRONOPLE!$F$14,$M108,AU$13)=\"\",10^12,OFFSET(CRONOPLE!$F$14,$M108,AU$13))))","v":1000000000000},{"$f":"IF($D108<>\"Serviço\",0,IF(AND(AUTOEVENTO=\"Manual\",$M108=1),0,IF(OFFSET(CRONOPLE!$F$14,$M108,AV$13)=\"\",10^12,OFFSET(CRONOPLE!$F$14,$M108,AV$13))))","v":1000000000000},null,{"$f":"IF($D108<>\"Serviço\",0,IF(OR(AND(AUTOEVENTO=\"Manual\",$M108=1),$M108>(ROW(PLE.lastrow)-ROW(PLE.firstrow))),0,IF(OFFSET(PLE!$G$14,$M108,AX$13)=\"\",10^12,OFFSET(PLE!$G$14,$M108,AX$13))))","v":1000000000000},{"$f":"IF($D108<>\"Serviço\",0,IF(OR(AND(AUTOEVENTO=\"Manual\",$M108=1),$M108>(ROW(PLE.lastrow)-ROW(PLE.firstrow))),0,IF(OFFSET(PLE!$G$14,$M108,AY$13)=\"\",10^12,OFFSET(PLE!$G$14,$M108,AY$13))))","v":1000000000000},{"$f":"IF($D108<>\"Serviço\",0,IF(OR(AND(AUTOEVENTO=\"Manual\",$M108=1),$M108>(ROW(PLE.lastrow)-ROW(PLE.firstrow))),0,IF(OFFSET(PLE!$G$14,$M108,AZ$13)=\"\",10^12,OFFSET(PLE!$G$14,$M108,AZ$13))))","v":1000000000000},{"$f":"IF($D108<>\"Serviço\",0,IF(OR(AND(AUTOEVENTO=\"Manual\",$M108=1),$M108>(ROW(PLE.lastrow)-ROW(PLE.firstrow))),0,IF(OFFSET(PLE!$G$14,$M108,BA$13)=\"\",10^12,OFFSET(PLE!$G$14,$M108,BA$13))))","v":1000000000000},{"$f":"IF($D108<>\"Serviço\",0,IF(OR(AND(AUTOEVENTO=\"Manual\",$M108=1),$M108>(ROW(PLE.lastrow)-ROW(PLE.firstrow))),0,IF(OFFSET(PLE!$G$14,$M108,BB$13)=\"\",10^12,OFFSET(PLE!$G$14,$M108,BB$13))))","v":1000000000000},{"$f":"IF($D108<>\"Serviço\",0,IF(OR(AND(AUTOEVENTO=\"Manual\",$M108=1),$M108>(ROW(PLE.lastrow)-ROW(PLE.firstrow))),0,IF(OFFSET(PLE!$G$14,$M108,BC$13)=\"\",10^12,OFFSET(PLE!$G$14,$M108,BC$13))))","v":1000000000000},{"$f":"IF($D108<>\"Serviço\",0,IF(OR(AND(AUTOEVENTO=\"Manual\",$M108=1),$M108>(ROW(PLE.lastrow)-ROW(PLE.firstrow))),0,IF(OFFSET(PLE!$G$14,$M108,BD$13)=\"\",10^12,OFFSET(PLE!$G$14,$M108,BD$13))))","v":1000000000000},{"$f":"IF($D108<>\"Serviço\",0,IF(OR(AND(AUTOEVENTO=\"Manual\",$M108=1),$M108>(ROW(PLE.lastrow)-ROW(PLE.firstrow))),0,IF(OFFSET(PLE!$G$14,$M108,BE$13)=\"\",10^12,OFFSET(PLE!$G$14,$M108,BE$13))))","v":1000000000000},{"$f":"IF($D108<>\"Serviço\",0,IF(OR(AND(AUTOEVENTO=\"Manual\",$M108=1),$M108>(ROW(PLE.lastrow)-ROW(PLE.firstrow))),0,IF(OFFSET(PLE!$G$14,$M108,BF$13)=\"\",10^12,OFFSET(PLE!$G$14,$M108,BF$13))))","v":1000000000000},{"$f":"IF($D108<>\"Serviço\",0,IF(OR(AND(AUTOEVENTO=\"Manual\",$M108=1),$M108>(ROW(PLE.lastrow)-ROW(PLE.firstrow))),0,IF(OFFSET(PLE!$G$14,$M108,BG$13)=\"\",10^12,OFFSET(PLE!$G$14,$M108,BG$13))))","v":1000000000000}]
["86",{"$f":"OFFSET(ORÇAMENTO!C$15,ROW(B109)-ROW(B$15),0)","v":"S"},{"$f":"OFFSET(ORÇAMENTO!L$15,ROW(C109)-ROW(C$15),0)","v":"F"},{"$f":"OFFSET(ORÇAMENTO!N$15,ROW(D109)-ROW(D$15),0)","v":"Serviço"},{"$f":"OFFSET(ORÇAMENTO!O$15,ROW(E109)-ROW(E$15),0)","v":"1.12.0.8."},{"$f":"OFFSET(ORÇAMENTO!R$15,ROW(F109)-ROW(F$15),0)","v":"TUBO PVC, SERIE NORMAL, ESGOTO PREDIAL, DN 50 MM, FORNECIDO E INSTALADO EM RAMAL DE DESCARGA OU RAMAL DE ESGOTO SANITÁRIO. AF_08/2022"},{"$f":"IF($D109<>\"Serviço\",\"\",OFFSET(ORÇAMENTO!S$15,ROW(G109)-ROW(G$15),0))","v":"M"},{"$f":"IF($D109<>\"Serviço\",0,IF(ACOMPANHAMENTO=\"BM\",ROUND(OFFSET(ORÇAMENTO!AJ$15,ROW(H109)-ROW(H$15),0),15-13*ORÇAMENTO!$AF$7),SUMPRODUCT(($Q$12:$AA$12<>\"\")*ROUND($Q109:$AA109,15-13*ORÇAMENTO!$AF$7))))","v":12.7},null,null,null,".",{"$f":"IF($D109<>\"Serviço\",\"\",IF(AUTOEVENTO=\"manual\",$A109,IF(ISERROR(MATCH($A109,$A$15:OFFSET($A109,-1,0),0)),MAX($M$15:OFFSET(M109,-1,0))+1,INDEX($M$15:OFFSET(M109,-1,0),MATCH($A109,$A$15:OFFSET($A109,-1,0),0)))))","v":13},{"$f":"IF($D109<>\"Serviço\",\"\",IF(AUTOEVENTO=\"Manual\",IF($A109=0,\"<-- defina o número do agrupador\",OFFSET(EVENTOS!$D$14,$A109,0)),OFFSET($F$15,$A109,0)))","v":"INSTALAÇÕES HIDROSSANITÁRIAS (ESGOTO CLOACAL)"},null,null,{"$f":"2.4+3.11+0.26+0.72+0.58+0.2+1.2+1.5+1.5+1.1+0.13","v":12.7},null,null,null,null,null,null,null,null,null,null,{"$f":"IF(AND($D109=\"Serviço\",AB$12<>0,$H109>0,OR(AUTOEVENTO<>\"manual\",$M109<>1)),\nIF(Import.TipoArredondamento<>\"TransfereGOV\",\nROUND(OFFSET($P109,0,AB$13),15-13*ORÇAMENTO!$AF$7)/$H109*OFFSET(ORÇAMENTO!$X$15,ROW(AB109)-ROW(AB$15),0),\nROUND(ROUND(OFFSET($P109,0,AB$13),15-13*ORÇAMENTO!$AF$7)*OFFSET(ORÇAMENTO!$W$15,ROW(AB109)-ROW(AB$15),0),15-13*ORÇAMENTO!$AF$11)),0)","v":422.53},{"$f":"IF(AND($D109=\"Serviço\",AC$12<>0,$H109>0,OR(AUTOEVENTO<>\"manual\",$M109<>1)),\nIF(Import.TipoArredondamento<>\"TransfereGOV\",\nROUND(OFFSET($P109,0,AC$13),15-13*ORÇAMENTO!$AF$7)/$H109*OFFSET(ORÇAMENTO!$X$15,ROW(AC109)-ROW(AC$15),0),\nROUND(ROUND(OFFSET($P109,0,AC$13),15-13*ORÇAMENTO!$AF$7)*OFFSET(ORÇAMENTO!$W$15,ROW(AC109)-ROW(AC$15),0),15-13*ORÇAMENTO!$AF$11)),0)","v":0},{"$f":"IF(AND($D109=\"Serviço\",AD$12<>0,$H109>0,OR(AUTOEVENTO<>\"manual\",$M109<>1)),\nIF(Import.TipoArredondamento<>\"TransfereGOV\",\nROUND(OFFSET($P109,0,AD$13),15-13*ORÇAMENTO!$AF$7)/$H109*OFFSET(ORÇAMENTO!$X$15,ROW(AD109)-ROW(AD$15),0),\nROUND(ROUND(OFFSET($P109,0,AD$13),15-13*ORÇAMENTO!$AF$7)*OFFSET(ORÇAMENTO!$W$15,ROW(AD109)-ROW(AD$15),0),15-13*ORÇAMENTO!$AF$11)),0)","v":0},{"$f":"IF(AND($D109=\"Serviço\",AE$12<>0,$H109>0,OR(AUTOEVENTO<>\"manual\",$M109<>1)),\nIF(Import.TipoArredondamento<>\"TransfereGOV\",\nROUND(OFFSET($P109,0,AE$13),15-13*ORÇAMENTO!$AF$7)/$H109*OFFSET(ORÇAMENTO!$X$15,ROW(AE109)-ROW(AE$15),0),\nROUND(ROUND(OFFSET($P109,0,AE$13),15-13*ORÇAMENTO!$AF$7)*OFFSET(ORÇAMENTO!$W$15,ROW(AE109)-ROW(AE$15),0),15-13*ORÇAMENTO!$AF$11)),0)","v":0},{"$f":"IF(AND($D109=\"Serviço\",AF$12<>0,$H109>0,OR(AUTOEVENTO<>\"manual\",$M109<>1)),\nIF(Import.TipoArredondamento<>\"TransfereGOV\",\nROUND(OFFSET($P109,0,AF$13),15-13*ORÇAMENTO!$AF$7)/$H109*OFFSET(ORÇAMENTO!$X$15,ROW(AF109)-ROW(AF$15),0),\nROUND(ROUND(OFFSET($P109,0,AF$13),15-13*ORÇAMENTO!$AF$7)*OFFSET(ORÇAMENTO!$W$15,ROW(AF109)-ROW(AF$15),0),15-13*ORÇAMENTO!$AF$11)),0)","v":0},{"$f":"IF(AND($D109=\"Serviço\",AG$12<>0,$H109>0,OR(AUTOEVENTO<>\"manual\",$M109<>1)),\nIF(Import.TipoArredondamento<>\"TransfereGOV\",\nROUND(OFFSET($P109,0,AG$13),15-13*ORÇAMENTO!$AF$7)/$H109*OFFSET(ORÇAMENTO!$X$15,ROW(AG109)-ROW(AG$15),0),\nROUND(ROUND(OFFSET($P109,0,AG$13),15-13*ORÇAMENTO!$AF$7)*OFFSET(ORÇAMENTO!$W$15,ROW(AG109)-ROW(AG$15),0),15-13*ORÇAMENTO!$AF$11)),0)","v":0},{"$f":"IF(AND($D109=\"Serviço\",AH$12<>0,$H109>0,OR(AUTOEVENTO<>\"manual\",$M109<>1)),\nIF(Import.TipoArredondamento<>\"TransfereGOV\",\nROUND(OFFSET($P109,0,AH$13),15-13*ORÇAMENTO!$AF$7)/$H109*OFFSET(ORÇAMENTO!$X$15,ROW(AH109)-ROW(AH$15),0),\nROUND(ROUND(OFFSET($P109,0,AH$13),15-13*ORÇAMENTO!$AF$7)*OFFSET(ORÇAMENTO!$W$15,ROW(AH109)-ROW(AH$15),0),15-13*ORÇAMENTO!$AF$11)),0)","v":0},{"$f":"IF(AND($D109=\"Serviço\",AI$12<>0,$H109>0,OR(AUTOEVENTO<>\"manual\",$M109<>1)),\nIF(Import.TipoArredondamento<>\"TransfereGOV\",\nROUND(OFFSET($P109,0,AI$13),15-13*ORÇAMENTO!$AF$7)/$H109*OFFSET(ORÇAMENTO!$X$15,ROW(AI109)-ROW(AI$15),0),\nROUND(ROUND(OFFSET($P109,0,AI$13),15-13*ORÇAMENTO!$AF$7)*OFFSET(ORÇAMENTO!$W$15,ROW(AI109)-ROW(AI$15),0),15-13*ORÇAMENTO!$AF$11)),0)","v":0},{"$f":"IF(AND($D109=\"Serviço\",AJ$12<>0,$H109>0,OR(AUTOEVENTO<>\"manual\",$M109<>1)),\nIF(Import.TipoArredondamento<>\"TransfereGOV\",\nROUND(OFFSET($P109,0,AJ$13),15-13*ORÇAMENTO!$AF$7)/$H109*OFFSET(ORÇAMENTO!$X$15,ROW(AJ109)-ROW(AJ$15),0),\nROUND(ROUND(OFFSET($P109,0,AJ$13),15-13*ORÇAMENTO!$AF$7)*OFFSET(ORÇAMENTO!$W$15,ROW(AJ109)-ROW(AJ$15),0),15-13*ORÇAMENTO!$AF$11)),0)","v":0},{"$f":"IF(AND($D109=\"Serviço\",AK$12<>0,$H109>0,OR(AUTOEVENTO<>\"manual\",$M109<>1)),\nIF(Import.TipoArredondamento<>\"TransfereGOV\",\nROUND(OFFSET($P109,0,AK$13),15-13*ORÇAMENTO!$AF$7)/$H109*OFFSET(ORÇAMENTO!$X$15,ROW(AK109)-ROW(AK$15),0),\nROUND(ROUND(OFFSET($P109,0,AK$13),15-13*ORÇAMENTO!$AF$7)*OFFSET(ORÇAMENTO!$W$15,ROW(AK109)-ROW(AK$15),0),15-13*ORÇAMENTO!$AF$11)),0)","v":0},null,{"$f":"IF($D109<>\"Serviço\",0,IF(AND(AUTOEVENTO=\"Manual\",$M109=1),0,IF(OFFSET(CRONOPLE!$F$14,$M109,AM$13)=\"\",10^12,OFFSET(CRONOPLE!$F$14,$M109,AM$13))))","v":1000000000000},{"$f":"IF($D109<>\"Serviço\",0,IF(AND(AUTOEVENTO=\"Manual\",$M109=1),0,IF(OFFSET(CRONOPLE!$F$14,$M109,AN$13)=\"\",10^12,OFFSET(CRONOPLE!$F$14,$M109,AN$13))))","v":1000000000000},{"$f":"IF($D109<>\"Serviço\",0,IF(AND(AUTOEVENTO=\"Manual\",$M109=1),0,IF(OFFSET(CRONOPLE!$F$14,$M109,AO$13)=\"\",10^12,OFFSET(CRONOPLE!$F$14,$M109,AO$13))))","v":1000000000000},{"$f":"IF($D109<>\"Serviço\",0,IF(AND(AUTOEVENTO=\"Manual\",$M109=1),0,IF(OFFSET(CRONOPLE!$F$14,$M109,AP$13)=\"\",10^12,OFFSET(CRONOPLE!$F$14,$M109,AP$13))))","v":1000000000000},{"$f":"IF($D109<>\"Serviço\",0,IF(AND(AUTOEVENTO=\"Manual\",$M109=1),0,IF(OFFSET(CRONOPLE!$F$14,$M109,AQ$13)=\"\",10^12,OFFSET(CRONOPLE!$F$14,$M109,AQ$13))))","v":1000000000000},{"$f":"IF($D109<>\"Serviço\",0,IF(AND(AUTOEVENTO=\"Manual\",$M109=1),0,IF(OFFSET(CRONOPLE!$F$14,$M109,AR$13)=\"\",10^12,OFFSET(CRONOPLE!$F$14,$M109,AR$13))))","v":1000000000000},{"$f":"IF($D109<>\"Serviço\",0,IF(AND(AUTOEVENTO=\"Manual\",$M109=1),0,IF(OFFSET(CRONOPLE!$F$14,$M109,AS$13)=\"\",10^12,OFFSET(CRONOPLE!$F$14,$M109,AS$13))))","v":1000000000000},{"$f":"IF($D109<>\"Serviço\",0,IF(AND(AUTOEVENTO=\"Manual\",$M109=1),0,IF(OFFSET(CRONOPLE!$F$14,$M109,AT$13)=\"\",10^12,OFFSET(CRONOPLE!$F$14,$M109,AT$13))))","v":1000000000000},{"$f":"IF($D109<>\"Serviço\",0,IF(AND(AUTOEVENTO=\"Manual\",$M109=1),0,IF(OFFSET(CRONOPLE!$F$14,$M109,AU$13)=\"\",10^12,OFFSET(CRONOPLE!$F$14,$M109,AU$13))))","v":1000000000000},{"$f":"IF($D109<>\"Serviço\",0,IF(AND(AUTOEVENTO=\"Manual\",$M109=1),0,IF(OFFSET(CRONOPLE!$F$14,$M109,AV$13)=\"\",10^12,OFFSET(CRONOPLE!$F$14,$M109,AV$13))))","v":1000000000000},null,{"$f":"IF($D109<>\"Serviço\",0,IF(OR(AND(AUTOEVENTO=\"Manual\",$M109=1),$M109>(ROW(PLE.lastrow)-ROW(PLE.firstrow))),0,IF(OFFSET(PLE!$G$14,$M109,AX$13)=\"\",10^12,OFFSET(PLE!$G$14,$M109,AX$13))))","v":1000000000000},{"$f":"IF($D109<>\"Serviço\",0,IF(OR(AND(AUTOEVENTO=\"Manual\",$M109=1),$M109>(ROW(PLE.lastrow)-ROW(PLE.firstrow))),0,IF(OFFSET(PLE!$G$14,$M109,AY$13)=\"\",10^12,OFFSET(PLE!$G$14,$M109,AY$13))))","v":1000000000000},{"$f":"IF($D109<>\"Serviço\",0,IF(OR(AND(AUTOEVENTO=\"Manual\",$M109=1),$M109>(ROW(PLE.lastrow)-ROW(PLE.firstrow))),0,IF(OFFSET(PLE!$G$14,$M109,AZ$13)=\"\",10^12,OFFSET(PLE!$G$14,$M109,AZ$13))))","v":1000000000000},{"$f":"IF($D109<>\"Serviço\",0,IF(OR(AND(AUTOEVENTO=\"Manual\",$M109=1),$M109>(ROW(PLE.lastrow)-ROW(PLE.firstrow))),0,IF(OFFSET(PLE!$G$14,$M109,BA$13)=\"\",10^12,OFFSET(PLE!$G$14,$M109,BA$13))))","v":1000000000000},{"$f":"IF($D109<>\"Serviço\",0,IF(OR(AND(AUTOEVENTO=\"Manual\",$M109=1),$M109>(ROW(PLE.lastrow)-ROW(PLE.firstrow))),0,IF(OFFSET(PLE!$G$14,$M109,BB$13)=\"\",10^12,OFFSET(PLE!$G$14,$M109,BB$13))))","v":1000000000000},{"$f":"IF($D109<>\"Serviço\",0,IF(OR(AND(AUTOEVENTO=\"Manual\",$M109=1),$M109>(ROW(PLE.lastrow)-ROW(PLE.firstrow))),0,IF(OFFSET(PLE!$G$14,$M109,BC$13)=\"\",10^12,OFFSET(PLE!$G$14,$M109,BC$13))))","v":1000000000000},{"$f":"IF($D109<>\"Serviço\",0,IF(OR(AND(AUTOEVENTO=\"Manual\",$M109=1),$M109>(ROW(PLE.lastrow)-ROW(PLE.firstrow))),0,IF(OFFSET(PLE!$G$14,$M109,BD$13)=\"\",10^12,OFFSET(PLE!$G$14,$M109,BD$13))))","v":1000000000000},{"$f":"IF($D109<>\"Serviço\",0,IF(OR(AND(AUTOEVENTO=\"Manual\",$M109=1),$M109>(ROW(PLE.lastrow)-ROW(PLE.firstrow))),0,IF(OFFSET(PLE!$G$14,$M109,BE$13)=\"\",10^12,OFFSET(PLE!$G$14,$M109,BE$13))))","v":1000000000000},{"$f":"IF($D109<>\"Serviço\",0,IF(OR(AND(AUTOEVENTO=\"Manual\",$M109=1),$M109>(ROW(PLE.lastrow)-ROW(PLE.firstrow))),0,IF(OFFSET(PLE!$G$14,$M109,BF$13)=\"\",10^12,OFFSET(PLE!$G$14,$M109,BF$13))))","v":1000000000000},{"$f":"IF($D109<>\"Serviço\",0,IF(OR(AND(AUTOEVENTO=\"Manual\",$M109=1),$M109>(ROW(PLE.lastrow)-ROW(PLE.firstrow))),0,IF(OFFSET(PLE!$G$14,$M109,BG$13)=\"\",10^12,OFFSET(PLE!$G$14,$M109,BG$13))))","v":1000000000000}]
["86",{"$f":"OFFSET(ORÇAMENTO!C$15,ROW(B110)-ROW(B$15),0)","v":"S"},{"$f":"OFFSET(ORÇAMENTO!L$15,ROW(C110)-ROW(C$15),0)","v":"F"},{"$f":"OFFSET(ORÇAMENTO!N$15,ROW(D110)-ROW(D$15),0)","v":"Serviço"},{"$f":"OFFSET(ORÇAMENTO!O$15,ROW(E110)-ROW(E$15),0)","v":"1.12.0.9."},{"$f":"OFFSET(ORÇAMENTO!R$15,ROW(F110)-ROW(F$15),0)","v":"JOELHO 90 GRAUS, PVC, SERIE NORMAL, ESGOTO PREDIAL, DN 50 MM, JUNTA ELÁSTICA, FORNECIDO E INSTALADO EM PRUMADA DE ESGOTO SANITÁRIO OU VENTILAÇÃO. AF_08/2022"},{"$f":"IF($D110<>\"Serviço\",\"\",OFFSET(ORÇAMENTO!S$15,ROW(G110)-ROW(G$15),0))","v":"UN"},{"$f":"IF($D110<>\"Serviço\",0,IF(ACOMPANHAMENTO=\"BM\",ROUND(OFFSET(ORÇAMENTO!AJ$15,ROW(H110)-ROW(H$15),0),15-13*ORÇAMENTO!$AF$7),SUMPRODUCT(($Q$12:$AA$12<>\"\")*ROUND($Q110:$AA110,15-13*ORÇAMENTO!$AF$7))))","v":2},null,null,null,".",{"$f":"IF($D110<>\"Serviço\",\"\",IF(AUTOEVENTO=\"manual\",$A110,IF(ISERROR(MATCH($A110,$A$15:OFFSET($A110,-1,0),0)),MAX($M$15:OFFSET(M110,-1,0))+1,INDEX($M$15:OFFSET(M110,-1,0),MATCH($A110,$A$15:OFFSET($A110,-1,0),0)))))","v":13},{"$f":"IF($D110<>\"Serviço\",\"\",IF(AUTOEVENTO=\"Manual\",IF($A110=0,\"<-- defina o número do agrupador\",OFFSET(EVENTOS!$D$14,$A110,0)),OFFSET($F$15,$A110,0)))","v":"INSTALAÇÕES HIDROSSANITÁRIAS (ESGOTO CLOACAL)"},null,null,2,null,null,null,null,null,null,null,null,null,null,{"$f":"IF(AND($D110=\"Serviço\",AB$12<>0,$H110>0,OR(AUTOEVENTO<>\"manual\",$M110<>1)),\nIF(Import.TipoArredondamento<>\"TransfereGOV\",\nROUND(OFFSET($P110,0,AB$13),15-13*ORÇAMENTO!$AF$7)/$H110*OFFSET(ORÇAMENTO!$X$15,ROW(AB110)-ROW(AB$15),0),\nROUND(ROUND(OFFSET($P110,0,AB$13),15-13*ORÇAMENTO!$AF$7)*OFFSET(ORÇAMENTO!$W$15,ROW(AB110)-ROW(AB$15),0),15-13*ORÇAMENTO!$AF$11)),0)","v":24.26},{"$f":"IF(AND($D110=\"Serviço\",AC$12<>0,$H110>0,OR(AUTOEVENTO<>\"manual\",$M110<>1)),\nIF(Import.TipoArredondamento<>\"TransfereGOV\",\nROUND(OFFSET($P110,0,AC$13),15-13*ORÇAMENTO!$AF$7)/$H110*OFFSET(ORÇAMENTO!$X$15,ROW(AC110)-ROW(AC$15),0),\nROUND(ROUND(OFFSET($P110,0,AC$13),15-13*ORÇAMENTO!$AF$7)*OFFSET(ORÇAMENTO!$W$15,ROW(AC110)-ROW(AC$15),0),15-13*ORÇAMENTO!$AF$11)),0)","v":0},{"$f":"IF(AND($D110=\"Serviço\",AD$12<>0,$H110>0,OR(AUTOEVENTO<>\"manual\",$M110<>1)),\nIF(Import.TipoArredondamento<>\"TransfereGOV\",\nROUND(OFFSET($P110,0,AD$13),15-13*ORÇAMENTO!$AF$7)/$H110*OFFSET(ORÇAMENTO!$X$15,ROW(AD110)-ROW(AD$15),0),\nROUND(ROUND(OFFSET($P110,0,AD$13),15-13*ORÇAMENTO!$AF$7)*OFFSET(ORÇAMENTO!$W$15,ROW(AD110)-ROW(AD$15),0),15-13*ORÇAMENTO!$AF$11)),0)","v":0},{"$f":"IF(AND($D110=\"Serviço\",AE$12<>0,$H110>0,OR(AUTOEVENTO<>\"manual\",$M110<>1)),\nIF(Import.TipoArredondamento<>\"TransfereGOV\",\nROUND(OFFSET($P110,0,AE$13),15-13*ORÇAMENTO!$AF$7)/$H110*OFFSET(ORÇAMENTO!$X$15,ROW(AE110)-ROW(AE$15),0),\nROUND(ROUND(OFFSET($P110,0,AE$13),15-13*ORÇAMENTO!$AF$7)*OFFSET(ORÇAMENTO!$W$15,ROW(AE110)-ROW(AE$15),0),15-13*ORÇAMENTO!$AF$11)),0)","v":0},{"$f":"IF(AND($D110=\"Serviço\",AF$12<>0,$H110>0,OR(AUTOEVENTO<>\"manual\",$M110<>1)),\nIF(Import.TipoArredondamento<>\"TransfereGOV\",\nROUND(OFFSET($P110,0,AF$13),15-13*ORÇAMENTO!$AF$7)/$H110*OFFSET(ORÇAMENTO!$X$15,ROW(AF110)-ROW(AF$15),0),\nROUND(ROUND(OFFSET($P110,0,AF$13),15-13*ORÇAMENTO!$AF$7)*OFFSET(ORÇAMENTO!$W$15,ROW(AF110)-ROW(AF$15),0),15-13*ORÇAMENTO!$AF$11)),0)","v":0},{"$f":"IF(AND($D110=\"Serviço\",AG$12<>0,$H110>0,OR(AUTOEVENTO<>\"manual\",$M110<>1)),\nIF(Import.TipoArredondamento<>\"TransfereGOV\",\nROUND(OFFSET($P110,0,AG$13),15-13*ORÇAMENTO!$AF$7)/$H110*OFFSET(ORÇAMENTO!$X$15,ROW(AG110)-ROW(AG$15),0),\nROUND(ROUND(OFFSET($P110,0,AG$13),15-13*ORÇAMENTO!$AF$7)*OFFSET(ORÇAMENTO!$W$15,ROW(AG110)-ROW(AG$15),0),15-13*ORÇAMENTO!$AF$11)),0)","v":0},{"$f":"IF(AND($D110=\"Serviço\",AH$12<>0,$H110>0,OR(AUTOEVENTO<>\"manual\",$M110<>1)),\nIF(Import.TipoArredondamento<>\"TransfereGOV\",\nROUND(OFFSET($P110,0,AH$13),15-13*ORÇAMENTO!$AF$7)/$H110*OFFSET(ORÇAMENTO!$X$15,ROW(AH110)-ROW(AH$15),0),\nROUND(ROUND(OFFSET($P110,0,AH$13),15-13*ORÇAMENTO!$AF$7)*OFFSET(ORÇAMENTO!$W$15,ROW(AH110)-ROW(AH$15),0),15-13*ORÇAMENTO!$AF$11)),0)","v":0},{"$f":"IF(AND($D110=\"Serviço\",AI$12<>0,$H110>0,OR(AUTOEVENTO<>\"manual\",$M110<>1)),\nIF(Import.TipoArredondamento<>\"TransfereGOV\",\nROUND(OFFSET($P110,0,AI$13),15-13*ORÇAMENTO!$AF$7)/$H110*OFFSET(ORÇAMENTO!$X$15,ROW(AI110)-ROW(AI$15),0),\nROUND(ROUND(OFFSET($P110,0,AI$13),15-13*ORÇAMENTO!$AF$7)*OFFSET(ORÇAMENTO!$W$15,ROW(AI110)-ROW(AI$15),0),15-13*ORÇAMENTO!$AF$11)),0)","v":0},{"$f":"IF(AND($D110=\"Serviço\",AJ$12<>0,$H110>0,OR(AUTOEVENTO<>\"manual\",$M110<>1)),\nIF(Import.TipoArredondamento<>\"TransfereGOV\",\nROUND(OFFSET($P110,0,AJ$13),15-13*ORÇAMENTO!$AF$7)/$H110*OFFSET(ORÇAMENTO!$X$15,ROW(AJ110)-ROW(AJ$15),0),\nROUND(ROUND(OFFSET($P110,0,AJ$13),15-13*ORÇAMENTO!$AF$7)*OFFSET(ORÇAMENTO!$W$15,ROW(AJ110)-ROW(AJ$15),0),15-13*ORÇAMENTO!$AF$11)),0)","v":0},{"$f":"IF(AND($D110=\"Serviço\",AK$12<>0,$H110>0,OR(AUTOEVENTO<>\"manual\",$M110<>1)),\nIF(Import.TipoArredondamento<>\"TransfereGOV\",\nROUND(OFFSET($P110,0,AK$13),15-13*ORÇAMENTO!$AF$7)/$H110*OFFSET(ORÇAMENTO!$X$15,ROW(AK110)-ROW(AK$15),0),\nROUND(ROUND(OFFSET($P110,0,AK$13),15-13*ORÇAMENTO!$AF$7)*OFFSET(ORÇAMENTO!$W$15,ROW(AK110)-ROW(AK$15),0),15-13*ORÇAMENTO!$AF$11)),0)","v":0},null,{"$f":"IF($D110<>\"Serviço\",0,IF(AND(AUTOEVENTO=\"Manual\",$M110=1),0,IF(OFFSET(CRONOPLE!$F$14,$M110,AM$13)=\"\",10^12,OFFSET(CRONOPLE!$F$14,$M110,AM$13))))","v":1000000000000},{"$f":"IF($D110<>\"Serviço\",0,IF(AND(AUTOEVENTO=\"Manual\",$M110=1),0,IF(OFFSET(CRONOPLE!$F$14,$M110,AN$13)=\"\",10^12,OFFSET(CRONOPLE!$F$14,$M110,AN$13))))","v":1000000000000},{"$f":"IF($D110<>\"Serviço\",0,IF(AND(AUTOEVENTO=\"Manual\",$M110=1),0,IF(OFFSET(CRONOPLE!$F$14,$M110,AO$13)=\"\",10^12,OFFSET(CRONOPLE!$F$14,$M110,AO$13))))","v":1000000000000},{"$f":"IF($D110<>\"Serviço\",0,IF(AND(AUTOEVENTO=\"Manual\",$M110=1),0,IF(OFFSET(CRONOPLE!$F$14,$M110,AP$13)=\"\",10^12,OFFSET(CRONOPLE!$F$14,$M110,AP$13))))","v":1000000000000},{"$f":"IF($D110<>\"Serviço\",0,IF(AND(AUTOEVENTO=\"Manual\",$M110=1),0,IF(OFFSET(CRONOPLE!$F$14,$M110,AQ$13)=\"\",10^12,OFFSET(CRONOPLE!$F$14,$M110,AQ$13))))","v":1000000000000},{"$f":"IF($D110<>\"Serviço\",0,IF(AND(AUTOEVENTO=\"Manual\",$M110=1),0,IF(OFFSET(CRONOPLE!$F$14,$M110,AR$13)=\"\",10^12,OFFSET(CRONOPLE!$F$14,$M110,AR$13))))","v":1000000000000},{"$f":"IF($D110<>\"Serviço\",0,IF(AND(AUTOEVENTO=\"Manual\",$M110=1),0,IF(OFFSET(CRONOPLE!$F$14,$M110,AS$13)=\"\",10^12,OFFSET(CRONOPLE!$F$14,$M110,AS$13))))","v":1000000000000},{"$f":"IF($D110<>\"Serviço\",0,IF(AND(AUTOEVENTO=\"Manual\",$M110=1),0,IF(OFFSET(CRONOPLE!$F$14,$M110,AT$13)=\"\",10^12,OFFSET(CRONOPLE!$F$14,$M110,AT$13))))","v":1000000000000},{"$f":"IF($D110<>\"Serviço\",0,IF(AND(AUTOEVENTO=\"Manual\",$M110=1),0,IF(OFFSET(CRONOPLE!$F$14,$M110,AU$13)=\"\",10^12,OFFSET(CRONOPLE!$F$14,$M110,AU$13))))","v":1000000000000},{"$f":"IF($D110<>\"Serviço\",0,IF(AND(AUTOEVENTO=\"Manual\",$M110=1),0,IF(OFFSET(CRONOPLE!$F$14,$M110,AV$13)=\"\",10^12,OFFSET(CRONOPLE!$F$14,$M110,AV$13))))","v":1000000000000},null,{"$f":"IF($D110<>\"Serviço\",0,IF(OR(AND(AUTOEVENTO=\"Manual\",$M110=1),$M110>(ROW(PLE.lastrow)-ROW(PLE.firstrow))),0,IF(OFFSET(PLE!$G$14,$M110,AX$13)=\"\",10^12,OFFSET(PLE!$G$14,$M110,AX$13))))","v":1000000000000},{"$f":"IF($D110<>\"Serviço\",0,IF(OR(AND(AUTOEVENTO=\"Manual\",$M110=1),$M110>(ROW(PLE.lastrow)-ROW(PLE.firstrow))),0,IF(OFFSET(PLE!$G$14,$M110,AY$13)=\"\",10^12,OFFSET(PLE!$G$14,$M110,AY$13))))","v":1000000000000},{"$f":"IF($D110<>\"Serviço\",0,IF(OR(AND(AUTOEVENTO=\"Manual\",$M110=1),$M110>(ROW(PLE.lastrow)-ROW(PLE.firstrow))),0,IF(OFFSET(PLE!$G$14,$M110,AZ$13)=\"\",10^12,OFFSET(PLE!$G$14,$M110,AZ$13))))","v":1000000000000},{"$f":"IF($D110<>\"Serviço\",0,IF(OR(AND(AUTOEVENTO=\"Manual\",$M110=1),$M110>(ROW(PLE.lastrow)-ROW(PLE.firstrow))),0,IF(OFFSET(PLE!$G$14,$M110,BA$13)=\"\",10^12,OFFSET(PLE!$G$14,$M110,BA$13))))","v":1000000000000},{"$f":"IF($D110<>\"Serviço\",0,IF(OR(AND(AUTOEVENTO=\"Manual\",$M110=1),$M110>(ROW(PLE.lastrow)-ROW(PLE.firstrow))),0,IF(OFFSET(PLE!$G$14,$M110,BB$13)=\"\",10^12,OFFSET(PLE!$G$14,$M110,BB$13))))","v":1000000000000},{"$f":"IF($D110<>\"Serviço\",0,IF(OR(AND(AUTOEVENTO=\"Manual\",$M110=1),$M110>(ROW(PLE.lastrow)-ROW(PLE.firstrow))),0,IF(OFFSET(PLE!$G$14,$M110,BC$13)=\"\",10^12,OFFSET(PLE!$G$14,$M110,BC$13))))","v":1000000000000},{"$f":"IF($D110<>\"Serviço\",0,IF(OR(AND(AUTOEVENTO=\"Manual\",$M110=1),$M110>(ROW(PLE.lastrow)-ROW(PLE.firstrow))),0,IF(OFFSET(PLE!$G$14,$M110,BD$13)=\"\",10^12,OFFSET(PLE!$G$14,$M110,BD$13))))","v":1000000000000},{"$f":"IF($D110<>\"Serviço\",0,IF(OR(AND(AUTOEVENTO=\"Manual\",$M110=1),$M110>(ROW(PLE.lastrow)-ROW(PLE.firstrow))),0,IF(OFFSET(PLE!$G$14,$M110,BE$13)=\"\",10^12,OFFSET(PLE!$G$14,$M110,BE$13))))","v":1000000000000},{"$f":"IF($D110<>\"Serviço\",0,IF(OR(AND(AUTOEVENTO=\"Manual\",$M110=1),$M110>(ROW(PLE.lastrow)-ROW(PLE.firstrow))),0,IF(OFFSET(PLE!$G$14,$M110,BF$13)=\"\",10^12,OFFSET(PLE!$G$14,$M110,BF$13))))","v":1000000000000},{"$f":"IF($D110<>\"Serviço\",0,IF(OR(AND(AUTOEVENTO=\"Manual\",$M110=1),$M110>(ROW(PLE.lastrow)-ROW(PLE.firstrow))),0,IF(OFFSET(PLE!$G$14,$M110,BG$13)=\"\",10^12,OFFSET(PLE!$G$14,$M110,BG$13))))","v":1000000000000}]
["86",{"$f":"OFFSET(ORÇAMENTO!C$15,ROW(B111)-ROW(B$15),0)","v":"S"},{"$f":"OFFSET(ORÇAMENTO!L$15,ROW(C111)-ROW(C$15),0)","v":"F"},{"$f":"OFFSET(ORÇAMENTO!N$15,ROW(D111)-ROW(D$15),0)","v":"Serviço"},{"$f":"OFFSET(ORÇAMENTO!O$15,ROW(E111)-ROW(E$15),0)","v":"1.12.0.10."},{"$f":"OFFSET(ORÇAMENTO!R$15,ROW(F111)-ROW(F$15),0)","v":"JOELHO 45 GRAUS, PVC, SERIE NORMAL, ESGOTO PREDIAL, DN 50 MM, JUNTA ELÁSTICA, FORNECIDO E INSTALADO EM PRUMADA DE ESGOTO SANITÁRIO OU VENTILAÇÃO. AF_08/2022"},{"$f":"IF($D111<>\"Serviço\",\"\",OFFSET(ORÇAMENTO!S$15,ROW(G111)-ROW(G$15),0))","v":"UN"},{"$f":"IF($D111<>\"Serviço\",0,IF(ACOMPANHAMENTO=\"BM\",ROUND(OFFSET(ORÇAMENTO!AJ$15,ROW(H111)-ROW(H$15),0),15-13*ORÇAMENTO!$AF$7),SUMPRODUCT(($Q$12:$AA$12<>\"\")*ROUND($Q111:$AA111,15-13*ORÇAMENTO!$AF$7))))","v":2},null,null,null,".",{"$f":"IF($D111<>\"Serviço\",\"\",IF(AUTOEVENTO=\"manual\",$A111,IF(ISERROR(MATCH($A111,$A$15:OFFSET($A111,-1,0),0)),MAX($M$15:OFFSET(M111,-1,0))+1,INDEX($M$15:OFFSET(M111,-1,0),MATCH($A111,$A$15:OFFSET($A111,-1,0),0)))))","v":13},{"$f":"IF($D111<>\"Serviço\",\"\",IF(AUTOEVENTO=\"Manual\",IF($A111=0,\"<-- defina o número do agrupador\",OFFSET(EVENTOS!$D$14,$A111,0)),OFFSET($F$15,$A111,0)))","v":"INSTALAÇÕES HIDROSSANITÁRIAS (ESGOTO CLOACAL)"},null,null,2,null,null,null,null,null,null,null,null,null,null,{"$f":"IF(AND($D111=\"Serviço\",AB$12<>0,$H111>0,OR(AUTOEVENTO<>\"manual\",$M111<>1)),\nIF(Import.TipoArredondamento<>\"TransfereGOV\",\nROUND(OFFSET($P111,0,AB$13),15-13*ORÇAMENTO!$AF$7)/$H111*OFFSET(ORÇAMENTO!$X$15,ROW(AB111)-ROW(AB$15),0),\nROUND(ROUND(OFFSET($P111,0,AB$13),15-13*ORÇAMENTO!$AF$7)*OFFSET(ORÇAMENTO!$W$15,ROW(AB111)-ROW(AB$15),0),15-13*ORÇAMENTO!$AF$11)),0)","v":26.12},{"$f":"IF(AND($D111=\"Serviço\",AC$12<>0,$H111>0,OR(AUTOEVENTO<>\"manual\",$M111<>1)),\nIF(Import.TipoArredondamento<>\"TransfereGOV\",\nROUND(OFFSET($P111,0,AC$13),15-13*ORÇAMENTO!$AF$7)/$H111*OFFSET(ORÇAMENTO!$X$15,ROW(AC111)-ROW(AC$15),0),\nROUND(ROUND(OFFSET($P111,0,AC$13),15-13*ORÇAMENTO!$AF$7)*OFFSET(ORÇAMENTO!$W$15,ROW(AC111)-ROW(AC$15),0),15-13*ORÇAMENTO!$AF$11)),0)","v":0},{"$f":"IF(AND($D111=\"Serviço\",AD$12<>0,$H111>0,OR(AUTOEVENTO<>\"manual\",$M111<>1)),\nIF(Import.TipoArredondamento<>\"TransfereGOV\",\nROUND(OFFSET($P111,0,AD$13),15-13*ORÇAMENTO!$AF$7)/$H111*OFFSET(ORÇAMENTO!$X$15,ROW(AD111)-ROW(AD$15),0),\nROUND(ROUND(OFFSET($P111,0,AD$13),15-13*ORÇAMENTO!$AF$7)*OFFSET(ORÇAMENTO!$W$15,ROW(AD111)-ROW(AD$15),0),15-13*ORÇAMENTO!$AF$11)),0)","v":0},{"$f":"IF(AND($D111=\"Serviço\",AE$12<>0,$H111>0,OR(AUTOEVENTO<>\"manual\",$M111<>1)),\nIF(Import.TipoArredondamento<>\"TransfereGOV\",\nROUND(OFFSET($P111,0,AE$13),15-13*ORÇAMENTO!$AF$7)/$H111*OFFSET(ORÇAMENTO!$X$15,ROW(AE111)-ROW(AE$15),0),\nROUND(ROUND(OFFSET($P111,0,AE$13),15-13*ORÇAMENTO!$AF$7)*OFFSET(ORÇAMENTO!$W$15,ROW(AE111)-ROW(AE$15),0),15-13*ORÇAMENTO!$AF$11)),0)","v":0},{"$f":"IF(AND($D111=\"Serviço\",AF$12<>0,$H111>0,OR(AUTOEVENTO<>\"manual\",$M111<>1)),\nIF(Import.TipoArredondamento<>\"TransfereGOV\",\nROUND(OFFSET($P111,0,AF$13),15-13*ORÇAMENTO!$AF$7)/$H111*OFFSET(ORÇAMENTO!$X$15,ROW(AF111)-ROW(AF$15),0),\nROUND(ROUND(OFFSET($P111,0,AF$13),15-13*ORÇAMENTO!$AF$7)*OFFSET(ORÇAMENTO!$W$15,ROW(AF111)-ROW(AF$15),0),15-13*ORÇAMENTO!$AF$11)),0)","v":0},{"$f":"IF(AND($D111=\"Serviço\",AG$12<>0,$H111>0,OR(AUTOEVENTO<>\"manual\",$M111<>1)),\nIF(Import.TipoArredondamento<>\"TransfereGOV\",\nROUND(OFFSET($P111,0,AG$13),15-13*ORÇAMENTO!$AF$7)/$H111*OFFSET(ORÇAMENTO!$X$15,ROW(AG111)-ROW(AG$15),0),\nROUND(ROUND(OFFSET($P111,0,AG$13),15-13*ORÇAMENTO!$AF$7)*OFFSET(ORÇAMENTO!$W$15,ROW(AG111)-ROW(AG$15),0),15-13*ORÇAMENTO!$AF$11)),0)","v":0},{"$f":"IF(AND($D111=\"Serviço\",AH$12<>0,$H111>0,OR(AUTOEVENTO<>\"manual\",$M111<>1)),\nIF(Import.TipoArredondamento<>\"TransfereGOV\",\nROUND(OFFSET($P111,0,AH$13),15-13*ORÇAMENTO!$AF$7)/$H111*OFFSET(ORÇAMENTO!$X$15,ROW(AH111)-ROW(AH$15),0),\nROUND(ROUND(OFFSET($P111,0,AH$13),15-13*ORÇAMENTO!$AF$7)*OFFSET(ORÇAMENTO!$W$15,ROW(AH111)-ROW(AH$15),0),15-13*ORÇAMENTO!$AF$11)),0)","v":0},{"$f":"IF(AND($D111=\"Serviço\",AI$12<>0,$H111>0,OR(AUTOEVENTO<>\"manual\",$M111<>1)),\nIF(Import.TipoArredondamento<>\"TransfereGOV\",\nROUND(OFFSET($P111,0,AI$13),15-13*ORÇAMENTO!$AF$7)/$H111*OFFSET(ORÇAMENTO!$X$15,ROW(AI111)-ROW(AI$15),0),\nROUND(ROUND(OFFSET($P111,0,AI$13),15-13*ORÇAMENTO!$AF$7)*OFFSET(ORÇAMENTO!$W$15,ROW(AI111)-ROW(AI$15),0),15-13*ORÇAMENTO!$AF$11)),0)","v":0},{"$f":"IF(AND($D111=\"Serviço\",AJ$12<>0,$H111>0,OR(AUTOEVENTO<>\"manual\",$M111<>1)),\nIF(Import.TipoArredondamento<>\"TransfereGOV\",\nROUND(OFFSET($P111,0,AJ$13),15-13*ORÇAMENTO!$AF$7)/$H111*OFFSET(ORÇAMENTO!$X$15,ROW(AJ111)-ROW(AJ$15),0),\nROUND(ROUND(OFFSET($P111,0,AJ$13),15-13*ORÇAMENTO!$AF$7)*OFFSET(ORÇAMENTO!$W$15,ROW(AJ111)-ROW(AJ$15),0),15-13*ORÇAMENTO!$AF$11)),0)","v":0},{"$f":"IF(AND($D111=\"Serviço\",AK$12<>0,$H111>0,OR(AUTOEVENTO<>\"manual\",$M111<>1)),\nIF(Import.TipoArredondamento<>\"TransfereGOV\",\nROUND(OFFSET($P111,0,AK$13),15-13*ORÇAMENTO!$AF$7)/$H111*OFFSET(ORÇAMENTO!$X$15,ROW(AK111)-ROW(AK$15),0),\nROUND(ROUND(OFFSET($P111,0,AK$13),15-13*ORÇAMENTO!$AF$7)*OFFSET(ORÇAMENTO!$W$15,ROW(AK111)-ROW(AK$15),0),15-13*ORÇAMENTO!$AF$11)),0)","v":0},null,{"$f":"IF($D111<>\"Serviço\",0,IF(AND(AUTOEVENTO=\"Manual\",$M111=1),0,IF(OFFSET(CRONOPLE!$F$14,$M111,AM$13)=\"\",10^12,OFFSET(CRONOPLE!$F$14,$M111,AM$13))))","v":1000000000000},{"$f":"IF($D111<>\"Serviço\",0,IF(AND(AUTOEVENTO=\"Manual\",$M111=1),0,IF(OFFSET(CRONOPLE!$F$14,$M111,AN$13)=\"\",10^12,OFFSET(CRONOPLE!$F$14,$M111,AN$13))))","v":1000000000000},{"$f":"IF($D111<>\"Serviço\",0,IF(AND(AUTOEVENTO=\"Manual\",$M111=1),0,IF(OFFSET(CRONOPLE!$F$14,$M111,AO$13)=\"\",10^12,OFFSET(CRONOPLE!$F$14,$M111,AO$13))))","v":1000000000000},{"$f":"IF($D111<>\"Serviço\",0,IF(AND(AUTOEVENTO=\"Manual\",$M111=1),0,IF(OFFSET(CRONOPLE!$F$14,$M111,AP$13)=\"\",10^12,OFFSET(CRONOPLE!$F$14,$M111,AP$13))))","v":1000000000000},{"$f":"IF($D111<>\"Serviço\",0,IF(AND(AUTOEVENTO=\"Manual\",$M111=1),0,IF(OFFSET(CRONOPLE!$F$14,$M111,AQ$13)=\"\",10^12,OFFSET(CRONOPLE!$F$14,$M111,AQ$13))))","v":1000000000000},{"$f":"IF($D111<>\"Serviço\",0,IF(AND(AUTOEVENTO=\"Manual\",$M111=1),0,IF(OFFSET(CRONOPLE!$F$14,$M111,AR$13)=\"\",10^12,OFFSET(CRONOPLE!$F$14,$M111,AR$13))))","v":1000000000000},{"$f":"IF($D111<>\"Serviço\",0,IF(AND(AUTOEVENTO=\"Manual\",$M111=1),0,IF(OFFSET(CRONOPLE!$F$14,$M111,AS$13)=\"\",10^12,OFFSET(CRONOPLE!$F$14,$M111,AS$13))))","v":1000000000000},{"$f":"IF($D111<>\"Serviço\",0,IF(AND(AUTOEVENTO=\"Manual\",$M111=1),0,IF(OFFSET(CRONOPLE!$F$14,$M111,AT$13)=\"\",10^12,OFFSET(CRONOPLE!$F$14,$M111,AT$13))))","v":1000000000000},{"$f":"IF($D111<>\"Serviço\",0,IF(AND(AUTOEVENTO=\"Manual\",$M111=1),0,IF(OFFSET(CRONOPLE!$F$14,$M111,AU$13)=\"\",10^12,OFFSET(CRONOPLE!$F$14,$M111,AU$13))))","v":1000000000000},{"$f":"IF($D111<>\"Serviço\",0,IF(AND(AUTOEVENTO=\"Manual\",$M111=1),0,IF(OFFSET(CRONOPLE!$F$14,$M111,AV$13)=\"\",10^12,OFFSET(CRONOPLE!$F$14,$M111,AV$13))))","v":1000000000000},null,{"$f":"IF($D111<>\"Serviço\",0,IF(OR(AND(AUTOEVENTO=\"Manual\",$M111=1),$M111>(ROW(PLE.lastrow)-ROW(PLE.firstrow))),0,IF(OFFSET(PLE!$G$14,$M111,AX$13)=\"\",10^12,OFFSET(PLE!$G$14,$M111,AX$13))))","v":1000000000000},{"$f":"IF($D111<>\"Serviço\",0,IF(OR(AND(AUTOEVENTO=\"Manual\",$M111=1),$M111>(ROW(PLE.lastrow)-ROW(PLE.firstrow))),0,IF(OFFSET(PLE!$G$14,$M111,AY$13)=\"\",10^12,OFFSET(PLE!$G$14,$M111,AY$13))))","v":1000000000000},{"$f":"IF($D111<>\"Serviço\",0,IF(OR(AND(AUTOEVENTO=\"Manual\",$M111=1),$M111>(ROW(PLE.lastrow)-ROW(PLE.firstrow))),0,IF(OFFSET(PLE!$G$14,$M111,AZ$13)=\"\",10^12,OFFSET(PLE!$G$14,$M111,AZ$13))))","v":1000000000000},{"$f":"IF($D111<>\"Serviço\",0,IF(OR(AND(AUTOEVENTO=\"Manual\",$M111=1),$M111>(ROW(PLE.lastrow)-ROW(PLE.firstrow))),0,IF(OFFSET(PLE!$G$14,$M111,BA$13)=\"\",10^12,OFFSET(PLE!$G$14,$M111,BA$13))))","v":1000000000000},{"$f":"IF($D111<>\"Serviço\",0,IF(OR(AND(AUTOEVENTO=\"Manual\",$M111=1),$M111>(ROW(PLE.lastrow)-ROW(PLE.firstrow))),0,IF(OFFSET(PLE!$G$14,$M111,BB$13)=\"\",10^12,OFFSET(PLE!$G$14,$M111,BB$13))))","v":1000000000000},{"$f":"IF($D111<>\"Serviço\",0,IF(OR(AND(AUTOEVENTO=\"Manual\",$M111=1),$M111>(ROW(PLE.lastrow)-ROW(PLE.firstrow))),0,IF(OFFSET(PLE!$G$14,$M111,BC$13)=\"\",10^12,OFFSET(PLE!$G$14,$M111,BC$13))))","v":1000000000000},{"$f":"IF($D111<>\"Serviço\",0,IF(OR(AND(AUTOEVENTO=\"Manual\",$M111=1),$M111>(ROW(PLE.lastrow)-ROW(PLE.firstrow))),0,IF(OFFSET(PLE!$G$14,$M111,BD$13)=\"\",10^12,OFFSET(PLE!$G$14,$M111,BD$13))))","v":1000000000000},{"$f":"IF($D111<>\"Serviço\",0,IF(OR(AND(AUTOEVENTO=\"Manual\",$M111=1),$M111>(ROW(PLE.lastrow)-ROW(PLE.firstrow))),0,IF(OFFSET(PLE!$G$14,$M111,BE$13)=\"\",10^12,OFFSET(PLE!$G$14,$M111,BE$13))))","v":1000000000000},{"$f":"IF($D111<>\"Serviço\",0,IF(OR(AND(AUTOEVENTO=\"Manual\",$M111=1),$M111>(ROW(PLE.lastrow)-ROW(PLE.firstrow))),0,IF(OFFSET(PLE!$G$14,$M111,BF$13)=\"\",10^12,OFFSET(PLE!$G$14,$M111,BF$13))))","v":1000000000000},{"$f":"IF($D111<>\"Serviço\",0,IF(OR(AND(AUTOEVENTO=\"Manual\",$M111=1),$M111>(ROW(PLE.lastrow)-ROW(PLE.firstrow))),0,IF(OFFSET(PLE!$G$14,$M111,BG$13)=\"\",10^12,OFFSET(PLE!$G$14,$M111,BG$13))))","v":1000000000000}]
["86",{"$f":"OFFSET(ORÇAMENTO!C$15,ROW(B112)-ROW(B$15),0)","v":"S"},{"$f":"OFFSET(ORÇAMENTO!L$15,ROW(C112)-ROW(C$15),0)","v":"F"},{"$f":"OFFSET(ORÇAMENTO!N$15,ROW(D112)-ROW(D$15),0)","v":"Serviço"},{"$f":"OFFSET(ORÇAMENTO!O$15,ROW(E112)-ROW(E$15),0)","v":"1.12.0.11."},{"$f":"OFFSET(ORÇAMENTO!R$15,ROW(F112)-ROW(F$15),0)","v":"JUNÇÃO SIMPLES, PVC, SERIE NORMAL, ESGOTO PREDIAL, DN 50 X 50 MM, JUNTA ELÁSTICA, FORNECIDO E INSTALADO EM PRUMADA DE ESGOTO SANITÁRIO OU VENTILAÇÃO. AF_08/2022"},{"$f":"IF($D112<>\"Serviço\",\"\",OFFSET(ORÇAMENTO!S$15,ROW(G112)-ROW(G$15),0))","v":"UN"},{"$f":"IF($D112<>\"Serviço\",0,IF(ACOMPANHAMENTO=\"BM\",ROUND(OFFSET(ORÇAMENTO!AJ$15,ROW(H112)-ROW(H$15),0),15-13*ORÇAMENTO!$AF$7),SUMPRODUCT(($Q$12:$AA$12<>\"\")*ROUND($Q112:$AA112,15-13*ORÇAMENTO!$AF$7))))","v":4},null,null,null,".",{"$f":"IF($D112<>\"Serviço\",\"\",IF(AUTOEVENTO=\"manual\",$A112,IF(ISERROR(MATCH($A112,$A$15:OFFSET($A112,-1,0),0)),MAX($M$15:OFFSET(M112,-1,0))+1,INDEX($M$15:OFFSET(M112,-1,0),MATCH($A112,$A$15:OFFSET($A112,-1,0),0)))))","v":13},{"$f":"IF($D112<>\"Serviço\",\"\",IF(AUTOEVENTO=\"Manual\",IF($A112=0,\"<-- defina o número do agrupador\",OFFSET(EVENTOS!$D$14,$A112,0)),OFFSET($F$15,$A112,0)))","v":"INSTALAÇÕES HIDROSSANITÁRIAS (ESGOTO CLOACAL)"},null,null,4,null,null,null,null,null,null,null,null,null,null,{"$f":"IF(AND($D112=\"Serviço\",AB$12<>0,$H112>0,OR(AUTOEVENTO<>\"manual\",$M112<>1)),\nIF(Import.TipoArredondamento<>\"TransfereGOV\",\nROUND(OFFSET($P112,0,AB$13),15-13*ORÇAMENTO!$AF$7)/$H112*OFFSET(ORÇAMENTO!$X$15,ROW(AB112)-ROW(AB$15),0),\nROUND(ROUND(OFFSET($P112,0,AB$13),15-13*ORÇAMENTO!$AF$7)*OFFSET(ORÇAMENTO!$W$15,ROW(AB112)-ROW(AB$15),0),15-13*ORÇAMENTO!$AF$11)),0)","v":98.04},{"$f":"IF(AND($D112=\"Serviço\",AC$12<>0,$H112>0,OR(AUTOEVENTO<>\"manual\",$M112<>1)),\nIF(Import.TipoArredondamento<>\"TransfereGOV\",\nROUND(OFFSET($P112,0,AC$13),15-13*ORÇAMENTO!$AF$7)/$H112*OFFSET(ORÇAMENTO!$X$15,ROW(AC112)-ROW(AC$15),0),\nROUND(ROUND(OFFSET($P112,0,AC$13),15-13*ORÇAMENTO!$AF$7)*OFFSET(ORÇAMENTO!$W$15,ROW(AC112)-ROW(AC$15),0),15-13*ORÇAMENTO!$AF$11)),0)","v":0},{"$f":"IF(AND($D112=\"Serviço\",AD$12<>0,$H112>0,OR(AUTOEVENTO<>\"manual\",$M112<>1)),\nIF(Import.TipoArredondamento<>\"TransfereGOV\",\nROUND(OFFSET($P112,0,AD$13),15-13*ORÇAMENTO!$AF$7)/$H112*OFFSET(ORÇAMENTO!$X$15,ROW(AD112)-ROW(AD$15),0),\nROUND(ROUND(OFFSET($P112,0,AD$13),15-13*ORÇAMENTO!$AF$7)*OFFSET(ORÇAMENTO!$W$15,ROW(AD112)-ROW(AD$15),0),15-13*ORÇAMENTO!$AF$11)),0)","v":0},{"$f":"IF(AND($D112=\"Serviço\",AE$12<>0,$H112>0,OR(AUTOEVENTO<>\"manual\",$M112<>1)),\nIF(Import.TipoArredondamento<>\"TransfereGOV\",\nROUND(OFFSET($P112,0,AE$13),15-13*ORÇAMENTO!$AF$7)/$H112*OFFSET(ORÇAMENTO!$X$15,ROW(AE112)-ROW(AE$15),0),\nROUND(ROUND(OFFSET($P112,0,AE$13),15-13*ORÇAMENTO!$AF$7)*OFFSET(ORÇAMENTO!$W$15,ROW(AE112)-ROW(AE$15),0),15-13*ORÇAMENTO!$AF$11)),0)","v":0},{"$f":"IF(AND($D112=\"Serviço\",AF$12<>0,$H112>0,OR(AUTOEVENTO<>\"manual\",$M112<>1)),\nIF(Import.TipoArredondamento<>\"TransfereGOV\",\nROUND(OFFSET($P112,0,AF$13),15-13*ORÇAMENTO!$AF$7)/$H112*OFFSET(ORÇAMENTO!$X$15,ROW(AF112)-ROW(AF$15),0),\nROUND(ROUND(OFFSET($P112,0,AF$13),15-13*ORÇAMENTO!$AF$7)*OFFSET(ORÇAMENTO!$W$15,ROW(AF112)-ROW(AF$15),0),15-13*ORÇAMENTO!$AF$11)),0)","v":0},{"$f":"IF(AND($D112=\"Serviço\",AG$12<>0,$H112>0,OR(AUTOEVENTO<>\"manual\",$M112<>1)),\nIF(Import.TipoArredondamento<>\"TransfereGOV\",\nROUND(OFFSET($P112,0,AG$13),15-13*ORÇAMENTO!$AF$7)/$H112*OFFSET(ORÇAMENTO!$X$15,ROW(AG112)-ROW(AG$15),0),\nROUND(ROUND(OFFSET($P112,0,AG$13),15-13*ORÇAMENTO!$AF$7)*OFFSET(ORÇAMENTO!$W$15,ROW(AG112)-ROW(AG$15),0),15-13*ORÇAMENTO!$AF$11)),0)","v":0},{"$f":"IF(AND($D112=\"Serviço\",AH$12<>0,$H112>0,OR(AUTOEVENTO<>\"manual\",$M112<>1)),\nIF(Import.TipoArredondamento<>\"TransfereGOV\",\nROUND(OFFSET($P112,0,AH$13),15-13*ORÇAMENTO!$AF$7)/$H112*OFFSET(ORÇAMENTO!$X$15,ROW(AH112)-ROW(AH$15),0),\nROUND(ROUND(OFFSET($P112,0,AH$13),15-13*ORÇAMENTO!$AF$7)*OFFSET(ORÇAMENTO!$W$15,ROW(AH112)-ROW(AH$15),0),15-13*ORÇAMENTO!$AF$11)),0)","v":0},{"$f":"IF(AND($D112=\"Serviço\",AI$12<>0,$H112>0,OR(AUTOEVENTO<>\"manual\",$M112<>1)),\nIF(Import.TipoArredondamento<>\"TransfereGOV\",\nROUND(OFFSET($P112,0,AI$13),15-13*ORÇAMENTO!$AF$7)/$H112*OFFSET(ORÇAMENTO!$X$15,ROW(AI112)-ROW(AI$15),0),\nROUND(ROUND(OFFSET($P112,0,AI$13),15-13*ORÇAMENTO!$AF$7)*OFFSET(ORÇAMENTO!$W$15,ROW(AI112)-ROW(AI$15),0),15-13*ORÇAMENTO!$AF$11)),0)","v":0},{"$f":"IF(AND($D112=\"Serviço\",AJ$12<>0,$H112>0,OR(AUTOEVENTO<>\"manual\",$M112<>1)),\nIF(Import.TipoArredondamento<>\"TransfereGOV\",\nROUND(OFFSET($P112,0,AJ$13),15-13*ORÇAMENTO!$AF$7)/$H112*OFFSET(ORÇAMENTO!$X$15,ROW(AJ112)-ROW(AJ$15),0),\nROUND(ROUND(OFFSET($P112,0,AJ$13),15-13*ORÇAMENTO!$AF$7)*OFFSET(ORÇAMENTO!$W$15,ROW(AJ112)-ROW(AJ$15),0),15-13*ORÇAMENTO!$AF$11)),0)","v":0},{"$f":"IF(AND($D112=\"Serviço\",AK$12<>0,$H112>0,OR(AUTOEVENTO<>\"manual\",$M112<>1)),\nIF(Import.TipoArredondamento<>\"TransfereGOV\",\nROUND(OFFSET($P112,0,AK$13),15-13*ORÇAMENTO!$AF$7)/$H112*OFFSET(ORÇAMENTO!$X$15,ROW(AK112)-ROW(AK$15),0),\nROUND(ROUND(OFFSET($P112,0,AK$13),15-13*ORÇAMENTO!$AF$7)*OFFSET(ORÇAMENTO!$W$15,ROW(AK112)-ROW(AK$15),0),15-13*ORÇAMENTO!$AF$11)),0)","v":0},null,{"$f":"IF($D112<>\"Serviço\",0,IF(AND(AUTOEVENTO=\"Manual\",$M112=1),0,IF(OFFSET(CRONOPLE!$F$14,$M112,AM$13)=\"\",10^12,OFFSET(CRONOPLE!$F$14,$M112,AM$13))))","v":1000000000000},{"$f":"IF($D112<>\"Serviço\",0,IF(AND(AUTOEVENTO=\"Manual\",$M112=1),0,IF(OFFSET(CRONOPLE!$F$14,$M112,AN$13)=\"\",10^12,OFFSET(CRONOPLE!$F$14,$M112,AN$13))))","v":1000000000000},{"$f":"IF($D112<>\"Serviço\",0,IF(AND(AUTOEVENTO=\"Manual\",$M112=1),0,IF(OFFSET(CRONOPLE!$F$14,$M112,AO$13)=\"\",10^12,OFFSET(CRONOPLE!$F$14,$M112,AO$13))))","v":1000000000000},{"$f":"IF($D112<>\"Serviço\",0,IF(AND(AUTOEVENTO=\"Manual\",$M112=1),0,IF(OFFSET(CRONOPLE!$F$14,$M112,AP$13)=\"\",10^12,OFFSET(CRONOPLE!$F$14,$M112,AP$13))))","v":1000000000000},{"$f":"IF($D112<>\"Serviço\",0,IF(AND(AUTOEVENTO=\"Manual\",$M112=1),0,IF(OFFSET(CRONOPLE!$F$14,$M112,AQ$13)=\"\",10^12,OFFSET(CRONOPLE!$F$14,$M112,AQ$13))))","v":1000000000000},{"$f":"IF($D112<>\"Serviço\",0,IF(AND(AUTOEVENTO=\"Manual\",$M112=1),0,IF(OFFSET(CRONOPLE!$F$14,$M112,AR$13)=\"\",10^12,OFFSET(CRONOPLE!$F$14,$M112,AR$13))))","v":1000000000000},{"$f":"IF($D112<>\"Serviço\",0,IF(AND(AUTOEVENTO=\"Manual\",$M112=1),0,IF(OFFSET(CRONOPLE!$F$14,$M112,AS$13)=\"\",10^12,OFFSET(CRONOPLE!$F$14,$M112,AS$13))))","v":1000000000000},{"$f":"IF($D112<>\"Serviço\",0,IF(AND(AUTOEVENTO=\"Manual\",$M112=1),0,IF(OFFSET(CRONOPLE!$F$14,$M112,AT$13)=\"\",10^12,OFFSET(CRONOPLE!$F$14,$M112,AT$13))))","v":1000000000000},{"$f":"IF($D112<>\"Serviço\",0,IF(AND(AUTOEVENTO=\"Manual\",$M112=1),0,IF(OFFSET(CRONOPLE!$F$14,$M112,AU$13)=\"\",10^12,OFFSET(CRONOPLE!$F$14,$M112,AU$13))))","v":1000000000000},{"$f":"IF($D112<>\"Serviço\",0,IF(AND(AUTOEVENTO=\"Manual\",$M112=1),0,IF(OFFSET(CRONOPLE!$F$14,$M112,AV$13)=\"\",10^12,OFFSET(CRONOPLE!$F$14,$M112,AV$13))))","v":1000000000000},null,{"$f":"IF($D112<>\"Serviço\",0,IF(OR(AND(AUTOEVENTO=\"Manual\",$M112=1),$M112>(ROW(PLE.lastrow)-ROW(PLE.firstrow))),0,IF(OFFSET(PLE!$G$14,$M112,AX$13)=\"\",10^12,OFFSET(PLE!$G$14,$M112,AX$13))))","v":1000000000000},{"$f":"IF($D112<>\"Serviço\",0,IF(OR(AND(AUTOEVENTO=\"Manual\",$M112=1),$M112>(ROW(PLE.lastrow)-ROW(PLE.firstrow))),0,IF(OFFSET(PLE!$G$14,$M112,AY$13)=\"\",10^12,OFFSET(PLE!$G$14,$M112,AY$13))))","v":1000000000000},{"$f":"IF($D112<>\"Serviço\",0,IF(OR(AND(AUTOEVENTO=\"Manual\",$M112=1),$M112>(ROW(PLE.lastrow)-ROW(PLE.firstrow))),0,IF(OFFSET(PLE!$G$14,$M112,AZ$13)=\"\",10^12,OFFSET(PLE!$G$14,$M112,AZ$13))))","v":1000000000000},{"$f":"IF($D112<>\"Serviço\",0,IF(OR(AND(AUTOEVENTO=\"Manual\",$M112=1),$M112>(ROW(PLE.lastrow)-ROW(PLE.firstrow))),0,IF(OFFSET(PLE!$G$14,$M112,BA$13)=\"\",10^12,OFFSET(PLE!$G$14,$M112,BA$13))))","v":1000000000000},{"$f":"IF($D112<>\"Serviço\",0,IF(OR(AND(AUTOEVENTO=\"Manual\",$M112=1),$M112>(ROW(PLE.lastrow)-ROW(PLE.firstrow))),0,IF(OFFSET(PLE!$G$14,$M112,BB$13)=\"\",10^12,OFFSET(PLE!$G$14,$M112,BB$13))))","v":1000000000000},{"$f":"IF($D112<>\"Serviço\",0,IF(OR(AND(AUTOEVENTO=\"Manual\",$M112=1),$M112>(ROW(PLE.lastrow)-ROW(PLE.firstrow))),0,IF(OFFSET(PLE!$G$14,$M112,BC$13)=\"\",10^12,OFFSET(PLE!$G$14,$M112,BC$13))))","v":1000000000000},{"$f":"IF($D112<>\"Serviço\",0,IF(OR(AND(AUTOEVENTO=\"Manual\",$M112=1),$M112>(ROW(PLE.lastrow)-ROW(PLE.firstrow))),0,IF(OFFSET(PLE!$G$14,$M112,BD$13)=\"\",10^12,OFFSET(PLE!$G$14,$M112,BD$13))))","v":1000000000000},{"$f":"IF($D112<>\"Serviço\",0,IF(OR(AND(AUTOEVENTO=\"Manual\",$M112=1),$M112>(ROW(PLE.lastrow)-ROW(PLE.firstrow))),0,IF(OFFSET(PLE!$G$14,$M112,BE$13)=\"\",10^12,OFFSET(PLE!$G$14,$M112,BE$13))))","v":1000000000000},{"$f":"IF($D112<>\"Serviço\",0,IF(OR(AND(AUTOEVENTO=\"Manual\",$M112=1),$M112>(ROW(PLE.lastrow)-ROW(PLE.firstrow))),0,IF(OFFSET(PLE!$G$14,$M112,BF$13)=\"\",10^12,OFFSET(PLE!$G$14,$M112,BF$13))))","v":1000000000000},{"$f":"IF($D112<>\"Serviço\",0,IF(OR(AND(AUTOEVENTO=\"Manual\",$M112=1),$M112>(ROW(PLE.lastrow)-ROW(PLE.firstrow))),0,IF(OFFSET(PLE!$G$14,$M112,BG$13)=\"\",10^12,OFFSET(PLE!$G$14,$M112,BG$13))))","v":1000000000000}]
["86",{"$f":"OFFSET(ORÇAMENTO!C$15,ROW(B113)-ROW(B$15),0)","v":"S"},{"$f":"OFFSET(ORÇAMENTO!L$15,ROW(C113)-ROW(C$15),0)","v":"F"},{"$f":"OFFSET(ORÇAMENTO!N$15,ROW(D113)-ROW(D$15),0)","v":"Serviço"},{"$f":"OFFSET(ORÇAMENTO!O$15,ROW(E113)-ROW(E$15),0)","v":"1.12.0.12."},{"$f":"OFFSET(ORÇAMENTO!R$15,ROW(F113)-ROW(F$15),0)","v":"TE, PVC, SERIE NORMAL, ESGOTO PREDIAL, DN 50 X 50 MM, JUNTA ELÁSTICA, FORNECIDO E INSTALADO EM PRUMADA DE ESGOTO SANITÁRIO OU VENTILAÇÃO. AF_08/2022"},{"$f":"IF($D113<>\"Serviço\",\"\",OFFSET(ORÇAMENTO!S$15,ROW(G113)-ROW(G$15),0))","v":"UN"},{"$f":"IF($D113<>\"Serviço\",0,IF(ACOMPANHAMENTO=\"BM\",ROUND(OFFSET(ORÇAMENTO!AJ$15,ROW(H113)-ROW(H$15),0),15-13*ORÇAMENTO!$AF$7),SUMPRODUCT(($Q$12:$AA$12<>\"\")*ROUND($Q113:$AA113,15-13*ORÇAMENTO!$AF$7))))","v":6},null,null,null,".",{"$f":"IF($D113<>\"Serviço\",\"\",IF(AUTOEVENTO=\"manual\",$A113,IF(ISERROR(MATCH($A113,$A$15:OFFSET($A113,-1,0),0)),MAX($M$15:OFFSET(M113,-1,0))+1,INDEX($M$15:OFFSET(M113,-1,0),MATCH($A113,$A$15:OFFSET($A113,-1,0),0)))))","v":13},{"$f":"IF($D113<>\"Serviço\",\"\",IF(AUTOEVENTO=\"Manual\",IF($A113=0,\"<-- defina o número do agrupador\",OFFSET(EVENTOS!$D$14,$A113,0)),OFFSET($F$15,$A113,0)))","v":"INSTALAÇÕES HIDROSSANITÁRIAS (ESGOTO CLOACAL)"},null,null,{"$f":"2+2+1+1","v":6},null,null,null,null,null,null,null,null,null,null,{"$f":"IF(AND($D113=\"Serviço\",AB$12<>0,$H113>0,OR(AUTOEVENTO<>\"manual\",$M113<>1)),\nIF(Import.TipoArredondamento<>\"TransfereGOV\",\nROUND(OFFSET($P113,0,AB$13),15-13*ORÇAMENTO!$AF$7)/$H113*OFFSET(ORÇAMENTO!$X$15,ROW(AB113)-ROW(AB$15),0),\nROUND(ROUND(OFFSET($P113,0,AB$13),15-13*ORÇAMENTO!$AF$7)*OFFSET(ORÇAMENTO!$W$15,ROW(AB113)-ROW(AB$15),0),15-13*ORÇAMENTO!$AF$11)),0)","v":129.30000000000001},{"$f":"IF(AND($D113=\"Serviço\",AC$12<>0,$H113>0,OR(AUTOEVENTO<>\"manual\",$M113<>1)),\nIF(Import.TipoArredondamento<>\"TransfereGOV\",\nROUND(OFFSET($P113,0,AC$13),15-13*ORÇAMENTO!$AF$7)/$H113*OFFSET(ORÇAMENTO!$X$15,ROW(AC113)-ROW(AC$15),0),\nROUND(ROUND(OFFSET($P113,0,AC$13),15-13*ORÇAMENTO!$AF$7)*OFFSET(ORÇAMENTO!$W$15,ROW(AC113)-ROW(AC$15),0),15-13*ORÇAMENTO!$AF$11)),0)","v":0},{"$f":"IF(AND($D113=\"Serviço\",AD$12<>0,$H113>0,OR(AUTOEVENTO<>\"manual\",$M113<>1)),\nIF(Import.TipoArredondamento<>\"TransfereGOV\",\nROUND(OFFSET($P113,0,AD$13),15-13*ORÇAMENTO!$AF$7)/$H113*OFFSET(ORÇAMENTO!$X$15,ROW(AD113)-ROW(AD$15),0),\nROUND(ROUND(OFFSET($P113,0,AD$13),15-13*ORÇAMENTO!$AF$7)*OFFSET(ORÇAMENTO!$W$15,ROW(AD113)-ROW(AD$15),0),15-13*ORÇAMENTO!$AF$11)),0)","v":0},{"$f":"IF(AND($D113=\"Serviço\",AE$12<>0,$H113>0,OR(AUTOEVENTO<>\"manual\",$M113<>1)),\nIF(Import.TipoArredondamento<>\"TransfereGOV\",\nROUND(OFFSET($P113,0,AE$13),15-13*ORÇAMENTO!$AF$7)/$H113*OFFSET(ORÇAMENTO!$X$15,ROW(AE113)-ROW(AE$15),0),\nROUND(ROUND(OFFSET($P113,0,AE$13),15-13*ORÇAMENTO!$AF$7)*OFFSET(ORÇAMENTO!$W$15,ROW(AE113)-ROW(AE$15),0),15-13*ORÇAMENTO!$AF$11)),0)","v":0},{"$f":"IF(AND($D113=\"Serviço\",AF$12<>0,$H113>0,OR(AUTOEVENTO<>\"manual\",$M113<>1)),\nIF(Import.TipoArredondamento<>\"TransfereGOV\",\nROUND(OFFSET($P113,0,AF$13),15-13*ORÇAMENTO!$AF$7)/$H113*OFFSET(ORÇAMENTO!$X$15,ROW(AF113)-ROW(AF$15),0),\nROUND(ROUND(OFFSET($P113,0,AF$13),15-13*ORÇAMENTO!$AF$7)*OFFSET(ORÇAMENTO!$W$15,ROW(AF113)-ROW(AF$15),0),15-13*ORÇAMENTO!$AF$11)),0)","v":0},{"$f":"IF(AND($D113=\"Serviço\",AG$12<>0,$H113>0,OR(AUTOEVENTO<>\"manual\",$M113<>1)),\nIF(Import.TipoArredondamento<>\"TransfereGOV\",\nROUND(OFFSET($P113,0,AG$13),15-13*ORÇAMENTO!$AF$7)/$H113*OFFSET(ORÇAMENTO!$X$15,ROW(AG113)-ROW(AG$15),0),\nROUND(ROUND(OFFSET($P113,0,AG$13),15-13*ORÇAMENTO!$AF$7)*OFFSET(ORÇAMENTO!$W$15,ROW(AG113)-ROW(AG$15),0),15-13*ORÇAMENTO!$AF$11)),0)","v":0},{"$f":"IF(AND($D113=\"Serviço\",AH$12<>0,$H113>0,OR(AUTOEVENTO<>\"manual\",$M113<>1)),\nIF(Import.TipoArredondamento<>\"TransfereGOV\",\nROUND(OFFSET($P113,0,AH$13),15-13*ORÇAMENTO!$AF$7)/$H113*OFFSET(ORÇAMENTO!$X$15,ROW(AH113)-ROW(AH$15),0),\nROUND(ROUND(OFFSET($P113,0,AH$13),15-13*ORÇAMENTO!$AF$7)*OFFSET(ORÇAMENTO!$W$15,ROW(AH113)-ROW(AH$15),0),15-13*ORÇAMENTO!$AF$11)),0)","v":0},{"$f":"IF(AND($D113=\"Serviço\",AI$12<>0,$H113>0,OR(AUTOEVENTO<>\"manual\",$M113<>1)),\nIF(Import.TipoArredondamento<>\"TransfereGOV\",\nROUND(OFFSET($P113,0,AI$13),15-13*ORÇAMENTO!$AF$7)/$H113*OFFSET(ORÇAMENTO!$X$15,ROW(AI113)-ROW(AI$15),0),\nROUND(ROUND(OFFSET($P113,0,AI$13),15-13*ORÇAMENTO!$AF$7)*OFFSET(ORÇAMENTO!$W$15,ROW(AI113)-ROW(AI$15),0),15-13*ORÇAMENTO!$AF$11)),0)","v":0},{"$f":"IF(AND($D113=\"Serviço\",AJ$12<>0,$H113>0,OR(AUTOEVENTO<>\"manual\",$M113<>1)),\nIF(Import.TipoArredondamento<>\"TransfereGOV\",\nROUND(OFFSET($P113,0,AJ$13),15-13*ORÇAMENTO!$AF$7)/$H113*OFFSET(ORÇAMENTO!$X$15,ROW(AJ113)-ROW(AJ$15),0),\nROUND(ROUND(OFFSET($P113,0,AJ$13),15-13*ORÇAMENTO!$AF$7)*OFFSET(ORÇAMENTO!$W$15,ROW(AJ113)-ROW(AJ$15),0),15-13*ORÇAMENTO!$AF$11)),0)","v":0},{"$f":"IF(AND($D113=\"Serviço\",AK$12<>0,$H113>0,OR(AUTOEVENTO<>\"manual\",$M113<>1)),\nIF(Import.TipoArredondamento<>\"TransfereGOV\",\nROUND(OFFSET($P113,0,AK$13),15-13*ORÇAMENTO!$AF$7)/$H113*OFFSET(ORÇAMENTO!$X$15,ROW(AK113)-ROW(AK$15),0),\nROUND(ROUND(OFFSET($P113,0,AK$13),15-13*ORÇAMENTO!$AF$7)*OFFSET(ORÇAMENTO!$W$15,ROW(AK113)-ROW(AK$15),0),15-13*ORÇAMENTO!$AF$11)),0)","v":0},null,{"$f":"IF($D113<>\"Serviço\",0,IF(AND(AUTOEVENTO=\"Manual\",$M113=1),0,IF(OFFSET(CRONOPLE!$F$14,$M113,AM$13)=\"\",10^12,OFFSET(CRONOPLE!$F$14,$M113,AM$13))))","v":1000000000000},{"$f":"IF($D113<>\"Serviço\",0,IF(AND(AUTOEVENTO=\"Manual\",$M113=1),0,IF(OFFSET(CRONOPLE!$F$14,$M113,AN$13)=\"\",10^12,OFFSET(CRONOPLE!$F$14,$M113,AN$13))))","v":1000000000000},{"$f":"IF($D113<>\"Serviço\",0,IF(AND(AUTOEVENTO=\"Manual\",$M113=1),0,IF(OFFSET(CRONOPLE!$F$14,$M113,AO$13)=\"\",10^12,OFFSET(CRONOPLE!$F$14,$M113,AO$13))))","v":1000000000000},{"$f":"IF($D113<>\"Serviço\",0,IF(AND(AUTOEVENTO=\"Manual\",$M113=1),0,IF(OFFSET(CRONOPLE!$F$14,$M113,AP$13)=\"\",10^12,OFFSET(CRONOPLE!$F$14,$M113,AP$13))))","v":1000000000000},{"$f":"IF($D113<>\"Serviço\",0,IF(AND(AUTOEVENTO=\"Manual\",$M113=1),0,IF(OFFSET(CRONOPLE!$F$14,$M113,AQ$13)=\"\",10^12,OFFSET(CRONOPLE!$F$14,$M113,AQ$13))))","v":1000000000000},{"$f":"IF($D113<>\"Serviço\",0,IF(AND(AUTOEVENTO=\"Manual\",$M113=1),0,IF(OFFSET(CRONOPLE!$F$14,$M113,AR$13)=\"\",10^12,OFFSET(CRONOPLE!$F$14,$M113,AR$13))))","v":1000000000000},{"$f":"IF($D113<>\"Serviço\",0,IF(AND(AUTOEVENTO=\"Manual\",$M113=1),0,IF(OFFSET(CRONOPLE!$F$14,$M113,AS$13)=\"\",10^12,OFFSET(CRONOPLE!$F$14,$M113,AS$13))))","v":1000000000000},{"$f":"IF($D113<>\"Serviço\",0,IF(AND(AUTOEVENTO=\"Manual\",$M113=1),0,IF(OFFSET(CRONOPLE!$F$14,$M113,AT$13)=\"\",10^12,OFFSET(CRONOPLE!$F$14,$M113,AT$13))))","v":1000000000000},{"$f":"IF($D113<>\"Serviço\",0,IF(AND(AUTOEVENTO=\"Manual\",$M113=1),0,IF(OFFSET(CRONOPLE!$F$14,$M113,AU$13)=\"\",10^12,OFFSET(CRONOPLE!$F$14,$M113,AU$13))))","v":1000000000000},{"$f":"IF($D113<>\"Serviço\",0,IF(AND(AUTOEVENTO=\"Manual\",$M113=1),0,IF(OFFSET(CRONOPLE!$F$14,$M113,AV$13)=\"\",10^12,OFFSET(CRONOPLE!$F$14,$M113,AV$13))))","v":1000000000000},null,{"$f":"IF($D113<>\"Serviço\",0,IF(OR(AND(AUTOEVENTO=\"Manual\",$M113=1),$M113>(ROW(PLE.lastrow)-ROW(PLE.firstrow))),0,IF(OFFSET(PLE!$G$14,$M113,AX$13)=\"\",10^12,OFFSET(PLE!$G$14,$M113,AX$13))))","v":1000000000000},{"$f":"IF($D113<>\"Serviço\",0,IF(OR(AND(AUTOEVENTO=\"Manual\",$M113=1),$M113>(ROW(PLE.lastrow)-ROW(PLE.firstrow))),0,IF(OFFSET(PLE!$G$14,$M113,AY$13)=\"\",10^12,OFFSET(PLE!$G$14,$M113,AY$13))))","v":1000000000000},{"$f":"IF($D113<>\"Serviço\",0,IF(OR(AND(AUTOEVENTO=\"Manual\",$M113=1),$M113>(ROW(PLE.lastrow)-ROW(PLE.firstrow))),0,IF(OFFSET(PLE!$G$14,$M113,AZ$13)=\"\",10^12,OFFSET(PLE!$G$14,$M113,AZ$13))))","v":1000000000000},{"$f":"IF($D113<>\"Serviço\",0,IF(OR(AND(AUTOEVENTO=\"Manual\",$M113=1),$M113>(ROW(PLE.lastrow)-ROW(PLE.firstrow))),0,IF(OFFSET(PLE!$G$14,$M113,BA$13)=\"\",10^12,OFFSET(PLE!$G$14,$M113,BA$13))))","v":1000000000000},{"$f":"IF($D113<>\"Serviço\",0,IF(OR(AND(AUTOEVENTO=\"Manual\",$M113=1),$M113>(ROW(PLE.lastrow)-ROW(PLE.firstrow))),0,IF(OFFSET(PLE!$G$14,$M113,BB$13)=\"\",10^12,OFFSET(PLE!$G$14,$M113,BB$13))))","v":1000000000000},{"$f":"IF($D113<>\"Serviço\",0,IF(OR(AND(AUTOEVENTO=\"Manual\",$M113=1),$M113>(ROW(PLE.lastrow)-ROW(PLE.firstrow))),0,IF(OFFSET(PLE!$G$14,$M113,BC$13)=\"\",10^12,OFFSET(PLE!$G$14,$M113,BC$13))))","v":1000000000000},{"$f":"IF($D113<>\"Serviço\",0,IF(OR(AND(AUTOEVENTO=\"Manual\",$M113=1),$M113>(ROW(PLE.lastrow)-ROW(PLE.firstrow))),0,IF(OFFSET(PLE!$G$14,$M113,BD$13)=\"\",10^12,OFFSET(PLE!$G$14,$M113,BD$13))))","v":1000000000000},{"$f":"IF($D113<>\"Serviço\",0,IF(OR(AND(AUTOEVENTO=\"Manual\",$M113=1),$M113>(ROW(PLE.lastrow)-ROW(PLE.firstrow))),0,IF(OFFSET(PLE!$G$14,$M113,BE$13)=\"\",10^12,OFFSET(PLE!$G$14,$M113,BE$13))))","v":1000000000000},{"$f":"IF($D113<>\"Serviço\",0,IF(OR(AND(AUTOEVENTO=\"Manual\",$M113=1),$M113>(ROW(PLE.lastrow)-ROW(PLE.firstrow))),0,IF(OFFSET(PLE!$G$14,$M113,BF$13)=\"\",10^12,OFFSET(PLE!$G$14,$M113,BF$13))))","v":1000000000000},{"$f":"IF($D113<>\"Serviço\",0,IF(OR(AND(AUTOEVENTO=\"Manual\",$M113=1),$M113>(ROW(PLE.lastrow)-ROW(PLE.firstrow))),0,IF(OFFSET(PLE!$G$14,$M113,BG$13)=\"\",10^12,OFFSET(PLE!$G$14,$M113,BG$13))))","v":1000000000000}]
["86",{"$f":"OFFSET(ORÇAMENTO!C$15,ROW(B114)-ROW(B$15),0)","v":"S"},{"$f":"OFFSET(ORÇAMENTO!L$15,ROW(C114)-ROW(C$15),0)","v":"F"},{"$f":"OFFSET(ORÇAMENTO!N$15,ROW(D114)-ROW(D$15),0)","v":"Serviço"},{"$f":"OFFSET(ORÇAMENTO!O$15,ROW(E114)-ROW(E$15),0)","v":"1.12.0.13."},{"$f":"OFFSET(ORÇAMENTO!R$15,ROW(F114)-ROW(F$15),0)","v":"TERMINAL DE VENTILAÇÃO, PVC, SÉRIE NORMAL, ESGOTO PREDIAL, DN 50 MM, JUNTA SOLDÁVEL, FORNECIDO E INSTALADO EM PRUMADA DE ESGOTO SANITÁRIO OU VENTILAÇÃO. AF_08/2022"},{"$f":"IF($D114<>\"Serviço\",\"\",OFFSET(ORÇAMENTO!S$15,ROW(G114)-ROW(G$15),0))","v":"UN"},{"$f":"IF($D114<>\"Serviço\",0,IF(ACOMPANHAMENTO=\"BM\",ROUND(OFFSET(ORÇAMENTO!AJ$15,ROW(H114)-ROW(H$15),0),15-13*ORÇAMENTO!$AF$7),SUMPRODUCT(($Q$12:$AA$12<>\"\")*ROUND($Q114:$AA114,15-13*ORÇAMENTO!$AF$7))))","v":6},null,null,null,".",{"$f":"IF($D114<>\"Serviço\",\"\",IF(AUTOEVENTO=\"manual\",$A114,IF(ISERROR(MATCH($A114,$A$15:OFFSET($A114,-1,0),0)),MAX($M$15:OFFSET(M114,-1,0))+1,INDEX($M$15:OFFSET(M114,-1,0),MATCH($A114,$A$15:OFFSET($A114,-1,0),0)))))","v":13},{"$f":"IF($D114<>\"Serviço\",\"\",IF(AUTOEVENTO=\"Manual\",IF($A114=0,\"<-- defina o número do agrupador\",OFFSET(EVENTOS!$D$14,$A114,0)),OFFSET($F$15,$A114,0)))","v":"INSTALAÇÕES HIDROSSANITÁRIAS (ESGOTO CLOACAL)"},null,null,6,null,null,null,null,null,null,null,null,null,null,{"$f":"IF(AND($D114=\"Serviço\",AB$12<>0,$H114>0,OR(AUTOEVENTO<>\"manual\",$M114<>1)),\nIF(Import.TipoArredondamento<>\"TransfereGOV\",\nROUND(OFFSET($P114,0,AB$13),15-13*ORÇAMENTO!$AF$7)/$H114*OFFSET(ORÇAMENTO!$X$15,ROW(AB114)-ROW(AB$15),0),\nROUND(ROUND(OFFSET($P114,0,AB$13),15-13*ORÇAMENTO!$AF$7)*OFFSET(ORÇAMENTO!$W$15,ROW(AB114)-ROW(AB$15),0),15-13*ORÇAMENTO!$AF$11)),0)","v":83.94},{"$f":"IF(AND($D114=\"Serviço\",AC$12<>0,$H114>0,OR(AUTOEVENTO<>\"manual\",$M114<>1)),\nIF(Import.TipoArredondamento<>\"TransfereGOV\",\nROUND(OFFSET($P114,0,AC$13),15-13*ORÇAMENTO!$AF$7)/$H114*OFFSET(ORÇAMENTO!$X$15,ROW(AC114)-ROW(AC$15),0),\nROUND(ROUND(OFFSET($P114,0,AC$13),15-13*ORÇAMENTO!$AF$7)*OFFSET(ORÇAMENTO!$W$15,ROW(AC114)-ROW(AC$15),0),15-13*ORÇAMENTO!$AF$11)),0)","v":0},{"$f":"IF(AND($D114=\"Serviço\",AD$12<>0,$H114>0,OR(AUTOEVENTO<>\"manual\",$M114<>1)),\nIF(Import.TipoArredondamento<>\"TransfereGOV\",\nROUND(OFFSET($P114,0,AD$13),15-13*ORÇAMENTO!$AF$7)/$H114*OFFSET(ORÇAMENTO!$X$15,ROW(AD114)-ROW(AD$15),0),\nROUND(ROUND(OFFSET($P114,0,AD$13),15-13*ORÇAMENTO!$AF$7)*OFFSET(ORÇAMENTO!$W$15,ROW(AD114)-ROW(AD$15),0),15-13*ORÇAMENTO!$AF$11)),0)","v":0},{"$f":"IF(AND($D114=\"Serviço\",AE$12<>0,$H114>0,OR(AUTOEVENTO<>\"manual\",$M114<>1)),\nIF(Import.TipoArredondamento<>\"TransfereGOV\",\nROUND(OFFSET($P114,0,AE$13),15-13*ORÇAMENTO!$AF$7)/$H114*OFFSET(ORÇAMENTO!$X$15,ROW(AE114)-ROW(AE$15),0),\nROUND(ROUND(OFFSET($P114,0,AE$13),15-13*ORÇAMENTO!$AF$7)*OFFSET(ORÇAMENTO!$W$15,ROW(AE114)-ROW(AE$15),0),15-13*ORÇAMENTO!$AF$11)),0)","v":0},{"$f":"IF(AND($D114=\"Serviço\",AF$12<>0,$H114>0,OR(AUTOEVENTO<>\"manual\",$M114<>1)),\nIF(Import.TipoArredondamento<>\"TransfereGOV\",\nROUND(OFFSET($P114,0,AF$13),15-13*ORÇAMENTO!$AF$7)/$H114*OFFSET(ORÇAMENTO!$X$15,ROW(AF114)-ROW(AF$15),0),\nROUND(ROUND(OFFSET($P114,0,AF$13),15-13*ORÇAMENTO!$AF$7)*OFFSET(ORÇAMENTO!$W$15,ROW(AF114)-ROW(AF$15),0),15-13*ORÇAMENTO!$AF$11)),0)","v":0},{"$f":"IF(AND($D114=\"Serviço\",AG$12<>0,$H114>0,OR(AUTOEVENTO<>\"manual\",$M114<>1)),\nIF(Import.TipoArredondamento<>\"TransfereGOV\",\nROUND(OFFSET($P114,0,AG$13),15-13*ORÇAMENTO!$AF$7)/$H114*OFFSET(ORÇAMENTO!$X$15,ROW(AG114)-ROW(AG$15),0),\nROUND(ROUND(OFFSET($P114,0,AG$13),15-13*ORÇAMENTO!$AF$7)*OFFSET(ORÇAMENTO!$W$15,ROW(AG114)-ROW(AG$15),0),15-13*ORÇAMENTO!$AF$11)),0)","v":0},{"$f":"IF(AND($D114=\"Serviço\",AH$12<>0,$H114>0,OR(AUTOEVENTO<>\"manual\",$M114<>1)),\nIF(Import.TipoArredondamento<>\"TransfereGOV\",\nROUND(OFFSET($P114,0,AH$13),15-13*ORÇAMENTO!$AF$7)/$H114*OFFSET(ORÇAMENTO!$X$15,ROW(AH114)-ROW(AH$15),0),\nROUND(ROUND(OFFSET($P114,0,AH$13),15-13*ORÇAMENTO!$AF$7)*OFFSET(ORÇAMENTO!$W$15,ROW(AH114)-ROW(AH$15),0),15-13*ORÇAMENTO!$AF$11)),0)","v":0},{"$f":"IF(AND($D114=\"Serviço\",AI$12<>0,$H114>0,OR(AUTOEVENTO<>\"manual\",$M114<>1)),\nIF(Import.TipoArredondamento<>\"TransfereGOV\",\nROUND(OFFSET($P114,0,AI$13),15-13*ORÇAMENTO!$AF$7)/$H114*OFFSET(ORÇAMENTO!$X$15,ROW(AI114)-ROW(AI$15),0),\nROUND(ROUND(OFFSET($P114,0,AI$13),15-13*ORÇAMENTO!$AF$7)*OFFSET(ORÇAMENTO!$W$15,ROW(AI114)-ROW(AI$15),0),15-13*ORÇAMENTO!$AF$11)),0)","v":0},{"$f":"IF(AND($D114=\"Serviço\",AJ$12<>0,$H114>0,OR(AUTOEVENTO<>\"manual\",$M114<>1)),\nIF(Import.TipoArredondamento<>\"TransfereGOV\",\nROUND(OFFSET($P114,0,AJ$13),15-13*ORÇAMENTO!$AF$7)/$H114*OFFSET(ORÇAMENTO!$X$15,ROW(AJ114)-ROW(AJ$15),0),\nROUND(ROUND(OFFSET($P114,0,AJ$13),15-13*ORÇAMENTO!$AF$7)*OFFSET(ORÇAMENTO!$W$15,ROW(AJ114)-ROW(AJ$15),0),15-13*ORÇAMENTO!$AF$11)),0)","v":0},{"$f":"IF(AND($D114=\"Serviço\",AK$12<>0,$H114>0,OR(AUTOEVENTO<>\"manual\",$M114<>1)),\nIF(Import.TipoArredondamento<>\"TransfereGOV\",\nROUND(OFFSET($P114,0,AK$13),15-13*ORÇAMENTO!$AF$7)/$H114*OFFSET(ORÇAMENTO!$X$15,ROW(AK114)-ROW(AK$15),0),\nROUND(ROUND(OFFSET($P114,0,AK$13),15-13*ORÇAMENTO!$AF$7)*OFFSET(ORÇAMENTO!$W$15,ROW(AK114)-ROW(AK$15),0),15-13*ORÇAMENTO!$AF$11)),0)","v":0},null,{"$f":"IF($D114<>\"Serviço\",0,IF(AND(AUTOEVENTO=\"Manual\",$M114=1),0,IF(OFFSET(CRONOPLE!$F$14,$M114,AM$13)=\"\",10^12,OFFSET(CRONOPLE!$F$14,$M114,AM$13))))","v":1000000000000},{"$f":"IF($D114<>\"Serviço\",0,IF(AND(AUTOEVENTO=\"Manual\",$M114=1),0,IF(OFFSET(CRONOPLE!$F$14,$M114,AN$13)=\"\",10^12,OFFSET(CRONOPLE!$F$14,$M114,AN$13))))","v":1000000000000},{"$f":"IF($D114<>\"Serviço\",0,IF(AND(AUTOEVENTO=\"Manual\",$M114=1),0,IF(OFFSET(CRONOPLE!$F$14,$M114,AO$13)=\"\",10^12,OFFSET(CRONOPLE!$F$14,$M114,AO$13))))","v":1000000000000},{"$f":"IF($D114<>\"Serviço\",0,IF(AND(AUTOEVENTO=\"Manual\",$M114=1),0,IF(OFFSET(CRONOPLE!$F$14,$M114,AP$13)=\"\",10^12,OFFSET(CRONOPLE!$F$14,$M114,AP$13))))","v":1000000000000},{"$f":"IF($D114<>\"Serviço\",0,IF(AND(AUTOEVENTO=\"Manual\",$M114=1),0,IF(OFFSET(CRONOPLE!$F$14,$M114,AQ$13)=\"\",10^12,OFFSET(CRONOPLE!$F$14,$M114,AQ$13))))","v":1000000000000},{"$f":"IF($D114<>\"Serviço\",0,IF(AND(AUTOEVENTO=\"Manual\",$M114=1),0,IF(OFFSET(CRONOPLE!$F$14,$M114,AR$13)=\"\",10^12,OFFSET(CRONOPLE!$F$14,$M114,AR$13))))","v":1000000000000},{"$f":"IF($D114<>\"Serviço\",0,IF(AND(AUTOEVENTO=\"Manual\",$M114=1),0,IF(OFFSET(CRONOPLE!$F$14,$M114,AS$13)=\"\",10^12,OFFSET(CRONOPLE!$F$14,$M114,AS$13))))","v":1000000000000},{"$f":"IF($D114<>\"Serviço\",0,IF(AND(AUTOEVENTO=\"Manual\",$M114=1),0,IF(OFFSET(CRONOPLE!$F$14,$M114,AT$13)=\"\",10^12,OFFSET(CRONOPLE!$F$14,$M114,AT$13))))","v":1000000000000},{"$f":"IF($D114<>\"Serviço\",0,IF(AND(AUTOEVENTO=\"Manual\",$M114=1),0,IF(OFFSET(CRONOPLE!$F$14,$M114,AU$13)=\"\",10^12,OFFSET(CRONOPLE!$F$14,$M114,AU$13))))","v":1000000000000},{"$f":"IF($D114<>\"Serviço\",0,IF(AND(AUTOEVENTO=\"Manual\",$M114=1),0,IF(OFFSET(CRONOPLE!$F$14,$M114,AV$13)=\"\",10^12,OFFSET(CRONOPLE!$F$14,$M114,AV$13))))","v":1000000000000},null,{"$f":"IF($D114<>\"Serviço\",0,IF(OR(AND(AUTOEVENTO=\"Manual\",$M114=1),$M114>(ROW(PLE.lastrow)-ROW(PLE.firstrow))),0,IF(OFFSET(PLE!$G$14,$M114,AX$13)=\"\",10^12,OFFSET(PLE!$G$14,$M114,AX$13))))","v":1000000000000},{"$f":"IF($D114<>\"Serviço\",0,IF(OR(AND(AUTOEVENTO=\"Manual\",$M114=1),$M114>(ROW(PLE.lastrow)-ROW(PLE.firstrow))),0,IF(OFFSET(PLE!$G$14,$M114,AY$13)=\"\",10^12,OFFSET(PLE!$G$14,$M114,AY$13))))","v":1000000000000},{"$f":"IF($D114<>\"Serviço\",0,IF(OR(AND(AUTOEVENTO=\"Manual\",$M114=1),$M114>(ROW(PLE.lastrow)-ROW(PLE.firstrow))),0,IF(OFFSET(PLE!$G$14,$M114,AZ$13)=\"\",10^12,OFFSET(PLE!$G$14,$M114,AZ$13))))","v":1000000000000},{"$f":"IF($D114<>\"Serviço\",0,IF(OR(AND(AUTOEVENTO=\"Manual\",$M114=1),$M114>(ROW(PLE.lastrow)-ROW(PLE.firstrow))),0,IF(OFFSET(PLE!$G$14,$M114,BA$13)=\"\",10^12,OFFSET(PLE!$G$14,$M114,BA$13))))","v":1000000000000},{"$f":"IF($D114<>\"Serviço\",0,IF(OR(AND(AUTOEVENTO=\"Manual\",$M114=1),$M114>(ROW(PLE.lastrow)-ROW(PLE.firstrow))),0,IF(OFFSET(PLE!$G$14,$M114,BB$13)=\"\",10^12,OFFSET(PLE!$G$14,$M114,BB$13))))","v":1000000000000},{"$f":"IF($D114<>\"Serviço\",0,IF(OR(AND(AUTOEVENTO=\"Manual\",$M114=1),$M114>(ROW(PLE.lastrow)-ROW(PLE.firstrow))),0,IF(OFFSET(PLE!$G$14,$M114,BC$13)=\"\",10^12,OFFSET(PLE!$G$14,$M114,BC$13))))","v":1000000000000},{"$f":"IF($D114<>\"Serviço\",0,IF(OR(AND(AUTOEVENTO=\"Manual\",$M114=1),$M114>(ROW(PLE.lastrow)-ROW(PLE.firstrow))),0,IF(OFFSET(PLE!$G$14,$M114,BD$13)=\"\",10^12,OFFSET(PLE!$G$14,$M114,BD$13))))","v":1000000000000},{"$f":"IF($D114<>\"Serviço\",0,IF(OR(AND(AUTOEVENTO=\"Manual\",$M114=1),$M114>(ROW(PLE.lastrow)-ROW(PLE.firstrow))),0,IF(OFFSET(PLE!$G$14,$M114,BE$13)=\"\",10^12,OFFSET(PLE!$G$14,$M114,BE$13))))","v":1000000000000},{"$f":"IF($D114<>\"Serviço\",0,IF(OR(AND(AUTOEVENTO=\"Manual\",$M114=1),$M114>(ROW(PLE.lastrow)-ROW(PLE.firstrow))),0,IF(OFFSET(PLE!$G$14,$M114,BF$13)=\"\",10^12,OFFSET(PLE!$G$14,$M114,BF$13))))","v":1000000000000},{"$f":"IF($D114<>\"Serviço\",0,IF(OR(AND(AUTOEVENTO=\"Manual\",$M114=1),$M114>(ROW(PLE.lastrow)-ROW(PLE.firstrow))),0,IF(OFFSET(PLE!$G$14,$M114,BG$13)=\"\",10^12,OFFSET(PLE!$G$14,$M114,BG$13))))","v":1000000000000}]
["86",{"$f":"OFFSET(ORÇAMENTO!C$15,ROW(B115)-ROW(B$15),0)","v":"S"},{"$f":"OFFSET(ORÇAMENTO!L$15,ROW(C115)-ROW(C$15),0)","v":"F"},{"$f":"OFFSET(ORÇAMENTO!N$15,ROW(D115)-ROW(D$15),0)","v":"Serviço"},{"$f":"OFFSET(ORÇAMENTO!O$15,ROW(E115)-ROW(E$15),0)","v":"1.12.0.14."},{"$f":"OFFSET(ORÇAMENTO!R$15,ROW(F115)-ROW(F$15),0)","v":"TUBO PVC, SERIE NORMAL, ESGOTO PREDIAL, DN 40 MM, FORNECIDO E INSTALADO EM RAMAL DE DESCARGA OU RAMAL DE ESGOTO SANITÁRIO. AF_08/2022"},{"$f":"IF($D115<>\"Serviço\",\"\",OFFSET(ORÇAMENTO!S$15,ROW(G115)-ROW(G$15),0))","v":"M"},{"$f":"IF($D115<>\"Serviço\",0,IF(ACOMPANHAMENTO=\"BM\",ROUND(OFFSET(ORÇAMENTO!AJ$15,ROW(H115)-ROW(H$15),0),15-13*ORÇAMENTO!$AF$7),SUMPRODUCT(($Q$12:$AA$12<>\"\")*ROUND($Q115:$AA115,15-13*ORÇAMENTO!$AF$7))))","v":57.51},null,null,null,".",{"$f":"IF($D115<>\"Serviço\",\"\",IF(AUTOEVENTO=\"manual\",$A115,IF(ISERROR(MATCH($A115,$A$15:OFFSET($A115,-1,0),0)),MAX($M$15:OFFSET(M115,-1,0))+1,INDEX($M$15:OFFSET(M115,-1,0),MATCH($A115,$A$15:OFFSET($A115,-1,0),0)))))","v":13},{"$f":"IF($D115<>\"Serviço\",\"\",IF(AUTOEVENTO=\"Manual\",IF($A115=0,\"<-- defina o número do agrupador\",OFFSET(EVENTOS!$D$14,$A115,0)),OFFSET($F$15,$A115,0)))","v":"INSTALAÇÕES HIDROSSANITÁRIAS (ESGOTO CLOACAL)"},null,null,{"$f":"0.21+0.21+2.26+2.26+0.1+0.1+0.2+0.73+0.2+0.23+1.35+1.35+0.63+0.5+0.2+0.17+0.52+2.35+0.2+0.1+0.85+0.47+0.12+0.1+0.6+0.1+0.5+0.15+0.64+2.23+0.1+0.52+0.18+0.11+0.1+0.1+0.23+(6*3.2)+(1+0.5+0.5+0.5+0.5+0.5+0.5+0.6+1+1+0.5+0.5)+8.84+0.4+0.5","v":57.51},null,null,null,null,null,null,null,null,null,null,{"$f":"IF(AND($D115=\"Serviço\",AB$12<>0,$H115>0,OR(AUTOEVENTO<>\"manual\",$M115<>1)),\nIF(Import.TipoArredondamento<>\"TransfereGOV\",\nROUND(OFFSET($P115,0,AB$13),15-13*ORÇAMENTO!$AF$7)/$H115*OFFSET(ORÇAMENTO!$X$15,ROW(AB115)-ROW(AB$15),0),\nROUND(ROUND(OFFSET($P115,0,AB$13),15-13*ORÇAMENTO!$AF$7)*OFFSET(ORÇAMENTO!$W$15,ROW(AB115)-ROW(AB$15),0),15-13*ORÇAMENTO!$AF$11)),0)","v":1501.01},{"$f":"IF(AND($D115=\"Serviço\",AC$12<>0,$H115>0,OR(AUTOEVENTO<>\"manual\",$M115<>1)),\nIF(Import.TipoArredondamento<>\"TransfereGOV\",\nROUND(OFFSET($P115,0,AC$13),15-13*ORÇAMENTO!$AF$7)/$H115*OFFSET(ORÇAMENTO!$X$15,ROW(AC115)-ROW(AC$15),0),\nROUND(ROUND(OFFSET($P115,0,AC$13),15-13*ORÇAMENTO!$AF$7)*OFFSET(ORÇAMENTO!$W$15,ROW(AC115)-ROW(AC$15),0),15-13*ORÇAMENTO!$AF$11)),0)","v":0},{"$f":"IF(AND($D115=\"Serviço\",AD$12<>0,$H115>0,OR(AUTOEVENTO<>\"manual\",$M115<>1)),\nIF(Import.TipoArredondamento<>\"TransfereGOV\",\nROUND(OFFSET($P115,0,AD$13),15-13*ORÇAMENTO!$AF$7)/$H115*OFFSET(ORÇAMENTO!$X$15,ROW(AD115)-ROW(AD$15),0),\nROUND(ROUND(OFFSET($P115,0,AD$13),15-13*ORÇAMENTO!$AF$7)*OFFSET(ORÇAMENTO!$W$15,ROW(AD115)-ROW(AD$15),0),15-13*ORÇAMENTO!$AF$11)),0)","v":0},{"$f":"IF(AND($D115=\"Serviço\",AE$12<>0,$H115>0,OR(AUTOEVENTO<>\"manual\",$M115<>1)),\nIF(Import.TipoArredondamento<>\"TransfereGOV\",\nROUND(OFFSET($P115,0,AE$13),15-13*ORÇAMENTO!$AF$7)/$H115*OFFSET(ORÇAMENTO!$X$15,ROW(AE115)-ROW(AE$15),0),\nROUND(ROUND(OFFSET($P115,0,AE$13),15-13*ORÇAMENTO!$AF$7)*OFFSET(ORÇAMENTO!$W$15,ROW(AE115)-ROW(AE$15),0),15-13*ORÇAMENTO!$AF$11)),0)","v":0},{"$f":"IF(AND($D115=\"Serviço\",AF$12<>0,$H115>0,OR(AUTOEVENTO<>\"manual\",$M115<>1)),\nIF(Import.TipoArredondamento<>\"TransfereGOV\",\nROUND(OFFSET($P115,0,AF$13),15-13*ORÇAMENTO!$AF$7)/$H115*OFFSET(ORÇAMENTO!$X$15,ROW(AF115)-ROW(AF$15),0),\nROUND(ROUND(OFFSET($P115,0,AF$13),15-13*ORÇAMENTO!$AF$7)*OFFSET(ORÇAMENTO!$W$15,ROW(AF115)-ROW(AF$15),0),15-13*ORÇAMENTO!$AF$11)),0)","v":0},{"$f":"IF(AND($D115=\"Serviço\",AG$12<>0,$H115>0,OR(AUTOEVENTO<>\"manual\",$M115<>1)),\nIF(Import.TipoArredondamento<>\"TransfereGOV\",\nROUND(OFFSET($P115,0,AG$13),15-13*ORÇAMENTO!$AF$7)/$H115*OFFSET(ORÇAMENTO!$X$15,ROW(AG115)-ROW(AG$15),0),\nROUND(ROUND(OFFSET($P115,0,AG$13),15-13*ORÇAMENTO!$AF$7)*OFFSET(ORÇAMENTO!$W$15,ROW(AG115)-ROW(AG$15),0),15-13*ORÇAMENTO!$AF$11)),0)","v":0},{"$f":"IF(AND($D115=\"Serviço\",AH$12<>0,$H115>0,OR(AUTOEVENTO<>\"manual\",$M115<>1)),\nIF(Import.TipoArredondamento<>\"TransfereGOV\",\nROUND(OFFSET($P115,0,AH$13),15-13*ORÇAMENTO!$AF$7)/$H115*OFFSET(ORÇAMENTO!$X$15,ROW(AH115)-ROW(AH$15),0),\nROUND(ROUND(OFFSET($P115,0,AH$13),15-13*ORÇAMENTO!$AF$7)*OFFSET(ORÇAMENTO!$W$15,ROW(AH115)-ROW(AH$15),0),15-13*ORÇAMENTO!$AF$11)),0)","v":0},{"$f":"IF(AND($D115=\"Serviço\",AI$12<>0,$H115>0,OR(AUTOEVENTO<>\"manual\",$M115<>1)),\nIF(Import.TipoArredondamento<>\"TransfereGOV\",\nROUND(OFFSET($P115,0,AI$13),15-13*ORÇAMENTO!$AF$7)/$H115*OFFSET(ORÇAMENTO!$X$15,ROW(AI115)-ROW(AI$15),0),\nROUND(ROUND(OFFSET($P115,0,AI$13),15-13*ORÇAMENTO!$AF$7)*OFFSET(ORÇAMENTO!$W$15,ROW(AI115)-ROW(AI$15),0),15-13*ORÇAMENTO!$AF$11)),0)","v":0},{"$f":"IF(AND($D115=\"Serviço\",AJ$12<>0,$H115>0,OR(AUTOEVENTO<>\"manual\",$M115<>1)),\nIF(Import.TipoArredondamento<>\"TransfereGOV\",\nROUND(OFFSET($P115,0,AJ$13),15-13*ORÇAMENTO!$AF$7)/$H115*OFFSET(ORÇAMENTO!$X$15,ROW(AJ115)-ROW(AJ$15),0),\nROUND(ROUND(OFFSET($P115,0,AJ$13),15-13*ORÇAMENTO!$AF$7)*OFFSET(ORÇAMENTO!$W$15,ROW(AJ115)-ROW(AJ$15),0),15-13*ORÇAMENTO!$AF$11)),0)","v":0},{"$f":"IF(AND($D115=\"Serviço\",AK$12<>0,$H115>0,OR(AUTOEVENTO<>\"manual\",$M115<>1)),\nIF(Import.TipoArredondamento<>\"TransfereGOV\",\nROUND(OFFSET($P115,0,AK$13),15-13*ORÇAMENTO!$AF$7)/$H115*OFFSET(ORÇAMENTO!$X$15,ROW(AK115)-ROW(AK$15),0),\nROUND(ROUND(OFFSET($P115,0,AK$13),15-13*ORÇAMENTO!$AF$7)*OFFSET(ORÇAMENTO!$W$15,ROW(AK115)-ROW(AK$15),0),15-13*ORÇAMENTO!$AF$11)),0)","v":0},null,{"$f":"IF($D115<>\"Serviço\",0,IF(AND(AUTOEVENTO=\"Manual\",$M115=1),0,IF(OFFSET(CRONOPLE!$F$14,$M115,AM$13)=\"\",10^12,OFFSET(CRONOPLE!$F$14,$M115,AM$13))))","v":1000000000000},{"$f":"IF($D115<>\"Serviço\",0,IF(AND(AUTOEVENTO=\"Manual\",$M115=1),0,IF(OFFSET(CRONOPLE!$F$14,$M115,AN$13)=\"\",10^12,OFFSET(CRONOPLE!$F$14,$M115,AN$13))))","v":1000000000000},{"$f":"IF($D115<>\"Serviço\",0,IF(AND(AUTOEVENTO=\"Manual\",$M115=1),0,IF(OFFSET(CRONOPLE!$F$14,$M115,AO$13)=\"\",10^12,OFFSET(CRONOPLE!$F$14,$M115,AO$13))))","v":1000000000000},{"$f":"IF($D115<>\"Serviço\",0,IF(AND(AUTOEVENTO=\"Manual\",$M115=1),0,IF(OFFSET(CRONOPLE!$F$14,$M115,AP$13)=\"\",10^12,OFFSET(CRONOPLE!$F$14,$M115,AP$13))))","v":1000000000000},{"$f":"IF($D115<>\"Serviço\",0,IF(AND(AUTOEVENTO=\"Manual\",$M115=1),0,IF(OFFSET(CRONOPLE!$F$14,$M115,AQ$13)=\"\",10^12,OFFSET(CRONOPLE!$F$14,$M115,AQ$13))))","v":1000000000000},{"$f":"IF($D115<>\"Serviço\",0,IF(AND(AUTOEVENTO=\"Manual\",$M115=1),0,IF(OFFSET(CRONOPLE!$F$14,$M115,AR$13)=\"\",10^12,OFFSET(CRONOPLE!$F$14,$M115,AR$13))))","v":1000000000000},{"$f":"IF($D115<>\"Serviço\",0,IF(AND(AUTOEVENTO=\"Manual\",$M115=1),0,IF(OFFSET(CRONOPLE!$F$14,$M115,AS$13)=\"\",10^12,OFFSET(CRONOPLE!$F$14,$M115,AS$13))))","v":1000000000000},{"$f":"IF($D115<>\"Serviço\",0,IF(AND(AUTOEVENTO=\"Manual\",$M115=1),0,IF(OFFSET(CRONOPLE!$F$14,$M115,AT$13)=\"\",10^12,OFFSET(CRONOPLE!$F$14,$M115,AT$13))))","v":1000000000000},{"$f":"IF($D115<>\"Serviço\",0,IF(AND(AUTOEVENTO=\"Manual\",$M115=1),0,IF(OFFSET(CRONOPLE!$F$14,$M115,AU$13)=\"\",10^12,OFFSET(CRONOPLE!$F$14,$M115,AU$13))))","v":1000000000000},{"$f":"IF($D115<>\"Serviço\",0,IF(AND(AUTOEVENTO=\"Manual\",$M115=1),0,IF(OFFSET(CRONOPLE!$F$14,$M115,AV$13)=\"\",10^12,OFFSET(CRONOPLE!$F$14,$M115,AV$13))))","v":1000000000000},null,{"$f":"IF($D115<>\"Serviço\",0,IF(OR(AND(AUTOEVENTO=\"Manual\",$M115=1),$M115>(ROW(PLE.lastrow)-ROW(PLE.firstrow))),0,IF(OFFSET(PLE!$G$14,$M115,AX$13)=\"\",10^12,OFFSET(PLE!$G$14,$M115,AX$13))))","v":1000000000000},{"$f":"IF($D115<>\"Serviço\",0,IF(OR(AND(AUTOEVENTO=\"Manual\",$M115=1),$M115>(ROW(PLE.lastrow)-ROW(PLE.firstrow))),0,IF(OFFSET(PLE!$G$14,$M115,AY$13)=\"\",10^12,OFFSET(PLE!$G$14,$M115,AY$13))))","v":1000000000000},{"$f":"IF($D115<>\"Serviço\",0,IF(OR(AND(AUTOEVENTO=\"Manual\",$M115=1),$M115>(ROW(PLE.lastrow)-ROW(PLE.firstrow))),0,IF(OFFSET(PLE!$G$14,$M115,AZ$13)=\"\",10^12,OFFSET(PLE!$G$14,$M115,AZ$13))))","v":1000000000000},{"$f":"IF($D115<>\"Serviço\",0,IF(OR(AND(AUTOEVENTO=\"Manual\",$M115=1),$M115>(ROW(PLE.lastrow)-ROW(PLE.firstrow))),0,IF(OFFSET(PLE!$G$14,$M115,BA$13)=\"\",10^12,OFFSET(PLE!$G$14,$M115,BA$13))))","v":1000000000000},{"$f":"IF($D115<>\"Serviço\",0,IF(OR(AND(AUTOEVENTO=\"Manual\",$M115=1),$M115>(ROW(PLE.lastrow)-ROW(PLE.firstrow))),0,IF(OFFSET(PLE!$G$14,$M115,BB$13)=\"\",10^12,OFFSET(PLE!$G$14,$M115,BB$13))))","v":1000000000000},{"$f":"IF($D115<>\"Serviço\",0,IF(OR(AND(AUTOEVENTO=\"Manual\",$M115=1),$M115>(ROW(PLE.lastrow)-ROW(PLE.firstrow))),0,IF(OFFSET(PLE!$G$14,$M115,BC$13)=\"\",10^12,OFFSET(PLE!$G$14,$M115,BC$13))))","v":1000000000000},{"$f":"IF($D115<>\"Serviço\",0,IF(OR(AND(AUTOEVENTO=\"Manual\",$M115=1),$M115>(ROW(PLE.lastrow)-ROW(PLE.firstrow))),0,IF(OFFSET(PLE!$G$14,$M115,BD$13)=\"\",10^12,OFFSET(PLE!$G$14,$M115,BD$13))))","v":1000000000000},{"$f":"IF($D115<>\"Serviço\",0,IF(OR(AND(AUTOEVENTO=\"Manual\",$M115=1),$M115>(ROW(PLE.lastrow)-ROW(PLE.firstrow))),0,IF(OFFSET(PLE!$G$14,$M115,BE$13)=\"\",10^12,OFFSET(PLE!$G$14,$M115,BE$13))))","v":1000000000000},{"$f":"IF($D115<>\"Serviço\",0,IF(OR(AND(AUTOEVENTO=\"Manual\",$M115=1),$M115>(ROW(PLE.lastrow)-ROW(PLE.firstrow))),0,IF(OFFSET(PLE!$G$14,$M115,BF$13)=\"\",10^12,OFFSET(PLE!$G$14,$M115,BF$13))))","v":1000000000000},{"$f":"IF($D115<>\"Serviço\",0,IF(OR(AND(AUTOEVENTO=\"Manual\",$M115=1),$M115>(ROW(PLE.lastrow)-ROW(PLE.firstrow))),0,IF(OFFSET(PLE!$G$14,$M115,BG$13)=\"\",10^12,OFFSET(PLE!$G$14,$M115,BG$13))))","v":1000000000000}]
["86",{"$f":"OFFSET(ORÇAMENTO!C$15,ROW(B116)-ROW(B$15),0)","v":"S"},{"$f":"OFFSET(ORÇAMENTO!L$15,ROW(C116)-ROW(C$15),0)","v":"F"},{"$f":"OFFSET(ORÇAMENTO!N$15,ROW(D116)-ROW(D$15),0)","v":"Serviço"},{"$f":"OFFSET(ORÇAMENTO!O$15,ROW(E116)-ROW(E$15),0)","v":"1.12.0.15."},{"$f":"OFFSET(ORÇAMENTO!R$15,ROW(F116)-ROW(F$15),0)","v":"JOELHO 45 GRAUS, PVC, SERIE NORMAL, ESGOTO PREDIAL, DN 40 MM, JUNTA SOLDÁVEL, FORNECIDO E INSTALADO EM RAMAL DE DESCARGA OU RAMAL DE ESGOTO SANITÁRIO. AF_08/2022"},{"$f":"IF($D116<>\"Serviço\",\"\",OFFSET(ORÇAMENTO!S$15,ROW(G116)-ROW(G$15),0))","v":"UN"},{"$f":"IF($D116<>\"Serviço\",0,IF(ACOMPANHAMENTO=\"BM\",ROUND(OFFSET(ORÇAMENTO!AJ$15,ROW(H116)-ROW(H$15),0),15-13*ORÇAMENTO!$AF$7),SUMPRODUCT(($Q$12:$AA$12<>\"\")*ROUND($Q116:$AA116,15-13*ORÇAMENTO!$AF$7))))","v":19},null,null,null,".",{"$f":"IF($D116<>\"Serviço\",\"\",IF(AUTOEVENTO=\"manual\",$A116,IF(ISERROR(MATCH($A116,$A$15:OFFSET($A116,-1,0),0)),MAX($M$15:OFFSET(M116,-1,0))+1,INDEX($M$15:OFFSET(M116,-1,0),MATCH($A116,$A$15:OFFSET($A116,-1,0),0)))))","v":13},{"$f":"IF($D116<>\"Serviço\",\"\",IF(AUTOEVENTO=\"Manual\",IF($A116=0,\"<-- defina o número do agrupador\",OFFSET(EVENTOS!$D$14,$A116,0)),OFFSET($F$15,$A116,0)))","v":"INSTALAÇÕES HIDROSSANITÁRIAS (ESGOTO CLOACAL)"},null,null,{"$f":"4+2+1+4+2+6","v":19},null,null,null,null,null,null,null,null,null,null,{"$f":"IF(AND($D116=\"Serviço\",AB$12<>0,$H116>0,OR(AUTOEVENTO<>\"manual\",$M116<>1)),\nIF(Import.TipoArredondamento<>\"TransfereGOV\",\nROUND(OFFSET($P116,0,AB$13),15-13*ORÇAMENTO!$AF$7)/$H116*OFFSET(ORÇAMENTO!$X$15,ROW(AB116)-ROW(AB$15),0),\nROUND(ROUND(OFFSET($P116,0,AB$13),15-13*ORÇAMENTO!$AF$7)*OFFSET(ORÇAMENTO!$W$15,ROW(AB116)-ROW(AB$15),0),15-13*ORÇAMENTO!$AF$11)),0)","v":245.67},{"$f":"IF(AND($D116=\"Serviço\",AC$12<>0,$H116>0,OR(AUTOEVENTO<>\"manual\",$M116<>1)),\nIF(Import.TipoArredondamento<>\"TransfereGOV\",\nROUND(OFFSET($P116,0,AC$13),15-13*ORÇAMENTO!$AF$7)/$H116*OFFSET(ORÇAMENTO!$X$15,ROW(AC116)-ROW(AC$15),0),\nROUND(ROUND(OFFSET($P116,0,AC$13),15-13*ORÇAMENTO!$AF$7)*OFFSET(ORÇAMENTO!$W$15,ROW(AC116)-ROW(AC$15),0),15-13*ORÇAMENTO!$AF$11)),0)","v":0},{"$f":"IF(AND($D116=\"Serviço\",AD$12<>0,$H116>0,OR(AUTOEVENTO<>\"manual\",$M116<>1)),\nIF(Import.TipoArredondamento<>\"TransfereGOV\",\nROUND(OFFSET($P116,0,AD$13),15-13*ORÇAMENTO!$AF$7)/$H116*OFFSET(ORÇAMENTO!$X$15,ROW(AD116)-ROW(AD$15),0),\nROUND(ROUND(OFFSET($P116,0,AD$13),15-13*ORÇAMENTO!$AF$7)*OFFSET(ORÇAMENTO!$W$15,ROW(AD116)-ROW(AD$15),0),15-13*ORÇAMENTO!$AF$11)),0)","v":0},{"$f":"IF(AND($D116=\"Serviço\",AE$12<>0,$H116>0,OR(AUTOEVENTO<>\"manual\",$M116<>1)),\nIF(Import.TipoArredondamento<>\"TransfereGOV\",\nROUND(OFFSET($P116,0,AE$13),15-13*ORÇAMENTO!$AF$7)/$H116*OFFSET(ORÇAMENTO!$X$15,ROW(AE116)-ROW(AE$15),0),\nROUND(ROUND(OFFSET($P116,0,AE$13),15-13*ORÇAMENTO!$AF$7)*OFFSET(ORÇAMENTO!$W$15,ROW(AE116)-ROW(AE$15),0),15-13*ORÇAMENTO!$AF$11)),0)","v":0},{"$f":"IF(AND($D116=\"Serviço\",AF$12<>0,$H116>0,OR(AUTOEVENTO<>\"manual\",$M116<>1)),\nIF(Import.TipoArredondamento<>\"TransfereGOV\",\nROUND(OFFSET($P116,0,AF$13),15-13*ORÇAMENTO!$AF$7)/$H116*OFFSET(ORÇAMENTO!$X$15,ROW(AF116)-ROW(AF$15),0),\nROUND(ROUND(OFFSET($P116,0,AF$13),15-13*ORÇAMENTO!$AF$7)*OFFSET(ORÇAMENTO!$W$15,ROW(AF116)-ROW(AF$15),0),15-13*ORÇAMENTO!$AF$11)),0)","v":0},{"$f":"IF(AND($D116=\"Serviço\",AG$12<>0,$H116>0,OR(AUTOEVENTO<>\"manual\",$M116<>1)),\nIF(Import.TipoArredondamento<>\"TransfereGOV\",\nROUND(OFFSET($P116,0,AG$13),15-13*ORÇAMENTO!$AF$7)/$H116*OFFSET(ORÇAMENTO!$X$15,ROW(AG116)-ROW(AG$15),0),\nROUND(ROUND(OFFSET($P116,0,AG$13),15-13*ORÇAMENTO!$AF$7)*OFFSET(ORÇAMENTO!$W$15,ROW(AG116)-ROW(AG$15),0),15-13*ORÇAMENTO!$AF$11)),0)","v":0},{"$f":"IF(AND($D116=\"Serviço\",AH$12<>0,$H116>0,OR(AUTOEVENTO<>\"manual\",$M116<>1)),\nIF(Import.TipoArredondamento<>\"TransfereGOV\",\nROUND(OFFSET($P116,0,AH$13),15-13*ORÇAMENTO!$AF$7)/$H116*OFFSET(ORÇAMENTO!$X$15,ROW(AH116)-ROW(AH$15),0),\nROUND(ROUND(OFFSET($P116,0,AH$13),15-13*ORÇAMENTO!$AF$7)*OFFSET(ORÇAMENTO!$W$15,ROW(AH116)-ROW(AH$15),0),15-13*ORÇAMENTO!$AF$11)),0)","v":0},{"$f":"IF(AND($D116=\"Serviço\",AI$12<>0,$H116>0,OR(AUTOEVENTO<>\"manual\",$M116<>1)),\nIF(Import.TipoArredondamento<>\"TransfereGOV\",\nROUND(OFFSET($P116,0,AI$13),15-13*ORÇAMENTO!$AF$7)/$H116*OFFSET(ORÇAMENTO!$X$15,ROW(AI116)-ROW(AI$15),0),\nROUND(ROUND(OFFSET($P116,0,AI$13),15-13*ORÇAMENTO!$AF$7)*OFFSET(ORÇAMENTO!$W$15,ROW(AI116)-ROW(AI$15),0),15-13*ORÇAMENTO!$AF$11)),0)","v":0},{"$f":"IF(AND($D116=\"Serviço\",AJ$12<>0,$H116>0,OR(AUTOEVENTO<>\"manual\",$M116<>1)),\nIF(Import.TipoArredondamento<>\"TransfereGOV\",\nROUND(OFFSET($P116,0,AJ$13),15-13*ORÇAMENTO!$AF$7)/$H116*OFFSET(ORÇAMENTO!$X$15,ROW(AJ116)-ROW(AJ$15),0),\nROUND(ROUND(OFFSET($P116,0,AJ$13),15-13*ORÇAMENTO!$AF$7)*OFFSET(ORÇAMENTO!$W$15,ROW(AJ116)-ROW(AJ$15),0),15-13*ORÇAMENTO!$AF$11)),0)","v":0},{"$f":"IF(AND($D116=\"Serviço\",AK$12<>0,$H116>0,OR(AUTOEVENTO<>\"manual\",$M116<>1)),\nIF(Import.TipoArredondamento<>\"TransfereGOV\",\nROUND(OFFSET($P116,0,AK$13),15-13*ORÇAMENTO!$AF$7)/$H116*OFFSET(ORÇAMENTO!$X$15,ROW(AK116)-ROW(AK$15),0),\nROUND(ROUND(OFFSET($P116,0,AK$13),15-13*ORÇAMENTO!$AF$7)*OFFSET(ORÇAMENTO!$W$15,ROW(AK116)-ROW(AK$15),0),15-13*ORÇAMENTO!$AF$11)),0)","v":0},null,{"$f":"IF($D116<>\"Serviço\",0,IF(AND(AUTOEVENTO=\"Manual\",$M116=1),0,IF(OFFSET(CRONOPLE!$F$14,$M116,AM$13)=\"\",10^12,OFFSET(CRONOPLE!$F$14,$M116,AM$13))))","v":1000000000000},{"$f":"IF($D116<>\"Serviço\",0,IF(AND(AUTOEVENTO=\"Manual\",$M116=1),0,IF(OFFSET(CRONOPLE!$F$14,$M116,AN$13)=\"\",10^12,OFFSET(CRONOPLE!$F$14,$M116,AN$13))))","v":1000000000000},{"$f":"IF($D116<>\"Serviço\",0,IF(AND(AUTOEVENTO=\"Manual\",$M116=1),0,IF(OFFSET(CRONOPLE!$F$14,$M116,AO$13)=\"\",10^12,OFFSET(CRONOPLE!$F$14,$M116,AO$13))))","v":1000000000000},{"$f":"IF($D116<>\"Serviço\",0,IF(AND(AUTOEVENTO=\"Manual\",$M116=1),0,IF(OFFSET(CRONOPLE!$F$14,$M116,AP$13)=\"\",10^12,OFFSET(CRONOPLE!$F$14,$M116,AP$13))))","v":1000000000000},{"$f":"IF($D116<>\"Serviço\",0,IF(AND(AUTOEVENTO=\"Manual\",$M116=1),0,IF(OFFSET(CRONOPLE!$F$14,$M116,AQ$13)=\"\",10^12,OFFSET(CRONOPLE!$F$14,$M116,AQ$13))))","v":1000000000000},{"$f":"IF($D116<>\"Serviço\",0,IF(AND(AUTOEVENTO=\"Manual\",$M116=1),0,IF(OFFSET(CRONOPLE!$F$14,$M116,AR$13)=\"\",10^12,OFFSET(CRONOPLE!$F$14,$M116,AR$13))))","v":1000000000000},{"$f":"IF($D116<>\"Serviço\",0,IF(AND(AUTOEVENTO=\"Manual\",$M116=1),0,IF(OFFSET(CRONOPLE!$F$14,$M116,AS$13)=\"\",10^12,OFFSET(CRONOPLE!$F$14,$M116,AS$13))))","v":1000000000000},{"$f":"IF($D116<>\"Serviço\",0,IF(AND(AUTOEVENTO=\"Manual\",$M116=1),0,IF(OFFSET(CRONOPLE!$F$14,$M116,AT$13)=\"\",10^12,OFFSET(CRONOPLE!$F$14,$M116,AT$13))))","v":1000000000000},{"$f":"IF($D116<>\"Serviço\",0,IF(AND(AUTOEVENTO=\"Manual\",$M116=1),0,IF(OFFSET(CRONOPLE!$F$14,$M116,AU$13)=\"\",10^12,OFFSET(CRONOPLE!$F$14,$M116,AU$13))))","v":1000000000000},{"$f":"IF($D116<>\"Serviço\",0,IF(AND(AUTOEVENTO=\"Manual\",$M116=1),0,IF(OFFSET(CRONOPLE!$F$14,$M116,AV$13)=\"\",10^12,OFFSET(CRONOPLE!$F$14,$M116,AV$13))))","v":1000000000000},null,{"$f":"IF($D116<>\"Serviço\",0,IF(OR(AND(AUTOEVENTO=\"Manual\",$M116=1),$M116>(ROW(PLE.lastrow)-ROW(PLE.firstrow))),0,IF(OFFSET(PLE!$G$14,$M116,AX$13)=\"\",10^12,OFFSET(PLE!$G$14,$M116,AX$13))))","v":1000000000000},{"$f":"IF($D116<>\"Serviço\",0,IF(OR(AND(AUTOEVENTO=\"Manual\",$M116=1),$M116>(ROW(PLE.lastrow)-ROW(PLE.firstrow))),0,IF(OFFSET(PLE!$G$14,$M116,AY$13)=\"\",10^12,OFFSET(PLE!$G$14,$M116,AY$13))))","v":1000000000000},{"$f":"IF($D116<>\"Serviço\",0,IF(OR(AND(AUTOEVENTO=\"Manual\",$M116=1),$M116>(ROW(PLE.lastrow)-ROW(PLE.firstrow))),0,IF(OFFSET(PLE!$G$14,$M116,AZ$13)=\"\",10^12,OFFSET(PLE!$G$14,$M116,AZ$13))))","v":1000000000000},{"$f":"IF($D116<>\"Serviço\",0,IF(OR(AND(AUTOEVENTO=\"Manual\",$M116=1),$M116>(ROW(PLE.lastrow)-ROW(PLE.firstrow))),0,IF(OFFSET(PLE!$G$14,$M116,BA$13)=\"\",10^12,OFFSET(PLE!$G$14,$M116,BA$13))))","v":1000000000000},{"$f":"IF($D116<>\"Serviço\",0,IF(OR(AND(AUTOEVENTO=\"Manual\",$M116=1),$M116>(ROW(PLE.lastrow)-ROW(PLE.firstrow))),0,IF(OFFSET(PLE!$G$14,$M116,BB$13)=\"\",10^12,OFFSET(PLE!$G$14,$M116,BB$13))))","v":1000000000000},{"$f":"IF($D116<>\"Serviço\",0,IF(OR(AND(AUTOEVENTO=\"Manual\",$M116=1),$M116>(ROW(PLE.lastrow)-ROW(PLE.firstrow))),0,IF(OFFSET(PLE!$G$14,$M116,BC$13)=\"\",10^12,OFFSET(PLE!$G$14,$M116,BC$13))))","v":1000000000000},{"$f":"IF($D116<>\"Serviço\",0,IF(OR(AND(AUTOEVENTO=\"Manual\",$M116=1),$M116>(ROW(PLE.lastrow)-ROW(PLE.firstrow))),0,IF(OFFSET(PLE!$G$14,$M116,BD$13)=\"\",10^12,OFFSET(PLE!$G$14,$M116,BD$13))))","v":1000000000000},{"$f":"IF($D116<>\"Serviço\",0,IF(OR(AND(AUTOEVENTO=\"Manual\",$M116=1),$M116>(ROW(PLE.lastrow)-ROW(PLE.firstrow))),0,IF(OFFSET(PLE!$G$14,$M116,BE$13)=\"\",10^12,OFFSET(PLE!$G$14,$M116,BE$13))))","v":1000000000000},{"$f":"IF($D116<>\"Serviço\",0,IF(OR(AND(AUTOEVENTO=\"Manual\",$M116=1),$M116>(ROW(PLE.lastrow)-ROW(PLE.firstrow))),0,IF(OFFSET(PLE!$G$14,$M116,BF$13)=\"\",10^12,OFFSET(PLE!$G$14,$M116,BF$13))))","v":1000000000000},{"$f":"IF($D116<>\"Serviço\",0,IF(OR(AND(AUTOEVENTO=\"Manual\",$M116=1),$M116>(ROW(PLE.lastrow)-ROW(PLE.firstrow))),0,IF(OFFSET(PLE!$G$14,$M116,BG$13)=\"\",10^12,OFFSET(PLE!$G$14,$M116,BG$13))))","v":1000000000000}]
["86",{"$f":"OFFSET(ORÇAMENTO!C$15,ROW(B117)-ROW(B$15),0)","v":"S"},{"$f":"OFFSET(ORÇAMENTO!L$15,ROW(C117)-ROW(C$15),0)","v":"F"},{"$f":"OFFSET(ORÇAMENTO!N$15,ROW(D117)-ROW(D$15),0)","v":"Serviço"},{"$f":"OFFSET(ORÇAMENTO!O$15,ROW(E117)-ROW(E$15),0)","v":"1.12.0.16."},{"$f":"OFFSET(ORÇAMENTO!R$15,ROW(F117)-ROW(F$15),0)","v":"JOELHO 90 GRAUS, PVC, SERIE NORMAL, ESGOTO PREDIAL, DN 40 MM, JUNTA SOLDÁVEL, FORNECIDO E INSTALADO EM RAMAL DE DESCARGA OU RAMAL DE ESGOTO SANITÁRIO. AF_08/2022"},{"$f":"IF($D117<>\"Serviço\",\"\",OFFSET(ORÇAMENTO!S$15,ROW(G117)-ROW(G$15),0))","v":"UN"},{"$f":"IF($D117<>\"Serviço\",0,IF(ACOMPANHAMENTO=\"BM\",ROUND(OFFSET(ORÇAMENTO!AJ$15,ROW(H117)-ROW(H$15),0),15-13*ORÇAMENTO!$AF$7),SUMPRODUCT(($Q$12:$AA$12<>\"\")*ROUND($Q117:$AA117,15-13*ORÇAMENTO!$AF$7))))","v":43},null,null,null,".",{"$f":"IF($D117<>\"Serviço\",\"\",IF(AUTOEVENTO=\"manual\",$A117,IF(ISERROR(MATCH($A117,$A$15:OFFSET($A117,-1,0),0)),MAX($M$15:OFFSET(M117,-1,0))+1,INDEX($M$15:OFFSET(M117,-1,0),MATCH($A117,$A$15:OFFSET($A117,-1,0),0)))))","v":13},{"$f":"IF($D117<>\"Serviço\",\"\",IF(AUTOEVENTO=\"Manual\",IF($A117=0,\"<-- defina o número do agrupador\",OFFSET(EVENTOS!$D$14,$A117,0)),OFFSET($F$15,$A117,0)))","v":"INSTALAÇÕES HIDROSSANITÁRIAS (ESGOTO CLOACAL)"},null,null,{"$f":"2+10+11+2+8+8+2","v":43},null,null,null,null,null,null,null,null,null,null,{"$f":"IF(AND($D117=\"Serviço\",AB$12<>0,$H117>0,OR(AUTOEVENTO<>\"manual\",$M117<>1)),\nIF(Import.TipoArredondamento<>\"TransfereGOV\",\nROUND(OFFSET($P117,0,AB$13),15-13*ORÇAMENTO!$AF$7)/$H117*OFFSET(ORÇAMENTO!$X$15,ROW(AB117)-ROW(AB$15),0),\nROUND(ROUND(OFFSET($P117,0,AB$13),15-13*ORÇAMENTO!$AF$7)*OFFSET(ORÇAMENTO!$W$15,ROW(AB117)-ROW(AB$15),0),15-13*ORÇAMENTO!$AF$11)),0)","v":543.52},{"$f":"IF(AND($D117=\"Serviço\",AC$12<>0,$H117>0,OR(AUTOEVENTO<>\"manual\",$M117<>1)),\nIF(Import.TipoArredondamento<>\"TransfereGOV\",\nROUND(OFFSET($P117,0,AC$13),15-13*ORÇAMENTO!$AF$7)/$H117*OFFSET(ORÇAMENTO!$X$15,ROW(AC117)-ROW(AC$15),0),\nROUND(ROUND(OFFSET($P117,0,AC$13),15-13*ORÇAMENTO!$AF$7)*OFFSET(ORÇAMENTO!$W$15,ROW(AC117)-ROW(AC$15),0),15-13*ORÇAMENTO!$AF$11)),0)","v":0},{"$f":"IF(AND($D117=\"Serviço\",AD$12<>0,$H117>0,OR(AUTOEVENTO<>\"manual\",$M117<>1)),\nIF(Import.TipoArredondamento<>\"TransfereGOV\",\nROUND(OFFSET($P117,0,AD$13),15-13*ORÇAMENTO!$AF$7)/$H117*OFFSET(ORÇAMENTO!$X$15,ROW(AD117)-ROW(AD$15),0),\nROUND(ROUND(OFFSET($P117,0,AD$13),15-13*ORÇAMENTO!$AF$7)*OFFSET(ORÇAMENTO!$W$15,ROW(AD117)-ROW(AD$15),0),15-13*ORÇAMENTO!$AF$11)),0)","v":0},{"$f":"IF(AND($D117=\"Serviço\",AE$12<>0,$H117>0,OR(AUTOEVENTO<>\"manual\",$M117<>1)),\nIF(Import.TipoArredondamento<>\"TransfereGOV\",\nROUND(OFFSET($P117,0,AE$13),15-13*ORÇAMENTO!$AF$7)/$H117*OFFSET(ORÇAMENTO!$X$15,ROW(AE117)-ROW(AE$15),0),\nROUND(ROUND(OFFSET($P117,0,AE$13),15-13*ORÇAMENTO!$AF$7)*OFFSET(ORÇAMENTO!$W$15,ROW(AE117)-ROW(AE$15),0),15-13*ORÇAMENTO!$AF$11)),0)","v":0},{"$f":"IF(AND($D117=\"Serviço\",AF$12<>0,$H117>0,OR(AUTOEVENTO<>\"manual\",$M117<>1)),\nIF(Import.TipoArredondamento<>\"TransfereGOV\",\nROUND(OFFSET($P117,0,AF$13),15-13*ORÇAMENTO!$AF$7)/$H117*OFFSET(ORÇAMENTO!$X$15,ROW(AF117)-ROW(AF$15),0),\nROUND(ROUND(OFFSET($P117,0,AF$13),15-13*ORÇAMENTO!$AF$7)*OFFSET(ORÇAMENTO!$W$15,ROW(AF117)-ROW(AF$15),0),15-13*ORÇAMENTO!$AF$11)),0)","v":0},{"$f":"IF(AND($D117=\"Serviço\",AG$12<>0,$H117>0,OR(AUTOEVENTO<>\"manual\",$M117<>1)),\nIF(Import.TipoArredondamento<>\"TransfereGOV\",\nROUND(OFFSET($P117,0,AG$13),15-13*ORÇAMENTO!$AF$7)/$H117*OFFSET(ORÇAMENTO!$X$15,ROW(AG117)-ROW(AG$15),0),\nROUND(ROUND(OFFSET($P117,0,AG$13),15-13*ORÇAMENTO!$AF$7)*OFFSET(ORÇAMENTO!$W$15,ROW(AG117)-ROW(AG$15),0),15-13*ORÇAMENTO!$AF$11)),0)","v":0},{"$f":"IF(AND($D117=\"Serviço\",AH$12<>0,$H117>0,OR(AUTOEVENTO<>\"manual\",$M117<>1)),\nIF(Import.TipoArredondamento<>\"TransfereGOV\",\nROUND(OFFSET($P117,0,AH$13),15-13*ORÇAMENTO!$AF$7)/$H117*OFFSET(ORÇAMENTO!$X$15,ROW(AH117)-ROW(AH$15),0),\nROUND(ROUND(OFFSET($P117,0,AH$13),15-13*ORÇAMENTO!$AF$7)*OFFSET(ORÇAMENTO!$W$15,ROW(AH117)-ROW(AH$15),0),15-13*ORÇAMENTO!$AF$11)),0)","v":0},{"$f":"IF(AND($D117=\"Serviço\",AI$12<>0,$H117>0,OR(AUTOEVENTO<>\"manual\",$M117<>1)),\nIF(Import.TipoArredondamento<>\"TransfereGOV\",\nROUND(OFFSET($P117,0,AI$13),15-13*ORÇAMENTO!$AF$7)/$H117*OFFSET(ORÇAMENTO!$X$15,ROW(AI117)-ROW(AI$15),0),\nROUND(ROUND(OFFSET($P117,0,AI$13),15-13*ORÇAMENTO!$AF$7)*OFFSET(ORÇAMENTO!$W$15,ROW(AI117)-ROW(AI$15),0),15-13*ORÇAMENTO!$AF$11)),0)","v":0},{"$f":"IF(AND($D117=\"Serviço\",AJ$12<>0,$H117>0,OR(AUTOEVENTO<>\"manual\",$M117<>1)),\nIF(Import.TipoArredondamento<>\"TransfereGOV\",\nROUND(OFFSET($P117,0,AJ$13),15-13*ORÇAMENTO!$AF$7)/$H117*OFFSET(ORÇAMENTO!$X$15,ROW(AJ117)-ROW(AJ$15),0),\nROUND(ROUND(OFFSET($P117,0,AJ$13),15-13*ORÇAMENTO!$AF$7)*OFFSET(ORÇAMENTO!$W$15,ROW(AJ117)-ROW(AJ$15),0),15-13*ORÇAMENTO!$AF$11)),0)","v":0},{"$f":"IF(AND($D117=\"Serviço\",AK$12<>0,$H117>0,OR(AUTOEVENTO<>\"manual\",$M117<>1)),\nIF(Import.TipoArredondamento<>\"TransfereGOV\",\nROUND(OFFSET($P117,0,AK$13),15-13*ORÇAMENTO!$AF$7)/$H117*OFFSET(ORÇAMENTO!$X$15,ROW(AK117)-ROW(AK$15),0),\nROUND(ROUND(OFFSET($P117,0,AK$13),15-13*ORÇAMENTO!$AF$7)*OFFSET(ORÇAMENTO!$W$15,ROW(AK117)-ROW(AK$15),0),15-13*ORÇAMENTO!$AF$11)),0)","v":0},null,{"$f":"IF($D117<>\"Serviço\",0,IF(AND(AUTOEVENTO=\"Manual\",$M117=1),0,IF(OFFSET(CRONOPLE!$F$14,$M117,AM$13)=\"\",10^12,OFFSET(CRONOPLE!$F$14,$M117,AM$13))))","v":1000000000000},{"$f":"IF($D117<>\"Serviço\",0,IF(AND(AUTOEVENTO=\"Manual\",$M117=1),0,IF(OFFSET(CRONOPLE!$F$14,$M117,AN$13)=\"\",10^12,OFFSET(CRONOPLE!$F$14,$M117,AN$13))))","v":1000000000000},{"$f":"IF($D117<>\"Serviço\",0,IF(AND(AUTOEVENTO=\"Manual\",$M117=1),0,IF(OFFSET(CRONOPLE!$F$14,$M117,AO$13)=\"\",10^12,OFFSET(CRONOPLE!$F$14,$M117,AO$13))))","v":1000000000000},{"$f":"IF($D117<>\"Serviço\",0,IF(AND(AUTOEVENTO=\"Manual\",$M117=1),0,IF(OFFSET(CRONOPLE!$F$14,$M117,AP$13)=\"\",10^12,OFFSET(CRONOPLE!$F$14,$M117,AP$13))))","v":1000000000000},{"$f":"IF($D117<>\"Serviço\",0,IF(AND(AUTOEVENTO=\"Manual\",$M117=1),0,IF(OFFSET(CRONOPLE!$F$14,$M117,AQ$13)=\"\",10^12,OFFSET(CRONOPLE!$F$14,$M117,AQ$13))))","v":1000000000000},{"$f":"IF($D117<>\"Serviço\",0,IF(AND(AUTOEVENTO=\"Manual\",$M117=1),0,IF(OFFSET(CRONOPLE!$F$14,$M117,AR$13)=\"\",10^12,OFFSET(CRONOPLE!$F$14,$M117,AR$13))))","v":1000000000000},{"$f":"IF($D117<>\"Serviço\",0,IF(AND(AUTOEVENTO=\"Manual\",$M117=1),0,IF(OFFSET(CRONOPLE!$F$14,$M117,AS$13)=\"\",10^12,OFFSET(CRONOPLE!$F$14,$M117,AS$13))))","v":1000000000000},{"$f":"IF($D117<>\"Serviço\",0,IF(AND(AUTOEVENTO=\"Manual\",$M117=1),0,IF(OFFSET(CRONOPLE!$F$14,$M117,AT$13)=\"\",10^12,OFFSET(CRONOPLE!$F$14,$M117,AT$13))))","v":1000000000000},{"$f":"IF($D117<>\"Serviço\",0,IF(AND(AUTOEVENTO=\"Manual\",$M117=1),0,IF(OFFSET(CRONOPLE!$F$14,$M117,AU$13)=\"\",10^12,OFFSET(CRONOPLE!$F$14,$M117,AU$13))))","v":1000000000000},{"$f":"IF($D117<>\"Serviço\",0,IF(AND(AUTOEVENTO=\"Manual\",$M117=1),0,IF(OFFSET(CRONOPLE!$F$14,$M117,AV$13)=\"\",10^12,OFFSET(CRONOPLE!$F$14,$M117,AV$13))))","v":1000000000000},null,{"$f":"IF($D117<>\"Serviço\",0,IF(OR(AND(AUTOEVENTO=\"Manual\",$M117=1),$M117>(ROW(PLE.lastrow)-ROW(PLE.firstrow))),0,IF(OFFSET(PLE!$G$14,$M117,AX$13)=\"\",10^12,OFFSET(PLE!$G$14,$M117,AX$13))))","v":1000000000000},{"$f":"IF($D117<>\"Serviço\",0,IF(OR(AND(AUTOEVENTO=\"Manual\",$M117=1),$M117>(ROW(PLE.lastrow)-ROW(PLE.firstrow))),0,IF(OFFSET(PLE!$G$14,$M117,AY$13)=\"\",10^12,OFFSET(PLE!$G$14,$M117,AY$13))))","v":1000000000000},{"$f":"IF($D117<>\"Serviço\",0,IF(OR(AND(AUTOEVENTO=\"Manual\",$M117=1),$M117>(ROW(PLE.lastrow)-ROW(PLE.firstrow))),0,IF(OFFSET(PLE!$G$14,$M117,AZ$13)=\"\",10^12,OFFSET(PLE!$G$14,$M117,AZ$13))))","v":1000000000000},{"$f":"IF($D117<>\"Serviço\",0,IF(OR(AND(AUTOEVENTO=\"Manual\",$M117=1),$M117>(ROW(PLE.lastrow)-ROW(PLE.firstrow))),0,IF(OFFSET(PLE!$G$14,$M117,BA$13)=\"\",10^12,OFFSET(PLE!$G$14,$M117,BA$13))))","v":1000000000000},{"$f":"IF($D117<>\"Serviço\",0,IF(OR(AND(AUTOEVENTO=\"Manual\",$M117=1),$M117>(ROW(PLE.lastrow)-ROW(PLE.firstrow))),0,IF(OFFSET(PLE!$G$14,$M117,BB$13)=\"\",10^12,OFFSET(PLE!$G$14,$M117,BB$13))))","v":1000000000000},{"$f":"IF($D117<>\"Serviço\",0,IF(OR(AND(AUTOEVENTO=\"Manual\",$M117=1),$M117>(ROW(PLE.lastrow)-ROW(PLE.firstrow))),0,IF(OFFSET(PLE!$G$14,$M117,BC$13)=\"\",10^12,OFFSET(PLE!$G$14,$M117,BC$13))))","v":1000000000000},{"$f":"IF($D117<>\"Serviço\",0,IF(OR(AND(AUTOEVENTO=\"Manual\",$M117=1),$M117>(ROW(PLE.lastrow)-ROW(PLE.firstrow))),0,IF(OFFSET(PLE!$G$14,$M117,BD$13)=\"\",10^12,OFFSET(PLE!$G$14,$M117,BD$13))))","v":1000000000000},{"$f":"IF($D117<>\"Serviço\",0,IF(OR(AND(AUTOEVENTO=\"Manual\",$M117=1),$M117>(ROW(PLE.lastrow)-ROW(PLE.firstrow))),0,IF(OFFSET(PLE!$G$14,$M117,BE$13)=\"\",10^12,OFFSET(PLE!$G$14,$M117,BE$13))))","v":1000000000000},{"$f":"IF($D117<>\"Serviço\",0,IF(OR(AND(AUTOEVENTO=\"Manual\",$M117=1),$M117>(ROW(PLE.lastrow)-ROW(PLE.firstrow))),0,IF(OFFSET(PLE!$G$14,$M117,BF$13)=\"\",10^12,OFFSET(PLE!$G$14,$M117,BF$13))))","v":1000000000000},{"$f":"IF($D117<>\"Serviço\",0,IF(OR(AND(AUTOEVENTO=\"Manual\",$M117=1),$M117>(ROW(PLE.lastrow)-ROW(PLE.firstrow))),0,IF(OFFSET(PLE!$G$14,$M117,BG$13)=\"\",10^12,OFFSET(PLE!$G$14,$M117,BG$13))))","v":1000000000000}]
["86",{"$f":"OFFSET(ORÇAMENTO!C$15,ROW(B118)-ROW(B$15),0)","v":"S"},{"$f":"OFFSET(ORÇAMENTO!L$15,ROW(C118)-ROW(C$15),0)","v":"F"},{"$f":"OFFSET(ORÇAMENTO!N$15,ROW(D118)-ROW(D$15),0)","v":"Serviço"},{"$f":"OFFSET(ORÇAMENTO!O$15,ROW(E118)-ROW(E$15),0)","v":"1.12.0.17."},{"$f":"OFFSET(ORÇAMENTO!R$15,ROW(F118)-ROW(F$15),0)","v":"JUNÇÃO SIMPLES, PVC, SERIE NORMAL, ESGOTO PREDIAL, DN 40 MM, JUNTA SOLDÁVEL, FORNECIDO E INSTALADO EM RAMAL DE DESCARGA OU RAMAL DE ESGOTO SANITÁRIO. AF_08/2022"},{"$f":"IF($D118<>\"Serviço\",\"\",OFFSET(ORÇAMENTO!S$15,ROW(G118)-ROW(G$15),0))","v":"UN"},{"$f":"IF($D118<>\"Serviço\",0,IF(ACOMPANHAMENTO=\"BM\",ROUND(OFFSET(ORÇAMENTO!AJ$15,ROW(H118)-ROW(H$15),0),15-13*ORÇAMENTO!$AF$7),SUMPRODUCT(($Q$12:$AA$12<>\"\")*ROUND($Q118:$AA118,15-13*ORÇAMENTO!$AF$7))))","v":4},null,null,null,".",{"$f":"IF($D118<>\"Serviço\",\"\",IF(AUTOEVENTO=\"manual\",$A118,IF(ISERROR(MATCH($A118,$A$15:OFFSET($A118,-1,0),0)),MAX($M$15:OFFSET(M118,-1,0))+1,INDEX($M$15:OFFSET(M118,-1,0),MATCH($A118,$A$15:OFFSET($A118,-1,0),0)))))","v":13},{"$f":"IF($D118<>\"Serviço\",\"\",IF(AUTOEVENTO=\"Manual\",IF($A118=0,\"<-- defina o número do agrupador\",OFFSET(EVENTOS!$D$14,$A118,0)),OFFSET($F$15,$A118,0)))","v":"INSTALAÇÕES HIDROSSANITÁRIAS (ESGOTO CLOACAL)"},null,null,{"$f":"1+3","v":4},null,null,null,null,null,null,null,null,null,null,{"$f":"IF(AND($D118=\"Serviço\",AB$12<>0,$H118>0,OR(AUTOEVENTO<>\"manual\",$M118<>1)),\nIF(Import.TipoArredondamento<>\"TransfereGOV\",\nROUND(OFFSET($P118,0,AB$13),15-13*ORÇAMENTO!$AF$7)/$H118*OFFSET(ORÇAMENTO!$X$15,ROW(AB118)-ROW(AB$15),0),\nROUND(ROUND(OFFSET($P118,0,AB$13),15-13*ORÇAMENTO!$AF$7)*OFFSET(ORÇAMENTO!$W$15,ROW(AB118)-ROW(AB$15),0),15-13*ORÇAMENTO!$AF$11)),0)","v":73.959999999999994},{"$f":"IF(AND($D118=\"Serviço\",AC$12<>0,$H118>0,OR(AUTOEVENTO<>\"manual\",$M118<>1)),\nIF(Import.TipoArredondamento<>\"TransfereGOV\",\nROUND(OFFSET($P118,0,AC$13),15-13*ORÇAMENTO!$AF$7)/$H118*OFFSET(ORÇAMENTO!$X$15,ROW(AC118)-ROW(AC$15),0),\nROUND(ROUND(OFFSET($P118,0,AC$13),15-13*ORÇAMENTO!$AF$7)*OFFSET(ORÇAMENTO!$W$15,ROW(AC118)-ROW(AC$15),0),15-13*ORÇAMENTO!$AF$11)),0)","v":0},{"$f":"IF(AND($D118=\"Serviço\",AD$12<>0,$H118>0,OR(AUTOEVENTO<>\"manual\",$M118<>1)),\nIF(Import.TipoArredondamento<>\"TransfereGOV\",\nROUND(OFFSET($P118,0,AD$13),15-13*ORÇAMENTO!$AF$7)/$H118*OFFSET(ORÇAMENTO!$X$15,ROW(AD118)-ROW(AD$15),0),\nROUND(ROUND(OFFSET($P118,0,AD$13),15-13*ORÇAMENTO!$AF$7)*OFFSET(ORÇAMENTO!$W$15,ROW(AD118)-ROW(AD$15),0),15-13*ORÇAMENTO!$AF$11)),0)","v":0},{"$f":"IF(AND($D118=\"Serviço\",AE$12<>0,$H118>0,OR(AUTOEVENTO<>\"manual\",$M118<>1)),\nIF(Import.TipoArredondamento<>\"TransfereGOV\",\nROUND(OFFSET($P118,0,AE$13),15-13*ORÇAMENTO!$AF$7)/$H118*OFFSET(ORÇAMENTO!$X$15,ROW(AE118)-ROW(AE$15),0),\nROUND(ROUND(OFFSET($P118,0,AE$13),15-13*ORÇAMENTO!$AF$7)*OFFSET(ORÇAMENTO!$W$15,ROW(AE118)-ROW(AE$15),0),15-13*ORÇAMENTO!$AF$11)),0)","v":0},{"$f":"IF(AND($D118=\"Serviço\",AF$12<>0,$H118>0,OR(AUTOEVENTO<>\"manual\",$M118<>1)),\nIF(Import.TipoArredondamento<>\"TransfereGOV\",\nROUND(OFFSET($P118,0,AF$13),15-13*ORÇAMENTO!$AF$7)/$H118*OFFSET(ORÇAMENTO!$X$15,ROW(AF118)-ROW(AF$15),0),\nROUND(ROUND(OFFSET($P118,0,AF$13),15-13*ORÇAMENTO!$AF$7)*OFFSET(ORÇAMENTO!$W$15,ROW(AF118)-ROW(AF$15),0),15-13*ORÇAMENTO!$AF$11)),0)","v":0},{"$f":"IF(AND($D118=\"Serviço\",AG$12<>0,$H118>0,OR(AUTOEVENTO<>\"manual\",$M118<>1)),\nIF(Import.TipoArredondamento<>\"TransfereGOV\",\nROUND(OFFSET($P118,0,AG$13),15-13*ORÇAMENTO!$AF$7)/$H118*OFFSET(ORÇAMENTO!$X$15,ROW(AG118)-ROW(AG$15),0),\nROUND(ROUND(OFFSET($P118,0,AG$13),15-13*ORÇAMENTO!$AF$7)*OFFSET(ORÇAMENTO!$W$15,ROW(AG118)-ROW(AG$15),0),15-13*ORÇAMENTO!$AF$11)),0)","v":0},{"$f":"IF(AND($D118=\"Serviço\",AH$12<>0,$H118>0,OR(AUTOEVENTO<>\"manual\",$M118<>1)),\nIF(Import.TipoArredondamento<>\"TransfereGOV\",\nROUND(OFFSET($P118,0,AH$13),15-13*ORÇAMENTO!$AF$7)/$H118*OFFSET(ORÇAMENTO!$X$15,ROW(AH118)-ROW(AH$15),0),\nROUND(ROUND(OFFSET($P118,0,AH$13),15-13*ORÇAMENTO!$AF$7)*OFFSET(ORÇAMENTO!$W$15,ROW(AH118)-ROW(AH$15),0),15-13*ORÇAMENTO!$AF$11)),0)","v":0},{"$f":"IF(AND($D118=\"Serviço\",AI$12<>0,$H118>0,OR(AUTOEVENTO<>\"manual\",$M118<>1)),\nIF(Import.TipoArredondamento<>\"TransfereGOV\",\nROUND(OFFSET($P118,0,AI$13),15-13*ORÇAMENTO!$AF$7)/$H118*OFFSET(ORÇAMENTO!$X$15,ROW(AI118)-ROW(AI$15),0),\nROUND(ROUND(OFFSET($P118,0,AI$13),15-13*ORÇAMENTO!$AF$7)*OFFSET(ORÇAMENTO!$W$15,ROW(AI118)-ROW(AI$15),0),15-13*ORÇAMENTO!$AF$11)),0)","v":0},{"$f":"IF(AND($D118=\"Serviço\",AJ$12<>0,$H118>0,OR(AUTOEVENTO<>\"manual\",$M118<>1)),\nIF(Import.TipoArredondamento<>\"TransfereGOV\",\nROUND(OFFSET($P118,0,AJ$13),15-13*ORÇAMENTO!$AF$7)/$H118*OFFSET(ORÇAMENTO!$X$15,ROW(AJ118)-ROW(AJ$15),0),\nROUND(ROUND(OFFSET($P118,0,AJ$13),15-13*ORÇAMENTO!$AF$7)*OFFSET(ORÇAMENTO!$W$15,ROW(AJ118)-ROW(AJ$15),0),15-13*ORÇAMENTO!$AF$11)),0)","v":0},{"$f":"IF(AND($D118=\"Serviço\",AK$12<>0,$H118>0,OR(AUTOEVENTO<>\"manual\",$M118<>1)),\nIF(Import.TipoArredondamento<>\"TransfereGOV\",\nROUND(OFFSET($P118,0,AK$13),15-13*ORÇAMENTO!$AF$7)/$H118*OFFSET(ORÇAMENTO!$X$15,ROW(AK118)-ROW(AK$15),0),\nROUND(ROUND(OFFSET($P118,0,AK$13),15-13*ORÇAMENTO!$AF$7)*OFFSET(ORÇAMENTO!$W$15,ROW(AK118)-ROW(AK$15),0),15-13*ORÇAMENTO!$AF$11)),0)","v":0},null,{"$f":"IF($D118<>\"Serviço\",0,IF(AND(AUTOEVENTO=\"Manual\",$M118=1),0,IF(OFFSET(CRONOPLE!$F$14,$M118,AM$13)=\"\",10^12,OFFSET(CRONOPLE!$F$14,$M118,AM$13))))","v":1000000000000},{"$f":"IF($D118<>\"Serviço\",0,IF(AND(AUTOEVENTO=\"Manual\",$M118=1),0,IF(OFFSET(CRONOPLE!$F$14,$M118,AN$13)=\"\",10^12,OFFSET(CRONOPLE!$F$14,$M118,AN$13))))","v":1000000000000},{"$f":"IF($D118<>\"Serviço\",0,IF(AND(AUTOEVENTO=\"Manual\",$M118=1),0,IF(OFFSET(CRONOPLE!$F$14,$M118,AO$13)=\"\",10^12,OFFSET(CRONOPLE!$F$14,$M118,AO$13))))","v":1000000000000},{"$f":"IF($D118<>\"Serviço\",0,IF(AND(AUTOEVENTO=\"Manual\",$M118=1),0,IF(OFFSET(CRONOPLE!$F$14,$M118,AP$13)=\"\",10^12,OFFSET(CRONOPLE!$F$14,$M118,AP$13))))","v":1000000000000},{"$f":"IF($D118<>\"Serviço\",0,IF(AND(AUTOEVENTO=\"Manual\",$M118=1),0,IF(OFFSET(CRONOPLE!$F$14,$M118,AQ$13)=\"\",10^12,OFFSET(CRONOPLE!$F$14,$M118,AQ$13))))","v":1000000000000},{"$f":"IF($D118<>\"Serviço\",0,IF(AND(AUTOEVENTO=\"Manual\",$M118=1),0,IF(OFFSET(CRONOPLE!$F$14,$M118,AR$13)=\"\",10^12,OFFSET(CRONOPLE!$F$14,$M118,AR$13))))","v":1000000000000},{"$f":"IF($D118<>\"Serviço\",0,IF(AND(AUTOEVENTO=\"Manual\",$M118=1),0,IF(OFFSET(CRONOPLE!$F$14,$M118,AS$13)=\"\",10^12,OFFSET(CRONOPLE!$F$14,$M118,AS$13))))","v":1000000000000},{"$f":"IF($D118<>\"Serviço\",0,IF(AND(AUTOEVENTO=\"Manual\",$M118=1),0,IF(OFFSET(CRONOPLE!$F$14,$M118,AT$13)=\"\",10^12,OFFSET(CRONOPLE!$F$14,$M118,AT$13))))","v":1000000000000},{"$f":"IF($D118<>\"Serviço\",0,IF(AND(AUTOEVENTO=\"Manual\",$M118=1),0,IF(OFFSET(CRONOPLE!$F$14,$M118,AU$13)=\"\",10^12,OFFSET(CRONOPLE!$F$14,$M118,AU$13))))","v":1000000000000},{"$f":"IF($D118<>\"Serviço\",0,IF(AND(AUTOEVENTO=\"Manual\",$M118=1),0,IF(OFFSET(CRONOPLE!$F$14,$M118,AV$13)=\"\",10^12,OFFSET(CRONOPLE!$F$14,$M118,AV$13))))","v":1000000000000},null,{"$f":"IF($D118<>\"Serviço\",0,IF(OR(AND(AUTOEVENTO=\"Manual\",$M118=1),$M118>(ROW(PLE.lastrow)-ROW(PLE.firstrow))),0,IF(OFFSET(PLE!$G$14,$M118,AX$13)=\"\",10^12,OFFSET(PLE!$G$14,$M118,AX$13))))","v":1000000000000},{"$f":"IF($D118<>\"Serviço\",0,IF(OR(AND(AUTOEVENTO=\"Manual\",$M118=1),$M118>(ROW(PLE.lastrow)-ROW(PLE.firstrow))),0,IF(OFFSET(PLE!$G$14,$M118,AY$13)=\"\",10^12,OFFSET(PLE!$G$14,$M118,AY$13))))","v":1000000000000},{"$f":"IF($D118<>\"Serviço\",0,IF(OR(AND(AUTOEVENTO=\"Manual\",$M118=1),$M118>(ROW(PLE.lastrow)-ROW(PLE.firstrow))),0,IF(OFFSET(PLE!$G$14,$M118,AZ$13)=\"\",10^12,OFFSET(PLE!$G$14,$M118,AZ$13))))","v":1000000000000},{"$f":"IF($D118<>\"Serviço\",0,IF(OR(AND(AUTOEVENTO=\"Manual\",$M118=1),$M118>(ROW(PLE.lastrow)-ROW(PLE.firstrow))),0,IF(OFFSET(PLE!$G$14,$M118,BA$13)=\"\",10^12,OFFSET(PLE!$G$14,$M118,BA$13))))","v":1000000000000},{"$f":"IF($D118<>\"Serviço\",0,IF(OR(AND(AUTOEVENTO=\"Manual\",$M118=1),$M118>(ROW(PLE.lastrow)-ROW(PLE.firstrow))),0,IF(OFFSET(PLE!$G$14,$M118,BB$13)=\"\",10^12,OFFSET(PLE!$G$14,$M118,BB$13))))","v":1000000000000},{"$f":"IF($D118<>\"Serviço\",0,IF(OR(AND(AUTOEVENTO=\"Manual\",$M118=1),$M118>(ROW(PLE.lastrow)-ROW(PLE.firstrow))),0,IF(OFFSET(PLE!$G$14,$M118,BC$13)=\"\",10^12,OFFSET(PLE!$G$14,$M118,BC$13))))","v":1000000000000},{"$f":"IF($D118<>\"Serviço\",0,IF(OR(AND(AUTOEVENTO=\"Manual\",$M118=1),$M118>(ROW(PLE.lastrow)-ROW(PLE.firstrow))),0,IF(OFFSET(PLE!$G$14,$M118,BD$13)=\"\",10^12,OFFSET(PLE!$G$14,$M118,BD$13))))","v":1000000000000},{"$f":"IF($D118<>\"Serviço\",0,IF(OR(AND(AUTOEVENTO=\"Manual\",$M118=1),$M118>(ROW(PLE.lastrow)-ROW(PLE.firstrow))),0,IF(OFFSET(PLE!$G$14,$M118,BE$13)=\"\",10^12,OFFSET(PLE!$G$14,$M118,BE$13))))","v":1000000000000},{"$f":"IF($D118<>\"Serviço\",0,IF(OR(AND(AUTOEVENTO=\"Manual\",$M118=1),$M118>(ROW(PLE.lastrow)-ROW(PLE.firstrow))),0,IF(OFFSET(PLE!$G$14,$M118,BF$13)=\"\",10^12,OFFSET(PLE!$G$14,$M118,BF$13))))","v":1000000000000},{"$f":"IF($D118<>\"Serviço\",0,IF(OR(AND(AUTOEVENTO=\"Manual\",$M118=1),$M118>(ROW(PLE.lastrow)-ROW(PLE.firstrow))),0,IF(OFFSET(PLE!$G$14,$M118,BG$13)=\"\",10^12,OFFSET(PLE!$G$14,$M118,BG$13))))","v":1000000000000}]
["86",{"$f":"OFFSET(ORÇAMENTO!C$15,ROW(B119)-ROW(B$15),0)","v":"S"},{"$f":"OFFSET(ORÇAMENTO!L$15,ROW(C119)-ROW(C$15),0)","v":"F"},{"$f":"OFFSET(ORÇAMENTO!N$15,ROW(D119)-ROW(D$15),0)","v":"Serviço"},{"$f":"OFFSET(ORÇAMENTO!O$15,ROW(E119)-ROW(E$15),0)","v":"1.12.0.18."},{"$f":"OFFSET(ORÇAMENTO!R$15,ROW(F119)-ROW(F$15),0)","v":"BUCHA DE REDUÇÃO LONGA, PVC, SÉRIE NORMAL, ESGOTO PREDIAL, DN 50 X 40 MM, JUNTA SOLDÁVEL E ELÁSTICA, FORNECIDO E INSTALADO EM RAMAL DE DESCARGA OU RAMAL DE ESGOTO SANITÁRIO. AF_08/2022"},{"$f":"IF($D119<>\"Serviço\",\"\",OFFSET(ORÇAMENTO!S$15,ROW(G119)-ROW(G$15),0))","v":"UN"},{"$f":"IF($D119<>\"Serviço\",0,IF(ACOMPANHAMENTO=\"BM\",ROUND(OFFSET(ORÇAMENTO!AJ$15,ROW(H119)-ROW(H$15),0),15-13*ORÇAMENTO!$AF$7),SUMPRODUCT(($Q$12:$AA$12<>\"\")*ROUND($Q119:$AA119,15-13*ORÇAMENTO!$AF$7))))","v":4},null,null,null,".",{"$f":"IF($D119<>\"Serviço\",\"\",IF(AUTOEVENTO=\"manual\",$A119,IF(ISERROR(MATCH($A119,$A$15:OFFSET($A119,-1,0),0)),MAX($M$15:OFFSET(M119,-1,0))+1,INDEX($M$15:OFFSET(M119,-1,0),MATCH($A119,$A$15:OFFSET($A119,-1,0),0)))))","v":13},{"$f":"IF($D119<>\"Serviço\",\"\",IF(AUTOEVENTO=\"Manual\",IF($A119=0,\"<-- defina o número do agrupador\",OFFSET(EVENTOS!$D$14,$A119,0)),OFFSET($F$15,$A119,0)))","v":"INSTALAÇÕES HIDROSSANITÁRIAS (ESGOTO CLOACAL)"},null,null,4,null,null,null,null,null,null,null,null,null,null,{"$f":"IF(AND($D119=\"Serviço\",AB$12<>0,$H119>0,OR(AUTOEVENTO<>\"manual\",$M119<>1)),\nIF(Import.TipoArredondamento<>\"TransfereGOV\",\nROUND(OFFSET($P119,0,AB$13),15-13*ORÇAMENTO!$AF$7)/$H119*OFFSET(ORÇAMENTO!$X$15,ROW(AB119)-ROW(AB$15),0),\nROUND(ROUND(OFFSET($P119,0,AB$13),15-13*ORÇAMENTO!$AF$7)*OFFSET(ORÇAMENTO!$W$15,ROW(AB119)-ROW(AB$15),0),15-13*ORÇAMENTO!$AF$11)),0)","v":53.84},{"$f":"IF(AND($D119=\"Serviço\",AC$12<>0,$H119>0,OR(AUTOEVENTO<>\"manual\",$M119<>1)),\nIF(Import.TipoArredondamento<>\"TransfereGOV\",\nROUND(OFFSET($P119,0,AC$13),15-13*ORÇAMENTO!$AF$7)/$H119*OFFSET(ORÇAMENTO!$X$15,ROW(AC119)-ROW(AC$15),0),\nROUND(ROUND(OFFSET($P119,0,AC$13),15-13*ORÇAMENTO!$AF$7)*OFFSET(ORÇAMENTO!$W$15,ROW(AC119)-ROW(AC$15),0),15-13*ORÇAMENTO!$AF$11)),0)","v":0},{"$f":"IF(AND($D119=\"Serviço\",AD$12<>0,$H119>0,OR(AUTOEVENTO<>\"manual\",$M119<>1)),\nIF(Import.TipoArredondamento<>\"TransfereGOV\",\nROUND(OFFSET($P119,0,AD$13),15-13*ORÇAMENTO!$AF$7)/$H119*OFFSET(ORÇAMENTO!$X$15,ROW(AD119)-ROW(AD$15),0),\nROUND(ROUND(OFFSET($P119,0,AD$13),15-13*ORÇAMENTO!$AF$7)*OFFSET(ORÇAMENTO!$W$15,ROW(AD119)-ROW(AD$15),0),15-13*ORÇAMENTO!$AF$11)),0)","v":0},{"$f":"IF(AND($D119=\"Serviço\",AE$12<>0,$H119>0,OR(AUTOEVENTO<>\"manual\",$M119<>1)),\nIF(Import.TipoArredondamento<>\"TransfereGOV\",\nROUND(OFFSET($P119,0,AE$13),15-13*ORÇAMENTO!$AF$7)/$H119*OFFSET(ORÇAMENTO!$X$15,ROW(AE119)-ROW(AE$15),0),\nROUND(ROUND(OFFSET($P119,0,AE$13),15-13*ORÇAMENTO!$AF$7)*OFFSET(ORÇAMENTO!$W$15,ROW(AE119)-ROW(AE$15),0),15-13*ORÇAMENTO!$AF$11)),0)","v":0},{"$f":"IF(AND($D119=\"Serviço\",AF$12<>0,$H119>0,OR(AUTOEVENTO<>\"manual\",$M119<>1)),\nIF(Import.TipoArredondamento<>\"TransfereGOV\",\nROUND(OFFSET($P119,0,AF$13),15-13*ORÇAMENTO!$AF$7)/$H119*OFFSET(ORÇAMENTO!$X$15,ROW(AF119)-ROW(AF$15),0),\nROUND(ROUND(OFFSET($P119,0,AF$13),15-13*ORÇAMENTO!$AF$7)*OFFSET(ORÇAMENTO!$W$15,ROW(AF119)-ROW(AF$15),0),15-13*ORÇAMENTO!$AF$11)),0)","v":0},{"$f":"IF(AND($D119=\"Serviço\",AG$12<>0,$H119>0,OR(AUTOEVENTO<>\"manual\",$M119<>1)),\nIF(Import.TipoArredondamento<>\"TransfereGOV\",\nROUND(OFFSET($P119,0,AG$13),15-13*ORÇAMENTO!$AF$7)/$H119*OFFSET(ORÇAMENTO!$X$15,ROW(AG119)-ROW(AG$15),0),\nROUND(ROUND(OFFSET($P119,0,AG$13),15-13*ORÇAMENTO!$AF$7)*OFFSET(ORÇAMENTO!$W$15,ROW(AG119)-ROW(AG$15),0),15-13*ORÇAMENTO!$AF$11)),0)","v":0},{"$f":"IF(AND($D119=\"Serviço\",AH$12<>0,$H119>0,OR(AUTOEVENTO<>\"manual\",$M119<>1)),\nIF(Import.TipoArredondamento<>\"TransfereGOV\",\nROUND(OFFSET($P119,0,AH$13),15-13*ORÇAMENTO!$AF$7)/$H119*OFFSET(ORÇAMENTO!$X$15,ROW(AH119)-ROW(AH$15),0),\nROUND(ROUND(OFFSET($P119,0,AH$13),15-13*ORÇAMENTO!$AF$7)*OFFSET(ORÇAMENTO!$W$15,ROW(AH119)-ROW(AH$15),0),15-13*ORÇAMENTO!$AF$11)),0)","v":0},{"$f":"IF(AND($D119=\"Serviço\",AI$12<>0,$H119>0,OR(AUTOEVENTO<>\"manual\",$M119<>1)),\nIF(Import.TipoArredondamento<>\"TransfereGOV\",\nROUND(OFFSET($P119,0,AI$13),15-13*ORÇAMENTO!$AF$7)/$H119*OFFSET(ORÇAMENTO!$X$15,ROW(AI119)-ROW(AI$15),0),\nROUND(ROUND(OFFSET($P119,0,AI$13),15-13*ORÇAMENTO!$AF$7)*OFFSET(ORÇAMENTO!$W$15,ROW(AI119)-ROW(AI$15),0),15-13*ORÇAMENTO!$AF$11)),0)","v":0},{"$f":"IF(AND($D119=\"Serviço\",AJ$12<>0,$H119>0,OR(AUTOEVENTO<>\"manual\",$M119<>1)),\nIF(Import.TipoArredondamento<>\"TransfereGOV\",\nROUND(OFFSET($P119,0,AJ$13),15-13*ORÇAMENTO!$AF$7)/$H119*OFFSET(ORÇAMENTO!$X$15,ROW(AJ119)-ROW(AJ$15),0),\nROUND(ROUND(OFFSET($P119,0,AJ$13),15-13*ORÇAMENTO!$AF$7)*OFFSET(ORÇAMENTO!$W$15,ROW(AJ119)-ROW(AJ$15),0),15-13*ORÇAMENTO!$AF$11)),0)","v":0},{"$f":"IF(AND($D119=\"Serviço\",AK$12<>0,$H119>0,OR(AUTOEVENTO<>\"manual\",$M119<>1)),\nIF(Import.TipoArredondamento<>\"TransfereGOV\",\nROUND(OFFSET($P119,0,AK$13),15-13*ORÇAMENTO!$AF$7)/$H119*OFFSET(ORÇAMENTO!$X$15,ROW(AK119)-ROW(AK$15),0),\nROUND(ROUND(OFFSET($P119,0,AK$13),15-13*ORÇAMENTO!$AF$7)*OFFSET(ORÇAMENTO!$W$15,ROW(AK119)-ROW(AK$15),0),15-13*ORÇAMENTO!$AF$11)),0)","v":0},null,{"$f":"IF($D119<>\"Serviço\",0,IF(AND(AUTOEVENTO=\"Manual\",$M119=1),0,IF(OFFSET(CRONOPLE!$F$14,$M119,AM$13)=\"\",10^12,OFFSET(CRONOPLE!$F$14,$M119,AM$13))))","v":1000000000000},{"$f":"IF($D119<>\"Serviço\",0,IF(AND(AUTOEVENTO=\"Manual\",$M119=1),0,IF(OFFSET(CRONOPLE!$F$14,$M119,AN$13)=\"\",10^12,OFFSET(CRONOPLE!$F$14,$M119,AN$13))))","v":1000000000000},{"$f":"IF($D119<>\"Serviço\",0,IF(AND(AUTOEVENTO=\"Manual\",$M119=1),0,IF(OFFSET(CRONOPLE!$F$14,$M119,AO$13)=\"\",10^12,OFFSET(CRONOPLE!$F$14,$M119,AO$13))))","v":1000000000000},{"$f":"IF($D119<>\"Serviço\",0,IF(AND(AUTOEVENTO=\"Manual\",$M119=1),0,IF(OFFSET(CRONOPLE!$F$14,$M119,AP$13)=\"\",10^12,OFFSET(CRONOPLE!$F$14,$M119,AP$13))))","v":1000000000000},{"$f":"IF($D119<>\"Serviço\",0,IF(AND(AUTOEVENTO=\"Manual\",$M119=1),0,IF(OFFSET(CRONOPLE!$F$14,$M119,AQ$13)=\"\",10^12,OFFSET(CRONOPLE!$F$14,$M119,AQ$13))))","v":1000000000000},{"$f":"IF($D119<>\"Serviço\",0,IF(AND(AUTOEVENTO=\"Manual\",$M119=1),0,IF(OFFSET(CRONOPLE!$F$14,$M119,AR$13)=\"\",10^12,OFFSET(CRONOPLE!$F$14,$M119,AR$13))))","v":1000000000000},{"$f":"IF($D119<>\"Serviço\",0,IF(AND(AUTOEVENTO=\"Manual\",$M119=1),0,IF(OFFSET(CRONOPLE!$F$14,$M119,AS$13)=\"\",10^12,OFFSET(CRONOPLE!$F$14,$M119,AS$13))))","v":1000000000000},{"$f":"IF($D119<>\"Serviço\",0,IF(AND(AUTOEVENTO=\"Manual\",$M119=1),0,IF(OFFSET(CRONOPLE!$F$14,$M119,AT$13)=\"\",10^12,OFFSET(CRONOPLE!$F$14,$M119,AT$13))))","v":1000000000000},{"$f":"IF($D119<>\"Serviço\",0,IF(AND(AUTOEVENTO=\"Manual\",$M119=1),0,IF(OFFSET(CRONOPLE!$F$14,$M119,AU$13)=\"\",10^12,OFFSET(CRONOPLE!$F$14,$M119,AU$13))))","v":1000000000000},{"$f":"IF($D119<>\"Serviço\",0,IF(AND(AUTOEVENTO=\"Manual\",$M119=1),0,IF(OFFSET(CRONOPLE!$F$14,$M119,AV$13)=\"\",10^12,OFFSET(CRONOPLE!$F$14,$M119,AV$13))))","v":1000000000000},null,{"$f":"IF($D119<>\"Serviço\",0,IF(OR(AND(AUTOEVENTO=\"Manual\",$M119=1),$M119>(ROW(PLE.lastrow)-ROW(PLE.firstrow))),0,IF(OFFSET(PLE!$G$14,$M119,AX$13)=\"\",10^12,OFFSET(PLE!$G$14,$M119,AX$13))))","v":1000000000000},{"$f":"IF($D119<>\"Serviço\",0,IF(OR(AND(AUTOEVENTO=\"Manual\",$M119=1),$M119>(ROW(PLE.lastrow)-ROW(PLE.firstrow))),0,IF(OFFSET(PLE!$G$14,$M119,AY$13)=\"\",10^12,OFFSET(PLE!$G$14,$M119,AY$13))))","v":1000000000000},{"$f":"IF($D119<>\"Serviço\",0,IF(OR(AND(AUTOEVENTO=\"Manual\",$M119=1),$M119>(ROW(PLE.lastrow)-ROW(PLE.firstrow))),0,IF(OFFSET(PLE!$G$14,$M119,AZ$13)=\"\",10^12,OFFSET(PLE!$G$14,$M119,AZ$13))))","v":1000000000000},{"$f":"IF($D119<>\"Serviço\",0,IF(OR(AND(AUTOEVENTO=\"Manual\",$M119=1),$M119>(ROW(PLE.lastrow)-ROW(PLE.firstrow))),0,IF(OFFSET(PLE!$G$14,$M119,BA$13)=\"\",10^12,OFFSET(PLE!$G$14,$M119,BA$13))))","v":1000000000000},{"$f":"IF($D119<>\"Serviço\",0,IF(OR(AND(AUTOEVENTO=\"Manual\",$M119=1),$M119>(ROW(PLE.lastrow)-ROW(PLE.firstrow))),0,IF(OFFSET(PLE!$G$14,$M119,BB$13)=\"\",10^12,OFFSET(PLE!$G$14,$M119,BB$13))))","v":1000000000000},{"$f":"IF($D119<>\"Serviço\",0,IF(OR(AND(AUTOEVENTO=\"Manual\",$M119=1),$M119>(ROW(PLE.lastrow)-ROW(PLE.firstrow))),0,IF(OFFSET(PLE!$G$14,$M119,BC$13)=\"\",10^12,OFFSET(PLE!$G$14,$M119,BC$13))))","v":1000000000000},{"$f":"IF($D119<>\"Serviço\",0,IF(OR(AND(AUTOEVENTO=\"Manual\",$M119=1),$M119>(ROW(PLE.lastrow)-ROW(PLE.firstrow))),0,IF(OFFSET(PLE!$G$14,$M119,BD$13)=\"\",10^12,OFFSET(PLE!$G$14,$M119,BD$13))))","v":1000000000000},{"$f":"IF($D119<>\"Serviço\",0,IF(OR(AND(AUTOEVENTO=\"Manual\",$M119=1),$M119>(ROW(PLE.lastrow)-ROW(PLE.firstrow))),0,IF(OFFSET(PLE!$G$14,$M119,BE$13)=\"\",10^12,OFFSET(PLE!$G$14,$M119,BE$13))))","v":1000000000000},{"$f":"IF($D119<>\"Serviço\",0,IF(OR(AND(AUTOEVENTO=\"Manual\",$M119=1),$M119>(ROW(PLE.lastrow)-ROW(PLE.firstrow))),0,IF(OFFSET(PLE!$G$14,$M119,BF$13)=\"\",10^12,OFFSET(PLE!$G$14,$M119,BF$13))))","v":1000000000000},{"$f":"IF($D119<>\"Serviço\",0,IF(OR(AND(AUTOEVENTO=\"Manual\",$M119=1),$M119>(ROW(PLE.lastrow)-ROW(PLE.firstrow))),0,IF(OFFSET(PLE!$G$14,$M119,BG$13)=\"\",10^12,OFFSET(PLE!$G$14,$M119,BG$13))))","v":1000000000000}]
["86",{"$f":"OFFSET(ORÇAMENTO!C$15,ROW(B120)-ROW(B$15),0)","v":"S"},{"$f":"OFFSET(ORÇAMENTO!L$15,ROW(C120)-ROW(C$15),0)","v":"F"},{"$f":"OFFSET(ORÇAMENTO!N$15,ROW(D120)-ROW(D$15),0)","v":"Serviço"},{"$f":"OFFSET(ORÇAMENTO!O$15,ROW(E120)-ROW(E$15),0)","v":"1.12.0.19."},{"$f":"OFFSET(ORÇAMENTO!R$15,ROW(F120)-ROW(F$15),0)","v":"RALO SECO CÔNICO, PVC, DN 100 X 40 MM, JUNTA SOLDÁVEL, FORNECIDO E INSTALADO EM RAMAL DE DESCARGA OU EM RAMAL DE ESGOTO SANITÁRIO. AF_08/2022"},{"$f":"IF($D120<>\"Serviço\",\"\",OFFSET(ORÇAMENTO!S$15,ROW(G120)-ROW(G$15),0))","v":"UN"},{"$f":"IF($D120<>\"Serviço\",0,IF(ACOMPANHAMENTO=\"BM\",ROUND(OFFSET(ORÇAMENTO!AJ$15,ROW(H120)-ROW(H$15),0),15-13*ORÇAMENTO!$AF$7),SUMPRODUCT(($Q$12:$AA$12<>\"\")*ROUND($Q120:$AA120,15-13*ORÇAMENTO!$AF$7))))","v":4},null,null,null,".",{"$f":"IF($D120<>\"Serviço\",\"\",IF(AUTOEVENTO=\"manual\",$A120,IF(ISERROR(MATCH($A120,$A$15:OFFSET($A120,-1,0),0)),MAX($M$15:OFFSET(M120,-1,0))+1,INDEX($M$15:OFFSET(M120,-1,0),MATCH($A120,$A$15:OFFSET($A120,-1,0),0)))))","v":13},{"$f":"IF($D120<>\"Serviço\",\"\",IF(AUTOEVENTO=\"Manual\",IF($A120=0,\"<-- defina o número do agrupador\",OFFSET(EVENTOS!$D$14,$A120,0)),OFFSET($F$15,$A120,0)))","v":"INSTALAÇÕES HIDROSSANITÁRIAS (ESGOTO CLOACAL)"},null,null,4,null,null,null,null,null,null,null,null,null,null,{"$f":"IF(AND($D120=\"Serviço\",AB$12<>0,$H120>0,OR(AUTOEVENTO<>\"manual\",$M120<>1)),\nIF(Import.TipoArredondamento<>\"TransfereGOV\",\nROUND(OFFSET($P120,0,AB$13),15-13*ORÇAMENTO!$AF$7)/$H120*OFFSET(ORÇAMENTO!$X$15,ROW(AB120)-ROW(AB$15),0),\nROUND(ROUND(OFFSET($P120,0,AB$13),15-13*ORÇAMENTO!$AF$7)*OFFSET(ORÇAMENTO!$W$15,ROW(AB120)-ROW(AB$15),0),15-13*ORÇAMENTO!$AF$11)),0)","v":97.84},{"$f":"IF(AND($D120=\"Serviço\",AC$12<>0,$H120>0,OR(AUTOEVENTO<>\"manual\",$M120<>1)),\nIF(Import.TipoArredondamento<>\"TransfereGOV\",\nROUND(OFFSET($P120,0,AC$13),15-13*ORÇAMENTO!$AF$7)/$H120*OFFSET(ORÇAMENTO!$X$15,ROW(AC120)-ROW(AC$15),0),\nROUND(ROUND(OFFSET($P120,0,AC$13),15-13*ORÇAMENTO!$AF$7)*OFFSET(ORÇAMENTO!$W$15,ROW(AC120)-ROW(AC$15),0),15-13*ORÇAMENTO!$AF$11)),0)","v":0},{"$f":"IF(AND($D120=\"Serviço\",AD$12<>0,$H120>0,OR(AUTOEVENTO<>\"manual\",$M120<>1)),\nIF(Import.TipoArredondamento<>\"TransfereGOV\",\nROUND(OFFSET($P120,0,AD$13),15-13*ORÇAMENTO!$AF$7)/$H120*OFFSET(ORÇAMENTO!$X$15,ROW(AD120)-ROW(AD$15),0),\nROUND(ROUND(OFFSET($P120,0,AD$13),15-13*ORÇAMENTO!$AF$7)*OFFSET(ORÇAMENTO!$W$15,ROW(AD120)-ROW(AD$15),0),15-13*ORÇAMENTO!$AF$11)),0)","v":0},{"$f":"IF(AND($D120=\"Serviço\",AE$12<>0,$H120>0,OR(AUTOEVENTO<>\"manual\",$M120<>1)),\nIF(Import.TipoArredondamento<>\"TransfereGOV\",\nROUND(OFFSET($P120,0,AE$13),15-13*ORÇAMENTO!$AF$7)/$H120*OFFSET(ORÇAMENTO!$X$15,ROW(AE120)-ROW(AE$15),0),\nROUND(ROUND(OFFSET($P120,0,AE$13),15-13*ORÇAMENTO!$AF$7)*OFFSET(ORÇAMENTO!$W$15,ROW(AE120)-ROW(AE$15),0),15-13*ORÇAMENTO!$AF$11)),0)","v":0},{"$f":"IF(AND($D120=\"Serviço\",AF$12<>0,$H120>0,OR(AUTOEVENTO<>\"manual\",$M120<>1)),\nIF(Import.TipoArredondamento<>\"TransfereGOV\",\nROUND(OFFSET($P120,0,AF$13),15-13*ORÇAMENTO!$AF$7)/$H120*OFFSET(ORÇAMENTO!$X$15,ROW(AF120)-ROW(AF$15),0),\nROUND(ROUND(OFFSET($P120,0,AF$13),15-13*ORÇAMENTO!$AF$7)*OFFSET(ORÇAMENTO!$W$15,ROW(AF120)-ROW(AF$15),0),15-13*ORÇAMENTO!$AF$11)),0)","v":0},{"$f":"IF(AND($D120=\"Serviço\",AG$12<>0,$H120>0,OR(AUTOEVENTO<>\"manual\",$M120<>1)),\nIF(Import.TipoArredondamento<>\"TransfereGOV\",\nROUND(OFFSET($P120,0,AG$13),15-13*ORÇAMENTO!$AF$7)/$H120*OFFSET(ORÇAMENTO!$X$15,ROW(AG120)-ROW(AG$15),0),\nROUND(ROUND(OFFSET($P120,0,AG$13),15-13*ORÇAMENTO!$AF$7)*OFFSET(ORÇAMENTO!$W$15,ROW(AG120)-ROW(AG$15),0),15-13*ORÇAMENTO!$AF$11)),0)","v":0},{"$f":"IF(AND($D120=\"Serviço\",AH$12<>0,$H120>0,OR(AUTOEVENTO<>\"manual\",$M120<>1)),\nIF(Import.TipoArredondamento<>\"TransfereGOV\",\nROUND(OFFSET($P120,0,AH$13),15-13*ORÇAMENTO!$AF$7)/$H120*OFFSET(ORÇAMENTO!$X$15,ROW(AH120)-ROW(AH$15),0),\nROUND(ROUND(OFFSET($P120,0,AH$13),15-13*ORÇAMENTO!$AF$7)*OFFSET(ORÇAMENTO!$W$15,ROW(AH120)-ROW(AH$15),0),15-13*ORÇAMENTO!$AF$11)),0)","v":0},{"$f":"IF(AND($D120=\"Serviço\",AI$12<>0,$H120>0,OR(AUTOEVENTO<>\"manual\",$M120<>1)),\nIF(Import.TipoArredondamento<>\"TransfereGOV\",\nROUND(OFFSET($P120,0,AI$13),15-13*ORÇAMENTO!$AF$7)/$H120*OFFSET(ORÇAMENTO!$X$15,ROW(AI120)-ROW(AI$15),0),\nROUND(ROUND(OFFSET($P120,0,AI$13),15-13*ORÇAMENTO!$AF$7)*OFFSET(ORÇAMENTO!$W$15,ROW(AI120)-ROW(AI$15),0),15-13*ORÇAMENTO!$AF$11)),0)","v":0},{"$f":"IF(AND($D120=\"Serviço\",AJ$12<>0,$H120>0,OR(AUTOEVENTO<>\"manual\",$M120<>1)),\nIF(Import.TipoArredondamento<>\"TransfereGOV\",\nROUND(OFFSET($P120,0,AJ$13),15-13*ORÇAMENTO!$AF$7)/$H120*OFFSET(ORÇAMENTO!$X$15,ROW(AJ120)-ROW(AJ$15),0),\nROUND(ROUND(OFFSET($P120,0,AJ$13),15-13*ORÇAMENTO!$AF$7)*OFFSET(ORÇAMENTO!$W$15,ROW(AJ120)-ROW(AJ$15),0),15-13*ORÇAMENTO!$AF$11)),0)","v":0},{"$f":"IF(AND($D120=\"Serviço\",AK$12<>0,$H120>0,OR(AUTOEVENTO<>\"manual\",$M120<>1)),\nIF(Import.TipoArredondamento<>\"TransfereGOV\",\nROUND(OFFSET($P120,0,AK$13),15-13*ORÇAMENTO!$AF$7)/$H120*OFFSET(ORÇAMENTO!$X$15,ROW(AK120)-ROW(AK$15),0),\nROUND(ROUND(OFFSET($P120,0,AK$13),15-13*ORÇAMENTO!$AF$7)*OFFSET(ORÇAMENTO!$W$15,ROW(AK120)-ROW(AK$15),0),15-13*ORÇAMENTO!$AF$11)),0)","v":0},null,{"$f":"IF($D120<>\"Serviço\",0,IF(AND(AUTOEVENTO=\"Manual\",$M120=1),0,IF(OFFSET(CRONOPLE!$F$14,$M120,AM$13)=\"\",10^12,OFFSET(CRONOPLE!$F$14,$M120,AM$13))))","v":1000000000000},{"$f":"IF($D120<>\"Serviço\",0,IF(AND(AUTOEVENTO=\"Manual\",$M120=1),0,IF(OFFSET(CRONOPLE!$F$14,$M120,AN$13)=\"\",10^12,OFFSET(CRONOPLE!$F$14,$M120,AN$13))))","v":1000000000000},{"$f":"IF($D120<>\"Serviço\",0,IF(AND(AUTOEVENTO=\"Manual\",$M120=1),0,IF(OFFSET(CRONOPLE!$F$14,$M120,AO$13)=\"\",10^12,OFFSET(CRONOPLE!$F$14,$M120,AO$13))))","v":1000000000000},{"$f":"IF($D120<>\"Serviço\",0,IF(AND(AUTOEVENTO=\"Manual\",$M120=1),0,IF(OFFSET(CRONOPLE!$F$14,$M120,AP$13)=\"\",10^12,OFFSET(CRONOPLE!$F$14,$M120,AP$13))))","v":1000000000000},{"$f":"IF($D120<>\"Serviço\",0,IF(AND(AUTOEVENTO=\"Manual\",$M120=1),0,IF(OFFSET(CRONOPLE!$F$14,$M120,AQ$13)=\"\",10^12,OFFSET(CRONOPLE!$F$14,$M120,AQ$13))))","v":1000000000000},{"$f":"IF($D120<>\"Serviço\",0,IF(AND(AUTOEVENTO=\"Manual\",$M120=1),0,IF(OFFSET(CRONOPLE!$F$14,$M120,AR$13)=\"\",10^12,OFFSET(CRONOPLE!$F$14,$M120,AR$13))))","v":1000000000000},{"$f":"IF($D120<>\"Serviço\",0,IF(AND(AUTOEVENTO=\"Manual\",$M120=1),0,IF(OFFSET(CRONOPLE!$F$14,$M120,AS$13)=\"\",10^12,OFFSET(CRONOPLE!$F$14,$M120,AS$13))))","v":1000000000000},{"$f":"IF($D120<>\"Serviço\",0,IF(AND(AUTOEVENTO=\"Manual\",$M120=1),0,IF(OFFSET(CRONOPLE!$F$14,$M120,AT$13)=\"\",10^12,OFFSET(CRONOPLE!$F$14,$M120,AT$13))))","v":1000000000000},{"$f":"IF($D120<>\"Serviço\",0,IF(AND(AUTOEVENTO=\"Manual\",$M120=1),0,IF(OFFSET(CRONOPLE!$F$14,$M120,AU$13)=\"\",10^12,OFFSET(CRONOPLE!$F$14,$M120,AU$13))))","v":1000000000000},{"$f":"IF($D120<>\"Serviço\",0,IF(AND(AUTOEVENTO=\"Manual\",$M120=1),0,IF(OFFSET(CRONOPLE!$F$14,$M120,AV$13)=\"\",10^12,OFFSET(CRONOPLE!$F$14,$M120,AV$13))))","v":1000000000000},null,{"$f":"IF($D120<>\"Serviço\",0,IF(OR(AND(AUTOEVENTO=\"Manual\",$M120=1),$M120>(ROW(PLE.lastrow)-ROW(PLE.firstrow))),0,IF(OFFSET(PLE!$G$14,$M120,AX$13)=\"\",10^12,OFFSET(PLE!$G$14,$M120,AX$13))))","v":1000000000000},{"$f":"IF($D120<>\"Serviço\",0,IF(OR(AND(AUTOEVENTO=\"Manual\",$M120=1),$M120>(ROW(PLE.lastrow)-ROW(PLE.firstrow))),0,IF(OFFSET(PLE!$G$14,$M120,AY$13)=\"\",10^12,OFFSET(PLE!$G$14,$M120,AY$13))))","v":1000000000000},{"$f":"IF($D120<>\"Serviço\",0,IF(OR(AND(AUTOEVENTO=\"Manual\",$M120=1),$M120>(ROW(PLE.lastrow)-ROW(PLE.firstrow))),0,IF(OFFSET(PLE!$G$14,$M120,AZ$13)=\"\",10^12,OFFSET(PLE!$G$14,$M120,AZ$13))))","v":1000000000000},{"$f":"IF($D120<>\"Serviço\",0,IF(OR(AND(AUTOEVENTO=\"Manual\",$M120=1),$M120>(ROW(PLE.lastrow)-ROW(PLE.firstrow))),0,IF(OFFSET(PLE!$G$14,$M120,BA$13)=\"\",10^12,OFFSET(PLE!$G$14,$M120,BA$13))))","v":1000000000000},{"$f":"IF($D120<>\"Serviço\",0,IF(OR(AND(AUTOEVENTO=\"Manual\",$M120=1),$M120>(ROW(PLE.lastrow)-ROW(PLE.firstrow))),0,IF(OFFSET(PLE!$G$14,$M120,BB$13)=\"\",10^12,OFFSET(PLE!$G$14,$M120,BB$13))))","v":1000000000000},{"$f":"IF($D120<>\"Serviço\",0,IF(OR(AND(AUTOEVENTO=\"Manual\",$M120=1),$M120>(ROW(PLE.lastrow)-ROW(PLE.firstrow))),0,IF(OFFSET(PLE!$G$14,$M120,BC$13)=\"\",10^12,OFFSET(PLE!$G$14,$M120,BC$13))))","v":1000000000000},{"$f":"IF($D120<>\"Serviço\",0,IF(OR(AND(AUTOEVENTO=\"Manual\",$M120=1),$M120>(ROW(PLE.lastrow)-ROW(PLE.firstrow))),0,IF(OFFSET(PLE!$G$14,$M120,BD$13)=\"\",10^12,OFFSET(PLE!$G$14,$M120,BD$13))))","v":1000000000000},{"$f":"IF($D120<>\"Serviço\",0,IF(OR(AND(AUTOEVENTO=\"Manual\",$M120=1),$M120>(ROW(PLE.lastrow)-ROW(PLE.firstrow))),0,IF(OFFSET(PLE!$G$14,$M120,BE$13)=\"\",10^12,OFFSET(PLE!$G$14,$M120,BE$13))))","v":1000000000000},{"$f":"IF($D120<>\"Serviço\",0,IF(OR(AND(AUTOEVENTO=\"Manual\",$M120=1),$M120>(ROW(PLE.lastrow)-ROW(PLE.firstrow))),0,IF(OFFSET(PLE!$G$14,$M120,BF$13)=\"\",10^12,OFFSET(PLE!$G$14,$M120,BF$13))))","v":1000000000000},{"$f":"IF($D120<>\"Serviço\",0,IF(OR(AND(AUTOEVENTO=\"Manual\",$M120=1),$M120>(ROW(PLE.lastrow)-ROW(PLE.firstrow))),0,IF(OFFSET(PLE!$G$14,$M120,BG$13)=\"\",10^12,OFFSET(PLE!$G$14,$M120,BG$13))))","v":1000000000000}]
["86",{"$f":"OFFSET(ORÇAMENTO!C$15,ROW(B121)-ROW(B$15),0)","v":"S"},{"$f":"OFFSET(ORÇAMENTO!L$15,ROW(C121)-ROW(C$15),0)","v":"F"},{"$f":"OFFSET(ORÇAMENTO!N$15,ROW(D121)-ROW(D$15),0)","v":"Serviço"},{"$f":"OFFSET(ORÇAMENTO!O$15,ROW(E121)-ROW(E$15),0)","v":"1.12.0.20."},{"$f":"OFFSET(ORÇAMENTO!R$15,ROW(F121)-ROW(F$15),0)","v":"CAIXA SIFONADA, COM GRELHA QUADRADA, PVC, DN 150 X 150 X 50 MM, JUNTA SOLDÁVEL, FORNECIDA E INSTALADA EM RAMAL DE DESCARGA OU EM RAMAL DE ESGOTO SANITÁRIO. AF_08/2022"},{"$f":"IF($D121<>\"Serviço\",\"\",OFFSET(ORÇAMENTO!S$15,ROW(G121)-ROW(G$15),0))","v":"UN"},{"$f":"IF($D121<>\"Serviço\",0,IF(ACOMPANHAMENTO=\"BM\",ROUND(OFFSET(ORÇAMENTO!AJ$15,ROW(H121)-ROW(H$15),0),15-13*ORÇAMENTO!$AF$7),SUMPRODUCT(($Q$12:$AA$12<>\"\")*ROUND($Q121:$AA121,15-13*ORÇAMENTO!$AF$7))))","v":8},null,null,null,".",{"$f":"IF($D121<>\"Serviço\",\"\",IF(AUTOEVENTO=\"manual\",$A121,IF(ISERROR(MATCH($A121,$A$15:OFFSET($A121,-1,0),0)),MAX($M$15:OFFSET(M121,-1,0))+1,INDEX($M$15:OFFSET(M121,-1,0),MATCH($A121,$A$15:OFFSET($A121,-1,0),0)))))","v":13},{"$f":"IF($D121<>\"Serviço\",\"\",IF(AUTOEVENTO=\"Manual\",IF($A121=0,\"<-- defina o número do agrupador\",OFFSET(EVENTOS!$D$14,$A121,0)),OFFSET($F$15,$A121,0)))","v":"INSTALAÇÕES HIDROSSANITÁRIAS (ESGOTO CLOACAL)"},null,null,{"$f":"4+4","v":8},null,null,null,null,null,null,null,null,null,null,{"$f":"IF(AND($D121=\"Serviço\",AB$12<>0,$H121>0,OR(AUTOEVENTO<>\"manual\",$M121<>1)),\nIF(Import.TipoArredondamento<>\"TransfereGOV\",\nROUND(OFFSET($P121,0,AB$13),15-13*ORÇAMENTO!$AF$7)/$H121*OFFSET(ORÇAMENTO!$X$15,ROW(AB121)-ROW(AB$15),0),\nROUND(ROUND(OFFSET($P121,0,AB$13),15-13*ORÇAMENTO!$AF$7)*OFFSET(ORÇAMENTO!$W$15,ROW(AB121)-ROW(AB$15),0),15-13*ORÇAMENTO!$AF$11)),0)","v":692.4},{"$f":"IF(AND($D121=\"Serviço\",AC$12<>0,$H121>0,OR(AUTOEVENTO<>\"manual\",$M121<>1)),\nIF(Import.TipoArredondamento<>\"TransfereGOV\",\nROUND(OFFSET($P121,0,AC$13),15-13*ORÇAMENTO!$AF$7)/$H121*OFFSET(ORÇAMENTO!$X$15,ROW(AC121)-ROW(AC$15),0),\nROUND(ROUND(OFFSET($P121,0,AC$13),15-13*ORÇAMENTO!$AF$7)*OFFSET(ORÇAMENTO!$W$15,ROW(AC121)-ROW(AC$15),0),15-13*ORÇAMENTO!$AF$11)),0)","v":0},{"$f":"IF(AND($D121=\"Serviço\",AD$12<>0,$H121>0,OR(AUTOEVENTO<>\"manual\",$M121<>1)),\nIF(Import.TipoArredondamento<>\"TransfereGOV\",\nROUND(OFFSET($P121,0,AD$13),15-13*ORÇAMENTO!$AF$7)/$H121*OFFSET(ORÇAMENTO!$X$15,ROW(AD121)-ROW(AD$15),0),\nROUND(ROUND(OFFSET($P121,0,AD$13),15-13*ORÇAMENTO!$AF$7)*OFFSET(ORÇAMENTO!$W$15,ROW(AD121)-ROW(AD$15),0),15-13*ORÇAMENTO!$AF$11)),0)","v":0},{"$f":"IF(AND($D121=\"Serviço\",AE$12<>0,$H121>0,OR(AUTOEVENTO<>\"manual\",$M121<>1)),\nIF(Import.TipoArredondamento<>\"TransfereGOV\",\nROUND(OFFSET($P121,0,AE$13),15-13*ORÇAMENTO!$AF$7)/$H121*OFFSET(ORÇAMENTO!$X$15,ROW(AE121)-ROW(AE$15),0),\nROUND(ROUND(OFFSET($P121,0,AE$13),15-13*ORÇAMENTO!$AF$7)*OFFSET(ORÇAMENTO!$W$15,ROW(AE121)-ROW(AE$15),0),15-13*ORÇAMENTO!$AF$11)),0)","v":0},{"$f":"IF(AND($D121=\"Serviço\",AF$12<>0,$H121>0,OR(AUTOEVENTO<>\"manual\",$M121<>1)),\nIF(Import.TipoArredondamento<>\"TransfereGOV\",\nROUND(OFFSET($P121,0,AF$13),15-13*ORÇAMENTO!$AF$7)/$H121*OFFSET(ORÇAMENTO!$X$15,ROW(AF121)-ROW(AF$15),0),\nROUND(ROUND(OFFSET($P121,0,AF$13),15-13*ORÇAMENTO!$AF$7)*OFFSET(ORÇAMENTO!$W$15,ROW(AF121)-ROW(AF$15),0),15-13*ORÇAMENTO!$AF$11)),0)","v":0},{"$f":"IF(AND($D121=\"Serviço\",AG$12<>0,$H121>0,OR(AUTOEVENTO<>\"manual\",$M121<>1)),\nIF(Import.TipoArredondamento<>\"TransfereGOV\",\nROUND(OFFSET($P121,0,AG$13),15-13*ORÇAMENTO!$AF$7)/$H121*OFFSET(ORÇAMENTO!$X$15,ROW(AG121)-ROW(AG$15),0),\nROUND(ROUND(OFFSET($P121,0,AG$13),15-13*ORÇAMENTO!$AF$7)*OFFSET(ORÇAMENTO!$W$15,ROW(AG121)-ROW(AG$15),0),15-13*ORÇAMENTO!$AF$11)),0)","v":0},{"$f":"IF(AND($D121=\"Serviço\",AH$12<>0,$H121>0,OR(AUTOEVENTO<>\"manual\",$M121<>1)),\nIF(Import.TipoArredondamento<>\"TransfereGOV\",\nROUND(OFFSET($P121,0,AH$13),15-13*ORÇAMENTO!$AF$7)/$H121*OFFSET(ORÇAMENTO!$X$15,ROW(AH121)-ROW(AH$15),0),\nROUND(ROUND(OFFSET($P121,0,AH$13),15-13*ORÇAMENTO!$AF$7)*OFFSET(ORÇAMENTO!$W$15,ROW(AH121)-ROW(AH$15),0),15-13*ORÇAMENTO!$AF$11)),0)","v":0},{"$f":"IF(AND($D121=\"Serviço\",AI$12<>0,$H121>0,OR(AUTOEVENTO<>\"manual\",$M121<>1)),\nIF(Import.TipoArredondamento<>\"TransfereGOV\",\nROUND(OFFSET($P121,0,AI$13),15-13*ORÇAMENTO!$AF$7)/$H121*OFFSET(ORÇAMENTO!$X$15,ROW(AI121)-ROW(AI$15),0),\nROUND(ROUND(OFFSET($P121,0,AI$13),15-13*ORÇAMENTO!$AF$7)*OFFSET(ORÇAMENTO!$W$15,ROW(AI121)-ROW(AI$15),0),15-13*ORÇAMENTO!$AF$11)),0)","v":0},{"$f":"IF(AND($D121=\"Serviço\",AJ$12<>0,$H121>0,OR(AUTOEVENTO<>\"manual\",$M121<>1)),\nIF(Import.TipoArredondamento<>\"TransfereGOV\",\nROUND(OFFSET($P121,0,AJ$13),15-13*ORÇAMENTO!$AF$7)/$H121*OFFSET(ORÇAMENTO!$X$15,ROW(AJ121)-ROW(AJ$15),0),\nROUND(ROUND(OFFSET($P121,0,AJ$13),15-13*ORÇAMENTO!$AF$7)*OFFSET(ORÇAMENTO!$W$15,ROW(AJ121)-ROW(AJ$15),0),15-13*ORÇAMENTO!$AF$11)),0)","v":0},{"$f":"IF(AND($D121=\"Serviço\",AK$12<>0,$H121>0,OR(AUTOEVENTO<>\"manual\",$M121<>1)),\nIF(Import.TipoArredondamento<>\"TransfereGOV\",\nROUND(OFFSET($P121,0,AK$13),15-13*ORÇAMENTO!$AF$7)/$H121*OFFSET(ORÇAMENTO!$X$15,ROW(AK121)-ROW(AK$15),0),\nROUND(ROUND(OFFSET($P121,0,AK$13),15-13*ORÇAMENTO!$AF$7)*OFFSET(ORÇAMENTO!$W$15,ROW(AK121)-ROW(AK$15),0),15-13*ORÇAMENTO!$AF$11)),0)","v":0},null,{"$f":"IF($D121<>\"Serviço\",0,IF(AND(AUTOEVENTO=\"Manual\",$M121=1),0,IF(OFFSET(CRONOPLE!$F$14,$M121,AM$13)=\"\",10^12,OFFSET(CRONOPLE!$F$14,$M121,AM$13))))","v":1000000000000},{"$f":"IF($D121<>\"Serviço\",0,IF(AND(AUTOEVENTO=\"Manual\",$M121=1),0,IF(OFFSET(CRONOPLE!$F$14,$M121,AN$13)=\"\",10^12,OFFSET(CRONOPLE!$F$14,$M121,AN$13))))","v":1000000000000},{"$f":"IF($D121<>\"Serviço\",0,IF(AND(AUTOEVENTO=\"Manual\",$M121=1),0,IF(OFFSET(CRONOPLE!$F$14,$M121,AO$13)=\"\",10^12,OFFSET(CRONOPLE!$F$14,$M121,AO$13))))","v":1000000000000},{"$f":"IF($D121<>\"Serviço\",0,IF(AND(AUTOEVENTO=\"Manual\",$M121=1),0,IF(OFFSET(CRONOPLE!$F$14,$M121,AP$13)=\"\",10^12,OFFSET(CRONOPLE!$F$14,$M121,AP$13))))","v":1000000000000},{"$f":"IF($D121<>\"Serviço\",0,IF(AND(AUTOEVENTO=\"Manual\",$M121=1),0,IF(OFFSET(CRONOPLE!$F$14,$M121,AQ$13)=\"\",10^12,OFFSET(CRONOPLE!$F$14,$M121,AQ$13))))","v":1000000000000},{"$f":"IF($D121<>\"Serviço\",0,IF(AND(AUTOEVENTO=\"Manual\",$M121=1),0,IF(OFFSET(CRONOPLE!$F$14,$M121,AR$13)=\"\",10^12,OFFSET(CRONOPLE!$F$14,$M121,AR$13))))","v":1000000000000},{"$f":"IF($D121<>\"Serviço\",0,IF(AND(AUTOEVENTO=\"Manual\",$M121=1),0,IF(OFFSET(CRONOPLE!$F$14,$M121,AS$13)=\"\",10^12,OFFSET(CRONOPLE!$F$14,$M121,AS$13))))","v":1000000000000},{"$f":"IF($D121<>\"Serviço\",0,IF(AND(AUTOEVENTO=\"Manual\",$M121=1),0,IF(OFFSET(CRONOPLE!$F$14,$M121,AT$13)=\"\",10^12,OFFSET(CRONOPLE!$F$14,$M121,AT$13))))","v":1000000000000},{"$f":"IF($D121<>\"Serviço\",0,IF(AND(AUTOEVENTO=\"Manual\",$M121=1),0,IF(OFFSET(CRONOPLE!$F$14,$M121,AU$13)=\"\",10^12,OFFSET(CRONOPLE!$F$14,$M121,AU$13))))","v":1000000000000},{"$f":"IF($D121<>\"Serviço\",0,IF(AND(AUTOEVENTO=\"Manual\",$M121=1),0,IF(OFFSET(CRONOPLE!$F$14,$M121,AV$13)=\"\",10^12,OFFSET(CRONOPLE!$F$14,$M121,AV$13))))","v":1000000000000},null,{"$f":"IF($D121<>\"Serviço\",0,IF(OR(AND(AUTOEVENTO=\"Manual\",$M121=1),$M121>(ROW(PLE.lastrow)-ROW(PLE.firstrow))),0,IF(OFFSET(PLE!$G$14,$M121,AX$13)=\"\",10^12,OFFSET(PLE!$G$14,$M121,AX$13))))","v":1000000000000},{"$f":"IF($D121<>\"Serviço\",0,IF(OR(AND(AUTOEVENTO=\"Manual\",$M121=1),$M121>(ROW(PLE.lastrow)-ROW(PLE.firstrow))),0,IF(OFFSET(PLE!$G$14,$M121,AY$13)=\"\",10^12,OFFSET(PLE!$G$14,$M121,AY$13))))","v":1000000000000},{"$f":"IF($D121<>\"Serviço\",0,IF(OR(AND(AUTOEVENTO=\"Manual\",$M121=1),$M121>(ROW(PLE.lastrow)-ROW(PLE.firstrow))),0,IF(OFFSET(PLE!$G$14,$M121,AZ$13)=\"\",10^12,OFFSET(PLE!$G$14,$M121,AZ$13))))","v":1000000000000},{"$f":"IF($D121<>\"Serviço\",0,IF(OR(AND(AUTOEVENTO=\"Manual\",$M121=1),$M121>(ROW(PLE.lastrow)-ROW(PLE.firstrow))),0,IF(OFFSET(PLE!$G$14,$M121,BA$13)=\"\",10^12,OFFSET(PLE!$G$14,$M121,BA$13))))","v":1000000000000},{"$f":"IF($D121<>\"Serviço\",0,IF(OR(AND(AUTOEVENTO=\"Manual\",$M121=1),$M121>(ROW(PLE.lastrow)-ROW(PLE.firstrow))),0,IF(OFFSET(PLE!$G$14,$M121,BB$13)=\"\",10^12,OFFSET(PLE!$G$14,$M121,BB$13))))","v":1000000000000},{"$f":"IF($D121<>\"Serviço\",0,IF(OR(AND(AUTOEVENTO=\"Manual\",$M121=1),$M121>(ROW(PLE.lastrow)-ROW(PLE.firstrow))),0,IF(OFFSET(PLE!$G$14,$M121,BC$13)=\"\",10^12,OFFSET(PLE!$G$14,$M121,BC$13))))","v":1000000000000},{"$f":"IF($D121<>\"Serviço\",0,IF(OR(AND(AUTOEVENTO=\"Manual\",$M121=1),$M121>(ROW(PLE.lastrow)-ROW(PLE.firstrow))),0,IF(OFFSET(PLE!$G$14,$M121,BD$13)=\"\",10^12,OFFSET(PLE!$G$14,$M121,BD$13))))","v":1000000000000},{"$f":"IF($D121<>\"Serviço\",0,IF(OR(AND(AUTOEVENTO=\"Manual\",$M121=1),$M121>(ROW(PLE.lastrow)-ROW(PLE.firstrow))),0,IF(OFFSET(PLE!$G$14,$M121,BE$13)=\"\",10^12,OFFSET(PLE!$G$14,$M121,BE$13))))","v":1000000000000},{"$f":"IF($D121<>\"Serviço\",0,IF(OR(AND(AUTOEVENTO=\"Manual\",$M121=1),$M121>(ROW(PLE.lastrow)-ROW(PLE.firstrow))),0,IF(OFFSET(PLE!$G$14,$M121,BF$13)=\"\",10^12,OFFSET(PLE!$G$14,$M121,BF$13))))","v":1000000000000},{"$f":"IF($D121<>\"Serviço\",0,IF(OR(AND(AUTOEVENTO=\"Manual\",$M121=1),$M121>(ROW(PLE.lastrow)-ROW(PLE.firstrow))),0,IF(OFFSET(PLE!$G$14,$M121,BG$13)=\"\",10^12,OFFSET(PLE!$G$14,$M121,BG$13))))","v":1000000000000}]
[{"$f":"IF(AUTOEVENTO=\"Manual\",IF(K122<>\"\",MIN(VALUE(LEFT(K122,FIND(\".\",K122)-1)),COUNTA(EVENTOS.Lista)),0),IF(OR($B122>AUTOEVENTO,$B122=\"S\",$B122=0),SUBSTITUTE(OFFSET($A122,-1,0),IF($D122=\"Serviço\",\".\",\"\"),\"\"),ROW(A122)-ROW($A$15)&\".\"))","v":"86"},{"$f":"OFFSET(ORÇAMENTO!C$15,ROW(B122)-ROW(B$15),0)","v":"S"},{"$f":"OFFSET(ORÇAMENTO!L$15,ROW(C122)-ROW(C$15),0)","v":"F"},{"$f":"OFFSET(ORÇAMENTO!N$15,ROW(D122)-ROW(D$15),0)","v":"Serviço"},{"$f":"OFFSET(ORÇAMENTO!O$15,ROW(E122)-ROW(E$15),0)","v":"1.12.0.21."},{"$f":"OFFSET(ORÇAMENTO!R$15,ROW(F122)-ROW(F$15),0)","v":"CAIXA ENTERRADA HIDRÁULICA RETANGULAR EM ALVENARIA COM TIJOLOS CERÂMICOS MACIÇOS, DIMENSÕES INTERNAS: 0,3X0,3X0,3 M PARA REDE DE ESGOTO. AF_12/2020"},{"$f":"IF($D122<>\"Serviço\",\"\",OFFSET(ORÇAMENTO!S$15,ROW(G122)-ROW(G$15),0))","v":"UN"},{"$f":"IF($D122<>\"Serviço\",0,IF(ACOMPANHAMENTO=\"BM\",ROUND(OFFSET(ORÇAMENTO!AJ$15,ROW(H122)-ROW(H$15),0),15-13*ORÇAMENTO!$AF$7),SUMPRODUCT(($Q$12:$AA$12<>\"\")*ROUND($Q122:$AA122,15-13*ORÇAMENTO!$AF$7))))","v":10},null,null,null,".",{"$f":"IF($D122<>\"Serviço\",\"\",IF(AUTOEVENTO=\"manual\",$A122,IF(ISERROR(MATCH($A122,$A$15:OFFSET($A122,-1,0),0)),MAX($M$15:OFFSET(M122,-1,0))+1,INDEX($M$15:OFFSET(M122,-1,0),MATCH($A122,$A$15:OFFSET($A122,-1,0),0)))))","v":13},{"$f":"IF($D122<>\"Serviço\",\"\",IF(AUTOEVENTO=\"Manual\",IF($A122=0,\"<-- defina o número do agrupador\",OFFSET(EVENTOS!$D$14,$A122,0)),OFFSET($F$15,$A122,0)))","v":"INSTALAÇÕES HIDROSSANITÁRIAS (ESGOTO CLOACAL)"},null,null,10,null,null,null,null,null,null,null,null,null,null,{"$f":"IF(AND($D122=\"Serviço\",AB$12<>0,$H122>0,OR(AUTOEVENTO<>\"manual\",$M122<>1)),\nIF(Import.TipoArredondamento<>\"TransfereGOV\",\nROUND(OFFSET($P122,0,AB$13),15-13*ORÇAMENTO!$AF$7)/$H122*OFFSET(ORÇAMENTO!$X$15,ROW(AB122)-ROW(AB$15),0),\nROUND(ROUND(OFFSET($P122,0,AB$13),15-13*ORÇAMENTO!$AF$7)*OFFSET(ORÇAMENTO!$W$15,ROW(AB122)-ROW(AB$15),0),15-13*ORÇAMENTO!$AF$11)),0)","v":2262.6999999999998},{"$f":"IF(AND($D122=\"Serviço\",AC$12<>0,$H122>0,OR(AUTOEVENTO<>\"manual\",$M122<>1)),\nIF(Import.TipoArredondamento<>\"TransfereGOV\",\nROUND(OFFSET($P122,0,AC$13),15-13*ORÇAMENTO!$AF$7)/$H122*OFFSET(ORÇAMENTO!$X$15,ROW(AC122)-ROW(AC$15),0),\nROUND(ROUND(OFFSET($P122,0,AC$13),15-13*ORÇAMENTO!$AF$7)*OFFSET(ORÇAMENTO!$W$15,ROW(AC122)-ROW(AC$15),0),15-13*ORÇAMENTO!$AF$11)),0)","v":0},{"$f":"IF(AND($D122=\"Serviço\",AD$12<>0,$H122>0,OR(AUTOEVENTO<>\"manual\",$M122<>1)),\nIF(Import.TipoArredondamento<>\"TransfereGOV\",\nROUND(OFFSET($P122,0,AD$13),15-13*ORÇAMENTO!$AF$7)/$H122*OFFSET(ORÇAMENTO!$X$15,ROW(AD122)-ROW(AD$15),0),\nROUND(ROUND(OFFSET($P122,0,AD$13),15-13*ORÇAMENTO!$AF$7)*OFFSET(ORÇAMENTO!$W$15,ROW(AD122)-ROW(AD$15),0),15-13*ORÇAMENTO!$AF$11)),0)","v":0},{"$f":"IF(AND($D122=\"Serviço\",AE$12<>0,$H122>0,OR(AUTOEVENTO<>\"manual\",$M122<>1)),\nIF(Import.TipoArredondamento<>\"TransfereGOV\",\nROUND(OFFSET($P122,0,AE$13),15-13*ORÇAMENTO!$AF$7)/$H122*OFFSET(ORÇAMENTO!$X$15,ROW(AE122)-ROW(AE$15),0),\nROUND(ROUND(OFFSET($P122,0,AE$13),15-13*ORÇAMENTO!$AF$7)*OFFSET(ORÇAMENTO!$W$15,ROW(AE122)-ROW(AE$15),0),15-13*ORÇAMENTO!$AF$11)),0)","v":0},{"$f":"IF(AND($D122=\"Serviço\",AF$12<>0,$H122>0,OR(AUTOEVENTO<>\"manual\",$M122<>1)),\nIF(Import.TipoArredondamento<>\"TransfereGOV\",\nROUND(OFFSET($P122,0,AF$13),15-13*ORÇAMENTO!$AF$7)/$H122*OFFSET(ORÇAMENTO!$X$15,ROW(AF122)-ROW(AF$15),0),\nROUND(ROUND(OFFSET($P122,0,AF$13),15-13*ORÇAMENTO!$AF$7)*OFFSET(ORÇAMENTO!$W$15,ROW(AF122)-ROW(AF$15),0),15-13*ORÇAMENTO!$AF$11)),0)","v":0},{"$f":"IF(AND($D122=\"Serviço\",AG$12<>0,$H122>0,OR(AUTOEVENTO<>\"manual\",$M122<>1)),\nIF(Import.TipoArredondamento<>\"TransfereGOV\",\nROUND(OFFSET($P122,0,AG$13),15-13*ORÇAMENTO!$AF$7)/$H122*OFFSET(ORÇAMENTO!$X$15,ROW(AG122)-ROW(AG$15),0),\nROUND(ROUND(OFFSET($P122,0,AG$13),15-13*ORÇAMENTO!$AF$7)*OFFSET(ORÇAMENTO!$W$15,ROW(AG122)-ROW(AG$15),0),15-13*ORÇAMENTO!$AF$11)),0)","v":0},{"$f":"IF(AND($D122=\"Serviço\",AH$12<>0,$H122>0,OR(AUTOEVENTO<>\"manual\",$M122<>1)),\nIF(Import.TipoArredondamento<>\"TransfereGOV\",\nROUND(OFFSET($P122,0,AH$13),15-13*ORÇAMENTO!$AF$7)/$H122*OFFSET(ORÇAMENTO!$X$15,ROW(AH122)-ROW(AH$15),0),\nROUND(ROUND(OFFSET($P122,0,AH$13),15-13*ORÇAMENTO!$AF$7)*OFFSET(ORÇAMENTO!$W$15,ROW(AH122)-ROW(AH$15),0),15-13*ORÇAMENTO!$AF$11)),0)","v":0},{"$f":"IF(AND($D122=\"Serviço\",AI$12<>0,$H122>0,OR(AUTOEVENTO<>\"manual\",$M122<>1)),\nIF(Import.TipoArredondamento<>\"TransfereGOV\",\nROUND(OFFSET($P122,0,AI$13),15-13*ORÇAMENTO!$AF$7)/$H122*OFFSET(ORÇAMENTO!$X$15,ROW(AI122)-ROW(AI$15),0),\nROUND(ROUND(OFFSET($P122,0,AI$13),15-13*ORÇAMENTO!$AF$7)*OFFSET(ORÇAMENTO!$W$15,ROW(AI122)-ROW(AI$15),0),15-13*ORÇAMENTO!$AF$11)),0)","v":0},{"$f":"IF(AND($D122=\"Serviço\",AJ$12<>0,$H122>0,OR(AUTOEVENTO<>\"manual\",$M122<>1)),\nIF(Import.TipoArredondamento<>\"TransfereGOV\",\nROUND(OFFSET($P122,0,AJ$13),15-13*ORÇAMENTO!$AF$7)/$H122*OFFSET(ORÇAMENTO!$X$15,ROW(AJ122)-ROW(AJ$15),0),\nROUND(ROUND(OFFSET($P122,0,AJ$13),15-13*ORÇAMENTO!$AF$7)*OFFSET(ORÇAMENTO!$W$15,ROW(AJ122)-ROW(AJ$15),0),15-13*ORÇAMENTO!$AF$11)),0)","v":0},{"$f":"IF(AND($D122=\"Serviço\",AK$12<>0,$H122>0,OR(AUTOEVENTO<>\"manual\",$M122<>1)),\nIF(Import.TipoArredondamento<>\"TransfereGOV\",\nROUND(OFFSET($P122,0,AK$13),15-13*ORÇAMENTO!$AF$7)/$H122*OFFSET(ORÇAMENTO!$X$15,ROW(AK122)-ROW(AK$15),0),\nROUND(ROUND(OFFSET($P122,0,AK$13),15-13*ORÇAMENTO!$AF$7)*OFFSET(ORÇAMENTO!$W$15,ROW(AK122)-ROW(AK$15),0),15-13*ORÇAMENTO!$AF$11)),0)","v":0},null,{"$f":"IF($D122<>\"Serviço\",0,IF(AND(AUTOEVENTO=\"Manual\",$M122=1),0,IF(OFFSET(CRONOPLE!$F$14,$M122,AM$13)=\"\",10^12,OFFSET(CRONOPLE!$F$14,$M122,AM$13))))","v":1000000000000},{"$f":"IF($D122<>\"Serviço\",0,IF(AND(AUTOEVENTO=\"Manual\",$M122=1),0,IF(OFFSET(CRONOPLE!$F$14,$M122,AN$13)=\"\",10^12,OFFSET(CRONOPLE!$F$14,$M122,AN$13))))","v":1000000000000},{"$f":"IF($D122<>\"Serviço\",0,IF(AND(AUTOEVENTO=\"Manual\",$M122=1),0,IF(OFFSET(CRONOPLE!$F$14,$M122,AO$13)=\"\",10^12,OFFSET(CRONOPLE!$F$14,$M122,AO$13))))","v":1000000000000},{"$f":"IF($D122<>\"Serviço\",0,IF(AND(AUTOEVENTO=\"Manual\",$M122=1),0,IF(OFFSET(CRONOPLE!$F$14,$M122,AP$13)=\"\",10^12,OFFSET(CRONOPLE!$F$14,$M122,AP$13))))","v":1000000000000},{"$f":"IF($D122<>\"Serviço\",0,IF(AND(AUTOEVENTO=\"Manual\",$M122=1),0,IF(OFFSET(CRONOPLE!$F$14,$M122,AQ$13)=\"\",10^12,OFFSET(CRONOPLE!$F$14,$M122,AQ$13))))","v":1000000000000},{"$f":"IF($D122<>\"Serviço\",0,IF(AND(AUTOEVENTO=\"Manual\",$M122=1),0,IF(OFFSET(CRONOPLE!$F$14,$M122,AR$13)=\"\",10^12,OFFSET(CRONOPLE!$F$14,$M122,AR$13))))","v":1000000000000},{"$f":"IF($D122<>\"Serviço\",0,IF(AND(AUTOEVENTO=\"Manual\",$M122=1),0,IF(OFFSET(CRONOPLE!$F$14,$M122,AS$13)=\"\",10^12,OFFSET(CRONOPLE!$F$14,$M122,AS$13))))","v":1000000000000},{"$f":"IF($D122<>\"Serviço\",0,IF(AND(AUTOEVENTO=\"Manual\",$M122=1),0,IF(OFFSET(CRONOPLE!$F$14,$M122,AT$13)=\"\",10^12,OFFSET(CRONOPLE!$F$14,$M122,AT$13))))","v":1000000000000},{"$f":"IF($D122<>\"Serviço\",0,IF(AND(AUTOEVENTO=\"Manual\",$M122=1),0,IF(OFFSET(CRONOPLE!$F$14,$M122,AU$13)=\"\",10^12,OFFSET(CRONOPLE!$F$14,$M122,AU$13))))","v":1000000000000},{"$f":"IF($D122<>\"Serviço\",0,IF(AND(AUTOEVENTO=\"Manual\",$M122=1),0,IF(OFFSET(CRONOPLE!$F$14,$M122,AV$13)=\"\",10^12,OFFSET(CRONOPLE!$F$14,$M122,AV$13))))","v":1000000000000},null,{"$f":"IF($D122<>\"Serviço\",0,IF(OR(AND(AUTOEVENTO=\"Manual\",$M122=1),$M122>(ROW(PLE.lastrow)-ROW(PLE.firstrow))),0,IF(OFFSET(PLE!$G$14,$M122,AX$13)=\"\",10^12,OFFSET(PLE!$G$14,$M122,AX$13))))","v":1000000000000},{"$f":"IF($D122<>\"Serviço\",0,IF(OR(AND(AUTOEVENTO=\"Manual\",$M122=1),$M122>(ROW(PLE.lastrow)-ROW(PLE.firstrow))),0,IF(OFFSET(PLE!$G$14,$M122,AY$13)=\"\",10^12,OFFSET(PLE!$G$14,$M122,AY$13))))","v":1000000000000},{"$f":"IF($D122<>\"Serviço\",0,IF(OR(AND(AUTOEVENTO=\"Manual\",$M122=1),$M122>(ROW(PLE.lastrow)-ROW(PLE.firstrow))),0,IF(OFFSET(PLE!$G$14,$M122,AZ$13)=\"\",10^12,OFFSET(PLE!$G$14,$M122,AZ$13))))","v":1000000000000},{"$f":"IF($D122<>\"Serviço\",0,IF(OR(AND(AUTOEVENTO=\"Manual\",$M122=1),$M122>(ROW(PLE.lastrow)-ROW(PLE.firstrow))),0,IF(OFFSET(PLE!$G$14,$M122,BA$13)=\"\",10^12,OFFSET(PLE!$G$14,$M122,BA$13))))","v":1000000000000},{"$f":"IF($D122<>\"Serviço\",0,IF(OR(AND(AUTOEVENTO=\"Manual\",$M122=1),$M122>(ROW(PLE.lastrow)-ROW(PLE.firstrow))),0,IF(OFFSET(PLE!$G$14,$M122,BB$13)=\"\",10^12,OFFSET(PLE!$G$14,$M122,BB$13))))","v":1000000000000},{"$f":"IF($D122<>\"Serviço\",0,IF(OR(AND(AUTOEVENTO=\"Manual\",$M122=1),$M122>(ROW(PLE.lastrow)-ROW(PLE.firstrow))),0,IF(OFFSET(PLE!$G$14,$M122,BC$13)=\"\",10^12,OFFSET(PLE!$G$14,$M122,BC$13))))","v":1000000000000},{"$f":"IF($D122<>\"Serviço\",0,IF(OR(AND(AUTOEVENTO=\"Manual\",$M122=1),$M122>(ROW(PLE.lastrow)-ROW(PLE.firstrow))),0,IF(OFFSET(PLE!$G$14,$M122,BD$13)=\"\",10^12,OFFSET(PLE!$G$14,$M122,BD$13))))","v":1000000000000},{"$f":"IF($D122<>\"Serviço\",0,IF(OR(AND(AUTOEVENTO=\"Manual\",$M122=1),$M122>(ROW(PLE.lastrow)-ROW(PLE.firstrow))),0,IF(OFFSET(PLE!$G$14,$M122,BE$13)=\"\",10^12,OFFSET(PLE!$G$14,$M122,BE$13))))","v":1000000000000},{"$f":"IF($D122<>\"Serviço\",0,IF(OR(AND(AUTOEVENTO=\"Manual\",$M122=1),$M122>(ROW(PLE.lastrow)-ROW(PLE.firstrow))),0,IF(OFFSET(PLE!$G$14,$M122,BF$13)=\"\",10^12,OFFSET(PLE!$G$14,$M122,BF$13))))","v":1000000000000},{"$f":"IF($D122<>\"Serviço\",0,IF(OR(AND(AUTOEVENTO=\"Manual\",$M122=1),$M122>(ROW(PLE.lastrow)-ROW(PLE.firstrow))),0,IF(OFFSET(PLE!$G$14,$M122,BG$13)=\"\",10^12,OFFSET(PLE!$G$14,$M122,BG$13))))","v":1000000000000}]
[{"$f":"IF(AUTOEVENTO=\"Manual\",IF(K123<>\"\",MIN(VALUE(LEFT(K123,FIND(\".\",K123)-1)),COUNTA(EVENTOS.Lista)),0),IF(OR($B123>AUTOEVENTO,$B123=\"S\",$B123=0),SUBSTITUTE(OFFSET($A123,-1,0),IF($D123=\"Serviço\",\".\",\"\"),\"\"),ROW(A123)-ROW($A$15)&\".\"))","v":"86"},{"$f":"OFFSET(ORÇAMENTO!C$15,ROW(B123)-ROW(B$15),0)","v":"S"},{"$f":"OFFSET(ORÇAMENTO!L$15,ROW(C123)-ROW(C$15),0)","v":"F"},{"$f":"OFFSET(ORÇAMENTO!N$15,ROW(D123)-ROW(D$15),0)","v":"Serviço"},{"$f":"OFFSET(ORÇAMENTO!O$15,ROW(E123)-ROW(E$15),0)","v":"1.12.0.22."},{"$f":"OFFSET(ORÇAMENTO!R$15,ROW(F123)-ROW(F$15),0)","v":"CAIXA DE GORDURA PEQUENA (CAPACIDADE: 19 L), CIRCULAR, EM PVC, DIÂMETRO INTERNO= 0,3 M. AF_12/2020"},{"$f":"IF($D123<>\"Serviço\",\"\",OFFSET(ORÇAMENTO!S$15,ROW(G123)-ROW(G$15),0))","v":"UN"},{"$f":"IF($D123<>\"Serviço\",0,IF(ACOMPANHAMENTO=\"BM\",ROUND(OFFSET(ORÇAMENTO!AJ$15,ROW(H123)-ROW(H$15),0),15-13*ORÇAMENTO!$AF$7),SUMPRODUCT(($Q$12:$AA$12<>\"\")*ROUND($Q123:$AA123,15-13*ORÇAMENTO!$AF$7))))","v":2},null,null,null,".",{"$f":"IF($D123<>\"Serviço\",\"\",IF(AUTOEVENTO=\"manual\",$A123,IF(ISERROR(MATCH($A123,$A$15:OFFSET($A123,-1,0),0)),MAX($M$15:OFFSET(M123,-1,0))+1,INDEX($M$15:OFFSET(M123,-1,0),MATCH($A123,$A$15:OFFSET($A123,-1,0),0)))))","v":13},{"$f":"IF($D123<>\"Serviço\",\"\",IF(AUTOEVENTO=\"Manual\",IF($A123=0,\"<-- defina o número do agrupador\",OFFSET(EVENTOS!$D$14,$A123,0)),OFFSET($F$15,$A123,0)))","v":"INSTALAÇÕES HIDROSSANITÁRIAS (ESGOTO CLOACAL)"},null,null,2,null,null,null,null,null,null,null,null,null,null,{"$f":"IF(AND($D123=\"Serviço\",AB$12<>0,$H123>0,OR(AUTOEVENTO<>\"manual\",$M123<>1)),\nIF(Import.TipoArredondamento<>\"TransfereGOV\",\nROUND(OFFSET($P123,0,AB$13),15-13*ORÇAMENTO!$AF$7)/$H123*OFFSET(ORÇAMENTO!$X$15,ROW(AB123)-ROW(AB$15),0),\nROUND(ROUND(OFFSET($P123,0,AB$13),15-13*ORÇAMENTO!$AF$7)*OFFSET(ORÇAMENTO!$W$15,ROW(AB123)-ROW(AB$15),0),15-13*ORÇAMENTO!$AF$11)),0)","v":952.86},{"$f":"IF(AND($D123=\"Serviço\",AC$12<>0,$H123>0,OR(AUTOEVENTO<>\"manual\",$M123<>1)),\nIF(Import.TipoArredondamento<>\"TransfereGOV\",\nROUND(OFFSET($P123,0,AC$13),15-13*ORÇAMENTO!$AF$7)/$H123*OFFSET(ORÇAMENTO!$X$15,ROW(AC123)-ROW(AC$15),0),\nROUND(ROUND(OFFSET($P123,0,AC$13),15-13*ORÇAMENTO!$AF$7)*OFFSET(ORÇAMENTO!$W$15,ROW(AC123)-ROW(AC$15),0),15-13*ORÇAMENTO!$AF$11)),0)","v":0},{"$f":"IF(AND($D123=\"Serviço\",AD$12<>0,$H123>0,OR(AUTOEVENTO<>\"manual\",$M123<>1)),\nIF(Import.TipoArredondamento<>\"TransfereGOV\",\nROUND(OFFSET($P123,0,AD$13),15-13*ORÇAMENTO!$AF$7)/$H123*OFFSET(ORÇAMENTO!$X$15,ROW(AD123)-ROW(AD$15),0),\nROUND(ROUND(OFFSET($P123,0,AD$13),15-13*ORÇAMENTO!$AF$7)*OFFSET(ORÇAMENTO!$W$15,ROW(AD123)-ROW(AD$15),0),15-13*ORÇAMENTO!$AF$11)),0)","v":0},{"$f":"IF(AND($D123=\"Serviço\",AE$12<>0,$H123>0,OR(AUTOEVENTO<>\"manual\",$M123<>1)),\nIF(Import.TipoArredondamento<>\"TransfereGOV\",\nROUND(OFFSET($P123,0,AE$13),15-13*ORÇAMENTO!$AF$7)/$H123*OFFSET(ORÇAMENTO!$X$15,ROW(AE123)-ROW(AE$15),0),\nROUND(ROUND(OFFSET($P123,0,AE$13),15-13*ORÇAMENTO!$AF$7)*OFFSET(ORÇAMENTO!$W$15,ROW(AE123)-ROW(AE$15),0),15-13*ORÇAMENTO!$AF$11)),0)","v":0},{"$f":"IF(AND($D123=\"Serviço\",AF$12<>0,$H123>0,OR(AUTOEVENTO<>\"manual\",$M123<>1)),\nIF(Import.TipoArredondamento<>\"TransfereGOV\",\nROUND(OFFSET($P123,0,AF$13),15-13*ORÇAMENTO!$AF$7)/$H123*OFFSET(ORÇAMENTO!$X$15,ROW(AF123)-ROW(AF$15),0),\nROUND(ROUND(OFFSET($P123,0,AF$13),15-13*ORÇAMENTO!$AF$7)*OFFSET(ORÇAMENTO!$W$15,ROW(AF123)-ROW(AF$15),0),15-13*ORÇAMENTO!$AF$11)),0)","v":0},{"$f":"IF(AND($D123=\"Serviço\",AG$12<>0,$H123>0,OR(AUTOEVENTO<>\"manual\",$M123<>1)),\nIF(Import.TipoArredondamento<>\"TransfereGOV\",\nROUND(OFFSET($P123,0,AG$13),15-13*ORÇAMENTO!$AF$7)/$H123*OFFSET(ORÇAMENTO!$X$15,ROW(AG123)-ROW(AG$15),0),\nROUND(ROUND(OFFSET($P123,0,AG$13),15-13*ORÇAMENTO!$AF$7)*OFFSET(ORÇAMENTO!$W$15,ROW(AG123)-ROW(AG$15),0),15-13*ORÇAMENTO!$AF$11)),0)","v":0},{"$f":"IF(AND($D123=\"Serviço\",AH$12<>0,$H123>0,OR(AUTOEVENTO<>\"manual\",$M123<>1)),\nIF(Import.TipoArredondamento<>\"TransfereGOV\",\nROUND(OFFSET($P123,0,AH$13),15-13*ORÇAMENTO!$AF$7)/$H123*OFFSET(ORÇAMENTO!$X$15,ROW(AH123)-ROW(AH$15),0),\nROUND(ROUND(OFFSET($P123,0,AH$13),15-13*ORÇAMENTO!$AF$7)*OFFSET(ORÇAMENTO!$W$15,ROW(AH123)-ROW(AH$15),0),15-13*ORÇAMENTO!$AF$11)),0)","v":0},{"$f":"IF(AND($D123=\"Serviço\",AI$12<>0,$H123>0,OR(AUTOEVENTO<>\"manual\",$M123<>1)),\nIF(Import.TipoArredondamento<>\"TransfereGOV\",\nROUND(OFFSET($P123,0,AI$13),15-13*ORÇAMENTO!$AF$7)/$H123*OFFSET(ORÇAMENTO!$X$15,ROW(AI123)-ROW(AI$15),0),\nROUND(ROUND(OFFSET($P123,0,AI$13),15-13*ORÇAMENTO!$AF$7)*OFFSET(ORÇAMENTO!$W$15,ROW(AI123)-ROW(AI$15),0),15-13*ORÇAMENTO!$AF$11)),0)","v":0},{"$f":"IF(AND($D123=\"Serviço\",AJ$12<>0,$H123>0,OR(AUTOEVENTO<>\"manual\",$M123<>1)),\nIF(Import.TipoArredondamento<>\"TransfereGOV\",\nROUND(OFFSET($P123,0,AJ$13),15-13*ORÇAMENTO!$AF$7)/$H123*OFFSET(ORÇAMENTO!$X$15,ROW(AJ123)-ROW(AJ$15),0),\nROUND(ROUND(OFFSET($P123,0,AJ$13),15-13*ORÇAMENTO!$AF$7)*OFFSET(ORÇAMENTO!$W$15,ROW(AJ123)-ROW(AJ$15),0),15-13*ORÇAMENTO!$AF$11)),0)","v":0},{"$f":"IF(AND($D123=\"Serviço\",AK$12<>0,$H123>0,OR(AUTOEVENTO<>\"manual\",$M123<>1)),\nIF(Import.TipoArredondamento<>\"TransfereGOV\",\nROUND(OFFSET($P123,0,AK$13),15-13*ORÇAMENTO!$AF$7)/$H123*OFFSET(ORÇAMENTO!$X$15,ROW(AK123)-ROW(AK$15),0),\nROUND(ROUND(OFFSET($P123,0,AK$13),15-13*ORÇAMENTO!$AF$7)*OFFSET(ORÇAMENTO!$W$15,ROW(AK123)-ROW(AK$15),0),15-13*ORÇAMENTO!$AF$11)),0)","v":0},null,{"$f":"IF($D123<>\"Serviço\",0,IF(AND(AUTOEVENTO=\"Manual\",$M123=1),0,IF(OFFSET(CRONOPLE!$F$14,$M123,AM$13)=\"\",10^12,OFFSET(CRONOPLE!$F$14,$M123,AM$13))))","v":1000000000000},{"$f":"IF($D123<>\"Serviço\",0,IF(AND(AUTOEVENTO=\"Manual\",$M123=1),0,IF(OFFSET(CRONOPLE!$F$14,$M123,AN$13)=\"\",10^12,OFFSET(CRONOPLE!$F$14,$M123,AN$13))))","v":1000000000000},{"$f":"IF($D123<>\"Serviço\",0,IF(AND(AUTOEVENTO=\"Manual\",$M123=1),0,IF(OFFSET(CRONOPLE!$F$14,$M123,AO$13)=\"\",10^12,OFFSET(CRONOPLE!$F$14,$M123,AO$13))))","v":1000000000000},{"$f":"IF($D123<>\"Serviço\",0,IF(AND(AUTOEVENTO=\"Manual\",$M123=1),0,IF(OFFSET(CRONOPLE!$F$14,$M123,AP$13)=\"\",10^12,OFFSET(CRONOPLE!$F$14,$M123,AP$13))))","v":1000000000000},{"$f":"IF($D123<>\"Serviço\",0,IF(AND(AUTOEVENTO=\"Manual\",$M123=1),0,IF(OFFSET(CRONOPLE!$F$14,$M123,AQ$13)=\"\",10^12,OFFSET(CRONOPLE!$F$14,$M123,AQ$13))))","v":1000000000000},{"$f":"IF($D123<>\"Serviço\",0,IF(AND(AUTOEVENTO=\"Manual\",$M123=1),0,IF(OFFSET(CRONOPLE!$F$14,$M123,AR$13)=\"\",10^12,OFFSET(CRONOPLE!$F$14,$M123,AR$13))))","v":1000000000000},{"$f":"IF($D123<>\"Serviço\",0,IF(AND(AUTOEVENTO=\"Manual\",$M123=1),0,IF(OFFSET(CRONOPLE!$F$14,$M123,AS$13)=\"\",10^12,OFFSET(CRONOPLE!$F$14,$M123,AS$13))))","v":1000000000000},{"$f":"IF($D123<>\"Serviço\",0,IF(AND(AUTOEVENTO=\"Manual\",$M123=1),0,IF(OFFSET(CRONOPLE!$F$14,$M123,AT$13)=\"\",10^12,OFFSET(CRONOPLE!$F$14,$M123,AT$13))))","v":1000000000000},{"$f":"IF($D123<>\"Serviço\",0,IF(AND(AUTOEVENTO=\"Manual\",$M123=1),0,IF(OFFSET(CRONOPLE!$F$14,$M123,AU$13)=\"\",10^12,OFFSET(CRONOPLE!$F$14,$M123,AU$13))))","v":1000000000000},{"$f":"IF($D123<>\"Serviço\",0,IF(AND(AUTOEVENTO=\"Manual\",$M123=1),0,IF(OFFSET(CRONOPLE!$F$14,$M123,AV$13)=\"\",10^12,OFFSET(CRONOPLE!$F$14,$M123,AV$13))))","v":1000000000000},null,{"$f":"IF($D123<>\"Serviço\",0,IF(OR(AND(AUTOEVENTO=\"Manual\",$M123=1),$M123>(ROW(PLE.lastrow)-ROW(PLE.firstrow))),0,IF(OFFSET(PLE!$G$14,$M123,AX$13)=\"\",10^12,OFFSET(PLE!$G$14,$M123,AX$13))))","v":1000000000000},{"$f":"IF($D123<>\"Serviço\",0,IF(OR(AND(AUTOEVENTO=\"Manual\",$M123=1),$M123>(ROW(PLE.lastrow)-ROW(PLE.firstrow))),0,IF(OFFSET(PLE!$G$14,$M123,AY$13)=\"\",10^12,OFFSET(PLE!$G$14,$M123,AY$13))))","v":1000000000000},{"$f":"IF($D123<>\"Serviço\",0,IF(OR(AND(AUTOEVENTO=\"Manual\",$M123=1),$M123>(ROW(PLE.lastrow)-ROW(PLE.firstrow))),0,IF(OFFSET(PLE!$G$14,$M123,AZ$13)=\"\",10^12,OFFSET(PLE!$G$14,$M123,AZ$13))))","v":1000000000000},{"$f":"IF($D123<>\"Serviço\",0,IF(OR(AND(AUTOEVENTO=\"Manual\",$M123=1),$M123>(ROW(PLE.lastrow)-ROW(PLE.firstrow))),0,IF(OFFSET(PLE!$G$14,$M123,BA$13)=\"\",10^12,OFFSET(PLE!$G$14,$M123,BA$13))))","v":1000000000000},{"$f":"IF($D123<>\"Serviço\",0,IF(OR(AND(AUTOEVENTO=\"Manual\",$M123=1),$M123>(ROW(PLE.lastrow)-ROW(PLE.firstrow))),0,IF(OFFSET(PLE!$G$14,$M123,BB$13)=\"\",10^12,OFFSET(PLE!$G$14,$M123,BB$13))))","v":1000000000000},{"$f":"IF($D123<>\"Serviço\",0,IF(OR(AND(AUTOEVENTO=\"Manual\",$M123=1),$M123>(ROW(PLE.lastrow)-ROW(PLE.firstrow))),0,IF(OFFSET(PLE!$G$14,$M123,BC$13)=\"\",10^12,OFFSET(PLE!$G$14,$M123,BC$13))))","v":1000000000000},{"$f":"IF($D123<>\"Serviço\",0,IF(OR(AND(AUTOEVENTO=\"Manual\",$M123=1),$M123>(ROW(PLE.lastrow)-ROW(PLE.firstrow))),0,IF(OFFSET(PLE!$G$14,$M123,BD$13)=\"\",10^12,OFFSET(PLE!$G$14,$M123,BD$13))))","v":1000000000000},{"$f":"IF($D123<>\"Serviço\",0,IF(OR(AND(AUTOEVENTO=\"Manual\",$M123=1),$M123>(ROW(PLE.lastrow)-ROW(PLE.firstrow))),0,IF(OFFSET(PLE!$G$14,$M123,BE$13)=\"\",10^12,OFFSET(PLE!$G$14,$M123,BE$13))))","v":1000000000000},{"$f":"IF($D123<>\"Serviço\",0,IF(OR(AND(AUTOEVENTO=\"Manual\",$M123=1),$M123>(ROW(PLE.lastrow)-ROW(PLE.firstrow))),0,IF(OFFSET(PLE!$G$14,$M123,BF$13)=\"\",10^12,OFFSET(PLE!$G$14,$M123,BF$13))))","v":1000000000000},{"$f":"IF($D123<>\"Serviço\",0,IF(OR(AND(AUTOEVENTO=\"Manual\",$M123=1),$M123>(ROW(PLE.lastrow)-ROW(PLE.firstrow))),0,IF(OFFSET(PLE!$G$14,$M123,BG$13)=\"\",10^12,OFFSET(PLE!$G$14,$M123,BG$13))))","v":1000000000000}]
[{"$f":"IF(AUTOEVENTO=\"Manual\",IF(K124<>\"\",MIN(VALUE(LEFT(K124,FIND(\".\",K124)-1)),COUNTA(EVENTOS.Lista)),0),IF(OR($B124>AUTOEVENTO,$B124=\"S\",$B124=0),SUBSTITUTE(OFFSET($A124,-1,0),IF($D124=\"Serviço\",\".\",\"\"),\"\"),ROW(A124)-ROW($A$15)&\".\"))","v":"86"},{"$f":"OFFSET(ORÇAMENTO!C$15,ROW(B124)-ROW(B$15),0)","v":"S"},{"$f":"OFFSET(ORÇAMENTO!L$15,ROW(C124)-ROW(C$15),0)","v":"F"},{"$f":"OFFSET(ORÇAMENTO!N$15,ROW(D124)-ROW(D$15),0)","v":"Serviço"},{"$f":"OFFSET(ORÇAMENTO!O$15,ROW(E124)-ROW(E$15),0)","v":"1.12.0.23."},{"$f":"OFFSET(ORÇAMENTO!R$15,ROW(F124)-ROW(F$15),0)","v":"FOSSA SÉPTICA, EM POLIETILENO DE ALTA DENSIDADE (PEAD), CILINDRICA, COM TAMPA, CAPACIDADE APROXIMADAMENTE 3000 LITROS - FORNECIMENTO E INSTALAÇÃO"},{"$f":"IF($D124<>\"Serviço\",\"\",OFFSET(ORÇAMENTO!S$15,ROW(G124)-ROW(G$15),0))","v":"UNIDADE"},{"$f":"IF($D124<>\"Serviço\",0,IF(ACOMPANHAMENTO=\"BM\",ROUND(OFFSET(ORÇAMENTO!AJ$15,ROW(H124)-ROW(H$15),0),15-13*ORÇAMENTO!$AF$7),SUMPRODUCT(($Q$12:$AA$12<>\"\")*ROUND($Q124:$AA124,15-13*ORÇAMENTO!$AF$7))))","v":1},null,null,null,".",{"$f":"IF($D124<>\"Serviço\",\"\",IF(AUTOEVENTO=\"manual\",$A124,IF(ISERROR(MATCH($A124,$A$15:OFFSET($A124,-1,0),0)),MAX($M$15:OFFSET(M124,-1,0))+1,INDEX($M$15:OFFSET(M124,-1,0),MATCH($A124,$A$15:OFFSET($A124,-1,0),0)))))","v":13},{"$f":"IF($D124<>\"Serviço\",\"\",IF(AUTOEVENTO=\"Manual\",IF($A124=0,\"<-- defina o número do agrupador\",OFFSET(EVENTOS!$D$14,$A124,0)),OFFSET($F$15,$A124,0)))","v":"INSTALAÇÕES HIDROSSANITÁRIAS (ESGOTO CLOACAL)"},null,null,1,null,null,null,null,null,null,null,null,null,null,{"$f":"IF(AND($D124=\"Serviço\",AB$12<>0,$H124>0,OR(AUTOEVENTO<>\"manual\",$M124<>1)),\nIF(Import.TipoArredondamento<>\"TransfereGOV\",\nROUND(OFFSET($P124,0,AB$13),15-13*ORÇAMENTO!$AF$7)/$H124*OFFSET(ORÇAMENTO!$X$15,ROW(AB124)-ROW(AB$15),0),\nROUND(ROUND(OFFSET($P124,0,AB$13),15-13*ORÇAMENTO!$AF$7)*OFFSET(ORÇAMENTO!$W$15,ROW(AB124)-ROW(AB$15),0),15-13*ORÇAMENTO!$AF$11)),0)","v":4421.12},{"$f":"IF(AND($D124=\"Serviço\",AC$12<>0,$H124>0,OR(AUTOEVENTO<>\"manual\",$M124<>1)),\nIF(Import.TipoArredondamento<>\"TransfereGOV\",\nROUND(OFFSET($P124,0,AC$13),15-13*ORÇAMENTO!$AF$7)/$H124*OFFSET(ORÇAMENTO!$X$15,ROW(AC124)-ROW(AC$15),0),\nROUND(ROUND(OFFSET($P124,0,AC$13),15-13*ORÇAMENTO!$AF$7)*OFFSET(ORÇAMENTO!$W$15,ROW(AC124)-ROW(AC$15),0),15-13*ORÇAMENTO!$AF$11)),0)","v":0},{"$f":"IF(AND($D124=\"Serviço\",AD$12<>0,$H124>0,OR(AUTOEVENTO<>\"manual\",$M124<>1)),\nIF(Import.TipoArredondamento<>\"TransfereGOV\",\nROUND(OFFSET($P124,0,AD$13),15-13*ORÇAMENTO!$AF$7)/$H124*OFFSET(ORÇAMENTO!$X$15,ROW(AD124)-ROW(AD$15),0),\nROUND(ROUND(OFFSET($P124,0,AD$13),15-13*ORÇAMENTO!$AF$7)*OFFSET(ORÇAMENTO!$W$15,ROW(AD124)-ROW(AD$15),0),15-13*ORÇAMENTO!$AF$11)),0)","v":0},{"$f":"IF(AND($D124=\"Serviço\",AE$12<>0,$H124>0,OR(AUTOEVENTO<>\"manual\",$M124<>1)),\nIF(Import.TipoArredondamento<>\"TransfereGOV\",\nROUND(OFFSET($P124,0,AE$13),15-13*ORÇAMENTO!$AF$7)/$H124*OFFSET(ORÇAMENTO!$X$15,ROW(AE124)-ROW(AE$15),0),\nROUND(ROUND(OFFSET($P124,0,AE$13),15-13*ORÇAMENTO!$AF$7)*OFFSET(ORÇAMENTO!$W$15,ROW(AE124)-ROW(AE$15),0),15-13*ORÇAMENTO!$AF$11)),0)","v":0},{"$f":"IF(AND($D124=\"Serviço\",AF$12<>0,$H124>0,OR(AUTOEVENTO<>\"manual\",$M124<>1)),\nIF(Import.TipoArredondamento<>\"TransfereGOV\",\nROUND(OFFSET($P124,0,AF$13),15-13*ORÇAMENTO!$AF$7)/$H124*OFFSET(ORÇAMENTO!$X$15,ROW(AF124)-ROW(AF$15),0),\nROUND(ROUND(OFFSET($P124,0,AF$13),15-13*ORÇAMENTO!$AF$7)*OFFSET(ORÇAMENTO!$W$15,ROW(AF124)-ROW(AF$15),0),15-13*ORÇAMENTO!$AF$11)),0)","v":0},{"$f":"IF(AND($D124=\"Serviço\",AG$12<>0,$H124>0,OR(AUTOEVENTO<>\"manual\",$M124<>1)),\nIF(Import.TipoArredondamento<>\"TransfereGOV\",\nROUND(OFFSET($P124,0,AG$13),15-13*ORÇAMENTO!$AF$7)/$H124*OFFSET(ORÇAMENTO!$X$15,ROW(AG124)-ROW(AG$15),0),\nROUND(ROUND(OFFSET($P124,0,AG$13),15-13*ORÇAMENTO!$AF$7)*OFFSET(ORÇAMENTO!$W$15,ROW(AG124)-ROW(AG$15),0),15-13*ORÇAMENTO!$AF$11)),0)","v":0},{"$f":"IF(AND($D124=\"Serviço\",AH$12<>0,$H124>0,OR(AUTOEVENTO<>\"manual\",$M124<>1)),\nIF(Import.TipoArredondamento<>\"TransfereGOV\",\nROUND(OFFSET($P124,0,AH$13),15-13*ORÇAMENTO!$AF$7)/$H124*OFFSET(ORÇAMENTO!$X$15,ROW(AH124)-ROW(AH$15),0),\nROUND(ROUND(OFFSET($P124,0,AH$13),15-13*ORÇAMENTO!$AF$7)*OFFSET(ORÇAMENTO!$W$15,ROW(AH124)-ROW(AH$15),0),15-13*ORÇAMENTO!$AF$11)),0)","v":0},{"$f":"IF(AND($D124=\"Serviço\",AI$12<>0,$H124>0,OR(AUTOEVENTO<>\"manual\",$M124<>1)),\nIF(Import.TipoArredondamento<>\"TransfereGOV\",\nROUND(OFFSET($P124,0,AI$13),15-13*ORÇAMENTO!$AF$7)/$H124*OFFSET(ORÇAMENTO!$X$15,ROW(AI124)-ROW(AI$15),0),\nROUND(ROUND(OFFSET($P124,0,AI$13),15-13*ORÇAMENTO!$AF$7)*OFFSET(ORÇAMENTO!$W$15,ROW(AI124)-ROW(AI$15),0),15-13*ORÇAMENTO!$AF$11)),0)","v":0},{"$f":"IF(AND($D124=\"Serviço\",AJ$12<>0,$H124>0,OR(AUTOEVENTO<>\"manual\",$M124<>1)),\nIF(Import.TipoArredondamento<>\"TransfereGOV\",\nROUND(OFFSET($P124,0,AJ$13),15-13*ORÇAMENTO!$AF$7)/$H124*OFFSET(ORÇAMENTO!$X$15,ROW(AJ124)-ROW(AJ$15),0),\nROUND(ROUND(OFFSET($P124,0,AJ$13),15-13*ORÇAMENTO!$AF$7)*OFFSET(ORÇAMENTO!$W$15,ROW(AJ124)-ROW(AJ$15),0),15-13*ORÇAMENTO!$AF$11)),0)","v":0},{"$f":"IF(AND($D124=\"Serviço\",AK$12<>0,$H124>0,OR(AUTOEVENTO<>\"manual\",$M124<>1)),\nIF(Import.TipoArredondamento<>\"TransfereGOV\",\nROUND(OFFSET($P124,0,AK$13),15-13*ORÇAMENTO!$AF$7)/$H124*OFFSET(ORÇAMENTO!$X$15,ROW(AK124)-ROW(AK$15),0),\nROUND(ROUND(OFFSET($P124,0,AK$13),15-13*ORÇAMENTO!$AF$7)*OFFSET(ORÇAMENTO!$W$15,ROW(AK124)-ROW(AK$15),0),15-13*ORÇAMENTO!$AF$11)),0)","v":0},null,{"$f":"IF($D124<>\"Serviço\",0,IF(AND(AUTOEVENTO=\"Manual\",$M124=1),0,IF(OFFSET(CRONOPLE!$F$14,$M124,AM$13)=\"\",10^12,OFFSET(CRONOPLE!$F$14,$M124,AM$13))))","v":1000000000000},{"$f":"IF($D124<>\"Serviço\",0,IF(AND(AUTOEVENTO=\"Manual\",$M124=1),0,IF(OFFSET(CRONOPLE!$F$14,$M124,AN$13)=\"\",10^12,OFFSET(CRONOPLE!$F$14,$M124,AN$13))))","v":1000000000000},{"$f":"IF($D124<>\"Serviço\",0,IF(AND(AUTOEVENTO=\"Manual\",$M124=1),0,IF(OFFSET(CRONOPLE!$F$14,$M124,AO$13)=\"\",10^12,OFFSET(CRONOPLE!$F$14,$M124,AO$13))))","v":1000000000000},{"$f":"IF($D124<>\"Serviço\",0,IF(AND(AUTOEVENTO=\"Manual\",$M124=1),0,IF(OFFSET(CRONOPLE!$F$14,$M124,AP$13)=\"\",10^12,OFFSET(CRONOPLE!$F$14,$M124,AP$13))))","v":1000000000000},{"$f":"IF($D124<>\"Serviço\",0,IF(AND(AUTOEVENTO=\"Manual\",$M124=1),0,IF(OFFSET(CRONOPLE!$F$14,$M124,AQ$13)=\"\",10^12,OFFSET(CRONOPLE!$F$14,$M124,AQ$13))))","v":1000000000000},{"$f":"IF($D124<>\"Serviço\",0,IF(AND(AUTOEVENTO=\"Manual\",$M124=1),0,IF(OFFSET(CRONOPLE!$F$14,$M124,AR$13)=\"\",10^12,OFFSET(CRONOPLE!$F$14,$M124,AR$13))))","v":1000000000000},{"$f":"IF($D124<>\"Serviço\",0,IF(AND(AUTOEVENTO=\"Manual\",$M124=1),0,IF(OFFSET(CRONOPLE!$F$14,$M124,AS$13)=\"\",10^12,OFFSET(CRONOPLE!$F$14,$M124,AS$13))))","v":1000000000000},{"$f":"IF($D124<>\"Serviço\",0,IF(AND(AUTOEVENTO=\"Manual\",$M124=1),0,IF(OFFSET(CRONOPLE!$F$14,$M124,AT$13)=\"\",10^12,OFFSET(CRONOPLE!$F$14,$M124,AT$13))))","v":1000000000000},{"$f":"IF($D124<>\"Serviço\",0,IF(AND(AUTOEVENTO=\"Manual\",$M124=1),0,IF(OFFSET(CRONOPLE!$F$14,$M124,AU$13)=\"\",10^12,OFFSET(CRONOPLE!$F$14,$M124,AU$13))))","v":1000000000000},{"$f":"IF($D124<>\"Serviço\",0,IF(AND(AUTOEVENTO=\"Manual\",$M124=1),0,IF(OFFSET(CRONOPLE!$F$14,$M124,AV$13)=\"\",10^12,OFFSET(CRONOPLE!$F$14,$M124,AV$13))))","v":1000000000000},null,{"$f":"IF($D124<>\"Serviço\",0,IF(OR(AND(AUTOEVENTO=\"Manual\",$M124=1),$M124>(ROW(PLE.lastrow)-ROW(PLE.firstrow))),0,IF(OFFSET(PLE!$G$14,$M124,AX$13)=\"\",10^12,OFFSET(PLE!$G$14,$M124,AX$13))))","v":1000000000000},{"$f":"IF($D124<>\"Serviço\",0,IF(OR(AND(AUTOEVENTO=\"Manual\",$M124=1),$M124>(ROW(PLE.lastrow)-ROW(PLE.firstrow))),0,IF(OFFSET(PLE!$G$14,$M124,AY$13)=\"\",10^12,OFFSET(PLE!$G$14,$M124,AY$13))))","v":1000000000000},{"$f":"IF($D124<>\"Serviço\",0,IF(OR(AND(AUTOEVENTO=\"Manual\",$M124=1),$M124>(ROW(PLE.lastrow)-ROW(PLE.firstrow))),0,IF(OFFSET(PLE!$G$14,$M124,AZ$13)=\"\",10^12,OFFSET(PLE!$G$14,$M124,AZ$13))))","v":1000000000000},{"$f":"IF($D124<>\"Serviço\",0,IF(OR(AND(AUTOEVENTO=\"Manual\",$M124=1),$M124>(ROW(PLE.lastrow)-ROW(PLE.firstrow))),0,IF(OFFSET(PLE!$G$14,$M124,BA$13)=\"\",10^12,OFFSET(PLE!$G$14,$M124,BA$13))))","v":1000000000000},{"$f":"IF($D124<>\"Serviço\",0,IF(OR(AND(AUTOEVENTO=\"Manual\",$M124=1),$M124>(ROW(PLE.lastrow)-ROW(PLE.firstrow))),0,IF(OFFSET(PLE!$G$14,$M124,BB$13)=\"\",10^12,OFFSET(PLE!$G$14,$M124,BB$13))))","v":1000000000000},{"$f":"IF($D124<>\"Serviço\",0,IF(OR(AND(AUTOEVENTO=\"Manual\",$M124=1),$M124>(ROW(PLE.lastrow)-ROW(PLE.firstrow))),0,IF(OFFSET(PLE!$G$14,$M124,BC$13)=\"\",10^12,OFFSET(PLE!$G$14,$M124,BC$13))))","v":1000000000000},{"$f":"IF($D124<>\"Serviço\",0,IF(OR(AND(AUTOEVENTO=\"Manual\",$M124=1),$M124>(ROW(PLE.lastrow)-ROW(PLE.firstrow))),0,IF(OFFSET(PLE!$G$14,$M124,BD$13)=\"\",10^12,OFFSET(PLE!$G$14,$M124,BD$13))))","v":1000000000000},{"$f":"IF($D124<>\"Serviço\",0,IF(OR(AND(AUTOEVENTO=\"Manual\",$M124=1),$M124>(ROW(PLE.lastrow)-ROW(PLE.firstrow))),0,IF(OFFSET(PLE!$G$14,$M124,BE$13)=\"\",10^12,OFFSET(PLE!$G$14,$M124,BE$13))))","v":1000000000000},{"$f":"IF($D124<>\"Serviço\",0,IF(OR(AND(AUTOEVENTO=\"Manual\",$M124=1),$M124>(ROW(PLE.lastrow)-ROW(PLE.firstrow))),0,IF(OFFSET(PLE!$G$14,$M124,BF$13)=\"\",10^12,OFFSET(PLE!$G$14,$M124,BF$13))))","v":1000000000000},{"$f":"IF($D124<>\"Serviço\",0,IF(OR(AND(AUTOEVENTO=\"Manual\",$M124=1),$M124>(ROW(PLE.lastrow)-ROW(PLE.firstrow))),0,IF(OFFSET(PLE!$G$14,$M124,BG$13)=\"\",10^12,OFFSET(PLE!$G$14,$M124,BG$13))))","v":1000000000000}]
[{"$f":"IF(AUTOEVENTO=\"Manual\",IF(K125<>\"\",MIN(VALUE(LEFT(K125,FIND(\".\",K125)-1)),COUNTA(EVENTOS.Lista)),0),IF(OR($B125>AUTOEVENTO,$B125=\"S\",$B125=0),SUBSTITUTE(OFFSET($A125,-1,0),IF($D125=\"Serviço\",\".\",\"\"),\"\"),ROW(A125)-ROW($A$15)&\".\"))","v":"86"},{"$f":"OFFSET(ORÇAMENTO!C$15,ROW(B125)-ROW(B$15),0)","v":"S"},{"$f":"OFFSET(ORÇAMENTO!L$15,ROW(C125)-ROW(C$15),0)","v":"F"},{"$f":"OFFSET(ORÇAMENTO!N$15,ROW(D125)-ROW(D$15),0)","v":"Serviço"},{"$f":"OFFSET(ORÇAMENTO!O$15,ROW(E125)-ROW(E$15),0)","v":"1.12.0.24."},{"$f":"OFFSET(ORÇAMENTO!R$15,ROW(F125)-ROW(F$15),0)","v":"SUMIDOURO COM PEDRA DE MÃO, ESCAVAÇÃO MECANICA, PROFUNDIDADE 3 A 4,50M, COBERTO COM LONA PLASTICA EXTRA FORTE 200MICRA"},{"$f":"IF($D125<>\"Serviço\",\"\",OFFSET(ORÇAMENTO!S$15,ROW(G125)-ROW(G$15),0))","v":"M3"},{"$f":"IF($D125<>\"Serviço\",0,IF(ACOMPANHAMENTO=\"BM\",ROUND(OFFSET(ORÇAMENTO!AJ$15,ROW(H125)-ROW(H$15),0),15-13*ORÇAMENTO!$AF$7),SUMPRODUCT(($Q$12:$AA$12<>\"\")*ROUND($Q125:$AA125,15-13*ORÇAMENTO!$AF$7))))","v":25},"dimensão: largura 2m por 5m comprimento, por 2,5m altura",null,null,".",{"$f":"IF($D125<>\"Serviço\",\"\",IF(AUTOEVENTO=\"manual\",$A125,IF(ISERROR(MATCH($A125,$A$15:OFFSET($A125,-1,0),0)),MAX($M$15:OFFSET(M125,-1,0))+1,INDEX($M$15:OFFSET(M125,-1,0),MATCH($A125,$A$15:OFFSET($A125,-1,0),0)))))","v":13},{"$f":"IF($D125<>\"Serviço\",\"\",IF(AUTOEVENTO=\"Manual\",IF($A125=0,\"<-- defina o número do agrupador\",OFFSET(EVENTOS!$D$14,$A125,0)),OFFSET($F$15,$A125,0)))","v":"INSTALAÇÕES HIDROSSANITÁRIAS (ESGOTO CLOACAL)"},null,null,{"$f":"2*5*2.5","v":25},null,null,null,null,null,null,null,null,null,null,{"$f":"IF(AND($D125=\"Serviço\",AB$12<>0,$H125>0,OR(AUTOEVENTO<>\"manual\",$M125<>1)),\nIF(Import.TipoArredondamento<>\"TransfereGOV\",\nROUND(OFFSET($P125,0,AB$13),15-13*ORÇAMENTO!$AF$7)/$H125*OFFSET(ORÇAMENTO!$X$15,ROW(AB125)-ROW(AB$15),0),\nROUND(ROUND(OFFSET($P125,0,AB$13),15-13*ORÇAMENTO!$AF$7)*OFFSET(ORÇAMENTO!$W$15,ROW(AB125)-ROW(AB$15),0),15-13*ORÇAMENTO!$AF$11)),0)","v":3876},{"$f":"IF(AND($D125=\"Serviço\",AC$12<>0,$H125>0,OR(AUTOEVENTO<>\"manual\",$M125<>1)),\nIF(Import.TipoArredondamento<>\"TransfereGOV\",\nROUND(OFFSET($P125,0,AC$13),15-13*ORÇAMENTO!$AF$7)/$H125*OFFSET(ORÇAMENTO!$X$15,ROW(AC125)-ROW(AC$15),0),\nROUND(ROUND(OFFSET($P125,0,AC$13),15-13*ORÇAMENTO!$AF$7)*OFFSET(ORÇAMENTO!$W$15,ROW(AC125)-ROW(AC$15),0),15-13*ORÇAMENTO!$AF$11)),0)","v":0},{"$f":"IF(AND($D125=\"Serviço\",AD$12<>0,$H125>0,OR(AUTOEVENTO<>\"manual\",$M125<>1)),\nIF(Import.TipoArredondamento<>\"TransfereGOV\",\nROUND(OFFSET($P125,0,AD$13),15-13*ORÇAMENTO!$AF$7)/$H125*OFFSET(ORÇAMENTO!$X$15,ROW(AD125)-ROW(AD$15),0),\nROUND(ROUND(OFFSET($P125,0,AD$13),15-13*ORÇAMENTO!$AF$7)*OFFSET(ORÇAMENTO!$W$15,ROW(AD125)-ROW(AD$15),0),15-13*ORÇAMENTO!$AF$11)),0)","v":0},{"$f":"IF(AND($D125=\"Serviço\",AE$12<>0,$H125>0,OR(AUTOEVENTO<>\"manual\",$M125<>1)),\nIF(Import.TipoArredondamento<>\"TransfereGOV\",\nROUND(OFFSET($P125,0,AE$13),15-13*ORÇAMENTO!$AF$7)/$H125*OFFSET(ORÇAMENTO!$X$15,ROW(AE125)-ROW(AE$15),0),\nROUND(ROUND(OFFSET($P125,0,AE$13),15-13*ORÇAMENTO!$AF$7)*OFFSET(ORÇAMENTO!$W$15,ROW(AE125)-ROW(AE$15),0),15-13*ORÇAMENTO!$AF$11)),0)","v":0},{"$f":"IF(AND($D125=\"Serviço\",AF$12<>0,$H125>0,OR(AUTOEVENTO<>\"manual\",$M125<>1)),\nIF(Import.TipoArredondamento<>\"TransfereGOV\",\nROUND(OFFSET($P125,0,AF$13),15-13*ORÇAMENTO!$AF$7)/$H125*OFFSET(ORÇAMENTO!$X$15,ROW(AF125)-ROW(AF$15),0),\nROUND(ROUND(OFFSET($P125,0,AF$13),15-13*ORÇAMENTO!$AF$7)*OFFSET(ORÇAMENTO!$W$15,ROW(AF125)-ROW(AF$15),0),15-13*ORÇAMENTO!$AF$11)),0)","v":0},{"$f":"IF(AND($D125=\"Serviço\",AG$12<>0,$H125>0,OR(AUTOEVENTO<>\"manual\",$M125<>1)),\nIF(Import.TipoArredondamento<>\"TransfereGOV\",\nROUND(OFFSET($P125,0,AG$13),15-13*ORÇAMENTO!$AF$7)/$H125*OFFSET(ORÇAMENTO!$X$15,ROW(AG125)-ROW(AG$15),0),\nROUND(ROUND(OFFSET($P125,0,AG$13),15-13*ORÇAMENTO!$AF$7)*OFFSET(ORÇAMENTO!$W$15,ROW(AG125)-ROW(AG$15),0),15-13*ORÇAMENTO!$AF$11)),0)","v":0},{"$f":"IF(AND($D125=\"Serviço\",AH$12<>0,$H125>0,OR(AUTOEVENTO<>\"manual\",$M125<>1)),\nIF(Import.TipoArredondamento<>\"TransfereGOV\",\nROUND(OFFSET($P125,0,AH$13),15-13*ORÇAMENTO!$AF$7)/$H125*OFFSET(ORÇAMENTO!$X$15,ROW(AH125)-ROW(AH$15),0),\nROUND(ROUND(OFFSET($P125,0,AH$13),15-13*ORÇAMENTO!$AF$7)*OFFSET(ORÇAMENTO!$W$15,ROW(AH125)-ROW(AH$15),0),15-13*ORÇAMENTO!$AF$11)),0)","v":0},{"$f":"IF(AND($D125=\"Serviço\",AI$12<>0,$H125>0,OR(AUTOEVENTO<>\"manual\",$M125<>1)),\nIF(Import.TipoArredondamento<>\"TransfereGOV\",\nROUND(OFFSET($P125,0,AI$13),15-13*ORÇAMENTO!$AF$7)/$H125*OFFSET(ORÇAMENTO!$X$15,ROW(AI125)-ROW(AI$15),0),\nROUND(ROUND(OFFSET($P125,0,AI$13),15-13*ORÇAMENTO!$AF$7)*OFFSET(ORÇAMENTO!$W$15,ROW(AI125)-ROW(AI$15),0),15-13*ORÇAMENTO!$AF$11)),0)","v":0},{"$f":"IF(AND($D125=\"Serviço\",AJ$12<>0,$H125>0,OR(AUTOEVENTO<>\"manual\",$M125<>1)),\nIF(Import.TipoArredondamento<>\"TransfereGOV\",\nROUND(OFFSET($P125,0,AJ$13),15-13*ORÇAMENTO!$AF$7)/$H125*OFFSET(ORÇAMENTO!$X$15,ROW(AJ125)-ROW(AJ$15),0),\nROUND(ROUND(OFFSET($P125,0,AJ$13),15-13*ORÇAMENTO!$AF$7)*OFFSET(ORÇAMENTO!$W$15,ROW(AJ125)-ROW(AJ$15),0),15-13*ORÇAMENTO!$AF$11)),0)","v":0},{"$f":"IF(AND($D125=\"Serviço\",AK$12<>0,$H125>0,OR(AUTOEVENTO<>\"manual\",$M125<>1)),\nIF(Import.TipoArredondamento<>\"TransfereGOV\",\nROUND(OFFSET($P125,0,AK$13),15-13*ORÇAMENTO!$AF$7)/$H125*OFFSET(ORÇAMENTO!$X$15,ROW(AK125)-ROW(AK$15),0),\nROUND(ROUND(OFFSET($P125,0,AK$13),15-13*ORÇAMENTO!$AF$7)*OFFSET(ORÇAMENTO!$W$15,ROW(AK125)-ROW(AK$15),0),15-13*ORÇAMENTO!$AF$11)),0)","v":0},null,{"$f":"IF($D125<>\"Serviço\",0,IF(AND(AUTOEVENTO=\"Manual\",$M125=1),0,IF(OFFSET(CRONOPLE!$F$14,$M125,AM$13)=\"\",10^12,OFFSET(CRONOPLE!$F$14,$M125,AM$13))))","v":1000000000000},{"$f":"IF($D125<>\"Serviço\",0,IF(AND(AUTOEVENTO=\"Manual\",$M125=1),0,IF(OFFSET(CRONOPLE!$F$14,$M125,AN$13)=\"\",10^12,OFFSET(CRONOPLE!$F$14,$M125,AN$13))))","v":1000000000000},{"$f":"IF($D125<>\"Serviço\",0,IF(AND(AUTOEVENTO=\"Manual\",$M125=1),0,IF(OFFSET(CRONOPLE!$F$14,$M125,AO$13)=\"\",10^12,OFFSET(CRONOPLE!$F$14,$M125,AO$13))))","v":1000000000000},{"$f":"IF($D125<>\"Serviço\",0,IF(AND(AUTOEVENTO=\"Manual\",$M125=1),0,IF(OFFSET(CRONOPLE!$F$14,$M125,AP$13)=\"\",10^12,OFFSET(CRONOPLE!$F$14,$M125,AP$13))))","v":1000000000000},{"$f":"IF($D125<>\"Serviço\",0,IF(AND(AUTOEVENTO=\"Manual\",$M125=1),0,IF(OFFSET(CRONOPLE!$F$14,$M125,AQ$13)=\"\",10^12,OFFSET(CRONOPLE!$F$14,$M125,AQ$13))))","v":1000000000000},{"$f":"IF($D125<>\"Serviço\",0,IF(AND(AUTOEVENTO=\"Manual\",$M125=1),0,IF(OFFSET(CRONOPLE!$F$14,$M125,AR$13)=\"\",10^12,OFFSET(CRONOPLE!$F$14,$M125,AR$13))))","v":1000000000000},{"$f":"IF($D125<>\"Serviço\",0,IF(AND(AUTOEVENTO=\"Manual\",$M125=1),0,IF(OFFSET(CRONOPLE!$F$14,$M125,AS$13)=\"\",10^12,OFFSET(CRONOPLE!$F$14,$M125,AS$13))))","v":1000000000000},{"$f":"IF($D125<>\"Serviço\",0,IF(AND(AUTOEVENTO=\"Manual\",$M125=1),0,IF(OFFSET(CRONOPLE!$F$14,$M125,AT$13)=\"\",10^12,OFFSET(CRONOPLE!$F$14,$M125,AT$13))))","v":1000000000000},{"$f":"IF($D125<>\"Serviço\",0,IF(AND(AUTOEVENTO=\"Manual\",$M125=1),0,IF(OFFSET(CRONOPLE!$F$14,$M125,AU$13)=\"\",10^12,OFFSET(CRONOPLE!$F$14,$M125,AU$13))))","v":1000000000000},{"$f":"IF($D125<>\"Serviço\",0,IF(AND(AUTOEVENTO=\"Manual\",$M125=1),0,IF(OFFSET(CRONOPLE!$F$14,$M125,AV$13)=\"\",10^12,OFFSET(CRONOPLE!$F$14,$M125,AV$13))))","v":1000000000000},null,{"$f":"IF($D125<>\"Serviço\",0,IF(OR(AND(AUTOEVENTO=\"Manual\",$M125=1),$M125>(ROW(PLE.lastrow)-ROW(PLE.firstrow))),0,IF(OFFSET(PLE!$G$14,$M125,AX$13)=\"\",10^12,OFFSET(PLE!$G$14,$M125,AX$13))))","v":1000000000000},{"$f":"IF($D125<>\"Serviço\",0,IF(OR(AND(AUTOEVENTO=\"Manual\",$M125=1),$M125>(ROW(PLE.lastrow)-ROW(PLE.firstrow))),0,IF(OFFSET(PLE!$G$14,$M125,AY$13)=\"\",10^12,OFFSET(PLE!$G$14,$M125,AY$13))))","v":1000000000000},{"$f":"IF($D125<>\"Serviço\",0,IF(OR(AND(AUTOEVENTO=\"Manual\",$M125=1),$M125>(ROW(PLE.lastrow)-ROW(PLE.firstrow))),0,IF(OFFSET(PLE!$G$14,$M125,AZ$13)=\"\",10^12,OFFSET(PLE!$G$14,$M125,AZ$13))))","v":1000000000000},{"$f":"IF($D125<>\"Serviço\",0,IF(OR(AND(AUTOEVENTO=\"Manual\",$M125=1),$M125>(ROW(PLE.lastrow)-ROW(PLE.firstrow))),0,IF(OFFSET(PLE!$G$14,$M125,BA$13)=\"\",10^12,OFFSET(PLE!$G$14,$M125,BA$13))))","v":1000000000000},{"$f":"IF($D125<>\"Serviço\",0,IF(OR(AND(AUTOEVENTO=\"Manual\",$M125=1),$M125>(ROW(PLE.lastrow)-ROW(PLE.firstrow))),0,IF(OFFSET(PLE!$G$14,$M125,BB$13)=\"\",10^12,OFFSET(PLE!$G$14,$M125,BB$13))))","v":1000000000000},{"$f":"IF($D125<>\"Serviço\",0,IF(OR(AND(AUTOEVENTO=\"Manual\",$M125=1),$M125>(ROW(PLE.lastrow)-ROW(PLE.firstrow))),0,IF(OFFSET(PLE!$G$14,$M125,BC$13)=\"\",10^12,OFFSET(PLE!$G$14,$M125,BC$13))))","v":1000000000000},{"$f":"IF($D125<>\"Serviço\",0,IF(OR(AND(AUTOEVENTO=\"Manual\",$M125=1),$M125>(ROW(PLE.lastrow)-ROW(PLE.firstrow))),0,IF(OFFSET(PLE!$G$14,$M125,BD$13)=\"\",10^12,OFFSET(PLE!$G$14,$M125,BD$13))))","v":1000000000000},{"$f":"IF($D125<>\"Serviço\",0,IF(OR(AND(AUTOEVENTO=\"Manual\",$M125=1),$M125>(ROW(PLE.lastrow)-ROW(PLE.firstrow))),0,IF(OFFSET(PLE!$G$14,$M125,BE$13)=\"\",10^12,OFFSET(PLE!$G$14,$M125,BE$13))))","v":1000000000000},{"$f":"IF($D125<>\"Serviço\",0,IF(OR(AND(AUTOEVENTO=\"Manual\",$M125=1),$M125>(ROW(PLE.lastrow)-ROW(PLE.firstrow))),0,IF(OFFSET(PLE!$G$14,$M125,BF$13)=\"\",10^12,OFFSET(PLE!$G$14,$M125,BF$13))))","v":1000000000000},{"$f":"IF($D125<>\"Serviço\",0,IF(OR(AND(AUTOEVENTO=\"Manual\",$M125=1),$M125>(ROW(PLE.lastrow)-ROW(PLE.firstrow))),0,IF(OFFSET(PLE!$G$14,$M125,BG$13)=\"\",10^12,OFFSET(PLE!$G$14,$M125,BG$13))))","v":1000000000000}]
["111.",{"$f":"OFFSET(ORÇAMENTO!C$15,ROW(B126)-ROW(B$15),0)","v":2},{"$f":"OFFSET(ORÇAMENTO!L$15,ROW(C126)-ROW(C$15),0)","v":"F"},{"$f":"OFFSET(ORÇAMENTO!N$15,ROW(D126)-ROW(D$15),0)","v":"Nível 2"},{"$f":"OFFSET(ORÇAMENTO!O$15,ROW(E126)-ROW(E$15),0)","v":"1.13."},{"$f":"OFFSET(ORÇAMENTO!R$15,ROW(F126)-ROW(F$15),0)","v":"INSTALAÇÕES HIDROSSANITÁRIAS (AGUA FRIA)"},{"$f":"IF($D126<>\"Serviço\",\"\",OFFSET(ORÇAMENTO!S$15,ROW(G126)-ROW(G$15),0))","v":""},{"$f":"IF($D126<>\"Serviço\",0,IF(ACOMPANHAMENTO=\"BM\",ROUND(OFFSET(ORÇAMENTO!AJ$15,ROW(H126)-ROW(H$15),0),15-13*ORÇAMENTO!$AF$7),SUMPRODUCT(($Q$12:$AA$12<>\"\")*ROUND($Q126:$AA126,15-13*ORÇAMENTO!$AF$7))))","v":0},null,null,null,".",{"$f":"IF($D126<>\"Serviço\",\"\",IF(AUTOEVENTO=\"manual\",$A126,IF(ISERROR(MATCH($A126,$A$15:OFFSET($A126,-1,0),0)),MAX($M$15:OFFSET(M126,-1,0))+1,INDEX($M$15:OFFSET(M126,-1,0),MATCH($A126,$A$15:OFFSET($A126,-1,0),0)))))","v":""},{"$f":"IF($D126<>\"Serviço\",\"\",IF(AUTOEVENTO=\"Manual\",IF($A126=0,\"<-- defina o número do agrupador\",OFFSET(EVENTOS!$D$14,$A126,0)),OFFSET($F$15,$A126,0)))","v":""},null,null,null,null,null,null,null,null,null,null,null,null,null,{"$f":"IF(AND($D126=\"Serviço\",AB$12<>0,$H126>0,OR(AUTOEVENTO<>\"manual\",$M126<>1)),\nIF(Import.TipoArredondamento<>\"TransfereGOV\",\nROUND(OFFSET($P126,0,AB$13),15-13*ORÇAMENTO!$AF$7)/$H126*OFFSET(ORÇAMENTO!$X$15,ROW(AB126)-ROW(AB$15),0),\nROUND(ROUND(OFFSET($P126,0,AB$13),15-13*ORÇAMENTO!$AF$7)*OFFSET(ORÇAMENTO!$W$15,ROW(AB126)-ROW(AB$15),0),15-13*ORÇAMENTO!$AF$11)),0)","v":0},{"$f":"IF(AND($D126=\"Serviço\",AC$12<>0,$H126>0,OR(AUTOEVENTO<>\"manual\",$M126<>1)),\nIF(Import.TipoArredondamento<>\"TransfereGOV\",\nROUND(OFFSET($P126,0,AC$13),15-13*ORÇAMENTO!$AF$7)/$H126*OFFSET(ORÇAMENTO!$X$15,ROW(AC126)-ROW(AC$15),0),\nROUND(ROUND(OFFSET($P126,0,AC$13),15-13*ORÇAMENTO!$AF$7)*OFFSET(ORÇAMENTO!$W$15,ROW(AC126)-ROW(AC$15),0),15-13*ORÇAMENTO!$AF$11)),0)","v":0},{"$f":"IF(AND($D126=\"Serviço\",AD$12<>0,$H126>0,OR(AUTOEVENTO<>\"manual\",$M126<>1)),\nIF(Import.TipoArredondamento<>\"TransfereGOV\",\nROUND(OFFSET($P126,0,AD$13),15-13*ORÇAMENTO!$AF$7)/$H126*OFFSET(ORÇAMENTO!$X$15,ROW(AD126)-ROW(AD$15),0),\nROUND(ROUND(OFFSET($P126,0,AD$13),15-13*ORÇAMENTO!$AF$7)*OFFSET(ORÇAMENTO!$W$15,ROW(AD126)-ROW(AD$15),0),15-13*ORÇAMENTO!$AF$11)),0)","v":0},{"$f":"IF(AND($D126=\"Serviço\",AE$12<>0,$H126>0,OR(AUTOEVENTO<>\"manual\",$M126<>1)),\nIF(Import.TipoArredondamento<>\"TransfereGOV\",\nROUND(OFFSET($P126,0,AE$13),15-13*ORÇAMENTO!$AF$7)/$H126*OFFSET(ORÇAMENTO!$X$15,ROW(AE126)-ROW(AE$15),0),\nROUND(ROUND(OFFSET($P126,0,AE$13),15-13*ORÇAMENTO!$AF$7)*OFFSET(ORÇAMENTO!$W$15,ROW(AE126)-ROW(AE$15),0),15-13*ORÇAMENTO!$AF$11)),0)","v":0},{"$f":"IF(AND($D126=\"Serviço\",AF$12<>0,$H126>0,OR(AUTOEVENTO<>\"manual\",$M126<>1)),\nIF(Import.TipoArredondamento<>\"TransfereGOV\",\nROUND(OFFSET($P126,0,AF$13),15-13*ORÇAMENTO!$AF$7)/$H126*OFFSET(ORÇAMENTO!$X$15,ROW(AF126)-ROW(AF$15),0),\nROUND(ROUND(OFFSET($P126,0,AF$13),15-13*ORÇAMENTO!$AF$7)*OFFSET(ORÇAMENTO!$W$15,ROW(AF126)-ROW(AF$15),0),15-13*ORÇAMENTO!$AF$11)),0)","v":0},{"$f":"IF(AND($D126=\"Serviço\",AG$12<>0,$H126>0,OR(AUTOEVENTO<>\"manual\",$M126<>1)),\nIF(Import.TipoArredondamento<>\"TransfereGOV\",\nROUND(OFFSET($P126,0,AG$13),15-13*ORÇAMENTO!$AF$7)/$H126*OFFSET(ORÇAMENTO!$X$15,ROW(AG126)-ROW(AG$15),0),\nROUND(ROUND(OFFSET($P126,0,AG$13),15-13*ORÇAMENTO!$AF$7)*OFFSET(ORÇAMENTO!$W$15,ROW(AG126)-ROW(AG$15),0),15-13*ORÇAMENTO!$AF$11)),0)","v":0},{"$f":"IF(AND($D126=\"Serviço\",AH$12<>0,$H126>0,OR(AUTOEVENTO<>\"manual\",$M126<>1)),\nIF(Import.TipoArredondamento<>\"TransfereGOV\",\nROUND(OFFSET($P126,0,AH$13),15-13*ORÇAMENTO!$AF$7)/$H126*OFFSET(ORÇAMENTO!$X$15,ROW(AH126)-ROW(AH$15),0),\nROUND(ROUND(OFFSET($P126,0,AH$13),15-13*ORÇAMENTO!$AF$7)*OFFSET(ORÇAMENTO!$W$15,ROW(AH126)-ROW(AH$15),0),15-13*ORÇAMENTO!$AF$11)),0)","v":0},{"$f":"IF(AND($D126=\"Serviço\",AI$12<>0,$H126>0,OR(AUTOEVENTO<>\"manual\",$M126<>1)),\nIF(Import.TipoArredondamento<>\"TransfereGOV\",\nROUND(OFFSET($P126,0,AI$13),15-13*ORÇAMENTO!$AF$7)/$H126*OFFSET(ORÇAMENTO!$X$15,ROW(AI126)-ROW(AI$15),0),\nROUND(ROUND(OFFSET($P126,0,AI$13),15-13*ORÇAMENTO!$AF$7)*OFFSET(ORÇAMENTO!$W$15,ROW(AI126)-ROW(AI$15),0),15-13*ORÇAMENTO!$AF$11)),0)","v":0},{"$f":"IF(AND($D126=\"Serviço\",AJ$12<>0,$H126>0,OR(AUTOEVENTO<>\"manual\",$M126<>1)),\nIF(Import.TipoArredondamento<>\"TransfereGOV\",\nROUND(OFFSET($P126,0,AJ$13),15-13*ORÇAMENTO!$AF$7)/$H126*OFFSET(ORÇAMENTO!$X$15,ROW(AJ126)-ROW(AJ$15),0),\nROUND(ROUND(OFFSET($P126,0,AJ$13),15-13*ORÇAMENTO!$AF$7)*OFFSET(ORÇAMENTO!$W$15,ROW(AJ126)-ROW(AJ$15),0),15-13*ORÇAMENTO!$AF$11)),0)","v":0},{"$f":"IF(AND($D126=\"Serviço\",AK$12<>0,$H126>0,OR(AUTOEVENTO<>\"manual\",$M126<>1)),\nIF(Import.TipoArredondamento<>\"TransfereGOV\",\nROUND(OFFSET($P126,0,AK$13),15-13*ORÇAMENTO!$AF$7)/$H126*OFFSET(ORÇAMENTO!$X$15,ROW(AK126)-ROW(AK$15),0),\nROUND(ROUND(OFFSET($P126,0,AK$13),15-13*ORÇAMENTO!$AF$7)*OFFSET(ORÇAMENTO!$W$15,ROW(AK126)-ROW(AK$15),0),15-13*ORÇAMENTO!$AF$11)),0)","v":0},null,{"$f":"IF($D126<>\"Serviço\",0,IF(AND(AUTOEVENTO=\"Manual\",$M126=1),0,IF(OFFSET(CRONOPLE!$F$14,$M126,AM$13)=\"\",10^12,OFFSET(CRONOPLE!$F$14,$M126,AM$13))))","v":0},{"$f":"IF($D126<>\"Serviço\",0,IF(AND(AUTOEVENTO=\"Manual\",$M126=1),0,IF(OFFSET(CRONOPLE!$F$14,$M126,AN$13)=\"\",10^12,OFFSET(CRONOPLE!$F$14,$M126,AN$13))))","v":0},{"$f":"IF($D126<>\"Serviço\",0,IF(AND(AUTOEVENTO=\"Manual\",$M126=1),0,IF(OFFSET(CRONOPLE!$F$14,$M126,AO$13)=\"\",10^12,OFFSET(CRONOPLE!$F$14,$M126,AO$13))))","v":0},{"$f":"IF($D126<>\"Serviço\",0,IF(AND(AUTOEVENTO=\"Manual\",$M126=1),0,IF(OFFSET(CRONOPLE!$F$14,$M126,AP$13)=\"\",10^12,OFFSET(CRONOPLE!$F$14,$M126,AP$13))))","v":0},{"$f":"IF($D126<>\"Serviço\",0,IF(AND(AUTOEVENTO=\"Manual\",$M126=1),0,IF(OFFSET(CRONOPLE!$F$14,$M126,AQ$13)=\"\",10^12,OFFSET(CRONOPLE!$F$14,$M126,AQ$13))))","v":0},{"$f":"IF($D126<>\"Serviço\",0,IF(AND(AUTOEVENTO=\"Manual\",$M126=1),0,IF(OFFSET(CRONOPLE!$F$14,$M126,AR$13)=\"\",10^12,OFFSET(CRONOPLE!$F$14,$M126,AR$13))))","v":0},{"$f":"IF($D126<>\"Serviço\",0,IF(AND(AUTOEVENTO=\"Manual\",$M126=1),0,IF(OFFSET(CRONOPLE!$F$14,$M126,AS$13)=\"\",10^12,OFFSET(CRONOPLE!$F$14,$M126,AS$13))))","v":0},{"$f":"IF($D126<>\"Serviço\",0,IF(AND(AUTOEVENTO=\"Manual\",$M126=1),0,IF(OFFSET(CRONOPLE!$F$14,$M126,AT$13)=\"\",10^12,OFFSET(CRONOPLE!$F$14,$M126,AT$13))))","v":0},{"$f":"IF($D126<>\"Serviço\",0,IF(AND(AUTOEVENTO=\"Manual\",$M126=1),0,IF(OFFSET(CRONOPLE!$F$14,$M126,AU$13)=\"\",10^12,OFFSET(CRONOPLE!$F$14,$M126,AU$13))))","v":0},{"$f":"IF($D126<>\"Serviço\",0,IF(AND(AUTOEVENTO=\"Manual\",$M126=1),0,IF(OFFSET(CRONOPLE!$F$14,$M126,AV$13)=\"\",10^12,OFFSET(CRONOPLE!$F$14,$M126,AV$13))))","v":0},null,{"$f":"IF($D126<>\"Serviço\",0,IF(OR(AND(AUTOEVENTO=\"Manual\",$M126=1),$M126>(ROW(PLE.lastrow)-ROW(PLE.firstrow))),0,IF(OFFSET(PLE!$G$14,$M126,AX$13)=\"\",10^12,OFFSET(PLE!$G$14,$M126,AX$13))))","v":0},{"$f":"IF($D126<>\"Serviço\",0,IF(OR(AND(AUTOEVENTO=\"Manual\",$M126=1),$M126>(ROW(PLE.lastrow)-ROW(PLE.firstrow))),0,IF(OFFSET(PLE!$G$14,$M126,AY$13)=\"\",10^12,OFFSET(PLE!$G$14,$M126,AY$13))))","v":0},{"$f":"IF($D126<>\"Serviço\",0,IF(OR(AND(AUTOEVENTO=\"Manual\",$M126=1),$M126>(ROW(PLE.lastrow)-ROW(PLE.firstrow))),0,IF(OFFSET(PLE!$G$14,$M126,AZ$13)=\"\",10^12,OFFSET(PLE!$G$14,$M126,AZ$13))))","v":0},{"$f":"IF($D126<>\"Serviço\",0,IF(OR(AND(AUTOEVENTO=\"Manual\",$M126=1),$M126>(ROW(PLE.lastrow)-ROW(PLE.firstrow))),0,IF(OFFSET(PLE!$G$14,$M126,BA$13)=\"\",10^12,OFFSET(PLE!$G$14,$M126,BA$13))))","v":0},{"$f":"IF($D126<>\"Serviço\",0,IF(OR(AND(AUTOEVENTO=\"Manual\",$M126=1),$M126>(ROW(PLE.lastrow)-ROW(PLE.firstrow))),0,IF(OFFSET(PLE!$G$14,$M126,BB$13)=\"\",10^12,OFFSET(PLE!$G$14,$M126,BB$13))))","v":0},{"$f":"IF($D126<>\"Serviço\",0,IF(OR(AND(AUTOEVENTO=\"Manual\",$M126=1),$M126>(ROW(PLE.lastrow)-ROW(PLE.firstrow))),0,IF(OFFSET(PLE!$G$14,$M126,BC$13)=\"\",10^12,OFFSET(PLE!$G$14,$M126,BC$13))))","v":0},{"$f":"IF($D126<>\"Serviço\",0,IF(OR(AND(AUTOEVENTO=\"Manual\",$M126=1),$M126>(ROW(PLE.lastrow)-ROW(PLE.firstrow))),0,IF(OFFSET(PLE!$G$14,$M126,BD$13)=\"\",10^12,OFFSET(PLE!$G$14,$M126,BD$13))))","v":0},{"$f":"IF($D126<>\"Serviço\",0,IF(OR(AND(AUTOEVENTO=\"Manual\",$M126=1),$M126>(ROW(PLE.lastrow)-ROW(PLE.firstrow))),0,IF(OFFSET(PLE!$G$14,$M126,BE$13)=\"\",10^12,OFFSET(PLE!$G$14,$M126,BE$13))))","v":0},{"$f":"IF($D126<>\"Serviço\",0,IF(OR(AND(AUTOEVENTO=\"Manual\",$M126=1),$M126>(ROW(PLE.lastrow)-ROW(PLE.firstrow))),0,IF(OFFSET(PLE!$G$14,$M126,BF$13)=\"\",10^12,OFFSET(PLE!$G$14,$M126,BF$13))))","v":0},{"$f":"IF($D126<>\"Serviço\",0,IF(OR(AND(AUTOEVENTO=\"Manual\",$M126=1),$M126>(ROW(PLE.lastrow)-ROW(PLE.firstrow))),0,IF(OFFSET(PLE!$G$14,$M126,BG$13)=\"\",10^12,OFFSET(PLE!$G$14,$M126,BG$13))))","v":0}]
["111",{"$f":"OFFSET(ORÇAMENTO!C$15,ROW(B127)-ROW(B$15),0)","v":"S"},{"$f":"OFFSET(ORÇAMENTO!L$15,ROW(C127)-ROW(C$15),0)","v":"F"},{"$f":"OFFSET(ORÇAMENTO!N$15,ROW(D127)-ROW(D$15),0)","v":"Serviço"},{"$f":"OFFSET(ORÇAMENTO!O$15,ROW(E127)-ROW(E$15),0)","v":"1.13.0.1."},{"$f":"OFFSET(ORÇAMENTO!R$15,ROW(F127)-ROW(F$15),0)","v":"KIT CAVALETE PARA MEDIÇÃO DE ÁGUA - ENTRADA INDIVIDUALIZADA, EM PPR PN20 DN 25 MM (3/4\") PARA 1 MEDIDOR - FORNECIMENTO E INSTALAÇÃO (EXCLUSIVE HIDRÔMETRO). AF_03/2024"},{"$f":"IF($D127<>\"Serviço\",\"\",OFFSET(ORÇAMENTO!S$15,ROW(G127)-ROW(G$15),0))","v":"UN"},{"$f":"IF($D127<>\"Serviço\",0,IF(ACOMPANHAMENTO=\"BM\",ROUND(OFFSET(ORÇAMENTO!AJ$15,ROW(H127)-ROW(H$15),0),15-13*ORÇAMENTO!$AF$7),SUMPRODUCT(($Q$12:$AA$12<>\"\")*ROUND($Q127:$AA127,15-13*ORÇAMENTO!$AF$7))))","v":1},null,null,null,".",{"$f":"IF($D127<>\"Serviço\",\"\",IF(AUTOEVENTO=\"manual\",$A127,IF(ISERROR(MATCH($A127,$A$15:OFFSET($A127,-1,0),0)),MAX($M$15:OFFSET(M127,-1,0))+1,INDEX($M$15:OFFSET(M127,-1,0),MATCH($A127,$A$15:OFFSET($A127,-1,0),0)))))","v":14},{"$f":"IF($D127<>\"Serviço\",\"\",IF(AUTOEVENTO=\"Manual\",IF($A127=0,\"<-- defina o número do agrupador\",OFFSET(EVENTOS!$D$14,$A127,0)),OFFSET($F$15,$A127,0)))","v":"INSTALAÇÕES HIDROSSANITÁRIAS (AGUA FRIA)"},null,null,1,null,null,null,null,null,null,null,null,null,null,{"$f":"IF(AND($D127=\"Serviço\",AB$12<>0,$H127>0,OR(AUTOEVENTO<>\"manual\",$M127<>1)),\nIF(Import.TipoArredondamento<>\"TransfereGOV\",\nROUND(OFFSET($P127,0,AB$13),15-13*ORÇAMENTO!$AF$7)/$H127*OFFSET(ORÇAMENTO!$X$15,ROW(AB127)-ROW(AB$15),0),\nROUND(ROUND(OFFSET($P127,0,AB$13),15-13*ORÇAMENTO!$AF$7)*OFFSET(ORÇAMENTO!$W$15,ROW(AB127)-ROW(AB$15),0),15-13*ORÇAMENTO!$AF$11)),0)","v":385.43},{"$f":"IF(AND($D127=\"Serviço\",AC$12<>0,$H127>0,OR(AUTOEVENTO<>\"manual\",$M127<>1)),\nIF(Import.TipoArredondamento<>\"TransfereGOV\",\nROUND(OFFSET($P127,0,AC$13),15-13*ORÇAMENTO!$AF$7)/$H127*OFFSET(ORÇAMENTO!$X$15,ROW(AC127)-ROW(AC$15),0),\nROUND(ROUND(OFFSET($P127,0,AC$13),15-13*ORÇAMENTO!$AF$7)*OFFSET(ORÇAMENTO!$W$15,ROW(AC127)-ROW(AC$15),0),15-13*ORÇAMENTO!$AF$11)),0)","v":0},{"$f":"IF(AND($D127=\"Serviço\",AD$12<>0,$H127>0,OR(AUTOEVENTO<>\"manual\",$M127<>1)),\nIF(Import.TipoArredondamento<>\"TransfereGOV\",\nROUND(OFFSET($P127,0,AD$13),15-13*ORÇAMENTO!$AF$7)/$H127*OFFSET(ORÇAMENTO!$X$15,ROW(AD127)-ROW(AD$15),0),\nROUND(ROUND(OFFSET($P127,0,AD$13),15-13*ORÇAMENTO!$AF$7)*OFFSET(ORÇAMENTO!$W$15,ROW(AD127)-ROW(AD$15),0),15-13*ORÇAMENTO!$AF$11)),0)","v":0},{"$f":"IF(AND($D127=\"Serviço\",AE$12<>0,$H127>0,OR(AUTOEVENTO<>\"manual\",$M127<>1)),\nIF(Import.TipoArredondamento<>\"TransfereGOV\",\nROUND(OFFSET($P127,0,AE$13),15-13*ORÇAMENTO!$AF$7)/$H127*OFFSET(ORÇAMENTO!$X$15,ROW(AE127)-ROW(AE$15),0),\nROUND(ROUND(OFFSET($P127,0,AE$13),15-13*ORÇAMENTO!$AF$7)*OFFSET(ORÇAMENTO!$W$15,ROW(AE127)-ROW(AE$15),0),15-13*ORÇAMENTO!$AF$11)),0)","v":0},{"$f":"IF(AND($D127=\"Serviço\",AF$12<>0,$H127>0,OR(AUTOEVENTO<>\"manual\",$M127<>1)),\nIF(Import.TipoArredondamento<>\"TransfereGOV\",\nROUND(OFFSET($P127,0,AF$13),15-13*ORÇAMENTO!$AF$7)/$H127*OFFSET(ORÇAMENTO!$X$15,ROW(AF127)-ROW(AF$15),0),\nROUND(ROUND(OFFSET($P127,0,AF$13),15-13*ORÇAMENTO!$AF$7)*OFFSET(ORÇAMENTO!$W$15,ROW(AF127)-ROW(AF$15),0),15-13*ORÇAMENTO!$AF$11)),0)","v":0},{"$f":"IF(AND($D127=\"Serviço\",AG$12<>0,$H127>0,OR(AUTOEVENTO<>\"manual\",$M127<>1)),\nIF(Import.TipoArredondamento<>\"TransfereGOV\",\nROUND(OFFSET($P127,0,AG$13),15-13*ORÇAMENTO!$AF$7)/$H127*OFFSET(ORÇAMENTO!$X$15,ROW(AG127)-ROW(AG$15),0),\nROUND(ROUND(OFFSET($P127,0,AG$13),15-13*ORÇAMENTO!$AF$7)*OFFSET(ORÇAMENTO!$W$15,ROW(AG127)-ROW(AG$15),0),15-13*ORÇAMENTO!$AF$11)),0)","v":0},{"$f":"IF(AND($D127=\"Serviço\",AH$12<>0,$H127>0,OR(AUTOEVENTO<>\"manual\",$M127<>1)),\nIF(Import.TipoArredondamento<>\"TransfereGOV\",\nROUND(OFFSET($P127,0,AH$13),15-13*ORÇAMENTO!$AF$7)/$H127*OFFSET(ORÇAMENTO!$X$15,ROW(AH127)-ROW(AH$15),0),\nROUND(ROUND(OFFSET($P127,0,AH$13),15-13*ORÇAMENTO!$AF$7)*OFFSET(ORÇAMENTO!$W$15,ROW(AH127)-ROW(AH$15),0),15-13*ORÇAMENTO!$AF$11)),0)","v":0},{"$f":"IF(AND($D127=\"Serviço\",AI$12<>0,$H127>0,OR(AUTOEVENTO<>\"manual\",$M127<>1)),\nIF(Import.TipoArredondamento<>\"TransfereGOV\",\nROUND(OFFSET($P127,0,AI$13),15-13*ORÇAMENTO!$AF$7)/$H127*OFFSET(ORÇAMENTO!$X$15,ROW(AI127)-ROW(AI$15),0),\nROUND(ROUND(OFFSET($P127,0,AI$13),15-13*ORÇAMENTO!$AF$7)*OFFSET(ORÇAMENTO!$W$15,ROW(AI127)-ROW(AI$15),0),15-13*ORÇAMENTO!$AF$11)),0)","v":0},{"$f":"IF(AND($D127=\"Serviço\",AJ$12<>0,$H127>0,OR(AUTOEVENTO<>\"manual\",$M127<>1)),\nIF(Import.TipoArredondamento<>\"TransfereGOV\",\nROUND(OFFSET($P127,0,AJ$13),15-13*ORÇAMENTO!$AF$7)/$H127*OFFSET(ORÇAMENTO!$X$15,ROW(AJ127)-ROW(AJ$15),0),\nROUND(ROUND(OFFSET($P127,0,AJ$13),15-13*ORÇAMENTO!$AF$7)*OFFSET(ORÇAMENTO!$W$15,ROW(AJ127)-ROW(AJ$15),0),15-13*ORÇAMENTO!$AF$11)),0)","v":0},{"$f":"IF(AND($D127=\"Serviço\",AK$12<>0,$H127>0,OR(AUTOEVENTO<>\"manual\",$M127<>1)),\nIF(Import.TipoArredondamento<>\"TransfereGOV\",\nROUND(OFFSET($P127,0,AK$13),15-13*ORÇAMENTO!$AF$7)/$H127*OFFSET(ORÇAMENTO!$X$15,ROW(AK127)-ROW(AK$15),0),\nROUND(ROUND(OFFSET($P127,0,AK$13),15-13*ORÇAMENTO!$AF$7)*OFFSET(ORÇAMENTO!$W$15,ROW(AK127)-ROW(AK$15),0),15-13*ORÇAMENTO!$AF$11)),0)","v":0},null,{"$f":"IF($D127<>\"Serviço\",0,IF(AND(AUTOEVENTO=\"Manual\",$M127=1),0,IF(OFFSET(CRONOPLE!$F$14,$M127,AM$13)=\"\",10^12,OFFSET(CRONOPLE!$F$14,$M127,AM$13))))","v":1000000000000},{"$f":"IF($D127<>\"Serviço\",0,IF(AND(AUTOEVENTO=\"Manual\",$M127=1),0,IF(OFFSET(CRONOPLE!$F$14,$M127,AN$13)=\"\",10^12,OFFSET(CRONOPLE!$F$14,$M127,AN$13))))","v":1000000000000},{"$f":"IF($D127<>\"Serviço\",0,IF(AND(AUTOEVENTO=\"Manual\",$M127=1),0,IF(OFFSET(CRONOPLE!$F$14,$M127,AO$13)=\"\",10^12,OFFSET(CRONOPLE!$F$14,$M127,AO$13))))","v":1000000000000},{"$f":"IF($D127<>\"Serviço\",0,IF(AND(AUTOEVENTO=\"Manual\",$M127=1),0,IF(OFFSET(CRONOPLE!$F$14,$M127,AP$13)=\"\",10^12,OFFSET(CRONOPLE!$F$14,$M127,AP$13))))","v":1000000000000},{"$f":"IF($D127<>\"Serviço\",0,IF(AND(AUTOEVENTO=\"Manual\",$M127=1),0,IF(OFFSET(CRONOPLE!$F$14,$M127,AQ$13)=\"\",10^12,OFFSET(CRONOPLE!$F$14,$M127,AQ$13))))","v":1000000000000},{"$f":"IF($D127<>\"Serviço\",0,IF(AND(AUTOEVENTO=\"Manual\",$M127=1),0,IF(OFFSET(CRONOPLE!$F$14,$M127,AR$13)=\"\",10^12,OFFSET(CRONOPLE!$F$14,$M127,AR$13))))","v":1000000000000},{"$f":"IF($D127<>\"Serviço\",0,IF(AND(AUTOEVENTO=\"Manual\",$M127=1),0,IF(OFFSET(CRONOPLE!$F$14,$M127,AS$13)=\"\",10^12,OFFSET(CRONOPLE!$F$14,$M127,AS$13))))","v":1000000000000},{"$f":"IF($D127<>\"Serviço\",0,IF(AND(AUTOEVENTO=\"Manual\",$M127=1),0,IF(OFFSET(CRONOPLE!$F$14,$M127,AT$13)=\"\",10^12,OFFSET(CRONOPLE!$F$14,$M127,AT$13))))","v":1000000000000},{"$f":"IF($D127<>\"Serviço\",0,IF(AND(AUTOEVENTO=\"Manual\",$M127=1),0,IF(OFFSET(CRONOPLE!$F$14,$M127,AU$13)=\"\",10^12,OFFSET(CRONOPLE!$F$14,$M127,AU$13))))","v":1000000000000},{"$f":"IF($D127<>\"Serviço\",0,IF(AND(AUTOEVENTO=\"Manual\",$M127=1),0,IF(OFFSET(CRONOPLE!$F$14,$M127,AV$13)=\"\",10^12,OFFSET(CRONOPLE!$F$14,$M127,AV$13))))","v":1000000000000},null,{"$f":"IF($D127<>\"Serviço\",0,IF(OR(AND(AUTOEVENTO=\"Manual\",$M127=1),$M127>(ROW(PLE.lastrow)-ROW(PLE.firstrow))),0,IF(OFFSET(PLE!$G$14,$M127,AX$13)=\"\",10^12,OFFSET(PLE!$G$14,$M127,AX$13))))","v":1000000000000},{"$f":"IF($D127<>\"Serviço\",0,IF(OR(AND(AUTOEVENTO=\"Manual\",$M127=1),$M127>(ROW(PLE.lastrow)-ROW(PLE.firstrow))),0,IF(OFFSET(PLE!$G$14,$M127,AY$13)=\"\",10^12,OFFSET(PLE!$G$14,$M127,AY$13))))","v":1000000000000},{"$f":"IF($D127<>\"Serviço\",0,IF(OR(AND(AUTOEVENTO=\"Manual\",$M127=1),$M127>(ROW(PLE.lastrow)-ROW(PLE.firstrow))),0,IF(OFFSET(PLE!$G$14,$M127,AZ$13)=\"\",10^12,OFFSET(PLE!$G$14,$M127,AZ$13))))","v":1000000000000},{"$f":"IF($D127<>\"Serviço\",0,IF(OR(AND(AUTOEVENTO=\"Manual\",$M127=1),$M127>(ROW(PLE.lastrow)-ROW(PLE.firstrow))),0,IF(OFFSET(PLE!$G$14,$M127,BA$13)=\"\",10^12,OFFSET(PLE!$G$14,$M127,BA$13))))","v":1000000000000},{"$f":"IF($D127<>\"Serviço\",0,IF(OR(AND(AUTOEVENTO=\"Manual\",$M127=1),$M127>(ROW(PLE.lastrow)-ROW(PLE.firstrow))),0,IF(OFFSET(PLE!$G$14,$M127,BB$13)=\"\",10^12,OFFSET(PLE!$G$14,$M127,BB$13))))","v":1000000000000},{"$f":"IF($D127<>\"Serviço\",0,IF(OR(AND(AUTOEVENTO=\"Manual\",$M127=1),$M127>(ROW(PLE.lastrow)-ROW(PLE.firstrow))),0,IF(OFFSET(PLE!$G$14,$M127,BC$13)=\"\",10^12,OFFSET(PLE!$G$14,$M127,BC$13))))","v":1000000000000},{"$f":"IF($D127<>\"Serviço\",0,IF(OR(AND(AUTOEVENTO=\"Manual\",$M127=1),$M127>(ROW(PLE.lastrow)-ROW(PLE.firstrow))),0,IF(OFFSET(PLE!$G$14,$M127,BD$13)=\"\",10^12,OFFSET(PLE!$G$14,$M127,BD$13))))","v":1000000000000},{"$f":"IF($D127<>\"Serviço\",0,IF(OR(AND(AUTOEVENTO=\"Manual\",$M127=1),$M127>(ROW(PLE.lastrow)-ROW(PLE.firstrow))),0,IF(OFFSET(PLE!$G$14,$M127,BE$13)=\"\",10^12,OFFSET(PLE!$G$14,$M127,BE$13))))","v":1000000000000},{"$f":"IF($D127<>\"Serviço\",0,IF(OR(AND(AUTOEVENTO=\"Manual\",$M127=1),$M127>(ROW(PLE.lastrow)-ROW(PLE.firstrow))),0,IF(OFFSET(PLE!$G$14,$M127,BF$13)=\"\",10^12,OFFSET(PLE!$G$14,$M127,BF$13))))","v":1000000000000},{"$f":"IF($D127<>\"Serviço\",0,IF(OR(AND(AUTOEVENTO=\"Manual\",$M127=1),$M127>(ROW(PLE.lastrow)-ROW(PLE.firstrow))),0,IF(OFFSET(PLE!$G$14,$M127,BG$13)=\"\",10^12,OFFSET(PLE!$G$14,$M127,BG$13))))","v":1000000000000}]
[{"$f":"IF(AUTOEVENTO=\"Manual\",IF(K128<>\"\",MIN(VALUE(LEFT(K128,FIND(\".\",K128)-1)),COUNTA(EVENTOS.Lista)),0),IF(OR($B128>AUTOEVENTO,$B128=\"S\",$B128=0),SUBSTITUTE(OFFSET($A128,-1,0),IF($D128=\"Serviço\",\".\",\"\"),\"\"),ROW(A128)-ROW($A$15)&\".\"))","v":"111"},{"$f":"OFFSET(ORÇAMENTO!C$15,ROW(B128)-ROW(B$15),0)","v":"S"},{"$f":"OFFSET(ORÇAMENTO!L$15,ROW(C128)-ROW(C$15),0)","v":"F"},{"$f":"OFFSET(ORÇAMENTO!N$15,ROW(D128)-ROW(D$15),0)","v":"Serviço"},{"$f":"OFFSET(ORÇAMENTO!O$15,ROW(E128)-ROW(E$15),0)","v":"1.13.0.2."},{"$f":"OFFSET(ORÇAMENTO!R$15,ROW(F128)-ROW(F$15),0)","v":"CAIXA EM CONCRETO PRÉ-MOLDADO PARA ABRIGO DE HIDRÔMETRO COM DN 20 MM - FORNECIMENTO E INSTALAÇÃO. AF_03/2024"},{"$f":"IF($D128<>\"Serviço\",\"\",OFFSET(ORÇAMENTO!S$15,ROW(G128)-ROW(G$15),0))","v":"UN"},{"$f":"IF($D128<>\"Serviço\",0,IF(ACOMPANHAMENTO=\"BM\",ROUND(OFFSET(ORÇAMENTO!AJ$15,ROW(H128)-ROW(H$15),0),15-13*ORÇAMENTO!$AF$7),SUMPRODUCT(($Q$12:$AA$12<>\"\")*ROUND($Q128:$AA128,15-13*ORÇAMENTO!$AF$7))))","v":1},null,null,null,".",{"$f":"IF($D128<>\"Serviço\",\"\",IF(AUTOEVENTO=\"manual\",$A128,IF(ISERROR(MATCH($A128,$A$15:OFFSET($A128,-1,0),0)),MAX($M$15:OFFSET(M128,-1,0))+1,INDEX($M$15:OFFSET(M128,-1,0),MATCH($A128,$A$15:OFFSET($A128,-1,0),0)))))","v":14},{"$f":"IF($D128<>\"Serviço\",\"\",IF(AUTOEVENTO=\"Manual\",IF($A128=0,\"<-- defina o número do agrupador\",OFFSET(EVENTOS!$D$14,$A128,0)),OFFSET($F$15,$A128,0)))","v":"INSTALAÇÕES HIDROSSANITÁRIAS (AGUA FRIA)"},null,null,1,null,null,null,null,null,null,null,null,null,null,{"$f":"IF(AND($D128=\"Serviço\",AB$12<>0,$H128>0,OR(AUTOEVENTO<>\"manual\",$M128<>1)),\nIF(Import.TipoArredondamento<>\"TransfereGOV\",\nROUND(OFFSET($P128,0,AB$13),15-13*ORÇAMENTO!$AF$7)/$H128*OFFSET(ORÇAMENTO!$X$15,ROW(AB128)-ROW(AB$15),0),\nROUND(ROUND(OFFSET($P128,0,AB$13),15-13*ORÇAMENTO!$AF$7)*OFFSET(ORÇAMENTO!$W$15,ROW(AB128)-ROW(AB$15),0),15-13*ORÇAMENTO!$AF$11)),0)","v":164.62},{"$f":"IF(AND($D128=\"Serviço\",AC$12<>0,$H128>0,OR(AUTOEVENTO<>\"manual\",$M128<>1)),\nIF(Import.TipoArredondamento<>\"TransfereGOV\",\nROUND(OFFSET($P128,0,AC$13),15-13*ORÇAMENTO!$AF$7)/$H128*OFFSET(ORÇAMENTO!$X$15,ROW(AC128)-ROW(AC$15),0),\nROUND(ROUND(OFFSET($P128,0,AC$13),15-13*ORÇAMENTO!$AF$7)*OFFSET(ORÇAMENTO!$W$15,ROW(AC128)-ROW(AC$15),0),15-13*ORÇAMENTO!$AF$11)),0)","v":0},{"$f":"IF(AND($D128=\"Serviço\",AD$12<>0,$H128>0,OR(AUTOEVENTO<>\"manual\",$M128<>1)),\nIF(Import.TipoArredondamento<>\"TransfereGOV\",\nROUND(OFFSET($P128,0,AD$13),15-13*ORÇAMENTO!$AF$7)/$H128*OFFSET(ORÇAMENTO!$X$15,ROW(AD128)-ROW(AD$15),0),\nROUND(ROUND(OFFSET($P128,0,AD$13),15-13*ORÇAMENTO!$AF$7)*OFFSET(ORÇAMENTO!$W$15,ROW(AD128)-ROW(AD$15),0),15-13*ORÇAMENTO!$AF$11)),0)","v":0},{"$f":"IF(AND($D128=\"Serviço\",AE$12<>0,$H128>0,OR(AUTOEVENTO<>\"manual\",$M128<>1)),\nIF(Import.TipoArredondamento<>\"TransfereGOV\",\nROUND(OFFSET($P128,0,AE$13),15-13*ORÇAMENTO!$AF$7)/$H128*OFFSET(ORÇAMENTO!$X$15,ROW(AE128)-ROW(AE$15),0),\nROUND(ROUND(OFFSET($P128,0,AE$13),15-13*ORÇAMENTO!$AF$7)*OFFSET(ORÇAMENTO!$W$15,ROW(AE128)-ROW(AE$15),0),15-13*ORÇAMENTO!$AF$11)),0)","v":0},{"$f":"IF(AND($D128=\"Serviço\",AF$12<>0,$H128>0,OR(AUTOEVENTO<>\"manual\",$M128<>1)),\nIF(Import.TipoArredondamento<>\"TransfereGOV\",\nROUND(OFFSET($P128,0,AF$13),15-13*ORÇAMENTO!$AF$7)/$H128*OFFSET(ORÇAMENTO!$X$15,ROW(AF128)-ROW(AF$15),0),\nROUND(ROUND(OFFSET($P128,0,AF$13),15-13*ORÇAMENTO!$AF$7)*OFFSET(ORÇAMENTO!$W$15,ROW(AF128)-ROW(AF$15),0),15-13*ORÇAMENTO!$AF$11)),0)","v":0},{"$f":"IF(AND($D128=\"Serviço\",AG$12<>0,$H128>0,OR(AUTOEVENTO<>\"manual\",$M128<>1)),\nIF(Import.TipoArredondamento<>\"TransfereGOV\",\nROUND(OFFSET($P128,0,AG$13),15-13*ORÇAMENTO!$AF$7)/$H128*OFFSET(ORÇAMENTO!$X$15,ROW(AG128)-ROW(AG$15),0),\nROUND(ROUND(OFFSET($P128,0,AG$13),15-13*ORÇAMENTO!$AF$7)*OFFSET(ORÇAMENTO!$W$15,ROW(AG128)-ROW(AG$15),0),15-13*ORÇAMENTO!$AF$11)),0)","v":0},{"$f":"IF(AND($D128=\"Serviço\",AH$12<>0,$H128>0,OR(AUTOEVENTO<>\"manual\",$M128<>1)),\nIF(Import.TipoArredondamento<>\"TransfereGOV\",\nROUND(OFFSET($P128,0,AH$13),15-13*ORÇAMENTO!$AF$7)/$H128*OFFSET(ORÇAMENTO!$X$15,ROW(AH128)-ROW(AH$15),0),\nROUND(ROUND(OFFSET($P128,0,AH$13),15-13*ORÇAMENTO!$AF$7)*OFFSET(ORÇAMENTO!$W$15,ROW(AH128)-ROW(AH$15),0),15-13*ORÇAMENTO!$AF$11)),0)","v":0},{"$f":"IF(AND($D128=\"Serviço\",AI$12<>0,$H128>0,OR(AUTOEVENTO<>\"manual\",$M128<>1)),\nIF(Import.TipoArredondamento<>\"TransfereGOV\",\nROUND(OFFSET($P128,0,AI$13),15-13*ORÇAMENTO!$AF$7)/$H128*OFFSET(ORÇAMENTO!$X$15,ROW(AI128)-ROW(AI$15),0),\nROUND(ROUND(OFFSET($P128,0,AI$13),15-13*ORÇAMENTO!$AF$7)*OFFSET(ORÇAMENTO!$W$15,ROW(AI128)-ROW(AI$15),0),15-13*ORÇAMENTO!$AF$11)),0)","v":0},{"$f":"IF(AND($D128=\"Serviço\",AJ$12<>0,$H128>0,OR(AUTOEVENTO<>\"manual\",$M128<>1)),\nIF(Import.TipoArredondamento<>\"TransfereGOV\",\nROUND(OFFSET($P128,0,AJ$13),15-13*ORÇAMENTO!$AF$7)/$H128*OFFSET(ORÇAMENTO!$X$15,ROW(AJ128)-ROW(AJ$15),0),\nROUND(ROUND(OFFSET($P128,0,AJ$13),15-13*ORÇAMENTO!$AF$7)*OFFSET(ORÇAMENTO!$W$15,ROW(AJ128)-ROW(AJ$15),0),15-13*ORÇAMENTO!$AF$11)),0)","v":0},{"$f":"IF(AND($D128=\"Serviço\",AK$12<>0,$H128>0,OR(AUTOEVENTO<>\"manual\",$M128<>1)),\nIF(Import.TipoArredondamento<>\"TransfereGOV\",\nROUND(OFFSET($P128,0,AK$13),15-13*ORÇAMENTO!$AF$7)/$H128*OFFSET(ORÇAMENTO!$X$15,ROW(AK128)-ROW(AK$15),0),\nROUND(ROUND(OFFSET($P128,0,AK$13),15-13*ORÇAMENTO!$AF$7)*OFFSET(ORÇAMENTO!$W$15,ROW(AK128)-ROW(AK$15),0),15-13*ORÇAMENTO!$AF$11)),0)","v":0},null,{"$f":"IF($D128<>\"Serviço\",0,IF(AND(AUTOEVENTO=\"Manual\",$M128=1),0,IF(OFFSET(CRONOPLE!$F$14,$M128,AM$13)=\"\",10^12,OFFSET(CRONOPLE!$F$14,$M128,AM$13))))","v":1000000000000},{"$f":"IF($D128<>\"Serviço\",0,IF(AND(AUTOEVENTO=\"Manual\",$M128=1),0,IF(OFFSET(CRONOPLE!$F$14,$M128,AN$13)=\"\",10^12,OFFSET(CRONOPLE!$F$14,$M128,AN$13))))","v":1000000000000},{"$f":"IF($D128<>\"Serviço\",0,IF(AND(AUTOEVENTO=\"Manual\",$M128=1),0,IF(OFFSET(CRONOPLE!$F$14,$M128,AO$13)=\"\",10^12,OFFSET(CRONOPLE!$F$14,$M128,AO$13))))","v":1000000000000},{"$f":"IF($D128<>\"Serviço\",0,IF(AND(AUTOEVENTO=\"Manual\",$M128=1),0,IF(OFFSET(CRONOPLE!$F$14,$M128,AP$13)=\"\",10^12,OFFSET(CRONOPLE!$F$14,$M128,AP$13))))","v":1000000000000},{"$f":"IF($D128<>\"Serviço\",0,IF(AND(AUTOEVENTO=\"Manual\",$M128=1),0,IF(OFFSET(CRONOPLE!$F$14,$M128,AQ$13)=\"\",10^12,OFFSET(CRONOPLE!$F$14,$M128,AQ$13))))","v":1000000000000},{"$f":"IF($D128<>\"Serviço\",0,IF(AND(AUTOEVENTO=\"Manual\",$M128=1),0,IF(OFFSET(CRONOPLE!$F$14,$M128,AR$13)=\"\",10^12,OFFSET(CRONOPLE!$F$14,$M128,AR$13))))","v":1000000000000},{"$f":"IF($D128<>\"Serviço\",0,IF(AND(AUTOEVENTO=\"Manual\",$M128=1),0,IF(OFFSET(CRONOPLE!$F$14,$M128,AS$13)=\"\",10^12,OFFSET(CRONOPLE!$F$14,$M128,AS$13))))","v":1000000000000},{"$f":"IF($D128<>\"Serviço\",0,IF(AND(AUTOEVENTO=\"Manual\",$M128=1),0,IF(OFFSET(CRONOPLE!$F$14,$M128,AT$13)=\"\",10^12,OFFSET(CRONOPLE!$F$14,$M128,AT$13))))","v":1000000000000},{"$f":"IF($D128<>\"Serviço\",0,IF(AND(AUTOEVENTO=\"Manual\",$M128=1),0,IF(OFFSET(CRONOPLE!$F$14,$M128,AU$13)=\"\",10^12,OFFSET(CRONOPLE!$F$14,$M128,AU$13))))","v":1000000000000},{"$f":"IF($D128<>\"Serviço\",0,IF(AND(AUTOEVENTO=\"Manual\",$M128=1),0,IF(OFFSET(CRONOPLE!$F$14,$M128,AV$13)=\"\",10^12,OFFSET(CRONOPLE!$F$14,$M128,AV$13))))","v":1000000000000},null,{"$f":"IF($D128<>\"Serviço\",0,IF(OR(AND(AUTOEVENTO=\"Manual\",$M128=1),$M128>(ROW(PLE.lastrow)-ROW(PLE.firstrow))),0,IF(OFFSET(PLE!$G$14,$M128,AX$13)=\"\",10^12,OFFSET(PLE!$G$14,$M128,AX$13))))","v":1000000000000},{"$f":"IF($D128<>\"Serviço\",0,IF(OR(AND(AUTOEVENTO=\"Manual\",$M128=1),$M128>(ROW(PLE.lastrow)-ROW(PLE.firstrow))),0,IF(OFFSET(PLE!$G$14,$M128,AY$13)=\"\",10^12,OFFSET(PLE!$G$14,$M128,AY$13))))","v":1000000000000},{"$f":"IF($D128<>\"Serviço\",0,IF(OR(AND(AUTOEVENTO=\"Manual\",$M128=1),$M128>(ROW(PLE.lastrow)-ROW(PLE.firstrow))),0,IF(OFFSET(PLE!$G$14,$M128,AZ$13)=\"\",10^12,OFFSET(PLE!$G$14,$M128,AZ$13))))","v":1000000000000},{"$f":"IF($D128<>\"Serviço\",0,IF(OR(AND(AUTOEVENTO=\"Manual\",$M128=1),$M128>(ROW(PLE.lastrow)-ROW(PLE.firstrow))),0,IF(OFFSET(PLE!$G$14,$M128,BA$13)=\"\",10^12,OFFSET(PLE!$G$14,$M128,BA$13))))","v":1000000000000},{"$f":"IF($D128<>\"Serviço\",0,IF(OR(AND(AUTOEVENTO=\"Manual\",$M128=1),$M128>(ROW(PLE.lastrow)-ROW(PLE.firstrow))),0,IF(OFFSET(PLE!$G$14,$M128,BB$13)=\"\",10^12,OFFSET(PLE!$G$14,$M128,BB$13))))","v":1000000000000},{"$f":"IF($D128<>\"Serviço\",0,IF(OR(AND(AUTOEVENTO=\"Manual\",$M128=1),$M128>(ROW(PLE.lastrow)-ROW(PLE.firstrow))),0,IF(OFFSET(PLE!$G$14,$M128,BC$13)=\"\",10^12,OFFSET(PLE!$G$14,$M128,BC$13))))","v":1000000000000},{"$f":"IF($D128<>\"Serviço\",0,IF(OR(AND(AUTOEVENTO=\"Manual\",$M128=1),$M128>(ROW(PLE.lastrow)-ROW(PLE.firstrow))),0,IF(OFFSET(PLE!$G$14,$M128,BD$13)=\"\",10^12,OFFSET(PLE!$G$14,$M128,BD$13))))","v":1000000000000},{"$f":"IF($D128<>\"Serviço\",0,IF(OR(AND(AUTOEVENTO=\"Manual\",$M128=1),$M128>(ROW(PLE.lastrow)-ROW(PLE.firstrow))),0,IF(OFFSET(PLE!$G$14,$M128,BE$13)=\"\",10^12,OFFSET(PLE!$G$14,$M128,BE$13))))","v":1000000000000},{"$f":"IF($D128<>\"Serviço\",0,IF(OR(AND(AUTOEVENTO=\"Manual\",$M128=1),$M128>(ROW(PLE.lastrow)-ROW(PLE.firstrow))),0,IF(OFFSET(PLE!$G$14,$M128,BF$13)=\"\",10^12,OFFSET(PLE!$G$14,$M128,BF$13))))","v":1000000000000},{"$f":"IF($D128<>\"Serviço\",0,IF(OR(AND(AUTOEVENTO=\"Manual\",$M128=1),$M128>(ROW(PLE.lastrow)-ROW(PLE.firstrow))),0,IF(OFFSET(PLE!$G$14,$M128,BG$13)=\"\",10^12,OFFSET(PLE!$G$14,$M128,BG$13))))","v":1000000000000}]
["111",{"$f":"OFFSET(ORÇAMENTO!C$15,ROW(B129)-ROW(B$15),0)","v":"S"},{"$f":"OFFSET(ORÇAMENTO!L$15,ROW(C129)-ROW(C$15),0)","v":"F"},{"$f":"OFFSET(ORÇAMENTO!N$15,ROW(D129)-ROW(D$15),0)","v":"Serviço"},{"$f":"OFFSET(ORÇAMENTO!O$15,ROW(E129)-ROW(E$15),0)","v":"1.13.0.3."},{"$f":"OFFSET(ORÇAMENTO!R$15,ROW(F129)-ROW(F$15),0)","v":"TUBO, PVC, SOLDÁVEL, DE  25MM, INSTALADO EM RESERVAÇÃO PREDIAL DE ÁGUA - FORNECIMENTO E INSTALAÇÃO. AF_04/2024"},{"$f":"IF($D129<>\"Serviço\",\"\",OFFSET(ORÇAMENTO!S$15,ROW(G129)-ROW(G$15),0))","v":"M"},{"$f":"IF($D129<>\"Serviço\",0,IF(ACOMPANHAMENTO=\"BM\",ROUND(OFFSET(ORÇAMENTO!AJ$15,ROW(H129)-ROW(H$15),0),15-13*ORÇAMENTO!$AF$7),SUMPRODUCT(($Q$12:$AA$12<>\"\")*ROUND($Q129:$AA129,15-13*ORÇAMENTO!$AF$7))))","v":135.19999999999999},"CONSIDERADO NA MESMA VALA DA ELÉTRICA E INTERNET",null,null,".",{"$f":"IF($D129<>\"Serviço\",\"\",IF(AUTOEVENTO=\"manual\",$A129,IF(ISERROR(MATCH($A129,$A$15:OFFSET($A129,-1,0),0)),MAX($M$15:OFFSET(M129,-1,0))+1,INDEX($M$15:OFFSET(M129,-1,0),MATCH($A129,$A$15:OFFSET($A129,-1,0),0)))))","v":14},{"$f":"IF($D129<>\"Serviço\",\"\",IF(AUTOEVENTO=\"Manual\",IF($A129=0,\"<-- defina o número do agrupador\",OFFSET(EVENTOS!$D$14,$A129,0)),OFFSET($F$15,$A129,0)))","v":"INSTALAÇÕES HIDROSSANITÁRIAS (AGUA FRIA)"},null,null,{"$f":"21.5+9.3+14.3+1.75+3+0.15+0.2+5.7+2.86+1.29+0.15+0.15+3.07+0.15+0.15+2.32+0.72+1.29+1.4+1.02+1.33+1+1+1+0.65+0.65+1.1+0.4+0.9+0.6+1.71+0.3+0.74+0.6+0.9+1.1+1+2.65+2.65+1.5+1.5+0.4+0.4+0.3+0.3+2.99+0.1+1.8+1.4+0.9+2.3+0.3+0.4+0.8+1+1.5+1.1+0.1+0.11+1+2.4+1.5+1.1+0.1+0.9+1.78+0.2+1.1+1+1+1.4+3+1.8+0.2+4.67+2.1","v":135.19999999999996},null,null,null,null,null,null,null,null,null,null,{"$f":"IF(AND($D129=\"Serviço\",AB$12<>0,$H129>0,OR(AUTOEVENTO<>\"manual\",$M129<>1)),\nIF(Import.TipoArredondamento<>\"TransfereGOV\",\nROUND(OFFSET($P129,0,AB$13),15-13*ORÇAMENTO!$AF$7)/$H129*OFFSET(ORÇAMENTO!$X$15,ROW(AB129)-ROW(AB$15),0),\nROUND(ROUND(OFFSET($P129,0,AB$13),15-13*ORÇAMENTO!$AF$7)*OFFSET(ORÇAMENTO!$W$15,ROW(AB129)-ROW(AB$15),0),15-13*ORÇAMENTO!$AF$11)),0)","v":1146.5},{"$f":"IF(AND($D129=\"Serviço\",AC$12<>0,$H129>0,OR(AUTOEVENTO<>\"manual\",$M129<>1)),\nIF(Import.TipoArredondamento<>\"TransfereGOV\",\nROUND(OFFSET($P129,0,AC$13),15-13*ORÇAMENTO!$AF$7)/$H129*OFFSET(ORÇAMENTO!$X$15,ROW(AC129)-ROW(AC$15),0),\nROUND(ROUND(OFFSET($P129,0,AC$13),15-13*ORÇAMENTO!$AF$7)*OFFSET(ORÇAMENTO!$W$15,ROW(AC129)-ROW(AC$15),0),15-13*ORÇAMENTO!$AF$11)),0)","v":0},{"$f":"IF(AND($D129=\"Serviço\",AD$12<>0,$H129>0,OR(AUTOEVENTO<>\"manual\",$M129<>1)),\nIF(Import.TipoArredondamento<>\"TransfereGOV\",\nROUND(OFFSET($P129,0,AD$13),15-13*ORÇAMENTO!$AF$7)/$H129*OFFSET(ORÇAMENTO!$X$15,ROW(AD129)-ROW(AD$15),0),\nROUND(ROUND(OFFSET($P129,0,AD$13),15-13*ORÇAMENTO!$AF$7)*OFFSET(ORÇAMENTO!$W$15,ROW(AD129)-ROW(AD$15),0),15-13*ORÇAMENTO!$AF$11)),0)","v":0},{"$f":"IF(AND($D129=\"Serviço\",AE$12<>0,$H129>0,OR(AUTOEVENTO<>\"manual\",$M129<>1)),\nIF(Import.TipoArredondamento<>\"TransfereGOV\",\nROUND(OFFSET($P129,0,AE$13),15-13*ORÇAMENTO!$AF$7)/$H129*OFFSET(ORÇAMENTO!$X$15,ROW(AE129)-ROW(AE$15),0),\nROUND(ROUND(OFFSET($P129,0,AE$13),15-13*ORÇAMENTO!$AF$7)*OFFSET(ORÇAMENTO!$W$15,ROW(AE129)-ROW(AE$15),0),15-13*ORÇAMENTO!$AF$11)),0)","v":0},{"$f":"IF(AND($D129=\"Serviço\",AF$12<>0,$H129>0,OR(AUTOEVENTO<>\"manual\",$M129<>1)),\nIF(Import.TipoArredondamento<>\"TransfereGOV\",\nROUND(OFFSET($P129,0,AF$13),15-13*ORÇAMENTO!$AF$7)/$H129*OFFSET(ORÇAMENTO!$X$15,ROW(AF129)-ROW(AF$15),0),\nROUND(ROUND(OFFSET($P129,0,AF$13),15-13*ORÇAMENTO!$AF$7)*OFFSET(ORÇAMENTO!$W$15,ROW(AF129)-ROW(AF$15),0),15-13*ORÇAMENTO!$AF$11)),0)","v":0},{"$f":"IF(AND($D129=\"Serviço\",AG$12<>0,$H129>0,OR(AUTOEVENTO<>\"manual\",$M129<>1)),\nIF(Import.TipoArredondamento<>\"TransfereGOV\",\nROUND(OFFSET($P129,0,AG$13),15-13*ORÇAMENTO!$AF$7)/$H129*OFFSET(ORÇAMENTO!$X$15,ROW(AG129)-ROW(AG$15),0),\nROUND(ROUND(OFFSET($P129,0,AG$13),15-13*ORÇAMENTO!$AF$7)*OFFSET(ORÇAMENTO!$W$15,ROW(AG129)-ROW(AG$15),0),15-13*ORÇAMENTO!$AF$11)),0)","v":0},{"$f":"IF(AND($D129=\"Serviço\",AH$12<>0,$H129>0,OR(AUTOEVENTO<>\"manual\",$M129<>1)),\nIF(Import.TipoArredondamento<>\"TransfereGOV\",\nROUND(OFFSET($P129,0,AH$13),15-13*ORÇAMENTO!$AF$7)/$H129*OFFSET(ORÇAMENTO!$X$15,ROW(AH129)-ROW(AH$15),0),\nROUND(ROUND(OFFSET($P129,0,AH$13),15-13*ORÇAMENTO!$AF$7)*OFFSET(ORÇAMENTO!$W$15,ROW(AH129)-ROW(AH$15),0),15-13*ORÇAMENTO!$AF$11)),0)","v":0},{"$f":"IF(AND($D129=\"Serviço\",AI$12<>0,$H129>0,OR(AUTOEVENTO<>\"manual\",$M129<>1)),\nIF(Import.TipoArredondamento<>\"TransfereGOV\",\nROUND(OFFSET($P129,0,AI$13),15-13*ORÇAMENTO!$AF$7)/$H129*OFFSET(ORÇAMENTO!$X$15,ROW(AI129)-ROW(AI$15),0),\nROUND(ROUND(OFFSET($P129,0,AI$13),15-13*ORÇAMENTO!$AF$7)*OFFSET(ORÇAMENTO!$W$15,ROW(AI129)-ROW(AI$15),0),15-13*ORÇAMENTO!$AF$11)),0)","v":0},{"$f":"IF(AND($D129=\"Serviço\",AJ$12<>0,$H129>0,OR(AUTOEVENTO<>\"manual\",$M129<>1)),\nIF(Import.TipoArredondamento<>\"TransfereGOV\",\nROUND(OFFSET($P129,0,AJ$13),15-13*ORÇAMENTO!$AF$7)/$H129*OFFSET(ORÇAMENTO!$X$15,ROW(AJ129)-ROW(AJ$15),0),\nROUND(ROUND(OFFSET($P129,0,AJ$13),15-13*ORÇAMENTO!$AF$7)*OFFSET(ORÇAMENTO!$W$15,ROW(AJ129)-ROW(AJ$15),0),15-13*ORÇAMENTO!$AF$11)),0)","v":0},{"$f":"IF(AND($D129=\"Serviço\",AK$12<>0,$H129>0,OR(AUTOEVENTO<>\"manual\",$M129<>1)),\nIF(Import.TipoArredondamento<>\"TransfereGOV\",\nROUND(OFFSET($P129,0,AK$13),15-13*ORÇAMENTO!$AF$7)/$H129*OFFSET(ORÇAMENTO!$X$15,ROW(AK129)-ROW(AK$15),0),\nROUND(ROUND(OFFSET($P129,0,AK$13),15-13*ORÇAMENTO!$AF$7)*OFFSET(ORÇAMENTO!$W$15,ROW(AK129)-ROW(AK$15),0),15-13*ORÇAMENTO!$AF$11)),0)","v":0},null,{"$f":"IF($D129<>\"Serviço\",0,IF(AND(AUTOEVENTO=\"Manual\",$M129=1),0,IF(OFFSET(CRONOPLE!$F$14,$M129,AM$13)=\"\",10^12,OFFSET(CRONOPLE!$F$14,$M129,AM$13))))","v":1000000000000},{"$f":"IF($D129<>\"Serviço\",0,IF(AND(AUTOEVENTO=\"Manual\",$M129=1),0,IF(OFFSET(CRONOPLE!$F$14,$M129,AN$13)=\"\",10^12,OFFSET(CRONOPLE!$F$14,$M129,AN$13))))","v":1000000000000},{"$f":"IF($D129<>\"Serviço\",0,IF(AND(AUTOEVENTO=\"Manual\",$M129=1),0,IF(OFFSET(CRONOPLE!$F$14,$M129,AO$13)=\"\",10^12,OFFSET(CRONOPLE!$F$14,$M129,AO$13))))","v":1000000000000},{"$f":"IF($D129<>\"Serviço\",0,IF(AND(AUTOEVENTO=\"Manual\",$M129=1),0,IF(OFFSET(CRONOPLE!$F$14,$M129,AP$13)=\"\",10^12,OFFSET(CRONOPLE!$F$14,$M129,AP$13))))","v":1000000000000},{"$f":"IF($D129<>\"Serviço\",0,IF(AND(AUTOEVENTO=\"Manual\",$M129=1),0,IF(OFFSET(CRONOPLE!$F$14,$M129,AQ$13)=\"\",10^12,OFFSET(CRONOPLE!$F$14,$M129,AQ$13))))","v":1000000000000},{"$f":"IF($D129<>\"Serviço\",0,IF(AND(AUTOEVENTO=\"Manual\",$M129=1),0,IF(OFFSET(CRONOPLE!$F$14,$M129,AR$13)=\"\",10^12,OFFSET(CRONOPLE!$F$14,$M129,AR$13))))","v":1000000000000},{"$f":"IF($D129<>\"Serviço\",0,IF(AND(AUTOEVENTO=\"Manual\",$M129=1),0,IF(OFFSET(CRONOPLE!$F$14,$M129,AS$13)=\"\",10^12,OFFSET(CRONOPLE!$F$14,$M129,AS$13))))","v":1000000000000},{"$f":"IF($D129<>\"Serviço\",0,IF(AND(AUTOEVENTO=\"Manual\",$M129=1),0,IF(OFFSET(CRONOPLE!$F$14,$M129,AT$13)=\"\",10^12,OFFSET(CRONOPLE!$F$14,$M129,AT$13))))","v":1000000000000},{"$f":"IF($D129<>\"Serviço\",0,IF(AND(AUTOEVENTO=\"Manual\",$M129=1),0,IF(OFFSET(CRONOPLE!$F$14,$M129,AU$13)=\"\",10^12,OFFSET(CRONOPLE!$F$14,$M129,AU$13))))","v":1000000000000},{"$f":"IF($D129<>\"Serviço\",0,IF(AND(AUTOEVENTO=\"Manual\",$M129=1),0,IF(OFFSET(CRONOPLE!$F$14,$M129,AV$13)=\"\",10^12,OFFSET(CRONOPLE!$F$14,$M129,AV$13))))","v":1000000000000},null,{"$f":"IF($D129<>\"Serviço\",0,IF(OR(AND(AUTOEVENTO=\"Manual\",$M129=1),$M129>(ROW(PLE.lastrow)-ROW(PLE.firstrow))),0,IF(OFFSET(PLE!$G$14,$M129,AX$13)=\"\",10^12,OFFSET(PLE!$G$14,$M129,AX$13))))","v":1000000000000},{"$f":"IF($D129<>\"Serviço\",0,IF(OR(AND(AUTOEVENTO=\"Manual\",$M129=1),$M129>(ROW(PLE.lastrow)-ROW(PLE.firstrow))),0,IF(OFFSET(PLE!$G$14,$M129,AY$13)=\"\",10^12,OFFSET(PLE!$G$14,$M129,AY$13))))","v":1000000000000},{"$f":"IF($D129<>\"Serviço\",0,IF(OR(AND(AUTOEVENTO=\"Manual\",$M129=1),$M129>(ROW(PLE.lastrow)-ROW(PLE.firstrow))),0,IF(OFFSET(PLE!$G$14,$M129,AZ$13)=\"\",10^12,OFFSET(PLE!$G$14,$M129,AZ$13))))","v":1000000000000},{"$f":"IF($D129<>\"Serviço\",0,IF(OR(AND(AUTOEVENTO=\"Manual\",$M129=1),$M129>(ROW(PLE.lastrow)-ROW(PLE.firstrow))),0,IF(OFFSET(PLE!$G$14,$M129,BA$13)=\"\",10^12,OFFSET(PLE!$G$14,$M129,BA$13))))","v":1000000000000},{"$f":"IF($D129<>\"Serviço\",0,IF(OR(AND(AUTOEVENTO=\"Manual\",$M129=1),$M129>(ROW(PLE.lastrow)-ROW(PLE.firstrow))),0,IF(OFFSET(PLE!$G$14,$M129,BB$13)=\"\",10^12,OFFSET(PLE!$G$14,$M129,BB$13))))","v":1000000000000},{"$f":"IF($D129<>\"Serviço\",0,IF(OR(AND(AUTOEVENTO=\"Manual\",$M129=1),$M129>(ROW(PLE.lastrow)-ROW(PLE.firstrow))),0,IF(OFFSET(PLE!$G$14,$M129,BC$13)=\"\",10^12,OFFSET(PLE!$G$14,$M129,BC$13))))","v":1000000000000},{"$f":"IF($D129<>\"Serviço\",0,IF(OR(AND(AUTOEVENTO=\"Manual\",$M129=1),$M129>(ROW(PLE.lastrow)-ROW(PLE.firstrow))),0,IF(OFFSET(PLE!$G$14,$M129,BD$13)=\"\",10^12,OFFSET(PLE!$G$14,$M129,BD$13))))","v":1000000000000},{"$f":"IF($D129<>\"Serviço\",0,IF(OR(AND(AUTOEVENTO=\"Manual\",$M129=1),$M129>(ROW(PLE.lastrow)-ROW(PLE.firstrow))),0,IF(OFFSET(PLE!$G$14,$M129,BE$13)=\"\",10^12,OFFSET(PLE!$G$14,$M129,BE$13))))","v":1000000000000},{"$f":"IF($D129<>\"Serviço\",0,IF(OR(AND(AUTOEVENTO=\"Manual\",$M129=1),$M129>(ROW(PLE.lastrow)-ROW(PLE.firstrow))),0,IF(OFFSET(PLE!$G$14,$M129,BF$13)=\"\",10^12,OFFSET(PLE!$G$14,$M129,BF$13))))","v":1000000000000},{"$f":"IF($D129<>\"Serviço\",0,IF(OR(AND(AUTOEVENTO=\"Manual\",$M129=1),$M129>(ROW(PLE.lastrow)-ROW(PLE.firstrow))),0,IF(OFFSET(PLE!$G$14,$M129,BG$13)=\"\",10^12,OFFSET(PLE!$G$14,$M129,BG$13))))","v":1000000000000}]
["111",{"$f":"OFFSET(ORÇAMENTO!C$15,ROW(B130)-ROW(B$15),0)","v":"S"},{"$f":"OFFSET(ORÇAMENTO!L$15,ROW(C130)-ROW(C$15),0)","v":"F"},{"$f":"OFFSET(ORÇAMENTO!N$15,ROW(D130)-ROW(D$15),0)","v":"Serviço"},{"$f":"OFFSET(ORÇAMENTO!O$15,ROW(E130)-ROW(E$15),0)","v":"1.13.0.4."},{"$f":"OFFSET(ORÇAMENTO!R$15,ROW(F130)-ROW(F$15),0)","v":"JOELHO 90 GRAUS, PVC, SOLDÁVEL, DN 25MM, INSTALADO EM PRUMADA DE ÁGUA - FORNECIMENTO E INSTALAÇÃO. AF_06/2022"},{"$f":"IF($D130<>\"Serviço\",\"\",OFFSET(ORÇAMENTO!S$15,ROW(G130)-ROW(G$15),0))","v":"UN"},{"$f":"IF($D130<>\"Serviço\",0,IF(ACOMPANHAMENTO=\"BM\",ROUND(OFFSET(ORÇAMENTO!AJ$15,ROW(H130)-ROW(H$15),0),15-13*ORÇAMENTO!$AF$7),SUMPRODUCT(($Q$12:$AA$12<>\"\")*ROUND($Q130:$AA130,15-13*ORÇAMENTO!$AF$7))))","v":40},null,null,null,".",{"$f":"IF($D130<>\"Serviço\",\"\",IF(AUTOEVENTO=\"manual\",$A130,IF(ISERROR(MATCH($A130,$A$15:OFFSET($A130,-1,0),0)),MAX($M$15:OFFSET(M130,-1,0))+1,INDEX($M$15:OFFSET(M130,-1,0),MATCH($A130,$A$15:OFFSET($A130,-1,0),0)))))","v":14},{"$f":"IF($D130<>\"Serviço\",\"\",IF(AUTOEVENTO=\"Manual\",IF($A130=0,\"<-- defina o número do agrupador\",OFFSET(EVENTOS!$D$14,$A130,0)),OFFSET($F$15,$A130,0)))","v":"INSTALAÇÕES HIDROSSANITÁRIAS (AGUA FRIA)"},null,null,{"$f":"4+5+2+4+2+2+4+4+4+3+1+2+2+1","v":40},null,null,null,null,null,null,null,null,null,null,{"$f":"IF(AND($D130=\"Serviço\",AB$12<>0,$H130>0,OR(AUTOEVENTO<>\"manual\",$M130<>1)),\nIF(Import.TipoArredondamento<>\"TransfereGOV\",\nROUND(OFFSET($P130,0,AB$13),15-13*ORÇAMENTO!$AF$7)/$H130*OFFSET(ORÇAMENTO!$X$15,ROW(AB130)-ROW(AB$15),0),\nROUND(ROUND(OFFSET($P130,0,AB$13),15-13*ORÇAMENTO!$AF$7)*OFFSET(ORÇAMENTO!$W$15,ROW(AB130)-ROW(AB$15),0),15-13*ORÇAMENTO!$AF$11)),0)","v":265.60000000000002},{"$f":"IF(AND($D130=\"Serviço\",AC$12<>0,$H130>0,OR(AUTOEVENTO<>\"manual\",$M130<>1)),\nIF(Import.TipoArredondamento<>\"TransfereGOV\",\nROUND(OFFSET($P130,0,AC$13),15-13*ORÇAMENTO!$AF$7)/$H130*OFFSET(ORÇAMENTO!$X$15,ROW(AC130)-ROW(AC$15),0),\nROUND(ROUND(OFFSET($P130,0,AC$13),15-13*ORÇAMENTO!$AF$7)*OFFSET(ORÇAMENTO!$W$15,ROW(AC130)-ROW(AC$15),0),15-13*ORÇAMENTO!$AF$11)),0)","v":0},{"$f":"IF(AND($D130=\"Serviço\",AD$12<>0,$H130>0,OR(AUTOEVENTO<>\"manual\",$M130<>1)),\nIF(Import.TipoArredondamento<>\"TransfereGOV\",\nROUND(OFFSET($P130,0,AD$13),15-13*ORÇAMENTO!$AF$7)/$H130*OFFSET(ORÇAMENTO!$X$15,ROW(AD130)-ROW(AD$15),0),\nROUND(ROUND(OFFSET($P130,0,AD$13),15-13*ORÇAMENTO!$AF$7)*OFFSET(ORÇAMENTO!$W$15,ROW(AD130)-ROW(AD$15),0),15-13*ORÇAMENTO!$AF$11)),0)","v":0},{"$f":"IF(AND($D130=\"Serviço\",AE$12<>0,$H130>0,OR(AUTOEVENTO<>\"manual\",$M130<>1)),\nIF(Import.TipoArredondamento<>\"TransfereGOV\",\nROUND(OFFSET($P130,0,AE$13),15-13*ORÇAMENTO!$AF$7)/$H130*OFFSET(ORÇAMENTO!$X$15,ROW(AE130)-ROW(AE$15),0),\nROUND(ROUND(OFFSET($P130,0,AE$13),15-13*ORÇAMENTO!$AF$7)*OFFSET(ORÇAMENTO!$W$15,ROW(AE130)-ROW(AE$15),0),15-13*ORÇAMENTO!$AF$11)),0)","v":0},{"$f":"IF(AND($D130=\"Serviço\",AF$12<>0,$H130>0,OR(AUTOEVENTO<>\"manual\",$M130<>1)),\nIF(Import.TipoArredondamento<>\"TransfereGOV\",\nROUND(OFFSET($P130,0,AF$13),15-13*ORÇAMENTO!$AF$7)/$H130*OFFSET(ORÇAMENTO!$X$15,ROW(AF130)-ROW(AF$15),0),\nROUND(ROUND(OFFSET($P130,0,AF$13),15-13*ORÇAMENTO!$AF$7)*OFFSET(ORÇAMENTO!$W$15,ROW(AF130)-ROW(AF$15),0),15-13*ORÇAMENTO!$AF$11)),0)","v":0},{"$f":"IF(AND($D130=\"Serviço\",AG$12<>0,$H130>0,OR(AUTOEVENTO<>\"manual\",$M130<>1)),\nIF(Import.TipoArredondamento<>\"TransfereGOV\",\nROUND(OFFSET($P130,0,AG$13),15-13*ORÇAMENTO!$AF$7)/$H130*OFFSET(ORÇAMENTO!$X$15,ROW(AG130)-ROW(AG$15),0),\nROUND(ROUND(OFFSET($P130,0,AG$13),15-13*ORÇAMENTO!$AF$7)*OFFSET(ORÇAMENTO!$W$15,ROW(AG130)-ROW(AG$15),0),15-13*ORÇAMENTO!$AF$11)),0)","v":0},{"$f":"IF(AND($D130=\"Serviço\",AH$12<>0,$H130>0,OR(AUTOEVENTO<>\"manual\",$M130<>1)),\nIF(Import.TipoArredondamento<>\"TransfereGOV\",\nROUND(OFFSET($P130,0,AH$13),15-13*ORÇAMENTO!$AF$7)/$H130*OFFSET(ORÇAMENTO!$X$15,ROW(AH130)-ROW(AH$15),0),\nROUND(ROUND(OFFSET($P130,0,AH$13),15-13*ORÇAMENTO!$AF$7)*OFFSET(ORÇAMENTO!$W$15,ROW(AH130)-ROW(AH$15),0),15-13*ORÇAMENTO!$AF$11)),0)","v":0},{"$f":"IF(AND($D130=\"Serviço\",AI$12<>0,$H130>0,OR(AUTOEVENTO<>\"manual\",$M130<>1)),\nIF(Import.TipoArredondamento<>\"TransfereGOV\",\nROUND(OFFSET($P130,0,AI$13),15-13*ORÇAMENTO!$AF$7)/$H130*OFFSET(ORÇAMENTO!$X$15,ROW(AI130)-ROW(AI$15),0),\nROUND(ROUND(OFFSET($P130,0,AI$13),15-13*ORÇAMENTO!$AF$7)*OFFSET(ORÇAMENTO!$W$15,ROW(AI130)-ROW(AI$15),0),15-13*ORÇAMENTO!$AF$11)),0)","v":0},{"$f":"IF(AND($D130=\"Serviço\",AJ$12<>0,$H130>0,OR(AUTOEVENTO<>\"manual\",$M130<>1)),\nIF(Import.TipoArredondamento<>\"TransfereGOV\",\nROUND(OFFSET($P130,0,AJ$13),15-13*ORÇAMENTO!$AF$7)/$H130*OFFSET(ORÇAMENTO!$X$15,ROW(AJ130)-ROW(AJ$15),0),\nROUND(ROUND(OFFSET($P130,0,AJ$13),15-13*ORÇAMENTO!$AF$7)*OFFSET(ORÇAMENTO!$W$15,ROW(AJ130)-ROW(AJ$15),0),15-13*ORÇAMENTO!$AF$11)),0)","v":0},{"$f":"IF(AND($D130=\"Serviço\",AK$12<>0,$H130>0,OR(AUTOEVENTO<>\"manual\",$M130<>1)),\nIF(Import.TipoArredondamento<>\"TransfereGOV\",\nROUND(OFFSET($P130,0,AK$13),15-13*ORÇAMENTO!$AF$7)/$H130*OFFSET(ORÇAMENTO!$X$15,ROW(AK130)-ROW(AK$15),0),\nROUND(ROUND(OFFSET($P130,0,AK$13),15-13*ORÇAMENTO!$AF$7)*OFFSET(ORÇAMENTO!$W$15,ROW(AK130)-ROW(AK$15),0),15-13*ORÇAMENTO!$AF$11)),0)","v":0},null,{"$f":"IF($D130<>\"Serviço\",0,IF(AND(AUTOEVENTO=\"Manual\",$M130=1),0,IF(OFFSET(CRONOPLE!$F$14,$M130,AM$13)=\"\",10^12,OFFSET(CRONOPLE!$F$14,$M130,AM$13))))","v":1000000000000},{"$f":"IF($D130<>\"Serviço\",0,IF(AND(AUTOEVENTO=\"Manual\",$M130=1),0,IF(OFFSET(CRONOPLE!$F$14,$M130,AN$13)=\"\",10^12,OFFSET(CRONOPLE!$F$14,$M130,AN$13))))","v":1000000000000},{"$f":"IF($D130<>\"Serviço\",0,IF(AND(AUTOEVENTO=\"Manual\",$M130=1),0,IF(OFFSET(CRONOPLE!$F$14,$M130,AO$13)=\"\",10^12,OFFSET(CRONOPLE!$F$14,$M130,AO$13))))","v":1000000000000},{"$f":"IF($D130<>\"Serviço\",0,IF(AND(AUTOEVENTO=\"Manual\",$M130=1),0,IF(OFFSET(CRONOPLE!$F$14,$M130,AP$13)=\"\",10^12,OFFSET(CRONOPLE!$F$14,$M130,AP$13))))","v":1000000000000},{"$f":"IF($D130<>\"Serviço\",0,IF(AND(AUTOEVENTO=\"Manual\",$M130=1),0,IF(OFFSET(CRONOPLE!$F$14,$M130,AQ$13)=\"\",10^12,OFFSET(CRONOPLE!$F$14,$M130,AQ$13))))","v":1000000000000},{"$f":"IF($D130<>\"Serviço\",0,IF(AND(AUTOEVENTO=\"Manual\",$M130=1),0,IF(OFFSET(CRONOPLE!$F$14,$M130,AR$13)=\"\",10^12,OFFSET(CRONOPLE!$F$14,$M130,AR$13))))","v":1000000000000},{"$f":"IF($D130<>\"Serviço\",0,IF(AND(AUTOEVENTO=\"Manual\",$M130=1),0,IF(OFFSET(CRONOPLE!$F$14,$M130,AS$13)=\"\",10^12,OFFSET(CRONOPLE!$F$14,$M130,AS$13))))","v":1000000000000},{"$f":"IF($D130<>\"Serviço\",0,IF(AND(AUTOEVENTO=\"Manual\",$M130=1),0,IF(OFFSET(CRONOPLE!$F$14,$M130,AT$13)=\"\",10^12,OFFSET(CRONOPLE!$F$14,$M130,AT$13))))","v":1000000000000},{"$f":"IF($D130<>\"Serviço\",0,IF(AND(AUTOEVENTO=\"Manual\",$M130=1),0,IF(OFFSET(CRONOPLE!$F$14,$M130,AU$13)=\"\",10^12,OFFSET(CRONOPLE!$F$14,$M130,AU$13))))","v":1000000000000},{"$f":"IF($D130<>\"Serviço\",0,IF(AND(AUTOEVENTO=\"Manual\",$M130=1),0,IF(OFFSET(CRONOPLE!$F$14,$M130,AV$13)=\"\",10^12,OFFSET(CRONOPLE!$F$14,$M130,AV$13))))","v":1000000000000},null,{"$f":"IF($D130<>\"Serviço\",0,IF(OR(AND(AUTOEVENTO=\"Manual\",$M130=1),$M130>(ROW(PLE.lastrow)-ROW(PLE.firstrow))),0,IF(OFFSET(PLE!$G$14,$M130,AX$13)=\"\",10^12,OFFSET(PLE!$G$14,$M130,AX$13))))","v":1000000000000},{"$f":"IF($D130<>\"Serviço\",0,IF(OR(AND(AUTOEVENTO=\"Manual\",$M130=1),$M130>(ROW(PLE.lastrow)-ROW(PLE.firstrow))),0,IF(OFFSET(PLE!$G$14,$M130,AY$13)=\"\",10^12,OFFSET(PLE!$G$14,$M130,AY$13))))","v":1000000000000},{"$f":"IF($D130<>\"Serviço\",0,IF(OR(AND(AUTOEVENTO=\"Manual\",$M130=1),$M130>(ROW(PLE.lastrow)-ROW(PLE.firstrow))),0,IF(OFFSET(PLE!$G$14,$M130,AZ$13)=\"\",10^12,OFFSET(PLE!$G$14,$M130,AZ$13))))","v":1000000000000},{"$f":"IF($D130<>\"Serviço\",0,IF(OR(AND(AUTOEVENTO=\"Manual\",$M130=1),$M130>(ROW(PLE.lastrow)-ROW(PLE.firstrow))),0,IF(OFFSET(PLE!$G$14,$M130,BA$13)=\"\",10^12,OFFSET(PLE!$G$14,$M130,BA$13))))","v":1000000000000},{"$f":"IF($D130<>\"Serviço\",0,IF(OR(AND(AUTOEVENTO=\"Manual\",$M130=1),$M130>(ROW(PLE.lastrow)-ROW(PLE.firstrow))),0,IF(OFFSET(PLE!$G$14,$M130,BB$13)=\"\",10^12,OFFSET(PLE!$G$14,$M130,BB$13))))","v":1000000000000},{"$f":"IF($D130<>\"Serviço\",0,IF(OR(AND(AUTOEVENTO=\"Manual\",$M130=1),$M130>(ROW(PLE.lastrow)-ROW(PLE.firstrow))),0,IF(OFFSET(PLE!$G$14,$M130,BC$13)=\"\",10^12,OFFSET(PLE!$G$14,$M130,BC$13))))","v":1000000000000},{"$f":"IF($D130<>\"Serviço\",0,IF(OR(AND(AUTOEVENTO=\"Manual\",$M130=1),$M130>(ROW(PLE.lastrow)-ROW(PLE.firstrow))),0,IF(OFFSET(PLE!$G$14,$M130,BD$13)=\"\",10^12,OFFSET(PLE!$G$14,$M130,BD$13))))","v":1000000000000},{"$f":"IF($D130<>\"Serviço\",0,IF(OR(AND(AUTOEVENTO=\"Manual\",$M130=1),$M130>(ROW(PLE.lastrow)-ROW(PLE.firstrow))),0,IF(OFFSET(PLE!$G$14,$M130,BE$13)=\"\",10^12,OFFSET(PLE!$G$14,$M130,BE$13))))","v":1000000000000},{"$f":"IF($D130<>\"Serviço\",0,IF(OR(AND(AUTOEVENTO=\"Manual\",$M130=1),$M130>(ROW(PLE.lastrow)-ROW(PLE.firstrow))),0,IF(OFFSET(PLE!$G$14,$M130,BF$13)=\"\",10^12,OFFSET(PLE!$G$14,$M130,BF$13))))","v":1000000000000},{"$f":"IF($D130<>\"Serviço\",0,IF(OR(AND(AUTOEVENTO=\"Manual\",$M130=1),$M130>(ROW(PLE.lastrow)-ROW(PLE.firstrow))),0,IF(OFFSET(PLE!$G$14,$M130,BG$13)=\"\",10^12,OFFSET(PLE!$G$14,$M130,BG$13))))","v":1000000000000}]
["111",{"$f":"OFFSET(ORÇAMENTO!C$15,ROW(B131)-ROW(B$15),0)","v":"S"},{"$f":"OFFSET(ORÇAMENTO!L$15,ROW(C131)-ROW(C$15),0)","v":"F"},{"$f":"OFFSET(ORÇAMENTO!N$15,ROW(D131)-ROW(D$15),0)","v":"Serviço"},{"$f":"OFFSET(ORÇAMENTO!O$15,ROW(E131)-ROW(E$15),0)","v":"1.13.0.5."},{"$f":"OFFSET(ORÇAMENTO!R$15,ROW(F131)-ROW(F$15),0)","v":"JOELHO PVC, SOLDÁVEL, 45 GRAUS, DN 25 MM, INSTALADO EM RESERVAÇÃO PREDIAL DE ÁGUA - FORNECIMENTO E INSTALAÇÃO. AF_04/2024"},{"$f":"IF($D131<>\"Serviço\",\"\",OFFSET(ORÇAMENTO!S$15,ROW(G131)-ROW(G$15),0))","v":"UN"},{"$f":"IF($D131<>\"Serviço\",0,IF(ACOMPANHAMENTO=\"BM\",ROUND(OFFSET(ORÇAMENTO!AJ$15,ROW(H131)-ROW(H$15),0),15-13*ORÇAMENTO!$AF$7),SUMPRODUCT(($Q$12:$AA$12<>\"\")*ROUND($Q131:$AA131,15-13*ORÇAMENTO!$AF$7))))","v":2},null,null,null,".",{"$f":"IF($D131<>\"Serviço\",\"\",IF(AUTOEVENTO=\"manual\",$A131,IF(ISERROR(MATCH($A131,$A$15:OFFSET($A131,-1,0),0)),MAX($M$15:OFFSET(M131,-1,0))+1,INDEX($M$15:OFFSET(M131,-1,0),MATCH($A131,$A$15:OFFSET($A131,-1,0),0)))))","v":14},{"$f":"IF($D131<>\"Serviço\",\"\",IF(AUTOEVENTO=\"Manual\",IF($A131=0,\"<-- defina o número do agrupador\",OFFSET(EVENTOS!$D$14,$A131,0)),OFFSET($F$15,$A131,0)))","v":"INSTALAÇÕES HIDROSSANITÁRIAS (AGUA FRIA)"},null,null,2,null,null,null,null,null,null,null,null,null,null,{"$f":"IF(AND($D131=\"Serviço\",AB$12<>0,$H131>0,OR(AUTOEVENTO<>\"manual\",$M131<>1)),\nIF(Import.TipoArredondamento<>\"TransfereGOV\",\nROUND(OFFSET($P131,0,AB$13),15-13*ORÇAMENTO!$AF$7)/$H131*OFFSET(ORÇAMENTO!$X$15,ROW(AB131)-ROW(AB$15),0),\nROUND(ROUND(OFFSET($P131,0,AB$13),15-13*ORÇAMENTO!$AF$7)*OFFSET(ORÇAMENTO!$W$15,ROW(AB131)-ROW(AB$15),0),15-13*ORÇAMENTO!$AF$11)),0)","v":13.7},{"$f":"IF(AND($D131=\"Serviço\",AC$12<>0,$H131>0,OR(AUTOEVENTO<>\"manual\",$M131<>1)),\nIF(Import.TipoArredondamento<>\"TransfereGOV\",\nROUND(OFFSET($P131,0,AC$13),15-13*ORÇAMENTO!$AF$7)/$H131*OFFSET(ORÇAMENTO!$X$15,ROW(AC131)-ROW(AC$15),0),\nROUND(ROUND(OFFSET($P131,0,AC$13),15-13*ORÇAMENTO!$AF$7)*OFFSET(ORÇAMENTO!$W$15,ROW(AC131)-ROW(AC$15),0),15-13*ORÇAMENTO!$AF$11)),0)","v":0},{"$f":"IF(AND($D131=\"Serviço\",AD$12<>0,$H131>0,OR(AUTOEVENTO<>\"manual\",$M131<>1)),\nIF(Import.TipoArredondamento<>\"TransfereGOV\",\nROUND(OFFSET($P131,0,AD$13),15-13*ORÇAMENTO!$AF$7)/$H131*OFFSET(ORÇAMENTO!$X$15,ROW(AD131)-ROW(AD$15),0),\nROUND(ROUND(OFFSET($P131,0,AD$13),15-13*ORÇAMENTO!$AF$7)*OFFSET(ORÇAMENTO!$W$15,ROW(AD131)-ROW(AD$15),0),15-13*ORÇAMENTO!$AF$11)),0)","v":0},{"$f":"IF(AND($D131=\"Serviço\",AE$12<>0,$H131>0,OR(AUTOEVENTO<>\"manual\",$M131<>1)),\nIF(Import.TipoArredondamento<>\"TransfereGOV\",\nROUND(OFFSET($P131,0,AE$13),15-13*ORÇAMENTO!$AF$7)/$H131*OFFSET(ORÇAMENTO!$X$15,ROW(AE131)-ROW(AE$15),0),\nROUND(ROUND(OFFSET($P131,0,AE$13),15-13*ORÇAMENTO!$AF$7)*OFFSET(ORÇAMENTO!$W$15,ROW(AE131)-ROW(AE$15),0),15-13*ORÇAMENTO!$AF$11)),0)","v":0},{"$f":"IF(AND($D131=\"Serviço\",AF$12<>0,$H131>0,OR(AUTOEVENTO<>\"manual\",$M131<>1)),\nIF(Import.TipoArredondamento<>\"TransfereGOV\",\nROUND(OFFSET($P131,0,AF$13),15-13*ORÇAMENTO!$AF$7)/$H131*OFFSET(ORÇAMENTO!$X$15,ROW(AF131)-ROW(AF$15),0),\nROUND(ROUND(OFFSET($P131,0,AF$13),15-13*ORÇAMENTO!$AF$7)*OFFSET(ORÇAMENTO!$W$15,ROW(AF131)-ROW(AF$15),0),15-13*ORÇAMENTO!$AF$11)),0)","v":0},{"$f":"IF(AND($D131=\"Serviço\",AG$12<>0,$H131>0,OR(AUTOEVENTO<>\"manual\",$M131<>1)),\nIF(Import.TipoArredondamento<>\"TransfereGOV\",\nROUND(OFFSET($P131,0,AG$13),15-13*ORÇAMENTO!$AF$7)/$H131*OFFSET(ORÇAMENTO!$X$15,ROW(AG131)-ROW(AG$15),0),\nROUND(ROUND(OFFSET($P131,0,AG$13),15-13*ORÇAMENTO!$AF$7)*OFFSET(ORÇAMENTO!$W$15,ROW(AG131)-ROW(AG$15),0),15-13*ORÇAMENTO!$AF$11)),0)","v":0},{"$f":"IF(AND($D131=\"Serviço\",AH$12<>0,$H131>0,OR(AUTOEVENTO<>\"manual\",$M131<>1)),\nIF(Import.TipoArredondamento<>\"TransfereGOV\",\nROUND(OFFSET($P131,0,AH$13),15-13*ORÇAMENTO!$AF$7)/$H131*OFFSET(ORÇAMENTO!$X$15,ROW(AH131)-ROW(AH$15),0),\nROUND(ROUND(OFFSET($P131,0,AH$13),15-13*ORÇAMENTO!$AF$7)*OFFSET(ORÇAMENTO!$W$15,ROW(AH131)-ROW(AH$15),0),15-13*ORÇAMENTO!$AF$11)),0)","v":0},{"$f":"IF(AND($D131=\"Serviço\",AI$12<>0,$H131>0,OR(AUTOEVENTO<>\"manual\",$M131<>1)),\nIF(Import.TipoArredondamento<>\"TransfereGOV\",\nROUND(OFFSET($P131,0,AI$13),15-13*ORÇAMENTO!$AF$7)/$H131*OFFSET(ORÇAMENTO!$X$15,ROW(AI131)-ROW(AI$15),0),\nROUND(ROUND(OFFSET($P131,0,AI$13),15-13*ORÇAMENTO!$AF$7)*OFFSET(ORÇAMENTO!$W$15,ROW(AI131)-ROW(AI$15),0),15-13*ORÇAMENTO!$AF$11)),0)","v":0},{"$f":"IF(AND($D131=\"Serviço\",AJ$12<>0,$H131>0,OR(AUTOEVENTO<>\"manual\",$M131<>1)),\nIF(Import.TipoArredondamento<>\"TransfereGOV\",\nROUND(OFFSET($P131,0,AJ$13),15-13*ORÇAMENTO!$AF$7)/$H131*OFFSET(ORÇAMENTO!$X$15,ROW(AJ131)-ROW(AJ$15),0),\nROUND(ROUND(OFFSET($P131,0,AJ$13),15-13*ORÇAMENTO!$AF$7)*OFFSET(ORÇAMENTO!$W$15,ROW(AJ131)-ROW(AJ$15),0),15-13*ORÇAMENTO!$AF$11)),0)","v":0},{"$f":"IF(AND($D131=\"Serviço\",AK$12<>0,$H131>0,OR(AUTOEVENTO<>\"manual\",$M131<>1)),\nIF(Import.TipoArredondamento<>\"TransfereGOV\",\nROUND(OFFSET($P131,0,AK$13),15-13*ORÇAMENTO!$AF$7)/$H131*OFFSET(ORÇAMENTO!$X$15,ROW(AK131)-ROW(AK$15),0),\nROUND(ROUND(OFFSET($P131,0,AK$13),15-13*ORÇAMENTO!$AF$7)*OFFSET(ORÇAMENTO!$W$15,ROW(AK131)-ROW(AK$15),0),15-13*ORÇAMENTO!$AF$11)),0)","v":0},null,{"$f":"IF($D131<>\"Serviço\",0,IF(AND(AUTOEVENTO=\"Manual\",$M131=1),0,IF(OFFSET(CRONOPLE!$F$14,$M131,AM$13)=\"\",10^12,OFFSET(CRONOPLE!$F$14,$M131,AM$13))))","v":1000000000000},{"$f":"IF($D131<>\"Serviço\",0,IF(AND(AUTOEVENTO=\"Manual\",$M131=1),0,IF(OFFSET(CRONOPLE!$F$14,$M131,AN$13)=\"\",10^12,OFFSET(CRONOPLE!$F$14,$M131,AN$13))))","v":1000000000000},{"$f":"IF($D131<>\"Serviço\",0,IF(AND(AUTOEVENTO=\"Manual\",$M131=1),0,IF(OFFSET(CRONOPLE!$F$14,$M131,AO$13)=\"\",10^12,OFFSET(CRONOPLE!$F$14,$M131,AO$13))))","v":1000000000000},{"$f":"IF($D131<>\"Serviço\",0,IF(AND(AUTOEVENTO=\"Manual\",$M131=1),0,IF(OFFSET(CRONOPLE!$F$14,$M131,AP$13)=\"\",10^12,OFFSET(CRONOPLE!$F$14,$M131,AP$13))))","v":1000000000000},{"$f":"IF($D131<>\"Serviço\",0,IF(AND(AUTOEVENTO=\"Manual\",$M131=1),0,IF(OFFSET(CRONOPLE!$F$14,$M131,AQ$13)=\"\",10^12,OFFSET(CRONOPLE!$F$14,$M131,AQ$13))))","v":1000000000000},{"$f":"IF($D131<>\"Serviço\",0,IF(AND(AUTOEVENTO=\"Manual\",$M131=1),0,IF(OFFSET(CRONOPLE!$F$14,$M131,AR$13)=\"\",10^12,OFFSET(CRONOPLE!$F$14,$M131,AR$13))))","v":1000000000000},{"$f":"IF($D131<>\"Serviço\",0,IF(AND(AUTOEVENTO=\"Manual\",$M131=1),0,IF(OFFSET(CRONOPLE!$F$14,$M131,AS$13)=\"\",10^12,OFFSET(CRONOPLE!$F$14,$M131,AS$13))))","v":1000000000000},{"$f":"IF($D131<>\"Serviço\",0,IF(AND(AUTOEVENTO=\"Manual\",$M131=1),0,IF(OFFSET(CRONOPLE!$F$14,$M131,AT$13)=\"\",10^12,OFFSET(CRONOPLE!$F$14,$M131,AT$13))))","v":1000000000000},{"$f":"IF($D131<>\"Serviço\",0,IF(AND(AUTOEVENTO=\"Manual\",$M131=1),0,IF(OFFSET(CRONOPLE!$F$14,$M131,AU$13)=\"\",10^12,OFFSET(CRONOPLE!$F$14,$M131,AU$13))))","v":1000000000000},{"$f":"IF($D131<>\"Serviço\",0,IF(AND(AUTOEVENTO=\"Manual\",$M131=1),0,IF(OFFSET(CRONOPLE!$F$14,$M131,AV$13)=\"\",10^12,OFFSET(CRONOPLE!$F$14,$M131,AV$13))))","v":1000000000000},null,{"$f":"IF($D131<>\"Serviço\",0,IF(OR(AND(AUTOEVENTO=\"Manual\",$M131=1),$M131>(ROW(PLE.lastrow)-ROW(PLE.firstrow))),0,IF(OFFSET(PLE!$G$14,$M131,AX$13)=\"\",10^12,OFFSET(PLE!$G$14,$M131,AX$13))))","v":1000000000000},{"$f":"IF($D131<>\"Serviço\",0,IF(OR(AND(AUTOEVENTO=\"Manual\",$M131=1),$M131>(ROW(PLE.lastrow)-ROW(PLE.firstrow))),0,IF(OFFSET(PLE!$G$14,$M131,AY$13)=\"\",10^12,OFFSET(PLE!$G$14,$M131,AY$13))))","v":1000000000000},{"$f":"IF($D131<>\"Serviço\",0,IF(OR(AND(AUTOEVENTO=\"Manual\",$M131=1),$M131>(ROW(PLE.lastrow)-ROW(PLE.firstrow))),0,IF(OFFSET(PLE!$G$14,$M131,AZ$13)=\"\",10^12,OFFSET(PLE!$G$14,$M131,AZ$13))))","v":1000000000000},{"$f":"IF($D131<>\"Serviço\",0,IF(OR(AND(AUTOEVENTO=\"Manual\",$M131=1),$M131>(ROW(PLE.lastrow)-ROW(PLE.firstrow))),0,IF(OFFSET(PLE!$G$14,$M131,BA$13)=\"\",10^12,OFFSET(PLE!$G$14,$M131,BA$13))))","v":1000000000000},{"$f":"IF($D131<>\"Serviço\",0,IF(OR(AND(AUTOEVENTO=\"Manual\",$M131=1),$M131>(ROW(PLE.lastrow)-ROW(PLE.firstrow))),0,IF(OFFSET(PLE!$G$14,$M131,BB$13)=\"\",10^12,OFFSET(PLE!$G$14,$M131,BB$13))))","v":1000000000000},{"$f":"IF($D131<>\"Serviço\",0,IF(OR(AND(AUTOEVENTO=\"Manual\",$M131=1),$M131>(ROW(PLE.lastrow)-ROW(PLE.firstrow))),0,IF(OFFSET(PLE!$G$14,$M131,BC$13)=\"\",10^12,OFFSET(PLE!$G$14,$M131,BC$13))))","v":1000000000000},{"$f":"IF($D131<>\"Serviço\",0,IF(OR(AND(AUTOEVENTO=\"Manual\",$M131=1),$M131>(ROW(PLE.lastrow)-ROW(PLE.firstrow))),0,IF(OFFSET(PLE!$G$14,$M131,BD$13)=\"\",10^12,OFFSET(PLE!$G$14,$M131,BD$13))))","v":1000000000000},{"$f":"IF($D131<>\"Serviço\",0,IF(OR(AND(AUTOEVENTO=\"Manual\",$M131=1),$M131>(ROW(PLE.lastrow)-ROW(PLE.firstrow))),0,IF(OFFSET(PLE!$G$14,$M131,BE$13)=\"\",10^12,OFFSET(PLE!$G$14,$M131,BE$13))))","v":1000000000000},{"$f":"IF($D131<>\"Serviço\",0,IF(OR(AND(AUTOEVENTO=\"Manual\",$M131=1),$M131>(ROW(PLE.lastrow)-ROW(PLE.firstrow))),0,IF(OFFSET(PLE!$G$14,$M131,BF$13)=\"\",10^12,OFFSET(PLE!$G$14,$M131,BF$13))))","v":1000000000000},{"$f":"IF($D131<>\"Serviço\",0,IF(OR(AND(AUTOEVENTO=\"Manual\",$M131=1),$M131>(ROW(PLE.lastrow)-ROW(PLE.firstrow))),0,IF(OFFSET(PLE!$G$14,$M131,BG$13)=\"\",10^12,OFFSET(PLE!$G$14,$M131,BG$13))))","v":1000000000000}]
["111",{"$f":"OFFSET(ORÇAMENTO!C$15,ROW(B132)-ROW(B$15),0)","v":"S"},{"$f":"OFFSET(ORÇAMENTO!L$15,ROW(C132)-ROW(C$15),0)","v":"F"},{"$f":"OFFSET(ORÇAMENTO!N$15,ROW(D132)-ROW(D$15),0)","v":"Serviço"},{"$f":"OFFSET(ORÇAMENTO!O$15,ROW(E132)-ROW(E$15),0)","v":"1.13.0.6."},{"$f":"OFFSET(ORÇAMENTO!R$15,ROW(F132)-ROW(F$15),0)","v":"TÊ, PVC, SOLDÁVEL, DN  25 MM INSTALADO EM RESERVAÇÃO PREDIAL DE ÁGUA - FORNECIMENTO E INSTALAÇÃO. AF_04/2024"},{"$f":"IF($D132<>\"Serviço\",\"\",OFFSET(ORÇAMENTO!S$15,ROW(G132)-ROW(G$15),0))","v":"UN"},{"$f":"IF($D132<>\"Serviço\",0,IF(ACOMPANHAMENTO=\"BM\",ROUND(OFFSET(ORÇAMENTO!AJ$15,ROW(H132)-ROW(H$15),0),15-13*ORÇAMENTO!$AF$7),SUMPRODUCT(($Q$12:$AA$12<>\"\")*ROUND($Q132:$AA132,15-13*ORÇAMENTO!$AF$7))))","v":17},null,null,null,".",{"$f":"IF($D132<>\"Serviço\",\"\",IF(AUTOEVENTO=\"manual\",$A132,IF(ISERROR(MATCH($A132,$A$15:OFFSET($A132,-1,0),0)),MAX($M$15:OFFSET(M132,-1,0))+1,INDEX($M$15:OFFSET(M132,-1,0),MATCH($A132,$A$15:OFFSET($A132,-1,0),0)))))","v":14},{"$f":"IF($D132<>\"Serviço\",\"\",IF(AUTOEVENTO=\"Manual\",IF($A132=0,\"<-- defina o número do agrupador\",OFFSET(EVENTOS!$D$14,$A132,0)),OFFSET($F$15,$A132,0)))","v":"INSTALAÇÕES HIDROSSANITÁRIAS (AGUA FRIA)"},null,null,{"$f":"2+6+3+1+3+1+1","v":17},null,null,null,null,null,null,null,null,null,null,{"$f":"IF(AND($D132=\"Serviço\",AB$12<>0,$H132>0,OR(AUTOEVENTO<>\"manual\",$M132<>1)),\nIF(Import.TipoArredondamento<>\"TransfereGOV\",\nROUND(OFFSET($P132,0,AB$13),15-13*ORÇAMENTO!$AF$7)/$H132*OFFSET(ORÇAMENTO!$X$15,ROW(AB132)-ROW(AB$15),0),\nROUND(ROUND(OFFSET($P132,0,AB$13),15-13*ORÇAMENTO!$AF$7)*OFFSET(ORÇAMENTO!$W$15,ROW(AB132)-ROW(AB$15),0),15-13*ORÇAMENTO!$AF$11)),0)","v":141.61000000000001},{"$f":"IF(AND($D132=\"Serviço\",AC$12<>0,$H132>0,OR(AUTOEVENTO<>\"manual\",$M132<>1)),\nIF(Import.TipoArredondamento<>\"TransfereGOV\",\nROUND(OFFSET($P132,0,AC$13),15-13*ORÇAMENTO!$AF$7)/$H132*OFFSET(ORÇAMENTO!$X$15,ROW(AC132)-ROW(AC$15),0),\nROUND(ROUND(OFFSET($P132,0,AC$13),15-13*ORÇAMENTO!$AF$7)*OFFSET(ORÇAMENTO!$W$15,ROW(AC132)-ROW(AC$15),0),15-13*ORÇAMENTO!$AF$11)),0)","v":0},{"$f":"IF(AND($D132=\"Serviço\",AD$12<>0,$H132>0,OR(AUTOEVENTO<>\"manual\",$M132<>1)),\nIF(Import.TipoArredondamento<>\"TransfereGOV\",\nROUND(OFFSET($P132,0,AD$13),15-13*ORÇAMENTO!$AF$7)/$H132*OFFSET(ORÇAMENTO!$X$15,ROW(AD132)-ROW(AD$15),0),\nROUND(ROUND(OFFSET($P132,0,AD$13),15-13*ORÇAMENTO!$AF$7)*OFFSET(ORÇAMENTO!$W$15,ROW(AD132)-ROW(AD$15),0),15-13*ORÇAMENTO!$AF$11)),0)","v":0},{"$f":"IF(AND($D132=\"Serviço\",AE$12<>0,$H132>0,OR(AUTOEVENTO<>\"manual\",$M132<>1)),\nIF(Import.TipoArredondamento<>\"TransfereGOV\",\nROUND(OFFSET($P132,0,AE$13),15-13*ORÇAMENTO!$AF$7)/$H132*OFFSET(ORÇAMENTO!$X$15,ROW(AE132)-ROW(AE$15),0),\nROUND(ROUND(OFFSET($P132,0,AE$13),15-13*ORÇAMENTO!$AF$7)*OFFSET(ORÇAMENTO!$W$15,ROW(AE132)-ROW(AE$15),0),15-13*ORÇAMENTO!$AF$11)),0)","v":0},{"$f":"IF(AND($D132=\"Serviço\",AF$12<>0,$H132>0,OR(AUTOEVENTO<>\"manual\",$M132<>1)),\nIF(Import.TipoArredondamento<>\"TransfereGOV\",\nROUND(OFFSET($P132,0,AF$13),15-13*ORÇAMENTO!$AF$7)/$H132*OFFSET(ORÇAMENTO!$X$15,ROW(AF132)-ROW(AF$15),0),\nROUND(ROUND(OFFSET($P132,0,AF$13),15-13*ORÇAMENTO!$AF$7)*OFFSET(ORÇAMENTO!$W$15,ROW(AF132)-ROW(AF$15),0),15-13*ORÇAMENTO!$AF$11)),0)","v":0},{"$f":"IF(AND($D132=\"Serviço\",AG$12<>0,$H132>0,OR(AUTOEVENTO<>\"manual\",$M132<>1)),\nIF(Import.TipoArredondamento<>\"TransfereGOV\",\nROUND(OFFSET($P132,0,AG$13),15-13*ORÇAMENTO!$AF$7)/$H132*OFFSET(ORÇAMENTO!$X$15,ROW(AG132)-ROW(AG$15),0),\nROUND(ROUND(OFFSET($P132,0,AG$13),15-13*ORÇAMENTO!$AF$7)*OFFSET(ORÇAMENTO!$W$15,ROW(AG132)-ROW(AG$15),0),15-13*ORÇAMENTO!$AF$11)),0)","v":0},{"$f":"IF(AND($D132=\"Serviço\",AH$12<>0,$H132>0,OR(AUTOEVENTO<>\"manual\",$M132<>1)),\nIF(Import.TipoArredondamento<>\"TransfereGOV\",\nROUND(OFFSET($P132,0,AH$13),15-13*ORÇAMENTO!$AF$7)/$H132*OFFSET(ORÇAMENTO!$X$15,ROW(AH132)-ROW(AH$15),0),\nROUND(ROUND(OFFSET($P132,0,AH$13),15-13*ORÇAMENTO!$AF$7)*OFFSET(ORÇAMENTO!$W$15,ROW(AH132)-ROW(AH$15),0),15-13*ORÇAMENTO!$AF$11)),0)","v":0},{"$f":"IF(AND($D132=\"Serviço\",AI$12<>0,$H132>0,OR(AUTOEVENTO<>\"manual\",$M132<>1)),\nIF(Import.TipoArredondamento<>\"TransfereGOV\",\nROUND(OFFSET($P132,0,AI$13),15-13*ORÇAMENTO!$AF$7)/$H132*OFFSET(ORÇAMENTO!$X$15,ROW(AI132)-ROW(AI$15),0),\nROUND(ROUND(OFFSET($P132,0,AI$13),15-13*ORÇAMENTO!$AF$7)*OFFSET(ORÇAMENTO!$W$15,ROW(AI132)-ROW(AI$15),0),15-13*ORÇAMENTO!$AF$11)),0)","v":0},{"$f":"IF(AND($D132=\"Serviço\",AJ$12<>0,$H132>0,OR(AUTOEVENTO<>\"manual\",$M132<>1)),\nIF(Import.TipoArredondamento<>\"TransfereGOV\",\nROUND(OFFSET($P132,0,AJ$13),15-13*ORÇAMENTO!$AF$7)/$H132*OFFSET(ORÇAMENTO!$X$15,ROW(AJ132)-ROW(AJ$15),0),\nROUND(ROUND(OFFSET($P132,0,AJ$13),15-13*ORÇAMENTO!$AF$7)*OFFSET(ORÇAMENTO!$W$15,ROW(AJ132)-ROW(AJ$15),0),15-13*ORÇAMENTO!$AF$11)),0)","v":0},{"$f":"IF(AND($D132=\"Serviço\",AK$12<>0,$H132>0,OR(AUTOEVENTO<>\"manual\",$M132<>1)),\nIF(Import.TipoArredondamento<>\"TransfereGOV\",\nROUND(OFFSET($P132,0,AK$13),15-13*ORÇAMENTO!$AF$7)/$H132*OFFSET(ORÇAMENTO!$X$15,ROW(AK132)-ROW(AK$15),0),\nROUND(ROUND(OFFSET($P132,0,AK$13),15-13*ORÇAMENTO!$AF$7)*OFFSET(ORÇAMENTO!$W$15,ROW(AK132)-ROW(AK$15),0),15-13*ORÇAMENTO!$AF$11)),0)","v":0},null,{"$f":"IF($D132<>\"Serviço\",0,IF(AND(AUTOEVENTO=\"Manual\",$M132=1),0,IF(OFFSET(CRONOPLE!$F$14,$M132,AM$13)=\"\",10^12,OFFSET(CRONOPLE!$F$14,$M132,AM$13))))","v":1000000000000},{"$f":"IF($D132<>\"Serviço\",0,IF(AND(AUTOEVENTO=\"Manual\",$M132=1),0,IF(OFFSET(CRONOPLE!$F$14,$M132,AN$13)=\"\",10^12,OFFSET(CRONOPLE!$F$14,$M132,AN$13))))","v":1000000000000},{"$f":"IF($D132<>\"Serviço\",0,IF(AND(AUTOEVENTO=\"Manual\",$M132=1),0,IF(OFFSET(CRONOPLE!$F$14,$M132,AO$13)=\"\",10^12,OFFSET(CRONOPLE!$F$14,$M132,AO$13))))","v":1000000000000},{"$f":"IF($D132<>\"Serviço\",0,IF(AND(AUTOEVENTO=\"Manual\",$M132=1),0,IF(OFFSET(CRONOPLE!$F$14,$M132,AP$13)=\"\",10^12,OFFSET(CRONOPLE!$F$14,$M132,AP$13))))","v":1000000000000},{"$f":"IF($D132<>\"Serviço\",0,IF(AND(AUTOEVENTO=\"Manual\",$M132=1),0,IF(OFFSET(CRONOPLE!$F$14,$M132,AQ$13)=\"\",10^12,OFFSET(CRONOPLE!$F$14,$M132,AQ$13))))","v":1000000000000},{"$f":"IF($D132<>\"Serviço\",0,IF(AND(AUTOEVENTO=\"Manual\",$M132=1),0,IF(OFFSET(CRONOPLE!$F$14,$M132,AR$13)=\"\",10^12,OFFSET(CRONOPLE!$F$14,$M132,AR$13))))","v":1000000000000},{"$f":"IF($D132<>\"Serviço\",0,IF(AND(AUTOEVENTO=\"Manual\",$M132=1),0,IF(OFFSET(CRONOPLE!$F$14,$M132,AS$13)=\"\",10^12,OFFSET(CRONOPLE!$F$14,$M132,AS$13))))","v":1000000000000},{"$f":"IF($D132<>\"Serviço\",0,IF(AND(AUTOEVENTO=\"Manual\",$M132=1),0,IF(OFFSET(CRONOPLE!$F$14,$M132,AT$13)=\"\",10^12,OFFSET(CRONOPLE!$F$14,$M132,AT$13))))","v":1000000000000},{"$f":"IF($D132<>\"Serviço\",0,IF(AND(AUTOEVENTO=\"Manual\",$M132=1),0,IF(OFFSET(CRONOPLE!$F$14,$M132,AU$13)=\"\",10^12,OFFSET(CRONOPLE!$F$14,$M132,AU$13))))","v":1000000000000},{"$f":"IF($D132<>\"Serviço\",0,IF(AND(AUTOEVENTO=\"Manual\",$M132=1),0,IF(OFFSET(CRONOPLE!$F$14,$M132,AV$13)=\"\",10^12,OFFSET(CRONOPLE!$F$14,$M132,AV$13))))","v":1000000000000},null,{"$f":"IF($D132<>\"Serviço\",0,IF(OR(AND(AUTOEVENTO=\"Manual\",$M132=1),$M132>(ROW(PLE.lastrow)-ROW(PLE.firstrow))),0,IF(OFFSET(PLE!$G$14,$M132,AX$13)=\"\",10^12,OFFSET(PLE!$G$14,$M132,AX$13))))","v":1000000000000},{"$f":"IF($D132<>\"Serviço\",0,IF(OR(AND(AUTOEVENTO=\"Manual\",$M132=1),$M132>(ROW(PLE.lastrow)-ROW(PLE.firstrow))),0,IF(OFFSET(PLE!$G$14,$M132,AY$13)=\"\",10^12,OFFSET(PLE!$G$14,$M132,AY$13))))","v":1000000000000},{"$f":"IF($D132<>\"Serviço\",0,IF(OR(AND(AUTOEVENTO=\"Manual\",$M132=1),$M132>(ROW(PLE.lastrow)-ROW(PLE.firstrow))),0,IF(OFFSET(PLE!$G$14,$M132,AZ$13)=\"\",10^12,OFFSET(PLE!$G$14,$M132,AZ$13))))","v":1000000000000},{"$f":"IF($D132<>\"Serviço\",0,IF(OR(AND(AUTOEVENTO=\"Manual\",$M132=1),$M132>(ROW(PLE.lastrow)-ROW(PLE.firstrow))),0,IF(OFFSET(PLE!$G$14,$M132,BA$13)=\"\",10^12,OFFSET(PLE!$G$14,$M132,BA$13))))","v":1000000000000},{"$f":"IF($D132<>\"Serviço\",0,IF(OR(AND(AUTOEVENTO=\"Manual\",$M132=1),$M132>(ROW(PLE.lastrow)-ROW(PLE.firstrow))),0,IF(OFFSET(PLE!$G$14,$M132,BB$13)=\"\",10^12,OFFSET(PLE!$G$14,$M132,BB$13))))","v":1000000000000},{"$f":"IF($D132<>\"Serviço\",0,IF(OR(AND(AUTOEVENTO=\"Manual\",$M132=1),$M132>(ROW(PLE.lastrow)-ROW(PLE.firstrow))),0,IF(OFFSET(PLE!$G$14,$M132,BC$13)=\"\",10^12,OFFSET(PLE!$G$14,$M132,BC$13))))","v":1000000000000},{"$f":"IF($D132<>\"Serviço\",0,IF(OR(AND(AUTOEVENTO=\"Manual\",$M132=1),$M132>(ROW(PLE.lastrow)-ROW(PLE.firstrow))),0,IF(OFFSET(PLE!$G$14,$M132,BD$13)=\"\",10^12,OFFSET(PLE!$G$14,$M132,BD$13))))","v":1000000000000},{"$f":"IF($D132<>\"Serviço\",0,IF(OR(AND(AUTOEVENTO=\"Manual\",$M132=1),$M132>(ROW(PLE.lastrow)-ROW(PLE.firstrow))),0,IF(OFFSET(PLE!$G$14,$M132,BE$13)=\"\",10^12,OFFSET(PLE!$G$14,$M132,BE$13))))","v":1000000000000},{"$f":"IF($D132<>\"Serviço\",0,IF(OR(AND(AUTOEVENTO=\"Manual\",$M132=1),$M132>(ROW(PLE.lastrow)-ROW(PLE.firstrow))),0,IF(OFFSET(PLE!$G$14,$M132,BF$13)=\"\",10^12,OFFSET(PLE!$G$14,$M132,BF$13))))","v":1000000000000},{"$f":"IF($D132<>\"Serviço\",0,IF(OR(AND(AUTOEVENTO=\"Manual\",$M132=1),$M132>(ROW(PLE.lastrow)-ROW(PLE.firstrow))),0,IF(OFFSET(PLE!$G$14,$M132,BG$13)=\"\",10^12,OFFSET(PLE!$G$14,$M132,BG$13))))","v":1000000000000}]
[{"$f":"IF(AUTOEVENTO=\"Manual\",IF(K133<>\"\",MIN(VALUE(LEFT(K133,FIND(\".\",K133)-1)),COUNTA(EVENTOS.Lista)),0),IF(OR($B133>AUTOEVENTO,$B133=\"S\",$B133=0),SUBSTITUTE(OFFSET($A133,-1,0),IF($D133=\"Serviço\",\".\",\"\"),\"\"),ROW(A133)-ROW($A$15)&\".\"))","v":"111"},{"$f":"OFFSET(ORÇAMENTO!C$15,ROW(B133)-ROW(B$15),0)","v":"S"},{"$f":"OFFSET(ORÇAMENTO!L$15,ROW(C133)-ROW(C$15),0)","v":"F"},{"$f":"OFFSET(ORÇAMENTO!N$15,ROW(D133)-ROW(D$15),0)","v":"Serviço"},{"$f":"OFFSET(ORÇAMENTO!O$15,ROW(E133)-ROW(E$15),0)","v":"1.13.0.7."},{"$f":"OFFSET(ORÇAMENTO!R$15,ROW(F133)-ROW(F$15),0)","v":"TÊ COM BUCHA DE LATÃO NA BOLSA CENTRAL, PVC, SOLDÁVEL, DN 25MM X 3/4 , INSTALADO EM RAMAL OU SUB-RAMAL DE ÁGUA - FORNECIMENTO E INSTALAÇÃO. AF_06/2022"},{"$f":"IF($D133<>\"Serviço\",\"\",OFFSET(ORÇAMENTO!S$15,ROW(G133)-ROW(G$15),0))","v":"UN"},{"$f":"IF($D133<>\"Serviço\",0,IF(ACOMPANHAMENTO=\"BM\",ROUND(OFFSET(ORÇAMENTO!AJ$15,ROW(H133)-ROW(H$15),0),15-13*ORÇAMENTO!$AF$7),SUMPRODUCT(($Q$12:$AA$12<>\"\")*ROUND($Q133:$AA133,15-13*ORÇAMENTO!$AF$7))))","v":8},null,null,null,".",{"$f":"IF($D133<>\"Serviço\",\"\",IF(AUTOEVENTO=\"manual\",$A133,IF(ISERROR(MATCH($A133,$A$15:OFFSET($A133,-1,0),0)),MAX($M$15:OFFSET(M133,-1,0))+1,INDEX($M$15:OFFSET(M133,-1,0),MATCH($A133,$A$15:OFFSET($A133,-1,0),0)))))","v":14},{"$f":"IF($D133<>\"Serviço\",\"\",IF(AUTOEVENTO=\"Manual\",IF($A133=0,\"<-- defina o número do agrupador\",OFFSET(EVENTOS!$D$14,$A133,0)),OFFSET($F$15,$A133,0)))","v":"INSTALAÇÕES HIDROSSANITÁRIAS (AGUA FRIA)"},null,null,{"$f":"1+1+2+1+1+1+1","v":8},null,null,null,null,null,null,null,null,null,null,{"$f":"IF(AND($D133=\"Serviço\",AB$12<>0,$H133>0,OR(AUTOEVENTO<>\"manual\",$M133<>1)),\nIF(Import.TipoArredondamento<>\"TransfereGOV\",\nROUND(OFFSET($P133,0,AB$13),15-13*ORÇAMENTO!$AF$7)/$H133*OFFSET(ORÇAMENTO!$X$15,ROW(AB133)-ROW(AB$15),0),\nROUND(ROUND(OFFSET($P133,0,AB$13),15-13*ORÇAMENTO!$AF$7)*OFFSET(ORÇAMENTO!$W$15,ROW(AB133)-ROW(AB$15),0),15-13*ORÇAMENTO!$AF$11)),0)","v":221.84},{"$f":"IF(AND($D133=\"Serviço\",AC$12<>0,$H133>0,OR(AUTOEVENTO<>\"manual\",$M133<>1)),\nIF(Import.TipoArredondamento<>\"TransfereGOV\",\nROUND(OFFSET($P133,0,AC$13),15-13*ORÇAMENTO!$AF$7)/$H133*OFFSET(ORÇAMENTO!$X$15,ROW(AC133)-ROW(AC$15),0),\nROUND(ROUND(OFFSET($P133,0,AC$13),15-13*ORÇAMENTO!$AF$7)*OFFSET(ORÇAMENTO!$W$15,ROW(AC133)-ROW(AC$15),0),15-13*ORÇAMENTO!$AF$11)),0)","v":0},{"$f":"IF(AND($D133=\"Serviço\",AD$12<>0,$H133>0,OR(AUTOEVENTO<>\"manual\",$M133<>1)),\nIF(Import.TipoArredondamento<>\"TransfereGOV\",\nROUND(OFFSET($P133,0,AD$13),15-13*ORÇAMENTO!$AF$7)/$H133*OFFSET(ORÇAMENTO!$X$15,ROW(AD133)-ROW(AD$15),0),\nROUND(ROUND(OFFSET($P133,0,AD$13),15-13*ORÇAMENTO!$AF$7)*OFFSET(ORÇAMENTO!$W$15,ROW(AD133)-ROW(AD$15),0),15-13*ORÇAMENTO!$AF$11)),0)","v":0},{"$f":"IF(AND($D133=\"Serviço\",AE$12<>0,$H133>0,OR(AUTOEVENTO<>\"manual\",$M133<>1)),\nIF(Import.TipoArredondamento<>\"TransfereGOV\",\nROUND(OFFSET($P133,0,AE$13),15-13*ORÇAMENTO!$AF$7)/$H133*OFFSET(ORÇAMENTO!$X$15,ROW(AE133)-ROW(AE$15),0),\nROUND(ROUND(OFFSET($P133,0,AE$13),15-13*ORÇAMENTO!$AF$7)*OFFSET(ORÇAMENTO!$W$15,ROW(AE133)-ROW(AE$15),0),15-13*ORÇAMENTO!$AF$11)),0)","v":0},{"$f":"IF(AND($D133=\"Serviço\",AF$12<>0,$H133>0,OR(AUTOEVENTO<>\"manual\",$M133<>1)),\nIF(Import.TipoArredondamento<>\"TransfereGOV\",\nROUND(OFFSET($P133,0,AF$13),15-13*ORÇAMENTO!$AF$7)/$H133*OFFSET(ORÇAMENTO!$X$15,ROW(AF133)-ROW(AF$15),0),\nROUND(ROUND(OFFSET($P133,0,AF$13),15-13*ORÇAMENTO!$AF$7)*OFFSET(ORÇAMENTO!$W$15,ROW(AF133)-ROW(AF$15),0),15-13*ORÇAMENTO!$AF$11)),0)","v":0},{"$f":"IF(AND($D133=\"Serviço\",AG$12<>0,$H133>0,OR(AUTOEVENTO<>\"manual\",$M133<>1)),\nIF(Import.TipoArredondamento<>\"TransfereGOV\",\nROUND(OFFSET($P133,0,AG$13),15-13*ORÇAMENTO!$AF$7)/$H133*OFFSET(ORÇAMENTO!$X$15,ROW(AG133)-ROW(AG$15),0),\nROUND(ROUND(OFFSET($P133,0,AG$13),15-13*ORÇAMENTO!$AF$7)*OFFSET(ORÇAMENTO!$W$15,ROW(AG133)-ROW(AG$15),0),15-13*ORÇAMENTO!$AF$11)),0)","v":0},{"$f":"IF(AND($D133=\"Serviço\",AH$12<>0,$H133>0,OR(AUTOEVENTO<>\"manual\",$M133<>1)),\nIF(Import.TipoArredondamento<>\"TransfereGOV\",\nROUND(OFFSET($P133,0,AH$13),15-13*ORÇAMENTO!$AF$7)/$H133*OFFSET(ORÇAMENTO!$X$15,ROW(AH133)-ROW(AH$15),0),\nROUND(ROUND(OFFSET($P133,0,AH$13),15-13*ORÇAMENTO!$AF$7)*OFFSET(ORÇAMENTO!$W$15,ROW(AH133)-ROW(AH$15),0),15-13*ORÇAMENTO!$AF$11)),0)","v":0},{"$f":"IF(AND($D133=\"Serviço\",AI$12<>0,$H133>0,OR(AUTOEVENTO<>\"manual\",$M133<>1)),\nIF(Import.TipoArredondamento<>\"TransfereGOV\",\nROUND(OFFSET($P133,0,AI$13),15-13*ORÇAMENTO!$AF$7)/$H133*OFFSET(ORÇAMENTO!$X$15,ROW(AI133)-ROW(AI$15),0),\nROUND(ROUND(OFFSET($P133,0,AI$13),15-13*ORÇAMENTO!$AF$7)*OFFSET(ORÇAMENTO!$W$15,ROW(AI133)-ROW(AI$15),0),15-13*ORÇAMENTO!$AF$11)),0)","v":0},{"$f":"IF(AND($D133=\"Serviço\",AJ$12<>0,$H133>0,OR(AUTOEVENTO<>\"manual\",$M133<>1)),\nIF(Import.TipoArredondamento<>\"TransfereGOV\",\nROUND(OFFSET($P133,0,AJ$13),15-13*ORÇAMENTO!$AF$7)/$H133*OFFSET(ORÇAMENTO!$X$15,ROW(AJ133)-ROW(AJ$15),0),\nROUND(ROUND(OFFSET($P133,0,AJ$13),15-13*ORÇAMENTO!$AF$7)*OFFSET(ORÇAMENTO!$W$15,ROW(AJ133)-ROW(AJ$15),0),15-13*ORÇAMENTO!$AF$11)),0)","v":0},{"$f":"IF(AND($D133=\"Serviço\",AK$12<>0,$H133>0,OR(AUTOEVENTO<>\"manual\",$M133<>1)),\nIF(Import.TipoArredondamento<>\"TransfereGOV\",\nROUND(OFFSET($P133,0,AK$13),15-13*ORÇAMENTO!$AF$7)/$H133*OFFSET(ORÇAMENTO!$X$15,ROW(AK133)-ROW(AK$15),0),\nROUND(ROUND(OFFSET($P133,0,AK$13),15-13*ORÇAMENTO!$AF$7)*OFFSET(ORÇAMENTO!$W$15,ROW(AK133)-ROW(AK$15),0),15-13*ORÇAMENTO!$AF$11)),0)","v":0},null,{"$f":"IF($D133<>\"Serviço\",0,IF(AND(AUTOEVENTO=\"Manual\",$M133=1),0,IF(OFFSET(CRONOPLE!$F$14,$M133,AM$13)=\"\",10^12,OFFSET(CRONOPLE!$F$14,$M133,AM$13))))","v":1000000000000},{"$f":"IF($D133<>\"Serviço\",0,IF(AND(AUTOEVENTO=\"Manual\",$M133=1),0,IF(OFFSET(CRONOPLE!$F$14,$M133,AN$13)=\"\",10^12,OFFSET(CRONOPLE!$F$14,$M133,AN$13))))","v":1000000000000},{"$f":"IF($D133<>\"Serviço\",0,IF(AND(AUTOEVENTO=\"Manual\",$M133=1),0,IF(OFFSET(CRONOPLE!$F$14,$M133,AO$13)=\"\",10^12,OFFSET(CRONOPLE!$F$14,$M133,AO$13))))","v":1000000000000},{"$f":"IF($D133<>\"Serviço\",0,IF(AND(AUTOEVENTO=\"Manual\",$M133=1),0,IF(OFFSET(CRONOPLE!$F$14,$M133,AP$13)=\"\",10^12,OFFSET(CRONOPLE!$F$14,$M133,AP$13))))","v":1000000000000},{"$f":"IF($D133<>\"Serviço\",0,IF(AND(AUTOEVENTO=\"Manual\",$M133=1),0,IF(OFFSET(CRONOPLE!$F$14,$M133,AQ$13)=\"\",10^12,OFFSET(CRONOPLE!$F$14,$M133,AQ$13))))","v":1000000000000},{"$f":"IF($D133<>\"Serviço\",0,IF(AND(AUTOEVENTO=\"Manual\",$M133=1),0,IF(OFFSET(CRONOPLE!$F$14,$M133,AR$13)=\"\",10^12,OFFSET(CRONOPLE!$F$14,$M133,AR$13))))","v":1000000000000},{"$f":"IF($D133<>\"Serviço\",0,IF(AND(AUTOEVENTO=\"Manual\",$M133=1),0,IF(OFFSET(CRONOPLE!$F$14,$M133,AS$13)=\"\",10^12,OFFSET(CRONOPLE!$F$14,$M133,AS$13))))","v":1000000000000},{"$f":"IF($D133<>\"Serviço\",0,IF(AND(AUTOEVENTO=\"Manual\",$M133=1),0,IF(OFFSET(CRONOPLE!$F$14,$M133,AT$13)=\"\",10^12,OFFSET(CRONOPLE!$F$14,$M133,AT$13))))","v":1000000000000},{"$f":"IF($D133<>\"Serviço\",0,IF(AND(AUTOEVENTO=\"Manual\",$M133=1),0,IF(OFFSET(CRONOPLE!$F$14,$M133,AU$13)=\"\",10^12,OFFSET(CRONOPLE!$F$14,$M133,AU$13))))","v":1000000000000},{"$f":"IF($D133<>\"Serviço\",0,IF(AND(AUTOEVENTO=\"Manual\",$M133=1),0,IF(OFFSET(CRONOPLE!$F$14,$M133,AV$13)=\"\",10^12,OFFSET(CRONOPLE!$F$14,$M133,AV$13))))","v":1000000000000},null,{"$f":"IF($D133<>\"Serviço\",0,IF(OR(AND(AUTOEVENTO=\"Manual\",$M133=1),$M133>(ROW(PLE.lastrow)-ROW(PLE.firstrow))),0,IF(OFFSET(PLE!$G$14,$M133,AX$13)=\"\",10^12,OFFSET(PLE!$G$14,$M133,AX$13))))","v":1000000000000},{"$f":"IF($D133<>\"Serviço\",0,IF(OR(AND(AUTOEVENTO=\"Manual\",$M133=1),$M133>(ROW(PLE.lastrow)-ROW(PLE.firstrow))),0,IF(OFFSET(PLE!$G$14,$M133,AY$13)=\"\",10^12,OFFSET(PLE!$G$14,$M133,AY$13))))","v":1000000000000},{"$f":"IF($D133<>\"Serviço\",0,IF(OR(AND(AUTOEVENTO=\"Manual\",$M133=1),$M133>(ROW(PLE.lastrow)-ROW(PLE.firstrow))),0,IF(OFFSET(PLE!$G$14,$M133,AZ$13)=\"\",10^12,OFFSET(PLE!$G$14,$M133,AZ$13))))","v":1000000000000},{"$f":"IF($D133<>\"Serviço\",0,IF(OR(AND(AUTOEVENTO=\"Manual\",$M133=1),$M133>(ROW(PLE.lastrow)-ROW(PLE.firstrow))),0,IF(OFFSET(PLE!$G$14,$M133,BA$13)=\"\",10^12,OFFSET(PLE!$G$14,$M133,BA$13))))","v":1000000000000},{"$f":"IF($D133<>\"Serviço\",0,IF(OR(AND(AUTOEVENTO=\"Manual\",$M133=1),$M133>(ROW(PLE.lastrow)-ROW(PLE.firstrow))),0,IF(OFFSET(PLE!$G$14,$M133,BB$13)=\"\",10^12,OFFSET(PLE!$G$14,$M133,BB$13))))","v":1000000000000},{"$f":"IF($D133<>\"Serviço\",0,IF(OR(AND(AUTOEVENTO=\"Manual\",$M133=1),$M133>(ROW(PLE.lastrow)-ROW(PLE.firstrow))),0,IF(OFFSET(PLE!$G$14,$M133,BC$13)=\"\",10^12,OFFSET(PLE!$G$14,$M133,BC$13))))","v":1000000000000},{"$f":"IF($D133<>\"Serviço\",0,IF(OR(AND(AUTOEVENTO=\"Manual\",$M133=1),$M133>(ROW(PLE.lastrow)-ROW(PLE.firstrow))),0,IF(OFFSET(PLE!$G$14,$M133,BD$13)=\"\",10^12,OFFSET(PLE!$G$14,$M133,BD$13))))","v":1000000000000},{"$f":"IF($D133<>\"Serviço\",0,IF(OR(AND(AUTOEVENTO=\"Manual\",$M133=1),$M133>(ROW(PLE.lastrow)-ROW(PLE.firstrow))),0,IF(OFFSET(PLE!$G$14,$M133,BE$13)=\"\",10^12,OFFSET(PLE!$G$14,$M133,BE$13))))","v":1000000000000},{"$f":"IF($D133<>\"Serviço\",0,IF(OR(AND(AUTOEVENTO=\"Manual\",$M133=1),$M133>(ROW(PLE.lastrow)-ROW(PLE.firstrow))),0,IF(OFFSET(PLE!$G$14,$M133,BF$13)=\"\",10^12,OFFSET(PLE!$G$14,$M133,BF$13))))","v":1000000000000},{"$f":"IF($D133<>\"Serviço\",0,IF(OR(AND(AUTOEVENTO=\"Manual\",$M133=1),$M133>(ROW(PLE.lastrow)-ROW(PLE.firstrow))),0,IF(OFFSET(PLE!$G$14,$M133,BG$13)=\"\",10^12,OFFSET(PLE!$G$14,$M133,BG$13))))","v":1000000000000}]
["111",{"$f":"OFFSET(ORÇAMENTO!C$15,ROW(B134)-ROW(B$15),0)","v":"S"},{"$f":"OFFSET(ORÇAMENTO!L$15,ROW(C134)-ROW(C$15),0)","v":"F"},{"$f":"OFFSET(ORÇAMENTO!N$15,ROW(D134)-ROW(D$15),0)","v":"Serviço"},{"$f":"OFFSET(ORÇAMENTO!O$15,ROW(E134)-ROW(E$15),0)","v":"1.13.0.8."},{"$f":"OFFSET(ORÇAMENTO!R$15,ROW(F134)-ROW(F$15),0)","v":"JOELHO 90 GRAUS COM BUCHA DE LATÃO, PVC, SOLDÁVEL, DN  25 MM X 3/4\", INSTALADO EM RESERVAÇÃO PREDIAL DE ÁGUA - FORNECIMENTO E INSTALAÇÃO. AF_04/2024"},{"$f":"IF($D134<>\"Serviço\",\"\",OFFSET(ORÇAMENTO!S$15,ROW(G134)-ROW(G$15),0))","v":"UN"},{"$f":"IF($D134<>\"Serviço\",0,IF(ACOMPANHAMENTO=\"BM\",ROUND(OFFSET(ORÇAMENTO!AJ$15,ROW(H134)-ROW(H$15),0),15-13*ORÇAMENTO!$AF$7),SUMPRODUCT(($Q$12:$AA$12<>\"\")*ROUND($Q134:$AA134,15-13*ORÇAMENTO!$AF$7))))","v":34},null,null,null,".",{"$f":"IF($D134<>\"Serviço\",\"\",IF(AUTOEVENTO=\"manual\",$A134,IF(ISERROR(MATCH($A134,$A$15:OFFSET($A134,-1,0),0)),MAX($M$15:OFFSET(M134,-1,0))+1,INDEX($M$15:OFFSET(M134,-1,0),MATCH($A134,$A$15:OFFSET($A134,-1,0),0)))))","v":14},{"$f":"IF($D134<>\"Serviço\",\"\",IF(AUTOEVENTO=\"Manual\",IF($A134=0,\"<-- defina o número do agrupador\",OFFSET(EVENTOS!$D$14,$A134,0)),OFFSET($F$15,$A134,0)))","v":"INSTALAÇÕES HIDROSSANITÁRIAS (AGUA FRIA)"},null,null,{"$f":"8+2+4+1+2+4+4+2+4+2+1","v":34},null,null,null,null,null,null,null,null,null,null,{"$f":"IF(AND($D134=\"Serviço\",AB$12<>0,$H134>0,OR(AUTOEVENTO<>\"manual\",$M134<>1)),\nIF(Import.TipoArredondamento<>\"TransfereGOV\",\nROUND(OFFSET($P134,0,AB$13),15-13*ORÇAMENTO!$AF$7)/$H134*OFFSET(ORÇAMENTO!$X$15,ROW(AB134)-ROW(AB$15),0),\nROUND(ROUND(OFFSET($P134,0,AB$13),15-13*ORÇAMENTO!$AF$7)*OFFSET(ORÇAMENTO!$W$15,ROW(AB134)-ROW(AB$15),0),15-13*ORÇAMENTO!$AF$11)),0)","v":251.94},{"$f":"IF(AND($D134=\"Serviço\",AC$12<>0,$H134>0,OR(AUTOEVENTO<>\"manual\",$M134<>1)),\nIF(Import.TipoArredondamento<>\"TransfereGOV\",\nROUND(OFFSET($P134,0,AC$13),15-13*ORÇAMENTO!$AF$7)/$H134*OFFSET(ORÇAMENTO!$X$15,ROW(AC134)-ROW(AC$15),0),\nROUND(ROUND(OFFSET($P134,0,AC$13),15-13*ORÇAMENTO!$AF$7)*OFFSET(ORÇAMENTO!$W$15,ROW(AC134)-ROW(AC$15),0),15-13*ORÇAMENTO!$AF$11)),0)","v":0},{"$f":"IF(AND($D134=\"Serviço\",AD$12<>0,$H134>0,OR(AUTOEVENTO<>\"manual\",$M134<>1)),\nIF(Import.TipoArredondamento<>\"TransfereGOV\",\nROUND(OFFSET($P134,0,AD$13),15-13*ORÇAMENTO!$AF$7)/$H134*OFFSET(ORÇAMENTO!$X$15,ROW(AD134)-ROW(AD$15),0),\nROUND(ROUND(OFFSET($P134,0,AD$13),15-13*ORÇAMENTO!$AF$7)*OFFSET(ORÇAMENTO!$W$15,ROW(AD134)-ROW(AD$15),0),15-13*ORÇAMENTO!$AF$11)),0)","v":0},{"$f":"IF(AND($D134=\"Serviço\",AE$12<>0,$H134>0,OR(AUTOEVENTO<>\"manual\",$M134<>1)),\nIF(Import.TipoArredondamento<>\"TransfereGOV\",\nROUND(OFFSET($P134,0,AE$13),15-13*ORÇAMENTO!$AF$7)/$H134*OFFSET(ORÇAMENTO!$X$15,ROW(AE134)-ROW(AE$15),0),\nROUND(ROUND(OFFSET($P134,0,AE$13),15-13*ORÇAMENTO!$AF$7)*OFFSET(ORÇAMENTO!$W$15,ROW(AE134)-ROW(AE$15),0),15-13*ORÇAMENTO!$AF$11)),0)","v":0},{"$f":"IF(AND($D134=\"Serviço\",AF$12<>0,$H134>0,OR(AUTOEVENTO<>\"manual\",$M134<>1)),\nIF(Import.TipoArredondamento<>\"TransfereGOV\",\nROUND(OFFSET($P134,0,AF$13),15-13*ORÇAMENTO!$AF$7)/$H134*OFFSET(ORÇAMENTO!$X$15,ROW(AF134)-ROW(AF$15),0),\nROUND(ROUND(OFFSET($P134,0,AF$13),15-13*ORÇAMENTO!$AF$7)*OFFSET(ORÇAMENTO!$W$15,ROW(AF134)-ROW(AF$15),0),15-13*ORÇAMENTO!$AF$11)),0)","v":0},{"$f":"IF(AND($D134=\"Serviço\",AG$12<>0,$H134>0,OR(AUTOEVENTO<>\"manual\",$M134<>1)),\nIF(Import.TipoArredondamento<>\"TransfereGOV\",\nROUND(OFFSET($P134,0,AG$13),15-13*ORÇAMENTO!$AF$7)/$H134*OFFSET(ORÇAMENTO!$X$15,ROW(AG134)-ROW(AG$15),0),\nROUND(ROUND(OFFSET($P134,0,AG$13),15-13*ORÇAMENTO!$AF$7)*OFFSET(ORÇAMENTO!$W$15,ROW(AG134)-ROW(AG$15),0),15-13*ORÇAMENTO!$AF$11)),0)","v":0},{"$f":"IF(AND($D134=\"Serviço\",AH$12<>0,$H134>0,OR(AUTOEVENTO<>\"manual\",$M134<>1)),\nIF(Import.TipoArredondamento<>\"TransfereGOV\",\nROUND(OFFSET($P134,0,AH$13),15-13*ORÇAMENTO!$AF$7)/$H134*OFFSET(ORÇAMENTO!$X$15,ROW(AH134)-ROW(AH$15),0),\nROUND(ROUND(OFFSET($P134,0,AH$13),15-13*ORÇAMENTO!$AF$7)*OFFSET(ORÇAMENTO!$W$15,ROW(AH134)-ROW(AH$15),0),15-13*ORÇAMENTO!$AF$11)),0)","v":0},{"$f":"IF(AND($D134=\"Serviço\",AI$12<>0,$H134>0,OR(AUTOEVENTO<>\"manual\",$M134<>1)),\nIF(Import.TipoArredondamento<>\"TransfereGOV\",\nROUND(OFFSET($P134,0,AI$13),15-13*ORÇAMENTO!$AF$7)/$H134*OFFSET(ORÇAMENTO!$X$15,ROW(AI134)-ROW(AI$15),0),\nROUND(ROUND(OFFSET($P134,0,AI$13),15-13*ORÇAMENTO!$AF$7)*OFFSET(ORÇAMENTO!$W$15,ROW(AI134)-ROW(AI$15),0),15-13*ORÇAMENTO!$AF$11)),0)","v":0},{"$f":"IF(AND($D134=\"Serviço\",AJ$12<>0,$H134>0,OR(AUTOEVENTO<>\"manual\",$M134<>1)),\nIF(Import.TipoArredondamento<>\"TransfereGOV\",\nROUND(OFFSET($P134,0,AJ$13),15-13*ORÇAMENTO!$AF$7)/$H134*OFFSET(ORÇAMENTO!$X$15,ROW(AJ134)-ROW(AJ$15),0),\nROUND(ROUND(OFFSET($P134,0,AJ$13),15-13*ORÇAMENTO!$AF$7)*OFFSET(ORÇAMENTO!$W$15,ROW(AJ134)-ROW(AJ$15),0),15-13*ORÇAMENTO!$AF$11)),0)","v":0},{"$f":"IF(AND($D134=\"Serviço\",AK$12<>0,$H134>0,OR(AUTOEVENTO<>\"manual\",$M134<>1)),\nIF(Import.TipoArredondamento<>\"TransfereGOV\",\nROUND(OFFSET($P134,0,AK$13),15-13*ORÇAMENTO!$AF$7)/$H134*OFFSET(ORÇAMENTO!$X$15,ROW(AK134)-ROW(AK$15),0),\nROUND(ROUND(OFFSET($P134,0,AK$13),15-13*ORÇAMENTO!$AF$7)*OFFSET(ORÇAMENTO!$W$15,ROW(AK134)-ROW(AK$15),0),15-13*ORÇAMENTO!$AF$11)),0)","v":0},null,{"$f":"IF($D134<>\"Serviço\",0,IF(AND(AUTOEVENTO=\"Manual\",$M134=1),0,IF(OFFSET(CRONOPLE!$F$14,$M134,AM$13)=\"\",10^12,OFFSET(CRONOPLE!$F$14,$M134,AM$13))))","v":1000000000000},{"$f":"IF($D134<>\"Serviço\",0,IF(AND(AUTOEVENTO=\"Manual\",$M134=1),0,IF(OFFSET(CRONOPLE!$F$14,$M134,AN$13)=\"\",10^12,OFFSET(CRONOPLE!$F$14,$M134,AN$13))))","v":1000000000000},{"$f":"IF($D134<>\"Serviço\",0,IF(AND(AUTOEVENTO=\"Manual\",$M134=1),0,IF(OFFSET(CRONOPLE!$F$14,$M134,AO$13)=\"\",10^12,OFFSET(CRONOPLE!$F$14,$M134,AO$13))))","v":1000000000000},{"$f":"IF($D134<>\"Serviço\",0,IF(AND(AUTOEVENTO=\"Manual\",$M134=1),0,IF(OFFSET(CRONOPLE!$F$14,$M134,AP$13)=\"\",10^12,OFFSET(CRONOPLE!$F$14,$M134,AP$13))))","v":1000000000000},{"$f":"IF($D134<>\"Serviço\",0,IF(AND(AUTOEVENTO=\"Manual\",$M134=1),0,IF(OFFSET(CRONOPLE!$F$14,$M134,AQ$13)=\"\",10^12,OFFSET(CRONOPLE!$F$14,$M134,AQ$13))))","v":1000000000000},{"$f":"IF($D134<>\"Serviço\",0,IF(AND(AUTOEVENTO=\"Manual\",$M134=1),0,IF(OFFSET(CRONOPLE!$F$14,$M134,AR$13)=\"\",10^12,OFFSET(CRONOPLE!$F$14,$M134,AR$13))))","v":1000000000000},{"$f":"IF($D134<>\"Serviço\",0,IF(AND(AUTOEVENTO=\"Manual\",$M134=1),0,IF(OFFSET(CRONOPLE!$F$14,$M134,AS$13)=\"\",10^12,OFFSET(CRONOPLE!$F$14,$M134,AS$13))))","v":1000000000000},{"$f":"IF($D134<>\"Serviço\",0,IF(AND(AUTOEVENTO=\"Manual\",$M134=1),0,IF(OFFSET(CRONOPLE!$F$14,$M134,AT$13)=\"\",10^12,OFFSET(CRONOPLE!$F$14,$M134,AT$13))))","v":1000000000000},{"$f":"IF($D134<>\"Serviço\",0,IF(AND(AUTOEVENTO=\"Manual\",$M134=1),0,IF(OFFSET(CRONOPLE!$F$14,$M134,AU$13)=\"\",10^12,OFFSET(CRONOPLE!$F$14,$M134,AU$13))))","v":1000000000000},{"$f":"IF($D134<>\"Serviço\",0,IF(AND(AUTOEVENTO=\"Manual\",$M134=1),0,IF(OFFSET(CRONOPLE!$F$14,$M134,AV$13)=\"\",10^12,OFFSET(CRONOPLE!$F$14,$M134,AV$13))))","v":1000000000000},null,{"$f":"IF($D134<>\"Serviço\",0,IF(OR(AND(AUTOEVENTO=\"Manual\",$M134=1),$M134>(ROW(PLE.lastrow)-ROW(PLE.firstrow))),0,IF(OFFSET(PLE!$G$14,$M134,AX$13)=\"\",10^12,OFFSET(PLE!$G$14,$M134,AX$13))))","v":1000000000000},{"$f":"IF($D134<>\"Serviço\",0,IF(OR(AND(AUTOEVENTO=\"Manual\",$M134=1),$M134>(ROW(PLE.lastrow)-ROW(PLE.firstrow))),0,IF(OFFSET(PLE!$G$14,$M134,AY$13)=\"\",10^12,OFFSET(PLE!$G$14,$M134,AY$13))))","v":1000000000000},{"$f":"IF($D134<>\"Serviço\",0,IF(OR(AND(AUTOEVENTO=\"Manual\",$M134=1),$M134>(ROW(PLE.lastrow)-ROW(PLE.firstrow))),0,IF(OFFSET(PLE!$G$14,$M134,AZ$13)=\"\",10^12,OFFSET(PLE!$G$14,$M134,AZ$13))))","v":1000000000000},{"$f":"IF($D134<>\"Serviço\",0,IF(OR(AND(AUTOEVENTO=\"Manual\",$M134=1),$M134>(ROW(PLE.lastrow)-ROW(PLE.firstrow))),0,IF(OFFSET(PLE!$G$14,$M134,BA$13)=\"\",10^12,OFFSET(PLE!$G$14,$M134,BA$13))))","v":1000000000000},{"$f":"IF($D134<>\"Serviço\",0,IF(OR(AND(AUTOEVENTO=\"Manual\",$M134=1),$M134>(ROW(PLE.lastrow)-ROW(PLE.firstrow))),0,IF(OFFSET(PLE!$G$14,$M134,BB$13)=\"\",10^12,OFFSET(PLE!$G$14,$M134,BB$13))))","v":1000000000000},{"$f":"IF($D134<>\"Serviço\",0,IF(OR(AND(AUTOEVENTO=\"Manual\",$M134=1),$M134>(ROW(PLE.lastrow)-ROW(PLE.firstrow))),0,IF(OFFSET(PLE!$G$14,$M134,BC$13)=\"\",10^12,OFFSET(PLE!$G$14,$M134,BC$13))))","v":1000000000000},{"$f":"IF($D134<>\"Serviço\",0,IF(OR(AND(AUTOEVENTO=\"Manual\",$M134=1),$M134>(ROW(PLE.lastrow)-ROW(PLE.firstrow))),0,IF(OFFSET(PLE!$G$14,$M134,BD$13)=\"\",10^12,OFFSET(PLE!$G$14,$M134,BD$13))))","v":1000000000000},{"$f":"IF($D134<>\"Serviço\",0,IF(OR(AND(AUTOEVENTO=\"Manual\",$M134=1),$M134>(ROW(PLE.lastrow)-ROW(PLE.firstrow))),0,IF(OFFSET(PLE!$G$14,$M134,BE$13)=\"\",10^12,OFFSET(PLE!$G$14,$M134,BE$13))))","v":1000000000000},{"$f":"IF($D134<>\"Serviço\",0,IF(OR(AND(AUTOEVENTO=\"Manual\",$M134=1),$M134>(ROW(PLE.lastrow)-ROW(PLE.firstrow))),0,IF(OFFSET(PLE!$G$14,$M134,BF$13)=\"\",10^12,OFFSET(PLE!$G$14,$M134,BF$13))))","v":1000000000000},{"$f":"IF($D134<>\"Serviço\",0,IF(OR(AND(AUTOEVENTO=\"Manual\",$M134=1),$M134>(ROW(PLE.lastrow)-ROW(PLE.firstrow))),0,IF(OFFSET(PLE!$G$14,$M134,BG$13)=\"\",10^12,OFFSET(PLE!$G$14,$M134,BG$13))))","v":1000000000000}]
["111",{"$f":"OFFSET(ORÇAMENTO!C$15,ROW(B135)-ROW(B$15),0)","v":"S"},{"$f":"OFFSET(ORÇAMENTO!L$15,ROW(C135)-ROW(C$15),0)","v":"F"},{"$f":"OFFSET(ORÇAMENTO!N$15,ROW(D135)-ROW(D$15),0)","v":"Serviço"},{"$f":"OFFSET(ORÇAMENTO!O$15,ROW(E135)-ROW(E$15),0)","v":"1.13.0.9."},{"$f":"OFFSET(ORÇAMENTO!R$15,ROW(F135)-ROW(F$15),0)","v":"TORNEIRA PLÁSTICA 3/4\" PARA TANQUE - FORNECIMENTO E INSTALAÇÃO. AF_01/2020"},{"$f":"IF($D135<>\"Serviço\",\"\",OFFSET(ORÇAMENTO!S$15,ROW(G135)-ROW(G$15),0))","v":"UN"},{"$f":"IF($D135<>\"Serviço\",0,IF(ACOMPANHAMENTO=\"BM\",ROUND(OFFSET(ORÇAMENTO!AJ$15,ROW(H135)-ROW(H$15),0),15-13*ORÇAMENTO!$AF$7),SUMPRODUCT(($Q$12:$AA$12<>\"\")*ROUND($Q135:$AA135,15-13*ORÇAMENTO!$AF$7))))","v":1},null,null,null,".",{"$f":"IF($D135<>\"Serviço\",\"\",IF(AUTOEVENTO=\"manual\",$A135,IF(ISERROR(MATCH($A135,$A$15:OFFSET($A135,-1,0),0)),MAX($M$15:OFFSET(M135,-1,0))+1,INDEX($M$15:OFFSET(M135,-1,0),MATCH($A135,$A$15:OFFSET($A135,-1,0),0)))))","v":14},{"$f":"IF($D135<>\"Serviço\",\"\",IF(AUTOEVENTO=\"Manual\",IF($A135=0,\"<-- defina o número do agrupador\",OFFSET(EVENTOS!$D$14,$A135,0)),OFFSET($F$15,$A135,0)))","v":"INSTALAÇÕES HIDROSSANITÁRIAS (AGUA FRIA)"},null,null,1,null,null,null,null,null,null,null,null,null,null,{"$f":"IF(AND($D135=\"Serviço\",AB$12<>0,$H135>0,OR(AUTOEVENTO<>\"manual\",$M135<>1)),\nIF(Import.TipoArredondamento<>\"TransfereGOV\",\nROUND(OFFSET($P135,0,AB$13),15-13*ORÇAMENTO!$AF$7)/$H135*OFFSET(ORÇAMENTO!$X$15,ROW(AB135)-ROW(AB$15),0),\nROUND(ROUND(OFFSET($P135,0,AB$13),15-13*ORÇAMENTO!$AF$7)*OFFSET(ORÇAMENTO!$W$15,ROW(AB135)-ROW(AB$15),0),15-13*ORÇAMENTO!$AF$11)),0)","v":30.94},{"$f":"IF(AND($D135=\"Serviço\",AC$12<>0,$H135>0,OR(AUTOEVENTO<>\"manual\",$M135<>1)),\nIF(Import.TipoArredondamento<>\"TransfereGOV\",\nROUND(OFFSET($P135,0,AC$13),15-13*ORÇAMENTO!$AF$7)/$H135*OFFSET(ORÇAMENTO!$X$15,ROW(AC135)-ROW(AC$15),0),\nROUND(ROUND(OFFSET($P135,0,AC$13),15-13*ORÇAMENTO!$AF$7)*OFFSET(ORÇAMENTO!$W$15,ROW(AC135)-ROW(AC$15),0),15-13*ORÇAMENTO!$AF$11)),0)","v":0},{"$f":"IF(AND($D135=\"Serviço\",AD$12<>0,$H135>0,OR(AUTOEVENTO<>\"manual\",$M135<>1)),\nIF(Import.TipoArredondamento<>\"TransfereGOV\",\nROUND(OFFSET($P135,0,AD$13),15-13*ORÇAMENTO!$AF$7)/$H135*OFFSET(ORÇAMENTO!$X$15,ROW(AD135)-ROW(AD$15),0),\nROUND(ROUND(OFFSET($P135,0,AD$13),15-13*ORÇAMENTO!$AF$7)*OFFSET(ORÇAMENTO!$W$15,ROW(AD135)-ROW(AD$15),0),15-13*ORÇAMENTO!$AF$11)),0)","v":0},{"$f":"IF(AND($D135=\"Serviço\",AE$12<>0,$H135>0,OR(AUTOEVENTO<>\"manual\",$M135<>1)),\nIF(Import.TipoArredondamento<>\"TransfereGOV\",\nROUND(OFFSET($P135,0,AE$13),15-13*ORÇAMENTO!$AF$7)/$H135*OFFSET(ORÇAMENTO!$X$15,ROW(AE135)-ROW(AE$15),0),\nROUND(ROUND(OFFSET($P135,0,AE$13),15-13*ORÇAMENTO!$AF$7)*OFFSET(ORÇAMENTO!$W$15,ROW(AE135)-ROW(AE$15),0),15-13*ORÇAMENTO!$AF$11)),0)","v":0},{"$f":"IF(AND($D135=\"Serviço\",AF$12<>0,$H135>0,OR(AUTOEVENTO<>\"manual\",$M135<>1)),\nIF(Import.TipoArredondamento<>\"TransfereGOV\",\nROUND(OFFSET($P135,0,AF$13),15-13*ORÇAMENTO!$AF$7)/$H135*OFFSET(ORÇAMENTO!$X$15,ROW(AF135)-ROW(AF$15),0),\nROUND(ROUND(OFFSET($P135,0,AF$13),15-13*ORÇAMENTO!$AF$7)*OFFSET(ORÇAMENTO!$W$15,ROW(AF135)-ROW(AF$15),0),15-13*ORÇAMENTO!$AF$11)),0)","v":0},{"$f":"IF(AND($D135=\"Serviço\",AG$12<>0,$H135>0,OR(AUTOEVENTO<>\"manual\",$M135<>1)),\nIF(Import.TipoArredondamento<>\"TransfereGOV\",\nROUND(OFFSET($P135,0,AG$13),15-13*ORÇAMENTO!$AF$7)/$H135*OFFSET(ORÇAMENTO!$X$15,ROW(AG135)-ROW(AG$15),0),\nROUND(ROUND(OFFSET($P135,0,AG$13),15-13*ORÇAMENTO!$AF$7)*OFFSET(ORÇAMENTO!$W$15,ROW(AG135)-ROW(AG$15),0),15-13*ORÇAMENTO!$AF$11)),0)","v":0},{"$f":"IF(AND($D135=\"Serviço\",AH$12<>0,$H135>0,OR(AUTOEVENTO<>\"manual\",$M135<>1)),\nIF(Import.TipoArredondamento<>\"TransfereGOV\",\nROUND(OFFSET($P135,0,AH$13),15-13*ORÇAMENTO!$AF$7)/$H135*OFFSET(ORÇAMENTO!$X$15,ROW(AH135)-ROW(AH$15),0),\nROUND(ROUND(OFFSET($P135,0,AH$13),15-13*ORÇAMENTO!$AF$7)*OFFSET(ORÇAMENTO!$W$15,ROW(AH135)-ROW(AH$15),0),15-13*ORÇAMENTO!$AF$11)),0)","v":0},{"$f":"IF(AND($D135=\"Serviço\",AI$12<>0,$H135>0,OR(AUTOEVENTO<>\"manual\",$M135<>1)),\nIF(Import.TipoArredondamento<>\"TransfereGOV\",\nROUND(OFFSET($P135,0,AI$13),15-13*ORÇAMENTO!$AF$7)/$H135*OFFSET(ORÇAMENTO!$X$15,ROW(AI135)-ROW(AI$15),0),\nROUND(ROUND(OFFSET($P135,0,AI$13),15-13*ORÇAMENTO!$AF$7)*OFFSET(ORÇAMENTO!$W$15,ROW(AI135)-ROW(AI$15),0),15-13*ORÇAMENTO!$AF$11)),0)","v":0},{"$f":"IF(AND($D135=\"Serviço\",AJ$12<>0,$H135>0,OR(AUTOEVENTO<>\"manual\",$M135<>1)),\nIF(Import.TipoArredondamento<>\"TransfereGOV\",\nROUND(OFFSET($P135,0,AJ$13),15-13*ORÇAMENTO!$AF$7)/$H135*OFFSET(ORÇAMENTO!$X$15,ROW(AJ135)-ROW(AJ$15),0),\nROUND(ROUND(OFFSET($P135,0,AJ$13),15-13*ORÇAMENTO!$AF$7)*OFFSET(ORÇAMENTO!$W$15,ROW(AJ135)-ROW(AJ$15),0),15-13*ORÇAMENTO!$AF$11)),0)","v":0},{"$f":"IF(AND($D135=\"Serviço\",AK$12<>0,$H135>0,OR(AUTOEVENTO<>\"manual\",$M135<>1)),\nIF(Import.TipoArredondamento<>\"TransfereGOV\",\nROUND(OFFSET($P135,0,AK$13),15-13*ORÇAMENTO!$AF$7)/$H135*OFFSET(ORÇAMENTO!$X$15,ROW(AK135)-ROW(AK$15),0),\nROUND(ROUND(OFFSET($P135,0,AK$13),15-13*ORÇAMENTO!$AF$7)*OFFSET(ORÇAMENTO!$W$15,ROW(AK135)-ROW(AK$15),0),15-13*ORÇAMENTO!$AF$11)),0)","v":0},null,{"$f":"IF($D135<>\"Serviço\",0,IF(AND(AUTOEVENTO=\"Manual\",$M135=1),0,IF(OFFSET(CRONOPLE!$F$14,$M135,AM$13)=\"\",10^12,OFFSET(CRONOPLE!$F$14,$M135,AM$13))))","v":1000000000000},{"$f":"IF($D135<>\"Serviço\",0,IF(AND(AUTOEVENTO=\"Manual\",$M135=1),0,IF(OFFSET(CRONOPLE!$F$14,$M135,AN$13)=\"\",10^12,OFFSET(CRONOPLE!$F$14,$M135,AN$13))))","v":1000000000000},{"$f":"IF($D135<>\"Serviço\",0,IF(AND(AUTOEVENTO=\"Manual\",$M135=1),0,IF(OFFSET(CRONOPLE!$F$14,$M135,AO$13)=\"\",10^12,OFFSET(CRONOPLE!$F$14,$M135,AO$13))))","v":1000000000000},{"$f":"IF($D135<>\"Serviço\",0,IF(AND(AUTOEVENTO=\"Manual\",$M135=1),0,IF(OFFSET(CRONOPLE!$F$14,$M135,AP$13)=\"\",10^12,OFFSET(CRONOPLE!$F$14,$M135,AP$13))))","v":1000000000000},{"$f":"IF($D135<>\"Serviço\",0,IF(AND(AUTOEVENTO=\"Manual\",$M135=1),0,IF(OFFSET(CRONOPLE!$F$14,$M135,AQ$13)=\"\",10^12,OFFSET(CRONOPLE!$F$14,$M135,AQ$13))))","v":1000000000000},{"$f":"IF($D135<>\"Serviço\",0,IF(AND(AUTOEVENTO=\"Manual\",$M135=1),0,IF(OFFSET(CRONOPLE!$F$14,$M135,AR$13)=\"\",10^12,OFFSET(CRONOPLE!$F$14,$M135,AR$13))))","v":1000000000000},{"$f":"IF($D135<>\"Serviço\",0,IF(AND(AUTOEVENTO=\"Manual\",$M135=1),0,IF(OFFSET(CRONOPLE!$F$14,$M135,AS$13)=\"\",10^12,OFFSET(CRONOPLE!$F$14,$M135,AS$13))))","v":1000000000000},{"$f":"IF($D135<>\"Serviço\",0,IF(AND(AUTOEVENTO=\"Manual\",$M135=1),0,IF(OFFSET(CRONOPLE!$F$14,$M135,AT$13)=\"\",10^12,OFFSET(CRONOPLE!$F$14,$M135,AT$13))))","v":1000000000000},{"$f":"IF($D135<>\"Serviço\",0,IF(AND(AUTOEVENTO=\"Manual\",$M135=1),0,IF(OFFSET(CRONOPLE!$F$14,$M135,AU$13)=\"\",10^12,OFFSET(CRONOPLE!$F$14,$M135,AU$13))))","v":1000000000000},{"$f":"IF($D135<>\"Serviço\",0,IF(AND(AUTOEVENTO=\"Manual\",$M135=1),0,IF(OFFSET(CRONOPLE!$F$14,$M135,AV$13)=\"\",10^12,OFFSET(CRONOPLE!$F$14,$M135,AV$13))))","v":1000000000000},null,{"$f":"IF($D135<>\"Serviço\",0,IF(OR(AND(AUTOEVENTO=\"Manual\",$M135=1),$M135>(ROW(PLE.lastrow)-ROW(PLE.firstrow))),0,IF(OFFSET(PLE!$G$14,$M135,AX$13)=\"\",10^12,OFFSET(PLE!$G$14,$M135,AX$13))))","v":1000000000000},{"$f":"IF($D135<>\"Serviço\",0,IF(OR(AND(AUTOEVENTO=\"Manual\",$M135=1),$M135>(ROW(PLE.lastrow)-ROW(PLE.firstrow))),0,IF(OFFSET(PLE!$G$14,$M135,AY$13)=\"\",10^12,OFFSET(PLE!$G$14,$M135,AY$13))))","v":1000000000000},{"$f":"IF($D135<>\"Serviço\",0,IF(OR(AND(AUTOEVENTO=\"Manual\",$M135=1),$M135>(ROW(PLE.lastrow)-ROW(PLE.firstrow))),0,IF(OFFSET(PLE!$G$14,$M135,AZ$13)=\"\",10^12,OFFSET(PLE!$G$14,$M135,AZ$13))))","v":1000000000000},{"$f":"IF($D135<>\"Serviço\",0,IF(OR(AND(AUTOEVENTO=\"Manual\",$M135=1),$M135>(ROW(PLE.lastrow)-ROW(PLE.firstrow))),0,IF(OFFSET(PLE!$G$14,$M135,BA$13)=\"\",10^12,OFFSET(PLE!$G$14,$M135,BA$13))))","v":1000000000000},{"$f":"IF($D135<>\"Serviço\",0,IF(OR(AND(AUTOEVENTO=\"Manual\",$M135=1),$M135>(ROW(PLE.lastrow)-ROW(PLE.firstrow))),0,IF(OFFSET(PLE!$G$14,$M135,BB$13)=\"\",10^12,OFFSET(PLE!$G$14,$M135,BB$13))))","v":1000000000000},{"$f":"IF($D135<>\"Serviço\",0,IF(OR(AND(AUTOEVENTO=\"Manual\",$M135=1),$M135>(ROW(PLE.lastrow)-ROW(PLE.firstrow))),0,IF(OFFSET(PLE!$G$14,$M135,BC$13)=\"\",10^12,OFFSET(PLE!$G$14,$M135,BC$13))))","v":1000000000000},{"$f":"IF($D135<>\"Serviço\",0,IF(OR(AND(AUTOEVENTO=\"Manual\",$M135=1),$M135>(ROW(PLE.lastrow)-ROW(PLE.firstrow))),0,IF(OFFSET(PLE!$G$14,$M135,BD$13)=\"\",10^12,OFFSET(PLE!$G$14,$M135,BD$13))))","v":1000000000000},{"$f":"IF($D135<>\"Serviço\",0,IF(OR(AND(AUTOEVENTO=\"Manual\",$M135=1),$M135>(ROW(PLE.lastrow)-ROW(PLE.firstrow))),0,IF(OFFSET(PLE!$G$14,$M135,BE$13)=\"\",10^12,OFFSET(PLE!$G$14,$M135,BE$13))))","v":1000000000000},{"$f":"IF($D135<>\"Serviço\",0,IF(OR(AND(AUTOEVENTO=\"Manual\",$M135=1),$M135>(ROW(PLE.lastrow)-ROW(PLE.firstrow))),0,IF(OFFSET(PLE!$G$14,$M135,BF$13)=\"\",10^12,OFFSET(PLE!$G$14,$M135,BF$13))))","v":1000000000000},{"$f":"IF($D135<>\"Serviço\",0,IF(OR(AND(AUTOEVENTO=\"Manual\",$M135=1),$M135>(ROW(PLE.lastrow)-ROW(PLE.firstrow))),0,IF(OFFSET(PLE!$G$14,$M135,BG$13)=\"\",10^12,OFFSET(PLE!$G$14,$M135,BG$13))))","v":1000000000000}]
["111",{"$f":"OFFSET(ORÇAMENTO!C$15,ROW(B136)-ROW(B$15),0)","v":"S"},{"$f":"OFFSET(ORÇAMENTO!L$15,ROW(C136)-ROW(C$15),0)","v":"F"},{"$f":"OFFSET(ORÇAMENTO!N$15,ROW(D136)-ROW(D$15),0)","v":"Serviço"},{"$f":"OFFSET(ORÇAMENTO!O$15,ROW(E136)-ROW(E$15),0)","v":"1.13.0.10."},{"$f":"OFFSET(ORÇAMENTO!R$15,ROW(F136)-ROW(F$15),0)","v":"REGISTRO DE GAVETA BRUTO, LATÃO, ROSCÁVEL, 1\" - FORNECIMENTO E INSTALAÇÃO. AF_08/2021"},{"$f":"IF($D136<>\"Serviço\",\"\",OFFSET(ORÇAMENTO!S$15,ROW(G136)-ROW(G$15),0))","v":"UN"},{"$f":"IF($D136<>\"Serviço\",0,IF(ACOMPANHAMENTO=\"BM\",ROUND(OFFSET(ORÇAMENTO!AJ$15,ROW(H136)-ROW(H$15),0),15-13*ORÇAMENTO!$AF$7),SUMPRODUCT(($Q$12:$AA$12<>\"\")*ROUND($Q136:$AA136,15-13*ORÇAMENTO!$AF$7))))","v":2},null,null,null,".",{"$f":"IF($D136<>\"Serviço\",\"\",IF(AUTOEVENTO=\"manual\",$A136,IF(ISERROR(MATCH($A136,$A$15:OFFSET($A136,-1,0),0)),MAX($M$15:OFFSET(M136,-1,0))+1,INDEX($M$15:OFFSET(M136,-1,0),MATCH($A136,$A$15:OFFSET($A136,-1,0),0)))))","v":14},{"$f":"IF($D136<>\"Serviço\",\"\",IF(AUTOEVENTO=\"Manual\",IF($A136=0,\"<-- defina o número do agrupador\",OFFSET(EVENTOS!$D$14,$A136,0)),OFFSET($F$15,$A136,0)))","v":"INSTALAÇÕES HIDROSSANITÁRIAS (AGUA FRIA)"},null,null,2,null,null,null,null,null,null,null,null,null,null,{"$f":"IF(AND($D136=\"Serviço\",AB$12<>0,$H136>0,OR(AUTOEVENTO<>\"manual\",$M136<>1)),\nIF(Import.TipoArredondamento<>\"TransfereGOV\",\nROUND(OFFSET($P136,0,AB$13),15-13*ORÇAMENTO!$AF$7)/$H136*OFFSET(ORÇAMENTO!$X$15,ROW(AB136)-ROW(AB$15),0),\nROUND(ROUND(OFFSET($P136,0,AB$13),15-13*ORÇAMENTO!$AF$7)*OFFSET(ORÇAMENTO!$W$15,ROW(AB136)-ROW(AB$15),0),15-13*ORÇAMENTO!$AF$11)),0)","v":188.54},{"$f":"IF(AND($D136=\"Serviço\",AC$12<>0,$H136>0,OR(AUTOEVENTO<>\"manual\",$M136<>1)),\nIF(Import.TipoArredondamento<>\"TransfereGOV\",\nROUND(OFFSET($P136,0,AC$13),15-13*ORÇAMENTO!$AF$7)/$H136*OFFSET(ORÇAMENTO!$X$15,ROW(AC136)-ROW(AC$15),0),\nROUND(ROUND(OFFSET($P136,0,AC$13),15-13*ORÇAMENTO!$AF$7)*OFFSET(ORÇAMENTO!$W$15,ROW(AC136)-ROW(AC$15),0),15-13*ORÇAMENTO!$AF$11)),0)","v":0},{"$f":"IF(AND($D136=\"Serviço\",AD$12<>0,$H136>0,OR(AUTOEVENTO<>\"manual\",$M136<>1)),\nIF(Import.TipoArredondamento<>\"TransfereGOV\",\nROUND(OFFSET($P136,0,AD$13),15-13*ORÇAMENTO!$AF$7)/$H136*OFFSET(ORÇAMENTO!$X$15,ROW(AD136)-ROW(AD$15),0),\nROUND(ROUND(OFFSET($P136,0,AD$13),15-13*ORÇAMENTO!$AF$7)*OFFSET(ORÇAMENTO!$W$15,ROW(AD136)-ROW(AD$15),0),15-13*ORÇAMENTO!$AF$11)),0)","v":0},{"$f":"IF(AND($D136=\"Serviço\",AE$12<>0,$H136>0,OR(AUTOEVENTO<>\"manual\",$M136<>1)),\nIF(Import.TipoArredondamento<>\"TransfereGOV\",\nROUND(OFFSET($P136,0,AE$13),15-13*ORÇAMENTO!$AF$7)/$H136*OFFSET(ORÇAMENTO!$X$15,ROW(AE136)-ROW(AE$15),0),\nROUND(ROUND(OFFSET($P136,0,AE$13),15-13*ORÇAMENTO!$AF$7)*OFFSET(ORÇAMENTO!$W$15,ROW(AE136)-ROW(AE$15),0),15-13*ORÇAMENTO!$AF$11)),0)","v":0},{"$f":"IF(AND($D136=\"Serviço\",AF$12<>0,$H136>0,OR(AUTOEVENTO<>\"manual\",$M136<>1)),\nIF(Import.TipoArredondamento<>\"TransfereGOV\",\nROUND(OFFSET($P136,0,AF$13),15-13*ORÇAMENTO!$AF$7)/$H136*OFFSET(ORÇAMENTO!$X$15,ROW(AF136)-ROW(AF$15),0),\nROUND(ROUND(OFFSET($P136,0,AF$13),15-13*ORÇAMENTO!$AF$7)*OFFSET(ORÇAMENTO!$W$15,ROW(AF136)-ROW(AF$15),0),15-13*ORÇAMENTO!$AF$11)),0)","v":0},{"$f":"IF(AND($D136=\"Serviço\",AG$12<>0,$H136>0,OR(AUTOEVENTO<>\"manual\",$M136<>1)),\nIF(Import.TipoArredondamento<>\"TransfereGOV\",\nROUND(OFFSET($P136,0,AG$13),15-13*ORÇAMENTO!$AF$7)/$H136*OFFSET(ORÇAMENTO!$X$15,ROW(AG136)-ROW(AG$15),0),\nROUND(ROUND(OFFSET($P136,0,AG$13),15-13*ORÇAMENTO!$AF$7)*OFFSET(ORÇAMENTO!$W$15,ROW(AG136)-ROW(AG$15),0),15-13*ORÇAMENTO!$AF$11)),0)","v":0},{"$f":"IF(AND($D136=\"Serviço\",AH$12<>0,$H136>0,OR(AUTOEVENTO<>\"manual\",$M136<>1)),\nIF(Import.TipoArredondamento<>\"TransfereGOV\",\nROUND(OFFSET($P136,0,AH$13),15-13*ORÇAMENTO!$AF$7)/$H136*OFFSET(ORÇAMENTO!$X$15,ROW(AH136)-ROW(AH$15),0),\nROUND(ROUND(OFFSET($P136,0,AH$13),15-13*ORÇAMENTO!$AF$7)*OFFSET(ORÇAMENTO!$W$15,ROW(AH136)-ROW(AH$15),0),15-13*ORÇAMENTO!$AF$11)),0)","v":0},{"$f":"IF(AND($D136=\"Serviço\",AI$12<>0,$H136>0,OR(AUTOEVENTO<>\"manual\",$M136<>1)),\nIF(Import.TipoArredondamento<>\"TransfereGOV\",\nROUND(OFFSET($P136,0,AI$13),15-13*ORÇAMENTO!$AF$7)/$H136*OFFSET(ORÇAMENTO!$X$15,ROW(AI136)-ROW(AI$15),0),\nROUND(ROUND(OFFSET($P136,0,AI$13),15-13*ORÇAMENTO!$AF$7)*OFFSET(ORÇAMENTO!$W$15,ROW(AI136)-ROW(AI$15),0),15-13*ORÇAMENTO!$AF$11)),0)","v":0},{"$f":"IF(AND($D136=\"Serviço\",AJ$12<>0,$H136>0,OR(AUTOEVENTO<>\"manual\",$M136<>1)),\nIF(Import.TipoArredondamento<>\"TransfereGOV\",\nROUND(OFFSET($P136,0,AJ$13),15-13*ORÇAMENTO!$AF$7)/$H136*OFFSET(ORÇAMENTO!$X$15,ROW(AJ136)-ROW(AJ$15),0),\nROUND(ROUND(OFFSET($P136,0,AJ$13),15-13*ORÇAMENTO!$AF$7)*OFFSET(ORÇAMENTO!$W$15,ROW(AJ136)-ROW(AJ$15),0),15-13*ORÇAMENTO!$AF$11)),0)","v":0},{"$f":"IF(AND($D136=\"Serviço\",AK$12<>0,$H136>0,OR(AUTOEVENTO<>\"manual\",$M136<>1)),\nIF(Import.TipoArredondamento<>\"TransfereGOV\",\nROUND(OFFSET($P136,0,AK$13),15-13*ORÇAMENTO!$AF$7)/$H136*OFFSET(ORÇAMENTO!$X$15,ROW(AK136)-ROW(AK$15),0),\nROUND(ROUND(OFFSET($P136,0,AK$13),15-13*ORÇAMENTO!$AF$7)*OFFSET(ORÇAMENTO!$W$15,ROW(AK136)-ROW(AK$15),0),15-13*ORÇAMENTO!$AF$11)),0)","v":0},null,{"$f":"IF($D136<>\"Serviço\",0,IF(AND(AUTOEVENTO=\"Manual\",$M136=1),0,IF(OFFSET(CRONOPLE!$F$14,$M136,AM$13)=\"\",10^12,OFFSET(CRONOPLE!$F$14,$M136,AM$13))))","v":1000000000000},{"$f":"IF($D136<>\"Serviço\",0,IF(AND(AUTOEVENTO=\"Manual\",$M136=1),0,IF(OFFSET(CRONOPLE!$F$14,$M136,AN$13)=\"\",10^12,OFFSET(CRONOPLE!$F$14,$M136,AN$13))))","v":1000000000000},{"$f":"IF($D136<>\"Serviço\",0,IF(AND(AUTOEVENTO=\"Manual\",$M136=1),0,IF(OFFSET(CRONOPLE!$F$14,$M136,AO$13)=\"\",10^12,OFFSET(CRONOPLE!$F$14,$M136,AO$13))))","v":1000000000000},{"$f":"IF($D136<>\"Serviço\",0,IF(AND(AUTOEVENTO=\"Manual\",$M136=1),0,IF(OFFSET(CRONOPLE!$F$14,$M136,AP$13)=\"\",10^12,OFFSET(CRONOPLE!$F$14,$M136,AP$13))))","v":1000000000000},{"$f":"IF($D136<>\"Serviço\",0,IF(AND(AUTOEVENTO=\"Manual\",$M136=1),0,IF(OFFSET(CRONOPLE!$F$14,$M136,AQ$13)=\"\",10^12,OFFSET(CRONOPLE!$F$14,$M136,AQ$13))))","v":1000000000000},{"$f":"IF($D136<>\"Serviço\",0,IF(AND(AUTOEVENTO=\"Manual\",$M136=1),0,IF(OFFSET(CRONOPLE!$F$14,$M136,AR$13)=\"\",10^12,OFFSET(CRONOPLE!$F$14,$M136,AR$13))))","v":1000000000000},{"$f":"IF($D136<>\"Serviço\",0,IF(AND(AUTOEVENTO=\"Manual\",$M136=1),0,IF(OFFSET(CRONOPLE!$F$14,$M136,AS$13)=\"\",10^12,OFFSET(CRONOPLE!$F$14,$M136,AS$13))))","v":1000000000000},{"$f":"IF($D136<>\"Serviço\",0,IF(AND(AUTOEVENTO=\"Manual\",$M136=1),0,IF(OFFSET(CRONOPLE!$F$14,$M136,AT$13)=\"\",10^12,OFFSET(CRONOPLE!$F$14,$M136,AT$13))))","v":1000000000000},{"$f":"IF($D136<>\"Serviço\",0,IF(AND(AUTOEVENTO=\"Manual\",$M136=1),0,IF(OFFSET(CRONOPLE!$F$14,$M136,AU$13)=\"\",10^12,OFFSET(CRONOPLE!$F$14,$M136,AU$13))))","v":1000000000000},{"$f":"IF($D136<>\"Serviço\",0,IF(AND(AUTOEVENTO=\"Manual\",$M136=1),0,IF(OFFSET(CRONOPLE!$F$14,$M136,AV$13)=\"\",10^12,OFFSET(CRONOPLE!$F$14,$M136,AV$13))))","v":1000000000000},null,{"$f":"IF($D136<>\"Serviço\",0,IF(OR(AND(AUTOEVENTO=\"Manual\",$M136=1),$M136>(ROW(PLE.lastrow)-ROW(PLE.firstrow))),0,IF(OFFSET(PLE!$G$14,$M136,AX$13)=\"\",10^12,OFFSET(PLE!$G$14,$M136,AX$13))))","v":1000000000000},{"$f":"IF($D136<>\"Serviço\",0,IF(OR(AND(AUTOEVENTO=\"Manual\",$M136=1),$M136>(ROW(PLE.lastrow)-ROW(PLE.firstrow))),0,IF(OFFSET(PLE!$G$14,$M136,AY$13)=\"\",10^12,OFFSET(PLE!$G$14,$M136,AY$13))))","v":1000000000000},{"$f":"IF($D136<>\"Serviço\",0,IF(OR(AND(AUTOEVENTO=\"Manual\",$M136=1),$M136>(ROW(PLE.lastrow)-ROW(PLE.firstrow))),0,IF(OFFSET(PLE!$G$14,$M136,AZ$13)=\"\",10^12,OFFSET(PLE!$G$14,$M136,AZ$13))))","v":1000000000000},{"$f":"IF($D136<>\"Serviço\",0,IF(OR(AND(AUTOEVENTO=\"Manual\",$M136=1),$M136>(ROW(PLE.lastrow)-ROW(PLE.firstrow))),0,IF(OFFSET(PLE!$G$14,$M136,BA$13)=\"\",10^12,OFFSET(PLE!$G$14,$M136,BA$13))))","v":1000000000000},{"$f":"IF($D136<>\"Serviço\",0,IF(OR(AND(AUTOEVENTO=\"Manual\",$M136=1),$M136>(ROW(PLE.lastrow)-ROW(PLE.firstrow))),0,IF(OFFSET(PLE!$G$14,$M136,BB$13)=\"\",10^12,OFFSET(PLE!$G$14,$M136,BB$13))))","v":1000000000000},{"$f":"IF($D136<>\"Serviço\",0,IF(OR(AND(AUTOEVENTO=\"Manual\",$M136=1),$M136>(ROW(PLE.lastrow)-ROW(PLE.firstrow))),0,IF(OFFSET(PLE!$G$14,$M136,BC$13)=\"\",10^12,OFFSET(PLE!$G$14,$M136,BC$13))))","v":1000000000000},{"$f":"IF($D136<>\"Serviço\",0,IF(OR(AND(AUTOEVENTO=\"Manual\",$M136=1),$M136>(ROW(PLE.lastrow)-ROW(PLE.firstrow))),0,IF(OFFSET(PLE!$G$14,$M136,BD$13)=\"\",10^12,OFFSET(PLE!$G$14,$M136,BD$13))))","v":1000000000000},{"$f":"IF($D136<>\"Serviço\",0,IF(OR(AND(AUTOEVENTO=\"Manual\",$M136=1),$M136>(ROW(PLE.lastrow)-ROW(PLE.firstrow))),0,IF(OFFSET(PLE!$G$14,$M136,BE$13)=\"\",10^12,OFFSET(PLE!$G$14,$M136,BE$13))))","v":1000000000000},{"$f":"IF($D136<>\"Serviço\",0,IF(OR(AND(AUTOEVENTO=\"Manual\",$M136=1),$M136>(ROW(PLE.lastrow)-ROW(PLE.firstrow))),0,IF(OFFSET(PLE!$G$14,$M136,BF$13)=\"\",10^12,OFFSET(PLE!$G$14,$M136,BF$13))))","v":1000000000000},{"$f":"IF($D136<>\"Serviço\",0,IF(OR(AND(AUTOEVENTO=\"Manual\",$M136=1),$M136>(ROW(PLE.lastrow)-ROW(PLE.firstrow))),0,IF(OFFSET(PLE!$G$14,$M136,BG$13)=\"\",10^12,OFFSET(PLE!$G$14,$M136,BG$13))))","v":1000000000000}]
["111",{"$f":"OFFSET(ORÇAMENTO!C$15,ROW(B137)-ROW(B$15),0)","v":"S"},{"$f":"OFFSET(ORÇAMENTO!L$15,ROW(C137)-ROW(C$15),0)","v":"F"},{"$f":"OFFSET(ORÇAMENTO!N$15,ROW(D137)-ROW(D$15),0)","v":"Serviço"},{"$f":"OFFSET(ORÇAMENTO!O$15,ROW(E137)-ROW(E$15),0)","v":"1.13.0.11."},{"$f":"OFFSET(ORÇAMENTO!R$15,ROW(F137)-ROW(F$15),0)","v":"CAIXA D'ÁGUA EM POLIETILENO, 500 LITROS, (INCLUSOS TUBOS, 2 REGISTRO 25MM, 1 REGISTRO 32MM OUTRAS CONEXÕES E TORNEIRA DE BÓIA) - FORNECIMENTO E INSTALAÇÃO  (BASE 102622)"},{"$f":"IF($D137<>\"Serviço\",\"\",OFFSET(ORÇAMENTO!S$15,ROW(G137)-ROW(G$15),0))","v":"UNIDADE"},{"$f":"IF($D137<>\"Serviço\",0,IF(ACOMPANHAMENTO=\"BM\",ROUND(OFFSET(ORÇAMENTO!AJ$15,ROW(H137)-ROW(H$15),0),15-13*ORÇAMENTO!$AF$7),SUMPRODUCT(($Q$12:$AA$12<>\"\")*ROUND($Q137:$AA137,15-13*ORÇAMENTO!$AF$7))))","v":2},null,null,null,".",{"$f":"IF($D137<>\"Serviço\",\"\",IF(AUTOEVENTO=\"manual\",$A137,IF(ISERROR(MATCH($A137,$A$15:OFFSET($A137,-1,0),0)),MAX($M$15:OFFSET(M137,-1,0))+1,INDEX($M$15:OFFSET(M137,-1,0),MATCH($A137,$A$15:OFFSET($A137,-1,0),0)))))","v":14},{"$f":"IF($D137<>\"Serviço\",\"\",IF(AUTOEVENTO=\"Manual\",IF($A137=0,\"<-- defina o número do agrupador\",OFFSET(EVENTOS!$D$14,$A137,0)),OFFSET($F$15,$A137,0)))","v":"INSTALAÇÕES HIDROSSANITÁRIAS (AGUA FRIA)"},null,null,2,null,null,null,null,null,null,null,null,null,null,{"$f":"IF(AND($D137=\"Serviço\",AB$12<>0,$H137>0,OR(AUTOEVENTO<>\"manual\",$M137<>1)),\nIF(Import.TipoArredondamento<>\"TransfereGOV\",\nROUND(OFFSET($P137,0,AB$13),15-13*ORÇAMENTO!$AF$7)/$H137*OFFSET(ORÇAMENTO!$X$15,ROW(AB137)-ROW(AB$15),0),\nROUND(ROUND(OFFSET($P137,0,AB$13),15-13*ORÇAMENTO!$AF$7)*OFFSET(ORÇAMENTO!$W$15,ROW(AB137)-ROW(AB$15),0),15-13*ORÇAMENTO!$AF$11)),0)","v":1670.14},{"$f":"IF(AND($D137=\"Serviço\",AC$12<>0,$H137>0,OR(AUTOEVENTO<>\"manual\",$M137<>1)),\nIF(Import.TipoArredondamento<>\"TransfereGOV\",\nROUND(OFFSET($P137,0,AC$13),15-13*ORÇAMENTO!$AF$7)/$H137*OFFSET(ORÇAMENTO!$X$15,ROW(AC137)-ROW(AC$15),0),\nROUND(ROUND(OFFSET($P137,0,AC$13),15-13*ORÇAMENTO!$AF$7)*OFFSET(ORÇAMENTO!$W$15,ROW(AC137)-ROW(AC$15),0),15-13*ORÇAMENTO!$AF$11)),0)","v":0},{"$f":"IF(AND($D137=\"Serviço\",AD$12<>0,$H137>0,OR(AUTOEVENTO<>\"manual\",$M137<>1)),\nIF(Import.TipoArredondamento<>\"TransfereGOV\",\nROUND(OFFSET($P137,0,AD$13),15-13*ORÇAMENTO!$AF$7)/$H137*OFFSET(ORÇAMENTO!$X$15,ROW(AD137)-ROW(AD$15),0),\nROUND(ROUND(OFFSET($P137,0,AD$13),15-13*ORÇAMENTO!$AF$7)*OFFSET(ORÇAMENTO!$W$15,ROW(AD137)-ROW(AD$15),0),15-13*ORÇAMENTO!$AF$11)),0)","v":0},{"$f":"IF(AND($D137=\"Serviço\",AE$12<>0,$H137>0,OR(AUTOEVENTO<>\"manual\",$M137<>1)),\nIF(Import.TipoArredondamento<>\"TransfereGOV\",\nROUND(OFFSET($P137,0,AE$13),15-13*ORÇAMENTO!$AF$7)/$H137*OFFSET(ORÇAMENTO!$X$15,ROW(AE137)-ROW(AE$15),0),\nROUND(ROUND(OFFSET($P137,0,AE$13),15-13*ORÇAMENTO!$AF$7)*OFFSET(ORÇAMENTO!$W$15,ROW(AE137)-ROW(AE$15),0),15-13*ORÇAMENTO!$AF$11)),0)","v":0},{"$f":"IF(AND($D137=\"Serviço\",AF$12<>0,$H137>0,OR(AUTOEVENTO<>\"manual\",$M137<>1)),\nIF(Import.TipoArredondamento<>\"TransfereGOV\",\nROUND(OFFSET($P137,0,AF$13),15-13*ORÇAMENTO!$AF$7)/$H137*OFFSET(ORÇAMENTO!$X$15,ROW(AF137)-ROW(AF$15),0),\nROUND(ROUND(OFFSET($P137,0,AF$13),15-13*ORÇAMENTO!$AF$7)*OFFSET(ORÇAMENTO!$W$15,ROW(AF137)-ROW(AF$15),0),15-13*ORÇAMENTO!$AF$11)),0)","v":0},{"$f":"IF(AND($D137=\"Serviço\",AG$12<>0,$H137>0,OR(AUTOEVENTO<>\"manual\",$M137<>1)),\nIF(Import.TipoArredondamento<>\"TransfereGOV\",\nROUND(OFFSET($P137,0,AG$13),15-13*ORÇAMENTO!$AF$7)/$H137*OFFSET(ORÇAMENTO!$X$15,ROW(AG137)-ROW(AG$15),0),\nROUND(ROUND(OFFSET($P137,0,AG$13),15-13*ORÇAMENTO!$AF$7)*OFFSET(ORÇAMENTO!$W$15,ROW(AG137)-ROW(AG$15),0),15-13*ORÇAMENTO!$AF$11)),0)","v":0},{"$f":"IF(AND($D137=\"Serviço\",AH$12<>0,$H137>0,OR(AUTOEVENTO<>\"manual\",$M137<>1)),\nIF(Import.TipoArredondamento<>\"TransfereGOV\",\nROUND(OFFSET($P137,0,AH$13),15-13*ORÇAMENTO!$AF$7)/$H137*OFFSET(ORÇAMENTO!$X$15,ROW(AH137)-ROW(AH$15),0),\nROUND(ROUND(OFFSET($P137,0,AH$13),15-13*ORÇAMENTO!$AF$7)*OFFSET(ORÇAMENTO!$W$15,ROW(AH137)-ROW(AH$15),0),15-13*ORÇAMENTO!$AF$11)),0)","v":0},{"$f":"IF(AND($D137=\"Serviço\",AI$12<>0,$H137>0,OR(AUTOEVENTO<>\"manual\",$M137<>1)),\nIF(Import.TipoArredondamento<>\"TransfereGOV\",\nROUND(OFFSET($P137,0,AI$13),15-13*ORÇAMENTO!$AF$7)/$H137*OFFSET(ORÇAMENTO!$X$15,ROW(AI137)-ROW(AI$15),0),\nROUND(ROUND(OFFSET($P137,0,AI$13),15-13*ORÇAMENTO!$AF$7)*OFFSET(ORÇAMENTO!$W$15,ROW(AI137)-ROW(AI$15),0),15-13*ORÇAMENTO!$AF$11)),0)","v":0},{"$f":"IF(AND($D137=\"Serviço\",AJ$12<>0,$H137>0,OR(AUTOEVENTO<>\"manual\",$M137<>1)),\nIF(Import.TipoArredondamento<>\"TransfereGOV\",\nROUND(OFFSET($P137,0,AJ$13),15-13*ORÇAMENTO!$AF$7)/$H137*OFFSET(ORÇAMENTO!$X$15,ROW(AJ137)-ROW(AJ$15),0),\nROUND(ROUND(OFFSET($P137,0,AJ$13),15-13*ORÇAMENTO!$AF$7)*OFFSET(ORÇAMENTO!$W$15,ROW(AJ137)-ROW(AJ$15),0),15-13*ORÇAMENTO!$AF$11)),0)","v":0},{"$f":"IF(AND($D137=\"Serviço\",AK$12<>0,$H137>0,OR(AUTOEVENTO<>\"manual\",$M137<>1)),\nIF(Import.TipoArredondamento<>\"TransfereGOV\",\nROUND(OFFSET($P137,0,AK$13),15-13*ORÇAMENTO!$AF$7)/$H137*OFFSET(ORÇAMENTO!$X$15,ROW(AK137)-ROW(AK$15),0),\nROUND(ROUND(OFFSET($P137,0,AK$13),15-13*ORÇAMENTO!$AF$7)*OFFSET(ORÇAMENTO!$W$15,ROW(AK137)-ROW(AK$15),0),15-13*ORÇAMENTO!$AF$11)),0)","v":0},null,{"$f":"IF($D137<>\"Serviço\",0,IF(AND(AUTOEVENTO=\"Manual\",$M137=1),0,IF(OFFSET(CRONOPLE!$F$14,$M137,AM$13)=\"\",10^12,OFFSET(CRONOPLE!$F$14,$M137,AM$13))))","v":1000000000000},{"$f":"IF($D137<>\"Serviço\",0,IF(AND(AUTOEVENTO=\"Manual\",$M137=1),0,IF(OFFSET(CRONOPLE!$F$14,$M137,AN$13)=\"\",10^12,OFFSET(CRONOPLE!$F$14,$M137,AN$13))))","v":1000000000000},{"$f":"IF($D137<>\"Serviço\",0,IF(AND(AUTOEVENTO=\"Manual\",$M137=1),0,IF(OFFSET(CRONOPLE!$F$14,$M137,AO$13)=\"\",10^12,OFFSET(CRONOPLE!$F$14,$M137,AO$13))))","v":1000000000000},{"$f":"IF($D137<>\"Serviço\",0,IF(AND(AUTOEVENTO=\"Manual\",$M137=1),0,IF(OFFSET(CRONOPLE!$F$14,$M137,AP$13)=\"\",10^12,OFFSET(CRONOPLE!$F$14,$M137,AP$13))))","v":1000000000000},{"$f":"IF($D137<>\"Serviço\",0,IF(AND(AUTOEVENTO=\"Manual\",$M137=1),0,IF(OFFSET(CRONOPLE!$F$14,$M137,AQ$13)=\"\",10^12,OFFSET(CRONOPLE!$F$14,$M137,AQ$13))))","v":1000000000000},{"$f":"IF($D137<>\"Serviço\",0,IF(AND(AUTOEVENTO=\"Manual\",$M137=1),0,IF(OFFSET(CRONOPLE!$F$14,$M137,AR$13)=\"\",10^12,OFFSET(CRONOPLE!$F$14,$M137,AR$13))))","v":1000000000000},{"$f":"IF($D137<>\"Serviço\",0,IF(AND(AUTOEVENTO=\"Manual\",$M137=1),0,IF(OFFSET(CRONOPLE!$F$14,$M137,AS$13)=\"\",10^12,OFFSET(CRONOPLE!$F$14,$M137,AS$13))))","v":1000000000000},{"$f":"IF($D137<>\"Serviço\",0,IF(AND(AUTOEVENTO=\"Manual\",$M137=1),0,IF(OFFSET(CRONOPLE!$F$14,$M137,AT$13)=\"\",10^12,OFFSET(CRONOPLE!$F$14,$M137,AT$13))))","v":1000000000000},{"$f":"IF($D137<>\"Serviço\",0,IF(AND(AUTOEVENTO=\"Manual\",$M137=1),0,IF(OFFSET(CRONOPLE!$F$14,$M137,AU$13)=\"\",10^12,OFFSET(CRONOPLE!$F$14,$M137,AU$13))))","v":1000000000000},{"$f":"IF($D137<>\"Serviço\",0,IF(AND(AUTOEVENTO=\"Manual\",$M137=1),0,IF(OFFSET(CRONOPLE!$F$14,$M137,AV$13)=\"\",10^12,OFFSET(CRONOPLE!$F$14,$M137,AV$13))))","v":1000000000000},null,{"$f":"IF($D137<>\"Serviço\",0,IF(OR(AND(AUTOEVENTO=\"Manual\",$M137=1),$M137>(ROW(PLE.lastrow)-ROW(PLE.firstrow))),0,IF(OFFSET(PLE!$G$14,$M137,AX$13)=\"\",10^12,OFFSET(PLE!$G$14,$M137,AX$13))))","v":1000000000000},{"$f":"IF($D137<>\"Serviço\",0,IF(OR(AND(AUTOEVENTO=\"Manual\",$M137=1),$M137>(ROW(PLE.lastrow)-ROW(PLE.firstrow))),0,IF(OFFSET(PLE!$G$14,$M137,AY$13)=\"\",10^12,OFFSET(PLE!$G$14,$M137,AY$13))))","v":1000000000000},{"$f":"IF($D137<>\"Serviço\",0,IF(OR(AND(AUTOEVENTO=\"Manual\",$M137=1),$M137>(ROW(PLE.lastrow)-ROW(PLE.firstrow))),0,IF(OFFSET(PLE!$G$14,$M137,AZ$13)=\"\",10^12,OFFSET(PLE!$G$14,$M137,AZ$13))))","v":1000000000000},{"$f":"IF($D137<>\"Serviço\",0,IF(OR(AND(AUTOEVENTO=\"Manual\",$M137=1),$M137>(ROW(PLE.lastrow)-ROW(PLE.firstrow))),0,IF(OFFSET(PLE!$G$14,$M137,BA$13)=\"\",10^12,OFFSET(PLE!$G$14,$M137,BA$13))))","v":1000000000000},{"$f":"IF($D137<>\"Serviço\",0,IF(OR(AND(AUTOEVENTO=\"Manual\",$M137=1),$M137>(ROW(PLE.lastrow)-ROW(PLE.firstrow))),0,IF(OFFSET(PLE!$G$14,$M137,BB$13)=\"\",10^12,OFFSET(PLE!$G$14,$M137,BB$13))))","v":1000000000000},{"$f":"IF($D137<>\"Serviço\",0,IF(OR(AND(AUTOEVENTO=\"Manual\",$M137=1),$M137>(ROW(PLE.lastrow)-ROW(PLE.firstrow))),0,IF(OFFSET(PLE!$G$14,$M137,BC$13)=\"\",10^12,OFFSET(PLE!$G$14,$M137,BC$13))))","v":1000000000000},{"$f":"IF($D137<>\"Serviço\",0,IF(OR(AND(AUTOEVENTO=\"Manual\",$M137=1),$M137>(ROW(PLE.lastrow)-ROW(PLE.firstrow))),0,IF(OFFSET(PLE!$G$14,$M137,BD$13)=\"\",10^12,OFFSET(PLE!$G$14,$M137,BD$13))))","v":1000000000000},{"$f":"IF($D137<>\"Serviço\",0,IF(OR(AND(AUTOEVENTO=\"Manual\",$M137=1),$M137>(ROW(PLE.lastrow)-ROW(PLE.firstrow))),0,IF(OFFSET(PLE!$G$14,$M137,BE$13)=\"\",10^12,OFFSET(PLE!$G$14,$M137,BE$13))))","v":1000000000000},{"$f":"IF($D137<>\"Serviço\",0,IF(OR(AND(AUTOEVENTO=\"Manual\",$M137=1),$M137>(ROW(PLE.lastrow)-ROW(PLE.firstrow))),0,IF(OFFSET(PLE!$G$14,$M137,BF$13)=\"\",10^12,OFFSET(PLE!$G$14,$M137,BF$13))))","v":1000000000000},{"$f":"IF($D137<>\"Serviço\",0,IF(OR(AND(AUTOEVENTO=\"Manual\",$M137=1),$M137>(ROW(PLE.lastrow)-ROW(PLE.firstrow))),0,IF(OFFSET(PLE!$G$14,$M137,BG$13)=\"\",10^12,OFFSET(PLE!$G$14,$M137,BG$13))))","v":1000000000000}]
["111",{"$f":"OFFSET(ORÇAMENTO!C$15,ROW(B138)-ROW(B$15),0)","v":"S"},{"$f":"OFFSET(ORÇAMENTO!L$15,ROW(C138)-ROW(C$15),0)","v":"F"},{"$f":"OFFSET(ORÇAMENTO!N$15,ROW(D138)-ROW(D$15),0)","v":"Serviço"},{"$f":"OFFSET(ORÇAMENTO!O$15,ROW(E138)-ROW(E$15),0)","v":"1.13.0.12."},{"$f":"OFFSET(ORÇAMENTO!R$15,ROW(F138)-ROW(F$15),0)","v":"TUBO, PVC, SOLDÁVEL, DE 32MM, INSTALADO EM RESERVAÇÃO PREDIAL DE ÁGUA - FORNECIMENTO E INSTALAÇÃO. AF_04/2024"},{"$f":"IF($D138<>\"Serviço\",\"\",OFFSET(ORÇAMENTO!S$15,ROW(G138)-ROW(G$15),0))","v":"M"},{"$f":"IF($D138<>\"Serviço\",0,IF(ACOMPANHAMENTO=\"BM\",ROUND(OFFSET(ORÇAMENTO!AJ$15,ROW(H138)-ROW(H$15),0),15-13*ORÇAMENTO!$AF$7),SUMPRODUCT(($Q$12:$AA$12<>\"\")*ROUND($Q138:$AA138,15-13*ORÇAMENTO!$AF$7))))","v":39.369999999999997},null,null,null,".",{"$f":"IF($D138<>\"Serviço\",\"\",IF(AUTOEVENTO=\"manual\",$A138,IF(ISERROR(MATCH($A138,$A$15:OFFSET($A138,-1,0),0)),MAX($M$15:OFFSET(M138,-1,0))+1,INDEX($M$15:OFFSET(M138,-1,0),MATCH($A138,$A$15:OFFSET($A138,-1,0),0)))))","v":14},{"$f":"IF($D138<>\"Serviço\",\"\",IF(AUTOEVENTO=\"Manual\",IF($A138=0,\"<-- defina o número do agrupador\",OFFSET(EVENTOS!$D$14,$A138,0)),OFFSET($F$15,$A138,0)))","v":"INSTALAÇÕES HIDROSSANITÁRIAS (AGUA FRIA)"},null,null,{"$f":"5.69+1+5.2+2.63+1.28+0.16+1.31+2.64+2+6.18+4.16+0.1+0.25+0.25+1.09+1.92+1.11+0.7+0.7+1","v":39.370000000000012},null,null,null,null,null,null,null,null,null,null,{"$f":"IF(AND($D138=\"Serviço\",AB$12<>0,$H138>0,OR(AUTOEVENTO<>\"manual\",$M138<>1)),\nIF(Import.TipoArredondamento<>\"TransfereGOV\",\nROUND(OFFSET($P138,0,AB$13),15-13*ORÇAMENTO!$AF$7)/$H138*OFFSET(ORÇAMENTO!$X$15,ROW(AB138)-ROW(AB$15),0),\nROUND(ROUND(OFFSET($P138,0,AB$13),15-13*ORÇAMENTO!$AF$7)*OFFSET(ORÇAMENTO!$W$15,ROW(AB138)-ROW(AB$15),0),15-13*ORÇAMENTO!$AF$11)),0)","v":629.53},{"$f":"IF(AND($D138=\"Serviço\",AC$12<>0,$H138>0,OR(AUTOEVENTO<>\"manual\",$M138<>1)),\nIF(Import.TipoArredondamento<>\"TransfereGOV\",\nROUND(OFFSET($P138,0,AC$13),15-13*ORÇAMENTO!$AF$7)/$H138*OFFSET(ORÇAMENTO!$X$15,ROW(AC138)-ROW(AC$15),0),\nROUND(ROUND(OFFSET($P138,0,AC$13),15-13*ORÇAMENTO!$AF$7)*OFFSET(ORÇAMENTO!$W$15,ROW(AC138)-ROW(AC$15),0),15-13*ORÇAMENTO!$AF$11)),0)","v":0},{"$f":"IF(AND($D138=\"Serviço\",AD$12<>0,$H138>0,OR(AUTOEVENTO<>\"manual\",$M138<>1)),\nIF(Import.TipoArredondamento<>\"TransfereGOV\",\nROUND(OFFSET($P138,0,AD$13),15-13*ORÇAMENTO!$AF$7)/$H138*OFFSET(ORÇAMENTO!$X$15,ROW(AD138)-ROW(AD$15),0),\nROUND(ROUND(OFFSET($P138,0,AD$13),15-13*ORÇAMENTO!$AF$7)*OFFSET(ORÇAMENTO!$W$15,ROW(AD138)-ROW(AD$15),0),15-13*ORÇAMENTO!$AF$11)),0)","v":0},{"$f":"IF(AND($D138=\"Serviço\",AE$12<>0,$H138>0,OR(AUTOEVENTO<>\"manual\",$M138<>1)),\nIF(Import.TipoArredondamento<>\"TransfereGOV\",\nROUND(OFFSET($P138,0,AE$13),15-13*ORÇAMENTO!$AF$7)/$H138*OFFSET(ORÇAMENTO!$X$15,ROW(AE138)-ROW(AE$15),0),\nROUND(ROUND(OFFSET($P138,0,AE$13),15-13*ORÇAMENTO!$AF$7)*OFFSET(ORÇAMENTO!$W$15,ROW(AE138)-ROW(AE$15),0),15-13*ORÇAMENTO!$AF$11)),0)","v":0},{"$f":"IF(AND($D138=\"Serviço\",AF$12<>0,$H138>0,OR(AUTOEVENTO<>\"manual\",$M138<>1)),\nIF(Import.TipoArredondamento<>\"TransfereGOV\",\nROUND(OFFSET($P138,0,AF$13),15-13*ORÇAMENTO!$AF$7)/$H138*OFFSET(ORÇAMENTO!$X$15,ROW(AF138)-ROW(AF$15),0),\nROUND(ROUND(OFFSET($P138,0,AF$13),15-13*ORÇAMENTO!$AF$7)*OFFSET(ORÇAMENTO!$W$15,ROW(AF138)-ROW(AF$15),0),15-13*ORÇAMENTO!$AF$11)),0)","v":0},{"$f":"IF(AND($D138=\"Serviço\",AG$12<>0,$H138>0,OR(AUTOEVENTO<>\"manual\",$M138<>1)),\nIF(Import.TipoArredondamento<>\"TransfereGOV\",\nROUND(OFFSET($P138,0,AG$13),15-13*ORÇAMENTO!$AF$7)/$H138*OFFSET(ORÇAMENTO!$X$15,ROW(AG138)-ROW(AG$15),0),\nROUND(ROUND(OFFSET($P138,0,AG$13),15-13*ORÇAMENTO!$AF$7)*OFFSET(ORÇAMENTO!$W$15,ROW(AG138)-ROW(AG$15),0),15-13*ORÇAMENTO!$AF$11)),0)","v":0},{"$f":"IF(AND($D138=\"Serviço\",AH$12<>0,$H138>0,OR(AUTOEVENTO<>\"manual\",$M138<>1)),\nIF(Import.TipoArredondamento<>\"TransfereGOV\",\nROUND(OFFSET($P138,0,AH$13),15-13*ORÇAMENTO!$AF$7)/$H138*OFFSET(ORÇAMENTO!$X$15,ROW(AH138)-ROW(AH$15),0),\nROUND(ROUND(OFFSET($P138,0,AH$13),15-13*ORÇAMENTO!$AF$7)*OFFSET(ORÇAMENTO!$W$15,ROW(AH138)-ROW(AH$15),0),15-13*ORÇAMENTO!$AF$11)),0)","v":0},{"$f":"IF(AND($D138=\"Serviço\",AI$12<>0,$H138>0,OR(AUTOEVENTO<>\"manual\",$M138<>1)),\nIF(Import.TipoArredondamento<>\"TransfereGOV\",\nROUND(OFFSET($P138,0,AI$13),15-13*ORÇAMENTO!$AF$7)/$H138*OFFSET(ORÇAMENTO!$X$15,ROW(AI138)-ROW(AI$15),0),\nROUND(ROUND(OFFSET($P138,0,AI$13),15-13*ORÇAMENTO!$AF$7)*OFFSET(ORÇAMENTO!$W$15,ROW(AI138)-ROW(AI$15),0),15-13*ORÇAMENTO!$AF$11)),0)","v":0},{"$f":"IF(AND($D138=\"Serviço\",AJ$12<>0,$H138>0,OR(AUTOEVENTO<>\"manual\",$M138<>1)),\nIF(Import.TipoArredondamento<>\"TransfereGOV\",\nROUND(OFFSET($P138,0,AJ$13),15-13*ORÇAMENTO!$AF$7)/$H138*OFFSET(ORÇAMENTO!$X$15,ROW(AJ138)-ROW(AJ$15),0),\nROUND(ROUND(OFFSET($P138,0,AJ$13),15-13*ORÇAMENTO!$AF$7)*OFFSET(ORÇAMENTO!$W$15,ROW(AJ138)-ROW(AJ$15),0),15-13*ORÇAMENTO!$AF$11)),0)","v":0},{"$f":"IF(AND($D138=\"Serviço\",AK$12<>0,$H138>0,OR(AUTOEVENTO<>\"manual\",$M138<>1)),\nIF(Import.TipoArredondamento<>\"TransfereGOV\",\nROUND(OFFSET($P138,0,AK$13),15-13*ORÇAMENTO!$AF$7)/$H138*OFFSET(ORÇAMENTO!$X$15,ROW(AK138)-ROW(AK$15),0),\nROUND(ROUND(OFFSET($P138,0,AK$13),15-13*ORÇAMENTO!$AF$7)*OFFSET(ORÇAMENTO!$W$15,ROW(AK138)-ROW(AK$15),0),15-13*ORÇAMENTO!$AF$11)),0)","v":0},null,{"$f":"IF($D138<>\"Serviço\",0,IF(AND(AUTOEVENTO=\"Manual\",$M138=1),0,IF(OFFSET(CRONOPLE!$F$14,$M138,AM$13)=\"\",10^12,OFFSET(CRONOPLE!$F$14,$M138,AM$13))))","v":1000000000000},{"$f":"IF($D138<>\"Serviço\",0,IF(AND(AUTOEVENTO=\"Manual\",$M138=1),0,IF(OFFSET(CRONOPLE!$F$14,$M138,AN$13)=\"\",10^12,OFFSET(CRONOPLE!$F$14,$M138,AN$13))))","v":1000000000000},{"$f":"IF($D138<>\"Serviço\",0,IF(AND(AUTOEVENTO=\"Manual\",$M138=1),0,IF(OFFSET(CRONOPLE!$F$14,$M138,AO$13)=\"\",10^12,OFFSET(CRONOPLE!$F$14,$M138,AO$13))))","v":1000000000000},{"$f":"IF($D138<>\"Serviço\",0,IF(AND(AUTOEVENTO=\"Manual\",$M138=1),0,IF(OFFSET(CRONOPLE!$F$14,$M138,AP$13)=\"\",10^12,OFFSET(CRONOPLE!$F$14,$M138,AP$13))))","v":1000000000000},{"$f":"IF($D138<>\"Serviço\",0,IF(AND(AUTOEVENTO=\"Manual\",$M138=1),0,IF(OFFSET(CRONOPLE!$F$14,$M138,AQ$13)=\"\",10^12,OFFSET(CRONOPLE!$F$14,$M138,AQ$13))))","v":1000000000000},{"$f":"IF($D138<>\"Serviço\",0,IF(AND(AUTOEVENTO=\"Manual\",$M138=1),0,IF(OFFSET(CRONOPLE!$F$14,$M138,AR$13)=\"\",10^12,OFFSET(CRONOPLE!$F$14,$M138,AR$13))))","v":1000000000000},{"$f":"IF($D138<>\"Serviço\",0,IF(AND(AUTOEVENTO=\"Manual\",$M138=1),0,IF(OFFSET(CRONOPLE!$F$14,$M138,AS$13)=\"\",10^12,OFFSET(CRONOPLE!$F$14,$M138,AS$13))))","v":1000000000000},{"$f":"IF($D138<>\"Serviço\",0,IF(AND(AUTOEVENTO=\"Manual\",$M138=1),0,IF(OFFSET(CRONOPLE!$F$14,$M138,AT$13)=\"\",10^12,OFFSET(CRONOPLE!$F$14,$M138,AT$13))))","v":1000000000000},{"$f":"IF($D138<>\"Serviço\",0,IF(AND(AUTOEVENTO=\"Manual\",$M138=1),0,IF(OFFSET(CRONOPLE!$F$14,$M138,AU$13)=\"\",10^12,OFFSET(CRONOPLE!$F$14,$M138,AU$13))))","v":1000000000000},{"$f":"IF($D138<>\"Serviço\",0,IF(AND(AUTOEVENTO=\"Manual\",$M138=1),0,IF(OFFSET(CRONOPLE!$F$14,$M138,AV$13)=\"\",10^12,OFFSET(CRONOPLE!$F$14,$M138,AV$13))))","v":1000000000000},null,{"$f":"IF($D138<>\"Serviço\",0,IF(OR(AND(AUTOEVENTO=\"Manual\",$M138=1),$M138>(ROW(PLE.lastrow)-ROW(PLE.firstrow))),0,IF(OFFSET(PLE!$G$14,$M138,AX$13)=\"\",10^12,OFFSET(PLE!$G$14,$M138,AX$13))))","v":1000000000000},{"$f":"IF($D138<>\"Serviço\",0,IF(OR(AND(AUTOEVENTO=\"Manual\",$M138=1),$M138>(ROW(PLE.lastrow)-ROW(PLE.firstrow))),0,IF(OFFSET(PLE!$G$14,$M138,AY$13)=\"\",10^12,OFFSET(PLE!$G$14,$M138,AY$13))))","v":1000000000000},{"$f":"IF($D138<>\"Serviço\",0,IF(OR(AND(AUTOEVENTO=\"Manual\",$M138=1),$M138>(ROW(PLE.lastrow)-ROW(PLE.firstrow))),0,IF(OFFSET(PLE!$G$14,$M138,AZ$13)=\"\",10^12,OFFSET(PLE!$G$14,$M138,AZ$13))))","v":1000000000000},{"$f":"IF($D138<>\"Serviço\",0,IF(OR(AND(AUTOEVENTO=\"Manual\",$M138=1),$M138>(ROW(PLE.lastrow)-ROW(PLE.firstrow))),0,IF(OFFSET(PLE!$G$14,$M138,BA$13)=\"\",10^12,OFFSET(PLE!$G$14,$M138,BA$13))))","v":1000000000000},{"$f":"IF($D138<>\"Serviço\",0,IF(OR(AND(AUTOEVENTO=\"Manual\",$M138=1),$M138>(ROW(PLE.lastrow)-ROW(PLE.firstrow))),0,IF(OFFSET(PLE!$G$14,$M138,BB$13)=\"\",10^12,OFFSET(PLE!$G$14,$M138,BB$13))))","v":1000000000000},{"$f":"IF($D138<>\"Serviço\",0,IF(OR(AND(AUTOEVENTO=\"Manual\",$M138=1),$M138>(ROW(PLE.lastrow)-ROW(PLE.firstrow))),0,IF(OFFSET(PLE!$G$14,$M138,BC$13)=\"\",10^12,OFFSET(PLE!$G$14,$M138,BC$13))))","v":1000000000000},{"$f":"IF($D138<>\"Serviço\",0,IF(OR(AND(AUTOEVENTO=\"Manual\",$M138=1),$M138>(ROW(PLE.lastrow)-ROW(PLE.firstrow))),0,IF(OFFSET(PLE!$G$14,$M138,BD$13)=\"\",10^12,OFFSET(PLE!$G$14,$M138,BD$13))))","v":1000000000000},{"$f":"IF($D138<>\"Serviço\",0,IF(OR(AND(AUTOEVENTO=\"Manual\",$M138=1),$M138>(ROW(PLE.lastrow)-ROW(PLE.firstrow))),0,IF(OFFSET(PLE!$G$14,$M138,BE$13)=\"\",10^12,OFFSET(PLE!$G$14,$M138,BE$13))))","v":1000000000000},{"$f":"IF($D138<>\"Serviço\",0,IF(OR(AND(AUTOEVENTO=\"Manual\",$M138=1),$M138>(ROW(PLE.lastrow)-ROW(PLE.firstrow))),0,IF(OFFSET(PLE!$G$14,$M138,BF$13)=\"\",10^12,OFFSET(PLE!$G$14,$M138,BF$13))))","v":1000000000000},{"$f":"IF($D138<>\"Serviço\",0,IF(OR(AND(AUTOEVENTO=\"Manual\",$M138=1),$M138>(ROW(PLE.lastrow)-ROW(PLE.firstrow))),0,IF(OFFSET(PLE!$G$14,$M138,BG$13)=\"\",10^12,OFFSET(PLE!$G$14,$M138,BG$13))))","v":1000000000000}]
["111",{"$f":"OFFSET(ORÇAMENTO!C$15,ROW(B139)-ROW(B$15),0)","v":"S"},{"$f":"OFFSET(ORÇAMENTO!L$15,ROW(C139)-ROW(C$15),0)","v":"F"},{"$f":"OFFSET(ORÇAMENTO!N$15,ROW(D139)-ROW(D$15),0)","v":"Serviço"},{"$f":"OFFSET(ORÇAMENTO!O$15,ROW(E139)-ROW(E$15),0)","v":"1.13.0.13."},{"$f":"OFFSET(ORÇAMENTO!R$15,ROW(F139)-ROW(F$15),0)","v":"TÊ, PVC, SOLDÁVEL, DN 32 MM INSTALADO EM RESERVAÇÃO PREDIAL DE ÁGUA - FORNECIMENTO E INSTALAÇÃO. AF_04/2024"},{"$f":"IF($D139<>\"Serviço\",\"\",OFFSET(ORÇAMENTO!S$15,ROW(G139)-ROW(G$15),0))","v":"UN"},{"$f":"IF($D139<>\"Serviço\",0,IF(ACOMPANHAMENTO=\"BM\",ROUND(OFFSET(ORÇAMENTO!AJ$15,ROW(H139)-ROW(H$15),0),15-13*ORÇAMENTO!$AF$7),SUMPRODUCT(($Q$12:$AA$12<>\"\")*ROUND($Q139:$AA139,15-13*ORÇAMENTO!$AF$7))))","v":6},null,null,null,".",{"$f":"IF($D139<>\"Serviço\",\"\",IF(AUTOEVENTO=\"manual\",$A139,IF(ISERROR(MATCH($A139,$A$15:OFFSET($A139,-1,0),0)),MAX($M$15:OFFSET(M139,-1,0))+1,INDEX($M$15:OFFSET(M139,-1,0),MATCH($A139,$A$15:OFFSET($A139,-1,0),0)))))","v":14},{"$f":"IF($D139<>\"Serviço\",\"\",IF(AUTOEVENTO=\"Manual\",IF($A139=0,\"<-- defina o número do agrupador\",OFFSET(EVENTOS!$D$14,$A139,0)),OFFSET($F$15,$A139,0)))","v":"INSTALAÇÕES HIDROSSANITÁRIAS (AGUA FRIA)"},null,null,6,null,null,null,null,null,null,null,null,null,null,{"$f":"IF(AND($D139=\"Serviço\",AB$12<>0,$H139>0,OR(AUTOEVENTO<>\"manual\",$M139<>1)),\nIF(Import.TipoArredondamento<>\"TransfereGOV\",\nROUND(OFFSET($P139,0,AB$13),15-13*ORÇAMENTO!$AF$7)/$H139*OFFSET(ORÇAMENTO!$X$15,ROW(AB139)-ROW(AB$15),0),\nROUND(ROUND(OFFSET($P139,0,AB$13),15-13*ORÇAMENTO!$AF$7)*OFFSET(ORÇAMENTO!$W$15,ROW(AB139)-ROW(AB$15),0),15-13*ORÇAMENTO!$AF$11)),0)","v":83.52},{"$f":"IF(AND($D139=\"Serviço\",AC$12<>0,$H139>0,OR(AUTOEVENTO<>\"manual\",$M139<>1)),\nIF(Import.TipoArredondamento<>\"TransfereGOV\",\nROUND(OFFSET($P139,0,AC$13),15-13*ORÇAMENTO!$AF$7)/$H139*OFFSET(ORÇAMENTO!$X$15,ROW(AC139)-ROW(AC$15),0),\nROUND(ROUND(OFFSET($P139,0,AC$13),15-13*ORÇAMENTO!$AF$7)*OFFSET(ORÇAMENTO!$W$15,ROW(AC139)-ROW(AC$15),0),15-13*ORÇAMENTO!$AF$11)),0)","v":0},{"$f":"IF(AND($D139=\"Serviço\",AD$12<>0,$H139>0,OR(AUTOEVENTO<>\"manual\",$M139<>1)),\nIF(Import.TipoArredondamento<>\"TransfereGOV\",\nROUND(OFFSET($P139,0,AD$13),15-13*ORÇAMENTO!$AF$7)/$H139*OFFSET(ORÇAMENTO!$X$15,ROW(AD139)-ROW(AD$15),0),\nROUND(ROUND(OFFSET($P139,0,AD$13),15-13*ORÇAMENTO!$AF$7)*OFFSET(ORÇAMENTO!$W$15,ROW(AD139)-ROW(AD$15),0),15-13*ORÇAMENTO!$AF$11)),0)","v":0},{"$f":"IF(AND($D139=\"Serviço\",AE$12<>0,$H139>0,OR(AUTOEVENTO<>\"manual\",$M139<>1)),\nIF(Import.TipoArredondamento<>\"TransfereGOV\",\nROUND(OFFSET($P139,0,AE$13),15-13*ORÇAMENTO!$AF$7)/$H139*OFFSET(ORÇAMENTO!$X$15,ROW(AE139)-ROW(AE$15),0),\nROUND(ROUND(OFFSET($P139,0,AE$13),15-13*ORÇAMENTO!$AF$7)*OFFSET(ORÇAMENTO!$W$15,ROW(AE139)-ROW(AE$15),0),15-13*ORÇAMENTO!$AF$11)),0)","v":0},{"$f":"IF(AND($D139=\"Serviço\",AF$12<>0,$H139>0,OR(AUTOEVENTO<>\"manual\",$M139<>1)),\nIF(Import.TipoArredondamento<>\"TransfereGOV\",\nROUND(OFFSET($P139,0,AF$13),15-13*ORÇAMENTO!$AF$7)/$H139*OFFSET(ORÇAMENTO!$X$15,ROW(AF139)-ROW(AF$15),0),\nROUND(ROUND(OFFSET($P139,0,AF$13),15-13*ORÇAMENTO!$AF$7)*OFFSET(ORÇAMENTO!$W$15,ROW(AF139)-ROW(AF$15),0),15-13*ORÇAMENTO!$AF$11)),0)","v":0},{"$f":"IF(AND($D139=\"Serviço\",AG$12<>0,$H139>0,OR(AUTOEVENTO<>\"manual\",$M139<>1)),\nIF(Import.TipoArredondamento<>\"TransfereGOV\",\nROUND(OFFSET($P139,0,AG$13),15-13*ORÇAMENTO!$AF$7)/$H139*OFFSET(ORÇAMENTO!$X$15,ROW(AG139)-ROW(AG$15),0),\nROUND(ROUND(OFFSET($P139,0,AG$13),15-13*ORÇAMENTO!$AF$7)*OFFSET(ORÇAMENTO!$W$15,ROW(AG139)-ROW(AG$15),0),15-13*ORÇAMENTO!$AF$11)),0)","v":0},{"$f":"IF(AND($D139=\"Serviço\",AH$12<>0,$H139>0,OR(AUTOEVENTO<>\"manual\",$M139<>1)),\nIF(Import.TipoArredondamento<>\"TransfereGOV\",\nROUND(OFFSET($P139,0,AH$13),15-13*ORÇAMENTO!$AF$7)/$H139*OFFSET(ORÇAMENTO!$X$15,ROW(AH139)-ROW(AH$15),0),\nROUND(ROUND(OFFSET($P139,0,AH$13),15-13*ORÇAMENTO!$AF$7)*OFFSET(ORÇAMENTO!$W$15,ROW(AH139)-ROW(AH$15),0),15-13*ORÇAMENTO!$AF$11)),0)","v":0},{"$f":"IF(AND($D139=\"Serviço\",AI$12<>0,$H139>0,OR(AUTOEVENTO<>\"manual\",$M139<>1)),\nIF(Import.TipoArredondamento<>\"TransfereGOV\",\nROUND(OFFSET($P139,0,AI$13),15-13*ORÇAMENTO!$AF$7)/$H139*OFFSET(ORÇAMENTO!$X$15,ROW(AI139)-ROW(AI$15),0),\nROUND(ROUND(OFFSET($P139,0,AI$13),15-13*ORÇAMENTO!$AF$7)*OFFSET(ORÇAMENTO!$W$15,ROW(AI139)-ROW(AI$15),0),15-13*ORÇAMENTO!$AF$11)),0)","v":0},{"$f":"IF(AND($D139=\"Serviço\",AJ$12<>0,$H139>0,OR(AUTOEVENTO<>\"manual\",$M139<>1)),\nIF(Import.TipoArredondamento<>\"TransfereGOV\",\nROUND(OFFSET($P139,0,AJ$13),15-13*ORÇAMENTO!$AF$7)/$H139*OFFSET(ORÇAMENTO!$X$15,ROW(AJ139)-ROW(AJ$15),0),\nROUND(ROUND(OFFSET($P139,0,AJ$13),15-13*ORÇAMENTO!$AF$7)*OFFSET(ORÇAMENTO!$W$15,ROW(AJ139)-ROW(AJ$15),0),15-13*ORÇAMENTO!$AF$11)),0)","v":0},{"$f":"IF(AND($D139=\"Serviço\",AK$12<>0,$H139>0,OR(AUTOEVENTO<>\"manual\",$M139<>1)),\nIF(Import.TipoArredondamento<>\"TransfereGOV\",\nROUND(OFFSET($P139,0,AK$13),15-13*ORÇAMENTO!$AF$7)/$H139*OFFSET(ORÇAMENTO!$X$15,ROW(AK139)-ROW(AK$15),0),\nROUND(ROUND(OFFSET($P139,0,AK$13),15-13*ORÇAMENTO!$AF$7)*OFFSET(ORÇAMENTO!$W$15,ROW(AK139)-ROW(AK$15),0),15-13*ORÇAMENTO!$AF$11)),0)","v":0},null,{"$f":"IF($D139<>\"Serviço\",0,IF(AND(AUTOEVENTO=\"Manual\",$M139=1),0,IF(OFFSET(CRONOPLE!$F$14,$M139,AM$13)=\"\",10^12,OFFSET(CRONOPLE!$F$14,$M139,AM$13))))","v":1000000000000},{"$f":"IF($D139<>\"Serviço\",0,IF(AND(AUTOEVENTO=\"Manual\",$M139=1),0,IF(OFFSET(CRONOPLE!$F$14,$M139,AN$13)=\"\",10^12,OFFSET(CRONOPLE!$F$14,$M139,AN$13))))","v":1000000000000},{"$f":"IF($D139<>\"Serviço\",0,IF(AND(AUTOEVENTO=\"Manual\",$M139=1),0,IF(OFFSET(CRONOPLE!$F$14,$M139,AO$13)=\"\",10^12,OFFSET(CRONOPLE!$F$14,$M139,AO$13))))","v":1000000000000},{"$f":"IF($D139<>\"Serviço\",0,IF(AND(AUTOEVENTO=\"Manual\",$M139=1),0,IF(OFFSET(CRONOPLE!$F$14,$M139,AP$13)=\"\",10^12,OFFSET(CRONOPLE!$F$14,$M139,AP$13))))","v":1000000000000},{"$f":"IF($D139<>\"Serviço\",0,IF(AND(AUTOEVENTO=\"Manual\",$M139=1),0,IF(OFFSET(CRONOPLE!$F$14,$M139,AQ$13)=\"\",10^12,OFFSET(CRONOPLE!$F$14,$M139,AQ$13))))","v":1000000000000},{"$f":"IF($D139<>\"Serviço\",0,IF(AND(AUTOEVENTO=\"Manual\",$M139=1),0,IF(OFFSET(CRONOPLE!$F$14,$M139,AR$13)=\"\",10^12,OFFSET(CRONOPLE!$F$14,$M139,AR$13))))","v":1000000000000},{"$f":"IF($D139<>\"Serviço\",0,IF(AND(AUTOEVENTO=\"Manual\",$M139=1),0,IF(OFFSET(CRONOPLE!$F$14,$M139,AS$13)=\"\",10^12,OFFSET(CRONOPLE!$F$14,$M139,AS$13))))","v":1000000000000},{"$f":"IF($D139<>\"Serviço\",0,IF(AND(AUTOEVENTO=\"Manual\",$M139=1),0,IF(OFFSET(CRONOPLE!$F$14,$M139,AT$13)=\"\",10^12,OFFSET(CRONOPLE!$F$14,$M139,AT$13))))","v":1000000000000},{"$f":"IF($D139<>\"Serviço\",0,IF(AND(AUTOEVENTO=\"Manual\",$M139=1),0,IF(OFFSET(CRONOPLE!$F$14,$M139,AU$13)=\"\",10^12,OFFSET(CRONOPLE!$F$14,$M139,AU$13))))","v":1000000000000},{"$f":"IF($D139<>\"Serviço\",0,IF(AND(AUTOEVENTO=\"Manual\",$M139=1),0,IF(OFFSET(CRONOPLE!$F$14,$M139,AV$13)=\"\",10^12,OFFSET(CRONOPLE!$F$14,$M139,AV$13))))","v":1000000000000},null,{"$f":"IF($D139<>\"Serviço\",0,IF(OR(AND(AUTOEVENTO=\"Manual\",$M139=1),$M139>(ROW(PLE.lastrow)-ROW(PLE.firstrow))),0,IF(OFFSET(PLE!$G$14,$M139,AX$13)=\"\",10^12,OFFSET(PLE!$G$14,$M139,AX$13))))","v":1000000000000},{"$f":"IF($D139<>\"Serviço\",0,IF(OR(AND(AUTOEVENTO=\"Manual\",$M139=1),$M139>(ROW(PLE.lastrow)-ROW(PLE.firstrow))),0,IF(OFFSET(PLE!$G$14,$M139,AY$13)=\"\",10^12,OFFSET(PLE!$G$14,$M139,AY$13))))","v":1000000000000},{"$f":"IF($D139<>\"Serviço\",0,IF(OR(AND(AUTOEVENTO=\"Manual\",$M139=1),$M139>(ROW(PLE.lastrow)-ROW(PLE.firstrow))),0,IF(OFFSET(PLE!$G$14,$M139,AZ$13)=\"\",10^12,OFFSET(PLE!$G$14,$M139,AZ$13))))","v":1000000000000},{"$f":"IF($D139<>\"Serviço\",0,IF(OR(AND(AUTOEVENTO=\"Manual\",$M139=1),$M139>(ROW(PLE.lastrow)-ROW(PLE.firstrow))),0,IF(OFFSET(PLE!$G$14,$M139,BA$13)=\"\",10^12,OFFSET(PLE!$G$14,$M139,BA$13))))","v":1000000000000},{"$f":"IF($D139<>\"Serviço\",0,IF(OR(AND(AUTOEVENTO=\"Manual\",$M139=1),$M139>(ROW(PLE.lastrow)-ROW(PLE.firstrow))),0,IF(OFFSET(PLE!$G$14,$M139,BB$13)=\"\",10^12,OFFSET(PLE!$G$14,$M139,BB$13))))","v":1000000000000},{"$f":"IF($D139<>\"Serviço\",0,IF(OR(AND(AUTOEVENTO=\"Manual\",$M139=1),$M139>(ROW(PLE.lastrow)-ROW(PLE.firstrow))),0,IF(OFFSET(PLE!$G$14,$M139,BC$13)=\"\",10^12,OFFSET(PLE!$G$14,$M139,BC$13))))","v":1000000000000},{"$f":"IF($D139<>\"Serviço\",0,IF(OR(AND(AUTOEVENTO=\"Manual\",$M139=1),$M139>(ROW(PLE.lastrow)-ROW(PLE.firstrow))),0,IF(OFFSET(PLE!$G$14,$M139,BD$13)=\"\",10^12,OFFSET(PLE!$G$14,$M139,BD$13))))","v":1000000000000},{"$f":"IF($D139<>\"Serviço\",0,IF(OR(AND(AUTOEVENTO=\"Manual\",$M139=1),$M139>(ROW(PLE.lastrow)-ROW(PLE.firstrow))),0,IF(OFFSET(PLE!$G$14,$M139,BE$13)=\"\",10^12,OFFSET(PLE!$G$14,$M139,BE$13))))","v":1000000000000},{"$f":"IF($D139<>\"Serviço\",0,IF(OR(AND(AUTOEVENTO=\"Manual\",$M139=1),$M139>(ROW(PLE.lastrow)-ROW(PLE.firstrow))),0,IF(OFFSET(PLE!$G$14,$M139,BF$13)=\"\",10^12,OFFSET(PLE!$G$14,$M139,BF$13))))","v":1000000000000},{"$f":"IF($D139<>\"Serviço\",0,IF(OR(AND(AUTOEVENTO=\"Manual\",$M139=1),$M139>(ROW(PLE.lastrow)-ROW(PLE.firstrow))),0,IF(OFFSET(PLE!$G$14,$M139,BG$13)=\"\",10^12,OFFSET(PLE!$G$14,$M139,BG$13))))","v":1000000000000}]
["111",{"$f":"OFFSET(ORÇAMENTO!C$15,ROW(B140)-ROW(B$15),0)","v":"S"},{"$f":"OFFSET(ORÇAMENTO!L$15,ROW(C140)-ROW(C$15),0)","v":"F"},{"$f":"OFFSET(ORÇAMENTO!N$15,ROW(D140)-ROW(D$15),0)","v":"Serviço"},{"$f":"OFFSET(ORÇAMENTO!O$15,ROW(E140)-ROW(E$15),0)","v":"1.13.0.14."},{"$f":"OFFSET(ORÇAMENTO!R$15,ROW(F140)-ROW(F$15),0)","v":"JOELHO 90 GRAUS, PVC, SOLDÁVEL, DN 32 MM INSTALADO EM RESERVAÇÃO PREDIAL DE ÁGUA - FORNECIMENTO E INSTALAÇÃO. AF_04/2024"},{"$f":"IF($D140<>\"Serviço\",\"\",OFFSET(ORÇAMENTO!S$15,ROW(G140)-ROW(G$15),0))","v":"UN"},{"$f":"IF($D140<>\"Serviço\",0,IF(ACOMPANHAMENTO=\"BM\",ROUND(OFFSET(ORÇAMENTO!AJ$15,ROW(H140)-ROW(H$15),0),15-13*ORÇAMENTO!$AF$7),SUMPRODUCT(($Q$12:$AA$12<>\"\")*ROUND($Q140:$AA140,15-13*ORÇAMENTO!$AF$7))))","v":10},null,null,null,".",{"$f":"IF($D140<>\"Serviço\",\"\",IF(AUTOEVENTO=\"manual\",$A140,IF(ISERROR(MATCH($A140,$A$15:OFFSET($A140,-1,0),0)),MAX($M$15:OFFSET(M140,-1,0))+1,INDEX($M$15:OFFSET(M140,-1,0),MATCH($A140,$A$15:OFFSET($A140,-1,0),0)))))","v":14},{"$f":"IF($D140<>\"Serviço\",\"\",IF(AUTOEVENTO=\"Manual\",IF($A140=0,\"<-- defina o número do agrupador\",OFFSET(EVENTOS!$D$14,$A140,0)),OFFSET($F$15,$A140,0)))","v":"INSTALAÇÕES HIDROSSANITÁRIAS (AGUA FRIA)"},null,null,{"$f":"2+2+2+4","v":10},null,null,null,null,null,null,null,null,null,null,{"$f":"IF(AND($D140=\"Serviço\",AB$12<>0,$H140>0,OR(AUTOEVENTO<>\"manual\",$M140<>1)),\nIF(Import.TipoArredondamento<>\"TransfereGOV\",\nROUND(OFFSET($P140,0,AB$13),15-13*ORÇAMENTO!$AF$7)/$H140*OFFSET(ORÇAMENTO!$X$15,ROW(AB140)-ROW(AB$15),0),\nROUND(ROUND(OFFSET($P140,0,AB$13),15-13*ORÇAMENTO!$AF$7)*OFFSET(ORÇAMENTO!$W$15,ROW(AB140)-ROW(AB$15),0),15-13*ORÇAMENTO!$AF$11)),0)","v":96.3},{"$f":"IF(AND($D140=\"Serviço\",AC$12<>0,$H140>0,OR(AUTOEVENTO<>\"manual\",$M140<>1)),\nIF(Import.TipoArredondamento<>\"TransfereGOV\",\nROUND(OFFSET($P140,0,AC$13),15-13*ORÇAMENTO!$AF$7)/$H140*OFFSET(ORÇAMENTO!$X$15,ROW(AC140)-ROW(AC$15),0),\nROUND(ROUND(OFFSET($P140,0,AC$13),15-13*ORÇAMENTO!$AF$7)*OFFSET(ORÇAMENTO!$W$15,ROW(AC140)-ROW(AC$15),0),15-13*ORÇAMENTO!$AF$11)),0)","v":0},{"$f":"IF(AND($D140=\"Serviço\",AD$12<>0,$H140>0,OR(AUTOEVENTO<>\"manual\",$M140<>1)),\nIF(Import.TipoArredondamento<>\"TransfereGOV\",\nROUND(OFFSET($P140,0,AD$13),15-13*ORÇAMENTO!$AF$7)/$H140*OFFSET(ORÇAMENTO!$X$15,ROW(AD140)-ROW(AD$15),0),\nROUND(ROUND(OFFSET($P140,0,AD$13),15-13*ORÇAMENTO!$AF$7)*OFFSET(ORÇAMENTO!$W$15,ROW(AD140)-ROW(AD$15),0),15-13*ORÇAMENTO!$AF$11)),0)","v":0},{"$f":"IF(AND($D140=\"Serviço\",AE$12<>0,$H140>0,OR(AUTOEVENTO<>\"manual\",$M140<>1)),\nIF(Import.TipoArredondamento<>\"TransfereGOV\",\nROUND(OFFSET($P140,0,AE$13),15-13*ORÇAMENTO!$AF$7)/$H140*OFFSET(ORÇAMENTO!$X$15,ROW(AE140)-ROW(AE$15),0),\nROUND(ROUND(OFFSET($P140,0,AE$13),15-13*ORÇAMENTO!$AF$7)*OFFSET(ORÇAMENTO!$W$15,ROW(AE140)-ROW(AE$15),0),15-13*ORÇAMENTO!$AF$11)),0)","v":0},{"$f":"IF(AND($D140=\"Serviço\",AF$12<>0,$H140>0,OR(AUTOEVENTO<>\"manual\",$M140<>1)),\nIF(Import.TipoArredondamento<>\"TransfereGOV\",\nROUND(OFFSET($P140,0,AF$13),15-13*ORÇAMENTO!$AF$7)/$H140*OFFSET(ORÇAMENTO!$X$15,ROW(AF140)-ROW(AF$15),0),\nROUND(ROUND(OFFSET($P140,0,AF$13),15-13*ORÇAMENTO!$AF$7)*OFFSET(ORÇAMENTO!$W$15,ROW(AF140)-ROW(AF$15),0),15-13*ORÇAMENTO!$AF$11)),0)","v":0},{"$f":"IF(AND($D140=\"Serviço\",AG$12<>0,$H140>0,OR(AUTOEVENTO<>\"manual\",$M140<>1)),\nIF(Import.TipoArredondamento<>\"TransfereGOV\",\nROUND(OFFSET($P140,0,AG$13),15-13*ORÇAMENTO!$AF$7)/$H140*OFFSET(ORÇAMENTO!$X$15,ROW(AG140)-ROW(AG$15),0),\nROUND(ROUND(OFFSET($P140,0,AG$13),15-13*ORÇAMENTO!$AF$7)*OFFSET(ORÇAMENTO!$W$15,ROW(AG140)-ROW(AG$15),0),15-13*ORÇAMENTO!$AF$11)),0)","v":0},{"$f":"IF(AND($D140=\"Serviço\",AH$12<>0,$H140>0,OR(AUTOEVENTO<>\"manual\",$M140<>1)),\nIF(Import.TipoArredondamento<>\"TransfereGOV\",\nROUND(OFFSET($P140,0,AH$13),15-13*ORÇAMENTO!$AF$7)/$H140*OFFSET(ORÇAMENTO!$X$15,ROW(AH140)-ROW(AH$15),0),\nROUND(ROUND(OFFSET($P140,0,AH$13),15-13*ORÇAMENTO!$AF$7)*OFFSET(ORÇAMENTO!$W$15,ROW(AH140)-ROW(AH$15),0),15-13*ORÇAMENTO!$AF$11)),0)","v":0},{"$f":"IF(AND($D140=\"Serviço\",AI$12<>0,$H140>0,OR(AUTOEVENTO<>\"manual\",$M140<>1)),\nIF(Import.TipoArredondamento<>\"TransfereGOV\",\nROUND(OFFSET($P140,0,AI$13),15-13*ORÇAMENTO!$AF$7)/$H140*OFFSET(ORÇAMENTO!$X$15,ROW(AI140)-ROW(AI$15),0),\nROUND(ROUND(OFFSET($P140,0,AI$13),15-13*ORÇAMENTO!$AF$7)*OFFSET(ORÇAMENTO!$W$15,ROW(AI140)-ROW(AI$15),0),15-13*ORÇAMENTO!$AF$11)),0)","v":0},{"$f":"IF(AND($D140=\"Serviço\",AJ$12<>0,$H140>0,OR(AUTOEVENTO<>\"manual\",$M140<>1)),\nIF(Import.TipoArredondamento<>\"TransfereGOV\",\nROUND(OFFSET($P140,0,AJ$13),15-13*ORÇAMENTO!$AF$7)/$H140*OFFSET(ORÇAMENTO!$X$15,ROW(AJ140)-ROW(AJ$15),0),\nROUND(ROUND(OFFSET($P140,0,AJ$13),15-13*ORÇAMENTO!$AF$7)*OFFSET(ORÇAMENTO!$W$15,ROW(AJ140)-ROW(AJ$15),0),15-13*ORÇAMENTO!$AF$11)),0)","v":0},{"$f":"IF(AND($D140=\"Serviço\",AK$12<>0,$H140>0,OR(AUTOEVENTO<>\"manual\",$M140<>1)),\nIF(Import.TipoArredondamento<>\"TransfereGOV\",\nROUND(OFFSET($P140,0,AK$13),15-13*ORÇAMENTO!$AF$7)/$H140*OFFSET(ORÇAMENTO!$X$15,ROW(AK140)-ROW(AK$15),0),\nROUND(ROUND(OFFSET($P140,0,AK$13),15-13*ORÇAMENTO!$AF$7)*OFFSET(ORÇAMENTO!$W$15,ROW(AK140)-ROW(AK$15),0),15-13*ORÇAMENTO!$AF$11)),0)","v":0},null,{"$f":"IF($D140<>\"Serviço\",0,IF(AND(AUTOEVENTO=\"Manual\",$M140=1),0,IF(OFFSET(CRONOPLE!$F$14,$M140,AM$13)=\"\",10^12,OFFSET(CRONOPLE!$F$14,$M140,AM$13))))","v":1000000000000},{"$f":"IF($D140<>\"Serviço\",0,IF(AND(AUTOEVENTO=\"Manual\",$M140=1),0,IF(OFFSET(CRONOPLE!$F$14,$M140,AN$13)=\"\",10^12,OFFSET(CRONOPLE!$F$14,$M140,AN$13))))","v":1000000000000},{"$f":"IF($D140<>\"Serviço\",0,IF(AND(AUTOEVENTO=\"Manual\",$M140=1),0,IF(OFFSET(CRONOPLE!$F$14,$M140,AO$13)=\"\",10^12,OFFSET(CRONOPLE!$F$14,$M140,AO$13))))","v":1000000000000},{"$f":"IF($D140<>\"Serviço\",0,IF(AND(AUTOEVENTO=\"Manual\",$M140=1),0,IF(OFFSET(CRONOPLE!$F$14,$M140,AP$13)=\"\",10^12,OFFSET(CRONOPLE!$F$14,$M140,AP$13))))","v":1000000000000},{"$f":"IF($D140<>\"Serviço\",0,IF(AND(AUTOEVENTO=\"Manual\",$M140=1),0,IF(OFFSET(CRONOPLE!$F$14,$M140,AQ$13)=\"\",10^12,OFFSET(CRONOPLE!$F$14,$M140,AQ$13))))","v":1000000000000},{"$f":"IF($D140<>\"Serviço\",0,IF(AND(AUTOEVENTO=\"Manual\",$M140=1),0,IF(OFFSET(CRONOPLE!$F$14,$M140,AR$13)=\"\",10^12,OFFSET(CRONOPLE!$F$14,$M140,AR$13))))","v":1000000000000},{"$f":"IF($D140<>\"Serviço\",0,IF(AND(AUTOEVENTO=\"Manual\",$M140=1),0,IF(OFFSET(CRONOPLE!$F$14,$M140,AS$13)=\"\",10^12,OFFSET(CRONOPLE!$F$14,$M140,AS$13))))","v":1000000000000},{"$f":"IF($D140<>\"Serviço\",0,IF(AND(AUTOEVENTO=\"Manual\",$M140=1),0,IF(OFFSET(CRONOPLE!$F$14,$M140,AT$13)=\"\",10^12,OFFSET(CRONOPLE!$F$14,$M140,AT$13))))","v":1000000000000},{"$f":"IF($D140<>\"Serviço\",0,IF(AND(AUTOEVENTO=\"Manual\",$M140=1),0,IF(OFFSET(CRONOPLE!$F$14,$M140,AU$13)=\"\",10^12,OFFSET(CRONOPLE!$F$14,$M140,AU$13))))","v":1000000000000},{"$f":"IF($D140<>\"Serviço\",0,IF(AND(AUTOEVENTO=\"Manual\",$M140=1),0,IF(OFFSET(CRONOPLE!$F$14,$M140,AV$13)=\"\",10^12,OFFSET(CRONOPLE!$F$14,$M140,AV$13))))","v":1000000000000},null,{"$f":"IF($D140<>\"Serviço\",0,IF(OR(AND(AUTOEVENTO=\"Manual\",$M140=1),$M140>(ROW(PLE.lastrow)-ROW(PLE.firstrow))),0,IF(OFFSET(PLE!$G$14,$M140,AX$13)=\"\",10^12,OFFSET(PLE!$G$14,$M140,AX$13))))","v":1000000000000},{"$f":"IF($D140<>\"Serviço\",0,IF(OR(AND(AUTOEVENTO=\"Manual\",$M140=1),$M140>(ROW(PLE.lastrow)-ROW(PLE.firstrow))),0,IF(OFFSET(PLE!$G$14,$M140,AY$13)=\"\",10^12,OFFSET(PLE!$G$14,$M140,AY$13))))","v":1000000000000},{"$f":"IF($D140<>\"Serviço\",0,IF(OR(AND(AUTOEVENTO=\"Manual\",$M140=1),$M140>(ROW(PLE.lastrow)-ROW(PLE.firstrow))),0,IF(OFFSET(PLE!$G$14,$M140,AZ$13)=\"\",10^12,OFFSET(PLE!$G$14,$M140,AZ$13))))","v":1000000000000},{"$f":"IF($D140<>\"Serviço\",0,IF(OR(AND(AUTOEVENTO=\"Manual\",$M140=1),$M140>(ROW(PLE.lastrow)-ROW(PLE.firstrow))),0,IF(OFFSET(PLE!$G$14,$M140,BA$13)=\"\",10^12,OFFSET(PLE!$G$14,$M140,BA$13))))","v":1000000000000},{"$f":"IF($D140<>\"Serviço\",0,IF(OR(AND(AUTOEVENTO=\"Manual\",$M140=1),$M140>(ROW(PLE.lastrow)-ROW(PLE.firstrow))),0,IF(OFFSET(PLE!$G$14,$M140,BB$13)=\"\",10^12,OFFSET(PLE!$G$14,$M140,BB$13))))","v":1000000000000},{"$f":"IF($D140<>\"Serviço\",0,IF(OR(AND(AUTOEVENTO=\"Manual\",$M140=1),$M140>(ROW(PLE.lastrow)-ROW(PLE.firstrow))),0,IF(OFFSET(PLE!$G$14,$M140,BC$13)=\"\",10^12,OFFSET(PLE!$G$14,$M140,BC$13))))","v":1000000000000},{"$f":"IF($D140<>\"Serviço\",0,IF(OR(AND(AUTOEVENTO=\"Manual\",$M140=1),$M140>(ROW(PLE.lastrow)-ROW(PLE.firstrow))),0,IF(OFFSET(PLE!$G$14,$M140,BD$13)=\"\",10^12,OFFSET(PLE!$G$14,$M140,BD$13))))","v":1000000000000},{"$f":"IF($D140<>\"Serviço\",0,IF(OR(AND(AUTOEVENTO=\"Manual\",$M140=1),$M140>(ROW(PLE.lastrow)-ROW(PLE.firstrow))),0,IF(OFFSET(PLE!$G$14,$M140,BE$13)=\"\",10^12,OFFSET(PLE!$G$14,$M140,BE$13))))","v":1000000000000},{"$f":"IF($D140<>\"Serviço\",0,IF(OR(AND(AUTOEVENTO=\"Manual\",$M140=1),$M140>(ROW(PLE.lastrow)-ROW(PLE.firstrow))),0,IF(OFFSET(PLE!$G$14,$M140,BF$13)=\"\",10^12,OFFSET(PLE!$G$14,$M140,BF$13))))","v":1000000000000},{"$f":"IF($D140<>\"Serviço\",0,IF(OR(AND(AUTOEVENTO=\"Manual\",$M140=1),$M140>(ROW(PLE.lastrow)-ROW(PLE.firstrow))),0,IF(OFFSET(PLE!$G$14,$M140,BG$13)=\"\",10^12,OFFSET(PLE!$G$14,$M140,BG$13))))","v":1000000000000}]
["111",{"$f":"OFFSET(ORÇAMENTO!C$15,ROW(B141)-ROW(B$15),0)","v":"S"},{"$f":"OFFSET(ORÇAMENTO!L$15,ROW(C141)-ROW(C$15),0)","v":"F"},{"$f":"OFFSET(ORÇAMENTO!N$15,ROW(D141)-ROW(D$15),0)","v":"Serviço"},{"$f":"OFFSET(ORÇAMENTO!O$15,ROW(E141)-ROW(E$15),0)","v":"1.13.0.15."},{"$f":"OFFSET(ORÇAMENTO!R$15,ROW(F141)-ROW(F$15),0)","v":"REGISTRO DE GAVETA BRUTO, LATÃO, ROSCÁVEL, 1 1/4\" - FORNECIMENTO E INSTALAÇÃO. AF_08/2021"},{"$f":"IF($D141<>\"Serviço\",\"\",OFFSET(ORÇAMENTO!S$15,ROW(G141)-ROW(G$15),0))","v":"UN"},{"$f":"IF($D141<>\"Serviço\",0,IF(ACOMPANHAMENTO=\"BM\",ROUND(OFFSET(ORÇAMENTO!AJ$15,ROW(H141)-ROW(H$15),0),15-13*ORÇAMENTO!$AF$7),SUMPRODUCT(($Q$12:$AA$12<>\"\")*ROUND($Q141:$AA141,15-13*ORÇAMENTO!$AF$7))))","v":4},null,null,null,".",{"$f":"IF($D141<>\"Serviço\",\"\",IF(AUTOEVENTO=\"manual\",$A141,IF(ISERROR(MATCH($A141,$A$15:OFFSET($A141,-1,0),0)),MAX($M$15:OFFSET(M141,-1,0))+1,INDEX($M$15:OFFSET(M141,-1,0),MATCH($A141,$A$15:OFFSET($A141,-1,0),0)))))","v":14},{"$f":"IF($D141<>\"Serviço\",\"\",IF(AUTOEVENTO=\"Manual\",IF($A141=0,\"<-- defina o número do agrupador\",OFFSET(EVENTOS!$D$14,$A141,0)),OFFSET($F$15,$A141,0)))","v":"INSTALAÇÕES HIDROSSANITÁRIAS (AGUA FRIA)"},null,null,4,null,null,null,null,null,null,null,null,null,null,{"$f":"IF(AND($D141=\"Serviço\",AB$12<>0,$H141>0,OR(AUTOEVENTO<>\"manual\",$M141<>1)),\nIF(Import.TipoArredondamento<>\"TransfereGOV\",\nROUND(OFFSET($P141,0,AB$13),15-13*ORÇAMENTO!$AF$7)/$H141*OFFSET(ORÇAMENTO!$X$15,ROW(AB141)-ROW(AB$15),0),\nROUND(ROUND(OFFSET($P141,0,AB$13),15-13*ORÇAMENTO!$AF$7)*OFFSET(ORÇAMENTO!$W$15,ROW(AB141)-ROW(AB$15),0),15-13*ORÇAMENTO!$AF$11)),0)","v":513.76},{"$f":"IF(AND($D141=\"Serviço\",AC$12<>0,$H141>0,OR(AUTOEVENTO<>\"manual\",$M141<>1)),\nIF(Import.TipoArredondamento<>\"TransfereGOV\",\nROUND(OFFSET($P141,0,AC$13),15-13*ORÇAMENTO!$AF$7)/$H141*OFFSET(ORÇAMENTO!$X$15,ROW(AC141)-ROW(AC$15),0),\nROUND(ROUND(OFFSET($P141,0,AC$13),15-13*ORÇAMENTO!$AF$7)*OFFSET(ORÇAMENTO!$W$15,ROW(AC141)-ROW(AC$15),0),15-13*ORÇAMENTO!$AF$11)),0)","v":0},{"$f":"IF(AND($D141=\"Serviço\",AD$12<>0,$H141>0,OR(AUTOEVENTO<>\"manual\",$M141<>1)),\nIF(Import.TipoArredondamento<>\"TransfereGOV\",\nROUND(OFFSET($P141,0,AD$13),15-13*ORÇAMENTO!$AF$7)/$H141*OFFSET(ORÇAMENTO!$X$15,ROW(AD141)-ROW(AD$15),0),\nROUND(ROUND(OFFSET($P141,0,AD$13),15-13*ORÇAMENTO!$AF$7)*OFFSET(ORÇAMENTO!$W$15,ROW(AD141)-ROW(AD$15),0),15-13*ORÇAMENTO!$AF$11)),0)","v":0},{"$f":"IF(AND($D141=\"Serviço\",AE$12<>0,$H141>0,OR(AUTOEVENTO<>\"manual\",$M141<>1)),\nIF(Import.TipoArredondamento<>\"TransfereGOV\",\nROUND(OFFSET($P141,0,AE$13),15-13*ORÇAMENTO!$AF$7)/$H141*OFFSET(ORÇAMENTO!$X$15,ROW(AE141)-ROW(AE$15),0),\nROUND(ROUND(OFFSET($P141,0,AE$13),15-13*ORÇAMENTO!$AF$7)*OFFSET(ORÇAMENTO!$W$15,ROW(AE141)-ROW(AE$15),0),15-13*ORÇAMENTO!$AF$11)),0)","v":0},{"$f":"IF(AND($D141=\"Serviço\",AF$12<>0,$H141>0,OR(AUTOEVENTO<>\"manual\",$M141<>1)),\nIF(Import.TipoArredondamento<>\"TransfereGOV\",\nROUND(OFFSET($P141,0,AF$13),15-13*ORÇAMENTO!$AF$7)/$H141*OFFSET(ORÇAMENTO!$X$15,ROW(AF141)-ROW(AF$15),0),\nROUND(ROUND(OFFSET($P141,0,AF$13),15-13*ORÇAMENTO!$AF$7)*OFFSET(ORÇAMENTO!$W$15,ROW(AF141)-ROW(AF$15),0),15-13*ORÇAMENTO!$AF$11)),0)","v":0},{"$f":"IF(AND($D141=\"Serviço\",AG$12<>0,$H141>0,OR(AUTOEVENTO<>\"manual\",$M141<>1)),\nIF(Import.TipoArredondamento<>\"TransfereGOV\",\nROUND(OFFSET($P141,0,AG$13),15-13*ORÇAMENTO!$AF$7)/$H141*OFFSET(ORÇAMENTO!$X$15,ROW(AG141)-ROW(AG$15),0),\nROUND(ROUND(OFFSET($P141,0,AG$13),15-13*ORÇAMENTO!$AF$7)*OFFSET(ORÇAMENTO!$W$15,ROW(AG141)-ROW(AG$15),0),15-13*ORÇAMENTO!$AF$11)),0)","v":0},{"$f":"IF(AND($D141=\"Serviço\",AH$12<>0,$H141>0,OR(AUTOEVENTO<>\"manual\",$M141<>1)),\nIF(Import.TipoArredondamento<>\"TransfereGOV\",\nROUND(OFFSET($P141,0,AH$13),15-13*ORÇAMENTO!$AF$7)/$H141*OFFSET(ORÇAMENTO!$X$15,ROW(AH141)-ROW(AH$15),0),\nROUND(ROUND(OFFSET($P141,0,AH$13),15-13*ORÇAMENTO!$AF$7)*OFFSET(ORÇAMENTO!$W$15,ROW(AH141)-ROW(AH$15),0),15-13*ORÇAMENTO!$AF$11)),0)","v":0},{"$f":"IF(AND($D141=\"Serviço\",AI$12<>0,$H141>0,OR(AUTOEVENTO<>\"manual\",$M141<>1)),\nIF(Import.TipoArredondamento<>\"TransfereGOV\",\nROUND(OFFSET($P141,0,AI$13),15-13*ORÇAMENTO!$AF$7)/$H141*OFFSET(ORÇAMENTO!$X$15,ROW(AI141)-ROW(AI$15),0),\nROUND(ROUND(OFFSET($P141,0,AI$13),15-13*ORÇAMENTO!$AF$7)*OFFSET(ORÇAMENTO!$W$15,ROW(AI141)-ROW(AI$15),0),15-13*ORÇAMENTO!$AF$11)),0)","v":0},{"$f":"IF(AND($D141=\"Serviço\",AJ$12<>0,$H141>0,OR(AUTOEVENTO<>\"manual\",$M141<>1)),\nIF(Import.TipoArredondamento<>\"TransfereGOV\",\nROUND(OFFSET($P141,0,AJ$13),15-13*ORÇAMENTO!$AF$7)/$H141*OFFSET(ORÇAMENTO!$X$15,ROW(AJ141)-ROW(AJ$15),0),\nROUND(ROUND(OFFSET($P141,0,AJ$13),15-13*ORÇAMENTO!$AF$7)*OFFSET(ORÇAMENTO!$W$15,ROW(AJ141)-ROW(AJ$15),0),15-13*ORÇAMENTO!$AF$11)),0)","v":0},{"$f":"IF(AND($D141=\"Serviço\",AK$12<>0,$H141>0,OR(AUTOEVENTO<>\"manual\",$M141<>1)),\nIF(Import.TipoArredondamento<>\"TransfereGOV\",\nROUND(OFFSET($P141,0,AK$13),15-13*ORÇAMENTO!$AF$7)/$H141*OFFSET(ORÇAMENTO!$X$15,ROW(AK141)-ROW(AK$15),0),\nROUND(ROUND(OFFSET($P141,0,AK$13),15-13*ORÇAMENTO!$AF$7)*OFFSET(ORÇAMENTO!$W$15,ROW(AK141)-ROW(AK$15),0),15-13*ORÇAMENTO!$AF$11)),0)","v":0},null,{"$f":"IF($D141<>\"Serviço\",0,IF(AND(AUTOEVENTO=\"Manual\",$M141=1),0,IF(OFFSET(CRONOPLE!$F$14,$M141,AM$13)=\"\",10^12,OFFSET(CRONOPLE!$F$14,$M141,AM$13))))","v":1000000000000},{"$f":"IF($D141<>\"Serviço\",0,IF(AND(AUTOEVENTO=\"Manual\",$M141=1),0,IF(OFFSET(CRONOPLE!$F$14,$M141,AN$13)=\"\",10^12,OFFSET(CRONOPLE!$F$14,$M141,AN$13))))","v":1000000000000},{"$f":"IF($D141<>\"Serviço\",0,IF(AND(AUTOEVENTO=\"Manual\",$M141=1),0,IF(OFFSET(CRONOPLE!$F$14,$M141,AO$13)=\"\",10^12,OFFSET(CRONOPLE!$F$14,$M141,AO$13))))","v":1000000000000},{"$f":"IF($D141<>\"Serviço\",0,IF(AND(AUTOEVENTO=\"Manual\",$M141=1),0,IF(OFFSET(CRONOPLE!$F$14,$M141,AP$13)=\"\",10^12,OFFSET(CRONOPLE!$F$14,$M141,AP$13))))","v":1000000000000},{"$f":"IF($D141<>\"Serviço\",0,IF(AND(AUTOEVENTO=\"Manual\",$M141=1),0,IF(OFFSET(CRONOPLE!$F$14,$M141,AQ$13)=\"\",10^12,OFFSET(CRONOPLE!$F$14,$M141,AQ$13))))","v":1000000000000},{"$f":"IF($D141<>\"Serviço\",0,IF(AND(AUTOEVENTO=\"Manual\",$M141=1),0,IF(OFFSET(CRONOPLE!$F$14,$M141,AR$13)=\"\",10^12,OFFSET(CRONOPLE!$F$14,$M141,AR$13))))","v":1000000000000},{"$f":"IF($D141<>\"Serviço\",0,IF(AND(AUTOEVENTO=\"Manual\",$M141=1),0,IF(OFFSET(CRONOPLE!$F$14,$M141,AS$13)=\"\",10^12,OFFSET(CRONOPLE!$F$14,$M141,AS$13))))","v":1000000000000},{"$f":"IF($D141<>\"Serviço\",0,IF(AND(AUTOEVENTO=\"Manual\",$M141=1),0,IF(OFFSET(CRONOPLE!$F$14,$M141,AT$13)=\"\",10^12,OFFSET(CRONOPLE!$F$14,$M141,AT$13))))","v":1000000000000},{"$f":"IF($D141<>\"Serviço\",0,IF(AND(AUTOEVENTO=\"Manual\",$M141=1),0,IF(OFFSET(CRONOPLE!$F$14,$M141,AU$13)=\"\",10^12,OFFSET(CRONOPLE!$F$14,$M141,AU$13))))","v":1000000000000},{"$f":"IF($D141<>\"Serviço\",0,IF(AND(AUTOEVENTO=\"Manual\",$M141=1),0,IF(OFFSET(CRONOPLE!$F$14,$M141,AV$13)=\"\",10^12,OFFSET(CRONOPLE!$F$14,$M141,AV$13))))","v":1000000000000},null,{"$f":"IF($D141<>\"Serviço\",0,IF(OR(AND(AUTOEVENTO=\"Manual\",$M141=1),$M141>(ROW(PLE.lastrow)-ROW(PLE.firstrow))),0,IF(OFFSET(PLE!$G$14,$M141,AX$13)=\"\",10^12,OFFSET(PLE!$G$14,$M141,AX$13))))","v":1000000000000},{"$f":"IF($D141<>\"Serviço\",0,IF(OR(AND(AUTOEVENTO=\"Manual\",$M141=1),$M141>(ROW(PLE.lastrow)-ROW(PLE.firstrow))),0,IF(OFFSET(PLE!$G$14,$M141,AY$13)=\"\",10^12,OFFSET(PLE!$G$14,$M141,AY$13))))","v":1000000000000},{"$f":"IF($D141<>\"Serviço\",0,IF(OR(AND(AUTOEVENTO=\"Manual\",$M141=1),$M141>(ROW(PLE.lastrow)-ROW(PLE.firstrow))),0,IF(OFFSET(PLE!$G$14,$M141,AZ$13)=\"\",10^12,OFFSET(PLE!$G$14,$M141,AZ$13))))","v":1000000000000},{"$f":"IF($D141<>\"Serviço\",0,IF(OR(AND(AUTOEVENTO=\"Manual\",$M141=1),$M141>(ROW(PLE.lastrow)-ROW(PLE.firstrow))),0,IF(OFFSET(PLE!$G$14,$M141,BA$13)=\"\",10^12,OFFSET(PLE!$G$14,$M141,BA$13))))","v":1000000000000},{"$f":"IF($D141<>\"Serviço\",0,IF(OR(AND(AUTOEVENTO=\"Manual\",$M141=1),$M141>(ROW(PLE.lastrow)-ROW(PLE.firstrow))),0,IF(OFFSET(PLE!$G$14,$M141,BB$13)=\"\",10^12,OFFSET(PLE!$G$14,$M141,BB$13))))","v":1000000000000},{"$f":"IF($D141<>\"Serviço\",0,IF(OR(AND(AUTOEVENTO=\"Manual\",$M141=1),$M141>(ROW(PLE.lastrow)-ROW(PLE.firstrow))),0,IF(OFFSET(PLE!$G$14,$M141,BC$13)=\"\",10^12,OFFSET(PLE!$G$14,$M141,BC$13))))","v":1000000000000},{"$f":"IF($D141<>\"Serviço\",0,IF(OR(AND(AUTOEVENTO=\"Manual\",$M141=1),$M141>(ROW(PLE.lastrow)-ROW(PLE.firstrow))),0,IF(OFFSET(PLE!$G$14,$M141,BD$13)=\"\",10^12,OFFSET(PLE!$G$14,$M141,BD$13))))","v":1000000000000},{"$f":"IF($D141<>\"Serviço\",0,IF(OR(AND(AUTOEVENTO=\"Manual\",$M141=1),$M141>(ROW(PLE.lastrow)-ROW(PLE.firstrow))),0,IF(OFFSET(PLE!$G$14,$M141,BE$13)=\"\",10^12,OFFSET(PLE!$G$14,$M141,BE$13))))","v":1000000000000},{"$f":"IF($D141<>\"Serviço\",0,IF(OR(AND(AUTOEVENTO=\"Manual\",$M141=1),$M141>(ROW(PLE.lastrow)-ROW(PLE.firstrow))),0,IF(OFFSET(PLE!$G$14,$M141,BF$13)=\"\",10^12,OFFSET(PLE!$G$14,$M141,BF$13))))","v":1000000000000},{"$f":"IF($D141<>\"Serviço\",0,IF(OR(AND(AUTOEVENTO=\"Manual\",$M141=1),$M141>(ROW(PLE.lastrow)-ROW(PLE.firstrow))),0,IF(OFFSET(PLE!$G$14,$M141,BG$13)=\"\",10^12,OFFSET(PLE!$G$14,$M141,BG$13))))","v":1000000000000}]
["111",{"$f":"OFFSET(ORÇAMENTO!C$15,ROW(B142)-ROW(B$15),0)","v":"S"},{"$f":"OFFSET(ORÇAMENTO!L$15,ROW(C142)-ROW(C$15),0)","v":"F"},{"$f":"OFFSET(ORÇAMENTO!N$15,ROW(D142)-ROW(D$15),0)","v":"Serviço"},{"$f":"OFFSET(ORÇAMENTO!O$15,ROW(E142)-ROW(E$15),0)","v":"1.13.0.16."},{"$f":"OFFSET(ORÇAMENTO!R$15,ROW(F142)-ROW(F$15),0)","v":"TÊ DE REDUÇÃO, PVC, SOLDÁVEL, DN 32 MM X  25 MM, INSTALADO EM RESERVAÇÃO PREDIAL DE ÁGUA - FORNECIMENTO E INSTALAÇÃO. AF_04/2024"},{"$f":"IF($D142<>\"Serviço\",\"\",OFFSET(ORÇAMENTO!S$15,ROW(G142)-ROW(G$15),0))","v":"UN"},{"$f":"IF($D142<>\"Serviço\",0,IF(ACOMPANHAMENTO=\"BM\",ROUND(OFFSET(ORÇAMENTO!AJ$15,ROW(H142)-ROW(H$15),0),15-13*ORÇAMENTO!$AF$7),SUMPRODUCT(($Q$12:$AA$12<>\"\")*ROUND($Q142:$AA142,15-13*ORÇAMENTO!$AF$7))))","v":4},null,null,null,".",{"$f":"IF($D142<>\"Serviço\",\"\",IF(AUTOEVENTO=\"manual\",$A142,IF(ISERROR(MATCH($A142,$A$15:OFFSET($A142,-1,0),0)),MAX($M$15:OFFSET(M142,-1,0))+1,INDEX($M$15:OFFSET(M142,-1,0),MATCH($A142,$A$15:OFFSET($A142,-1,0),0)))))","v":14},{"$f":"IF($D142<>\"Serviço\",\"\",IF(AUTOEVENTO=\"Manual\",IF($A142=0,\"<-- defina o número do agrupador\",OFFSET(EVENTOS!$D$14,$A142,0)),OFFSET($F$15,$A142,0)))","v":"INSTALAÇÕES HIDROSSANITÁRIAS (AGUA FRIA)"},null,null,{"$f":"1+3","v":4},null,null,null,null,null,null,null,null,null,null,{"$f":"IF(AND($D142=\"Serviço\",AB$12<>0,$H142>0,OR(AUTOEVENTO<>\"manual\",$M142<>1)),\nIF(Import.TipoArredondamento<>\"TransfereGOV\",\nROUND(OFFSET($P142,0,AB$13),15-13*ORÇAMENTO!$AF$7)/$H142*OFFSET(ORÇAMENTO!$X$15,ROW(AB142)-ROW(AB$15),0),\nROUND(ROUND(OFFSET($P142,0,AB$13),15-13*ORÇAMENTO!$AF$7)*OFFSET(ORÇAMENTO!$W$15,ROW(AB142)-ROW(AB$15),0),15-13*ORÇAMENTO!$AF$11)),0)","v":67.599999999999994},{"$f":"IF(AND($D142=\"Serviço\",AC$12<>0,$H142>0,OR(AUTOEVENTO<>\"manual\",$M142<>1)),\nIF(Import.TipoArredondamento<>\"TransfereGOV\",\nROUND(OFFSET($P142,0,AC$13),15-13*ORÇAMENTO!$AF$7)/$H142*OFFSET(ORÇAMENTO!$X$15,ROW(AC142)-ROW(AC$15),0),\nROUND(ROUND(OFFSET($P142,0,AC$13),15-13*ORÇAMENTO!$AF$7)*OFFSET(ORÇAMENTO!$W$15,ROW(AC142)-ROW(AC$15),0),15-13*ORÇAMENTO!$AF$11)),0)","v":0},{"$f":"IF(AND($D142=\"Serviço\",AD$12<>0,$H142>0,OR(AUTOEVENTO<>\"manual\",$M142<>1)),\nIF(Import.TipoArredondamento<>\"TransfereGOV\",\nROUND(OFFSET($P142,0,AD$13),15-13*ORÇAMENTO!$AF$7)/$H142*OFFSET(ORÇAMENTO!$X$15,ROW(AD142)-ROW(AD$15),0),\nROUND(ROUND(OFFSET($P142,0,AD$13),15-13*ORÇAMENTO!$AF$7)*OFFSET(ORÇAMENTO!$W$15,ROW(AD142)-ROW(AD$15),0),15-13*ORÇAMENTO!$AF$11)),0)","v":0},{"$f":"IF(AND($D142=\"Serviço\",AE$12<>0,$H142>0,OR(AUTOEVENTO<>\"manual\",$M142<>1)),\nIF(Import.TipoArredondamento<>\"TransfereGOV\",\nROUND(OFFSET($P142,0,AE$13),15-13*ORÇAMENTO!$AF$7)/$H142*OFFSET(ORÇAMENTO!$X$15,ROW(AE142)-ROW(AE$15),0),\nROUND(ROUND(OFFSET($P142,0,AE$13),15-13*ORÇAMENTO!$AF$7)*OFFSET(ORÇAMENTO!$W$15,ROW(AE142)-ROW(AE$15),0),15-13*ORÇAMENTO!$AF$11)),0)","v":0},{"$f":"IF(AND($D142=\"Serviço\",AF$12<>0,$H142>0,OR(AUTOEVENTO<>\"manual\",$M142<>1)),\nIF(Import.TipoArredondamento<>\"TransfereGOV\",\nROUND(OFFSET($P142,0,AF$13),15-13*ORÇAMENTO!$AF$7)/$H142*OFFSET(ORÇAMENTO!$X$15,ROW(AF142)-ROW(AF$15),0),\nROUND(ROUND(OFFSET($P142,0,AF$13),15-13*ORÇAMENTO!$AF$7)*OFFSET(ORÇAMENTO!$W$15,ROW(AF142)-ROW(AF$15),0),15-13*ORÇAMENTO!$AF$11)),0)","v":0},{"$f":"IF(AND($D142=\"Serviço\",AG$12<>0,$H142>0,OR(AUTOEVENTO<>\"manual\",$M142<>1)),\nIF(Import.TipoArredondamento<>\"TransfereGOV\",\nROUND(OFFSET($P142,0,AG$13),15-13*ORÇAMENTO!$AF$7)/$H142*OFFSET(ORÇAMENTO!$X$15,ROW(AG142)-ROW(AG$15),0),\nROUND(ROUND(OFFSET($P142,0,AG$13),15-13*ORÇAMENTO!$AF$7)*OFFSET(ORÇAMENTO!$W$15,ROW(AG142)-ROW(AG$15),0),15-13*ORÇAMENTO!$AF$11)),0)","v":0},{"$f":"IF(AND($D142=\"Serviço\",AH$12<>0,$H142>0,OR(AUTOEVENTO<>\"manual\",$M142<>1)),\nIF(Import.TipoArredondamento<>\"TransfereGOV\",\nROUND(OFFSET($P142,0,AH$13),15-13*ORÇAMENTO!$AF$7)/$H142*OFFSET(ORÇAMENTO!$X$15,ROW(AH142)-ROW(AH$15),0),\nROUND(ROUND(OFFSET($P142,0,AH$13),15-13*ORÇAMENTO!$AF$7)*OFFSET(ORÇAMENTO!$W$15,ROW(AH142)-ROW(AH$15),0),15-13*ORÇAMENTO!$AF$11)),0)","v":0},{"$f":"IF(AND($D142=\"Serviço\",AI$12<>0,$H142>0,OR(AUTOEVENTO<>\"manual\",$M142<>1)),\nIF(Import.TipoArredondamento<>\"TransfereGOV\",\nROUND(OFFSET($P142,0,AI$13),15-13*ORÇAMENTO!$AF$7)/$H142*OFFSET(ORÇAMENTO!$X$15,ROW(AI142)-ROW(AI$15),0),\nROUND(ROUND(OFFSET($P142,0,AI$13),15-13*ORÇAMENTO!$AF$7)*OFFSET(ORÇAMENTO!$W$15,ROW(AI142)-ROW(AI$15),0),15-13*ORÇAMENTO!$AF$11)),0)","v":0},{"$f":"IF(AND($D142=\"Serviço\",AJ$12<>0,$H142>0,OR(AUTOEVENTO<>\"manual\",$M142<>1)),\nIF(Import.TipoArredondamento<>\"TransfereGOV\",\nROUND(OFFSET($P142,0,AJ$13),15-13*ORÇAMENTO!$AF$7)/$H142*OFFSET(ORÇAMENTO!$X$15,ROW(AJ142)-ROW(AJ$15),0),\nROUND(ROUND(OFFSET($P142,0,AJ$13),15-13*ORÇAMENTO!$AF$7)*OFFSET(ORÇAMENTO!$W$15,ROW(AJ142)-ROW(AJ$15),0),15-13*ORÇAMENTO!$AF$11)),0)","v":0},{"$f":"IF(AND($D142=\"Serviço\",AK$12<>0,$H142>0,OR(AUTOEVENTO<>\"manual\",$M142<>1)),\nIF(Import.TipoArredondamento<>\"TransfereGOV\",\nROUND(OFFSET($P142,0,AK$13),15-13*ORÇAMENTO!$AF$7)/$H142*OFFSET(ORÇAMENTO!$X$15,ROW(AK142)-ROW(AK$15),0),\nROUND(ROUND(OFFSET($P142,0,AK$13),15-13*ORÇAMENTO!$AF$7)*OFFSET(ORÇAMENTO!$W$15,ROW(AK142)-ROW(AK$15),0),15-13*ORÇAMENTO!$AF$11)),0)","v":0},null,{"$f":"IF($D142<>\"Serviço\",0,IF(AND(AUTOEVENTO=\"Manual\",$M142=1),0,IF(OFFSET(CRONOPLE!$F$14,$M142,AM$13)=\"\",10^12,OFFSET(CRONOPLE!$F$14,$M142,AM$13))))","v":1000000000000},{"$f":"IF($D142<>\"Serviço\",0,IF(AND(AUTOEVENTO=\"Manual\",$M142=1),0,IF(OFFSET(CRONOPLE!$F$14,$M142,AN$13)=\"\",10^12,OFFSET(CRONOPLE!$F$14,$M142,AN$13))))","v":1000000000000},{"$f":"IF($D142<>\"Serviço\",0,IF(AND(AUTOEVENTO=\"Manual\",$M142=1),0,IF(OFFSET(CRONOPLE!$F$14,$M142,AO$13)=\"\",10^12,OFFSET(CRONOPLE!$F$14,$M142,AO$13))))","v":1000000000000},{"$f":"IF($D142<>\"Serviço\",0,IF(AND(AUTOEVENTO=\"Manual\",$M142=1),0,IF(OFFSET(CRONOPLE!$F$14,$M142,AP$13)=\"\",10^12,OFFSET(CRONOPLE!$F$14,$M142,AP$13))))","v":1000000000000},{"$f":"IF($D142<>\"Serviço\",0,IF(AND(AUTOEVENTO=\"Manual\",$M142=1),0,IF(OFFSET(CRONOPLE!$F$14,$M142,AQ$13)=\"\",10^12,OFFSET(CRONOPLE!$F$14,$M142,AQ$13))))","v":1000000000000},{"$f":"IF($D142<>\"Serviço\",0,IF(AND(AUTOEVENTO=\"Manual\",$M142=1),0,IF(OFFSET(CRONOPLE!$F$14,$M142,AR$13)=\"\",10^12,OFFSET(CRONOPLE!$F$14,$M142,AR$13))))","v":1000000000000},{"$f":"IF($D142<>\"Serviço\",0,IF(AND(AUTOEVENTO=\"Manual\",$M142=1),0,IF(OFFSET(CRONOPLE!$F$14,$M142,AS$13)=\"\",10^12,OFFSET(CRONOPLE!$F$14,$M142,AS$13))))","v":1000000000000},{"$f":"IF($D142<>\"Serviço\",0,IF(AND(AUTOEVENTO=\"Manual\",$M142=1),0,IF(OFFSET(CRONOPLE!$F$14,$M142,AT$13)=\"\",10^12,OFFSET(CRONOPLE!$F$14,$M142,AT$13))))","v":1000000000000},{"$f":"IF($D142<>\"Serviço\",0,IF(AND(AUTOEVENTO=\"Manual\",$M142=1),0,IF(OFFSET(CRONOPLE!$F$14,$M142,AU$13)=\"\",10^12,OFFSET(CRONOPLE!$F$14,$M142,AU$13))))","v":1000000000000},{"$f":"IF($D142<>\"Serviço\",0,IF(AND(AUTOEVENTO=\"Manual\",$M142=1),0,IF(OFFSET(CRONOPLE!$F$14,$M142,AV$13)=\"\",10^12,OFFSET(CRONOPLE!$F$14,$M142,AV$13))))","v":1000000000000},null,{"$f":"IF($D142<>\"Serviço\",0,IF(OR(AND(AUTOEVENTO=\"Manual\",$M142=1),$M142>(ROW(PLE.lastrow)-ROW(PLE.firstrow))),0,IF(OFFSET(PLE!$G$14,$M142,AX$13)=\"\",10^12,OFFSET(PLE!$G$14,$M142,AX$13))))","v":1000000000000},{"$f":"IF($D142<>\"Serviço\",0,IF(OR(AND(AUTOEVENTO=\"Manual\",$M142=1),$M142>(ROW(PLE.lastrow)-ROW(PLE.firstrow))),0,IF(OFFSET(PLE!$G$14,$M142,AY$13)=\"\",10^12,OFFSET(PLE!$G$14,$M142,AY$13))))","v":1000000000000},{"$f":"IF($D142<>\"Serviço\",0,IF(OR(AND(AUTOEVENTO=\"Manual\",$M142=1),$M142>(ROW(PLE.lastrow)-ROW(PLE.firstrow))),0,IF(OFFSET(PLE!$G$14,$M142,AZ$13)=\"\",10^12,OFFSET(PLE!$G$14,$M142,AZ$13))))","v":1000000000000},{"$f":"IF($D142<>\"Serviço\",0,IF(OR(AND(AUTOEVENTO=\"Manual\",$M142=1),$M142>(ROW(PLE.lastrow)-ROW(PLE.firstrow))),0,IF(OFFSET(PLE!$G$14,$M142,BA$13)=\"\",10^12,OFFSET(PLE!$G$14,$M142,BA$13))))","v":1000000000000},{"$f":"IF($D142<>\"Serviço\",0,IF(OR(AND(AUTOEVENTO=\"Manual\",$M142=1),$M142>(ROW(PLE.lastrow)-ROW(PLE.firstrow))),0,IF(OFFSET(PLE!$G$14,$M142,BB$13)=\"\",10^12,OFFSET(PLE!$G$14,$M142,BB$13))))","v":1000000000000},{"$f":"IF($D142<>\"Serviço\",0,IF(OR(AND(AUTOEVENTO=\"Manual\",$M142=1),$M142>(ROW(PLE.lastrow)-ROW(PLE.firstrow))),0,IF(OFFSET(PLE!$G$14,$M142,BC$13)=\"\",10^12,OFFSET(PLE!$G$14,$M142,BC$13))))","v":1000000000000},{"$f":"IF($D142<>\"Serviço\",0,IF(OR(AND(AUTOEVENTO=\"Manual\",$M142=1),$M142>(ROW(PL